{"text_format":"2","workbook":"xlsx","n_sheets":20,"sheets":["PO","Composições","Composições Aux. SINAPI","Insumos","M.O.","Cotações","BDI","Encargos Sociais","Cronograma","Curva ABC","Vigia","Comparativo","Atualizações Cotações","Insumos SINAPI","Comp.SINAPI c_des.","Comp.SINAPI s_des.","Identificação-TCE","Orçamento-TCE","Proposta-TCE","Base"],"not_rendered":{"charts":1,"images":2,"macros":0,"external_links":2,"defined_names":13,"comments":5,"pivot_tables":0},"unopened":[],"bounds":{"document_bytes":16777216,"sheet_cells":100000,"run_cost":"one","rows_first":2000,"rows_last":500,"rows_between":2000,"halvings":0,"cell_chars":16384,"cell_head_chars":4096},"cells_cut":0,"cells_raw":0,"read":"whole","date_system":"1900"}

{"sheet":"PO","index":0,"n_rows":302,"n_cols":12,"rows_kept":302,"cut":false,"hidden":false,"merged":[[110,2,110,10],[14,0,14,10],[70,1,70,10],[76,1,76,10],[97,1,97,10],[109,1,109,10],[16,2,16,10],[77,2,77,10],[98,2,98,10],[12,3,12,10],[11,3,11,10],[10,3,10,10],[12,0,12,2],[13,0,13,2],[13,3,13,10],[0,1,0,11],[9,1,9,2],[10,1,10,2],[11,1,11,2],[2,0,2,11],[1,0,1,11],[9,3,9,10],[8,0,8,11],[5,0,5,11],[3,0,3,11],[4,0,4,9],[7,0,7,11],[6,0,6,11],[301,0,302,0],[301,11,302,11],[257,2,257,10],[283,2,283,10],[71,2,71,10],[282,1,282,10],[300,1,300,10],[295,1,295,10],[301,1,302,10],[296,2,296,10],[241,1,241,10],[231,2,231,10],[242,2,242,10],[182,1,182,10],[212,1,212,10],[119,1,119,10],[256,1,256,10],[183,2,183,10],[213,2,213,10],[230,1,230,10],[120,2,120,10],[147,2,147,10],[154,2,154,10],[158,2,158,10],[167,2,167,10],[157,1,157,10],[166,1,166,10],[146,1,146,10],[153,1,153,10]]}
[]
["PLANILHA DE ORÇAMENTO"]
["LOCALIDADE SINAPI: PORTO ALEGRE/RS"]
[]
[{"$nulls":10},"DATA BASE:",{"$f":"+M.O.!$E$17","v":"Janeiro/22"}]
[]
[]
[]
[]
["OBJETO:","REVITALIZAÇÃO DA PRAÇA A.R.I. - CACHORRÓDROMO - ÁREA 135/02",null,{"$f":"CONCATENATE(\"Leis Sociais Horistas \",M.O.!$D$5,\" (SINAPI)\")","v":"Leis Sociais Horistas c/desoneração (SINAPI)"},{"$nulls":7},{"$f":"+M.O.!$D$7","v":0.82309999999999994}]
["DATA:","2022-03-02",null,{"$f":"CONCATENATE(\"Leis Sociais Mensalistas \",M.O.!$D$5,\" (SINAP)I\")","v":"Leis Sociais Mensalistas c/desoneração (SINAP)I"},{"$nulls":7},{"$f":"+M.O.!$D$8","v":0.45979999999999999}]
["ART nº:",11751298,null,"BDI:",{"$nulls":7},{"$f":"+M.O.!$F$7","v":"28,21%"}]
[]
[]
[]
["Composição","Item","Descrição","Quantidade","Un","Custo Unit.Mat.+Eq.","Custo Unit. M.O.","Custo Unit.","Preço Unit.Mat.+Eq.","Preço Unit. M.O.","Preço Unit.","Total"]
[null,1,"SERVIÇOS PRELIMINARES"]
[{"$f":"CONCATENATE(\"SINAPI \",Composições!A12)","v":"SINAPI 98524"},"1.1","LIMPEZA MANUAL DE VEGETAÇÃO EM TERRENO COM ENXADA",163,"m²",0,{"$f":"+Composições!C15","v":2.42},{"$f":"+F18+G18","v":2.42},{"$f":"+K18-J18","v":0},{"$f":"+TRUNC((G18*(1+$L$12)),2)","v":3.1},{"$f":"+Composições!F21","v":3.1},{"$f":"TRUNC((D18*K18),2)","v":505.3}]
[{"$f":"CONCATENATE(\"SMAMUS \",Composições!A24)","v":"SMAMUS 20"},null,"DEMOLIÇÃO DE CONCRETO ARMADO COM MARTELETE C/REMOÇÃO DE ENTULHO",null,"m³",{"$f":"+Composições!C30","v":437.08999999999992},{"$f":"+Composições!C33","v":124.24},{"$f":"+F19+G19","v":561.32999999999993},{"$f":"+K19-J19","v":560.4},{"$f":"+TRUNC((G19*(1+$L$12)),2)","v":159.28},{"$f":"+Composições!F39","v":719.68},{"$f":"TRUNC((D19*K19),2)","v":0}]
[{"$f":"CONCATENATE(\"SMAMUS \",Composições!A42)","v":"SMAMUS 21"},null,"DEMOLIÇÃO DE PISO DE CONCRETO ARMADO COM MARTELETE Esp = 8 cm C/REMOÇÃO DE ENTULHO",null,"m²",{"$f":"+Composições!C48","v":34.94},{"$f":"+Composições!C51","v":9.93},{"$f":"+F20+G20","v":44.87},{"$f":"+K20-J20","v":44.789999999999992},{"$f":"+TRUNC((G20*(1+$L$12)),2)","v":12.73},{"$f":"+Composições!F57","v":57.519999999999996},{"$f":"TRUNC((D20*K20),2)","v":0}]
[{"$f":"CONCATENATE(\"SMAMUS \",Composições!A60)","v":"SMAMUS 25"},null,"REMOÇÃO DE PASSEIOS",null,"m²",0,{"$f":"+Composições!C63","v":7.64},7.64,{"$f":"+K21-J21","v":0},{"$f":"+TRUNC((G21*(1+$L$12)),2)","v":9.7899999999999991},{"$f":"+Composições!F69","v":9.7899999999999991},0]
[{"$f":"CONCATENATE(\"SMAMUS \",Composições!A72)","v":"SMAMUS 50"},null,"DEMOLIÇÃO TELAMENTO h=5,50 m S/TUBOS E S/VIGA C/REMOÇÃO DE ENTULHO",null,"m",{"$f":"+Composições!C77","v":5.36},{"$f":"+Composições!C80","v":17.7},23.06,{"$f":"+K22-J22","v":6.8699999999999974},22.69,{"$f":"+Composições!F86","v":29.56},0]
[{"$f":"CONCATENATE(\"SMAMUS \",Composições!A89)","v":"SMAMUS 55"},null,"DEMOLIÇÃO TELAMENTO h=3,00 m S/TUBOS E S/VIGA C/REMOÇÃO DE ENTULHO",null,"m",{"$f":"+Composições!C94","v":3.3800000000000003},{"$f":"+Composições!C97","v":9.65},13.030000000000001,{"$f":"+K23-J23","v":4.3300000000000036},12.37,{"$f":"+Composições!F103","v":16.700000000000003},0]
[{"$f":"CONCATENATE(\"SMAMUS \",Composições!A106)","v":"SMAMUS 57"},null,"DEMOLIÇÃO TELAMENTO h=1,00 m C/REMOÇÃO DE ENTULHO",null,"m",{"$f":"+Composições!C108","v":0.54},{"$f":"+Composições!C111","v":3.2199999999999998},3.76,0.70000000000000018,4.12,{"$f":"+Composições!F117","v":4.82},0]
[{"$f":"CONCATENATE(\"SMAMUS \",Composições!A120)","v":"SMAMUS 60"},null,"DEMOLIÇÃO TUBOS TELAMENTO h=5,50 m C/REMOÇÃO DE ENTULHO",null,"m",{"$f":"+Composições!C130","v":17.41},{"$f":"+Composições!C133","v":18.829999999999998},36.239999999999995,22.319999999999993,24.14,{"$f":"+Composições!F139","v":46.459999999999994},0]
[{"$f":"CONCATENATE(\"SMAMUS \",Composições!A142)","v":"SMAMUS 65"},null,"DEMOLIÇÃO TUBOS TELAMENTO h=3,00 m C/REMOÇÃO DE ENTULHO",null,"m",{"$f":"+Composições!C152","v":17.28},{"$f":"+Composições!C155","v":12.4},29.68,22.159999999999997,15.89,{"$f":"+Composições!F161","v":38.049999999999997},0]
[{"$f":"CONCATENATE(\"SMAMUS \",Composições!A164)","v":"SMAMUS 70"},null,"DEMOLIÇÃO VIGA TELAMENTO C/REMOÇÃO DE ENTULHO",null,"m",{"$f":"+Composições!C171","v":14.45},{"$f":"+Composições!C174","v":4.63},19.079999999999998,18.529999999999998,5.93,{"$f":"+Composições!F180","v":24.459999999999997},0]
[{"$f":"CONCATENATE(\"SMAMUS \",Composições!A183)","v":"SMAMUS 90"},null,"REMOÇÃO MEIO-FIO VIÁRIO C/REMOÇÃO DE ENTULHO",null,"m",{"$f":"+Composições!C185","v":6.07},{"$f":"+Composições!C187","v":17.5},23.57,7.7800000000000011,22.43,{"$f":"+Composições!F193","v":30.21},0]
[{"$f":"CONCATENATE(\"SMAMUS \",Composições!A196)","v":"SMAMUS 100"},null,"REMOÇÃO BANCO C/ ENCOSTO",null,"un",{"$f":"+Composições!C203","v":71.459999999999994},{"$f":"+Composições!C206","v":49.11},120.57,91.619999999999976,62.96,{"$f":"+Composições!F212","v":154.57999999999998},0]
[{"$f":"CONCATENATE(\"SMAMUS \",Composições!A215)","v":"SMAMUS 101"},null,"REMOÇÃO BANCO S/ ENCOSTO",null,"un",{"$f":"+Composições!C222","v":35.72},{"$f":"+Composições!C225","v":33.01},68.72999999999999,45.789999999999985,42.32,{"$f":"+Composições!F231","v":88.109999999999985},0]
[{"$f":"CONCATENATE(\"SMAMUS \",Composições!A234)","v":"SMAMUS 105"},null,"REMOÇÃO PARACICLO",null,"un",{"$f":"+Composições!C241","v":17.84},{"$f":"+Composições!C244","v":17.77},35.61,22.869999999999997,22.78,{"$f":"+Composições!F250","v":45.65},0]
[{"$f":"CONCATENATE(\"SMAMUS \",Composições!A253)","v":"SMAMUS 108"},null,"DEMOLIÇÃO CAIXA DE AREIA C/REMOÇÃO DE ENTULHOS",null,"un",{"$f":"+Composições!C259","v":740.53},{"$f":"+Composições!C262","v":135.16},875.68999999999994,949.44,173.28,{"$f":"+Composições!F268","v":1122.72},0]
[{"$f":"CONCATENATE(\"SMAMUS \",Composições!A271)","v":"SMAMUS 110"},null,"DEMOLIÇÃO CANCHA DE BOCHA C/REMOÇÃO DE ENTULHOS",null,"un",{"$f":"+Composições!C277","v":2072.2200000000003},{"$f":"+Composições!C281","v":1687.1100000000001},3759.3300000000004,2656.79,2163.04,{"$f":"+Composições!F287","v":4819.83},0]
[{"$f":"CONCATENATE(\"SMAMUS \",Composições!A290)","v":"SMAMUS 111"},null,"DEMOLIÇÃO COBERTURA CANCHA DE BOCHA C/REMOÇÃO DE ENTULHOS",null,"un",{"$f":"+Composições!C301","v":5718.01},{"$f":"+Composições!C305","v":3472.39},9190.4,7331.06,4451.95,{"$f":"+Composições!F311","v":11783.01},0]
[{"$f":"CONCATENATE(\"SMAMUS \",Composições!A314)","v":"SMAMUS 120"},null,"DEMOLIÇÃO CHURRASQUEIRA C/REMOÇÃO DE ENTULHOS",null,"un",{"$f":"+Composições!C317","v":83.73},{"$f":"+Composições!C320","v":64.739999999999995},148.47,107.35,83,{"$f":"+Composições!F326","v":190.35},0]
[{"$f":"CONCATENATE(\"SMAMUS \",Composições!A329)","v":"SMAMUS 122"},null,"DEMOLIÇÃO MESA E BANCOS DE CONCRETO C/REMOÇÃO DE ENTULHOS",null,"cj",{"$f":"+Composições!C336","v":216.15000000000003},{"$f":"+Composições!C339","v":83.92},300.07000000000005,277.12,107.59,{"$f":"+Composições!F345","v":384.71000000000004},0]
[{"$f":"CONCATENATE(\"SMAMUS \",Composições!A348)","v":"SMAMUS 133"},null,"DEMOLIÇÃO BEBEDOURO C/REMOÇÃO DE ENTULHOS",null,"un",{"$f":"+Composições!C351","v":57.230000000000004},{"$f":"+Composições!C354","v":79.259999999999991},136.49,73.38000000000001,101.61,{"$f":"+Composições!F360","v":174.99},0]
[{"$f":"CONCATENATE(\"SMAMUS \",Composições!A363)","v":"SMAMUS 140"},null,"DEMOLIÇÃO FRADINHO BASE CIRCULAR C/REMOÇÃO DE ENTULHOS",null,"un",{"$f":"+Composições!C370","v":27.13},{"$f":"+Composições!C373","v":13.49},40.619999999999997,34.779999999999994,17.29,{"$f":"+Composições!F379","v":52.069999999999993},0]
[{"$f":"CONCATENATE(\"SMAMUS \",Composições!A382)","v":"SMAMUS 142"},null,"DEMOLIÇÃO FRADINHO BASE OCTOGONAL C/REMOÇÃO DE ENTULHOS",null,"un",{"$f":"+Composições!C389","v":31.709999999999997},{"$f":"+Composições!C392","v":15.899999999999999},47.61,40.659999999999997,20.38,{"$f":"+Composições!F398","v":61.04},0]
[{"$f":"CONCATENATE(\"SMAMUS \",Composições!A401)","v":"SMAMUS 150"},null,"REMOÇÃO MESA DE DAMAS",null,"un",{"$f":"+Composições!C408","v":99.28},{"$f":"+Composições!C411","v":62.559999999999995},161.84,127.29,80.2,{"$f":"+Composições!F417","v":207.49},0]
[{"$f":"CONCATENATE(\"SMAMUS \",Composições!A420)","v":"SMAMUS 160"},null,"REMOÇÃO LIXEIRA",null,"un",{"$f":"+Composições!C427","v":39.28},{"$f":"+Composições!C430","v":25.74},65.02,50.36,33,{"$f":"+Composições!F436","v":83.36},0]
[{"$f":"CONCATENATE(\"SMAMUS \",Composições!A439)","v":"SMAMUS 200"},null,"REMOÇÃO ESTRUTURA 1, 2, 3, 5 E 7",null,"un",{"$f":"+Composições!C446","v":71.459999999999994},{"$f":"+Composições!C449","v":44.88},116.34,91.610000000000014,57.54,{"$f":"+Composições!F455","v":149.15},0]
[{"$f":"CONCATENATE(\"SMAMUS \",Composições!A458)","v":"SMAMUS 205"},null,"REMOÇÃO ESTRUTURA 4",null,"un",{"$f":"+Composições!C465","v":158.86000000000001},{"$f":"+Composições!C468","v":82.35},241.21,203.67000000000002,105.58,{"$f":"+Composições!F474","v":309.25},0]
[{"$f":"CONCATENATE(\"SMAMUS \",Composições!A477)","v":"SMAMUS 210"},null,"REMOÇÃO ESTRUTURA 6 E 8",null,"un",{"$f":"+Composições!C484","v":178.72},{"$f":"+Composições!C487","v":93.179999999999993},271.89999999999998,229.14,119.46,{"$f":"+Composições!F493","v":348.59999999999997},0]
[{"$f":"CONCATENATE(\"SMAMUS \",Composições!A496)","v":"SMAMUS 215"},null,"REMOÇÃO ESTRUTURA 9",null,"un",{"$f":"+Composições!C503","v":89.35},{"$f":"+Composições!C506","v":50.809999999999995},140.16,114.55,65.14,{"$f":"+Composições!F512","v":179.69},0]
[{"$f":"CONCATENATE(\"SMAMUS \",Composições!A515)","v":"SMAMUS 250"},null,"REMOÇÃO GANGORRA",null,"un",{"$f":"+Composições!C522","v":35.72},{"$f":"+Composições!C525","v":28.78},64.5,45.8,36.89,{"$f":"+Composições!F531","v":82.69},0]
[{"$f":"CONCATENATE(\"SMAMUS \",Composições!A534)","v":"SMAMUS 255"},null,"REMOÇÃO BARRA-BALANÇO",null,"un",{"$f":"+Composições!C541","v":254.17999999999998},{"$f":"+Composições!C544","v":113.99000000000001},368.16999999999996,325.89,146.13999999999999,{"$f":"+Composições!F550","v":472.03},0]
[{"$f":"CONCATENATE(\"SMAMUS \",Composições!A553)","v":"SMAMUS 260"},null,"REMOÇÃO BALANÇO PADRÃO SMAM",null,"un",{"$f":"+Composições!C560","v":190.63},{"$f":"+Composições!C563","v":92.9},283.52999999999997,244.41,119.1,{"$f":"+Composições!F569","v":363.51},0]
[{"$f":"CONCATENATE(\"SMAMUS \",Composições!A572)","v":"SMAMUS 261"},null,"REMOÇÃO 1/2 BALANÇO",null,"un",{"$f":"+Composições!C579","v":127.08},{"$f":"+Composições!C582","v":63.34},190.42000000000002,162.93,81.2,{"$f":"+Composições!F588","v":244.13000000000002},0]
[{"$f":"CONCATENATE(\"SMAMUS \",Composições!A591)","v":"SMAMUS 265"},null,"REMOÇÃO ESCORREGADOR",null,"un",{"$f":"+Composições!C598","v":180.76000000000002},{"$f":"+Composições!C601","v":83.39},264.15000000000003,231.75000000000003,106.91,{"$f":"+Composições!F607","v":338.66},0]
[{"$f":"CONCATENATE(\"SMAMUS \",Composições!A610)","v":"SMAMUS 300"},null,"REMOÇÃO BARRA ALONGAMENTO - 2 ALTURAS",null,"un",{"$f":"+Composições!C617","v":35.72},{"$f":"+Composições!C620","v":28.78},64.5,45.8,36.89,{"$f":"+Composições!F626","v":82.69},0]
[{"$f":"CONCATENATE(\"SMAMUS \",Composições!A629)","v":"SMAMUS 305"},null,"REMOÇÃO BARRAS PARALELAS",null,"un",{"$f":"+Composições!C636","v":71.459999999999994},{"$f":"+Composições!C639","v":44.88},116.34,91.610000000000014,57.54,{"$f":"+Composições!F645","v":149.15},0]
[{"$f":"CONCATENATE(\"SMAMUS \",Composições!A648)","v":"SMAMUS 307"},null,"REMOÇÃO APOIO P/ MEMBROS SUPERIORES",null,"un",{"$f":"+Composições!C655","v":35.72},{"$f":"+Composições!C658","v":28.78},64.5,45.8,36.89,{"$f":"+Composições!F664","v":82.69},0]
[{"$f":"CONCATENATE(\"SMAMUS \",Composições!A667)","v":"SMAMUS 310"},null,"REMOÇÃO BARRA P/ ALONGAMENTO",null,"un",{"$f":"+Composições!C674","v":35.72},{"$f":"+Composições!C677","v":28.78},64.5,45.8,36.89,{"$f":"+Composições!F683","v":82.69},0]
[{"$f":"CONCATENATE(\"SMAMUS \",Composições!A686)","v":"SMAMUS 312"},null,"REMOÇÃO BARRA HORIZONTAL 4 MÓDULOS",null,"un",{"$f":"+Composições!C693","v":111.67},{"$f":"+Composições!C696","v":66.69},178.36,143.17000000000002,85.5,{"$f":"+Composições!F702","v":228.67000000000002},0]
[{"$f":"CONCATENATE(\"SMAMUS \",Composições!A705)","v":"SMAMUS 315"},null,"REMOÇÃO BARRA HORIZONTAL 3 MÓDULOS",null,"un",{"$f":"+Composições!C712","v":89.35},{"$f":"+Composições!C715","v":55.04},144.38999999999999,114.55999999999997,70.56,{"$f":"+Composições!F721","v":185.11999999999998},0]
[{"$f":"CONCATENATE(\"SMAMUS \",Composições!A724)","v":"SMAMUS 318"},null,"REMOÇÃO BARRA HORIZONTAL 1 MÓDULO",null,"un",{"$f":"+Composições!C731","v":44.69},{"$f":"+Composições!C734","v":35.979999999999997},80.669999999999987,57.29999999999999,46.12,{"$f":"+Composições!F740","v":103.41999999999999},0]
[{"$f":"CONCATENATE(\"SMAMUS \",Composições!A743)","v":"SMAMUS 320"},null,"REMOÇÃO ESPALDAR",null,"un",{"$f":"+Composições!C750","v":44.69},{"$f":"+Composições!C753","v":35.979999999999997},80.669999999999987,57.29999999999999,46.12,{"$f":"+Composições!F759","v":103.41999999999999},0]
[{"$f":"CONCATENATE(\"SMAMUS \",Composições!A762)","v":"SMAMUS 325"},null,"REMOÇÃO PRANCHA ABDOMINAIS",null,"un",{"$f":"+Composições!C769","v":44.69},{"$f":"+Composições!C772","v":31.75},76.44,57.3,40.700000000000003,{"$f":"+Composições!F778","v":98},0]
[{"$f":"CONCATENATE(\"SMAMUS \",Composições!A781)","v":"SMAMUS 340"},null,"REMOÇÃO GOLEIRA FUTEBOL DE SALÃO",null,"un",{"$f":"+Composições!C788","v":44.69},{"$f":"+Composições!C791","v":35.979999999999997},80.669999999999987,57.29999999999999,46.12,{"$f":"+Composições!F797","v":103.41999999999999},0]
[{"$f":"CONCATENATE(\"SMAMUS \",Composições!A800)","v":"SMAMUS 342"},null,"REMOÇÃO GOLEIRA FUTEBOL SOCIETY",null,"un",{"$f":"+Composições!C807","v":44.69},{"$f":"+Composições!C810","v":40.209999999999994},84.899999999999991,57.3,51.55,{"$f":"+Composições!F816","v":108.85},0]
[{"$f":"CONCATENATE(\"SMAMUS \",Composições!A819)","v":"SMAMUS 344"},null,"REMOÇÃO GOLEIRA FUTEBOL DE CAMPO",null,"un",{"$f":"+Composições!C826","v":44.69},{"$f":"+Composições!C829","v":44.44},89.13,57.3,56.97,{"$f":"+Composições!F835","v":114.27},0]
[{"$f":"CONCATENATE(\"SMAMUS \",Composições!A838)","v":"SMAMUS 350"},null,"REMOÇÃO POSTE DE VÔLEI",null,"un",{"$f":"+Composições!C845","v":39.69},{"$f":"+Composições!C848","v":30.1},69.789999999999992,50.879999999999995,38.590000000000003,{"$f":"+Composições!F854","v":89.47},0]
[{"$f":"CONCATENATE(\"SMAMUS \",Composições!A857)","v":"SMAMUS 355"},null,"REMOÇÃO TABELA DE BASQUETE",null,"un",{"$f":"+Composições!C864","v":254.17999999999998},{"$f":"+Composições!C867","v":109.76},363.94,325.88,140.72,{"$f":"+Composições!F873","v":466.6},{"$f":"TRUNC((D64*K64),2)","v":0}]
["MERCADO 370",null,"REMOÇÃO DE ÁRVORES",null,"cj",null,null,0,{"$f":"+K65-J65","v":0},0,null,0]
["MERCADO 375",null,"DESTOCAMENTO",null,"cj",null,null,0,0,0,null,0]
["MERCADO 378",null,"TRANSPLANTE DE ÁRVORES",null,"cj",null,null,0,0,0,null,0]
[{"$f":"CONCATENATE(\"SMAMUS \",Composições!A876)","v":"SMAMUS 390"},"1.2","REMOÇÃO DE ENTULHO C/CAÇAMBA",6.5,"m³",{"$f":"+Composições!C878","v":123.49},{"$f":"+Composições!C880","v":11.84},135.32999999999998,158.32,{"$f":"+TRUNC((G68*(1+$L$12)),2)","v":15.18},{"$f":"+Composições!F886","v":173.5},1127.75]
[{"$f":"CONCATENATE(\"SMAMUS \",Composições!A889)","v":"SMAMUS 400"},null,"PLOTAGENS",null,"m²",0,{"$f":"+Composições!C891","v":14.48},14.48,0,{"$f":"+TRUNC((G69*(1+$L$12)),2)","v":18.559999999999999},{"$f":"+Composições!F897","v":18.560000000000002},0]
[{"$f":"CONCATENATE(\"SMAMUS \",Composições!A900)","v":"SMAMUS 405"},null,"\"AS BUILT\"",null,"un",0,{"$f":"+Composições!C902","v":34.46},34.46,0,{"$f":"+TRUNC((G70*(1+$L$12)),2)","v":44.18},{"$f":"+Composições!F908","v":44.18},0]
[null,"TOTAL DE SERVIÇOS PRELIMINARES",{"$nulls":9},{"$f":"SUM(L18:L70)","v":1633.05}]
[null,2,"DESPESAS LEGAIS, LICENÇAS, TAXAS, CONTRIBUIÇÕES"]
[{"$f":"CONCATENATE(\"SMAMUS \",Composições!A911)","v":"SMAMUS 450"},"2.1","ART (ANOTAÇÃO DE RESPONSABILIDADE TÉCNICA)",1,"un",{"$f":"+Composições!C913","v":233.94},0,{"$f":"+F73+G73","v":233.94},{"$f":"+K73-J73","v":299.93},{"$f":"+TRUNC((G73*(1+$L$12)),2)","v":0},{"$f":"+Composições!F919","v":299.93},{"$f":"TRUNC((D73*K73),2)","v":299.93}]
[{"$f":"CONCATENATE(\"SMAMUS \",Composições!A922)","v":"SMAMUS 453"},null,"CIP (CONTRIBUIÇÃO ILUMINAÇÃO PÚBLICA)",null,"%",{"$f":"+Composições!C924","v":0.28320000000000001},0,{"$f":"+F74+G74","v":0.28320000000000001},{"$f":"+K74-J74","v":0.36299999999999999},{"$f":"+TRUNC((G74*(1+$L$12)),2)","v":0},{"$f":"+Composições!F930","v":0.36299999999999999},{"$f":"TRUNC((D74*K74),2)","v":0}]
[{"$f":"CONCATENATE(\"SMAMUS \",Composições!A933)","v":"SMAMUS 455"},null,"MTRCC (MANIFESTO DE TRANSPORTE DE RESÍDUOS DA CONSTRUÇÃO CIVIL)",null,"un",{"$f":"+Composições!C935","v":535},0,{"$f":"+F75+G75","v":535},{"$f":"+K75-J75","v":685.92},{"$f":"+TRUNC((G75*(1+$L$12)),2)","v":0},{"$f":"+Composições!F941","v":685.92},{"$f":"TRUNC((D75*K75),2)","v":0}]
[{"$f":"CONCATENATE(\"SMAMUS \",Composições!A944)","v":"SMAMUS 463"},null,"PCMAT (PROGRAMA DE CONDIÇÕES E MEIO AMBIENTE DE TRABALHO NA INDÚSTRIA DA CONSTRUÇÃO)",null,"un",{"$f":"+Composições!C946","v":2653.32},0,{"$f":"+F76+G76","v":2653.32},{"$f":"+K76-J76","v":3401.82},{"$f":"+TRUNC((G76*(1+$L$12)),2)","v":0},{"$f":"+Composições!F952","v":3401.82},{"$f":"TRUNC((D76*K76),2)","v":0}]
[null,"TOTAL DE DESPESAS LEGAIS, LICENÇAS, TAXAS, CONTRIBUIÇÕES",{"$nulls":9},{"$f":"SUM(L73:L76)","v":299.93}]
[null,3,"INSTALAÇÕES PROVISÓRIAS"]
[{"$f":"CONCATENATE(\"SMAMUS \",Composições!A955)","v":"SMAMUS 500"},"3.1","TAPUME EM CHAPA DE COMPENSADO RESINADO",75,"m²",{"$f":"+Composições!C964","v":47.18},{"$f":"+Composições!C969","v":40.480000000000004},{"$f":"+F79+G79","v":87.66},{"$f":"+K79-J79","v":60.489999999999995},{"$f":"+TRUNC((G79*(1+$L$12)),2)","v":51.89},{"$f":"+Composições!F975","v":112.38},{"$f":"TRUNC((D79*K79),2)","v":8428.5}]
[{"$f":"CONCATENATE(\"SMAMUS \",Composições!A978)","v":"SMAMUS 503"},null,"TAPUME EM TELA GALVANIZADA",null,"m²",{"$f":"+Composições!C982","v":18},{"$f":"+Composições!C985","v":26.46},44.46,23.08,33.92,{"$f":"+Composições!F991","v":57},0]
[{"$f":"CONCATENATE(\"SMAMUS \",Composições!A994)","v":"SMAMUS 507"},"3.2","DESMONTAGEM DE TAPUME",75,"m²",0,{"$f":"+Composições!C997","v":2.17},2.17,0,2.78,{"$f":"+Composições!$F$1003","v":2.78},208.5]
[{"$f":"CONCATENATE(\"SINAPI \",Composições!A1006)","v":"SINAPI 93584"},null,"GALPÃO DE OBRA",null,"m²",{"$f":"+Composições!C1008*0.7","v":582.14799999999991},{"$f":"+Composições!$C$1008*0.3","v":249.49199999999999},831.63999999999987,746.37,319.87,{"$f":"+Composições!F1014","v":1066.24},0]
[{"$f":"CONCATENATE(\"SMAMUS \",Composições!A1017)","v":"SMAMUS 507"},"3.3","TELHEIRO",15,"m²",{"$f":"+Composições!C1019*0.7","v":297.33899999999994},{"$f":"+Composições!C1019*0.3","v":127.43099999999998},424.76999999999992,381.21999999999991,163.37,{"$f":"+Composições!F1025","v":544.58999999999992},8168.85]
[{"$f":"CONCATENATE(\"SMAMUS \",Composições!A1028)","v":"SMAMUS 510"},"3.4","LOCAÇÃO DE SANITÁRIO QUÍMICO",1,"un",{"$f":"+Composições!C1030","v":1347.19},0,1347.19,1727.23,{"$f":"+TRUNC((G84*(1+$L$12)),2)","v":0},{"$f":"+Composições!F1036","v":1727.23},1727.23]
[{"$f":"CONCATENATE(\"SMAMUS \",Composições!A1039)","v":"SMAMUS 515"},"3.5","LOCAÇÃO DE CONTAINER ESCRITÓRIO S/FRETE",1,"un",{"$f":"+Composições!C1041","v":867.18},0,867.18,1111.81,{"$f":"+TRUNC((G85*(1+$L$12)),2)","v":0},{"$f":"+Composições!F1047","v":1111.81},1111.81]
[{"$f":"CONCATENATE(\"SMAMUS \",Composições!A1050)","v":"SMAMUS 517"},null,"LOCAÇÃO CONTAINER SANITÁRIO S/FRETE",null,"%",{"$f":"+Composições!C1052","v":8.4019999999999992},0,8.4019999999999992,10.7722,{"$f":"+TRUNC((G86*(1+$L$12)),4)","v":0},{"$f":"+Composições!F1058","v":10.7722},0]
[{"$f":"CONCATENATE(\"SMAMUS \",Composições!A1061)","v":"SMAMUS 520"},"3.6","FRETE P/ CONTAINER",1,"cj",{"$f":"+Composições!C1063","v":1056.3499999999999},0,1056.3499999999999,1354.34,0,{"$f":"+Composições!F1069","v":1354.34},1354.34]
[{"$f":"CONCATENATE(\"SMAMUS \",Composições!A1072)","v":"SMAMUS 530"},null,"INSTALAÇÃO PROVISÓRIA DE ENERGIA",null,"pt",{"$f":"+Composições!C1094","v":3372.79},{"$f":"+Composições!C1097","v":78.949999999999989},3451.74,4324.2499999999991,101.22,{"$f":"+Composições!F1103","v":4425.4699999999993},0]
[{"$f":"CONCATENATE(\"SMAMUS \",Composições!A1106)","v":"SMAMUS 535"},null,"INSTALAÇÃO PROVISÓRIA DE ÁGUA",null,"pt",{"$f":"0.7*Composições!C1112","v":527.38700000000006},{"$f":"0.3*Composições!C1112","v":226.02300000000002},753.41000000000008,676.16000000000008,289.77999999999997,{"$f":"+Composições!F1118","v":965.94},0]
[{"$f":"CONCATENATE(\"SMAMUS \",Composições!A1121)","v":"SMAMUS 537"},null,"INSTALAÇÃO PROVISÓRIA DE ESGOTO",null,"pt",{"$f":"0.7*Composições!C1127","v":714.93799999999999},{"$f":"0.3*Composições!C1127","v":306.40199999999999},1021.3399999999999,916.63000000000011,392.83,{"$f":"+Composições!F1133","v":1309.46},0]
[{"$f":"CONCATENATE(\"SMAMUS \",Composições!A1136)","v":"SMAMUS 542"},"3.7","PLACA DE OBRA",6,"m²",{"$f":"+Composições!C1144","v":124.14},{"$f":"+Composições!C1149","v":21.3},145.44,159.16,27.3,{"$f":"+Composições!F1155","v":186.46},1118.76]
[{"$f":"CONCATENATE(\"SMAMUS \",Composições!A1158)","v":"SMAMUS 550"},null,"SINALIZAÇÃO COM FITA ZEBRADA FIXADA EM CONE PLÁSTICO",null,"m",{"$f":"+Composições!C1161","v":2.62},{"$f":"+Composições!C1164","v":4.6099999999999994},7.2299999999999995,3.3499999999999996,5.91,{"$f":"+Composições!F1170","v":9.26},0]
[{"$f":"CONCATENATE(\"SMAMUS \",Composições!A1173)","v":"SMAMUS 552"},"3.8","SINALIZAÇÃO COM TELA PLÁSTICA LARANJA FIXADA EM CONE PLÁSTICO",93,"m",{"$f":"+Composições!C1176","v":5.73},{"$f":"+Composições!C1179","v":4.6099999999999994},10.34,7.34,5.91,{"$f":"+Composições!F1185","v":13.25},1232.25]
[{"$f":"CONCATENATE(\"SMAMUS \",Composições!A1188)","v":"SMAMUS 554"},null,"SINALIZAÇÃO COM SINALIZADOR ELETRÔNICO PISCANTE FIXADO EM CONE PLÁSTICO",null,"m",{"$f":"+Composições!C1191","v":24.89},{"$f":"+Composições!C1194","v":4.6099999999999994},29.5,31.91,5.91,{"$f":"+Composições!F1200","v":37.82},0]
[{"$f":"CONCATENATE(\"SMAMUS \",Composições!A1203)","v":"SMAMUS 556"},null,"PROJETO DE SINALIZAÇÃO",null,"un",0,{"$f":"+Composições!C1205","v":792.72},{"$f":"+F95+G95","v":792.72},{"$f":"+K95-J95","v":0},{"$f":"+TRUNC((G95*(1+$L$14)),2)","v":792.72},{"$f":"+Composições!$F$1211","v":792.72},0]
[{"$f":"CONCATENATE(\"SINAPI \",Composições!A1214)","v":"SINAPI 99064"},"3.9","LOCAÇÃO",99,"m",{"$f":"+Composições!C1216*0.07","v":3.3600000000000005E-2},{"$f":"+Composições!$C$1216*0.93","v":0.44640000000000002},0.48000000000000004,4.0000000000000036E-2,0.56999999999999995,{"$f":"+Composições!F1222","v":0.61},60.39]
[{"$f":"CONCATENATE(\"SMAMUS \",Composições!A1225)","v":"SMAMUS 565"},"3.10","NIVELAMENTO",163,"m²",{"$f":"+Composições!C1228","v":0.02},{"$f":"+Composições!C1232","v":0.22},0.24,1.9999999999999962E-2,0.28000000000000003,{"$f":"+Composições!F1238","v":0.3},48.9]
[null,"TOTAL DE INSTALAÇÕES PROVISÓRIAS",{"$nulls":9},{"$f":"SUM(L79:L97)","v":23459.53}]
[null,4,"ADMINISTRAÇÃO LOCAL"]
[{"$f":"CONCATENATE(\"SINAPI \",Composições!A1241)","v":"SINAPI 90778"},"4.1","ENGENHEIRO",1,"un",0,{"$f":"+Composições!C1243","v":4904.95},{"$f":"+F100+G100","v":4904.95},{"$f":"+K100-J100","v":0},{"$f":"+TRUNC((G100*(1+$L$12)),2)","v":6288.63},{"$f":"+Composições!F1249","v":6288.63},{"$f":"TRUNC((D100*K100),2)","v":6288.63}]
[{"$f":"CONCATENATE(\"SINAPI \",Composições!A1252)","v":"SINAPI 94295"},null,"MESTRE DE OBRAS",null,"%",0,{"$f":"+Composições!C1254","v":109.97839999999999},109.97839999999999,0,{"$f":"+TRUNC((G101*(1+$L$12)),4)","v":141.0033},{"$f":"+Composições!F1260","v":141.0033},{"$f":"TRUNC((D101*K101),2)","v":0}]
[{"$f":"CONCATENATE(\"SINAPI \",Composições!A1263)","v":"SINAPI 93572"},"4.2","ENCARREGADO",1,"un",0,{"$f":"+Composições!C1265","v":11066.58},11066.58,0,{"$f":"+TRUNC((G102*(1+$L$12)),2)","v":14188.46},{"$f":"+Composições!F1271","v":14188.46},14188.46]
[{"$f":"CONCATENATE(\"SINAPI \",Composições!A1274)","v":"SINAPI 88326"},"4.3","VIGIA NOTURNO",1,"un",0,{"$f":"+Composições!C1276","v":7635.6},{"$f":"+F103+G103","v":7635.6},{"$f":"+K103-J103","v":0},{"$f":"+TRUNC((G103*(1+$L$12)),2)","v":9789.6},{"$f":"+Composições!F1282","v":9789.6},9789.6]
[{"$f":"CONCATENATE(\"SMAMUS \",Composições!A1285)","v":"SMAMUS 730"},null,"VIGIA NOTURNO (SINDICATO)",null,"%",0,{"$f":"+Composições!C1288","v":76.659300000000002},76.659300000000002,0,{"$f":"+TRUNC((G104*(1+$L$12)),4)","v":98.284800000000004},{"$f":"+Composições!F1294","v":98.284800000000004},0]
[{"$f":"CONCATENATE(\"SMAMUS \",Composições!A1297)","v":"SMAMUS 740"},"4.4","VIGIA DIURNO SÁBADOS, DOMINGOS E FERIADOS",1,"un",0,{"$f":"+Composições!C1300","v":3622.5},3622.5,0,{"$f":"+TRUNC((G105*(1+$L$12)),2)","v":4644.3999999999996},{"$f":"+Composições!F1306","v":4644.3999999999996},4644.3999999999996]
[{"$f":"CONCATENATE(\"SINAPI \",Composições!$A$1309)","v":"SINAPI 101908"},"4.5","FORNECIMENTO E INSTALAÇÃO DE EXTINTOR DE PÓ QUÍMICO SECO (PQS), 4 kg",1,"un",{"$f":"+Composições!C1312","v":213.60999999999999},{"$f":"+Composições!C1315","v":16.11},{"$f":"+F106+G106","v":229.71999999999997},{"$f":"+K106-J106","v":273.87},{"$f":"+TRUNC((G106*(1+$L$12)),2)","v":20.65},{"$f":"+Composições!F1321","v":294.52},{"$f":"TRUNC((D106*K106),2)","v":294.52}]
[{"$f":"CONCATENATE(\"SINAPI \",Composições!$A$1324)","v":"SINAPI 101905"},"4.6","FORNECIMENTO E INSTALAÇÃO DE EXTINTOR DE ÁGUA PRESSURIZADA (AP), 10 l",1,"un",{"$f":"+Composições!C1327","v":220.85},{"$f":"+Composições!C1330","v":16.11},{"$f":"+F107+G107","v":236.95999999999998},{"$f":"+K107-J107","v":283.14999999999998},{"$f":"+TRUNC((G107*(1+$L$12)),2)","v":20.65},{"$f":"+Composições!F1336","v":303.79999999999995},{"$f":"TRUNC((D107*K107),2)","v":303.8}]
[{"$f":"CONCATENATE(\"SMAMUS \",Composições!A1339)","v":"SMAMUS 750"},"4.7","GERADOR DE ENERGIA ELÉTRICA",1,"un",{"$f":"+Composições!C1342","v":2046},0,{"$f":"+F108+G108","v":2046},{"$f":"+K108-J108","v":2623.17},{"$f":"+TRUNC((G108*(1+$L$12)),2)","v":0},{"$f":"+Composições!F1348","v":2623.17},{"$f":"TRUNC((D108*K108),2)","v":2623.17}]
[{"$f":"CONCATENATE(\"SMAMUS \",Composições!A1351)","v":"SMAMUS 753"},"4.8","CONSUMO DE ÁGUA TRATADA",1,"un",{"$f":"+Composições!C1354","v":167.60000000000002},0,{"$f":"+F109+G109","v":167.60000000000002},{"$f":"+K109-J109","v":214.87000000000003},{"$f":"+TRUNC((G109*(1+$L$12)),2)","v":0},{"$f":"+Composições!F1360","v":214.87000000000003},{"$f":"TRUNC((D109*K109),2)","v":214.87}]
[null,"TOTAL DE ADMINISTRAÇÃO LOCAL",{"$nulls":9},{"$f":"SUM(L100:L109)","v":38347.450000000004}]
[null,5,"MOVIMENTO DE TERRA"]
[{"$f":"CONCATENATE(\"SMAMUS \",Composições!A1363)","v":"SMAMUS 1002"},"5.1","MODELAGEM",163,"m²",0,{"$f":"+Composições!C1369","v":2.31},{"$f":"+F112+G112","v":2.31},{"$f":"+K112-J112","v":8.9999999999999858E-2},{"$f":"+TRUNC((G112*(1+$L$12)),2)","v":2.96},{"$f":"+Composições!F1375","v":3.05},{"$f":"TRUNC((D112*K112),2)","v":497.15}]
[{"$f":"CONCATENATE(\"SMAMUS \",Composições!A1378)","v":"SMAMUS 1003"},null,"TERRAPLENAGEM",null,"dia",{"$f":"+Composições!C1380","v":1007.68},0,1007.68,1291.94,0,{"$f":"+Composições!F1386","v":1291.94},0]
[{"$f":"CONCATENATE(\"SMAMUS \",Composições!A1389)","v":"SMAMUS 1005"},null,"ATERRO MECÂNICO COM MATERIAL IMPORTADO COM COMPACTAÇÃO MECÂNICA",null,"m³",{"$f":"+Composições!C1395","v":74.069999999999993},{"$f":"+Composições!C1397","v":0.62},74.69,94.969999999999985,0.79,{"$f":"+Composições!F1403","v":95.759999999999991},0]
[{"$f":"CONCATENATE(\"SMAMUS \",Composições!A1406)","v":"SMAMUS 1006"},"5.2","ATERRO MANUAL COM MATERIAL IMPORTADO COM COMPACTAÇÃO MECÂNICA",26,"m³",{"$f":"+Composições!C1410","v":73.81},{"$f":"+Composições!C1412","v":11.15},84.960000000000008,94.630000000000024,14.29,{"$f":"+Composições!F1418","v":108.92000000000002},2831.92]
[{"$f":"CONCATENATE(\"SMAMUS \",Composições!A1421)","v":"SMAMUS 1010"},null,"ATERRO MANUAL COM MATERIAL IMPORTADO COM COMPACTAÇÃO MANUAL",null,"m³",{"$f":"+Composições!C1423","v":59.4},{"$f":"+Composições!C1425","v":40.58},{"$f":"+F116+G116","v":99.97999999999999},{"$f":"+K116-J116","v":76.159999999999968},52.02,{"$f":"+Composições!F1431","v":128.17999999999998},0]
[{"$f":"CONCATENATE(\"SINAPI \",Composições!A1434)","v":"SINAPI 93358"},null,"ESCAVAÇÃO MANUAL DE SOLO  ATÉ 1,30 m",null,"m³",0,{"$f":"+Composições!C1436","v":66.930000000000007},66.930000000000007,0,85.81,{"$f":"+Composições!F1442","v":85.81},0]
[{"$f":"CONCATENATE(\"SINAPI \",Composições!A1445)","v":"SINAPI 101114"},null,"ESCAVAÇÃO MECÂNICA DE SOLO",null,"m³",{"$f":"+Composições!C1448","v":3.2800000000000002},0,3.2800000000000002,4.87,0,{"$f":"+Composições!F1456","v":4.87},0]
[{"$f":"CONCATENATE(\"SINAPI \",Composições!A1459)","v":"SINAPI 96995"},null,"REATERRO MANUAL C/COMPACTAÇÃO MANUAL",null,"m³",0,{"$f":"+Composições!C1461","v":40.58},40.58,0,52.02,{"$f":"+Composições!F1467","v":52.019999999999996},0]
[null,"TOTAL DE MOVIMENTO DE TERRA",{"$nulls":9},{"$f":"SUM(L112:L119)","v":3329.07}]
[null,6,"PAVIMENTAÇÃO"]
[{"$f":"CONCATENATE(\"SMAMUS \",Composições!A1470)","v":"SMAMUS 1900"},null,"NIVELAMENTO CAIXA DE PASSAGEM",null,"un",{"$f":"+Composições!C1474","v":11.219999999999999},{"$f":"+Composições!C1477","v":17.899999999999999},{"$f":"+F122+G122","v":29.119999999999997},{"$f":"+K122-J122","v":14.389999999999997},{"$f":"+TRUNC((G122*(1+$L$12)),2)","v":22.94},{"$f":"+Composições!F1483","v":37.33},{"$f":"TRUNC((D122*K122),2)","v":0}]
[{"$f":"CONCATENATE(\"SINAPI \",Composições!A1486)","v":"SINAPI 101621"},null,"LASTRO DE BRITA",null,"m³",{"$f":"+Composições!C1490","v":79.260000000000005},{"$f":"+Composições!C1493","v":96.42},175.68,101.61000000000001,123.62,{"$f":"+Composições!F1499","v":225.23000000000002},0]
[{"$f":"CONCATENATE(\"SMAMUS \",Composições!A1502)","v":"SMAMUS 2010"},null,"SAIBRO ROSA - COMPACTAÇÃO MECÂNICA - 6 cm",null,"m²",{"$f":"+Composições!C1508","v":6.72},{"$f":"+Composições!C1511","v":2.71},9.43,8.6199999999999992,3.47,{"$f":"+Composições!F1517","v":12.09},0]
[{"$f":"CONCATENATE(\"SMAMUS \",Composições!A1520)","v":"SMAMUS 2011"},null,"SAIBRO ROSA - COMPACTAÇÃO MECÂNICA - 6 cm",null,"m³",{"$f":"+Composições!C1526","v":112.27},{"$f":"+Composições!C1529","v":45.29},157.56,143.94,58.06,{"$f":"+Composições!F1535","v":202},0]
[{"$f":"CONCATENATE(\"SMAMUS \",Composições!A1538)","v":"SMAMUS 2020"},null,"PISO CONCRETO ARMADO 8 cm - PASSEIO - S/PODOTÁTIL",null,"m²",{"$f":"+Composições!C1552","v":70.550000000000011},{"$f":"+Composições!C1557","v":13.030000000000001},83.580000000000013,90.45,16.7,{"$f":"+Composições!F1563","v":107.15},0]
[{"$f":"CONCATENATE(\"SMAMUS \",Composições!A1566)","v":"SMAMUS 2021"},null,"PISO CONCRETO ARMADO 8 cm - PASSEIO - C/PODOTÁTIL",null,"m²",{"$f":"+Composições!C1581","v":69.22},{"$f":"+Composições!C1586","v":16.66},{"$f":"+F127+G127","v":85.88},{"$f":"+K127-J127","v":88.75},21.35,{"$f":"+Composições!F1592","v":110.1},0]
[{"$f":"CONCATENATE(\"SMAMUS \",Composições!A1595)","v":"SMAMUS 2025"},null,"PISO CONCRETO ARMADO 8 cm - QUADRA (PANO ÚNICO)",null,"m²",{"$f":"+Composições!C1609","v":85.501000000000005},{"$f":"+Composições!C1616","v":5.61},91.111000000000004,109.62100000000001,7.19,{"$f":"+Composições!F1622","v":116.81100000000001},0]
[{"$f":"CONCATENATE(\"SMAMUS \",Composições!A1625)","v":"SMAMUS 2027"},null,"PISO CONCRETO ARMADO 10 cm - ACADEMIA AO AR LIVRE",null,"m²",{"$f":"+Composições!C1644","v":91.311000000000021},{"$f":"+Composições!C1653","v":7.91},99.221000000000018,117.07100000000001,10.14,{"$f":"+Composições!F1659","v":127.21100000000001},0]
[{"$f":"CONCATENATE(\"SMAMUS \",Composições!A1662)","v":"SMAMUS 2028"},null,"PISO CONCRETO ARMADO 20 cm - ARMADURA DUPLA",null,"m²",{"$f":"+Composições!C1679","v":168.22499999999999},{"$f":"+Composições!C1687","v":16.459999999999997},184.685,215.67500000000001,21.1,{"$f":"+Composições!F1693","v":236.77500000000001},0]
[{"$f":"CONCATENATE(\"SINAPI \",Composições!A1696)","v":"SINAPI 92396"},null,"PAVIMENTAÇÃO BLOCOS RETANGULARES DE CONCRETO COR NATURAL - 6 cm - 35 MPa",null,"m²",{"$f":"+Composições!C1704","v":49.09},{"$f":"+Composições!C1707","v":13.86},62.95,62.94,17.760000000000002,{"$f":"+Composições!F1713","v":80.7},0]
[{"$f":"CONCATENATE(\"SINAPI \",Composições!A1716)","v":"SINAPI 93679"},null,"PAVIMENTAÇÃO BLOCOS RETANGULARES DE CONCRETO COLORIDO - 6 cm - 35 MPa",null,"m²",{"$f":"+Composições!C1724","v":56.06},{"$f":"+Composições!C1727","v":13.86},{"$f":"+F132+G132","v":69.92},{"$f":"+K132-J132","v":71.88},17.760000000000002,{"$f":"+Composições!F1733","v":89.64},0]
[{"$f":"CONCATENATE(\"SINAPI \",Composições!A1736)","v":"SINAPI 92398"},null,"PAVIMENTAÇÃO BLOCOS RETANGULARES DE CONCRETO COR NATURAL - 8 cm - 35 MPa",null,"m²",{"$f":"+Composições!C1744","v":57.829999999999991},{"$f":"+Composições!C1747","v":8.83},66.66,74.139999999999986,11.32,{"$f":"+Composições!F1753","v":85.46},0]
[{"$f":"CONCATENATE(\"SMAMUS \",Composições!A1756)","v":"SMAMUS 2030"},null,"FAIXAS BLOCOS RETANGULARES DE CONCRETO COR NATURAL - 6 cm - 35 MPa (LARGURA 20 cm)",null,"m",{"$f":"+Composições!C1760","v":11.27},{"$f":"+Composições!C1763","v":6.93},18.2,14.449999999999998,8.8800000000000008,{"$f":"+Composições!F1769","v":23.33},0]
[{"$f":"CONCATENATE(\"SMAMUS \",Composições!A1772)","v":"SMAMUS 2035"},null,"PAVIMENTAÇÃO PARALELEPÍPEDO",null,"m²",{"$f":"+Composições!C1780","v":108.89},{"$f":"+Composições!C1783","v":11.530000000000001},120.42,139.60999999999999,14.78,{"$f":"+Composições!F1789","v":154.38999999999999},0]
[{"$f":"CONCATENATE(\"SINAPI \",Composições!A1792)","v":"SINAPI 101090"},null,"PEDRA PORTUGUESA",null,"m²",{"$f":"+Composições!C1797","v":276.97999999999996},{"$f":"+Composições!C1800","v":22.25},299.22999999999996,355.12,28.52,{"$f":"+Composições!F1806","v":383.64},0]
[{"$f":"CONCATENATE(\"SMAMUS \",Composições!A1809)","v":"SMAMUS 2040"},null,"LAJE DE GRÊS ASSENTADA NA AREIA",null,"m²",{"$f":"+Composições!C1813","v":29.92},{"$f":"+Composições!C1816","v":27.25},57.17,38.360000000000007,34.93,{"$f":"+Composições!F1822","v":73.290000000000006},0]
[{"$f":"CONCATENATE(\"SMAMUS \",Composições!A1825)","v":"SMAMUS 2041"},null,"LAJE DE GRÊS ASSENTADA NA MASSA",null,"m²",{"$f":"+Composições!C1829","v":36.6},{"$f":"+Composições!C1832","v":24.58},61.18,46.92,31.51,{"$f":"+Composições!F1838","v":78.430000000000007},0]
[{"$f":"CONCATENATE(\"SMAMUS \",Composições!A1841)","v":"SMAMUS 2042"},null,"LAJE DE GRÊS ASSENTADA NA ARGILA",null,"m²",{"$f":"+Composições!C1845","v":25.1},{"$f":"+Composições!C1848","v":25.14},50.24,32.18,32.229999999999997,{"$f":"+Composições!F1854","v":64.41},0]
[{"$f":"CONCATENATE(\"SMAMUS \",Composições!A1857)","v":"SMAMUS 2050"},null,"BASALTO IRREGULAR - JUNTA BITOLADA",null,"m²",{"$f":"+Composições!C1861","v":194.52999999999997},{"$f":"+Composições!C1864","v":44.7},239.22999999999996,249.40999999999997,57.3,{"$f":"+Composições!F1870","v":306.70999999999998},0]
[{"$f":"CONCATENATE(\"SMAMUS \",Composições!A1873)","v":"SMAMUS 2051"},null,"BASALTO IRREGULAR",null,"m²",{"$f":"+Composições!C1877","v":68.12},{"$f":"+Composições!C1880","v":37.260000000000005},105.38000000000001,87.330000000000013,47.77,{"$f":"+Composições!F1886","v":135.10000000000002},0]
[{"$f":"CONCATENATE(\"SMAMUS \",Composições!A1889)","v":"SMAMUS 2052"},null,"BASALTO REGULAR TALHADO",null,"m²",{"$f":"+Composições!C1893","v":111.5},{"$f":"+Composições!C1896","v":37.260000000000005},148.76,142.94999999999999,47.77,{"$f":"+Composições!F1902","v":190.72},0]
[{"$f":"CONCATENATE(\"SMAMUS \",Composições!A1905)","v":"SMAMUS 2053"},null,"BASALTO REGULAR SERRADO",null,"m²",{"$f":"+Composições!C1909","v":138.36999999999998},{"$f":"+Composições!C1912","v":37.260000000000005},175.63,177.39999999999998,47.77,{"$f":"+Composições!F1918","v":225.17},0]
[{"$f":"CONCATENATE(\"SMAMUS \",Composições!A1921)","v":"SMAMUS 2057"},null,"AREIA MÉDIA PENEIRADA",null,"m³",{"$f":"+Composições!C1927","v":92.29},{"$f":"+Composições!C1930","v":27.19},{"$f":"+F144+G144","v":119.48},{"$f":"+K144-J144","v":118.32000000000001},{"$f":"+TRUNC((G144*(1+$L$12)),2)","v":34.86},{"$f":"+Composições!F1936","v":153.18},0]
[{"$f":"CONCATENATE(\"SMAMUS \",Composições!A1939)","v":"SMAMUS 2060"},null,"LAJOTA CONCRETO",null,"m²",{"$f":"+Composições!C1943","v":51.11},{"$f":"+Composições!C1946","v":24.58},75.69,65.529999999999987,31.51,{"$f":"+Composições!F1952","v":97.039999999999992},0]
[{"$f":"CONCATENATE(\"SMAMUS \",Composições!A1955)","v":"SMAMUS 2070"},null,"PISO PODOTÁTIL 25x25 cm",null,"m",{"$f":"+Composições!C1960","v":21.09},{"$f":"+Composições!C1963","v":6.1400000000000006},27.23,27.039999999999996,7.87,{"$f":"+Composições!F1969","v":34.909999999999997},0]
[null,"TOTAL DE PAVIMENTAÇÃO",{"$nulls":9},{"$f":"SUM(L122:L146)","v":0}]
[null,7,"MEIO-FIO"]
[{"$f":"CONCATENATE(\"SMAMUS \",Composições!A1972)","v":"SMAMUS 2210"},null,"MEIO-FIO CONCRETO MOLDADO NO LOCAL - PADRÃO SMAM",null,"m",{"$f":"+Composições!C1985","v":25.15},{"$f":"+Composições!C1992","v":23.92},{"$f":"+F149+G149","v":49.07},{"$f":"+K149-J149","v":32.25},{"$f":"+TRUNC((G149*(1+$L$12)),2)","v":30.66},{"$f":"+Composições!F1998","v":62.91},{"$f":"TRUNC((D149*K149),2)","v":0}]
[{"$f":"CONCATENATE(\"SMAMUS \",Composições!A2001)","v":"SMAMUS 2215"},null,"MEIO-FIO CURVO CONCRETO MOLDADO NO LOCAL - PADRÃO SMAM",null,"m",{"$f":"+Composições!C2015","v":49.190000000000012},{"$f":"+Composições!C2022","v":36.410000000000004},{"$f":"+F150+G150","v":85.600000000000023},{"$f":"+K150-J150","v":63.060000000000024},{"$f":"+TRUNC((G150*(1+$L$12)),2)","v":46.68},{"$f":"+Composições!F2028","v":109.74000000000002},{"$f":"TRUNC((D150*K150),2)","v":0}]
[{"$f":"CONCATENATE(\"SINAPI \",Composições!A2031)","v":"SINAPI 94273"},null,"MEIO-FIO VIÁRIO DE CONCRETO PRÉ-MOLDADO",null,"m",{"$f":"+Composições!C2035","v":33.67},{"$f":"+Composições!C2038","v":14.67},{"$f":"+F151+G151","v":48.34},{"$f":"+K151-J151","v":43.17},{"$f":"+TRUNC((G151*(1+$L$12)),2)","v":18.8},{"$f":"+Composições!F2044","v":61.970000000000006},{"$f":"TRUNC((D151*K151),2)","v":0}]
[{"$f":"CONCATENATE(\"SMAMUS \",Composições!A2047)","v":"SMAMUS 2223"},null,"REPOSIÇÃO MEIO-FIO VIÁRIO",null,"m",{"$f":"+Composições!C2050","v":1.59},{"$f":"+Composições!C2053","v":14.67},{"$f":"+F152+G152","v":16.260000000000002},{"$f":"+K152-J152","v":2.0400000000000027},{"$f":"+TRUNC((G152*(1+$L$12)),2)","v":18.8},{"$f":"+Composições!F2059","v":20.840000000000003},{"$f":"TRUNC((D152*K152),2)","v":0}]
[{"$f":"CONCATENATE(\"SMAMUS \",Composições!A2062)","v":"SMAMUS 2225"},null,"REALINHAMENTO MEIO-FIO VIÁRIO",null,"m",{"$f":"+Composições!C2065","v":1.59},{"$f":"+Composições!C2068","v":15.79},{"$f":"+F153+G153","v":17.38},{"$f":"+K153-J153","v":2.0400000000000027},{"$f":"+TRUNC((G153*(1+$L$12)),2)","v":20.239999999999998},{"$f":"+Composições!F2074","v":22.28},{"$f":"TRUNC((D153*K153),2)","v":0}]
[null,"TOTAL DE MEIO-FIO",{"$nulls":9},{"$f":"SUM(L149:L153)","v":0}]
[null,8,"DEGRAU"]
[{"$f":"CONCATENATE(\"SMAMUS \",Composições!A2077)","v":"SMAMUS 2255"},null,"DEGRAU CONCRETO L=2,00 m - BASE GRANITO - PADRÃO SMAM",null,"un",{"$f":"+Composições!C2097","v":340.06999999999994},{"$f":"+Composições!C2105","v":93.5},{"$f":"+F156+G156","v":433.56999999999994},{"$f":"+K156-J156","v":436.00999999999988},{"$f":"+TRUNC((G156*(1+$L$12)),2)","v":119.87},{"$f":"+Composições!F2111","v":555.87999999999988},{"$f":"TRUNC((D156*K156),2)","v":0}]
[{"$f":"CONCATENATE(\"SMAMUS \",Composições!A2114)","v":"SMAMUS 2260"},null,"DEGRAU CONCRETO L=2,00 m - BASE GRÊS - PADRÃO SMAM",null,"un",{"$f":"+Composições!C2134","v":222.08999999999997},{"$f":"+Composições!C2142","v":88.389999999999986},{"$f":"+F157+G157","v":310.47999999999996},{"$f":"+K157-J157","v":284.73999999999995},{"$f":"+TRUNC((G157*(1+$L$12)),2)","v":113.32},{"$f":"+Composições!F2148","v":398.05999999999995},{"$f":"TRUNC((D157*K157),2)","v":0}]
[null,"TOTAL DE DEGRAU",{"$nulls":9},{"$f":"SUM(L156:L157)","v":0}]
[null,9,"ACESSIBILIDADE"]
[{"$f":"CONCATENATE(\"SMAMUS \",Composições!A2151)","v":"SMAMUS 2307"},null,"RAMPA PPNE'S TIPO 1 - 1,50 m (ABA 50 cm)",null,"un",{"$f":"+Composições!C2168","v":384.7700000000001},{"$f":"+Composições!C2174","v":240.04999999999998},{"$f":"+F160+G160","v":624.82000000000005},{"$f":"+K160-J160","v":493.32000000000005},{"$f":"+TRUNC((G160*(1+$L$12)),2)","v":307.76},{"$f":"+Composições!F2180","v":801.08},{"$f":"TRUNC((D160*K160),2)","v":0}]
[{"$f":"CONCATENATE(\"SMAMUS \",Composições!A2183)","v":"SMAMUS 2308"},null,"RAMPA PPNE'S TIPO 1 - 1,50 m (ABA 1,50 m)",null,"un",{"$f":"+Composições!C2200","v":543.54999999999995},{"$f":"+Composições!C2206","v":358.30999999999995},901.8599999999999,696.89,459.38,{"$f":"+Composições!F2212","v":1156.27},0]
[{"$f":"CONCATENATE(\"SMAMUS \",Composições!A2215)","v":"SMAMUS 2309"},null,"RAMPA PPNE'S TIPO 1 - 1,50 m (SEM ABA)",null,"un",{"$f":"+Composições!C2232","v":306.02},{"$f":"+Composições!C2238","v":183.3},{"$f":"+F162+G162","v":489.32},{"$f":"+K162-J162","v":392.35},{"$f":"+TRUNC((G162*(1+$L$12)),2)","v":235},{"$f":"+Composições!F2244","v":627.35},0]
[{"$f":"CONCATENATE(\"SMAMUS \",Composições!A2247)","v":"SMAMUS 2310"},null,"RAMPA PPNE'S TIPO 1 - 4,00 m",null,"un",{"$f":"+Composições!C2264","v":869.23},{"$f":"+Composições!C2270","v":446.14},1315.37,1114.4399999999998,571.99,{"$f":"+Composições!F2276","v":1686.4299999999998},0]
[{"$f":"CONCATENATE(\"SMAMUS \",Composições!A2279)","v":"SMAMUS 2315"},null,"RAMPA PPNE'S TIPO 2 (CALÇADA ESTREITA) - 1,50 m",null,"un",{"$f":"+Composições!C2303","v":865.7},{"$f":"+Composições!C2310","v":579.54},1445.24,1109.92,743.02,{"$f":"+Composições!F2316","v":1852.94},0]
[{"$f":"CONCATENATE(\"SMAMUS \",Composições!$A$2319)","v":"SMAMUS 2317"},null,"RAMPA PPNE'S TIPO 2 (CALÇADA ESTREITA) - 2,00 m",null,"un",{"$f":"+Composições!$C$2343","v":1104.0100000000002},{"$f":"+Composições!$C$2350","v":681},{"$f":"+F165+G165","v":1785.0100000000002},{"$f":"+K165-J165","v":1415.4500000000003},{"$f":"+TRUNC((G165*(1+$L$12)),2)","v":873.11},{"$f":"+Composições!F2356","v":2288.5600000000004},0]
[{"$f":"CONCATENATE(\"SMAMUS \",Composições!A2359)","v":"SMAMUS 2320"},null,"CORRIMÃO PPNE'S",null,"m",{"$f":"+Composições!C2388","v":284.70999999999992},{"$f":"+Composições!C2398","v":107.16},391.86999999999989,365.02999999999992,137.38,{"$f":"+Composições!F2404","v":502.40999999999991},0]
[null,"TOTAL DE ACESSIBILIDADE",{"$nulls":9},{"$f":"SUM(L160:L166)","v":0}]
[null,10,"QUADRAS"]
[{"$f":"CONCATENATE(\"SMAMUS \",Composições!A2407)","v":"SMAMUS 2405"},null,"TELAMENTO h=5,50 m - PADRÃO SMAM",null,"m",{"$f":"+Composições!C2440","v":677.47},{"$f":"+Composições!C2449","v":274.05},{"$f":"+F169+G169","v":951.52},{"$f":"+K169-J169","v":868.59},{"$f":"+TRUNC((G169*(1+$L$12)),2)","v":351.35},{"$f":"+Composições!F2455","v":1219.94},{"$f":"TRUNC((D169*K169),2)","v":0}]
[{"$f":"CONCATENATE(\"SMAMUS \",Composições!A2458)","v":"SMAMUS 2407"},null,"TELAMENTO h=3,00 m - PADRÃO SMAM",null,"m",{"$f":"+Composições!C2491","v":532.02},{"$f":"+Composições!C2500","v":170.22000000000003},702.24,682.11,218.23,{"$f":"+Composições!F2506","v":900.34},0]
[{"$f":"CONCATENATE(\"SMAMUS \",Composições!A2509)","v":"SMAMUS 2410"},null,"TELAMENTO h=1,00 m - PADRÃO SMAM",null,"m",{"$f":"+Composições!C2514","v":71.22999999999999},{"$f":"+Composições!C2517","v":18.14},89.36999999999999,91.329999999999984,23.25,{"$f":"+Composições!F2523","v":114.57999999999998},0]
[{"$f":"CONCATENATE(\"SMAMUS \",Composições!A2526)","v":"SMAMUS 2415"},null,"TELAMENTO h=3,00 m VÔLEI DE PRAIA - PADRÃO SMAM",null,"m",{"$f":"+Composições!C2560","v":646.37},{"$f":"+Composições!C2569","v":238.67000000000002},885.04,828.71,305.99,{"$f":"+Composições!F2575","v":1134.7},0]
[{"$f":"CONCATENATE(\"SMAMUS \",Composições!A2578)","v":"SMAMUS 2430"},null,"GOLEIRA FUTSAL",null,"un",{"$f":"+Composições!C2590","v":1175.6599999999996},{"$f":"+Composições!C2596","v":380.68},1556.3399999999997,1507.3199999999997,488.06,{"$f":"+Composições!F2602","v":1995.3799999999997},0]
[{"$f":"CONCATENATE(\"SMAMUS \",Composições!A2605)","v":"SMAMUS 2433"},null,"GOLEIRA FUTEBOL SOCIETY",null,"un",{"$f":"+Composições!C2618","v":2754.2700000000004},{"$f":"+Composições!C2624","v":563.65000000000009},3317.9200000000005,3531.2500000000005,722.65,{"$f":"+Composições!F2630","v":4253.9000000000005},0]
[{"$f":"CONCATENATE(\"SMAMUS \",Composições!A2633)","v":"SMAMUS 2435"},null,"GOLEIRA FUTEBOL DE CAMPO",null,"un",{"$f":"+Composições!C2646","v":3439.15},{"$f":"+Composições!C2652","v":716.82},4155.97,4409.3300000000008,919.03,{"$f":"+Composições!F2658","v":5328.3600000000006},0]
[{"$f":"CONCATENATE(\"SMAMUS \",Composições!A2661)","v":"SMAMUS 2440"},null,"POSTE DE VÔLEI",null,"un",{"$f":"+Composições!C2675","v":564.61},{"$f":"+Composições!C2681","v":176.95000000000002},741.56000000000006,723.89,226.86,{"$f":"+Composições!F2687","v":950.75},0]
[{"$f":"CONCATENATE(\"SMAMUS \",Composições!A2690)","v":"SMAMUS 2445"},null,"POSTE DE VÔLEI QUADRA DE AREIA",null,"un",{"$f":"+Composições!C2704","v":604.32999999999993},{"$f":"+Composições!C2710","v":189.99},794.31999999999994,774.80999999999983,243.58,{"$f":"+Composições!F2716","v":1018.3899999999999},0]
[{"$f":"CONCATENATE(\"SMAMUS \",Composições!A2719)","v":"SMAMUS 2447"},null,"POSTE DE TÊNIS QUADRA DE AREIA",null,"un",{"$f":"+Composições!C2733","v":471.42999999999995},{"$f":"+Composições!C2739","v":142.54},613.96999999999991,604.41999999999985,182.75,{"$f":"+Composições!F2745","v":787.16999999999985},0]
[{"$f":"CONCATENATE(\"SMAMUS \",Composições!A2748)","v":"SMAMUS 2450"},null,"TABELA DE BASQUETE - PADRÃO SMAM",null,"un",{"$f":"+Composições!C2768","v":3860.809999999999},{"$f":"+Composições!C2774","v":1256.3399999999999},5117.1499999999987,4949.9399999999987,1610.75,{"$f":"+Composições!F2780","v":6560.6899999999987},0]
[{"$f":"CONCATENATE(\"SMAMUS \",Composições!A2783)","v":"SMAMUS 2470"},null,"DEMARCAÇÃO QUADRA ESPORTIVA FUTSAL",null,"m",{"$f":"+Composições!C2786","v":1.21},{"$f":"+Composições!C2789","v":16.95},18.16,1.5500000000000007,21.73,{"$f":"+Composições!F2795","v":23.28},0]
[{"$f":"CONCATENATE(\"SMAMUS \",Composições!A2798)","v":"SMAMUS 2473"},null,"DEMARCAÇÃO QUADRA ESPORTIVA BASQUETE E/OU VÔLEI",null,"m",{"$f":"+Composições!C2801","v":0.88000000000000012},{"$f":"+Composições!C2804","v":10.600000000000001},11.480000000000002,1.1200000000000028,13.59,{"$f":"+Composições!F2810","v":14.710000000000003},0]
[{"$f":"CONCATENATE(\"SMAMUS \",Composições!A2813)","v":"SMAMUS 2480"},null,"DRENO QUADRA DE AREIA",null,"m",{"$f":"+Composições!C2820","v":96.670000000000016},{"$f":"+Composições!C2823","v":35.010000000000005},131.68,123.94,44.88,{"$f":"+Composições!F2829","v":168.82},0]
[null,"TOTAL DE QUADRAS",{"$nulls":9},{"$f":"SUM(L169:L182)","v":0}]
[null,6,"EQUIPAMENTOS/MOBILIÁRIO URBANO"]
[{"$f":"CONCATENATE(\"SMAMUS \",Composições!A2832)","v":"SMAMUS 2601"},"6.1","BANCO B (C/ ENCOSTO) - L=2,00 m - PADRÃO SMAM",4,"un",{"$f":"+Composições!C2860","v":1203.3500000000001},{"$f":"+Composições!C2868","v":274.44},{"$f":"+F185+G185","v":1477.7900000000002},{"$f":"+K185-J185","v":1542.8200000000002},{"$f":"+TRUNC((G185*(1+$L$12)),2)","v":351.85},{"$f":"+Composições!F2874","v":1894.67},{"$f":"TRUNC((D185*K185),2)","v":7578.68}]
[{"$f":"CONCATENATE(\"SMAMUS \",Composições!A2877)","v":"SMAMUS 2602"},null,"BANCO A (S/ ENCOSTO) - L=1,80 m - PADRÃO SMAM",null,"un",{"$f":"+Composições!C2893","v":693.87},{"$f":"+Composições!C2900","v":265.89},959.76,889.61,340.89,{"$f":"+Composições!F2906","v":1230.5},0]
[{"$f":"CONCATENATE(\"SMAMUS \",Composições!A2909)","v":"SMAMUS 2605"},null,"BANCO D (S/ ENCOSTO) - L=2,00 m - PADRÃO SMAM",null,"un",{"$f":"+Composições!C2937","v":785.15000000000009},{"$f":"+Composições!C2945","v":219.79},1004.94,1006.6400000000001,281.79000000000002,{"$f":"+Composições!F2951","v":1288.43},0]
[{"$f":"CONCATENATE(\"SMAMUS \",Composições!A2954)","v":"SMAMUS 2610"},null,"PARACICLO",null,"un",{"$f":"+Composições!C2963","v":370.3},{"$f":"+Composições!C2969","v":45.359999999999992},415.66,474.7600000000001,58.15,{"$f":"+Composições!F2975","v":532.91000000000008},0]
[{"$f":"CONCATENATE(\"SMAMUS \",Composições!A2978)","v":"SMAMUS 2615"},null,"CAIXA DE AREIA - PADRÃO SMAM",null,"un",{"$f":"+Composições!C2994","v":1668.74},{"$f":"+Composições!C3000","v":1373.75},3042.49,2139.4899999999998,1761.28,{"$f":"+Composições!F3006","v":3900.7699999999995},0]
[{"$f":"CONCATENATE(\"SMAMUS \",Composições!A3009)","v":"SMAMUS 2620"},null,"CANCHA DE BOCHA - PADRÃO SMAM",null,"un",{"$f":"+Composições!C3047","v":32482.89},{"$f":"+Composições!C3054","v":13561.75},46044.639999999999,41646.320000000007,17387.509999999998,{"$f":"+Composições!F3060","v":59033.83},0]
[{"$f":"CONCATENATE(\"SMAMUS \",Composições!A3063)","v":"SMAMUS 2623"},null,"COBERTURA P/ CANCHA DE BOCHA",null,"un",{"$f":"+Composições!C3082","v":30290.090000000004},{"$f":"+Composições!C3088","v":16348.6},46638.69,38834.920000000006,20960.54,{"$f":"+Composições!F3094","v":59795.460000000006},0]
[{"$f":"CONCATENATE(\"SMAMUS \",Composições!A3097)","v":"SMAMUS 2630"},null,"CHURRASQUEIRA C/PISO DE CONCRETO - PADRÃO SMAM",null,"un",{"$f":"+Composições!C3118","v":1757.67},{"$f":"+Composições!C3124","v":779.99},2537.66,2253.5099999999998,1000.02,{"$f":"+Composições!F3130","v":3253.5299999999997},0]
[{"$f":"CONCATENATE(\"SMAMUS \",Composições!A3133)","v":"SMAMUS 2633"},null,"CHURRASQUEIRA - PADRÃO SMAM",null,"un",{"$f":"+Composições!C3151","v":780.77},{"$f":"+Composições!C3157","v":287.27999999999997},1068.05,1001.02,368.32,{"$f":"+Composições!F3163","v":1369.34},0]
[{"$f":"CONCATENATE(\"SMAMUS \",Composições!A3166)","v":"SMAMUS 2636"},null,"MESA E BANCOS DE CONCRETO P/ CHURRASQUEIRA - PADRÃO SMAM",null,"cj",{"$f":"+Composições!C3184","v":801.84999999999991},{"$f":"+Composições!C3190","v":613.80999999999995},1415.6599999999999,1028.0499999999997,786.96,{"$f":"+Composições!F3196","v":1815.0099999999998},0]
[{"$f":"CONCATENATE(\"SMAMUS \",Composições!A3199)","v":"SMAMUS 2638"},null,"COBERTURA P/ CHURRASQUEIRA - PADRÃO SMAM",null,"un",{"$f":"+Composições!C3219","v":853391.35000000009},{"$f":"+Composições!C3225","v":2858.4399999999996},856249.79,1094133.05,3664.8,{"$f":"+Composições!F3231","v":1097797.8500000001},0]
[{"$f":"CONCATENATE(\"SMAMUS \",Composições!A3234)","v":"SMAMUS 2653"},null,"BEBEDOURO C/ VÁLVULA ANTI-VANDALISMO - PADRÃO SMAM",null,"un",{"$f":"+Composições!C3260","v":1789.68},{"$f":"+Composições!C3266","v":928.29},2717.9700000000003,2294.54,1190.1600000000001,{"$f":"+Composições!F3272","v":3484.7000000000003},0]
[{"$f":"CONCATENATE(\"SMAMUS \",Composições!A3275)","v":"SMAMUS 2660"},null,"FRADINHO CONCRETO BASE CIRCULAR - PADRÃO SMAM",null,"un",{"$f":"+Composições!C3285","v":177.85999999999999},{"$f":"+Composições!C3290","v":29.04},206.89999999999998,228.03,37.229999999999997,{"$f":"+Composições!F3296","v":265.26},0]
[{"$f":"CONCATENATE(\"SMAMUS \",Composições!A3299)","v":"SMAMUS 2661"},null,"FRADINHO CONCRETO BASE OCTOGONAL - PADRÃO SMAM",null,"un",{"$f":"+Composições!C3313","v":90.899999999999991},{"$f":"+Composições!C3319","v":160.11000000000001},251.01,116.53999999999999,205.27,{"$f":"+Composições!F3325","v":321.81},0]
[{"$f":"CONCATENATE(\"SMAMUS \",Composições!A3328)","v":"SMAMUS 2662"},null,"FRADINHO EM FERRO FUNDIDO",null,"un",{"$f":"+Composições!C3336","v":292.11},{"$f":"+Composições!C3339","v":12.17},304.28000000000003,374.51,15.6,{"$f":"+Composições!F3345","v":390.11},0]
[{"$f":"CONCATENATE(\"SMAMUS \",Composições!A3348)","v":"SMAMUS 2665"},null,"MESA DE DAMAS - PADRÃO SMAM",null,"un",{"$f":"+Composições!C3375","v":1552.0300000000002},{"$f":"+Composições!C3382","v":426.91},1978.9400000000003,1989.8500000000004,547.34,{"$f":"+Composições!F3388","v":2537.1900000000005},0]
[{"$f":"CONCATENATE(\"SMAMUS \",Composições!A3391)","v":"SMAMUS 2671"},null,"LIXEIRA METÁLICA",null,"un",{"$f":"+Composições!C3399","v":744.87},{"$f":"+Composições!C3402","v":69.33},814.2,955.00000000000011,88.88,{"$f":"+Composições!F3408","v":1043.8800000000001},0]
[{"$f":"CONCATENATE(\"SMAMUS \",Composições!A3411)","v":"SMAMUS 2680"},null,"PISTA DE PATINAÇÃO",null,"un",{"$f":"+Composições!C3443","v":12156.57},{"$f":"+Composições!C3452","v":3320.7},15477.27,15585.940000000002,4257.46,{"$f":"+Composições!F3458","v":19843.400000000001},0]
[{"$f":"CONCATENATE(\"SMAMUS \",Composições!A3461)","v":"SMAMUS 2682"},"6.2","TELAMENTO CACHORRÓDROMO",93,"m",{"$f":"+Composições!C3492","v":369.51000000000005},{"$f":"+Composições!C3501","v":115.69},485.20000000000005,473.75000000000006,148.32,{"$f":"+Composições!F3507","v":622.07000000000005},57852.51]
[{"$f":"CONCATENATE(\"SMAMUS \",Composições!A3510)","v":"SMAMUS 2683"},"6.3","PORTÃO DE ACESSO CACHORRÓDROMO",2,"un",{"$f":"+Composições!C3538","v":606.26999999999987},{"$f":"+Composições!C3547","v":200.41000000000003},{"$f":"+F204+G204","v":806.67999999999984},{"$f":"+K204-J204","v":777.29999999999973},256.94,{"$f":"+Composições!F3553","v":1034.2399999999998},2068.48]
[{"$f":"CONCATENATE(\"SMAMUS \",Composições!A3556)","v":"SMAMUS 2684"},"6.4","PORTÃO DE ACESSO DE SERVIÇO CACHORRÓDROMO",1,"un",{"$f":"+Composições!C3586","v":1281.0100000000002},{"$f":"+Composições!C3595","v":526.25},{"$f":"+F205+G205","v":1807.2600000000002},{"$f":"+K205-J205","v":1642.3800000000003},674.7,{"$f":"+Composições!F3601","v":2317.0800000000004},2317.08]
[{"$f":"CONCATENATE(\"SMAMUS \",Composições!A3604)","v":"SMAMUS 2685"},null,"GUARDA-CORPO PARA RECANTO INFANTIL",null,"m",{"$f":"+Composições!C3634","v":259.61},{"$f":"+Composições!C3643","v":87.39},347,332.84,112.04,{"$f":"+Composições!F3649","v":444.88},0]
[{"$f":"CONCATENATE(\"SMAMUS \",Composições!A3652)","v":"SMAMUS 2687"},null,"GRADIL DE FERRO",null,"m",{"$f":"+Composições!C3676","v":255.04},{"$f":"+Composições!C3686","v":274.74000000000007},529.78000000000009,326.99,352.24,{"$f":"+Composições!F3692","v":679.23},0]
[{"$f":"CONCATENATE(\"SMAMUS \",Composições!A3695)","v":"SMAMUS 2690"},null,"CERCAMENTO COM MOURÃO DE CONCRETO S/VIGA DE FUNDAÇÃO",null,"m",{"$f":"+Composições!C3706","v":114.37},{"$f":"+Composições!C3709","v":38.53},152.9,146.63999999999999,49.39,{"$f":"+Composições!F3715","v":196.03},0]
[{"$f":"CONCATENATE(\"SMAMUS \",Composições!A3718)","v":"SMAMUS 2692"},null,"CERCAMENTO COM MOURÃO DE CONCRETO C/VIGA DE FUNDAÇÃO",null,"m",{"$f":"+Composições!C3741","v":164.3},{"$f":"+Composições!C3748","v":75.05},239.35000000000002,210.65,96.22,{"$f":"+Composições!F3754","v":306.87},0]
[{"$f":"CONCATENATE(\"SMAMUS \",Composições!A3757)","v":"SMAMUS 2694"},null,"FUNDAÇÃO PEDRA DE GRANITO",null,"m",{"$f":"+Composições!C3761","v":39.21},{"$f":"+Composições!C3764","v":24.14},{"$f":"+F210+G210","v":63.35},{"$f":"+K210-J210","v":50.28},{"$f":"+TRUNC((G210*(1+$L$12)),2)","v":30.94},{"$f":"+Composições!F3770","v":81.22},0]
[{"$f":"CONCATENATE(\"SMAMUS \",Composições!A3773)","v":"SMAMUS 2695"},null,"ALVENARIA GRANITO S/FUNDAÇÃO",null,"m²",{"$f":"+Composições!C3776","v":152.03},{"$f":"+Composições!C3779","v":41.69},193.72,194.91000000000003,53.45,{"$f":"+Composições!F3785","v":248.36},0]
[{"$f":"CONCATENATE(\"SMAMUS \",Composições!A3788)","v":"SMAMUS 2705"},null,"PLACA DE IDENTIFICAÇÃO DE PRAÇA",null,"un",{"$f":"+Composições!C3801","v":1058.72},{"$f":"+Composições!C3807","v":140.46},1199.18,1357.38,180.08,{"$f":"+Composições!F3813","v":1537.46},0]
[null,"TOTAL DE EQUIPAMENTOS/MOBILIÁRIO URBANO",{"$nulls":9},{"$f":"SUM(L185:L212)","v":69816.75}]
[null,12,"BRINQUEDOS"]
[{"$f":"CONCATENATE(\"SMAMUS \",Composições!A3816)","v":"SMAMUS 2804"},"12.1","ESTRUTURA 1 - FERRO GALVANIZADO - \"S\"",null,"un",{"$f":"+Composições!C3830","v":1701.3899999999996},{"$f":"+Composições!C3836","v":1361.19},{"$f":"+F215+G215","v":3062.58},{"$f":"+K215-J215","v":2181.3499999999995},{"$f":"+TRUNC((G215*(1+$L$12)),2)","v":1745.18},{"$f":"+Composições!F3842","v":3926.5299999999997},{"$f":"TRUNC((D215*K215),2)","v":0}]
[{"$f":"CONCATENATE(\"SMAMUS \",Composições!A3845)","v":"SMAMUS 2805"},"12.2","ESTRUTURA 2 - FERRO GALVANIZADO",null,"un",{"$f":"+Composições!C3857","v":1655.05},{"$f":"+Composições!C3863","v":849.01999999999987},2504.0699999999997,2121.9399999999996,1088.52,{"$f":"+Composições!F3869","v":3210.4599999999996},0]
[{"$f":"CONCATENATE(\"SMAMUS \",Composições!A3872)","v":"SMAMUS 2810"},"12.3","ESTRUTURA 3 - FERRO GALVANIZADO",null,"un",{"$f":"+Composições!C3883","v":1288.02},{"$f":"+Composições!C3889","v":707.4},1995.42,1651.3700000000001,906.95,{"$f":"+Composições!F3895","v":2558.3200000000002},0]
[{"$f":"CONCATENATE(\"SMAMUS \",Composições!A3898)","v":"SMAMUS 2815"},"12.4","ESTRUTURA 4 - FERRO GALVANIZADO - GAIOLA",null,"un",{"$f":"+Composições!C3910","v":3502.9300000000003},{"$f":"+Composições!C3916","v":3261.11},6764.0400000000009,4491.1100000000015,4181.0600000000004,{"$f":"+Composições!F3922","v":8672.1700000000019},0]
[{"$f":"CONCATENATE(\"SMAMUS \",Composições!A3925)","v":"SMAMUS 2820"},"12.5","ESTRUTURA 5 - FERRO GALVANIZADO - ARCO",null,"un",{"$f":"+Composições!C3936","v":2051.15},{"$f":"+Composições!C3942","v":994},3045.15,2629.78,1274.4000000000001,{"$f":"+Composições!F3948","v":3904.1800000000003},0]
[{"$f":"CONCATENATE(\"SMAMUS \",Composições!A3951)","v":"SMAMUS 2825"},"12.6","ESTRUTURA 6 - FERRO GALVANIZADO - TÚNEL DE FERRO",null,"un",{"$f":"+Composições!C3963","v":7059.9},{"$f":"+Composições!C3969","v":3630.13},10690.029999999999,9051.4999999999982,4654.18,{"$f":"+Composições!F3975","v":13705.679999999998},0]
[{"$f":"CONCATENATE(\"SMAMUS \",Composições!A3978)","v":"SMAMUS 2830"},"12.7","ESTRUTURA 7 - FERRO GALVANIZADO - \"Y\"",null,"un",{"$f":"+Composições!C3991","v":891.74999999999989},{"$f":"+Composições!C3997","v":652.11999999999989},1543.87,1143.31,836.08,{"$f":"+Composições!F4003","v":1979.3899999999999},0]
[{"$f":"CONCATENATE(\"SMAMUS \",Composições!A4006)","v":"SMAMUS 2835"},"12.8","ESTRUTURA 8 - FERRO GALVANIZADO - AVIÃO",null,"un",{"$f":"+Composições!C4017","v":5098.7700000000004},{"$f":"+Composições!C4023","v":4107.37},9206.14,6537.1399999999985,5266.05,{"$f":"+Composições!F4029","v":11803.189999999999},0]
[{"$f":"CONCATENATE(\"SMAMUS \",Composições!A4032)","v":"SMAMUS 2840"},"12.9","ESTRUTURA 9 - FERRO GALVANIZADO",null,"un",{"$f":"+Composições!C4045","v":1524.16},{"$f":"+Composições!C4051","v":907.59},2431.75,1954.12,1163.6199999999999,{"$f":"+Composições!F4057","v":3117.74},0]
[{"$f":"CONCATENATE(\"SMAMUS \",Composições!A4060)","v":"SMAMUS 2870"},"12.10","GANGORRA DUPLA",null,"un",{"$f":"+Composições!C4080","v":1057.3399999999999},{"$f":"+Composições!C4088","v":469.45},1526.79,1355.6100000000001,601.88,{"$f":"+Composições!F4094","v":1957.49},0]
[{"$f":"CONCATENATE(\"SMAMUS \",Composições!A4097)","v":"SMAMUS 2871"},"12.11","GANGORRA TRIPLA",null,"un",{"$f":"+Composições!C4117","v":1503.1000000000001},{"$f":"+Composições!C4125","v":668.34},2171.44,1927.13,856.87,{"$f":"+Composições!F4131","v":2784},0]
[{"$f":"CONCATENATE(\"SMAMUS \",Composições!A4134)","v":"SMAMUS 2875"},"12.12","BARRA-BALANÇO",null,"un",{"$f":"+Composições!C4163","v":2780.3899999999985},{"$f":"+Composições!C4171","v":1669.1300000000003},4449.5199999999986,3564.7299999999987,2139.9899999999998,{"$f":"+Composições!F4177","v":5704.7199999999984},0]
[{"$f":"CONCATENATE(\"SMAMUS \",Composições!A4180)","v":"SMAMUS 2880"},"12.13","BALANÇO MISTO",null,"un",{"$f":"+Composições!C4208","v":2607.2299999999996},{"$f":"+Composições!C4216","v":1906.8500000000001},4514.08,3342.73,2444.77,{"$f":"+Composições!F4222","v":5787.5},0]
[{"$f":"CONCATENATE(\"SMAMUS \",Composições!A4225)","v":"SMAMUS 2881"},"12.14","BALANÇO JUVENIL",null,"un",{"$f":"+Composições!C4249","v":2556.5299999999997},{"$f":"+Composições!C4257","v":1698.78},4255.3099999999995,3277.7299999999996,2178,{"$f":"+Composições!F4263","v":5455.73},0]
[{"$f":"CONCATENATE(\"SMAMUS \",Composições!A4266)","v":"SMAMUS 2882"},"12.15","BALANÇO INFANTIL",null,"un",{"$f":"+Composições!C4291","v":2657.9400000000005},{"$f":"+Composições!C4299","v":2114.9700000000003},4772.9100000000008,3407.7400000000011,2711.6,{"$f":"+Composições!F4305","v":6119.3400000000011},0]
[{"$f":"CONCATENATE(\"SMAMUS \",Composições!A4308)","v":"SMAMUS 2885"},"12.16","ESCORREGADOR",null,"un",{"$f":"+Composições!C4330","v":1492.6900000000003},{"$f":"+Composições!C4338","v":946.25000000000011},2438.9400000000005,1913.7800000000004,1213.18,{"$f":"+Composições!F4344","v":3126.9600000000005},0]
[null,"TOTAL DE BRINQUEDOS",{"$nulls":9},{"$f":"SUM(L215:L230)","v":0}]
[null,13,"APARELHOS DE GINÁSTICA"]
[{"$f":"CONCATENATE(\"SMAMUS \",Composições!A4347)","v":"SMAMUS 3003"},"13.1","BARRA ALONGAMENTO - 2 ALTURAS",null,"un",{"$f":"+Composições!C4357","v":446.84000000000003},{"$f":"+Composições!C4363","v":194.30999999999997},{"$f":"+F233+G233","v":641.15},{"$f":"+K233-J233","v":572.89},{"$f":"+TRUNC((G233*(1+$L$12)),2)","v":249.12},{"$f":"+Composições!F4369","v":822.01},{"$f":"TRUNC((D233*K233),2)","v":0}]
[{"$f":"CONCATENATE(\"SMAMUS \",Composições!A4372)","v":"SMAMUS 3005"},"13.2","BARRAS PARALELAS",null,"un",{"$f":"+Composições!C4383","v":1174.1499999999999},{"$f":"+Composições!C4389","v":595.06999999999994},1769.2199999999998,1505.38,762.93,{"$f":"+Composições!F4395","v":2268.31},0]
[{"$f":"CONCATENATE(\"SMAMUS \",Composições!A4398)","v":"SMAMUS 3010"},"13.3","APOIO P/ MEMBROS SUPERIORES",null,"un",{"$f":"+Composições!C4410","v":603.72},{"$f":"+Composições!C4416","v":216.39},820.11,774.03,277.43,{"$f":"+Composições!F4422","v":1051.46},0]
[{"$f":"CONCATENATE(\"SMAMUS \",Composições!A4425)","v":"SMAMUS 3015"},"13.4","BARRA P/ ALONGAMENTO",null,"un",{"$f":"+Composições!C4437","v":548.61999999999989},{"$f":"+Composições!C4443","v":182.78999999999996},731.40999999999985,703.38999999999987,234.35,{"$f":"+Composições!F4449","v":937.7399999999999},0]
[{"$f":"CONCATENATE(\"SMAMUS \",Composições!A4452)","v":"SMAMUS 3020"},"13.5","BARRA HORIZONTAL - 4 MÓDULOS",null,"un",{"$f":"+Composições!C4464","v":2694.21},{"$f":"+Composições!C4470","v":822.18},3516.39,3454.25,1054.1099999999999,{"$f":"+Composições!F4476","v":4508.3599999999997},0]
[{"$f":"CONCATENATE(\"SMAMUS \",Composições!A4479)","v":"SMAMUS 3021"},"13.6","BARRA HORIZONTAL - 3 MÓDULOS",null,"un",{"$f":"+Composições!C4491","v":2237.2699999999995},{"$f":"+Composições!C4497","v":677.5},2914.7699999999995,2868.3999999999996,868.62,{"$f":"+Composições!F4503","v":3737.0199999999995},0]
[{"$f":"CONCATENATE(\"SMAMUS \",Composições!A4506)","v":"SMAMUS 3022"},"13.7","BARRA HORIZONTAL - 1 MÓDULO",null,"un",{"$f":"+Composições!C4518","v":1170.7599999999998},{"$f":"+Composições!C4524","v":342.43},1513.1899999999998,1501.04,439.02,{"$f":"+Composições!F4530","v":1940.06},0]
[{"$f":"CONCATENATE(\"SMAMUS \",Composições!A4533)","v":"SMAMUS 3025"},"13.8","ESPALDAR",null,"un",{"$f":"+Composições!C4545","v":1446.8999999999996},{"$f":"+Composições!F4555","v":575.80999999999995},2022.7099999999996,1878.7499999999998,738.24,{"$f":"+Composições!F4557","v":2616.9899999999998},0]
[{"$f":"CONCATENATE(\"SMAMUS \",Composições!A4560)","v":"SMAMUS 3030"},"13.9","PRANCHA DE ABDOMINAIS",null,"un",{"$f":"+Composições!C4577","v":869.69},{"$f":"+Composições!C4583","v":268.01},1137.7,1115.0300000000002,343.61,{"$f":"+Composições!F4589","v":1458.64},0]
[null,"TOTAL DE APARELHOS DE GINÁSTICA",{"$nulls":9},{"$f":"SUM(L233:L241)","v":0}]
[null,14,"ACADEMIA 3ª IDADE"]
[{"$f":"CONCATENATE(\"SMAMUS \",Composições!A4593)","v":"SMAMUS 3205"},"14.1","PLACA ORIENTATIVA",null,"un",{"$f":"+Composições!C4599","v":4012.83},{"$f":"+Composições!C4602","v":57.35},{"$f":"+F244+G244","v":4070.18},{"$f":"+K244-J244","v":5144.8499999999995},{"$f":"+TRUNC((G244*(1+$L$12)),2)","v":73.52},{"$f":"+Composições!F4609","v":5218.37},{"$f":"TRUNC((D244*K244),2)","v":0}]
[{"$f":"CONCATENATE(\"SMAMUS \",Composições!A4612)","v":"SMAMUS 3212"},"14.2","JOGO DE BARRAS",null,"un",{"$f":"+Composições!C4618","v":5318.44},{"$f":"+Composições!C4621","v":101.15},5419.5899999999992,6818.7699999999986,129.68,{"$f":"+Composições!F4628","v":6948.4499999999989},0]
[{"$f":"CONCATENATE(\"SMAMUS \",Composições!A4631)","v":"SMAMUS 3220"},"14.3","SIMULADOR DE CAMINHADA TRIPLO CONJUGADO",null,"un",{"$f":"+Composições!C4633","v":7255.66},{"$f":"+Composições!C4636","v":23.71},7279.37,9302.4900000000016,30.39,{"$f":"+Composições!F4643","v":9332.880000000001},0]
[{"$f":"CONCATENATE(\"SMAMUS \",Composições!A4646)","v":"SMAMUS 3230"},"14.4","ESQUI TRIPLO CONJUGADO",null,"un",{"$f":"+Composições!C4648","v":7737.45},{"$f":"+Composições!C4651","v":23.71},7761.16,9920.19,30.39,{"$f":"+Composições!F4658","v":9950.58},0]
[{"$f":"CONCATENATE(\"SMAMUS \",Composições!A4661)","v":"SMAMUS 3235"},"14.5","ADUÇÃO E ABDUÇÃO DE PERNAS DUPLO",null,"un",{"$f":"+Composições!C4667","v":6160.93},{"$f":"+Composições!C4670","v":32.9},6193.83,7898.92,42.18,{"$f":"+Composições!F4677","v":7941.1},0]
[{"$f":"CONCATENATE(\"SMAMUS \",Composições!A4680)","v":"SMAMUS 3240"},"14.6","PRESSÃO DE PERNAS TRIPLO CONJUGADO",null,"un",{"$f":"+Composições!C4686","v":5518.12},{"$f":"+Composições!C4689","v":32.9},5551.0199999999995,7074.7799999999988,42.18,{"$f":"+Composições!F4696","v":7116.9599999999991},0]
[{"$f":"CONCATENATE(\"SMAMUS \",Composições!A4699)","v":"SMAMUS 3245"},"14.7","MULTIEXERCITADOR CONJUGADO 6 FUNÇÕES",null,"un",{"$f":"+Composições!C4701","v":8021},{"$f":"+Composições!C4704","v":27.939999999999998},8048.94,10283.719999999999,35.82,{"$f":"+Composições!F4711","v":10319.539999999999},0]
[{"$f":"CONCATENATE(\"SMAMUS \",Composições!A4714)","v":"SMAMUS 3252"},"14.8","SIMULADOR DE REMO",null,"un",{"$f":"+Composições!F4715","v":4131.43},{"$f":"+Composições!C4719","v":18.630000000000003},4150.0600000000004,5296.9100000000008,23.88,{"$f":"+Composições!F4726","v":5320.7900000000009},0]
[{"$f":"CONCATENATE(\"SMAMUS \",Composições!A4729)","v":"SMAMUS 3260"},"14.9","PUXADOR DUPLO",null,"un",{"$f":"+Composições!C4735","v":6565.09},{"$f":"+Composições!C4738","v":32.9},6597.99,8417.0999999999985,42.18,{"$f":"+Composições!F4745","v":8459.2799999999988},0]
[{"$f":"CONCATENATE(\"SMAMUS \",Composições!A4748)","v":"SMAMUS 3265"},"14.10","PEITORAL DUPLO",null,"un",{"$f":"+Composições!C4754","v":6541.99},{"$f":"+Composições!C4757","v":32.9},6574.8899999999994,8387.48,42.18,{"$f":"+Composições!F4764","v":8429.66},0]
[{"$f":"CONCATENATE(\"SMAMUS \",Composições!A4767)","v":"SMAMUS 3270"},"14.11","ABDOMINAL",null,"un",{"$f":"+Composições!C4773","v":3478.7},{"$f":"+Composições!C4776","v":32.9},3511.6,4460.04,42.18,{"$f":"+Composições!F4783","v":4502.22},0]
[{"$f":"CONCATENATE(\"SMAMUS \",Composições!A4786)","v":"SMAMUS 3276"},"14.12","REMADA",null,"un",{"$f":"+Composições!C4788","v":3448.2},{"$f":"+Composições!C4791","v":18.630000000000003},3466.83,4420.9399999999996,23.88,{"$f":"+Composições!F4798","v":4444.82},0]
[{"$f":"CONCATENATE(\"SMAMUS \",Composições!A4801)","v":"SMAMUS 3280"},"14.13","VOADOR PEITORAL E VOADOR DORSAL",null,"un",{"$f":"Composições!C4803","v":4372},{"$f":"+Composições!C4806","v":18.630000000000003},4390.63,5605.34,23.88,{"$f":"+Composições!F4813","v":5629.22},0]
[null,"TOTAL DE ACADEMIA 3ª IDADE",{"$nulls":9},{"$f":"SUM(L244:L256)","v":0}]
[null,15,"REPINTURAS"]
[{"$f":"CONCATENATE(\"SMAMUS \",Composições!A4816)","v":"SMAMUS 3420"},"15.1","REPINTURA TUBOS VERTICAIS QUADRAS ESPORTIVAS",null,"m",{"$f":"+Composições!C4824","v":4.22},{"$f":"+Composições!C4826","v":11.94},{"$f":"+F259+G259","v":16.16},{"$f":"+K259-J259","v":5.41},{"$f":"+TRUNC((G259*(1+$L$12)),2)","v":15.3},{"$f":"+Composições!F4832","v":20.71},{"$f":"TRUNC((D259*K259),2)","v":0}]
[{"$f":"CONCATENATE(\"SMAMUS \",Composições!A4835)","v":"SMAMUS 3430"},"15.2","REPINTURA TUBOS HORIZONTAIS QUADRAS ESPORTIVAS",null,"m",{"$f":"+Composições!C4843","v":3.6399999999999997},{"$f":"+Composições!C4845","v":7.57},11.21,4.6700000000000017,9.6999999999999993,{"$f":"+Composições!F4851","v":14.370000000000001},0]
[{"$f":"CONCATENATE(\"SMAMUS \",Composições!A4854)","v":"SMAMUS 3440"},"15.3","REPINTURA GOLEIRA FUTEBOL DE SALÃO",null,"un",{"$f":"+Composições!C4859","v":23.02},{"$f":"+Composições!C4861","v":87.16},110.17999999999999,29.519999999999996,111.74,{"$f":"+Composições!F4867","v":141.26},0]
[{"$f":"CONCATENATE(\"SMAMUS \",Composições!A4870)","v":"SMAMUS 3450"},"15.4","REPINTURA POSTE DE VÔLEI",null,"un",{"$f":"+Composições!C4875","v":8.83},{"$f":"+Composições!C4877","v":33.43},42.26,11.32,42.86,{"$f":"+Composições!F4883","v":54.18},0]
[{"$f":"CONCATENATE(\"SMAMUS \",Composições!A4886)","v":"SMAMUS 3520"},"15.5","REPINTURA BANCO \"B\" C/ENCOSTO",null,"un",{"$f":"+Composições!C4894","v":46.64},{"$f":"+Composições!C4896","v":73.89},120.53,59.8,94.73,{"$f":"+Composições!F4902","v":154.53},0]
[{"$f":"CONCATENATE(\"SMAMUS \",Composições!A4905)","v":"SMAMUS 3523"},"15.6","REPINTURA BANCO \"A\" S/ENCOSTO",null,"un",{"$f":"+Composições!C4913","v":32.42},{"$f":"+Composições!C4915","v":58.69},91.11,41.570000000000007,75.239999999999995,{"$f":"+Composições!F4921","v":116.81},0]
[{"$f":"CONCATENATE(\"SMAMUS \",Composições!A4924)","v":"SMAMUS 3525"},"15.7","REPINTURA BANCO \"D\" S/ENCOSTO",null,"un",{"$f":"+Composições!C4932","v":29.530000000000005},{"$f":"+Composições!C4934","v":45.38},{"$f":"+F265+G265","v":74.910000000000011},{"$f":"+K265-J265","v":37.860000000000007},{"$f":"+TRUNC((G265*(1+$L$12)),2)","v":58.18},{"$f":"+Composições!F4940","v":96.04},0]
[{"$f":"CONCATENATE(\"SMAMUS \",Composições!A4943)","v":"SMAMUS 3530"},"15.8","REPINTURA PARACICLO",null,"un",{"$f":"+Composições!C4948","v":9.8699999999999992},{"$f":"+Composições!C4950","v":24.44},34.31,12.650000000000006,31.33,{"$f":"+Composições!F4956","v":43.980000000000004},0]
[{"$f":"CONCATENATE(\"SMAMUS \",Composições!A4959)","v":"SMAMUS 3600"},"15.9","REPINTURA ESTRUTURA 1 - \"S\"",null,"un",{"$f":"+Composições!C4964","v":43.99},{"$f":"+Composições!C4966","v":166.47},210.46,56.399999999999977,213.43,{"$f":"+Composições!F4972","v":269.83},0]
[{"$f":"CONCATENATE(\"SMAMUS \",Composições!A4975)","v":"SMAMUS 3605"},"15.10","REPINTURA ESTRUTURA 2",null,"un",{"$f":"+Composições!C4980","v":38.03},{"$f":"+Composições!C4982","v":143.93},181.96,48.760000000000019,184.53,{"$f":"+Composições!F4988","v":233.29000000000002},0]
[{"$f":"CONCATENATE(\"SMAMUS \",Composições!A4991)","v":"SMAMUS 3610"},"15.11","REPINTURA ESTRUTURA 3",null,"un",{"$f":"+Composições!C4996","v":30.87},{"$f":"+Composições!C4998","v":116.83},147.69999999999999,39.579999999999984,149.78,{"$f":"+Composições!F5004","v":189.35999999999999},0]
[{"$f":"CONCATENATE(\"SMAMUS \",Composições!A5007)","v":"SMAMUS 3615"},"15.12","REPINTURA ESTRUTURA 4 - GAIOLA",null,"un",{"$f":"+Composições!C5012","v":98.24},{"$f":"+Composições!C5014","v":371.61},469.85,125.94999999999999,476.44,{"$f":"+Composições!F5020","v":602.39},0]
[{"$f":"CONCATENATE(\"SMAMUS \",Composições!A5023)","v":"SMAMUS 3620"},"15.13","REPINTURA ESTRUTURA 5 - ARCO",null,"un",{"$f":"+Composições!C5028","v":49.09},{"$f":"+Composições!C5030","v":186.21},235.3,62.940000000000026,238.73,{"$f":"+Composições!F5036","v":301.67},0]
[{"$f":"CONCATENATE(\"SMAMUS \",Composições!A5039)","v":"SMAMUS 3625"},"15.14","REPINTURA ESTRUTURA 6 - TÚNEL DE FERRO",null,"un",{"$f":"+Composições!C5044","v":177.41},{"$f":"+Composições!C5046","v":671.1},848.51,227.45999999999992,860.41,{"$f":"+Composições!F5052","v":1087.8699999999999},0]
[{"$f":"CONCATENATE(\"SMAMUS \",Composições!A5055)","v":"SMAMUS 3630"},"15.15","REPINTURA ESTRUTURA 7 - \"Y\"",null,"un",{"$f":"+Composições!C5060","v":22.57},{"$f":"+Composições!C5062","v":85.47},108.03999999999999,28.929999999999993,109.58,{"$f":"+Composições!F5068","v":138.51},0]
[{"$f":"CONCATENATE(\"SMAMUS \",Composições!A5071)","v":"SMAMUS 3635"},"15.16","REPINTURA ESTRUTURA 8 - AVIÃO",null,"un",{"$f":"+Composições!C5076","v":137.41},{"$f":"+Composições!C5078","v":519.71},657.12,176.16999999999996,666.32,{"$f":"+Composições!F5084","v":842.49},0]
[{"$f":"CONCATENATE(\"SMAMUS \",Composições!A5087)","v":"SMAMUS 3640"},"15.17","REPINTURA ESTRUTURA 9",null,"un",{"$f":"+Composições!C5092","v":36.56},{"$f":"+Composições!C5094","v":138.33000000000001},174.89000000000001,46.870000000000033,177.35,{"$f":"+Composições!F5100","v":224.22000000000003},0]
[{"$f":"CONCATENATE(\"SMAMUS \",Composições!A5103)","v":"SMAMUS 3650"},"15.18","REPINTURA GANGORRA DUPLA",null,"un",{"$f":"+Composições!C5111","v":47.1},{"$f":"+Composições!C5113","v":78.77},125.87,60.38000000000001,100.99,{"$f":"+Composições!F5119","v":161.37},0]
[{"$f":"CONCATENATE(\"SMAMUS \",Composições!A5122)","v":"SMAMUS 3655"},"15.19","REPINTURA GANGORRA TRIPLA",null,"un",{"$f":"+Composições!C5130","v":69.95},{"$f":"+Composições!C5132","v":115.5},185.45,89.679999999999978,148.08000000000001,{"$f":"+Composições!F5138","v":237.76},0]
[{"$f":"CONCATENATE(\"SMAMUS \",Composições!A5141)","v":"SMAMUS 3660"},"15.20","REPINTURA BARRA-BALANÇO",null,"un",{"$f":"+Composições!C5149","v":88.919999999999987},{"$f":"+Composições!C5151","v":240.1},329.02,114,307.83,{"$f":"+Composições!F5157","v":421.83},0]
[{"$f":"CONCATENATE(\"SMAMUS \",Composições!A5160)","v":"SMAMUS 3665"},"15.21","REPINTURA BALANÇO MISTO",null,"un",{"$f":"+Composições!C5168","v":79.7},{"$f":"+Composições!C5170","v":243.08},322.78000000000003,102.18000000000006,311.64999999999998,{"$f":"+Composições!F5176","v":413.83000000000004},0]
[{"$f":"CONCATENATE(\"SMAMUS \",Composições!A5179)","v":"SMAMUS 3670"},"15.22","REPINTURA BALANÇO JUVENIL",null,"un",{"$f":"+Composições!C5187","v":65.569999999999993},{"$f":"+Composições!C5189","v":222.96},288.52999999999997,84.069999999999936,285.85000000000002,{"$f":"+Composições!F5195","v":369.91999999999996},0]
[{"$f":"CONCATENATE(\"SMAMUS \",Composições!A5198)","v":"SMAMUS 3675"},"15.23","REPINTURA BALANÇO INFANTIL",null,"un",{"$f":"+Composições!C5206","v":93.850000000000009},{"$f":"+Composições!C5208","v":263.02999999999997},356.88,120.32,337.23,{"$f":"+Composições!F5214","v":457.55},0]
[{"$f":"CONCATENATE(\"SMAMUS \",Composições!A5217)","v":"SMAMUS 3680"},"15.24","REPINTURA ESCORREGADOR",null,"un",{"$f":"+Composições!C5224","v":80.83},{"$f":"+Composições!C5226","v":115.42},196.25,103.64000000000001,147.97,{"$f":"+Composições!F5232","v":251.61},0]
[null,"TOTAL DE REPINTURAS",{"$nulls":9},{"$f":"SUM(L259:L282)","v":0}]
[null,16,"INSTALAÇÃO DE EQUIPAMENTOS"]
[{"$f":"CONCATENATE(\"SMAMUS \",Composições!A5235)","v":"SMAMUS 3715"},"16.1","INSTALAÇÃO TELA h=5,50 m EM ESTRUTURA TUBULAR EXISTENTE DE QUADRA ESPORTIVA",null,"m",{"$f":"+Composições!C5243","v":212.85999999999999},{"$f":"+Composições!C5246","v":199.64},{"$f":"+F285+G285","v":412.5},{"$f":"+K285-J285","v":272.91000000000003},{"$f":"+TRUNC((G285*(1+$L$12)),2)","v":255.95},{"$f":"+Composições!F5252","v":528.86},{"$f":"TRUNC((D285*K285),2)","v":0}]
[{"$f":"CONCATENATE(\"SMAMUS \",Composições!A5255)","v":"SMAMUS 3717"},"16.2","INSTALAÇÃO TELA h=3,00 m EM ESTRUTURA TUBULAR EXISTENTE DE QUADRA ESPORTIVA",null,"m",{"$f":"+Composições!C5263","v":118.88},{"$f":"+Composições!C5266","v":108.89},227.76999999999998,152.41999999999999,139.6,{"$f":"+Composições!F5272","v":292.02},0]
[{"$f":"CONCATENATE(\"SMAMUS \",Composições!A5275)","v":"SMAMUS 3720"},"16.3","INSTALAÇÃO BANCO C/ ENCOSTO",null,"un",{"$f":"+Composições!C5282","v":74.28},{"$f":"+Composições!C5285","v":67.16},141.44,95.240000000000009,86.1,{"$f":"+Composições!F5291","v":181.34},0]
[{"$f":"CONCATENATE(\"SMAMUS \",Composições!A5294)","v":"SMAMUS 3723"},"16.4","INSTALAÇÃO BANCO S/ ENCOSTO",null,"un",{"$f":"+Composições!C5301","v":37.130000000000003},{"$f":"+Composições!C5304","v":40.35},77.48,47.600000000000016,51.73,{"$f":"+Composições!F5310","v":99.330000000000013},0]
[{"$f":"CONCATENATE(\"SMAMUS \",Composições!A5313)","v":"SMAMUS 3730"},"16.5","INSTALAÇÃO PARACICLO",null,"un",{"$f":"+Composições!C5320","v":18.540000000000003},{"$f":"+Composições!C5323","v":22.71},41.25,23.770000000000003,29.11,{"$f":"+Composições!F5329","v":52.88},0]
[{"$f":"CONCATENATE(\"SMAMUS \",Composições!A5332)","v":"SMAMUS 3785"},"16.6","INSTALAÇÃO MESA DE DAMAS",null,"un",{"$f":"+Composições!C5339","v":103.2},{"$f":"+Composições!C5342","v":88.009999999999991},191.20999999999998,132.32,112.83,{"$f":"+Composições!F5348","v":245.14999999999998},0]
[{"$f":"CONCATENATE(\"SMAMUS \",Composições!A5351)","v":"SMAMUS 3845"},"16.7","INSTALAÇÃO ESTRUTURA 9",null,"un",{"$f":"+Composições!C5356","v":95.22},{"$f":"+Composições!C5359","v":57.37},152.59,122.08,73.55,{"$f":"+Composições!F5365","v":195.63},0]
[{"$f":"CONCATENATE(\"SMAMUS \",Composições!A5368)","v":"SMAMUS 3850"},"16.8","INSTALAÇÃO GANGORRA",null,"un",{"$f":"+Composições!C5373","v":38.08},{"$f":"+Composições!C5376","v":29.369999999999997},67.449999999999989,48.819999999999986,37.65,{"$f":"+Composições!F5382","v":86.469999999999985},0]
[{"$f":"CONCATENATE(\"SMAMUS \",Composições!A5385)","v":"SMAMUS 3860"},"16.9","INSTALAÇÃO BARRA-BALANÇO",null,"un",{"$f":"+Composições!C5390","v":270.89999999999998},{"$f":"+Composições!C5393","v":144.81},415.71,347.32000000000005,185.66,{"$f":"+Composições!F5399","v":532.98},0]
[{"$f":"CONCATENATE(\"SMAMUS \",Composições!A5402)","v":"SMAMUS 3870"},"16.10","INSTALAÇÃO BALANÇO",null,"un",{"$f":"+Composições!C5407","v":203.17000000000002},{"$f":"+Composições!C5410","v":116.64999999999999},319.82,260.48999999999995,149.55000000000001,{"$f":"+Composições!F5416","v":410.03999999999996},0]
[{"$f":"CONCATENATE(\"SMAMUS \",Composições!A5419)","v":"SMAMUS 3880"},"16.11","INSTALAÇÃO ESCORREGADOR",null,"un",{"$f":"+Composições!C5424","v":186.23},{"$f":"+Composições!C5427","v":109.61},295.83999999999997,238.75999999999996,140.53,{"$f":"+Composições!F5433","v":379.28999999999996},{"$f":"TRUNC((D295*K295),2)","v":0}]
[null,"TOTAL DE INSTALAÇÃO DE EQUIPAMENTOS",{"$nulls":9},{"$f":"SUM(L285:L295)","v":0}]
[null,17,"PLANTIO"]
[{"$f":"CONCATENATE(\"SMAMUS \",Composições!A5436)","v":"SMAMUS 4105"},"17.1","GRAMA CATARINA",null,"m²",{"$f":"+Composições!C5439","v":34.79},{"$f":"+Composições!C5442","v":3.3000000000000003},{"$f":"+F298+G298","v":38.089999999999996},{"$f":"+K298-J298","v":44.599999999999994},{"$f":"+TRUNC((G298*(1+$L$12)),2)","v":4.2300000000000004},{"$f":"+Composições!F5448","v":48.83},{"$f":"TRUNC((D298*K298),2)","v":0}]
[{"$f":"CONCATENATE(\"SMAMUS \",Composições!A5451)","v":"SMAMUS 4110"},"17.2","GRAMA DE CAMPO",null,"m²",{"$f":"+Composições!C5454","v":17.53},{"$f":"+Composições!C5457","v":3.3000000000000003},{"$f":"+F299+G299","v":20.830000000000002},{"$f":"+K299-J299","v":22.470000000000002},{"$f":"+TRUNC((G299*(1+$L$12)),2)","v":4.2300000000000004},{"$f":"+Composições!F5463","v":26.700000000000003},{"$f":"TRUNC((D299*K299),2)","v":0}]
[{"$f":"CONCATENATE(\"SMAMUS \",Composições!A5466)","v":"SMAMUS 4120"},"17.3","MUDA DE ÁRVORE - PLANTIO SEM A MUDA",null,"un",{"$f":"+Composições!C5472","v":84.67},{"$f":"+Composições!C5475","v":37.479999999999997},{"$f":"+F300+G300","v":122.15},{"$f":"+K300-J300","v":108.55000000000003},{"$f":"+TRUNC((G300*(1+$L$12)),2)","v":48.05},{"$f":"+Composições!F5481","v":156.60000000000002},{"$f":"TRUNC((D300*K300),2)","v":0}]
[null,"TOTAL DE PLANTIO",{"$nulls":9},{"$f":"SUM(L298:L300)","v":0}]
[null,"TOTAL ORÇAMENTO",{"$nulls":9},{"$f":"SUM(L18:L301)/2","v":136885.77999999997}]

{"sheet":"Composições","index":1,"n_rows":5481,"n_cols":6,"rows_kept":5481,"cut":false,"hidden":false,"merged":[[1507,0,1507,1],[1501,3,1501,5],[1308,3,1308,5],[954,3,954,5],[963,0,963,1],[901,2,901,5],[768,2,768,5],[761,3,761,5],[825,0,825,1],[877,2,877,5],[790,0,790,1],[879,2,879,5],[866,0,866,1],[863,2,863,5],[768,0,768,1],[733,0,733,1],[1492,0,1492,1],[1062,2,1062,5],[934,0,934,1],[866,2,866,5],[921,3,921,5],[1329,0,1329,1],[1476,2,1476,5],[1394,2,1394,5],[1405,3,1405,5],[844,2,844,5],[1178,0,1178,1],[1449,2,1449,5],[879,0,879,1],[943,3,943,5],[923,2,923,5],[877,0,877,1],[1510,0,1510,1],[1762,2,1762,5],[695,0,695,1],[780,3,780,5],[771,2,771,5],[1231,0,1231,1],[1449,0,1449,1],[730,2,730,5],[912,2,912,5],[771,0,771,1],[828,0,828,1],[1652,2,1652,5],[1661,3,1661,5],[1551,2,1551,5],[733,2,733,5],[996,0,996,1],[996,2,996,5],[1016,3,1016,5],[1018,0,1018,1],[1489,2,1489,5],[847,2,847,5],[856,3,856,5],[899,3,899,5],[945,0,945,1],[790,2,790,5],[901,0,901,1],[1093,2,1093,5],[1018,2,1018,5],[1029,2,1029,5],[1027,3,1027,5],[932,3,932,5],[912,0,912,1],[1528,2,1528,5],[1444,3,1444,5],[1762,0,1762,1],[1847,2,1847,5],[1860,0,1860,1],[1782,0,1782,1],[1706,2,1706,5],[1743,0,1743,1],[1652,0,1652,1],[1686,2,1686,5],[1703,0,1703,1],[1703,2,1703,5],[1796,2,1796,5],[1796,0,1796,1],[1799,0,1799,1],[1686,0,1686,1],[1723,0,1723,1],[1608,2,1608,5],[1815,2,1815,5],[1458,3,1458,5],[1812,2,1812,5],[1525,2,1525,5],[1485,3,1485,5],[1556,2,1556,5],[1537,3,1537,5],[1519,3,1519,5],[1525,0,1525,1],[1551,0,1551,1],[1556,0,1556,1],[1799,2,1799,5],[1831,2,1831,5],[1831,0,1831,1],[1695,3,1695,5],[1743,2,1743,5],[1678,0,1678,1],[1779,2,1779,5],[1779,0,1779,1],[1791,3,1791,5],[1706,0,1706,1],[1735,3,1735,5],[1715,3,1715,5],[1755,3,1755,5],[1746,0,1746,1],[1678,2,1678,5],[1812,0,1812,1],[1892,2,1892,5],[1863,2,1863,5],[1863,0,1863,1],[1726,2,1726,5],[1860,2,1860,5],[1782,2,1782,5],[1879,0,1879,1],[1828,2,1828,5],[2034,0,2034,1],[1962,0,1962,1],[2021,2,2021,5],[1945,0,1945,1],[1945,2,1945,5],[1959,0,1959,1],[4087,2,4087,5],[4044,0,4044,1],[4124,0,4124,1],[3829,0,3829,1],[3778,0,3778,1],[4016,0,4016,1],[2167,2,2167,5],[2104,2,2104,5],[2046,3,2046,5],[2049,0,2049,1],[2049,2,2049,5],[1876,0,1876,1],[1908,0,1908,1],[1908,2,1908,5],[3763,2,3763,5],[2867,0,2867,1],[3772,3,3772,5],[3740,2,3740,5],[3717,3,3717,5],[3708,2,3708,5],[3189,2,3189,5],[3977,3,3977,5],[4224,3,4224,5],[4133,3,4133,5],[4179,3,4179,5],[4022,2,4022,5],[3603,3,3603,5],[4207,0,4207,1],[4079,0,4079,1],[3265,2,3265,5],[1844,0,1844,1],[1895,0,1895,1],[1929,2,1929,5],[2052,2,2052,5],[3053,0,3053,1],[3327,3,3327,5],[2944,0,2944,1],[3117,0,3117,1],[1904,3,1904,5],[1879,2,1879,5],[1911,2,1911,5],[2448,2,2448,5],[4050,0,4050,1],[3935,0,3935,1],[3835,2,3835,5],[3996,0,3996,1],[3941,0,3941,1],[3888,0,3888,1],[2709,0,2709,1],[1942,2,1942,5],[1847,0,1847,1],[1844,2,1844,5],[3763,0,3763,1],[3909,2,3909,5],[3888,2,3888,5],[3856,2,3856,5],[3442,0,3442,1],[3156,2,3156,5],[3008,3,3008,5],[3990,2,3990,5],[3756,3,3756,5],[3775,2,3775,5],[3224,0,3224,1],[3747,2,3747,5],[2788,2,2788,5],[2968,2,2968,5],[2803,2,2803,5],[3347,3,3347,5],[2892,0,2892,1],[2892,2,2892,5],[3081,2,3081,5],[3915,0,3915,1],[3760,0,3760,1],[3806,2,3806,5],[3862,2,3862,5],[3491,0,3491,1],[3537,2,3537,5],[3546,0,3546,1],[3546,2,3546,5],[3813,0,3813,5],[3705,2,3705,5],[3915,2,3915,5],[3694,3,3694,5],[3183,2,3183,5],[1615,0,1615,1],[1528,0,1528,1],[1954,3,1954,5],[1984,0,1984,1],[1969,0,1969,5],[2037,0,2037,1],[1971,3,1971,5],[3335,2,3335,5],[2831,3,2831,5],[2999,2,2999,5],[1723,2,1723,5],[1726,0,1726,1],[1746,2,1746,5],[1888,3,1888,5],[1926,0,1926,1],[1926,2,1926,5],[1929,0,1929,1],[2014,2,2014,5],[2000,3,2000,5],[2064,0,2064,1],[2141,0,2141,1],[2962,2,2962,5],[3062,3,3062,5],[2525,3,2525,5],[2516,2,2516,5],[2513,2,2513,5],[2397,0,2397,1],[2822,2,2822,5],[2999,0,2999,1],[2899,0,2899,1],[2800,0,2800,1],[1840,3,1840,5],[4215,0,4215,1],[4170,2,4170,5],[2812,3,2812,5],[2876,3,2876,5],[2936,0,2936,1],[3856,0,3856,1],[3882,2,3882,5],[3941,2,3941,5],[3871,3,3871,5],[2173,0,2173,1],[3374,2,3374,5],[3924,3,3924,5],[3835,0,3835,1],[2732,0,2732,1],[2738,0,2738,1],[2738,2,2738,5],[2819,2,2819,5],[2859,2,2859,5],[3150,0,3150,1],[3381,2,3381,5],[2660,3,2660,5],[2773,0,2773,1],[2709,2,2709,5],[3259,2,3259,5],[3233,3,3233,5],[3132,3,3132,5],[3123,2,3123,5],[2387,2,2387,5],[2318,3,2318,5],[2342,0,2342,1],[3968,0,3968,1],[3897,3,3897,5],[3675,2,3675,5],[3509,3,3509,5],[3537,0,3537,1],[3555,3,3555,5],[3585,0,3585,1],[3585,2,3585,5],[3747,0,3747,1],[3760,2,3760,5],[3594,0,3594,1],[3594,2,3594,5],[3500,0,3500,1],[3500,2,3500,5],[3401,2,3401,5],[3338,2,3338,5],[3491,2,3491,5],[3401,0,3401,1],[2559,2,2559,5],[2651,2,2651,5],[3740,0,3740,1],[3705,0,3705,1],[3374,0,3374,1],[3451,0,3451,1],[2977,3,2977,5],[3046,0,3046,1],[2993,2,2993,5],[3451,2,3451,5],[3312,2,3312,5],[3633,2,3633,5],[3708,0,3708,1],[3298,3,3298,5],[3398,2,3398,5],[3390,3,3390,5],[2589,0,2589,1],[2604,3,2604,5],[2516,0,2516,1],[2490,2,2490,5],[2231,2,2231,5],[2237,0,2237,1],[2499,0,2499,1],[2568,0,2568,1],[2404,0,2404,5],[2508,3,2508,5],[2439,0,2439,1],[2457,3,2457,5],[2559,0,2559,1],[2439,2,2439,5],[2651,0,2651,1],[2061,3,2061,5],[2387,0,2387,1],[2358,3,2358,5],[2173,2,2173,5],[2595,2,2595,5],[2246,3,2246,5],[2148,0,2148,5],[2617,0,2617,1],[2205,0,2205,1],[2205,2,2205,5],[2632,3,2632,5],[2623,2,2623,5],[2577,3,2577,5],[590,3,590,5],[581,2,581,5],[571,3,571,5],[711,0,711,1],[711,2,711,5],[559,0,559,1],[635,0,635,1],[107,2,107,5],[29,0,29,1],[369,0,369,1],[372,0,372,1],[654,2,654,5],[300,2,300,5],[335,0,335,1],[533,3,533,5],[524,2,524,5],[276,2,276,5],[96,2,96,5],[93,2,93,5],[692,2,692,5],[673,0,673,1],[495,3,495,5],[252,3,252,5],[182,3,182,5],[695,2,695,5],[50,2,50,5],[47,2,47,5],[221,2,221,5],[186,2,186,5],[319,2,319,5],[4,2,4,4],[5,2,5,4],[11,3,11,5],[14,0,14,1],[14,2,14,5],[521,0,521,1],[448,2,448,5],[875,3,875,5],[457,3,457,5],[464,0,464,1],[445,0,445,1],[521,2,521,5],[676,0,676,1],[647,3,647,5],[638,2,638,5],[666,3,666,5],[657,2,657,5],[400,3,400,5],[353,0,353,1],[362,3,362,5],[372,2,372,5],[338,2,338,5],[388,2,388,5],[742,3,742,5],[828,2,828,5],[723,3,723,5],[609,3,609,5],[562,2,562,5],[638,0,638,1],[844,0,844,1],[616,0,616,1],[50,0,50,1],[730,0,730,1],[240,2,240,5],[280,0,280,1],[289,3,289,5],[353,2,353,5],[524,0,524,1],[483,0,483,1],[79,0,79,1],[410,0,410,1],[426,0,426,1],[863,0,863,1],[809,0,809,1],[657,0,657,1],[888,3,888,5],[890,0,890,1],[890,2,890,5],[847,0,847,1],[562,0,562,1],[619,0,619,1],[600,0,600,1],[540,0,540,1],[749,0,749,1],[486,2,486,5],[673,2,673,5],[809,2,809,5],[818,3,818,5],[635,2,635,5],[799,3,799,5],[806,2,806,5],[543,0,543,1],[202,2,202,5],[205,2,205,5],[923,0,923,1],[224,2,224,5],[335,2,335,5],[381,3,381,5],[391,0,391,1],[350,0,350,1],[170,2,170,5],[173,2,173,5],[261,0,261,1],[214,3,214,5],[240,0,240,1],[445,2,445,5],[476,3,476,5],[467,2,467,5],[578,2,578,5],[787,0,787,1],[1062,0,1062,1],[837,3,837,5],[578,0,578,1],[752,0,752,1],[676,2,676,5],[597,2,597,5],[825,2,825,5],[502,0,502,1],[704,3,704,5],[654,0,654,1],[407,2,407,5],[426,2,426,5],[514,3,514,5],[628,3,628,5],[619,2,619,5],[616,2,616,5],[1093,0,1093,1],[968,0,968,1],[1007,2,1007,5],[1143,2,1143,5],[1007,0,1007,1],[1005,3,1005,5],[981,2,981,5],[984,0,984,1],[984,2,984,5],[1038,3,1038,5],[945,2,945,5],[3,9,3,11],[597,0,597,1],[581,0,581,1],[502,2,502,5],[270,3,270,5],[328,3,328,5],[410,2,410,5],[540,2,540,5],[552,3,552,5],[8,2,8,4],[3,0,3,5],[32,0,32,1],[47,0,47,1],[93,0,93,1],[96,0,96,1],[261,2,261,5],[280,2,280,5],[41,3,41,5],[132,0,132,1],[151,0,151,1],[685,3,685,5],[350,2,350,5],[347,3,347,5],[170,0,170,1],[163,3,163,5],[107,0,107,1],[221,0,221,1],[71,3,71,5],[79,2,79,5],[505,0,505,1],[448,0,448,1],[407,0,407,1],[486,0,486,1],[505,2,505,5],[202,0,202,1],[369,2,369,5],[76,2,76,5],[243,2,243,5],[88,3,88,5],[105,3,105,5],[184,2,184,5],[110,2,110,5],[154,0,154,1],[173,0,173,1],[388,0,388,1],[195,3,195,5],[316,2,316,5],[0,0,0,5],[316,0,316,1],[319,0,319,1],[29,2,29,5],[129,2,129,5],[119,3,119,5],[59,3,59,5],[2,0,2,5],[23,3,23,5],[151,2,151,5],[141,3,141,5],[132,2,132,5],[6,2,6,4],[7,2,7,4],[32,2,32,5],[62,0,62,1],[129,0,129,1],[76,0,76,1],[110,0,110,1],[224,0,224,1],[186,0,186,1],[276,0,276,1],[154,2,154,5],[233,3,233,5],[184,0,184,1],[300,0,300,1],[313,3,313,5],[304,0,304,1],[243,0,243,1],[258,2,258,5],[258,0,258,1],[205,0,205,1],[600,2,600,5],[483,2,483,5],[338,0,338,1],[391,2,391,5],[467,0,467,1],[543,2,543,5],[559,2,559,5],[429,0,429,1],[429,2,429,5],[438,3,438,5],[419,3,419,5],[4669,0,4669,1],[4559,3,4559,5],[4424,3,4424,5],[3829,2,3829,5],[4371,3,4371,5],[4356,2,4356,5],[4079,2,4079,5],[3990,0,3990,1],[4016,2,4016,5],[1096,0,1096,1],[1326,0,1326,1],[1311,0,1311,1],[1314,2,1314,5],[1323,3,1323,5],[1326,2,1326,5],[1190,2,1190,5],[1148,0,1148,1],[1143,0,1143,1],[1959,2,1959,5],[1856,3,1856,5],[4650,0,4650,1],[1148,2,1148,5],[2237,2,2237,5],[2490,0,2490,1],[5319,2,5319,5],[5367,3,5367,5],[5384,3,5384,5],[4895,2,4895,5],[5061,0,5061,1],[5086,3,5086,5],[5077,0,5077,1],[5341,0,5341,1],[5091,0,5091,1],[5303,0,5303,1],[4912,0,4912,1],[4904,3,4904,5],[4895,0,4895,1],[5029,2,5029,5],[5006,3,5006,5],[5043,0,5043,1],[5043,2,5043,5],[5027,2,5027,5],[5169,0,5169,1],[5205,2,5205,5],[1299,0,1299,1],[3289,2,3289,5],[3218,2,3218,5],[2064,2,2064,5],[2067,0,2067,1],[5045,2,5045,5],[2037,2,2037,5],[2231,0,2231,1],[2406,3,2406,5],[5474,0,5474,1],[5281,0,5281,1],[5284,0,5284,1],[5438,0,5438,1],[5441,0,5441,1],[5423,0,5423,1],[5453,0,5453,1],[5456,0,5456,1],[5471,0,5471,1],[5433,0,5433,5],[5358,0,5358,1],[5358,2,5358,5],[5406,2,5406,5],[5409,0,5409,1],[5465,3,5465,5],[5372,2,5372,5],[5293,3,5293,5],[5426,2,5426,5],[5341,2,5341,5],[5319,0,5319,1],[5474,2,5474,5],[5471,2,5471,5],[5438,2,5438,5],[5441,2,5441,5],[5355,2,5355,5],[5338,2,5338,5],[5312,3,5312,5],[5331,3,5331,5],[5389,2,5389,5],[5409,2,5409,5],[5355,0,5355,1],[5435,3,5435,5],[5045,0,5045,1],[5188,2,5188,5],[5186,2,5186,5],[5456,2,5456,5],[5131,0,5131,1],[5131,2,5131,5],[5093,0,5093,1],[5232,0,5232,5],[5188,0,5188,1],[5091,2,5091,5],[5077,2,5077,5],[5254,3,5254,5],[5207,2,5207,5],[5225,2,5225,5],[5110,0,5110,1],[5112,0,5112,1],[5450,3,5450,5],[5453,2,5453,5],[5300,0,5300,1],[5418,3,5418,5],[5322,2,5322,5],[5392,0,5392,1],[5186,0,5186,1],[5216,3,5216,5],[5350,3,5350,5],[5375,2,5375,5],[5338,0,5338,1],[5423,2,5423,5],[5426,0,5426,1],[5372,0,5372,1],[5375,0,5375,1],[5389,0,5389,1],[5401,3,5401,5],[5406,0,5406,1],[5322,0,5322,1],[5392,2,5392,5],[5075,2,5075,5],[5245,2,5245,5],[5303,2,5303,5],[5265,0,5265,1],[5223,0,5223,1],[5223,2,5223,5],[5225,0,5225,1],[5207,0,5207,1],[5150,0,5150,1],[5205,0,5205,1],[5150,2,5150,5],[5274,3,5274,5],[5262,2,5262,5],[5112,2,5112,5],[5075,0,5075,1],[5129,2,5129,5],[5054,3,5054,5],[5262,0,5262,1],[5148,0,5148,1],[5265,2,5265,5],[5234,3,5234,5],[5242,0,5242,1],[5148,2,5148,5],[5102,3,5102,5],[5300,2,5300,5],[5159,3,5159,5],[5059,2,5059,5],[5061,2,5061,5],[5059,0,5059,1],[5242,2,5242,5],[5245,0,5245,1],[5140,3,5140,5],[5284,2,5284,5],[5281,2,5281,5],[5121,3,5121,5],[5129,0,5129,1],[5110,2,5110,5],[5070,3,5070,5],[5167,2,5167,5],[5197,3,5197,5],[5093,2,5093,5],[5167,0,5167,1],[5013,0,5013,1],[4893,0,4893,1],[4995,0,4995,1],[5027,0,5027,1],[4974,3,4974,5],[5011,0,5011,1],[4949,2,4949,5],[5011,2,5011,5],[4823,0,4823,1],[4876,2,4876,5],[4893,2,4893,5],[4825,0,4825,1],[4842,0,4842,1],[4842,2,4842,5],[4844,0,4844,1],[5022,3,5022,5],[4997,2,4997,5],[4981,0,4981,1],[4912,2,4912,5],[4979,0,4979,1],[4825,2,4825,5],[4981,2,4981,5],[4876,0,4876,1],[4874,2,4874,5],[4947,2,4947,5],[5029,0,5029,1],[5169,2,5169,5],[5178,3,5178,5],[4995,2,4995,5],[4963,2,4963,5],[4949,0,4949,1],[4963,0,4963,1],[4990,3,4990,5],[4947,0,4947,1],[4885,3,4885,5],[5013,2,5013,5],[5038,3,5038,5],[4823,2,4823,5],[4858,0,4858,1],[4858,2,4858,5],[4860,0,4860,1],[4860,2,4860,5],[4958,3,4958,5],[4997,0,4997,1],[4874,0,4874,1],[4965,2,4965,5],[4844,2,4844,5],[4979,2,4979,5],[4965,0,4965,1],[4942,3,4942,5],[4914,2,4914,5],[4914,0,4914,1],[4923,3,4923,5],[4931,0,4931,1],[4931,2,4931,5],[4933,0,4933,1],[4933,2,4933,5],[4790,0,4790,1],[4734,0,4734,1],[4700,2,4700,5],[4813,0,4813,5],[4805,0,4805,1],[4805,2,4805,5],[4632,0,4632,1],[4544,2,4544,5],[4737,0,4737,1],[4772,2,4772,5],[4632,2,4632,5],[4734,2,4734,5],[4703,0,4703,1],[4715,2,4715,5],[4718,0,4718,1],[4715,0,4715,1],[4620,0,4620,1],[4635,0,4635,1],[4647,0,4647,1],[4703,2,4703,5],[4790,2,4790,5],[4718,2,4718,5],[4756,2,4756,5],[4753,2,4753,5],[4737,2,4737,5],[4756,0,4756,1],[4666,0,4666,1],[4753,0,4753,1],[4772,0,4772,1],[4802,0,4802,1],[4802,2,4802,5],[4775,0,4775,1],[4685,2,4685,5],[4775,2,4775,5],[4787,2,4787,5],[4523,2,4523,5],[4582,0,4582,1],[4576,0,4576,1],[4576,2,4576,5],[4582,2,4582,5],[4601,2,4601,5],[4617,0,4617,1],[4505,3,4505,5],[4496,2,4496,5],[4490,2,4490,5],[4669,2,4669,5],[4700,0,4700,1],[4688,2,4688,5],[4685,0,4685,1],[4544,0,4544,1],[4617,2,4617,5],[4666,2,4666,5],[4650,2,4650,5],[4550,2,4550,5],[4589,0,4589,5],[4601,0,4601,1],[4688,0,4688,1],[4787,0,4787,1],[4532,3,4532,5],[4550,0,4550,1],[4620,2,4620,5],[4647,2,4647,5],[4635,2,4635,5],[4517,2,4517,5],[4598,0,4598,1],[4356,0,4356,1],[4362,0,4362,1],[4436,0,4436,1],[4329,2,4329,5],[4346,3,4346,5],[4598,2,4598,5],[4409,0,4409,1],[4290,0,4290,1],[4307,3,4307,5],[4382,2,4382,5],[4382,0,4382,1],[4388,0,4388,1],[4362,2,4362,5],[4409,2,4409,5],[4415,2,4415,5],[4388,2,4388,5],[4344,0,4344,5],[4415,0,4415,1],[4329,0,4329,1],[4337,2,4337,5],[4337,0,4337,1],[4442,2,4442,5],[4436,2,4436,5],[4290,2,4290,5],[3775,0,3775,1],[3642,2,3642,5],[3284,2,3284,5],[3046,2,3046,5],[3053,2,3053,5],[2908,3,2908,5],[3081,0,3081,1],[3218,0,3218,1],[2617,2,2617,5],[4517,0,4517,1],[4523,0,4523,1],[4469,0,4469,1],[4451,3,4451,5],[4442,0,4442,1],[4463,0,4463,1],[4116,0,4116,1],[4005,3,4005,5],[4031,3,4031,5],[2785,2,2785,5],[2773,2,2773,5],[3882,0,3882,1],[3962,2,3962,5],[3962,0,3962,1],[3685,2,3685,5],[4162,0,4162,1],[4170,0,4170,1],[3460,3,3460,5],[3633,0,3633,1],[3642,0,3642,1],[3909,0,3909,1],[2747,3,2747,5],[3318,0,3318,1],[3335,0,3335,1],[3338,0,3338,1],[3651,3,3651,5],[3398,0,3398,1],[3274,3,3274,5],[4162,2,4162,5],[4496,0,4496,1],[4248,2,4248,5],[4298,0,4298,1],[4050,2,4050,5],[4059,3,4059,5],[4022,0,4022,1],[4256,0,4256,1],[4463,2,4463,5],[4478,3,4478,5],[4490,0,4490,1],[3778,2,3778,5],[3815,3,3815,5],[3806,0,3806,1],[4397,3,4397,5],[4298,2,4298,5],[4265,3,4265,5],[4256,2,4256,5],[4215,2,4215,5],[4207,2,4207,5],[4116,2,4116,5],[4044,2,4044,5],[3996,2,3996,5],[4096,3,4096,5],[4124,2,4124,5],[4087,0,4087,1],[4248,0,4248,1],[3935,2,3935,5],[4469,2,4469,5],[3968,2,3968,5],[3844,3,3844,5],[3950,3,3950,5],[3862,0,3862,1],[1911,0,1911,1],[1942,0,1942,1],[1815,0,1815,1],[1808,3,1808,5],[2199,2,2199,5],[2263,2,2263,5],[2645,0,2645,1],[2513,0,2513,1],[2767,2,2767,5],[3156,0,3156,1],[2589,2,2589,5],[2829,0,2829,5],[2822,0,2822,1],[2680,0,2680,1],[2703,0,2703,1],[2448,0,2448,1],[2680,2,2680,5],[2074,0,2074,5],[2104,0,2104,1],[2133,0,2133,1],[1895,2,1895,5],[1892,0,1892,1],[1828,0,1828,1],[2113,3,2113,5],[2096,0,2096,1],[2067,2,2067,5],[1991,2,1991,5],[1938,3,1938,5],[2645,2,2645,5],[2968,0,2968,1],[3183,0,3183,1],[1643,0,1643,1],[2899,2,2899,5],[2349,0,2349,1],[2349,2,2349,5],[1962,2,1962,5],[2133,2,2133,5],[2150,3,2150,5],[2052,0,2052,1],[1984,2,1984,5],[2030,3,2030,5],[2397,2,2397,5],[1224,3,1224,5],[1329,2,1329,5],[1231,2,1231,5],[1353,0,1353,1],[1365,0,1365,1],[2076,3,2076,5],[2141,2,2141,5],[2167,0,2167,1],[1771,3,1771,5],[1824,3,1824,5],[2302,0,2302,1],[2309,2,2309,5],[2199,0,2199,1],[2269,0,2269,1],[2269,2,2269,5],[2214,3,2214,5],[1920,3,1920,5],[2034,2,2034,5],[1275,2,1275,5],[1473,2,1473,5],[1251,3,1251,5]],"merged_total":1187,"flags":["merged_cut"]}
["PLANILHA COMPOSIÇÕES SMAMUS"]
[]
[{"$f":"IF('Atualizações Cotações'!$B$4=\"NÃO\",CONCATENATE(\"Data Base SINAPI: \",M.O.!$E$17,\" - Data das Cotações: \",Cotações!$N$3),CONCATENATE(\"Data Base SINAPI: \",M.O.!$E$17,\" - Data das Cotações: Janeiro/22 e \",Cotações!$N$3,\" (Atualizadas pelo INCC de \",'Atualizações Cotações'!A11:B11,\"/\",'Atualizações Cotações'!$C$11,\")\"))","v":"Data Base SINAPI: Janeiro/22 - Data das Cotações: Janeiro/22 e Abril/19 (Atualizadas pelo INCC de Janeiro/2022)"}]
[]
["OBJETO:",{"$f":"+PO!$B$10","v":"REVITALIZAÇÃO DA PRAÇA A.R.I. - CACHORRÓDROMO - ÁREA 135/02"},"Leis Sociais Horistas (SINAPI):",null,null,{"$f":"+M.O.!$D$7","v":0.82309999999999994}]
["DATA:",{"$f":"IF(PO!$B$11=\"\",\"\",PO!$B$11)","v":"2022-03-02"},"Leis Sociais Mensalistas (SINAPI):",null,null,{"$f":"+M.O.!$D$8","v":0.45979999999999999}]
["ART nº:",{"$f":"IF(PO!$B$12=\"\",\"\",PO!$B$12)","v":11751298},"BDI:",null,null,{"$f":"+M.O.!$F$7","v":"28,21%"}]
[null,null,"BDI diferenciado:",null,null,{"$f":"IF($F$7=\"28,21%\",19.35%,13.7%)","v":0.19350000000000001}]
[null,null,"BDI de projeto:",null,null,{"$f":"+PO!$L$14","v":0}]
[]
["CÓDIGO","DISCRIMINAÇÃO","UN","COEFIC.","UNITÁRIO","TOTAL"]
[98524,"LIMPEZA MANUAL DE VEGETAÇÃO EM TERRENO COM ENXADA","m²"]
[{"$f":"CONCATENATE(\"SINAPI C \",Insumos!$B$38)","v":"SINAPI C 88316"},"SERVENTE C/ ENCARGOS COMPLEMENTARES","h",7.1800000000000003E-2,{"$f":"+Insumos!$G$38","v":16.920000000000002},{"$f":"TRUNC(D13*E13,2)","v":1.21}]
["SINAPI C 88441","JARDINEIRO C/ENCARGOS COMPLEMENTARES","h",7.1800000000000003E-2,{"$f":"+Insumos!$G$27","v":16.97},{"$f":"TRUNC(D14*E14,2)","v":1.21}]
["SUB-TOTAL - MÃO-DE-OBRA:",null,{"$f":"SUM(F13:F14)","v":2.42}]
[]
[null,"CUSTO TOTAL:",null,null,null,{"$f":"C15","v":2.42}]
[]
[null,"BDI:","%",{"$f":"+$F$7","v":"28,21%"},null,{"$f":"TRUNC(F17*D19,2)","v":0.68}]
[]
[null,"PREÇO:",null,null,null,{"$f":"+F17+F19","v":3.1}]
[]
["CÓDIGO","DISCRIMINAÇÃO","UN","COEFIC.","UNITÁRIO","TOTAL"]
[20,"DEMOLIÇÃO DE CONCRETO ARMADO C/MARTELETE C/REMOÇÃO DE ENTULHO","m³"]
[{"$f":"CONCATENATE(\"SINAPI C \",'Composições Aux. SINAPI'!$A$63,)","v":"SINAPI C 5795"},"MARTELETE OU ROMPEDOR PNEUMÁTICO MANUAL, 28 KG, COM SILENCIADOR (chp)","chp",3.2467999999999999,{"$f":"+'Composições Aux. SINAPI'!$E$63:$F$63","v":25.6},{"$f":"TRUNC(D25*E25,2)","v":83.11}]
[{"$f":"CONCATENATE(\"SINAPI C \",'Composições Aux. SINAPI'!$A$64,)","v":"SINAPI C 5952"},"MARTELETE OU ROMPEDOR PNEUMÁTICO MANUAL, 28 KG, COM SILENCIADOR (chi)","chi",0.92020000000000002,{"$f":"+'Composições Aux. SINAPI'!$E$64:$F$64","v":23.43},{"$f":"TRUNC(D26*E26,2)","v":21.56}]
[{"$f":"CONCATENATE(\"SINAPI C \",'Composições Aux. SINAPI'!$A$31,)","v":"SINAPI C 5953"},"COMPRESSOR DE AR REBOCÁVEL, VAZÃO 189 PCM, MOTOR DIESEL, POTÊNCIA 63 CV (chp)","chp",3.2467999999999999,{"$f":"+'Composições Aux. SINAPI'!$E$31:$F$31","v":51.7},{"$f":"TRUNC(D27*E27,2)","v":167.85}]
[{"$f":"CONCATENATE(\"SINAPI C \",'Composições Aux. SINAPI'!$A$32,)","v":"SINAPI C 5954"},"COMPRESSOR DE AR REBOCÁVEL, VAZÃO 189 PCM, MOTOR DIESEL, POTÊNCIA 63 CV (chi)","chi",0.92020000000000002,{"$f":"+'Composições Aux. SINAPI'!$E$32:$F$32","v":4.3899999999999997},{"$f":"TRUNC(D28*E28,2)","v":4.03}]
[{"$f":"CONCATENATE(\"COTAÇÃO \",Insumos!$B$135)","v":"COTAÇÃO 114"},"CAÇAMBA 4,00 m³","un",0.32500000000000001,{"$f":"+Insumos!$G$135","v":493.97},{"$f":"TRUNC(D29*E29,2)","v":160.54}]
["SUB-TOTAL - MATERIAL / EQUIPAMENTOS:",null,{"$f":"SUM(F25:F29)","v":437.08999999999992}]
[{"$f":"CONCATENATE(\"SINAPI C \",Insumos!$B$35)","v":"SINAPI C 88309"},"PEDREIRO C/ENCARGOS COMPLEMENTARES","h",0.63660000000000005,{"$f":"+Insumos!$G$35","v":20.34},{"$f":"TRUNC(D31*E31,2)","v":12.94}]
[{"$f":"CONCATENATE(\"SINAPI C \",Insumos!$B$38)","v":"SINAPI C 88316"},"SERVENTE C/ ENCARGOS COMPLEMENTARES","h",6.5785,{"$f":"+Insumos!$G$38","v":16.920000000000002},{"$f":"TRUNC(D32*E32,2)","v":111.3}]
["SUB-TOTAL - MÃO-DE-OBRA:",null,{"$f":"SUM(F31:F32)","v":124.24}]
[]
[null,"CUSTO TOTAL:",null,null,null,{"$f":"+C30+C33","v":561.32999999999993}]
[]
[null,"BDI:","%",{"$f":"+$F$7","v":"28,21%"},null,{"$f":"TRUNC(F35*D37,2)","v":158.35}]
[]
[null,"PREÇO:",null,null,null,{"$f":"+F35+F37","v":719.68}]
[]
["CÓDIGO","DISCRIMINAÇÃO","UN","COEFIC.","UNITÁRIO","TOTAL"]
[21,"DEMOLIÇÃO PISO CONC. ARMADO C/MARTELETE ESP. = 8 cm C/REM. DE ENTULHO","m²"]
[{"$f":"CONCATENATE(\"SINAPI C \",'Composições Aux. SINAPI'!$A$63,)","v":"SINAPI C 5795"},"MARTELETE OU ROMPEDOR PNEUMÁTICO MANUAL, 28 KG, COM SILENCIADOR (chp)","chp",0.25969999999999999,{"$f":"+'Composições Aux. SINAPI'!$E$63:$F$63","v":25.6},{"$f":"TRUNC(D43*E43,2)","v":6.64}]
[{"$f":"CONCATENATE(\"SINAPI C \",'Composições Aux. SINAPI'!$A$64,)","v":"SINAPI C 5952"},"MARTELETE OU ROMPEDOR PNEUMÁTICO MANUAL, 28 KG, COM SILENCIADOR (chi)","chi",7.3599999999999999E-2,{"$f":"+'Composições Aux. SINAPI'!$E$64:$F$64","v":23.43},{"$f":"TRUNC(D44*E44,2)","v":1.72}]
[{"$f":"CONCATENATE(\"SINAPI C \",'Composições Aux. SINAPI'!$A$31,)","v":"SINAPI C 5953"},"COMPRESSOR DE AR REBOCÁVEL, VAZÃO 189 PCM, MOTOR DIESEL, POTÊNCIA 63 CV (chp)","chp",0.25969999999999999,{"$f":"+'Composições Aux. SINAPI'!$E$31:$F$31","v":51.7},{"$f":"TRUNC(D45*E45,2)","v":13.42}]
[{"$f":"CONCATENATE(\"SINAPI C \",'Composições Aux. SINAPI'!$A$32,)","v":"SINAPI C 5954"},"COMPRESSOR DE AR REBOCÁVEL, VAZÃO 189 PCM, MOTOR DIESEL, POTÊNCIA 63 CV (chi)","chi",7.3599999999999999E-2,{"$f":"+'Composições Aux. SINAPI'!$E$32:$F$32","v":4.3899999999999997},{"$f":"TRUNC(D46*E46,2)","v":0.32}]
[{"$f":"CONCATENATE(\"COTAÇÃO \",Insumos!$B$135)","v":"COTAÇÃO 114"},"CAÇAMBA 4,00 m³","un",2.5999999999999999E-2,{"$f":"+Insumos!$G$135","v":493.97},{"$f":"TRUNC(D47*E47,2)","v":12.84}]
["SUB-TOTAL - MATERIAL / EQUIPAMENTOS:",null,{"$f":"SUM(F43:F47)","v":34.94}]
[{"$f":"CONCATENATE(\"SINAPI C \",Insumos!$B$35)","v":"SINAPI C 88309"},"PEDREIRO C/ENCARGOS COMPLEMENTARES","h",5.0900000000000001E-2,{"$f":"+Insumos!$G$35","v":20.34},{"$f":"TRUNC(D49*E49,2)","v":1.03}]
[{"$f":"CONCATENATE(\"SINAPI C \",Insumos!$B$38)","v":"SINAPI C 88316"},"SERVENTE C/ ENCARGOS COMPLEMENTARES","h",0.52629999999999999,{"$f":"+Insumos!$G$38","v":16.920000000000002},{"$f":"TRUNC(D50*E50,2)","v":8.9}]
["SUB-TOTAL - MÃO-DE-OBRA:",null,{"$f":"SUM(F49:F50)","v":9.93}]
[]
[null,"CUSTO TOTAL:",null,null,null,{"$f":"+C48+C51","v":44.87}]
[]
[null,"BDI:","%",{"$f":"+$F$7","v":"28,21%"},null,{"$f":"TRUNC(F53*D55,2)","v":12.65}]
[]
[null,"PREÇO:",null,null,null,{"$f":"+F53+F55","v":57.519999999999996}]
[]
["CÓDIGO","DISCRIMINAÇÃO","UN","QUANT.","UNITÁRIO","TOTAL"]
[25,"REMOÇÃO DE PASSEIOS","m²"]
["SINAPI C 88260","CALCETEIRO C/ENCARGOS COMPLEMENTARES","h",0.32140000000000002,{"$f":"+Insumos!$G$20","v":17.98},{"$f":"TRUNC(D61*E61,2)","v":5.77}]
[{"$f":"CONCATENATE(\"SINAPI C \",Insumos!$B$38)","v":"SINAPI C 88316"},"SERVENTE C/ ENCARGOS COMPLEMENTARES","h",0.11070000000000001,{"$f":"+Insumos!$G$38","v":16.920000000000002},{"$f":"TRUNC(D62*E62,2)","v":1.87}]
["SUB-TOTAL - MÃO-DE-OBRA:",null,{"$f":"SUM(F61:F62)","v":7.64}]
[]
[null,"CUSTO TOTAL:",null,null,null,{"$f":"+C63","v":7.64}]
[]
[null,"BDI:","%",{"$f":"+$F$7","v":"28,21%"},null,{"$f":"TRUNC(F65*D67,2)","v":2.15}]
[]
[null,"PREÇO:",null,null,null,{"$f":"+F65+F67","v":9.7899999999999991}]
[]
["CÓDIGO","DISCRIMINAÇÃO","UN","COEFIC.","UNITÁRIO","TOTAL"]
[50,"DEMOLIÇÃO TELAMENTO H=5,50 m S/TUBOS E S/VIGA C/REMOÇÃO DE ENTULHO","m"]
[{"$f":"CONCATENATE(\"SINAPI I \",Insumos!$B$79)","v":"SINAPI I 10527"},"ANDAIME METÁLICO, TIPO TORRE, LARGURA DE 1 A 1,5 m E ALTURA DE 1 m LOCAÇÃO","mxmês",6.2399999999999997E-2,{"$f":"+Insumos!$G$79","v":25},{"$f":"TRUNC(D73*E73,2)","v":1.56}]
[{"$f":"CONCATENATE(\"SINAPI I \",Insumos!$B$322)","v":"SINAPI I 6189"},"TÁBUA MADEIRA NÃO APARELHADA CEDRINHO 2,5 x 30 cm","m",2.29E-2,{"$f":"+Insumos!$G$322","v":16.39},{"$f":"TRUNC(D74*E74,2)","v":0.37}]
[{"$f":"CONCATENATE(\"SINAPI C \",'Composições Aux. SINAPI'!$A$65)","v":"SINAPI C 97064"},"MONTAGEM E DESMONTAGEM DE ANDAIME TUBULAR TIPO \u0093TORRE\u0094","m",6.2399999999999997E-2,{"$f":"+'Composições Aux. SINAPI'!$E$65:$F$65","v":15.61},{"$f":"TRUNC(D75*E75,2)","v":0.97}]
[{"$f":"CONCATENATE(\"COTAÇÃO \",Insumos!$B$135)","v":"COTAÇÃO 114"},"CAÇAMBA 4,00 m³","un",5.0000000000000001E-3,{"$f":"+Insumos!$G$135","v":493.97},{"$f":"TRUNC(D76*E76,2)","v":2.46}]
["SUB-TOTAL - MATERIAL / EQUIPAMENTOS:",null,{"$f":"SUM(F73:F76)","v":5.36}]
[{"$f":"CONCATENATE(\"SINAPI C \",Insumos!$B$35)","v":"SINAPI C 88309"},"PEDREIRO C/ENCARGOS COMPLEMENTARES","h",0.32619999999999999,{"$f":"+Insumos!$G$35","v":20.34},{"$f":"TRUNC(D78*E78,2)","v":6.63}]
[{"$f":"CONCATENATE(\"SINAPI C \",Insumos!$B$38)","v":"SINAPI C 88316"},"SERVENTE C/ ENCARGOS COMPLEMENTARES","h",0.65439999999999998,{"$f":"+Insumos!$G$38","v":16.920000000000002},{"$f":"TRUNC(D79*E79,2)","v":11.07}]
["SUB-TOTAL - MÃO-DE-OBRA:",null,{"$f":"SUM(F78:F79)","v":17.7}]
[]
[null,"CUSTO TOTAL:",null,null,null,{"$f":"+C77+C80","v":23.06}]
[]
[null,"BDI:","%",{"$f":"+$F$7","v":"28,21%"},null,{"$f":"TRUNC(F82*D84,2)","v":6.5}]
[]
[null,"PREÇO:",null,null,null,{"$f":"+F82+F84","v":29.56}]
[]
["CÓDIGO","DISCRIMINAÇÃO","UN","COEFIC.","UNITÁRIO","TOTAL"]
[55,"DEMOLIÇÃO TELAMENTO H=3,00 m S/TUBOS E S/VIGA C/REMOÇÃO DE ENTULHO","m"]
[{"$f":"CONCATENATE(\"SINAPI I \",Insumos!$B$79)","v":"SINAPI I 10527"},"ANDAIME METÁLICO, TIPO TORRE, LARGURA DE 1 A 1,5 m E ALTURA DE 1 m LOCAÇÃO","mxmês",4.1599999999999998E-2,{"$f":"+Insumos!$G$79","v":25},{"$f":"TRUNC(D90*E90,2)","v":1.04}]
[{"$f":"CONCATENATE(\"SINAPI I \",Insumos!$B$322)","v":"SINAPI I 6189"},"TÁBUA MADEIRA NÃO APARELHADA CEDRINHO 2,5 x 30 cm","m",2.29E-2,{"$f":"+Insumos!$G$322","v":16.39},{"$f":"TRUNC(D91*E91,2)","v":0.37}]
[{"$f":"CONCATENATE(\"SINAPI C \",'Composições Aux. SINAPI'!$A$65)","v":"SINAPI C 97064"},"MONTAGEM E DESMONTAGEM DE ANDAIME TUBULAR TIPO \u0093TORRE\u0094","m",4.1599999999999998E-2,{"$f":"+'Composições Aux. SINAPI'!$E$65:$F$65","v":15.61},{"$f":"TRUNC(D92*E92,2)","v":0.64}]
[{"$f":"CONCATENATE(\"COTAÇÃO \",Insumos!$B$135)","v":"COTAÇÃO 114"},"CAÇAMBA 4,00 m³","un",2.7000000000000001E-3,{"$f":"+Insumos!$G$135","v":493.97},{"$f":"TRUNC(D93*E93,2)","v":1.33}]
["SUB-TOTAL - MATERIAL / EQUIPAMENTOS:",null,{"$f":"SUM(F90:F93)","v":3.3800000000000003}]
[{"$f":"CONCATENATE(\"SINAPI C \",Insumos!$B$35)","v":"SINAPI C 88309"},"PEDREIRO C/ENCARGOS COMPLEMENTARES","h",0.1779,{"$f":"+Insumos!$G$35","v":20.34},{"$f":"TRUNC(D95*E95,2)","v":3.61}]
[{"$f":"CONCATENATE(\"SINAPI C \",Insumos!$B$38)","v":"SINAPI C 88316"},"SERVENTE C/ ENCARGOS COMPLEMENTARES","h",0.35699999999999998,{"$f":"+Insumos!$G$38","v":16.920000000000002},{"$f":"TRUNC(D96*E96,2)","v":6.04}]
["SUB-TOTAL - MÃO-DE-OBRA:",null,{"$f":"SUM(F95:F96)","v":9.65}]
[]
[null,"CUSTO TOTAL:",null,null,null,{"$f":"+C94+C97","v":13.030000000000001}]
[]
[null,"BDI:","%",{"$f":"+$F$7","v":"28,21%"},null,{"$f":"TRUNC(F99*D101,2)","v":3.67}]
[]
[null,"PREÇO:",null,null,null,{"$f":"+F99+F101","v":16.700000000000003}]
[]
["CÓDIGO","DISCRIMINAÇÃO","UN","COEFIC.","UNITÁRIO","TOTAL"]
[57,"DEMOLIÇÃO TELAMENTO H=1,00 m C/REMOÇÃO DE ENTULHO","m"]
[{"$f":"CONCATENATE(\"COTAÇÃO \",Insumos!$B$135)","v":"COTAÇÃO 114"},"CAÇAMBA 4,00 m³","un",1.1000000000000001E-3,{"$f":"+Insumos!$G$135","v":493.97},{"$f":"TRUNC(D107*E107,2)","v":0.54}]
["SUB-TOTAL - MATERIAL / EQUIPAMENTOS:",null,{"$f":"SUM(F107)","v":0.54}]
[{"$f":"CONCATENATE(\"SINAPI C \",Insumos!$B$35)","v":"SINAPI C 88309"},"PEDREIRO C/ENCARGOS COMPLEMENTARES","h",5.9299999999999999E-2,{"$f":"+Insumos!$G$35","v":20.34},{"$f":"TRUNC(D109*E109,2)","v":1.2}]
[{"$f":"CONCATENATE(\"SINAPI C \",Insumos!$B$38)","v":"SINAPI C 88316"},"SERVENTE C/ ENCARGOS COMPLEMENTARES","h",0.1195,{"$f":"+Insumos!$G$38","v":16.920000000000002},{"$f":"TRUNC(D110*E110,2)","v":2.02}]
["SUB-TOTAL - MÃO-DE-OBRA:",null,{"$f":"SUM(F109:F110)","v":3.2199999999999998}]
[]
[null,"CUSTO TOTAL:",null,null,null,{"$f":"+C108+C111","v":3.76}]
[]
[null,"BDI:","%",{"$f":"+$F$7","v":"28,21%"},null,{"$f":"TRUNC(F113*D115,2)","v":1.06}]
[]
[null,"PREÇO:",null,null,null,{"$f":"+F113+F115","v":4.82}]
[]
["CÓDIGO","DISCRIMINAÇÃO","UN","COEFIC.","UNITÁRIO","TOTAL"]
[60,"DEMOLIÇÃO TUBOS TELAMENTO H=5,50 m C/REMOÇÃO DE ENTULHO","m"]
[{"$f":"CONCATENATE(\"SINAPI C \",'Composições Aux. SINAPI'!$A$63,)","v":"SINAPI C 5795"},"MARTELETE OU ROMPEDOR PNEUMÁTICO MANUAL, 28 KG, COM SILENCIADOR (chp)","chp",9.1999999999999998E-2,{"$f":"+'Composições Aux. SINAPI'!$E$63:$F$63","v":25.6},{"$f":"TRUNC(D121*E121,2)","v":2.35}]
[{"$f":"CONCATENATE(\"SINAPI C \",'Composições Aux. SINAPI'!$A$64,)","v":"SINAPI C 5952"},"MARTELETE OU ROMPEDOR PNEUMÁTICO MANUAL, 28 KG, COM SILENCIADOR (chi)","chi",2.6100000000000002E-2,{"$f":"+'Composições Aux. SINAPI'!$E$64:$F$64","v":23.43},0.61]
[{"$f":"CONCATENATE(\"SINAPI C \",'Composições Aux. SINAPI'!$A$31,)","v":"SINAPI C 5953"},"COMPRESSOR DE AR REBOCÁVEL, VAZÃO 189 PCM, MOTOR DIESEL, POTÊNCIA 63 CV (chp)","chp",6.2E-2,{"$f":"+'Composições Aux. SINAPI'!$E$31:$F$31","v":51.7},3.2]
[{"$f":"CONCATENATE(\"SINAPI C \",'Composições Aux. SINAPI'!$A$32,)","v":"SINAPI C 5954"},"COMPRESSOR DE AR REBOCÁVEL, VAZÃO 189 PCM, MOTOR DIESEL, POTÊNCIA 63 CV (chi)","chi",2.6100000000000002E-2,{"$f":"+'Composições Aux. SINAPI'!$E$32:$F$32","v":4.3899999999999997},0.11]
[{"$f":"CONCATENATE(\"COTAÇÃO \",Insumos!$B$135)","v":"COTAÇÃO 114"},"CAÇAMBA 4,00 m³","un",1.3299999999999999E-2,{"$f":"+Insumos!$G$135","v":493.97},6.56]
[{"$f":"CONCATENATE(\"SINAPI I \",Insumos!$B$79)","v":"SINAPI I 10527"},"ANDAIME METÁLICO, TIPO TORRE, LARGURA DE 1 A 1,5 m E ALTURA DE 1 m LOCAÇÃO","mxmês",6.2399999999999997E-2,{"$f":"+Insumos!$G$79","v":25},1.56]
[{"$f":"CONCATENATE(\"SINAPI I \",Insumos!$B$322)","v":"SINAPI I 6189"},"TÁBUA MADEIRA NÃO APARELHADA CEDRINHO 2,5 x 30 cm","m",2.29E-2,{"$f":"+Insumos!$G$322","v":16.39},0.37]
[{"$f":"CONCATENATE(\"SINAPI C \",'Composições Aux. SINAPI'!$A$65)","v":"SINAPI C 97064"},"MONTAGEM E DESMONTAGEM DE ANDAIME TUBULAR TIPO \u0093TORRE\u0094","m",6.2399999999999997E-2,{"$f":"+'Composições Aux. SINAPI'!$E$65:$F$65","v":15.61},0.97]
[{"$f":"CONCATENATE(\"SINAPI I \",Insumos!$B$90)","v":"SINAPI I 6081"},"ARGILA OU BARRO PARA ATERRO OU REATERRO","m³",3.5400000000000001E-2,{"$f":"+Insumos!$G$90","v":47.52},1.68]
["SUB-TOTAL - MATERIAL / EQUIPAMENTOS:",null,{"$f":"SUM(F121:F129)","v":17.41}]
[{"$f":"CONCATENATE(\"SINAPI C \",Insumos!$B$35)","v":"SINAPI C 88309"},"PEDREIRO C/ENCARGOS COMPLEMENTARES","h",0.27889999999999998,{"$f":"+Insumos!$G$35","v":20.34},{"$f":"TRUNC(D131*E131,2)","v":5.67}]
[{"$f":"CONCATENATE(\"SINAPI C \",Insumos!$B$38)","v":"SINAPI C 88316"},"SERVENTE C/ ENCARGOS COMPLEMENTARES","h",0.7782,{"$f":"+Insumos!$G$38","v":16.920000000000002},{"$f":"TRUNC(D132*E132,2)","v":13.16}]
["SUB-TOTAL - MÃO-DE-OBRA:",null,{"$f":"SUM(F131:F132)","v":18.829999999999998}]
[]
[null,"CUSTO TOTAL:",null,null,null,{"$f":"+C130+C133","v":36.239999999999995}]
[]
[null,"BDI:","%",{"$f":"+$F$7","v":"28,21%"},null,{"$f":"TRUNC(F135*D137,2)","v":10.220000000000001}]
[]
[null,"PREÇO:",null,null,null,{"$f":"+F135+F137","v":46.459999999999994}]
[]
["CÓDIGO","DISCRIMINAÇÃO","UN","COEFIC.","UNITÁRIO","TOTAL"]
[65,"DEMOLIÇÃO TUBOS TELAMENTO H=3,00 m C/REMOÇÃO DE ENTULHO","m"]
[{"$f":"CONCATENATE(\"SINAPI C \",'Composições Aux. SINAPI'!$A$63,)","v":"SINAPI C 5795"},"MARTELETE OU ROMPEDOR PNEUMÁTICO MANUAL, 28 KG, COM SILENCIADOR (chp)","chp",9.1999999999999998E-2,{"$f":"+'Composições Aux. SINAPI'!$E$63:$F$63","v":25.6},{"$f":"TRUNC(D143*E143,2)","v":2.35}]
[{"$f":"CONCATENATE(\"SINAPI C \",'Composições Aux. SINAPI'!$A$64,)","v":"SINAPI C 5952"},"MARTELETE OU ROMPEDOR PNEUMÁTICO MANUAL, 28 KG, COM SILENCIADOR (chi)","chi",2.6100000000000002E-2,{"$f":"+'Composições Aux. SINAPI'!$E$64:$F$64","v":23.43},0.61]
[{"$f":"CONCATENATE(\"SINAPI C \",'Composições Aux. SINAPI'!$A$31,)","v":"SINAPI C 5953"},"COMPRESSOR DE AR REBOCÁVEL, VAZÃO 189 PCM, MOTOR DIESEL, POTÊNCIA 63 CV (chp)","chp",9.1999999999999998E-2,{"$f":"+'Composições Aux. SINAPI'!$E$31:$F$31","v":51.7},4.75]
[{"$f":"CONCATENATE(\"SINAPI C \",'Composições Aux. SINAPI'!$A$32,)","v":"SINAPI C 5954"},"COMPRESSOR DE AR REBOCÁVEL, VAZÃO 189 PCM, MOTOR DIESEL, POTÊNCIA 63 CV (chi)","chi",2.6100000000000002E-2,{"$f":"+'Composições Aux. SINAPI'!$E$32:$F$32","v":4.3899999999999997},0.11]
[{"$f":"CONCATENATE(\"COTAÇÃO \",Insumos!$B$135)","v":"COTAÇÃO 114"},"CAÇAMBA 4,00 m³","un",1.1599999999999999E-2,{"$f":"+Insumos!$G$135","v":493.97},5.73]
[{"$f":"CONCATENATE(\"SINAPI I \",Insumos!$B$79)","v":"SINAPI I 10527"},"ANDAIME METÁLICO, TIPO TORRE, LARGURA DE 1 A 1,5 m E ALTURA DE 1 m LOCAÇÃO","mxmês",4.1599999999999998E-2,{"$f":"+Insumos!$G$79","v":25},1.04]
[{"$f":"CONCATENATE(\"SINAPI I \",Insumos!$B$322)","v":"SINAPI I 6189"},"TÁBUA MADEIRA NÃO APARELHADA CEDRINHO 2,5 x 30 cm","m",2.29E-2,{"$f":"+Insumos!$G$322","v":16.39},0.37]
[{"$f":"CONCATENATE(\"SINAPI C \",'Composições Aux. SINAPI'!$A$65)","v":"SINAPI C 97064"},"MONTAGEM E DESMONTAGEM DE ANDAIME TUBULAR TIPO \u0093TORRE\u0094","m",4.1599999999999998E-2,{"$f":"+'Composições Aux. SINAPI'!$E$65:$F$65","v":15.61},0.64]
[{"$f":"CONCATENATE(\"SINAPI I \",Insumos!$B$90)","v":"SINAPI I 6081"},"ARGILA OU BARRO PARA ATERRO OU REATERRO","m³",3.5400000000000001E-2,{"$f":"+Insumos!$G$90","v":47.52},1.68]
["SUB-TOTAL - MATERIAL / EQUIPAMENTOS:",null,{"$f":"SUM(F143:F151)","v":17.28}]
[{"$f":"CONCATENATE(\"SINAPI C \",Insumos!$B$35)","v":"SINAPI C 88309"},"PEDREIRO C/ENCARGOS COMPLEMENTARES","h",0.1603,{"$f":"+Insumos!$G$35","v":20.34},{"$f":"TRUNC(D153*E153,2)","v":3.26}]
[{"$f":"CONCATENATE(\"SINAPI C \",Insumos!$B$38)","v":"SINAPI C 88316"},"SERVENTE C/ ENCARGOS COMPLEMENTARES","h",0.54059999999999997,{"$f":"+Insumos!$G$38","v":16.920000000000002},{"$f":"TRUNC(D154*E154,2)","v":9.14}]
["SUB-TOTAL - MÃO-DE-OBRA:",null,{"$f":"SUM(F153:F154)","v":12.4}]
[]
[null,"CUSTO TOTAL:",null,null,null,{"$f":"+C152+C155","v":29.68}]
[]
[null,"BDI:","%",{"$f":"+$F$7","v":"28,21%"},null,{"$f":"TRUNC(F157*D159,2)","v":8.3699999999999992}]
[]
[null,"PREÇO:",null,null,null,{"$f":"+F157+F159","v":38.049999999999997}]
[]
["CÓDIGO","DISCRIMINAÇÃO","UN","COEFIC.","UNITÁRIO","TOTAL"]
[70,"DEMOLIÇÃO VIGA TELAMENTO C/REMOÇÃO DE ENTULHO","m"]
[{"$f":"CONCATENATE(\"SINAPI C \",'Composições Aux. SINAPI'!$A$63,)","v":"SINAPI C 5795"},"MARTELETE OU ROMPEDOR PNEUMÁTICO MANUAL, 28 KG, COM SILENCIADOR (chp)","chp",9.74E-2,{"$f":"+'Composições Aux. SINAPI'!$E$63:$F$63","v":25.6},{"$f":"TRUNC(D165*E165,2)","v":2.4900000000000002}]
[{"$f":"CONCATENATE(\"SINAPI C \",'Composições Aux. SINAPI'!$A$64,)","v":"SINAPI C 5952"},"MARTELETE OU ROMPEDOR PNEUMÁTICO MANUAL, 28 KG, COM SILENCIADOR (chi)","chi",2.76E-2,{"$f":"+'Composições Aux. SINAPI'!$E$64:$F$64","v":23.43},0.64]
[{"$f":"CONCATENATE(\"SINAPI C \",'Composições Aux. SINAPI'!$A$31,)","v":"SINAPI C 5953"},"COMPRESSOR DE AR REBOCÁVEL, VAZÃO 189 PCM, MOTOR DIESEL, POTÊNCIA 63 CV (chp)","chp",9.74E-2,{"$f":"+'Composições Aux. SINAPI'!$E$31:$F$31","v":51.7},5.03]
[{"$f":"CONCATENATE(\"SINAPI C \",'Composições Aux. SINAPI'!$A$32,)","v":"SINAPI C 5954"},"COMPRESSOR DE AR REBOCÁVEL, VAZÃO 189 PCM, MOTOR DIESEL, POTÊNCIA 63 CV (chi)","chi",2.76E-2,{"$f":"+'Composições Aux. SINAPI'!$E$32:$F$32","v":4.3899999999999997},0.12]
[{"$f":"CONCATENATE(\"COTAÇÃO \",Insumos!$B$135)","v":"COTAÇÃO 114"},"CAÇAMBA 4,00 m³","un",9.7999999999999997E-3,{"$f":"+Insumos!$G$135","v":493.97},4.84]
[{"$f":"CONCATENATE(\"SINAPI I \",Insumos!$B$90)","v":"SINAPI I 6081"},"ARGILA OU BARRO PARA ATERRO OU REATERRO","m³",2.81E-2,{"$f":"+Insumos!$G$90","v":47.52},1.33]
["SUB-TOTAL - MATERIAL / EQUIPAMENTOS:",null,{"$f":"SUM(F165:F170)","v":14.45}]
[{"$f":"CONCATENATE(\"SINAPI C \",Insumos!$B$35)","v":"SINAPI C 88309"},"PEDREIRO C/ENCARGOS COMPLEMENTARES","h",1.9099999999999999E-2,{"$f":"+Insumos!$G$35","v":20.34},{"$f":"TRUNC(D172*E172,2)","v":0.38}]
[{"$f":"CONCATENATE(\"SINAPI C \",Insumos!$B$38)","v":"SINAPI C 88316"},"SERVENTE C/ ENCARGOS COMPLEMENTARES","h",0.25140000000000001,{"$f":"+Insumos!$G$38","v":16.920000000000002},{"$f":"TRUNC(D173*E173,2)","v":4.25}]
["SUB-TOTAL - MÃO-DE-OBRA:",null,{"$f":"SUM(F172:F173)","v":4.63}]
[]
[null,"CUSTO TOTAL:",null,null,null,{"$f":"+C171+C174","v":19.079999999999998}]
[]
[null,"BDI:","%",{"$f":"+$F$7","v":"28,21%"},null,{"$f":"TRUNC(F176*D178,2)","v":5.38}]
[]
[null,"PREÇO:",null,null,null,{"$f":"+F176+F178","v":24.459999999999997}]
[]
["CÓDIGO","DISCRIMINAÇÃO","UN","COEFIC.","UNITÁRIO","TOTAL"]
[90,"REMOÇÃO MEIO-FIO VIÁRIO C/REMOÇÃO DE ENTULHO","m"]
[{"$f":"CONCATENATE(\"COTAÇÃO \",Insumos!$B$135)","v":"COTAÇÃO 114"},"CAÇAMBA 4,00 m³","un",1.23E-2,{"$f":"+Insumos!$G$135","v":493.97},{"$f":"TRUNC(D184*E184,2)","v":6.07}]
["SUB-TOTAL - MATERIAL / EQUIPAMENTOS:",null,{"$f":"SUM(F184:F184)","v":6.07}]
[{"$f":"CONCATENATE(\"SINAPI C \",Insumos!$B$38)","v":"SINAPI C 88316"},"SERVENTE C/ ENCARGOS COMPLEMENTARES","h",1.0344,{"$f":"+Insumos!$G$38","v":16.920000000000002},{"$f":"TRUNC(D186*E186,2)","v":17.5}]
["SUB-TOTAL - MÃO-DE-OBRA:",null,{"$f":"SUM(F186:F186)","v":17.5}]
[]
[null,"CUSTO TOTAL:",null,null,null,{"$f":"+C185+C187","v":23.57}]
[]
[null,"BDI:","%",{"$f":"+$F$7","v":"28,21%"},null,{"$f":"TRUNC(F189*D191,2)","v":6.64}]
[]
[null,"PREÇO:",null,null,null,{"$f":"+F189+F191","v":30.21}]
[]
["CÓDIGO","DISCRIMINAÇÃO","UN","COEFIC.","UNITÁRIO","TOTAL"]
[100,"REMOÇÃO BANCO C/ENCOSTO","un"]
[{"$f":"CONCATENATE(\"SINAPI C \",'Composições Aux. SINAPI'!$A$63,)","v":"SINAPI C 5795"},"MARTELETE OU ROMPEDOR PNEUMÁTICO MANUAL, 28 KG, COM SILENCIADOR (chp)","chp",0.46750000000000003,{"$f":"+'Composições Aux. SINAPI'!$E$63:$F$63","v":25.6},{"$f":"TRUNC(D197*E197,2)","v":11.96}]
[{"$f":"CONCATENATE(\"SINAPI C \",'Composições Aux. SINAPI'!$A$64,)","v":"SINAPI C 5952"},"MARTELETE OU ROMPEDOR PNEUMÁTICO MANUAL, 28 KG, COM SILENCIADOR (chi)","chi",0.13250000000000001,{"$f":"+'Composições Aux. SINAPI'!$E$64:$F$64","v":23.43},3.1]
[{"$f":"CONCATENATE(\"SINAPI C \",'Composições Aux. SINAPI'!$A$31,)","v":"SINAPI C 5953"},"COMPRESSOR DE AR REBOCÁVEL, VAZÃO 189 PCM, MOTOR DIESEL, POTÊNCIA 63 CV (chp)","chp",0.46750000000000003,{"$f":"+'Composições Aux. SINAPI'!$E$31:$F$31","v":51.7},24.16]
[{"$f":"CONCATENATE(\"SINAPI C \",'Composições Aux. SINAPI'!$A$32,)","v":"SINAPI C 5954"},"COMPRESSOR DE AR REBOCÁVEL, VAZÃO 189 PCM, MOTOR DIESEL, POTÊNCIA 63 CV (chi)","chi",0.13250000000000001,{"$f":"+'Composições Aux. SINAPI'!$E$32:$F$32","v":4.3899999999999997},0.57999999999999996]
[{"$f":"CONCATENATE(\"COTAÇÃO \",Insumos!$B$135)","v":"COTAÇÃO 114"},"CAÇAMBA 4,00 m³","un",4.6800000000000001E-2,{"$f":"+Insumos!$G$135","v":493.97},23.11]
[{"$f":"CONCATENATE(\"SINAPI I \",Insumos!$B$90)","v":"SINAPI I 6081"},"ARGILA OU BARRO PARA ATERRO OU REATERRO","m³",0.18,{"$f":"+Insumos!$G$90","v":47.52},8.5500000000000007]
["SUB-TOTAL - MATERIAL / EQUIPAMENTOS:",null,{"$f":"SUM(F197:F202)","v":71.459999999999994}]
[{"$f":"CONCATENATE(\"SINAPI C \",Insumos!$B$35)","v":"SINAPI C 88309"},"PEDREIRO C/ENCARGOS COMPLEMENTARES","h",9.1700000000000004E-2,{"$f":"+Insumos!$G$35","v":20.34},{"$f":"TRUNC(D204*E204,2)","v":1.86}]
[{"$f":"CONCATENATE(\"SINAPI C \",Insumos!$B$38)","v":"SINAPI C 88316"},"SERVENTE C/ ENCARGOS COMPLEMENTARES","h",2.7927,{"$f":"+Insumos!$G$38","v":16.920000000000002},{"$f":"TRUNC(D205*E205,2)","v":47.25}]
["SUB-TOTAL - MÃO-DE-OBRA:",null,{"$f":"SUM(F204:F205)","v":49.11}]
[]
[null,"CUSTO TOTAL:",null,null,null,{"$f":"+C203+C206","v":120.57}]
[]
[null,"BDI:","%",{"$f":"+$F$7","v":"28,21%"},null,{"$f":"TRUNC(F208*D210,2)","v":34.01}]
[]
[null,"PREÇO:",null,null,null,{"$f":"+F208+F210","v":154.57999999999998}]
[]
["CÓDIGO","DISCRIMINAÇÃO","UN","COEFIC.","UNITÁRIO","TOTAL"]
[101,"REMOÇÃO BANCO S/ENCOSTO","un"]
[{"$f":"CONCATENATE(\"SINAPI C \",'Composições Aux. SINAPI'!$A$63,)","v":"SINAPI C 5795"},"MARTELETE OU ROMPEDOR PNEUMÁTICO MANUAL, 28 KG, COM SILENCIADOR (chp)","chp",0.23380000000000001,{"$f":"+'Composições Aux. SINAPI'!$E$63:$F$63","v":25.6},{"$f":"TRUNC(D216*E216,2)","v":5.98}]
[{"$f":"CONCATENATE(\"SINAPI C \",'Composições Aux. SINAPI'!$A$64,)","v":"SINAPI C 5952"},"MARTELETE OU ROMPEDOR PNEUMÁTICO MANUAL, 28 KG, COM SILENCIADOR (chi)","chi",6.6299999999999998E-2,{"$f":"+'Composições Aux. SINAPI'!$E$64:$F$64","v":23.43},1.55]
[{"$f":"CONCATENATE(\"SINAPI C \",'Composições Aux. SINAPI'!$A$31,)","v":"SINAPI C 5953"},"COMPRESSOR DE AR REBOCÁVEL, VAZÃO 189 PCM, MOTOR DIESEL, POTÊNCIA 63 CV (chp)","chp",0.23380000000000001,{"$f":"+'Composições Aux. SINAPI'!$E$31:$F$31","v":51.7},12.08]
[{"$f":"CONCATENATE(\"SINAPI C \",'Composições Aux. SINAPI'!$A$32,)","v":"SINAPI C 5954"},"COMPRESSOR DE AR REBOCÁVEL, VAZÃO 189 PCM, MOTOR DIESEL, POTÊNCIA 63 CV (chi)","chi",6.6299999999999998E-2,{"$f":"+'Composições Aux. SINAPI'!$E$32:$F$32","v":4.3899999999999997},0.28999999999999998]
[{"$f":"CONCATENATE(\"COTAÇÃO \",Insumos!$B$135)","v":"COTAÇÃO 114"},"CAÇAMBA 4,00 m³","un",2.3400000000000001E-2,{"$f":"+Insumos!$G$135","v":493.97},11.55]
[{"$f":"CONCATENATE(\"SINAPI I \",Insumos!$B$90)","v":"SINAPI I 6081"},"ARGILA OU BARRO PARA ATERRO OU REATERRO","m³",0.09,{"$f":"+Insumos!$G$90","v":47.52},4.2699999999999996]
["SUB-TOTAL - MATERIAL / EQUIPAMENTOS:",null,{"$f":"SUM(F216:F221)","v":35.72}]
[{"$f":"CONCATENATE(\"SINAPI C \",Insumos!$B$35)","v":"SINAPI C 88309"},"PEDREIRO C/ENCARGOS COMPLEMENTARES","h",4.58E-2,{"$f":"+Insumos!$G$35","v":20.34},{"$f":"TRUNC(D223*E223,2)","v":0.93}]
[{"$f":"CONCATENATE(\"SINAPI C \",Insumos!$B$38)","v":"SINAPI C 88316"},"SERVENTE C/ ENCARGOS COMPLEMENTARES","h",1.8964000000000001,{"$f":"+Insumos!$G$38","v":16.920000000000002},{"$f":"TRUNC(D224*E224,2)","v":32.08}]
["SUB-TOTAL - MÃO-DE-OBRA:",null,{"$f":"SUM(F223:F224)","v":33.01}]
[]
[null,"CUSTO TOTAL:",null,null,null,{"$f":"+C222+C225","v":68.72999999999999}]
[]
[null,"BDI:","%",{"$f":"+$F$7","v":"28,21%"},null,{"$f":"TRUNC(F227*D229,2)","v":19.38}]
[]
[null,"PREÇO:",null,null,null,{"$f":"+F227+F229","v":88.109999999999985}]
[]
["CÓDIGO","DISCRIMINAÇÃO","UN","COEFIC.","UNITÁRIO","TOTAL"]
[105,"REMOÇÃO PARACICLO","un"]
[{"$f":"CONCATENATE(\"SINAPI C \",'Composições Aux. SINAPI'!$A$63,)","v":"SINAPI C 5795"},"MARTELETE OU ROMPEDOR PNEUMÁTICO MANUAL, 28 KG, COM SILENCIADOR (chp)","chp",0.1169,{"$f":"+'Composições Aux. SINAPI'!$E$63:$F$63","v":25.6},{"$f":"TRUNC(D235*E235,2)","v":2.99}]
[{"$f":"CONCATENATE(\"SINAPI C \",'Composições Aux. SINAPI'!$A$64,)","v":"SINAPI C 5952"},"MARTELETE OU ROMPEDOR PNEUMÁTICO MANUAL, 28 KG, COM SILENCIADOR (chi)","chi",3.3099999999999997E-2,{"$f":"+'Composições Aux. SINAPI'!$E$64:$F$64","v":23.43},0.77]
[{"$f":"CONCATENATE(\"SINAPI C \",'Composições Aux. SINAPI'!$A$31,)","v":"SINAPI C 5953"},"COMPRESSOR DE AR REBOCÁVEL, VAZÃO 189 PCM, MOTOR DIESEL, POTÊNCIA 63 CV (chp)","chp",0.1169,{"$f":"+'Composições Aux. SINAPI'!$E$31:$F$31","v":51.7},6.04]
[{"$f":"CONCATENATE(\"SINAPI C \",'Composições Aux. SINAPI'!$A$32,)","v":"SINAPI C 5954"},"COMPRESSOR DE AR REBOCÁVEL, VAZÃO 189 PCM, MOTOR DIESEL, POTÊNCIA 63 CV (chi)","chi",3.3099999999999997E-2,{"$f":"+'Composições Aux. SINAPI'!$E$32:$F$32","v":4.3899999999999997},0.14000000000000001]
[{"$f":"CONCATENATE(\"COTAÇÃO \",Insumos!$B$135)","v":"COTAÇÃO 114"},"CAÇAMBA 4,00 m³","un",1.17E-2,{"$f":"+Insumos!$G$135","v":493.97},5.77]
[{"$f":"CONCATENATE(\"SINAPI I \",Insumos!$B$90)","v":"SINAPI I 6081"},"ARGILA OU BARRO PARA ATERRO OU REATERRO","m³",4.4999999999999998E-2,{"$f":"+Insumos!$G$90","v":47.52},2.13]
["SUB-TOTAL - MATERIAL / EQUIPAMENTOS:",null,{"$f":"SUM(F235:F240)","v":17.84}]
[{"$f":"CONCATENATE(\"SINAPI C \",Insumos!$B$35)","v":"SINAPI C 88309"},"PEDREIRO C/ENCARGOS COMPLEMENTARES","h",2.29E-2,{"$f":"+Insumos!$G$35","v":20.34},{"$f":"TRUNC(D242*E242,2)","v":0.46}]
[{"$f":"CONCATENATE(\"SINAPI C \",Insumos!$B$38)","v":"SINAPI C 88316"},"SERVENTE C/ ENCARGOS COMPLEMENTARES","h",1.0230999999999999,{"$f":"+Insumos!$G$38","v":16.920000000000002},{"$f":"TRUNC(D243*E243,2)","v":17.309999999999999}]
["SUB-TOTAL - MÃO-DE-OBRA:",null,{"$f":"SUM(F242:F243)","v":17.77}]
[]
[null,"CUSTO TOTAL:",null,null,null,{"$f":"+C241+C244","v":35.61}]
[]
[null,"BDI:","%",{"$f":"+$F$7","v":"28,21%"},null,{"$f":"TRUNC(F246*D248,2)","v":10.039999999999999}]
[]
[null,"PREÇO:",null,null,null,{"$f":"+F246+F248","v":45.65}]
[]
["CÓDIGO","DISCRIMINAÇÃO","UN","COEFIC.","UNITÁRIO","TOTAL"]
[108,"DEMOLIÇÃO CAIXA DE AREIA C/REMOÇÃO DE ENTULHOS","un"]
[{"$f":"CONCATENATE(\"SINAPI C \",'Composições Aux. SINAPI'!$A$63,)","v":"SINAPI C 5795"},"MARTELETE OU ROMPEDOR PNEUMÁTICO MANUAL, 28 KG, COM SILENCIADOR (chp)","chp",2.5325000000000002,{"$f":"+'Composições Aux. SINAPI'!$E$63:$F$63","v":25.6},{"$f":"TRUNC(D254*E254,2)","v":64.83}]
[{"$f":"CONCATENATE(\"SINAPI C \",'Composições Aux. SINAPI'!$A$64,)","v":"SINAPI C 5952"},"MARTELETE OU ROMPEDOR PNEUMÁTICO MANUAL, 28 KG, COM SILENCIADOR (chi)","chi",0.74780000000000002,{"$f":"+'Composições Aux. SINAPI'!$E$64:$F$64","v":23.43},{"$f":"TRUNC(D255*E255,2)","v":17.52}]
[{"$f":"CONCATENATE(\"SINAPI C \",'Composições Aux. SINAPI'!$A$31,)","v":"SINAPI C 5953"},"COMPRESSOR DE AR REBOCÁVEL, VAZÃO 189 PCM, MOTOR DIESEL, POTÊNCIA 63 CV (chp)","chp",2.5325000000000002,{"$f":"+'Composições Aux. SINAPI'!$E$31:$F$31","v":51.7},{"$f":"TRUNC(D256*E256,2)","v":130.93}]
[{"$f":"CONCATENATE(\"SINAPI C \",'Composições Aux. SINAPI'!$A$32,)","v":"SINAPI C 5954"},"COMPRESSOR DE AR REBOCÁVEL, VAZÃO 189 PCM, MOTOR DIESEL, POTÊNCIA 63 CV (chi)","chi",0.71779999999999999,{"$f":"+'Composições Aux. SINAPI'!$E$32:$F$32","v":4.3899999999999997},{"$f":"TRUNC(D257*E257,2)","v":3.15}]
[{"$f":"CONCATENATE(\"COTAÇÃO \",Insumos!$B$135)","v":"COTAÇÃO 114"},"CAÇAMBA 4,00 m³","un",1.0609999999999999,{"$f":"+Insumos!$G$135","v":493.97},{"$f":"TRUNC(D258*E258,2)","v":524.1}]
["SUB-TOTAL - MATERIAL / EQUIPAMENTOS:",null,{"$f":"SUM(F254:F258)","v":740.53}]
[{"$f":"CONCATENATE(\"SINAPI C \",Insumos!$B$35)","v":"SINAPI C 88309"},"PEDREIRO C/ENCARGOS COMPLEMENTARES","h",0.4965,{"$f":"+Insumos!$G$35","v":20.34},{"$f":"TRUNC(D260*E260,2)","v":10.09}]
[{"$f":"CONCATENATE(\"SINAPI C \",Insumos!$B$38)","v":"SINAPI C 88316"},"SERVENTE C/ ENCARGOS COMPLEMENTARES","h",7.3921999999999999,{"$f":"+Insumos!$G$38","v":16.920000000000002},{"$f":"TRUNC(D261*E261,2)","v":125.07}]
["SUB-TOTAL - MÃO-DE-OBRA:",null,{"$f":"SUM(F260:F261)","v":135.16}]
[]
[null,"CUSTO TOTAL:",null,null,null,{"$f":"+C259+C262","v":875.68999999999994}]
[]
[null,"BDI:","%",{"$f":"+$F$7","v":"28,21%"},null,{"$f":"TRUNC(F264*D266,2)","v":247.03}]
[]
[null,"PREÇO:",null,null,null,{"$f":"+F264+F266","v":1122.72}]
[]
["CÓDIGO","DISCRIMINAÇÃO","UN","COEFIC.","UNITÁRIO","TOTAL"]
[110,"DEMOLIÇÃO CANCHA DE BOCHA C/REMOÇÃO DE ENTULHOS","un"]
[{"$f":"CONCATENATE(\"SINAPI C \",'Composições Aux. SINAPI'!$A$63,)","v":"SINAPI C 5795"},"MARTELETE OU ROMPEDOR PNEUMÁTICO MANUAL, 28 KG, COM SILENCIADOR (chp)","chp",8.3443000000000005,{"$f":"+'Composições Aux. SINAPI'!$E$63:$F$63","v":25.6},{"$f":"TRUNC(D272*E272,2)","v":213.61}]
[{"$f":"CONCATENATE(\"SINAPI C \",'Composições Aux. SINAPI'!$A$64,)","v":"SINAPI C 5952"},"MARTELETE OU ROMPEDOR PNEUMÁTICO MANUAL, 28 KG, COM SILENCIADOR (chi)","chi",2.3649,{"$f":"+'Composições Aux. SINAPI'!$E$64:$F$64","v":23.43},{"$f":"TRUNC(D273*E273,2)","v":55.4}]
[{"$f":"CONCATENATE(\"SINAPI C \",'Composições Aux. SINAPI'!$A$31,)","v":"SINAPI C 5953"},"COMPRESSOR DE AR REBOCÁVEL, VAZÃO 189 PCM, MOTOR DIESEL, POTÊNCIA 63 CV (chp)","chp",8.3443000000000005,{"$f":"+'Composições Aux. SINAPI'!$E$31:$F$31","v":51.7},{"$f":"TRUNC(D274*E274,2)","v":431.4}]
[{"$f":"CONCATENATE(\"SINAPI C \",'Composições Aux. SINAPI'!$A$32,)","v":"SINAPI C 5954"},"COMPRESSOR DE AR REBOCÁVEL, VAZÃO 189 PCM, MOTOR DIESEL, POTÊNCIA 63 CV (chi)","chi",2.3649,{"$f":"+'Composições Aux. SINAPI'!$E$32:$F$32","v":4.3899999999999997},{"$f":"TRUNC(D275*E275,2)","v":10.38}]
[{"$f":"CONCATENATE(\"COTAÇÃO \",Insumos!$B$135)","v":"COTAÇÃO 114"},"CAÇAMBA 4,00 m³","un",2.7561,{"$f":"+Insumos!$G$135","v":493.97},{"$f":"TRUNC(D276*E276,2)","v":1361.43}]
["SUB-TOTAL - MATERIAL / EQUIPAMENTOS:",null,{"$f":"SUM(F272:F276)","v":2072.2200000000003}]
[{"$f":"CONCATENATE(\"SINAPI C \",Insumos!$B$21)","v":"SINAPI C 88262"},"CARPINTEIRO C/ENCARGOS COMPLEMENTARES","h",16.057700000000001,{"$f":"+Insumos!$G$21","v":20.100000000000001},{"$f":"TRUNC(D278*E278,2)","v":322.75}]
[{"$f":"CONCATENATE(\"SINAPI C \",Insumos!$B$35)","v":"SINAPI C 88309"},"PEDREIRO C/ENCARGOS COMPLEMENTARES","h",3.2561,{"$f":"+Insumos!$G$35","v":20.34},{"$f":"TRUNC(D279*E279,2)","v":66.22}]
[{"$f":"CONCATENATE(\"SINAPI C \",Insumos!$B$38)","v":"SINAPI C 88316"},"SERVENTE C/ ENCARGOS COMPLEMENTARES","h",76.722300000000004,{"$f":"+Insumos!$G$38","v":16.920000000000002},{"$f":"TRUNC(D280*E280,2)","v":1298.1400000000001}]
["SUB-TOTAL - MÃO-DE-OBRA:",null,{"$f":"SUM(F278:F280)","v":1687.1100000000001}]
[]
[null,"CUSTO TOTAL:",null,null,null,{"$f":"+C277+C281","v":3759.3300000000004}]
[]
[null,"BDI:","%",{"$f":"+$F$7","v":"28,21%"},null,{"$f":"TRUNC(F283*D285,2)","v":1060.5}]
[]
[null,"PREÇO:",null,null,null,{"$f":"+F283+F285","v":4819.83}]
[]
["CÓDIGO","DISCRIMINAÇÃO","UN","COEFIC.","UNITÁRIO","TOTAL"]
[111,"DEMOLIÇÃO COBERTURA CANCHA DE BOCHA C/REMOÇÃO DE ENTULHOS","un"]
[{"$f":"CONCATENATE(\"SINAPI I \",Insumos!$B$79)","v":"SINAPI I 10527"},"ANDAIME METÁLICO, TIPO TORRE, LARGURA DE 1 A 1,5 m E ALTURA DE 1 m LOCAÇÃO","mxmês",7,{"$f":"+Insumos!$G$79","v":25},{"$f":"TRUNC(D291*E291,2)","v":175}]
[{"$f":"CONCATENATE(\"SINAPI I \",Insumos!$B$322)","v":"SINAPI I 6189"},"TÁBUA MADEIRA NÃO APARELHADA CEDRINHO 2,5 x 30 cm","m",2.2000000000000002,{"$f":"+Insumos!$G$322","v":16.39},36.049999999999997]
[{"$f":"CONCATENATE(\"SINAPI C \",'Composições Aux. SINAPI'!$A$65)","v":"SINAPI C 97064"},"MONTAGEM E DESMONTAGEM DE ANDAIME TUBULAR TIPO \u0093TORRE\u0094","m",7,{"$f":"+'Composições Aux. SINAPI'!$E$65:$F$65","v":15.61},109.27]
[{"$f":"CONCATENATE(\"SINAPI I \",Insumos!$B$133)","v":"SINAPI I 41954"},"CABO DE AÇO GALVANIZADO, DIÂMETRO 9,53 mm","kg",0.88180000000000003,{"$f":"+Insumos!$G$133","v":79.56},70.150000000000006]
[{"$f":"CONCATENATE(\"SINAPI C \",'Composições Aux. SINAPI'!$A$63,)","v":"SINAPI C 5795"},"MARTELETE OU ROMPEDOR PNEUMÁTICO MANUAL, 28 KG, COM SILENCIADOR (chp)","chp",28.636900000000001,{"$f":"+'Composições Aux. SINAPI'!$E$63:$F$63","v":25.6},733.1]
[{"$f":"CONCATENATE(\"SINAPI C \",'Composições Aux. SINAPI'!$A$64,)","v":"SINAPI C 5952"},"MARTELETE OU ROMPEDOR PNEUMÁTICO MANUAL, 28 KG, COM SILENCIADOR (chi)","chi",8.1161999999999992,{"$f":"+'Composições Aux. SINAPI'!$E$64:$F$64","v":23.43},190.16]
[{"$f":"CONCATENATE(\"SINAPI C \",'Composições Aux. SINAPI'!$A$31,)","v":"SINAPI C 5953"},"COMPRESSOR DE AR REBOCÁVEL, VAZÃO 189 PCM, MOTOR DIESEL, POTÊNCIA 63 CV (chp)","chp",28.636900000000001,{"$f":"+'Composições Aux. SINAPI'!$E$31:$F$31","v":51.7},1480.52]
[{"$f":"CONCATENATE(\"SINAPI C \",'Composições Aux. SINAPI'!$A$32,)","v":"SINAPI C 5954"},"COMPRESSOR DE AR REBOCÁVEL, VAZÃO 189 PCM, MOTOR DIESEL, POTÊNCIA 63 CV (chi)","chi",8.1161999999999992,{"$f":"+'Composições Aux. SINAPI'!$E$32:$F$32","v":4.3899999999999997},35.630000000000003]
[{"$f":"CONCATENATE(\"COTAÇÃO \",Insumos!$B$135)","v":"COTAÇÃO 114"},"CAÇAMBA 4,00 m³","un",4.7862,{"$f":"+Insumos!$G$135","v":493.97},2364.23]
[{"$f":"CONCATENATE(\"SINAPI I \",Insumos!$B$90)","v":"SINAPI I 6081"},"ARGILA OU BARRO PARA ATERRO OU REATERRO","m³",11.025,{"$f":"+Insumos!$G$90","v":47.52},523.9]
["SUB-TOTAL - MATERIAL / EQUIPAMENTOS:",null,{"$f":"SUM(F291:F300)","v":5718.01}]
[{"$f":"CONCATENATE(\"SINAPI C \",Insumos!$B$40)","v":"SINAPI C 88323"},"TELHADISTA C/ENCARGOS COMPLEMENTARES","h",22.772300000000001,{"$f":"+Insumos!$G$40","v":20.48},{"$f":"TRUNC(D302*E302,2)","v":466.37}]
[{"$f":"CONCATENATE(\"SINAPI C \",Insumos!$B$35)","v":"SINAPI C 88309"},"PEDREIRO C/ENCARGOS COMPLEMENTARES","h",9.2222000000000008,{"$f":"+Insumos!$G$35","v":20.34},{"$f":"TRUNC(D303*E303,2)","v":187.57}]
[{"$f":"CONCATENATE(\"SINAPI C \",Insumos!$B$38)","v":"SINAPI C 88316"},"SERVENTE C/ ENCARGOS COMPLEMENTARES","h",166.5753,{"$f":"+Insumos!$G$38","v":16.920000000000002},{"$f":"TRUNC(D304*E304,2)","v":2818.45}]
["SUB-TOTAL - MÃO-DE-OBRA:",null,{"$f":"SUM(F302:F304)","v":3472.39}]
[]
[null,"CUSTO TOTAL:",null,null,null,{"$f":"+C301+C305","v":9190.4}]
[]
[null,"BDI:","%",{"$f":"+$F$7","v":"28,21%"},null,{"$f":"TRUNC(F307*D309,2)","v":2592.61}]
[]
[null,"PREÇO:",null,null,null,{"$f":"+F307+F309","v":11783.01}]
[]
["CÓDIGO","DISCRIMINAÇÃO","UN","COEFIC.","UNITÁRIO","TOTAL"]
[120,"DEMOLIÇÃO CHURRASQUEIRA C/REMOÇÃO DE ENTULHOS","un"]
[{"$f":"CONCATENATE(\"COTAÇÃO \",Insumos!$B$135)","v":"COTAÇÃO 114"},"CAÇAMBA 4,00 m³","un",0.1613,{"$f":"+Insumos!$G$135","v":493.97},{"$f":"TRUNC(D315*E315,2)","v":79.67}]
[{"$f":"CONCATENATE(\"SINAPI I \",Insumos!$B$90)","v":"SINAPI I 6081"},"ARGILA OU BARRO PARA ATERRO OU REATERRO","m³",8.5500000000000007E-2,{"$f":"+Insumos!$G$90","v":47.52},{"$f":"TRUNC(D316*E316,2)","v":4.0599999999999996}]
["SUB-TOTAL - MATERIAL / EQUIPAMENTOS:",null,{"$f":"SUM(F315:F316)","v":83.73}]
[{"$f":"CONCATENATE(\"SINAPI C \",Insumos!$B$35)","v":"SINAPI C 88309"},"PEDREIRO C/ENCARGOS COMPLEMENTARES","h",0.27839999999999998,{"$f":"+Insumos!$G$35","v":20.34},{"$f":"TRUNC(D318*E318,2)","v":5.66}]
[{"$f":"CONCATENATE(\"SINAPI C \",Insumos!$B$38)","v":"SINAPI C 88316"},"SERVENTE C/ ENCARGOS COMPLEMENTARES","h",3.4923000000000002,{"$f":"+Insumos!$G$38","v":16.920000000000002},{"$f":"TRUNC(D319*E319,2)","v":59.08}]
["SUB-TOTAL - MÃO-DE-OBRA:",null,{"$f":"SUM(F318:F319)","v":64.739999999999995}]
[]
[null,"CUSTO TOTAL:",null,null,null,{"$f":"+C317+C320","v":148.47}]
[]
[null,"BDI:","%",{"$f":"+$F$7","v":"28,21%"},null,{"$f":"TRUNC(F322*D324,2)","v":41.88}]
[]
[null,"PREÇO:",null,null,null,{"$f":"+F322+F324","v":190.35}]
[]
["CÓDIGO","DISCRIMINAÇÃO","UN","COEFIC.","UNITÁRIO","TOTAL"]
[122,"DEMOLIÇÃO MESA E BANCOS DE CONCRETO C/REMOÇÃO DE ENTULHOS","un"]
[{"$f":"CONCATENATE(\"SINAPI C \",'Composições Aux. SINAPI'!$A$63,)","v":"SINAPI C 5795"},"MARTELETE OU ROMPEDOR PNEUMÁTICO MANUAL, 28 KG, COM SILENCIADOR (chp)","chp",1.5025999999999999,{"$f":"+'Composições Aux. SINAPI'!$E$63:$F$63","v":25.6},{"$f":"TRUNC(D330*E330,2)","v":38.46}]
[{"$f":"CONCATENATE(\"SINAPI C \",'Composições Aux. SINAPI'!$A$64,)","v":"SINAPI C 5952"},"MARTELETE OU ROMPEDOR PNEUMÁTICO MANUAL, 28 KG, COM SILENCIADOR (chi)","chi",0.4259,{"$f":"+'Composições Aux. SINAPI'!$E$64:$F$64","v":23.43},9.9700000000000006]
[{"$f":"CONCATENATE(\"SINAPI C \",'Composições Aux. SINAPI'!$A$31,)","v":"SINAPI C 5953"},"COMPRESSOR DE AR REBOCÁVEL, VAZÃO 189 PCM, MOTOR DIESEL, POTÊNCIA 63 CV (chp)","chp",1.5025999999999999,{"$f":"+'Composições Aux. SINAPI'!$E$31:$F$31","v":51.7},77.680000000000007]
[{"$f":"CONCATENATE(\"SINAPI C \",'Composições Aux. SINAPI'!$A$32,)","v":"SINAPI C 5954"},"COMPRESSOR DE AR REBOCÁVEL, VAZÃO 189 PCM, MOTOR DIESEL, POTÊNCIA 63 CV (chi)","chi",0.4259,{"$f":"+'Composições Aux. SINAPI'!$E$32:$F$32","v":4.3899999999999997},1.86]
[{"$f":"CONCATENATE(\"COTAÇÃO \",Insumos!$B$135)","v":"COTAÇÃO 114"},"CAÇAMBA 4,00 m³","un",0.15040000000000001,{"$f":"+Insumos!$G$135","v":493.97},74.290000000000006]
[{"$f":"CONCATENATE(\"SINAPI I \",Insumos!$B$90)","v":"SINAPI I 6081"},"ARGILA OU BARRO PARA ATERRO OU REATERRO","m³",0.29249999999999998,{"$f":"+Insumos!$G$90","v":47.52},13.89]
["SUB-TOTAL - MATERIAL / EQUIPAMENTOS:",null,{"$f":"SUM(F330:F335)","v":216.15000000000003}]
[{"$f":"CONCATENATE(\"SINAPI C \",Insumos!$B$35)","v":"SINAPI C 88309"},"PEDREIRO C/ENCARGOS COMPLEMENTARES","h",0.29459999999999997,{"$f":"+Insumos!$G$35","v":20.34},{"$f":"TRUNC(D337*E337,2)","v":5.99}]
[{"$f":"CONCATENATE(\"SINAPI C \",Insumos!$B$38)","v":"SINAPI C 88316"},"SERVENTE C/ ENCARGOS COMPLEMENTARES","h",4.6058000000000003,{"$f":"+Insumos!$G$38","v":16.920000000000002},{"$f":"TRUNC(D338*E338,2)","v":77.930000000000007}]
["SUB-TOTAL - MÃO-DE-OBRA:",null,{"$f":"SUM(F337:F338)","v":83.92}]
[]
[null,"CUSTO TOTAL:",null,null,null,{"$f":"+C336+C339","v":300.07000000000005}]
[]
[null,"BDI:","%",{"$f":"+$F$7","v":"28,21%"},null,{"$f":"TRUNC(F341*D343,2)","v":84.64}]
[]
[null,"PREÇO:",null,null,null,{"$f":"+F341+F343","v":384.71000000000004}]
[]
["CÓDIGO","DISCRIMINAÇÃO","UN","COEFIC.","UNITÁRIO","TOTAL"]
[133,"DEMOLIÇÃO BEBEDOURO C/REMOÇÃO DE ENTULHOS","un"]
[{"$f":"CONCATENATE(\"COTAÇÃO \",Insumos!$B$135)","v":"COTAÇÃO 114"},"CAÇAMBA 4,00 m³","un",9.2299999999999993E-2,{"$f":"+Insumos!$G$135","v":493.97},{"$f":"TRUNC(D349*E349,2)","v":45.59}]
["SINAPI I 6081","ARGILA OU BARRO PARA ATERRO OU REATERRO","m³",0.245,{"$f":"+Insumos!$G$90","v":47.52},{"$f":"TRUNC(D350*E350,2)","v":11.64}]
["SUB-TOTAL - MATERIAL / EQUIPAMENTOS:",null,{"$f":"SUM(F349:F350)","v":57.230000000000004}]
["SINAPI C 88309","PEDREIRO C/ENCARGOS COMPLEMENTARES","h",0.61040000000000005,{"$f":"+Insumos!$G$35","v":20.34},{"$f":"TRUNC(D352*E352,2)","v":12.41}]
["SINAPI C 88316","SERVENTE C/ ENCARGOS COMPLEMENTARES","h",3.9512,{"$f":"+Insumos!$G$38","v":16.920000000000002},{"$f":"TRUNC(D353*E353,2)","v":66.849999999999994}]
["SUB-TOTAL - MÃO-DE-OBRA:",null,{"$f":"SUM(F352:F353)","v":79.259999999999991}]
[]
[null,"CUSTO TOTAL:",null,null,null,{"$f":"+C351+C354","v":136.49}]
[]
[null,"BDI:","%",{"$f":"+$F$7","v":"28,21%"},null,{"$f":"TRUNC(F356*D358,2)","v":38.5}]
[]
[null,"PREÇO:",null,null,null,{"$f":"+F356+F358","v":174.99}]
[]
["CÓDIGO","DISCRIMINAÇÃO","UN","COEFIC.","UNITÁRIO","TOTAL"]
[140,"DEMOLIÇÃO FRADINHO BASE CIRCULAR C/REMOÇÃO DE ENTULHOS","un"]
[{"$f":"CONCATENATE(\"SINAPI C \",'Composições Aux. SINAPI'!$A$63,)","v":"SINAPI C 5795"},"MARTELETE OU ROMPEDOR PNEUMÁTICO MANUAL, 28 KG, COM SILENCIADOR (chp)","chp",0.1883,{"$f":"+'Composições Aux. SINAPI'!$E$63:$F$63","v":25.6},{"$f":"TRUNC(D364*E364,2)","v":4.82}]
[{"$f":"CONCATENATE(\"SINAPI C \",'Composições Aux. SINAPI'!$A$64,)","v":"SINAPI C 5952"},"MARTELETE OU ROMPEDOR PNEUMÁTICO MANUAL, 28 KG, COM SILENCIADOR (chi)","chi",5.3400000000000003E-2,{"$f":"+'Composições Aux. SINAPI'!$E$64:$F$64","v":23.43},1.25]
[{"$f":"CONCATENATE(\"SINAPI C \",'Composições Aux. SINAPI'!$A$31,)","v":"SINAPI C 5953"},"COMPRESSOR DE AR REBOCÁVEL, VAZÃO 189 PCM, MOTOR DIESEL, POTÊNCIA 63 CV (chp)","chp",0.1883,{"$f":"+'Composições Aux. SINAPI'!$E$31:$F$31","v":51.7},9.73]
[{"$f":"CONCATENATE(\"SINAPI C \",'Composições Aux. SINAPI'!$A$32,)","v":"SINAPI C 5954"},"COMPRESSOR DE AR REBOCÁVEL, VAZÃO 189 PCM, MOTOR DIESEL, POTÊNCIA 63 CV (chi)","chi",5.3400000000000003E-2,{"$f":"+'Composições Aux. SINAPI'!$E$32:$F$32","v":4.3899999999999997},0.23]
[{"$f":"CONCATENATE(\"COTAÇÃO \",Insumos!$B$135)","v":"COTAÇÃO 114"},"CAÇAMBA 4,00 m³","un",1.89E-2,{"$f":"+Insumos!$G$135","v":493.97},9.33]
[{"$f":"CONCATENATE(\"SINAPI I \",Insumos!$B$90)","v":"SINAPI I 6081"},"ARGILA OU BARRO PARA ATERRO OU REATERRO","m³",3.73E-2,{"$f":"+Insumos!$G$90","v":47.52},1.77]
["SUB-TOTAL - MATERIAL / EQUIPAMENTOS:",null,{"$f":"SUM(F364:F369)","v":27.13}]
[{"$f":"CONCATENATE(\"SINAPI C \",Insumos!$B$35)","v":"SINAPI C 88309"},"PEDREIRO C/ENCARGOS COMPLEMENTARES","h",3.6900000000000002E-2,{"$f":"+Insumos!$G$35","v":20.34},{"$f":"TRUNC(D371*E371,2)","v":0.75}]
[{"$f":"CONCATENATE(\"SINAPI C \",Insumos!$B$38)","v":"SINAPI C 88316"},"SERVENTE C/ ENCARGOS COMPLEMENTARES","h",0.75309999999999999,{"$f":"+Insumos!$G$38","v":16.920000000000002},{"$f":"TRUNC(D372*E372,2)","v":12.74}]
["SUB-TOTAL - MÃO-DE-OBRA:",null,{"$f":"SUM(F371:F372)","v":13.49}]
[]
[null,"CUSTO TOTAL:",null,null,null,{"$f":"+C370+C373","v":40.619999999999997}]
[]
[null,"BDI:","%",{"$f":"+$F$7","v":"28,21%"},null,{"$f":"TRUNC(F375*D377,2)","v":11.45}]
[]
[null,"PREÇO:",null,null,null,{"$f":"+F375+F377","v":52.069999999999993}]
[]
["CÓDIGO","DISCRIMINAÇÃO","UN","COEFIC.","UNITÁRIO","TOTAL"]
[142,"DEMOLIÇÃO FRADINHO BASE OCTOGONAL C/REMOÇÃO DE ENTULHOS","un"]
[{"$f":"CONCATENATE(\"SINAPI C \",'Composições Aux. SINAPI'!$A$63,)","v":"SINAPI C 5795"},"MARTELETE OU ROMPEDOR PNEUMÁTICO MANUAL, 28 KG, COM SILENCIADOR (chp)","chp",0.21790000000000001,{"$f":"+'Composições Aux. SINAPI'!$E$63:$F$63","v":25.6},{"$f":"TRUNC(D383*E383,2)","v":5.57}]
[{"$f":"CONCATENATE(\"SINAPI C \",'Composições Aux. SINAPI'!$A$64,)","v":"SINAPI C 5952"},"MARTELETE OU ROMPEDOR PNEUMÁTICO MANUAL, 28 KG, COM SILENCIADOR (chi)","chi",6.1699999999999998E-2,{"$f":"+'Composições Aux. SINAPI'!$E$64:$F$64","v":23.43},1.44]
[{"$f":"CONCATENATE(\"SINAPI C \",'Composições Aux. SINAPI'!$A$31,)","v":"SINAPI C 5953"},"COMPRESSOR DE AR REBOCÁVEL, VAZÃO 189 PCM, MOTOR DIESEL, POTÊNCIA 63 CV (chp)","chp",0.21790000000000001,{"$f":"+'Composições Aux. SINAPI'!$E$31:$F$31","v":51.7},11.26]
[{"$f":"CONCATENATE(\"SINAPI C \",'Composições Aux. SINAPI'!$A$32,)","v":"SINAPI C 5954"},"COMPRESSOR DE AR REBOCÁVEL, VAZÃO 189 PCM, MOTOR DIESEL, POTÊNCIA 63 CV (chi)","chi",6.1699999999999998E-2,{"$f":"+'Composições Aux. SINAPI'!$E$32:$F$32","v":4.3899999999999997},0.27]
[{"$f":"CONCATENATE(\"COTAÇÃO \",Insumos!$B$135)","v":"COTAÇÃO 114"},"CAÇAMBA 4,00 m³","un",2.18E-2,{"$f":"+Insumos!$G$135","v":493.97},10.76]
[{"$f":"CONCATENATE(\"SINAPI I \",Insumos!$B$90)","v":"SINAPI I 6081"},"ARGILA OU BARRO PARA ATERRO OU REATERRO","m³",5.0900000000000001E-2,{"$f":"+Insumos!$G$90","v":47.52},2.41]
["SUB-TOTAL - MATERIAL / EQUIPAMENTOS:",null,{"$f":"SUM(F383:F388)","v":31.709999999999997}]
[{"$f":"CONCATENATE(\"SINAPI C \",Insumos!$B$35)","v":"SINAPI C 88309"},"PEDREIRO C/ENCARGOS COMPLEMENTARES","h",4.2700000000000002E-2,{"$f":"+Insumos!$G$35","v":20.34},{"$f":"TRUNC(D390*E390,2)","v":0.86}]
[{"$f":"CONCATENATE(\"SINAPI C \",Insumos!$B$38)","v":"SINAPI C 88316"},"SERVENTE C/ ENCARGOS COMPLEMENTARES","h",0.88900000000000001,{"$f":"+Insumos!$G$38","v":16.920000000000002},{"$f":"TRUNC(D391*E391,2)","v":15.04}]
["SUB-TOTAL - MÃO-DE-OBRA:",null,{"$f":"SUM(F390:F391)","v":15.899999999999999}]
[]
[null,"CUSTO TOTAL:",null,null,null,{"$f":"+C389+C392","v":47.61}]
[]
[null,"BDI:","%",{"$f":"+$F$7","v":"28,21%"},null,{"$f":"TRUNC(F394*D396,2)","v":13.43}]
[]
[null,"PREÇO:",null,null,null,{"$f":"+F394+F396","v":61.04}]
[]
["CÓDIGO","DISCRIMINAÇÃO","UN","COEFIC.","UNITÁRIO","TOTAL"]
[150,"REMOÇÃO MESA DE DAMAS","un"]
[{"$f":"CONCATENATE(\"SINAPI C \",'Composições Aux. SINAPI'!$A$63,)","v":"SINAPI C 5795"},"MARTELETE OU ROMPEDOR PNEUMÁTICO MANUAL, 28 KG, COM SILENCIADOR (chp)","chp",0.64939999999999998,{"$f":"+'Composições Aux. SINAPI'!$E$63:$F$63","v":25.6},{"$f":"TRUNC(D402*E402,2)","v":16.62}]
[{"$f":"CONCATENATE(\"SINAPI C \",'Composições Aux. SINAPI'!$A$64,)","v":"SINAPI C 5952"},"MARTELETE OU ROMPEDOR PNEUMÁTICO MANUAL, 28 KG, COM SILENCIADOR (chi)","chi",0.184,{"$f":"+'Composições Aux. SINAPI'!$E$64:$F$64","v":23.43},4.3099999999999996]
[{"$f":"CONCATENATE(\"SINAPI C \",'Composições Aux. SINAPI'!$A$31,)","v":"SINAPI C 5953"},"COMPRESSOR DE AR REBOCÁVEL, VAZÃO 189 PCM, MOTOR DIESEL, POTÊNCIA 63 CV (chp)","chp",0.64939999999999998,{"$f":"+'Composições Aux. SINAPI'!$E$31:$F$31","v":51.7},33.57]
[{"$f":"CONCATENATE(\"SINAPI C \",'Composições Aux. SINAPI'!$A$32,)","v":"SINAPI C 5954"},"COMPRESSOR DE AR REBOCÁVEL, VAZÃO 189 PCM, MOTOR DIESEL, POTÊNCIA 63 CV (chi)","chi",0.184,{"$f":"+'Composições Aux. SINAPI'!$E$32:$F$32","v":4.3899999999999997},0.8]
[{"$f":"CONCATENATE(\"COTAÇÃO \",Insumos!$B$135)","v":"COTAÇÃO 114"},"CAÇAMBA 4,00 m³","un",6.5000000000000002E-2,{"$f":"+Insumos!$G$135","v":493.97},32.1]
[{"$f":"CONCATENATE(\"SINAPI I \",Insumos!$B$90)","v":"SINAPI I 6081"},"ARGILA OU BARRO PARA ATERRO OU REATERRO","m³",0.25,{"$f":"+Insumos!$G$90","v":47.52},11.88]
["SUB-TOTAL - MATERIAL / EQUIPAMENTOS:",null,{"$f":"SUM(F402:F407)","v":99.28}]
[{"$f":"CONCATENATE(\"SINAPI C \",Insumos!$B$35)","v":"SINAPI C 88309"},"PEDREIRO C/ENCARGOS COMPLEMENTARES","h",0.1273,{"$f":"+Insumos!$G$35","v":20.34},{"$f":"TRUNC(D409*E409,2)","v":2.58}]
[{"$f":"CONCATENATE(\"SINAPI C \",Insumos!$B$38)","v":"SINAPI C 88316"},"SERVENTE C/ ENCARGOS COMPLEMENTARES","h",3.5453999999999999,{"$f":"+Insumos!$G$38","v":16.920000000000002},{"$f":"TRUNC(D410*E410,2)","v":59.98}]
["SUB-TOTAL - MÃO-DE-OBRA:",null,{"$f":"SUM(F409:F410)","v":62.559999999999995}]
[]
[null,"CUSTO TOTAL:",null,null,null,{"$f":"+C408+C411","v":161.84}]
[]
[null,"BDI:","%",{"$f":"+$F$7","v":"28,21%"},null,{"$f":"TRUNC(F413*D415,2)","v":45.65}]
[]
[null,"PREÇO:",null,null,null,{"$f":"+F413+F415","v":207.49}]
[]
["CÓDIGO","DISCRIMINAÇÃO","UN","COEFIC.","UNITÁRIO","TOTAL"]
[160,"REMOÇÃO LIXEIRA","un"]
[{"$f":"CONCATENATE(\"SINAPI C \",'Composições Aux. SINAPI'!$A$63,)","v":"SINAPI C 5795"},"MARTELETE OU ROMPEDOR PNEUMÁTICO MANUAL, 28 KG, COM SILENCIADOR (chp)","chp",0.2571,{"$f":"+'Composições Aux. SINAPI'!$E$63:$F$63","v":25.6},{"$f":"TRUNC(D421*E421,2)","v":6.58}]
[{"$f":"CONCATENATE(\"SINAPI C \",'Composições Aux. SINAPI'!$A$64,)","v":"SINAPI C 5952"},"MARTELETE OU ROMPEDOR PNEUMÁTICO MANUAL, 28 KG, COM SILENCIADOR (chi)","chi",7.2900000000000006E-2,{"$f":"+'Composições Aux. SINAPI'!$E$64:$F$64","v":23.43},1.7]
[{"$f":"CONCATENATE(\"SINAPI C \",'Composições Aux. SINAPI'!$A$31,)","v":"SINAPI C 5953"},"COMPRESSOR DE AR REBOCÁVEL, VAZÃO 189 PCM, MOTOR DIESEL, POTÊNCIA 63 CV (chp)","chp",0.2571,{"$f":"+'Composições Aux. SINAPI'!$E$31:$F$31","v":51.7},13.29]
[{"$f":"CONCATENATE(\"SINAPI C \",'Composições Aux. SINAPI'!$A$32,)","v":"SINAPI C 5954"},"COMPRESSOR DE AR REBOCÁVEL, VAZÃO 189 PCM, MOTOR DIESEL, POTÊNCIA 63 CV (chi)","chi",7.2900000000000006E-2,{"$f":"+'Composições Aux. SINAPI'!$E$32:$F$32","v":4.3899999999999997},0.32]
[{"$f":"CONCATENATE(\"COTAÇÃO \",Insumos!$B$135)","v":"COTAÇÃO 114"},"CAÇAMBA 4,00 m³","un",2.5700000000000001E-2,{"$f":"+Insumos!$G$135","v":493.97},12.69]
[{"$f":"CONCATENATE(\"SINAPI I \",Insumos!$B$90)","v":"SINAPI I 6081"},"ARGILA OU BARRO PARA ATERRO OU REATERRO","m³",9.9000000000000005E-2,{"$f":"+Insumos!$G$90","v":47.52},4.7]
["SUB-TOTAL - MATERIAL / EQUIPAMENTOS:",null,{"$f":"SUM(F421:F426)","v":39.28}]
[{"$f":"CONCATENATE(\"SINAPI C \",Insumos!$B$35)","v":"SINAPI C 88309"},"PEDREIRO C/ENCARGOS COMPLEMENTARES","h",5.04E-2,{"$f":"+Insumos!$G$35","v":20.34},{"$f":"TRUNC(D428*E428,2)","v":1.02}]
[{"$f":"CONCATENATE(\"SINAPI C \",Insumos!$B$38)","v":"SINAPI C 88316"},"SERVENTE C/ ENCARGOS COMPLEMENTARES","h",1.4610000000000001,{"$f":"+Insumos!$G$38","v":16.920000000000002},{"$f":"TRUNC(D429*E429,2)","v":24.72}]
["SUB-TOTAL - MÃO-DE-OBRA:",null,{"$f":"SUM(F428:F429)","v":25.74}]
[]
[null,"CUSTO TOTAL:",null,null,null,{"$f":"+C427+C430","v":65.02}]
[]
[null,"BDI:","%",{"$f":"+$F$7","v":"28,21%"},null,{"$f":"TRUNC(F432*D434,2)","v":18.34}]
[]
[null,"PREÇO:",null,null,null,{"$f":"+F432+F434","v":83.36}]
[]
["CÓDIGO","DISCRIMINAÇÃO","UN","COEFIC.","UNITÁRIO","TOTAL"]
[200,"REMOÇÃO ESTRUTURA 1, 2, 3, 5 E 7","un"]
[{"$f":"CONCATENATE(\"SINAPI C \",'Composições Aux. SINAPI'!$A$63,)","v":"SINAPI C 5795"},"MARTELETE OU ROMPEDOR PNEUMÁTICO MANUAL, 28 KG, COM SILENCIADOR (chp)","chp",0.46750000000000003,{"$f":"+'Composições Aux. SINAPI'!$E$63:$F$63","v":25.6},{"$f":"TRUNC(D440*E440,2)","v":11.96}]
[{"$f":"CONCATENATE(\"SINAPI C \",'Composições Aux. SINAPI'!$A$64,)","v":"SINAPI C 5952"},"MARTELETE OU ROMPEDOR PNEUMÁTICO MANUAL, 28 KG, COM SILENCIADOR (chi)","chi",0.13250000000000001,{"$f":"+'Composições Aux. SINAPI'!$E$64:$F$64","v":23.43},3.1]
[{"$f":"CONCATENATE(\"SINAPI C \",'Composições Aux. SINAPI'!$A$31,)","v":"SINAPI C 5953"},"COMPRESSOR DE AR REBOCÁVEL, VAZÃO 189 PCM, MOTOR DIESEL, POTÊNCIA 63 CV (chp)","chp",0.46750000000000003,{"$f":"+'Composições Aux. SINAPI'!$E$31:$F$31","v":51.7},24.16]
[{"$f":"CONCATENATE(\"SINAPI C \",'Composições Aux. SINAPI'!$A$32,)","v":"SINAPI C 5954"},"COMPRESSOR DE AR REBOCÁVEL, VAZÃO 189 PCM, MOTOR DIESEL, POTÊNCIA 63 CV (chi)","chi",0.13250000000000001,{"$f":"+'Composições Aux. SINAPI'!$E$32:$F$32","v":4.3899999999999997},0.57999999999999996]
[{"$f":"CONCATENATE(\"COTAÇÃO \",Insumos!$B$135)","v":"COTAÇÃO 114"},"CAÇAMBA 4,00 m³","un",4.6800000000000001E-2,{"$f":"+Insumos!$G$135","v":493.97},23.11]
[{"$f":"CONCATENATE(\"SINAPI I \",Insumos!$B$90)","v":"SINAPI I 6081"},"ARGILA OU BARRO PARA ATERRO OU REATERRO","m³",0.18,{"$f":"+Insumos!$G$90","v":47.52},8.5500000000000007]
["SUB-TOTAL - MATERIAL / EQUIPAMENTOS:",null,{"$f":"SUM(F440:F445)","v":71.459999999999994}]
[{"$f":"CONCATENATE(\"SINAPI C \",Insumos!$B$35)","v":"SINAPI C 88309"},"PEDREIRO C/ENCARGOS COMPLEMENTARES","h",9.1700000000000004E-2,{"$f":"+Insumos!$G$35","v":20.34},{"$f":"TRUNC(D447*E447,2)","v":1.86}]
[{"$f":"CONCATENATE(\"SINAPI C \",Insumos!$B$38)","v":"SINAPI C 88316"},"SERVENTE C/ ENCARGOS COMPLEMENTARES","h",2.5427,{"$f":"+Insumos!$G$38","v":16.920000000000002},{"$f":"TRUNC(D448*E448,2)","v":43.02}]
["SUB-TOTAL - MÃO-DE-OBRA:",null,{"$f":"SUM(F447:F448)","v":44.88}]
[]
[null,"CUSTO TOTAL:",null,null,null,{"$f":"+C446+C449","v":116.34}]
[]
[null,"BDI:","%",{"$f":"+$F$7","v":"28,21%"},null,{"$f":"TRUNC(F451*D453,2)","v":32.81}]
[]
[null,"PREÇO:",null,null,null,{"$f":"+F451+F453","v":149.15}]
[]
["CÓDIGO","DISCRIMINAÇÃO","UN","COEFIC.","UNITÁRIO","TOTAL"]
[205,"REMOÇÃO ESTRUTURA 4","un"]
[{"$f":"CONCATENATE(\"SINAPI C \",'Composições Aux. SINAPI'!$A$63,)","v":"SINAPI C 5795"},"MARTELETE OU ROMPEDOR PNEUMÁTICO MANUAL, 28 KG, COM SILENCIADOR (chp)","chp",1.0389999999999999,{"$f":"+'Composições Aux. SINAPI'!$E$63:$F$63","v":25.6},{"$f":"TRUNC(D459*E459,2)","v":26.59}]
[{"$f":"CONCATENATE(\"SINAPI C \",'Composições Aux. SINAPI'!$A$64,)","v":"SINAPI C 5952"},"MARTELETE OU ROMPEDOR PNEUMÁTICO MANUAL, 28 KG, COM SILENCIADOR (chi)","chi",0.29449999999999998,{"$f":"+'Composições Aux. SINAPI'!$E$64:$F$64","v":23.43},6.9]
[{"$f":"CONCATENATE(\"SINAPI C \",'Composições Aux. SINAPI'!$A$31,)","v":"SINAPI C 5953"},"COMPRESSOR DE AR REBOCÁVEL, VAZÃO 189 PCM, MOTOR DIESEL, POTÊNCIA 63 CV (chp)","chp",1.0389999999999999,{"$f":"+'Composições Aux. SINAPI'!$E$31:$F$31","v":51.7},53.71]
[{"$f":"CONCATENATE(\"SINAPI C \",'Composições Aux. SINAPI'!$A$32,)","v":"SINAPI C 5954"},"COMPRESSOR DE AR REBOCÁVEL, VAZÃO 189 PCM, MOTOR DIESEL, POTÊNCIA 63 CV (chi)","chi",0.29449999999999998,{"$f":"+'Composições Aux. SINAPI'!$E$32:$F$32","v":4.3899999999999997},1.29]
[{"$f":"CONCATENATE(\"COTAÇÃO \",Insumos!$B$135)","v":"COTAÇÃO 114"},"CAÇAMBA 4,00 m³","un",0.104,{"$f":"+Insumos!$G$135","v":493.97},51.37]
[{"$f":"CONCATENATE(\"SINAPI I \",Insumos!$B$90)","v":"SINAPI I 6081"},"ARGILA OU BARRO PARA ATERRO OU REATERRO","m³",0.4,{"$f":"+Insumos!$G$90","v":47.52},19]
["SUB-TOTAL - MATERIAL / EQUIPAMENTOS:",null,{"$f":"SUM(F459:F464)","v":158.86000000000001}]
[{"$f":"CONCATENATE(\"SINAPI C \",Insumos!$B$35)","v":"SINAPI C 88309"},"PEDREIRO C/ENCARGOS COMPLEMENTARES","h",0.20369999999999999,{"$f":"+Insumos!$G$35","v":20.34},{"$f":"TRUNC(D466*E466,2)","v":4.1399999999999997}]
[{"$f":"CONCATENATE(\"SINAPI C \",Insumos!$B$38)","v":"SINAPI C 88316"},"SERVENTE C/ ENCARGOS COMPLEMENTARES","h",4.6227,{"$f":"+Insumos!$G$38","v":16.920000000000002},{"$f":"TRUNC(D467*E467,2)","v":78.209999999999994}]
["SUB-TOTAL - MÃO-DE-OBRA:",null,{"$f":"SUM(F466:F467)","v":82.35}]
[]
[null,"CUSTO TOTAL:",null,null,null,{"$f":"+C465+C468","v":241.21}]
[]
[null,"BDI:","%",{"$f":"+$F$7","v":"28,21%"},null,{"$f":"TRUNC(F470*D472,2)","v":68.040000000000006}]
[]
[null,"PREÇO:",null,null,null,{"$f":"+F470+F472","v":309.25}]
[]
["CÓDIGO","DISCRIMINAÇÃO","UN","COEFIC.","UNITÁRIO","TOTAL"]
[210,"REMOÇÃO ESTRUTURA 6 E 8","un"]
[{"$f":"CONCATENATE(\"SINAPI C \",'Composições Aux. SINAPI'!$A$63,)","v":"SINAPI C 5795"},"MARTELETE OU ROMPEDOR PNEUMÁTICO MANUAL, 28 KG, COM SILENCIADOR (chp)","chp",1.1688000000000001,{"$f":"+'Composições Aux. SINAPI'!$E$63:$F$63","v":25.6},{"$f":"TRUNC(D478*E478,2)","v":29.92}]
[{"$f":"CONCATENATE(\"SINAPI C \",'Composições Aux. SINAPI'!$A$64,)","v":"SINAPI C 5952"},"MARTELETE OU ROMPEDOR PNEUMÁTICO MANUAL, 28 KG, COM SILENCIADOR (chi)","chi",0.33129999999999998,{"$f":"+'Composições Aux. SINAPI'!$E$64:$F$64","v":23.43},7.76]
[{"$f":"CONCATENATE(\"SINAPI C \",'Composições Aux. SINAPI'!$A$31,)","v":"SINAPI C 5953"},"COMPRESSOR DE AR REBOCÁVEL, VAZÃO 189 PCM, MOTOR DIESEL, POTÊNCIA 63 CV (chp)","chp",1.1688000000000001,{"$f":"+'Composições Aux. SINAPI'!$E$31:$F$31","v":51.7},60.42]
[{"$f":"CONCATENATE(\"SINAPI C \",'Composições Aux. SINAPI'!$A$32,)","v":"SINAPI C 5954"},"COMPRESSOR DE AR REBOCÁVEL, VAZÃO 189 PCM, MOTOR DIESEL, POTÊNCIA 63 CV (chi)","chi",0.33129999999999998,{"$f":"+'Composições Aux. SINAPI'!$E$32:$F$32","v":4.3899999999999997},1.45]
[{"$f":"CONCATENATE(\"COTAÇÃO \",Insumos!$B$135)","v":"COTAÇÃO 114"},"CAÇAMBA 4,00 m³","un",0.11700000000000001,{"$f":"+Insumos!$G$135","v":493.97},57.79]
[{"$f":"CONCATENATE(\"SINAPI I \",Insumos!$B$90)","v":"SINAPI I 6081"},"ARGILA OU BARRO PARA ATERRO OU REATERRO","m³",0.45,{"$f":"+Insumos!$G$90","v":47.52},21.38]
["SUB-TOTAL - MATERIAL / EQUIPAMENTOS:",null,{"$f":"SUM(F478:F483)","v":178.72}]
[{"$f":"CONCATENATE(\"SINAPI C \",Insumos!$B$35)","v":"SINAPI C 88309"},"PEDREIRO C/ENCARGOS COMPLEMENTARES","h",0.22919999999999999,{"$f":"+Insumos!$G$35","v":20.34},{"$f":"TRUNC(D485*E485,2)","v":4.66}]
[{"$f":"CONCATENATE(\"SINAPI C \",Insumos!$B$38)","v":"SINAPI C 88316"},"SERVENTE C/ ENCARGOS COMPLEMENTARES","h",5.2317999999999998,{"$f":"+Insumos!$G$38","v":16.920000000000002},{"$f":"TRUNC(D486*E486,2)","v":88.52}]
["SUB-TOTAL - MÃO-DE-OBRA:",null,{"$f":"SUM(F485:F486)","v":93.179999999999993}]
[]
[null,"CUSTO TOTAL:",null,null,null,{"$f":"+C484+C487","v":271.89999999999998}]
[]
[null,"BDI:","%",{"$f":"+$F$7","v":"28,21%"},null,{"$f":"TRUNC(F489*D491,2)","v":76.7}]
[]
[null,"PREÇO:",null,null,null,{"$f":"+F489+F491","v":348.59999999999997}]
[]
["CÓDIGO","DISCRIMINAÇÃO","UN","COEFIC.","UNITÁRIO","TOTAL"]
[215,"REMOÇÃO ESTRUTURA 9","un"]
[{"$f":"CONCATENATE(\"SINAPI C \",'Composições Aux. SINAPI'!$A$63,)","v":"SINAPI C 5795"},"MARTELETE OU ROMPEDOR PNEUMÁTICO MANUAL, 28 KG, COM SILENCIADOR (chp)","chp",0.58440000000000003,{"$f":"+'Composições Aux. SINAPI'!$E$63:$F$63","v":25.6},{"$f":"TRUNC(D497*E497,2)","v":14.96}]
[{"$f":"CONCATENATE(\"SINAPI C \",'Composições Aux. SINAPI'!$A$64,)","v":"SINAPI C 5952"},"MARTELETE OU ROMPEDOR PNEUMÁTICO MANUAL, 28 KG, COM SILENCIADOR (chi)","chi",0.1656,{"$f":"+'Composições Aux. SINAPI'!$E$64:$F$64","v":23.43},3.88]
[{"$f":"CONCATENATE(\"SINAPI C \",'Composições Aux. SINAPI'!$A$31,)","v":"SINAPI C 5953"},"COMPRESSOR DE AR REBOCÁVEL, VAZÃO 189 PCM, MOTOR DIESEL, POTÊNCIA 63 CV (chp)","chp",0.58440000000000003,{"$f":"+'Composições Aux. SINAPI'!$E$31:$F$31","v":51.7},30.21]
[{"$f":"CONCATENATE(\"SINAPI C \",'Composições Aux. SINAPI'!$A$32,)","v":"SINAPI C 5954"},"COMPRESSOR DE AR REBOCÁVEL, VAZÃO 189 PCM, MOTOR DIESEL, POTÊNCIA 63 CV (chi)","chi",0.1656,{"$f":"+'Composições Aux. SINAPI'!$E$32:$F$32","v":4.3899999999999997},0.72]
[{"$f":"CONCATENATE(\"COTAÇÃO \",Insumos!$B$135)","v":"COTAÇÃO 114"},"CAÇAMBA 4,00 m³","un",5.8500000000000003E-2,{"$f":"+Insumos!$G$135","v":493.97},28.89]
[{"$f":"CONCATENATE(\"SINAPI I \",Insumos!$B$90)","v":"SINAPI I 6081"},"ARGILA OU BARRO PARA ATERRO OU REATERRO","m³",0.22500000000000001,{"$f":"+Insumos!$G$90","v":47.52},10.69]
["SUB-TOTAL - MATERIAL / EQUIPAMENTOS:",null,{"$f":"SUM(F497:F502)","v":89.35}]
[{"$f":"CONCATENATE(\"SINAPI C \",Insumos!$B$35)","v":"SINAPI C 88309"},"PEDREIRO C/ENCARGOS COMPLEMENTARES","h",0.11459999999999999,{"$f":"+Insumos!$G$35","v":20.34},{"$f":"TRUNC(D504*E504,2)","v":2.33}]
[{"$f":"CONCATENATE(\"SINAPI C \",Insumos!$B$38)","v":"SINAPI C 88316"},"SERVENTE C/ ENCARGOS COMPLEMENTARES","h",2.8658000000000001,{"$f":"+Insumos!$G$38","v":16.920000000000002},{"$f":"TRUNC(D505*E505,2)","v":48.48}]
["SUB-TOTAL - MÃO-DE-OBRA:",null,{"$f":"SUM(F504:F505)","v":50.809999999999995}]
[]
[null,"CUSTO TOTAL:",null,null,null,{"$f":"+C503+C506","v":140.16}]
[]
[null,"BDI:","%",{"$f":"+$F$7","v":"28,21%"},null,{"$f":"TRUNC(F508*D510,2)","v":39.53}]
[]
[null,"PREÇO:",null,null,null,{"$f":"+F508+F510","v":179.69}]
[]
["CÓDIGO","DISCRIMINAÇÃO","UN","COEFIC.","UNITÁRIO","TOTAL"]
[250,"REMOÇÃO GANGORRA","un"]
[{"$f":"CONCATENATE(\"SINAPI C \",'Composições Aux. SINAPI'!$A$63,)","v":"SINAPI C 5795"},"MARTELETE OU ROMPEDOR PNEUMÁTICO MANUAL, 28 KG, COM SILENCIADOR (chp)","chp",0.23380000000000001,{"$f":"+'Composições Aux. SINAPI'!$E$63:$F$63","v":25.6},{"$f":"TRUNC(D516*E516,2)","v":5.98}]
[{"$f":"CONCATENATE(\"SINAPI C \",'Composições Aux. SINAPI'!$A$64,)","v":"SINAPI C 5952"},"MARTELETE OU ROMPEDOR PNEUMÁTICO MANUAL, 28 KG, COM SILENCIADOR (chi)","chi",6.6299999999999998E-2,{"$f":"+'Composições Aux. SINAPI'!$E$64:$F$64","v":23.43},1.55]
[{"$f":"CONCATENATE(\"SINAPI C \",'Composições Aux. SINAPI'!$A$31,)","v":"SINAPI C 5953"},"COMPRESSOR DE AR REBOCÁVEL, VAZÃO 189 PCM, MOTOR DIESEL, POTÊNCIA 63 CV (chp)","chp",0.23380000000000001,{"$f":"+'Composições Aux. SINAPI'!$E$31:$F$31","v":51.7},12.08]
[{"$f":"CONCATENATE(\"SINAPI C \",'Composições Aux. SINAPI'!$A$32,)","v":"SINAPI C 5954"},"COMPRESSOR DE AR REBOCÁVEL, VAZÃO 189 PCM, MOTOR DIESEL, POTÊNCIA 63 CV (chi)","chi",6.6299999999999998E-2,{"$f":"+'Composições Aux. SINAPI'!$E$32:$F$32","v":4.3899999999999997},0.28999999999999998]
[{"$f":"CONCATENATE(\"COTAÇÃO \",Insumos!$B$135)","v":"COTAÇÃO 114"},"CAÇAMBA 4,00 m³","un",2.3400000000000001E-2,{"$f":"+Insumos!$G$135","v":493.97},11.55]
[{"$f":"CONCATENATE(\"SINAPI I \",Insumos!$B$90)","v":"SINAPI I 6081"},"ARGILA OU BARRO PARA ATERRO OU REATERRO","m³",0.09,{"$f":"+Insumos!$G$90","v":47.52},4.2699999999999996]
["SUB-TOTAL - MATERIAL / EQUIPAMENTOS:",null,{"$f":"SUM(F516:F521)","v":35.72}]
[{"$f":"CONCATENATE(\"SINAPI C \",Insumos!$B$35)","v":"SINAPI C 88309"},"PEDREIRO C/ENCARGOS COMPLEMENTARES","h",4.58E-2,{"$f":"+Insumos!$G$35","v":20.34},{"$f":"TRUNC(D523*E523,2)","v":0.93}]
[{"$f":"CONCATENATE(\"SINAPI C \",Insumos!$B$38)","v":"SINAPI C 88316"},"SERVENTE C/ ENCARGOS COMPLEMENTARES","h",1.6464000000000001,{"$f":"+Insumos!$G$38","v":16.920000000000002},{"$f":"TRUNC(D524*E524,2)","v":27.85}]
["SUB-TOTAL - MÃO-DE-OBRA:",null,{"$f":"SUM(F523:F524)","v":28.78}]
[]
[null,"CUSTO TOTAL:",null,null,null,{"$f":"+C522+C525","v":64.5}]
[]
[null,"BDI:","%",{"$f":"+$F$7","v":"28,21%"},null,{"$f":"TRUNC(F527*D529,2)","v":18.190000000000001}]
[]
[null,"PREÇO:",null,null,null,{"$f":"+F527+F529","v":82.69}]
[]
["CÓDIGO","DISCRIMINAÇÃO","UN","COEFIC.","UNITÁRIO","TOTAL"]
[255,"REMOÇÃO BARRA-BALANÇO","un"]
[{"$f":"CONCATENATE(\"SINAPI C \",'Composições Aux. SINAPI'!$A$63,)","v":"SINAPI C 5795"},"MARTELETE OU ROMPEDOR PNEUMÁTICO MANUAL, 28 KG, COM SILENCIADOR (chp)","chp",1.6624000000000001,{"$f":"+'Composições Aux. SINAPI'!$E$63:$F$63","v":25.6},{"$f":"TRUNC(D535*E535,2)","v":42.55}]
[{"$f":"CONCATENATE(\"SINAPI C \",'Composições Aux. SINAPI'!$A$64,)","v":"SINAPI C 5952"},"MARTELETE OU ROMPEDOR PNEUMÁTICO MANUAL, 28 KG, COM SILENCIADOR (chi)","chi",0.47110000000000002,{"$f":"+'Composições Aux. SINAPI'!$E$64:$F$64","v":23.43},11.03]
[{"$f":"CONCATENATE(\"SINAPI C \",'Composições Aux. SINAPI'!$A$31,)","v":"SINAPI C 5953"},"COMPRESSOR DE AR REBOCÁVEL, VAZÃO 189 PCM, MOTOR DIESEL, POTÊNCIA 63 CV (chp)","chp",1.6624000000000001,{"$f":"+'Composições Aux. SINAPI'!$E$31:$F$31","v":51.7},85.94]
[{"$f":"CONCATENATE(\"SINAPI C \",'Composições Aux. SINAPI'!$A$32,)","v":"SINAPI C 5954"},"COMPRESSOR DE AR REBOCÁVEL, VAZÃO 189 PCM, MOTOR DIESEL, POTÊNCIA 63 CV (chi)","chi",0.47110000000000002,{"$f":"+'Composições Aux. SINAPI'!$E$32:$F$32","v":4.3899999999999997},2.06]
[{"$f":"CONCATENATE(\"COTAÇÃO \",Insumos!$B$135)","v":"COTAÇÃO 114"},"CAÇAMBA 4,00 m³","un",0.16639999999999999,{"$f":"+Insumos!$G$135","v":493.97},82.19]
[{"$f":"CONCATENATE(\"SINAPI I \",Insumos!$B$90)","v":"SINAPI I 6081"},"ARGILA OU BARRO PARA ATERRO OU REATERRO","m³",0.64,{"$f":"+Insumos!$G$90","v":47.52},30.41]
["SUB-TOTAL - MATERIAL / EQUIPAMENTOS:",null,{"$f":"SUM(F535:F540)","v":254.17999999999998}]
[{"$f":"CONCATENATE(\"SINAPI C \",Insumos!$B$35)","v":"SINAPI C 88309"},"PEDREIRO C/ENCARGOS COMPLEMENTARES","h",0.32590000000000002,{"$f":"+Insumos!$G$35","v":20.34},{"$f":"TRUNC(D542*E542,2)","v":6.62}]
[{"$f":"CONCATENATE(\"SINAPI C \",Insumos!$B$38)","v":"SINAPI C 88316"},"SERVENTE C/ ENCARGOS COMPLEMENTARES","h",6.3463000000000003,{"$f":"+Insumos!$G$38","v":16.920000000000002},{"$f":"TRUNC(D543*E543,2)","v":107.37}]
["SUB-TOTAL - MÃO-DE-OBRA:",null,{"$f":"SUM(F542:F543)","v":113.99000000000001}]
[]
[null,"CUSTO TOTAL:",null,null,null,{"$f":"+C541+C544","v":368.16999999999996}]
[]
[null,"BDI:","%",{"$f":"+$F$7","v":"28,21%"},null,{"$f":"TRUNC(F546*D548,2)","v":103.86}]
[]
[null,"PREÇO:",null,null,null,{"$f":"+F546+F548","v":472.03}]
[]
["CÓDIGO","DISCRIMINAÇÃO","UN","COEFIC.","UNITÁRIO","TOTAL"]
[260,"REMOÇÃO BALANÇO PADRÃO SMAMS","un"]
[{"$f":"CONCATENATE(\"SINAPI C \",'Composições Aux. SINAPI'!$A$63,)","v":"SINAPI C 5795"},"MARTELETE OU ROMPEDOR PNEUMÁTICO MANUAL, 28 KG, COM SILENCIADOR (chp)","chp",1.2467999999999999,{"$f":"+'Composições Aux. SINAPI'!$E$63:$F$63","v":25.6},{"$f":"TRUNC(D554*E554,2)","v":31.91}]
[{"$f":"CONCATENATE(\"SINAPI C \",'Composições Aux. SINAPI'!$A$64,)","v":"SINAPI C 5952"},"MARTELETE OU ROMPEDOR PNEUMÁTICO MANUAL, 28 KG, COM SILENCIADOR (chi)","chi",0.35339999999999999,{"$f":"+'Composições Aux. SINAPI'!$E$64:$F$64","v":23.43},8.2799999999999994]
[{"$f":"CONCATENATE(\"SINAPI C \",'Composições Aux. SINAPI'!$A$31,)","v":"SINAPI C 5953"},"COMPRESSOR DE AR REBOCÁVEL, VAZÃO 189 PCM, MOTOR DIESEL, POTÊNCIA 63 CV (chp)","chp",1.2467999999999999,{"$f":"+'Composições Aux. SINAPI'!$E$31:$F$31","v":51.7},64.45]
[{"$f":"CONCATENATE(\"SINAPI C \",'Composições Aux. SINAPI'!$A$32,)","v":"SINAPI C 5954"},"COMPRESSOR DE AR REBOCÁVEL, VAZÃO 189 PCM, MOTOR DIESEL, POTÊNCIA 63 CV (chi)","chi",0.35339999999999999,{"$f":"+'Composições Aux. SINAPI'!$E$32:$F$32","v":4.3899999999999997},1.55]
[{"$f":"CONCATENATE(\"COTAÇÃO \",Insumos!$B$135)","v":"COTAÇÃO 114"},"CAÇAMBA 4,00 m³","un",0.12479999999999999,{"$f":"+Insumos!$G$135","v":493.97},61.64]
[{"$f":"CONCATENATE(\"SINAPI I \",Insumos!$B$90)","v":"SINAPI I 6081"},"ARGILA OU BARRO PARA ATERRO OU REATERRO","m³",0.48,{"$f":"+Insumos!$G$90","v":47.52},22.8]
["SUB-TOTAL - MATERIAL / EQUIPAMENTOS:",null,{"$f":"SUM(F554:F559)","v":190.63}]
[{"$f":"CONCATENATE(\"SINAPI C \",Insumos!$B$35)","v":"SINAPI C 88309"},"PEDREIRO C/ENCARGOS COMPLEMENTARES","h",0.2445,{"$f":"+Insumos!$G$35","v":20.34},{"$f":"TRUNC(D561*E561,2)","v":4.97}]
[{"$f":"CONCATENATE(\"SINAPI C \",Insumos!$B$38)","v":"SINAPI C 88316"},"SERVENTE C/ ENCARGOS COMPLEMENTARES","h",5.1971999999999996,{"$f":"+Insumos!$G$38","v":16.920000000000002},{"$f":"TRUNC(D562*E562,2)","v":87.93}]
["SUB-TOTAL - MÃO-DE-OBRA:",null,{"$f":"SUM(F561:F562)","v":92.9}]
[]
[null,"CUSTO TOTAL:",null,null,null,{"$f":"+C560+C563","v":283.52999999999997}]
[]
[null,"BDI:","%",{"$f":"+$F$7","v":"28,21%"},null,{"$f":"TRUNC(F565*D567,2)","v":79.98}]
[]
[null,"PREÇO:",null,null,null,{"$f":"+F565+F567","v":363.51}]
[]
["CÓDIGO","DISCRIMINAÇÃO","UN","COEFIC.","UNITÁRIO","TOTAL"]
[261,"REMOÇÃO 1/2 BALANÇO","un"]
[{"$f":"CONCATENATE(\"SINAPI C \",'Composições Aux. SINAPI'!$A$63,)","v":"SINAPI C 5795"},"MARTELETE OU ROMPEDOR PNEUMÁTICO MANUAL, 28 KG, COM SILENCIADOR (chp)","chp",0.83120000000000005,{"$f":"+'Composições Aux. SINAPI'!$E$63:$F$63","v":25.6},{"$f":"TRUNC(D573*E573,2)","v":21.27}]
[{"$f":"CONCATENATE(\"SINAPI C \",'Composições Aux. SINAPI'!$A$64,)","v":"SINAPI C 5952"},"MARTELETE OU ROMPEDOR PNEUMÁTICO MANUAL, 28 KG, COM SILENCIADOR (chi)","chi",0.2356,{"$f":"+'Composições Aux. SINAPI'!$E$64:$F$64","v":23.43},5.52]
[{"$f":"CONCATENATE(\"SINAPI C \",'Composições Aux. SINAPI'!$A$31,)","v":"SINAPI C 5953"},"COMPRESSOR DE AR REBOCÁVEL, VAZÃO 189 PCM, MOTOR DIESEL, POTÊNCIA 63 CV (chp)","chp",0.83120000000000005,{"$f":"+'Composições Aux. SINAPI'!$E$31:$F$31","v":51.7},42.97]
[{"$f":"CONCATENATE(\"SINAPI C \",'Composições Aux. SINAPI'!$A$32,)","v":"SINAPI C 5954"},"COMPRESSOR DE AR REBOCÁVEL, VAZÃO 189 PCM, MOTOR DIESEL, POTÊNCIA 63 CV (chi)","chi",0.2356,{"$f":"+'Composições Aux. SINAPI'!$E$32:$F$32","v":4.3899999999999997},1.03]
[{"$f":"CONCATENATE(\"COTAÇÃO \",Insumos!$B$135)","v":"COTAÇÃO 114"},"CAÇAMBA 4,00 m³","un",8.3199999999999996E-2,{"$f":"+Insumos!$G$135","v":493.97},41.09]
[{"$f":"CONCATENATE(\"SINAPI I \",Insumos!$B$90)","v":"SINAPI I 6081"},"ARGILA OU BARRO PARA ATERRO OU REATERRO","m³",0.32,{"$f":"+Insumos!$G$90","v":47.52},15.2]
["SUB-TOTAL - MATERIAL / EQUIPAMENTOS:",null,{"$f":"SUM(F573:F578)","v":127.08}]
[{"$f":"CONCATENATE(\"SINAPI C \",Insumos!$B$35)","v":"SINAPI C 88309"},"PEDREIRO C/ENCARGOS COMPLEMENTARES","h",0.16300000000000001,{"$f":"+Insumos!$G$35","v":20.34},{"$f":"TRUNC(D580*E580,2)","v":3.31}]
[{"$f":"CONCATENATE(\"SINAPI C \",Insumos!$B$38)","v":"SINAPI C 88316"},"SERVENTE C/ ENCARGOS COMPLEMENTARES","h",3.5480999999999998,{"$f":"+Insumos!$G$38","v":16.920000000000002},{"$f":"TRUNC(D581*E581,2)","v":60.03}]
["SUB-TOTAL - MÃO-DE-OBRA:",null,{"$f":"SUM(F580:F581)","v":63.34}]
[]
[null,"CUSTO TOTAL:",null,null,null,{"$f":"+C579+C582","v":190.42000000000002}]
[]
[null,"BDI:","%",{"$f":"+$F$7","v":"28,21%"},null,{"$f":"TRUNC(F584*D586,2)","v":53.71}]
[]
[null,"PREÇO:",null,null,null,{"$f":"+F584+F586","v":244.13000000000002}]
[]
["CÓDIGO","DISCRIMINAÇÃO","UN","COEFIC.","UNITÁRIO","TOTAL"]
[265,"REMOÇÃO ESCORREGADOR","un"]
[{"$f":"CONCATENATE(\"SINAPI C \",'Composições Aux. SINAPI'!$A$63,)","v":"SINAPI C 5795"},"MARTELETE OU ROMPEDOR PNEUMÁTICO MANUAL, 28 KG, COM SILENCIADOR (chp)","chp",1.2206999999999999,{"$f":"+'Composições Aux. SINAPI'!$E$63:$F$63","v":25.6},{"$f":"TRUNC(D592*E592,2)","v":31.24}]
[{"$f":"CONCATENATE(\"SINAPI C \",'Composições Aux. SINAPI'!$A$64,)","v":"SINAPI C 5952"},"MARTELETE OU ROMPEDOR PNEUMÁTICO MANUAL, 28 KG, COM SILENCIADOR (chi)","chi",0.32390000000000002,{"$f":"+'Composições Aux. SINAPI'!$E$64:$F$64","v":23.43},7.58]
[{"$f":"CONCATENATE(\"SINAPI C \",'Composições Aux. SINAPI'!$A$31,)","v":"SINAPI C 5953"},"COMPRESSOR DE AR REBOCÁVEL, VAZÃO 189 PCM, MOTOR DIESEL, POTÊNCIA 63 CV (chp)","chp",1.2206999999999999,{"$f":"+'Composições Aux. SINAPI'!$E$31:$F$31","v":51.7},63.11]
[{"$f":"CONCATENATE(\"SINAPI C \",'Composições Aux. SINAPI'!$A$32,)","v":"SINAPI C 5954"},"COMPRESSOR DE AR REBOCÁVEL, VAZÃO 189 PCM, MOTOR DIESEL, POTÊNCIA 63 CV (chi)","chi",0.32390000000000002,{"$f":"+'Composições Aux. SINAPI'!$E$32:$F$32","v":4.3899999999999997},1.42]
[{"$f":"CONCATENATE(\"COTAÇÃO \",Insumos!$B$135)","v":"COTAÇÃO 114"},"CAÇAMBA 4,00 m³","un",0.1144,{"$f":"+Insumos!$G$135","v":493.97},56.51]
[{"$f":"CONCATENATE(\"SINAPI I \",Insumos!$B$90)","v":"SINAPI I 6081"},"ARGILA OU BARRO PARA ATERRO OU REATERRO","m³",0.44,{"$f":"+Insumos!$G$90","v":47.52},20.9]
["SUB-TOTAL - MATERIAL / EQUIPAMENTOS:",null,{"$f":"SUM(F592:F597)","v":180.76000000000002}]
[{"$f":"CONCATENATE(\"SINAPI C \",Insumos!$B$35)","v":"SINAPI C 88309"},"PEDREIRO C/ENCARGOS COMPLEMENTARES","h",0.22409999999999999,{"$f":"+Insumos!$G$35","v":20.34},{"$f":"TRUNC(D599*E599,2)","v":4.55}]
[{"$f":"CONCATENATE(\"SINAPI C \",Insumos!$B$38)","v":"SINAPI C 88316"},"SERVENTE C/ ENCARGOS COMPLEMENTARES","h",4.6599000000000004,{"$f":"+Insumos!$G$38","v":16.920000000000002},{"$f":"TRUNC(D600*E600,2)","v":78.84}]
["SUB-TOTAL - MÃO-DE-OBRA:",null,{"$f":"SUM(F599:F600)","v":83.39}]
[]
[null,"CUSTO TOTAL:",null,null,null,{"$f":"+C598+C601","v":264.15000000000003}]
[]
[null,"BDI:","%",{"$f":"+$F$7","v":"28,21%"},null,{"$f":"TRUNC(F603*D605,2)","v":74.510000000000005}]
[]
[null,"PREÇO:",null,null,null,{"$f":"+F603+F605","v":338.66}]
[]
["CÓDIGO","DISCRIMINAÇÃO","UN","COEFIC.","UNITÁRIO","TOTAL"]
[300,"REMOÇÃO BARRA ALONGAMENTO 2 ALTURAS","un"]
[{"$f":"CONCATENATE(\"SINAPI C \",'Composições Aux. SINAPI'!$A$63,)","v":"SINAPI C 5795"},"MARTELETE OU ROMPEDOR PNEUMÁTICO MANUAL, 28 KG, COM SILENCIADOR (chp)","chp",0.23380000000000001,{"$f":"+'Composições Aux. SINAPI'!$E$63:$F$63","v":25.6},{"$f":"TRUNC(D611*E611,2)","v":5.98}]
[{"$f":"CONCATENATE(\"SINAPI C \",'Composições Aux. SINAPI'!$A$64,)","v":"SINAPI C 5952"},"MARTELETE OU ROMPEDOR PNEUMÁTICO MANUAL, 28 KG, COM SILENCIADOR (chi)","chi",6.6299999999999998E-2,{"$f":"+'Composições Aux. SINAPI'!$E$64:$F$64","v":23.43},1.55]
[{"$f":"CONCATENATE(\"SINAPI C \",'Composições Aux. SINAPI'!$A$31,)","v":"SINAPI C 5953"},"COMPRESSOR DE AR REBOCÁVEL, VAZÃO 189 PCM, MOTOR DIESEL, POTÊNCIA 63 CV (chp)","chp",0.23380000000000001,{"$f":"+'Composições Aux. SINAPI'!$E$31:$F$31","v":51.7},12.08]
[{"$f":"CONCATENATE(\"SINAPI C \",'Composições Aux. SINAPI'!$A$32,)","v":"SINAPI C 5954"},"COMPRESSOR DE AR REBOCÁVEL, VAZÃO 189 PCM, MOTOR DIESEL, POTÊNCIA 63 CV (chi)","chi",6.6299999999999998E-2,{"$f":"+'Composições Aux. SINAPI'!$E$32:$F$32","v":4.3899999999999997},0.28999999999999998]
[{"$f":"CONCATENATE(\"COTAÇÃO \",Insumos!$B$135)","v":"COTAÇÃO 114"},"CAÇAMBA 4,00 m³","un",2.3400000000000001E-2,{"$f":"+Insumos!$G$135","v":493.97},11.55]
[{"$f":"CONCATENATE(\"SINAPI I \",Insumos!$B$90)","v":"SINAPI I 6081"},"ARGILA OU BARRO PARA ATERRO OU REATERRO","m³",0.09,{"$f":"+Insumos!$G$90","v":47.52},4.2699999999999996]
["SUB-TOTAL - MATERIAL / EQUIPAMENTOS:",null,{"$f":"SUM(F611:F616)","v":35.72}]
[{"$f":"CONCATENATE(\"SINAPI C \",Insumos!$B$35)","v":"SINAPI C 88309"},"PEDREIRO C/ENCARGOS COMPLEMENTARES","h",4.58E-2,{"$f":"+Insumos!$G$35","v":20.34},{"$f":"TRUNC(D618*E618,2)","v":0.93}]
[{"$f":"CONCATENATE(\"SINAPI C \",Insumos!$B$38)","v":"SINAPI C 88316"},"SERVENTE C/ ENCARGOS COMPLEMENTARES","h",1.6464000000000001,{"$f":"+Insumos!$G$38","v":16.920000000000002},{"$f":"TRUNC(D619*E619,2)","v":27.85}]
["SUB-TOTAL - MÃO-DE-OBRA:",null,{"$f":"SUM(F618:F619)","v":28.78}]
[]
[null,"CUSTO TOTAL:",null,null,null,{"$f":"+C617+C620","v":64.5}]
[]
[null,"BDI:","%",{"$f":"+$F$7","v":"28,21%"},null,{"$f":"TRUNC(F622*D624,2)","v":18.190000000000001}]
[]
[null,"PREÇO:",null,null,null,{"$f":"+F622+F624","v":82.69}]
[]
["CÓDIGO","DISCRIMINAÇÃO","UN","COEFIC.","UNITÁRIO","TOTAL"]
[305,"REMOÇÃO BARRAS PARALELAS","un"]
[{"$f":"CONCATENATE(\"SINAPI C \",'Composições Aux. SINAPI'!$A$63,)","v":"SINAPI C 5795"},"MARTELETE OU ROMPEDOR PNEUMÁTICO MANUAL, 28 KG, COM SILENCIADOR (chp)","chp",0.46750000000000003,{"$f":"+'Composições Aux. SINAPI'!$E$63:$F$63","v":25.6},{"$f":"TRUNC(D630*E630,2)","v":11.96}]
[{"$f":"CONCATENATE(\"SINAPI C \",'Composições Aux. SINAPI'!$A$64,)","v":"SINAPI C 5952"},"MARTELETE OU ROMPEDOR PNEUMÁTICO MANUAL, 28 KG, COM SILENCIADOR (chi)","chi",0.13250000000000001,{"$f":"+'Composições Aux. SINAPI'!$E$64:$F$64","v":23.43},3.1]
[{"$f":"CONCATENATE(\"SINAPI C \",'Composições Aux. SINAPI'!$A$31,)","v":"SINAPI C 5953"},"COMPRESSOR DE AR REBOCÁVEL, VAZÃO 189 PCM, MOTOR DIESEL, POTÊNCIA 63 CV (chp)","chp",0.46750000000000003,{"$f":"+'Composições Aux. SINAPI'!$E$31:$F$31","v":51.7},24.16]
[{"$f":"CONCATENATE(\"SINAPI C \",'Composições Aux. SINAPI'!$A$32,)","v":"SINAPI C 5954"},"COMPRESSOR DE AR REBOCÁVEL, VAZÃO 189 PCM, MOTOR DIESEL, POTÊNCIA 63 CV (chi)","chi",0.13250000000000001,{"$f":"+'Composições Aux. SINAPI'!$E$32:$F$32","v":4.3899999999999997},0.57999999999999996]
[{"$f":"CONCATENATE(\"COTAÇÃO \",Insumos!$B$135)","v":"COTAÇÃO 114"},"CAÇAMBA 4,00 m³","un",4.6800000000000001E-2,{"$f":"+Insumos!$G$135","v":493.97},23.11]
[{"$f":"CONCATENATE(\"SINAPI I \",Insumos!$B$90)","v":"SINAPI I 6081"},"ARGILA OU BARRO PARA ATERRO OU REATERRO","m³",0.18,{"$f":"+Insumos!$G$90","v":47.52},8.5500000000000007]
["SUB-TOTAL - MATERIAL / EQUIPAMENTOS:",null,{"$f":"SUM(F630:F635)","v":71.459999999999994}]
[{"$f":"CONCATENATE(\"SINAPI C \",Insumos!$B$35)","v":"SINAPI C 88309"},"PEDREIRO C/ENCARGOS COMPLEMENTARES","h",9.1700000000000004E-2,{"$f":"+Insumos!$G$35","v":20.34},{"$f":"TRUNC(D637*E637,2)","v":1.86}]
[{"$f":"CONCATENATE(\"SINAPI C \",Insumos!$B$38)","v":"SINAPI C 88316"},"SERVENTE C/ ENCARGOS COMPLEMENTARES","h",2.5427,{"$f":"+Insumos!$G$38","v":16.920000000000002},{"$f":"TRUNC(D638*E638,2)","v":43.02}]
["SUB-TOTAL - MÃO-DE-OBRA:",null,{"$f":"SUM(F637:F638)","v":44.88}]
[]
[null,"CUSTO TOTAL:",null,null,null,{"$f":"+C636+C639","v":116.34}]
[]
[null,"BDI:","%",{"$f":"+$F$7","v":"28,21%"},null,{"$f":"TRUNC(F641*D643,2)","v":32.81}]
[]
[null,"PREÇO:",null,null,null,{"$f":"+F641+F643","v":149.15}]
[]
["CÓDIGO","DISCRIMINAÇÃO","UN","COEFIC.","UNITÁRIO","TOTAL"]
[307,"REMOÇÃO APOIO P/MEMBROS SUPERIORES","un"]
[{"$f":"CONCATENATE(\"SINAPI C \",'Composições Aux. SINAPI'!$A$63,)","v":"SINAPI C 5795"},"MARTELETE OU ROMPEDOR PNEUMÁTICO MANUAL, 28 KG, COM SILENCIADOR (chp)","chp",0.23380000000000001,{"$f":"+'Composições Aux. SINAPI'!$E$63:$F$63","v":25.6},{"$f":"TRUNC(D649*E649,2)","v":5.98}]
[{"$f":"CONCATENATE(\"SINAPI C \",'Composições Aux. SINAPI'!$A$64,)","v":"SINAPI C 5952"},"MARTELETE OU ROMPEDOR PNEUMÁTICO MANUAL, 28 KG, COM SILENCIADOR (chi)","chi",6.6299999999999998E-2,{"$f":"+'Composições Aux. SINAPI'!$E$64:$F$64","v":23.43},1.55]
[{"$f":"CONCATENATE(\"SINAPI C \",'Composições Aux. SINAPI'!$A$31,)","v":"SINAPI C 5953"},"COMPRESSOR DE AR REBOCÁVEL, VAZÃO 189 PCM, MOTOR DIESEL, POTÊNCIA 63 CV (chp)","chp",0.23380000000000001,{"$f":"+'Composições Aux. SINAPI'!$E$31:$F$31","v":51.7},12.08]
[{"$f":"CONCATENATE(\"SINAPI C \",'Composições Aux. SINAPI'!$A$32,)","v":"SINAPI C 5954"},"COMPRESSOR DE AR REBOCÁVEL, VAZÃO 189 PCM, MOTOR DIESEL, POTÊNCIA 63 CV (chi)","chi",6.6299999999999998E-2,{"$f":"+'Composições Aux. SINAPI'!$E$32:$F$32","v":4.3899999999999997},0.28999999999999998]
[{"$f":"CONCATENATE(\"COTAÇÃO \",Insumos!$B$135)","v":"COTAÇÃO 114"},"CAÇAMBA 4,00 m³","un",2.3400000000000001E-2,{"$f":"+Insumos!$G$135","v":493.97},11.55]
[{"$f":"CONCATENATE(\"SINAPI I \",Insumos!$B$90)","v":"SINAPI I 6081"},"ARGILA OU BARRO PARA ATERRO OU REATERRO","m³",0.09,{"$f":"+Insumos!$G$90","v":47.52},4.2699999999999996]
["SUB-TOTAL - MATERIAL / EQUIPAMENTOS:",null,{"$f":"SUM(F649:F654)","v":35.72}]
[{"$f":"CONCATENATE(\"SINAPI C \",Insumos!$B$35)","v":"SINAPI C 88309"},"PEDREIRO C/ENCARGOS COMPLEMENTARES","h",4.58E-2,{"$f":"+Insumos!$G$35","v":20.34},{"$f":"TRUNC(D656*E656,2)","v":0.93}]
[{"$f":"CONCATENATE(\"SINAPI C \",Insumos!$B$38)","v":"SINAPI C 88316"},"SERVENTE C/ ENCARGOS COMPLEMENTARES","h",1.6464000000000001,{"$f":"+Insumos!$G$38","v":16.920000000000002},{"$f":"TRUNC(D657*E657,2)","v":27.85}]
["SUB-TOTAL - MÃO-DE-OBRA:",null,{"$f":"SUM(F656:F657)","v":28.78}]
[]
[null,"CUSTO TOTAL:",null,null,null,{"$f":"+C655+C658","v":64.5}]
[]
[null,"BDI:","%",{"$f":"+$F$7","v":"28,21%"},null,{"$f":"TRUNC(F660*D662,2)","v":18.190000000000001}]
[]
[null,"PREÇO:",null,null,null,{"$f":"+F660+F662","v":82.69}]
[]
["CÓDIGO","DISCRIMINAÇÃO","UN","COEFIC.","UNITÁRIO","TOTAL"]
[310,"REMOÇÃO BARRA P/ALONGAMENTO","un"]
[{"$f":"CONCATENATE(\"SINAPI C \",'Composições Aux. SINAPI'!$A$63,)","v":"SINAPI C 5795"},"MARTELETE OU ROMPEDOR PNEUMÁTICO MANUAL, 28 KG, COM SILENCIADOR (chp)","chp",0.23380000000000001,{"$f":"+'Composições Aux. SINAPI'!$E$63:$F$63","v":25.6},{"$f":"TRUNC(D668*E668,2)","v":5.98}]
[{"$f":"CONCATENATE(\"SINAPI C \",'Composições Aux. SINAPI'!$A$64,)","v":"SINAPI C 5952"},"MARTELETE OU ROMPEDOR PNEUMÁTICO MANUAL, 28 KG, COM SILENCIADOR (chi)","chi",6.6299999999999998E-2,{"$f":"+'Composições Aux. SINAPI'!$E$64:$F$64","v":23.43},1.55]
[{"$f":"CONCATENATE(\"SINAPI C \",'Composições Aux. SINAPI'!$A$31,)","v":"SINAPI C 5953"},"COMPRESSOR DE AR REBOCÁVEL, VAZÃO 189 PCM, MOTOR DIESEL, POTÊNCIA 63 CV (chp)","chp",0.23380000000000001,{"$f":"+'Composições Aux. SINAPI'!$E$31:$F$31","v":51.7},12.08]
[{"$f":"CONCATENATE(\"SINAPI C \",'Composições Aux. SINAPI'!$A$32,)","v":"SINAPI C 5954"},"COMPRESSOR DE AR REBOCÁVEL, VAZÃO 189 PCM, MOTOR DIESEL, POTÊNCIA 63 CV (chi)","chi",6.6299999999999998E-2,{"$f":"+'Composições Aux. SINAPI'!$E$32:$F$32","v":4.3899999999999997},0.28999999999999998]
[{"$f":"CONCATENATE(\"COTAÇÃO \",Insumos!$B$135)","v":"COTAÇÃO 114"},"CAÇAMBA 4,00 m³","un",2.3400000000000001E-2,{"$f":"+Insumos!$G$135","v":493.97},11.55]
[{"$f":"CONCATENATE(\"SINAPI I \",Insumos!$B$90)","v":"SINAPI I 6081"},"ARGILA OU BARRO PARA ATERRO OU REATERRO","m³",0.09,{"$f":"+Insumos!$G$90","v":47.52},4.2699999999999996]
["SUB-TOTAL - MATERIAL / EQUIPAMENTOS:",null,{"$f":"SUM(F668:F673)","v":35.72}]
[{"$f":"CONCATENATE(\"SINAPI C \",Insumos!$B$35)","v":"SINAPI C 88309"},"PEDREIRO C/ENCARGOS COMPLEMENTARES","h",4.58E-2,{"$f":"+Insumos!$G$35","v":20.34},{"$f":"TRUNC(D675*E675,2)","v":0.93}]
[{"$f":"CONCATENATE(\"SINAPI C \",Insumos!$B$38)","v":"SINAPI C 88316"},"SERVENTE C/ ENCARGOS COMPLEMENTARES","h",1.6464000000000001,{"$f":"+Insumos!$G$38","v":16.920000000000002},{"$f":"TRUNC(D676*E676,2)","v":27.85}]
["SUB-TOTAL - MÃO-DE-OBRA:",null,{"$f":"SUM(F675:F676)","v":28.78}]
[]
[null,"CUSTO TOTAL:",null,null,null,{"$f":"+C674+C677","v":64.5}]
[]
[null,"BDI:","%",{"$f":"+$F$7","v":"28,21%"},null,{"$f":"TRUNC(F679*D681,2)","v":18.190000000000001}]
[]
[null,"PREÇO:",null,null,null,{"$f":"+F679+F681","v":82.69}]
[]
["CÓDIGO","DISCRIMINAÇÃO","UN","COEFIC.","UNITÁRIO","TOTAL"]
[312,"REMOÇÃO BARRA HORIZONTAL 4 MÓDULOS","un"]
[{"$f":"CONCATENATE(\"SINAPI C \",'Composições Aux. SINAPI'!$A$63,)","v":"SINAPI C 5795"},"MARTELETE OU ROMPEDOR PNEUMÁTICO MANUAL, 28 KG, COM SILENCIADOR (chp)","chp",0.73050000000000004,{"$f":"+'Composições Aux. SINAPI'!$E$63:$F$63","v":25.6},{"$f":"TRUNC(D687*E687,2)","v":18.7}]
[{"$f":"CONCATENATE(\"SINAPI C \",'Composições Aux. SINAPI'!$A$64,)","v":"SINAPI C 5952"},"MARTELETE OU ROMPEDOR PNEUMÁTICO MANUAL, 28 KG, COM SILENCIADOR (chi)","chi",0.20699999999999999,{"$f":"+'Composições Aux. SINAPI'!$E$64:$F$64","v":23.43},4.8499999999999996]
[{"$f":"CONCATENATE(\"SINAPI C \",'Composições Aux. SINAPI'!$A$31,)","v":"SINAPI C 5953"},"COMPRESSOR DE AR REBOCÁVEL, VAZÃO 189 PCM, MOTOR DIESEL, POTÊNCIA 63 CV (chp)","chp",0.73050000000000004,{"$f":"+'Composições Aux. SINAPI'!$E$31:$F$31","v":51.7},37.76]
[{"$f":"CONCATENATE(\"SINAPI C \",'Composições Aux. SINAPI'!$A$32,)","v":"SINAPI C 5954"},"COMPRESSOR DE AR REBOCÁVEL, VAZÃO 189 PCM, MOTOR DIESEL, POTÊNCIA 63 CV (chi)","chi",0.20699999999999999,{"$f":"+'Composições Aux. SINAPI'!$E$32:$F$32","v":4.3899999999999997},0.9]
[{"$f":"CONCATENATE(\"COTAÇÃO \",Insumos!$B$135)","v":"COTAÇÃO 114"},"CAÇAMBA 4,00 m³","un",7.3099999999999998E-2,{"$f":"+Insumos!$G$135","v":493.97},36.1]
[{"$f":"CONCATENATE(\"SINAPI I \",Insumos!$B$90)","v":"SINAPI I 6081"},"ARGILA OU BARRO PARA ATERRO OU REATERRO","m³",0.28129999999999999,{"$f":"+Insumos!$G$90","v":47.52},13.36]
["SUB-TOTAL - MATERIAL / EQUIPAMENTOS:",null,{"$f":"SUM(F687:F692)","v":111.67}]
[{"$f":"CONCATENATE(\"SINAPI C \",Insumos!$B$35)","v":"SINAPI C 88309"},"PEDREIRO C/ENCARGOS COMPLEMENTARES","h",0.1431,{"$f":"+Insumos!$G$35","v":20.34},{"$f":"TRUNC(D694*E694,2)","v":2.91}]
[{"$f":"CONCATENATE(\"SINAPI C \",Insumos!$B$38)","v":"SINAPI C 88316"},"SERVENTE C/ ENCARGOS COMPLEMENTARES","h",3.7698999999999998,{"$f":"+Insumos!$G$38","v":16.920000000000002},{"$f":"TRUNC(D695*E695,2)","v":63.78}]
["SUB-TOTAL - MÃO-DE-OBRA:",null,{"$f":"SUM(F694:F695)","v":66.69}]
[]
[null,"CUSTO TOTAL:",null,null,null,{"$f":"+C693+C696","v":178.36}]
[]
[null,"BDI:","%",{"$f":"+$F$7","v":"28,21%"},null,{"$f":"TRUNC(F698*D700,2)","v":50.31}]
[]
[null,"PREÇO:",null,null,null,{"$f":"+F698+F700","v":228.67000000000002}]
[]
["CÓDIGO","DISCRIMINAÇÃO","UN","COEFIC.","UNITÁRIO","TOTAL"]
[315,"REMOÇÃO BARRA HORIZONTAL 3 MÓDULOS","un"]
[{"$f":"CONCATENATE(\"SINAPI C \",'Composições Aux. SINAPI'!$A$63,)","v":"SINAPI C 5795"},"MARTELETE OU ROMPEDOR PNEUMÁTICO MANUAL, 28 KG, COM SILENCIADOR (chp)","chp",0.58440000000000003,{"$f":"+'Composições Aux. SINAPI'!$E$63:$F$63","v":25.6},{"$f":"TRUNC(D706*E706,2)","v":14.96}]
[{"$f":"CONCATENATE(\"SINAPI C \",'Composições Aux. SINAPI'!$A$64,)","v":"SINAPI C 5952"},"MARTELETE OU ROMPEDOR PNEUMÁTICO MANUAL, 28 KG, COM SILENCIADOR (chi)","chi",0.1656,{"$f":"+'Composições Aux. SINAPI'!$E$64:$F$64","v":23.43},3.88]
[{"$f":"CONCATENATE(\"SINAPI C \",'Composições Aux. SINAPI'!$A$31,)","v":"SINAPI C 5953"},"COMPRESSOR DE AR REBOCÁVEL, VAZÃO 189 PCM, MOTOR DIESEL, POTÊNCIA 63 CV (chp)","chp",0.58440000000000003,{"$f":"+'Composições Aux. SINAPI'!$E$31:$F$31","v":51.7},30.21]
[{"$f":"CONCATENATE(\"SINAPI C \",'Composições Aux. SINAPI'!$A$32,)","v":"SINAPI C 5954"},"COMPRESSOR DE AR REBOCÁVEL, VAZÃO 189 PCM, MOTOR DIESEL, POTÊNCIA 63 CV (chi)","chi",0.1656,{"$f":"+'Composições Aux. SINAPI'!$E$32:$F$32","v":4.3899999999999997},0.72]
[{"$f":"CONCATENATE(\"COTAÇÃO \",Insumos!$B$135)","v":"COTAÇÃO 114"},"CAÇAMBA 4,00 m³","un",5.8500000000000003E-2,{"$f":"+Insumos!$G$135","v":493.97},28.89]
[{"$f":"CONCATENATE(\"SINAPI I \",Insumos!$B$90)","v":"SINAPI I 6081"},"ARGILA OU BARRO PARA ATERRO OU REATERRO","m³",0.22500000000000001,{"$f":"+Insumos!$G$90","v":47.52},10.69]
["SUB-TOTAL - MATERIAL / EQUIPAMENTOS:",null,{"$f":"SUM(F706:F711)","v":89.35}]
[{"$f":"CONCATENATE(\"SINAPI C \",Insumos!$B$35)","v":"SINAPI C 88309"},"PEDREIRO C/ENCARGOS COMPLEMENTARES","h",0.11459999999999999,{"$f":"+Insumos!$G$35","v":20.34},{"$f":"TRUNC(D713*E713,2)","v":2.33}]
[{"$f":"CONCATENATE(\"SINAPI C \",Insumos!$B$38)","v":"SINAPI C 88316"},"SERVENTE C/ ENCARGOS COMPLEMENTARES","h",3.1158000000000001,{"$f":"+Insumos!$G$38","v":16.920000000000002},{"$f":"TRUNC(D714*E714,2)","v":52.71}]
["SUB-TOTAL - MÃO-DE-OBRA:",null,{"$f":"SUM(F713:F714)","v":55.04}]
[]
[null,"CUSTO TOTAL:",null,null,null,{"$f":"+C712+C715","v":144.38999999999999}]
[]
[null,"BDI:","%",{"$f":"+$F$7","v":"28,21%"},null,{"$f":"TRUNC(F717*D719,2)","v":40.729999999999997}]
[]
[null,"PREÇO:",null,null,null,{"$f":"+F717+F719","v":185.11999999999998}]
[]
["CÓDIGO","DISCRIMINAÇÃO","UN","COEFIC.","UNITÁRIO","TOTAL"]
[318,"REMOÇÃO BARRA HORIZONTAL 1 MÓDULO","un"]
[{"$f":"CONCATENATE(\"SINAPI C \",'Composições Aux. SINAPI'!$A$63,)","v":"SINAPI C 5795"},"MARTELETE OU ROMPEDOR PNEUMÁTICO MANUAL, 28 KG, COM SILENCIADOR (chp)","chp",0.29220000000000002,{"$f":"+'Composições Aux. SINAPI'!$E$63:$F$63","v":25.6},{"$f":"TRUNC(D725*E725,2)","v":7.48}]
[{"$f":"CONCATENATE(\"SINAPI C \",'Composições Aux. SINAPI'!$A$64,)","v":"SINAPI C 5952"},"MARTELETE OU ROMPEDOR PNEUMÁTICO MANUAL, 28 KG, COM SILENCIADOR (chi)","chi",8.2799999999999999E-2,{"$f":"+'Composições Aux. SINAPI'!$E$64:$F$64","v":23.43},1.94]
[{"$f":"CONCATENATE(\"SINAPI C \",'Composições Aux. SINAPI'!$A$31,)","v":"SINAPI C 5953"},"COMPRESSOR DE AR REBOCÁVEL, VAZÃO 189 PCM, MOTOR DIESEL, POTÊNCIA 63 CV (chp)","chp",0.29220000000000002,{"$f":"+'Composições Aux. SINAPI'!$E$31:$F$31","v":51.7},15.1]
[{"$f":"CONCATENATE(\"SINAPI C \",'Composições Aux. SINAPI'!$A$32,)","v":"SINAPI C 5954"},"COMPRESSOR DE AR REBOCÁVEL, VAZÃO 189 PCM, MOTOR DIESEL, POTÊNCIA 63 CV (chi)","chi",8.2799999999999999E-2,{"$f":"+'Composições Aux. SINAPI'!$E$32:$F$32","v":4.3899999999999997},0.36]
[{"$f":"CONCATENATE(\"COTAÇÃO \",Insumos!$B$135)","v":"COTAÇÃO 114"},"CAÇAMBA 4,00 m³","un",2.93E-2,{"$f":"+Insumos!$G$135","v":493.97},14.47]
[{"$f":"CONCATENATE(\"SINAPI I \",Insumos!$B$90)","v":"SINAPI I 6081"},"ARGILA OU BARRO PARA ATERRO OU REATERRO","m³",0.1125,{"$f":"+Insumos!$G$90","v":47.52},5.34]
["SUB-TOTAL - MATERIAL / EQUIPAMENTOS:",null,{"$f":"SUM(F725:F730)","v":44.69}]
[{"$f":"CONCATENATE(\"SINAPI C \",Insumos!$B$35)","v":"SINAPI C 88309"},"PEDREIRO C/ENCARGOS COMPLEMENTARES","h",5.7299999999999997E-2,{"$f":"+Insumos!$G$35","v":20.34},{"$f":"TRUNC(D732*E732,2)","v":1.1599999999999999}]
[{"$f":"CONCATENATE(\"SINAPI C \",Insumos!$B$38)","v":"SINAPI C 88316"},"SERVENTE C/ ENCARGOS COMPLEMENTARES","h",2.0579999999999998,{"$f":"+Insumos!$G$38","v":16.920000000000002},{"$f":"TRUNC(D733*E733,2)","v":34.82}]
["SUB-TOTAL - MÃO-DE-OBRA:",null,{"$f":"SUM(F732:F733)","v":35.979999999999997}]
[]
[null,"CUSTO TOTAL:",null,null,null,{"$f":"+C731+C734","v":80.669999999999987}]
[]
[null,"BDI:","%",{"$f":"+$F$7","v":"28,21%"},null,{"$f":"TRUNC(F736*D738,2)","v":22.75}]
[]
[null,"PREÇO:",null,null,null,{"$f":"+F736+F738","v":103.41999999999999}]
[]
["CÓDIGO","DISCRIMINAÇÃO","UN","COEFIC.","UNITÁRIO","TOTAL"]
[320,"REMOÇÃO ESPALDAR","un"]
[{"$f":"CONCATENATE(\"SINAPI C \",'Composições Aux. SINAPI'!$A$63,)","v":"SINAPI C 5795"},"MARTELETE OU ROMPEDOR PNEUMÁTICO MANUAL, 28 KG, COM SILENCIADOR (chp)","chp",0.29220000000000002,{"$f":"+'Composições Aux. SINAPI'!$E$63:$F$63","v":25.6},{"$f":"TRUNC(D744*E744,2)","v":7.48}]
[{"$f":"CONCATENATE(\"SINAPI C \",'Composições Aux. SINAPI'!$A$64,)","v":"SINAPI C 5952"},"MARTELETE OU ROMPEDOR PNEUMÁTICO MANUAL, 28 KG, COM SILENCIADOR (chi)","chi",8.2799999999999999E-2,{"$f":"+'Composições Aux. SINAPI'!$E$64:$F$64","v":23.43},1.94]
[{"$f":"CONCATENATE(\"SINAPI C \",'Composições Aux. SINAPI'!$A$31,)","v":"SINAPI C 5953"},"COMPRESSOR DE AR REBOCÁVEL, VAZÃO 189 PCM, MOTOR DIESEL, POTÊNCIA 63 CV (chp)","chp",0.29220000000000002,{"$f":"+'Composições Aux. SINAPI'!$E$31:$F$31","v":51.7},15.1]
[{"$f":"CONCATENATE(\"SINAPI C \",'Composições Aux. SINAPI'!$A$32,)","v":"SINAPI C 5954"},"COMPRESSOR DE AR REBOCÁVEL, VAZÃO 189 PCM, MOTOR DIESEL, POTÊNCIA 63 CV (chi)","chi",8.2799999999999999E-2,{"$f":"+'Composições Aux. SINAPI'!$E$32:$F$32","v":4.3899999999999997},0.36]
[{"$f":"CONCATENATE(\"COTAÇÃO \",Insumos!$B$135)","v":"COTAÇÃO 114"},"CAÇAMBA 4,00 m³","un",2.93E-2,{"$f":"+Insumos!$G$135","v":493.97},14.47]
[{"$f":"CONCATENATE(\"SINAPI I \",Insumos!$B$90)","v":"SINAPI I 6081"},"ARGILA OU BARRO PARA ATERRO OU REATERRO","m³",0.1125,{"$f":"+Insumos!$G$90","v":47.52},5.34]
["SUB-TOTAL - MATERIAL / EQUIPAMENTOS:",null,{"$f":"SUM(F744:F749)","v":44.69}]
[{"$f":"CONCATENATE(\"SINAPI C \",Insumos!$B$35)","v":"SINAPI C 88309"},"PEDREIRO C/ENCARGOS COMPLEMENTARES","h",5.7299999999999997E-2,{"$f":"+Insumos!$G$35","v":20.34},{"$f":"TRUNC(D751*E751,2)","v":1.1599999999999999}]
[{"$f":"CONCATENATE(\"SINAPI C \",Insumos!$B$38)","v":"SINAPI C 88316"},"SERVENTE C/ ENCARGOS COMPLEMENTARES","h",2.0579999999999998,{"$f":"+Insumos!$G$38","v":16.920000000000002},{"$f":"TRUNC(D752*E752,2)","v":34.82}]
["SUB-TOTAL - MÃO-DE-OBRA:",null,{"$f":"SUM(F751:F752)","v":35.979999999999997}]
[]
[null,"CUSTO TOTAL:",null,null,null,{"$f":"+C750+C753","v":80.669999999999987}]
[]
[null,"BDI:","%",{"$f":"+$F$7","v":"28,21%"},null,{"$f":"TRUNC(F755*D757,2)","v":22.75}]
[]
[null,"PREÇO:",null,null,null,{"$f":"+F755+F757","v":103.41999999999999}]
[]
["CÓDIGO","DISCRIMINAÇÃO","UN","COEFIC.","UNITÁRIO","TOTAL"]
[325,"REMOÇÃO PRANCHA ABDOMINAIS","un"]
[{"$f":"CONCATENATE(\"SINAPI C \",'Composições Aux. SINAPI'!$A$63,)","v":"SINAPI C 5795"},"MARTELETE OU ROMPEDOR PNEUMÁTICO MANUAL, 28 KG, COM SILENCIADOR (chp)","chp",0.29220000000000002,{"$f":"+'Composições Aux. SINAPI'!$E$63:$F$63","v":25.6},{"$f":"TRUNC(D763*E763,2)","v":7.48}]
[{"$f":"CONCATENATE(\"SINAPI C \",'Composições Aux. SINAPI'!$A$64,)","v":"SINAPI C 5952"},"MARTELETE OU ROMPEDOR PNEUMÁTICO MANUAL, 28 KG, COM SILENCIADOR (chi)","chi",8.2799999999999999E-2,{"$f":"+'Composições Aux. SINAPI'!$E$64:$F$64","v":23.43},1.94]
[{"$f":"CONCATENATE(\"SINAPI C \",'Composições Aux. SINAPI'!$A$31,)","v":"SINAPI C 5953"},"COMPRESSOR DE AR REBOCÁVEL, VAZÃO 189 PCM, MOTOR DIESEL, POTÊNCIA 63 CV (chp)","chp",0.29220000000000002,{"$f":"+'Composições Aux. SINAPI'!$E$31:$F$31","v":51.7},15.1]
[{"$f":"CONCATENATE(\"SINAPI C \",'Composições Aux. SINAPI'!$A$32,)","v":"SINAPI C 5954"},"COMPRESSOR DE AR REBOCÁVEL, VAZÃO 189 PCM, MOTOR DIESEL, POTÊNCIA 63 CV (chi)","chi",8.2799999999999999E-2,{"$f":"+'Composições Aux. SINAPI'!$E$32:$F$32","v":4.3899999999999997},0.36]
[{"$f":"CONCATENATE(\"COTAÇÃO \",Insumos!$B$135)","v":"COTAÇÃO 114"},"CAÇAMBA 4,00 m³","un",2.93E-2,{"$f":"+Insumos!$G$135","v":493.97},14.47]
[{"$f":"CONCATENATE(\"SINAPI I \",Insumos!$B$90)","v":"SINAPI I 6081"},"ARGILA OU BARRO PARA ATERRO OU REATERRO","m³",0.1125,{"$f":"+Insumos!$G$90","v":47.52},5.34]
["SUB-TOTAL - MATERIAL / EQUIPAMENTOS:",null,{"$f":"SUM(F763:F768)","v":44.69}]
[{"$f":"CONCATENATE(\"SINAPI C \",Insumos!$B$35)","v":"SINAPI C 88309"},"PEDREIRO C/ENCARGOS COMPLEMENTARES","h",5.7299999999999997E-2,{"$f":"+Insumos!$G$35","v":20.34},{"$f":"TRUNC(D770*E770,2)","v":1.1599999999999999}]
[{"$f":"CONCATENATE(\"SINAPI C \",Insumos!$B$38)","v":"SINAPI C 88316"},"SERVENTE C/ ENCARGOS COMPLEMENTARES","h",1.8080000000000001,{"$f":"+Insumos!$G$38","v":16.920000000000002},{"$f":"TRUNC(D771*E771,2)","v":30.59}]
["SUB-TOTAL - MÃO-DE-OBRA:",null,{"$f":"SUM(F770:F771)","v":31.75}]
[]
[null,"CUSTO TOTAL:",null,null,null,{"$f":"+C769+C772","v":76.44}]
[]
[null,"BDI:","%",{"$f":"+$F$7","v":"28,21%"},null,{"$f":"TRUNC(F774*D776,2)","v":21.56}]
[]
[null,"PREÇO:",null,null,null,{"$f":"+F774+F776","v":98}]
[]
["CÓDIGO","DISCRIMINAÇÃO","UN","COEFIC.","UNITÁRIO","TOTAL"]
[340,"REMOÇÃO GOLEIRA FUTEBOL DE SALÃO","un"]
[{"$f":"CONCATENATE(\"SINAPI C \",'Composições Aux. SINAPI'!$A$63,)","v":"SINAPI C 5795"},"MARTELETE OU ROMPEDOR PNEUMÁTICO MANUAL, 28 KG, COM SILENCIADOR (chp)","chp",0.29220000000000002,{"$f":"+'Composições Aux. SINAPI'!$E$63:$F$63","v":25.6},{"$f":"TRUNC(D782*E782,2)","v":7.48}]
[{"$f":"CONCATENATE(\"SINAPI C \",'Composições Aux. SINAPI'!$A$64,)","v":"SINAPI C 5952"},"MARTELETE OU ROMPEDOR PNEUMÁTICO MANUAL, 28 KG, COM SILENCIADOR (chi)","chi",8.2799999999999999E-2,{"$f":"+'Composições Aux. SINAPI'!$E$64:$F$64","v":23.43},1.94]
[{"$f":"CONCATENATE(\"SINAPI C \",'Composições Aux. SINAPI'!$A$31,)","v":"SINAPI C 5953"},"COMPRESSOR DE AR REBOCÁVEL, VAZÃO 189 PCM, MOTOR DIESEL, POTÊNCIA 63 CV (chp)","chp",0.29220000000000002,{"$f":"+'Composições Aux. SINAPI'!$E$31:$F$31","v":51.7},15.1]
[{"$f":"CONCATENATE(\"SINAPI C \",'Composições Aux. SINAPI'!$A$32,)","v":"SINAPI C 5954"},"COMPRESSOR DE AR REBOCÁVEL, VAZÃO 189 PCM, MOTOR DIESEL, POTÊNCIA 63 CV (chi)","chi",8.2799999999999999E-2,{"$f":"+'Composições Aux. SINAPI'!$E$32:$F$32","v":4.3899999999999997},0.36]
[{"$f":"CONCATENATE(\"COTAÇÃO \",Insumos!$B$135)","v":"COTAÇÃO 114"},"CAÇAMBA 4,00 m³","un",2.93E-2,{"$f":"+Insumos!$G$135","v":493.97},14.47]
[{"$f":"CONCATENATE(\"SINAPI I \",Insumos!$B$90)","v":"SINAPI I 6081"},"ARGILA OU BARRO PARA ATERRO OU REATERRO","m³",0.1125,{"$f":"+Insumos!$G$90","v":47.52},5.34]
["SUB-TOTAL - MATERIAL / EQUIPAMENTOS:",null,{"$f":"SUM(F782:F787)","v":44.69}]
[{"$f":"CONCATENATE(\"SINAPI C \",Insumos!$B$35)","v":"SINAPI C 88309"},"PEDREIRO C/ENCARGOS COMPLEMENTARES","h",5.7299999999999997E-2,{"$f":"+Insumos!$G$35","v":20.34},{"$f":"TRUNC(D789*E789,2)","v":1.1599999999999999}]
[{"$f":"CONCATENATE(\"SINAPI C \",Insumos!$B$38)","v":"SINAPI C 88316"},"SERVENTE C/ ENCARGOS COMPLEMENTARES","h",2.0579999999999998,{"$f":"+Insumos!$G$38","v":16.920000000000002},{"$f":"TRUNC(D790*E790,2)","v":34.82}]
["SUB-TOTAL - MÃO-DE-OBRA:",null,{"$f":"SUM(F789:F790)","v":35.979999999999997}]
[]
[null,"CUSTO TOTAL:",null,null,null,{"$f":"+C788+C791","v":80.669999999999987}]
[]
[null,"BDI:","%",{"$f":"+$F$7","v":"28,21%"},null,{"$f":"TRUNC(F793*D795,2)","v":22.75}]
[]
[null,"PREÇO:",null,null,null,{"$f":"+F793+F795","v":103.41999999999999}]
[]
["CÓDIGO","DISCRIMINAÇÃO","UN","COEFIC.","UNITÁRIO","TOTAL"]
[342,"REMOÇÃO GOLEIRA FUTEBOL SOCIETY","un"]
[{"$f":"CONCATENATE(\"SINAPI C \",'Composições Aux. SINAPI'!$A$63,)","v":"SINAPI C 5795"},"MARTELETE OU ROMPEDOR PNEUMÁTICO MANUAL, 28 KG, COM SILENCIADOR (chp)","chp",0.29220000000000002,{"$f":"+'Composições Aux. SINAPI'!$E$63:$F$63","v":25.6},{"$f":"TRUNC(D801*E801,2)","v":7.48}]
[{"$f":"CONCATENATE(\"SINAPI C \",'Composições Aux. SINAPI'!$A$64,)","v":"SINAPI C 5952"},"MARTELETE OU ROMPEDOR PNEUMÁTICO MANUAL, 28 KG, COM SILENCIADOR (chi)","chi",8.2799999999999999E-2,{"$f":"+'Composições Aux. SINAPI'!$E$64:$F$64","v":23.43},1.94]
[{"$f":"CONCATENATE(\"SINAPI C \",'Composições Aux. SINAPI'!$A$31,)","v":"SINAPI C 5953"},"COMPRESSOR DE AR REBOCÁVEL, VAZÃO 189 PCM, MOTOR DIESEL, POTÊNCIA 63 CV (chp)","chp",0.29220000000000002,{"$f":"+'Composições Aux. SINAPI'!$E$31:$F$31","v":51.7},15.1]
[{"$f":"CONCATENATE(\"SINAPI C \",'Composições Aux. SINAPI'!$A$32,)","v":"SINAPI C 5954"},"COMPRESSOR DE AR REBOCÁVEL, VAZÃO 189 PCM, MOTOR DIESEL, POTÊNCIA 63 CV (chi)","chi",8.2799999999999999E-2,{"$f":"+'Composições Aux. SINAPI'!$E$32:$F$32","v":4.3899999999999997},0.36]
[{"$f":"CONCATENATE(\"COTAÇÃO \",Insumos!$B$135)","v":"COTAÇÃO 114"},"CAÇAMBA 4,00 m³","un",2.93E-2,{"$f":"+Insumos!$G$135","v":493.97},14.47]
[{"$f":"CONCATENATE(\"SINAPI I \",Insumos!$B$90)","v":"SINAPI I 6081"},"ARGILA OU BARRO PARA ATERRO OU REATERRO","m³",0.1125,{"$f":"+Insumos!$G$90","v":47.52},5.34]
["SUB-TOTAL - MATERIAL / EQUIPAMENTOS:",null,{"$f":"SUM(F801:F806)","v":44.69}]
[{"$f":"CONCATENATE(\"SINAPI C \",Insumos!$B$35)","v":"SINAPI C 88309"},"PEDREIRO C/ENCARGOS COMPLEMENTARES","h",5.7299999999999997E-2,{"$f":"+Insumos!$G$35","v":20.34},{"$f":"TRUNC(D808*E808,2)","v":1.1599999999999999}]
[{"$f":"CONCATENATE(\"SINAPI C \",Insumos!$B$38)","v":"SINAPI C 88316"},"SERVENTE C/ ENCARGOS COMPLEMENTARES","h",2.3079999999999998,{"$f":"+Insumos!$G$38","v":16.920000000000002},{"$f":"TRUNC(D809*E809,2)","v":39.049999999999997}]
["SUB-TOTAL - MÃO-DE-OBRA:",null,{"$f":"SUM(F808:F809)","v":40.209999999999994}]
[]
[null,"CUSTO TOTAL:",null,null,null,{"$f":"+C807+C810","v":84.899999999999991}]
[]
[null,"BDI:","%",{"$f":"+$F$7","v":"28,21%"},null,{"$f":"TRUNC(F812*D814,2)","v":23.95}]
[]
[null,"PREÇO:",null,null,null,{"$f":"+F812+F814","v":108.85}]
[]
["CÓDIGO","DISCRIMINAÇÃO","UN","COEFIC.","UNITÁRIO","TOTAL"]
[344,"REMOÇÃO GOLEIRA FUTEBOL DE CAMPO","un"]
[{"$f":"CONCATENATE(\"SINAPI C \",'Composições Aux. SINAPI'!$A$63,)","v":"SINAPI C 5795"},"MARTELETE OU ROMPEDOR PNEUMÁTICO MANUAL, 28 KG, COM SILENCIADOR (chp)","chp",0.29220000000000002,{"$f":"+'Composições Aux. SINAPI'!$E$63:$F$63","v":25.6},{"$f":"TRUNC(D820*E820,2)","v":7.48}]
[{"$f":"CONCATENATE(\"SINAPI C \",'Composições Aux. SINAPI'!$A$64,)","v":"SINAPI C 5952"},"MARTELETE OU ROMPEDOR PNEUMÁTICO MANUAL, 28 KG, COM SILENCIADOR (chi)","chi",8.2799999999999999E-2,{"$f":"+'Composições Aux. SINAPI'!$E$64:$F$64","v":23.43},1.94]
[{"$f":"CONCATENATE(\"SINAPI C \",'Composições Aux. SINAPI'!$A$31,)","v":"SINAPI C 5953"},"COMPRESSOR DE AR REBOCÁVEL, VAZÃO 189 PCM, MOTOR DIESEL, POTÊNCIA 63 CV (chp)","chp",0.29220000000000002,{"$f":"+'Composições Aux. SINAPI'!$E$31:$F$31","v":51.7},15.1]
[{"$f":"CONCATENATE(\"SINAPI C \",'Composições Aux. SINAPI'!$A$32,)","v":"SINAPI C 5954"},"COMPRESSOR DE AR REBOCÁVEL, VAZÃO 189 PCM, MOTOR DIESEL, POTÊNCIA 63 CV (chi)","chi",8.2799999999999999E-2,{"$f":"+'Composições Aux. SINAPI'!$E$32:$F$32","v":4.3899999999999997},0.36]
[{"$f":"CONCATENATE(\"COTAÇÃO \",Insumos!$B$135)","v":"COTAÇÃO 114"},"CAÇAMBA 4,00 m³","un",2.93E-2,{"$f":"+Insumos!$G$135","v":493.97},14.47]
[{"$f":"CONCATENATE(\"SINAPI I \",Insumos!$B$90)","v":"SINAPI I 6081"},"ARGILA OU BARRO PARA ATERRO OU REATERRO","m³",0.1125,{"$f":"+Insumos!$G$90","v":47.52},5.34]
["SUB-TOTAL - MATERIAL / EQUIPAMENTOS:",null,{"$f":"SUM(F820:F825)","v":44.69}]
[{"$f":"CONCATENATE(\"SINAPI C \",Insumos!$B$35)","v":"SINAPI C 88309"},"PEDREIRO C/ENCARGOS COMPLEMENTARES","h",5.7299999999999997E-2,{"$f":"+Insumos!$G$35","v":20.34},{"$f":"TRUNC(D827*E827,2)","v":1.1599999999999999}]
[{"$f":"CONCATENATE(\"SINAPI C \",Insumos!$B$38)","v":"SINAPI C 88316"},"SERVENTE C/ ENCARGOS COMPLEMENTARES","h",2.5579999999999998,{"$f":"+Insumos!$G$38","v":16.920000000000002},{"$f":"TRUNC(D828*E828,2)","v":43.28}]
["SUB-TOTAL - MÃO-DE-OBRA:",null,{"$f":"SUM(F827:F828)","v":44.44}]
[]
[null,"CUSTO TOTAL:",null,null,null,{"$f":"+C826+C829","v":89.13}]
[]
[null,"BDI:","%",{"$f":"+$F$7","v":"28,21%"},null,{"$f":"TRUNC(F831*D833,2)","v":25.14}]
[]
[null,"PREÇO:",null,null,null,{"$f":"+F831+F833","v":114.27}]
[]
["CÓDIGO","DISCRIMINAÇÃO","UN","COEFIC.","UNITÁRIO","TOTAL"]
[350,"REMOÇÃO POSTE DE VÔLEI","un"]
[{"$f":"CONCATENATE(\"SINAPI C \",'Composições Aux. SINAPI'!$A$63,)","v":"SINAPI C 5795"},"MARTELETE OU ROMPEDOR PNEUMÁTICO MANUAL, 28 KG, COM SILENCIADOR (chp)","chp",0.25969999999999999,{"$f":"+'Composições Aux. SINAPI'!$E$63:$F$63","v":25.6},{"$f":"TRUNC(D839*E839,2)","v":6.64}]
[{"$f":"CONCATENATE(\"SINAPI C \",'Composições Aux. SINAPI'!$A$64,)","v":"SINAPI C 5952"},"MARTELETE OU ROMPEDOR PNEUMÁTICO MANUAL, 28 KG, COM SILENCIADOR (chi)","chi",7.3599999999999999E-2,{"$f":"+'Composições Aux. SINAPI'!$E$64:$F$64","v":23.43},1.72]
[{"$f":"CONCATENATE(\"SINAPI C \",'Composições Aux. SINAPI'!$A$31,)","v":"SINAPI C 5953"},"COMPRESSOR DE AR REBOCÁVEL, VAZÃO 189 PCM, MOTOR DIESEL, POTÊNCIA 63 CV (chp)","chp",0.25969999999999999,{"$f":"+'Composições Aux. SINAPI'!$E$31:$F$31","v":51.7},13.42]
[{"$f":"CONCATENATE(\"SINAPI C \",'Composições Aux. SINAPI'!$A$32,)","v":"SINAPI C 5954"},"COMPRESSOR DE AR REBOCÁVEL, VAZÃO 189 PCM, MOTOR DIESEL, POTÊNCIA 63 CV (chi)","chi",7.3599999999999999E-2,{"$f":"+'Composições Aux. SINAPI'!$E$32:$F$32","v":4.3899999999999997},0.32]
[{"$f":"CONCATENATE(\"COTAÇÃO \",Insumos!$B$135)","v":"COTAÇÃO 114"},"CAÇAMBA 4,00 m³","un",2.5999999999999999E-2,{"$f":"+Insumos!$G$135","v":493.97},12.84]
[{"$f":"CONCATENATE(\"SINAPI I \",Insumos!$B$90)","v":"SINAPI I 6081"},"ARGILA OU BARRO PARA ATERRO OU REATERRO","m³",0.1,{"$f":"+Insumos!$G$90","v":47.52},4.75]
["SUB-TOTAL - MATERIAL / EQUIPAMENTOS:",null,{"$f":"SUM(F839:F844)","v":39.69}]
[{"$f":"CONCATENATE(\"SINAPI C \",Insumos!$B$35)","v":"SINAPI C 88309"},"PEDREIRO C/ENCARGOS COMPLEMENTARES","h",5.0900000000000001E-2,{"$f":"+Insumos!$G$35","v":20.34},{"$f":"TRUNC(D846*E846,2)","v":1.03}]
[{"$f":"CONCATENATE(\"SINAPI C \",Insumos!$B$38)","v":"SINAPI C 88316"},"SERVENTE C/ ENCARGOS COMPLEMENTARES","h",1.7181999999999999,{"$f":"+Insumos!$G$38","v":16.920000000000002},{"$f":"TRUNC(D847*E847,2)","v":29.07}]
["SUB-TOTAL - MÃO-DE-OBRA:",null,{"$f":"SUM(F846:F847)","v":30.1}]
[]
[null,"CUSTO TOTAL:",null,null,null,{"$f":"+C845+C848","v":69.789999999999992}]
[]
[null,"BDI:","%",{"$f":"+$F$7","v":"28,21%"},null,{"$f":"TRUNC(F850*D852,2)","v":19.68}]
[]
[null,"PREÇO:",null,null,null,{"$f":"+F850+F852","v":89.47}]
[]
["CÓDIGO","DISCRIMINAÇÃO","UN","COEFIC.","UNITÁRIO","TOTAL"]
[355,"REMOÇÃO TABELA DE BASQUETE","un"]
[{"$f":"CONCATENATE(\"SINAPI C \",'Composições Aux. SINAPI'!$A$63,)","v":"SINAPI C 5795"},"MARTELETE OU ROMPEDOR PNEUMÁTICO MANUAL, 28 KG, COM SILENCIADOR (chp)","chp",1.6624000000000001,{"$f":"+'Composições Aux. SINAPI'!$E$63:$F$63","v":25.6},{"$f":"TRUNC(D858*E858,2)","v":42.55}]
[{"$f":"CONCATENATE(\"SINAPI C \",'Composições Aux. SINAPI'!$A$64,)","v":"SINAPI C 5952"},"MARTELETE OU ROMPEDOR PNEUMÁTICO MANUAL, 28 KG, COM SILENCIADOR (chi)","chi",0.47110000000000002,{"$f":"+'Composições Aux. SINAPI'!$E$64:$F$64","v":23.43},11.03]
[{"$f":"CONCATENATE(\"SINAPI C \",'Composições Aux. SINAPI'!$A$31,)","v":"SINAPI C 5953"},"COMPRESSOR DE AR REBOCÁVEL, VAZÃO 189 PCM, MOTOR DIESEL, POTÊNCIA 63 CV (chp)","chp",1.6624000000000001,{"$f":"+'Composições Aux. SINAPI'!$E$31:$F$31","v":51.7},85.94]
[{"$f":"CONCATENATE(\"SINAPI C \",'Composições Aux. SINAPI'!$A$32,)","v":"SINAPI C 5954"},"COMPRESSOR DE AR REBOCÁVEL, VAZÃO 189 PCM, MOTOR DIESEL, POTÊNCIA 63 CV (chi)","chi",0.47110000000000002,{"$f":"+'Composições Aux. SINAPI'!$E$32:$F$32","v":4.3899999999999997},2.06]
[{"$f":"CONCATENATE(\"COTAÇÃO \",Insumos!$B$135)","v":"COTAÇÃO 114"},"CAÇAMBA 4,00 m³","un",0.16639999999999999,{"$f":"+Insumos!$G$135","v":493.97},82.19]
[{"$f":"CONCATENATE(\"SINAPI I \",Insumos!$B$90)","v":"SINAPI I 6081"},"ARGILA OU BARRO PARA ATERRO OU REATERRO","m³",0.64,{"$f":"+Insumos!$G$90","v":47.52},30.41]
["SUB-TOTAL - MATERIAL / EQUIPAMENTOS:",null,{"$f":"SUM(F858:F863)","v":254.17999999999998}]
[{"$f":"CONCATENATE(\"SINAPI C \",Insumos!$B$35)","v":"SINAPI C 88309"},"PEDREIRO C/ENCARGOS COMPLEMENTARES","h",0.32590000000000002,{"$f":"+Insumos!$G$35","v":20.34},{"$f":"TRUNC(D865*E865,2)","v":6.62}]
[{"$f":"CONCATENATE(\"SINAPI C \",Insumos!$B$38)","v":"SINAPI C 88316"},"SERVENTE C/ ENCARGOS COMPLEMENTARES","h",6.0963000000000003,{"$f":"+Insumos!$G$38","v":16.920000000000002},{"$f":"TRUNC(D866*E866,2)","v":103.14}]
["SUB-TOTAL - MÃO-DE-OBRA:",null,{"$f":"SUM(F865:F866)","v":109.76}]
[]
[null,"CUSTO TOTAL:",null,null,null,{"$f":"+C864+C867","v":363.94}]
[]
[null,"BDI:","%",{"$f":"+$F$7","v":"28,21%"},null,{"$f":"TRUNC(F869*D871,2)","v":102.66}]
[]
[null,"PREÇO:",null,null,null,{"$f":"+F869+F871","v":466.6}]
[]
["CÓDIGO","DISCRIMINAÇÃO","UN","COEFIC.","UNITÁRIO","TOTAL"]
[390,"REMOÇÃO DE ENTULHO C/CAÇAMBA","m³"]
[{"$f":"CONCATENATE(\"COTAÇÃO \",Insumos!$B$135)","v":"COTAÇÃO 114"},"CAÇAMBA 4,00 m³","un",0.25,{"$f":"+Insumos!$G$135","v":493.97},{"$f":"TRUNC(D877*E877,2)","v":123.49}]
["SUB-TOTAL - MATERIAL / EQUIPAMENTOS:",null,{"$f":"SUM(F877)","v":123.49}]
[{"$f":"CONCATENATE(\"SINAPI C \",Insumos!$B$38)","v":"SINAPI C 88316"},"SERVENTE C/ ENCARGOS COMPLEMENTARES","h",0.7,{"$f":"+Insumos!$G$38","v":16.920000000000002},{"$f":"TRUNC(D879*E879,2)","v":11.84}]
["SUB-TOTAL - MÃO-DE-OBRA:",null,{"$f":"SUM(F879)","v":11.84}]
[]
[null,"CUSTO TOTAL:",null,null,null,{"$f":"+C878+C880","v":135.32999999999998}]
[]
[null,"BDI:","%",{"$f":"+$F$7","v":"28,21%"},null,{"$f":"TRUNC(F882*D884,2)","v":38.17}]
[]
[null,"PREÇO:",null,null,null,{"$f":"+F882+F884","v":173.5}]
[]
["CÓDIGO","DISCRIMINAÇÃO","UN","COEFIC.","UNITÁRIO","TOTAL"]
[400,"PLOTAGENS","m²"]
[{"$f":"CONCATENATE(\"COTAÇÃO \",Insumos!$B$286)","v":"COTAÇÃO 127"},"PLOTAGEM","m²",1,{"$f":"+Insumos!$G$286","v":14.48},{"$f":"TRUNC(D890*E890,2)","v":14.48}]
["SUB-TOTAL - MATERIAL / EQUIPAMENTOS:",null,{"$f":"SUM(F890)","v":14.48}]
[]
[null,"CUSTO TOTAL:",null,null,null,{"$f":"+C891","v":14.48}]
[]
[null,"BDI:","%",{"$f":"+$F$7","v":"28,21%"},null,{"$f":"TRUNC(F893*D895,2)","v":4.08}]
[]
[null,"PREÇO:",null,null,null,{"$f":"+F893+F895","v":18.560000000000002}]
[]
["CÓDIGO","DISCRIMINAÇÃO","UN","COEFIC.","UNITÁRIO","TOTAL"]
[405,"\"AS BUILT\"","un"]
[{"$f":"CONCATENATE(\"SINAPI C \",Insumos!$B$22)","v":"SINAPI C 88597"},"DESENHISTA DETALHISTA C/ENCARGOS COMPLEMENTARES","h",1,{"$f":"+Insumos!$G$22","v":34.46},{"$f":"TRUNC(D901*E901,2)","v":34.46}]
["SUB-TOTAL - MÃO-DE-OBRA:",null,{"$f":"SUM(F901)","v":34.46}]
[]
[null,"CUSTO TOTAL:",null,null,null,{"$f":"C902","v":34.46}]
[]
[null,"BDI:","%",{"$f":"+$F$7","v":"28,21%"},null,{"$f":"TRUNC(F904*D906,2)","v":9.7200000000000006}]
[]
[null,"PREÇO:",null,null,null,{"$f":"+F904+F906","v":44.18}]
[]
["CÓDIGO","DISCRIMINAÇÃO","UN","COEFIC.","UNITÁRIO","TOTAL"]
[450,"ART","un"]
[{"$f":"CONCATENATE(\"COTAÇÃO \",Insumos!$B$95)","v":"COTAÇÃO 129"},"ART","un",1,{"$f":"+Insumos!$G$95","v":233.94},{"$f":"TRUNC(D912*E912,2)","v":233.94}]
["SUB-TOTAL - MATERIAL / EQUIPAMENTOS:",null,{"$f":"SUM(F912)","v":233.94}]
[]
[null,"CUSTO TOTAL:",null,null,null,{"$f":"+C913","v":233.94}]
[]
[null,"BDI:","%",{"$f":"+$F$7","v":"28,21%"},null,{"$f":"TRUNC(F915*D917,2)","v":65.989999999999995}]
[]
[null,"PREÇO:",null,null,null,{"$f":"+F915+F917","v":299.93}]
[]
["CÓDIGO","DISCRIMINAÇÃO","UN","COEFIC.","UNITÁRIO","TOTAL"]
[453,"CIP","%"]
[{"$f":"CONCATENATE(\"COTAÇÃO \",Insumos!$B$168)","v":"COTAÇÃO 121"},"CIP","un",0.01,{"$f":"+Insumos!$G$168","v":28.32},{"$f":"TRUNC(D923*E923,4)","v":0.28320000000000001}]
["SUB-TOTAL - MATERIAL / EQUIPAMENTOS:",null,{"$f":"SUM(F923)","v":0.28320000000000001}]
[]
[null,"CUSTO TOTAL:",null,null,null,{"$f":"+C924","v":0.28320000000000001}]
[]
[null,"BDI:","%",{"$f":"+$F$7","v":"28,21%"},null,{"$f":"TRUNC(F926*D928,4)","v":7.9799999999999996E-2}]
[]
[null,"PREÇO:",null,null,null,{"$f":"+F926+F928","v":0.36299999999999999}]
[]
["CÓDIGO","DISCRIMINAÇÃO","UN","COEFIC.","UNITÁRIO","TOTAL"]
[455,"MTRCC","un"]
[{"$f":"CONCATENATE(\"COTAÇÃO \",Insumos!$B$389)","v":"COTAÇÃO 130"},"UFM","un",100,{"$f":"+Insumos!$G$389","v":5.35},{"$f":"TRUNC(D934*E934,2)","v":535}]
["SUB-TOTAL - MATERIAL / EQUIPAMENTOS:",null,{"$f":"SUM(F934)","v":535}]
[]
[null,"CUSTO TOTAL:",null,null,null,{"$f":"+C935","v":535}]
[]
[null,"BDI:","%",{"$f":"+$F$7","v":"28,21%"},null,{"$f":"TRUNC(F937*D939,2)","v":150.91999999999999}]
[]
[null,"PREÇO:",null,null,null,{"$f":"+F937+F939","v":685.92}]
[]
["CÓDIGO","DISCRIMINAÇÃO","UN","COEFIC.","UNITÁRIO","TOTAL"]
[463,"PCMAT","un"]
[{"$f":"CONCATENATE(\"COTAÇÃO \",Insumos!$B$178)","v":"COTAÇÃO 128"},"CUB-RS","un",1.4,{"$f":"+Insumos!$G$178","v":1895.23},{"$f":"TRUNC(D945*E945,2)","v":2653.32}]
["SUB-TOTAL - MATERIAL / EQUIPAMENTOS:",null,{"$f":"SUM(F945)","v":2653.32}]
[]
[null,"CUSTO TOTAL:",null,null,null,{"$f":"+C946","v":2653.32}]
[]
[null,"BDI:","%",{"$f":"+$F$7","v":"28,21%"},null,{"$f":"TRUNC(F948*D950,2)","v":748.5}]
[]
[null,"PREÇO:",null,null,null,{"$f":"+F948+F950","v":3401.82}]
[]
["CÓDIGO","DISCRIMINAÇÃO","UN","COEFIC.","UNITÁRIO","TOTAL"]
[500,"TAPUME EM CHAPA DE COMPENSADO RESINADO","m²"]
[{"$f":"CONCATENATE(\"SINAPI I \",Insumos!$B$289)","v":"SINAPI I 2745"},"PONTALETE ROLIÇO S/TRATAMENTO EUCALIPTO D=8 A 11 cm","m",0.26219999999999999,{"$f":"+Insumos!$G$289","v":4.18},{"$f":"TRUNC(D956*E956,2)","v":1.0900000000000001}]
[{"$f":"CONCATENATE(\"SINAPI I \",Insumos!$B$312)","v":"SINAPI I 4460"},"SARRAFO NÃO APARELHADO CEDRINHO 2,5 X 10 cm","m",0.70799999999999996,{"$f":"+Insumos!$G$312","v":5.61},3.97]
[{"$f":"CONCATENATE(\"SINAPI I \",Insumos!$B$157)","v":"SINAPI I 1355"},"CHAPA DE MADEIRA COMPENSADA RESINADA 14 mm","m²",0.52500000000000002,{"$f":"+Insumos!$G$157","v":69.45},36.46]
[{"$f":"CONCATENATE(\"SINAPI C \",'Composições Aux. SINAPI'!$A$76,)","v":"SINAPI C 91692"},"SERRA CIRCULAR DE BANCADA C/COIFA PARA DISCO 10\" (chp)","chp",4.4000000000000003E-3,{"$f":"+'Composições Aux. SINAPI'!$E$76","v":24.14},0.1]
[{"$f":"CONCATENATE(\"SINAPI C \",'Composições Aux. SINAPI'!$A$77)","v":"SINAPI C 91693"},"SERRA CIRCULAR DE BANCADA C/COIFA PARA DISCO 10\" (chi)","chi",1.9099999999999999E-2,{"$f":"+'Composições Aux. SINAPI'!$E$77","v":22.66},0.43]
[{"$f":"CONCATENATE(\"SINAPI I \",Insumos!$B$301)","v":"SINAPI I 5061"},"PREGO DE AÇO 18 x 27 C/CABEÇA","kg",4.2799999999999998E-2,{"$f":"+Insumos!$G$301","v":20.38},0.87]
[{"$f":"CONCATENATE(\"SINAPI I \",Insumos!$B$366)","v":"SINAPI I 35693"},"TINTA LÁTEX ACRÍLICA ECONÔMICA, COR BRANCA","l",0.26979999999999998,{"$f":"+Insumos!$G$366","v":11.44},{"$f":"TRUNC(D962*E962,2)","v":3.08}]
[{"$f":"CONCATENATE(\"SINAPI I \",Insumos!$B$239)","v":"SINAPI I 3767"},"LIXA P/MADEIRA","un",0.8,{"$f":"+Insumos!$G$239","v":1.48},{"$f":"TRUNC(D963*E963,2)","v":1.18}]
["SUB-TOTAL - MATERIAL / EQUIPAMENTOS:",null,{"$f":"SUM(F956:F963)","v":47.18}]
[{"$f":"CONCATENATE(\"SINAPI C \",Insumos!$B$21)","v":"SINAPI C 88262"},"CARPINTEIRO C/ENCARGOS COMPLEMENTARES","h",0.61270000000000002,{"$f":"+Insumos!$G$21","v":20.100000000000001},{"$f":"TRUNC(D965*E965,2)","v":12.31}]
[{"$f":"CONCATENATE(\"SINAPI C \",Insumos!$B$14)","v":"SINAPI C 88239"},"AJUDANTE DE CARPINTEIRO C/ENCARGOS COMPLEMENTARES","h",0.20419999999999999,{"$f":"+Insumos!$G$14","v":16.87},{"$f":"TRUNC(D966*E966,2)","v":3.44}]
[{"$f":"CONCATENATE(\"SINAPI C \",Insumos!$B$36)","v":"SINAPI C 88310"},"PINTOR C/ENCARGOS COMPLEMENTARES","h",0.8,{"$f":"+Insumos!$G$36","v":21.41},{"$f":"TRUNC(D967*E967,2)","v":17.12}]
[{"$f":"CONCATENATE(\"SINAPI C \",Insumos!$B$38)","v":"SINAPI C 88316"},"SERVENTE C/ ENCARGOS COMPLEMENTARES","h",0.45,{"$f":"+Insumos!$G$38","v":16.920000000000002},{"$f":"TRUNC(D968*E968,2)","v":7.61}]
["SUB-TOTAL - MÃO-DE-OBRA:",null,{"$f":"SUM(F965:F968)","v":40.480000000000004}]
[]
[null,"CUSTO TOTAL:",null,null,null,{"$f":"+C964+C969","v":87.66}]
[]
[null,"BDI:","%",{"$f":"+$F$7","v":"28,21%"},null,{"$f":"TRUNC(F971*D973,2)","v":24.72}]
[]
[null,"PREÇO:",null,null,null,{"$f":"+F971+F973","v":112.38}]
[]
["CÓDIGO","DISCRIMINAÇÃO","UN","COEFIC.","UNITÁRIO","TOTAL"]
[503,"TAPUME EM TELA GALVANIZADA","m²"]
[{"$f":"CONCATENATE(\"SINAPI I \",Insumos!$B$289)","v":"SINAPI I 2745"},"PONTALETE ROLIÇO S/TRATAMENTO EUCALIPTO D=8 A 11 cm","m",0.32469999999999999,{"$f":"+Insumos!$G$289","v":4.18},{"$f":"TRUNC(D979*E979,2)","v":1.35}]
[{"$f":"CONCATENATE(\"COTAÇÃO \",Insumos!$B$352)","v":"COTAÇÃO 80"},"TELA ARAME GALVANIZADO 5 x 5 cm FIO 12 BWG","m²",0.52500000000000002,{"$f":"+Insumos!$G$352","v":31.11},{"$f":"TRUNC(D980*E980,2)","v":16.329999999999998}]
[{"$f":"CONCATENATE(\"SINAPI I \",Insumos!$B$221)","v":"SINAPI I 5076"},"GRAMPO DE AÇO POLIDO 1\"x9","kg",1.55E-2,{"$f":"+Insumos!$G$221","v":20.94},{"$f":"TRUNC(D981*E981,2)","v":0.32}]
["SUB-TOTAL - MATERIAL / EQUIPAMENTOS:",null,{"$f":"SUM(F979:F981)","v":18}]
[{"$f":"CONCATENATE(\"SINAPI C \",Insumos!$B$21)","v":"SINAPI C 88262"},"CARPINTEIRO C/ENCARGOS COMPLEMENTARES","h",0.68669999999999998,{"$f":"+Insumos!$G$21","v":20.100000000000001},{"$f":"TRUNC(D983*E983,2)","v":13.8}]
[{"$f":"CONCATENATE(\"SINAPI C \",Insumos!$B$38)","v":"SINAPI C 88316"},"SERVENTE C/ ENCARGOS COMPLEMENTARES","h",0.74860000000000004,{"$f":"+Insumos!$G$38","v":16.920000000000002},{"$f":"TRUNC(D984*E984,2)","v":12.66}]
["SUB-TOTAL - MÃO-DE-OBRA:",null,{"$f":"SUM(F983:F984)","v":26.46}]
[]
[null,"CUSTO TOTAL:",null,null,null,{"$f":"+C982+C985","v":44.46}]
[]
[null,"BDI:","%",{"$f":"+$F$7","v":"28,21%"},null,{"$f":"TRUNC(F987*D989,2)","v":12.54}]
[]
[null,"PREÇO:",null,null,null,{"$f":"+F987+F989","v":57}]
[]
["CÓDIGO","DISCRIMINAÇÃO","UN","COEFIC.","UNITÁRIO","TOTAL"]
[507,"DESMONTAGEM DE TAPUME","m²"]
[{"$f":"CONCATENATE(\"SINAPI C \",Insumos!$B$21)","v":"SINAPI C 88262"},"CARPINTEIRO C/ENCARGOS COMPLEMENTARES","h",4.0800000000000003E-2,{"$f":"+Insumos!$G$21","v":20.100000000000001},{"$f":"TRUNC(D995*E995,2)","v":0.82}]
[{"$f":"CONCATENATE(\"SINAPI C \",Insumos!$B$38)","v":"SINAPI C 88316"},"SERVENTE C/ ENCARGOS COMPLEMENTARES","h",8.0100000000000005E-2,{"$f":"+Insumos!$G$38","v":16.920000000000002},{"$f":"TRUNC(D996*E996,2)","v":1.35}]
["SUB-TOTAL - MÃO-DE-OBRA:",null,{"$f":"SUM(F995:F996)","v":2.17}]
[]
[null,"CUSTO TOTAL:",null,null,null,{"$f":"+C997","v":2.17}]
[]
[null,"BDI:","%",{"$f":"+$F$7","v":"28,21%"},null,{"$f":"TRUNC(F999*D1001,2)","v":0.61}]
[]
[null,"PREÇO:",null,null,null,{"$f":"+F999+F1001","v":2.78}]
[]
["CÓDIGO","DISCRIMINAÇÃO","UN","COEFIC.","UNITÁRIO","TOTAL"]
[93584,"GALPÃO DE OBRA","m²"]
[{"$f":"CONCATENATE(\"SINAPI C \",'Composições Aux. SINAPI'!$A$52)","v":"SINAPI C 93584"},"EXECUÇÃO DE DEPÓSITO EM CANTEIRO DE OBRA EM CHAPA DE MADEIRA COMPENSADA","m²",1,{"$f":"+'Composições Aux. SINAPI'!$E$52:$F$52","v":831.64},{"$f":"TRUNC(D1007*E1007,2)","v":831.64}]
["SUB-TOTAL - MATERIAL / EQUIPAMENTOS:",null,{"$f":"SUM(F1007:F1007)","v":831.64}]
[]
[null,"CUSTO TOTAL:",null,null,null,{"$f":"+C1008","v":831.64}]
[]
[null,"BDI:","%",{"$f":"+$F$7","v":"28,21%"},null,{"$f":"TRUNC(F1010*D1012,2)","v":234.6}]
[]
[null,"PREÇO:",null,null,null,{"$f":"+F1010+F1012","v":1066.24}]
[]
["CÓDIGO","DISCRIMINAÇÃO","UN","COEFIC.","UNITÁRIO","TOTAL"]
[507,"TELHEIRO","m²"]
[{"$f":"CONCATENATE(\"SINAPI C \",'Composições Aux. SINAPI'!$A$51)","v":"SINAPI C 93583"},"EXECUÇÃO DE CENTRAL DE FÔRMAS EM CANTEIRO DE OBRA","m²",1,{"$f":"+'Composições Aux. SINAPI'!$E$51:$F$51","v":424.77},{"$f":"TRUNC(D1018*E1018,2)","v":424.77}]
["SUB-TOTAL - MATERIAL / EQUIPAMENTOS:",null,{"$f":"SUM(F1018:F1018)","v":424.77}]
[]
[null,"CUSTO TOTAL:",null,null,null,{"$f":"+C1019","v":424.77}]
[]
[null,"BDI:","%",{"$f":"+$F$7","v":"28,21%"},null,{"$f":"TRUNC(F1021*D1023,2)","v":119.82}]
[]
[null,"PREÇO:",null,null,null,{"$f":"+F1021+F1023","v":544.58999999999992}]
[]
["CÓDIGO","DISCRIMINAÇÃO","UN","COEFIC.","UNITÁRIO","TOTAL"]
[510,"LOCAÇÃO DE SANITÁRIO QUÍMICO","un"]
[{"$f":"CONCATENATE(\"COTAÇÃO \",Insumos!$B$242)","v":"COTAÇÃO 10"},"LOCAÇÃO SANITÁRIO QUÍMICO","ms",1.5,{"$f":"+Insumos!$G$242","v":898.13},{"$f":"TRUNC(D1029*E1029,2)","v":1347.19}]
["SUB-TOTAL - MATERIAL / EQUIPAMENTOS:",null,{"$f":"SUM(F1029)","v":1347.19}]
[]
[null,"CUSTO TOTAL:",null,null,null,{"$f":"+C1030","v":1347.19}]
[]
[null,"BDI:","%",{"$f":"+$F$7","v":"28,21%"},null,{"$f":"TRUNC(F1032*D1034,2)","v":380.04}]
[]
[null,"PREÇO:",null,null,null,{"$f":"+F1032+F1034","v":1727.23}]
[]
["CÓDIGO","DISCRIMINAÇÃO","UN","COEFIC.","UNITÁRIO","TOTAL"]
[515,"LOCAÇÃO CONTAINER ESCRITÓRIO S/FRETE","un"]
[{"$f":"CONCATENATE(\"SINAPI I \",Insumos!$B$240)","v":"SINAPI I 10776"},"LOCAÇÃO DE CONTAINER ESCRITÓRIO","ms",1.5,{"$f":"+Insumos!$G$240","v":578.12},{"$f":"TRUNC(D1040*E1040,2)","v":867.18}]
["SUB-TOTAL - MATERIAL / EQUIPAMENTOS:",null,{"$f":"SUM(F1040)","v":867.18}]
[]
[null,"CUSTO TOTAL:",null,null,null,{"$f":"+C1041","v":867.18}]
[]
[null,"BDI:","%",{"$f":"+$F$7","v":"28,21%"},null,{"$f":"TRUNC(F1043*D1045,2)","v":244.63}]
[]
[null,"PREÇO:",null,null,null,{"$f":"+F1043+F1045","v":1111.81}]
[]
["CÓDIGO","DISCRIMINAÇÃO","UN","COEFIC.","UNITÁRIO","TOTAL"]
[517,"LOCAÇÃO CONTAINER SANITÁRIO S/FRETE","%"]
[{"$f":"CONCATENATE(\"SINAPI I \",Insumos!$B$241)","v":"SINAPI I 10777"},"LOCAÇÃO CONTAINER SANITÁRIO (3 BACIAS, 1 LAV., 1 MIC, 4 CHUVEIROS)","ms",0.01,{"$f":"+Insumos!$G$241","v":840.2},{"$f":"TRUNC(D1051*E1051,4)","v":8.4019999999999992}]
["SUB-TOTAL - MATERIAL / EQUIPAMENTOS:",null,{"$f":"SUM(F1051)","v":8.4019999999999992}]
[]
[null,"CUSTO TOTAL:",null,null,null,{"$f":"+C1052","v":8.4019999999999992}]
[]
[null,"BDI:","%",{"$f":"+$F$7","v":"28,21%"},null,{"$f":"TRUNC(F1054*D1056,4)","v":2.3702000000000001}]
[]
[null,"PREÇO:",null,null,null,{"$f":"+F1054+F1056","v":10.7722}]
[]
["CÓDIGO","DISCRIMINAÇÃO","UN","COEFIC.","UNITÁRIO","TOTAL"]
[520,"FRETE P/ CONTAINER","cj"]
[{"$f":"CONCATENATE(\"SINAPI C \",'Composições Aux. SINAPI'!$A$55)","v":"SINAPI C 93402"},"GUINDAUTO HIDRÁULICO, CAP. 3300 KG, INCLUSIVE CAMINHÃO TOCO","chp",5,{"$f":"+'Composições Aux. SINAPI'!$E$55","v":211.27},{"$f":"TRUNC(D1062*E1062,2)","v":1056.3499999999999}]
["SUB-TOTAL - MATERIAL / EQUIPAMENTOS:",null,{"$f":"SUM(F1062)","v":1056.3499999999999}]
[]
[null,"CUSTO TOTAL:",null,null,null,{"$f":"+C1063","v":1056.3499999999999}]
[null,"Auxiliar para composições 515 e 517"]
[null,"BDI:","%",{"$f":"+$F$7","v":"28,21%"},null,{"$f":"TRUNC(F1065*D1067,2)","v":297.99}]
[]
[null,"PREÇO:",null,null,null,{"$f":"+F1065+F1067","v":1354.34}]
[]
["CÓDIGO","DISCRIMINAÇÃO","UN","COEFIC.","UNITÁRIO","TOTAL"]
[530,"INSTALAÇÃO PROVISÓRIA DE ENERGIA","pt"]
[{"$f":"CONCATENATE(\"SINAPI C \",'Composições Aux. SINAPI'!$A$47)","v":"SINAPI C 91872"},"ELETRODUTO RÍGIDO ROSCÁVEL, PVC, DN 32 mm (1\"), PARA CIRCUITOS TERMINAIS","m",6.05,{"$f":"+'Composições Aux. SINAPI'!$E$47:$F$47","v":14.53},{"$f":"TRUNC(D1073*E1073,2)","v":87.9}]
[{"$f":"CONCATENATE(\"SINAPI C \",'Composições Aux. SINAPI'!$A$62)","v":"SINAPI C 91885"},"LUVA PARA ELETRODUTO, PVC, ROSCÁVEL, DN 32 mm (1\")","un",1,{"$f":"+'Composições Aux. SINAPI'!$E$62:$F$62","v":8.7899999999999991},8.7899999999999991]
[{"$f":"CONCATENATE(\"SINAPI C \",'Composições Aux. SINAPI'!$A$42)","v":"SINAPI C 91917"},"CURVA 90° PARA ELETRODUTO, PVC, ROSCÁVEL, DN 32 mm (1\")","un",1,{"$f":"+'Composições Aux. SINAPI'!$E$42:$F$42","v":15.3},15.3]
[{"$f":"CONCATENATE(\"SINAPI C \",'Composições Aux. SINAPI'!$A$43)","v":"SINAPI C 91919"},"CURVA 180° P/ELETRODUTO, PVC, ROSCÁVEL, DN 32 mm (1\"\u0094)","un",1,{"$f":"+'Composições Aux. SINAPI'!$E$43:$F$43","v":17.829999999999998},17.829999999999998]
[{"$f":"CONCATENATE(\"SINAPI C \",'Composições Aux. SINAPI'!$A$26)","v":"SINAPI C 91933"},"CABO DE COBRE FLEXÍVEL ISOLADO, 10 mm², ANTI-CHAMA 0,6/1,0 kV","m",22.2,{"$f":"+'Composições Aux. SINAPI'!$E$26:$F$26","v":16.23},360.3]
[{"$f":"CONCATENATE(\"SINAPI C \",'Composições Aux. SINAPI'!$A$46)","v":"SINAPI C 93673"},"DISJUNTOR TRIPOLAR TIPO DIN, CORRENTE NOMINAL DE 50 A","un",1,{"$f":"+'Composições Aux. SINAPI'!$E$46:$F$46","v":91.92},91.92]
[{"$f":"CONCATENATE(\"SINAPI C \",'Composições Aux. SINAPI'!$A$36)","v":"SINAPI C 96977"},"CORDOALHA DE COBRE NU 50 mm², ENTERRADA, SEM ISOLADOR","m",1.95,{"$f":"+'Composições Aux. SINAPI'!$E$36:$F$36","v":55.13},107.5]
[{"$f":"CONCATENATE(\"SINAPI C \",'Composições Aux. SINAPI'!$A$56)","v":"SINAPI C 96986"},"HASTE DE ATERRAMENTO 3/4\" PARA SPDA","un",1,{"$f":"+'Composições Aux. SINAPI'!$E$56:$F$56","v":138.80000000000001},138.80000000000001]
[{"$f":"CONCATENATE(\"SINAPI C \",'Composições Aux. SINAPI'!$A$23)","v":"SINAPI C 100578"},"ASSENTAMENTO DE POSTE DE CONCRETO COM COMPRIMENTO NOMINAL DE 9 m","un",1,{"$f":"+'Composições Aux. SINAPI'!$E$23:$F$23","v":436.09},436.09]
[{"$f":"CONCATENATE(\"SINAPI I \",Insumos!$B$91)","v":"SINAPI I 1094"},"ARMAÇÃO VERTICAL C/HASTE E CONTRA-PINO, EM CHAPA DE FG 3/16\", C/1 ESTRIBO","un",1,{"$f":"+Insumos!$G$91","v":23.96},23.96]
[{"$f":"CONCATENATE(\"SINAPI I \",Insumos!$B$231)","v":"SINAPI I 3398"},"ISOLADOR DE PORCELANA, TIPO ROLDANA, DIMENSÕES DE 72 x 72 mm","un",1,{"$f":"+Insumos!$G$231","v":6.21},6.21]
[{"$f":"CONCATENATE(\"SINAPI I \",Insumos!$B$258)","v":"SINAPI I 4346"},"PARAFUSO FERRO POLIDO, SEXTAVADO, D=5/8\", C/PORCA E ARRUELA DE PRESSÃO MÉDIA","un",3,{"$f":"+Insumos!$G$258","v":10.54},31.62]
[{"$f":"CONCATENATE(\"SINAPI I \",Insumos!$B$94)","v":"SINAPI I 11267"},"ARRUELA LISA, DE LATÃO POLIDO, DIÂMETRO NOMINAL 5/8\", DIÂMETRO DO FURO = 17 mm","un",2,{"$f":"+Insumos!$G$94","v":0.8},1.6]
[{"$f":"CONCATENATE(\"SINAPI I \",Insumos!$B$174)","v":"SINAPI I 11864"},"CONECTOR METÁLICO TIPO PARAFUSO FENDIDO (SPLIT BOLT), PARA CABOS ATÉ 95 mm2","un",1,{"$f":"+Insumos!$G$174","v":33.49},33.49]
[{"$f":"CONCATENATE(\"SINAPI I \",Insumos!$B$128)","v":"SINAPI I 11950"},"BUCHA NYLON S/ABA S6, C/PARAFUSO DE 4,2 x 40 mm EM AÇO ZINCADO C/ROSCA SOBERBA","un",4,{"$f":"+Insumos!$G$128","v":0.39},1.56]
[{"$f":"CONCATENATE(\"SINAPI I \",Insumos!$B$210)","v":"SINAPI I 14153"},"FITA METÁLICA PERFURADA, L = 18 mm, ROLO DE 30 m, CARGA RECOMENDADA = 30 kgf","un",0.06,{"$f":"+Insumos!$G$210","v":55.03},3.3]
[{"$f":"CONCATENATE(\"SINAPI I \",Insumos!$B$146)","v":"SINAPI I 34643"},"CAIXA INSPEÇÃO EM POLIETILENO PARA ATERRAMENTO E PÁRA RAIOS DIÂMETRO = 300 mm","un",1,{"$f":"+Insumos!$G$146","v":51.53},51.53]
[{"$f":"CONCATENATE(\"SINAPI I \",Insumos!$B$148)","v":"SINAPI I 39809"},"CAIXA P/MEDIDOR POLIFÁSICO, EM POLICARBONATO/TERMOPLÁSTICO, P/1 DISJUNTOR","un",1,{"$f":"+Insumos!$G$148","v":177.16},177.16]
[{"$f":"CONCATENATE(\"SINAPI I \",Insumos!$B$391)","v":"SINAPI I 39996"},"VERGALHÃO ZINCADO ROSCA TOTAL, 1/4 \" (6,3 mm)","m",0.16639999999999999,{"$f":"+Insumos!$G$391","v":5.49},0.91]
[{"$f":"CONCATENATE(\"SINAPI I \",Insumos!$B$292)","v":"SINAPI I 39997"},"PORCA ZINCADA, SEXTAVADA, DIÂMETRO 1/4\"","un",2,{"$f":"+Insumos!$G$292","v":0.31},0.62]
[{"$f":"CONCATENATE(\"SINAPI I \",Insumos!$B$294)","v":"SINAPI I 5044"},"POSTE DE CONCRETO CIRCULAR, 200 kg, H = 9 m","un",1,{"$f":"+Insumos!$G$294","v":1776.4},1776.4]
["SUB-TOTAL - MATERIAL / EQUIPAMENTOS:",null,{"$f":"SUM(F1073:F1093)","v":3372.79}]
[{"$f":"CONCATENATE(\"SINAPI C \",Insumos!$B$23)","v":"SINAPI C 88264"},"ELETRICISTA C/ENCARGOS COMPLEMENTARES","h",3.5078,{"$f":"+Insumos!$G$23","v":20.73},{"$f":"TRUNC(D1095*E1095,2)","v":72.709999999999994}]
[{"$f":"CONCATENATE(\"SINAPI C \",Insumos!$B$16)","v":"SINAPI C 88247"},"AUXILIAR DE ELETRICISTA C/ENCARGOS COMPLEMENTARES","h",0.38969999999999999,{"$f":"+Insumos!$G$16","v":16.03},{"$f":"TRUNC(D1096*E1096,2)","v":6.24}]
["SUB-TOTAL - MÃO-DE-OBRA:",null,{"$f":"SUM(F1095:F1096)","v":78.949999999999989}]
[]
[null,"CUSTO TOTAL:",null,null,null,{"$f":"+C1094+C1097","v":3451.74}]
[]
[null,"BDI:","%",{"$f":"+$F$7","v":"28,21%"},null,{"$f":"TRUNC(F1099*D1101,2)","v":973.73}]
[]
[null,"PREÇO:",null,null,null,{"$f":"+F1099+F1101","v":4425.4699999999993}]
[]
["CÓDIGO","DISCRIMINAÇÃO","UN","COEFIC.","UNITÁRIO","TOTAL"]
[535,"INSTALAÇÃO PROVISÓRIA DE ÁGUA","pt"]
[{"$f":"CONCATENATE(\"SINAPI C \",'Composições Aux. SINAPI'!$A$48)","v":"SINAPI C 93358"},"ESCAVAÇÃO MANUAL DE VALA COM PROFUNDIDADE MENOR OU IGUAL A 1,30 M","m³",0.15,{"$f":"+'Composições Aux. SINAPI'!$E$48:$F$48","v":66.930000000000007},{"$f":"TRUNC(D1107*E1107,2)","v":10.029999999999999}]
[{"$f":"CONCATENATE(\"SINAPI C \",'Composições Aux. SINAPI'!$A$88)","v":"SINAPI C 89401"},"TUBO, PVC, SOLDÁVEL, DN 20MM - FORNECIMENTO E INSTALAÇÃO","m",5,{"$f":"+'Composições Aux. SINAPI'!$E$88:$F$88","v":8.6300000000000008},43.15]
[{"$f":"CONCATENATE(\"SINAPI C \",'Composições Aux. SINAPI'!$A$58)","v":"SINAPI C 89358"},"JOELHO 90 GRAUS, PVC, SOLDÁVEL, DN 20MM - FORNECIMENTO E INSTALAÇÃO","un",4,{"$f":"+'Composições Aux. SINAPI'!$E$58:$F$58","v":6.51},26.04]
[{"$f":"CONCATENATE(\"SINAPI C \",'Composições Aux. SINAPI'!$A$78)","v":"SINAPI C 86913"},"TORNEIRA CROMADA 1/2\" OU 3/4\" PARA TANQUE, PADRÃO POPULAR","un",1,{"$f":"+'Composições Aux. SINAPI'!$E$78:$F$78","v":77.11},77.11]
[{"$f":"CONCATENATE(\"COTAÇÃO \",Insumos!$B$349)","v":"COTAÇÃO 117"},"TAXA INSTALAÇÃO ÁGUA DMAE","cj",1,{"$f":"+Insumos!$G$349","v":597.08000000000004},597.08000000000004]
["SUB-TOTAL - MATERIAL / EQUIPAMENTOS:",null,{"$f":"SUM(F1107:F1111)","v":753.41000000000008}]
[]
[null,"CUSTO TOTAL:",null,null,null,{"$f":"+C1112","v":753.41000000000008}]
[]
[null,"BDI:","%",{"$f":"+$F$7","v":"28,21%"},null,{"$f":"TRUNC(F1114*D1116,2)","v":212.53}]
[]
[null,"PREÇO:",null,null,null,{"$f":"+F1114+F1116","v":965.94}]
[]
["CÓDIGO","DISCRIMINAÇÃO","UN","COEFIC.","UNITÁRIO","TOTAL"]
[537,"INSTALAÇÃO PROVISÓRIA DE ESGOTO","pt"]
[{"$f":"CONCATENATE(\"SINAPI C \",'Composições Aux. SINAPI'!$A$48)","v":"SINAPI C 93358"},"ESCAVAÇÃO MANUAL DE VALA COM PROFUNDIDADE MENOR OU IGUAL A 1,30 M","m³",0.5,{"$f":"+'Composições Aux. SINAPI'!$E$48:$F$48","v":66.930000000000007},{"$f":"TRUNC(D1122*E1122,2)","v":33.46}]
[{"$f":"CONCATENATE(\"SINAPI C \",'Composições Aux. SINAPI'!$A$87)","v":"SINAPI C 89714"},"TUBO PVC, SERIE NORMAL, ESGOTO PREDIAL, DN 100 MM, FORNECIDO E INSTALADO","m",5,{"$f":"+'Composições Aux. SINAPI'!$E$87:$F$87","v":55.16},{"$f":"TRUNC(D1123*E1123,2)","v":275.8}]
[{"$f":"CONCATENATE(\"SINAPI C \",'Composições Aux. SINAPI'!$A$57)","v":"SINAPI C 89744"},"JOELHO 90 GRAUS, PVC, SERIE NORMAL, ESGOTO PREDIAL, DN 100 MM, FORNECIDO E INSTALADO","un",2,{"$f":"+'Composições Aux. SINAPI'!$E$57:$F$57","v":24.82},{"$f":"TRUNC(D1124*E1124,2)","v":49.64}]
[{"$f":"CONCATENATE(\"SINAPI C \",'Composições Aux. SINAPI'!$A$28)","v":"SINAPI C 97896"},"CAIXA DE PASSAGEM EM CONCRETO 40 X 40 X 40 cm","un",1,{"$f":"+'Composições Aux. SINAPI'!$E$28:$F$28","v":276.32},{"$f":"TRUNC(D1125*E1125,2)","v":276.32}]
[{"$f":"CONCATENATE(\"COTAÇÃO \",Insumos!$B$350)","v":"COTAÇÃO 118"},"TAXA INSTALAÇÃO ESGOTO DMAE","cj",1,{"$f":"+Insumos!$G$350","v":386.12},{"$f":"TRUNC(D1126*E1126,2)","v":386.12}]
["SUB-TOTAL - MATERIAL / EQUIPAMENTOS:",null,{"$f":"SUM(F1122:F1126)","v":1021.34}]
[]
[null,"CUSTO TOTAL:",null,null,null,{"$f":"+C1127","v":1021.34}]
[]
[null,"BDI:","%",{"$f":"+$F$7","v":"28,21%"},null,{"$f":"TRUNC(F1129*D1131,2)","v":288.12}]
[]
[null,"PREÇO:",null,null,null,{"$f":"+F1129+F1131","v":1309.46}]
[]
["CÓDIGO","DISCRIMINAÇÃO","UN","COEFIC.","UNITÁRIO","TOTAL"]
[542,"PLACA DE OBRA","m²"]
[{"$f":"CONCATENATE(\"COTAÇÃO \",Insumos!$B$137)","v":"COTAÇÃO 17"},"CAIBRO CEDRINHO 5 x 7 cm","m",0.57110000000000005,{"$f":"+Insumos!$G$137","v":12.5},{"$f":"TRUNC(D1137*E1137,2)","v":7.13}]
[{"$f":"CONCATENATE(\"SINAPI I \",Insumos!$B$392)","v":"SINAPI I 4481"},"VIGA DE MADEIRA NÃO APARELHADA 8 x 16 cm","m",0.57110000000000005,{"$f":"+Insumos!$G$392","v":32.5},18.559999999999999]
[{"$f":"CONCATENATE(\"SINAPI I \",Insumos!$B$302)","v":"SINAPI I 5075"},"PREGO DE AÇO 18 x 30 C/CABEÇA","kg",9.8699999999999996E-2,{"$f":"+Insumos!$G$302","v":20.73},2.04]
[{"$f":"CONCATENATE(\"COTAÇÃO \",Insumos!$B$135)","v":"COTAÇÃO 114"},"CAÇAMBA 4,00 m³","un",8.0000000000000002E-3,{"$f":"+Insumos!$G$135","v":493.97},3.95]
[{"$f":"CONCATENATE(\"SINAPI C \",'Composições Aux. SINAPI'!$A$35)","v":"SINAPI C 94962"},"CONCRETO MAGRO PARA LASTRO,PREPARO COM BETONEIRA","m³",2.9899999999999999E-2,{"$f":"+'Composições Aux. SINAPI'!$E$35:$F$35","v":311.39},9.31]
[{"$f":"CONCATENATE(\"SINAPI C \",'Composições Aux. SINAPI'!$A$60)","v":"SINAPI C 92873"},"LANÇAMENTO, ADENSAMENTO E ACABAMENTO CONCRETO","m³",2.9899999999999999E-2,{"$f":"+'Composições Aux. SINAPI'!$E$60:$F$60","v":169.51},5.0599999999999996]
[{"$f":"CONCATENATE(\"COTAÇÃO \",Insumos!$B$285)","v":"COTAÇÃO 106"},"PLACA EM LONA IMPRESSA","m²",1,{"$f":"+Insumos!$G$285","v":78.09},78.09]
["SUB-TOTAL - MATERIAL / EQUIPAMENTOS:",null,{"$f":"SUM(F1137:F1143)","v":124.14}]
[{"$f":"CONCATENATE(\"SINAPI C \",Insumos!$B$21)","v":"SINAPI C 88262"},"CARPINTEIRO C/ENCARGOS COMPLEMENTARES","h",0.51800000000000002,{"$f":"+Insumos!$G$21","v":20.100000000000001},{"$f":"TRUNC(D1145*E1145,2)","v":10.41}]
[{"$f":"CONCATENATE(\"SINAPI C \",Insumos!$B$14)","v":"SINAPI C 88239"},"AJUDANTE DE CARPINTEIRO C/ENCARGOS COMPLEMENTARES","h",0.40010000000000001,{"$f":"+Insumos!$G$14","v":16.87},{"$f":"TRUNC(D1146*E1146,2)","v":6.74}]
[{"$f":"CONCATENATE(\"SINAPI C \",Insumos!$B$35)","v":"SINAPI C 88309"},"PEDREIRO C/ENCARGOS COMPLEMENTARES","h",7.5499999999999998E-2,{"$f":"+Insumos!$G$35","v":20.34},{"$f":"TRUNC(D1147*E1147,2)","v":1.53}]
[{"$f":"CONCATENATE(\"SINAPI C \",Insumos!$B$38)","v":"SINAPI C 88316"},"SERVENTE C/ ENCARGOS COMPLEMENTARES","h",0.15509999999999999,{"$f":"+Insumos!$G$38","v":16.920000000000002},{"$f":"TRUNC(D1148*E1148,2)","v":2.62}]
["SUB-TOTAL - MÃO-DE-OBRA:",null,{"$f":"SUM(F1145:F1148)","v":21.3}]
[]
[null,"CUSTO TOTAL:",null,null,null,{"$f":"+C1144+C1149","v":145.44}]
[]
[null,"BDI:","%",{"$f":"+$F$7","v":"28,21%"},null,{"$f":"TRUNC(F1151*D1153,2)","v":41.02}]
[]
[null,"PREÇO:",null,null,null,{"$f":"+F1151+F1153","v":186.46}]
[]
["CÓDIGO","DISCRIMINAÇÃO","UN","COEFIC.","UNITÁRIO","TOTAL"]
[550,"SINALIZAÇÃO COM FITA ZEBRADA FIXADA EM CONE PLÁSTICO","m"]
["SINAPI I 34498","CONE DE SINALIZAÇÃO EM PVC FLEXÍVEL, h=70/76 cm","un",2.1899999999999999E-2,{"$f":"+Insumos!$G$175","v":114.53},{"$f":"TRUNC(D1159*E1159,2)","v":2.5}]
[{"$f":"CONCATENATE(\"COTAÇÃO \",Insumos!$B$212)","v":"COTAÇÃO 133"},"FITA ZEBRADA","m",1.1000000000000001,{"$f":"+Insumos!$G$212","v":0.11},{"$f":"TRUNC(D1160*E1160,2)","v":0.12}]
["SUB-TOTAL - MATERIAL / EQUIPAMENTOS:",null,{"$f":"SUM(F1159:F1160)","v":2.62}]
[{"$f":"CONCATENATE(\"SINAPI C \",Insumos!$B$21)","v":"SINAPI C 88262"},"CARPINTEIRO C/ENCARGOS COMPLEMENTARES","h",0.1384,{"$f":"+Insumos!$G$21","v":20.100000000000001},{"$f":"TRUNC(D1162*E1162,2)","v":2.78}]
[{"$f":"CONCATENATE(\"SINAPI C \",Insumos!$B$14)","v":"SINAPI C 88239"},"AJUDANTE DE CARPINTEIRO C/ENCARGOS COMPLEMENTARES","h",0.10879999999999999,{"$f":"+Insumos!$G$14","v":16.87},{"$f":"TRUNC(D1163*E1163,2)","v":1.83}]
["SUB-TOTAL - MÃO-DE-OBRA:",null,{"$f":"SUM(F1162:F1163)","v":4.6099999999999994}]
[]
[null,"CUSTO TOTAL:",null,null,null,{"$f":"+C1161+C1164","v":7.2299999999999995}]
[]
[null,"BDI:","%",{"$f":"+$F$7","v":"28,21%"},null,{"$f":"TRUNC(F1166*D1168,2)","v":2.0299999999999998}]
[]
[null,"PREÇO:",null,null,null,{"$f":"+F1166+F1168","v":9.26}]
[]
["CÓDIGO","DISCRIMINAÇÃO","UN","COEFIC.","UNITÁRIO","TOTAL"]
[552,"SINALIZAÇÃO COM TELA PLÁSTICA LARANJA FIXADA EM CONE PLÁSTICO","m"]
["SINAPI I 34498","CONE DE SINALIZAÇÃO EM PVC FLEXÍVEL, h=70/76 cm","un",2.1899999999999999E-2,{"$f":"+Insumos!$G$175","v":114.53},{"$f":"TRUNC(D1174*E1174,2)","v":2.5}]
["SINAPI I 37524","TELA PLÁSTICA LARANJA","m",1.1000000000000001,{"$f":"+Insumos!$G$356","v":2.94},{"$f":"TRUNC(D1175*E1175,2)","v":3.23}]
["SUB-TOTAL - MATERIAL / EQUIPAMENTOS:",null,{"$f":"SUM(F1174:F1175)","v":5.73}]
[{"$f":"CONCATENATE(\"SINAPI C \",Insumos!$B$21)","v":"SINAPI C 88262"},"CARPINTEIRO C/ENCARGOS COMPLEMENTARES","h",0.1384,{"$f":"+Insumos!$G$21","v":20.100000000000001},{"$f":"TRUNC(D1177*E1177,2)","v":2.78}]
[{"$f":"CONCATENATE(\"SINAPI C \",Insumos!$B$14)","v":"SINAPI C 88239"},"AJUDANTE DE CARPINTEIRO C/ENCARGOS COMPLEMENTARES","h",0.10879999999999999,{"$f":"+Insumos!$G$14","v":16.87},{"$f":"TRUNC(D1178*E1178,2)","v":1.83}]
["SUB-TOTAL - MÃO-DE-OBRA:",null,{"$f":"SUM(F1177:F1178)","v":4.6099999999999994}]
[]
[null,"CUSTO TOTAL:",null,null,null,{"$f":"+C1176+C1179","v":10.34}]
[]
[null,"BDI:","%",{"$f":"+$F$7","v":"28,21%"},null,{"$f":"TRUNC(F1181*D1183,2)","v":2.91}]
[]
[null,"PREÇO:",null,null,null,{"$f":"+F1181+F1183","v":13.25}]
[]
["CÓDIGO","DISCRIMINAÇÃO","UN","COEFIC.","UNITÁRIO","TOTAL"]
[554,"SINALIZAÇÃO COM SINALIZADOR ELETRÔNICO PISCANTE FIXADO EM CONE PLÁSTICO","m"]
[{"$f":"CONCATENATE(\"COTAÇÃO \",Insumos!$B$316)","v":"COTAÇÃO 12"},"SINALIZADOR ELETRÔNICO LUMINOSO PISCANTE","un",0.16,{"$f":"+Insumos!$G$316","v":131.03},{"$f":"TRUNC(D1189*E1189,2)","v":20.96}]
[{"$f":"CONCATENATE(\"COTAÇÃO \",Insumos!$B$109)","v":"COTAÇÃO 13"},"BALIZADOR h=1,05 m","un",5.5E-2,{"$f":"+Insumos!$G$109","v":71.59},{"$f":"TRUNC(D1190*E1190,2)","v":3.93}]
["SUB-TOTAL - MATERIAL / EQUIPAMENTOS:",null,{"$f":"SUM(F1189:F1190)","v":24.89}]
[{"$f":"CONCATENATE(\"SINAPI C \",Insumos!$B$21)","v":"SINAPI C 88262"},"CARPINTEIRO C/ENCARGOS COMPLEMENTARES","h",0.1384,{"$f":"+Insumos!$G$21","v":20.100000000000001},{"$f":"TRUNC(D1192*E1192,2)","v":2.78}]
[{"$f":"CONCATENATE(\"SINAPI C \",Insumos!$B$14)","v":"SINAPI C 88239"},"AJUDANTE DE CARPINTEIRO C/ENCARGOS COMPLEMENTARES","h",0.10879999999999999,{"$f":"+Insumos!$G$14","v":16.87},{"$f":"TRUNC(D1193*E1193,2)","v":1.83}]
["SUB-TOTAL - MÃO-DE-OBRA:",null,{"$f":"SUM(F1192:F1193)","v":4.6099999999999994}]
[]
[null,"CUSTO TOTAL:",null,null,null,{"$f":"+C1191+C1194","v":29.5}]
[]
[null,"BDI:","%",{"$f":"+$F$7","v":"28,21%"},null,{"$f":"TRUNC(F1196*D1198,2)","v":8.32}]
[]
[null,"PREÇO:",null,null,null,{"$f":"+F1196+F1198","v":37.82}]
[]
["CÓDIGO","DISCRIMINAÇÃO","UN","COEFIC.","UNITÁRIO","TOTAL"]
[556,"PROJETO DE SINALIZAÇÃO","un"]
[{"$f":"CONCATENATE(\"SINAPI C \",Insumos!$B$26)","v":"SINAPI C 90778"},"ENGENHEIRO CIVIL DE OBRA C/ENCARGOS COMPLEMENTARES","h",8,{"$f":"+Insumos!$G$26","v":99.09},{"$f":"TRUNC(D1204*E1204,2)","v":792.72}]
["SUB-TOTAL - MÃO-DE-OBRA:",null,{"$f":"SUM(F1204)","v":792.72}]
[]
[null,"CUSTO TOTAL:",null,null,null,{"$f":"+C1205","v":792.72}]
[]
[null,"BDI:","%",{"$f":"+$F$9","v":0},null,{"$f":"TRUNC(F1207*D1209,2)","v":0}]
[]
[null,"PREÇO:",null,null,null,{"$f":"+F1207+F1209","v":792.72}]
[]
["CÓDIGO","DISCRIMINAÇÃO","UN","COEFIC.","UNITÁRIO","TOTAL"]
[99064,"LOCAÇÃO","m"]
[{"$f":"CONCATENATE(\"SINAPI C \",'Composições Aux. SINAPI'!$A$61)","v":"SINAPI C 99058"},"LOCAÇÃO DE PONTO PARA REFERÊNCIA TOPOGRÁFICA","un",0.05,{"$f":"+'Composições Aux. SINAPI'!$E$61:$F$61","v":9.6199999999999992},{"$f":"TRUNC(D1215*E1215,2)","v":0.48}]
["SUB-TOTAL - MATERIAL / EQUIPAMENTOS:",null,{"$f":"SUM(F1215:F1215)","v":0.48}]
[]
[null,"CUSTO TOTAL:",null,null,null,{"$f":"+C1216","v":0.48}]
[]
[null,"BDI:","%",{"$f":"+$F$7","v":"28,21%"},null,{"$f":"TRUNC(F1218*D1220,2)","v":0.13}]
[]
[null,"PREÇO:",null,null,null,{"$f":"+F1218+F1220","v":0.61}]
[]
["CÓDIGO","DISCRIMINAÇÃO","UN","COEFIC.","UNITÁRIO","TOTAL"]
[565,"NIVELAMENTO","m²"]
[{"$f":"CONCATENATE(\"SINAPI I \",Insumos!$B$312)","v":"SINAPI I 4460"},"SARRAFO NÃO APARELHADO CEDRINHO 2,5 X 10 cm","m",2.8999999999999998E-3,{"$f":"+Insumos!$G$312","v":5.61},{"$f":"TRUNC(D1226*E1226,2)","v":0.01}]
["SINAPI I 7252","LOCAÇÃO NÍVEL ÓTICO","h",2.5000000000000001E-3,{"$f":"+Insumos!$G$54","v":2.48},{"$f":"ROUND(D1227*E1227,2)","v":0.01}]
["SUB-TOTAL - MATERIAL / EQUIPAMENTOS:",null,{"$f":"SUM(F1226:F1227)","v":0.02}]
["SINAPI C 88253","AUXILIAR DE TOPÓGRAFO C/ENCARGOS COMPLEMENTARES","h",2.5000000000000001E-3,{"$f":"+Insumos!$G$19","v":13.02},{"$f":"TRUNC(D1229*E1229,2)","v":0.03}]
["SINAPI C 90781","TOPÓGRAFO C/ ENCARGOS COMPLEMENTARES","h",2.5000000000000001E-3,{"$f":"+Insumos!$G$41","v":29.66},{"$f":"TRUNC(D1230*E1230,2)","v":7.0000000000000007E-2}]
[{"$f":"CONCATENATE(\"SINAPI C \",Insumos!$B$38)","v":"SINAPI C 88316"},"SERVENTE C/ ENCARGOS COMPLEMENTARES","h",7.4999999999999997E-3,{"$f":"+Insumos!$G$38","v":16.920000000000002},{"$f":"TRUNC(D1231*E1231,2)","v":0.12}]
["SUB-TOTAL - MÃO-DE-OBRA:",null,{"$f":"SUM(F1229:F1231)","v":0.22}]
[]
[null,"CUSTO TOTAL:",null,null,null,{"$f":"+C1228+C1232","v":0.24}]
[]
[null,"BDI:","%",{"$f":"+$F$7","v":"28,21%"},null,{"$f":"TRUNC(F1234*D1236,2)","v":0.06}]
[]
[null,"PREÇO:",null,null,null,{"$f":"+F1234+F1236","v":0.3}]
[]
["CÓDIGO","DISCRIMINAÇÃO","UN","COEFIC.","UNITÁRIO","TOTAL"]
[90778,"ENGENHEIRO","un"]
[{"$f":"CONCATENATE(\"SINAPI C \",Insumos!$B$26)","v":"SINAPI C 90778"},"ENGENHEIRO CIVIL DE OBRA C/ENCARGOS COMPLEMENTARES","h",49.5,{"$f":"+Insumos!$G$26","v":99.09},{"$f":"TRUNC(D1242*E1242,2)","v":4904.95}]
["SUB-TOTAL - MÃO-DE-OBRA:",null,{"$f":"SUM(F1242)","v":4904.95}]
[]
[null,"CUSTO TOTAL:",null,null,null,{"$f":"C1243","v":4904.95}]
[]
[null,"BDI:","%",{"$f":"+$F$7","v":"28,21%"},null,{"$f":"TRUNC(F1245*D1247,2)","v":1383.68}]
[]
[null,"PREÇO:",null,null,null,{"$f":"+F1245+F1247","v":6288.63}]
[]
["CÓDIGO","DISCRIMINAÇÃO","UN","COEFIC.","UNITÁRIO","TOTAL"]
[94295,"MESTRE DE OBRAS","%"]
[{"$f":"CONCATENATE(\"SINAPI C \",Insumos!$B$29)","v":"SINAPI C 94295"},"MESTRE DE OBRAS C/ENCARGOS COMPLEMENTARES","mês",0.01,{"$f":"+Insumos!$G$29","v":10997.84},{"$f":"TRUNC(D1253*E1253,4)","v":109.97839999999999}]
["SUB-TOTAL - MÃO-DE-OBRA:",null,{"$f":"SUM(F1253)","v":109.97839999999999}]
[]
[null,"CUSTO TOTAL:",null,null,null,{"$f":"C1254","v":109.97839999999999}]
[]
[null,"BDI:","%",{"$f":"+$F$7","v":"28,21%"},null,{"$f":"TRUNC(F1256*D1258,4)","v":31.024899999999999}]
[]
[null,"PREÇO:",null,null,null,{"$f":"+F1256+F1258","v":141.0033}]
[]
["CÓDIGO","DISCRIMINAÇÃO","UN","COEFIC.","UNITÁRIO","TOTAL"]
[93572,"ENCARREGADO ","un"]
[{"$f":"CONCATENATE(\"SINAPI C \",Insumos!$B$25)","v":"SINAPI C 93572"},"ENCARREGADO C/ENCARGOS COMPLEMENTARES","mês",1.5,{"$f":"+Insumos!$G$25","v":7377.72},{"$f":"TRUNC(D1264*E1264,2)","v":11066.58}]
["SUB-TOTAL - MÃO-DE-OBRA:",null,{"$f":"SUM(F1264)","v":11066.58}]
[]
[null,"CUSTO TOTAL:",null,null,null,{"$f":"C1265","v":11066.58}]
[]
[null,"BDI:","%",{"$f":"+$F$7","v":"28,21%"},null,{"$f":"TRUNC(F1267*D1269,2)","v":3121.88}]
[]
[null,"PREÇO:",null,null,null,{"$f":"+F1267+F1269","v":14188.46}]
[]
["CÓDIGO","DISCRIMINAÇÃO","UN","COEFIC.","UNITÁRIO","TOTAL"]
[88326,"VIGIA NOTURNO","un"]
[{"$f":"CONCATENATE(\"SINAPI C \",Insumos!$B$43)","v":"SINAPI C 88326"},"VIGIA NOTURNO C/ENCARGOS COMPLEMENTARES","h",360,{"$f":"+Insumos!$G$43","v":21.21},{"$f":"TRUNC(D1275*E1275,2)","v":7635.6}]
["SUB-TOTAL - MÃO-DE-OBRA:",null,{"$f":"SUM(F1275:F1275)","v":7635.6}]
[]
[null,"CUSTO TOTAL:",null,null,null,{"$f":"C1276","v":7635.6}]
[]
[null,"BDI:","%",{"$f":"+$F$7","v":"28,21%"},null,{"$f":"TRUNC(F1278*D1280,2)","v":2154}]
[]
[null,"PREÇO:",null,null,null,{"$f":"+F1278+F1280","v":9789.6}]
[]
["CÓDIGO","DISCRIMINAÇÃO","UN","COEFIC.","UNITÁRIO","TOTAL"]
[730,"VIGIA NOTURNO (SINDICATO)","%"]
["SINDICATO","VIGIA HORAS NOTURNAS REGIME 12X36 C/ENCARGOS COMPLEMENTARES","mês",0.02,{"$f":"Insumos!$G$46","v":3246.6899999999996},{"$f":"TRUNC(D1286*E1286,4)","v":64.933800000000005}]
[{"$f":"CONCATENATE(\"SINAPI C \",Insumos!$B$38)","v":"SINAPI C 88316"},"SERVENTE C/ ENCARGOS COMPLEMENTARES (HORA EXTRA)","h",0.46200000000000002,{"$f":"TRUNC((Insumos!$G$38*1.5),2)","v":25.38},{"$f":"TRUNC(D1287*E1287,4)","v":11.7255}]
["SUB-TOTAL - MÃO-DE-OBRA:",null,{"$f":"SUM(F1286:F1287)","v":76.659300000000002}]
[]
[null,"CUSTO TOTAL:",null,null,null,{"$f":"C1288","v":76.659300000000002}]
[]
[null,"BDI:","%",{"$f":"+$F$7","v":"28,21%"},null,{"$f":"TRUNC(F1290*D1292,4)","v":21.625499999999999}]
[]
[null,"PREÇO:",null,null,null,{"$f":"+F1290+F1292","v":98.284800000000004}]
[]
["CÓDIGO","DISCRIMINAÇÃO","UN","COEFIC.","UNITÁRIO","TOTAL"]
[740,"VIGIA DIURNO SÁBADOS, DOMINGOS E FERIADOS","un"]
["SINDICATO","VIGIA DOMINGOS E FERIADOS C/ENCARGOS COMPLEMENTARES","h",90,{"$f":"Insumos!$G$44","v":27.37},{"$f":"TRUNC(D1298*E1298,2)","v":2463.3000000000002}]
["SINDICATO","VIGIA HORAS DIURNAS C/ENCARGOS COMPLEMENTARES","h",72,{"$f":"Insumos!$G$45","v":16.100000000000001},{"$f":"TRUNC(D1299*E1299,4)","v":1159.2}]
["SUB-TOTAL - MÃO-DE-OBRA:",null,{"$f":"SUM(F1298:F1299)","v":3622.5}]
[]
[null,"CUSTO TOTAL:",null,null,null,{"$f":"C1300","v":3622.5}]
[]
[null,"BDI:","%",{"$f":"+$F$7","v":"28,21%"},null,{"$f":"TRUNC(F1302*D1304,2)","v":1021.9}]
[]
[null,"PREÇO:",null,null,null,{"$f":"+F1302+F1304","v":4644.3999999999996}]
[]
["CÓDIGO","DISCRIMINAÇÃO","UN","COEFIC.","UNITÁRIO","TOTAL"]
[101908,"EXTINTOR DE PQS 4kg- FORNECIMENTO E INSTALAÇÃO","un"]
[{"$f":"CONCATENATE(\"SINAPI I \",Insumos!$B$202)","v":"SINAPI I 10891"},"EXTINTOR DE INCÊNDIO DE PÓ QUÍMICO SECO (PQS)DE 4 kg, CLASSE BC","un",1,{"$f":"+Insumos!$G$202","v":212.29},{"$f":"TRUNC(D1310*E1310,2)","v":212.29}]
[{"$f":"CONCATENATE(\"SINAPI I \",Insumos!$B$127)","v":"SINAPI I 4350"},"BUCHA DE NYLON 8 mm, L=40 mm, C/PARAFUSO ROSCA SOBERBA 4,8 x 50 mm","un",2,{"$f":"+Insumos!$G$127","v":0.66},{"$f":"TRUNC(D1311*E1311,2)","v":1.32}]
["SUB-TOTAL - MATERIAL / EQUIPAMENTOS:",null,{"$f":"SUM(F1310:F1311)","v":213.60999999999999}]
[{"$f":"CONCATENATE(\"SINAPI C \",Insumos!$B$24)","v":"SINAPI C 88267"},"ENCANADOR C/ENCARGOS COMPLEMENTARES","h",0.45739999999999997,{"$f":"+Insumos!$G$24","v":19.899999999999999},{"$f":"TRUNC(D1313*E1313,2)","v":9.1}]
[{"$f":"CONCATENATE(\"SINAPI C \",Insumos!$B$17)","v":"SINAPI C 88248"},"AUXILIAR DE ENCANADOR C/ ENCARGOS COMPLEMENTARES","h",0.45739999999999997,{"$f":"+Insumos!$G$17","v":15.34},{"$f":"TRUNC(D1314*E1314,2)","v":7.01}]
["SUB-TOTAL - MÃO-DE-OBRA:",null,{"$f":"SUM(F1313:F1314)","v":16.11}]
[]
[null,"CUSTO TOTAL:",null,null,null,{"$f":"+C1312+C1315","v":229.71999999999997}]
[]
[null,"BDI:","%",{"$f":"+$F$7","v":"28,21%"},null,{"$f":"TRUNC(F1317*D1319,2)","v":64.8}]
[]
[null,"PREÇO:",null,null,null,{"$f":"+F1317+F1319","v":294.52}]
[]
["CÓDIGO","DISCRIMINAÇÃO","UN","COEFIC.","UNITÁRIO","TOTAL"]
[101905,"EXTINTOR DE AP 10 l - FORNECIMENTO E COLOCAÇÃO","un"]
[{"$f":"CONCATENATE(\"SINAPI I \",Insumos!$B$201)","v":"SINAPI I 10886"},"EXTINTOR DE INCÊNDIO DE ÁGUA PRESSURIZADA (AP) DE 10 l, CLASSE A","un",1,{"$f":"+Insumos!$G$201","v":219.53},{"$f":"TRUNC(D1325*E1325,2)","v":219.53}]
[{"$f":"CONCATENATE(\"SINAPI I \",Insumos!$B$127)","v":"SINAPI I 4350"},"BUCHA DE NYLON 8 mm, L=40 mm, C/PARAFUSO ROSCA SOBERBA 4,8 x 50 mm","un",2,{"$f":"+Insumos!$G$127","v":0.66},{"$f":"TRUNC(D1326*E1326,2)","v":1.32}]
["SUB-TOTAL - MATERIAL / EQUIPAMENTOS:",null,{"$f":"SUM(F1325:F1326)","v":220.85}]
[{"$f":"CONCATENATE(\"SINAPI C \",Insumos!$B$24)","v":"SINAPI C 88267"},"ENCANADOR C/ENCARGOS COMPLEMENTARES","h",0.45739999999999997,{"$f":"+Insumos!$G$24","v":19.899999999999999},{"$f":"TRUNC(D1328*E1328,2)","v":9.1}]
[{"$f":"CONCATENATE(\"SINAPI C \",Insumos!$B$17)","v":"SINAPI C 88248"},"AUXILIAR DE ENCANADOR C/ ENCARGOS COMPLEMENTARES","h",0.45739999999999997,{"$f":"+Insumos!$G$17","v":15.34},{"$f":"TRUNC(D1329*E1329,2)","v":7.01}]
["SUB-TOTAL - MÃO-DE-OBRA:",null,{"$f":"SUM(F1328:F1329)","v":16.11}]
[]
[null,"CUSTO TOTAL:",null,null,null,{"$f":"+C1327+C1330","v":236.95999999999998}]
[]
[null,"BDI:","%",{"$f":"+$F$7","v":"28,21%"},null,{"$f":"TRUNC(F1332*D1334,2)","v":66.84}]
[]
[null,"PREÇO:",null,null,null,{"$f":"+F1332+F1334","v":303.79999999999995}]
[]
["ITEM","DISCRIMINAÇÃO","UN","COEFIC.","UNITÁRIO","TOTAL"]
[750,"GERADOR A GASOLINA","un"]
[{"$f":"CONCATENATE(\"SINAPI C \",'Composições Aux. SINAPI'!$A$53)","v":"SINAPI C 93416"},"GERADOR PORTÁTIL MONOFÁSICO, POTÊNCIA 5500 VA (chi)","chi",120,{"$f":"+'Composições Aux. SINAPI'!$E$53:$F$53","v":0.28999999999999998},{"$f":"TRUNC(D1340*E1340,2)","v":34.799999999999997}]
[{"$f":"CONCATENATE(\"SINAPI C \",'Composições Aux. SINAPI'!$A$54)","v":"SINAPI C 93415"},"GERADOR PORTÁTIL MONOFÁSICO, POTÊNCIA 5500 VA (chp)","chp",120,{"$f":"+'Composições Aux. SINAPI'!$E$54:$F$54","v":16.760000000000002},{"$f":"TRUNC(D1341*E1341,2)","v":2011.2}]
["SUB-TOTAL - MATERIAL / EQUIPAMENTOS:",null,{"$f":"SUM(F1340:F1341)","v":2046}]
[]
[null,"CUSTO TOTAL:",null,null,null,{"$f":"C1342","v":2046}]
[]
[null,"BDI:","%",{"$f":"+$F$7","v":"28,21%"},null,{"$f":"TRUNC(F1344*D1346,2)","v":577.16999999999996}]
[]
[null,"PREÇO:",null,null,null,{"$f":"+F1344+F1346","v":2623.17}]
[]
["ITEM","DISCRIMINAÇÃO","UN","COEFIC.","UNITÁRIO","TOTAL"]
[753,"CONSUMO DE ÁGUA TRATADA","un"]
[{"$f":"CONCATENATE(\"COTAÇÃO \",Insumos!$B$78)","v":"COTAÇÃO 119"},"ÁGUA TRATADA","m³",20,{"$f":"+Insumos!$G$78","v":4.66},{"$f":"TRUNC(D1352*E1352,2)","v":93.2}]
[{"$f":"CONCATENATE(\"COTAÇÃO \",Insumos!$B$197)","v":"COTAÇÃO 120"},"ESGOTO CLOCAL","m³",20,{"$f":"+Insumos!$G$197","v":3.72},{"$f":"TRUNC(D1353*E1353,2)","v":74.400000000000006}]
["SUB-TOTAL - MATERIAL / EQUIPAMENTOS:",null,{"$f":"SUM(F1352:F1353)","v":167.60000000000002}]
[]
[null,"CUSTO TOTAL:",null,null,null,{"$f":"C1354","v":167.60000000000002}]
[]
[null,"BDI:","%",{"$f":"+$F$7","v":"28,21%"},null,{"$f":"TRUNC(F1356*D1358,2)","v":47.27}]
[]
[null,"PREÇO:",null,null,null,{"$f":"+F1356+F1358","v":214.87000000000003}]
[]
["CÓDIGO","DISCRIMINAÇÃO","UN","COEFIC.","UNITÁRIO","TOTAL"]
[1002,"MODELAGEM","m²"]
[{"$f":"CONCATENATE(\"SINAPI C \",'Composições Aux. SINAPI'!$A$29)","v":"SINAPI C 91533"},"COMPACTADOR DE SOLOS DE PERCUSSÃO C/MOTOR A GASOLINA, POTÊNCIA 4 cv (chp)","chp",1.6000000000000001E-3,{"$f":"+'Composições Aux. SINAPI'!$E$29:$F$29","v":30.98},{"$f":"TRUNC(D1364*E1364,2)","v":0.04}]
[{"$f":"CONCATENATE(\"SINAPI C \",'Composições Aux. SINAPI'!$A$30)","v":"SINAPI C 91534"},"COMPACTADOR DE SOLOS DE PERCUSSÃO C/MOTOR A GASOLINA, POTÊNCIA 4 cv (chi)","chi",1.6000000000000001E-3,{"$f":"+'Composições Aux. SINAPI'!$E$30:$F$30","v":23.36},{"$f":"TRUNC(D1365*E1365,2)","v":0.03}]
["SUB-TOTAL - MATERIAL / EQUIPAMENTOS:",null,{"$f":"SUM(F1364:F1365)","v":7.0000000000000007E-2}]
[{"$f":"CONCATENATE(\"SINAPI C \",Insumos!$B$35)","v":"SINAPI C 88309"},"PEDREIRO C/ENCARGOS COMPLEMENTARES","h",5.0700000000000002E-2,{"$f":"+Insumos!$G$35","v":20.34},{"$f":"TRUNC(D1367*E1367,2)","v":1.03}]
[{"$f":"CONCATENATE(\"SINAPI C \",Insumos!$B$38)","v":"SINAPI C 88316"},"SERVENTE C/ ENCARGOS COMPLEMENTARES","h",7.5999999999999998E-2,{"$f":"+Insumos!$G$38","v":16.920000000000002},{"$f":"TRUNC(D1368*E1368,2)","v":1.28}]
["SUB-TOTAL - MÃO-DE-OBRA:",null,{"$f":"SUM(F1367:F1368)","v":2.31}]
[]
[null,"CUSTO TOTAL:",null,null,null,{"$f":"+C1366+C1369","v":2.38}]
[]
[null,"BDI:","%",{"$f":"+$F$7","v":"28,21%"},null,{"$f":"TRUNC(F1371*D1373,2)","v":0.67}]
[]
[null,"PREÇO:",null,null,null,{"$f":"+F1371+F1373","v":3.05}]
[]
["CÓDIGO","DISCRIMINAÇÃO","UN","COEFIC.","UNITÁRIO","TOTAL"]
[1003,"TERRAPLENAGEM","d"]
[{"$f":"CONCATENATE(\"SINAPI C \",'Composições Aux. SINAPI'!$A$70)","v":"SINAPI C 5678"},"RETROESCAVADEIRA SOBRE RODAS, TRAÇÃO 4x4, POTÊNCIA 88 hp (chp)","chp",8,{"$f":"+'Composições Aux. SINAPI'!$E$70:$F$70","v":125.96},{"$f":"TRUNC(D1379*E1379,2)","v":1007.68}]
["SUB-TOTAL - MATERIAL / EQUIPAMENTOS:",null,{"$f":"SUM(F1379)","v":1007.68}]
[]
[null,"CUSTO TOTAL:",null,null,null,{"$f":"+C1380","v":1007.68}]
[]
[null,"BDI:","%",{"$f":"+$F$7","v":"28,21%"},null,{"$f":"TRUNC(F1382*D1384,2)","v":284.26}]
[]
[null,"PREÇO:",null,null,null,{"$f":"+F1382+F1384","v":1291.94}]
[]
["CÓDIGO","DISCRIMINAÇÃO","UN","COEFIC.","UNITÁRIO","TOTAL"]
[1005,"ATERRO MECÂNICO C/MATERIAL IMPORTADO C/COMPACTAÇÃO MECÂNICA","m³"]
[{"$f":"CONCATENATE(\"SINAPI C \",'Composições Aux. SINAPI'!$A$70)","v":"SINAPI C 5678"},"RETROESCAVADEIRA SOBRE RODAS, TRAÇÃO 4x4, POTÊNCIA 88 hp (chp)","chp",0.03,{"$f":"+'Composições Aux. SINAPI'!$E$70:$F$70","v":125.96},{"$f":"TRUNC(D1390*E1390,2)","v":3.77}]
[{"$f":"CONCATENATE(\"SINAPI C \",'Composições Aux. SINAPI'!$A$71)","v":"SINAPI C 5679"},"RETROESCAVADEIRA SOBRE RODAS, TRAÇÃO 4x4, POTÊNCIA 88 hp (chi)","chi",3.9E-2,{"$f":"+'Composições Aux. SINAPI'!$E$71:$F$71","v":51.77},{"$f":"TRUNC(D1391*E1391,2)","v":2.0099999999999998}]
[{"$f":"CONCATENATE(\"SINAPI C \",'Composições Aux. SINAPI'!$A$29)","v":"SINAPI C 91533"},"COMPACTADOR DE SOLOS DE PERCUSSÃO C/MOTOR A GASOLINA, POTÊNCIA 4 cv (chp)","chp",0.16900000000000001,{"$f":"+'Composições Aux. SINAPI'!$E$29:$F$29","v":30.98},{"$f":"TRUNC(D1392*E1392,2)","v":5.23}]
[{"$f":"CONCATENATE(\"SINAPI C \",'Composições Aux. SINAPI'!$A$30)","v":"SINAPI C 91534"},"COMPACTADOR DE SOLOS DE PERCUSSÃO C/MOTOR A GASOLINA, POTÊNCIA 4 cv (chi)","chi",0.157,{"$f":"+'Composições Aux. SINAPI'!$E$30:$F$30","v":23.36},{"$f":"TRUNC(D1393*E1393,2)","v":3.66}]
[{"$f":"CONCATENATE(\"SINAPI I \",Insumos!$B$90)","v":"SINAPI I 6081"},"ARGILA OU BARRO PARA ATERRO OU REATERRO","m³",1.25,{"$f":"+Insumos!$G$90","v":47.52},{"$f":"TRUNC(D1394*E1394,2)","v":59.4}]
["SUB-TOTAL - MATERIAL / EQUIPAMENTOS:",null,{"$f":"SUM(F1390:F1394)","v":74.069999999999993}]
[{"$f":"CONCATENATE(\"SINAPI C \",Insumos!$B$38)","v":"SINAPI C 88316"},"SERVENTE C/ ENCARGOS COMPLEMENTARES","h",3.6999999999999998E-2,{"$f":"+Insumos!$G$38","v":16.920000000000002},{"$f":"TRUNC(D1396*E1396,2)","v":0.62}]
["SUB-TOTAL - MÃO-DE-OBRA:",null,{"$f":"SUM(F1396)","v":0.62}]
[]
[null,"CUSTO TOTAL:",null,null,null,{"$f":"+C1395+C1397","v":74.69}]
[]
[null,"BDI:","%",{"$f":"+$F$7","v":"28,21%"},null,{"$f":"TRUNC(F1399*D1401,2)","v":21.07}]
[]
[null,"PREÇO:",null,null,null,{"$f":"+F1399+F1401","v":95.759999999999991}]
[]
["CÓDIGO","DISCRIMINAÇÃO","UN","COEFIC.","UNITÁRIO","TOTAL"]
[1006,"ATERRO MANUAL C/MATERIAL IMPORTADO C/COMPACTAÇÃO MECÂNICA","m³"]
[{"$f":"CONCATENATE(\"SINAPI C \",'Composições Aux. SINAPI'!$A$29)","v":"SINAPI C 91533"},"COMPACTADOR DE SOLOS DE PERCUSSÃO C/MOTOR A GASOLINA, POTÊNCIA 4 cv (chp)","chp",0.27400000000000002,{"$f":"+'Composições Aux. SINAPI'!$E$29:$F$29","v":30.98},{"$f":"TRUNC(D1407*E1407,2)","v":8.48}]
[{"$f":"CONCATENATE(\"SINAPI C \",'Composições Aux. SINAPI'!$A$30)","v":"SINAPI C 91534"},"COMPACTADOR DE SOLOS DE PERCUSSÃO C/MOTOR A GASOLINA, POTÊNCIA 4 cv (chi)","chi",0.254,{"$f":"+'Composições Aux. SINAPI'!$E$30:$F$30","v":23.36},{"$f":"TRUNC(D1408*E1408,2)","v":5.93}]
[{"$f":"CONCATENATE(\"SINAPI I \",Insumos!$B$90)","v":"SINAPI I 6081"},"ARGILA OU BARRO PARA ATERRO OU REATERRO","m³",1.25,{"$f":"+Insumos!$G$90","v":47.52},{"$f":"TRUNC(D1409*E1409,2)","v":59.4}]
["SUB-TOTAL - MATERIAL / EQUIPAMENTOS:",null,{"$f":"SUM(F1407:F1409)","v":73.81}]
[{"$f":"CONCATENATE(\"SINAPI C \",Insumos!$B$38)","v":"SINAPI C 88316"},"SERVENTE C/ ENCARGOS COMPLEMENTARES","h",0.65900000000000003,{"$f":"+Insumos!$G$38","v":16.920000000000002},{"$f":"TRUNC(D1411*E1411,2)","v":11.15}]
["SUB-TOTAL - MÃO-DE-OBRA:",null,{"$f":"SUM(F1411)","v":11.15}]
[]
[null,"CUSTO TOTAL:",null,null,null,{"$f":"+C1410+C1412","v":84.960000000000008}]
[]
[null,"BDI:","%",{"$f":"+$F$7","v":"28,21%"},null,{"$f":"TRUNC(F1414*D1416,2)","v":23.96}]
[]
[null,"PREÇO:",null,null,null,{"$f":"+F1414+F1416","v":108.92000000000002}]
[]
["CÓDIGO","DISCRIMINAÇÃO","UN","COEFIC.","UNITÁRIO","TOTAL"]
[1010,"ATERRO MANUAL C/MATERIAL IMPORTADO C/COMPACTAÇÃO MANUAL","m³"]
[{"$f":"CONCATENATE(\"SINAPI I \",Insumos!$B$90)","v":"SINAPI I 6081"},"ARGILA OU BARRO PARA ATERRO OU REATERRO","m³",1.25,{"$f":"+Insumos!$G$90","v":47.52},{"$f":"TRUNC(D1422*E1422,2)","v":59.4}]
["SUB-TOTAL - MATERIAL / EQUIPAMENTOS:",null,{"$f":"SUM(F1422:F1422)","v":59.4}]
[{"$f":"CONCATENATE(\"SINAPI C \",Insumos!$B$38)","v":"SINAPI C 88316"},"SERVENTE C/ ENCARGOS COMPLEMENTARES","h",2.3986000000000001,{"$f":"+Insumos!$G$38","v":16.920000000000002},{"$f":"TRUNC(D1424*E1424,2)","v":40.58}]
["SUB-TOTAL - MÃO-DE-OBRA:",null,{"$f":"SUM(F1424)","v":40.58}]
[]
[null,"CUSTO TOTAL:",null,null,null,{"$f":"+C1423+C1425","v":99.97999999999999}]
[]
[null,"BDI:","%",{"$f":"+$F$7","v":"28,21%"},null,{"$f":"TRUNC(F1427*D1429,2)","v":28.2}]
[]
[null,"PREÇO:",null,null,null,{"$f":"+F1427+F1429","v":128.17999999999998}]
[]
["CÓDIGO","DISCRIMINAÇÃO","UN","COEFIC.","UNITÁRIO","TOTAL"]
[93358,"ESCAVAÇÃO MANUAL DE SOLO ATÉ 1,30 m","m³"]
[{"$f":"CONCATENATE(\"SINAPI C \",Insumos!$B$38)","v":"SINAPI C 88316"},"SERVENTE C/ ENCARGOS COMPLEMENTARES","h",3.956,{"$f":"+Insumos!$G$38","v":16.920000000000002},{"$f":"TRUNC(D1435*E1435,2)","v":66.930000000000007}]
["SUB-TOTAL - MÃO-DE-OBRA:",null,{"$f":"SUM(F1435)","v":66.930000000000007}]
[]
[null,"CUSTO TOTAL:",null,null,null,{"$f":"+C1436","v":66.930000000000007}]
[]
[null,"BDI:","%",{"$f":"+$F$7","v":"28,21%"},null,{"$f":"TRUNC(F1438*D1440,2)","v":18.88}]
[]
[null,"PREÇO:",null,null,null,{"$f":"+F1438+F1440","v":85.81}]
[]
["CÓDIGO","DISCRIMINAÇÃO","UN","COEFIC.","UNITÁRIO","TOTAL"]
[101114,"ESCAVAÇÃO MECÂNICA DE SOLO","m³"]
[{"$f":"CONCATENATE(\"SINAPI C \",'Composições Aux. SINAPI'!$A$83)","v":"SINAPI C 89032"},"TRATOR DE ESTEIRAS, POTÊNCIA 100 HP, COM LÂMINA (chp)","chp",1.15E-2,{"$f":"+'Composições Aux. SINAPI'!$E$83","v":176.1},{"$f":"TRUNC(D1446*E1446,2)","v":2.02}]
[{"$f":"CONCATENATE(\"SINAPI C \",'Composições Aux. SINAPI'!$A$84)","v":"SINAPI C 89031"},"TRATOR DE ESTEIRAS, POTÊNCIA 100 HP, COM LÂMINA (chi)","chp",1.95E-2,{"$f":"+'Composições Aux. SINAPI'!$E$84","v":64.790000000000006},{"$f":"TRUNC(D1447*E1447,2)","v":1.26}]
["SUB-TOTAL - MATERIAL / EQUIPAMENTOS:",null,{"$f":"SUM(F1446:F1447)","v":3.2800000000000002}]
[{"$f":"CONCATENATE(\"SINAPI C \",Insumos!$B$38)","v":"SINAPI C 88316"},"SERVENTE C/ ENCARGOS COMPLEMENTARES","h",3.1E-2,{"$f":"+Insumos!$G$38","v":16.920000000000002},{"$f":"TRUNC(D1449*E1449,2)","v":0.52}]
["SUB-TOTAL - MÃO-DE-OBRA:",null,{"$f":"SUM(F1449)","v":0.52}]
[]
[null,"CUSTO TOTAL:",null,null,null,{"$f":"+C1448+C1450","v":3.8000000000000003}]
[]
[null,"BDI:","%",{"$f":"+$F$7","v":"28,21%"},null,{"$f":"TRUNC(F1452*D1454,2)","v":1.07}]
[]
[null,"PREÇO:",null,null,null,{"$f":"+F1452+F1454","v":4.87}]
[]
["CÓDIGO","DISCRIMINAÇÃO","UN","COEFIC.","UNITÁRIO","TOTAL"]
[96995,"REATERRO MANUAL C/COMPACTAÇÃO MANUAL","m³"]
[{"$f":"CONCATENATE(\"SINAPI C \",Insumos!$B$38)","v":"SINAPI C 88316"},"SERVENTE C/ ENCARGOS COMPLEMENTARES","h",2.3986000000000001,{"$f":"+Insumos!$G$38","v":16.920000000000002},{"$f":"TRUNC(D1460*E1460,2)","v":40.58}]
["SUB-TOTAL - MÃO-DE-OBRA:",null,{"$f":"SUM(F1460)","v":40.58}]
[]
[null,"CUSTO TOTAL:",null,null,null,{"$f":"C1461","v":40.58}]
[]
[null,"BDI:","%",{"$f":"+$F$7","v":"28,21%"},null,{"$f":"TRUNC(F1463*D1465,2)","v":11.44}]
[]
[null,"PREÇO:",null,null,null,{"$f":"+F1463+F1465","v":52.019999999999996}]
[]
["CÓDIGO","DISCRIMINAÇÃO","UN","COEFIC.","UNITÁRIO","TOTAL"]
[1900,"NIVELAMENTO CAIXAS DE PASSAGEM","un"]
[{"$f":"CONCATENATE(\"COTAÇÃO \",Insumos!$B$135)","v":"COTAÇÃO 114"},"CAÇAMBA 4,00 m³","un",4.7000000000000002E-3,{"$f":"+Insumos!$G$135","v":493.97},{"$f":"TRUNC(D1471*E1471,2)","v":2.3199999999999998}]
[{"$f":"CONCATENATE(\"SINAPI C \",'Composições Aux. SINAPI'!$A$18)","v":"SINAPI C 87292"},"ARGAMASSA TRAÇO 1:2:8 PREPARO MECÂNICO","m³",4.0000000000000001E-3,{"$f":"+'Composições Aux. SINAPI'!$E$18:$F$18","v":429.34},{"$f":"TRUNC(D1472*E1472,2)","v":1.71}]
["SINAPI I 7258","TIJOLO CERÂMICO MACIÇO 5,0 x 10,0 x 20,0 cm","un",10.582599999999999,{"$f":"+Insumos!$G$361","v":0.68},{"$f":"TRUNC(D1473*E1473,2)","v":7.19}]
["SUB-TOTAL - MATERIAL / EQUIPAMENTOS:",null,{"$f":"SUM(F1471:F1473)","v":11.219999999999999}]
[{"$f":"CONCATENATE(\"SINAPI C \",Insumos!$B$35)","v":"SINAPI C 88309"},"PEDREIRO C/ENCARGOS COMPLEMENTARES","h",0.2853,{"$f":"+Insumos!$G$35","v":20.34},{"$f":"TRUNC(D1475*E1475,2)","v":5.8}]
[{"$f":"CONCATENATE(\"SINAPI C \",Insumos!$B$38)","v":"SINAPI C 88316"},"SERVENTE C/ ENCARGOS COMPLEMENTARES","h",0.7157,{"$f":"+Insumos!$G$38","v":16.920000000000002},{"$f":"TRUNC(D1476*E1476,2)","v":12.1}]
["SUB-TOTAL - MÃO-DE-OBRA:",null,{"$f":"SUM(F1475:F1476)","v":17.899999999999999}]
[]
[null,"CUSTO TOTAL:",null,null,null,{"$f":"+C1474+C1477","v":29.119999999999997}]
[]
[null,"BDI:","%",{"$f":"+$F$7","v":"28,21%"},null,{"$f":"TRUNC(F1479*D1481,2)","v":8.2100000000000009}]
[]
[null,"PREÇO:",null,null,null,{"$f":"+F1479+F1481","v":37.33}]
[]
["CÓDIGO","DISCRIMINAÇÃO","UN","COEFIC.","UNITÁRIO","TOTAL"]
[101621,"LASTRO DE BRITA","m³"]
[{"$f":"CONCATENATE(\"SINAPI C \",'Composições Aux. SINAPI'!$A$29)","v":"SINAPI C 91533"},"COMPACTADOR DE SOLOS DE PERCUSSÃO C/MOTOR A GASOLINA, POTÊNCIA 4 cv (chp)","chp",3.2500000000000001E-2,{"$f":"+'Composições Aux. SINAPI'!$E$29:$F$29","v":30.98},{"$f":"TRUNC(D1487*E1487,2)","v":1}]
[{"$f":"CONCATENATE(\"SINAPI C \",'Composições Aux. SINAPI'!$A$30)","v":"SINAPI C 91534"},"COMPACTADOR DE SOLOS DE PERCUSSÃO C/MOTOR A GASOLINA, POTÊNCIA 4 cv (chi)","chi",3.0200000000000001E-2,{"$f":"+'Composições Aux. SINAPI'!$E$30:$F$30","v":23.36},{"$f":"TRUNC(D1488*E1488,2)","v":0.7}]
[{"$f":"CONCATENATE(\"SINAPI I \",Insumos!$B$277)","v":"SINAPI I 4720"},"PEDRA BRITADA Nº 0","m³",1.1000000000000001,{"$f":"+Insumos!$G$277","v":70.510000000000005},{"$f":"TRUNC(D1489*E1489,2)","v":77.56}]
["SUB-TOTAL - MATERIAL / EQUIPAMENTOS:",null,{"$f":"SUM(F1487:F1489)","v":79.260000000000005}]
[{"$f":"CONCATENATE(\"SINAPI C \",Insumos!$B$35)","v":"SINAPI C 88309"},"PEDREIRO C/ENCARGOS COMPLEMENTARES","h",2.1092,{"$f":"+Insumos!$G$35","v":20.34},{"$f":"TRUNC(D1491*E1491,2)","v":42.9}]
[{"$f":"CONCATENATE(\"SINAPI C \",Insumos!$B$38)","v":"SINAPI C 88316"},"SERVENTE C/ ENCARGOS COMPLEMENTARES","h",3.1637,{"$f":"+Insumos!$G$38","v":16.920000000000002},{"$f":"TRUNC(D1492*E1492,2)","v":53.52}]
["SUB-TOTAL - MÃO-DE-OBRA:",null,{"$f":"SUM(F1491:F1492)","v":96.42}]
[]
[null,"CUSTO TOTAL:",null,null,null,{"$f":"+C1490+C1493","v":175.68}]
[]
[null,"BDI:","%",{"$f":"+$F$7","v":"28,21%"},null,{"$f":"TRUNC(F1495*D1497,2)","v":49.55}]
[]
[null,"PREÇO:",null,null,null,{"$f":"+F1495+F1497","v":225.23000000000002}]
[]
["CÓDIGO","DISCRIMINAÇÃO","UN","COEFIC.","UNITÁRIO","TOTAL"]
[2010,"SAIBRO ROSA - COMPACTAÇÃO MECÂNICA - 6 cm","m²"]
[{"$f":"CONCATENATE(\"SINAPI C \",'Composições Aux. SINAPI'!$A$61)","v":"SINAPI C 99058"},"LOCAÇÃO DE PONTO PARA REFERÊNCIA TOPOGRÁFICA","un",2.8199999999999999E-2,{"$f":"+'Composições Aux. SINAPI'!$E$61:$F$61","v":9.6199999999999992},{"$f":"TRUNC(D1503*E1503,2)","v":0.27}]
[{"$f":"CONCATENATE(\"SINAPI C \",'Composições Aux. SINAPI'!$A$68)","v":"SINAPI C 91277"},"PLACA VIBRATÓRIA REVERSÍVEL, POTÊNCIA 5,5 cv (chp)","chp",5.0000000000000001E-3,{"$f":"+'Composições Aux. SINAPI'!$E$68:$F$68","v":10.55},{"$f":"TRUNC(D1504*E1504,2)","v":0.05}]
[{"$f":"CONCATENATE(\"SINAPI C \",'Composições Aux. SINAPI'!$A$74)","v":"SINAPI C 5867"},"ROLO COMPACTADOR VIBRATÓRIO, POTÊNCIA 58 hp (chp)","chp",4.8999999999999998E-3,{"$f":"+'Composições Aux. SINAPI'!$E$74:$F$74","v":131.31},{"$f":"TRUNC(D1505*E1505,2)","v":0.64}]
[{"$f":"CONCATENATE(\"SINAPI C \",'Composições Aux. SINAPI'!$A$75)","v":"SINAPI C 5869"},"ROLO COMPACTADOR VIBRATÓRIO, POTÊNCIA 58 hp (chi)","chi",8.2000000000000007E-3,{"$f":"+'Composições Aux. SINAPI'!$E$75:$F$75","v":55.33},{"$f":"TRUNC(D1506*E1506,2)","v":0.45}]
[{"$f":"CONCATENATE(\"COTAÇÃO \",Insumos!$B$308)","v":"COTAÇÃO 102"},"SAIBRO ROSA - POSTO OBRA","m³",8.4000000000000005E-2,{"$f":"+Insumos!$G$308","v":63.29},{"$f":"TRUNC(D1507*E1507,2)","v":5.31}]
["SUB-TOTAL - MATERIAL / EQUIPAMENTOS:",null,{"$f":"SUM(F1503:F1507)","v":6.72}]
[{"$f":"CONCATENATE(\"SINAPI C \",Insumos!$B$35)","v":"SINAPI C 88309"},"PEDREIRO C/ENCARGOS COMPLEMENTARES","h",8.9999999999999993E-3,{"$f":"+Insumos!$G$35","v":20.34},{"$f":"TRUNC(D1509*E1509,2)","v":0.18}]
[{"$f":"CONCATENATE(\"SINAPI C \",Insumos!$B$38)","v":"SINAPI C 88316"},"SERVENTE C/ ENCARGOS COMPLEMENTARES","h",0.14979999999999999,{"$f":"+Insumos!$G$38","v":16.920000000000002},{"$f":"TRUNC(D1510*E1510,2)","v":2.5299999999999998}]
["SUB-TOTAL - MÃO-DE-OBRA:",null,{"$f":"SUM(F1509:F1510)","v":2.71}]
[]
[null,"CUSTO TOTAL:",null,null,null,{"$f":"+C1508+C1511","v":9.43}]
[]
[null,"BDI:","%",{"$f":"+$F$7","v":"28,21%"},null,{"$f":"TRUNC(F1513*D1515,2)","v":2.66}]
[]
[null,"PREÇO:",null,null,null,{"$f":"+F1513+F1515","v":12.09}]
[]
["CÓDIGO","DISCRIMINAÇÃO","UN","COEFIC.","UNITÁRIO","TOTAL"]
[2011,"SAIBRO ROSA - COMPACTAÇÃO MECÂNICA - 6 cm","m³"]
[{"$f":"CONCATENATE(\"SINAPI C \",'Composições Aux. SINAPI'!$A$61)","v":"SINAPI C 99058"},"LOCAÇÃO DE PONTO PARA REFERÊNCIA TOPOGRÁFICA","un",0.47,{"$f":"+'Composições Aux. SINAPI'!$E$61:$F$61","v":9.6199999999999992},{"$f":"TRUNC(D1521*E1521,2)","v":4.5199999999999996}]
[{"$f":"CONCATENATE(\"SINAPI C \",'Composições Aux. SINAPI'!$A$68)","v":"SINAPI C 91277"},"PLACA VIBRATÓRIA REVERSÍVEL, POTÊNCIA 5,5 cv (chp)","chp",8.3299999999999999E-2,{"$f":"+'Composições Aux. SINAPI'!$E$68:$F$68","v":10.55},{"$f":"TRUNC(D1522*E1522,2)","v":0.87}]
[{"$f":"CONCATENATE(\"SINAPI C \",'Composições Aux. SINAPI'!$A$74)","v":"SINAPI C 5867"},"ROLO COMPACTADOR VIBRATÓRIO, POTÊNCIA 58 hp (chp)","chp",8.1699999999999995E-2,{"$f":"+'Composições Aux. SINAPI'!$E$74:$F$74","v":131.31},{"$f":"TRUNC(D1523*E1523,2)","v":10.72}]
[{"$f":"CONCATENATE(\"SINAPI C \",'Composições Aux. SINAPI'!$A$75)","v":"SINAPI C 5869"},"ROLO COMPACTADOR VIBRATÓRIO, POTÊNCIA 58 hp (chi)","chi",0.13669999999999999,{"$f":"+'Composições Aux. SINAPI'!$E$75:$F$75","v":55.33},{"$f":"TRUNC(D1524*E1524,2)","v":7.56}]
[{"$f":"CONCATENATE(\"COTAÇÃO \",Insumos!$B$308)","v":"COTAÇÃO 102"},"SAIBRO ROSA - POSTO OBRA","m³",1.4,{"$f":"+Insumos!$G$308","v":63.29},{"$f":"TRUNC(D1525*E1525,2)","v":88.6}]
["SUB-TOTAL - MATERIAL / EQUIPAMENTOS:",null,{"$f":"SUM(F1521:F1525)","v":112.27}]
[{"$f":"CONCATENATE(\"SINAPI C \",Insumos!$B$35)","v":"SINAPI C 88309"},"PEDREIRO C/ENCARGOS COMPLEMENTARES","h",0.15,{"$f":"+Insumos!$G$35","v":20.34},{"$f":"TRUNC(D1527*E1527,2)","v":3.05}]
[{"$f":"CONCATENATE(\"SINAPI C \",Insumos!$B$38)","v":"SINAPI C 88316"},"SERVENTE C/ ENCARGOS COMPLEMENTARES","h",2.4967000000000001,{"$f":"+Insumos!$G$38","v":16.920000000000002},{"$f":"TRUNC(D1528*E1528,2)","v":42.24}]
["SUB-TOTAL - MÃO-DE-OBRA:",null,{"$f":"SUM(F1527:F1528)","v":45.29}]
[]
[null,"CUSTO TOTAL:",null,null,null,{"$f":"+C1526+C1529","v":157.56}]
[]
[null,"BDI:","%",{"$f":"+$F$7","v":"28,21%"},null,{"$f":"TRUNC(F1531*D1533,2)","v":44.44}]
[]
[null,"PREÇO:",null,null,null,{"$f":"+F1531+F1533","v":202}]
[]
["CÓDIGO","DISCRIMINAÇÃO","UN","COEFIC.","UNITÁRIO","TOTAL"]
[2020,"PISO CONCRETO ARMADO 8 cm - PASSEIO -S/PODOTÁTIL","m²"]
["SINAPI I 4460","SARRAFO NÃO APARELHADO CEDRINHO 2,5 X 10 cm","m",0.25,{"$f":"+Insumos!$G$312","v":5.61},{"$f":"TRUNC(D1539*E1539,2)","v":1.4}]
["SINAPI I 4517","SARRAFO PINUS 2,5 X 7,5 cm","m",0.2,{"$f":"+Insumos!$G$314","v":2.1800000000000002},{"$f":"TRUNC(D1540*E1540,2)","v":0.43}]
["SINAPI I 3777","LONA PLÁSTICA PRETA","m²",1.1279999999999999,{"$f":"+Insumos!$G$243","v":1.75},1.97]
["SINAPI I 21141","TELA DE AÇO SOLDADA CA-60 4,2mm 15 x 15 cm","m²",1.1224000000000001,{"$f":"+Insumos!$G$354","v":20.14},22.6]
["SINAPI I 34493","CONCRETO USINADO BOMBEÁVEL, fck=25 MPa, EXCLUI SERVIÇO DE BOMBEAMENTO","m³",8.4000000000000005E-2,{"$f":"+Insumos!$G$172","v":427.72},35.92]
["SINAPI I 5068","PREGO DE AÇO 17 x 21 C/CABEÇA","kg",8.6E-3,{"$f":"+Insumos!$G$297","v":20.73},0.17]
["SINAPI I 2692","DESMOLDANTE P/ FORMAS DE MADEIRA","l",1.5E-3,{"$f":"+Insumos!$G$185","v":5.91},0]
[{"$f":"CONCATENATE(\"SINAPI I \",Insumos!$B$84)","v":"SINAPI I 43132"},"ARAME RECOZIDO 18 BWG","kg",1.4999999999999999E-2,{"$f":"+Insumos!$G$84","v":25.15},{"$f":"TRUNC(D1546*E1546,2)","v":0.37}]
["SINAPI I 39315","ESPAÇADOR TIPO GARRA DUPLA","un",3.8359000000000001,{"$f":"+Insumos!$G$199","v":0.2},0.76]
[{"$f":"CONCATENATE(\"COTAÇÃO \",Insumos!$B$250)","v":"COTAÇÃO 107"},"MICROFIBRA DE POLIPROPILENO","sc",0.16,{"$f":"+Insumos!$G$250","v":14.07},2.25]
[{"$f":"CONCATENATE(\"COTAÇÃO \",Insumos!$B$247)","v":"COTAÇÃO 110"},"MANTA GEOTÊXTIL PARA CURA DO CONCRETO","m²",1.08,{"$f":"+Insumos!$G$247","v":2.82},3.04]
[{"$f":"CONCATENATE(\"COTAÇÃO \",Insumos!$B$50)","v":"COTAÇÃO 7"},"CORTADORA DE PISO","d",0.01,{"$f":"+Insumos!$G$50","v":76.98},0.76]
["SINAPI I 13887","DISCO DE CORTE DIAMANTADO PARA CONCRETO d=350 mm","un",1.5E-3,{"$f":"+Insumos!$G$186","v":589.52},0.88]
["SUB-TOTAL - MATERIAL / EQUIPAMENTOS:",null,{"$f":"SUM(F1539:F1551)","v":70.550000000000011}]
[{"$f":"CONCATENATE(\"SINAPI C \",Insumos!$B$21)","v":"SINAPI C 88262"},"CARPINTEIRO C/ENCARGOS COMPLEMENTARES","h",0.18049999999999999,{"$f":"+Insumos!$G$21","v":20.100000000000001},{"$f":"TRUNC(D1553*E1553,2)","v":3.62}]
["SINAPI C 88297","OPERADOR DE MÁQUINAS E EQUIPAMENTOS C/ENCARGOS COMPLEMENTARES","h",3.0999999999999999E-3,{"$f":"+Insumos!$G$34","v":22.56},{"$f":"TRUNC(D1554*E1554,2)","v":0.06}]
[{"$f":"CONCATENATE(\"SINAPI C \",Insumos!$B$35)","v":"SINAPI C 88309"},"PEDREIRO C/ENCARGOS COMPLEMENTARES","h",0.13880000000000001,{"$f":"+Insumos!$G$35","v":20.34},{"$f":"TRUNC(D1555*E1555,2)","v":2.82}]
[{"$f":"CONCATENATE(\"SINAPI C \",Insumos!$B$38)","v":"SINAPI C 88316"},"SERVENTE C/ ENCARGOS COMPLEMENTARES","h",0.38629999999999998,{"$f":"+Insumos!$G$38","v":16.920000000000002},{"$f":"TRUNC(D1556*E1556,2)","v":6.53}]
["SUB-TOTAL - MÃO-DE-OBRA:",null,{"$f":"SUM(F1553:F1556)","v":13.030000000000001}]
[]
[null,"CUSTO TOTAL:",null,null,null,{"$f":"+C1552+C1557","v":83.580000000000013}]
[]
[null,"BDI:","%",{"$f":"+$F$7","v":"28,21%"},null,{"$f":"TRUNC(F1559*D1561,2)","v":23.57}]
[]
[null,"PREÇO:",null,null,null,{"$f":"+F1559+F1561","v":107.15}]
[]
["CÓDIGO","DISCRIMINAÇÃO","UN","COEFIC.","UNITÁRIO","TOTAL"]
[2021,"PISO CONCRETO ARMADO 8 cm - PASSEIO -C/PODOTÁTIL","m²"]
["SINAPI I 4460","SARRAFO NÃO APARELHADO CEDRINHO 2,5 X 10 cm","m",0.25,{"$f":"+Insumos!$G$312","v":5.61},{"$f":"TRUNC(D1567*E1567,2)","v":1.4}]
["SINAPI I 4415","SARRAFO NÃO APARELHADO CEDRINHO 2,5 X 5 cm","m",0.25,{"$f":"+Insumos!$G$310","v":3},{"$f":"TRUNC(D1568*E1568,2)","v":0.75}]
["SINAPI I 4517","SARRAFO PINUS 2,5 X 7,5 cm","m",0.4,{"$f":"+Insumos!$G$314","v":2.1800000000000002},0.87]
["SINAPI I 3777","LONA PLÁSTICA PRETA","m²",1.1279999999999999,{"$f":"+Insumos!$G$243","v":1.75},1.97]
["SINAPI I 21141","TELA DE AÇO SOLDADA CA-60 4,2mm 15 x 15 cm","m²",1.1224000000000001,{"$f":"+Insumos!$G$354","v":20.14},22.6]
["SINAPI I 34493","CONCRETO USINADO BOMBEÁVEL, fck=25 MPa, EXCLUI SERVIÇO DE BOMBEAMENTO","m³",7.8299999999999995E-2,{"$f":"+Insumos!$G$172","v":427.72},33.49]
["SINAPI I 5068","PREGO DE AÇO 17 x 21 C/CABEÇA","kg",1.12E-2,{"$f":"+Insumos!$G$297","v":20.73},0.23]
["SINAPI I 2692","DESMOLDANTE P/ FORMAS DE MADEIRA","l",2E-3,{"$f":"+Insumos!$G$185","v":5.91},0.01]
[{"$f":"CONCATENATE(\"SINAPI I \",Insumos!$B$84)","v":"SINAPI I 43132"},"ARAME RECOZIDO 18 BWG","kg",1.4999999999999999E-2,{"$f":"+Insumos!$G$84","v":25.15},0.37]
["SINAPI I 39315","ESPAÇADOR TIPO GARRA DUPLA","un",3.8359000000000001,{"$f":"+Insumos!$G$199","v":0.2},0.76]
[{"$f":"CONCATENATE(\"COTAÇÃO \",Insumos!$B$250)","v":"COTAÇÃO 107"},"MICROFIBRA DE POLIPROPILENO","sc",0.1492,{"$f":"+Insumos!$G$250","v":14.07},2.09]
[{"$f":"CONCATENATE(\"COTAÇÃO \",Insumos!$B$247)","v":"COTAÇÃO 110"},"MANTA GEOTÊXTIL PARA CURA DO CONCRETO","m²",1.08,{"$f":"+Insumos!$G$247","v":2.82},3.04]
[{"$f":"CONCATENATE(\"COTAÇÃO \",Insumos!$B$50)","v":"COTAÇÃO 7"},"CORTADORA DE PISO","d",0.01,{"$f":"+Insumos!$G$50","v":76.98},0.76]
["SINAPI I 13887","DISCO DE CORTE DIAMANTADO PARA CONCRETO d=350 mm","un",1.5E-3,{"$f":"+Insumos!$G$186","v":589.52},0.88]
["SUB-TOTAL - MATERIAL / EQUIPAMENTOS:",null,{"$f":"SUM(F1567:F1580)","v":69.22}]
[{"$f":"CONCATENATE(\"SINAPI C \",Insumos!$B$21)","v":"SINAPI C 88262"},"CARPINTEIRO C/ENCARGOS COMPLEMENTARES","h",0.36099999999999999,{"$f":"+Insumos!$G$21","v":20.100000000000001},{"$f":"TRUNC(D1582*E1582,2)","v":7.25}]
["SINAPI C 88297","OPERADOR DE MÁQUINAS E EQUIPAMENTOS C/ENCARGOS COMPLEMENTARES","h",3.0999999999999999E-3,{"$f":"+Insumos!$G$34","v":22.56},{"$f":"TRUNC(D1583*E1583,2)","v":0.06}]
[{"$f":"CONCATENATE(\"SINAPI C \",Insumos!$B$35)","v":"SINAPI C 88309"},"PEDREIRO C/ENCARGOS COMPLEMENTARES","h",0.13880000000000001,{"$f":"+Insumos!$G$35","v":20.34},{"$f":"TRUNC(D1584*E1584,2)","v":2.82}]
[{"$f":"CONCATENATE(\"SINAPI C \",Insumos!$B$38)","v":"SINAPI C 88316"},"SERVENTE C/ ENCARGOS COMPLEMENTARES","h",0.38629999999999998,{"$f":"+Insumos!$G$38","v":16.920000000000002},{"$f":"TRUNC(D1585*E1585,2)","v":6.53}]
["SUB-TOTAL - MÃO-DE-OBRA:",null,{"$f":"SUM(F1582:F1585)","v":16.66}]
[]
[null,"CUSTO TOTAL:",null,null,null,{"$f":"+C1581+C1586","v":85.88}]
[]
[null,"BDI:","%",{"$f":"+$F$7","v":"28,21%"},null,{"$f":"TRUNC(F1588*D1590,2)","v":24.22}]
[]
[null,"PREÇO:",null,null,null,{"$f":"+F1588+F1590","v":110.1}]
[]
["CÓDIGO","DISCRIMINAÇÃO","UN","COEFIC.","UNITÁRIO","TOTAL"]
[2025,"PISO CONCRETO ARMADO 8 cm - QUADRA","m²"]
["SINAPI I 3777","LONA PLÁSTICA PRETA","m²",1.04,{"$f":"+Insumos!$G$243","v":1.75},{"$f":"TRUNC(D1596*E1596,2)","v":1.82}]
["SINAPI I 21141","TELA DE AÇO SOLDADA CA-60 4,2mm 15 x 15 cm","m²",1.2195,{"$f":"+Insumos!$G$354","v":20.14},24.56]
[{"$f":"CONCATENATE(\"SINAPI I \",Insumos!$B$84)","v":"SINAPI I 43132"},"ARAME RECOZIDO 18 BWG","kg",1.6299999999999999E-2,{"$f":"+Insumos!$G$84","v":25.15},0.4]
["SINAPI I 39315","ESPAÇADOR TIPO GARRA DUPLA","un",4.1677,{"$f":"+Insumos!$G$199","v":0.2},0.83]
[{"$f":"CONCATENATE(\"COTAÇÃO \",Insumos!$B$53)","v":"COTAÇÃO 1"},"NÍVEL A LASER","d",1.6000000000000001E-3,{"$f":"+Insumos!$G$53","v":136.85},0.21]
["SINAPI I 1527","CONCRETO USINADO BOMBEÁVEL, fck=25 MPa, INCLUI SERVIÇO DE BOMBEAMENTO","m³",0.106,{"$f":"+Insumos!$G$171","v":463.37},49.11]
[{"$f":"CONCATENATE(\"SINAPI C \",'Composições Aux. SINAPI'!$A$89)","v":"SINAPI C 90586"},"VIBRADOR DE IMERSÃO, DIÂMETRO DE PONTEIRA 45 mm (chp)","chp",5.2999999999999999E-2,{"$f":"+'Composições Aux. SINAPI'!$E$89:$F$89","v":1.1399999999999999},{"$f":"TRUNC(D1602*E1602,3)","v":0.06}]
[{"$f":"CONCATENATE(\"SINAPI C \",'Composições Aux. SINAPI'!$A$90)","v":"SINAPI C 90587"},"VIBRADOR DE IMERSÃO, DIÂMETRO DE PONTEIRA 45 mm (chi)","chi",4.8999999999999998E-3,{"$f":"+'Composições Aux. SINAPI'!$E$90:$F$90","v":0.35},{"$f":"TRUNC(D1603*E1603,3)","v":1E-3}]
[{"$f":"CONCATENATE(\"COTAÇÃO \",Insumos!$B$250)","v":"COTAÇÃO 107"},"MICROFIBRA DE POLIPROPILENO","sc",0.2,{"$f":"+Insumos!$G$250","v":14.07},{"$f":"TRUNC(D1604*E1604,2)","v":2.81}]
[{"$f":"CONCATENATE(\"COTAÇÃO \",Insumos!$B$49)","v":"COTAÇÃO 4"},"ACABADORA DE SUPERFÍCIE (HELICÓPTERO)","d",4.8999999999999998E-3,{"$f":"+Insumos!$G$49","v":327.17},1.6]
[{"$f":"CONCATENATE(\"COTAÇÃO \",Insumos!$B$247)","v":"COTAÇÃO 110"},"MANTA GEOTÊXTIL PARA CURA DO CONCRETO","m²",1.08,{"$f":"+Insumos!$G$247","v":2.82},3.04]
[{"$f":"CONCATENATE(\"COTAÇÃO \",Insumos!$B$50)","v":"COTAÇÃO 7"},"CORTADORA DE PISO","d",1.6000000000000001E-3,{"$f":"+Insumos!$G$50","v":76.98},0.12]
["SINAPI I 13887","DISCO DE CORTE DIAMANTADO PARA CONCRETO d=350 mm","un",1.6000000000000001E-3,{"$f":"+Insumos!$G$186","v":589.52},0.94]
["SUB-TOTAL - MATERIAL / EQUIPAMENTOS:",null,{"$f":"SUM(F1596:F1608)","v":85.501000000000005}]
["SINAPI C 90781","TOPÓGRAFO C/ ENCARGOS COMPLEMENTARES","h",5.0000000000000001E-3,{"$f":"+Insumos!$G$41","v":29.66},{"$f":"TRUNC(D1610*E1610,2)","v":0.14000000000000001}]
[{"$f":"CONCATENATE(\"SINAPI C \",Insumos!$B$15)","v":"SINAPI C 88245"},"ARMADOR C/ENCARGOS COMPLEMENTARES","h",6.2199999999999998E-2,{"$f":"+Insumos!$G$15","v":20.22},1.25]
[{"$f":"CONCATENATE(\"SINAPI C \",Insumos!$B$13)","v":"SINAPI C 88238"},"AJUDANTE DE ARMADOR C/ENCARGOS COMPLEMENTARES","h",2.2200000000000001E-2,{"$f":"+Insumos!$G$13","v":16.95},0.37]
["SINAPI C 88297","OPERADOR DE MÁQUINAS E EQUIPAMENTOS C/ENCARGOS COMPLEMENTARES","h",1.6299999999999999E-2,{"$f":"+Insumos!$G$34","v":22.56},0.36]
[{"$f":"CONCATENATE(\"SINAPI C \",Insumos!$B$35)","v":"SINAPI C 88309"},"PEDREIRO C/ENCARGOS COMPLEMENTARES","h",6.7400000000000002E-2,{"$f":"+Insumos!$G$35","v":20.34},1.37]
[{"$f":"CONCATENATE(\"SINAPI C \",Insumos!$B$38)","v":"SINAPI C 88316"},"SERVENTE C/ ENCARGOS COMPLEMENTARES","h",0.12540000000000001,{"$f":"+Insumos!$G$38","v":16.920000000000002},2.12]
["SUB-TOTAL - MÃO-DE-OBRA:",null,{"$f":"SUM(F1610:F1615)","v":5.61}]
[]
[null,"CUSTO TOTAL:",null,null,null,{"$f":"+C1609+C1616","v":91.111000000000004}]
[]
[null,"BDI:","%",{"$f":"+$F$7","v":"28,21%"},null,{"$f":"TRUNC(F1618*D1620,2)","v":25.7}]
[]
[null,"PREÇO:",null,null,null,{"$f":"+F1618+F1620","v":116.81100000000001}]
[]
["CÓDIGO","DISCRIMINAÇÃO","UN","COEFIC.","UNITÁRIO","TOTAL"]
[2027,"PISO CONCRETO ARMADO 10 cm - ACADEMIA 3ª IDADE","m²"]
[{"$f":"CONCATENATE(\"SINAPI I \",Insumos!$B$321)","v":"SINAPI I 6193"},"TÁBUA MADEIRA NÃO APARELHADA CEDRINHO 2,5 x 20 cm","m",9.8299999999999998E-2,{"$f":"+Insumos!$G$321","v":11.23},{"$f":"TRUNC(D1626*E1626,2)","v":1.1000000000000001}]
[{"$f":"CONCATENATE(\"SINAPI I \",Insumos!$B$288)","v":"SINAPI I 4491"},"PONTALETE EM PINUS 7,5 x 7,5 cm","m",2.63E-2,{"$f":"+Insumos!$G$288","v":6.25},0.16]
[{"$f":"CONCATENATE(\"SINAPI I \",Insumos!$B$314)","v":"SINAPI I 4517"},"SARRAFO PINUS 2,5 x 7,5 cm","m",3.1300000000000001E-2,{"$f":"+Insumos!$G$314","v":2.1800000000000002},0.06]
["SINAPI I 2692","DESMOLDANTE P/ FORMAS DE MADEIRA","l",5.9999999999999995E-4,{"$f":"+Insumos!$G$185","v":5.91},0]
[{"$f":"CONCATENATE(\"SINAPI I \",Insumos!$B$297)","v":"SINAPI I 5068"},"PREGO DE AÇO 17 x 21 C/CABEÇA","kg",3.3999999999999998E-3,{"$f":"+Insumos!$G$297","v":20.73},7.0000000000000007E-2]
["SINAPI I 3777","LONA PLÁSTICA PRETA","m²",1.04,{"$f":"+Insumos!$G$243","v":1.75},1.82]
["SINAPI I 21141","TELA DE AÇO SOLDADA CA-60 4,2mm 15 x 15 cm","m²",1.2195,{"$f":"+Insumos!$G$354","v":20.14},24.56]
[{"$f":"CONCATENATE(\"SINAPI I \",Insumos!$B$84)","v":"SINAPI I 43132"},"ARAME RECOZIDO 18 BWG","kg",1.6299999999999999E-2,{"$f":"+Insumos!$G$84","v":25.15},0.4]
["SINAPI I 39315","ESPAÇADOR TIPO GARRA DUPLA","un",4.1677,{"$f":"+Insumos!$G$199","v":0.2},0.83]
[{"$f":"CONCATENATE(\"COTAÇÃO \",Insumos!$B$53)","v":"COTAÇÃO 1"},"NÍVEL A LASER","d",7.4000000000000003E-3,{"$f":"+Insumos!$G$53","v":136.85},1.01]
["SINAPI I 1527","CONCRETO USINADO BOMBEÁVEL, fck=25 MPa, INCLUI SERVIÇO DE BOMBEAMENTO","m³",0.106,{"$f":"+Insumos!$G$171","v":463.37},49.11]
[{"$f":"CONCATENATE(\"SINAPI C \",'Composições Aux. SINAPI'!$A$89)","v":"SINAPI C 90586"},"VIBRADOR DE IMERSÃO, DIÂMETRO DE PONTEIRA 45 mm (chp)","chp",5.2999999999999999E-2,{"$f":"+'Composições Aux. SINAPI'!$E$89:$F$89","v":1.1399999999999999},{"$f":"TRUNC(D1637*E1637,3)","v":0.06}]
[{"$f":"CONCATENATE(\"SINAPI C \",'Composições Aux. SINAPI'!$A$90)","v":"SINAPI C 90587"},"VIBRADOR DE IMERSÃO, DIÂMETRO DE PONTEIRA 45 mm (chi)","chi",4.8999999999999998E-3,{"$f":"+'Composições Aux. SINAPI'!$E$90:$F$90","v":0.35},{"$f":"TRUNC(D1638*E1638,3)","v":1E-3}]
[{"$f":"CONCATENATE(\"COTAÇÃO \",Insumos!$B$250)","v":"COTAÇÃO 107"},"MICROFIBRA DE POLIPROPILENO","sc",0.2,{"$f":"+Insumos!$G$250","v":14.07},{"$f":"TRUNC(D1639*E1639,2)","v":2.81}]
[{"$f":"CONCATENATE(\"COTAÇÃO \",Insumos!$B$49)","v":"COTAÇÃO 4"},"ACABADORA DE SUPERFÍCIE (HELICÓPTERO)","d",1.4800000000000001E-2,{"$f":"+Insumos!$G$49","v":327.17},4.84]
[{"$f":"CONCATENATE(\"COTAÇÃO \",Insumos!$B$247)","v":"COTAÇÃO 110"},"MANTA GEOTÊXTIL PARA CURA DO CONCRETO","m²",1.08,{"$f":"+Insumos!$G$247","v":2.82},3.04]
[{"$f":"CONCATENATE(\"COTAÇÃO \",Insumos!$B$50)","v":"COTAÇÃO 7"},"CORTADORA DE PISO","d",7.4000000000000003E-3,{"$f":"+Insumos!$G$50","v":76.98},0.56000000000000005]
["SINAPI I 13887","DISCO DE CORTE DIAMANTADO PARA CONCRETO d=350 mm","un",1.5E-3,{"$f":"+Insumos!$G$186","v":589.52},0.88]
["SUB-TOTAL - MATERIAL / EQUIPAMENTOS:",null,{"$f":"SUM(F1626:F1643)","v":91.311000000000021}]
["SINAPI C 90781","TOPÓGRAFO C/ ENCARGOS COMPLEMENTARES","h",7.4000000000000003E-3,{"$f":"+Insumos!$G$41","v":29.66},{"$f":"TRUNC(D1645*E1645,2)","v":0.21}]
[{"$f":"CONCATENATE(\"SINAPI C \",Insumos!$B$15)","v":"SINAPI C 88245"},"ARMADOR C/ENCARGOS COMPLEMENTARES","h",6.2199999999999998E-2,{"$f":"+Insumos!$G$15","v":20.22},1.25]
[{"$f":"CONCATENATE(\"SINAPI C \",Insumos!$B$13)","v":"SINAPI C 88238"},"AJUDANTE DE ARMADOR C/ENCARGOS COMPLEMENTARES","h",2.2200000000000001E-2,{"$f":"+Insumos!$G$13","v":16.95},0.37]
["SINAPI C 88297","OPERADOR DE MÁQUINAS E EQUIPAMENTOS C/ENCARGOS COMPLEMENTARES","h",2.3999999999999998E-3,{"$f":"+Insumos!$G$34","v":22.56},0.05]
[{"$f":"CONCATENATE(\"SINAPI C \",Insumos!$B$21)","v":"SINAPI C 88262"},"CARPINTEIRO C/ENCARGOS COMPLEMENTARES","h",8.3900000000000002E-2,{"$f":"+Insumos!$G$21","v":20.100000000000001},1.68]
[{"$f":"CONCATENATE(\"SINAPI C \",Insumos!$B$14)","v":"SINAPI C 88239"},"AJUDANTE DE CARPINTEIRO C/ENCARGOS COMPLEMENTARES","h",5.1400000000000001E-2,{"$f":"+Insumos!$G$14","v":16.87},0.86]
[{"$f":"CONCATENATE(\"SINAPI C \",Insumos!$B$35)","v":"SINAPI C 88309"},"PEDREIRO C/ENCARGOS COMPLEMENTARES","h",6.7400000000000002E-2,{"$f":"+Insumos!$G$35","v":20.34},{"$f":"TRUNC(D1651*E1651,2)","v":1.37}]
[{"$f":"CONCATENATE(\"SINAPI C \",Insumos!$B$38)","v":"SINAPI C 88316"},"SERVENTE C/ ENCARGOS COMPLEMENTARES","h",0.12540000000000001,{"$f":"+Insumos!$G$38","v":16.920000000000002},2.12]
["SUB-TOTAL - MÃO-DE-OBRA:",null,{"$f":"SUM(F1645:F1652)","v":7.91}]
[]
[null,"CUSTO TOTAL:",null,null,null,{"$f":"+C1644+C1653","v":99.221000000000018}]
[]
[null,"BDI:","%",{"$f":"+$F$7","v":"28,21%"},null,{"$f":"TRUNC(F1655*D1657,2)","v":27.99}]
[]
[null,"PREÇO:",null,null,null,{"$f":"+F1655+F1657","v":127.21100000000001}]
[]
["CÓDIGO","DISCRIMINAÇÃO","UN","COEFIC.","UNITÁRIO","TOTAL"]
[2028,"PISO CONCRETO ARMADO 20 cm - ARMADURA DUPLA","m²"]
[{"$f":"CONCATENATE(\"SINAPI I \",Insumos!$B$321)","v":"SINAPI I 6193"},"TÁBUA MADEIRA NÃO APARELHADA CEDRINHO 2,5 x 20 cm","m",0.33119999999999999,{"$f":"+Insumos!$G$321","v":11.23},{"$f":"TRUNC(D1663*E1663,2)","v":3.71}]
[{"$f":"CONCATENATE(\"SINAPI I \",Insumos!$B$288)","v":"SINAPI I 4491"},"PONTALETE EM PINUS 7,5 x 7,5 cm","m",8.8800000000000004E-2,{"$f":"+Insumos!$G$288","v":6.25},0.55000000000000004]
[{"$f":"CONCATENATE(\"SINAPI I \",Insumos!$B$314)","v":"SINAPI I 4517"},"SARRAFO PINUS 2,5 x 7,5 cm","m",0.1056,{"$f":"+Insumos!$G$314","v":2.1800000000000002},0.23]
["SINAPI I 2692","DESMOLDANTE P/ FORMAS DE MADEIRA","l",2E-3,{"$f":"+Insumos!$G$185","v":5.91},0.01]
[{"$f":"CONCATENATE(\"SINAPI I \",Insumos!$B$297)","v":"SINAPI I 5068"},"PREGO DE AÇO 17 x 21 C/CABEÇA","kg",1.14E-2,{"$f":"+Insumos!$G$297","v":20.73},0.23]
["SINAPI I 3777","LONA PLÁSTICA PRETA","m²",1.04,{"$f":"+Insumos!$G$243","v":1.75},1.82]
["SINAPI I 21141","TELA DE AÇO SOLDADA CA-60 4,2mm 15 x 15 cm","m²",2.4390000000000001,{"$f":"+Insumos!$G$354","v":20.14},49.12]
[{"$f":"CONCATENATE(\"SINAPI I \",Insumos!$B$84)","v":"SINAPI I 43132"},"ARAME RECOZIDO 18 BWG","kg",3.2599999999999997E-2,{"$f":"+Insumos!$G$84","v":25.15},0.81]
["SINAPI I 39315","ESPAÇADOR TIPO GARRA DUPLA","un",8.3353999999999999,{"$f":"+Insumos!$G$199","v":0.2},1.66]
["SINAPI I 1527","CONCRETO USINADO BOMBEÁVEL, fck=25 MPa, INCLUI SERVIÇO DE BOMBEAMENTO","m³",0.21199999999999999,{"$f":"+Insumos!$G$171","v":463.37},98.23]
[{"$f":"CONCATENATE(\"SINAPI C \",'Composições Aux. SINAPI'!$A$89)","v":"SINAPI C 90586"},"VIBRADOR DE IMERSÃO, DIÂMETRO DE PONTEIRA 45 mm (chp)","chp",1.06E-2,{"$f":"+'Composições Aux. SINAPI'!$E$89:$F$89","v":1.1399999999999999},{"$f":"TRUNC(D1673*E1673,3)","v":1.2E-2}]
[{"$f":"CONCATENATE(\"SINAPI C \",'Composições Aux. SINAPI'!$A$90)","v":"SINAPI C 90587"},"VIBRADOR DE IMERSÃO, DIÂMETRO DE PONTEIRA 45 mm (chi)","chi",9.7999999999999997E-3,{"$f":"+'Composições Aux. SINAPI'!$E$90:$F$90","v":0.35},{"$f":"TRUNC(D1674*E1674,3)","v":3.0000000000000001E-3}]
[{"$f":"CONCATENATE(\"COTAÇÃO \",Insumos!$B$250)","v":"COTAÇÃO 107"},"MICROFIBRA DE POLIPROPILENO","sc",0.4,{"$f":"+Insumos!$G$250","v":14.07},{"$f":"TRUNC(D1675*E1675,2)","v":5.62}]
[{"$f":"CONCATENATE(\"COTAÇÃO \",Insumos!$B$247)","v":"COTAÇÃO 110"},"MANTA GEOTÊXTIL PARA CURA DO CONCRETO","m²",1.08,{"$f":"+Insumos!$G$247","v":2.82},3.04]
[{"$f":"CONCATENATE(\"COTAÇÃO \",Insumos!$B$50)","v":"COTAÇÃO 7"},"CORTADORA DE PISO","d",0.02,{"$f":"+Insumos!$G$50","v":76.98},1.53]
["SINAPI I 13887","DISCO DE CORTE DIAMANTADO PARA CONCRETO d=350 mm","un",2.8E-3,{"$f":"+Insumos!$G$186","v":589.52},{"$f":"TRUNC(D1678*E1678,2)","v":1.65}]
["SUB-TOTAL - MATERIAL / EQUIPAMENTOS:",null,{"$f":"SUM(F1663:F1678)","v":168.22499999999999}]
[{"$f":"CONCATENATE(\"SINAPI C \",Insumos!$B$15)","v":"SINAPI C 88245"},"ARMADOR C/ENCARGOS COMPLEMENTARES","h",0.12429999999999999,{"$f":"+Insumos!$G$15","v":20.22},{"$f":"TRUNC(D1680*E1680,2)","v":2.5099999999999998}]
[{"$f":"CONCATENATE(\"SINAPI C \",Insumos!$B$13)","v":"SINAPI C 88238"},"AJUDANTE DE ARMADOR C/ENCARGOS COMPLEMENTARES","h",4.4400000000000002E-2,{"$f":"+Insumos!$G$13","v":16.95},0.75]
["SINAPI C 88297","OPERADOR DE MÁQUINAS E EQUIPAMENTOS C/ENCARGOS COMPLEMENTARES","h",2.5000000000000001E-3,{"$f":"+Insumos!$G$34","v":22.56},0.05]
[{"$f":"CONCATENATE(\"SINAPI C \",Insumos!$B$21)","v":"SINAPI C 88262"},"CARPINTEIRO C/ENCARGOS COMPLEMENTARES","h",0.2828,{"$f":"+Insumos!$G$21","v":20.100000000000001},5.68]
[{"$f":"CONCATENATE(\"SINAPI C \",Insumos!$B$14)","v":"SINAPI C 88239"},"AJUDANTE DE CARPINTEIRO C/ENCARGOS COMPLEMENTARES","h",0.17330000000000001,{"$f":"+Insumos!$G$14","v":16.87},2.92]
[{"$f":"CONCATENATE(\"SINAPI C \",Insumos!$B$35)","v":"SINAPI C 88309"},"PEDREIRO C/ENCARGOS COMPLEMENTARES","h",9.6199999999999994E-2,{"$f":"+Insumos!$G$35","v":20.34},1.95]
[{"$f":"CONCATENATE(\"SINAPI C \",Insumos!$B$38)","v":"SINAPI C 88316"},"SERVENTE C/ ENCARGOS COMPLEMENTARES","h",0.1542,{"$f":"+Insumos!$G$38","v":16.920000000000002},{"$f":"TRUNC(D1686*E1686,2)","v":2.6}]
["SUB-TOTAL - MÃO-DE-OBRA:",null,{"$f":"SUM(F1680:F1686)","v":16.459999999999997}]
[]
[null,"CUSTO TOTAL:",null,null,null,{"$f":"+C1679+C1687","v":184.685}]
[]
[null,"BDI:","%",{"$f":"+$F$7","v":"28,21%"},null,{"$f":"TRUNC(F1689*D1691,2)","v":52.09}]
[]
[null,"PREÇO:",null,null,null,{"$f":"+F1689+F1691","v":236.77500000000001}]
[]
["CÓDIGO","DISCRIMINAÇÃO","UN","COEFIC.","UNITÁRIO","TOTAL"]
[92396,"PAVIMENTAÇÃO BLOCOS RETANGULARES DE CONCRETO COR NATURAL - 6 cm - 35 MPa","m²"]
["SINAPI I 370","AREIA MÉDIA","m³",5.6800000000000003E-2,{"$f":"+Insumos!$G$87","v":69},{"$f":"TRUNC(D1697*E1697,2)","v":3.91}]
["SINAPI I 36155","BLOCO CONCRETO TIPO HOLANDÊS COR NATURAL - 6 cm - 35 MPa","m²",1.0487,{"$f":"+Insumos!$G$123","v":41.95},{"$f":"TRUNC(D1698*E1698,2)","v":43.99}]
["SINAPI I 4741","PÓ DE PEDRA","m³",6.4999999999999997E-3,{"$f":"+Insumos!$G$287","v":57.69},0.37]
[{"$f":"CONCATENATE(\"SINAPI C \",'Composições Aux. SINAPI'!$A$68)","v":"SINAPI C 91277"},"PLACA VIBRATÓRIA REVERSÍVEL, POTÊNCIA 5,5 cv","chp",4.1000000000000003E-3,{"$f":"+'Composições Aux. SINAPI'!$E$68","v":10.55},0.04]
[{"$f":"CONCATENATE(\"SINAPI C \",'Composições Aux. SINAPI'!$A$69)","v":"SINAPI C 91278"},"PLACA VIBRATÓRIA REVERSÍVEL, POTÊNCIA 5,5 cv","chi",0.19470000000000001,{"$f":"+'Composições Aux. SINAPI'!$E$69","v":0.54},0.1]
[{"$f":"CONCATENATE(\"SINAPI C \",'Composições Aux. SINAPI'!$A$37)","v":"SINAPI C 91283"},"CORTADORA DE PISO, POTÊNCIA 13 hp, C/DISCO DE CORTE DIAMANTADO 350 mm","chp",4.8300000000000003E-2,{"$f":"+'Composições Aux. SINAPI'!$E$37","v":11.42},0.55000000000000004]
[{"$f":"CONCATENATE(\"SINAPI C \",'Composições Aux. SINAPI'!$A$38)","v":"SINAPI C 91285"},"CORTADORA DE PISO, POTÊNCIA 13 hp, C/DISCO DE CORTE DIAMANTADO 350 mm","chi",0.15040000000000001,{"$f":"+'Composições Aux. SINAPI'!$E$38","v":0.92},0.13]
["SUB-TOTAL - MATERIAL / EQUIPAMENTOS:",null,{"$f":"SUM(F1697:F1703)","v":49.09}]
["SINAPI C 88260","CALCETEIRO C/ENCARGOS COMPLEMENTARES","h",0.39750000000000002,{"$f":"+Insumos!$G$20","v":17.98},{"$f":"TRUNC(D1705*E1705,2)","v":7.14}]
[{"$f":"CONCATENATE(\"SINAPI C \",Insumos!$B$38)","v":"SINAPI C 88316"},"SERVENTE C/ ENCARGOS COMPLEMENTARES","h",0.39750000000000002,{"$f":"+Insumos!$G$38","v":16.920000000000002},{"$f":"TRUNC(D1706*E1706,2)","v":6.72}]
["SUB-TOTAL - MÃO-DE-OBRA:",null,{"$f":"SUM(F1705:F1706)","v":13.86}]
[]
[null,"CUSTO TOTAL:",null,null,null,{"$f":"+C1704+C1707","v":62.95}]
[]
[null,"BDI:","%",{"$f":"+$F$7","v":"28,21%"},null,{"$f":"TRUNC(F1709*D1711,2)","v":17.75}]
[]
[null,"PREÇO:",null,null,null,{"$f":"+F1709+F1711","v":80.7}]
[]
["CÓDIGO","DISCRIMINAÇÃO","UN","COEFIC.","UNITÁRIO","TOTAL"]
[93679,"PAVIMENTAÇÃO BLOCOS RETANGULARES DE CONCRETO COLORIDO - 6 cm - 35 MPa","m²"]
["SINAPI I 370","AREIA MÉDIA","m³",5.6800000000000003E-2,{"$f":"+Insumos!$G$87","v":69},{"$f":"TRUNC(D1717*E1717,2)","v":3.91}]
["SINAPI I 36155","BLOCO CONCRETO TIPO HOLANDÊS COLORIDO - 6 cm - 35 MPa","m²",1.0487,{"$f":"+Insumos!$G$124","v":48.6},{"$f":"TRUNC(D1718*E1718,2)","v":50.96}]
["SINAPI I 4741","PÓ DE PEDRA","m³",6.4999999999999997E-3,{"$f":"+Insumos!$G$287","v":57.69},0.37]
[{"$f":"CONCATENATE(\"SINAPI C \",'Composições Aux. SINAPI'!$A$68)","v":"SINAPI C 91277"},"PLACA VIBRATÓRIA REVERSÍVEL, POTÊNCIA 5,5 cv","chp",4.1000000000000003E-3,{"$f":"+'Composições Aux. SINAPI'!$E$68","v":10.55},0.04]
[{"$f":"CONCATENATE(\"SINAPI C \",'Composições Aux. SINAPI'!$A$69)","v":"SINAPI C 91278"},"PLACA VIBRATÓRIA REVERSÍVEL, POTÊNCIA 5,5 cv","chi",0.19470000000000001,{"$f":"+'Composições Aux. SINAPI'!$E$69","v":0.54},0.1]
[{"$f":"CONCATENATE(\"SINAPI C \",'Composições Aux. SINAPI'!$A$37)","v":"SINAPI C 91283"},"CORTADORA DE PISO, POTÊNCIA 13 hp, C/DISCO DE CORTE DIAMANTADO 350 mm","chp",4.8300000000000003E-2,{"$f":"+'Composições Aux. SINAPI'!$E$37","v":11.42},0.55000000000000004]
[{"$f":"CONCATENATE(\"SINAPI C \",'Composições Aux. SINAPI'!$A$38)","v":"SINAPI C 91285"},"CORTADORA DE PISO, POTÊNCIA 13 hp, C/DISCO DE CORTE DIAMANTADO 350 mm","chi",0.15040000000000001,{"$f":"+'Composições Aux. SINAPI'!$E$38","v":0.92},0.13]
["SUB-TOTAL - MATERIAL / EQUIPAMENTOS:",null,{"$f":"SUM(F1717:F1723)","v":56.06}]
["SINAPI C 88260","CALCETEIRO C/ENCARGOS COMPLEMENTARES","h",0.39750000000000002,{"$f":"+Insumos!$G$20","v":17.98},{"$f":"TRUNC(D1725*E1725,2)","v":7.14}]
[{"$f":"CONCATENATE(\"SINAPI C \",Insumos!$B$38)","v":"SINAPI C 88316"},"SERVENTE C/ ENCARGOS COMPLEMENTARES","h",0.39750000000000002,{"$f":"+Insumos!$G$38","v":16.920000000000002},{"$f":"TRUNC(D1726*E1726,2)","v":6.72}]
["SUB-TOTAL - MÃO-DE-OBRA:",null,{"$f":"SUM(F1725:F1726)","v":13.86}]
[]
[null,"CUSTO TOTAL:",null,null,null,{"$f":"+C1724+C1727","v":69.92}]
[]
[null,"BDI:","%",{"$f":"+$F$7","v":"28,21%"},null,{"$f":"TRUNC(F1729*D1731,2)","v":19.72}]
[]
[null,"PREÇO:",null,null,null,{"$f":"+F1729+F1731","v":89.64}]
[]
["CÓDIGO","DISCRIMINAÇÃO","UN","COEFIC.","UNITÁRIO","TOTAL"]
[92398,"PAVIMENTAÇÃO BLOCOS RETANGULARES DE CONCRETO COR NATURAL - 8 cm - 35 MPa","m²"]
["SINAPI I 370","AREIA MÉDIA","m³",5.6800000000000003E-2,{"$f":"+Insumos!$G$87","v":69},{"$f":"TRUNC(D1737*E1737,2)","v":3.91}]
["SINAPI I 36170","BLOCO CONCRETO TIPO HOLANDÊS COR NATURAL - 8 cm - 35 MPa","m²",1.0031000000000001,{"$f":"+Insumos!$G$125","v":53},{"$f":"TRUNC(D1738*E1738,2)","v":53.16}]
["SINAPI I 4741","PÓ DE PEDRA","m³",8.6999999999999994E-3,{"$f":"+Insumos!$G$287","v":57.69},0.5]
[{"$f":"CONCATENATE(\"SINAPI C \",'Composições Aux. SINAPI'!$A$68)","v":"SINAPI C 91277"},"PLACA VIBRATÓRIA REVERSÍVEL, POTÊNCIA 5,5 cv","chp",5.4999999999999997E-3,{"$f":"+'Composições Aux. SINAPI'!$E$68","v":10.55},0.05]
[{"$f":"CONCATENATE(\"SINAPI C \",'Composições Aux. SINAPI'!$A$69)","v":"SINAPI C 91278"},"PLACA VIBRATÓRIA REVERSÍVEL, POTÊNCIA 5,5 cv","chi",0.1211,{"$f":"+'Composições Aux. SINAPI'!$E$69","v":0.54},0.06]
[{"$f":"CONCATENATE(\"SINAPI C \",'Composições Aux. SINAPI'!$A$37)","v":"SINAPI C 91283"},"CORTADORA DE PISO, POTÊNCIA 13 hp, C/DISCO DE CORTE DIAMANTADO 350 mm","chp",3.7000000000000002E-3,{"$f":"+'Composições Aux. SINAPI'!$E$37","v":11.42},0.04]
[{"$f":"CONCATENATE(\"SINAPI C \",'Composições Aux. SINAPI'!$A$38)","v":"SINAPI C 91285"},"CORTADORA DE PISO, POTÊNCIA 13 hp, C/DISCO DE CORTE DIAMANTADO 350 mm","chi",0.12280000000000001,{"$f":"+'Composições Aux. SINAPI'!$E$38","v":0.92},0.11]
["SUB-TOTAL - MATERIAL / EQUIPAMENTOS:",null,{"$f":"SUM(F1737:F1743)","v":57.829999999999991}]
["SINAPI C 88260","CALCETEIRO C/ENCARGOS COMPLEMENTARES","h",0.25309999999999999,{"$f":"+Insumos!$G$20","v":17.98},{"$f":"TRUNC(D1745*E1745,2)","v":4.55}]
[{"$f":"CONCATENATE(\"SINAPI C \",Insumos!$B$38)","v":"SINAPI C 88316"},"SERVENTE C/ ENCARGOS COMPLEMENTARES","h",0.25309999999999999,{"$f":"+Insumos!$G$38","v":16.920000000000002},{"$f":"TRUNC(D1746*E1746,2)","v":4.28}]
["SUB-TOTAL - MÃO-DE-OBRA:",null,{"$f":"SUM(F1745:F1746)","v":8.83}]
[]
[null,"CUSTO TOTAL:",null,null,null,{"$f":"+C1744+C1747","v":66.66}]
[]
[null,"BDI:","%",{"$f":"+$F$7","v":"28,21%"},null,{"$f":"TRUNC(F1749*D1751,2)","v":18.8}]
[]
[null,"PREÇO:",null,null,null,{"$f":"+F1749+F1751","v":85.46}]
[]
["CÓDIGO","DISCRIMINAÇÃO","UN","COEFIC.","UNITÁRIO","TOTAL"]
[2030,"FAIXAS BLOCOS RETANGULARES DE CONCRETO COR NATURAL-6 cm-35 MPa (LARG. 20 cm)","m"]
[{"$f":"CONCATENATE(\"SINAPI C \",'Composições Aux. SINAPI'!$A$21)","v":"SINAPI C 88630"},"ARGAMASSA TRAÇO 1:4 PREPARO MECÂNICO","m³",6.0000000000000001E-3,{"$f":"+'Composições Aux. SINAPI'!$E$21:$F$21","v":402.13},{"$f":"TRUNC(D1757*E1757,2)","v":2.41}]
["SINAPI I 36155","BLOCO CONCRETO TIPO HOLANDÊS COR NATURAL - 6 cm - 35 MPa","m²",0.2097,{"$f":"+Insumos!$G$123","v":41.95},{"$f":"TRUNC(D1758*E1758,2)","v":8.7899999999999991}]
["SINAPI I 4741","PÓ DE PEDRA","m³",1.2999999999999999E-3,{"$f":"+Insumos!$G$287","v":57.69},{"$f":"TRUNC(D1759*E1759,2)","v":7.0000000000000007E-2}]
["SUB-TOTAL - MATERIAL / EQUIPAMENTOS:",null,{"$f":"SUM(F1757:F1759)","v":11.27}]
["SINAPI C 88260","CALCETEIRO C/ENCARGOS COMPLEMENTARES","h",0.1988,{"$f":"+Insumos!$G$20","v":17.98},{"$f":"TRUNC(D1761*E1761,2)","v":3.57}]
[{"$f":"CONCATENATE(\"SINAPI C \",Insumos!$B$38)","v":"SINAPI C 88316"},"SERVENTE C/ ENCARGOS COMPLEMENTARES","h",0.1988,{"$f":"+Insumos!$G$38","v":16.920000000000002},{"$f":"TRUNC(D1762*E1762,2)","v":3.36}]
["SUB-TOTAL - MÃO-DE-OBRA:",null,{"$f":"SUM(F1761:F1762)","v":6.93}]
[]
[null,"CUSTO TOTAL:",null,null,null,{"$f":"+C1760+C1763","v":18.2}]
[]
[null,"BDI:","%",{"$f":"+$F$7","v":"28,21%"},null,{"$f":"TRUNC(F1765*D1767,2)","v":5.13}]
[]
[null,"PREÇO:",null,null,null,{"$f":"+F1765+F1767","v":23.33}]
[]
["CÓDIGO","DISCRIMINAÇÃO","UN","COEFIC.","UNITÁRIO","TOTAL"]
[2035,"PAVIMENTAÇÃO PARALELEPÍPEDO","m²"]
[{"$f":"CONCATENATE(\"SINAPI C \",'Composições Aux. SINAPI'!$A$80)","v":"SINAPI C 100947"},"TRANSPORTE COM CAMINHÃO CARROCERIA 9T, DMT ATÉ 30KM","txkm",8.91,{"$f":"+'Composições Aux. SINAPI'!$E$80:$F$80","v":1.69},{"$f":"TRUNC(D1773*E1773,2)","v":15.05}]
[{"$f":"CONCATENATE(\"SINAPI C \",'Composições Aux. SINAPI'!$A$81)","v":"SINAPI C 100948"},"TRANSPORTE COM CAMINHÃO CARROCERIA 9T, ADICIONAL PARA DMT EXCEDENTE A 30 KM ","txkm",35.64,{"$f":"+'Composições Aux. SINAPI'!$E$81:$F$81","v":0.67},23.87]
["SINAPI I 367","AREIA GROSSA","m³",0.114,{"$f":"+Insumos!$G$86","v":69.900000000000006},{"$f":"TRUNC(D1775*E1775,2)","v":7.96}]
["SINAPI I 4385","PARALELEPÍPEDO GRANITO OU BASALTO","un",3.3000000000000002E-2,{"$f":"+Insumos!$G$274","v":1673.89},{"$f":"TRUNC(D1776*E1776,2)","v":55.23}]
["SINAPI I 4741","PÓ DE PEDRA","m³",2.0400000000000001E-2,{"$f":"+Insumos!$G$287","v":57.69},{"$f":"TRUNC(D1777*E1777,2)","v":1.17}]
[{"$f":"CONCATENATE(\"SINAPI C \",'Composições Aux. SINAPI'!$A$72)","v":"SINAPI C 5684"},"ROLO COMPACTADOR VIBRATÓRIO, POTÊNCIA 80 hp (chp)","chp",3.0999999999999999E-3,{"$f":"+'Composições Aux. SINAPI'!$E$72:$F$72","v":132.08000000000001},{"$f":"TRUNC(D1778*E1778,2)","v":0.4}]
[{"$f":"CONCATENATE(\"SINAPI C \",'Composições Aux. SINAPI'!$A$73)","v":"SINAPI C 5685"},"ROLO COMPACTADOR VIBRATÓRIO, POTÊNCIA 80 hp (chi)","chi",0.107,{"$f":"+'Composições Aux. SINAPI'!$E$73:$F$73","v":48.71},{"$f":"TRUNC(D1779*E1779,2)","v":5.21}]
["SUB-TOTAL - MATERIAL / EQUIPAMENTOS:",null,{"$f":"SUM(F1773:F1779)","v":108.89}]
["SINAPI C 88260","CALCETEIRO C/ENCARGOS COMPLEMENTARES","h",0.33050000000000002,{"$f":"+Insumos!$G$20","v":17.98},{"$f":"TRUNC(D1781*E1781,2)","v":5.94}]
[{"$f":"CONCATENATE(\"SINAPI C \",Insumos!$B$38)","v":"SINAPI C 88316"},"SERVENTE C/ ENCARGOS COMPLEMENTARES","h",0.33050000000000002,{"$f":"+Insumos!$G$38","v":16.920000000000002},{"$f":"TRUNC(D1782*E1782,2)","v":5.59}]
["SUB-TOTAL - MÃO-DE-OBRA:",null,{"$f":"SUM(F1781:F1782)","v":11.530000000000001}]
[]
[null,"CUSTO TOTAL:",null,null,null,{"$f":"+C1780+C1783","v":120.42}]
[]
[null,"BDI:","%",{"$f":"+$F$7","v":"28,21%"},null,{"$f":"TRUNC(F1785*D1787,2)","v":33.97}]
[]
[null,"PREÇO:",null,null,null,{"$f":"+F1785+F1787","v":154.38999999999999}]
[]
["CÓDIGO","DISCRIMINAÇÃO","UN","COEFIC.","UNITÁRIO","TOTAL"]
[101090,"PEDRA PORTUGUESA","m²"]
["SINAPI I 367","AREIA GROSSA","m³",8.5999999999999993E-2,{"$f":"+Insumos!$G$86","v":69.900000000000006},{"$f":"TRUNC(D1793*E1793,2)","v":6.01}]
["SINAPI I 1379","CIMENTO PORTLAND CP-II 32","kg",37.07,{"$f":"+Insumos!$G$166","v":0.7},{"$f":"TRUNC(D1794*E1794,2)","v":25.94}]
["SINAPI I 4708","PEDRA PORTUGUESA","m²",1,{"$f":"+Insumos!$G$282","v":244.76},{"$f":"TRUNC(D1795*E1795,2)","v":244.76}]
["SINAPI I 366","AREIA FINA","m³",4.0000000000000001E-3,{"$f":"+Insumos!$G$85","v":69},{"$f":"TRUNC(D1796*E1796,2)","v":0.27}]
["SUB-TOTAL - MATERIAL / EQUIPAMENTOS:",null,{"$f":"SUM(F1793:F1796)","v":276.97999999999996}]
["SINAPI C 88260","CALCETEIRO C/ENCARGOS COMPLEMENTARES","h",0.84199999999999997,{"$f":"+Insumos!$G$20","v":17.98},{"$f":"TRUNC(D1798*E1798,2)","v":15.13}]
[{"$f":"CONCATENATE(\"SINAPI C \",Insumos!$B$38)","v":"SINAPI C 88316"},"SERVENTE C/ ENCARGOS COMPLEMENTARES","h",0.42099999999999999,{"$f":"+Insumos!$G$38","v":16.920000000000002},{"$f":"TRUNC(D1799*E1799,2)","v":7.12}]
["SUB-TOTAL - MÃO-DE-OBRA:",null,{"$f":"SUM(F1798:F1799)","v":22.25}]
[]
[null,"CUSTO TOTAL:",null,null,null,{"$f":"+C1797+C1800","v":299.22999999999996}]
[]
[null,"BDI:","%",{"$f":"+$F$7","v":"28,21%"},null,{"$f":"TRUNC(F1802*D1804,2)","v":84.41}]
[]
[null,"PREÇO:",null,null,null,{"$f":"+F1802+F1804","v":383.64}]
[]
["CÓDIGO","DISCRIMINAÇÃO","UN","COEFIC.","UNITÁRIO","TOTAL"]
[2040,"LAJE DE GRÊS ASSENTADA NA AREIA","m²"]
["SINAPI I 370","AREIA MÉDIA","m³",0.113,{"$f":"+Insumos!$G$87","v":69},{"$f":"TRUNC(D1810*E1810,2)","v":7.79}]
[{"$f":"CONCATENATE(\"COTAÇÃO \",Insumos!$B$234)","v":"COTAÇÃO 123"},"LAJE DE GRÊS 90 X 45 cm","un",2.4283000000000001,{"$f":"+Insumos!$G$234","v":8.59},{"$f":"TRUNC(D1811*E1811,2)","v":20.85}]
[{"$f":"CONCATENATE(\"SINAPI C \",'Composições Aux. SINAPI'!$A$21)","v":"SINAPI C 88630"},"ARGAMASSA TRAÇO 1:4 PREPARO MECÂNICO","m³",3.2000000000000002E-3,{"$f":"+'Composições Aux. SINAPI'!$E$21:$F$21","v":402.13},{"$f":"TRUNC(D1812*E1812,2)","v":1.28}]
["SUB-TOTAL - MATERIAL / EQUIPAMENTOS:",null,{"$f":"SUM(F1810:F1812)","v":29.92}]
[{"$f":"CONCATENATE(\"SINAPI C \",Insumos!$B$35)","v":"SINAPI C 88309"},"PEDREIRO C/ENCARGOS COMPLEMENTARES","h",0.76300000000000001,{"$f":"+Insumos!$G$35","v":20.34},{"$f":"TRUNC(D1814*E1814,2)","v":15.51}]
[{"$f":"CONCATENATE(\"SINAPI C \",Insumos!$B$38)","v":"SINAPI C 88316"},"SERVENTE C/ ENCARGOS COMPLEMENTARES","h",0.69430000000000003,{"$f":"+Insumos!$G$38","v":16.920000000000002},{"$f":"TRUNC(D1815*E1815,2)","v":11.74}]
["SUB-TOTAL - MÃO-DE-OBRA:",null,{"$f":"SUM(F1814:F1815)","v":27.25}]
[]
[null,"CUSTO TOTAL:",null,null,null,{"$f":"+C1813+C1816","v":57.17}]
[]
[null,"BDI:","%",{"$f":"+$F$7","v":"28,21%"},null,{"$f":"TRUNC(F1818*D1820,2)","v":16.12}]
[]
[null,"PREÇO:",null,null,null,{"$f":"+F1818+F1820","v":73.290000000000006}]
[]
["CÓDIGO","DISCRIMINAÇÃO","UN","COEFIC.","UNITÁRIO","TOTAL"]
[2041,"LAJE DE GRÊS ASSENTADA NA MASSA","m²"]
[{"$f":"CONCATENATE(\"SINAPI C \",'Composições Aux. SINAPI'!$A$20)","v":"SINAPI C 88628"},"ARGAMASSA TRAÇO 1:3 PREPARO MECÂNICO","m³",0.03,{"$f":"+'Composições Aux. SINAPI'!$E$20:$F$20","v":482.41},{"$f":"TRUNC(D1826*E1826,2)","v":14.47}]
[{"$f":"CONCATENATE(\"COTAÇÃO \",Insumos!$B$234)","v":"COTAÇÃO 123"},"LAJE DE GRÊS 90 X 45 cm","un",2.4283000000000001,{"$f":"+Insumos!$G$234","v":8.59},{"$f":"TRUNC(D1827*E1827,2)","v":20.85}]
[{"$f":"CONCATENATE(\"SINAPI C \",'Composições Aux. SINAPI'!$A$21)","v":"SINAPI C 88630"},"ARGAMASSA TRAÇO 1:4 PREPARO MECÂNICO","m³",3.2000000000000002E-3,{"$f":"+'Composições Aux. SINAPI'!$E$21:$F$21","v":402.13},{"$f":"TRUNC(D1828*E1828,2)","v":1.28}]
["SUB-TOTAL - MATERIAL / EQUIPAMENTOS:",null,{"$f":"SUM(F1826:F1828)","v":36.6}]
[{"$f":"CONCATENATE(\"SINAPI C \",Insumos!$B$35)","v":"SINAPI C 88309"},"PEDREIRO C/ENCARGOS COMPLEMENTARES","h",0.66,{"$f":"+Insumos!$G$35","v":20.34},{"$f":"TRUNC(D1830*E1830,2)","v":13.42}]
[{"$f":"CONCATENATE(\"SINAPI C \",Insumos!$B$38)","v":"SINAPI C 88316"},"SERVENTE C/ ENCARGOS COMPLEMENTARES","h",0.66,{"$f":"+Insumos!$G$38","v":16.920000000000002},{"$f":"TRUNC(D1831*E1831,2)","v":11.16}]
["SUB-TOTAL - MÃO-DE-OBRA:",null,{"$f":"SUM(F1830:F1831)","v":24.58}]
[]
[null,"CUSTO TOTAL:",null,null,null,{"$f":"+C1829+C1832","v":61.18}]
[]
[null,"BDI:","%",{"$f":"+$F$7","v":"28,21%"},null,{"$f":"TRUNC(F1834*D1836,2)","v":17.25}]
[]
[null,"PREÇO:",null,null,null,{"$f":"+F1834+F1836","v":78.430000000000007}]
[]
["CÓDIGO","DISCRIMINAÇÃO","UN","COEFIC.","UNITÁRIO","TOTAL"]
[2042,"LAJE DE GRÊS ASSENTADA NA ARGILA","m²"]
[{"$f":"CONCATENATE(\"SINAPI I \",Insumos!$B$90)","v":"SINAPI I 6081"},"ARGILA OU BARRO PARA ATERRO OU REATERRO","m³",6.25E-2,{"$f":"+Insumos!$G$90","v":47.52},{"$f":"TRUNC(D1842*E1842,2)","v":2.97}]
[{"$f":"CONCATENATE(\"COTAÇÃO \",Insumos!$B$234)","v":"COTAÇÃO 123"},"LAJE DE GRÊS 90 X 45 cm","un",2.4283000000000001,{"$f":"+Insumos!$G$234","v":8.59},{"$f":"TRUNC(D1843*E1843,2)","v":20.85}]
[{"$f":"CONCATENATE(\"SINAPI C \",'Composições Aux. SINAPI'!$A$21)","v":"SINAPI C 88630"},"ARGAMASSA TRAÇO 1:4 PREPARO MECÂNICO","m³",3.2000000000000002E-3,{"$f":"+'Composições Aux. SINAPI'!$E$21:$F$21","v":402.13},{"$f":"TRUNC(D1844*E1844,2)","v":1.28}]
["SUB-TOTAL - MATERIAL / EQUIPAMENTOS:",null,{"$f":"SUM(F1842:F1844)","v":25.1}]
[{"$f":"CONCATENATE(\"SINAPI C \",Insumos!$B$35)","v":"SINAPI C 88309"},"PEDREIRO C/ENCARGOS COMPLEMENTARES","h",0.66,{"$f":"+Insumos!$G$35","v":20.34},{"$f":"TRUNC(D1846*E1846,2)","v":13.42}]
[{"$f":"CONCATENATE(\"SINAPI C \",Insumos!$B$38)","v":"SINAPI C 88316"},"SERVENTE C/ ENCARGOS COMPLEMENTARES","h",0.69299999999999995,{"$f":"+Insumos!$G$38","v":16.920000000000002},{"$f":"TRUNC(D1847*E1847,2)","v":11.72}]
["SUB-TOTAL - MÃO-DE-OBRA:",null,{"$f":"SUM(F1846:F1847)","v":25.14}]
[]
[null,"CUSTO TOTAL:",null,null,null,{"$f":"+C1845+C1848","v":50.24}]
[]
[null,"BDI:","%",{"$f":"+$F$7","v":"28,21%"},null,{"$f":"TRUNC(F1850*D1852,2)","v":14.17}]
[]
[null,"PREÇO:",null,null,null,{"$f":"+F1850+F1852","v":64.41}]
[]
["CÓDIGO","DISCRIMINAÇÃO","UN","COEFIC.","UNITÁRIO","TOTAL"]
[2050,"BASALTO IRREGULAR JUNTA BITOLADA","m²"]
[{"$f":"CONCATENATE(\"SINAPI C \",'Composições Aux. SINAPI'!$A$21)","v":"SINAPI C 88630"},"ARGAMASSA TRAÇO 1:4 PREPARO MECÂNICO","m³",0.04,{"$f":"+'Composições Aux. SINAPI'!$E$21:$F$21","v":402.13},{"$f":"TRUNC(D1858*E1858,2)","v":16.079999999999998}]
[{"$f":"CONCATENATE(\"COTAÇÃO \",Insumos!$B$120)","v":"COTAÇÃO 97"},"BASALTO IRREGULAR MEIO RETALHÃO","m²",1.3,{"$f":"+Insumos!$G$120","v":134.72},{"$f":"TRUNC(D1859*E1859,2)","v":175.13}]
[{"$f":"CONCATENATE(\"SINAPI C \",'Composições Aux. SINAPI'!$A$20)","v":"SINAPI C 88628"},"ARGAMASSA TRAÇO 1:3 PREPARO MECÂNICO","m³",6.8999999999999999E-3,{"$f":"+'Composições Aux. SINAPI'!$E$20:$F$20","v":482.41},{"$f":"TRUNC(D1860*E1860,2)","v":3.32}]
["SUB-TOTAL - MATERIAL / EQUIPAMENTOS:",null,{"$f":"SUM(F1858:F1860)","v":194.52999999999997}]
[{"$f":"CONCATENATE(\"SINAPI C \",Insumos!$B$35)","v":"SINAPI C 88309"},"PEDREIRO C/ENCARGOS COMPLEMENTARES","h",1.2,{"$f":"+Insumos!$G$35","v":20.34},{"$f":"TRUNC(D1862*E1862,2)","v":24.4}]
[{"$f":"CONCATENATE(\"SINAPI C \",Insumos!$B$38)","v":"SINAPI C 88316"},"SERVENTE C/ ENCARGOS COMPLEMENTARES","h",1.2,{"$f":"+Insumos!$G$38","v":16.920000000000002},{"$f":"TRUNC(D1863*E1863,2)","v":20.3}]
["SUB-TOTAL - MÃO-DE-OBRA:",null,{"$f":"SUM(F1862:F1863)","v":44.7}]
[]
[null,"CUSTO TOTAL:",null,null,null,{"$f":"+C1861+C1864","v":239.22999999999996}]
[]
[null,"BDI:","%",{"$f":"+$F$7","v":"28,21%"},null,{"$f":"TRUNC(F1866*D1868,2)","v":67.48}]
[]
[null,"PREÇO:",null,null,null,{"$f":"+F1866+F1868","v":306.70999999999998}]
[]
["CÓDIGO","DISCRIMINAÇÃO","UN","COEFIC.","UNITÁRIO","TOTAL"]
[2051,"BASALTO IRREGULAR","m²"]
[{"$f":"CONCATENATE(\"SINAPI C \",'Composições Aux. SINAPI'!$A$21)","v":"SINAPI C 88630"},"ARGAMASSA TRAÇO 1:4 PREPARO MECÂNICO","m³",0.04,{"$f":"+'Composições Aux. SINAPI'!$E$21:$F$21","v":402.13},{"$f":"TRUNC(D1874*E1874,2)","v":16.079999999999998}]
[{"$f":"CONCATENATE(\"COTAÇÃO \",Insumos!$B$119)","v":"COTAÇÃO 96"},"BASALTO IRREGULAR","m²",1.1000000000000001,{"$f":"+Insumos!$G$119","v":42.76},{"$f":"TRUNC(D1875*E1875,2)","v":47.03}]
[{"$f":"CONCATENATE(\"SINAPI C \",'Composições Aux. SINAPI'!$A$20)","v":"SINAPI C 88628"},"ARGAMASSA TRAÇO 1:3 PREPARO MECÂNICO","m³",1.04E-2,{"$f":"+'Composições Aux. SINAPI'!$E$20:$F$20","v":482.41},{"$f":"TRUNC(D1876*E1876,2)","v":5.01}]
["SUB-TOTAL - MATERIAL / EQUIPAMENTOS:",null,{"$f":"SUM(F1874:F1876)","v":68.12}]
[{"$f":"CONCATENATE(\"SINAPI C \",Insumos!$B$35)","v":"SINAPI C 88309"},"PEDREIRO C/ENCARGOS COMPLEMENTARES","h",1,{"$f":"+Insumos!$G$35","v":20.34},{"$f":"TRUNC(D1878*E1878,2)","v":20.34}]
[{"$f":"CONCATENATE(\"SINAPI C \",Insumos!$B$38)","v":"SINAPI C 88316"},"SERVENTE C/ ENCARGOS COMPLEMENTARES","h",1,{"$f":"+Insumos!$G$38","v":16.920000000000002},{"$f":"TRUNC(D1879*E1879,2)","v":16.920000000000002}]
["SUB-TOTAL - MÃO-DE-OBRA:",null,{"$f":"SUM(F1878:F1879)","v":37.260000000000005}]
[]
[null,"CUSTO TOTAL:",null,null,null,{"$f":"+C1877+C1880","v":105.38000000000001}]
[]
[null,"BDI:","%",{"$f":"+$F$7","v":"28,21%"},null,{"$f":"TRUNC(F1882*D1884,2)","v":29.72}]
[]
[null,"PREÇO:",null,null,null,{"$f":"+F1882+F1884","v":135.10000000000002}]
[]
["CÓDIGO","DISCRIMINAÇÃO","UN","COEFIC.","UNITÁRIO","TOTAL"]
[2052,"BASALTO REGULAR TALHADO","m²"]
[{"$f":"CONCATENATE(\"SINAPI C \",'Composições Aux. SINAPI'!$A$21)","v":"SINAPI C 88630"},"ARGAMASSA TRAÇO 1:4 PREPARO MECÂNICO","m³",0.04,{"$f":"+'Composições Aux. SINAPI'!$E$21:$F$21","v":402.13},{"$f":"TRUNC(D1890*E1890,2)","v":16.079999999999998}]
[{"$f":"CONCATENATE(\"COTAÇÃO \",Insumos!$B$121)","v":"COTAÇÃO 98"},"BASALTO REGULAR TALHADO","m²",1.05,{"$f":"+Insumos!$G$121","v":89.37},{"$f":"TRUNC(D1891*E1891,2)","v":93.83}]
[{"$f":"CONCATENATE(\"SINAPI C \",'Composições Aux. SINAPI'!$A$20)","v":"SINAPI C 88628"},"ARGAMASSA TRAÇO 1:3 PREPARO MECÂNICO","m³",3.3E-3,{"$f":"+'Composições Aux. SINAPI'!$E$20:$F$20","v":482.41},{"$f":"TRUNC(D1892*E1892,2)","v":1.59}]
["SUB-TOTAL - MATERIAL / EQUIPAMENTOS:",null,{"$f":"SUM(F1890:F1892)","v":111.5}]
[{"$f":"CONCATENATE(\"SINAPI C \",Insumos!$B$35)","v":"SINAPI C 88309"},"PEDREIRO C/ENCARGOS COMPLEMENTARES","h",1,{"$f":"+Insumos!$G$35","v":20.34},{"$f":"TRUNC(D1894*E1894,2)","v":20.34}]
[{"$f":"CONCATENATE(\"SINAPI C \",Insumos!$B$38)","v":"SINAPI C 88316"},"SERVENTE C/ ENCARGOS COMPLEMENTARES","h",1,{"$f":"+Insumos!$G$38","v":16.920000000000002},{"$f":"TRUNC(D1895*E1895,2)","v":16.920000000000002}]
["SUB-TOTAL - MÃO-DE-OBRA:",null,{"$f":"SUM(F1894:F1895)","v":37.260000000000005}]
[]
[null,"CUSTO TOTAL:",null,null,null,{"$f":"+C1893+C1896","v":148.76}]
[]
[null,"BDI:","%",{"$f":"+$F$7","v":"28,21%"},null,{"$f":"TRUNC(F1898*D1900,2)","v":41.96}]
[]
[null,"PREÇO:",null,null,null,{"$f":"+F1898+F1900","v":190.72}]
[]
["CÓDIGO","DISCRIMINAÇÃO","UN","COEFIC.","UNITÁRIO","TOTAL"]
[2053,"BASALTO REGULAR SERRADO","m²"]
[{"$f":"CONCATENATE(\"SINAPI C \",'Composições Aux. SINAPI'!$A$21)","v":"SINAPI C 88630"},"ARGAMASSA TRAÇO 1:4 PREPARO MECÂNICO","m³",0.04,{"$f":"+'Composições Aux. SINAPI'!$E$21:$F$21","v":402.13},{"$f":"TRUNC(D1906*E1906,2)","v":16.079999999999998}]
[{"$f":"CONCATENATE(\"COTAÇÃO \",Insumos!$B$122)","v":"COTAÇÃO 99"},"BASALTO REGULAR SERRADO","m²",1.05,{"$f":"+Insumos!$G$122","v":115.79},{"$f":"TRUNC(D1907*E1907,2)","v":121.57}]
[{"$f":"CONCATENATE(\"SINAPI C \",'Composições Aux. SINAPI'!$A$20)","v":"SINAPI C 88628"},"ARGAMASSA TRAÇO 1:3 PREPARO MECÂNICO","m³",1.5E-3,{"$f":"+'Composições Aux. SINAPI'!$E$20:$F$20","v":482.41},{"$f":"TRUNC(D1908*E1908,2)","v":0.72}]
["SUB-TOTAL - MATERIAL / EQUIPAMENTOS:",null,{"$f":"SUM(F1906:F1908)","v":138.36999999999998}]
[{"$f":"CONCATENATE(\"SINAPI C \",Insumos!$B$35)","v":"SINAPI C 88309"},"PEDREIRO C/ENCARGOS COMPLEMENTARES","h",1,{"$f":"+Insumos!$G$35","v":20.34},{"$f":"TRUNC(D1910*E1910,2)","v":20.34}]
[{"$f":"CONCATENATE(\"SINAPI C \",Insumos!$B$38)","v":"SINAPI C 88316"},"SERVENTE C/ ENCARGOS COMPLEMENTARES","h",1,{"$f":"+Insumos!$G$38","v":16.920000000000002},{"$f":"TRUNC(D1911*E1911,2)","v":16.920000000000002}]
["SUB-TOTAL - MÃO-DE-OBRA:",null,{"$f":"SUM(F1910:F1911)","v":37.260000000000005}]
[]
[null,"CUSTO TOTAL:",null,null,null,{"$f":"+C1909+C1912","v":175.63}]
[]
[null,"BDI:","%",{"$f":"+$F$7","v":"28,21%"},null,{"$f":"TRUNC(F1914*D1916,2)","v":49.54}]
[]
[null,"PREÇO:",null,null,null,{"$f":"+F1914+F1916","v":225.17}]
[]
["CÓDIGO","DISCRIMINAÇÃO","UN","COEFIC.","UNITÁRIO","TOTAL"]
[2057,"AREIA MÉDIA PENEIRADA","m³"]
[{"$f":"CONCATENATE(\"SINAPI C \",'Composições Aux. SINAPI'!$A$66)","v":"SINAPI C 92112"},"PENEIRA ROTATIVA ELÉTRICA, 2 cv","chp",4.36E-2,{"$f":"+'Composições Aux. SINAPI'!$E$66:$F$66","v":3.07},{"$f":"TRUNC(D1922*E1922,2)","v":0.13}]
[{"$f":"CONCATENATE(\"SINAPI C \",'Composições Aux. SINAPI'!$A$67)","v":"SINAPI C 92113"},"PENEIRA ROTATIVA ELÉTRICA, 2 cv","chi",0.88200000000000001,{"$f":"+'Composições Aux. SINAPI'!$E$67:$F$67","v":1.04},{"$f":"TRUNC(D1923*E1923,2)","v":0.91}]
[{"$f":"CONCATENATE(\"SINAPI C \",'Composições Aux. SINAPI'!$A$70)","v":"SINAPI C 5678"},"RETROESCAVADEIRA SOBRE RODAS, POTÊNCIA 88 hp","chp",4.3700000000000003E-2,{"$f":"+'Composições Aux. SINAPI'!$E$70","v":125.96},{"$f":"TRUNC(D1924*E1924,2)","v":5.5}]
[{"$f":"CONCATENATE(\"SINAPI C \",'Composições Aux. SINAPI'!$A$71)","v":"SINAPI C 5679"},"RETROESCAVADEIRA SOBRE RODAS, POTÊNCIA 88 hp","chi",0.1903,{"$f":"+'Composições Aux. SINAPI'!$E$71","v":51.77},{"$f":"TRUNC(D1925*E1925,2)","v":9.85}]
["SINAPI I 370","AREIA MÉDIA","m³",1.1000000000000001,{"$f":"+Insumos!$G$87","v":69},{"$f":"TRUNC(D1926*E1926,2)","v":75.900000000000006}]
["SUB-TOTAL - MATERIAL / EQUIPAMENTOS:",null,{"$f":"SUM(F1922:F1926)","v":92.29}]
[{"$f":"CONCATENATE(\"SINAPI C \",Insumos!$B$35)","v":"SINAPI C 88309"},"PEDREIRO C/ENCARGOS COMPLEMENTARES","h",6.8599999999999994E-2,{"$f":"+Insumos!$G$35","v":20.34},{"$f":"TRUNC(D1928*E1928,2)","v":1.39}]
[{"$f":"CONCATENATE(\"SINAPI C \",Insumos!$B$38)","v":"SINAPI C 88316"},"SERVENTE C/ ENCARGOS COMPLEMENTARES","h",1.5248999999999999,{"$f":"+Insumos!$G$38","v":16.920000000000002},{"$f":"TRUNC(D1929*E1929,2)","v":25.8}]
["SUB-TOTAL - MÃO-DE-OBRA:",null,{"$f":"SUM(F1928:F1929)","v":27.19}]
[]
[null,"CUSTO TOTAL:",null,null,null,{"$f":"+C1927+C1930","v":119.48}]
[]
[null,"BDI:","%",{"$f":"+$F$7","v":"28,21%"},null,{"$f":"TRUNC(F1932*D1934,2)","v":33.700000000000003}]
[]
[null,"PREÇO:",null,null,null,{"$f":"+F1932+F1934","v":153.18}]
[]
["CÓDIGO","DISCRIMINAÇÃO","UN","COEFIC.","UNITÁRIO","TOTAL"]
[2060,"LAJOTA CONCRETO","m²"]
[{"$f":"CONCATENATE(\"SINAPI C \",'Composições Aux. SINAPI'!$A$21)","v":"SINAPI C 88630"},"ARGAMASSA TRAÇO 1:4 PREPARO MECÂNICO","m³",0.04,{"$f":"+'Composições Aux. SINAPI'!$E$21:$F$21","v":402.13},{"$f":"TRUNC(D1940*E1940,2)","v":16.079999999999998}]
[{"$f":"CONCATENATE(\"COTAÇÃO \",Insumos!$B$235)","v":"COTAÇÃO 100"},"LAJOTA CONCRETO","m²",1.05,{"$f":"+Insumos!$G$235","v":33.049999999999997},{"$f":"TRUNC(D1941*E1941,2)","v":34.700000000000003}]
[{"$f":"CONCATENATE(\"SINAPI C \",'Composições Aux. SINAPI'!$A$20)","v":"SINAPI C 88628"},"ARGAMASSA TRAÇO 1:3 PREPARO MECÂNICO","m³",6.9999999999999999E-4,{"$f":"+'Composições Aux. SINAPI'!$E$20:$F$20","v":482.41},{"$f":"TRUNC(D1942*E1942,2)","v":0.33}]
["SUB-TOTAL - MATERIAL / EQUIPAMENTOS:",null,{"$f":"SUM(F1940:F1942)","v":51.11}]
[{"$f":"CONCATENATE(\"SINAPI C \",Insumos!$B$35)","v":"SINAPI C 88309"},"PEDREIRO C/ENCARGOS COMPLEMENTARES","h",0.66,{"$f":"+Insumos!$G$35","v":20.34},{"$f":"TRUNC(D1944*E1944,2)","v":13.42}]
[{"$f":"CONCATENATE(\"SINAPI C \",Insumos!$B$38)","v":"SINAPI C 88316"},"SERVENTE C/ ENCARGOS COMPLEMENTARES","h",0.66,{"$f":"+Insumos!$G$38","v":16.920000000000002},{"$f":"TRUNC(D1945*E1945,2)","v":11.16}]
["SUB-TOTAL - MÃO-DE-OBRA:",null,{"$f":"SUM(F1944:F1945)","v":24.58}]
[]
[null,"CUSTO TOTAL:",null,null,null,{"$f":"+C1943+C1946","v":75.69}]
[]
[null,"BDI:","%",{"$f":"+$F$7","v":"28,21%"},null,{"$f":"TRUNC(F1948*D1950,2)","v":21.35}]
[]
[null,"PREÇO:",null,null,null,{"$f":"+F1948+F1950","v":97.039999999999992}]
[]
["CÓDIGO","DISCRIMINAÇÃO","UN","COEFIC.","UNITÁRIO","TOTAL"]
[2070,"PISO PODOTÁTIL 25x25 cm","m"]
[{"$f":"CONCATENATE(\"SINAPI C \",'Composições Aux. SINAPI'!$A$21)","v":"SINAPI C 88630"},"ARGAMASSA TRAÇO 1:4 PREPARO MECÂNICO","m³",0.01,{"$f":"+'Composições Aux. SINAPI'!$E$21:$F$21","v":402.13},{"$f":"TRUNC(D1956*E1956,2)","v":4.0199999999999996}]
[{"$f":"CONCATENATE(\"COTAÇÃO \",Insumos!$B$283)","v":"COTAÇÃO 101"},"PISO PODOTÁTIL 25x25 cm","un",4.12,{"$f":"+Insumos!$G$283","v":4},{"$f":"TRUNC(D1957*E1957,2)","v":16.48}]
[{"$f":"CONCATENATE(\"SINAPI C \",'Composições Aux. SINAPI'!$A$20)","v":"SINAPI C 88628"},"ARGAMASSA TRAÇO 1:3 PREPARO MECÂNICO","m³",5.9999999999999995E-4,{"$f":"+'Composições Aux. SINAPI'!$E$20:$F$20","v":482.41},{"$f":"TRUNC(D1958*E1958,2)","v":0.28000000000000003}]
["SINAPI I 34353","CIMENTO COLA AC-2","kg",0.28129999999999999,{"$f":"+Insumos!$G$165","v":1.1100000000000001},{"$f":"TRUNC(D1959*E1959,2)","v":0.31}]
["SUB-TOTAL - MATERIAL / EQUIPAMENTOS:",null,{"$f":"SUM(F1956:F1959)","v":21.09}]
[{"$f":"CONCATENATE(\"SINAPI C \",Insumos!$B$35)","v":"SINAPI C 88309"},"PEDREIRO C/ENCARGOS COMPLEMENTARES","h",0.16500000000000001,{"$f":"+Insumos!$G$35","v":20.34},{"$f":"TRUNC(D1961*E1961,2)","v":3.35}]
[{"$f":"CONCATENATE(\"SINAPI C \",Insumos!$B$38)","v":"SINAPI C 88316"},"SERVENTE C/ ENCARGOS COMPLEMENTARES","h",0.16500000000000001,{"$f":"+Insumos!$G$38","v":16.920000000000002},{"$f":"TRUNC(D1962*E1962,2)","v":2.79}]
["SUB-TOTAL - MÃO-DE-OBRA:",null,{"$f":"SUM(F1961:F1962)","v":6.1400000000000006}]
[]
[null,"CUSTO TOTAL:",null,null,null,{"$f":"+C1960+C1963","v":27.23}]
[]
[null,"BDI:","%",{"$f":"+$F$7","v":"28,21%"},null,{"$f":"TRUNC(F1965*D1967,2)","v":7.68}]
[]
[null,"PREÇO:",null,null,null,{"$f":"+F1965+F1967","v":34.909999999999997}]
[]
["CÓDIGO","DISCRIMINAÇÃO","UN","COEFIC.","UNITÁRIO","TOTAL"]
[2210,"MEIO-FIO DE CONCRETO MOLDADO NO LOCAL","m"]
[{"$f":"CONCATENATE(\"SINAPI I \",Insumos!$B$279)","v":"SINAPI I 4718"},"PEDRA BRITADA Nº 2","m³",4.4999999999999997E-3,{"$f":"+Insumos!$G$279","v":61.4},{"$f":"TRUNC(D1973*E1973,2)","v":0.27}]
[{"$f":"CONCATENATE(\"SINAPI C \",'Composições Aux. SINAPI'!$A$76,)","v":"SINAPI C 91692"},"SERRA CIRCULAR DE BANCADA C/COIFA PARA DISCO 10\" (chp)","chp",6.7999999999999996E-3,{"$f":"+'Composições Aux. SINAPI'!$E$76","v":24.14},{"$f":"TRUNC(D1974*E1974,2)","v":0.16}]
[{"$f":"CONCATENATE(\"SINAPI C \",'Composições Aux. SINAPI'!$A$77)","v":"SINAPI C 91693"},"SERRA CIRCULAR DE BANCADA C/COIFA PARA DISCO 10\" (chi)","chi",5.5999999999999999E-3,{"$f":"+'Composições Aux. SINAPI'!$E$77","v":22.66},{"$f":"TRUNC(D1975*E1975,2)","v":0.12}]
[{"$f":"CONCATENATE(\"SINAPI I \",Insumos!$B$321)","v":"SINAPI I 6193"},"TÁBUA MADEIRA NÃO APARELHADA CEDRINHO 2,5 x 20 cm","m",0.52500000000000002,{"$f":"+Insumos!$G$321","v":11.23},{"$f":"TRUNC(D1976*E1976,2)","v":5.89}]
[{"$f":"CONCATENATE(\"SINAPI I \",Insumos!$B$288)","v":"SINAPI I 4491"},"PONTALETE EM PINUS 7,5 x 7,5 cm","m",0.24199999999999999,{"$f":"+Insumos!$G$288","v":6.25},1.51]
[{"$f":"CONCATENATE(\"SINAPI I \",Insumos!$B$314)","v":"SINAPI I 4517"},"SARRAFO PINUS 2,5 x 7,5 cm","m",0.2268,{"$f":"+Insumos!$G$314","v":2.1800000000000002},0.49]
[{"$f":"CONCATENATE(\"SINAPI I \",Insumos!$B$298)","v":"SINAPI I 5073"},"PREGO DE AÇO 17 x 24 C/CABEÇA","kg",1.04E-2,{"$f":"+Insumos!$G$298","v":21.13},0.21]
[{"$f":"CONCATENATE(\"SINAPI I \",Insumos!$B$300)","v":"SINAPI I 40304"},"PREGO DE AÇO 17 x 27 C/CABEÇA DUPLA","kg",1.3599999999999999E-2,{"$f":"+Insumos!$G$300","v":25.59},{"$f":"TRUNC(D1980*E1980,2)","v":0.34}]
["SINAPI I 2692","DESMOLDANTE P/ FORMAS DE MADEIRA","l",6.7999999999999996E-3,{"$f":"+Insumos!$G$185","v":5.91},{"$f":"TRUNC(D1981*E1981,2)","v":0.04}]
[{"$f":"CONCATENATE(\"SINAPI C \",'Composições Aux. SINAPI'!$A$40,)","v":"SINAPI C 92791"},"CORTE E DOBRA AÇO CA-60 5,0 mm","kg",0.314,{"$f":"+'Composições Aux. SINAPI'!$E$40:$F$40","v":11.17},3.5]
[{"$f":"CONCATENATE(\"SINAPI C \",'Composições Aux. SINAPI'!$A$33)","v":"SINAPI C 94963"},"CONCRETO fck=15 MPa PREPARO COM BETONEIRA","m³",1.6500000000000001E-2,{"$f":"+'Composições Aux. SINAPI'!$E$33:$F$33","v":352.14},{"$f":"TRUNC(D1983*E1983,2)","v":5.81}]
[{"$f":"CONCATENATE(\"COTAÇÃO \",Insumos!$B$135)","v":"COTAÇÃO 114"},"CAÇAMBA 4,00 m³","un",1.38E-2,{"$f":"+Insumos!$G$135","v":493.97},{"$f":"TRUNC(D1984*E1984,2)","v":6.81}]
["SUB-TOTAL - MATERIAL / EQUIPAMENTOS:",null,{"$f":"SUM(F1973:F1984)","v":25.15}]
[{"$f":"CONCATENATE(\"SINAPI C \",Insumos!$B$21)","v":"SINAPI C 88262"},"CARPINTEIRO C/ENCARGOS COMPLEMENTARES","h",0.48749999999999999,{"$f":"+Insumos!$G$21","v":20.100000000000001},{"$f":"TRUNC(D1986*E1986,2)","v":9.7899999999999991}]
[{"$f":"CONCATENATE(\"SINAPI C \",Insumos!$B$14)","v":"SINAPI C 88239"},"AJUDANTE DE CARPINTEIRO C/ENCARGOS COMPLEMENTARES","h",0.18840000000000001,{"$f":"+Insumos!$G$14","v":16.87},3.17]
[{"$f":"CONCATENATE(\"SINAPI C \",Insumos!$B$15)","v":"SINAPI C 88245"},"ARMADOR C/ENCARGOS COMPLEMENTARES","h",6.1100000000000002E-2,{"$f":"+Insumos!$G$15","v":20.22},1.23]
[{"$f":"CONCATENATE(\"SINAPI C \",Insumos!$B$13)","v":"SINAPI C 88238"},"AJUDANTE DE ARMADOR C/ENCARGOS COMPLEMENTARES","h",1.9900000000000001E-2,{"$f":"+Insumos!$G$13","v":16.95},0.33]
[{"$f":"CONCATENATE(\"SINAPI C \",Insumos!$B$35)","v":"SINAPI C 88309"},"PEDREIRO C/ENCARGOS COMPLEMENTARES","h",0.1404,{"$f":"+Insumos!$G$35","v":20.34},2.85]
[{"$f":"CONCATENATE(\"SINAPI C \",Insumos!$B$38)","v":"SINAPI C 88316"},"SERVENTE C/ ENCARGOS COMPLEMENTARES","h",0.38750000000000001,{"$f":"+Insumos!$G$38","v":16.920000000000002},6.55]
["SUB-TOTAL - MÃO-DE-OBRA:",null,{"$f":"SUM(F1986:F1991)","v":23.92}]
[]
[null,"CUSTO TOTAL:",null,null,null,{"$f":"+C1985+C1992","v":49.07}]
[]
[null,"BDI:","%",{"$f":"+$F$7","v":"28,21%"},null,{"$f":"TRUNC(F1994*D1996,2)","v":13.84}]
[]
[null,"PREÇO:",null,null,null,{"$f":"+F1994+F1996","v":62.91}]
[]
["CÓDIGO","DISCRIMINAÇÃO","UN","COEFIC.","UNITÁRIO","TOTAL"]
[2215,"MEIO-FIO CURVO DE CONCRETO MOLDADO NO LOCAL","m"]
[{"$f":"CONCATENATE(\"SINAPI I \",Insumos!$B$279)","v":"SINAPI I 4718"},"PEDRA BRITADA Nº 2","m³",4.4999999999999997E-3,{"$f":"+Insumos!$G$279","v":61.4},{"$f":"TRUNC(D2002*E2002,2)","v":0.27}]
[{"$f":"CONCATENATE(\"SINAPI C \",'Composições Aux. SINAPI'!$A$76,)","v":"SINAPI C 91692"},"SERRA CIRCULAR DE BANCADA C/COIFA PARA DISCO 10\" (chp)","chp",1.04E-2,{"$f":"+'Composições Aux. SINAPI'!$E$76","v":24.14},{"$f":"TRUNC(D2003*E2003,2)","v":0.25}]
[{"$f":"CONCATENATE(\"SINAPI C \",'Composições Aux. SINAPI'!$A$77)","v":"SINAPI C 91693"},"SERRA CIRCULAR DE BANCADA C/COIFA PARA DISCO 10\" (chi)","chi",2.1999999999999999E-2,{"$f":"+'Composições Aux. SINAPI'!$E$77","v":22.66},{"$f":"TRUNC(D2004*E2004,2)","v":0.49}]
["SINAPI I 1347","CHAPA COMPENSADO PLASTIFICADO 12 mm","m²",0.23719999999999999,{"$f":"+Insumos!$G$155","v":104.07},{"$f":"TRUNC(D2005*E2005,2)","v":24.68}]
[{"$f":"CONCATENATE(\"SINAPI I \",Insumos!$B$288)","v":"SINAPI I 4491"},"PONTALETE EM PINUS 7,5 x 7,5 cm","m",0.91710000000000003,{"$f":"+Insumos!$G$288","v":6.25},{"$f":"TRUNC(D2006*E2006,2)","v":5.73}]
[{"$f":"CONCATENATE(\"SINAPI I \",Insumos!$B$314)","v":"SINAPI I 4517"},"SARRAFO PINUS 2,5 x 7,5 cm","m",0.54359999999999997,{"$f":"+Insumos!$G$314","v":2.1800000000000002},1.18]
[{"$f":"CONCATENATE(\"SINAPI I \",Insumos!$B$298)","v":"SINAPI I 5073"},"PREGO DE AÇO 17 x 24 C/CABEÇA","kg",1.4E-2,{"$f":"+Insumos!$G$298","v":21.13},0.28999999999999998]
["SINAPI I 20247","PREGO DE AÇO 15 x 15 C/CABEÇA","kg",2.8E-3,{"$f":"+Insumos!$G$295","v":22.95},0.06]
[{"$f":"CONCATENATE(\"SINAPI I \",Insumos!$B$300)","v":"SINAPI I 40304"},"PREGO DE AÇO 17 x 27 C/CABEÇA DUPLA","kg",4.0000000000000001E-3,{"$f":"+Insumos!$G$300","v":25.59},{"$f":"TRUNC(D2010*E2010,2)","v":0.1}]
["SINAPI I 2692","DESMOLDANTE P/ FORMAS DE MADEIRA","l",4.0000000000000001E-3,{"$f":"+Insumos!$G$185","v":5.91},{"$f":"TRUNC(D2011*E2011,2)","v":0.02}]
[{"$f":"CONCATENATE(\"SINAPI C \",'Composições Aux. SINAPI'!$A$40,)","v":"SINAPI C 92791"},"CORTE E DOBRA AÇO CA-60 5,0 mm","kg",0.314,{"$f":"+'Composições Aux. SINAPI'!$E$40:$F$40","v":11.17},3.5]
[{"$f":"CONCATENATE(\"SINAPI C \",'Composições Aux. SINAPI'!$A$33)","v":"SINAPI C 94963"},"CONCRETO fck=15 MPa PREPARO COM BETONEIRA","m³",1.6500000000000001E-2,{"$f":"+'Composições Aux. SINAPI'!$E$33:$F$33","v":352.14},5.81]
[{"$f":"CONCATENATE(\"COTAÇÃO \",Insumos!$B$135)","v":"COTAÇÃO 114"},"CAÇAMBA 4,00 m³","un",1.38E-2,{"$f":"+Insumos!$G$135","v":493.97},{"$f":"TRUNC(D2014*E2014,2)","v":6.81}]
["SUB-TOTAL - MATERIAL / EQUIPAMENTOS:",null,{"$f":"SUM(F2002:F2014)","v":49.190000000000012}]
[{"$f":"CONCATENATE(\"SINAPI C \",Insumos!$B$21)","v":"SINAPI C 88262"},"CARPINTEIRO C/ENCARGOS COMPLEMENTARES","h",0.9597,{"$f":"+Insumos!$G$21","v":20.100000000000001},{"$f":"TRUNC(D2016*E2016,2)","v":19.28}]
[{"$f":"CONCATENATE(\"SINAPI C \",Insumos!$B$14)","v":"SINAPI C 88239"},"AJUDANTE DE CARPINTEIRO C/ENCARGOS COMPLEMENTARES","h",0.36620000000000003,{"$f":"+Insumos!$G$14","v":16.87},6.17]
[{"$f":"CONCATENATE(\"SINAPI C \",Insumos!$B$15)","v":"SINAPI C 88245"},"ARMADOR C/ENCARGOS COMPLEMENTARES","h",6.1100000000000002E-2,{"$f":"+Insumos!$G$15","v":20.22},1.23]
[{"$f":"CONCATENATE(\"SINAPI C \",Insumos!$B$13)","v":"SINAPI C 88238"},"AJUDANTE DE ARMADOR C/ENCARGOS COMPLEMENTARES","h",1.9900000000000001E-2,{"$f":"+Insumos!$G$13","v":16.95},0.33]
[{"$f":"CONCATENATE(\"SINAPI C \",Insumos!$B$35)","v":"SINAPI C 88309"},"PEDREIRO C/ENCARGOS COMPLEMENTARES","h",0.1404,{"$f":"+Insumos!$G$35","v":20.34},2.85]
[{"$f":"CONCATENATE(\"SINAPI C \",Insumos!$B$38)","v":"SINAPI C 88316"},"SERVENTE C/ ENCARGOS COMPLEMENTARES","h",0.38750000000000001,{"$f":"+Insumos!$G$38","v":16.920000000000002},6.55]
["SUB-TOTAL - MÃO-DE-OBRA:",null,{"$f":"SUM(F2016:F2021)","v":36.410000000000004}]
[]
[null,"CUSTO TOTAL:",null,null,null,{"$f":"+C2015+C2022","v":85.600000000000023}]
[]
[null,"BDI:","%",{"$f":"+$F$7","v":"28,21%"},null,{"$f":"TRUNC(F2024*D2026,2)","v":24.14}]
[]
[null,"PREÇO:",null,null,null,{"$f":"+F2024+F2026","v":109.74000000000002}]
[]
["CÓDIGO","DISCRIMINAÇÃO","UN","COEFIC.","UNITÁRIO","TOTAL"]
[94273,"MEIO-FIO VIÁRIO DE CONCRETO PRÉ-MOLDADO","m"]
["SINAPI I 370","AREIA MÉDIA","m³",7.0000000000000001E-3,{"$f":"+Insumos!$G$87","v":69},{"$f":"TRUNC(D2032*E2032,2)","v":0.48}]
[{"$f":"CONCATENATE(\"SINAPI C \",'Composições Aux. SINAPI'!$A$19)","v":"SINAPI C 88629"},"ARGAMASSA TRAÇO 1:3 PREPARO MANUAL","m³",2E-3,{"$f":"+'Composições Aux. SINAPI'!$E$19:$F$19","v":556.9},{"$f":"TRUNC(D2033*E2033,2)","v":1.1100000000000001}]
["SINAPI I 4059","MEIO-FIO PRÉ-MOLDADO, COMP. 1 m, 30 X 15/12 cm (h X l1/l2)","m",1.0049999999999999,{"$f":"+Insumos!$G$249","v":31.93},{"$f":"TRUNC(D2034*E2034,2)","v":32.08}]
["SUB-TOTAL - MATERIAL / EQUIPAMENTOS:",null,{"$f":"SUM(F2032:F2034)","v":33.67}]
[{"$f":"CONCATENATE(\"SINAPI C \",Insumos!$B$35)","v":"SINAPI C 88309"},"PEDREIRO C/ENCARGOS COMPLEMENTARES","h",0.39400000000000002,{"$f":"+Insumos!$G$35","v":20.34},{"$f":"TRUNC(D2036*E2036,2)","v":8.01}]
[{"$f":"CONCATENATE(\"SINAPI C \",Insumos!$B$38)","v":"SINAPI C 88316"},"SERVENTE C/ ENCARGOS COMPLEMENTARES","h",0.39400000000000002,{"$f":"+Insumos!$G$38","v":16.920000000000002},{"$f":"TRUNC(D2037*E2037,2)","v":6.66}]
["SUB-TOTAL - MÃO-DE-OBRA:",null,{"$f":"SUM(F2036:F2037)","v":14.67}]
[]
[null,"CUSTO TOTAL:",null,null,null,{"$f":"+C2035+C2038","v":48.34}]
[]
[null,"BDI:","%",{"$f":"+$F$7","v":"28,21%"},null,{"$f":"TRUNC(F2040*D2042,2)","v":13.63}]
[]
[null,"PREÇO:",null,null,null,{"$f":"+F2040+F2042","v":61.970000000000006}]
[]
["CÓDIGO","DISCRIMINAÇÃO","UN","COEFIC.","UNITÁRIO","TOTAL"]
[2223,"REPOSIÇÃO MEIO-FIO VIÁRIO","m"]
["SINAPI I 370","AREIA MÉDIA","m³",7.0000000000000001E-3,{"$f":"+Insumos!$G$87","v":69},{"$f":"TRUNC(D2048*E2048,2)","v":0.48}]
[{"$f":"CONCATENATE(\"SINAPI C \",'Composições Aux. SINAPI'!$A$19)","v":"SINAPI C 88629"},"ARGAMASSA TRAÇO 1:3 PREPARO MANUAL","m³",2E-3,{"$f":"+'Composições Aux. SINAPI'!$E$19:$F$19","v":556.9},{"$f":"TRUNC(D2049*E2049,2)","v":1.1100000000000001}]
["SUB-TOTAL - MATERIAL / EQUIPAMENTOS:",null,{"$f":"SUM(F2048:F2049)","v":1.59}]
[{"$f":"CONCATENATE(\"SINAPI C \",Insumos!$B$35)","v":"SINAPI C 88309"},"PEDREIRO C/ENCARGOS COMPLEMENTARES","h",0.39400000000000002,{"$f":"+Insumos!$G$35","v":20.34},{"$f":"TRUNC(D2051*E2051,2)","v":8.01}]
[{"$f":"CONCATENATE(\"SINAPI C \",Insumos!$B$38)","v":"SINAPI C 88316"},"SERVENTE C/ ENCARGOS COMPLEMENTARES","h",0.39400000000000002,{"$f":"+Insumos!$G$38","v":16.920000000000002},{"$f":"TRUNC(D2052*E2052,2)","v":6.66}]
["SUB-TOTAL - MÃO-DE-OBRA:",null,{"$f":"SUM(F2051:F2052)","v":14.67}]
[]
[null,"CUSTO TOTAL:",null,null,null,{"$f":"+C2050+C2053","v":16.260000000000002}]
[]
[null,"BDI:","%",{"$f":"+$F$7","v":"28,21%"},null,{"$f":"TRUNC(F2055*D2057,2)","v":4.58}]
[]
[null,"PREÇO:",null,null,null,{"$f":"+F2055+F2057","v":20.840000000000003}]
[]
["CÓDIGO","DISCRIMINAÇÃO","UN","COEFIC.","UNITÁRIO","TOTAL"]
[2225,"REALINHAMENTO MEIO-FIO VIÁRIO","m"]
["SINAPI I 370","AREIA MÉDIA","m³",7.0000000000000001E-3,{"$f":"+Insumos!$G$87","v":69},{"$f":"TRUNC(D2063*E2063,2)","v":0.48}]
[{"$f":"CONCATENATE(\"SINAPI C \",'Composições Aux. SINAPI'!$A$19)","v":"SINAPI C 88629"},"ARGAMASSA TRAÇO 1:3 PREPARO MANUAL","m³",2E-3,{"$f":"+'Composições Aux. SINAPI'!$E$19:$F$19","v":556.9},{"$f":"TRUNC(D2064*E2064,2)","v":1.1100000000000001}]
["SUB-TOTAL - MATERIAL / EQUIPAMENTOS:",null,{"$f":"SUM(F2063:F2064)","v":1.59}]
[{"$f":"CONCATENATE(\"SINAPI C \",Insumos!$B$35)","v":"SINAPI C 88309"},"PEDREIRO C/ENCARGOS COMPLEMENTARES","h",0.19700000000000001,{"$f":"+Insumos!$G$35","v":20.34},{"$f":"TRUNC(D2066*E2066,2)","v":4}]
[{"$f":"CONCATENATE(\"SINAPI C \",Insumos!$B$38)","v":"SINAPI C 88316"},"SERVENTE C/ ENCARGOS COMPLEMENTARES","h",0.69699999999999995,{"$f":"+Insumos!$G$38","v":16.920000000000002},{"$f":"TRUNC(D2067*E2067,2)","v":11.79}]
["SUB-TOTAL - MÃO-DE-OBRA:",null,{"$f":"SUM(F2066:F2067)","v":15.79}]
[]
[null,"CUSTO TOTAL:",null,null,null,{"$f":"+C2065+C2068","v":17.38}]
[]
[null,"BDI:","%",{"$f":"+$F$7","v":"28,21%"},null,{"$f":"TRUNC(F2070*D2072,2)","v":4.9000000000000004}]
[]
[null,"PREÇO:",null,null,null,{"$f":"+F2070+F2072","v":22.28}]
[]
["CÓDIGO","DISCRIMINAÇÃO","UN","COEFIC.","UNITÁRIO","TOTAL"]
[2255,"DEGRAU CONCRETO L=2,00 m - BASE GRANITO","un"]
[{"$f":"CONCATENATE(\"SINAPI C \",'Composições Aux. SINAPI'!$A$48)","v":"SINAPI C 93358"},"ESCAVAÇÃO MANUAL DE VALA","m³",0.20399999999999999,{"$f":"+'Composições Aux. SINAPI'!$E$48:$F$48","v":66.930000000000007},{"$f":"TRUNC(D2078*E2078,2)","v":13.65}]
[{"$f":"CONCATENATE(\"COTAÇÃO \",Insumos!$B$280)","v":"COTAÇÃO 125"},"PEDRA DE ALICERCE 20 x 20 x 20 cm","un",18.2,{"$f":"+Insumos!$G$280","v":6.73},{"$f":"TRUNC(D2079*E2079,2)","v":122.48}]
[{"$f":"CONCATENATE(\"SINAPI C \",'Composições Aux. SINAPI'!$A$21)","v":"SINAPI C 88630"},"ARGAMASSA TRAÇO 1:4 PREPARO MECÂNICO","m³",3.8399999999999997E-2,{"$f":"+'Composições Aux. SINAPI'!$E$21:$F$21","v":402.13},{"$f":"TRUNC(D2080*E2080,2)","v":15.44}]
["SINAPI I 1347","CHAPA COMPENSADO PLASTIFICADO 12 mm","m²",0.37630000000000002,{"$f":"+Insumos!$G$155","v":104.07},{"$f":"TRUNC(D2081*E2081,2)","v":39.159999999999997}]
["SINAPI I 4417","SARRAFO CEDRINHO 2,5 X 7 cm","m",1.6,{"$f":"+Insumos!$G$311","v":4.32},{"$f":"TRUNC(D2082*E2082,2)","v":6.91}]
["SINAPI I 4430","CAIBRO CEDRINHO 5 X 6 cm","m",0.32669999999999999,{"$f":"+Insumos!$G$141","v":7.95},2.59]
[{"$f":"CONCATENATE(\"SINAPI C \",'Composições Aux. SINAPI'!$A$76)","v":"SINAPI C 91692"},"SERRA CIRCULAR DE BANCADA C/COIFA PARA DISCO 10\" (chp)","chp",5.4000000000000003E-3,{"$f":"+'Composições Aux. SINAPI'!$E$76:$F$76","v":24.14},0.13]
[{"$f":"CONCATENATE(\"SINAPI C \",'Composições Aux. SINAPI'!$A$77)","v":"SINAPI C 91693"},"SERRA CIRCULAR DE BANCADA C/COIFA PARA DISCO 10\" (chi)","chi",1.1000000000000001E-3,{"$f":"+'Composições Aux. SINAPI'!$E$77:$F$77","v":22.66},0.02]
["SINAPI I 2692","DESMOLDANTE P/ FORMAS DE MADEIRA","l",4.3E-3,{"$f":"+Insumos!$G$185","v":5.91},0.02]
[{"$f":"CONCATENATE(\"SINAPI I \",Insumos!$B$298)","v":"SINAPI I 5073"},"PREGO DE AÇO 17 x 24 C/CABEÇA","kg",8.5999999999999993E-2,{"$f":"+Insumos!$G$298","v":21.13},1.81]
[{"$f":"CONCATENATE(\"SINAPI I \",Insumos!$B$295)","v":"SINAPI I 20247"},"PREGO DE AÇO 15 x 15 C/CABEÇA","kg",3.8699999999999998E-2,{"$f":"+Insumos!$G$295","v":22.95},0.88]
[{"$f":"CONCATENATE(\"SINAPI C \",'Composições Aux. SINAPI'!$A$39)","v":"SINAPI C 92792"},"CORTE E DOBRA AÇO CA-50 6,3 mm","kg",1.9541999999999999,{"$f":"+'Composições Aux. SINAPI'!$E$39:$F$39","v":11.46},22.39]
[{"$f":"CONCATENATE(\"SINAPI I \",Insumos!$B$84)","v":"SINAPI I 43132"},"ARAME RECOZIDO 18 BWG","kg",5.8900000000000001E-2,{"$f":"+Insumos!$G$84","v":25.15},1.48]
[{"$f":"CONCATENATE(\"SINAPI I \",Insumos!$B$198)","v":"SINAPI I 39017"},"ESPAÇADOR CIRCULAR EM PLÁSTICO, 4,2 A 12,5 mm","un",12,{"$f":"+Insumos!$G$198","v":0.12},1.44]
[{"$f":"CONCATENATE(\"SINAPI C \",'Composições Aux. SINAPI'!$A$40)","v":"SINAPI C 92791"},"CORTE E DOBRA AÇO CA-60 5,0 mm","kg",0.40189999999999998,{"$f":"+'Composições Aux. SINAPI'!$E$40:$F$40","v":11.17},{"$f":"TRUNC(D2092*E2092,2)","v":4.4800000000000004}]
["SINAPI I 4777","CANTONEIRA FERRO 1 1/4\" x 3/16\"","kg",4.4000000000000004,{"$f":"+Insumos!$G$150","v":12.7},55.88]
["SINAPI I 43062","AÇO CA-60 6,0 mm - 0,222 kg/m","kg",7.9899999999999999E-2,{"$f":"+Insumos!$G$75","v":9.7799999999999994},0.78]
[{"$f":"CONCATENATE(\"SINAPI C \",'[1]Composições Aux. SINAPI'!$A$25)","v":"SINAPI C 94963"},"CONCRETO fck=15 MPa PREPARO COM BETONEIRA","m³",5.0500000000000003E-2,{"$f":"+'Composições Aux. SINAPI'!$E$33:$F$33","v":352.14},17.78]
[{"$f":"CONCATENATE(\"COTAÇÃO \",Insumos!$B$135)","v":"COTAÇÃO 114"},"CAÇAMBA 4,00 m³","un",6.6299999999999998E-2,{"$f":"+Insumos!$G$135","v":493.97},{"$f":"TRUNC(D2096*E2096,2)","v":32.75}]
["SUB-TOTAL - MATERIAL / EQUIPAMENTOS:",null,{"$f":"SUM(F2078:F2096)","v":340.06999999999994}]
[{"$f":"CONCATENATE(\"SINAPI C \",Insumos!$B$21)","v":"SINAPI C 88262"},"CARPINTEIRO C/ENCARGOS COMPLEMENTARES","h",0.55269999999999997,{"$f":"+Insumos!$G$21","v":20.100000000000001},{"$f":"TRUNC(D2098*E2098,2)","v":11.1}]
[{"$f":"CONCATENATE(\"SINAPI C \",Insumos!$B$14)","v":"SINAPI C 88239"},"AJUDANTE DE CARPINTEIRO C/ENCARGOS COMPLEMENTARES","h",8.5000000000000006E-2,{"$f":"+Insumos!$G$14","v":16.87},1.43]
[{"$f":"CONCATENATE(\"SINAPI C \",Insumos!$B$15)","v":"SINAPI C 88245"},"ARMADOR C/ENCARGOS COMPLEMENTARES","h",0.68200000000000005,{"$f":"+Insumos!$G$15","v":20.22},13.79]
[{"$f":"CONCATENATE(\"SINAPI C \",Insumos!$B$13)","v":"SINAPI C 88238"},"AJUDANTE DE ARMADOR C/ENCARGOS COMPLEMENTARES","h",1.0001,{"$f":"+Insumos!$G$13","v":16.95},16.95]
[{"$f":"CONCATENATE(\"SINAPI C \",Insumos!$B$39)","v":"SINAPI C 88317"},"SOLDADOR C/ENCARGOS COMPLEMENTARES","h",0.27850000000000003,{"$f":"+Insumos!$G$39","v":24.39},6.79]
[{"$f":"CONCATENATE(\"SINAPI C \",Insumos!$B$35)","v":"SINAPI C 88309"},"PEDREIRO C/ENCARGOS COMPLEMENTARES","h",1.2905,{"$f":"+Insumos!$G$35","v":20.34},26.24]
[{"$f":"CONCATENATE(\"SINAPI C \",Insumos!$B$38)","v":"SINAPI C 88316"},"SERVENTE C/ ENCARGOS COMPLEMENTARES","h",1.0169999999999999,{"$f":"+Insumos!$G$38","v":16.920000000000002},17.2]
["SUB-TOTAL - MÃO-DE-OBRA:",null,{"$f":"SUM(F2098:F2104)","v":93.5}]
[]
[null,"CUSTO TOTAL:",null,null,null,{"$f":"+C2097+C2105","v":433.56999999999994}]
[]
[null,"BDI:","%",{"$f":"+$F$7","v":"28,21%"},null,{"$f":"TRUNC(F2107*D2109,2)","v":122.31}]
[]
[null,"PREÇO:",null,null,null,{"$f":"+F2107+F2109","v":555.87999999999988}]
[]
["CÓDIGO","DISCRIMINAÇÃO","UN","COEFIC.","UNITÁRIO","TOTAL"]
[2260,"DEGRAU CONCRETO L=2,00 m - BASE GRÊS","un"]
[{"$f":"CONCATENATE(\"SINAPI C \",'Composições Aux. SINAPI'!$A$48)","v":"SINAPI C 93358"},"ESCAVAÇÃO MANUAL DE VALA","m³",0.14699999999999999,{"$f":"+'Composições Aux. SINAPI'!$E$48:$F$48","v":66.930000000000007},{"$f":"TRUNC(D2115*E2115,2)","v":9.83}]
[{"$f":"CONCATENATE(\"COTAÇÃO \",Insumos!$B$281)","v":"COTAÇÃO 124"},"PEDRA DE GRÊS 48 x 21 x 12 cm","un",8.93,{"$f":"+Insumos!$G$281","v":2.37},{"$f":"TRUNC(D2116*E2116,2)","v":21.16}]
[{"$f":"CONCATENATE(\"SINAPI C \",'Composições Aux. SINAPI'!$A$21)","v":"SINAPI C 88630"},"ARGAMASSA TRAÇO 1:4 PREPARO MECÂNICO","m³",2.92E-2,{"$f":"+'Composições Aux. SINAPI'!$E$21:$F$21","v":402.13},{"$f":"TRUNC(D2117*E2117,2)","v":11.74}]
["SINAPI I 1347","CHAPA COMPENSADO PLASTIFICADO 12 mm","m²",0.37630000000000002,{"$f":"+Insumos!$G$155","v":104.07},{"$f":"TRUNC(D2118*E2118,2)","v":39.159999999999997}]
["SINAPI I 4417","SARRAFO CEDRINHO 2,5 X 7 cm","m",1.6,{"$f":"+Insumos!$G$311","v":4.32},{"$f":"TRUNC(D2119*E2119,2)","v":6.91}]
["SINAPI I 4430","CAIBRO CEDRINHO 5 X 6 cm","m",0.32669999999999999,{"$f":"+Insumos!$G$141","v":7.95},2.59]
[{"$f":"CONCATENATE(\"SINAPI C \",'Composições Aux. SINAPI'!$A$76)","v":"SINAPI C 91692"},"SERRA CIRCULAR DE BANCADA C/COIFA PARA DISCO 10\" (chp)","chp",5.4000000000000003E-3,{"$f":"+'Composições Aux. SINAPI'!$E$76:$F$76","v":24.14},0.13]
[{"$f":"CONCATENATE(\"SINAPI C \",'Composições Aux. SINAPI'!$A$77)","v":"SINAPI C 91693"},"SERRA CIRCULAR DE BANCADA C/COIFA PARA DISCO 10\" (chi)","chi",1.1000000000000001E-3,{"$f":"+'Composições Aux. SINAPI'!$E$77:$F$77","v":22.66},0.02]
["SINAPI I 2692","DESMOLDANTE P/ FORMAS DE MADEIRA","l",4.3E-3,{"$f":"+Insumos!$G$185","v":5.91},0.02]
[{"$f":"CONCATENATE(\"SINAPI I \",Insumos!$B$298)","v":"SINAPI I 5073"},"PREGO DE AÇO 17 x 24 C/CABEÇA","kg",8.5999999999999993E-2,{"$f":"+Insumos!$G$298","v":21.13},1.81]
[{"$f":"CONCATENATE(\"SINAPI I \",Insumos!$B$295)","v":"SINAPI I 20247"},"PREGO DE AÇO 15 x 15 C/CABEÇA","kg",3.8699999999999998E-2,{"$f":"+Insumos!$G$295","v":22.95},0.88]
[{"$f":"CONCATENATE(\"SINAPI C \",'Composições Aux. SINAPI'!$A$39)","v":"SINAPI C 92792"},"CORTE E DOBRA AÇO CA-50 6,3 mm","kg",1.9541999999999999,{"$f":"+'Composições Aux. SINAPI'!$E$39:$F$39","v":11.46},22.39]
[{"$f":"CONCATENATE(\"SINAPI I \",Insumos!$B$84)","v":"SINAPI I 43132"},"ARAME RECOZIDO 18 BWG","kg",5.8900000000000001E-2,{"$f":"+Insumos!$G$84","v":25.15},1.48]
[{"$f":"CONCATENATE(\"SINAPI I \",Insumos!$B$198)","v":"SINAPI I 39017"},"ESPAÇADOR CIRCULAR EM PLÁSTICO, 4,2 A 12,5 mm","un",12,{"$f":"+Insumos!$G$198","v":0.12},1.44]
[{"$f":"CONCATENATE(\"SINAPI C \",'Composições Aux. SINAPI'!$A$40)","v":"SINAPI C 92791"},"CORTE E DOBRA AÇO CA-60 5,0 mm","kg",0.40189999999999998,{"$f":"+'Composições Aux. SINAPI'!$E$40:$F$40","v":11.17},4.4800000000000004]
["SINAPI I 4777","CANTONEIRA FERRO 1 1/4\" x 3/16\"","kg",4.4000000000000004,{"$f":"+Insumos!$G$150","v":12.7},55.88]
["SINAPI I 43062","AÇO CA-60 6,0 mm - 0,222 kg/m","kg",7.9899999999999999E-2,{"$f":"+Insumos!$G$75","v":9.7799999999999994},0.78]
[{"$f":"CONCATENATE(\"SINAPI C \",'[1]Composições Aux. SINAPI'!$A$25)","v":"SINAPI C 94963"},"CONCRETO fck=15 MPa PREPARO COM BETONEIRA","m³",5.0500000000000003E-2,{"$f":"+'Composições Aux. SINAPI'!$E$33:$F$33","v":352.14},17.78]
[{"$f":"CONCATENATE(\"COTAÇÃO \",Insumos!$B$135)","v":"COTAÇÃO 114"},"CAÇAMBA 4,00 m³","un",4.7800000000000002E-2,{"$f":"+Insumos!$G$135","v":493.97},23.61]
["SUB-TOTAL - MATERIAL / EQUIPAMENTOS:",null,{"$f":"SUM(F2115:F2133)","v":222.08999999999997}]
[{"$f":"CONCATENATE(\"SINAPI C \",Insumos!$B$21)","v":"SINAPI C 88262"},"CARPINTEIRO C/ENCARGOS COMPLEMENTARES","h",0.55269999999999997,{"$f":"+Insumos!$G$21","v":20.100000000000001},{"$f":"TRUNC(D2135*E2135,2)","v":11.1}]
[{"$f":"CONCATENATE(\"SINAPI C \",Insumos!$B$14)","v":"SINAPI C 88239"},"AJUDANTE DE CARPINTEIRO C/ENCARGOS COMPLEMENTARES","h",8.5000000000000006E-2,{"$f":"+Insumos!$G$14","v":16.87},1.43]
[{"$f":"CONCATENATE(\"SINAPI C \",Insumos!$B$15)","v":"SINAPI C 88245"},"ARMADOR C/ENCARGOS COMPLEMENTARES","h",0.68200000000000005,{"$f":"+Insumos!$G$15","v":20.22},13.79]
[{"$f":"CONCATENATE(\"SINAPI C \",Insumos!$B$13)","v":"SINAPI C 88238"},"AJUDANTE DE ARMADOR C/ENCARGOS COMPLEMENTARES","h",1.0001,{"$f":"+Insumos!$G$13","v":16.95},16.95]
[{"$f":"CONCATENATE(\"SINAPI C \",Insumos!$B$39)","v":"SINAPI C 88317"},"SOLDADOR C/ENCARGOS COMPLEMENTARES","h",0.27850000000000003,{"$f":"+Insumos!$G$39","v":24.39},6.79]
[{"$f":"CONCATENATE(\"SINAPI C \",Insumos!$B$35)","v":"SINAPI C 88309"},"PEDREIRO C/ENCARGOS COMPLEMENTARES","h",0.99050000000000005,{"$f":"+Insumos!$G$35","v":20.34},20.14]
[{"$f":"CONCATENATE(\"SINAPI C \",Insumos!$B$38)","v":"SINAPI C 88316"},"SERVENTE C/ ENCARGOS COMPLEMENTARES","h",1.0751999999999999,{"$f":"+Insumos!$G$38","v":16.920000000000002},18.190000000000001]
["SUB-TOTAL - MÃO-DE-OBRA:",null,{"$f":"SUM(F2135:F2141)","v":88.389999999999986}]
[]
[null,"CUSTO TOTAL:",null,null,null,{"$f":"+C2134+C2142","v":310.47999999999996}]
[]
[null,"BDI:","%",{"$f":"+$F$7","v":"28,21%"},null,{"$f":"TRUNC(F2144*D2146,2)","v":87.58}]
[]
[null,"PREÇO:",null,null,null,{"$f":"+F2144+F2146","v":398.05999999999995}]
[]
["CÓDIGO","DISCRIMINAÇÃO","UN","COEFIC.","UNITÁRIO","TOTAL"]
[2307,"RAMPA PPNE's TIPO 1 - 1,50 m (aba 50 cm)","un"]
[{"$f":"CONCATENATE(\"COTAÇÃO \",Insumos!$B$135)","v":"COTAÇÃO 114"},"CAÇAMBA 4,00 m³","un",0.2326,{"$f":"+Insumos!$G$135","v":493.97},{"$f":"TRUNC(D2152*E2152,2)","v":114.89}]
["SINAPI I 1379","CIMENTO PORTLAND CP-II 32","kg",16.7715,{"$f":"+Insumos!$G$166","v":0.7},11.74]
["SINAPI I 34353","CIMENTO COLA AC-2","kg",0.84389999999999998,{"$f":"+Insumos!$G$165","v":1.1100000000000001},0.93]
["SINAPI I 370","AREIA MÉDIA","m³",7.2999999999999995E-2,{"$f":"+Insumos!$G$87","v":69},5.03]
["SINAPI I 366","AREIA FINA","m³",2.0999999999999999E-3,{"$f":"+Insumos!$G$85","v":69},0.14000000000000001]
[{"$f":"CONCATENATE(\"SINAPI C \",'Composições Aux. SINAPI'!$A$19)","v":"SINAPI C 88629"},"ARGAMASSA TRAÇO 1:3","m³",5.0000000000000001E-3,{"$f":"+'Composições Aux. SINAPI'!$E$19:$F$19","v":556.9},2.78]
["SINAPI I 2692","DESMOLDANTE P/ FORMAS DE MADEIRA","l",8.8999999999999999E-3,{"$f":"+Insumos!$G$185","v":5.91},0.05]
[{"$f":"CONCATENATE(\"SINAPI C \",'Composições Aux. SINAPI'!$A$33)","v":"SINAPI C 94963"},"CONCRETO fck=15 MPa PREPARO COM BETONEIRA","m³",0.2394,{"$f":"+'Composições Aux. SINAPI'!$E$33:$F$33","v":352.14},84.3]
["SINAPI I 3777","LONA PLÁSTICA PRETA","m²",3.96,{"$f":"+Insumos!$G$243","v":1.75},6.93]
[{"$f":"CONCATENATE(\"COTAÇÃO \",Insumos!$B$247)","v":"COTAÇÃO 110"},"MANTA GEOTÊXTIL PARA CURA DO CONCRETO","m²",3.78,{"$f":"+Insumos!$G$247","v":2.82},10.65]
["SINAPI I 21141","TELA DE AÇO SOLDADA CA-60 4,2mm 15 x 15 cm","m²",3.7080000000000002,{"$f":"+Insumos!$G$354","v":20.14},74.67]
[{"$f":"CONCATENATE(\"SINAPI I \",Insumos!$B$84)","v":"SINAPI I 43132"},"ARAME RECOZIDO 18 BWG","kg",5.3999999999999999E-2,{"$f":"+Insumos!$G$84","v":25.15},1.35]
["SINAPI I 5068","PREGO DE AÇO 17 x 21 C/CABEÇA","kg",2.0400000000000001E-2,{"$f":"+Insumos!$G$297","v":20.73},0.42]
[{"$f":"CONCATENATE(\"SINAPI I \",Insumos!$B$288)","v":"SINAPI I 4491"},"PONTALETE EM PINUS 7,5 x 7,5 cm","m",1.8666,{"$f":"+Insumos!$G$288","v":6.25},11.66]
["SINAPI I 4460","SARRAFO NÃO APARELHADO CEDRINHO 2,5 X 10 cm","m",1.7466999999999999,{"$f":"+Insumos!$G$312","v":5.61},9.7899999999999991]
[{"$f":"CONCATENATE(\"COTAÇÃO \",Insumos!$B$283)","v":"COTAÇÃO 101"},"PISO PODOTÁTIL 25x25 cm","un",12.36,{"$f":"+Insumos!$G$283","v":4},49.44]
["SUB-TOTAL - MATERIAL / EQUIPAMENTOS:",null,{"$f":"SUM(F2152:F2167)","v":384.7700000000001}]
[{"$f":"CONCATENATE(\"SINAPI C \",Insumos!$B$21)","v":"SINAPI C 88262"},"CARPINTEIRO C/ENCARGOS COMPLEMENTARES","h",1.6559999999999999,{"$f":"+Insumos!$G$21","v":20.100000000000001},{"$f":"TRUNC(D2169*E2169,2)","v":33.28}]
[{"$f":"CONCATENATE(\"SINAPI C \",Insumos!$B$14)","v":"SINAPI C 88239"},"AJUDANTE DE CARPINTEIRO C/ENCARGOS COMPLEMENTARES","h",0.75670000000000004,{"$f":"+Insumos!$G$14","v":16.87},{"$f":"TRUNC(D2170*E2170,2)","v":12.76}]
[{"$f":"CONCATENATE(\"SINAPI C \",Insumos!$B$15)","v":"SINAPI C 88245"},"ARMADOR C/ENCARGOS COMPLEMENTARES","h",0.108,{"$f":"+Insumos!$G$15","v":20.22},{"$f":"TRUNC(D2171*E2171,2)","v":2.1800000000000002}]
[{"$f":"CONCATENATE(\"SINAPI C \",Insumos!$B$35)","v":"SINAPI C 88309"},"PEDREIRO C/ENCARGOS COMPLEMENTARES","h",2.2162999999999999,{"$f":"+Insumos!$G$35","v":20.34},{"$f":"TRUNC(D2172*E2172,2)","v":45.07}]
[{"$f":"CONCATENATE(\"SINAPI C \",Insumos!$B$38)","v":"SINAPI C 88316"},"SERVENTE C/ ENCARGOS COMPLEMENTARES","h",8.6739999999999995,{"$f":"+Insumos!$G$38","v":16.920000000000002},{"$f":"TRUNC(D2173*E2173,2)","v":146.76}]
["SUB-TOTAL - MÃO-DE-OBRA:",null,{"$f":"SUM(F2169:F2173)","v":240.04999999999998}]
[]
[null,"CUSTO TOTAL:",null,null,null,{"$f":"+C2168+C2174","v":624.82000000000005}]
[]
[null,"BDI:","%",{"$f":"+$F$7","v":"28,21%"},null,{"$f":"TRUNC(F2176*D2178,2)","v":176.26}]
[]
[null,"PREÇO:",null,null,null,{"$f":"+F2176+F2178","v":801.08}]
[]
["CÓDIGO","DISCRIMINAÇÃO","UN","COEFIC.","UNITÁRIO","TOTAL"]
[2308,"RAMPA PPNE's TIPO 1 - 1,50 m (aba 1,50 m)","un"]
[{"$f":"CONCATENATE(\"COTAÇÃO \",Insumos!$B$135)","v":"COTAÇÃO 114"},"CAÇAMBA 4,00 m³","un",0.33789999999999998,{"$f":"+Insumos!$G$135","v":493.97},{"$f":"TRUNC(D2184*E2184,2)","v":166.91}]
["SINAPI I 1379","CIMENTO PORTLAND CP-II 32","kg",16.7715,{"$f":"+Insumos!$G$166","v":0.7},11.74]
["SINAPI I 34353","CIMENTO COLA AC-2","kg",0.84389999999999998,{"$f":"+Insumos!$G$165","v":1.1100000000000001},0.93]
["SINAPI I 370","AREIA MÉDIA","m³",8.6999999999999994E-2,{"$f":"+Insumos!$G$87","v":69},6]
["SINAPI I 366","AREIA FINA","m³",2.0999999999999999E-3,{"$f":"+Insumos!$G$85","v":69},0.14000000000000001]
[{"$f":"CONCATENATE(\"SINAPI C \",'Composições Aux. SINAPI'!$A$19)","v":"SINAPI C 88629"},"ARGAMASSA TRAÇO 1:3","m³",8.9999999999999993E-3,{"$f":"+'Composições Aux. SINAPI'!$E$19:$F$19","v":556.9},5.01]
["SINAPI I 2692","DESMOLDANTE P/ FORMAS DE MADEIRA","l",1.0500000000000001E-2,{"$f":"+Insumos!$G$185","v":5.91},0.06]
[{"$f":"CONCATENATE(\"SINAPI C \",'Composições Aux. SINAPI'!$A$33)","v":"SINAPI C 94963"},"CONCRETO fck=15 MPa PREPARO COM BETONEIRA","m³",0.3906,{"$f":"+'Composições Aux. SINAPI'!$E$33:$F$33","v":352.14},137.54]
["SINAPI I 3777","LONA PLÁSTICA PRETA","m²",5.94,{"$f":"+Insumos!$G$243","v":1.75},10.39]
[{"$f":"CONCATENATE(\"COTAÇÃO \",Insumos!$B$247)","v":"COTAÇÃO 110"},"MANTA GEOTÊXTIL PARA CURA DO CONCRETO","m²",5.67,{"$f":"+Insumos!$G$247","v":2.82},15.98]
["SINAPI I 21141","TELA DE AÇO SOLDADA CA-60 4,2mm 15 x 15 cm","m²",5.5620000000000003,{"$f":"+Insumos!$G$354","v":20.14},112.01]
[{"$f":"CONCATENATE(\"SINAPI I \",Insumos!$B$84)","v":"SINAPI I 43132"},"ARAME RECOZIDO 18 BWG","kg",8.1000000000000003E-2,{"$f":"+Insumos!$G$84","v":25.15},2.0299999999999998]
["SINAPI I 5068","PREGO DE AÇO 17 x 21 C/CABEÇA","kg",2.41E-2,{"$f":"+Insumos!$G$297","v":20.73},0.49]
[{"$f":"CONCATENATE(\"SINAPI I \",Insumos!$B$288)","v":"SINAPI I 4491"},"PONTALETE EM PINUS 7,5 x 7,5 cm","m",2.1333000000000002,{"$f":"+Insumos!$G$288","v":6.25},13.33]
["SINAPI I 4460","SARRAFO NÃO APARELHADO CEDRINHO 2,5 X 10 cm","m",2.06,{"$f":"+Insumos!$G$312","v":5.61},11.55]
[{"$f":"CONCATENATE(\"COTAÇÃO \",Insumos!$B$283)","v":"COTAÇÃO 101"},"PISO PODOTÁTIL 25x25 cm","un",12.36,{"$f":"+Insumos!$G$283","v":4},49.44]
["SUB-TOTAL - MATERIAL / EQUIPAMENTOS:",null,{"$f":"SUM(F2184:F2199)","v":543.54999999999995}]
[{"$f":"CONCATENATE(\"SINAPI C \",Insumos!$B$21)","v":"SINAPI C 88262"},"CARPINTEIRO C/ENCARGOS COMPLEMENTARES","h",2.1433,{"$f":"+Insumos!$G$21","v":20.100000000000001},{"$f":"TRUNC(D2201*E2201,2)","v":43.08}]
[{"$f":"CONCATENATE(\"SINAPI C \",Insumos!$B$14)","v":"SINAPI C 88239"},"AJUDANTE DE CARPINTEIRO C/ENCARGOS COMPLEMENTARES","h",0.89239999999999997,{"$f":"+Insumos!$G$14","v":16.87},{"$f":"TRUNC(D2202*E2202,2)","v":15.05}]
[{"$f":"CONCATENATE(\"SINAPI C \",Insumos!$B$15)","v":"SINAPI C 88245"},"ARMADOR C/ENCARGOS COMPLEMENTARES","h",0.16200000000000001,{"$f":"+Insumos!$G$15","v":20.22},{"$f":"TRUNC(D2203*E2203,2)","v":3.27}]
[{"$f":"CONCATENATE(\"SINAPI C \",Insumos!$B$35)","v":"SINAPI C 88309"},"PEDREIRO C/ENCARGOS COMPLEMENTARES","h",3.4030999999999998,{"$f":"+Insumos!$G$35","v":20.34},{"$f":"TRUNC(D2204*E2204,2)","v":69.209999999999994}]
[{"$f":"CONCATENATE(\"SINAPI C \",Insumos!$B$38)","v":"SINAPI C 88316"},"SERVENTE C/ ENCARGOS COMPLEMENTARES","h",13.457599999999999,{"$f":"+Insumos!$G$38","v":16.920000000000002},{"$f":"TRUNC(D2205*E2205,2)","v":227.7}]
["SUB-TOTAL - MÃO-DE-OBRA:",null,{"$f":"SUM(F2201:F2205)","v":358.30999999999995}]
[]
[null,"CUSTO TOTAL:",null,null,null,{"$f":"+C2200+C2206","v":901.8599999999999}]
[]
[null,"BDI:","%",{"$f":"+$F$7","v":"28,21%"},null,{"$f":"TRUNC(F2208*D2210,2)","v":254.41}]
[]
[null,"PREÇO:",null,null,null,{"$f":"+F2208+F2210","v":1156.27}]
[]
["CÓDIGO","DISCRIMINAÇÃO","UN","COEFIC.","UNITÁRIO","TOTAL"]
[2309,"RAMPA PPNE's TIPO 1 - 1,50 m (sem aba)","un"]
[{"$f":"CONCATENATE(\"COTAÇÃO \",Insumos!$B$135)","v":"COTAÇÃO 114"},"CAÇAMBA 4,00 m³","un",0.1799,{"$f":"+Insumos!$G$135","v":493.97},{"$f":"TRUNC(D2216*E2216,2)","v":88.86}]
["SINAPI I 1379","CIMENTO PORTLAND CP-II 32","kg",16.7715,{"$f":"+Insumos!$G$166","v":0.7},11.74]
["SINAPI I 34353","CIMENTO COLA AC-2","kg",0.84389999999999998,{"$f":"+Insumos!$G$165","v":1.1100000000000001},0.93]
["SINAPI I 370","AREIA MÉDIA","m³",6.6000000000000003E-2,{"$f":"+Insumos!$G$87","v":69},4.55]
["SINAPI I 366","AREIA FINA","m³",2.0999999999999999E-3,{"$f":"+Insumos!$G$85","v":69},0.14000000000000001]
[{"$f":"CONCATENATE(\"SINAPI C \",'Composições Aux. SINAPI'!$A$19)","v":"SINAPI C 88629"},"ARGAMASSA TRAÇO 1:3","m³",3.0000000000000001E-3,{"$f":"+'Composições Aux. SINAPI'!$E$19:$F$19","v":556.9},1.67]
["SINAPI I 2692","DESMOLDANTE P/ FORMAS DE MADEIRA","l",8.6999999999999994E-3,{"$f":"+Insumos!$G$185","v":5.91},0.05]
[{"$f":"CONCATENATE(\"SINAPI C \",'Composições Aux. SINAPI'!$A$33)","v":"SINAPI C 94963"},"CONCRETO fck=15 MPa PREPARO COM BETONEIRA","m³",0.1638,{"$f":"+'Composições Aux. SINAPI'!$E$33:$F$33","v":352.14},57.68]
["SINAPI I 3777","LONA PLÁSTICA PRETA","m²",2.97,{"$f":"+Insumos!$G$243","v":1.75},5.19]
[{"$f":"CONCATENATE(\"COTAÇÃO \",Insumos!$B$247)","v":"COTAÇÃO 110"},"MANTA GEOTÊXTIL PARA CURA DO CONCRETO","m²",2.835,{"$f":"+Insumos!$G$247","v":2.82},7.99]
["SINAPI I 21141","TELA DE AÇO SOLDADA CA-60 4,2mm 15 x 15 cm","m²",2.7810000000000001,{"$f":"+Insumos!$G$354","v":20.14},56]
[{"$f":"CONCATENATE(\"SINAPI I \",Insumos!$B$84)","v":"SINAPI I 43132"},"ARAME RECOZIDO 18 BWG","kg",4.0500000000000001E-2,{"$f":"+Insumos!$G$84","v":25.15},1.01]
["SINAPI I 5068","PREGO DE AÇO 17 x 21 C/CABEÇA","kg",1.9900000000000001E-2,{"$f":"+Insumos!$G$297","v":20.73},0.41]
[{"$f":"CONCATENATE(\"SINAPI I \",Insumos!$B$288)","v":"SINAPI I 4491"},"PONTALETE EM PINUS 7,5 x 7,5 cm","m",1.7333000000000001,{"$f":"+Insumos!$G$288","v":6.25},10.83]
["SINAPI I 4460","SARRAFO NÃO APARELHADO CEDRINHO 2,5 X 10 cm","m",1.7,{"$f":"+Insumos!$G$312","v":5.61},9.5299999999999994]
[{"$f":"CONCATENATE(\"COTAÇÃO \",Insumos!$B$283)","v":"COTAÇÃO 101"},"PISO PODOTÁTIL 25x25 cm","un",12.36,{"$f":"+Insumos!$G$283","v":4},49.44]
["SUB-TOTAL - MATERIAL / EQUIPAMENTOS:",null,{"$f":"SUM(F2216:F2231)","v":306.02}]
[{"$f":"CONCATENATE(\"SINAPI C \",Insumos!$B$21)","v":"SINAPI C 88262"},"CARPINTEIRO C/ENCARGOS COMPLEMENTARES","h",1.4901,{"$f":"+Insumos!$G$21","v":20.100000000000001},{"$f":"TRUNC(D2233*E2233,2)","v":29.95}]
[{"$f":"CONCATENATE(\"SINAPI C \",Insumos!$B$14)","v":"SINAPI C 88239"},"AJUDANTE DE CARPINTEIRO C/ENCARGOS COMPLEMENTARES","h",0.73640000000000005,{"$f":"+Insumos!$G$14","v":16.87},{"$f":"TRUNC(D2234*E2234,2)","v":12.42}]
[{"$f":"CONCATENATE(\"SINAPI C \",Insumos!$B$15)","v":"SINAPI C 88245"},"ARMADOR C/ENCARGOS COMPLEMENTARES","h",8.1000000000000003E-2,{"$f":"+Insumos!$G$15","v":20.22},{"$f":"TRUNC(D2235*E2235,2)","v":1.63}]
[{"$f":"CONCATENATE(\"SINAPI C \",Insumos!$B$35)","v":"SINAPI C 88309"},"PEDREIRO C/ENCARGOS COMPLEMENTARES","h",1.623,{"$f":"+Insumos!$G$35","v":20.34},{"$f":"TRUNC(D2236*E2236,2)","v":33.01}]
[{"$f":"CONCATENATE(\"SINAPI C \",Insumos!$B$38)","v":"SINAPI C 88316"},"SERVENTE C/ ENCARGOS COMPLEMENTARES","h",6.2823000000000002,{"$f":"+Insumos!$G$38","v":16.920000000000002},{"$f":"TRUNC(D2237*E2237,2)","v":106.29}]
["SUB-TOTAL - MÃO-DE-OBRA:",null,{"$f":"SUM(F2233:F2237)","v":183.3}]
[]
[null,"CUSTO TOTAL:",null,null,null,{"$f":"+C2232+C2238","v":489.32}]
[]
[null,"BDI:","%",{"$f":"+$F$7","v":"28,21%"},null,{"$f":"TRUNC(F2240*D2242,2)","v":138.03}]
[]
[null,"PREÇO:",null,null,null,{"$f":"+F2240+F2242","v":627.35}]
[]
["CÓDIGO","DISCRIMINAÇÃO","UN","COEFIC.","UNITÁRIO","TOTAL"]
[2310,"RAMPA PPNE's TIPO 1 - 4,00 m (aba 50 cm)","un"]
[{"$f":"CONCATENATE(\"COTAÇÃO \",Insumos!$B$135)","v":"COTAÇÃO 114"},"CAÇAMBA 4,00 m³","un",0.53239999999999998,{"$f":"+Insumos!$G$135","v":493.97},{"$f":"TRUNC(D2248*E2248,2)","v":262.98}]
["SINAPI I 1379","CIMENTO PORTLAND CP-II 32","kg",44.723999999999997,{"$f":"+Insumos!$G$166","v":0.7},31.3]
["SINAPI I 34353","CIMENTO COLA AC-2","kg",2.2504,{"$f":"+Insumos!$G$165","v":1.1100000000000001},2.4900000000000002]
["SINAPI I 370","AREIA MÉDIA","m³",0.183,{"$f":"+Insumos!$G$87","v":69},12.62]
["SINAPI I 366","AREIA FINA","m³",5.5999999999999999E-3,{"$f":"+Insumos!$G$85","v":69},0.38]
[{"$f":"CONCATENATE(\"SINAPI C \",'Composições Aux. SINAPI'!$A$19)","v":"SINAPI C 88629"},"ARGAMASSA TRAÇO 1:3","m³",0.01,{"$f":"+'Composições Aux. SINAPI'!$E$19:$F$19","v":556.9},5.56]
["SINAPI I 2692","DESMOLDANTE P/ FORMAS DE MADEIRA","l",1.32E-2,{"$f":"+Insumos!$G$185","v":5.91},7.0000000000000007E-2]
[{"$f":"CONCATENATE(\"SINAPI C \",'Composições Aux. SINAPI'!$A$33)","v":"SINAPI C 94963"},"CONCRETO fck=15 MPa PREPARO COM BETONEIRA","m³",0.51239999999999997,{"$f":"+'Composições Aux. SINAPI'!$E$33:$F$33","v":352.14},180.43]
["SINAPI I 3777","LONA PLÁSTICA PRETA","m²",8.91,{"$f":"+Insumos!$G$243","v":1.75},15.59]
[{"$f":"CONCATENATE(\"COTAÇÃO \",Insumos!$B$247)","v":"COTAÇÃO 110"},"MANTA GEOTÊXTIL PARA CURA DO CONCRETO","m²",8.5050000000000008,{"$f":"+Insumos!$G$247","v":2.82},23.98]
["SINAPI I 21141","TELA DE AÇO SOLDADA CA-60 4,2mm 15 x 15 cm","m²",8.343,{"$f":"+Insumos!$G$354","v":20.14},168.02]
[{"$f":"CONCATENATE(\"SINAPI I \",Insumos!$B$84)","v":"SINAPI I 43132"},"ARAME RECOZIDO 18 BWG","kg",0.1215,{"$f":"+Insumos!$G$84","v":25.15},3.05]
["SINAPI I 5068","PREGO DE AÇO 17 x 21 C/CABEÇA","kg",3.0200000000000001E-2,{"$f":"+Insumos!$G$297","v":20.73},0.62]
[{"$f":"CONCATENATE(\"SINAPI I \",Insumos!$B$288)","v":"SINAPI I 4491"},"PONTALETE EM PINUS 7,5 x 7,5 cm","m",2.5333000000000001,{"$f":"+Insumos!$G$288","v":6.25},15.83]
["SINAPI I 4460","SARRAFO NÃO APARELHADO CEDRINHO 2,5 X 10 cm","m",2.58,{"$f":"+Insumos!$G$312","v":5.61},14.47]
[{"$f":"CONCATENATE(\"COTAÇÃO \",Insumos!$B$283)","v":"COTAÇÃO 101"},"PISO PODOTÁTIL 25x25 cm","un",32.96,{"$f":"+Insumos!$G$283","v":4},131.84]
["SUB-TOTAL - MATERIAL / EQUIPAMENTOS:",null,{"$f":"SUM(F2248:F2263)","v":869.23}]
[{"$f":"CONCATENATE(\"SINAPI C \",Insumos!$B$21)","v":"SINAPI C 88262"},"CARPINTEIRO C/ENCARGOS COMPLEMENTARES","h",2.7250999999999999,{"$f":"+Insumos!$G$21","v":20.100000000000001},{"$f":"TRUNC(D2265*E2265,2)","v":54.77}]
[{"$f":"CONCATENATE(\"SINAPI C \",Insumos!$B$14)","v":"SINAPI C 88239"},"AJUDANTE DE CARPINTEIRO C/ENCARGOS COMPLEMENTARES","h",1.1176999999999999,{"$f":"+Insumos!$G$14","v":16.87},{"$f":"TRUNC(D2266*E2266,2)","v":18.850000000000001}]
[{"$f":"CONCATENATE(\"SINAPI C \",Insumos!$B$15)","v":"SINAPI C 88245"},"ARMADOR C/ENCARGOS COMPLEMENTARES","h",0.24299999999999999,{"$f":"+Insumos!$G$15","v":20.22},{"$f":"TRUNC(D2267*E2267,2)","v":4.91}]
[{"$f":"CONCATENATE(\"SINAPI C \",Insumos!$B$35)","v":"SINAPI C 88309"},"PEDREIRO C/ENCARGOS COMPLEMENTARES","h",4.9212999999999996,{"$f":"+Insumos!$G$35","v":20.34},{"$f":"TRUNC(D2268*E2268,2)","v":100.09}]
[{"$f":"CONCATENATE(\"SINAPI C \",Insumos!$B$38)","v":"SINAPI C 88316"},"SERVENTE C/ ENCARGOS COMPLEMENTARES","h",15.811,{"$f":"+Insumos!$G$38","v":16.920000000000002},{"$f":"TRUNC(D2269*E2269,2)","v":267.52}]
["SUB-TOTAL - MÃO-DE-OBRA:",null,{"$f":"SUM(F2265:F2269)","v":446.14}]
[]
[null,"CUSTO TOTAL:",null,null,null,{"$f":"+C2264+C2270","v":1315.37}]
[]
[null,"BDI:","%",{"$f":"+$F$7","v":"28,21%"},null,{"$f":"TRUNC(F2272*D2274,2)","v":371.06}]
[]
[null,"PREÇO:",null,null,null,{"$f":"+F2272+F2274","v":1686.4299999999998}]
[]
["CÓDIGO","DISCRIMINAÇÃO","UN","COEFIC.","UNITÁRIO","TOTAL"]
[2315,"RAMPA PPNE's TIPO 2 (CALÇADA ESTREITA) - 1,50 m","un"]
[{"$f":"CONCATENATE(\"COTAÇÃO \",Insumos!$B$135)","v":"COTAÇÃO 114"},"CAÇAMBA 4,00 m³","un",0.6079,{"$f":"+Insumos!$G$135","v":493.97},{"$f":"TRUNC(D2280*E2280,2)","v":300.27999999999997}]
["SINAPI I 1379","CIMENTO PORTLAND CP-II 32","kg",8.3857999999999997,{"$f":"+Insumos!$G$166","v":0.7},{"$f":"TRUNC(D2281*E2281,2)","v":5.87}]
["SINAPI I 34353","CIMENTO COLA AC-2","kg",0.42199999999999999,{"$f":"+Insumos!$G$165","v":1.1100000000000001},0.46]
["SINAPI I 370","AREIA MÉDIA","m³",6.3500000000000001E-2,{"$f":"+Insumos!$G$87","v":69},4.38]
["SINAPI I 366","AREIA FINA","m³",1.1000000000000001E-3,{"$f":"+Insumos!$G$85","v":69},7.0000000000000007E-2]
[{"$f":"CONCATENATE(\"SINAPI C \",'Composições Aux. SINAPI'!$A$19)","v":"SINAPI C 88629"},"ARGAMASSA TRAÇO 1:3","m³",1.0200000000000001E-2,{"$f":"+'Composições Aux. SINAPI'!$E$19:$F$19","v":556.9},5.68]
["SINAPI I 2692","DESMOLDANTE P/ FORMAS DE MADEIRA","l",3.9800000000000002E-2,{"$f":"+Insumos!$G$185","v":5.91},0.23]
[{"$f":"CONCATENATE(\"SINAPI C \",'Composições Aux. SINAPI'!$A$33)","v":"SINAPI C 94963"},"CONCRETO fck=15 MPa PREPARO COM BETONEIRA","m³",0.69679999999999997,{"$f":"+'Composições Aux. SINAPI'!$E$33:$F$33","v":352.14},245.37]
["SINAPI I 3777","LONA PLÁSTICA PRETA","m²",8.4149999999999991,{"$f":"+Insumos!$G$243","v":1.75},14.72]
[{"$f":"CONCATENATE(\"COTAÇÃO \",Insumos!$B$247)","v":"COTAÇÃO 110"},"MANTA GEOTÊXTIL PARA CURA DO CONCRETO","m²",8.0325000000000006,{"$f":"+Insumos!$G$247","v":2.82},22.65]
[{"$f":"CONCATENATE(\"SINAPI C \",'Composições Aux. SINAPI'!$A$40,)","v":"SINAPI C 92791"},"CORTE E DOBRA AÇO CA-60","kg",1.6013999999999999,{"$f":"+'Composições Aux. SINAPI'!$E$40:$F$40","v":11.17},17.88]
["SINAPI I 21141","TELA DE AÇO SOLDADA CA-60 4,2mm 15 x 15 cm","m²",7.8795000000000002,{"$f":"+Insumos!$G$354","v":20.14},158.69]
[{"$f":"CONCATENATE(\"SINAPI I \",Insumos!$B$84)","v":"SINAPI I 43132"},"ARAME RECOZIDO 18 BWG","kg",0.15509999999999999,{"$f":"+Insumos!$G$84","v":25.15},{"$f":"TRUNC(D2292*E2292,2)","v":3.9}]
["SINAPI I 5068","PREGO DE AÇO 17 x 21 C/CABEÇA","kg",1.17E-2,{"$f":"+Insumos!$G$297","v":20.73},0.24]
[{"$f":"CONCATENATE(\"SINAPI I \",Insumos!$B$298)","v":"SINAPI I 5073"},"PREGO DE AÇO 17 x 24 C/CABEÇA","kg",5.2999999999999999E-2,{"$f":"+Insumos!$G$298","v":21.13},1.1100000000000001]
[{"$f":"CONCATENATE(\"SINAPI I \",Insumos!$B$300)","v":"SINAPI I 40304"},"PREGO DE AÇO 17 x 27 C/CABEÇA DUPLA","kg",6.9400000000000003E-2,{"$f":"+Insumos!$G$300","v":25.59},1.77]
[{"$f":"CONCATENATE(\"SINAPI C \",'Composições Aux. SINAPI'!$A$76,)","v":"SINAPI C 91692"},"SERRA CIRCULAR DE BANCADA C/COIFA PARA DISCO 10\" (chp)","chp",3.4700000000000002E-2,{"$f":"+'Composições Aux. SINAPI'!$E$76","v":24.14},0.83]
[{"$f":"CONCATENATE(\"SINAPI C \",'Composições Aux. SINAPI'!$A$77)","v":"SINAPI C 91693"},"SERRA CIRCULAR DE BANCADA C/COIFA PARA DISCO 10\" (chi)","chi",2.86E-2,{"$f":"+'Composições Aux. SINAPI'!$E$77","v":22.66},0.64]
[{"$f":"CONCATENATE(\"SINAPI I \",Insumos!$B$288)","v":"SINAPI I 4491"},"PONTALETE EM PINUS 7,5 x 7,5 cm","m",2.3008999999999999,{"$f":"+Insumos!$G$288","v":6.25},14.38]
[{"$f":"CONCATENATE(\"SINAPI I \",Insumos!$B$314)","v":"SINAPI I 4517"},"SARRAFO PINUS 2,5 x 7,5 cm","m",1.1567000000000001,{"$f":"+Insumos!$G$314","v":2.1800000000000002},2.52]
["SINAPI I 4460","SARRAFO NÃO APARELHADO CEDRINHO 2,5 X 10 cm","m",1,{"$f":"+Insumos!$G$312","v":5.61},5.61]
[{"$f":"CONCATENATE(\"SINAPI I \",Insumos!$B$322)","v":"SINAPI I 6189"},"TÁBUA MADEIRA NÃO APARELHADA CEDRINHO 2,5 x 30 cm","m",2.0562999999999998,{"$f":"+Insumos!$G$322","v":16.39},{"$f":"TRUNC(D2301*E2301,2)","v":33.700000000000003}]
[{"$f":"CONCATENATE(\"COTAÇÃO \",Insumos!$B$283)","v":"COTAÇÃO 101"},"PISO PODOTÁTIL 25x25 cm","un",6.18,{"$f":"+Insumos!$G$283","v":4},{"$f":"TRUNC(D2302*E2302,2)","v":24.72}]
["SUB-TOTAL - MATERIAL / EQUIPAMENTOS:",null,{"$f":"SUM(F2280:F2302)","v":865.7}]
[{"$f":"CONCATENATE(\"SINAPI C \",Insumos!$B$21)","v":"SINAPI C 88262"},"CARPINTEIRO C/ENCARGOS COMPLEMENTARES","h",5.4356999999999998,{"$f":"+Insumos!$G$21","v":20.100000000000001},{"$f":"TRUNC(D2304*E2304,2)","v":109.25}]
[{"$f":"CONCATENATE(\"SINAPI C \",Insumos!$B$14)","v":"SINAPI C 88239"},"AJUDANTE DE CARPINTEIRO C/ENCARGOS COMPLEMENTARES","h",1.8745000000000001,{"$f":"+Insumos!$G$14","v":16.87},31.62]
[{"$f":"CONCATENATE(\"SINAPI C \",Insumos!$B$15)","v":"SINAPI C 88245"},"ARMADOR C/ENCARGOS COMPLEMENTARES","h",0.54110000000000003,{"$f":"+Insumos!$G$15","v":20.22},10.94]
[{"$f":"CONCATENATE(\"SINAPI C \",Insumos!$B$13)","v":"SINAPI C 88238"},"AJUDANTE DE ARMADOR C/ENCARGOS COMPLEMENTARES","h",0.10150000000000001,{"$f":"+Insumos!$G$13","v":16.95},1.72]
[{"$f":"CONCATENATE(\"SINAPI C \",Insumos!$B$35)","v":"SINAPI C 88309"},"PEDREIRO C/ENCARGOS COMPLEMENTARES","h",4.1468999999999996,{"$f":"+Insumos!$G$35","v":20.34},84.34]
[{"$f":"CONCATENATE(\"SINAPI C \",Insumos!$B$38)","v":"SINAPI C 88316"},"SERVENTE C/ ENCARGOS COMPLEMENTARES","h",20.1936,{"$f":"+Insumos!$G$38","v":16.920000000000002},341.67]
["SUB-TOTAL - MÃO-DE-OBRA:",null,{"$f":"SUM(F2304:F2309)","v":579.54}]
[]
[null,"CUSTO TOTAL:",null,null,null,{"$f":"+C2303+C2310","v":1445.24}]
[]
[null,"BDI:","%",{"$f":"+$F$7","v":"28,21%"},null,{"$f":"TRUNC(F2312*D2314,2)","v":407.7}]
[]
[null,"PREÇO:",null,null,null,{"$f":"+F2312+F2314","v":1852.94}]
[]
["CÓDIGO","DISCRIMINAÇÃO","UN","COEFIC.","UNITÁRIO","TOTAL"]
[2317,"RAMPA PPNE's TIPO 2 (CALÇADA ESTREITA) - 2,00 m","un"]
[{"$f":"CONCATENATE(\"COTAÇÃO \",Insumos!$B$135)","v":"COTAÇÃO 114"},"CAÇAMBA 4,00 m³","un",0.79610000000000003,{"$f":"+Insumos!$G$135","v":493.97},{"$f":"TRUNC(D2320*E2320,2)","v":393.24}]
["SINAPI I 1379","CIMENTO PORTLAND CP-II 32","kg",8.3857999999999997,{"$f":"+Insumos!$G$166","v":0.7},5.87]
["SINAPI I 34353","CIMENTO COLA AC-2","kg",0.42199999999999999,{"$f":"+Insumos!$G$165","v":1.1100000000000001},0.46]
["SINAPI I 370","AREIA MÉDIA","m³",6.3500000000000001E-2,{"$f":"+Insumos!$G$87","v":69},4.38]
["SINAPI I 366","AREIA FINA","m³",1.1000000000000001E-3,{"$f":"+Insumos!$G$85","v":69},7.0000000000000007E-2]
[{"$f":"CONCATENATE(\"SINAPI C \",'Composições Aux. SINAPI'!$A$19)","v":"SINAPI C 88629"},"ARGAMASSA TRAÇO 1:3","m³",1.0200000000000001E-2,{"$f":"+'Composições Aux. SINAPI'!$E$19:$F$19","v":556.9},5.68]
["SINAPI I 2692","DESMOLDANTE P/ FORMAS DE MADEIRA","l",4.1500000000000002E-2,{"$f":"+Insumos!$G$185","v":5.91},0.24]
[{"$f":"CONCATENATE(\"SINAPI C \",'Composições Aux. SINAPI'!$A$33)","v":"SINAPI C 94963"},"CONCRETO fck=15 MPa PREPARO COM BETONEIRA","m³",0.91100000000000003,{"$f":"+'Composições Aux. SINAPI'!$E$33:$F$33","v":352.14},320.79000000000002]
["SINAPI I 3777","LONA PLÁSTICA PRETA","m²",11.22,{"$f":"+Insumos!$G$243","v":1.75},19.63]
[{"$f":"CONCATENATE(\"COTAÇÃO \",Insumos!$B$247)","v":"COTAÇÃO 110"},"MANTA GEOTÊXTIL PARA CURA DO CONCRETO","m²",10.71,{"$f":"+Insumos!$G$247","v":2.82},30.2]
[{"$f":"CONCATENATE(\"SINAPI C \",'Composições Aux. SINAPI'!$A$40,)","v":"SINAPI C 92791"},"CORTE E DOBRA AÇO CA-60","kg",1.6013999999999999,{"$f":"+'Composições Aux. SINAPI'!$E$40:$F$40","v":11.17},17.88]
["SINAPI I 21141","TELA DE AÇO SOLDADA CA-60 4,2mm 15 x 15 cm","m²",10.506,{"$f":"+Insumos!$G$354","v":20.14},211.59]
[{"$f":"CONCATENATE(\"SINAPI I \",Insumos!$B$84)","v":"SINAPI I 43132"},"ARAME RECOZIDO 18 BWG","kg",0.1933,{"$f":"+Insumos!$G$84","v":25.15},4.8600000000000003]
["SINAPI I 5068","PREGO DE AÇO 17 x 21 C/CABEÇA","kg",1.5599999999999999E-2,{"$f":"+Insumos!$G$297","v":20.73},0.32]
[{"$f":"CONCATENATE(\"SINAPI I \",Insumos!$B$298)","v":"SINAPI I 5073"},"PREGO DE AÇO 17 x 24 C/CABEÇA","kg",5.2999999999999999E-2,{"$f":"+Insumos!$G$298","v":21.13},1.1100000000000001]
[{"$f":"CONCATENATE(\"SINAPI I \",Insumos!$B$300)","v":"SINAPI I 40304"},"PREGO DE AÇO 17 x 27 C/CABEÇA DUPLA","kg",6.9400000000000003E-2,{"$f":"+Insumos!$G$300","v":25.59},1.77]
[{"$f":"CONCATENATE(\"SINAPI C \",'Composições Aux. SINAPI'!$A$76,)","v":"SINAPI C 91692"},"SERRA CIRCULAR DE BANCADA C/COIFA PARA DISCO 10\" (chp)","chp",3.4700000000000002E-2,{"$f":"+'Composições Aux. SINAPI'!$E$76","v":24.14},0.83]
[{"$f":"CONCATENATE(\"SINAPI C \",'Composições Aux. SINAPI'!$A$77)","v":"SINAPI C 91693"},"SERRA CIRCULAR DE BANCADA C/COIFA PARA DISCO 10\" (chi)","chi",2.86E-2,{"$f":"+'Composições Aux. SINAPI'!$E$77","v":22.66},0.64]
[{"$f":"CONCATENATE(\"SINAPI I \",Insumos!$B$288)","v":"SINAPI I 4491"},"PONTALETE EM PINUS 7,5 x 7,5 cm","m",2.5674999999999999,{"$f":"+Insumos!$G$288","v":6.25},16.04]
[{"$f":"CONCATENATE(\"SINAPI I \",Insumos!$B$314)","v":"SINAPI I 4517"},"SARRAFO PINUS 2,5 x 7,5 cm","m",1.1567000000000001,{"$f":"+Insumos!$G$314","v":2.1800000000000002},2.52]
["SINAPI I 4460","SARRAFO NÃO APARELHADO CEDRINHO 2,5 X 10 cm","m",1.3332999999999999,{"$f":"+Insumos!$G$312","v":5.61},7.47]
[{"$f":"CONCATENATE(\"SINAPI I \",Insumos!$B$322)","v":"SINAPI I 6189"},"TÁBUA MADEIRA NÃO APARELHADA CEDRINHO 2,5 x 30 cm","m",2.0562999999999998,{"$f":"+Insumos!$G$322","v":16.39},33.700000000000003]
[{"$f":"CONCATENATE(\"COTAÇÃO \",Insumos!$B$283)","v":"COTAÇÃO 101"},"PISO PODOTÁTIL 25x25 cm","un",6.18,{"$f":"+Insumos!$G$283","v":4},24.72]
["SUB-TOTAL - MATERIAL / EQUIPAMENTOS:",null,{"$f":"SUM(F2320:F2342)","v":1104.0100000000002}]
[{"$f":"CONCATENATE(\"SINAPI C \",Insumos!$B$21)","v":"SINAPI C 88262"},"CARPINTEIRO C/ENCARGOS COMPLEMENTARES","h",6.048,{"$f":"+Insumos!$G$21","v":20.100000000000001},{"$f":"TRUNC(D2344*E2344,2)","v":121.56}]
[{"$f":"CONCATENATE(\"SINAPI C \",Insumos!$B$14)","v":"SINAPI C 88239"},"AJUDANTE DE CARPINTEIRO C/ENCARGOS COMPLEMENTARES","h",2.0188999999999999,{"$f":"+Insumos!$G$14","v":16.87},34.049999999999997]
[{"$f":"CONCATENATE(\"SINAPI C \",Insumos!$B$15)","v":"SINAPI C 88245"},"ARMADOR C/ENCARGOS COMPLEMENTARES","h",0.61760000000000004,{"$f":"+Insumos!$G$15","v":20.22},12.48]
[{"$f":"CONCATENATE(\"SINAPI C \",Insumos!$B$13)","v":"SINAPI C 88238"},"AJUDANTE DE ARMADOR C/ENCARGOS COMPLEMENTARES","h",0.10150000000000001,{"$f":"+Insumos!$G$13","v":16.95},1.72]
[{"$f":"CONCATENATE(\"SINAPI C \",Insumos!$B$35)","v":"SINAPI C 88309"},"PEDREIRO C/ENCARGOS COMPLEMENTARES","h",4.7117000000000004,{"$f":"+Insumos!$G$35","v":20.34},95.83]
[{"$f":"CONCATENATE(\"SINAPI C \",Insumos!$B$38)","v":"SINAPI C 88316"},"SERVENTE C/ ENCARGOS COMPLEMENTARES","h",24.5488,{"$f":"+Insumos!$G$38","v":16.920000000000002},415.36]
["SUB-TOTAL - MÃO-DE-OBRA:",null,{"$f":"SUM(F2344:F2349)","v":681}]
[]
[null,"CUSTO TOTAL:",null,null,null,{"$f":"+C2343+C2350","v":1785.0100000000002}]
[]
[null,"BDI:","%",{"$f":"+$F$7","v":"28,21%"},null,{"$f":"TRUNC(F2352*D2354,2)","v":503.55}]
[]
[null,"PREÇO:",null,null,null,{"$f":"+F2352+F2354","v":2288.5600000000004}]
[]
["CÓDIGO","DISCRIMINAÇÃO","UN","COEFIC.","UNITÁRIO","TOTAL"]
[2320,"CORRIMÃO PPNE's","m"]
["SINAPI I 370","AREIA MÉDIA","m³",3.9699999999999999E-2,{"$f":"+Insumos!$G$87","v":69},{"$f":"TRUNC(D2360*E2360,2)","v":2.73}]
[{"$f":"CONCATENATE(\"COTAÇÃO \",Insumos!$B$126)","v":"COTAÇÃO 116"},"BRITA 1 OU 2 - POSTO OBRA","m³",3.15E-2,{"$f":"+Insumos!$G$126","v":83.39},2.62]
[{"$f":"CONCATENATE(\"COTAÇÃO \",Insumos!$B$135)","v":"COTAÇÃO 114"},"CAÇAMBA 4,00 m³","un",0.01,{"$f":"+Insumos!$G$135","v":493.97},4.93]
[{"$f":"CONCATENATE(\"SINAPI C \",'Composições Aux. SINAPI'!$A$24)","v":"SINAPI C 88830"},"BETONEIRA 400 l, POTÊNCIA 2 cv, SEM CARREGADOR","chp",3.5000000000000003E-2,{"$f":"+'Composições Aux. SINAPI'!$E$24","v":1.99},0.06]
[{"$f":"CONCATENATE(\"SINAPI C \",'Composições Aux. SINAPI'!$A$25)","v":"SINAPI C 88831"},"BETONEIRA 400 l, POTÊNCIA 2 cv, SEM CARREGADOR","chi",3.27E-2,{"$f":"+'Composições Aux. SINAPI'!$E$25","v":0.34},0.01]
[{"$f":"CONCATENATE(\"SINAPI C \",'Composições Aux. SINAPI'!$A$89,)","v":"SINAPI C 90586"},"VIBRADOR DE IMERSÃO, DIÂMETRO DE PONTEIRA 45 mm","chp",1.26E-2,{"$f":"+'Composições Aux. SINAPI'!$E$89","v":1.1399999999999999},0.01]
[{"$f":"CONCATENATE(\"SINAPI C \",'Composições Aux. SINAPI'!$A$90)","v":"SINAPI C 90587"},"VIBRADOR DE IMERSÃO, DIÂMETRO DE PONTEIRA 45 mm","chi",3.6400000000000002E-2,{"$f":"+'Composições Aux. SINAPI'!$E$90","v":0.35},0.01]
[{"$f":"CONCATENATE(\"SINAPI C \",'Composições Aux. SINAPI'!$A$76,)","v":"SINAPI C 91692"},"SERRA CIRCULAR DE BANCADA C/COIFA PARA DISCO 10\" (chp)","chp",1.2800000000000001E-2,{"$f":"+'Composições Aux. SINAPI'!$E$76","v":24.14},0.3]
[{"$f":"CONCATENATE(\"SINAPI C \",'Composições Aux. SINAPI'!$A$77)","v":"SINAPI C 91693"},"SERRA CIRCULAR DE BANCADA C/COIFA PARA DISCO 10\" (chi)","chi",1.12E-2,{"$f":"+'Composições Aux. SINAPI'!$E$77","v":22.66},0.25]
[{"$f":"CONCATENATE(\"SINAPI I \",Insumos!$B$298)","v":"SINAPI I 5073"},"PREGO DE AÇO 17 x 24 C/CABEÇA","kg",1.9599999999999999E-2,{"$f":"+Insumos!$G$298","v":21.13},0.41]
[{"$f":"CONCATENATE(\"SINAPI I \",Insumos!$B$300)","v":"SINAPI I 40304"},"PREGO DE AÇO 17 x 27 C/CABEÇA DUPLA","kg",1.3599999999999999E-2,{"$f":"+Insumos!$G$300","v":25.59},0.34]
[{"$f":"CONCATENATE(\"SINAPI I \",Insumos!$B$84)","v":"SINAPI I 43132"},"ARAME RECOZIDO 18 BWG","kg",2.75E-2,{"$f":"+Insumos!$G$84","v":25.15},0.69]
[{"$f":"CONCATENATE(\"SINAPI I \",Insumos!$B$67)","v":"SINAPI I 43058"},"AÇO CA-50 10 mm DOBRADO E CORTADO","kg",7.8E-2,{"$f":"+Insumos!$G$67","v":9.2799999999999994},0.72]
["SINAPI I 43061","AÇO CA-60 4,2mm - 0,109 kg/m","kg",0.22539999999999999,{"$f":"+Insumos!$G$71","v":9.25},2.08]
["SINAPI I 43062","AÇO CA-60 6,0 mm - 0,222 kg/m","kg",0.95020000000000004,{"$f":"+Insumos!$G$75","v":9.7799999999999994},9.2899999999999991]
[{"$f":"CONCATENATE(\"SINAPI I \",Insumos!$B$198)","v":"SINAPI I 39017"},"ESPAÇADOR CIRCULAR EM PLÁSTICO, 4,2 A 12,5 mm","un",2.1606000000000001,{"$f":"+Insumos!$G$198","v":0.12},0.25]
[{"$f":"CONCATENATE(\"SINAPI I \",Insumos!$B$288)","v":"SINAPI I 4491"},"PONTALETE EM PINUS 7,5 x 7,5 cm","m",1.64,{"$f":"+Insumos!$G$288","v":6.25},10.25]
[{"$f":"CONCATENATE(\"COTAÇÃO \",Insumos!$B$225)","v":"COTAÇÃO 23"},"GUIA CEDRINHO 2,5 x 20 cm","m",1,{"$f":"+Insumos!$G$225","v":17.18},17.18]
[{"$f":"CONCATENATE(\"SINAPI I \",Insumos!$B$314)","v":"SINAPI I 4517"},"SARRAFO PINUS 2,5 x 7,5 cm","m",1.23,{"$f":"+Insumos!$G$314","v":2.1800000000000002},2.68]
[{"$f":"CONCATENATE(\"SINAPI I \",Insumos!$B$185)","v":"SINAPI I 2692"},"DESMOLDANTE P/FORMAS DE MADEIRA","l",6.7999999999999996E-3,{"$f":"+Insumos!$G$185","v":5.91},0.04]
["SINAPI I 21011","TUBO AÇO GALVANIZADO C/COSTURA 1 1/4\", 2,65 mm","m",3.1960999999999999,{"$f":"+Insumos!$G$372","v":62.02},198.22]
["SINAPI I 1164","TAMPÃO DE FERRO GALVANIZADO DE 1 1/4\"","un",0.83299999999999996,{"$f":"+Insumos!$G$344","v":13.46},11.21]
["SINAPI I 3768","LIXA P/FERRO","un",0.14050000000000001,{"$f":"+Insumos!$G$238","v":4.4400000000000004},0.62]
[{"$f":"CONCATENATE(\"COTAÇÃO \",Insumos!$B$215)","v":"COTAÇÃO 109"},"FUNDO P/GALVANIZADO","l",2.81E-2,{"$f":"+Insumos!$G$215","v":34.47},0.96]
[{"$f":"CONCATENATE(\"SINAPI I \",Insumos!$B$318)","v":"SINAPI I 5318"},"SOLVENTE DILUENTE A BASE DE AGUARRÁS","l",1.4E-2,{"$f":"+Insumos!$G$318","v":23.8},0.33]
[{"$f":"CONCATENATE(\"SINAPI I \",Insumos!$B$364)","v":"SINAPI I 7292"},"TINTA ESMALTE SINTÉTICO BRILHANTE","l",6.7400000000000002E-2,{"$f":"+Insumos!$G$364","v":34.700000000000003},2.33]
["SINAPI I 9837","TUBO PVC P/ ESGOTO PREDIAL 75 mm","m",0.41670000000000001,{"$f":"+Insumos!$G$381","v":17.16},7.15]
["SINAPI I 1379","CIMENTO PORTLAND CP-II 32","kg",12.915800000000001,{"$f":"+Insumos!$G$166","v":0.7},9.0399999999999991]
["SUB-TOTAL - MATERIAL / EQUIPAMENTOS:",null,{"$f":"SUM(F2360:F2387)","v":284.70999999999992}]
["SINAPI C 88377","OPERADOR DE BETONEIRA C/ENCARGOS COMPLEMENTARES","h",6.7599999999999993E-2,{"$f":"+Insumos!$G$32","v":19.739999999999998},{"$f":"TRUNC(D2389*E2389,2)","v":1.33}]
[{"$f":"CONCATENATE(\"SINAPI C \",Insumos!$B$21)","v":"SINAPI C 88262"},"CARPINTEIRO C/ENCARGOS COMPLEMENTARES","h",0.51559999999999995,{"$f":"+Insumos!$G$21","v":20.100000000000001},10.36]
[{"$f":"CONCATENATE(\"SINAPI C \",Insumos!$B$14)","v":"SINAPI C 88239"},"AJUDANTE DE CARPINTEIRO C/ENCARGOS COMPLEMENTARES","h",0.2,{"$f":"+Insumos!$G$14","v":16.87},3.37]
[{"$f":"CONCATENATE(\"SINAPI C \",Insumos!$B$36)","v":"SINAPI C 88310"},"PINTOR C/ENCARGOS COMPLEMENTARES","h",1.4063000000000001,{"$f":"+Insumos!$G$36","v":21.41},30.1]
[{"$f":"CONCATENATE(\"SINAPI C \",Insumos!$B$15)","v":"SINAPI C 88245"},"ARMADOR C/ENCARGOS COMPLEMENTARES","h",0.29820000000000002,{"$f":"+Insumos!$G$15","v":20.22},6.02]
[{"$f":"CONCATENATE(\"SINAPI C \",Insumos!$B$13)","v":"SINAPI C 88238"},"AJUDANTE DE ARMADOR C/ENCARGOS COMPLEMENTARES","h",8.1699999999999995E-2,{"$f":"+Insumos!$G$13","v":16.95},1.38]
[{"$f":"CONCATENATE(\"SINAPI C \",Insumos!$B$37)","v":"SINAPI C 88315"},"SERRALHEIRO C/ENCARGOS COMPLEMENTARES","h",0.32500000000000001,{"$f":"+Insumos!$G$37","v":20.22},6.57]
[{"$f":"CONCATENATE(\"SINAPI C \",Insumos!$B$35)","v":"SINAPI C 88309"},"PEDREIRO C/ENCARGOS COMPLEMENTARES","h",0.1069,{"$f":"+Insumos!$G$35","v":20.34},2.17]
[{"$f":"CONCATENATE(\"SINAPI C \",Insumos!$B$38)","v":"SINAPI C 88316"},"SERVENTE C/ ENCARGOS COMPLEMENTARES","h",2.7109000000000001,{"$f":"+Insumos!$G$38","v":16.920000000000002},45.86]
["SUB-TOTAL - MÃO-DE-OBRA:",null,{"$f":"SUM(F2389:F2397)","v":107.16}]
[]
[null,"CUSTO TOTAL:",null,null,null,{"$f":"+C2388+C2398","v":391.86999999999989}]
[]
[null,"BDI:","%",{"$f":"+$F$7","v":"28,21%"},null,{"$f":"TRUNC(F2400*D2402,2)","v":110.54}]
[]
[null,"PREÇO:",null,null,null,{"$f":"+F2400+F2402","v":502.40999999999991}]
[]
["CÓDIGO","DISCRIMINAÇÃO","UN","COEFIC.","UNITÁRIO","TOTAL"]
[2405,"TELAMENTO h=5,50 m","m"]
[{"$f":"CONCATENATE(\"SINAPI I \",Insumos!$B$279)","v":"SINAPI I 4718"},"PEDRA BRITADA Nº 2","m³",8.5000000000000006E-3,{"$f":"+Insumos!$G$279","v":61.4},{"$f":"TRUNC(D2408*E2408,2)","v":0.52}]
[{"$f":"CONCATENATE(\"SINAPI I \",Insumos!$B$321)","v":"SINAPI I 6193"},"TÁBUA MADEIRA NÃO APARELHADA CEDRINHO 2,5 x 20 cm","m",0.7,{"$f":"+Insumos!$G$321","v":11.23},{"$f":"TRUNC(D2409*E2409,2)","v":7.86}]
[{"$f":"CONCATENATE(\"SINAPI I \",Insumos!$B$288)","v":"SINAPI I 4491"},"PONTALETE EM PINUS 7,5 x 7,5 cm","m",1.1387,{"$f":"+Insumos!$G$288","v":6.25},7.11]
[{"$f":"CONCATENATE(\"SINAPI I \",Insumos!$B$314)","v":"SINAPI I 4517"},"SARRAFO PINUS 2,5 x 7,5 cm","m",0.78269999999999995,{"$f":"+Insumos!$G$314","v":2.1800000000000002},1.7]
[{"$f":"CONCATENATE(\"SINAPI C \",'Composições Aux. SINAPI'!$A$76,)","v":"SINAPI C 91692"},"SERRA CIRCULAR DE BANCADA C/COIFA PARA DISCO 10\" (chp)","chp",1.2800000000000001E-2,{"$f":"+'Composições Aux. SINAPI'!$E$76","v":24.14},0.3]
[{"$f":"CONCATENATE(\"SINAPI C \",'Composições Aux. SINAPI'!$A$77)","v":"SINAPI C 91693"},"SERRA CIRCULAR DE BANCADA C/COIFA PARA DISCO 10\" (chi)","chi",1.12E-2,{"$f":"+'Composições Aux. SINAPI'!$E$77","v":22.66},0.25]
[{"$f":"CONCATENATE(\"SINAPI I \",Insumos!$B$298)","v":"SINAPI I 5073"},"PREGO DE AÇO 17 x 24 C/CABEÇA","kg",1.9599999999999999E-2,{"$f":"+Insumos!$G$298","v":21.13},0.41]
[{"$f":"CONCATENATE(\"SINAPI I \",Insumos!$B$300)","v":"SINAPI I 40304"},"PREGO DE AÇO 17 x 27 C/CABEÇA DUPLA","kg",1.3599999999999999E-2,{"$f":"+Insumos!$G$300","v":25.59},0.34]
[{"$f":"CONCATENATE(\"SINAPI I \",Insumos!$B$185)","v":"SINAPI I 2692"},"DESMOLDANTE P/FORMAS DE MADEIRA","l",6.7999999999999996E-3,{"$f":"+Insumos!$G$185","v":5.91},0.04]
[{"$f":"CONCATENATE(\"SINAPI C \",'Composições Aux. SINAPI'!$A$40,)","v":"SINAPI C 92791"},"CORTE E DOBRA AÇO CA-60 4,2 e 6,0 mm","kg",1.0987,{"$f":"+'Composições Aux. SINAPI'!$E$40:$F$40","v":11.17},12.27]
[{"$f":"CONCATENATE(\"SINAPI I \",Insumos!$B$198)","v":"SINAPI I 39017"},"ESPAÇADOR CIRCULAR EM PLÁSTICO, 4,2 A 12,5 mm","un",2.1606000000000001,{"$f":"+Insumos!$G$198","v":0.12},0.25]
[{"$f":"CONCATENATE(\"SINAPI I \",Insumos!$B$84)","v":"SINAPI I 43132"},"ARAME RECOZIDO 18 BWG","kg",2.75E-2,{"$f":"+Insumos!$G$84","v":25.15},0.69]
[{"$f":"CONCATENATE(\"SINAPI C \",'Composições Aux. SINAPI'!$A$89)","v":"SINAPI C 90586"},"VIBRADOR DE IMERSÃO, DIÂMETRO DE PONTEIRA 45 mm (chp)","chp",1.78E-2,{"$f":"+'Composições Aux. SINAPI'!$E$89:$F$89","v":1.1399999999999999},0.02]
[{"$f":"CONCATENATE(\"SINAPI C \",'Composições Aux. SINAPI'!$A$90)","v":"SINAPI C 90587"},"VIBRADOR DE IMERSÃO, DIÂMETRO DE PONTEIRA 45 mm (chi)","chi",5.16E-2,{"$f":"+'Composições Aux. SINAPI'!$E$90:$F$90","v":0.35},{"$f":"TRUNC(D2421*E2421,2)","v":0.01}]
[{"$f":"CONCATENATE(\"SINAPI C \",'Composições Aux. SINAPI'!$A$33)","v":"SINAPI C 94963"},"CONCRETO fck=15 MPa PREPARO COM BETONEIRA","m³",6.5199999999999994E-2,{"$f":"+'Composições Aux. SINAPI'!$E$33:$F$33","v":352.14},{"$f":"TRUNC(D2422*E2422,2)","v":22.95}]
[{"$f":"CONCATENATE(\"SINAPI I \",Insumos!$B$382)","v":"SINAPI I 9836"},"TUBO PVC P/ ESGOTO PREDIAL 100 mm","m",0.26669999999999999,{"$f":"+Insumos!$G$382","v":19.36},5.16]
[{"$f":"CONCATENATE(\"COTAÇÃO \",Insumos!$B$135)","v":"COTAÇÃO 114"},"CAÇAMBA 4,00 m³","un",2.0799999999999999E-2,{"$f":"+Insumos!$G$135","v":493.97},10.27]
[{"$f":"CONCATENATE(\"SINAPI I \",Insumos!$B$373)","v":"SINAPI I 21012"},"TUBO AÇO GALVANIZADO C/COSTURA 1 1/2\", 3,00 mm","m",1.7491000000000001,{"$f":"+Insumos!$G$373","v":68.53},119.86]
[{"$f":"CONCATENATE(\"SINAPI I \",Insumos!$B$375)","v":"SINAPI I 21014"},"TUBO AÇO GALVANIZADO C/COSTURA 2 1/2\", 3,35 mm","m",2,{"$f":"+Insumos!$G$375","v":125.13},250.26]
[{"$f":"CONCATENATE(\"SINAPI I \",Insumos!$B$347)","v":"SINAPI I 1169"},"TAMPÃO DE FERRO GALVANIZADO DE 2 1/2\"","un",0.33329999999999999,{"$f":"+Insumos!$G$347","v":43.31},14.43]
[{"$f":"CONCATENATE(\"SINAPI C \",'Composições Aux. SINAPI'!$A$22)","v":"SINAPI C 88631"},"ARGAMASSA TRAÇO 1:4 PREPARO MANUAL","m³",5.0000000000000001E-4,{"$f":"+'Composições Aux. SINAPI'!$E$22:$F$22","v":492.28},0.24]
[{"$f":"CONCATENATE(\"COTAÇÃO \",Insumos!$B$352)","v":"COTAÇÃO 80"},"TELA ARAME GALVANIZADO 5 x 5 cm FIO 12 BWG","m²",5.7750000000000004,{"$f":"+Insumos!$G$352","v":31.11},179.66]
[{"$f":"CONCATENATE(\"SINAPI I \",Insumos!$B$80)","v":"SINAPI I 43131"},"ARAME GALVANIZADO 8 BWG","kg",3.4700000000000002E-2,{"$f":"+Insumos!$G$80","v":29.21},1.01]
[{"$f":"CONCATENATE(\"SINAPI I \",Insumos!$B$81)","v":"SINAPI I 43131"},"ARAME GALVANIZADO 10 BWG","kg",0.66090000000000004,{"$f":"+Insumos!$G$81","v":29.21},19.3]
[{"$f":"CONCATENATE(\"SINAPI I \",Insumos!$B$82)","v":"SINAPI I 43130"},"ARAME GALVANIZADO 12 BWG","kg",0.1883,{"$f":"+Insumos!$G$82","v":25.15},4.7300000000000004]
[{"$f":"CONCATENATE(\"COTAÇÃO \",Insumos!$B$200)","v":"COTAÇÃO 79"},"ESTICADOR DE ARAME","un",0.58330000000000004,{"$f":"+Insumos!$G$200","v":6.41},3.73]
[{"$f":"CONCATENATE(\"SINAPI I \",Insumos!$B$79)","v":"SINAPI I 10527"},"ANDAIME METÁLICO, TIPO TORRE, LARGURA DE 1 A 1,5 m E ALTURA DE 1 m LOCAÇÃO","mxmês",0.125,{"$f":"+Insumos!$G$79","v":25},3.12]
[{"$f":"CONCATENATE(\"SINAPI I \",Insumos!$B$322)","v":"SINAPI I 6189"},"TÁBUA MADEIRA NÃO APARELHADA CEDRINHO 2,5 x 30 cm","m",2.29E-2,{"$f":"+Insumos!$G$322","v":16.39},{"$f":"TRUNC(D2435*E2435,2)","v":0.37}]
[{"$f":"CONCATENATE(\"SINAPI C \",'Composições Aux. SINAPI'!$A$65)","v":"SINAPI C 97064"},"MONTAGEM E DESMONTAGEM DE ANDAIME TUBULAR TIPO \u0093TORRE\u0094","m",0.125,{"$f":"+'Composições Aux. SINAPI'!$E$65:$F$65","v":15.61},{"$f":"TRUNC(D2436*E2436,2)","v":1.95}]
[{"$f":"CONCATENATE(\"COTAÇÃO \",Insumos!$B$215)","v":"COTAÇÃO 109"},"FUNDO P/GALVANIZADO","l",4.82E-2,{"$f":"+Insumos!$G$215","v":34.47},{"$f":"TRUNC(D2437*E2437,2)","v":1.66}]
[{"$f":"CONCATENATE(\"SINAPI I \",Insumos!$B$318)","v":"SINAPI I 5318"},"SOLVENTE DILUENTE A BASE DE AGUARRÁS","l",2.3E-2,{"$f":"+Insumos!$G$318","v":23.8},{"$f":"TRUNC(D2438*E2438,2)","v":0.54}]
[{"$f":"CONCATENATE(\"SINAPI I \",Insumos!$B$364)","v":"SINAPI I 7292"},"TINTA ESMALTE SINTÉTICO BRILHANTE","l",0.18629999999999999,{"$f":"+Insumos!$G$364","v":34.700000000000003},{"$f":"TRUNC(D2439*E2439,2)","v":6.46}]
["SUB-TOTAL - MATERIAL / EQUIPAMENTOS:",null,{"$f":"SUM(F2408:F2439)","v":677.47}]
[{"$f":"CONCATENATE(\"SINAPI C \",Insumos!$B$21)","v":"SINAPI C 88262"},"CARPINTEIRO C/ENCARGOS COMPLEMENTARES","h",0.51559999999999995,{"$f":"+Insumos!$G$21","v":20.100000000000001},{"$f":"TRUNC(D2441*E2441,2)","v":10.36}]
[{"$f":"CONCATENATE(\"SINAPI C \",Insumos!$B$14)","v":"SINAPI C 88239"},"AJUDANTE DE CARPINTEIRO C/ENCARGOS COMPLEMENTARES","h",0.2,{"$f":"+Insumos!$G$14","v":16.87},{"$f":"TRUNC(D2442*E2442,2)","v":3.37}]
[{"$f":"CONCATENATE(\"SINAPI C \",Insumos!$B$36)","v":"SINAPI C 88310"},"PINTOR C/ENCARGOS COMPLEMENTARES","h",1.4864999999999999,{"$f":"+Insumos!$G$36","v":21.41},31.82]
[{"$f":"CONCATENATE(\"SINAPI C \",Insumos!$B$15)","v":"SINAPI C 88245"},"ARMADOR C/ENCARGOS COMPLEMENTARES","h",0.2137,{"$f":"+Insumos!$G$15","v":20.22},4.32]
[{"$f":"CONCATENATE(\"SINAPI C \",Insumos!$B$13)","v":"SINAPI C 88238"},"AJUDANTE DE ARMADOR C/ENCARGOS COMPLEMENTARES","h",6.9800000000000001E-2,{"$f":"+Insumos!$G$13","v":16.95},1.18]
[{"$f":"CONCATENATE(\"SINAPI C \",Insumos!$B$37)","v":"SINAPI C 88315"},"SERRALHEIRO C/ENCARGOS COMPLEMENTARES","h",5.3757000000000001,{"$f":"+Insumos!$G$37","v":20.22},{"$f":"TRUNC(D2446*E2446,2)","v":108.69}]
[{"$f":"CONCATENATE(\"SINAPI C \",Insumos!$B$35)","v":"SINAPI C 88309"},"PEDREIRO C/ENCARGOS COMPLEMENTARES","h",0.34860000000000002,{"$f":"+Insumos!$G$35","v":20.34},7.09]
[{"$f":"CONCATENATE(\"SINAPI C \",Insumos!$B$38)","v":"SINAPI C 88316"},"SERVENTE C/ ENCARGOS COMPLEMENTARES","h",6.3369999999999997,{"$f":"+Insumos!$G$38","v":16.920000000000002},107.22]
["SUB-TOTAL - MÃO-DE-OBRA:",null,{"$f":"SUM(F2441:F2448)","v":274.05}]
[]
[null,"CUSTO TOTAL:",null,null,null,{"$f":"+C2440+C2449","v":951.52}]
[]
[null,"BDI:","%",{"$f":"+$F$7","v":"28,21%"},null,{"$f":"TRUNC(F2451*D2453,2)","v":268.42}]
[]
[null,"PREÇO:",null,null,null,{"$f":"+F2451+F2453","v":1219.94}]
[]
["CÓDIGO","DISCRIMINAÇÃO","UN","COEFIC.","UNITÁRIO","TOTAL"]
[2407,"TELAMENTO h=3,00 m","m"]
[{"$f":"CONCATENATE(\"SINAPI I \",Insumos!$B$279)","v":"SINAPI I 4718"},"PEDRA BRITADA Nº 2","m³",8.5000000000000006E-3,{"$f":"+Insumos!$G$279","v":61.4},{"$f":"TRUNC(D2459*E2459,2)","v":0.52}]
[{"$f":"CONCATENATE(\"SINAPI I \",Insumos!$B$321)","v":"SINAPI I 6193"},"TÁBUA MADEIRA NÃO APARELHADA CEDRINHO 2,5 x 20 cm","m",0.7,{"$f":"+Insumos!$G$321","v":11.23},{"$f":"TRUNC(D2460*E2460,2)","v":7.86}]
[{"$f":"CONCATENATE(\"SINAPI I \",Insumos!$B$288)","v":"SINAPI I 4491"},"PONTALETE EM PINUS 7,5 x 7,5 cm","m",1.1387,{"$f":"+Insumos!$G$288","v":6.25},7.11]
[{"$f":"CONCATENATE(\"SINAPI I \",Insumos!$B$314)","v":"SINAPI I 4517"},"SARRAFO PINUS 2,5 x 7,5 cm","m",0.78269999999999995,{"$f":"+Insumos!$G$314","v":2.1800000000000002},1.7]
[{"$f":"CONCATENATE(\"SINAPI C \",'Composições Aux. SINAPI'!$A$76,)","v":"SINAPI C 91692"},"SERRA CIRCULAR DE BANCADA C/COIFA PARA DISCO 10\" (chp)","chp",1.2800000000000001E-2,{"$f":"+'Composições Aux. SINAPI'!$E$76","v":24.14},0.3]
[{"$f":"CONCATENATE(\"SINAPI C \",'Composições Aux. SINAPI'!$A$77)","v":"SINAPI C 91693"},"SERRA CIRCULAR DE BANCADA C/COIFA PARA DISCO 10\" (chi)","chi",1.12E-2,{"$f":"+'Composições Aux. SINAPI'!$E$77","v":22.66},0.25]
[{"$f":"CONCATENATE(\"SINAPI I \",Insumos!$B$298)","v":"SINAPI I 5073"},"PREGO DE AÇO 17 x 24 C/CABEÇA","kg",1.9599999999999999E-2,{"$f":"+Insumos!$G$298","v":21.13},0.41]
[{"$f":"CONCATENATE(\"SINAPI I \",Insumos!$B$300)","v":"SINAPI I 40304"},"PREGO DE AÇO 17 x 27 C/CABEÇA DUPLA","kg",1.3599999999999999E-2,{"$f":"+Insumos!$G$300","v":25.59},0.34]
[{"$f":"CONCATENATE(\"SINAPI I \",Insumos!$B$185)","v":"SINAPI I 2692"},"DESMOLDANTE P/FORMAS DE MADEIRA","l",6.7999999999999996E-3,{"$f":"+Insumos!$G$185","v":5.91},0.04]
[{"$f":"CONCATENATE(\"SINAPI C \",'Composições Aux. SINAPI'!$A$40,)","v":"SINAPI C 92791"},"CORTE E DOBRA AÇO CA-60 4,2 e 6,0 mm","kg",1.0987,{"$f":"+'Composições Aux. SINAPI'!$E$40:$F$40","v":11.17},12.27]
[{"$f":"CONCATENATE(\"SINAPI I \",Insumos!$B$198)","v":"SINAPI I 39017"},"ESPAÇADOR CIRCULAR EM PLÁSTICO, 4,2 A 12,5 mm","un",2.1606000000000001,{"$f":"+Insumos!$G$198","v":0.12},0.25]
[{"$f":"CONCATENATE(\"SINAPI I \",Insumos!$B$84)","v":"SINAPI I 43132"},"ARAME RECOZIDO 18 BWG","kg",2.75E-2,{"$f":"+Insumos!$G$84","v":25.15},0.69]
[{"$f":"CONCATENATE(\"SINAPI C \",'Composições Aux. SINAPI'!$A$89)","v":"SINAPI C 90586"},"VIBRADOR DE IMERSÃO, DIÂMETRO DE PONTEIRA 45 mm (chp)","chp",1.78E-2,{"$f":"+'Composições Aux. SINAPI'!$E$89:$F$89","v":1.1399999999999999},0.02]
[{"$f":"CONCATENATE(\"SINAPI C \",'Composições Aux. SINAPI'!$A$90)","v":"SINAPI C 90587"},"VIBRADOR DE IMERSÃO, DIÂMETRO DE PONTEIRA 45 mm (chi)","chi",5.16E-2,{"$f":"+'Composições Aux. SINAPI'!$E$90:$F$90","v":0.35},{"$f":"TRUNC(D2472*E2472,2)","v":0.01}]
[{"$f":"CONCATENATE(\"SINAPI C \",'Composições Aux. SINAPI'!$A$33)","v":"SINAPI C 94963"},"CONCRETO fck=15 MPa PREPARO COM BETONEIRA","m³",6.5199999999999994E-2,{"$f":"+'Composições Aux. SINAPI'!$E$33:$F$33","v":352.14},{"$f":"TRUNC(D2473*E2473,2)","v":22.95}]
[{"$f":"CONCATENATE(\"SINAPI I \",Insumos!$B$382)","v":"SINAPI I 9836"},"TUBO PVC P/ ESGOTO PREDIAL 100 mm","m",0.26669999999999999,{"$f":"+Insumos!$G$382","v":19.36},5.16]
[{"$f":"CONCATENATE(\"COTAÇÃO \",Insumos!$B$135)","v":"COTAÇÃO 114"},"CAÇAMBA 4,00 m³","un",2.0799999999999999E-2,{"$f":"+Insumos!$G$135","v":493.97},10.27]
[{"$f":"CONCATENATE(\"SINAPI I \",Insumos!$B$373)","v":"SINAPI I 21012"},"TUBO AÇO GALVANIZADO C/COSTURA 1 1/2\", 3,00 mm","m",1.05,{"$f":"+Insumos!$G$373","v":68.53},71.95]
[{"$f":"CONCATENATE(\"SINAPI I \",Insumos!$B$375)","v":"SINAPI I 21014"},"TUBO AÇO GALVANIZADO C/COSTURA 2 1/2\", 3,35 mm","m",2,{"$f":"+Insumos!$G$375","v":125.13},250.26]
[{"$f":"CONCATENATE(\"SINAPI I \",Insumos!$B$347)","v":"SINAPI I 1169"},"TAMPÃO DE FERRO GALVANIZADO DE 2 1/2\"","un",0.33329999999999999,{"$f":"+Insumos!$G$347","v":43.31},14.43]
[{"$f":"CONCATENATE(\"SINAPI C \",'Composições Aux. SINAPI'!$A$22)","v":"SINAPI C 88631"},"ARGAMASSA TRAÇO 1:4 PREPARO MANUAL","m³",5.0000000000000001E-4,{"$f":"+'Composições Aux. SINAPI'!$E$22:$F$22","v":492.28},0.24]
[{"$f":"CONCATENATE(\"COTAÇÃO \",Insumos!$B$352)","v":"COTAÇÃO 80"},"TELA ARAME GALVANIZADO 5 x 5 cm FIO 12 BWG","m²",3.15,{"$f":"+Insumos!$G$352","v":31.11},97.99]
[{"$f":"CONCATENATE(\"SINAPI I \",Insumos!$B$80)","v":"SINAPI I 43131"},"ARAME GALVANIZADO 8 BWG","kg",3.4700000000000002E-2,{"$f":"+Insumos!$G$80","v":29.21},1.01]
[{"$f":"CONCATENATE(\"SINAPI I \",Insumos!$B$81)","v":"SINAPI I 43131"},"ARAME GALVANIZADO 10 BWG","kg",0.36720000000000003,{"$f":"+Insumos!$G$81","v":29.21},10.72]
[{"$f":"CONCATENATE(\"SINAPI I \",Insumos!$B$82)","v":"SINAPI I 43130"},"ARAME GALVANIZADO 12 BWG","kg",0.1492,{"$f":"+Insumos!$G$82","v":25.15},3.75]
[{"$f":"CONCATENATE(\"COTAÇÃO \",Insumos!$B$200)","v":"COTAÇÃO 79"},"ESTICADOR DE ARAME","un",0.41670000000000001,{"$f":"+Insumos!$G$200","v":6.41},2.67]
[{"$f":"CONCATENATE(\"SINAPI I \",Insumos!$B$79)","v":"SINAPI I 10527"},"ANDAIME METÁLICO, TIPO TORRE, LARGURA DE 1 A 1,5 m E ALTURA DE 1 m LOCAÇÃO","mxmês",8.3299999999999999E-2,{"$f":"+Insumos!$G$79","v":25},2.08]
[{"$f":"CONCATENATE(\"SINAPI I \",Insumos!$B$322)","v":"SINAPI I 6189"},"TÁBUA MADEIRA NÃO APARELHADA CEDRINHO 2,5 x 30 cm","m",2.29E-2,{"$f":"+Insumos!$G$322","v":16.39},0.37]
[{"$f":"CONCATENATE(\"SINAPI C \",'Composições Aux. SINAPI'!$A$65)","v":"SINAPI C 97064"},"MONTAGEM E DESMONTAGEM DE ANDAIME TUBULAR TIPO \u0093TORRE\u0094","m",8.3299999999999999E-2,{"$f":"+'Composições Aux. SINAPI'!$E$65:$F$65","v":15.61},1.3]
[{"$f":"CONCATENATE(\"COTAÇÃO \",Insumos!$B$215)","v":"COTAÇÃO 109"},"FUNDO P/GALVANIZADO","l",2.8400000000000002E-2,{"$f":"+Insumos!$G$215","v":34.47},0.97]
[{"$f":"CONCATENATE(\"SINAPI I \",Insumos!$B$318)","v":"SINAPI I 5318"},"SOLVENTE DILUENTE A BASE DE AGUARRÁS","l",1.3599999999999999E-2,{"$f":"+Insumos!$G$318","v":23.8},0.32]
[{"$f":"CONCATENATE(\"SINAPI I \",Insumos!$B$364)","v":"SINAPI I 7292"},"TINTA ESMALTE SINTÉTICO BRILHANTE","l",0.10979999999999999,{"$f":"+Insumos!$G$364","v":34.700000000000003},3.81]
["SUB-TOTAL - MATERIAL / EQUIPAMENTOS:",null,{"$f":"SUM(F2459:F2490)","v":532.02}]
[{"$f":"CONCATENATE(\"SINAPI C \",Insumos!$B$21)","v":"SINAPI C 88262"},"CARPINTEIRO C/ENCARGOS COMPLEMENTARES","h",0.51559999999999995,{"$f":"+Insumos!$G$21","v":20.100000000000001},{"$f":"TRUNC(D2492*E2492,2)","v":10.36}]
[{"$f":"CONCATENATE(\"SINAPI C \",Insumos!$B$14)","v":"SINAPI C 88239"},"AJUDANTE DE CARPINTEIRO C/ENCARGOS COMPLEMENTARES","h",0.2,{"$f":"+Insumos!$G$14","v":16.87},3.37]
[{"$f":"CONCATENATE(\"SINAPI C \",Insumos!$B$36)","v":"SINAPI C 88310"},"PINTOR C/ENCARGOS COMPLEMENTARES","h",0.87580000000000002,{"$f":"+Insumos!$G$36","v":21.41},18.75]
[{"$f":"CONCATENATE(\"SINAPI C \",Insumos!$B$15)","v":"SINAPI C 88245"},"ARMADOR C/ENCARGOS COMPLEMENTARES","h",0.2137,{"$f":"+Insumos!$G$15","v":20.22},4.32]
[{"$f":"CONCATENATE(\"SINAPI C \",Insumos!$B$13)","v":"SINAPI C 88238"},"AJUDANTE DE ARMADOR C/ENCARGOS COMPLEMENTARES","h",6.9800000000000001E-2,{"$f":"+Insumos!$G$13","v":16.95},1.18]
[{"$f":"CONCATENATE(\"SINAPI C \",Insumos!$B$37)","v":"SINAPI C 88315"},"SERRALHEIRO C/ENCARGOS COMPLEMENTARES","h",2.9321999999999999,{"$f":"+Insumos!$G$37","v":20.22},59.28]
[{"$f":"CONCATENATE(\"SINAPI C \",Insumos!$B$35)","v":"SINAPI C 88309"},"PEDREIRO C/ENCARGOS COMPLEMENTARES","h",0.34860000000000002,{"$f":"+Insumos!$G$35","v":20.34},7.09]
[{"$f":"CONCATENATE(\"SINAPI C \",Insumos!$B$38)","v":"SINAPI C 88316"},"SERVENTE C/ ENCARGOS COMPLEMENTARES","h",3.8935,{"$f":"+Insumos!$G$38","v":16.920000000000002},65.87]
["SUB-TOTAL - MÃO-DE-OBRA:",null,{"$f":"SUM(F2492:F2499)","v":170.22000000000003}]
[]
[null,"CUSTO TOTAL:",null,null,null,{"$f":"+C2491+C2500","v":702.24}]
[]
[null,"BDI:","%",{"$f":"+$F$7","v":"28,21%"},null,{"$f":"TRUNC(F2502*D2504,2)","v":198.1}]
[]
[null,"PREÇO:",null,null,null,{"$f":"+F2502+F2504","v":900.34}]
[]
["CÓDIGO","DISCRIMINAÇÃO","UN","COEFIC.","UNITÁRIO","TOTAL"]
[2410,"TELAMENTO h=1,00 m","m"]
[{"$f":"CONCATENATE(\"COTAÇÃO \",Insumos!$B$351)","v":"COTAÇÃO 81"},"TELA ARAME GALVANIZADO 4 x 4 cm fio 10 BWG","m²",1.05,{"$f":"+Insumos!$G$351","v":62},{"$f":"TRUNC(D2510*E2510,2)","v":65.099999999999994}]
[{"$f":"CONCATENATE(\"SINAPI I \",Insumos!$B$81)","v":"SINAPI I 43131"},"ARAME GALVANIZADO 10 BWG","kg",0.1469,{"$f":"+Insumos!$G$81","v":29.21},{"$f":"TRUNC(D2511*E2511,2)","v":4.29}]
[{"$f":"CONCATENATE(\"SINAPI I \",Insumos!$B$82)","v":"SINAPI I 43130"},"ARAME GALVANIZADO 12 BWG","kg",4.5199999999999997E-2,{"$f":"+Insumos!$G$82","v":25.15},{"$f":"TRUNC(D2512*E2512,2)","v":1.1299999999999999}]
[{"$f":"CONCATENATE(\"COTAÇÃO \",Insumos!$B$200)","v":"COTAÇÃO 79"},"ESTICADOR DE ARAME","un",0.1111,{"$f":"+Insumos!$G$200","v":6.41},{"$f":"TRUNC(D2513*E2513,2)","v":0.71}]
["SUB-TOTAL - MATERIAL / EQUIPAMENTOS:",null,{"$f":"SUM(F2510:F2513)","v":71.22999999999999}]
[{"$f":"CONCATENATE(\"SINAPI C \",Insumos!$B$37)","v":"SINAPI C 88315"},"SERRALHEIRO C/ENCARGOS COMPLEMENTARES","h",0.48870000000000002,{"$f":"+Insumos!$G$37","v":20.22},{"$f":"TRUNC(D2515*E2515,2)","v":9.8800000000000008}]
[{"$f":"CONCATENATE(\"SINAPI C \",Insumos!$B$38)","v":"SINAPI C 88316"},"SERVENTE C/ ENCARGOS COMPLEMENTARES","h",0.48870000000000002,{"$f":"+Insumos!$G$38","v":16.920000000000002},{"$f":"TRUNC(D2516*E2516,2)","v":8.26}]
["SUB-TOTAL - MÃO-DE-OBRA:",null,{"$f":"SUM(F2515:F2516)","v":18.14}]
[]
[null,"CUSTO TOTAL:",null,null,null,{"$f":"+C2514+C2517","v":89.36999999999999}]
[]
[null,"BDI:","%",{"$f":"+$F$7","v":"28,21%"},null,{"$f":"TRUNC(F2519*D2521,2)","v":25.21}]
[]
[null,"PREÇO:",null,null,null,{"$f":"+F2519+F2521","v":114.57999999999998}]
[]
["CÓDIGO","DISCRIMINAÇÃO","UN","COEFIC.","UNITÁRIO","TOTAL"]
[2415,"TELAMENTO h=3,00 m VÔLEI DE PRAIA","m"]
[{"$f":"CONCATENATE(\"SINAPI I \",Insumos!$B$279)","v":"SINAPI I 4718"},"PEDRA BRITADA Nº 2","m³",8.5000000000000006E-3,{"$f":"+Insumos!$G$279","v":61.4},{"$f":"TRUNC(D2527*E2527,2)","v":0.52}]
[{"$f":"CONCATENATE(\"SINAPI I \",Insumos!$B$321)","v":"SINAPI I 6193"},"TÁBUA MADEIRA NÃO APARELHADA CEDRINHO 2,5 x 20 cm","m",2.1,{"$f":"+Insumos!$G$321","v":11.23},{"$f":"TRUNC(D2528*E2528,2)","v":23.58}]
[{"$f":"CONCATENATE(\"SINAPI I \",Insumos!$B$288)","v":"SINAPI I 4491"},"PONTALETE EM PINUS 7,5 x 7,5 cm","m",2.3163,{"$f":"+Insumos!$G$288","v":6.25},14.47]
[{"$f":"CONCATENATE(\"SINAPI I \",Insumos!$B$314)","v":"SINAPI I 4517"},"SARRAFO PINUS 2,5 x 7,5 cm","m",1.3364,{"$f":"+Insumos!$G$314","v":2.1800000000000002},2.91]
[{"$f":"CONCATENATE(\"SINAPI C \",'Composições Aux. SINAPI'!$A$76,)","v":"SINAPI C 91692"},"SERRA CIRCULAR DE BANCADA C/COIFA PARA DISCO 10\" (chp)","chp",3.8399999999999997E-2,{"$f":"+'Composições Aux. SINAPI'!$E$76","v":24.14},0.92]
[{"$f":"CONCATENATE(\"SINAPI C \",'Composições Aux. SINAPI'!$A$77)","v":"SINAPI C 91693"},"SERRA CIRCULAR DE BANCADA C/COIFA PARA DISCO 10\" (chi)","chi",3.3599999999999998E-2,{"$f":"+'Composições Aux. SINAPI'!$E$77","v":22.66},0.76]
[{"$f":"CONCATENATE(\"SINAPI I \",Insumos!$B$298)","v":"SINAPI I 5073"},"PREGO DE AÇO 17 x 24 C/CABEÇA","kg",5.8799999999999998E-2,{"$f":"+Insumos!$G$298","v":21.13},1.24]
[{"$f":"CONCATENATE(\"SINAPI I \",Insumos!$B$300)","v":"SINAPI I 40304"},"PREGO DE AÇO 17 x 27 C/CABEÇA DUPLA","kg",4.0800000000000003E-2,{"$f":"+Insumos!$G$300","v":25.59},1.04]
[{"$f":"CONCATENATE(\"SINAPI I \",Insumos!$B$185)","v":"SINAPI I 2692"},"DESMOLDANTE P/FORMAS DE MADEIRA","l",2.0400000000000001E-2,{"$f":"+Insumos!$G$185","v":5.91},0.12]
[{"$f":"CONCATENATE(\"SINAPI C \",'Composições Aux. SINAPI'!$A$41,)","v":"SINAPI C 92794"},"CORTE E DOBRA AÇO CA-50 10 mm","kg",4.992,{"$f":"+'Composições Aux. SINAPI'!$E$41:$F$41","v":10.63},53.06]
[{"$f":"CONCATENATE(\"SINAPI C \",'Composições Aux. SINAPI'!$A$40,)","v":"SINAPI C 92791"},"CORTE E DOBRA AÇO CA-60 4,2 e 6,0 mm","kg",0.75209999999999999,{"$f":"+'Composições Aux. SINAPI'!$E$40:$F$40","v":11.17},8.4]
[{"$f":"CONCATENATE(\"SINAPI I \",Insumos!$B$198)","v":"SINAPI I 39017"},"ESPAÇADOR CIRCULAR EM PLÁSTICO, 4,2 A 12,5 mm","un",3.8077999999999999,{"$f":"+Insumos!$G$198","v":0.12},0.45]
[{"$f":"CONCATENATE(\"SINAPI I \",Insumos!$B$84)","v":"SINAPI I 43132"},"ARAME RECOZIDO 18 BWG","kg",0.14360000000000001,{"$f":"+Insumos!$G$84","v":25.15},3.61]
[{"$f":"CONCATENATE(\"SINAPI C \",'Composições Aux. SINAPI'!$A$89)","v":"SINAPI C 90586"},"VIBRADOR DE IMERSÃO, DIÂMETRO DE PONTEIRA 45 mm (chp)","chp",3.6600000000000001E-2,{"$f":"+'Composições Aux. SINAPI'!$E$89:$F$89","v":1.1399999999999999},0.04]
[{"$f":"CONCATENATE(\"SINAPI C \",'Composições Aux. SINAPI'!$A$90)","v":"SINAPI C 90587"},"VIBRADOR DE IMERSÃO, DIÂMETRO DE PONTEIRA 45 mm (chi)","chi",0.10630000000000001,{"$f":"+'Composições Aux. SINAPI'!$E$90:$F$90","v":0.35},{"$f":"TRUNC(D2541*E2541,2)","v":0.03}]
[{"$f":"CONCATENATE(\"SINAPI C \",'Composições Aux. SINAPI'!$A$33)","v":"SINAPI C 94963"},"CONCRETO fck=15 MPa PREPARO COM BETONEIRA","m³",0.13420000000000001,{"$f":"+'Composições Aux. SINAPI'!$E$33:$F$33","v":352.14},{"$f":"TRUNC(D2542*E2542,2)","v":47.25}]
[{"$f":"CONCATENATE(\"SINAPI I \",Insumos!$B$382)","v":"SINAPI I 9836"},"TUBO PVC P/ ESGOTO PREDIAL 100 mm","m",0.4,{"$f":"+Insumos!$G$382","v":19.36},7.74]
[{"$f":"CONCATENATE(\"COTAÇÃO \",Insumos!$B$135)","v":"COTAÇÃO 114"},"CAÇAMBA 4,00 m³","un",3.0599999999999999E-2,{"$f":"+Insumos!$G$135","v":493.97},15.11]
[{"$f":"CONCATENATE(\"SINAPI I \",Insumos!$B$373)","v":"SINAPI I 21012"},"TUBO AÇO GALVANIZADO C/COSTURA 1 1/2\", 3,00 mm","m",1.05,{"$f":"+Insumos!$G$373","v":68.53},71.95]
[{"$f":"CONCATENATE(\"SINAPI I \",Insumos!$B$375)","v":"SINAPI I 21014"},"TUBO AÇO GALVANIZADO C/COSTURA 2 1/2\", 3,35 mm","m",2,{"$f":"+Insumos!$G$375","v":125.13},250.26]
[{"$f":"CONCATENATE(\"SINAPI I \",Insumos!$B$347)","v":"SINAPI I 1169"},"TAMPÃO DE FERRO GALVANIZADO DE 2 1/2\"","un",0.33329999999999999,{"$f":"+Insumos!$G$347","v":43.31},14.43]
[{"$f":"CONCATENATE(\"SINAPI C \",'Composições Aux. SINAPI'!$A$22)","v":"SINAPI C 88631"},"ARGAMASSA TRAÇO 1:4 PREPARO MANUAL","m³",1E-3,{"$f":"+'Composições Aux. SINAPI'!$E$22:$F$22","v":492.28},0.49]
[{"$f":"CONCATENATE(\"COTAÇÃO \",Insumos!$B$352)","v":"COTAÇÃO 80"},"TELA ARAME GALVANIZADO 5 x 5 cm FIO 12 BWG","m²",3.15,{"$f":"+Insumos!$G$352","v":31.11},97.99]
[{"$f":"CONCATENATE(\"SINAPI I \",Insumos!$B$80)","v":"SINAPI I 43131"},"ARAME GALVANIZADO 8 BWG","kg",3.4700000000000002E-2,{"$f":"+Insumos!$G$80","v":29.21},1.01]
[{"$f":"CONCATENATE(\"SINAPI I \",Insumos!$B$81)","v":"SINAPI I 43131"},"ARAME GALVANIZADO 10 BWG","kg",0.36720000000000003,{"$f":"+Insumos!$G$81","v":29.21},10.72]
[{"$f":"CONCATENATE(\"SINAPI I \",Insumos!$B$82)","v":"SINAPI I 43130"},"ARAME GALVANIZADO 12 BWG","kg",0.16889999999999999,{"$f":"+Insumos!$G$82","v":25.15},4.24]
[{"$f":"CONCATENATE(\"COTAÇÃO \",Insumos!$B$200)","v":"COTAÇÃO 79"},"ESTICADOR DE ARAME","un",0.55549999999999999,{"$f":"+Insumos!$G$200","v":6.41},3.56]
[{"$f":"CONCATENATE(\"SINAPI I \",Insumos!$B$79)","v":"SINAPI I 10527"},"ANDAIME METÁLICO, TIPO TORRE, LARGURA DE 1 A 1,5 m E ALTURA DE 1 m LOCAÇÃO","mxmês",0.1111,{"$f":"+Insumos!$G$79","v":25},2.77]
[{"$f":"CONCATENATE(\"SINAPI I \",Insumos!$B$322)","v":"SINAPI I 6189"},"TÁBUA MADEIRA NÃO APARELHADA CEDRINHO 2,5 x 30 cm","m",3.0499999999999999E-2,{"$f":"+Insumos!$G$322","v":16.39},0.49]
[{"$f":"CONCATENATE(\"SINAPI C \",'Composições Aux. SINAPI'!$A$65)","v":"SINAPI C 97064"},"MONTAGEM E DESMONTAGEM DE ANDAIME TUBULAR TIPO \u0093TORRE\u0094","m",0.1111,{"$f":"+'Composições Aux. SINAPI'!$E$65:$F$65","v":15.61},1.73]
[{"$f":"CONCATENATE(\"COTAÇÃO \",Insumos!$B$215)","v":"COTAÇÃO 109"},"FUNDO P/GALVANIZADO","l",3.0499999999999999E-2,{"$f":"+Insumos!$G$215","v":34.47},1.05]
[{"$f":"CONCATENATE(\"SINAPI I \",Insumos!$B$318)","v":"SINAPI I 5318"},"SOLVENTE DILUENTE A BASE DE AGUARRÁS","l",1.46E-2,{"$f":"+Insumos!$G$318","v":23.8},0.34]
[{"$f":"CONCATENATE(\"SINAPI I \",Insumos!$B$364)","v":"SINAPI I 7292"},"TINTA ESMALTE SINTÉTICO BRILHANTE","l",0.1179,{"$f":"+Insumos!$G$364","v":34.700000000000003},4.09]
["SUB-TOTAL - MATERIAL / EQUIPAMENTOS:",null,{"$f":"SUM(F2527:F2559)","v":646.37}]
[{"$f":"CONCATENATE(\"SINAPI C \",Insumos!$B$21)","v":"SINAPI C 88262"},"CARPINTEIRO C/ENCARGOS COMPLEMENTARES","h",1.5468,{"$f":"+Insumos!$G$21","v":20.100000000000001},{"$f":"TRUNC(D2561*E2561,2)","v":31.09}]
[{"$f":"CONCATENATE(\"SINAPI C \",Insumos!$B$14)","v":"SINAPI C 88239"},"AJUDANTE DE CARPINTEIRO C/ENCARGOS COMPLEMENTARES","h",0.6,{"$f":"+Insumos!$G$14","v":16.87},10.119999999999999]
[{"$f":"CONCATENATE(\"SINAPI C \",Insumos!$B$36)","v":"SINAPI C 88310"},"PINTOR C/ENCARGOS COMPLEMENTARES","h",0.94059999999999999,{"$f":"+Insumos!$G$36","v":21.41},20.13]
[{"$f":"CONCATENATE(\"SINAPI C \",Insumos!$B$15)","v":"SINAPI C 88245"},"ARMADOR C/ENCARGOS COMPLEMENTARES","h",0.59060000000000001,{"$f":"+Insumos!$G$15","v":20.22},11.94]
[{"$f":"CONCATENATE(\"SINAPI C \",Insumos!$B$13)","v":"SINAPI C 88238"},"AJUDANTE DE ARMADOR C/ENCARGOS COMPLEMENTARES","h",0.19239999999999999,{"$f":"+Insumos!$G$13","v":16.95},3.26]
[{"$f":"CONCATENATE(\"SINAPI C \",Insumos!$B$37)","v":"SINAPI C 88315"},"SERRALHEIRO C/ENCARGOS COMPLEMENTARES","h",2.9321999999999999,{"$f":"+Insumos!$G$37","v":20.22},59.28]
[{"$f":"CONCATENATE(\"SINAPI C \",Insumos!$B$35)","v":"SINAPI C 88309"},"PEDREIRO C/ENCARGOS COMPLEMENTARES","h",0.75439999999999996,{"$f":"+Insumos!$G$35","v":20.34},15.34]
[{"$f":"CONCATENATE(\"SINAPI C \",Insumos!$B$38)","v":"SINAPI C 88316"},"SERVENTE C/ ENCARGOS COMPLEMENTARES","h",5.1725000000000003,{"$f":"+Insumos!$G$38","v":16.920000000000002},87.51]
["SUB-TOTAL - MÃO-DE-OBRA:",null,{"$f":"SUM(F2561:F2568)","v":238.67000000000002}]
[]
[null,"CUSTO TOTAL:",null,null,null,{"$f":"+C2560+C2569","v":885.04}]
[]
[null,"BDI:","%",{"$f":"+$F$7","v":"28,21%"},null,{"$f":"TRUNC(F2571*D2573,2)","v":249.66}]
[]
[null,"PREÇO:",null,null,null,{"$f":"+F2571+F2573","v":1134.7}]
[]
["CÓDIGO","DISCRIMINAÇÃO","UN","COEFIC.","UNITÁRIO","TOTAL"]
[2430,"GOLEIRA DE FUTSAL","un"]
[{"$f":"CONCATENATE(\"SINAPI C \",'Composições Aux. SINAPI'!$A$89)","v":"SINAPI C 90586"},"VIBRADOR DE IMERSÃO, DIÂMETRO DE PONTEIRA 45 mm (chp)","chp",2.8299999999999999E-2,{"$f":"+'Composições Aux. SINAPI'!$E$89:$F$89","v":1.1399999999999999},{"$f":"TRUNC(D2579*E2579,2)","v":0.03}]
[{"$f":"CONCATENATE(\"SINAPI C \",'Composições Aux. SINAPI'!$A$90)","v":"SINAPI C 90587"},"VIBRADOR DE IMERSÃO, DIÂMETRO DE PONTEIRA 45 mm (chi)","chi",8.2000000000000003E-2,{"$f":"+'Composições Aux. SINAPI'!$E$90:$F$90","v":0.35},{"$f":"TRUNC(D2580*E2580,2)","v":0.02}]
[{"$f":"CONCATENATE(\"SINAPI C \",'Composições Aux. SINAPI'!$A$33)","v":"SINAPI C 94963"},"CONCRETO fck=15 MPa PREPARO COM BETONEIRA","m³",0.10349999999999999,{"$f":"+'Composições Aux. SINAPI'!$E$33:$F$33","v":352.14},{"$f":"TRUNC(D2581*E2581,2)","v":36.44}]
[{"$f":"CONCATENATE(\"SINAPI I \",Insumos!$B$382)","v":"SINAPI I 9836"},"TUBO PVC P/ ESGOTO PREDIAL 100 mm","m",1.6,{"$f":"+Insumos!$G$382","v":19.36},30.97]
[{"$f":"CONCATENATE(\"SINAPI I \",Insumos!$B$375)","v":"SINAPI I 21014"},"TUBO AÇO GALVANIZADO C/COSTURA 2 1/2\", 3,35 mm","m",8.5500000000000007,{"$f":"+Insumos!$G$375","v":125.13},1069.8599999999999]
[{"$f":"CONCATENATE(\"SINAPI I \",Insumos!$B$192)","v":"SINAPI I 11002"},"ELETRODO REVESTIDO AWS - E6013, DIAMETRO IGUAL A 2,50 mm","kg",3.32E-2,{"$f":"+Insumos!$G$192","v":63.86},2.12]
[{"$f":"CONCATENATE(\"SINAPI C \",'Composições Aux. SINAPI'!$A$22)","v":"SINAPI C 88631"},"ARGAMASSA TRAÇO 1:4 PREPARO MANUAL","m³",3.2000000000000002E-3,{"$f":"+'Composições Aux. SINAPI'!$E$22:$F$22","v":492.28},1.57]
[{"$f":"CONCATENATE(\"COTAÇÃO \",Insumos!$B$215)","v":"COTAÇÃO 109"},"FUNDO P/GALVANIZADO","l",0.13100000000000001,{"$f":"+Insumos!$G$215","v":34.47},4.51]
[{"$f":"CONCATENATE(\"SINAPI I \",Insumos!$B$318)","v":"SINAPI I 5318"},"SOLVENTE DILUENTE A BASE DE AGUARRÁS","l",6.25E-2,{"$f":"+Insumos!$G$318","v":23.8},1.48]
[{"$f":"CONCATENATE(\"SINAPI I \",Insumos!$B$364)","v":"SINAPI I 7292"},"TINTA ESMALTE SINTÉTICO BRILHANTE","l",0.50580000000000003,{"$f":"+Insumos!$G$364","v":34.700000000000003},17.55]
[{"$f":"CONCATENATE(\"COTAÇÃO \",Insumos!$B$135)","v":"COTAÇÃO 114"},"CAÇAMBA 4,00 m³","un",2.2499999999999999E-2,{"$f":"+Insumos!$G$135","v":493.97},11.11]
["SUB-TOTAL - MATERIAL / EQUIPAMENTOS:",null,{"$f":"SUM(F2579:F2589)","v":1175.6599999999996}]
[{"$f":"CONCATENATE(\"SINAPI C \",Insumos!$B$36)","v":"SINAPI C 88310"},"PINTOR C/ENCARGOS COMPLEMENTARES","h",4.0361000000000002,{"$f":"+Insumos!$G$36","v":21.41},{"$f":"TRUNC(D2591*E2591,2)","v":86.41}]
[{"$f":"CONCATENATE(\"SINAPI C \",Insumos!$B$37)","v":"SINAPI C 88315"},"SERRALHEIRO C/ENCARGOS COMPLEMENTARES","h",7.8684000000000003,{"$f":"+Insumos!$G$37","v":20.22},{"$f":"TRUNC(D2592*E2592,2)","v":159.09}]
[{"$f":"CONCATENATE(\"SINAPI C \",Insumos!$B$18)","v":"SINAPI C 88251"},"AUXILIAR DE SERRALHEIRO C/ENCARGOS COMPLEMENTARES","h",6.4573999999999998,{"$f":"+Insumos!$G$18","v":17.87},{"$f":"TRUNC(D2593*E2593,2)","v":115.39}]
[{"$f":"CONCATENATE(\"SINAPI C \",Insumos!$B$35)","v":"SINAPI C 88309"},"PEDREIRO C/ENCARGOS COMPLEMENTARES","h",0.42720000000000002,{"$f":"+Insumos!$G$35","v":20.34},{"$f":"TRUNC(D2594*E2594,2)","v":8.68}]
[{"$f":"CONCATENATE(\"SINAPI C \",Insumos!$B$38)","v":"SINAPI C 88316"},"SERVENTE C/ ENCARGOS COMPLEMENTARES","h",0.65669999999999995,{"$f":"+Insumos!$G$38","v":16.920000000000002},{"$f":"TRUNC(D2595*E2595,2)","v":11.11}]
["SUB-TOTAL - MÃO-DE-OBRA:",null,{"$f":"SUM(F2591:F2595)","v":380.68}]
[]
[null,"CUSTO TOTAL:",null,null,null,{"$f":"+C2590+C2596","v":1556.3399999999997}]
[]
[null,"BDI:","%",{"$f":"+$F$7","v":"28,21%"},null,{"$f":"TRUNC(F2598*D2600,2)","v":439.04}]
[]
[null,"PREÇO:",null,null,null,{"$f":"+F2598+F2600","v":1995.3799999999997}]
[]
["CÓDIGO","DISCRIMINAÇÃO","UN","COEFIC.","UNITÁRIO","TOTAL"]
[2433,"GOLEIRA DE FUTEBOL SOCIETY","un"]
[{"$f":"CONCATENATE(\"SINAPI C \",'Composições Aux. SINAPI'!$A$89)","v":"SINAPI C 90586"},"VIBRADOR DE IMERSÃO, DIÂMETRO DE PONTEIRA 45 mm (chp)","chp",5.0200000000000002E-2,{"$f":"+'Composições Aux. SINAPI'!$E$89:$F$89","v":1.1399999999999999},{"$f":"TRUNC(D2606*E2606,2)","v":0.05}]
[{"$f":"CONCATENATE(\"SINAPI C \",'Composições Aux. SINAPI'!$A$90)","v":"SINAPI C 90587"},"VIBRADOR DE IMERSÃO, DIÂMETRO DE PONTEIRA 45 mm (chi)","chi",0.14580000000000001,{"$f":"+'Composições Aux. SINAPI'!$E$90:$F$90","v":0.35},{"$f":"TRUNC(D2607*E2607,2)","v":0.05}]
[{"$f":"CONCATENATE(\"SINAPI C \",'Composições Aux. SINAPI'!$A$33)","v":"SINAPI C 94963"},"CONCRETO fck=15 MPa PREPARO COM BETONEIRA","m³",0.184,{"$f":"+'Composições Aux. SINAPI'!$E$33:$F$33","v":352.14},{"$f":"TRUNC(D2608*E2608,2)","v":64.790000000000006}]
[{"$f":"CONCATENATE(\"SINAPI I \",Insumos!$B$383)","v":"SINAPI I 20065"},"TUBO PVC P/ ESGOTO PREDIAL 150 mm","m",1.6,{"$f":"+Insumos!$G$383","v":49.53},79.239999999999995]
[{"$f":"CONCATENATE(\"SINAPI I \",Insumos!$B$377)","v":"SINAPI I 21016"},"TUBO AÇO GALVANIZADO C/COSTURA 4\", 3,75 mm","m",11.17,{"$f":"+Insumos!$G$377","v":208.35},2327.2600000000002]
[{"$f":"CONCATENATE(\"SINAPI I \",Insumos!$B$192)","v":"SINAPI I 11002"},"ELETRODO REVESTIDO AWS - E6013, DIAMETRO IGUAL A 2,50 mm","kg",4.3400000000000001E-2,{"$f":"+Insumos!$G$192","v":63.86},2.77]
[{"$f":"CONCATENATE(\"SINAPI C \",'Composições Aux. SINAPI'!$A$55)","v":"SINAPI C 93402"},"GUINDAUTO HIDRÁULICO, CAP. 3.330 kg, INCLUSIVE CAMINHÃO TOCO (chp)","chp",1,{"$f":"+'Composições Aux. SINAPI'!$E$55:$F$55","v":211.27},211.27]
[{"$f":"CONCATENATE(\"SINAPI C \",'Composições Aux. SINAPI'!$A$22)","v":"SINAPI C 88631"},"ARGAMASSA TRAÇO 1:4 PREPARO MANUAL","m³",5.7999999999999996E-3,{"$f":"+'Composições Aux. SINAPI'!$E$22:$F$22","v":492.28},2.85]
[{"$f":"CONCATENATE(\"COTAÇÃO \",Insumos!$B$215)","v":"COTAÇÃO 109"},"FUNDO P/GALVANIZADO","l",0.2571,{"$f":"+Insumos!$G$215","v":34.47},8.86]
[{"$f":"CONCATENATE(\"SINAPI I \",Insumos!$B$318)","v":"SINAPI I 5318"},"SOLVENTE DILUENTE A BASE DE AGUARRÁS","l",0.1227,{"$f":"+Insumos!$G$318","v":23.8},2.92]
[{"$f":"CONCATENATE(\"SINAPI I \",Insumos!$B$364)","v":"SINAPI I 7292"},"TINTA ESMALTE SINTÉTICO BRILHANTE","l",0.99309999999999998,{"$f":"+Insumos!$G$364","v":34.700000000000003},34.46]
[{"$f":"CONCATENATE(\"COTAÇÃO \",Insumos!$B$135)","v":"COTAÇÃO 114"},"CAÇAMBA 4,00 m³","un",0.04,{"$f":"+Insumos!$G$135","v":493.97},19.75]
["SUB-TOTAL - MATERIAL / EQUIPAMENTOS:",null,{"$f":"SUM(F2606:F2617)","v":2754.2700000000004}]
[{"$f":"CONCATENATE(\"SINAPI C \",Insumos!$B$36)","v":"SINAPI C 88310"},"PINTOR C/ENCARGOS COMPLEMENTARES","h",7.9240000000000004,{"$f":"+Insumos!$G$36","v":21.41},{"$f":"TRUNC(D2619*E2619,2)","v":169.65}]
[{"$f":"CONCATENATE(\"SINAPI C \",Insumos!$B$37)","v":"SINAPI C 88315"},"SERRALHEIRO C/ENCARGOS COMPLEMENTARES","h",10.2858,{"$f":"+Insumos!$G$37","v":20.22},{"$f":"TRUNC(D2620*E2620,2)","v":207.97}]
[{"$f":"CONCATENATE(\"SINAPI C \",Insumos!$B$18)","v":"SINAPI C 88251"},"AUXILIAR DE SERRALHEIRO C/ENCARGOS COMPLEMENTARES","h",8.4413,{"$f":"+Insumos!$G$18","v":17.87},{"$f":"TRUNC(D2621*E2621,2)","v":150.84}]
[{"$f":"CONCATENATE(\"SINAPI C \",Insumos!$B$35)","v":"SINAPI C 88309"},"PEDREIRO C/ENCARGOS COMPLEMENTARES","h",0.75949999999999995,{"$f":"+Insumos!$G$35","v":20.34},{"$f":"TRUNC(D2622*E2622,2)","v":15.44}]
[{"$f":"CONCATENATE(\"SINAPI C \",Insumos!$B$38)","v":"SINAPI C 88316"},"SERVENTE C/ ENCARGOS COMPLEMENTARES","h",1.1675,{"$f":"+Insumos!$G$38","v":16.920000000000002},{"$f":"TRUNC(D2623*E2623,2)","v":19.75}]
["SUB-TOTAL - MÃO-DE-OBRA:",null,{"$f":"SUM(F2619:F2623)","v":563.65000000000009}]
[]
[null,"CUSTO TOTAL:",null,null,null,{"$f":"+C2618+C2624","v":3317.9200000000005}]
[]
[null,"BDI:","%",{"$f":"+$F$7","v":"28,21%"},null,{"$f":"TRUNC(F2626*D2628,2)","v":935.98}]
[]
[null,"PREÇO:",null,null,null,{"$f":"+F2626+F2628","v":4253.9000000000005}]
[]
["CÓDIGO","DISCRIMINAÇÃO","UN","COEFIC.","UNITÁRIO","TOTAL"]
[2435,"GOLEIRA DE FUTEBOL DE CAMPO","un"]
[{"$f":"CONCATENATE(\"SINAPI C \",'Composições Aux. SINAPI'!$A$89)","v":"SINAPI C 90586"},"VIBRADOR DE IMERSÃO, DIÂMETRO DE PONTEIRA 45 mm (chp)","chp",6.0299999999999999E-2,{"$f":"+'Composições Aux. SINAPI'!$E$89:$F$89","v":1.1399999999999999},{"$f":"TRUNC(D2634*E2634,2)","v":0.06}]
[{"$f":"CONCATENATE(\"SINAPI C \",'Composições Aux. SINAPI'!$A$90)","v":"SINAPI C 90587"},"VIBRADOR DE IMERSÃO, DIÂMETRO DE PONTEIRA 45 mm (chi)","chi",0.1749,{"$f":"+'Composições Aux. SINAPI'!$E$90:$F$90","v":0.35},{"$f":"TRUNC(D2635*E2635,2)","v":0.06}]
[{"$f":"CONCATENATE(\"SINAPI C \",'Composições Aux. SINAPI'!$A$33)","v":"SINAPI C 94963"},"CONCRETO fck=15 MPa PREPARO COM BETONEIRA","m³",0.2208,{"$f":"+'Composições Aux. SINAPI'!$E$33:$F$33","v":352.14},{"$f":"TRUNC(D2636*E2636,2)","v":77.75}]
[{"$f":"CONCATENATE(\"SINAPI I \",Insumos!$B$383)","v":"SINAPI I 20065"},"TUBO PVC P/ ESGOTO PREDIAL 150 mm","m",1.8,{"$f":"+Insumos!$G$383","v":49.53},89.15]
[{"$f":"CONCATENATE(\"SINAPI I \",Insumos!$B$377)","v":"SINAPI I 21016"},"TUBO AÇO GALVANIZADO C/COSTURA 4\", 3,75 mm","m",14.26,{"$f":"+Insumos!$G$377","v":208.35},2971.07]
[{"$f":"CONCATENATE(\"SINAPI I \",Insumos!$B$192)","v":"SINAPI I 11002"},"ELETRODO REVESTIDO AWS - E6013, DIAMETRO IGUAL A 2,50 mm","kg",5.5399999999999998E-2,{"$f":"+Insumos!$G$192","v":63.86},3.53]
[{"$f":"CONCATENATE(\"SINAPI C \",'Composições Aux. SINAPI'!$A$55)","v":"SINAPI C 93402"},"GUINDAUTO HIDRÁULICO, CAP. 3.330 kg, INCLUSIVE CAMINHÃO TOCO (chp)","chp",1,{"$f":"+'Composições Aux. SINAPI'!$E$55:$F$55","v":211.27},211.27]
[{"$f":"CONCATENATE(\"SINAPI C \",'Composições Aux. SINAPI'!$A$22)","v":"SINAPI C 88631"},"ARGAMASSA TRAÇO 1:4 PREPARO MANUAL","m³",7.1999999999999998E-3,{"$f":"+'Composições Aux. SINAPI'!$E$22:$F$22","v":492.28},3.54]
[{"$f":"CONCATENATE(\"COTAÇÃO \",Insumos!$B$215)","v":"COTAÇÃO 109"},"FUNDO P/GALVANIZADO","l",0.32819999999999999,{"$f":"+Insumos!$G$215","v":34.47},11.31]
[{"$f":"CONCATENATE(\"SINAPI I \",Insumos!$B$318)","v":"SINAPI I 5318"},"SOLVENTE DILUENTE A BASE DE AGUARRÁS","l",0.15659999999999999,{"$f":"+Insumos!$G$318","v":23.8},3.72]
[{"$f":"CONCATENATE(\"SINAPI I \",Insumos!$B$364)","v":"SINAPI I 7292"},"TINTA ESMALTE SINTÉTICO BRILHANTE","l",1.2677,{"$f":"+Insumos!$G$364","v":34.700000000000003},43.98]
[{"$f":"CONCATENATE(\"COTAÇÃO \",Insumos!$B$135)","v":"COTAÇÃO 114"},"CAÇAMBA 4,00 m³","un",4.8000000000000001E-2,{"$f":"+Insumos!$G$135","v":493.97},23.71]
["SUB-TOTAL - MATERIAL / EQUIPAMENTOS:",null,{"$f":"SUM(F2634:F2645)","v":3439.15}]
[{"$f":"CONCATENATE(\"SINAPI C \",Insumos!$B$36)","v":"SINAPI C 88310"},"PINTOR C/ENCARGOS COMPLEMENTARES","h",10.1151,{"$f":"+Insumos!$G$36","v":21.41},{"$f":"TRUNC(D2647*E2647,2)","v":216.56}]
[{"$f":"CONCATENATE(\"SINAPI C \",Insumos!$B$37)","v":"SINAPI C 88315"},"SERRALHEIRO C/ENCARGOS COMPLEMENTARES","h",13.129799999999999,{"$f":"+Insumos!$G$37","v":20.22},{"$f":"TRUNC(D2648*E2648,2)","v":265.48}]
[{"$f":"CONCATENATE(\"SINAPI C \",Insumos!$B$18)","v":"SINAPI C 88251"},"AUXILIAR DE SERRALHEIRO C/ENCARGOS COMPLEMENTARES","h",10.7753,{"$f":"+Insumos!$G$18","v":17.87},{"$f":"TRUNC(D2649*E2649,2)","v":192.55}]
[{"$f":"CONCATENATE(\"SINAPI C \",Insumos!$B$35)","v":"SINAPI C 88309"},"PEDREIRO C/ENCARGOS COMPLEMENTARES","h",0.91139999999999999,{"$f":"+Insumos!$G$35","v":20.34},{"$f":"TRUNC(D2650*E2650,2)","v":18.53}]
[{"$f":"CONCATENATE(\"SINAPI C \",Insumos!$B$38)","v":"SINAPI C 88316"},"SERVENTE C/ ENCARGOS COMPLEMENTARES","h",1.401,{"$f":"+Insumos!$G$38","v":16.920000000000002},{"$f":"TRUNC(D2651*E2651,2)","v":23.7}]
["SUB-TOTAL - MÃO-DE-OBRA:",null,{"$f":"SUM(F2647:F2651)","v":716.82}]
[]
[null,"CUSTO TOTAL:",null,null,null,{"$f":"+C2646+C2652","v":4155.97}]
[]
[null,"BDI:","%",{"$f":"+$F$7","v":"28,21%"},null,{"$f":"TRUNC(F2654*D2656,2)","v":1172.3900000000001}]
[]
[null,"PREÇO:",null,null,null,{"$f":"+F2654+F2656","v":5328.3600000000006}]
[]
["CÓDIGO","DISCRIMINAÇÃO","UN","COEFIC.","UNITÁRIO","TOTAL"]
[2440,"POSTE DE VÔLEI","un"]
[{"$f":"CONCATENATE(\"SINAPI C \",'Composições Aux. SINAPI'!$A$89)","v":"SINAPI C 90586"},"VIBRADOR DE IMERSÃO, DIÂMETRO DE PONTEIRA 45 mm (chp)","chp",2.5100000000000001E-2,{"$f":"+'Composições Aux. SINAPI'!$E$89:$F$89","v":1.1399999999999999},{"$f":"TRUNC(D2662*E2662,2)","v":0.02}]
[{"$f":"CONCATENATE(\"SINAPI C \",'Composições Aux. SINAPI'!$A$90)","v":"SINAPI C 90587"},"VIBRADOR DE IMERSÃO, DIÂMETRO DE PONTEIRA 45 mm (chi)","chi",7.2900000000000006E-2,{"$f":"+'Composições Aux. SINAPI'!$E$90:$F$90","v":0.35},0.02]
[{"$f":"CONCATENATE(\"SINAPI C \",'Composições Aux. SINAPI'!$A$33)","v":"SINAPI C 94963"},"CONCRETO fck=15 MPa PREPARO COM BETONEIRA","m³",9.1999999999999998E-2,{"$f":"+'Composições Aux. SINAPI'!$E$33:$F$33","v":352.14},32.39]
[{"$f":"CONCATENATE(\"SINAPI I \",Insumos!$B$383)","v":"SINAPI I 20065"},"TUBO PVC P/ ESGOTO PREDIAL 150 mm","m",0.8,{"$f":"+Insumos!$G$383","v":49.53},39.619999999999997]
[{"$f":"CONCATENATE(\"SINAPI I \",Insumos!$B$375)","v":"SINAPI I 21014"},"TUBO AÇO GALVANIZADO C/COSTURA 2 1/2\", 3,35 mm","m",3.4,{"$f":"+Insumos!$G$375","v":125.13},425.44]
[{"$f":"CONCATENATE(\"SINAPI I \",Insumos!$B$192)","v":"SINAPI I 11002"},"ELETRODO REVESTIDO AWS - E6013, DIAMETRO IGUAL A 2,50 mm","kg",1.5100000000000001E-2,{"$f":"+Insumos!$G$192","v":63.86},0.96]
[{"$f":"CONCATENATE(\"SINAPI I \",Insumos!$B$347)","v":"SINAPI I 1169"},"TAMPÃO DE FERRO GALVANIZADO DE 2 1/2\"","un",1,{"$f":"+Insumos!$G$347","v":43.31},43.31]
[{"$f":"CONCATENATE(\"SINAPI C \",'Composições Aux. SINAPI'!$A$22)","v":"SINAPI C 88631"},"ARGAMASSA TRAÇO 1:4 PREPARO MANUAL","m³",1.2999999999999999E-3,{"$f":"+'Composições Aux. SINAPI'!$E$22:$F$22","v":492.28},0.63]
[{"$f":"CONCATENATE(\"SINAPI I \",Insumos!$B$60)","v":"SINAPI I 43054"},"AÇO CA-25 10 mm","kg",0.29949999999999999,{"$f":"+Insumos!$G$60","v":10.02},3]
[{"$f":"CONCATENATE(\"COTAÇÃO \",Insumos!$B$215)","v":"COTAÇÃO 109"},"FUNDO P/GALVANIZADO","l",5.21E-2,{"$f":"+Insumos!$G$215","v":34.47},1.79]
[{"$f":"CONCATENATE(\"SINAPI I \",Insumos!$B$318)","v":"SINAPI I 5318"},"SOLVENTE DILUENTE A BASE DE AGUARRÁS","l",2.4799999999999999E-2,{"$f":"+Insumos!$G$318","v":23.8},0.59]
[{"$f":"CONCATENATE(\"SINAPI I \",Insumos!$B$364)","v":"SINAPI I 7292"},"TINTA ESMALTE SINTÉTICO BRILHANTE","l",0.2011,{"$f":"+Insumos!$G$364","v":34.700000000000003},6.97]
[{"$f":"CONCATENATE(\"COTAÇÃO \",Insumos!$B$135)","v":"COTAÇÃO 114"},"CAÇAMBA 4,00 m³","un",0.02,{"$f":"+Insumos!$G$135","v":493.97},9.8699999999999992]
["SUB-TOTAL - MATERIAL / EQUIPAMENTOS:",null,{"$f":"SUM(F2662:F2674)","v":564.61}]
[{"$f":"CONCATENATE(\"SINAPI C \",Insumos!$B$36)","v":"SINAPI C 88310"},"PINTOR C/ENCARGOS COMPLEMENTARES","h",1.6049,{"$f":"+Insumos!$G$36","v":21.41},{"$f":"TRUNC(D2676*E2676,2)","v":34.36}]
[{"$f":"CONCATENATE(\"SINAPI C \",Insumos!$B$37)","v":"SINAPI C 88315"},"SERRALHEIRO C/ENCARGOS COMPLEMENTARES","h",3.5834000000000001,{"$f":"+Insumos!$G$37","v":20.22},{"$f":"TRUNC(D2677*E2677,2)","v":72.45}]
[{"$f":"CONCATENATE(\"SINAPI C \",Insumos!$B$18)","v":"SINAPI C 88251"},"AUXILIAR DE SERRALHEIRO C/ENCARGOS COMPLEMENTARES","h",2.9407999999999999,{"$f":"+Insumos!$G$18","v":17.87},{"$f":"TRUNC(D2678*E2678,2)","v":52.55}]
[{"$f":"CONCATENATE(\"SINAPI C \",Insumos!$B$35)","v":"SINAPI C 88309"},"PEDREIRO C/ENCARGOS COMPLEMENTARES","h",0.37980000000000003,{"$f":"+Insumos!$G$35","v":20.34},{"$f":"TRUNC(D2679*E2679,2)","v":7.72}]
[{"$f":"CONCATENATE(\"SINAPI C \",Insumos!$B$38)","v":"SINAPI C 88316"},"SERVENTE C/ ENCARGOS COMPLEMENTARES","h",0.5837,{"$f":"+Insumos!$G$38","v":16.920000000000002},{"$f":"TRUNC(D2680*E2680,2)","v":9.8699999999999992}]
["SUB-TOTAL - MÃO-DE-OBRA:",null,{"$f":"SUM(F2676:F2680)","v":176.95000000000002}]
[]
[null,"CUSTO TOTAL:",null,null,null,{"$f":"+C2675+C2681","v":741.56000000000006}]
[]
[null,"BDI:","%",{"$f":"+$F$7","v":"28,21%"},null,{"$f":"TRUNC(F2683*D2685,2)","v":209.19}]
[]
[null,"PREÇO:",null,null,null,{"$f":"+F2683+F2685","v":950.75}]
[]
["CÓDIGO","DISCRIMINAÇÃO","UN","COEFIC.","UNITÁRIO","TOTAL"]
[2445,"POSTE DE VÔLEI - QUADRA DE AREIA","un"]
[{"$f":"CONCATENATE(\"SINAPI C \",'Composições Aux. SINAPI'!$A$89)","v":"SINAPI C 90586"},"VIBRADOR DE IMERSÃO, DIÂMETRO DE PONTEIRA 45 mm (chp)","chp",2.5100000000000001E-2,{"$f":"+'Composições Aux. SINAPI'!$E$89:$F$89","v":1.1399999999999999},{"$f":"TRUNC(D2691*E2691,2)","v":0.02}]
[{"$f":"CONCATENATE(\"SINAPI C \",'Composições Aux. SINAPI'!$A$90)","v":"SINAPI C 90587"},"VIBRADOR DE IMERSÃO, DIÂMETRO DE PONTEIRA 45 mm (chi)","chi",7.2900000000000006E-2,{"$f":"+'Composições Aux. SINAPI'!$E$90:$F$90","v":0.35},{"$f":"TRUNC(D2692*E2692,2)","v":0.02}]
[{"$f":"CONCATENATE(\"SINAPI C \",'Composições Aux. SINAPI'!$A$33)","v":"SINAPI C 94963"},"CONCRETO fck=15 MPa PREPARO COM BETONEIRA","m³",9.1999999999999998E-2,{"$f":"+'Composições Aux. SINAPI'!$E$33:$F$33","v":352.14},{"$f":"TRUNC(D2693*E2693,2)","v":32.39}]
[{"$f":"CONCATENATE(\"SINAPI I \",Insumos!$B$383)","v":"SINAPI I 20065"},"TUBO PVC P/ ESGOTO PREDIAL 150 mm","m",0.8,{"$f":"+Insumos!$G$383","v":49.53},39.619999999999997]
[{"$f":"CONCATENATE(\"SINAPI I \",Insumos!$B$375)","v":"SINAPI I 21014"},"TUBO AÇO GALVANIZADO C/COSTURA 2 1/2\", 3,35 mm","m",3.71,{"$f":"+Insumos!$G$375","v":125.13},464.23]
[{"$f":"CONCATENATE(\"SINAPI I \",Insumos!$B$192)","v":"SINAPI I 11002"},"ELETRODO REVESTIDO AWS - E6013, DIAMETRO IGUAL A 2,50 mm","kg",1.6299999999999999E-2,{"$f":"+Insumos!$G$192","v":63.86},1.04]
[{"$f":"CONCATENATE(\"SINAPI I \",Insumos!$B$347)","v":"SINAPI I 1169"},"TAMPÃO DE FERRO GALVANIZADO DE 2 1/2\"","un",1,{"$f":"+Insumos!$G$347","v":43.31},43.31]
[{"$f":"CONCATENATE(\"SINAPI C \",'Composições Aux. SINAPI'!$A$22)","v":"SINAPI C 88631"},"ARGAMASSA TRAÇO 1:4 PREPARO MANUAL","m³",1.2999999999999999E-3,{"$f":"+'Composições Aux. SINAPI'!$E$22:$F$22","v":492.28},0.63]
[{"$f":"CONCATENATE(\"SINAPI I \",Insumos!$B$60)","v":"SINAPI I 43054"},"AÇO CA-25 10 mm","kg",0.29949999999999999,{"$f":"+Insumos!$G$60","v":10.02},3]
[{"$f":"CONCATENATE(\"COTAÇÃO \",Insumos!$B$215)","v":"COTAÇÃO 109"},"FUNDO P/GALVANIZADO","l",5.6800000000000003E-2,{"$f":"+Insumos!$G$215","v":34.47},1.95]
[{"$f":"CONCATENATE(\"SINAPI I \",Insumos!$B$318)","v":"SINAPI I 5318"},"SOLVENTE DILUENTE A BASE DE AGUARRÁS","l",2.7099999999999999E-2,{"$f":"+Insumos!$G$318","v":23.8},0.64]
[{"$f":"CONCATENATE(\"SINAPI I \",Insumos!$B$364)","v":"SINAPI I 7292"},"TINTA ESMALTE SINTÉTICO BRILHANTE","l",0.21940000000000001,{"$f":"+Insumos!$G$364","v":34.700000000000003},7.61]
[{"$f":"CONCATENATE(\"COTAÇÃO \",Insumos!$B$135)","v":"COTAÇÃO 114"},"CAÇAMBA 4,00 m³","un",0.02,{"$f":"+Insumos!$G$135","v":493.97},9.8699999999999992]
["SUB-TOTAL - MATERIAL / EQUIPAMENTOS:",null,{"$f":"SUM(F2691:F2703)","v":604.32999999999993}]
[{"$f":"CONCATENATE(\"SINAPI C \",Insumos!$B$36)","v":"SINAPI C 88310"},"PINTOR C/ENCARGOS COMPLEMENTARES","h",1.7505999999999999,{"$f":"+Insumos!$G$36","v":21.41},{"$f":"TRUNC(D2705*E2705,2)","v":37.479999999999997}]
[{"$f":"CONCATENATE(\"SINAPI C \",Insumos!$B$37)","v":"SINAPI C 88315"},"SERRALHEIRO C/ENCARGOS COMPLEMENTARES","h",3.8677999999999999,{"$f":"+Insumos!$G$37","v":20.22},{"$f":"TRUNC(D2706*E2706,2)","v":78.2}]
[{"$f":"CONCATENATE(\"SINAPI C \",Insumos!$B$18)","v":"SINAPI C 88251"},"AUXILIAR DE SERRALHEIRO C/ENCARGOS COMPLEMENTARES","h",3.1741999999999999,{"$f":"+Insumos!$G$18","v":17.87},{"$f":"TRUNC(D2707*E2707,2)","v":56.72}]
[{"$f":"CONCATENATE(\"SINAPI C \",Insumos!$B$35)","v":"SINAPI C 88309"},"PEDREIRO C/ENCARGOS COMPLEMENTARES","h",0.37980000000000003,{"$f":"+Insumos!$G$35","v":20.34},{"$f":"TRUNC(D2708*E2708,2)","v":7.72}]
[{"$f":"CONCATENATE(\"SINAPI C \",Insumos!$B$38)","v":"SINAPI C 88316"},"SERVENTE C/ ENCARGOS COMPLEMENTARES","h",0.5837,{"$f":"+Insumos!$G$38","v":16.920000000000002},{"$f":"TRUNC(D2709*E2709,2)","v":9.8699999999999992}]
["SUB-TOTAL - MÃO-DE-OBRA:",null,{"$f":"SUM(F2705:F2709)","v":189.99}]
[]
[null,"CUSTO TOTAL:",null,null,null,{"$f":"+C2704+C2710","v":794.31999999999994}]
[]
[null,"BDI:","%",{"$f":"+$F$7","v":"28,21%"},null,{"$f":"TRUNC(F2712*D2714,2)","v":224.07}]
[]
[null,"PREÇO:",null,null,null,{"$f":"+F2712+F2714","v":1018.3899999999999}]
[]
["CÓDIGO","DISCRIMINAÇÃO","UN","COEFIC.","UNITÁRIO","TOTAL"]
[2447,"POSTE DE TÊNIS - QUADRA DE AREIA","un"]
[{"$f":"CONCATENATE(\"SINAPI C \",'Composições Aux. SINAPI'!$A$89)","v":"SINAPI C 90586"},"VIBRADOR DE IMERSÃO, DIÂMETRO DE PONTEIRA 45 mm (chp)","chp",2.5100000000000001E-2,{"$f":"+'Composições Aux. SINAPI'!$E$89:$F$89","v":1.1399999999999999},{"$f":"TRUNC(D2720*E2720,2)","v":0.02}]
[{"$f":"CONCATENATE(\"SINAPI C \",'Composições Aux. SINAPI'!$A$90)","v":"SINAPI C 90587"},"VIBRADOR DE IMERSÃO, DIÂMETRO DE PONTEIRA 45 mm (chi)","chi",7.2900000000000006E-2,{"$f":"+'Composições Aux. SINAPI'!$E$90:$F$90","v":0.35},{"$f":"TRUNC(D2721*E2721,2)","v":0.02}]
[{"$f":"CONCATENATE(\"SINAPI C \",'Composições Aux. SINAPI'!$A$33)","v":"SINAPI C 94963"},"CONCRETO fck=15 MPa PREPARO COM BETONEIRA","m³",9.1999999999999998E-2,{"$f":"+'Composições Aux. SINAPI'!$E$33:$F$33","v":352.14},{"$f":"TRUNC(D2722*E2722,2)","v":32.39}]
[{"$f":"CONCATENATE(\"SINAPI I \",Insumos!$B$383)","v":"SINAPI I 20065"},"TUBO PVC P/ ESGOTO PREDIAL 150 mm","m",0.8,{"$f":"+Insumos!$G$383","v":49.53},39.619999999999997]
[{"$f":"CONCATENATE(\"SINAPI I \",Insumos!$B$375)","v":"SINAPI I 21014"},"TUBO AÇO GALVANIZADO C/COSTURA 2 1/2\", 3,35 mm","m",2.68,{"$f":"+Insumos!$G$375","v":125.13},335.34]
[{"$f":"CONCATENATE(\"SINAPI I \",Insumos!$B$192)","v":"SINAPI I 11002"},"ELETRODO REVESTIDO AWS - E6013, DIAMETRO IGUAL A 2,50 mm","kg",1.18E-2,{"$f":"+Insumos!$G$192","v":63.86},0.75]
[{"$f":"CONCATENATE(\"SINAPI I \",Insumos!$B$347)","v":"SINAPI I 1169"},"TAMPÃO DE FERRO GALVANIZADO DE 2 1/2\"","un",1,{"$f":"+Insumos!$G$347","v":43.31},43.31]
[{"$f":"CONCATENATE(\"SINAPI C \",'Composições Aux. SINAPI'!$A$22)","v":"SINAPI C 88631"},"ARGAMASSA TRAÇO 1:4 PREPARO MANUAL","m³",1.2999999999999999E-3,{"$f":"+'Composições Aux. SINAPI'!$E$22:$F$22","v":492.28},0.63]
[{"$f":"CONCATENATE(\"SINAPI I \",Insumos!$B$60)","v":"SINAPI I 43054"},"AÇO CA-25 10 mm","kg",0.22459999999999999,{"$f":"+Insumos!$G$60","v":10.02},2.25]
[{"$f":"CONCATENATE(\"COTAÇÃO \",Insumos!$B$215)","v":"COTAÇÃO 109"},"FUNDO P/GALVANIZADO","l",3.73E-2,{"$f":"+Insumos!$G$215","v":34.47},1.28]
[{"$f":"CONCATENATE(\"SINAPI I \",Insumos!$B$318)","v":"SINAPI I 5318"},"SOLVENTE DILUENTE A BASE DE AGUARRÁS","l",1.9599999999999999E-2,{"$f":"+Insumos!$G$318","v":23.8},0.46]
[{"$f":"CONCATENATE(\"SINAPI I \",Insumos!$B$364)","v":"SINAPI I 7292"},"TINTA ESMALTE SINTÉTICO BRILHANTE","l",0.1585,{"$f":"+Insumos!$G$364","v":34.700000000000003},5.49]
[{"$f":"CONCATENATE(\"COTAÇÃO \",Insumos!$B$135)","v":"COTAÇÃO 114"},"CAÇAMBA 4,00 m³","un",0.02,{"$f":"+Insumos!$G$135","v":493.97},9.8699999999999992]
["SUB-TOTAL - MATERIAL / EQUIPAMENTOS:",null,{"$f":"SUM(F2720:F2732)","v":471.42999999999995}]
[{"$f":"CONCATENATE(\"SINAPI C \",Insumos!$B$36)","v":"SINAPI C 88310"},"PINTOR C/ENCARGOS COMPLEMENTARES","h",1.2645,{"$f":"+Insumos!$G$36","v":21.41},{"$f":"TRUNC(D2734*E2734,2)","v":27.07}]
[{"$f":"CONCATENATE(\"SINAPI C \",Insumos!$B$37)","v":"SINAPI C 88315"},"SERRALHEIRO C/ENCARGOS COMPLEMENTARES","h",2.8060999999999998,{"$f":"+Insumos!$G$37","v":20.22},{"$f":"TRUNC(D2735*E2735,2)","v":56.73}]
[{"$f":"CONCATENATE(\"SINAPI C \",Insumos!$B$18)","v":"SINAPI C 88251"},"AUXILIAR DE SERRALHEIRO C/ENCARGOS COMPLEMENTARES","h",2.3029000000000002,{"$f":"+Insumos!$G$18","v":17.87},{"$f":"TRUNC(D2736*E2736,2)","v":41.15}]
[{"$f":"CONCATENATE(\"SINAPI C \",Insumos!$B$35)","v":"SINAPI C 88309"},"PEDREIRO C/ENCARGOS COMPLEMENTARES","h",0.37980000000000003,{"$f":"+Insumos!$G$35","v":20.34},{"$f":"TRUNC(D2737*E2737,2)","v":7.72}]
[{"$f":"CONCATENATE(\"SINAPI C \",Insumos!$B$38)","v":"SINAPI C 88316"},"SERVENTE C/ ENCARGOS COMPLEMENTARES","h",0.5837,{"$f":"+Insumos!$G$38","v":16.920000000000002},{"$f":"TRUNC(D2738*E2738,2)","v":9.8699999999999992}]
["SUB-TOTAL - MÃO-DE-OBRA:",null,{"$f":"SUM(F2734:F2738)","v":142.54}]
[]
[null,"CUSTO TOTAL:",null,null,null,{"$f":"+C2733+C2739","v":613.96999999999991}]
[]
[null,"BDI:","%",{"$f":"+$F$7","v":"28,21%"},null,{"$f":"TRUNC(F2741*D2743,2)","v":173.2}]
[]
[null,"PREÇO:",null,null,null,{"$f":"+F2741+F2743","v":787.16999999999985}]
[]
["CÓDIGO","DISCRIMINAÇÃO","UN","COEFIC.","UNITÁRIO","TOTAL"]
[2450,"TABELA DE BASQUETE","un"]
[{"$f":"CONCATENATE(\"SINAPI C \",'Composições Aux. SINAPI'!$A$89)","v":"SINAPI C 90586"},"VIBRADOR DE IMERSÃO, DIÂMETRO DE PONTEIRA 45 mm (chp)","chp",0.1608,{"$f":"+'Composições Aux. SINAPI'!$E$89:$F$89","v":1.1399999999999999},{"$f":"TRUNC(D2749*E2749,2)","v":0.18}]
[{"$f":"CONCATENATE(\"SINAPI C \",'Composições Aux. SINAPI'!$A$90)","v":"SINAPI C 90587"},"VIBRADOR DE IMERSÃO, DIÂMETRO DE PONTEIRA 45 mm (chi)","chi",0.46639999999999998,{"$f":"+'Composições Aux. SINAPI'!$E$90:$F$90","v":0.35},{"$f":"TRUNC(D2750*E2750,2)","v":0.16}]
[{"$f":"CONCATENATE(\"SINAPI C \",'Composições Aux. SINAPI'!$A$33)","v":"SINAPI C 94963"},"CONCRETO fck=15 MPa PREPARO COM BETONEIRA","m³",0.58879999999999999,{"$f":"+'Composições Aux. SINAPI'!$E$33:$F$33","v":352.14},{"$f":"TRUNC(D2751*E2751,2)","v":207.34}]
[{"$f":"CONCATENATE(\"SINAPI I \",Insumos!$B$158)","v":"SINAPI I 1333"},"CHAPA DE AÇO 1/2\"","kg",13.283799999999999,{"$f":"+Insumos!$G$158","v":11.83},{"$f":"TRUNC(D2752*E2752,2)","v":157.13999999999999}]
[{"$f":"CONCATENATE(\"SINAPI I \",Insumos!$B$159)","v":"SINAPI I 1330"},"CHAPA DE AÇO 1/4\"","kg",106.7214,{"$f":"+Insumos!$G$159","v":11.72},1250.77]
[{"$f":"CONCATENATE(\"SINAPI I \",Insumos!$B$149)","v":"SINAPI I 4777"},"CANTONEIRA DE AÇO DE ABAS IGUAIS, ESPESSURA ENTRE 1/8\" E 1/4\"","kg",17.4894,{"$f":"+Insumos!$G$149","v":12.7},222.11]
[{"$f":"CONCATENATE(\"COTAÇÃO \",Insumos!$B$368)","v":"COTAÇÃO 75"},"TUBO AÇO CARBONO 6\" (152,40 mm) e=6,30mm","m",6.2,{"$f":"+Insumos!$G$368","v":230.44},{"$f":"TRUNC(D2755*E2755,2)","v":1428.72}]
[{"$f":"CONCATENATE(\"SINAPI I \",Insumos!$B$62)","v":"SINAPI I 43054"},"AÇO CA-25 16 mm","kg",2.8946000000000001,{"$f":"+Insumos!$G$62","v":10.02},29]
[{"$f":"CONCATENATE(\"SINAPI I \",Insumos!$B$192)","v":"SINAPI I 11002"},"ELETRODO REVESTIDO AWS - E6013, DIAMETRO IGUAL A 2,50 mm","kg",9.1800000000000007E-2,{"$f":"+Insumos!$G$192","v":63.86},5.86]
[{"$f":"CONCATENATE(\"COTAÇÃO \",Insumos!$B$270)","v":"COTAÇÃO 57"},"PARAFUSO SEXTAVADO AÇO ZINCADO 1/2\" x 3 1/2\"","un",4,{"$f":"+Insumos!$G$270","v":1.93},7.72]
[{"$f":"CONCATENATE(\"SINAPI I \",Insumos!$B$290)","v":"SINAPI I 4339"},"PORCA SEXTAVADA AÇO ZINCADO 1/2\"","un",4,{"$f":"+Insumos!$G$290","v":0.56000000000000005},2.2400000000000002]
[{"$f":"CONCATENATE(\"SINAPI I \",Insumos!$B$268)","v":"SINAPI I 4332"},"PARAFUSO SEXTAVADO AÇO ZINCADO 3/8\" x 2\"","un",4,{"$f":"+Insumos!$G$268","v":1.1299999999999999},4.5199999999999996]
[{"$f":"CONCATENATE(\"SINAPI I \",Insumos!$B$291)","v":"SINAPI I 4342"},"PORCA SEXTAVADA AÇO ZINCADO 3/8\"","un",4,{"$f":"+Insumos!$G$291","v":0.23},0.92]
[{"$f":"CONCATENATE(\"COTAÇÃO \",Insumos!$B$217)","v":"COTAÇÃO 72"},"GALVANIZAÇÃO","kg",120.0052,{"$f":"+Insumos!$G$217","v":3.07},368.41]
[{"$f":"CONCATENATE(\"COTAÇÃO \",Insumos!$B$215)","v":"COTAÇÃO 109"},"FUNDO P/GALVANIZADO","l",0.26529999999999998,{"$f":"+Insumos!$G$215","v":34.47},{"$f":"TRUNC(D2763*E2763,2)","v":9.14}]
[{"$f":"CONCATENATE(\"SINAPI I \",Insumos!$B$318)","v":"SINAPI I 5318"},"SOLVENTE DILUENTE A BASE DE AGUARRÁS","l",0.30009999999999998,{"$f":"+Insumos!$G$318","v":23.8},7.14]
[{"$f":"CONCATENATE(\"SINAPI I \",Insumos!$B$364)","v":"SINAPI I 7292"},"TINTA ESMALTE SINTÉTICO BRILHANTE","l",2.2509999999999999,{"$f":"+Insumos!$G$364","v":34.700000000000003},78.099999999999994]
[{"$f":"CONCATENATE(\"SINAPI I \",Insumos!$B$214)","v":"SINAPI I 7307"},"FUNDO ANTICORROSIVO TIPO ZARCÃO","l",0.48420000000000002,{"$f":"+Insumos!$G$214","v":37.43},{"$f":"TRUNC(D2766*E2766,2)","v":18.12}]
[{"$f":"CONCATENATE(\"COTAÇÃO \",Insumos!$B$135)","v":"COTAÇÃO 114"},"CAÇAMBA 4,00 m³","un",0.128,{"$f":"+Insumos!$G$135","v":493.97},63.22]
["SUB-TOTAL - MATERIAL / EQUIPAMENTOS:",null,{"$f":"SUM(F2749:F2767)","v":3860.809999999999}]
[{"$f":"CONCATENATE(\"SINAPI C \",Insumos!$B$36)","v":"SINAPI C 88310"},"PINTOR C/ENCARGOS COMPLEMENTARES","h",17.96,{"$f":"+Insumos!$G$36","v":21.41},{"$f":"TRUNC(D2769*E2769,2)","v":384.52}]
[{"$f":"CONCATENATE(\"SINAPI C \",Insumos!$B$37)","v":"SINAPI C 88315"},"SERRALHEIRO C/ENCARGOS COMPLEMENTARES","h",21.7623,{"$f":"+Insumos!$G$37","v":20.22},{"$f":"TRUNC(D2770*E2770,2)","v":440.03}]
[{"$f":"CONCATENATE(\"SINAPI C \",Insumos!$B$18)","v":"SINAPI C 88251"},"AUXILIAR DE SERRALHEIRO C/ENCARGOS COMPLEMENTARES","h",17.8598,{"$f":"+Insumos!$G$18","v":17.87},{"$f":"TRUNC(D2771*E2771,2)","v":319.14999999999998}]
[{"$f":"CONCATENATE(\"SINAPI C \",Insumos!$B$35)","v":"SINAPI C 88309"},"PEDREIRO C/ENCARGOS COMPLEMENTARES","h",2.4304000000000001,{"$f":"+Insumos!$G$35","v":20.34},{"$f":"TRUNC(D2772*E2772,2)","v":49.43}]
[{"$f":"CONCATENATE(\"SINAPI C \",Insumos!$B$38)","v":"SINAPI C 88316"},"SERVENTE C/ ENCARGOS COMPLEMENTARES","h",3.7361,{"$f":"+Insumos!$G$38","v":16.920000000000002},{"$f":"TRUNC(D2773*E2773,2)","v":63.21}]
["SUB-TOTAL - MÃO-DE-OBRA:",null,{"$f":"SUM(F2769:F2773)","v":1256.3399999999999}]
[]
[null,"CUSTO TOTAL:",null,null,null,{"$f":"+C2768+C2774","v":5117.1499999999987}]
[]
[null,"BDI:","%",{"$f":"+$F$7","v":"28,21%"},null,{"$f":"TRUNC(F2776*D2778,2)","v":1443.54}]
[]
[null,"PREÇO:",null,null,null,{"$f":"+F2776+F2778","v":6560.6899999999987}]
[]
["CÓDIGO","DISCRIMINAÇÃO","UN","COEFIC.","UNITÁRIO","TOTAL"]
[2470,"DEMARCAÇÃO QUADRA ESPORTIVA FUTSAL","m"]
[{"$f":"CONCATENATE(\"SINAPI I \",Insumos!$B$363)","v":"SINAPI I 7348"},"TINTA ACRÍLICA PREMIUM PARA PISO","l",4.8000000000000001E-2,{"$f":"+Insumos!$G$363","v":18.399999999999999},{"$f":"TRUNC(D2784*E2784,2)","v":0.88}]
[{"$f":"CONCATENATE(\"SINAPI I \",Insumos!$B$208)","v":"SINAPI I 12815"},"FITA CREPE ROLO 25 mm x 50 m","un",0.04,{"$f":"+Insumos!$G$208","v":8.43},{"$f":"TRUNC(D2785*E2785,2)","v":0.33}]
["SUB-TOTAL - MATERIAL / EQUIPAMENTOS:",null,{"$f":"SUM(F2784:F2785)","v":1.21}]
[{"$f":"CONCATENATE(\"SINAPI C \",Insumos!$B$36)","v":"SINAPI C 88310"},"PINTOR C/ENCARGOS COMPLEMENTARES","h",0.16,{"$f":"+Insumos!$G$36","v":21.41},{"$f":"TRUNC(D2787*E2787,2)","v":3.42}]
[{"$f":"CONCATENATE(\"SINAPI C \",Insumos!$B$38)","v":"SINAPI C 88316"},"SERVENTE C/ ENCARGOS COMPLEMENTARES","h",0.8,{"$f":"+Insumos!$G$38","v":16.920000000000002},{"$f":"TRUNC(D2788*E2788,2)","v":13.53}]
["SUB-TOTAL - MÃO-DE-OBRA:",null,{"$f":"SUM(F2787:F2788)","v":16.95}]
[]
[null,"CUSTO TOTAL:",null,null,null,{"$f":"+C2786+C2789","v":18.16}]
[]
[null,"BDI:","%",{"$f":"+$F$7","v":"28,21%"},null,{"$f":"TRUNC(F2791*D2793,2)","v":5.12}]
[]
[null,"PREÇO:",null,null,null,{"$f":"+F2791+F2793","v":23.28}]
[]
["CÓDIGO","DISCRIMINAÇÃO","UN","COEFIC.","UNITÁRIO","TOTAL"]
[2473,"DEMARCAÇÃO QUADRA ESPORTIVA BASQUETE E/OU VÔLEI","m"]
[{"$f":"CONCATENATE(\"SINAPI I \",Insumos!$B$363)","v":"SINAPI I 7348"},"TINTA ACRÍLICA PREMIUM PARA PISO","l",0.03,{"$f":"+Insumos!$G$363","v":18.399999999999999},{"$f":"TRUNC(D2799*E2799,2)","v":0.55000000000000004}]
[{"$f":"CONCATENATE(\"SINAPI I \",Insumos!$B$208)","v":"SINAPI I 12815"},"FITA CREPE ROLO 25 mm x 50 m","un",0.04,{"$f":"+Insumos!$G$208","v":8.43},{"$f":"TRUNC(D2800*E2800,2)","v":0.33}]
["SUB-TOTAL - MATERIAL / EQUIPAMENTOS:",null,{"$f":"SUM(F2799:F2800)","v":0.88000000000000012}]
[{"$f":"CONCATENATE(\"SINAPI C \",Insumos!$B$36)","v":"SINAPI C 88310"},"PINTOR C/ENCARGOS COMPLEMENTARES","h",0.1,{"$f":"+Insumos!$G$36","v":21.41},{"$f":"TRUNC(D2802*E2802,2)","v":2.14}]
[{"$f":"CONCATENATE(\"SINAPI C \",Insumos!$B$38)","v":"SINAPI C 88316"},"SERVENTE C/ ENCARGOS COMPLEMENTARES","h",0.5,{"$f":"+Insumos!$G$38","v":16.920000000000002},{"$f":"TRUNC(D2803*E2803,2)","v":8.4600000000000009}]
["SUB-TOTAL - MÃO-DE-OBRA:",null,{"$f":"SUM(F2802:F2803)","v":10.600000000000001}]
[]
[null,"CUSTO TOTAL:",null,null,null,{"$f":"+C2801+C2804","v":11.480000000000002}]
[]
[null,"BDI:","%",{"$f":"+$F$7","v":"28,21%"},null,{"$f":"TRUNC(F2806*D2808,2)","v":3.23}]
[]
[null,"PREÇO:",null,null,null,{"$f":"+F2806+F2808","v":14.710000000000003}]
[]
["CÓDIGO","DISCRIMINAÇÃO","UN","COEFIC.","UNITÁRIO","TOTAL"]
[2480,"DRENO QUADRA DE AREIA","m"]
[{"$f":"CONCATENATE(\"SINAPI C \",'Composições Aux. SINAPI'!$A$48)","v":"SINAPI C 93358"},"ESCAVAÇÃO MANUAL DE VALA COM PROFUNDIDADE MENOR OU IGUAL A 1,30 M","m³",0.25,{"$f":"+'Composições Aux. SINAPI'!$E$48:$F$48","v":66.930000000000007},{"$f":"TRUNC(D2814*E2814,2)","v":16.73}]
[{"$f":"CONCATENATE(\"SINAPI I \",Insumos!$B$246)","v":"SINAPI I 4011"},"MANTA BIDIM RT-10","m²",2.31,{"$f":"+Insumos!$G$246","v":6.82},{"$f":"TRUNC(D2815*E2815,2)","v":15.75}]
[{"$f":"CONCATENATE(\"SINAPI I \",Insumos!$B$278)","v":"SINAPI I 4721"},"PEDRA BRITADA Nº 1","m³",0.27500000000000002,{"$f":"+Insumos!$G$278","v":61.07},16.79]
[{"$f":"CONCATENATE(\"SINAPI C \",'Composições Aux. SINAPI'!$A$79)","v":"SINAPI C 95875"},"TRANSPORTE C/CAMINHÃO BASC. 10 m³, EM VIA URBANA PAV., DMT ATÉ 30 km","m³xkm",3.3,{"$f":"+'Composições Aux. SINAPI'!$E$79:$F$79","v":1.6},5.28]
[{"$f":"CONCATENATE(\"SINAPI I \",Insumos!$B$380)","v":"SINAPI I 9833"},"TUBO PVC, FLEXÍVEL, CORRUGADO, PERFURADO, DN 110 mm, PARA DRENAGEM","m",1.05,{"$f":"+Insumos!$G$380","v":10.72},{"$f":"TRUNC(D2818*E2818,2)","v":11.25}]
[{"$f":"CONCATENATE(\"COTAÇÃO \",Insumos!$B$135)","v":"COTAÇÃO 114"},"CAÇAMBA 4,00 m³","un",6.25E-2,{"$f":"+Insumos!$G$135","v":493.97},{"$f":"TRUNC(D2819*E2819,2)","v":30.87}]
["SUB-TOTAL - MATERIAL / EQUIPAMENTOS:",null,{"$f":"SUM(F2814:F2819)","v":96.670000000000016}]
[{"$f":"CONCATENATE(\"SINAPI C \",Insumos!$B$35)","v":"SINAPI C 88309"},"PEDREIRO C/ENCARGOS COMPLEMENTARES","h",0.69879999999999998,{"$f":"+Insumos!$G$35","v":20.34},{"$f":"TRUNC(D2821*E2821,2)","v":14.21}]
[{"$f":"CONCATENATE(\"SINAPI C \",Insumos!$B$38)","v":"SINAPI C 88316"},"SERVENTE C/ ENCARGOS COMPLEMENTARES","h",1.2295,{"$f":"+Insumos!$G$38","v":16.920000000000002},{"$f":"TRUNC(D2822*E2822,2)","v":20.8}]
["SUB-TOTAL - MÃO-DE-OBRA:",null,{"$f":"SUM(F2821:F2822)","v":35.010000000000005}]
[]
[null,"CUSTO TOTAL:",null,null,null,{"$f":"+C2820+C2823","v":131.68}]
[]
[null,"BDI:","%",{"$f":"+$F$7","v":"28,21%"},null,{"$f":"TRUNC(F2825*D2827,2)","v":37.14}]
[]
[null,"PREÇO:",null,null,null,{"$f":"+F2825+F2827","v":168.82}]
[]
["CÓDIGO","DISCRIMINAÇÃO","UN","COEFIC.","UNITÁRIO","TOTAL"]
[2601,"BANCO B - L=2,00 m","un"]
[{"$f":"CONCATENATE(\"SINAPI C \",'Composições Aux. SINAPI'!$A$89)","v":"SINAPI C 90586"},"VIBRADOR DE IMERSÃO, DIÂMETRO DE PONTEIRA 45 mm (chp)","chp",9.6000000000000002E-2,{"$f":"+'Composições Aux. SINAPI'!$E$89:$F$89","v":1.1399999999999999},{"$f":"TRUNC(D2833*E2833,2)","v":0.1}]
[{"$f":"CONCATENATE(\"SINAPI C \",'Composições Aux. SINAPI'!$A$90)","v":"SINAPI C 90587"},"VIBRADOR DE IMERSÃO, DIÂMETRO DE PONTEIRA 45 mm (chi)","chi",0.2787,{"$f":"+'Composições Aux. SINAPI'!$E$90:$F$90","v":0.35},{"$f":"TRUNC(D2834*E2834,2)","v":0.09}]
[{"$f":"CONCATENATE(\"SINAPI C \",'Composições Aux. SINAPI'!$A$33)","v":"SINAPI C 94963"},"CONCRETO fck=15 MPa PREPARO COM BETONEIRA","m³",0.3518,{"$f":"+'Composições Aux. SINAPI'!$E$33:$F$33","v":352.14},{"$f":"TRUNC(D2835*E2835,2)","v":123.88}]
[{"$f":"CONCATENATE(\"SINAPI I \",Insumos!$B$310)","v":"SINAPI I 4415"},"SARRAFO CEDRINHO 2,5 X 5,0 cm","m",2.7440000000000002,{"$f":"+Insumos!$G$310","v":3},8.23]
["SINAPI I 43678","CHAPA COMPENSADO PLASTIFICADO 14 mm","m²",0.20899999999999999,{"$f":"+Insumos!$G$156","v":120.72},25.23]
[{"$f":"CONCATENATE(\"SINAPI C \",'Composições Aux. SINAPI'!$A$76,)","v":"SINAPI C 91692"},"SERRA CIRCULAR DE BANCADA C/COIFA PARA DISCO 10\" (chp)","chp",8.0600000000000005E-2,{"$f":"+'Composições Aux. SINAPI'!$E$76","v":24.14},1.94]
[{"$f":"CONCATENATE(\"SINAPI C \",'Composições Aux. SINAPI'!$A$77)","v":"SINAPI C 91693"},"SERRA CIRCULAR DE BANCADA C/COIFA PARA DISCO 10\" (chi)","chi",0.15820000000000001,{"$f":"+'Composições Aux. SINAPI'!$E$77","v":22.66},3.58]
["SINAPI I 5073","PREGO DE AÇO 17 x 24 C/CABEÇA","kg",7.6600000000000001E-2,{"$f":"+Insumos!$G$298","v":21.13},1.61]
["SINAPI I 5074","PREGO DE AÇO 15 x 18 C/CABEÇA","kg",1.43E-2,{"$f":"+Insumos!$G$296","v":23.23},0.33]
["SINAPI I 20247","PREGO DE AÇO 15 x 15 C/CABEÇA","kg",1.8499999999999999E-2,{"$f":"+Insumos!$G$295","v":22.95},0.42]
["SINAPI I 5069","PREGO DE AÇO 17 x 27 C/CABEÇA","kg",1.43E-2,{"$f":"+Insumos!$G$299","v":21.13},0.3]
[{"$f":"CONCATENATE(\"SINAPI I \",Insumos!$B$185)","v":"SINAPI I 2692"},"DESMOLDANTE P/FORMAS DE MADEIRA","l",6.0000000000000001E-3,{"$f":"+Insumos!$G$185","v":5.91},0.03]
[{"$f":"CONCATENATE(\"SINAPI C \",'Composições Aux. SINAPI'!$A$40,)","v":"SINAPI C 92791"},"CORTE E DOBRA AÇO CA-60 4,2 mm","kg",1.0572999999999999,{"$f":"+'Composições Aux. SINAPI'!$E$40:$F$40","v":11.17},11.81]
[{"$f":"CONCATENATE(\"SINAPI I \",Insumos!$B$198)","v":"SINAPI I 39017"},"ESPAÇADOR CIRCULAR EM PLÁSTICO, 4,2 A 12,5 mm","un",2.0792000000000002,{"$f":"+Insumos!$G$198","v":0.12},0.24]
[{"$f":"CONCATENATE(\"SINAPI I \",Insumos!$B$84)","v":"SINAPI I 43132"},"ARAME RECOZIDO 18 BWG","kg",2.64E-2,{"$f":"+Insumos!$G$84","v":25.15},{"$f":"TRUNC(D2847*E2847,2)","v":0.66}]
["SINAPI I 34449","AÇO CA-50 1/4\" - 0,248 kg/m","kg",0.29759999999999998,{"$f":"+Insumos!$G$64","v":10.94},3.25]
["SINAPI I 563","BARRA FERRO CHATO 38,1 mm x 9,53 mm","kg",16.642399999999999,{"$f":"+Insumos!$G$111","v":29.52},491.28]
[{"$f":"CONCATENATE(\"COTAÇÃO \",Insumos!$B$272)","v":"COTAÇÃO 59"},"PARAFUSO SEXTAVADO ZINCADO C/PORCA 1/4\" x 2\"","un",4,{"$f":"+Insumos!$G$272","v":0.32},1.28]
[{"$f":"CONCATENATE(\"COTAÇÃO \",Insumos!$B$328)","v":"COTAÇÃO 46"},"TÁBUA ITAÚBA LIXADA E APLAINADA 3,5 x 19 x 2,00","un",3,{"$f":"+Insumos!$G$328","v":138.56},415.68]
[{"$f":"CONCATENATE(\"COTAÇÃO \",Insumos!$B$260)","v":"COTAÇÃO 51"},"PARAFUSO FRANCÊS ZINCADO 5/16\" x 2 1/2\" C/PORCA","un",12,{"$f":"+Insumos!$G$260","v":0.62},7.44]
[{"$f":"CONCATENATE(\"SINAPI I \",Insumos!$B$214)","v":"SINAPI I 7307"},"FUNDO ANTICORROSIVO TIPO ZARCÃO","l",7.7200000000000005E-2,{"$f":"+Insumos!$G$214","v":37.43},2.88]
[{"$f":"CONCATENATE(\"SINAPI I \",Insumos!$B$318)","v":"SINAPI I 5318"},"SOLVENTE DILUENTE A BASE DE AGUARRÁS","l",0.14249999999999999,{"$f":"+Insumos!$G$318","v":23.8},3.39]
["SINAPI I 7293","TINTA GRAFITE","l",0.24979999999999999,{"$f":"+Insumos!$G$365","v":38.39},9.58]
["SINAPI I 3767","LIXA P/MADEIRA","un",1.0960000000000001,{"$f":"+Insumos!$G$239","v":1.48},1.62]
["SINAPI 43653","FUNDO SINTÉTICO NIVELADOR BRANCO FOSCO","l",1.3592,{"$f":"+Insumos!$G$216","v":43.28},58.82]
[{"$f":"CONCATENATE(\"SINAPI I \",Insumos!$B$364)","v":"SINAPI I 7292"},"TINTA ESMALTE SINTÉTICO BRILHANTE","l",0.34320000000000001,{"$f":"+Insumos!$G$364","v":34.700000000000003},11.9]
[{"$f":"CONCATENATE(\"COTAÇÃO \",Insumos!$B$135)","v":"COTAÇÃO 114"},"CAÇAMBA 4,00 m³","un",3.5999999999999997E-2,{"$f":"+Insumos!$G$135","v":493.97},17.78]
["SUB-TOTAL - MATERIAL / EQUIPAMENTOS:",null,{"$f":"SUM(F2833:F2859)","v":1203.3500000000001}]
[{"$f":"CONCATENATE(\"SINAPI C \",Insumos!$B$36)","v":"SINAPI C 88310"},"PINTOR C/ENCARGOS COMPLEMENTARES","h",3.2414000000000001,{"$f":"+Insumos!$G$36","v":21.41},{"$f":"TRUNC(D2861*E2861,2)","v":69.39}]
[{"$f":"CONCATENATE(\"SINAPI C \",Insumos!$B$21)","v":"SINAPI C 88262"},"CARPINTEIRO C/ENCARGOS COMPLEMENTARES","h",5.3630000000000004,{"$f":"+Insumos!$G$21","v":20.100000000000001},{"$f":"TRUNC(D2862*E2862,2)","v":107.79}]
[{"$f":"CONCATENATE(\"SINAPI C \",Insumos!$B$14)","v":"SINAPI C 88239"},"AJUDANTE DE CARPINTEIRO C/ENCARGOS COMPLEMENTARES","h",0.96179999999999999,{"$f":"+Insumos!$G$14","v":16.87},16.22]
[{"$f":"CONCATENATE(\"SINAPI C \",Insumos!$B$15)","v":"SINAPI C 88245"},"ARMADOR C/ENCARGOS COMPLEMENTARES","h",0.71479999999999999,{"$f":"+Insumos!$G$15","v":20.22},14.45]
[{"$f":"CONCATENATE(\"SINAPI C \",Insumos!$B$13)","v":"SINAPI C 88238"},"AJUDANTE DE ARMADOR C/ENCARGOS COMPLEMENTARES","h",0.14369999999999999,{"$f":"+Insumos!$G$13","v":16.95},2.4300000000000002]
[{"$f":"CONCATENATE(\"SINAPI C \",Insumos!$B$35)","v":"SINAPI C 88309"},"PEDREIRO C/ENCARGOS COMPLEMENTARES","h",1.0699000000000001,{"$f":"+Insumos!$G$35","v":20.34},21.76]
[{"$f":"CONCATENATE(\"SINAPI C \",Insumos!$B$38)","v":"SINAPI C 88316"},"SERVENTE C/ ENCARGOS COMPLEMENTARES","h",2.5065,{"$f":"+Insumos!$G$38","v":16.920000000000002},42.4]
["SUB-TOTAL - MÃO-DE-OBRA:",null,{"$f":"SUM(F2861:F2867)","v":274.44}]
[]
[null,"CUSTO TOTAL:",null,null,null,{"$f":"+C2860+C2868","v":1477.7900000000002}]
[]
[null,"BDI:","%",{"$f":"+$F$7","v":"28,21%"},null,{"$f":"TRUNC(F2870*D2872,2)","v":416.88}]
[]
[null,"PREÇO:",null,null,null,{"$f":"+F2870+F2872","v":1894.67}]
[]
["CÓDIGO","DISCRIMINAÇÃO","UN","COEFIC.","UNITÁRIO","TOTAL"]
[2602,"BANCO A - L=1,80 m","un"]
[{"$f":"CONCATENATE(\"SINAPI C \",'Composições Aux. SINAPI'!$A$89)","v":"SINAPI C 90586"},"VIBRADOR DE IMERSÃO, DIÂMETRO DE PONTEIRA 45 mm (chp)","chp",2.2599999999999999E-2,{"$f":"+'Composições Aux. SINAPI'!$E$89:$F$89","v":1.1399999999999999},{"$f":"TRUNC(D2878*E2878,2)","v":0.02}]
[{"$f":"CONCATENATE(\"SINAPI C \",'Composições Aux. SINAPI'!$A$90)","v":"SINAPI C 90587"},"VIBRADOR DE IMERSÃO, DIÂMETRO DE PONTEIRA 45 mm (chi)","chi",6.5600000000000006E-2,{"$f":"+'Composições Aux. SINAPI'!$E$90:$F$90","v":0.35},{"$f":"TRUNC(D2879*E2879,2)","v":0.02}]
[{"$f":"CONCATENATE(\"SINAPI C \",'Composições Aux. SINAPI'!$A$33)","v":"SINAPI C 94963"},"CONCRETO fck=15 MPa PREPARO COM BETONEIRA","m³",8.2799999999999999E-2,{"$f":"+'Composições Aux. SINAPI'!$E$33:$F$33","v":352.14},{"$f":"TRUNC(D2880*E2880,2)","v":29.15}]
[{"$f":"CONCATENATE(\"SINAPI I \",Insumos!$B$373)","v":"SINAPI I 21012"},"TUBO AÇO GALVANIZADO C/COSTURA 1 1/2\", 3,00 mm","m",4.9055999999999997,{"$f":"+Insumos!$G$373","v":68.53},336.18]
[{"$f":"CONCATENATE(\"SINAPI I \",Insumos!$B$192)","v":"SINAPI I 11002"},"ELETRODO REVESTIDO AWS - E6013, DIAMETRO IGUAL A 2,50 mm","kg",1.8700000000000001E-2,{"$f":"+Insumos!$G$192","v":63.86},1.19]
["SINAPI I 1165","TAMPÃO DE FERRO GALVANIZADO DE 1 1/2\"","un",4,{"$f":"+Insumos!$G$345","v":16.62},66.48]
[{"$f":"CONCATENATE(\"COTAÇÃO \",Insumos!$B$327)","v":"COTAÇÃO 45"},"TÁBUA ITAÚBA LIXADA E APLAINADA 3,5 x 19 x 1,80","un",2,{"$f":"+Insumos!$G$327","v":106.75},213.5]
[{"$f":"CONCATENATE(\"COTAÇÃO \",Insumos!$B$261)","v":"COTAÇÃO 52"},"PARAFUSO FRANCÊS ZINCADO 5/16\" x 4\" C/PORCA","un",8,{"$f":"+Insumos!$G$261","v":0.87},6.96]
[{"$f":"CONCATENATE(\"COTAÇÃO \",Insumos!$B$215)","v":"COTAÇÃO 109"},"FUNDO P/GALVANIZADO","l",4.6800000000000001E-2,{"$f":"+Insumos!$G$215","v":34.47},1.61]
[{"$f":"CONCATENATE(\"SINAPI I \",Insumos!$B$318)","v":"SINAPI I 5318"},"SOLVENTE DILUENTE A BASE DE AGUARRÁS","l",9.5500000000000002E-2,{"$f":"+Insumos!$G$318","v":23.8},2.27]
["SINAPI I 7293","TINTA GRAFITE","l",0.25169999999999998,{"$f":"+Insumos!$G$365","v":38.39},9.66]
["SINAPI I 3767","LIXA P/MADEIRA","un",0.65859999999999996,{"$f":"+Insumos!$G$239","v":1.48},0.97]
["SINAPI 6086","FUNDO SINTÉTICO NIVELADOR BRANCO FOSCO","gl",0.22689999999999999,{"$f":"+Insumos!$G$216","v":43.28},9.82]
[{"$f":"CONCATENATE(\"SINAPI I \",Insumos!$B$364)","v":"SINAPI I 7292"},"TINTA ESMALTE SINTÉTICO BRILHANTE","l",0.20630000000000001,{"$f":"+Insumos!$G$364","v":34.700000000000003},7.15]
[{"$f":"CONCATENATE(\"COTAÇÃO \",Insumos!$B$135)","v":"COTAÇÃO 114"},"CAÇAMBA 4,00 m³","un",1.7999999999999999E-2,{"$f":"+Insumos!$G$135","v":493.97},8.89]
["SUB-TOTAL - MATERIAL / EQUIPAMENTOS:",null,{"$f":"SUM(F2878:F2892)","v":693.87}]
[{"$f":"CONCATENATE(\"SINAPI C \",Insumos!$B$36)","v":"SINAPI C 88310"},"PINTOR C/ENCARGOS COMPLEMENTARES","h",2.5297999999999998,{"$f":"+Insumos!$G$36","v":21.41},{"$f":"TRUNC(D2894*E2894,2)","v":54.16}]
[{"$f":"CONCATENATE(\"SINAPI C \",Insumos!$B$21)","v":"SINAPI C 88262"},"CARPINTEIRO C/ENCARGOS COMPLEMENTARES","h",1.5246,{"$f":"+Insumos!$G$21","v":20.100000000000001},30.64]
[{"$f":"CONCATENATE(\"SINAPI C \",Insumos!$B$37)","v":"SINAPI C 88315"},"SERRALHEIRO C/ENCARGOS COMPLEMENTARES","h",4.4291,{"$f":"+Insumos!$G$37","v":20.22},89.55]
[{"$f":"CONCATENATE(\"SINAPI C \",Insumos!$B$18)","v":"SINAPI C 88251"},"AUXILIAR DE SERRALHEIRO C/ENCARGOS COMPLEMENTARES","h",3.6347999999999998,{"$f":"+Insumos!$G$18","v":17.87},64.95]
[{"$f":"CONCATENATE(\"SINAPI C \",Insumos!$B$35)","v":"SINAPI C 88309"},"PEDREIRO C/ENCARGOS COMPLEMENTARES","h",0.34179999999999999,{"$f":"+Insumos!$G$35","v":20.34},6.95]
[{"$f":"CONCATENATE(\"SINAPI C \",Insumos!$B$38)","v":"SINAPI C 88316"},"SERVENTE C/ ENCARGOS COMPLEMENTARES","h",1.1608000000000001,{"$f":"+Insumos!$G$38","v":16.920000000000002},19.64]
["SUB-TOTAL - MÃO-DE-OBRA:",null,{"$f":"SUM(F2894:F2899)","v":265.89}]
[]
[null,"CUSTO TOTAL:",null,null,null,{"$f":"+C2893+C2900","v":959.76}]
[]
[null,"BDI:","%",{"$f":"+$F$7","v":"28,21%"},null,{"$f":"TRUNC(F2902*D2904,2)","v":270.74}]
[]
[null,"PREÇO:",null,null,null,{"$f":"+F2902+F2904","v":1230.5}]
[]
["CÓDIGO","DISCRIMINAÇÃO","UN","COEFIC.","UNITÁRIO","TOTAL"]
[2605,"BANCO D - L=2,00 m","un"]
[{"$f":"CONCATENATE(\"SINAPI C \",'Composições Aux. SINAPI'!$A$89)","v":"SINAPI C 90586"},"VIBRADOR DE IMERSÃO, DIÂMETRO DE PONTEIRA 45 mm (chp)","chp",9.6000000000000002E-2,{"$f":"+'Composições Aux. SINAPI'!$E$89:$F$89","v":1.1399999999999999},{"$f":"TRUNC(D2910*E2910,2)","v":0.1}]
[{"$f":"CONCATENATE(\"SINAPI C \",'Composições Aux. SINAPI'!$A$90)","v":"SINAPI C 90587"},"VIBRADOR DE IMERSÃO, DIÂMETRO DE PONTEIRA 45 mm (chi)","chi",0.2787,{"$f":"+'Composições Aux. SINAPI'!$E$90:$F$90","v":0.35},{"$f":"TRUNC(D2911*E2911,2)","v":0.09}]
[{"$f":"CONCATENATE(\"SINAPI C \",'Composições Aux. SINAPI'!$A$33)","v":"SINAPI C 94963"},"CONCRETO fck=15 MPa PREPARO COM BETONEIRA","m³",0.3518,{"$f":"+'Composições Aux. SINAPI'!$E$33:$F$33","v":352.14},{"$f":"TRUNC(D2912*E2912,2)","v":123.88}]
[{"$f":"CONCATENATE(\"SINAPI I \",Insumos!$B$310)","v":"SINAPI I 4415"},"SARRAFO CEDRINHO 2,5 X 5,0 cm","m",2.7440000000000002,{"$f":"+Insumos!$G$310","v":3},8.23]
["SINAPI I 43678","CHAPA COMPENSADO PLASTIFICADO 14 mm","m²",0.20899999999999999,{"$f":"+Insumos!$G$156","v":120.72},25.23]
[{"$f":"CONCATENATE(\"SINAPI C \",'Composições Aux. SINAPI'!$A$76,)","v":"SINAPI C 91692"},"SERRA CIRCULAR DE BANCADA C/COIFA PARA DISCO 10\" (chp)","chp",8.0600000000000005E-2,{"$f":"+'Composições Aux. SINAPI'!$E$76","v":24.14},1.94]
[{"$f":"CONCATENATE(\"SINAPI C \",'Composições Aux. SINAPI'!$A$77)","v":"SINAPI C 91693"},"SERRA CIRCULAR DE BANCADA C/COIFA PARA DISCO 10\" (chi)","chi",0.15820000000000001,{"$f":"+'Composições Aux. SINAPI'!$E$77","v":22.66},3.58]
["SINAPI I 5073","PREGO DE AÇO 17 x 24 C/CABEÇA","kg",7.6600000000000001E-2,{"$f":"+Insumos!$G$298","v":21.13},1.61]
["SINAPI I 5074","PREGO DE AÇO 15 x 18 C/CABEÇA","kg",1.43E-2,{"$f":"+Insumos!$G$296","v":23.23},0.33]
["SINAPI I 20247","PREGO DE AÇO 15 x 15 C/CABEÇA","kg",1.8499999999999999E-2,{"$f":"+Insumos!$G$295","v":22.95},0.42]
["SINAPI I 5069","PREGO DE AÇO 17 x 27 C/CABEÇA","kg",1.43E-2,{"$f":"+Insumos!$G$299","v":21.13},0.3]
[{"$f":"CONCATENATE(\"SINAPI I \",Insumos!$B$185)","v":"SINAPI I 2692"},"DESMOLDANTE P/FORMAS DE MADEIRA","l",6.0000000000000001E-3,{"$f":"+Insumos!$G$185","v":5.91},0.03]
[{"$f":"CONCATENATE(\"SINAPI C \",'Composições Aux. SINAPI'!$A$40,)","v":"SINAPI C 92791"},"CORTE E DOBRA AÇO CA-60 4,2 mm","kg",1.0572999999999999,{"$f":"+'Composições Aux. SINAPI'!$E$40:$F$40","v":11.17},11.81]
[{"$f":"CONCATENATE(\"SINAPI I \",Insumos!$B$198)","v":"SINAPI I 39017"},"ESPAÇADOR CIRCULAR EM PLÁSTICO, 4,2 A 12,5 mm","un",2.0792000000000002,{"$f":"+Insumos!$G$198","v":0.12},0.24]
[{"$f":"CONCATENATE(\"SINAPI I \",Insumos!$B$84)","v":"SINAPI I 43132"},"ARAME RECOZIDO 18 BWG","kg",2.64E-2,{"$f":"+Insumos!$G$84","v":25.15},0.66]
["SINAPI I 34449","AÇO CA-50 1/4\" - 0,248 kg/m","kg",0.29759999999999998,{"$f":"+Insumos!$G$64","v":10.94},3.25]
["SINAPI I 563","BARRA FERRO CHATO 38,1 mm x 9,53 mm","kg",9.2584,{"$f":"+Insumos!$G$111","v":29.52},273.3]
[{"$f":"CONCATENATE(\"COTAÇÃO \",Insumos!$B$272)","v":"COTAÇÃO 59"},"PARAFUSO SEXTAVADO ZINCADO C/PORCA 1/4\" x 2\"","un",4,{"$f":"+Insumos!$G$272","v":0.32},1.28]
[{"$f":"CONCATENATE(\"COTAÇÃO \",Insumos!$B$328)","v":"COTAÇÃO 46"},"TÁBUA ITAÚBA LIXADA E APLAINADA 3,5 x 19 x 2,00","un",2,{"$f":"+Insumos!$G$328","v":138.56},277.12]
[{"$f":"CONCATENATE(\"COTAÇÃO \",Insumos!$B$260)","v":"COTAÇÃO 51"},"PARAFUSO FRANCÊS ZINCADO 5/16\" x 2 1/2\" C/PORCA","un",8,{"$f":"+Insumos!$G$260","v":0.62},4.96]
[{"$f":"CONCATENATE(\"SINAPI I \",Insumos!$B$214)","v":"SINAPI I 7307"},"FUNDO ANTICORROSIVO TIPO ZARCÃO","l",4.2999999999999997E-2,{"$f":"+Insumos!$G$214","v":37.43},1.6]
[{"$f":"CONCATENATE(\"SINAPI I \",Insumos!$B$318)","v":"SINAPI I 5318"},"SOLVENTE DILUENTE A BASE DE AGUARRÁS","l",9.1399999999999995E-2,{"$f":"+Insumos!$G$318","v":23.8},2.17]
["SINAPI I 7293","TINTA GRAFITE","l",0.13900000000000001,{"$f":"+Insumos!$G$365","v":38.39},5.33]
["SINAPI I 3767","LIXA P/MADEIRA","un",0.73060000000000003,{"$f":"+Insumos!$G$239","v":1.48},1.08]
["SINAPI 6086","FUNDO SINTÉTICO NIVELADOR BRANCO FOSCO","gl",0.25169999999999998,{"$f":"+Insumos!$G$216","v":43.28},10.89]
[{"$f":"CONCATENATE(\"SINAPI I \",Insumos!$B$364)","v":"SINAPI I 7292"},"TINTA ESMALTE SINTÉTICO BRILHANTE","l",0.22889999999999999,{"$f":"+Insumos!$G$364","v":34.700000000000003},7.94]
[{"$f":"CONCATENATE(\"COTAÇÃO \",Insumos!$B$135)","v":"COTAÇÃO 114"},"CAÇAMBA 4,00 m³","un",3.5999999999999997E-2,{"$f":"+Insumos!$G$135","v":493.97},17.78]
["SUB-TOTAL - MATERIAL / EQUIPAMENTOS:",null,{"$f":"SUM(F2910:F2936)","v":785.15000000000009}]
[{"$f":"CONCATENATE(\"SINAPI C \",Insumos!$B$36)","v":"SINAPI C 88310"},"PINTOR C/ENCARGOS COMPLEMENTARES","h",2.0030999999999999,{"$f":"+Insumos!$G$36","v":21.41},{"$f":"TRUNC(D2938*E2938,2)","v":42.88}]
[{"$f":"CONCATENATE(\"SINAPI C \",Insumos!$B$21)","v":"SINAPI C 88262"},"CARPINTEIRO C/ENCARGOS COMPLEMENTARES","h",4.516,{"$f":"+Insumos!$G$21","v":20.100000000000001},90.77]
[{"$f":"CONCATENATE(\"SINAPI C \",Insumos!$B$14)","v":"SINAPI C 88239"},"AJUDANTE DE CARPINTEIRO C/ENCARGOS COMPLEMENTARES","h",0.96179999999999999,{"$f":"+Insumos!$G$14","v":16.87},16.22]
[{"$f":"CONCATENATE(\"SINAPI C \",Insumos!$B$15)","v":"SINAPI C 88245"},"ARMADOR C/ENCARGOS COMPLEMENTARES","h",0.4889,{"$f":"+Insumos!$G$15","v":20.22},9.8800000000000008]
[{"$f":"CONCATENATE(\"SINAPI C \",Insumos!$B$13)","v":"SINAPI C 88238"},"AJUDANTE DE ARMADOR C/ENCARGOS COMPLEMENTARES","h",0.10970000000000001,{"$f":"+Insumos!$G$13","v":16.95},1.85]
[{"$f":"CONCATENATE(\"SINAPI C \",Insumos!$B$35)","v":"SINAPI C 88309"},"PEDREIRO C/ENCARGOS COMPLEMENTARES","h",1.0699000000000001,{"$f":"+Insumos!$G$35","v":20.34},21.76]
[{"$f":"CONCATENATE(\"SINAPI C \",Insumos!$B$38)","v":"SINAPI C 88316"},"SERVENTE C/ ENCARGOS COMPLEMENTARES","h",2.1535000000000002,{"$f":"+Insumos!$G$38","v":16.920000000000002},36.43]
["SUB-TOTAL - MÃO-DE-OBRA:",null,{"$f":"SUM(F2938:F2944)","v":219.79}]
[]
[null,"CUSTO TOTAL:",null,null,null,{"$f":"+C2937+C2945","v":1004.94}]
[]
[null,"BDI:","%",{"$f":"+$F$7","v":"28,21%"},null,{"$f":"TRUNC(F2947*D2949,2)","v":283.49}]
[]
[null,"PREÇO:",null,null,null,{"$f":"+F2947+F2949","v":1288.43}]
[]
["CÓDIGO","DISCRIMINAÇÃO","UN","COEFIC.","UNITÁRIO","TOTAL"]
[2610,"PARACICLO","un"]
[{"$f":"CONCATENATE(\"SINAPI C \",'Composições Aux. SINAPI'!$A$89)","v":"SINAPI C 90586"},"VIBRADOR DE IMERSÃO, DIÂMETRO DE PONTEIRA 45 mm (chp)","chp",1.1299999999999999E-2,{"$f":"+'Composições Aux. SINAPI'!$E$89:$F$89","v":1.1399999999999999},{"$f":"TRUNC(D2955*E2955,2)","v":0.01}]
[{"$f":"CONCATENATE(\"SINAPI C \",'Composições Aux. SINAPI'!$A$90)","v":"SINAPI C 90587"},"VIBRADOR DE IMERSÃO, DIÂMETRO DE PONTEIRA 45 mm (chi)","chi",3.2800000000000003E-2,{"$f":"+'Composições Aux. SINAPI'!$E$90:$F$90","v":0.35},{"$f":"TRUNC(D2956*E2956,2)","v":0.01}]
[{"$f":"CONCATENATE(\"SINAPI C \",'Composições Aux. SINAPI'!$A$33)","v":"SINAPI C 94963"},"CONCRETO fck=15 MPa PREPARO COM BETONEIRA","m³",4.1399999999999999E-2,{"$f":"+'Composições Aux. SINAPI'!$E$33:$F$33","v":352.14},{"$f":"TRUNC(D2957*E2957,2)","v":14.57}]
["SINAPI I 563","BARRA FERRO CHATO 38,1 mm x 9,53 mm","kg",11.587199999999999,{"$f":"+Insumos!$G$111","v":29.52},342.05]
[{"$f":"CONCATENATE(\"SINAPI I \",Insumos!$B$214)","v":"SINAPI I 7307"},"FUNDO ANTICORROSIVO TIPO ZARCÃO","l",5.3800000000000001E-2,{"$f":"+Insumos!$G$214","v":37.43},2.0099999999999998]
[{"$f":"CONCATENATE(\"SINAPI I \",Insumos!$B$318)","v":"SINAPI I 5318"},"SOLVENTE DILUENTE A BASE DE AGUARRÁS","l",2.2800000000000001E-2,{"$f":"+Insumos!$G$318","v":23.8},0.54]
["SINAPI I 7293","TINTA GRAFITE","l",0.1739,{"$f":"+Insumos!$G$365","v":38.39},6.67]
[{"$f":"CONCATENATE(\"COTAÇÃO \",Insumos!$B$135)","v":"COTAÇÃO 114"},"CAÇAMBA 4,00 m³","un",8.9999999999999993E-3,{"$f":"+Insumos!$G$135","v":493.97},{"$f":"TRUNC(D2962*E2962,2)","v":4.4400000000000004}]
["SUB-TOTAL - MATERIAL / EQUIPAMENTOS:",null,{"$f":"SUM(F2955:F2962)","v":370.3}]
[{"$f":"CONCATENATE(\"SINAPI C \",Insumos!$B$36)","v":"SINAPI C 88310"},"PINTOR C/ENCARGOS COMPLEMENTARES","h",0.99570000000000003,{"$f":"+Insumos!$G$36","v":21.41},{"$f":"TRUNC(D2964*E2964,2)","v":21.31}]
[{"$f":"CONCATENATE(\"SINAPI C \",Insumos!$B$15)","v":"SINAPI C 88245"},"ARMADOR C/ENCARGOS COMPLEMENTARES","h",0.70920000000000005,{"$f":"+Insumos!$G$15","v":20.22},14.34]
[{"$f":"CONCATENATE(\"SINAPI C \",Insumos!$B$13)","v":"SINAPI C 88238"},"AJUDANTE DE ARMADOR C/ENCARGOS COMPLEMENTARES","h",0.1066,{"$f":"+Insumos!$G$13","v":16.95},1.8]
[{"$f":"CONCATENATE(\"SINAPI C \",Insumos!$B$35)","v":"SINAPI C 88309"},"PEDREIRO C/ENCARGOS COMPLEMENTARES","h",0.1709,{"$f":"+Insumos!$G$35","v":20.34},3.47]
[{"$f":"CONCATENATE(\"SINAPI C \",Insumos!$B$38)","v":"SINAPI C 88316"},"SERVENTE C/ ENCARGOS COMPLEMENTARES","h",0.26269999999999999,{"$f":"+Insumos!$G$38","v":16.920000000000002},4.4400000000000004]
["SUB-TOTAL - MÃO-DE-OBRA:",null,{"$f":"SUM(F2964:F2968)","v":45.359999999999992}]
[]
[null,"CUSTO TOTAL:",null,null,null,{"$f":"+C2963+C2969","v":415.66}]
[]
[null,"BDI:","%",{"$f":"+$F$7","v":"28,21%"},null,{"$f":"TRUNC(F2971*D2973,2)","v":117.25}]
[]
[null,"PREÇO:",null,null,null,{"$f":"+F2971+F2973","v":532.91000000000008}]
[]
["CÓDIGO","DISCRIMINAÇÃO","UN","COEFIC.","UNITÁRIO","TOTAL"]
[2615,"CAIXA DE AREIA","un"]
[{"$f":"CONCATENATE(\"COTAÇÃO \",Insumos!$B$135)","v":"COTAÇÃO 114"},"CAÇAMBA 4,00 m³","un",2.2700000000000001E-2,{"$f":"+Insumos!$G$135","v":493.97},{"$f":"TRUNC(D2979*E2979,2)","v":11.21}]
[{"$f":"CONCATENATE(\"COTAÇÃO \",Insumos!$B$47)","v":"COTAÇÃO 2"},"BETONEIRA 400 l","d",0.27300000000000002,{"$f":"+Insumos!$G$47","v":64.150000000000006},17.510000000000002]
[{"$f":"CONCATENATE(\"COTAÇÃO \",Insumos!$B$52)","v":"COTAÇÃO 3"},"MOTOR ELÉTRICO P/VIBRADOR LOCAÇÃO","d",7.8E-2,{"$f":"+Insumos!$G$52","v":32.07},2.5]
["SINAPI I 43061","AÇO CA-60 4,2 mm - 0,109 kg/m","kg",5.2735000000000003,{"$f":"+Insumos!$G$71","v":9.25},48.77]
[{"$f":"CONCATENATE(\"SINAPI I \",Insumos!$B$84)","v":"SINAPI I 43132"},"ARAME RECOZIDO 18 BWG","kg",0.15279999999999999,{"$f":"+Insumos!$G$84","v":25.15},3.84]
["SINAPI I 1379","CIMENTO PORTLAND CP-II 32","kg",241.05090000000001,{"$f":"+Insumos!$G$166","v":0.7},168.73]
["SINAPI I 370","AREIA MÉDIA","m³",4.3872999999999998,{"$f":"+Insumos!$G$87","v":69},302.72000000000003]
[{"$f":"CONCATENATE(\"COTAÇÃO \",Insumos!$B$126)","v":"COTAÇÃO 116"},"BRITA 1 OU 2 - POSTO OBRA","m³",0.54610000000000003,{"$f":"+Insumos!$G$126","v":83.39},45.53]
["SINAPI I 20247","PREGO DE AÇO 15 x 15 C/CABEÇA","kg",2.0804,{"$f":"+Insumos!$G$295","v":22.95},47.74]
[{"$f":"CONCATENATE(\"SINAPI I \",Insumos!$B$288)","v":"SINAPI I 4491"},"PONTALETE EM PINUS 7,5 x 7,5 cm","m",43.142200000000003,{"$f":"+Insumos!$G$288","v":6.25},269.63]
["SINAPI I 1342","CHAPA COMPENSADO PLASTIFICADO 14 mm","m²",5.2009999999999996,{"$f":"+Insumos!$G$156","v":120.72},627.86]
[{"$f":"CONCATENATE(\"COTAÇÃO \",Insumos!$B$309)","v":"COTAÇÃO 15"},"SARRAFO CEDRINHO 2,5 x 2,5 cm","m",24.190300000000001,{"$f":"+Insumos!$G$309","v":2.41},58.29]
[{"$f":"CONCATENATE(\"SINAPI I \",Insumos!$B$314)","v":"SINAPI I 4517"},"SARRAFO PINUS 2,5 x 7,5 cm","m",28.2744,{"$f":"+Insumos!$G$314","v":2.1800000000000002},61.63]
["SINAPI I 9869","TUBO PVC SOLDÁVEL 32mm","m",0.15,{"$f":"+Insumos!$G$388","v":14.03},2.1]
["SINAPI I 4013","MANTA BIDIM RT-09","m²",0.1,{"$f":"+Insumos!$G$246","v":6.82},0.68]
["SUB-TOTAL - MATERIAL / EQUIPAMENTOS:",null,{"$f":"SUM(F2979:F2993)","v":1668.74}]
[{"$f":"CONCATENATE(\"SINAPI C \",Insumos!$B$21)","v":"SINAPI C 88262"},"CARPINTEIRO C/ENCARGOS COMPLEMENTARES","h",40.879399999999997,{"$f":"+Insumos!$G$21","v":20.100000000000001},{"$f":"TRUNC(D2995*E2995,2)","v":821.67}]
[{"$f":"CONCATENATE(\"SINAPI C \",Insumos!$B$15)","v":"SINAPI C 88245"},"ARMADOR C/ENCARGOS COMPLEMENTARES","h",0.63280000000000003,{"$f":"+Insumos!$G$15","v":20.22},{"$f":"TRUNC(D2996*E2996,2)","v":12.79}]
[{"$f":"CONCATENATE(\"SINAPI C \",Insumos!$B$13)","v":"SINAPI C 88238"},"AJUDANTE DE ARMADOR C/ENCARGOS COMPLEMENTARES","h",0.63280000000000003,{"$f":"+Insumos!$G$13","v":16.95},{"$f":"TRUNC(D2997*E2997,2)","v":10.72}]
[{"$f":"CONCATENATE(\"SINAPI C \",Insumos!$B$35)","v":"SINAPI C 88309"},"PEDREIRO C/ENCARGOS COMPLEMENTARES","h",3.1204000000000001,{"$f":"+Insumos!$G$35","v":20.34},{"$f":"TRUNC(D2998*E2998,2)","v":63.46}]
[{"$f":"CONCATENATE(\"SINAPI C \",Insumos!$B$38)","v":"SINAPI C 88316"},"SERVENTE C/ ENCARGOS COMPLEMENTARES","h",27.488800000000001,{"$f":"+Insumos!$G$38","v":16.920000000000002},{"$f":"TRUNC(D2999*E2999,2)","v":465.11}]
["SUB-TOTAL - MÃO-DE-OBRA:",null,{"$f":"SUM(F2995:F2999)","v":1373.75}]
[]
[null,"CUSTO TOTAL:",null,null,null,{"$f":"+C2994+C3000","v":3042.49}]
[]
[null,"BDI:","%",{"$f":"+$F$7","v":"28,21%"},null,{"$f":"TRUNC(F3002*D3004,2)","v":858.28}]
[]
[null,"PREÇO:",null,null,null,{"$f":"+F3002+F3004","v":3900.7699999999995}]
[]
["CÓDIGO","DISCRIMINAÇÃO","UN","COEFIC.","UNITÁRIO","TOTAL"]
[2620,"CANCHA DE BOCHA","un"]
[{"$f":"CONCATENATE(\"COTAÇÃO \",Insumos!$B$135)","v":"COTAÇÃO 114"},"CAÇAMBA 4,00 m³","un",1.2798,{"$f":"+Insumos!$G$135","v":493.97},{"$f":"TRUNC(D3010*E3010,2)","v":632.17999999999995}]
[{"$f":"CONCATENATE(\"COTAÇÃO \",Insumos!$B$281)","v":"COTAÇÃO 124"},"PEDRA DE GRÊS 48 x 23 x 12 cm","un",228,{"$f":"+Insumos!$G$281","v":2.37},540.36]
[{"$f":"CONCATENATE(\"COTAÇÃO \",Insumos!$B$47)","v":"COTAÇÃO 2"},"BETONEIRA 400 l","d",0.89590000000000003,{"$f":"+Insumos!$G$47","v":64.150000000000006},57.47]
[{"$f":"CONCATENATE(\"COTAÇÃO \",Insumos!$B$52)","v":"COTAÇÃO 3"},"MOTOR ELÉTRICO P/VIBRADOR LOCAÇÃO","d",0.25600000000000001,{"$f":"+Insumos!$G$52","v":32.07},8.1999999999999993]
["SINAPI I 43061","AÇO CA-60 4,2 mm - 0,109 kg/m","kg",48.359400000000001,{"$f":"+Insumos!$G$71","v":9.25},447.32]
[{"$f":"CONCATENATE(\"SINAPI I \",Insumos!$B$67)","v":"SINAPI I 43058"},"AÇO CA-50 10 mm DOBRADO E CORTADO","kg",141.9725,{"$f":"+Insumos!$G$67","v":9.2799999999999994},1317.5]
[{"$f":"CONCATENATE(\"SINAPI I \",Insumos!$B$84)","v":"SINAPI I 43132"},"ARAME RECOZIDO 18 BWG","kg",5.71,{"$f":"+Insumos!$G$84","v":25.15},143.6]
["SINAPI I 1379","CIMENTO PORTLAND CP-II 32","kg",1488.3018,{"$f":"+Insumos!$G$166","v":0.7},1041.81]
["SINAPI I 370","AREIA MÉDIA","m³",5.1970000000000001,{"$f":"+Insumos!$G$87","v":69},358.59]
[{"$f":"CONCATENATE(\"COTAÇÃO \",Insumos!$B$126)","v":"COTAÇÃO 116"},"BRITA 1 OU 2 - POSTO OBRA","m³",7.8676000000000004,{"$f":"+Insumos!$G$126","v":83.39},656.07]
["SINAPI I 20247","PREGO DE AÇO 15 x 15 C/CABEÇA","kg",6.8255999999999997,{"$f":"+Insumos!$G$295","v":22.95},156.63999999999999]
[{"$f":"CONCATENATE(\"SINAPI I \",Insumos!$B$322)","v":"SINAPI I 6189"},"TÁBUA MADEIRA NÃO APARELHADA CEDRINHO 2,5 x 30 cm","m",22.751999999999999,{"$f":"+Insumos!$G$322","v":16.39},372.9]
[{"$f":"CONCATENATE(\"SINAPI I \",Insumos!$B$288)","v":"SINAPI I 4491"},"PONTALETE EM PINUS 7,5 x 7,5 cm","m",70.992000000000004,{"$f":"+Insumos!$G$288","v":6.25},443.7]
[{"$f":"CONCATENATE(\"COTAÇÃO \",Insumos!$B$52)","v":"COTAÇÃO 3"},"CAIBRO ITAUBA   5 x 7 cm","m",66,{"$f":"+Insumos!$G$143","v":20.93},1381.38]
[{"$f":"CONCATENATE(\"SINAPI I \",Insumos!$B$314)","v":"SINAPI I 4517"},"SARRAFO PINUS 2,5 x 7,5 cm","m",47.334699999999998,{"$f":"+Insumos!$G$314","v":2.1800000000000002},103.18]
["SINAPI I 3288","MEIA CANA CEDRINHO 2,5 x 2,5 cm","m",58.92,{"$f":"+Insumos!$G$248","v":5.58},328.77]
[{"$f":"CONCATENATE(\"COTAÇÃO \",Insumos!$B$51)","v":"COTAÇÃO 8"},"ESMERILHADEIRA","d",2.1846999999999999,{"$f":"+Insumos!$G$51","v":25.66},56.05]
[{"$f":"CONCATENATE(\"COTAÇÃO \",Insumos!$B$55)","v":"COTAÇÃO 6"},"PLACA VIBRATÓRIA REVERSÍVEL LOCAÇÃO","d",0.40689999999999998,{"$f":"+Insumos!$G$55","v":115.47},46.98]
["SINAPI I 4227","ÓLEO LUBRIFICANTE PARA MOTORES","l",4.8410000000000002,{"$f":"+Insumos!$G$255","v":18.149999999999999},87.86]
["SINAPI I 4224","QUEROSENE","l",4.8410000000000002,0,0]
[{"$f":"CONCATENATE(\"COTAÇÃO \",Insumos!$B$187)","v":"COTAÇÃO 78"},"DISCO DE CORTE MR 832 - 7\"","un",11.8186,{"$f":"+Insumos!$G$187","v":29.38},347.23]
["SINAPI I 4375","BUCHA NYLON S-6 4,2 X 38","un",118,{"$f":"+Insumos!$G$131","v":0.19},22.42]
["SINAPI I 4376","BUCHA NYLON S-8 4,8 X 45","un",440,{"$f":"+Insumos!$G$132","v":0.37},162.80000000000001]
[{"$f":"CONCATENATE(\"COTAÇÃO \",Insumos!$B$264)","v":"COTAÇÃO 55"},"PARAFUSO INOX AUTO ATARRAXANTE 4,8 x 100","un",440,{"$f":"+Insumos!$G$264","v":2.12},932.8]
[{"$f":"CONCATENATE(\"COTAÇÃO \",Insumos!$B$263)","v":"COTAÇÃO 54"},"PARAFUSO INOX AUTO ATARRAXANTE 4,8 x 70","un",672,{"$f":"+Insumos!$G$263","v":0.8},537.6]
[{"$f":"CONCATENATE(\"COTAÇÃO \",Insumos!$B$340)","v":"COTAÇÃO 37"},"TÁBUA ITAÚBA LIXADA E APLAINADA 4 x 30 x 4,50","un",14,{"$f":"+Insumos!$G$340","v":468.31},6556.34]
[{"$f":"CONCATENATE(\"COTAÇÃO \",Insumos!$B$332)","v":"COTAÇÃO 29"},"TÁBUA ITAÚBA LIXADA E APLAINADA 3 x 22 x 4,50","un",2,{"$f":"+Insumos!$G$332","v":300.23},600.46]
[{"$f":"CONCATENATE(\"COTAÇÃO \",Insumos!$B$330)","v":"COTAÇÃO 27"},"TÁBUA ITAÚBA LIXADA E APLAINADA 3 x 22 x 3,00","un",6,{"$f":"+Insumos!$G$330","v":200.15},1200.9000000000001]
[{"$f":"CONCATENATE(\"COTAÇÃO \",Insumos!$B$331)","v":"COTAÇÃO 28"},"TÁBUA ITAÚBA LIXADA E APLAINADA 3 x 22 x 4,00","un",8,{"$f":"+Insumos!$G$331","v":266.87},2134.96]
[{"$f":"CONCATENATE(\"COTAÇÃO \",Insumos!$B$339)","v":"COTAÇÃO 36"},"TÁBUA ITAÚBA LIXADA E APLAINADA 4 x 30 x 4,00","un",12,{"$f":"+Insumos!$G$339","v":415.7},4988.3999999999996]
[{"$f":"CONCATENATE(\"COTAÇÃO \",Insumos!$B$338)","v":"COTAÇÃO 35"},"TÁBUA ITAÚBA LIXADA E APLAINADA 4 x 30 x 3,00","un",2,{"$f":"+Insumos!$G$338","v":311.77999999999997},623.55999999999995]
["SINAPI I 34401","TIJOLO CERÂMICO LAMINADO 5,5 x 11 x 23 cm","un",2696.89,{"$f":"+Insumos!$G$360","v":1.88},5070.1499999999996]
["SINAPI I 11441","DOBRADIÇA FERRO GALVANIZADO 4\" x 3\"","un",6,{"$f":"+Insumos!$G$190","v":9.8000000000000007},58.8]
[{"$f":"CONCATENATE(\"COTAÇÃO \",Insumos!$B$236)","v":"COTAÇÃO 47"},"LAMINADO MELAMÍNICO FOSCO esp = 2,8 mm","m²",1.2,{"$f":"+Insumos!$G$236","v":32.979999999999997},39.57]
["SINAPI I 9868","TUBO PVC SOLDÁVEL 25 mm","m",1.8,{"$f":"+Insumos!$G$387","v":6.25},11.25]
[{"$f":"CONCATENATE(\"COTAÇÃO \",Insumos!$B$247)","v":"COTAÇÃO 110"},"MANTA GEOTÊXTIL PARA CURA DO CONCRETO","m²",0.126,{"$f":"+Insumos!$G$247","v":2.82},0.35]
[{"$f":"CONCATENATE(\"COTAÇÃO \",Insumos!$B$308)","v":"COTAÇÃO 102"},"SAIBRO ROSA - POSTO OBRA","m³",16.033300000000001,{"$f":"+Insumos!$G$308","v":63.29},1014.74]
["SUB-TOTAL - MATERIAL / EQUIPAMENTOS:",null,{"$f":"SUM(F3010:F3046)","v":32482.89}]
[{"$f":"CONCATENATE(\"SINAPI C \",Insumos!$B$21)","v":"SINAPI C 88262"},"CARPINTEIRO C/ENCARGOS COMPLEMENTARES","h",160.42410000000001,{"$f":"+Insumos!$G$21","v":20.100000000000001},{"$f":"TRUNC(D3048*E3048,2)","v":3224.52}]
[{"$f":"CONCATENATE(\"SINAPI C \",Insumos!$B$36)","v":"SINAPI C 88310"},"PINTOR C/ENCARGOS COMPLEMENTARES","h",21.934899999999999,{"$f":"+Insumos!$G$36","v":21.41},469.62]
[{"$f":"CONCATENATE(\"SINAPI C \",Insumos!$B$15)","v":"SINAPI C 88245"},"ARMADOR C/ENCARGOS COMPLEMENTARES","h",22.8398,{"$f":"+Insumos!$G$15","v":20.22},461.82]
[{"$f":"CONCATENATE(\"SINAPI C \",Insumos!$B$13)","v":"SINAPI C 88238"},"AJUDANTE DE ARMADOR C/ENCARGOS COMPLEMENTARES","h",22.8398,{"$f":"+Insumos!$G$13","v":16.95},387.13]
[{"$f":"CONCATENATE(\"SINAPI C \",Insumos!$B$35)","v":"SINAPI C 88309"},"PEDREIRO C/ENCARGOS COMPLEMENTARES","h",149.7139,{"$f":"+Insumos!$G$35","v":20.34},3045.18]
[{"$f":"CONCATENATE(\"SINAPI C \",Insumos!$B$38)","v":"SINAPI C 88316"},"SERVENTE C/ ENCARGOS COMPLEMENTARES","h",353.04270000000002,{"$f":"+Insumos!$G$38","v":16.920000000000002},5973.48]
["SUB-TOTAL - MÃO-DE-OBRA:",null,{"$f":"SUM(F3048:F3053)","v":13561.75}]
[]
[null,"CUSTO TOTAL:",null,null,null,{"$f":"+C3047+C3054","v":46044.639999999999}]
[]
[null,"BDI:","%",{"$f":"+$F$7","v":"28,21%"},null,{"$f":"TRUNC(F3056*D3058,2)","v":12989.19}]
[]
[null,"PREÇO:",null,null,null,{"$f":"+F3056+F3058","v":59033.83}]
[]
["CÓDIGO","DISCRIMINAÇÃO","UN","COEFIC.","UNITÁRIO","TOTAL"]
[2623,"COBERTURA P/ CANCHA DE BOCHA","un"]
[{"$f":"CONCATENATE(\"COTAÇÃO \",Insumos!$B$135)","v":"COTAÇÃO 114"},"CAÇAMBA 4,00 m³","un",2.2050000000000001,{"$f":"+Insumos!$G$135","v":493.97},{"$f":"TRUNC(D3064*E3064,2)","v":1089.2}]
[{"$f":"CONCATENATE(\"COTAÇÃO \",Insumos!$B$47)","v":"COTAÇÃO 2"},"BETONEIRA 400 l","d",3.0870000000000002,{"$f":"+Insumos!$G$47","v":64.150000000000006},198.03]
[{"$f":"CONCATENATE(\"COTAÇÃO \",Insumos!$B$52)","v":"COTAÇÃO 3"},"MOTOR ELÉTRICO P/VIBRADOR LOCAÇÃO","d",0.88200000000000001,{"$f":"+Insumos!$G$52","v":32.07},28.28]
["SINAPI I 1379","CIMENTO PORTLAND CP-II 32","kg",2725.38,{"$f":"+Insumos!$G$166","v":0.7},1907.76]
["SINAPI I 370","AREIA MÉDIA","m³",7.056,{"$f":"+Insumos!$G$87","v":69},486.86]
[{"$f":"CONCATENATE(\"COTAÇÃO \",Insumos!$B$126)","v":"COTAÇÃO 116"},"BRITA 1 OU 2 - POSTO OBRA","m³",6.1740000000000004,{"$f":"+Insumos!$G$126","v":83.39},514.84]
["SINAPI I 20247","PREGO DE AÇO 15 x 15 C/CABEÇA","kg",23.511600000000001,{"$f":"+Insumos!$G$295","v":22.95},539.59]
[{"$f":"CONCATENATE(\"COTAÇÃO \",Insumos!$B$224)","v":"COTAÇÃO 22"},"GUIA CEDRINHO 2,5 x 15 cm","m",246.15,{"$f":"+Insumos!$G$224","v":12.89},3172.87]
[{"$f":"CONCATENATE(\"COTAÇÃO \",Insumos!$B$138)","v":"COTAÇÃO 18"},"CAIBRO CEDRINHO 5 x 10 cm","m",268.39999999999998,{"$f":"+Insumos!$G$138","v":17.2},4616.4799999999996]
[{"$f":"CONCATENATE(\"COTAÇÃO \",Insumos!$B$139)","v":"COTAÇÃO 19"},"CAIBRO CEDRINHO 5 x 15 cm","m",48,{"$f":"+Insumos!G139","v":25.8},1238.4000000000001]
[{"$f":"CONCATENATE(\"COTAÇÃO \",Insumos!$B$271)","v":"COTAÇÃO 58"},"PARAFUSO SEXTAVADO AÇO ZINCADO 1/2\" x 8\"","un",24,{"$f":"+Insumos!$G$271","v":4.72},113.28]
["SINAPI I 4339","PORCA SEXTAVADA AÇO ZINCADO 1/2\"","un",24,{"$f":"+Insumos!$G$290","v":0.56000000000000005},13.44]
[{"$f":"CONCATENATE(\"COTAÇÃO \",Insumos!$B$273)","v":"COTAÇÃO 60"},"PARAFUSO SEXTAVADO ROSCA SOBERBA 1/4\" x 30 mm","un",144,{"$f":"+Insumos!$G$273","v":0.19},27.36]
["SINAPI I 4777","CANTONEIRA FERRO 1 1/2\" x 1/4\"","kg",31.32,{"$f":"+Insumos!$G$151","v":12.7},397.76]
[{"$f":"CONCATENATE(\"COTAÇÃO \",Insumos!$B$367)","v":"COTAÇÃO 48"},"TORA EUCALIPTO TRATADA d = 20 cm","m",99,{"$f":"+Insumos!$G$367","v":37.520000000000003},3714.48]
["SINAPI I 11029","HASTE RETA GALVANIZADA C/ROSCA 1/4\" x 30 cm, C/PORCA E ARRUELAS DE VEDAÇÃO","cj",681.53599999999994,{"$f":"+Insumos!$G$229","v":1.39},947.33]
[{"$f":"CONCATENATE(\"COTAÇÃO \",Insumos!$B$359)","v":"COTAÇÃO 74"},"TELHA GALVALUME ONDULADA 0,50 mm","m",276.87400000000002,{"$f":"+Insumos!$G$359","v":36.11},9997.92]
[{"$f":"CONCATENATE(\"COTAÇÃO \",Insumos!$B$180)","v":"COTAÇÃO 73"},"CUMEEIRA GALVALUME ONDULADA 0,50 mm","un",35.957999999999998,{"$f":"+Insumos!$G$180","v":35.770000000000003},1286.21]
["SUB-TOTAL - MATERIAL / EQUIPAMENTOS:",null,{"$f":"SUM(F3064:F3081)","v":30290.090000000004}]
[{"$f":"CONCATENATE(\"SINAPI C \",Insumos!$B$21)","v":"SINAPI C 88262"},"CARPINTEIRO C/ENCARGOS COMPLEMENTARES","h",195.93,{"$f":"+Insumos!$G$21","v":20.100000000000001},{"$f":"TRUNC(D3083*E3083,2)","v":3938.19}]
[{"$f":"CONCATENATE(\"SINAPI C \",Insumos!$B$37)","v":"SINAPI C 88315"},"SERRALHEIRO C/ENCARGOS COMPLEMENTARES","h",8.7696000000000005,{"$f":"+Insumos!$G$37","v":20.22},{"$f":"TRUNC(D3084*E3084,2)","v":177.32}]
["SINAPI C 88323","TELHADISTA C/ENCARGOS COMPLEMENTARES","h",81.457999999999998,{"$f":"+Insumos!$G$40","v":20.48},{"$f":"TRUNC(D3085*E3085,2)","v":1668.25}]
[{"$f":"CONCATENATE(\"SINAPI C \",Insumos!$B$35)","v":"SINAPI C 88309"},"PEDREIRO C/ENCARGOS COMPLEMENTARES","h",35.28,{"$f":"+Insumos!$G$35","v":20.34},{"$f":"TRUNC(D3086*E3086,2)","v":717.59}]
[{"$f":"CONCATENATE(\"SINAPI C \",Insumos!$B$38)","v":"SINAPI C 88316"},"SERVENTE C/ ENCARGOS COMPLEMENTARES","h",581.98900000000003,{"$f":"+Insumos!$G$38","v":16.920000000000002},{"$f":"TRUNC(D3087*E3087,2)","v":9847.25}]
["SUB-TOTAL - MÃO-DE-OBRA:",null,{"$f":"SUM(F3083:F3087)","v":16348.6}]
[]
[null,"CUSTO TOTAL:",null,null,null,{"$f":"+C3082+C3088","v":46638.69}]
[]
[null,"BDI:","%",{"$f":"+$F$7","v":"28,21%"},null,{"$f":"TRUNC(F3090*D3092,2)","v":13156.77}]
[]
[null,"PREÇO:",null,null,null,{"$f":"+F3090+F3092","v":59795.460000000006}]
[]
["CÓDIGO","DISCRIMINAÇÃO","UN","COEFIC.","UNITÁRIO","TOTAL"]
[2630,"CHURRASQUEIRA C/ PISO DE CONCRETO","un"]
[{"$f":"CONCATENATE(\"COTAÇÃO \",Insumos!$B$135)","v":"COTAÇÃO 114"},"CAÇAMBA 4,00 m³","un",0.22689999999999999,{"$f":"+Insumos!$G$135","v":493.97},{"$f":"TRUNC(D3098*E3098,2)","v":112.08}]
[{"$f":"CONCATENATE(\"COTAÇÃO \",Insumos!$B$47)","v":"COTAÇÃO 2"},"BETONEIRA 400 l","d",0.36730000000000002,{"$f":"+Insumos!$G$47","v":64.150000000000006},23.56]
[{"$f":"CONCATENATE(\"COTAÇÃO \",Insumos!$B$52)","v":"COTAÇÃO 3"},"MOTOR ELÉTRICO P/VIBRADOR LOCAÇÃO","d",0.10489999999999999,{"$f":"+Insumos!$G$52","v":32.07},3.36]
["SINAPI I 1379","CIMENTO PORTLAND CP-II 32","kg",342.71280000000002,{"$f":"+Insumos!$G$166","v":0.7},239.89]
["SINAPI I 370","AREIA MÉDIA","m³",0.96230000000000004,{"$f":"+Insumos!$G$87","v":69},66.39]
[{"$f":"CONCATENATE(\"COTAÇÃO \",Insumos!$B$126)","v":"COTAÇÃO 116"},"BRITA 1 OU 2 - POSTO OBRA","m³",1.4472,{"$f":"+Insumos!$G$126","v":83.39},120.68]
["SINAPI I 20247","PREGO DE AÇO 15 x 15 C/CABEÇA","kg",0.87039999999999995,{"$f":"+Insumos!$G$295","v":22.95},19.97]
[{"$f":"CONCATENATE(\"SINAPI I \",Insumos!$B$288)","v":"SINAPI I 4491"},"PONTALETE EM PINUS 7,5 x 7,5 cm","m",7.9333,{"$f":"+Insumos!$G$288","v":6.25},49.58]
[{"$f":"CONCATENATE(\"COTAÇÃO \",Insumos!$B$223)","v":"COTAÇÃO 21"},"GUIA CEDRINHO 2,5 x 10 cm ","m",8.2866,{"$f":"+Insumos!$G$223","v":8.59},71.180000000000007]
[{"$f":"CONCATENATE(\"SINAPI I \",Insumos!$B$314)","v":"SINAPI I 4517"},"SARRAFO PINUS 2,5 x 7,5 cm","m",4.5332999999999997,{"$f":"+Insumos!$G$314","v":2.1800000000000002},9.8800000000000008]
[{"$f":"CONCATENATE(\"COTAÇÃO \",Insumos!$B$137)","v":"COTAÇÃO 17"},"CAIBRO CEDRINHO 5 x 7 cm","m",2.1,{"$f":"+Insumos!$G$137","v":12.5},26.25]
["SINAPI I 43061","AÇO CA-60 4,2 mm - 0,109 kg/m","kg",3.1534,{"$f":"+Insumos!$G$71","v":9.25},29.16]
[{"$f":"CONCATENATE(\"SINAPI I \",Insumos!$B$67)","v":"SINAPI I 43058"},"AÇO CA-50 10 mm DOBRADO E CORTADO","kg",9.2850999999999999,{"$f":"+Insumos!$G$67","v":9.2799999999999994},86.16]
["SINAPI I 34443","AÇO CA-50 5/8\" - 1,570 kg/m","kg",4.4116999999999997,{"$f":"+Insumos!$G$69","v":9.2799999999999994},40.94]
[{"$f":"CONCATENATE(\"SINAPI I \",Insumos!$B$84)","v":"SINAPI I 43132"},"ARAME RECOZIDO 18 BWG","kg",0.37319999999999998,{"$f":"+Insumos!$G$84","v":25.15},9.3800000000000008]
["SINAPI I 7155","TELA DE AÇO SOLDADA CA-60 4,2mm 10 x 10 cm","m²",12.232799999999999,{"$f":"+Insumos!$G$353","v":30.01},367.1]
[{"$f":"CONCATENATE(\"COTAÇÃO \",Insumos!$B$55)","v":"COTAÇÃO 6"},"PLACA VIBRATÓRIA REVERSÍVEL LOCAÇÃO","d",7.9000000000000008E-3,{"$f":"+Insumos!$G$55","v":115.47},0.91]
[{"$f":"CONCATENATE(\"COTAÇÃO \",Insumos!$B$281)","v":"COTAÇÃO 124"},"PEDRA DE GRÊS 48 x 23 x 12 cm","un",16,{"$f":"+Insumos!$G$281","v":2.37},37.92]
["SINAPI I 1355","CHAPA COMPENSADO RESINADO 14 mm","m²",0.44319999999999998,{"$f":"+Insumos!$G$157","v":69.45},30.78]
["SINAPI I 10617","TIJOLO CERÂMICO REFRATÁRIO 6,3 x 11,4 x  22,9 cm","un",74.459999999999994,{"$f":"+Insumos!$G$362","v":5.54},412.5]
["SUB-TOTAL - MATERIAL / EQUIPAMENTOS:",null,{"$f":"SUM(F3098:F3117)","v":1757.67}]
[{"$f":"CONCATENATE(\"SINAPI C \",Insumos!$B$21)","v":"SINAPI C 88262"},"CARPINTEIRO C/ENCARGOS COMPLEMENTARES","h",5.8544999999999998,{"$f":"+Insumos!$G$21","v":20.100000000000001},{"$f":"TRUNC(D3119*E3119,2)","v":117.67}]
[{"$f":"CONCATENATE(\"SINAPI C \",Insumos!$B$15)","v":"SINAPI C 88245"},"ARMADOR C/ENCARGOS COMPLEMENTARES","h",1.7895000000000001,{"$f":"+Insumos!$G$15","v":20.22},{"$f":"TRUNC(D3120*E3120,2)","v":36.18}]
[{"$f":"CONCATENATE(\"SINAPI C \",Insumos!$B$13)","v":"SINAPI C 88238"},"AJUDANTE DE ARMADOR C/ENCARGOS COMPLEMENTARES","h",2.0863999999999998,{"$f":"+Insumos!$G$13","v":16.95},{"$f":"TRUNC(D3121*E3121,2)","v":35.36}]
[{"$f":"CONCATENATE(\"SINAPI C \",Insumos!$B$35)","v":"SINAPI C 88309"},"PEDREIRO C/ENCARGOS COMPLEMENTARES","h",7.5453999999999999,{"$f":"+Insumos!$G$35","v":20.34},{"$f":"TRUNC(D3122*E3122,2)","v":153.47}]
[{"$f":"CONCATENATE(\"SINAPI C \",Insumos!$B$38)","v":"SINAPI C 88316"},"SERVENTE C/ ENCARGOS COMPLEMENTARES","h",25.846,{"$f":"+Insumos!$G$38","v":16.920000000000002},{"$f":"TRUNC(D3123*E3123,2)","v":437.31}]
["SUB-TOTAL - MÃO-DE-OBRA:",null,{"$f":"SUM(F3119:F3123)","v":779.99}]
[]
[null,"CUSTO TOTAL:",null,null,null,{"$f":"+C3118+C3124","v":2537.66}]
[]
[null,"BDI:","%",{"$f":"+$F$7","v":"28,21%"},null,{"$f":"TRUNC(F3126*D3128,2)","v":715.87}]
[]
[null,"PREÇO:",null,null,null,{"$f":"+F3126+F3128","v":3253.5299999999997}]
[]
["CÓDIGO","DISCRIMINAÇÃO","UN","COEFIC.","UNITÁRIO","TOTAL"]
[2633,"CHURRASQUEIRA","un"]
[{"$f":"CONCATENATE(\"COTAÇÃO \",Insumos!$B$135)","v":"COTAÇÃO 114"},"CAÇAMBA 4,00 m³","un",1.7100000000000001E-2,{"$f":"+Insumos!$G$135","v":493.97},{"$f":"TRUNC(D3134*E3134,2)","v":8.44}]
[{"$f":"CONCATENATE(\"COTAÇÃO \",Insumos!$B$47)","v":"COTAÇÃO 2"},"BETONEIRA 400 l","d",3.4799999999999998E-2,{"$f":"+Insumos!$G$47","v":64.150000000000006},2.23]
[{"$f":"CONCATENATE(\"COTAÇÃO \",Insumos!$B$52)","v":"COTAÇÃO 3"},"MOTOR ELÉTRICO P/VIBRADOR LOCAÇÃO","d",9.9000000000000008E-3,{"$f":"+Insumos!$G$52","v":32.07},0.31]
["SINAPI I 1379","CIMENTO PORTLAND CP-II 32","kg",49.131900000000002,{"$f":"+Insumos!$G$166","v":0.7},34.39]
["SINAPI I 370","AREIA MÉDIA","m³",0.20219999999999999,{"$f":"+Insumos!$G$87","v":69},13.95]
[{"$f":"CONCATENATE(\"COTAÇÃO \",Insumos!$B$126)","v":"COTAÇÃO 116"},"BRITA 1 OU 2 - POSTO OBRA","m³",6.9500000000000006E-2,{"$f":"+Insumos!$G$126","v":83.39},5.79]
["SINAPI I 20247","PREGO DE AÇO 15 x 15 C/CABEÇA","kg",0.57599999999999996,{"$f":"+Insumos!$G$295","v":22.95},13.21]
[{"$f":"CONCATENATE(\"COTAÇÃO \",Insumos!$B$223)","v":"COTAÇÃO 21"},"GUIA CEDRINHO 2,5 x 10 cm ","m",3.38,{"$f":"+Insumos!$G$223","v":8.59},29.03]
[{"$f":"CONCATENATE(\"COTAÇÃO \",Insumos!$B$137)","v":"COTAÇÃO 17"},"CAIBRO CEDRINHO 5 x 7 cm","m",2.1,{"$f":"+Insumos!$G$137","v":12.5},26.25]
["SINAPI I 43061","AÇO CA-60 4,2 mm - 0,109 kg/m","kg",3.1534,{"$f":"+Insumos!$G$71","v":9.25},29.16]
[{"$f":"CONCATENATE(\"SINAPI I \",Insumos!$B$67)","v":"SINAPI I 43058"},"AÇO CA-50 10 mm DOBRADO E CORTADO","kg",9.2850999999999999,{"$f":"+Insumos!$G$67","v":9.2799999999999994},86.16]
["SINAPI I 34443","AÇO CA-50 5/8\" - 1,570 kg/m","kg",4.4116999999999997,{"$f":"+Insumos!$G$69","v":9.2799999999999994},40.94]
[{"$f":"CONCATENATE(\"SINAPI I \",Insumos!$B$84)","v":"SINAPI I 43132"},"ARAME RECOZIDO 18 BWG","kg",0.37319999999999998,{"$f":"+Insumos!$G$84","v":25.15},9.3800000000000008]
[{"$f":"CONCATENATE(\"COTAÇÃO \",Insumos!$B$55)","v":"COTAÇÃO 6"},"PLACA VIBRATÓRIA REVERSÍVEL LOCAÇÃO","d",2.8999999999999998E-3,{"$f":"+Insumos!$G$55","v":115.47},0.33]
[{"$f":"CONCATENATE(\"COTAÇÃO \",Insumos!$B$281)","v":"COTAÇÃO 124"},"PEDRA DE GRÊS 48 x 23 x 12 cm","un",16,{"$f":"+Insumos!$G$281","v":2.37},37.92]
["SINAPI I 1355","CHAPA COMPENSADO RESINADO 14 mm","m²",0.44319999999999998,{"$f":"+Insumos!$G$157","v":69.45},30.78]
["SINAPI I 10617","TIJOLO CERÂMICO REFRATÁRIO 6,3 x 11,4 x 22,9 cm","un",74.459999999999994,{"$f":"+Insumos!$G$362","v":5.54},412.5]
["SUB-TOTAL - MATERIAL / EQUIPAMENTOS:",null,{"$f":"SUM(F3134:F3150)","v":780.77}]
[{"$f":"CONCATENATE(\"SINAPI C \",Insumos!$B$21)","v":"SINAPI C 88262"},"CARPINTEIRO C/ENCARGOS COMPLEMENTARES","h",3.093,{"$f":"+Insumos!$G$21","v":20.100000000000001},{"$f":"TRUNC(D3152*E3152,2)","v":62.16}]
[{"$f":"CONCATENATE(\"SINAPI C \",Insumos!$B$15)","v":"SINAPI C 88245"},"ARMADOR C/ENCARGOS COMPLEMENTARES","h",1.4925999999999999,{"$f":"+Insumos!$G$15","v":20.22},{"$f":"TRUNC(D3153*E3153,2)","v":30.18}]
[{"$f":"CONCATENATE(\"SINAPI C \",Insumos!$B$13)","v":"SINAPI C 88238"},"AJUDANTE DE ARMADOR C/ENCARGOS COMPLEMENTARES","h",1.4925999999999999,{"$f":"+Insumos!$G$13","v":16.95},{"$f":"TRUNC(D3154*E3154,2)","v":25.29}]
[{"$f":"CONCATENATE(\"SINAPI C \",Insumos!$B$35)","v":"SINAPI C 88309"},"PEDREIRO C/ENCARGOS COMPLEMENTARES","h",3.2698999999999998,{"$f":"+Insumos!$G$35","v":20.34},{"$f":"TRUNC(D3155*E3155,2)","v":66.5}]
[{"$f":"CONCATENATE(\"SINAPI C \",Insumos!$B$38)","v":"SINAPI C 88316"},"SERVENTE C/ ENCARGOS COMPLEMENTARES","h",6.0965999999999996,{"$f":"+Insumos!$G$38","v":16.920000000000002},{"$f":"TRUNC(D3156*E3156,2)","v":103.15}]
["SUB-TOTAL - MÃO-DE-OBRA:",null,{"$f":"SUM(F3152:F3156)","v":287.27999999999997}]
[]
[null,"CUSTO TOTAL:",null,null,null,{"$f":"+C3151+C3157","v":1068.05}]
[]
[null,"BDI:","%",{"$f":"+$F$7","v":"28,21%"},null,{"$f":"TRUNC(F3159*D3161,2)","v":301.29000000000002}]
[]
[null,"PREÇO:",null,null,null,{"$f":"+F3159+F3161","v":1369.34}]
[]
["CÓDIGO","DISCRIMINAÇÃO","UN","COEFIC.","UNITÁRIO","TOTAL"]
[2636,"MESA E BANCO DE CONCRETO P/ CHURRASQUEIRA","cj"]
[{"$f":"CONCATENATE(\"COTAÇÃO \",Insumos!$B$135)","v":"COTAÇÃO 114"},"CAÇAMBA 4,00 m³","un",5.8500000000000003E-2,{"$f":"+Insumos!$G$135","v":493.97},{"$f":"TRUNC(D3167*E3167,2)","v":28.89}]
[{"$f":"CONCATENATE(\"COTAÇÃO \",Insumos!$B$47)","v":"COTAÇÃO 2"},"BETONEIRA 400 l","d",0.16200000000000001,{"$f":"+Insumos!$G$47","v":64.150000000000006},10.39]
[{"$f":"CONCATENATE(\"COTAÇÃO \",Insumos!$B$52)","v":"COTAÇÃO 3"},"MOTOR ELÉTRICO P/VIBRADOR LOCAÇÃO","d",4.6300000000000001E-2,{"$f":"+Insumos!$G$52","v":32.07},1.48]
["SINAPI I 1379","CIMENTO PORTLAND CP-II 32","kg",143.0052,{"$f":"+Insumos!$G$166","v":0.7},100.1]
["SINAPI I 370","AREIA MÉDIA","m³",0.37019999999999997,{"$f":"+Insumos!$G$87","v":69},25.54]
[{"$f":"CONCATENATE(\"COTAÇÃO \",Insumos!$B$126)","v":"COTAÇÃO 116"},"BRITA 1 OU 2 - POSTO OBRA","m³",0.32400000000000001,{"$f":"+Insumos!$G$126","v":83.39},27.01]
["SINAPI I 20247","PREGO DE AÇO 15 x 15 C/CABEÇA","kg",1.3038000000000001,{"$f":"+Insumos!$G$295","v":22.95},29.92]
[{"$f":"CONCATENATE(\"COTAÇÃO \",Insumos!$B$223)","v":"COTAÇÃO 21"},"GUIA CEDRINHO 2,5 x 10 cm ","m",4.0331999999999999,{"$f":"+Insumos!$G$223","v":8.59},34.64]
[{"$f":"CONCATENATE(\"COTAÇÃO \",Insumos!$B$137)","v":"COTAÇÃO 17"},"CAIBRO CEDRINHO 5 x 7 cm","m",1.0731999999999999,{"$f":"+Insumos!$G$137","v":12.5},13.41]
["SINAPI I 43061","AÇO CA-60 4,2 mm - 0,109 kg/m","kg",4.2030000000000003,{"$f":"+Insumos!$G$71","v":9.25},38.869999999999997]
["SINAPI I 34449","AÇO CA-50 1/4\" - 0,248 kg/m","kg",13.7887,{"$f":"+Insumos!$G$64","v":10.94},150.84]
[{"$f":"CONCATENATE(\"SINAPI I \",Insumos!$B$84)","v":"SINAPI I 43132"},"ARAME RECOZIDO 18 BWG","kg",0.53969999999999996,{"$f":"+Insumos!$G$84","v":25.15},13.57]
["SINAPI I 1342","CHAPA COMPENSADO PLASTIFICADO 14 mm","m²",1.7697000000000001,{"$f":"+Insumos!$G$156","v":120.72},213.63]
[{"$f":"CONCATENATE(\"SINAPI I \",Insumos!$B$288)","v":"SINAPI I 4491"},"PONTALETE EM PINUS 7,5 x 7,5 cm","m",1.2,{"$f":"+Insumos!$G$288","v":6.25},7.5]
["SINAPI I 3288","MEIA CANA CEDRINHO 2,5 x 2,5 cm","m",5.9,{"$f":"+Insumos!$G$248","v":5.58},32.92]
[{"$f":"CONCATENATE(\"COTAÇÃO \",Insumos!$B$310)","v":"COTAÇÃO 4415"},"SARRAFO CEDRINHO 2,5 X 5,0 cm","m",22.133299999999998,{"$f":"+Insumos!$G$310","v":3},66.39]
[{"$f":"CONCATENATE(\"SINAPI I \",Insumos!$B$314)","v":"SINAPI I 4517"},"SARRAFO PINUS 2,5 x 7,5 cm","m",3.0998999999999999,{"$f":"+Insumos!$G$314","v":2.1800000000000002},6.75]
["SUB-TOTAL - MATERIAL / EQUIPAMENTOS:",null,{"$f":"SUM(F3167:F3183)","v":801.84999999999991}]
[{"$f":"CONCATENATE(\"SINAPI C \",Insumos!$B$21)","v":"SINAPI C 88262"},"CARPINTEIRO C/ENCARGOS COMPLEMENTARES","h",12.4476,{"$f":"+Insumos!$G$21","v":20.100000000000001},{"$f":"TRUNC(D3185*E3185,2)","v":250.19}]
[{"$f":"CONCATENATE(\"SINAPI C \",Insumos!$B$15)","v":"SINAPI C 88245"},"ARMADOR C/ENCARGOS COMPLEMENTARES","h",2.1589999999999998,{"$f":"+Insumos!$G$15","v":20.22},{"$f":"TRUNC(D3186*E3186,2)","v":43.65}]
[{"$f":"CONCATENATE(\"SINAPI C \",Insumos!$B$13)","v":"SINAPI C 88238"},"AJUDANTE DE ARMADOR C/ENCARGOS COMPLEMENTARES","h",2.1589999999999998,{"$f":"+Insumos!$G$13","v":16.95},{"$f":"TRUNC(D3187*E3187,2)","v":36.590000000000003}]
[{"$f":"CONCATENATE(\"SINAPI C \",Insumos!$B$35)","v":"SINAPI C 88309"},"PEDREIRO C/ENCARGOS COMPLEMENTARES","h",1.8512,{"$f":"+Insumos!$G$35","v":20.34},{"$f":"TRUNC(D3188*E3188,2)","v":37.65}]
[{"$f":"CONCATENATE(\"SINAPI C \",Insumos!$B$38)","v":"SINAPI C 88316"},"SERVENTE C/ ENCARGOS COMPLEMENTARES","h",14.523300000000001,{"$f":"+Insumos!$G$38","v":16.920000000000002},{"$f":"TRUNC(D3189*E3189,2)","v":245.73}]
["SUB-TOTAL - MÃO-DE-OBRA:",null,{"$f":"SUM(F3185:F3189)","v":613.80999999999995}]
[]
[null,"CUSTO TOTAL:",null,null,null,{"$f":"+C3184+C3190","v":1415.6599999999999}]
[]
[null,"BDI:","%",{"$f":"+$F$7","v":"28,21%"},null,{"$f":"TRUNC(F3192*D3194,2)","v":399.35}]
[]
[null,"PREÇO:",null,null,null,{"$f":"+F3192+F3194","v":1815.0099999999998}]
[]
["CÓDIGO","DISCRIMINAÇÃO","UN","COEFIC.","UNITÁRIO","TOTAL"]
[2638,"COBERTURA P/ CHURRASQUEIRA","un"]
[{"$f":"CONCATENATE(\"COTAÇÃO \",Insumos!$B$135)","v":"COTAÇÃO 114"},"CAÇAMBA 4,00 m³","un",0.441,{"$f":"+Insumos!$G$135","v":493.97},{"$f":"TRUNC(D3200*E3200,2)","v":217.84}]
[{"$f":"CONCATENATE(\"COTAÇÃO \",Insumos!$B$47)","v":"COTAÇÃO 2"},"BETONEIRA 400 l","d",0.61739999999999995,{"$f":"+Insumos!$G$47","v":64.150000000000006},39.6]
[{"$f":"CONCATENATE(\"COTAÇÃO \",Insumos!$B$52)","v":"COTAÇÃO 3"},"MOTOR ELÉTRICO P/VIBRADOR LOCAÇÃO","d",0.1764,{"$f":"+Insumos!$G$52","v":32.07},5.65]
["SINAPI I 1379","CIMENTO PORTLAND CP-II 32","kg",555.51070000000004,{"$f":"+Insumos!$G$166","v":0.7},388.85]
["SINAPI I 370","AREIA MÉDIA","m³",1.4333,{"$f":"+Insumos!$G$87","v":69},98.89]
[{"$f":"CONCATENATE(\"COTAÇÃO \",Insumos!$B$126)","v":"COTAÇÃO 116"},"BRITA 1 OU 2 - POSTO OBRA","m³",1.2347999999999999,{"$f":"+Insumos!$G$126","v":83.39},102.96]
["SINAPI I 20247","PREGO DE AÇO 15 x 15 C/CABEÇA","kg",2.0064000000000002,{"$f":"+Insumos!$G$295","v":22.95},46.04]
[{"$f":"CONCATENATE(\"COTAÇÃO \",Insumos!$B$224)","v":"COTAÇÃO 22"},"GUIA CEDRINHO 2,5 x 15 cm","m",24.42,{"$f":"+Insumos!$G$224","v":12.89},314.77]
[{"$f":"CONCATENATE(\"COTAÇÃO \",Insumos!$B$310)","v":"COTAÇÃO 4415"},"SARRAFO CEDRINHO 2,5 X 5,0 cm","m",84,{"$f":"+Insumos!$G$310","v":3},252]
[{"$f":"CONCATENATE(\"COTAÇÃO \",Insumos!$B$138)","v":"COTAÇÃO 18"},"CAIBRO CEDRINHO 5 x 10 cm","m",48,{"$f":"+Insumos!$G$138","v":17.2},825.6]
[{"$f":"CONCATENATE(\"COTAÇÃO \",Insumos!$B$137)","v":"COTAÇÃO 17"},"CAIBRO CEDRINHO 5 x 7 cm","m",40.4,{"$f":"+Insumos!$G$137","v":12.5},505]
[{"$f":"CONCATENATE(\"SINAPI I \",Insumos!$B$392)","v":"SINAPI I 4481"},"VIGA DE MADEIRA NÃO APARELHADA 8 x 16 cm","m",9.58,{"$f":"+Insumos!$G$392","v":32.5},311.35000000000002]
[{"$f":"CONCATENATE(\"COTAÇÃO \",Insumos!$B$271)","v":"COTAÇÃO 58"},"PARAFUSO SEXTAVADO AÇO ZINCADO 1/2\" x 8\"","un",4,{"$f":"+Insumos!$G$271","v":4.72},18.88]
["SINAPI I 4339","PORCA SEXTAVADA AÇO ZINCADO 1/2\"","un",4,{"$f":"+Insumos!$G$290","v":0.56000000000000005},2.2400000000000002]
[{"$f":"CONCATENATE(\"COTAÇÃO \",Insumos!$B$273)","v":"COTAÇÃO 60"},"PARAFUSO SEXTAVADO ROSCA SOBERBA 1/4\" x 30 mm","un",48,{"$f":"+Insumos!$G$273","v":0.19},9.1199999999999992]
["SINAPI I 4777","CANTONEIRA FERRO 1 1/2\" x 1/4\"","kg",9.1831999999999994,{"$f":"+Insumos!$G$151","v":12.7},116.62]
[{"$f":"CONCATENATE(\"COTAÇÃO \",Insumos!$B$367)","v":"COTAÇÃO 48"},"TORA EUCALIPTO TRATADA d = 20 cm","m",13,{"$f":"+Insumos!$G$367","v":37.520000000000003},487.76]
["SINAPI I 7173","TELHA CERÂMICA TIPO PAULISTA","un",627,{"$f":"+Insumos!$G$357","v":1355},849585]
["SINAPI I 7181","CUMEEIRA P/ TELHA CERÂMICA","un",18,{"$f":"+Insumos!$G$181","v":3.51},63.18]
["SUB-TOTAL - MATERIAL / EQUIPAMENTOS:",null,{"$f":"SUM(F3200:F3218)","v":853391.35000000009}]
[{"$f":"CONCATENATE(\"SINAPI C \",Insumos!$B$21)","v":"SINAPI C 88262"},"CARPINTEIRO C/ENCARGOS COMPLEMENTARES","h",25.08,{"$f":"+Insumos!$G$21","v":20.100000000000001},{"$f":"TRUNC(D3220*E3220,2)","v":504.1}]
[{"$f":"CONCATENATE(\"SINAPI C \",Insumos!$B$37)","v":"SINAPI C 88315"},"SERRALHEIRO C/ENCARGOS COMPLEMENTARES","h",2.5724,{"$f":"+Insumos!$G$37","v":20.22},{"$f":"TRUNC(D3221*E3221,2)","v":52.01}]
["SINAPI C 88323","TELHADISTA C/ENCARGOS COMPLEMENTARES","h",21.864000000000001,{"$f":"+Insumos!$G$40","v":20.48},{"$f":"TRUNC(D3222*E3222,2)","v":447.77}]
[{"$f":"CONCATENATE(\"SINAPI C \",Insumos!$B$35)","v":"SINAPI C 88309"},"PEDREIRO C/ENCARGOS COMPLEMENTARES","h",7.056,{"$f":"+Insumos!$G$35","v":20.34},{"$f":"TRUNC(D3223*E3223,2)","v":143.51}]
[{"$f":"CONCATENATE(\"SINAPI C \",Insumos!$B$38)","v":"SINAPI C 88316"},"SERVENTE C/ ENCARGOS COMPLEMENTARES","h",101.1262,{"$f":"+Insumos!$G$38","v":16.920000000000002},{"$f":"TRUNC(D3224*E3224,2)","v":1711.05}]
["SUB-TOTAL - MÃO-DE-OBRA:",null,{"$f":"SUM(F3220:F3224)","v":2858.4399999999996}]
[]
[null,"CUSTO TOTAL:",null,null,null,{"$f":"+C3219+C3225","v":856249.79}]
[]
[null,"BDI:","%",{"$f":"+$F$7","v":"28,21%"},null,{"$f":"TRUNC(F3227*D3229,2)","v":241548.06}]
[]
[null,"PREÇO:",null,null,null,{"$f":"+F3227+F3229","v":1097797.8500000001}]
[]
["CÓDIGO","DISCRIMINAÇÃO","UN","COEFIC.","UNITÁRIO","TOTAL"]
[2653,"BEBEDOURO C/ VÁLVULA ANTI-VANDALISMO","un"]
[{"$f":"CONCATENATE(\"COTAÇÃO \",Insumos!$B$135)","v":"COTAÇÃO 114"},"CAÇAMBA 4,00 m³","un",0.37390000000000001,{"$f":"+Insumos!$G$135","v":493.97},{"$f":"TRUNC(D3235*E3235,2)","v":184.69}]
[{"$f":"CONCATENATE(\"COTAÇÃO \",Insumos!$B$47)","v":"COTAÇÃO 2"},"BETONEIRA 400 l","d",0.38529999999999998,{"$f":"+Insumos!$G$47","v":64.150000000000006},24.71]
[{"$f":"CONCATENATE(\"COTAÇÃO \",Insumos!$B$52)","v":"COTAÇÃO 3"},"MOTOR ELÉTRICO P/VIBRADOR LOCAÇÃO","d",0.1101,{"$f":"+Insumos!$G$52","v":32.07},3.53]
["SINAPI I 1379","CIMENTO PORTLAND CP-II 32","kg",422.98450000000003,{"$f":"+Insumos!$G$166","v":0.7},296.08]
["SINAPI I 370","AREIA MÉDIA","m³",1.0974999999999999,{"$f":"+Insumos!$G$87","v":69},75.72]
[{"$f":"CONCATENATE(\"COTAÇÃO \",Insumos!$B$126)","v":"COTAÇÃO 116"},"BRITA 1 OU 2 - POSTO OBRA","m³",0.80320000000000003,{"$f":"+Insumos!$G$126","v":83.39},66.97]
["SINAPI I 34449","AÇO CA-50 1/4\" - 0,248 kg/m","kg",2.2000000000000002,{"$f":"+Insumos!$G$64","v":10.94},24.06]
[{"$f":"CONCATENATE(\"COTAÇÃO \",Insumos!$B$257)","v":"COTAÇÃO 49"},"PARAFUSO AÇO INOX 1/4\" x 3\" C/PORCA","un",4,{"$f":"+Insumos!$G$257","v":1.57},6.28]
[{"$f":"CONCATENATE(\"COTAÇÃO \",Insumos!$B$153)","v":"COTAÇÃO 68"},"CHAPA AÇO INOX e=1,00 mm","m²",0.04,{"$f":"+Insumos!$G$153","v":211.06},8.44]
["SINAPI I 7258","TIJOLO CERÂMICO MACIÇO 5,0 x 10,0 x 20,0 cm","un",60,{"$f":"+Insumos!$G$361","v":0.68},40.799999999999997]
["SINAPI I 7307","FUNDO ANTICORROSIVO TIPO ZARCÃO","l",0.02,{"$f":"+Insumos!$G$214","v":37.43},0.74]
[{"$f":"CONCATENATE(\"COTAÇÃO \",Insumos!$B$179)","v":"COTAÇÃO 126"},"CUBA INOX P/BEBEDOURO 38 cm","un",1,{"$f":"+Insumos!$G$179","v":193.13},193.13]
["SINAPI I 6141","ENGATE FLEXÍVEL PVC 1/2\" x 30","un",1,{"$f":"+Insumos!$G$195","v":5.36},5.36]
["SINAPI I 3148","FITA VEDA ROSCA EM ROLOS DE 18 mm X 50 m","un",1.2999999999999999E-2,{"$f":"+Insumos!$G$211","v":15.82},0.2]
["SINAPI I 6016","REGISTRO GAVETA BRUTO EM LATÃO FORJADO, BITOLA 3/4\"","un",1,{"$f":"+Insumos!$G$307","v":41.73},41.73]
["SINAPI I 9859","TUBO PVC ROSCÁVEL 3/4\"","m",2.8559999999999999,{"$f":"+Insumos!$G$385","v":16.850000000000001},48.12]
["SINAPI I 3505","JOELHO PVC ROSCÁVEL 90⁰ 3/4\"","un",2,{"$f":"+Insumos!$G$232","v":5.9},11.8]
["SINAPI I 4211","NIPEL PVC ROSCÁVEL 3/4\"","un",2,{"$f":"+Insumos!$G$253","v":2.4500000000000002},4.9000000000000004]
[{"$f":"CONCATENATE(\"COTAÇÃO \",Insumos!$B$390)","v":"COTAÇÃO 112"},"VÁLVULA DE MICTÓRIO ANTI-VANDALISMO ALTA PRESSÃO","un",1,{"$f":"+Insumos!$G$390","v":531.04999999999995},531.04999999999995]
["SINAPI I 122","ADESIVO PLÁSTICO PARA PVC, FRASCO COM 850 g","un",0.1143,{"$f":"+Insumos!$G$77","v":79.94},9.1300000000000008]
[{"$f":"CONCATENATE(\"SINAPI I \",Insumos!$B$382)","v":"SINAPI I 9836"},"TUBO PVC P/ ESGOTO PREDIAL 100 mm","m",2.1930000000000001,{"$f":"+Insumos!$G$382","v":19.36},42.45]
["SINAPI I 1970","CURVA PVC LONGA 90 ESGOTO PREDIAL 100 mm","un",1,{"$f":"+Insumos!$G$184","v":61.31},61.31]
["SINAPI I 20043","REDUÇÃO EXCÊNTRICA PVC P/ ESGOTO PREDIAL 100 x 50 mm","un",1,{"$f":"+Insumos!$G$306","v":9.82},9.82]
["SINAPI I 20086","BUCHA DE REDUÇÃO DE PVC, LONGA 50 x 40 mm, ESGOTO PREDIAL","un",1,{"$f":"+Insumos!$G$129","v":3.06},3.06]
["SINAPI I 7745","TUBO PA-1 PB 400 mm","m",1,{"$f":"+Insumos!$G$379","v":95.6},95.6]
["SUB-TOTAL - MATERIAL / EQUIPAMENTOS:",null,{"$f":"SUM(F3235:F3259)","v":1789.68}]
[{"$f":"CONCATENATE(\"SINAPI C \",Insumos!$B$37)","v":"SINAPI C 88315"},"SERRALHEIRO C/ENCARGOS COMPLEMENTARES","h",8.8599999999999998E-2,{"$f":"+Insumos!$G$37","v":20.22},{"$f":"TRUNC(D3261*E3261,2)","v":1.79}]
["SINAPI C 88267","ENCANADOR C/ENCARGOS COMPLEMENTARES","h",4.3280000000000003,{"$f":"+Insumos!$G$24","v":19.899999999999999},{"$f":"TRUNC(D3262*E3262,2)","v":86.12}]
["SINAPI C 88248","AUXILIAR DE ENCANADOR C/ENCARGOS COMPLEMENTARES","h",4.3280000000000003,{"$f":"+Insumos!$G$17","v":15.34},{"$f":"TRUNC(D3263*E3263,2)","v":66.39}]
[{"$f":"CONCATENATE(\"SINAPI C \",Insumos!$B$35)","v":"SINAPI C 88309"},"PEDREIRO C/ENCARGOS COMPLEMENTARES","h",12.9436,{"$f":"+Insumos!$G$35","v":20.34},{"$f":"TRUNC(D3264*E3264,2)","v":263.27}]
[{"$f":"CONCATENATE(\"SINAPI C \",Insumos!$B$38)","v":"SINAPI C 88316"},"SERVENTE C/ ENCARGOS COMPLEMENTARES","h",30.184699999999999,{"$f":"+Insumos!$G$38","v":16.920000000000002},{"$f":"TRUNC(D3265*E3265,2)","v":510.72}]
["SUB-TOTAL - MÃO-DE-OBRA:",null,{"$f":"SUM(F3261:F3265)","v":928.29}]
[]
[null,"CUSTO TOTAL:",null,null,null,{"$f":"+C3260+C3266","v":2717.9700000000003}]
[]
[null,"BDI:","%",{"$f":"+$F$7","v":"28,21%"},null,{"$f":"TRUNC(F3268*D3270,2)","v":766.73}]
[]
[null,"PREÇO:",null,null,null,{"$f":"+F3268+F3270","v":3484.7000000000003}]
[]
["CÓDIGO","DISCRIMINAÇÃO","UN","COEFIC.","UNITÁRIO","TOTAL"]
[2660,"FRADINHO DE CONCRETO - BASE CIRCULAR","un"]
[{"$f":"CONCATENATE(\"COTAÇÃO \",Insumos!$B$135)","v":"COTAÇÃO 114"},"CAÇAMBA 4,00 m³","un",8.9999999999999993E-3,{"$f":"+Insumos!$G$135","v":493.97},{"$f":"TRUNC(D3276*E3276,2)","v":4.4400000000000004}]
[{"$f":"CONCATENATE(\"COTAÇÃO \",Insumos!$B$47)","v":"COTAÇÃO 2"},"BETONEIRA 400 l","d",2.0299999999999999E-2,{"$f":"+Insumos!$G$47","v":64.150000000000006},1.3]
[{"$f":"CONCATENATE(\"COTAÇÃO \",Insumos!$B$52)","v":"COTAÇÃO 3"},"MOTOR ELÉTRICO P/VIBRADOR LOCAÇÃO","d",5.7999999999999996E-3,{"$f":"+Insumos!$G$52","v":32.07},0.18]
["SINAPI I 1379","CIMENTO PORTLAND CP-II 32","kg",17.922000000000001,{"$f":"+Insumos!$G$166","v":0.7},12.54]
["SINAPI I 370","AREIA MÉDIA","m³",4.6399999999999997E-2,{"$f":"+Insumos!$G$87","v":69},3.2]
[{"$f":"CONCATENATE(\"COTAÇÃO \",Insumos!$B$126)","v":"COTAÇÃO 116"},"BRITA 1 OU 2 - POSTO OBRA","m³",4.0599999999999997E-2,{"$f":"+Insumos!$G$126","v":83.39},3.38]
[{"$f":"CONCATENATE(\"SINAPI I \",Insumos!$B$84)","v":"SINAPI I 43132"},"ARAME RECOZIDO 18 BWG","kg",4.3999999999999997E-2,{"$f":"+Insumos!$G$84","v":25.15},1.1000000000000001]
["SINAPI I 34449","AÇO CA-50 1/4\" - 0,248 kg/m","kg",1.4652000000000001,{"$f":"+Insumos!$G$64","v":10.94},16.02]
["SINAPI I 41930","TUBO COLETOR DE ESGOTO PVC, JEI, DN 200 mm","m",1,{"$f":"+Insumos!$G$384","v":135.69999999999999},135.69999999999999]
["SUB-TOTAL - MATERIAL / EQUIPAMENTOS:",null,{"$f":"SUM(F3276:F3284)","v":177.85999999999999}]
[{"$f":"CONCATENATE(\"SINAPI C \",Insumos!$B$15)","v":"SINAPI C 88245"},"ARMADOR C/ENCARGOS COMPLEMENTARES","h",0.17580000000000001,{"$f":"+Insumos!$G$15","v":20.22},{"$f":"TRUNC(D3286*E3286,2)","v":3.55}]
[{"$f":"CONCATENATE(\"SINAPI C \",Insumos!$B$13)","v":"SINAPI C 88238"},"AJUDANTE DE ARMADOR C/ENCARGOS COMPLEMENTARES","h",0.17580000000000001,{"$f":"+Insumos!$G$13","v":16.95},{"$f":"TRUNC(D3287*E3287,2)","v":2.97}]
[{"$f":"CONCATENATE(\"SINAPI C \",Insumos!$B$35)","v":"SINAPI C 88309"},"PEDREIRO C/ENCARGOS COMPLEMENTARES","h",0.34520000000000001,{"$f":"+Insumos!$G$35","v":20.34},{"$f":"TRUNC(D3288*E3288,2)","v":7.02}]
[{"$f":"CONCATENATE(\"SINAPI C \",Insumos!$B$38)","v":"SINAPI C 88316"},"SERVENTE C/ ENCARGOS COMPLEMENTARES","h",0.91649999999999998,{"$f":"+Insumos!$G$38","v":16.920000000000002},{"$f":"TRUNC(D3289*E3289,2)","v":15.5}]
["SUB-TOTAL - MÃO-DE-OBRA:",null,{"$f":"SUM(F3286:F3289)","v":29.04}]
[]
[null,"CUSTO TOTAL:",null,null,null,{"$f":"+C3285+C3290","v":206.89999999999998}]
[]
[null,"BDI:","%",{"$f":"+$F$7","v":"28,21%"},null,{"$f":"TRUNC(F3292*D3294,2)","v":58.36}]
[]
[null,"PREÇO:",null,null,null,{"$f":"+F3292+F3294","v":265.26}]
[]
["CÓDIGO","DISCRIMINAÇÃO","UN","COEFIC.","UNITÁRIO","TOTAL"]
[2661,"FRADINHO DE CONCRETO - BASE OCTOGONAL","un"]
[{"$f":"CONCATENATE(\"COTAÇÃO \",Insumos!$B$135)","v":"COTAÇÃO 114"},"CAÇAMBA 4,00 m³","un",1.2200000000000001E-2,{"$f":"+Insumos!$G$135","v":493.97},{"$f":"TRUNC(D3300*E3300,2)","v":6.02}]
[{"$f":"CONCATENATE(\"COTAÇÃO \",Insumos!$B$47)","v":"COTAÇÃO 2"},"BETONEIRA 400 l","d",2.3400000000000001E-2,{"$f":"+Insumos!$G$47","v":64.150000000000006},1.5]
[{"$f":"CONCATENATE(\"COTAÇÃO \",Insumos!$B$52)","v":"COTAÇÃO 3"},"MOTOR ELÉTRICO P/VIBRADOR LOCAÇÃO","d",6.7000000000000002E-3,{"$f":"+Insumos!$G$52","v":32.07},0.21]
["SINAPI I 1379","CIMENTO PORTLAND CP-II 32","kg",20.733899999999998,{"$f":"+Insumos!$G$166","v":0.7},14.51]
["SINAPI I 370","AREIA MÉDIA","m³",5.3699999999999998E-2,{"$f":"+Insumos!$G$87","v":69},3.7]
[{"$f":"CONCATENATE(\"COTAÇÃO \",Insumos!$B$126)","v":"COTAÇÃO 116"},"BRITA 1 OU 2 - POSTO OBRA","m³",4.7E-2,{"$f":"+Insumos!$G$126","v":83.39},3.91]
[{"$f":"CONCATENATE(\"SINAPI I \",Insumos!$B$84)","v":"SINAPI I 43132"},"ARAME RECOZIDO 18 BWG","kg",4.48E-2,{"$f":"+Insumos!$G$84","v":25.15},1.1200000000000001]
["SINAPI I 34449","AÇO CA-50 1/4\" - 0,248 kg/m","kg",1.4935,{"$f":"+Insumos!$G$64","v":10.94},16.329999999999998]
["SINAPI I 20247","PREGO DE AÇO 15 x 15 C/CABEÇA","kg",0.1125,{"$f":"+Insumos!$G$295","v":22.95},2.58]
["SINAPI I 1355","CHAPA COMPENSADO RESINADO 14 mm","m²",6.9599999999999995E-2,{"$f":"+Insumos!$G$157","v":69.45},4.83]
["SINAPI I 1342","CHAPA COMPENSADO PLASTIFICADO 14 mm","m²",0.19239999999999999,{"$f":"+Insumos!$G$156","v":120.72},23.22]
[{"$f":"CONCATENATE(\"COTAÇÃO \",Insumos!$B$310)","v":"COTAÇÃO 4415"},"SARRAFO CEDRINHO 2,5 X 5,0 cm","m",0.63929999999999998,{"$f":"+Insumos!$G$310","v":3},1.91]
[{"$f":"CONCATENATE(\"COTAÇÃO \",Insumos!$B$309)","v":"COTAÇÃO 15"},"SARRAFO CEDRINHO 2,5 x 2,5 cm","m",4.5892999999999997,{"$f":"+Insumos!$G$309","v":2.41},11.06]
["SUB-TOTAL - MATERIAL / EQUIPAMENTOS:",null,{"$f":"SUM(F3300:F3312)","v":90.899999999999991}]
[{"$f":"CONCATENATE(\"SINAPI C \",Insumos!$B$21)","v":"SINAPI C 88262"},"CARPINTEIRO C/ENCARGOS COMPLEMENTARES","h",4.694,{"$f":"+Insumos!$G$21","v":20.100000000000001},{"$f":"TRUNC(D3314*E3314,2)","v":94.34}]
[{"$f":"CONCATENATE(\"SINAPI C \",Insumos!$B$15)","v":"SINAPI C 88245"},"ARMADOR C/ENCARGOS COMPLEMENTARES","h",0.1792,{"$f":"+Insumos!$G$15","v":20.22},{"$f":"TRUNC(D3315*E3315,2)","v":3.62}]
[{"$f":"CONCATENATE(\"SINAPI C \",Insumos!$B$13)","v":"SINAPI C 88238"},"AJUDANTE DE ARMADOR C/ENCARGOS COMPLEMENTARES","h",0.1792,{"$f":"+Insumos!$G$13","v":16.95},{"$f":"TRUNC(D3316*E3316,2)","v":3.03}]
[{"$f":"CONCATENATE(\"SINAPI C \",Insumos!$B$35)","v":"SINAPI C 88309"},"PEDREIRO C/ENCARGOS COMPLEMENTARES","h",0.26840000000000003,{"$f":"+Insumos!$G$35","v":20.34},{"$f":"TRUNC(D3317*E3317,2)","v":5.45}]
[{"$f":"CONCATENATE(\"SINAPI C \",Insumos!$B$38)","v":"SINAPI C 88316"},"SERVENTE C/ ENCARGOS COMPLEMENTARES","h",3.1724999999999999,{"$f":"+Insumos!$G$38","v":16.920000000000002},{"$f":"TRUNC(D3318*E3318,2)","v":53.67}]
["SUB-TOTAL - MÃO-DE-OBRA:",null,{"$f":"SUM(F3314:F3318)","v":160.11000000000001}]
[]
[null,"CUSTO TOTAL:",null,null,null,{"$f":"+C3313+C3319","v":251.01}]
[]
[null,"BDI:","%",{"$f":"+$F$7","v":"28,21%"},null,{"$f":"TRUNC(F3321*D3323,2)","v":70.8}]
[]
[null,"PREÇO:",null,null,null,{"$f":"+F3321+F3323","v":321.81}]
[]
["CÓDIGO","DISCRIMINAÇÃO","UN","COEFIC.","UNITÁRIO","TOTAL"]
[2662,"FRADINHO EM FERRO FUNDIDO","un"]
[{"$f":"CONCATENATE(\"COTAÇÃO \",Insumos!$B$135)","v":"COTAÇÃO 114"},"CAÇAMBA 4,00 m³","un",8.9999999999999993E-3,{"$f":"+Insumos!$G$135","v":493.97},{"$f":"TRUNC(D3329*E3329,2)","v":4.4400000000000004}]
[{"$f":"CONCATENATE(\"COTAÇÃO \",Insumos!$B$47)","v":"COTAÇÃO 2"},"BETONEIRA 400 l","d",1.04E-2,{"$f":"+Insumos!$G$47","v":64.150000000000006},0.66]
[{"$f":"CONCATENATE(\"COTAÇÃO \",Insumos!$B$52)","v":"COTAÇÃO 3"},"MOTOR ELÉTRICO P/VIBRADOR LOCAÇÃO","d",3.0000000000000001E-3,{"$f":"+Insumos!$G$52","v":32.07},0.09]
["SINAPI I 1379","CIMENTO PORTLAND CP-II 32","kg",9.1773000000000007,{"$f":"+Insumos!$G$166","v":0.7},6.42]
["SINAPI I 370","AREIA MÉDIA","m³",2.3800000000000002E-2,{"$f":"+Insumos!$G$87","v":69},1.64]
[{"$f":"CONCATENATE(\"COTAÇÃO \",Insumos!$B$126)","v":"COTAÇÃO 116"},"BRITA 1 OU 2 - POSTO OBRA","m³",2.0799999999999999E-2,{"$f":"+Insumos!$G$126","v":83.39},1.73]
[{"$f":"CONCATENATE(\"COTAÇÃO \",Insumos!$B$213)","v":"COTAÇÃO 82"},"FRADINHO EM FERRO FUNDIDO","un",1,{"$f":"+Insumos!$G$213","v":277.13},277.13]
["SUB-TOTAL - MATERIAL / EQUIPAMENTOS:",null,{"$f":"SUM(F3329:F3335)","v":292.11}]
[{"$f":"CONCATENATE(\"SINAPI C \",Insumos!$B$35)","v":"SINAPI C 88309"},"PEDREIRO C/ENCARGOS COMPLEMENTARES","h",0.1188,{"$f":"+Insumos!$G$35","v":20.34},{"$f":"TRUNC(D3337*E3337,2)","v":2.41}]
[{"$f":"CONCATENATE(\"SINAPI C \",Insumos!$B$38)","v":"SINAPI C 88316"},"SERVENTE C/ ENCARGOS COMPLEMENTARES","h",0.57689999999999997,{"$f":"+Insumos!$G$38","v":16.920000000000002},{"$f":"TRUNC(D3338*E3338,2)","v":9.76}]
["SUB-TOTAL - MÃO-DE-OBRA:",null,{"$f":"SUM(F3337:F3338)","v":12.17}]
[]
[null,"CUSTO TOTAL:",null,null,null,{"$f":"+C3336+C3339","v":304.28000000000003}]
[]
[null,"BDI:","%",{"$f":"+$F$7","v":"28,21%"},null,{"$f":"TRUNC(F3341*D3343,2)","v":85.83}]
[]
[null,"PREÇO:",null,null,null,{"$f":"+F3341+F3343","v":390.11}]
[]
["CÓDIGO","DISCRIMINAÇÃO","UN","COEFIC.","UNITÁRIO","TOTAL"]
[2665,"MESA DE DAMAS","un"]
[{"$f":"CONCATENATE(\"COTAÇÃO \",Insumos!$B$135)","v":"COTAÇÃO 114"},"CAÇAMBA 4,00 m³","un",0.05,{"$f":"+Insumos!$G$135","v":493.97},{"$f":"TRUNC(D3349*E3349,2)","v":24.69}]
[{"$f":"CONCATENATE(\"COTAÇÃO \",Insumos!$B$47)","v":"COTAÇÃO 2"},"BETONEIRA 400 l","d",9.1200000000000003E-2,{"$f":"+Insumos!$G$47","v":64.150000000000006},5.85]
[{"$f":"CONCATENATE(\"COTAÇÃO \",Insumos!$B$52)","v":"COTAÇÃO 3"},"MOTOR ELÉTRICO P/VIBRADOR LOCAÇÃO","d",2.6100000000000002E-2,{"$f":"+Insumos!$G$52","v":32.07},0.83]
["SINAPI I 1379","CIMENTO PORTLAND CP-II 32","kg",80.494500000000002,{"$f":"+Insumos!$G$166","v":0.7},56.34]
["SINAPI I 370","AREIA MÉDIA","m³",0.2084,{"$f":"+Insumos!$G$87","v":69},14.37]
[{"$f":"CONCATENATE(\"COTAÇÃO \",Insumos!$B$126)","v":"COTAÇÃO 116"},"BRITA 1 OU 2 - POSTO OBRA","m³",0.18240000000000001,{"$f":"+Insumos!$G$126","v":83.39},15.21]
["SINAPI I 20247","PREGO DE AÇO 15 x 15 C/CABEÇA","kg",0.19009999999999999,{"$f":"+Insumos!$G$295","v":22.95},4.3600000000000003]
[{"$f":"CONCATENATE(\"COTAÇÃO \",Insumos!$B$223)","v":"COTAÇÃO 21"},"GUIA CEDRINHO 2,5 x 10 cm","m",1.0867,{"$f":"+Insumos!$G$223","v":8.59},9.33]
[{"$f":"CONCATENATE(\"COTAÇÃO \",Insumos!$B$137)","v":"COTAÇÃO 17"},"CAIBRO CEDRINHO 5 x 7 cm","m",0.7,{"$f":"+Insumos!$G$137","v":12.5},8.75]
["SINAPI I 1342","CHAPA COMPENSADO PLASTIFICADO 14 mm","m²",0.19009999999999999,{"$f":"+Insumos!$G$156","v":120.72},22.94]
["SINAPI I 34449","AÇO CA-50 1/4\" - 0,248 kg/m","kg",6.1227,{"$f":"+Insumos!$G$64","v":10.94},66.98]
[{"$f":"CONCATENATE(\"SINAPI I \",Insumos!$B$84)","v":"SINAPI I 43132"},"ARAME RECOZIDO 18 BWG","kg",0.22850000000000001,{"$f":"+Insumos!$G$84","v":25.15},5.74]
["SINAPI I 3288","MEIA CANA CEDRINHO 2,5 x 2,5 cm","m",3.16,{"$f":"+Insumos!$G$248","v":5.58},17.63]
[{"$f":"CONCATENATE(\"COTAÇÃO \",Insumos!$B$161)","v":"COTAÇÃO 67"},"CHAPA AÇO 3/16\"","kg",1.4939,{"$f":"+Insumos!$G$161","v":6.05},9.0299999999999994]
[{"$f":"CONCATENATE(\"COTAÇÃO \",Insumos!$B$341)","v":"COTAÇÃO 131"},"TABULEIRO P/MESA DE DAMAS 40 x 40 cm","un",1,{"$f":"+Insumos!$G$341","v":558.12},558.12]
[{"$f":"CONCATENATE(\"COTAÇÃO \",Insumos!$B$261)","v":"COTAÇÃO 52"},"PARAFUSO FRANCÊS ZINCADO 5/16\" x 4\" C/PORCA","un",8,{"$f":"+Insumos!$G$261","v":0.87},6.96]
["SINAPI I 1165","TAMPÃO DE FERRO GALVANIZADO DE 1 1/2\"","un",4,{"$f":"+Insumos!$G$345","v":16.62},66.48]
["SINAPI I 1381","ARGAMASSA COLANTE AC-I","kg",0.48,{"$f":"+Insumos!$G$89","v":0.6},0.28000000000000003]
[{"$f":"CONCATENATE(\"COTAÇÃO \",Insumos!$B$326)","v":"COTAÇÃO 44"},"TÁBUA ITAÚBA 4 x 30 cm","m",1,{"$f":"+Insumos!$G$326","v":75.05},75.05]
["SINAPI 6086","FUNDO SINTÉTICO NIVELADOR BRANCO FOSCO","gl",0.11559999999999999,{"$f":"+Insumos!$G$216","v":43.28},5]
["SINAPI I 3767","LIXA P/MADEIRA","fl",0.57799999999999996,{"$f":"+Insumos!$G$239","v":1.48},0.85]
[{"$f":"CONCATENATE(\"SINAPI I \",Insumos!$B$364)","v":"SINAPI I 7292"},"TINTA ESMALTE SINTÉTICO BRILHANTE","l",0.88260000000000005,{"$f":"+Insumos!$G$364","v":34.700000000000003},30.62]
[{"$f":"CONCATENATE(\"SINAPI I \",Insumos!$B$318)","v":"SINAPI I 5318"},"SOLVENTE DILUENTE A BASE DE AGUARRÁS","l",0.15540000000000001,{"$f":"+Insumos!$G$318","v":23.8},3.69]
[{"$f":"CONCATENATE(\"COTAÇÃO \",Insumos!$B$215)","v":"COTAÇÃO 109"},"FUNDO P/GALVANIZADO","l",0.1207,{"$f":"+Insumos!$G$215","v":34.47},4.16]
[{"$f":"CONCATENATE(\"SINAPI I \",Insumos!$B$373)","v":"SINAPI I 21012"},"TUBO AÇO GALVANIZADO C/COSTURA 1 1/2\", 3,00 mm","m",3.028,{"$f":"+Insumos!G373","v":68.53},207.5]
["SINAPI I 21016","TUBO AÇO GALVANIZADO C/COSTURA 4\", 3,75 mm","m",1.59,{"$f":"+Insumos!$G$377","v":208.35},331.27]
["SUB-TOTAL - MATERIAL / EQUIPAMENTOS:",null,{"$f":"SUM(F3349:F3374)","v":1552.0300000000002}]
[{"$f":"CONCATENATE(\"SINAPI C \",Insumos!$B$21)","v":"SINAPI C 88262"},"CARPINTEIRO C/ENCARGOS COMPLEMENTARES","h",4.3106999999999998,{"$f":"+Insumos!$G$21","v":20.100000000000001},{"$f":"TRUNC(D3376*E3376,2)","v":86.64}]
[{"$f":"CONCATENATE(\"SINAPI C \",Insumos!$B$15)","v":"SINAPI C 88245"},"ARMADOR C/ENCARGOS COMPLEMENTARES","h",0.91400000000000003,{"$f":"+Insumos!$G$15","v":20.22},18.48]
[{"$f":"CONCATENATE(\"SINAPI C \",Insumos!$B$13)","v":"SINAPI C 88238"},"AJUDANTE DE ARMADOR C/ENCARGOS COMPLEMENTARES","h",0.91400000000000003,{"$f":"+Insumos!$G$13","v":16.95},15.49]
[{"$f":"CONCATENATE(\"SINAPI C \",Insumos!$B$36)","v":"SINAPI C 88310"},"PINTOR C/ENCARGOS COMPLEMENTARES","h",2.7212000000000001,{"$f":"+Insumos!$G$36","v":21.41},58.26]
[{"$f":"CONCATENATE(\"SINAPI C \",Insumos!$B$35)","v":"SINAPI C 88309"},"PEDREIRO C/ENCARGOS COMPLEMENTARES","h",4.1383999999999999,{"$f":"+Insumos!$G$35","v":20.34},84.17]
[{"$f":"CONCATENATE(\"SINAPI C \",Insumos!$B$38)","v":"SINAPI C 88316"},"SERVENTE C/ ENCARGOS COMPLEMENTARES","h",9.6854999999999993,{"$f":"+Insumos!$G$38","v":16.920000000000002},163.87]
["SUB-TOTAL - MÃO-DE-OBRA:",null,{"$f":"SUM(F3376:F3381)","v":426.91}]
[]
[null,"CUSTO TOTAL:",null,null,null,{"$f":"+C3375+C3382","v":1978.9400000000003}]
[]
[null,"BDI:","%",{"$f":"+$F$7","v":"28,21%"},null,{"$f":"TRUNC(F3384*D3386,2)","v":558.25}]
[]
[null,"PREÇO:",null,null,null,{"$f":"+F3384+F3386","v":2537.1900000000005}]
[]
["CÓDIGO","DISCRIMINAÇÃO","UN","COEFIC.","UNITÁRIO","TOTAL"]
[2671,"LIXEIRA METÁLICA","un"]
[{"$f":"CONCATENATE(\"COTAÇÃO \",Insumos!$B$135)","v":"COTAÇÃO 114"},"CAÇAMBA 4,00 m³","un",1.9800000000000002E-2,{"$f":"+Insumos!$G$135","v":493.97},{"$f":"TRUNC(D3392*E3392,2)","v":9.7799999999999994}]
[{"$f":"CONCATENATE(\"COTAÇÃO \",Insumos!$B$47)","v":"COTAÇÃO 2"},"BETONEIRA 400 l","d",2.7699999999999999E-2,{"$f":"+Insumos!$G$47","v":64.150000000000006},1.77]
[{"$f":"CONCATENATE(\"COTAÇÃO \",Insumos!$B$52)","v":"COTAÇÃO 3"},"MOTOR ELÉTRICO P/VIBRADOR LOCAÇÃO","d",7.9000000000000008E-3,{"$f":"+Insumos!$G$52","v":32.07},0.25]
["SINAPI I 1379","CIMENTO PORTLAND CP-II 32","kg",24.472799999999999,{"$f":"+Insumos!$G$166","v":0.7},17.13]
["SINAPI I 370","AREIA MÉDIA","m³",6.3399999999999998E-2,{"$f":"+Insumos!$G$87","v":69},4.37]
[{"$f":"CONCATENATE(\"COTAÇÃO \",Insumos!$B$126)","v":"COTAÇÃO 116"},"BRITA 1 OU 2 - POSTO OBRA","m³",5.5399999999999998E-2,{"$f":"+Insumos!$G$126","v":83.39},4.6100000000000003]
[{"$f":"CONCATENATE(\"COTAÇÃO \",Insumos!$B$256)","v":"COTAÇÃO 111"},"PAPELEIRA EXTERNA METÁLICA H-30","un",1,{"$f":"+Insumos!$G$256","v":706.96},706.96]
["SUB-TOTAL - MATERIAL / EQUIPAMENTOS:",null,{"$f":"SUM(F3392:F3398)","v":744.87}]
[{"$f":"CONCATENATE(\"SINAPI C \",Insumos!$B$35)","v":"SINAPI C 88309"},"PEDREIRO C/ENCARGOS COMPLEMENTARES","h",1.3968,{"$f":"+Insumos!$G$35","v":20.34},{"$f":"TRUNC(D3400*E3400,2)","v":28.41}]
[{"$f":"CONCATENATE(\"SINAPI C \",Insumos!$B$38)","v":"SINAPI C 88316"},"SERVENTE C/ ENCARGOS COMPLEMENTARES","h",2.4184999999999999,{"$f":"+Insumos!$G$38","v":16.920000000000002},{"$f":"TRUNC(D3401*E3401,2)","v":40.92}]
["SUB-TOTAL - MÃO-DE-OBRA:",null,{"$f":"SUM(F3400:F3401)","v":69.33}]
[]
[null,"CUSTO TOTAL:",null,null,null,{"$f":"+C3399+C3402","v":814.2}]
[]
[null,"BDI:","%",{"$f":"+$F$7","v":"28,21%"},null,{"$f":"TRUNC(F3404*D3406,2)","v":229.68}]
[]
[null,"PREÇO:",null,null,null,{"$f":"+F3404+F3406","v":1043.8800000000001}]
[]
["CÓDIGO","DISCRIMINAÇÃO","UN","COEFIC.","UNITÁRIO","TOTAL"]
[2680,"PISTA DE PATINAÇÃO","un"]
[{"$f":"CONCATENATE(\"COTAÇÃO \",Insumos!$B$135)","v":"COTAÇÃO 114"},"CAÇAMBA 4,00 m³","un",0.28360000000000002,{"$f":"+Insumos!$G$135","v":493.97},{"$f":"TRUNC(D3412*E3412,2)","v":140.08000000000001}]
[{"$f":"CONCATENATE(\"COTAÇÃO \",Insumos!$B$47)","v":"COTAÇÃO 2"},"BETONEIRA 400 l","d",0.3921,{"$f":"+Insumos!$G$47","v":64.150000000000006},25.15]
[{"$f":"CONCATENATE(\"COTAÇÃO \",Insumos!$B$52)","v":"COTAÇÃO 3"},"MOTOR ELÉTRICO P/VIBRADOR LOCAÇÃO","d",0.73270000000000002,{"$f":"+Insumos!$G$52","v":32.07},23.49]
["SINAPI I 43061","AÇO CA-60 4,2 mm - 0,109 kg/m","kg",6.6210000000000004,{"$f":"+Insumos!$G$71","v":9.25},61.24]
["SINAPI I 43062","AÇO CA-60 6,0 mm - 0,222 kg/m","kg",27.9009,{"$f":"+Insumos!$G$75","v":9.7799999999999994},272.87]
["SINAPI I 21141","TELA DE AÇO SOLDADA CA-60 4,2mm 15 x 15 cm","m²",88,{"$f":"+Insumos!$G$354","v":20.14},1772.32]
[{"$f":"CONCATENATE(\"SINAPI I \",Insumos!$B$84)","v":"SINAPI I 43132"},"ARAME RECOZIDO 18 BWG","kg",1.1664000000000001,{"$f":"+Insumos!$G$84","v":25.15},29.33]
["SINAPI I 1379","CIMENTO PORTLAND CP-II 32","kg",354.12560000000002,{"$f":"+Insumos!$G$166","v":0.7},247.88]
["SINAPI I 370","AREIA MÉDIA","m³",0.92379999999999995,{"$f":"+Insumos!$G$87","v":69},63.74]
[{"$f":"CONCATENATE(\"COTAÇÃO \",Insumos!$B$126)","v":"COTAÇÃO 116"},"BRITA 1 OU 2 - POSTO OBRA","m³",5.2180999999999997,{"$f":"+Insumos!$G$126","v":83.39},435.13]
["SINAPI I 1527","CONCRETO USINADO BOMBEÁVEL, fck=25 MPa, INCLUI SERVIÇO DE BOMBEAMENTO","m³",6.2073999999999998,{"$f":"+Insumos!$G$171","v":463.37},2876.32]
["SINAPI I 20247","PREGO DE AÇO 15 x 15 C/CABEÇA","kg",2.4756,{"$f":"+Insumos!$G$295","v":22.95},56.81]
["SINAPI I 1355","CHAPA COMPENSADO RESINADO 14 mm","m²",12.378,{"$f":"+Insumos!$G$157","v":69.45},859.65]
[{"$f":"CONCATENATE(\"SINAPI I \",Insumos!$B$288)","v":"SINAPI I 4491"},"PONTALETE EM PINUS 7,5 x 7,5 cm","m",33.066699999999997,{"$f":"+Insumos!$G$288","v":6.25},206.66]
[{"$f":"CONCATENATE(\"SINAPI I \",Insumos!$B$314)","v":"SINAPI I 4517"},"SARRAFO PINUS 2,5 x 7,5 cm","m",21.7,{"$f":"+Insumos!$G$314","v":2.1800000000000002},47.3]
["SINAPI I 21013","TUBO AÇO GALVANIZADO C/COSTURA 2\", 3,00 mm","m",20.756,{"$f":"+Insumos!$G$374","v":89.43},1856.2]
[{"$f":"CONCATENATE(\"SINAPI I \",Insumos!$B$373)","v":"SINAPI I 21012"},"TUBO AÇO GALVANIZADO C/COSTURA 1 1/2\", 3,00 mm","m",22.4,{"$f":"+Insumos!$G$373","v":68.53},1535.07]
[{"$f":"CONCATENATE(\"COTAÇÃO \",Insumos!$B$55)","v":"COTAÇÃO 6"},"PLACA VIBRATÓRIA REVERSÍVEL LOCAÇÃO","d",1,{"$f":"+Insumos!$G$55","v":115.47},115.47]
[{"$f":"CONCATENATE(\"SINAPI C \",'Composições Aux. SINAPI'!$A$44)","v":"SINAPI C 95282"},"DESEMPENADEIRA DE CONCRETO, PESO DE 75KG, 4 PÁS, MOTOR A GASOLINA - CHP DIURNO","chp",3,{"$f":"+'Composições Aux. SINAPI'!$E$44:$F$44","v":10.48},31.44]
[{"$f":"CONCATENATE(\"SINAPI C \",'Composições Aux. SINAPI'!$A$45)","v":"SINAPI C 95283"},"DESEMPENADEIRA DE CONCRETO, PESO DE 75KG, 4 PÁS, MOTOR A GASOLINA - CHI DIURNO","chi",5,{"$f":"+'Composições Aux. SINAPI'!$E$45:$F$45","v":0.56999999999999995},2.85]
[{"$f":"CONCATENATE(\"COTAÇÃO \",Insumos!$B$50)","v":"COTAÇÃO 7"},"CORTADORA DE PISO","d",1,{"$f":"+Insumos!$G$50","v":76.98},76.98]
["SINAPI I 13887","DISCO DE CORTE DIAMANTADO PARA CONCRETO 350 mm","un",0.1,{"$f":"+Insumos!$G$186","v":589.52},58.95]
[{"$f":"CONCATENATE(\"COTAÇÃO \",Insumos!$B$250)","v":"COTAÇÃO 107"},"MICROFIBRA DE POLIPROPILENO","sc",6.2073999999999998,{"$f":"+Insumos!$G$250","v":14.07},87.33]
["SINAPI I 3777","LONA PLÁSTICA PRETA","m²",77.593000000000004,{"$f":"+Insumos!$G$243","v":1.75},135.78]
["SINAPI I 1165","TAMPÃO DE FERRO GALVANIZADO DE 1 1/2\"","un",24,{"$f":"+Insumos!$G$345","v":16.62},398.88]
[{"$f":"CONCATENATE(\"SINAPI I \",Insumos!$B$364)","v":"SINAPI I 7292"},"TINTA ESMALTE SINTÉTICO BRILHANTE","l",6.2144000000000004,{"$f":"+Insumos!$G$364","v":34.700000000000003},215.63]
[{"$f":"CONCATENATE(\"SINAPI I \",Insumos!$B$318)","v":"SINAPI I 5318"},"SOLVENTE DILUENTE A BASE DE AGUARRÁS","l",1.1220000000000001,{"$f":"+Insumos!$G$318","v":23.8},26.7]
[{"$f":"CONCATENATE(\"COTAÇÃO \",Insumos!$B$215)","v":"COTAÇÃO 109"},"FUNDO P/GALVANIZADO","l",0.92390000000000005,{"$f":"+Insumos!$G$215","v":34.47},31.84]
["SINAPI I 9837","TUBO PVC P/ ESGOTO PREDIAL 75 mm","m",6.4,{"$f":"+Insumos!$G$381","v":17.16},109.82]
[{"$f":"CONCATENATE(\"COTAÇÃO \",Insumos!$B$247)","v":"COTAÇÃO 110"},"MANTA GEOTÊXTIL PARA CURA DO CONCRETO","m²",77.593000000000004,{"$f":"+Insumos!$G$247","v":2.82},218.81]
[{"$f":"CONCATENATE(\"COTAÇÃO \",Insumos!$B$53)","v":"COTAÇÃO 1"},"NÍVEL A LASER","d",1,{"$f":"+Insumos!$G$53","v":136.85},136.85]
["SUB-TOTAL - MATERIAL / EQUIPAMENTOS:",null,{"$f":"SUM(F3412:F3442)","v":12156.57}]
[{"$f":"CONCATENATE(\"SINAPI C \",Insumos!$B$21)","v":"SINAPI C 88262"},"CARPINTEIRO C/ENCARGOS COMPLEMENTARES","h",24.1,{"$f":"+Insumos!$G$21","v":20.100000000000001},{"$f":"TRUNC(D3444*E3444,2)","v":484.41}]
[{"$f":"CONCATENATE(\"SINAPI C \",Insumos!$B$36)","v":"SINAPI C 88310"},"PINTOR C/ENCARGOS COMPLEMENTARES","h",19.420200000000001,{"$f":"+Insumos!$G$36","v":21.41},415.78]
[{"$f":"CONCATENATE(\"SINAPI C \",Insumos!$B$15)","v":"SINAPI C 88245"},"ARMADOR C/ENCARGOS COMPLEMENTARES","h",4.1425999999999998,{"$f":"+Insumos!$G$15","v":20.22},83.76]
[{"$f":"CONCATENATE(\"SINAPI C \",Insumos!$B$13)","v":"SINAPI C 88238"},"AJUDANTE DE ARMADOR C/ENCARGOS COMPLEMENTARES","h",5.8127000000000004,{"$f":"+Insumos!$G$13","v":16.95},98.52]
["SINAPI C 88297","OPERADOR DE MÁQUINAS E EQUIPAMENTOS C/ENCARGOS COMPLEMENTARES","h",4.1085000000000003,{"$f":"+Insumos!$G$34","v":22.56},{"$f":"TRUNC(D3448*E3448,2)","v":92.68}]
["SINAPI C 90781","TOPÓGRAFO C/ ENCARGOS COMPLEMENTARES","h",0.50619999999999998,{"$f":"+Insumos!$G$41","v":29.66},15.01]
[{"$f":"CONCATENATE(\"SINAPI C \",Insumos!$B$35)","v":"SINAPI C 88309"},"PEDREIRO C/ENCARGOS COMPLEMENTARES","h",24.474799999999998,{"$f":"+Insumos!$G$35","v":20.34},497.81]
[{"$f":"CONCATENATE(\"SINAPI C \",Insumos!$B$38)","v":"SINAPI C 88316"},"SERVENTE C/ ENCARGOS COMPLEMENTARES","h",96.497299999999996,{"$f":"+Insumos!$G$38","v":16.920000000000002},1632.73]
["SUB-TOTAL - MÃO-DE-OBRA:",null,{"$f":"SUM(F3444:F3451)","v":3320.7}]
[]
[null,"CUSTO TOTAL:",null,null,null,{"$f":"+C3443+C3452","v":15477.27}]
[]
[null,"BDI:","%",{"$f":"+$F$7","v":"28,21%"},null,{"$f":"TRUNC(F3454*D3456,2)","v":4366.13}]
[]
[null,"PREÇO:",null,null,null,{"$f":"+F3454+F3456","v":19843.400000000001}]
[]
["CÓDIGO","DISCRIMINAÇÃO","UN","COEFIC.","UNITÁRIO","TOTAL"]
[2682,"TELAMENTO CACHORRÓDROMO","m"]
[{"$f":"CONCATENATE(\"SINAPI I \",Insumos!$B$279)","v":"SINAPI I 4718"},"PEDRA BRITADA Nº 2","m³",8.5000000000000006E-3,{"$f":"+Insumos!$G$279","v":61.4},{"$f":"TRUNC(D3462*E3462,2)","v":0.52}]
[{"$f":"CONCATENATE(\"SINAPI I \",Insumos!$B$321)","v":"SINAPI I 6193"},"TÁBUA MADEIRA NÃO APARELHADA CEDRINHO 2,5 x 20 cm","m",1.4,{"$f":"+Insumos!$G$321","v":11.23},{"$f":"TRUNC(D3463*E3463,2)","v":15.72}]
[{"$f":"CONCATENATE(\"SINAPI I \",Insumos!$B$288)","v":"SINAPI I 4491"},"PONTALETE EM PINUS 7,5 x 7,5 cm","m",1.5657000000000001,{"$f":"+Insumos!$G$288","v":6.25},9.7799999999999994]
[{"$f":"CONCATENATE(\"SINAPI I \",Insumos!$B$314)","v":"SINAPI I 4517"},"SARRAFO PINUS 2,5 x 7,5 cm","m",0.78269999999999995,{"$f":"+Insumos!$G$314","v":2.1800000000000002},1.7]
[{"$f":"CONCATENATE(\"SINAPI C \",'Composições Aux. SINAPI'!$A$76,)","v":"SINAPI C 91692"},"SERRA CIRCULAR DE BANCADA C/COIFA PARA DISCO 10\" (chp)","chp",2.5600000000000001E-2,{"$f":"+'Composições Aux. SINAPI'!$E$76","v":24.14},0.61]
[{"$f":"CONCATENATE(\"SINAPI C \",'Composições Aux. SINAPI'!$A$77)","v":"SINAPI C 91693"},"SERRA CIRCULAR DE BANCADA C/COIFA PARA DISCO 10\" (chi)","chi",2.24E-2,{"$f":"+'Composições Aux. SINAPI'!$E$77","v":22.66},0.5]
[{"$f":"CONCATENATE(\"SINAPI I \",Insumos!$B$298)","v":"SINAPI I 5073"},"PREGO DE AÇO 17 x 24 C/CABEÇA","kg",3.9199999999999999E-2,{"$f":"+Insumos!$G$298","v":21.13},0.82]
[{"$f":"CONCATENATE(\"SINAPI I \",Insumos!$B$300)","v":"SINAPI I 40304"},"PREGO DE AÇO 17 x 27 C/CABEÇA DUPLA","kg",2.7199999999999998E-2,{"$f":"+Insumos!$G$300","v":25.59},0.69]
[{"$f":"CONCATENATE(\"SINAPI I \",Insumos!$B$185)","v":"SINAPI I 2692"},"DESMOLDANTE P/FORMAS DE MADEIRA","l",1.3599999999999999E-2,{"$f":"+Insumos!$G$185","v":5.91},0.08]
[{"$f":"CONCATENATE(\"SINAPI C \",'Composições Aux. SINAPI'!$A$41,)","v":"SINAPI C 92794"},"CORTE E DOBRA DE AÇO CA-50 10,0 mm","kg",3.7440000000000002,{"$f":"+'Composições Aux. SINAPI'!$E$41:$F$41","v":10.63},39.79]
[{"$f":"CONCATENATE(\"SINAPI C \",'Composições Aux. SINAPI'!$A$40,)","v":"SINAPI C 92791"},"CORTE E DOBRA AÇO CA-60 4,2 e 6,0 mm","kg",0.51229999999999998,{"$f":"+'Composições Aux. SINAPI'!$E$40:$F$40","v":11.17},5.72]
[{"$f":"CONCATENATE(\"SINAPI I \",Insumos!$B$198)","v":"SINAPI I 39017"},"ESPAÇADOR CIRCULAR EM PLÁSTICO, 4,2 A 12,5 mm","un",2.7502,{"$f":"+Insumos!$G$198","v":0.12},0.33]
[{"$f":"CONCATENATE(\"SINAPI I \",Insumos!$B$84)","v":"SINAPI I 43132"},"ARAME RECOZIDO 18 BWG","kg",0.10639999999999999,{"$f":"+Insumos!$G$84","v":25.15},2.67]
[{"$f":"CONCATENATE(\"SINAPI C \",'Composições Aux. SINAPI'!$A$89)","v":"SINAPI C 90586"},"VIBRADOR DE IMERSÃO, DIÂMETRO DE PONTEIRA 45 mm (chp)","chp",2.7199999999999998E-2,{"$f":"+'Composições Aux. SINAPI'!$E$89:$F$89","v":1.1399999999999999},0.03]
[{"$f":"CONCATENATE(\"SINAPI C \",'Composições Aux. SINAPI'!$A$90)","v":"SINAPI C 90587"},"VIBRADOR DE IMERSÃO, DIÂMETRO DE PONTEIRA 45 mm (chi)","chi",7.9000000000000001E-2,{"$f":"+'Composições Aux. SINAPI'!$E$90:$F$90","v":0.35},{"$f":"TRUNC(D3476*E3476,2)","v":0.02}]
[{"$f":"CONCATENATE(\"SINAPI C \",'Composições Aux. SINAPI'!$A$33)","v":"SINAPI C 94963"},"CONCRETO fck=15 MPa PREPARO COM BETONEIRA","m³",9.9699999999999997E-2,{"$f":"+'Composições Aux. SINAPI'!$E$33:$F$33","v":352.14},{"$f":"TRUNC(D3477*E3477,2)","v":35.1}]
[{"$f":"CONCATENATE(\"SINAPI I \",Insumos!$B$382)","v":"SINAPI I 9836"},"TUBO PVC P/ ESGOTO PREDIAL 100 mm","m",0.38329999999999997,{"$f":"+Insumos!$G$382","v":19.36},7.42]
[{"$f":"CONCATENATE(\"COTAÇÃO \",Insumos!$B$135)","v":"COTAÇÃO 114"},"CAÇAMBA 4,00 m³","un",4.8000000000000001E-2,{"$f":"+Insumos!$G$135","v":493.97},23.71]
[{"$f":"CONCATENATE(\"SINAPI I \",Insumos!$B$373)","v":"SINAPI I 21012"},"TUBO AÇO GALVANIZADO C/COSTURA 1 1/2\", 3,00 mm","m",1.05,{"$f":"+Insumos!$G$373","v":68.53},71.95]
[{"$f":"CONCATENATE(\"SINAPI I \",Insumos!$B$375)","v":"SINAPI I 21014"},"TUBO AÇO GALVANIZADO C/COSTURA 2 1/2\", 3,35 mm","m",0.66669999999999996,{"$f":"+Insumos!$G$375","v":125.13},83.42]
[{"$f":"CONCATENATE(\"SINAPI I \",Insumos!$B$347)","v":"SINAPI I 1169"},"TAMPÃO DE FERRO GALVANIZADO DE 2 1/2\"","un",0.33329999999999999,{"$f":"+Insumos!$G$347","v":43.31},14.43]
[{"$f":"CONCATENATE(\"SINAPI C \",'Composições Aux. SINAPI'!$A$22)","v":"SINAPI C 88631"},"ARGAMASSA TRAÇO 1:4 PREPARO MANUAL","m³",8.0000000000000004E-4,{"$f":"+'Composições Aux. SINAPI'!$E$22:$F$22","v":492.28},0.39]
[{"$f":"CONCATENATE(\"COTAÇÃO \",Insumos!$B$352)","v":"COTAÇÃO 80"},"TELA ARAME GALVANIZADO 5 x 5 cm FIO 12 BWG","m²",1.26,{"$f":"+Insumos!$G$352","v":31.11},39.19]
[{"$f":"CONCATENATE(\"SINAPI I \",Insumos!$B$80)","v":"SINAPI I 43131"},"ARAME GALVANIZADO 8 BWG","kg",3.4700000000000002E-2,{"$f":"+Insumos!$G$80","v":29.21},1.01]
[{"$f":"CONCATENATE(\"SINAPI I \",Insumos!$B$81)","v":"SINAPI I 43131"},"ARAME GALVANIZADO 10 BWG","kg",0.2203,{"$f":"+Insumos!$G$81","v":29.21},6.43]
[{"$f":"CONCATENATE(\"SINAPI I \",Insumos!$B$82)","v":"SINAPI I 43130"},"ARAME GALVANIZADO 12 BWG","kg",9.6199999999999994E-2,{"$f":"+Insumos!$G$82","v":25.15},2.41]
[{"$f":"CONCATENATE(\"COTAÇÃO \",Insumos!$B$200)","v":"COTAÇÃO 79"},"ESTICADOR DE ARAME","un",0.21820000000000001,{"$f":"+Insumos!$G$200","v":6.41},1.39]
[{"$f":"CONCATENATE(\"COTAÇÃO \",Insumos!$B$215)","v":"COTAÇÃO 109"},"FUNDO P/GALVANIZADO","l",2.0500000000000001E-2,{"$f":"+Insumos!$G$215","v":34.47},{"$f":"TRUNC(D3489*E3489,2)","v":0.7}]
[{"$f":"CONCATENATE(\"SINAPI I \",Insumos!$B$318)","v":"SINAPI I 5318"},"SOLVENTE DILUENTE A BASE DE AGUARRÁS","l",9.9000000000000008E-3,{"$f":"+Insumos!$G$318","v":23.8},{"$f":"TRUNC(D3490*E3490,2)","v":0.23}]
[{"$f":"CONCATENATE(\"SINAPI I \",Insumos!$B$364)","v":"SINAPI I 7292"},"TINTA ESMALTE SINTÉTICO BRILHANTE","l",7.9299999999999995E-2,{"$f":"+Insumos!$G$364","v":34.700000000000003},{"$f":"TRUNC(D3491*E3491,2)","v":2.75}]
["SUB-TOTAL - MATERIAL / EQUIPAMENTOS:",null,{"$f":"SUM(F3462:F3491)","v":369.51000000000005}]
[{"$f":"CONCATENATE(\"SINAPI C \",Insumos!$B$21)","v":"SINAPI C 88262"},"CARPINTEIRO C/ENCARGOS COMPLEMENTARES","h",1.0311999999999999,{"$f":"+Insumos!$G$21","v":20.100000000000001},{"$f":"TRUNC(D3493*E3493,2)","v":20.72}]
[{"$f":"CONCATENATE(\"SINAPI C \",Insumos!$B$14)","v":"SINAPI C 88239"},"AJUDANTE DE CARPINTEIRO C/ENCARGOS COMPLEMENTARES","h",0.4,{"$f":"+Insumos!$G$14","v":16.87},{"$f":"TRUNC(D3494*E3494,2)","v":6.74}]
[{"$f":"CONCATENATE(\"SINAPI C \",Insumos!$B$36)","v":"SINAPI C 88310"},"PINTOR C/ENCARGOS COMPLEMENTARES","h",0.63270000000000004,{"$f":"+Insumos!$G$36","v":21.41},{"$f":"TRUNC(D3495*E3495,2)","v":13.54}]
[{"$f":"CONCATENATE(\"SINAPI C \",Insumos!$B$15)","v":"SINAPI C 88245"},"ARMADOR C/ENCARGOS COMPLEMENTARES","h",0.43280000000000002,{"$f":"+Insumos!$G$15","v":20.22},8.75]
[{"$f":"CONCATENATE(\"SINAPI C \",Insumos!$B$13)","v":"SINAPI C 88238"},"AJUDANTE DE ARMADOR C/ENCARGOS COMPLEMENTARES","h",0.1411,{"$f":"+Insumos!$G$13","v":16.95},2.39]
[{"$f":"CONCATENATE(\"SINAPI C \",Insumos!$B$37)","v":"SINAPI C 88315"},"SERRALHEIRO C/ENCARGOS COMPLEMENTARES","h",1.1729000000000001,{"$f":"+Insumos!$G$37","v":20.22},{"$f":"TRUNC(D3498*E3498,2)","v":23.71}]
[{"$f":"CONCATENATE(\"SINAPI C \",Insumos!$B$35)","v":"SINAPI C 88309"},"PEDREIRO C/ENCARGOS COMPLEMENTARES","h",0.3533,{"$f":"+Insumos!$G$35","v":20.34},{"$f":"TRUNC(D3499*E3499,2)","v":7.18}]
[{"$f":"CONCATENATE(\"SINAPI C \",Insumos!$B$38)","v":"SINAPI C 88316"},"SERVENTE C/ ENCARGOS COMPLEMENTARES","h",1.9305000000000001,{"$f":"+Insumos!$G$38","v":16.920000000000002},32.659999999999997]
["SUB-TOTAL - MÃO-DE-OBRA:",null,{"$f":"SUM(F3493:F3500)","v":115.69}]
[]
[null,"CUSTO TOTAL:",null,null,null,{"$f":"+C3492+C3501","v":485.20000000000005}]
[]
[null,"BDI:","%",{"$f":"+$F$7","v":"28,21%"},null,{"$f":"TRUNC(F3503*D3505,2)","v":136.87}]
[]
[null,"PREÇO:",null,null,null,{"$f":"+F3503+F3505","v":622.07000000000005}]
[]
["CÓDIGO","DISCRIMINAÇÃO","UN","COEFIC.","UNITÁRIO","TOTAL"]
[2683,"PORTÃO DE ACESSO CACHORRÓDROMO","m"]
[{"$f":"CONCATENATE(\"SINAPI I \",Insumos!$B$279)","v":"SINAPI I 4718"},"PEDRA BRITADA Nº 2","m³",8.5000000000000006E-3,{"$f":"+Insumos!$G$279","v":61.4},{"$f":"TRUNC(D3511*E3511,2)","v":0.52}]
[{"$f":"CONCATENATE(\"SINAPI I \",Insumos!$B$321)","v":"SINAPI I 6193"},"TÁBUA MADEIRA NÃO APARELHADA CEDRINHO 2,5 x 20 cm","m",0.94499999999999995,{"$f":"+Insumos!$G$321","v":11.23},{"$f":"TRUNC(D3512*E3512,2)","v":10.61}]
[{"$f":"CONCATENATE(\"SINAPI I \",Insumos!$B$288)","v":"SINAPI I 4491"},"PONTALETE EM PINUS 7,5 x 7,5 cm","m",2.2400000000000002,{"$f":"+Insumos!$G$288","v":6.25},14]
[{"$f":"CONCATENATE(\"SINAPI I \",Insumos!$B$314)","v":"SINAPI I 4517"},"SARRAFO PINUS 2,5 x 7,5 cm","m",1.54,{"$f":"+Insumos!$G$314","v":2.1800000000000002},3.35]
[{"$f":"CONCATENATE(\"SINAPI C \",'Composições Aux. SINAPI'!$A$76,)","v":"SINAPI C 91692"},"SERRA CIRCULAR DE BANCADA C/COIFA PARA DISCO 10\" (chp)","chp",1.7299999999999999E-2,{"$f":"+'Composições Aux. SINAPI'!$E$76","v":24.14},0.41]
[{"$f":"CONCATENATE(\"SINAPI C \",'Composições Aux. SINAPI'!$A$77)","v":"SINAPI C 91693"},"SERRA CIRCULAR DE BANCADA C/COIFA PARA DISCO 10\" (chi)","chi",1.5100000000000001E-2,{"$f":"+'Composições Aux. SINAPI'!$E$77","v":22.66},0.34]
[{"$f":"CONCATENATE(\"SINAPI I \",Insumos!$B$298)","v":"SINAPI I 5073"},"PREGO DE AÇO 17 x 24 C/CABEÇA","kg",2.6499999999999999E-2,{"$f":"+Insumos!$G$298","v":21.13},0.55000000000000004]
[{"$f":"CONCATENATE(\"SINAPI I \",Insumos!$B$300)","v":"SINAPI I 40304"},"PREGO DE AÇO 17 x 27 C/CABEÇA DUPLA","kg",1.84E-2,{"$f":"+Insumos!$G$300","v":25.59},0.47]
[{"$f":"CONCATENATE(\"SINAPI I \",Insumos!$B$185)","v":"SINAPI I 2692"},"DESMOLDANTE P/FORMAS DE MADEIRA","l",9.1999999999999998E-3,{"$f":"+Insumos!$G$185","v":5.91},0.05]
[{"$f":"CONCATENATE(\"SINAPI C \",'Composições Aux. SINAPI'!$A$40,)","v":"SINAPI C 92791"},"CORTE E DOBRA AÇO CA-60 4,2 e 6,0 mm","kg",1.4833000000000001,{"$f":"+'Composições Aux. SINAPI'!$E$40:$F$40","v":11.17},16.559999999999999]
[{"$f":"CONCATENATE(\"SINAPI I \",Insumos!$B$198)","v":"SINAPI I 39017"},"ESPAÇADOR CIRCULAR EM PLÁSTICO, 4,2 A 12,5 mm","un",2.9169,{"$f":"+Insumos!$G$198","v":0.12},0.35]
[{"$f":"CONCATENATE(\"SINAPI I \",Insumos!$B$84)","v":"SINAPI I 43132"},"ARAME RECOZIDO 18 BWG","kg",3.7100000000000001E-2,{"$f":"+Insumos!$G$84","v":25.15},0.93]
[{"$f":"CONCATENATE(\"SINAPI C \",'Composições Aux. SINAPI'!$A$89)","v":"SINAPI C 90586"},"VIBRADOR DE IMERSÃO, DIÂMETRO DE PONTEIRA 45 mm (chp)","chp",1.2699999999999999E-2,{"$f":"+'Composições Aux. SINAPI'!$E$89:$F$89","v":1.1399999999999999},0.01]
[{"$f":"CONCATENATE(\"SINAPI C \",'Composições Aux. SINAPI'!$A$90)","v":"SINAPI C 90587"},"VIBRADOR DE IMERSÃO, DIÂMETRO DE PONTEIRA 45 mm (chi)","chi",3.6900000000000002E-2,{"$f":"+'Composições Aux. SINAPI'!$E$90:$F$90","v":0.35},{"$f":"TRUNC(D3524*E3524,2)","v":0.01}]
[{"$f":"CONCATENATE(\"SINAPI C \",'Composições Aux. SINAPI'!$A$33)","v":"SINAPI C 94963"},"CONCRETO fck=15 MPa PREPARO COM BETONEIRA","m³",4.6600000000000003E-2,{"$f":"+'Composições Aux. SINAPI'!$E$33:$F$33","v":352.14},{"$f":"TRUNC(D3525*E3525,2)","v":16.399999999999999}]
[{"$f":"CONCATENATE(\"COTAÇÃO \",Insumos!$B$135)","v":"COTAÇÃO 114"},"CAÇAMBA 4,00 m³","un",1.6500000000000001E-2,{"$f":"+Insumos!$G$135","v":493.97},8.15]
[{"$f":"CONCATENATE(\"SINAPI I \",Insumos!$B$373)","v":"SINAPI I 21012"},"TUBO AÇO GALVANIZADO C/COSTURA 1 1/2\", 3,00 mm","m",5.7750000000000004,{"$f":"+Insumos!$G$373","v":68.53},395.76]
[{"$f":"CONCATENATE(\"SINAPI I \",Insumos!$B$61)","v":"SINAPI I 43054"},"AÇO CA-25 12,5 mm","kg",4.6715,{"$f":"+Insumos!$G$61","v":10.02},46.8]
[{"$f":"CONCATENATE(\"SINAPI I \",Insumos!$B$60)","v":"SINAPI I 43054"},"AÇO CA-25 10,0 mm","kg",0.2591,{"$f":"+Insumos!$G$60","v":10.02},2.59]
[{"$f":"CONCATENATE(\"COTAÇÃO \",Insumos!$B$352)","v":"COTAÇÃO 80"},"TELA ARAME GALVANIZADO 5 x 5 cm FIO 12 BWG","m²",1.2959000000000001,{"$f":"+Insumos!$G$352","v":31.11},40.31]
[{"$f":"CONCATENATE(\"COTAÇÃO \",Insumos!$B$191)","v":"COTAÇÃO 134"},"DOBRADIÇA GONZO 5/8\"","un",2,{"$f":"+Insumos!$G$191","v":6.65},13.3]
[{"$f":"CONCATENATE(\"COTAÇÃO \",Insumos!$B$203)","v":"COTAÇÃO 135"},"FECHO TIPO BICO DE PAPAGAIO","un",1,{"$f":"+Insumos!$G$203","v":21.31},21.31]
[{"$f":"CONCATENATE(\"SINAPI I \",Insumos!$B$192)","v":"SINAPI I 11002"},"ELETRODO REVESTIDO AWS - E6013, DIAMETRO IGUAL A 2,50 mm","kg",1.41E-2,{"$f":"+Insumos!$G$192","v":63.86},0.9]
[{"$f":"CONCATENATE(\"COTAÇÃO \",Insumos!$B$215)","v":"COTAÇÃO 109"},"FUNDO P/GALVANIZADO","l",5.5100000000000003E-2,{"$f":"+Insumos!$G$215","v":34.47},{"$f":"TRUNC(D3534*E3534,2)","v":1.89}]
[{"$f":"CONCATENATE(\"SINAPI I \",Insumos!$B$318)","v":"SINAPI I 5318"},"SOLVENTE DILUENTE A BASE DE AGUARRÁS","l",3.3500000000000002E-2,{"$f":"+Insumos!$G$318","v":23.8},{"$f":"TRUNC(D3535*E3535,2)","v":0.79}]
[{"$f":"CONCATENATE(\"SINAPI I \",Insumos!$B$364)","v":"SINAPI I 7292"},"TINTA ESMALTE SINTÉTICO BRILHANTE","l",0.26269999999999999,{"$f":"+Insumos!$G$364","v":34.700000000000003},{"$f":"TRUNC(D3536*E3536,2)","v":9.11}]
[{"$f":"CONCATENATE(\"SINAPI I \",Insumos!$B$214)","v":"SINAPI I 7307"},"FUNDO ANTICORROSIVO TIPO ZARCÃO","l",2.1600000000000001E-2,{"$f":"+Insumos!$G$214","v":37.43},{"$f":"TRUNC(D3537*E3537,2)","v":0.8}]
["SUB-TOTAL - MATERIAL / EQUIPAMENTOS:",null,{"$f":"SUM(F3511:F3537)","v":606.26999999999987}]
[{"$f":"CONCATENATE(\"SINAPI C \",Insumos!$B$21)","v":"SINAPI C 88262"},"CARPINTEIRO C/ENCARGOS COMPLEMENTARES","h",0.69610000000000005,{"$f":"+Insumos!$G$21","v":20.100000000000001},{"$f":"TRUNC(D3539*E3539,2)","v":13.99}]
[{"$f":"CONCATENATE(\"SINAPI C \",Insumos!$B$14)","v":"SINAPI C 88239"},"AJUDANTE DE CARPINTEIRO C/ENCARGOS COMPLEMENTARES","h",0.27,{"$f":"+Insumos!$G$14","v":16.87},{"$f":"TRUNC(D3540*E3540,2)","v":4.55}]
[{"$f":"CONCATENATE(\"SINAPI C \",Insumos!$B$36)","v":"SINAPI C 88310"},"PINTOR C/ENCARGOS COMPLEMENTARES","h",2.0962999999999998,{"$f":"+Insumos!$G$36","v":21.41},{"$f":"TRUNC(D3541*E3541,2)","v":44.88}]
[{"$f":"CONCATENATE(\"SINAPI C \",Insumos!$B$15)","v":"SINAPI C 88245"},"ARMADOR C/ENCARGOS COMPLEMENTARES","h",0.28849999999999998,{"$f":"+Insumos!$G$15","v":20.22},5.83]
[{"$f":"CONCATENATE(\"SINAPI C \",Insumos!$B$13)","v":"SINAPI C 88238"},"AJUDANTE DE ARMADOR C/ENCARGOS COMPLEMENTARES","h",9.4200000000000006E-2,{"$f":"+Insumos!$G$13","v":16.95},1.59]
[{"$f":"CONCATENATE(\"SINAPI C \",Insumos!$B$37)","v":"SINAPI C 88315"},"SERRALHEIRO C/ENCARGOS COMPLEMENTARES","h",3.6848000000000001,{"$f":"+Insumos!$G$37","v":20.22},{"$f":"TRUNC(D3544*E3544,2)","v":74.5}]
[{"$f":"CONCATENATE(\"SINAPI C \",Insumos!$B$35)","v":"SINAPI C 88309"},"PEDREIRO C/ENCARGOS COMPLEMENTARES","h",0.32729999999999998,{"$f":"+Insumos!$G$35","v":20.34},{"$f":"TRUNC(D3545*E3545,2)","v":6.65}]
[{"$f":"CONCATENATE(\"SINAPI C \",Insumos!$B$38)","v":"SINAPI C 88316"},"SERVENTE C/ ENCARGOS COMPLEMENTARES","h",2.8622000000000001,{"$f":"+Insumos!$G$38","v":16.920000000000002},48.42]
["SUB-TOTAL - MÃO-DE-OBRA:",null,{"$f":"SUM(F3539:F3546)","v":200.41000000000003}]
[]
[null,"CUSTO TOTAL:",null,null,null,{"$f":"+C3538+C3547","v":806.67999999999984}]
[]
[null,"BDI:","%",{"$f":"+$F$7","v":"28,21%"},null,{"$f":"TRUNC(F3549*D3551,2)","v":227.56}]
[]
[null,"PREÇO:",null,null,null,{"$f":"+F3549+F3551","v":1034.2399999999998}]
[]
["CÓDIGO","DISCRIMINAÇÃO","UN","COEFIC.","UNITÁRIO","TOTAL"]
[2684,"PORTÃO DE ACESSO DE SERVIÇO CACHORRÓDROMO","m"]
[{"$f":"CONCATENATE(\"SINAPI I \",Insumos!$B$279)","v":"SINAPI I 4718"},"PEDRA BRITADA Nº 2","m³",2.5399999999999999E-2,{"$f":"+Insumos!$G$279","v":61.4},{"$f":"TRUNC(D3557*E3557,2)","v":1.55}]
[{"$f":"CONCATENATE(\"SINAPI I \",Insumos!$B$321)","v":"SINAPI I 6193"},"TÁBUA MADEIRA NÃO APARELHADA CEDRINHO 2,5 x 20 cm","m",2.1,{"$f":"+Insumos!$G$321","v":11.23},{"$f":"TRUNC(D3558*E3558,2)","v":23.58}]
[{"$f":"CONCATENATE(\"SINAPI I \",Insumos!$B$288)","v":"SINAPI I 4491"},"PONTALETE EM PINUS 7,5 x 7,5 cm","m",3.92,{"$f":"+Insumos!$G$288","v":6.25},24.5]
[{"$f":"CONCATENATE(\"SINAPI I \",Insumos!$B$314)","v":"SINAPI I 4517"},"SARRAFO PINUS 2,5 x 7,5 cm","m",2.6949999999999998,{"$f":"+Insumos!$G$314","v":2.1800000000000002},5.87]
[{"$f":"CONCATENATE(\"SINAPI C \",'Composições Aux. SINAPI'!$A$76,)","v":"SINAPI C 91692"},"SERRA CIRCULAR DE BANCADA C/COIFA PARA DISCO 10\" (chp)","chp",3.8399999999999997E-2,{"$f":"+'Composições Aux. SINAPI'!$E$76","v":24.14},0.92]
[{"$f":"CONCATENATE(\"SINAPI C \",'Composições Aux. SINAPI'!$A$77)","v":"SINAPI C 91693"},"SERRA CIRCULAR DE BANCADA C/COIFA PARA DISCO 10\" (chi)","chi",3.3599999999999998E-2,{"$f":"+'Composições Aux. SINAPI'!$E$77","v":22.66},0.76]
[{"$f":"CONCATENATE(\"SINAPI I \",Insumos!$B$298)","v":"SINAPI I 5073"},"PREGO DE AÇO 17 x 24 C/CABEÇA","kg",5.8799999999999998E-2,{"$f":"+Insumos!$G$298","v":21.13},1.24]
[{"$f":"CONCATENATE(\"SINAPI I \",Insumos!$B$300)","v":"SINAPI I 40304"},"PREGO DE AÇO 17 x 27 C/CABEÇA DUPLA","kg",4.0800000000000003E-2,{"$f":"+Insumos!$G$300","v":25.59},1.04]
[{"$f":"CONCATENATE(\"SINAPI I \",Insumos!$B$185)","v":"SINAPI I 2692"},"DESMOLDANTE P/FORMAS DE MADEIRA","l",2.0400000000000001E-2,{"$f":"+Insumos!$G$185","v":5.91},0.12]
[{"$f":"CONCATENATE(\"SINAPI C \",'Composições Aux. SINAPI'!$A$40,)","v":"SINAPI C 92791"},"CORTE E DOBRA AÇO CA-60 4,2 e 6,0 mm","kg",3.2961999999999998,{"$f":"+'Composições Aux. SINAPI'!$E$40:$F$40","v":11.17},36.81]
[{"$f":"CONCATENATE(\"SINAPI I \",Insumos!$B$198)","v":"SINAPI I 39017"},"ESPAÇADOR CIRCULAR EM PLÁSTICO, 4,2 A 12,5 mm","un",6.4819000000000004,{"$f":"+Insumos!$G$198","v":0.12},0.77]
[{"$f":"CONCATENATE(\"SINAPI I \",Insumos!$B$84)","v":"SINAPI I 43132"},"ARAME RECOZIDO 18 BWG","kg",8.2400000000000001E-2,{"$f":"+Insumos!$G$84","v":25.15},2.0699999999999998]
[{"$f":"CONCATENATE(\"SINAPI C \",'Composições Aux. SINAPI'!$A$89)","v":"SINAPI C 90586"},"VIBRADOR DE IMERSÃO, DIÂMETRO DE PONTEIRA 45 mm (chp)","chp",2.8299999999999999E-2,{"$f":"+'Composições Aux. SINAPI'!$E$89:$F$89","v":1.1399999999999999},0.03]
[{"$f":"CONCATENATE(\"SINAPI C \",'Composições Aux. SINAPI'!$A$90)","v":"SINAPI C 90587"},"VIBRADOR DE IMERSÃO, DIÂMETRO DE PONTEIRA 45 mm (chi)","chi",8.1199999999999994E-2,{"$f":"+'Composições Aux. SINAPI'!$E$90:$F$90","v":0.35},{"$f":"TRUNC(D3570*E3570,2)","v":0.02}]
[{"$f":"CONCATENATE(\"SINAPI C \",'Composições Aux. SINAPI'!$A$33)","v":"SINAPI C 94963"},"CONCRETO fck=15 MPa PREPARO COM BETONEIRA","m³",0.10349999999999999,{"$f":"+'Composições Aux. SINAPI'!$E$33:$F$33","v":352.14},{"$f":"TRUNC(D3571*E3571,2)","v":36.44}]
[{"$f":"CONCATENATE(\"COTAÇÃO \",Insumos!$B$135)","v":"COTAÇÃO 114"},"CAÇAMBA 4,00 m³","un",3.6600000000000001E-2,{"$f":"+Insumos!$G$135","v":493.97},18.07]
[{"$f":"CONCATENATE(\"SINAPI I \",Insumos!$B$373)","v":"SINAPI I 21012"},"TUBO AÇO GALVANIZADO C/COSTURA 1 1/2\", 3,00 mm","m",12.263999999999999,{"$f":"+Insumos!$G$373","v":68.53},840.45]
[{"$f":"CONCATENATE(\"SINAPI I \",Insumos!$B$61)","v":"SINAPI I 43054"},"AÇO CA-25 12,5 mm","kg",10.839499999999999,{"$f":"+Insumos!$G$61","v":10.02},108.61]
[{"$f":"CONCATENATE(\"SINAPI I \",Insumos!$B$60)","v":"SINAPI I 43054"},"AÇO CA-25 10,0 mm","kg",0.51829999999999998,{"$f":"+Insumos!$G$60","v":10.02},5.19]
[{"$f":"CONCATENATE(\"COTAÇÃO \",Insumos!$B$352)","v":"COTAÇÃO 80"},"TELA ARAME GALVANIZADO 5 x 5 cm FIO 12 BWG","m²",3.1254,{"$f":"+Insumos!$G$352","v":31.11},97.23]
[{"$f":"CONCATENATE(\"COTAÇÃO \",Insumos!$B$191)","v":"COTAÇÃO 134"},"DOBRADIÇA GONZO 5/8\"","un",4,{"$f":"+Insumos!$G$191","v":6.65},26.6]
[{"$f":"CONCATENATE(\"SINAPI I \",Insumos!$B$370)","v":"SINAPI I 21009"},"TUBO AÇO GALVANIZADO C/COSTURA 3/4\", 2,25 mm","m",0.21,{"$f":"+Insumos!$G$370","v":31.69},6.65]
[{"$f":"CONCATENATE(\"SINAPI I \",Insumos!$B$160)","v":"SINAPI I 11026"},"CHAPA AÇO GALVANIZADO e=1,95 mm","kg",9.8299999999999998E-2,{"$f":"+Insumos!$G$160","v":14.93},1.46]
[{"$f":"CONCATENATE(\"COTAÇÃO \",Insumos!$B$293)","v":"COTAÇÃO 136"},"PORTA CADEADO ZINCADO 2 1/2\"","un",1,{"$f":"+Insumos!$G$293","v":11.4},11.4]
[{"$f":"CONCATENATE(\"SINAPI I \",Insumos!$B$192)","v":"SINAPI I 11002"},"ELETRODO REVESTIDO AWS - E6013, DIAMETRO IGUAL A 2,50 mm","kg",4.2900000000000001E-2,{"$f":"+Insumos!$G$192","v":63.86},2.73]
[{"$f":"CONCATENATE(\"COTAÇÃO \",Insumos!$B$215)","v":"COTAÇÃO 109"},"FUNDO P/GALVANIZADO","l",0.1169,{"$f":"+Insumos!$G$215","v":34.47},{"$f":"TRUNC(D3582*E3582,2)","v":4.0199999999999996}]
[{"$f":"CONCATENATE(\"SINAPI I \",Insumos!$B$318)","v":"SINAPI I 5318"},"SOLVENTE DILUENTE A BASE DE AGUARRÁS","l",7.1400000000000005E-2,{"$f":"+Insumos!$G$318","v":23.8},{"$f":"TRUNC(D3583*E3583,2)","v":1.69}]
[{"$f":"CONCATENATE(\"SINAPI I \",Insumos!$B$364)","v":"SINAPI I 7292"},"TINTA ESMALTE SINTÉTICO BRILHANTE","l",0.56030000000000002,{"$f":"+Insumos!$G$364","v":34.700000000000003},{"$f":"TRUNC(D3584*E3584,2)","v":19.440000000000001}]
[{"$f":"CONCATENATE(\"SINAPI I \",Insumos!$B$214)","v":"SINAPI I 7307"},"FUNDO ANTICORROSIVO TIPO ZARCÃO","l",4.6800000000000001E-2,{"$f":"+Insumos!$G$214","v":37.43},{"$f":"TRUNC(D3585*E3585,2)","v":1.75}]
["SUB-TOTAL - MATERIAL / EQUIPAMENTOS:",null,{"$f":"SUM(F3557:F3585)","v":1281.0100000000002}]
[{"$f":"CONCATENATE(\"SINAPI C \",Insumos!$B$21)","v":"SINAPI C 88262"},"CARPINTEIRO C/ENCARGOS COMPLEMENTARES","h",1.5468,{"$f":"+Insumos!$G$21","v":20.100000000000001},{"$f":"TRUNC(D3587*E3587,2)","v":31.09}]
[{"$f":"CONCATENATE(\"SINAPI C \",Insumos!$B$14)","v":"SINAPI C 88239"},"AJUDANTE DE CARPINTEIRO C/ENCARGOS COMPLEMENTARES","h",0.6,{"$f":"+Insumos!$G$14","v":16.87},{"$f":"TRUNC(D3588*E3588,2)","v":10.119999999999999}]
[{"$f":"CONCATENATE(\"SINAPI C \",Insumos!$B$36)","v":"SINAPI C 88310"},"PINTOR C/ENCARGOS COMPLEMENTARES","h",4.4702999999999999,{"$f":"+Insumos!$G$36","v":21.41},{"$f":"TRUNC(D3589*E3589,2)","v":95.7}]
[{"$f":"CONCATENATE(\"SINAPI C \",Insumos!$B$15)","v":"SINAPI C 88245"},"ARMADOR C/ENCARGOS COMPLEMENTARES","h",0.6411,{"$f":"+Insumos!$G$15","v":20.22},12.96]
[{"$f":"CONCATENATE(\"SINAPI C \",Insumos!$B$13)","v":"SINAPI C 88238"},"AJUDANTE DE ARMADOR C/ENCARGOS COMPLEMENTARES","h",0.20930000000000001,{"$f":"+Insumos!$G$13","v":16.95},3.54]
[{"$f":"CONCATENATE(\"SINAPI C \",Insumos!$B$37)","v":"SINAPI C 88315"},"SERRALHEIRO C/ENCARGOS COMPLEMENTARES","h",12.5412,{"$f":"+Insumos!$G$37","v":20.22},{"$f":"TRUNC(D3592*E3592,2)","v":253.58}]
[{"$f":"CONCATENATE(\"SINAPI C \",Insumos!$B$35)","v":"SINAPI C 88309"},"PEDREIRO C/ENCARGOS COMPLEMENTARES","h",0.73450000000000004,{"$f":"+Insumos!$G$35","v":20.34},{"$f":"TRUNC(D3593*E3593,2)","v":14.93}]
[{"$f":"CONCATENATE(\"SINAPI C \",Insumos!$B$38)","v":"SINAPI C 88316"},"SERVENTE C/ ENCARGOS COMPLEMENTARES","h",6.1661999999999999,{"$f":"+Insumos!$G$38","v":16.920000000000002},104.33]
["SUB-TOTAL - MÃO-DE-OBRA:",null,{"$f":"SUM(F3587:F3594)","v":526.25}]
[]
[null,"CUSTO TOTAL:",null,null,null,{"$f":"+C3586+C3595","v":1807.2600000000002}]
[]
[null,"BDI:","%",{"$f":"+$F$7","v":"28,21%"},null,{"$f":"TRUNC(F3597*D3599,2)","v":509.82}]
[]
[null,"PREÇO:",null,null,null,{"$f":"+F3597+F3599","v":2317.0800000000004}]
[]
["CÓDIGO","DISCRIMINAÇÃO","UN","COEFIC.","UNITÁRIO","TOTAL"]
[2685,"GUARDA-CORPO P/RECANTO INFANTIL","m"]
[{"$f":"CONCATENATE(\"SINAPI I \",Insumos!$B$279)","v":"SINAPI I 4718"},"PEDRA BRITADA Nº 2","m³",8.5000000000000006E-3,{"$f":"+Insumos!$G$279","v":61.4},{"$f":"TRUNC(D3605*E3605,2)","v":0.52}]
[{"$f":"CONCATENATE(\"SINAPI I \",Insumos!$B$321)","v":"SINAPI I 6193"},"TÁBUA MADEIRA NÃO APARELHADA CEDRINHO 2,5 x 20 cm","m",0.7,{"$f":"+Insumos!$G$321","v":11.23},{"$f":"TRUNC(D3606*E3606,2)","v":7.86}]
[{"$f":"CONCATENATE(\"SINAPI I \",Insumos!$B$288)","v":"SINAPI I 4491"},"PONTALETE EM PINUS 7,5 x 7,5 cm","m",1.1479999999999999,{"$f":"+Insumos!$G$288","v":6.25},7.17]
[{"$f":"CONCATENATE(\"SINAPI I \",Insumos!$B$314)","v":"SINAPI I 4517"},"SARRAFO PINUS 2,5 x 7,5 cm","m",0.7893,{"$f":"+Insumos!$G$314","v":2.1800000000000002},1.72]
[{"$f":"CONCATENATE(\"SINAPI C \",'Composições Aux. SINAPI'!$A$76,)","v":"SINAPI C 91692"},"SERRA CIRCULAR DE BANCADA C/COIFA PARA DISCO 10\" (chp)","chp",1.2800000000000001E-2,{"$f":"+'Composições Aux. SINAPI'!$E$76","v":24.14},0.3]
[{"$f":"CONCATENATE(\"SINAPI C \",'Composições Aux. SINAPI'!$A$77)","v":"SINAPI C 91693"},"SERRA CIRCULAR DE BANCADA C/COIFA PARA DISCO 10\" (chi)","chi",1.12E-2,{"$f":"+'Composições Aux. SINAPI'!$E$77","v":22.66},0.25]
[{"$f":"CONCATENATE(\"SINAPI I \",Insumos!$B$298)","v":"SINAPI I 5073"},"PREGO DE AÇO 17 x 24 C/CABEÇA","kg",1.9599999999999999E-2,{"$f":"+Insumos!$G$298","v":21.13},0.41]
[{"$f":"CONCATENATE(\"SINAPI I \",Insumos!$B$300)","v":"SINAPI I 40304"},"PREGO DE AÇO 17 x 27 C/CABEÇA DUPLA","kg",1.3599999999999999E-2,{"$f":"+Insumos!$G$300","v":25.59},0.34]
[{"$f":"CONCATENATE(\"SINAPI I \",Insumos!$B$185)","v":"SINAPI I 2692"},"DESMOLDANTE P/FORMAS DE MADEIRA","l",6.7999999999999996E-3,{"$f":"+Insumos!$G$185","v":5.91},0.04]
[{"$f":"CONCATENATE(\"SINAPI C \",'Composições Aux. SINAPI'!$A$40,)","v":"SINAPI C 92791"},"CORTE E DOBRA AÇO CA-60 4,2 e 6,0 mm","kg",1.0988,{"$f":"+'Composições Aux. SINAPI'!$E$40:$F$40","v":11.17},12.27]
[{"$f":"CONCATENATE(\"SINAPI I \",Insumos!$B$198)","v":"SINAPI I 39017"},"ESPAÇADOR CIRCULAR EM PLÁSTICO, 4,2 A 12,5 mm","un",2.1606999999999998,{"$f":"+Insumos!$G$198","v":0.12},0.25]
[{"$f":"CONCATENATE(\"SINAPI I \",Insumos!$B$84)","v":"SINAPI I 43132"},"ARAME RECOZIDO 18 BWG","kg",2.75E-2,{"$f":"+Insumos!$G$84","v":25.15},0.69]
[{"$f":"CONCATENATE(\"SINAPI C \",'Composições Aux. SINAPI'!$A$89)","v":"SINAPI C 90586"},"VIBRADOR DE IMERSÃO, DIÂMETRO DE PONTEIRA 45 mm (chp)","chp",1.1299999999999999E-2,{"$f":"+'Composições Aux. SINAPI'!$E$89:$F$89","v":1.1399999999999999},0.01]
[{"$f":"CONCATENATE(\"SINAPI C \",'Composições Aux. SINAPI'!$A$90)","v":"SINAPI C 90587"},"VIBRADOR DE IMERSÃO, DIÂMETRO DE PONTEIRA 45 mm (chi)","chi",3.2800000000000003E-2,{"$f":"+'Composições Aux. SINAPI'!$E$90:$F$90","v":0.35},{"$f":"TRUNC(D3618*E3618,2)","v":0.01}]
[{"$f":"CONCATENATE(\"SINAPI C \",'Composições Aux. SINAPI'!$A$33)","v":"SINAPI C 94963"},"CONCRETO fck=15 MPa PREPARO COM BETONEIRA","m³",4.1399999999999999E-2,{"$f":"+'Composições Aux. SINAPI'!$E$33:$F$33","v":352.14},{"$f":"TRUNC(D3619*E3619,2)","v":14.57}]
[{"$f":"CONCATENATE(\"SINAPI I \",Insumos!$B$382)","v":"SINAPI I 9836"},"TUBO PVC P/ ESGOTO PREDIAL 100 mm","m",0.3,{"$f":"+Insumos!$G$382","v":19.36},5.8]
[{"$f":"CONCATENATE(\"COTAÇÃO \",Insumos!$B$135)","v":"COTAÇÃO 114"},"CAÇAMBA 4,00 m³","un",1.41E-2,{"$f":"+Insumos!$G$135","v":493.97},6.96]
[{"$f":"CONCATENATE(\"SINAPI I \",Insumos!$B$373)","v":"SINAPI I 21012"},"TUBO AÇO GALVANIZADO C/COSTURA 1 1/2\", 3,00 mm","m",0.73499999999999999,{"$f":"+Insumos!$G$373","v":68.53},50.36]
[{"$f":"CONCATENATE(\"SINAPI I \",Insumos!$B$374)","v":"SINAPI I 21013"},"TUBO AÇO GALVANIZADO C/COSTURA 2\", 3,00 mm","m",1.05,{"$f":"+Insumos!$G$374","v":89.43},93.9]
[{"$f":"CONCATENATE(\"SINAPI I \",Insumos!$B$345)","v":"SINAPI I 1165"},"TAMPÃO DE FERRO GALVANIZADO DE 1 1/2\"","un",0.5,{"$f":"+Insumos!$G$345","v":16.62},8.31]
[{"$f":"CONCATENATE(\"SINAPI C \",'Composições Aux. SINAPI'!$A$22)","v":"SINAPI C 88631"},"ARGAMASSA TRAÇO 1:4 PREPARO MANUAL","m³",5.0000000000000001E-4,{"$f":"+'Composições Aux. SINAPI'!$E$22:$F$22","v":492.28},0.24]
[{"$f":"CONCATENATE(\"COTAÇÃO \",Insumos!$B$352)","v":"COTAÇÃO 80"},"TELA ARAME GALVANIZADO 5 x 5 cm FIO 12 BWG","m²",1.05,{"$f":"+Insumos!$G$352","v":31.11},32.659999999999997]
[{"$f":"CONCATENATE(\"SINAPI I \",Insumos!$B$80)","v":"SINAPI I 43131"},"ARAME GALVANIZADO 8 BWG","kg",3.1199999999999999E-2,{"$f":"+Insumos!$G$80","v":29.21},0.91]
[{"$f":"CONCATENATE(\"SINAPI I \",Insumos!$B$81)","v":"SINAPI I 43131"},"ARAME GALVANIZADO 10 BWG","kg",0.2203,{"$f":"+Insumos!$G$81","v":29.21},6.43]
[{"$f":"CONCATENATE(\"SINAPI I \",Insumos!$B$82)","v":"SINAPI I 43130"},"ARAME GALVANIZADO 12 BWG","kg",9.9699999999999997E-2,{"$f":"+Insumos!$G$82","v":25.15},2.5]
[{"$f":"CONCATENATE(\"COTAÇÃO \",Insumos!$B$200)","v":"COTAÇÃO 79"},"ESTICADOR DE ARAME","un",0.2571,{"$f":"+Insumos!$G$200","v":6.41},1.64]
[{"$f":"CONCATENATE(\"COTAÇÃO \",Insumos!$B$215)","v":"COTAÇÃO 109"},"FUNDO P/GALVANIZADO","l",1.9599999999999999E-2,{"$f":"+Insumos!$G$215","v":34.47},0.67]
[{"$f":"CONCATENATE(\"SINAPI I \",Insumos!$B$318)","v":"SINAPI I 5318"},"SOLVENTE DILUENTE A BASE DE AGUARRÁS","l",9.1999999999999998E-3,{"$f":"+Insumos!$G$318","v":23.8},0.21]
[{"$f":"CONCATENATE(\"SINAPI I \",Insumos!$B$364)","v":"SINAPI I 7292"},"TINTA ESMALTE SINTÉTICO BRILHANTE","l",7.5399999999999995E-2,{"$f":"+Insumos!$G$364","v":34.700000000000003},2.61]
["SUB-TOTAL - MATERIAL / EQUIPAMENTOS:",null,{"$f":"SUM(F3605:F3633)","v":259.61}]
[{"$f":"CONCATENATE(\"SINAPI C \",Insumos!$B$21)","v":"SINAPI C 88262"},"CARPINTEIRO C/ENCARGOS COMPLEMENTARES","h",0.51559999999999995,{"$f":"+Insumos!$G$21","v":20.100000000000001},{"$f":"TRUNC(D3635*E3635,2)","v":10.36}]
[{"$f":"CONCATENATE(\"SINAPI C \",Insumos!$B$14)","v":"SINAPI C 88239"},"AJUDANTE DE CARPINTEIRO C/ENCARGOS COMPLEMENTARES","h",0.2,{"$f":"+Insumos!$G$14","v":16.87},{"$f":"TRUNC(D3636*E3636,2)","v":3.37}]
[{"$f":"CONCATENATE(\"SINAPI C \",Insumos!$B$36)","v":"SINAPI C 88310"},"PINTOR C/ENCARGOS COMPLEMENTARES","h",0.60119999999999996,{"$f":"+Insumos!$G$36","v":21.41},12.87]
[{"$f":"CONCATENATE(\"SINAPI C \",Insumos!$B$15)","v":"SINAPI C 88245"},"ARMADOR C/ENCARGOS COMPLEMENTARES","h",0.2137,{"$f":"+Insumos!$G$15","v":20.22},4.32]
[{"$f":"CONCATENATE(\"SINAPI C \",Insumos!$B$13)","v":"SINAPI C 88238"},"AJUDANTE DE ARMADOR C/ENCARGOS COMPLEMENTARES","h",6.9800000000000001E-2,{"$f":"+Insumos!$G$13","v":16.95},1.18]
[{"$f":"CONCATENATE(\"SINAPI C \",Insumos!$B$37)","v":"SINAPI C 88315"},"SERRALHEIRO C/ENCARGOS COMPLEMENTARES","h",0.97740000000000005,{"$f":"+Insumos!$G$37","v":20.22},19.760000000000002]
[{"$f":"CONCATENATE(\"SINAPI C \",Insumos!$B$35)","v":"SINAPI C 88309"},"PEDREIRO C/ENCARGOS COMPLEMENTARES","h",0.26790000000000003,{"$f":"+Insumos!$G$35","v":20.34},5.44]
[{"$f":"CONCATENATE(\"SINAPI C \",Insumos!$B$38)","v":"SINAPI C 88316"},"SERVENTE C/ ENCARGOS COMPLEMENTARES","h",1.7784,{"$f":"+Insumos!$G$38","v":16.920000000000002},30.09]
["SUB-TOTAL - MÃO-DE-OBRA:",null,{"$f":"SUM(F3635:F3642)","v":87.39}]
[]
[null,"CUSTO TOTAL:",null,null,null,{"$f":"+C3634+C3643","v":347}]
[]
[null,"BDI:","%",{"$f":"+$F$7","v":"28,21%"},null,{"$f":"TRUNC(F3645*D3647,2)","v":97.88}]
[]
[null,"PREÇO:",null,null,null,{"$f":"+F3645+F3647","v":444.88}]
[]
["CÓDIGO","DISCRIMINAÇÃO","UN","COEFIC.","UNITÁRIO","TOTAL"]
[2687,"GRADIL DE FERRO","m"]
[{"$f":"CONCATENATE(\"SINAPI I \",Insumos!$B$279)","v":"SINAPI I 4718"},"PEDRA BRITADA Nº 2","m³",8.5000000000000006E-3,{"$f":"+Insumos!$G$279","v":61.4},{"$f":"TRUNC(D3653*E3653,2)","v":0.52}]
[{"$f":"CONCATENATE(\"SINAPI I \",Insumos!$B$321)","v":"SINAPI I 6193"},"TÁBUA MADEIRA NÃO APARELHADA CEDRINHO 2,5 x 20 cm","m",0.7,{"$f":"+Insumos!$G$321","v":11.23},{"$f":"TRUNC(D3654*E3654,2)","v":7.86}]
[{"$f":"CONCATENATE(\"SINAPI I \",Insumos!$B$288)","v":"SINAPI I 4491"},"PONTALETE EM PINUS 7,5 x 7,5 cm","m",1.1479999999999999,{"$f":"+Insumos!$G$288","v":6.25},7.17]
[{"$f":"CONCATENATE(\"SINAPI I \",Insumos!$B$314)","v":"SINAPI I 4517"},"SARRAFO PINUS 2,5 x 7,5 cm","m",0.7893,{"$f":"+Insumos!$G$314","v":2.1800000000000002},1.72]
[{"$f":"CONCATENATE(\"SINAPI C \",'Composições Aux. SINAPI'!$A$76,)","v":"SINAPI C 91692"},"SERRA CIRCULAR DE BANCADA C/COIFA PARA DISCO 10\" (chp)","chp",1.2800000000000001E-2,{"$f":"+'Composições Aux. SINAPI'!$E$76","v":24.14},0.3]
[{"$f":"CONCATENATE(\"SINAPI C \",'Composições Aux. SINAPI'!$A$77)","v":"SINAPI C 91693"},"SERRA CIRCULAR DE BANCADA C/COIFA PARA DISCO 10\" (chi)","chi",1.12E-2,{"$f":"+'Composições Aux. SINAPI'!$E$77","v":22.66},0.25]
[{"$f":"CONCATENATE(\"SINAPI I \",Insumos!$B$298)","v":"SINAPI I 5073"},"PREGO DE AÇO 17 x 24 C/CABEÇA","kg",1.9599999999999999E-2,{"$f":"+Insumos!$G$298","v":21.13},0.41]
[{"$f":"CONCATENATE(\"SINAPI I \",Insumos!$B$300)","v":"SINAPI I 40304"},"PREGO DE AÇO 17 x 27 C/CABEÇA DUPLA","kg",1.3599999999999999E-2,{"$f":"+Insumos!$G$300","v":25.59},0.34]
[{"$f":"CONCATENATE(\"SINAPI I \",Insumos!$B$185)","v":"SINAPI I 2692"},"DESMOLDANTE P/FORMAS DE MADEIRA","l",6.7999999999999996E-3,{"$f":"+Insumos!$G$185","v":5.91},0.04]
[{"$f":"CONCATENATE(\"SINAPI C \",'Composições Aux. SINAPI'!$A$40,)","v":"SINAPI C 92791"},"CORTE E DOBRA AÇO CA-60 4,2 e 6,0 mm","kg",1.0988,{"$f":"+'Composições Aux. SINAPI'!$E$40:$F$40","v":11.17},12.27]
[{"$f":"CONCATENATE(\"SINAPI I \",Insumos!$B$198)","v":"SINAPI I 39017"},"ESPAÇADOR CIRCULAR EM PLÁSTICO, 4,2 A 12,5 mm","un",2.1606999999999998,{"$f":"+Insumos!$G$198","v":0.12},0.25]
[{"$f":"CONCATENATE(\"SINAPI I \",Insumos!$B$84)","v":"SINAPI I 43132"},"ARAME RECOZIDO 18 BWG","kg",2.75E-2,{"$f":"+Insumos!$G$84","v":25.15},0.69]
[{"$f":"CONCATENATE(\"SINAPI C \",'Composições Aux. SINAPI'!$A$89)","v":"SINAPI C 90586"},"VIBRADOR DE IMERSÃO, DIÂMETRO DE PONTEIRA 45 mm (chp)","chp",1.1299999999999999E-2,{"$f":"+'Composições Aux. SINAPI'!$E$89:$F$89","v":1.1399999999999999},0.01]
[{"$f":"CONCATENATE(\"SINAPI C \",'Composições Aux. SINAPI'!$A$90)","v":"SINAPI C 90587"},"VIBRADOR DE IMERSÃO, DIÂMETRO DE PONTEIRA 45 mm (chi)","chi",3.2800000000000003E-2,{"$f":"+'Composições Aux. SINAPI'!$E$90:$F$90","v":0.35},{"$f":"TRUNC(D3666*E3666,2)","v":0.01}]
[{"$f":"CONCATENATE(\"SINAPI C \",'Composições Aux. SINAPI'!$A$33)","v":"SINAPI C 94963"},"CONCRETO fck=15 MPa PREPARO COM BETONEIRA","m³",4.1399999999999999E-2,{"$f":"+'Composições Aux. SINAPI'!$E$33:$F$33","v":352.14},{"$f":"TRUNC(D3667*E3667,2)","v":14.57}]
[{"$f":"CONCATENATE(\"COTAÇÃO \",Insumos!$B$135)","v":"COTAÇÃO 114"},"CAÇAMBA 4,00 m³","un",1.41E-2,{"$f":"+Insumos!$G$135","v":493.97},6.96]
[{"$f":"CONCATENATE(\"COTAÇÃO \",Insumos!$B$378)","v":"COTAÇÃO 76"},"TUBO FERRO PRETO QUADRADO 70 mm x 70 mm, e=3,00 mm","m",0.7,{"$f":"+Insumos!$G$378","v":71.849999999999994}]
["SINAPI I 547","BARRA FERRO CHATO 50 mm x 9,53 mm","m",2.0265,{"$f":"+Insumos!$G$118","v":39.39},{"$f":"TRUNC(D3670*E3670,2)","v":79.819999999999993}]
[{"$f":"CONCATENATE(\"SINAPI I \",Insumos!$B$62)","v":"SINAPI I 43054"},"AÇO CA-25 16 mm","kg",10.2065,{"$f":"+Insumos!$G$62","v":10.02},102.26]
[{"$f":"CONCATENATE(\"SINAPI I \",Insumos!$B$192)","v":"SINAPI I 11002"},"ELETRODO REVESTIDO AWS - E6013","kg",7.0999999999999994E-2,{"$f":"+Insumos!$G$192","v":63.86},4.53]
[{"$f":"CONCATENATE(\"SINAPI I \",Insumos!$B$214)","v":"SINAPI I 7307"},"FUNDO ANTICORROSIVO TIPO ZARCÃO","l",8.7800000000000003E-2,{"$f":"+Insumos!$G$214","v":37.43},3.28]
[{"$f":"CONCATENATE(\"SINAPI I \",Insumos!$B$318)","v":"SINAPI I 5318"},"SOLVENTE DILUENTE A BASE DE AGUARRÁS","l",3.73E-2,{"$f":"+Insumos!$G$318","v":23.8},0.88]
["SINAPI I 7293","TINTA GRAFITE","l",0.28410000000000002,{"$f":"+Insumos!$G$365","v":38.39},10.9]
["SUB-TOTAL - MATERIAL / EQUIPAMENTOS:",null,{"$f":"SUM(F3653:F3675)","v":255.04}]
[{"$f":"CONCATENATE(\"SINAPI C \",Insumos!$B$21)","v":"SINAPI C 88262"},"CARPINTEIRO C/ENCARGOS COMPLEMENTARES","h",0.51559999999999995,{"$f":"+Insumos!$G$21","v":20.100000000000001},{"$f":"TRUNC(D3677*E3677,2)","v":10.36}]
[{"$f":"CONCATENATE(\"SINAPI C \",Insumos!$B$14)","v":"SINAPI C 88239"},"AJUDANTE DE CARPINTEIRO C/ENCARGOS COMPLEMENTARES","h",0.2,{"$f":"+Insumos!$G$14","v":16.87},{"$f":"TRUNC(D3678*E3678,2)","v":3.37}]
[{"$f":"CONCATENATE(\"SINAPI C \",Insumos!$B$36)","v":"SINAPI C 88310"},"PINTOR C/ENCARGOS COMPLEMENTARES","h",1.6263000000000001,{"$f":"+Insumos!$G$36","v":21.41},34.81]
[{"$f":"CONCATENATE(\"SINAPI C \",Insumos!$B$15)","v":"SINAPI C 88245"},"ARMADOR C/ENCARGOS COMPLEMENTARES","h",0.2137,{"$f":"+Insumos!$G$15","v":20.22},4.32]
[{"$f":"CONCATENATE(\"SINAPI C \",Insumos!$B$13)","v":"SINAPI C 88238"},"AJUDANTE DE ARMADOR C/ENCARGOS COMPLEMENTARES","h",6.9800000000000001E-2,{"$f":"+Insumos!$G$13","v":16.95},1.18]
[{"$f":"CONCATENATE(\"SINAPI C \",Insumos!$B$37)","v":"SINAPI C 88315"},"SERRALHEIRO C/ENCARGOS COMPLEMENTARES","h",5.78,{"$f":"+Insumos!$G$37","v":20.22},116.87]
[{"$f":"CONCATENATE(\"SINAPI C \",Insumos!$B$18)","v":"SINAPI C 88251"},"AUXILIAR DE SERRALHEIRO C/ENCARGOS COMPLEMENTARES","h",4.7480000000000002,{"$f":"+Insumos!$G$18","v":17.87},{"$f":"TRUNC(D3683*E3683,2)","v":84.84}]
[{"$f":"CONCATENATE(\"SINAPI C \",Insumos!$B$35)","v":"SINAPI C 88309"},"PEDREIRO C/ENCARGOS COMPLEMENTARES","h",0.26790000000000003,{"$f":"+Insumos!$G$35","v":20.34},5.44]
[{"$f":"CONCATENATE(\"SINAPI C \",Insumos!$B$38)","v":"SINAPI C 88316"},"SERVENTE C/ ENCARGOS COMPLEMENTARES","h",0.80100000000000005,{"$f":"+Insumos!$G$38","v":16.920000000000002},13.55]
["SUB-TOTAL - MÃO-DE-OBRA:",null,{"$f":"SUM(F3677:F3685)","v":274.74000000000007}]
[]
[null,"CUSTO TOTAL:",null,null,null,{"$f":"+C3676+C3686","v":529.78000000000009}]
[]
[null,"BDI:","%",{"$f":"+$F$7","v":"28,21%"},null,{"$f":"TRUNC(F3688*D3690,2)","v":149.44999999999999}]
[]
[null,"PREÇO:",null,null,null,{"$f":"+F3688+F3690","v":679.23}]
[]
["CÓDIGO","DISCRIMINAÇÃO","UN","COEFIC.","UNITÁRIO","TOTAL"]
[2690,"CERCAMENTO COM MOURÃO DE CONCRETO S/VIGA DE FUNDAÇÃO","m"]
[{"$f":"CONCATENATE(\"SINAPI C \",'Composições Aux. SINAPI'!$A$89)","v":"SINAPI C 90586"},"VIBRADOR DE IMERSÃO, DIÂMETRO DE PONTEIRA 45 mm (chp)","chp",0.01,{"$f":"+'Composições Aux. SINAPI'!$E$89:$F$89","v":1.1399999999999999},{"$f":"TRUNC(D3696*E3696,2)","v":0.01}]
[{"$f":"CONCATENATE(\"SINAPI C \",'Composições Aux. SINAPI'!$A$90)","v":"SINAPI C 90587"},"VIBRADOR DE IMERSÃO, DIÂMETRO DE PONTEIRA 45 mm (chi)","chi",2.92E-2,{"$f":"+'Composições Aux. SINAPI'!$E$90:$F$90","v":0.35},{"$f":"TRUNC(D3697*E3697,2)","v":0.01}]
[{"$f":"CONCATENATE(\"SINAPI C \",'Composições Aux. SINAPI'!$A$33)","v":"SINAPI C 94963"},"CONCRETO fck=15 MPa PREPARO COM BETONEIRA","m³",3.6799999999999999E-2,{"$f":"+'Composições Aux. SINAPI'!$E$33:$F$33","v":352.14},{"$f":"TRUNC(D3698*E3698,2)","v":12.95}]
[{"$f":"CONCATENATE(\"COTAÇÃO \",Insumos!$B$135)","v":"COTAÇÃO 114"},"CAÇAMBA 4,00 m³","un",1.04E-2,{"$f":"+Insumos!$G$135","v":493.97},5.13]
["SINAPI I 4107","MOURÃO DE CONCRETO RETO, 10 x 10 cm, h= 2,30 m","un",0.33,{"$f":"+Insumos!$G$251","v":61.44},20.27]
["SINAPI I 36797","MOURÃO DE CONCRETO CURVO, 10 X 10 cm, h = 2,60 m + CURVA DE 0,40 m","un",6.6699999999999995E-2,{"$f":"+Insumos!$G$252","v":65.16},4.34]
[{"$f":"CONCATENATE(\"COTAÇÃO \",Insumos!$B$352)","v":"COTAÇÃO 80"},"TELA ARAME GALVANIZADO 5 x 5 cm FIO 12 BWG","m²",1.89,{"$f":"+Insumos!$G$352","v":31.11},58.79]
[{"$f":"CONCATENATE(\"SINAPI I \",Insumos!$B$81)","v":"SINAPI I 43131"},"ARAME GALVANIZADO 10 BWG","kg",0.36720000000000003,{"$f":"+Insumos!$G$81","v":29.21},10.72]
[{"$f":"CONCATENATE(\"SINAPI I \",Insumos!$B$82)","v":"SINAPI I 43130"},"ARAME GALVANIZADO 12 BWG","kg",4.3499999999999997E-2,{"$f":"+Insumos!$G$82","v":25.15},1.0900000000000001]
[{"$f":"CONCATENATE(\"COTAÇÃO \",Insumos!$B$200)","v":"COTAÇÃO 79"},"ESTICADOR DE ARAME","un",0.16669999999999999,{"$f":"+Insumos!$G$200","v":6.41},1.06]
["SUB-TOTAL - MATERIAL / EQUIPAMENTOS:",null,{"$f":"SUM(F3696:F3705)","v":114.37}]
[{"$f":"CONCATENATE(\"SINAPI C \",Insumos!$B$35)","v":"SINAPI C 88309"},"PEDREIRO C/ENCARGOS COMPLEMENTARES","h",0.99419999999999997,{"$f":"+Insumos!$G$35","v":20.34},{"$f":"TRUNC(D3707*E3707,2)","v":20.22}]
[{"$f":"CONCATENATE(\"SINAPI C \",Insumos!$B$38)","v":"SINAPI C 88316"},"SERVENTE C/ ENCARGOS COMPLEMENTARES","h",1.0824,{"$f":"+Insumos!$G$38","v":16.920000000000002},{"$f":"TRUNC(D3708*E3708,2)","v":18.309999999999999}]
["SUB-TOTAL - MÃO-DE-OBRA:",null,{"$f":"SUM(F3707:F3708)","v":38.53}]
[]
[null,"CUSTO TOTAL:",null,null,null,{"$f":"+C3706+C3709","v":152.9}]
[]
[null,"BDI:","%",{"$f":"+$F$7","v":"28,21%"},null,{"$f":"TRUNC(F3711*D3713,2)","v":43.13}]
[]
[null,"PREÇO:",null,null,null,{"$f":"+F3711+F3713","v":196.03}]
[]
["CÓDIGO","DISCRIMINAÇÃO","UN","COEFIC.","UNITÁRIO","TOTAL"]
[2692,"CERCAMENTO COM MOURÃO DE CONCRETO C/VIGA DE FUNDAÇÃO","m"]
[{"$f":"CONCATENATE(\"SINAPI I \",Insumos!$B$279)","v":"SINAPI I 4718"},"PEDRA BRITADA Nº 2","m³",8.5000000000000006E-3,{"$f":"+Insumos!$G$279","v":61.4},{"$f":"TRUNC(D3719*E3719,2)","v":0.52}]
[{"$f":"CONCATENATE(\"SINAPI I \",Insumos!$B$321)","v":"SINAPI I 6193"},"TÁBUA MADEIRA NÃO APARELHADA CEDRINHO 2,5 x 20 cm","m",0.7,{"$f":"+Insumos!$G$321","v":11.23},{"$f":"TRUNC(D3720*E3720,2)","v":7.86}]
[{"$f":"CONCATENATE(\"SINAPI I \",Insumos!$B$288)","v":"SINAPI I 4491"},"PONTALETE EM PINUS 7,5 x 7,5 cm","m",1.1387,{"$f":"+Insumos!$G$288","v":6.25},7.11]
[{"$f":"CONCATENATE(\"SINAPI I \",Insumos!$B$314)","v":"SINAPI I 4517"},"SARRAFO PINUS 2,5 x 7,5 cm","m",0.78269999999999995,{"$f":"+Insumos!$G$314","v":2.1800000000000002},1.7]
[{"$f":"CONCATENATE(\"SINAPI C \",'Composições Aux. SINAPI'!$A$76,)","v":"SINAPI C 91692"},"SERRA CIRCULAR DE BANCADA C/COIFA PARA DISCO 10\" (chp)","chp",1.2800000000000001E-2,{"$f":"+'Composições Aux. SINAPI'!$E$76","v":24.14},0.3]
[{"$f":"CONCATENATE(\"SINAPI C \",'Composições Aux. SINAPI'!$A$77)","v":"SINAPI C 91693"},"SERRA CIRCULAR DE BANCADA C/COIFA PARA DISCO 10\" (chi)","chi",1.12E-2,{"$f":"+'Composições Aux. SINAPI'!$E$77","v":22.66},0.25]
[{"$f":"CONCATENATE(\"SINAPI I \",Insumos!$B$298)","v":"SINAPI I 5073"},"PREGO DE AÇO 17 x 24 C/CABEÇA","kg",1.9599999999999999E-2,{"$f":"+Insumos!$G$298","v":21.13},0.41]
[{"$f":"CONCATENATE(\"SINAPI I \",Insumos!$B$300)","v":"SINAPI I 40304"},"PREGO DE AÇO 17 x 27 C/CABEÇA DUPLA","kg",1.3599999999999999E-2,{"$f":"+Insumos!$G$300","v":25.59},0.34]
[{"$f":"CONCATENATE(\"SINAPI I \",Insumos!$B$185)","v":"SINAPI I 2692"},"DESMOLDANTE P/FORMAS DE MADEIRA","l",6.7999999999999996E-3,{"$f":"+Insumos!$G$185","v":5.91},0.04]
[{"$f":"CONCATENATE(\"SINAPI C \",'Composições Aux. SINAPI'!$A$40,)","v":"SINAPI C 92791"},"CORTE E DOBRA AÇO CA-60 4,2 e 6,0 mm","kg",1.0987,{"$f":"+'Composições Aux. SINAPI'!$E$40:$F$40","v":11.17},12.27]
[{"$f":"CONCATENATE(\"SINAPI I \",Insumos!$B$198)","v":"SINAPI I 39017"},"ESPAÇADOR CIRCULAR EM PLÁSTICO, 4,2 A 12,5 mm","un",2.1606000000000001,{"$f":"+Insumos!$G$198","v":0.12},0.25]
[{"$f":"CONCATENATE(\"SINAPI I \",Insumos!$B$84)","v":"SINAPI I 43132"},"ARAME RECOZIDO 18 BWG","kg",2.75E-2,{"$f":"+Insumos!$G$84","v":25.15},0.69]
[{"$f":"CONCATENATE(\"SINAPI C \",'Composições Aux. SINAPI'!$A$89)","v":"SINAPI C 90586"},"VIBRADOR DE IMERSÃO, DIÂMETRO DE PONTEIRA 45 mm (chp)","chp",1.95E-2,{"$f":"+'Composições Aux. SINAPI'!$E$89:$F$89","v":1.1399999999999999},0.02]
[{"$f":"CONCATENATE(\"SINAPI C \",'Composições Aux. SINAPI'!$A$90)","v":"SINAPI C 90587"},"VIBRADOR DE IMERSÃO, DIÂMETRO DE PONTEIRA 45 mm (chi)","chi",5.6500000000000002E-2,{"$f":"+'Composições Aux. SINAPI'!$E$90:$F$90","v":0.35},{"$f":"TRUNC(D3732*E3732,2)","v":0.01}]
[{"$f":"CONCATENATE(\"SINAPI C \",'Composições Aux. SINAPI'!$A$33)","v":"SINAPI C 94963"},"CONCRETO fck=15 MPa PREPARO COM BETONEIRA","m³",7.1300000000000002E-2,{"$f":"+'Composições Aux. SINAPI'!$E$33:$F$33","v":352.14},{"$f":"TRUNC(D3733*E3733,2)","v":25.1}]
[{"$f":"CONCATENATE(\"COTAÇÃO \",Insumos!$B$135)","v":"COTAÇÃO 114"},"CAÇAMBA 4,00 m³","un",2.2599999999999999E-2,{"$f":"+Insumos!$G$135","v":493.97},11.16]
["SINAPI I 4107","MOURÃO DE CONCRETO RETO, 10 x 10 cm, h= 2,30 m","un",0.33,{"$f":"+Insumos!$G$251","v":61.44},20.27]
["SINAPI I 36797","MOURÃO DE CONCRETO CURVO, 10 X 10 cm, h = 2,60 m + CURVA DE 0,40 m","un",6.6699999999999995E-2,{"$f":"+Insumos!$G$252","v":65.16},4.34]
[{"$f":"CONCATENATE(\"COTAÇÃO \",Insumos!$B$352)","v":"COTAÇÃO 80"},"TELA ARAME GALVANIZADO 5 x 5 cm FIO 12 BWG","m²",1.89,{"$f":"+Insumos!$G$352","v":31.11},58.79]
[{"$f":"CONCATENATE(\"SINAPI I \",Insumos!$B$81)","v":"SINAPI I 43131"},"ARAME GALVANIZADO 10 BWG","kg",0.36720000000000003,{"$f":"+Insumos!$G$81","v":29.21},10.72]
[{"$f":"CONCATENATE(\"SINAPI I \",Insumos!$B$82)","v":"SINAPI I 43130"},"ARAME GALVANIZADO 12 BWG","kg",4.3499999999999997E-2,{"$f":"+Insumos!$G$82","v":25.15},1.0900000000000001]
[{"$f":"CONCATENATE(\"COTAÇÃO \",Insumos!$B$200)","v":"COTAÇÃO 79"},"ESTICADOR DE ARAME","un",0.16669999999999999,{"$f":"+Insumos!$G$200","v":6.41},1.06]
["SUB-TOTAL - MATERIAL / EQUIPAMENTOS:",null,{"$f":"SUM(F3719:F3740)","v":164.3}]
[{"$f":"CONCATENATE(\"SINAPI C \",Insumos!$B$21)","v":"SINAPI C 88262"},"CARPINTEIRO C/ENCARGOS COMPLEMENTARES","h",0.51559999999999995,{"$f":"+Insumos!$G$21","v":20.100000000000001},{"$f":"TRUNC(D3742*E3742,2)","v":10.36}]
[{"$f":"CONCATENATE(\"SINAPI C \",Insumos!$B$14)","v":"SINAPI C 88239"},"AJUDANTE DE CARPINTEIRO C/ENCARGOS COMPLEMENTARES","h",0.2,{"$f":"+Insumos!$G$14","v":16.87},{"$f":"TRUNC(D3743*E3743,2)","v":3.37}]
[{"$f":"CONCATENATE(\"SINAPI C \",Insumos!$B$15)","v":"SINAPI C 88245"},"ARMADOR C/ENCARGOS COMPLEMENTARES","h",0.2137,{"$f":"+Insumos!$G$15","v":20.22},4.32]
[{"$f":"CONCATENATE(\"SINAPI C \",Insumos!$B$13)","v":"SINAPI C 88238"},"AJUDANTE DE ARMADOR C/ENCARGOS COMPLEMENTARES","h",6.9800000000000001E-2,{"$f":"+Insumos!$G$13","v":16.95},1.18]
[{"$f":"CONCATENATE(\"SINAPI C \",Insumos!$B$35)","v":"SINAPI C 88309"},"PEDREIRO C/ENCARGOS COMPLEMENTARES","h",1.2112000000000001,{"$f":"+Insumos!$G$35","v":20.34},24.63]
[{"$f":"CONCATENATE(\"SINAPI C \",Insumos!$B$38)","v":"SINAPI C 88316"},"SERVENTE C/ ENCARGOS COMPLEMENTARES","h",1.8433999999999999,{"$f":"+Insumos!$G$38","v":16.920000000000002},31.19]
["SUB-TOTAL - MÃO-DE-OBRA:",null,{"$f":"SUM(F3742:F3747)","v":75.05}]
[]
[null,"CUSTO TOTAL:",null,null,null,{"$f":"+C3741+C3748","v":239.35000000000002}]
[]
[null,"BDI:","%",{"$f":"+$F$7","v":"28,21%"},null,{"$f":"TRUNC(F3750*D3752,2)","v":67.52}]
[]
[null,"PREÇO:",null,null,null,{"$f":"+F3750+F3752","v":306.87}]
[]
["CÓDIGO","DISCRIMINAÇÃO","UN","COEFIC.","UNITÁRIO","TOTAL"]
[2694,"FUNDAÇÃO PEDRA DE GRANITO","m"]
[{"$f":"CONCATENATE(\"COTAÇÃO \",[2]Insumos!$B$255)","v":"COTAÇÃO 126"},"PEDRA DE ALICERCE 20 x 20 x 20 cm","un",4.55,{"$f":"+Insumos!$G$280","v":6.73},{"$f":"TRUNC(D3758*E3758,2)","v":30.62}]
[{"$f":"CONCATENATE(\"SINAPI C \",'Composições Aux. SINAPI'!$A$21)","v":"SINAPI C 88630"},"ARGAMASSA TRAÇO 1:4 PREPARO MECÂNICO","m³",5.4000000000000003E-3,{"$f":"+'Composições Aux. SINAPI'!$E$21:$F$21","v":402.13},{"$f":"TRUNC(D3759*E3759,2)","v":2.17}]
[{"$f":"CONCATENATE(\"COTAÇÃO \",Insumos!$B$135)","v":"COTAÇÃO 114"},"CAÇAMBA 4,00 m³","un",1.2999999999999999E-2,{"$f":"+Insumos!$G$135","v":493.97},6.42]
["SUB-TOTAL - MATERIAL / EQUIPAMENTOS:",null,{"$f":"SUM(F3758:F3760)","v":39.21}]
[{"$f":"CONCATENATE(\"SINAPI C \",Insumos!$B$35)","v":"SINAPI C 88309"},"PEDREIRO C/ENCARGOS COMPLEMENTARES","h",0.63049999999999995,{"$f":"+Insumos!$G$35","v":20.34},{"$f":"TRUNC(D3762*E3762,2)","v":12.82}]
[{"$f":"CONCATENATE(\"SINAPI C \",Insumos!$B$38)","v":"SINAPI C 88316"},"SERVENTE C/ ENCARGOS COMPLEMENTARES","h",0.66910000000000003,{"$f":"+Insumos!$G$38","v":16.920000000000002},{"$f":"TRUNC(D3763*E3763,2)","v":11.32}]
["SUB-TOTAL - MÃO-DE-OBRA:",null,{"$f":"SUM(F3762:F3763)","v":24.14}]
[]
[null,"CUSTO TOTAL:",null,null,null,{"$f":"+C3761+C3764","v":63.35}]
[]
[null,"BDI:","%",{"$f":"+$F$7","v":"28,21%"},null,{"$f":"TRUNC(F3766*D3768,2)","v":17.87}]
[]
[null,"PREÇO:",null,null,null,{"$f":"+F3766+F3768","v":81.22}]
[]
["CÓDIGO","DISCRIMINAÇÃO","UN","COEFIC.","UNITÁRIO","TOTAL"]
[2695,"ALVENARIA DE GRANITO S/FUNDAÇÃO","m²"]
[{"$f":"CONCATENATE(\"COTAÇÃO \",Insumos!$B$280)","v":"COTAÇÃO 125"},"PEDRA DE ALICERCE 20 x 20 x 20 cm","un",20.96,{"$f":"+Insumos!$G$280","v":6.73},{"$f":"TRUNC(D3774*E3774,2)","v":141.06}]
[{"$f":"CONCATENATE(\"SINAPI C \",'Composições Aux. SINAPI'!$A$21)","v":"SINAPI C 88630"},"ARGAMASSA TRAÇO 1:4 PREPARO MECÂNICO","m³",2.7300000000000001E-2,{"$f":"+'Composições Aux. SINAPI'!$E$21:$F$21","v":402.13},{"$f":"TRUNC(D3775*E3775,2)","v":10.97}]
["SUB-TOTAL - MATERIAL / EQUIPAMENTOS:",null,{"$f":"SUM(F3774:F3775)","v":152.03}]
[{"$f":"CONCATENATE(\"SINAPI C \",Insumos!$B$35)","v":"SINAPI C 88309"},"PEDREIRO C/ENCARGOS COMPLEMENTARES","h",1.2609999999999999,{"$f":"+Insumos!$G$35","v":20.34},{"$f":"TRUNC(D3777*E3777,2)","v":25.64}]
[{"$f":"CONCATENATE(\"SINAPI C \",Insumos!$B$38)","v":"SINAPI C 88316"},"SERVENTE C/ ENCARGOS COMPLEMENTARES","h",0.94899999999999995,{"$f":"+Insumos!$G$38","v":16.920000000000002},{"$f":"TRUNC(D3778*E3778,2)","v":16.05}]
["SUB-TOTAL - MÃO-DE-OBRA:",null,{"$f":"SUM(F3777:F3778)","v":41.69}]
[]
[null,"CUSTO TOTAL:",null,null,null,{"$f":"+C3776+C3779","v":193.72}]
[]
[null,"BDI:","%",{"$f":"+$F$7","v":"28,21%"},null,{"$f":"TRUNC(F3781*D3783,2)","v":54.64}]
[]
[null,"PREÇO:",null,null,null,{"$f":"+F3781+F3783","v":248.36}]
[]
["CÓDIGO","DISCRIMINAÇÃO","UN","COEFIC.","UNITÁRIO","TOTAL"]
[2705,"PLACA DE IDENTIFICAÇÃO C/ PEDESTAL DE CONCRETO","un"]
[{"$f":"CONCATENATE(\"COTAÇÃO \",Insumos!$B$135)","v":"COTAÇÃO 114"},"CAÇAMBA 4,00 m³","un",4.2000000000000003E-2,{"$f":"+Insumos!$G$135","v":493.97},{"$f":"TRUNC(D3789*E3789,2)","v":20.74}]
[{"$f":"CONCATENATE(\"COTAÇÃO \",Insumos!$B$47)","v":"COTAÇÃO 2"},"BETONEIRA 400 l","d",7.7100000000000002E-2,{"$f":"+Insumos!$G$47","v":64.150000000000006},4.9400000000000004]
[{"$f":"CONCATENATE(\"COTAÇÃO \",Insumos!$B$52)","v":"COTAÇÃO 3"},"MOTOR ELÉTRICO P/VIBRADOR LOCAÇÃO","d",2.1999999999999999E-2,{"$f":"+Insumos!$G$52","v":32.07},0.7]
["SINAPI I 1379","CIMENTO PORTLAND CP-II 32","kg",68.072699999999998,{"$f":"+Insumos!$G$166","v":0.7},47.65]
["SINAPI I 370","AREIA MÉDIA","m³",0.1762,{"$f":"+Insumos!$G$87","v":69},12.15]
[{"$f":"CONCATENATE(\"COTAÇÃO \",Insumos!$B$126)","v":"COTAÇÃO 116"},"BRITA 1 OU 2 - POSTO OBRA","m³",0.1542,{"$f":"+Insumos!$G$126","v":83.39},12.85]
["SINAPI I 20247","PREGO DE AÇO 15 x 15 C/CABEÇA","kg",0.28570000000000001,{"$f":"+Insumos!$G$295","v":22.95},6.55]
["SINAPI I 1342","CHAPA COMPENSADO PLASTIFICADO 14 mm","m²",0.35289999999999999,{"$f":"+Insumos!$G$156","v":120.72},42.6]
[{"$f":"CONCATENATE(\"COTAÇÃO \",Insumos!$B$223)","v":"COTAÇÃO 21"},"GUIA CEDRINHO 2,5 x 10 cm","m",1.2333000000000001,{"$f":"+Insumos!$G$223","v":8.59},10.59]
[{"$f":"CONCATENATE(\"COTAÇÃO \",Insumos!$B$137)","v":"COTAÇÃO 17"},"CAIBRO CEDRINHO 5 X 7 cm","kg",1.1200000000000001,{"$f":"+Insumos!$G$137","v":12.5},14]
[{"$f":"CONCATENATE(\"COTAÇÃO \",Insumos!$B$284)","v":"COTAÇÃO 113"},"PLACA DE GRANITO","un",1,{"$f":"+Insumos!$G$284","v":862.85},862.85]
["SINAPI I 7155","TELA DE AÇO SOLDADA CA-60 4,2mm 10 x 10 cm","m²",0.76990000000000003,{"$f":"+Insumos!$G$353","v":30.01},23.1]
["SUB-TOTAL - MATERIAL / EQUIPAMENTOS:",null,{"$f":"SUM(F3789:F3800)","v":1058.72}]
[{"$f":"CONCATENATE(\"SINAPI C \",Insumos!$B$15)","v":"SINAPI C 88245"},"ARMADOR C/ENCARGOS COMPLEMENTARES","h",1.8700000000000001E-2,{"$f":"+Insumos!$G$15","v":20.22},{"$f":"TRUNC(D3802*E3802,2)","v":0.37}]
[{"$f":"CONCATENATE(\"SINAPI C \",Insumos!$B$13)","v":"SINAPI C 88238"},"AJUDANTE DE ARMADOR C/ENCARGOS COMPLEMENTARES","h",3.7400000000000003E-2,{"$f":"+Insumos!$G$13","v":16.95},{"$f":"TRUNC(D3803*E3803,2)","v":0.63}]
[{"$f":"CONCATENATE(\"SINAPI C \",Insumos!$B$21)","v":"SINAPI C 88262"},"CARPINTEIRO C/ENCARGOS COMPLEMENTARES","h",1.6857,{"$f":"+Insumos!$G$21","v":20.100000000000001},{"$f":"TRUNC(D3804*E3804,2)","v":33.880000000000003}]
[{"$f":"CONCATENATE(\"SINAPI C \",Insumos!$B$35)","v":"SINAPI C 88309"},"PEDREIRO C/ENCARGOS COMPLEMENTARES","h",0.88119999999999998,{"$f":"+Insumos!$G$35","v":20.34},{"$f":"TRUNC(D3805*E3805,2)","v":17.920000000000002}]
[{"$f":"CONCATENATE(\"SINAPI C \",Insumos!$B$38)","v":"SINAPI C 88316"},"SERVENTE C/ ENCARGOS COMPLEMENTARES","h",5.1810999999999998,{"$f":"+Insumos!$G$38","v":16.920000000000002},{"$f":"TRUNC(D3806*E3806,2)","v":87.66}]
["SUB-TOTAL - MÃO-DE-OBRA:",null,{"$f":"SUM(F3802:F3806)","v":140.46}]
[]
[null,"CUSTO TOTAL:",null,null,null,{"$f":"+C3801+C3807","v":1199.18}]
[]
[null,"BDI:","%",{"$f":"+$F$7","v":"28,21%"},null,{"$f":"TRUNC(F3809*D3811,2)","v":338.28}]
[]
[null,"PREÇO:",null,null,null,{"$f":"+F3809+F3811","v":1537.46}]
[]
["CÓDIGO","DISCRIMINAÇÃO","UN","COEFIC.","UNITÁRIO","TOTAL"]
[2804,"ESTRUTURA 1 - FERRO GALVANIZADO - \"S\"","un"]
[{"$f":"CONCATENATE(\"SINAPI C \",'Composições Aux. SINAPI'!$A$89)","v":"SINAPI C 90586"},"VIBRADOR DE IMERSÃO, DIÂMETRO DE PONTEIRA 45 mm (chp)","chp",4.5199999999999997E-2,{"$f":"+'Composições Aux. SINAPI'!$E$89:$F$89","v":1.1399999999999999},{"$f":"TRUNC(D3817*E3817,2)","v":0.05}]
[{"$f":"CONCATENATE(\"SINAPI C \",'Composições Aux. SINAPI'!$A$90)","v":"SINAPI C 90587"},"VIBRADOR DE IMERSÃO, DIÂMETRO DE PONTEIRA 45 mm (chi)","chi",0.13120000000000001,{"$f":"+'Composições Aux. SINAPI'!$E$90:$F$90","v":0.35},{"$f":"TRUNC(D3818*E3818,2)","v":0.04}]
[{"$f":"CONCATENATE(\"SINAPI C \",'Composições Aux. SINAPI'!$A$33)","v":"SINAPI C 94963"},"CONCRETO fck=15 MPa PREPARO COM BETONEIRA","m³",0.1656,{"$f":"+'Composições Aux. SINAPI'!$E$33:$F$33","v":352.14},{"$f":"TRUNC(D3819*E3819,2)","v":58.31}]
[{"$f":"CONCATENATE(\"SINAPI I \",Insumos!$B$369)","v":"SINAPI I 21008"},"TUBO AÇO GALVANIZADO C/COSTURA 1/2\", 2,25 mm","m",21.63,{"$f":"+Insumos!$G$369","v":24.34},526.47]
[{"$f":"CONCATENATE(\"SINAPI I \",Insumos!$B$370)","v":"SINAPI I 21009"},"TUBO AÇO GALVANIZADO C/COSTURA 3/4\", 2,25 mm","m",17.3,{"$f":"+Insumos!$G$370","v":31.69},548.23]
[{"$f":"CONCATENATE(\"SINAPI I \",Insumos!$B$372)","v":"SINAPI I 21011"},"TUBO AÇO GALVANIZADO C/COSTURA 1 1/4\", 2,65 mm","m",6.59,{"$f":"+Insumos!$G$372","v":62.02},408.71]
[{"$f":"CONCATENATE(\"SINAPI I \",Insumos!$B$342)","v":"SINAPI I 1162"},"TAMPÃO DE FERRO GALVANIZADO DE 1/2\"","un",10,{"$f":"+Insumos!$G$342","v":4.68},46.8]
[{"$f":"CONCATENATE(\"SINAPI I \",Insumos!$B$343)","v":"SINAPI I 1163"},"TAMPÃO DE FERRO GALVANIZADO DE 3/4\"","un",7,{"$f":"+Insumos!$G$343","v":6.05},42.35]
[{"$f":"CONCATENATE(\"SINAPI I \",Insumos!$B$192)","v":"SINAPI I 11002"},"ELETRODO REVESTIDO AWS - E6013, DIAMETRO IGUAL A 2,50 mm","kg",0.1414,{"$f":"+Insumos!$G$192","v":63.86},{"$f":"TRUNC(D3825*E3825,2)","v":9.02}]
[{"$f":"CONCATENATE(\"COTAÇÃO \",Insumos!$B$215)","v":"COTAÇÃO 109"},"FUNDO P/GALVANIZADO","l",0.2427,{"$f":"+Insumos!$G$215","v":34.47},{"$f":"TRUNC(D3826*E3826,2)","v":8.36}]
[{"$f":"CONCATENATE(\"SINAPI I \",Insumos!$B$318)","v":"SINAPI I 5318"},"SOLVENTE DILUENTE A BASE DE AGUARRÁS","l",0.1159,{"$f":"+Insumos!$G$318","v":23.8},{"$f":"TRUNC(D3827*E3827,2)","v":2.75}]
[{"$f":"CONCATENATE(\"SINAPI I \",Insumos!$B$364)","v":"SINAPI I 7292"},"TINTA ESMALTE SINTÉTICO BRILHANTE","l",0.93740000000000001,{"$f":"+Insumos!$G$364","v":34.700000000000003},{"$f":"TRUNC(D3828*E3828,2)","v":32.520000000000003}]
[{"$f":"CONCATENATE(\"COTAÇÃO \",Insumos!$B$135)","v":"COTAÇÃO 114"},"CAÇAMBA 4,00 m³","un",3.5999999999999997E-2,{"$f":"+Insumos!$G$135","v":493.97},{"$f":"TRUNC(D3829*E3829,2)","v":17.78}]
["SUB-TOTAL - MATERIAL / EQUIPAMENTOS:",null,{"$f":"SUM(F3817:F3829)","v":1701.3899999999996}]
[{"$f":"CONCATENATE(\"SINAPI C \",Insumos!$B$36)","v":"SINAPI C 88310"},"PINTOR C/ENCARGOS COMPLEMENTARES","h",7.4790999999999999,{"$f":"+Insumos!$G$36","v":21.41},{"$f":"TRUNC(D3831*E3831,2)","v":160.12}]
[{"$f":"CONCATENATE(\"SINAPI C \",Insumos!$B$37)","v":"SINAPI C 88315"},"SERRALHEIRO C/ENCARGOS COMPLEMENTARES","h",33.521299999999997,{"$f":"+Insumos!$G$37","v":20.22},{"$f":"TRUNC(D3832*E3832,2)","v":677.8}]
[{"$f":"CONCATENATE(\"SINAPI C \",Insumos!$B$18)","v":"SINAPI C 88251"},"AUXILIAR DE SERRALHEIRO C/ENCARGOS COMPLEMENTARES","h",27.510100000000001,{"$f":"+Insumos!$G$18","v":17.87},{"$f":"TRUNC(D3833*E3833,2)","v":491.6}]
[{"$f":"CONCATENATE(\"SINAPI C \",Insumos!$B$35)","v":"SINAPI C 88309"},"PEDREIRO C/ENCARGOS COMPLEMENTARES","h",0.68359999999999999,{"$f":"+Insumos!$G$35","v":20.34},{"$f":"TRUNC(D3834*E3834,2)","v":13.9}]
[{"$f":"CONCATENATE(\"SINAPI C \",Insumos!$B$38)","v":"SINAPI C 88316"},"SERVENTE C/ ENCARGOS COMPLEMENTARES","h",1.0508,{"$f":"+Insumos!$G$38","v":16.920000000000002},{"$f":"TRUNC(D3835*E3835,2)","v":17.77}]
["SUB-TOTAL - MÃO-DE-OBRA:",null,{"$f":"SUM(F3831:F3835)","v":1361.19}]
[]
[null,"CUSTO TOTAL:",null,null,null,{"$f":"+C3830+C3836","v":3062.58}]
[]
[null,"BDI:","%",{"$f":"+$F$7","v":"28,21%"},null,{"$f":"TRUNC(F3838*D3840,2)","v":863.95}]
[]
[null,"PREÇO:",null,null,null,{"$f":"+F3838+F3840","v":3926.5299999999997}]
[]
["CÓDIGO","DISCRIMINAÇÃO","UN","COEFIC.","UNITÁRIO","TOTAL"]
[2805,"ESTRUTURA 2 - FERRO GALVANIZADO","un"]
[{"$f":"CONCATENATE(\"SINAPI C \",'Composições Aux. SINAPI'!$A$89)","v":"SINAPI C 90586"},"VIBRADOR DE IMERSÃO, DIÂMETRO DE PONTEIRA 45 mm (chp)","chp",4.5199999999999997E-2,{"$f":"+'Composições Aux. SINAPI'!$E$89:$F$89","v":1.1399999999999999},{"$f":"TRUNC(D3846*E3846,2)","v":0.05}]
[{"$f":"CONCATENATE(\"SINAPI C \",'Composições Aux. SINAPI'!$A$90)","v":"SINAPI C 90587"},"VIBRADOR DE IMERSÃO, DIÂMETRO DE PONTEIRA 45 mm (chi)","chi",0.13120000000000001,{"$f":"+'Composições Aux. SINAPI'!$E$90:$F$90","v":0.35},{"$f":"TRUNC(D3847*E3847,2)","v":0.04}]
[{"$f":"CONCATENATE(\"SINAPI C \",'Composições Aux. SINAPI'!$A$33)","v":"SINAPI C 94963"},"CONCRETO fck=15 MPa PREPARO COM BETONEIRA","m³",0.1656,{"$f":"+'Composições Aux. SINAPI'!$E$33:$F$33","v":352.14},{"$f":"TRUNC(D3848*E3848,2)","v":58.31}]
[{"$f":"CONCATENATE(\"SINAPI I \",Insumos!$B$370)","v":"SINAPI I 21009"},"TUBO AÇO GALVANIZADO C/COSTURA 3/4\", 2,25 mm","m",7.21,{"$f":"+Insumos!$G$370","v":31.69},228.48]
[{"$f":"CONCATENATE(\"SINAPI I \",Insumos!$B$372)","v":"SINAPI I 21011"},"TUBO AÇO GALVANIZADO C/COSTURA 1 1/4\", 2,65 mm","m",19.36,{"$f":"+Insumos!$G$372","v":62.02},1200.7]
[{"$f":"CONCATENATE(\"SINAPI I \",Insumos!$B$344)","v":"SINAPI I 1164"},"TAMPÃO DE FERRO GALVANIZADO DE 1 1/4\"","un",8,{"$f":"+Insumos!$G$344","v":13.46},107.68]
[{"$f":"CONCATENATE(\"SINAPI I \",Insumos!$B$192)","v":"SINAPI I 11002"},"ELETRODO REVESTIDO AWS - E6013, DIAMETRO IGUAL A 2,50 mm","kg",8.2600000000000007E-2,{"$f":"+Insumos!$G$192","v":63.86},5.27]
[{"$f":"CONCATENATE(\"COTAÇÃO \",Insumos!$B$215)","v":"COTAÇÃO 109"},"FUNDO P/GALVANIZADO","l",0.20430000000000001,{"$f":"+Insumos!$G$215","v":34.47},7.04]
[{"$f":"CONCATENATE(\"SINAPI I \",Insumos!$B$318)","v":"SINAPI I 5318"},"SOLVENTE DILUENTE A BASE DE AGUARRÁS","l",9.7500000000000003E-2,{"$f":"+Insumos!$G$318","v":23.8},2.3199999999999998]
[{"$f":"CONCATENATE(\"SINAPI I \",Insumos!$B$364)","v":"SINAPI I 7292"},"TINTA ESMALTE SINTÉTICO BRILHANTE","l",0.78910000000000002,{"$f":"+Insumos!$G$364","v":34.700000000000003},27.38]
[{"$f":"CONCATENATE(\"COTAÇÃO \",Insumos!$B$135)","v":"COTAÇÃO 114"},"CAÇAMBA 4,00 m³","un",3.5999999999999997E-2,{"$f":"+Insumos!$G$135","v":493.97},17.78]
["SUB-TOTAL - MATERIAL / EQUIPAMENTOS:",null,{"$f":"SUM(F3846:F3856)","v":1655.05}]
[{"$f":"CONCATENATE(\"SINAPI C \",Insumos!$B$36)","v":"SINAPI C 88310"},"PINTOR C/ENCARGOS COMPLEMENTARES","h",6.2961,{"$f":"+Insumos!$G$36","v":21.41},{"$f":"TRUNC(D3858*E3858,2)","v":134.79}]
[{"$f":"CONCATENATE(\"SINAPI C \",Insumos!$B$37)","v":"SINAPI C 88315"},"SERRALHEIRO C/ENCARGOS COMPLEMENTARES","h",19.5657,{"$f":"+Insumos!$G$37","v":20.22},{"$f":"TRUNC(D3859*E3859,2)","v":395.61}]
[{"$f":"CONCATENATE(\"SINAPI C \",Insumos!$B$18)","v":"SINAPI C 88251"},"AUXILIAR DE SERRALHEIRO C/ENCARGOS COMPLEMENTARES","h",16.0579,{"$f":"+Insumos!$G$18","v":17.87},{"$f":"TRUNC(D3860*E3860,2)","v":286.95}]
[{"$f":"CONCATENATE(\"SINAPI C \",Insumos!$B$35)","v":"SINAPI C 88309"},"PEDREIRO C/ENCARGOS COMPLEMENTARES","h",0.68359999999999999,{"$f":"+Insumos!$G$35","v":20.34},{"$f":"TRUNC(D3861*E3861,2)","v":13.9}]
[{"$f":"CONCATENATE(\"SINAPI C \",Insumos!$B$38)","v":"SINAPI C 88316"},"SERVENTE C/ ENCARGOS COMPLEMENTARES","h",1.0508,{"$f":"+Insumos!$G$38","v":16.920000000000002},{"$f":"TRUNC(D3862*E3862,2)","v":17.77}]
["SUB-TOTAL - MÃO-DE-OBRA:",null,{"$f":"SUM(F3858:F3862)","v":849.01999999999987}]
[]
[null,"CUSTO TOTAL:",null,null,null,{"$f":"+C3857+C3863","v":2504.0699999999997}]
[]
[null,"BDI:","%",{"$f":"+$F$7","v":"28,21%"},null,{"$f":"TRUNC(F3865*D3867,2)","v":706.39}]
[]
[null,"PREÇO:",null,null,null,{"$f":"+F3865+F3867","v":3210.4599999999996}]
[]
["CÓDIGO","DISCRIMINAÇÃO","UN","COEFIC.","UNITÁRIO","TOTAL"]
[2810,"ESTRUTURA 3 - FERRO GALVANIZADO","un"]
[{"$f":"CONCATENATE(\"SINAPI C \",'Composições Aux. SINAPI'!$A$89)","v":"SINAPI C 90586"},"VIBRADOR DE IMERSÃO, DIÂMETRO DE PONTEIRA 45 mm (chp)","chp",4.5199999999999997E-2,{"$f":"+'Composições Aux. SINAPI'!$E$89:$F$89","v":1.1399999999999999},{"$f":"TRUNC(D3873*E3873,2)","v":0.05}]
[{"$f":"CONCATENATE(\"SINAPI C \",'Composições Aux. SINAPI'!$A$90)","v":"SINAPI C 90587"},"VIBRADOR DE IMERSÃO, DIÂMETRO DE PONTEIRA 45 mm (chi)","chi",0.13120000000000001,{"$f":"+'Composições Aux. SINAPI'!$E$90:$F$90","v":0.35},{"$f":"TRUNC(D3874*E3874,2)","v":0.04}]
[{"$f":"CONCATENATE(\"SINAPI C \",'Composições Aux. SINAPI'!$A$33)","v":"SINAPI C 94963"},"CONCRETO fck=15 MPa PREPARO COM BETONEIRA","m³",0.1656,{"$f":"+'Composições Aux. SINAPI'!$E$33:$F$33","v":352.14},{"$f":"TRUNC(D3875*E3875,2)","v":58.31}]
[{"$f":"CONCATENATE(\"SINAPI I \",Insumos!$B$370)","v":"SINAPI I 21009"},"TUBO AÇO GALVANIZADO C/COSTURA 3/4\", 2,25 mm","m",6.13,{"$f":"+Insumos!$G$370","v":31.69},194.25]
[{"$f":"CONCATENATE(\"SINAPI I \",Insumos!$B$372)","v":"SINAPI I 21011"},"TUBO AÇO GALVANIZADO C/COSTURA 1 1/4\", 2,65 mm","m",15.85,{"$f":"+Insumos!$G$372","v":62.02},983.01]
[{"$f":"CONCATENATE(\"SINAPI I \",Insumos!$B$192)","v":"SINAPI I 11002"},"ELETRODO REVESTIDO AWS - E6013, DIAMETRO IGUAL A 2,50 mm","kg",6.83E-2,{"$f":"+Insumos!$G$192","v":63.86},4.3600000000000003]
[{"$f":"CONCATENATE(\"COTAÇÃO \",Insumos!$B$215)","v":"COTAÇÃO 109"},"FUNDO P/GALVANIZADO","l",0.1668,{"$f":"+Insumos!$G$215","v":34.47},5.74]
[{"$f":"CONCATENATE(\"SINAPI I \",Insumos!$B$318)","v":"SINAPI I 5318"},"SOLVENTE DILUENTE A BASE DE AGUARRÁS","l",8.0399999999999999E-2,{"$f":"+Insumos!$G$318","v":23.8},1.91]
[{"$f":"CONCATENATE(\"SINAPI I \",Insumos!$B$364)","v":"SINAPI I 7292"},"TINTA ESMALTE SINTÉTICO BRILHANTE","l",0.65069999999999995,{"$f":"+Insumos!$G$364","v":34.700000000000003},22.57]
[{"$f":"CONCATENATE(\"COTAÇÃO \",Insumos!$B$135)","v":"COTAÇÃO 114"},"CAÇAMBA 4,00 m³","un",3.5999999999999997E-2,{"$f":"+Insumos!$G$135","v":493.97},17.78]
["SUB-TOTAL - MATERIAL / EQUIPAMENTOS:",null,{"$f":"SUM(F3873:F3882)","v":1288.02}]
[{"$f":"CONCATENATE(\"SINAPI C \",Insumos!$B$36)","v":"SINAPI C 88310"},"PINTOR C/ENCARGOS COMPLEMENTARES","h",5.1917,{"$f":"+Insumos!$G$36","v":21.41},{"$f":"TRUNC(D3884*E3884,2)","v":111.15}]
[{"$f":"CONCATENATE(\"SINAPI C \",Insumos!$B$37)","v":"SINAPI C 88315"},"SERRALHEIRO C/ENCARGOS COMPLEMENTARES","h",16.1843,{"$f":"+Insumos!$G$37","v":20.22},{"$f":"TRUNC(D3885*E3885,2)","v":327.24}]
[{"$f":"CONCATENATE(\"SINAPI C \",Insumos!$B$18)","v":"SINAPI C 88251"},"AUXILIAR DE SERRALHEIRO C/ENCARGOS COMPLEMENTARES","h",13.282,{"$f":"+Insumos!$G$18","v":17.87},{"$f":"TRUNC(D3886*E3886,2)","v":237.34}]
[{"$f":"CONCATENATE(\"SINAPI C \",Insumos!$B$35)","v":"SINAPI C 88309"},"PEDREIRO C/ENCARGOS COMPLEMENTARES","h",0.68359999999999999,{"$f":"+Insumos!$G$35","v":20.34},{"$f":"TRUNC(D3887*E3887,2)","v":13.9}]
[{"$f":"CONCATENATE(\"SINAPI C \",Insumos!$B$38)","v":"SINAPI C 88316"},"SERVENTE C/ ENCARGOS COMPLEMENTARES","h",1.0508,{"$f":"+Insumos!$G$38","v":16.920000000000002},{"$f":"TRUNC(D3888*E3888,2)","v":17.77}]
["SUB-TOTAL - MÃO-DE-OBRA:",null,{"$f":"SUM(F3884:F3888)","v":707.4}]
[]
[null,"CUSTO TOTAL:",null,null,null,{"$f":"+C3883+C3889","v":1995.42}]
[]
[null,"BDI:","%",{"$f":"+$F$7","v":"28,21%"},null,{"$f":"TRUNC(F3891*D3893,2)","v":562.9}]
[]
[null,"PREÇO:",null,null,null,{"$f":"+F3891+F3893","v":2558.3200000000002}]
[]
["CÓDIGO","DISCRIMINAÇÃO","UN","COEFIC.","UNITÁRIO","TOTAL"]
[2815,"ESTRUTURA 4 - FERRO GALVANIZADO - GAIOLA","un"]
[{"$f":"CONCATENATE(\"SINAPI C \",'Composições Aux. SINAPI'!$A$89)","v":"SINAPI C 90586"},"VIBRADOR DE IMERSÃO, DIÂMETRO DE PONTEIRA 45 mm (chp)","chp",0.10050000000000001,{"$f":"+'Composições Aux. SINAPI'!$E$89:$F$89","v":1.1399999999999999},{"$f":"TRUNC(D3899*E3899,2)","v":0.11}]
[{"$f":"CONCATENATE(\"SINAPI C \",'Composições Aux. SINAPI'!$A$90)","v":"SINAPI C 90587"},"VIBRADOR DE IMERSÃO, DIÂMETRO DE PONTEIRA 45 mm (chi)","chi",0.29149999999999998,{"$f":"+'Composições Aux. SINAPI'!$E$90:$F$90","v":0.35},{"$f":"TRUNC(D3900*E3900,2)","v":0.1}]
[{"$f":"CONCATENATE(\"SINAPI C \",'Composições Aux. SINAPI'!$A$33)","v":"SINAPI C 94963"},"CONCRETO fck=15 MPa PREPARO COM BETONEIRA","m³",0.36799999999999999,{"$f":"+'Composições Aux. SINAPI'!$E$33:$F$33","v":352.14},{"$f":"TRUNC(D3901*E3901,2)","v":129.58000000000001}]
[{"$f":"CONCATENATE(\"SINAPI I \",Insumos!$B$369)","v":"SINAPI I 21008"},"TUBO AÇO GALVANIZADO C/COSTURA 1/2\", 2,25 mm","m",55.25,{"$f":"+Insumos!$G$369","v":24.34},1344.78]
[{"$f":"CONCATENATE(\"SINAPI I \",Insumos!$B$370)","v":"SINAPI I 21009"},"TUBO AÇO GALVANIZADO C/COSTURA 3/4\", 2,25 mm","m",55.21,{"$f":"+Insumos!$G$370","v":31.69},1749.6]
[{"$f":"CONCATENATE(\"SINAPI I \",Insumos!$B$343)","v":"SINAPI I 1163"},"TAMPÃO DE FERRO GALVANIZADO DE 3/4\"","un",20,{"$f":"+Insumos!$G$343","v":6.05},121]
[{"$f":"CONCATENATE(\"SINAPI I \",Insumos!$B$192)","v":"SINAPI I 11002"},"ELETRODO REVESTIDO AWS - E6013, DIAMETRO IGUAL A 2,50 mm","kg",0.34320000000000001,{"$f":"+Insumos!$G$192","v":63.86},21.91]
[{"$f":"CONCATENATE(\"COTAÇÃO \",Insumos!$B$215)","v":"COTAÇÃO 109"},"FUNDO P/GALVANIZADO","l",0.53580000000000005,{"$f":"+Insumos!$G$215","v":34.47},18.46]
[{"$f":"CONCATENATE(\"SINAPI I \",Insumos!$B$318)","v":"SINAPI I 5318"},"SOLVENTE DILUENTE A BASE DE AGUARRÁS","l",0.25569999999999998,{"$f":"+Insumos!$G$318","v":23.8},6.08]
[{"$f":"CONCATENATE(\"SINAPI I \",Insumos!$B$364)","v":"SINAPI I 7292"},"TINTA ESMALTE SINTÉTICO BRILHANTE","l",2.0691999999999999,{"$f":"+Insumos!$G$364","v":34.700000000000003},71.8]
[{"$f":"CONCATENATE(\"COTAÇÃO \",Insumos!$B$135)","v":"COTAÇÃO 114"},"CAÇAMBA 4,00 m³","un",0.08,{"$f":"+Insumos!$G$135","v":493.97},39.51]
["SUB-TOTAL - MATERIAL / EQUIPAMENTOS:",null,{"$f":"SUM(F3899:F3909)","v":3502.9300000000003}]
[{"$f":"CONCATENATE(\"SINAPI C \",Insumos!$B$36)","v":"SINAPI C 88310"},"PINTOR C/ENCARGOS COMPLEMENTARES","h",16.509799999999998,{"$f":"+Insumos!$G$36","v":21.41},{"$f":"TRUNC(D3911*E3911,2)","v":353.47}]
[{"$f":"CONCATENATE(\"SINAPI C \",Insumos!$B$37)","v":"SINAPI C 88315"},"SERRALHEIRO C/ENCARGOS COMPLEMENTARES","h",81.330799999999996,{"$f":"+Insumos!$G$37","v":20.22},{"$f":"TRUNC(D3912*E3912,2)","v":1644.5}]
[{"$f":"CONCATENATE(\"SINAPI C \",Insumos!$B$18)","v":"SINAPI C 88251"},"AUXILIAR DE SERRALHEIRO C/ENCARGOS COMPLEMENTARES","h",66.746200000000002,{"$f":"+Insumos!$G$18","v":17.87},{"$f":"TRUNC(D3913*E3913,2)","v":1192.75}]
[{"$f":"CONCATENATE(\"SINAPI C \",Insumos!$B$35)","v":"SINAPI C 88309"},"PEDREIRO C/ENCARGOS COMPLEMENTARES","h",1.5189999999999999,{"$f":"+Insumos!$G$35","v":20.34},{"$f":"TRUNC(D3914*E3914,2)","v":30.89}]
[{"$f":"CONCATENATE(\"SINAPI C \",Insumos!$B$38)","v":"SINAPI C 88316"},"SERVENTE C/ ENCARGOS COMPLEMENTARES","h",2.335,{"$f":"+Insumos!$G$38","v":16.920000000000002},{"$f":"TRUNC(D3915*E3915,2)","v":39.5}]
["SUB-TOTAL - MÃO-DE-OBRA:",null,{"$f":"SUM(F3911:F3915)","v":3261.11}]
[]
[null,"CUSTO TOTAL:",null,null,null,{"$f":"+C3910+C3916","v":6764.0400000000009}]
[]
[null,"BDI:","%",{"$f":"+$F$7","v":"28,21%"},null,{"$f":"TRUNC(F3918*D3920,2)","v":1908.13}]
[]
[null,"PREÇO:",null,null,null,{"$f":"+F3918+F3920","v":8672.1700000000019}]
[]
["CÓDIGO","DISCRIMINAÇÃO","UN","COEFIC.","UNITÁRIO","TOTAL"]
[2820,"ESTRUTURA 5 - FERRO GALVANIZADO - ARCO","un"]
[{"$f":"CONCATENATE(\"SINAPI C \",'Composições Aux. SINAPI'!$A$89)","v":"SINAPI C 90586"},"VIBRADOR DE IMERSÃO, DIÂMETRO DE PONTEIRA 45 mm (chp)","chp",4.5199999999999997E-2,{"$f":"+'Composições Aux. SINAPI'!$E$89:$F$89","v":1.1399999999999999},{"$f":"TRUNC(D3926*E3926,2)","v":0.05}]
[{"$f":"CONCATENATE(\"SINAPI C \",'Composições Aux. SINAPI'!$A$90)","v":"SINAPI C 90587"},"VIBRADOR DE IMERSÃO, DIÂMETRO DE PONTEIRA 45 mm (chi)","chi",0.13120000000000001,{"$f":"+'Composições Aux. SINAPI'!$E$90:$F$90","v":0.35},{"$f":"TRUNC(D3927*E3927,2)","v":0.04}]
[{"$f":"CONCATENATE(\"SINAPI C \",'Composições Aux. SINAPI'!$A$33)","v":"SINAPI C 94963"},"CONCRETO fck=15 MPa PREPARO COM BETONEIRA","m³",0.1656,{"$f":"+'Composições Aux. SINAPI'!$E$33:$F$33","v":352.14},{"$f":"TRUNC(D3928*E3928,2)","v":58.31}]
[{"$f":"CONCATENATE(\"SINAPI I \",Insumos!$B$373)","v":"SINAPI I 21012"},"TUBO AÇO GALVANIZADO C/COSTURA 1 1/2\", 3,00 mm","m",12.96,{"$f":"+Insumos!$G$373","v":68.53},888.14]
[{"$f":"CONCATENATE(\"SINAPI I \",Insumos!$B$374)","v":"SINAPI I 21013"},"TUBO AÇO GALVANIZADO C/COSTURA 2\", 3,00 mm","m",11.55,{"$f":"+Insumos!$G$374","v":89.43},1032.9100000000001]
[{"$f":"CONCATENATE(\"SINAPI I \",Insumos!$B$192)","v":"SINAPI I 11002"},"ELETRODO REVESTIDO AWS - E6013, DIAMETRO IGUAL A 2,50 mm","kg",9.5200000000000007E-2,{"$f":"+Insumos!$G$192","v":63.86},6.07]
[{"$f":"CONCATENATE(\"COTAÇÃO \",Insumos!$B$215)","v":"COTAÇÃO 109"},"FUNDO P/GALVANIZADO","l",0.2661,{"$f":"+Insumos!$G$215","v":34.47},9.17]
[{"$f":"CONCATENATE(\"SINAPI I \",Insumos!$B$318)","v":"SINAPI I 5318"},"SOLVENTE DILUENTE A BASE DE AGUARRÁS","l",0.127,{"$f":"+Insumos!$G$318","v":23.8},3.02]
[{"$f":"CONCATENATE(\"SINAPI I \",Insumos!$B$364)","v":"SINAPI I 7292"},"TINTA ESMALTE SINTÉTICO BRILHANTE","l",1.0279,{"$f":"+Insumos!$G$364","v":34.700000000000003},35.659999999999997]
[{"$f":"CONCATENATE(\"COTAÇÃO \",Insumos!$B$135)","v":"COTAÇÃO 114"},"CAÇAMBA 4,00 m³","un",3.5999999999999997E-2,{"$f":"+Insumos!$G$135","v":493.97},17.78]
["SUB-TOTAL - MATERIAL / EQUIPAMENTOS:",null,{"$f":"SUM(F3926:F3935)","v":2051.15}]
[{"$f":"CONCATENATE(\"SINAPI C \",Insumos!$B$36)","v":"SINAPI C 88310"},"PINTOR C/ENCARGOS COMPLEMENTARES","h",8.2012999999999998,{"$f":"+Insumos!$G$36","v":21.41},{"$f":"TRUNC(D3937*E3937,2)","v":175.58}]
[{"$f":"CONCATENATE(\"SINAPI C \",Insumos!$B$37)","v":"SINAPI C 88315"},"SERRALHEIRO C/ENCARGOS COMPLEMENTARES","h",22.552900000000001,{"$f":"+Insumos!$G$37","v":20.22},{"$f":"TRUNC(D3938*E3938,2)","v":456.01}]
[{"$f":"CONCATENATE(\"SINAPI C \",Insumos!$B$18)","v":"SINAPI C 88251"},"AUXILIAR DE SERRALHEIRO C/ENCARGOS COMPLEMENTARES","h",18.508600000000001,{"$f":"+Insumos!$G$18","v":17.87},{"$f":"TRUNC(D3939*E3939,2)","v":330.74}]
[{"$f":"CONCATENATE(\"SINAPI C \",Insumos!$B$35)","v":"SINAPI C 88309"},"PEDREIRO C/ENCARGOS COMPLEMENTARES","h",0.68359999999999999,{"$f":"+Insumos!$G$35","v":20.34},{"$f":"TRUNC(D3940*E3940,2)","v":13.9}]
[{"$f":"CONCATENATE(\"SINAPI C \",Insumos!$B$38)","v":"SINAPI C 88316"},"SERVENTE C/ ENCARGOS COMPLEMENTARES","h",1.0508,{"$f":"+Insumos!$G$38","v":16.920000000000002},{"$f":"TRUNC(D3941*E3941,2)","v":17.77}]
["SUB-TOTAL - MÃO-DE-OBRA:",null,{"$f":"SUM(F3937:F3941)","v":994}]
[]
[null,"CUSTO TOTAL:",null,null,null,{"$f":"+C3936+C3942","v":3045.15}]
[]
[null,"BDI:","%",{"$f":"+$F$7","v":"28,21%"},null,{"$f":"TRUNC(F3944*D3946,2)","v":859.03}]
[]
[null,"PREÇO:",null,null,null,{"$f":"+F3944+F3946","v":3904.1800000000003}]
[]
["CÓDIGO","DISCRIMINAÇÃO","UN","COEFIC.","UNITÁRIO","TOTAL"]
[2825,"ESTRUTURA 6 - FERRO GALVANIZADO - TÚNEL DE FERRO","un"]
[{"$f":"CONCATENATE(\"SINAPI C \",'Composições Aux. SINAPI'!$A$89)","v":"SINAPI C 90586"},"VIBRADOR DE IMERSÃO, DIÂMETRO DE PONTEIRA 45 mm (chp)","chp",0.113,{"$f":"+'Composições Aux. SINAPI'!$E$89:$F$89","v":1.1399999999999999},{"$f":"TRUNC(D3952*E3952,2)","v":0.12}]
[{"$f":"CONCATENATE(\"SINAPI C \",'Composições Aux. SINAPI'!$A$90)","v":"SINAPI C 90587"},"VIBRADOR DE IMERSÃO, DIÂMETRO DE PONTEIRA 45 mm (chi)","chi",0.32800000000000001,{"$f":"+'Composições Aux. SINAPI'!$E$90:$F$90","v":0.35},{"$f":"TRUNC(D3953*E3953,2)","v":0.11}]
[{"$f":"CONCATENATE(\"SINAPI C \",'Composições Aux. SINAPI'!$A$33)","v":"SINAPI C 94963"},"CONCRETO fck=15 MPa PREPARO COM BETONEIRA","m³",0.41399999999999998,{"$f":"+'Composições Aux. SINAPI'!$E$33:$F$33","v":352.14},{"$f":"TRUNC(D3954*E3954,2)","v":145.78}]
[{"$f":"CONCATENATE(\"SINAPI I \",Insumos!$B$371)","v":"SINAPI I 21010"},"TUBO AÇO GALVANIZADO C/COSTURA 1\", 2,65 mm","m",10.38,{"$f":"+Insumos!$G$371","v":42.55},{"$f":"TRUNC(D3955*E3955,2)","v":441.66}]
[{"$f":"CONCATENATE(\"SINAPI I \",Insumos!$B$373)","v":"SINAPI I 21012"},"TUBO AÇO GALVANIZADO C/COSTURA 1 1/2\", 3,00 mm","m",48.02,{"$f":"+Insumos!$G$373","v":68.53},3290.81]
[{"$f":"CONCATENATE(\"SINAPI I \",Insumos!$B$374)","v":"SINAPI I 21013"},"TUBO AÇO GALVANIZADO C/COSTURA 2\", 3,00 mm","m",32.94,{"$f":"+Insumos!$G$374","v":89.43},2945.82]
[{"$f":"CONCATENATE(\"SINAPI I \",Insumos!$B$192)","v":"SINAPI I 11002"},"ELETRODO REVESTIDO AWS - E6013, DIAMETRO IGUAL A 2,50 mm","kg",0.35470000000000002,{"$f":"+Insumos!$G$192","v":63.86},22.65]
[{"$f":"CONCATENATE(\"COTAÇÃO \",Insumos!$B$215)","v":"COTAÇÃO 109"},"FUNDO P/GALVANIZADO","l",0.93700000000000006,{"$f":"+Insumos!$G$215","v":34.47},32.29]
[{"$f":"CONCATENATE(\"SINAPI I \",Insumos!$B$318)","v":"SINAPI I 5318"},"SOLVENTE DILUENTE A BASE DE AGUARRÁS","l",0.44719999999999999,{"$f":"+Insumos!$G$318","v":23.8},10.64]
[{"$f":"CONCATENATE(\"SINAPI I \",Insumos!$B$364)","v":"SINAPI I 7292"},"TINTA ESMALTE SINTÉTICO BRILHANTE","l",3.6187999999999998,{"$f":"+Insumos!$G$364","v":34.700000000000003},125.57]
[{"$f":"CONCATENATE(\"COTAÇÃO \",Insumos!$B$135)","v":"COTAÇÃO 114"},"CAÇAMBA 4,00 m³","un",0.09,{"$f":"+Insumos!$G$135","v":493.97},44.45]
["SUB-TOTAL - MATERIAL / EQUIPAMENTOS:",null,{"$f":"SUM(F3952:F3962)","v":7059.9}]
[{"$f":"CONCATENATE(\"SINAPI C \",Insumos!$B$36)","v":"SINAPI C 88310"},"PINTOR C/ENCARGOS COMPLEMENTARES","h",28.8734,{"$f":"+Insumos!$G$36","v":21.41},{"$f":"TRUNC(D3964*E3964,2)","v":618.16999999999996}]
[{"$f":"CONCATENATE(\"SINAPI C \",Insumos!$B$37)","v":"SINAPI C 88315"},"SERRALHEIRO C/ENCARGOS COMPLEMENTARES","h",84.068600000000004,{"$f":"+Insumos!$G$37","v":20.22},{"$f":"TRUNC(D3965*E3965,2)","v":1699.86}]
[{"$f":"CONCATENATE(\"SINAPI C \",Insumos!$B$18)","v":"SINAPI C 88251"},"AUXILIAR DE SERRALHEIRO C/ENCARGOS COMPLEMENTARES","h",68.992999999999995,{"$f":"+Insumos!$G$18","v":17.87},{"$f":"TRUNC(D3966*E3966,2)","v":1232.9000000000001}]
[{"$f":"CONCATENATE(\"SINAPI C \",Insumos!$B$35)","v":"SINAPI C 88309"},"PEDREIRO C/ENCARGOS COMPLEMENTARES","h",1.7090000000000001,{"$f":"+Insumos!$G$35","v":20.34},{"$f":"TRUNC(D3967*E3967,2)","v":34.76}]
[{"$f":"CONCATENATE(\"SINAPI C \",Insumos!$B$38)","v":"SINAPI C 88316"},"SERVENTE C/ ENCARGOS COMPLEMENTARES","h",2.6269,{"$f":"+Insumos!$G$38","v":16.920000000000002},{"$f":"TRUNC(D3968*E3968,2)","v":44.44}]
["SUB-TOTAL - MÃO-DE-OBRA:",null,{"$f":"SUM(F3964:F3968)","v":3630.13}]
[]
[null,"CUSTO TOTAL:",null,null,null,{"$f":"+C3963+C3969","v":10690.029999999999}]
[]
[null,"BDI:","%",{"$f":"+$F$7","v":"28,21%"},null,{"$f":"TRUNC(F3971*D3973,2)","v":3015.65}]
[]
[null,"PREÇO:",null,null,null,{"$f":"+F3971+F3973","v":13705.679999999998}]
[]
["CÓDIGO","DISCRIMINAÇÃO","UN","COEFIC.","UNITÁRIO","TOTAL"]
[2830,"ESTRUTURA 7 - FERRO GALVANIZADO - \"Y\"","un"]
[{"$f":"CONCATENATE(\"SINAPI C \",'Composições Aux. SINAPI'!$A$89)","v":"SINAPI C 90586"},"VIBRADOR DE IMERSÃO, DIÂMETRO DE PONTEIRA 45 mm (chp)","chp",4.5199999999999997E-2,{"$f":"+'Composições Aux. SINAPI'!$E$89:$F$89","v":1.1399999999999999},{"$f":"TRUNC(D3979*E3979,2)","v":0.05}]
[{"$f":"CONCATENATE(\"SINAPI C \",'Composições Aux. SINAPI'!$A$90)","v":"SINAPI C 90587"},"VIBRADOR DE IMERSÃO, DIÂMETRO DE PONTEIRA 45 mm (chi)","chi",0.13120000000000001,{"$f":"+'Composições Aux. SINAPI'!$E$90:$F$90","v":0.35},{"$f":"TRUNC(D3980*E3980,2)","v":0.04}]
[{"$f":"CONCATENATE(\"SINAPI C \",'Composições Aux. SINAPI'!$A$33)","v":"SINAPI C 94963"},"CONCRETO fck=15 MPa PREPARO COM BETONEIRA","m³",0.1656,{"$f":"+'Composições Aux. SINAPI'!$E$33:$F$33","v":352.14},{"$f":"TRUNC(D3981*E3981,2)","v":58.31}]
[{"$f":"CONCATENATE(\"SINAPI I \",Insumos!$B$370)","v":"SINAPI I 21009"},"TUBO AÇO GALVANIZADO C/COSTURA 3/4\", 2,25 mm","m",17.940000000000001,{"$f":"+Insumos!$G$370","v":31.69},568.51]
[{"$f":"CONCATENATE(\"SINAPI I \",Insumos!$B$372)","v":"SINAPI I 21011"},"TUBO AÇO GALVANIZADO C/COSTURA 1 1/4\", 2,65 mm","m",3.05,{"$f":"+Insumos!$G$372","v":62.02},189.16]
[{"$f":"CONCATENATE(\"SINAPI I \",Insumos!$B$343)","v":"SINAPI I 1163"},"TAMPÃO DE FERRO GALVANIZADO DE 3/4\"","un",3,{"$f":"+Insumos!$G$343","v":6.05},18.149999999999999]
[{"$f":"CONCATENATE(\"SINAPI I \",Insumos!$B$344)","v":"SINAPI I 1164"},"TAMPÃO DE FERRO GALVANIZADO DE 1 1/4\"","un",1,{"$f":"+Insumos!$G$344","v":13.46},13.46]
[{"$f":"CONCATENATE(\"SINAPI I \",Insumos!$B$192)","v":"SINAPI I 11002"},"ELETRODO REVESTIDO AWS - E6013, DIAMETRO IGUAL A 2,50 mm","kg",6.5199999999999994E-2,{"$f":"+Insumos!$G$192","v":63.86},4.16]
[{"$f":"CONCATENATE(\"COTAÇÃO \",Insumos!$B$215)","v":"COTAÇÃO 109"},"FUNDO P/GALVANIZADO","l",0.1232,{"$f":"+Insumos!$G$215","v":34.47},4.24]
[{"$f":"CONCATENATE(\"SINAPI I \",Insumos!$B$318)","v":"SINAPI I 5318"},"SOLVENTE DILUENTE A BASE DE AGUARRÁS","l",5.8799999999999998E-2,{"$f":"+Insumos!$G$318","v":23.8},1.39]
[{"$f":"CONCATENATE(\"SINAPI I \",Insumos!$B$364)","v":"SINAPI I 7292"},"TINTA ESMALTE SINTÉTICO BRILHANTE","l",0.47570000000000001,{"$f":"+Insumos!$G$364","v":34.700000000000003},16.5]
[{"$f":"CONCATENATE(\"COTAÇÃO \",Insumos!$B$135)","v":"COTAÇÃO 114"},"CAÇAMBA 4,00 m³","un",3.5999999999999997E-2,{"$f":"+Insumos!$G$135","v":493.97},17.78]
["SUB-TOTAL - MATERIAL / EQUIPAMENTOS:",null,{"$f":"SUM(F3979:F3990)","v":891.74999999999989}]
[{"$f":"CONCATENATE(\"SINAPI C \",Insumos!$B$36)","v":"SINAPI C 88310"},"PINTOR C/ENCARGOS COMPLEMENTARES","h",3.7957000000000001,{"$f":"+Insumos!$G$36","v":21.41},{"$f":"TRUNC(D3992*E3992,2)","v":81.260000000000005}]
[{"$f":"CONCATENATE(\"SINAPI C \",Insumos!$B$37)","v":"SINAPI C 88315"},"SERRALHEIRO C/ENCARGOS COMPLEMENTARES","h",15.456200000000001,{"$f":"+Insumos!$G$37","v":20.22},{"$f":"TRUNC(D3993*E3993,2)","v":312.52}]
[{"$f":"CONCATENATE(\"SINAPI C \",Insumos!$B$18)","v":"SINAPI C 88251"},"AUXILIAR DE SERRALHEIRO C/ENCARGOS COMPLEMENTARES","h",12.6845,{"$f":"+Insumos!$G$18","v":17.87},{"$f":"TRUNC(D3994*E3994,2)","v":226.67}]
[{"$f":"CONCATENATE(\"SINAPI C \",Insumos!$B$35)","v":"SINAPI C 88309"},"PEDREIRO C/ENCARGOS COMPLEMENTARES","h",0.68359999999999999,{"$f":"+Insumos!$G$35","v":20.34},{"$f":"TRUNC(D3995*E3995,2)","v":13.9}]
[{"$f":"CONCATENATE(\"SINAPI C \",Insumos!$B$38)","v":"SINAPI C 88316"},"SERVENTE C/ ENCARGOS COMPLEMENTARES","h",1.0508,{"$f":"+Insumos!$G$38","v":16.920000000000002},{"$f":"TRUNC(D3996*E3996,2)","v":17.77}]
["SUB-TOTAL - MÃO-DE-OBRA:",null,{"$f":"SUM(F3992:F3996)","v":652.11999999999989}]
[]
[null,"CUSTO TOTAL:",null,null,null,{"$f":"+C3991+C3997","v":1543.87}]
[]
[null,"BDI:","%",{"$f":"+$F$7","v":"28,21%"},null,{"$f":"TRUNC(F3999*D4001,2)","v":435.52}]
[]
[null,"PREÇO:",null,null,null,{"$f":"+F3999+F4001","v":1979.3899999999999}]
[]
["CÓDIGO","DISCRIMINAÇÃO","UN","COEFIC.","UNITÁRIO","TOTAL"]
[2835,"ESTRUTURA 8 - FERRO GALVANIZADO - AVIÃO","un"]
[{"$f":"CONCATENATE(\"SINAPI C \",'Composições Aux. SINAPI'!$A$89)","v":"SINAPI C 90586"},"VIBRADOR DE IMERSÃO, DIÂMETRO DE PONTEIRA 45 mm (chp)","chp",0.113,{"$f":"+'Composições Aux. SINAPI'!$E$89:$F$89","v":1.1399999999999999},{"$f":"TRUNC(D4007*E4007,2)","v":0.12}]
[{"$f":"CONCATENATE(\"SINAPI C \",'Composições Aux. SINAPI'!$A$90)","v":"SINAPI C 90587"},"VIBRADOR DE IMERSÃO, DIÂMETRO DE PONTEIRA 45 mm (chi)","chi",0.32800000000000001,{"$f":"+'Composições Aux. SINAPI'!$E$90:$F$90","v":0.35},{"$f":"TRUNC(D4008*E4008,2)","v":0.11}]
[{"$f":"CONCATENATE(\"SINAPI C \",'Composições Aux. SINAPI'!$A$33)","v":"SINAPI C 94963"},"CONCRETO fck=15 MPa PREPARO COM BETONEIRA","m³",0.41399999999999998,{"$f":"+'Composições Aux. SINAPI'!$E$33:$F$33","v":352.14},{"$f":"TRUNC(D4009*E4009,2)","v":145.78}]
[{"$f":"CONCATENATE(\"SINAPI I \",Insumos!$B$369)","v":"SINAPI I 21008"},"TUBO AÇO GALVANIZADO C/COSTURA 1/2\", 2,25 mm","m",63.9,{"$f":"+Insumos!$G$369","v":24.34},1555.32]
[{"$f":"CONCATENATE(\"SINAPI I \",Insumos!$B$373)","v":"SINAPI I 21012"},"TUBO AÇO GALVANIZADO C/COSTURA 1 1/2\", 3,00 mm","m",46.62,{"$f":"+Insumos!$G$373","v":68.53},{"$f":"TRUNC(D4011*E4011,2)","v":3194.86}]
[{"$f":"CONCATENATE(\"SINAPI I \",Insumos!$B$192)","v":"SINAPI I 11002"},"ELETRODO REVESTIDO AWS - E6013, DIAMETRO IGUAL A 2,50 mm","kg",0.42920000000000003,{"$f":"+Insumos!$G$192","v":63.86},27.4]
[{"$f":"CONCATENATE(\"COTAÇÃO \",Insumos!$B$215)","v":"COTAÇÃO 109"},"FUNDO P/GALVANIZADO","l",0.72699999999999998,{"$f":"+Insumos!$G$215","v":34.47},25.05]
[{"$f":"CONCATENATE(\"SINAPI I \",Insumos!$B$318)","v":"SINAPI I 5318"},"SOLVENTE DILUENTE A BASE DE AGUARRÁS","l",0.34699999999999998,{"$f":"+Insumos!$G$318","v":23.8},8.25]
[{"$f":"CONCATENATE(\"SINAPI I \",Insumos!$B$364)","v":"SINAPI I 7292"},"TINTA ESMALTE SINTÉTICO BRILHANTE","l",2.8079999999999998,{"$f":"+Insumos!$G$364","v":34.700000000000003},97.43]
[{"$f":"CONCATENATE(\"COTAÇÃO \",Insumos!$B$135)","v":"COTAÇÃO 114"},"CAÇAMBA 4,00 m³","un",0.09,{"$f":"+Insumos!$G$135","v":493.97},44.45]
["SUB-TOTAL - MATERIAL / EQUIPAMENTOS:",null,{"$f":"SUM(F4007:F4016)","v":5098.7700000000004}]
[{"$f":"CONCATENATE(\"SINAPI C \",Insumos!$B$36)","v":"SINAPI C 88310"},"PINTOR C/ENCARGOS COMPLEMENTARES","h",22.402000000000001,{"$f":"+Insumos!$G$36","v":21.41},{"$f":"TRUNC(D4018*E4018,2)","v":479.62}]
[{"$f":"CONCATENATE(\"SINAPI C \",Insumos!$B$37)","v":"SINAPI C 88315"},"SERRALHEIRO C/ENCARGOS COMPLEMENTARES","h",101.7204,{"$f":"+Insumos!$G$37","v":20.22},{"$f":"TRUNC(D4019*E4019,2)","v":2056.7800000000002}]
[{"$f":"CONCATENATE(\"SINAPI C \",Insumos!$B$18)","v":"SINAPI C 88251"},"AUXILIAR DE SERRALHEIRO C/ENCARGOS COMPLEMENTARES","h",83.479399999999998,{"$f":"+Insumos!$G$18","v":17.87},{"$f":"TRUNC(D4020*E4020,2)","v":1491.77}]
[{"$f":"CONCATENATE(\"SINAPI C \",Insumos!$B$35)","v":"SINAPI C 88309"},"PEDREIRO C/ENCARGOS COMPLEMENTARES","h",1.7090000000000001,{"$f":"+Insumos!$G$35","v":20.34},{"$f":"TRUNC(D4021*E4021,2)","v":34.76}]
[{"$f":"CONCATENATE(\"SINAPI C \",Insumos!$B$38)","v":"SINAPI C 88316"},"SERVENTE C/ ENCARGOS COMPLEMENTARES","h",2.6269,{"$f":"+Insumos!$G$38","v":16.920000000000002},{"$f":"TRUNC(D4022*E4022,2)","v":44.44}]
["SUB-TOTAL - MÃO-DE-OBRA:",null,{"$f":"SUM(F4018:F4022)","v":4107.37}]
[]
[null,"CUSTO TOTAL:",null,null,null,{"$f":"+C4017+C4023","v":9206.14}]
[]
[null,"BDI:","%",{"$f":"+$F$7","v":"28,21%"},null,{"$f":"TRUNC(F4025*D4027,2)","v":2597.0500000000002}]
[]
[null,"PREÇO:",null,null,null,{"$f":"+F4025+F4027","v":11803.189999999999}]
[]
["CÓDIGO","DISCRIMINAÇÃO","UN","COEFIC.","UNITÁRIO","TOTAL"]
[2840,"ESTRUTURA 9 - FERRO GALVANIZADO","un"]
[{"$f":"CONCATENATE(\"SINAPI C \",'Composições Aux. SINAPI'!$A$89)","v":"SINAPI C 90586"},"VIBRADOR DE IMERSÃO, DIÂMETRO DE PONTEIRA 45 mm (chp)","chp",5.6500000000000002E-2,{"$f":"+'Composições Aux. SINAPI'!$E$89:$F$89","v":1.1399999999999999},{"$f":"TRUNC(D4033*E4033,2)","v":0.06}]
[{"$f":"CONCATENATE(\"SINAPI C \",'Composições Aux. SINAPI'!$A$90)","v":"SINAPI C 90587"},"VIBRADOR DE IMERSÃO, DIÂMETRO DE PONTEIRA 45 mm (chi)","chi",0.16400000000000001,{"$f":"+'Composições Aux. SINAPI'!$E$90:$F$90","v":0.35},{"$f":"TRUNC(D4034*E4034,2)","v":0.05}]
[{"$f":"CONCATENATE(\"SINAPI C \",'Composições Aux. SINAPI'!$A$33)","v":"SINAPI C 94963"},"CONCRETO fck=15 MPa PREPARO COM BETONEIRA","m³",0.20699999999999999,{"$f":"+'Composições Aux. SINAPI'!$E$33:$F$33","v":352.14},{"$f":"TRUNC(D4035*E4035,2)","v":72.89}]
[{"$f":"CONCATENATE(\"SINAPI I \",Insumos!$B$370)","v":"SINAPI I 21009"},"TUBO AÇO GALVANIZADO C/COSTURA 3/4\", 2,25 mm","m",7.72,{"$f":"+Insumos!$G$370","v":31.69},244.64]
[{"$f":"CONCATENATE(\"SINAPI I \",Insumos!$B$371)","v":"SINAPI I 21010"},"TUBO AÇO GALVANIZADO C/COSTURA 1\", 2,65 mm","m",11.41,{"$f":"+Insumos!$G$371","v":42.55},{"$f":"TRUNC(D4037*E4037,2)","v":485.49}]
[{"$f":"CONCATENATE(\"SINAPI I \",Insumos!$B$372)","v":"SINAPI I 21011"},"TUBO AÇO GALVANIZADO C/COSTURA 1 1/4\", 2,65 mm","m",9.51,{"$f":"+Insumos!$G$372","v":62.02},589.80999999999995]
[{"$f":"CONCATENATE(\"SINAPI I \",Insumos!$B$344)","v":"SINAPI I 1164"},"TAMPÃO DE FERRO GALVANIZADO DE 1 1/4\"","un",5,{"$f":"+Insumos!$G$344","v":13.46},67.3]
[{"$f":"CONCATENATE(\"SINAPI I \",Insumos!$B$192)","v":"SINAPI I 11002"},"ELETRODO REVESTIDO AWS - E6013, DIAMETRO IGUAL A 2,50 mm","kg",8.8999999999999996E-2,{"$f":"+Insumos!$G$192","v":63.86},5.68]
[{"$f":"CONCATENATE(\"COTAÇÃO \",Insumos!$B$215)","v":"COTAÇÃO 109"},"FUNDO P/GALVANIZADO","l",0.20039999999999999,{"$f":"+Insumos!$G$215","v":34.47},6.9]
[{"$f":"CONCATENATE(\"SINAPI I \",Insumos!$B$318)","v":"SINAPI I 5318"},"SOLVENTE DILUENTE A BASE DE AGUARRÁS","l",9.5600000000000004E-2,{"$f":"+Insumos!$G$318","v":23.8},2.27]
[{"$f":"CONCATENATE(\"SINAPI I \",Insumos!$B$364)","v":"SINAPI I 7292"},"TINTA ESMALTE SINTÉTICO BRILHANTE","l",0.77400000000000002,{"$f":"+Insumos!$G$364","v":34.700000000000003},26.85]
[{"$f":"CONCATENATE(\"COTAÇÃO \",Insumos!$B$135)","v":"COTAÇÃO 114"},"CAÇAMBA 4,00 m³","un",4.4999999999999998E-2,{"$f":"+Insumos!$G$135","v":493.97},22.22]
["SUB-TOTAL - MATERIAL / EQUIPAMENTOS:",null,{"$f":"SUM(F4033:F4044)","v":1524.16}]
[{"$f":"CONCATENATE(\"SINAPI C \",Insumos!$B$36)","v":"SINAPI C 88310"},"PINTOR C/ENCARGOS COMPLEMENTARES","h",6.1757999999999997,{"$f":"+Insumos!$G$36","v":21.41},{"$f":"TRUNC(D4046*E4046,2)","v":132.22}]
[{"$f":"CONCATENATE(\"SINAPI C \",Insumos!$B$37)","v":"SINAPI C 88315"},"SERRALHEIRO C/ENCARGOS COMPLEMENTARES","h",21.091100000000001,{"$f":"+Insumos!$G$37","v":20.22},{"$f":"TRUNC(D4047*E4047,2)","v":426.46}]
[{"$f":"CONCATENATE(\"SINAPI C \",Insumos!$B$18)","v":"SINAPI C 88251"},"AUXILIAR DE SERRALHEIRO C/ENCARGOS COMPLEMENTARES","h",17.308900000000001,{"$f":"+Insumos!$G$18","v":17.87},{"$f":"TRUNC(D4048*E4048,2)","v":309.31}]
[{"$f":"CONCATENATE(\"SINAPI C \",Insumos!$B$35)","v":"SINAPI C 88309"},"PEDREIRO C/ENCARGOS COMPLEMENTARES","h",0.85450000000000004,{"$f":"+Insumos!$G$35","v":20.34},{"$f":"TRUNC(D4049*E4049,2)","v":17.38}]
[{"$f":"CONCATENATE(\"SINAPI C \",Insumos!$B$38)","v":"SINAPI C 88316"},"SERVENTE C/ ENCARGOS COMPLEMENTARES","h",1.3134999999999999,{"$f":"+Insumos!$G$38","v":16.920000000000002},{"$f":"TRUNC(D4050*E4050,2)","v":22.22}]
["SUB-TOTAL - MÃO-DE-OBRA:",null,{"$f":"SUM(F4046:F4050)","v":907.59}]
[]
[null,"CUSTO TOTAL:",null,null,null,{"$f":"+C4045+C4051","v":2431.75}]
[]
[null,"BDI:","%",{"$f":"+$F$7","v":"28,21%"},null,{"$f":"TRUNC(F4053*D4055,2)","v":685.99}]
[]
[null,"PREÇO:",null,null,null,{"$f":"+F4053+F4055","v":3117.74}]
[]
["CÓDIGO","DISCRIMINAÇÃO","UN","COEFIC.","UNITÁRIO","TOTAL"]
[2870,"GANGORRA DUPLA","un"]
[{"$f":"CONCATENATE(\"SINAPI C \",'Composições Aux. SINAPI'!$A$89)","v":"SINAPI C 90586"},"VIBRADOR DE IMERSÃO, DIÂMETRO DE PONTEIRA 45 mm (chp)","chp",2.2599999999999999E-2,{"$f":"+'Composições Aux. SINAPI'!$E$89:$F$89","v":1.1399999999999999},{"$f":"TRUNC(D4061*E4061,2)","v":0.02}]
[{"$f":"CONCATENATE(\"SINAPI C \",'Composições Aux. SINAPI'!$A$90)","v":"SINAPI C 90587"},"VIBRADOR DE IMERSÃO, DIÂMETRO DE PONTEIRA 45 mm (chi)","chi",6.5600000000000006E-2,{"$f":"+'Composições Aux. SINAPI'!$E$90:$F$90","v":0.35},{"$f":"TRUNC(D4062*E4062,2)","v":0.02}]
[{"$f":"CONCATENATE(\"SINAPI C \",'Composições Aux. SINAPI'!$A$33)","v":"SINAPI C 94963"},"CONCRETO fck=15 MPa PREPARO COM BETONEIRA","m³",8.2799999999999999E-2,{"$f":"+'Composições Aux. SINAPI'!$E$33:$F$33","v":352.14},{"$f":"TRUNC(D4063*E4063,2)","v":29.15}]
[{"$f":"CONCATENATE(\"SINAPI I \",Insumos!$B$374)","v":"SINAPI I 21013"},"TUBO AÇO GALVANIZADO C/COSTURA 2\", 3,00 mm","m",3.0385,{"$f":"+Insumos!$G$374","v":89.43},271.73]
[{"$f":"CONCATENATE(\"SINAPI I \",Insumos!$B$110)","v":"SINAPI I 546"},"BARRA DE FERRO RETANGULAR, BARRA CHATA","kg",2.5396000000000001,{"$f":"+Insumos!$G$110","v":10.29},{"$f":"TRUNC(D4065*E4065,2)","v":26.13}]
[{"$f":"CONCATENATE(\"SINAPI I \",Insumos!$B$60)","v":"SINAPI I 43054"},"AÇO CA-25 10 mm","kg",0.2571,{"$f":"+Insumos!$G$60","v":10.02},2.57]
[{"$f":"CONCATENATE(\"SINAPI I \",Insumos!$B$62)","v":"SINAPI I 43054"},"AÇO CA-25 16 mm","kg",2.5874000000000001,{"$f":"+Insumos!$G$62","v":10.02},25.92]
[{"$f":"CONCATENATE(\"SINAPI I \",Insumos!$B$192)","v":"SINAPI I 11002"},"ELETRODO REVESTIDO AWS - E6013, DIAMETRO IGUAL A 2,50 mm","kg",2.75E-2,{"$f":"+Insumos!$G$192","v":63.86},1.75]
[{"$f":"CONCATENATE(\"COTAÇÃO \",Insumos!$B$338)","v":"COTAÇÃO 35"},"TÁBUA ITAÚBA LIXADA APLAINADA 4 x 30 x 3,00","un",2,{"$f":"+Insumos!$G$338","v":311.77999999999997},{"$f":"TRUNC(D4069*E4069,2)","v":623.55999999999995}]
[{"$f":"CONCATENATE(\"COTAÇÃO \",Insumos!$B$142)","v":"COTAÇÃO 39"},"CAIBRO ITAÚBA 5 x 5 cm","m",0.5,{"$f":"+Insumos!$G$142","v":13.92},6.96]
[{"$f":"CONCATENATE(\"COTAÇÃO \",Insumos!$B$261)","v":"COTAÇÃO 52"},"PARAFUSO FRANCÊS ZINCADO 5/16\" x 4\" C/PORCA","un",8,{"$f":"+Insumos!$G$261","v":0.87},6.96]
[{"$f":"CONCATENATE(\"COTAÇÃO \",Insumos!$B$260)","v":"COTAÇÃO 51"},"PARAFUSO FRANCÊS ZINCADO 5/16\" X 2 1/2\" C/PORCA","un",12,{"$f":"+Insumos!$G$260","v":0.62},7.44]
[{"$f":"CONCATENATE(\"COTAÇÃO \",Insumos!$B$215)","v":"COTAÇÃO 109"},"FUNDO P/GALVANIZADO","l",3.6900000000000002E-2,{"$f":"+Insumos!$G$215","v":34.47},{"$f":"TRUNC(D4073*E4073,2)","v":1.27}]
[{"$f":"CONCATENATE(\"SINAPI I \",Insumos!$B$318)","v":"SINAPI I 5318"},"SOLVENTE DILUENTE A BASE DE AGUARRÁS","l",0.14940000000000001,{"$f":"+Insumos!$G$318","v":23.8},3.55]
[{"$f":"CONCATENATE(\"SINAPI I \",Insumos!$B$364)","v":"SINAPI I 7292"},"TINTA ESMALTE SINTÉTICO BRILHANTE","l",0.58579999999999999,{"$f":"+Insumos!$G$364","v":34.700000000000003},20.32]
["SINAPI I 7307","FUNDO ANTICORROSIVO TIPO ZARCÃO","l",2.4899999999999999E-2,{"$f":"+Insumos!$G$214","v":37.43},{"$f":"TRUNC(D4076*E4076,2)","v":0.93}]
["SINAPI I 3767","LIXA P/MADEIRA","fl",1.2312000000000001,{"$f":"+Insumos!$G$239","v":1.48},1.82]
["SINAPI 6086","FUNDO SINTÉTICO NIVELADOR BRANCO FOSCO","gl",0.42420000000000002,{"$f":"+Insumos!$G$216","v":43.28},18.350000000000001]
[{"$f":"CONCATENATE(\"COTAÇÃO \",Insumos!$B$135)","v":"COTAÇÃO 114"},"CAÇAMBA 4,00 m³","un",1.7999999999999999E-2,{"$f":"+Insumos!$G$135","v":493.97},8.89]
["SUB-TOTAL - MATERIAL / EQUIPAMENTOS:",null,{"$f":"SUM(F4061:F4079)","v":1057.3399999999999}]
[{"$f":"CONCATENATE(\"SINAPI C \",Insumos!$B$36)","v":"SINAPI C 88310"},"PINTOR C/ENCARGOS COMPLEMENTARES","h",3.6316000000000002,{"$f":"+Insumos!$G$36","v":21.41},{"$f":"TRUNC(D4081*E4081,2)","v":77.75}]
[{"$f":"CONCATENATE(\"SINAPI C \",Insumos!$B$21)","v":"SINAPI C 88262"},"CARPINTEIRO C/ENCARGOS COMPLEMENTARES","h",5.7801999999999998,{"$f":"+Insumos!$G$21","v":20.100000000000001},{"$f":"TRUNC(D4082*E4082,2)","v":116.18}]
[{"$f":"CONCATENATE(\"SINAPI C \",Insumos!$B$14)","v":"SINAPI C 88239"},"AJUDANTE DE CARPINTEIRO C/ENCARGOS COMPLEMENTARES","h",1.9267000000000001,{"$f":"+Insumos!$G$14","v":16.87},{"$f":"TRUNC(D4083*E4083,2)","v":32.5}]
[{"$f":"CONCATENATE(\"SINAPI C \",Insumos!$B$37)","v":"SINAPI C 88315"},"SERRALHEIRO C/ENCARGOS COMPLEMENTARES","h",6.5128000000000004,{"$f":"+Insumos!$G$37","v":20.22},{"$f":"TRUNC(D4084*E4084,2)","v":131.68}]
[{"$f":"CONCATENATE(\"SINAPI C \",Insumos!$B$18)","v":"SINAPI C 88251"},"AUXILIAR DE SERRALHEIRO C/ENCARGOS COMPLEMENTARES","h",5.3449,{"$f":"+Insumos!$G$18","v":17.87},{"$f":"TRUNC(D4085*E4085,2)","v":95.51}]
[{"$f":"CONCATENATE(\"SINAPI C \",Insumos!$B$35)","v":"SINAPI C 88309"},"PEDREIRO C/ENCARGOS COMPLEMENTARES","h",0.34179999999999999,{"$f":"+Insumos!$G$35","v":20.34},{"$f":"TRUNC(D4086*E4086,2)","v":6.95}]
[{"$f":"CONCATENATE(\"SINAPI C \",Insumos!$B$38)","v":"SINAPI C 88316"},"SERVENTE C/ ENCARGOS COMPLEMENTARES","h",0.52539999999999998,{"$f":"+Insumos!$G$38","v":16.920000000000002},{"$f":"TRUNC(D4087*E4087,2)","v":8.8800000000000008}]
["SUB-TOTAL - MÃO-DE-OBRA:",null,{"$f":"SUM(F4081:F4087)","v":469.45}]
[]
[null,"CUSTO TOTAL:",null,null,null,{"$f":"+C4080+C4088","v":1526.79}]
[]
[null,"BDI:","%",{"$f":"+$F$7","v":"28,21%"},null,{"$f":"TRUNC(F4090*D4092,2)","v":430.7}]
[]
[null,"PREÇO:",null,null,null,{"$f":"+F4090+F4092","v":1957.49}]
[]
["CÓDIGO","DISCRIMINAÇÃO","UN","COEFIC.","UNITÁRIO","TOTAL"]
[2871,"GANGORRA TRIPLA","un"]
[{"$f":"CONCATENATE(\"SINAPI C \",'Composições Aux. SINAPI'!$A$89)","v":"SINAPI C 90586"},"VIBRADOR DE IMERSÃO, DIÂMETRO DE PONTEIRA 45 mm (chp)","chp",2.2599999999999999E-2,{"$f":"+'Composições Aux. SINAPI'!$E$89:$F$89","v":1.1399999999999999},{"$f":"TRUNC(D4098*E4098,2)","v":0.02}]
[{"$f":"CONCATENATE(\"SINAPI C \",'Composições Aux. SINAPI'!$A$90)","v":"SINAPI C 90587"},"VIBRADOR DE IMERSÃO, DIÂMETRO DE PONTEIRA 45 mm (chi)","chi",6.5600000000000006E-2,{"$f":"+'Composições Aux. SINAPI'!$E$90:$F$90","v":0.35},{"$f":"TRUNC(D4099*E4099,2)","v":0.02}]
[{"$f":"CONCATENATE(\"SINAPI C \",'Composições Aux. SINAPI'!$A$33)","v":"SINAPI C 94963"},"CONCRETO fck=15 MPa PREPARO COM BETONEIRA","m³",8.2799999999999999E-2,{"$f":"+'Composições Aux. SINAPI'!$E$33:$F$33","v":352.14},{"$f":"TRUNC(D4100*E4100,2)","v":29.15}]
[{"$f":"CONCATENATE(\"SINAPI I \",Insumos!$B$374)","v":"SINAPI I 21013"},"TUBO AÇO GALVANIZADO C/COSTURA 2\", 3,00 mm","m",3.8624999999999998,{"$f":"+Insumos!$G$374","v":89.43},345.42]
[{"$f":"CONCATENATE(\"SINAPI I \",Insumos!$B$110)","v":"SINAPI I 546"},"BARRA DE FERRO RETANGULAR, BARRA CHATA","kg",3.8094000000000001,{"$f":"+Insumos!$G$110","v":10.29},39.19]
[{"$f":"CONCATENATE(\"SINAPI I \",Insumos!$B$60)","v":"SINAPI I 43054"},"AÇO CA-25 10 mm","kg",0.38569999999999999,{"$f":"+Insumos!$G$60","v":10.02},3.86]
[{"$f":"CONCATENATE(\"SINAPI I \",Insumos!$B$62)","v":"SINAPI I 43054"},"AÇO CA-25 16 mm","kg",3.8809999999999998,{"$f":"+Insumos!$G$62","v":10.02},38.880000000000003]
[{"$f":"CONCATENATE(\"SINAPI I \",Insumos!$B$192)","v":"SINAPI I 11002"},"ELETRODO REVESTIDO AWS - E6013, DIAMETRO IGUAL A 2,50 mm","kg",3.85E-2,{"$f":"+Insumos!$G$192","v":63.86},2.4500000000000002]
[{"$f":"CONCATENATE(\"COTAÇÃO \",Insumos!$B$338)","v":"COTAÇÃO 35"},"TÁBUA ITAÚBA LIXADA APLAINADA 4 x 30 x 3,00","un",3,{"$f":"+Insumos!$G$338","v":311.77999999999997},935.34]
[{"$f":"CONCATENATE(\"COTAÇÃO \",Insumos!$B$142)","v":"COTAÇÃO 39"},"CAIBRO ITAÚBA 5 x 5 cm","m",0.75,{"$f":"+Insumos!$G$142","v":13.92},10.44]
[{"$f":"CONCATENATE(\"COTAÇÃO \",Insumos!$B$261)","v":"COTAÇÃO 52"},"PARAFUSO FRANCÊS ZINCADO 5/16\" x 4\" C/PORCA","un",12,{"$f":"+Insumos!$G$261","v":0.87},10.44]
[{"$f":"CONCATENATE(\"COTAÇÃO \",Insumos!$B$260)","v":"COTAÇÃO 51"},"PARAFUSO FRANCÊS ZINCADO 5/16\" X 2 1/2\" C/PORCA","un",18,{"$f":"+Insumos!$G$260","v":0.62},11.16]
[{"$f":"CONCATENATE(\"COTAÇÃO \",Insumos!$B$215)","v":"COTAÇÃO 109"},"FUNDO P/GALVANIZADO","l",4.6899999999999997E-2,{"$f":"+Insumos!$G$215","v":34.47},1.61]
[{"$f":"CONCATENATE(\"SINAPI I \",Insumos!$B$318)","v":"SINAPI I 5318"},"SOLVENTE DILUENTE A BASE DE AGUARRÁS","l",0.2198,{"$f":"+Insumos!$G$318","v":23.8},5.23]
[{"$f":"CONCATENATE(\"SINAPI I \",Insumos!$B$364)","v":"SINAPI I 7292"},"TINTA ESMALTE SINTÉTICO BRILHANTE","l",0.84589999999999999,{"$f":"+Insumos!$G$364","v":34.700000000000003},29.35]
["SINAPI I 7307","FUNDO ANTICORROSIVO TIPO ZARCÃO","l",3.7199999999999997E-2,{"$f":"+Insumos!$G$214","v":37.43},1.39]
["SINAPI I 3767","LIXA P/MADEIRA","fl",1.8469,{"$f":"+Insumos!$G$239","v":1.48},2.73]
["SINAPI 6086","FUNDO SINTÉTICO NIVELADOR BRANCO FOSCO","gl",0.63629999999999998,{"$f":"+Insumos!$G$216","v":43.28},27.53]
[{"$f":"CONCATENATE(\"COTAÇÃO \",Insumos!$B$135)","v":"COTAÇÃO 114"},"CAÇAMBA 4,00 m³","un",1.7999999999999999E-2,{"$f":"+Insumos!$G$135","v":493.97},8.89]
["SUB-TOTAL - MATERIAL / EQUIPAMENTOS:",null,{"$f":"SUM(F4098:F4116)","v":1503.1000000000001}]
[{"$f":"CONCATENATE(\"SINAPI C \",Insumos!$B$36)","v":"SINAPI C 88310"},"PINTOR C/ENCARGOS COMPLEMENTARES","h",5.1858000000000004,{"$f":"+Insumos!$G$36","v":21.41},{"$f":"TRUNC(D4118*E4118,2)","v":111.02}]
[{"$f":"CONCATENATE(\"SINAPI C \",Insumos!$B$21)","v":"SINAPI C 88262"},"CARPINTEIRO C/ENCARGOS COMPLEMENTARES","h",8.6701999999999995,{"$f":"+Insumos!$G$21","v":20.100000000000001},{"$f":"TRUNC(D4119*E4119,2)","v":174.27}]
[{"$f":"CONCATENATE(\"SINAPI C \",Insumos!$B$14)","v":"SINAPI C 88239"},"AJUDANTE DE CARPINTEIRO C/ENCARGOS COMPLEMENTARES","h",2.8900999999999999,{"$f":"+Insumos!$G$14","v":16.87},{"$f":"TRUNC(D4120*E4120,2)","v":48.75}]
[{"$f":"CONCATENATE(\"SINAPI C \",Insumos!$B$37)","v":"SINAPI C 88315"},"SERRALHEIRO C/ENCARGOS COMPLEMENTARES","h",9.1292000000000009,{"$f":"+Insumos!$G$37","v":20.22},{"$f":"TRUNC(D4121*E4121,2)","v":184.59}]
[{"$f":"CONCATENATE(\"SINAPI C \",Insumos!$B$18)","v":"SINAPI C 88251"},"AUXILIAR DE SERRALHEIRO C/ENCARGOS COMPLEMENTARES","h",7.4920999999999998,{"$f":"+Insumos!$G$18","v":17.87},{"$f":"TRUNC(D4122*E4122,2)","v":133.88}]
[{"$f":"CONCATENATE(\"SINAPI C \",Insumos!$B$35)","v":"SINAPI C 88309"},"PEDREIRO C/ENCARGOS COMPLEMENTARES","h",0.34179999999999999,{"$f":"+Insumos!$G$35","v":20.34},{"$f":"TRUNC(D4123*E4123,2)","v":6.95}]
[{"$f":"CONCATENATE(\"SINAPI C \",Insumos!$B$38)","v":"SINAPI C 88316"},"SERVENTE C/ ENCARGOS COMPLEMENTARES","h",0.52539999999999998,{"$f":"+Insumos!$G$38","v":16.920000000000002},{"$f":"TRUNC(D4124*E4124,2)","v":8.8800000000000008}]
["SUB-TOTAL - MÃO-DE-OBRA:",null,{"$f":"SUM(F4118:F4124)","v":668.34}]
[]
[null,"CUSTO TOTAL:",null,null,null,{"$f":"+C4117+C4125","v":2171.44}]
[]
[null,"BDI:","%",{"$f":"+$F$7","v":"28,21%"},null,{"$f":"TRUNC(F4127*D4129,2)","v":612.55999999999995}]
[]
[null,"PREÇO:",null,null,null,{"$f":"+F4127+F4129","v":2784}]
[]
["CÓDIGO","DISCRIMINAÇÃO","UN","COEFIC.","UNITÁRIO","TOTAL"]
[2875,"BARRA BALANÇO","un"]
[{"$f":"CONCATENATE(\"SINAPI C \",'Composições Aux. SINAPI'!$A$89)","v":"SINAPI C 90586"},"VIBRADOR DE IMERSÃO, DIÂMETRO DE PONTEIRA 45 mm (chp)","chp",0.1608,{"$f":"+'Composições Aux. SINAPI'!$E$89:$F$89","v":1.1399999999999999},{"$f":"TRUNC(D4135*E4135,2)","v":0.18}]
[{"$f":"CONCATENATE(\"SINAPI C \",'Composições Aux. SINAPI'!$A$90)","v":"SINAPI C 90587"},"VIBRADOR DE IMERSÃO, DIÂMETRO DE PONTEIRA 45 mm (chi)","chi",0.46639999999999998,{"$f":"+'Composições Aux. SINAPI'!$E$90:$F$90","v":0.35},{"$f":"TRUNC(D4136*E4136,2)","v":0.16}]
[{"$f":"CONCATENATE(\"SINAPI C \",'Composições Aux. SINAPI'!$A$33)","v":"SINAPI C 94963"},"CONCRETO fck=15 MPa PREPARO COM BETONEIRA","m³",0.58879999999999999,{"$f":"+'Composições Aux. SINAPI'!$E$33:$F$33","v":352.14},{"$f":"TRUNC(D4137*E4137,2)","v":207.34}]
[{"$f":"CONCATENATE(\"SINAPI I \",Insumos!$B$374)","v":"SINAPI I 21013"},"TUBO AÇO GALVANIZADO C/COSTURA 2\", 3,00 mm","m",3.9140000000000001,{"$f":"+Insumos!$G$374","v":89.43},350.02]
[{"$f":"CONCATENATE(\"SINAPI I \",Insumos!$B$373)","v":"SINAPI I 21012"},"TUBO AÇO GALVANIZADO C/COSTURA 1 1/2\", 3,00 mm","m",3.09,{"$f":"+Insumos!$G$373","v":68.53},211.75]
[{"$f":"CONCATENATE(\"SINAPI I \",Insumos!$B$372)","v":"SINAPI I 21011"},"TUBO AÇO GALVANIZADO C/COSTURA 1 1/4\", 2,65 mm","m",21.18,{"$f":"+Insumos!$G$372","v":62.02},{"$f":"TRUNC(D4140*E4140,2)","v":1313.58}]
[{"$f":"CONCATENATE(\"SINAPI I \",Insumos!$B$370)","v":"SINAPI I 21009"},"TUBO AÇO GALVANIZADO C/COSTURA 3/4\", 2,25 mm","m",0.20599999999999999,{"$f":"+Insumos!$G$370","v":31.69},6.52]
[{"$f":"CONCATENATE(\"SINAPI I \",Insumos!$B$110)","v":"SINAPI I 546"},"BARRA DE FERRO RETANGULAR, BARRA CHATA","kg",4.3308999999999997,{"$f":"+Insumos!$G$110","v":10.29},44.56]
[{"$f":"CONCATENATE(\"SINAPI I \",Insumos!$B$60)","v":"SINAPI I 43054"},"AÇO CA-25 10 mm","kg",1.7839,{"$f":"+Insumos!$G$60","v":10.02},17.87]
[{"$f":"CONCATENATE(\"SINAPI I \",Insumos!$B$61)","v":"SINAPI I 43054"},"AÇO CA-25 12,5 mm","kg",2.3308,{"$f":"+Insumos!$G$61","v":10.02},23.35]
[{"$f":"CONCATENATE(\"SINAPI I \",Insumos!$B$62)","v":"SINAPI I 43054"},"AÇO CA-25 16 mm","kg",1.9404999999999999,{"$f":"+Insumos!$G$62","v":10.02},19.440000000000001]
[{"$f":"CONCATENATE(\"SINAPI I \",Insumos!$B$63)","v":"SINAPI I 43054"},"AÇO CA-25 20 mm","kg",0.71519999999999995,{"$f":"+Insumos!$G$63","v":10.02},7.16]
[{"$f":"CONCATENATE(\"COTAÇÃO \",Insumos!$B$269)","v":"COTAÇÃO 56"},"PARAFUSO SEXTAVADO AÇO ZINCADO 1/2\" x 1 1/2\"","un",20,{"$f":"+Insumos!$G$269","v":1.05},21]
["SINAPI I 4339","PORCA SEXTAVADA AÇO ZINCADO 1/2\"","un",20,{"$f":"+Insumos!$G$290","v":0.56000000000000005},11.2]
[{"$f":"CONCATENATE(\"COTAÇÃO \",Insumos!$B$177)","v":"COTAÇÃO 77"},"CORRENTE AÇO GALVANIZADO 5 mm ELO LONGO 22 x 45 mm","kg",1.9843,{"$f":"+Insumos!$G$177","v":29.18},57.9]
[{"$f":"CONCATENATE(\"SINAPI I \",Insumos!$B$192)","v":"SINAPI I 11002"},"ELETRODO REVESTIDO AWS - E6013, DIAMETRO IGUAL A 2,50 mm","kg",0.14829999999999999,{"$f":"+Insumos!$G$192","v":63.86},9.4700000000000006]
[{"$f":"CONCATENATE(\"COTAÇÃO \",Insumos!$B$325)","v":"COTAÇÃO 43"},"TÁBUA ITAÚBA 4 x 25 cm","m",4,{"$f":"+Insumos!$G$325","v":62.54},250.16]
[{"$f":"CONCATENATE(\"COTAÇÃO \",Insumos!$B$144)","v":"COTAÇÃO 41"},"CAIBRO ITAÚBA 5 x 10 cm","m",1.2,{"$f":"+Insumos!$G$144","v":27.9},33.479999999999997]
[{"$f":"CONCATENATE(\"COTAÇÃO \",Insumos!$B$143)","v":"COTAÇÃO 40"},"CAIBRO ITAÚBA 5 x 7 cm","m",1.3,{"$f":"+Insumos!$G$143","v":20.93},27.2]
[{"$f":"CONCATENATE(\"COTAÇÃO \",Insumos!$B$261)","v":"COTAÇÃO 52"},"PARAFUSO FRANCÊS ZINCADO 5/16\" x 4\" C/PORCA","un",8,{"$f":"+Insumos!$G$261","v":0.87},6.96]
[{"$f":"CONCATENATE(\"COTAÇÃO \",Insumos!$B$262)","v":"COTAÇÃO 53"},"PARAFUSO FRANCÊS ZINCADO 5/16\" x 5\" C/PORCA","un",10,{"$f":"+Insumos!$G$262","v":1.02},10.199999999999999]
[{"$f":"CONCATENATE(\"COTAÇÃO \",Insumos!$B$215)","v":"COTAÇÃO 109"},"FUNDO P/GALVANIZADO","l",0.25940000000000002,{"$f":"+Insumos!$G$215","v":34.47},8.94]
[{"$f":"CONCATENATE(\"SINAPI I \",Insumos!$B$318)","v":"SINAPI I 5318"},"SOLVENTE DILUENTE A BASE DE AGUARRÁS","l",0.25790000000000002,{"$f":"+Insumos!$G$318","v":23.8},6.13]
[{"$f":"CONCATENATE(\"SINAPI I \",Insumos!$B$364)","v":"SINAPI I 7292"},"TINTA ESMALTE SINTÉTICO BRILHANTE","l",1.4857,{"$f":"+Insumos!$G$364","v":34.700000000000003},51.55]
["SINAPI I 7307","FUNDO ANTICORROSIVO TIPO ZARCÃO","l",5.0599999999999999E-2,{"$f":"+Insumos!$G$214","v":37.43},1.89]
["SINAPI I 3767","LIXA P/MADEIRA","fl",1.1694,{"$f":"+Insumos!$G$239","v":1.48},1.73]
["SINAPI 6086","FUNDO SINTÉTICO NIVELADOR BRANCO FOSCO","gl",0.40279999999999999,{"$f":"+Insumos!$G$216","v":43.28},17.43]
[{"$f":"CONCATENATE(\"COTAÇÃO \",Insumos!$B$135)","v":"COTAÇÃO 114"},"CAÇAMBA 4,00 m³","un",0.128,{"$f":"+Insumos!$G$135","v":493.97},63.22]
["SUB-TOTAL - MATERIAL / EQUIPAMENTOS:",null,{"$f":"SUM(F4135:F4162)","v":2780.3899999999985}]
[{"$f":"CONCATENATE(\"SINAPI C \",Insumos!$B$36)","v":"SINAPI C 88310"},"PINTOR C/ENCARGOS COMPLEMENTARES","h",10.861800000000001,{"$f":"+Insumos!$G$36","v":21.41},{"$f":"TRUNC(D4164*E4164,2)","v":232.55}]
[{"$f":"CONCATENATE(\"SINAPI C \",Insumos!$B$21)","v":"SINAPI C 88262"},"CARPINTEIRO C/ENCARGOS COMPLEMENTARES","h",3.7892000000000001,{"$f":"+Insumos!$G$21","v":20.100000000000001},{"$f":"TRUNC(D4165*E4165,2)","v":76.16}]
[{"$f":"CONCATENATE(\"SINAPI C \",Insumos!$B$14)","v":"SINAPI C 88239"},"AJUDANTE DE CARPINTEIRO C/ENCARGOS COMPLEMENTARES","h",1.2630999999999999,{"$f":"+Insumos!$G$14","v":16.87},{"$f":"TRUNC(D4166*E4166,2)","v":21.3}]
[{"$f":"CONCATENATE(\"SINAPI C \",Insumos!$B$37)","v":"SINAPI C 88315"},"SERRALHEIRO C/ENCARGOS COMPLEMENTARES","h",35.157499999999999,{"$f":"+Insumos!$G$37","v":20.22},{"$f":"TRUNC(D4167*E4167,2)","v":710.88}]
[{"$f":"CONCATENATE(\"SINAPI C \",Insumos!$B$18)","v":"SINAPI C 88251"},"AUXILIAR DE SERRALHEIRO C/ENCARGOS COMPLEMENTARES","h",28.852900000000002,{"$f":"+Insumos!$G$18","v":17.87},{"$f":"TRUNC(D4168*E4168,2)","v":515.6}]
[{"$f":"CONCATENATE(\"SINAPI C \",Insumos!$B$35)","v":"SINAPI C 88309"},"PEDREIRO C/ENCARGOS COMPLEMENTARES","h",2.4304000000000001,{"$f":"+Insumos!$G$35","v":20.34},{"$f":"TRUNC(D4169*E4169,2)","v":49.43}]
[{"$f":"CONCATENATE(\"SINAPI C \",Insumos!$B$38)","v":"SINAPI C 88316"},"SERVENTE C/ ENCARGOS COMPLEMENTARES","h",3.7361,{"$f":"+Insumos!$G$38","v":16.920000000000002},{"$f":"TRUNC(D4170*E4170,2)","v":63.21}]
["SUB-TOTAL - MÃO-DE-OBRA:",null,{"$f":"SUM(F4164:F4170)","v":1669.1300000000003}]
[]
[null,"CUSTO TOTAL:",null,null,null,{"$f":"+C4163+C4171","v":4449.5199999999986}]
[]
[null,"BDI:","%",{"$f":"+$F$7","v":"28,21%"},null,{"$f":"TRUNC(F4173*D4175,2)","v":1255.2}]
[]
[null,"PREÇO:",null,null,null,{"$f":"+F4173+F4175","v":5704.7199999999984}]
[]
["CÓDIGO","DISCRIMINAÇÃO","UN","COEFIC.","UNITÁRIO","TOTAL"]
[2880,"BALANÇO MISTO","un"]
[{"$f":"CONCATENATE(\"SINAPI C \",'Composições Aux. SINAPI'!$A$89)","v":"SINAPI C 90586"},"VIBRADOR DE IMERSÃO, DIÂMETRO DE PONTEIRA 45 mm (chp)","chp",0.1206,{"$f":"+'Composições Aux. SINAPI'!$E$89:$F$89","v":1.1399999999999999},{"$f":"TRUNC(D4181*E4181,2)","v":0.13}]
[{"$f":"CONCATENATE(\"SINAPI C \",'Composições Aux. SINAPI'!$A$90)","v":"SINAPI C 90587"},"VIBRADOR DE IMERSÃO, DIÂMETRO DE PONTEIRA 45 mm (chi)","chi",0.3498,{"$f":"+'Composições Aux. SINAPI'!$E$90:$F$90","v":0.35},{"$f":"TRUNC(D4182*E4182,2)","v":0.12}]
[{"$f":"CONCATENATE(\"SINAPI C \",'Composições Aux. SINAPI'!$A$33)","v":"SINAPI C 94963"},"CONCRETO fck=15 MPa PREPARO COM BETONEIRA","m³",0.44159999999999999,{"$f":"+'Composições Aux. SINAPI'!$E$33:$F$33","v":352.14},{"$f":"TRUNC(D4183*E4183,2)","v":155.5}]
[{"$f":"CONCATENATE(\"SINAPI I \",Insumos!$B$374)","v":"SINAPI I 21013"},"TUBO AÇO GALVANIZADO C/COSTURA 2\", 3,00 mm","m",2.0190000000000001,{"$f":"+Insumos!$G$374","v":89.43},180.55]
[{"$f":"CONCATENATE(\"SINAPI I \",Insumos!$B$373)","v":"SINAPI I 21012"},"TUBO AÇO GALVANIZADO C/COSTURA 1 1/2\", 3,00 mm","m",24.308,{"$f":"+Insumos!$G$373","v":68.53},1665.82]
[{"$f":"CONCATENATE(\"SINAPI I \",Insumos!$B$370)","v":"SINAPI I 21009"},"TUBO AÇO GALVANIZADO C/COSTURA 3/4\", 2,25 mm","m",0.41199999999999998,{"$f":"+Insumos!$G$370","v":31.69},13.05]
[{"$f":"CONCATENATE(\"SINAPI I \",Insumos!$B$110)","v":"SINAPI I 546"},"BARRA DE FERRO RETANGULAR, BARRA CHATA","kg",6.3723999999999998,{"$f":"+Insumos!$G$110","v":10.29},65.569999999999993]
[{"$f":"CONCATENATE(\"SINAPI I \",Insumos!$B$59)","v":"SINAPI I 43053"},"AÇO CA-25 8 mm","kg",2.5387,{"$f":"+Insumos!$G$59","v":8.9499999999999993},22.72]
[{"$f":"CONCATENATE(\"SINAPI I \",Insumos!$B$60)","v":"SINAPI I 43054"},"AÇO CA-25 10 mm","kg",4.5762,{"$f":"+Insumos!$G$60","v":10.02},45.85]
[{"$f":"CONCATENATE(\"SINAPI I \",Insumos!$B$61)","v":"SINAPI I 43054"},"AÇO CA-25 12,5 mm","kg",0.5292,{"$f":"+Insumos!$G$61","v":10.02},5.3]
[{"$f":"CONCATENATE(\"SINAPI I \",Insumos!$B$63)","v":"SINAPI I 43054"},"AÇO CA-25 20 mm","kg",1.4305000000000001,{"$f":"+Insumos!$G$63","v":10.02},14.33]
[{"$f":"CONCATENATE(\"COTAÇÃO \",Insumos!$B$269)","v":"COTAÇÃO 56"},"PARAFUSO SEXTAVADO AÇO ZINCADO 1/2\" x 1 1/2\"","un",26,{"$f":"+Insumos!$G$269","v":1.05},27.3]
["SINAPI I 4339","PORCA SEXTAVADA AÇO ZINCADO 1/2\"","un",26,{"$f":"+Insumos!$G$290","v":0.56000000000000005},14.56]
[{"$f":"CONCATENATE(\"COTAÇÃO \",Insumos!$B$177)","v":"COTAÇÃO 77"},"CORRENTE AÇO GALVANIZADO 5 mm ELO LONGO 22 x 45 mm","kg",3.4592999999999998,{"$f":"+Insumos!$G$177","v":29.18},100.94]
[{"$f":"CONCATENATE(\"SINAPI I \",Insumos!$B$192)","v":"SINAPI I 11002"},"ELETRODO REVESTIDO AWS - E6013, DIAMETRO IGUAL A 2,50 mm","kg",0.18579999999999999,{"$f":"+Insumos!$G$192","v":63.86},11.86]
[{"$f":"CONCATENATE(\"COTAÇÃO \",Insumos!$B$324)","v":"COTAÇÃO 42"},"TÁBUA ITAÚBA 4 x 15 cm","m",1,{"$f":"+Insumos!$G$324","v":37.520000000000003},37.520000000000003]
[{"$f":"CONCATENATE(\"COTAÇÃO \",Insumos!$B$326)","v":"COTAÇÃO 44"},"TÁBUA ITAÚBA 4 x 30 cm","m",1,{"$f":"+Insumos!$G$326","v":75.05},75.05]
[{"$f":"CONCATENATE(\"COTAÇÃO \",Insumos!$B$315)","v":"COTAÇÃO 38"},"SARRAFO ITAÚBA 2,5 x 5,0 cm","m",3,{"$f":"+Insumos!$G$315","v":6.95},20.85]
[{"$f":"CONCATENATE(\"COTAÇÃO \",Insumos!$B$142)","v":"COTAÇÃO 39"},"CAIBRO ITAÚBA 5 x 5 cm","m",1.5,{"$f":"+Insumos!$G$142","v":13.92},20.88]
[{"$f":"CONCATENATE(\"COTAÇÃO \",Insumos!$B$259)","v":"COTAÇÃO 50"},"PARAFUSO FRANCÊS ZINCADO 5/16\" x 2\" C/PORCA","un",8,{"$f":"+Insumos!$G$259","v":0.53},4.24]
[{"$f":"CONCATENATE(\"COTAÇÃO \",Insumos!$B$215)","v":"COTAÇÃO 109"},"FUNDO P/GALVANIZADO","l",0.26300000000000001,{"$f":"+Insumos!$G$215","v":34.47},9.06]
[{"$f":"CONCATENATE(\"SINAPI I \",Insumos!$B$318)","v":"SINAPI I 5318"},"SOLVENTE DILUENTE A BASE DE AGUARRÁS","l",0.22040000000000001,{"$f":"+Insumos!$G$318","v":23.8},5.24]
[{"$f":"CONCATENATE(\"SINAPI I \",Insumos!$B$364)","v":"SINAPI I 7292"},"TINTA ESMALTE SINTÉTICO BRILHANTE","l",1.4213,{"$f":"+Insumos!$G$364","v":34.700000000000003},49.31]
["SINAPI I 7307","FUNDO ANTICORROSIVO TIPO ZARCÃO","l",8.4900000000000003E-2,{"$f":"+Insumos!$G$214","v":37.43},3.17]
["SINAPI I 3767","LIXA P/MADEIRA","fl",0.66520000000000001,{"$f":"+Insumos!$G$239","v":1.48},0.98]
["SINAPI 6086","FUNDO SINTÉTICO NIVELADOR BRANCO FOSCO","gl",0.22919999999999999,{"$f":"+Insumos!$G$216","v":43.28},9.91]
[{"$f":"CONCATENATE(\"COTAÇÃO \",Insumos!$B$135)","v":"COTAÇÃO 114"},"CAÇAMBA 4,00 m³","un",9.6000000000000002E-2,{"$f":"+Insumos!$G$135","v":493.97},47.42]
["SUB-TOTAL - MATERIAL / EQUIPAMENTOS:",null,{"$f":"SUM(F4181:F4207)","v":2607.2299999999996}]
[{"$f":"CONCATENATE(\"SINAPI C \",Insumos!$B$36)","v":"SINAPI C 88310"},"PINTOR C/ENCARGOS COMPLEMENTARES","h",10.7814,{"$f":"+Insumos!$G$36","v":21.41},{"$f":"TRUNC(D4209*E4209,2)","v":230.82}]
[{"$f":"CONCATENATE(\"SINAPI C \",Insumos!$B$21)","v":"SINAPI C 88262"},"CARPINTEIRO C/ENCARGOS COMPLEMENTARES","h",2.1676000000000002,{"$f":"+Insumos!$G$21","v":20.100000000000001},{"$f":"TRUNC(D4210*E4210,2)","v":43.56}]
[{"$f":"CONCATENATE(\"SINAPI C \",Insumos!$B$14)","v":"SINAPI C 88239"},"AJUDANTE DE CARPINTEIRO C/ENCARGOS COMPLEMENTARES","h",0.72250000000000003,{"$f":"+Insumos!$G$14","v":16.87},{"$f":"TRUNC(D4211*E4211,2)","v":12.18}]
[{"$f":"CONCATENATE(\"SINAPI C \",Insumos!$B$37)","v":"SINAPI C 88315"},"SERRALHEIRO C/ENCARGOS COMPLEMENTARES","h",44.025100000000002,{"$f":"+Insumos!$G$37","v":20.22},{"$f":"TRUNC(D4212*E4212,2)","v":890.18}]
[{"$f":"CONCATENATE(\"SINAPI C \",Insumos!$B$18)","v":"SINAPI C 88251"},"AUXILIAR DE SERRALHEIRO C/ENCARGOS COMPLEMENTARES","h",36.130299999999998,{"$f":"+Insumos!$G$18","v":17.87},{"$f":"TRUNC(D4213*E4213,2)","v":645.64}]
[{"$f":"CONCATENATE(\"SINAPI C \",Insumos!$B$35)","v":"SINAPI C 88309"},"PEDREIRO C/ENCARGOS COMPLEMENTARES","h",1.8228,{"$f":"+Insumos!$G$35","v":20.34},{"$f":"TRUNC(D4214*E4214,2)","v":37.07}]
[{"$f":"CONCATENATE(\"SINAPI C \",Insumos!$B$38)","v":"SINAPI C 88316"},"SERVENTE C/ ENCARGOS COMPLEMENTARES","h",2.802,{"$f":"+Insumos!$G$38","v":16.920000000000002},{"$f":"TRUNC(D4215*E4215,2)","v":47.4}]
["SUB-TOTAL - MÃO-DE-OBRA:",null,{"$f":"SUM(F4209:F4215)","v":1906.8500000000001}]
[]
[null,"CUSTO TOTAL:",null,null,null,{"$f":"+C4208+C4216","v":4514.08}]
[]
[null,"BDI:","%",{"$f":"+$F$7","v":"28,21%"},null,{"$f":"TRUNC(F4218*D4220,2)","v":1273.42}]
[]
[null,"PREÇO:",null,null,null,{"$f":"+F4218+F4220","v":5787.5}]
[]
["CÓDIGO","DISCRIMINAÇÃO","UN","COEFIC.","UNITÁRIO","TOTAL"]
[2881,"BALANÇO JUVENIL","un"]
[{"$f":"CONCATENATE(\"SINAPI C \",'Composições Aux. SINAPI'!$A$89)","v":"SINAPI C 90586"},"VIBRADOR DE IMERSÃO, DIÂMETRO DE PONTEIRA 45 mm (chp)","chp",0.1206,{"$f":"+'Composições Aux. SINAPI'!$E$89:$F$89","v":1.1399999999999999},{"$f":"TRUNC(D4226*E4226,2)","v":0.13}]
[{"$f":"CONCATENATE(\"SINAPI C \",'Composições Aux. SINAPI'!$A$90)","v":"SINAPI C 90587"},"VIBRADOR DE IMERSÃO, DIÂMETRO DE PONTEIRA 45 mm (chi)","chi",0.3498,{"$f":"+'Composições Aux. SINAPI'!$E$90:$F$90","v":0.35},{"$f":"TRUNC(D4227*E4227,2)","v":0.12}]
[{"$f":"CONCATENATE(\"SINAPI C \",'Composições Aux. SINAPI'!$A$33)","v":"SINAPI C 94963"},"CONCRETO fck=15 MPa PREPARO COM BETONEIRA","m³",0.44159999999999999,{"$f":"+'Composições Aux. SINAPI'!$E$33:$F$33","v":352.14},{"$f":"TRUNC(D4228*E4228,2)","v":155.5}]
[{"$f":"CONCATENATE(\"SINAPI I \",Insumos!$B$374)","v":"SINAPI I 21013"},"TUBO AÇO GALVANIZADO C/COSTURA 2\", 3,00 mm","m",2.0190000000000001,{"$f":"+Insumos!$G$374","v":89.43},180.55]
[{"$f":"CONCATENATE(\"SINAPI I \",Insumos!$B$373)","v":"SINAPI I 21012"},"TUBO AÇO GALVANIZADO C/COSTURA 1 1/2\", 3,00 mm","m",24.308,{"$f":"+Insumos!$G$373","v":68.53},1665.82]
[{"$f":"CONCATENATE(\"SINAPI I \",Insumos!$B$370)","v":"SINAPI I 21009"},"TUBO AÇO GALVANIZADO C/COSTURA 3/4\", 2,25 mm","m",0.41199999999999998,{"$f":"+Insumos!$G$370","v":31.69},13.05]
[{"$f":"CONCATENATE(\"SINAPI I \",Insumos!$B$110)","v":"SINAPI I 546"},"BARRA DE FERRO RETANGULAR, BARRA CHATA","kg",7.0213000000000001,{"$f":"+Insumos!$G$110","v":10.29},72.239999999999995]
[{"$f":"CONCATENATE(\"SINAPI I \",Insumos!$B$60)","v":"SINAPI I 43054"},"AÇO CA-25 10 mm","kg",4.5762,{"$f":"+Insumos!$G$60","v":10.02},45.85]
[{"$f":"CONCATENATE(\"SINAPI I \",Insumos!$B$61)","v":"SINAPI I 43054"},"AÇO CA-25 12,5 mm","kg",1.0583,{"$f":"+Insumos!$G$61","v":10.02},10.6]
[{"$f":"CONCATENATE(\"SINAPI I \",Insumos!$B$63)","v":"SINAPI I 43054"},"AÇO CA-25 20 mm","kg",1.4305000000000001,{"$f":"+Insumos!$G$63","v":10.02},14.33]
[{"$f":"CONCATENATE(\"COTAÇÃO \",Insumos!$B$269)","v":"COTAÇÃO 56"},"PARAFUSO SEXTAVADO AÇO ZINCADO 1/2\" x 1 1/2\"","un",26,{"$f":"+Insumos!$G$269","v":1.05},27.3]
["SINAPI I 4339","PORCA SEXTAVADA AÇO ZINCADO 1/2\"","un",26,{"$f":"+Insumos!$G$290","v":0.56000000000000005},14.56]
[{"$f":"CONCATENATE(\"COTAÇÃO \",Insumos!$B$177)","v":"COTAÇÃO 77"},"CORRENTE AÇO GALVANIZADO 5 mm ELO LONGO 22 x 45 mm","kg",5.1626000000000003,{"$f":"+Insumos!$G$177","v":29.18},150.63999999999999]
[{"$f":"CONCATENATE(\"SINAPI I \",Insumos!$B$192)","v":"SINAPI I 11002"},"ELETRODO REVESTIDO AWS - E6013, DIAMETRO IGUAL A 2,50 mm","kg",0.1666,{"$f":"+Insumos!$G$192","v":63.86},10.63]
[{"$f":"CONCATENATE(\"COTAÇÃO \",Insumos!$B$324)","v":"COTAÇÃO 42"},"TÁBUA ITAÚBA 4 x 15 cm","m",2,{"$f":"+Insumos!$G$324","v":37.520000000000003},75.040000000000006]
[{"$f":"CONCATENATE(\"COTAÇÃO \",Insumos!$B$259)","v":"COTAÇÃO 50"},"PARAFUSO FRANCÊS ZINCADO 5/16\" x 2\" C/PORCA","un",16,{"$f":"+Insumos!$G$259","v":0.53},8.48]
[{"$f":"CONCATENATE(\"COTAÇÃO \",Insumos!$B$215)","v":"COTAÇÃO 109"},"FUNDO P/GALVANIZADO","l",0.26300000000000001,{"$f":"+Insumos!$G$215","v":34.47},9.06]
[{"$f":"CONCATENATE(\"SINAPI I \",Insumos!$B$318)","v":"SINAPI I 5318"},"SOLVENTE DILUENTE A BASE DE AGUARRÁS","l",0.1759,{"$f":"+Insumos!$G$318","v":23.8},4.18]
[{"$f":"CONCATENATE(\"SINAPI I \",Insumos!$B$364)","v":"SINAPI I 7292"},"TINTA ESMALTE SINTÉTICO BRILHANTE","l",1.2701,{"$f":"+Insumos!$G$364","v":34.700000000000003},44.07]
["SINAPI I 7307","FUNDO ANTICORROSIVO TIPO ZARCÃO","l",7.5300000000000006E-2,{"$f":"+Insumos!$G$214","v":37.43},2.81]
["SINAPI I 3767","LIXA P/MADEIRA","fl",0.25359999999999999,{"$f":"+Insumos!$G$239","v":1.48},0.37]
["SINAPI 6086","FUNDO SINTÉTICO NIVELADOR BRANCO FOSCO","gl",8.7400000000000005E-2,{"$f":"+Insumos!$G$216","v":43.28},3.78]
[{"$f":"CONCATENATE(\"COTAÇÃO \",Insumos!$B$135)","v":"COTAÇÃO 114"},"CAÇAMBA 4,00 m³","un",9.6000000000000002E-2,{"$f":"+Insumos!$G$135","v":493.97},47.42]
["SUB-TOTAL - MATERIAL / EQUIPAMENTOS:",null,{"$f":"SUM(F4226:F4248)","v":2556.5299999999997}]
[{"$f":"CONCATENATE(\"SINAPI C \",Insumos!$B$36)","v":"SINAPI C 88310"},"PINTOR C/ENCARGOS COMPLEMENTARES","h",9.9235000000000007,{"$f":"+Insumos!$G$36","v":21.41},{"$f":"TRUNC(D4250*E4250,2)","v":212.46}]
[{"$f":"CONCATENATE(\"SINAPI C \",Insumos!$B$21)","v":"SINAPI C 88262"},"CARPINTEIRO C/ENCARGOS COMPLEMENTARES","h",0.96340000000000003,{"$f":"+Insumos!$G$21","v":20.100000000000001},{"$f":"TRUNC(D4251*E4251,2)","v":19.36}]
[{"$f":"CONCATENATE(\"SINAPI C \",Insumos!$B$14)","v":"SINAPI C 88239"},"AJUDANTE DE CARPINTEIRO C/ENCARGOS COMPLEMENTARES","h",0.3211,{"$f":"+Insumos!$G$14","v":16.87},{"$f":"TRUNC(D4252*E4252,2)","v":5.41}]
[{"$f":"CONCATENATE(\"SINAPI C \",Insumos!$B$37)","v":"SINAPI C 88315"},"SERRALHEIRO C/ENCARGOS COMPLEMENTARES","h",39.474699999999999,{"$f":"+Insumos!$G$37","v":20.22},{"$f":"TRUNC(D4253*E4253,2)","v":798.17}]
[{"$f":"CONCATENATE(\"SINAPI C \",Insumos!$B$18)","v":"SINAPI C 88251"},"AUXILIAR DE SERRALHEIRO C/ENCARGOS COMPLEMENTARES","h",32.395899999999997,{"$f":"+Insumos!$G$18","v":17.87},{"$f":"TRUNC(D4254*E4254,2)","v":578.91}]
[{"$f":"CONCATENATE(\"SINAPI C \",Insumos!$B$35)","v":"SINAPI C 88309"},"PEDREIRO C/ENCARGOS COMPLEMENTARES","h",1.8228,{"$f":"+Insumos!$G$35","v":20.34},{"$f":"TRUNC(D4255*E4255,2)","v":37.07}]
[{"$f":"CONCATENATE(\"SINAPI C \",Insumos!$B$38)","v":"SINAPI C 88316"},"SERVENTE C/ ENCARGOS COMPLEMENTARES","h",2.802,{"$f":"+Insumos!$G$38","v":16.920000000000002},{"$f":"TRUNC(D4256*E4256,2)","v":47.4}]
["SUB-TOTAL - MÃO-DE-OBRA:",null,{"$f":"SUM(F4250:F4256)","v":1698.78}]
[]
[null,"CUSTO TOTAL:",null,null,null,{"$f":"+C4249+C4257","v":4255.3099999999995}]
[]
[null,"BDI:","%",{"$f":"+$F$7","v":"28,21%"},null,{"$f":"TRUNC(F4259*D4261,2)","v":1200.42}]
[]
[null,"PREÇO:",null,null,null,{"$f":"+F4259+F4261","v":5455.73}]
[]
["CÓDIGO","DISCRIMINAÇÃO","UN","COEFIC.","UNITÁRIO","TOTAL"]
[2882,"BALANÇO INFANTIL","un"]
[{"$f":"CONCATENATE(\"SINAPI C \",'Composições Aux. SINAPI'!$A$89)","v":"SINAPI C 90586"},"VIBRADOR DE IMERSÃO, DIÂMETRO DE PONTEIRA 45 mm (chp)","chp",0.1206,{"$f":"+'Composições Aux. SINAPI'!$E$89:$F$89","v":1.1399999999999999},{"$f":"TRUNC(D4267*E4267,2)","v":0.13}]
[{"$f":"CONCATENATE(\"SINAPI C \",'Composições Aux. SINAPI'!$A$90)","v":"SINAPI C 90587"},"VIBRADOR DE IMERSÃO, DIÂMETRO DE PONTEIRA 45 mm (chi)","chi",0.3498,{"$f":"+'Composições Aux. SINAPI'!$E$90:$F$90","v":0.35},{"$f":"TRUNC(D4268*E4268,2)","v":0.12}]
[{"$f":"CONCATENATE(\"SINAPI C \",'Composições Aux. SINAPI'!$A$33)","v":"SINAPI C 94963"},"CONCRETO fck=15 MPa PREPARO COM BETONEIRA","m³",0.44159999999999999,{"$f":"+'Composições Aux. SINAPI'!$E$33:$F$33","v":352.14},{"$f":"TRUNC(D4269*E4269,2)","v":155.5}]
[{"$f":"CONCATENATE(\"SINAPI I \",Insumos!$B$374)","v":"SINAPI I 21013"},"TUBO AÇO GALVANIZADO C/COSTURA 2\", 3,00 mm","m",2.0190000000000001,{"$f":"+Insumos!$G$374","v":89.43},180.55]
[{"$f":"CONCATENATE(\"SINAPI I \",Insumos!$B$373)","v":"SINAPI I 21012"},"TUBO AÇO GALVANIZADO C/COSTURA 1 1/2\", 3,00 mm","m",24.308,{"$f":"+Insumos!$G$373","v":68.53},1665.82]
[{"$f":"CONCATENATE(\"SINAPI I \",Insumos!$B$370)","v":"SINAPI I 21009"},"TUBO AÇO GALVANIZADO C/COSTURA 3/4\", 2,25 mm","m",0.41199999999999998,{"$f":"+Insumos!$G$370","v":31.69},13.05]
[{"$f":"CONCATENATE(\"SINAPI I \",Insumos!$B$110)","v":"SINAPI I 546"},"BARRA DE FERRO RETANGULAR, BARRA CHATA","kg",5.7234999999999996,{"$f":"+Insumos!$G$110","v":10.29},58.89]
[{"$f":"CONCATENATE(\"SINAPI I \",Insumos!$B$59)","v":"SINAPI I 43053"},"AÇO CA-25 8 mm","kg",5.0774999999999997,{"$f":"+Insumos!$G$59","v":8.9499999999999993},45.44]
[{"$f":"CONCATENATE(\"SINAPI I \",Insumos!$B$60)","v":"SINAPI I 43054"},"AÇO CA-25 10 mm","kg",4.5762,{"$f":"+Insumos!$G$60","v":10.02},{"$f":"TRUNC(D4275*E4275,2)","v":45.85}]
[{"$f":"CONCATENATE(\"SINAPI I \",Insumos!$B$63)","v":"SINAPI I 43054"},"AÇO CA-25 20 mm","kg",1.4305000000000001,{"$f":"+Insumos!$G$63","v":10.02},14.33]
[{"$f":"CONCATENATE(\"COTAÇÃO \",Insumos!$B$269)","v":"COTAÇÃO 56"},"PARAFUSO SEXTAVADO AÇO ZINCADO 1/2\" x 1 1/2\"","un",26,{"$f":"+Insumos!$G$269","v":1.05},27.3]
["SINAPI I 4339","PORCA SEXTAVADA AÇO ZINCADO 1/2\"","un",26,{"$f":"+Insumos!$G$290","v":0.56000000000000005},14.56]
[{"$f":"CONCATENATE(\"COTAÇÃO \",Insumos!$B$177)","v":"COTAÇÃO 77"},"CORRENTE AÇO GALVANIZADO 5 mm ELO LONGO 22 x 45 mm","kg",1.756,{"$f":"+Insumos!$G$177","v":29.18},51.24]
[{"$f":"CONCATENATE(\"SINAPI I \",Insumos!$B$192)","v":"SINAPI I 11002"},"ELETRODO REVESTIDO AWS - E6013, DIAMETRO IGUAL A 2,50 mm","kg",0.20499999999999999,{"$f":"+Insumos!$G$192","v":63.86},13.09]
[{"$f":"CONCATENATE(\"COTAÇÃO \",Insumos!$B$326)","v":"COTAÇÃO 44"},"TÁBUA ITAÚBA 4 x 30 cm","m",2,{"$f":"+Insumos!$G$326","v":75.05},150.1]
[{"$f":"CONCATENATE(\"COTAÇÃO \",Insumos!$B$315)","v":"COTAÇÃO 38"},"SARRAFO ITAÚBA 2,5 x 5,0 cm","m",6,{"$f":"+Insumos!$G$315","v":6.95},41.7]
[{"$f":"CONCATENATE(\"COTAÇÃO \",Insumos!$B$142)","v":"COTAÇÃO 39"},"CAIBRO ITAÚBA 5 x 5 cm","m",3,{"$f":"+Insumos!$G$142","v":13.92},41.76]
[{"$f":"CONCATENATE(\"COTAÇÃO \",Insumos!$B$215)","v":"COTAÇÃO 109"},"FUNDO P/GALVANIZADO","l",0.26300000000000001,{"$f":"+Insumos!$G$215","v":34.47},9.06]
[{"$f":"CONCATENATE(\"SINAPI I \",Insumos!$B$318)","v":"SINAPI I 5318"},"SOLVENTE DILUENTE A BASE DE AGUARRÁS","l",0.26500000000000001,{"$f":"+Insumos!$G$318","v":23.8},6.3]
[{"$f":"CONCATENATE(\"SINAPI I \",Insumos!$B$364)","v":"SINAPI I 7292"},"TINTA ESMALTE SINTÉTICO BRILHANTE","l",1.5725,{"$f":"+Insumos!$G$364","v":34.700000000000003},54.56]
["SINAPI I 7307","FUNDO ANTICORROSIVO TIPO ZARCÃO","l",9.4500000000000001E-2,{"$f":"+Insumos!$G$214","v":37.43},3.53]
["SINAPI I 3767","LIXA P/MADEIRA","fl",1.0768,{"$f":"+Insumos!$G$239","v":1.48},1.59]
["SINAPI 6086","FUNDO SINTÉTICO NIVELADOR BRANCO FOSCO","gl",0.371,{"$f":"+Insumos!$G$216","v":43.28},16.05]
[{"$f":"CONCATENATE(\"COTAÇÃO \",Insumos!$B$135)","v":"COTAÇÃO 114"},"CAÇAMBA 4,00 m³","un",9.6000000000000002E-2,{"$f":"+Insumos!$G$135","v":493.97},47.42]
["SUB-TOTAL - MATERIAL / EQUIPAMENTOS:",null,{"$f":"SUM(F4267:F4290)","v":2657.9400000000005}]
[{"$f":"CONCATENATE(\"SINAPI C \",Insumos!$B$36)","v":"SINAPI C 88310"},"PINTOR C/ENCARGOS COMPLEMENTARES","h",11.639699999999999,{"$f":"+Insumos!$G$36","v":21.41},{"$f":"TRUNC(D4292*E4292,2)","v":249.2}]
[{"$f":"CONCATENATE(\"SINAPI C \",Insumos!$B$21)","v":"SINAPI C 88262"},"CARPINTEIRO C/ENCARGOS COMPLEMENTARES","h",3.3717999999999999,{"$f":"+Insumos!$G$21","v":20.100000000000001},{"$f":"TRUNC(D4293*E4293,2)","v":67.77}]
[{"$f":"CONCATENATE(\"SINAPI C \",Insumos!$B$14)","v":"SINAPI C 88239"},"AJUDANTE DE CARPINTEIRO C/ENCARGOS COMPLEMENTARES","h",1.1238999999999999,{"$f":"+Insumos!$G$14","v":16.87},{"$f":"TRUNC(D4294*E4294,2)","v":18.96}]
[{"$f":"CONCATENATE(\"SINAPI C \",Insumos!$B$37)","v":"SINAPI C 88315"},"SERRALHEIRO C/ENCARGOS COMPLEMENTARES","h",48.575499999999998,{"$f":"+Insumos!$G$37","v":20.22},{"$f":"TRUNC(D4295*E4295,2)","v":982.19}]
[{"$f":"CONCATENATE(\"SINAPI C \",Insumos!$B$18)","v":"SINAPI C 88251"},"AUXILIAR DE SERRALHEIRO C/ENCARGOS COMPLEMENTARES","h",39.864699999999999,{"$f":"+Insumos!$G$18","v":17.87},{"$f":"TRUNC(D4296*E4296,2)","v":712.38}]
[{"$f":"CONCATENATE(\"SINAPI C \",Insumos!$B$35)","v":"SINAPI C 88309"},"PEDREIRO C/ENCARGOS COMPLEMENTARES","h",1.8228,{"$f":"+Insumos!$G$35","v":20.34},{"$f":"TRUNC(D4297*E4297,2)","v":37.07}]
[{"$f":"CONCATENATE(\"SINAPI C \",Insumos!$B$38)","v":"SINAPI C 88316"},"SERVENTE C/ ENCARGOS COMPLEMENTARES","h",2.802,{"$f":"+Insumos!$G$38","v":16.920000000000002},{"$f":"TRUNC(D4298*E4298,2)","v":47.4}]
["SUB-TOTAL - MÃO-DE-OBRA:",null,{"$f":"SUM(F4292:F4298)","v":2114.9700000000003}]
[]
[null,"CUSTO TOTAL:",null,null,null,{"$f":"+C4291+C4299","v":4772.9100000000008}]
[]
[null,"BDI:","%",{"$f":"+$F$7","v":"28,21%"},null,{"$f":"TRUNC(F4301*D4303,2)","v":1346.43}]
[]
[null,"PREÇO:",null,null,null,{"$f":"+F4301+F4303","v":6119.3400000000011}]
[]
["CÓDIGO","DISCRIMINAÇÃO","UN","COEFIC.","UNITÁRIO","TOTAL"]
[2885,"ESCORREGADOR","un"]
[{"$f":"CONCATENATE(\"SINAPI C \",'Composições Aux. SINAPI'!$A$89)","v":"SINAPI C 90586"},"VIBRADOR DE IMERSÃO, DIÂMETRO DE PONTEIRA 45 mm (chp)","chp",0.1105,{"$f":"+'Composições Aux. SINAPI'!$E$89:$F$89","v":1.1399999999999999},{"$f":"TRUNC(D4309*E4309,2)","v":0.12}]
[{"$f":"CONCATENATE(\"SINAPI C \",'Composições Aux. SINAPI'!$A$90)","v":"SINAPI C 90587"},"VIBRADOR DE IMERSÃO, DIÂMETRO DE PONTEIRA 45 mm (chi)","chi",0.32069999999999999,{"$f":"+'Composições Aux. SINAPI'!$E$90:$F$90","v":0.35},{"$f":"TRUNC(D4310*E4310,2)","v":0.11}]
[{"$f":"CONCATENATE(\"SINAPI C \",'Composições Aux. SINAPI'!$A$33)","v":"SINAPI C 94963"},"CONCRETO fck=15 MPa PREPARO COM BETONEIRA","m³",0.40479999999999999,{"$f":"+'Composições Aux. SINAPI'!$E$33:$F$33","v":352.14},{"$f":"TRUNC(D4311*E4311,2)","v":142.54}]
[{"$f":"CONCATENATE(\"SINAPI I \",Insumos!$B$110)","v":"SINAPI I 546"},"BARRA DE FERRO RETANGULAR, BARRA CHATA","kg",7.2103999999999999,{"$f":"+Insumos!$G$110","v":10.29},74.19]
[{"$f":"CONCATENATE(\"SINAPI I \",Insumos!$B$62)","v":"SINAPI I 43054"},"AÇO CA-25 16 mm","kg",9.9535999999999998,{"$f":"+Insumos!$G$62","v":10.02},99.73]
[{"$f":"CONCATENATE(\"COTAÇÃO \",Insumos!$B$260)","v":"COTAÇÃO 51"},"PARAFUSO FRANCÊS ZINCADO 5/16\" x 2 1/2\" C/PORCA","un",30,{"$f":"+Insumos!$G$260","v":0.62},18.600000000000001]
[{"$f":"CONCATENATE(\"SINAPI I \",Insumos!$B$192)","v":"SINAPI I 11002"},"ELETRODO REVESTIDO AWS - E6013, DIAMETRO IGUAL A 2,50 mm","kg",3.5400000000000001E-2,{"$f":"+Insumos!$G$192","v":63.86},2.2599999999999998]
[{"$f":"CONCATENATE(\"COTAÇÃO \",Insumos!$B$337)","v":"COTAÇÃO 34"},"TÁBUA ITAÚBA LIXADA APLAINADA 4 x 10 x 5,50","un",1,{"$f":"+Insumos!$G$337","v":200.15},200.15]
[{"$f":"CONCATENATE(\"COTAÇÃO \",Insumos!$B$336)","v":"COTAÇÃO 33"},"TÁBUA ITAÚBA LIXADA APLAINADA 4 x 10 x 4,00","un",1,{"$f":"+Insumos!$G$336","v":145.49},145.49]
[{"$f":"CONCATENATE(\"COTAÇÃO \",Insumos!$B$334)","v":"COTAÇÃO 31"},"TÁBUA ITAÚBA LIXADA APLAINADA 3,5 x 15 x 5,50","un",1,{"$f":"+Insumos!$G$334","v":224.02},224.02]
[{"$f":"CONCATENATE(\"COTAÇÃO \",Insumos!$B$333)","v":"COTAÇÃO 30"},"TÁBUA ITAÚBA LIXADA APLAINADA 3 x 30 x 3,00","un",1,{"$f":"+Insumos!$G$333","v":240.18},240.18]
[{"$f":"CONCATENATE(\"COTAÇÃO \",Insumos!$B$329)","v":"COTAÇÃO 26"},"TÁBUA ITAÚBA LIXADA APLAINADA 2,5 x 20 x 5,50","un",1,{"$f":"+Insumos!$G$329","v":189.95},189.95]
[{"$f":"CONCATENATE(\"COTAÇÃO \",Insumos!$B$261)","v":"COTAÇÃO 52"},"PARAFUSO FRANCÊS ZINCADO 5/16\" x 4\" C/PORCA","un",10,{"$f":"+Insumos!$G$261","v":0.87},8.6999999999999993]
[{"$f":"CONCATENATE(\"SINAPI I \",Insumos!$B$265)","v":"SINAPI I 4356"},"PARAFUSO ROSCA SOBERBA 4,8 x 45 mm","un",66,{"$f":"+Insumos!$G$265","v":0.27},{"$f":"TRUNC(D4322*E4322,2)","v":17.82}]
[{"$f":"CONCATENATE(\"SINAPI I \",Insumos!$B$303)","v":"SINAPI I 39027"},"PREGO DE AÇO 19 x 36 C/CABEÇA","kg",0.34920000000000001,{"$f":"+Insumos!$G$303","v":20.71},7.23]
[{"$f":"CONCATENATE(\"SINAPI I \",Insumos!$B$318)","v":"SINAPI I 5318"},"SOLVENTE DILUENTE A BASE DE AGUARRÁS","l",0.2581,{"$f":"+Insumos!$G$318","v":23.8},6.14]
[{"$f":"CONCATENATE(\"SINAPI I \",Insumos!$B$364)","v":"SINAPI I 7292"},"TINTA ESMALTE SINTÉTICO BRILHANTE","l",0.89200000000000002,{"$f":"+Insumos!$G$364","v":34.700000000000003},30.95]
["SINAPI I 7307","FUNDO ANTICORROSIVO TIPO ZARCÃO","l",6.6699999999999995E-2,{"$f":"+Insumos!$G$214","v":37.43},2.4900000000000002]
["SINAPI I 3767","LIXA P/MADEIRA","fl",2.3529,{"$f":"+Insumos!$G$239","v":1.48},3.48]
["SINAPI 6086","FUNDO SINTÉTICO NIVELADOR BRANCO FOSCO","gl",0.81059999999999999,{"$f":"+Insumos!$G$216","v":43.28},35.08]
[{"$f":"CONCATENATE(\"COTAÇÃO \",Insumos!$B$135)","v":"COTAÇÃO 114"},"CAÇAMBA 4,00 m³","un",8.7999999999999995E-2,{"$f":"+Insumos!$G$135","v":493.97},43.46]
["SUB-TOTAL - MATERIAL / EQUIPAMENTOS:",null,{"$f":"SUM(F4309:F4329)","v":1492.6900000000003}]
[{"$f":"CONCATENATE(\"SINAPI C \",Insumos!$B$36)","v":"SINAPI C 88310"},"PINTOR C/ENCARGOS COMPLEMENTARES","h",5.1264000000000003,{"$f":"+Insumos!$G$36","v":21.41},{"$f":"TRUNC(D4331*E4331,2)","v":109.75}]
[{"$f":"CONCATENATE(\"SINAPI C \",Insumos!$B$21)","v":"SINAPI C 88262"},"CARPINTEIRO C/ENCARGOS COMPLEMENTARES","h",18.183399999999999,{"$f":"+Insumos!$G$21","v":20.100000000000001},{"$f":"TRUNC(D4332*E4332,2)","v":365.48}]
[{"$f":"CONCATENATE(\"SINAPI C \",Insumos!$B$14)","v":"SINAPI C 88239"},"AJUDANTE DE CARPINTEIRO C/ENCARGOS COMPLEMENTARES","h",6.0610999999999997,{"$f":"+Insumos!$G$14","v":16.87},{"$f":"TRUNC(D4333*E4333,2)","v":102.25}]
[{"$f":"CONCATENATE(\"SINAPI C \",Insumos!$B$37)","v":"SINAPI C 88315"},"SERRALHEIRO C/ENCARGOS COMPLEMENTARES","h",8.3879000000000001,{"$f":"+Insumos!$G$37","v":20.22},{"$f":"TRUNC(D4334*E4334,2)","v":169.6}]
[{"$f":"CONCATENATE(\"SINAPI C \",Insumos!$B$18)","v":"SINAPI C 88251"},"AUXILIAR DE SERRALHEIRO C/ENCARGOS COMPLEMENTARES","h",6.8129999999999997,{"$f":"+Insumos!$G$18","v":17.87},{"$f":"TRUNC(D4335*E4335,2)","v":121.74}]
[{"$f":"CONCATENATE(\"SINAPI C \",Insumos!$B$35)","v":"SINAPI C 88309"},"PEDREIRO C/ENCARGOS COMPLEMENTARES","h",1.6709000000000001,{"$f":"+Insumos!$G$35","v":20.34},{"$f":"TRUNC(D4336*E4336,2)","v":33.979999999999997}]
[{"$f":"CONCATENATE(\"SINAPI C \",Insumos!$B$38)","v":"SINAPI C 88316"},"SERVENTE C/ ENCARGOS COMPLEMENTARES","h",2.5684999999999998,{"$f":"+Insumos!$G$38","v":16.920000000000002},{"$f":"TRUNC(D4337*E4337,2)","v":43.45}]
["SUB-TOTAL - MÃO-DE-OBRA:",null,{"$f":"SUM(F4331:F4337)","v":946.25000000000011}]
[]
[null,"CUSTO TOTAL:",null,null,null,{"$f":"+C4330+C4338","v":2438.9400000000005}]
[]
[null,"BDI:","%",{"$f":"+$F$7","v":"28,21%"},null,{"$f":"TRUNC(F4340*D4342,2)","v":688.02}]
[]
[null,"PREÇO:",null,null,null,{"$f":"+F4340+F4342","v":3126.9600000000005}]
[]
["CÓDIGO","DISCRIMINAÇÃO","UN","COEFIC.","UNITÁRIO","TOTAL"]
[3003,"BARRA ALONGAMENTO - 2 ALTURAS","un"]
[{"$f":"CONCATENATE(\"SINAPI C \",'Composições Aux. SINAPI'!$A$89)","v":"SINAPI C 90586"},"VIBRADOR DE IMERSÃO, DIÂMETRO DE PONTEIRA 45 mm (chp)","chp",2.23E-2,{"$f":"+'Composições Aux. SINAPI'!$E$89:$F$89","v":1.1399999999999999},{"$f":"TRUNC(D4348*E4348,2)","v":0.02}]
[{"$f":"CONCATENATE(\"SINAPI C \",'Composições Aux. SINAPI'!$A$90)","v":"SINAPI C 90587"},"VIBRADOR DE IMERSÃO, DIÂMETRO DE PONTEIRA 45 mm (chi)","chi",6.5600000000000006E-2,{"$f":"+'Composições Aux. SINAPI'!$E$90:$F$90","v":0.35},{"$f":"TRUNC(D4349*E4349,2)","v":0.02}]
[{"$f":"CONCATENATE(\"SINAPI C \",'Composições Aux. SINAPI'!$A$33)","v":"SINAPI C 94963"},"CONCRETO fck=15 MPa PREPARO COM BETONEIRA","m³",8.2799999999999999E-2,{"$f":"+'Composições Aux. SINAPI'!$E$33:$F$33","v":352.14},{"$f":"TRUNC(D4350*E4350,2)","v":29.15}]
[{"$f":"CONCATENATE(\"SINAPI I \",Insumos!$B$374)","v":"SINAPI I 21013"},"TUBO AÇO GALVANIZADO C/COSTURA 2\", 3,00 mm","m",4.45,{"$f":"+Insumos!$G$374","v":89.43},397.96]
[{"$f":"CONCATENATE(\"SINAPI I \",Insumos!$B$192)","v":"SINAPI I 11002"},"ELETRODO REVESTIDO AWS - E6013, DIAMETRO IGUAL A 2,50 mm","kg",1.7299999999999999E-2,{"$f":"+Insumos!$G$192","v":63.86},1.1000000000000001]
[{"$f":"CONCATENATE(\"COTAÇÃO \",Insumos!$B$215)","v":"COTAÇÃO 109"},"FUNDO P/GALVANIZADO","l",5.3999999999999999E-2,{"$f":"+Insumos!$G$215","v":34.47},1.86]
[{"$f":"CONCATENATE(\"SINAPI I \",Insumos!$B$318)","v":"SINAPI I 5318"},"SOLVENTE DILUENTE A BASE DE AGUARRÁS","l",2.58E-2,{"$f":"+Insumos!$G$318","v":23.8},0.61]
[{"$f":"CONCATENATE(\"SINAPI I \",Insumos!$B$364)","v":"SINAPI I 7292"},"TINTA ESMALTE SINTÉTICO BRILHANTE","l",0.20860000000000001,{"$f":"+Insumos!$G$364","v":34.700000000000003},7.23]
[{"$f":"CONCATENATE(\"COTAÇÃO \",Insumos!$B$135)","v":"COTAÇÃO 114"},"CAÇAMBA 4,00 m³","un",1.7999999999999999E-2,{"$f":"+Insumos!$G$135","v":493.97},{"$f":"TRUNC(D4356*E4356,2)","v":8.89}]
["SUB-TOTAL - MATERIAL / EQUIPAMENTOS:",null,{"$f":"SUM(F4348:F4356)","v":446.84000000000003}]
[{"$f":"CONCATENATE(\"SINAPI C \",Insumos!$B$36)","v":"SINAPI C 88310"},"PINTOR C/ENCARGOS COMPLEMENTARES","h",1.6640999999999999,{"$f":"+Insumos!$G$36","v":21.41},{"$f":"TRUNC(D4358*E4358,2)","v":35.619999999999997}]
[{"$f":"CONCATENATE(\"SINAPI C \",Insumos!$B$37)","v":"SINAPI C 88315"},"SERRALHEIRO C/ENCARGOS COMPLEMENTARES","h",4.0953999999999997,{"$f":"+Insumos!$G$37","v":20.22},{"$f":"TRUNC(D4359*E4359,2)","v":82.8}]
[{"$f":"CONCATENATE(\"SINAPI C \",Insumos!$B$18)","v":"SINAPI C 88251"},"AUXILIAR DE SERRALHEIRO C/ENCARGOS COMPLEMENTARES","h",3.3610000000000002,{"$f":"+Insumos!$G$18","v":17.87},{"$f":"TRUNC(D4360*E4360,2)","v":60.06}]
[{"$f":"CONCATENATE(\"SINAPI C \",Insumos!$B$35)","v":"SINAPI C 88309"},"PEDREIRO C/ENCARGOS COMPLEMENTARES","h",0.34179999999999999,{"$f":"+Insumos!$G$35","v":20.34},{"$f":"TRUNC(D4361*E4361,2)","v":6.95}]
[{"$f":"CONCATENATE(\"SINAPI C \",Insumos!$B$38)","v":"SINAPI C 88316"},"SERVENTE C/ ENCARGOS COMPLEMENTARES","h",0.52539999999999998,{"$f":"+Insumos!$G$38","v":16.920000000000002},{"$f":"TRUNC(D4362*E4362,2)","v":8.8800000000000008}]
["SUB-TOTAL - MÃO-DE-OBRA:",null,{"$f":"SUM(F4358:F4362)","v":194.30999999999997}]
[]
[null,"CUSTO TOTAL:",null,null,null,{"$f":"+C4357+C4363","v":641.15}]
[]
[null,"BDI:","%",{"$f":"+$F$7","v":"28,21%"},null,{"$f":"TRUNC(F4365*D4367,2)","v":180.86}]
[]
[null,"PREÇO:",null,null,null,{"$f":"+F4365+F4367","v":822.01}]
[]
["CÓDIGO","DISCRIMINAÇÃO","UN","COEFIC.","UNITÁRIO","TOTAL"]
[3005,"BARRAS PARALELAS","un"]
[{"$f":"CONCATENATE(\"SINAPI C \",'Composições Aux. SINAPI'!$A$89)","v":"SINAPI C 90586"},"VIBRADOR DE IMERSÃO, DIÂMETRO DE PONTEIRA 45 mm (chp)","chp",4.5199999999999997E-2,{"$f":"+'Composições Aux. SINAPI'!$E$89:$F$89","v":1.1399999999999999},{"$f":"TRUNC(D4373*E4373,2)","v":0.05}]
[{"$f":"CONCATENATE(\"SINAPI C \",'Composições Aux. SINAPI'!$A$90)","v":"SINAPI C 90587"},"VIBRADOR DE IMERSÃO, DIÂMETRO DE PONTEIRA 45 mm (chi)","chi",0.13120000000000001,{"$f":"+'Composições Aux. SINAPI'!$E$90:$F$90","v":0.35},{"$f":"TRUNC(D4374*E4374,2)","v":0.04}]
[{"$f":"CONCATENATE(\"SINAPI C \",'Composições Aux. SINAPI'!$A$33)","v":"SINAPI C 94963"},"CONCRETO fck=15 MPa PREPARO COM BETONEIRA","m³",0.1656,{"$f":"+'Composições Aux. SINAPI'!$E$33:$F$33","v":352.14},{"$f":"TRUNC(D4375*E4375,2)","v":58.31}]
[{"$f":"CONCATENATE(\"SINAPI I \",Insumos!$B$373)","v":"SINAPI I 21012"},"TUBO AÇO GALVANIZADO C/COSTURA 1 1/2\", 3,00 mm","m",14.625999999999999,{"$f":"+Insumos!$G$373","v":68.53},1002.31]
[{"$f":"CONCATENATE(\"SINAPI I \",Insumos!$B$345)","v":"SINAPI I 1165"},"TAMPÃO DE FERRO GALVANIZADO DE 1 1/2\"","un",4,{"$f":"+Insumos!$G$345","v":16.62},66.48]
[{"$f":"CONCATENATE(\"SINAPI I \",Insumos!$B$192)","v":"SINAPI I 11002"},"ELETRODO REVESTIDO AWS - E6013, DIAMETRO IGUAL A 2,50 mm","kg",5.6800000000000003E-2,{"$f":"+Insumos!$G$192","v":63.86},3.62]
[{"$f":"CONCATENATE(\"COTAÇÃO \",Insumos!$B$215)","v":"COTAÇÃO 109"},"FUNDO P/GALVANIZADO","l",0.14219999999999999,{"$f":"+Insumos!$G$215","v":34.47},4.9000000000000004]
[{"$f":"CONCATENATE(\"SINAPI I \",Insumos!$B$318)","v":"SINAPI I 5318"},"SOLVENTE DILUENTE A BASE DE AGUARRÁS","l",6.7799999999999999E-2,{"$f":"+Insumos!$G$318","v":23.8},1.61]
[{"$f":"CONCATENATE(\"SINAPI I \",Insumos!$B$364)","v":"SINAPI I 7292"},"TINTA ESMALTE SINTÉTICO BRILHANTE","l",0.54910000000000003,{"$f":"+Insumos!$G$364","v":34.700000000000003},19.05]
[{"$f":"CONCATENATE(\"COTAÇÃO \",Insumos!$B$135)","v":"COTAÇÃO 114"},"CAÇAMBA 4,00 m³","un",3.5999999999999997E-2,{"$f":"+Insumos!$G$135","v":493.97},17.78]
["SUB-TOTAL - MATERIAL / EQUIPAMENTOS:",null,{"$f":"SUM(F4373:F4382)","v":1174.1499999999999}]
[{"$f":"CONCATENATE(\"SINAPI C \",Insumos!$B$36)","v":"SINAPI C 88310"},"PINTOR C/ENCARGOS COMPLEMENTARES","h",4.3810000000000002,{"$f":"+Insumos!$G$36","v":21.41},{"$f":"TRUNC(D4384*E4384,2)","v":93.79}]
[{"$f":"CONCATENATE(\"SINAPI C \",Insumos!$B$37)","v":"SINAPI C 88315"},"SERRALHEIRO C/ENCARGOS COMPLEMENTARES","h",13.461600000000001,{"$f":"+Insumos!$G$37","v":20.22},{"$f":"TRUNC(D4385*E4385,2)","v":272.19}]
[{"$f":"CONCATENATE(\"SINAPI C \",Insumos!$B$18)","v":"SINAPI C 88251"},"AUXILIAR DE SERRALHEIRO C/ENCARGOS COMPLEMENTARES","h",11.047599999999999,{"$f":"+Insumos!$G$18","v":17.87},{"$f":"TRUNC(D4386*E4386,2)","v":197.42}]
[{"$f":"CONCATENATE(\"SINAPI C \",Insumos!$B$35)","v":"SINAPI C 88309"},"PEDREIRO C/ENCARGOS COMPLEMENTARES","h",0.68359999999999999,{"$f":"+Insumos!$G$35","v":20.34},{"$f":"TRUNC(D4387*E4387,2)","v":13.9}]
[{"$f":"CONCATENATE(\"SINAPI C \",Insumos!$B$38)","v":"SINAPI C 88316"},"SERVENTE C/ ENCARGOS COMPLEMENTARES","h",1.0508,{"$f":"+Insumos!$G$38","v":16.920000000000002},{"$f":"TRUNC(D4388*E4388,2)","v":17.77}]
["SUB-TOTAL - MÃO-DE-OBRA:",null,{"$f":"SUM(F4384:F4388)","v":595.06999999999994}]
[]
[null,"CUSTO TOTAL:",null,null,null,{"$f":"+C4383+C4389","v":1769.2199999999998}]
[]
[null,"BDI:","%",{"$f":"+$F$7","v":"28,21%"},null,{"$f":"TRUNC(F4391*D4393,2)","v":499.09}]
[]
[null,"PREÇO:",null,null,null,{"$f":"+F4391+F4393","v":2268.31}]
[]
["CÓDIGO","DISCRIMINAÇÃO","UN","COEFIC.","UNITÁRIO","TOTAL"]
[3010,"APOIO P/ MEMBROS SUPERIORES","un"]
[{"$f":"CONCATENATE(\"SINAPI C \",'Composições Aux. SINAPI'!$A$89)","v":"SINAPI C 90586"},"VIBRADOR DE IMERSÃO, DIÂMETRO DE PONTEIRA 45 mm (chp)","chp",2.23E-2,{"$f":"+'Composições Aux. SINAPI'!$E$89:$F$89","v":1.1399999999999999},{"$f":"TRUNC(D4399*E4399,2)","v":0.02}]
[{"$f":"CONCATENATE(\"SINAPI C \",'Composições Aux. SINAPI'!$A$90)","v":"SINAPI C 90587"},"VIBRADOR DE IMERSÃO, DIÂMETRO DE PONTEIRA 45 mm (chi)","chi",6.5600000000000006E-2,{"$f":"+'Composições Aux. SINAPI'!$E$90:$F$90","v":0.35},{"$f":"TRUNC(D4400*E4400,2)","v":0.02}]
[{"$f":"CONCATENATE(\"SINAPI C \",'Composições Aux. SINAPI'!$A$33)","v":"SINAPI C 94963"},"CONCRETO fck=15 MPa PREPARO COM BETONEIRA","m³",8.2799999999999999E-2,{"$f":"+'Composições Aux. SINAPI'!$E$33:$F$33","v":352.14},{"$f":"TRUNC(D4401*E4401,2)","v":29.15}]
[{"$f":"CONCATENATE(\"SINAPI I \",Insumos!$B$374)","v":"SINAPI I 21013"},"TUBO AÇO GALVANIZADO C/COSTURA 2\", 3,00 mm","m",3.0489999999999999,{"$f":"+Insumos!$G$374","v":89.43},272.67]
[{"$f":"CONCATENATE(\"SINAPI I \",Insumos!$B$375)","v":"SINAPI I 21014"},"TUBO AÇO GALVANIZADO C/COSTURA 2 1/2\", 3,35 mm","m",1.8540000000000001,{"$f":"+Insumos!$G$375","v":125.13},231.99]
[{"$f":"CONCATENATE(\"SINAPI I \",Insumos!$B$346)","v":"SINAPI I 1166"},"TAMPÃO DE FERRO GALVANIZADO DE 2\"","un",2,{"$f":"+Insumos!$G$346","v":24.01},48.02]
[{"$f":"CONCATENATE(\"SINAPI I \",Insumos!$B$192)","v":"SINAPI I 11002"},"ELETRODO REVESTIDO AWS - E6013, DIAMETRO IGUAL A 2,50 mm","kg",1.9E-2,{"$f":"+Insumos!$G$192","v":63.86},1.21]
[{"$f":"CONCATENATE(\"COTAÇÃO \",Insumos!$B$215)","v":"COTAÇÃO 109"},"FUNDO P/GALVANIZADO","l",6.54E-2,{"$f":"+Insumos!$G$215","v":34.47},2.25]
[{"$f":"CONCATENATE(\"SINAPI I \",Insumos!$B$318)","v":"SINAPI I 5318"},"SOLVENTE DILUENTE A BASE DE AGUARRÁS","l",3.1199999999999999E-2,{"$f":"+Insumos!$G$318","v":23.8},0.74]
[{"$f":"CONCATENATE(\"SINAPI I \",Insumos!$B$364)","v":"SINAPI I 7292"},"TINTA ESMALTE SINTÉTICO BRILHANTE","l",0.25259999999999999,{"$f":"+Insumos!$G$364","v":34.700000000000003},8.76]
[{"$f":"CONCATENATE(\"COTAÇÃO \",Insumos!$B$135)","v":"COTAÇÃO 114"},"CAÇAMBA 4,00 m³","un",1.7999999999999999E-2,{"$f":"+Insumos!$G$135","v":493.97},8.89]
["SUB-TOTAL - MATERIAL / EQUIPAMENTOS:",null,{"$f":"SUM(F4399:F4409)","v":603.72}]
[{"$f":"CONCATENATE(\"SINAPI C \",Insumos!$B$36)","v":"SINAPI C 88310"},"PINTOR C/ENCARGOS COMPLEMENTARES","h",2.0154999999999998,{"$f":"+Insumos!$G$36","v":21.41},{"$f":"TRUNC(D4411*E4411,2)","v":43.15}]
[{"$f":"CONCATENATE(\"SINAPI C \",Insumos!$B$37)","v":"SINAPI C 88315"},"SERRALHEIRO C/ENCARGOS COMPLEMENTARES","h",4.5125000000000002,{"$f":"+Insumos!$G$37","v":20.22},{"$f":"TRUNC(D4412*E4412,2)","v":91.24}]
[{"$f":"CONCATENATE(\"SINAPI C \",Insumos!$B$18)","v":"SINAPI C 88251"},"AUXILIAR DE SERRALHEIRO C/ENCARGOS COMPLEMENTARES","h",3.7033,{"$f":"+Insumos!$G$18","v":17.87},{"$f":"TRUNC(D4413*E4413,2)","v":66.17}]
[{"$f":"CONCATENATE(\"SINAPI C \",Insumos!$B$35)","v":"SINAPI C 88309"},"PEDREIRO C/ENCARGOS COMPLEMENTARES","h",0.34179999999999999,{"$f":"+Insumos!$G$35","v":20.34},{"$f":"TRUNC(D4414*E4414,2)","v":6.95}]
[{"$f":"CONCATENATE(\"SINAPI C \",Insumos!$B$38)","v":"SINAPI C 88316"},"SERVENTE C/ ENCARGOS COMPLEMENTARES","h",0.52539999999999998,{"$f":"+Insumos!$G$38","v":16.920000000000002},{"$f":"TRUNC(D4415*E4415,2)","v":8.8800000000000008}]
["SUB-TOTAL - MÃO-DE-OBRA:",null,{"$f":"SUM(F4411:F4415)","v":216.39}]
[]
[null,"CUSTO TOTAL:",null,null,null,{"$f":"+C4410+C4416","v":820.11}]
[]
[null,"BDI:","%",{"$f":"+$F$7","v":"28,21%"},null,{"$f":"TRUNC(F4418*D4420,2)","v":231.35}]
[]
[null,"PREÇO:",null,null,null,{"$f":"+F4418+F4420","v":1051.46}]
[]
["CÓDIGO","DISCRIMINAÇÃO","UN","COEFIC.","UNITÁRIO","TOTAL"]
[3015,"BARRA P/ ALONGAMENTO","un"]
[{"$f":"CONCATENATE(\"SINAPI C \",'Composições Aux. SINAPI'!$A$89)","v":"SINAPI C 90586"},"VIBRADOR DE IMERSÃO, DIÂMETRO DE PONTEIRA 45 mm (chp)","chp",2.23E-2,{"$f":"+'Composições Aux. SINAPI'!$E$89:$F$89","v":1.1399999999999999},{"$f":"TRUNC(D4426*E4426,2)","v":0.02}]
[{"$f":"CONCATENATE(\"SINAPI C \",'Composições Aux. SINAPI'!$A$90)","v":"SINAPI C 90587"},"VIBRADOR DE IMERSÃO, DIÂMETRO DE PONTEIRA 45 mm (chi)","chi",6.5600000000000006E-2,{"$f":"+'Composições Aux. SINAPI'!$E$90:$F$90","v":0.35},{"$f":"TRUNC(D4427*E4427,2)","v":0.02}]
[{"$f":"CONCATENATE(\"SINAPI C \",'Composições Aux. SINAPI'!$A$33)","v":"SINAPI C 94963"},"CONCRETO fck=15 MPa PREPARO COM BETONEIRA","m³",8.2799999999999999E-2,{"$f":"+'Composições Aux. SINAPI'!$E$33:$F$33","v":352.14},{"$f":"TRUNC(D4428*E4428,2)","v":29.15}]
[{"$f":"CONCATENATE(\"SINAPI I \",Insumos!$B$371)","v":"SINAPI I 21010"},"TUBO AÇO GALVANIZADO C/COSTURA 1\", 2,65 mm","m",1.236,{"$f":"+Insumos!$G$371","v":42.55},{"$f":"TRUNC(D4429*E4429,2)","v":52.59}]
[{"$f":"CONCATENATE(\"SINAPI I \",Insumos!$B$375)","v":"SINAPI I 21014"},"TUBO AÇO GALVANIZADO C/COSTURA 2 1/2\", 3,35 mm","m",2.8839999999999999,{"$f":"+Insumos!$G$375","v":125.13},360.87]
[{"$f":"CONCATENATE(\"SINAPI I \",Insumos!$B$347)","v":"SINAPI I 1169"},"TAMPÃO DE FERRO GALVANIZADO DE 2 1/2\"","un",2,{"$f":"+Insumos!$G$347","v":43.31},86.62]
[{"$f":"CONCATENATE(\"SINAPI I \",Insumos!$B$192)","v":"SINAPI I 11002"},"ELETRODO REVESTIDO AWS - E6013, DIAMETRO IGUAL A 2,50 mm","kg",1.6E-2,{"$f":"+Insumos!$G$192","v":63.86},1.02]
[{"$f":"CONCATENATE(\"COTAÇÃO \",Insumos!$B$215)","v":"COTAÇÃO 109"},"FUNDO P/GALVANIZADO","l",5.2600000000000001E-2,{"$f":"+Insumos!$G$215","v":34.47},1.81]
[{"$f":"CONCATENATE(\"SINAPI I \",Insumos!$B$318)","v":"SINAPI I 5318"},"SOLVENTE DILUENTE A BASE DE AGUARRÁS","l",2.5100000000000001E-2,{"$f":"+Insumos!$G$318","v":23.8},0.59]
[{"$f":"CONCATENATE(\"SINAPI I \",Insumos!$B$364)","v":"SINAPI I 7292"},"TINTA ESMALTE SINTÉTICO BRILHANTE","l",0.2031,{"$f":"+Insumos!$G$364","v":34.700000000000003},7.04]
[{"$f":"CONCATENATE(\"COTAÇÃO \",Insumos!$B$135)","v":"COTAÇÃO 114"},"CAÇAMBA 4,00 m³","un",1.7999999999999999E-2,{"$f":"+Insumos!$G$135","v":493.97},8.89]
["SUB-TOTAL - MATERIAL / EQUIPAMENTOS:",null,{"$f":"SUM(F4426:F4436)","v":548.61999999999989}]
[{"$f":"CONCATENATE(\"SINAPI C \",Insumos!$B$36)","v":"SINAPI C 88310"},"PINTOR C/ENCARGOS COMPLEMENTARES","h",1.6201000000000001,{"$f":"+Insumos!$G$36","v":21.41},{"$f":"TRUNC(D4438*E4438,2)","v":34.68}]
[{"$f":"CONCATENATE(\"SINAPI C \",Insumos!$B$37)","v":"SINAPI C 88315"},"SERRALHEIRO C/ENCARGOS COMPLEMENTARES","h",3.7919999999999998,{"$f":"+Insumos!$G$37","v":20.22},{"$f":"TRUNC(D4439*E4439,2)","v":76.67}]
[{"$f":"CONCATENATE(\"SINAPI C \",Insumos!$B$18)","v":"SINAPI C 88251"},"AUXILIAR DE SERRALHEIRO C/ENCARGOS COMPLEMENTARES","h",3.1120000000000001,{"$f":"+Insumos!$G$18","v":17.87},{"$f":"TRUNC(D4440*E4440,2)","v":55.61}]
[{"$f":"CONCATENATE(\"SINAPI C \",Insumos!$B$35)","v":"SINAPI C 88309"},"PEDREIRO C/ENCARGOS COMPLEMENTARES","h",0.34179999999999999,{"$f":"+Insumos!$G$35","v":20.34},{"$f":"TRUNC(D4441*E4441,2)","v":6.95}]
[{"$f":"CONCATENATE(\"SINAPI C \",Insumos!$B$38)","v":"SINAPI C 88316"},"SERVENTE C/ ENCARGOS COMPLEMENTARES","h",0.52539999999999998,{"$f":"+Insumos!$G$38","v":16.920000000000002},{"$f":"TRUNC(D4442*E4442,2)","v":8.8800000000000008}]
["SUB-TOTAL - MÃO-DE-OBRA:",null,{"$f":"SUM(F4438:F4442)","v":182.78999999999996}]
[]
[null,"CUSTO TOTAL:",null,null,null,{"$f":"+C4437+C4443","v":731.40999999999985}]
[]
[null,"BDI:","%",{"$f":"+$F$7","v":"28,21%"},null,{"$f":"TRUNC(F4445*D4447,2)","v":206.33}]
[]
[null,"PREÇO:",null,null,null,{"$f":"+F4445+F4447","v":937.7399999999999}]
[]
["CÓDIGO","DISCRIMINAÇÃO","UN","COEFIC.","UNITÁRIO","TOTAL"]
[3020,"BARRA HORIZONTAL - 4 MÓDULOS","un"]
[{"$f":"CONCATENATE(\"SINAPI C \",'Composições Aux. SINAPI'!$A$89)","v":"SINAPI C 90586"},"VIBRADOR DE IMERSÃO, DIÂMETRO DE PONTEIRA 45 mm (chp)","chp",7.0699999999999999E-2,{"$f":"+'Composições Aux. SINAPI'!$E$89:$F$89","v":1.1399999999999999},{"$f":"TRUNC(D4453*E4453,2)","v":0.08}]
[{"$f":"CONCATENATE(\"SINAPI C \",'Composições Aux. SINAPI'!$A$90)","v":"SINAPI C 90587"},"VIBRADOR DE IMERSÃO, DIÂMETRO DE PONTEIRA 45 mm (chi)","chi",0.20499999999999999,{"$f":"+'Composições Aux. SINAPI'!$E$90:$F$90","v":0.35},{"$f":"TRUNC(D4454*E4454,2)","v":7.0000000000000007E-2}]
[{"$f":"CONCATENATE(\"SINAPI C \",'Composições Aux. SINAPI'!$A$33)","v":"SINAPI C 94963"},"CONCRETO fck=15 MPa PREPARO COM BETONEIRA","m³",0.25879999999999997,{"$f":"+'Composições Aux. SINAPI'!$E$33:$F$33","v":352.14},{"$f":"TRUNC(D4455*E4455,2)","v":91.13}]
[{"$f":"CONCATENATE(\"SINAPI I \",Insumos!$B$371)","v":"SINAPI I 21010"},"TUBO AÇO GALVANIZADO C/COSTURA 1\", 2,65 mm","m",4.12,{"$f":"+Insumos!$G$371","v":42.55},{"$f":"TRUNC(D4456*E4456,2)","v":175.3}]
["SINAPI I 21015","TUBO AÇO GALVANIZADO C/COSTURA 3\", 3,35 mm","m",14.1625,{"$f":"+Insumos!$G$376","v":143.76},{"$f":"TRUNC(D4457*E4457,2)","v":2036}]
[{"$f":"CONCATENATE(\"SINAPI I \",Insumos!$B$348)","v":"SINAPI I 1168"},"TAMPÃO DE FERRO GALVANIZADO DE 3\"","un",5,{"$f":"+Insumos!$G$348","v":61.74},{"$f":"TRUNC(D4458*E4458,2)","v":308.7}]
[{"$f":"CONCATENATE(\"SINAPI I \",Insumos!$B$192)","v":"SINAPI I 11002"},"ELETRODO REVESTIDO AWS - E6013, DIAMETRO IGUAL A 2,50 mm","kg",7.0999999999999994E-2,{"$f":"+Insumos!$G$192","v":63.86},4.53]
[{"$f":"CONCATENATE(\"COTAÇÃO \",Insumos!$B$215)","v":"COTAÇÃO 109"},"FUNDO P/GALVANIZADO","l",0.28139999999999998,{"$f":"+Insumos!$G$215","v":34.47},9.69]
[{"$f":"CONCATENATE(\"SINAPI I \",Insumos!$B$318)","v":"SINAPI I 5318"},"SOLVENTE DILUENTE A BASE DE AGUARRÁS","l",0.1343,{"$f":"+Insumos!$G$318","v":23.8},3.19]
[{"$f":"CONCATENATE(\"SINAPI I \",Insumos!$B$364)","v":"SINAPI I 7292"},"TINTA ESMALTE SINTÉTICO BRILHANTE","l",1.0869,{"$f":"+Insumos!$G$364","v":34.700000000000003},37.71]
[{"$f":"CONCATENATE(\"COTAÇÃO \",Insumos!$B$135)","v":"COTAÇÃO 114"},"CAÇAMBA 4,00 m³","un",5.6300000000000003E-2,{"$f":"+Insumos!$G$135","v":493.97},27.81]
["SUB-TOTAL - MATERIAL / EQUIPAMENTOS:",null,{"$f":"SUM(F4453:F4463)","v":2694.21}]
[{"$f":"CONCATENATE(\"SINAPI C \",Insumos!$B$36)","v":"SINAPI C 88310"},"PINTOR C/ENCARGOS COMPLEMENTARES","h",8.6722000000000001,{"$f":"+Insumos!$G$36","v":21.41},{"$f":"TRUNC(D4465*E4465,2)","v":185.67}]
[{"$f":"CONCATENATE(\"SINAPI C \",Insumos!$B$37)","v":"SINAPI C 88315"},"SERRALHEIRO C/ENCARGOS COMPLEMENTARES","h",16.827000000000002,{"$f":"+Insumos!$G$37","v":20.22},{"$f":"TRUNC(D4466*E4466,2)","v":340.24}]
[{"$f":"CONCATENATE(\"SINAPI C \",Insumos!$B$18)","v":"SINAPI C 88251"},"AUXILIAR DE SERRALHEIRO C/ENCARGOS COMPLEMENTARES","h",13.8095,{"$f":"+Insumos!$G$18","v":17.87},{"$f":"TRUNC(D4467*E4467,2)","v":246.77}]
[{"$f":"CONCATENATE(\"SINAPI C \",Insumos!$B$35)","v":"SINAPI C 88309"},"PEDREIRO C/ENCARGOS COMPLEMENTARES","h",1.0681,{"$f":"+Insumos!$G$35","v":20.34},{"$f":"TRUNC(D4468*E4468,2)","v":21.72}]
[{"$f":"CONCATENATE(\"SINAPI C \",Insumos!$B$38)","v":"SINAPI C 88316"},"SERVENTE C/ ENCARGOS COMPLEMENTARES","h",1.6418999999999999,{"$f":"+Insumos!$G$38","v":16.920000000000002},{"$f":"TRUNC(D4469*E4469,2)","v":27.78}]
["SUB-TOTAL - MÃO-DE-OBRA:",null,{"$f":"SUM(F4465:F4469)","v":822.18}]
[]
[null,"CUSTO TOTAL:",null,null,null,{"$f":"+C4464+C4470","v":3516.39}]
[]
[null,"BDI:","%",{"$f":"+$F$7","v":"28,21%"},null,{"$f":"TRUNC(F4472*D4474,2)","v":991.97}]
[]
[null,"PREÇO:",null,null,null,{"$f":"+F4472+F4474","v":4508.3599999999997}]
[]
["CÓDIGO","DISCRIMINAÇÃO","UN","COEFIC.","UNITÁRIO","TOTAL"]
[3021,"BARRA HORIZONTAL - 3 MÓDULOS","un"]
[{"$f":"CONCATENATE(\"SINAPI C \",'Composições Aux. SINAPI'!$A$89)","v":"SINAPI C 90586"},"VIBRADOR DE IMERSÃO, DIÂMETRO DE PONTEIRA 45 mm (chp)","chp",5.6500000000000002E-2,{"$f":"+'Composições Aux. SINAPI'!$E$89:$F$89","v":1.1399999999999999},{"$f":"TRUNC(D4480*E4480,2)","v":0.06}]
[{"$f":"CONCATENATE(\"SINAPI C \",'Composições Aux. SINAPI'!$A$90)","v":"SINAPI C 90587"},"VIBRADOR DE IMERSÃO, DIÂMETRO DE PONTEIRA 45 mm (chi)","chi",0.16400000000000001,{"$f":"+'Composições Aux. SINAPI'!$E$90:$F$90","v":0.35},{"$f":"TRUNC(D4481*E4481,2)","v":0.05}]
[{"$f":"CONCATENATE(\"SINAPI C \",'Composições Aux. SINAPI'!$A$33)","v":"SINAPI C 94963"},"CONCRETO fck=15 MPa PREPARO COM BETONEIRA","m³",0.20699999999999999,{"$f":"+'Composições Aux. SINAPI'!$E$33:$F$33","v":352.14},{"$f":"TRUNC(D4482*E4482,2)","v":72.89}]
[{"$f":"CONCATENATE(\"SINAPI I \",Insumos!$B$371)","v":"SINAPI I 21010"},"TUBO AÇO GALVANIZADO C/COSTURA 1\", 2,65 mm","m",3.09,{"$f":"+Insumos!$G$371","v":42.55},{"$f":"TRUNC(D4483*E4483,2)","v":131.47}]
["SINAPI I 21015","TUBO AÇO GALVANIZADO C/COSTURA 3\", 3,35 mm","m",11.948,{"$f":"+Insumos!$G$376","v":143.76},{"$f":"TRUNC(D4484*E4484,2)","v":1717.64}]
[{"$f":"CONCATENATE(\"SINAPI I \",Insumos!$B$348)","v":"SINAPI I 1168"},"TAMPÃO DE FERRO GALVANIZADO DE 3\"","un",4,{"$f":"+Insumos!$G$348","v":61.74},246.96]
[{"$f":"CONCATENATE(\"SINAPI I \",Insumos!$B$192)","v":"SINAPI I 11002"},"ELETRODO REVESTIDO AWS - E6013, DIAMETRO IGUAL A 2,50 mm","kg",5.8400000000000001E-2,{"$f":"+Insumos!$G$192","v":63.86},3.72]
[{"$f":"CONCATENATE(\"COTAÇÃO \",Insumos!$B$215)","v":"COTAÇÃO 109"},"FUNDO P/GALVANIZADO","l",0.23499999999999999,{"$f":"+Insumos!$G$215","v":34.47},8.1]
[{"$f":"CONCATENATE(\"SINAPI I \",Insumos!$B$318)","v":"SINAPI I 5318"},"SOLVENTE DILUENTE A BASE DE AGUARRÁS","l",0.11219999999999999,{"$f":"+Insumos!$G$318","v":23.8},2.67]
[{"$f":"CONCATENATE(\"SINAPI I \",Insumos!$B$364)","v":"SINAPI I 7292"},"TINTA ESMALTE SINTÉTICO BRILHANTE","l",0.90769999999999995,{"$f":"+Insumos!$G$364","v":34.700000000000003},31.49]
[{"$f":"CONCATENATE(\"COTAÇÃO \",Insumos!$B$135)","v":"COTAÇÃO 114"},"CAÇAMBA 4,00 m³","un",4.4999999999999998E-2,{"$f":"+Insumos!$G$135","v":493.97},22.22]
["SUB-TOTAL - MATERIAL / EQUIPAMENTOS:",null,{"$f":"SUM(F4480:F4490)","v":2237.2699999999995}]
[{"$f":"CONCATENATE(\"SINAPI C \",Insumos!$B$36)","v":"SINAPI C 88310"},"PINTOR C/ENCARGOS COMPLEMENTARES","h",7.2426000000000004,{"$f":"+Insumos!$G$36","v":21.41},{"$f":"TRUNC(D4492*E4492,2)","v":155.06}]
[{"$f":"CONCATENATE(\"SINAPI C \",Insumos!$B$37)","v":"SINAPI C 88315"},"SERRALHEIRO C/ENCARGOS COMPLEMENTARES","h",13.8408,{"$f":"+Insumos!$G$37","v":20.22},{"$f":"TRUNC(D4493*E4493,2)","v":279.86}]
[{"$f":"CONCATENATE(\"SINAPI C \",Insumos!$B$18)","v":"SINAPI C 88251"},"AUXILIAR DE SERRALHEIRO C/ENCARGOS COMPLEMENTARES","h",11.3588,{"$f":"+Insumos!$G$18","v":17.87},{"$f":"TRUNC(D4494*E4494,2)","v":202.98}]
[{"$f":"CONCATENATE(\"SINAPI C \",Insumos!$B$35)","v":"SINAPI C 88309"},"PEDREIRO C/ENCARGOS COMPLEMENTARES","h",0.85450000000000004,{"$f":"+Insumos!$G$35","v":20.34},{"$f":"TRUNC(D4495*E4495,2)","v":17.38}]
[{"$f":"CONCATENATE(\"SINAPI C \",Insumos!$B$38)","v":"SINAPI C 88316"},"SERVENTE C/ ENCARGOS COMPLEMENTARES","h",1.3134999999999999,{"$f":"+Insumos!$G$38","v":16.920000000000002},{"$f":"TRUNC(D4496*E4496,2)","v":22.22}]
["SUB-TOTAL - MÃO-DE-OBRA:",null,{"$f":"SUM(F4492:F4496)","v":677.5}]
[]
[null,"CUSTO TOTAL:",null,null,null,{"$f":"+C4491+C4497","v":2914.7699999999995}]
[]
[null,"BDI:","%",{"$f":"+$F$7","v":"28,21%"},null,{"$f":"TRUNC(F4499*D4501,2)","v":822.25}]
[]
[null,"PREÇO:",null,null,null,{"$f":"+F4499+F4501","v":3737.0199999999995}]
[]
["CÓDIGO","DISCRIMINAÇÃO","UN","COEFIC.","UNITÁRIO","TOTAL"]
[3022,"BARRA HORIZONTAL - 1 MÓDULO","un"]
[{"$f":"CONCATENATE(\"SINAPI C \",'Composições Aux. SINAPI'!$A$89)","v":"SINAPI C 90586"},"VIBRADOR DE IMERSÃO, DIÂMETRO DE PONTEIRA 45 mm (chp)","chp",2.8299999999999999E-2,{"$f":"+'Composições Aux. SINAPI'!$E$89:$F$89","v":1.1399999999999999},{"$f":"TRUNC(D4507*E4507,2)","v":0.03}]
[{"$f":"CONCATENATE(\"SINAPI C \",'Composições Aux. SINAPI'!$A$90)","v":"SINAPI C 90587"},"VIBRADOR DE IMERSÃO, DIÂMETRO DE PONTEIRA 45 mm (chi)","chi",8.2000000000000003E-2,{"$f":"+'Composições Aux. SINAPI'!$E$90:$F$90","v":0.35},{"$f":"TRUNC(D4508*E4508,2)","v":0.02}]
[{"$f":"CONCATENATE(\"SINAPI C \",'Composições Aux. SINAPI'!$A$33)","v":"SINAPI C 94963"},"CONCRETO fck=15 MPa PREPARO COM BETONEIRA","m³",0.1008,{"$f":"+'Composições Aux. SINAPI'!$E$33:$F$33","v":352.14},{"$f":"TRUNC(D4509*E4509,2)","v":35.49}]
[{"$f":"CONCATENATE(\"SINAPI I \",Insumos!$B$371)","v":"SINAPI I 21010"},"TUBO AÇO GALVANIZADO C/COSTURA 1\", 2,65 mm","m",1.03,{"$f":"+Insumos!$G$371","v":42.55},{"$f":"TRUNC(D4510*E4510,2)","v":43.82}]
["SINAPI I 21015","TUBO AÇO GALVANIZADO C/COSTURA 3\", 3,35 mm","m",6.4889999999999999,{"$f":"+Insumos!$G$376","v":143.76},{"$f":"TRUNC(D4511*E4511,2)","v":932.85}]
[{"$f":"CONCATENATE(\"SINAPI I \",Insumos!$B$348)","v":"SINAPI I 1168"},"TAMPÃO DE FERRO GALVANIZADO DE 3\"","un",2,{"$f":"+Insumos!$G$348","v":61.74},123.48]
[{"$f":"CONCATENATE(\"SINAPI I \",Insumos!$B$192)","v":"SINAPI I 11002"},"ELETRODO REVESTIDO AWS - E6013, DIAMETRO IGUAL A 2,50 mm","kg",2.92E-2,{"$f":"+Insumos!$G$192","v":63.86},1.86]
[{"$f":"CONCATENATE(\"COTAÇÃO \",Insumos!$B$215)","v":"COTAÇÃO 109"},"FUNDO P/GALVANIZADO","l",0.1231,{"$f":"+Insumos!$G$215","v":34.47},4.24]
[{"$f":"CONCATENATE(\"SINAPI I \",Insumos!$B$318)","v":"SINAPI I 5318"},"SOLVENTE DILUENTE A BASE DE AGUARRÁS","l",5.7799999999999997E-2,{"$f":"+Insumos!$G$318","v":23.8},1.37]
[{"$f":"CONCATENATE(\"SINAPI I \",Insumos!$B$364)","v":"SINAPI I 7292"},"TINTA ESMALTE SINTÉTICO BRILHANTE","l",0.47549999999999998,{"$f":"+Insumos!$G$364","v":34.700000000000003},16.489999999999998]
[{"$f":"CONCATENATE(\"COTAÇÃO \",Insumos!$B$135)","v":"COTAÇÃO 114"},"CAÇAMBA 4,00 m³","un",2.2499999999999999E-2,{"$f":"+Insumos!$G$135","v":493.97},11.11]
["SUB-TOTAL - MATERIAL / EQUIPAMENTOS:",null,{"$f":"SUM(F4507:F4517)","v":1170.7599999999998}]
[{"$f":"CONCATENATE(\"SINAPI C \",Insumos!$B$36)","v":"SINAPI C 88310"},"PINTOR C/ENCARGOS COMPLEMENTARES","h",3.794,{"$f":"+Insumos!$G$36","v":21.41},{"$f":"TRUNC(D4519*E4519,2)","v":81.22}]
[{"$f":"CONCATENATE(\"SINAPI C \",Insumos!$B$37)","v":"SINAPI C 88315"},"SERRALHEIRO C/ENCARGOS COMPLEMENTARES","h",6.9203999999999999,{"$f":"+Insumos!$G$37","v":20.22},{"$f":"TRUNC(D4520*E4520,2)","v":139.93}]
[{"$f":"CONCATENATE(\"SINAPI C \",Insumos!$B$18)","v":"SINAPI C 88251"},"AUXILIAR DE SERRALHEIRO C/ENCARGOS COMPLEMENTARES","h",5.6794000000000002,{"$f":"+Insumos!$G$18","v":17.87},{"$f":"TRUNC(D4521*E4521,2)","v":101.49}]
[{"$f":"CONCATENATE(\"SINAPI C \",Insumos!$B$35)","v":"SINAPI C 88309"},"PEDREIRO C/ENCARGOS COMPLEMENTARES","h",0.42720000000000002,{"$f":"+Insumos!$G$35","v":20.34},{"$f":"TRUNC(D4522*E4522,2)","v":8.68}]
[{"$f":"CONCATENATE(\"SINAPI C \",Insumos!$B$38)","v":"SINAPI C 88316"},"SERVENTE C/ ENCARGOS COMPLEMENTARES","h",0.65669999999999995,{"$f":"+Insumos!$G$38","v":16.920000000000002},{"$f":"TRUNC(D4523*E4523,2)","v":11.11}]
["SUB-TOTAL - MÃO-DE-OBRA:",null,{"$f":"SUM(F4519:F4523)","v":342.43}]
[]
[null,"CUSTO TOTAL:",null,null,null,{"$f":"+C4518+C4524","v":1513.1899999999998}]
[]
[null,"BDI:","%",{"$f":"+$F$7","v":"28,21%"},null,{"$f":"TRUNC(F4526*D4528,2)","v":426.87}]
[]
[null,"PREÇO:",null,null,null,{"$f":"+F4526+F4528","v":1940.06}]
[]
["CÓDIGO","DISCRIMINAÇÃO","UN","COEFIC.","UNITÁRIO","TOTAL"]
[3025,"ESPALDAR","un"]
[{"$f":"CONCATENATE(\"SINAPI C \",'Composições Aux. SINAPI'!$A$89)","v":"SINAPI C 90586"},"VIBRADOR DE IMERSÃO, DIÂMETRO DE PONTEIRA 45 mm (chp)","chp",2.8299999999999999E-2,{"$f":"+'Composições Aux. SINAPI'!$E$89:$F$89","v":1.1399999999999999},{"$f":"TRUNC(D4534*E4534,2)","v":0.03}]
[{"$f":"CONCATENATE(\"SINAPI C \",'Composições Aux. SINAPI'!$A$90)","v":"SINAPI C 90587"},"VIBRADOR DE IMERSÃO, DIÂMETRO DE PONTEIRA 45 mm (chi)","chi",8.2000000000000003E-2,{"$f":"+'Composições Aux. SINAPI'!$E$90:$F$90","v":0.35},{"$f":"TRUNC(D4535*E4535,2)","v":0.02}]
[{"$f":"CONCATENATE(\"SINAPI C \",'Composições Aux. SINAPI'!$A$33)","v":"SINAPI C 94963"},"CONCRETO fck=15 MPa PREPARO COM BETONEIRA","m³",0.1008,{"$f":"+'Composições Aux. SINAPI'!$E$33:$F$33","v":352.14},{"$f":"TRUNC(D4536*E4536,2)","v":35.49}]
[{"$f":"CONCATENATE(\"SINAPI I \",Insumos!$B$373)","v":"SINAPI I 21012"},"TUBO AÇO GALVANIZADO C/COSTURA 1 1/2\", 3,00 mm","m",9.27,{"$f":"+Insumos!$G$373","v":68.53},635.27]
[{"$f":"CONCATENATE(\"SINAPI I \",Insumos!$B$375)","v":"SINAPI I 21014"},"TUBO AÇO GALVANIZADO C/COSTURA 2 1/2\", 3,35 mm","m",5.15,{"$f":"+Insumos!$G$375","v":125.13},{"$f":"TRUNC(D4538*E4538,2)","v":644.41}]
[{"$f":"CONCATENATE(\"SINAPI I \",Insumos!$B$347)","v":"SINAPI I 1169"},"TAMPÃO DE FERRO GALVANIZADO DE 2 1/2\"","un",2,{"$f":"+Insumos!$G$347","v":43.31},{"$f":"TRUNC(D4539*E4539,2)","v":86.62}]
[{"$f":"CONCATENATE(\"SINAPI I \",Insumos!$B$192)","v":"SINAPI I 11002"},"ELETRODO REVESTIDO AWS - E6013, DIAMETRO IGUAL A 2,50 mm","kg",5.6000000000000001E-2,{"$f":"+Insumos!$G$192","v":63.86},{"$f":"TRUNC(D4540*E4540,2)","v":3.57}]
[{"$f":"CONCATENATE(\"COTAÇÃO \",Insumos!$B$215)","v":"COTAÇÃO 109"},"FUNDO P/GALVANIZADO","l",0.16900000000000001,{"$f":"+Insumos!$G$215","v":34.47},5.82]
[{"$f":"CONCATENATE(\"SINAPI I \",Insumos!$B$318)","v":"SINAPI I 5318"},"SOLVENTE DILUENTE A BASE DE AGUARRÁS","l",8.0699999999999994E-2,{"$f":"+Insumos!$G$318","v":23.8},1.92]
[{"$f":"CONCATENATE(\"SINAPI I \",Insumos!$B$364)","v":"SINAPI I 7292"},"TINTA ESMALTE SINTÉTICO BRILHANTE","l",0.65269999999999995,{"$f":"+Insumos!$G$364","v":34.700000000000003},22.64]
[{"$f":"CONCATENATE(\"COTAÇÃO \",Insumos!$B$135)","v":"COTAÇÃO 114"},"CAÇAMBA 4,00 m³","un",2.2499999999999999E-2,{"$f":"+Insumos!$G$135","v":493.97},11.11]
["SUB-TOTAL - MATERIAL / EQUIPAMENTOS:",null,{"$f":"SUM(F4534:F4544)","v":1446.8999999999996}]
[{"$f":"CONCATENATE(\"SINAPI C \",Insumos!$B$36)","v":"SINAPI C 88310"},"PINTOR C/ENCARGOS COMPLEMENTARES","h",5.2081999999999997,{"$f":"+Insumos!$G$36","v":21.41},{"$f":"TRUNC(D4546*E4546,2)","v":111.5}]
[{"$f":"CONCATENATE(\"SINAPI C \",Insumos!$B$37)","v":"SINAPI C 88315"},"SERRALHEIRO C/ENCARGOS COMPLEMENTARES","h",13.272,{"$f":"+Insumos!$G$37","v":20.22},{"$f":"TRUNC(D4547*E4547,2)","v":268.35000000000002}]
[{"$f":"CONCATENATE(\"SINAPI C \",Insumos!$B$18)","v":"SINAPI C 88251"},"AUXILIAR DE SERRALHEIRO C/ENCARGOS COMPLEMENTARES","h",10.891999999999999,{"$f":"+Insumos!$G$18","v":17.87},{"$f":"TRUNC(D4548*E4548,2)","v":194.64}]
[{"$f":"CONCATENATE(\"SINAPI C \",Insumos!$B$35)","v":"SINAPI C 88309"},"PEDREIRO C/ENCARGOS COMPLEMENTARES","h",0.42720000000000002,{"$f":"+Insumos!$G$35","v":20.34},{"$f":"TRUNC(D4549*E4549,2)","v":8.68}]
[{"$f":"CONCATENATE(\"SINAPI C \",Insumos!$B$38)","v":"SINAPI C 88316"},"SERVENTE C/ ENCARGOS COMPLEMENTARES","h",0.65669999999999995,{"$f":"+Insumos!$G$38","v":16.920000000000002},{"$f":"TRUNC(D4550*E4550,2)","v":11.11}]
["SUB-TOTAL - MÃO-DE-OBRA:",null,{"$f":"SUM(F4546:F4550)","v":594.28}]
[]
[null,"CUSTO TOTAL:",null,null,null,{"$f":"+C4545+C4551","v":2041.1799999999996}]
[]
[null,"BDI:","%",{"$f":"+$F$7","v":"28,21%"},null,{"$f":"TRUNC(F4553*D4555,2)","v":575.80999999999995}]
[]
[null,"PREÇO:",null,null,null,{"$f":"+F4553+F4555","v":2616.9899999999998}]
[]
["CÓDIGO","DISCRIMINAÇÃO","UN","COEFIC.","UNITÁRIO","TOTAL"]
[3030,"PRANCHA DE ABDOMINAIS","un"]
[{"$f":"CONCATENATE(\"SINAPI C \",'Composições Aux. SINAPI'!$A$89)","v":"SINAPI C 90586"},"VIBRADOR DE IMERSÃO, DIÂMETRO DE PONTEIRA 45 mm (chp)","chp",2.8299999999999999E-2,{"$f":"+'Composições Aux. SINAPI'!$E$89:$F$89","v":1.1399999999999999},{"$f":"TRUNC(D4561*E4561,2)","v":0.03}]
[{"$f":"CONCATENATE(\"SINAPI C \",'Composições Aux. SINAPI'!$A$90)","v":"SINAPI C 90587"},"VIBRADOR DE IMERSÃO, DIÂMETRO DE PONTEIRA 45 mm (chi)","chi",8.2000000000000003E-2,{"$f":"+'Composições Aux. SINAPI'!$E$90:$F$90","v":0.35},{"$f":"TRUNC(D4562*E4562,2)","v":0.02}]
[{"$f":"CONCATENATE(\"SINAPI C \",'Composições Aux. SINAPI'!$A$33)","v":"SINAPI C 94963"},"CONCRETO fck=15 MPa PREPARO COM BETONEIRA","m³",0.1008,{"$f":"+'Composições Aux. SINAPI'!$E$33:$F$33","v":352.14},{"$f":"TRUNC(D4563*E4563,2)","v":35.49}]
[{"$f":"CONCATENATE(\"SINAPI I \",Insumos!$B$373)","v":"SINAPI I 21012"},"TUBO AÇO GALVANIZADO C/COSTURA 1 1/2\", 3,00 mm","m",5.1294000000000004,{"$f":"+Insumos!$G$373","v":68.53},351.51]
[{"$f":"CONCATENATE(\"SINAPI I \",Insumos!$B$374)","v":"SINAPI I 21013"},"TUBO AÇO GALVANIZADO C/COSTURA 2\", 3,00 mm","m",0.52529999999999999,{"$f":"+Insumos!$G$374","v":89.43},46.97]
[{"$f":"CONCATENATE(\"SINAPI I \",Insumos!$B$345)","v":"SINAPI I 1165"},"TAMPÃO DE FERRO GALVANIZADO DE 1 1/2\"","un",4,{"$f":"+Insumos!$G$345","v":16.62},66.48]
[{"$f":"CONCATENATE(\"SINAPI I \",Insumos!$B$346)","v":"SINAPI I 1166"},"TAMPÃO DE FERRO GALVANIZADO DE 2\"","un",2,{"$f":"+Insumos!$G$346","v":24.01},{"$f":"TRUNC(D4567*E4567,2)","v":48.02}]
[{"$f":"CONCATENATE(\"SINAPI I \",Insumos!$B$192)","v":"SINAPI I 11002"},"ELETRODO REVESTIDO AWS - E6013, DIAMETRO IGUAL A 2,50 mm","kg",2.1999999999999999E-2,{"$f":"+Insumos!$G$192","v":63.86},{"$f":"TRUNC(D4568*E4568,2)","v":1.4}]
[{"$f":"CONCATENATE(\"COTAÇÃO \",Insumos!$B$335)","v":"COTAÇÃO 32"},"TÁBUA ITAÚBA LIXADA APLAINADA 2,5 x 20 x 5,50","un",2,{"$f":"+Insumos!$G$335","v":133.43},266.86]
[{"$f":"CONCATENATE(\"COTAÇÃO \",Insumos!$B$261)","v":"COTAÇÃO 52"},"PARAFUSO FRANCÊS ZINCADO 5/16\" x 4\" C/PORCA","un",8,{"$f":"+Insumos!$G$261","v":0.87},6.96]
[{"$f":"CONCATENATE(\"COTAÇÃO \",Insumos!$B$215)","v":"COTAÇÃO 109"},"FUNDO P/GALVANIZADO","l",5.62E-2,{"$f":"+Insumos!$G$215","v":34.47},1.93]
[{"$f":"CONCATENATE(\"SINAPI I \",Insumos!$B$318)","v":"SINAPI I 5318"},"SOLVENTE DILUENTE A BASE DE AGUARRÁS","l",0.1104,{"$f":"+Insumos!$G$318","v":23.8},2.62]
[{"$f":"CONCATENATE(\"SINAPI I \",Insumos!$B$364)","v":"SINAPI I 7292"},"TINTA ESMALTE SINTÉTICO BRILHANTE","l",0.47870000000000001,{"$f":"+Insumos!$G$364","v":34.700000000000003},16.61]
["SINAPI I 3767","LIXA P/MADEIRA","fl",0.83840000000000003,{"$f":"+Insumos!$G$239","v":1.48},1.24]
["SINAPI 6086","FUNDO SINTÉTICO NIVELADOR BRANCO FOSCO","gl",0.28760000000000002,{"$f":"+Insumos!$G$216","v":43.28},12.44]
[{"$f":"CONCATENATE(\"COTAÇÃO \",Insumos!$B$135)","v":"COTAÇÃO 114"},"CAÇAMBA 4,00 m³","un",2.2499999999999999E-2,{"$f":"+Insumos!$G$135","v":493.97},11.11]
["SUB-TOTAL - MATERIAL / EQUIPAMENTOS:",null,{"$f":"SUM(F4561:F4576)","v":869.69}]
[{"$f":"CONCATENATE(\"SINAPI C \",Insumos!$B$36)","v":"SINAPI C 88310"},"PINTOR C/ENCARGOS COMPLEMENTARES","h",3.1143999999999998,{"$f":"+Insumos!$G$36","v":21.41},{"$f":"TRUNC(D4578*E4578,2)","v":66.67}]
[{"$f":"CONCATENATE(\"SINAPI C \",Insumos!$B$37)","v":"SINAPI C 88315"},"SERRALHEIRO C/ENCARGOS COMPLEMENTARES","h",5.2045000000000003,{"$f":"+Insumos!$G$37","v":20.22},{"$f":"TRUNC(D4579*E4579,2)","v":105.23}]
[{"$f":"CONCATENATE(\"SINAPI C \",Insumos!$B$18)","v":"SINAPI C 88251"},"AUXILIAR DE SERRALHEIRO C/ENCARGOS COMPLEMENTARES","h",4.2712000000000003,{"$f":"+Insumos!$G$18","v":17.87},{"$f":"TRUNC(D4580*E4580,2)","v":76.319999999999993}]
[{"$f":"CONCATENATE(\"SINAPI C \",Insumos!$B$35)","v":"SINAPI C 88309"},"PEDREIRO C/ENCARGOS COMPLEMENTARES","h",0.42720000000000002,{"$f":"+Insumos!$G$35","v":20.34},{"$f":"TRUNC(D4581*E4581,2)","v":8.68}]
[{"$f":"CONCATENATE(\"SINAPI C \",Insumos!$B$38)","v":"SINAPI C 88316"},"SERVENTE C/ ENCARGOS COMPLEMENTARES","h",0.65669999999999995,{"$f":"+Insumos!$G$38","v":16.920000000000002},{"$f":"TRUNC(D4582*E4582,2)","v":11.11}]
["SUB-TOTAL - MÃO-DE-OBRA:",null,{"$f":"SUM(F4578:F4582)","v":268.01}]
[]
[null,"CUSTO TOTAL:",null,null,null,{"$f":"+C4577+C4583","v":1137.7}]
[]
[null,"BDI:","%",{"$f":"+$F$7","v":"28,21%"},null,{"$f":"TRUNC(F4585*D4587,2)","v":320.94}]
[]
[null,"PREÇO:",null,null,null,{"$f":"+F4585+F4587","v":1458.64}]
[]
["ACADEMIA AO AR LIVRE",null,"% significativa da obra?",null,null,"NÃO"]
["CÓDIGO","DISCRIMINAÇÃO","UN","COEFIC.","UNITÁRIO","TOTAL"]
[3205,"PLACA ORIENTATIVA","un"]
[{"$f":"CONCATENATE(\"SINAPI C \",'Composições Aux. SINAPI'!$A$89)","v":"SINAPI C 90586"},"VIBRADOR DE IMERSÃO, DIÂMETRO DE PONTEIRA 45 mm (chp)","chp",5.5300000000000002E-2,{"$f":"+'Composições Aux. SINAPI'!$E$89:$F$89","v":1.1399999999999999},{"$f":"TRUNC(D4594*E4594,2)","v":0.06}]
[{"$f":"CONCATENATE(\"SINAPI C \",'Composições Aux. SINAPI'!$A$90)","v":"SINAPI C 90587"},"VIBRADOR DE IMERSÃO, DIÂMETRO DE PONTEIRA 45 mm (chi)","chi",0.1603,{"$f":"+'Composições Aux. SINAPI'!$E$90:$F$90","v":0.35},{"$f":"TRUNC(D4595*E4595,2)","v":0.05}]
[{"$f":"CONCATENATE(\"SINAPI C \",'Composições Aux. SINAPI'!$A$33)","v":"SINAPI C 94963"},"CONCRETO fck=15 MPa PREPARO COM BETONEIRA","m³",0.2024,{"$f":"+'Composições Aux. SINAPI'!$E$33:$F$33","v":352.14},{"$f":"TRUNC(D4596*E4596,2)","v":71.27}]
[{"$f":"CONCATENATE(\"COTAÇÃO \",Insumos!$B$135)","v":"COTAÇÃO 114"},"CAÇAMBA 4,00 m³","un",4.3999999999999997E-2,{"$f":"+Insumos!$G$135","v":493.97},21.73]
[{"$f":"CONCATENATE(\"COTAÇÃO \",Insumos!$B$102)","v":"COTAÇÃO 89"},"(ATI) PLACA ORIENTATIVA","un",1,{"$f":"+Insumos!$G$102","v":3919.72},{"$f":"TRUNC(D4598*E4598,2)","v":3919.72}]
["SUB-TOTAL - MATERIAL/EQUIPAMENTOS:",null,{"$f":"SUM(F4594:F4598)","v":4012.83}]
[{"$f":"CONCATENATE(\"SINAPI C \",Insumos!$B$35)","v":"SINAPI C 88309"},"PEDREIRO C/ENCARGOS COMPLEMENTARES","h",1.3353999999999999,{"$f":"+Insumos!$G$35","v":20.34},{"$f":"TRUNC(D4600*E4600,2)","v":27.16}]
[{"$f":"CONCATENATE(\"SINAPI C \",Insumos!$B$38)","v":"SINAPI C 88316"},"SERVENTE C/ ENCARGOS COMPLEMENTARES","h",1.7843,{"$f":"+Insumos!$G$38","v":16.920000000000002},{"$f":"TRUNC(D4601*E4601,2)","v":30.19}]
["SUB-TOTAL - MÃO-DE-OBRA:",null,{"$f":"SUM(F4600:F4601)","v":57.35}]
[]
[null,"CUSTO TOTAL:",null,null,null,{"$f":"C4599+C4602","v":4070.18}]
[]
[null,"BDI:","%",{"$f":"+$F$7","v":"28,21%"},null,{"$f":"IF($F$4591=\"SIM\",TRUNC((F4594+F4595+F4596+F4597+C4602)*D4606,2),TRUNC(F4604*D4606,2))","v":1148.19}]
[null,{"$f":"IF($F$4591=\"SIM\",\"BDI Diferenciado:\",\"\")","v":""},{"$f":"IF($F$4591=\"SIM\",\"%\",\"\")","v":""},{"$f":"IF($F$4591=\"SIM\",$F$8,\"\")","v":""},null,{"$f":"IF($F$4591=\"SIM\",TRUNC((F4598*D4607),2),\"\")","v":""}]
[]
[null,"PREÇO:",null,null,null,{"$f":"IF($F$4591=\"SIM\",F4604+F4606+F4607,F4604+F4606)","v":5218.37}]
[]
["CÓDIGO","DISCRIMINAÇÃO","UN","COEFIC.","UNITÁRIO","TOTAL"]
[3212,"JOGO DE BARRAS","un"]
[{"$f":"CONCATENATE(\"SINAPI C \",'Composições Aux. SINAPI'!$A$89)","v":"SINAPI C 90586"},"VIBRADOR DE IMERSÃO, DIÂMETRO DE PONTEIRA 45 mm (chp)","chp",0.1105,{"$f":"+'Composições Aux. SINAPI'!$E$89:$F$89","v":1.1399999999999999},{"$f":"TRUNC(D4613*E4613,2)","v":0.12}]
[{"$f":"CONCATENATE(\"SINAPI C \",'Composições Aux. SINAPI'!$A$90)","v":"SINAPI C 90587"},"VIBRADOR DE IMERSÃO, DIÂMETRO DE PONTEIRA 45 mm (chi)","chi",0.32069999999999999,{"$f":"+'Composições Aux. SINAPI'!$E$90:$F$90","v":0.35},{"$f":"TRUNC(D4614*E4614,2)","v":0.11}]
[{"$f":"CONCATENATE(\"SINAPI C \",'Composições Aux. SINAPI'!$A$33)","v":"SINAPI C 94963"},"CONCRETO fck=15 MPa PREPARO COM BETONEIRA","m³",0.40479999999999999,{"$f":"+'Composições Aux. SINAPI'!$E$33:$F$33","v":352.14},{"$f":"TRUNC(D4615*E4615,2)","v":142.54}]
[{"$f":"CONCATENATE(\"COTAÇÃO \",Insumos!$B$135)","v":"COTAÇÃO 114"},"CAÇAMBA 4,00 m³","un",8.7999999999999995E-2,{"$f":"+Insumos!$G$135","v":493.97},43.46]
[{"$f":"CONCATENATE(\"COTAÇÃO \",Insumos!$B$99)","v":"COTAÇÃO 86"},"(ATI) JOGO DE BARRAS","un",1,{"$f":"+Insumos!$G$99","v":5132.21},{"$f":"TRUNC(D4617*E4617,2)","v":5132.21}]
["SUB-TOTAL - MATERIAL/EQUIPAMENTOS:",null,{"$f":"SUM(F4613:F4617)","v":5318.44}]
[{"$f":"CONCATENATE(\"SINAPI C \",Insumos!$B$35)","v":"SINAPI C 88309"},"PEDREIRO C/ENCARGOS COMPLEMENTARES","h",2.4209999999999998,{"$f":"+Insumos!$G$35","v":20.34},{"$f":"TRUNC(D4619*E4619,2)","v":49.24}]
[{"$f":"CONCATENATE(\"SINAPI C \",Insumos!$B$38)","v":"SINAPI C 88316"},"SERVENTE C/ ENCARGOS COMPLEMENTARES","h",3.0684999999999998,{"$f":"+Insumos!$G$38","v":16.920000000000002},{"$f":"TRUNC(D4620*E4620,2)","v":51.91}]
["SUB-TOTAL - MÃO-DE-OBRA:",null,{"$f":"SUM(F4619:F4620)","v":101.15}]
[]
[null,"CUSTO TOTAL:",null,null,null,{"$f":"C4618+C4621","v":5419.5899999999992}]
[]
[null,"BDI:","%",{"$f":"+$F$7","v":"28,21%"},null,{"$f":"IF($F$4591=\"SIM\",TRUNC((F4613+F4614+F4615+F4616+C4621)*D4625,2),TRUNC(F4623*D4625,2))","v":1528.86}]
[null,{"$f":"IF($F$4591=\"SIM\",\"BDI Diferenciado:\",\"\")","v":""},{"$f":"IF($F$4591=\"SIM\",\"%\",\"\")","v":""},{"$f":"IF($F$4591=\"SIM\",$F$8,\"\")","v":""},null,{"$f":"IF($F$4591=\"SIM\",TRUNC((F4617*D4626),2),\"\")","v":""}]
[]
[null,"PREÇO:",null,null,null,{"$f":"IF($F$4591=\"SIM\",F4623+F4625+F4626,F4623+F4625)","v":6948.4499999999989}]
[]
["CÓDIGO","DISCRIMINAÇÃO","UN","COEFIC.","UNITÁRIO","TOTAL"]
[3220,"SIMULADOR DE CAMINHADA TRIPLO CONJUGADO","un"]
[{"$f":"CONCATENATE(\"COTAÇÃO \",Insumos!$B$106)","v":"COTAÇÃO 93"},"(ATI) SIMULADOR DE CAMINHADA TRIPLO CONJUGADO","un",1,{"$f":"+Insumos!$G$106","v":7255.66},{"$f":"TRUNC(D4632*E4632,2)","v":7255.66}]
["SUB-TOTAL - MATERIAL/EQUIPAMENTOS:",null,{"$f":"SUM(F4632)","v":7255.66}]
[{"$f":"CONCATENATE(\"SINAPI C \",Insumos!$B$35)","v":"SINAPI C 88309"},"PEDREIRO C/ENCARGOS COMPLEMENTARES","h",0.75,{"$f":"+Insumos!$G$35","v":20.34},{"$f":"TRUNC(D4634*E4634,2)","v":15.25}]
[{"$f":"CONCATENATE(\"SINAPI C \",Insumos!$B$38)","v":"SINAPI C 88316"},"SERVENTE C/ ENCARGOS COMPLEMENTARES","h",0.5,{"$f":"+Insumos!$G$38","v":16.920000000000002},{"$f":"TRUNC(D4635*E4635,2)","v":8.4600000000000009}]
["SUB-TOTAL - MÃO-DE-OBRA:",null,{"$f":"SUM(F4634:F4635)","v":23.71}]
[]
[null,"CUSTO TOTAL:",null,null,null,{"$f":"+C4633+C4636","v":7279.37}]
[]
[null,"BDI:","%",{"$f":"+$F$7","v":"28,21%"},null,{"$f":"IF($F$4591=\"SIM\",TRUNC((C4636)*D4640,2),TRUNC(F4638*D4640,2))","v":2053.5100000000002}]
[null,{"$f":"IF($F$4591=\"SIM\",\"BDI Diferenciado:\",\"\")","v":""},{"$f":"IF($F$4591=\"SIM\",\"%\",\"\")","v":""},{"$f":"IF($F$4591=\"SIM\",$F$8,\"\")","v":""},null,{"$f":"IF($F$4591=\"SIM\",TRUNC((F4632*D4641),2),\"\")","v":""}]
[]
[null,"PREÇO:",null,null,null,{"$f":"IF($F$4591=\"SIM\",F4638+F4640+F4641,F4638+F4640)","v":9332.880000000001}]
[]
["CÓDIGO","DISCRIMINAÇÃO","UN","COEFIC.","UNITÁRIO","TOTAL"]
[3230,"ESQUI TRIPLO CONJUGADO","un"]
[{"$f":"CONCATENATE(\"COTAÇÃO \",Insumos!$B$98)","v":"COTAÇÃO 85"},"(ATI) ESQUI TRIPLO CONJUGADO","un",1,{"$f":"+Insumos!$G$98","v":7737.45},{"$f":"TRUNC(D4647*E4647,2)","v":7737.45}]
["SUB-TOTAL - MATERIAL/EQUIPAMENTOS:",null,{"$f":"SUM(F4647)","v":7737.45}]
[{"$f":"CONCATENATE(\"SINAPI C \",Insumos!$B$35)","v":"SINAPI C 88309"},"PEDREIRO C/ENCARGOS COMPLEMENTARES","h",0.75,{"$f":"+Insumos!$G$35","v":20.34},{"$f":"TRUNC(D4649*E4649,2)","v":15.25}]
[{"$f":"CONCATENATE(\"SINAPI C \",Insumos!$B$38)","v":"SINAPI C 88316"},"SERVENTE C/ ENCARGOS COMPLEMENTARES","h",0.5,{"$f":"+Insumos!$G$38","v":16.920000000000002},{"$f":"TRUNC(D4650*E4650,2)","v":8.4600000000000009}]
["SUB-TOTAL - MÃO-DE-OBRA:",null,{"$f":"SUM(F4649:F4650)","v":23.71}]
[]
[null,"CUSTO TOTAL:",null,null,null,{"$f":"+C4648+C4651","v":7761.16}]
[]
[null,"BDI:","%",{"$f":"+$F$7","v":"28,21%"},null,{"$f":"IF($F$4591=\"SIM\",TRUNC((C4651)*D4655,2),TRUNC(F4653*D4655,2))","v":2189.42}]
[null,{"$f":"IF($F$4591=\"SIM\",\"BDI Diferenciado:\",\"\")","v":""},{"$f":"IF($F$4591=\"SIM\",\"%\",\"\")","v":""},{"$f":"IF($F$4591=\"SIM\",$F$8,\"\")","v":""},null,{"$f":"IF($F$4591=\"SIM\",TRUNC((F4647*D4656),2),\"\")","v":""}]
[]
[null,"PREÇO:",null,null,null,{"$f":"IF($F$4591=\"SIM\",F4653+F4655+F4656,F4653+F4655)","v":9950.58}]
[]
["CÓDIGO","DISCRIMINAÇÃO","UN","COEFIC.","UNITÁRIO","TOTAL"]
[3235,"ADUÇÃO E ABDUÇÃO DE PERNAS DUPLO","un"]
[{"$f":"CONCATENATE(\"SINAPI C \",'Composições Aux. SINAPI'!$A$89)","v":"SINAPI C 90586"},"VIBRADOR DE IMERSÃO, DIÂMETRO DE PONTEIRA 45 mm (chp)","chp",2.76E-2,{"$f":"+'Composições Aux. SINAPI'!$E$89:$F$89","v":1.1399999999999999},{"$f":"TRUNC(D4662*E4662,2)","v":0.03}]
[{"$f":"CONCATENATE(\"SINAPI C \",'Composições Aux. SINAPI'!$A$90)","v":"SINAPI C 90587"},"VIBRADOR DE IMERSÃO, DIÂMETRO DE PONTEIRA 45 mm (chi)","chi",8.0199999999999994E-2,{"$f":"+'Composições Aux. SINAPI'!$E$90:$F$90","v":0.35},{"$f":"TRUNC(D4663*E4663,2)","v":0.02}]
[{"$f":"CONCATENATE(\"SINAPI C \",'Composições Aux. SINAPI'!$A$33)","v":"SINAPI C 94963"},"CONCRETO fck=15 MPa PREPARO COM BETONEIRA","m³",0.1012,{"$f":"+'Composições Aux. SINAPI'!$E$33:$F$33","v":352.14},{"$f":"TRUNC(D4664*E4664,2)","v":35.630000000000003}]
[{"$f":"CONCATENATE(\"COTAÇÃO \",Insumos!$B$135)","v":"COTAÇÃO 114"},"CAÇAMBA 4,00 m³","un",2.1999999999999999E-2,{"$f":"+Insumos!$G$135","v":493.97},10.86]
[{"$f":"CONCATENATE(\"COTAÇÃO \",Insumos!$B$97)","v":"COTAÇÃO 84"},"(ATI) ADUÇÃO E ABDUÇÃO DE PERNAS DUPLO","un",1,{"$f":"+Insumos!$G$97","v":6114.39},{"$f":"TRUNC(D4666*E4666,2)","v":6114.39}]
["SUB-TOTAL - MATERIAL/EQUIPAMENTOS:",null,{"$f":"SUM(F4662:F4666)","v":6160.93}]
[{"$f":"CONCATENATE(\"SINAPI C \",Insumos!$B$35)","v":"SINAPI C 88309"},"PEDREIRO C/ENCARGOS COMPLEMENTARES","h",0.66779999999999995,{"$f":"+Insumos!$G$35","v":20.34},{"$f":"TRUNC(D4668*E4668,2)","v":13.58}]
[{"$f":"CONCATENATE(\"SINAPI C \",Insumos!$B$38)","v":"SINAPI C 88316"},"SERVENTE C/ ENCARGOS COMPLEMENTARES","h",1.1420999999999999,{"$f":"+Insumos!$G$38","v":16.920000000000002},{"$f":"TRUNC(D4669*E4669,2)","v":19.32}]
["SUB-TOTAL - MÃO-DE-OBRA:",null,{"$f":"SUM(F4668:F4669)","v":32.9}]
[]
[null,"CUSTO TOTAL:",null,null,null,{"$f":"+C4667+C4670","v":6193.83}]
[]
[null,"BDI:","%",{"$f":"+$F$7","v":"28,21%"},null,{"$f":"IF($F$4591=\"SIM\",TRUNC((F4662+F4663+F4664+F4665+C4670)*D4674,2),TRUNC(F4672*D4674,2))","v":1747.27}]
[null,{"$f":"IF($F$4591=\"SIM\",\"BDI Diferenciado:\",\"\")","v":""},{"$f":"IF($F$4591=\"SIM\",\"%\",\"\")","v":""},{"$f":"IF($F$4591=\"SIM\",$F$8,\"\")","v":""},null,{"$f":"IF($F$4591=\"SIM\",TRUNC((F4666*D4675),2),\"\")","v":""}]
[]
[null,"PREÇO:",null,null,null,{"$f":"IF($F$4591=\"SIM\",F4672+F4674+F4675,F4672+F4674)","v":7941.1}]
[]
["CÓDIGO","DISCRIMINAÇÃO","UN","COEFIC.","UNITÁRIO","TOTAL"]
[3240,"PRESSÃO DE PERNAS TRIPLO CONJUGADO","un"]
[{"$f":"CONCATENATE(\"SINAPI C \",'Composições Aux. SINAPI'!$A$89)","v":"SINAPI C 90586"},"VIBRADOR DE IMERSÃO, DIÂMETRO DE PONTEIRA 45 mm (chp)","chp",2.76E-2,{"$f":"+'Composições Aux. SINAPI'!$E$89:$F$89","v":1.1399999999999999},{"$f":"TRUNC(D4681*E4681,2)","v":0.03}]
[{"$f":"CONCATENATE(\"SINAPI C \",'Composições Aux. SINAPI'!$A$90)","v":"SINAPI C 90587"},"VIBRADOR DE IMERSÃO, DIÂMETRO DE PONTEIRA 45 mm (chi)","chi",8.0199999999999994E-2,{"$f":"+'Composições Aux. SINAPI'!$E$90:$F$90","v":0.35},{"$f":"TRUNC(D4682*E4682,2)","v":0.02}]
[{"$f":"CONCATENATE(\"SINAPI C \",'Composições Aux. SINAPI'!$A$33)","v":"SINAPI C 94963"},"CONCRETO fck=15 MPa PREPARO COM BETONEIRA","m³",0.1012,{"$f":"+'Composições Aux. SINAPI'!$E$33:$F$33","v":352.14},{"$f":"TRUNC(D4683*E4683,2)","v":35.630000000000003}]
[{"$f":"CONCATENATE(\"COTAÇÃO \",Insumos!$B$135)","v":"COTAÇÃO 114"},"CAÇAMBA 4,00 m³","un",2.1999999999999999E-2,{"$f":"+Insumos!$G$135","v":493.97},10.86]
[{"$f":"CONCATENATE(\"COTAÇÃO \",Insumos!$B$103)","v":"COTAÇÃO 90"},"(ATI) PRESSÃO DE PERNAS TRIPLO CONJUGADO","un",1,{"$f":"+Insumos!$G$103","v":5471.58},{"$f":"TRUNC(D4685*E4685,2)","v":5471.58}]
["SUB-TOTAL - MATERIAL/EQUIPAMENTOS:",null,{"$f":"SUM(F4681:F4685)","v":5518.12}]
[{"$f":"CONCATENATE(\"SINAPI C \",Insumos!$B$35)","v":"SINAPI C 88309"},"PEDREIRO C/ENCARGOS COMPLEMENTARES","h",0.66779999999999995,{"$f":"+Insumos!$G$35","v":20.34},{"$f":"TRUNC(D4687*E4687,2)","v":13.58}]
[{"$f":"CONCATENATE(\"SINAPI C \",Insumos!$B$38)","v":"SINAPI C 88316"},"SERVENTE C/ ENCARGOS COMPLEMENTARES","h",1.1420999999999999,{"$f":"+Insumos!$G$38","v":16.920000000000002},{"$f":"TRUNC(D4688*E4688,2)","v":19.32}]
["SUB-TOTAL - MÃO-DE-OBRA:",null,{"$f":"SUM(F4687:F4688)","v":32.9}]
[]
[null,"CUSTO TOTAL:",null,null,null,{"$f":"+C4686+C4689","v":5551.0199999999995}]
[]
[null,"BDI:","%",{"$f":"+$F$7","v":"28,21%"},null,{"$f":"IF($F$4591=\"SIM\",TRUNC((F4681+F4682+F4683+F4684+C4689)*D4693,2),TRUNC(F4691*D4693,2))","v":1565.94}]
[null,{"$f":"IF($F$4591=\"SIM\",\"BDI Diferenciado:\",\"\")","v":""},{"$f":"IF($F$4591=\"SIM\",\"%\",\"\")","v":""},{"$f":"IF($F$4591=\"SIM\",$F$8,\"\")","v":""},null,{"$f":"IF($F$4591=\"SIM\",TRUNC((F4685*D4694),2),\"\")","v":""}]
[]
[null,"PREÇO:",null,null,null,{"$f":"IF($F$4591=\"SIM\",F4691+F4693+F4694,F4691+F4693)","v":7116.9599999999991}]
[]
["CÓDIGO","DISCRIMINAÇÃO","UN","COEFIC.","UNITÁRIO","TOTAL"]
[3245,"MULTIEXERCITADOR CONJUGADO 6 FUNÇÕES","un"]
[{"$f":"CONCATENATE(\"COTAÇÃO \",Insumos!$B$100)","v":"COTAÇÃO 87"},"(ATI) MULTIEXERCITADOR CONJUGADO 6 FUNÇÕES","un",1,{"$f":"+Insumos!$G$100","v":8021},{"$f":"TRUNC(D4700*E4700,2)","v":8021}]
["SUB-TOTAL - MATERIAL/EQUIPAMENTOS:",null,{"$f":"SUM(F4700)","v":8021}]
[{"$f":"CONCATENATE(\"SINAPI C \",Insumos!$B$35)","v":"SINAPI C 88309"},"PEDREIRO C/ENCARGOS COMPLEMENTARES","h",0.75,{"$f":"+Insumos!$G$35","v":20.34},{"$f":"TRUNC(D4702*E4702,2)","v":15.25}]
[{"$f":"CONCATENATE(\"SINAPI C \",Insumos!$B$38)","v":"SINAPI C 88316"},"SERVENTE C/ ENCARGOS COMPLEMENTARES","h",0.75,{"$f":"+Insumos!$G$38","v":16.920000000000002},{"$f":"TRUNC(D4703*E4703,2)","v":12.69}]
["SUB-TOTAL - MÃO-DE-OBRA:",null,{"$f":"SUM(F4702:F4703)","v":27.939999999999998}]
[]
[null,"CUSTO TOTAL:",null,null,null,{"$f":"+C4701+C4704","v":8048.94}]
[]
[null,"BDI:","%",{"$f":"+$F$7","v":"28,21%"},null,{"$f":"IF($F$4591=\"SIM\",TRUNC((C4704)*D4708,2),TRUNC(F4706*D4708,2))","v":2270.6}]
[null,{"$f":"IF($F$4591=\"SIM\",\"BDI Diferenciado:\",\"\")","v":""},{"$f":"IF($F$4591=\"SIM\",\"%\",\"\")","v":""},{"$f":"IF($F$4591=\"SIM\",$F$8,\"\")","v":""},null,{"$f":"IF($F$4591=\"SIM\",TRUNC((F4700*D4709),2),\"\")","v":""}]
[]
[null,"PREÇO:",null,null,null,{"$f":"IF($F$4591=\"SIM\",F4706+F4708+F4709,F4706+F4708)","v":10319.539999999999}]
[]
["CÓDIGO","DISCRIMINAÇÃO","UN","COEFIC.","UNITÁRIO","TOTAL"]
[3252,"SIMULADOR DE REMO","un"]
[{"$f":"CONCATENATE(\"COTAÇÃO \",Insumos!$B$107)","v":"COTAÇÃO 94"},"(ATI) SIMULADOR DE REMO","un",1,{"$f":"+Insumos!$G$107","v":4131.43},{"$f":"TRUNC(D4715*E4715,2)","v":4131.43}]
["SUB-TOTAL - MATERIAL/EQUIPAMENTOS:",null,{"$f":"SUM(F4715)","v":4131.43}]
[{"$f":"CONCATENATE(\"SINAPI C \",Insumos!$B$35)","v":"SINAPI C 88309"},"PEDREIRO C/ENCARGOS COMPLEMENTARES","h",0.5,{"$f":"+Insumos!$G$35","v":20.34},{"$f":"TRUNC(D4717*E4717,2)","v":10.17}]
[{"$f":"CONCATENATE(\"SINAPI C \",Insumos!$B$38)","v":"SINAPI C 88316"},"SERVENTE C/ ENCARGOS COMPLEMENTARES","h",0.5,{"$f":"+Insumos!$G$38","v":16.920000000000002},{"$f":"TRUNC(D4718*E4718,2)","v":8.4600000000000009}]
["SUB-TOTAL - MÃO-DE-OBRA:",null,{"$f":"SUM(F4717:F4718)","v":18.630000000000003}]
[]
[null,"CUSTO TOTAL:",null,null,null,{"$f":"+C4716+C4719","v":4150.0600000000004}]
[]
[null,"BDI:","%",{"$f":"+$F$7","v":"28,21%"},null,{"$f":"IF($F$4591=\"SIM\",TRUNC((C4719)*D4723,2),TRUNC(F4721*D4723,2))","v":1170.73}]
[null,{"$f":"IF($F$4591=\"SIM\",\"BDI Diferenciado:\",\"\")","v":""},{"$f":"IF($F$4591=\"SIM\",\"%\",\"\")","v":""},{"$f":"IF($F$4591=\"SIM\",$F$8,\"\")","v":""},null,{"$f":"IF($F$4591=\"SIM\",TRUNC((F4715*D4724),2),\"\")","v":""}]
[]
[null,"PREÇO:",null,null,null,{"$f":"IF($F$4591=\"SIM\",F4721+F4723+F4724,F4721+F4723)","v":5320.7900000000009}]
[]
["CÓDIGO","DISCRIMINAÇÃO","UN","COEFIC.","UNITÁRIO","TOTAL"]
[3260,"PUXADOR DUPLO","un"]
[{"$f":"CONCATENATE(\"SINAPI C \",'Composições Aux. SINAPI'!$A$89)","v":"SINAPI C 90586"},"VIBRADOR DE IMERSÃO, DIÂMETRO DE PONTEIRA 45 mm (chp)","chp",2.76E-2,{"$f":"+'Composições Aux. SINAPI'!$E$89:$F$89","v":1.1399999999999999},{"$f":"TRUNC(D4730*E4730,2)","v":0.03}]
[{"$f":"CONCATENATE(\"SINAPI C \",'Composições Aux. SINAPI'!$A$90)","v":"SINAPI C 90587"},"VIBRADOR DE IMERSÃO, DIÂMETRO DE PONTEIRA 45 mm (chi)","chi",8.0199999999999994E-2,{"$f":"+'Composições Aux. SINAPI'!$E$90:$F$90","v":0.35},{"$f":"TRUNC(D4731*E4731,2)","v":0.02}]
[{"$f":"CONCATENATE(\"SINAPI C \",'Composições Aux. SINAPI'!$A$33)","v":"SINAPI C 94963"},"CONCRETO fck=15 MPa PREPARO COM BETONEIRA","m³",0.1012,{"$f":"+'Composições Aux. SINAPI'!$E$33:$F$33","v":352.14},{"$f":"TRUNC(D4732*E4732,2)","v":35.630000000000003}]
[{"$f":"CONCATENATE(\"COTAÇÃO \",Insumos!$B$135)","v":"COTAÇÃO 114"},"CAÇAMBA 4,00 m³","un",2.1999999999999999E-2,{"$f":"+Insumos!$G$135","v":493.97},10.86]
[{"$f":"CONCATENATE(\"COTAÇÃO \",Insumos!$B$104)","v":"COTAÇÃO 91"},"(ATI) PUXADOR DUPLO","un",1,{"$f":"+Insumos!$G$104","v":6518.55},{"$f":"TRUNC(D4734*E4734,2)","v":6518.55}]
["SUB-TOTAL - MATERIAL/EQUIPAMENTOS:",null,{"$f":"SUM(F4730:F4734)","v":6565.09}]
[{"$f":"CONCATENATE(\"SINAPI C \",Insumos!$B$35)","v":"SINAPI C 88309"},"PEDREIRO C/ENCARGOS COMPLEMENTARES","h",0.66779999999999995,{"$f":"+Insumos!$G$35","v":20.34},{"$f":"TRUNC(D4736*E4736,2)","v":13.58}]
[{"$f":"CONCATENATE(\"SINAPI C \",Insumos!$B$38)","v":"SINAPI C 88316"},"SERVENTE C/ ENCARGOS COMPLEMENTARES","h",1.1420999999999999,{"$f":"+Insumos!$G$38","v":16.920000000000002},{"$f":"TRUNC(D4737*E4737,2)","v":19.32}]
["SUB-TOTAL - MÃO-DE-OBRA:",null,{"$f":"SUM(F4736:F4737)","v":32.9}]
[]
[null,"CUSTO TOTAL:",null,null,null,{"$f":"+C4735+C4738","v":6597.99}]
[]
[null,"BDI:","%",{"$f":"+$F$7","v":"28,21%"},null,{"$f":"IF($F$4591=\"SIM\",TRUNC((F4730+F4731+F4732+F4733+C4738)*D4742,2),TRUNC(F4740*D4742,2))","v":1861.29}]
[null,{"$f":"IF($F$4591=\"SIM\",\"BDI Diferenciado:\",\"\")","v":""},{"$f":"IF($F$4591=\"SIM\",\"%\",\"\")","v":""},{"$f":"IF($F$4591=\"SIM\",$F$8,\"\")","v":""},null,{"$f":"IF($F$4591=\"SIM\",TRUNC((F4734*D4743),2),\"\")","v":""}]
[]
[null,"PREÇO:",null,null,null,{"$f":"IF($F$4591=\"SIM\",F4740+F4742+F4743,F4740+F4742)","v":8459.2799999999988}]
[]
["CÓDIGO","DISCRIMINAÇÃO","UN","COEFIC.","UNITÁRIO","TOTAL"]
[3265,"PEITORAL DUPLO","un"]
[{"$f":"CONCATENATE(\"SINAPI C \",'Composições Aux. SINAPI'!$A$89)","v":"SINAPI C 90586"},"VIBRADOR DE IMERSÃO, DIÂMETRO DE PONTEIRA 45 mm (chp)","chp",2.76E-2,{"$f":"+'Composições Aux. SINAPI'!$E$89:$F$89","v":1.1399999999999999},{"$f":"TRUNC(D4749*E4749,2)","v":0.03}]
[{"$f":"CONCATENATE(\"SINAPI C \",'Composições Aux. SINAPI'!$A$90)","v":"SINAPI C 90587"},"VIBRADOR DE IMERSÃO, DIÂMETRO DE PONTEIRA 45 mm (chi)","chi",8.0199999999999994E-2,{"$f":"+'Composições Aux. SINAPI'!$E$90:$F$90","v":0.35},{"$f":"TRUNC(D4750*E4750,2)","v":0.02}]
[{"$f":"CONCATENATE(\"SINAPI C \",'Composições Aux. SINAPI'!$A$33)","v":"SINAPI C 94963"},"CONCRETO fck=15 MPa PREPARO COM BETONEIRA","m³",0.1012,{"$f":"+'Composições Aux. SINAPI'!$E$33:$F$33","v":352.14},{"$f":"TRUNC(D4751*E4751,2)","v":35.630000000000003}]
[{"$f":"CONCATENATE(\"COTAÇÃO \",Insumos!$B$135)","v":"COTAÇÃO 114"},"CAÇAMBA 4,00 m³","un",2.1999999999999999E-2,{"$f":"+Insumos!$G$135","v":493.97},10.86]
[{"$f":"CONCATENATE(\"COTAÇÃO \",Insumos!$B$101)","v":"COTAÇÃO 88"},"(ATI) PEITORAL DUPLO","un",1,{"$f":"+Insumos!$G$101","v":6495.45},{"$f":"TRUNC(D4753*E4753,2)","v":6495.45}]
["SUB-TOTAL - MATERIAL/EQUIPAMENTOS:",null,{"$f":"SUM(F4749:F4753)","v":6541.99}]
[{"$f":"CONCATENATE(\"SINAPI C \",Insumos!$B$35)","v":"SINAPI C 88309"},"PEDREIRO C/ENCARGOS COMPLEMENTARES","h",0.66779999999999995,{"$f":"+Insumos!$G$35","v":20.34},{"$f":"TRUNC(D4755*E4755,2)","v":13.58}]
[{"$f":"CONCATENATE(\"SINAPI C \",Insumos!$B$38)","v":"SINAPI C 88316"},"SERVENTE C/ ENCARGOS COMPLEMENTARES","h",1.1420999999999999,{"$f":"+Insumos!$G$38","v":16.920000000000002},{"$f":"TRUNC(D4756*E4756,2)","v":19.32}]
["SUB-TOTAL - MÃO-DE-OBRA:",null,{"$f":"SUM(F4755:F4756)","v":32.9}]
[]
[null,"CUSTO TOTAL:",null,null,null,{"$f":"+C4754+C4757","v":6574.8899999999994}]
[]
[null,"BDI:","%",{"$f":"+$F$7","v":"28,21%"},null,{"$f":"IF($F$4591=\"SIM\",TRUNC((F4749+F4750+F4751+F4752+C4757)*D4761,2),TRUNC(F4759*D4761,2))","v":1854.77}]
[null,{"$f":"IF($F$4591=\"SIM\",\"BDI Diferenciado:\",\"\")","v":""},{"$f":"IF($F$4591=\"SIM\",\"%\",\"\")","v":""},{"$f":"IF($F$4591=\"SIM\",$F$8,\"\")","v":""},null,{"$f":"IF($F$4591=\"SIM\",TRUNC((F4753*D4762),2),\"\")","v":""}]
[]
[null,"PREÇO:",null,null,null,{"$f":"IF($F$4591=\"SIM\",F4759+F4761+F4762,F4759+F4761)","v":8429.66}]
[]
["CÓDIGO","DISCRIMINAÇÃO","UN","COEFIC.","UNITÁRIO","TOTAL"]
[3270,"ABDOMINAL","un"]
[{"$f":"CONCATENATE(\"SINAPI C \",'Composições Aux. SINAPI'!$A$89)","v":"SINAPI C 90586"},"VIBRADOR DE IMERSÃO, DIÂMETRO DE PONTEIRA 45 mm (chp)","chp",2.76E-2,{"$f":"+'Composições Aux. SINAPI'!$E$89:$F$89","v":1.1399999999999999},{"$f":"TRUNC(D4768*E4768,2)","v":0.03}]
[{"$f":"CONCATENATE(\"SINAPI C \",'Composições Aux. SINAPI'!$A$90)","v":"SINAPI C 90587"},"VIBRADOR DE IMERSÃO, DIÂMETRO DE PONTEIRA 45 mm (chi)","chi",8.0199999999999994E-2,{"$f":"+'Composições Aux. SINAPI'!$E$90:$F$90","v":0.35},{"$f":"TRUNC(D4769*E4769,2)","v":0.02}]
[{"$f":"CONCATENATE(\"SINAPI C \",'Composições Aux. SINAPI'!$A$33)","v":"SINAPI C 94963"},"CONCRETO fck=15 MPa PREPARO COM BETONEIRA","m³",0.1012,{"$f":"+'Composições Aux. SINAPI'!$E$33:$F$33","v":352.14},{"$f":"TRUNC(D4770*E4770,2)","v":35.630000000000003}]
[{"$f":"CONCATENATE(\"COTAÇÃO \",Insumos!$B$135)","v":"COTAÇÃO 114"},"CAÇAMBA 4,00 m³","un",2.1999999999999999E-2,{"$f":"+Insumos!$G$135","v":493.97},10.86]
[{"$f":"CONCATENATE(\"COTAÇÃO \",Insumos!$B$96)","v":"COTAÇÃO 83"},"(ATI) ABDOMINAL","un",1,{"$f":"+Insumos!$G$96","v":3432.16},{"$f":"TRUNC(D4772*E4772,2)","v":3432.16}]
["SUB-TOTAL - MATERIAL/EQUIPAMENTOS:",null,{"$f":"SUM(F4768:F4772)","v":3478.7}]
[{"$f":"CONCATENATE(\"SINAPI C \",Insumos!$B$35)","v":"SINAPI C 88309"},"PEDREIRO C/ENCARGOS COMPLEMENTARES","h",0.66779999999999995,{"$f":"+Insumos!$G$35","v":20.34},{"$f":"TRUNC(D4774*E4774,2)","v":13.58}]
[{"$f":"CONCATENATE(\"SINAPI C \",Insumos!$B$38)","v":"SINAPI C 88316"},"SERVENTE C/ ENCARGOS COMPLEMENTARES","h",1.1420999999999999,{"$f":"+Insumos!$G$38","v":16.920000000000002},{"$f":"TRUNC(D4775*E4775,2)","v":19.32}]
["SUB-TOTAL - MÃO-DE-OBRA:",null,{"$f":"SUM(F4774:F4775)","v":32.9}]
[]
[null,"CUSTO TOTAL:",null,null,null,{"$f":"+C4773+C4776","v":3511.6}]
[]
[null,"BDI:","%",{"$f":"+$F$7","v":"28,21%"},null,{"$f":"IF($F$4591=\"SIM\",TRUNC((F4768+F4769+F4770+F4771+C4776)*D4780,2),TRUNC(F4778*D4780,2))","v":990.62}]
[null,{"$f":"IF($F$4591=\"SIM\",\"BDI Diferenciado:\",\"\")","v":""},{"$f":"IF($F$4591=\"SIM\",\"%\",\"\")","v":""},{"$f":"IF($F$4591=\"SIM\",$F$8,\"\")","v":""},null,{"$f":"IF($F$4591=\"SIM\",TRUNC((F4772*D4781),2),\"\")","v":""}]
[]
[null,"PREÇO:",null,null,null,{"$f":"IF($F$4591=\"SIM\",F4778+F4780+F4781,F4778+F4780)","v":4502.22}]
[]
["CÓDIGO","DISCRIMINAÇÃO","UN","COEFIC.","UNITÁRIO","TOTAL"]
[3276,"REMADA","un"]
[{"$f":"CONCATENATE(\"COTAÇÃO \",Insumos!$B$105)","v":"COTAÇÃO 92"},"(APC) REMADA","un",1,{"$f":"+Insumos!$G$105","v":3448.2},{"$f":"TRUNC(D4787*E4787,2)","v":3448.2}]
["SUB-TOTAL - MATERIAL/EQUIPAMENTOS:",null,{"$f":"SUM(F4787)","v":3448.2}]
[{"$f":"CONCATENATE(\"SINAPI C \",Insumos!$B$35)","v":"SINAPI C 88309"},"PEDREIRO C/ENCARGOS COMPLEMENTARES","h",0.5,{"$f":"+Insumos!$G$35","v":20.34},{"$f":"TRUNC(D4789*E4789,2)","v":10.17}]
[{"$f":"CONCATENATE(\"SINAPI C \",Insumos!$B$38)","v":"SINAPI C 88316"},"SERVENTE C/ ENCARGOS COMPLEMENTARES","h",0.5,{"$f":"+Insumos!$G$38","v":16.920000000000002},{"$f":"TRUNC(D4790*E4790,2)","v":8.4600000000000009}]
["SUB-TOTAL - MÃO-DE-OBRA:",null,{"$f":"SUM(F4789:F4790)","v":18.630000000000003}]
[]
[null,"CUSTO TOTAL:",null,null,null,{"$f":"+C4788+C4791","v":3466.83}]
[]
[null,"BDI:","%",{"$f":"+$F$7","v":"28,21%"},null,{"$f":"IF($F$4591=\"SIM\",TRUNC((C4791)*D4795,2),TRUNC(F4793*D4795,2))","v":977.99}]
[null,{"$f":"IF($F$4591=\"SIM\",\"BDI Diferenciado:\",\"\")","v":""},{"$f":"IF($F$4591=\"SIM\",\"%\",\"\")","v":""},{"$f":"IF($F$4591=\"SIM\",$F$8,\"\")","v":""},null,{"$f":"IF($F$4591=\"SIM\",TRUNC((F4787*D4796),2),\"\")","v":""}]
[]
[null,"PREÇO:",null,null,null,{"$f":"IF($F$4591=\"SIM\",F4793+F4795+F4796,F4793+F4795)","v":4444.82}]
[]
["CÓDIGO","DISCRIMINAÇÃO","UN","COEFIC.","UNITÁRIO","TOTAL"]
[3280,"VOADOR PEITORAL E VOADOR DORSAL","un"]
[{"$f":"CONCATENATE(\"COTAÇÃO \",Insumos!$B$108)","v":"COTAÇÃO 95"},"(APC) VOADOR PEITORAL E VOADOR DORSAL","un",1,{"$f":"+Insumos!$G$108","v":4372},{"$f":"TRUNC(D4802*E4802,2)","v":4372}]
["SUB-TOTAL - MATERIAL/EQUIPAMENTOS:",null,{"$f":"SUM(F4802)","v":4372}]
[{"$f":"CONCATENATE(\"SINAPI C \",Insumos!$B$35)","v":"SINAPI C 88309"},"PEDREIRO C/ENCARGOS COMPLEMENTARES","h",0.5,{"$f":"+Insumos!$G$35","v":20.34},{"$f":"TRUNC(D4804*E4804,2)","v":10.17}]
[{"$f":"CONCATENATE(\"SINAPI C \",Insumos!$B$38)","v":"SINAPI C 88316"},"SERVENTE C/ ENCARGOS COMPLEMENTARES","h",0.5,{"$f":"+Insumos!$G$38","v":16.920000000000002},{"$f":"TRUNC(D4805*E4805,2)","v":8.4600000000000009}]
["SUB-TOTAL - MÃO-DE-OBRA:",null,{"$f":"SUM(F4804:F4805)","v":18.630000000000003}]
[]
[null,"CUSTO TOTAL:",null,null,null,{"$f":"C4803+C4806","v":4390.63}]
[]
[null,"BDI:","%",{"$f":"+$F$7","v":"28,21%"},null,{"$f":"IF($F$4591=\"SIM\",TRUNC((C4806)*D4810,2),TRUNC(F4808*D4810,2))","v":1238.5899999999999}]
[null,{"$f":"IF($F$4591=\"SIM\",\"BDI Diferenciado:\",\"\")","v":""},{"$f":"IF($F$4591=\"SIM\",\"%\",\"\")","v":""},{"$f":"IF($F$4591=\"SIM\",$F$8,\"\")","v":""},null,{"$f":"IF($F$4591=\"SIM\",TRUNC((F4802*D4811),2),\"\")","v":""}]
[]
[null,"PREÇO:",null,null,null,{"$f":"IF($F$4591=\"SIM\",F4808+F4810+F4811,F4808+F4810)","v":5629.22}]
[]
["CÓDIGO","DISCRIMINAÇÃO","UN","COEFIC.","UNITÁRIO","TOTAL"]
[3420,"REPINTURA TUBOS VERTICAIS QUADRAS ESPORTIVAS","m"]
[{"$f":"CONCATENATE(\"SINAPI I \",Insumos!$B$238)","v":"SINAPI I 3768"},"LIXA P/FERRO","un",7.17E-2,{"$f":"+Insumos!$G$238","v":4.4400000000000004},{"$f":"TRUNC(D4817*E4817,2)","v":0.31}]
[{"$f":"CONCATENATE(\"SINAPI I \",Insumos!$B$79)","v":"SINAPI I 10527"},"ANDAIME METÁLICO, TIPO TORRE, LARGURA DE 1 A 1,5 m E ALTURA DE 1 m LOCAÇÃO","mxmês",1.6E-2,{"$f":"+Insumos!$G$79","v":25},{"$f":"TRUNC(D4818*E4818,2)","v":0.4}]
[{"$f":"CONCATENATE(\"SINAPI I \",Insumos!$B$322)","v":"SINAPI I 6189"},"TÁBUA MADEIRA NÃO APARELHADA CEDRINHO 2,5 x 30 cm","m",1.18E-2,{"$f":"+Insumos!$G$322","v":16.39},{"$f":"TRUNC(D4819*E4819,2)","v":0.19}]
[{"$f":"CONCATENATE(\"SINAPI C \",'Composições Aux. SINAPI'!$A$65)","v":"SINAPI C 97064"},"MONTAGEM E DESMONTAGEM DE ANDAIME TUBULAR TIPO \u0093TORRE\u0094","m",3.2099999999999997E-2,{"$f":"+'Composições Aux. SINAPI'!$E$65:$F$65","v":15.61},{"$f":"TRUNC(D4820*E4820,2)","v":0.5}]
[{"$f":"CONCATENATE(\"COTAÇÃO \",Insumos!$B$215)","v":"COTAÇÃO 109"},"FUNDO P/GALVANIZADO","l",1.5800000000000002E-2,{"$f":"+Insumos!$G$215","v":34.47},{"$f":"TRUNC(D4821*E4821,2)","v":0.54}]
[{"$f":"CONCATENATE(\"SINAPI I \",Insumos!$B$318)","v":"SINAPI I 5318"},"SOLVENTE DILUENTE A BASE DE AGUARRÁS","l",7.4000000000000003E-3,{"$f":"+Insumos!$G$318","v":23.8},{"$f":"TRUNC(D4822*E4822,2)","v":0.17}]
[{"$f":"CONCATENATE(\"SINAPI I \",Insumos!$B$364)","v":"SINAPI I 7292"},"TINTA ESMALTE SINTÉTICO BRILHANTE","l",6.0900000000000003E-2,{"$f":"+Insumos!$G$364","v":34.700000000000003},{"$f":"TRUNC(D4823*E4823,2)","v":2.11}]
["SUB-TOTAL - MATERIAL / EQUIPAMENTOS:",null,{"$f":"SUM(F4817:F4823)","v":4.22}]
[{"$f":"CONCATENATE(\"SINAPI C \",Insumos!$B$36)","v":"SINAPI C 88310"},"PINTOR C/ENCARGOS COMPLEMENTARES","h",0.55769999999999997,{"$f":"+Insumos!$G$36","v":21.41},{"$f":"TRUNC(D4825*E4825,2)","v":11.94}]
["SUB-TOTAL - MÃO-DE-OBRA:",null,{"$f":"SUM(F4825:F4825)","v":11.94}]
[]
[null,"CUSTO TOTAL:",null,null,null,{"$f":"+C4824+C4826","v":16.16}]
[]
[null,"BDI:","%",{"$f":"+$F$7","v":"28,21%"},null,{"$f":"TRUNC(F4828*D4830,2)","v":4.55}]
[]
[null,"PREÇO:",null,null,null,{"$f":"+F4828+F4830","v":20.71}]
[]
["CÓDIGO","DISCRIMINAÇÃO","UN","COEFIC.","UNITÁRIO","TOTAL"]
[3430,"REPINTURA TUBOS HORIZONTAIS QUADRAS ESPORTIVAS","m"]
[{"$f":"CONCATENATE(\"SINAPI I \",Insumos!$B$238)","v":"SINAPI I 3768"},"LIXA P/FERRO","un",4.5499999999999999E-2,{"$f":"+Insumos!$G$238","v":4.4400000000000004},{"$f":"TRUNC(D4836*E4836,2)","v":0.2}]
[{"$f":"CONCATENATE(\"SINAPI I \",Insumos!$B$79)","v":"SINAPI I 10527"},"ANDAIME METÁLICO, TIPO TORRE, LARGURA DE 1 A 1,5 m E ALTURA DE 1 m LOCAÇÃO","mxmês",1.2500000000000001E-2,{"$f":"+Insumos!$G$79","v":25},{"$f":"TRUNC(D4837*E4837,2)","v":0.31}]
[{"$f":"CONCATENATE(\"SINAPI I \",Insumos!$B$322)","v":"SINAPI I 6189"},"TÁBUA MADEIRA NÃO APARELHADA CEDRINHO 2,5 x 30 cm","m",2.29E-2,{"$f":"+Insumos!$G$322","v":16.39},{"$f":"TRUNC(D4838*E4838,2)","v":0.37}]
[{"$f":"CONCATENATE(\"SINAPI C \",'Composições Aux. SINAPI'!$A$65)","v":"SINAPI C 97064"},"MONTAGEM E DESMONTAGEM DE ANDAIME TUBULAR TIPO \u0093TORRE\u0094","m",6.25E-2,{"$f":"+'Composições Aux. SINAPI'!$E$65:$F$65","v":15.61},{"$f":"TRUNC(D4839*E4839,2)","v":0.97}]
[{"$f":"CONCATENATE(\"COTAÇÃO \",Insumos!$B$215)","v":"COTAÇÃO 109"},"FUNDO P/GALVANIZADO","l",0.01,{"$f":"+Insumos!$G$215","v":34.47},{"$f":"TRUNC(D4840*E4840,2)","v":0.34}]
[{"$f":"CONCATENATE(\"SINAPI I \",Insumos!$B$318)","v":"SINAPI I 5318"},"SOLVENTE DILUENTE A BASE DE AGUARRÁS","l",4.7999999999999996E-3,{"$f":"+Insumos!$G$318","v":23.8},{"$f":"TRUNC(D4841*E4841,2)","v":0.11}]
[{"$f":"CONCATENATE(\"SINAPI I \",Insumos!$B$364)","v":"SINAPI I 7292"},"TINTA ESMALTE SINTÉTICO BRILHANTE","l",3.8699999999999998E-2,{"$f":"+Insumos!$G$364","v":34.700000000000003},{"$f":"TRUNC(D4842*E4842,2)","v":1.34}]
["SUB-TOTAL - MATERIAL / EQUIPAMENTOS:",null,{"$f":"SUM(F4836:F4842)","v":3.6399999999999997}]
[{"$f":"CONCATENATE(\"SINAPI C \",Insumos!$B$36)","v":"SINAPI C 88310"},"PINTOR C/ENCARGOS COMPLEMENTARES","h",0.3538,{"$f":"+Insumos!$G$36","v":21.41},{"$f":"TRUNC(D4844*E4844,2)","v":7.57}]
["SUB-TOTAL - MÃO-DE-OBRA:",null,{"$f":"SUM(F4844:F4844)","v":7.57}]
[]
[null,"CUSTO TOTAL:",null,null,null,{"$f":"+C4843+C4845","v":11.21}]
[]
[null,"BDI:","%",{"$f":"+$F$7","v":"28,21%"},null,{"$f":"TRUNC(F4847*D4849,2)","v":3.16}]
[]
[null,"PREÇO:",null,null,null,{"$f":"+F4847+F4849","v":14.370000000000001}]
[]
["CÓDIGO","DISCRIMINAÇÃO","UN","COEFIC.","UNITÁRIO","TOTAL"]
[3440,"REPINTURA GOLEIRA SALÃO","un"]
[{"$f":"CONCATENATE(\"SINAPI I \",Insumos!$B$238)","v":"SINAPI I 3768"},"LIXA P/FERRO","un",0.52359999999999995,{"$f":"+Insumos!$G$238","v":4.4400000000000004},{"$f":"TRUNC(D4855*E4855,2)","v":2.3199999999999998}]
[{"$f":"CONCATENATE(\"COTAÇÃO \",Insumos!$B$215)","v":"COTAÇÃO 109"},"FUNDO P/GALVANIZADO","l",0.1152,{"$f":"+Insumos!$G$215","v":34.47},{"$f":"TRUNC(D4856*E4856,2)","v":3.97}]
[{"$f":"CONCATENATE(\"SINAPI I \",Insumos!$B$318)","v":"SINAPI I 5318"},"SOLVENTE DILUENTE A BASE DE AGUARRÁS","l",5.5E-2,{"$f":"+Insumos!$G$318","v":23.8},{"$f":"TRUNC(D4857*E4857,2)","v":1.3}]
[{"$f":"CONCATENATE(\"SINAPI I \",Insumos!$B$364)","v":"SINAPI I 7292"},"TINTA ESMALTE SINTÉTICO BRILHANTE","l",0.44490000000000002,{"$f":"+Insumos!$G$364","v":34.700000000000003},{"$f":"TRUNC(D4858*E4858,2)","v":15.43}]
["SUB-TOTAL - MATERIAL / EQUIPAMENTOS:",null,{"$f":"SUM(F4855:F4858)","v":23.02}]
[{"$f":"CONCATENATE(\"SINAPI C \",Insumos!$B$36)","v":"SINAPI C 88310"},"PINTOR C/ENCARGOS COMPLEMENTARES","h",4.0709999999999997,{"$f":"+Insumos!$G$36","v":21.41},{"$f":"TRUNC(D4860*E4860,2)","v":87.16}]
["SUB-TOTAL - MÃO-DE-OBRA:",null,{"$f":"SUM(F4860:F4860)","v":87.16}]
[]
[null,"CUSTO TOTAL:",null,null,null,{"$f":"+C4859+C4861","v":110.17999999999999}]
[]
[null,"BDI:","%",{"$f":"+$F$7","v":"28,21%"},null,{"$f":"TRUNC(F4863*D4865,2)","v":31.08}]
[]
[null,"PREÇO:",null,null,null,{"$f":"+F4863+F4865","v":141.26}]
[]
["CÓDIGO","DISCRIMINAÇÃO","UN","COEFIC.","UNITÁRIO","TOTAL"]
[3450,"REPINTURA POSTE DE VÔLEI","m"]
[{"$f":"CONCATENATE(\"SINAPI I \",Insumos!$B$238)","v":"SINAPI I 3768"},"LIXA P/FERRO","un",0.2009,{"$f":"+Insumos!$G$238","v":4.4400000000000004},{"$f":"TRUNC(D4871*E4871,2)","v":0.89}]
[{"$f":"CONCATENATE(\"COTAÇÃO \",Insumos!$B$215)","v":"COTAÇÃO 109"},"FUNDO P/GALVANIZADO","l",4.4200000000000003E-2,{"$f":"+Insumos!$G$215","v":34.47},{"$f":"TRUNC(D4872*E4872,2)","v":1.52}]
[{"$f":"CONCATENATE(\"SINAPI I \",Insumos!$B$318)","v":"SINAPI I 5318"},"SOLVENTE DILUENTE A BASE DE AGUARRÁS","l",2.1100000000000001E-2,{"$f":"+Insumos!$G$318","v":23.8},{"$f":"TRUNC(D4873*E4873,2)","v":0.5}]
[{"$f":"CONCATENATE(\"SINAPI I \",Insumos!$B$364)","v":"SINAPI I 7292"},"TINTA ESMALTE SINTÉTICO BRILHANTE","l",0.17069999999999999,{"$f":"+Insumos!$G$364","v":34.700000000000003},{"$f":"TRUNC(D4874*E4874,2)","v":5.92}]
["SUB-TOTAL - MATERIAL / EQUIPAMENTOS:",null,{"$f":"SUM(F4871:F4874)","v":8.83}]
[{"$f":"CONCATENATE(\"SINAPI C \",Insumos!$B$36)","v":"SINAPI C 88310"},"PINTOR C/ENCARGOS COMPLEMENTARES","h",1.5616000000000001,{"$f":"+Insumos!$G$36","v":21.41},{"$f":"TRUNC(D4876*E4876,2)","v":33.43}]
["SUB-TOTAL - MÃO-DE-OBRA:",null,{"$f":"SUM(F4876:F4876)","v":33.43}]
[]
[null,"CUSTO TOTAL:",null,null,null,{"$f":"+C4875+C4877","v":42.26}]
[]
[null,"BDI:","%",{"$f":"+$F$7","v":"28,21%"},null,{"$f":"TRUNC(F4879*D4881,2)","v":11.92}]
[]
[null,"PREÇO:",null,null,null,{"$f":"+F4879+F4881","v":54.18}]
[]
["CÓDIGO","DISCRIMINAÇÃO","UN","COEFIC.","UNITÁRIO","TOTAL"]
[3520,"REPINTURA BANCO \"B\" C/ENCOSTO","un"]
[{"$f":"CONCATENATE(\"SINAPI I \",Insumos!$B$238)","v":"SINAPI I 3768"},"LIXA P/FERRO","un",0.21099999999999999,{"$f":"+Insumos!$G$238","v":4.4400000000000004},{"$f":"TRUNC(D4887*E4887,2)","v":0.93}]
["SINAPI I 7307","FUNDO ANTICORROSIVO TIPO ZARCÃO","l",7.7200000000000005E-2,{"$f":"+Insumos!$G$214","v":37.43},{"$f":"TRUNC(D4888*E4888,2)","v":2.88}]
[{"$f":"CONCATENATE(\"SINAPI I \",Insumos!$B$318)","v":"SINAPI I 5318"},"SOLVENTE DILUENTE A BASE DE AGUARRÁS","l",0.14249999999999999,{"$f":"+Insumos!$G$318","v":23.8},{"$f":"TRUNC(D4889*E4889,2)","v":3.39}]
["SINAPI I 7293","TINTA GRAFITE","l",0.24979999999999999,{"$f":"+Insumos!$G$365","v":38.39},{"$f":"TRUNC(D4890*E4890,2)","v":9.58}]
["SINAPI I 3767","LIXA P/MADEIRA","fl",1.0960000000000001,{"$f":"+Insumos!$G$239","v":1.48},1.62]
["SINAPI 6086","FUNDO SINTÉTICO NIVELADOR BRANCO FOSCO","gl",0.37759999999999999,{"$f":"+Insumos!$G$216","v":43.28},{"$f":"TRUNC(D4892*E4892,2)","v":16.34}]
[{"$f":"CONCATENATE(\"SINAPI I \",Insumos!$B$364)","v":"SINAPI I 7292"},"TINTA ESMALTE SINTÉTICO BRILHANTE","l",0.34320000000000001,{"$f":"+Insumos!$G$364","v":34.700000000000003},{"$f":"TRUNC(D4893*E4893,2)","v":11.9}]
["SUB-TOTAL - MATERIAL / EQUIPAMENTOS:",null,{"$f":"SUM(F4887:F4893)","v":46.64}]
[{"$f":"CONCATENATE(\"SINAPI C \",Insumos!$B$36)","v":"SINAPI C 88310"},"PINTOR C/ENCARGOS COMPLEMENTARES","h",3.4514,{"$f":"+Insumos!$G$36","v":21.41},{"$f":"TRUNC(D4895*E4895,2)","v":73.89}]
["SUB-TOTAL - MÃO-DE-OBRA:",null,{"$f":"SUM(F4895:F4895)","v":73.89}]
[]
[null,"CUSTO TOTAL:",null,null,null,{"$f":"+C4894+C4896","v":120.53}]
[]
[null,"BDI:","%",{"$f":"+$F$7","v":"28,21%"},null,{"$f":"TRUNC(F4898*D4900,2)","v":34}]
[]
[null,"PREÇO:",null,null,null,{"$f":"+F4898+F4900","v":154.53}]
[]
["CÓDIGO","DISCRIMINAÇÃO","UN","COEFIC.","UNITÁRIO","TOTAL"]
[3523,"REPINTURA BANCO \"A\" S/ENCOSTO","un"]
[{"$f":"CONCATENATE(\"SINAPI I \",Insumos!$B$238)","v":"SINAPI I 3768"},"LIXA P/FERRO","un",0.21260000000000001,{"$f":"+Insumos!$G$238","v":4.4400000000000004},{"$f":"TRUNC(D4906*E4906,2)","v":0.94}]
[{"$f":"CONCATENATE(\"COTAÇÃO \",Insumos!$B$215)","v":"COTAÇÃO 109"},"FUNDO P/GALVANIZADO","l",4.6800000000000001E-2,{"$f":"+Insumos!$G$215","v":34.47},{"$f":"TRUNC(D4907*E4907,2)","v":1.61}]
[{"$f":"CONCATENATE(\"SINAPI I \",Insumos!$B$318)","v":"SINAPI I 5318"},"SOLVENTE DILUENTE A BASE DE AGUARRÁS","l",9.5500000000000002E-2,{"$f":"+Insumos!$G$318","v":23.8},{"$f":"TRUNC(D4908*E4908,2)","v":2.27}]
["SINAPI I 7293","TINTA GRAFITE","l",0.25169999999999998,{"$f":"+Insumos!$G$365","v":38.39},{"$f":"TRUNC(D4909*E4909,2)","v":9.66}]
["SINAPI I 3767","LIXA P/MADEIRA","fl",0.65859999999999996,{"$f":"+Insumos!$G$239","v":1.48},0.97]
["SINAPI 6086","FUNDO SINTÉTICO NIVELADOR BRANCO FOSCO","gl",0.22689999999999999,{"$f":"+Insumos!$G$216","v":43.28},9.82]
[{"$f":"CONCATENATE(\"SINAPI I \",Insumos!$B$364)","v":"SINAPI I 7292"},"TINTA ESMALTE SINTÉTICO BRILHANTE","l",0.20630000000000001,{"$f":"+Insumos!$G$364","v":34.700000000000003},{"$f":"TRUNC(D4912*E4912,2)","v":7.15}]
["SUB-TOTAL - MATERIAL / EQUIPAMENTOS:",null,{"$f":"SUM(F4906:F4912)","v":32.42}]
[{"$f":"CONCATENATE(\"SINAPI C \",Insumos!$B$36)","v":"SINAPI C 88310"},"PINTOR C/ENCARGOS COMPLEMENTARES","h",2.7414000000000001,{"$f":"+Insumos!$G$36","v":21.41},{"$f":"TRUNC(D4914*E4914,2)","v":58.69}]
["SUB-TOTAL - MÃO-DE-OBRA:",null,{"$f":"SUM(F4914:F4914)","v":58.69}]
[]
[null,"CUSTO TOTAL:",null,null,null,{"$f":"+C4913+C4915","v":91.11}]
[]
[null,"BDI:","%",{"$f":"+$F$7","v":"28,21%"},null,{"$f":"TRUNC(F4917*D4919,2)","v":25.7}]
[]
[null,"PREÇO:",null,null,null,{"$f":"+F4917+F4919","v":116.81}]
[]
["CÓDIGO","DISCRIMINAÇÃO","UN","COEFIC.","UNITÁRIO","TOTAL"]
[3525,"REPINTURA BANCO \"D\" S/ENCOSTO","un"]
[{"$f":"CONCATENATE(\"SINAPI I \",Insumos!$B$238)","v":"SINAPI I 3768"},"LIXA P/FERRO","un",0.1174,{"$f":"+Insumos!$G$238","v":4.4400000000000004},{"$f":"TRUNC(D4925*E4925,2)","v":0.52}]
["SINAPI I 7307","FUNDO ANTICORROSIVO TIPO ZARCÃO","l",4.2999999999999997E-2,{"$f":"+Insumos!$G$214","v":37.43},{"$f":"TRUNC(D4926*E4926,2)","v":1.6}]
[{"$f":"CONCATENATE(\"SINAPI I \",Insumos!$B$318)","v":"SINAPI I 5318"},"SOLVENTE DILUENTE A BASE DE AGUARRÁS","l",9.1399999999999995E-2,{"$f":"+Insumos!$G$318","v":23.8},{"$f":"TRUNC(D4927*E4927,2)","v":2.17}]
["SINAPI I 7293","TINTA GRAFITE","l",0.13900000000000001,{"$f":"+Insumos!$G$365","v":38.39},{"$f":"TRUNC(D4928*E4928,2)","v":5.33}]
["SINAPI I 3767","LIXA P/MADEIRA","fl",0.73060000000000003,{"$f":"+Insumos!$G$239","v":1.48},1.08]
["SINAPI 6086","FUNDO SINTÉTICO NIVELADOR BRANCO FOSCO","gl",0.25169999999999998,{"$f":"+Insumos!$G$216","v":43.28},10.89]
[{"$f":"CONCATENATE(\"SINAPI I \",Insumos!$B$364)","v":"SINAPI I 7292"},"TINTA ESMALTE SINTÉTICO BRILHANTE","l",0.22889999999999999,{"$f":"+Insumos!$G$364","v":34.700000000000003},{"$f":"TRUNC(D4931*E4931,2)","v":7.94}]
["SUB-TOTAL - MATERIAL / EQUIPAMENTOS:",null,{"$f":"SUM(F4925:F4931)","v":29.530000000000005}]
[{"$f":"CONCATENATE(\"SINAPI C \",Insumos!$B$36)","v":"SINAPI C 88310"},"PINTOR C/ENCARGOS COMPLEMENTARES","h",2.1198999999999999,{"$f":"+Insumos!$G$36","v":21.41},{"$f":"TRUNC(D4933*E4933,2)","v":45.38}]
["SUB-TOTAL - MÃO-DE-OBRA:",null,{"$f":"SUM(F4933:F4933)","v":45.38}]
[]
[null,"CUSTO TOTAL:",null,null,null,{"$f":"+C4932+C4934","v":74.910000000000011}]
[]
[null,"BDI:","%",{"$f":"+$F$7","v":"28,21%"},null,{"$f":"TRUNC(F4936*D4938,2)","v":21.13}]
[]
[null,"PREÇO:",null,null,null,{"$f":"+F4936+F4938","v":96.04}]
[]
["CÓDIGO","DISCRIMINAÇÃO","UN","COEFIC.","UNITÁRIO","TOTAL"]
[3530,"REPINTURA PARACICLO","un"]
[{"$f":"CONCATENATE(\"SINAPI I \",Insumos!$B$238)","v":"SINAPI I 3768"},"LIXA P/FERRO","un",0.1469,{"$f":"+Insumos!$G$238","v":4.4400000000000004},{"$f":"TRUNC(D4944*E4944,2)","v":0.65}]
["SINAPI I 7307","FUNDO ANTICORROSIVO TIPO ZARCÃO","l",5.3800000000000001E-2,{"$f":"+Insumos!$G$214","v":37.43},{"$f":"TRUNC(D4945*E4945,2)","v":2.0099999999999998}]
[{"$f":"CONCATENATE(\"SINAPI I \",Insumos!$B$318)","v":"SINAPI I 5318"},"SOLVENTE DILUENTE A BASE DE AGUARRÁS","l",2.2800000000000001E-2,{"$f":"+Insumos!$G$318","v":23.8},{"$f":"TRUNC(D4946*E4946,2)","v":0.54}]
["SINAPI I 7293","TINTA GRAFITE","l",0.1739,{"$f":"+Insumos!$G$365","v":38.39},{"$f":"TRUNC(D4947*E4947,2)","v":6.67}]
["SUB-TOTAL - MATERIAL / EQUIPAMENTOS:",null,{"$f":"SUM(F4944:F4947)","v":9.8699999999999992}]
[{"$f":"CONCATENATE(\"SINAPI C \",Insumos!$B$36)","v":"SINAPI C 88310"},"PINTOR C/ENCARGOS COMPLEMENTARES","h",1.1418999999999999,{"$f":"+Insumos!$G$36","v":21.41},{"$f":"TRUNC(D4949*E4949,2)","v":24.44}]
["SUB-TOTAL - MÃO-DE-OBRA:",null,{"$f":"SUM(F4949:F4949)","v":24.44}]
[]
[null,"CUSTO TOTAL:",null,null,null,{"$f":"+C4948+C4950","v":34.31}]
[]
[null,"BDI:","%",{"$f":"+$F$7","v":"28,21%"},null,{"$f":"TRUNC(F4952*D4954,2)","v":9.67}]
[]
[null,"PREÇO:",null,null,null,{"$f":"+F4952+F4954","v":43.980000000000004}]
[]
["CÓDIGO","DISCRIMINAÇÃO","UN","COEFIC.","UNITÁRIO","TOTAL"]
[3600,"REPINTURA ESTRUTURA 1 - \"S\"","un"]
[{"$f":"CONCATENATE(\"SINAPI I \",Insumos!$B$238)","v":"SINAPI I 3768"},"LIXA P/FERRO","un",1.0001,{"$f":"+Insumos!$G$238","v":4.4400000000000004},{"$f":"TRUNC(D4960*E4960,2)","v":4.4400000000000004}]
[{"$f":"CONCATENATE(\"COTAÇÃO \",Insumos!$B$215)","v":"COTAÇÃO 109"},"FUNDO P/GALVANIZADO","l",0.22,{"$f":"+Insumos!$G$215","v":34.47},{"$f":"TRUNC(D4961*E4961,2)","v":7.58}]
[{"$f":"CONCATENATE(\"SINAPI I \",Insumos!$B$318)","v":"SINAPI I 5318"},"SOLVENTE DILUENTE A BASE DE AGUARRÁS","l",0.105,{"$f":"+Insumos!$G$318","v":23.8},{"$f":"TRUNC(D4962*E4962,2)","v":2.4900000000000002}]
[{"$f":"CONCATENATE(\"SINAPI I \",Insumos!$B$364)","v":"SINAPI I 7292"},"TINTA ESMALTE SINTÉTICO BRILHANTE","l",0.8498,{"$f":"+Insumos!$G$364","v":34.700000000000003},{"$f":"TRUNC(D4963*E4963,2)","v":29.48}]
["SUB-TOTAL - MATERIAL / EQUIPAMENTOS:",null,{"$f":"SUM(F4960:F4963)","v":43.99}]
[{"$f":"CONCATENATE(\"SINAPI C \",Insumos!$B$36)","v":"SINAPI C 88310"},"PINTOR C/ENCARGOS COMPLEMENTARES","h",7.7758000000000003,{"$f":"+Insumos!$G$36","v":21.41},{"$f":"TRUNC(D4965*E4965,2)","v":166.47}]
["SUB-TOTAL - MÃO-DE-OBRA:",null,{"$f":"SUM(F4965:F4965)","v":166.47}]
[]
[null,"CUSTO TOTAL:",null,null,null,{"$f":"+C4964+C4966","v":210.46}]
[]
[null,"BDI:","%",{"$f":"+$F$7","v":"28,21%"},null,{"$f":"TRUNC(F4968*D4970,2)","v":59.37}]
[]
[null,"PREÇO:",null,null,null,{"$f":"+F4968+F4970","v":269.83}]
[]
["CÓDIGO","DISCRIMINAÇÃO","UN","COEFIC.","UNITÁRIO","TOTAL"]
[3605,"REPINTURA ESTRUTURA 2","un"]
[{"$f":"CONCATENATE(\"SINAPI I \",Insumos!$B$238)","v":"SINAPI I 3768"},"LIXA P/FERRO","un",0.86480000000000001,{"$f":"+Insumos!$G$238","v":4.4400000000000004},{"$f":"TRUNC(D4976*E4976,2)","v":3.83}]
[{"$f":"CONCATENATE(\"COTAÇÃO \",Insumos!$B$215)","v":"COTAÇÃO 109"},"FUNDO P/GALVANIZADO","l",0.19020000000000001,{"$f":"+Insumos!$G$215","v":34.47},{"$f":"TRUNC(D4977*E4977,2)","v":6.55}]
[{"$f":"CONCATENATE(\"SINAPI I \",Insumos!$B$318)","v":"SINAPI I 5318"},"SOLVENTE DILUENTE A BASE DE AGUARRÁS","l",9.0800000000000006E-2,{"$f":"+Insumos!$G$318","v":23.8},{"$f":"TRUNC(D4978*E4978,2)","v":2.16}]
[{"$f":"CONCATENATE(\"SINAPI I \",Insumos!$B$364)","v":"SINAPI I 7292"},"TINTA ESMALTE SINTÉTICO BRILHANTE","l",0.73470000000000002,{"$f":"+Insumos!$G$364","v":34.700000000000003},{"$f":"TRUNC(D4979*E4979,2)","v":25.49}]
["SUB-TOTAL - MATERIAL / EQUIPAMENTOS:",null,{"$f":"SUM(F4976:F4979)","v":38.03}]
[{"$f":"CONCATENATE(\"SINAPI C \",Insumos!$B$36)","v":"SINAPI C 88310"},"PINTOR C/ENCARGOS COMPLEMENTARES","h",6.7229999999999999,{"$f":"+Insumos!$G$36","v":21.41},{"$f":"TRUNC(D4981*E4981,2)","v":143.93}]
["SUB-TOTAL - MÃO-DE-OBRA:",null,{"$f":"SUM(F4981:F4981)","v":143.93}]
[]
[null,"CUSTO TOTAL:",null,null,null,{"$f":"+C4980+C4982","v":181.96}]
[]
[null,"BDI:","%",{"$f":"+$F$7","v":"28,21%"},null,{"$f":"TRUNC(F4984*D4986,2)","v":51.33}]
[]
[null,"PREÇO:",null,null,null,{"$f":"+F4984+F4986","v":233.29000000000002}]
[]
["CÓDIGO","DISCRIMINAÇÃO","UN","COEFIC.","UNITÁRIO","TOTAL"]
[3610,"REPINTURA ESTRUTURA 3","un"]
[{"$f":"CONCATENATE(\"SINAPI I \",Insumos!$B$238)","v":"SINAPI I 3768"},"LIXA P/FERRO","un",0.70189999999999997,{"$f":"+Insumos!$G$238","v":4.4400000000000004},{"$f":"TRUNC(D4992*E4992,2)","v":3.11}]
[{"$f":"CONCATENATE(\"COTAÇÃO \",Insumos!$B$215)","v":"COTAÇÃO 109"},"FUNDO P/GALVANIZADO","l",0.15440000000000001,{"$f":"+Insumos!$G$215","v":34.47},{"$f":"TRUNC(D4993*E4993,2)","v":5.32}]
[{"$f":"CONCATENATE(\"SINAPI I \",Insumos!$B$318)","v":"SINAPI I 5318"},"SOLVENTE DILUENTE A BASE DE AGUARRÁS","l",7.3700000000000002E-2,{"$f":"+Insumos!$G$318","v":23.8},{"$f":"TRUNC(D4994*E4994,2)","v":1.75}]
[{"$f":"CONCATENATE(\"SINAPI I \",Insumos!$B$364)","v":"SINAPI I 7292"},"TINTA ESMALTE SINTÉTICO BRILHANTE","l",0.59640000000000004,{"$f":"+Insumos!$G$364","v":34.700000000000003},{"$f":"TRUNC(D4995*E4995,2)","v":20.69}]
["SUB-TOTAL - MATERIAL / EQUIPAMENTOS:",null,{"$f":"SUM(F4992:F4995)","v":30.87}]
[{"$f":"CONCATENATE(\"SINAPI C \",Insumos!$B$36)","v":"SINAPI C 88310"},"PINTOR C/ENCARGOS COMPLEMENTARES","h",5.4569000000000001,{"$f":"+Insumos!$G$36","v":21.41},{"$f":"TRUNC(D4997*E4997,2)","v":116.83}]
["SUB-TOTAL - MÃO-DE-OBRA:",null,{"$f":"SUM(F4997:F4997)","v":116.83}]
[]
[null,"CUSTO TOTAL:",null,null,null,{"$f":"+C4996+C4998","v":147.69999999999999}]
[]
[null,"BDI:","%",{"$f":"+$F$7","v":"28,21%"},null,{"$f":"TRUNC(F5000*D5002,2)","v":41.66}]
[]
[null,"PREÇO:",null,null,null,{"$f":"+F5000+F5002","v":189.35999999999999}]
[]
["CÓDIGO","DISCRIMINAÇÃO","UN","COEFIC.","UNITÁRIO","TOTAL"]
[3615,"REPINTURA ESTRUTURA 4","un"]
[{"$f":"CONCATENATE(\"SINAPI I \",Insumos!$B$238)","v":"SINAPI I 3768"},"LIXA P/FERRO","un",2.2324999999999999,{"$f":"+Insumos!$G$238","v":4.4400000000000004},{"$f":"TRUNC(D5008*E5008,2)","v":9.91}]
[{"$f":"CONCATENATE(\"COTAÇÃO \",Insumos!$B$215)","v":"COTAÇÃO 109"},"FUNDO P/GALVANIZADO","l",0.49120000000000003,{"$f":"+Insumos!$G$215","v":34.47},{"$f":"TRUNC(D5009*E5009,2)","v":16.93}]
[{"$f":"CONCATENATE(\"SINAPI I \",Insumos!$B$318)","v":"SINAPI I 5318"},"SOLVENTE DILUENTE A BASE DE AGUARRÁS","l",0.23449999999999999,{"$f":"+Insumos!$G$318","v":23.8},{"$f":"TRUNC(D5010*E5010,2)","v":5.58}]
[{"$f":"CONCATENATE(\"SINAPI I \",Insumos!$B$364)","v":"SINAPI I 7292"},"TINTA ESMALTE SINTÉTICO BRILHANTE","l",1.8969,{"$f":"+Insumos!$G$364","v":34.700000000000003},{"$f":"TRUNC(D5011*E5011,2)","v":65.819999999999993}]
["SUB-TOTAL - MATERIAL / EQUIPAMENTOS:",null,{"$f":"SUM(F5008:F5011)","v":98.24}]
[{"$f":"CONCATENATE(\"SINAPI C \",Insumos!$B$36)","v":"SINAPI C 88310"},"PINTOR C/ENCARGOS COMPLEMENTARES","h",17.356999999999999,{"$f":"+Insumos!$G$36","v":21.41},{"$f":"TRUNC(D5013*E5013,2)","v":371.61}]
["SUB-TOTAL - MÃO-DE-OBRA:",null,{"$f":"SUM(F5013:F5013)","v":371.61}]
[]
[null,"CUSTO TOTAL:",null,null,null,{"$f":"+C5012+C5014","v":469.85}]
[]
[null,"BDI:","%",{"$f":"+$F$7","v":"28,21%"},null,{"$f":"TRUNC(F5016*D5018,2)","v":132.54}]
[]
[null,"PREÇO:",null,null,null,{"$f":"+F5016+F5018","v":602.39}]
[]
["CÓDIGO","DISCRIMINAÇÃO","UN","COEFIC.","UNITÁRIO","TOTAL"]
[3620,"REPINTURA ESTRUTURA 5","un"]
[{"$f":"CONCATENATE(\"SINAPI I \",Insumos!$B$238)","v":"SINAPI I 3768"},"LIXA P/FERRO","un",1.1187,{"$f":"+Insumos!$G$238","v":4.4400000000000004},{"$f":"TRUNC(D5024*E5024,2)","v":4.96}]
[{"$f":"CONCATENATE(\"COTAÇÃO \",Insumos!$B$215)","v":"COTAÇÃO 109"},"FUNDO P/GALVANIZADO","l",0.24610000000000001,{"$f":"+Insumos!$G$215","v":34.47},{"$f":"TRUNC(D5025*E5025,2)","v":8.48}]
[{"$f":"CONCATENATE(\"SINAPI I \",Insumos!$B$318)","v":"SINAPI I 5318"},"SOLVENTE DILUENTE A BASE DE AGUARRÁS","l",0.11749999999999999,{"$f":"+Insumos!$G$318","v":23.8},{"$f":"TRUNC(D5026*E5026,2)","v":2.79}]
[{"$f":"CONCATENATE(\"SINAPI I \",Insumos!$B$364)","v":"SINAPI I 7292"},"TINTA ESMALTE SINTÉTICO BRILHANTE","l",0.94720000000000004,{"$f":"+Insumos!$G$364","v":34.700000000000003},{"$f":"TRUNC(D5027*E5027,2)","v":32.86}]
["SUB-TOTAL - MATERIAL / EQUIPAMENTOS:",null,{"$f":"SUM(F5024:F5027)","v":49.09}]
[{"$f":"CONCATENATE(\"SINAPI C \",Insumos!$B$36)","v":"SINAPI C 88310"},"PINTOR C/ENCARGOS COMPLEMENTARES","h",8.6975999999999996,{"$f":"+Insumos!$G$36","v":21.41},{"$f":"TRUNC(D5029*E5029,2)","v":186.21}]
["SUB-TOTAL - MÃO-DE-OBRA:",null,{"$f":"SUM(F5029:F5029)","v":186.21}]
[]
[null,"CUSTO TOTAL:",null,null,null,{"$f":"+C5028+C5030","v":235.3}]
[]
[null,"BDI:","%",{"$f":"+$F$7","v":"28,21%"},null,{"$f":"TRUNC(F5032*D5034,2)","v":66.37}]
[]
[null,"PREÇO:",null,null,null,{"$f":"+F5032+F5034","v":301.67}]
[]
["CÓDIGO","DISCRIMINAÇÃO","UN","COEFIC.","UNITÁRIO","TOTAL"]
[3625,"REPINTURA ESTRUTURA 6","un"]
[{"$f":"CONCATENATE(\"SINAPI I \",Insumos!$B$238)","v":"SINAPI I 3768"},"LIXA P/FERRO","un",4.0317999999999996,{"$f":"+Insumos!$G$238","v":4.4400000000000004},{"$f":"TRUNC(D5040*E5040,2)","v":17.899999999999999}]
[{"$f":"CONCATENATE(\"COTAÇÃO \",Insumos!$B$215)","v":"COTAÇÃO 109"},"FUNDO P/GALVANIZADO","l",0.88700000000000001,{"$f":"+Insumos!$G$215","v":34.47},{"$f":"TRUNC(D5041*E5041,2)","v":30.57}]
[{"$f":"CONCATENATE(\"SINAPI I \",Insumos!$B$318)","v":"SINAPI I 5318"},"SOLVENTE DILUENTE A BASE DE AGUARRÁS","l",0.42330000000000001,{"$f":"+Insumos!$G$318","v":23.8},{"$f":"TRUNC(D5042*E5042,2)","v":10.07}]
[{"$f":"CONCATENATE(\"SINAPI I \",Insumos!$B$364)","v":"SINAPI I 7292"},"TINTA ESMALTE SINTÉTICO BRILHANTE","l",3.4257,{"$f":"+Insumos!$G$364","v":34.700000000000003},{"$f":"TRUNC(D5043*E5043,2)","v":118.87}]
["SUB-TOTAL - MATERIAL / EQUIPAMENTOS:",null,{"$f":"SUM(F5040:F5043)","v":177.41}]
[{"$f":"CONCATENATE(\"SINAPI C \",Insumos!$B$36)","v":"SINAPI C 88310"},"PINTOR C/ENCARGOS COMPLEMENTARES","h",31.345500000000001,{"$f":"+Insumos!$G$36","v":21.41},{"$f":"TRUNC(D5045*E5045,2)","v":671.1}]
["SUB-TOTAL - MÃO-DE-OBRA:",null,{"$f":"SUM(F5045:F5045)","v":671.1}]
[]
[null,"CUSTO TOTAL:",null,null,null,{"$f":"+C5044+C5046","v":848.51}]
[]
[null,"BDI:","%",{"$f":"+$F$7","v":"28,21%"},null,{"$f":"TRUNC(F5048*D5050,2)","v":239.36}]
[]
[null,"PREÇO:",null,null,null,{"$f":"+F5048+F5050","v":1087.8699999999999}]
[]
["CÓDIGO","DISCRIMINAÇÃO","UN","COEFIC.","UNITÁRIO","TOTAL"]
[3630,"REPINTURA ESTRUTURA 7","un"]
[{"$f":"CONCATENATE(\"SINAPI I \",Insumos!$B$238)","v":"SINAPI I 3768"},"LIXA P/FERRO","un",0.51349999999999996,{"$f":"+Insumos!$G$238","v":4.4400000000000004},{"$f":"TRUNC(D5056*E5056,2)","v":2.27}]
[{"$f":"CONCATENATE(\"COTAÇÃO \",Insumos!$B$215)","v":"COTAÇÃO 109"},"FUNDO P/GALVANIZADO","l",0.113,{"$f":"+Insumos!$G$215","v":34.47},{"$f":"TRUNC(D5057*E5057,2)","v":3.89}]
[{"$f":"CONCATENATE(\"SINAPI I \",Insumos!$B$318)","v":"SINAPI I 5318"},"SOLVENTE DILUENTE A BASE DE AGUARRÁS","l",5.3900000000000003E-2,{"$f":"+Insumos!$G$318","v":23.8},{"$f":"TRUNC(D5058*E5058,2)","v":1.28}]
[{"$f":"CONCATENATE(\"SINAPI I \",Insumos!$B$364)","v":"SINAPI I 7292"},"TINTA ESMALTE SINTÉTICO BRILHANTE","l",0.43630000000000002,{"$f":"+Insumos!$G$364","v":34.700000000000003},{"$f":"TRUNC(D5059*E5059,2)","v":15.13}]
["SUB-TOTAL - MATERIAL / EQUIPAMENTOS:",null,{"$f":"SUM(F5056:F5059)","v":22.57}]
[{"$f":"CONCATENATE(\"SINAPI C \",Insumos!$B$36)","v":"SINAPI C 88310"},"PINTOR C/ENCARGOS COMPLEMENTARES","h",3.9922,{"$f":"+Insumos!$G$36","v":21.41},{"$f":"TRUNC(D5061*E5061,2)","v":85.47}]
["SUB-TOTAL - MÃO-DE-OBRA:",null,{"$f":"SUM(F5061:F5061)","v":85.47}]
[]
[null,"CUSTO TOTAL:",null,null,null,{"$f":"+C5060+C5062","v":108.03999999999999}]
[]
[null,"BDI:","%",{"$f":"+$F$7","v":"28,21%"},null,{"$f":"TRUNC(F5064*D5066,2)","v":30.47}]
[]
[null,"PREÇO:",null,null,null,{"$f":"+F5064+F5066","v":138.51}]
[]
["CÓDIGO","DISCRIMINAÇÃO","UN","COEFIC.","UNITÁRIO","TOTAL"]
[3635,"REPINTURA ESTRUTURA 8","un"]
[{"$f":"CONCATENATE(\"SINAPI I \",Insumos!$B$238)","v":"SINAPI I 3768"},"LIXA P/FERRO","un",3.1229,{"$f":"+Insumos!$G$238","v":4.4400000000000004},{"$f":"TRUNC(D5072*E5072,2)","v":13.86}]
[{"$f":"CONCATENATE(\"COTAÇÃO \",Insumos!$B$215)","v":"COTAÇÃO 109"},"FUNDO P/GALVANIZADO","l",0.68700000000000006,{"$f":"+Insumos!$G$215","v":34.47},{"$f":"TRUNC(D5073*E5073,2)","v":23.68}]
[{"$f":"CONCATENATE(\"SINAPI I \",Insumos!$B$318)","v":"SINAPI I 5318"},"SOLVENTE DILUENTE A BASE DE AGUARRÁS","l",0.32790000000000002,{"$f":"+Insumos!$G$318","v":23.8},{"$f":"TRUNC(D5074*E5074,2)","v":7.8}]
[{"$f":"CONCATENATE(\"SINAPI I \",Insumos!$B$364)","v":"SINAPI I 7292"},"TINTA ESMALTE SINTÉTICO BRILHANTE","l",2.6534,{"$f":"+Insumos!$G$364","v":34.700000000000003},{"$f":"TRUNC(D5075*E5075,2)","v":92.07}]
["SUB-TOTAL - MATERIAL / EQUIPAMENTOS:",null,{"$f":"SUM(F5072:F5075)","v":137.41}]
[{"$f":"CONCATENATE(\"SINAPI C \",Insumos!$B$36)","v":"SINAPI C 88310"},"PINTOR C/ENCARGOS COMPLEMENTARES","h",24.2745,{"$f":"+Insumos!$G$36","v":21.41},{"$f":"TRUNC(D5077*E5077,2)","v":519.71}]
["SUB-TOTAL - MÃO-DE-OBRA:",null,{"$f":"SUM(F5077:F5077)","v":519.71}]
[]
[null,"CUSTO TOTAL:",null,null,null,{"$f":"+C5076+C5078","v":657.12}]
[]
[null,"BDI:","%",{"$f":"+$F$7","v":"28,21%"},null,{"$f":"TRUNC(F5080*D5082,2)","v":185.37}]
[]
[null,"PREÇO:",null,null,null,{"$f":"+F5080+F5082","v":842.49}]
[]
["CÓDIGO","DISCRIMINAÇÃO","UN","COEFIC.","UNITÁRIO","TOTAL"]
[3640,"REPINTURA ESTRUTURA 9","un"]
[{"$f":"CONCATENATE(\"SINAPI I \",Insumos!$B$238)","v":"SINAPI I 3768"},"LIXA P/FERRO","un",0.83109999999999995,{"$f":"+Insumos!$G$238","v":4.4400000000000004},{"$f":"TRUNC(D5088*E5088,2)","v":3.69}]
[{"$f":"CONCATENATE(\"COTAÇÃO \",Insumos!$B$215)","v":"COTAÇÃO 109"},"FUNDO P/GALVANIZADO","l",0.18279999999999999,{"$f":"+Insumos!$G$215","v":34.47},{"$f":"TRUNC(D5089*E5089,2)","v":6.3}]
[{"$f":"CONCATENATE(\"SINAPI I \",Insumos!$B$318)","v":"SINAPI I 5318"},"SOLVENTE DILUENTE A BASE DE AGUARRÁS","l",8.72E-2,{"$f":"+Insumos!$G$318","v":23.8},{"$f":"TRUNC(D5090*E5090,2)","v":2.0699999999999998}]
[{"$f":"CONCATENATE(\"SINAPI I \",Insumos!$B$364)","v":"SINAPI I 7292"},"TINTA ESMALTE SINTÉTICO BRILHANTE","l",0.70609999999999995,{"$f":"+Insumos!$G$364","v":34.700000000000003},{"$f":"TRUNC(D5091*E5091,2)","v":24.5}]
["SUB-TOTAL - MATERIAL / EQUIPAMENTOS:",null,{"$f":"SUM(F5088:F5091)","v":36.56}]
[{"$f":"CONCATENATE(\"SINAPI C \",Insumos!$B$36)","v":"SINAPI C 88310"},"PINTOR C/ENCARGOS COMPLEMENTARES","h",6.4611999999999998,{"$f":"+Insumos!$G$36","v":21.41},{"$f":"TRUNC(D5093*E5093,2)","v":138.33000000000001}]
["SUB-TOTAL - MÃO-DE-OBRA:",null,{"$f":"SUM(F5093:F5093)","v":138.33000000000001}]
[]
[null,"CUSTO TOTAL:",null,null,null,{"$f":"+C5092+C5094","v":174.89000000000001}]
[]
[null,"BDI:","%",{"$f":"+$F$7","v":"28,21%"},null,{"$f":"TRUNC(F5096*D5098,2)","v":49.33}]
[]
[null,"PREÇO:",null,null,null,{"$f":"+F5096+F5098","v":224.22000000000003}]
[]
["CÓDIGO","DISCRIMINAÇÃO","UN","COEFIC.","UNITÁRIO","TOTAL"]
[3650,"REPINTURA GANGORRA DUPLA","un"]
[{"$f":"CONCATENATE(\"COTAÇÃO \",Insumos!$B$215)","v":"COTAÇÃO 109"},"FUNDO P/GALVANIZADO","l",2.69E-2,{"$f":"+Insumos!$G$215","v":34.47},{"$f":"TRUNC(D5104*E5104,2)","v":0.92}]
["SINAPI I 7307","FUNDO ANTICORROSIVO TIPO ZARCÃO","l",2.4899999999999999E-2,{"$f":"+Insumos!$G$214","v":37.43},{"$f":"TRUNC(D5105*E5105,2)","v":0.93}]
[{"$f":"CONCATENATE(\"SINAPI I \",Insumos!$B$318)","v":"SINAPI I 5318"},"SOLVENTE DILUENTE A BASE DE AGUARRÁS","l",0.14460000000000001,{"$f":"+Insumos!$G$318","v":23.8},3.44]
[{"$f":"CONCATENATE(\"SINAPI I \",Insumos!$B$364)","v":"SINAPI I 7292"},"TINTA ESMALTE SINTÉTICO BRILHANTE","l",0.54720000000000002,{"$f":"+Insumos!$G$364","v":34.700000000000003},18.98]
["SINAPI I 3767","LIXA P/MADEIRA","un",2.4624000000000001,{"$f":"+Insumos!$G$239","v":1.48},3.64]
[{"$f":"CONCATENATE(\"SINAPI I \",Insumos!$B$238)","v":"SINAPI I 3768"},"LIXA P/FERRO","un",0.19009999999999999,{"$f":"+Insumos!$G$238","v":4.4400000000000004},{"$f":"TRUNC(D5109*E5109,2)","v":0.84}]
["SINAPI 6086","FUNDO SINTÉTICO NIVELADOR BRANCO FOSCO","gl",0.42420000000000002,{"$f":"+Insumos!$G$216","v":43.28},{"$f":"TRUNC(D5110*E5110,2)","v":18.350000000000001}]
["SUB-TOTAL - MATERIAL / EQUIPAMENTOS:",null,{"$f":"SUM(F5104:F5110)","v":47.1}]
[{"$f":"CONCATENATE(\"SINAPI C \",Insumos!$B$36)","v":"SINAPI C 88310"},"PINTOR C/ENCARGOS COMPLEMENTARES","h",3.6791999999999998,{"$f":"+Insumos!$G$36","v":21.41},{"$f":"TRUNC(D5112*E5112,2)","v":78.77}]
["SUB-TOTAL - MÃO-DE-OBRA:",null,{"$f":"SUM(F5112:F5112)","v":78.77}]
[]
[null,"CUSTO TOTAL:",null,null,null,{"$f":"+C5111+C5113","v":125.87}]
[]
[null,"BDI:","%",{"$f":"+$F$7","v":"28,21%"},null,{"$f":"TRUNC(F5115*D5117,2)","v":35.5}]
[]
[null,"PREÇO:",null,null,null,{"$f":"+F5115+F5117","v":161.37}]
[]
["CÓDIGO","DISCRIMINAÇÃO","UN","COEFIC.","UNITÁRIO","TOTAL"]
[3655,"REPINTURA GANGORRA TRIPLA","un"]
[{"$f":"CONCATENATE(\"COTAÇÃO \",Insumos!$B$215)","v":"COTAÇÃO 109"},"FUNDO P/GALVANIZADO","l",3.6900000000000002E-2,{"$f":"+Insumos!$G$215","v":34.47},{"$f":"TRUNC(D5123*E5123,2)","v":1.27}]
["SINAPI I 7307","FUNDO ANTICORROSIVO TIPO ZARCÃO","l",3.7199999999999997E-2,{"$f":"+Insumos!$G$214","v":37.43},{"$f":"TRUNC(D5124*E5124,2)","v":1.39}]
[{"$f":"CONCATENATE(\"SINAPI I \",Insumos!$B$318)","v":"SINAPI I 5318"},"SOLVENTE DILUENTE A BASE DE AGUARRÁS","l",0.215,{"$f":"+Insumos!$G$318","v":23.8},5.1100000000000003]
[{"$f":"CONCATENATE(\"SINAPI I \",Insumos!$B$364)","v":"SINAPI I 7292"},"TINTA ESMALTE SINTÉTICO BRILHANTE","l",0.80720000000000003,{"$f":"+Insumos!$G$364","v":34.700000000000003},28]
["SINAPI I 3767","LIXA P/MADEIRA","un",3.6938,{"$f":"+Insumos!$G$239","v":1.48},5.46]
[{"$f":"CONCATENATE(\"SINAPI I \",Insumos!$B$238)","v":"SINAPI I 3768"},"LIXA P/FERRO","un",0.26919999999999999,{"$f":"+Insumos!$G$238","v":4.4400000000000004},{"$f":"TRUNC(D5128*E5128,2)","v":1.19}]
["SINAPI 6086","FUNDO SINTÉTICO NIVELADOR BRANCO FOSCO","gl",0.63629999999999998,{"$f":"+Insumos!$G$216","v":43.28},{"$f":"TRUNC(D5129*E5129,2)","v":27.53}]
["SUB-TOTAL - MATERIAL / EQUIPAMENTOS:",null,{"$f":"SUM(F5123:F5129)","v":69.95}]
[{"$f":"CONCATENATE(\"SINAPI C \",Insumos!$B$36)","v":"SINAPI C 88310"},"PINTOR C/ENCARGOS COMPLEMENTARES","h",5.3947000000000003,{"$f":"+Insumos!$G$36","v":21.41},{"$f":"TRUNC(D5131*E5131,2)","v":115.5}]
["SUB-TOTAL - MÃO-DE-OBRA:",null,{"$f":"SUM(F5131:F5131)","v":115.5}]
[]
[null,"CUSTO TOTAL:",null,null,null,{"$f":"+C5130+C5132","v":185.45}]
[]
[null,"BDI:","%",{"$f":"+$F$7","v":"28,21%"},null,{"$f":"TRUNC(F5134*D5136,2)","v":52.31}]
[]
[null,"PREÇO:",null,null,null,{"$f":"+F5134+F5136","v":237.76}]
[]
["CÓDIGO","DISCRIMINAÇÃO","UN","COEFIC.","UNITÁRIO","TOTAL"]
[3660,"REPINTURA BARRA-BALANÇO","un"]
[{"$f":"CONCATENATE(\"COTAÇÃO \",Insumos!$B$215)","v":"COTAÇÃO 109"},"FUNDO P/GALVANIZADO","l",0.2278,{"$f":"+Insumos!$G$215","v":34.47},{"$f":"TRUNC(D5142*E5142,2)","v":7.85}]
["SINAPI I 7307","FUNDO ANTICORROSIVO TIPO ZARCÃO","l",5.0599999999999999E-2,{"$f":"+Insumos!$G$214","v":37.43},{"$f":"TRUNC(D5143*E5143,2)","v":1.89}]
[{"$f":"CONCATENATE(\"SINAPI I \",Insumos!$B$318)","v":"SINAPI I 5318"},"SOLVENTE DILUENTE A BASE DE AGUARRÁS","l",0.24279999999999999,{"$f":"+Insumos!$G$318","v":23.8},5.77]
[{"$f":"CONCATENATE(\"SINAPI I \",Insumos!$B$364)","v":"SINAPI I 7292"},"TINTA ESMALTE SINTÉTICO BRILHANTE","l",1.3634999999999999,{"$f":"+Insumos!$G$364","v":34.700000000000003},47.31]
["SINAPI I 3767","LIXA P/MADEIRA","un",2.3388,{"$f":"+Insumos!$G$239","v":1.48},3.46]
[{"$f":"CONCATENATE(\"SINAPI I \",Insumos!$B$238)","v":"SINAPI I 3768"},"LIXA P/FERRO","un",1.1736,{"$f":"+Insumos!$G$238","v":4.4400000000000004},{"$f":"TRUNC(D5147*E5147,2)","v":5.21}]
["SINAPI 6086","FUNDO SINTÉTICO NIVELADOR BRANCO FOSCO","gl",0.40279999999999999,{"$f":"+Insumos!$G$216","v":43.28},{"$f":"TRUNC(D5148*E5148,2)","v":17.43}]
["SUB-TOTAL - MATERIAL / EQUIPAMENTOS:",null,{"$f":"SUM(F5142:F5148)","v":88.919999999999987}]
[{"$f":"CONCATENATE(\"SINAPI C \",Insumos!$B$36)","v":"SINAPI C 88310"},"PINTOR C/ENCARGOS COMPLEMENTARES","h",11.2148,{"$f":"+Insumos!$G$36","v":21.41},{"$f":"TRUNC(D5150*E5150,2)","v":240.1}]
["SUB-TOTAL - MÃO-DE-OBRA:",null,{"$f":"SUM(F5150:F5150)","v":240.1}]
[]
[null,"CUSTO TOTAL:",null,null,null,{"$f":"+C5149+C5151","v":329.02}]
[]
[null,"BDI:","%",{"$f":"+$F$7","v":"28,21%"},null,{"$f":"TRUNC(F5153*D5155,2)","v":92.81}]
[]
[null,"PREÇO:",null,null,null,{"$f":"+F5153+F5155","v":421.83}]
[]
["CÓDIGO","DISCRIMINAÇÃO","UN","COEFIC.","UNITÁRIO","TOTAL"]
[3665,"REPINTURA BALANÇO MISTO","un"]
[{"$f":"CONCATENATE(\"COTAÇÃO \",Insumos!$B$215)","v":"COTAÇÃO 109"},"FUNDO P/GALVANIZADO","l",0.2366,{"$f":"+Insumos!$G$215","v":34.47},{"$f":"TRUNC(D5161*E5161,2)","v":8.15}]
["SINAPI I 7307","FUNDO ANTICORROSIVO TIPO ZARCÃO","l",8.4900000000000003E-2,{"$f":"+Insumos!$G$214","v":37.43},{"$f":"TRUNC(D5162*E5162,2)","v":3.17}]
[{"$f":"CONCATENATE(\"SINAPI I \",Insumos!$B$318)","v":"SINAPI I 5318"},"SOLVENTE DILUENTE A BASE DE AGUARRÁS","l",0.20780000000000001,{"$f":"+Insumos!$G$318","v":23.8},4.9400000000000004]
[{"$f":"CONCATENATE(\"SINAPI I \",Insumos!$B$364)","v":"SINAPI I 7292"},"TINTA ESMALTE SINTÉTICO BRILHANTE","l",1.3191999999999999,{"$f":"+Insumos!$G$364","v":34.700000000000003},45.77]
["SINAPI I 3767","LIXA P/MADEIRA","un",1.3304,{"$f":"+Insumos!$G$239","v":1.48},1.96]
[{"$f":"CONCATENATE(\"SINAPI I \",Insumos!$B$238)","v":"SINAPI I 3768"},"LIXA P/FERRO","un",1.3073999999999999,{"$f":"+Insumos!$G$238","v":4.4400000000000004},{"$f":"TRUNC(D5166*E5166,2)","v":5.8}]
["SINAPI 6086","FUNDO SINTÉTICO NIVELADOR BRANCO FOSCO","gl",0.22919999999999999,{"$f":"+Insumos!$G$216","v":43.28},{"$f":"TRUNC(D5167*E5167,2)","v":9.91}]
["SUB-TOTAL - MATERIAL / EQUIPAMENTOS:",null,{"$f":"SUM(F5161:F5167)","v":79.7}]
[{"$f":"CONCATENATE(\"SINAPI C \",Insumos!$B$36)","v":"SINAPI C 88310"},"PINTOR C/ENCARGOS COMPLEMENTARES","h",11.3538,{"$f":"+Insumos!$G$36","v":21.41},{"$f":"TRUNC(D5169*E5169,2)","v":243.08}]
["SUB-TOTAL - MÃO-DE-OBRA:",null,{"$f":"SUM(F5169:F5169)","v":243.08}]
[]
[null,"CUSTO TOTAL:",null,null,null,{"$f":"+C5168+C5170","v":322.78000000000003}]
[]
[null,"BDI:","%",{"$f":"+$F$7","v":"28,21%"},null,{"$f":"TRUNC(F5172*D5174,2)","v":91.05}]
[]
[null,"PREÇO:",null,null,null,{"$f":"+F5172+F5174","v":413.83000000000004}]
[]
["CÓDIGO","DISCRIMINAÇÃO","UN","COEFIC.","UNITÁRIO","TOTAL"]
[3670,"REPINTURA BALANÇO JUVENIL","un"]
[{"$f":"CONCATENATE(\"COTAÇÃO \",Insumos!$B$215)","v":"COTAÇÃO 109"},"FUNDO P/GALVANIZADO","l",0.2366,{"$f":"+Insumos!$G$215","v":34.47},{"$f":"TRUNC(D5180*E5180,2)","v":8.15}]
["SINAPI I 7307","FUNDO ANTICORROSIVO TIPO ZARCÃO","l",7.5300000000000006E-2,{"$f":"+Insumos!$G$214","v":37.43},{"$f":"TRUNC(D5181*E5181,2)","v":2.81}]
[{"$f":"CONCATENATE(\"SINAPI I \",Insumos!$B$318)","v":"SINAPI I 5318"},"SOLVENTE DILUENTE A BASE DE AGUARRÁS","l",0.1633,{"$f":"+Insumos!$G$318","v":23.8},3.88]
[{"$f":"CONCATENATE(\"SINAPI I \",Insumos!$B$364)","v":"SINAPI I 7292"},"TINTA ESMALTE SINTÉTICO BRILHANTE","l",1.1679999999999999,{"$f":"+Insumos!$G$364","v":34.700000000000003},40.520000000000003]
["SINAPI I 3767","LIXA P/MADEIRA","un",0.50719999999999998,{"$f":"+Insumos!$G$239","v":1.48},0.75]
[{"$f":"CONCATENATE(\"SINAPI I \",Insumos!$B$238)","v":"SINAPI I 3768"},"LIXA P/FERRO","un",1.2811999999999999,{"$f":"+Insumos!$G$238","v":4.4400000000000004},{"$f":"TRUNC(D5185*E5185,2)","v":5.68}]
["SINAPI 6086","FUNDO SINTÉTICO NIVELADOR BRANCO FOSCO","gl",8.7400000000000005E-2,{"$f":"+Insumos!$G$216","v":43.28},{"$f":"TRUNC(D5186*E5186,2)","v":3.78}]
["SUB-TOTAL - MATERIAL / EQUIPAMENTOS:",null,{"$f":"SUM(F5180:F5186)","v":65.569999999999993}]
[{"$f":"CONCATENATE(\"SINAPI C \",Insumos!$B$36)","v":"SINAPI C 88310"},"PINTOR C/ENCARGOS COMPLEMENTARES","h",10.414099999999999,{"$f":"+Insumos!$G$36","v":21.41},{"$f":"TRUNC(D5188*E5188,2)","v":222.96}]
["SUB-TOTAL - MÃO-DE-OBRA:",null,{"$f":"SUM(F5188:F5188)","v":222.96}]
[]
[null,"CUSTO TOTAL:",null,null,null,{"$f":"+C5187+C5189","v":288.52999999999997}]
[]
[null,"BDI:","%",{"$f":"+$F$7","v":"28,21%"},null,{"$f":"TRUNC(F5191*D5193,2)","v":81.39}]
[]
[null,"PREÇO:",null,null,null,{"$f":"+F5191+F5193","v":369.91999999999996}]
[]
["CÓDIGO","DISCRIMINAÇÃO","UN","COEFIC.","UNITÁRIO","TOTAL"]
[3675,"REPINTURA BALANÇO INFANTIL","un"]
[{"$f":"CONCATENATE(\"COTAÇÃO \",Insumos!$B$215)","v":"COTAÇÃO 109"},"FUNDO P/GALVANIZADO","l",0.2366,{"$f":"+Insumos!$G$215","v":34.47},{"$f":"TRUNC(D5199*E5199,2)","v":8.15}]
["SINAPI I 7307","FUNDO ANTICORROSIVO TIPO ZARCÃO","l",9.4500000000000001E-2,{"$f":"+Insumos!$G$214","v":37.43},{"$f":"TRUNC(D5200*E5200,2)","v":3.53}]
[{"$f":"CONCATENATE(\"SINAPI I \",Insumos!$B$318)","v":"SINAPI I 5318"},"SOLVENTE DILUENTE A BASE DE AGUARRÁS","l",0.25240000000000001,{"$f":"+Insumos!$G$318","v":23.8},6]
[{"$f":"CONCATENATE(\"SINAPI I \",Insumos!$B$364)","v":"SINAPI I 7292"},"TINTA ESMALTE SINTÉTICO BRILHANTE","l",1.4703999999999999,{"$f":"+Insumos!$G$364","v":34.700000000000003},51.02]
["SINAPI I 3767","LIXA P/MADEIRA","un",2.1536,{"$f":"+Insumos!$G$239","v":1.48},3.18]
[{"$f":"CONCATENATE(\"SINAPI I \",Insumos!$B$238)","v":"SINAPI I 3768"},"LIXA P/FERRO","un",1.3335999999999999,{"$f":"+Insumos!$G$238","v":4.4400000000000004},{"$f":"TRUNC(D5204*E5204,2)","v":5.92}]
["SINAPI 6086","FUNDO SINTÉTICO NIVELADOR BRANCO FOSCO","gl",0.371,{"$f":"+Insumos!$G$216","v":43.28},{"$f":"TRUNC(D5205*E5205,2)","v":16.05}]
["SUB-TOTAL - MATERIAL / EQUIPAMENTOS:",null,{"$f":"SUM(F5199:F5205)","v":93.850000000000009}]
[{"$f":"CONCATENATE(\"SINAPI C \",Insumos!$B$36)","v":"SINAPI C 88310"},"PINTOR C/ENCARGOS COMPLEMENTARES","h",12.285500000000001,{"$f":"+Insumos!$G$36","v":21.41},{"$f":"TRUNC(D5207*E5207,2)","v":263.02999999999997}]
["SUB-TOTAL - MÃO-DE-OBRA:",null,{"$f":"SUM(F5207:F5207)","v":263.02999999999997}]
[]
[null,"CUSTO TOTAL:",null,null,null,{"$f":"+C5206+C5208","v":356.88}]
[]
[null,"BDI:","%",{"$f":"+$F$7","v":"28,21%"},null,{"$f":"TRUNC(F5210*D5212,2)","v":100.67}]
[]
[null,"PREÇO:",null,null,null,{"$f":"+F5210+F5212","v":457.55}]
[]
["CÓDIGO","DISCRIMINAÇÃO","UN","COEFIC.","UNITÁRIO","TOTAL"]
[3680,"REPINTURA ESCORREGADOR","un"]
["SINAPI I 7307","FUNDO ANTICORROSIVO TIPO ZARCÃO","l",5.4199999999999998E-2,{"$f":"+Insumos!$G$214","v":37.43},{"$f":"TRUNC(D5218*E5218,2)","v":2.02}]
[{"$f":"CONCATENATE(\"SINAPI I \",Insumos!$B$318)","v":"SINAPI I 5318"},"SOLVENTE DILUENTE A BASE DE AGUARRÁS","l",0.25390000000000001,{"$f":"+Insumos!$G$318","v":23.8},6.04]
[{"$f":"CONCATENATE(\"SINAPI I \",Insumos!$B$364)","v":"SINAPI I 7292"},"TINTA ESMALTE SINTÉTICO BRILHANTE","l",0.86280000000000001,{"$f":"+Insumos!$G$364","v":34.700000000000003},29.93]
["SINAPI I 3767","LIXA P/MADEIRA","un",4.7058,{"$f":"+Insumos!$G$239","v":1.48},6.96]
[{"$f":"CONCATENATE(\"SINAPI I \",Insumos!$B$238)","v":"SINAPI I 3768"},"LIXA P/FERRO","un",0.18229999999999999,{"$f":"+Insumos!$G$238","v":4.4400000000000004},{"$f":"TRUNC(D5222*E5222,2)","v":0.8}]
["SINAPI 6086","FUNDO SINTÉTICO NIVELADOR BRANCO FOSCO","gl",0.81059999999999999,{"$f":"+Insumos!$G$216","v":43.28},{"$f":"TRUNC(D5223*E5223,2)","v":35.08}]
["SUB-TOTAL - MATERIAL / EQUIPAMENTOS:",null,{"$f":"SUM(F5218:F5223)","v":80.83}]
[{"$f":"CONCATENATE(\"SINAPI C \",Insumos!$B$36)","v":"SINAPI C 88310"},"PINTOR C/ENCARGOS COMPLEMENTARES","h",5.3914,{"$f":"+Insumos!$G$36","v":21.41},{"$f":"TRUNC(D5225*E5225,2)","v":115.42}]
["SUB-TOTAL - MÃO-DE-OBRA:",null,{"$f":"SUM(F5225:F5225)","v":115.42}]
[]
[null,"CUSTO TOTAL:",null,null,null,{"$f":"+C5224+C5226","v":196.25}]
[]
[null,"BDI:","%",{"$f":"+$F$7","v":"28,21%"},null,{"$f":"TRUNC(F5228*D5230,2)","v":55.36}]
[]
[null,"PREÇO:",null,null,null,{"$f":"+F5228+F5230","v":251.61}]
[]
["CÓDIGO","DISCRIMINAÇÃO","UN","COEFIC.","UNITÁRIO","TOTAL"]
[3715,"INSTALAÇÃO TELA h=5,50 m EM ESTRUTURA TUBULAR EXISTENTE DE QUADRA ESPORTIVA","m"]
[{"$f":"CONCATENATE(\"COTAÇÃO \",Insumos!$B$352)","v":"COTAÇÃO 80"},"TELA ARAME GALVANIZADO 5 x 5 cm FIO 12 BWG","m²",5.7750000000000004,{"$f":"+Insumos!$G$352","v":31.11},{"$f":"TRUNC(D5236*E5236,2)","v":179.66}]
[{"$f":"CONCATENATE(\"SINAPI I \",Insumos!$B$81)","v":"SINAPI I 43131"},"ARAME GALVANIZADO 10 BWG","kg",0.66090000000000004,{"$f":"+Insumos!$G$81","v":29.21},19.3]
[{"$f":"CONCATENATE(\"SINAPI I \",Insumos!$B$82)","v":"SINAPI I 43130"},"ARAME GALVANIZADO 12 BWG","kg",0.1883,{"$f":"+Insumos!$G$82","v":25.15},4.7300000000000004]
[{"$f":"CONCATENATE(\"COTAÇÃO \",Insumos!$B$200)","v":"COTAÇÃO 79"},"ESTICADOR DE ARAME","un",0.58330000000000004,{"$f":"+Insumos!$G$200","v":6.41},3.73]
[{"$f":"CONCATENATE(\"SINAPI I \",Insumos!$B$79)","v":"SINAPI I 10527"},"ANDAIME METÁLICO, TIPO TORRE, LARGURA DE 1 A 1,5 m E ALTURA DE 1 m LOCAÇÃO","mxmês",0.125,{"$f":"+Insumos!$G$79","v":25},3.12]
[{"$f":"CONCATENATE(\"SINAPI I \",Insumos!$B$322)","v":"SINAPI I 6189"},"TÁBUA MADEIRA NÃO APARELHADA CEDRINHO 2,5 x 30 cm","m",2.29E-2,{"$f":"+Insumos!$G$322","v":16.39},{"$f":"TRUNC(D5241*E5241,2)","v":0.37}]
[{"$f":"CONCATENATE(\"SINAPI C \",'Composições Aux. SINAPI'!$A$65)","v":"SINAPI C 97064"},"MONTAGEM E DESMONTAGEM DE ANDAIME TUBULAR TIPO \u0093TORRE\u0094","m",0.125,{"$f":"+'Composições Aux. SINAPI'!$E$65:$F$65","v":15.61},{"$f":"TRUNC(D5242*E5242,2)","v":1.95}]
["SUB-TOTAL - MATERIAL / EQUIPAMENTOS:",null,{"$f":"SUM(F5236:F5242)","v":212.85999999999999}]
[{"$f":"CONCATENATE(\"SINAPI C \",Insumos!$B$37)","v":"SINAPI C 88315"},"SERRALHEIRO C/ENCARGOS COMPLEMENTARES","h",5.3757000000000001,{"$f":"+Insumos!$G$37","v":20.22},{"$f":"TRUNC(D5244*E5244,2)","v":108.69}]
[{"$f":"CONCATENATE(\"SINAPI C \",Insumos!$B$38)","v":"SINAPI C 88316"},"SERVENTE C/ ENCARGOS COMPLEMENTARES","h",5.3757000000000001,{"$f":"+Insumos!$G$38","v":16.920000000000002},{"$f":"TRUNC(D5245*E5245,2)","v":90.95}]
["SUB-TOTAL - MÃO-DE-OBRA:",null,{"$f":"SUM(F5244:F5245)","v":199.64}]
[]
[null,"CUSTO TOTAL:",null,null,null,{"$f":"+C5243+C5246","v":412.5}]
[]
[null,"BDI:","%",{"$f":"+$F$7","v":"28,21%"},null,{"$f":"TRUNC(F5248*D5250,2)","v":116.36}]
[]
[null,"PREÇO:",null,null,null,{"$f":"+F5248+F5250","v":528.86}]
[]
["CÓDIGO","DISCRIMINAÇÃO","UN","COEFIC.","UNITÁRIO","TOTAL"]
[3717,"INSTALAÇÃO TELA h=3,00 m EM ESTRUTURA TUBULAR EXISTENTE DE QUADRA ESPORTIVA","m"]
[{"$f":"CONCATENATE(\"COTAÇÃO \",Insumos!$B$352)","v":"COTAÇÃO 80"},"TELA ARAME GALVANIZADO 5 x 5 cm FIO 12 BWG","m²",3.15,{"$f":"+Insumos!$G$352","v":31.11},{"$f":"TRUNC(D5256*E5256,2)","v":97.99}]
[{"$f":"CONCATENATE(\"SINAPI I \",Insumos!$B$81)","v":"SINAPI I 43131"},"ARAME GALVANIZADO 10 BWG","kg",0.36720000000000003,{"$f":"+Insumos!$G$81","v":29.21},10.72]
[{"$f":"CONCATENATE(\"SINAPI I \",Insumos!$B$82)","v":"SINAPI I 43130"},"ARAME GALVANIZADO 12 BWG","kg",0.1492,{"$f":"+Insumos!$G$82","v":25.15},3.75]
[{"$f":"CONCATENATE(\"COTAÇÃO \",Insumos!$B$200)","v":"COTAÇÃO 79"},"ESTICADOR DE ARAME","un",0.41670000000000001,{"$f":"+Insumos!$G$200","v":6.41},2.67]
[{"$f":"CONCATENATE(\"SINAPI I \",Insumos!$B$79)","v":"SINAPI I 10527"},"ANDAIME METÁLICO, TIPO TORRE, LARGURA DE 1 A 1,5 m E ALTURA DE 1 m LOCAÇÃO","mxmês",8.3299999999999999E-2,{"$f":"+Insumos!$G$79","v":25},2.08]
[{"$f":"CONCATENATE(\"SINAPI I \",Insumos!$B$322)","v":"SINAPI I 6189"},"TÁBUA MADEIRA NÃO APARELHADA CEDRINHO 2,5 x 30 cm","m",2.29E-2,{"$f":"+Insumos!$G$322","v":16.39},0.37]
[{"$f":"CONCATENATE(\"SINAPI C \",'Composições Aux. SINAPI'!$A$65)","v":"SINAPI C 97064"},"MONTAGEM E DESMONTAGEM DE ANDAIME TUBULAR TIPO \u0093TORRE\u0094","m",8.3299999999999999E-2,{"$f":"+'Composições Aux. SINAPI'!$E$65:$F$65","v":15.61},1.3]
["SUB-TOTAL - MATERIAL / EQUIPAMENTOS:",null,{"$f":"SUM(F5256:F5262)","v":118.88}]
[{"$f":"CONCATENATE(\"SINAPI C \",Insumos!$B$37)","v":"SINAPI C 88315"},"SERRALHEIRO C/ENCARGOS COMPLEMENTARES","h",2.9321999999999999,{"$f":"+Insumos!$G$37","v":20.22},{"$f":"TRUNC(D5264*E5264,2)","v":59.28}]
[{"$f":"CONCATENATE(\"SINAPI C \",Insumos!$B$38)","v":"SINAPI C 88316"},"SERVENTE C/ ENCARGOS COMPLEMENTARES","h",2.9321999999999999,{"$f":"+Insumos!$G$38","v":16.920000000000002},{"$f":"TRUNC(D5265*E5265,2)","v":49.61}]
["SUB-TOTAL - MÃO-DE-OBRA:",null,{"$f":"SUM(F5264:F5265)","v":108.89}]
[]
[null,"CUSTO TOTAL:",null,null,null,{"$f":"+C5263+C5266","v":227.76999999999998}]
[]
[null,"BDI:","%",{"$f":"+$F$7","v":"28,21%"},null,{"$f":"TRUNC(F5268*D5270,2)","v":64.25}]
[]
[null,"PREÇO:",null,null,null,{"$f":"+F5268+F5270","v":292.02}]
[]
["CÓDIGO","DISCRIMINAÇÃO","UN","COEFIC.","UNITÁRIO","TOTAL"]
[3720,"INSTALAÇÃO BANCO C/ENCOSTO","un"]
[{"$f":"CONCATENATE(\"COTAÇÃO \",Insumos!$B$135)","v":"COTAÇÃO 114"},"CAÇAMBA 4,00 m³","un",4.6800000000000001E-2,{"$f":"+Insumos!$G$135","v":493.97},{"$f":"TRUNC(D5276*E5276,2)","v":23.11}]
[{"$f":"CONCATENATE(\"COTAÇÃO \",Insumos!$B$47)","v":"COTAÇÃO 2"},"BETONEIRA 400 l","d",5.04E-2,{"$f":"+Insumos!$G$47","v":64.150000000000006},3.23]
[{"$f":"CONCATENATE(\"COTAÇÃO \",Insumos!$B$52)","v":"COTAÇÃO 3"},"MOTOR ELÉTRICO P/VIBRADOR LOCAÇÃO","d",1.44E-2,{"$f":"+Insumos!$G$52","v":32.07},0.46]
["SINAPI I 1379","CIMENTO PORTLAND CP-II 32","kg",44.496000000000002,{"$f":"+Insumos!$G$166","v":0.7},31.14]
["SINAPI I 370","AREIA MÉDIA","m³",0.1152,{"$f":"+Insumos!$G$87","v":69},7.94]
[{"$f":"CONCATENATE(\"COTAÇÃO \",Insumos!$B$126)","v":"COTAÇÃO 116"},"BRITA 1 OU 2 - POSTO OBRA","m³",0.1008,{"$f":"+Insumos!$G$126","v":83.39},8.4]
["SUB-TOTAL - MATERIAL / EQUIPAMENTOS:",null,{"$f":"SUM(F5276:F5281)","v":74.28}]
[{"$f":"CONCATENATE(\"SINAPI C \",Insumos!$B$35)","v":"SINAPI C 88309"},"PEDREIRO C/ENCARGOS COMPLEMENTARES","h",0.82599999999999996,{"$f":"+Insumos!$G$35","v":20.34},{"$f":"TRUNC(D5283*E5283,2)","v":16.8}]
[{"$f":"CONCATENATE(\"SINAPI C \",Insumos!$B$38)","v":"SINAPI C 88316"},"SERVENTE C/ ENCARGOS COMPLEMENTARES","h",2.9767999999999999,{"$f":"+Insumos!$G$38","v":16.920000000000002},{"$f":"TRUNC(D5284*E5284,2)","v":50.36}]
["SUB-TOTAL - MÃO-DE-OBRA:",null,{"$f":"SUM(F5283:F5284)","v":67.16}]
[]
[null,"CUSTO TOTAL:",null,null,null,{"$f":"+C5282+C5285","v":141.44}]
[]
[null,"BDI:","%",{"$f":"+$F$7","v":"28,21%"},null,{"$f":"TRUNC(F5287*D5289,2)","v":39.9}]
[]
[null,"PREÇO:",null,null,null,{"$f":"+F5287+F5289","v":181.34}]
[]
["CÓDIGO","DISCRIMINAÇÃO","UN","COEFIC.","UNITÁRIO","TOTAL"]
[3723,"INSTALAÇÃO BANCO S/ENCOSTO","un"]
[{"$f":"CONCATENATE(\"COTAÇÃO \",Insumos!$B$135)","v":"COTAÇÃO 114"},"CAÇAMBA 4,00 m³","un",2.3400000000000001E-2,{"$f":"+Insumos!$G$135","v":493.97},{"$f":"TRUNC(D5295*E5295,2)","v":11.55}]
[{"$f":"CONCATENATE(\"COTAÇÃO \",Insumos!$B$47)","v":"COTAÇÃO 2"},"BETONEIRA 400 l","d",2.52E-2,{"$f":"+Insumos!$G$47","v":64.150000000000006},1.61]
[{"$f":"CONCATENATE(\"COTAÇÃO \",Insumos!$B$52)","v":"COTAÇÃO 3"},"MOTOR ELÉTRICO P/VIBRADOR LOCAÇÃO","d",7.1999999999999998E-3,{"$f":"+Insumos!$G$52","v":32.07},0.23]
["SINAPI I 1379","CIMENTO PORTLAND CP-II 32","kg",22.248000000000001,{"$f":"+Insumos!$G$166","v":0.7},15.57]
["SINAPI I 370","AREIA MÉDIA","m³",5.7599999999999998E-2,{"$f":"+Insumos!$G$87","v":69},3.97]
[{"$f":"CONCATENATE(\"COTAÇÃO \",Insumos!$B$126)","v":"COTAÇÃO 116"},"BRITA 1 OU 2 - POSTO OBRA","m³",5.04E-2,{"$f":"+Insumos!$G$126","v":83.39},4.2]
["SUB-TOTAL - MATERIAL / EQUIPAMENTOS:",null,{"$f":"SUM(F5295:F5300)","v":37.130000000000003}]
[{"$f":"CONCATENATE(\"SINAPI C \",Insumos!$B$35)","v":"SINAPI C 88309"},"PEDREIRO C/ENCARGOS COMPLEMENTARES","h",0.53800000000000003,{"$f":"+Insumos!$G$35","v":20.34},{"$f":"TRUNC(D5302*E5302,2)","v":10.94}]
[{"$f":"CONCATENATE(\"SINAPI C \",Insumos!$B$38)","v":"SINAPI C 88316"},"SERVENTE C/ ENCARGOS COMPLEMENTARES","h",1.7383999999999999,{"$f":"+Insumos!$G$38","v":16.920000000000002},{"$f":"TRUNC(D5303*E5303,2)","v":29.41}]
["SUB-TOTAL - MÃO-DE-OBRA:",null,{"$f":"SUM(F5302:F5303)","v":40.35}]
[]
[null,"CUSTO TOTAL:",null,null,null,{"$f":"+C5301+C5304","v":77.48}]
[]
[null,"BDI:","%",{"$f":"+$F$7","v":"28,21%"},null,{"$f":"TRUNC(F5306*D5308,2)","v":21.85}]
[]
[null,"PREÇO:",null,null,null,{"$f":"+F5306+F5308","v":99.330000000000013}]
[]
["CÓDIGO","DISCRIMINAÇÃO","UN","COEFIC.","UNITÁRIO","TOTAL"]
[3730,"INSTALAÇÃO PARACICLO","un"]
[{"$f":"CONCATENATE(\"COTAÇÃO \",Insumos!$B$135)","v":"COTAÇÃO 114"},"CAÇAMBA 4,00 m³","un",1.17E-2,{"$f":"+Insumos!$G$135","v":493.97},{"$f":"TRUNC(D5314*E5314,2)","v":5.77}]
[{"$f":"CONCATENATE(\"COTAÇÃO \",Insumos!$B$47)","v":"COTAÇÃO 2"},"BETONEIRA 400 l","d",1.26E-2,{"$f":"+Insumos!$G$47","v":64.150000000000006},0.8]
[{"$f":"CONCATENATE(\"COTAÇÃO \",Insumos!$B$52)","v":"COTAÇÃO 3"},"MOTOR ELÉTRICO P/VIBRADOR LOCAÇÃO","d",3.5999999999999999E-3,{"$f":"+Insumos!$G$52","v":32.07},0.11]
["SINAPI I 1379","CIMENTO PORTLAND CP-II 32","kg",11.124000000000001,{"$f":"+Insumos!$G$166","v":0.7},7.78]
["SINAPI I 370","AREIA MÉDIA","m³",2.8799999999999999E-2,{"$f":"+Insumos!$G$87","v":69},1.98]
[{"$f":"CONCATENATE(\"COTAÇÃO \",Insumos!$B$126)","v":"COTAÇÃO 116"},"BRITA 1 OU 2 - POSTO OBRA","m³",2.52E-2,{"$f":"+Insumos!$G$126","v":83.39},2.1]
["SUB-TOTAL - MATERIAL / EQUIPAMENTOS:",null,{"$f":"SUM(F5314:F5319)","v":18.540000000000003}]
[{"$f":"CONCATENATE(\"SINAPI C \",Insumos!$B$35)","v":"SINAPI C 88309"},"PEDREIRO C/ENCARGOS COMPLEMENTARES","h",0.39400000000000002,{"$f":"+Insumos!$G$35","v":20.34},{"$f":"TRUNC(D5321*E5321,2)","v":8.01}]
[{"$f":"CONCATENATE(\"SINAPI C \",Insumos!$B$38)","v":"SINAPI C 88316"},"SERVENTE C/ ENCARGOS COMPLEMENTARES","h",0.86919999999999997,{"$f":"+Insumos!$G$38","v":16.920000000000002},{"$f":"TRUNC(D5322*E5322,2)","v":14.7}]
["SUB-TOTAL - MÃO-DE-OBRA:",null,{"$f":"SUM(F5321:F5322)","v":22.71}]
[]
[null,"CUSTO TOTAL:",null,null,null,{"$f":"+C5320+C5323","v":41.25}]
[]
[null,"BDI:","%",{"$f":"+$F$7","v":"28,21%"},null,{"$f":"TRUNC(F5325*D5327,2)","v":11.63}]
[]
[null,"PREÇO:",null,null,null,{"$f":"+F5325+F5327","v":52.88}]
[]
["CÓDIGO","DISCRIMINAÇÃO","UN","COEFIC.","UNITÁRIO","TOTAL"]
[3785,"INSTALAÇÃO MESA DE DAMAS","un"]
[{"$f":"CONCATENATE(\"COTAÇÃO \",Insumos!$B$135)","v":"COTAÇÃO 114"},"CAÇAMBA 4,00 m³","un",6.5000000000000002E-2,{"$f":"+Insumos!$G$135","v":493.97},{"$f":"TRUNC(D5333*E5333,2)","v":32.1}]
[{"$f":"CONCATENATE(\"COTAÇÃO \",Insumos!$B$47)","v":"COTAÇÃO 2"},"BETONEIRA 400 l","d",7.0000000000000007E-2,{"$f":"+Insumos!$G$47","v":64.150000000000006},4.49]
[{"$f":"CONCATENATE(\"COTAÇÃO \",Insumos!$B$52)","v":"COTAÇÃO 3"},"MOTOR ELÉTRICO P/VIBRADOR LOCAÇÃO","d",0.02,{"$f":"+Insumos!$G$52","v":32.07},0.64]
["SINAPI I 1379","CIMENTO PORTLAND CP-II 32","kg",61.8,{"$f":"+Insumos!$G$166","v":0.7},43.26]
["SINAPI I 370","AREIA MÉDIA","m³",0.16,{"$f":"+Insumos!$G$87","v":69},11.04]
[{"$f":"CONCATENATE(\"COTAÇÃO \",Insumos!$B$126)","v":"COTAÇÃO 116"},"BRITA 1 OU 2 - POSTO OBRA","m³",0.14000000000000001,{"$f":"+Insumos!$G$126","v":83.39},11.67]
["SUB-TOTAL - MATERIAL / EQUIPAMENTOS:",null,{"$f":"SUM(F5333:F5338)","v":103.2}]
[{"$f":"CONCATENATE(\"SINAPI C \",Insumos!$B$35)","v":"SINAPI C 88309"},"PEDREIRO C/ENCARGOS COMPLEMENTARES","h",1.05,{"$f":"+Insumos!$G$35","v":20.34},{"$f":"TRUNC(D5340*E5340,2)","v":21.35}]
[{"$f":"CONCATENATE(\"SINAPI C \",Insumos!$B$38)","v":"SINAPI C 88316"},"SERVENTE C/ ENCARGOS COMPLEMENTARES","h",3.94,{"$f":"+Insumos!$G$38","v":16.920000000000002},{"$f":"TRUNC(D5341*E5341,2)","v":66.66}]
["SUB-TOTAL - MÃO-DE-OBRA:",null,{"$f":"SUM(F5340:F5341)","v":88.009999999999991}]
[]
[null,"CUSTO TOTAL:",null,null,null,{"$f":"+C5339+C5342","v":191.20999999999998}]
[]
[null,"BDI:","%",{"$f":"+$F$7","v":"28,21%"},null,{"$f":"TRUNC(F5344*D5346,2)","v":53.94}]
[]
[null,"PREÇO:",null,null,null,{"$f":"+F5344+F5346","v":245.14999999999998}]
[]
["CÓDIGO","DISCRIMINAÇÃO","UN","COEFIC.","UNITÁRIO","TOTAL"]
[3845,"INSTALAÇÃO ESTRUTURA 9","un"]
[{"$f":"CONCATENATE(\"SINAPI C \",'Composições Aux. SINAPI'!$A$89)","v":"SINAPI C 90586"},"VIBRADOR DE IMERSÃO, DIÂMETRO DE PONTEIRA 45 mm (chp)","chp",5.6500000000000002E-2,{"$f":"+'Composições Aux. SINAPI'!$E$89:$F$89","v":1.1399999999999999},{"$f":"TRUNC(D5352*E5352,2)","v":0.06}]
[{"$f":"CONCATENATE(\"SINAPI C \",'Composições Aux. SINAPI'!$A$90)","v":"SINAPI C 90587"},"VIBRADOR DE IMERSÃO, DIÂMETRO DE PONTEIRA 45 mm (chi)","chi",0.16400000000000001,{"$f":"+'Composições Aux. SINAPI'!$E$90:$F$90","v":0.35},{"$f":"TRUNC(D5353*E5353,2)","v":0.05}]
[{"$f":"CONCATENATE(\"SINAPI C \",'Composições Aux. SINAPI'!$A$33)","v":"SINAPI C 94963"},"CONCRETO fck=15 MPa PREPARO COM BETONEIRA","m³",0.20699999999999999,{"$f":"+'Composições Aux. SINAPI'!$E$33:$F$33","v":352.14},{"$f":"TRUNC(D5354*E5354,2)","v":72.89}]
[{"$f":"CONCATENATE(\"COTAÇÃO \",Insumos!$B$135)","v":"COTAÇÃO 114"},"CAÇAMBA 4,00 m³","un",4.4999999999999998E-2,{"$f":"+Insumos!$G$135","v":493.97},22.22]
["SUB-TOTAL - MATERIAL / EQUIPAMENTOS:",null,{"$f":"SUM(F5352:F5355)","v":95.22}]
[{"$f":"CONCATENATE(\"SINAPI C \",Insumos!$B$35)","v":"SINAPI C 88309"},"PEDREIRO C/ENCARGOS COMPLEMENTARES","h",1.1045,{"$f":"+Insumos!$G$35","v":20.34},{"$f":"TRUNC(D5357*E5357,2)","v":22.46}]
[{"$f":"CONCATENATE(\"SINAPI C \",Insumos!$B$38)","v":"SINAPI C 88316"},"SERVENTE C/ ENCARGOS COMPLEMENTARES","h",2.0634999999999999,{"$f":"+Insumos!$G$38","v":16.920000000000002},{"$f":"TRUNC(D5358*E5358,2)","v":34.909999999999997}]
["SUB-TOTAL - MÃO-DE-OBRA:",null,{"$f":"SUM(F5357:F5358)","v":57.37}]
[]
[null,"CUSTO TOTAL:",null,null,null,{"$f":"+C5356+C5359","v":152.59}]
[]
[null,"BDI:","%",{"$f":"+$F$7","v":"28,21%"},null,{"$f":"TRUNC(F5361*D5363,2)","v":43.04}]
[]
[null,"PREÇO:",null,null,null,{"$f":"+F5361+F5363","v":195.63}]
[]
["CÓDIGO","DISCRIMINAÇÃO","UN","COEFIC.","UNITÁRIO","TOTAL"]
[3850,"INSTALAÇÃO GANGORRA","un"]
[{"$f":"CONCATENATE(\"SINAPI C \",'Composições Aux. SINAPI'!$A$89)","v":"SINAPI C 90586"},"VIBRADOR DE IMERSÃO, DIÂMETRO DE PONTEIRA 45 mm (chp)","chp",2.2599999999999999E-2,{"$f":"+'Composições Aux. SINAPI'!$E$89:$F$89","v":1.1399999999999999},{"$f":"TRUNC(D5369*E5369,2)","v":0.02}]
[{"$f":"CONCATENATE(\"SINAPI C \",'Composições Aux. SINAPI'!$A$90)","v":"SINAPI C 90587"},"VIBRADOR DE IMERSÃO, DIÂMETRO DE PONTEIRA 45 mm (chi)","chi",6.5600000000000006E-2,{"$f":"+'Composições Aux. SINAPI'!$E$90:$F$90","v":0.35},{"$f":"TRUNC(D5370*E5370,2)","v":0.02}]
[{"$f":"CONCATENATE(\"SINAPI C \",'Composições Aux. SINAPI'!$A$33)","v":"SINAPI C 94963"},"CONCRETO fck=15 MPa PREPARO COM BETONEIRA","m³",8.2799999999999999E-2,{"$f":"+'Composições Aux. SINAPI'!$E$33:$F$33","v":352.14},{"$f":"TRUNC(D5371*E5371,2)","v":29.15}]
[{"$f":"CONCATENATE(\"COTAÇÃO \",Insumos!$B$135)","v":"COTAÇÃO 114"},"CAÇAMBA 4,00 m³","un",1.7999999999999999E-2,{"$f":"+Insumos!$G$135","v":493.97},8.89]
["SUB-TOTAL - MATERIAL / EQUIPAMENTOS:",null,{"$f":"SUM(F5369:F5372)","v":38.08}]
[{"$f":"CONCATENATE(\"SINAPI C \",Insumos!$B$35)","v":"SINAPI C 88309"},"PEDREIRO C/ENCARGOS COMPLEMENTARES","h",0.59179999999999999,{"$f":"+Insumos!$G$35","v":20.34},{"$f":"TRUNC(D5374*E5374,2)","v":12.03}]
[{"$f":"CONCATENATE(\"SINAPI C \",Insumos!$B$38)","v":"SINAPI C 88316"},"SERVENTE C/ ENCARGOS COMPLEMENTARES","h",1.0254000000000001,{"$f":"+Insumos!$G$38","v":16.920000000000002},{"$f":"TRUNC(D5375*E5375,2)","v":17.34}]
["SUB-TOTAL - MÃO-DE-OBRA:",null,{"$f":"SUM(F5374:F5375)","v":29.369999999999997}]
[]
[null,"CUSTO TOTAL:",null,null,null,{"$f":"+C5373+C5376","v":67.449999999999989}]
[]
[null,"BDI:","%",{"$f":"+$F$7","v":"28,21%"},null,{"$f":"TRUNC(F5378*D5380,2)","v":19.02}]
[]
[null,"PREÇO:",null,null,null,{"$f":"+F5378+F5380","v":86.469999999999985}]
[]
["CÓDIGO","DISCRIMINAÇÃO","UN","COEFIC.","UNITÁRIO","TOTAL"]
[3860,"INSTALAÇÃO BARRA-BALANÇO","un"]
[{"$f":"CONCATENATE(\"SINAPI C \",'Composições Aux. SINAPI'!$A$89)","v":"SINAPI C 90586"},"VIBRADOR DE IMERSÃO, DIÂMETRO DE PONTEIRA 45 mm (chp)","chp",0.1608,{"$f":"+'Composições Aux. SINAPI'!$E$89:$F$89","v":1.1399999999999999},{"$f":"TRUNC(D5386*E5386,2)","v":0.18}]
[{"$f":"CONCATENATE(\"SINAPI C \",'Composições Aux. SINAPI'!$A$90)","v":"SINAPI C 90587"},"VIBRADOR DE IMERSÃO, DIÂMETRO DE PONTEIRA 45 mm (chi)","chi",0.46639999999999998,{"$f":"+'Composições Aux. SINAPI'!$E$90:$F$90","v":0.35},{"$f":"TRUNC(D5387*E5387,2)","v":0.16}]
[{"$f":"CONCATENATE(\"SINAPI C \",'Composições Aux. SINAPI'!$A$33)","v":"SINAPI C 94963"},"CONCRETO fck=15 MPa PREPARO COM BETONEIRA","m³",0.58879999999999999,{"$f":"+'Composições Aux. SINAPI'!$E$33:$F$33","v":352.14},{"$f":"TRUNC(D5388*E5388,2)","v":207.34}]
[{"$f":"CONCATENATE(\"COTAÇÃO \",Insumos!$B$135)","v":"COTAÇÃO 114"},"CAÇAMBA 4,00 m³","un",0.128,{"$f":"+Insumos!$G$135","v":493.97},63.22]
["SUB-TOTAL - MATERIAL / EQUIPAMENTOS:",null,{"$f":"SUM(F5386:F5389)","v":270.89999999999998}]
[{"$f":"CONCATENATE(\"SINAPI C \",Insumos!$B$35)","v":"SINAPI C 88309"},"PEDREIRO C/ENCARGOS COMPLEMENTARES","h",3.1804000000000001,{"$f":"+Insumos!$G$35","v":20.34},{"$f":"TRUNC(D5391*E5391,2)","v":64.680000000000007}]
[{"$f":"CONCATENATE(\"SINAPI C \",Insumos!$B$38)","v":"SINAPI C 88316"},"SERVENTE C/ ENCARGOS COMPLEMENTARES","h",4.7361000000000004,{"$f":"+Insumos!$G$38","v":16.920000000000002},{"$f":"TRUNC(D5392*E5392,2)","v":80.13}]
["SUB-TOTAL - MÃO-DE-OBRA:",null,{"$f":"SUM(F5391:F5392)","v":144.81}]
[]
[null,"CUSTO TOTAL:",null,null,null,{"$f":"+C5390+C5393","v":415.71}]
[]
[null,"BDI:","%",{"$f":"+$F$7","v":"28,21%"},null,{"$f":"TRUNC(F5395*D5397,2)","v":117.27}]
[]
[null,"PREÇO:",null,null,null,{"$f":"+F5395+F5397","v":532.98}]
[]
["CÓDIGO","DISCRIMINAÇÃO","UN","COEFIC.","UNITÁRIO","TOTAL"]
[3870,"INSTALAÇÃO BALANÇO","un"]
[{"$f":"CONCATENATE(\"SINAPI C \",'Composições Aux. SINAPI'!$A$89)","v":"SINAPI C 90586"},"VIBRADOR DE IMERSÃO, DIÂMETRO DE PONTEIRA 45 mm (chp)","chp",0.1206,{"$f":"+'Composições Aux. SINAPI'!$E$89:$F$89","v":1.1399999999999999},{"$f":"TRUNC(D5403*E5403,2)","v":0.13}]
[{"$f":"CONCATENATE(\"SINAPI C \",'Composições Aux. SINAPI'!$A$90)","v":"SINAPI C 90587"},"VIBRADOR DE IMERSÃO, DIÂMETRO DE PONTEIRA 45 mm (chi)","chi",0.3498,{"$f":"+'Composições Aux. SINAPI'!$E$90:$F$90","v":0.35},{"$f":"TRUNC(D5404*E5404,2)","v":0.12}]
[{"$f":"CONCATENATE(\"SINAPI C \",'Composições Aux. SINAPI'!$A$33)","v":"SINAPI C 94963"},"CONCRETO fck=15 MPa PREPARO COM BETONEIRA","m³",0.44159999999999999,{"$f":"+'Composições Aux. SINAPI'!$E$33:$F$33","v":352.14},{"$f":"TRUNC(D5405*E5405,2)","v":155.5}]
[{"$f":"CONCATENATE(\"COTAÇÃO \",Insumos!$B$135)","v":"COTAÇÃO 114"},"CAÇAMBA 4,00 m³","un",9.6000000000000002E-2,{"$f":"+Insumos!$G$135","v":493.97},47.42]
["SUB-TOTAL - MATERIAL / EQUIPAMENTOS:",null,{"$f":"SUM(F5403:F5406)","v":203.17000000000002}]
[{"$f":"CONCATENATE(\"SINAPI C \",Insumos!$B$35)","v":"SINAPI C 88309"},"PEDREIRO C/ENCARGOS COMPLEMENTARES","h",2.5728,{"$f":"+Insumos!$G$35","v":20.34},{"$f":"TRUNC(D5408*E5408,2)","v":52.33}]
[{"$f":"CONCATENATE(\"SINAPI C \",Insumos!$B$38)","v":"SINAPI C 88316"},"SERVENTE C/ ENCARGOS COMPLEMENTARES","h",3.802,{"$f":"+Insumos!$G$38","v":16.920000000000002},{"$f":"TRUNC(D5409*E5409,2)","v":64.319999999999993}]
["SUB-TOTAL - MÃO-DE-OBRA:",null,{"$f":"SUM(F5408:F5409)","v":116.64999999999999}]
[]
[null,"CUSTO TOTAL:",null,null,null,{"$f":"+C5407+C5410","v":319.82}]
[]
[null,"BDI:","%",{"$f":"+$F$7","v":"28,21%"},null,{"$f":"TRUNC(F5412*D5414,2)","v":90.22}]
[]
[null,"PREÇO:",null,null,null,{"$f":"+F5412+F5414","v":410.03999999999996}]
[]
["CÓDIGO","DISCRIMINAÇÃO","UN","COEFIC.","UNITÁRIO","TOTAL"]
[3880,"INSTALAÇÃO ESCORREGADOR","un"]
[{"$f":"CONCATENATE(\"SINAPI C \",'Composições Aux. SINAPI'!$A$89)","v":"SINAPI C 90586"},"VIBRADOR DE IMERSÃO, DIÂMETRO DE PONTEIRA 45 mm (chp)","chp",0.1105,{"$f":"+'Composições Aux. SINAPI'!$E$89:$F$89","v":1.1399999999999999},{"$f":"TRUNC(D5420*E5420,2)","v":0.12}]
[{"$f":"CONCATENATE(\"SINAPI C \",'Composições Aux. SINAPI'!$A$90)","v":"SINAPI C 90587"},"VIBRADOR DE IMERSÃO, DIÂMETRO DE PONTEIRA 45 mm (chi)","chi",0.32069999999999999,{"$f":"+'Composições Aux. SINAPI'!$E$90:$F$90","v":0.35},{"$f":"TRUNC(D5421*E5421,2)","v":0.11}]
[{"$f":"CONCATENATE(\"SINAPI C \",'Composições Aux. SINAPI'!$A$33)","v":"SINAPI C 94963"},"CONCRETO fck=15 MPa PREPARO COM BETONEIRA","m³",0.40479999999999999,{"$f":"+'Composições Aux. SINAPI'!$E$33:$F$33","v":352.14},{"$f":"TRUNC(D5422*E5422,2)","v":142.54}]
[{"$f":"CONCATENATE(\"COTAÇÃO \",Insumos!$B$135)","v":"COTAÇÃO 114"},"CAÇAMBA 4,00 m³","un",8.7999999999999995E-2,{"$f":"+Insumos!$G$135","v":493.97},43.46]
["SUB-TOTAL - MATERIAL / EQUIPAMENTOS:",null,{"$f":"SUM(F5420:F5423)","v":186.23}]
[{"$f":"CONCATENATE(\"SINAPI C \",Insumos!$B$35)","v":"SINAPI C 88309"},"PEDREIRO C/ENCARGOS COMPLEMENTARES","h",2.4209999999999998,{"$f":"+Insumos!$G$35","v":20.34},{"$f":"TRUNC(D5425*E5425,2)","v":49.24}]
[{"$f":"CONCATENATE(\"SINAPI C \",Insumos!$B$38)","v":"SINAPI C 88316"},"SERVENTE C/ ENCARGOS COMPLEMENTARES","h",3.5684999999999998,{"$f":"+Insumos!$G$38","v":16.920000000000002},{"$f":"TRUNC(D5426*E5426,2)","v":60.37}]
["SUB-TOTAL - MÃO-DE-OBRA:",null,{"$f":"SUM(F5425:F5426)","v":109.61}]
[]
[null,"CUSTO TOTAL:",null,null,null,{"$f":"+C5424+C5427","v":295.83999999999997}]
[]
[null,"BDI:","%",{"$f":"+$F$7","v":"28,21%"},null,{"$f":"TRUNC(F5429*D5431,2)","v":83.45}]
[]
[null,"PREÇO:",null,null,null,{"$f":"+F5429+F5431","v":379.28999999999996}]
[]
["CÓDIGO","DISCRIMINAÇÃO","UN","COEFIC.","UNITÁRIO","TOTAL"]
[4105,"GRAMA CATARINA","m²"]
[{"$f":"CONCATENATE(\"SINAPI I \",Insumos!$B$219)","v":"SINAPI I 3322"},"GRAMA CATARINA","m²",1,{"$f":"+Insumos!$G$219","v":24.95},{"$f":"TRUNC(D5437*E5437,2)","v":24.95}]
[{"$f":"CONCATENATE(\"SINAPI I \",Insumos!$B$204)","v":"SINAPI I 38125"},"FERTILIZANTE ORGÂNICO COMPOSTO, CLASSE A","kg",8,1.23,{"$f":"TRUNC(D5438*E5438,2)","v":9.84}]
["SUB-TOTAL - MATERIAL / EQUIPAMENTOS:",null,{"$f":"SUM(F5437:F5438)","v":34.79}]
["SINAPI C 88441","JARDINEIRO C/ENCARGOS COMPLEMENTARES","h",3.9100000000000003E-2,{"$f":"+Insumos!$G$27","v":16.97},{"$f":"TRUNC(D5440*E5440,2)","v":0.66}]
[{"$f":"CONCATENATE(\"SINAPI C \",Insumos!$B$38)","v":"SINAPI C 88316"},"SERVENTE C/ ENCARGOS COMPLEMENTARES","h",0.15640000000000001,{"$f":"+Insumos!$G$38","v":16.920000000000002},{"$f":"TRUNC(D5441*E5441,2)","v":2.64}]
["SUB-TOTAL - MÃO-DE-OBRA:",null,{"$f":"SUM(F5440:F5441)","v":3.3000000000000003}]
[]
[null,"CUSTO TOTAL:",null,null,null,{"$f":"+C5439+C5442","v":38.089999999999996}]
[]
[null,"BDI:","%",{"$f":"+$F$7","v":"28,21%"},null,{"$f":"TRUNC(F5444*D5446,2)","v":10.74}]
[]
[null,"PREÇO:",null,null,null,{"$f":"+F5444+F5446","v":48.83}]
[]
["CÓDIGO","DISCRIMINAÇÃO","UN","COEFIC.","UNITÁRIO","TOTAL"]
[4110,"GRAMA DE CAMPO","m²"]
[{"$f":"CONCATENATE(\"COTAÇÃO \",Insumos!$B$220)","v":"COTAÇÃO 105"},"GRAMA DE CAMPO","m²",1,{"$f":"+Insumos!$G$220","v":7.69},{"$f":"TRUNC(D5452*E5452,2)","v":7.69}]
[{"$f":"CONCATENATE(\"SINAPI I \",Insumos!$B$204)","v":"SINAPI I 38125"},"FERTILIZANTE ORGÂNICO COMPOSTO, CLASSE A","kg",8,1.23,{"$f":"TRUNC(D5453*E5453,2)","v":9.84}]
["SUB-TOTAL - MATERIAL / EQUIPAMENTOS:",null,{"$f":"SUM(F5452:F5453)","v":17.53}]
["SINAPI C 88441","JARDINEIRO C/ENCARGOS COMPLEMENTARES","h",3.9100000000000003E-2,{"$f":"+Insumos!$G$27","v":16.97},{"$f":"TRUNC(D5455*E5455,2)","v":0.66}]
[{"$f":"CONCATENATE(\"SINAPI C \",Insumos!$B$38)","v":"SINAPI C 88316"},"SERVENTE C/ ENCARGOS COMPLEMENTARES","h",0.15640000000000001,{"$f":"+Insumos!$G$38","v":16.920000000000002},{"$f":"TRUNC(D5456*E5456,2)","v":2.64}]
["SUB-TOTAL - MÃO-DE-OBRA:",null,{"$f":"SUM(F5455:F5456)","v":3.3000000000000003}]
[]
[null,"CUSTO TOTAL:",null,null,null,{"$f":"+C5454+C5457","v":20.830000000000002}]
[]
[null,"BDI:","%",{"$f":"+$F$7","v":"28,21%"},null,{"$f":"TRUNC(F5459*D5461,2)","v":5.87}]
[]
[null,"PREÇO:",null,null,null,{"$f":"+F5459+F5461","v":26.700000000000003}]
[]
["CÓDIGO","DISCRIMINAÇÃO","UN","COEFIC.","UNITÁRIO","TOTAL"]
[4120,"MUDA DE ÁRVORE - PLANTIO SEM A MUDA","un"]
[{"$f":"CONCATENATE(\"SINAPI I \",Insumos!$B$145)","v":"SINAPI I 4513"},"CAIBRO PINUS 5x5 cm (TUTOR PARA MUDAS)","m",2.7,{"$f":"+Insumos!$G$145","v":4.4000000000000004},{"$f":"TRUNC(D5467*E5467,2)","v":11.88}]
[{"$f":"CONCATENATE(\"SINAPI I \",Insumos!$B$317)","v":"SINAPI I 20250"},"SISAL EM FIBRA","kg",0.05,{"$f":"+Insumos!$G$317","v":14},{"$f":"TRUNC(D5468*E5468,2)","v":0.7}]
[{"$f":"CONCATENATE(\"SINAPI I \",Insumos!$B$204)","v":"SINAPI I 38125"},"FERTILIZANTE ORGÂNICO COMPOSTO, CLASSE A","kg",50,1.23,{"$f":"TRUNC(D5469*E5469,2)","v":61.5}]
[{"$f":"CONCATENATE(\"COTAÇÃO \",Insumos!$B$135)","v":"COTAÇÃO 114"},"CAÇAMBA 4,00 m³","un",9.7000000000000003E-3,{"$f":"+Insumos!$G$135","v":493.97},{"$f":"TRUNC(D5470*E5470,2)","v":4.79}]
[{"$f":"CONCATENATE(\"SINAPI I \",Insumos!$B$382)","v":"SINAPI I 9836"},"TUBO PVC P/ ESGOTO PREDIAL 100 mm","m",0.3,{"$f":"+Insumos!$G$382","v":19.36},{"$f":"TRUNC(D5471*E5471,2)","v":5.8}]
["SUB-TOTAL - MATERIAL / EQUIPAMENTOS:",null,{"$f":"SUM(F5467:F5471)","v":84.67}]
["SINAPI C 88441","JARDINEIRO C/ENCARGOS COMPLEMENTARES","h",0.18179999999999999,{"$f":"+Insumos!$G$27","v":16.97},{"$f":"TRUNC(D5473*E5473,2)","v":3.08}]
[{"$f":"CONCATENATE(\"SINAPI C \",Insumos!$B$38)","v":"SINAPI C 88316"},"SERVENTE C/ ENCARGOS COMPLEMENTARES","h",2.0335000000000001,{"$f":"+Insumos!$G$38","v":16.920000000000002},{"$f":"TRUNC(D5474*E5474,2)","v":34.4}]
["SUB-TOTAL - MÃO-DE-OBRA:",null,{"$f":"SUM(F5473:F5474)","v":37.479999999999997}]
[]
[null,"CUSTO TOTAL:",null,null,null,{"$f":"+C5472+C5475","v":122.15}]
[]
[null,"BDI:","%",{"$f":"+$F$7","v":"28,21%"},null,{"$f":"TRUNC(F5477*D5479,2)","v":34.450000000000003}]
[]
[null,"PREÇO:",null,null,null,{"$f":"+F5477+F5479","v":156.60000000000002}]

{"sheet":"Composições Aux. SINAPI","index":2,"n_rows":90,"n_cols":6,"rows_kept":90,"cut":false,"hidden":true,"merged":[[65,4,65,5],[66,4,66,5],[80,4,80,5],[79,4,79,5],[21,4,21,5],[30,4,30,5],[28,4,28,5],[29,4,29,5],[26,4,26,5],[25,4,25,5],[71,4,71,5],[72,4,72,5],[43,4,43,5],[44,4,44,5],[59,4,59,5],[64,4,64,5],[15,4,15,5],[16,4,16,5],[23,4,23,5],[24,4,24,5],[18,4,18,5],[20,4,20,5],[22,4,22,5],[19,4,19,5],[77,4,77,5],[60,4,60,5],[0,0,0,5],[1,0,1,5],[2,0,2,5],[3,0,3,5],[4,0,4,2],[5,0,6,1],[5,4,6,4],[5,5,6,5],[7,0,7,5],[8,0,14,1],[8,2,14,2],[8,3,14,3],[8,4,14,5],[17,4,17,5],[52,4,52,5],[53,4,53,5],[89,4,89,5],[54,4,54,5],[67,4,67,5],[68,4,68,5],[69,4,69,5],[70,4,70,5],[58,4,58,5],[81,4,81,5],[87,4,87,5],[86,4,86,5],[75,4,75,5],[76,4,76,5],[82,4,82,5],[57,4,57,5],[31,4,31,5],[88,4,88,5],[73,4,73,5],[74,4,74,5],[84,4,84,5],[85,4,85,5],[78,4,78,5],[83,4,83,5],[62,4,62,5],[63,4,63,5],[56,4,56,5],[48,4,48,5],[49,4,49,5],[61,4,61,5],[55,4,55,5],[50,4,50,5],[40,4,40,5],[27,4,27,5],[51,4,51,5],[34,4,34,5],[32,4,32,5],[39,4,39,5],[41,4,41,5],[42,4,42,5],[33,4,33,5],[36,4,36,5],[37,4,37,5],[47,4,47,5],[35,4,35,5],[46,4,46,5],[45,4,45,5],[38,4,38,5]]}
["COMPOSIÇÕES AUXILIARES"]
[]
[{"$f":"IF('Atualizações Cotações'!$B$4=\"NÃO\",CONCATENATE(\"Data Base SINAPI: \",M.O.!$E$17,),CONCATENATE(\"Data Base SINAPI: \",M.O.!$E$17,))","v":"Data Base SINAPI: Janeiro/22"}]
[]
[]
[{"$f":"+M.O.!$D$5","v":"c/desoneração"},null,"Leis Sociais Horistas:",{"$f":"+M.O.!$D$7","v":0.82309999999999994},"BDI=",{"$f":"+M.O.!$F$7","v":"28,21%"}]
[null,null,"Leis Sociais Mensalistas:",{"$f":"+M.O.!$D$8","v":0.45979999999999999}]
[]
[{"$f":"+E16","v":"Janeiro/22"},null,"Vem da aba Comp.SINAPI c_des.","Vem da aba Comp.SINAPI s_des.","Valor utilizado na composição"]
[]
[]
[]
[]
[]
[]
["Código SINAPI","Composição","Custo (c/desoneração)","Custo (s/desoneração)",{"$f":"+M.O.!$E$17","v":"Janeiro/22"}]
[87335,"ARGAMASSA TRAÇO 1:2:8 (CIMENTO, CAL E AREIA MÉDIA) PARA EMBOÇO/MASSA ÚNICA/ASSENTAMENTO DE ALVENARIA DE VEDAÇÃO, PREPARO MECÂNICO",{"$f":"VLOOKUP(A17,'Comp.SINAPI c_des.'!$G$8:$K$50000,5,FALSE)","v":426.23},{"$f":"VLOOKUP(A17,'Comp.SINAPI s_des.'!$G$8:$K$50000,5,FALSE)","v":438.77},{"$f":"IF(M.O.!$D$5=\"c/desoneração\",C17,(IF(M.O.!$D$5=\"s/desoneração\",D17)))","v":426.23}]
[87292,"ARGAMASSA TRAÇO 1:2:8 (EM VOLUME DE CIMENTO, CAL E AREIA MÉDIA ÚMIDA) PARA EMBOÇO/MASSA ÚNICA/ASSENTAMENTO DE ALVENARIA DE VEDAÇÃO, PREPARO MECÂNICO COM BETONEIRA 400 L",{"$f":"VLOOKUP(A18,'Comp.SINAPI c_des.'!$G$8:$K$50000,5,FALSE)","v":429.34},{"$f":"VLOOKUP(A18,'Comp.SINAPI s_des.'!$G$8:$K$50000,5,FALSE)","v":440.72},{"$f":"IF(M.O.!$D$5=\"c/desoneração\",C18,(IF(M.O.!$D$5=\"s/desoneração\",D18)))","v":429.34}]
[88629,"ARGAMASSA TRAÇO 1:3 (EM VOLUME DE CIMENTO E AREIA MÉDIA ÚMIDA), PREPARO MANUAL",{"$f":"VLOOKUP(A19,'Comp.SINAPI c_des.'!$G$8:$K$50000,5,FALSE)","v":556.9},{"$f":"VLOOKUP(A19,'Comp.SINAPI s_des.'!$G$8:$K$50000,5,FALSE)","v":573.35},{"$f":"IF(M.O.!$D$5=\"c/desoneração\",C19,(IF(M.O.!$D$5=\"s/desoneração\",D19)))","v":556.9}]
[88628,"ARGAMASSA TRAÇO 1:3 (EM VOLUME DE CIMENTO E AREIA MÉDIA ÚMIDA), PREPARO MECÂNICO COM BETONEIRA 400 L",{"$f":"VLOOKUP(A20,'Comp.SINAPI c_des.'!$G$8:$K$50000,5,FALSE)","v":482.41},{"$f":"VLOOKUP(A20,'Comp.SINAPI s_des.'!$G$8:$K$50000,5,FALSE)","v":491.06},{"$f":"IF(M.O.!$D$5=\"c/desoneração\",C20,(IF(M.O.!$D$5=\"s/desoneração\",D20)))","v":482.41}]
[88630,"ARGAMASSA TRAÇO 1:4 (CIMENTO E AREIA MÉDIA), PREPARO MECÂNICO COM BETONEIRA 400 L",{"$f":"VLOOKUP(A21,'Comp.SINAPI c_des.'!$G$8:$K$50000,5,FALSE)","v":402.13},{"$f":"VLOOKUP(A21,'Comp.SINAPI s_des.'!$G$8:$K$50000,5,FALSE)","v":410.63},{"$f":"IF(M.O.!$D$5=\"c/desoneração\",C21,(IF(M.O.!$D$5=\"s/desoneração\",D21)))","v":402.13}]
[88631,"ARGAMASSA TRAÇO 1:4 (EM VOLUME DE CIMENTO E AREIA MÉDIA ÚMIDA), PREPARO MANUAL",{"$f":"VLOOKUP(A22,'Comp.SINAPI c_des.'!$G$8:$K$50000,5,FALSE)","v":492.28},{"$f":"VLOOKUP(A22,'Comp.SINAPI s_des.'!$G$8:$K$50000,5,FALSE)","v":508.2},{"$f":"IF(M.O.!$D$5=\"c/desoneração\",C22,(IF(M.O.!$D$5=\"s/desoneração\",D22)))","v":492.28}]
[100578,"ASSENTAMENTO DE POSTE DE CONCRETO COM COMPRIMENTO NOMINAL DE 9 M, CARGA NOMINAL MENOR OU IGUAL A 1000 DAN, ENGASTAMENTO SIMPLES COM 1,5 M DE SOLO (NÃO INCLUI FORNECIMENTO)",{"$f":"VLOOKUP(A23,'Comp.SINAPI c_des.'!$G$8:$K$50000,5,FALSE)","v":436.09},{"$f":"VLOOKUP(A23,'Comp.SINAPI s_des.'!$G$8:$K$50000,5,FALSE)","v":448.51},{"$f":"IF(M.O.!$D$5=\"c/desoneração\",C23,(IF(M.O.!$D$5=\"s/desoneração\",D23)))","v":436.09}]
[88830,"BETONEIRA CAPACIDADE NOMINAL DE 400 L, CAPACIDADE DE MISTURA 280 L, MOTOR ELÉTRICO TRIFÁSICO POTÊNCIA DE 2 CV, SEM CARREGADOR - CHP DIURNO",{"$f":"VLOOKUP(A24,'Comp.SINAPI c_des.'!$G$8:$K$50000,5,FALSE)","v":1.99},{"$f":"VLOOKUP(A24,'Comp.SINAPI s_des.'!$G$8:$K$50000,5,FALSE)","v":1.99},{"$f":"IF(M.O.!$D$5=\"c/desoneração\",C24,(IF(M.O.!$D$5=\"s/desoneração\",D24)))","v":1.99}]
[88831,"BETONEIRA CAPACIDADE NOMINAL DE 400 L, CAPACIDADE DE MISTURA 280 L, MOTOR ELÉTRICO TRIFÁSICO POTÊNCIA DE 2 CV, SEM CARREGADOR - CHI DIURNO",{"$f":"VLOOKUP(A25,'Comp.SINAPI c_des.'!$G$8:$K$50000,5,FALSE)","v":0.34},{"$f":"VLOOKUP(A25,'Comp.SINAPI s_des.'!$G$8:$K$50000,5,FALSE)","v":0.34},{"$f":"IF(M.O.!$D$5=\"c/desoneração\",C25,(IF(M.O.!$D$5=\"s/desoneração\",D25)))","v":0.34}]
[91933,"CABO DE COBRE FLEXÍVEL ISOLADO, 10 MM², ANTI-CHAMA 0,6/1,0 KV, PARA CIRCUITOS TERMINAIS - FORNECIMENTO E INSTALAÇÃO",{"$f":"VLOOKUP(A26,'Comp.SINAPI c_des.'!$G$8:$K$50000,5,FALSE)","v":16.23},{"$f":"VLOOKUP(A26,'Comp.SINAPI s_des.'!$G$8:$K$50000,5,FALSE)","v":16.55},{"$f":"IF(M.O.!$D$5=\"c/desoneração\",C26,(IF(M.O.!$D$5=\"s/desoneração\",D26)))","v":16.23}]
[95676,"CAIXA EM CONCRETO PRÉ-MOLDADO PARA ABRIGO DE HIDRÔMETRO COM DN 20 (½\u0094)",{"$f":"VLOOKUP(A27,'Comp.SINAPI c_des.'!$G$8:$K$50000,5,FALSE)","v":102.46},{"$f":"VLOOKUP(A27,'Comp.SINAPI s_des.'!$G$8:$K$50000,5,FALSE)","v":103.37},{"$f":"IF(M.O.!$D$5=\"c/desoneração\",C27,(IF(M.O.!$D$5=\"s/desoneração\",D27)))","v":102.46}]
[97896,"CAIXA ENTERRADA HIDRÁULICA RETANGULAR, EM CONCRETO PRÉ-MOLDADO, DIMENSÕES INTERNAS: 0,4X0,4X0,4 M",{"$f":"VLOOKUP(A28,'Comp.SINAPI c_des.'!$G$8:$K$50000,5,FALSE)","v":276.32},{"$f":"VLOOKUP(A28,'Comp.SINAPI s_des.'!$G$8:$K$50000,5,FALSE)","v":277.12},{"$f":"IF(M.O.!$D$5=\"c/desoneração\",C28,(IF(M.O.!$D$5=\"s/desoneração\",D28)))","v":276.32}]
[91533,"COMPACTADOR DE SOLOS DE PERCUSSÃO (SOQUETE) COM MOTOR A GASOLINA 4 TEMPOS, POTÊNCIA 4 CV - CHP DIURNO",{"$f":"VLOOKUP(A29,'Comp.SINAPI c_des.'!$G$8:$K$50000,5,FALSE)","v":30.98},{"$f":"VLOOKUP(A29,'Comp.SINAPI s_des.'!$G$8:$K$50000,5,FALSE)","v":33.96},{"$f":"IF(M.O.!$D$5=\"c/desoneração\",C29,(IF(M.O.!$D$5=\"s/desoneração\",D29)))","v":30.98}]
[91534,"COMPACTADOR DE SOLOS DE PERCUSSÃO (SOQUETE) COM MOTOR A GASOLINA 4 TEMPOS, POTÊNCIA 4 CV - CHI DIURNO",{"$f":"VLOOKUP(A30,'Comp.SINAPI c_des.'!$G$8:$K$50000,5,FALSE)","v":23.36},{"$f":"VLOOKUP(A30,'Comp.SINAPI s_des.'!$G$8:$K$50000,5,FALSE)","v":26.34},{"$f":"IF(M.O.!$D$5=\"c/desoneração\",C30,(IF(M.O.!$D$5=\"s/desoneração\",D30)))","v":23.36}]
[5953,"COMPRESSOR DE AR REBOCÁVEL, VAZÃO 189 PCM, PRESSÃO EFETIVA DE TRABALHO 102 PSI, MOTOR DIESEL, POTÊNCIA 63 CV - CHP DIURNO",{"$f":"VLOOKUP(A31,'Comp.SINAPI c_des.'!$G$8:$K$50000,5,FALSE)","v":51.7},{"$f":"VLOOKUP(A31,'Comp.SINAPI s_des.'!$G$8:$K$50000,5,FALSE)","v":51.7},{"$f":"IF(M.O.!$D$5=\"c/desoneração\",C31,(IF(M.O.!$D$5=\"s/desoneração\",D31)))","v":51.7}]
[5954,"COMPRESSOR DE AR REBOCÁVEL, VAZÃO 189 PCM, PRESSÃO EFETIVA DE TRABALHO 102 PSI, MOTOR DIESEL, POTÊNCIA 63 CV - CHI DIURNO",{"$f":"VLOOKUP(A32,'Comp.SINAPI c_des.'!$G$8:$K$50000,5,FALSE)","v":4.3899999999999997},{"$f":"VLOOKUP(A32,'Comp.SINAPI s_des.'!$G$8:$K$50000,5,FALSE)","v":4.3899999999999997},{"$f":"IF(M.O.!$D$5=\"c/desoneração\",C32,(IF(M.O.!$D$5=\"s/desoneração\",D32)))","v":4.3899999999999997}]
[94963,"CONCRETO FCK = 15MPA, TRAÇO 1:3,4:3,5 (EM MASSA SECA DE CIMENTO/ AREIA MÉDIA/ BRITA 1) - PREPARO MECÂNICO COM BETONEIRA 400 L",{"$f":"VLOOKUP(A33,'Comp.SINAPI c_des.'!$G$8:$K$50000,5,FALSE)","v":352.14},{"$f":"VLOOKUP(A33,'Comp.SINAPI s_des.'!$G$8:$K$50000,5,FALSE)","v":360.33},{"$f":"IF(M.O.!$D$5=\"c/desoneração\",C33,(IF(M.O.!$D$5=\"s/desoneração\",D33)))","v":352.14}]
[94974,"CONCRETO MAGRO PARA LASTRO, TRAÇO 1:4,5:4,5 (CIMENTO/ AREIA MÉDIA/ BRITA 1) - PREPARO MANUAL",{"$f":"VLOOKUP(A34,'Comp.SINAPI c_des.'!$G$8:$K$50000,5,FALSE)","v":354.97},{"$f":"VLOOKUP(A34,'Comp.SINAPI s_des.'!$G$8:$K$50000,5,FALSE)","v":367.04},{"$f":"IF(M.O.!$D$5=\"c/desoneração\",C34,(IF(M.O.!$D$5=\"s/desoneração\",D34)))","v":354.97}]
[94962,"CONCRETO MAGRO PARA LASTRO, TRAÇO 1:4,5:4,5 (EM MASSA SECA DE CIMENTO/ AREIA MÉDIA/ BRITA 1) - PREPARO MECÂNICO COM BETONEIRA 400 L",{"$f":"VLOOKUP(A35,'Comp.SINAPI c_des.'!$G$8:$K$50000,5,FALSE)","v":311.39},{"$f":"VLOOKUP(A35,'Comp.SINAPI s_des.'!$G$8:$K$50000,5,FALSE)","v":319.64},{"$f":"IF(M.O.!$D$5=\"c/desoneração\",C35,(IF(M.O.!$D$5=\"s/desoneração\",D35)))","v":311.39}]
[96977,"CORDOALHA DE COBRE NU 50 MM², ENTERRADA, SEM ISOLADOR - FORNECIMENTO E INSTALAÇÃO",{"$f":"VLOOKUP(A36,'Comp.SINAPI c_des.'!$G$8:$K$50000,5,FALSE)","v":55.13},{"$f":"VLOOKUP(A36,'Comp.SINAPI s_des.'!$G$8:$K$50000,5,FALSE)","v":55.27},{"$f":"IF(M.O.!$D$5=\"c/desoneração\",C36,(IF(M.O.!$D$5=\"s/desoneração\",D36)))","v":55.13}]
[91283,"CORTADORA DE PISO, POTÊNCIA 13 hp, C/DISCO DE CORTE DIAMANTADO 350 mm (chp)",{"$f":"VLOOKUP(A37,'Comp.SINAPI c_des.'!$G$8:$K$50000,5,FALSE)","v":11.42},{"$f":"VLOOKUP(A37,'Comp.SINAPI s_des.'!$G$8:$K$50000,5,FALSE)","v":11.42},{"$f":"IF(M.O.!$D$5=\"c/desoneração\",C37,(IF(M.O.!$D$5=\"s/desoneração\",D37)))","v":11.42}]
[91285,"CORTADORA DE PISO, POTÊNCIA 13 hp, C/DISCO DE CORTE DIAMANTADO 350 mm (chi)",{"$f":"VLOOKUP(A38,'Comp.SINAPI c_des.'!$G$8:$K$50000,5,FALSE)","v":0.92},{"$f":"VLOOKUP(A38,'Comp.SINAPI s_des.'!$G$8:$K$50000,5,FALSE)","v":0.92},{"$f":"IF(M.O.!$D$5=\"c/desoneração\",C38,(IF(M.O.!$D$5=\"s/desoneração\",D38)))","v":0.92}]
[92792,"CORTE E DOBRA DE AÇO CA-50, DIÂMETRO DE 6,3 MM, UTILIZADO EM ESTRUTURAS DIVERSAS, EXCETO LAJES",{"$f":"VLOOKUP(A39,'Comp.SINAPI c_des.'!$G$8:$K$50000,5,FALSE)","v":11.46},{"$f":"VLOOKUP(A39,'Comp.SINAPI s_des.'!$G$8:$K$50000,5,FALSE)","v":11.58},{"$f":"IF(M.O.!$D$5=\"c/desoneração\",C39,(IF(M.O.!$D$5=\"s/desoneração\",D39)))","v":11.46}]
[92791,"CORTE E DOBRA DE AÇO CA-60, DIÂMETRO DE 5,0 MM, UTILIZADO EM ESTRUTURAS DIVERSAS, EXCETO LAJES",{"$f":"VLOOKUP(A40,'Comp.SINAPI c_des.'!$G$8:$K$50000,5,FALSE)","v":11.17},{"$f":"VLOOKUP(A40,'Comp.SINAPI s_des.'!$G$8:$K$50000,5,FALSE)","v":11.38},{"$f":"IF(M.O.!$D$5=\"c/desoneração\",C40,(IF(M.O.!$D$5=\"s/desoneração\",D40)))","v":11.17}]
[92794,"CORTE E DOBRA DE AÇO CA-50, DIÂMETRO DE 10,0 MM, UTILIZADO EM ESTRUTURAS DIVERSAS, EXCETO LAJES",{"$f":"VLOOKUP(A41,'Comp.SINAPI c_des.'!$G$8:$K$50000,5,FALSE)","v":10.63},{"$f":"VLOOKUP(A41,'Comp.SINAPI s_des.'!$G$8:$K$50000,5,FALSE)","v":10.66},{"$f":"IF(M.O.!$D$5=\"c/desoneração\",C41,(IF(M.O.!$D$5=\"s/desoneração\",D41)))","v":10.63}]
[91917,"CURVA 90 GRAUS PARA ELETRODUTO, PVC, ROSCÁVEL, DN 32 MM (1\"), PARA CIRCUITOS TERMINAIS, INSTALADA EM PAREDE - FORNECIMENTO E INSTALAÇÃO",{"$f":"VLOOKUP(A42,'Comp.SINAPI c_des.'!$G$8:$K$50000,5,FALSE)","v":15.3},{"$f":"VLOOKUP(A42,'Comp.SINAPI s_des.'!$G$8:$K$50000,5,FALSE)","v":16.47},{"$f":"IF(M.O.!$D$5=\"c/desoneração\",C42,(IF(M.O.!$D$5=\"s/desoneração\",D42)))","v":15.3}]
[91919,"CURVA 180 GRAUS PARA ELETRODUTO, PVC, ROSCÁVEL, DN 32 MM (1\u0094), PARA CIRCUITOS TERMINAIS, INSTALADA EM PAREDE - FORNECIMENTO E INSTALAÇÃO",{"$f":"VLOOKUP(A43,'Comp.SINAPI c_des.'!$G$8:$K$50000,5,FALSE)","v":17.829999999999998},{"$f":"VLOOKUP(A43,'Comp.SINAPI s_des.'!$G$8:$K$50000,5,FALSE)","v":19},{"$f":"IF(M.O.!$D$5=\"c/desoneração\",C43,(IF(M.O.!$D$5=\"s/desoneração\",D43)))","v":17.829999999999998}]
[95282,"DESEMPENADEIRA DE CONCRETO, PESO DE 75KG, 4 PÁS, MOTOR A GASOLINA, POTÊNCIA 5,5 HP - CHP DIURNO",{"$f":"VLOOKUP(A44,'Comp.SINAPI c_des.'!$G$8:$K$50000,5,FALSE)","v":10.48},{"$f":"VLOOKUP(A44,'Comp.SINAPI s_des.'!$G$8:$K$50000,5,FALSE)","v":10.48},{"$f":"IF(M.O.!$D$5=\"c/desoneração\",C44,(IF(M.O.!$D$5=\"s/desoneração\",D44)))","v":10.48}]
[95283,"DESEMPENADEIRA DE CONCRETO, PESO DE 75KG, 4 PÁS, MOTOR A GASOLINA, POTÊNCIA 5,5 HP - CHI DIURNO",{"$f":"VLOOKUP(A45,'Comp.SINAPI c_des.'!$G$8:$K$50000,5,FALSE)","v":0.56999999999999995},{"$f":"VLOOKUP(A45,'Comp.SINAPI s_des.'!$G$8:$K$50000,5,FALSE)","v":0.56999999999999995},{"$f":"IF(M.O.!$D$5=\"c/desoneração\",C45,(IF(M.O.!$D$5=\"s/desoneração\",D45)))","v":0.56999999999999995}]
[93673,"DISJUNTOR TRIPOLAR TIPO DIN, CORRENTE NOMINAL DE 50A - FORNECIMENTO E INSTALAÇÃO",{"$f":"VLOOKUP(A46,'Comp.SINAPI c_des.'!$G$8:$K$50000,5,FALSE)","v":91.92},{"$f":"VLOOKUP(A46,'Comp.SINAPI s_des.'!$G$8:$K$50000,5,FALSE)","v":94.33},{"$f":"IF(M.O.!$D$5=\"c/desoneração\",C46,(IF(M.O.!$D$5=\"s/desoneração\",D46)))","v":91.92}]
[91872,"ELETRODUTO RÍGIDO ROSCÁVEL, PVC, DN 32 MM (1\"), PARA CIRCUITOS TERMINAIS, INSTALADO EM PAREDE - FORNECIMENTO E INSTALAÇÃO",{"$f":"VLOOKUP(A47,'Comp.SINAPI c_des.'!$G$8:$K$50000,5,FALSE)","v":14.53},{"$f":"VLOOKUP(A47,'Comp.SINAPI s_des.'!$G$8:$K$50000,5,FALSE)","v":15.36},{"$f":"IF(M.O.!$D$5=\"c/desoneração\",C47,(IF(M.O.!$D$5=\"s/desoneração\",D47)))","v":14.53}]
[93358,"ESCAVAÇÃO MANUAL DE VALA COM PROFUNDIDADE MENOR OU IGUAL A 1,30 M",{"$f":"VLOOKUP(A48,'Comp.SINAPI c_des.'!$G$8:$K$50000,5,FALSE)","v":66.930000000000007},{"$f":"VLOOKUP(A48,'Comp.SINAPI s_des.'!$G$8:$K$50000,5,FALSE)","v":74.53},{"$f":"IF(M.O.!$D$5=\"c/desoneração\",C48,(IF(M.O.!$D$5=\"s/desoneração\",D48)))","v":66.930000000000007}]
[5631,"ESCAVADEIRA HIDRÁULICA SOBRE ESTEIRAS, POTÊNCIA 111 hp (chp)",{"$f":"VLOOKUP(A49,'Comp.SINAPI c_des.'!$G$8:$K$50000,5,FALSE)","v":191.27},{"$f":"VLOOKUP(A49,'Comp.SINAPI s_des.'!$G$8:$K$50000,5,FALSE)","v":194.81},{"$f":"IF(M.O.!$D$5=\"c/desoneração\",C49,(IF(M.O.!$D$5=\"s/desoneração\",D49)))","v":191.27}]
[5632,"ESCAVADEIRA HIDRÁULICA SOBRE ESTEIRAS, POTÊNCIA 111 hp (chi)",{"$f":"VLOOKUP(A50,'Comp.SINAPI c_des.'!$G$8:$K$50000,5,FALSE)","v":77.11},{"$f":"VLOOKUP(A50,'Comp.SINAPI s_des.'!$G$8:$K$50000,5,FALSE)","v":80.650000000000006},{"$f":"IF(M.O.!$D$5=\"c/desoneração\",C50,(IF(M.O.!$D$5=\"s/desoneração\",D50)))","v":77.11}]
[93583,"EXECUÇÃO DE CENTRAL DE FÔRMAS, PRODUÇÃO DE ARGAMASSA OU CONCRETO EM CANTEIRO DE OBRA, NÃO INCLUSO MOBILIÁRIO E EQUIPAMENTOS",{"$f":"VLOOKUP(A51,'Comp.SINAPI c_des.'!$G$8:$K$50000,5,FALSE)","v":424.77},{"$f":"VLOOKUP(A51,'Comp.SINAPI s_des.'!$G$8:$K$50000,5,FALSE)","v":435.37},{"$f":"IF(M.O.!$D$5=\"c/desoneração\",C51,(IF(M.O.!$D$5=\"s/desoneração\",D51)))","v":424.77}]
[93584,"EXECUÇÃO DE DEPÓSITO EM CANTEIRO DE OBRA EM CHAPA DE MADEIRA COMPENSADA, NÃO INCLUSO MOBILIÁRIO",{"$f":"VLOOKUP(A52,'Comp.SINAPI c_des.'!$G$8:$K$50000,5,FALSE)","v":831.64},{"$f":"VLOOKUP(A52,'Comp.SINAPI s_des.'!$G$8:$K$50000,5,FALSE)","v":851.63},{"$f":"IF(M.O.!$D$5=\"c/desoneração\",C52,(IF(M.O.!$D$5=\"s/desoneração\",D52)))","v":831.64}]
[93416,"GERADOR PORTÁTIL MONOFÁSICO, POTÊNCIA 5500 VA, MOTOR A GASOLINA, POTÊNCIA DO MOTOR 13 CV - CHI DIURNO",{"$f":"VLOOKUP(A53,'Comp.SINAPI c_des.'!$G$8:$K$50000,5,FALSE)","v":0.28999999999999998},{"$f":"VLOOKUP(A53,'Comp.SINAPI s_des.'!$G$8:$K$50000,5,FALSE)","v":0.28999999999999998},{"$f":"IF(M.O.!$D$5=\"c/desoneração\",C53,(IF(M.O.!$D$5=\"s/desoneração\",D53)))","v":0.28999999999999998}]
[93415,"GERADOR PORTÁTIL MONOFÁSICO, POTÊNCIA 5500 VA, MOTOR A GASOLINA, POTÊNCIA DO MOTOR 13 CV - CHP DIURNO",{"$f":"VLOOKUP(A54,'Comp.SINAPI c_des.'!$G$8:$K$50000,5,FALSE)","v":16.760000000000002},{"$f":"VLOOKUP(A54,'Comp.SINAPI s_des.'!$G$8:$K$50000,5,FALSE)","v":16.760000000000002},{"$f":"IF(M.O.!$D$5=\"c/desoneração\",C54,(IF(M.O.!$D$5=\"s/desoneração\",D54)))","v":16.760000000000002}]
[93402,"GUINDAUTO HIDRÁULICO, CAPACIDADE MÁXIMA DE CARGA 3300 KG, MOMENTO MÁXIMO DE CARGA 5,8 TM, ALCANCE MÁXIMO HORIZONTAL 7,60 M, INCLUSIVE CAMINHÃO TOCO PBT 16.000 KG, POTÊNCIA DE 189 CV - CHP DIURNO",{"$f":"VLOOKUP(A55,'Comp.SINAPI c_des.'!$G$8:$K$50000,5,FALSE)","v":211.27},{"$f":"VLOOKUP(A55,'Comp.SINAPI s_des.'!$G$8:$K$50000,5,FALSE)","v":214.26},{"$f":"IF(M.O.!$D$5=\"c/desoneração\",C55,(IF(M.O.!$D$5=\"s/desoneração\",D55)))","v":211.27}]
[96986,"HASTE DE ATERRAMENTO 3/4 PARA SPDA - FORNECIMENTO E INSTALAÇÃO",{"$f":"VLOOKUP(A56,'Comp.SINAPI c_des.'!$G$8:$K$50000,5,FALSE)","v":138.80000000000001},{"$f":"VLOOKUP(A56,'Comp.SINAPI s_des.'!$G$8:$K$50000,5,FALSE)","v":140.49},{"$f":"IF(M.O.!$D$5=\"c/desoneração\",C56,(IF(M.O.!$D$5=\"s/desoneração\",D56)))","v":138.80000000000001}]
[89744,"JOELHO 90 GRAUS, PVC, SERIE NORMAL, ESGOTO PREDIAL, DN 100 MM, FORNECIDO E INSTALADO",{"$f":"VLOOKUP(A57,'Comp.SINAPI c_des.'!$G$8:$K$50000,5,FALSE)","v":24.82},{"$f":"VLOOKUP(A57,'Comp.SINAPI s_des.'!$G$8:$K$50000,5,FALSE)","v":25.88},{"$f":"IF(M.O.!$D$5=\"c/desoneração\",C57,(IF(M.O.!$D$5=\"s/desoneração\",D57)))","v":24.82}]
[89358,"JOELHO 90 GRAUS, PVC, SOLDÁVEL, DN 20MM - FORNECIMENTO E INSTALAÇÃO",{"$f":"VLOOKUP(A58,'Comp.SINAPI c_des.'!$G$8:$K$50000,5,FALSE)","v":6.51},{"$f":"VLOOKUP(A58,'Comp.SINAPI s_des.'!$G$8:$K$50000,5,FALSE)","v":7.06},{"$f":"IF(M.O.!$D$5=\"c/desoneração\",C58,(IF(M.O.!$D$5=\"s/desoneração\",D58)))","v":6.51}]
[89971,"KIT DE REGISTRO DE GAVETA BRUTO DE LATÃO ½\", INCLUSIVE CONEXÕES, ROSCÁVEL",{"$f":"VLOOKUP(A59,'Comp.SINAPI c_des.'!$G$8:$K$50000,5,FALSE)","v":52.84},{"$f":"VLOOKUP(A59,'Comp.SINAPI s_des.'!$G$8:$K$50000,5,FALSE)","v":53.85},{"$f":"IF(M.O.!$D$5=\"c/desoneração\",C59,(IF(M.O.!$D$5=\"s/desoneração\",D59)))","v":52.84}]
[92873,"LANÇAMENTO COM USO DE BALDES, ADENSAMENTO E ACABAMENTO DE CONCRETO EM ESTRUTURAS",{"$f":"VLOOKUP(A60,'Comp.SINAPI c_des.'!$G$8:$K$50000,5,FALSE)","v":169.51},{"$f":"VLOOKUP(A60,'Comp.SINAPI s_des.'!$G$8:$K$50000,5,FALSE)","v":189.16},{"$f":"IF(M.O.!$D$5=\"c/desoneração\",C60,(IF(M.O.!$D$5=\"s/desoneração\",D60)))","v":169.51}]
[99058,"LOCAÇÃO DE PONTO PARA REFERÊNCIA TOPOGRÁFICA",{"$f":"VLOOKUP(A61,'Comp.SINAPI c_des.'!$G$8:$K$50000,5,FALSE)","v":9.6199999999999992},{"$f":"VLOOKUP(A61,'Comp.SINAPI s_des.'!$G$8:$K$50000,5,FALSE)","v":10.88},{"$f":"IF(M.O.!$D$5=\"c/desoneração\",C61,(IF(M.O.!$D$5=\"s/desoneração\",D61)))","v":9.6199999999999992}]
[91885,"LUVA PARA ELETRODUTO, PVC, ROSCÁVEL, DN 32 MM (1\"), PARA CIRCUITOS TERMINAIS, INSTALADA EM PAREDE - FORNECIMENTO E INSTALAÇÃO",{"$f":"VLOOKUP(A62,'Comp.SINAPI c_des.'!$G$8:$K$50000,5,FALSE)","v":8.7899999999999991},{"$f":"VLOOKUP(A62,'Comp.SINAPI s_des.'!$G$8:$K$50000,5,FALSE)","v":9.56},{"$f":"IF(M.O.!$D$5=\"c/desoneração\",C62,(IF(M.O.!$D$5=\"s/desoneração\",D62)))","v":8.7899999999999991}]
[5795,"MARTELETE OU ROMPEDOR PNEUMÁTICO MANUAL, 28 KG, COM SILENCIADOR - CHP DIURNO",{"$f":"VLOOKUP(A63,'Comp.SINAPI c_des.'!$G$8:$K$50000,5,FALSE)","v":25.6},{"$f":"VLOOKUP(A63,'Comp.SINAPI s_des.'!$G$8:$K$50000,5,FALSE)","v":28.41},{"$f":"IF(M.O.!$D$5=\"c/desoneração\",C63,(IF(M.O.!$D$5=\"s/desoneração\",D63)))","v":25.6}]
[5952,"MARTELETE OU ROMPEDOR PNEUMÁTICO MANUAL, 28 KG, COM SILENCIADOR - CHI DIURNO",{"$f":"VLOOKUP(A64,'Comp.SINAPI c_des.'!$G$8:$K$50000,5,FALSE)","v":23.43},{"$f":"VLOOKUP(A64,'Comp.SINAPI s_des.'!$G$8:$K$50000,5,FALSE)","v":26.24},{"$f":"IF(M.O.!$D$5=\"c/desoneração\",C64,(IF(M.O.!$D$5=\"s/desoneração\",D64)))","v":23.43}]
[97064,"MONTAGEM E DESMONTAGEM DE ANDAIME TUBULAR TIPO \u0093TORRE\u0094 (EXCLUSIVE ANDAIME E LIMPEZA)",{"$f":"VLOOKUP(A65,'Comp.SINAPI c_des.'!$G$8:$K$50000,5,FALSE)","v":15.61},{"$f":"VLOOKUP(A65,'Comp.SINAPI s_des.'!$G$8:$K$50000,5,FALSE)","v":17.510000000000002},{"$f":"IF(M.O.!$D$5=\"c/desoneração\",C65,(IF(M.O.!$D$5=\"s/desoneração\",D65)))","v":15.61}]
[92112,"PENEIRA ROTATIVA COM MOTOR ELÉTRICO TRIFÁSICO DE 2 CV, CILINDRO DE 1 M X 0,60 M, COM FUROS DE 3,17 MM - CHP DIURNO",{"$f":"VLOOKUP(A66,'Comp.SINAPI c_des.'!$G$8:$K$50000,5,FALSE)","v":3.07},{"$f":"VLOOKUP(A66,'Comp.SINAPI s_des.'!$G$8:$K$50000,5,FALSE)","v":3.07},{"$f":"IF(M.O.!$D$5=\"c/desoneração\",C66,(IF(M.O.!$D$5=\"s/desoneração\",D66)))","v":3.07}]
[92113,"PENEIRA ROTATIVA COM MOTOR ELÉTRICO TRIFÁSICO DE 2 CV, CILINDRO DE 1 M X 0,60 M, COM FUROS DE 3,17 MM - CHI DIURNO",{"$f":"VLOOKUP(A67,'Comp.SINAPI c_des.'!$G$8:$K$50000,5,FALSE)","v":1.04},{"$f":"VLOOKUP(A67,'Comp.SINAPI s_des.'!$G$8:$K$50000,5,FALSE)","v":1.04},{"$f":"IF(M.O.!$D$5=\"c/desoneração\",C67,(IF(M.O.!$D$5=\"s/desoneração\",D67)))","v":1.04}]
[91277,"PLACA VIBRATÓRIA REVERSÍVEL COM MOTOR 4 TEMPOS A GASOLINA, FORÇA CENTRÍFUGA DE 25 KN (2500 KGF), POTÊNCIA 5,5 CV - CHP DIURNO",{"$f":"VLOOKUP(A68,'Comp.SINAPI c_des.'!$G$8:$K$50000,5,FALSE)","v":10.55},{"$f":"VLOOKUP(A68,'Comp.SINAPI s_des.'!$G$8:$K$50000,5,FALSE)","v":10.55},{"$f":"IF(M.O.!$D$5=\"c/desoneração\",C68,(IF(M.O.!$D$5=\"s/desoneração\",D68)))","v":10.55}]
[91278,"PLACA VIBRATÓRIA REVERSÍVEL COM MOTOR 4 TEMPOS A GASOLINA, FORÇA CENTRÍFUGA DE 25 KN (2500 KGF), POTÊNCIA 5,5 CV - CHI DIURNO",{"$f":"VLOOKUP(A69,'Comp.SINAPI c_des.'!$G$8:$K$50000,5,FALSE)","v":0.54},{"$f":"VLOOKUP(A69,'Comp.SINAPI s_des.'!$G$8:$K$50000,5,FALSE)","v":0.54},{"$f":"IF(M.O.!$D$5=\"c/desoneração\",C69,(IF(M.O.!$D$5=\"s/desoneração\",D69)))","v":0.54}]
[5678,"RETROESCAVADEIRA SOBRE RODAS COM CARREGADEIRA, TRAÇÃO 4X4, POTÊNCIA LÍQ. 88 HP, CAÇAMBA CARREG. CAP. MÍN. 1 M3, CAÇAMBA RETRO CAP. 0,26 M3, PESO OPERACIONAL MÍN. 6.674 KG, PROFUNDIDADE ESCAVAÇÃO MÁX. 4,37 M - CHP DIURNO",{"$f":"VLOOKUP(A70,'Comp.SINAPI c_des.'!$G$8:$K$50000,5,FALSE)","v":125.96},{"$f":"VLOOKUP(A70,'Comp.SINAPI s_des.'!$G$8:$K$50000,5,FALSE)","v":129.5},{"$f":"IF(M.O.!$D$5=\"c/desoneração\",C70,(IF(M.O.!$D$5=\"s/desoneração\",D70)))","v":125.96}]
[5679,"RETROESCAVADEIRA SOBRE RODAS COM CARREGADEIRA, TRAÇÃO 4X4, POTÊNCIA LÍQ. 88 HP, CAÇAMBA CARREG. CAP. MÍN. 1 M3, CAÇAMBA RETRO CAP. 0,26 M3, PESO OPERACIONAL MÍN. 6.674 KG, PROFUNDIDADE ESCAVAÇÃO MÁX. 4,37 M - CHI DIURNO",{"$f":"VLOOKUP(A71,'Comp.SINAPI c_des.'!$G$8:$K$50000,5,FALSE)","v":51.77},{"$f":"VLOOKUP(A71,'Comp.SINAPI s_des.'!$G$8:$K$50000,5,FALSE)","v":55.31},{"$f":"IF(M.O.!$D$5=\"c/desoneração\",C71,(IF(M.O.!$D$5=\"s/desoneração\",D71)))","v":51.77}]
[5684,"ROLO COMPACTADOR VIBRATÓRIO DE UM CILINDRO AÇO LISO, POTÊNCIA 80 hp, PESO OPERACIONAL MÁXIMO 8,1 T, LARGURA DE TRABALHO 1,68 m (chp)",{"$f":"VLOOKUP(A72,'Comp.SINAPI c_des.'!$G$8:$K$50000,5,FALSE)","v":132.08000000000001},{"$f":"VLOOKUP(A72,'Comp.SINAPI s_des.'!$G$8:$K$50000,5,FALSE)","v":134.59},{"$f":"IF(M.O.!$D$5=\"c/desoneração\",C72,(IF(M.O.!$D$5=\"s/desoneração\",D72)))","v":132.08000000000001}]
[5685,"ROLO COMPACTADOR VIBRATÓRIO DE UM CILINDRO AÇO LISO, POTÊNCIA 80 hp, PESO OPERACIONAL MÁXIMO 8,1 T, LARGURA DE TRABALHO 1,68 m (chi)",{"$f":"VLOOKUP(A73,'Comp.SINAPI c_des.'!$G$8:$K$50000,5,FALSE)","v":48.71},{"$f":"VLOOKUP(A73,'Comp.SINAPI s_des.'!$G$8:$K$50000,5,FALSE)","v":51.22},{"$f":"IF(M.O.!$D$5=\"c/desoneração\",C73,(IF(M.O.!$D$5=\"s/desoneração\",D73)))","v":48.71}]
[5867,"ROLO COMPACTADOR VIBRATÓRIO TANDEM AÇO LISO, POTÊNCIA 58 HP, PESO SEM/COM LASTRO 6,5 / 9,4 T, LARGURA DE TRABALHO 1,2 M - CHP DIURNO",{"$f":"VLOOKUP(A74,'Comp.SINAPI c_des.'!$G$8:$K$50000,5,FALSE)","v":131.31},{"$f":"VLOOKUP(A74,'Comp.SINAPI s_des.'!$G$8:$K$50000,5,FALSE)","v":133.82},{"$f":"IF(M.O.!$D$5=\"c/desoneração\",C74,(IF(M.O.!$D$5=\"s/desoneração\",D74)))","v":131.31}]
[5869,"ROLO COMPACTADOR VIBRATÓRIO TANDEM AÇO LISO, POTÊNCIA 58 HP, PESO SEM/COM LASTRO 6,5 / 9,4 T, LARGURA DE TRABALHO 1,2 M - CHI DIURNO",{"$f":"VLOOKUP(A75,'Comp.SINAPI c_des.'!$G$8:$K$50000,5,FALSE)","v":55.33},{"$f":"VLOOKUP(A75,'Comp.SINAPI s_des.'!$G$8:$K$50000,5,FALSE)","v":57.84},{"$f":"IF(M.O.!$D$5=\"c/desoneração\",C75,(IF(M.O.!$D$5=\"s/desoneração\",D75)))","v":55.33}]
[91692,"SERRA CIRCULAR DE BANCADA COM MOTOR ELÉTRICO POTÊNCIA DE 5HP, COM COIFA PARA DISCO 10\" - CHP DIURNO",{"$f":"VLOOKUP(A76,'Comp.SINAPI c_des.'!$G$8:$K$50000,5,FALSE)","v":24.14},{"$f":"VLOOKUP(A76,'Comp.SINAPI s_des.'!$G$8:$K$50000,5,FALSE)","v":27.12},{"$f":"IF(M.O.!$D$5=\"c/desoneração\",C76,(IF(M.O.!$D$5=\"s/desoneração\",D76)))","v":24.14}]
[91693,"SERRA CIRCULAR DE BANCADA COM MOTOR ELÉTRICO POTÊNCIA DE 5HP, COM COIFA PARA DISCO 10\" - CHI DIURNO",{"$f":"VLOOKUP(A77,'Comp.SINAPI c_des.'!$G$8:$K$50000,5,FALSE)","v":22.66},{"$f":"VLOOKUP(A77,'Comp.SINAPI s_des.'!$G$8:$K$50000,5,FALSE)","v":25.64},{"$f":"IF(M.O.!$D$5=\"c/desoneração\",C77,(IF(M.O.!$D$5=\"s/desoneração\",D77)))","v":22.66}]
[86913,"TORNEIRA CROMADA 1/2\" OU 3/4\" PARA TANQUE, PADRÃO POPULAR",{"$f":"VLOOKUP(A78,'Comp.SINAPI c_des.'!$G$8:$K$50000,5,FALSE)","v":77.11},{"$f":"VLOOKUP(A78,'Comp.SINAPI s_des.'!$G$8:$K$50000,5,FALSE)","v":77.569999999999993},{"$f":"IF(M.O.!$D$5=\"c/desoneração\",C78,(IF(M.O.!$D$5=\"s/desoneração\",D78)))","v":77.11}]
[95875,"TRANSPORTE COM CAMINHÃO BASCULANTE DE 10 M³, EM VIA URBANA PAVIMENTADA, DMT ATÉ 30 KM (UNIDADE: M3XKM)",{"$f":"VLOOKUP(A79,'Comp.SINAPI c_des.'!$G$8:$K$50000,5,FALSE)","v":1.6},{"$f":"VLOOKUP(A79,'Comp.SINAPI s_des.'!$G$8:$K$50000,5,FALSE)","v":1.64},{"$f":"IF(M.O.!$D$5=\"c/desoneração\",C79,(IF(M.O.!$D$5=\"s/desoneração\",D79)))","v":1.6}]
[100947,"TRANSPORTE COM CAMINHÃO CARROCERIA 9T, EM VIA URBANA PAVIMENTADA, DMT ATÉ 30KM (UNIDADE: TXKM)",{"$f":"VLOOKUP(A80,'Comp.SINAPI c_des.'!$G$8:$K$50000,5,FALSE)","v":1.69},{"$f":"VLOOKUP(A80,'Comp.SINAPI s_des.'!$G$8:$K$50000,5,FALSE)","v":1.73},{"$f":"IF(M.O.!$D$5=\"c/desoneração\",C80,(IF(M.O.!$D$5=\"s/desoneração\",D80)))","v":1.69}]
[100948,"TRANSPORTE COM CAMINHÃO CARROCERIA 9T, EM VIA URBANA PAVIMENTADA, ADICIONAL PARA DMT EXCEDENTE A 30 KM (UNIDADE: TXKM)",{"$f":"VLOOKUP(A81,'Comp.SINAPI c_des.'!$G$8:$K$50000,5,FALSE)","v":0.67},{"$f":"VLOOKUP(A81,'Comp.SINAPI s_des.'!$G$8:$K$50000,5,FALSE)","v":0.68},{"$f":"IF(M.O.!$D$5=\"c/desoneração\",C81,(IF(M.O.!$D$5=\"s/desoneração\",D81)))","v":0.67}]
[91120,"TRANSPORTE HORIZONTAL, TUBOS AÇO CARBONO LEVE/MÉDIO, PRETO/GALVANIZADO, COM DIÂM. MAIOR QUE 40 MM E MENOR OU IGUAL A 65 MM, MANUAL, 30 M",{"$f":"VLOOKUP(A82,'Comp.SINAPI c_des.'!$G$8:$K$50000,5,FALSE)","v":{"$error":"#N/A"}},{"$f":"VLOOKUP(A82,'Comp.SINAPI s_des.'!$G$8:$K$50000,5,FALSE)","v":{"$error":"#N/A"}},{"$f":"IF(M.O.!$D$5=\"c/desoneração\",C82,(IF(M.O.!$D$5=\"s/desoneração\",D82)))","v":{"$error":"#N/A"}}]
[89032,"TRATOR DE ESTEIRAS, POTÊNCIA 100 HP, PESO OPERACIONAL 9,4 T, COM LÂMINA 2,19 M3 - CHP DIURNO",{"$f":"VLOOKUP(A83,'Comp.SINAPI c_des.'!$G$8:$K$50000,5,FALSE)","v":176.1},{"$f":"VLOOKUP(A83,'Comp.SINAPI s_des.'!$G$8:$K$50000,5,FALSE)","v":179.79},{"$f":"IF(M.O.!$D$5=\"c/desoneração\",C83,(IF(M.O.!$D$5=\"s/desoneração\",D83)))","v":176.1}]
[89031,"TRATOR DE ESTEIRAS, POTÊNCIA 100 HP, PESO OPERACIONAL 9,4 T, COM LÂMINA 2,19 M3 - CHI DIURNO",{"$f":"VLOOKUP(A84,'Comp.SINAPI c_des.'!$G$8:$K$50000,5,FALSE)","v":64.790000000000006},{"$f":"VLOOKUP(A84,'Comp.SINAPI s_des.'!$G$8:$K$50000,5,FALSE)","v":68.48},{"$f":"IF(M.O.!$D$5=\"c/desoneração\",C84,(IF(M.O.!$D$5=\"s/desoneração\",D84)))","v":64.790000000000006}]
[5851,"TRATOR DE ESTEIRAS, POTÊNCIA 150 HP, COM LÂMINA (chp)",{"$f":"VLOOKUP(A85,'Comp.SINAPI c_des.'!$G$8:$K$50000,5,FALSE)","v":231.78},{"$f":"VLOOKUP(A85,'Comp.SINAPI s_des.'!$G$8:$K$50000,5,FALSE)","v":235.47},{"$f":"IF(M.O.!$D$5=\"c/desoneração\",C85,(IF(M.O.!$D$5=\"s/desoneração\",D85)))","v":231.78}]
[5853,"TRATOR DE ESTEIRAS, POTÊNCIA 150 HP, COM LÂMINA (chi)",{"$f":"VLOOKUP(A86,'Comp.SINAPI c_des.'!$G$8:$K$50000,5,FALSE)","v":75.959999999999994},{"$f":"VLOOKUP(A86,'Comp.SINAPI s_des.'!$G$8:$K$50000,5,FALSE)","v":79.650000000000006},{"$f":"IF(M.O.!$D$5=\"c/desoneração\",C86,(IF(M.O.!$D$5=\"s/desoneração\",D86)))","v":75.959999999999994}]
[89714,"TUBO PVC, SERIE NORMAL, ESGOTO PREDIAL, DN 100 MM, FORNECIDO E INSTALADO",{"$f":"VLOOKUP(A87,'Comp.SINAPI c_des.'!$G$8:$K$50000,5,FALSE)","v":55.16},{"$f":"VLOOKUP(A87,'Comp.SINAPI s_des.'!$G$8:$K$50000,5,FALSE)","v":58.27},{"$f":"IF(M.O.!$D$5=\"c/desoneração\",C87,(IF(M.O.!$D$5=\"s/desoneração\",D87)))","v":55.16}]
[89401,"TUBO, PVC, SOLDÁVEL, DN 20MM - FORNECIMENTO E INSTALAÇÃO",{"$f":"VLOOKUP(A88,'Comp.SINAPI c_des.'!$G$8:$K$50000,5,FALSE)","v":8.6300000000000008},{"$f":"VLOOKUP(A88,'Comp.SINAPI s_des.'!$G$8:$K$50000,5,FALSE)","v":9.0299999999999994},{"$f":"IF(M.O.!$D$5=\"c/desoneração\",C88,(IF(M.O.!$D$5=\"s/desoneração\",D88)))","v":8.6300000000000008}]
[90586,"VIBRADOR DE IMERSÃO, DIÂMETRO DE PONTEIRA 45 mm, MOTOR ELÉTRICO TRIFÁSICO POTÊNCIA DE 2 CV - CHP DIURNO",{"$f":"VLOOKUP(A89,'Comp.SINAPI c_des.'!$G$8:$K$50000,5,FALSE)","v":1.1399999999999999},{"$f":"VLOOKUP(A89,'Comp.SINAPI s_des.'!$G$8:$K$50000,5,FALSE)","v":1.1399999999999999},{"$f":"IF(M.O.!$D$5=\"c/desoneração\",C89,(IF(M.O.!$D$5=\"s/desoneração\",D89)))","v":1.1399999999999999}]
[90587,"VIBRADOR DE IMERSÃO, DIÂMETRO DE PONTEIRA 45 mm MOTOR ELÉTRICO TRIFÁSICO POTÊNCIA DE 2 CV - CHI DIURNO",{"$f":"VLOOKUP(A90,'Comp.SINAPI c_des.'!$G$8:$K$50000,5,FALSE)","v":0.35},{"$f":"VLOOKUP(A90,'Comp.SINAPI s_des.'!$G$8:$K$50000,5,FALSE)","v":0.35},{"$f":"IF(M.O.!$D$5=\"c/desoneração\",C90,(IF(M.O.!$D$5=\"s/desoneração\",D90)))","v":0.35}]

{"sheet":"Insumos","index":3,"n_rows":403,"n_cols":8,"rows_kept":403,"cut":false,"hidden":false,"merged":[[43,7,45,7],[9,0,9,1],[400,3,400,4],[402,3,402,4],[399,0,401,2],[402,0,402,2],[401,3,401,4],[399,3,399,4],[9,2,9,7],[0,0,0,7],[2,0,2,7],[5,0,5,1],[1,0,1,7],[7,0,7,1],[4,0,4,7],[3,0,3,7],[6,0,6,1],[8,2,8,7],[7,2,7,7],[6,2,6,7],[5,2,5,7],[10,0,10,7],[8,0,8,1]]}
["INSUMOS"]
[]
[{"$f":"IF('Atualizações Cotações'!$B$4=\"NÃO\",CONCATENATE(\"Data Base SINAPI: \",M.O.!$E$17,\" - Data das Cotações: \",Cotações!$N$3),CONCATENATE(\"Data Base SINAPI: \",M.O.!$E$17,\" - Data das Cotações: Janeiro/22 e \",Cotações!$N$3,\" (Atualizadas pelo INCC de \",'Atualizações Cotações'!A11:B11,\"/\",'Atualizações Cotações'!$C$11,\")\"))","v":"Data Base SINAPI: Janeiro/22 - Data das Cotações: Janeiro/22 e Abril/19 (Atualizadas pelo INCC de Janeiro/2022)"}]
[]
[]
[null,null,"Mão-de-obra"]
[null,null,"Equipamento"]
[null,null,"Material"]
["L. S. Horistas:",null,{"$f":"+M.O.!$D$7","v":0.82309999999999994}]
["L. S. Mensalistas:",null,{"$f":"+M.O.!$D$8","v":0.45979999999999999}]
[]
["Item","Código","Insumo","Un","Tipo","Origem","Valor","Observações"]
[1,{"$f":"+M.O.!A19","v":88238},"Ajudante de armador c/encargos complementares","h","MO","SINAPI",{"$f":"+M.O.!$E$19","v":16.95},"Composição"]
[{"$f":"+A13+1","v":2},{"$f":"+M.O.!A20","v":88239},"Ajudante de carpinteiro c/encargos complementares","h","MO","SINAPI",{"$f":"+M.O.!$E$20","v":16.87},"Composição"]
[3,{"$f":"+M.O.!A31","v":88245},"Armador c/encargos complementares","h","MO","SINAPI",{"$f":"+M.O.!$E$31","v":20.22},"Composição"]
[4,{"$f":"+M.O.!A21","v":88247},"Auxiliar de eletricista c/encargos complementares","h","MO","SINAPI",{"$f":"+M.O.!$E$21","v":16.03},"Composição"]
[5,{"$f":"+M.O.!A23","v":88248},"Auxiliar de encanador c/encargos complementares","h","MO","SINAPI",{"$f":"+M.O.!$E$23","v":15.34},"Composição"]
[6,{"$f":"+M.O.!A24","v":88251},"Auxiliar de serralheiro c/encargos complementares","h","MO","SINAPI",{"$f":"+M.O.!$E$24","v":17.87},"Composição"]
[7,{"$f":"+M.O.!A22","v":88253},"Auxiliar de topógrafo c/encargos complemetares","h","MO","SINAPI",{"$f":"+M.O.!$E$22","v":13.02},"Composição"]
[8,{"$f":"+M.O.!A28","v":88260},"Calceteiro c/encargos complementares","h","MO","SINAPI",{"$f":"+M.O.!$E$28","v":17.98},"Composição"]
[9,{"$f":"+M.O.!A27","v":88262},"Carpinteiro c/encargos complementares","h","MO","SINAPI",{"$f":"+M.O.!$E$27","v":20.100000000000001},"Composição"]
[10,{"$f":"+M.O.!A47","v":88597},"Desenhista detalhista c/encargos complementares","h","MO","SINAPI",{"$f":"+M.O.!$E$47","v":34.46},"Composição"]
[11,{"$f":"+M.O.!A34","v":88264},"Eletricista c/encargos complementares","h","MO","SINAPI",{"$f":"+M.O.!$E$34","v":20.73},"Composição"]
[12,{"$f":"+M.O.!A35","v":88267},"Encanador c/encargos complementares","h","MO","SINAPI",{"$f":"+M.O.!$E$35","v":19.899999999999999},"Composição"]
[13,{"$f":"+M.O.!A44","v":93572},"Encarregado c/encargos complementares","ms","MO","SINAPI",{"$f":"+M.O.!$E$44","v":7377.72},"Composição"]
[14,{"$f":"+M.O.!A48","v":90778},"Engenheiro Civil de Obra c/encargos complementares","h","MO","SINAPI",{"$f":"+M.O.!$E$48","v":99.09},"Composição"]
[15,{"$f":"+M.O.!A33","v":88441},"Jardineiro c/encargos complementares","h","MO","SINAPI",{"$f":"+M.O.!$E$33","v":16.97},"Composição"]
[16,{"$f":"+M.O.!A29","v":88256},"Ladrilhista c/encargos complementares","h","MO","SINAPI",{"$f":"+M.O.!$E$29","v":20.260000000000002},"Composição"]
[17,{"$f":"+M.O.!A45","v":94295},"Mestre de Obras c/encargos complementares","ms","MO","SINAPI",{"$f":"+M.O.!$E$45","v":10997.84},"Composição"]
[18,{"$f":"+M.O.!A37","v":88281},"Motorista de caminhão c/encargos complementares","h","MO","SINAPI",{"$f":"+M.O.!$E$37","v":21.04},"Composição"]
[19,{"$f":"+M.O.!A38","v":88286},"Motorista Operador de Munck c/encargos complementares","h","MO","SINAPI",{"$f":"+M.O.!$E$38","v":22.65},"Composição"]
[20,{"$f":"+M.O.!A39","v":88377},"Operador de betoneira c/encargos complementares","h","MO","SINAPI",{"$f":"+M.O.!$E$39","v":19.739999999999998},"Composição"]
[21,{"$f":"+M.O.!A40","v":88294},"Operador de escavadeira c/encargos complementares","h","MO","SINAPI",{"$f":"+M.O.!$E$40","v":26.13},"Composição"]
[22,{"$f":"+M.O.!A41","v":88297},"Operador de máquinas e equipamentos c/encargos complementares","h","MO","SINAPI",{"$f":"+M.O.!$E$41","v":22.56},"Composição"]
[23,{"$f":"+M.O.!A25","v":88309},"Pedreiro c/encargos complementares","h","MO","SINAPI",{"$f":"+M.O.!$E$25","v":20.34},"Composição"]
[24,{"$f":"+M.O.!A26","v":88310},"Pintor c/encargos complementares","h","MO","SINAPI",{"$f":"+M.O.!$E$26","v":21.41},"Composição"]
[25,{"$f":"+M.O.!A32","v":88315},"Serralheiro c/encargos complementares","h","MO","SINAPI",{"$f":"+M.O.!$E$32","v":20.22},"Composição"]
[26,{"$f":"+M.O.!A18","v":88316},"Servente c/encargos complementares","h","MO","SINAPI",{"$f":"+M.O.!$E$18","v":16.920000000000002},"Composição"]
[27,{"$f":"+M.O.!A36","v":88317},"Soldador","h","MO","SINAPI",{"$f":"+M.O.!$E$36","v":24.39},"Composição"]
[28,{"$f":"+M.O.!A30","v":88323},"Telhadista c/encargos complementares","h","MO","SINAPI",{"$f":"+M.O.!$E$30","v":20.48},"Composição"]
[29,{"$f":"+M.O.!A46","v":90781},"Topógrafo c/encargos complementares","h","MO","SINAPI",{"$f":"+M.O.!$E$46","v":29.66},"Composição"]
[30,{"$f":"+M.O.!A42","v":88324},"Tratorista c/encargos complementares","h","MO","SINAPI",{"$f":"+M.O.!$E$42","v":27.07},"Composição"]
[31,{"$f":"+M.O.!A43","v":88326},"Vigia (SINAPI)","h","MO","SINAPI",{"$f":"+M.O.!$E$43","v":21.21},"Composição"]
[32,"-","Vigia domingos e feriados c/encargos complementares","h","MO","Sindicato",{"$f":"IF(M.O.!$D$5=\"c/desoneração\",Vigia!AM52,Vigia!AM54)","v":27.37},"Vem da planilha \"Vigia\""]
[33,"-","Vigia horas diurnas c/encargos complementares","h","MO","Sindicato",{"$f":"IF(M.O.!$D$5=\"c/desoneração\",Vigia!AM46,Vigia!AM48)","v":16.100000000000001}]
[34,"-","Vigia horas noturnas regime 12x36 c/encargos complementares","ms","MO","Sindicato",{"$f":"IF(M.O.!$D$5=\"c/desoneração\",Vigia!AL36,Vigia!AL37)","v":3246.6899999999996}]
[{"$f":"+A46+1","v":35},{"$f":"+Cotações!A10","v":2},"Betoneira 400 l Locação","d","EQ","Cotação",{"$f":"TRUNC(SMALL(Cotações!M10:N10,1)*(1+'Atualizações Cotações'!$J$9),2)","v":64.150000000000006}]
[{"$f":"+A47+1","v":36},{"$f":"+Cotações!A18","v":9},"Compressor de ar 175 PCM c/martelete pneumático Locação","h","EQ","Cotação",{"$f":"TRUNC(SMALL(Cotações!M18:N18,1)*(1+'Atualizações Cotações'!$J$9),2)","v":609.45000000000005},"Dividir por 8 h"]
[37,{"$f":"+Cotações!A12","v":4},"Acabadora de superfície (helicóptero) + pás","h","EQ","Cotação",{"$f":"TRUNC(SMALL(Cotações!M12:N12,1)*(1+'Atualizações Cotações'!$J$9),2)","v":327.17}]
[38,{"$f":"+Cotações!A15","v":7},"Cortadora de piso Locação","d","EQ","Cotação",{"$f":"TRUNC(SMALL(Cotações!M15:N15,1)*(1+'Atualizações Cotações'!$J$9),2)","v":76.98}]
[39,{"$f":"+Cotações!A16","v":8},"Esmerilhadeira","d","EQ","Cotação",{"$f":"TRUNC(SMALL(Cotações!M16:N16,1)*(1+'Atualizações Cotações'!$J$9),2)","v":25.66}]
[40,{"$f":"+Cotações!A11","v":3},"Motor elétrico p/vibrador Locação","d","EQ","Cotação",{"$f":"TRUNC(SMALL(Cotações!M11:N11,1)*(1+'Atualizações Cotações'!$J$9),2)","v":32.07}]
[41,{"$f":"+Cotações!A8","v":1},"Nível a laser","d","EQ","Cotação",{"$f":"TRUNC(SMALL(Cotações!M8:N8,1)*(1+'Atualizações Cotações'!$J$9),2)","v":136.85}]
[42,7252,"Locação Nível ótico","h","EQ","SINAPI",{"$f":"VLOOKUP(B54,'Insumos SINAPI'!$A$8:$E$5279,5,FALSE)","v":2.48}]
[43,{"$f":"+Cotações!A14","v":6},"Placa Vibratória Reversível Locação","d","EQ","Cotação",{"$f":"TRUNC(SMALL(Cotações!M14:N14,1)*(1+'Atualizações Cotações'!$J$9),2)","v":115.47}]
[44,{"$f":"+Cotações!A22","v":11},"Retroescavadeira c/operador Locação","h","EQ","Cotação",{"$f":"TRUNC(SMALL(Cotações!M22:N22,1)*(1+'Atualizações Cotações'!$J$9),2)","v":153.96}]
[45,{"$f":"+Cotações!A13","v":5},"Rolo compactador liso","h","EQ","Cotação",{"$f":"TRUNC(SMALL(Cotações!M13:N13,1)*(1+'Atualizações Cotações'!$J$9),2)","v":69.489999999999995}]
[46,7247,"Teodolito","h","EQ","SINAPI",{"$f":"VLOOKUP(B58,'Insumos SINAPI'!$A$8:$E$5279,5,FALSE)","v":2.48}]
[47,43053,"Aço CA-25 8,0 mm - 0,395 kg/m","kg","MAT","SINAPI",{"$f":"VLOOKUP(B59,'Insumos SINAPI'!$A$8:$E$5279,5,FALSE)","v":8.9499999999999993}]
[48,43054,"Aço CA-25 10,0 mm - 0,617 kg/m","kg","MAT","SINAPI",{"$f":"VLOOKUP(B60,'Insumos SINAPI'!$A$8:$E$5279,5,FALSE)","v":10.02}]
[49,43054,"Aço CA-25 12,5 mm - 0,963 kg/m","kg","MAT","SINAPI",{"$f":"VLOOKUP(B61,'Insumos SINAPI'!$A$8:$E$5279,5,FALSE)","v":10.02}]
[50,43054,"Aço CA-25 16,0 mm - 1,578 kg/m","kg","MAT","SINAPI",{"$f":"VLOOKUP(B62,'Insumos SINAPI'!$A$8:$E$5279,5,FALSE)","v":10.02}]
[51,43054,"Aço CA-25 20,0 mm - 2,466 kg/m","kg","MAT","SINAPI",{"$f":"VLOOKUP(B63,'Insumos SINAPI'!$A$8:$E$5279,5,FALSE)","v":10.02}]
[52,34449,"Aço CA-50  6,3 mm (1/4\") - 0,248 kg/m","kg","MAT","SINAPI",{"$f":"VLOOKUP(B64,'Insumos SINAPI'!$A$8:$E$5279,5,FALSE)","v":10.94}]
[53,32,"Aço CA-50  1/4\" (6,3 mm) - 0,248 kg/m - Vergalhão","kg","MAT","SINAPI",{"$f":"VLOOKUP(B65,'Insumos SINAPI'!$A$8:$E$5279,5,FALSE)","v":9.84}]
[54,33,"Aço CA-50 5/16\" (8,0 mm) - 0,393 kg/m - Vergalhão","kg","MAT","SINAPI",{"$f":"VLOOKUP(B66,'Insumos SINAPI'!$A$8:$E$5279,5,FALSE)","v":9.9}]
[{"$f":"+A66+1","v":55},43058,"Aço CA-50 10,0 mm (3/8\") dobrado e cortado - 0,624 kg/m","kg","MAT","SINAPI",{"$f":"VLOOKUP(B67,'Insumos SINAPI'!$A$8:$E$5279,5,FALSE)","v":9.2799999999999994}]
[56,43058,"Aço CA-50 12,5 mm (1/2\") dobrado e cortado - 0,963 kg/m","kg","MAT","SINAPI",{"$f":"VLOOKUP(B68,'Insumos SINAPI'!$A$8:$E$5279,5,FALSE)","v":9.2799999999999994}]
[57,43058,"Aço CA-50 16,0 mm (5/8\") dobrado e cortado - 1,570 kg/m","kg","MAT","SINAPI",{"$f":"VLOOKUP(B69,'Insumos SINAPI'!$A$8:$E$5279,5,FALSE)","v":9.2799999999999994}]
[58,43058,"Aço CA-50 20,0 mm (3/4\") dobrado e cortado- 2,480 kg/m","kg","MAT","SINAPI",{"$f":"VLOOKUP(B70,'Insumos SINAPI'!$A$8:$E$5279,5,FALSE)","v":9.2799999999999994}]
[59,43061,"Aço CA-60 4,2mm dobrado e cortado - 0,109 kg/m","kg","MAT","SINAPI",{"$f":"VLOOKUP(B71,'Insumos SINAPI'!$A$8:$E$5279,5,FALSE)","v":9.25}]
[60,36,"Aço CA-60 4,2mm - 0,109 kg/m - Vergalhão","kg","MAT","SINAPI",{"$f":"VLOOKUP(B72,'Insumos SINAPI'!$A$8:$E$5279,5,FALSE)","v":{"$error":"#N/A"}}]
[61,43061,"Aço CA-60 5,0 mm dobrado e cortado - 0,157 kg/m","kg","MAT","SINAPI",{"$f":"VLOOKUP(B73,'Insumos SINAPI'!$A$8:$E$5279,5,FALSE)","v":9.25}]
[62,39,"Aço CA-60 5,0 mm - 0,157 kg/m - Vergalhão","kg","MAT","SINAPI",{"$f":"VLOOKUP(B74,'Insumos SINAPI'!$A$8:$E$5279,5,FALSE)","v":{"$error":"#N/A"}}]
[63,43062,"Aço CA-60 6,0 mm dobrado e cortado - 0,222 kg/m","kg","MAT","SINAPI",{"$f":"VLOOKUP(B75,'Insumos SINAPI'!$A$8:$E$5279,5,FALSE)","v":9.7799999999999994}]
[64,40,"Aço CA-60 6,0 mm - 0,222 kg/m - Vergalhão","kg","MAT","SINAPI",{"$f":"VLOOKUP(B76,'Insumos SINAPI'!$A$8:$E$5279,5,FALSE)","v":{"$error":"#N/A"}}]
[65,122,"Adesivo Plástico para PVC, frasco com 850 g","un","MAT","SINAPI",{"$f":"VLOOKUP(B77,'Insumos SINAPI'!$A$8:$E$5279,5,FALSE)","v":79.94}]
[66,{"$f":"+Cotações!A162","v":119},"Água tratada","m³","MAT","Cotação",{"$f":"TRUNC(SMALL(Cotações!M162:N162,1),2)","v":4.66},"Atualizado"]
[67,10527,"Andaime metálico, tipo torre, largura de 1 a 1,5 m e altura de 1 m locação","mxmês","MAT","SINAPI",{"$f":"VLOOKUP(B79,'Insumos SINAPI'!$A$8:$E$5279,5,FALSE)","v":25}]
[68,43131,"Arame Galvanizado 8 BWG (0,101 kg/m)","kg","MAT","SINAPI",{"$f":"VLOOKUP(B80,'Insumos SINAPI'!$A$8:$E$5279,5,FALSE)","v":29.21}]
[69,43131,"Arame Galvanizado 10 BWG (0,0713 kg/m)","kg","MAT","SINAPI",{"$f":"VLOOKUP(B81,'Insumos SINAPI'!$A$8:$E$5279,5,FALSE)","v":29.21}]
[70,43130,"Arame Galvanizado 12 BWG (0,048 kg / m)","kg","MAT","SINAPI",{"$f":"VLOOKUP(B82,'Insumos SINAPI'!$A$8:$E$5279,5,FALSE)","v":25.15}]
[71,43130,"Arame galvanizado 14 BWG (0,026 kg/m)","kg","MAT","SINAPI",{"$f":"VLOOKUP(B83,'Insumos SINAPI'!$A$8:$E$5279,5,FALSE)","v":25.15}]
[72,43132,"Arame Recozido 18 BWG","kg","MAT","SINAPI",{"$f":"VLOOKUP(B84,'Insumos SINAPI'!$A$8:$E$5279,5,FALSE)","v":25.15}]
[73,366,"Areia fina","m³","MAT","SINAPI",{"$f":"VLOOKUP(B85,'Insumos SINAPI'!$A$8:$E$5279,5,FALSE)","v":69}]
[74,367,"Areia grossa","m³","MAT","SINAPI",{"$f":"VLOOKUP(B86,'Insumos SINAPI'!$A$8:$E$5279,5,FALSE)","v":69.900000000000006}]
[75,370,"Areia média","m³","MAT","SINAPI",{"$f":"VLOOKUP(B87,'Insumos SINAPI'!$A$8:$E$5279,5,FALSE)","v":69}]
[76,{"$f":"+Cotações!A157","v":115},"Areia Peneirada - posto obra","m³","MAT","Cotação",{"$f":"TRUNC(SMALL(Cotações!M157:N157,1)*(1+'Atualizações Cotações'!$J$9),2)","v":86.6}]
[77,1381,"Argamassa Colante AC-I","kg","MAT","SINAPI",{"$f":"VLOOKUP(B89,'Insumos SINAPI'!$A$8:$E$5279,5,FALSE)","v":0.6}]
[78,6081,"Argila ou Barro para aterro ou reaterro","m³","MAT","SINAPI",{"$f":"VLOOKUP(B90,'Insumos SINAPI'!$A$8:$E$5279,5,FALSE)","v":47.52}]
[79,1094,"Armação vertical com haste e contra-pino, em chapa de FG 3/16\", com 1 estribo, sem isolador","un","MAT","SINAPI",{"$f":"VLOOKUP(B91,'Insumos SINAPI'!$A$8:$E$5279,5,FALSE)","v":23.96}]
[80,1096,"Armação vertical com haste e contra-pino, em chapa de FG 3/16\", com 4 estribos e 4 isoladores","un","MAT","SINAPI",59.34]
[81,39210,"Arruela em alumínio, com rosca, de 1\", para eletroduto","un","MAT","SINAPI",{"$f":"VLOOKUP(B93,'Insumos SINAPI'!$A$8:$E$5279,5,FALSE)","v":0.84}]
[82,11267,"Arruela redonda de latão, diâmetro externo = 34 mm, espessura = 2,5 mm, diâmetro do furo = 17 mm","un","MAT","SINAPI",{"$f":"VLOOKUP(B94,'Insumos SINAPI'!$A$8:$E$5279,5,FALSE)","v":0.8}]
[83,{"$f":"+Cotações!A180","v":129},"ART","un","MAT","Cotação",{"$f":"TRUNC(SMALL(Cotações!M180:N180,1),2)","v":233.94},"Atualizado"]
[84,{"$f":"+Cotações!A111","v":83},"(ATI) Abdominal","un","MAT","Cotação",{"$f":"TRUNC(SMALL(Cotações!M111:N111,1)*(1+'Atualizações Cotações'!$J$9),2)","v":3432.16}]
[85,{"$f":"+Cotações!A112","v":84},"(ATI) Adução e abdução de pernas duplo","un","MAT","Cotação",{"$f":"TRUNC(SMALL(Cotações!M112:N112,1)*(1+'Atualizações Cotações'!$J$9),2)","v":6114.39}]
[86,{"$f":"+Cotações!A113","v":85},"(ATI) Esqui triplo conjugado","un","MAT","Cotação",{"$f":"TRUNC(SMALL(Cotações!M113:N113,1)*(1+'Atualizações Cotações'!$J$9),2)","v":7737.45}]
[87,{"$f":"+Cotações!A114","v":86},"(ATI) Jogo de barras","un","MAT","Cotação",{"$f":"TRUNC(SMALL(Cotações!M114:N114,1)*(1+'Atualizações Cotações'!$J$9),2)","v":5132.21}]
[88,{"$f":"+Cotações!A115","v":87},"(ATI) Multiexercitador conjugado 6 funções","un","MAT","Cotação",{"$f":"TRUNC(SMALL(Cotações!M115:N115,1)*(1+'Atualizações Cotações'!$J$9),2)","v":8021}]
[89,{"$f":"+Cotações!A116","v":88},"(ATI) Peitoral duplo","un","MAT","Cotação",{"$f":"TRUNC(SMALL(Cotações!M116:N116,1)*(1+'Atualizações Cotações'!$J$9),2)","v":6495.45}]
[90,{"$f":"+Cotações!A117","v":89},"(ATI) Placa orientativa","un","MAT","Cotação",{"$f":"TRUNC(SMALL(Cotações!M117:N117,1)*(1+'Atualizações Cotações'!$J$9),2)","v":3919.72}]
[91,{"$f":"+Cotações!A118","v":90},"(ATI) Pressão de pernas triplo conjugado","un","MAT","Cotação",{"$f":"TRUNC(SMALL(Cotações!M118:N118,1)*(1+'Atualizações Cotações'!$J$9),2)","v":5471.58}]
[92,{"$f":"+Cotações!A119","v":91},"(ATI) Puxador duplo","un","MAT","Cotação",{"$f":"TRUNC(SMALL(Cotações!M119:N119,1)*(1+'Atualizações Cotações'!$J$9),2)","v":6518.55}]
[93,{"$f":"+Cotações!A120","v":92},"(APC) Remada","un","MAT","Cotação",{"$f":"TRUNC(SMALL(Cotações!M120:N120,1)*(1+'Atualizações Cotações'!$J$9),2)","v":3448.2}]
[94,{"$f":"+Cotações!A121","v":93},"(ATI) Simulador de caminhada triplo conjugado","un","MAT","Cotação",{"$f":"TRUNC(SMALL(Cotações!M121:N121,1)*(1+'Atualizações Cotações'!$J$9),2)","v":7255.66}]
[95,{"$f":"+Cotações!A122","v":94},"(ATI) Simulador de remo","un","MAT","Cotação",{"$f":"TRUNC(SMALL(Cotações!M122:N122,1)*(1+'Atualizações Cotações'!$J$9),2)","v":4131.43}]
[96,{"$f":"+Cotações!A123","v":95},"(APC) Voador peitoral e voador dorsal","un","MAT","Cotação",{"$f":"TRUNC(SMALL(Cotações!M123:N123,1)*(1+'Atualizações Cotações'!$J$9),2)","v":4372}]
[97,{"$f":"+Cotações!A25","v":13},"Balizador h=1,05 m","ms","MAT","Cotação",{"$f":"TRUNC(SMALL(Cotações!M25:N25,1)*(1+'Atualizações Cotações'!$J$9),2)","v":71.59}]
[98,546,"Barra de ferro chata, retangular (qualquer bitola)","kg","MAT","SINAPI",{"$f":"VLOOKUP(B110,'Insumos SINAPI'!$A$8:$E$5279,5,FALSE)","v":10.29}]
[99,563,"Barra ferro chato 38,1 mm x 9,53 mm","kg","MAT","SINAPI",{"$f":"VLOOKUP(B111,'Insumos SINAPI'!$A$8:$E$5279,5,FALSE)","v":29.52}]
[100,{"$f":"+Cotações!A80","v":61},"Barra ferro chato 7/8\" X 1/8\"","kg","MAT","Cotação",{"$f":"TRUNC(SMALL(Cotações!M80:N80,1)*(1+'Atualizações Cotações'!$J$9),2)","v":5.86}]
[101,{"$f":"+Cotações!A81","v":62},"Barra ferro chato 7/8\" x 1/4\"","kg","MAT","Cotação",{"$f":"TRUNC(SMALL(Cotações!M81:N81,1)*(1+'Atualizações Cotações'!$J$9),2)","v":5.97}]
[102,546,"Barra ferro chato 1\" x 1/8\"","kg","MAT","SINAPI",{"$f":"VLOOKUP(B114,'Insumos SINAPI'!$A$8:$E$5279,5,FALSE)","v":10.29}]
[103,{"$f":"+Cotações!A82","v":63},"Barra ferro chato 1 1/4\" x 1/4\"","kg","MAT","Cotação",{"$f":"TRUNC(SMALL(Cotações!M82:N82,1)*(1+'Atualizações Cotações'!$J$9),2)","v":5.88}]
[104,563,"Barra ferro chato 1 1/2\" x 3/8\"","kg","MAT","SINAPI",{"$f":"VLOOKUP(B116,'Insumos SINAPI'!$A$8:$E$5279,5,FALSE)","v":29.52},"Dividir por 2,84"]
[105,{"$f":"+Cotações!A83","v":64},"Barra ferro chato 2\" x 1/8\"","kg","MAT","Cotação",{"$f":"TRUNC(SMALL(Cotações!M83:N83,1)*(1+'Atualizações Cotações'!$J$9),2)","v":6.36}]
[106,547,"Barra ferro chato 50 mm x 9,53 mm","m","MAT","SINAPI",{"$f":"VLOOKUP(B118,'Insumos SINAPI'!$A$8:$E$5279,5,FALSE)","v":39.39}]
[107,{"$f":"+Cotações!A125","v":96},"Basalto irregular","m²","MAT","Cotação",{"$f":"TRUNC(SMALL(Cotações!M125:N125,1)*(1+'Atualizações Cotações'!$J$9),2)","v":42.76}]
[108,{"$f":"+Cotações!A126","v":97},"Basalto  irregular meio retalhão","m²","MAT","Cotação",{"$f":"TRUNC(SMALL(Cotações!M126:N126,1)*(1+'Atualizações Cotações'!$J$9),2)","v":134.72}]
[109,{"$f":"+Cotações!A127","v":98},"Basalto regular talhado","m²","MAT","Cotação",{"$f":"TRUNC(SMALL(Cotações!M127:N127,1)*(1+'Atualizações Cotações'!$J$9),2)","v":89.37}]
[110,{"$f":"+Cotações!A128","v":99},"Basalto regular serrado","m²","MAT","Cotação",{"$f":"TRUNC(SMALL(Cotações!M128:N128,1)*(1+'Atualizações Cotações'!$J$9),2)","v":115.79}]
[111,36155,"Bloco concreto tipo holandês cor natural - 6 cm - 35 MPa","m²","MAT","SINAPI",{"$f":"VLOOKUP(B123,'Insumos SINAPI'!$A$8:$E$5279,5,FALSE)","v":41.95}]
[112,36156,"Bloco concreto tipo holandês colorido - 6 cm - 35 MPa","m²","MAT","SINAPI",{"$f":"VLOOKUP(B124,'Insumos SINAPI'!$A$8:$E$5279,5,FALSE)","v":48.6}]
[113,36170,"Bloco concreto tipo holandês cor natural - 8 cm - 35 MPa","m²","MAT","SINAPI",{"$f":"VLOOKUP(B125,'Insumos SINAPI'!$A$8:$E$5279,5,FALSE)","v":53}]
[114,{"$f":"+Cotações!A158","v":116},"Brita 1 ou 2 - posto obra","m³","MAT","Cotação",{"$f":"TRUNC(SMALL(Cotações!M158:N158,1)*(1+'Atualizações Cotações'!$J$9),2)","v":83.39}]
[115,4350,"Bucha de nylon 8 mm, L=40 mm, c/parafuso rosca soberba 4,8 x 50 mm","un","MAT","SINAPI",{"$f":"VLOOKUP(B127,'Insumos SINAPI'!$A$8:$E$5279,5,FALSE)","v":0.66}]
[116,11950,"Bucha de nylon sem aba S6. com parafuso de 4,2 mm x 4,2 mm em aço zincado com rosca soberba","un","MAT","SINAPI",{"$f":"VLOOKUP(B128,'Insumos SINAPI'!$A$8:$E$5279,5,FALSE)","v":0.39}]
[117,20086,"Bucha de redução de PVC, longa 50 x 40 mm, esgoto predial","un","MAT","SINAPI",{"$f":"VLOOKUP(B129,'Insumos SINAPI'!$A$8:$E$5279,5,FALSE)","v":3.06}]
[118,39176,"Bucha em alumínio, com rosca, de 1\", para eletroduto","cj","MAT","SINAPI",{"$f":"VLOOKUP(B130,'Insumos SINAPI'!$A$8:$E$5279,5,FALSE)","v":1.1299999999999999}]
[119,4375,"Bucha nylon S-6 4,2 x 38","un","MAT","SINAPI",{"$f":"VLOOKUP(B131,'Insumos SINAPI'!$A$8:$E$5279,5,FALSE)","v":0.19}]
[120,4376,"Bucha nylon S-8 4,8 x 45","un","MAT","SINAPI",{"$f":"VLOOKUP(B132,'Insumos SINAPI'!$A$8:$E$5279,5,FALSE)","v":0.37}]
[121,41954,"Cabo de aço galvanizado, diâmetro 9,53 mm","kg","MAT","SINAPI",{"$f":"VLOOKUP(B133,'Insumos SINAPI'!$A$8:$E$5279,5,FALSE)","v":79.56}]
[122,857,"Cabo de cobre nu 16 mm² meio duro","m","MAT","SINAPI",{"$f":"VLOOKUP(B134,'Insumos SINAPI'!$A$8:$E$5279,5,FALSE)","v":16.489999999999998}]
[123,{"$f":"+Cotações!A155","v":114},"Caçamba 4,00 m³","un","MAT","Cotação",{"$f":"TRUNC(SMALL(Cotações!M155:N155,1)*(1+'Atualizações Cotações'!$J$9),2)","v":493.97},{"$f":"IF('Atualizações Cotações'!$B$4=\"SIM\",\"Ajustado pelo INCC\",\"\")","v":"Ajustado pelo INCC"}]
[{"$f":"+A135+1","v":124},4496,"Caibro cedrinho 5 x 5 cm","m","MAT","SINAPI",{"$f":"VLOOKUP(B136,'Insumos SINAPI'!$A$8:$E$5279,5,FALSE)","v":{"$error":"#N/A"}}]
[125,{"$f":"+Cotações!A31","v":17},"Caibro cedrinho 5 x 7 cm","m","MAT","Cotação",{"$f":"TRUNC(SMALL(Cotações!M31:N31,1)*(1+'Atualizações Cotações'!$J$9),2)","v":12.5},{"$f":"IF('Atualizações Cotações'!$B$4=\"SIM\",\"Ajustado pelo INCC\",\"\")","v":"Ajustado pelo INCC"}]
[126,{"$f":"+Cotações!A32","v":18},"Caibro cedrinho 5 x 10 cm","m","MAT","Cotação",{"$f":"TRUNC(SMALL(Cotações!M32:N32,1)*(1+'Atualizações Cotações'!$J$9),2)","v":17.2}]
[127,{"$f":"+Cotações!A33","v":19},"Caibro cedrinho 5 x 15 cm","m","MAT","Cotação",{"$f":"TRUNC(SMALL(Cotações!M33:N33,1)*(1+'Atualizações Cotações'!$J$9),2)","v":25.8}]
[128,{"$f":"+Cotações!A34","v":20},"Caibro cedrinho 8 x 8 cm","m","MAT","Cotação",{"$f":"TRUNC(SMALL(Cotações!M34:N34,1)*(1+'Atualizações Cotações'!$J$9),2)","v":21.73}]
[129,4430,"Caibro de madeira não aparelhada 5 x 6 cm","m","MAT","SINAPI",{"$f":"VLOOKUP(B141,'Insumos SINAPI'!$A$8:$E$5279,5,FALSE)","v":7.95}]
[130,{"$f":"+Cotações!A54","v":39},"Caibro itaúba 5 x 5 cm","m","MAT","Cotação",{"$f":"TRUNC(SMALL(Cotações!M54:N54,1)*(1+'Atualizações Cotações'!$J$9),2)","v":13.92}]
[131,{"$f":"+Cotações!A55","v":40},"Caibro itaúba 5 x 7 cm","m","MAT","Cotação",{"$f":"TRUNC(SMALL(Cotações!M55:N55,1)*(1+'Atualizações Cotações'!$J$9),2)","v":20.93}]
[132,{"$f":"+Cotações!A56","v":41},"Caibro itaúba 5 x 10 cm","m","MAT","Cotação",{"$f":"TRUNC(SMALL(Cotações!M56:N56,1)*(1+'Atualizações Cotações'!$J$9),2)","v":27.9}]
[133,4513,"Caibro pinus 5 x 5 cm","m","MAT","SINAPI",{"$f":"VLOOKUP(B145,'Insumos SINAPI'!$A$8:$E$5279,5,FALSE)","v":4.4000000000000004}]
[134,34643,"Caixa de inspeção em polietileno para aterramento e para raios, diâmetro = 300 mm","un","MAT","SINAPI",{"$f":"VLOOKUP(B146,'Insumos SINAPI'!$A$8:$E$5279,5,FALSE)","v":51.53}]
[135,1062,"Caixa de medição com visor, para 1 medidor trifásico, em chapa de aço galvanizado 18 USG","un","MAT","SINAPI",{"$f":"VLOOKUP(B147,'Insumos SINAPI'!$A$8:$E$5279,5,FALSE)","v":337.18}]
[136,39809,"Caixa para medidor polifásico, em policarbonato/termoplástico, para alojar 1 disjuntor","un","MAT","SINAPI",{"$f":"VLOOKUP(B148,'Insumos SINAPI'!$A$8:$E$5279,5,FALSE)","v":177.16}]
[137,4777,"Cantoneira aço (abas iguais) qualquer bitola, espessura entre 1/8\" e 1/4\"","kg","MAT","SINAPI",{"$f":"VLOOKUP(B149,'Insumos SINAPI'!$A$8:$E$5279,5,FALSE)","v":12.7}]
[138,4777,"Cantoneira ferro 1 1/4\" x 3/16\"","kg","MAT","SINAPI",{"$f":"VLOOKUP(B150,'Insumos SINAPI'!$A$8:$E$5279,5,FALSE)","v":12.7}]
[139,4777,"Cantoneira ferro 1 1/2\" x 1/4\"","kg","MAT","SINAPI",{"$f":"VLOOKUP(B151,'Insumos SINAPI'!$A$8:$E$5279,5,FALSE)","v":12.7}]
[140,4777,"Cantoneira ferro 3\" x 3/16\"","kg","MAT","SINAPI",{"$f":"VLOOKUP(B152,'Insumos SINAPI'!$A$8:$E$5279,5,FALSE)","v":12.7}]
[141,{"$f":"+Cotações!A88","v":68},"Chapa aço inox e=1,00 mm","m²","MAT","Cotação",{"$f":"TRUNC(SMALL(Cotações!M88:N88,1)*(1+'Atualizações Cotações'!$J$9),2)","v":211.06}]
[142,1357,"Chapa compensado resinado 12 mm","m²","MAT","SINAPI",{"$f":"VLOOKUP(B154,'Insumos SINAPI'!$A$8:$E$5279,5,FALSE)","v":{"$error":"#N/A"}},"Dividir por 2,42 m²"]
[143,1347,"Chapa de madeira compensada plastificada 12 mm","m²","MAT","SINAPI",{"$f":"VLOOKUP(B155,'Insumos SINAPI'!$A$8:$E$5279,5,FALSE)","v":104.07}]
[144,43678,"Chapa de madeira compensada plastificada 14 mm","m²","MAT","SINAPI",{"$f":"VLOOKUP(B156,'Insumos SINAPI'!$A$8:$E$5279,5,FALSE)","v":120.72}]
[145,1355,"Chapa de madeira compensada resinada 14 mm","m²","MAT","SINAPI",{"$f":"VLOOKUP(B157,'Insumos SINAPI'!$A$8:$E$5279,5,FALSE)","v":69.45}]
[146,1333,"Chapa de aço 1/2\"","kg","MAT","SINAPI",{"$f":"VLOOKUP(B158,'Insumos SINAPI'!$A$8:$E$5279,5,FALSE)","v":11.83}]
[147,1330,"Chapa de aço 1/4\"","kg","MAT","SINAPI",{"$f":"VLOOKUP(B159,'Insumos SINAPI'!$A$8:$E$5279,5,FALSE)","v":11.72}]
[148,11026,"Chapa galvanizada e=1,95 mm","kg","MAT","SINAPI",{"$f":"VLOOKUP(B160,'Insumos SINAPI'!$A$8:$E$5279,5,FALSE)","v":14.93}]
[149,{"$f":"+Cotações!A86","v":67},"Chapa aço 3/16\"","kg","MAT","Cotação",{"$f":"TRUNC(SMALL(Cotações!M86:N86,1)*(1+'Atualizações Cotações'!$J$9),2)","v":6.05}]
[150,{"$f":"+Cotações!A90","v":69},"Chapa galvanizada 1/2\"","kg","MAT","Cotação",{"$f":"TRUNC(SMALL(Cotações!M90:N90,1)*(1+'Atualizações Cotações'!$J$9),2)","v":9.1300000000000008}]
[151,{"$f":"+Cotações!A91","v":70},"Chapa galvanizada 1/4\"","kg","MAT","Cotação",{"$f":"TRUNC(SMALL(Cotações!M91:N91,1)*(1+'Atualizações Cotações'!$J$9),2)","v":9.1300000000000008}]
[152,{"$f":"+Cotações!A92","v":71},"Chapa galvanizada 3/16\"","kg","MAT","Cotação",{"$f":"TRUNC(SMALL(Cotações!M92:N92,1)*(1+'Atualizações Cotações'!$J$9),2)","v":9.1300000000000008}]
[153,34353,"Cimento cola AC-2","kg","MAT","SINAPI",{"$f":"VLOOKUP(B165,'Insumos SINAPI'!$A$8:$E$5279,5,FALSE)","v":1.1100000000000001}]
[154,1379,"Cimento Portland CP-II 32","kg","MAT","SINAPI",{"$f":"VLOOKUP(B166,'Insumos SINAPI'!$A$8:$E$5279,5,FALSE)","v":0.7}]
[155,420,"Cinta circular em aço galvanizado de 150 mm de diâmetro para fixação de caixa de medição","un","MAT","SINAPI",{"$f":"VLOOKUP(B167,'Insumos SINAPI'!$A$8:$E$5279,5,FALSE)","v":35.729999999999997}]
[156,{"$f":"+Cotações!A165","v":121},"CIP","un","MAT","Cotação",{"$f":"TRUNC(SMALL(Cotações!M165:N165,1)*(1+'Atualizações Cotações'!$J$9),2)","v":28.32}]
[157,{"$f":"+Cotações!A135","v":103},"Composto orgânico","m³","MAT","Cotação",{"$f":"TRUNC(SMALL(Cotações!M135:N135,1)*(1+'Atualizações Cotações'!$J$9),2)","v":186.04}]
[158,34492,"Concreto usinado bombeável, fck=20 MPa, slump = 100 +/- 20 mm, exclui serviço de bombeamento","m³","MAT","SINAPI",{"$f":"VLOOKUP(B170,'Insumos SINAPI'!$A$8:$E$5279,5,FALSE)","v":416}]
[159,1527,"Concreto usinado bombeável, fck=25 MPa, slump = 100 +/- 20 mm, inclui serviço de bombeamento","m³","MAT","SINAPI",{"$f":"VLOOKUP(B171,'Insumos SINAPI'!$A$8:$E$5279,5,FALSE)","v":463.37}]
[160,34493,"Concreto usinado bombeável, fck=25 MPa, slump = 100 +/- 20 mm, exclui serviço de bombeamento","m³","MAT","SINAPI",{"$f":"VLOOKUP(B172,'Insumos SINAPI'!$A$8:$E$5279,5,FALSE)","v":427.72}]
[161,1539,"Conector metálico tipo parafuso fendido (split bolt), para cabos até 16 mm²","un","MAT","SINAPI",{"$f":"VLOOKUP(B173,'Insumos SINAPI'!$A$8:$E$5279,5,FALSE)","v":8.02}]
[162,11864,"Conector metálico tipo parafuso fendido (split bolt), para cabos até 95 mm²","un","MAT","SINAPI",{"$f":"VLOOKUP(B174,'Insumos SINAPI'!$A$8:$E$5279,5,FALSE)","v":33.49}]
[163,34498,"Cone de sinalização em PVC flexível, h=70/76 cm","un","MAT","SINAPI",{"$f":"VLOOKUP(B175,'Insumos SINAPI'!$A$8:$E$5279,5,FALSE)","v":114.53}]
[164,1607,"Conjunto arruelas de vedação 5/16\"","cj","MAT","SINAPI",{"$f":"VLOOKUP(B176,'Insumos SINAPI'!$A$8:$E$5279,5,FALSE)","v":0.18}]
[165,{"$f":"+Cotações!A102","v":77},"Corrente aço galvanizado 5 mm elo longo 22 x 45 mm","kg","MAT","Cotação",{"$f":"TRUNC(SMALL(Cotações!M102:N102,1)*(1+'Atualizações Cotações'!$J$9),2)","v":29.18}]
[166,{"$f":"+Cotações!A178","v":128},"CUB-RS R 16-N","un","MAT","Cotação",{"$f":"TRUNC(SMALL(Cotações!M178:N178,1)*(1+'Atualizações Cotações'!$J$9),2)","v":1895.23}]
[167,{"$f":"+Cotações!A174","v":126},"Cuba inox p/bebedouro 38 cm","un","MAT","Cotação",{"$f":"TRUNC(SMALL(Cotações!M174:N174,1)*(1+'Atualizações Cotações'!$J$9),2)","v":193.13}]
[168,{"$f":"+Cotações!A96","v":73},"Cumeeira galvalume ondulada 0,50 mm","un","MAT","Cotação",{"$f":"TRUNC(SMALL(Cotações!M96:N96,1)*(1+'Atualizações Cotações'!$J$9),2)","v":35.770000000000003}]
[169,7181,"Cumeeira para telha cerâmica","un","MAT","SINAPI",{"$f":"VLOOKUP(B181,'Insumos SINAPI'!$A$8:$E$5279,5,FALSE)","v":3.51}]
[170,12034,"Curva PVC 180⁰ 3/4\" p/eletroduto roscável","un","MAT","SINAPI",{"$f":"VLOOKUP(B182,'Insumos SINAPI'!$A$8:$E$5279,5,FALSE)","v":5.98}]
[171,1966,"Curva PVC curta 90 esgoto predial 100 mm","un","MAT","SINAPI",{"$f":"VLOOKUP(B183,'Insumos SINAPI'!$A$8:$E$5279,5,FALSE)","v":29.14}]
[172,1970,"Curva PVC longa 90 esgoto predial 100 mm","un","MAT","SINAPI",{"$f":"VLOOKUP(B184,'Insumos SINAPI'!$A$8:$E$5279,5,FALSE)","v":61.31}]
[173,2692,"Desmoldante p/formas de madeira","l","MAT","SINAPI",{"$f":"VLOOKUP(B185,'Insumos SINAPI'!$A$8:$E$5279,5,FALSE)","v":5.91}]
[174,13887,"Disco de corte diamantado para concreto 350 mm","un","MAT","SINAPI",{"$f":"VLOOKUP(B186,'Insumos SINAPI'!$A$8:$E$5279,5,FALSE)","v":589.52}]
[175,{"$f":"+Cotações!A103","v":78},"Disco de corte MR 832 - 7\"","un","MAT","Cotação",{"$f":"TRUNC(SMALL(Cotações!M103:N103,1)*(1+'Atualizações Cotações'!$J$9),2)","v":29.38}]
[176,2392,"Disjuntor tipo NEMA, tripolar 10 até 50 A","un","MAT","SINAPI",{"$f":"VLOOKUP(B188,'Insumos SINAPI'!$A$8:$E$5279,5,FALSE)","v":80.28}]
[177,2433,"Dobradiça em aço/ferro 3 x 2 1/2\" s/anel","un","MAT","SINAPI",{"$f":"VLOOKUP(B189,'Insumos SINAPI'!$A$8:$E$5279,5,FALSE)","v":9.83}]
[178,{"$f":"+Cotações!A186","v":132},"Dobradiça ferro galvanizado 4\" x 3\"","un","MAT","Cotação",{"$f":"TRUNC(SMALL(Cotações!M186:N186,1)*(1+'Atualizações Cotações'!$J$9),2)","v":9.8000000000000007}]
[179,{"$f":"+Cotações!A190","v":134},"Dobradiça gonzo 5/8\"","un","MAT","Cotação",{"$f":"TRUNC(SMALL(Cotações!M190:N190,1),2)","v":6.65},"Atualizado"]
[180,11002,"Eletrodo revestido AWS - E6013, diâmetro igual a 2,50 mm","kg","MAT","SINAPI",{"$f":"VLOOKUP(B192,'Insumos SINAPI'!$A$8:$E$5279,5,FALSE)","v":63.86}]
[181,2685,"Eletroduto de PVC roscável de 1\", sem luva","m","MAT","SINAPI",{"$f":"VLOOKUP(B193,'Insumos SINAPI'!$A$8:$E$5279,5,FALSE)","v":7.29}]
[182,2705,"Energia elétrica","kWh","MAT","SINAPI",{"$f":"VLOOKUP(B194,'Insumos SINAPI'!$A$8:$E$5279,5,FALSE)","v":1.05}]
[183,6141,"Engate flexível PVC 1/2\" x 30","un","MAT","SINAPI",{"$f":"VLOOKUP(B195,'Insumos SINAPI'!$A$8:$E$5279,5,FALSE)","v":5.36}]
[184,14439,"Escora de Eucalipto d=8 a 11 cm","m","MAT","SINAPI",{"$f":"VLOOKUP(B196,'Insumos SINAPI'!$A$8:$E$5279,5,FALSE)","v":5.18}]
[185,{"$f":"+Cotações!A163","v":120},"Esgoto cloacal","m³","MAT","Cotação",{"$f":"TRUNC(SMALL(Cotações!M163:N163,1),2)","v":3.72},"Atualizado"]
[186,39017,"Espaçador circular em plástico, 4,2 a 12,5 mm","m","MAT","SINAPI",{"$f":"VLOOKUP(B198,'Insumos SINAPI'!$A$8:$E$5279,5,FALSE)","v":0.12}]
[187,39315,"Espaçador tipo garra dupla para ferragens de lajes e fundo de vigas","m","MAT","SINAPI",{"$f":"VLOOKUP(B199,'Insumos SINAPI'!$A$8:$E$5279,5,FALSE)","v":0.2}]
[188,{"$f":"+Cotações!A105","v":79},"Esticador de arame","un","MAT","Cotação",{"$f":"TRUNC(SMALL(Cotações!M105:N105,1)*(1+'Atualizações Cotações'!$J$9),2)","v":6.41},{"$f":"IF('Atualizações Cotações'!$B$4=\"SIM\",\"Ajustado pelo INCC\",\"\")","v":"Ajustado pelo INCC"}]
[189,10886,"Extintor de incêndio de água pressurizada (AP) de 10 l, Classe A","un","MAT","SINAPI",{"$f":"VLOOKUP(B201,'Insumos SINAPI'!$A$8:$E$5279,5,FALSE)","v":219.53}]
[190,10891,"Extintor de incêndio de pó químico seco (PQS) de 4 kg, Classe BC","un","MAT","SINAPI",{"$f":"VLOOKUP(B202,'Insumos SINAPI'!$A$8:$E$5279,5,FALSE)","v":212.29}]
[191,{"$f":"+Cotações!A192","v":135},"Fecho bico de papagaio","un","MAT","Cotação",{"$f":"TRUNC(SMALL(Cotações!M192:N192,1),2)","v":21.31},"Atualizado"]
[192,38125,"Fertilizante orgânico composto, classe A","kg","MAT","SINAPI",{"$f":"VLOOKUP(B204,'Insumos SINAPI'!$A$8:$E$5279,5,FALSE)","v":1.23}]
[193,938,"Fio rígido 1,5 mm² - 750V","m","MAT","SINAPI",{"$f":"VLOOKUP(B205,'Insumos SINAPI'!$A$8:$E$5279,5,FALSE)","v":1.55}]
[194,937,"Fio rígido, isolação em PVC, 450/750 V 10 mm²","m","MAT","SINAPI",{"$f":"VLOOKUP(B206,'Insumos SINAPI'!$A$8:$E$5279,5,FALSE)","v":9.6}]
[195,406,"Fita aço inox para cintar poste L=19 mm, e=0,5 mm (Rolo de 30 m)","un","MAT","SINAPI",{"$f":"VLOOKUP(B207,'Insumos SINAPI'!$A$8:$E$5279,5,FALSE)","v":95.59}]
[196,12815,"Fita crepe rolo 25 mm x 50 m","un","MAT","SINAPI",{"$f":"VLOOKUP(B208,'Insumos SINAPI'!$A$8:$E$5279,5,FALSE)","v":8.43}]
[197,20111,"Fita isolante adesiva antichama 19 mm","m","MAT","SINAPI",{"$f":"VLOOKUP(B209,'Insumos SINAPI'!$A$8:$E$5279,5,FALSE)","v":7.14},"Dividir por 20 m"]
[198,14153,"Fita metálica perfurada, L=18 mm, rolo de 30 m","un","MAT","SINAPI",{"$f":"VLOOKUP(B210,'Insumos SINAPI'!$A$8:$E$5279,5,FALSE)","v":55.03}]
[199,3148,"Fita veda rosca em rolos de 18 mm x 50 m","un","MAT","SINAPI",{"$f":"VLOOKUP(B211,'Insumos SINAPI'!$A$8:$E$5279,5,FALSE)","v":15.82}]
[200,{"$f":"+Cotações!A188","v":133},"Fita zebrada","m","MAT","Cotação",{"$f":"TRUNC(SMALL(Cotações!M188:N188,1)*(1+'Atualizações Cotações'!$J$9),2)","v":0.11}]
[201,{"$f":"+Cotações!A109","v":82},"Fradinho em ferro fundido","un","MAT","Cotação",{"$f":"TRUNC(SMALL(Cotações!M109:N109,1)*(1+'Atualizações Cotações'!$J$9),2)","v":277.13}]
[{"$f":"+A213+1","v":202},7307,"Fundo anticorrosivo tipo zarcão","l","MAT","SINAPI",{"$f":"VLOOKUP(B214,'Insumos SINAPI'!$A$8:$E$5279,5,FALSE)","v":37.43}]
[203,{"$f":"+Cotações!A145","v":109},"Fundo p/galvanizado","l","MAT","Cotação",{"$f":"TRUNC(SMALL(Cotações!M145:N145,1)*(1+'Atualizações Cotações'!$J$9),2)","v":34.47},{"$f":"IF('Atualizações Cotações'!$B$4=\"SIM\",\"Ajustado pelo INCC\",\"\")","v":"Ajustado pelo INCC"}]
[204,43653,"Fundo sintético nivelador branco fosco","l","MAT","SINAPI",{"$f":"VLOOKUP(B216,'Insumos SINAPI'!$A$8:$E$5279,5,FALSE)","v":43.28}]
[205,{"$f":"+Cotações!A94","v":72},"Galvanização","kg","MAT","Cotação",{"$f":"TRUNC(SMALL(Cotações!M94:N94,1)*(1+'Atualizações Cotações'!$J$9),2)","v":3.07}]
[206,4222,"Gasolina","l","MAT","SINAPI",{"$f":"VLOOKUP(B218,'Insumos SINAPI'!$A$8:$E$5279,5,FALSE)","v":6.53}]
[207,3322,"Grama catarina (Grama São Carlos)","m²","MAT","SINAPI",{"$f":"VLOOKUP(B219,'Insumos SINAPI'!$A$8:$E$5279,5,FALSE)","v":24.95}]
[208,{"$f":"+Cotações!A137","v":105},"Grama de campo","m²","MAT","Cotação",{"$f":"TRUNC(SMALL(Cotações!M137:N137,1)*(1+'Atualizações Cotações'!$J$9),2)","v":7.69}]
[209,5076,"Grampo de aço polido 1\"x9","kg","MAT","SINAPI",{"$f":"VLOOKUP(B221,'Insumos SINAPI'!$A$8:$E$5279,5,FALSE)","v":20.94}]
[210,{"$f":"+Cotações!A143","v":108},"Granilha p/ argamassa de alta resistência","kg","MAT","Cotação",{"$f":"TRUNC(SMALL(Cotações!M143:N143,1)*(1+'Atualizações Cotações'!$J$9),2)","v":0.92}]
[211,{"$f":"+Cotações!A35","v":21},"Guia cedrinho 2,5 x 10 cm","m","MAT","Cotação",{"$f":"TRUNC(SMALL(Cotações!M35:N35,1)*(1+'Atualizações Cotações'!$J$9),2)","v":8.59}]
[212,{"$f":"+Cotações!A36","v":22},"Guia cedrinho 2,5 x 15 cm","m","MAT","Cotação",{"$f":"TRUNC(SMALL(Cotações!M36:N36,1)*(1+'Atualizações Cotações'!$J$9),2)","v":12.89}]
[213,{"$f":"+Cotações!A37","v":23},"Guia cedrinho 2,5 x 20 cm","m","MAT","Cotação",{"$f":"TRUNC(SMALL(Cotações!M37:N37,1)*(1+'Atualizações Cotações'!$J$9),2)","v":17.18}]
[214,{"$f":"+Cotações!A38","v":24},"Guia eucalipto 2,5 x 10 cm","m","MAT","Cotação",{"$f":"TRUNC(SMALL(Cotações!M38:N38,1)*(1+'Atualizações Cotações'!$J$9),2)","v":2.21}]
[215,{"$f":"+Cotações!A39","v":25},"Guia eucalipto 2,5 x 20 cm","m","MAT","Cotação",{"$f":"TRUNC(SMALL(Cotações!M39:N39,1)*(1+'Atualizações Cotações'!$J$9),2)","v":4.46}]
[216,3379,"Haste de aterramento em aço c/3,00 m e DN = 5/8\", revestida c/baixa camada de cobre, sem conector","un","MAT","SINAPI",{"$f":"VLOOKUP(B228,'Insumos SINAPI'!$A$8:$E$5279,5,FALSE)","v":83.99}]
[217,11029,"Haste reta galvanizada c/rosca 1/4\" x 30 cm","cj","MAT","SINAPI",{"$f":"VLOOKUP(B229,'Insumos SINAPI'!$A$8:$E$5279,5,FALSE)","v":1.39}]
[218,12128,"Interruptor sobrepor 1 tecla simples","un","MAT","SINAPI",{"$f":"VLOOKUP(B230,'Insumos SINAPI'!$A$8:$E$5279,5,FALSE)","v":10.11}]
[219,3398,"Isolador de porcelana, tipo roldana, 72 mm x 72 mm, para uso em baixa tensão","un","MAT","SINAPI",{"$f":"VLOOKUP(B231,'Insumos SINAPI'!$A$8:$E$5279,5,FALSE)","v":6.21}]
[220,3505,"Joelho PVC roscável 90⁰ 3/4\"","un","MAT","SINAPI",{"$f":"VLOOKUP(B232,'Insumos SINAPI'!$A$8:$E$5279,5,FALSE)","v":5.9}]
[221,3542,"Joelho PVC soldável 90⁰ 20 mm","un","MAT","SINAPI",{"$f":"VLOOKUP(B233,'Insumos SINAPI'!$A$8:$E$5279,5,FALSE)","v":0.89}]
[222,{"$f":"+Cotações!A169","v":123},"Laje de grês 90 x 45 cm","un","MAT","Cotação",{"$f":"TRUNC(SMALL(Cotações!M169:N169,1)*(1+'Atualizações Cotações'!$J$9),2)","v":8.59}]
[223,{"$f":"+Cotações!A130","v":100},"Lajota concreto","m²","MAT","Cotação",{"$f":"TRUNC(SMALL(Cotações!M130:N130,1)*(1+'Atualizações Cotações'!$J$9),2)","v":33.049999999999997}]
[224,{"$f":"+Cotações!A63","v":47},"Laminado melamínico fosco esp = 2,8 mm","m²","MAT","Cotação",{"$f":"TRUNC(SMALL(Cotações!M63:N63,1)*(1+'Atualizações Cotações'!$J$9),2)","v":32.979999999999997}]
[225,38780,"Lâmpada fluorescente compacta 3U branca 20 W, base E27","un","MAT","SINAPI",{"$f":"VLOOKUP(B237,'Insumos SINAPI'!$A$8:$E$5279,5,FALSE)","v":19.89}]
[226,3768,"Lixa p/ferro","un","MAT","SINAPI",{"$f":"VLOOKUP(B238,'Insumos SINAPI'!$A$8:$E$5279,5,FALSE)","v":4.4400000000000004}]
[{"$f":"+A238+1","v":227},3767,"Lixa p/madeira","un","MAT","SINAPI",{"$f":"VLOOKUP(B239,'Insumos SINAPI'!$A$8:$E$5279,5,FALSE)","v":1.48}]
[{"$f":"+A239+1","v":228},10776,"Locação container escritório s/frete","ms","MAT","SINAPI",{"$f":"VLOOKUP(B240,'Insumos SINAPI'!$A$8:$E$5279,5,FALSE)","v":578.12}]
[{"$f":"+A240+1","v":229},10777,"Locação Container sanitário s/frete","ms","MAT","SINAPI",{"$f":"VLOOKUP(B241,'Insumos SINAPI'!$A$8:$E$5279,5,FALSE)","v":840.2}]
[{"$f":"+A241+1","v":230},{"$f":"+Cotações!A20","v":10},"Locação sanitário químico","ms","MAT","Cotação",{"$f":"TRUNC(SMALL(Cotações!M20:N20,1)*(1+'Atualizações Cotações'!$J$9),2)","v":898.13},{"$f":"IF('Atualizações Cotações'!$B$4=\"SIM\",\"Ajustado pelo INCC\",\"\")","v":"Ajustado pelo INCC"}]
[{"$f":"+A242+1","v":231},3777,"Lona plástica preta","m²","MAT","SINAPI",{"$f":"VLOOKUP(B243,'Insumos SINAPI'!$A$8:$E$5279,5,FALSE)","v":1.75},{"$f":"IF('Atualizações Cotações'!$B$4=\"SIM\",\"Ajustado pelo INCC\",\"\")","v":"Ajustado pelo INCC"}]
[232,1892,"Luva PVC roscável p/eletroduto 1\"","un","MAT","SINAPI",{"$f":"VLOOKUP(B244,'Insumos SINAPI'!$A$8:$E$5279,5,FALSE)","v":2.11},{"$f":"IF('Atualizações Cotações'!$B$4=\"SIM\",\"Ajustado pelo INCC\",\"\")","v":"Ajustado pelo INCC"}]
[233,2745,"Madeira roliça s/tratamento, eucalipto, d=8 cm","m","MAT","SINAPI",{"$f":"VLOOKUP(B245,'Insumos SINAPI'!$A$8:$E$5279,5,FALSE)","v":4.18},{"$f":"IF('Atualizações Cotações'!$B$4=\"SIM\",\"Ajustado pelo INCC\",\"\")","v":"Ajustado pelo INCC"}]
[234,4011,"Manta Bidim RT-10","m²","MAT","SINAPI",{"$f":"VLOOKUP(B246,'Insumos SINAPI'!$A$8:$E$5279,5,FALSE)","v":6.82},{"$f":"IF('Atualizações Cotações'!$B$4=\"SIM\",\"Ajustado pelo INCC\",\"\")","v":"Ajustado pelo INCC"}]
[235,{"$f":"+Cotações!A147","v":110},"Manta Geotêxtil para cura do concreto","m²","MAT","Cotação",{"$f":"TRUNC(SMALL(Cotações!M147:N147,1)*(1+'Atualizações Cotações'!$J$9),2)","v":2.82},{"$f":"IF('Atualizações Cotações'!$B$4=\"SIM\",\"Ajustado pelo INCC\",\"\")","v":"Ajustado pelo INCC"}]
[236,3288,"Meia cana cedrinho 2,5 x 2,5 cm","m","MAT","SINAPI",{"$f":"VLOOKUP(B248,'Insumos SINAPI'!$A$8:$E$5279,5,FALSE)","v":5.58},{"$f":"IF('Atualizações Cotações'!$B$4=\"SIM\",\"Ajustado pelo INCC\",\"\")","v":"Ajustado pelo INCC"}]
[237,4059,"Meio-fio pré-moldado, comp. 1 m, 30 x 15/12 cm (h x l1/l2)","m","MAT","SINAPI",{"$f":"VLOOKUP(B249,'Insumos SINAPI'!$A$8:$E$5279,5,FALSE)","v":31.93},{"$f":"IF('Atualizações Cotações'!$B$4=\"SIM\",\"Ajustado pelo INCC\",\"\")","v":"Ajustado pelo INCC"}]
[238,{"$f":"+Cotações!A141","v":107},"Microfibra de polipropileno","sc","MAT","Cotação",{"$f":"TRUNC(SMALL(Cotações!M141:N141,1)*(1+'Atualizações Cotações'!$J$9),2)","v":14.07},{"$f":"IF('Atualizações Cotações'!$B$4=\"SIM\",\"Ajustado pelo INCC\",\"\")","v":"Ajustado pelo INCC"}]
[239,4107,"Mourão de concreto reto, 10 x 10 cm, h= 2,30 m","un","MAT","SINAPI",{"$f":"VLOOKUP(B251,'Insumos SINAPI'!$A$8:$E$5279,5,FALSE)","v":61.44},{"$f":"IF('Atualizações Cotações'!$B$4=\"SIM\",\"Ajustado pelo INCC\",\"\")","v":"Ajustado pelo INCC"}]
[240,36797,"Mourão de concreto curvo, 10 x 10 cm, h= 2,60 m + curva de 0,40 m","un","MAT","SINAPI",{"$f":"VLOOKUP(B252,'Insumos SINAPI'!$A$8:$E$5279,5,FALSE)","v":65.16},{"$f":"IF('Atualizações Cotações'!$B$4=\"SIM\",\"Ajustado pelo INCC\",\"\")","v":"Ajustado pelo INCC"}]
[241,4211,"Nipel PVC roscável 3/4\"","un","MAT","SINAPI",{"$f":"VLOOKUP(B253,'Insumos SINAPI'!$A$8:$E$5279,5,FALSE)","v":2.4500000000000002},{"$f":"IF('Atualizações Cotações'!$B$4=\"SIM\",\"Ajustado pelo INCC\",\"\")","v":"Ajustado pelo INCC"}]
[242,4221,"Óleo diesel","l","MAT","SINAPI",{"$f":"VLOOKUP(B254,'Insumos SINAPI'!$A$8:$E$5279,5,FALSE)","v":5.39},{"$f":"IF('Atualizações Cotações'!$B$4=\"SIM\",\"Ajustado pelo INCC\",\"\")","v":"Ajustado pelo INCC"}]
[243,4227,"Óleo lubrificante para motores","l","MAT","SINAPI",{"$f":"VLOOKUP(B255,'Insumos SINAPI'!$A$8:$E$5279,5,FALSE)","v":18.149999999999999},{"$f":"IF('Atualizações Cotações'!$B$4=\"SIM\",\"Ajustado pelo INCC\",\"\")","v":"Ajustado pelo INCC"}]
[244,{"$f":"+Cotações!A149","v":111},"Papeleira externa metálica H-30","un","MAT","Cotação",{"$f":"TRUNC(SMALL(Cotações!M149:N149,1)*(1+'Atualizações Cotações'!$J$9),2)","v":706.96},{"$f":"IF('Atualizações Cotações'!$B$4=\"SIM\",\"Ajustado pelo INCC\",\"\")","v":"Ajustado pelo INCC"}]
[245,{"$f":"+Cotações!A67","v":49},"Parafuso aço inox 1/4\" x 3\" c/porca","un","MAT","Cotação",{"$f":"TRUNC(SMALL(Cotações!M67:N67,1)*(1+'Atualizações Cotações'!$J$9),2)","v":1.57},{"$f":"IF('Atualizações Cotações'!$B$4=\"SIM\",\"Ajustado pelo INCC\",\"\")","v":"Ajustado pelo INCC"}]
[246,4346,"Parafuso de ferro polido, sext., f =  5/8\", comp. 6\", c/porca e arruela de pressão média","un","MAT","SINAPI",{"$f":"VLOOKUP(B258,'Insumos SINAPI'!$A$8:$E$5279,5,FALSE)","v":10.54},{"$f":"IF('Atualizações Cotações'!$B$4=\"SIM\",\"Ajustado pelo INCC\",\"\")","v":"Ajustado pelo INCC"}]
[247,{"$f":"+Cotações!A68","v":50},"Parafuso francês zincado 5/16\" x 2\" c/porca","un","MAT","Cotação",{"$f":"TRUNC(SMALL(Cotações!M68:N68,1)*(1+'Atualizações Cotações'!$J$9),2)","v":0.53},{"$f":"IF('Atualizações Cotações'!$B$4=\"SIM\",\"Ajustado pelo INCC\",\"\")","v":"Ajustado pelo INCC"}]
[248,{"$f":"+Cotações!A69","v":51},"Parafuso francês zincado 5/16\" x 2 1/2\" c/porca","un","MAT","Cotação",{"$f":"TRUNC(SMALL(Cotações!M69:N69,1)*(1+'Atualizações Cotações'!$J$9),2)","v":0.62},{"$f":"IF('Atualizações Cotações'!$B$4=\"SIM\",\"Ajustado pelo INCC\",\"\")","v":"Ajustado pelo INCC"}]
[249,{"$f":"+Cotações!A70","v":52},"Parafuso francês zincado 5/16\" x 4\" c/porca","un","MAT","Cotação",{"$f":"TRUNC(SMALL(Cotações!M70:N70,1)*(1+'Atualizações Cotações'!$J$9),2)","v":0.87},{"$f":"IF('Atualizações Cotações'!$B$4=\"SIM\",\"Ajustado pelo INCC\",\"\")","v":"Ajustado pelo INCC"}]
[250,{"$f":"+Cotações!A71","v":53},"Parafuso francês zincado 5/16\" x 5\" c/porca","un","MAT","Cotação",{"$f":"TRUNC(SMALL(Cotações!M71:N71,1)*(1+'Atualizações Cotações'!$J$9),2)","v":1.02},{"$f":"IF('Atualizações Cotações'!$B$4=\"SIM\",\"Ajustado pelo INCC\",\"\")","v":"Ajustado pelo INCC"}]
[251,{"$f":"+Cotações!A72","v":54},"Parafuso inox auto atarraxante 4,8 x 70","un","MAT","Cotação",{"$f":"TRUNC(SMALL(Cotações!M72:N72,1)*(1+'Atualizações Cotações'!$J$9),2)","v":0.8},{"$f":"IF('Atualizações Cotações'!$B$4=\"SIM\",\"Ajustado pelo INCC\",\"\")","v":"Ajustado pelo INCC"}]
[252,{"$f":"+Cotações!A73","v":55},"Parafuso inox auto atarraxante 4,8 x 100","un","MAT","Cotação",{"$f":"TRUNC(SMALL(Cotações!M73:N73,1)*(1+'Atualizações Cotações'!$J$9),2)","v":2.12},{"$f":"IF('Atualizações Cotações'!$B$4=\"SIM\",\"Ajustado pelo INCC\",\"\")","v":"Ajustado pelo INCC"}]
[253,4356,"Parafuso rosca soberba 4,8 x 45 mm","un","MAT","SINAPI",{"$f":"VLOOKUP(B265,'Insumos SINAPI'!$A$8:$E$5279,5,FALSE)","v":0.27},{"$f":"IF('Atualizações Cotações'!$B$4=\"SIM\",\"Ajustado pelo INCC\",\"\")","v":"Ajustado pelo INCC"}]
[254,4380,"Parafuso rosca soberba aço zincado 5/16\" x 120 mm","un","MAT","SINAPI",{"$f":"VLOOKUP(B266,'Insumos SINAPI'!$A$8:$E$5279,5,FALSE)","v":1.05},{"$f":"IF('Atualizações Cotações'!$B$4=\"SIM\",\"Ajustado pelo INCC\",\"\")","v":"Ajustado pelo INCC"}]
[255,4302,"Parafuso rosca soberba aço zincado 5/16\" x 250 mm","un","MAT","SINAPI",{"$f":"VLOOKUP(B267,'Insumos SINAPI'!$A$8:$E$5279,5,FALSE)","v":2.82},{"$f":"IF('Atualizações Cotações'!$B$4=\"SIM\",\"Ajustado pelo INCC\",\"\")","v":"Ajustado pelo INCC"}]
[256,4332,"Parafuso sextavado aço zincado 3/8\"x 2\"","un","MAT","SINAPI",{"$f":"VLOOKUP(B268,'Insumos SINAPI'!$A$8:$E$5279,5,FALSE)","v":1.1299999999999999},{"$f":"IF('Atualizações Cotações'!$B$4=\"SIM\",\"Ajustado pelo INCC\",\"\")","v":"Ajustado pelo INCC"}]
[257,{"$f":"+Cotações!A74","v":56},"Parafuso sextavado aço zincado 1/2\" x 1 1/2\"","un","MAT","Cotação",{"$f":"TRUNC(SMALL(Cotações!M74:N74,1)*(1+'Atualizações Cotações'!$J$9),2)","v":1.05},{"$f":"IF('Atualizações Cotações'!$B$4=\"SIM\",\"Ajustado pelo INCC\",\"\")","v":"Ajustado pelo INCC"}]
[258,{"$f":"+Cotações!A75","v":57},"Parafuso sextavado aço zincado 1/2\" x 3 1/2\"","un","MAT","Cotação",{"$f":"TRUNC(SMALL(Cotações!M75:N75,1)*(1+'Atualizações Cotações'!$J$9),2)","v":1.93},{"$f":"IF('Atualizações Cotações'!$B$4=\"SIM\",\"Ajustado pelo INCC\",\"\")","v":"Ajustado pelo INCC"}]
[259,{"$f":"+Cotações!A76","v":58},"Parafuso sextavado aço zincado 1/2\" x 8\"","un","MAT","Cotação",{"$f":"TRUNC(SMALL(Cotações!M76:N76,1)*(1+'Atualizações Cotações'!$J$9),2)","v":4.72},{"$f":"IF('Atualizações Cotações'!$B$4=\"SIM\",\"Ajustado pelo INCC\",\"\")","v":"Ajustado pelo INCC"}]
[260,{"$f":"+Cotações!A77","v":59},"Parafuso sextavado aço zincado c/porca 1/4\" x 2\"","un","MAT","Cotação",{"$f":"TRUNC(SMALL(Cotações!M77:N77,1)*(1+'Atualizações Cotações'!$J$9),2)","v":0.32},{"$f":"IF('Atualizações Cotações'!$B$4=\"SIM\",\"Ajustado pelo INCC\",\"\")","v":"Ajustado pelo INCC"}]
[261,{"$f":"+Cotações!A78","v":60},"Parafuso sextavado rosca soberba 1/4 \"x 30 mm","un","MAT","Cotação",{"$f":"TRUNC(SMALL(Cotações!M78:N78,1)*(1+'Atualizações Cotações'!$J$9),2)","v":0.19}]
[262,4385,"Paralelepípedo granítico ou basáltico","mil","MAT","SINAPI",{"$f":"VLOOKUP(B274,'Insumos SINAPI'!$A$8:$E$5279,5,FALSE)","v":1673.89}]
[263,4433,"Peça de madeira não aparelhada 7,5x7,5 cm","un","MAT","SINAPI",{"$f":"VLOOKUP(B275,'Insumos SINAPI'!$A$8:$E$5279,5,FALSE)","v":15.54}]
[264,2731,"Peça de madeira roliça tratada f = 20 a 24 cm - h = 12,0 m (p/postes)","m","MAT","SINAPI",{"$f":"VLOOKUP(B276,'Insumos SINAPI'!$A$8:$E$5279,5,FALSE)","v":119.37}]
[265,4720,"Pedra britada nº 0","m³","MAT","SINAPI",{"$f":"VLOOKUP(B277,'Insumos SINAPI'!$A$8:$E$5279,5,FALSE)","v":70.510000000000005}]
[266,4721,"Pedra britada nº 1","m³","MAT","SINAPI",{"$f":"VLOOKUP(B278,'Insumos SINAPI'!$A$8:$E$5279,5,FALSE)","v":61.07}]
[267,4718,"Pedra britada nº 2","m³","MAT","SINAPI",{"$f":"VLOOKUP(B279,'Insumos SINAPI'!$A$8:$E$5279,5,FALSE)","v":61.4}]
[268,{"$f":"+Cotações!A172","v":125},"Pedra de alicerce 20 x 20 x 20 cm","un","MAT","Cotação",{"$f":"TRUNC(SMALL(Cotações!M172:N172,1)*(1+'Atualizações Cotações'!$J$9),2)","v":6.73}]
[269,{"$f":"+Cotações!A170","v":124},"Pedra de grês 43 x 21 x 12 cm","un","MAT","Cotação",{"$f":"TRUNC(SMALL(Cotações!M170:N170,1)*(1+'Atualizações Cotações'!$J$9),2)","v":2.37}]
[270,4708,"Pedra portuguesa","m²","MAT","SINAPI",{"$f":"VLOOKUP(B282,'Insumos SINAPI'!$A$8:$E$5279,5,FALSE)","v":244.76}]
[271,{"$f":"+Cotações!A131","v":101},"Piso podotátil 25x25 cm","un","MAT","Cotação",{"$f":"TRUNC(SMALL(Cotações!M131:N131,1)*(1+'Atualizações Cotações'!$J$9),2)","v":4}]
[272,{"$f":"+Cotações!A153","v":113},"Placa de granito","un","MAT","Cotação",{"$f":"TRUNC(SMALL(Cotações!M153:N153,1)*(1+'Atualizações Cotações'!$J$9),2)","v":862.85}]
[{"$f":"+A284+1","v":273},{"$f":"+Cotações!A139","v":106},"Placa em lona impressa","m²","MAT","Cotação",{"$f":"TRUNC(SMALL(Cotações!M139:N139,1)*(1+'Atualizações Cotações'!$J$9),2)","v":78.09},{"$f":"IF('Atualizações Cotações'!$B$4=\"SIM\",\"Ajustado pelo INCC\",\"\")","v":"Ajustado pelo INCC"}]
[274,{"$f":"+Cotações!A176","v":127},"Plotagem","m²","MAT","Cotação",{"$f":"TRUNC(SMALL(Cotações!M176:N176,1)*(1+'Atualizações Cotações'!$J$9),2)","v":14.48}]
[275,4741,"Pó de pedra","m³","MAT","SINAPI",{"$f":"VLOOKUP(B287,'Insumos SINAPI'!$A$8:$E$5279,5,FALSE)","v":57.69}]
[276,4491,"Pontalete em pinus 7,5 x 7,5 cm","m","MAT","SINAPI",{"$f":"VLOOKUP(B288,'Insumos SINAPI'!$A$8:$E$5279,5,FALSE)","v":6.25}]
[277,2745,"Pontalete roliço s/tratamento eucalipto d= 8 a 11 cm","m","MAT","SINAPI",{"$f":"VLOOKUP(B289,'Insumos SINAPI'!$A$8:$E$5279,5,FALSE)","v":4.18}]
[278,4339,"Porca sextavada aço zincado 1/2\"","un","MAT","SINAPI",{"$f":"VLOOKUP(B290,'Insumos SINAPI'!$A$8:$E$5279,5,FALSE)","v":0.56000000000000005}]
[279,4342,"Porca sextavada aço zincado 3/8\"","un","MAT","SINAPI",{"$f":"VLOOKUP(B291,'Insumos SINAPI'!$A$8:$E$5279,5,FALSE)","v":0.23}]
[280,39997,"Porca sextavada aço zincado 1/4\"","un","MAT","SINAPI",{"$f":"VLOOKUP(B292,'Insumos SINAPI'!$A$8:$E$5279,5,FALSE)","v":0.31}]
[281,{"$f":"+Cotações!A193","v":136},"Porta cadeado zincado 2 1/2\"","un","MAT","Cotação",{"$f":"TRUNC(SMALL(Cotações!M193:N193,1),2)","v":11.4},"Atualizado"]
[282,5044,"Poste de concreto circular, 200 kg, h=9 m","un","MAT","SINAPI",{"$f":"VLOOKUP(B294,'Insumos SINAPI'!$A$8:$E$5279,5,FALSE)","v":1776.4}]
[283,20247,"Prego de aço 15 x 15 c/cabeça","kg","MAT","SINAPI",{"$f":"VLOOKUP(B295,'Insumos SINAPI'!$A$8:$E$5279,5,FALSE)","v":22.95}]
[284,5074,"Prego de aço 15 x 18 c/cabeça","kg","MAT","SINAPI",{"$f":"VLOOKUP(B296,'Insumos SINAPI'!$A$8:$E$5279,5,FALSE)","v":23.23}]
[285,5068,"Prego de aço 17 x 21 c/cabeça","kg","MAT","SINAPI",{"$f":"VLOOKUP(B297,'Insumos SINAPI'!$A$8:$E$5279,5,FALSE)","v":20.73}]
[286,5073,"Prego de aço 17 x 24 c/cabeça","kg","MAT","SINAPI",{"$f":"VLOOKUP(B298,'Insumos SINAPI'!$A$8:$E$5279,5,FALSE)","v":21.13}]
[287,5069,"Prego de aço 17 x 27 c/cabeça","kg","MAT","SINAPI",{"$f":"VLOOKUP(B299,'Insumos SINAPI'!$A$8:$E$5279,5,FALSE)","v":21.13}]
[288,40304,"Prego de aço 17 x 27 c/cabeça dupla","kg","MAT","SINAPI",{"$f":"VLOOKUP(B300,'Insumos SINAPI'!$A$8:$E$5279,5,FALSE)","v":25.59}]
[289,5061,"Prego de aço 18 x 27 c/cabeça","kg","MAT","SINAPI",{"$f":"VLOOKUP(B301,'Insumos SINAPI'!$A$8:$E$5279,5,FALSE)","v":20.38}]
[290,5075,"Prego de aço 18 x 30 c/cabeça","kg","MAT","SINAPI",{"$f":"VLOOKUP(B302,'Insumos SINAPI'!$A$8:$E$5279,5,FALSE)","v":20.73}]
[291,39027,"Prego de aço 19 x 36 c/cabeça","kg","MAT","SINAPI",{"$f":"VLOOKUP(B303,'Insumos SINAPI'!$A$8:$E$5279,5,FALSE)","v":20.71}]
[292,{"$f":"+Cotações!A27","v":14},"Projeto de sinalização","un","MAT","Cotação",{"$f":"TRUNC(SMALL(Cotações!M27:N27,1)*(1+'Atualizações Cotações'!$J$9),2)","v":1017.1}]
[293,4224,"Querosene","l","MAT","SINAPI",{"$f":"VLOOKUP(B305,'Insumos SINAPI'!$A$8:$E$5279,5,FALSE)","v":{"$error":"#N/A"}}]
[294,20043,"Redução excêntrica PVC p/esgoto predial 100 x 50 mm","un","MAT","SINAPI",{"$f":"VLOOKUP(B306,'Insumos SINAPI'!$A$8:$E$5279,5,FALSE)","v":9.82}]
[295,6016,"Registro gaveta bruto em latão forjado, bitola 3/4\"","un","MAT","SINAPI",{"$f":"VLOOKUP(B307,'Insumos SINAPI'!$A$8:$E$5279,5,FALSE)","v":41.73}]
[296,{"$f":"+Cotações!A133","v":102},"Saibro rosa - posto obra","m³","MAT","Cotação",{"$f":"TRUNC(SMALL(Cotações!M133:N133,1)*(1+'Atualizações Cotações'!$J$9),2)","v":63.29}]
[297,{"$f":"+Cotações!A29","v":15},"Sarrafo cedrinho 2,5 x 2,5 cm","m","MAT","Cotação",{"$f":"TRUNC(SMALL(Cotações!M29:N29,1)*(1+'Atualizações Cotações'!$J$9),2)","v":2.41}]
[298,4415,"Sarrafo não aparelhado cedrinho 2,5 x 5,0 cm","m","MAT","SINAPI",{"$f":"VLOOKUP(B310,'Insumos SINAPI'!$A$8:$E$5279,5,FALSE)","v":3}]
[299,4417,"Sarrafo não aparelhado cedrinho 2,5x7,0 cm","m","MAT","SINAPI",{"$f":"VLOOKUP(B311,'Insumos SINAPI'!$A$8:$E$5279,5,FALSE)","v":4.32}]
[300,4460,"Sarrafo não aparelhado cedrinho 2,5x10,0 cm","m","MAT","SINAPI",{"$f":"VLOOKUP(B312,'Insumos SINAPI'!$A$8:$E$5279,5,FALSE)","v":5.61}]
[301,6204,"Sarrafo de madeira não aparelhada 2,5x15 cm","m","MAT","SINAPI",{"$f":"VLOOKUP(B313,'Insumos SINAPI'!$A$8:$E$5279,5,FALSE)","v":{"$error":"#N/A"}}]
[302,4517,"Sarrafo pinus 2,5 x 7,5 cm","m","MAT","SINAPI",{"$f":"VLOOKUP(B314,'Insumos SINAPI'!$A$8:$E$5279,5,FALSE)","v":2.1800000000000002}]
[303,{"$f":"+Cotações!A53","v":38},"Sarrafo itaúba 2,5 x 5,0 cm","m","MAT","Cotação",{"$f":"TRUNC(SMALL(Cotações!M53:N53,1)*(1+'Atualizações Cotações'!$J$9),2)","v":6.95}]
[304,{"$f":"+Cotações!A24","v":12},"Sinalizador eletrônico luminoso piscante","un","MAT","Cotação",{"$f":"TRUNC(SMALL(Cotações!M24:N24,1)*(1+'Atualizações Cotações'!$J$9),2)","v":131.03}]
[305,20250,"Sisal em fibra","kg","MAT","SINAPI",{"$f":"VLOOKUP(B317,'Insumos SINAPI'!$A$8:$E$5279,5,FALSE)","v":14}]
[306,5318,"Solvente Diluente a base de aguarrás","l","MAT","SINAPI",{"$f":"VLOOKUP(B318,'Insumos SINAPI'!$A$8:$E$5279,5,FALSE)","v":23.8}]
[307,12295,"Soquete de baquelite base E27","un","MAT","SINAPI",{"$f":"VLOOKUP(B319,'Insumos SINAPI'!$A$8:$E$5279,5,FALSE)","v":3.92}]
[308,3992,"Tábua de madeira aparelhada 2,5 x 30 cm","m","MAT","SINAPI",{"$f":"VLOOKUP(B320,'Insumos SINAPI'!$A$8:$E$5279,5,FALSE)","v":18.440000000000001}]
[309,6193,"Tábua de madeira não aparelhada cedrinho 2,5 x 20 cm","m","MAT","SINAPI",{"$f":"VLOOKUP(B321,'Insumos SINAPI'!$A$8:$E$5279,5,FALSE)","v":11.23}]
[310,6189,"Tábua de madeira não aparelhada cedrinho 2,5 x 30 cm","m","MAT","SINAPI",{"$f":"VLOOKUP(B322,'Insumos SINAPI'!$A$8:$E$5279,5,FALSE)","v":16.39}]
[311,6194,"Tábua de madeira não aparelhada 2,5 x 15 cm","m","MAT","SINAPI",{"$f":"VLOOKUP(B323,'Insumos SINAPI'!$A$8:$E$5279,5,FALSE)","v":4.46}]
[312,{"$f":"+Cotações!A57","v":42},"Tábua itaúba 4 x 15 cm","m","MAT","Cotação",{"$f":"TRUNC(SMALL(Cotações!M57:N57,1)*(1+'Atualizações Cotações'!$J$9),2)","v":37.520000000000003}]
[313,{"$f":"+Cotações!$A$58","v":43},"Tábua itaúba 4 x 25 cm","m","MAT","Cotação",{"$f":"TRUNC(SMALL(Cotações!M58:N58,1)*(1+'Atualizações Cotações'!$J$9),2)","v":62.54}]
[314,{"$f":"+Cotações!A59","v":44},"Tábua itaúba 4 x 30 cm","m","MAT","Cotação",{"$f":"TRUNC(SMALL(Cotações!M59:N59,1)*(1+'Atualizações Cotações'!$J$9),2)","v":75.05}]
[315,{"$f":"+Cotações!A60","v":45},"Tábua itaúba lixada e aplainada 3,5 x 19 x 1,80","un","MAT","Cotação",{"$f":"TRUNC(SMALL(Cotações!M60:N60,1)*(1+'Atualizações Cotações'!$J$9),2)","v":106.75}]
[316,{"$f":"+Cotações!A61","v":46},"Tábua itaúba lixada e aplainada 3,5 x 19 x 2,00","un","MAT","Cotação",{"$f":"TRUNC(SMALL(Cotações!M61:N61,1)*(1+'Atualizações Cotações'!$J$9),2)","v":138.56},{"$f":"IF('Atualizações Cotações'!$B$4=\"SIM\",\"Ajustado pelo INCC\",\"\")","v":"Ajustado pelo INCC"}]
[317,{"$f":"+Cotações!A41","v":26},"Tábua itaúba lixada e aplainada 2,5 x 20 x 5,50","un","MAT","Cotação",{"$f":"TRUNC(SMALL(Cotações!M41:N41,1)*(1+'Atualizações Cotações'!$J$9),2)","v":189.95},{"$f":"IF('Atualizações Cotações'!$B$4=\"SIM\",\"Ajustado pelo INCC\",\"\")","v":"Ajustado pelo INCC"}]
[318,{"$f":"+Cotações!A42","v":27},"Tábua itaúba lixada e aplainada 3,0 x 22 x 3,00","un","MAT","Cotação",{"$f":"TRUNC(SMALL(Cotações!M42:N42,1)*(1+'Atualizações Cotações'!$J$9),2)","v":200.15},{"$f":"IF('Atualizações Cotações'!$B$4=\"SIM\",\"Ajustado pelo INCC\",\"\")","v":"Ajustado pelo INCC"}]
[319,{"$f":"+Cotações!A43","v":28},"Tábua itaúba lixada e aplainada 3,0 x 22 x 4,00","un","MAT","Cotação",{"$f":"TRUNC(SMALL(Cotações!M43:N43,1)*(1+'Atualizações Cotações'!$J$9),2)","v":266.87},{"$f":"IF('Atualizações Cotações'!$B$4=\"SIM\",\"Ajustado pelo INCC\",\"\")","v":"Ajustado pelo INCC"}]
[320,{"$f":"+Cotações!A44","v":29},"Tábua itaúba lixada e aplainada 3,0 x 22 x 4,50","un","MAT","Cotação",{"$f":"TRUNC(SMALL(Cotações!M44:N44,1)*(1+'Atualizações Cotações'!$J$9),2)","v":300.23},{"$f":"IF('Atualizações Cotações'!$B$4=\"SIM\",\"Ajustado pelo INCC\",\"\")","v":"Ajustado pelo INCC"}]
[321,{"$f":"+Cotações!A45","v":30},"Tábua itaúba lixada e aplainada 3,0 x 30 x 3,00","un","MAT","Cotação",{"$f":"TRUNC(SMALL(Cotações!M45:N45,1)*(1+'Atualizações Cotações'!$J$9),2)","v":240.18},{"$f":"IF('Atualizações Cotações'!$B$4=\"SIM\",\"Ajustado pelo INCC\",\"\")","v":"Ajustado pelo INCC"}]
[322,{"$f":"+Cotações!A46","v":31},"Tábua itaúba lixada e aplainada 3,5 x 15 x 5,50","un","MAT","Cotação",{"$f":"TRUNC(SMALL(Cotações!M46:N46,1)*(1+'Atualizações Cotações'!$J$9),2)","v":224.02},{"$f":"IF('Atualizações Cotações'!$B$4=\"SIM\",\"Ajustado pelo INCC\",\"\")","v":"Ajustado pelo INCC"}]
[323,{"$f":"+Cotações!A47","v":32},"Tábua itaúba lixada e aplainada 3,5 x 25 x 2,00","un","MAT","Cotação",{"$f":"TRUNC(SMALL(Cotações!M47:N47,1)*(1+'Atualizações Cotações'!$J$9),2)","v":133.43},{"$f":"IF('Atualizações Cotações'!$B$4=\"SIM\",\"Ajustado pelo INCC\",\"\")","v":"Ajustado pelo INCC"}]
[324,{"$f":"+Cotações!A48","v":33},"Tábua itaúba lixada e aplainada 4,0 x 10 x 4,00","un","MAT","Cotação",{"$f":"TRUNC(SMALL(Cotações!M48:N48,1)*(1+'Atualizações Cotações'!$J$9),2)","v":145.49},{"$f":"IF('Atualizações Cotações'!$B$4=\"SIM\",\"Ajustado pelo INCC\",\"\")","v":"Ajustado pelo INCC"}]
[325,{"$f":"+Cotações!A49","v":34},"Tábua itaúba lixada e aplainada 4,0 x 10 x 5,50","un","MAT","Cotação",{"$f":"TRUNC(SMALL(Cotações!M49:N49,1)*(1+'Atualizações Cotações'!$J$9),2)","v":200.15},{"$f":"IF('Atualizações Cotações'!$B$4=\"SIM\",\"Ajustado pelo INCC\",\"\")","v":"Ajustado pelo INCC"}]
[326,{"$f":"+Cotações!A50","v":35},"Tábua itaúba lixada e aplainada 4,0 x 30 x 3,00","un","MAT","Cotação",{"$f":"TRUNC(SMALL(Cotações!M50:N50,1)*(1+'Atualizações Cotações'!$J$9),2)","v":311.77999999999997},{"$f":"IF('Atualizações Cotações'!$B$4=\"SIM\",\"Ajustado pelo INCC\",\"\")","v":"Ajustado pelo INCC"}]
[327,{"$f":"+Cotações!A51","v":36},"Tábua itaúba lixada e aplainada 4,0 x 30 x 4,00","un","MAT","Cotação",{"$f":"TRUNC(SMALL(Cotações!M51:N51,1)*(1+'Atualizações Cotações'!$J$9),2)","v":415.7},{"$f":"IF('Atualizações Cotações'!$B$4=\"SIM\",\"Ajustado pelo INCC\",\"\")","v":"Ajustado pelo INCC"}]
[328,{"$f":"+Cotações!A52","v":37},"Tábua itaúba lixada e aplainada 4,0 x 30 x 4,50","un","MAT","Cotação",{"$f":"TRUNC(SMALL(Cotações!M52:N52,1)*(1+'Atualizações Cotações'!$J$9),2)","v":468.31},{"$f":"IF('Atualizações Cotações'!$B$4=\"SIM\",\"Ajustado pelo INCC\",\"\")","v":"Ajustado pelo INCC"}]
[329,{"$f":"+Cotações!$A$184","v":131},"Tabuleiro p/mesa de damas 40 x 40 cm","un","MAT","Cotação",{"$f":"TRUNC(SMALL(Cotações!M184:N184,1)*(1+'Atualizações Cotações'!$J$9),2)","v":558.12},{"$f":"IF('Atualizações Cotações'!$B$4=\"SIM\",\"Ajustado pelo INCC\",\"\")","v":"Ajustado pelo INCC"}]
[330,1162,"Tampão de ferro galvanizado de 1/2\"","un","MAT","SINAPI",{"$f":"VLOOKUP(B342,'Insumos SINAPI'!$A$8:$E$5279,5,FALSE)","v":4.68},{"$f":"IF('Atualizações Cotações'!$B$4=\"SIM\",\"Ajustado pelo INCC\",\"\")","v":"Ajustado pelo INCC"}]
[331,1163,"Tampão de ferro galvanizado de 3/4\"","un","MAT","SINAPI",{"$f":"VLOOKUP(B343,'Insumos SINAPI'!$A$8:$E$5279,5,FALSE)","v":6.05},{"$f":"IF('Atualizações Cotações'!$B$4=\"SIM\",\"Ajustado pelo INCC\",\"\")","v":"Ajustado pelo INCC"}]
[332,1164,"Tampão de ferro galvanizado de 1 1/4\"","un","MAT","SINAPI",{"$f":"VLOOKUP(B344,'Insumos SINAPI'!$A$8:$E$5279,5,FALSE)","v":13.46},{"$f":"IF('Atualizações Cotações'!$B$4=\"SIM\",\"Ajustado pelo INCC\",\"\")","v":"Ajustado pelo INCC"}]
[333,1165,"Tampão de ferro galvanizado de 1 1/2\"","un","MAT","SINAPI",{"$f":"VLOOKUP(B345,'Insumos SINAPI'!$A$8:$E$5279,5,FALSE)","v":16.62},{"$f":"IF('Atualizações Cotações'!$B$4=\"SIM\",\"Ajustado pelo INCC\",\"\")","v":"Ajustado pelo INCC"}]
[334,1166,"Tampão de ferro galvanizado de 2\"","un","MAT","SINAPI",{"$f":"VLOOKUP(B346,'Insumos SINAPI'!$A$8:$E$5279,5,FALSE)","v":24.01},{"$f":"IF('Atualizações Cotações'!$B$4=\"SIM\",\"Ajustado pelo INCC\",\"\")","v":"Ajustado pelo INCC"}]
[335,1169,"Tampão de ferro galvanizado de 2 1/2\"","un","MAT","SINAPI",{"$f":"VLOOKUP(B347,'Insumos SINAPI'!$A$8:$E$5279,5,FALSE)","v":43.31},{"$f":"IF('Atualizações Cotações'!$B$4=\"SIM\",\"Ajustado pelo INCC\",\"\")","v":"Ajustado pelo INCC"}]
[336,1168,"Tampão de ferro galvanizado de 3\"","un","MAT","SINAPI",{"$f":"VLOOKUP(B348,'Insumos SINAPI'!$A$8:$E$5279,5,FALSE)","v":61.74},{"$f":"IF('Atualizações Cotações'!$B$4=\"SIM\",\"Ajustado pelo INCC\",\"\")","v":"Ajustado pelo INCC"}]
[337,{"$f":"+Cotações!A160","v":117},"Taxa instalação água DMAE","cj","MAT","Cotação",{"$f":"TRUNC(SMALL(Cotações!M160:N160,1)*(1+'Atualizações Cotações'!$J$9),2)","v":597.08000000000004},{"$f":"IF('Atualizações Cotações'!$B$4=\"SIM\",\"Ajustado pelo INCC\",\"\")","v":"Ajustado pelo INCC"}]
[338,{"$f":"+Cotações!A161","v":118},"Taxa instalação esgoto DMAE","cj","MAT","Cotação",{"$f":"TRUNC(SMALL(Cotações!M161:N161,1)*(1+'Atualizações Cotações'!$J$9),2)","v":386.12},{"$f":"IF('Atualizações Cotações'!$B$4=\"SIM\",\"Ajustado pelo INCC\",\"\")","v":"Ajustado pelo INCC"}]
[339,{"$f":"+Cotações!A107","v":81},"Tela arame galvanizado 4 x 4 cm fio 10 BWG","m²","MAT","Cotação",{"$f":"TRUNC(SMALL(Cotações!M107:N107,1)*(1+'Atualizações Cotações'!$J$9),2)","v":62},{"$f":"IF('Atualizações Cotações'!$B$4=\"SIM\",\"Ajustado pelo INCC\",\"\")","v":"Ajustado pelo INCC"}]
[340,{"$f":"+Cotações!A106","v":80},"Tela arame galvanizado 5 x 5 cm fio 12 BWG","m²","MAT","Cotação",{"$f":"TRUNC(SMALL(Cotações!M106:N106,1)*(1+'Atualizações Cotações'!$J$9),2)","v":31.11},{"$f":"IF('Atualizações Cotações'!$B$4=\"SIM\",\"Ajustado pelo INCC\",\"\")","v":"Ajustado pelo INCC"}]
[341,7155,"Tela de aço soldada CA-60 4,2 mm 10 x 10 cm (Q-138)","m²","MAT","SINAPI",{"$f":"VLOOKUP(B353,'Insumos SINAPI'!$A$8:$E$5279,5,FALSE)","v":30.01}]
[342,21141,"Tela de aço soldada CA-60 4,2 mm 15 x 15 cm (Q-92)","m²","MAT","SINAPI",{"$f":"VLOOKUP(B354,'Insumos SINAPI'!$A$8:$E$5279,5,FALSE)","v":20.14}]
[343,7156,"Tela de aço soldada CA-60 5,0 mm 10 x 10 cm (Q-196)","m²","MAT","SINAPI",{"$f":"VLOOKUP(B355,'Insumos SINAPI'!$A$8:$E$5279,5,FALSE)","v":43.06}]
[344,37524,"Tela plástica laranja","m","MAT","SINAPI",{"$f":"VLOOKUP(B356,'Insumos SINAPI'!$A$8:$E$5279,5,FALSE)","v":2.94}]
[345,7173,"Telha cerâmica tipo paulista","un","MAT","SINAPI",{"$f":"VLOOKUP(B357,'Insumos SINAPI'!$A$8:$E$5279,5,FALSE)","v":1355},"Dividir por 1000"]
[346,7194,"Telha FBC ondulada 6 mm 2,44 x 1,10 m","m²","MAT","SINAPI",{"$f":"VLOOKUP(B358,'Insumos SINAPI'!$A$8:$E$5279,5,FALSE)","v":30.88}]
[{"$f":"+A358+1","v":347},{"$f":"+Cotações!A97","v":74},"Telha galvalume ondulada 0,50 mm","m","MAT","Cotação",{"$f":"TRUNC(SMALL(Cotações!M97:N97,1)*(1+'Atualizações Cotações'!$J$9),2)","v":36.11}]
[348,34401,"Tijolo cerâmico laminado 5,5 x 11 x 23 cm","un","MAT","SINAPI",{"$f":"VLOOKUP(B360,'Insumos SINAPI'!$A$8:$E$5279,5,FALSE)","v":1.88}]
[349,7258,"Tijolo cerâmico maciço 5,0 x 10,0 x 20,0 cm","un","MAT","SINAPI",{"$f":"VLOOKUP(B361,'Insumos SINAPI'!$A$8:$E$5279,5,FALSE)","v":0.68}]
[350,10617,"Tijolo cerâmico refratário 6,3 x 11,4 x 22,9 cm","un","MAT","SINAPI",{"$f":"VLOOKUP(B362,'Insumos SINAPI'!$A$8:$E$5279,5,FALSE)","v":5.54}]
[351,7348,"Tinta acrílica premium para piso","l","MAT","SINAPI",{"$f":"VLOOKUP(B363,'Insumos SINAPI'!$A$8:$E$5279,5,FALSE)","v":18.399999999999999}]
[352,7292,"Tinta esmalte sintético brilhante","l","MAT","SINAPI",{"$f":"VLOOKUP(B364,'Insumos SINAPI'!$A$8:$E$5279,5,FALSE)","v":34.700000000000003}]
[353,7293,"Tinta grafite","l","MAT","SINAPI",{"$f":"VLOOKUP(B365,'Insumos SINAPI'!$A$8:$E$5279,5,FALSE)","v":38.39}]
[354,35693,"Tinta látex acrílica econômica, cor branca","l","MAT","SINAPI",{"$f":"VLOOKUP(B366,'Insumos SINAPI'!$A$8:$E$5279,5,FALSE)","v":11.44}]
[355,{"$f":"+Cotações!A65","v":48},"Tora eucalipto tratada d = 20 cm","m","MAT","Cotação",{"$f":"TRUNC(SMALL(Cotações!M65:N65,1)*(1+'Atualizações Cotações'!$J$9),2)","v":37.520000000000003}]
[356,{"$f":"+Cotações!A99","v":75},"Tubo aço carbono 6\" (152,40 mm) e=6,30 mm","m","MAT","Cotação",{"$f":"TRUNC(SMALL(Cotações!M99:N99,1)*(1+'Atualizações Cotações'!$J$9),2)","v":230.44}]
[357,21008,"Tubo aço galvanizado c/costura 1/2\", 2,25 mm","m","MAT","SINAPI",{"$f":"VLOOKUP(B369,'Insumos SINAPI'!$A$8:$E$5279,5,FALSE)","v":24.34}]
[358,21009,"Tubo aço galvanizado c/costura 3/4\", 2,25 mm","m","MAT","SINAPI",{"$f":"VLOOKUP(B370,'Insumos SINAPI'!$A$8:$E$5279,5,FALSE)","v":31.69}]
[359,21010,"Tubo aço galvanizado c/costura 1\", 2,65 mm","m","MAT","SINAPI",{"$f":"VLOOKUP(B371,'Insumos SINAPI'!$A$8:$E$5279,5,FALSE)","v":42.55}]
[360,21011,"Tubo aço galvanizado c/costura 1 1/4\", 2,65 mm","m","MAT","SINAPI",{"$f":"VLOOKUP(B372,'Insumos SINAPI'!$A$8:$E$5279,5,FALSE)","v":62.02}]
[361,21012,"Tubo aço galvanizado c/costura 1 1/2\", 3,00 mm","m","MAT","SINAPI",{"$f":"VLOOKUP(B373,'Insumos SINAPI'!$A$8:$E$5279,5,FALSE)","v":68.53}]
[362,21013,"Tubo aço galvanizado c/costura 2\", 3,00 mm","m","MAT","SINAPI",{"$f":"VLOOKUP(B374,'Insumos SINAPI'!$A$8:$E$5279,5,FALSE)","v":89.43}]
[363,21014,"Tubo aço galvanizado c/costura 2 1/2\", 3,35 mm","m","MAT","SINAPI",{"$f":"VLOOKUP(B375,'Insumos SINAPI'!$A$8:$E$5279,5,FALSE)","v":125.13}]
[364,21015,"Tubo aço galvanizado c/costura 3\", 3,35 mm","m","MAT","SINAPI",{"$f":"VLOOKUP(B376,'Insumos SINAPI'!$A$8:$E$5279,5,FALSE)","v":143.76}]
[365,21016,"Tubo aço galvanizado c/costura 4\", 3,75 mm","m","MAT","SINAPI",{"$f":"VLOOKUP(B377,'Insumos SINAPI'!$A$8:$E$5279,5,FALSE)","v":208.35}]
[366,{"$f":"+Cotações!A100","v":76},"Tubo ferro preto quadrado 70 x 70 mm esp. = 3,00 mm","m","MAT","Cotação",{"$f":"TRUNC(SMALL(Cotações!M100:N100,1)*(1+'Atualizações Cotações'!$J$9),2)","v":71.849999999999994}]
[367,7745,"Tubo PA-1 PB 400 mm","m","MAT","SINAPI",{"$f":"VLOOKUP(B379,'Insumos SINAPI'!$A$8:$E$5279,5,FALSE)","v":95.6}]
[368,9833,"Tubo PVC, flexível, corrugado, perfurado, DN 110 mm, para drenagem","m","MAT","SINAPI",{"$f":"VLOOKUP(B380,'Insumos SINAPI'!$A$8:$E$5279,5,FALSE)","v":10.72}]
[369,9837,"Tubo PVC p/esgoto predial 75 mm","m","MAT","SINAPI",{"$f":"VLOOKUP(B381,'Insumos SINAPI'!$A$8:$E$5279,5,FALSE)","v":17.16}]
[370,9836,"Tubo PVC p/esgoto predial 100 mm","m","MAT","SINAPI",{"$f":"VLOOKUP(B382,'Insumos SINAPI'!$A$8:$E$5279,5,FALSE)","v":19.36}]
[371,20065,"Tubo PVC p/esgoto predial 150 mm","m","MAT","SINAPI",{"$f":"VLOOKUP(B383,'Insumos SINAPI'!$A$8:$E$5279,5,FALSE)","v":49.53}]
[372,41930,"Tubo coletor de esgoto PVC, JEI, DN 200 mm","m","MAT","SINAPI",{"$f":"VLOOKUP(B384,'Insumos SINAPI'!$A$8:$E$5279,5,FALSE)","v":135.69999999999999}]
[373,9859,"Tubo PVC roscável 3/4\"","m","MAT","SINAPI",{"$f":"VLOOKUP(B385,'Insumos SINAPI'!$A$8:$E$5279,5,FALSE)","v":16.850000000000001}]
[374,9867,"Tubo PVC soldável 20 mm","m","MAT","SINAPI",{"$f":"VLOOKUP(B386,'Insumos SINAPI'!$A$8:$E$5279,5,FALSE)","v":4.87}]
[375,9868,"Tubo PVC soldável 25 mm","m","MAT","SINAPI",{"$f":"VLOOKUP(B387,'Insumos SINAPI'!$A$8:$E$5279,5,FALSE)","v":6.25}]
[376,9869,"Tubo PVC soldável 32 mm","m","MAT","SINAPI",{"$f":"VLOOKUP(B388,'Insumos SINAPI'!$A$8:$E$5279,5,FALSE)","v":14.03}]
[377,{"$f":"+Cotações!A182","v":130},"UFM","un","MAT","Cotação",{"$f":"TRUNC(SMALL(Cotações!M182:N182,1)*(1+'Atualizações Cotações'!$J$9),2)","v":5.35}]
[378,{"$f":"+Cotações!A151","v":112},"Válvula de mictório anti-vandalismo alta pressão","un","MAT","Cotação",{"$f":"TRUNC(SMALL(Cotações!M151:N151,1)*(1+'Atualizações Cotações'!$J$9),2)","v":531.04999999999995}]
[379,39996,"Vergalhão zincado rosca total 1/4\" (6,3 mm)","m","MAT","SINAPI",{"$f":"VLOOKUP(B391,'Insumos SINAPI'!$A$8:$E$5279,5,FALSE)","v":5.49}]
[380,4481,"Viga de madeira não aparelhada 8 x 16 cm","m","MAT","SINAPI",{"$f":"VLOOKUP(B392,'Insumos SINAPI'!$A$8:$E$5279,5,FALSE)","v":32.5}]
{"$rows_empty":7}
["Totais",null,null,"SINAPI",null,{"$f":"+COUNTIF($F$13:$F$398,\"SINAPI\")","v":246}]
[null,null,null,"Sindicato",null,{"$f":"+COUNTIF($F$38:$F$398,\"Sindicato\")","v":3}]
[null,null,null,"Cotação",null,{"$f":"+COUNTIF($F$47:$F$398,\"Cotação\")","v":131}]
["Total Final",{"$nulls":4},{"$f":"SUM(F400:F402)","v":380}]

{"sheet":"M.O.","index":4,"n_rows":48,"n_cols":6,"rows_kept":48,"cut":false,"hidden":true,"merged":[[4,0,4,1],[4,4,4,5],[5,0,5,5],[47,4,47,5],[6,4,7,4],[17,4,17,5],[31,4,31,5],[30,4,30,5],[46,4,46,5],[45,4,45,5],[44,4,44,5],[43,4,43,5],[41,4,41,5],[40,4,40,5],[39,4,39,5],[38,4,38,5],[37,4,37,5],[36,4,36,5],[22,4,22,5],[20,4,20,5],[34,4,34,5],[33,4,33,5],[32,4,32,5],[29,4,29,5],[28,4,28,5],[27,4,27,5],[26,4,26,5],[25,4,25,5],[24,4,24,5],[23,4,23,5],[35,4,35,5],[42,4,42,5],[2,0,2,5],[0,0,0,5],[1,0,1,5],[6,0,7,1],[6,5,7,5],[16,4,16,5],[9,0,15,1],[9,2,15,2],[9,3,15,3],[3,0,3,5],[8,0,8,5],[9,4,15,5],[19,4,19,5],[18,4,18,5],[21,4,21,5]]}
["MÃO-DE-OBRA"]
[]
[{"$f":"CONCATENATE(\"Data Base SINAPI: \",$E$17)","v":"Data Base SINAPI: Janeiro/22"}]
[]
[null,null,"SELECIONAR:","c/desoneração"]
[]
[{"$f":"D5","v":"c/desoneração"},null,"Leis Sociais Horistas:",{"$f":"IF($D$5=\"c/desoneração\",'Encargos Sociais'!C42,'Encargos Sociais'!E42)","v":0.82309999999999994},"BDI=",{"$f":"IF($D$5=\"c/desoneração\",\"28,21%\",\"22,15%\")","v":"28,21%"}]
[null,null,"Leis Sociais Mensalistas:",{"$f":"IF($D$5=\"c/desoneração\",'Encargos Sociais'!D42,'Encargos Sociais'!F42)","v":0.45979999999999999}]
[]
[{"$f":"+E17","v":"Janeiro/22"},null,"Vem da aba Comp.SINAPI c_des.","Vem da aba Comp.SINAPI s_des."," Valor utilizado"]
[]
[]
[]
[]
[]
[]
["Código","Composição","Custo unitário (c/desoneração)","Custo unitário (s/desoneração)","Janeiro/22"]
[88316,"Servente",{"$f":"VLOOKUP(A18,'Comp.SINAPI c_des.'!$G$8:$K$50000,5,FALSE)","v":16.920000000000002},{"$f":"VLOOKUP(A18,'Comp.SINAPI s_des.'!$G$8:$K$50000,5,FALSE)","v":18.84},{"$f":"IF($D$5=\"c/desoneração\",C18,(IF($D$5=\"s/desoneração\",D18)))","v":16.920000000000002}]
[88238,"Ajudante de armador",{"$f":"VLOOKUP(A19,'Comp.SINAPI c_des.'!$G$8:$K$50000,5,FALSE)","v":16.95},{"$f":"VLOOKUP(A19,'Comp.SINAPI s_des.'!$G$8:$K$50000,5,FALSE)","v":18.86},16.95]
[88239,"Ajudante de carpinteiro",{"$f":"VLOOKUP(A20,'Comp.SINAPI c_des.'!$G$8:$K$50000,5,FALSE)","v":16.87},{"$f":"VLOOKUP(A20,'Comp.SINAPI s_des.'!$G$8:$K$50000,5,FALSE)","v":18.79},16.87]
[88247,"Auxiliar de eletricista",{"$f":"VLOOKUP(A21,'Comp.SINAPI c_des.'!$G$8:$K$50000,5,FALSE)","v":16.03},{"$f":"VLOOKUP(A21,'Comp.SINAPI s_des.'!$G$8:$K$50000,5,FALSE)","v":17.79},16.03]
[88253,"Auxiliar de topógrafo",{"$f":"VLOOKUP(A22,'Comp.SINAPI c_des.'!$G$8:$K$50000,5,FALSE)","v":13.02},{"$f":"VLOOKUP(A22,'Comp.SINAPI s_des.'!$G$8:$K$50000,5,FALSE)","v":14.84},13.02]
[88248,"Auxiliar de encanador",{"$f":"VLOOKUP(A23,'Comp.SINAPI c_des.'!$G$8:$K$50000,5,FALSE)","v":15.34},{"$f":"VLOOKUP(A23,'Comp.SINAPI s_des.'!$G$8:$K$50000,5,FALSE)","v":17.09},15.34]
[88251,"Auxiliar de serralheiro",{"$f":"VLOOKUP(A24,'Comp.SINAPI c_des.'!$G$8:$K$50000,5,FALSE)","v":17.87},{"$f":"VLOOKUP(A24,'Comp.SINAPI s_des.'!$G$8:$K$50000,5,FALSE)","v":19.920000000000002},17.87]
[88309,"Pedreiro",{"$f":"VLOOKUP(A25,'Comp.SINAPI c_des.'!$G$8:$K$50000,5,FALSE)","v":20.34},{"$f":"VLOOKUP(A25,'Comp.SINAPI s_des.'!$G$8:$K$50000,5,FALSE)","v":22.79},20.34]
[88310,"Pintor",{"$f":"VLOOKUP(A26,'Comp.SINAPI c_des.'!$G$8:$K$50000,5,FALSE)","v":21.41},{"$f":"VLOOKUP(A26,'Comp.SINAPI s_des.'!$G$8:$K$50000,5,FALSE)","v":23.85},21.41]
[88262,"Carpinteiro",{"$f":"VLOOKUP(A27,'Comp.SINAPI c_des.'!$G$8:$K$50000,5,FALSE)","v":20.100000000000001},{"$f":"VLOOKUP(A27,'Comp.SINAPI s_des.'!$G$8:$K$50000,5,FALSE)","v":22.53},20.100000000000001]
[88260,"Calceteiro",{"$f":"VLOOKUP(A28,'Comp.SINAPI c_des.'!$G$8:$K$50000,5,FALSE)","v":17.98},{"$f":"VLOOKUP(A28,'Comp.SINAPI s_des.'!$G$8:$K$50000,5,FALSE)","v":20.05},17.98]
[88256,"Ladrilhista",{"$f":"VLOOKUP(A29,'Comp.SINAPI c_des.'!$G$8:$K$50000,5,FALSE)","v":20.260000000000002},{"$f":"VLOOKUP(A29,'Comp.SINAPI s_des.'!$G$8:$K$50000,5,FALSE)","v":22.7},20.260000000000002]
[88323,"Telhadista",{"$f":"VLOOKUP(A30,'Comp.SINAPI c_des.'!$G$8:$K$50000,5,FALSE)","v":20.48},{"$f":"VLOOKUP(A30,'Comp.SINAPI s_des.'!$G$8:$K$50000,5,FALSE)","v":22.97},20.48]
[88245,"Armador",{"$f":"VLOOKUP(A31,'Comp.SINAPI c_des.'!$G$8:$K$50000,5,FALSE)","v":20.22},{"$f":"VLOOKUP(A31,'Comp.SINAPI s_des.'!$G$8:$K$50000,5,FALSE)","v":22.65},20.22]
[88315,"Serralheiro",{"$f":"VLOOKUP(A32,'Comp.SINAPI c_des.'!$G$8:$K$50000,5,FALSE)","v":20.22},{"$f":"VLOOKUP(A32,'Comp.SINAPI s_des.'!$G$8:$K$50000,5,FALSE)","v":22.65},20.22]
[88441,"Jardineiro",{"$f":"VLOOKUP(A33,'Comp.SINAPI c_des.'!$G$8:$K$50000,5,FALSE)","v":16.97},{"$f":"VLOOKUP(A33,'Comp.SINAPI s_des.'!$G$8:$K$50000,5,FALSE)","v":18.89},16.97]
[88264,"Eletricista",{"$f":"VLOOKUP(A34,'Comp.SINAPI c_des.'!$G$8:$K$50000,5,FALSE)","v":20.73},{"$f":"VLOOKUP(A34,'Comp.SINAPI s_des.'!$G$8:$K$50000,5,FALSE)","v":23.23},20.73]
[88267,"Encanador",{"$f":"VLOOKUP(A35,'Comp.SINAPI c_des.'!$G$8:$K$50000,5,FALSE)","v":19.899999999999999},{"$f":"VLOOKUP(A35,'Comp.SINAPI s_des.'!$G$8:$K$50000,5,FALSE)","v":22.36},19.899999999999999]
[88317,"Soldador",{"$f":"VLOOKUP(A36,'Comp.SINAPI c_des.'!$G$8:$K$50000,5,FALSE)","v":24.39},{"$f":"VLOOKUP(A36,'Comp.SINAPI s_des.'!$G$8:$K$50000,5,FALSE)","v":27.35},{"$f":"IF($D$5=\"c/desoneração\",C36,(IF($D$5=\"s/desoneração\",D36)))","v":24.39}]
[88281,"Motorista de caminhão",{"$f":"VLOOKUP(A37,'Comp.SINAPI c_des.'!$G$8:$K$50000,5,FALSE)","v":21.04},{"$f":"VLOOKUP(A37,'Comp.SINAPI s_des.'!$G$8:$K$50000,5,FALSE)","v":23.77},21.04]
[88286,"Motorista Op. Munck",{"$f":"VLOOKUP(A38,'Comp.SINAPI c_des.'!$G$8:$K$50000,5,FALSE)","v":22.65},{"$f":"VLOOKUP(A38,'Comp.SINAPI s_des.'!$G$8:$K$50000,5,FALSE)","v":25.64},22.65]
[88377,"Operador de betoneira",{"$f":"VLOOKUP(A39,'Comp.SINAPI c_des.'!$G$8:$K$50000,5,FALSE)","v":19.739999999999998},{"$f":"VLOOKUP(A39,'Comp.SINAPI s_des.'!$G$8:$K$50000,5,FALSE)","v":22.27},19.739999999999998]
[88294,"Operador de escavadeira",{"$f":"VLOOKUP(A40,'Comp.SINAPI c_des.'!$G$8:$K$50000,5,FALSE)","v":26.13},{"$f":"VLOOKUP(A40,'Comp.SINAPI s_des.'!$G$8:$K$50000,5,FALSE)","v":29.67},26.13]
[88297,"Operador de máq. e equip.",{"$f":"VLOOKUP(A41,'Comp.SINAPI c_des.'!$G$8:$K$50000,5,FALSE)","v":22.56},{"$f":"VLOOKUP(A41,'Comp.SINAPI s_des.'!$G$8:$K$50000,5,FALSE)","v":25.54},22.56]
[88324,"Tratorista",{"$f":"VLOOKUP(A42,'Comp.SINAPI c_des.'!$G$8:$K$50000,5,FALSE)","v":27.07},{"$f":"VLOOKUP(A42,'Comp.SINAPI s_des.'!$G$8:$K$50000,5,FALSE)","v":30.76},27.07]
[88326,"Vigia (SINAPI)",{"$f":"VLOOKUP(A43,'Comp.SINAPI c_des.'!$G$8:$K$50000,5,FALSE)","v":21.21},{"$f":"VLOOKUP(A43,'Comp.SINAPI s_des.'!$G$8:$K$50000,5,FALSE)","v":23.81},21.21]
[93572,"Encarregado (mês)",{"$f":"VLOOKUP(A44,'Comp.SINAPI c_des.'!$G$8:$K$50000,5,FALSE)","v":7377.72},{"$f":"VLOOKUP(A44,'Comp.SINAPI s_des.'!$G$8:$K$50000,5,FALSE)","v":8489.41},7377.72]
[94295,"Mestre de Obras (mês)",{"$f":"VLOOKUP(A45,'Comp.SINAPI c_des.'!$G$8:$K$50000,5,FALSE)","v":10997.84},{"$f":"VLOOKUP(A45,'Comp.SINAPI s_des.'!$G$8:$K$50000,5,FALSE)","v":12685.11},10997.84]
[90781,"Topógrafo",{"$f":"VLOOKUP(A46,'Comp.SINAPI c_des.'!$G$8:$K$50000,5,FALSE)","v":29.66},{"$f":"VLOOKUP(A46,'Comp.SINAPI s_des.'!$G$8:$K$50000,5,FALSE)","v":34.119999999999997},29.66]
[88597,"Desenhista detalhista",{"$f":"VLOOKUP(A47,'Comp.SINAPI c_des.'!$G$8:$K$50000,5,FALSE)","v":34.46},{"$f":"VLOOKUP(A47,'Comp.SINAPI s_des.'!$G$8:$K$50000,5,FALSE)","v":39.68},34.46]
[90778,"Engenheiro Civil de Obra",{"$f":"VLOOKUP(A48,'Comp.SINAPI c_des.'!$G$8:$K$50000,5,FALSE)","v":99.09},{"$f":"VLOOKUP(A48,'Comp.SINAPI s_des.'!$G$8:$K$50000,5,FALSE)","v":114.57},99.09]

{"sheet":"Cotações","index":5,"n_rows":193,"n_cols":19,"rows_kept":193,"cut":false,"hidden":false,"merged":[[51,7,51,8],[26,7,26,8],[25,7,25,8],[107,0,107,2],[159,5,159,6],[166,5,166,6],[161,3,161,4],[112,5,112,6],[109,0,109,2],[79,7,79,8],[69,7,69,8],[82,3,82,4],[87,5,87,6],[105,5,105,6],[104,5,104,6],[105,3,105,4],[104,3,104,4],[101,3,101,4],[99,5,99,6],[91,5,91,6],[96,5,96,6],[95,5,95,6],[127,3,127,4],[134,7,134,8],[6,9,6,10],[8,9,8,10],[16,9,16,10],[20,9,20,10],[39,9,39,10],[61,9,61,10],[63,9,63,10],[78,9,78,10],[92,9,92,10],[87,9,87,10],[84,9,84,10],[83,9,83,10],[89,9,89,10],[80,9,80,10],[81,9,81,10],[32,9,32,10],[54,9,54,10],[9,9,9,10],[53,9,53,10],[33,9,33,10],[85,9,85,10],[82,9,82,10],[90,9,90,10],[91,9,91,10],[175,9,175,10],[131,7,131,8],[131,5,131,6],[137,11,137,13],[138,9,138,10],[141,11,141,13],[142,9,142,10],[140,9,140,10],[134,9,134,10],[133,11,133,13],[164,9,164,10],[170,9,170,10],[147,9,147,10],[146,7,146,8],[158,9,158,10],[149,9,149,10],[168,7,168,8],[156,7,156,8],[147,11,147,13],[145,11,145,13],[140,7,140,8],[153,11,153,13],[142,7,142,8],[147,7,147,8],[91,3,91,4],[103,11,103,13],[100,11,100,13],[100,9,100,10],[93,9,93,10],[99,7,99,8],[93,7,93,8],[104,7,104,8],[174,11,174,13],[127,5,127,6],[126,5,126,6],[138,7,138,8],[160,3,160,4],[142,3,142,4],[166,7,166,8],[148,7,148,8],[130,3,130,4],[129,3,129,4],[126,3,126,4],[129,5,129,6],[135,7,135,8],[126,7,126,8],[157,7,157,8],[164,7,164,8],[34,3,34,4],[42,3,42,4],[43,3,43,4],[35,3,35,4],[36,3,36,4],[33,5,33,6],[35,5,35,6],[37,7,37,8],[35,7,35,8],[37,3,37,4],[40,5,40,6],[41,7,41,8],[40,7,40,8],[42,7,42,8],[43,7,43,8],[42,5,42,6],[41,5,41,6],[47,9,47,10],[46,9,46,10],[45,9,45,10],[44,9,44,10],[45,5,45,6],[45,7,45,8],[49,9,49,10],[49,7,49,8],[48,7,48,8],[47,7,47,8],[46,7,46,8],[46,5,46,6],[48,5,48,6],[47,5,47,6],[43,9,43,10],[40,9,40,10],[48,9,48,10],[29,5,29,6],[29,3,29,4],[33,3,33,4],[32,5,32,6],[32,3,32,4],[31,3,31,4],[44,5,44,6],[36,7,36,8],[31,7,31,8],[41,3,41,4],[36,5,36,6],[40,3,40,4],[43,5,43,6],[38,5,38,6],[38,3,38,4],[34,7,34,8],[32,7,32,8],[33,7,33,8],[34,5,34,6],[38,7,38,8],[44,7,44,8],[44,3,44,4],[37,5,37,6],[109,11,109,13],[107,9,107,10],[109,9,109,10],[139,11,139,13],[132,9,132,10],[136,9,136,10],[131,9,131,10],[135,9,135,10],[102,9,102,10],[107,11,107,13],[108,9,108,10],[122,9,122,10],[106,9,106,10],[50,7,50,8],[51,9,51,10],[97,11,97,13],[72,9,72,10],[39,11,39,13],[90,7,90,8],[49,3,49,4],[48,3,48,4],[47,3,47,4],[46,3,46,4],[45,3,45,4],[87,3,87,4],[93,3,93,4],[89,5,89,6],[50,9,50,10],[72,5,72,6],[72,3,72,4],[79,3,79,4],[84,3,84,4],[83,3,83,4],[57,3,57,4],[49,5,49,6],[54,3,54,4],[55,3,55,4],[56,7,56,8],[53,7,53,8],[52,7,52,8],[58,3,58,4],[60,3,60,4],[62,7,62,8],[62,3,62,4],[66,7,66,8],[67,7,67,8],[18,0,18,2],[19,9,19,10],[86,0,86,2],[68,9,68,10],[67,9,67,10],[64,9,64,10],[62,9,62,10],[60,9,60,10],[42,9,42,10],[41,9,41,10],[71,9,71,10],[55,9,55,10],[59,9,59,10],[58,9,58,10],[56,9,56,10],[57,9,57,10],[58,7,58,8],[70,3,70,4],[39,0,39,2],[20,0,20,2],[22,0,22,2],[23,3,23,4],[23,5,23,6],[23,7,23,8],[9,3,9,4],[17,3,17,4],[7,9,7,10],[13,3,13,4],[12,3,12,4],[15,7,15,8],[15,5,15,6],[14,5,14,6],[17,5,17,6],[13,7,13,8],[13,5,13,6],[12,5,12,6],[14,7,14,8],[15,3,15,4],[14,3,14,4],[11,5,11,6],[11,3,11,4],[11,7,11,8],[20,11,20,13],[21,7,21,8],[21,5,21,6],[19,7,19,8],[19,5,19,6],[19,3,19,4],[21,3,21,4],[18,11,18,13],[10,9,10,10],[10,7,10,8],[0,0,0,13],[5,12,6,12],[4,0,4,13],[17,9,17,10],[16,11,16,13],[7,7,7,8],[7,5,7,6],[7,3,7,4],[2,10,2,12],[5,13,6,13],[8,11,8,13],[17,7,17,8],[12,7,12,8],[10,3,10,4],[10,5,10,6],[13,9,13,10],[12,9,12,10],[6,0,6,2],[5,9,5,10],[15,9,15,10],[14,9,14,10],[8,0,8,2],[9,7,9,8],[9,5,9,6],[24,3,24,4],[24,5,24,6],[25,11,25,13],[25,0,25,2],[27,0,27,2],[31,5,31,6],[29,9,29,10],[29,7,29,8],[28,3,28,4],[25,3,25,4],[27,11,27,13],[26,3,26,4],[26,5,26,6],[26,9,26,10],[31,9,31,10],[30,9,30,10],[30,7,30,8],[28,9,28,10],[28,7,28,8],[25,9,25,10],[28,5,28,6],[30,5,30,6],[30,3,30,4],[24,7,24,8],[22,11,22,13],[21,9,21,10],[23,9,23,10],[131,11,131,13],[78,11,78,13],[86,9,86,10],[127,9,127,10],[61,11,61,13],[77,9,77,10],[76,9,76,10],[75,9,75,10],[74,9,74,10],[73,9,73,10],[70,9,70,10],[69,9,69,10],[86,11,86,13],[66,9,66,10],[79,9,79,10],[65,11,65,13],[36,9,36,10],[34,9,34,10],[37,9,37,10],[38,9,38,10],[35,9,35,10],[25,5,25,6],[165,11,165,13],[151,11,151,13],[149,11,149,13],[110,9,110,10],[111,7,111,8],[123,11,123,13],[52,9,52,10],[90,5,90,6],[106,7,106,8],[106,5,106,6],[66,5,66,6],[84,7,84,8],[83,7,83,8],[98,9,98,10],[96,9,96,10],[95,9,95,10],[92,11,92,13],[152,9,152,10],[150,9,150,10],[146,9,146,10],[144,9,144,10],[130,9,130,10],[129,9,129,10],[111,3,111,4],[113,3,113,4],[112,3,112,4],[114,3,114,4],[115,7,115,8],[123,0,123,2],[149,0,149,2],[153,0,153,2],[163,0,163,2],[158,0,158,2],[161,7,161,8],[156,5,156,6],[137,0,137,2],[136,5,136,6],[132,7,132,8],[132,5,132,6],[130,7,130,8],[152,3,152,4],[150,3,150,4],[158,5,158,6],[157,3,157,4],[140,5,140,6],[140,3,140,4],[141,0,141,2],[61,0,61,2],[73,7,73,8],[77,7,77,8],[76,3,76,4],[128,11,128,13],[156,3,156,4],[63,11,63,13],[64,7,64,8],[64,5,64,6],[77,5,77,6],[75,3,75,4],[64,3,64,4],[63,0,63,2],[65,0,65,2],[119,3,119,4],[117,5,117,6],[116,3,116,4],[155,0,155,2],[103,0,103,2],[90,3,90,4],[108,5,108,6],[107,5,107,6],[130,5,130,6],[116,5,116,6],[67,3,67,4],[67,5,67,6],[75,5,75,6],[71,7,71,8],[144,3,144,4],[148,3,148,4],[146,3,146,4],[143,11,143,13],[161,5,161,6],[158,7,158,8],[155,11,155,13],[153,9,153,10],[68,7,68,8],[85,7,85,8],[81,7,81,8],[95,3,95,4],[99,9,99,10],[98,5,98,6],[95,7,95,8],[98,7,98,8],[96,7,96,8],[94,11,94,13],[105,9,105,10],[104,9,104,10],[82,7,82,8],[101,7,101,8],[114,7,114,8],[102,5,102,6],[101,5,101,6],[102,7,102,8],[68,5,68,6],[135,5,135,6],[74,7,74,8],[72,7,72,8],[91,7,91,8],[69,5,69,6],[70,5,70,6],[73,5,73,6],[114,5,114,6],[115,5,115,6],[82,5,82,6],[118,5,118,6],[111,5,111,6],[113,5,113,6],[74,5,74,6],[71,5,71,6],[76,7,76,8],[51,5,51,6],[59,3,59,4],[54,5,54,6],[66,3,66,4],[62,5,62,6],[56,3,56,4],[53,3,53,4],[52,3,52,4],[57,5,57,6],[51,3,51,4],[52,5,52,6],[56,5,56,6],[59,5,59,6],[53,5,53,6],[55,5,55,6],[60,5,60,6],[58,5,58,6],[133,0,133,2],[145,0,145,2],[147,0,147,2],[138,5,138,6],[131,0,131,2],[125,7,125,8],[128,0,128,2],[125,3,125,4],[78,0,78,2],[110,5,110,6],[110,3,110,4],[89,7,89,8],[92,0,92,2],[80,5,80,6],[79,5,79,6],[107,7,107,8],[85,5,85,6],[81,5,81,6],[80,3,80,4],[83,5,83,6],[117,7,117,8],[97,0,97,2],[102,3,102,4],[98,3,98,4],[172,11,172,13],[170,11,170,13],[167,11,167,13],[170,7,170,8],[129,7,129,8],[127,7,127,8],[145,9,145,10],[60,7,60,8],[59,7,59,8],[88,11,88,13],[110,11,122,11],[121,9,121,10],[89,12,89,13],[90,12,90,13],[91,12,91,13],[101,9,101,10],[70,7,70,8],[120,9,120,10],[112,9,112,10],[110,7,110,8],[122,7,122,8],[112,7,112,8],[116,7,116,8],[105,7,105,8],[169,3,169,4],[168,3,168,4],[132,3,132,4],[156,9,156,10],[154,3,154,4],[166,3,166,4],[162,3,162,4],[159,3,159,4],[168,5,168,6],[142,5,142,6],[163,9,163,10],[148,9,148,10],[134,3,134,4],[134,5,134,6],[136,3,136,4],[135,3,135,4],[136,7,136,8],[147,5,147,6],[150,7,150,8],[150,5,150,6],[146,5,146,6],[144,7,144,8],[144,5,144,6],[154,7,154,8],[50,3,50,4],[50,5,50,6],[125,5,125,6],[71,3,71,4],[68,3,68,4],[69,3,69,4],[73,3,73,4],[76,5,76,6],[77,3,77,4],[85,3,85,4],[81,3,81,4],[89,3,89,4],[88,3,88,10],[87,7,87,8],[80,7,80,8],[84,5,84,6],[108,7,108,8],[122,3,122,4],[121,3,121,4],[120,3,120,4],[125,9,125,10],[74,3,74,4],[93,5,93,6],[119,5,119,6],[96,3,96,4],[100,0,100,2],[106,3,106,4],[99,3,99,4],[94,0,94,2],[108,3,108,4],[126,9,126,10],[124,9,124,10],[173,7,173,8],[173,5,173,6],[173,3,173,4],[171,5,171,6],[169,7,169,8],[138,3,138,4],[171,3,171,4],[171,7,171,8],[169,5,169,6],[162,5,162,6],[157,5,157,6],[163,5,163,6],[163,7,163,8],[162,7,162,8],[159,7,159,8],[148,5,148,6],[152,7,152,8],[152,5,152,6],[118,3,118,4],[113,7,113,8],[121,7,121,8],[120,7,120,8],[118,7,118,8],[117,3,117,4],[120,5,120,6],[119,7,119,8],[124,7,124,8],[121,5,121,6],[124,3,124,4],[122,5,122,6],[124,5,124,6],[115,3,115,4],[139,0,139,2],[24,9,24,10],[22,9,22,10],[141,9,141,10],[183,9,183,10],[180,0,180,2],[151,0,151,2],[177,9,177,10],[177,3,177,4],[179,3,179,4],[176,0,176,2],[181,7,181,8],[174,0,174,2],[143,0,143,2],[88,0,88,2],[75,7,75,8],[54,7,54,8],[55,7,55,8],[57,7,57,8],[171,9,171,10],[169,9,169,10],[168,9,168,10],[166,9,166,10],[161,9,161,10],[178,5,178,6],[178,7,178,8],[178,9,178,10],[177,5,177,6],[177,7,177,8],[183,7,183,8],[178,0,178,2],[154,5,154,6],[183,3,183,4],[183,5,183,6],[159,9,159,10],[157,9,157,10],[154,9,154,10],[162,9,162,10],[165,0,165,2],[173,9,173,10],[167,0,167,2],[170,0,170,2],[172,0,172,2],[164,5,164,6],[164,3,164,4],[175,5,175,6],[175,3,175,4],[175,7,175,8],[184,9,184,10],[185,9,185,10],[184,0,184,2],[184,11,184,13],[185,3,185,4],[185,5,185,6],[185,7,185,8],[176,11,176,13],[176,5,176,6],[176,7,176,8],[176,9,176,10],[179,5,179,6],[179,7,179,8],[179,9,179,10],[182,0,182,2],[182,11,182,13],[181,3,181,4],[181,5,181,6],[181,9,181,10],[178,11,178,13],[180,5,180,6],[180,7,180,8],[180,9,180,10],[180,11,180,13],[192,7,192,8],[192,5,192,6],[192,3,192,4],[186,0,186,2],[186,9,186,10],[186,11,186,13],[187,3,187,4],[187,5,187,6],[187,7,187,8],[187,9,187,10],[191,3,191,4],[191,5,191,6],[191,7,191,8],[191,9,191,10],[188,0,188,2],[188,9,188,10],[188,11,188,13],[189,3,189,4],[189,5,189,6],[189,7,189,8],[189,9,189,10],[190,0,190,2],[190,9,190,10],[190,11,190,13]]}
["COTAÇÕES DE INSUMOS"]
[]
["*Na célula com o nome do fornecedor, no comentário consta o seu e-mail",{"$nulls":9},"Data Cotações:",null,null,"Abril/19"]
["**As cotações com valor em vermelho não fazem parte da média"]
[]
["Código","Insumo","un","Fornecedor 1","Fone","Fornecedor 2","Fone","Fornecedor 3","Fone","Reserva",null,"Observações","Média","Mediana"]
[null,null,null,"Allcomp","3024-7100","RM","3375-1700","Sulmak","2102-6063"]
[1,"Nível a Laser","d",120,null,120,null,80,{"$nulls":4},{"$f":"TRUNC((AVERAGE(D8,F8,H8)),2)","v":106.66},{"$f":"TRUNC((MEDIAN(D8:K8)),2)","v":120}]
[null,null,null,"Similar","3341-5866","RM","3375-1700","Sulmak","2102-6063"]
[{"$f":"+A8+1","v":2},"Betoneira 400 l","d",50,null,50,null,50,{"$nulls":4},{"$f":"TRUNC((AVERAGE(D10,F10,H10)),2)","v":50},{"$f":"TRUNC((MEDIAN(D10:K10)),2)","v":50}]
[{"$f":"+A10+1","v":3},"Motor elétrico p/vibrador","d",20,null,30,null,25,{"$nulls":4},25,25]
[{"$f":"+A11+1","v":4},"Acabadora de superfície (helicóptero) + pás","d",255,null,240,null,280,{"$nulls":4},{"$f":"TRUNC((AVERAGE(D12,F12,H12)),2)","v":258.33},{"$f":"TRUNC((MEDIAN(D12:K12)),2)","v":255}]
[5,"Rolo compactador liso RCW900","h",56.25,null,56.25,null,50,null,null,null,"Dividir valores por 8 h",54.16,56.25]
[{"$f":"+A13+1","v":6},"Placa vibratória reversível CR3","d",90,null,95,null,90,{"$nulls":4},91.66,90]
[{"$f":"+A14+1","v":7},"Cortadora de piso 350 mm","d",70,null,60,null,50,null,null,null,"350 mm",60,{"$f":"TRUNC((MEDIAN(D15:K15)),2)","v":60}]
[{"$f":"+A15+1","v":8},"Esmerilhadeira 7\"","d",20,null,20,null,30,null,null,null,"7\"",23.33,20]
[null,null,null,"Juceli","3341-1060","Sul Air","3341-4378","Hiper-Ar","3374-4923"]
[{"$f":"+A16+1","v":9},"Compressor de ar 175 PCM c/martelete pneumático","d",500,null,450,null,"-",{"$nulls":4},{"$f":"TRUNC((AVERAGE(D18,F18,H18)),2)","v":475},{"$f":"TRUNC((MEDIAN(D18:K18)),2)","v":475}]
[null,null,null,"Tecnisan","3428-6359","Freeban","3568-5221","Porto Sul","3045-4909","Toalete","3334-9650"]
[{"$f":"+A18+1","v":10},"Locação sanitário Químico","ms",650,null,800,null,1850,null,650,null,"3 limpezas semanais",{"$f":"TRUNC((AVERAGE(D20,F20,J20)),2)","v":700},{"$f":"TRUNC((MEDIAN(D20:K20)),2)","v":725},null,{"$f":"+D20/$M$20","v":0.9285714285714286},{"$f":"+F20/$M$20","v":1.1428571428571428},{"$f":"+H20/$M$20","v":2.6428571428571428},{"$f":"+J20/$M$20","v":0.9285714285714286}]
[null,null,null,"Planema","3242-9667","Sul Air","3341-4378","Dunorte","3361-4866"]
[{"$f":"+A20+1","v":11},"Retroescavadeira c/operador","h",120,null,112.5,null,137.5,null,null,null,"(Tração 4x2)             Valor da diária / 8 horas",{"$f":"TRUNC((AVERAGE(D22,F22,H22)),2)","v":123.33},{"$f":"TRUNC((MEDIAN(D22:K22)),2)","v":120}]
[null,null,null,"Planeta","15 3305-8547","Telbrás","3466-3066","Protefix","3222-0011"]
[{"$f":"+A22+1","v":12},"Sinalizador eletrônico luminoso piscante","un",121,null,80.41,null,105,{"$nulls":4},{"$f":"TRUNC((AVERAGE(D24,F24,H24)),2)","v":102.13},{"$f":"TRUNC((MEDIAN(D24:K24)),2)","v":105}]
[{"$f":"+A24+1","v":13},"Balizador h=1,05 cm","un",67,null,47,null,55.8,{"$nulls":4},{"$f":"TRUNC((AVERAGE(D25,F25,H25)),2)","v":56.6},{"$f":"TRUNC((MEDIAN(D25:K25)),2)","v":55.8}]
[null,null,null,"8 horas de engenheiro"]
[{"$f":"+A25+1","v":14},"Projeto de Sinalização","un",{"$f":"8*Insumos!$G$26","v":792.72},{"$nulls":7},"Projeto com ART",{"$f":"TRUNC((AVERAGE(D27)),2)","v":792.72},{"$f":"TRUNC((MEDIAN(D27:K27)),2)","v":792.72}]
[null,null,null,"Madesul","3016-5500","Telharsul","3084-5474","Madeben","3072-0673","Guarujá","3246-5944"]
[{"$f":"+A27+1","v":15},"Sarrafo cedrinho 2,5 x 2,5 cm","m",2.1,null,1.57,null,1.66,null,2.2999999999999998,null,null,{"$f":"TRUNC((AVERAGE(D29,F29,H29,J29)),2)","v":1.9},{"$f":"TRUNC((MEDIAN(D29:K29)),2)","v":1.88}]
[{"$f":"+A29+1","v":16},"Sarrafo cedrinho 2,5 x 5,0 cm","m",3.37,null,3.13,null,3.33,null,4.3,null,null,{"$f":"TRUNC((AVERAGE(D30,F30,H30)),2)","v":3.27},3.35]
[{"$f":"+A30+1","v":17},"Caibro cedrinho 5 x 7 cm","m",10.119999999999999,null,9.3800000000000008,null,9.32,null,10.7,null,null,{"$f":"TRUNC((AVERAGE(D31,F31,H31,J31)),2)","v":9.8800000000000008},9.75,null,{"$f":"+D31/$N$31","v":1.0379487179487179},{"$f":"+F31/$N$31","v":0.9620512820512821},{"$f":"+H31/$N$31","v":0.95589743589743592},{"$f":"+J31/$N$31","v":1.0974358974358973}]
[{"$f":"+A31+1","v":18},"Caibro cedrinho 5 x 10 cm","m",13.5,null,12.5,null,13.32,null,15,null,null,13.58,13.41]
[19,"Caibro cedrinho 5 x 15 cm","m",20.25,null,18.75,null,19.98,null,22.1,null,null,20.27,{"$f":"TRUNC((MEDIAN(D33:K33)),2)","v":20.11}]
[20,"Caibro cedrinho 8 x 8 cm","m",19.84,null,16,null,17.79,null,16.100000000000001,null,null,17.43,16.940000000000001]
[21,"Guia cedrinho 2,5 x 10 cm","m",6.75,null,6.25,null,6.66,null,7.5,null,null,6.79,6.7]
[22,"Guia cedrinho 2,5 x 15 cm","m",10.119999999999999,null,9.4,null,9.99,null,11.1,null,null,10.15,10.050000000000001]
[23,"Guia cedrinho 2,5 x 20 cm","m",13.5,null,12.5,null,13.32,null,14.25,null,null,13.39,13.41]
[{"$f":"+A37+1","v":24},"Guia eucalipto 2,5 x 10 cm","m",1.75,null,3.75,null,{"$f":"9.41/5.4","v":1.7425925925925925},null,{"$f":"9.5/5.5","v":1.7272727272727273},null,null,{"$f":"TRUNC((AVERAGE(D38,FH38,J38)),2)","v":1.73},{"$f":"TRUNC((MEDIAN(D38:K38)),2)","v":1.74}]
[25,"Guia eucalipto 2,5 x 20 cm","m",3.5,null,7.5,null,{"$f":"18.83/5.4","v":3.4870370370370365},null,{"$f":"19/5.5","v":3.4545454545454546},null,null,{"$f":"TRUNC((AVERAGE(D39,H39,J39)),2)","v":3.48},3.49]
[null,null,null,"Madesul","3016-5500","Canaã","3364-2999","Guarujá","3246-5944"]
[{"$f":"+A39+1","v":26},"Tábua itaúba lixada e aplainada 2,5x20x5,50","pç",158.15,null,137.5,null,148.5,null,null,null,"Bitolas das tábuas brutas:",{"$f":"TRUNC((AVERAGE(D41,F41,H41)),2)","v":148.05000000000001},{"$f":"TRUNC((MEDIAN(D41:K41)),2)","v":148.5}]
[27,"Tábua itaúba lixada e aplainada 3x22x3,00","pç",215.62,null,150,null,162,null,null,null,"Esp.: 2,5 , 4 , 5 , 8 , 10 , 15 cm",{"$f":"TRUNC((AVERAGE(F42,H42)),2)","v":156},162]
[28,"Tábua itaúba lixada e aplainada 3x22x4,00","pç",287.5,null,200,null,216,null,null,null,"Larg.: 5, 7, 10, 15, 20, 25, 30 cm",208,216]
[29,"Tábua itaúba lixada e aplainada 3x22x4,50","pç",323.45,null,225,null,243,null,null,null,"Comp.: 1, 1,5 , 2, 2,5 , 3, 3,5 , 4, 4,5 , 5, 5,5 m",234,243]
[30,"Tábua itaúba lixada e aplainada 3x30x3,00","pç",258.75,null,180,null,194.4,{"$nulls":4},187.2,194.4]
[31,"Tábua itaúba lixada e aplainada 3,5x15x5,50","pç",237.2,null,165,null,184.2,{"$nulls":4},174.6,184.2]
[32,"Tábua itaúba lixada e aplainada 3,5x25x2,00","pç",143.75,null,100,null,108,null,null,null," ",104,108]
[33,"Tábua itaúba lixada e aplainada 4x10x4,00","pç",115,null,80,null,113.4,{"$nulls":4},{"$f":"TRUNC((AVERAGE(D48,H48)),2)","v":114.2},113.4]
[34,"Tábua itaúba lixada e aplainada 4x10x5,50","pç",158.15,null,110,null,156,{"$nulls":4},{"$f":"TRUNC((AVERAGE(D49,H49)),2)","v":157.07},156]
[35,"Tábua itaúba lixada e aplainada 4x30x3,00","pç",258.75,null,180,null,243,{"$nulls":4},{"$f":"TRUNC((AVERAGE(D50,H50)),2)","v":250.87},243]
[36,"Tábua itaúba lixada e aplainada 4x30x4,00","pç",345,null,240,null,324,{"$nulls":4},{"$f":"TRUNC((AVERAGE(D51,H51)),2)","v":334.5},324]
[37,"Tábua itaúba lixada e aplainada 4x30x4,50","pç",388.2,null,270,null,365,{"$nulls":4},{"$f":"TRUNC((AVERAGE(D52,H52)),2)","v":376.6},365]
[{"$f":"+A52+1","v":38},"Sarrafo itaúba 2,5x5","m",5.25,null,5.6,null,8.1,{"$nulls":4},{"$f":"TRUNC((AVERAGE(D53,F53)),2)","v":5.42},5.6]
[39,"Caibro itaúba 5x5","m",10.5,null,11.2,null,16.2,{"$nulls":4},10.85,11.2]
[40,"Caibro itaúba 5x7","m",15.75,null,16.899999999999999,null,20.3,{"$nulls":4},16.32,16.899999999999999]
[41,"Caibro itaúba 5x10","m",21,null,22.5,null,28.4,{"$nulls":4},21.75,22.5]
[42,"Tábua itaúba 4x15","m",31.5,null,27,null,41.9,{"$nulls":4},29.25,31.5]
[43,"Tábua itaúba 4x25","m",52.5,null,45,null,67.5,{"$nulls":4},48.75,52.5]
[44,"Tábua itaúba 4x30","m",63,null,54,null,81,{"$nulls":4},58.5,63]
[45,"Tábua itaúba lixada e aplainada 3,5x19x1,80","pç",115,null,80,null,86.4,{"$nulls":4},{"$f":"TRUNC((AVERAGE(F60,H60)),2)","v":83.2},86.4]
[46,"Tábua itaúba lixada e aplainada 3,5x19x2,00","pç",115,null,80,null,108,{"$nulls":4},{"$f":"TRUNC((AVERAGE(D61,H61)),2)","v":111.5},108,null,{"$f":"+D61/N61","v":1.0648148148148149},{"$f":"+F61/N61","v":0.7407407407407407},{"$f":"+H61/N61","v":1}]
[null,null,null,"Delei Madeiras","3395-2275","Madelei","3373-8888","Cofel","3222-2255"]
[{"$f":"+A61+1","v":47},"Laminado melamínico texturizado chapa 1,25 x 3,08 m esp=0,8 mm","m²",25.71,null,29.87,null,25.71,null,null,null,"Dividir o valor pela área da chapa (3,85 m²)",{"$f":"TRUNC((AVERAGE(D63,F63,H63)),2)","v":27.09},{"$f":"TRUNC((MEDIAN(D63:K63)),2)","v":25.71}]
[null,null,null,"Mariani","3403-2222","Flosul","51 3681-0100","MSA","3556-3711"]
[{"$f":"+A63+1","v":48},"Tora eucalipto tratada d=20 cm","m",57,null,28.41,null,30.1,null,null,null,"Total=frete/m+tora  (frete/ 99 m (cancha de bocha))",{"$f":"TRUNC((AVERAGE(F65,H65)),2)","v":29.25},{"$f":"TRUNC((MEDIAN(D65:K65)),2)","v":30.1}]
[null,null,null,"SL parafusos","3411-9800","Guido Jacobus","3024-1200","Central de parafusos","3341-9353","Brasil dos parafusos","3326-1946"]
[{"$f":"+A65+1","v":49},"Parafuso aço inox 1/4\" x 3\" c/porca","un",1.1299999999999999,null,3.18,null,1.23,null,1.35,null,"Acrescentar o valor da porca quando vier separado (R$ ___)",{"$f":"TRUNC((AVERAGE(D67,H67,J67)),2)","v":1.23},{"$f":"TRUNC((MEDIAN(D67:K67)),2)","v":1.29}]
[50,"Parafuso francês zincado 5/16\" x 2\" c/porca","un",0.4,null,0.38,null,0.47,null,0.46,null,null,{"$f":"TRUNC((AVERAGE(D68,F68,H68,J68)),2)","v":0.42},{"$f":"TRUNC((MEDIAN(D68:K68)),2)","v":0.43}]
[51,"Parafuso francês zincado 5/16\" x 2 1/2\" c/ porca","un",0.46,null,0.44,null,0.54,null,0.53,null,null,{"$f":"TRUNC((AVERAGE(D69,F69,H69,J69)),2)","v":0.49},0.49,null,{"$f":"+D69/M69","v":0.93877551020408168},{"$f":"+F69/M69","v":0.89795918367346939},{"$f":"+H69/M69","v":1.1020408163265307},{"$f":"+J69/M69","v":1.0816326530612246}]
[52,"Parafuso francês zincado 5/16\" x 4\" c/ porca","un",0.64,null,0.61,null,0.75,null,0.74,null,null,{"$f":"TRUNC((AVERAGE(D70,F70,H70,J70)),2)","v":0.68},0.69]
[53,"Parafuso francês zincado 5/16\" x 5\" c/porca","un",0.75,null,0.71,null,0.9,null,0.87,null,null,{"$f":"TRUNC((AVERAGE(D71,F71,H71,J71)),2)","v":0.8},0.81]
[54,"Parafuso inox auto atarraxante 4,8 x 70 cabeça chata","un",0.51,null,0.62,null,1.1000000000000001,null,0.77,null,null,{"$f":"TRUNC((AVERAGE(D72,F72,J72)),2)","v":0.63},0.69]
[55,"Parafuso inox auto atarraxante 4,8 x 100 cabeça chata","un",1.04,null,"-",null,1.66,null,1.7,null,null,{"$f":"TRUNC((AVERAGE(F73,H73,J73)),2)","v":1.68},1.66]
[56,"Parafuso sextavado aço zincado 1/2\" x 1 1/2\"","un",0.74,null,0.7,null,1.1000000000000001,null,0.9,null,null,{"$f":"TRUNC((AVERAGE(D74,F74,H74,J74)),2)","v":0.86},0.82]
[57,"Parafuso sextavado aço zincado 1/2\" x 3 1/2\"","un",1.53,null,1.46,null,2.2999999999999998,null,1.56,null,null,{"$f":"TRUNC((AVERAGE(D75,F75,J75)),2)","v":1.51},1.54]
[58,"Parafuso sextavado aço zincado 1/2\" x 8\"","un",3.49,null,3.33,null,5.15,null,4.24,null,null,{"$f":"TRUNC((AVERAGE(D76,F76,J76)),2)","v":3.68},3.86]
[59,"Parafuso sextavado aço zincado 1/4\" x 2\" c/ porca","un",0.24,null,0.24,null,0.4,null,0.28999999999999998,null,"Acrescentar o valor da porca quando vier separado (R$ ___)",{"$f":"TRUNC((AVERAGE(D77,F77,J77)),2)","v":0.25},0.26,null,{"$f":"+D77/M77","v":0.96},{"$f":"+F77/M77","v":0.96},{"$f":"+H77/M77","v":1.6},{"$f":"+J77/M77","v":1.1599999999999999}]
[60,"Parafuso sextavado rosca soberba 1/4\" x 30 mm","un",0.13,null,0.13,null,0.17,null,0.17,null,null,{"$f":"TRUNC((AVERAGE(D78,F78,H78,J78)),2)","v":0.15},0.15]
[null,null,null,"Gerdau","3373-2500","Arcelor Mittal","2121-7777","Sidersul","3041-6565"]
[{"$f":"+A78+1","v":61},"Barra ferro chato 7/8\" x 1/8\"","kg",4.63,null,4.1399999999999997,null,4.96,{"$nulls":4},{"$f":"TRUNC((AVERAGE(D80,F80,H80)),2)","v":4.57},{"$f":"TRUNC((MEDIAN(D80:I80)),2)","v":4.63}]
[62,"Barra ferro chato 7/8\" x 1/4\"","kg",4.67,null,4.3499999999999996,null,4.96,{"$nulls":4},4.66,4.67]
[63,"Barra ferro chato 1 1/4\" x 1/4\"","kg",4.67,null,4.1399999999999997,null,4.96,{"$nulls":4},4.59,4.67]
[64,"Barra ferro chato 2\" x 1/8\"","kg",5.21,null,4.83,null,4.96,{"$nulls":4},5,4.96]
[65,"Chapa aço 1/2\"","kg",4.1399999999999997,null,5.08,null,4.95,{"$nulls":4},4.72,4.95]
[66,"Chapa aço 1/4\"","kg",4.1399999999999997,null,5.08,null,4.95,{"$nulls":4},4.72,4.95]
[67,"Chapa aço 3/16\"","kg",4.1399999999999997,null,5.08,null,4.95,{"$nulls":4},4.72,4.95]
[null,null,null,"Redinox","3020-0707","Steel Sul","3059-8744","Galeazi","4042-8322"]
[{"$f":"+A86+1","v":68},"Chapa aço inox e=1,00 mm (AISI 304)","m²",156,null,164.5,null,199.62,{"$nulls":4},{"$f":"TRUNC((AVERAGE(D88,F88,H88)),2)","v":173.37},{"$f":"TRUNC((MEDIAN(D88:K88)),2)","v":164.5}]
[null,null,null,"Chapas aço + galvanização"]
[{"$f":"+A88+1","v":69},"Chapa galvanizada 1/2\"","kg",{"$nulls":8},"Insumo 71 + galvanização/kg (R$ 2,30)",{"$f":"TRUNC(IF(Cotações!M84<Cotações!N84,Cotações!M84,Cotações!N84)+((IF(Cotações!$M$94<Cotações!$N$94,Cotações!$M$94,Cotações!$N$94))),2)","v":7.12}]
[{"$f":"+A90+1","v":70},"Chapa galvanizada 1/4\"","kg",{"$nulls":8},"Insumo 72 + galvanização/kg (R$ 2,30)",{"$f":"TRUNC(IF(Cotações!M85<Cotações!N85,Cotações!M85,Cotações!N85)+((IF(Cotações!$M$94<Cotações!$N$94,Cotações!$M$94,Cotações!$N$94))),2)","v":7.12}]
[{"$f":"+A91+1","v":71},"Chapa galvanizada 3/16\"","kg",{"$nulls":8},"Insumo 73 + galvanização/kg (R$ 2,30)",{"$f":"TRUNC(IF(Cotações!M86<Cotações!N86,Cotações!M86,Cotações!N86)+((IF(Cotações!$M$94<Cotações!$N$94,Cotações!$M$94,Cotações!$N$94))),2)","v":7.12}]
[null,null,null,"Beretta","3479-2222","ATN","3470-0000","Bento Sul","54 3453-5053"]
[{"$f":"+A92+1","v":72},"Galvanização","kg",2.5,null,2.5,null,2.2000000000000002,null,null,null,"preço por kg de chapa + 10% relativo ao peso total após galvanização",{"$f":"TRUNC((AVERAGE(D94,F94,H94)),2)","v":2.4},{"$f":"TRUNC((MEDIAN(D94:K94)),2)","v":2.5}]
[null,null,null,"Sulfer","3470-4004","Scharlau","3091-1525","Global Aço","3470-3522","Imp. Americana","3337-4611"]
[{"$f":"+A94+1","v":73},"Cumeeira galvalume ondulada 0,50 mm","un",28.6,null,29.34,null,30,null,23.6,null,"Cumeeira com 1 m de comprimento",{"$f":"TRUNC((AVERAGE(D96,F96,H96,J96)),2)","v":27.88},{"$f":"TRUNC((MEDIAN(D96:K96)),2)","v":28.97}]
[74,"Telha galvalume ondulada 0,50 mm x 1,03 m x 1 m","m",34.9,null,26.3,null,30,null,23.6,null,null,{"$f":"TRUNC((AVERAGE(D97,F97,H97,J97)),2)","v":28.7},{"$f":"TRUNC((MEDIAN(D97:K97)),2)","v":28.15}]
[null,null,null,"Sulfer","3470-4004","Aço Tubo","2126-9400","Açoduto","3058-5353","Ipiranga","3303-2100"]
[{"$f":"+A97+1","v":75},"Tubo aço carbono 6\" e=6,35 mm (NBR 6591)","m","-",null,206.34,null,182.35,null,150.15,null,"tubo condutor",{"$f":"TRUNC((AVERAGE(F99,H99,J99)),2)","v":179.61},{"$f":"TRUNC((MEDIAN(D99:K99)),2)","v":182.35}]
[76,"Tubo ferro preto quadrado 7x7 cm esp=3,00 mm","m",73.709999999999994,null,"-",null,56,null,40.6,null,"tubo / 6,00 m",{"$f":"TRUNC((AVERAGE(D100,H100,J100)),2)","v":56.77},{"$f":"TRUNC((MEDIAN(D100:K100)),2)","v":56}]
[null,null,null,"FG","3358-1213","Thony","3369-3737","FF","3092-5215"]
[{"$f":"+A100+1","v":77},"Corrente aço galvanizado d=5 mm elo longo 22x45 mm","kg",23.6,null,21.9,null,32.83,null,null,null,"Na próxima atualização utilizar elo curto e=6 mm 22x40 mm",{"$f":"TRUNC((AVERAGE(D102,F102)),2)","v":22.75},{"$f":"TRUNC((MEDIAN(D102:K102)),2)","v":23.6}]
[78,"Disco de Corte MR832 - 7\" - Norton uso geral","un",22.9,null,26.34,null,16.5,{"$nulls":4},{"$f":"TRUNC((AVERAGE(D103,F103)),2)","v":24.62},{"$f":"TRUNC((MEDIAN(D103:K103)),2)","v":22.9}]
[null,null,null,"Telas Nacional","3364-1688","Rio Branco","3466-8095","Renovar","3342-7711","Sul Tela","3372-1475"]
[{"$f":"+A103+1","v":79},"Esticador de arame","un",5,null,"-",null,5,null,7,null,null,{"$f":"TRUNC((AVERAGE(D105,F105,H105,J105)),2)","v":5.66},{"$f":"TRUNC((MEDIAN(D105:K105)),2)","v":5},null,{"$f":"+D105/N105","v":1},null,{"$f":"+H105/N105","v":1},{"$f":"+J105/N105","v":1.4}]
[{"$f":"+A105+1","v":80},"Tela arame galvanizado 5x5 cm fio 12 BWG","m²",22,null,21,null,26.5,null,28.6,null,null,{"$f":"TRUNC((AVERAGE(D106,F106,H106,J106)),2)","v":24.52},{"$f":"TRUNC((MEDIAN(D106:K106)),2)","v":24.25},null,{"$f":"+D106/N106","v":0.90721649484536082},{"$f":"+F106/N106","v":0.865979381443299},{"$f":"+H106/N106","v":1.0927835051546391},{"$f":"+J106/N106","v":1.1793814432989691}]
[{"$f":"+A106+1","v":81},"Tela arame galvanizado 4x4 cm fio 10 BWG","m²",33,null,49,null,63,null,"-",null,null,{"$f":"TRUNC((AVERAGE(D107,F107,H107)),2)","v":48.33},{"$f":"TRUNC((MEDIAN(D107:K107)),2)","v":49}]
[null,null,null,"Fundição Silva Três Rios","(24) 2255-3130"]
[{"$f":"+A107+1","v":82},"Fradinho em ferro fundido","un",216,{"$nulls":8},{"$f":"TRUNC((AVERAGE(D109)),2)","v":216},{"$f":"TRUNC((MEDIAN(D109:K109)),2)","v":216}]
[null,null,null,"Ziober","44 3029-4410","Milla (Ginast)","19 3363-1051","Flex","17 3223-2766"]
[{"$f":"+A109+1","v":83},"Abdominal","un",1850,null,6000,null,3500,null,null,null,"Galvanizados",{"$f":"TRUNC((AVERAGE(D111,H111)),2)","v":2675},{"$f":"TRUNC((MEDIAN(D111:K111)),2)","v":3500}]
[{"$f":"+A111+1","v":84},"Adução e abdução de pernas duplo","un",3631,null,9600,null,5900,{"$nulls":4},{"$f":"TRUNC((AVERAGE(D112,H112)),2)","v":4765.5},5900]
[85,"Esqui triplo conjugado","un",5546,null,12740,null,6515,{"$nulls":4},6030.5,6515]
[86,"Jogo de barras","un",3050,null,13520,null,4950,{"$nulls":4},4000,4950]
[87,"Multiexercitador conjugado 6 funções","un",5853,null,15600,null,6650,{"$nulls":4},6251.5,6650]
[88,"Peitoral duplo","un",4450,null,10900,null,5675,{"$nulls":4},5062.5,5675]
[89,"Placa orientativa (ATI)","un",2210,null,7080,null,3900,{"$nulls":4},3055,3900]
[90,"Pressão de pernas triplo conjugado","un",3429,null,6250,null,5100,{"$nulls":4},4264.5,5100]
[91,"Puxador duplo","un",4436,null,12120,null,5725,{"$nulls":4},5080.5,5725]
[92,"Remada (APC)","un",2665,null,5020,null,2710,{"$nulls":4},2687.5,2710]
[93,"Simulador de caminhada triplo conjugado","un",5160,null,9320,null,6150,{"$nulls":4},5655,6150]
[94,"Simulador de remo","un",2190,null,3400,null,4250,{"$nulls":4},3220,3400]
[{"$f":"+A122+1","v":95},"Voador peitoral e voador dorsal (APC)","un",4105,null,5940,null,2710,{"$nulls":4},3407.5,4105]
[null,null,null,"Shopping de Pedras","3249-1111","Eládio","3328-5858","São Cristóvão","54 3477-1305","Santo Antônio","54 3242-1061"]
[{"$f":"+A123+1","v":96},"Basalto Irregular","m²",35,null,45,null,33,null,32,null,null,{"$f":"TRUNC((AVERAGE(D125,H125,J125)),2)","v":33.33},34]
[{"$f":"+A125+1","v":97},"Basalto Irregular meio retalhão","m²",110,null,120,null,100,null,72,null,null,{"$f":"TRUNC((AVERAGE(D126,F126,H126)),2)","v":110},105]
[{"$f":"+A126+1","v":98},"Basalto Regular talhado",{"$f":"C126","v":"m²"},70,null,85,null,70,null,69,null,null,{"$f":"TRUNC((AVERAGE(D127,H127,J127)),2)","v":69.66},70]
[{"$f":"+A127+1","v":99},"Basalto Regular serrado ","m²",86,null,100,null,79,null,96,null,null,{"$f":"TRUNC((AVERAGE(D128,F128,H128,J128)),2)","v":90.25},91]
[null,null,null,"DPS","3499-1536","Incorevest","3062-5119","Artsul","3266-1780","RF Suprimentos","3059-7270"]
[{"$f":"+A128+1","v":100},"Lajota de concreto 45x45cm esp.=2,5cm","m²",26.9,null,32,null,24.5,null,25.9,null,null,{"$f":"TRUNC((AVERAGE(D130,H130,J130)),2)","v":25.76},26.4]
[{"$f":"+A130+1","v":101},"Piso Podotátil 25 x 25 cm","un",3,null,2.8,null,3.3,null,3.4,null,null,{"$f":"TRUNC((AVERAGE(D131,F131,H131,J131)),2)","v":3.12},{"$f":"TRUNC((MEDIAN(D131:K131)),2)","v":3.15}]
[null,null,null,"Maquitel","3403-3232"]
[{"$f":"+A131+1","v":102},"Saibro rosa - posto obra","m³",49.33,{"$nulls":7},"Fazer média dos fretes (Centro, Ipanema, Sarandi)",{"$f":"TRUNC((AVERAGE(D133)),2)","v":49.33},49.33]
[null,null,null,"Rossatto","3250-5076","Jardins da Aldeia","3488-6251","Gramados Vargas","3367-2625","Canoas Garden","3472-4931"]
[{"$f":"+A133+1","v":103},"Composto Orgânico","m³",180,null,130,null,120,null,160,null,null,{"$f":"TRUNC((AVERAGE(D135,F135,H135,J135)),2)","v":147.5},145]
[{"$f":"+A135+1","v":104},"Grama catarina (Axonopus compressus)","m²",9.5,null,12,null,8,null,12,null,null,{"$f":"TRUNC((AVERAGE(D136,F136,H136,J136)),2)","v":10.37},10.75]
[{"$f":"+A136+1","v":105},"Grama de campo ( 1ª qualidade)",{"$f":"C136","v":"m²"},"-",null,6,null,6,null,6.5,null,null,{"$f":"TRUNC((AVERAGE(F137,H137,J137)),2)","v":6.16},6]
[null,null,null,"Sulcopy","2103-4660","Impacto","3334-9900","Sul10","4061-1001","Pino","3012-9090"]
[{"$f":"+A137+1","v":106},"Placa em lona impressa c/ 6 m²","m²",80,null,50,null,70,null,51.75,null,"Solicitar valor de placa com 6,00 m/2 (Dividir valor por 6)",{"$f":"TRUNC((AVERAGE(D139,F139,H139,J139)),2)","v":62.93},60.87,null,{"$f":"+D139/N139","v":1.3142763265976671},{"$f":"+F139/N139","v":0.82142270412354201},{"$f":"+H139/N139","v":1.1499917857729589},{"$f":"+J139/N139","v":0.85017249876786594}]
[null,null,null,"Construtec","3012-2333","Reis e Reis","12 3966-9977","TecMachine","11 4643-4846","Neomatex","11 4771-1323"]
[{"$f":"+A139+1","v":107},"Microfibra de polipropileno (sc 600 g)","sc",20.399999999999999,null,10.94,null,10.59,null,11.4,null,"Saco de 600 g (600 g/m³ de concreto)",{"$f":"TRUNC((AVERAGE(F141,H141,J141)),2)","v":10.97},11.17]
[null,null,null,"Mineração Peixoto","51 3678-1020","Grani Torre","11 2246-1250","Polipiso","99116-4697"]
[{"$f":"+A141+1","v":108},"Argamassa de alta resistência (Piso duro)","kg",0.74,null,0.65,null,0.77,null,null,null,"Frete para 1800,00 kg",{"$f":"TRUNC((AVERAGE(D143,F143,H143)),2)","v":0.72},0.74]
[null,null,null,"Constinta","3341-6344","Amauri","3322-7100","Porto Cores","3346-3339","Aquarela Tintas","3223-0133"]
[{"$f":"+A143+1","v":109},"Fundo p/ galvanizado","l",27.33,null,23.61,null,29.05,null,27.5,null,null,{"$f":"TRUNC((AVERAGE(D145,F145,H145,J145)),2)","v":26.87},27.41,null,{"$f":"+D145/M145","v":1.0171194640863415},{"$f":"+F145/M145","v":0.87867510234462221},{"$f":"+H145/M145","v":1.0811313732787495},{"$f":"+J145/M145","v":1.0234462225530332}]
[null,null,null,"Drenamac","3029-7593","Drenotec","3119-1244","Geofoco","0800-378-8500"]
[{"$f":"+A145+1","v":110},"Manta Geotêxtil para cura do concreto","m²",2.2000000000000002,null,2.5,null,2.1,null,null,null,"Bidim CC-10",{"$f":"TRUNC((AVERAGE(D147,F147,H147)),2)","v":2.2599999999999998},{"$f":"TRUNC((MEDIAN(D147:K147)),2)","v":2.2000000000000002}]
[null,null,null,"Prod Equipam. MB","3377-2035"]
[{"$f":"+A147+1","v":111},"Papeleira metálica basculante H-30","un",551,{"$nulls":8},{"$f":"TRUNC((AVERAGE(D149)),2)","v":551},551]
[null,null,null,"Elevato","3349-0200","SIA","3375-3800","Mil Torneiras","3371-3200"]
[{"$f":"+A149+1","v":112},"Válvula de mictório anti-vandalismo alta pressão Docol","un",557.80999999999995,null,362.1,null,413.9,{"$nulls":4},{"$f":"TRUNC((AVERAGE(D151,F151,H151)),2)","v":444.6},413.9]
[null,null,null,"LC","3217-1323","De Grandi","3307-7724","Bello","3217-5900","Belotto","3541-5521"]
[{"$f":"+A151+1","v":113},"Placa de granito","un",450,null,650,null,840,null,750,null,null,{"$f":"TRUNC((AVERAGE(D153,F153,H153,J153)),2)","v":672.5},700]
[null,null,null,"Gaúcha","3245-3500","Desentulha","3248-2282","Nichele","3246-7864"]
[{"$f":"+A153+1","v":114},"Caçamba 4,00 m3","un",390,null,360,null,405,null,null,null,"Média Centro com Zona Sul               caliça e terra",{"$f":"TRUNC((AVERAGE(D155,F155,H155)),2)","v":385},390,null,{"$f":"+D155/M155","v":1.0129870129870129},{"$f":"+F155/M155","v":0.93506493506493504},{"$f":"+H155/M155","v":1.051948051948052}]
[null,null,null,"Transguga","3337-6060","Britas do Sul","3245-2093","Areia Norte","3340-9032","Balinha","3434-0059"]
[{"$f":"+A155+1","v":115},"Areia Peneirada - posto obra","m³",65,null,90,null,65,null,70,null,null,{"$f":"TRUNC((AVERAGE(D157,F157,H157,J157)),2)","v":72.5},{"$f":"TRUNC((MEDIAN(D157:K157)),2)","v":67.5}]
[{"$f":"+A157+1","v":116},"Brita 1 ou 2 - posto obra","m³",65,null,75,null,65,null,65,null,null,{"$f":"TRUNC((AVERAGE(D158,F158,H158,J158)),2)","v":67.5},65]
[null,null,null,"DMAE","3289-9537"]
[{"$f":"+A158+1","v":117},"Taxa instalação água DMAE","cj",465.36,{"$nulls":7},"Engª Ana",{"$f":"TRUNC((AVERAGE(D160)),2)","v":465.36},465.36]
[{"$f":"+A160+1","v":118},"Taxa instalação esgoto DMAE","cj",300.94,{"$nulls":8},{"$f":"TRUNC((AVERAGE(D161)),2)","v":300.94},300.94]
[{"$f":"+A161+1","v":119},"Água tratada*","m³",4.66,{"$nulls":8},{"$f":"TRUNC((AVERAGE(D162)),2)","v":4.66},4.66,null,{"$f":"+D162/M162","v":1}]
[{"$f":"+A162+1","v":120},"Esgoto cloacal*","m³",{"$f":"TRUNC((0.8*D162),2)","v":3.72},{"$nulls":8},{"$f":"TRUNC((AVERAGE(D163)),2)","v":3.72},3.72,null,{"$f":"+D163/M163","v":1}]
[null,null,null,"PMPA","Decreto"]
[{"$f":"+A163+1","v":121},"Contribuição Iluminação Pública (CIP)","cj",22.08,{"$nulls":7},"Decreto 19.242, de 7/12/2015 - Consumidor não residencial - Bandeira amarela",{"$f":"TRUNC((AVERAGE(D165)),2)","v":22.08},22.08]
[null,null,null,"Rebello","3239-4844","Tomazelli","3340-2111","Paraíso das Pedras","11 2461-0772","Interlagos","11 5666-0006"]
[{"$f":"+A165+1","v":122},"Pedra Portuguesa","m²",90,null,78,null,78.75,null,85,null,null,{"$f":"TRUNC((AVERAGE(D167,F167,H167,J167)),2)","v":82.93},{"$f":"TRUNC((MEDIAN(D167:K167)),2)","v":81.87}]
[null,null,null,"Tchê","3522-0206","SRS","3544-1156","Maico Pedras","99817-3559","Marcão Pedras","3431-7078"]
[{"$f":"+A167+1","v":123},"Laje de Grês 90x45","un",6.9,null,7.5,null,6,null,6.5,null,null,{"$f":"TRUNC((AVERAGE(D169,F169,H169,J169)),2)","v":6.72},{"$f":"TRUNC((MEDIAN(D169:K169)),2)","v":6.7}]
[{"$f":"+A169+1","v":124},"Pedra de Grês 43x21x12","un",1.9,null,2.2000000000000002,null,1.8,null,1.75,null,null,{"$f":"TRUNC((AVERAGE(D170,F170,H170,J170)),2)","v":1.91},{"$f":"TRUNC((MEDIAN(D170:K170)),2)","v":1.85}]
[null,null,null,"Ponte Pedras","11 4485-3034","Balinha","3434-0059"]
[{"$f":"+A170+1","v":125},"Pedra de Alicerce","un",6,null,4.5,{"$nulls":6},{"$f":"TRUNC((AVERAGE(D172,F172)),2)","v":5.25},{"$f":"TRUNC((MEDIAN(D172:G172)),2)","v":5.25}]
[null,null,null,"Supreme","3012-9962","Via Inox","3275-1111","Magazine do Inox","3060-2074","Stilo Elevato","3333-8200"]
[{"$f":"+A172+1","v":126},"Cuba Inox polida d=38 cm c/válvula 3 1/2\"","un",140,null,161.4,null,150.19999999999999,null,301.02999999999997,null,null,{"$f":"TRUNC((AVERAGE(D174,F174,H174)),2)","v":150.53},{"$f":"TRUNC((MEDIAN(D174:K174)),2)","v":155.80000000000001}]
[null,null,null,"RZ","3212-7911","Copyserv","3212-1612","DWG","3022-7978","MI Digital","3574-8012"]
[{"$f":"+A174+1","v":127},"Plotagem","m²",11.89,null,12,null,10.7,null,10.58,null,"PB, Papel sulfite, gramatura",{"$f":"TRUNC((AVERAGE(D176,F176,H176,J176)),2)","v":11.29},{"$f":"TRUNC((MEDIAN(D176:K176)),2)","v":11.29}]
[null,null,null,"Sinduscon","Site"]
[{"$f":"+A176+1","v":128},"CUB-RS R 16-N","un",1477.13,{"$nulls":8},{"$f":"TRUNC((AVERAGE(D178)),2)","v":1477.13},{"$f":"TRUNC((MEDIAN(D178:K178)),2)","v":1477.13}]
[null,null,null,"CREA-RS","Site"]
[{"$f":"+A178+1","v":129},"ART*","un",233.94,{"$nulls":8},{"$f":"TRUNC((AVERAGE(D180)),2)","v":233.94},{"$f":"TRUNC((MEDIAN(D180:K180)),2)","v":233.94},null,{"$f":"+D180/M180","v":1}]
[null,null,null,"PMPA","Site"]
[{"$f":"+A180+1","v":130},"UFM","un",4.1771000000000003,{"$nulls":8},{"$f":"TRUNC((AVERAGE(D182)),2)","v":4.17},{"$f":"TRUNC((MEDIAN(D182:K182)),2)","v":4.17},"x"]
[null,null,null,"Casa do Granito","3233-0052","La Pietra","3334-6544","Bonapedras","3012-4393","AGPetrea","3126-3792"]
[{"$f":"+A182+1","v":131},"Tabuleiro damas","un",700,null,320,null,550,null,320,null,null,{"$f":"TRUNC((AVERAGE(D184,F184,H184,J184)),2)","v":472.5},{"$f":"TRUNC((MEDIAN(D184:K184)),2)","v":435}]
[null,null,null,"Americanas","Site","Magazine Luiza","Site","Walmart","Site"]
[{"$f":"+A184+1","v":132},"Dobradiça galvanizada 4\"x2 1/2\"","un",7.9,null,6.63,null,8.39,{"$nulls":4},{"$f":"TRUNC((AVERAGE(D186,F186,H186)),2)","v":7.64},{"$f":"TRUNC((MEDIAN(D186:K186)),2)","v":7.9}]
[null,null,null,"Tumelero","Site","Leroy Merlin","Site","Cassol","Site"]
[{"$f":"+A186+1","v":133},"Fita zebrada - 7 cm x 200 m","un",7.0000000000000007E-2,null,0.09,null,0.12,{"$nulls":4},{"$f":"TRUNC((AVERAGE(D188,F188,H188)),2)","v":0.09},{"$f":"TRUNC((MEDIAN(D188:K188)),2)","v":0.09}]
[null,null,null,"FG","Site","Mundo das Fechaduras","Site","Magazine Luiza","Site"]
[{"$f":"+A188+1","v":134},"Dobradiça Gonzo 5/8\"*","un",6.66,null,6.3,null,6.99,{"$nulls":4},{"$f":"TRUNC((AVERAGE(D190,F190,H190)),2)","v":6.65},{"$f":"TRUNC((MEDIAN(D190:K190)),2)","v":6.66},null,{"$f":"+D190/M190","v":1.0015037593984961},{"$f":"+F190/M190","v":0.94736842105263153},{"$f":"+H190/M190","v":1.0511278195488722}]
[null,null,null,"FG","Site","Guimepa","Site","Cassol","Site"]
[{"$f":"+A190+1","v":135},"Fecho bico de papagaio*","un",17.13,null,22.8,null,24,{"$nulls":4},{"$f":"TRUNC((AVERAGE(D192,F192,H192)),2)","v":21.31},{"$f":"TRUNC((MEDIAN(D192:K192)),2)","v":22.8},null,{"$f":"+D192/M192","v":0.80384795870483339},{"$f":"+F192/M192","v":1.0699202252463633},{"$f":"+H192/M192","v":1.1262318160488034}]
[{"$f":"+A192+1","v":136},"Porta cadeado 2 1/2\"*","un",5,null,11.4,null,12,{"$nulls":4},{"$f":"TRUNC((AVERAGE(F193,H193)),2)","v":11.7},{"$f":"TRUNC((MEDIAN(D193:K193)),2)","v":11.4},null,{"$f":"+D193/N193","v":0.43859649122807015},{"$f":"+F193/N193","v":1},{"$f":"+H193/N193","v":1.0526315789473684}]

{"sheet":"BDI","index":6,"n_rows":41,"n_cols":6,"rows_kept":41,"cut":false,"hidden":false,"merged":[[22,0,22,2],[13,0,13,2],[14,0,14,2],[15,0,15,2],[26,0,26,3],[21,0,21,2],[31,0,31,3],[30,0,30,3],[29,0,29,3],[28,0,28,3],[44,0,44,3],[42,0,42,3],[43,0,43,3],[41,0,41,3],[40,0,40,5],[32,0,36,5],[37,0,37,3],[27,0,27,3],[23,3,23,5],[22,3,22,5],[25,0,25,5],[5,1,5,5],[11,0,11,2],[12,0,12,2],[10,0,10,3],[16,0,16,2],[17,0,17,2],[9,0,9,2],[24,0,24,3],[23,0,23,2],[18,0,18,2],[19,0,19,2],[20,0,20,2],[11,3,11,5],[21,3,21,5],[20,3,20,5],[19,3,19,5],[18,3,18,5],[17,3,17,5],[16,3,16,5],[15,3,15,5],[14,3,14,5],[13,3,13,5],[12,3,12,5],[0,0,0,5],[2,0,2,5],[9,3,9,5],[8,1,8,5],[7,1,7,5],[6,1,6,5],[4,1,4,5],[1,0,1,3],[3,0,3,3],[51,0,51,3],[46,4,46,5],[45,4,45,5],[38,0,38,5],[46,0,46,2]]}
["Composição do BDI"]
[]
["*Conforme Decreto nº 19.224, de 25 de novembro de 2015 (PMPA)"]
[]
["TOMADOR:","PREFEITURA MUNICIPAL DE PORTO ALEGRE"]
["Nº CONTRATO:"]
["OBJETO:",{"$f":"+PO!B10","v":"REVITALIZAÇÃO DA PRAÇA A.R.I. - CACHORRÓDROMO - ÁREA 135/02"}]
["DATA:",{"$f":"IF(PO!$B$11=\"\",\"\",PO!$B$11)","v":"2022-03-02"},{"$f":"IF(PO!$C$11=\"\",\"\",PO!$C$11)","v":""},{"$f":"IF(PO!$C$11=\"\",\"\",PO!$C$11)","v":""},{"$f":"IF(PO!$C$11=\"\",\"\",PO!$C$11)","v":""},{"$f":"IF(PO!$C$11=\"\",\"\",PO!$C$11)","v":""}]
["ART:",{"$f":"IF(PO!$B$12=\"\",\"\",PO!$B$12)","v":11751298}]
["CONTRIBUIÇÃO PREVIDENCIÁRIA:",null,null,{"$f":"IF(M.O.!$D$5=\"c/desoneração\",\"Orçamento COM DESONERAÇÃO (Lei 13.161/2015)\",\"Orçamento SEM DESONERAÇÃO (Lei 13.161/2015)\")","v":"Orçamento COM DESONERAÇÃO (Lei 13.161/2015)"}]
[]
["TIPO DE OBRA",null,null,"Contratação de obras e serviços de INFRAESTRUTURA, incluindo pavimentação, iluminação pública, praças, saneamento, sistemas de água, esgoto cloacal e pluvial e seus respectivos serviços de conservação e manutenção"]
["Parcelas"]
["(AC) - Administração Central",null,null,4.03]
["(S) + (G) - Seguro e Garantia",null,null,0.65]
["(R) - Risco",null,null,1.33]
["(DF) - Despesas Financeiras",null,null,1.52]
["(L) - Lucro",null,null,8]
["(I1) - PIS",null,null,0.65]
["(I2) - COFINS",null,null,3]
["(I3) - ISSQN",null,null,1.2]
["(I4) - Contrib. Previdenciária",null,null,4.5]
["BDI Calculado, incluindo I4 - com desoneração",null,null,0.28210000000000002]
["BDI Calculado, desconsiderando I4 - sem desoneração",null,null,0.2215]
[]
["Os valores de BDI foram calculados com o emprego da fórmula abaixo (Acórdão 2622/2013 - TCU):"]
[]
[]
[]
[]
[]
[]
["Declaro para os devidos fins que, conforme legislação tributária municipal, a base de cálculo para o ISS das atividades Pavimentação, Iluminação Pública, Praças, Saneamento, Sistemas de água, Esgoto Cloacal e Pluvial e seus respectivos serviços de conservação e manutenção é de 30%, com a respectiva alíquota de 4%."]
[]
[]
[]
[]
[]
["Declaro para os devidos fins que o detalhamento de encargos sociais atende ao estabelecido no SINAPI/RS de"]
[null,{"$f":"CONCATENATE(M.O.!$E$17,\",\")","v":"Janeiro/22,"},null,null,"sendo utilizada a opção de mão-de-obra horista e mensalista",{"$f":"IF(M.O.!$D$5=\"c/desoneração\",\"com desoneração,\",\"sem desoneração,\")","v":"com desoneração,"}]
["e que esta é a alternativa mais adequada para a Administração Pública."]

{"sheet":"Encargos Sociais","index":7,"n_rows":42,"n_cols":6,"rows_kept":42,"cut":false,"hidden":false,"merged":[[41,0,41,1],[0,0,0,5],[4,0,4,5],[5,2,5,3],[5,4,5,5],[5,0,6,0],[5,1,6,1],[1,0,1,5],[30,0,30,5],[18,0,18,5],[7,0,7,5],[3,0,3,5],[37,0,37,5],[2,3,2,4]]}
["Composição dos Encargos Sociais"]
[]
[null,null,null,"Mês de referência:",null,"Jan/21"]
[]
["ENCARGOS SOCIAIS SOBRE A MÃO-DE-OBRA"]
["Código","Descrição","Com Desoneração",null,"Sem Desoneração"]
[null,null,"Horista","Mensalista","Horista","Mensalista"]
["GRUPO A"]
["A1","INSS",0,0,0.2,0.2]
["A2","SESI",1.4999999999999999E-2,1.4999999999999999E-2,1.4999999999999999E-2,1.4999999999999999E-2]
["A3","SENAI",0.01,0.01,0.01,0.01]
["A4","INCRA",2E-3,2E-3,2E-3,2E-3]
["A5","SEBRAE",6.0000000000000001E-3,6.0000000000000001E-3,6.0000000000000001E-3,6.0000000000000001E-3]
["A6","Salário Educação",2.5000000000000001E-2,2.5000000000000001E-2,2.5000000000000001E-2,2.5000000000000001E-2]
["A7","Seguro Contra Acidentes de Trabalho",0.03,0.03,0.03,0.03]
["A8","FGTS",0.08,0.08,0.08,0.08]
["A9","SECONCI",0,0,0,0]
["A","Total",{"$f":"SUM(C9:C17)","v":0.16799999999999998},{"$f":"SUM(D9:D17)","v":0.16799999999999998},0.36800000000000005,0.36800000000000005]
["GRUPO B"]
["B1","Repouso Semanal Remunerado",0.17929999999999999,0,0.17929999999999999,0]
["B2","Feriados",4.24E-2,0,4.24E-2,0]
["B3","Auxílio - Enfermidade",8.5000000000000006E-3,6.6E-3,8.5000000000000006E-3,6.6E-3]
["B4","13º Salário",0.1081,8.3299999999999999E-2,0.1081,8.3299999999999999E-2]
["B5","Licença Paternidade",6.9999999999999999E-4,5.9999999999999995E-4,6.9999999999999999E-4,5.9999999999999995E-4]
["B6","Faltas Justificadas",7.1999999999999998E-3,5.5999999999999999E-3,7.1999999999999998E-3,5.5999999999999999E-3]
["B7","Dias de Chuvas",1.5299999999999999E-2,0,1.5299999999999999E-2,0]
["B8","Auxílio Acidente de Trabalho",1E-3,8.0000000000000004E-4,1E-3,8.0000000000000004E-4]
["B9","Férias Gozadas",8.14E-2,6.2799999999999995E-2,8.14E-2,6.2799999999999995E-2]
["B10","Salário Maternidade",2.9999999999999997E-4,2.0000000000000001E-4,2.9999999999999997E-4,2.0000000000000001E-4]
["B","Total",{"$f":"SUM(C20:C29)","v":0.44419999999999998},{"$f":"SUM(D20:D29)","v":0.15989999999999999},0.44419999999999998,0.15989999999999999]
["GRUPO C"]
["C1","Aviso Prévio Indenizado",4.4999999999999998E-2,3.4700000000000002E-2,4.4999999999999998E-2,3.4700000000000002E-2]
["C2","Aviso Prévio Trabalhado",1.1000000000000001E-3,8.0000000000000004E-4,1.1000000000000001E-3,8.0000000000000004E-4]
["C3","Férias Indenizadas",4.7800000000000002E-2,3.6799999999999999E-2,4.7800000000000002E-2,3.6799999999999999E-2]
["C4","Depósito Rescisão Sem Justa Causa",3.4799999999999998E-2,2.69E-2,3.4799999999999998E-2,2.69E-2]
["C5","Indenização Adicional",3.8E-3,2.8999999999999998E-3,3.8E-3,2.8999999999999998E-3]
["C","Total",{"$f":"SUM(C32:C36)","v":0.13249999999999998},{"$f":"SUM(D32:D36)","v":0.10210000000000001},0.13249999999999998,0.10210000000000001]
["GRUPO D"]
["D1","Reincidência de Grupo A sobre Grupo B",{"$f":"ROUND((C18*C30),4)","v":7.46E-2},{"$f":"ROUND((D18*D30),4)","v":2.69E-2},0.16350000000000001,5.8799999999999998E-2]
["D2","Reincidência de Grupo A sobre Aviso Prévio Trabalhado e Reincidência do FGTS sobre Aviso Prévio Indenizado",{"$f":"ROUND(((C18*C33)+(C16*C32)),4)","v":3.8E-3},{"$f":"ROUND(((D18*D33)+(D16*D32)),4)","v":2.8999999999999998E-3},4.0000000000000001E-3,3.0999999999999999E-3]
["D","Total",{"$f":"SUM(C39:C40)","v":7.8399999999999997E-2},{"$f":"SUM(D39:D40)","v":2.98E-2},0.16750000000000001,6.1899999999999997E-2]
["TOTAL (A+B+C+D)",null,{"$f":"+C18+C30+C37+C41","v":0.82309999999999994},{"$f":"+D18+D30+D37+D41","v":0.45979999999999999},1.1122000000000001,0.69189999999999996]

{"sheet":"Cronograma","index":8,"n_rows":279,"n_cols":48,"rows_kept":279,"cut":false,"hidden":false,"merged":[[1,28,6,30],[0,28,0,30],[3,2,3,8],[6,32,7,43],[6,45,7,47],[0,0,0,26],[7,5,7,6],[7,7,7,8],[7,9,7,10],[7,11,7,12],[7,13,7,14],[8,45,8,46],[9,45,10,46],[9,47,10,47],[277,0,277,1],[277,2,278,2],[278,0,278,1],[7,0,8,0],[7,1,8,1],[7,2,8,2],[7,21,7,22],[7,23,7,24],[7,25,7,26],[7,15,7,16],[7,17,7,18],[7,19,7,20],[7,3,7,4]]}
["CRONOGRAMA FÍSICO-FINANCEIRO",{"$nulls":27},"INSTRUÇÕES"]
[{"$nulls":28},"*Preencher com as porcentagens de cada item.     *Ocultar colunas não utilizadas (não deletar).                                 *As linhas devem ser ocultadas, nunca deletadas.    *Não preencher as porcentagens de engenheiro, mestre e encarregado."]
["OBJETO:",{"$f":"+PO!$B$10","v":"REVITALIZAÇÃO DA PRAÇA A.R.I. - CACHORRÓDROMO - ÁREA 135/02"}]
["DATA:",{"$f":"IF(PO!$B$11=\"\",\"\",PO!$B$11)","v":"2022-03-02"},{"$f":"+PO!B3:L3","v":0}]
["ART nº:",{"$f":"IF(PO!$B$12=\"\",\"\",PO!$B$12)","v":11751298}]
[]
[{"$nulls":32},"Mensais s/ administração local",{"$nulls":12},"Administração proporcional"]
["ITEM","SERVIÇO","VALOR DO SERVIÇO","30 dias",null,"45 dias",null,"90 dias",null,"120 dias",null,"150 dias",null,"180 dias",null,"210 dias",null,"240 dias",null,"270 dias",null,"300 dias",null,"330 dias",null,"360 dias"]
[null,null,null,"%","Valor","%","Valor","%","Valor","%","Valor","%","Valor","%","Valor","%","Valor","%","Valor","%","Valor","%","Valor","%","Valor","%","Valor",{"$nulls":5},"Mês 1","Mês 2","Mês 3","Mês 4","Mês 5","Mês 6","Mês 7","Mês 8","Mês 9","Mês 10","Mês 11","Mês 12",null,"Total s/administração:",null,{"$f":"SUM(AG278:AR278)","v":98538.329999999987}]
[{"$f":"+PO!B17","v":1},"SERVIÇOS PRELIMINARES:",{"$nulls":43},"Mensais s/ administração",null,"Proporção"]
[{"$f":"+PO!B18","v":"1.1"},"LIMPEZA MANUAL DE VEGETAÇÃO EM TERRENO COM ENXADA",{"$f":"+PO!L18","v":505.3},1,{"$f":"D11*$C11","v":505.3},null,{"$f":"F11*$C11","v":0},null,{"$f":"H11*$C11","v":0},null,{"$f":"J11*$C11","v":0},null,{"$f":"L11*$C11","v":0},null,{"$f":"N11*$C11","v":0},null,{"$f":"P11*$C11","v":0},null,{"$f":"R11*$C11","v":0},null,{"$f":"T11*$C11","v":0},null,{"$f":"V11*$C11","v":0},null,{"$f":"X11*$C11","v":0},null,{"$f":"Z11*$C11","v":0},null,{"$f":"+D11+F11+H11+J11+L11+N11+P11+R11+T11+V11+X11+Z11","v":1},{"$f":"+E11+G11+I11+K11+M11+O11+Q11+S11+U11+W11+Y11+AA11","v":505.3},{"$f":"IF(C11=AD11,\"ok!\",\"incompleto\")","v":"ok!"},null,{"$f":"+E11","v":505.3},{"$f":"+G11","v":0},{"$f":"+I11","v":0},{"$f":"+K11","v":0},{"$f":"+M11","v":0},{"$f":"+O11","v":0},{"$f":"+Q11","v":0},{"$f":"+S11","v":0},{"$f":"+U11","v":0},{"$f":"+W11","v":0},{"$f":"+Y11","v":0},{"$f":"+AA11","v":0}]
[{"$f":"+PO!B19","v":0},"DEMOLIÇÃO DE CONCRETO ARMADO COM MARTELETE C/REMOÇÃO DE ENTULHO",{"$f":"+PO!L19","v":0},null,{"$f":"D12*$C12","v":0},null,{"$f":"F12*$C12","v":0},null,{"$f":"H12*$C12","v":0},null,{"$f":"J12*$C12","v":0},null,{"$f":"L12*$C12","v":0},null,{"$f":"N12*$C12","v":0},null,{"$f":"P12*$C12","v":0},null,{"$f":"R12*$C12","v":0},null,{"$f":"T12*$C12","v":0},null,{"$f":"V12*$C12","v":0},null,{"$f":"X12*$C12","v":0},null,{"$f":"Z12*$C12","v":0},null,0,0,"ok!",null,0,0,0,0,0,0,0,0,0,0,0,0,null,"Mês 1",{"$f":"+AG278","v":65482.673799999997},{"$f":"+AU12/$AV$9","v":0.66454012159532239}]
[{"$f":"+PO!B20","v":0},"DEMOLIÇÃO DE PISO DE CONCRETO ARMADO COM MARTELETE Esp = 8 cm C/REMOÇÃO DE ENTULHO",{"$f":"+PO!L20","v":0},null,{"$f":"D13*$C13","v":0},null,{"$f":"F13*$C13","v":0},null,{"$f":"H13*$C13","v":0},null,{"$f":"J13*$C13","v":0},null,{"$f":"L13*$C13","v":0},null,{"$f":"N13*$C13","v":0},null,{"$f":"P13*$C13","v":0},null,{"$f":"R13*$C13","v":0},null,{"$f":"T13*$C13","v":0},null,{"$f":"V13*$C13","v":0},null,{"$f":"X13*$C13","v":0},null,{"$f":"Z13*$C13","v":0},null,0,0,"ok!",null,0,0,0,0,0,0,0,0,0,0,0,0,null,"Mês 2",{"$f":"+AH278","v":33055.656199999998},{"$f":"+AU13/$AV$9","v":0.33545987840467767}]
[{"$f":"+PO!B21","v":0},"REMOÇÃO DE PASSEIOS",{"$f":"+PO!L21","v":0},null,0,null,0,null,0,null,0,null,0,null,0,null,0,null,0,null,0,null,0,null,0,null,0,null,0,0,"ok!",null,{"$f":"+E14","v":0},{"$f":"+G14","v":0},{"$f":"+I14","v":0},{"$f":"+K14","v":0},{"$f":"+M14","v":0},{"$f":"+O14","v":0},{"$f":"+Q14","v":0},{"$f":"+S14","v":0},{"$f":"+U14","v":0},{"$f":"+W14","v":0},{"$f":"+Y14","v":0},{"$f":"+AA14","v":0},null,"Mês 3",{"$f":"+AI278","v":0},0]
[{"$f":"+PO!B22","v":0},"DEMOLIÇÃO TELAMENTO h=5,50 m S/TUBOS E S/VIGA C/REMOÇÃO DE ENTULHO",{"$f":"+PO!L22","v":0},null,0,null,0,null,0,null,0,null,0,null,0,null,0,null,0,null,0,null,0,null,0,null,0,null,0,0,"ok!",null,0,0,0,0,0,0,0,0,0,0,0,0,null,"Mês 4",{"$f":"+AJ278","v":0},0]
[{"$f":"+PO!B23","v":0},"DEMOLIÇÃO TELAMENTO h=3,00 m S/TUBOS E S/VIGA C/REMOÇÃO DE ENTULHO",{"$f":"+PO!L23","v":0},null,0,null,0,null,0,null,0,null,0,null,0,null,0,null,0,null,0,null,0,null,0,null,0,null,0,0,"ok!",null,0,0,0,0,0,0,0,0,0,0,0,0,null,"Mês 5",{"$f":"+AK278","v":0},0]
[{"$f":"+PO!B24","v":0},"DEMOLIÇÃO TELAMENTO h=1,00 m C/REMOÇÃO DE ENTULHO",{"$f":"+PO!L24","v":0},null,0,null,0,null,0,null,0,null,0,null,0,null,0,null,0,null,0,null,0,null,0,null,0,null,0,0,"ok!",null,0,0,0,0,0,0,0,0,0,0,0,0,null,"Mês 6",{"$f":"+AL278","v":0},0]
[{"$f":"+PO!B25","v":0},"DEMOLIÇÃO TUBOS TELAMENTO h=5,50 m C/REMOÇÃO DE ENTULHO",{"$f":"+PO!L25","v":0},null,0,null,0,null,0,null,0,null,0,null,0,null,0,null,0,null,0,null,0,null,0,null,0,null,0,0,"ok!",null,0,0,0,0,0,0,0,0,0,0,0,0,null,"Mês 7",{"$f":"+AM278","v":0},0]
[{"$f":"+PO!B26","v":0},"DEMOLIÇÃO TUBOS TELAMENTO h=3,00 m C/REMOÇÃO DE ENTULHO",{"$f":"+PO!L26","v":0},null,0,null,0,null,0,null,0,null,0,null,0,null,0,null,0,null,0,null,0,null,0,null,0,null,0,0,"ok!",null,0,0,0,0,0,0,0,0,0,0,0,0,null,"Mês 8",{"$f":"+AN278","v":0},0]
[{"$f":"+PO!B27","v":0},"DEMOLIÇÃO VIGA TELAMENTO C/REMOÇÃO DE ENTULHO",{"$f":"+PO!L27","v":0},null,0,null,0,null,0,null,0,null,0,null,0,null,0,null,0,null,0,null,0,null,0,null,0,null,0,0,"ok!",null,0,0,0,0,0,0,0,0,0,0,0,0,null,"Mês 9",{"$f":"+AO278","v":0},0]
[{"$f":"+PO!B28","v":0},"REMOÇÃO MEIO-FIO VIÁRIO C/REMOÇÃO DE ENTULHO",{"$f":"+PO!L28","v":0},null,0,null,0,null,0,null,0,null,0,null,0,null,0,null,0,null,0,null,0,null,0,null,0,null,0,0,"ok!",null,0,0,0,0,0,0,0,0,0,0,0,0,null,"Mês 10",{"$f":"+AP278","v":0},0]
[{"$f":"+PO!B29","v":0},"REMOÇÃO BANCO C/ ENCOSTO",{"$f":"+PO!L29","v":0},null,0,null,0,null,0,null,0,null,0,null,0,null,0,null,0,null,0,null,0,null,0,null,0,null,0,0,"ok!",null,0,0,0,0,0,0,0,0,0,0,0,0,null,"Mês 11",{"$f":"+AQ278","v":0},0]
[{"$f":"+PO!B30","v":0},"REMOÇÃO BANCO S/ ENCOSTO",{"$f":"+PO!L30","v":0},null,0,null,0,null,0,null,0,null,0,null,0,null,0,null,0,null,0,null,0,null,0,null,0,null,0,0,"ok!",null,0,0,0,0,0,0,0,0,0,0,0,0,null,"Mês 12",{"$f":"+AR278","v":0},0]
[{"$f":"+PO!B31","v":0},"REMOÇÃO PARACICLO",{"$f":"+PO!L31","v":0},null,0,null,0,null,0,null,0,null,0,null,0,null,0,null,0,null,0,null,0,null,0,null,0,null,0,0,"ok!",null,0,0,0,0,0,0,0,0,0,0,0,0,null,"Total",{"$f":"SUM(AU12:AU23)","v":98538.329999999987},{"$f":"SUM(AV12:AV23)","v":1}]
[{"$f":"+PO!B32","v":0},"DEMOLIÇÃO CAIXA DE AREIA C/REMOÇÃO DE ENTULHOS",{"$f":"+PO!L32","v":0},null,0,null,0,null,0,null,0,null,0,null,0,null,0,null,0,null,0,null,0,null,0,null,0,null,0,0,"ok!",null,0,0,0,0,0,0,0,0,0,0,0,0]
[{"$f":"+PO!B33","v":0},"DEMOLIÇÃO CANCHA DE BOCHA C/REMOÇÃO DE ENTULHOS",{"$f":"+PO!L33","v":0},null,0,null,0,null,0,null,0,null,0,null,0,null,0,null,0,null,0,null,0,null,0,null,0,null,0,0,"ok!",null,0,0,0,0,0,0,0,0,0,0,0,0]
[{"$f":"+PO!B34","v":0},"DEMOLIÇÃO COBERTURA CANCHA DE BOCHA C/REMOÇÃO DE ENTULHOS",{"$f":"+PO!L34","v":0},null,0,null,0,null,0,null,0,null,0,null,0,null,0,null,0,null,0,null,0,null,0,null,0,null,0,0,"ok!",null,0,0,0,0,0,0,0,0,0,0,0,0]
[{"$f":"+PO!B35","v":0},"DEMOLIÇÃO CHURRASQUEIRA C/REMOÇÃO DE ENTULHOS",{"$f":"+PO!L35","v":0},null,0,null,0,null,0,null,0,null,0,null,0,null,0,null,0,null,0,null,0,null,0,null,0,null,0,0,"ok!",null,0,0,0,0,0,0,0,0,0,0,0,0]
[{"$f":"+PO!B36","v":0},"DEMOLIÇÃO MESA E BANCOS DE CONCRETO C/REMOÇÃO DE ENTULHOS",{"$f":"+PO!L36","v":0},null,0,null,0,null,0,null,0,null,0,null,0,null,0,null,0,null,0,null,0,null,0,null,0,null,0,0,"ok!",null,0,0,0,0,0,0,0,0,0,0,0,0]
[{"$f":"+PO!B37","v":0},"DEMOLIÇÃO BEBEDOURO C/REMOÇÃO DE ENTULHOS",{"$f":"+PO!L37","v":0},null,0,null,0,null,0,null,0,null,0,null,0,null,0,null,0,null,0,null,0,null,0,null,0,null,0,0,"ok!",null,0,0,0,0,0,0,0,0,0,0,0,0]
[{"$f":"+PO!B38","v":0},"DEMOLIÇÃO FRADINHO BASE CIRCULAR C/REMOÇÃO DE ENTULHOS",{"$f":"+PO!L38","v":0},null,0,null,0,null,0,null,0,null,0,null,0,null,0,null,0,null,0,null,0,null,0,null,0,null,0,0,"ok!",null,0,0,0,0,0,0,0,0,0,0,0,0]
[{"$f":"+PO!B39","v":0},"DEMOLIÇÃO FRADINHO BASE OCTOGONAL C/REMOÇÃO DE ENTULHOS",{"$f":"+PO!L39","v":0},null,0,null,0,null,0,null,0,null,0,null,0,null,0,null,0,null,0,null,0,null,0,null,0,null,0,0,"ok!",null,0,0,0,0,0,0,0,0,0,0,0,0]
[{"$f":"+PO!B40","v":0},"REMOÇÃO MESA DE DAMAS",{"$f":"+PO!L40","v":0},null,0,null,0,null,0,null,0,null,0,null,0,null,0,null,0,null,0,null,0,null,0,null,0,null,0,0,"ok!",null,0,0,0,0,0,0,0,0,0,0,0,0]
[{"$f":"+PO!B41","v":0},"REMOÇÃO LIXEIRA",{"$f":"+PO!L41","v":0},null,0,null,0,null,0,null,0,null,0,null,0,null,0,null,0,null,0,null,0,null,0,null,0,null,0,0,"ok!",null,0,0,0,0,0,0,0,0,0,0,0,0]
[{"$f":"+PO!B42","v":0},"REMOÇÃO ESTRUTURA 1, 2, 3, 5 E 7",{"$f":"+PO!L42","v":0},null,0,null,0,null,0,null,0,null,0,null,0,null,0,null,0,null,0,null,0,null,0,null,0,null,0,0,"ok!",null,0,0,0,0,0,0,0,0,0,0,0,0]
[{"$f":"+PO!B43","v":0},"REMOÇÃO ESTRUTURA 4",{"$f":"+PO!L43","v":0},null,0,null,0,null,0,null,0,null,0,null,0,null,0,null,0,null,0,null,0,null,0,null,0,null,0,0,"ok!",null,0,0,0,0,0,0,0,0,0,0,0,0]
[{"$f":"+PO!B44","v":0},"REMOÇÃO ESTRUTURA 6 E 8",{"$f":"+PO!L44","v":0},null,0,null,0,null,0,null,0,null,0,null,0,null,0,null,0,null,0,null,0,null,0,null,0,null,0,0,"ok!",null,0,0,0,0,0,0,0,0,0,0,0,0]
[{"$f":"+PO!B45","v":0},"REMOÇÃO ESTRUTURA 9",{"$f":"+PO!L45","v":0},null,0,null,0,null,0,null,0,null,0,null,0,null,0,null,0,null,0,null,0,null,0,null,0,null,0,0,"ok!",null,0,0,0,0,0,0,0,0,0,0,0,0]
[{"$f":"+PO!B46","v":0},"REMOÇÃO GANGORRA",{"$f":"+PO!L46","v":0},null,0,null,0,null,0,null,0,null,0,null,0,null,0,null,0,null,0,null,0,null,0,null,0,null,0,0,"ok!",null,0,0,0,0,0,0,0,0,0,0,0,0]
[{"$f":"+PO!B47","v":0},"REMOÇÃO BARRA-BALANÇO",{"$f":"+PO!L47","v":0},null,0,null,0,null,0,null,0,null,0,null,0,null,0,null,0,null,0,null,0,null,0,null,0,null,0,0,"ok!",null,0,0,0,0,0,0,0,0,0,0,0,0]
[{"$f":"+PO!B48","v":0},"REMOÇÃO BALANÇO PADRÃO SMAM",{"$f":"+PO!L48","v":0},null,0,null,0,null,0,null,0,null,0,null,0,null,0,null,0,null,0,null,0,null,0,null,0,null,0,0,"ok!",null,0,0,0,0,0,0,0,0,0,0,0,0]
[{"$f":"+PO!B49","v":0},"REMOÇÃO 1/2 BALANÇO",{"$f":"+PO!L49","v":0},null,0,null,0,null,0,null,0,null,0,null,0,null,0,null,0,null,0,null,0,null,0,null,0,null,0,0,"ok!",null,0,0,0,0,0,0,0,0,0,0,0,0]
[{"$f":"+PO!B50","v":0},"REMOÇÃO ESCORREGADOR",{"$f":"+PO!L50","v":0},null,0,null,0,null,0,null,0,null,0,null,0,null,0,null,0,null,0,null,0,null,0,null,0,null,{"$f":"+D43+F43+H43+J43+L43+N43+P43+R43+T43+V43+X43+Z43","v":0},{"$f":"+E43+G43+I43+K43+M43+O43+Q43+S43+U43+W43+Y43+AA43","v":0},{"$f":"IF(C43=AD43,\"ok!\",\"incompleto\")","v":"ok!"},null,{"$f":"+E43","v":0},{"$f":"+G43","v":0},{"$f":"+I43","v":0},{"$f":"+K43","v":0},{"$f":"+M43","v":0},{"$f":"+O43","v":0},{"$f":"+Q43","v":0},{"$f":"+S43","v":0},{"$f":"+U43","v":0},{"$f":"+W43","v":0},{"$f":"+Y43","v":0},{"$f":"+AA43","v":0}]
[{"$f":"+PO!B51","v":0},"REMOÇÃO BARRA ALONGAMENTO - 2 ALTURAS",{"$f":"+PO!L51","v":0},null,0,null,0,null,0,null,0,null,0,null,0,null,0,null,0,null,0,null,0,null,0,null,0,null,0,0,"ok!",null,0,0,0,0,0,0,0,0,0,0,0,0]
[{"$f":"+PO!B52","v":0},"REMOÇÃO BARRAS PARALELAS",{"$f":"+PO!L52","v":0},null,0,null,0,null,0,null,0,null,0,null,0,null,0,null,0,null,0,null,0,null,0,null,0,null,0,0,"ok!",null,0,0,0,0,0,0,0,0,0,0,0,0]
[{"$f":"+PO!B53","v":0},"REMOÇÃO APOIO P/ MEMBROS SUPERIORES",{"$f":"+PO!L53","v":0},null,0,null,0,null,0,null,0,null,0,null,0,null,0,null,0,null,0,null,0,null,0,null,0,null,0,0,"ok!",null,0,0,0,0,0,0,0,0,0,0,0,0]
[{"$f":"+PO!B54","v":0},"REMOÇÃO BARRA P/ ALONGAMENTO",{"$f":"+PO!L54","v":0},null,0,null,0,null,0,null,0,null,0,null,0,null,0,null,0,null,0,null,0,null,0,null,0,null,0,0,"ok!",null,0,0,0,0,0,0,0,0,0,0,0,0]
[{"$f":"+PO!B55","v":0},"REMOÇÃO BARRA HORIZONTAL 4 MÓDULOS",{"$f":"+PO!L55","v":0},null,0,null,0,null,0,null,0,null,0,null,0,null,0,null,0,null,0,null,0,null,0,null,0,null,0,0,"ok!",null,0,0,0,0,0,0,0,0,0,0,0,0]
[{"$f":"+PO!B56","v":0},"REMOÇÃO BARRA HORIZONTAL 3 MÓDULOS",{"$f":"+PO!L56","v":0},null,0,null,0,null,0,null,0,null,0,null,0,null,0,null,0,null,0,null,0,null,0,null,0,null,0,0,"ok!",null,0,0,0,0,0,0,0,0,0,0,0,0]
[{"$f":"+PO!B57","v":0},"REMOÇÃO BARRA HORIZONTAL 1 MÓDULO",{"$f":"+PO!L57","v":0},null,0,null,0,null,0,null,0,null,0,null,0,null,0,null,0,null,0,null,0,null,0,null,0,null,0,0,"ok!",null,0,0,0,0,0,0,0,0,0,0,0,0]
[{"$f":"+PO!B58","v":0},"REMOÇÃO ESPALDAR",{"$f":"+PO!L58","v":0},null,0,null,0,null,0,null,0,null,0,null,0,null,0,null,0,null,0,null,0,null,0,null,0,null,0,0,"ok!",null,0,0,0,0,0,0,0,0,0,0,0,0]
[{"$f":"+PO!B59","v":0},"REMOÇÃO PRANCHA ABDOMINAIS",{"$f":"+PO!L59","v":0},null,0,null,0,null,0,null,0,null,0,null,0,null,0,null,0,null,0,null,0,null,0,null,0,null,0,0,"ok!",null,0,0,0,0,0,0,0,0,0,0,0,0]
[{"$f":"+PO!B60","v":0},"REMOÇÃO GOLEIRA FUTEBOL DE SALÃO",{"$f":"+PO!L60","v":0},null,0,null,0,null,0,null,0,null,0,null,0,null,0,null,0,null,0,null,0,null,0,null,0,null,0,0,"ok!",null,0,0,0,0,0,0,0,0,0,0,0,0]
[{"$f":"+PO!B61","v":0},"REMOÇÃO GOLEIRA FUTEBOL SOCIETY",{"$f":"+PO!L61","v":0},null,0,null,0,null,0,null,0,null,0,null,0,null,0,null,0,null,0,null,0,null,0,null,0,null,0,0,"ok!",null,0,0,0,0,0,0,0,0,0,0,0,0]
[{"$f":"+PO!B62","v":0},"REMOÇÃO GOLEIRA FUTEBOL DE CAMPO",{"$f":"+PO!L62","v":0},null,0,null,0,null,0,null,0,null,0,null,0,null,0,null,0,null,0,null,0,null,0,null,0,null,0,0,"ok!",null,0,0,0,0,0,0,0,0,0,0,0,0]
[{"$f":"+PO!B63","v":0},"REMOÇÃO POSTE DE VÔLEI",{"$f":"+PO!L63","v":0},null,0,null,0,null,0,null,0,null,0,null,0,null,0,null,0,null,0,null,0,null,0,null,0,null,0,0,"ok!",null,0,0,0,0,0,0,0,0,0,0,0,0]
[{"$f":"+PO!B64","v":0},"REMOÇÃO TABELA DE BASQUETE",{"$f":"+PO!L64","v":0},null,0,null,0,null,0,null,0,null,0,null,0,null,0,null,0,null,0,null,0,null,0,null,0,null,0,0,"ok!",null,0,0,0,0,0,0,0,0,0,0,0,0]
[{"$f":"+PO!B65","v":0},"REMOÇÃO DE ÁRVORES",{"$f":"+PO!L65","v":0},null,0,null,0,null,0,null,0,null,0,null,0,null,0,null,0,null,0,null,0,null,0,null,0,null,0,0,"ok!",null,0,0,0,0,0,0,0,0,0,0,0,0]
[{"$f":"+PO!B66","v":0},"DESTOCAMENTO",{"$f":"+PO!L66","v":0},null,0,null,0,null,0,null,0,null,0,null,0,null,0,null,0,null,0,null,0,null,0,null,0,null,0,0,"ok!",null,0,0,0,0,0,0,0,0,0,0,0,0]
[{"$f":"+PO!B67","v":0},"TRANSPLANTE DE ÁRVORES",{"$f":"+PO!L67","v":0},null,0,null,0,null,0,null,0,null,0,null,0,null,0,null,0,null,0,null,0,null,0,null,0,null,0,0,"ok!",null,0,0,0,0,0,0,0,0,0,0,0,0]
[{"$f":"+PO!B68","v":"1.2"},"REMOÇÃO DE ENTULHO C/CAÇAMBA",{"$f":"+PO!L68","v":1127.75},1,1127.75,null,0,null,0,null,0,null,0,null,0,null,0,null,0,null,0,null,0,null,0,null,0,null,1,1127.75,"ok!",null,1127.75,0,0,0,0,0,0,0,0,0,0,0]
[{"$f":"+PO!B69","v":0},"PLOTAGENS",{"$f":"+PO!L69","v":0},null,0,null,0,null,0,null,0,null,0,null,0,null,0,null,0,null,0,null,0,null,0,null,0,null,0,0,"ok!",null,0,0,0,0,0,0,0,0,0,0,0,0]
[{"$f":"+PO!B70","v":0},"\"AS BUILT\"",{"$f":"+PO!L70","v":0},null,0,null,0,null,0,null,0,null,0,null,0,null,0,null,0,null,0,null,0,null,0,null,0,null,0,0,"ok!",null,0,0,0,0,0,0,0,0,0,0,0,0]
[{"$f":"+PO!B72","v":2},"DESPESAS LEGAIS, LICENÇAS, TAXAS, CONTRIBUIÇÕES"]
[{"$f":"+PO!B73","v":"2.1"},"ART (ANOTAÇÃO DE RESPONSABILIDADE TÉCNICA)",{"$f":"+PO!L73","v":299.93},1,299.93,null,{"$f":"F65*$C65","v":0},null,{"$f":"H65*$C65","v":0},null,{"$f":"J65*$C65","v":0},null,{"$f":"L65*$C65","v":0},null,{"$f":"N65*$C65","v":0},null,{"$f":"P65*$C65","v":0},null,{"$f":"R65*$C65","v":0},null,{"$f":"T65*$C65","v":0},null,{"$f":"V65*$C65","v":0},null,{"$f":"X65*$C65","v":0},null,{"$f":"Z65*$C65","v":0},null,{"$f":"+D65+F65+H65+J65+L65+N65+P65+R65+T65+V65+X65+Z65","v":1},299.93,{"$f":"IF(C65=AD65,\"ok!\",\"incompleto\")","v":"ok!"},null,{"$f":"+E65","v":299.93},{"$f":"+G65","v":0},{"$f":"+I65","v":0},{"$f":"+K65","v":0},{"$f":"+M65","v":0},{"$f":"+O65","v":0},{"$f":"+Q65","v":0},{"$f":"+S65","v":0},{"$f":"+U65","v":0},{"$f":"+W65","v":0},{"$f":"+Y65","v":0},{"$f":"+AA65","v":0}]
[{"$f":"+PO!B74","v":0},"CIP (CONTRIBUIÇÃO ILUMINAÇÃO PÚBLICA)",{"$f":"+PO!L74","v":0},null,0,null,{"$f":"F66*$C66","v":0},null,0,null,{"$f":"J66*$C66","v":0},null,{"$f":"L66*$C66","v":0},null,{"$f":"N66*$C66","v":0},null,{"$f":"P66*$C66","v":0},null,{"$f":"R66*$C66","v":0},null,{"$f":"T66*$C66","v":0},null,{"$f":"V66*$C66","v":0},null,{"$f":"X66*$C66","v":0},null,{"$f":"Z66*$C66","v":0},null,0,0,{"$f":"IF(C66=AD66,\"ok!\",\"incompleto\")","v":"ok!"},null,{"$f":"+E66","v":0},{"$f":"+G66","v":0},{"$f":"+I66","v":0},{"$f":"+K66","v":0},{"$f":"+M66","v":0},{"$f":"+O66","v":0},{"$f":"+Q66","v":0},{"$f":"+S66","v":0},{"$f":"+U66","v":0},{"$f":"+W66","v":0},{"$f":"+Y66","v":0},{"$f":"+AA66","v":0}]
[{"$f":"+PO!B75","v":0},"MTRCC (MANIFESTO DE TRANSPORTE DE RESÍDUOS DA CONSTRUÇÃO CIVIL)",{"$f":"+PO!L75","v":0},null,0,null,{"$f":"F67*$C67","v":0},null,0,null,{"$f":"J67*$C67","v":0},null,{"$f":"L67*$C67","v":0},null,{"$f":"N67*$C67","v":0},null,{"$f":"P67*$C67","v":0},null,{"$f":"R67*$C67","v":0},null,{"$f":"T67*$C67","v":0},null,{"$f":"V67*$C67","v":0},null,{"$f":"X67*$C67","v":0},null,{"$f":"Z67*$C67","v":0},null,0,0,{"$f":"IF(C67=AD67,\"ok!\",\"incompleto\")","v":"ok!"},null,{"$f":"+E67","v":0},{"$f":"+G67","v":0},{"$f":"+I67","v":0},{"$f":"+K67","v":0},{"$f":"+M67","v":0},{"$f":"+O67","v":0},{"$f":"+Q67","v":0},{"$f":"+S67","v":0},{"$f":"+U67","v":0},{"$f":"+W67","v":0},{"$f":"+Y67","v":0},{"$f":"+AA67","v":0}]
[{"$f":"+PO!B76","v":0},"PCMAT (PROGRAMA DE CONDIÇÕES E MEIO AMBIENTE DE TRABALHO NA INDÚSTRIA DA CONSTRUÇÃO)",{"$f":"+PO!L76","v":0},null,0,null,{"$f":"F68*$C68","v":0},null,0,null,{"$f":"J68*$C68","v":0},null,{"$f":"L68*$C68","v":0},null,{"$f":"N68*$C68","v":0},null,{"$f":"P68*$C68","v":0},null,{"$f":"R68*$C68","v":0},null,{"$f":"T68*$C68","v":0},null,{"$f":"V68*$C68","v":0},null,{"$f":"X68*$C68","v":0},null,{"$f":"Z68*$C68","v":0},null,0,0,{"$f":"IF(C68=AD68,\"ok!\",\"incompleto\")","v":"ok!"},null,{"$f":"+E68","v":0},{"$f":"+G68","v":0},{"$f":"+I68","v":0},{"$f":"+K68","v":0},{"$f":"+M68","v":0},{"$f":"+O68","v":0},{"$f":"+Q68","v":0},{"$f":"+S68","v":0},{"$f":"+U68","v":0},{"$f":"+W68","v":0},{"$f":"+Y68","v":0},{"$f":"+AA68","v":0}]
[{"$f":"+PO!B78","v":3},"INSTALAÇÕES PROVISÓRIAS"]
[{"$f":"+PO!B79","v":"3.1"},"TAPUME EM CHAPA DE COMPENSADO RESINADO",{"$f":"+PO!L79","v":8428.5},1,8428.5,null,{"$f":"F70*$C70","v":0},null,0,null,{"$f":"J70*$C70","v":0},null,{"$f":"L70*$C70","v":0},null,{"$f":"N70*$C70","v":0},null,{"$f":"P70*$C70","v":0},null,{"$f":"R70*$C70","v":0},null,{"$f":"T70*$C70","v":0},null,{"$f":"V70*$C70","v":0},null,{"$f":"X70*$C70","v":0},null,{"$f":"Z70*$C70","v":0},null,{"$f":"+D70+F70+H70+J70+L70+N70+P70+R70+T70+V70+X70+Z70","v":1},{"$f":"+E70+G70+I70+K70+M70+O70+Q70+S70+U70+W70+Y70+AA70","v":8428.5},{"$f":"IF(C70=AD70,\"ok!\",\"incompleto\")","v":"ok!"},null,{"$f":"+E70","v":8428.5},{"$f":"+G70","v":0},{"$f":"+I70","v":0},{"$f":"+K70","v":0},{"$f":"+M70","v":0},{"$f":"+O70","v":0},{"$f":"+Q70","v":0},{"$f":"+S70","v":0},{"$f":"+U70","v":0},{"$f":"+W70","v":0},{"$f":"+Y70","v":0},{"$f":"+AA70","v":0}]
[{"$f":"+PO!B80","v":0},"TAPUME EM TELA GALVANIZADA",{"$f":"+PO!L80","v":0},null,0,null,0,null,0,null,0,null,0,null,0,null,0,null,0,null,0,null,0,null,0,null,0,null,0,0,"ok!",null,0,0,0,0,0,0,0,0,0,0,0,0]
[{"$f":"+PO!B81","v":"3.2"},"DESMONTAGEM DE TAPUME",{"$f":"+PO!L81","v":208.5},null,{"$f":"D72*$C72","v":0},1,{"$f":"F72*$C72","v":208.5},null,{"$f":"H72*$C72","v":0},null,{"$f":"J72*$C72","v":0},null,{"$f":"L72*$C72","v":0},null,{"$f":"N72*$C72","v":0},null,{"$f":"P72*$C72","v":0},null,{"$f":"R72*$C72","v":0},null,{"$f":"T72*$C72","v":0},null,{"$f":"V72*$C72","v":0},null,{"$f":"X72*$C72","v":0},null,{"$f":"Z72*$C72","v":0},null,{"$f":"+D72+F72+H72+J72+L72+N72+P72+R72+T72+V72+X72+Z72","v":1},{"$f":"+E72+G72+I72+K72+M72+O72+Q72+S72+U72+W72+Y72+AA72","v":208.5},{"$f":"IF(C72=AD72,\"ok!\",\"incompleto\")","v":"ok!"},null,{"$f":"+E72","v":0},{"$f":"+G72","v":208.5},{"$f":"+I72","v":0},{"$f":"+K72","v":0},{"$f":"+M72","v":0},{"$f":"+O72","v":0},{"$f":"+Q72","v":0},{"$f":"+S72","v":0},{"$f":"+U72","v":0},{"$f":"+W72","v":0},{"$f":"+Y72","v":0},{"$f":"+AA72","v":0}]
[{"$f":"+PO!B82","v":0},"GALPÃO DE OBRA",{"$f":"+PO!L82","v":0},null,0,null,0,null,0,null,0,null,0,null,0,null,0,null,0,null,0,null,0,null,0,null,0,null,0,0,"ok!",null,0,0,0,0,0,0,0,0,0,0,0,0]
[{"$f":"+PO!B83","v":"3.3"},"TELHEIRO",{"$f":"+PO!L83","v":8168.85},1,{"$f":"D74*$C74","v":8168.85},null,{"$f":"F74*$C74","v":0},null,{"$f":"H74*$C74","v":0},null,{"$f":"J74*$C74","v":0},null,{"$f":"L74*$C74","v":0},null,{"$f":"N74*$C74","v":0},null,{"$f":"P74*$C74","v":0},null,{"$f":"R74*$C74","v":0},null,{"$f":"T74*$C74","v":0},null,{"$f":"V74*$C74","v":0},null,{"$f":"X74*$C74","v":0},null,{"$f":"Z74*$C74","v":0},null,{"$f":"+D74+F74+H74+J74+L74+N74+P74+R74+T74+V74+X74+Z74","v":1},{"$f":"+E74+G74+I74+K74+M74+O74+Q74+S74+U74+W74+Y74+AA74","v":8168.85},{"$f":"IF(C74=AD74,\"ok!\",\"incompleto\")","v":"ok!"},null,{"$f":"+E74","v":8168.85},{"$f":"+G74","v":0},{"$f":"+I74","v":0},{"$f":"+K74","v":0},{"$f":"+M74","v":0},{"$f":"+O74","v":0},{"$f":"+Q74","v":0},{"$f":"+S74","v":0},{"$f":"+U74","v":0},{"$f":"+W74","v":0},{"$f":"+Y74","v":0},{"$f":"+AA74","v":0}]
[{"$f":"+PO!B84","v":"3.4"},"LOCAÇÃO SANITÁRIO QUÍMICO",{"$f":"+PO!L84","v":1727.23},0.67,1157.2441000000001,0.33,569.98590000000002,null,0,null,0,null,0,null,0,null,0,null,0,null,0,null,0,null,0,null,0,null,1,1727.23,"ok!",null,1157.2441000000001,569.98590000000002,0,0,0,0,0,0,0,0,0,0]
[{"$f":"+PO!B85","v":"3.5"},"LOCAÇÃO CONTAINER ESCRITÓRIO S/FRETE",{"$f":"+PO!L85","v":1111.81},0.67,744.91269999999997,0.33,366.89729999999997,null,0,null,0,null,0,null,0,null,0,null,0,null,0,null,0,null,0,null,0,null,1,1111.81,"ok!",null,744.91269999999997,366.89729999999997,0,0,0,0,0,0,0,0,0,0]
[{"$f":"+PO!B86","v":0},"LOCAÇÃO CONTAINER SANITÁRIO S/FRETE",{"$f":"+PO!L86","v":0},null,0,null,0,null,0,null,0,null,0,null,0,null,0,null,0,null,0,null,0,null,0,null,0,null,0,0,"ok!",null,0,0,0,0,0,0,0,0,0,0,0,0]
[{"$f":"+PO!B87","v":"3.6"},"FRETE P/ CONTAINER",{"$f":"+PO!L87","v":1354.34},0.5,677.17,0.5,677.17,null,0,null,0,null,0,null,0,null,0,null,0,null,0,null,0,null,0,null,0,null,1,1354.34,"ok!",null,677.17,677.17,0,0,0,0,0,0,0,0,0,0]
[{"$f":"+PO!B88","v":0},"INSTALAÇÃO PROVISÓRIA DE ENERGIA",{"$f":"+PO!L88","v":0},null,0,null,0,null,0,null,0,null,0,null,0,null,0,null,0,null,0,null,0,null,0,null,0,null,0,0,"ok!",null,0,0,0,0,0,0,0,0,0,0,0,0]
[{"$f":"+PO!B89","v":0},"INSTALAÇÃO PROVISÓRIA DE ÁGUA",{"$f":"+PO!L89","v":0},null,0,null,0,null,0,null,0,null,0,null,0,null,0,null,0,null,0,null,0,null,0,null,0,null,0,0,"ok!",null,0,0,0,0,0,0,0,0,0,0,0,0]
[{"$f":"+PO!B90","v":0},"INSTALAÇÃO PROVISÓRIA DE ESGOTO",{"$f":"+PO!L90","v":0},null,0,null,0,null,0,null,0,null,0,null,0,null,0,null,0,null,0,null,0,null,0,null,0,null,0,0,"ok!",null,0,0,0,0,0,0,0,0,0,0,0,0]
[{"$f":"+PO!B91","v":"3.7"},"PLACA DE OBRA",{"$f":"+PO!L91","v":1118.76},1,1118.76,null,0,null,0,null,0,null,0,null,0,null,0,null,0,null,0,null,0,null,0,null,0,null,1,1118.76,"ok!",null,1118.76,0,0,0,0,0,0,0,0,0,0,0]
[{"$f":"+PO!B92","v":0},"SINALIZAÇÃO COM FITA ZEBRADA FIXADA EM CONE PLÁSTICO",{"$f":"+PO!L92","v":0},null,{"$f":"D83*$C83","v":0},null,{"$f":"F83*$C83","v":0},null,{"$f":"H83*$C83","v":0},null,{"$f":"J83*$C83","v":0},null,{"$f":"L83*$C83","v":0},null,{"$f":"N83*$C83","v":0},null,{"$f":"P83*$C83","v":0},null,{"$f":"R83*$C83","v":0},null,{"$f":"T83*$C83","v":0},null,{"$f":"V83*$C83","v":0},null,{"$f":"X83*$C83","v":0},null,{"$f":"Z83*$C83","v":0},null,0,0,"ok!",null,{"$f":"+E83","v":0},{"$f":"+G83","v":0},{"$f":"+I83","v":0},{"$f":"+K83","v":0},{"$f":"+M83","v":0},{"$f":"+O83","v":0},{"$f":"+Q83","v":0},{"$f":"+S83","v":0},{"$f":"+U83","v":0},{"$f":"+W83","v":0},{"$f":"+Y83","v":0},{"$f":"+AA83","v":0}]
[{"$f":"+PO!B93","v":"3.8"},"SINALIZAÇÃO COM TELA PLÁSTICA LARANJA FIXADA EM CONE PLÁSTICO",{"$f":"+PO!L93","v":1232.25},1,{"$f":"D84*$C84","v":1232.25},null,{"$f":"F84*$C84","v":0},null,{"$f":"H84*$C84","v":0},null,{"$f":"J84*$C84","v":0},null,{"$f":"L84*$C84","v":0},null,{"$f":"N84*$C84","v":0},null,{"$f":"P84*$C84","v":0},null,{"$f":"R84*$C84","v":0},null,{"$f":"T84*$C84","v":0},null,{"$f":"V84*$C84","v":0},null,{"$f":"X84*$C84","v":0},null,{"$f":"Z84*$C84","v":0},null,1,1232.25,"ok!",null,{"$f":"+E84","v":1232.25},{"$f":"+G84","v":0},{"$f":"+I84","v":0},{"$f":"+K84","v":0},{"$f":"+M84","v":0},{"$f":"+O84","v":0},{"$f":"+Q84","v":0},{"$f":"+S84","v":0},{"$f":"+U84","v":0},{"$f":"+W84","v":0},{"$f":"+Y84","v":0},{"$f":"+AA84","v":0}]
[{"$f":"+PO!B94","v":0},"SINALIZAÇÃO COM SINALIZADOR ELETRÔNICO PISCANTE FIXADO EM CONE PLÁSTICO",{"$f":"+PO!L94","v":0},null,{"$f":"D85*$C85","v":0},null,{"$f":"F85*$C85","v":0},null,{"$f":"H85*$C85","v":0},null,{"$f":"J85*$C85","v":0},null,{"$f":"L85*$C85","v":0},null,{"$f":"N85*$C85","v":0},null,{"$f":"P85*$C85","v":0},null,{"$f":"R85*$C85","v":0},null,{"$f":"T85*$C85","v":0},null,{"$f":"V85*$C85","v":0},null,{"$f":"X85*$C85","v":0},null,{"$f":"Z85*$C85","v":0},null,0,0,"ok!",null,{"$f":"+E85","v":0},{"$f":"+G85","v":0},{"$f":"+I85","v":0},{"$f":"+K85","v":0},{"$f":"+M85","v":0},{"$f":"+O85","v":0},{"$f":"+Q85","v":0},{"$f":"+S85","v":0},{"$f":"+U85","v":0},{"$f":"+W85","v":0},{"$f":"+Y85","v":0},{"$f":"+AA85","v":0}]
[{"$f":"+PO!B95","v":0},"PROJETO DE SINALIZAÇÃO",{"$f":"+PO!L95","v":0},null,{"$f":"D86*$C86","v":0},null,{"$f":"F86*$C86","v":0},null,{"$f":"H86*$C86","v":0},null,{"$f":"J86*$C86","v":0},null,{"$f":"L86*$C86","v":0},null,{"$f":"N86*$C86","v":0},null,{"$f":"P86*$C86","v":0},null,{"$f":"R86*$C86","v":0},null,{"$f":"T86*$C86","v":0},null,{"$f":"V86*$C86","v":0},null,{"$f":"X86*$C86","v":0},null,{"$f":"Z86*$C86","v":0},null,{"$f":"+D86+F86+H86+J86+L86+N86+P86+R86+T86+V86+X86+Z86","v":0},{"$f":"+E86+G86+I86+K86+M86+O86+Q86+S86+U86+W86+Y86+AA86","v":0},{"$f":"IF(C86=AD86,\"ok!\",\"incompleto\")","v":"ok!"},null,{"$f":"+E86","v":0},{"$f":"+G86","v":0},{"$f":"+I86","v":0},{"$f":"+K86","v":0},{"$f":"+M86","v":0},{"$f":"+O86","v":0},{"$f":"+Q86","v":0},{"$f":"+S86","v":0},{"$f":"+U86","v":0},{"$f":"+W86","v":0},{"$f":"+Y86","v":0},{"$f":"+AA86","v":0}]
[{"$f":"+PO!B96","v":"3.9"},"LOCAÇÃO",{"$f":"+PO!L96","v":60.39},1,60.39,null,0,null,0,null,0,null,0,null,0,null,0,null,0,null,0,null,0,null,0,null,0,null,1,60.39,"ok!",null,60.39,0,0,0,0,0,0,0,0,0,0,0]
[{"$f":"+PO!B97","v":"3.10"},"NIVELAMENTO",{"$f":"+PO!L97","v":48.9},1,48.9,null,0,null,0,null,0,null,0,null,0,null,0,null,0,null,0,null,0,null,0,null,0,null,1,48.9,"ok!",null,48.9,0,0,0,0,0,0,0,0,0,0,0]
[{"$f":"+PO!B99","v":4},"ADMINISTRAÇÃO LOCAL"]
[{"$f":"+PO!B100","v":"4.1"},"ENGENHEIRO",{"$f":"+PO!L100","v":6288.63},{"$f":"+$AV$12","v":0.66454012159532239},{"$f":"D90*$C90","v":4179.0469448679924},{"$f":"+$AV$13","v":0.33545987840467767},{"$f":"F90*$C90","v":2109.5830551320082},{"$f":"+$AV$14","v":0},{"$f":"H90*$C90","v":0},{"$f":"+$AV$15","v":0},{"$f":"J90*$C90","v":0},{"$f":"+$AV$16","v":0},{"$f":"L90*$C90","v":0},{"$f":"+$AV$17","v":0},{"$f":"N90*$C90","v":0},{"$f":"+$AV$18","v":0},{"$f":"P90*$C90","v":0},{"$f":"+$AV$19","v":0},{"$f":"R90*$C90","v":0},{"$f":"+$AV$20","v":0},{"$f":"T90*$C90","v":0},{"$f":"+$AV$21","v":0},{"$f":"V90*$C90","v":0},{"$f":"+$AV$22","v":0},{"$f":"X90*$C90","v":0},{"$f":"+$AV$23","v":0},{"$f":"Z90*$C90","v":0},null,{"$f":"+D90+F90+H90+J90+L90+N90+P90+R90+T90+V90+X90+Z90","v":1},6288.630000000001,{"$f":"IF(C90=AD90,\"ok!\",\"incompleto\")","v":"ok!"}]
[{"$f":"+PO!B101","v":0},"MESTRE DE OBRAS",{"$f":"+PO!L101","v":0},0.66454012159532239,0,0.33545987840467767,0,0,0,0,0,0,0,0,0,0,0,0,0,0,0,0,0,0,0,0,0,null,1,0,"ok!"]
[{"$f":"+PO!B102","v":"4.2"},"ENCARREGADO",{"$f":"+PO!L102","v":14188.46},0.66454012159532239,9428.8009336503674,0.33545987840467767,4759.6590663496327,0,0,0,0,0,0,0,0,0,0,0,0,0,0,0,0,0,0,0,0,null,1,14188.46,"ok!"]
[{"$f":"+PO!B103","v":"4.3"},"VIGIA NOTURNO (SINAPI)",{"$f":"+PO!L103","v":9789.6},0.66454012159532239,6505.5819743695683,0.33545987840467767,3284.0180256304325,0,0,0,0,0,0,0,0,0,0,0,0,0,0,0,0,0,0,0,0,null,{"$f":"+D93+F93+H93+J93+L93+N93+P93+R93+T93+V93+X93+Z93","v":1},9789.6,"ok!"]
[{"$f":"+PO!B104","v":0},"VIGIA NOTURNO",{"$f":"+PO!L104","v":0},0.66454012159532239,0,0.33545987840467767,0,0,0,0,0,0,0,0,0,0,0,0,0,0,0,0,0,0,0,0,0,null,1,0,"ok!"]
[{"$f":"+PO!B105","v":"4.4"},"VIGIA DIURNO SÁBADOS, DOMINGOS E FERIADOS",{"$f":"+PO!L105","v":4644.3999999999996},0.66454012159532239,3086.3901407373151,0.33545987840467767,1558.0098592626848,0,0,0,0,0,0,0,0,0,0,0,0,0,0,0,0,0,0,0,0,null,1,4644.3999999999996,"ok!"]
[{"$f":"+PO!B106","v":"4.5"},"FORNECIMENTO E INSTALAÇÃO DE EXTINTOR DE PÓ QUÍMICO SECO (PQS), 4 kg",{"$f":"+PO!L106","v":294.52},0.66454012159532239,195.72035661225434,0.33545987840467767,{"$f":"F96*$C96","v":98.799643387745661},0,{"$f":"H96*$C96","v":0},0,{"$f":"J96*$C96","v":0},0,{"$f":"L96*$C96","v":0},0,{"$f":"N96*$C96","v":0},0,{"$f":"P96*$C96","v":0},0,{"$f":"R96*$C96","v":0},0,{"$f":"T96*$C96","v":0},0,{"$f":"V96*$C96","v":0},0,{"$f":"X96*$C96","v":0},0,{"$f":"Z96*$C96","v":0},null,{"$f":"+D96+F96+H96+J96+L96+N96+P96+R96+T96+V96+X96+Z96","v":1},{"$f":"+E96+G96+I96+K96+M96+O96+Q96+S96+U96+W96+Y96+AA96","v":294.52},{"$f":"IF(C96=AD96,\"ok!\",\"incompleto\")","v":"ok!"}]
[{"$f":"+PO!B107","v":"4.6"},"FORNECIMENTO E INSTALAÇÃO DE EXTINTOR DE ÁGUA PRESSURIZADA (AP), 10 l",{"$f":"+PO!L107","v":303.8},0.66454012159532239,201.88728894065895,0.33545987840467767,101.91271105934108,0,0,0,0,0,0,0,0,0,0,0,0,0,0,0,0,0,0,0,0,null,1,303.8,"ok!"]
[{"$f":"+PO!B108","v":"4.7"},"GERADOR DE ENERGIA ELÉTRICA",{"$f":"+PO!L108","v":2623.17},0.66454012159532239,1743.2017107652018,0.33545987840467767,879.96828923479836,0,0,0,0,0,0,0,0,0,0,0,0,0,0,0,0,0,0,0,0,null,1,2623.17,"ok!"]
[{"$f":"+PO!B109","v":"4.8"},"CONSUMO DE ÁGUA TRATADA",{"$f":"+PO!L109","v":214.87},0.66454012159532239,142.78973592718691,0.33545987840467767,72.080264072813094,0,0,0,0,0,0,0,0,0,0,0,0,0,0,0,0,0,0,0,0,null,1,214.87,"ok!"]
[{"$f":"+PO!B111","v":5},"MOVIMENTO DE TERRA"]
[{"$f":"+PO!B112","v":"5.1"},"MODELAGEM",{"$f":"+PO!L112","v":497.15},null,{"$f":"D101*$C101","v":0},1,{"$f":"F101*$C101","v":497.15},null,{"$f":"H101*$C101","v":0},null,{"$f":"J101*$C101","v":0},null,{"$f":"L101*$C101","v":0},null,{"$f":"N101*$C101","v":0},null,{"$f":"P101*$C101","v":0},null,{"$f":"R101*$C101","v":0},null,{"$f":"T101*$C101","v":0},null,{"$f":"V101*$C101","v":0},null,{"$f":"X101*$C101","v":0},null,{"$f":"Z101*$C101","v":0},null,{"$f":"+D101+F101+H101+J101+L101+N101+P101+R101+T101+V101+X101+Z101","v":1},497.15,{"$f":"IF(C101=AD101,\"ok!\",\"incompleto\")","v":"ok!"},null,{"$f":"+E101","v":0},{"$f":"+G101","v":497.15},{"$f":"+I101","v":0},{"$f":"+K101","v":0},{"$f":"+M101","v":0},{"$f":"+O101","v":0},{"$f":"+Q101","v":0},{"$f":"+S101","v":0},{"$f":"+U101","v":0},{"$f":"+W101","v":0},{"$f":"+Y101","v":0},{"$f":"+AA101","v":0}]
[{"$f":"+PO!B113","v":0},"TERRAPLENAGEM",{"$f":"+PO!L113","v":0},null,0,null,0,null,0,null,0,null,0,null,0,null,0,null,0,null,0,null,0,null,0,null,0,null,0,0,"ok!",null,0,0,0,0,0,0,0,0,0,0,0,0]
[{"$f":"+PO!B114","v":0},"ATERRO MECÂNICO COM MATERIAL IMPORTADO COM COMPACTAÇÃO MECÂNICA",{"$f":"+PO!L114","v":0},null,0,null,0,null,0,null,0,null,0,null,0,null,0,null,0,null,0,null,0,null,0,null,0,null,0,0,"ok!",null,0,0,0,0,0,0,0,0,0,0,0,0]
[{"$f":"+PO!B115","v":"5.2"},"ATERRO MANUAL COM MATERIAL IMPORTADO COM COMPACTAÇÃO MECÂNICA",{"$f":"+PO!L115","v":2831.92},0.5,1415.96,0.5,1415.96,null,0,null,0,null,0,null,0,null,0,null,0,null,0,null,0,null,0,null,0,null,1,2831.92,"ok!",null,1415.96,1415.96,0,0,0,0,0,0,0,0,0,0]
[{"$f":"+PO!B116","v":0},"ATERRO MANUAL COM MATERIAL IMPORTADO COM COMPACTAÇÃO MANUAL",{"$f":"+PO!L116","v":0},null,{"$f":"D105*$C105","v":0},null,{"$f":"F105*$C105","v":0},null,{"$f":"H105*$C105","v":0},null,{"$f":"J105*$C105","v":0},null,{"$f":"L105*$C105","v":0},null,{"$f":"N105*$C105","v":0},null,{"$f":"P105*$C105","v":0},null,{"$f":"R105*$C105","v":0},null,{"$f":"T105*$C105","v":0},null,{"$f":"V105*$C105","v":0},null,{"$f":"X105*$C105","v":0},null,{"$f":"Z105*$C105","v":0},null,{"$f":"+D105+F105+H105+J105+L105+N105+P105+R105+T105+V105+X105+Z105","v":0},{"$f":"+E105+G105+I105+K105+M105+O105+Q105+S105+U105+W105+Y105+AA105","v":0},{"$f":"IF(C105=AD105,\"ok!\",\"incompleto\")","v":"ok!"},null,{"$f":"+E105","v":0},{"$f":"+G105","v":0},{"$f":"+I105","v":0},{"$f":"+K105","v":0},{"$f":"+M105","v":0},{"$f":"+O105","v":0},{"$f":"+Q105","v":0},{"$f":"+S105","v":0},{"$f":"+U105","v":0},{"$f":"+W105","v":0},{"$f":"+Y105","v":0},{"$f":"+AA105","v":0}]
[{"$f":"+PO!B117","v":0},"ESCAVAÇÃO MANUAL DE SOLO ATÉ 1,30 m",{"$f":"+PO!L117","v":0},null,0,null,0,null,0,null,0,null,0,null,0,null,0,null,0,null,0,null,0,null,0,null,0,null,0,0,"ok!",null,0,0,0,0,0,0,0,0,0,0,0,0]
[{"$f":"+PO!B118","v":0},"ESCAVAÇÃO MECÂNICA DE SOLO",{"$f":"+PO!L118","v":0},null,0,null,0,null,0,null,0,null,0,null,0,null,0,null,0,null,0,null,0,null,0,null,0,null,0,0,"ok!",null,0,0,0,0,0,0,0,0,0,0,0,0]
[{"$f":"+PO!B119","v":0},"REATERRO MANUAL C/COMPACTAÇÃO MANUAL",{"$f":"+PO!L119","v":0},null,0,null,0,null,0,null,0,null,0,null,0,null,0,null,0,null,0,null,0,null,0,null,0,null,0,0,"ok!",null,0,0,0,0,0,0,0,0,0,0,0,0]
[{"$f":"+PO!B121","v":6},"PAVIMENTAÇÃO"]
[{"$f":"+PO!B122","v":0},"NIVELAMENTO CAIXA DE PASSAGEM",{"$f":"+PO!L122","v":0},null,0,null,0,null,0,null,0,null,0,null,0,null,0,null,0,null,0,null,0,null,0,null,0,null,{"$f":"+D110+F110+H110+J110+L110+N110+P110+R110+T110+V110+X110+Z110","v":0},{"$f":"+E110+G110+I110+K110+M110+O110+Q110+S110+U110+W110+Y110+AA110","v":0},{"$f":"IF(C110=AD110,\"ok!\",\"incompleto\")","v":"ok!"},null,{"$f":"+E110","v":0},{"$f":"+G110","v":0},{"$f":"+I110","v":0},{"$f":"+K110","v":0},{"$f":"+M110","v":0},{"$f":"+O110","v":0},{"$f":"+Q110","v":0},{"$f":"+S110","v":0},{"$f":"+U110","v":0},{"$f":"+W110","v":0},{"$f":"+Y110","v":0},{"$f":"+AA110","v":0}]
[{"$f":"+PO!B123","v":0},"LASTRO DE BRITA",{"$f":"+PO!L123","v":0},null,0,null,0,null,0,null,0,null,0,null,0,null,0,null,0,null,0,null,0,null,0,null,0,null,0,0,"ok!",null,0,0,0,0,0,0,0,0,0,0,0,0]
[{"$f":"+PO!B124","v":0},"SAIBRO ROSA - COMPACTAÇÃO MECÂNICA - 6 cm",{"$f":"+PO!L124","v":0},null,0,null,0,null,0,null,0,null,0,null,0,null,0,null,0,null,0,null,0,null,0,null,0,null,0,0,"ok!",null,0,0,0,0,0,0,0,0,0,0,0,0]
[{"$f":"+PO!B125","v":0},"SAIBRO ROSA - COMPACTAÇÃO MECÂNICA - 6 cm",{"$f":"+PO!L125","v":0},null,0,null,0,null,0,null,0,null,0,null,0,null,0,null,0,null,0,null,0,null,0,null,0,null,0,0,"ok!",null,0,0,0,0,0,0,0,0,0,0,0,0]
[{"$f":"+PO!B126","v":0},"PISO CONCRETO ARMADO 8 cm - PASSEIO - S/PODOTÁTIL",{"$f":"+PO!L126","v":0},null,0,null,0,null,0,null,0,null,0,null,0,null,0,null,0,null,0,null,0,null,0,null,0,null,0,0,"ok!",null,0,0,0,0,0,0,0,0,0,0,0,0]
[{"$f":"+PO!B127","v":0},"PISO CONCRETO ARMADO 8 cm - PASSEIO - C/PODOTÁTIL",{"$f":"+PO!L127","v":0},null,{"$f":"D115*$C115","v":0},null,{"$f":"F115*$C115","v":0},null,{"$f":"H115*$C115","v":0},null,{"$f":"J115*$C115","v":0},null,{"$f":"L115*$C115","v":0},null,{"$f":"N115*$C115","v":0},null,{"$f":"P115*$C115","v":0},null,{"$f":"R115*$C115","v":0},null,{"$f":"T115*$C115","v":0},null,{"$f":"V115*$C115","v":0},null,{"$f":"X115*$C115","v":0},null,{"$f":"Z115*$C115","v":0},null,{"$f":"+D115+F115+H115+J115+L115+N115+P115+R115+T115+V115+X115+Z115","v":0},{"$f":"+E115+G115+I115+K115+M115+O115+Q115+S115+U115+W115+Y115+AA115","v":0},{"$f":"IF(C115=AD115,\"ok!\",\"incompleto\")","v":"ok!"},null,{"$f":"+E115","v":0},{"$f":"+G115","v":0},{"$f":"+I115","v":0},{"$f":"+K115","v":0},{"$f":"+M115","v":0},{"$f":"+O115","v":0},{"$f":"+Q115","v":0},{"$f":"+S115","v":0},{"$f":"+U115","v":0},{"$f":"+W115","v":0},{"$f":"+Y115","v":0},{"$f":"+AA115","v":0}]
[{"$f":"+PO!B128","v":0},"PISO CONCRETO ARMADO 8 cm - QUADRA (PANO ÚNICO)",{"$f":"+PO!L128","v":0},null,0,null,0,null,0,null,0,null,0,null,0,null,0,null,0,null,0,null,0,null,0,null,0,null,0,0,"ok!",null,0,0,0,0,0,0,0,0,0,0,0,0]
[{"$f":"+PO!B129","v":0},"PISO CONCRETO ARMADO 10 cm - ACADEMIA 3ª IDADE",{"$f":"+PO!L129","v":0},null,0,null,0,null,0,null,0,null,0,null,0,null,0,null,0,null,0,null,0,null,0,null,0,null,0,0,"ok!",null,0,0,0,0,0,0,0,0,0,0,0,0]
[{"$f":"+PO!B130","v":0},"PISO CONCRETO ARMADO 20 cm - ARMADURA DUPLA",{"$f":"+PO!L130","v":0},null,0,null,0,null,0,null,0,null,0,null,0,null,0,null,0,null,0,null,0,null,0,null,0,null,0,0,"ok!",null,0,0,0,0,0,0,0,0,0,0,0,0]
[{"$f":"+PO!B131","v":0},"PAVIMENTAÇÃO BLOCOS RETANGULARES DE CONCRETO COR NATURAL - 6 cm - 35 MPa",{"$f":"+PO!L131","v":0},null,0,null,0,null,0,null,0,null,0,null,0,null,0,null,0,null,0,null,0,null,0,null,0,null,0,0,"ok!",null,0,0,0,0,0,0,0,0,0,0,0,0]
[{"$f":"+PO!B132","v":0},"PAVIMENTAÇÃO BLOCOS RETANGULARES DE CONCRETO COLORIDO - 6 cm - 35 MPa",{"$f":"+PO!L132","v":0},null,{"$f":"D120*$C120","v":0},null,{"$f":"F120*$C120","v":0},null,{"$f":"H120*$C120","v":0},null,{"$f":"J120*$C120","v":0},null,{"$f":"L120*$C120","v":0},null,{"$f":"N120*$C120","v":0},null,{"$f":"P120*$C120","v":0},null,{"$f":"R120*$C120","v":0},null,{"$f":"T120*$C120","v":0},null,{"$f":"V120*$C120","v":0},null,{"$f":"X120*$C120","v":0},null,{"$f":"Z120*$C120","v":0},null,{"$f":"+D120+F120+H120+J120+L120+N120+P120+R120+T120+V120+X120+Z120","v":0},{"$f":"+E120+G120+I120+K120+M120+O120+Q120+S120+U120+W120+Y120+AA120","v":0},{"$f":"IF(C120=AD120,\"ok!\",\"incompleto\")","v":"ok!"},null,{"$f":"+E120","v":0},{"$f":"+G120","v":0},{"$f":"+I120","v":0},{"$f":"+K120","v":0},{"$f":"+M120","v":0},{"$f":"+O120","v":0},{"$f":"+Q120","v":0},{"$f":"+S120","v":0},{"$f":"+U120","v":0},{"$f":"+W120","v":0},{"$f":"+Y120","v":0},{"$f":"+AA120","v":0}]
[{"$f":"+PO!B133","v":0},"PAVIMENTAÇÃO BLOCOS RETANGULARES DE CONCRETO COR NATURAL - 8 cm - 35 MPa",{"$f":"+PO!L133","v":0},null,0,null,0,null,0,null,0,null,0,null,0,null,0,null,0,null,0,null,0,null,0,null,0,null,0,0,"ok!",null,0,0,0,0,0,0,0,0,0,0,0,0]
[{"$f":"+PO!B134","v":0},"FAIXAS BLOCOS RETANGULARES DE CONCRETO COR NATURAL - 6 cm - 35 MPa (LARGURA 20 cm)",{"$f":"+PO!L134","v":0},null,0,null,0,null,0,null,0,null,0,null,0,null,0,null,0,null,0,null,0,null,0,null,0,null,0,0,"ok!",null,0,0,0,0,0,0,0,0,0,0,0,0]
[{"$f":"+PO!B135","v":0},"PAVIMENTAÇÃO PARALELEPÍPEDO",{"$f":"+PO!L135","v":0},null,0,null,0,null,0,null,0,null,0,null,0,null,0,null,0,null,0,null,0,null,0,null,0,null,0,0,"ok!",null,0,0,0,0,0,0,0,0,0,0,0,0]
[{"$f":"+PO!B136","v":0},"PEDRA PORTUGUESA",{"$f":"+PO!L136","v":0},null,0,null,0,null,0,null,0,null,0,null,0,null,0,null,0,null,0,null,0,null,0,null,0,null,0,0,"ok!",null,0,0,0,0,0,0,0,0,0,0,0,0]
[{"$f":"+PO!B137","v":0},"LAJE DE GRÊS ASSENTADA NA AREIA",{"$f":"+PO!L137","v":0},null,0,null,0,null,0,null,0,null,0,null,0,null,0,null,0,null,0,null,0,null,0,null,0,null,0,0,"ok!",null,0,0,0,0,0,0,0,0,0,0,0,0]
[{"$f":"+PO!B138","v":0},"LAJE DE GRÊS ASSENTADA NA MASSA",{"$f":"+PO!L138","v":0},null,0,null,0,null,0,null,0,null,0,null,0,null,0,null,0,null,0,null,0,null,0,null,0,null,0,0,"ok!",null,0,0,0,0,0,0,0,0,0,0,0,0]
[{"$f":"+PO!B139","v":0},"LAJE DE GRÊS ASSENTADA NA ARGILA",{"$f":"+PO!L139","v":0},null,0,null,0,null,0,null,0,null,0,null,0,null,0,null,0,null,0,null,0,null,0,null,0,null,0,0,"ok!",null,0,0,0,0,0,0,0,0,0,0,0,0]
[{"$f":"+PO!B140","v":0},"BASALTO IRREGULAR - JUNTA BITOLADA",{"$f":"+PO!L140","v":0},null,0,null,0,null,0,null,0,null,0,null,0,null,0,null,0,null,0,null,0,null,0,null,0,null,0,0,"ok!",null,0,0,0,0,0,0,0,0,0,0,0,0]
[{"$f":"+PO!B141","v":0},"BASALTO IRREGULAR",{"$f":"+PO!L141","v":0},null,0,null,0,null,0,null,0,null,0,null,0,null,0,null,0,null,0,null,0,null,0,null,0,null,0,0,"ok!",null,0,0,0,0,0,0,0,0,0,0,0,0]
[{"$f":"+PO!B142","v":0},"BASALTO REGULAR TALHADO",{"$f":"+PO!L142","v":0},null,0,null,0,null,0,null,0,null,0,null,0,null,0,null,0,null,0,null,0,null,0,null,0,null,0,0,"ok!",null,0,0,0,0,0,0,0,0,0,0,0,0]
[{"$f":"+PO!B143","v":0},"BASALTO REGULAR SERRADO",{"$f":"+PO!L143","v":0},null,0,null,0,null,0,null,0,null,0,null,0,null,0,null,0,null,0,null,0,null,0,null,0,null,0,0,"ok!",null,0,0,0,0,0,0,0,0,0,0,0,0]
[{"$f":"+PO!B144","v":0},"AREIA MÉDIA PENEIRADA",{"$f":"+PO!L144","v":0},null,{"$f":"D132*$C132","v":0},null,{"$f":"F132*$C132","v":0},null,{"$f":"H132*$C132","v":0},null,{"$f":"J132*$C132","v":0},null,{"$f":"L132*$C132","v":0},null,{"$f":"N132*$C132","v":0},null,{"$f":"P132*$C132","v":0},null,{"$f":"R132*$C132","v":0},null,{"$f":"T132*$C132","v":0},null,{"$f":"V132*$C132","v":0},null,{"$f":"X132*$C132","v":0},null,{"$f":"Z132*$C132","v":0},null,{"$f":"+D132+F132+H132+J132+L132+N132+P132+R132+T132+V132+X132+Z132","v":0},{"$f":"+E132+G132+I132+K132+M132+O132+Q132+S132+U132+W132+Y132+AA132","v":0},{"$f":"IF(C132=AD132,\"ok!\",\"incompleto\")","v":"ok!"},null,{"$f":"+E132","v":0},{"$f":"+G132","v":0},{"$f":"+I132","v":0},{"$f":"+K132","v":0},{"$f":"+M132","v":0},{"$f":"+O132","v":0},{"$f":"+Q132","v":0},{"$f":"+S132","v":0},{"$f":"+U132","v":0},{"$f":"+W132","v":0},{"$f":"+Y132","v":0},{"$f":"+AA132","v":0}]
[{"$f":"+PO!B145","v":0},"LAJOTA CONCRETO",{"$f":"+PO!L145","v":0},null,0,null,0,null,0,null,0,null,0,null,0,null,0,null,0,null,0,null,0,null,0,null,0,null,0,0,"ok!",null,0,0,0,0,0,0,0,0,0,0,0,0]
[{"$f":"+PO!B146","v":0},"PISO PODOTÁTIL",{"$f":"+PO!L146","v":0},null,0,null,0,null,0,null,0,null,0,null,0,null,0,null,0,null,0,null,0,null,0,null,0,null,0,0,"ok!",null,0,0,0,0,0,0,0,0,0,0,0,0]
[{"$f":"+PO!B148","v":7},"MEIO-FIO"]
[{"$f":"+PO!B149","v":0},"MEIO-FIO CONCRETO MOLDADO NO LOCAL - PADRÃO SMAM",{"$f":"+PO!L149","v":0},null,{"$f":"D136*$C136","v":0},null,{"$f":"F136*$C136","v":0},null,{"$f":"H136*$C136","v":0},null,{"$f":"J136*$C136","v":0},null,{"$f":"L136*$C136","v":0},null,{"$f":"N136*$C136","v":0},null,{"$f":"P136*$C136","v":0},null,{"$f":"R136*$C136","v":0},null,{"$f":"T136*$C136","v":0},null,{"$f":"V136*$C136","v":0},null,{"$f":"X136*$C136","v":0},null,{"$f":"Z136*$C136","v":0},null,{"$f":"+D136+F136+H136+J136+L136+N136+P136+R136+T136+V136+X136+Z136","v":0},0,{"$f":"IF(C136=AD136,\"ok!\",\"incompleto\")","v":"ok!"},null,{"$f":"+E136","v":0},{"$f":"+G136","v":0},{"$f":"+I136","v":0},{"$f":"+K136","v":0},{"$f":"+M136","v":0},{"$f":"+O136","v":0},{"$f":"+Q136","v":0},{"$f":"+S136","v":0},{"$f":"+U136","v":0},{"$f":"+W136","v":0},{"$f":"+Y136","v":0},{"$f":"+AA136","v":0}]
[{"$f":"+PO!B150","v":0},"MEIO-FIO CURVO CONCRETO MOLDADO NO LOCAL - PADRÃO SMAM",{"$f":"+PO!L150","v":0},null,{"$f":"D137*$C137","v":0},null,{"$f":"F137*$C137","v":0},null,{"$f":"H137*$C137","v":0},null,{"$f":"J137*$C137","v":0},null,{"$f":"L137*$C137","v":0},null,{"$f":"N137*$C137","v":0},null,{"$f":"P137*$C137","v":0},null,{"$f":"R137*$C137","v":0},null,{"$f":"T137*$C137","v":0},null,{"$f":"V137*$C137","v":0},null,{"$f":"X137*$C137","v":0},null,{"$f":"Z137*$C137","v":0},null,0,0,{"$f":"IF(C137=AD137,\"ok!\",\"incompleto\")","v":"ok!"},null,{"$f":"+E137","v":0},{"$f":"+G137","v":0},{"$f":"+I137","v":0},{"$f":"+K137","v":0},{"$f":"+M137","v":0},{"$f":"+O137","v":0},{"$f":"+Q137","v":0},{"$f":"+S137","v":0},{"$f":"+U137","v":0},{"$f":"+W137","v":0},{"$f":"+Y137","v":0},{"$f":"+AA137","v":0}]
[{"$f":"+PO!B151","v":0},"MEIO-FIO VIÁRIO DE CONCRETO PRÉ-MOLDADO",{"$f":"+PO!L151","v":0},null,{"$f":"D138*$C138","v":0},null,{"$f":"F138*$C138","v":0},null,{"$f":"H138*$C138","v":0},null,{"$f":"J138*$C138","v":0},null,{"$f":"L138*$C138","v":0},null,{"$f":"N138*$C138","v":0},null,{"$f":"P138*$C138","v":0},null,{"$f":"R138*$C138","v":0},null,{"$f":"T138*$C138","v":0},null,{"$f":"V138*$C138","v":0},null,{"$f":"X138*$C138","v":0},null,{"$f":"Z138*$C138","v":0},null,0,0,{"$f":"IF(C138=AD138,\"ok!\",\"incompleto\")","v":"ok!"},null,{"$f":"+E138","v":0},{"$f":"+G138","v":0},{"$f":"+I138","v":0},{"$f":"+K138","v":0},{"$f":"+M138","v":0},{"$f":"+O138","v":0},{"$f":"+Q138","v":0},{"$f":"+S138","v":0},{"$f":"+U138","v":0},{"$f":"+W138","v":0},{"$f":"+Y138","v":0},{"$f":"+AA138","v":0}]
[{"$f":"+PO!B152","v":0},"REPOSIÇÃO MEIO-FIO VIÁRIO",{"$f":"+PO!L152","v":0},null,{"$f":"D139*$C139","v":0},null,{"$f":"F139*$C139","v":0},null,{"$f":"H139*$C139","v":0},null,{"$f":"J139*$C139","v":0},null,{"$f":"L139*$C139","v":0},null,{"$f":"N139*$C139","v":0},null,{"$f":"P139*$C139","v":0},null,{"$f":"R139*$C139","v":0},null,{"$f":"T139*$C139","v":0},null,{"$f":"V139*$C139","v":0},null,{"$f":"X139*$C139","v":0},null,{"$f":"Z139*$C139","v":0},null,0,0,{"$f":"IF(C139=AD139,\"ok!\",\"incompleto\")","v":"ok!"},null,{"$f":"+E139","v":0},{"$f":"+G139","v":0},{"$f":"+I139","v":0},{"$f":"+K139","v":0},{"$f":"+M139","v":0},{"$f":"+O139","v":0},{"$f":"+Q139","v":0},{"$f":"+S139","v":0},{"$f":"+U139","v":0},{"$f":"+W139","v":0},{"$f":"+Y139","v":0},{"$f":"+AA139","v":0}]
[{"$f":"+PO!B153","v":0},"REALINHAMENTO MEIO-FIO VIÁRIO",{"$f":"+PO!L153","v":0},null,{"$f":"D140*$C140","v":0},null,{"$f":"F140*$C140","v":0},null,{"$f":"H140*$C140","v":0},null,{"$f":"J140*$C140","v":0},null,{"$f":"L140*$C140","v":0},null,{"$f":"N140*$C140","v":0},null,{"$f":"P140*$C140","v":0},null,{"$f":"R140*$C140","v":0},null,{"$f":"T140*$C140","v":0},null,{"$f":"V140*$C140","v":0},null,{"$f":"X140*$C140","v":0},null,{"$f":"Z140*$C140","v":0},null,0,0,{"$f":"IF(C140=AD140,\"ok!\",\"incompleto\")","v":"ok!"},null,{"$f":"+E140","v":0},{"$f":"+G140","v":0},{"$f":"+I140","v":0},{"$f":"+K140","v":0},{"$f":"+M140","v":0},{"$f":"+O140","v":0},{"$f":"+Q140","v":0},{"$f":"+S140","v":0},{"$f":"+U140","v":0},{"$f":"+W140","v":0},{"$f":"+Y140","v":0},{"$f":"+AA140","v":0}]
[{"$f":"+PO!B155","v":8},"DEGRAU"]
[{"$f":"+PO!B156","v":0},"DEGRAU CONCRETO L=2,00 m - BASE GRANITO - PADRÃO SMAM",{"$f":"+PO!L156","v":0},null,{"$f":"D142*$C142","v":0},null,{"$f":"F142*$C142","v":0},null,{"$f":"H142*$C142","v":0},null,{"$f":"J142*$C142","v":0},null,{"$f":"L142*$C142","v":0},null,{"$f":"N142*$C142","v":0},null,{"$f":"P142*$C142","v":0},null,{"$f":"R142*$C142","v":0},null,{"$f":"T142*$C142","v":0},null,{"$f":"V142*$C142","v":0},null,{"$f":"X142*$C142","v":0},null,{"$f":"Z142*$C142","v":0},null,{"$f":"+D142+F142+H142+J142+L142+N142+P142+R142+T142+V142+X142+Z142","v":0},0,{"$f":"IF(C142=AD142,\"ok!\",\"incompleto\")","v":"ok!"},null,{"$f":"+E142","v":0},{"$f":"+G142","v":0},{"$f":"+I142","v":0},{"$f":"+K142","v":0},{"$f":"+M142","v":0},{"$f":"+O142","v":0},{"$f":"+Q142","v":0},{"$f":"+S142","v":0},{"$f":"+U142","v":0},{"$f":"+W142","v":0},{"$f":"+Y142","v":0},{"$f":"+AA142","v":0}]
[{"$f":"+PO!B157","v":0},"DEGRAU CONCRETO L=2,00 m - BASE GRÊS - PADRÃO SMAM",{"$f":"+PO!L157","v":0},null,{"$f":"D143*$C143","v":0},null,{"$f":"F143*$C143","v":0},null,{"$f":"H143*$C143","v":0},null,{"$f":"J143*$C143","v":0},null,{"$f":"L143*$C143","v":0},null,{"$f":"N143*$C143","v":0},null,{"$f":"P143*$C143","v":0},null,{"$f":"R143*$C143","v":0},null,{"$f":"T143*$C143","v":0},null,{"$f":"V143*$C143","v":0},null,{"$f":"X143*$C143","v":0},null,{"$f":"Z143*$C143","v":0},null,0,0,{"$f":"IF(C143=AD143,\"ok!\",\"incompleto\")","v":"ok!"},null,{"$f":"+E143","v":0},{"$f":"+G143","v":0},{"$f":"+I143","v":0},{"$f":"+K143","v":0},{"$f":"+M143","v":0},{"$f":"+O143","v":0},{"$f":"+Q143","v":0},{"$f":"+S143","v":0},{"$f":"+U143","v":0},{"$f":"+W143","v":0},{"$f":"+Y143","v":0},{"$f":"+AA143","v":0}]
[{"$f":"+PO!B159","v":9},"ACESSIBILIDADE"]
[{"$f":"+PO!B160","v":0},"RAMPA PPNE'S TIPO 1 - 1,50 m (ABA 50 cm)",{"$f":"+PO!L160","v":0},null,{"$f":"D145*$C145","v":0},null,{"$f":"F145*$C145","v":0},null,{"$f":"H145*$C145","v":0},null,{"$f":"J145*$C145","v":0},null,{"$f":"L145*$C145","v":0},null,{"$f":"N145*$C145","v":0},null,{"$f":"P145*$C145","v":0},null,{"$f":"R145*$C145","v":0},null,{"$f":"T145*$C145","v":0},null,{"$f":"V145*$C145","v":0},null,{"$f":"X145*$C145","v":0},null,{"$f":"Z145*$C145","v":0},null,{"$f":"+D145+F145+H145+J145+L145+N145+P145+R145+T145+V145+X145+Z145","v":0},0,{"$f":"IF(C145=AD145,\"ok!\",\"incompleto\")","v":"ok!"},null,{"$f":"+E145","v":0},{"$f":"+G145","v":0},{"$f":"+I145","v":0},{"$f":"+K145","v":0},{"$f":"+M145","v":0},{"$f":"+O145","v":0},{"$f":"+Q145","v":0},{"$f":"+S145","v":0},{"$f":"+U145","v":0},{"$f":"+W145","v":0},{"$f":"+Y145","v":0},{"$f":"+AA145","v":0}]
[{"$f":"+PO!B161","v":0},"RAMPA PPNE'S TIPO 1 - 1,50 m (ABA 1,50 m)",{"$f":"+PO!L161","v":0},null,0,null,0,null,0,null,0,null,0,null,0,null,0,null,0,null,0,null,0,null,0,null,0,null,0,0,"ok!",null,0,0,0,0,0,0,0,0,0,0,0,0]
[{"$f":"+PO!B162","v":0},"RAMPA PPNE'S TIPO 1 - 1,50 m (SEM ABA)",{"$f":"+PO!L162","v":0},null,0,null,0,null,0,null,0,null,0,null,0,null,0,null,0,null,0,null,0,null,0,null,0,null,{"$f":"+D147+F147+H147+J147+L147+N147+P147+R147+T147+V147+X147+Z147","v":0},0,"ok!",null,0,0,0,0,0,0,0,0,0,0,0,0]
[{"$f":"+PO!B163","v":0},"RAMPA PPNE'S TIPO 1 - 4,00 m",{"$f":"+PO!L163","v":0},null,0,null,0,null,0,null,0,null,0,null,0,null,0,null,0,null,0,null,0,null,0,null,0,null,0,0,"ok!",null,0,0,0,0,0,0,0,0,0,0,0,0]
[{"$f":"+PO!B164","v":0},"RAMPA PPNE'S TIPO 2 (CALÇADA ESTREITA) - 1,50 m",{"$f":"+PO!L164","v":0},null,0,null,0,null,0,null,0,null,0,null,0,null,0,null,0,null,0,null,0,null,0,null,0,null,0,0,"ok!",null,0,0,0,0,0,0,0,0,0,0,0,0]
[{"$f":"+PO!B166","v":0},"CORRIMÃO PPNE'S",{"$f":"+PO!L166","v":0},null,0,null,0,null,0,null,0,null,0,null,0,null,0,null,0,null,0,null,0,null,0,null,0,null,0,0,"ok!",null,0,0,0,0,0,0,0,0,0,0,0,0]
[{"$f":"+PO!B168","v":10},"QUADRAS"]
[{"$f":"+PO!B169","v":0},"TELAMENTO h=5,50 m - PADRÃO SMAM",{"$f":"+PO!L169","v":0},null,{"$f":"D152*$C152","v":0},null,{"$f":"F152*$C152","v":0},null,{"$f":"H152*$C152","v":0},null,{"$f":"J152*$C152","v":0},null,{"$f":"L152*$C152","v":0},null,{"$f":"N152*$C152","v":0},null,{"$f":"P152*$C152","v":0},null,{"$f":"R152*$C152","v":0},null,{"$f":"T152*$C152","v":0},null,{"$f":"V152*$C152","v":0},null,{"$f":"X152*$C152","v":0},null,{"$f":"Z152*$C152","v":0},null,{"$f":"+D152+F152+H152+J152+L152+N152+P152+R152+T152+V152+X152+Z152","v":0},{"$f":"+E152+G152+I152+K152+M152+O152+Q152+S152+U152+W152+Y152+AA152","v":0},{"$f":"IF(C152=AD152,\"ok!\",\"incompleto\")","v":"ok!"},null,{"$f":"+E152","v":0},{"$f":"+G152","v":0},{"$f":"+I152","v":0},{"$f":"+K152","v":0},{"$f":"+M152","v":0},{"$f":"+O152","v":0},{"$f":"+Q152","v":0},{"$f":"+S152","v":0},{"$f":"+U152","v":0},{"$f":"+W152","v":0},{"$f":"+Y152","v":0},{"$f":"+AA152","v":0}]
[{"$f":"+PO!B170","v":0},"TELAMENTO h=3,00 m - PADRÃO SMAM",{"$f":"+PO!L170","v":0},null,0,null,0,null,0,null,0,null,0,null,0,null,0,null,0,null,0,null,0,null,0,null,0,null,0,0,"ok!",null,0,0,0,0,0,0,0,0,0,0,0,0]
[{"$f":"+PO!B171","v":0},"TELAMENTO h=1,00 m - PADRÃO SMAM",{"$f":"+PO!L171","v":0},null,0,null,0,null,0,null,0,null,0,null,0,null,0,null,0,null,0,null,0,null,0,null,0,null,0,0,"ok!",null,0,0,0,0,0,0,0,0,0,0,0,0]
[{"$f":"+PO!B172","v":0},"TELAMENTO h=3,00 m VÔLEI DE PRAIA - PADRÃO SMAM",{"$f":"+PO!L172","v":0},null,0,null,0,null,0,null,0,null,0,null,0,null,0,null,0,null,0,null,0,null,0,null,0,null,0,0,"ok!",null,0,0,0,0,0,0,0,0,0,0,0,0]
[{"$f":"+PO!B173","v":0},"GOLEIRA FUTSAL",{"$f":"+PO!L173","v":0},null,0,null,0,null,0,null,0,null,0,null,0,null,0,null,0,null,0,null,0,null,0,null,0,null,0,0,"ok!",null,0,0,0,0,0,0,0,0,0,0,0,0]
[{"$f":"+PO!B174","v":0},"GOLEIRA FUTEBOL SOCIETY",{"$f":"+PO!L174","v":0},null,0,null,0,null,0,null,0,null,0,null,0,null,0,null,0,null,0,null,0,null,0,null,0,null,0,0,"ok!",null,0,0,0,0,0,0,0,0,0,0,0,0]
[{"$f":"+PO!B175","v":0},"GOLEIRA FUTEBOL DE CAMPO",{"$f":"+PO!L175","v":0},null,0,null,0,null,0,null,0,null,0,null,0,null,0,null,0,null,0,null,0,null,0,null,0,null,0,0,"ok!",null,0,0,0,0,0,0,0,0,0,0,0,0]
[{"$f":"+PO!B176","v":0},"POSTE DE VÔLEI",{"$f":"+PO!L176","v":0},null,0,null,0,null,0,null,0,null,0,null,0,null,0,null,0,null,0,null,0,null,0,null,0,null,0,0,"ok!",null,0,0,0,0,0,0,0,0,0,0,0,0]
[{"$f":"+PO!B177","v":0},"POSTE DE VÔLEI QUADRA DE AREIA",{"$f":"+PO!L177","v":0},null,0,null,0,null,0,null,0,null,0,null,0,null,0,null,0,null,0,null,0,null,0,null,0,null,0,0,"ok!",null,0,0,0,0,0,0,0,0,0,0,0,0]
[{"$f":"+PO!B178","v":0},"POSTE DE TÊNIS QUADRA DE AREIA",{"$f":"+PO!L178","v":0},null,{"$f":"D161*$C161","v":0},null,{"$f":"F161*$C161","v":0},null,{"$f":"H161*$C161","v":0},null,{"$f":"J161*$C161","v":0},null,{"$f":"L161*$C161","v":0},null,{"$f":"N161*$C161","v":0},null,{"$f":"P161*$C161","v":0},null,{"$f":"R161*$C161","v":0},null,{"$f":"T161*$C161","v":0},null,{"$f":"V161*$C161","v":0},null,{"$f":"X161*$C161","v":0},null,{"$f":"Z161*$C161","v":0},null,{"$f":"+D161+F161+H161+J161+L161+N161+P161+R161+T161+V161+X161+Z161","v":0},{"$f":"+E161+G161+I161+K161+M161+O161+Q161+S161+U161+W161+Y161+AA161","v":0},{"$f":"IF(C161=AD161,\"ok!\",\"incompleto\")","v":"ok!"},null,{"$f":"+E161","v":0},{"$f":"+G161","v":0},{"$f":"+I161","v":0},{"$f":"+K161","v":0},{"$f":"+M161","v":0},{"$f":"+O161","v":0},{"$f":"+Q161","v":0},{"$f":"+S161","v":0},{"$f":"+U161","v":0},{"$f":"+W161","v":0},{"$f":"+Y161","v":0},{"$f":"+AA161","v":0}]
[{"$f":"+PO!B179","v":0},"TABELA DE BASQUETE - PADRÃO SMAM",{"$f":"+PO!L179","v":0},null,0,null,0,null,0,null,0,null,0,null,0,null,0,null,0,null,0,null,0,null,0,null,0,null,0,0,"ok!",null,0,0,0,0,0,0,0,0,0,0,0,0]
[{"$f":"+PO!B180","v":0},"DEMARCAÇÃO QUADRA ESPORTIVA FUTSAL",{"$f":"+PO!L180","v":0},null,0,null,0,null,0,null,0,null,0,null,0,null,0,null,0,null,0,null,0,null,0,null,0,null,0,0,"ok!",null,0,0,0,0,0,0,0,0,0,0,0,0]
[{"$f":"+PO!B181","v":0},"DEMARCAÇÃO QUADRA ESPORTIVA BASQUETE E/OU VÔLEI",{"$f":"+PO!L181","v":0},null,{"$f":"D164*$C164","v":0},null,{"$f":"F164*$C164","v":0},null,{"$f":"H164*$C164","v":0},null,{"$f":"J164*$C164","v":0},null,{"$f":"L164*$C164","v":0},null,{"$f":"N164*$C164","v":0},null,{"$f":"P164*$C164","v":0},null,{"$f":"R164*$C164","v":0},null,{"$f":"T164*$C164","v":0},null,{"$f":"V164*$C164","v":0},null,{"$f":"X164*$C164","v":0},null,{"$f":"Z164*$C164","v":0},null,{"$f":"+D164+F164+H164+J164+L164+N164+P164+R164+T164+V164+X164+Z164","v":0},{"$f":"+E164+G164+I164+K164+M164+O164+Q164+S164+U164+W164+Y164+AA164","v":0},{"$f":"IF(C164=AD164,\"ok!\",\"incompleto\")","v":"ok!"},null,{"$f":"+E164","v":0},{"$f":"+G164","v":0},{"$f":"+I164","v":0},{"$f":"+K164","v":0},{"$f":"+M164","v":0},{"$f":"+O164","v":0},{"$f":"+Q164","v":0},{"$f":"+S164","v":0},{"$f":"+U164","v":0},{"$f":"+W164","v":0},{"$f":"+Y164","v":0},{"$f":"+AA164","v":0}]
[{"$f":"+PO!B182","v":0},"DRENO QUADRA DE AREIA",{"$f":"+PO!L182","v":0},null,0,null,0,null,0,null,0,null,0,null,0,null,0,null,0,null,0,null,0,null,0,null,0,null,0,0,"ok!",null,0,0,0,0,0,0,0,0,0,0,0,0]
[{"$f":"+PO!B184","v":6},"EQUIPAMENTOS/MOBILIÁRIO URBANO"]
[{"$f":"+PO!B185","v":"6.1"},"BANCO B (C/ ENCOSTO) - L=2,00 m - PADRÃO SMAM",{"$f":"+PO!L185","v":7578.68},null,{"$f":"D167*$C167","v":0},1,{"$f":"F167*$C167","v":7578.68},null,{"$f":"H167*$C167","v":0},null,{"$f":"J167*$C167","v":0},null,{"$f":"L167*$C167","v":0},null,{"$f":"N167*$C167","v":0},null,{"$f":"P167*$C167","v":0},null,{"$f":"R167*$C167","v":0},null,{"$f":"T167*$C167","v":0},null,{"$f":"V167*$C167","v":0},null,{"$f":"X167*$C167","v":0},null,{"$f":"Z167*$C167","v":0},null,{"$f":"+D167+F167+H167+J167+L167+N167+P167+R167+T167+V167+X167+Z167","v":1},{"$f":"+E167+G167+I167+K167+M167+O167+Q167+S167+U167+W167+Y167+AA167","v":7578.68},{"$f":"IF(C167=AD167,\"ok!\",\"incompleto\")","v":"ok!"},null,{"$f":"+E167","v":0},{"$f":"+G167","v":7578.68},{"$f":"+I167","v":0},{"$f":"+K167","v":0},{"$f":"+M167","v":0},{"$f":"+O167","v":0},{"$f":"+Q167","v":0},{"$f":"+S167","v":0},{"$f":"+U167","v":0},{"$f":"+W167","v":0},{"$f":"+Y167","v":0},{"$f":"+AA167","v":0}]
[{"$f":"+PO!B186","v":0},"BANCO A (S/ ENCOSTO) - L=1,80 m - PADRÃO SMAM",{"$f":"+PO!L186","v":0},null,0,null,0,null,0,null,0,null,0,null,0,null,0,null,0,null,0,null,0,null,0,null,0,null,0,0,"ok!",null,0,0,0,0,0,0,0,0,0,0,0,0]
[{"$f":"+PO!B187","v":0},"BANCO D (S/ ENCOSTO) - L=2,00 m - PADRÃO SMAM",{"$f":"+PO!L187","v":0},null,0,null,0,null,0,null,0,null,0,null,0,null,0,null,0,null,0,null,0,null,0,null,0,null,0,0,"ok!",null,0,0,0,0,0,0,0,0,0,0,0,0]
[{"$f":"+PO!B188","v":0},"PARACICLO",{"$f":"+PO!L188","v":0},null,0,null,0,null,0,null,0,null,0,null,0,null,0,null,0,null,0,null,0,null,0,null,0,null,0,0,"ok!",null,0,0,0,0,0,0,0,0,0,0,0,0]
[{"$f":"+PO!B189","v":0},"CAIXA DE AREIA - PADRÃO SMAM",{"$f":"+PO!L189","v":0},null,0,null,0,null,0,null,0,null,0,null,0,null,0,null,0,null,0,null,0,null,0,null,0,null,0,0,"ok!",null,0,0,0,0,0,0,0,0,0,0,0,0]
[{"$f":"+PO!B190","v":0},"CANCHA DE BOCHA - PADRÃO SMAM",{"$f":"+PO!L190","v":0},null,0,null,0,null,0,null,0,null,0,null,0,null,0,null,0,null,0,null,0,null,0,null,0,null,0,0,"ok!",null,0,0,0,0,0,0,0,0,0,0,0,0]
[{"$f":"+PO!B191","v":0},"COBERTURA P/ CANCHA DE BOCHA",{"$f":"+PO!L191","v":0},null,0,null,0,null,0,null,0,null,0,null,0,null,0,null,0,null,0,null,0,null,0,null,0,null,0,0,"ok!",null,0,0,0,0,0,0,0,0,0,0,0,0]
[{"$f":"+PO!B192","v":0},"CHURRASQUEIRA C/PISO DE CONCRETO - PADRÃO SMAM",{"$f":"+PO!L192","v":0},null,0,null,0,null,0,null,0,null,0,null,0,null,0,null,0,null,0,null,0,null,0,null,0,null,0,0,"ok!",null,0,0,0,0,0,0,0,0,0,0,0,0]
[{"$f":"+PO!B193","v":0},"CHURRASQUEIRA - PADRÃO SMAM",{"$f":"+PO!L193","v":0},null,0,null,0,null,0,null,0,null,0,null,0,null,0,null,0,null,0,null,0,null,0,null,0,null,0,0,"ok!",null,0,0,0,0,0,0,0,0,0,0,0,0]
[{"$f":"+PO!B194","v":0},"MESA E BANCOS DE CONCRETO P/ CHURRASQUEIRA - PADRÃO SMAM",{"$f":"+PO!L194","v":0},null,0,null,0,null,0,null,0,null,0,null,0,null,0,null,0,null,0,null,0,null,0,null,0,null,0,0,"ok!",null,0,0,0,0,0,0,0,0,0,0,0,0]
[{"$f":"+PO!B195","v":0},"COBERTURA P/ CHURRASQUEIRA - PADRÃO SMAM",{"$f":"+PO!L195","v":0},null,0,null,0,null,0,null,0,null,0,null,0,null,0,null,0,null,0,null,0,null,0,null,0,null,0,0,"ok!",null,0,0,0,0,0,0,0,0,0,0,0,0]
[{"$f":"+PO!B196","v":0},"BEBEDOURO C/ VÁLVULA ANTI-VANDALISMO - PADRÃO SMAM",{"$f":"+PO!L196","v":0},null,0,null,0,null,0,null,0,null,0,null,0,null,0,null,0,null,0,null,0,null,0,null,0,null,0,0,"ok!",null,0,0,0,0,0,0,0,0,0,0,0,0]
[{"$f":"+PO!B197","v":0},"FRADINHO CONCRETO BASE CIRCULAR - PADRÃO SMAM",{"$f":"+PO!L197","v":0},null,0,null,0,null,0,null,0,null,0,null,0,null,0,null,0,null,0,null,0,null,0,null,0,null,0,0,"ok!",null,0,0,0,0,0,0,0,0,0,0,0,0]
[{"$f":"+PO!B198","v":0},"FRADINHO CONCRETO BASE OCTOGONAL - PADRÃO SMAM",{"$f":"+PO!L198","v":0},null,0,null,0,null,0,null,0,null,0,null,0,null,0,null,0,null,0,null,0,null,0,null,0,null,0,0,"ok!",null,0,0,0,0,0,0,0,0,0,0,0,0]
[{"$f":"+PO!B199","v":0},"FRADINHO EM FERRO FUNDIDO",{"$f":"+PO!L199","v":0},null,0,null,0,null,0,null,0,null,0,null,0,null,0,null,0,null,0,null,0,null,0,null,0,null,0,0,"ok!",null,0,0,0,0,0,0,0,0,0,0,0,0]
[{"$f":"+PO!B200","v":0},"MESA DE DAMAS - PADRÃO SMAM",{"$f":"+PO!L200","v":0},null,0,null,0,null,0,null,0,null,0,null,0,null,0,null,0,null,0,null,0,null,0,null,0,null,0,0,"ok!",null,0,0,0,0,0,0,0,0,0,0,0,0]
[{"$f":"+PO!B201","v":0},"LIXEIRA METÁLICA",{"$f":"+PO!L201","v":0},null,0,null,0,null,0,null,0,null,0,null,0,null,0,null,0,null,0,null,0,null,0,null,0,null,0,0,"ok!",null,0,0,0,0,0,0,0,0,0,0,0,0]
[{"$f":"+PO!B202","v":0},"PISTA DE PATINAÇÃO",{"$f":"+PO!L202","v":0},null,0,null,0,null,0,null,0,null,0,null,0,null,0,null,0,null,0,null,0,null,0,null,0,null,0,0,"ok!",null,0,0,0,0,0,0,0,0,0,0,0,0]
[{"$f":"+PO!B203","v":"6.2"},"TELAMENTO CACHORRÓDROMO",{"$f":"+PO!L203","v":57852.51},0.7,40496.756999999998,0.3,17355.753000000001,null,0,null,0,null,0,null,0,null,0,null,0,null,0,null,0,null,0,null,0,null,1,57852.509999999995,"ok!",null,{"$f":"+E185","v":40496.756999999998},{"$f":"+G185","v":17355.753000000001},{"$f":"+I185","v":0},{"$f":"+K185","v":0},{"$f":"+M185","v":0},{"$f":"+O185","v":0},{"$f":"+Q185","v":0},{"$f":"+S185","v":0},{"$f":"+U185","v":0},{"$f":"+W185","v":0},{"$f":"+Y185","v":0},{"$f":"+AA185","v":0}]
[{"$f":"+PO!B204","v":"6.3"},"PORTÃO DE ACESSO CACHORRÓDROMO",{"$f":"+PO!L204","v":2068.48},null,{"$f":"D186*$C186","v":0},1,{"$f":"F186*$C186","v":2068.48},null,{"$f":"H186*$C186","v":0},null,{"$f":"J186*$C186","v":0},null,{"$f":"L186*$C186","v":0},null,{"$f":"N186*$C186","v":0},null,{"$f":"P186*$C186","v":0},null,{"$f":"R186*$C186","v":0},null,{"$f":"T186*$C186","v":0},null,{"$f":"V186*$C186","v":0},null,{"$f":"X186*$C186","v":0},null,{"$f":"Z186*$C186","v":0},null,{"$f":"+D186+F186+H186+J186+L186+N186+P186+R186+T186+V186+X186+Z186","v":1},2068.48,{"$f":"IF(C186=AD186,\"ok!\",\"incompleto\")","v":"ok!"},null,{"$f":"+E186","v":0},{"$f":"+G186","v":2068.48},{"$f":"+I186","v":0},{"$f":"+K186","v":0},{"$f":"+M186","v":0},{"$f":"+O186","v":0},{"$f":"+Q186","v":0},{"$f":"+S186","v":0},{"$f":"+U186","v":0},{"$f":"+W186","v":0},{"$f":"+Y186","v":0},{"$f":"+AA186","v":0}]
[{"$f":"+PO!B205","v":"6.4"},"PORTÃO DE ACESSO DE SERVIÇO CACHORRÓDROMO",{"$f":"+PO!L205","v":2317.08},null,{"$f":"D187*$C187","v":0},1,{"$f":"F187*$C187","v":2317.08},null,{"$f":"H187*$C187","v":0},null,{"$f":"J187*$C187","v":0},null,{"$f":"L187*$C187","v":0},null,{"$f":"N187*$C187","v":0},null,{"$f":"P187*$C187","v":0},null,{"$f":"R187*$C187","v":0},null,{"$f":"T187*$C187","v":0},null,{"$f":"V187*$C187","v":0},null,{"$f":"X187*$C187","v":0},null,{"$f":"Z187*$C187","v":0},null,{"$f":"+D187+F187+H187+J187+L187+N187+P187+R187+T187+V187+X187+Z187","v":1},2317.08,{"$f":"IF(C187=AD187,\"ok!\",\"incompleto\")","v":"ok!"},null,{"$f":"+E187","v":0},{"$f":"+G187","v":2317.08},{"$f":"+I187","v":0},{"$f":"+K187","v":0},{"$f":"+M187","v":0},{"$f":"+O187","v":0},{"$f":"+Q187","v":0},{"$f":"+S187","v":0},{"$f":"+U187","v":0},{"$f":"+W187","v":0},{"$f":"+Y187","v":0},{"$f":"+AA187","v":0}]
[{"$f":"+PO!B206","v":0},"GUARDA-CORPO PARA RECANTO INFANTIL",{"$f":"+PO!L206","v":0},null,0,null,0,null,0,null,0,null,0,null,0,null,0,null,0,null,0,null,0,null,0,null,0,null,0,0,"ok!",null,0,0,0,0,0,0,0,0,0,0,0,0]
[{"$f":"+PO!B207","v":0},"GRADIL DE FERRO",{"$f":"+PO!L207","v":0},null,0,null,0,null,0,null,0,null,0,null,0,null,0,null,0,null,0,null,0,null,0,null,0,null,0,0,"ok!",null,{"$f":"+E189","v":0},{"$f":"+G189","v":0},{"$f":"+I189","v":0},{"$f":"+K189","v":0},{"$f":"+M189","v":0},{"$f":"+O189","v":0},{"$f":"+Q189","v":0},{"$f":"+S189","v":0},{"$f":"+U189","v":0},{"$f":"+W189","v":0},{"$f":"+Y189","v":0},{"$f":"+AA189","v":0}]
[{"$f":"+PO!B208","v":0},"CERCAMENTO COM MOURÃO DE CONCRETO S/VIGA DE FUNDAÇÃO",{"$f":"+PO!L208","v":0},null,0,null,0,null,0,null,0,null,0,null,0,null,0,null,0,null,0,null,0,null,0,null,0,null,0,0,"ok!",null,0,0,0,0,0,0,0,0,0,0,0,0]
[{"$f":"+PO!B209","v":0},"CERCAMENTO COM MOURÃO DE CONCRETO C/VIGA DE FUNDAÇÃO",{"$f":"+PO!L209","v":0},null,0,null,0,null,0,null,0,null,0,null,0,null,0,null,0,null,0,null,0,null,0,null,0,null,0,0,"ok!",null,0,0,0,0,0,0,0,0,0,0,0,0]
[{"$f":"+PO!B210","v":0},"FUNDAÇÃO PEDRA DE GRANITO",{"$f":"+PO!L210","v":0},null,{"$f":"D192*$C192","v":0},null,{"$f":"F192*$C192","v":0},null,{"$f":"H192*$C192","v":0},null,{"$f":"J192*$C192","v":0},null,{"$f":"L192*$C192","v":0},null,{"$f":"N192*$C192","v":0},null,{"$f":"P192*$C192","v":0},null,{"$f":"R192*$C192","v":0},null,{"$f":"T192*$C192","v":0},null,{"$f":"V192*$C192","v":0},null,{"$f":"X192*$C192","v":0},null,{"$f":"Z192*$C192","v":0},null,0,{"$f":"+E192+G192+I192+K192+M192+O192+Q192+S192+U192+W192+Y192+AA192","v":0},{"$f":"IF(C192=AD192,\"ok!\",\"incompleto\")","v":"ok!"},null,{"$f":"+E192","v":0},{"$f":"+G192","v":0},{"$f":"+I192","v":0},{"$f":"+K192","v":0},{"$f":"+M192","v":0},{"$f":"+O192","v":0},{"$f":"+Q192","v":0},{"$f":"+S192","v":0},{"$f":"+U192","v":0},{"$f":"+W192","v":0},{"$f":"+Y192","v":0},{"$f":"+AA192","v":0}]
[{"$f":"+PO!B211","v":0},"ALVENARIA GRANITO S/FUNDAÇÃO",{"$f":"+PO!L211","v":0},null,0,null,0,null,0,null,0,null,0,null,0,null,0,null,0,null,0,null,0,null,0,null,0,null,0,0,"ok!",null,0,0,0,0,0,0,0,0,0,0,0,0]
[{"$f":"+PO!B212","v":0},"PLACA DE IDENTIFICAÇÃO DE PRAÇA",{"$f":"+PO!L212","v":0},null,0,null,0,null,0,null,0,null,0,null,0,null,0,null,0,null,0,null,0,null,0,null,0,null,0,0,"ok!",null,0,0,0,0,0,0,0,0,0,0,0,0]
[{"$f":"+PO!B214","v":12},"BRINQUEDOS"]
[{"$f":"+PO!B215","v":"12.1"},"ESTRUTURA 1 - FERRO GALVANIZADO - \"S\"",{"$f":"+PO!L215","v":0},null,{"$f":"D196*$C196","v":0},null,{"$f":"F196*$C196","v":0},null,{"$f":"H196*$C196","v":0},null,{"$f":"J196*$C196","v":0},null,{"$f":"L196*$C196","v":0},null,{"$f":"N196*$C196","v":0},null,{"$f":"P196*$C196","v":0},null,{"$f":"R196*$C196","v":0},null,{"$f":"T196*$C196","v":0},null,{"$f":"V196*$C196","v":0},null,{"$f":"X196*$C196","v":0},null,{"$f":"Z196*$C196","v":0},null,{"$f":"+D196+F196+H196+J196+L196+N196+P196+R196+T196+V196+X196+Z196","v":0},{"$f":"+E196+G196+I196+K196+M196+O196+Q196+S196+U196+W196+Y196+AA196","v":0},{"$f":"IF(C196=AD196,\"ok!\",\"incompleto\")","v":"ok!"},null,{"$f":"+E196","v":0},{"$f":"+G196","v":0},{"$f":"+I196","v":0},{"$f":"+K196","v":0},{"$f":"+M196","v":0},{"$f":"+O196","v":0},{"$f":"+Q196","v":0},{"$f":"+S196","v":0},{"$f":"+U196","v":0},{"$f":"+W196","v":0},{"$f":"+Y196","v":0},{"$f":"+AA196","v":0}]
[{"$f":"+PO!B216","v":"12.2"},"ESTRUTURA 2 - FERRO GALVANIZADO",{"$f":"+PO!L216","v":0},null,{"$f":"D197*$C197","v":0},null,{"$f":"F197*$C197","v":0},null,{"$f":"H197*$C197","v":0},null,{"$f":"J197*$C197","v":0},null,{"$f":"L197*$C197","v":0},null,{"$f":"N197*$C197","v":0},null,{"$f":"P197*$C197","v":0},null,{"$f":"R197*$C197","v":0},null,{"$f":"T197*$C197","v":0},null,{"$f":"V197*$C197","v":0},null,{"$f":"X197*$C197","v":0},null,{"$f":"Z197*$C197","v":0},null,0,0,"ok!",null,0,0,0,0,0,0,0,0,0,0,0,0]
[{"$f":"+PO!B217","v":"12.3"},"ESTRUTURA 3 - FERRO GALVANIZADO",{"$f":"+PO!L217","v":0},null,0,null,0,null,0,null,0,null,0,null,0,null,0,null,0,null,0,null,0,null,0,null,0,null,0,0,"ok!",null,0,0,0,0,0,0,0,0,0,0,0,0]
[{"$f":"+PO!B218","v":"12.4"},"ESTRUTURA 4 - FERRO GALVANIZADO - GAIOLA",{"$f":"+PO!L218","v":0},null,0,null,0,null,0,null,0,null,0,null,0,null,0,null,0,null,0,null,0,null,0,null,0,null,0,0,"ok!",null,0,0,0,0,0,0,0,0,0,0,0,0]
[{"$f":"+PO!B219","v":"12.5"},"ESTRUTURA 5 - FERRO GALVANIZADO - ARCO",{"$f":"+PO!L219","v":0},null,0,null,0,null,0,null,0,null,0,null,0,null,0,null,0,null,0,null,0,null,0,null,0,null,0,0,"ok!",null,0,0,0,0,0,0,0,0,0,0,0,0]
[{"$f":"+PO!B220","v":"12.6"},"ESTRUTURA 6 - FERRO GALVANIZADO - TÚNEL DE FERRO",{"$f":"+PO!L220","v":0},null,0,null,0,null,0,null,0,null,0,null,0,null,0,null,0,null,0,null,0,null,0,null,0,null,0,0,"ok!",null,0,0,0,0,0,0,0,0,0,0,0,0]
[{"$f":"+PO!B221","v":"12.7"},"ESTRUTURA 7 - FERRO GALVANIZADO - \"Y\"",{"$f":"+PO!L221","v":0},null,0,null,0,null,0,null,0,null,0,null,0,null,0,null,0,null,0,null,0,null,0,null,0,null,0,0,"ok!",null,0,0,0,0,0,0,0,0,0,0,0,0]
[{"$f":"+PO!B222","v":"12.8"},"ESTRUTURA 8 - FERRO GALVANIZADO - AVIÃO",{"$f":"+PO!L222","v":0},null,0,null,0,null,0,null,0,null,0,null,0,null,0,null,0,null,0,null,0,null,0,null,0,null,0,0,"ok!",null,0,0,0,0,0,0,0,0,0,0,0,0]
[{"$f":"+PO!B223","v":"12.9"},"ESTRUTURA 9 - FERRO GALVANIZADO",{"$f":"+PO!L223","v":0},null,0,null,0,null,0,null,0,null,0,null,0,null,0,null,0,null,0,null,0,null,0,null,0,null,0,0,"ok!",null,0,0,0,0,0,0,0,0,0,0,0,0]
[{"$f":"+PO!B224","v":"12.10"},"GANGORRA DUPLA",{"$f":"+PO!L224","v":0},null,0,null,0,null,0,null,0,null,0,null,0,null,0,null,0,null,0,null,0,null,0,null,0,null,0,0,"ok!",null,0,0,0,0,0,0,0,0,0,0,0,0]
[{"$f":"+PO!B225","v":"12.11"},"GANGORRA TRIPLA",{"$f":"+PO!L225","v":0},null,0,null,0,null,0,null,0,null,0,null,0,null,0,null,0,null,0,null,0,null,0,null,0,null,0,0,"ok!",null,0,0,0,0,0,0,0,0,0,0,0,0]
[{"$f":"+PO!B226","v":"12.12"},"BARRA-BALANÇO",{"$f":"+PO!L226","v":0},null,0,null,0,null,0,null,0,null,0,null,0,null,0,null,0,null,0,null,0,null,0,null,0,null,0,0,"ok!",null,0,0,0,0,0,0,0,0,0,0,0,0]
[{"$f":"+PO!B227","v":"12.13"},"BALANÇO MISTO",{"$f":"+PO!L227","v":0},null,0,null,0,null,0,null,0,null,0,null,0,null,0,null,0,null,0,null,0,null,0,null,0,null,0,0,"ok!",null,0,0,0,0,0,0,0,0,0,0,0,0]
[{"$f":"+PO!B228","v":"12.14"},"BALANÇO JUVENIL",{"$f":"+PO!L228","v":0},null,0,null,0,null,0,null,0,null,0,null,0,null,0,null,0,null,0,null,0,null,0,null,0,null,0,0,"ok!",null,0,0,0,0,0,0,0,0,0,0,0,0]
[{"$f":"+PO!B229","v":"12.15"},"BALANÇO INFANTIL",{"$f":"+PO!L229","v":0},null,0,null,0,null,0,null,0,null,0,null,0,null,0,null,0,null,0,null,0,null,0,null,0,null,0,0,"ok!",null,0,0,0,0,0,0,0,0,0,0,0,0]
[{"$f":"+PO!B230","v":"12.16"},"ESCORREGADOR",{"$f":"+PO!L230","v":0},null,0,null,0,null,0,null,0,null,0,null,0,null,0,null,0,null,0,null,0,null,0,null,0,null,0,0,"ok!",null,0,0,0,0,0,0,0,0,0,0,0,0]
[{"$f":"+PO!B232","v":13},"APARELHOS DE GINÁSTICA"]
[{"$f":"+PO!B233","v":"13.1"},"BARRA ALONGAMENTO - 2 ALTURAS",{"$f":"+PO!L233","v":0},null,{"$f":"D213*$C213","v":0},null,{"$f":"F213*$C213","v":0},null,{"$f":"H213*$C213","v":0},null,{"$f":"J213*$C213","v":0},null,{"$f":"L213*$C213","v":0},null,{"$f":"N213*$C213","v":0},null,{"$f":"P213*$C213","v":0},null,{"$f":"R213*$C213","v":0},null,{"$f":"T213*$C213","v":0},null,{"$f":"V213*$C213","v":0},null,{"$f":"X213*$C213","v":0},null,{"$f":"Z213*$C213","v":0},null,{"$f":"+D213+F213+H213+J213+L213+N213+P213+R213+T213+V213+X213+Z213","v":0},{"$f":"+E213+G213+I213+K213+M213+O213+Q213+S213+U213+W213+Y213+AA213","v":0},{"$f":"IF(C213=AD213,\"ok!\",\"incompleto\")","v":"ok!"},null,{"$f":"+E213","v":0},{"$f":"+G213","v":0},{"$f":"+I213","v":0},{"$f":"+K213","v":0},{"$f":"+M213","v":0},{"$f":"+O213","v":0},{"$f":"+Q213","v":0},{"$f":"+S213","v":0},{"$f":"+U213","v":0},{"$f":"+W213","v":0},{"$f":"+Y213","v":0},{"$f":"+AA213","v":0}]
[{"$f":"+PO!B234","v":"13.2"},"BARRAS PARALELAS",{"$f":"+PO!L234","v":0},null,0,null,0,null,0,null,0,null,0,null,0,null,0,null,0,null,0,null,0,null,0,null,0,null,0,0,"ok!",null,0,0,0,0,0,0,0,0,0,0,0,0]
[{"$f":"+PO!B235","v":"13.3"},"APOIO P/ MEMBROS SUPERIORES",{"$f":"+PO!L235","v":0},null,0,null,0,null,0,null,0,null,0,null,0,null,0,null,0,null,0,null,0,null,0,null,0,null,0,0,"ok!",null,0,0,0,0,0,0,0,0,0,0,0,0]
[{"$f":"+PO!B236","v":"13.4"},"BARRA P/ ALONGAMENTO",{"$f":"+PO!L236","v":0},null,0,null,0,null,0,null,0,null,0,null,0,null,0,null,0,null,0,null,0,null,0,null,0,null,0,0,"ok!",null,0,0,0,0,0,0,0,0,0,0,0,0]
[{"$f":"+PO!B237","v":"13.5"},"BARRA HORIZONTAL - 4 MÓDULOS",{"$f":"+PO!L237","v":0},null,0,null,0,null,0,null,0,null,0,null,0,null,0,null,0,null,0,null,0,null,0,null,0,null,0,0,"ok!",null,0,0,0,0,0,0,0,0,0,0,0,0]
[{"$f":"+PO!B238","v":"13.6"},"BARRA HORIZONTAL - 3 MÓDULOS",{"$f":"+PO!L238","v":0},null,0,null,0,null,0,null,0,null,0,null,0,null,0,null,0,null,0,null,0,null,0,null,0,null,0,0,"ok!",null,0,0,0,0,0,0,0,0,0,0,0,0]
[{"$f":"+PO!B239","v":"13.7"},"BARRA HORIZONTAL - 1 MÓDULO",{"$f":"+PO!L239","v":0},null,0,null,0,null,0,null,0,null,0,null,0,null,0,null,0,null,0,null,0,null,0,null,0,null,0,0,"ok!",null,0,0,0,0,0,0,0,0,0,0,0,0]
[{"$f":"+PO!B240","v":"13.8"},"ESPALDAR",{"$f":"+PO!L240","v":0},null,0,null,0,null,0,null,0,null,0,null,0,null,0,null,0,null,0,null,0,null,0,null,0,null,0,0,"ok!",null,0,0,0,0,0,0,0,0,0,0,0,0]
[{"$f":"+PO!B241","v":"13.9"},"PRANCHA DE ABDOMINAIS",{"$f":"+PO!L241","v":0},null,0,null,0,null,0,null,0,null,0,null,0,null,0,null,0,null,0,null,0,null,0,null,0,null,0,0,"ok!",null,0,0,0,0,0,0,0,0,0,0,0,0]
[{"$f":"+PO!B243","v":14},"ACADEMIA 3ª IDADE"]
[{"$f":"+PO!B244","v":"14.1"},"PLACA ORIENTATIVA",{"$f":"+PO!L244","v":0},null,{"$f":"D223*$C223","v":0},null,{"$f":"F223*$C223","v":0},null,{"$f":"H223*$C223","v":0},null,{"$f":"J223*$C223","v":0},null,{"$f":"L223*$C223","v":0},null,{"$f":"N223*$C223","v":0},null,{"$f":"P223*$C223","v":0},null,{"$f":"R223*$C223","v":0},null,{"$f":"T223*$C223","v":0},null,{"$f":"V223*$C223","v":0},null,{"$f":"X223*$C223","v":0},null,{"$f":"Z223*$C223","v":0},null,{"$f":"+D223+F223+H223+J223+L223+N223+P223+R223+T223+V223+X223+Z223","v":0},{"$f":"+E223+G223+I223+K223+M223+O223+Q223+S223+U223+W223+Y223+AA223","v":0},{"$f":"IF(C223=AD223,\"ok!\",\"incompleto\")","v":"ok!"},null,{"$f":"+E223","v":0},{"$f":"+G223","v":0},{"$f":"+I223","v":0},{"$f":"+K223","v":0},{"$f":"+M223","v":0},{"$f":"+O223","v":0},{"$f":"+Q223","v":0},{"$f":"+S223","v":0},{"$f":"+U223","v":0},{"$f":"+W223","v":0},{"$f":"+Y223","v":0},{"$f":"+AA223","v":0}]
[{"$f":"+PO!B245","v":"14.2"},"JOGO DE BARRAS",{"$f":"+PO!L245","v":0},null,0,null,0,null,0,null,0,null,0,null,0,null,0,null,0,null,0,null,0,null,0,null,0,null,0,0,"ok!",null,0,0,0,0,0,0,0,0,0,0,0,0]
[{"$f":"+PO!B246","v":"14.3"},"SIMULADOR DE CAMINHADA TRIPLO CONJUGADO",{"$f":"+PO!L246","v":0},null,0,null,0,null,0,null,0,null,0,null,0,null,0,null,0,null,0,null,0,null,0,null,0,null,0,0,"ok!",null,0,0,0,0,0,0,0,0,0,0,0,0]
[{"$f":"+PO!B247","v":"14.4"},"ESQUI TRIPLO CONJUGADO",{"$f":"+PO!L247","v":0},null,0,null,0,null,0,null,0,null,0,null,0,null,0,null,0,null,0,null,0,null,0,null,0,null,0,0,"ok!",null,0,0,0,0,0,0,0,0,0,0,0,0]
[{"$f":"+PO!B248","v":"14.5"},"ADUÇÃO E ABDUÇÃO DE PERNAS DUPLO",{"$f":"+PO!L248","v":0},null,0,null,0,null,0,null,0,null,0,null,0,null,0,null,0,null,0,null,0,null,0,null,0,null,0,0,"ok!",null,0,0,0,0,0,0,0,0,0,0,0,0]
[{"$f":"+PO!B249","v":"14.6"},"PRESSÃO DE PERNAS TRIPLO CONJUGADO",{"$f":"+PO!L249","v":0},null,0,null,0,null,0,null,0,null,0,null,0,null,0,null,0,null,0,null,0,null,0,null,0,null,0,0,"ok!",null,0,0,0,0,0,0,0,0,0,0,0,0]
[{"$f":"+PO!B250","v":"14.7"},"MULTIEXERCITADOR CONJUGADO 6 FUNÇÕES",{"$f":"+PO!L250","v":0},null,0,null,0,null,0,null,0,null,0,null,0,null,0,null,0,null,0,null,0,null,0,null,0,null,0,0,"ok!",null,0,0,0,0,0,0,0,0,0,0,0,0]
[{"$f":"+PO!B251","v":"14.8"},"SIMULADOR DE REMO",{"$f":"+PO!L251","v":0},null,0,null,0,null,0,null,0,null,0,null,0,null,0,null,0,null,0,null,0,null,0,null,0,null,0,0,"ok!",null,0,0,0,0,0,0,0,0,0,0,0,0]
[{"$f":"+PO!B252","v":"14.9"},"PUXADOR DUPLO",{"$f":"+PO!L252","v":0},null,0,null,0,null,0,null,0,null,0,null,0,null,0,null,0,null,0,null,0,null,0,null,0,null,0,0,"ok!",null,0,0,0,0,0,0,0,0,0,0,0,0]
[{"$f":"+PO!B253","v":"14.10"},"PEITORAL DUPLO",{"$f":"+PO!L253","v":0},null,0,null,0,null,0,null,0,null,0,null,0,null,0,null,0,null,0,null,0,null,0,null,0,null,0,0,"ok!",null,0,0,0,0,0,0,0,0,0,0,0,0]
[{"$f":"+PO!B254","v":"14.11"},"ABDOMINAL",{"$f":"+PO!L254","v":0},null,0,null,0,null,0,null,0,null,0,null,0,null,0,null,0,null,0,null,0,null,0,null,0,null,0,0,"ok!",null,0,0,0,0,0,0,0,0,0,0,0,0]
[{"$f":"+PO!B255","v":"14.12"},"REMADA",{"$f":"+PO!L255","v":0},null,0,null,0,null,0,null,0,null,0,null,0,null,0,null,0,null,0,null,0,null,0,null,0,null,0,0,"ok!",null,0,0,0,0,0,0,0,0,0,0,0,0]
[{"$f":"+PO!B256","v":"14.13"},"VOADOR PEITORAL E VOADOR DORSAL",{"$f":"+PO!L256","v":0},null,0,null,0,null,0,null,0,null,0,null,0,null,0,null,0,null,0,null,0,null,0,null,0,null,0,0,"ok!",null,0,0,0,0,0,0,0,0,0,0,0,0]
[{"$f":"+PO!B258","v":15},"REPINTURAS"]
[{"$f":"+PO!B259","v":"15.1"},"REPINTURA TUBOS VERTICAIS QUADRAS ESPORTIVAS",{"$f":"+PO!L259","v":0},null,{"$f":"D237*$C237","v":0},null,{"$f":"F237*$C237","v":0},null,{"$f":"H237*$C237","v":0},null,{"$f":"J237*$C237","v":0},null,{"$f":"L237*$C237","v":0},null,{"$f":"N237*$C237","v":0},null,{"$f":"P237*$C237","v":0},null,{"$f":"R237*$C237","v":0},null,{"$f":"T237*$C237","v":0},null,{"$f":"V237*$C237","v":0},null,{"$f":"X237*$C237","v":0},null,{"$f":"Z237*$C237","v":0},null,{"$f":"+D237+F237+H237+J237+L237+N237+P237+R237+T237+V237+X237+Z237","v":0},{"$f":"+E237+G237+I237+K237+M237+O237+Q237+S237+U237+W237+Y237+AA237","v":0},{"$f":"IF(C237=AD237,\"ok!\",\"incompleto\")","v":"ok!"},null,{"$f":"+E237","v":0},{"$f":"+G237","v":0},{"$f":"+I237","v":0},{"$f":"+K237","v":0},{"$f":"+M237","v":0},{"$f":"+O237","v":0},{"$f":"+Q237","v":0},{"$f":"+S237","v":0},{"$f":"+U237","v":0},{"$f":"+W237","v":0},{"$f":"+Y237","v":0},{"$f":"+AA237","v":0}]
[{"$f":"+PO!B260","v":"15.2"},"REPINTURA TUBOS HORIZONTAIS QUADRAS ESPORTIVAS",{"$f":"+PO!L260","v":0},null,{"$f":"D238*$C238","v":0},null,{"$f":"F238*$C238","v":0},null,{"$f":"H238*$C238","v":0},null,{"$f":"J238*$C238","v":0},null,{"$f":"L238*$C238","v":0},null,{"$f":"N238*$C238","v":0},null,{"$f":"P238*$C238","v":0},null,{"$f":"R238*$C238","v":0},null,{"$f":"T238*$C238","v":0},null,{"$f":"V238*$C238","v":0},null,{"$f":"X238*$C238","v":0},null,{"$f":"Z238*$C238","v":0},null,0,0,"ok!",null,0,0,0,0,0,0,0,0,0,0,0,0]
[{"$f":"+PO!B261","v":"15.3"},"REPINTURA GOLEIRA FUTEBOL DE SALÃO",{"$f":"+PO!L261","v":0},null,0,null,0,null,0,null,0,null,0,null,0,null,0,null,0,null,0,null,0,null,0,null,0,null,0,0,"ok!",null,0,0,0,0,0,0,0,0,0,0,0,0]
[{"$f":"+PO!B262","v":"15.4"},"REPINTURA POSTE DE VÔLEI",{"$f":"+PO!L262","v":0},null,0,null,0,null,0,null,0,null,0,null,0,null,0,null,0,null,0,null,0,null,0,null,0,null,0,0,"ok!",null,0,0,0,0,0,0,0,0,0,0,0,0]
[{"$f":"+PO!B263","v":"15.5"},"REPINTURA BANCO \"B\" C/ENCOSTO",{"$f":"+PO!L263","v":0},null,0,null,0,null,0,null,0,null,0,null,0,null,0,null,0,null,0,null,0,null,0,null,0,null,0,0,"ok!",null,0,0,0,0,0,0,0,0,0,0,0,0]
[{"$f":"+PO!B264","v":"15.6"},"REPINTURA BANCO \"A\" S/ENCOSTO",{"$f":"+PO!L264","v":0},null,0,null,0,null,0,null,0,null,0,null,0,null,0,null,0,null,0,null,0,null,0,null,0,null,0,0,"ok!",null,0,0,0,0,0,0,0,0,0,0,0,0]
[{"$f":"+PO!B265","v":"15.7"},"REPINTURA BANCO \"D\" S/ENCOSTO",{"$f":"+PO!L265","v":0},null,{"$f":"D243*$C243","v":0},null,{"$f":"F243*$C243","v":0},null,{"$f":"H243*$C243","v":0},null,{"$f":"J243*$C243","v":0},null,{"$f":"L243*$C243","v":0},null,{"$f":"N243*$C243","v":0},null,{"$f":"P243*$C243","v":0},null,{"$f":"R243*$C243","v":0},null,{"$f":"T243*$C243","v":0},null,{"$f":"V243*$C243","v":0},null,{"$f":"X243*$C243","v":0},null,{"$f":"Z243*$C243","v":0},null,{"$f":"+D243+F243+H243+J243+L243+N243+P243+R243+T243+V243+X243+Z243","v":0},{"$f":"+E243+G243+I243+K243+M243+O243+Q243+S243+U243+W243+Y243+AA243","v":0},{"$f":"IF(C243=AD243,\"ok!\",\"incompleto\")","v":"ok!"},null,{"$f":"+E243","v":0},{"$f":"+G243","v":0},{"$f":"+I243","v":0},{"$f":"+K243","v":0},{"$f":"+M243","v":0},{"$f":"+O243","v":0},{"$f":"+Q243","v":0},{"$f":"+S243","v":0},{"$f":"+U243","v":0},{"$f":"+W243","v":0},{"$f":"+Y243","v":0},{"$f":"+AA243","v":0}]
[{"$f":"+PO!B266","v":"15.8"},"REPINTURA PARACICLO",{"$f":"+PO!L266","v":0},null,0,null,0,null,0,null,0,null,0,null,0,null,0,null,0,null,0,null,0,null,0,null,0,null,0,0,"ok!",null,0,0,0,0,0,0,0,0,0,0,0,0]
[{"$f":"+PO!B267","v":"15.9"},"REPINTURA ESTRUTURA 1 - \"S\"",{"$f":"+PO!L267","v":0},null,0,null,0,null,0,null,0,null,0,null,0,null,0,null,0,null,0,null,0,null,0,null,0,null,0,0,"ok!",null,0,0,0,0,0,0,0,0,0,0,0,0]
[{"$f":"+PO!B268","v":"15.10"},"REPINTURA ESTRUTURA 2",{"$f":"+PO!L268","v":0},null,0,null,0,null,0,null,0,null,0,null,0,null,0,null,0,null,0,null,0,null,0,null,0,null,0,0,"ok!",null,0,0,0,0,0,0,0,0,0,0,0,0]
[{"$f":"+PO!B269","v":"15.11"},"REPINTURA ESTRUTURA 3",{"$f":"+PO!L269","v":0},null,0,null,0,null,0,null,0,null,0,null,0,null,0,null,0,null,0,null,0,null,0,null,0,null,0,0,"ok!",null,0,0,0,0,0,0,0,0,0,0,0,0]
[{"$f":"+PO!B270","v":"15.12"},"REPINTURA ESTRUTURA 4 - GAIOLA",{"$f":"+PO!L270","v":0},null,0,null,0,null,0,null,0,null,0,null,0,null,0,null,0,null,0,null,0,null,0,null,0,null,0,0,"ok!",null,0,0,0,0,0,0,0,0,0,0,0,0]
[{"$f":"+PO!B271","v":"15.13"},"REPINTURA ESTRUTURA 5 - ARCO",{"$f":"+PO!L271","v":0},null,0,null,0,null,0,null,0,null,0,null,0,null,0,null,0,null,0,null,0,null,0,null,0,null,0,0,"ok!",null,0,0,0,0,0,0,0,0,0,0,0,0]
[{"$f":"+PO!B272","v":"15.14"},"REPINTURA ESTRUTURA 6 - TÚNEL DE FERRO",{"$f":"+PO!L272","v":0},null,0,null,0,null,0,null,0,null,0,null,0,null,0,null,0,null,0,null,0,null,0,null,0,null,0,0,"ok!",null,0,0,0,0,0,0,0,0,0,0,0,0]
[{"$f":"+PO!B273","v":"15.15"},"REPINTURA ESTRUTURA 7 - \"Y\"",{"$f":"+PO!L273","v":0},null,0,null,0,null,0,null,0,null,0,null,0,null,0,null,0,null,0,null,0,null,0,null,0,null,0,0,"ok!",null,0,0,0,0,0,0,0,0,0,0,0,0]
[{"$f":"+PO!B274","v":"15.16"},"REPINTURA ESTRUTURA 8 - AVIÃO",{"$f":"+PO!L274","v":0},null,0,null,0,null,0,null,0,null,0,null,0,null,0,null,0,null,0,null,0,null,0,null,0,null,0,0,"ok!",null,0,0,0,0,0,0,0,0,0,0,0,0]
[{"$f":"+PO!B275","v":"15.17"},"REPINTURA ESTRUTURA 9",{"$f":"+PO!L275","v":0},null,0,null,0,null,0,null,0,null,0,null,0,null,0,null,0,null,0,null,0,null,0,null,0,null,0,0,"ok!",null,0,0,0,0,0,0,0,0,0,0,0,0]
[{"$f":"+PO!B276","v":"15.18"},"REPINTURA GANGORRA DUPLA",{"$f":"+PO!L276","v":0},null,0,null,0,null,0,null,0,null,0,null,0,null,0,null,0,null,0,null,0,null,0,null,0,null,0,0,"ok!",null,0,0,0,0,0,0,0,0,0,0,0,0]
[{"$f":"+PO!B277","v":"15.19"},"REPINTURA GANGORRA TRIPLA",{"$f":"+PO!L277","v":0},null,0,null,0,null,0,null,0,null,0,null,0,null,0,null,0,null,0,null,0,null,0,null,0,null,0,0,"ok!",null,0,0,0,0,0,0,0,0,0,0,0,0]
[{"$f":"+PO!B278","v":"15.20"},"REPINTURA BARRA-BALANÇO",{"$f":"+PO!L278","v":0},null,0,null,0,null,0,null,0,null,0,null,0,null,0,null,0,null,0,null,0,null,0,null,0,null,0,0,"ok!",null,0,0,0,0,0,0,0,0,0,0,0,0]
[{"$f":"+PO!B279","v":"15.21"},"REPINTURA BALANÇO MISTO",{"$f":"+PO!L279","v":0},null,0,null,0,null,0,null,0,null,0,null,0,null,0,null,0,null,0,null,0,null,0,null,0,null,0,0,"ok!",null,0,0,0,0,0,0,0,0,0,0,0,0]
[{"$f":"+PO!B280","v":"15.22"},"REPINTURA BALANÇO JUVENIL",{"$f":"+PO!L280","v":0},null,0,null,0,null,0,null,0,null,0,null,0,null,0,null,0,null,0,null,0,null,0,null,0,null,0,0,"ok!",null,0,0,0,0,0,0,0,0,0,0,0,0]
[{"$f":"+PO!B281","v":"15.23"},"REPINTURA BALANÇO INFANTIL",{"$f":"+PO!L281","v":0},null,0,null,0,null,0,null,0,null,0,null,0,null,0,null,0,null,0,null,0,null,0,null,0,null,0,0,"ok!",null,0,0,0,0,0,0,0,0,0,0,0,0]
[{"$f":"+PO!B282","v":"15.24"},"REPINTURA ESCORREGADOR",{"$f":"+PO!L282","v":0},null,0,null,0,null,0,null,0,null,0,null,0,null,0,null,0,null,0,null,0,null,0,null,0,null,0,0,"ok!",null,0,0,0,0,0,0,0,0,0,0,0,0]
[{"$f":"+PO!B284","v":16},"INSTALAÇÃO DE EQUIPAMENTOS"]
[{"$f":"+PO!B285","v":"16.1"},"INSTALAÇÃO TELA h=5,50 m EM ESTRUTURA TUBULAR EXISTENTE DE QUADRA ESPORTIVA",{"$f":"+PO!L285","v":0},null,{"$f":"D262*$C262","v":0},null,{"$f":"F262*$C262","v":0},null,{"$f":"H262*$C262","v":0},null,{"$f":"J262*$C262","v":0},null,{"$f":"L262*$C262","v":0},null,{"$f":"N262*$C262","v":0},null,{"$f":"P262*$C262","v":0},null,{"$f":"R262*$C262","v":0},null,{"$f":"T262*$C262","v":0},null,{"$f":"V262*$C262","v":0},null,{"$f":"X262*$C262","v":0},null,{"$f":"Z262*$C262","v":0},null,{"$f":"+D262+F262+H262+J262+L262+N262+P262+R262+T262+V262+X262+Z262","v":0},{"$f":"+E262+G262+I262+K262+M262+O262+Q262+S262+U262+W262+Y262+AA262","v":0},{"$f":"IF(C262=AD262,\"ok!\",\"incompleto\")","v":"ok!"},null,{"$f":"+E262","v":0},{"$f":"+G262","v":0},{"$f":"+I262","v":0},{"$f":"+K262","v":0},{"$f":"+M262","v":0},{"$f":"+O262","v":0},{"$f":"+Q262","v":0},{"$f":"+S262","v":0},{"$f":"+U262","v":0},{"$f":"+W262","v":0},{"$f":"+Y262","v":0},{"$f":"+AA262","v":0}]
[{"$f":"+PO!B286","v":"16.2"},"INSTALAÇÃO TELA h=3,00 m EM ESTRUTURA TUBULAR EXISTENTE DE QUADRA ESPORTIVA",{"$f":"+PO!L286","v":0},null,{"$f":"D263*$C263","v":0},null,{"$f":"F263*$C263","v":0},null,{"$f":"H263*$C263","v":0},null,{"$f":"J263*$C263","v":0},null,{"$f":"L263*$C263","v":0},null,{"$f":"N263*$C263","v":0},null,{"$f":"P263*$C263","v":0},null,{"$f":"R263*$C263","v":0},null,{"$f":"T263*$C263","v":0},null,{"$f":"V263*$C263","v":0},null,{"$f":"X263*$C263","v":0},null,{"$f":"Z263*$C263","v":0},null,0,0,"ok!",null,0,0,0,0,0,0,0,0,0,0,0,0]
[{"$f":"+PO!B287","v":"16.3"},"INSTALAÇÃO BANCO C/ ENCOSTO",{"$f":"+PO!L287","v":0},null,0,null,0,null,0,null,0,null,0,null,0,null,0,null,0,null,0,null,0,null,0,null,0,null,0,0,"ok!",null,0,0,0,0,0,0,0,0,0,0,0,0]
[{"$f":"+PO!B288","v":"16.4"},"INSTALAÇÃO BANCO S/ ENCOSTO",{"$f":"+PO!L288","v":0},null,0,null,0,null,0,null,0,null,0,null,0,null,0,null,0,null,0,null,0,null,0,null,0,null,0,0,"ok!",null,0,0,0,0,0,0,0,0,0,0,0,0]
[{"$f":"+PO!B289","v":"16.5"},"INSTALAÇÃO PARACICLO",{"$f":"+PO!L289","v":0},null,0,null,0,null,0,null,0,null,0,null,0,null,0,null,0,null,0,null,0,null,0,null,0,null,0,0,"ok!",null,0,0,0,0,0,0,0,0,0,0,0,0]
[{"$f":"+PO!B290","v":"16.6"},"INSTALAÇÃO MESA DE DAMAS",{"$f":"+PO!L290","v":0},null,0,null,0,null,0,null,0,null,0,null,0,null,0,null,0,null,0,null,0,null,0,null,0,null,0,0,"ok!",null,0,0,0,0,0,0,0,0,0,0,0,0]
[{"$f":"+PO!B291","v":"16.7"},"INSTALAÇÃO ESTRUTURA 9",{"$f":"+PO!L291","v":0},null,0,null,0,null,0,null,0,null,0,null,0,null,0,null,0,null,0,null,0,null,0,null,0,null,0,0,"ok!",null,0,0,0,0,0,0,0,0,0,0,0,0]
[{"$f":"+PO!B292","v":"16.8"},"INSTALAÇÃO GANGORRA",{"$f":"+PO!L292","v":0},null,0,null,0,null,0,null,0,null,0,null,0,null,0,null,0,null,0,null,0,null,0,null,0,null,0,0,"ok!",null,0,0,0,0,0,0,0,0,0,0,0,0]
[{"$f":"+PO!B293","v":"16.9"},"INSTALAÇÃO BARRA-BALANÇO",{"$f":"+PO!L293","v":0},null,0,null,0,null,0,null,0,null,0,null,0,null,0,null,0,null,0,null,0,null,0,null,0,null,0,0,"ok!",null,0,0,0,0,0,0,0,0,0,0,0,0]
[{"$f":"+PO!B294","v":"16.10"},"INSTALAÇÃO BALANÇO",{"$f":"+PO!L294","v":0},null,0,null,0,null,0,null,0,null,0,null,0,null,0,null,0,null,0,null,0,null,0,null,0,null,0,0,"ok!",null,0,0,0,0,0,0,0,0,0,0,0,0]
[{"$f":"+PO!B295","v":"16.11"},"INSTALAÇÃO ESCORREGADOR",{"$f":"+PO!L295","v":0},null,0,null,0,null,0,null,0,null,0,null,0,null,0,null,0,null,0,null,0,null,0,null,0,null,0,0,"ok!",null,0,0,0,0,0,0,0,0,0,0,0,0]
[{"$f":"+PO!B297","v":17},"PLANTIO"]
[{"$f":"+PO!B298","v":"17.1"},"GRAMA CATARINA",{"$f":"+PO!L298","v":0},null,{"$f":"D274*$C274","v":0},null,{"$f":"F274*$C274","v":0},null,{"$f":"H274*$C274","v":0},null,{"$f":"J274*$C274","v":0},null,{"$f":"L274*$C274","v":0},null,{"$f":"N274*$C274","v":0},null,{"$f":"P274*$C274","v":0},null,{"$f":"R274*$C274","v":0},null,{"$f":"T274*$C274","v":0},null,{"$f":"V274*$C274","v":0},null,{"$f":"X274*$C274","v":0},null,{"$f":"Z274*$C274","v":0},null,{"$f":"+D274+F274+H274+J274+L274+N274+P274+R274+T274+V274+X274+Z274","v":0},0,{"$f":"IF(C274=AD274,\"ok!\",\"incompleto\")","v":"ok!"},null,{"$f":"+E274","v":0},{"$f":"+G274","v":0},{"$f":"+I274","v":0},{"$f":"+K274","v":0},{"$f":"+M274","v":0},{"$f":"+O274","v":0},{"$f":"+Q274","v":0},{"$f":"+S274","v":0},{"$f":"+U274","v":0},{"$f":"+W274","v":0},{"$f":"+Y274","v":0},{"$f":"+AA274","v":0}]
[{"$f":"+PO!B299","v":"17.2"},"GRAMA DE CAMPO",{"$f":"+PO!L299","v":0},null,{"$f":"D275*$C275","v":0},null,{"$f":"F275*$C275","v":0},null,{"$f":"H275*$C275","v":0},null,{"$f":"J275*$C275","v":0},null,{"$f":"L275*$C275","v":0},null,{"$f":"N275*$C275","v":0},null,{"$f":"P275*$C275","v":0},null,{"$f":"R275*$C275","v":0},null,{"$f":"T275*$C275","v":0},null,{"$f":"V275*$C275","v":0},null,{"$f":"X275*$C275","v":0},null,{"$f":"Z275*$C275","v":0},null,0,0,{"$f":"IF(C275=AD275,\"ok!\",\"incompleto\")","v":"ok!"},null,{"$f":"+E275","v":0},{"$f":"+G275","v":0},{"$f":"+I275","v":0},{"$f":"+K275","v":0},{"$f":"+M275","v":0},{"$f":"+O275","v":0},{"$f":"+Q275","v":0},{"$f":"+S275","v":0},{"$f":"+U275","v":0},{"$f":"+W275","v":0},{"$f":"+Y275","v":0},{"$f":"+AA275","v":0}]
[{"$f":"+PO!B300","v":"17.3"},"MUDA DE ÁRVORE - PLANTIO SEM A MUDA",{"$f":"+PO!L300","v":0},null,{"$f":"D276*$C276","v":0},null,{"$f":"F276*$C276","v":0},null,{"$f":"H276*$C276","v":0},null,{"$f":"J276*$C276","v":0},null,{"$f":"L276*$C276","v":0},null,{"$f":"N276*$C276","v":0},null,{"$f":"P276*$C276","v":0},null,{"$f":"R276*$C276","v":0},null,{"$f":"T276*$C276","v":0},null,{"$f":"V276*$C276","v":0},null,{"$f":"X276*$C276","v":0},null,{"$f":"Z276*$C276","v":0},null,0,0,{"$f":"IF(C276=AD276,\"ok!\",\"incompleto\")","v":"ok!"},null,{"$f":"+E276","v":0},{"$f":"+G276","v":0},{"$f":"+I276","v":0},{"$f":"+K276","v":0},{"$f":"+M276","v":0},{"$f":"+O276","v":0},{"$f":"+Q276","v":0},{"$f":"+S276","v":0},{"$f":"+U276","v":0},{"$f":"+W276","v":0},{"$f":"+Y276","v":0},{"$f":"+AA276","v":0}]
[]
["TOTAL PARCIAL",null,{"$f":"SUM(C11:C276)","v":136885.78000000003},{"$f":"E278/$C$278","v":0.66454012159532216},{"$f":"SUM(E11:E276)","v":90966.092885870545},{"$f":"G278/$C$278","v":0.33545987840467761},{"$f":"SUM(G11:G276)","v":45919.687114129461},{"$f":"I278/$C$278","v":0},{"$f":"SUM(I11:I276)","v":0},{"$f":"K278/$C$278","v":0},{"$f":"SUM(K11:K276)","v":0},{"$f":"M278/$C$278","v":0},{"$f":"SUM(M11:M276)","v":0},{"$f":"O278/$C$278","v":0},{"$f":"SUM(O11:O276)","v":0},{"$f":"Q278/$C$278","v":0},{"$f":"SUM(Q11:Q276)","v":0},{"$f":"S278/$C$278","v":0},{"$f":"SUM(S11:S276)","v":0},{"$f":"U278/$C$278","v":0},{"$f":"SUM(U11:U276)","v":0},{"$f":"W278/$C$278","v":0},{"$f":"SUM(W11:W276)","v":0},{"$f":"Y278/$C$278","v":0},{"$f":"SUM(Y11:Y276)","v":0},{"$f":"AA278/$C$278","v":0},{"$f":"SUM(AA11:AA276)","v":0},null,{"$f":"+D278+F278+H278+J278+L278+N278+P278+R278+T278+V278+X278+Z278","v":0.99999999999999978},{"$f":"SUM(AD11:AD276)","v":136885.78000000003},{"$f":"IF(C278=AD278,\"ok!\",\"incompleto\")","v":"ok!"},null,{"$f":"SUM(AG11:AG276)","v":65482.673799999997},33055.656199999998,0,0,0,0,0,0,0,0,0,0]
["TOTAL ACUMULADO",null,null,{"$f":"E279/$C$278","v":0.66454012159532216},{"$f":"E278","v":90966.092885870545},{"$f":"G279/$C$278","v":0.99999999999999978},{"$f":"G278+E279","v":136885.78},{"$f":"I279/$C$278","v":0.99999999999999978},{"$f":"I278+G279","v":136885.78},{"$f":"K279/$C$278","v":0.99999999999999978},{"$f":"K278+I279","v":136885.78},{"$f":"M279/$C$278","v":0.99999999999999978},{"$f":"M278+K279","v":136885.78},{"$f":"O279/$C$278","v":0.99999999999999978},{"$f":"O278+M279","v":136885.78},{"$f":"Q279/$C$278","v":0.99999999999999978},{"$f":"Q278+O279","v":136885.78},{"$f":"S279/$C$278","v":0.99999999999999978},{"$f":"S278+Q279","v":136885.78},{"$f":"U279/$C$278","v":0.99999999999999978},{"$f":"U278+S279","v":136885.78},{"$f":"W279/$C$278","v":0.99999999999999978},{"$f":"W278+U279","v":136885.78},{"$f":"Y279/$C$278","v":0.99999999999999978},{"$f":"Y278+W279","v":136885.78},{"$f":"AA279/$C$278","v":0.99999999999999978},{"$f":"AA278+Y279","v":136885.78}]

{"sheet":"Curva ABC","index":9,"n_rows":261,"n_cols":9,"rows_kept":261,"cut":false,"hidden":false,"merged":[[0,0,0,6],[0,8,0,10],[1,8,5,10],[6,8,12,10]]}
["Curva ABC",{"$nulls":7},"INSTRUÇÕES"]
[{"$nulls":8},"*Acessar a guia dados;                                         *Selecionar a célula E9;                        *Clicar em classificar de Z a A;                        *Para desfazer, selecionar a célula B9 e clicar em classificar de A a Z."]
[null,"OBRA:",{"$f":"+PO!$B$10","v":"REVITALIZAÇÃO DA PRAÇA A.R.I. - CACHORRÓDROMO - ÁREA 135/02"},null,"A=80% DO VALOR DO ORÇAMENTO"]
[null,"DATA:",{"$f":"IF(PO!$B$11=\"\",\"\",PO!$B$11)","v":"2022-03-02"},null,"B=15% DO VALOR DO ORÇAMENTO"]
[null,"ART:",{"$f":"IF(PO!$B$12=\"\",\"\",PO!$B$12)","v":11751298},null,"C=5% DO VALOR DO ORÇAMENTO"]
[]
[null,"Item","Descrição","Valor","%","% acum.","ABC",null,"Observação: Se o primeiro item não estiver incluso na seleção,proceder da seguinte forma:                                                           *Na guia Dados, clicar em Classificar;          *Desmarcar a caixa de seleção \"Meus dados contém cabeçalho\";                                   *Clicar novamente em classificar de Z a A."]
[]
[null,171,"TELAMENTO CACHORRÓDROMO",{"$f":"+PO!L203","v":57852.51},{"$f":"+D9/$D$261","v":0.42263345396431995},{"$f":"+F8+E9","v":0.42263345396431995},{"$f":"IF(OR(F9<0.8,E9>0.8),\"A\",(IF(OR(F9<0.95,E9>0.15),\"B\",\"C\")))","v":"A"}]
["x",80,"ENCARREGADO",{"$f":"+PO!L102","v":14188.46},0.10365181832619871,0.52628527229051869,"A"]
[null,81,"VIGIA NOTURNO (SINAPI)",{"$f":"+PO!L103","v":9789.6},7.1516559280299277E-2,0.59780183157081801,"A"]
["x",59,"TAPUME EM CHAPA DE COMPENSADO RESINADO",{"$f":"+PO!L79","v":8428.5},6.1573232807673697E-2,0.65937506437849169,"A"]
[null,63,"TELHEIRO",{"$f":"+PO!L83","v":8168.85},5.9676395897367895E-2,0.71905146027585953,"A"]
["x",151,"BANCO B (C/ ENCOSTO) - L=2,00 m - PADRÃO SMAM",{"$f":"+PO!L185","v":7578.68},5.5364991162705164E-2,0.77441645143856475,"A"]
["x",78,"ENGENHEIRO",{"$f":"+PO!L100","v":6288.63},4.5940710569059857E-2,0.82035716200762465,"B"]
["x",83,"VIGIA DIURNO SÁBADOS, DOMINGOS E FERIADOS",{"$f":"+PO!L105","v":4644.3999999999996},3.3929017316480951E-2,0.85428617932410555,"B"]
["x",91,"ATERRO MANUAL COM MATERIAL IMPORTADO COM COMPACTAÇÃO MECÂNICA",{"$f":"+PO!L115","v":2831.92},2.0688197123178181E-2,0.87497437644728371,"B"]
["x",86,"CONSUMO DE ENERGIA ELÉTRICA",{"$f":"+PO!L108","v":2623.17},1.9163203073394485E-2,0.89413757952067818,"B"]
[null,173,"PORTÃO DE ACESSO DE SERVIÇO CACHORRÓDROMO",{"$f":"+PO!L205","v":2317.08},1.6927105211366738E-2,0.91106468473204494,"B"]
[null,172,"PORTÃO DE ACESSO CACHORRÓDROMO",{"$f":"+PO!L204","v":2068.48},1.5110992536989606E-2,0.92617567726903449,"B"]
["x",64,"LOCAÇÃO SANITÁRIO QUÍMICO",{"$f":"+PO!L84","v":1727.23},1.2618038192133623E-2,0.93879371546116808,"B"]
["x",67,"FRETE P/ CONTAINER",{"$f":"+PO!L87","v":1354.34},9.8939422341750953E-3,0.94868765769534313,"B"]
[null,73,"SINALIZAÇÃO COM TELA PLÁSTICA LARANJA FIXADA EM CONE PLÁSTICO",{"$f":"+PO!L93","v":1232.25},9.0020307441722614E-3,0.95768968843951541,"C"]
["x",52,"REMOÇÃO DE ENTULHO C/CAÇAMBA",{"$f":"+PO!L68","v":1127.75},8.2386205491907227E-3,0.96592830898870607,"C"]
["x",71,"PLACA DE OBRA",{"$f":"+PO!L91","v":1118.76},8.1729453563401579E-3,0.97410125434504624,"C"]
["x",65,"LOCAÇÃO CONTAINER ESCRITÓRIO S/FRETE",{"$f":"+PO!L85","v":1111.81},8.1221730993533466E-3,0.98222342744439961,"C"]
["x",1,"LIMPEZA MANUAL DE VEGETAÇÃO EM TERRENO COM ENXADA",{"$f":"+PO!L18","v":505.3},3.6913987705662356E-3,0.98591482621496584,"C"]
["x",88,"MODELAGEM",{"$f":"+PO!L112","v":497.15},3.6318600807183931E-3,0.98954668629568421,"C"]
[null,85,"FORNECIMENTO E INSTALAÇÃO DE EXTINTOR DE ÁGUA PRESSURIZADA (AP), 10 l",{"$f":"+PO!L107","v":303.8},2.2193685859846083E-3,0.9917660548816688,"C"]
["x",55,"ART (ANOTAÇÃO DE RESPONSABILIDADE TÉCNICA)",{"$f":"+PO!L73","v":299.93},2.1910968400077799E-3,0.99395715172167654,"C"]
[null,84,"FORNECIMENTO E INSTALAÇÃO DE EXTINTOR DE PÓ QUÍMICO SECO (PQS), 4 kg",{"$f":"+PO!L106","v":294.52},2.1515748385259603E-3,0.99610872656020244,"C"]
["x",87,"CONSUMO DE ÁGUA TRATADA",{"$f":"+PO!L109","v":214.87},1.5697028573749595E-3,0.99767842941757745,"C"]
[null,61,"DESMONTAGEM DE TAPUME",{"$f":"+PO!L81","v":208.5},1.5231677096043145E-3,0.99920159712718182,"C"]
["x",76,"LOCAÇÃO",{"$f":"+PO!L96","v":60.39},4.4117073373143673E-4,0.99964276786091322,"C"]
["x",77,"NIVELAMENTO",{"$f":"+PO!L97","v":48.9},3.5723213908705505E-4,1.0000000000000002,"C"]
["x",2,"DEMOLIÇÃO DE CONCRETO ARMADO COM MARTELETE C/REMOÇÃO DE ENTULHO",{"$f":"+PO!L19","v":0},0,1.0000000000000002,"C"]
["x",3,"DEMOLIÇÃO DE PISO DE CONCRETO ARMADO COM MARTELETE Esp = 8 cm C/REMOÇÃO DE ENTULHO",{"$f":"+PO!L20","v":0},0,1.0000000000000002,"C"]
[null,4,"REMOÇÃO DE PASSEIOS",{"$f":"+PO!L21","v":0},0,1.0000000000000002,"C"]
["x",5,"DEMOLIÇÃO TELAMENTO h=5,50 m S/TUBOS E S/VIGA C/REMOÇÃO DE ENTULHO",{"$f":"+PO!L22","v":0},0,1.0000000000000002,"C"]
["x",6,"DEMOLIÇÃO TELAMENTO h=3,00 m S/TUBOS E S/VIGA C/REMOÇÃO DE ENTULHO",{"$f":"+PO!L23","v":0},0,1.0000000000000002,"C"]
["x",7,"DEMOLIÇÃO TELAMENTO h=1,00 m C/REMOÇÃO DE ENTULHO",{"$f":"+PO!L24","v":0},0,1.0000000000000002,"C"]
["x",8,"DEMOLIÇÃO TUBOS TELAMENTO h=5,50 m C/REMOÇÃO DE ENTULHO",{"$f":"+PO!L25","v":0},0,1.0000000000000002,"C"]
["x",9,"DEMOLIÇÃO TUBOS TELAMENTO h=3,00 m C/REMOÇÃO DE ENTULHO",{"$f":"+PO!L26","v":0},0,1.0000000000000002,"C"]
["x",10,"DEMOLIÇÃO VIGA TELAMENTO C/REMOÇÃO DE ENTULHO",{"$f":"+PO!L27","v":0},0,1.0000000000000002,"C"]
["x",11,"REMOÇÃO MEIO-FIO VIÁRIO C/REMOÇÃO DE ENTULHO",{"$f":"+PO!L28","v":0},0,1.0000000000000002,"C"]
["x",12,"REMOÇÃO BANCO C/ ENCOSTO",{"$f":"+PO!L29","v":0},0,1.0000000000000002,"C"]
["x",13,"REMOÇÃO BANCO S/ ENCOSTO",{"$f":"+PO!L30","v":0},0,1.0000000000000002,"C"]
["x",14,"REMOÇÃO PARACICLO",{"$f":"+PO!L31","v":0},0,1.0000000000000002,"C"]
["x",15,"DEMOLIÇÃO CAIXA DE AREIA C/REMOÇÃO DE ENTULHOS",{"$f":"+PO!L32","v":0},0,1.0000000000000002,"C"]
["x",16,"DEMOLIÇÃO CANCHA DE BOCHA C/REMOÇÃO DE ENTULHOS",{"$f":"+PO!L33","v":0},0,1.0000000000000002,"C"]
["x",17,"DEMOLIÇÃO COBERTURA CANCHA DE BOCHA C/REMOÇÃO DE ENTULHOS",{"$f":"+PO!L34","v":0},0,1.0000000000000002,"C"]
["x",18,"DEMOLIÇÃO CHURRASQUEIRA C/REMOÇÃO DE ENTULHOS",{"$f":"+PO!L35","v":0},0,1.0000000000000002,"C"]
["x",19,"DEMOLIÇÃO MESA E BANCOS DE CONCRETO C/REMOÇÃO DE ENTULHOS",{"$f":"+PO!L36","v":0},0,1.0000000000000002,"C"]
["x",20,"DEMOLIÇÃO BEBEDOURO C/ PISO DE CONCRETO C/REMOÇÃO DE ENTULHOS",0,0,1.0000000000000002,"C"]
["x",21,"DEMOLIÇÃO BEBEDOURO C/REMOÇÃO DE ENTULHOS",{"$f":"+PO!L37","v":0},0,1.0000000000000002,"C"]
["x",22,"DEMOLIÇÃO FRADINHO BASE CIRCULAR C/REMOÇÃO DE ENTULHOS",{"$f":"+PO!L38","v":0},0,1.0000000000000002,"C"]
["x",23,"DEMOLIÇÃO FRADINHO BASE OCTOGONAL C/REMOÇÃO DE ENTULHOS",{"$f":"+PO!L39","v":0},0,1.0000000000000002,"C"]
["x",24,"REMOÇÃO MESA DE DAMAS",{"$f":"+PO!L40","v":0},0,1.0000000000000002,"C"]
["x",25,"REMOÇÃO LIXEIRA",{"$f":"+PO!L41","v":0},0,1.0000000000000002,"C"]
["x",26,"REMOÇÃO ESTRUTURA 1, 2, 3, 5 E 7",{"$f":"+PO!L42","v":0},0,1.0000000000000002,"C"]
["x",27,"REMOÇÃO ESTRUTURA 4",{"$f":"+PO!L43","v":0},0,1.0000000000000002,"C"]
["x",28,"REMOÇÃO ESTRUTURA 6 E 8",{"$f":"+PO!L44","v":0},0,1.0000000000000002,"C"]
["x",29,"REMOÇÃO ESTRUTURA 9",{"$f":"+PO!L45","v":0},0,1.0000000000000002,"C"]
["x",30,"REMOÇÃO GANGORRA",{"$f":"+PO!L46","v":0},0,1.0000000000000002,"C"]
["x",31,"REMOÇÃO BARRA-BALANÇO",{"$f":"+PO!L47","v":0},0,1.0000000000000002,"C"]
["x",32,"REMOÇÃO BALANÇO PADRÃO SMAM",{"$f":"+PO!L48","v":0},0,1.0000000000000002,"C"]
["x",33,"REMOÇÃO 1/2 BALANÇO",{"$f":"+PO!L49","v":0},0,1.0000000000000002,"C"]
["x",34,"REMOÇÃO ESCORREGADOR",{"$f":"+PO!L50","v":0},0,1.0000000000000002,"C"]
["x",35,"REMOÇÃO BARRA ALONGAMENTO - 2 ALTURAS",{"$f":"+PO!L51","v":0},0,1.0000000000000002,"C"]
["x",36,"REMOÇÃO BARRAS PARALELAS",{"$f":"+PO!L52","v":0},0,1.0000000000000002,"C"]
["x",37,"REMOÇÃO APOIO P/ MEMBROS SUPERIORES",{"$f":"+PO!L53","v":0},0,1.0000000000000002,"C"]
["x",38,"REMOÇÃO BARRA P/ ALONGAMENTO",{"$f":"+PO!L54","v":0},0,1.0000000000000002,"C"]
["x",39,"REMOÇÃO BARRA HORIZONTAL 4 MÓDULOS",{"$f":"+PO!L55","v":0},{"$f":"+D73/$D$261","v":0},{"$f":"+F72+E73","v":1.0000000000000002},{"$f":"IF(OR(F73<0.8,E73>0.8),\"A\",(IF(OR(F73<0.95,E73>0.15),\"B\",\"C\")))","v":"C"}]
["x",40,"REMOÇÃO BARRA HORIZONTAL 3 MÓDULOS",{"$f":"+PO!L56","v":0},0,1.0000000000000002,"C"]
["x",41,"REMOÇÃO BARRA HORIZONTAL 1 MÓDULO",{"$f":"+PO!L57","v":0},0,1.0000000000000002,"C"]
["x",42,"REMOÇÃO ESPALDAR",{"$f":"+PO!L58","v":0},0,1.0000000000000002,"C"]
["x",43,"REMOÇÃO PRANCHA ABDOMINAIS",{"$f":"+PO!L59","v":0},0,1.0000000000000002,"C"]
["x",44,"REMOÇÃO GOLEIRA FUTEBOL DE SALÃO",{"$f":"+PO!L60","v":0},0,1.0000000000000002,"C"]
["x",45,"REMOÇÃO GOLEIRA FUTEBOL SOCIETY",{"$f":"+PO!L61","v":0},0,1.0000000000000002,"C"]
["x",46,"REMOÇÃO GOLEIRA FUTEBOL DE CAMPO",{"$f":"+PO!L62","v":0},0,1.0000000000000002,"C"]
["x",47,"REMOÇÃO POSTE DE VÔLEI",{"$f":"+PO!L63","v":0},0,1.0000000000000002,"C"]
["x",48,"REMOÇÃO TABELA DE BASQUETE",{"$f":"+PO!L64","v":0},0,1.0000000000000002,"C"]
["x",49,"REMOÇÃO DE ÁRVORES",{"$f":"+PO!L65","v":0},0,1.0000000000000002,"C"]
["x",50,"DESTOCAMENTO",{"$f":"+PO!L66","v":0},0,1.0000000000000002,"C"]
["x",51,"TRANSPLANTE DE ÁRVORES",{"$f":"+PO!L67","v":0},0,1.0000000000000002,"C"]
["x",53,"PLOTAGENS",{"$f":"+PO!L69","v":0},0,1.0000000000000002,"C"]
["x",54,"\"AS BUILT\"",{"$f":"+PO!L70","v":0},0,1.0000000000000002,"C"]
["x",56,"CIP (CONTRIBUIÇÃO ILUMINAÇÃO PÚBLICA)",{"$f":"+PO!L74","v":0},0,1.0000000000000002,"C"]
["x",57,"MTRCC (MANIFESTO DE TRANSPORTE DE RESÍDUOS DA CONSTRUÇÃO CIVIL)",{"$f":"+PO!L75","v":0},0,1.0000000000000002,"C"]
["x",58,"PCMAT (PROGRAMA DE CONDIÇÕES E MEIO AMBIENTE DE TRABALHO NA INDÚSTRIA DA CONSTRUÇÃO)",{"$f":"+PO!L76","v":0},0,1.0000000000000002,"C"]
["x",60,"TAPUME EM TELA GALVANIZADA",{"$f":"+PO!L80","v":0},0,1.0000000000000002,"C"]
["x",62,"GALPÃO DE OBRA",{"$f":"+PO!L82","v":0},0,1.0000000000000002,"C"]
["x",66,"LOCAÇÃO CONTAINER SANITÁRIO S/FRETE",{"$f":"+PO!L86","v":0},0,1.0000000000000002,"C"]
["x",68,"INSTALAÇÃO PROVISÓRIA DE ENERGIA",{"$f":"+PO!L88","v":0},0,1.0000000000000002,"C"]
["x",69,"INSTALAÇÃO PROVISÓRIA DE ÁGUA",{"$f":"+PO!L89","v":0},0,1.0000000000000002,"C"]
["x",70,"INSTALAÇÃO PROVISÓRIA DE ESGOTO",{"$f":"+PO!L90","v":0},0,1.0000000000000002,"C"]
["x",72,"SINALIZAÇÃO COM FITA ZEBRADA FIXADA EM CONE PLÁSTICO",{"$f":"+PO!L92","v":0},0,1.0000000000000002,"C"]
[null,74,"SINALIZAÇÃO COM SINALIZADOR ELETRÔNICO PISCANTE FIXADO EM CONE PLÁSTICO",{"$f":"+PO!L94","v":0},0,1.0000000000000002,"C"]
[null,75,"PROJETO DE SINALIZAÇÃO",{"$f":"+PO!L95","v":0},0,1.0000000000000002,"C"]
["x",79,"MESTRE DE OBRAS",{"$f":"+PO!L101","v":0},0,1.0000000000000002,"C"]
["x",82,"VIGIA NOTURNO",{"$f":"+PO!L104","v":0},0,1.0000000000000002,"C"]
["x",89,"TERRAPLENAGEM",{"$f":"+PO!L113","v":0},0,1.0000000000000002,"C"]
["x",90,"ATERRO MECÂNICO COM MATERIAL IMPORTADO",{"$f":"+PO!L114","v":0},0,1.0000000000000002,"C"]
[null,94,"ATERRO MANUAL C/MATERIAL IMPORTADO C/COMPACTAÇÃO MANUAL",{"$f":"+PO!L116","v":0},0,1.0000000000000002,"C"]
["x",95,"ESCAVAÇÃO MANUAL DE SOLO ATÉ 1,30 m",{"$f":"+PO!L117","v":0},0,1.0000000000000002,"C"]
["x",96,"ESCAVAÇÃO MECÂNICA DE SOLO",{"$f":"+PO!L118","v":0},0,1.0000000000000002,"C"]
["x",97,"REATERRO MANUAL C/COMPACTAÇÃO MANUAL",{"$f":"+PO!L119","v":0},0,1.0000000000000002,"C"]
["x",98,"NIVELAMENTO CAIXA DE PASSAGEM",{"$f":"+PO!L122","v":0},0,1.0000000000000002,"C"]
["x",99,"LASTRO DE BRITA",{"$f":"+PO!L123","v":0},0,1.0000000000000002,"C"]
["x",100,"SAIBRO ROSA - COMPACTAÇÃO MECÂNICA - 6 cm",{"$f":"+PO!L124","v":0},0,1.0000000000000002,"C"]
["x",101,"SAIBRO ROSA - COMPACTAÇÃO MECÂNICA - 6 cm",{"$f":"+PO!L125","v":0},0,1.0000000000000002,"C"]
["x",102,"PISO CONCRETO ARMADO 8 cm - PASSEIO - S/PODOTÁTIL",{"$f":"+PO!L126","v":0},0,1.0000000000000002,"C"]
[null,103,"PISO CONCRETO ARMADO 8 cm - PASSEIO - C/PODOTÁTIL",{"$f":"+PO!L127","v":0},0,1.0000000000000002,"C"]
["x",104,"PISO CONCRETO ARMADO 8 cm - QUADRA (PANO ÚNICO)",{"$f":"+PO!L128","v":0},0,1.0000000000000002,"C"]
["x",105,"PISO CONCRETO ARMADO 10 cm - ACADEMIA 3ª IDADE",{"$f":"+PO!L129","v":0},0,1.0000000000000002,"C"]
["x",106,"PISO CONCRETO ARMADO 20 cm - ARMADURA DUPLA",{"$f":"+PO!L130","v":0},0,1.0000000000000002,"C"]
["x",107,"PAVIMENTAÇÃO BLOCOS RETANGULARES DE CONCRETO COR NATURAL - 6 cm - 35 MPa",{"$f":"+PO!L131","v":0},0,1.0000000000000002,"C"]
[null,108,"PAVIMENTAÇÃO BLOCOS RETANGULARES DE CONCRETO COLORIDO - 6 cm - 35 MPa",{"$f":"+PO!L132","v":0},0,1.0000000000000002,"C"]
["x",109,"PAVIMENTAÇÃO BLOCOS RETANGULARES DE CONCRETO COR NATURAL - 8 cm - 35 MPa",{"$f":"+PO!L133","v":0},0,1.0000000000000002,"C"]
["x",110,"FAIXAS BLOCOS RETANGULARES DE CONCRETO COR NATURAL - 6 cm - 35 MPa (LARGURA 20 cm)",{"$f":"+PO!L134","v":0},0,1.0000000000000002,"C"]
["x",111,"PAVIMENTAÇÃO PARALELEPÍPEDO",{"$f":"+PO!L135","v":0},0,1.0000000000000002,"C"]
["x",112,"PEDRA PORTUGUESA",{"$f":"+PO!L136","v":0},0,1.0000000000000002,"C"]
["x",113,"LAJE DE GRÊS ASSENTADA NA AREIA",{"$f":"+PO!L137","v":0},0,1.0000000000000002,"C"]
["x",114,"LAJE DE GRÊS ASSENTADA NA MASSA",{"$f":"+PO!L138","v":0},0,1.0000000000000002,"C"]
["x",115,"LAJE DE GRÊS ASSENTADA NA ARGILA",{"$f":"+PO!L139","v":0},0,1.0000000000000002,"C"]
["x",116,"BASALTO IRREGULAR - JUNTA BITOLADA",{"$f":"+PO!L140","v":0},0,1.0000000000000002,"C"]
["x",117,"BASALTO IRREGULAR",{"$f":"+PO!L141","v":0},0,1.0000000000000002,"C"]
["x",118,"BASALTO REGULAR TALHADO",{"$f":"+PO!L142","v":0},0,1.0000000000000002,"C"]
["x",119,"BASALTO REGULAR SERRADO",{"$f":"+PO!L143","v":0},0,1.0000000000000002,"C"]
[null,120,"AREIA MÉDIA PENEIRADA",{"$f":"+PO!L144","v":0},0,1.0000000000000002,"C"]
["x",121,"LAJOTA CONCRETO",{"$f":"+PO!L145","v":0},0,1.0000000000000002,"C"]
["x",122,"PISO PODOTÁTIL",{"$f":"+PO!L146","v":0},0,1.0000000000000002,"C"]
["x",123,"MEIO-FIO CONCRETO MOLDADO NO LOCAL - PADRÃO SMAM",{"$f":"+PO!L149","v":0},0,1.0000000000000002,"C"]
["x",124,"MEIO-FIO CURVO CONCRETO MOLDADO NO LOCAL - PADRÃO SMAM",{"$f":"+PO!L150","v":0},0,1.0000000000000002,"C"]
["x",125,"MEIO-FIO VIÁRIO DE CONCRETO PRÉ-MOLDADO",{"$f":"+PO!L151","v":0},0,1.0000000000000002,"C"]
["x",126,"REPOSIÇÃO MEIO-FIO VIÁRIO",{"$f":"+PO!L152","v":0},0,1.0000000000000002,"C"]
["x",127,"REALINHAMENTO MEIO-FIO VIÁRIO",{"$f":"+PO!L153","v":0},{"$f":"+D137/$D$261","v":0},{"$f":"+F136+E137","v":1.0000000000000002},{"$f":"IF(OR(F137<0.8,E137>0.8),\"A\",(IF(OR(F137<0.95,E137>0.15),\"B\",\"C\")))","v":"C"}]
["x",129,"DEGRAU CONCRETO L=2,00 m - BASE GRANITO - PADRÃO SMAM",{"$f":"+PO!L156","v":0},0,1.0000000000000002,"C"]
["x",130,"DEGRAU CONCRETO L=2,00 m - BASE GRÊS - PADRÃO SMAM",{"$f":"+PO!L157","v":0},0,1.0000000000000002,"C"]
["x",131,"RAMPA PPNE'S TIPO 1 - 1,50 m (ABA 50 cm)",{"$f":"+PO!L160","v":0},0,1.0000000000000002,"C"]
[null,132,"RAMPA PPNE'S TIPO 1 - 1,50 m (ABA 1,50 m)",{"$f":"+PO!L161","v":0},0,1.0000000000000002,"C"]
[null,133,"RAMPA PPNE'S TIPO 1 - 1,50 m (SEM ABA)",{"$f":"+PO!L162","v":0},0,1.0000000000000002,"C"]
["x",134,"RAMPA PPNE'S TIPO 1 - 4,00 m",{"$f":"+PO!L163","v":0},0,1.0000000000000002,"C"]
["x",135,"RAMPA PPNE'S TIPO 2 (CALÇADA ESTREITA) - 1,50 m",{"$f":"+PO!L164","v":0},0,1.0000000000000002,"C"]
["x",136,"CORRIMÃO PPNE'S",{"$f":"+PO!L166","v":0},0,1.0000000000000002,"C"]
["x",137,"TELAMENTO h=5,50 m - PADRÃO SMAM",{"$f":"+PO!L169","v":0},0,1.0000000000000002,"C"]
["x",138,"TELAMENTO h=3,00 m - PADRÃO SMAM",{"$f":"+PO!L170","v":0},0,1.0000000000000002,"C"]
["x",139,"TELAMENTO h=1,00 m - PADRÃO SMAM",{"$f":"+PO!L171","v":0},0,1.0000000000000002,"C"]
["x",140,"TELAMENTO h=3,00 m VÔLEI DE PRAIA - PADRÃO SMAM",{"$f":"+PO!L172","v":0},0,1.0000000000000002,"C"]
["x",141,"GOLEIRA FUTSAL",{"$f":"+PO!L173","v":0},0,1.0000000000000002,"C"]
["x",142,"GOLEIRA FUTEBOL SOCIETY",{"$f":"+PO!L174","v":0},0,1.0000000000000002,"C"]
["x",143,"GOLEIRA FUTEBOL DE CAMPO",{"$f":"+PO!L175","v":0},0,1.0000000000000002,"C"]
["x",144,"POSTE DE VÔLEI",{"$f":"+PO!L176","v":0},0,1.0000000000000002,"C"]
["x",145,"POSTE DE VÔLEI QUADRA DE AREIA",{"$f":"+PO!L177","v":0},0,1.0000000000000002,"C"]
[null,146,"POSTE DE TÊNIS QUADRA DE AREIA",{"$f":"+PO!L178","v":0},0,1.0000000000000002,"C"]
["x",147,"TABELA DE BASQUETE - PADRÃO SMAM",{"$f":"+PO!L179","v":0},0,1.0000000000000002,"C"]
["x",148,"DEMARCAÇÃO QUADRA ESPORTIVA FUTSAL",{"$f":"+PO!L180","v":0},0,1.0000000000000002,"C"]
[null,149,"DEMARCAÇÃO QUADRA ESPORTIVA BASQUETE E/OU VÔLEI",{"$f":"+PO!L181","v":0},0,1.0000000000000002,"C"]
["x",150,"DRENO QUADRA DE AREIA",{"$f":"+PO!L182","v":0},0,1.0000000000000002,"C"]
["x",154,"BANCO A (S/ ENCOSTO) - L=1,80 m - PADRÃO SMAM",{"$f":"+PO!L186","v":0},0,1.0000000000000002,"C"]
["x",155,"BANCO D (S/ ENCOSTO) - L=2,00 m - PADRÃO SMAM",{"$f":"+PO!L187","v":0},0,1.0000000000000002,"C"]
["x",156,"PARACICLO",{"$f":"+PO!L188","v":0},0,1.0000000000000002,"C"]
["x",157,"CAIXA DE AREIA - PADRÃO SMAM",{"$f":"+PO!L189","v":0},0,1.0000000000000002,"C"]
["x",158,"CANCHA DE BOCHA - PADRÃO SMAM",{"$f":"+PO!L190","v":0},0,1.0000000000000002,"C"]
["x",159,"COBERTURA P/ CANCHA DE BOCHA",{"$f":"+PO!L191","v":0},0,1.0000000000000002,"C"]
["x",160,"CHURRASQUEIRA C/PISO DE CONCRETO - PADRÃO SMAM",{"$f":"+PO!L192","v":0},0,1.0000000000000002,"C"]
["x",161,"CHURRASQUEIRA - PADRÃO SMAM",{"$f":"+PO!L193","v":0},0,1.0000000000000002,"C"]
["x",162,"MESA E BANCOS DE CONCRETO P/ CHURRASQUEIRA - PADRÃO SMAM",{"$f":"+PO!L194","v":0},0,1.0000000000000002,"C"]
["x",163,"COBERTURA P/ CHURRASQUEIRA - PADRÃO SMAM",{"$f":"+PO!L195","v":0},0,1.0000000000000002,"C"]
["x",164,"BEBEDOURO C/ VÁLVULA ANTI-VANDALISMO - PADRÃO SMAM",{"$f":"+PO!L196","v":0},0,1.0000000000000002,"C"]
["x",165,"FRADINHO CONCRETO BASE CIRCULAR - PADRÃO SMAM",{"$f":"+PO!L197","v":0},0,1.0000000000000002,"C"]
["x",166,"FRADINHO CONCRETO BASE OCTOGONAL - PADRÃO SMAM",{"$f":"+PO!L198","v":0},0,1.0000000000000002,"C"]
["x",167,"FRADINHO EM FERRO FUNDIDO",{"$f":"+PO!L199","v":0},0,1.0000000000000002,"C"]
["x",168,"MESA DE DAMAS - PADRÃO SMAM",{"$f":"+PO!L200","v":0},0,1.0000000000000002,"C"]
["x",169,"LIXEIRA METÁLICA",{"$f":"+PO!L201","v":0},0,1.0000000000000002,"C"]
["x",170,"PISTA DE PATINAÇÃO",{"$f":"+PO!L202","v":0},0,1.0000000000000002,"C"]
["x",174,"GUARDA-CORPO PARA RECANTO INFANTIL",{"$f":"+PO!L206","v":0},0,1.0000000000000002,"C"]
[null,175,"GRADIL DE FERRO",{"$f":"+PO!L207","v":0},0,1.0000000000000002,"C"]
["x",176,"CERCAMENTO COM MOURÃO DE CONCRETO S/VIGA DE FUNDAÇÃO",{"$f":"+PO!L208","v":0},0,1.0000000000000002,"C"]
["x",177,"CERCAMENTO COM MOURÃO DE CONCRETO C/VIGA DE FUNDAÇÃO",{"$f":"+PO!L209","v":0},0,1.0000000000000002,"C"]
[null,178,"FUNDAÇÃO PEDRA DE GRANITO",{"$f":"+PO!L210","v":0},0,1.0000000000000002,"C"]
["x",179,"ALVENARIA GRANITO S/FUNDAÇÃO",{"$f":"+PO!L211","v":0},0,1.0000000000000002,"C"]
["x",180,"PLACA DE IDENTIFICAÇÃO DE PRAÇA",{"$f":"+PO!L212","v":0},0,1.0000000000000002,"C"]
["x",181,"ESTRUTURA 1 - FERRO GALVANIZADO - \"S\"",{"$f":"+PO!L215","v":0},0,1.0000000000000002,"C"]
["x",182,"ESTRUTURA 2 - FERRO GALVANIZADO",{"$f":"+PO!L216","v":0},0,1.0000000000000002,"C"]
["x",183,"ESTRUTURA 3 - FERRO GALVANIZADO",{"$f":"+PO!L217","v":0},0,1.0000000000000002,"C"]
["x",184,"ESTRUTURA 4 - FERRO GALVANIZADO - GAIOLA",{"$f":"+PO!L218","v":0},0,1.0000000000000002,"C"]
["x",185,"ESTRUTURA 5 - FERRO GALVANIZADO - ARCO",{"$f":"+PO!L219","v":0},0,1.0000000000000002,"C"]
["x",186,"ESTRUTURA 6 - FERRO GALVANIZADO - TÚNEL DE FERRO",{"$f":"+PO!L220","v":0},0,1.0000000000000002,"C"]
["x",187,"ESTRUTURA 7 - FERRO GALVANIZADO - \"Y\"",{"$f":"+PO!L221","v":0},0,1.0000000000000002,"C"]
["x",188,"ESTRUTURA 8 - FERRO GALVANIZADO - AVIÃO",{"$f":"+PO!L222","v":0},0,1.0000000000000002,"C"]
["x",189,"ESTRUTURA 9 - FERRO GALVANIZADO",{"$f":"+PO!L223","v":0},0,1.0000000000000002,"C"]
["x",190,"GANGORRA DUPLA",{"$f":"+PO!L224","v":0},0,1.0000000000000002,"C"]
["x",191,"GANGORRA TRIPLA",{"$f":"+PO!L225","v":0},0,1.0000000000000002,"C"]
["x",192,"BARRA-BALANÇO",{"$f":"+PO!L226","v":0},0,1.0000000000000002,"C"]
["x",193,"BALANÇO MISTO",{"$f":"+PO!L227","v":0},0,1.0000000000000002,"C"]
["x",194,"BALANÇO JUVENIL",{"$f":"+PO!L228","v":0},0,1.0000000000000002,"C"]
["x",195,"BALANÇO INFANTIL",{"$f":"+PO!L229","v":0},0,1.0000000000000002,"C"]
["x",196,"ESCORREGADOR",{"$f":"+PO!L230","v":0},0,1.0000000000000002,"C"]
["x",197,"BARRA ALONGAMENTO - 2 ALTURAS",{"$f":"+PO!L233","v":0},0,1.0000000000000002,"C"]
["x",198,"BARRAS PARALELAS",{"$f":"+PO!L234","v":0},{"$f":"+D201/$D$261","v":0},{"$f":"+F200+E201","v":1.0000000000000002},{"$f":"IF(OR(F201<0.8,E201>0.8),\"A\",(IF(OR(F201<0.95,E201>0.15),\"B\",\"C\")))","v":"C"}]
["x",199,"APOIO P/ MEMBROS SUPERIORES",{"$f":"+PO!L235","v":0},0,1.0000000000000002,"C"]
["x",200,"BARRA P/ ALONGAMENTO",{"$f":"+PO!L236","v":0},0,1.0000000000000002,"C"]
["x",201,"BARRA HORIZONTAL - 4 MÓDULOS",{"$f":"+PO!L237","v":0},0,1.0000000000000002,"C"]
["x",202,"BARRA HORIZONTAL - 3 MÓDULOS",{"$f":"+PO!L238","v":0},0,1.0000000000000002,"C"]
["x",203,"BARRA HORIZONTAL - 1 MÓDULO",{"$f":"+PO!L239","v":0},0,1.0000000000000002,"C"]
["x",204,"ESPALDAR",{"$f":"+PO!L240","v":0},0,1.0000000000000002,"C"]
["x",205,"PRANCHA DE ABDOMINAIS",{"$f":"+PO!L241","v":0},0,1.0000000000000002,"C"]
["x",206,"PLACA ORIENTATIVA",{"$f":"+PO!L244","v":0},0,1.0000000000000002,"C"]
["x",207,"JOGO DE BARRAS",{"$f":"+PO!L245","v":0},0,1.0000000000000002,"C"]
["x",208,"SIMULADOR DE CAMINHADA TRIPLO CONJUGADO",{"$f":"+PO!L246","v":0},0,1.0000000000000002,"C"]
["x",209,"ESQUI TRIPLO CONJUGADO",{"$f":"+PO!L247","v":0},0,1.0000000000000002,"C"]
["x",210,"ADUÇÃO E ABDUÇÃO DE PERNAS DUPLO",{"$f":"+PO!L248","v":0},0,1.0000000000000002,"C"]
["x",211,"PRESSÃO DE PERNAS TRIPLO CONJUGADO",{"$f":"+PO!L249","v":0},0,1.0000000000000002,"C"]
["x",212,"MULTIEXERCITADOR CONJUGADO 6 FUNÇÕES",{"$f":"+PO!L250","v":0},0,1.0000000000000002,"C"]
["x",213,"SIMULADOR DE REMO",{"$f":"+PO!L251","v":0},0,1.0000000000000002,"C"]
["x",214,"PUXADOR DUPLO",{"$f":"+PO!L252","v":0},0,1.0000000000000002,"C"]
["x",215,"PEITORAL DUPLO",{"$f":"+PO!L253","v":0},0,1.0000000000000002,"C"]
["x",216,"ABDOMINAL",{"$f":"+PO!L254","v":0},0,1.0000000000000002,"C"]
["x",217,"REMADA",{"$f":"+PO!L255","v":0},0,1.0000000000000002,"C"]
["x",218,"VOADOR PEITORAL E VOADOR DORSAL",{"$f":"+PO!L256","v":0},0,1.0000000000000002,"C"]
["x",219,"REPINTURA TUBOS VERTICAIS QUADRAS ESPORTIVAS",{"$f":"+PO!L259","v":0},0,1.0000000000000002,"C"]
["x",220,"REPINTURA TUBOS HORIZONTAIS QUADRAS ESPORTIVAS",{"$f":"+PO!L260","v":0},0,1.0000000000000002,"C"]
["x",221,"REPINTURA GOLEIRA FUTEBOL DE SALÃO",{"$f":"+PO!L261","v":0},0,1.0000000000000002,"C"]
["x",222,"REPINTURA POSTE DE VÔLEI",{"$f":"+PO!L262","v":0},0,1.0000000000000002,"C"]
["x",223,"REPINTURA BANCO \"B\" C/ENCOSTO",{"$f":"+PO!L263","v":0},0,1.0000000000000002,"C"]
["x",224,"REPINTURA BANCO \"A\" S/ENCOSTO",{"$f":"+PO!L264","v":0},0,1.0000000000000002,"C"]
[null,225,"REPINTURA BANCO \"D\" S/ENCOSTO",{"$f":"+PO!L265","v":0},0,1.0000000000000002,"C"]
["x",226,"REPINTURA PARACICLO",{"$f":"+PO!L266","v":0},0,1.0000000000000002,"C"]
["x",227,"REPINTURA ESTRUTURA 1 - \"S\"",{"$f":"+PO!L267","v":0},0,1.0000000000000002,"C"]
["x",228,"REPINTURA ESTRUTURA 2",{"$f":"+PO!L268","v":0},0,1.0000000000000002,"C"]
["x",229,"REPINTURA ESTRUTURA 3",{"$f":"+PO!L269","v":0},0,1.0000000000000002,"C"]
["x",230,"REPINTURA ESTRUTURA 4 - GAIOLA",{"$f":"+PO!L270","v":0},0,1.0000000000000002,"C"]
["x",232,"REPINTURA ESTRUTURA 5 - ARCO",{"$f":"+PO!L271","v":0},0,1.0000000000000002,"C"]
["x",233,"REPINTURA ESTRUTURA 6 - TÚNEL DE FERRO",{"$f":"+PO!L272","v":0},0,1.0000000000000002,"C"]
["x",234,"REPINTURA ESTRUTURA 7 - \"Y\"",{"$f":"+PO!L273","v":0},0,1.0000000000000002,"C"]
["x",235,"REPINTURA ESTRUTURA 8 - AVIÃO",{"$f":"+PO!L274","v":0},0,1.0000000000000002,"C"]
["x",236,"REPINTURA ESTRUTURA 9",{"$f":"+PO!L275","v":0},0,1.0000000000000002,"C"]
["x",237,"REPINTURA GANGORRA DUPLA",{"$f":"+PO!L276","v":0},0,1.0000000000000002,"C"]
["x",238,"REPINTURA GANGORRA TRIPLA",{"$f":"+PO!L277","v":0},0,1.0000000000000002,"C"]
["x",239,"REPINTURA BARRA-BALANÇO",{"$f":"+PO!L278","v":0},0,1.0000000000000002,"C"]
["x",240,"REPINTURA BALANÇO MISTO",{"$f":"+PO!L279","v":0},0,1.0000000000000002,"C"]
["x",241,"REPINTURA BALANÇO JUVENIL",{"$f":"+PO!L280","v":0},0,1.0000000000000002,"C"]
["x",242,"REPINTURA BALANÇO INFANTIL",{"$f":"+PO!L281","v":0},0,1.0000000000000002,"C"]
["x",243,"REPINTURA ESCORREGADOR",{"$f":"+PO!L282","v":0},0,1.0000000000000002,"C"]
["x",244,"INSTALAÇÃO TELA h=5,50 m EM ESTRUTURA TUBULAR EXISTENTE DE QUADRA ESPORTIVA",{"$f":"+PO!L285","v":0},0,1.0000000000000002,"C"]
["x",245,"INSTALAÇÃO TELA h=3,00 m EM ESTRUTURA TUBULAR EXISTENTE DE QUADRA ESPORTIVA",{"$f":"+PO!L286","v":0},0,1.0000000000000002,"C"]
["x",246,"INSTALAÇÃO BANCO C/ ENCOSTO",{"$f":"+PO!L287","v":0},0,1.0000000000000002,"C"]
["x",247,"INSTALAÇÃO BANCO S/ ENCOSTO",{"$f":"+PO!L288","v":0},0,1.0000000000000002,"C"]
["x",248,"INSTALAÇÃO PARACICLO",{"$f":"+PO!L289","v":0},0,1.0000000000000002,"C"]
["x",249,"INSTALAÇÃO MESA DE DAMAS",{"$f":"+PO!L290","v":0},0,1.0000000000000002,"C"]
["x",250,"INSTALAÇÃO ESTRUTURA 9",{"$f":"+PO!L291","v":0},0,1.0000000000000002,"C"]
["x",251,"INSTALAÇÃO GANGORRA",{"$f":"+PO!L292","v":0},0,1.0000000000000002,"C"]
["x",252,"INSTALAÇÃO BARRA-BALANÇO",{"$f":"+PO!L293","v":0},0,1.0000000000000002,"C"]
["x",253,"INSTALAÇÃO BALANÇO",{"$f":"+PO!L294","v":0},0,1.0000000000000002,"C"]
["x",253,"INSTALAÇÃO ESCORREGADOR",{"$f":"+PO!L295","v":0},0,1.0000000000000002,"C"]
["x",253,"GRAMA CATARINA",{"$f":"+PO!L298","v":0},0,1.0000000000000002,"C"]
["x",254,"GRAMA DE CAMPO",{"$f":"+PO!L299","v":0},0,1.0000000000000002,"C"]
["x",255,"MUDA DE ÁRVORE - PLANTIO SEM A MUDA",{"$f":"+PO!L300","v":0},0,1.0000000000000002,"C"]
[]
["x","TOTAL:",null,{"$f":"SUM(D9:D259)","v":136885.77999999994},{"$f":"SUM(E9:E259)","v":1.0000000000000002}]

{"sheet":"Vigia","index":10,"n_rows":57,"n_cols":42,"rows_kept":57,"cut":false,"hidden":true,"merged":[[2,38,2,42],[3,39,3,42],[4,41,4,42],[0,31,29,31],[32,37,32,38],[124,36,124,38],[90,39,90,41],[90,42,91,42],[91,39,91,41],[80,32,80,37],[80,38,80,41],[81,32,82,37],[81,38,82,41],[83,38,83,42],[84,42,87,42],[85,35,85,37],[86,35,86,37],[76,38,76,41],[76,42,77,42],[77,38,77,41],[78,39,78,41],[78,42,82,42],[79,38,79,41],[54,38,54,39],[125,36,125,38],[0,0,0,30],[1,0,1,30],[118,39,118,41],[118,42,119,42],[119,39,119,41],[122,32,123,36],[122,37,123,37],[122,38,123,38],[122,39,123,39],[122,40,123,40],[122,41,123,41],[122,42,123,42],[95,36,95,38],[96,36,96,38],[116,37,116,38],[116,40,116,42],[117,37,117,38],[117,40,117,42],[88,37,88,38],[88,40,88,42],[89,37,89,38],[89,40,89,42],[5,32,5,42],[54,40,54,42],[55,41,55,42],[56,41,56,42],[51,38,51,39],[51,40,51,42],[52,38,52,39],[52,40,52,42],[53,38,53,39],[53,40,53,42],[47,38,47,39],[47,40,47,42],[48,38,48,39],[48,40,48,42],[49,39,49,42],[50,41,50,42],[43,37,43,42],[44,41,44,42],[45,38,45,39],[45,40,45,42],[46,38,46,39],[46,40,46,42],[37,41,37,42],[38,41,38,42],[39,41,39,42],[40,41,40,42],[41,41,41,42],[42,41,42,42],[19,41,23,42],[20,39,20,40],[21,39,21,40],[35,37,35,38],[35,39,35,42],[36,37,36,38],[36,39,36,42],[31,32,31,42],[32,40,32,42],[33,37,33,38],[33,39,33,42],[35,32,35,36],[36,32,36,36],[29,32,29,35],[29,36,29,38],[29,39,29,40],[32,32,32,36],[28,36,28,38],[28,39,28,40],[33,32,33,36],[34,32,34,36],[34,37,34,38],[34,39,34,42],[24,41,30,42],[30,39,30,40],[10,32,10,38],[10,39,10,40],[22,0,23,0],[22,2,23,2],[22,6,23,6],[22,7,23,7],[22,13,23,13],[22,14,23,14],[14,36,14,38],[14,39,14,40],[15,39,15,40],[16,39,16,40],[17,39,17,40],[18,36,18,38],[18,39,18,40],[22,20,23,20],[22,21,23,21],[22,27,23,27],[22,28,23,28],[22,32,23,38],[22,39,23,40],[19,39,19,40],[0,32,0,33],[6,35,6,36],[6,37,7,38],[10,41,18,42],[11,0,12,0],[11,2,12,2],[11,6,12,6],[11,7,12,7],[11,13,12,13],[11,14,12,14],[11,20,12,20],[6,39,7,40],[6,41,9,42],[7,35,7,36],[8,37,8,40],[9,32,9,34],[9,37,9,40],[11,21,12,21],[11,27,12,27],[11,28,12,28],[11,32,12,38],[11,39,12,40],[13,32,13,38],[13,39,13,40],[40,0,40,1],[40,2,40,5],[41,2,41,5],[42,2,42,5],[43,2,43,5],[44,2,44,5],[45,2,45,5],[46,2,46,5],[47,2,47,5],[44,10,44,11],[44,12,44,15],[47,0,47,1],[46,0,46,1],[45,0,45,1],[44,0,44,1],[43,0,43,1],[42,0,42,1],[41,0,41,1],[39,8,39,9],[46,12,46,15],[47,10,47,11],[47,12,47,15],[47,8,47,9],[47,18,47,19],[47,16,47,17],[38,0,38,9],[38,10,38,19],[39,10,39,11],[39,12,39,15],[39,16,39,17],[39,18,39,19],[40,10,40,11],[40,12,40,15],[45,10,45,11],[45,12,45,15],[39,0,39,1],[39,2,39,5],[41,12,41,15],[42,10,42,11],[42,12,42,15],[43,10,43,11],[43,12,43,15],[48,0,48,11],[1,32,1,42],[0,39,0,42],[40,18,40,19],[40,16,40,17],[37,0,37,19],[46,16,46,19],[45,16,45,19],[44,16,44,19],[43,16,43,19],[42,16,42,19],[41,16,41,19],[46,6,46,9],[45,6,45,9],[44,6,44,9],[43,6,43,9],[42,6,42,9],[41,6,41,9],[40,8,40,9],[40,6,40,7],[46,10,46,11],[41,10,41,11],[47,6,47,7],[39,6,39,7]]}
["VIGIA",{"$nulls":33},"Preencher nas atualizações"]
["Regime 12x36"]
["d","Seg","Ter","Qua","Qui","Sex","Sab","Dom","Seg","Ter","Qua","Qui","Sex","Sab","Dom","Seg","Ter","Qua","Qui","Sex","Sab","Dom","Seg","Ter","Qua","Qui","Sex","Sab","Dom","Seg","Ter",null,"Horário da obra: 7:30 às 17:18"]
["h",1,2,3,4,5,6,7,8,9,10,11,12,13,14,15,16,17,18,19,20,21,22,23,24,25,26,27,28,29,30,null,"Horário Vigia Noturno: 19:00 às 7:00"]
[0,1,1,1,1,1,1,1,1,1,1,1,1,1,1,1,1,1,1,1,1,1,1,1,1,1,1,1,1,1,1,null,"Horas extras servente: 2 h 12 min      =",{"$nulls":6},2.2000000000000002,"horas"]
[1,1,1,1,1,1,1,1,1,1,1,1,1,1,1,1,1,1,1,1,1,1,1,1,1,1,1,1,1,1,1]
[2,1,1,1,1,1,1,1,1,1,1,1,1,1,1,1,1,1,1,1,1,1,1,1,1,1,1,1,1,1,1,null,"Hora do Vigia:",null,null,5.38,null,"Risco =",null,0.15,null,"Fonte: SindiVigilantes 2019"]
[3,1,1,1,1,1,1,1,1,1,1,1,1,1,1,1,1,1,1,1,1,1,1,1,1,1,1,1,1,1,1,null,"Hora noturna:",null,null,{"$f":"+TRUNC((AJ7*1.2),2)","v":6.45}]
[4,1,1,1,1,1,1,1,1,1,1,1,1,1,1,1,1,1,1,1,1,1,1,1,1,1,1,1,1,1,1,null,"Hora com risco:",null,null,"Normal:",null,{"$f":"TRUNC(AJ7*(1+AN7),2)","v":6.18}]
[5,1,1,1,1,1,1,1,1,1,1,1,1,1,1,1,1,1,1,1,1,1,1,1,1,1,1,1,1,1,1,{"$nulls":4},"Noturna:",null,{"$f":"TRUNC(AJ8*(1+AN7),2)","v":7.41}]
[6,1,1,1,1,1,1,1,1,1,1,1,1,1,1,1,1,1,1,1,1,1,1,1,1,1,1,1,1,1,1,null,"Hora normal:",{"$nulls":6},{"$f":"+AL9","v":6.18},null,"Fonte: SindiVigilantes 2019"]
[7,0.5,1,0.5,0.5,0.5,1,1,0.5,0.5,0.5,0.5,0.5,1,1,0.5,0.5,0.5,0.5,0.5,1,1,0.5,0.5,0.5,0.5,0.5,1,1,0.5,0.5,null,"Hora noturna:",{"$nulls":6},{"$f":"+AN11*1.2","v":7.4159999999999995}]
[]
[8,null,1,null,null,null,1,1,{"$nulls":5},1,1,{"$nulls":5},1,1,{"$nulls":5},1,1,null,null,null,"Hora extra normal:",{"$nulls":6},{"$f":"+AN11*1.5","v":9.27}]
[9,null,1,null,null,null,1,1,{"$nulls":5},1,1,{"$nulls":5},1,1,{"$nulls":5},1,1,null,null,null,"Hora extra noturna:",{"$nulls":6},{"$f":"+AN14*1.2","v":11.123999999999999}]
[10,null,1,null,null,null,1,1,{"$nulls":5},1,1,{"$nulls":5},1,1,{"$nulls":5},1,1,null,null,null,"Hora normal domingos e feriados:",{"$nulls":6},{"$f":"TRUNC((AN11*2),2)","v":12.36}]
[11,null,1,null,null,null,1,1,{"$nulls":5},1,1,{"$nulls":5},1,1,{"$nulls":5},1,1,null,null,null,"Hora noturna domingos e feriados:",{"$nulls":6},{"$f":"+AN16*1.2","v":14.831999999999999}]
[12,null,1,null,null,null,1,1,{"$nulls":5},1,1,{"$nulls":5},1,1,{"$nulls":5},1,1,null,null,null,"Regime 12x36 horas Noturno - 15 dias:",{"$nulls":6},1602.1]
[13,null,1,null,null,null,1,1,{"$nulls":5},1,1,{"$nulls":5},1,1,{"$nulls":5},1,1,null,null,null,"2 vigias (30 dias):",{"$nulls":6},{"$f":"+AN18*2","v":3204.2}]
[14,null,1,null,null,null,1,1,{"$nulls":5},1,1,{"$nulls":5},1,1,{"$nulls":5},1,1,null,null,null,"Hora servente (c/L.S. c/desoneração):",{"$nulls":6},{"$f":"+M.O.!C18","v":16.920000000000002},null,{"$f":"CONCATENATE(\"Fonte: SINAPI \",M.O.!$E$17)","v":"Fonte: SINAPI Janeiro/22"}]
[15,null,1,null,null,null,1,1,{"$nulls":5},1,1,{"$nulls":5},1,1,{"$nulls":5},1,1,null,null,null,"Hora extra servente (c/L.S. c/desoneração):",{"$nulls":6},{"$f":"TRUNC((AN20*1.5),2)","v":25.38}]
[16,null,1,null,null,null,1,1,{"$nulls":5},1,1,{"$nulls":5},1,1,{"$nulls":5},1,1,null,null,null,"Hora servente (c/L.S. s/desoneração):",{"$nulls":6},{"$f":"+M.O.!D18","v":18.84}]
[17,null,1,null,null,null,1,1,{"$nulls":5},1,1,{"$nulls":5},1,1,{"$nulls":5},1,1,null,null,null,"Hora extra servente (c/L.S. s/desoneração):",{"$nulls":6},{"$f":"TRUNC((AN22*1.5),2)","v":28.26}]
[null,0.7,null,0.7,0.7,0.7,null,null,0.7,0.7,0.7,0.7,0.7,null,null,0.7,0.7,0.7,0.7,0.7,null,null,0.7,0.7,0.7,0.7,0.7,null,null,0.7,0.7]
[18,1,1,1,1,1,1,1,1,1,1,1,1,1,1,1,1,1,1,1,1,1,1,1,1,1,1,1,1,1,1,null,"Dias úteis:",null,21,"dias","L.S. horista c/desoneração:",null,null,null,{"$f":"+'Encargos Sociais'!C42","v":0.82309999999999994},{"$f":"CONCATENATE(\"Fonte: SINAPI \",M.O.!$E$17)","v":"Fonte: SINAPI Janeiro/22"}]
[19,1,1,1,1,1,1,1,1,1,1,1,1,1,1,1,1,1,1,1,1,1,1,1,1,1,1,1,1,1,1,null,"Sábados:",null,4,"dias","L.S. horista s/desoneração:",null,null,null,{"$f":"+'Encargos Sociais'!E42","v":1.1122000000000001}]
[20,1,1,1,1,1,1,1,1,1,1,1,1,1,1,1,1,1,1,1,1,1,1,1,1,1,1,1,1,1,1,null,"Domingos:",null,4,"dias","L.S. mensal. c/desoneração:",null,null,null,{"$f":"+'Encargos Sociais'!D42","v":0.45979999999999999}]
[21,1,1,1,1,1,1,1,1,1,1,1,1,1,1,1,1,1,1,1,1,1,1,1,1,1,1,1,1,1,1,null,"Feriados:",null,1,"dia","L.S. mensal. s/desoneração:",null,null,null,{"$f":"+'Encargos Sociais'!F42","v":0.69189999999999996}]
[22,1,1,1,1,1,1,1,1,1,1,1,1,1,1,1,1,1,1,1,1,1,1,1,1,1,1,1,1,1,1,{"$nulls":5},"E.C. horista Vigia:",null,null,{"$f":"+$Q$48","v":4.84}]
[23,1,1,1,1,1,1,1,1,1,1,1,1,1,1,1,1,1,1,1,1,1,1,1,1,1,1,1,1,1,1,{"$nulls":5},"E.C. mens. Vigia c/des.:",null,null,{"$f":"+$G$48","v":907.95}]
[{"$nulls":36},"E.C. mens. Vigia s/des.:",null,null,{"$f":"+$I$48","v":908.98}]
[null,"Vigia Noturno 1",{"$nulls":30},"Vigia Noturno (Regime 12x36 - 15d)"]
[null,"Vigia Noturno 2",{"$nulls":30},"s/ Leis Sociais",{"$nulls":4},{"$f":"+AN18","v":1602.1}]
[null,"Servente",{"$nulls":30},"c/ L.S. c/desoneração:",{"$nulls":4},{"$f":"TRUNC((AL33*(1+AO27)),2)","v":2338.7399999999998}]
[null,"Vigia Diurno Domingos e Feriados",{"$nulls":20},"Feriados:",{"$nulls":9},"c/ L.S. s/desoneração:",{"$nulls":4},{"$f":"TRUNC((AL33*(1+AO28)),2)","v":2710.59}]
[null,"Vigia Diurno Sábados",{"$nulls":20},"-1º de janeiro",{"$nulls":9},"c/ E.C. c/desoneração:",{"$nulls":4},{"$f":"+AL34+AN30","v":3246.6899999999996}]
[{"$nulls":22},"-Nossa Senhora dos Navegantes",{"$nulls":9},"c/ E.C. s/desoneração:",{"$nulls":4},{"$f":"+AL35+AN31","v":3619.57}]
["Encargos Complementares",{"$nulls":21},"-Sexta-feira Santa",{"$nulls":9},"2 Vigias Noturnos (Regime 12x36 - 15d) c/desoneração (mês):",{"$nulls":8},{"$f":"+AL36*2","v":6493.3799999999992}]
["Mensalista",{"$nulls":9},"Horista",{"$nulls":11},"-Tiradentes",{"$nulls":9},"2 Vigias Noturnos (Regime 12x36 - 15d) s/desoneração (mês):",{"$nulls":8},{"$f":"+AL37*2","v":7239.14}]
["Código",null,"Discriminação",null,null,null,"c/des.",null,"s/des.",null,"Código",null,"Discriminação",null,null,null,"c/des.",null,"s/des.",null,null,null,"-Dia do Trabalho",{"$nulls":9},"Servente (rendição do vigia) c/desoneração (mês):",{"$nulls":8},{"$f":"TRUNC((AN5*AI25*AN21),2)","v":1172.55}]
[101372,null,"Curso Capacitação:*",null,null,null,{"$f":"VLOOKUP(A41,'Comp.SINAPI c_des.'!$M$8:$R$50000,6,FALSE)","v":6.52},{"$f":"VLOOKUP(F41,'Comp.SINAPI c_des.'!$G$8:$K$50000,5,FALSE)","v":{"$error":"#N/A"}},{"$f":"VLOOKUP(A41,'Comp.SINAPI s_des.'!$M$8:$R$50000,6,FALSE)","v":7.55},{"$f":"VLOOKUP(H41,'Comp.SINAPI c_des.'!$G$8:$K$50000,5,FALSE)","v":{"$error":"#N/A"}},95388,null,"Curso Capacitação:",null,null,null,{"$f":"VLOOKUP(K41,'Comp.SINAPI c_des.'!$M$8:$R$50000,6,FALSE)","v":0.06},{"$f":"VLOOKUP(P41,'Comp.SINAPI c_des.'!$G$8:$K$50000,5,FALSE)","v":{"$error":"#N/A"}},{"$f":"VLOOKUP(K41,'Comp.SINAPI s_des.'!$M$8:$R$50000,6,FALSE)","v":7.0000000000000007E-2},{"$f":"VLOOKUP(R41,'Comp.SINAPI c_des.'!$G$8:$K$50000,5,FALSE)","v":{"$error":"#N/A"}},null,null,"-Corpus Christi",{"$nulls":9},"Servente (rendição do vigia) s/desoneração (mês):",{"$nulls":8},{"$f":"TRUNC((AN5*AI25*AN23),2)","v":1305.6099999999999}]
[40861,null,"Transporte:",null,null,null,{"$f":"VLOOKUP(A42,'Comp.SINAPI c_des.'!$M$8:$R$50000,6,FALSE)","v":200.91},{"$f":"VLOOKUP(F42,'Comp.SINAPI c_des.'!$G$8:$K$50000,5,FALSE)","v":{"$error":"#N/A"}},{"$f":"VLOOKUP(G42,'Comp.SINAPI c_des.'!$G$8:$K$50000,5,FALSE)","v":{"$error":"#N/A"}},{"$f":"VLOOKUP(H42,'Comp.SINAPI c_des.'!$G$8:$K$50000,5,FALSE)","v":{"$error":"#N/A"}},37371,null,"Transporte:",null,null,null,{"$f":"VLOOKUP(K42,'Comp.SINAPI c_des.'!$M$8:$R$50000,6,FALSE)","v":1.07},{"$f":"VLOOKUP(P42,'Comp.SINAPI c_des.'!$G$8:$K$50000,5,FALSE)","v":{"$error":"#N/A"}},{"$f":"VLOOKUP(Q42,'Comp.SINAPI c_des.'!$G$8:$K$50000,5,FALSE)","v":{"$error":"#N/A"}},{"$f":"VLOOKUP(R42,'Comp.SINAPI c_des.'!$G$8:$K$50000,5,FALSE)","v":{"$error":"#N/A"}},null,null,"-Independência do Brasil",{"$nulls":9},"Total Vigia Noturno c/desoneração:",{"$nulls":8},{"$f":"+AP38+AP40","v":7665.9299999999994}]
[40862,null,"Alimentação:",null,null,null,{"$f":"VLOOKUP(A43,'Comp.SINAPI c_des.'!$M$8:$R$50000,6,FALSE)","v":213.44},{"$f":"VLOOKUP(F43,'Comp.SINAPI c_des.'!$G$8:$K$50000,5,FALSE)","v":{"$error":"#N/A"}},{"$f":"VLOOKUP(G43,'Comp.SINAPI c_des.'!$G$8:$K$50000,5,FALSE)","v":{"$error":"#N/A"}},{"$f":"VLOOKUP(H43,'Comp.SINAPI c_des.'!$G$8:$K$50000,5,FALSE)","v":{"$error":"#N/A"}},37370,null,"Alimentação:",null,null,null,{"$f":"VLOOKUP(K43,'Comp.SINAPI c_des.'!$M$8:$R$50000,6,FALSE)","v":1.1299999999999999},{"$f":"VLOOKUP(P43,'Comp.SINAPI c_des.'!$G$8:$K$50000,5,FALSE)","v":{"$error":"#N/A"}},{"$f":"VLOOKUP(Q43,'Comp.SINAPI c_des.'!$G$8:$K$50000,5,FALSE)","v":{"$error":"#N/A"}},{"$f":"VLOOKUP(R43,'Comp.SINAPI c_des.'!$G$8:$K$50000,5,FALSE)","v":{"$error":"#N/A"}},null,null,"-Revolução Farroupilha",{"$nulls":9},"Total Vigia Noturno s/desoneração:",{"$nulls":8},{"$f":"+AP39+AP41","v":8544.75}]
[40863,null,"Exames:",null,null,null,{"$f":"VLOOKUP(A44,'Comp.SINAPI c_des.'!$M$8:$R$50000,6,FALSE)","v":152.35},{"$f":"VLOOKUP(F44,'Comp.SINAPI c_des.'!$G$8:$K$50000,5,FALSE)","v":{"$error":"#N/A"}},{"$f":"VLOOKUP(G44,'Comp.SINAPI c_des.'!$G$8:$K$50000,5,FALSE)","v":{"$error":"#N/A"}},{"$f":"VLOOKUP(H44,'Comp.SINAPI c_des.'!$G$8:$K$50000,5,FALSE)","v":{"$error":"#N/A"}},37372,null,"Exames:",null,null,null,{"$f":"VLOOKUP(K44,'Comp.SINAPI c_des.'!$M$8:$R$50000,6,FALSE)","v":0.81},{"$f":"VLOOKUP(P44,'Comp.SINAPI c_des.'!$G$8:$K$50000,5,FALSE)","v":{"$error":"#N/A"}},{"$f":"VLOOKUP(Q44,'Comp.SINAPI c_des.'!$G$8:$K$50000,5,FALSE)","v":{"$error":"#N/A"}},{"$f":"VLOOKUP(R44,'Comp.SINAPI c_des.'!$G$8:$K$50000,5,FALSE)","v":{"$error":"#N/A"}},null,null,"-Nossa Senhora Aparecida",{"$nulls":9},"Vigia Sábados (à tarde)"]
[40864,null,"Seguro:",null,null,null,{"$f":"VLOOKUP(A45,'Comp.SINAPI c_des.'!$M$8:$R$50000,6,FALSE)","v":11.8},{"$f":"VLOOKUP(F45,'Comp.SINAPI c_des.'!$G$8:$K$50000,5,FALSE)","v":{"$error":"#N/A"}},{"$f":"VLOOKUP(G45,'Comp.SINAPI c_des.'!$G$8:$K$50000,5,FALSE)","v":{"$error":"#N/A"}},{"$f":"VLOOKUP(H45,'Comp.SINAPI c_des.'!$G$8:$K$50000,5,FALSE)","v":{"$error":"#N/A"}},37373,null,"Seguro:",null,null,null,{"$f":"VLOOKUP(K45,'Comp.SINAPI c_des.'!$M$8:$R$50000,6,FALSE)","v":0.06},{"$f":"VLOOKUP(P45,'Comp.SINAPI c_des.'!$G$8:$K$50000,5,FALSE)","v":{"$error":"#N/A"}},{"$f":"VLOOKUP(Q45,'Comp.SINAPI c_des.'!$G$8:$K$50000,5,FALSE)","v":{"$error":"#N/A"}},{"$f":"VLOOKUP(R45,'Comp.SINAPI c_des.'!$G$8:$K$50000,5,FALSE)","v":{"$error":"#N/A"}},null,null,"-Finados",{"$nulls":9},"Horas:",null,{"$f":"+AI26","v":4},"dias","x",12,"horas","=",{"$f":"+AI45*AL45","v":48},"horas"]
[43479,null,"Ferramentas:",null,null,null,{"$f":"VLOOKUP(A46,'Comp.SINAPI c_des.'!$M$8:$R$50000,6,FALSE)","v":106.33},{"$f":"VLOOKUP(F46,'Comp.SINAPI c_des.'!$G$8:$K$50000,5,FALSE)","v":{"$error":"#N/A"}},{"$f":"VLOOKUP(G46,'Comp.SINAPI c_des.'!$G$8:$K$50000,5,FALSE)","v":{"$error":"#N/A"}},{"$f":"VLOOKUP(H46,'Comp.SINAPI c_des.'!$G$8:$K$50000,5,FALSE)","v":{"$error":"#N/A"}},43467,null,"Ferramentas:",null,null,null,{"$f":"VLOOKUP(K46,'Comp.SINAPI c_des.'!$M$8:$R$50000,6,FALSE)","v":0.56000000000000005},{"$f":"VLOOKUP(P46,'Comp.SINAPI c_des.'!$G$8:$K$50000,5,FALSE)","v":{"$error":"#N/A"}},{"$f":"VLOOKUP(Q46,'Comp.SINAPI c_des.'!$G$8:$K$50000,5,FALSE)","v":{"$error":"#N/A"}},{"$f":"VLOOKUP(R46,'Comp.SINAPI c_des.'!$G$8:$K$50000,5,FALSE)","v":{"$error":"#N/A"}},null,null,"-Proclamação da República",{"$nulls":9},"Hora c/ L.S. e E.C. c/desoneração:",{"$nulls":5},{"$f":"TRUNC(((AN11*(1+AO25))+AN29),2)","v":16.100000000000001}]
[43503,null,"EPI:",null,null,null,{"$f":"VLOOKUP(A47,'Comp.SINAPI c_des.'!$M$8:$R$50000,6,FALSE)","v":216.6},{"$f":"VLOOKUP(F47,'Comp.SINAPI c_des.'!$G$8:$K$50000,5,FALSE)","v":{"$error":"#N/A"}},{"$f":"VLOOKUP(G47,'Comp.SINAPI c_des.'!$G$8:$K$50000,5,FALSE)","v":{"$error":"#N/A"}},{"$f":"VLOOKUP(H47,'Comp.SINAPI c_des.'!$G$8:$K$50000,5,FALSE)","v":{"$error":"#N/A"}},43491,null,"EPI:",null,null,null,{"$f":"VLOOKUP(K47,'Comp.SINAPI c_des.'!$M$8:$R$50000,6,FALSE)","v":1.1499999999999999},{"$f":"VLOOKUP(P47,'Comp.SINAPI c_des.'!$G$8:$K$50000,5,FALSE)","v":{"$error":"#N/A"}},{"$f":"VLOOKUP(Q47,'Comp.SINAPI c_des.'!$G$8:$K$50000,5,FALSE)","v":{"$error":"#N/A"}},{"$f":"VLOOKUP(R47,'Comp.SINAPI c_des.'!$G$8:$K$50000,5,FALSE)","v":{"$error":"#N/A"}},null,null,"-Natal",{"$nulls":9},"Total c/ L.S. e E.C. c/desoneração:",{"$nulls":5},{"$f":"+AO45*AM46","v":772.80000000000007}]
[null,null,"Total",null,null,null,{"$f":"+G41+G42+G43+G44+G45+G46+G47","v":907.95},null,{"$f":"+I41+G42+G43+G44+G45+G46+G47","v":908.98},null,null,null,"Total",null,null,null,{"$f":"+Q41+Q42+Q43+Q44+Q45+Q46+Q47","v":4.84},null,{"$f":"+S41+Q42+Q43+Q44+Q45+Q46+Q47","v":4.8499999999999996},null,null,null,"Total = 12 feriados / 12 meses = 1 Feriado/mês",{"$nulls":9},"Hora c/ L.S. e E.C. s/desoneração:",{"$nulls":5},{"$f":"TRUNC(((AN11*(1+AO26))+AN29),2)","v":17.89}]
["* vigia diurno, pois não existe para vigia noturno",{"$nulls":31},"Total c/ L.S. e E.C. s/desoneração:",{"$nulls":5},{"$f":"+AO45*AM48","v":858.72}]
[{"$nulls":32},"Vigia Domingos e Feriados (à tarde)"]
[{"$nulls":32},"Horas:",null,{"$f":"+AI27+AI28","v":5},"dias","x",12,"horas","=",{"$f":"+AI51*AL51","v":60},"horas"]
[{"$nulls":32},"Hora c/ L.S. e E.C. c/desoneração:",{"$nulls":5},{"$f":"TRUNC(((AN16*(1+AO25))+AN29),2)","v":27.37}]
[{"$nulls":32},"Total c/ L.S. e E.C. c/desoneração:",{"$nulls":5},{"$f":"+AO51*AM52","v":1642.2}]
[{"$nulls":32},"Hora c/ L.S. e E.C. s/desoneração:",{"$nulls":5},{"$f":"TRUNC(((AN16*(1+AO26))+AN29),2)","v":30.94}]
[{"$nulls":32},"Total c/ L.S. e E.C. s/desoneração:",{"$nulls":5},{"$f":"+AO51*AM54","v":1856.4}]
[{"$nulls":32},"Total Vigia Diurno c/desoneração:",{"$nulls":8},{"$f":"+AM47+AM53","v":2415}]
[{"$nulls":32},"Total Vigia Diurno s/desoneração:",{"$nulls":8},{"$f":"+AM49+AM55","v":2715.12}]

{"sheet":"Comparativo","index":11,"n_rows":9,"n_cols":3,"rows_kept":9,"cut":false,"hidden":false,"merged":[[0,0,0,2],[8,0,8,2],[2,0,2,3],[4,0,4,1],[5,0,5,1],[6,0,6,1]]}
["COMPARATIVO ENTRE PREÇOS GLOBAIS EM RELAÇÃO À DESONERAÇÃO OU NÃO DA FOLHA DE PAGAMENTO"]
[]
["OBJETO: OBRA DE REVITALIZAÇÃO DA PRAÇA A.R.I. - CACHORRÓDROMO"]
[]
[null,null,"VALOR"]
["s/desoneração",null,138060.06]
["c/desoneração",null,136885.78]
[]
["A OPÇÃO MAIS ECONÔMICA AO MUNÍCIPIO É A C/DESONERAÇÃO DA FOLHA DE PAGAMENTO"]

{"sheet":"Atualizações Cotações","index":12,"n_rows":30,"n_cols":13,"rows_kept":30,"cut":false,"hidden":true,"merged":[[29,0,29,12],[13,0,13,12],[9,4,9,5],[0,0,0,12],[6,0,6,3],[7,0,7,1],[7,2,7,3],[6,4,6,5],[7,4,7,5],[8,7,8,8],[9,0,9,3],[10,0,10,1],[10,2,10,3],[10,4,10,5]]}
["ATUALIZAÇÃO COTAÇÕES SMAMUS"]
[]
[]
["REAJUSTE?","SIM"]
[]
[]
["Data-base da cotação",null,null,null,"Índice"]
["Abril",null,2019,null,{"$f":"VLOOKUP($C$8,$A$15:$M$28,MATCH($A$8,$A$15:$M$15,0),FALSE)","v":755.37300000000005},{"$f":"VLOOKUP($A$8,#REF!,MATCH($C$8,#REF!,0),FALSE)","v":{"$error":"#REF!"}}]
[{"$nulls":7},"Índice de Reajuste:",null,{"$f":"IF($B$4=\"NÃO\",0,(IF($B$4=\"SIM\",((E11/E8)-1))))","v":0.28305353778861564}]
["Data do Reajuste",null,null,null,"Índice"]
["Janeiro",null,2022,null,{"$f":"VLOOKUP($C$11,$A$15:$M$28,MATCH($A$11,$A$15:$M$15,0),FALSE)","v":969.18399999999997},{"$f":"VLOOKUP($A$8,#REF!,MATCH($C$8,#REF!,0),FALSE)","v":{"$error":"#REF!"}}]
[]
[]
["ÍNDICE NACIONAL DE CUSTO DA CONSTRUÇÃO (INCC)"]
["Mês/Ano","Janeiro","Fevereiro","Março","Abril","Maio","Junho","Julho","Agosto","Setembro","Outubro","Novembro","Dezembro"]
[2014,569.72,571.577,573.15599999999995,578.22400000000005,590.09900000000005,594.01300000000003,598.44100000000003,598.89800000000002,599.82299999999998,600.86500000000001,603.524,604.02599999999995]
[2015,609.56799999999998,611.447,615.24800000000005,618.05999999999995,623.95100000000002,635.40300000000002,638.88,642.64400000000001,644.04600000000005,646.35500000000002,648.54200000000003,649.21600000000001]
[2016,651.75900000000001,655.26300000000003,659.44600000000003,663.05700000000002,663.61,676.42,679.75099999999998,681.75599999999997,684.02499999999998,685.48900000000003,686.60699999999997,688.98500000000001]
[2017,691.79200000000003,696.31399999999996,697.41,697.24400000000003,701.66399999999999,708.197,710.35500000000002,712.88400000000001,713.33,715.52700000000004,717.75099999999998,718.27599999999995]
[2018,720.495,721.41399999999999,723.16300000000001,725.245,726.923,733.98400000000004,738.48699999999997,739.58299999999997,741.30499999999995,743.86599999999999,744.86500000000001,745.85599999999999]
[2019,749.51700000000005,750.18,752.524,755.37300000000005,755.625,762.30399999999997,766.69899999999996,769.95100000000002,773.52,774.93899999999996,775.22500000000002,776.83900000000006]
[2020,779.76599999999996,782.33600000000001,784.33799999999997,786.07,787.66600000000005,790.33100000000002,799.58900000000006,805.35599999999999,814.70100000000002,828.77800000000002,839.38199999999995,845.26800000000003]
[2021,852.80899999999997,868.92899999999997,880.26499999999999,888.19100000000003,907.899,927.51199999999994,935.35900000000004,939.69899999999996,944.52,952.596,959.00099999999998,962.32100000000003]
[2022,969.18399999999997]
[2023]
[2024]
[2025]
[2026]
[]
["Fonte: DNIT (https://www.gov.br/dnit/pt-br/assuntos/planejamento-e-pesquisa/custos-e-pagamentos/custos-e-pagamentos-dnit/indices-de-reajustamentos/indices-de-reajustamentos-de-obras-rodoviario)"]

{"sheet":"Insumos SINAPI","index":13,"n_rows":5224,"n_cols":5,"rows_kept":5224,"cut":false,"hidden":true,"merged":[]}
["        PRECOS DE INSUMOS"]
[]
["MES DE COLETA: 01/2022"]
["LOCALIDADE: 3920 - PORTO ALEGRE"]
["ENCARGOS SOCIAIS (%) HORISTA 111,22  MENSALISTA  69,19"]
[]
["CODIGO  ","DESCRICAO DO INSUMO","UNIDADE","ORIGEM DO PRECO","  PRECO MEDIANO R$"]
[2418,"!EM PROCESSO DE DESATIVACAO! DOBRADICA EM ACO/FERRO, 3\" X 2 1/2\", E= 1,2 A 1,8 MM, SEM ANEL,  CROMADO OU ZINCADO, TAMPA BOLA, COM PARAFUSOS","UN    ","C ",13.46]
[3378,"!EM PROCESSO DE DESATIVACAO! HASTE DE ATERRAMENTO EM ACO COM 3,00 M DE COMPRIMENTO E DN = 3/4\", REVESTIDA COM BAIXA CAMADA DE COBRE, SEM CONECTOR","UN    ","CR",124.28]
[3380,"!EM PROCESSO DE DESATIVACAO! HASTE DE ATERRAMENTO EM ACO COM 3,00 M DE COMPRIMENTO E DN = 5/8\", REVESTIDA COM BAIXA CAMADA DE COBRE, COM CONECTOR TIPO GRAMPO","UN    ","C ",87]
[3379,"!EM PROCESSO DE DESATIVACAO! HASTE DE ATERRAMENTO EM ACO COM 3,00 M DE COMPRIMENTO E DN = 5/8\", REVESTIDA COM BAIXA CAMADA DE COBRE, SEM CONECTOR","UN    ","CR",83.99]
[615,"!EM PROCESSO DE DESATIVACAO! JANELA BASCULANTE, ACO, COM BATENTE/REQUADRO, 60 X 80 CM (SEM VIDROS)","M2    ","AS",501.05]
[606,"!EM PROCESSO DE DESATIVACAO! JANELA DE CORRER, ACO, BATENTE/REQUADRO DE 6 A 14 CM, QUADRICULADA, PINTURA ANTICORROSIVA, SEM VIDRO, BANDEIRA COM BASCULA, 4 FLS, 120  X 150 CM (A X L)","M2    ","AS",787.1]
[13382,"!EM PROCESSO DE DESATIVACAO! LUMINARIA FECHADA P/ ILUMINACAO PUBLICA, TIPO ABL 50/F OU EQUIV, P/ LAMPADA A VAPOR DE MERCURIO 400W","UN    ","AS",535.04]
[11199,"!EM PROCESSO DE DESATIVACAO!JANELA DE CORRER, ACO, BATENTE/REQUADRO DE 6 A 14 CM,  COM DIVISAO HORIZ , PINT ANTICORROSIVA, SEM VIDRO, BANDEIRA COM BASCULA, 4 FLS, 120  X 150 CM (A X L)","UN    ","AS",1129.4100000000001]
[21136,"!EM PROCESSO DESATIVACAO! ELETRODUTO EM ACO GALVANIZADO ELETROLITICO, LEVE, DIAMETRO 1\", PAREDE DE 0,90 MM","M     ","CR",30.45]
[21128,"!EM PROCESSO DESATIVACAO! ELETRODUTO EM ACO GALVANIZADO ELETROLITICO, LEVE, DIAMETRO 3/4\", PAREDE DE 0,90 MM","M     ","C ",23.56]
[21130,"!EM PROCESSO DESATIVACAO! ELETRODUTO EM ACO GALVANIZADO ELETROLITICO, SEMI-PESADO, DIAMETRO 1 1/2\", PAREDE DE 1,20 MM","M     ","CR",59.51]
[21135,"!EM PROCESSO DESATIVACAO! ELETRODUTO EM ACO GALVANIZADO ELETROLITICO, SEMI-PESADO, DIAMETRO 1 1/4\", PAREDE DE 1,20 MM","M     ","CR",58.58]
[38605,"ABERTURA PARA ENCAIXE DE CUBA OU LAVATORIO EM BANCADA DE MARMORE/ GRANITO OU OUTRO TIPO DE PEDRA NATURAL","UN    ","CR",105.55]
[11270,"ABRACADEIRA DE LATAO PARA FIXACAO DE CABO PARA-RAIO, DIMENSOES 32 X 24 X 24 MM","UN    ","AS",2.7]
[412,"ABRACADEIRA DE NYLON PARA AMARRACAO DE CABOS, COMPRIMENTO DE *230* X *7,6* MM","UN    ","CR",1.02]
[414,"ABRACADEIRA DE NYLON PARA AMARRACAO DE CABOS, COMPRIMENTO DE 100 X 2,5 MM","UN    ","CR",0.06]
[410,"ABRACADEIRA DE NYLON PARA AMARRACAO DE CABOS, COMPRIMENTO DE 150 X *3,6* MM","UN    ","CR",0.15]
[411,"ABRACADEIRA DE NYLON PARA AMARRACAO DE CABOS, COMPRIMENTO DE 200 X *4,6* MM","UN    ","C ",0.2]
[408,"ABRACADEIRA DE NYLON PARA AMARRACAO DE CABOS, COMPRIMENTO DE 390 X *4,6* MM","UN    ","CR",0.99]
[39131,"ABRACADEIRA EM ACO PARA AMARRACAO DE ELETRODUTOS, TIPO D, COM 1 1/2\" E CUNHA DE FIXACAO","UN    ","CR",3.02]
[394,"ABRACADEIRA EM ACO PARA AMARRACAO DE ELETRODUTOS, TIPO D, COM 1 1/2\" E PARAFUSO DE FIXACAO","UN    ","CR",3.06]
[39130,"ABRACADEIRA EM ACO PARA AMARRACAO DE ELETRODUTOS, TIPO D, COM 1 1/4\" E CUNHA DE FIXACAO","UN    ","CR",2.76]
[395,"ABRACADEIRA EM ACO PARA AMARRACAO DE ELETRODUTOS, TIPO D, COM 1 1/4\" E PARAFUSO DE FIXACAO","UN    ","CR",2.95]
[39127,"ABRACADEIRA EM ACO PARA AMARRACAO DE ELETRODUTOS, TIPO D, COM 1/2\" E CUNHA DE FIXACAO","UN    ","CR",1.45]
[392,"ABRACADEIRA EM ACO PARA AMARRACAO DE ELETRODUTOS, TIPO D, COM 1/2\" E PARAFUSO DE FIXACAO","UN    ","CR",1.49]
[39129,"ABRACADEIRA EM ACO PARA AMARRACAO DE ELETRODUTOS, TIPO D, COM 1\" E CUNHA DE FIXACAO","UN    ","CR",1.7]
[393,"ABRACADEIRA EM ACO PARA AMARRACAO DE ELETRODUTOS, TIPO D, COM 1\" E PARAFUSO DE FIXACAO","UN    ","C ",1.78]
[39133,"ABRACADEIRA EM ACO PARA AMARRACAO DE ELETRODUTOS, TIPO D, COM 2 1/2\" E CUNHA DE FIXACAO","UN    ","CR",3.97]
[397,"ABRACADEIRA EM ACO PARA AMARRACAO DE ELETRODUTOS, TIPO D, COM 2 1/2\" E PARAFUSO DE FIXACAO","UN    ","CR",4.3899999999999997]
[39132,"ABRACADEIRA EM ACO PARA AMARRACAO DE ELETRODUTOS, TIPO D, COM 2\" E CUNHA DE FIXACAO","UN    ","CR",3.18]
[396,"ABRACADEIRA EM ACO PARA AMARRACAO DE ELETRODUTOS, TIPO D, COM 2\" E PARAFUSO DE FIXACAO","UN    ","CR",3.4]
[39135,"ABRACADEIRA EM ACO PARA AMARRACAO DE ELETRODUTOS, TIPO D, COM 3 1/2\" E CUNHA DE FIXACAO","UN    ","CR",6.36]
[39128,"ABRACADEIRA EM ACO PARA AMARRACAO DE ELETRODUTOS, TIPO D, COM 3/4\" E CUNHA DE FIXACAO","UN    ","CR",1.59]
[400,"ABRACADEIRA EM ACO PARA AMARRACAO DE ELETRODUTOS, TIPO D, COM 3/4\" E PARAFUSO DE FIXACAO","UN    ","CR",1.55]
[39125,"ABRACADEIRA EM ACO PARA AMARRACAO DE ELETRODUTOS, TIPO D, COM 3/8\" E PARAFUSO DE FIXACAO","UN    ","CR",1.59]
[39134,"ABRACADEIRA EM ACO PARA AMARRACAO DE ELETRODUTOS, TIPO D, COM 3\" E CUNHA DE FIXACAO","UN    ","CR",5.3]
[398,"ABRACADEIRA EM ACO PARA AMARRACAO DE ELETRODUTOS, TIPO D, COM 3\" E PARAFUSO DE FIXACAO","UN    ","CR",4.88]
[39126,"ABRACADEIRA EM ACO PARA AMARRACAO DE ELETRODUTOS, TIPO D, COM 4\" E CUNHA DE FIXACAO","UN    ","CR",7.15]
[399,"ABRACADEIRA EM ACO PARA AMARRACAO DE ELETRODUTOS, TIPO D, COM 4\" E PARAFUSO DE FIXACAO","UN    ","CR",6.3]
[39158,"ABRACADEIRA EM ACO PARA AMARRACAO DE ELETRODUTOS, TIPO ECONOMICA (GOTA), COM 8\"","UN    ","CR",16.920000000000002]
[39141,"ABRACADEIRA EM ACO PARA AMARRACAO DE ELETRODUTOS, TIPO U SIMPLES, COM 1 1/2\"","UN    ","CR",1.23]
[39140,"ABRACADEIRA EM ACO PARA AMARRACAO DE ELETRODUTOS, TIPO U SIMPLES, COM 1 1/4\"","UN    ","CR",1.1100000000000001]
[39137,"ABRACADEIRA EM ACO PARA AMARRACAO DE ELETRODUTOS, TIPO U SIMPLES, COM 1/2\"","UN    ","CR",0.64]
[39139,"ABRACADEIRA EM ACO PARA AMARRACAO DE ELETRODUTOS, TIPO U SIMPLES, COM 1\"","UN    ","CR",0.92]
[39143,"ABRACADEIRA EM ACO PARA AMARRACAO DE ELETRODUTOS, TIPO U SIMPLES, COM 2 1/2\"","UN    ","CR",2.5299999999999998]
[39142,"ABRACADEIRA EM ACO PARA AMARRACAO DE ELETRODUTOS, TIPO U SIMPLES, COM 2\"","UN    ","CR",1.81]
[39138,"ABRACADEIRA EM ACO PARA AMARRACAO DE ELETRODUTOS, TIPO U SIMPLES, COM 3/4\"","UN    ","CR",0.68]
[39136,"ABRACADEIRA EM ACO PARA AMARRACAO DE ELETRODUTOS, TIPO U SIMPLES, COM 3/8\"","UN    ","CR",0.45]
[39144,"ABRACADEIRA EM ACO PARA AMARRACAO DE ELETRODUTOS, TIPO U SIMPLES, COM 3\"","UN    ","CR",2.95]
[39145,"ABRACADEIRA EM ACO PARA AMARRACAO DE ELETRODUTOS, TIPO U SIMPLES, COM 4\"","UN    ","CR",4.8600000000000003]
[12615,"ABRACADEIRA PVC, PARA CALHA PLUVIAL, DIAMETRO ENTRE 80 E 100 MM, PARA DRENAGEM PREDIAL","UN    ","AS",3.99]
[11927,"ABRACADEIRA, GALVANIZADA/ZINCADA, ROSCA SEM FIM, PARAFUSO INOX, LARGURA  FITA *12,6 A *14 MM, D = 2\" A 2 1/2\"","UN    ","AS",8.06]
[11928,"ABRACADEIRA, GALVANIZADA/ZINCADA, ROSCA SEM FIM, PARAFUSO INOX, LARGURA  FITA *12,6 A *14 MM, D = 3\" A 3 3/4\"","UN    ","AS",9.23]
[11929,"ABRACADEIRA, GALVANIZADA/ZINCADA, ROSCA SEM FIM, PARAFUSO INOX, LARGURA  FITA *12,6 A *14 MM, D = 4\" A 4 3/4\"","UN    ","AS",14.28]
[36801,"ACABAMENTO DE METAL CROMADO PARA REGISTRO PEQUENO, DE PAREDE, 1/2 \" OU 3/4 \"","UN    ","CR",51.19]
[36246,"ACABAMENTO SIMPLES/CONVENCIONAL PARA FORRO PVC, TIPO \"U\" OU \"C\", COR BRANCA, COMPRIMENTO 6 M","M     ","CR",5.57]
[37600,"ACESSORIO DE LIGACAO NAO ELETRICO PARA CARGAS EXPLOSIVAS, TUBO DE 6 M","UN    ","AS",123.71]
[37599,"ACESSORIO INICIADOR NAO ELETRICO, TUBO DE 6 M, TEMPO DE RETARDO DE *160* MS","UN    ","AS",115.15]
[1,"ACETILENO (RECARGA PARA CILINDRO DE CONJUNTO OXICORTE GRANDE)","KG    ","C ",57.5]
[3,"ACIDO CLORIDRICO / ACIDO MURIATICO, DILUICAO 10% A 12% PARA USO EM LIMPEZA","L     ","CR",18.07]
[43054,"ACO CA-25, 10,0 MM, OU 12,5 MM, OU 16,0 MM, OU 20,0 MM, OU 25,0 MM, VERGALHAO","KG    ","CR",10.02]
[42402,"ACO CA-25, 16,0 MM, BARRA DE TRANSFERENCIA","KG    ","CR",9.58]
[42403,"ACO CA-25, 20,0 MM, BARRA DE TRANSFERENCIA","KG    ","CR",12.29]
[42404,"ACO CA-25, 25,0 MM, BARRA DE TRANSFERENCIA","KG    ","CR",12.22]
[42405,"ACO CA-25, 32,0 MM, BARRA DE TRANSFERENCIA","KG    ","CR",13.01]
[34341,"ACO CA-25, 32,0 MM, VERGALHAO","KG    ","CR",11.3]
[43053,"ACO CA-25, 6,3 MM OU 8,0 MM, VERGALHAO","KG    ","CR",8.9499999999999993]
[43058,"ACO CA-50, 10,0 MM, OU 12,5 MM, OU 16,0 MM, OU 20,0 MM, DOBRADO E CORTADO","KG    ","CR",9.2799999999999994]
[34,"ACO CA-50, 10,0 MM, VERGALHAO","KG    ","CR",9.33]
[43055,"ACO CA-50, 12,5 MM OU 16,0 MM, VERGALHAO","KG    ","C ",8.08]
[43056,"ACO CA-50, 20,0 MM OU 25,0 MM, VERGALHAO","KG    ","CR",9.32]
[43057,"ACO CA-50, 32,0 MM, VERGALHAO","KG    ","CR",10.24]
[34449,"ACO CA-50, 6,3 MM, DOBRADO E CORTADO","KG    ","CR",10.94]
[32,"ACO CA-50, 6,3 MM, VERGALHAO","KG    ","CR",9.84]
[33,"ACO CA-50, 8,0 MM, VERGALHAO","KG    ","CR",9.9]
[43061,"ACO CA-60, 4,2 MM OU 5,0 MM, DOBRADO E CORTADO","KG    ","CR",9.25]
[43059,"ACO CA-60, 4,2 MM, OU 5,0 MM, OU 6,0 MM, OU 7,0 MM, VERGALHAO","KG    ","CR",8.83]
[43062,"ACO CA-60, 6,0 MM OU 7,0 MM, DOBRADO E CORTADO","KG    ","CR",9.7799999999999994]
[43060,"ACO CA-60, 8,0 MM OU 9,5 MM, VERGALHAO","KG    ","CR",7.69]
[20063,"ACOPLAMENTO DE CONDUTOR PLUVIAL, EM PVC, DIAMETRO ENTRE 80 E 100 MM, PARA DRENAGEM PREDIAL","UN    ","AS",3.97]
[40410,"ACOPLAMENTO RIGIDO EM FERRO FUNDIDO PARA SISTEMA DE TUBULACAO RANHURADA, DN 50 MM (2\")","UN    ","AS",31.27]
[40411,"ACOPLAMENTO RIGIDO EM FERRO FUNDIDO PARA SISTEMA DE TUBULACAO RANHURADA, DN 65 MM (2 1/2\")","UN    ","AS",33.93]
[40412,"ACOPLAMENTO RIGIDO EM FERRO FUNDIDO PARA SISTEMA DE TUBULACAO RANHURADA, DN 80 MM (3\")","UN    ","AS",38.090000000000003]
[38838,"ADAPTADOR DE COBRE PARA TUBULACAO PEX, DN 16 X 15 MM","UN    ","CR",16.73]
[38839,"ADAPTADOR DE COBRE PARA TUBULACAO PEX, DN 20 X 22 MM","UN    ","CR",19.7]
[55,"ADAPTADOR DE COMPRESSAO EM POLIPROPILENO (PP), PARA TUBO EM PEAD, 20 MM X 1/2\", PARA LIGACAO PREDIAL DE AGUA (NTS 179)","UN    ","C ",7.63]
[61,"ADAPTADOR DE COMPRESSAO EM POLIPROPILENO (PP), PARA TUBO EM PEAD, 20 MM X 3/4\", PARA LIGACAO PREDIAL DE AGUA (NTS 179)","UN    ","CR",7.22]
[62,"ADAPTADOR DE COMPRESSAO EM POLIPROPILENO (PP), PARA TUBO EM PEAD, 32 MM X 1\", PARA LIGACAO PREDIAL DE AGUA (NTS 179)","UN    ","CR",14.96]
[77,"ADAPTADOR PVC PARA SIFAO METALICO, SOLDAVEL, COM ANEL BORRACHA (JE), 40 MM X 1 1/2\"","UN    ","CR",1.92]
[76,"ADAPTADOR PVC PARA SIFAO, ROSCAVEL, 40 MM X 1 1/4\"","UN    ","CR",1.95]
[67,"ADAPTADOR PVC ROSCAVEL, COM FLANGES E ANEL DE VEDACAO, 1/2\", PARA CAIXA D' AGUA","UN    ","CR",18.8]
[71,"ADAPTADOR PVC ROSCAVEL, COM FLANGES E ANEL DE VEDACAO, 1\", PARA CAIXA D' AGUA","UN    ","CR",34.549999999999997]
[73,"ADAPTADOR PVC ROSCAVEL, COM FLANGES E ANEL DE VEDACAO, 3/4\", PARA CAIXA D' AGUA","UN    ","CR",25.8]
[103,"ADAPTADOR PVC SOLDAVEL CURTO COM BOLSA E ROSCA, 110 MM X 4\", PARA AGUA FRIA","UN    ","CR",76.739999999999995]
[107,"ADAPTADOR PVC SOLDAVEL CURTO COM BOLSA E ROSCA, 20 MM X 1/2\", PARA AGUA FRIA","UN    ","CR",1.2]
[65,"ADAPTADOR PVC SOLDAVEL CURTO COM BOLSA E ROSCA, 25 MM X 3/4\", PARA AGUA FRIA","UN    ","CR",1.48]
[108,"ADAPTADOR PVC SOLDAVEL CURTO COM BOLSA E ROSCA, 32 MM X 1\", PARA AGUA FRIA","UN    ","CR",3.06]
[110,"ADAPTADOR PVC SOLDAVEL CURTO COM BOLSA E ROSCA, 40 MM X 1 1/2\", PARA AGUA FRIA","UN    ","CR",11.85]
[109,"ADAPTADOR PVC SOLDAVEL CURTO COM BOLSA E ROSCA, 40 MM X 1 1/4\", PARA AGUA FRIA","UN    ","CR",5.84]
[111,"ADAPTADOR PVC SOLDAVEL CURTO COM BOLSA E ROSCA, 50 MM X 1 1/4\", PARA AGUA FRIA","UN    ","CR",13.66]
[112,"ADAPTADOR PVC SOLDAVEL CURTO COM BOLSA E ROSCA, 50 MM X1 1/2\", PARA AGUA FRIA","UN    ","CR",7.43]
[113,"ADAPTADOR PVC SOLDAVEL CURTO COM BOLSA E ROSCA, 60 MM X 2\", PARA AGUA FRIA","UN    ","CR",20.18]
[104,"ADAPTADOR PVC SOLDAVEL CURTO COM BOLSA E ROSCA, 75 MM X 2 1/2\", PARA AGUA FRIA","UN    ","CR",29.36]
[102,"ADAPTADOR PVC SOLDAVEL CURTO COM BOLSA E ROSCA, 85 MM X 3\", PARA AGUA FRIA","UN    ","CR",48.2]
[95,"ADAPTADOR PVC SOLDAVEL, COM FLANGE E ANEL DE VEDACAO, 20 MM X 1/2\", PARA CAIXA D'AGUA","UN    ","CR",16.32]
[96,"ADAPTADOR PVC SOLDAVEL, COM FLANGE E ANEL DE VEDACAO, 25 MM X 3/4\", PARA CAIXA D'AGUA","UN    ","CR",18.760000000000002]
[97,"ADAPTADOR PVC SOLDAVEL, COM FLANGE E ANEL DE VEDACAO, 32 MM X 1\", PARA CAIXA D'AGUA","UN    ","CR",24.36]
[98,"ADAPTADOR PVC SOLDAVEL, COM FLANGE E ANEL DE VEDACAO, 40 MM X 1 1/4\", PARA CAIXA D'AGUA","UN    ","CR",32.840000000000003]
[99,"ADAPTADOR PVC SOLDAVEL, COM FLANGE E ANEL DE VEDACAO, 50 MM X 1 1/2\", PARA CAIXA D'AGUA","UN    ","CR",39.83]
[100,"ADAPTADOR PVC SOLDAVEL, COM FLANGES E ANEL DE VEDACAO, 60 MM X 2\", PARA CAIXA D' AGUA","UN    ","CR",55.56]
[75,"ADAPTADOR PVC SOLDAVEL, COM FLANGES LIVRES, 110 MM X 4\", PARA CAIXA D' AGUA","UN    ","CR",579.04]
[114,"ADAPTADOR PVC SOLDAVEL, COM FLANGES LIVRES, 25 MM X 3/4\", PARA CAIXA D' AGUA","UN    ","CR",21.1]
[68,"ADAPTADOR PVC SOLDAVEL, COM FLANGES LIVRES, 32 MM X 1\", PARA CAIXA D' AGUA","UN    ","CR",32.270000000000003]
[86,"ADAPTADOR PVC SOLDAVEL, COM FLANGES LIVRES, 40 MM X 1  1/4\", PARA CAIXA D' AGUA","UN    ","CR",59.98]
[66,"ADAPTADOR PVC SOLDAVEL, COM FLANGES LIVRES, 50 MM X 1  1/2\", PARA CAIXA D' AGUA","UN    ","CR",60.2]
[69,"ADAPTADOR PVC SOLDAVEL, COM FLANGES LIVRES, 60 MM X 2\", PARA CAIXA D' AGUA","UN    ","CR",92.01]
[83,"ADAPTADOR PVC SOLDAVEL, COM FLANGES LIVRES, 75 MM X 2  1/2\", PARA CAIXA D' AGUA","UN    ","CR",293.86]
[74,"ADAPTADOR PVC SOLDAVEL, COM FLANGES LIVRES, 85 MM X 3\", PARA CAIXA D' AGUA","UN    ","CR",410.26]
[106,"ADAPTADOR PVC SOLDAVEL, LONGO, COM FLANGE LIVRE,  110 MM X 4\", PARA CAIXA D' AGUA","UN    ","CR",623.25]
[87,"ADAPTADOR PVC SOLDAVEL, LONGO, COM FLANGE LIVRE,  25 MM X 3/4\", PARA CAIXA D' AGUA","UN    ","CR",29.63]
[88,"ADAPTADOR PVC SOLDAVEL, LONGO, COM FLANGE LIVRE,  32 MM X 1\", PARA CAIXA D' AGUA","UN    ","CR",33.06]
[89,"ADAPTADOR PVC SOLDAVEL, LONGO, COM FLANGE LIVRE,  40 MM X 1 1/4\", PARA CAIXA D' AGUA","UN    ","CR",48.89]
[90,"ADAPTADOR PVC SOLDAVEL, LONGO, COM FLANGE LIVRE,  50 MM X 1 1/2\", PARA CAIXA D' AGUA","UN    ","CR",56.01]
[81,"ADAPTADOR PVC SOLDAVEL, LONGO, COM FLANGE LIVRE,  60 MM X 2\", PARA CAIXA D' AGUA","UN    ","CR",95.8]
[82,"ADAPTADOR PVC SOLDAVEL, LONGO, COM FLANGE LIVRE,  75 MM X 2 1/2\", PARA CAIXA D' AGUA","UN    ","CR",371.87]
[105,"ADAPTADOR PVC SOLDAVEL, LONGO, COM FLANGE LIVRE,  85 MM X 3\", PARA CAIXA D' AGUA","UN    ","CR",435.37]
[60,"ADAPTADOR PVC, COM REGISTRO, PARA PEAD, 20 MM X 3/4\", PARA LIGACAO PREDIAL DE AGUA","UN    ","CR",9.9]
[72,"ADAPTADOR PVC, ROSCAVEL, COM FLANGES E ANEL DE VEDACAO, 1 1/2\", PARA CAIXA D'AGUA","UN    ","CR",58.56]
[70,"ADAPTADOR PVC, ROSCAVEL, COM FLANGES E ANEL DE VEDACAO, 1 1/4\", PARA CAIXA D' AGUA","UN    ","CR",48.97]
[85,"ADAPTADOR PVC, ROSCAVEL, COM FLANGES E ANEL DE VEDACAO, 2\", PARA CAIXA D' AGUA","UN    ","CR",71.08]
[84,"ADAPTADOR PVC, ROSCAVEL, PARA VALVULA PIA OU LAVATORIO, 40 MM","UN    ","CR",0.82]
[37997,"ADAPTADOR, CPVC, SOLDAVEL, 15 MM, PARA AGUA QUENTE","UN    ","CR",7.67]
[37998,"ADAPTADOR, CPVC, SOLDAVEL, 22 MM, PARA AGUA QUENTE","UN    ","CR",7.94]
[10899,"ADAPTADOR, EM LATAO, ENGATE RAPIDO 2 1/2\" X ROSCA INTERNA 5 FIOS 2 1/2\",  PARA INSTALACAO PREDIAL DE COMBATE A INCENDIO","UN    ","CR",89.77]
[10900,"ADAPTADOR, EM LATAO, ENGATE RAPIDO1 1/2\" X ROSCA INTERNA 5 FIOS 2 1/2\",  PARA INSTALACAO PREDIAL DE COMBATE A INCENDIO","UN    ","CR",70.25]
[46,"ADAPTADOR, PVC PBA,  BOLSA/ROSCA, JE, DN 75 / DE  85 MM","UN    ","AS",62.95]
[51,"ADAPTADOR, PVC PBA, A BOLSA DEFOFO, JE, DN 100 / DE 110 MM","UN    ","AS",173.66]
[12863,"ADAPTADOR, PVC PBA, A BOLSA DEFOFO, JE, DN 50 / DE 60 MM","UN    ","AS",40]
[50,"ADAPTADOR, PVC PBA, A BOLSA DEFOFO, JE, DN 75 / DE  85 MM","UN    ","AS",90.68]
[47,"ADAPTADOR, PVC PBA, BOLSA/ROSCA, JE, DN 100 / DE 110 MM","UN    ","AS",107.63]
[48,"ADAPTADOR, PVC PBA, BOLSA/ROSCA, JE, DN 50 / DE 60 MM","UN    ","AS",28.08]
[52,"ADAPTADOR, PVC PBA, PONTA/ROSCA, JE, DN 50 / DE  60 MM","UN    ","AS",21.33]
[43,"ADAPTADOR, PVC PBA, PONTA/ROSCA, JE, DN 75 / DE  85 MM","UN    ","AS",71.989999999999995]
[39719,"ADESIVO / COLA DE CONTATO LIQUIDO, A BASE DE RESINAS, PARA COLAGEM DE ESPUMA PARA ISOLAMENTO TERMICO FLEXIVEL","L     ","CR",207.96]
[3410,"ADESIVO / COLA PARA EPS (ISOPOR) E OUTROS MATERIAIS","KG    ","CR",46.78]
[4791,"ADESIVO ACRILICO DE BASE AQUOSA / COLA DE CONTATO","KG    ","CR",30.11]
[157,"ADESIVO ESTRUTURAL A BASE DE RESINA EPOXI PARA INJECAO EM TRINCAS, BICOMPONENTE, BAIXA VISCOSIDADE","KG    ","CR",128.01]
[156,"ADESIVO ESTRUTURAL A BASE DE RESINA EPOXI, BICOMPONENTE, FLUIDO","KG    ","CR",45.58]
[131,"ADESIVO ESTRUTURAL A BASE DE RESINA EPOXI, BICOMPONENTE, PASTOSO (TIXOTROPICO)","KG    ","CR",38.979999999999997]
[21114,"ADESIVO PARA TUBOS CPVC, *75* G","UN    ","CR",40.99]
[119,"ADESIVO PLASTICO PARA PVC, BISNAGA COM 75 GR","UN    ","C ",10.39]
[122,"ADESIVO PLASTICO PARA PVC, FRASCO COM *850* GR","UN    ","CR",79.94]
[20080,"ADESIVO PLASTICO PARA PVC, FRASCO COM 175 GR","UN    ","CR",26.09]
[124,"ADITIVO ACELERADOR DE PEGA E ENDURECIMENTO PARA ARGAMASSAS E CONCRETOS, LIQUIDO E ISENTO DE CLORETOS","L     ","CR",15.03]
[7334,"ADITIVO ADESIVO LIQUIDO PARA ARGAMASSAS DE REVESTIMENTOS CIMENTICIOS","L     ","CR",17.100000000000001]
[123,"ADITIVO IMPERMEABILIZANTE DE PEGA NORMAL PARA ARGAMASSAS E CONCRETOS SEM ARMACAO, LIQUIDO E ISENTO DE CLORETOS","L     ","C ",6.15]
[127,"ADITIVO IMPERMEABILIZANTE DE PEGA ULTRARRAPIDA, LIQUIDO E ISENTO DE CLORETOS","L     ","CR",14.68]
[41373,"ADITIVO LIQUIDO IMPERMEABILIZANTE CRISTALIZANTE","L     ","CR",20.45]
[133,"ADITIVO LIQUIDO INCORPORADOR DE AR PARA CONCRETO E ARGAMASSA, LIQUIDO E ISENTO DE CLORETOS","L     ","CR",6.1]
[43617,"ADITIVO PLASTIFICANTE E ESTABILIZADOR PARA ARGAMASSAS DE ASSENTAMENTO E REBOCO, LIQUIDO E ISENTO DE CLORETOS","L     ","CR",6.81]
[132,"ADITIVO PLASTIFICANTE RETARDADOR DE PEGA E REDUTOR DE AGUA PARA CONCRETO, LIQUIDO E ISENTO DE CLORETOS","L     ","CR",6.32]
[43618,"ADITIVO SUPERPLASTIFICANTE DE PEGA NORMAL PARA CONCRETO, LIQUIDO E ISENTO DE CLORETOS","KG    ","CR",15.91]
[37476,"ADUELA/ GALERIA PRE-MOLDADA DE CONCRETO ARMADO, SECAO QUADRADA INTERNA DE 1,50 X 1,50 M (L X A), MISULA DE 20 X 20 CM, C = 1,00 M, ESPESSURA MIN = 15 CM, TB-45 E FCK DO CONCRETO = 30 MPA","UN    ","CR",3078.15]
[37478,"ADUELA/ GALERIA PRE-MOLDADA DE CONCRETO ARMADO, SECAO RETANGULAR INTERNA DE 2,00 X 2,00 M (L X A), MISULA DE 20 X 20 CM, C = 1,00 M, ESPESSURA MIN = 15 CM, TB-45 E FCK DO CONCRETO = 30 MPA","UN    ","CR",3855.46]
[37477,"ADUELA/ GALERIA PRE-MOLDADA DE CONCRETO ARMADO, SECAO RETANGULAR INTERNA DE 2,50 X 2,50 M (L X A), MISULA DE 20 X 20 CM, C = 1,00 M, ESPESSURA MIN = 15 CM, TB-45 E FCK DO CONCRETO = 30 MPA","UN    ","CR",5223.5200000000004]
[37479,"ADUELA/ GALERIA PRE-MOLDADA DE CONCRETO ARMADO, SECAO RETANGULAR INTERNA DE 3,00 X 3,00 M (L X A), MISULA DE 20 X 20 CM, C = 1.00 M, ESPESSURA MIN = 20 CM, TB-45 E FCK DO CONCRETO = 30 MPA","UN    ","CR",6195.16]
[4319,"AFASTADOR PARA TELHA DE FIBROCIMENTO CANALETE 90 OU KALHETAO","UN    ","CR",1.27]
[42409,"AGENTE DE CURA, PROTETOR DA EVAPORACAO DA AGUA DE HIDRATACAO DO CONCRETO","KG    ","CR",10.02]
[40553,"AGREGADO RECICLADO, TIPO RACHAO RECICLADO CINZA, CLASSE A","M3    ","AS",36.58]
[6114,"AJUDANTE DE ARMADOR (HORISTA)","H     ","CR",13.83]
[40912,"AJUDANTE DE ARMADOR (MENSALISTA)","MES   ","CR",2439.11]
[247,"AJUDANTE DE ELETRICISTA","H     ","CR",12.5]
[40919,"AJUDANTE DE ELETRICISTA (MENSALISTA)","MES   ","CR",2204.64]
[40984,"AJUDANTE DE ESTRUTURAS METALICAS (MENSALISTA)","MES   ","CR",2587.9299999999998]
[44499,"AJUDANTE DE ESTRUTURAS METALICAS HORISTA","H     ","CR",14.67]
[248,"AJUDANTE DE OPERACAO EM GERAL (HORISTA)","H     ","CR",14.89]
[41086,"AJUDANTE DE OPERACAO EM GERAL (MENSALISTA)","MES   ","CR",2626.52]
[34466,"AJUDANTE DE PINTOR","H     ","CR",12.69]
[41083,"AJUDANTE DE PINTOR (MENSALISTA)","MES   ","CR",2238.06]
[252,"AJUDANTE DE SERRALHEIRO (HORISTA)","H     ","CR",14.89]
[40909,"AJUDANTE DE SERRALHEIRO (MENSALISTA)","MES   ","CR",2626.52]
[242,"AJUDANTE ESPECIALIZADO","H     ","CR",14.91]
[41085,"AJUDANTE ESPECIALIZADO (MENSALISTA)","MES   ","CR",2627.85]
[427,"ALCA PREFORMADA DE CONTRA POSTE, EM ACO GALVANIZADO, PARA CABO 3/16\", COMPRIMENTO *860* MM","UN    ","AS",8.6]
[417,"ALCA PREFORMADA DE DISTRIBUICAO, EM ACO GALVANIZADO, PARA CABO DE ALUMINIO DIAMETRO 16 A 25 MM","UN    ","AS",4.05]
[11273,"ALCA PREFORMADA DE DISTRIBUICAO, EM ACO GALVANIZADO, PARA CONDUTORES DE ALUMINIO AWG 1/0 (CAA 6/1 OU CA 7 FIOS)","UN    ","AS",12.58]
[11272,"ALCA PREFORMADA DE DISTRIBUICAO, EM ACO GALVANIZADO, PARA CONDUTORES DE ALUMINIO AWG 2 (CAA 6/1 OU CA 7 FIOS)","UN    ","AS",7.59]
[11275,"ALCA PREFORMADA DE SERVICO, EM ACO GALVANIZADO, PARA CONDUTORES DE ALUMINIO AWG 4 (CAA 6/1)","UN    ","AS",3.04]
[11274,"ALCA PREFORMADA DE SERVICO, EM ACO GALVANIZADO, PARA CONDUTORES DE ALUMINIO AWG 6 (CAA 6/1)","UN    ","AS",2.3199999999999998]
[38470,"ALICATE DE CORTE DIAGONAL 6 \" COM ISOLAMENTO","UN    ","C ",58.9]
[38547,"ALICATE DE CRIMPAR RJ11, RJ12 E RJ45","UN    ","CR",160.72999999999999]
[38469,"ALICATE DE PRESSAO PARA SOLDA DE CHAPA 18 \"","UN    ","CR",172.82]
[38467,"ALICATE DE PRESSAO 11 \" PARA SOLDA, TIPO C","UN    ","CR",97.24]
[38468,"ALICATE DE PRESSAO 11 \" PARA SOLDA, TIPO U","UN    ","CR",107.01]
[38471,"ALICATE PARA ANEIS DE PISTAO, CAPACIDADE 50 A 100 MM","UN    ","CR",138.96]
[37370,"ALIMENTACAO - HORISTA (COLETADO CAIXA)","H     ","C ",1.1299999999999999]
[40862,"ALIMENTACAO - MENSALISTA (COLETADO CAIXA)","MES   ","C ",213.44]
[10658,"ALISADORA DE CONCRETO COM MOTOR A GASOLINA DE 5,5 HP, PESO COM MOTOR DE 78 KG, 4 PAS","UN    ","AS",7309.5]
[253,"ALMOXARIFE","H     ","C ",20]
[40809,"ALMOXARIFE (MENSALISTA)","MES   ","CR",3524.9]
[42428,"ALONGADOR COM TRES ALTURAS, EM TUBO DE ACO CARBONO, PINTURA NO PROCESSO ELETROSTATICO - EQUIPAMENTO DE GINASTICA PARA ACADEMIA AO AR LIVRE / ACADEMIA DA TERCEIRA IDADE - ATI","UN    ","AS",1994]
[583,"ALUMINIO ANODIZADO","KG    ","CR",48.82]
[301,"ANEL BORRACHA PARA TUBO ESGOTO PREDIAL, DN 100 MM (NBR 5688)","UN    ","C ",3.5]
[296,"ANEL BORRACHA PARA TUBO ESGOTO PREDIAL, DN 50 MM (NBR 5688)","UN    ","CR",1.98]
[297,"ANEL BORRACHA PARA TUBO ESGOTO PREDIAL, DN 75 MM (NBR 5688)","UN    ","CR",2.91]
[299,"ANEL BORRACHA, DN 100 MM, PARA TUBO SERIE REFORCADA ESGOTO PREDIAL","UN    ","CR",4.0999999999999996]
[300,"ANEL BORRACHA, DN 150 MM, PARA TUBO SERIE REFORCADA ESGOTO PREDIAL","UN    ","CR",14.21]
[20085,"ANEL BORRACHA, DN 50 MM, PARA TUBO SERIE REFORCADA ESGOTO PREDIAL","UN    ","CR",2.59]
[298,"ANEL BORRACHA, DN 75 MM, PARA TUBO SERIE REFORCADA ESGOTO PREDIAL","UN    ","CR",3.15]
[311,"ANEL BORRACHA, PARA TUBO PVC DEFOFO, DN 100 MM (NBR 7665)","UN    ","CR",11.71]
[318,"ANEL BORRACHA, PARA TUBO PVC DEFOFO, DN 150 MM (NBR 7665)","UN    ","CR",23.59]
[319,"ANEL BORRACHA, PARA TUBO PVC DEFOFO, DN 200 MM (NBR 7665)","UN    ","CR",37]
[303,"ANEL BORRACHA, PARA TUBO PVC, REDE COLETOR ESGOTO, DN 100 MM (NBR 7362)","UN    ","CR",3.87]
[305,"ANEL BORRACHA, PARA TUBO PVC, REDE COLETOR ESGOTO, DN 150 MM (NBR 7362)","UN    ","CR",12.2]
[306,"ANEL BORRACHA, PARA TUBO PVC, REDE COLETOR ESGOTO, DN 200 MM (NBR 7362)","UN    ","CR",18.5]
[307,"ANEL BORRACHA, PARA TUBO PVC, REDE COLETOR ESGOTO, DN 250 MM (NBR 7362)","UN    ","CR",46.73]
[309,"ANEL BORRACHA, PARA TUBO PVC, REDE COLETOR ESGOTO, DN 350 MM (NBR 7362)","UN    ","CR",76.55]
[310,"ANEL BORRACHA, PARA TUBO PVC, REDE COLETOR ESGOTO, DN 400 MM (NBR 7362)","UN    ","CR",106.11]
[328,"ANEL BORRACHA, PARA TUBO/CONEXAO PVC PBA, DN 100 MM, PARA REDE AGUA","UN    ","CR",9.2799999999999994]
[325,"ANEL BORRACHA, PARA TUBO/CONEXAO PVC PBA, DN 50 MM, PARA REDE AGUA","UN    ","CR",2.73]
[20326,"ANEL BORRACHA, PARA TUBO/CONEXAO PVC PBA, DN 60 MM, PARA REDE AGUA","UN    ","CR",5.01]
[329,"ANEL BORRACHA, PARA TUBO/CONEXAO PVC PBA, DN 75 MM, PARA REDE AGUA","UN    ","CR",7.76]
[308,"ANEL BORRACHA, PARA TUBO, PVC REDE COLETOR ESGOTO, DN 300 MM (NBR 7362)","UN    ","CR",104.3]
[39642,"ANEL DE BORRACHA PARA VEDACAO DE DUTO PEAD CORRUGADO PARA ELETRICA, DN 1 1/2\" (NBR 15715)","UN    ","CR",3.43]
[39641,"ANEL DE BORRACHA PARA VEDACAO DE DUTO PEAD CORRUGADO PARA ELETRICA, DN 1 1/4\" (NBR 15715)","UN    ","CR",3.01]
[39643,"ANEL DE BORRACHA PARA VEDACAO DE DUTO PEAD CORRUGADO PARA ELETRICA, DN 2\" (NBR 15715)","UN    ","CR",4.03]
[39644,"ANEL DE BORRACHA PARA VEDACAO DE DUTO PEAD CORRUGADO PARA ELETRICA, DN 3\" (NBR 15715)","UN    ","CR",6.25]
[39645,"ANEL DE BORRACHA PARA VEDACAO DE DUTO PEAD CORRUGADO PARA ELETRICA, DN 4\" (NBR 15715)","UN    ","CR",6.86]
[41610,"ANEL DE CONCRETO ARMADO COM FUNDO, PARA FOSSA E POCO 1,50 X *0,50* M","UN    ","CR",571.07000000000005]
[41611,"ANEL DE CONCRETO ARMADO COM FUNDO, PARA FOSSA E POCO 2,00 X *0,50* M","UN    ","CR",900.12]
[41612,"ANEL DE CONCRETO ARMADO COM FUNDO, PARA FOSSA E POCO 2,50 X *0,50* M","UN    ","CR",1263.9000000000001]
[41637,"ANEL DE CONCRETO ARMADO, COM FUROS/DRENO PARA SUMIDOURO, D = 0,80 M, H = 0,50 M","UN    ","CR",118.15]
[41638,"ANEL DE CONCRETO ARMADO, COM FUROS/DRENO PARA SUMIDOURO, D = 1,00 M, H = 0,50M","UN    ","CR",153.9]
[41639,"ANEL DE CONCRETO ARMADO, COM FUROS/DRENO PARA SUMIDOURO, D = 1,50 M, H = 0,50 M","UN    ","CR",372.33]
[11789,"ANEL DE DISTRIBUICAO EM ACO GALVANIZADO PARA FIO FE-160","UN    ","AS",1.1399999999999999]
[20975,"ANEL DE EXPANSAO EM COBRE, ENGATE RAPIDO 1 1/2\", PARA EMPATACAO MANGUEIRA DE COMBATE A INCENDIO PREDIAL","UN    ","CR",14.08]
[20976,"ANEL DE EXPANSAO EM COBRE, ENGATE RAPIDO 2 1/2\", PARA EMPATACAO MANGUEIRA DE COMBATE A INCENDIO PREDIAL","UN    ","CR",21.27]
[40340,"ANEL DE VEDACAO/JUNTA ELASTICA, H = *16* MM, PARA TUBO DE CONCRETO, DN 300 MM","UN    ","CR",25.75]
[40341,"ANEL DE VEDACAO/JUNTA ELASTICA, H = *16* MM, PARA TUBO DE CONCRETO, DN 400 MM","UN    ","CR",30.73]
[40342,"ANEL DE VEDACAO/JUNTA ELASTICA, H = *16* MM, PARA TUBO DE CONCRETO, DN 500 MM","UN    ","CR",36.65]
[40343,"ANEL DE VEDACAO/JUNTA ELASTICA, H = *16* MM, PARA TUBO DE CONCRETO, DN 600 MM","UN    ","CR",43.47]
[40344,"ANEL DE VEDACAO/JUNTA ELASTICA, H = *18* MM, PARA TUBO DE CONCRETO, DN 700 MM","UN    ","CR",59.26]
[40345,"ANEL DE VEDACAO/JUNTA ELASTICA, H = *19* MM, PARA TUBO DE CONCRETO, DN 800 MM","UN    ","CR",73.010000000000005]
[40346,"ANEL DE VEDACAO/JUNTA ELASTICA, H = *19* MM, PARA TUBO DE CONCRETO, DN 900 MM","UN    ","CR",84.7]
[40347,"ANEL DE VEDACAO/JUNTA ELASTICA, H = *21* MM, PARA TUBO DE CONCRETO, DN 1000 MM","UN    ","CR",106.42]
[6138,"ANEL DE VEDACAO, PVC FLEXIVEL, 100 MM, PARA SAIDA DE BACIA / VASO SANITARIO","UN    ","CR",13.63]
[38840,"ANEL DESLIZANTE / TRADICIONAL, METALICO, PARA TUBO PEX, DN 16 MM","UN    ","CR",4.6900000000000004]
[38841,"ANEL DESLIZANTE / TRADICIONAL, METALICO, PARA TUBO PEX, DN 20 MM","UN    ","CR",5.2]
[38842,"ANEL DESLIZANTE / TRADICIONAL, METALICO, PARA TUBO PEX, DN 25 MM","UN    ","CR",10.27]
[38843,"ANEL DESLIZANTE / TRADICIONAL, METALICO, PARA TUBO PEX, DN 32 MM","UN    ","CR",16.04]
[43424,"ANEL EM CONCRETO ARMADO, LISO,  PARA FOSSAS SEPTICAS E SUMIDOUROS, COM FUNDO, DIAMETRO INTERNO DE 1,20 M E ALTURA DE 0,50 M","UN    ","CR",478.46]
[43426,"ANEL EM CONCRETO ARMADO, LISO, PARA FOSSAS SEPTICAS E SUMIDOUROS, COM FUNDO, DIAMETRO INTERNO DE 3,00 M E ALTURA DE 0,50 M","UN    ","CR",1650.23]
[12565,"ANEL EM CONCRETO ARMADO, LISO, PARA FOSSAS SEPTICAS E SUMIDOUROS, SEM FUNDO, DIAMETRO INTERNO DE 2,00 M E ALTURA DE 0,50 M","UN    ","CR",578.71]
[12567,"ANEL EM CONCRETO ARMADO, LISO, PARA FOSSAS SEPTICAS E SUMIDOUROS, SEM FUNDO, DIAMETRO INTERNO DE 2,50 M E ALTURA DE 0,50 M","UN    ","CR",777.31]
[12568,"ANEL EM CONCRETO ARMADO, LISO, PARA FOSSAS SEPTICAS E SUMIDOUROS, SEM FUNDO, DIAMETRO INTERNO DE 3,00 M E ALTURA DE 0,50 M","UN    ","CR",1088.23]
[43441,"ANEL EM CONCRETO ARMADO, LISO, PARA POCOS DE INSPECAO, COM FUNDO, DIAMETRO INTERNO DE 0,60 M E ALTURA DE 0,50 M","UN    ","CR",139.91]
[43423,"ANEL EM CONCRETO ARMADO, LISO, PARA POCOS DE INSPECAO, SEM FUNDO, DIAMETRO INTERNO DE 0,60 M E ALTURA DE 0,20 M","UN    ","CR",65.290000000000006]
[12532,"ANEL EM CONCRETO ARMADO, LISO, PARA POCOS DE INSPECAO, SEM FUNDO, DIAMETRO INTERNO DE 0,60 M E ALTURA DE 0,50 M","UN    ","CR",100.7]
[43444,"ANEL EM CONCRETO ARMADO, LISO, PARA POCOS DE VISITA, POCOS DE INSPECAO, FOSSAS SEPTICAS E SUMIDOUROS, COM FUNDO, DIAMETRO INTERNO DE 1,20 M E ALTURA DE 0,75 M","UN    ","CR",338.13]
[12551,"ANEL EM CONCRETO ARMADO, LISO, PARA POCOS DE VISITA, POCOS DE INSPECAO, FOSSAS SEPTICAS E SUMIDOUROS, SEM FUNDO, DIAMETRO INTERNO DE 1,20 M E ALTURA DE 0,50 M","UN    ","CR",241.24]
[43442,"ANEL EM CONCRETO ARMADO, LISO, PARA POCOS DE VISITAS, POCOS DE INSPECAO, FOSSAS SEPTICAS E SUMIDOUROS, COM FUNDO, DIAMETRO INTERNO DE 0,80 M E ALTURA DE 0,50 M","UN    ","CR",186.55]
[43443,"ANEL EM CONCRETO ARMADO, LISO, PARA POCOS DE VISITAS, POCOS DE INSPECAO, FOSSAS SEPTICAS E SUMIDOUROS, COM FUNDO, DIAMETRO INTERNO DE 1,00 M E ALTURA DE 0,50 M","UN    ","CR",244.85]
[12544,"ANEL EM CONCRETO ARMADO, LISO, PARA POCOS DE VISITAS, POCOS DE INSPECAO, FOSSAS SEPTICAS E SUMIDOUROS, SEM FUNDO, DIAMETRO INTERNO DE 0,80 M E ALTURA DE 0,50 M","UN    ","CR",132.13999999999999]
[12547,"ANEL EM CONCRETO ARMADO, LISO, PARA POCOS DE VISITAS, POCOS DE INSPECAO, FOSSAS SEPTICAS E SUMIDOUROS, SEM FUNDO, DIAMETRO INTERNO DE 1,00 M E ALTURA DE 0,50 M","UN    ","CR",177.72]
[43445,"ANEL EM CONCRETO ARMADO, LISO, PARA, POCOS DE VISITA, POCOS DE INSPECAO, FOSSAS SEPTICAS E SUMIDOUROS, COM FUNDO, DIAMETRO INTERNO DE 1,50 M E ALTURA DE 1,00 M","UN    ","CR",466.38]
[12563,"ANEL EM CONCRETO ARMADO, LISO, PARA, POCOS DE VISITA, POCOS DE INSPECAO, FOSSAS SEPTICAS E SUMIDOUROS, SEM FUNDO, DIAMETRO INTERNO DE 1,50 M E ALTURA DE 0,50 M","UN    ","CR",333.68]
[43425,"ANEL EM CONCRETO ARMADO, PERFURADO,  PARA FOSSAS SEPTICAS E SUMIDOUROS, SEM FUNDO, DIAMETRO INTERNO DE 1,20 M E ALTURA DE 0,50 M","UN    ","CR",209.87]
[43446,"ANEL EM CONCRETO ARMADO, PERFURADO, PARA FOSSAS SEPTICAS E SUMIDOUROS, SEM FUNDO, DIAMETRO INTERNO DE 2,00 M E ALTURA DE 0,50 M","UN    ","CR",443.06]
[43447,"ANEL EM CONCRETO ARMADO, PERFURADO, PARA FOSSAS SEPTICAS E SUMIDOUROS, SEM FUNDO, DIAMETRO INTERNO DE 2,50 M E ALTURA DE 0,50 M","UN    ","CR",544.11]
[43448,"ANEL EM CONCRETO ARMADO, PERFURADO, PARA FOSSAS SEPTICAS E SUMIDOUROS, SEM FUNDO, DIAMETRO INTERNO DE 3,00 M E ALTURA DE 0,50 M","UN    ","CR",761.76]
[13761,"APARELHO CORTE OXI-ACETILENO PARA SOLDA E CORTE CONTENDO MACARICO SOLDA, BICO DE CORTE, CILINDROS, REGULADORES, MANGUEIRAS E CARRINHO","UN    ","CR",2561.8000000000002]
[4814,"APARELHO SINALIZADOR LUMINOSO COM LED, PARA SAIDA GARAGEM, COM 2 LENTES EM POLICARBONATO, BIVOLT (INCLUI SUPORTE DE FIXACAO)","UN    ","CR",98.39]
[44473,"APOIO DO PORTA DENTE PARA FRESADORA DE  ASFALTO","UN    ","AS",3113]
[6122,"APONTADOR OU APROPRIADOR DE MAO DE OBRA","H     ","CR",19.91]
[40810,"APONTADOR OU APROPRIADOR DE MAO DE OBRA (MENSALISTA)","MES   ","CR",3510.5]
[21100,"AQUECEDOR DE AGUA A GAS GLP/GN COM CAPACIDADE DE ARMAZENAMENTO DE 50 A 80 L","UN    ","AS",3047.95]
[11816,"AQUECEDOR DE AGUA ELETRICO  RESERVATORIO DE 100 L CILINDRICO EM COBRE, REFORCADO COM ACO CARBONO, MONOFASICO, TENSAO NOMINAL 220 V","UN    ","AS",3250]
[11814,"AQUECEDOR DE AGUA ELETRICO  RESERVATORIO DE 500 L CILINDRICO EM COBRE, REFORCADO COM ACO CARBONO, MONOFASICO, TENSAO NOMINAL 220 V","UN    ","AS",7074.43]
[14186,"AQUECEDOR DE AGUA ELETRICO  RESERVATORIO DE 500 L CILINDRICO EM COBRE, REFORCADO COM ACO CARBONO, TRIFASICO, TENSAO NOMINAL 220/380/400 V, POTENCIA 24 KW","UN    ","AS",8882.91]
[14185,"AQUECEDOR DE AGUA ELETRICO  RESERVATORIO DE 700 L CILINDRICO EM COBRE, REFORCADO COM ACO CARBONO, MONOFASICO, TENSAO NOMINAL 220 V","UN    ","AS",11506.83]
[11811,"AQUECEDOR DE AGUA ELETRICO HORIZONTAL, RESERVATORIO DE 200 L CILINDRICO EM COBRE, REFORCADO COM ACO CARBONO, MONOFASICO, TENSAO NOMINAL 220 V","UN    ","AS",4399.7700000000004]
[44498,"AQUECEDOR DE OLEO BPF (FLUIDO) TERMICO, CAPACIDADE DE 300.000  KCAL/H","UN    ","AS",298453.86]
[34469,"AQUECEDOR SOLAR COM RESERVATORIO TERMICO DE 1000 L E *5* PLACAS COLETORAS DE *2,0* M2 (NAO INCLUI ACESSORIOS) (SEM INSTALACAO)","UN    ","CR",17811.37]
[34476,"AQUECEDOR SOLAR COM RESERVATORIO TERMICO DE 400 L E *2* PLACAS COLETORAS DE *2,0* M2 (NAO INCLUI ACESSORIOS) (SEM INSTALACAO)","UN    ","CR",9289.3799999999992]
[34477,"AQUECEDOR SOLAR COM RESERVATORIO TERMICO DE 600 L E *3* PLACAS COLETORAS DE *2,0* M2 (NAO INCLUI ACESSORIOS) (SEM INSTALACAO)","UN    ","CR",12328.8]
[34482,"AQUECEDOR SOLAR COM RESERVATORIO TERMICO DE 800 L E *4* PLACAS COLETORAS DE *2,0* M2 (NAO INCLUI ACESSORIOS) (SEM INSTALACAO)","UN    ","CR",11514.42]
[34472,"AQUECEDOR SOLAR DE INSTALACAO EXTERNA, KIT COMPACTO, CONJUNTO COM RESERVATORIO TERMICO DE 200 L, PLACA COLETORA DE *2,0* M2 E INCLUSO ACESSORIOS (RESIDENCIAS ATE 120,00 M2 E DE 4 A 5 BANHOS POR DIA) (SEM INSTALACAO)","UN    ","C ",5480]
[42425,"AR CONDICIONADO SPLIT INVERTER, HI-WALL (PAREDE), 12000 BTU/H, CICLO FRIO, 60HZ, CLASSIFICACAO A (SELO PROCEL), GAS HFC, CONTROLE S/FIO","UN    ","CR",2272.77]
[42422,"AR CONDICIONADO SPLIT INVERTER, HI-WALL (PAREDE), 18000 BTU/H, CICLO FRIO, 60HZ, CLASSIFICACAO A (SELO PROCEL), GAS HFC, CONTROLE S/FIO","UN    ","C ",3374]
[43184,"AR CONDICIONADO SPLIT INVERTER, HI-WALL (PAREDE), 24000 BTU/H, CICLO FRIO, 60HZ, CLASSIFICACAO A - SELO PROCEL, GAS HFC, CONTROLE S/FIO","UN    ","CR",4663.1899999999996]
[42424,"AR CONDICIONADO SPLIT INVERTER, HI-WALL (PAREDE), 9000 BTU/H, CICLO FRIO, 60HZ, CLASSIFICACAO A (SELO PROCEL), GAS HFC, CONTROLE S/FIO","UN    ","CR",2029.78]
[42421,"AR CONDICIONADO SPLIT INVERTER, PISO TETO, APRESENTANDO ENTRE 54000 E 58000 BTU/H, CICLO FRIO, 60HZ, CLASSIFICACAO ENERGETICA A OU B (SELO PROCEL), GAS HFC, CONTROLE S/FIO","UN    ","CR",18480.919999999998]
[42416,"AR CONDICIONADO SPLIT INVERTER, PISO TETO, 18000 BTU/H, CICLO FRIO, 60HZ, CLASSIFICACAO ENERGETICA A OU B (SELO PROCEL), GAS HFC, CONTROLE S/FIO","UN    ","CR",8750.15]
[42417,"AR CONDICIONADO SPLIT INVERTER, PISO TETO, 24000 BTU/H, CICLO FRIO, 60HZ, CLASSIFICACAO ENERGETICA A OU B (SELO PROCEL), GAS HFC, CONTROLE S/FIO","UN    ","CR",9809.6299999999992]
[42419,"AR CONDICIONADO SPLIT INVERTER, PISO TETO, 36000 BTU/H, CICLO FRIO, 60HZ, CLASSIFICACAO ENERGETICA A OU B (SELO PROCEL), GAS HFC, CONTROLE S/FIO","UN    ","CR",11082.8]
[42420,"AR CONDICIONADO SPLIT INVERTER, PISO TETO, 48000 BTU/H, CICLO FRIO, 60HZ, CLASSIFICACAO ENERGETICA A OU B (SELO PROCEL), GAS HFC, CONTROLE S/FIO","UN    ","CR",15232.49]
[43195,"AR CONDICIONADO SPLIT ON/OFF, CASSETE (TETO), FRIO 4 VIAS 18000 BTUS/H, CLASSIFICACAO ENERGETICA C - SELO PROCEL, GAS HFC, CONTROLE S/ FIO","UN    ","CR",5363.57]
[43196,"AR CONDICIONADO SPLIT ON/OFF, CASSETE (TETO), FRIO 4 VIAS 24000 BTUS/H, CLASSIFICACAO ENERGETICA C - SELO PROCEL, GAS HFC, CONTROLE S/ FIO","UN    ","CR",6647.38]
[43198,"AR CONDICIONADO SPLIT ON/OFF, CASSETE (TETO), FRIO 4 VIAS 36000 BTUS/H, CLASSIFICACAO ENERGETICA C - SELO PROCEL, GAS HFC, CONTROLE S/ FIO","UN    ","CR",9877.85]
[43199,"AR CONDICIONADO SPLIT ON/OFF, CASSETE (TETO), FRIO 4 VIAS 48000 BTUS/H, CLASSIFICACAO ENERGETICA C - SELO PROCEL, GAS HFC, CONTROLE S/ FIO","UN    ","CR",10239.81]
[43200,"AR CONDICIONADO SPLIT ON/OFF, CASSETE (TETO), FRIO 4 VIAS 60000 BTUS/H, CLASSIFICACAO ENERGETICA C - SELO PROCEL, GAS HFC, CONTROLE S/ FIO","UN    ","CR",11750.92]
[39556,"AR CONDICIONADO SPLIT ON/OFF, CASSETE (TETO), 18000 BTUS/H, CICLO QUENTE/FRIO, 60 HZ, CLASSIFICACAO ENERGETICA C - SELO PROCEL, GAS HFC, CONTROLE S/ FIO","UN    ","CR",6418.01]
[39557,"AR CONDICIONADO SPLIT ON/OFF, CASSETE (TETO), 24000 BTUS/H, CICLO QUENTE/FRIO, 60 HZ, CLASSIFICACAO ENERGETICA C - SELO PROCEL, GAS HFC, CONTROLE S/ FIO","UN    ","CR",6910.79]
[39559,"AR CONDICIONADO SPLIT ON/OFF, CASSETE (TETO), 36000 BTUS/H, CICLO QUENTE/FRIO, 60 HZ, CLASSIFICACAO ENERGETICA A - SELO PROCEL, GAS HFC, CONTROLE S/ FIO","UN    ","CR",10212.83]
[39560,"AR CONDICIONADO SPLIT ON/OFF, CASSETE (TETO), 48000 BTUS/H, CICLO QUENTE/FRIO, 60 HZ, CLASSIFICACAO ENERGETICA A - SELO PROCEL, GAS HFC, CONTROLE S/ FIO","UN    ","CR",11815.24]
[39561,"AR CONDICIONADO SPLIT ON/OFF, CASSETE (TETO), 60000 BTUS/H, CICLO QUENTE/FRIO, 60 HZ, CLASSIFICACAO ENERGETICA A - SELO PROCEL, GAS HFC, CONTROLE S/ FIO","UN    ","CR",12360.25]
[43190,"AR CONDICIONADO SPLIT ON/OFF, HI-WALL (PAREDE), 12000 BTUS/H, CICLO FRIO, 60 HZ, CLASSIFICACAO ENERGETICA A - SELO PROCEL, GAS HFC, CONTROLE S/ FIO","UN    ","CR",1824.04]
[39555,"AR CONDICIONADO SPLIT ON/OFF, HI-WALL (PAREDE), 12000 BTUS/H, CICLO QUENTE/FRIO, 60 HZ, CLASSIFICACAO ENERGETICA A - SELO PROCEL, GAS HFC, CONTROLE S/ FIO","UN    ","CR",1973.15]
[43191,"AR CONDICIONADO SPLIT ON/OFF, HI-WALL (PAREDE), 18000 BTUS/H, CICLO FRIO, 60 HZ, CLASSIFICACAO ENERGETICA A - SELO PROCEL, GAS HFC, CONTROLE S/ FIO","UN    ","CR",2624.56]
[39548,"AR CONDICIONADO SPLIT ON/OFF, HI-WALL (PAREDE), 18000 BTUS/H, CICLO QUENTE/FRIO, 60 HZ, CLASSIFICACAO ENERGETICA A - SELO PROCEL, GAS HFC, CONTROLE S/ FIO","UN    ","CR",2926.79]
[43192,"AR CONDICIONADO SPLIT ON/OFF, HI-WALL (PAREDE), 24000 BTUS/H, CICLO FRIO, 60 HZ, CLASSIFICACAO ENERGETICA A - SELO PROCEL, GAS HFC, CONTROLE S/ FIO","UN    ","CR",3437.93]
[39554,"AR CONDICIONADO SPLIT ON/OFF, HI-WALL (PAREDE), 24000 BTUS/H, CICLO QUENTE/FRIO, 60 HZ, CLASSIFICACAO ENERGETICA A - SELO PROCEL, GAS HFC, CONTROLE S/ FIO","UN    ","CR",3870.24]
[43194,"AR CONDICIONADO SPLIT ON/OFF, HI-WALL (PAREDE), 9000 BTUS/H, CICLO FRIO, 60 HZ, CLASSIFICACAO ENERGETICA A - SELO PROCEL, GAS HFC, CONTROLE S/ FIO","UN    ","CR",1562.6]
[39551,"AR CONDICIONADO SPLIT ON/OFF, HI-WALL (PAREDE), 9000 BTUS/H, CICLO QUENTE/FRIO, 60 HZ, CLASSIFICACAO ENERGETICA A - SELO PROCEL, GAS HFC, CONTROLE S/ FIO","UN    ","CR",1720.59]
[43185,"AR CONDICIONADO SPLIT ON/OFF, PISO TETO, 18.000 BTU/H, CICLO FRIO, 60HZ, CLASSIFICACAO ENERGETICA C - SELO PROCEL, GAS HFC, CONTROLE S/FIO","UN    ","CR",4889.62]
[43186,"AR CONDICIONADO SPLIT ON/OFF, PISO TETO, 24.000 BTU/H, CICLO FRIO, 60HZ, CLASSIFICACAO ENERGETICA C - SELO PROCEL, GAS HFC, CONTROLE S/FIO","UN    ","CR",5157.57]
[43187,"AR CONDICIONADO SPLIT ON/OFF, PISO TETO, 36.000 BTU/H, CICLO FRIO, 60HZ, CLASSIFICACAO ENERGETICA C - SELO PROCEL, GAS HFC, CONTROLE S/FIO","UN    ","CR",6844.14]
[43188,"AR CONDICIONADO SPLIT ON/OFF, PISO TETO, 48.000 BTU/H, CICLO FRIO, 60HZ, CLASSIFICACAO ENERGETICA C - SELO PROCEL, GAS HFC, CONTROLE S/FIO","UN    ","CR",8292.59]
[43189,"AR CONDICIONADO SPLIT ON/OFF, PISO TETO, 60.000 BTU/H, CICLO FRIO, 60HZ, CLASSIFICACAO ENERGETICA C - SELO PROCEL, GAS HFC, CONTROLE S/FIO","UN    ","CR",9327.7800000000007]
[39580,"AR-CONDICIONADO FRIO SPLITAO INVERTER 30 TR","UN    ","CR",73506.7]
[39577,"AR-CONDICIONADO FRIO SPLITAO MODULAR 10 TR","UN    ","CR",23007.439999999999]
[39578,"AR-CONDICIONADO FRIO SPLITAO MODULAR 15 TR","UN    ","CR",29691.56]
[39579,"AR-CONDICIONADO FRIO SPLITAO MODULAR 20 TR","UN    ","CR",43198.89]
[39826,"AR-CONDICIONADO SPLIT INVERTER, PISO TETO, 24000 BTU/H, QUENTE/FRIO, 60HZ, CLASSIFICACAO ENERGETICA A - SELO PROCEL, GAS HFC, CONTROLE S/FIO","UN    ","CR",5305.61]
[10700,"ARADO REVERSIVEL COM 3 DISCOS DE 26\" X 6MM REBOCAVEL","UN    ","CR",27907.4]
[346,"ARAME DE ACO OVALADO 15 X 17 ( 45,7 KG, 700 KGF), ROLO 1000 M","KG    ","CR",29.79]
[3312,"ARAME DE AMARRACAO PARA GABIAO GALVANIZADO, DIAMETRO 2,2 MM","KG    ","AS",23.27]
[339,"ARAME FARPADO GALVANIZADO, 14 BWG (2,11 MM), CLASSE 250","M     ","CR",1.53]
[340,"ARAME FARPADO GALVANIZADO, 16 BWG (1,65 MM), CLASSE 250","M     ","CR",1.38]
[43130,"ARAME GALVANIZADO 12 BWG, D = 2,76 MM (0,048 KG/M) OU 14 BWG, D = 2,11 MM (0,026 KG/M)","KG    ","C ",25.15]
[344,"ARAME GALVANIZADO 16 BWG, D = 1,65MM (0,0166 KG/M)","KG    ","CR",33.06]
[345,"ARAME GALVANIZADO 18 BWG, D = 1,24MM (0,009 KG/M)","KG    ","CR",35.869999999999997]
[43131,"ARAME GALVANIZADO 6 BWG, D = 5,16 MM (0,157 KG/M), OU 8 BWG, D = 4,19 MM (0,101 KG/M), OU 10 BWG, D = 3,40 MM (0,0713 KG/M)","KG    ","CR",29.21]
[3313,"ARAME PROTEGIDO COM POLIMERO PARA GABIAO, DIAMETRO 2,2 MM","KG    ","AS",29.95]
[43132,"ARAME RECOZIDO 16 BWG, D = 1,65 MM (0,016 KG/M) OU 18 BWG, D = 1,25 MM (0,01 KG/M)","KG    ","CR",25.15]
[366,"AREIA FINA - POSTO JAZIDA/FORNECEDOR (RETIRADO NA JAZIDA, SEM TRANSPORTE)","M3    ","C ",69]
[367,"AREIA GROSSA - POSTO JAZIDA/FORNECEDOR (RETIRADO NA JAZIDA, SEM TRANSPORTE)","M3    ","CR",69.900000000000006]
[370,"AREIA MEDIA - POSTO JAZIDA/FORNECEDOR (RETIRADO NA JAZIDA, SEM TRANSPORTE)","M3    ","CR",69]
[368,"AREIA PARA ATERRO - POSTO JAZIDA/FORNECEDOR (RETIRADO NA JAZIDA, SEM TRANSPORTE)","M3    ","CR",34.5]
[11075,"AREIA PARA LEITO FILTRANTE (0,42 A 1,68 MM) - POSTO JAZIDA/FORNECEDOR (RETIRADO NA JAZIDA, SEM TRANSPORTE)","M3    ","CR",791.9]
[1381,"ARGAMASSA COLANTE AC I PARA CERAMICAS","KG    ","C ",0.6]
[34353,"ARGAMASSA COLANTE AC II","KG    ","CR",1.1100000000000001]
[37595,"ARGAMASSA COLANTE TIPO AC III","KG    ","CR",1.84]
[37596,"ARGAMASSA COLANTE TIPO AC III E","KG    ","CR",2.11]
[371,"ARGAMASSA INDUSTRIALIZADA MULTIUSO, PARA REVESTIMENTO INTERNO E EXTERNO E ASSENTAMENTO DE BLOCOS DIVERSOS","KG    ","CR",0.65]
[37553,"ARGAMASSA INDUSTRIALIZADA PARA CHAPISCO COLANTE","KG    ","CR",1.22]
[37552,"ARGAMASSA INDUSTRIALIZADA PARA CHAPISCO ROLADO","KG    ","CR",1.97]
[36880,"ARGAMASSA PARA REVESTIMENTO DECORATIVO MONOCAMADA","KG    ","CR",2]
[34355,"ARGAMASSA PISO SOBRE PISO","KG    ","CR",1.72]
[130,"ARGAMASSA POLIMERICA DE REPARO ESTRUTURAL, BICOMPONENTE","KG    ","CR",3.5]
[135,"ARGAMASSA POLIMERICA IMPERMEABILIZANTE SEMIFLEXIVEL, BICOMPONENTE (MEMBRANA IMPERMEABILIZANTE ACRILICA)","KG    ","CR",2.82]
[36886,"ARGAMASSA PRONTA PARA CONTRAPISO","KG    ","CR",0.62]
[38546,"ARGAMASSA USINADA AUTOADENSAVEL E AUTONIVELANTE PARA CONTRAPISO, INCLUI BOMBEAMENTO","M3    ","CR",453.91]
[34549,"ARGILA EXPANDIDA, GRANULOMETRIA 2215","M3    ","CR",678.87]
[6081,"ARGILA OU BARRO PARA ATERRO/REATERRO (COM TRANSPORTE ATE 10 KM)","M3    ","CR",47.52]
[6077,"ARGILA OU BARRO PARA ATERRO/REATERRO (RETIRADO NA JAZIDA, SEM TRANSPORTE)","M3    ","CR",33.94]
[6079,"ARGILA, ARGILA VERMELHA OU ARGILA ARENOSA (RETIRADA NA JAZIDA, SEM TRANSPORTE)","M3    ","CR",33.94]
[1091,"ARMACAO VERTICAL COM HASTE E CONTRA-PINO, EM CHAPA DE ACO GALVANIZADO 3/16\", COM 1 ESTRIBO E 1 ISOLADOR","UN    ","AS",34.25]
[1094,"ARMACAO VERTICAL COM HASTE E CONTRA-PINO, EM CHAPA DE ACO GALVANIZADO 3/16\", COM 1 ESTRIBO, SEM ISOLADOR","UN    ","AS",23.96]
[1095,"ARMACAO VERTICAL COM HASTE E CONTRA-PINO, EM CHAPA DE ACO GALVANIZADO 3/16\", COM 2 ESTRIBOS, E 2 ISOLADORES","UN    ","AS",50.92]
[1092,"ARMACAO VERTICAL COM HASTE E CONTRA-PINO, EM CHAPA DE ACO GALVANIZADO 3/16\", COM 2 ESTRIBOS, SEM ISOLADOR","UN    ","AS",39.4]
[1093,"ARMACAO VERTICAL COM HASTE E CONTRA-PINO, EM CHAPA DE ACO GALVANIZADO 3/16\", COM 3 ESTRIBOS E 3 ISOLADORES","UN    ","AS",92.01]
[1090,"ARMACAO VERTICAL COM HASTE E CONTRA-PINO, EM CHAPA DE ACO GALVANIZADO 3/16\", COM 3 ESTRIBOS, SEM ISOLADOR","UN    ","AS",65.88]
[1096,"ARMACAO VERTICAL COM HASTE E CONTRA-PINO, EM CHAPA DE ACO GALVANIZADO 3/16\", COM 4 ESTRIBOS E 4 ISOLADORES","UN    ","AS",118.56]
[1097,"ARMACAO VERTICAL COM HASTE E CONTRA-PINO, EM CHAPA DE ACO GALVANIZADO 3/16\", COM 4 ESTRIBOS, SEM ISOLADOR","UN    ","AS",100.64]
[378,"ARMADOR (HORISTA)","H     ","CR",17.59]
[40911,"ARMADOR (MENSALISTA)","MES   ","CR",3100.57]
[33939,"ARQUITETO JUNIOR","H     ","CR",72.319999999999993]
[40815,"ARQUITETO JUNIOR (MENSALISTA)","MES   ","CR",12746.85]
[34760,"ARQUITETO PAISAGISTA","H     ","CR",68.28]
[40935,"ARQUITETO PAISAGISTA (MENSALISTA)","MES   ","CR",12036.14]
[33952,"ARQUITETO PLENO","H     ","CR",102.73]
[40816,"ARQUITETO PLENO (MENSALISTA)","MES   ","CR",18105.849999999999]
[33953,"ARQUITETO SENIOR","H     ","CR",135.83000000000001]
[40817,"ARQUITETO SENIOR (MENSALISTA)","MES   ","CR",23937.54]
[13348,"ARRUELA  EM ACO GALVANIZADO, DIAMETRO EXTERNO = 35MM, ESPESSURA = 3MM, DIAMETRO DO FURO= 18MM","UN    ","AS",0.92]
[39211,"ARRUELA EM ALUMINIO, COM ROSCA, DE  1 1/4\", PARA ELETRODUTO","UN    ","CR",1.5]
[39212,"ARRUELA EM ALUMINIO, COM ROSCA, DE 1 1/2\", PARA ELETRODUTO","UN    ","CR",1.68]
[39208,"ARRUELA EM ALUMINIO, COM ROSCA, DE 1/2\", PARA ELETRODUTO","UN    ","CR",0.46]
[39210,"ARRUELA EM ALUMINIO, COM ROSCA, DE 1\", PARA ELETRODUTO","UN    ","CR",0.84]
[39214,"ARRUELA EM ALUMINIO, COM ROSCA, DE 2 1/2\", PARA ELETRODUTO","UN    ","CR",3.11]
[39213,"ARRUELA EM ALUMINIO, COM ROSCA, DE 2\", PARA ELETRODUTO","UN    ","CR",2.19]
[39209,"ARRUELA EM ALUMINIO, COM ROSCA, DE 3/4\", PARA ELETRODUTO","UN    ","CR",0.54]
[39207,"ARRUELA EM ALUMINIO, COM ROSCA, DE 3/8\", PARA ELETRODUTO","UN    ","CR",0.84]
[39215,"ARRUELA EM ALUMINIO, COM ROSCA, DE 3\", PARA ELETRODUTO","UN    ","CR",5.66]
[39216,"ARRUELA EM ALUMINIO, COM ROSCA, DE 4\", PARA ELETRODUTO","UN    ","CR",7.9]
[11267,"ARRUELA LISA, REDONDA, DE LATAO POLIDO, DIAMETRO NOMINAL 5/8\", DIAMETRO EXTERNO = 34 MM, DIAMETRO DO FURO = 17 MM, ESPESSURA = *2,5* MM","UN    ","AS",0.8]
[379,"ARRUELA QUADRADA EM ACO GALVANIZADO, DIMENSAO = 38 MM, ESPESSURA = 3MM, DIAMETRO DO FURO= 18 MM","UN    ","AS",0.81]
[510,"ASFALTO MODIFICADO TIPO I - NBR 9910 (ASFALTO OXIDADO PARA IMPERMEABILIZACAO, COEFICIENTE DE PENETRACAO 25-40)","KG    ","CR",11.06]
[516,"ASFALTO MODIFICADO TIPO II - NBR 9910 (ASFALTO OXIDADO PARA IMPERMEABILIZACAO, COEFICIENTE DE PENETRACAO 20-35)","KG    ","CR",13.11]
[509,"ASFALTO MODIFICADO TIPO III - NBR 9910 (ASFALTO OXIDADO PARA IMPERMEABILIZACAO, COEFICIENTE DE PENETRACAO 15-25)","KG    ","CR",14.71]
[40331,"ASSENTADOR DE MANILHAS","H     ","CR",22.28]
[40930,"ASSENTADOR DE MANILHAS (MENSALISTA)","MES   ","CR",3927.22]
[11761,"ASSENTO  VASO SANITARIO INFANTIL EM PLASTICO BRANCO","UN    ","CR",96.83]
[377,"ASSENTO SANITARIO DE PLASTICO, TIPO CONVENCIONAL","UN    ","C ",45.5]
[7588,"AUTOMATICO DE BOIA SUPERIOR / INFERIOR, *15* A / 250 V","UN    ","C ",38.26]
[34392,"AUXILIAR  DE ALMOXARIFE","H     ","CR",15.31]
[40908,"AUXILIAR DE ALMOXARIFE (MENSALISTA)","MES   ","CR",2700.94]
[34551,"AUXILIAR DE AZULEJISTA (HORISTA)","H     ","CR",13.83]
[41078,"AUXILIAR DE AZULEJISTA (MENSALISTA)","MES   ","CR",2439.11]
[246,"AUXILIAR DE ENCANADOR OU BOMBEIRO HIDRAULICO","H     ","CR",12.58]
[40927,"AUXILIAR DE ENCANADOR OU BOMBEIRO HIDRAULICO (MENSALISTA)","MES   ","CR",2222]
[2350,"AUXILIAR DE ESCRITORIO","H     ","CR",17.72]
[40812,"AUXILIAR DE ESCRITORIO (MENSALISTA)","MES   ","CR",3126.14]
[245,"AUXILIAR DE LABORATORISTA DE SOLOS E DE CONCRETO","H     ","CR",29.95]
[41090,"AUXILIAR DE LABORATORISTA DE SOLOS E DE CONCRETO (MENSALISTA)","MES   ","CR",5278.94]
[251,"AUXILIAR DE MECANICO","H     ","CR",16.579999999999998]
[40975,"AUXILIAR DE MECANICO (MENSALISTA)","MES   ","CR",2924.83]
[6127,"AUXILIAR DE PEDREIRO (HORISTA)","H     ","CR",13.83]
[41072,"AUXILIAR DE PEDREIRO (MENSALISTA)","MES   ","CR",2439.11]
[6121,"AUXILIAR DE SERVICOS GERAIS","H     ","CR",13.83]
[41071,"AUXILIAR DE SERVICOS GERAIS (MENSALISTA)","MES   ","CR",2438.02]
[244,"AUXILIAR DE TOPOGRAFO","H     ","CR",13.2]
[41093,"AUXILIAR DE TOPOGRAFO (MENSALISTA)","MES   ","CR",2329.34]
[532,"AUXILIAR TECNICO / ASSISTENTE DE ENGENHARIA","H     ","CR",27.31]
[40931,"AUXILIAR TECNICO / ASSISTENTE DE ENGENHARIA (MENSALISTA)","MES   ","CR",4813.28]
[36150,"AVENTAL DE SEGURANCA DE RASPA DE COURO 1,00 X 0,60 M","UN    ","CR",38.61]
[4760,"AZULEJISTA OU LADRILHEIRO (HORISTA)","H     ","CR",17.59]
[41069,"AZULEJISTA OU LADRILHEIRO (MENSALISTA)","MES   ","CR",3100.57]
[10422,"BACIA SANITARIA (VASO) COM CAIXA ACOPLADA, SIFAO APARENTE, DE LOUCA BRANCA (SEM ASSENTO)","UN    ","CR",328.3]
[44019,"BACIA SANITARIA (VASO) COM CAIXA ACOPLADA, SIFAO OCULTO / CARENADO, DE LOUCA BRANCA (SEM ASSENTO ) - PADRAO ALTO","UN    ","CR",454.45]
[36520,"BACIA SANITARIA (VASO) CONVENCIONAL PARA PCD, SEM FURO FRONTAL, DE LOUCA BRANCA (SEM ASSENTO)","UN    ","CR",552.57000000000005]
[42319,"BACIA SANITARIA (VASO) CONVENCIONAL PARA USO ESPECIFICO (HOSPITAIS, CLINICAS), COM FURO FRONTAL, DE LOUCA BRANCA, SEM ASSENTO","UN    ","CR",495.13]
[10420,"BACIA SANITARIA (VASO) CONVENCIONAL, DE LOUCA BRANCA, SIFAO APARENTE, SAIDA VERTICAL (SEM ASSENTO)","UN    ","C ",175.64]
[10421,"BACIA SANITARIA (VASO) CONVENCIONAL, DE LOUCA COLORIDA, SIFAO APARENTE, SAIDA VERTICAL (SEM ASSENTO)","UN    ","CR",193]
[11786,"BACIA SANITARIA (VASO) INFANTIL, SIFONADO, DE LOUCA BRANCA, (SEM ASSENTO)","UN    ","CR",389.17]
[10,"BALDE PLASTICO CAPACIDADE *10* L","UN    ","CR",8.89]
[4815,"BALDE VERMELHO PARA SINALIZACAO DE VIAS","UN    ","CR",5.46]
[541,"BANCADA DE MARMORE SINTETICO COM UMA CUBA, 120 X *60* CM","UN    ","C ",210]
[542,"BANCADA DE MARMORE SINTETICO COM UMA CUBA, 150 X *60* CM","UN    ","CR",263.23]
[540,"BANCADA DE MARMORE SINTETICO COM UMA CUBA, 200 X *60* CM","UN    ","CR",593.20000000000005]
[38364,"BANCADA/ BANCA EM GRANITO, POLIDO, TIPO ANDORINHA/ QUARTZ/ CASTELO/ CORUMBA OU OUTROS EQUIVALENTES DA REGIAO, COM CUBA INOX, FORMATO *120 X 60* CM, E=  *2* CM","UN    ","CR",691.82]
[11692,"BANCADA/ BANCA EM MARMORE, POLIDO, BRANCO COMUM, E=  *3* CM","M2    ","CR",357.24]
[1746,"BANCADA/BANCA/PIA DE ACO INOXIDAVEL (AISI 430) COM 1 CUBA CENTRAL, COM VALVULA, ESCORREDOR DUPLO, DE *0,55 X 1,20* M","UN    ","C ",277.33]
[1748,"BANCADA/BANCA/PIA DE ACO INOXIDAVEL (AISI 430) COM 1 CUBA CENTRAL, COM VALVULA, ESCORREDOR DUPLO, DE *0,55 X 1,40* M","UN    ","CR",368.78]
[1749,"BANCADA/BANCA/PIA DE ACO INOXIDAVEL (AISI 430) COM 1 CUBA CENTRAL, COM VALVULA, ESCORREDOR DUPLO, DE *0,55 X 1,80* M","UN    ","CR",534.29999999999995]
[37412,"BANCADA/BANCA/PIA DE ACO INOXIDAVEL (AISI 430) COM 1 CUBA CENTRAL, COM VALVULA, LISA (SEM ESCORREDOR), DE *0,55 X 1,20* M","UN    ","CR",271.08999999999997]
[1745,"BANCADA/BANCA/PIA DE ACO INOXIDAVEL (AISI 430) COM 1 CUBA CENTRAL, SEM VALVULA, ESCORREDOR DUPLO, DE *0,55 X 1,60* M","UN    ","CR",322.36]
[1750,"BANCADA/BANCA/PIA DE ACO INOXIDAVEL (AISI 430) COM 2 CUBAS, COM VALVULAS, ESCORREDOR DUPLO, DE *0,55 X 2,00* M","UN    ","CR",753.31]
[11687,"BANCADA/TAMPO ACO INOX (AISI 304), LARGURA 60 CM, COM RODABANCA (NAO INCLUI PES DE APOIO)","M     ","CR",1200.25]
[11689,"BANCADA/TAMPO ACO INOX (AISI 304), LARGURA 70 CM, COM RODABANCA (NAO INCLUI PES DE APOIO)","M     ","CR",1503.85]
[11693,"BANCADA/TAMPO LISO (SEM CUBA) EM MARMORE SINTETICO","M2    ","CR",232.84]
[36215,"BANCO ARTICULADO PARA BANHO, EM ACO INOX POLIDO, 70* CM X 45* CM","UN    ","CR",1164.02]
[42439,"BANCO COM ENCOSTO, 1,60M* DE COMPRIMENTO, EM TUBO DE ACO CARBONO E PINTURA NO PROCESSO ELETROSTATICO - PARA ACADEMIA AO AR LIVRE / ACADEMIA DA TERCEIRA IDADE - ATI","UN    ","AS",1060.52]
[38381,"BANDEJA DE PINTURA PARA ROLO 23 CM","UN    ","CR",9.39]
[39621,"BARRA ANTIPANICO DUPLA, CEGA EM LADO OPOSTO, COR CINZA","PAR   ","CR",1104.31]
[39624,"BARRA ANTIPANICO DUPLA, PARA PORTA DE VIDRO, COR CINZA","PAR   ","CR",1218.17]
[39615,"BARRA ANTIPANICO SIMPLES, CEGA EM LADO OPOSTO, COR CINZA","UN    ","CR",492.25]
[39620,"BARRA ANTIPANICO SIMPLES, COM FECHADURA LADO OPOSTO, COR CINZA","UN    ","CR",751.81]
[39623,"BARRA ANTIPANICO SIMPLES, PARA PORTA DE VIDRO, COR CINZA","UN    ","CR",805.25]
[36207,"BARRA DE APOIO EM \"L\", EM ACO INOX POLIDO 70 X 70 CM, DIAMETRO MINIMO 3 CM","UN    ","CR",515.58000000000004]
[36209,"BARRA DE APOIO EM \"L\", EM ACO INOX POLIDO 80 X 80 CM, DIAMETRO MINIMO 3 CM","UN    ","CR",591.71]
[36210,"BARRA DE APOIO LATERAL ARTICULADA, COM TRAVA, EM ACO INOX POLIDO, 70 CM, DIAMETRO MINIMO 3 CM","UN    ","CR",640.21]
[36204,"BARRA DE APOIO RETA, EM ACO INOX POLIDO, COMPRIMENTO 60CM, DIAMETRO MINIMO 3 CM","UN    ","CR",226.99]
[36205,"BARRA DE APOIO RETA, EM ACO INOX POLIDO, COMPRIMENTO 70CM, DIAMETRO MINIMO 3 CM","UN    ","CR",252.1]
[36081,"BARRA DE APOIO RETA, EM ACO INOX POLIDO, COMPRIMENTO 80CM, DIAMETRO MINIMO 3 CM","UN    ","C ",268.8]
[36206,"BARRA DE APOIO RETA, EM ACO INOX POLIDO, COMPRIMENTO 90 CM, DIAMETRO MINIMO 3 CM","UN    ","CR",281.61]
[36218,"BARRA DE APOIO RETA, EM ALUMINIO, COMPRIMENTO 60CM, DIAMETRO MINIMO 3 CM","UN    ","CR",189.39]
[36220,"BARRA DE APOIO RETA, EM ALUMINIO, COMPRIMENTO 70CM, DIAMETRO MINIMO 3 CM","UN    ","CR",217.17]
[36080,"BARRA DE APOIO RETA, EM ALUMINIO, COMPRIMENTO 80 CM, DIAMETRO MINIMO 3 CM","UN    ","C ",234.9]
[36223,"BARRA DE APOIO RETA, EM ALUMINIO, COMPRIMENTO 90 CM, DIAMETRO MINIMO 3 CM","UN    ","CR",245.98]
[546,"BARRA DE FERRO CHATA, RETANGULAR (QUALQUER BITOLA)","KG    ","C ",10.29]
[566,"BARRA DE FERRO CHATO, RETANGULAR, 19,05 MM X 3,17 MM (L X E), 0,47 KG/M","M     ","CR",4.88]
[565,"BARRA DE FERRO CHATO, RETANGULAR, 25,4 MM X 4,76 MM (L X E), 1,73 KG/M","M     ","CR",17.8]
[555,"BARRA DE FERRO CHATO, RETANGULAR, 25,4 MM X 6,35 MM (L X E), 1,2265 KG/M","M     ","CR",12.62]
[557,"BARRA DE FERRO CHATO, RETANGULAR, 38,1 MM X 12,7 MM (L X E), 3,79 KG/M","M     ","CR",39.590000000000003]
[552,"BARRA DE FERRO CHATO, RETANGULAR, 38,1 MM X 6,35 MM (L X E), 1,89 KG/M","M     ","CR",19.64]
[563,"BARRA DE FERRO CHATO, RETANGULAR, 38,1 MM X 9,53 MM (L X E), 2,84 KG/M","M     ","CR",29.52]
[549,"BARRA DE FERRO CHATO, RETANGULAR, 50,8 MM X 12,7 MM (L X E), 5,06 KG/M","M     ","CR",53.12]
[551,"BARRA DE FERRO CHATO, RETANGULAR, 50,8 MM X 25,4 MM (L X E), 10,12 KG/M","M     ","CR",105.19]
[559,"BARRA DE FERRO CHATO, RETANGULAR, 50,8 MM X 6,35 MM (L X E), 2,53 KG/M","M     ","CR",26.29]
[560,"BARRA DE FERRO CHATO, RETANGULAR, 50,8 MM X 7,94 MM (L X E), 3,162 KG/M","M     ","CR",32.9]
[547,"BARRA DE FERRO CHATO, RETANGULAR, 50,8 MM X 9,53 MM (L X E), 3,79KG/M","M     ","CR",39.39]
[38127,"BASE DE MISTURADOR MONOCOMANDO PARA CHUVEIRO, DE PAREDE (NAO INCLUI ACABAMENTOS)","UN    ","CR",651.75]
[38060,"BASE PARA MASTRO DE PARA-RAIOS DIAMETRO NOMINAL 1 1/2\"","UN    ","CR",54.72]
[10956,"BASE PARA MASTRO DE PARA-RAIOS DIAMETRO NOMINAL 2\"","UN    ","CR",60.01]
[39380,"BASE PARA RELE COM SUPORTE METALICO","UN    ","AS",27.83]
[13374,"BASE UNIPOLAR PARA FUSIVEL NH1, CORRENTE NOMINAL DE 250 A, SEM CAPA","UN    ","AS",44.76]
[37597,"BATE-ESTACAS POR GRAVIDADE, POTENCIA160 HP, PESO DO MARTELO ATE 3 TONELADAS","UN    ","CR",540820.41]
[183,"BATENTE / PORTAL / ADUELA / MARCO EM MADEIRA MACICA COM REBAIXO, E = *3* CM, L = *14* CM, PARA PORTAS DE  GIRO DE *60 CM A 120* CM  X *210* CM, CEDRINHO / ANGELIM COMERCIAL / TAURI / CURUPIXA / PEROBA / CUMARU OU EQUIVALENTE DA REGIAO (NAO INCLUI ALIZARES)","JG    ","C ",270.5]
[184,"BATENTE / PORTAL / ADUELA / MARCO EM MADEIRA MACICA COM REBAIXO, E = *3* CM, L = *14* CM, PARA PORTAS DE  GIRO DE *60 CM A 120* CM  X *210* CM, PINUS / EUCALIPTO / VIROLA OU EQUIVALENTE DA REGIAO (NAO INCLUI ALIZARES)","JG    ","CR",167.53]
[181,"BATENTE / PORTAL / ADUELA / MARCO EM MADEIRA MACICA COM REBAIXO, E = *3* CM, L = *16* CM, PARA PORTAS DE  GIRO DE *60 CM A 120* CM  X *210* CM, CEDRINHO / ANGELIM COMERCIAL / TAURI / CURUPIXA / PEROBA / CUMARU OU EQUIVALENTE DA REGIAO (NAO INCLUI ALIZARES)","JG    ","CR",361.24]
[20001,"BATENTE / PORTAL / ADUELA / MARCO EM MADEIRA MACICA COM REBAIXO, E = *3* CM, L = *16* CM, PARA PORTAS DE  GIRO DE *60 CM A 120* CM  X *210* CM, PINUS / EUCALIPTO / VIROLA OU EQUIVALENTE DA REGIAO (NAO INCLUI ALIZARES)","JG    ","CR",209.41]
[39837,"BATENTE/PORTAL/ADUELA/MARCO, EM MDF/PVC WOOD/POLIESTIRENO OU MADEIRA LAMINADA, L = *9,0* CM COM GUARNICAO REGULAVEL 2 FACES = *35* MM, PRIMER","JG    ","CR",294.02]
[43366,"BENTONITA, ARGILA CONSTITUIDA POR  MONTMORILONITA","KG    ","CR",1.43]
[10535,"BETONEIRA CAPACIDADE NOMINAL 400 L, CAPACIDADE DE MISTURA  280 L, MOTOR ELETRICO TRIFASICO 220/380 V POTENCIA 2 CV, SEM CARREGADOR","UN    ","C ",4972]
[10537,"BETONEIRA CAPACIDADE NOMINAL 400 L, CAPACIDADE DE MISTURA 310 L, MOTOR A DIESEL POTENCIA 5 CV, SEM CARREGADOR","UN    ","CR",6780.45]
[13891,"BETONEIRA CAPACIDADE NOMINAL 400 L, CAPACIDADE DE MISTURA 310 L, MOTOR A GASOLINA POTENCIA 5,5 CV, SEM CARREGADOR","UN    ","CR",6219.21]
[44492,"BETONEIRA CAPACIDADE NOMINAL 600 L, CAPACIDADE DE MISTURA 440 L, MOTOR A GASOLINA POTENCIA 10 HP, COM  CARREGADOR","UN    ","CR",27051.05]
[36396,"BETONEIRA, CAPACIDADE NOMINAL 400 L, CAPACIDADE DE MISTURA 310L, MOTOR ELETRICO TRIFASICO 220/380V POTENCIA 2 CV, SEM CARREGADOR","UN    ","CR",5688.3]
[36397,"BETONEIRA, CAPACIDADE NOMINAL 600 L, CAPACIDADE DE MISTURA  360L, MOTOR ELETRICO TRIFASICO 220/380V, POTENCIA 4CV, EXCLUSO CARREGADOR","UN    ","CR",20225.080000000002]
[36398,"BETONEIRA, CAPACIDADE NOMINAL 600 L, CAPACIDADE DE MISTURA 440 L, MOTOR A DIESEL POTENCIA 10 CV, COM CARREGADOR","UN    ","CR",24581.9]
[647,"BLASTER, DINAMITADOR OU CABO DE FOGO","H     ","CR",21.35]
[40920,"BLASTER, DINAMITADOR OU CABO DE FOGO (MENSALISTA)","MES   ","CR",3766.1]
[715,"BLOCO / TIJOLO DE VIDRO INCOLOR, CANELADO / ONDULADO, *19 X 19 X 8* CM (A X L X E)","UN    ","C ",19.899999999999999]
[716,"BLOCO / TIJOLO DE VIDRO INCOLOR, XADREZ, *20 X 20 X 10* CM (A X L X E)","UN    ","CR",22.5]
[38783,"BLOCO CERAMICO / TIJOLO VAZADO PARA ALVENARIA DE VEDACAO, FUROS NA HORIZONTAL, 11,5 X 19 X 19 CM (NBR 15270)","UN    ","CR",1.05]
[37593,"BLOCO CERAMICO / TIJOLO VAZADO PARA ALVENARIA DE VEDACAO, FUROS NA VERTICAL, 14 X 19 X 39 CM (NBR 15270)","UN    ","CR",2.59]
[37594,"BLOCO CERAMICO / TIJOLO VAZADO PARA ALVENARIA DE VEDACAO, FUROS NA VERTICAL, 19 X 19 X 39 CM (NBR 15270)","UN    ","CR",3.23]
[37592,"BLOCO CERAMICO / TIJOLO VAZADO PARA ALVENARIA DE VEDACAO, FUROS NA VERTICAL,, 9 X 19 X 39 CM (NBR 15270)","UN    ","CR",2.04]
[7270,"BLOCO CERAMICO / TIJOLO VAZADO PARA ALVENARIA DE VEDACAO, 4 FUROS NA HORIZONTAL, DE 9 X 9 X 19 CM (L X A X C)","UN    ","CR",0.91]
[7267,"BLOCO CERAMICO / TIJOLO VAZADO PARA ALVENARIA DE VEDACAO, 6 FUROS NA HORIZONTAL, 9 X 14 X 19 CM (L X A X C)","UN    ","CR",0.71]
[7271,"BLOCO CERAMICO / TIJOLO VAZADO PARA ALVENARIA DE VEDACAO, 8 FUROS NA HORIZONTAL, DE 9 X 19 X 19 CM (L XA X C)","UN    ","CR",0.78]
[7266,"BLOCO CERAMICO / TIJOLO VAZADO PARA ALVENARIA DE VEDACAO, 8 FUROS NA HORIZONTAL, 9 X 19 X 19 CM (L X A X C)","MIL   ","C ",789.23]
[7268,"BLOCO CERAMICO / TIJOLO VAZADO PARA ALVENARIA DE VEDACAO, 8 FUROS NA HORIZONTAL, 9 X 19 X 29 CM (L X A X C)","UN    ","CR",1.1000000000000001]
[34556,"BLOCO DE CONCRETO ESTRUTURAL 14 X 19 X 29 CM, FBK 10 MPA (NBR 6136)","UN    ","CR",4.49]
[37873,"BLOCO DE CONCRETO ESTRUTURAL 14 X 19 X 29 CM, FBK 12 MPA (NBR 6136)","UN    ","CR",4.57]
[34564,"BLOCO DE CONCRETO ESTRUTURAL 14 X 19 X 29 CM, FBK 14 MPA (NBR 6136)","UN    ","CR",4.79]
[34565,"BLOCO DE CONCRETO ESTRUTURAL 14 X 19 X 29 CM, FBK 16 MPA (NBR 6136)","UN    ","CR",5.07]
[38590,"BLOCO DE CONCRETO ESTRUTURAL 14 X 19 X 29 CM, FBK 4,5 MPA (NBR 6136)","UN    ","CR",3.74]
[34566,"BLOCO DE CONCRETO ESTRUTURAL 14 X 19 X 29 CM, FBK 6 MPA (NBR 6136)","UN    ","CR",3.93]
[34567,"BLOCO DE CONCRETO ESTRUTURAL 14 X 19 X 29 CM, FBK 8 MPA (NBR 6136)","UN    ","CR",4.17]
[38591,"BLOCO DE CONCRETO ESTRUTURAL 14 X 19 X 34 CM, FBK 4,5 MPA (NBR 6136)","UN    ","CR",3.78]
[34568,"BLOCO DE CONCRETO ESTRUTURAL 14 X 19 X 39 CM, FBK 10 MPA (NBR 6136)","UN    ","CR",4.93]
[34569,"BLOCO DE CONCRETO ESTRUTURAL 14 X 19 X 39 CM, FBK 12 MPA (NBR 6136)","UN    ","CR",5.07]
[34570,"BLOCO DE CONCRETO ESTRUTURAL 14 X 19 X 39 CM, FBK 14 MPA (NBR 6136)","UN    ","CR",5.5]
[25070,"BLOCO DE CONCRETO ESTRUTURAL 14 X 19 X 39 CM, FBK 4,5 MPA (NBR 6136)","UN    ","CR",4.1399999999999997]
[34571,"BLOCO DE CONCRETO ESTRUTURAL 14 X 19 X 39 CM, FBK 6 MPA (NBR 6136)","UN    ","CR",4.18]
[34573,"BLOCO DE CONCRETO ESTRUTURAL 14 X 19 X 39 CM, FBK 8 MPA (NBR 6136)","UN    ","CR",4.3899999999999997]
[37107,"BLOCO DE CONCRETO ESTRUTURAL 14 X 19 X 39, FCK 16 MPA (NBR 6136)","UN    ","CR",5.8]
[34576,"BLOCO DE CONCRETO ESTRUTURAL 19 X 19 X 39 CM, FBK 10 MPA (NBR 6136)","UN    ","CR",6.41]
[34577,"BLOCO DE CONCRETO ESTRUTURAL 19 X 19 X 39 CM, FBK 12 MPA (NBR 6136)","UN    ","CR",6.68]
[34578,"BLOCO DE CONCRETO ESTRUTURAL 19 X 19 X 39 CM, FBK 14 MPA (NBR 6136)","UN    ","CR",7.25]
[34579,"BLOCO DE CONCRETO ESTRUTURAL 19 X 19 X 39 CM, FBK 16 MPA (NBR 6136)","UN    ","CR",7.73]
[25067,"BLOCO DE CONCRETO ESTRUTURAL 19 X 19 X 39 CM, FBK 4,5 MPA (NBR 6136)","UN    ","CR",5.17]
[34580,"BLOCO DE CONCRETO ESTRUTURAL 19 X 19 X 39 CM, FBK 8 MPA (NBR 6136)","UN    ","CR",5.78]
[25071,"BLOCO DE CONCRETO ESTRUTURAL 9 X 19 X 39 CM, FBK 4,5 MPA (NBR 6136)","UN    ","CR",2.88]
[38395,"BLOCO DE ESPUMA MULTIUSO *23 X 13 X 8* CM","UN    ","CR",7.84]
[34583,"BLOCO DE GESSO COMPACTO / MACICO, BRANCO, E = 10 CM, DIMENSOES *67 X 50* CM","M2    ","CR",61.66]
[34584,"BLOCO DE GESSO VAZADO, BRANCO, E = *7* CM, DIMENSOES *67 X 50* CM","M2    ","CR",45.22]
[709,"BLOCO DE POLIETILENO ALTA DENSIDADE, *27* X *30* X *100* CM, ACOMPANHADOS PLACAS  TERMINAIS  E LONGARINAS, PARA FUNDO DE FILTRO","M2    ","CR",877.49]
[34599,"BLOCO DE VEDACAO CONCRETO APARENTE 9 X 19 X 39 CM (CLASSE C - NBR 6136)","UN    ","CR",2.95]
[34592,"BLOCO DE VEDACAO CONCRETO 14 X 19 X 29 CM (CLASSE C - NBR 6136)","UN    ","CR",3.29]
[37103,"BLOCO DE VEDACAO DE CONCRETO APARENTE 14 X 19 X 39 CM (CLASSE C - NBR 6136)","UN    ","CR",3.76]
[34555,"BLOCO DE VEDACAO DE CONCRETO APARENTE 19 X 19 X 39 CM  (CLASSE C - NBR 6136)","UN    ","CR",4.78]
[674,"BLOCO DE VEDACAO DE CONCRETO CELULAR AUTOCLAVADO 10 X 30 X 60 CM (E X A X C)","M2    ","CR",71.94]
[34600,"BLOCO DE VEDACAO DE CONCRETO CELULAR AUTOCLAVADO 15 X 30 X 60 CM (E X A X C)","M2    ","C ",105.67]
[652,"BLOCO DE VEDACAO DE CONCRETO CELULAR AUTOCLAVADO 20 X 30 X 60 CM (E X A X C)","M2    ","CR",161.87]
[651,"BLOCO DE VEDACAO DE CONCRETO 14 X 19 X 39 CM (CLASSE C - NBR 6136)","UN    ","CR",3.62]
[654,"BLOCO DE VEDACAO DE CONCRETO 19 X 19 X 39 CM (CLASSE C - NBR 6136)","UN    ","CR",4.49]
[650,"BLOCO DE VEDACAO DE CONCRETO, 9 X 19 X 39 CM (CLASSE C - NBR 6136)","UN    ","C ",2.9]
[718,"BLOCO DE VIDRO / ELEMENTO VAZADO, INCOLOR, VENEZIANA, *20 X 20 X 6* CM (A X L X E)","UN    ","CR",19.66]
[11981,"BLOCO DE VIDRO / ELEMENTO VAZADO, INCOLOR, VENEZIANA, DE *20 X 10 X 8* CM (A X L X E)","UN    ","CR",19.100000000000001]
[34586,"BLOCO ESTRUTURAL CERAMICO 14 X 19 X 29 CM, 6,0 MPA (NBR 15270)","UN    ","CR",2.21]
[38603,"BLOCO ESTRUTURAL CERAMICO 14 X 19 X 34 CM, 6,0 MPA (NBR 15270)","UN    ","CR",2.68]
[34588,"BLOCO ESTRUTURAL CERAMICO 14 X 19 X 39 CM, 6,0 MPA (NBR 15270)","UN    ","CR",2.89]
[34590,"BLOCO ESTRUTURAL CERAMICO 19 X 19 X 29 CM, 6,0 MPA (NBR 15270)","UN    ","CR",2.64]
[34591,"BLOCO ESTRUTURAL CERAMICO 19 X 19 X 39 CM, 6,0 MPA (NBR 15270)","UN    ","CR",3.58]
[41372,"BLOCO VEDACAO CONCRETO CELULAR AUTOCLAVADO 12,5 X 30 X 60 CM (E X A X C)","M2    ","CR",100.96]
[41371,"BLOCO VEDACAO CONCRETO CELULAR AUTOCLAVADO 7,5 X 30 X 60 CM (E X A X C)","M2    ","CR",59.68]
[40517,"BLOQUETE/PISO DE CONCRETO - MODELO BLOCO PISOGRAMA/CONCREGRAMA 2 FUROS, DIMENSOES APROX. DE 35 CM X 15 CM E ESPESSURA DE 7 CM (+/- 1 CM), COR NATURAL","M2    ","CR",44.43]
[40515,"BLOQUETE/PISO DE CONCRETO - MODELO PISOGRAMA/CONCREGRAMA/PAVI-GRADE/GRAMEIRO, DIMENSOES APROXIMADAS DE 60 CM X 45 CM E ESPESSURA DE 8 CM (+/- 1 CM), COR NATURAL","M2    ","CR",99.98]
[40529,"BLOQUETE/PISO INTERTRAVADO DE CONCRETO - MODELO ONDA/16 FACES/RETANGULAR/TIJOLINHO/PAVER/HOLANDES/PARALELEPIPEDO, *22 CM X *11 CM, E = 10 CM, RESISTENCIA DE 50 MPA (NBR 9781), COR NATURAL","M2    ","CR",63.88]
[36170,"BLOQUETE/PISO INTERTRAVADO DE CONCRETO - MODELO ONDA/16 FACES/RETANGULAR/TIJOLINHO/PAVER/HOLANDES/PARALELEPIPEDO, *22 CM X 11* CM, E = 8 CM, RESISTENCIA DE 35 MPA (NBR 9781), COR NATURAL","M2    ","C ",53]
[40524,"BLOQUETE/PISO INTERTRAVADO DE CONCRETO - MODELO ONDA/16 FACES/RETANGULAR/TIJOLINHO/PAVER/HOLANDES/PARALELEPIPEDO, 20 CM X 10 CM, E = 10 CM, RESISTENCIA DE 35 MPA (NBR 9781), COR NATURAL","M2    ","CR",62.49]
[36156,"BLOQUETE/PISO INTERTRAVADO DE CONCRETO - MODELO ONDA/16 FACES/RETANGULAR/TIJOLINHO/PAVER/HOLANDES/PARALELEPIPEDO, 20 CM X 10 CM, E = 6 CM, RESISTENCIA DE 35 MPA (NBR 9781), COLORIDO","M2    ","CR",48.6]
[36155,"BLOQUETE/PISO INTERTRAVADO DE CONCRETO - MODELO ONDA/16 FACES/RETANGULAR/TIJOLINHO/PAVER/HOLANDES/PARALELEPIPEDO, 20 CM X 10 CM, E = 6 CM, RESISTENCIA DE 35 MPA (NBR 9781), COR NATURAL","M2    ","CR",41.95]
[36154,"BLOQUETE/PISO INTERTRAVADO DE CONCRETO - MODELO ONDA/16 FACES/RETANGULAR/TIJOLINHO/PAVER/HOLANDES/PARALELEPIPEDO, 20 CM X 10 CM, E = 8 CM, RESISTENCIA DE 35 MPA (NBR 9781), COLORIDO","M2    ","CR",58.32]
[695,"BLOQUETE/PISO INTERTRAVADO DE CONCRETO - MODELO RAQUETE, *22 CM X 13,5* CM, E = 6 CM, RESISTENCIA DE 35 MPA (NBR 9781), COR NATURAL","M2    ","CR",42.84]
[679,"BLOQUETE/PISO INTERTRAVADO DE CONCRETO - MODELO SEXTAVADO / HEXAGONAL, 25 CM X 25 CM, E = 10 CM, RESISTENCIA DE 35 MPA (NBR 9781), COR NATURAL","M2    ","CR",63.88]
[711,"BLOQUETE/PISO INTERTRAVADO DE CONCRETO - MODELO SEXTAVADO / HEXAGONAL, 25 CM X 25 CM, E = 6 CM, RESISTENCIA DE 35 MPA (NBR 9781), COR NATURAL","M2    ","CR",42.25]
[712,"BLOQUETE/PISO INTERTRAVADO DE CONCRETO - MODELO SEXTAVADO / HEXAGONAL, 25 CM X 25 CM, E = 8 CM, RESISTENCIA DE 35 MPA (NBR 9781), COR NATURAL","M2    ","CR",53.22]
[12614,"BOCAL PVC, PARA CALHA PLUVIAL, DIAMETRO DA SAIDA ENTRE 80 E 100 MM, PARA DRENAGEM PREDIAL","UN    ","AS",18.559999999999999]
[6140,"BOLSA DE LIGACAO EM PVC FLEXIVEL PARA VASO SANITARIO 1.1/2 \" (40 MM)","UN    ","CR",4.4800000000000004]
[38399,"BOLSA DE LONA PARA FERRAMENTAS *50 X 35 X 25* CM","UN    ","CR",290.27]
[735,"BOMBA CENTRIFUGA  MOTOR ELETRICO TRIFASICO 1,48HP  DIAMETRO DE SUCCAO X ELEVACAO 1\" X 1\", 4 ESTAGIOS, DIAMETRO DOS ROTORES 3 X 107 MM + 1 X 100 MM, HM/Q: 10 M / 5,3 M3/H A 70 M / 1,8 M3/H","UN    ","CR",1917.44]
[736,"BOMBA CENTRIFUGA  MOTOR ELETRICO TRIFASICO 2,96HP, DIAMETRO DE SUCCAO X ELEVACAO 1 1/2\" X 1 1/4\", DIAMETRO DO ROTOR 148 MM, HM/Q: 34 M / 14,80 M3/H A 40 M / 8,60 M3/H","UN    ","CR",1612.22]
[729,"BOMBA CENTRIFUGA COM MOTOR ELETRICO MONOFASICO, POTENCIA 0,33 HP,  BOCAIS 1\" X 3/4\", DIAMETRO DO ROTOR 99 MM, HM/Q = 4 MCA / 8,5 M3/H A 18 MCA / 0,90 M3/H","UN    ","C ",657]
[39925,"BOMBA CENTRIFUGA MONOESTAGIO COM MOTOR ELETRICO MONOFASICO, POTENCIA 15 HP,  DIAMETRO DO ROTOR *173* MM, HM/Q = *30* MCA / *90* M3/H A *45* MCA / *55* M3/H","UN    ","CR",9493.59]
[731,"BOMBA CENTRIFUGA MOTOR ELETRICO MONOFASICO 0,49 HP  BOCAIS 1\" X 3/4\", DIAMETRO DO ROTOR 110 MM, HM/Q: 6 M / 8,3 M3/H A 20 M / 1,2 M3/H","UN    ","CR",639.41999999999996]
[10575,"BOMBA CENTRIFUGA MOTOR ELETRICO MONOFASICO 0,50 CV DIAMETRO DE SUCCAO X ELEVACAO 3/4\" X 3/4\", MONOESTAGIO, DIAMETRO DOS ROTORES 114 MM, HM/Q: 2 M / 2,99 M3/H A 24 M / 0,71 M3/H","UN    ","CR",997.86]
[733,"BOMBA CENTRIFUGA MOTOR ELETRICO MONOFASICO 0,74HP  DIAMETRO DE SUCCAO X ELEVACAO 1 1/4\" X 1\", DIAMETRO DO ROTOR 120 MM, HM/Q: 8 M / 7,70 M3/H A 24 M / 2,80 M3/H","UN    ","CR",1092.54]
[732,"BOMBA CENTRIFUGA MOTOR ELETRICO TRIFASICO 0,99HP  DIAMETRO DE SUCCAO X ELEVACAO 1\" X 1\", DIAMETRO DO ROTOR 145 MM, HM/Q: 14 M / 8,4 M3/H A 40 M / 0,60 M3/H","UN    ","CR",1077.8499999999999]
[737,"BOMBA CENTRIFUGA MOTOR ELETRICO TRIFASICO 14,8 HP, DIAMETRO DE SUCCAO X ELEVACAO 2 1/2\" X 2\", DIAMETRO DO ROTOR 195 MM, HM/Q: 62 M / 55,5 M3/H A 80 M / 31,50 M3/H","UN    ","CR",6044.29]
[738,"BOMBA CENTRIFUGA MOTOR ELETRICO TRIFASICO 5HP, DIAMETRO DE SUCCAO X ELEVACAO 2\" X 1 1/2\", DIAMETRO DO ROTOR 155 MM, HM/Q: 40 M / 20,40 M3/H A 46 M / 9,20 M3/H","UN    ","CR",2802.69]
[740,"BOMBA CENTRIFUGA MOTOR ELETRICO TRIFASICO 9,86 DIAMETRO DE SUCCAO X ELEVACAO 1\" X 1\", 4 ESTAGIOS, DIAMETRO DOS ROTORES 4 X 146 MM, HM/Q: 85 M / 14,9 M3/H A 140 M / 4,2 M3/H","UN    ","CR",5686.09]
[734,"BOMBA CENTRIFUGA,  MOTOR ELETRICO TRIFASICO 1,48HP  DIAMETRO DE SUCCAO X ELEVACAO 1 1/2\" X 1\", DIAMETRO DO ROTOR 117 MM, HM/Q: 10 M / 21,9 M3/H A 24 M / 6,1 M3/H","UN    ","CR",1155.46]
[39008,"BOMBA DE PROJECAO DE CONCRETO SECO, POTENCIA 10 CV, VAZAO 3 M3/H","UN    ","CR",60610.19]
[39009,"BOMBA DE PROJECAO DE CONCRETO SECO, POTENCIA 10 CV, VAZAO 6 M3/H","UN    ","CR",64936.31]
[10587,"BOMBA SUBMERSA PARA POCOS TUBULARES PROFUNDOS DIAMETRO DE 4 POLEGADAS, ELETRICA, MONOFASICA, POTENCIA 0,49 HP, 13 ESTAGIOS, BOCAL DE DESCARGA DIAMETRO DE UMA POLEGADA E MEIA, HM/Q = 18 M / 1,90 M3/H A 85 M / 0,60 M3/H","UN    ","CR",3662.91]
[759,"BOMBA SUBMERSA PARA POCOS TUBULARES PROFUNDOS DIAMETRO DE 4 POLEGADAS, ELETRICA, TRIFASICA, POTENCIA 1,97 HP, 20 ESTAGIOS, BOCAL DE DESCARGA DIAMETRO DE UMA POLEGADA E MEIA, HM/Q = 18 M / 5,40 M3/H A 164 M / 0,80 M3/H","UN    ","CR",5266.54]
[761,"BOMBA SUBMERSA PARA POCOS TUBULARES PROFUNDOS DIAMETRO DE 4 POLEGADAS, ELETRICA, TRIFASICA, POTENCIA 5,42 HP, 15 ESTAGIOS, BOCAL DE DESCARGA DIAMETRO DE 2 POLEGADAS, HM/Q = 18 M / 18,10 M3/H A 121 M / 2,90 M3/H","UN    ","CR",8927.24]
[750,"BOMBA SUBMERSA PARA POCOS TUBULARES PROFUNDOS DIAMETRO DE 4 POLEGADAS, ELETRICA, TRIFASICA, POTENCIA 5,42 HP, 29 ESTAGIOS, BOCAL DE DESCARGA DE UMA POLEGADA E MEIA, HM/Q = 18 M / 8,10 M3/H A 201 M / 3,2 M3/H","UN    ","CR",8475.7000000000007]
[755,"BOMBA SUBMERSA PARA POCOS TUBULARES PROFUNDOS DIAMETRO DE 6 POLEGADAS, ELETRICA, TRIFASICA, POTENCIA 27,12 HP, 7 ESTAGIOS, BOCAL DE DESCARGA DIAMETRO DE 4 POLEGADAS, HM/Q = 13,9 M / 90 M3/H A 44,0 M / 25,0 M3/H","UN    ","CR",34780.17]
[749,"BOMBA SUBMERSA PARA POCOS TUBULARES PROFUNDOS DIAMETRO DE 6 POLEGADAS, ELETRICA, TRIFASICA, POTENCIA 3,45 HP, 5 ESTAGIOS, BOCAL DE DESCARGA DIAMETRO DE 2 POLEGADAS, HM/Q = 68,5 M / 6,12 M3/H A 39,5 M / 14,04 M3/H","UN    ","CR",12791.5]
[756,"BOMBA SUBMERSA PARA POCOS TUBULARES PROFUNDOS DIAMETRO DE 6 POLEGADAS, ELETRICA, TRIFASICA, POTENCIA 32 HP, 9 ESTAGIOS, BOCAL DE DESCARGA DIAMETRO DE 4 POLEGADAS, HM/Q = 114,0 M / 13,9 M3/H A 57,0 M / 25,0 M3/H","UN    ","CR",37932.43]
[757,"BOMBA SUBMERSIVEL,  ELETRICA, TRIFASICA, POTENCIA 6 HP, DIAMETRO DO ROTOR 127 MM, BOCAL DE SAIDA DIAMETRO DE 3 POLEGADAS, HM/Q = 7 M / 66,90 M3/H A 26 M / 2,88 M3/H","UN    ","CR",17223.75]
[10588,"BOMBA SUBMERSIVEL, ELETRICA, TRIFASICA, POTENCIA 0,98 HP, DIAMETRO DO ROTOR 142 MM SEMIABERTO, BOCAL DE SAIDA DIAMETRO DE 2 POLEGADAS, HM/Q = 2 M / 32 M3/H A 8 M / 16 M3/H","UN    ","CR",3802.57]
[10592,"BOMBA SUBMERSIVEL, ELETRICA, TRIFASICA, POTENCIA 0,99 HP, DIAMETRO ROTOR 98 MM SEMIABERTO, BOCAL DE SAIDA DIAMETRO 2 POLEGADAS, HM/Q = 2 M / 28,90 M3/H A 14 M / 7 M3/H","UN    ","C ",4593]
[10589,"BOMBA SUBMERSIVEL, ELETRICA, TRIFASICA, POTENCIA 1,97 HP, DIAMETRO DO ROTOR 144 MM SEMIABERTO, BOCAL DE SAIDA DIAMETRO DE 2 POLEGADAS, HM/Q = 2 M / 26,8 M3/H A 28 M / 4,6 M3/H","UN    ","CR",6170.4]
[760,"BOMBA SUBMERSIVEL, ELETRICA, TRIFASICA, POTENCIA 13 HP, DIAMETRO DO ROTOR 170 MM, BOCAL DE SAIDA DIAMETRO DE 3 POLEGADAS, HM/Q = 11 M / 68,40 M3/H A 72 M / 3,6 M3/H","UN    ","CR",34447.5]
[751,"BOMBA SUBMERSIVEL, ELETRICA, TRIFASICA, POTENCIA 2,96 HP, DIAMETRO DO ROTOR 144 MM SEMIABERTO, BOCAL DE SAIDA DIAMETRO DE DUAS POLEGADAS, HM/Q = 2 M / 38,8 M3/H A 28 M / 5 M3/H","UN    ","CR",5425.48]
[754,"BOMBA SUBMERSIVEL, ELETRICA, TRIFASICA, POTENCIA 3,75 HP, DIAMETRO DO ROTOR 90 MM SEMIABERTO, BOCAL DE SAIDA DIAMETRO DE 2 POLEGADAS, HM/Q = 5 M / 61,2 M3/H A 25,5 M / 3,6 M3/H","UN    ","CR",8611.8700000000008]
[44489,"BOMBA TRIPLEX COM MOTOR A DIESEL, NACIONAL, DIAMETRO DE SUCCAO DE 2  1/2''","UN    ","CR",163329.9]
[39917,"BOMBA TRIPLEX, PARA INJECAO DE CALDA DE CIMENTO, VAZAO MAXIMA DE *100* LITROS/MINUTO, PRESSAO MAXIMA DE *70* BAR, POTENCIA DE 15 CV","UN    ","CR",93101.63]
[38167,"BORBOLETA PARA JANELA TIPO GUILHOTINA, EM ZAMAC CROMADO","PAR   ","CR",31.33]
[36145,"BOTA DE PVC PRETA, CANO MEDIO, SEM FORRO","PAR   ","CR",37.44]
[12893,"BOTA DE SEGURANCA COM BIQUEIRA DE ACO E COLARINHO ACOLCHOADO","PAR   ","CR",62.4]
[11685,"BRACO / CANO PARA CHUVEIRO ELETRICO, EM ALUMINIO, 30 CM X 1/2 \"","UN    ","CR",41.23]
[11680,"BRACO OU HASTE COM CANOPLA PLASTICA, 1/2 \", PARA CHUVEIRO SIMPLES","UN    ","CR",20.86]
[11679,"BRACO OU HASTE RETA COM CANOPLA PLASTICA, 1/2 \", PARA CHUVEIRO ELETRICO","UN    ","CR",28.29]
[2512,"BRACO P/ LUMINARIA PUBLICA 1 X 1,50M ROMAGNOLE OU EQUIV","UN    ","AS",53.5]
[4374,"BUCHA DE NYLON SEM ABA S10","UN    ","CR",0.7]
[7568,"BUCHA DE NYLON SEM ABA S10, COM PARAFUSO DE 6,10 X 65 MM EM ACO ZINCADO COM ROSCA SOBERBA, CABECA CHATA E FENDA PHILLIPS","UN    ","CR",1.1599999999999999]
[7584,"BUCHA DE NYLON SEM ABA S12, COM PARAFUSO DE 5/16\" X 80 MM EM ACO ZINCADO COM ROSCA SOBERBA E CABECA SEXTAVADA","UN    ","CR",1.77]
[11945,"BUCHA DE NYLON SEM ABA S4","UN    ","CR",0.11]
[11946,"BUCHA DE NYLON SEM ABA S5","UN    ","CR",0.13]
[4375,"BUCHA DE NYLON SEM ABA S6","UN    ","C ",0.19]
[11950,"BUCHA DE NYLON SEM ABA S6, COM PARAFUSO DE 4,20 X 40 MM EM ACO ZINCADO COM ROSCA SOBERBA, CABECA CHATA E FENDA PHILLIPS","UN    ","CR",0.39]
[4376,"BUCHA DE NYLON SEM ABA S8","UN    ","CR",0.37]
[7583,"BUCHA DE NYLON SEM ABA S8, COM PARAFUSO DE 4,80 X 50 MM EM ACO ZINCADO COM ROSCA SOBERBA, CABECA CHATA E FENDA PHILLIPS","UN    ","CR",0.79]
[4350,"BUCHA DE NYLON, DIAMETRO DO FURO 8 MM, COMPRIMENTO 40 MM, COM PARAFUSO DE ROSCA SOBERBA, CABECA CHATA, FENDA SIMPLES, 4,8 X 50 MM","UN    ","AS",0.66]
[39886,"BUCHA DE REDUCAO DE COBRE (REF 600-2) SEM ANEL DE SOLDA, PONTA X BOLSA, 22 X 15 MM","UN    ","AS",6.82]
[39887,"BUCHA DE REDUCAO DE COBRE (REF 600-2) SEM ANEL DE SOLDA, PONTA X BOLSA, 28 X 22 MM","UN    ","AS",10.24]
[39888,"BUCHA DE REDUCAO DE COBRE (REF 600-2) SEM ANEL DE SOLDA, PONTA X BOLSA, 35 X 28 MM","UN    ","AS",23.41]
[39890,"BUCHA DE REDUCAO DE COBRE (REF 600-2) SEM ANEL DE SOLDA, PONTA X BOLSA, 42 X 35 MM","UN    ","AS",39.96]
[39891,"BUCHA DE REDUCAO DE COBRE (REF 600-2) SEM ANEL DE SOLDA, PONTA X BOLSA, 54 X 42 MM","UN    ","AS",56.34]
[39892,"BUCHA DE REDUCAO DE COBRE (REF 600-2) SEM ANEL DE SOLDA, PONTA X BOLSA, 66 X 54 MM","UN    ","AS",175.61]
[790,"BUCHA DE REDUCAO DE FERRO GALVANIZADO, COM ROSCA BSP, DE 1 1/2\" X 1 1/4\"","UN    ","CR",17.940000000000001]
[766,"BUCHA DE REDUCAO DE FERRO GALVANIZADO, COM ROSCA BSP, DE 1 1/2\" X 1/2\"","UN    ","CR",17.940000000000001]
[791,"BUCHA DE REDUCAO DE FERRO GALVANIZADO, COM ROSCA BSP, DE 1 1/2\" X 1\"","UN    ","CR",17.940000000000001]
[767,"BUCHA DE REDUCAO DE FERRO GALVANIZADO, COM ROSCA BSP, DE 1 1/2\" X 3/4\"","UN    ","CR",17.940000000000001]
[768,"BUCHA DE REDUCAO DE FERRO GALVANIZADO, COM ROSCA BSP, DE 1 1/4\" X 1/2\"","UN    ","CR",14.09]
[789,"BUCHA DE REDUCAO DE FERRO GALVANIZADO, COM ROSCA BSP, DE 1 1/4\" X 1\"","UN    ","CR",13.78]
[769,"BUCHA DE REDUCAO DE FERRO GALVANIZADO, COM ROSCA BSP, DE 1 1/4\" X 3/4\"","UN    ","CR",14.09]
[770,"BUCHA DE REDUCAO DE FERRO GALVANIZADO, COM ROSCA BSP, DE 1/2\" X 1/4\"","UN    ","CR",4.97]
[12394,"BUCHA DE REDUCAO DE FERRO GALVANIZADO, COM ROSCA BSP, DE 1/2\" X 3/8\"","UN    ","CR",4.97]
[764,"BUCHA DE REDUCAO DE FERRO GALVANIZADO, COM ROSCA BSP, DE 1\" X 1/2\"","UN    ","C ",8.67]
[765,"BUCHA DE REDUCAO DE FERRO GALVANIZADO, COM ROSCA BSP, DE 1\" X 3/4\"","UN    ","CR",8.67]
[787,"BUCHA DE REDUCAO DE FERRO GALVANIZADO, COM ROSCA BSP, DE 2 1/2\" X 1 1/2\"","UN    ","CR",38.729999999999997]
[774,"BUCHA DE REDUCAO DE FERRO GALVANIZADO, COM ROSCA BSP, DE 2 1/2\" X 1 1/4\"","UN    ","CR",38.729999999999997]
[773,"BUCHA DE REDUCAO DE FERRO GALVANIZADO, COM ROSCA BSP, DE 2 1/2\" X 1\"","UN    ","CR",38.729999999999997]
[775,"BUCHA DE REDUCAO DE FERRO GALVANIZADO, COM ROSCA BSP, DE 2 1/2\" X 2\"","UN    ","CR",38.729999999999997]
[788,"BUCHA DE REDUCAO DE FERRO GALVANIZADO, COM ROSCA BSP, DE 2\" X 1 1/2\"","UN    ","CR",24.07]
[772,"BUCHA DE REDUCAO DE FERRO GALVANIZADO, COM ROSCA BSP, DE 2\" X 1 1/4\"","UN    ","CR",24.07]
[771,"BUCHA DE REDUCAO DE FERRO GALVANIZADO, COM ROSCA BSP, DE 2\" X 1\"","UN    ","CR",24.07]
[779,"BUCHA DE REDUCAO DE FERRO GALVANIZADO, COM ROSCA BSP, DE 3/4\" X 1/2\"","UN    ","CR",5.98]
[776,"BUCHA DE REDUCAO DE FERRO GALVANIZADO, COM ROSCA BSP, DE 3\" X 1 1/2\"","UN    ","CR",57.09]
[777,"BUCHA DE REDUCAO DE FERRO GALVANIZADO, COM ROSCA BSP, DE 3\" X 1 1/4\"","UN    ","CR",55.5]
[780,"BUCHA DE REDUCAO DE FERRO GALVANIZADO, COM ROSCA BSP, DE 3\" X 2 1/2\"","UN    ","CR",55.78]
[778,"BUCHA DE REDUCAO DE FERRO GALVANIZADO, COM ROSCA BSP, DE 3\" X 2\"","UN    ","CR",57.09]
[781,"BUCHA DE REDUCAO DE FERRO GALVANIZADO, COM ROSCA BSP, DE 4\" X 2 1/2\"","UN    ","CR",105.48]
[786,"BUCHA DE REDUCAO DE FERRO GALVANIZADO, COM ROSCA BSP, DE 4\" X 2\"","UN    ","CR",105.48]
[782,"BUCHA DE REDUCAO DE FERRO GALVANIZADO, COM ROSCA BSP, DE 4\" X 3\"","UN    ","CR",105.48]
[783,"BUCHA DE REDUCAO DE FERRO GALVANIZADO, COM ROSCA BSP, DE 5\" X 4\"","UN    ","CR",288.7]
[785,"BUCHA DE REDUCAO DE FERRO GALVANIZADO, COM ROSCA BSP, DE 6\" X 4\"","UN    ","CR",305.04000000000002]
[784,"BUCHA DE REDUCAO DE FERRO GALVANIZADO, COM ROSCA BSP, DE 6\" X 5\"","UN    ","CR",327.23]
[831,"BUCHA DE REDUCAO DE PVC, SOLDAVEL, CURTA, COM 110 X 85 MM, PARA AGUA FRIA PREDIAL","UN    ","CR",125.59]
[828,"BUCHA DE REDUCAO DE PVC, SOLDAVEL, CURTA, COM 25 X 20 MM, PARA AGUA FRIA PREDIAL","UN    ","CR",0.72]
[829,"BUCHA DE REDUCAO DE PVC, SOLDAVEL, CURTA, COM 32 X 25 MM, PARA AGUA FRIA PREDIAL","UN    ","CR",1.52]
[812,"BUCHA DE REDUCAO DE PVC, SOLDAVEL, CURTA, COM 40 X 32 MM, PARA AGUA FRIA PREDIAL","UN    ","CR",3.3]
[819,"BUCHA DE REDUCAO DE PVC, SOLDAVEL, CURTA, COM 50 X 40 MM, PARA AGUA FRIA PREDIAL","UN    ","CR",5.42]
[818,"BUCHA DE REDUCAO DE PVC, SOLDAVEL, CURTA, COM 60 X 50 MM, PARA AGUA FRIA PREDIAL","UN    ","CR",9.1199999999999992]
[823,"BUCHA DE REDUCAO DE PVC, SOLDAVEL, CURTA, COM 75 X 60 MM, PARA AGUA FRIA PREDIAL","UN    ","CR",27.48]
[830,"BUCHA DE REDUCAO DE PVC, SOLDAVEL, CURTA, COM 85 X 75 MM, PARA AGUA FRIA PREDIAL","UN    ","CR",22.63]
[826,"BUCHA DE REDUCAO DE PVC, SOLDAVEL, LONGA, COM 110 X 60 MM, PARA AGUA FRIA PREDIAL","UN    ","CR",70.44]
[827,"BUCHA DE REDUCAO DE PVC, SOLDAVEL, LONGA, COM 110 X 75 MM, PARA AGUA FRIA PREDIAL","UN    ","CR",59.51]
[832,"BUCHA DE REDUCAO DE PVC, SOLDAVEL, LONGA, COM 32 X 20 MM, PARA AGUA FRIA PREDIAL","UN    ","CR",4.1100000000000003]
[833,"BUCHA DE REDUCAO DE PVC, SOLDAVEL, LONGA, COM 40 X 20 MM, PARA AGUA FRIA PREDIAL","UN    ","CR",5.83]
[834,"BUCHA DE REDUCAO DE PVC, SOLDAVEL, LONGA, COM 40 X 25 MM, PARA AGUA FRIA PREDIAL","UN    ","CR",6.4]
[825,"BUCHA DE REDUCAO DE PVC, SOLDAVEL, LONGA, COM 50 X 20 MM, PARA AGUA FRIA PREDIAL","UN    ","CR",7.15]
[813,"BUCHA DE REDUCAO DE PVC, SOLDAVEL, LONGA, COM 50 X 25 MM, PARA AGUA FRIA PREDIAL","UN    ","CR",7.02]
[820,"BUCHA DE REDUCAO DE PVC, SOLDAVEL, LONGA, COM 50 X 32 MM, PARA AGUA FRIA PREDIAL","UN    ","CR",8.91]
[816,"BUCHA DE REDUCAO DE PVC, SOLDAVEL, LONGA, COM 60 X 25 MM, PARA AGUA FRIA PREDIAL","UN    ","CR",15.16]
[814,"BUCHA DE REDUCAO DE PVC, SOLDAVEL, LONGA, COM 60 X 32 MM, PARA AGUA FRIA PREDIAL","UN    ","CR",18.32]
[815,"BUCHA DE REDUCAO DE PVC, SOLDAVEL, LONGA, COM 60 X 40 MM, PARA AGUA FRIA PREDIAL","UN    ","CR",19.8]
[822,"BUCHA DE REDUCAO DE PVC, SOLDAVEL, LONGA, COM 60 X 50 MM, PARA AGUA FRIA PREDIAL","UN    ","CR",24.11]
[821,"BUCHA DE REDUCAO DE PVC, SOLDAVEL, LONGA, COM 75 X 50 MM, PARA AGUA FRIA PREDIAL","UN    ","CR",28.19]
[817,"BUCHA DE REDUCAO DE PVC, SOLDAVEL, LONGA, COM 85 X 60 MM, PARA AGUA FRIA PREDIAL","UN    ","CR",33.51]
[20086,"BUCHA DE REDUCAO DE PVC, SOLDAVEL, LONGA, 50 X 40 MM, PARA ESGOTO PREDIAL","UN    ","CR",3.06]
[39191,"BUCHA DE REDUCAO EM ALUMINIO, COM ROSCA, DE 1 1/2\" X 1 1/4\", PARA ELETRODUTO","UN    ","CR",17.649999999999999]
[39190,"BUCHA DE REDUCAO EM ALUMINIO, COM ROSCA, DE 1 1/2\" X 1\", PARA ELETRODUTO","UN    ","CR",18.440000000000001]
[39189,"BUCHA DE REDUCAO EM ALUMINIO, COM ROSCA, DE 1 1/2\" X 3/4\", PARA ELETRODUTO","UN    ","CR",19.510000000000002]
[39186,"BUCHA DE REDUCAO EM ALUMINIO, COM ROSCA, DE 1 1/4\" X 1/2\", PARA ELETRODUTO","UN    ","CR",17.46]
[39188,"BUCHA DE REDUCAO EM ALUMINIO, COM ROSCA, DE 1 1/4\" X 1\", PARA ELETRODUTO","UN    ","CR",14.36]
[39187,"BUCHA DE REDUCAO EM ALUMINIO, COM ROSCA, DE 1 1/4\" X 3/4\", PARA ELETRODUTO","UN    ","CR",15.06]
[39184,"BUCHA DE REDUCAO EM ALUMINIO, COM ROSCA, DE 1\" X 1/2\", PARA ELETRODUTO","UN    ","CR",5.66]
[39185,"BUCHA DE REDUCAO EM ALUMINIO, COM ROSCA, DE 1\" X 3/4\", PARA ELETRODUTO","UN    ","CR",5.16]
[39198,"BUCHA DE REDUCAO EM ALUMINIO, COM ROSCA, DE 2 1/2\" X 1 1/2\", PARA ELETRODUTO","UN    ","CR",57.9]
[39197,"BUCHA DE REDUCAO EM ALUMINIO, COM ROSCA, DE 2 1/2\" X 1 1/4\", PARA ELETRODUTO","UN    ","CR",60.49]
[39196,"BUCHA DE REDUCAO EM ALUMINIO, COM ROSCA, DE 2 1/2\" X 1\", PARA ELETRODUTO","UN    ","CR",62.38]
[39199,"BUCHA DE REDUCAO EM ALUMINIO, COM ROSCA, DE 2 1/2\" X 2\", PARA ELETRODUTO","UN    ","CR",55.72]
[39195,"BUCHA DE REDUCAO EM ALUMINIO, COM ROSCA, DE 2\" X 1 1/2\", PARA ELETRODUTO","UN    ","CR",32.159999999999997]
[39194,"BUCHA DE REDUCAO EM ALUMINIO, COM ROSCA, DE 2\" X 1 1/4\", PARA ELETRODUTO","UN    ","CR",34.42]
[39193,"BUCHA DE REDUCAO EM ALUMINIO, COM ROSCA, DE 2\" X 1\", PARA ELETRODUTO","UN    ","CR",37.72]
[39192,"BUCHA DE REDUCAO EM ALUMINIO, COM ROSCA, DE 2\" X 3/4\", PARA ELETRODUTO","UN    ","CR",39.24]
[39920,"BUCHA DE REDUCAO EM ALUMINIO, COM ROSCA, DE 3/4\" X 1/2\",  PARA ELETRODUTO","UN    ","CR",4.75]
[39201,"BUCHA DE REDUCAO EM ALUMINIO, COM ROSCA, DE 3\" X 1 1/2\", PARA ELETRODUTO","UN    ","CR",69.23]
[39200,"BUCHA DE REDUCAO EM ALUMINIO, COM ROSCA, DE 3\" X 1 1/4\", PARA ELETRODUTO","UN    ","CR",69.790000000000006]
[39203,"BUCHA DE REDUCAO EM ALUMINIO, COM ROSCA, DE 3\" X 2 1/2\", PARA ELETRODUTO","UN    ","CR",56.35]
[39202,"BUCHA DE REDUCAO EM ALUMINIO, COM ROSCA, DE 3\" X 2\", PARA ELETRODUTO","UN    ","CR",66.19]
[39205,"BUCHA DE REDUCAO EM ALUMINIO, COM ROSCA, DE 4\" X 2 1/2\", PARA ELETRODUTO","UN    ","CR",110.43]
[39204,"BUCHA DE REDUCAO EM ALUMINIO, COM ROSCA, DE 4\" X 2\", PARA ELETRODUTO","UN    ","CR",113.1]
[39206,"BUCHA DE REDUCAO EM ALUMINIO, COM ROSCA, DE 4\" X 3\", PARA ELETRODUTO","UN    ","CR",107.3]
[797,"BUCHA DE REDUCAO PVC ROSCAVEL 1 1/2\" X 1\"","UN    ","CR",13.11]
[798,"BUCHA DE REDUCAO PVC ROSCAVEL 3/4\" X 1/2\"","UN    ","CR",1.8]
[796,"BUCHA DE REDUCAO PVC ROSCAVEL, 1 1/2\" X 3/4\"","UN    ","CR",12.56]
[799,"BUCHA DE REDUCAO PVC ROSCAVEL, 1\" X 1/2\"","UN    ","CR",5.91]
[792,"BUCHA DE REDUCAO PVC ROSCAVEL, 1\" X 3/4\"","UN    ","CR",6]
[804,"BUCHA DE REDUCAO PVC, ROSCAVEL,  2\"  X 1 1/2 \"","UN    ","CR",29.77]
[793,"BUCHA DE REDUCAO PVC, ROSCAVEL, 1 1/2\"  X1 1/4 \"","UN    ","CR",12.78]
[801,"BUCHA DE REDUCAO PVC, ROSCAVEL, 1 1/4\"  X 3/4 \"","UN    ","CR",9.1199999999999992]
[794,"BUCHA DE REDUCAO PVC, ROSCAVEL, 1 1/4\" X 1 \"","UN    ","CR",9.41]
[802,"BUCHA DE REDUCAO PVC, ROSCAVEL, 2\"  X 1 \"","UN    ","CR",26.25]
[803,"BUCHA DE REDUCAO PVC, ROSCAVEL, 2\"  X 1 1/4 \"","UN    ","CR",22.9]
[38001,"BUCHA DE REDUCAO, CPVC, SOLDAVEL, 22 X 15 MM, PARA AGUA QUENTE","UN    ","CR",1.26]
[38002,"BUCHA DE REDUCAO, CPVC, SOLDAVEL, 28 X 22 MM, PARA AGUA QUENTE","UN    ","CR",2.34]
[38003,"BUCHA DE REDUCAO, CPVC, SOLDAVEL, 35 X 28 MM, PARA AGUA QUENTE","UN    ","CR",28.06]
[38004,"BUCHA DE REDUCAO, CPVC, SOLDAVEL, 42 X 22 MM, PARA AGUA QUENTE","UN    ","CR",37.520000000000003]
[36327,"BUCHA DE REDUCAO, PPR, DN 25 X 20 MM, PARA AGUA QUENTE PREDIAL","UN    ","CR",2.2999999999999998]
[38992,"BUCHA DE REDUCAO, PPR, DN 32 X 25 MM, PARA AGUA QUENTE E FRIA PREDIAL","UN    ","CR",3.68]
[38993,"BUCHA DE REDUCAO, PPR, DN 40 X 25 MM, PARA AGUA QUENTE E FRIA PREDIAL","UN    ","CR",10.49]
[38418,"BUCHA DE REDUCAO, PVC, LONGA, SERIE R, DN 50 X 40 MM, PARA ESGOTO OU AGUAS PLUVIAIS PREDIAIS","UN    ","CR",8.8800000000000008]
[39178,"BUCHA EM ALUMINIO, COM ROSCA, DE  1 1/2\", PARA ELETRODUTO","UN    ","CR",1.91]
[39177,"BUCHA EM ALUMINIO, COM ROSCA, DE 1 1/4\", PARA ELETRODUTO","UN    ","CR",1.72]
[39174,"BUCHA EM ALUMINIO, COM ROSCA, DE 1/2\", PARA ELETRODUTO","UN    ","CR",0.86]
[39176,"BUCHA EM ALUMINIO, COM ROSCA, DE 1\", PARA ELETRODUTO","UN    ","CR",1.1299999999999999]
[39180,"BUCHA EM ALUMINIO, COM ROSCA, DE 2 1/2\", PARA ELETRODUTO","UN    ","CR",5.18]
[39179,"BUCHA EM ALUMINIO, COM ROSCA, DE 2\", PARA ELETRODUTO","UN    ","CR",4.59]
[39175,"BUCHA EM ALUMINIO, COM ROSCA, DE 3/4\", PARA ELETRODUTO","UN    ","CR",1.05]
[39217,"BUCHA EM ALUMINIO, COM ROSCA, DE 3/8\", PARA ELETRODUTO","UN    ","CR",0.81]
[39181,"BUCHA EM ALUMINIO, COM ROSCA, DE 3\", PARA ELETRODUTO","UN    ","CR",6.95]
[39182,"BUCHA EM ALUMINIO, COM ROSCA, DE 4\", PARA ELETRODUTO","UN    ","CR",9.77]
[12616,"CABECEIRA DIREITA OU ESQUERDA, PVC, PARA CALHA PLUVIAL, DIAMETRO ENTRE 119 E 170 MM, PARA DRENAGEM PREDIAL","UN    ","AS",5.51]
[1049,"CABECOTE PARA ENTRADA DE LINHA DE ALIMENTACAO PARA ELETRODUTO, EM LIGA DE ALUMINIO COM ACABAMENTO ANTI CORROSIVO, COM FIXACAO POR ENCAIXE LISO DE 360 GRAUS, DE 1 1/2\"","UN    ","CR",8.18]
[1099,"CABECOTE PARA ENTRADA DE LINHA DE ALIMENTACAO PARA ELETRODUTO, EM LIGA DE ALUMINIO COM ACABAMENTO ANTI CORROSIVO, COM FIXACAO POR ENCAIXE LISO DE 360 GRAUS, DE 1 1/4\"","UN    ","CR",6.26]
[39678,"CABECOTE PARA ENTRADA DE LINHA DE ALIMENTACAO PARA ELETRODUTO, EM LIGA DE ALUMINIO COM ACABAMENTO ANTI CORROSIVO, COM FIXACAO POR ENCAIXE LISO DE 360 GRAUS, DE 1/2\"","UN    ","CR",2.52]
[1050,"CABECOTE PARA ENTRADA DE LINHA DE ALIMENTACAO PARA ELETRODUTO, EM LIGA DE ALUMINIO COM ACABAMENTO ANTI CORROSIVO, COM FIXACAO POR ENCAIXE LISO DE 360 GRAUS, DE 1\"","UN    ","CR",4.28]
[1101,"CABECOTE PARA ENTRADA DE LINHA DE ALIMENTACAO PARA ELETRODUTO, EM LIGA DE ALUMINIO COM ACABAMENTO ANTI CORROSIVO, COM FIXACAO POR ENCAIXE LISO DE 360 GRAUS, DE 2 1/2\"","UN    ","CR",26.99]
[1100,"CABECOTE PARA ENTRADA DE LINHA DE ALIMENTACAO PARA ELETRODUTO, EM LIGA DE ALUMINIO COM ACABAMENTO ANTI CORROSIVO, COM FIXACAO POR ENCAIXE LISO DE 360 GRAUS, DE 2\"","UN    ","CR",13.92]
[39679,"CABECOTE PARA ENTRADA DE LINHA DE ALIMENTACAO PARA ELETRODUTO, EM LIGA DE ALUMINIO COM ACABAMENTO ANTI CORROSIVO, COM FIXACAO POR ENCAIXE LISO DE 360 GRAUS, DE 3 1/2\"","UN    ","CR",53.78]
[1098,"CABECOTE PARA ENTRADA DE LINHA DE ALIMENTACAO PARA ELETRODUTO, EM LIGA DE ALUMINIO COM ACABAMENTO ANTI CORROSIVO, COM FIXACAO POR ENCAIXE LISO DE 360 GRAUS, DE 3/4\"","UN    ","CR",3.34]
[1102,"CABECOTE PARA ENTRADA DE LINHA DE ALIMENTACAO PARA ELETRODUTO, EM LIGA DE ALUMINIO COM ACABAMENTO ANTI CORROSIVO, COM FIXACAO POR ENCAIXE LISO DE 360 GRAUS, DE 3\"","UN    ","CR",40.24]
[1051,"CABECOTE PARA ENTRADA DE LINHA DE ALIMENTACAO PARA ELETRODUTO, EM LIGA DE ALUMINIO COM ACABAMENTO ANTI CORROSIVO, COM FIXACAO POR ENCAIXE LISO DE 360 GRAUS, DE 4\"","UN    ","CR",58.49]
[37399,"CABIDE/GANCHO DE BANHEIRO SIMPLES EM METAL CROMADO","UN    ","CR",40.11]
[41955,"CABO DE ACO GALVANIZADO, DIAMETRO 12,7 MM (1/2\"), COM ALMA DE ACO CABO INDEPENDENTE 6 X 25 F","KG    ","CR",84.17]
[41953,"CABO DE ACO GALVANIZADO, DIAMETRO 12,7 MM (1/2\"), COM ALMA DE FIBRA 6 X 25 F","KG    ","CR",80.33]
[41954,"CABO DE ACO GALVANIZADO, DIAMETRO 9,53 MM (3/8\"), COM ALMA DE FIBRA 6 X 25 F","KG    ","CR",79.56]
[25004,"CABO DE ALUMINIO NU COM ALMA DE ACO, BITOLA 1/0 AWG","KG    ","CR",44.91]
[25002,"CABO DE ALUMINIO NU COM ALMA DE ACO, BITOLA 2 AWG","KG    ","CR",45.28]
[37409,"CABO DE ALUMINIO NU COM ALMA DE ACO, BITOLA 2/0 AWG","KG    ","CR",44.53]
[841,"CABO DE ALUMINIO NU COM ALMA DE ACO, BITOLA 4 AWG","KG    ","C ",46]
[25005,"CABO DE ALUMINIO NU SEM ALMA DE ACO, BITOLA 1/0 AWG","KG    ","CR",50.44]
[25003,"CABO DE ALUMINIO NU SEM ALMA DE ACO, BITOLA 2 AWG","KG    ","CR",53.88]
[37410,"CABO DE ALUMINIO NU SEM ALMA DE ACO, BITOLA 2/0 AWG","KG    ","CR",50.44]
[842,"CABO DE ALUMINIO NU SEM ALMA DE ACO, BITOLA 4 AWG","KG    ","CR",56.74]
[862,"CABO DE COBRE NU 10 MM2 MEIO-DURO","M     ","CR",10.36]
[866,"CABO DE COBRE NU 120 MM2 MEIO-DURO","M     ","CR",127.38]
[892,"CABO DE COBRE NU 150 MM2 MEIO-DURO","M     ","CR",161.97999999999999]
[857,"CABO DE COBRE NU 16 MM2 MEIO-DURO","M     ","C ",16.489999999999998]
[37404,"CABO DE COBRE NU 185 MM2 MEIO-DURO","M     ","CR",194.78]
[868,"CABO DE COBRE NU 25 MM2 MEIO-DURO","M     ","CR",25.46]
[870,"CABO DE COBRE NU 300 MM2 MEIO-DURO","M     ","CR",335.64]
[863,"CABO DE COBRE NU 35 MM2 MEIO-DURO","M     ","CR",35.18]
[867,"CABO DE COBRE NU 50 MM2 MEIO-DURO","M     ","CR",49]
[891,"CABO DE COBRE NU 500 MM2 MEIO-DURO","M     ","CR",563.67999999999995]
[864,"CABO DE COBRE NU 70 MM2 MEIO-DURO","M     ","CR",69.040000000000006]
[865,"CABO DE COBRE NU 95 MM2 MEIO-DURO","M     ","CR",97.24]
[1006,"CABO DE COBRE RIGIDO, CLASSE 2, ISOLACAO EM PVC, ANTI-CHAMA BWF-B, 1 CONDUTOR, 450/750 V, DIAMETRO 120 MM2","M     ","CR",120.12]
[948,"CABO DE COBRE UNIPOLAR 10 MM2, BLINDADO, ISOLACAO 3,6/6 KV EPR, COBERTURA EM PVC","M     ","CR",62.55]
[947,"CABO DE COBRE UNIPOLAR 16 MM2, BLINDADO, ISOLACAO 3,6/6 KV EPR, COBERTURA EM PVC","M     ","CR",63.63]
[911,"CABO DE COBRE UNIPOLAR 16 MM2, BLINDADO, ISOLACAO 6/10 KV EPR, COBERTURA EM PVC","M     ","CR",92.53]
[925,"CABO DE COBRE UNIPOLAR 25 MM2, BLINDADO, ISOLACAO 3,6/6 KV EPR, COBERTURA EM PVC","M     ","CR",85.53]
[954,"CABO DE COBRE UNIPOLAR 25MM2, BLINDADO, ISOLACAO 6/10 KV EPR, COBERTURA EM PVC","M     ","CR",94.49]
[901,"CABO DE COBRE UNIPOLAR 35 MM2, BLINDADO, ISOLACAO 12/20 KV EPR, COBERTURA EM PVC","M     ","CR",101.12]
[926,"CABO DE COBRE UNIPOLAR 35 MM2, BLINDADO, ISOLACAO 3,6/6 KV EPR, COBERTURA EM PVC","M     ","CR",106.87]
[912,"CABO DE COBRE UNIPOLAR 35 MM2, BLINDADO, ISOLACAO 6/10 KV EPR, COBERTURA EM PVC","M     ","CR",107.52]
[955,"CABO DE COBRE UNIPOLAR 50 MM2, BLINDADO, ISOLACAO 12/20 KV EPR, COBERTURA EM PVC","M     ","CR",128.34]
[946,"CABO DE COBRE UNIPOLAR 50 MM2, BLINDADO, ISOLACAO 3,6/6 KV EPR, COBERTURA EM PVC","M     ","CR",144.29]
[953,"CABO DE COBRE UNIPOLAR 50 MM2, BLINDADO, ISOLACAO 6/10 KV EPR, COBERTURA EM PVC","M     ","CR",131.30000000000001]
[902,"CABO DE COBRE UNIPOLAR 70 MM2, BLINDADO, ISOLACAO 12/20 KV EPR, COBERTURA EM PVC","M     ","CR",159.62]
[927,"CABO DE COBRE UNIPOLAR 70 MM2, BLINDADO, ISOLACAO 3,6/6 KV EPR, COBERTURA EM PVC","M     ","CR",154.72]
[913,"CABO DE COBRE UNIPOLAR 70 MM2, BLINDADO, ISOLACAO 6/10 KV EPR, COBERTURA EM PVC","M     ","CR",172.68]
[903,"CABO DE COBRE UNIPOLAR 95 MM2, BLINDADO, ISOLACAO 12/20 KV EPR, COBERTURA EM PVC","M     ","CR",195.43]
[945,"CABO DE COBRE UNIPOLAR 95 MM2, BLINDADO, ISOLACAO 3,6/6 KV EPR, COBERTURA EM PVC","M     ","CR",206.73]
[914,"CABO DE COBRE UNIPOLAR 95 MM2, BLINDADO, ISOLACAO 6/10 KV EPR, COBERTURA EM PVC","M     ","CR",211.78]
[993,"CABO DE COBRE, FLEXIVEL, CLASSE 4 OU 5, ISOLACAO EM PVC/A, ANTICHAMA BWF-B, COBERTURA PVC-ST1, ANTICHAMA BWF-B, 1 CONDUTOR, 0,6/1 KV, SECAO NOMINAL 1,5 MM2","M     ","CR",2.59]
[1020,"CABO DE COBRE, FLEXIVEL, CLASSE 4 OU 5, ISOLACAO EM PVC/A, ANTICHAMA BWF-B, COBERTURA PVC-ST1, ANTICHAMA BWF-B, 1 CONDUTOR, 0,6/1 KV, SECAO NOMINAL 10 MM2","M     ","CR",11.26]
[1017,"CABO DE COBRE, FLEXIVEL, CLASSE 4 OU 5, ISOLACAO EM PVC/A, ANTICHAMA BWF-B, COBERTURA PVC-ST1, ANTICHAMA BWF-B, 1 CONDUTOR, 0,6/1 KV, SECAO NOMINAL 120 MM2","M     ","CR",123.75]
[999,"CABO DE COBRE, FLEXIVEL, CLASSE 4 OU 5, ISOLACAO EM PVC/A, ANTICHAMA BWF-B, COBERTURA PVC-ST1, ANTICHAMA BWF-B, 1 CONDUTOR, 0,6/1 KV, SECAO NOMINAL 150 MM2","M     ","CR",153.34]
[995,"CABO DE COBRE, FLEXIVEL, CLASSE 4 OU 5, ISOLACAO EM PVC/A, ANTICHAMA BWF-B, COBERTURA PVC-ST1, ANTICHAMA BWF-B, 1 CONDUTOR, 0,6/1 KV, SECAO NOMINAL 16 MM2","M     ","CR",17.27]
[1000,"CABO DE COBRE, FLEXIVEL, CLASSE 4 OU 5, ISOLACAO EM PVC/A, ANTICHAMA BWF-B, COBERTURA PVC-ST1, ANTICHAMA BWF-B, 1 CONDUTOR, 0,6/1 KV, SECAO NOMINAL 185 MM2","M     ","CR",187.96]
[1022,"CABO DE COBRE, FLEXIVEL, CLASSE 4 OU 5, ISOLACAO EM PVC/A, ANTICHAMA BWF-B, COBERTURA PVC-ST1, ANTICHAMA BWF-B, 1 CONDUTOR, 0,6/1 KV, SECAO NOMINAL 2,5 MM2","M     ","CR",3.59]
[1015,"CABO DE COBRE, FLEXIVEL, CLASSE 4 OU 5, ISOLACAO EM PVC/A, ANTICHAMA BWF-B, COBERTURA PVC-ST1, ANTICHAMA BWF-B, 1 CONDUTOR, 0,6/1 KV, SECAO NOMINAL 240 MM2","M     ","CR",247.51]
[996,"CABO DE COBRE, FLEXIVEL, CLASSE 4 OU 5, ISOLACAO EM PVC/A, ANTICHAMA BWF-B, COBERTURA PVC-ST1, ANTICHAMA BWF-B, 1 CONDUTOR, 0,6/1 KV, SECAO NOMINAL 25 MM2","M     ","CR",26.29]
[1001,"CABO DE COBRE, FLEXIVEL, CLASSE 4 OU 5, ISOLACAO EM PVC/A, ANTICHAMA BWF-B, COBERTURA PVC-ST1, ANTICHAMA BWF-B, 1 CONDUTOR, 0,6/1 KV, SECAO NOMINAL 300 MM2","M     ","CR",309.75]
[1019,"CABO DE COBRE, FLEXIVEL, CLASSE 4 OU 5, ISOLACAO EM PVC/A, ANTICHAMA BWF-B, COBERTURA PVC-ST1, ANTICHAMA BWF-B, 1 CONDUTOR, 0,6/1 KV, SECAO NOMINAL 35 MM2","M     ","CR",36.25]
[1021,"CABO DE COBRE, FLEXIVEL, CLASSE 4 OU 5, ISOLACAO EM PVC/A, ANTICHAMA BWF-B, COBERTURA PVC-ST1, ANTICHAMA BWF-B, 1 CONDUTOR, 0,6/1 KV, SECAO NOMINAL 4 MM2","M     ","CR",5.14]
[39249,"CABO DE COBRE, FLEXIVEL, CLASSE 4 OU 5, ISOLACAO EM PVC/A, ANTICHAMA BWF-B, COBERTURA PVC-ST1, ANTICHAMA BWF-B, 1 CONDUTOR, 0,6/1 KV, SECAO NOMINAL 400 MM2","M     ","CR",404.07]
[1018,"CABO DE COBRE, FLEXIVEL, CLASSE 4 OU 5, ISOLACAO EM PVC/A, ANTICHAMA BWF-B, COBERTURA PVC-ST1, ANTICHAMA BWF-B, 1 CONDUTOR, 0,6/1 KV, SECAO NOMINAL 50 MM2","M     ","CR",51.66]
[39250,"CABO DE COBRE, FLEXIVEL, CLASSE 4 OU 5, ISOLACAO EM PVC/A, ANTICHAMA BWF-B, COBERTURA PVC-ST1, ANTICHAMA BWF-B, 1 CONDUTOR, 0,6/1 KV, SECAO NOMINAL 500 MM2","M     ","CR",519.05999999999995]
[994,"CABO DE COBRE, FLEXIVEL, CLASSE 4 OU 5, ISOLACAO EM PVC/A, ANTICHAMA BWF-B, COBERTURA PVC-ST1, ANTICHAMA BWF-B, 1 CONDUTOR, 0,6/1 KV, SECAO NOMINAL 6 MM2","M     ","CR",7.03]
[977,"CABO DE COBRE, FLEXIVEL, CLASSE 4 OU 5, ISOLACAO EM PVC/A, ANTICHAMA BWF-B, COBERTURA PVC-ST1, ANTICHAMA BWF-B, 1 CONDUTOR, 0,6/1 KV, SECAO NOMINAL 70 MM2","M     ","CR",71.569999999999993]
[998,"CABO DE COBRE, FLEXIVEL, CLASSE 4 OU 5, ISOLACAO EM PVC/A, ANTICHAMA BWF-B, COBERTURA PVC-ST1, ANTICHAMA BWF-B, 1 CONDUTOR, 0,6/1 KV, SECAO NOMINAL 95 MM2","M     ","CR",95.07]
[39251,"CABO DE COBRE, FLEXIVEL, CLASSE 4 OU 5, ISOLACAO EM PVC/A, ANTICHAMA BWF-B, 1 CONDUTOR, 450/750 V, SECAO NOMINAL 0,5 MM2","M     ","CR",0.69]
[1011,"CABO DE COBRE, FLEXIVEL, CLASSE 4 OU 5, ISOLACAO EM PVC/A, ANTICHAMA BWF-B, 1 CONDUTOR, 450/750 V, SECAO NOMINAL 0,75 MM2","M     ","CR",0.95]
[39252,"CABO DE COBRE, FLEXIVEL, CLASSE 4 OU 5, ISOLACAO EM PVC/A, ANTICHAMA BWF-B, 1 CONDUTOR, 450/750 V, SECAO NOMINAL 1,0 MM2","M     ","CR",1.1399999999999999]
[1013,"CABO DE COBRE, FLEXIVEL, CLASSE 4 OU 5, ISOLACAO EM PVC/A, ANTICHAMA BWF-B, 1 CONDUTOR, 450/750 V, SECAO NOMINAL 1,5 MM2","M     ","CR",1.52]
[980,"CABO DE COBRE, FLEXIVEL, CLASSE 4 OU 5, ISOLACAO EM PVC/A, ANTICHAMA BWF-B, 1 CONDUTOR, 450/750 V, SECAO NOMINAL 10 MM2","M     ","CR",10.33]
[39237,"CABO DE COBRE, FLEXIVEL, CLASSE 4 OU 5, ISOLACAO EM PVC/A, ANTICHAMA BWF-B, 1 CONDUTOR, 450/750 V, SECAO NOMINAL 120 MM2","M     ","CR",122.46]
[39238,"CABO DE COBRE, FLEXIVEL, CLASSE 4 OU 5, ISOLACAO EM PVC/A, ANTICHAMA BWF-B, 1 CONDUTOR, 450/750 V, SECAO NOMINAL 150 MM2","M     ","CR",152.88999999999999]
[979,"CABO DE COBRE, FLEXIVEL, CLASSE 4 OU 5, ISOLACAO EM PVC/A, ANTICHAMA BWF-B, 1 CONDUTOR, 450/750 V, SECAO NOMINAL 16 MM2","M     ","CR",15.91]
[39239,"CABO DE COBRE, FLEXIVEL, CLASSE 4 OU 5, ISOLACAO EM PVC/A, ANTICHAMA BWF-B, 1 CONDUTOR, 450/750 V, SECAO NOMINAL 185 MM2","M     ","CR",186.06]
[1014,"CABO DE COBRE, FLEXIVEL, CLASSE 4 OU 5, ISOLACAO EM PVC/A, ANTICHAMA BWF-B, 1 CONDUTOR, 450/750 V, SECAO NOMINAL 2,5 MM2","M     ","CR",2.41]
[39240,"CABO DE COBRE, FLEXIVEL, CLASSE 4 OU 5, ISOLACAO EM PVC/A, ANTICHAMA BWF-B, 1 CONDUTOR, 450/750 V, SECAO NOMINAL 240 MM2","M     ","CR",245.92]
[39232,"CABO DE COBRE, FLEXIVEL, CLASSE 4 OU 5, ISOLACAO EM PVC/A, ANTICHAMA BWF-B, 1 CONDUTOR, 450/750 V, SECAO NOMINAL 25 MM2","M     ","CR",25.53]
[39233,"CABO DE COBRE, FLEXIVEL, CLASSE 4 OU 5, ISOLACAO EM PVC/A, ANTICHAMA BWF-B, 1 CONDUTOR, 450/750 V, SECAO NOMINAL 35 MM2","M     ","CR",35.11]
[981,"CABO DE COBRE, FLEXIVEL, CLASSE 4 OU 5, ISOLACAO EM PVC/A, ANTICHAMA BWF-B, 1 CONDUTOR, 450/750 V, SECAO NOMINAL 4 MM2","M     ","C ",4.32]
[39234,"CABO DE COBRE, FLEXIVEL, CLASSE 4 OU 5, ISOLACAO EM PVC/A, ANTICHAMA BWF-B, 1 CONDUTOR, 450/750 V, SECAO NOMINAL 50 MM2","M     ","CR",51.52]
[982,"CABO DE COBRE, FLEXIVEL, CLASSE 4 OU 5, ISOLACAO EM PVC/A, ANTICHAMA BWF-B, 1 CONDUTOR, 450/750 V, SECAO NOMINAL 6 MM2","M     ","CR",6.04]
[39235,"CABO DE COBRE, FLEXIVEL, CLASSE 4 OU 5, ISOLACAO EM PVC/A, ANTICHAMA BWF-B, 1 CONDUTOR, 450/750 V, SECAO NOMINAL 70 MM2","M     ","CR",72.47]
[39236,"CABO DE COBRE, FLEXIVEL, CLASSE 4 OU 5, ISOLACAO EM PVC/A, ANTICHAMA BWF-B, 1 CONDUTOR, 450/750 V, SECAO NOMINAL 95 MM2","M     ","CR",95]
[876,"CABO DE COBRE, RIGIDO, CLASSE 2, COMPACTADO, BLINDADO, ISOLACAO EM EPR OU XLPE, COBERTURA ANTICHAMA EM PVC, PEAD OU HFFR, 1 CONDUTOR, 20/35 KV, SECAO NOMINAL 120 MM2","M     ","CR",245.23]
[877,"CABO DE COBRE, RIGIDO, CLASSE 2, COMPACTADO, BLINDADO, ISOLACAO EM EPR OU XLPE, COBERTURA ANTICHAMA EM PVC, PEAD OU HFFR, 1 CONDUTOR, 20/35 KV, SECAO NOMINAL 150 MM2","M     ","CR",288.29000000000002]
[882,"CABO DE COBRE, RIGIDO, CLASSE 2, COMPACTADO, BLINDADO, ISOLACAO EM EPR OU XLPE, COBERTURA ANTICHAMA EM PVC, PEAD OU HFFR, 1 CONDUTOR, 20/35 KV, SECAO NOMINAL 185 MM2","M     ","CR",314.14]
[878,"CABO DE COBRE, RIGIDO, CLASSE 2, COMPACTADO, BLINDADO, ISOLACAO EM EPR OU XLPE, COBERTURA ANTICHAMA EM PVC, PEAD OU HFFR, 1 CONDUTOR, 20/35 KV, SECAO NOMINAL 240 MM2","M     ","CR",390.55]
[879,"CABO DE COBRE, RIGIDO, CLASSE 2, COMPACTADO, BLINDADO, ISOLACAO EM EPR OU XLPE, COBERTURA ANTICHAMA EM PVC, PEAD OU HFFR, 1 CONDUTOR, 20/35 KV, SECAO NOMINAL 300 MM2","M     ","CR",460.33]
[880,"CABO DE COBRE, RIGIDO, CLASSE 2, COMPACTADO, BLINDADO, ISOLACAO EM EPR OU XLPE, COBERTURA ANTICHAMA EM PVC, PEAD OU HFFR, 1 CONDUTOR, 20/35 KV, SECAO NOMINAL 400 MM2","M     ","CR",541.63]
[873,"CABO DE COBRE, RIGIDO, CLASSE 2, COMPACTADO, BLINDADO, ISOLACAO EM EPR OU XLPE, COBERTURA ANTICHAMA EM PVC, PEAD OU HFFR, 1 CONDUTOR, 20/35 KV, SECAO NOMINAL 50 MM2","M     ","CR",164.69]
[881,"CABO DE COBRE, RIGIDO, CLASSE 2, COMPACTADO, BLINDADO, ISOLACAO EM EPR OU XLPE, COBERTURA ANTICHAMA EM PVC, PEAD OU HFFR, 1 CONDUTOR, 20/35 KV, SECAO NOMINAL 500 MM2","M     ","CR",740.31]
[874,"CABO DE COBRE, RIGIDO, CLASSE 2, COMPACTADO, BLINDADO, ISOLACAO EM EPR OU XLPE, COBERTURA ANTICHAMA EM PVC, PEAD OU HFFR, 1 CONDUTOR, 20/35 KV, SECAO NOMINAL 70 MM2","M     ","CR",195.45]
[875,"CABO DE COBRE, RIGIDO, CLASSE 2, COMPACTADO, BLINDADO, ISOLACAO EM EPR OU XLPE, COBERTURA ANTICHAMA EM PVC, PEAD OU HFFR, 1 CONDUTOR, 20/35 KV, SECAO NOMINAL 95 MM2","M     ","CR",233.18]
[983,"CABO DE COBRE, RIGIDO, CLASSE 2, ISOLACAO EM PVC/A, ANTICHAMA BWF-B, 1 CONDUTOR, 450/750 V, SECAO NOMINAL 1,5 MM2","M     ","CR",1.46]
[985,"CABO DE COBRE, RIGIDO, CLASSE 2, ISOLACAO EM PVC/A, ANTICHAMA BWF-B, 1 CONDUTOR, 450/750 V, SECAO NOMINAL 10 MM2","M     ","CR",10.95]
[990,"CABO DE COBRE, RIGIDO, CLASSE 2, ISOLACAO EM PVC/A, ANTICHAMA BWF-B, 1 CONDUTOR, 450/750 V, SECAO NOMINAL 150 MM2","M     ","CR",149.9]
[39241,"CABO DE COBRE, RIGIDO, CLASSE 2, ISOLACAO EM PVC/A, ANTICHAMA BWF-B, 1 CONDUTOR, 450/750 V, SECAO NOMINAL 16 MM2","M     ","CR",17.14]
[1005,"CABO DE COBRE, RIGIDO, CLASSE 2, ISOLACAO EM PVC/A, ANTICHAMA BWF-B, 1 CONDUTOR, 450/750 V, SECAO NOMINAL 185 MM2","M     ","CR",183.99]
[984,"CABO DE COBRE, RIGIDO, CLASSE 2, ISOLACAO EM PVC/A, ANTICHAMA BWF-B, 1 CONDUTOR, 450/750 V, SECAO NOMINAL 2,5 MM2","M     ","CR",3.78]
[991,"CABO DE COBRE, RIGIDO, CLASSE 2, ISOLACAO EM PVC/A, ANTICHAMA BWF-B, 1 CONDUTOR, 450/750 V, SECAO NOMINAL 240 MM2","M     ","CR",243.12]
[986,"CABO DE COBRE, RIGIDO, CLASSE 2, ISOLACAO EM PVC/A, ANTICHAMA BWF-B, 1 CONDUTOR, 450/750 V, SECAO NOMINAL 25 MM2","M     ","CR",26.19]
[1024,"CABO DE COBRE, RIGIDO, CLASSE 2, ISOLACAO EM PVC/A, ANTICHAMA BWF-B, 1 CONDUTOR, 450/750 V, SECAO NOMINAL 300 MM2","M     ","CR",300.89999999999998]
[987,"CABO DE COBRE, RIGIDO, CLASSE 2, ISOLACAO EM PVC/A, ANTICHAMA BWF-B, 1 CONDUTOR, 450/750 V, SECAO NOMINAL 35 MM2","M     ","CR",35.590000000000003]
[1003,"CABO DE COBRE, RIGIDO, CLASSE 2, ISOLACAO EM PVC/A, ANTICHAMA BWF-B, 1 CONDUTOR, 450/750 V, SECAO NOMINAL 4 MM2","M     ","CR",5.54]
[992,"CABO DE COBRE, RIGIDO, CLASSE 2, ISOLACAO EM PVC/A, ANTICHAMA BWF-B, 1 CONDUTOR, 450/750 V, SECAO NOMINAL 400 MM2","M     ","CR",389.3]
[1007,"CABO DE COBRE, RIGIDO, CLASSE 2, ISOLACAO EM PVC/A, ANTICHAMA BWF-B, 1 CONDUTOR, 450/750 V, SECAO NOMINAL 50 MM2","M     ","CR",50.49]
[39242,"CABO DE COBRE, RIGIDO, CLASSE 2, ISOLACAO EM PVC/A, ANTICHAMA BWF-B, 1 CONDUTOR, 450/750 V, SECAO NOMINAL 500 MM2","M     ","CR",482.36]
[1008,"CABO DE COBRE, RIGIDO, CLASSE 2, ISOLACAO EM PVC/A, ANTICHAMA BWF-B, 1 CONDUTOR, 450/750 V, SECAO NOMINAL 6 MM2","M     ","CR",6.28]
[988,"CABO DE COBRE, RIGIDO, CLASSE 2, ISOLACAO EM PVC/A, ANTICHAMA BWF-B, 1 CONDUTOR, 450/750 V, SECAO NOMINAL 70 MM2","M     ","CR",69.739999999999995]
[989,"CABO DE COBRE, RIGIDO, CLASSE 2, ISOLACAO EM PVC/A, ANTICHAMA BWF-B, 1 CONDUTOR, 450/750 V, SECAO NOMINAL 95 MM2","M     ","CR",94.46]
[39598,"CABO DE PAR TRANCADO UTP, 4 PARES, CATEGORIA 5E","M     ","CR",1.5]
[39599,"CABO DE PAR TRANCADO UTP, 4 PARES, CATEGORIA 6","M     ","CR",2.2599999999999998]
[34602,"CABO FLEXIVEL PVC 750 V, 2 CONDUTORES DE 1,5 MM2","M     ","CR",5.89]
[34603,"CABO FLEXIVEL PVC 750 V, 2 CONDUTORES DE 10,0 MM2","M     ","CR",28.34]
[34607,"CABO FLEXIVEL PVC 750 V, 2 CONDUTORES DE 4,0 MM2","M     ","CR",12.64]
[34609,"CABO FLEXIVEL PVC 750 V, 2 CONDUTORES DE 6,0 MM2","M     ","CR",18.96]
[34618,"CABO FLEXIVEL PVC 750 V, 3 CONDUTORES DE 1,5 MM2","M     ","CR",7.81]
[34620,"CABO FLEXIVEL PVC 750 V, 3 CONDUTORES DE 10,0 MM2","M     ","CR",39.11]
[34621,"CABO FLEXIVEL PVC 750 V, 3 CONDUTORES DE 4,0 MM2","M     ","CR",18.14]
[34622,"CABO FLEXIVEL PVC 750 V, 3 CONDUTORES DE 6,0 MM2","M     ","CR",25.7]
[34624,"CABO FLEXIVEL PVC 750 V, 4 CONDUTORES DE 1,5 MM2","M     ","CR",9.98]
[34626,"CABO FLEXIVEL PVC 750 V, 4 CONDUTORES DE 10,0 MM2","M     ","CR",53.76]
[34627,"CABO FLEXIVEL PVC 750 V, 4 CONDUTORES DE 4,0 MM2","M     ","CR",23.16]
[34629,"CABO FLEXIVEL PVC 750 V, 4 CONDUTORES DE 6,0 MM2","M     ","CR",33.909999999999997]
[39257,"CABO MULTIPOLAR DE COBRE, FLEXIVEL, CLASSE 4 OU 5, ISOLACAO EM HEPR, COBERTURA EM PVC-ST2, ANTICHAMA BWF-B, 0,6/1 KV, 3 CONDUTORES DE 1,5 MM2","M     ","CR",6.6]
[39261,"CABO MULTIPOLAR DE COBRE, FLEXIVEL, CLASSE 4 OU 5, ISOLACAO EM HEPR, COBERTURA EM PVC-ST2, ANTICHAMA BWF-B, 0,6/1 KV, 3 CONDUTORES DE 10 MM2","M     ","CR",35.14]
[39268,"CABO MULTIPOLAR DE COBRE, FLEXIVEL, CLASSE 4 OU 5, ISOLACAO EM HEPR, COBERTURA EM PVC-ST2, ANTICHAMA BWF-B, 0,6/1 KV, 3 CONDUTORES DE 120 MM2","M     ","CR",405.45]
[39262,"CABO MULTIPOLAR DE COBRE, FLEXIVEL, CLASSE 4 OU 5, ISOLACAO EM HEPR, COBERTURA EM PVC-ST2, ANTICHAMA BWF-B, 0,6/1 KV, 3 CONDUTORES DE 16 MM2","M     ","CR",54.94]
[39258,"CABO MULTIPOLAR DE COBRE, FLEXIVEL, CLASSE 4 OU 5, ISOLACAO EM HEPR, COBERTURA EM PVC-ST2, ANTICHAMA BWF-B, 0,6/1 KV, 3 CONDUTORES DE 2,5 MM2","M     ","CR",9.7799999999999994]
[39263,"CABO MULTIPOLAR DE COBRE, FLEXIVEL, CLASSE 4 OU 5, ISOLACAO EM HEPR, COBERTURA EM PVC-ST2, ANTICHAMA BWF-B, 0,6/1 KV, 3 CONDUTORES DE 25 MM2","M     ","CR",85.01]
[39264,"CABO MULTIPOLAR DE COBRE, FLEXIVEL, CLASSE 4 OU 5, ISOLACAO EM HEPR, COBERTURA EM PVC-ST2, ANTICHAMA BWF-B, 0,6/1 KV, 3 CONDUTORES DE 35 MM2","M     ","CR",115.11]
[39259,"CABO MULTIPOLAR DE COBRE, FLEXIVEL, CLASSE 4 OU 5, ISOLACAO EM HEPR, COBERTURA EM PVC-ST2, ANTICHAMA BWF-B, 0,6/1 KV, 3 CONDUTORES DE 4 MM2","M     ","CR",14.89]
[39265,"CABO MULTIPOLAR DE COBRE, FLEXIVEL, CLASSE 4 OU 5, ISOLACAO EM HEPR, COBERTURA EM PVC-ST2, ANTICHAMA BWF-B, 0,6/1 KV, 3 CONDUTORES DE 50 MM2","M     ","CR",169.57]
[39260,"CABO MULTIPOLAR DE COBRE, FLEXIVEL, CLASSE 4 OU 5, ISOLACAO EM HEPR, COBERTURA EM PVC-ST2, ANTICHAMA BWF-B, 0,6/1 KV, 3 CONDUTORES DE 6 MM2","M     ","CR",21.2]
[39266,"CABO MULTIPOLAR DE COBRE, FLEXIVEL, CLASSE 4 OU 5, ISOLACAO EM HEPR, COBERTURA EM PVC-ST2, ANTICHAMA BWF-B, 0,6/1 KV, 3 CONDUTORES DE 70 MM2","M     ","CR",237.94]
[39267,"CABO MULTIPOLAR DE COBRE, FLEXIVEL, CLASSE 4 OU 5, ISOLACAO EM HEPR, COBERTURA EM PVC-ST2, ANTICHAMA BWF-B, 0,6/1 KV, 3 CONDUTORES DE 95 MM2","M     ","CR",311.89]
[11901,"CABO TELEFONICO CCI 50, 1 PAR, USO INTERNO, SEM BLINDAGEM","M     ","C ",0.79]
[11902,"CABO TELEFONICO CCI 50, 2 PARES, USO INTERNO, SEM BLINDAGEM","M     ","CR",1.37]
[11903,"CABO TELEFONICO CCI 50, 3 PARES, USO INTERNO, SEM BLINDAGEM","M     ","CR",2.13]
[11904,"CABO TELEFONICO CCI 50, 4 PARES, USO INTERNO, SEM BLINDAGEM","M     ","CR",2.71]
[11905,"CABO TELEFONICO CCI 50, 5 PARES, USO INTERNO, SEM BLINDAGEM","M     ","CR",3.64]
[11906,"CABO TELEFONICO CCI 50, 6 PARES, USO INTERNO, SEM BLINDAGEM","M     ","CR",4.1900000000000004]
[11919,"CABO TELEFONICO CI 50, 10 PARES, USO INTERNO","M     ","CR",8.23]
[11920,"CABO TELEFONICO CI 50, 20 PARES, USO INTERNO","M     ","CR",15.94]
[11924,"CABO TELEFONICO CI 50, 200 PARES, USO INTERNO","M     ","CR",155.03]
[11921,"CABO TELEFONICO CI 50, 30 PARES, USO INTERNO","M     ","CR",21.7]
[11922,"CABO TELEFONICO CI 50, 50 PARES, USO INTERNO","M     ","CR",38.53]
[11923,"CABO TELEFONICO CI 50, 75 PARES, USO INTERNO","M     ","CR",62.93]
[11916,"CABO TELEFONICO CTP - APL - 50, 10 PARES, USO EXTERNO","M     ","CR",10.68]
[11914,"CABO TELEFONICO CTP - APL - 50, 100 PARES, USO EXTERNO","M     ","CR",77.540000000000006]
[11917,"CABO TELEFONICO CTP - APL - 50, 20 PARES, USO EXTERNO","M     ","CR",18.59]
[11918,"CABO TELEFONICO CTP - APL - 50, 30 PARES, USO EXTERNO","M     ","CR",25.22]
[37734,"CACAMBA METALICA BASCULANTE COM CAPACIDADE DE 10 M3 (INCLUI MONTAGEM, NAO INCLUI CAMINHAO)","UN    ","CR",64782.16]
[42251,"CACAMBA METALICA BASCULANTE COM CAPACIDADE DE 12 M3 (INCLUI MONTAGEM, NAO INCLUI CAMINHAO)","UN    ","CR",73564.100000000006]
[37733,"CACAMBA METALICA BASCULANTE COM CAPACIDADE DE 6 M3 (INCLUI MONTAGEM, NAO INCLUI CAMINHAO)","UN    ","CR",48573.42]
[37735,"CACAMBA METALICA BASCULANTE COM CAPACIDADE DE 8 M3 (INCLUI MONTAGEM, NAO INCLUI CAMINHAO)","UN    ","CR",58530.97]
[5090,"CADEADO SIMPLES, CORPO EM LATAO MACICO, COM LARGURA DE 25 MM E ALTURA DE APROX 25 MM, HASTE CEMENTADA (NAO LONGA), EM ACO TEMPERADO COM DIAMETRO DE APROX 5,0 MM, INCLUINDO 2 CHAVES","UN    ","C ",23]
[5085,"CADEADO SIMPLES, CORPO EM LATAO MACICO, COM LARGURA DE 35 MM E ALTURA DE APROX 30 MM, HASTE CEMENTADA (NAO LONGA), EM ACO TEMPERADO COM DIAMETRO DE APROX 6,0 MM, INCLUINDO 2 CHAVES","UN    ","CR",34.24]
[43603,"CADEADO SIMPLES, CORPO EM LATAO MACICO, COM LARGURA DE 50 MM E ALTURA DE APROX 40 MM, HASTE CEMENTADA EM ACO TEMPERADO COM DIAMETRO DE APROX 8,0 MM, INCLUINDO 2 CHAVES","UN    ","CR",48.92]
[38374,"CADEIRA SUSPENSA MANUAL / BALANCIM INDIVIDUAL (NBR 14751)","UN    ","CR",938.53]
[20209,"CAIBRO APARELHADO  *7,5 X 7,5* CM, EM MACARANDUBA, ANGELIM OU EQUIVALENTE DA REGIAO","M     ","CR",16.22]
[20212,"CAIBRO APARELHADO *6 X 8* CM, EM MACARANDUBA, ANGELIM OU EQUIVALENTE DA REGIAO","M     ","CR",13.58]
[4433,"CAIBRO NAO APARELHADO  *7,5 X 7,5* CM, EM MACARANDUBA, ANGELIM OU EQUIVALENTE DA REGIAO -  BRUTA","M     ","CR",15.54]
[4430,"CAIBRO NAO APARELHADO *5 X 6* CM, EM MACARANDUBA, ANGELIM OU EQUIVALENTE DA REGIAO -  BRUTA","M     ","C ",7.95]
[4400,"CAIBRO NAO APARELHADO,  *6 X 8* CM,  EM MACARANDUBA, ANGELIM OU EQUIVALENTE DA REGIAO -  BRUTA","M     ","CR",12.65]
[2729,"CAIBRO ROLICO DE MADEIRA TRATADA, D = 4 A 7 CM, H = 3,00 M, EM EUCALIPTO OU EQUIVALENTE DA REGIAO","UN    ","CR",32.31]
[4513,"CAIBRO 5 X 5 CM EM PINUS, MISTA OU EQUIVALENTE DA REGIAO - BRUTA","M     ","CR",4.4000000000000004]
[11871,"CAIXA D'AGUA DE FIBRA DE VIDRO, PARA 500 LITROS, COM TAMPA","UN    ","C ",350]
[34636,"CAIXA D'AGUA EM POLIETILENO 1000 LITROS, COM TAMPA","UN    ","C ",479]
[34639,"CAIXA D'AGUA EM POLIETILENO 1500 LITROS, COM TAMPA","UN    ","CR",972.84]
[34640,"CAIXA D'AGUA EM POLIETILENO 2000 LITROS, COM TAMPA","UN    ","CR",1092.75]
[34637,"CAIXA D'AGUA EM POLIETILENO 500 LITROS, COM TAMPA","UN    ","CR",275.01]
[34638,"CAIXA D'AGUA EM POLIETILENO 750 LITROS, COM TAMPA","UN    ","CR",471.61]
[11868,"CAIXA D'AGUA FIBRA DE VIDRO PARA 1000 LITROS, COM TAMPA","UN    ","CR",481.03]
[37106,"CAIXA D'AGUA FIBRA DE VIDRO PARA 10000 LITROS, COM TAMPA","UN    ","CR",4646.17]
[11869,"CAIXA D'AGUA FIBRA DE VIDRO PARA 1500 LITROS, COM TAMPA","UN    ","CR",780.46]
[37104,"CAIXA D'AGUA FIBRA DE VIDRO PARA 2000 LITROS, COM TAMPA","UN    ","CR",1006.06]
[37105,"CAIXA D'AGUA FIBRA DE VIDRO PARA 5000 LITROS, COM TAMPA","UN    ","CR",2240.65]
[34641,"CAIXA DE ATERRAMENTO EM CONCRETO PRÃ\u0089-MOLDADO, DIAMETRO DE 0,30 M E ALTURA DE 0,35 M, SEM FUNDO E COM TAMPA","UN    ","CR",86.27]
[43434,"CAIXA DE CONCRETO ARMADO PRE-MOLDADO, COM FUNDO E SEM TAMPA, DIMENSOES DE 0,30 X 0,30 X 0,30 M","UN    ","CR",93.27]
[43435,"CAIXA DE CONCRETO ARMADO PRE-MOLDADO, COM FUNDO E SEM TAMPA, DIMENSOES DE 0,40 X 0,40 X 0,40 M","UN    ","CR",171]
[43436,"CAIXA DE CONCRETO ARMADO PRE-MOLDADO, COM FUNDO E SEM TAMPA, DIMENSOES DE 0,60 X 0,60 X 0,50 M","UN    ","CR",299.26]
[43437,"CAIXA DE CONCRETO ARMADO PRE-MOLDADO, COM FUNDO E SEM TAMPA, DIMENSOES DE 0,80 X 0,80 X 0,50 M","UN    ","CR",542.55999999999995]
[43438,"CAIXA DE CONCRETO ARMADO PRE-MOLDADO, COM FUNDO E SEM TAMPA, DIMENSOES DE 1,00 X 1,00 X 0,50 M","UN    ","CR",971.63]
[41627,"CAIXA DE CONCRETO ARMADO PRE-MOLDADO, COM FUNDO E TAMPA, DIMENSOES DE 0,30 X 0,30 X 0,30 M","UN    ","CR",143.80000000000001]
[41628,"CAIXA DE CONCRETO ARMADO PRE-MOLDADO, COM FUNDO E TAMPA, DIMENSOES DE 0,40 X 0,40 X 0,40 M","UN    ","CR",264.27999999999997]
[41629,"CAIXA DE CONCRETO ARMADO PRE-MOLDADO, COM FUNDO E TAMPA, DIMENSOES DE 0,60 X 0,60 X 0,50 M","UN    ","CR",335.79]
[43429,"CAIXA DE CONCRETO ARMADO PRE-MOLDADO, SEM FUNDO, QUADRADA, DIMENSOES DE 0,30 X 0,30 X 0,30 M","UN    ","CR",74.400000000000006]
[43430,"CAIXA DE CONCRETO ARMADO PRE-MOLDADO, SEM FUNDO, QUADRADA, DIMENSOES DE 0,40 X 0,40 X 0,40 M","UN    ","CR",123.59]
[43431,"CAIXA DE CONCRETO ARMADO PRE-MOLDADO, SEM FUNDO, QUADRADA, DIMENSOES DE 0,60 X 0,60 X 0,50 M","UN    ","CR",239.41]
[43432,"CAIXA DE CONCRETO ARMADO PRE-MOLDADO, SEM FUNDO, QUADRADA, DIMENSOES DE 0,80 X 0,80 X 0,50 M","UN    ","CR",497.47]
[43433,"CAIXA DE CONCRETO ARMADO PRE-MOLDADO, SEM FUNDO, QUADRADA, DIMENSOES DE 1,00 X 1,00 X 0,50 M","UN    ","CR",784.3]
[43094,"CAIXA DE DERIVACAO PARA MEDIDOR DE ENERGIA, COM BARRAMENTO MONOFASICO, EM POLICARBONATO / TERMOPLASTICO - MODULO (PADRAO CONCESSIONARIA LOCAL)","UN    ","CR",241.32]
[43093,"CAIXA DE DERIVACAO PARA MEDIDOR DE ENERGIA, COM BARRAMENTO POLIFASICO, EM POLICARBONATO / TERMOPLASTICO - MODULO (PADRAO CONCESSIONARIA LOCAL)","UN    ","CR",256.45]
[1030,"CAIXA DE DESCARGA DE PLASTICO EXTERNA, DE *9* L, PUXADOR FIO DE NYLON, NAO INCLUSO CANO, BOLSA, ENGATE","UN    ","C ",51.45]
[11694,"CAIXA DE DESCARGA PLASTICA DE EMBUTIR COMPLETA, COM ESPELHO PLASTICO, CAPACIDADE 6 A 10 L, ACESSORIOS INCLUSOS","UN    ","CR",1137.31]
[11881,"CAIXA DE GORDURA CILINDRICA EM CONCRETO SIMPLES,  PRE-MOLDADA, COM DIAMETRO DE 40 CM E ALTURA DE 45 CM, COM TAMPA","UN    ","CR",132.13999999999999]
[35277,"CAIXA DE GORDURA EM PVC, DIAMETRO MINIMO 300 MM, DIAMETRO DE SAIDA 100 MM, CAPACIDADE  APROXIMADA 18 LITROS, COM TAMPA E CESTO","UN    ","CR",447.44]
[10521,"CAIXA DE INCENDIO/ABRIGO PARA MANGUEIRA, DE EMBUTIR/INTERNA, COM 75 X 45 X 17 CM, EM CHAPA DE ACO, PORTA COM VENTILACAO, VISOR COM A INSCRICAO \"INCENDIO\", SUPORTE/CESTA INTERNA PARA A MANGUEIRA, PINTURA ELETROSTATICA VERMELHA","UN    ","CR",362.72]
[10885,"CAIXA DE INCENDIO/ABRIGO PARA MANGUEIRA, DE EMBUTIR/INTERNA, COM 90 X 60 X 17 CM, EM CHAPA DE ACO, PORTA COM VENTILACAO, VISOR COM A INSCRICAO \"INCENDIO\", SUPORTE/CESTA INTERNA PARA A MANGUEIRA, PINTURA ELETROSTATICA VERMELHA","UN    ","CR",458.8]
[20962,"CAIXA DE INCENDIO/ABRIGO PARA MANGUEIRA, DE SOBREPOR/EXTERNA, COM 75 X 45 X 17 CM, EM CHAPA DE ACO, PORTA COM VENTILACAO, VISOR COM A INSCRICAO \"INCENDIO\", SUPORTE/CESTA INTERNA PARA A MANGUEIRA, PINTURA ELETROSTATICA VERMELHA","UN    ","C ",380]
[20963,"CAIXA DE INCENDIO/ABRIGO PARA MANGUEIRA, DE SOBREPOR/EXTERNA, COM 90 X 60 X 17 CM, EM CHAPA DE ACO, PORTA COM VENTILACAO, VISOR COM A INSCRICAO \"INCENDIO\", SUPORTE/CESTA INTERNA PARA A MANGUEIRA, PINTURA ELETROSTATICA VERMELHA","UN    ","CR",464.2]
[34643,"CAIXA DE INSPECAO PARA ATERRAMENTO E PARA RAIOS, EM POLIPROPILENO,  DIAMETRO = 300 MM X ALTURA = 400 MM","UN    ","CR",51.53]
[41480,"CAIXA DE INSPECAO PARA ATERRAMENTO OU OUTRO USO, EM PVC, DN = 250 X 250 MM","UN    ","CR",59.75]
[41474,"CAIXA DE INSPECAO PARA ATERRAMENTO OU OUTRO USO, EM PVC, DN = 300 X *300* MM","UN    ","CR",95.44]
[41475,"CAIXA DE INSPECAO PARA ATERRAMENTO OU OUTRO USO, EM PVC, DN = 300 X 250 MM","UN    ","CR",81.430000000000007]
[41476,"CAIXA DE INSPECAO PARA ATERRAMENTO OU OUTRO USO, EM PVC, DN = 300 X 600 MM","UN    ","CR",178.31]
[2555,"CAIXA DE LUZ \"3 X 3\" EM ACO ESMALTADA","UN    ","CR",1.92]
[2556,"CAIXA DE LUZ \"4 X 2\" EM ACO ESMALTADA","UN    ","CR",1.99]
[2557,"CAIXA DE LUZ \"4 X 4\" EM ACO ESMALTADA","UN    ","CR",4.2]
[10569,"CAIXA DE PASSAGEM / DERIVACAO / LUZ, OCTOGONAL 4 X4, EM ACO ESMALTADA, COM FUNDO MOVEL SIMPLES (FMS)","UN    ","CR",4.2]
[39810,"CAIXA DE PASSAGEM ELETRICA DE PAREDE, DE EMBUTIR, EM PVC, COM TAMPA APARAFUSADA, DIMENSOES 120 X 120 X *75* MM","UN    ","CR",32.56]
[39811,"CAIXA DE PASSAGEM ELETRICA DE PAREDE, DE EMBUTIR, EM PVC, COM TAMPA APARAFUSADA, DIMENSOES 150 X 150 X *75* MM","UN    ","CR",39.83]
[39812,"CAIXA DE PASSAGEM ELETRICA DE PAREDE, DE EMBUTIR, EM PVC, COM TAMPA APARAFUSADA, DIMENSOES 200 X 200 X *90* MM","UN    ","CR",65.5]
[43096,"CAIXA DE PASSAGEM ELETRICA DE PAREDE, DE EMBUTIR, EM TERMOPLASTICO / PVC, COM TAMPA APARAFUSADA, DIMENSOES 400 X 400 X *120* MM","UN    ","CR",217.11]
[43102,"CAIXA DE PASSAGEM ELETRICA DE PAREDE, DE SOBREPOR, EM PVC, COM TAMPA APARAFUSADA, DIMENSOES 300 X 300 X *100* MM","UN    ","CR",132.02000000000001]
[43103,"CAIXA DE PASSAGEM ELETRICA DE PAREDE, DE SOBREPOR, EM PVC, COM TAMPA APARAFUSADA, DIMENSOES, 400 X 400 X *120* MM","UN    ","CR",194.4]
[43098,"CAIXA DE PASSAGEM ELETRICA DE PAREDE, DE SOBREPOR, EM TERMOPLASTICO / PVC, COM TAMPA APARAFUSA, DIMENSOES 200 X 200 X *100* MM","UN    ","CR",73.540000000000006]
[43097,"CAIXA DE PASSAGEM ELETRICA DE PAREDE, DE SOBREPOR, EM TERMOPLASTICO / PVC, COM TAMPA APARAFUSADA, DIMENSOES, 150 X 150 X *100* MM","UN    ","CR",43.57]
[43104,"CAIXA DE PASSAGEM ELETRICA, PARA PISO, EM PVC, DIMENSOES DE 3/4\" A 4\"","UN    ","CR",515.4]
[39771,"CAIXA DE PASSAGEM METALICA DE SOBREPOR COM TAMPA PARAFUSADA, DIMENSOES 20 X 20 X 10 CM","UN    ","CR",40.409999999999997]
[39772,"CAIXA DE PASSAGEM METALICA DE SOBREPOR COM TAMPA PARAFUSADA, DIMENSOES 30 X 30 X 10 CM","UN    ","CR",79.430000000000007]
[39773,"CAIXA DE PASSAGEM METALICA DE SOBREPOR COM TAMPA PARAFUSADA, DIMENSOES 40 X 40 X 15 CM","UN    ","CR",127.66]
[39774,"CAIXA DE PASSAGEM METALICA DE SOBREPOR COM TAMPA PARAFUSADA, DIMENSOES 50 X 50 X 15 CM","UN    ","CR",190.96]
[39775,"CAIXA DE PASSAGEM METALICA DE SOBREPOR COM TAMPA PARAFUSADA, DIMENSOES 60 X 60 X 20 CM","UN    ","CR",254.86]
[39776,"CAIXA DE PASSAGEM METALICA DE SOBREPOR COM TAMPA PARAFUSADA, DIMENSOES 70 X 70 X 20 CM","UN    ","CR",308]
[39777,"CAIXA DE PASSAGEM METALICA DE SOBREPOR COM TAMPA PARAFUSADA, DIMENSOES 80 X 80 X 20 CM","UN    ","CR",390.38]
[20254,"CAIXA DE PASSAGEM METALICA, DE SOBREPOR, COM TAMPA APARAFUSADA, DIMENSOES 15 X 15 X *10* CM","UN    ","CR",28.33]
[20253,"CAIXA DE PASSAGEM METALICA, DE SOBREPOR, COM TAMPA APARAFUSADA, DIMENSOES 35 X 35 X *12* CM","UN    ","CR",93.04]
[11247,"CAIXA DE PASSAGEM/ LUZ / TELEFONIA, DE EMBUTIR,  EM CHAPA DE ACO GALVANIZADO, DIMENSOES 150 X 150 X 15 CM (PADRAO CONCESSIONARIA LOCAL)","UN    ","CR",1789.12]
[11250,"CAIXA DE PASSAGEM/ LUZ / TELEFONIA, DE EMBUTIR,  EM CHAPA DE ACO GALVANIZADO, DIMENSOES 20 X 20 X *12* CM (PADRAO CONCESSIONARIA LOCAL)","UN    ","CR",77.02]
[11249,"CAIXA DE PASSAGEM/ LUZ / TELEFONIA, DE EMBUTIR,  EM CHAPA DE ACO GALVANIZADO, DIMENSOES 200 X 200 X 20 CM (PADRAO CONCESSIONARIA LOCAL)","UN    ","CR",3494.77]
[11251,"CAIXA DE PASSAGEM/ LUZ / TELEFONIA, DE EMBUTIR,  EM CHAPA DE ACO GALVANIZADO, DIMENSOES 40 X 40 X *12* CM (PADRAO CONCESSIONARIA LOCAL)","UN    ","CR",170.61]
[11253,"CAIXA DE PASSAGEM/ LUZ / TELEFONIA, DE EMBUTIR,  EM CHAPA DE ACO GALVANIZADO, DIMENSOES 60 X 60 X *12* CM (PADRAO CONCESSIONARIA LOCAL)","UN    ","CR",282.72000000000003]
[11255,"CAIXA DE PASSAGEM/ LUZ / TELEFONIA, DE EMBUTIR,  EM CHAPA DE ACO GALVANIZADO, DIMENSOES 80 X 80 X *12* CM (PADRAO CONCESSIONARIA LOCAL)","UN    ","CR",422.66]
[14055,"CAIXA DE PASSAGEM/ LUZ / TELEFONIA, DE EMBUTIR, EM CHAPA DE ACO GALVANIZADO, DIMENSOES 120 X 120 X *12* CM (PADRAO CONCESSIONARIA LOCAL)","UN    ","CR",850.25]
[11256,"CAIXA DE PASSAGEM/ LUZ / TELEFONIA, DE SOBREPOR,  EM CHAPA DE ACO GALVANIZADO, DIMENSOES 80 X 80 X *12* CM (PADRAO CONCESSIONARIA LOCAL)","UN    ","CR",529.42999999999995]
[1872,"CAIXA DE PASSAGEM, EM PVC, DE 4\" X 2\", PARA ELETRODUTO FLEXIVEL CORRUGADO","UN    ","CR",3.01]
[1873,"CAIXA DE PASSAGEM, EM PVC, DE 4\" X 4\", PARA ELETRODUTO FLEXIVEL CORRUGADO","UN    ","CR",5.98]
[39693,"CAIXA DE PROTECAO EXTERNA PARA MEDIDOR HOROSAZONAL, DE BAIXA TENSAO, COM MODULO, EM CHAPA DE ACO (PADRAO DA CONCESSIONARIA LOCAL)","UN    ","CR",3325.07]
[39692,"CAIXA DE PROTECAO PARA TRANSFORMADOR CORRENTE, EM CHAPA DE ACO 18 USG (PADRAO DA CONCESSIONARIA LOCAL)","UN    ","CR",1063.95]
[1062,"CAIXA INTERNA/EXTERNA DE MEDICAO PARA 1 MEDIDOR TRIFASICO, COM VISOR, EM CHAPA DE ACO 18 USG (PADRAO DA CONCESSIONARIA LOCAL)","UN    ","CR",337.18]
[39686,"CAIXA INTERNA/EXTERNA DE MEDICAO PARA 4 MEDIDORES MONOFASICOS, COM VISOR, EM CHAPA DE ACO 18 USG (PADRAO DA CONCESSIONARIA LOCAL)","UN    ","CR",545.97]
[43095,"CAIXA MODULAR PARA MEDIDOR DE ENERGIA AGRUPADA, EM POLICARBONATO /  TERMOPLASTICO, COM SUPORTE PARA DISJUNTOR (PADRAO DA CONCESSIONARIA LOCAL)","UN    ","CR",143.07]
[1871,"CAIXA OCTOGONAL DE FUNDO MOVEL, EM PVC, DE 3\" X 3\", PARA ELETRODUTO FLEXIVEL CORRUGADO","UN    ","CR",5.38]
[12001,"CAIXA OCTOGONAL DE FUNDO MOVEL, EM PVC, DE 4\" X 4\", PARA ELETRODUTO FLEXIVEL CORRUGADO","UN    ","CR",7.77]
[11882,"CAIXA PARA HIDROMETRO CONCRETO PRE MOLDADO, *0,24 M X 0,45 M X 0,30* M (L X C X A)","UN    ","CR",94.83]
[1068,"CAIXA PARA MEDICAO COLETIVA TIPO L, PADRAO BIFASICO OU TRIFASICO, PARA ATE 4 MEDIDORES, SEM BARRAMENTO E COM PORTAS INFERIOR E SUPERIOR","UN    ","CR",2224.0700000000002]
[39690,"CAIXA PARA MEDICAO COLETIVA TIPO M, PADRAO BIFASICO OU TRIFASICO, PARA ATE 8 MEDIDORES, SEM BARRAMENTO E COM PORTAS INFERIOR E SUPERIOR","UN    ","CR",3731.26]
[39691,"CAIXA PARA MEDICAO COLETIVA TIPO N, PADRAO BIFASICO OU TRIFASICO, PARA ATE 12 MEDIDORES, SEM BARRAMENTO E COM PORTAS INFERIOR E SUPERIOR","UN    ","CR",4692.88]
[39808,"CAIXA PARA MEDIDOR MONOFASICO, EM POLICARBONATO / TERMOPLASTICO, PARA ALOJAR 1 DISJUNTOR (PADRAO DA CONCESSIONARIA LOCAL)","UN    ","CR",74.69]
[39809,"CAIXA PARA MEDIDOR POLIFASICO, EM POLICARBONATO / TERMOPLASTICO, PARA ALOJAR 1 DISJUNTOR (PADRAO DA CONCESSIONARIA LOCAL)","UN    ","CR",177.16]
[43439,"CAIXA PRE-MOLDADA PARA BOCA DE LOBO, EM CONCRETO ARMADO, COM FCK DE 25 MPA, COM DIMENSOES 1,10 X 0,65 X 1,00 M (COMPRIMENTO X LARGURA X ALTURA)","UN    ","CR",435.29]
[5103,"CAIXA SIFONADA PVC, 100 X 100 X 50 MM, COM GRELHA REDONDA, BRANCA","UN    ","CR",28.32]
[11880,"CAIXA SIFONADA PVC, 250 X 230 X 75 MM, COM TAMPA CEGA QUADRADA, BRANCA","UN    ","CR",119.14]
[11714,"CAIXA SIFONADA, PVC, 150 X *185* X 75 MM, COM GRELHA QUADRADA, BRANCA","UN    ","CR",81.16]
[11712,"CAIXA SIFONADA, PVC, 150 X 150 X 50 MM, COM GRELHA QUADRADA, BRANCA (NBR 5688)","UN    ","C ",53]
[11717,"CAIXA SIFONADA, PVC, 150 X 150 X 50 MM, COM GRELHA REDONDA, BRANCA","UN    ","CR",63.89]
[1106,"CAL HIDRATADA CH-I PARA ARGAMASSAS","KG    ","C ",0.69]
[11161,"CAL HIDRATADA PARA PINTURA","KG    ","CR",1.1499999999999999]
[1107,"CAL VIRGEM COMUM PARA ARGAMASSAS (NBR 6453)","KG    ","CR",0.57999999999999996]
[44479,"CALCARIO DOLOMITICO A (POSTO PEDREIRA/FORNECEDOR,  SEM FRETE)","KG    ","CR",0.09]
[41068,"CALCETEIRO  (MENSALISTA)","MES   ","CR",2648.56]
[4759,"CALCETEIRO (HORISTA)","H     ","CR",15.01]
[1108,"CALHA MOLDURA AMERICANA DE CHAPA DE ACO GALVANIZADA NUM 26, CORTE 33 CM","M     ","CR",36.270000000000003]
[1117,"CALHA PARA AGUA FURTADA DE CHAPA DE ACO GALVANIZADA NUM 26, CORTE 40 CM","M     ","CR",36.56]
[1118,"CALHA PARA AGUA FURTADA DE CHAPA DE ACO GALVANIZADA NUM 26, CORTE 50 CM","M     ","CR",43.2]
[1110,"CALHA PLATIBANDA DE CHAPA DE ACO GALVANIZADA NUM 26, CORTE 45 CM","M     ","CR",43.2]
[12618,"CALHA PLUVIAL DE PVC, DIAMETRO ENTRE 119 E 170 MM, COMPRIMENTO DE 3 M, PARA DRENAGEM PREDIAL","UN    ","AS",44.27]
[40784,"CALHA QUADRADA DE CHAPA DE ACO GALVANIZADA NUM 24, CORTE 100 CM","M     ","CR",119.17]
[40782,"CALHA QUADRADA DE CHAPA DE ACO GALVANIZADA NUM 24, CORTE 33 CM","M     ","CR",46.76]
[40783,"CALHA QUADRADA DE CHAPA DE ACO GALVANIZADA NUM 24, CORTE 50 CM","M     ","CR",60.92]
[1109,"CALHA QUADRADA DE CHAPA DE ACO GALVANIZADA NUM 26, CORTE 33 CM","M     ","CR",36.270000000000003]
[1119,"CALHA QUADRADA DE CHAPA DE ACO GALVANIZADA NUM 28, CORTE 25 CM","M     ","CR",23.38]
[13115,"CALHA/CANALETA DE CONCRETO SIMPLES, TIPO MEIA CANA, DIAMETRO DE 20 CM, PARA AGUA PLUVIAL","M     ","CR",18.43]
[10541,"CALHA/CANALETA DE CONCRETO SIMPLES, TIPO MEIA CANA, DIAMETRO DE 30 CM, PARA AGUA PLUVIAL","M     ","CR",22.53]
[10542,"CALHA/CANALETA DE CONCRETO SIMPLES, TIPO MEIA CANA, DIAMETRO DE 40 CM, PARA AGUA PLUVIAL","M     ","CR",29.46]
[10543,"CALHA/CANALETA DE CONCRETO SIMPLES, TIPO MEIA CANA, DIAMETRO DE 50 CM, PARA AGUA PLUVIAL","M     ","CR",47.8]
[10544,"CALHA/CANALETA DE CONCRETO SIMPLES, TIPO MEIA CANA, DIAMETRO DE 60 CM, PARA AGUA PLUVIAL","M     ","CR",61.82]
[10545,"CALHA/CANALETA DE CONCRETO SIMPLES, TIPO MEIA CANA, DIAMETRO DE 80 CM, PARA AGUA PLUVIAL","M     ","CR",115.54]
[38365,"CAMADA SEPARADORA DE FILME DE POLIETILENO 20 A 25 MICRA","M2    ","CR",1.87]
[37745,"CAMINHAO TOCO, PESO BRUTO TOTAL 13000 KG, CARGA UTIL MAXIMA 7925 KG, DISTANCIA ENTRE EIXOS 4,80 M, POTENCIA 189 CV (INCLUI CABINE E CHASSI, NAO INCLUI CARROCERIA)","UN    ","C ",352500]
[37754,"CAMINHAO TOCO, PESO BRUTO TOTAL 14300 KG, CARGA UTIL MAXIMA 9590 KG, DISTANCIA ENTRE EIXOS 4,76 M, POTENCIA 185 CV (INCLUI CABINE E CHASSI, NAO INCLUI CARROCERIA)","UN    ","CR",368117.08]
[37748,"CAMINHAO TOCO, PESO BRUTO TOTAL 14300 KG, CARGA UTIL MAXIMA 9710 KG, DISTANCIA ENTRE EIXOS 3,56 M, POTENCIA 185 CV (INCLUI CABINE E CHASSI, NAO INCLUI CARROCERIA)","UN    ","CR",374754.34]
[37761,"CAMINHAO TOCO, PESO BRUTO TOTAL 16000 KG, CARGA UTIL MAXIMA DE 10685 KG, DISTANCIA ENTRE EIXOS 4,8M, POTENCIA 189 CV (INCLUI CABINE E CHASSI, NAO INCLUI CARROCERIA)","UN    ","CR",310110.74]
[37757,"CAMINHAO TOCO, PESO BRUTO TOTAL 16000 KG, CARGA UTIL MAXIMA 10600 KG, DISTANCIA ENTRE EIXOS 4,80 M, POTENCIA 275 CV (INCLUI CABINE E CHASSI, NAO INCLUI CARROCERIA)","UN    ","CR",431700.93]
[37759,"CAMINHAO TOCO, PESO BRUTO TOTAL 16000 KG, CARGA UTIL MAXIMA 10780 KG, DISTANCIA ENTRE EIXOS 3,56 M, POTENCIA 275 CV (INCLUI CABINE E CHASSI, NAO INCLUI CARROCERIA)","UN    ","CR",433374.21]
[37766,"CAMINHAO TOCO, PESO BRUTO TOTAL 16000 KG, CARGA UTIL MAXIMA 11030 KG, DISTANCIA ENTRE EIXOS 3,56M, POTENCIA 186 CV (INCLUI CABINE E CHASSI, NAO INCLUI CARROCERIA)","UN    ","CR",433374.18]
[37752,"CAMINHAO TOCO, PESO BRUTO TOTAL 16000 KG, CARGA UTIL MAXIMA 11130 KG, DISTANCIA ENTRE EIXOS 5,36 M, POTENCIA 185 CV (INCLUI CABINE E CHASSI, NAO INCLUI CARROCERIA)","UN    ","CR",392992.87]
[37760,"CAMINHAO TOCO, PESO BRUTO TOTAL 16000 KG, CARGA UTIL MAXIMA 13071 KG, DISTANCIA ENTRE EIXOS 4,80 M, POTENCIA 230 CV (INCLUI CABINE E CHASSI, NAO INCLUI CARROCERIA)","UN    ","CR",413852.83]
[37765,"CAMINHAO TOCO, PESO BRUTO TOTAL 8250 KG, CARGA UTIL MAXIMA 5110 KG, DISTANCIA ENTRE EIXOS 4,30 M, POTENCIA 162 CV (INCLUI CABINE E CHASSI, NAO INCLUI CARROCERIA)","UN    ","CR",288916.15000000002]
[37746,"CAMINHAO TOCO, PESO BRUTO TOTAL 9000 KG, CARGA UTIL MAXIMA 5940 KG, DISTANCIA ENTRE EIXOS 3,69 M, POTENCIA 177 CV (INCLUI CABINE E CHASSI, NAO INCLUI CARROCERIA)","UN    ","CR",316748]
[37750,"CAMINHAO TOCO, PESO BRUTO TOTAL 9600 KG, CARGA UTIL MAXIMA 6110 KG, DISTANCIA ENTRE EIXOS 3,70 M, POTENCIA 156 CV (INCLUI CABINE E CHASSI, NAO INCLUI CARROCERIA)","UN    ","CR",315632.51]
[37753,"CAMINHAO TOCO, PESO BRUTO TOTAL 9600 KG, CARGA UTIL MAXIMA 6200 KG, DISTANCIA ENTRE EIXOS 3,10 M, POTENCIA 156 CV (INCLUI CABINE E CHASSI, NAO INCLUI CARROCERIA)","UN    ","CR",314516.99]
[37756,"CAMINHAO TOCO, PESO BRUTO TOTAL 9700 KG, CARGA UTIL MAXIMA 6360 KG, DISTANCIA ENTRE EIXOS 4,30 M, POTENCIA 160 CV (INCLUI CABINE E CHASSI, NAO INCLUI CARROCERIA)","UN    ","CR",310110.74]
[37755,"CAMINHAO TRUCADO, PESO BRUTO TOTAL 22000 KG, CARGA UTIL MAXIMA 15350 KG, DISTANCIA ENTRE EIXOS 5,17 M, POTENCIA 238 CV (INCLUI CABINE E CHASSI, NAO INCLUI CARROCERIA)","UN    ","CR",450664.55]
[37758,"CAMINHAO TRUCADO, PESO BRUTO TOTAL 23000 KG, CARGA UTIL MAXIMA 15378 KG, DISTANCIA ENTRE EIXOS 4,80 M, POTENCIA 326 CV (INCLUI CABINE E CHASSI, NAO INCLUI CARROCERIA)","UN    ","CR",508670.89]
[37747,"CAMINHAO TRUCADO, PESO BRUTO TOTAL 23000 KG, CARGA UTIL MAXIMA 15935 KG, DISTANCIA ENTRE EIXOS 4,80 M, POTENCIA 230 CV (INCLUI CABINE E CHASSI, NAO INCLUI CARROCERIA)","UN    ","CR",457692.23]
[37767,"CAMINHAO TRUCADO, PESO BRUTO TOTAL 23000 KG, CARGA UTIL MAXIMA 15940 KG, DISTANCIA ENTRE EIXOS 3,60 M, POTENCIA 286 CV (INCLUI CABINE E CHASSI, NAO INCLUI CARROCERIA)","UN    ","CR",483014.25]
[37751,"CAMINHAO TRUCADO, PESO BRUTO TOTAL 23000 KG, CARGA UTIL MAXIMA 16190 KG, DISTANCIA ENTRE EIXOS 3,60 M, POTENCIA 286 CV (INCLUI CABINE E CHASSI, NAO INCLUI CARROCERIA)","UN    ","CR",483014.25]
[37749,"CAMINHAO TRUCADO, PESO BRUTO TOTAL 23000 KG, CARGA UTIL MAXIMA 16360 KG, CABINE ESTENDIDA, DISTANCIA ENTRE EIXOS 3,56 M, POTENCIA 275 CV (INCLUI CABINE E CHASSI, NAO INCLUI CARROCERIA)","UN    ","CR",477436.71]
[1159,"CAMINHONETE COM MOTOR A DIESEL, POTENCIA *160* CV, CABINE DUPLA, 4X4","UN    ","C ",243581]
[12114,"CAMPAINHA ALTA POTENCIA 110V / 220V, DIAMETRO 150 MM","UN    ","CR",145.25]
[38106,"CAMPAINHA CIGARRA 127 V / 220 V (APENAS MODULO)","UN    ","CR",19.739999999999998]
[38085,"CAMPAINHA CIGARRA 127 V / 220 V, CONJUNTO MONTADO PARA EMBUTIR 4\" X 2\" (PLACA + SUPORTE + MODULO)","UN    ","CR",23.31]
[38599,"CANALETA DE CONCRETO ESTRUTURAL 14 X 19 X 29 CM, FBK 14 MPA (NBR 6136)","UN    ","CR",5.58]
[38596,"CANALETA DE CONCRETO ESTRUTURAL 14 X 19 X 29 CM, FBK 4,5 MPA (NBR 6136)","UN    ","CR",4.63]
[38600,"CANALETA DE CONCRETO ESTRUTURAL 14 X 19 X 39 CM, FBK 14 MPA (NBR 6136)","UN    ","CR",5.91]
[38597,"CANALETA DE CONCRETO ESTRUTURAL 14 X 19 X 39 CM, FBK 4,5 MPA (NBR 6136)","UN    ","CR",4.66]
[659,"CANALETA DE CONCRETO 14 X 19 X 19 CM (CLASSE C - NBR 6136)","UN    ","CR",2.68]
[660,"CANALETA DE CONCRETO 19 X 19 X 19 CM (CLASSE C - NBR 6136)","UN    ","CR",3.21]
[658,"CANALETA DE CONCRETO 9 X 19 X 19 CM (CLASSE C - NBR 6136)","UN    ","CR",1.81]
[38548,"CANALETA ESTRUTURAL CERAMICA, 14 X 19 X 19 CM, 6,0 MPA (NBR 15270)","UN    ","CR",1.92]
[34649,"CANALETA ESTRUTURAL CERAMICA, 14 X 19 X 29 CM, 6,0 MPA (NBR 15270)","UN    ","CR",2.6]
[34655,"CANALETA ESTRUTURAL CERAMICA, 14 X 19 X 39 CM, 6,0 MPA (NBR 15270)","UN    ","CR",3.45]
[40607,"CANOPLA ACABAMENTO CROMADO PARA INSTALACAO DE SPRINKLER, SOB FORRO, 15 MM","UN    ","CR",8.0500000000000007]
[567,"CANTONEIRA (ABAS IGUAIS) EM FERRO GALVANIZADO, 25,4 MM X 3,17 MM (L X E), 1,27KG/M","M     ","CR",13.05]
[574,"CANTONEIRA (ABAS IGUAIS) EM FERRO GALVANIZADO, 38,1 MM X 3,17 MM (L X E), 3,48 KG/M","M     ","CR",34.31]
[568,"CANTONEIRA (ABAS IGUAIS) EM FERRO GALVANIZADO, 50,8 MM X 9,53 MM (L X E), 6,99 KG/M","M     ","CR",72.290000000000006]
[585,"CANTONEIRA \"U\" ALUMINIO ABAS IGUAIS 1 \", E = 3/32 \"","KG    ","CR",39.619999999999997]
[4777,"CANTONEIRA ACO ABAS IGUAIS (QUALQUER BITOLA), ESPESSURA ENTRE 1/8\" E 1/4\"","KG    ","CR",12.7]
[587,"CANTONEIRA ALUMINIO ABAS DESIGUAIS 1\" X 3/4 \", E = 1/8 \"","KG    ","CR",42.46]
[590,"CANTONEIRA ALUMINIO ABAS DESIGUAIS 2 1/2\" X 1/2 \", E = 3/16 \"","KG    ","CR",41.04]
[592,"CANTONEIRA ALUMINIO ABAS IGUAIS 1 \", E = 1/8 \", 25,40 X 3,17 MM (0,408 KG/M)","KG    ","C ",42.46]
[586,"CANTONEIRA ALUMINIO ABAS IGUAIS 1 \", E = 3 /16 \"","M     ","CR",24.96]
[591,"CANTONEIRA ALUMINIO ABAS IGUAIS 1 1/2 \", E = 3/16 \"","KG    ","CR",39.619999999999997]
[588,"CANTONEIRA ALUMINIO ABAS IGUAIS 1 1/4 \", E = 3/16 \"","M     ","CR",39.479999999999997]
[589,"CANTONEIRA ALUMINIO ABAS IGUAIS 2 \", E = 1/4 \"","M     ","CR",66.739999999999995]
[584,"CANTONEIRA ALUMINIO ABAS IGUAIS 2 \", E = 1/8 \"","M     ","CR",42.17]
[1165,"CAP OU TAMPAO DE FERRO GALVANIZADO, COM ROSCA BSP, DE 1 1/2\"","UN    ","CR",16.62]
[1164,"CAP OU TAMPAO DE FERRO GALVANIZADO, COM ROSCA BSP, DE 1 1/4\"","UN    ","CR",13.46]
[1162,"CAP OU TAMPAO DE FERRO GALVANIZADO, COM ROSCA BSP, DE 1/2\"","UN    ","CR",4.68]
[12395,"CAP OU TAMPAO DE FERRO GALVANIZADO, COM ROSCA BSP, DE 1/4\"","UN    ","CR",4.55]
[1170,"CAP OU TAMPAO DE FERRO GALVANIZADO, COM ROSCA BSP, DE 1\"","UN    ","CR",8.82]
[1169,"CAP OU TAMPAO DE FERRO GALVANIZADO, COM ROSCA BSP, DE 2 1/2\"","UN    ","CR",43.31]
[1166,"CAP OU TAMPAO DE FERRO GALVANIZADO, COM ROSCA BSP, DE 2\"","UN    ","CR",24.01]
[1163,"CAP OU TAMPAO DE FERRO GALVANIZADO, COM ROSCA BSP, DE 3/4\"","UN    ","CR",6.05]
[12396,"CAP OU TAMPAO DE FERRO GALVANIZADO, COM ROSCA BSP, DE 3/8\"","UN    ","CR",4.55]
[1168,"CAP OU TAMPAO DE FERRO GALVANIZADO, COM ROSCA BSP, DE 3\"","UN    ","CR",61.74]
[1167,"CAP OU TAMPAO DE FERRO GALVANIZADO, COM ROSCA BSP, DE 4\"","UN    ","CR",103.28]
[36331,"CAP PPR DN 20 MM, PARA AGUA QUENTE PREDIAL","UN    ","CR",1.77]
[36346,"CAP PPR DN 25 MM, PARA AGUA QUENTE PREDIAL","UN    ","CR",3.05]
[1210,"CAP PVC, ROSCAVEL, 1 1/2\",  AGUA FRIA PREDIAL","UN    ","CR",20.29]
[1203,"CAP PVC, ROSCAVEL, 1 1/4\",  AGUA FRIA PREDIAL","UN    ","CR",19.66]
[1197,"CAP PVC, ROSCAVEL, 1/2\", PARA AGUA FRIA PREDIAL","UN    ","CR",2.5099999999999998]
[1202,"CAP PVC, ROSCAVEL, 1\",  PARA AGUA FRIA PREDIAL","UN    ","CR",6.76]
[1188,"CAP PVC, ROSCAVEL, 2 1/2\",  AGUA FRIA PREDIAL","UN    ","CR",39.97]
[1211,"CAP PVC, ROSCAVEL, 2\",  AGUA FRIA PREDIAL","UN    ","CR",20.63]
[1198,"CAP PVC, ROSCAVEL, 3/4\",  PARA AGUA FRIA PREDIAL","UN    ","CR",3.72]
[1199,"CAP PVC, ROSCAVEL, 3\",  AGUA FRIA PREDIAL","UN    ","CR",52.21]
[20088,"CAP PVC, SERIE R, DN 100 MM, PARA ESGOTO OU AGUAS PLUVIAIS PREDIAIS","UN    ","CR",20.46]
[20089,"CAP PVC, SERIE R, DN 150 MM, PARA ESGOTO OU AGUAS PLUVIAIS PREDIAIS","UN    ","CR",97.53]
[20087,"CAP PVC, SERIE R, DN 75 MM, PARA ESGOTO OU AGUAS PLUVIAIS PREDIAIS","UN    ","CR",14.73]
[1200,"CAP PVC, SOLDAVEL, DN 100 MM, SERIE NORMAL, PARA ESGOTO PREDIAL","UN    ","CR",11.97]
[12909,"CAP PVC, SOLDAVEL, DN 50 MM, SERIE NORMAL, PARA ESGOTO PREDIAL","UN    ","CR",5.43]
[12910,"CAP PVC, SOLDAVEL, DN 75 MM, SERIE NORMAL, PARA ESGOTO PREDIAL","UN    ","CR",9.0500000000000007]
[1184,"CAP PVC, SOLDAVEL, 110 MM, PARA AGUA FRIA PREDIAL","UN    ","CR",128.37]
[1191,"CAP PVC, SOLDAVEL, 20 MM, PARA AGUA FRIA PREDIAL","UN    ","CR",1.83]
[1185,"CAP PVC, SOLDAVEL, 25 MM, PARA AGUA FRIA PREDIAL","UN    ","CR",2.08]
[1189,"CAP PVC, SOLDAVEL, 32 MM, PARA AGUA FRIA PREDIAL","UN    ","CR",3.61]
[1193,"CAP PVC, SOLDAVEL, 40 MM, PARA AGUA FRIA PREDIAL","UN    ","CR",6.95]
[1194,"CAP PVC, SOLDAVEL, 50 MM, PARA AGUA FRIA PREDIAL","UN    ","CR",13.17]
[1195,"CAP PVC, SOLDAVEL, 60 MM, PARA AGUA FRIA PREDIAL","UN    ","CR",19.8]
[1204,"CAP PVC, SOLDAVEL, 75 MM, PARA AGUA FRIA PREDIAL","UN    ","CR",36.01]
[1205,"CAP PVC, SOLDAVEL, 85 MM, PARA AGUA FRIA PREDIAL","UN    ","CR",85.41]
[1207,"CAP, PVC PBA, JE, DN 100 / DE 110 MM,  PARA REDE DE AGUA (NBR 10351)","UN    ","AS",44.09]
[1206,"CAP, PVC PBA, JE, DN 50 / DE 60 MM,  PARA REDE DE AGUA (NBR 10351)","UN    ","AS",11.05]
[1183,"CAP, PVC PBA, JE, DN 75 / DE 85 MM,  PARA REDE DE AGUA (NBR 10351)","UN    ","AS",28.79]
[42685,"CAP, PVC, JE, OCRE, DN 150 MM (CONEXAO PARA TUBO COLETOR DE ESGOTO)","UN    ","CR",103.95]
[42686,"CAP, PVC, JE, OCRE, DN 200 MM (CONEXAO PARA TUBO COLETOR DE ESGOTO)","UN    ","CR",161.84]
[12894,"CAPA PARA CHUVA EM PVC COM FORRO DE POLIESTER, COM CAPUZ (AMARELA OU AZUL)","UN    ","CR",16.899999999999999]
[12895,"CAPACETE DE SEGURANCA ABA FRONTAL COM SUSPENSAO DE POLIETILENO, SEM JUGULAR (CLASSE B)","UN    ","C ",13]
[1631,"CAPACITOR TRIFASICO, POTENCIA 2,5 KVAR, TENSAO 220 V, FORNECIDO COM CAPA PROTETORA, RESISTOR INTERNO A UNIDADE CAPACITIVA","UN    ","CR",307.95999999999998]
[1633,"CAPACITOR TRIFASICO, POTENCIA 5 KVAR, TENSAO 220 V, FORNECIDO COM CAPA PROTETORA, RESISTOR INTERNO A UNIDADE CAPACITIVA","UN    ","CR",523.25]
[10818,"CAPIM BRAQUIARIA DECUMBENS/ BRAQUIARINHA, VC *70*% MINIMO","KG    ","CR",81.97]
[41410,"CAPTOR FRANKLIN (4 PONTAS), EM LATAO CROMADO, H = 300 MM, DUAS DESCIDAS","UN    ","CR",77.34]
[41411,"CAPTOR FRANKLIN (4 PONTAS), EM LATAO CROMADO, H = 300 MM, UMA DESCIDA","UN    ","CR",70.11]
[41412,"CAPTOR FRANKLIN (4 PONTAS), EM LATAO CROMADO, H = 350 MM, DUAS DESCIDAS","UN    ","CR",135.61000000000001]
[41413,"CAPTOR FRANKLIN (4 PONTAS), EM LATAO CROMADO, H=350 MM, UMA DESCIDA","UN    ","CR",122.03]
[39359,"CARENAGEM /TAMPA, EM PLASTICO, COR BRANCA, UTILIZADO EM KIT CHASSI METALICO PARA INSTALACAO HIDRAULICA DE CUBA SIMPLES SEM MAQUINA DE LAVAR ROUPA, LARGURA *355* MM X ALTURA *670* MM (COM FUROS E DEMAIS ENCAIXES)","UN    ","CR",52.96]
[39360,"CARENAGEM /TAMPA, EM PLASTICO, COR BRANCA, UTILIZADO EM KIT CHASSI METALICO PARA INSTALACAO HIDRAULICA DE TANQUE COM MAQUINA DE LAVAR ROUPA, LARGURA *360* MM X ALTURA *470* MM (COM FUROS E DEMAIS ENCAIXES)","UN    ","CR",48.13]
[10710,"CARPETE DE NYLON EM MANTA PARA TRAFEGO COMERCIAL PESADO, E = 6 A 7 MM (INSTALADO)","M2    ","AS",140]
[10709,"CARPETE DE NYLON EM MANTA PARA TRAFEGO COMERCIAL PESADO, E = 9 A 10 MM (INSTALADO)","M2    ","AS",171.99]
[39636,"CARPETE DE NYLON EM PLACAS 50 X 50 CM PARA TRAFEGO COMERCIAL PESADO, E = 6,5 MM (INSTALADO)","M2    ","AS",175.63]
[10708,"CARPETE DE POLIESTER EM MANTA PARA TRAFEGO COMERCIAL PESADO, E = 4 A 5 MM (INSTALADO)","M2    ","AS",54.19]
[39635,"CARPETE DE POLIPROPILENO EM MANTA PARA TRAFEGO COMERCIAL MEDIO, E = 5 A 6 MM (INSTALADO)","M2    ","AS",92.27]
[6117,"CARPINTEIRO AUXILIAR","H     ","CR",13.85]
[40913,"CARPINTEIRO AUXILIAR (MENSALISTA)","MES   ","CR",2442.79]
[1214,"CARPINTEIRO DE ESQUADRIAS","H     ","CR",15.12]
[40915,"CARPINTEIRO DE ESQUADRIAS (MENSALISTA)","MES   ","CR",2665.75]
[1213,"CARPINTEIRO DE FORMAS","H     ","C ",17.59]
[40914,"CARPINTEIRO DE FORMAS (MENSALISTA)","MES   ","CR",3100.57]
[5091,"CARRANCA PARA JANELA VENEZIANA DE ABRIR, EM LATAO CROMADO, SIMPLES, PARA APARAFUSAR NA PAREDE","UN    ","CR",22.46]
[14615,"CARRINHO COM 2 PNEUS PARA TRANSPORTAR TUBO CONCRETO, ALTURA ATE 1,0 M E DIAMETRO ATE 1000MM, COM ESTRUTURA EM PERFIL OU TUBO METALICO","UN    ","CR",3498.38]
[2711,"CARRINHO DE MAO DE ACO CAPACIDADE 50 A 60 L, PNEU COM CAMARA","UN    ","C ",234.9]
[37727,"CARROCERIA FIXA ABERTA DE MADEIRA PARA TRANSPORTE GERAL DE CARGA SECA DIMENSOES APROXIMADAS 2,25 X 4,10 X 0,50 M (INCLUI MONTAGEM, NAO INCLUI CAMINHAO)","UN    ","C ",15100]
[37728,"CARROCERIA FIXA ABERTA DE MADEIRA PARA TRANSPORTE GERAL DE CARGA SECA DIMENSOES APROXIMADAS 2,5 X 5,5 X 0,50 M (INCLUI MONTAGEM, NAO INCLUI CAMINHAO)","UN    ","CR",20485.310000000001]
[37729,"CARROCERIA FIXA ABERTA DE MADEIRA PARA TRANSPORTE GERAL DE CARGA SECA DIMENSOES APROXIMADAS 2,5 X 6,00 X 0,50 M (INCLUI MONTAGEM, NAO INCLUI CAMINHAO)","UN    ","CR",22174.82]
[37730,"CARROCERIA FIXA ABERTA DE MADEIRA PARA TRANSPORTE GERAL DE CARGA SECA DIMENSOES APROXIMADAS 2,5 X 6,5 X 0,50 M (INCLUI MONTAGEM, NAO INCLUI CAMINHAO)","UN    ","CR",23864.33]
[37731,"CARROCERIA FIXA ABERTA DE MADEIRA PARA TRANSPORTE GERAL DE CARGA SECA DIMENSOES APROXIMADAS 2,5 X 7,00 X 0,50 M (INCLUI MONTAGEM, NAO INCLUI CAMINHAO)","UN    ","CR",25553.84]
[37732,"CARROCERIA FIXA ABERTA DE MADEIRA PARA TRANSPORTE GERAL DE CARGA SECA DIMENSOES APROXIMADAS 2,5 X 7,5 X 0,50 M (INCLUI MONTAGEM, NAO INCLUI CAMINHAO)","UN    ","CR",29144.05]
[42256,"CARVAO ANTRACITO PARA FILTRO, GRAO VARIANDO DE 0,8 ATE 1,1 MM, COEFICIENTE DE UNIFORMIDADE MENOR QUE 1,7 MM (DISTRIBUIDOR)","KG    ","CR",4.62]
[42250,"CARVAO ANTRACITO PARA FILTRO, GRAO VARIANDO DE 0,8 ATE 1,1 MM, COEFICIENTE DE UNIFORMIDADE MENOR QUE 1,7 MM (POSTO JAZIDA/PRODUTOR)","T     ","CR",2079.5]
[4743,"CASCALHO DE CAVA","M3    ","CR",35.61]
[4744,"CASCALHO DE RIO","M3    ","CR",56.98]
[4745,"CASCALHO LAVADO","M3    ","CR",68.34]
[36496,"CAVALETE PARA TALHA COM ESTRUTURA EM TUBO METALICO ALTURA MINIMA 3,2 M EQUIPADO COM RODAS DE BORRACHA PARA MOVIMENTACAO DE TUBOS DE CONCRETO NA CENTRAL DE PREMOLDADOS COM CAPACIDADE DE CARGA DE 3 TONELADAS","UN    ","CR",8882.32]
[10630,"CAVALO MECANICO TRACAO 4X2, PESO BRUTO TOTAL COMBINADO 49000 KG, CAPACIDADE MAXIMA DE TRACAO *66000* KG, POTENCIA *360* CV (INCLUI CABINE E CHASSI, NAO INCLUI SEMIRREBOQUE)","UN    ","CR",660920.37]
[37762,"CAVALO MECANICO TRACAO 4X2, PESO BRUTO TOTAL 16000 KG, CAPACIDADE MAXIMA DE TRACAO *36000* KG, DISTANCIA ENTRE EIXOS *3,56* M, POTENCIA *286* CV (INCLUI CABINE E CHASSI, NAO INCLUI SEMIRREBOQUE)","UN    ","CR",566831.12]
[37763,"CAVALO MECANICO TRACAO 4X2, PESO BRUTO TOTAL 16000 KG, CAPACIDADE MAXIMA DE TRACAO *45000* KG, DISTANCIA ENTRE EIXOS *3,56* M, POTENCIA *330* CV (INCLUI CABINE E CHASSI, NAO INCLUI SEMIRREBOQUE)","UN    ","CR",573715.62]
[41992,"CAVALO MECANICO TRACAO 4X2, PESO BRUTO TOTAL 16000 KG, CAPACIDADE MAXIMA DE TRACAO *80000* KG, POTENCIA *380* CV (INCLUI CABINE E CHASSI, NAO INCLUI SEMIRREBOQUE)","UN    ","C ",652200]
[13215,"CAVALO MECANICO TRACAO 6X2, PESO BRUTO TOTAL COMBINADO 56000 KG, CAPACIDADE MAXIMA DE TRACAO *66000* KG, POTENCIA *360* CV (INCLUI CABINE E CHASSI, NAO INCLUI SEMIRREBOQUE)","UN    ","CR",799759.59]
[4235,"CAVOUQUEIRO OU OPERADOR DE PERFURATRIZ / ROMPEDOR","H     ","CR",15.77]
[40976,"CAVOUQUEIRO OU OPERADOR DE PERFURATRIZ / ROMPEDOR (MENSALISTA)","MES   ","CR",2782.88]
[39013,"CENTRALIZADOR DE BARRA DE ACO (CHUMBADOR TIPO CARAMBOLA), PARA ACO ATE 20 MM","UN    ","CR",0.85]
[43091,"CENTRO DE MEDICAO AGRUPADA, EM POLICARBONATO / PVC, COM 12 MEDIDORES E PROTECAO GERAL (INCLUI BARRAMENTO, DISJUNTORES E ACESSORIOS DE FIXACAO) (PADRAO CONCESSIONARIA LOCAL)","UN    ","CR",5975.72]
[43092,"CENTRO DE MEDICAO AGRUPADA, EM POLICARBONATO / PVC, COM 16 MEDIDORES E PROTECAO GERAL (INCLUI BARRAMENTO, DISJUNTORES E ACESSORIOS DE FIXACAO) (PADRAO CONCESSIONARIA LOCAL)","UN    ","CR",7967.62]
[43089,"CENTRO DE MEDICAO AGRUPADA, EM POLICARBONATO / PVC, COM 4 MEDIDORES E PROTECAO GERAL (INCLUI BARRAMENTO, DISJUNTORES E ACESSORIOS DE FIXACAO) (PADRAO CONCESSIONARIA LOCAL)","UN    ","CR",1388.58]
[43090,"CENTRO DE MEDICAO AGRUPADA, EM POLICARBONATO / PVC, COM 8 MEDIDORES E PROTECAO GERAL (INCLUI BARRAMENTO, DISJUNTORES E ACESSORIOS DE FIXACAO) (PADRAO CONCESSIONARIA LOCAL)","UN    ","CR",3064.47]
[41967,"CERA LIQUIDA INCOLOR MULTIPISO","L     ","CR",24.84]
[12760,"CHAPA ACO INOX AISI 304 NUMERO 4 (E = 6 MM), ACABAMENTO NUMERO 1 (LAMINADO A QUENTE, FOSCO)","M2    ","CR",1612.67]
[12759,"CHAPA ACO INOX AISI 304 NUMERO 9 (E = 4 MM), ACABAMENTO NUMERO 1 (LAMINADO A QUENTE, FOSCO)","M2    ","CR",1075.0999999999999]
[43105,"CHAPA DE ACO CARBONO GALVANIZADA, PERFURADA (GRADE FUROS) E = 1,5 MM, DIAMETRO DO FURO = 9,52 MM (FUROS ALTERNADOS HORIZ.)","KG    ","CR",47.17]
[40424,"CHAPA DE ACO CARBONO LAMINADO A QUENTE, QUALIDADE ESTRUTURAL, BITOLA 3/16\", E =4,75 MM (37,29 KG/M2)","KG    ","CR",11.98]
[1325,"CHAPA DE ACO FINA A FRIO BITOLA MSG 20, E = 0,90 MM (7,20 KG/M2)","KG    ","CR",13.12]
[1327,"CHAPA DE ACO FINA A FRIO BITOLA MSG 24, E = 0,60 MM (4,80 KG/M2)","KG    ","CR",13.98]
[1328,"CHAPA DE ACO FINA A FRIO BITOLA MSG 26, E = 0,45 MM (3,60 KG/M2)","KG    ","CR",13.16]
[1321,"CHAPA DE ACO FINA A QUENTE BITOLA MSG 13, E = 2,25 MM (18,00 KG/M2)","KG    ","CR",12.18]
[1318,"CHAPA DE ACO FINA A QUENTE BITOLA MSG 14, E = 2,00 MM (16,0 KG/M2)","KG    ","CR",12.19]
[1322,"CHAPA DE ACO FINA A QUENTE BITOLA MSG 16, E = 1,50 MM (12,00 KG/M2)","KG    ","CR",12.88]
[1323,"CHAPA DE ACO FINA A QUENTE BITOLA MSG 18, E = 1,20 MM (9,60 KG/M2)","KG    ","CR",12.88]
[1319,"CHAPA DE ACO FINA A QUENTE BITOLA MSG 3/16 \", E = 4,75 MM (38,00 KG/M2)","KG    ","CR",10.85]
[11026,"CHAPA DE ACO GALVANIZADA BITOLA GSG 14, E = 1,95 MM (15,60 KG/M2)","KG    ","CR",14.93]
[11027,"CHAPA DE ACO GALVANIZADA BITOLA GSG 16, E = 1,55 MM (12,40 KG/M2)","KG    ","CR",15.54]
[11046,"CHAPA DE ACO GALVANIZADA BITOLA GSG 18, E = 1,25 MM (10,00 KG/M2)","KG    ","CR",14.88]
[11047,"CHAPA DE ACO GALVANIZADA BITOLA GSG 19, E = 1,11 MM (8,88 KG/M2)","KG    ","CR",16.23]
[43668,"CHAPA DE ACO GALVANIZADA BITOLA GSG 20, E = 0,95 MM (7,60 KG/M2)","KG    ","CR",14.32]
[11049,"CHAPA DE ACO GALVANIZADA BITOLA GSG 22, E = 0,80 MM (6,40 KG/M2)","KG    ","C ",15.51]
[43106,"CHAPA DE ACO GALVANIZADA BITOLA GSG 24, E = 0,64 (5,12 KG/M2)","KG    ","CR",15.6]
[11051,"CHAPA DE ACO GALVANIZADA BITOLA GSG 26, E = 0,50 MM (4,00 KG/M2)","KG    ","CR",16.28]
[11061,"CHAPA DE ACO GALVANIZADA BITOLA GSG 30, E = 0,35 MM (2,80 KG/M2)","KG    ","CR",19.54]
[43667,"CHAPA DE ACO GROSSA, ASTM A36, E = 1 \" (25,40 MM) 199,18 KG/M2","KG    ","CR",14.2]
[1333,"CHAPA DE ACO GROSSA, ASTM A36, E = 1/2 \" (12,70 MM) 99,59 KG/M2","KG    ","CR",11.83]
[1330,"CHAPA DE ACO GROSSA, ASTM A36, E = 1/4 \" (6,35 MM) 49,79 KG/M2","KG    ","CR",11.72]
[10957,"CHAPA DE ACO GROSSA, ASTM A36, E = 3/4 \" (19,05 MM) 149,39 KG/M2","KG    ","CR",13.51]
[1332,"CHAPA DE ACO GROSSA, ASTM A36, E = 3/8 \" (9,53 MM) 74,69 KG/M2","KG    ","CR",12.02]
[1334,"CHAPA DE ACO GROSSA, ASTM A36, E = 5/8 \" (15,88 MM) 124,49 KG/M2","KG    ","CR",13.32]
[1335,"CHAPA DE ACO GROSSA, ASTM A36, E = 7/8 \" (22,23 MM) 174,28 KG/M2","KG    ","CR",13.77]
[40425,"CHAPA DE ACO GROSSA, SAE 1020, BITOLA 1/4\", E = 6,35 MM (49,85 KG/M2)","KG    ","CR",11.78]
[1337,"CHAPA DE ACO XADREZ PARA PISOS, E = 1/4 \" (6,30 MM) 54,53 KG/M2","KG    ","CR",13.51]
[1338,"CHAPA DE LAMINADO MELAMINICO, LISO BRILHANTE, DE *1,25 X 3,08* M, E = 0,8 MM","M2    ","C ",43.71]
[1340,"CHAPA DE LAMINADO MELAMINICO, LISO FOSCO, DE *1,25 X 3,08* M, E = 0,8 MM","M2    ","CR",50.53]
[1341,"CHAPA DE LAMINADO MELAMINICO, TEXTURIZADO, DE *1,25 X 3,08* M, E = 0,8 MM","M2    ","CR",48.67]
[34659,"CHAPA DE MDF BRANCO LISO 1 FACE, E = 12 MM, DE *2,75 X 1,85* M","M2    ","CR",47.45]
[34514,"CHAPA DE MDF BRANCO LISO 1 FACE, E = 15 MM, DE *2,75 X 1,85* M","M2    ","C ",52.56]
[34660,"CHAPA DE MDF BRANCO LISO 1 FACE, E = 18 MM, DE *2,75 X 1,85* M","M2    ","CR",66.7]
[34661,"CHAPA DE MDF BRANCO LISO 1 FACE, E = 25 MM, DE *2,75 X 1,85* M","M2    ","CR",95.8]
[34667,"CHAPA DE MDF BRANCO LISO 1 FACE, E = 6 MM, DE *2,75 X 1,85* M","M2    ","CR",34.69]
[34668,"CHAPA DE MDF BRANCO LISO 1 FACE, E = 9 MM, DE *2,75 X 1,85* M","M2    ","CR",45.34]
[34741,"CHAPA DE MDF BRANCO LISO 2 FACES, E = 12 MM, DE *2,75 X 1,85* M","M2    ","CR",49.88]
[34664,"CHAPA DE MDF BRANCO LISO 2 FACES, E = 15 MM, DE *2,75 X 1,85* M","M2    ","CR",54.44]
[34665,"CHAPA DE MDF BRANCO LISO 2 FACES, E = 18 MM, DE *2,75 X 1,85* M","M2    ","CR",67.58]
[34666,"CHAPA DE MDF BRANCO LISO 2 FACES, E = 25 MM, DE *2,75 X 1,85* M","M2    ","CR",102.07]
[34669,"CHAPA DE MDF BRANCO LISO 2 FACES, E = 6 MM, DE *2,75 X 1,85* M","M2    ","CR",37.42]
[34670,"CHAPA DE MDF BRANCO LISO 2 FACES, E = 9 MM, DE *2,75 X 1,85* M","M2    ","CR",45.77]
[34671,"CHAPA DE MDF CRU, E = 12 MM, DE *2,75 X 1,85* M","M2    ","CR",38.21]
[34672,"CHAPA DE MDF CRU, E = 15 MM, DE *2,75 X 1,85* M","M2    ","CR",40.29]
[34673,"CHAPA DE MDF CRU, E = 18 MM, DE *2,75 X 1,85* M","M2    ","CR",49.16]
[34674,"CHAPA DE MDF CRU, E = 20 MM, DE *2,75 X 1,85* M","M2    ","CR",65.36]
[34675,"CHAPA DE MDF CRU, E = 25 MM, DE *2,75 X 1,85* M","M2    ","CR",79.69]
[34676,"CHAPA DE MDF CRU, E = 6 MM, DE *2,75 X 1,85* M","M2    ","CR",22.94]
[34677,"CHAPA DE MDF CRU, E = 9 MM, DE *2,75 X 1,85* M","M2    ","CR",30.84]
[43126,"CHAPA EM ACO GALVANIZADO PARA STEEL DECK, COM NERVURAS TRAPEZOIDAIS, LARGURA UTIL DE 915 MM E ESPESSURA DE 0,80 MM","M2    ","CR",137.13]
[43124,"CHAPA EM ACO GALVANIZADO PARA STEEL DECK, COM NERVURAS TRAPEZOIDAIS, LARGURA UTIL DE 915 MM E ESPESSURA DE 0,95 MM","M2    ","CR",160.12]
[43125,"CHAPA EM ACO GALVANIZADO PARA STEEL DECK, COM NERVURAS TRAPEZOIDAIS, LARGURA UTIL DE 915 MM E ESPESSURA DE 1,25 MM","M2    ","CR",207.66]
[40623,"CHAPA PARA EMENDA DE VIGA, EM ACO GROSSO, QUALIDADE ESTRUTURAL, BITOLA 3/16 \", E= 4,75 MM, 4 FUROS, LARGURA 45 MM, COMPRIMENTO 500 MM","PAR   ","CR",131.55000000000001]
[43701,"CHAPA/BOBINA LISA EM ALUMINIO, LIGA 1.200 - H14, QUALQUER ESPESSURA, QUALQUER LARGURA","KG    ","AS",46.14]
[1345,"CHAPA/PAINEL DE MADEIRA COMPENSADA PLASTIFICADA (MADEIRITE PLASTIFICADO) PARA FORMA DE CONCRETO, DE 2200 x 1100 MM, E = *17* MM","M2    ","CR",144.4]
[1346,"CHAPA/PAINEL DE MADEIRA COMPENSADA PLASTIFICADA (MADEIRITE PLASTIFICADO) PARA FORMA DE CONCRETO, DE 2200 x 1100 MM, E = 10 MM","M2    ","CR",83.99]
[1347,"CHAPA/PAINEL DE MADEIRA COMPENSADA PLASTIFICADA (MADEIRITE PLASTIFICADO) PARA FORMA DE CONCRETO, DE 2200 x 1100 MM, E = 12 MM","M2    ","CR",104.07]
[43678,"CHAPA/PAINEL DE MADEIRA COMPENSADA PLASTIFICADA (MADEIRITE PLASTIFICADO) PARA FORMA DE CONCRETO, DE 2200 X 1100 MM, E = 14 MM","M2    ","CR",120.72]
[43680,"CHAPA/PAINEL DE MADEIRA COMPENSADA PLASTIFICADA (MADEIRITE PLASTIFICADO) PARA FORMA DE CONCRETO, DE 2200 X 1100 MM, E = 20 MM","M2    ","CR",173.91]
[43679,"CHAPA/PAINEL DE MADEIRA COMPENSADA PLASTIFICADA (MADEIRITE PLASTIFICADO) PARA FORMA DE CONCRETO, DE 2200 X 1100 MM, E = 6 MM","M2    ","CR",61.03]
[1355,"CHAPA/PAINEL DE MADEIRA COMPENSADA RESINADA (MADEIRITE RESINADO ROSA) PARA FORMA DE CONCRETO, DE 2200 x 1100 MM, E = 14 MM","M2    ","CR",69.45]
[1358,"CHAPA/PAINEL DE MADEIRA COMPENSADA RESINADA (MADEIRITE RESINADO ROSA) PARA FORMA DE CONCRETO, DE 2200 x 1100 MM, E = 17 MM","M2    ","CR",85.26]
[43681,"CHAPA/PAINEL DE MADEIRA COMPENSADA RESINADA (MADEIRITE RESINADO ROSA) PARA FORMA DE CONCRETO, DE 2200 x 1100 MM, E = 8 A 12 MM","M2    ","C ",53.72]
[43677,"CHAPA/PAINEL DE MADEIRA COMPENSADA RESINADA (MADEIRITE RESINADO ROSA) PARA FORMA DE CONCRETO, DE 2200 X 1100 MM, E = 20 MM","M2    ","CR",105.79]
[43682,"CHAPA/PAINEL DE MADEIRA COMPENSADA RESINADA (MADEIRITE RESINADO ROSA) PARA FORMA DE CONCRETO, DE 2200 X 1100 MM, E = 6 MM","M2    ","CR",32.43]
[12083,"CHAVE BLINDADA TRIPOLAR PARA MOTORES, DO TIPO FACA, COM PORTA FUSIVEL DO TIPO CARTUCHO, CORRENTE NOMINAL DE 100 A, TENSAO NOMINAL DE 250 V","UN    ","AS",316.41000000000003]
[12081,"CHAVE BLINDADA TRIPOLAR PARA MOTORES, DO TIPO FACA, COM PORTA FUSIVEL DO TIPO CARTUCHO, CORRENTE NOMINAL DE 30 A, TENSAO NOMINAL DE 250 V","UN    ","AS",107]
[12082,"CHAVE BLINDADA TRIPOLAR PARA MOTORES, DO TIPO FACA, COM PORTA FUSIVEL DO TIPO CARTUCHO, CORRENTE NOMINAL DE 60 A, TENSAO NOMINAL DE 250 V","UN    ","AS",168.16]
[13354,"CHAVE DE PARTIDA DIRETA TRIFASICA, COM CAIXA TERMOPLASTICA, COM FUSIVEL DE 25 A, PARA MOTOR COM POTENCIA DE 7,5 CV E TENSAO DE 380 V","UN    ","AS",251.15]
[14057,"CHAVE DE PARTIDA DIRETA TRIFASICA, COM CAIXA TERMOPLASTICA, COM FUSIVEL DE 35 A, PARA MOTOR COM POTENCIA DE 5 CV E TENSAO DE 220 V","UN    ","AS",140.22]
[14058,"CHAVE DE PARTIDA DIRETA TRIFASICA, COM CAIXA TERMOPLASTICA, COM FUSIVEL DE 63 A, PARA MOTOR COM POTENCIA DE 10 CV E TENSAO DE 220 V","UN    ","AS",221.2]
[20971,"CHAVE DUPLA PARA CONEXOES TIPO STORZ, ENGATE RAPIDO 1 1/2\" X 2 1/2\", EM LATAO, PARA INSTALACAO PREDIAL COMBATE A INCENDIO","UN    ","CR",19.510000000000002]
[5047,"CHAVE FUSIVEL PARA REDES DE DISTRIBUICAO, TENSAO DE 15,0 KV, CORRENTE NOMINAL DO PORTA FUSIVEL DE 100 A, CAPACIDADE DE INTERRUPCAO SIMETRICA DE 7,10 KA, CAPACIDADE DE INTERRUPCAO ASSIMETRICA 10,00 KA","UN    ","AS",150.69999999999999]
[13369,"CHAVE SECCIONADORA-FUSIVEL BLINDADA TRIPOLAR, ABERTURA COM CARGA, PARA FUSIVEL NH00, CORRENTE NOMINAL DE 160 A, TENSAO DE 500 V","UN    ","AS",163.47]
[13370,"CHAVE SECCIONADORA-FUSIVEL BLINDADA TRIPOLAR, ABERTURA COM CARGA, PARA FUSIVEL NH01, CORRENTE NOMINAL DE 250 A, TENSAO DE 500 V","UN    ","AS",226.61]
[13279,"CHUMBADOR DE ACO TIPO PARABOLT, * 5/8\" X 200* MM,  COM PORCA E ARRUELA","KG    ","AS",21.52]
[11977,"CHUMBADOR DE ACO, DIAMETRO 1/2\", COMPRIMENTO 75 MM","UN    ","AS",11.15]
[11975,"CHUMBADOR DE ACO, DIAMETRO 5/8\", COMPRIMENTO 6\", COM PORCA","UN    ","AS",24.43]
[39746,"CHUMBADOR DE ACO, 1\" X 600 MM, PARA POSTES DE ACO COM BASE, INCLUSO PORCA E ARRUELA","UN    ","AS",271.89999999999998]
[11976,"CHUMBADOR, DIAMETRO 1/4\" COM PARAFUSO 1/4\" X 40 MM","UN    ","AS",1.25]
[1368,"CHUVEIRO COMUM EM PLASTICO BRANCO, COM CANO, 3 TEMPERATURAS, 5500 W (110/220 V)","UN    ","C ",69.900000000000006]
[1367,"CHUVEIRO COMUM EM PLASTICO CROMADO, COM CANO, 4 TEMPERATURAS (110/220 V)","UN    ","CR",226.1]
[41899,"CIMENTO ASFALTICO DE PETROLEO A GRANEL (CAP) 50/70 (COLETADO CAIXA NA ANP ACRESCIDO DE ICMS)","T     ","C ",5056.29]
[1380,"CIMENTO BRANCO","KG    ","CR",2.2000000000000002]
[1375,"CIMENTO IMPERMEABILIZANTE DE PEGA ULTRARRAPIDA PARA TAMPONAMENTOS","KG    ","CR",14.48]
[1379,"CIMENTO PORTLAND COMPOSTO CP II-32","KG    ","C ",0.7]
[13284,"CIMENTO PORTLAND DE ALTO FORNO (AF) CP III-40","KG    ","CR",0.7]
[44528,"CIMENTO PORTLAND ESTRUTURAL BRANCO  CPB-32","KG    ","CR",2.64]
[34753,"CIMENTO PORTLAND POZOLANICO CP IV-32","KG    ","CR",0.77]
[420,"CINTA CIRCULAR EM ACO GALVANIZADO DE 150 MM DE DIAMETRO PARA FIXACAO DE CAIXA MEDICAO, INCLUI PARAFUSOS E PORCAS","UN    ","AS",35.729999999999997]
[12327,"CINTA CIRCULAR EM ACO GALVANIZADO DE 210 MM DE DIAMETRO PARA INSTALACAO DE TRANSFORMADOR EM POSTE DE CONCRETO","UN    ","AS",42.56]
[36148,"CINTURAO DE SEGURANCA TIPO PARAQUEDISTA, FIVELA EM ACO, AJUSTE NO SUSPENSARIO, CINTURA E PERNAS","UN    ","CR",62.4]
[12329,"COBRE ELETROLITICO EM BARRA OU CHAPA","KG    ","CR",151.25]
[1339,"COLA A BASE DE RESINA SINTETICA PARA CHAPA DE LAMINADO MELAMINICO","KG    ","CR",43.82]
[44396,"COLA BRANCA BASE PVA","KG    ","CR",27.22]
[44327,"COLA PARA TUBOS E MANTAS ELASTOMERICAS, A BASE DE SOLVENTE","L     ","CR",92.57]
[37418,"COLAR DE TOMADA EM POLIPROPILENO, PP, COM PARAFUSOS, PARA PEAD, 63 X 1/2\" - LIGACAO PREDIAL DE AGUA","UN    ","CR",30.37]
[37419,"COLAR DE TOMADA EM POLIPROPILENO, PP, COM PARAFUSOS, PARA PEAD, 63 X 3/4\" - LIGACAO PREDIAL DE AGUA","UN    ","CR",31.18]
[1427,"COLAR TOMADA PVC, COM TRAVAS, SAIDA COM ROSCA, DE 110 MM X 1/2\" OU 110 MM X 3/4\", PARA LIGACAO PREDIAL DE AGUA","UN    ","AS",25.93]
[1402,"COLAR TOMADA PVC, COM TRAVAS, SAIDA COM ROSCA, DE 32 MM X 1/2\" OU 32 MM X 3/4\", PARA LIGACAO PREDIAL DE AGUA","UN    ","AS",8.9700000000000006]
[1420,"COLAR TOMADA PVC, COM TRAVAS, SAIDA COM ROSCA, DE 40 MM X 1/2\" OU 40 MM X 3/4\", PARA LIGACAO PREDIAL DE AGUA","UN    ","AS",11.54]
[1419,"COLAR TOMADA PVC, COM TRAVAS, SAIDA COM ROSCA, DE 50 MM X 1/2\" OU 50 MM X 3/4\", PARA LIGACAO PREDIAL DE AGUA","UN    ","AS",13.94]
[1414,"COLAR TOMADA PVC, COM TRAVAS, SAIDA COM ROSCA, DE 60 MM X 1/2\" OU 60 MM X 3/4\", PARA LIGACAO PREDIAL DE AGUA","UN    ","AS",13.64]
[1413,"COLAR TOMADA PVC, COM TRAVAS, SAIDA COM ROSCA, DE 75 MM X 1/2\" OU 75 MM X 3/4\", PARA LIGACAO PREDIAL DE AGUA","UN    ","AS",20.14]
[1412,"COLAR TOMADA PVC, COM TRAVAS, SAIDA COM ROSCA, DE 85 MM X 1/2\" OU 85 MM X 3/4\", PARA LIGACAO PREDIAL DE AGUA","UN    ","AS",17.07]
[1411,"COLAR TOMADA PVC, COM TRAVAS, SAIDA ROSCAVEL COM BUCHA DE LATAO, DE 110 MM X 1/2\" OU 110 MM X 3/4\", PARA LIGACAO PREDIAL DE AGUA","UN    ","AS",31.05]
[1406,"COLAR TOMADA PVC, COM TRAVAS, SAIDA ROSCAVEL COM BUCHA DE LATAO, DE 60 MM X 1/2\" OU 60 MM X 3/4\", PARA LIGACAO PREDIAL DE AGUA","UN    ","AS",20.59]
[1407,"COLAR TOMADA PVC, COM TRAVAS, SAIDA ROSCAVEL COM BUCHA DE LATAO, DE 75 MM X 1/2\" OU 75 MM X 3/4\", PARA LIGACAO PREDIAL DE AGUA","UN    ","AS",25.68]
[1404,"COLAR TOMADA PVC, COM TRAVAS, SAIDA ROSCAVEL COM BUCHA DE LATAO, DE 85 MM X 1/2\" OU 85 MM X 3/4\", PARA LIGACAO PREDIAL DE AGUA","UN    ","AS",27.3]
[11281,"COMPACTADOR DE SOLO A PERCUSSAO (SOQUETE), COM MOTOR GASOLINA DE 4 TEMPOS, PESO ENTRE 55 E 65 KG, FORCA DE IMPACTO DE 1.000 A 1.500 KGF, FREQUENCIA DE 600 A 700 GOLPES POR MINUTO, VELOCIDADE DE TRABALHO ENTRE 10 E 15 M/MIN, POTENCIA ENTRE 2,00 E 3,00 HP","UN    ","AS",10900]
[1442,"COMPACTADOR DE SOLO TIPO PLACA VIBRATORIA REVERSIVEL, A GASOLINA, 4 TEMPOS, PESO DE 125 A 150 KG, FORCA CENTRIFUGA DE 2500 A 2800 KGF, LARG. TRABALHO DE 400 A 450 MM, FREQ VIBRACAO DE 4300 A 4500 RPM, VELOC. TRABALHO DE 15 A 20 M/MIN, POT. DE 5,5 A 6,0 HP","UN    ","AS",9150.4699999999993]
[13457,"COMPACTADOR DE SOLO TIPO PLACA VIBRATORIA REVERSIVEL, A GASOLINA, 4 TEMPOS, PESO DE 150 A 175 KG, FORCA CENTRIFUGA DE 2800 A 3100 KGF, LARG. TRABALHO DE 450 A 520 MM, FREQ VIBRACAO DE 4000 A 4300 RPM, VELOC. TRABALHO DE 15 A 20 M/MIN, POT. DE 6,0 A 7,0 HP","UN    ","AS",7898.54]
[40699,"COMPACTADOR DE SOLO, TIPO PLACA VIBRATORIA NAO REVERSIVEL, COM MOTOR A GASOLINA DE 4 TEMPOS, PESO ENTRE 80 E 120 KG, FORCA CENTRIFUGA ENTRE 1300 E 2000 KGF, LARGURA DE TRABALHO ENTRE 400 E 500 MM, FREQUENCIA DE VIBRACAO ENTRE 4800 E 6000 RPM, VELOCIDADEDE TRABALHO ENTRE 20 E 30 M/MIN, POTENCIA ENTRE 5,0 E 6,0 HP","UN    ","AS",6105.88]
[40701,"COMPACTADOR DE SOLO, TIPO PLACA VIBRATORIA REVERSIVEL, COM MOTOR A DIESEL, PESO ENTRE 700 E 820 KG, FORCA CENTRIFUGA ENTRE 6.200 E 10.000 KGF, LARGURA DE TRABALHO ENTRE 650 E 720 MM, FREQUENCIA DE VIBRACAO ENTRE 3.000 E 3.500 RPM, VELOCIDADE DE TRABALHOENTRE 25 E 30 M/MIN, POTENCIA ENTRE 13,0 E 15,0 HP","UN    ","AS",107960.3]
[40700,"COMPACTADOR DE SOLO, TIPO PLACA VIBRATORIA REVERSIVEL, COM MOTOR A GASOLINA DE 4 TEMPOS, PESO ENTRE 160 E 265 KG, FORCA CENTRIFUGA ENTRE 2750 E 4000 KGF, LARGURA DE TRABALHO ENTRE 430 E 550 MM, FREQUENCIA DE VIBRACAO ENTRE 4000 E 5500 RPM, VELOCIDADE DETRABALHO ENTRE 20 E 25 M/MIN, POTENCIA ENTRE 7,5 E 9,0 HP","UN    ","AS",14213.69]
[13458,"COMPACTADOR DE SOLOS DE PERCURSAO (SOQUETE) COM MOTOR A GASOLINA 4 TEMPOS DE 4 HP (4 CV)","UN    ","AS",13506.52]
[11134,"COMPENSADO NAVAL - CHAPA/PAINEL EM MADEIRA COMPENSADA PRENSADA, DE 2200 X 1600 MM, E = 10 MM","M2    ","CR",119.65]
[11135,"COMPENSADO NAVAL - CHAPA/PAINEL EM MADEIRA COMPENSADA PRENSADA, DE 2200 X 1600 MM, E = 12 MM","M2    ","CR",129.19]
[11136,"COMPENSADO NAVAL - CHAPA/PAINEL EM MADEIRA COMPENSADA PRENSADA, DE 2200 X 1600 MM, E = 15 MM","M2    ","CR",147.91999999999999]
[34743,"COMPENSADO NAVAL - CHAPA/PAINEL EM MADEIRA COMPENSADA PRENSADA, DE 2200 X 1600 MM, E = 18 MM","M2    ","CR",178.48]
[11137,"COMPENSADO NAVAL - CHAPA/PAINEL EM MADEIRA COMPENSADA PRENSADA, DE 2200 X 1600 MM, E = 20 MM","M2    ","CR",202.71]
[34745,"COMPENSADO NAVAL - CHAPA/PAINEL EM MADEIRA COMPENSADA PRENSADA, DE 2200 X 1600 MM, E = 25 MM","M2    ","CR",241.06]
[34746,"COMPENSADO NAVAL - CHAPA/PAINEL EM MADEIRA COMPENSADA PRENSADA, DE 2200 X 1600 MM, E = 4 MM","M2    ","CR",65.739999999999995]
[1360,"COMPENSADO NAVAL - CHAPA/PAINEL EM MADEIRA COMPENSADA PRENSADA, DE 2200 X 1600 MM, E = 6 MM","M2    ","CR",76.7]
[36524,"COMPRESSOR DE AR ESTACIONARIO, VAZAO 620 PCM, PRESSAO EFETIVA DE TRABALHO 109 PSI, MOTOR ELETRICO, POTENCIA 127 CV","UN    ","AS",143089.99]
[36526,"COMPRESSOR DE AR REBOCAVEL VAZAO 400 PCM, PRESSAO EFETIVA DE TRABALHO 102 PSI, MOTOR DIESEL, POTENCIA 110 CV","UN    ","AS",115307.74]
[36523,"COMPRESSOR DE AR REBOCAVEL VAZAO 748 PCM, PRESSAO EFETIVA DE TRABALHO 102 PSI, MOTOR DIESEL, POTENCIA 210 CV","UN    ","AS",246858.32]
[36527,"COMPRESSOR DE AR REBOCAVEL VAZAO 860 PCM, PRESSAO EFETIVA DE TRABALHO 102 PSI, MOTOR DIESEL, POTENCIA 250 CV","UN    ","AS",268138.98]
[13803,"COMPRESSOR DE AR REBOCAVEL, VAZAO *89* PCM, PRESSAO EFETIVA DE TRABALHO *102* PSI, MOTOR DIESEL, POTENCIA *20* CV","UN    ","AS",96956.72]
[38642,"COMPRESSOR DE AR REBOCAVEL, VAZAO 152 PCM, PRESSAO EFETIVA DE TRABALHO 102 PSI, MOTOR DIESEL, POTENCIA 31,5 KW","UN    ","AS",62429.63]
[36522,"COMPRESSOR DE AR REBOCAVEL, VAZAO 189 PCM, PRESSAO EFETIVA DE TRABALHO 102 PSI, MOTOR DIESEL, POTENCIA 63 CV","UN    ","AS",72604.92]
[36525,"COMPRESSOR DE AR REBOCAVEL, VAZAO 250 PCM, PRESSAO EFETIVA DE TRABALHO 102 PSI, MOTOR DIESEL, POTENCIA 81 CV","UN    ","AS",97234.94]
[34348,"CONCERTINA CLIPADA (DUPLA) EM ACO GALVANIZADO DE ALTA RESISTENCIA, COM ESPIRAL DE 300 MM, D = 2,76 MM","M     ","CR",26.34]
[34347,"CONCERTINA SIMPLES EM ACO GALVANIZADO DE ALTA RESISTENCIA, COM ESPIRAL DE 300 MM, D = 2,76 MM","M     ","CR",18.829999999999998]
[11146,"CONCRETO AUTOADENSAVEL (CAA) CLASSE DE RESISTENCIA C15, ESPALHAMENTO SF2, INCLUI SERVICO DE BOMBEAMENTO (NBR 15823)","M3    ","CR",468.1]
[11147,"CONCRETO AUTOADENSAVEL (CAA) CLASSE DE RESISTENCIA C20, ESPALHAMENTO SF2, INCLUI SERVICO DE BOMBEAMENTO (NBR 15823)","M3    ","CR",486.42]
[34872,"CONCRETO AUTOADENSAVEL (CAA) CLASSE DE RESISTENCIA C25, ESPALHAMENTO SF2, INCLUI SERVICO DE BOMBEAMENTO (NBR 15823)","M3    ","CR",491.88]
[34491,"CONCRETO AUTOADENSAVEL (CAA) CLASSE DE RESISTENCIA C30, ESPALHAMENTO SF2, INCLUI SERVICO DE BOMBEAMENTO (NBR 15823)","M3    ","CR",506.14]
[34770,"CONCRETO BETUMINOSO USINADO A QUENTE (CBUQ) PARA PAVIMENTACAO ASFALTICA, PADRAO DNIT, FAIXA C, COM CAP 30/45 - AQUISICAO POSTO USINA","T     ","CR",539.49]
[1518,"CONCRETO BETUMINOSO USINADO A QUENTE (CBUQ) PARA PAVIMENTACAO ASFALTICA, PADRAO DNIT, FAIXA C, COM CAP 50/70 - AQUISICAO POSTO USINA","T     ","C ",550]
[41965,"CONCRETO BETUMINOSO USINADO A QUENTE (CBUQ) PARA PAVIMENTACAO ASFALTICA, PADRAO DNIT, PARA BINDER, COM CAP 50/70 - AQUISICAO POSTO USINA","T     ","CR",482.26]
[34492,"CONCRETO USINADO BOMBEAVEL, CLASSE DE RESISTENCIA C20, COM BRITA 0 E 1, SLUMP = 100 +/- 20 MM, EXCLUI SERVICO DE BOMBEAMENTO (NBR 8953)","M3    ","C ",416]
[1524,"CONCRETO USINADO BOMBEAVEL, CLASSE DE RESISTENCIA C20, COM BRITA 0 E 1, SLUMP = 100 +/- 20 MM, INCLUI SERVICO DE BOMBEAMENTO (NBR 8953)","M3    ","CR",449.11]
[38404,"CONCRETO USINADO BOMBEAVEL, CLASSE DE RESISTENCIA C20, COM BRITA 0 E 1, SLUMP = 130 +/- 20 MM, EXCLUI SERVICO DE BOMBEAMENTO (NBR 8953)","M3    ","CR",430.89]
[39849,"CONCRETO USINADO BOMBEAVEL, CLASSE DE RESISTENCIA C20, COM BRITA 0 E 1, SLUMP = 190 +/- 20 MM, INCLUI SERVICO DE BOMBEAMENTO (NBR 8953)","M3    ","CR",493.8]
[38464,"CONCRETO USINADO BOMBEAVEL, CLASSE DE RESISTENCIA C20, COM BRITA 0, SLUMP = 220 +/- 20 MM, INCLUI SERVICO DE BOMBEAMENTO (NBR 8953)","M3    ","CR",500.97]
[34493,"CONCRETO USINADO BOMBEAVEL, CLASSE DE RESISTENCIA C25, COM BRITA 0 E 1, SLUMP = 100 +/- 20 MM, EXCLUI SERVICO DE BOMBEAMENTO (NBR 8953)","M3    ","CR",427.72]
[1527,"CONCRETO USINADO BOMBEAVEL, CLASSE DE RESISTENCIA C25, COM BRITA 0 E 1, SLUMP = 100 +/- 20 MM, INCLUI SERVICO DE BOMBEAMENTO (NBR 8953)","M3    ","CR",463.37]
[38405,"CONCRETO USINADO BOMBEAVEL, CLASSE DE RESISTENCIA C25, COM BRITA 0 E 1, SLUMP = 130 +/- 20 MM, EXCLUI SERVICO DE BOMBEAMENTO (NBR 8953)","M3    ","CR",444.18]
[38408,"CONCRETO USINADO BOMBEAVEL, CLASSE DE RESISTENCIA C25, COM BRITA 0 E 1, SLUMP = 190 +/- 20 MM, EXCLUI SERVICO DE BOMBEAMENTO (NBR 8953)","M3    ","CR",491.67]
[34494,"CONCRETO USINADO BOMBEAVEL, CLASSE DE RESISTENCIA C30, COM BRITA 0 E 1, SLUMP = 100 +/- 20 MM, EXCLUI SERVICO DE BOMBEAMENTO (NBR 8953)","M3    ","CR",441.98]
[1525,"CONCRETO USINADO BOMBEAVEL, CLASSE DE RESISTENCIA C30, COM BRITA 0 E 1, SLUMP = 100 +/- 20 MM, INCLUI SERVICO DE BOMBEAMENTO (NBR 8953)","M3    ","CR",477.62]
[38406,"CONCRETO USINADO BOMBEAVEL, CLASSE DE RESISTENCIA C30, COM BRITA 0 E 1, SLUMP = 130 +/- 20 MM, EXCLUI SERVICO DE BOMBEAMENTO (NBR 8953)","M3    ","CR",469.03]
[38409,"CONCRETO USINADO BOMBEAVEL, CLASSE DE RESISTENCIA C30, COM BRITA 0 E 1, SLUMP = 190 +/- 20 MM, EXCLUI SERVICO DE BOMBEAMENTO (NBR 8953)","M3    ","CR",495.02]
[43360,"CONCRETO USINADO BOMBEAVEL, CLASSE DE RESISTENCIA C30, COM BRITA 0 E 1, SLUMP = 220 +/- 30 MM, EXCLUI SERVICO DE BOMBEAMENTO (NBR 8953)","M3    ","CR",516.16]
[34495,"CONCRETO USINADO BOMBEAVEL, CLASSE DE RESISTENCIA C35, COM BRITA 0 E 1, SLUMP = 100 +/- 20 MM, EXCLUI SERVICO DE BOMBEAMENTO (NBR 8953)","M3    ","CR",456.24]
[11145,"CONCRETO USINADO BOMBEAVEL, CLASSE DE RESISTENCIA C35, COM BRITA 0 E 1, SLUMP = 100 +/- 20 MM, INCLUI SERVICO DE BOMBEAMENTO (NBR 8953)","M3    ","CR",491.88]
[34496,"CONCRETO USINADO BOMBEAVEL, CLASSE DE RESISTENCIA C40, COM BRITA 0 E 1, SLUMP = 100 +/- 20 MM, EXCLUI SERVICO DE BOMBEAMENTO (NBR 8953)","M3    ","CR",475.93]
[34479,"CONCRETO USINADO BOMBEAVEL, CLASSE DE RESISTENCIA C40, COM BRITA 0 E 1, SLUMP = 100 +/- 20 MM, INCLUI SERVICO DE BOMBEAMENTO (NBR 8953)","M3    ","CR",506.14]
[34481,"CONCRETO USINADO BOMBEAVEL, CLASSE DE RESISTENCIA C45, COM BRITA 0 E 1, SLUMP = 100 +/- 20 MM, INCLUI SERVICO DE BOMBEAMENTO (NBR 8953)","M3    ","CR",528.85]
[34483,"CONCRETO USINADO BOMBEAVEL, CLASSE DE RESISTENCIA C50, COM BRITA 0 E 1, SLUMP = 100 +/- 20 MM, INCLUI SERVICO DE BOMBEAMENTO (NBR 8953)","M3    ","CR",565.04]
[34485,"CONCRETO USINADO BOMBEAVEL, CLASSE DE RESISTENCIA C60, COM BRITA 0 E 1, SLUMP = 100 +/- 20 MM, INCLUI SERVICO DE BOMBEAMENTO (NBR 8953)","M3    ","CR",604.25]
[14041,"CONCRETO USINADO CONVENCIONAL (NAO BOMBEAVEL) CLASSE DE RESISTENCIA C10, COM BRITA 1 E 2, SLUMP = 80 MM +/- 10 MM (NBR 8953)","M3    ","CR",392.79]
[1523,"CONCRETO USINADO CONVENCIONAL (NAO BOMBEAVEL) CLASSE DE RESISTENCIA C15, COM BRITA 1 E 2, SLUMP = 80 MM +/- 10 MM (NBR 8953)","M3    ","CR",399.21]
[14052,"CONDULETE DE ALUMINIO TIPO B, PARA ELETRODUTO ROSCAVEL DE 1/2\", COM TAMPA CEGA","UN    ","CR",11.3]
[14054,"CONDULETE DE ALUMINIO TIPO B, PARA ELETRODUTO ROSCAVEL DE 1\", COM TAMPA CEGA","UN    ","CR",14.69]
[14053,"CONDULETE DE ALUMINIO TIPO B, PARA ELETRODUTO ROSCAVEL DE 3/4\", COM TAMPA CEGA","UN    ","CR",11.47]
[2558,"CONDULETE DE ALUMINIO TIPO C, PARA ELETRODUTO ROSCAVEL DE 1/2\", COM TAMPA CEGA","UN    ","CR",8.64]
[2560,"CONDULETE DE ALUMINIO TIPO C, PARA ELETRODUTO ROSCAVEL DE 1\", COM TAMPA CEGA","UN    ","CR",15.2]
[2559,"CONDULETE DE ALUMINIO TIPO C, PARA ELETRODUTO ROSCAVEL DE 3/4\", COM TAMPA CEGA","UN    ","C ",12.16]
[2592,"CONDULETE DE ALUMINIO TIPO C, PARA ELETRODUTO ROSCAVEL DE 4\", COM TAMPA CEGA","UN    ","CR",201.58]
[2566,"CONDULETE DE ALUMINIO TIPO E, PARA ELETRODUTO ROSCAVEL DE 1  1/4\", COM TAMPA CEGA","UN    ","CR",20.28]
[2589,"CONDULETE DE ALUMINIO TIPO E, PARA ELETRODUTO ROSCAVEL DE 1 1/2\", COM TAMPA CEGA","UN    ","CR",26.96]
[2591,"CONDULETE DE ALUMINIO TIPO E, PARA ELETRODUTO ROSCAVEL DE 1/2\", COM TAMPA CEGA","UN    ","CR",9.83]
[2590,"CONDULETE DE ALUMINIO TIPO E, PARA ELETRODUTO ROSCAVEL DE 1\", COM TAMPA CEGA","UN    ","CR",16.54]
[2567,"CONDULETE DE ALUMINIO TIPO E, PARA ELETRODUTO ROSCAVEL DE 2\", COM TAMPA CEGA","UN    ","CR",39.549999999999997]
[2565,"CONDULETE DE ALUMINIO TIPO E, PARA ELETRODUTO ROSCAVEL DE 3/4\", COM TAMPA CEGA","UN    ","CR",9.85]
[2568,"CONDULETE DE ALUMINIO TIPO E, PARA ELETRODUTO ROSCAVEL DE 3\", COM TAMPA CEGA","UN    ","CR",109.83]
[2594,"CONDULETE DE ALUMINIO TIPO E, PARA ELETRODUTO ROSCAVEL DE 4\", COM TAMPA CEGA","UN    ","CR",182.97]
[2587,"CONDULETE DE ALUMINIO TIPO LR, PARA ELETRODUTO ROSCAVEL DE 1 1/2\", COM TAMPA CEGA","UN    ","CR",31.18]
[2588,"CONDULETE DE ALUMINIO TIPO LR, PARA ELETRODUTO ROSCAVEL DE 1 1/4\", COM TAMPA CEGA","UN    ","CR",24.77]
[2569,"CONDULETE DE ALUMINIO TIPO LR, PARA ELETRODUTO ROSCAVEL DE 1/2\", COM TAMPA CEGA","UN    ","CR",9.5399999999999991]
[2570,"CONDULETE DE ALUMINIO TIPO LR, PARA ELETRODUTO ROSCAVEL DE 1\", COM TAMPA CEGA","UN    ","CR",16]
[2571,"CONDULETE DE ALUMINIO TIPO LR, PARA ELETRODUTO ROSCAVEL DE 2\", COM TAMPA CEGA","UN    ","CR",47.49]
[2593,"CONDULETE DE ALUMINIO TIPO LR, PARA ELETRODUTO ROSCAVEL DE 3/4\", COM TAMPA CEGA","UN    ","CR",10.17]
[2572,"CONDULETE DE ALUMINIO TIPO LR, PARA ELETRODUTO ROSCAVEL DE 3\", COM TAMPA CEGA","UN    ","CR",140.44999999999999]
[2595,"CONDULETE DE ALUMINIO TIPO LR, PARA ELETRODUTO ROSCAVEL DE 4\", COM TAMPA CEGA","UN    ","CR",219.13]
[2576,"CONDULETE DE ALUMINIO TIPO T, PARA ELETRODUTO ROSCAVEL DE 1 1/2\", COM TAMPA CEGA","UN    ","CR",37.35]
[2575,"CONDULETE DE ALUMINIO TIPO T, PARA ELETRODUTO ROSCAVEL DE 1 1/4\", COM TAMPA CEGA","UN    ","CR",28.08]
[2573,"CONDULETE DE ALUMINIO TIPO T, PARA ELETRODUTO ROSCAVEL DE 1/2\", COM TAMPA CEGA","UN    ","CR",11.66]
[2586,"CONDULETE DE ALUMINIO TIPO T, PARA ELETRODUTO ROSCAVEL DE 1\", COM TAMPA CEGA","UN    ","CR",18.899999999999999]
[2577,"CONDULETE DE ALUMINIO TIPO T, PARA ELETRODUTO ROSCAVEL DE 2\", COM TAMPA CEGA","UN    ","CR",50.62]
[2574,"CONDULETE DE ALUMINIO TIPO T, PARA ELETRODUTO ROSCAVEL DE 3/4\", COM TAMPA CEGA","UN    ","CR",11.74]
[2578,"CONDULETE DE ALUMINIO TIPO T, PARA ELETRODUTO ROSCAVEL DE 3\", COM TAMPA CEGA","UN    ","CR",158.03]
[2585,"CONDULETE DE ALUMINIO TIPO T, PARA ELETRODUTO ROSCAVEL DE 4\", COM TAMPA CEGA","UN    ","CR",216.86]
[12008,"CONDULETE DE ALUMINIO TIPO TB, PARA ELETRODUTO ROSCAVEL DE 3\", COM TAMPA CEGA","UN    ","CR",116.35]
[2582,"CONDULETE DE ALUMINIO TIPO X, PARA ELETRODUTO ROSCAVEL DE 1 1/2\", COM TAMPA CEGA","UN    ","CR",34.65]
[2597,"CONDULETE DE ALUMINIO TIPO X, PARA ELETRODUTO ROSCAVEL DE 1 1/4\", COM TAMPA CEGA","UN    ","CR",29.69]
[2579,"CONDULETE DE ALUMINIO TIPO X, PARA ELETRODUTO ROSCAVEL DE 1/2\", COM TAMPA CEGA","UN    ","CR",14.14]
[2581,"CONDULETE DE ALUMINIO TIPO X, PARA ELETRODUTO ROSCAVEL DE 1\", COM TAMPA CEGA","UN    ","CR",18.09]
[2596,"CONDULETE DE ALUMINIO TIPO X, PARA ELETRODUTO ROSCAVEL DE 2\", COM TAMPA CEGA","UN    ","CR",53.5]
[2580,"CONDULETE DE ALUMINIO TIPO X, PARA ELETRODUTO ROSCAVEL DE 3/4\", COM TAMPA CEGA","UN    ","CR",15.49]
[2583,"CONDULETE DE ALUMINIO TIPO X, PARA ELETRODUTO ROSCAVEL DE 3\", COM TAMPA CEGA","UN    ","CR",130.13]
[2584,"CONDULETE DE ALUMINIO TIPO X, PARA ELETRODUTO ROSCAVEL DE 4\", COM TAMPA CEGA","UN    ","CR",216.64]
[12010,"CONDULETE EM PVC, TIPO \"B\", SEM TAMPA, DE 1/2\" OU 3/4\"","UN    ","CR",12.64]
[39329,"CONDULETE EM PVC, TIPO \"B\", SEM TAMPA, DE 1\"","UN    ","CR",13.22]
[39330,"CONDULETE EM PVC, TIPO \"C\", SEM TAMPA, DE 1/2\"","UN    ","CR",13.9]
[39332,"CONDULETE EM PVC, TIPO \"C\", SEM TAMPA, DE 1\"","UN    ","CR",15.54]
[39331,"CONDULETE EM PVC, TIPO \"C\", SEM TAMPA, DE 3/4\"","UN    ","CR",12.37]
[39333,"CONDULETE EM PVC, TIPO \"E\", SEM TAMPA, DE 1/2\"","UN    ","CR",12.06]
[39335,"CONDULETE EM PVC, TIPO \"E\", SEM TAMPA, DE 1\"","UN    ","CR",13.95]
[39334,"CONDULETE EM PVC, TIPO \"E\", SEM TAMPA, DE 3/4\"","UN    ","CR",11.09]
[12016,"CONDULETE EM PVC, TIPO \"LB\", SEM TAMPA, DE 1/2\" OU 3/4\"","UN    ","CR",13.92]
[12015,"CONDULETE EM PVC, TIPO \"LB\", SEM TAMPA, DE 1\"","UN    ","CR",16.21]
[12020,"CONDULETE EM PVC, TIPO \"LL\", SEM TAMPA, DE 1/2\" OU 3/4\"","UN    ","CR",13.92]
[12019,"CONDULETE EM PVC, TIPO \"LL\", SEM TAMPA, DE 1\"","UN    ","CR",16.21]
[39336,"CONDULETE EM PVC, TIPO \"LR\", SEM TAMPA, DE 1/2\"","UN    ","CR",13.9]
[39338,"CONDULETE EM PVC, TIPO \"LR\", SEM TAMPA, DE 1\"","UN    ","CR",15.54]
[39337,"CONDULETE EM PVC, TIPO \"LR\", SEM TAMPA, DE 3/4\"","UN    ","CR",12.37]
[39341,"CONDULETE EM PVC, TIPO \"T\", SEM TAMPA, DE 1\"","UN    ","CR",20.260000000000002]
[39340,"CONDULETE EM PVC, TIPO \"T\", SEM TAMPA, DE 3/4\"","UN    ","CR",14.87]
[12025,"CONDULETE EM PVC, TIPO \"TB\", SEM TAMPA, DE 1/2\" OU 3/4\"","UN    ","CR",15.36]
[39342,"CONDULETE EM PVC, TIPO \"TB\", SEM TAMPA, DE 1\"","UN    ","CR",20.260000000000002]
[39343,"CONDULETE EM PVC, TIPO \"X\", SEM TAMPA, DE 1/2\"","UN    ","CR",17.11]
[39345,"CONDULETE EM PVC, TIPO \"X\", SEM TAMPA, DE 1\"","UN    ","CR",23.15]
[39344,"CONDULETE EM PVC, TIPO \"X\", SEM TAMPA, DE 3/4\"","UN    ","CR",16.54]
[12623,"CONDUTOR PLUVIAL, PVC, CIRCULAR, DIAMETRO ENTRE 80 E 100 MM, PARA DRENAGEM PREDIAL","M     ","AS",11.53]
[34498,"CONE DE SINALIZACAO EM PVC FLEXIVEL, H = 70 / 76 CM (NBR 15071)","UN    ","CR",114.53]
[13244,"CONE DE SINALIZACAO EM PVC RIGIDO COM FAIXA REFLETIVA, H = 70 / 76 CM","UN    ","C ",48.21]
[38998,"CONECTOR / ADAPTADOR FEMEA, COM INSERTO METALICO, PPR, DN 25 MM X 1/2\", PARA AGUA QUENTE E FRIA PREDIAL","UN    ","CR",12.9]
[38999,"CONECTOR / ADAPTADOR FEMEA, COM INSERTO METALICO, PPR, DN 32 MM X 3/4\", PARA AGUA QUENTE E FRIA PREDIAL","UN    ","CR",21.34]
[38996,"CONECTOR / ADAPTADOR MACHO, COM INSERTO METALICO, PPR, DN 25 MM X 1/2\", PARA AGUA QUENTE E FRIA PREDIAL","UN    ","CR",18.63]
[38997,"CONECTOR / ADAPTADOR MACHO, COM INSERTO METALICO, PPR, DN 32 MM X 3/4\", PARA AGUA QUENTE E FRIA PREDIAL","UN    ","CR",30.16]
[39862,"CONECTOR BRONZE/LATAO (REF 603) SEM ANEL DE SOLDA, BOLSA X ROSCA F, 15 MM X 1/2\"","UN    ","AS",15.95]
[39863,"CONECTOR BRONZE/LATAO (REF 603) SEM ANEL DE SOLDA, BOLSA X ROSCA F, 22 MM X 1/2\"","UN    ","AS",16.170000000000002]
[39864,"CONECTOR BRONZE/LATAO (REF 603) SEM ANEL DE SOLDA, BOLSA X ROSCA F, 22 MM X 3/4\"","UN    ","AS",20.07]
[39865,"CONECTOR BRONZE/LATAO (REF 603) SEM ANEL DE SOLDA, BOLSA X ROSCA F, 28 MM X 1/2\"","UN    ","AS",28.29]
[2517,"CONECTOR CURVO 90 GRAUS DE ALUMINIO, BITOLA 1 1/2\", PARA ADAPTAR ENTRADA DE ELETRODUTO METALICO FLEXIVEL EM QUADROS","UN    ","CR",21.58]
[2522,"CONECTOR CURVO 90 GRAUS DE ALUMINIO, BITOLA 1 1/4\", PARA ADAPTAR ENTRADA DE ELETRODUTO METALICO FLEXIVEL EM QUADROS","UN    ","CR",13.95]
[2548,"CONECTOR CURVO 90 GRAUS DE ALUMINIO, BITOLA 1/2\", PARA ADAPTAR ENTRADA DE ELETRODUTO METALICO FLEXIVEL EM QUADROS","UN    ","CR",8.58]
[2516,"CONECTOR CURVO 90 GRAUS DE ALUMINIO, BITOLA 1\", PARA ADAPTAR ENTRADA DE ELETRODUTO METALICO FLEXIVEL EM QUADROS","UN    ","CR",11.2]
[2518,"CONECTOR CURVO 90 GRAUS DE ALUMINIO, BITOLA 2 1/2\", PARA ADAPTAR ENTRADA DE ELETRODUTO METALICO FLEXIVEL EM QUADROS","UN    ","CR",102.74]
[2521,"CONECTOR CURVO 90 GRAUS DE ALUMINIO, BITOLA 2\", PARA ADAPTAR ENTRADA DE ELETRODUTO METALICO FLEXIVEL EM QUADROS","UN    ","CR",43.73]
[2515,"CONECTOR CURVO 90 GRAUS DE ALUMINIO, BITOLA 3/4\", PARA ADAPTAR ENTRADA DE ELETRODUTO METALICO FLEXIVEL EM QUADROS","UN    ","CR",9.32]
[2519,"CONECTOR CURVO 90 GRAUS DE ALUMINIO, BITOLA 3\", PARA ADAPTAR ENTRADA DE ELETRODUTO METALICO FLEXIVEL EM QUADROS","UN    ","CR",123.88]
[2520,"CONECTOR CURVO 90 GRAUS DE ALUMINIO, BITOLA 4\", PARA ADAPTAR ENTRADA DE ELETRODUTO METALICO FLEXIVEL EM QUADROS","UN    ","CR",228.01]
[1602,"CONECTOR DE ALUMINIO TIPO PRENSA CABO, BITOLA 1 1/2\", PARA CABOS DE DIAMETRO DE 37 A 40 MM","UN    ","CR",51.18]
[1601,"CONECTOR DE ALUMINIO TIPO PRENSA CABO, BITOLA 1 1/4\", PARA CABOS DE DIAMETRO DE 31 A 34 MM","UN    ","CR",45.62]
[1598,"CONECTOR DE ALUMINIO TIPO PRENSA CABO, BITOLA 1/2\", PARA CABOS DE DIAMETRO DE 12,5 A 15 MM","UN    ","CR",13.5]
[1600,"CONECTOR DE ALUMINIO TIPO PRENSA CABO, BITOLA 1\", PARA CABOS DE DIAMETRO DE 22,5 A 25 MM","UN    ","CR",19.920000000000002]
[1603,"CONECTOR DE ALUMINIO TIPO PRENSA CABO, BITOLA 2\", PARA CABOS DE DIAMETRO DE 47,5 A 50 MM","UN    ","CR",77.28]
[1599,"CONECTOR DE ALUMINIO TIPO PRENSA CABO, BITOLA 3/4\", PARA CABOS DE DIAMETRO DE 17,5 A 20 MM","UN    ","CR",15.66]
[1597,"CONECTOR DE ALUMINIO TIPO PRENSA CABO, BITOLA 3/8\", PARA CABOS DE DIAMETRO DE 9 A 10 MM","UN    ","CR",12.69]
[39600,"CONECTOR FEMEA RJ - 45, CATEGORIA 5 E","UN    ","CR",12.78]
[39601,"CONECTOR FEMEA RJ - 45, CATEGORIA 6","UN    ","CR",22.23]
[39602,"CONECTOR MACHO RJ - 45, CATEGORIA 5 E","UN    ","CR",1.46]
[39603,"CONECTOR MACHO RJ - 45, CATEGORIA 6","UN    ","CR",2.5]
[11821,"CONECTOR METALICO TIPO PARAFUSO FENDIDO (SPLIT BOLT), COM SEPARADOR DE CABOS BIMETALICOS, PARA CABOS ATE 25 MM2","UN    ","CR",10.42]
[1562,"CONECTOR METALICO TIPO PARAFUSO FENDIDO (SPLIT BOLT), COM SEPARADOR DE CABOS BIMETALICOS, PARA CABOS ATE 50 MM2","UN    ","CR",17.07]
[1563,"CONECTOR METALICO TIPO PARAFUSO FENDIDO (SPLIT BOLT), COM SEPARADOR DE CABOS BIMETALICOS, PARA CABOS ATE 70 MM2","UN    ","CR",22.91]
[11856,"CONECTOR METALICO TIPO PARAFUSO FENDIDO (SPLIT BOLT), PARA CABOS ATE 10 MM2","UN    ","C ",6.83]
[11857,"CONECTOR METALICO TIPO PARAFUSO FENDIDO (SPLIT BOLT), PARA CABOS ATE 120 MM2","UN    ","CR",35.94]
[11858,"CONECTOR METALICO TIPO PARAFUSO FENDIDO (SPLIT BOLT), PARA CABOS ATE 150 MM2","UN    ","CR",44.61]
[1539,"CONECTOR METALICO TIPO PARAFUSO FENDIDO (SPLIT BOLT), PARA CABOS ATE 16 MM2","UN    ","CR",8.02]
[11859,"CONECTOR METALICO TIPO PARAFUSO FENDIDO (SPLIT BOLT), PARA CABOS ATE 185 MM2","UN    ","CR",60.7]
[1550,"CONECTOR METALICO TIPO PARAFUSO FENDIDO (SPLIT BOLT), PARA CABOS ATE 25 MM2","UN    ","CR",8.4700000000000006]
[11854,"CONECTOR METALICO TIPO PARAFUSO FENDIDO (SPLIT BOLT), PARA CABOS ATE 35 MM2","UN    ","CR",10.58]
[11862,"CONECTOR METALICO TIPO PARAFUSO FENDIDO (SPLIT BOLT), PARA CABOS ATE 50 MM2","UN    ","CR",14.84]
[11863,"CONECTOR METALICO TIPO PARAFUSO FENDIDO (SPLIT BOLT), PARA CABOS ATE 6 MM2","UN    ","CR",5.99]
[11855,"CONECTOR METALICO TIPO PARAFUSO FENDIDO (SPLIT BOLT), PARA CABOS ATE 70 MM2","UN    ","CR",22.15]
[11864,"CONECTOR METALICO TIPO PARAFUSO FENDIDO (SPLIT BOLT), PARA CABOS ATE 95 MM2","UN    ","CR",33.49]
[2527,"CONECTOR RETO DE ALUMINIO PARA ELETRODUTO DE 1 1/2\", PARA ADAPTAR ENTRADA DE ELETRODUTO METALICO FLEXIVEL EM QUADROS","UN    ","CR",7.72]
[2526,"CONECTOR RETO DE ALUMINIO PARA ELETRODUTO DE 1 1/4\", PARA ADAPTAR ENTRADA DE ELETRODUTO METALICO FLEXIVEL EM QUADROS","UN    ","CR",4.95]
[2487,"CONECTOR RETO DE ALUMINIO PARA ELETRODUTO DE 1/2\", PARA ADAPTAR ENTRADA DE ELETRODUTO METALICO FLEXIVEL EM QUADROS","UN    ","CR",1.69]
[2483,"CONECTOR RETO DE ALUMINIO PARA ELETRODUTO DE 1\", PARA ADAPTAR ENTRADA DE ELETRODUTO METALICO FLEXIVEL EM QUADROS","UN    ","CR",3.52]
[2528,"CONECTOR RETO DE ALUMINIO PARA ELETRODUTO DE 2 1/2\", PARA ADAPTAR ENTRADA DE ELETRODUTO METALICO FLEXIVEL EM QUADROS","UN    ","CR",19.440000000000001]
[2489,"CONECTOR RETO DE ALUMINIO PARA ELETRODUTO DE 2\", PARA ADAPTAR ENTRADA DE ELETRODUTO METALICO FLEXIVEL EM QUADROS","UN    ","CR",8.56]
[2488,"CONECTOR RETO DE ALUMINIO PARA ELETRODUTO DE 3/4\", PARA ADAPTAR ENTRADA DE ELETRODUTO METALICO FLEXIVEL EM QUADROS","UN    ","CR",1.98]
[2484,"CONECTOR RETO DE ALUMINIO PARA ELETRODUTO DE 3\", PARA ADAPTAR ENTRADA DE ELETRODUTO METALICO FLEXIVEL EM QUADROS","UN    ","CR",28.23]
[2485,"CONECTOR RETO DE ALUMINIO PARA ELETRODUTO DE 4\", PARA ADAPTAR ENTRADA DE ELETRODUTO METALICO FLEXIVEL EM QUADROS","UN    ","CR",44.25]
[38005,"CONECTOR, CPVC, SOLDAVEL, 15 MM X 1/2\", PARA AGUA QUENTE","UN    ","CR",23.04]
[38006,"CONECTOR, CPVC, SOLDAVEL, 22 MM X 1/2\", PARA AGUA QUENTE","UN    ","CR",28.28]
[38428,"CONECTOR, CPVC, SOLDAVEL, 22 MM X 3/4\", PARA AGUA QUENTE","UN    ","CR",26.49]
[38007,"CONECTOR, CPVC, SOLDAVEL, 28 MM X 1\", PARA AGUA QUENTE","UN    ","CR",43.28]
[38008,"CONECTOR, CPVC, SOLDAVEL, 35 MM X 1 1/4\", PARA AGUA QUENTE","UN    ","CR",174.32]
[38009,"CONECTOR, CPVC, SOLDAVEL, 42 MM X 1 1/2\", PARA AGUA QUENTE","UN    ","CR",213.05]
[39279,"CONEXAO FIXA, ROSCA FEMEA, EM PLASTICO, DN 16 MM X 1/2\", PARA CONEXAO COM CRIMPAGEM EM TUBO PEX","UN    ","CR",23.54]
[38845,"CONEXAO FIXA, ROSCA FEMEA, EM PLASTICO, DN 16 MM X 3/4\", PARA CONEXAO COM CRIMPAGEM EM TUBO PEX","UN    ","CR",34.07]
[39280,"CONEXAO FIXA, ROSCA FEMEA, EM PLASTICO, DN 20 MM X 1/2\", PARA CONEXAO COM CRIMPAGEM EM TUBO PEX","UN    ","CR",30.53]
[39281,"CONEXAO FIXA, ROSCA FEMEA, EM PLASTICO, DN 20 MM X 3/4\", PARA CONEXAO COM CRIMPAGEM EM TUBO PEX","UN    ","CR",40.18]
[38849,"CONEXAO FIXA, ROSCA FEMEA, EM PLASTICO, DN 25 MM X 1/2\", PARA CONEXAO COM CRIMPAGEM EM TUBO PEX","UN    ","CR",34.42]
[39282,"CONEXAO FIXA, ROSCA FEMEA, EM PLASTICO, DN 25 MM X 3/4\", PARA CONEXAO COM CRIMPAGEM EM TUBO PEX","UN    ","CR",41.14]
[38852,"CONEXAO FIXA, ROSCA FEMEA, EM PLASTICO, DN 32 MM X 3/4\", PARA CONEXAO COM CRIMPAGEM EM TUBO PEX","UN    ","CR",55.97]
[38844,"CONEXAO FIXA, ROSCA FEMEA, METALICA, COM ANEL DESLIZANTE, DN 16 MM X 1/2\", PARA TUBO PEX","UN    ","C ",17.2]
[38846,"CONEXAO FIXA, ROSCA FEMEA, METALICA, COM ANEL DESLIZANTE, DN 20 MM X 1/2\", PARA TUBO PEX","UN    ","CR",18.809999999999999]
[38847,"CONEXAO FIXA, ROSCA FEMEA, METALICA, COM ANEL DESLIZANTE, DN 20 MM X 3/4\", PARA TUBO PEX","UN    ","CR",23.15]
[38850,"CONEXAO FIXA, ROSCA FEMEA, METALICA, COM ANEL DESLIZANTE, DN 25 MM X 1\", PARA TUBO PEX","UN    ","CR",32.18]
[38848,"CONEXAO FIXA, ROSCA FEMEA, METALICA, COM ANEL DESLIZANTE, DN 25 MM X 3/4\", PARA TUBO PEX","UN    ","CR",26.91]
[38851,"CONEXAO FIXA, ROSCA FEMEA, METALICA, COM ANEL DESLIZANTE, DN 32 MM X 1\", PARA TUBO PEX","UN    ","CR",48.91]
[38860,"CONEXAO FIXA, ROSCA MACHO, METALICA, PARA TUBO PEX, DN 16 MM X 1/2\"","UN    ","CR",13.82]
[38861,"CONEXAO FIXA, ROSCA MACHO, METALICA, PARA TUBO PEX, DN 16 MM X 3/4\"","UN    ","CR",18.600000000000001]
[38862,"CONEXAO FIXA, ROSCA MACHO, METALICA, PARA TUBO PEX, DN 20 MM X 1/2\"","UN    ","CR",15.68]
[38863,"CONEXAO FIXA, ROSCA MACHO, METALICA, PARA TUBO PEX, DN 20 MM X 3/4\"","UN    ","CR",18.02]
[38865,"CONEXAO FIXA, ROSCA MACHO, METALICA, PARA TUBO PEX, DN 25 MM X 1/2\"","UN    ","CR",24.47]
[38864,"CONEXAO FIXA, ROSCA MACHO, METALICA, PARA TUBO PEX, DN 25 MM X 1\"","UN    ","CR",37.39]
[38866,"CONEXAO FIXA, ROSCA MACHO, METALICA, PARA TUBO PEX, DN 25 MM X 3/4\"","UN    ","CR",26.33]
[38868,"CONEXAO FIXA, ROSCA MACHO, METALICA, PARA TUBO PEX, DN 32 MM X 1\"","UN    ","CR",43.89]
[38853,"CONEXAO MOVEL, ROSCA FEMEA, METALICA, COM ANEL DESLIZANTE, PARA TUBO PEX, DN 16 MM X 1/2\"","UN    ","CR",14.18]
[38854,"CONEXAO MOVEL, ROSCA FEMEA, METALICA, COM ANEL DESLIZANTE, PARA TUBO PEX, DN 16 MM X 3/4\"","UN    ","CR",19.38]
[38855,"CONEXAO MOVEL, ROSCA FEMEA, METALICA, COM ANEL DESLIZANTE, PARA TUBO PEX, DN 20 MM X 1/2\"","UN    ","CR",14.38]
[38856,"CONEXAO MOVEL, ROSCA FEMEA, METALICA, COM ANEL DESLIZANTE, PARA TUBO PEX, DN 20 MM X 3/4\"","UN    ","CR",23.09]
[38857,"CONEXAO MOVEL, ROSCA FEMEA, METALICA, COM ANEL DESLIZANTE, PARA TUBO PEX, DN 25 MM X 1\"","UN    ","CR",30.54]
[38858,"CONEXAO MOVEL, ROSCA FEMEA, METALICA, COM ANEL DESLIZANTE, PARA TUBO PEX, DN 25 MM X 3/4\"","UN    ","CR",27.77]
[38859,"CONEXAO MOVEL, ROSCA FEMEA, METALICA, COM ANEL DESLIZANTE, PARA TUBO PEX, DN 32 MM X 1\"","UN    ","CR",44.97]
[3104,"CONJ. DE FERRAGENS PARA PORTA DE VIDRO TEMPERADO, EM ZAMAC CROMADO, CONTEMPLANDO DOBRADICA INF., DOBRADICA SUP., PIVO PARA DOBRADICA INF., PIVO PARA DOBRADICA SUP., FECHADURA CENTRAL EM ZAMC. CROMADO, CONTRA FECHADURA DE PRESSAO","CJ    ","CR",146.52000000000001]
[1607,"CONJUNTO ARRUELAS DE VEDACAO 5/16\" PARA TELHA FIBROCIMENTO (UMA ARRUELA METALICA E UMA ARRUELA PVC - CONICAS)","CJ    ","CR",0.18]
[38169,"CONJUNTO DE FERRAGENS PIVO, PARA PORTA PIVOTANTE DE ATE 100 KG, REGULAVEL COM ESFERA , CROMADO - SUPERIOR E INFERIOR - COMPLETO","CJ    ","CR",90.9]
[6142,"CONJUNTO DE LIGACAO PARA BACIA SANITARIA AJUSTAVEL, EM PLASTICO BRANCO, COM TUBO, CANOPLA E ESPUDE","UN    ","CR",9.73]
[11686,"CONJUNTO DE LIGACAO PARA BACIA SANITARIA EM PLASTICO BRANCO COM TUBO, CANOPLA E ANEL DE EXPANSAO (TUBO 1.1/2 '' X 20 CM)","UN    ","CR",13.51]
[37598,"CONJUNTO MONTADO ESTOPIM COM ESPOLETA COMUM NUMERO 8, COM CABECA ACENDEDORA, 1,5 M","UN    ","AS",44.96]
[25398,"CONJUNTO PARA FUTSAL COM TRAVES OFICIAIS DE 3,00 X 2,00 M EM TUBO DE ACO GALVANIZADO 3\" COM REQUADRO EM TUBO DE 1\", PINTURA EM PRIMER COM TINTA ESMALTE SINTETICO E REDES DE POLIETILENO FIO 4 MM","UN    ","CR",6587.31]
[25399,"CONJUNTO PARA QUADRA DE  VOLEI COM POSTES EM TUBO DE ACO GALVANIZADO 3\", H = *255* CM, PINTURA EM TINTA ESMALTE SINTETICO, REDE DE NYLON COM 2 MM, MALHA 10 X 10 CM E ANTENAS OFICIAIS EM FIBRA DE VIDRO","UN    ","CR",3999.07]
[43440,"CONJUNTO PRE-MOLDADO COMPOSTO POR GRELHA (0,99 X 0,45 M), QUADRO (1,10 X 0,52 M) E CANTONEIRA (1,10 X 0,35 M), EM CONCRETO ARMADO, COM FCK DE 21 MPA","UN    ","CR",375.44]
[10667,"CONTAINER ALMOXARIFADO, DE *2,40* X *6,00* M, PADRAO SIMPLES, SEM REVESTIMENTO E SEM DIVISORIAS INTERNOS E SEM SANITARIO, PARA USO EM CANTEIRO DE OBRAS","UN    ","AS",15000]
[1613,"CONTATOR TRIPOLAR, CORRENTE DE *110* A, TENSAO NOMINAL DE *500* V, CATEGORIA AC-2 E AC-3","UN    ","CR",3090.89]
[1626,"CONTATOR TRIPOLAR, CORRENTE DE *185* A, TENSAO NOMINAL DE *500* V, CATEGORIA AC-2 E AC-3","UN    ","CR",4622.8]
[1625,"CONTATOR TRIPOLAR, CORRENTE DE *22* A, TENSAO NOMINAL DE *500* V, CATEGORIA AC-2 E AC-3","UN    ","CR",322.89]
[1622,"CONTATOR TRIPOLAR, CORRENTE DE *265* A, TENSAO NOMINAL DE *500* V, CATEGORIA AC-2 E AC-3","UN    ","CR",10431.76]
[1620,"CONTATOR TRIPOLAR, CORRENTE DE *38* A, TENSAO NOMINAL DE *500* V, CATEGORIA AC-2 E AC-3","UN    ","CR",680.17]
[1629,"CONTATOR TRIPOLAR, CORRENTE DE *500* A, TENSAO NOMINAL DE *500* V, CATEGORIA AC-2 E AC-3","UN    ","CR",25388.42]
[1627,"CONTATOR TRIPOLAR, CORRENTE DE *65* A, TENSAO NOMINAL DE *500* V, CATEGORIA AC-2 E AC-3","UN    ","CR",1300.1199999999999]
[1623,"CONTATOR TRIPOLAR, CORRENTE DE 12 A, TENSAO NOMINAL DE *500* V, CATEGORIA AC-2 E AC-3","UN    ","CR",263.33]
[1619,"CONTATOR TRIPOLAR, CORRENTE DE 25 A, TENSAO NOMINAL DE *500* V, CATEGORIA AC-2 E AC-3","UN    ","CR",362.22]
[1630,"CONTATOR TRIPOLAR, CORRENTE DE 250 A, TENSAO NOMINAL DE *500* V, PARA ACIONAMENTO DE CAPACITORES","UN    ","CR",7975.3]
[1616,"CONTATOR TRIPOLAR, CORRENTE DE 300 A, TENSAO NOMINAL DE *500* V, CATEGORIA AC-2 E AC-3","UN    ","CR",12266.15]
[1614,"CONTATOR TRIPOLAR, CORRENTE DE 32 A, TENSAO NOMINAL DE *500* V, CATEGORIA AC-2 E AC-3","UN    ","CR",560.61]
[1617,"CONTATOR TRIPOLAR, CORRENTE DE 400 A, TENSAO NOMINAL DE *500* V, CATEGORIA AC-2 E AC-3","UN    ","CR",14643.13]
[1621,"CONTATOR TRIPOLAR, CORRENTE DE 45 A, TENSAO NOMINAL DE *500* V, CATEGORIA AC-2 E AC-3","UN    ","CR",1002.63]
[1624,"CONTATOR TRIPOLAR, CORRENTE DE 630 A, TENSAO NOMINAL DE *500* V, CATEGORIA AC-2 E AC-3","UN    ","CR",35993.51]
[1615,"CONTATOR TRIPOLAR, CORRENTE DE 75 A, TENSAO NOMINAL DE *500* V, CATEGORIA AC-2 E AC-3","UN    ","CR",1882.78]
[1612,"CONTATOR TRIPOLAR, CORRENTE DE 9 A, TENSAO NOMINAL DE *500* V, CATEGORIA AC-2 E AC-3","UN    ","C ",247.98]
[1618,"CONTATOR TRIPOLAR, CORRENTE DE 95 A, TENSAO NOMINAL DE *500* V, CATEGORIA AC-2 E AC-3","UN    ","CR",2587.2199999999998]
[14211,"CONTRA-PORCA SEXTAVADA, DIAMETRO NOMINAL 1 3/8\", ALTURA 35 MM","UN    ","AS",46.56]
[43657,"CONTRAMARCO DE ALUMINIO (PERFIL 25) PARA ESQUADRIAS, TIPO CONVENCIONAL / CADEIRINHA, 60 MM (CM-060), INCLUSO CONEXOES, GRAPAS E TRAVAMENTOS","M     ","CR",9.1]
[34500,"COORDENADOR / GERENTE DE OBRA","H     ","CR",143.84]
[40934,"COORDENADOR / GERENTE DE OBRA (MENSALISTA)","MES   ","CR",25350.32]
[38200,"CORDA DE POLIAMIDA 12 MM TIPO BOMBEIRO, PARA TRABALHO EM ALTURA","100M  ","CR",554.87]
[39269,"CORDAO DE COBRE, FLEXIVEL, TORCIDO, CLASSE 4 OU 5, ISOLACAO EM PVC/D, 300 V, 2 CONDUTORES DE 0,5 MM2","M     ","CR",1.46]
[11889,"CORDAO DE COBRE, FLEXIVEL, TORCIDO, CLASSE 4 OU 5, ISOLACAO EM PVC/D, 300 V, 2 CONDUTORES DE 0,75 MM2","M     ","CR",2.0299999999999998]
[39270,"CORDAO DE COBRE, FLEXIVEL, TORCIDO, CLASSE 4 OU 5, ISOLACAO EM PVC/D, 300 V, 2 CONDUTORES DE 1,0 MM2","M     ","CR",2.41]
[11890,"CORDAO DE COBRE, FLEXIVEL, TORCIDO, CLASSE 4 OU 5, ISOLACAO EM PVC/D, 300 V, 2 CONDUTORES DE 1,5 MM2","M     ","CR",3.14]
[11891,"CORDAO DE COBRE, FLEXIVEL, TORCIDO, CLASSE 4 OU 5, ISOLACAO EM PVC/D, 300 V, 2 CONDUTORES DE 2,5 MM2","M     ","CR",5.18]
[11892,"CORDAO DE COBRE, FLEXIVEL, TORCIDO, CLASSE 4 OU 5, ISOLACAO EM PVC/D, 300 V, 2 CONDUTORES DE 4 MM2","M     ","CR",7.98]
[37601,"CORDEL DETONANTE, NP 05 G/M","M     ","AS",9.99]
[1634,"CORDEL DETONANTE, NP 10 G/M","M     ","AS",10.32]
[5086,"CORRENTE DE ELO CURTO COMUM, SOLDADA, GALVANIZADA, ESPESSURA DO ELO = 1/2\" (12,5 MM)","KG    ","CR",37.630000000000003]
[11280,"CORTADEIRA DE PISO DE CONCRETO E ASFALTO, PARA DISCO PADRAO DE DIAMETRO 350 MM (14\") OU 450 MM (18\") , MOTOR A GASOLINA, POTENCIA 13 HP, SEM DISCO","UN    ","CR",12576.72]
[40519,"CORTADEIRA HIDRAULICA DE VERGALHAO, PARA ACO DE DIAMETRO ATE 50 MM, MOTOR ELETRICO TRIFASICO, POTENCIA DE 5,5 HP A 7,5 HP","UN    ","CR",103678.17]
[39869,"COTOVELO BRONZE/LATAO (REF 707-3) SEM ANEL DE SOLDA, BOLSA X ROSCA F, 15MM X 1/2\"","UN    ","AS",15.84]
[39870,"COTOVELO BRONZE/LATAO (REF 707-3) SEM ANEL DE SOLDA, BOLSA X ROSCA F, 22MM X 1/2\"","UN    ","AS",24.22]
[39871,"COTOVELO BRONZE/LATAO (REF 707-3) SEM ANEL DE SOLDA, BOLSA X ROSCA F, 22MM X 3/4\"","UN    ","AS",27.16]
[12722,"COTOVELO DE COBRE 90 GRAUS (REF 607) SEM ANEL DE SOLDA, BOLSA X BOLSA, 104 MM","UN    ","AS",908.73]
[12714,"COTOVELO DE COBRE 90 GRAUS (REF 607) SEM ANEL DE SOLDA, BOLSA X BOLSA, 15 MM","UN    ","AS",5.93]
[12715,"COTOVELO DE COBRE 90 GRAUS (REF 607) SEM ANEL DE SOLDA, BOLSA X BOLSA, 22 MM","UN    ","AS",13.39]
[12716,"COTOVELO DE COBRE 90 GRAUS (REF 607) SEM ANEL DE SOLDA, BOLSA X BOLSA, 28 MM","UN    ","AS",23]
[12717,"COTOVELO DE COBRE 90 GRAUS (REF 607) SEM ANEL DE SOLDA, BOLSA X BOLSA, 35 MM","UN    ","AS",45.21]
[12718,"COTOVELO DE COBRE 90 GRAUS (REF 607) SEM ANEL DE SOLDA, BOLSA X BOLSA, 42 MM","UN    ","AS",69.38]
[12719,"COTOVELO DE COBRE 90 GRAUS (REF 607) SEM ANEL DE SOLDA, BOLSA X BOLSA, 54 MM","UN    ","AS",110.14]
[12720,"COTOVELO DE COBRE 90 GRAUS (REF 607) SEM ANEL DE SOLDA, BOLSA X BOLSA, 66 MM","UN    ","AS",383.51]
[12721,"COTOVELO DE COBRE 90 GRAUS (REF 607) SEM ANEL DE SOLDA, BOLSA X BOLSA, 79 MM","UN    ","AS",367.76]
[3468,"COTOVELO DE REDUCAO 90 GRAUS DE FERRO GALVANIZADO, COM ROSCA BSP, DE 1 1/2\" X 1\"","UN    ","CR",36.78]
[3465,"COTOVELO DE REDUCAO 90 GRAUS DE FERRO GALVANIZADO, COM ROSCA BSP, DE 1 1/2\" X 3/4\"","UN    ","CR",36.770000000000003]
[12403,"COTOVELO DE REDUCAO 90 GRAUS DE FERRO GALVANIZADO, COM ROSCA BSP, DE 1 1/4\" X 1\"","UN    ","CR",26.21]
[3463,"COTOVELO DE REDUCAO 90 GRAUS DE FERRO GALVANIZADO, COM ROSCA BSP, DE 1\" X 1/2\"","UN    ","CR",15.31]
[3464,"COTOVELO DE REDUCAO 90 GRAUS DE FERRO GALVANIZADO, COM ROSCA BSP, DE 1\" X 3/4\"","UN    ","CR",15.31]
[3466,"COTOVELO DE REDUCAO 90 GRAUS DE FERRO GALVANIZADO, COM ROSCA BSP, DE 2 1/2\" X 2\"","UN    ","CR",93.38]
[3467,"COTOVELO DE REDUCAO 90 GRAUS DE FERRO GALVANIZADO, COM ROSCA BSP, DE 2\" X 1 1/2\"","UN    ","CR",52.74]
[3462,"COTOVELO DE REDUCAO 90 GRAUS DE FERRO GALVANIZADO, COM ROSCA BSP, DE 3/4\" X 1/2\"","UN    ","CR",10.1]
[3446,"COTOVELO 45 GRAUS DE FERRO GALVANIZADO, COM ROSCA BSP, DE 1 1/2\"","UN    ","CR",31.09]
[3445,"COTOVELO 45 GRAUS DE FERRO GALVANIZADO, COM ROSCA BSP, DE 1 1/4\"","UN    ","CR",25.38]
[3441,"COTOVELO 45 GRAUS DE FERRO GALVANIZADO, COM ROSCA BSP, DE 1/2\"","UN    ","CR",7.16]
[3444,"COTOVELO 45 GRAUS DE FERRO GALVANIZADO, COM ROSCA BSP, DE 1\"","UN    ","CR",15.62]
[12402,"COTOVELO 45 GRAUS DE FERRO GALVANIZADO, COM ROSCA BSP, DE 2 1/2\"","UN    ","CR",87.4]
[3447,"COTOVELO 45 GRAUS DE FERRO GALVANIZADO, COM ROSCA BSP, DE 2\"","UN    ","CR",45.21]
[3442,"COTOVELO 45 GRAUS DE FERRO GALVANIZADO, COM ROSCA BSP, DE 3/4\"","UN    ","CR",10.71]
[3448,"COTOVELO 45 GRAUS DE FERRO GALVANIZADO, COM ROSCA BSP, DE 3\"","UN    ","CR",127.77]
[3449,"COTOVELO 45 GRAUS DE FERRO GALVANIZADO, COM ROSCA BSP, DE 4\"","UN    ","CR",223.89]
[37438,"COTOVELO 45 GRAUS, PEAD PE 100, DE 125 MM, PARA ELETROFUSAO","UN    ","CR",275.10000000000002]
[37439,"COTOVELO 45 GRAUS, PEAD PE 100, DE 200 MM, PARA ELETROFUSAO","UN    ","CR",1798.63]
[37435,"COTOVELO 45 GRAUS, PEAD PE 100, DE 32 MM, PARA ELETROFUSAO","UN    ","CR",32.33]
[37436,"COTOVELO 45 GRAUS, PEAD PE 100, DE 40 MM, PARA ELETROFUSAO","UN    ","CR",38.15]
[37437,"COTOVELO 45 GRAUS, PEAD PE 100, DE 63 MM, PARA ELETROFUSAO","UN    ","CR",55.18]
[3473,"COTOVELO 90 GRAUS DE FERRO GALVANIZADO, COM ROSCA BSP MACHO/FEMEA, DE 1 1/2\"","UN    ","CR",35.15]
[3474,"COTOVELO 90 GRAUS DE FERRO GALVANIZADO, COM ROSCA BSP MACHO/FEMEA, DE 1 1/4\"","UN    ","CR",28.98]
[3450,"COTOVELO 90 GRAUS DE FERRO GALVANIZADO, COM ROSCA BSP MACHO/FEMEA, DE 1/2\"","UN    ","CR",8.4]
[3443,"COTOVELO 90 GRAUS DE FERRO GALVANIZADO, COM ROSCA BSP MACHO/FEMEA, DE 1\"","UN    ","CR",18.03]
[3453,"COTOVELO 90 GRAUS DE FERRO GALVANIZADO, COM ROSCA BSP MACHO/FEMEA, DE 2 1/2\"","UN    ","CR",102.61]
[3452,"COTOVELO 90 GRAUS DE FERRO GALVANIZADO, COM ROSCA BSP MACHO/FEMEA, DE 2\"","UN    ","CR",50.65]
[3451,"COTOVELO 90 GRAUS DE FERRO GALVANIZADO, COM ROSCA BSP MACHO/FEMEA, DE 3/4\"","UN    ","CR",10.050000000000001]
[3454,"COTOVELO 90 GRAUS DE FERRO GALVANIZADO, COM ROSCA BSP MACHO/FEMEA, DE 3\"","UN    ","CR",156.07]
[3458,"COTOVELO 90 GRAUS DE FERRO GALVANIZADO, COM ROSCA BSP, DE 1 1/2\"","UN    ","CR",28.18]
[3457,"COTOVELO 90 GRAUS DE FERRO GALVANIZADO, COM ROSCA BSP, DE 1 1/4\"","UN    ","CR",21.15]
[3455,"COTOVELO 90 GRAUS DE FERRO GALVANIZADO, COM ROSCA BSP, DE 1/2\"","UN    ","CR",6.01]
[3472,"COTOVELO 90 GRAUS DE FERRO GALVANIZADO, COM ROSCA BSP, DE 1\"","UN    ","CR",13.5]
[3470,"COTOVELO 90 GRAUS DE FERRO GALVANIZADO, COM ROSCA BSP, DE 2 1/2\"","UN    ","CR",78.680000000000007]
[3471,"COTOVELO 90 GRAUS DE FERRO GALVANIZADO, COM ROSCA BSP, DE 2\"","UN    ","CR",43.23]
[3456,"COTOVELO 90 GRAUS DE FERRO GALVANIZADO, COM ROSCA BSP, DE 3/4\"","UN    ","CR",8.99]
[3459,"COTOVELO 90 GRAUS DE FERRO GALVANIZADO, COM ROSCA BSP, DE 3\"","UN    ","CR",110.98]
[3469,"COTOVELO 90 GRAUS DE FERRO GALVANIZADO, COM ROSCA BSP, DE 4\"","UN    ","CR",211.06]
[3460,"COTOVELO 90 GRAUS DE FERRO GALVANIZADO, COM ROSCA BSP, DE 5\"","UN    ","CR",307.95999999999998]
[3461,"COTOVELO 90 GRAUS DE FERRO GALVANIZADO, COM ROSCA BSP, DE 6\"","UN    ","CR",787.14]
[37433,"COTOVELO 90 GRAUS, PEAD PE 100, DE 125 MM, PARA ELETROFUSAO","UN    ","CR",275.10000000000002]
[37430,"COTOVELO 90 GRAUS, PEAD PE 100, DE 20 MM, PARA ELETROFUSAO","UN    ","CR",34.47]
[37434,"COTOVELO 90 GRAUS, PEAD PE 100, DE 200 MM, PARA ELETROFUSAO","UN    ","CR",2565.09]
[37431,"COTOVELO 90 GRAUS, PEAD PE 100, DE 32 MM, PARA ELETROFUSAO","UN    ","CR",46.77]
[37432,"COTOVELO 90 GRAUS, PEAD PE 100, DE 63 MM, PARA ELETROFUSAO","UN    ","CR",86.26]
[37413,"COTOVELO/JOELHO COM ADAPTADOR, 90 GRAUS, EM POLIPROPILENO, PN 16, PARA TUBOS PEAD, 20 MM X 1/2\" - LIGACAO PREDIAL DE AGUA","UN    ","CR",6.96]
[37414,"COTOVELO/JOELHO COM ADAPTADOR, 90 GRAUS, EM POLIPROPILENO, PN 16, PARA TUBOS PEAD, 20 MM X 3/4\" - LIGACAO PREDIAL DE AGUA","UN    ","CR",7.9]
[37415,"COTOVELO/JOELHO COM ADAPTADOR, 90 GRAUS, EM POLIPROPILENO, PN 16, PARA TUBOS PEAD, 32 MM X 1\" - LIGACAO PREDIAL DE AGUA","UN    ","CR",14.36]
[37416,"COTOVELO/JOELHO 90 GRAUS, EM POLIPROPILENO, PN 16, PARA TUBOS PEAD, 20 X 20 MM - LIGACAO PREDIAL DE AGUA","UN    ","CR",6.51]
[37417,"COTOVELO/JOELHO 90 GRAUS, EM POLIPROPILENO, PN 16, PARA TUBOS PEAD, 32 X 32 MM - LIGACAO PREDIAL DE AGUA","UN    ","CR",9.36]
[43590,"CREMONA RETANGULAR INJETADA LISA COM CHAVE, COM CASTANHA / ALCA, EM LATAO, COM ACABAMENTO CROMADO, DE SOBREPOR / EMBUTIR","UN    ","CR",174.95]
[43589,"CREMONA RETANGULAR INJETADA LISA, COM CASTANHA / ALCA, EM LATAO, COM ACABAMENTO CROMADO, DE SOBREPOR / EMBUTIR","UN    ","CR",31.65]
[34519,"CRUZETA DE CONCRETO LEVE, COMP. 2000 MM SECAO, 90 X 90 MM","UN    ","CR",100.77]
[1649,"CRUZETA DE FERRO GALVANIZADO, COM ROSCA BSP, DE 1 1/2\"","UN    ","CR",66.45]
[1653,"CRUZETA DE FERRO GALVANIZADO, COM ROSCA BSP, DE 1 1/4\"","UN    ","CR",52.05]
[1647,"CRUZETA DE FERRO GALVANIZADO, COM ROSCA BSP, DE 1/2\"","UN    ","CR",18.64]
[1648,"CRUZETA DE FERRO GALVANIZADO, COM ROSCA BSP, DE 1\"","UN    ","CR",35.79]
[1651,"CRUZETA DE FERRO GALVANIZADO, COM ROSCA BSP, DE 2 1/2\"","UN    ","CR",166.03]
[1650,"CRUZETA DE FERRO GALVANIZADO, COM ROSCA BSP, DE 2\"","UN    ","CR",91.77]
[1654,"CRUZETA DE FERRO GALVANIZADO, COM ROSCA BSP, DE 3/4\"","UN    ","CR",25.58]
[1652,"CRUZETA DE FERRO GALVANIZADO, COM ROSCA BSP, DE 3\"","UN    ","CR",238.29]
[10510,"CRUZETA DE MADEIRA TRATADA, *90 X 115 X 2400* MM, EM EUCALIPTO OU EQUIVALENTE DA REGIAO","UN    ","CR",167.31]
[1747,"CUBA ACO INOX (AISI 304) DE EMBUTIR COM VALVULA DE 3 1/2 \", DE *56 X 33 X 12* CM","UN    ","CR",221.22]
[1744,"CUBA ACO INOX (AISI 304) DE EMBUTIR COM VALVULA 3 1/2 \", DE *40 X 34 X 12* CM","UN    ","CR",153.22999999999999]
[1743,"CUBA ACO INOX (AISI 304) DE EMBUTIR COM VALVULA 3 1/2 \", DE *46 X 30 X 12* CM","UN    ","CR",201.21]
[39640,"CUMEEIRA ARTICULADA (ABA INFERIOR) PARA TELHA ONDULADA DE FIBROCIMENTO E = 4 MM, ABA *330* MM, COMPRIMENTO 500 MM (SEM AMIANTO)","UN    ","CR",14.03]
[7216,"CUMEEIRA NORMAL PARA TELHA ESTRUTURAL DE FIBROCIMENTO 2 ABAS, E = 6 MM, DE 1050 X 935 MM (SEM AMIANTO)","UN    ","CR",75.400000000000006]
[20235,"CUMEEIRA NORMAL PARA TELHA ONDULADA DE FIBROCIMENTO, E = 6 MM, ABA 300 MM, COMPRIMENTO 1100 MM (SEM AMIANTO)","UN    ","CR",60.62]
[7181,"CUMEEIRA PARA TELHA CERAMICA, COMPRIMENTO DE *41* CM, RENDIMENTO DE *3* TELHAS/M","UN    ","CR",3.51]
[40742,"CUMEEIRA PARA TELHA DE CONCRETO, PARA 2 AGUAS DE TELHADO, COR CINZA, RENDIMENTO DE *3* TELHAS/M","UN    ","CR",10.85]
[7214,"CUMEEIRA SHED PARA TELHA ONDULADA DE FIBROCIMENTO, E = 6 MM, ABA 280 MM, COMPRIMENTO 1100 MM (SEM AMIANTO)","UN    ","CR",73.63]
[7219,"CUMEEIRA UNIVERSAL PARA TELHA ONDULADA DE FIBROCIMENTO, E = 6 MM, ABA 210 MM, COMPRIMENTO 1100 MM (SEM AMIANTO)","UN    ","CR",65.31]
[37972,"CURVA CPVC, 90 GRAUS, SOLDAVEL, 22 MM, PARA AGUA QUENTE","UN    ","CR",8.25]
[37973,"CURVA CPVC, 90 GRAUS, SOLDAVEL, 28 MM, PARA AGUA QUENTE","UN    ","CR",13.21]
[37971,"CURVA CPVC, 90 GRAUS, SOLDAVEL,15 MM, PARA AGUA QUENTE","UN    ","CR",4.96]
[20094,"CURVA CURTA PVC, PB, JE, 45 GRAUS, DN 100 MM, PARA REDE COLETORA ESGOTO (NBR 10569)","UN    ","CR",33.6]
[20095,"CURVA CURTA PVC, PB, JE, 90 GRAUS, DN 100 MM, PARA REDE COLETORA ESGOTO (NBR 10569)","UN    ","CR",42.79]
[1954,"CURVA DE PVC 45 GRAUS, SOLDAVEL, 110 MM, PARA AGUA FRIA PREDIAL (NBR 5648)","UN    ","CR",228.95]
[1926,"CURVA DE PVC 45 GRAUS, SOLDAVEL, 20 MM, PARA AGUA FRIA PREDIAL (NBR 5648)","UN    ","CR",3.03]
[1927,"CURVA DE PVC 45 GRAUS, SOLDAVEL, 25 MM, PARA AGUA FRIA PREDIAL (NBR 5648)","UN    ","CR",3.99]
[1923,"CURVA DE PVC 45 GRAUS, SOLDAVEL, 32 MM, PARA AGUA FRIA PREDIAL (NBR 5648)","UN    ","CR",6.53]
[1929,"CURVA DE PVC 45 GRAUS, SOLDAVEL, 40 MM, PARA AGUA FRIA PREDIAL (NBR 5648)","UN    ","CR",10.7]
[1930,"CURVA DE PVC 45 GRAUS, SOLDAVEL, 50 MM, PARA AGUA FRIA PREDIAL (NBR 5648)","UN    ","CR",20.74]
[1924,"CURVA DE PVC 45 GRAUS, SOLDAVEL, 60 MM, PARA AGUA FRIA PREDIAL (NBR 5648)","UN    ","CR",35.74]
[1922,"CURVA DE PVC 45 GRAUS, SOLDAVEL, 75 MM, PARA AGUA FRIA PREDIAL (NBR 5648)","UN    ","CR",53.08]
[1953,"CURVA DE PVC 45 GRAUS, SOLDAVEL, 85 MM, PARA AGUA FRIA PREDIAL (NBR 5648)","UN    ","CR",92.76]
[1962,"CURVA DE PVC 90 GRAUS, SOLDAVEL, 110 MM, PARA AGUA FRIA PREDIAL (NBR 5648)","UN    ","CR",303.48]
[1955,"CURVA DE PVC 90 GRAUS, SOLDAVEL, 20 MM, PARA AGUA FRIA PREDIAL (NBR 5648)","UN    ","CR",4.01]
[1956,"CURVA DE PVC 90 GRAUS, SOLDAVEL, 25 MM, PARA AGUA FRIA PREDIAL (NBR 5648)","UN    ","CR",5.17]
[1957,"CURVA DE PVC 90 GRAUS, SOLDAVEL, 32 MM, PARA AGUA FRIA PREDIAL (NBR 5648)","UN    ","CR",11.76]
[1958,"CURVA DE PVC 90 GRAUS, SOLDAVEL, 40 MM, PARA AGUA FRIA PREDIAL (NBR 5648)","UN    ","CR",20.88]
[1959,"CURVA DE PVC 90 GRAUS, SOLDAVEL, 50 MM, PARA AGUA FRIA PREDIAL (NBR 5648)","UN    ","CR",25.46]
[1925,"CURVA DE PVC 90 GRAUS, SOLDAVEL, 60 MM, PARA AGUA FRIA PREDIAL (NBR 5648)","UN    ","CR",62.93]
[1960,"CURVA DE PVC 90 GRAUS, SOLDAVEL, 75 MM, PARA AGUA FRIA PREDIAL (NBR 5648)","UN    ","CR",89.46]
[1961,"CURVA DE PVC 90 GRAUS, SOLDAVEL, 85 MM, PARA AGUA FRIA PREDIAL (NBR 5648)","UN    ","CR",128.56]
[38426,"CURVA DE PVC, 45 GRAUS, SERIE R, DN 100 MM, PARA ESGOTO OU AGUAS PLUVIAIS PREDIAIS","UN    ","CR",33.51]
[38423,"CURVA DE PVC, 90 GRAUS, SERIE R, DN 100 MM, PARA ESGOTO OU AGUAS PLUVIAIS PREDIAIS","UN    ","CR",76]
[38421,"CURVA DE PVC, 90 GRAUS, SERIE R, DN 50 MM, PARA ESGOTO OU AGUAS PLUVIAIS PREDIAIS","UN    ","CR",35.880000000000003]
[38422,"CURVA DE PVC, 90 GRAUS, SERIE R, DN 75 MM, PARA ESGOTO OU AGUAS PLUVIAIS PREDIAIS","UN    ","CR",52.45]
[39866,"CURVA DE TRANSPOSICAO BRONZE/LATAO (REF 736) SEM ANEL DE SOLDA, BOLSA X BOLSA, 15 MM","UN    ","AS",20.98]
[39867,"CURVA DE TRANSPOSICAO BRONZE/LATAO (REF 736) SEM ANEL DE SOLDA, BOLSA X BOLSA, 22 MM","UN    ","AS",46.64]
[39868,"CURVA DE TRANSPOSICAO BRONZE/LATAO (REF 736) SEM ANEL DE SOLDA, BOLSA X BOLSA, 28 MM","UN    ","AS",84.02]
[37999,"CURVA DE TRANSPOSICAO, CPVC, SOLDAVEL, 15 MM","UN    ","CR",7.91]
[38000,"CURVA DE TRANSPOSICAO, CPVC, SOLDAVEL, 22 MM","UN    ","CR",10.47]
[38129,"CURVA DE TRANSPOSICAO, PVC SOLDAVEL, 20 MM, PARA AGUA FRIA PREDIAL","UN    ","CR",6.95]
[38025,"CURVA DE TRANSPOSICAO, PVC, SOLDAVEL, 25 MM, PARA AGUA FRIA PREDIAL","UN    ","CR",11.62]
[38026,"CURVA DE TRANSPOSICAO, PVC, SOLDAVEL, 32 MM, PARA AGUA FRIA PREDIAL","UN    ","CR",31.11]
[1858,"CURVA LONGA PVC, PB, JE, 45 GRAUS, DN 100 MM, PARA REDE COLETORA ESGOTO (NBR 10569)","UN    ","CR",47.04]
[1844,"CURVA LONGA PVC, PB, JE, 45 GRAUS, DN 150 MM, PARA REDE COLETORA ESGOTO (NBR 10569)","UN    ","CR",173.44]
[1863,"CURVA LONGA PVC, PB, JE, 90 GRAUS, DN 100 MM, PARA REDE COLETORA ESGOTO (NBR 10569)","UN    ","CR",68.27]
[1865,"CURVA LONGA PVC, PB, JE, 90 GRAUS, DN 150 MM, PARA REDE COLETORA ESGOTO (NBR 10569)","UN    ","CR",249.06]
[36355,"CURVA PPR 90 GRAUS, DN 20 MM, PARA AGUA QUENTE PREDIAL","UN    ","CR",7.13]
[36356,"CURVA PPR 90 GRAUS, DN 25 MM, PARA AGUA QUENTE PREDIAL","UN    ","CR",12]
[1932,"CURVA PVC CURTA 90 G, DN 50 MM, PARA ESGOTO PREDIAL","UN    ","CR",12.95]
[1933,"CURVA PVC CURTA 90 GRAUS, DN 40 MM, PARA ESGOTO PREDIAL","UN    ","CR",5.7]
[1951,"CURVA PVC CURTA 90 GRAUS, DN 75 MM, PARA ESGOTO PREDIAL","UN    ","CR",25.33]
[1966,"CURVA PVC CURTA 90 GRAUS, 100 MM, PARA ESGOTO PREDIAL","UN    ","CR",29.14]
[1952,"CURVA PVC LEVE, 90 GRAUS, COM PONTA E BOLSA LISA, DN 150 MM","UN    ","CR",109.43]
[20104,"CURVA PVC LEVE, 90 GRAUS, COM PONTA E BOLSA LISA, DN 250 MM","UN    ","CR",808.56]
[20105,"CURVA PVC LEVE, 90 GRAUS, COM PONTA E BOLSA LISA, DN 300 MM","UN    ","CR",1259.4000000000001]
[1965,"CURVA PVC LONGA 45 GRAUS, 100 MM, PARA ESGOTO PREDIAL","UN    ","CR",59.07]
[10765,"CURVA PVC LONGA 45G, DN 50 MM, PARA ESGOTO PREDIAL","UN    ","CR",14.93]
[10767,"CURVA PVC LONGA 45G, DN 75 MM, PARA ESGOTO PREDIAL","UN    ","CR",48.92]
[1970,"CURVA PVC LONGA 90 GRAUS, 100 MM, PARA ESGOTO PREDIAL","UN    ","CR",61.31]
[1967,"CURVA PVC LONGA 90 GRAUS, 40 MM, PARA ESGOTO PREDIAL","UN    ","CR",6.82]
[1968,"CURVA PVC LONGA 90 GRAUS, 50 MM, PARA ESGOTO PREDIAL","UN    ","CR",14.29]
[1969,"CURVA PVC LONGA 90 GRAUS, 75 MM, PARA ESGOTO PREDIAL","UN    ","CR",42.05]
[1839,"CURVA PVC PBA, JE, PB, 22 GRAUS, DN 100 / DE 110 MM, PARA REDE AGUA (NBR 10351)","UN    ","AS",185.82]
[1835,"CURVA PVC PBA, JE, PB, 22 GRAUS, DN 50 / DE 60 MM, PARA REDE AGUA (NBR 10351)","UN    ","AS",39.5]
[1823,"CURVA PVC PBA, JE, PB, 22 GRAUS, DN 75 / DE 85 MM, PARA REDE AGUA (NBR 10351)","UN    ","AS",76.38]
[1827,"CURVA PVC PBA, JE, PB, 45 GRAUS, DN 100 / DE 110 MM, PARA REDE AGUA (NBR 10351)","UN    ","AS",184.01]
[1831,"CURVA PVC PBA, JE, PB, 45 GRAUS, DN 50 / DE 60 MM, PARA REDE AGUA (NBR 10351)","UN    ","AS",40.17]
[1825,"CURVA PVC PBA, JE, PB, 45 GRAUS, DN 75 / DE 85 MM, PARA REDE AGUA (NBR 10351)","UN    ","AS",99.13]
[1828,"CURVA PVC PBA, JE, PB, 90 GRAUS, DN 100 / DE 110 MM, PARA REDE AGUA (NBR 10351)","UN    ","AS",224.55]
[1845,"CURVA PVC PBA, JE, PB, 90 GRAUS, DN 50 / DE 60 MM, PARA REDE AGUA (NBR 10351)","UN    ","AS",50.34]
[1824,"CURVA PVC PBA, JE, PB, 90 GRAUS, DN 75 / DE 85 MM, PARA REDE AGUA (NBR 10351)","UN    ","AS",118.84]
[1941,"CURVA PVC 90 GRAUS, ROSCAVEL, 1 1/2\",  AGUA FRIA PREDIAL","UN    ","CR",44.85]
[1940,"CURVA PVC 90 GRAUS, ROSCAVEL, 1 1/4\",  AGUA FRIA PREDIAL","UN    ","CR",33.9]
[1937,"CURVA PVC 90 GRAUS, ROSCAVEL, 1/2\",  AGUA FRIA PREDIAL","UN    ","CR",7.04]
[1939,"CURVA PVC 90 GRAUS, ROSCAVEL, 1\",  AGUA FRIA PREDIAL","UN    ","CR",13.94]
[1942,"CURVA PVC 90 GRAUS, ROSCAVEL, 2\",  AGUA FRIA PREDIAL","UN    ","CR",64]
[1938,"CURVA PVC 90 GRAUS, ROSCAVEL, 3/4\",  AGUA FRIA PREDIAL","UN    ","CR",8.92]
[42692,"CURVA PVC, BB, JE, 45 GRAUS, DN 200 MM, PARA TUBO CORRUGADO E/OU LISO, REDE COLETORA ESGOTO (NBR 10569)","UN    ","CR",552.57000000000005]
[42693,"CURVA PVC, BB, JE, 45 GRAUS, DN 250 MM, PARA TUBO CORRUGADO E/OU LISO, REDE COLETORA ESGOTO (NBR 10569)","UN    ","CR",908.94]
[42695,"CURVA PVC, BB, JE, 90 GRAUS, DN 200 MM, PARA TUBO CORRUGADO E/OU LISO, REDE COLETORA ESGOTO (NBR 10569)","UN    ","CR",691.12]
[42694,"CURVA PVC, BB, JE, 90 GRAUS, DN 250 MM, PARA TUBO CORRUGADO E/OU LISO, REDE COLETORA ESGOTO (NBR 10569)","UN    ","CR",1021.73]
[20097,"CURVA PVC, SERIE R, 87.30 GRAUS, CURTA, 100 MM, PARA ESGOTO OU AGUAS PLUVIAIS PREDIAIS (PARA PE-DE-COLUNA)","UN    ","CR",57.93]
[20098,"CURVA PVC, SERIE R, 87.30 GRAUS, CURTA, 150 MM, PARA ESGOTO OU AGUAS PLUVIAIS PREDIAIS (PARA PE-DE-COLUNA)","UN    ","CR",195.31]
[20096,"CURVA PVC, SERIE R, 87.30 GRAUS, CURTA, 75 MM, PARA ESGOTO OU AGUAS PLUVIAIS PREDIAIS (PARA PE-DE-COLUNA)","UN    ","CR",37.9]
[1964,"CURVA PVC, 45 GRAUS, CURTA, PB, DN 100 MM, PARA ESGOTO PREDIAL","UN    ","CR",35.03]
[1880,"CURVA 135 GRAUS, DE PVC RIGIDO ROSCAVEL, DE 1\", PARA ELETRODUTO","UN    ","CR",4.13]
[39274,"CURVA 135 GRAUS, DE PVC RIGIDO ROSCAVEL, DE 3/4\", PARA ELETRODUTO","UN    ","CR",3.21]
[2628,"CURVA 135 GRAUS, PARA ELETRODUTO, EM ACO GALVANIZADO ELETROLITICO, DIAMETRO DE 100 MM (4\")","UN    ","CR",509]
[2622,"CURVA 135 GRAUS, PARA ELETRODUTO, EM ACO GALVANIZADO ELETROLITICO, DIAMETRO DE 15 MM (1/2\")","UN    ","CR",12.09]
[2623,"CURVA 135 GRAUS, PARA ELETRODUTO, EM ACO GALVANIZADO ELETROLITICO, DIAMETRO DE 20 MM (3/4\")","UN    ","CR",14.55]
[2624,"CURVA 135 GRAUS, PARA ELETRODUTO, EM ACO GALVANIZADO ELETROLITICO, DIAMETRO DE 25 MM (1\")","UN    ","CR",23.14]
[2625,"CURVA 135 GRAUS, PARA ELETRODUTO, EM ACO GALVANIZADO ELETROLITICO, DIAMETRO DE 32 MM (1 1/4\")","UN    ","CR",48.84]
[2626,"CURVA 135 GRAUS, PARA ELETRODUTO, EM ACO GALVANIZADO ELETROLITICO, DIAMETRO DE 40 MM (1 1/2\")","UN    ","CR",71.569999999999993]
[2630,"CURVA 135 GRAUS, PARA ELETRODUTO, EM ACO GALVANIZADO ELETROLITICO, DIAMETRO DE 50 MM (2\")","UN    ","CR",108.84]
[2627,"CURVA 135 GRAUS, PARA ELETRODUTO, EM ACO GALVANIZADO ELETROLITICO, DIAMETRO DE 65 MM (2 1/2\")","UN    ","CR",191.72]
[2629,"CURVA 135 GRAUS, PARA ELETRODUTO, EM ACO GALVANIZADO ELETROLITICO, DIAMETRO DE 80 MM (3\")","UN    ","CR",259.31]
[12033,"CURVA 180 GRAUS, DE PVC RIGIDO ROSCAVEL, DE 1 1/2\", PARA ELETRODUTO","UN    ","CR",13.2]
[40408,"CURVA 180 GRAUS, DE PVC RIGIDO ROSCAVEL, DE 1 1/4\", PARA ELETRODUTO","UN    ","CR",8.67]
[40409,"CURVA 180 GRAUS, DE PVC RIGIDO ROSCAVEL, DE 1/2\", PARA ELETRODUTO","UN    ","CR",3.07]
[39276,"CURVA 180 GRAUS, DE PVC RIGIDO ROSCAVEL, DE 1\", PARA ELETRODUTO","UN    ","CR",7.81]
[39277,"CURVA 180 GRAUS, DE PVC RIGIDO ROSCAVEL, DE 2\", PARA ELETRODUTO","UN    ","CR",21.09]
[12034,"CURVA 180 GRAUS, DE PVC RIGIDO ROSCAVEL, DE 3/4\", PARA ELETRODUTO","UN    ","CR",5.98]
[39879,"CURVA 45 GRAUS DE COBRE (REF 606) SEM ANEL DE SOLDA, BOLSA X BOLSA, 15 MM","UN    ","AS",5.89]
[39880,"CURVA 45 GRAUS DE COBRE (REF 606) SEM ANEL DE SOLDA, BOLSA X BOLSA, 22 MM","UN    ","AS",13.06]
[39881,"CURVA 45 GRAUS DE COBRE (REF 606) SEM ANEL DE SOLDA, BOLSA X BOLSA, 28 MM","UN    ","AS",20.96]
[39882,"CURVA 45 GRAUS DE COBRE (REF 606) SEM ANEL DE SOLDA, BOLSA X BOLSA, 35 MM","UN    ","AS",55.21]
[39883,"CURVA 45 GRAUS DE COBRE (REF 606) SEM ANEL DE SOLDA, BOLSA X BOLSA, 42 MM","UN    ","AS",88.16]
[39884,"CURVA 45 GRAUS DE COBRE (REF 606) SEM ANEL DE SOLDA, BOLSA X BOLSA, 54 MM","UN    ","AS",130.94]
[39885,"CURVA 45 GRAUS DE COBRE (REF 606) SEM ANEL DE SOLDA, BOLSA X BOLSA, 66 MM","UN    ","AS",311.19]
[1777,"CURVA 45 GRAUS DE FERRO GALVANIZADO, COM ROSCA BSP FEMEA, DE 1 1/2\"","UN    ","CR",71.650000000000006]
[1819,"CURVA 45 GRAUS DE FERRO GALVANIZADO, COM ROSCA BSP FEMEA, DE 1 1/4\"","UN    ","CR",52.13]
[1775,"CURVA 45 GRAUS DE FERRO GALVANIZADO, COM ROSCA BSP FEMEA, DE 1/2\"","UN    ","CR",15.59]
[1776,"CURVA 45 GRAUS DE FERRO GALVANIZADO, COM ROSCA BSP FEMEA, DE 1\"","UN    ","CR",42.41]
[1778,"CURVA 45 GRAUS DE FERRO GALVANIZADO, COM ROSCA BSP FEMEA, DE 2 1/2\"","UN    ","CR",173.43]
[1818,"CURVA 45 GRAUS DE FERRO GALVANIZADO, COM ROSCA BSP FEMEA, DE 2\"","UN    ","CR",115.12]
[1820,"CURVA 45 GRAUS DE FERRO GALVANIZADO, COM ROSCA BSP FEMEA, DE 3/4\"","UN    ","CR",22.51]
[1779,"CURVA 45 GRAUS DE FERRO GALVANIZADO, COM ROSCA BSP FEMEA, DE 3\"","UN    ","CR",252.23]
[1780,"CURVA 45 GRAUS DE FERRO GALVANIZADO, COM ROSCA BSP FEMEA, DE 4\"","UN    ","CR",519.97]
[1783,"CURVA 45 GRAUS DE FERRO GALVANIZADO, COM ROSCA BSP MACHO/FEMEA, DE 1 1/2\"","UN    ","CR",54.98]
[1782,"CURVA 45 GRAUS DE FERRO GALVANIZADO, COM ROSCA BSP MACHO/FEMEA, DE 1 1/4\"","UN    ","CR",43.47]
[1817,"CURVA 45 GRAUS DE FERRO GALVANIZADO, COM ROSCA BSP MACHO/FEMEA, DE 1/2\"","UN    ","CR",12.95]
[1781,"CURVA 45 GRAUS DE FERRO GALVANIZADO, COM ROSCA BSP MACHO/FEMEA, DE 1\"","UN    ","CR",28.32]
[1784,"CURVA 45 GRAUS DE FERRO GALVANIZADO, COM ROSCA BSP MACHO/FEMEA, DE 2 1/2\"","UN    ","CR",155.24]
[1810,"CURVA 45 GRAUS DE FERRO GALVANIZADO, COM ROSCA BSP MACHO/FEMEA, DE 2\"","UN    ","CR",86.11]
[1811,"CURVA 45 GRAUS DE FERRO GALVANIZADO, COM ROSCA BSP MACHO/FEMEA, DE 3/4\"","UN    ","CR",18.63]
[1812,"CURVA 45 GRAUS DE FERRO GALVANIZADO, COM ROSCA BSP MACHO/FEMEA, DE 3\"","UN    ","CR",217.37]
[40386,"CURVA 45 GRAUS EM ACO CARBONO, SOLDAVEL, PRESSAO 3.000 LBS, DN 1 1/2\"","UN    ","CR",160.88]
[40384,"CURVA 45 GRAUS EM ACO CARBONO, SOLDAVEL, PRESSAO 3.000 LBS, DN 1 1/4\"","UN    ","CR",110.14]
[40379,"CURVA 45 GRAUS EM ACO CARBONO, SOLDAVEL, PRESSAO 3.000 LBS, DN 1/2\"","UN    ","CR",38.08]
[40423,"CURVA 45 GRAUS EM ACO CARBONO, SOLDAVEL, PRESSAO 3.000 LBS, DN 1\"","UN    ","CR",72.06]
[40389,"CURVA 45 GRAUS EM ACO CARBONO, SOLDAVEL, PRESSAO 3.000 LBS, DN 2 1/2\"","UN    ","CR",456.95]
[40388,"CURVA 45 GRAUS EM ACO CARBONO, SOLDAVEL, PRESSAO 3.000 LBS, DN 2\"","UN    ","CR",228.72]
[40381,"CURVA 45 GRAUS EM ACO CARBONO, SOLDAVEL, PRESSAO 3.000 LBS, DN 3/4\"","UN    ","CR",50.77]
[40391,"CURVA 45 GRAUS EM ACO CARBONO, SOLDAVEL, PRESSAO 3.000 LBS, DN 3\"","UN    ","CR",1186.01]
[40414,"CURVA 45 GRAUS RANHURADA EM FERRO FUNDIDO, DN 50 MM (2\")","UN    ","AS",27.37]
[40416,"CURVA 45 GRAUS RANHURADA EM FERRO FUNDIDO, DN 65 MM (2 1/2\")","UN    ","AS",37.840000000000003]
[40418,"CURVA 45 GRAUS RANHURADA EM FERRO FUNDIDO, DN 80 MM (3\")","UN    ","AS",45.13]
[2609,"CURVA 45 GRAUS, PARA ELETRODUTO, EM ACO GALVANIZADO ELETROLITICO, DIAMETRO DE 20 MM (3/4\")","UN    ","CR",11.36]
[2634,"CURVA 45 GRAUS, PARA ELETRODUTO, EM ACO GALVANIZADO ELETROLITICO, DIAMETRO DE 25 MM (1\")","UN    ","CR",14.92]
[2611,"CURVA 45 GRAUS, PARA ELETRODUTO, EM ACO GALVANIZADO ELETROLITICO, DIAMETRO DE 40 MM (1 1/2\")","UN    ","CR",42.04]
[34359,"CURVA 90 GRAUS DE BARRA CHATA EM ALUMINIO 3/4 \" X 1/4 \" X 300 MM","UN    ","CR",12.59]
[1789,"CURVA 90 GRAUS DE FERRO GALVANIZADO, COM ROSCA BSP FEMEA, DE 1 1/2\"","UN    ","CR",68.77]
[1788,"CURVA 90 GRAUS DE FERRO GALVANIZADO, COM ROSCA BSP FEMEA, DE 1 1/4\"","UN    ","CR",55.12]
[1786,"CURVA 90 GRAUS DE FERRO GALVANIZADO, COM ROSCA BSP FEMEA, DE 1/2\"","UN    ","CR",13.68]
[1787,"CURVA 90 GRAUS DE FERRO GALVANIZADO, COM ROSCA BSP FEMEA, DE 1\"","UN    ","CR",32.770000000000003]
[1791,"CURVA 90 GRAUS DE FERRO GALVANIZADO, COM ROSCA BSP FEMEA, DE 2 1/2\"","UN    ","CR",198.74]
[1790,"CURVA 90 GRAUS DE FERRO GALVANIZADO, COM ROSCA BSP FEMEA, DE 2\"","UN    ","CR",114.52]
[1813,"CURVA 90 GRAUS DE FERRO GALVANIZADO, COM ROSCA BSP FEMEA, DE 3/4\"","UN    ","CR",21.72]
[1792,"CURVA 90 GRAUS DE FERRO GALVANIZADO, COM ROSCA BSP FEMEA, DE 3\"","UN    ","CR",268.26]
[1793,"CURVA 90 GRAUS DE FERRO GALVANIZADO, COM ROSCA BSP FEMEA, DE 4\"","UN    ","CR",542.08000000000004]
[1809,"CURVA 90 GRAUS DE FERRO GALVANIZADO, COM ROSCA BSP MACHO/FEMEA, DE 1 1/2\"","UN    ","CR",64.47]
[1814,"CURVA 90 GRAUS DE FERRO GALVANIZADO, COM ROSCA BSP MACHO/FEMEA, DE 1 1/4\"","UN    ","CR",52.96]
[1803,"CURVA 90 GRAUS DE FERRO GALVANIZADO, COM ROSCA BSP MACHO/FEMEA, DE 1/2\"","UN    ","CR",13.38]
[1805,"CURVA 90 GRAUS DE FERRO GALVANIZADO, COM ROSCA BSP MACHO/FEMEA, DE 1\"","UN    ","CR",30.74]
[1821,"CURVA 90 GRAUS DE FERRO GALVANIZADO, COM ROSCA BSP MACHO/FEMEA, DE 2 1/2\"","UN    ","CR",181.58]
[1806,"CURVA 90 GRAUS DE FERRO GALVANIZADO, COM ROSCA BSP MACHO/FEMEA, DE 2\"","UN    ","CR",108.08]
[1804,"CURVA 90 GRAUS DE FERRO GALVANIZADO, COM ROSCA BSP MACHO/FEMEA, DE 3/4\"","UN    ","CR",19.05]
[1807,"CURVA 90 GRAUS DE FERRO GALVANIZADO, COM ROSCA BSP MACHO/FEMEA, DE 3\"","UN    ","CR",259.68]
[1808,"CURVA 90 GRAUS DE FERRO GALVANIZADO, COM ROSCA BSP MACHO/FEMEA, DE 4\"","UN    ","CR",520.62]
[1797,"CURVA 90 GRAUS DE FERRO GALVANIZADO, COM ROSCA BSP MACHO, DE 1 1/2\"","UN    ","CR",78.08]
[1796,"CURVA 90 GRAUS DE FERRO GALVANIZADO, COM ROSCA BSP MACHO, DE 1 1/4\"","UN    ","CR",59.89]
[1794,"CURVA 90 GRAUS DE FERRO GALVANIZADO, COM ROSCA BSP MACHO, DE 1/2\"","UN    ","CR",14.3]
[1816,"CURVA 90 GRAUS DE FERRO GALVANIZADO, COM ROSCA BSP MACHO, DE 1\"","UN    ","CR",32.24]
[1815,"CURVA 90 GRAUS DE FERRO GALVANIZADO, COM ROSCA BSP MACHO, DE 2 1/2\"","UN    ","CR",247.57]
[1798,"CURVA 90 GRAUS DE FERRO GALVANIZADO, COM ROSCA BSP MACHO, DE 2\"","UN    ","CR",110.78]
[1795,"CURVA 90 GRAUS DE FERRO GALVANIZADO, COM ROSCA BSP MACHO, DE 3/4\"","UN    ","CR",19.809999999999999]
[1799,"CURVA 90 GRAUS DE FERRO GALVANIZADO, COM ROSCA BSP MACHO, DE 3\"","UN    ","CR",322.44]
[1800,"CURVA 90 GRAUS DE FERRO GALVANIZADO, COM ROSCA BSP MACHO, DE 4\"","UN    ","CR",615.6]
[1802,"CURVA 90 GRAUS DE FERRO GALVANIZADO, COM ROSCA BSP MACHO, DE 6\"","UN    ","CR",1539.86]
[40385,"CURVA 90 GRAUS EM ACO CARBONO, RAIO CURTO, SOLDAVEL, PRESSAO 3.000 LBS, DN 1 1/2\"","UN    ","CR",160.88]
[40383,"CURVA 90 GRAUS EM ACO CARBONO, RAIO CURTO, SOLDAVEL, PRESSAO 3.000 LBS, DN 1 1/4\"","UN    ","CR",110.14]
[40378,"CURVA 90 GRAUS EM ACO CARBONO, RAIO CURTO, SOLDAVEL, PRESSAO 3.000 LBS, DN 1/2\"","UN    ","CR",38.08]
[40382,"CURVA 90 GRAUS EM ACO CARBONO, RAIO CURTO, SOLDAVEL, PRESSAO 3.000 LBS, DN 1\"","UN    ","CR",72.06]
[40422,"CURVA 90 GRAUS EM ACO CARBONO, RAIO CURTO, SOLDAVEL, PRESSAO 3.000 LBS, DN 2 1/2\"","UN    ","CR",490.87]
[40387,"CURVA 90 GRAUS EM ACO CARBONO, RAIO CURTO, SOLDAVEL, PRESSAO 3.000 LBS, DN 2\"","UN    ","CR",249.93]
[40380,"CURVA 90 GRAUS EM ACO CARBONO, RAIO CURTO, SOLDAVEL, PRESSAO 3.000 LBS, DN 3/4\"","UN    ","CR",50.77]
[40390,"CURVA 90 GRAUS EM ACO CARBONO, RAIO CURTO, SOLDAVEL, PRESSAO 3.000 LBS, DN 3\"","UN    ","CR",1033.83]
[40413,"CURVA 90 GRAUS RANHURADA EM FERRO FUNDIDO, DN 50 MM (2\")","UN    ","AS",29.74]
[40415,"CURVA 90 GRAUS RANHURADA EM FERRO FUNDIDO, DN 65 MM (2 1/2\")","UN    ","AS",42.38]
[40417,"CURVA 90 GRAUS RANHURADA EM FERRO FUNDIDO, DN 80 MM (3\")","UN    ","AS",49.99]
[39271,"CURVA 90 GRAUS, CURTA, DE PVC RIGIDO ROSCAVEL, DE 1/2\", PARA ELETRODUTO","UN    ","CR",2.66]
[39273,"CURVA 90 GRAUS, CURTA, DE PVC RIGIDO ROSCAVEL, DE 1\", PARA ELETRODUTO","UN    ","CR",4.51]
[39272,"CURVA 90 GRAUS, CURTA, DE PVC RIGIDO ROSCAVEL, DE 3/4\", PARA ELETRODUTO","UN    ","CR",3.27]
[1875,"CURVA 90 GRAUS, LONGA, DE PVC RIGIDO ROSCAVEL, DE 1 1/2\", PARA ELETRODUTO","UN    ","CR",7.21]
[1874,"CURVA 90 GRAUS, LONGA, DE PVC RIGIDO ROSCAVEL, DE 1 1/4\", PARA ELETRODUTO","UN    ","CR",5.96]
[1870,"CURVA 90 GRAUS, LONGA, DE PVC RIGIDO ROSCAVEL, DE 1/2\", PARA ELETRODUTO","UN    ","C ",3.44]
[1884,"CURVA 90 GRAUS, LONGA, DE PVC RIGIDO ROSCAVEL, DE 1\", PARA ELETRODUTO","UN    ","CR",5.28]
[1887,"CURVA 90 GRAUS, LONGA, DE PVC RIGIDO ROSCAVEL, DE 2 1/2\", PARA ELETRODUTO","UN    ","CR",29.91]
[1876,"CURVA 90 GRAUS, LONGA, DE PVC RIGIDO ROSCAVEL, DE 2\", PARA ELETRODUTO","UN    ","CR",11.72]
[1879,"CURVA 90 GRAUS, LONGA, DE PVC RIGIDO ROSCAVEL, DE 3/4\", PARA ELETRODUTO","UN    ","CR",3.48]
[1877,"CURVA 90 GRAUS, LONGA, DE PVC RIGIDO ROSCAVEL, DE 3\", PARA ELETRODUTO","UN    ","CR",29.95]
[1878,"CURVA 90 GRAUS, LONGA, DE PVC RIGIDO ROSCAVEL, DE 4\", PARA ELETRODUTO","UN    ","CR",60.17]
[2621,"CURVA 90 GRAUS, PARA ELETRODUTO, EM ACO GALVANIZADO ELETROLITICO, DIAMETRO DE 100 MM (4\")","UN    ","CR",359.63]
[2616,"CURVA 90 GRAUS, PARA ELETRODUTO, EM ACO GALVANIZADO ELETROLITICO, DIAMETRO DE 15 MM (1/2\")","UN    ","CR",10.18]
[2633,"CURVA 90 GRAUS, PARA ELETRODUTO, EM ACO GALVANIZADO ELETROLITICO, DIAMETRO DE 20 MM (3/4\")","UN    ","CR",11.51]
[2617,"CURVA 90 GRAUS, PARA ELETRODUTO, EM ACO GALVANIZADO ELETROLITICO, DIAMETRO DE 25 MM (1\")","UN    ","CR",15.65]
[2618,"CURVA 90 GRAUS, PARA ELETRODUTO, EM ACO GALVANIZADO ELETROLITICO, DIAMETRO DE 32 MM (1 1/4\")","UN    ","CR",35.619999999999997]
[2632,"CURVA 90 GRAUS, PARA ELETRODUTO, EM ACO GALVANIZADO ELETROLITICO, DIAMETRO DE 40 MM (1 1/2\")","UN    ","CR",43.45]
[2631,"CURVA 90 GRAUS, PARA ELETRODUTO, EM ACO GALVANIZADO ELETROLITICO, DIAMETRO DE 50 MM (2\")","UN    ","CR",63.79]
[2619,"CURVA 90 GRAUS, PARA ELETRODUTO, EM ACO GALVANIZADO ELETROLITICO, DIAMETRO DE 65 MM (2 1/2\")","UN    ","CR",161.51]
[2620,"CURVA 90 GRAUS, PARA ELETRODUTO, EM ACO GALVANIZADO ELETROLITICO, DIAMETRO DE 80 MM (3\")","UN    ","CR",212.04]
[44472,"DENTE PARA  FRESADORA","UN    ","AS",70.38]
[38369,"DESEMPENADEIRA DE ACO DENTADA 12 X *25* CM, DENTES 8 X 8 MM, CABO FECHADO DE MADEIRA","UN    ","CR",23.51]
[38370,"DESEMPENADEIRA DE ACO LISA 12 X *25* CM COM CABO FECHADO DE MADEIRA","UN    ","CR",23.51]
[38372,"DESEMPENADEIRA PLASTICA LISA *14 X 27* CM","UN    ","CR",19.010000000000002]
[2357,"DESENHISTA COPISTA","H     ","CR",41.29]
[40806,"DESENHISTA COPISTA (MENSALISTA)","MES   ","CR",7277.2]
[2355,"DESENHISTA DETALHISTA","H     ","CR",37.97]
[40805,"DESENHISTA DETALHISTA (MENSALISTA)","MES   ","CR",6692.59]
[2358,"DESENHISTA PROJETISTA","H     ","CR",54.66]
[40807,"DESENHISTA PROJETISTA (MENSALISTA)","MES   ","CR",9633.2999999999993]
[2359,"DESENHISTA TECNICO AUXILIAR","H     ","CR",47.05]
[40808,"DESENHISTA TECNICO AUXILIAR (MENSALISTA)","MES   ","CR",8295.11]
[44330,"DESINFETANTE PRONTO USO","L     ","CR",11.23]
[43144,"DESMOLDANTE PARA CONCRETO ESTAMPADO","KG    ","CR",32.14]
[39397,"DESMOLDANTE PARA FORMAS METALICAS A BASE DE OLEO VEGETAL","L     ","CR",14.65]
[2692,"DESMOLDANTE PROTETOR PARA FORMAS DE MADEIRA, DE BASE OLEOSA EMULSIONADA EM AGUA","L     ","CR",5.91]
[44329,"DETERGENTE NEUTRO USO GERAL, CONCENTRADO","L     ","CR",14.72]
[5318,"DILUENTE AGUARRAS","L     ","C ",23.8]
[5330,"DILUENTE EPOXI","L     ","CR",54.25]
[44532,"DISCO DE BORRACHA PARA LIXADEIRA RIGIDO 7 \" COM ARRUELA  CENTRAL","UN    ","CR",32.299999999999997]
[44531,"DISCO DE CORTE DIAMANTADO SEGMENTADO DIAMETRO DE 180 MM PARA ESMERILHADEIRA  7 \"","UN    ","CR",102.68]
[38140,"DISCO DE CORTE DIAMANTADO SEGMENTADO PARA CONCRETO, DIAMETRO DE 110 MM, FURO DE 20 MM","UN    ","C ",24.9]
[13887,"DISCO DE CORTE DIAMANTADO SEGMENTADO PARA CONCRETO, DIAMETRO DE 350 MM, FURO DE 1 \" (14 X 1 \")","UN    ","CR",589.52]
[44495,"DISCO DE CORTE PARA METAL COM DUAS TELAS 12 X 1/8 X 3/4 \"  (300 X 3,2 X 19,05 MM)","UN    ","CR",26.24]
[44533,"DISCO DE DESBASTE PARA METAL FERROSO EM GERAL, COM TRES TELAS,  9 X 1/4 X 7/8 \" ( 228,6 X 6,4 X 22,2 MM)","UN    ","CR",24.78]
[44534,"DISCO DE LIXA PARA METAL, DIAMETRO = 180 MM, GRAO  120","UN    ","CR",6.46]
[34544,"DISJUNTOR  TERMOMAGNETICO TRIPOLAR 3 X 400 A / ICC - 25 KA","UN    ","CR",1528.45]
[34729,"DISJUNTOR TERMICO E MAGNETICO AJUSTAVEIS, TRIPOLAR DE 100 ATE 250A, CAPACIDADE DE INTERRUPCAO DE 35KA","UN    ","CR",1202.3699999999999]
[34734,"DISJUNTOR TERMICO E MAGNETICO AJUSTAVEIS, TRIPOLAR DE 300 ATE 400A, CAPACIDADE DE INTERRUPCAO DE 35KA","UN    ","CR",1861.65]
[34738,"DISJUNTOR TERMICO E MAGNETICO AJUSTAVEIS, TRIPOLAR DE 450 ATE 600A, CAPACIDADE DE INTERRUPCAO DE 35KA","UN    ","CR",4349.3900000000003]
[2391,"DISJUNTOR TERMOMAGNETICO TRIPOLAR 125A","UN    ","CR",353.75]
[2374,"DISJUNTOR TERMOMAGNETICO TRIPOLAR 150 A / 600 V, TIPO FXD / ICC - 35 KA","UN    ","CR",401.32]
[2377,"DISJUNTOR TERMOMAGNETICO TRIPOLAR 200 A / 600 V, TIPO FXD / ICC - 35 KA","UN    ","CR",563.21]
[2393,"DISJUNTOR TERMOMAGNETICO TRIPOLAR 250 A / 600 V, TIPO FXD","UN    ","CR",943.16]
[34705,"DISJUNTOR TERMOMAGNETICO TRIPOLAR 3  X 250 A/ICC - 25 KA","UN    ","CR",824.93]
[34707,"DISJUNTOR TERMOMAGNETICO TRIPOLAR 3 X 350 A/ICC - 25 KA","UN    ","CR",1528.61]
[2378,"DISJUNTOR TERMOMAGNETICO TRIPOLAR 300 A / 600 V, TIPO JXD / ICC - 40 KA","UN    ","CR",1295.56]
[2379,"DISJUNTOR TERMOMAGNETICO TRIPOLAR 400 A / 600 V, TIPO JXD / ICC - 40 KA","UN    ","CR",1295.56]
[2376,"DISJUNTOR TERMOMAGNETICO TRIPOLAR 600 A / 600 V, TIPO LXD / ICC - 40 KA","UN    ","CR",2133.7800000000002]
[2394,"DISJUNTOR TERMOMAGNETICO TRIPOLAR 800 A / 600 V, TIPO LMXD","UN    ","CR",4561.6400000000003]
[34686,"DISJUNTOR TIPO DIN / IEC, MONOPOLAR DE 40  ATE 50A","UN    ","CR",13.69]
[34616,"DISJUNTOR TIPO DIN/IEC, BIPOLAR DE 6 ATE 32A","UN    ","CR",52.93]
[34623,"DISJUNTOR TIPO DIN/IEC, BIPOLAR 40 ATE 50A","UN    ","CR",52.12]
[34628,"DISJUNTOR TIPO DIN/IEC, BIPOLAR 63 A","UN    ","CR",74.650000000000006]
[34653,"DISJUNTOR TIPO DIN/IEC, MONOPOLAR DE 6  ATE  32A","UN    ","CR",9.23]
[34688,"DISJUNTOR TIPO DIN/IEC, MONOPOLAR DE 63 A","UN    ","CR",16.73]
[34709,"DISJUNTOR TIPO DIN/IEC, TRIPOLAR DE 10 ATE 50A","UN    ","CR",64.849999999999994]
[34714,"DISJUNTOR TIPO DIN/IEC, TRIPOLAR 63 A","UN    ","CR",77.459999999999994]
[2388,"DISJUNTOR TIPO NEMA, BIPOLAR 10  ATE  50 A, TENSAO MAXIMA 415 V","UN    ","CR",64.37]
[34606,"DISJUNTOR TIPO NEMA, BIPOLAR 60 ATE 100A, TENSAO MAXIMA 415 V","UN    ","CR",98.73]
[34689,"DISJUNTOR TIPO NEMA, MONOPOLAR DE 60 ATE 70A, TENSAO MAXIMA DE 240 V","UN    ","CR",31.43]
[2370,"DISJUNTOR TIPO NEMA, MONOPOLAR 10 ATE 30A, TENSAO MAXIMA DE 240 V","UN    ","C ",11.96]
[2386,"DISJUNTOR TIPO NEMA, MONOPOLAR 35  ATE  50 A, TENSAO MAXIMA DE 240 V","UN    ","CR",20.059999999999999]
[2392,"DISJUNTOR TIPO NEMA, TRIPOLAR 10  ATE  50A, TENSAO MAXIMA DE 415 V","UN    ","CR",80.28]
[2373,"DISJUNTOR TIPO NEMA, TRIPOLAR 60 ATE 100 A, TENSAO MAXIMA DE 415 V","UN    ","CR",113.11]
[39465,"DISPOSITIVO DPS CLASSE II, 1 POLO, TENSAO MAXIMA DE 175 V, CORRENTE MAXIMA DE *20* KA (TIPO AC)","UN    ","CR",69.099999999999994]
[39466,"DISPOSITIVO DPS CLASSE II, 1 POLO, TENSAO MAXIMA DE 175 V, CORRENTE MAXIMA DE *30* KA (TIPO AC)","UN    ","CR",77.739999999999995]
[39467,"DISPOSITIVO DPS CLASSE II, 1 POLO, TENSAO MAXIMA DE 175 V, CORRENTE MAXIMA DE *45* KA (TIPO AC)","UN    ","CR",99.44]
[39468,"DISPOSITIVO DPS CLASSE II, 1 POLO, TENSAO MAXIMA DE 175 V, CORRENTE MAXIMA DE *90* KA (TIPO AC)","UN    ","CR",176.74]
[39469,"DISPOSITIVO DPS CLASSE II, 1 POLO, TENSAO MAXIMA DE 275 V, CORRENTE MAXIMA DE *20* KA (TIPO AC)","UN    ","CR",71.989999999999995]
[39470,"DISPOSITIVO DPS CLASSE II, 1 POLO, TENSAO MAXIMA DE 275 V, CORRENTE MAXIMA DE *30* KA (TIPO AC)","UN    ","CR",88.46]
[39471,"DISPOSITIVO DPS CLASSE II, 1 POLO, TENSAO MAXIMA DE 275 V, CORRENTE MAXIMA DE *45* KA (TIPO AC)","UN    ","CR",106.31]
[39472,"DISPOSITIVO DPS CLASSE II, 1 POLO, TENSAO MAXIMA DE 275 V, CORRENTE MAXIMA DE *90* KA (TIPO AC)","UN    ","CR",184.71]
[39473,"DISPOSITIVO DPS CLASSE II, 1 POLO, TENSAO MAXIMA DE 385 V, CORRENTE MAXIMA DE *20* KA (TIPO AC)","UN    ","CR",119.32]
[39474,"DISPOSITIVO DPS CLASSE II, 1 POLO, TENSAO MAXIMA DE 385 V, CORRENTE MAXIMA DE *30* KA (TIPO AC)","UN    ","CR",127.2]
[39475,"DISPOSITIVO DPS CLASSE II, 1 POLO, TENSAO MAXIMA DE 385 V, CORRENTE MAXIMA DE *45* KA (TIPO AC)","UN    ","CR",144.33000000000001]
[39476,"DISPOSITIVO DPS CLASSE II, 1 POLO, TENSAO MAXIMA DE 385 V, CORRENTE MAXIMA DE *90* KA (TIPO AC)","UN    ","CR",271.69]
[39477,"DISPOSITIVO DPS CLASSE II, 1 POLO, TENSAO MAXIMA DE 460 V, CORRENTE MAXIMA DE *20* KA (TIPO AC)","UN    ","CR",133.12]
[39478,"DISPOSITIVO DPS CLASSE II, 1 POLO, TENSAO MAXIMA DE 460 V, CORRENTE MAXIMA DE *30* KA (TIPO AC)","UN    ","CR",137.24]
[39479,"DISPOSITIVO DPS CLASSE II, 1 POLO, TENSAO MAXIMA DE 460 V, CORRENTE MAXIMA DE *45* KA (TIPO AC)","UN    ","CR",161.69]
[39480,"DISPOSITIVO DPS CLASSE II, 1 POLO, TENSAO MAXIMA DE 460 V, CORRENTE MAXIMA DE *90* KA (TIPO AC)","UN    ","CR",333.65]
[39459,"DISPOSITIVO DR, 2 POLOS, SENSIBILIDADE DE 30 MA, CORRENTE DE 100 A, TIPO AC","UN    ","CR",283.19]
[39445,"DISPOSITIVO DR, 2 POLOS, SENSIBILIDADE DE 30 MA, CORRENTE DE 25 A, TIPO AC","UN    ","CR",142.19]
[39446,"DISPOSITIVO DR, 2 POLOS, SENSIBILIDADE DE 30 MA, CORRENTE DE 40 A, TIPO AC","UN    ","CR",144.72]
[39447,"DISPOSITIVO DR, 2 POLOS, SENSIBILIDADE DE 30 MA, CORRENTE DE 63 A, TIPO AC","UN    ","CR",154.76]
[39448,"DISPOSITIVO DR, 2 POLOS, SENSIBILIDADE DE 30 MA, CORRENTE DE 80 A, TIPO AC","UN    ","CR",263.89]
[39450,"DISPOSITIVO DR, 2 POLOS, SENSIBILIDADE DE 300 MA, CORRENTE DE 25 A, TIPO AC","UN    ","CR",161]
[39451,"DISPOSITIVO DR, 2 POLOS, SENSIBILIDADE DE 300 MA, CORRENTE DE 40 A, TIPO AC","UN    ","CR",175.61]
[39452,"DISPOSITIVO DR, 2 POLOS, SENSIBILIDADE DE 300 MA, CORRENTE DE 63 A, TIPO AC","UN    ","CR",176.66]
[39523,"DISPOSITIVO DR, 2 POLOS, SENSIBILIDADE DE 300 MA, CORRENTE DE 80 A, TIPO  AC","UN    ","CR",295.63]
[39449,"DISPOSITIVO DR, 4 POLOS, SENSIBILIDADE DE 30 MA, CORRENTE DE 100 A, TIPO AC","UN    ","CR",327.39]
[39455,"DISPOSITIVO DR, 4 POLOS, SENSIBILIDADE DE 30 MA, CORRENTE DE 25 A, TIPO AC","UN    ","CR",162]
[39456,"DISPOSITIVO DR, 4 POLOS, SENSIBILIDADE DE 30 MA, CORRENTE DE 40 A, TIPO AC","UN    ","CR",162.12]
[39457,"DISPOSITIVO DR, 4 POLOS, SENSIBILIDADE DE 30 MA, CORRENTE DE 63 A, TIPO AC","UN    ","CR",176.74]
[39458,"DISPOSITIVO DR, 4 POLOS, SENSIBILIDADE DE 30 MA, CORRENTE DE 80 A, TIPO AC","UN    ","CR",329.81]
[39464,"DISPOSITIVO DR, 4 POLOS, SENSIBILIDADE DE 300 MA, CORRENTE DE 100 A, TIPO AC","UN    ","CR",530.35]
[39460,"DISPOSITIVO DR, 4 POLOS, SENSIBILIDADE DE 300 MA, CORRENTE DE 25 A, TIPO AC","UN    ","CR",201.15]
[39461,"DISPOSITIVO DR, 4 POLOS, SENSIBILIDADE DE 300 MA, CORRENTE DE 40 A, TIPO AC","UN    ","CR",235.7]
[39462,"DISPOSITIVO DR, 4 POLOS, SENSIBILIDADE DE 300 MA, CORRENTE DE 63 A, TIPO AC","UN    ","CR",227.16]
[39463,"DISPOSITIVO DR, 4 POLOS, SENSIBILIDADE DE 300 MA, CORRENTE DE 80 A, TIPO AC","UN    ","CR",526.24]
[26039,"DISTRIBUIDOR DE AGREGADOS AUTOPROPELIDO, CAP 3 M3, A DIESEL, 6 CC, 176 CV","UN    ","AS",366962.58]
[2401,"DISTRIBUIDOR DE AGREGADOS REBOCAVEL, CAPACIDADE 1,9 M3, LARGURA DE TRABALHO 3,66 M","UN    ","AS",84405.46]
[38870,"DISTRIBUIDOR METALICO, COM ROSCA, 2 SAIDAS, DN 1\" X 1/2\", PARA CONEXAO COM ANEL DESLIZANTE EM TUBO PEX","UN    ","CR",80.489999999999995]
[38869,"DISTRIBUIDOR METALICO, COM ROSCA, 2 SAIDAS, DN 3/4\" X 1/2\", PARA CONEXAO COM ANEL DESLIZANTE EM TUBO PEX","UN    ","CR",71]
[38872,"DISTRIBUIDOR METALICO, COM ROSCA, 3 SAIDAS, DN 1\" X 1/2\", PARA CONEXAO COM ANEL DESLIZANTE EM TUBO PEX","UN    ","CR",109.94]
[38871,"DISTRIBUIDOR METALICO, COM ROSCA, 3 SAIDAS, DN 3/4\" X 1/2\", PARA CONEXAO COM ANEL DESLIZANTE EM TUBO PEX","UN    ","CR",88.44]
[39283,"DISTRIBUIDOR, PLASTICO, 2 SAIDAS, DN 32 X 16 MM, PARA CONEXAO COM CRIMPAGEM EM TUBO PEX","UN    ","CR",275.45999999999998]
[39284,"DISTRIBUIDOR, PLASTICO, 2 SAIDAS, DN 32 X 20 MM, PARA CONEXAO COM CRIMPAGEM EM TUBO PEX","UN    ","CR",298.51]
[39285,"DISTRIBUIDOR, PLASTICO, 2 SAIDAS, DN 32 X 25 MM, PARA CONEXAO COM CRIMPAGEM EM TUBO PEX","UN    ","CR",302.82]
[39286,"DISTRIBUIDOR, PLASTICO, 3 SAIDAS, DN 32 X 16 MM, PARA CONEXAO COM CRIMPAGEM EM TUBO PEX","UN    ","CR",296.22000000000003]
[39287,"DISTRIBUIDOR, PLASTICO, 3 SAIDAS, DN 32 X 20 MM, PARA CONEXAO COM CRIMPAGEM EM TUBO PEX","UN    ","CR",347.82]
[39288,"DISTRIBUIDOR, PLASTICO, 3 SAIDAS, DN 32 X 25 MM, PARA CONEXAO COM CRIMPAGEM EM TUBO PEX","UN    ","CR",371.2]
[44476,"DIVISORIA EM GRANITO, COM DUAS FACES POLIDAS, TIPO ANDORINHA/ QUARTZ/ CASTELO/ CORUMBA OU OUTROS EQUIVALENTES DA REGIAO, E=  *3,0*  CM","M2    ","CR",552.07000000000005]
[10629,"DIVISORIA EM MARMORE, COM DUAS FACES POLIDAS, BRANCO COMUM, E=  *3,0* CM","M2    ","CR",452.71]
[10698,"DIVISORIA, PLACA  PRE-MOLDADA EM GRANILITE, MARMORITE OU GRANITINA,  E = *3 CM","M2    ","AS",151.13]
[40521,"DOBRADEIRA ELETROMECANICA DE VERGALHAO, PARA ACO DE DIAMETRO ATE 1 1/2 \"Â\u0094, MOTOR ELETRICO TRIFASICO, POTENCIA DE 3 HP ATE 5 HP","UN    ","CR",109882.18]
[2432,"DOBRADICA EM ACO/FERRO, 3 1/2\" X  3\", E= 1,9  A 2 MM, COM ANEL,  CROMADO OU ZINCADO, TAMPA BOLA, COM PARAFUSOS","UN    ","CR",29.02]
[2433,"DOBRADICA EM ACO/FERRO, 3\" X 2 1/2\", E= 1,2 A 1,8 MM, SEM ANEL,  CROMADO OU ZINCADO, TAMPA CHATA, COM PARAFUSOS","UN    ","CR",9.83]
[2420,"DOBRADICA EM ACO/FERRO, 3\" X 2 1/2\", E= 1,9 A 2 MM, SEM ANEL,  CROMADO OU ZINCADO, TAMPA BOLA, COM PARAFUSOS","UN    ","CR",16.88]
[11447,"DOBRADICA EM LATAO, 3 \" X 2 1/2 \", E= 1,9 A 2 MM, COM ANEL, CROMADO, TAMPA BOLA, COM PARAFUSOS","UN    ","CR",33.36]
[11451,"DOBRADICA TIPO VAI-E-VEM EM ACO/FERRO, TAMANHO 3'', GALVANIZADO, COM PARAFUSOS","UN    ","CR",89.44]
[11116,"DOMOS INDIVIDUAL EM ACRILICO BRANCO *95 X 95* CM, SEM INSTALACAO","UN    ","CR",483.51]
[38411,"DOSADOR DE AREIA, CAPACIDADE DE *26* LITROS","UN    ","CR",1647.27]
[38189,"DUCHA / CHUVEIRO METALICO, DE PAREDE, ARTICULAVEL, COM BRACO/CANO, SEM DESVIADOR","UN    ","CR",254.06]
[38190,"DUCHA / CHUVEIRO METALICO, DE PAREDE, ARTICULAVEL, COM DESVIADOR E DUCHA MANUAL","UN    ","CR",535.24]
[7608,"DUCHA / CHUVEIRO PLASTICO SIMPLES, 5 '', BRANCO, PARA ACOPLAR EM HASTE 1/2 \", AGUA FRIA","UN    ","CR",14.5]
[1370,"DUCHA HIGIENICA PLASTICA COM REGISTRO METALICO 1/2 \"","UN    ","CR",95.18]
[36516,"DUMPER COM CAPACIDADE DE CARGA DE 1700 KG, PARTIDA ELETRICA, MOTOR DIESEL COM POTENCIA DE 16 CV","UN    ","CR",127256.98]
[34777,"ELEMENTO VAZADO CERAMICO DIAGONAL (TIPO FLOR/QUADRADO/XIS) 25 X 18 X 7 CM","UN    ","CR",2.94]
[7272,"ELEMENTO VAZADO CERAMICO QUADRADO (TIPO RETO OU REDONDO), *7 A 9 X 20 X 20* CM (L X A X C)","UN    ","CR",2.48]
[10605,"ELEMENTO VAZADO DE CONCRETO, QUADRICULADO, 1 FURO *10 X 10 X 10* CM","UN    ","CR",5.07]
[10604,"ELEMENTO VAZADO DE CONCRETO, QUADRICULADO, 1 FURO *20 X 10 X 7* CM","UN    ","CR",11.83]
[672,"ELEMENTO VAZADO DE CONCRETO, QUADRICULADO, 1 FURO *20 X 20 X 6,5* CM","UN    ","CR",16.27]
[668,"ELEMENTO VAZADO DE CONCRETO, QUADRICULADO, 16 FUROS *29 X 29 X 6* CM","UN    ","CR",19.64]
[10578,"ELEMENTO VAZADO DE CONCRETO, QUADRICULADO, 16 FUROS *33 X 33 X 10* CM","UN    ","CR",22.88]
[666,"ELEMENTO VAZADO DE CONCRETO, QUADRICULADO, 16 FUROS *40 X 40 X 7* CM","UN    ","CR",25.44]
[665,"ELEMENTO VAZADO DE CONCRETO, QUADRICULADO, 16 FUROS *50 X 50 X 7* CM","UN    ","CR",34.03]
[10577,"ELEMENTO VAZADO DE CONCRETO, QUADRICULADO, 25 FUROS *50 X 50 X 5* CM","UN    ","CR",30.18]
[10583,"ELEMENTO VAZADO DE CONCRETO, VENEZIANA *39 X 22 X 15* CM","UN    ","CR",15.68]
[10579,"ELEMENTO VAZADO DE CONCRETO, VENEZIANA *39 X 29 X 10* CM","UN    ","CR",27.33]
[10582,"ELEMENTO VAZADO DE CONCRETO, VENEZIANA *40 X 10 X 10* CM","UN    ","CR",13.8]
[2436,"ELETRICISTA","H     ","C ",17.78]
[40918,"ELETRICISTA (MENSALISTA)","MES   ","CR",3134.07]
[2439,"ELETRICISTA DE MANUTENCAO INDUSTRIAL","H     ","CR",17.63]
[40923,"ELETRICISTA DE MANUTENCAO INDUSTRIAL (MENSALISTA)","MES   ","CR",3110.28]
[10998,"ELETRODO REVESTIDO AWS - E-6010, DIAMETRO IGUAL A 4,00 MM","KG    ","CR",69.709999999999994]
[11002,"ELETRODO REVESTIDO AWS - E6013, DIAMETRO IGUAL A 2,50 MM","KG    ","CR",63.86]
[10999,"ELETRODO REVESTIDO AWS - E6013, DIAMETRO IGUAL A 4,00 MM","KG    ","CR",61.36]
[10997,"ELETRODO REVESTIDO AWS - E7018, DIAMETRO IGUAL A 4,00 MM","KG    ","C ",66.5]
[2685,"ELETRODUTO DE PVC RIGIDO ROSCAVEL DE 1 \", SEM LUVA","M     ","CR",7.29]
[2680,"ELETRODUTO DE PVC RIGIDO ROSCAVEL DE 1 1/2 \", SEM LUVA","M     ","CR",10.68]
[2684,"ELETRODUTO DE PVC RIGIDO ROSCAVEL DE 1 1/4 \", SEM LUVA","M     ","CR",9.7100000000000009]
[2673,"ELETRODUTO DE PVC RIGIDO ROSCAVEL DE 1/2 \", SEM LUVA","M     ","C ",3.75]
[2681,"ELETRODUTO DE PVC RIGIDO ROSCAVEL DE 2 \", SEM LUVA","M     ","CR",17.45]
[2682,"ELETRODUTO DE PVC RIGIDO ROSCAVEL DE 2 1/2 \", SEM LUVA","M     ","CR",25.46]
[2686,"ELETRODUTO DE PVC RIGIDO ROSCAVEL DE 3 \", SEM LUVA","M     ","CR",31.92]
[2674,"ELETRODUTO DE PVC RIGIDO ROSCAVEL DE 3/4 \", SEM LUVA","M     ","CR",4.67]
[2683,"ELETRODUTO DE PVC RIGIDO ROSCAVEL DE 4 \", SEM LUVA","M     ","CR",50.31]
[2676,"ELETRODUTO DE PVC RIGIDO SOLDAVEL, CLASSE B, DE 20 MM","M     ","CR",2.1800000000000002]
[2678,"ELETRODUTO DE PVC RIGIDO SOLDAVEL, CLASSE B, DE 25 MM","M     ","CR",2.73]
[2679,"ELETRODUTO DE PVC RIGIDO SOLDAVEL, CLASSE B, DE 32 MM","M     ","CR",4.21]
[12070,"ELETRODUTO DE PVC RIGIDO SOLDAVEL, CLASSE B, DE 40 MM","M     ","CR",5.86]
[2675,"ELETRODUTO DE PVC RIGIDO SOLDAVEL, CLASSE B, DE 50 MM","M     ","CR",7.62]
[12067,"ELETRODUTO DE PVC RIGIDO SOLDAVEL, CLASSE B, DE 60 MM","M     ","CR",10.33]
[40401,"ELETRODUTO FLEXIVEL PLANO EM PEAD, COR PRETA E LARANJA,  DIAMETRO 32 MM","M     ","CR",4.76]
[40402,"ELETRODUTO FLEXIVEL PLANO EM PEAD, COR PRETA E LARANJA,  DIAMETRO 40 MM","M     ","CR",6.11]
[40400,"ELETRODUTO FLEXIVEL PLANO EM PEAD, COR PRETA E LARANJA, DIAMETRO 25 MM","M     ","CR",3.23]
[2504,"ELETRODUTO FLEXIVEL, EM ACO GALVANIZADO, REVESTIDO EXTERNAMENTE COM PVC PRETO, DIAMETRO EXTERNO DE 25 MM (3/4\"), TIPO SEALTUBO","M     ","CR",26.14]
[2501,"ELETRODUTO FLEXIVEL, EM ACO GALVANIZADO, REVESTIDO EXTERNAMENTE COM PVC PRETO, DIAMETRO EXTERNO DE 32 MM (1\"), TIPO SEALTUBO","M     ","CR",34.28]
[2502,"ELETRODUTO FLEXIVEL, EM ACO GALVANIZADO, REVESTIDO EXTERNAMENTE COM PVC PRETO, DIAMETRO EXTERNO DE 40 MM (1 1/4\"), TIPO SEALTUBO","M     ","CR",51.73]
[2503,"ELETRODUTO FLEXIVEL, EM ACO GALVANIZADO, REVESTIDO EXTERNAMENTE COM PVC PRETO, DIAMETRO EXTERNO DE 50 MM( 1 1/2\"), TIPO SEALTUBO","M     ","CR",66.58]
[2500,"ELETRODUTO FLEXIVEL, EM ACO GALVANIZADO, REVESTIDO EXTERNAMENTE COM PVC PRETO, DIAMETRO EXTERNO DE 60 MM (2\"), TIPO SEALTUBO","M     ","CR",88.68]
[2505,"ELETRODUTO FLEXIVEL, EM ACO GALVANIZADO, REVESTIDO EXTERNAMENTE COM PVC PRETO, DIAMETRO EXTERNO DE 75 MM (2 1/2\"), TIPO SEALTUBO","M     ","CR",138.19999999999999]
[12056,"ELETRODUTO FLEXIVEL, EM ACO, TIPO CONDUITE, DIAMETRO DE 1 1/2\"","M     ","CR",55.84]
[12057,"ELETRODUTO FLEXIVEL, EM ACO, TIPO CONDUITE, DIAMETRO DE 1 1/4\"","M     ","CR",47.43]
[12059,"ELETRODUTO FLEXIVEL, EM ACO, TIPO CONDUITE, DIAMETRO DE 1/2\"","M     ","CR",16.64]
[12058,"ELETRODUTO FLEXIVEL, EM ACO, TIPO CONDUITE, DIAMETRO DE 1\"","M     ","CR",29.57]
[12060,"ELETRODUTO FLEXIVEL, EM ACO, TIPO CONDUITE, DIAMETRO DE 2 1/2\"","M     ","CR",123.23]
[12061,"ELETRODUTO FLEXIVEL, EM ACO, TIPO CONDUITE, DIAMETRO DE 2\"","M     ","CR",75.25]
[12062,"ELETRODUTO FLEXIVEL, EM ACO, TIPO CONDUITE, DIAMETRO DE 3\"","M     ","CR",138.77000000000001]
[21137,"ELETRODUTO METALICO FLEXIVEL REVESTIDO COM PVC PRETO, DIAMETRO EXTERNO DE 15 MM (3/8\"), TIPO COPEX","M     ","CR",24.12]
[2687,"ELETRODUTO PVC FLEXIVEL CORRUGADO, COR AMARELA, DE 16 MM","M     ","CR",1.9]
[2689,"ELETRODUTO PVC FLEXIVEL CORRUGADO, COR AMARELA, DE 20 MM","M     ","CR",2.2599999999999998]
[2688,"ELETRODUTO PVC FLEXIVEL CORRUGADO, COR AMARELA, DE 25 MM","M     ","CR",2.4500000000000002]
[2690,"ELETRODUTO PVC FLEXIVEL CORRUGADO, COR AMARELA, DE 32 MM","M     ","CR",4.2]
[39243,"ELETRODUTO PVC FLEXIVEL CORRUGADO, REFORCADO, COR LARANJA, DE 20 MM, PARA LAJES E PISOS","M     ","CR",2.77]
[39244,"ELETRODUTO PVC FLEXIVEL CORRUGADO, REFORCADO, COR LARANJA, DE 25 MM, PARA LAJES E PISOS","M     ","CR",3.74]
[39245,"ELETRODUTO PVC FLEXIVEL CORRUGADO, REFORCADO, COR LARANJA, DE 32 MM, PARA LAJES E PISOS","M     ","CR",7.2]
[39254,"ELETRODUTO/CONDULETE DE PVC RIGIDO, LISO, COR CINZA, DE 1/2\", PARA INSTALACOES APARENTES (NBR 5410)","M     ","CR",10.77]
[39255,"ELETRODUTO/CONDULETE DE PVC RIGIDO, LISO, COR CINZA, DE 1\", PARA INSTALACOES APARENTES (NBR 5410)","M     ","CR",19.93]
[39253,"ELETRODUTO/CONDULETE DE PVC RIGIDO, LISO, COR CINZA, DE 3/4\", PARA INSTALACOES APARENTES (NBR 5410)","M     ","CR",13.72]
[39246,"ELETRODUTO/DUTO PEAD FLEXIVEL PAREDE SIMPLES, CORRUGACAO HELICOIDAL, COR PRETA, SEM ROSCA, DE 1 1/2\", PARA CABEAMENTO SUBTERRANEO (NBR 15715)","M     ","CR",8.27]
[39247,"ELETRODUTO/DUTO PEAD FLEXIVEL PAREDE SIMPLES, CORRUGACAO HELICOIDAL, COR PRETA, SEM ROSCA, DE 1 1/4\", PARA CABEAMENTO SUBTERRANEO (NBR 15715)","M     ","CR",7.21]
[2446,"ELETRODUTO/DUTO PEAD FLEXIVEL PAREDE SIMPLES, CORRUGACAO HELICOIDAL, COR PRETA, SEM ROSCA, DE 2\",  PARA CABEAMENTO SUBTERRANEO (NBR 15715)","M     ","C ",11.87]
[2442,"ELETRODUTO/DUTO PEAD FLEXIVEL PAREDE SIMPLES, CORRUGACAO HELICOIDAL, COR PRETA, SEM ROSCA, DE 3\",  PARA CABEAMENTO SUBTERRANEO (NBR 15715)","M     ","CR",16.63]
[39248,"ELETRODUTO/DUTO PEAD FLEXIVEL PAREDE SIMPLES, CORRUGACAO HELICOIDAL, COR PRETA, SEM ROSCA, DE 4\", PARA CABEAMENTO SUBTERRANEO (NBR 15715)","M     ","CR",23.18]
[2438,"ELETROTECNICO","H     ","CR",23.25]
[40922,"ELETROTECNICO (MENSALISTA)","MES   ","CR",4100.26]
[36486,"ELEVADOR DE CARGA A CABO, CABINE SEMI FECHADA 2,0 X 1,5 X 2,0 M, CAPACIDADE DE CARGA 1000 KG, TORRE  2,38 X 2,21 X 15 M, GUINCHO DE EMBREAGEM, FREIO DE SEGURANCA, LIMITADOR DE VELOCIDADE E CANCELA","UN    ","CR",59945.74]
[37777,"ELEVADOR DE CREMALHEIRA CABINE FECHADA 1,5 X 2,5 X 2,35 M (UMA POR TORRE), CAPACIDADE DE CARGA 1200 KG (15 PESSOAS), TORRE  24 M (16 MODULOS), FREIO DE SEGURANCA, LIMITADOR DE CARGA","UN    ","CR",282223.40000000002]
[12624,"EMENDA PARA CALHA PLUVIAL, PVC, DIAMETRO ENTRE 119 E 170 MM, PARA DRENAGEM PREDIAL","UN    ","AS",11.07]
[517,"EMULSAO ASFALTICA ANIONICA","L     ","CR",7.64]
[41904,"EMULSAO ASFALTICA CATIONICA RL-1C PARA USO EM PAVIMENTACAO ASFALTICA (COLETADO CAIXA NA ANP ACRESCIDO DE ICMS)","T     ","AS",3544.29]
[41903,"EMULSAO ASFALTICA CATIONICA RR-2C PARA USO EM PAVIMENTACAO ASFALTICA (COLETADO CAIXA NA ANP ACRESCIDO DE ICMS)","KG    ","AS",4.24]
[37534,"EMULSAO EXPLOSIVA EM CARTUCHOS DE 1\" X 12\", DENSIDADE 1.15 G/CM3, INICIACAO ESPOLETA N. 8 / CORDEL","KG    ","AS",26.03]
[37535,"EMULSAO EXPLOSIVA EM CARTUCHOS DE 1\" X 24\", DENSIDADE 1.15 G/CM3, INICIACAO ESPOLETA N. 8 / CORDEL","KG    ","AS",26.03]
[37533,"EMULSAO EXPLOSIVA EM CARTUCHOS DE 1\" X 8\", DENSIDADE 1.15 G/CM3, INICIACAO ESPOLETA N. 8 / CORDEL","KG    ","AS",26.03]
[37537,"EMULSAO EXPLOSIVA EM CARTUCHOS DE 2 1/2\" X 24\", DENSIDADE 1.15 G/CM3, INICIACAO ESPOLETA N. 8 / CORDEL","KG    ","AS",19.7]
[37536,"EMULSAO EXPLOSIVA EM CARTUCHOS DE 2 1/4\" X 24\", DENSIDADE 1.15 G/CM3, INICIACAO ESPOLETA N. 8 / CORDEL","KG    ","AS",19.7]
[37532,"EMULSAO EXPLOSIVA EM CARTUCHOS DE 2\" X 24\", DENSIDADE 1.15 G/CM3, INICIACAO ESPOLETA N. 8 / CORDEL","KG    ","AS",19.7]
[2696,"ENCANADOR OU BOMBEIRO HIDRAULICO","H     ","C ",17.78]
[40928,"ENCANADOR OU BOMBEIRO HIDRAULICO (MENSALISTA)","MES   ","CR",3134.07]
[4083,"ENCARREGADO GERAL DE OBRAS","H     ","C ",45.39]
[40818,"ENCARREGADO GERAL DE OBRAS (MENSALISTA)","MES   ","CR",7998.96]
[43146,"ENDURECEDOR MINERAL DE BASE CIMENTICIA PARA PISO DE CONCRETO","KG    ","CR",7.57]
[2705,"ENERGIA ELETRICA ATE 2000 KWH INDUSTRIAL, SEM DEMANDA","KW/H  ","CR",1.05]
[14250,"ENERGIA ELETRICA COMERCIAL, BAIXA TENSAO, RELATIVA AO CONSUMO DE ATE 100 KWH, INCLUINDO ICMS, PIS/PASEP E COFINS","KW/H  ","C ",1.07]
[11683,"ENGATE / RABICHO FLEXIVEL INOX 1/2 \" X 30 CM","UN    ","CR",58.47]
[11684,"ENGATE / RABICHO FLEXIVEL INOX 1/2 \" X 40 CM","UN    ","CR",64]
[6141,"ENGATE/RABICHO FLEXIVEL PLASTICO (PVC OU ABS) BRANCO 1/2 \" X 30 CM","UN    ","CR",5.36]
[11681,"ENGATE/RABICHO FLEXIVEL PLASTICO (PVC OU ABS) BRANCO 1/2 \" X 40 CM","UN    ","CR",9.16]
[2706,"ENGENHEIRO CIVIL DE OBRA JUNIOR","H     ","C ",98.13]
[40811,"ENGENHEIRO CIVIL DE OBRA JUNIOR (MENSALISTA)","MES   ","CR",17293.240000000002]
[2707,"ENGENHEIRO CIVIL DE OBRA PLENO","H     ","CR",111.69]
[40813,"ENGENHEIRO CIVIL DE OBRA PLENO (MENSALISTA)","MES   ","CR",19683.27]
[2708,"ENGENHEIRO CIVIL DE OBRA SENIOR","H     ","CR",152.66]
[40814,"ENGENHEIRO CIVIL DE OBRA SENIOR (MENSALISTA)","MES   ","CR",26906.5]
[34779,"ENGENHEIRO CIVIL JUNIOR","H     ","CR",99.54]
[40936,"ENGENHEIRO CIVIL JUNIOR (MENSALISTA)","MES   ","CR",17545.52]
[34780,"ENGENHEIRO CIVIL PLENO","H     ","CR",112.32]
[40937,"ENGENHEIRO CIVIL PLENO (MENSALISTA)","MES   ","CR",19794.8]
[34782,"ENGENHEIRO CIVIL SENIOR","H     ","CR",153.91]
[40938,"ENGENHEIRO CIVIL SENIOR (MENSALISTA)","MES   ","CR",27126.9]
[34783,"ENGENHEIRO ELETRICISTA","H     ","CR",93.63]
[40939,"ENGENHEIRO ELETRICISTA (MENSALISTA)","MES   ","CR",16500.62]
[34785,"ENGENHEIRO SANITARISTA","H     ","CR",92.66]
[40940,"ENGENHEIRO SANITARISTA (MENSALISTA)","MES   ","CR",16332.5]
[38403,"ENXADA ESTREITA *25 X 23* CM COM CABO","UN    ","CR",58.19]
[43482,"EPI - FAMILIA ALMOXARIFE - HORISTA (ENCARGOS COMPLEMENTARES - COLETADO CAIXA)","H     ","C ",0.69]
[43494,"EPI - FAMILIA ALMOXARIFE - MENSALISTA (ENCARGOS COMPLEMENTARES - COLETADO CAIXA)","MES   ","C ",130.43]
[43483,"EPI - FAMILIA CARPINTEIRO DE FORMAS - HORISTA (ENCARGOS COMPLEMENTARES - COLETADO CAIXA)","H     ","C ",1.26]
[43495,"EPI - FAMILIA CARPINTEIRO DE FORMAS - MENSALISTA (ENCARGOS COMPLEMENTARES - COLETADO CAIXA)","MES   ","C ",238.17]
[43484,"EPI - FAMILIA ELETRICISTA - HORISTA (ENCARGOS COMPLEMENTARES - COLETADO CAIXA)","H     ","C ",1.07]
[43496,"EPI - FAMILIA ELETRICISTA - MENSALISTA (ENCARGOS COMPLEMENTARES - COLETADO CAIXA)","MES   ","C ",201.65]
[43485,"EPI - FAMILIA ENCANADOR - HORISTA (ENCARGOS COMPLEMENTARES - COLETADO CAIXA)","H     ","C ",0.94]
[43497,"EPI - FAMILIA ENCANADOR - MENSALISTA (ENCARGOS COMPLEMENTARES - COLETADO CAIXA)","MES   ","C ",177.43]
[43487,"EPI - FAMILIA ENCARREGADO GERAL - HORISTA (ENCARGOS COMPLEMENTARES - COLETADO CAIXA)","H     ","C ",1.08]
[43499,"EPI - FAMILIA ENCARREGADO GERAL - MENSALISTA (ENCARGOS COMPLEMENTARES - COLETADO CAIXA)","MES   ","C ",202.94]
[43486,"EPI - FAMILIA ENGENHEIRO CIVIL - HORISTA (ENCARGOS COMPLEMENTARES - COLETADO CAIXA)","H     ","C ",0.66]
[43498,"EPI - FAMILIA ENGENHEIRO CIVIL - MENSALISTA (ENCARGOS COMPLEMENTARES - COLETADO CAIXA)","MES   ","C ",123.54]
[43488,"EPI - FAMILIA OPERADOR ESCAVADEIRA - HORISTA (ENCARGOS COMPLEMENTARES - COLETADO CAIXA)","H     ","C ",0.76]
[43500,"EPI - FAMILIA OPERADOR ESCAVADEIRA - MENSALISTA (ENCARGOS COMPLEMENTARES - COLETADO CAIXA)","MES   ","C ",143.59]
[43489,"EPI - FAMILIA PEDREIRO - HORISTA (ENCARGOS COMPLEMENTARES - COLETADO CAIXA)","H     ","C ",1.0900000000000001]
[43501,"EPI - FAMILIA PEDREIRO - MENSALISTA (ENCARGOS COMPLEMENTARES - COLETADO CAIXA)","MES   ","C ",204.95]
[43490,"EPI - FAMILIA PINTOR - HORISTA (ENCARGOS COMPLEMENTARES - COLETADO CAIXA)","H     ","C ",1.5]
[43502,"EPI - FAMILIA PINTOR - MENSALISTA (ENCARGOS COMPLEMENTARES - COLETADO CAIXA)","MES   ","C ",283.14999999999998]
[43491,"EPI - FAMILIA SERVENTE - HORISTA (ENCARGOS COMPLEMENTARES - COLETADO CAIXA)","H     ","C ",1.1499999999999999]
[43503,"EPI - FAMILIA SERVENTE - MENSALISTA (ENCARGOS COMPLEMENTARES - COLETADO CAIXA)","MES   ","C ",216.6]
[43492,"EPI - FAMILIA SOLDADOR - HORISTA (ENCARGOS COMPLEMENTARES - COLETADO CAIXA)","H     ","C ",1.58]
[43504,"EPI - FAMILIA SOLDADOR - MENSALISTA (ENCARGOS COMPLEMENTARES - COLETADO CAIXA)","MES   ","C ",297.7]
[43493,"EPI - FAMILIA TOPOGRAFO - HORISTA (ENCARGOS COMPLEMENTARES - COLETADO CAIXA)","H     ","C ",0.62]
[43505,"EPI - FAMILIA TOPOGRAFO - MENSALISTA (ENCARGOS COMPLEMENTARES - COLETADO CAIXA)","MES   ","C ",117.12]
[37774,"EQUIPAMENTO DE LIMPEZA COMBINADO (VACUO/ALTA PRESSAO) 95% VACUO, TANQUE 7000 L, BOMBA 140 KGF/CM2 66 L/MIN COM MOTOR INDEPENDENTE A DIESEL DE 60 CV (INCLUI MONTAGEM, NAO INCLUI CAMINHAO)","UN    ","AS",414744.07]
[38630,"EQUIPAMENTO PARA DEMARCACAO DE FAIXAS DE TRAFEGO A FRIO, A SER MONTADO SOBRE CAMINHAO DE PBT MINIMO DE 9 T E DISTANCIA MINIMA ENTRE EIXOS DE 4,3 M, CAPACIDADE PARA 800 L DE TINTA (INCLUI MONTAGEM, NAO INCLUI CAMINHAO)","UN    ","CR",1545390.62]
[38629,"EQUIPAMENTO PARA DEMARCACAO DE FAIXAS DE TRAFEGO A QUENTE, A SER MONTADO SOBRE CAMINHAO DE PBT MINIMO DE 17 T E DISTANCIA MINIMA ENTRE EIXOS DE 5,2 M, CAPACIDADE PARA 1.000 KG DE MATERIAL TERMOPLASTICO (INCLUI MONTAGEM, NAO INCLUI CAMINHAO E NEM COMPRESSOR DE AR)","UN    ","CR",2300390.62]
[38476,"ESCADA DUPLA DE ABRIR EM ALUMINIO, MODELO PINTOR, 8 DEGRAUS","UN    ","CR",437.35]
[38477,"ESCADA EXTENSIVEL EM ALUMINIO COM 6,00 M ESTENDIDA","UN    ","CR",1238.57]
[40635,"ESCAVADEIRA HIDRAULICA SOBRE ESTEIRA, COM GARRA GIRATORIA DE MANDIBULAS, PESO OPERACIONAL ENTRE 22,00 E 25,50 TON, POTENCIA LIQUIDA ENTRE 150 E 160 HP","UN    ","CR",939951.63]
[36483,"ESCAVADEIRA HIDRAULICA SOBRE ESTEIRAS CACAMBA 0,40 A 1,20 M3, PESO OPERACIONAL 21,19 T, POTENCIA LIQUIDA 173 HP","UN    ","CR",851746.75]
[14525,"ESCAVADEIRA HIDRAULICA SOBRE ESTEIRAS COM CACAMBA DE 1,20 M3, PESO OPERACIONAL 21 T, POTENCIA BRUTA 155 HP","UN    ","CR",891828.95]
[36482,"ESCAVADEIRA HIDRAULICA SOBRE ESTEIRAS, CACAMBA  0,80 M3, PESO OPERACIONAL 17,8 T, POTENCIA LIQUIDA 110 HP","UN    ","CR",764867.53]
[36408,"ESCAVADEIRA HIDRAULICA SOBRE ESTEIRAS, CACAMBA 0,4 A 1,70 M3, PESO OPERACIONAL 23,2 T, POTENCIA BRUTA 183 HP","UN    ","CR",913874.16]
[2723,"ESCAVADEIRA HIDRAULICA SOBRE ESTEIRAS, CACAMBA 0,62M3, PESO OPERACIONAL 12,61T, POTENCIA LIQUIDA 95HP","UN    ","CR",701438.5]
[36481,"ESCAVADEIRA HIDRAULICA SOBRE ESTEIRAS, CACAMBA 0,80 A 1,30 M3, PESO OPERACIONAL 22,18 T, POTENCIA LIQUIDA 170 HP","UN    ","CR",836715.92]
[10685,"ESCAVADEIRA HIDRAULICA SOBRE ESTEIRAS, CACAMBA 0,80M3, PESO OPERACIONAL 17T, POTENCIA BRUTA 111HP","UN    ","C ",801644]
[40636,"ESCAVADEIRA HIDRAULICA SOBRE ESTEIRAS, CAPACIDADE DA CACAMBA ENTRE 1,20 E 1,50 M3, PESO OPERACIONAL ENTRE 20,00 E 22,00 TON, POTENCIA LIQUIDA ENTRE 150 E 155 HP, EQUIPADA COM CLAMSHELL","UN    ","CR",904879.71]
[4111,"ESCORA PRE-MOLDADA EM CONCRETO, *10 X 10* CM, H = 2,30M","UN    ","CR",51.56]
[44538,"ESCOVA CIRCULAR EM ACO LATONADO, 6 X 1 \" (DIAMETRO X ESPESSURA), FURO DE 1 1/4 \", FIO ONDULADO *0,30*  MM","UN    ","CR",59.66]
[12,"ESCOVA DE ACO, COM CABO, *4  X 15* FILEIRAS DE CERDAS","UN    ","C ",8.6999999999999993]
[37554,"ESGUICHO JATO REGULAVEL, TIPO ELKHART, ENGATE RAPIDO 1 1/2\", PARA COMBATE A INCENDIO","UN    ","CR",240.65]
[37555,"ESGUICHO JATO REGULAVEL, TIPO ELKHART, ENGATE RAPIDO 2 1/2\", PARA COMBATE A INCENDIO","UN    ","CR",292.74]
[10902,"ESGUICHO TIPO JATO SOLIDO, EM LATAO, ENGATE RAPIDO 1 1/2\" X 13 MM, PARA MANGUEIRA EM INSTALACAO PREDIAL COMBATE A INCENDIO","UN    ","CR",73.45]
[20965,"ESGUICHO TIPO JATO SOLIDO, EM LATAO, ENGATE RAPIDO 1 1/2\" X 16 MM, PARA MANGUEIRA EM INSTALACAO PREDIAL COMBATE A INCENDIO","UN    ","CR",74.14]
[20966,"ESGUICHO TIPO JATO SOLIDO, EM LATAO, ENGATE RAPIDO 1 1/2\" X 19 MM, PARA MANGUEIRA EM INSTALACAO PREDIAL COMBATE A INCENDIO","UN    ","CR",79.83]
[10903,"ESGUICHO TIPO JATO SOLIDO, EM LATAO, ENGATE RAPIDO 2 1/2\" X 13 MM, PARA MANGUEIRA EM INSTALACAO PREDIAL COMBATE A INCENDIO","UN    ","CR",121]
[20967,"ESGUICHO TIPO JATO SOLIDO, EM LATAO, ENGATE RAPIDO 2 1/2\" X 16 MM, PARA MANGUEIRA EM INSTALACAO PREDIAL COMBATE A INCENDIO","UN    ","CR",121]
[20968,"ESGUICHO TIPO JATO SOLIDO, EM LATAO, ENGATE RAPIDO 2 1/2\" X 19 MM, PARA MANGUEIRA EM INSTALACAO PREDIAL COMBATE A INCENDIO","UN    ","CR",132.71]
[11359,"ESMERILHADEIRA ANGULAR ELETRICA, DIAMETRO DO DISCO 7 '' (180 MM), ROTACAO 8500 RPM, POTENCIA 2400 W","UN    ","C ",910.33]
[39017,"ESPACADOR / DISTANCIADOR CIRCULAR COM ENTRADA LATERAL, EM PLASTICO, PARA VERGALHAO *4,2 A 12,5* MM, COBRIMENTO 20 MM","UN    ","CR",0.12]
[39315,"ESPACADOR / DISTANCIADOR TIPO GARRA DUPLA, EM PLASTICO, COBRIMENTO *20* MM, PARA FERRAGENS DE LAJES E FUNDO DE VIGAS","UN    ","CR",0.2]
[39016,"ESPACADOR / DISTANCIADOR TIPO PINO EM PLASTICO, PARA VERGALHAO ATE 10 MM, PARA APOIO DE ARMADURA","UN    ","CR",0.2]
[40432,"ESPACADOR / SEPARADOR DE BARRA , METALICO, TIPO CARAMBOLA, PARA TIRANTES, 25 X 84 MM","UN    ","CR",1.6]
[39481,"ESPACADOR OU DISTANCIADOR, EM PLASTICO, TIPO APOIO DE CORDOALHA (CARANGUEJO), PARA ARMADURA NEGATIVA E PROTENSAO, COBRIMENTO 50 MM","UN    ","CR",1]
[40433,"ESPACADOR/SEPARADOR DE CORDOALHA TIPO DISCO 12 FUROS DE 14 MM, PARA TIRANTES","UN    ","CR",0.88]
[20219,"ESPARGIDOR DE ASFALTO PRESSURIZADO, REBOCAVEL, TANQUE DE 2500 L, PNEUMATICO,  COM MOTOR A GASOLINA 3,4HP","UN    ","AS",108800]
[36484,"ESPARGIDOR DE ASFALTO PRESSURIZADO, TANQUE 6 M3 COM ISOLACAO TERMICA, AQUECIDO COM 2 MACARICOS, COM BARRA ESPARGIDORA 3,60 M, A SER MONTADO SOBRE CAMINHAO","UN    ","AS",230962.58]
[38367,"ESPATULA DE ACO INOX COM CABO DE MADEIRA, LARGURA 8 CM","UN    ","CR",23.5]
[38368,"ESPATULA DE PLASTICO LISA, LARGURA 10 CM","UN    ","CR",7.39]
[38091,"ESPELHO / PLACA CEGA 4\" X 2\", PARA INSTALACAO DE TOMADAS E INTERRUPTORES","UN    ","CR",2.6]
[38095,"ESPELHO / PLACA CEGA 4\" X 4\", PARA INSTALACAO DE TOMADAS E INTERRUPTORES","UN    ","CR",5.5]
[38092,"ESPELHO / PLACA DE 1 POSTO 4\" X 2\", PARA INSTALACAO DE TOMADAS E INTERRUPTORES","UN    ","CR",2.46]
[38093,"ESPELHO / PLACA DE 2 POSTOS 4\" X 2\", PARA INSTALACAO DE TOMADAS E INTERRUPTORES","UN    ","CR",2.5499999999999998]
[38096,"ESPELHO / PLACA DE 2 POSTOS 4\" X 4\", PARA INSTALACAO DE TOMADAS E INTERRUPTORES","UN    ","CR",5.91]
[38094,"ESPELHO / PLACA DE 3 POSTOS 4\" X 2\", PARA INSTALACAO DE TOMADAS E INTERRUPTORES","UN    ","CR",3.12]
[38097,"ESPELHO / PLACA DE 4 POSTOS 4\" X 4\", PARA INSTALACAO DE TOMADAS E INTERRUPTORES","UN    ","CR",6.34]
[38098,"ESPELHO / PLACA DE 6 POSTOS 4\" X 4\", PARA INSTALACAO DE TOMADAS E INTERRUPTORES","UN    ","CR",6.34]
[11186,"ESPELHO CRISTAL E = 4 MM","M2    ","CR",349.19]
[11558,"ESPELHO, RETO OU CURVO, EM LATAO CROMADO, ESPESSURA ATE 6 MM, LARGURA *40*MM, ALTURA *180*MM - PARA FECHADURA DE EMBUTIR","PAR   ","CR",16.489999999999998]
[11557,"ESPELHO, RETO OU CURVO, EM LATAO CROMADO, ESPESSURA MINIMA 6 MM, LARGURA *43*MM, ALTURA *230*MM - PARA FECHADURA DE EMBUTIR","PAR   ","CR",41.74]
[2759,"ESPOLETA SIMPLES N 8.","UN    ","AS",11.42]
[38124,"ESPUMA EXPANSIVA DE POLIURETANO, APLICACAO MANUAL - 500 ML","UN    ","C ",32.450000000000003]
[38380,"ESQUADRO DE ACO 12 \" (300 MM), CABO DE ALUMINIO","UN    ","CR",37.33]
[20059,"ESQUADRO INTERNO OU EXTERNO PARA CALHA PLUVIAL, PVC, DIAMETRO ENTRE 119 E 170 MM, PARA DRENAGEM PREDIAL","UN    ","AS",15.71]
[42429,"ESQUI TRIPLO, EM TUBO DE ACO CARBONO, PINTURA NO PROCESSO ELETROSTATICO - EQUIPAMENTO DE GINASTICA PARA ACADEMIA AO AR LIVRE / ACADEMIA DA TERCEIRA IDADE - ATI","UN    ","AS",5290.2]
[39616,"ESTABILIZADOR BIVOLT AUTOMATICO, 1000 VA","UN    ","C ",306.89999999999998]
[39618,"ESTABILIZADOR BIVOLT AUTOMATICO, 1500 VA","UN    ","CR",556.66]
[39619,"ESTABILIZADOR BIVOLT AUTOMATICO, 2000 VA","UN    ","CR",762.4]
[39613,"ESTABILIZADOR BIVOLT AUTOMATICO, 300 VA","UN    ","CR",121.9]
[39614,"ESTABILIZADOR BIVOLT AUTOMATICO, 500 VA","UN    ","CR",177.85]
[38538,"ESTACA PRE-MOLDADA MACICA DE CONCRETO VIBRADO ARMADO, PARA CARGA DE 25 T, SECAO QUADRADA DE *16 X 16*, COM ANEL METALICO INCORPORADO A PECA (SOMENTE FORNECIMENTO)","M     ","AS",44.9]
[38539,"ESTACA PRE-MOLDADA MACICA DE CONCRETO VIBRADO ARMADO, PARA CARGA DE 50 T, SECAO QUADRADA, COM ANEL METALICO INCORPORADO A PECA (SOMENTE FORNECIMENTO)","M     ","AS",61.05]
[38540,"ESTACA PRE-MOLDADA VAZADA DE CONCRETO CENTRIFUGADO, PARA CARGA DE 100 T, SECAO CIRCULAR, COM ANEL METALICO INCORPORADO A PECA (SOMENTE FORNECIMENTO)","M     ","AS",156.47]
[38384,"ESTILETE DE METAL, LAMINA 18 MM","UN    ","CR",19.16]
[13,"ESTOPA","KG    ","CR",13.39]
[2762,"ESTOPIM SIMPLES","M     ","AS",14.27]
[21142,"ESTRIBO COM PARAFUSO EM CHAPA DE FERRO FUNDIDO DE 2\" X 3/16\" X 35 CM, SECAO \"U\", PARA MADEIRAMENTO DE TELHADO","UN    ","CR",23.33]
[4223,"ETANOL","L     ","C ",6.53]
[37372,"EXAMES - HORISTA (COLETADO CAIXA)","H     ","C ",0.81]
[40863,"EXAMES - MENSALISTA (COLETADO CAIXA)","MES   ","C ",152.35]
[38475,"EXTENSAO DE SOLDA 201 ACETILENO, E = *1,5 A 2,5* MM","UN    ","CR",44.41]
[38474,"EXTENSAO DE SOLDA 201 GLP, E = *2,5 A 4,0* MM","UN    ","CR",54.89]
[10886,"EXTINTOR DE INCENDIO PORTATIL COM CARGA DE AGUA PRESSURIZADA DE 10 L, CLASSE A","UN    ","CR",219.53]
[10888,"EXTINTOR DE INCENDIO PORTATIL COM CARGA DE GAS CARBONICO CO2 DE 4 KG, CLASSE BC","UN    ","CR",694.79]
[10889,"EXTINTOR DE INCENDIO PORTATIL COM CARGA DE GAS CARBONICO CO2 DE 6 KG, CLASSE BC","UN    ","CR",752.7]
[10890,"EXTINTOR DE INCENDIO PORTATIL COM CARGA DE PO QUIMICO SECO (PQS) DE 12 KG, CLASSE BC","UN    ","CR",347.39]
[10891,"EXTINTOR DE INCENDIO PORTATIL COM CARGA DE PO QUIMICO SECO (PQS) DE 4 KG, CLASSE BC","UN    ","CR",212.29]
[10892,"EXTINTOR DE INCENDIO PORTATIL COM CARGA DE PO QUIMICO SECO (PQS) DE 6 KG, CLASSE BC","UN    ","C ",250.9]
[20977,"EXTINTOR DE INCENDIO PORTATIL COM CARGA DE PO QUIMICO SECO (PQS) DE 8 KG, CLASSE BC","UN    ","CR",299.14]
[3073,"EXTREMIDADE PVC PBA, BF, JE, DN 100/ DE 110 MM (NBR 10351)","UN    ","AS",270.64]
[3068,"EXTREMIDADE PVC PBA, BF, JE, DN 50 / DE 60 MM (NBR 10351)","UN    ","AS",54.1]
[3074,"EXTREMIDADE PVC PBA, BF, JE, DN 75/ DE 85 MM (NBR 10351)","UN    ","AS",170.86]
[3076,"EXTREMIDADE PVC PBA, PF, JE, DN 100 / DE 110 MM (NBR 10351)","UN    ","AS",222.49]
[3072,"EXTREMIDADE PVC PBA, PF, JE, DN 50/ DE 60 MM (NBR 10351)","UN    ","AS",56.05]
[3075,"EXTREMIDADE PVC PBA, PF, JE, DN 75 / DE 85 MM (NBR 10351)","UN    ","AS",140.6]
[10780,"EXTREMIDADE/TUBETE PARA HIDROMETRO PVC, COM ROSCA, CURTA, COM BUCHA LATAO, 1/2\"","UN    ","AS",11.88]
[10781,"EXTREMIDADE/TUBETE PARA HIDROMETRO PVC, COM ROSCA, CURTA, COM BUCHA LATAO, 3/4\"","UN    ","AS",19.07]
[20106,"EXTREMIDADE/TUBETE PARA HIDROMETRO PVC, COM ROSCA, CURTA, SEM BUCHA LATAO, 1/2\"","UN    ","AS",6.28]
[20107,"EXTREMIDADE/TUBETE PARA HIDROMETRO PVC, COM ROSCA, CURTA, SEM BUCHA LATAO, 3/4\"","UN    ","AS",7.2]
[20108,"EXTREMIDADE/TUBETE PARA HIDROMETRO PVC, COM ROSCA, LONGA, SEM BUCHA LATAO, 1/2\"","UN    ","AS",9.5]
[20109,"EXTREMIDADE/TUBETE PARA HIDROMETRO PVC, COM ROSCA, LONGA, SEM BUCHA LATAO, 3/4\"","UN    ","AS",11.88]
[43612,"FECHADRUA BICO DE PAPAGAIO PARA PORTA DE CORRER EXTERNA, EM ACO INOX COM ACABAMENTO CROMADO, MAQUINA COM 45 MM, INCLUINDO CHAVE TIPO CILINDRO","CJ    ","CR",92.54]
[43613,"FECHADRUA BICO DE PAPAGAIO PARA PORTA DE CORRER INTERNA, EM ACO INOX COM ACABAMENTO CROMADO, MAQUINA COM 45 MM, INCLUINDO CHAVE TIPO BIPARTIDA","CJ    ","CR",76.61]
[11480,"FECHADURA AUXILIAR DE SEGURANCA PARA PORTA EXTERNA, EM ACO INOX, BROCA DE 45 A 55 MM, LINGUETA COM 3 AVANCOS, INCLUINDO 2 CHAVES TIPO CILINDRO","CJ    ","CR",117.58]
[11469,"FECHADURA DE EMBUTIR PARA GAVETA E MOVEIS DE MADEIRA, EM ACO INOX COM ACABAMENTO CROMADO, COM ABAS LATERAIS, CILINDRO COM 22 MM DE DIAMETRO, INCLUINDO CHAVE COM PERFIL METALICO E CAPA ESCAMOTEAVEL","UN    ","CR",12.55]
[11468,"FECHADURA DE SOBREPOR PARA GAVETAS E ARMARIOS, EM ACO INOX COM ACABAMENTO CROMADO, COM CILINDRO DE APROX 20 MM","UN    ","CR",12.56]
[11484,"FECHADURA DE SOBREPOR PARA PORTAO, EM ACO INOX COM ACABAMENTO CROMADO, CAIXA DE 100 MM, INCLUINDO CHAVE TIPO CILINDRO","UN    ","CR",55.16]
[38155,"FECHADURA DE SOBREPOR PARA PORTAO, EM ACO INOX COM ACABAMENTO CROMADO, CAIXA DE 100 MM, INCLUINDO CHAVE TIPO TETRA","UN    ","CR",85.64]
[11467,"FECHADURA DE SOBREPOR TIPO CAIXAO, EM FERRO COM ACABAMENTO RESINADO, SEM MACANETA, SEM CILINDRO, INCLUINDO CHAVE TIPO SIMPLES","UN    ","CR",19.57]
[38153,"FECHADURA ESPELHO PARA PORTA DE BANHEIRO, EM ACO INOX (MAQUINA, TESTA E CONTRA-TESTA) E EM ZAMAC (MACANETA, LINGUETA E TRINCOS) COM ACABAMENTO CROMADO, MAQUINA DE 40 MM, INCLUINDO CHAVE TIPO TRANQUETA","CJ    ","CR",49.99]
[43607,"FECHADURA ESPELHO PARA PORTA DE BANHEIRO, EM ACO INOX (MAQUINA, TESTA E CONTRA-TESTA) E EM ZAMAC (MACANETA, LINGUETA E TRINCOS) COM ACABAMENTO CROMADO, MAQUINA DE 55 MM, INCLUINDO CHAVE TIPO TRANQUETA  (CONJUNTO DE FECHADURAS)","CJ    ","CR",94.55]
[3080,"FECHADURA ESPELHO PARA PORTA EXTERNA, EM ACO INOX (MAQUINA, TESTA E CONTRA-TESTA) E EM ZAMAC (MACANETA, LINGUETA E TRINCOS) COM ACABAMENTO CROMADO, MAQUINA DE 40 MM, INCLUINDO CHAVE TIPO CILINDRO","CJ    ","C ",63.57]
[3081,"FECHADURA ESPELHO PARA PORTA EXTERNA, EM ACO INOX (MAQUINA, TESTA E CONTRA-TESTA) E EM ZAMAC (MACANETA, LINGUETA E TRINCOS) COM ACABAMENTO CROMADO, MAQUINA DE 55 MM, INCLUINDO CHAVE TIPO CILINDRO","CJ    ","CR",125.77]
[3090,"FECHADURA ESPELHO PARA PORTA INTERNA, EM ACO INOX (MAQUINA, TESTA E CONTRA-TESTA) E EM ZAMAC (MACANETA, LINGUETA E TRINCOS) COM ACABAMENTO CROMADO, MAQUINA DE 40 MM, INCLUINDO CHAVE TIPO INTERNA","CJ    ","CR",56.74]
[43611,"FECHADURA ESPELHO PARA PORTA INTERNA, EM ACO INOX (MAQUINA, TESTA E CONTRA-TESTA) E EM ZAMAC (MACANETA, LINGUETA E TRINCOS) COM ACABAMENTO CROMADO, MAQUINA DE 55 MM, INCLUINDO CHAVE TIPO INTERNA","CJ    ","CR",94.15]
[3103,"FECHADURA PARA PORTA PIVOTANTE DE VIDRO TEMPERADO, EM ACO INOX COM ACABAMENTO CROMADO, RECORTE PADRAO SANTA MARINA, COM CILINDRO EM LATAO, INCLUINDO CHAVE TIPO CILINDRO","UN    ","CR",47.04]
[3097,"FECHADURA ROSETA REDONDA PARA PORTA DE BANHEIRO, EM ACO INOX (MAQUINA, TESTA E CONTRA-TESTA) E EM ZAMAC (MACANETA, LINGUETA E TRINCOS) COM ACABAMENTO CROMADO, MAQUINA DE 40 MM, INCLUINDO CHAVE TIPO TRANQUETA","CJ    ","CR",71.17]
[3099,"FECHADURA ROSETA REDONDA PARA PORTA DE BANHEIRO, EM ACO INOX (MAQUINA, TESTA E CONTRA-TESTA) E EM ZAMAC (MACANETA, LINGUETA E TRINCOS) COM ACABAMENTO CROMADO, MAQUINA DE 55 MM, INCLUINDO CHAVE TIPO TRANQUETA","CJ    ","CR",113.97]
[38151,"FECHADURA ROSETA REDONDA PARA PORTA EXTERNA, EM ACO INOX (MAQUINA, TESTA E CONTRA-TESTA) E EM ZAMAC (MACANETA, LINGUETA E TRINCOS) COM ACABAMENTO CROMADO, MAQUINA DE 40 MM, INCLUINDO CHAVE TIPO CILINDRO","CJ    ","CR",82.62]
[38152,"FECHADURA ROSETA REDONDA PARA PORTA EXTERNA, EM ACO INOX (MAQUINA, TESTA E CONTRA-TESTA) E EM ZAMAC (MACANETA, LINGUETA E TRINCOS) COM ACABAMENTO CROMADO, MAQUINA DE 55 MM, INCLUINDO CHAVE TIPO CILINDRO","CJ    ","CR",133.28]
[43610,"FECHADURA ROSETA REDONDA PARA PORTA INTERNA, EM ACO INOX (MAQUINA, TESTA E CONTRA-TESTA) E EM ZAMAC (MACANETA, LINGUETA E TRINCOS) COM ACABAMENTO CROMADO, MAQUINA DE 40 MM, INCLUINDO CHAVE TIPO INTERNA (CONJUNTO DE FECHADURAS)","CJ    ","CR",70.62]
[3093,"FECHADURA ROSETA REDONDA PARA PORTA INTERNA, EM ACO INOX (MAQUINA, TESTA E CONTRA-TESTA) E EM ZAMAC (MACANETA, LINGUETA E TRINCOS) COM ACABAMENTO CROMADO, MAQUINA DE 55 MM, INCLUINDO CHAVE TIPO INTERNA","CJ    ","CR",113.97]
[38165,"FECHO / FECHADURA COM PUXADOR CONCHA, COM TRANCA TIPO TRAVA, PARA JANELA / PORTA DE CORRER (INCLUI TESTA, FECHADURA, PUXADOR) - COMPLETA","CJ    ","CR",79.31]
[38177,"FECHO / TRINCO TIPO AVIAO, EM ZAMAC CROMADO, *60* MM, PARA JANELAS - INCLUI PARAFUSOS","UN    ","CR",23.57]
[11458,"FECHO DE SEGURANCA, TIPO BATOM, EM LATAO / ZAMAC, CROMADO, PARA PORTAS E JANELAS - INCLUI PARAFUSOS","UN    ","CR",28.14]
[3108,"FECHO QUEBRA UNHA, EM LATAO COM ACABAMENTO CROMADO, DE EMBUTIR, COM COMANDO ALAVANCA, ALTURA DE DE 22 CM, LARGURA MINIMA DE 1,90 CM E ESPESSURA MINIMA DE 1,90 MM, PARA PORTAS E JANELAS (INCLUI PARAFUSOS)","UN    ","CR",119.62]
[3105,"FECHO QUEBRA UNHA, EM LATAO COM ACABAMENTO CROMADO, DE EMBUTIR, COM COMANDO ALAVANCA, ALTURA DE DE 40 CM, LARGURA MINIMA DE 1,90 CM E ESPESSURA MINIMA DE 1,90 MM, PARA PORTAS E JANELAS (INCLUI PARAFUSOS)","UN    ","CR",156.44999999999999]
[38178,"FECHO QUEBRA UNHA, EM LATAO COM ACABAMENTO CROMADO, DE EMBUTIR, COM COMANDO DESLIZANTE, ALTURA DE 12 CM, LARGURA MINIMA DE 1,90 CM E ESPESSURA MINIMA DE 1,90 MM","UN    ","CR",25.93]
[43575,"FECHO QUEBRA UNHA, EM LATAO COM ACABAMENTO CROMADO, DE EMBUTIR, COM COMANDO DESLIZANTE, ALTURA DE 22 CM, LARGURA MINIMA DE 1,90 CM E ESPESSURA MINIMA DE 1,90 MM","UN    ","CR",56.19]
[43577,"FECHO QUEBRA UNHA, EM LATAO COM ACABAMENTO CROMADO, DE EMBUTIR, COM COMANDO DESLIZANTE, ALTURA DE 40 CM, LARGURA MINIMA DE 1,90 CM E ESPESSURA MINIMA DE 1,90 MM","UN    ","CR",97.68]
[43458,"FERRAMENTAS - FAMILIA ALMOXARIFE - HORISTA (ENCARGOS COMPLEMENTARES - COLETADO CAIXA)","H     ","C ",0.05]
[43470,"FERRAMENTAS - FAMILIA ALMOXARIFE - MENSALISTA (ENCARGOS COMPLEMENTARES - COLETADO CAIXA)","MES   ","C ",9.2100000000000009]
[43459,"FERRAMENTAS - FAMILIA CARPINTEIRO DE FORMAS - HORISTA (ENCARGOS COMPLEMENTARES - COLETADO CAIXA)","H     ","C ",0.45]
[43471,"FERRAMENTAS - FAMILIA CARPINTEIRO DE FORMAS - MENSALISTA (ENCARGOS COMPLEMENTARES - COLETADO CAIXA)","MES   ","C ",84.46]
[43460,"FERRAMENTAS - FAMILIA ELETRICISTA - HORISTA (ENCARGOS COMPLEMENTARES - COLETADO CAIXA)","H     ","C ",0.78]
[43472,"FERRAMENTAS - FAMILIA ELETRICISTA - MENSALISTA (ENCARGOS COMPLEMENTARES - COLETADO CAIXA)","MES   ","C ",147.22999999999999]
[43461,"FERRAMENTAS - FAMILIA ENCANADOR - HORISTA (ENCARGOS COMPLEMENTARES - COLETADO CAIXA)","H     ","C ",0.32]
[43473,"FERRAMENTAS - FAMILIA ENCANADOR - MENSALISTA (ENCARGOS COMPLEMENTARES - COLETADO CAIXA)","MES   ","C ",60.93]
[43463,"FERRAMENTAS - FAMILIA ENCARREGADO GERAL - HORISTA (ENCARGOS COMPLEMENTARES - COLETADO CAIXA)","H     ","C ",0.1]
[43475,"FERRAMENTAS - FAMILIA ENCARREGADO GERAL - MENSALISTA (ENCARGOS COMPLEMENTARES - COLETADO CAIXA)","MES   ","C ",18.579999999999998]
[43462,"FERRAMENTAS - FAMILIA ENGENHEIRO CIVIL - HORISTA (ENCARGOS COMPLEMENTARES - COLETADO CAIXA)","H     ","C ",0.01]
[43474,"FERRAMENTAS - FAMILIA ENGENHEIRO CIVIL - MENSALISTA (ENCARGOS COMPLEMENTARES - COLETADO CAIXA)","MES   ","C ",1.9]
[43464,"FERRAMENTAS - FAMILIA OPERADOR ESCAVADEIRA - HORISTA (ENCARGOS COMPLEMENTARES - COLETADO CAIXA)","H     ","C ",0.01]
[43476,"FERRAMENTAS - FAMILIA OPERADOR ESCAVADEIRA - MENSALISTA (ENCARGOS COMPLEMENTARES - COLETADO CAIXA)","MES   ","C ",0.01]
[43465,"FERRAMENTAS - FAMILIA PEDREIRO - HORISTA (ENCARGOS COMPLEMENTARES - COLETADO CAIXA)","H     ","C ",0.74]
[43477,"FERRAMENTAS - FAMILIA PEDREIRO - MENSALISTA (ENCARGOS COMPLEMENTARES - COLETADO CAIXA)","MES   ","C ",139.44]
[43466,"FERRAMENTAS - FAMILIA PINTOR - HORISTA (ENCARGOS COMPLEMENTARES - COLETADO CAIXA)","H     ","C ",1.48]
[43478,"FERRAMENTAS - FAMILIA PINTOR - MENSALISTA (ENCARGOS COMPLEMENTARES - COLETADO CAIXA)","MES   ","C ",279.08999999999997]
[43467,"FERRAMENTAS - FAMILIA SERVENTE - HORISTA (ENCARGOS COMPLEMENTARES - COLETADO CAIXA)","H     ","C ",0.56000000000000005]
[43479,"FERRAMENTAS - FAMILIA SERVENTE - MENSALISTA (ENCARGOS COMPLEMENTARES - COLETADO CAIXA)","MES   ","C ",106.33]
[43468,"FERRAMENTAS - FAMILIA SOLDADOR - HORISTA (ENCARGOS COMPLEMENTARES - COLETADO CAIXA)","H     ","C ",1.07]
[43480,"FERRAMENTAS - FAMILIA SOLDADOR - MENSALISTA (ENCARGOS COMPLEMENTARES - COLETADO CAIXA)","MES   ","C ",201.56]
[43469,"FERRAMENTAS - FAMILIA TOPOGRAFO - HORISTA (ENCARGOS COMPLEMENTARES - COLETADO CAIXA)","H     ","C ",7.0000000000000007E-2]
[43481,"FERRAMENTAS - FAMILIA TOPOGRAFO - MENSALISTA (ENCARGOS COMPLEMENTARES - COLETADO CAIXA)","MES   ","C ",13.21]
[3119,"FERROLHO COM FECHO / TRINCO REDONDO, EM ACO GALVANIZADO / ZINCADO, DE SOBREPOR, COM COMPRIMENTO DE 2\" E ESPESSURA MINIMA DA CHAPA DE 0,90 MM, PARA PORTAS E JANELAS","UN    ","CR",3.04]
[3122,"FERROLHO COM FECHO / TRINCO REDONDO, EM ACO GALVANIZADO / ZINCADO, DE SOBREPOR, COM COMPRIMENTO DE 3\" A 4\" E ESPESSURA MINIMA DA CHAPA DE 0,90 MM","UN    ","CR",6.2]
[3121,"FERROLHO COM FECHO / TRINCO REDONDO, EM ACO GALVANIZADO / ZINCADO, DE SOBREPOR, COM COMPRIMENTO DE 5\" E ESPESSURA MINIMA DA CHAPA DE 0,90 MM","UN    ","CR",7.02]
[3120,"FERROLHO COM FECHO / TRINCO REDONDO, EM ACO GALVANIZADO / ZINCADO, DE SOBREPOR, COM COMPRIMENTO DE 6\" E ESPESSURA MINIMA DA CHAPA DE 1,50 MM","UN    ","CR",13.32]
[11455,"FERROLHO COM FECHO / TRINCO REDONDO, EM ACO GALVANIZADO / ZINCADO, DE SOBREPOR, COM COMPRIMENTO DE 8\" E ESPESSURA MINIMA DA CHAPA DE 1,50 MM","UN    ","CR",19.260000000000002]
[11456,"FERROLHO COM FECHO /TRINCO REDONDO, EM ACO GALVANIZADO / ZINCADO, DE SOBREPOR, COM COMPRIMENTO DE 10\" A 12\" E ESPESSURA MINIMA DA CHAPA DE 1,50 MM","UN    ","CR",23.03]
[3107,"FERROLHO COM FECHO CHATO E PORTA CADEADO , EM ACO GALVANIZADO / ZINCADO, DE SOBREPOR, COM COMPRIMENTO DE 3\" A 4\", CHAPA COM ESPESSURA MINIMA DE 0,90 MM E LARGURA MINIMA DE 3,20 CM (FECHO SIMPLES / LEVE) (INCLUI PARAFUSOS)","UN    ","CR",9.7100000000000009]
[43583,"FERROLHO COM FECHO CHATO E PORTA CADEADO , EM ACO GALVANIZADO / ZINCADO, DE SOBREPOR, COM COMPRIMENTO DE 3\" A 4\", CHAPA COM ESPESSURA MINIMA DE 1,70 MM E LARGURA MINIMA DE 5,00 CM (FECHO REFORCADO)","UN    ","CR",10.95]
[43586,"FERROLHO COM FECHO CHATO E PORTA CADEADO , EM ACO GALVANIZADO / ZINCADO, DE SOBREPOR, COM COMPRIMENTO DE 5\", CHAPA COM ESPESSURA MINIMA DE 0,90 MM E LARGURA MINIMA DE 3,20 CM (FECHO SIMPLES)","UN    ","CR",11.22]
[11461,"FERROLHO COM FECHO CHATO E PORTA CADEADO , EM ACO GALVANIZADO / ZINCADO, DE SOBREPOR, COM COMPRIMENTO DE 5\", CHAPA COM ESPESSURA MINIMA DE 1,70 MM E LARGURA MINIMA DE 5,00 CM (FECHO REFORCADO)","UN    ","CR",12.23]
[43587,"FERROLHO COM FECHO CHATO E PORTA CADEADO , EM ACO GALVANIZADO / ZINCADO, DE SOBREPOR, COM COMPRIMENTO DE 6\", CHAPA COM ESPESSURA MINIMA DE 0,90 MM E LARGURA MINIMA DE 3,80 CM (FECHO SIMPLES)","UN    ","CR",14.11]
[3106,"FERROLHO COM FECHO CHATO E PORTA CADEADO , EM ACO GALVANIZADO / ZINCADO, DE SOBREPOR, COM COMPRIMENTO DE 6\", CHAPA COM ESPESSURA MINIMA DE 1,70 MM E LARGURA /MINIMA DE 5,00 CM (FECHO REFORCADO) (INCLUI PARAFUSOS)","UN    ","CR",17.91]
[44539,"FERTILIZANTE NPK -  10:10:10","KG    ","CR",4.26]
[3123,"FERTILIZANTE NPK - 4: 14: 8","KG    ","C ",3.97]
[38125,"FERTILIZANTE ORGANICO COMPOSTO, CLASSE A","KG    ","CR",1.23]
[39014,"FIBRA DE ACO PARA REFORCO DO CONCRETO, SOLTA, TIPO A-I, FATOR DE FORMA *50* L / D, COMPRIMENTO DE *30* MM E RESISTENCIA A TRACAO DO ACO MAIOR 1000 MPA","KG    ","CR",7.03]
[39365,"FILTRO ANAEROBIO, EM POLIETILENO DE ALTA DENSIDADE (PEAD), CAPACIDADE *1100* LITROS (NBR 13969)","UN    ","CR",1287.73]
[39366,"FILTRO ANAEROBIO, EM POLIETILENO DE ALTA DENSIDADE (PEAD), CAPACIDADE *2800* LITROS (NBR 13969)","UN    ","CR",3297.14]
[39367,"FILTRO ANAEROBIO, EM POLIETILENO DE ALTA DENSIDADE (PEAD), CAPACIDADE *5000* LITROS (NBR 13969)","UN    ","CR",4506.59]
[37394,"FINCAPINO CURTO CALIBRE 22 VERMELHO, CARGA MEDIA (ACAO DIRETA)","CENTO ","AS",42.12]
[14146,"FINCAPINO LONGO CALIBRE 22, CARGA FORTE (ACAO DIRETA)","CENTO ","AS",67.739999999999995]
[38134,"FIO COBRE NU DE 150 A 500 MM2, PARA TENSOES DE ATE 600 V","KG    ","CR",107.16]
[38132,"FIO COBRE NU DE 16 A 35 MM2, PARA TENSOES DE ATE 600 V","KG    ","CR",109.3]
[38133,"FIO COBRE NU DE 50 A 120 MM2, PARA TENSOES DE ATE 600 V","KG    ","CR",105.72]
[938,"FIO DE COBRE, SOLIDO, CLASSE 1, ISOLACAO EM PVC/A, ANTICHAMA BWF-B, 450/750V, SECAO NOMINAL 1,5 MM2","M     ","CR",1.55]
[937,"FIO DE COBRE, SOLIDO, CLASSE 1, ISOLACAO EM PVC/A, ANTICHAMA BWF-B, 450/750V, SECAO NOMINAL 10 MM2","M     ","CR",9.6]
[939,"FIO DE COBRE, SOLIDO, CLASSE 1, ISOLACAO EM PVC/A, ANTICHAMA BWF-B, 450/750V, SECAO NOMINAL 2,5 MM2","M     ","CR",2.48]
[944,"FIO DE COBRE, SOLIDO, CLASSE 1, ISOLACAO EM PVC/A, ANTICHAMA BWF-B, 450/750V, SECAO NOMINAL 4 MM2","M     ","CR",4.25]
[940,"FIO DE COBRE, SOLIDO, CLASSE 1, ISOLACAO EM PVC/A, ANTICHAMA BWF-B, 450/750V, SECAO NOMINAL 6 MM2","M     ","CR",5.87]
[936,"FIO TELEFONICO EXTERNO (FE) EM ACO COBREADO, ISOLACAO EM PEAD OU PVC ANTI-CHAMA, 2 CONDUTORES","M     ","CR",1.69]
[935,"FIO TELEFONICO INTERNO (FI) EM COBRE ESTANHADO, ISOLACAO EM PVC ANTICHAMA, 2 CONDUTORES DE 0,6 MM (NBR 9115:2005)","M     ","CR",1.29]
[44397,"FITA / CINTA AUTOADESIVA ELASTOMERICA PARA VEDACAO, L= 50 MM, E = 3 MM","M     ","CR",2.39]
[406,"FITA ACO INOX PARA CINTAR POSTE, L = 19 MM, E = 0,5 MM (ROLO DE 30M)","UN    ","CR",95.59]
[42529,"FITA ADESIVA ALUMINIZADA, PARA INSTALACAO DE MANTAS DE SUBCOBERTURA,  L = *5* CM","M     ","CR",1.56]
[39634,"FITA ADESIVA ANTICORROSIVA DE PVC FLEXIVEL, COR PRETA, PARA PROTECAO TUBULACAO, 50 MM X 30 M (L X C), E= *0,25* MM","M     ","CR",8.36]
[39701,"FITA ADESIVA ASFALTICA ALUMINIZADA MULTIUSO, L = 10 CM, ROLO DE 10 M","UN    ","CR",86.59]
[12815,"FITA CREPE ROLO DE 25 MM X 50 M","UN    ","CR",8.43]
[407,"FITA DE ALUMINIO PARA PROTECAO DO CONDUTOR LARGURA 10 MM","KG    ","CR",67.930000000000007]
[39431,"FITA DE PAPEL MICROPERFURADO, 50 X 150 MM, PARA TRATAMENTO DE JUNTAS DE CHAPA DE GESSO PARA DRYWALL","M     ","CR",0.33]
[39432,"FITA DE PAPEL REFORCADA COM LAMINA DE METAL PARA REFORCO DE CANTOS DE CHAPA DE GESSO PARA DRYWALL","M     ","CR",2.99]
[20111,"FITA ISOLANTE ADESIVA ANTICHAMA, USO ATE 750 V, EM ROLO DE 19 MM X 20 M","UN    ","C ",7.14]
[21127,"FITA ISOLANTE ADESIVA ANTICHAMA, USO ATE 750 V, EM ROLO DE 19 MM X 5 M","UN    ","CR",2.7]
[404,"FITA ISOLANTE DE BORRACHA AUTOFUSAO, USO ATE 69 KV (ALTA TENSAO)","M     ","CR",0.97]
[14151,"FITA METALICA GRAVADA, L = 17 MM, ROLO DE 25 M, CARGA RECOMENDADA = *120* KGF","UN    ","AS",48.68]
[14153,"FITA METALICA PERFURADA, L = *18* MM, ROLO DE 30 M, CARGA RECOMENDADA = *30* KGF","UN    ","AS",55.03]
[14152,"FITA METALICA PERFURADA, L = 17 MM, ROLO DE 30 M, CARGA RECOMENDADA = *19* KGF","UN    ","AS",42.25]
[14154,"FITA METALICA PERFURADA, L = 25 MM, ROLO DE 30 M, CARGA RECOMENDADA = *222,5* KGF","UN    ","AS",147.88]
[3146,"FITA VEDA ROSCA EM ROLOS DE 18 MM X 10 M (L X C)","UN    ","C ",4.29]
[3143,"FITA VEDA ROSCA EM ROLOS DE 18 MM X 25 M (L X C)","UN    ","CR",9.76]
[3148,"FITA VEDA ROSCA EM ROLOS DE 18 MM X 50 M (L X C)","UN    ","CR",15.82]
[4310,"FIXADOR DE ABA AUTOTRAVANTE PARA TELHA DE FIBROCIMENTO, TIPO CANALETE 90 OU KALHETAO","UN    ","CR",2.23]
[4311,"FIXADOR DE ABA SIMPLES PARA TELHA DE FIBROCIMENTO, TIPO CANALETA 49 OU KALHETA","UN    ","CR",1.57]
[4312,"FIXADOR DE ABA SIMPLES PARA TELHA DE FIBROCIMENTO, TIPO CANALETA 90 OU KALHETAO","UN    ","CR",2.19]
[13261,"FLANELA *30 X 40* CM","UN    ","CR",2.06]
[3255,"FLANGE PVC, ROSCAVEL SEXTAVADO SEM FUROS 3/4\"","UN    ","CR",12.8]
[3254,"FLANGE PVC, ROSCAVEL, SEXTAVADO, SEM FUROS 3\"","UN    ","CR",207.83]
[3259,"FLANGE PVC, ROSCAVEL, SEXTAVADO, SEM FUROS, 1 1/2\"","UN    ","CR",24.98]
[3258,"FLANGE PVC, ROSCAVEL, SEXTAVADO, SEM FUROS, 1 1/4\"","UN    ","CR",15.09]
[3251,"FLANGE PVC, ROSCAVEL, SEXTAVADO, SEM FUROS, 1/2\"","UN    ","CR",8.9]
[3256,"FLANGE PVC, ROSCAVEL, SEXTAVADO, SEM FUROS, 1\"","UN    ","CR",16.850000000000001]
[3261,"FLANGE PVC, ROSCAVEL, SEXTAVADO, SEM FUROS, 2 1/2\"","UN    ","CR",183.79]
[3260,"FLANGE PVC, ROSCAVEL, SEXTAVADO, SEM FUROS, 2\"","UN    ","CR",31.58]
[3272,"FLANGE SEXTAVADO DE FERRO GALVANIZADO, COM ROSCA BSP, DE 1 1/2\"","UN    ","CR",45.82]
[3265,"FLANGE SEXTAVADO DE FERRO GALVANIZADO, COM ROSCA BSP, DE 1 1/4\"","UN    ","CR",36.4]
[3262,"FLANGE SEXTAVADO DE FERRO GALVANIZADO, COM ROSCA BSP, DE 1/2\"","UN    ","CR",15.93]
[3264,"FLANGE SEXTAVADO DE FERRO GALVANIZADO, COM ROSCA BSP, DE 1\"","UN    ","CR",26.17]
[3267,"FLANGE SEXTAVADO DE FERRO GALVANIZADO, COM ROSCA BSP, DE 2 1/2\"","UN    ","CR",85.48]
[3266,"FLANGE SEXTAVADO DE FERRO GALVANIZADO, COM ROSCA BSP, DE 2\"","UN    ","CR",54.39]
[3263,"FLANGE SEXTAVADO DE FERRO GALVANIZADO, COM ROSCA BSP, DE 3/4\"","UN    ","CR",21.76]
[3268,"FLANGE SEXTAVADO DE FERRO GALVANIZADO, COM ROSCA BSP, DE 3\"","UN    ","CR",115.58]
[3271,"FLANGE SEXTAVADO DE FERRO GALVANIZADO, COM ROSCA BSP, DE 4\"","UN    ","CR",170.87]
[3270,"FLANGE SEXTAVADO DE FERRO GALVANIZADO, COM ROSCA BSP, DE 6\"","UN    ","CR",287.07]
[3275,"FORRO COMPOSTO POR PAINEIS DE LA DE VIDRO, REVESTIDOS EM PVC MICROPERFURADO, DE *1250 X 625* MM, ESPESSURA 15 MM (COM COLOCACAO)","M2    ","CR",166.19]
[39512,"FORRO DE FIBRA MINERAL EM PLACAS DE 1250 X 625 MM, E = 15 MM, BORDA RETA, COM PINTURA ANTIMOFO, APOIADO EM PERFIL DE ACO GALVANIZADO COM 24 MM DE BASE - INSTALADO","M2    ","CR",99.06]
[39511,"FORRO DE FIBRA MINERAL EM PLACAS DE 625 X 625 MM, E = 15 MM, BORDA RETA, COM PINTURA ANTIMOFO, APOIADO EM PERFIL DE ACO GALVANIZADO COM 24 MM DE BASE - INSTALADO","M2    ","CR",108.05]
[39513,"FORRO DE FIBRA MINERAL EM PLACAS DE 625 X 625 MM, E = 15/16 MM, BORDA REBAIXADA, COM PINTURA ANTIMOFO, APOIADO EM PERFIL DE ACO GALVANIZADO COM 24 MM DE BASE - INSTALADO","M2    ","CR",115.9]
[3286,"FORRO DE MADEIRA CEDRINHO OU EQUIVALENTE DA REGIAO, ENCAIXE MACHO/FEMEA COM FRISO, *10 X 1* CM (SEM COLOCACAO)","M2    ","CR",73.849999999999994]
[3287,"FORRO DE MADEIRA CUMARU/IPE CHAMPANHE OU EQUIVALENTE DA REGIAO, ENCAIXE MACHO/FEMEA COM FRISO, *10 X 1* CM (SEM COLOCACAO)","M2    ","CR",111.6]
[3283,"FORRO DE MADEIRA PINUS OU EQUIVALENTE DA REGIAO, ENCAIXE MACHO/FEMEA COM FRISO, *10 X 1* CM (SEM COLOCACAO)","M2    ","CR",23.44]
[11587,"FORRO DE PVC LISO, BRANCO, REGUA DE 10 CM, ESPESSURA DE 8 MM A 10 MM (COM COLOCACAO / SEM ESTRUTURA METALICA)","M2    ","CR",113.96]
[36225,"FORRO DE PVC LISO, BRANCO, REGUA DE 20 CM, ESPESSURA DE 8 MM A 10 MM, COMPRIMENTO 6 M (SEM COLOCACAO)","M2    ","CR",46.29]
[36230,"FORRO DE PVC, FRISADO, BRANCO, REGUA DE 10 CM, ESPESSURA DE 8 MM A 10 MM E COMPRIMENTO 6 M (SEM COLOCACAO)","M2    ","C ",34.01]
[36238,"FORRO DE PVC, FRISADO, BRANCO, REGUA DE 20 CM, ESPESSURA DE 8 MM A 10 MM E COMPRIMENTO 6 M (SEM COLOCACAO)","M2    ","CR",33.229999999999997]
[39363,"FOSSA SEPTICA, SEM FILTRO, PARA 15 A 30 CONTRIBUINTES, CILINDRICA, COM TAMPA, EM POLIETILENO DE ALTA DENSIDADE (PEAD), CAPACIDADE APROXIMADA DE 5500 LITROS (NBR 7229)","UN    ","CR",5245.45]
[39361,"FOSSA SEPTICA, SEM FILTRO, PARA 4 A 7 CONTRIBUINTES, CILINDRICA,  COM TAMPA, EM POLIETILENO DE ALTA DENSIDADE (PEAD), CAPACIDADE APROXIMADA DE 1100 LITROS (NBR 7229)","UN    ","CR",1348.83]
[39362,"FOSSA SEPTICA, SEM FILTRO, PARA 8 A 14 CONTRIBUINTES, CILINDRICA, COM TAMPA, EM POLIETILENO DE ALTA DENSIDADE (PEAD), CAPACIDADE APROXIMADA DE 3000 LITROS (NBR 7229)","UN    ","CR",4150.6899999999996]
[39364,"FOSSA SEPTICA,SEM FILTRO, PARA 40 A 52 CONTRIBUINTES, CILINDRICA, COM TAMPA, EM POLIETILENO DE ALTA DENSIDADE (PEAD), CAPACIDADE APROXIMADA DE 10000 LITROS (NBR 7229)","UN    ","CR",11989.61]
[14576,"FRESADORA DE ASFALTO A FRIO SOBRE ESTEIRAS, LARG. FRESAGEM 2,00 M, POT. 410 KW/550 HP","UN    ","AS",7703087.96]
[13877,"FRESADORA DE ASFALTO A FRIO SOBRE RODAS, LARG. FRESAGEM 1,00 M, POT. 155 KW/208 HP","UN    ","AS",3297577.06]
[7307,"FUNDO ANTICORROSIVO PARA METAIS FERROSOS (ZARCAO)","L     ","CR",37.43]
[38122,"FUNDO PREPARADOR ACRILICO BASE AGUA","L     ","CR",12.51]
[43653,"FUNDO SINTETICO NIVELADOR BRANCO FOSCO PARA MADEIRA","L     ","CR",43.28]
[38633,"FURO PARA TORNEIRA OU OUTROS ACESSORIOS  EM BANCADA DE MARMORE/ GRANITO OU OUTRO TIPO DE PEDRA NATURAL","UN    ","CR",15.83]
[12344,"FUSIVEL DIAZED 20 A TAMANHO DII, CAPACIDADE DE INTERRUPCAO DE 50 KA EM VCA E 8 KA EM VCC, TENSAO NOMIMNAL DE 500 V","UN    ","CR",2.5099999999999998]
[12343,"FUSIVEL DIAZED 35 A TAMANHO DIII, CAPACIDADE DE INTERRUPCAO DE 50 KA EM VCA E 8 KA EM VCC, TENSAO NOMIMNAL DE 500 V","UN    ","CR",3.9]
[3295,"FUSIVEL NH *36* A 80 AMPERES, TAMANHO 00, CAPACIDADE DE INTERRUPCAO DE 120 KA, TENSAO NOMIMNAL DE 500 V","UN    ","CR",13.62]
[3302,"FUSIVEL NH 100 A TAMANHO 00, CAPACIDADE DE INTERRUPCAO DE 120 KA, TENSAO NOMIMNAL DE 500 V","UN    ","CR",14.24]
[3297,"FUSIVEL NH 125 A TAMANHO 00, CAPACIDADE DE INTERRUPCAO DE 120 KA, TENSAO NOMIMNAL DE 500 V","UN    ","CR",15.2]
[3294,"FUSIVEL NH 160 A TAMANHO 00, CAPACIDADE DE INTERRUPCAO DE 120 KA, TENSAO NOMIMNAL DE 500 V","UN    ","CR",15.43]
[3292,"FUSIVEL NH 20 A TAMANHO 000, CAPACIDADE DE INTERRUPCAO DE 120 KA, TENSAO NOMIMNAL DE 500 V","UN    ","C ",14.5]
[3298,"FUSIVEL NH 200 A 250 AMPERES, TAMANHO 1, CAPACIDADE DE INTERRUPCAO DE 120 KA, TENSAO NOMIMNAL DE 500 V","UN    ","CR",33.979999999999997]
[11596,"GABIAO  TIPO CAIXA, MALHA HEXAGONAL 8 X 10 CM (ZN/AL), FIO 2,7 MM, DIMENSOES 2,0 X 1,0 X 0,5 M (C X L X A)","UN    ","AS",471.02]
[34802,"GABIAO MANTA (COLCHAO) MALHA HEXAGONAL 6 X 8 CM (ZN/AL REVESTIDO COM POLIMERO), DIMENSOES 4,0 X 2,0 X 0,17 M (C X L X A) FIO 2 MM","UN    ","AS",1293.57]
[11588,"GABIAO MANTA (COLCHAO) MALHA HEXAGONAL 6 X 8 CM (ZN/AL REVESTIDO COM POLIMERO), FIO 2 MM, DIMENSOES 4,0 X 2,0 X 0,23 M (C X L X A)","UN    ","AS",1395.55]
[34383,"GABIAO MANTA (COLCHAO) MALHA HEXAGONAL 6 X 8 CM (ZN/AL REVESTIDO COM POLIMERO), FIO 2 MM, DIMENSOES 4,0 X 2,0 X 0,3 M (C X L X A)","UN    ","AS",1535.21]
[40451,"GABIAO MANTA (COLCHAO) MALHA HEXAGONAL 6 X 8 CM (ZN/AL REVESTIDO COM POLIMERO), FIO 2,0 MM, DIMENSOES 5,0 X 2,0 X 0,17 M (C X L X A)","M2    ","AS",124.1]
[40453,"GABIAO MANTA (COLCHAO) MALHA HEXAGONAL 6 X 8 CM (ZN/AL REVESTIDO COM POLIMERO), FIO 2,0 MM, DIMENSOES 5,0 X 2,0 X 0,23 M (C X L X A)","M2    ","AS",134.27000000000001]
[40452,"GABIAO MANTA (COLCHAO) MALHA HEXAGONAL 6 X 8 CM (ZN/AL REVESTIDO COM POLIMERO), FIO 2,0 MM, DIMENSOES 5,0 X 2,0 X 0,30 M (C X L X A)","M2    ","AS",147.28]
[11594,"GABIAO SACO MALHA HEXAGONAL 8 X 10 CM (ZN/AL REVESTIDO COM POLIMERO),  FIO 2,4 MM, DIMENSOES 3,0 X 0,65 M","UN    ","AS",444.8]
[3311,"GABIAO SACO MALHA HEXAGONAL 8 X 10 CM (ZN/AL REVESTIDO COM POLIMERO), FIO 2,4 MM, H = 0,65 M","M3    ","AS",444.8]
[11599,"GABIAO SACO MALHA HEXAGONAL 8 X 10 CM (ZN/AL), FIO 2,7 MM, DIMENSOES 4,0 X 0,65 M","UN    ","AS",591.54]
[11593,"GABIAO TIPO CAIXA MALHA HEXAGONAL 8 X 10 CM (ZN/AL REVESTIDO COM POLIMERO),  FIO 2,4 MM, DIMENSOES 2,0 X 1,0 X 1,0 M (C X L X A)","UN    ","AS",829.3]
[3314,"GABIAO TIPO CAIXA MALHA HEXAGONAL 8 X 10 CM (ZN/AL REVESTIDO COM POLIMERO),  FIO 2,4 MM, H = 0,50 M","M3    ","AS",593.12]
[11597,"GABIAO TIPO CAIXA MALHA HEXAGONAL 8 X 10 CM (ZN/AL), FIO 2,7 MM, DIMENSOES 2,0 X 1,0 X 1,0 M (C X L X A)","UN    ","AS",689.72]
[3309,"GABIAO TIPO CAIXA MALHA HEXAGONAL 8 X 10 CM (ZN/AL), FIO 2,7 MM, H = 0,50 M","M3    ","AS",471.02]
[34612,"GABIAO TIPO CAIXA PARA SOLO REFORCADO, MALHA HEXAGONAL DE DUPLA TORCAO 8 X 10 CM (ZN/AL REVESTIDO COM POLIMERO), FIO 2,7 MM, DIMENSOES 2,0 X 1,0 X 0,5 M, COM CAUDA DE 3,0 M","UN    ","AS",853.07]
[34635,"GABIAO TIPO CAIXA PARA SOLO REFORCADO, MALHA HEXAGONAL DE DUPLA TORCAO 8 X 10 CM (ZN/AL REVESTIDO COM POLIMERO), FIO 2,7 MM, DIMENSOES 2,0 X 1,0 X 1,0 M, COM CAUDA DE 3,0 M","UN    ","AS",1097]
[34633,"GABIAO TIPO CAIXA PARA SOLO REFORCADO, MALHA HEXAGONAL DE DUPLA TORCAO 8 X 10 CM (ZN/AL REVESTIDO COM POLIMERO), FIO 2,7 MM, DIMENSOES 2,0 X 1,0 X 1,0 M, COM CAUDA DE 4,0 M","UN    ","AS",1209.18]
[40440,"GABIAO TIPO CAIXA PARA SOLO REFORCADO, MALHA HEXAGONAL 8 X 10 CM (ZN/AL REVESTIDO COM POLIMERO), FIO 2,7 MM, DIMENSOES 2,0 X 1,0 X 0,5 M, COM CAUDA DE 4,0 M","M3    ","AS",617.79]
[40441,"GABIAO TIPO CAIXA PARA SOLO REFORCADO, MALHA HEXAGONAL 8 X 10 CM (ZN/AL REVESTIDO COM POLIMERO), FIO 2,7 MM, DIMENSOES 2,0 X 1,0 X 1,0 M, COM CAUDA DE 4,0 M","M3    ","AS",394.42]
[40449,"GABIAO TIPO CAIXA TRAPEZOIDAL, MALHA HEXAGONAL 10 X 12 CM (ZN/AL REVESTIDO COM POLIMERO) FIO 2,7 MM, FACE COM 65 GRAUS, COM GEOSSINTETICO, DIMENSOES 2,0 X 1,5 X 1,0 M (C X L X A)","M3    ","AS",331.58]
[34800,"GABIAO TIPO CAIXA, MALHA HEXAGONAL 8 X 10 CM (ZN/AL REVESTIDO COM POLIMERO), FIO DE 2,4 MM, DIMENSOES 2,0 x 1,0 x 1,0 M (C X L X A)","M3    ","AS",414.65]
[11592,"GABIAO TIPO CAIXA, MALHA HEXAGONAL 8 X 10 CM (ZN/AL REVESTIDO COM POLIMERO), FIO 2,4 MM, DIMENSOES 2,0 X 1,0 X 0,5 M (C X L X A)","UN    ","AS",593.12]
[40438,"GABIAO TIPO CAIXA, MALHA HEXAGONAL 8 X 10 CM (ZN/AL), FIO DE 2,7 MM, DIMENSOES 2,0 X 1,0 X 1,0 M (C X L X A)","M3    ","AS",276.24]
[40436,"GABIAO TIPO CAIXA, MALHA HEXAGONAL 8 X 10 CM (ZN/AL), FIO DE 2,7 MM, DIMENSOES 5,0 X 1,0 X 1,0 M (C X L X A)","M3    ","AS",344.45]
[4315,"GANCHO CHATO EM FERRO GALVANIZADO,  L = 110 MM, RECOBRIMENTO = 100MM, SECAO 1/8 X 1/2\" (3 MM X 12 MM), PARA FIXAR TELHA DE FIBROCIMENTO ONDULADA","UN    ","CR",1.61]
[402,"GANCHO OLHAL EM ACO GALVANIZADO, ESPESSURA 16MM, ABERTURA 21MM","UN    ","AS",15.91]
[4226,"GAS DE COZINHA - GLP","KG    ","C ",7.85]
[4222,"GASOLINA COMUM","L     ","C ",6.53]
[34804,"GEOGRELHA TECIDA COM FILAMENTOS DE POLIESTER + PVC, RESISTENCIA LONGITUDINAL: 90 KN/M, RESISTENCIA TRANSVERSAL: 30 KN/M, ALONGAMENTO = 12 POR CENTO","M2    ","AS",50.07]
[4013,"GEOTEXTIL NAO TECIDO AGULHADO DE FILAMENTOS CONTINUOS 100% POLIESTER, RESITENCIA A TRACAO = 09 KN/M","M2    ","CR",6.11]
[4011,"GEOTEXTIL NAO TECIDO AGULHADO DE FILAMENTOS CONTINUOS 100% POLIESTER, RESITENCIA A TRACAO = 10 KN/M","M2    ","CR",6.82]
[4021,"GEOTEXTIL NAO TECIDO AGULHADO DE FILAMENTOS CONTINUOS 100% POLIESTER, RESITENCIA A TRACAO = 14 KN/M","M2    ","CR",8.51]
[4019,"GEOTEXTIL NAO TECIDO AGULHADO DE FILAMENTOS CONTINUOS 100% POLIESTER, RESITENCIA A TRACAO = 16 KN/M","M2    ","CR",10.210000000000001]
[4012,"GEOTEXTIL NAO TECIDO AGULHADO DE FILAMENTOS CONTINUOS 100% POLIESTER, RESITENCIA A TRACAO = 21 KN/M","M2    ","CR",13.68]
[4020,"GEOTEXTIL NAO TECIDO AGULHADO DE FILAMENTOS CONTINUOS 100% POLIESTER, RESITENCIA A TRACAO = 26 KN/M","M2    ","CR",17.14]
[4018,"GEOTEXTIL NAO TECIDO AGULHADO DE FILAMENTOS CONTINUOS 100% POLIESTER, RESITENCIA A TRACAO = 31 KN/M","M2    ","CR",20.53]
[36498,"GERADOR PORTATIL MONOFASICO, POTENCIA 5500 VA, MOTOR A GASOLINA, POTENCIA DO MOTOR 13 CV","UN    ","AS",6439.45]
[12872,"GESSEIRO (HORISTA)","H     ","CR",17.59]
[41075,"GESSEIRO (MENSALISTA)","MES   ","CR",3100.57]
[44324,"GESSO COLA, EM PO, PARA FIXACAO DE MOLDURAS, SANCAS E BLOCOS DE GESSO","KG    ","CR",2.96]
[3315,"GESSO EM PO PARA REVESTIMENTOS/MOLDURAS/SANCAS E USO GERAL","KG    ","CR",0.86]
[36870,"GESSO PROJETADO","KG    ","CR",0.66]
[5092,"GONZO DE EMBUTIR, EM LATAO / ZAMAC, *20 X 48* MM, PARA JANELA BASCULANTE / PIVOTANTE, JOGO COM 4 PECAS (PAR)  - INCLUI PARAFUSOS","PAR   ","CR",20.18]
[11462,"GONZO DE SOBREPOR, EM LATAO / ZAMAC, PARA JANELA PIVOTANTE - INCLUI PARAFUSOS","PAR   ","CR",20.63]
[36529,"GRADE DE DISCOS COM CONTROLE REMOTO, REBOCAVEL, COM 24 DISCOS 24\" X 6 MM, COM PNEUS PARA TRANSPORTE","UN    ","CR",76888.39]
[3318,"GRADE DE DISCOS MECANICA 20X24\" COM 20 DISCOS 24\" X 6MM  COM PNEUS PARA TRANSPORTE","UN    ","C ",60280.5]
[3324,"GRAMA BATATAIS EM PLACAS, SEM PLANTIO","M2    ","CR",17.82]
[3322,"GRAMA ESMERALDA OU SAO CARLOS OU CURITIBANA, EM PLACAS, SEM PLANTIO","M2    ","C ",24.95]
[5076,"GRAMPO DE ACO POLIDO 1 \" X 9","KG    ","CR",20.94]
[5077,"GRAMPO DE ACO POLIDO 7/8 \" X 9","KG    ","CR",23.14]
[11837,"GRAMPO LINHA VIVA DE LATAO ESTANHADO, DIAMETRO DO CONDUTOR PRINCIPAL DE 10 A 120 MM2, DIAMETRO DA DERIVACAO DE 10 A 70 MM2","UN    ","CR",85.62]
[38055,"GRAMPO METALICO TIPO OLHAL PARA HASTE DE ATERRAMENTO DE 1/2'', CONDUTOR DE *10* A 50 MM2","UN    ","CR",7.77]
[415,"GRAMPO METALICO TIPO OLHAL PARA HASTE DE ATERRAMENTO DE 1'', CONDUTOR DE *10* A 50 MM2","UN    ","CR",35.11]
[416,"GRAMPO METALICO TIPO OLHAL PARA HASTE DE ATERRAMENTO DE 3/4'', CONDUTOR DE *10* A 50 MM2","UN    ","CR",12.85]
[425,"GRAMPO METALICO TIPO OLHAL PARA HASTE DE ATERRAMENTO DE 5/8'', CONDUTOR DE *10* A 50 MM2","UN    ","CR",7.97]
[426,"GRAMPO METALICO TIPO U PARA HASTE DE ATERRAMENTO DE ATE 3/4'', CONDUTOR DE 10 A 25 MM2","UN    ","CR",43.88]
[38056,"GRAMPO METALICO TIPO U PARA HASTE DE ATERRAMENTO DE ATE 5/8'', CONDUTOR DE 10 A 25 MM2","UN    ","CR",42.85]
[1564,"GRAMPO PARALELO METALICO PARA CABO DE 6 A 50 MM2, COM 2 PARAFUSOS","UN    ","CR",16.350000000000001]
[11032,"GRAMPO U DE 5/8 \" N8 EM FERRO GALVANIZADO","UN    ","CR",9.11]
[36786,"GRANALHA DE ACO, ANGULAR (GRIT), PARA JATEAMENTO, PENEIRA 0,117 A 1,00 MM, (SAE G-40 A G-80)","SC25KG","AS",150.97999999999999]
[36785,"GRANALHA DE ACO, ANGULAR (GRIT), PARA JATEAMENTO, PENEIRA 1,41 A 1,19 MM (SAE G16)","SC25KG","AS",131.19]
[36782,"GRANALHA DE ACO, ESFERICA (SHOT), PARA JATEAMENTO, PENEIRA 0,40 A 1,00 MM (SAE S-170 A S-280)","SC25KG","AS",156.6]
[44481,"GRANALHA DE ACO, ESFERICA (SHOT), PARA JATEAMENTO, PENEIRA 1,19 A 1,00 MM  (SAE S390)","SC25KG","AS",176.4]
[4824,"GRANILHA/ GRANA/ PEDRISCO OU AGREGADO EM MARMORE/ GRANITO/ QUARTZO E CALCARIO, PRETO, CINZA, PALHA OU BRANCO","KG    ","CR",0.42]
[11795,"GRANITO PARA BANCADA, POLIDO, TIPO ANDORINHA/ QUARTZ/ CASTELO/ CORUMBA OU OUTROS EQUIVALENTES DA REGIAO, E=  *2,5* CM","M2    ","CR",498.11]
[134,"GRAUTE CIMENTICIO PARA USO GERAL","KG    ","CR",1.45]
[4229,"GRAXA LUBRIFICANTE","KG    ","CR",26.64]
[11731,"GRELHA FIXA, EM PVC BRANCA, QUADRADA, 150 X 150 MM, PARA RALOS E CAIXAS","UN    ","CR",12.1]
[11732,"GRELHA FIXA, PVC CROMADA, REDONDA, 150 MM, PARA RALOS E CAIXAS","UN    ","CR",31.72]
[11244,"GRELHA FOFO ARTICULADA, CARGA MAXIMA 1,5 T, *300 X 1000* MM, E= *15* MM","UN    ","AS",292.55]
[11245,"GRELHA FOFO SIMPLES COM REQUADRO, CARGA MAXIMA  12,5 T, *300 X 1000* MM, E= *15* MM, AREA ESTACIONAMENTO CARRO PASSEIO","UN    ","AS",404.65]
[11235,"GRELHA FOFO SIMPLES COM REQUADRO, CARGA MAXIMA 1,5 T, 150 X 1000 MM, E= *15* MM","UN    ","AS",223.25]
[11236,"GRELHA FOFO SIMPLES COM REQUADRO, CARGA MAXIMA 1,5 T, 200 X 1000 MM, E= *15* MM","UN    ","AS",283.72000000000003]
[36494,"GRUA ASCENCIONAL, LANCA DE 30 M, CAPACIDADE DE 1,0 T A 30 M, ALTURA ATE 39 M","UN    ","CR",615043.35]
[36493,"GRUA ASCENCIONAL, LANCA DE 42 M, CAPACIDADE DE 1,5 T A 30 M, ALTURA ATE 39 M","UN    ","CR",696819.13]
[36492,"GRUA ASCENCIONAL, LANCA DE 50 M, CAPACIDADE DE 2,33 T A 30 M, ALTURA ATE 48 M","UN    ","CR",1294425.68]
[13333,"GRUPO DE SOLDAGEM C/ GERADOR A DIESEL 60 CV PARA SOLDA ELETRICA, SOBRE 04 RODAS, COM MOTOR 4 CILINDROS","UN    ","AS",178323.18]
[13533,"GRUPO DE SOLDAGEM COM GERADOR A DIESEL 30 CV, PARA SOLDA ELETRICA, SOBRE DUAS RODAS","UN    ","AS",159401.10999999999]
[36499,"GRUPO GERADOR A GASOLINA, POTENCIA NOMINAL 2,2 KW, TENSAO DE SAIDA 110/220 V, MOTOR POTENCIA 6,5 HP","UN    ","AS",3477.3]
[39585,"GRUPO GERADOR DIESEL, COM CARENAGEM, POTENCIA STANDART ENTRE 100 E 110 KVA, VELOCIDADE DE 1800 RPM, FREQUENCIA DE 60 HZ","UN    ","AS",115143.27]
[39586,"GRUPO GERADOR DIESEL, COM CARENAGEM, POTENCIA STANDART ENTRE 140 E 150 KVA, VELOCIDADE DE 1800 RPM, FREQUENCIA DE 60 HZ","UN    ","AS",135055.26]
[39587,"GRUPO GERADOR DIESEL, COM CARENAGEM, POTENCIA STANDART ENTRE 210 E 220 KVA, VELOCIDADE DE 1800 RPM, FREQUENCIA DE 60 HZ","UN    ","AS",164490.39000000001]
[39588,"GRUPO GERADOR DIESEL, COM CARENAGEM, POTENCIA STANDART ENTRE 250 E 260 KVA, VELOCIDADE DE 1800 RPM, FREQUENCIA DE 60 HZ","UN    ","AS",190462.55]
[39584,"GRUPO GERADOR DIESEL, COM CARENAGEM, POTENCIA STANDART ENTRE 50 E 55 KVA, VELOCIDADE DE 1800 RPM, FREQUENCIA DE 60 HZ","UN    ","AS",102538.11]
[39590,"GRUPO GERADOR DIESEL, SEM CARENAGEM, POTENCIA STANDART ENTRE 100 E 110 KVA, VELOCIDADE DE 1800 RPM, FREQUENCIA DE 60 HZ","UN    ","AS",100079.41]
[39592,"GRUPO GERADOR DIESEL, SEM CARENAGEM, POTENCIA STANDART ENTRE 210 E 220 KVA, VELOCIDADE DE 1800 RPM, FREQUENCIA DE 60 HZ","UN    ","AS",143816.53]
[39593,"GRUPO GERADOR DIESEL, SEM CARENAGEM, POTENCIA STANDART ENTRE 250 E 260 KVA, VELOCIDADE DE 1800 RPM, FREQUENCIA DE 60 HZ","UN    ","AS",164490.39000000001]
[14254,"GRUPO GERADOR DIESEL, SEM CARENAGEM, POTENCIA STANDART ENTRE 80 E 90 KVA, VELOCIDADE DE 1800 RPM, FREQUENCIA DE 60 HZ","UN    ","AS",93499.8]
[44494,"GRUPO GERADOR ESTACIONARIO SILENCIADO, POTENCIA 50 KVA, MOTOR  DIESEL","UN    ","AS",78079.789999999994]
[25019,"GRUPO GERADOR ESTACIONARIO, MOTOR DIESEL POTENCIA 170 KVA","UN    ","AS",133837.49]
[36501,"GRUPO GERADOR ESTACIONARIO, POTENCIA 150 KVA, MOTOR DIESEL","UN    ","AS",119161.49]
[44493,"GRUPO GERADOR ESTACIONARIO, SILENCIADO, POTENCIA 180 KVA, MOTOR  DIESEL","UN    ","AS",143254.94]
[36500,"GRUPO GERADOR REBOCAVEL, POTENCIA *66* KVA, MOTOR A DIESEL","UN    ","AS",84208.17]
[20017,"GUARNICAO / ALIZAR / VISTA LISA EM MADEIRA MACICA, PARA PORTA  , E = *1* CM, L = *5* CM, CEDRINHO / ANGELIM COMERCIAL / TAURI/ CURUPIXA / PEROBA / CUMARU OU EQUIVALENTE DA REGIAO","M     ","CR",9.83]
[20007,"GUARNICAO / ALIZAR / VISTA LISA EM MADEIRA MACICA, PARA PORTA , E = *1* CM, L = *5* CM,  PINUS /EUCALIPTO / VIROLA OU EQUIVALENTE DA REGIAO","M     ","CR",5.87]
[39831,"GUARNICAO / ALIZAR / VISTA, E = *1,5* CM, L = *5,0* CM, EM POLIESTIRENO, BRANCO (JOGO PARA 1 FACE)","JG    ","CR",230.12]
[36888,"GUARNICAO / MOLDURA / ARREMATE DE ACABAMENTO PARA ESQUADRIA, EM ALUMINIO PERFIL 25, ACABAMENTO ANODIZADO BRANCO OU BRILHANTE, PARA 1 FACE","M     ","CR",34.71]
[39836,"GUARNICAO/ALIZAR/VISTA, E = *1,3* CM, L = *5,0* CM HASTE REGULAVEL = *35* MM, EM MDF/PVC WOOD/ POLIESTIRENO OU MADEIRA LAMINADA, PRIMER BRANCO (JOGO PARA 1 FACE)","JG    ","CR",202.2]
[39830,"GUARNICAO/ALIZAR/VISTA, E = *1,3* CM, L = *7,0* CM, EM POLIESTIRENO, BRANCO (JOGO PARA 1 FACE)","JG    ","CR",230.61]
[40527,"GUINCHO DE ALAVANCA MANUAL, CAPACIDADE DE 1,6 T, COM 20 M DE CABO DE ACO (AQUISICAO)","UN    ","CR",2283.4299999999998]
[36497,"GUINCHO DE ALAVANCA MANUAL, CAPACIDADE 3,2 T COM 20 M DE CABO DE ACO DIAMETRO 16,3 MM","UN    ","CR",2606.7800000000002]
[36487,"GUINCHO ELETRICO DE COLUNA, CAPACIDADE 400 KG, COM MOTO FREIO, MOTOR TRIFASICO DE 1,25 CV","UN    ","CR",4538.8]
[44475,"GUINDASTE HIDRAULICO AUTOPROPELIDO, COM LANCA TELESCOPICA 28,80 M, CAPACIDADE MAXIMA 30 T, POTENCIA 97 KW, TRACAO  4 X 4","UN    ","CR",1075497.8500000001]
[44474,"GUINDASTE HIDRAULICO AUTOPROPELIDO, COM LANCA TELESCOPICA 40 M, CAPACIDADE MAXIMA 60 T, POTENCIA 260 KW, TRACAO  6 X 6","UN    ","CR",2068265.09]
[44490,"GUINDASTE HIDRAULICO AUTOPROPELIDO, COM LANCA TELESCOPICA 50 M, CAPACIDADE MAXIMA 100 T, POTENCIA 350 KW,  TRACAO 10 X 6","UN    ","CR",3516050.65]
[37776,"GUINDAUTO HIDRAULICO, CAPACIDADE MAXIMA DE CARGA 10000 KG, MOMENTO MAXIMO DE CARGA 23 TM , ALCANCE MAXIMO HORIZONTAL 11,80 M, PARA MONTAGEM SOBRE CHASSI DE CAMINHAO PBT MINIMO 15000 KG (INCLUI MONTAGEM, NAO INCLUI CAMINHAO)","UN    ","CR",215488.96]
[37775,"GUINDAUTO HIDRAULICO, CAPACIDADE MAXIMA DE CARGA 14340 KG, MOMENTO MAXIMO DE CARGA 42,3 TM, ALCANCE MAXIMO HORIZONTAL 16,80 M, PARA MONTAGEM SOBRE CHASSI DE CAMINHAO PBT MINIMO 23000 KG (INCLUI MONTAGEM, NAO INCLUI CAMINHAO)","UN    ","CR",339411.43]
[36491,"GUINDAUTO HIDRAULICO, CAPACIDADE MAXIMA DE CARGA 30000 KG, MOMENTO MAXIMO DE CARGA 92,2 TM , ALCANCE MAXIMO HORIZONTAL  22,00 M, PARA MONTAGEM SOBRE CHASSI DE CAMINHAO PBT MINIMO 30000 KG (INCLUI MONTAGEM, NAO INCLUI CAMINHAO)","UN    ","CR",1256941.23]
[10712,"GUINDAUTO HIDRAULICO, CAPACIDADE MAXIMA DE CARGA 3300 KG, MOMENTO MAXIMO DE CARGA 5,8 TM , ALCANCE MAXIMO HORIZONTAL  7,60 M, PARA MONTAGEM SOBRE CHASSI DE CAMINHAO PBT MINIMO 8000 KG (INCLUI MONTAGEM, NAO INCLUI CAMINHAO)","UN    ","CR",84852.85]
[3363,"GUINDAUTO HIDRAULICO, CAPACIDADE MAXIMA DE CARGA 6200 KG, MOMENTO MAXIMO DE CARGA 11,7 TM , ALCANCE MAXIMO HORIZONTAL  9,70 M, PARA MONTAGEM SOBRE CHASSI DE CAMINHAO PBT MINIMO 13000 KG (INCLUI MONTAGEM, NAO INCLUI CAMINHAO)","UN    ","C ",119353.47]
[3365,"GUINDAUTO HIDRAULICO, CAPACIDADE MAXIMA DE CARGA 8500 KG, MOMENTO MAXIMO DE CARGA 30,4 TM , ALCANCE MAXIMO HORIZONTAL  14,30 M, PARA MONTAGEM SOBRE CHASSI DE CAMINHAO PBT MINIMO 23000 KG (INCLUI MONTAGEM, NAO INCLUI CAMINHAO)","UN    ","CR",278988.73]
[7569,"HASTE ANCORA EM ACO GALVANIZADO, DIMENSOES 16 MM X 2000 MM","UN    ","AS",74.31]
[34349,"HASTE DE ACO GALVANIZADO PARA FIXACAO DE CONCERTINA 2 \"/3 M","UN    ","CR",32.25]
[11991,"HASTE DE ATERRAMENTO EM ACO GALVANIZADO TIPO CANTONEIRA COM 2,00 M DE COMPRIMENTO, 25 X 25 MM E CHAPA DE 3/16\"","UN    ","CR",97.52]
[20062,"HASTE METALICA PARA FIXACAO DE CALHA PLUVIAL,  ZINCADA, DOBRADA 90 GRAUS","UN    ","AS",13.75]
[11029,"HASTE RETA PARA GANCHO DE FERRO GALVANIZADO, COM ROSCA 1/4 \" X 30 CM PARA FIXACAO DE TELHA METALICA, INCLUI PORCA E ARRUELAS DE VEDACAO","CJ    ","CR",1.39]
[4316,"HASTE RETA PARA GANCHO DE FERRO GALVANIZADO, COM ROSCA 1/4 \" X 40 CM PARA FIXACAO DE TELHA DE FIBROCIMENTO, INCLUI PORCA SEXTAVADA DE  ZINCO","UN    ","CR",1.41]
[4313,"HASTE RETA PARA GANCHO DE FERRO GALVANIZADO, COM ROSCA 5/16\" X 35 CM PARA FIXACAO DE TELHA DE FIBROCIMENTO, INCLUI PORCA E ARRUELAS DE VEDACAO","CJ    ","CR",2.02]
[4317,"HASTE RETA PARA GANCHO DE FERRO GALVANIZADO, COM ROSCA 5/16\" X 40 CM PARA FIXACAO DE TELHA DE FIBROCIMENTO, INCLUI PORCA SEXTAVADA DE  ZINCO","UN    ","CR",2.2999999999999998]
[4314,"HASTE RETA PARA GANCHO DE FERRO GALVANIZADO, COM ROSCA 5/16\" X 45 CM PARA FIXACAO DE TELHA DE FIBROCIMENTO, INCLUI PORCA E ARRUELAS DE VEDACAO","CJ    ","CR",2.7]
[10921,"HIDRANTE DE COLUNA COMPLETO, EM FERRO FUNDIDO, DN = 100 MM, COM REGISTRO, CUNHA DE BORRACHA, CURVA DESSIMETRICA, EXTREMIDADE E TAMPAS (INCLUI KIT FIXACAO)","UN    ","AS",4915.55]
[10922,"HIDRANTE DE COLUNA COMPLETO, EM FERRO FUNDIDO, DN = 75 MM, COM REGISTRO, CUNHA DE BORRACHA, CURVA DESSIMETRICA, EXTREMIDADE E TAMPAS (INCLUI KIT FIXACAO)","UN    ","AS",4452.38]
[10923,"HIDRANTE SUBTERRANEO, EM FERRO FUNDIDO, COM CURVA CURTA E CAIXA, DN 75 MM","UN    ","AS",2631.55]
[10924,"HIDRANTE SUBTERRANEO, EM FERRO FUNDIDO, COM CURVA LONGA E CAIXA, DN 75 MM","UN    ","AS",2771.53]
[37772,"HIDROJATEADORA PARA DESOBSTRUCAO DE REDES E GALERIAS, TANQUE 7000 L, BOMBA TRIPLEX 120 KGF/CM2 128 L/MIN (INCLUI MONTAGEM, NAO INCLUI CAMINHAO)","UN    ","AS",251726.23]
[37771,"HIDROJATEADORA PARA DESOBSTRUCAO DE REDES E GALERIAS, TANQUE 7000 L, BOMBA TRIPLEX 140 KGF/CM2 260 L/MIN ALIMENTADA POR MOTOR INDEPENDENTE A DIESEL POTENCIA 125 CV (INCLUI MONTAGEM, NAO INCLUI CAMINHAO)","UN    ","AS",267796.62]
[12772,"HIDROMETRO MULTIJATO / MEDIDOR DE AGUA, DN 1 1/2\", VAZAO MAXIMA DE 20 M3/H, PARA AGUA POTAVEL FRIA, RELOJOARIA PLANA, CLASSE B, HORIZONTAL (SEM CONEXOES)","UN    ","CR",1177.48]
[12770,"HIDROMETRO MULTIJATO / MEDIDOR DE AGUA, DN 1\", VAZAO MAXIMA DE 10 M3/H, PARA AGUA POTAVEL FRIA, RELOJOARIA PLANA, CLASSE B, HORIZONTAL (SEM CONEXOES)","UN    ","CR",708.48]
[12775,"HIDROMETRO MULTIJATO / MEDIDOR DE AGUA, DN 1\", VAZAO MAXIMA DE 7 M3/H, PARA AGUA POTAVEL FRIA, RELOJOARIA PLANA, CLASSE B, HORIZONTAL (SEM CONEXOES)","UN    ","CR",518.89]
[12768,"HIDROMETRO MULTIJATO / MEDIDOR DE AGUA, DN 2\", VAZAO MAXIMA DE 30 M3/H, PARA AGUA POTAVEL FRIA, RELOJOARIA PLANA, CLASSE B, HORIZONTAL (SEM CONEXOES)","UN    ","CR",1656.46]
[12769,"HIDROMETRO UNIJATO / MEDIDOR DE AGUA, DN 1/2\", VAZAO MAXIMA DE 1,5 M3/H, PARA AGUA POTAVEL FRIA, RELOJOARIA PLANA, CLASSE B, HORIZONTAL (SEM CONEXOES)","UN    ","C ",135.71]
[12773,"HIDROMETRO UNIJATO / MEDIDOR DE AGUA, DN 1/2\", VAZAO MAXIMA DE 3 M3/H, PARA AGUA POTAVEL FRIA, RELOJOARIA PLANA, CLASSE B, HORIZONTAL (SEM CONEXOES)","UN    ","CR",145.68]
[12774,"HIDROMETRO UNIJATO / MEDIDOR DE AGUA, DN 3/4\", VAZAO MAXIMA DE 5 M3/H, PARA AGUA POTAVEL FRIA, RELOJOARIA PLANA, CLASSE B, HORIZONTAL (SEM CONEXOES)0,","UN    ","CR",179.61]
[12776,"HIDROMETRO WOLTMANN, DN 2\", VAZAO MAXIMA DE 50 M3/H, PARA AGUA POTAVEL FRIA, RELOJOARIA PLANA, TURBINA HORIZONTAL, EQUIPADO COM TELIMETRIA (SEM CONEXOES)","UN    ","CR",2674.28]
[12777,"HIDROMETRO WOLTMANN, DN 3\", VAZAO MAXIMA DE 80 M3/H, PARA AGUA POTAVEL FRIA, RELOJOARIA PLANA, TURBINA HORIZONTAL, EQUIPADO COM TELIMETRIA (SEM CONEXOES)","UN    ","CR",3492.53]
[3391,"IGNITOR PARA LAMPADA DE VAPOR DE SODIO / VAPOR METALICO ATE 2000 W, TENSAO DE PULSO ENTRE 600 A 750 V","UN    ","AS",26.98]
[3389,"IGNITOR PARA LAMPADA DE VAPOR DE SODIO / VAPOR METALICO ATE 400 W, TENSAO DE PULSO ENTRE 3000 A 4500 V","UN    ","AS",14]
[3390,"IGNITOR PARA LAMPADA DE VAPOR DE SODIO / VAPOR METALICO ATE 400 W, TENSAO DE PULSO ENTRE 580 A 750 V","UN    ","AS",15.75]
[12873,"IMPERMEABILIZADOR (HORISTA)","H     ","CR",18.79]
[41076,"IMPERMEABILIZADOR (MENSALISTA)","MES   ","CR",3313.46]
[140,"IMPERMEABILIZANTE FLEXIVEL BRANCO DE BASE ACRILICA PARA COBERTURAS","KG    ","CR",16.170000000000002]
[151,"IMPERMEABILIZANTE INCOLOR,  BASE SILICONE, PARA TRATAMENTO DE FACHADAS, TELHAS, PEDRAS E OUTRAS SUPERFICIES","L     ","CR",23.86]
[7340,"IMUNIZANTE PARA MADEIRA, INCOLOR","L     ","CR",31.91]
[2701,"INSTALADOR DE TUBULACOES (TUBOS/EQUIPAMENTOS)","H     ","CR",19.149999999999999]
[40929,"INSTALADOR DE TUBULACOES (TUBOS/EQUIPAMENTOS) (MENSALISTA)","MES   ","CR",3378.41]
[38114,"INTERRUPTOR BIPOLAR SIMPLES 10 A, 250 V (APENAS MODULO)","UN    ","CR",19.079999999999998]
[38064,"INTERRUPTOR BIPOLAR 10A, 250V, CONJUNTO MONTADO PARA EMBUTIR 4\" X 2\" (PLACA + SUPORTE + MODULO)","UN    ","CR",21.34]
[38115,"INTERRUPTOR INTERMEDIARIO 10 A, 250 V (APENAS MODULO)","UN    ","CR",20.38]
[38065,"INTERRUPTOR INTERMEDIARIO 10A, 250V, CONJUNTO MONTADO PARA EMBUTIR 4\" X 2\" (PLACA + SUPORTE + MODULO)","UN    ","CR",30.27]
[38078,"INTERRUPTOR PARALELO + TOMADA 2P+T 10A, 250V, CONJUNTO MONTADO PARA EMBUTIR 4\" X 2\" (PLACA + SUPORTE + MODULOS)","UN    ","CR",17.66]
[38113,"INTERRUPTOR PARALELO 10A, 250V (APENAS MODULO)","UN    ","CR",9.59]
[38063,"INTERRUPTOR PARALELO 10A, 250V, CONJUNTO MONTADO PARA EMBUTIR 4\" X 2\" (PLACA + SUPORTE + MODULO)","UN    ","CR",10.29]
[38080,"INTERRUPTOR SIMPLES + INTERRUPTOR PARALELO + TOMADA 2P+T 10A, 250V, CONJUNTO MONTADO PARA EMBUTIR 4\" X 2\" (PLACA + SUPORTE + MODULOS)","UN    ","CR",30.67]
[38069,"INTERRUPTOR SIMPLES + INTERRUPTOR PARALELO 10A, 250V, CONJUNTO MONTADO PARA EMBUTIR 4\" X 2\" (PLACA + SUPORTE + MODULOS)","UN    ","CR",16.78]
[38077,"INTERRUPTOR SIMPLES + TOMADA 2P+T 10A, 250V, CONJUNTO MONTADO PARA EMBUTIR 4\" X 2\" (PLACA + SUPORTE + MODULOS)","UN    ","CR",16.39]
[38073,"INTERRUPTOR SIMPLES + 2 INTERRUPTORES PARALELOS 10A, 250V, CONJUNTO MONTADO PARA EMBUTIR 4\" X 2\" (PLACA + SUPORTE + MODULOS)","UN    ","CR",24.97]
[38112,"INTERRUPTOR SIMPLES 10A, 250V (APENAS MODULO)","UN    ","CR",7.36]
[38062,"INTERRUPTOR SIMPLES 10A, 250V, CONJUNTO MONTADO PARA EMBUTIR 4\" X 2\" (PLACA + SUPORTE + MODULO)","UN    ","CR",7.56]
[12128,"INTERRUPTOR SIMPLES 10A, 250V, CONJUNTO MONTADO PARA SOBREPOR 4\" X 2\" (CAIXA + MODULO)","UN    ","CR",10.11]
[12129,"INTERRUPTOR SIMPLES 10A, 250V, CONJUNTO MONTADO PARA SOBREPOR 4\" X 2\" (CAIXA + 2 MODULOS)","UN    ","CR",13.36]
[38081,"INTERRUPTORES PARALELOS (2 MODULOS) + TOMADA 2P+T 10A, 250V, CONJUNTO MONTADO PARA EMBUTIR 4\" X 2\" (PLACA + SUPORTE + MODULOS)","UN    ","CR",26.02]
[38070,"INTERRUPTORES PARALELOS (2 MODULOS) 10A, 250V, CONJUNTO MONTADO PARA EMBUTIR 4\" X 2\" (PLACA + SUPORTE + MODULOS)","UN    ","CR",17.93]
[38074,"INTERRUPTORES PARALELOS (3 MODULOS) 10A, 250V, CONJUNTO MONTADO PARA EMBUTIR 4\" X 2\" (PLACA + SUPORTE + MODULO)","UN    ","CR",27.26]
[38079,"INTERRUPTORES SIMPLES (2 MODULOS) + TOMADA 2P+T 10A, 250V, CONJUNTO MONTADO PARA EMBUTIR 4\" X 2\" (PLACA + SUPORTE + MODULOS)","UN    ","CR",23.4]
[38072,"INTERRUPTORES SIMPLES (2 MODULOS) + 1 INTERRUPTOR PARALELO 10A, 250V, CONJUNTO MONTADO PARA EMBUTIR 4\" X 2\" (PLACA + SUPORTE + MODULOS)","UN    ","CR",22.48]
[38068,"INTERRUPTORES SIMPLES (2 MODULOS) 10A, 250V, CONJUNTO MONTADO PARA EMBUTIR 4\" X 2\" (PLACA + SUPORTE + MODULOS)","UN    ","CR",15.52]
[38071,"INTERRUPTORES SIMPLES (3 MODULOS) 10A, 250V, CONJUNTO MONTADO PARA EMBUTIR 4\" X 2\" (PLACA + SUPORTE + MODULOS)","UN    ","CR",18.559999999999999]
[38412,"INVERSOR DE SOLDA MONOFASICO DE 160 A, POTENCIA DE 5400 W, TENSAO DE 220 V, TURBO VENTILADO, PROTECAO POR FUSIVEL TERMICO, PARA ELETRODOS DE 2,0 A 4,0 MM","UN    ","C ",974.66]
[3405,"ISOLADOR DE PORCELANA SUSPENSO, DISCO TIPO GARFO OLHAL, DIAMETRO DE 152 MM, PARA TENSAO DE *15* KV","UN    ","AS",101.27]
[3394,"ISOLADOR DE PORCELANA, TIPO BUCHA, PARA TENSAO DE *15* KV","UN    ","AS",534.61]
[3393,"ISOLADOR DE PORCELANA, TIPO BUCHA, PARA TENSAO DE *35* KV","UN    ","AS",910.23]
[3406,"ISOLADOR DE PORCELANA, TIPO PINO MONOCORPO, PARA TENSAO DE *15* KV","UN    ","AS",31]
[3395,"ISOLADOR DE PORCELANA, TIPO PINO MONOCORPO, PARA TENSAO DE *35* KV","UN    ","AS",130.77000000000001]
[3398,"ISOLADOR DE PORCELANA, TIPO ROLDANA, DIMENSOES DE *72* X *72* MM, PARA USO EM BAIXA TENSAO","UN    ","AS",6.21]
[40662,"JANELA BASCULANTE EM MADEIRA PINUS/ EUCALIPTO/ TAUARI/ VIROLA OU EQUIVALENTE DA REGIAO, *60 X 60*, CAIXA DO BATENTE/ MARCO E = *10* CM, 2 BASCULAS PARA VIDRO, COM FERRAGENS (SEM VIDRO, SEM GUARNICAO/ALIZAR E SEM ACABAMENTO)","UN    ","CR",295.19]
[3437,"JANELA BASCULANTE EM MADEIRA PINUS/ EUCALIPTO/ TAUARI/ VIROLA OU EQUIVALENTE DA REGIAO, CAIXA DO BATENTE/ MARCO *10* CM, *2* FOLHAS BASCULANTES PARA VIDRO, COM FERRAGENS (SEM VIDRO, SEM GUARNICAO/ALIZAR E SEM ACABAMENTO)","M2    ","CR",819.98]
[11190,"JANELA BASCULANTE, ACO, COM BATENTE/REQUADRO, 60 X 60 CM (SEM VIDROS)","UN    ","AS",204.5]
[34377,"JANELA BASCULANTE, EM ALUMINIO PERFIL 20, 80 X 60 CM (A X L), 4 FLS (1 FIXA E 3 MOVEIS), ACABAMENTO BRANCO OU BRILHANTE, BATENTE DE 3 A 4 CM, COM VIDRO, SEM GUARNICAO","UN    ","CR",244.4]
[3428,"JANELA DE ABRIR EM MADEIRA IMBUIA/CEDRO ARANA/CEDRO ROSA OU EQUIVALENTE DA REGIAO, CAIXA DO BATENTE/MARCO *10* CM, 2 FOLHAS DE ABRIR TIPO VENEZIANA E 2 FOLHAS DE ABRIR PARA VIDRO, COM GUARNICAO/ALIZAR, COM FERRAGENS, (SEM VIDRO E SEM ACABAMENTO)","M2    ","C ",1216.3]
[3429,"JANELA DE ABRIR EM MADEIRA PINUS/EUCALIPTO/ TAUARI/ VIROLA OU EQUIVALENTE DA REGIAO, CAIXA DO BATENTE/MARCO *10* CM, 2 FOLHAS DE ABRIR TIPO VENEZIANA E 2 FOLHAS GUILHOTINA PARA VIDRO, COM FERRAGENS (SEM VIDRO,SEM GUARNICAO/ALIZAR E SEM ACABAMENTO)","M2    ","CR",694.93]
[34364,"JANELA DE CORRER,  EM ALUMINIO PERFIL 25, 120 X 150 CM (A X L), 4 FLS, BANDEIRA COM BASCULA,  ACABAMENTO BRANCO OU BRILHANTE, BATENTE/REQUADRO DE 6 A 14 CM, COM VIDRO, SEM GUARNICAO/ALIZAR","UN    ","CR",801.92]
[34369,"JANELA DE CORRER, EM ALUMINIO PEFIL 25, 100 X 200 CM (A X L), 4 FLS, SEM BANDEIRA, ACABAMENTO BRANCO OU BRILHANTE, BATENTE DE 6 A 7 CM, COM VIDRO, SEM GUARNICAO/ALIZAR","UN    ","CR",850.05]
[36896,"JANELA DE CORRER, EM ALUMINIO PERFIL 25, 100 X 120 CM (A X L), 2 FLS MOVEIS,  SEM BANDEIRA, ACABAMENTO BRANCO OU BRILHANTE, BATENTE DE 6 A 7 CM, COM VIDRO, SEM GUARNICAO","UN    ","C ",473.35]
[34367,"JANELA DE CORRER, EM ALUMINIO PERFIL 25, 100 X 150 CM (A X L), 2 FLS MOVEIS,  SEM BANDEIRA, ACABAMENTO BRANCO OU BRILHANTE, BATENTE DE 6 A 7 CM, COM VIDRO, SEM GUARNICAO","UN    ","CR",610.07000000000005]
[36897,"JANELA DE CORRER, EM ALUMINIO PERFIL 25, 100 X 150 CM (A X L), 4 FLS MOVEIS, SEM BANDEIRA, ACABAMENTO BRANCO OU BRILHANTE, BATENTE DE 6 A 7 CM, COM VIDRO, SEM GUARNICAO/ALIZAR","UN    ","CR",738.65]
[40659,"JANELA DE 6 FOLHAS DE CORRER EM MADEIRA CEDRINHO/ ANGELIM COMERCIAL/ CURUPIXA/ CUMARU OU EQUIVALENTE DA REGIAO, CAIXA DO BATENTE/MARCO *10* CM, 2 FOLHAS DE CORRER VENEZIANA, 2 FOLHAS FIXAS VENEZIANA E 2 FOLHAS DE CORRER PARA VIDRO, COM FERRAGENS (SEM VIDRO, SEM ACABAMENTO E SEM GUARNICAO/ALIZAR)","M2    ","CR",1160.1500000000001]
[40660,"JANELA DE 6 FOLHAS DE CORRER EM MADEIRA IMBUIA/CEDRO ARANA/CEDRO ROSA OU EQUIVALENTE DA REGIAO, CAIXA DO BATENTE/MARCO *10* CM, 2 FOLHAS DE CORRER VENEZIANA, 2 FOLHAS FIXAS VENEZIANA E 2 FOLHAS DE CORRER PARA VIDRO, COM FERRAGENS (SEM VIDRO, SEM ACABAMENTO E SEM GUARNICAO/ALIZAR)","M2    ","CR",1470.36]
[40661,"JANELA DE 6 FOLHAS DE CORRER EM MADEIRA PINUS/ EUCALIPTO/ TAUARI/ VIROLA OU  EQUIVALENTE DA REGIAO, CAIXA DO BATENTE/MARCO *10* CM, 2 FOLHAS DE CORRER VENEZIANA, 2 FOLHAS FIXAS VENEZIANA E 2 FOLHAS DE CORRER PARA VIDRO, COM FERRAGENS (SEM VIDRO, SEM ACABAMENTO E SEM GUARNICAO/ALIZAR)","M2    ","CR",904.02]
[3421,"JANELA EM MADEIRA CEDRINHO/ ANGELIM COMERCIAL/ CURUPIXA/ CUMARU OU EQUIVALENTE DA REGIAO, CAIXA DO BATENTE/MARCO *10* CM, 2 FOLHAS DE ABRIR TIPO VENEZIANA E 2 FOLHAS GUILHOTINA PARA VIDRO, COM GUARNICAO/ALIZAR, COM FERRAGENS (SEM VIDRO E SEM ACABAMENTO)","M2    ","CR",910.93]
[599,"JANELA FIXA, EM ALUMINIO PERFIL 20, 60  X 80 CM (A X L), BATENTE/REQUADRO DE 3 A 14 CM, COM VIDRO 4 MM, SEM GUARNICAO/ALIZAR, ACABAMENTO ALUM BRANCO OU BRILHANTE","M2    ","CR",863.29]
[44053,"JANELA INTEGRADA VENEZIANA EM ALUMINIO  PERFIL 25, 120 X 120 CM (A X L), 2 FLS ( 2 VIDROS) E VENEZIANA COM ACIONAMENTO MANUAL, SEM BANDEIRA, ACABAMENTO BRILHANTE, BATENTE DE 11,50 A 12,50 CM, COM VIDRO, INCLUSO GUARNICAO","UN    ","CR",1916.09]
[3423,"JANELA MAXIM AR EM MADEIRA CEDRINHO/ ANGELIM COMERCIAL/ CURUPIXA/ CUMARU OU EQUIVALENTE DA REGIAO, CAIXA DO BATENTE/MARCO *10* CM, 1 FOLHA  PARA VIDRO, COM GUARNICAO/ALIZAR, COM FERRAGENS, (SEM VIDRO E SEM ACABAMENTO)","M2    ","CR",1284.6300000000001]
[34381,"JANELA MAXIM AR, EM ALUMINIO PERFIL 25, 60 X 80 CM (A X L), ACABAMENTO BRANCO OU BRILHANTE, BATENTE DE 4 A 5 CM, COM VIDRO, SEM GUARNICAO/ALIZAR","UN    ","CR",348.58]
[34797,"JANELA MAXIMO AR, ACO, BATENTE / REQUADRO DE 6 A 14 CM, PINT ANTICORROSIVA, SEM VIDRO, COM GRADE, 1 FL, 60  X 80 CM (A X L)","UN    ","AS",445.43]
[44054,"JANELA VENEZIANA DE CORRER, EM ALUMINIO PERFIL 25, 100 X 120 CM (A X L), 3 FLS (2 VENEZIANAS E 1 VIDRO), SEM BANDEIRA, ACABAMENTO BRANCO OU BRILHANTE, BATENTE DE 8 A 9 CM, COM VIDRO, SEM GUARNICAO/ALIZAR","UN    ","CR",687.38]
[44399,"JANELA VENEZIANA DE CORRER, EM ALUMINIO PERFIL 25, 100 X 150 CM (A X L), 6 FLS (4 VENEZIANAS E 2 VIDROS), SEM BANDEIRA, ACABAMENTO BRANCO OU BRILHANTE, BATENTE DE 8 A 9 CM, COM VIDRO, SEM GUARNICAO / ALIZAR","UN    ","CR",939.18]
[44503,"JARDINEIRO (HORISTA)","H     ","CR",13.94]
[41077,"JARDINEIRO (MENSALISTA)","MES   ","CR",2457.9]
[20159,"JOELHO COM VISITA, PVC SERIE R, 90 GRAUS, 100 X 75 MM, PARA ESGOTO OU AGUAS PLUVIAIS PREDIAIS","UN    ","CR",72.31]
[37963,"JOELHO CPVC, SOLDAVEL, 45 GRAUS, 15 MM, PARA AGUA QUENTE","UN    ","CR",4.5199999999999996]
[37964,"JOELHO CPVC, SOLDAVEL, 45 GRAUS, 22 MM, PARA AGUA QUENTE","UN    ","CR",7.54]
[37965,"JOELHO CPVC, SOLDAVEL, 45 GRAUS, 28 MM, PARA AGUA QUENTE","UN    ","CR",10.93]
[37966,"JOELHO CPVC, SOLDAVEL, 45 GRAUS, 35 MM, PARA AGUA QUENTE","UN    ","CR",19.809999999999999]
[37967,"JOELHO CPVC, SOLDAVEL, 45 GRAUS, 42 MM, PARA AGUA QUENTE","UN    ","CR",31.76]
[37968,"JOELHO CPVC, SOLDAVEL, 45 GRAUS, 54 MM, PARA AGUA QUENTE","UN    ","CR",69.66]
[37969,"JOELHO CPVC, SOLDAVEL, 45 GRAUS, 73 MM, PARA AGUA QUENTE","UN    ","CR",186.09]
[37970,"JOELHO CPVC, SOLDAVEL, 45 GRAUS, 89 MM, PARA AGUA QUENTE","UN    ","CR",217.09]
[21118,"JOELHO CPVC, SOLDAVEL, 90 GRAUS, 15 MM, PARA AGUA QUENTE","UN    ","C ",3.42]
[37956,"JOELHO CPVC, SOLDAVEL, 90 GRAUS, 22 MM, PARA AGUA QUENTE","UN    ","CR",5.42]
[37957,"JOELHO CPVC, SOLDAVEL, 90 GRAUS, 28 MM, PARA AGUA QUENTE","UN    ","CR",11.43]
[37958,"JOELHO CPVC, SOLDAVEL, 90 GRAUS, 35 MM, PARA AGUA QUENTE","UN    ","CR",19.809999999999999]
[37959,"JOELHO CPVC, SOLDAVEL, 90 GRAUS, 42 MM, PARA AGUA QUENTE","UN    ","CR",31.76]
[37960,"JOELHO CPVC, SOLDAVEL, 90 GRAUS, 54 MM, PARA AGUA QUENTE","UN    ","CR",68.400000000000006]
[37961,"JOELHO CPVC, SOLDAVEL, 90 GRAUS, 73 MM, PARA AGUA QUENTE","UN    ","CR",181.47]
[37962,"JOELHO CPVC, SOLDAVEL, 90 GRAUS, 89 MM, PARA AGUA QUENTE","UN    ","CR",210.86]
[3533,"JOELHO DE REDUCAO, PVC SOLDAVEL, 90 GRAUS,  25 MM X 20 MM, PARA AGUA FRIA PREDIAL","UN    ","CR",3.83]
[3538,"JOELHO DE REDUCAO, PVC SOLDAVEL, 90 GRAUS,  32 MM X 25 MM, PARA AGUA FRIA PREDIAL","UN    ","CR",6.62]
[3497,"JOELHO DE REDUCAO, PVC, ROSCAVEL COM BUCHA DE LATAO, 90 GRAUS,  3/4\" X 1/2\", PARA AGUA FRIA PREDIAL","UN    ","CR",24.71]
[3498,"JOELHO DE REDUCAO, PVC, ROSCAVEL, 90 GRAUS, 1\" X 3/4\", PARA AGUA FRIA PREDIAL","UN    ","CR",7.85]
[3496,"JOELHO DE REDUCAO, PVC, ROSCAVEL, 90 GRAUS, 3/4\" X 1/2\", PARA AGUA FRIA PREDIAL","UN    ","CR",6.34]
[38429,"JOELHO DE TRANSICAO, CPVC, SOLDAVEL, 90 GRAUS, 15 MM X 1/2\", PARA AGUA QUENTE","UN    ","CR",11.55]
[38431,"JOELHO DE TRANSICAO, CPVC, SOLDAVEL, 90 GRAUS, 22 MM X 1/2\", PARA AGUA QUENTE","UN    ","CR",18.3]
[38430,"JOELHO DE TRANSICAO, CPVC, SOLDAVEL, 90 GRAUS, 22 MM X 3/4\", PARA AGUA QUENTE","UN    ","CR",23.38]
[36348,"JOELHO PPR 45 GRAUS, SOLDAVEL,  DN 20 MM, PARA AGUA QUENTE PREDIAL","UN    ","CR",1.7]
[36349,"JOELHO PPR 45 GRAUS, SOLDAVEL, DN 25 MM, PARA AGUA QUENTE PREDIAL","UN    ","CR",2.5499999999999998]
[38433,"JOELHO PPR, 45 GRAUS, SOLDAVEL, DN 32 MM, PARA AGUA QUENTE PREDIAL","UN    ","CR",4.7300000000000004]
[38440,"JOELHO PPR, 90 GRAUS, SOLDAVEL, DN 110 MM, PARA AGUA QUENTE PREDIAL","UN    ","CR",163.08000000000001]
[36359,"JOELHO PPR, 90 GRAUS, SOLDAVEL, DN 20 MM, PARA AGUA QUENTE PREDIAL","UN    ","CR",2.02]
[36360,"JOELHO PPR, 90 GRAUS, SOLDAVEL, DN 25 MM, PARA AGUA QUENTE PREDIAL","UN    ","CR",3.13]
[38434,"JOELHO PPR, 90 GRAUS, SOLDAVEL, DN 32 MM, PARA AGUA QUENTE PREDIAL","UN    ","CR",4.79]
[38435,"JOELHO PPR, 90 GRAUS, SOLDAVEL, DN 40 MM, PARA AGUA QUENTE PREDIAL","UN    ","CR",9.09]
[38436,"JOELHO PPR, 90 GRAUS, SOLDAVEL, DN 50 MM, PARA AGUA QUENTE PREDIAL","UN    ","CR",18.8]
[38437,"JOELHO PPR, 90 GRAUS, SOLDAVEL, DN 63 MM, PARA AGUA QUENTE PREDIAL","UN    ","CR",28.23]
[38438,"JOELHO PPR, 90 GRAUS, SOLDAVEL, DN 75 MM, PARA AGUA QUENTE PREDIAL","UN    ","CR",71.34]
[38439,"JOELHO PPR, 90 GRAUS, SOLDAVEL, DN 90 MM, PARA AGUA QUENTE PREDIAL","UN    ","CR",108.74]
[10836,"JOELHO PVC COM VISITA, 90 GRAUS, DN 100 X 50 MM, SERIE NORMAL, PARA ESGOTO PREDIAL","UN    ","CR",25.35]
[20128,"JOELHO PVC LEVE, 45 GRAUS, DN 150 MM, PARA ESGOTO PREDIAL","UN    ","CR",74.290000000000006]
[20131,"JOELHO PVC LEVE, 90 GRAUS, DN 150 MM, PARA ESGOTO PREDIAL","UN    ","CR",67.81]
[3521,"JOELHO PVC,  SOLDAVEL COM ROSCA, 90 GRAUS, 20 MM X 1/2\", PARA AGUA FRIA PREDIAL","UN    ","CR",3.33]
[3531,"JOELHO PVC,  SOLDAVEL COM ROSCA, 90 GRAUS, 25 MM X 1/2\", PARA AGUA FRIA PREDIAL","UN    ","CR",3.78]
[3522,"JOELHO PVC,  SOLDAVEL COM ROSCA, 90 GRAUS, 25 MM X 3/4\", PARA AGUA FRIA PREDIAL","UN    ","CR",5.61]
[3527,"JOELHO PVC,  SOLDAVEL COM ROSCA, 90 GRAUS, 32 MM X 3/4\", PARA AGUA FRIA PREDIAL","UN    ","CR",19.29]
[10835,"JOELHO PVC, COM BOLSA E ANEL, 90 GRAUS, DN 40 X *38* MM, SERIE NORMAL, PARA ESGOTO PREDIAL","UN    ","CR",5.31]
[3475,"JOELHO PVC, ROSCAVEL, 45 GRAUS, 1/2\", PARA AGUA FRIA PREDIAL","UN    ","CR",6.48]
[3485,"JOELHO PVC, ROSCAVEL, 45 GRAUS, 1\", PARA AGUA FRIA PREDIAL","UN    ","CR",20.71]
[3534,"JOELHO PVC, ROSCAVEL, 45 GRAUS, 3/4\", PARA AGUA FRIA PREDIAL","UN    ","CR",8.19]
[3543,"JOELHO PVC, ROSCAVEL, 90 GRAUS, 1/2\", PARA AGUA FRIA PREDIAL","UN    ","CR",4.1100000000000003]
[3482,"JOELHO PVC, ROSCAVEL, 90 GRAUS, 1\", PARA AGUA FRIA PREDIAL","UN    ","CR",10.41]
[3505,"JOELHO PVC, ROSCAVEL, 90 GRAUS, 3/4\", PARA AGUA FRIA PREDIAL","UN    ","CR",5.9]
[3516,"JOELHO PVC, SOLDAVEL, BB, 45 GRAUS, DN 40 MM, PARA ESGOTO PREDIAL","UN    ","CR",1.39]
[3517,"JOELHO PVC, SOLDAVEL, BB, 90 GRAUS, DN 40 MM, PARA ESGOTO PREDIAL","UN    ","CR",4.84]
[3515,"JOELHO PVC, SOLDAVEL, COM BUCHA DE LATAO, 90 GRAUS, 20 MM X 1/2\", PARA AGUA FRIA PREDIAL","UN    ","CR",9.56]
[20147,"JOELHO PVC, SOLDAVEL, COM BUCHA DE LATAO, 90 GRAUS, 25 MM X 1/2\", PARA AGUA FRIA PREDIAL","UN    ","CR",10.29]
[3524,"JOELHO PVC, SOLDAVEL, COM BUCHA DE LATAO, 90 GRAUS, 25 MM X 3/4\", PARA AGUA FRIA PREDIAL","UN    ","CR",12.2]
[3532,"JOELHO PVC, SOLDAVEL, COM BUCHA DE LATAO, 90 GRAUS, 32 MM X 3/4\", PARA AGUA FRIA PREDIAL","UN    ","CR",22.32]
[3528,"JOELHO PVC, SOLDAVEL, PB, 45 GRAUS, DN 100 MM, PARA ESGOTO PREDIAL","UN    ","CR",10.93]
[37952,"JOELHO PVC, SOLDAVEL, PB, 45 GRAUS, DN 150 MM, PARA ESGOTO PREDIAL","UN    ","CR",77.89]
[37951,"JOELHO PVC, SOLDAVEL, PB, 45 GRAUS, DN 40 MM, PARA ESGOTO PREDIAL","UN    ","CR",2.83]
[3518,"JOELHO PVC, SOLDAVEL, PB, 45 GRAUS, DN 50 MM, PARA ESGOTO PREDIAL","UN    ","CR",4.1500000000000004]
[3519,"JOELHO PVC, SOLDAVEL, PB, 45 GRAUS, DN 75 MM, PARA ESGOTO PREDIAL","UN    ","CR",9.82]
[3520,"JOELHO PVC, SOLDAVEL, PB, 90 GRAUS, DN 100 MM, PARA ESGOTO PREDIAL","UN    ","CR",11.01]
[37950,"JOELHO PVC, SOLDAVEL, PB, 90 GRAUS, DN 150 MM, PARA ESGOTO PREDIAL","UN    ","CR",67.81]
[37949,"JOELHO PVC, SOLDAVEL, PB, 90 GRAUS, DN 40 MM, PARA ESGOTO PREDIAL","UN    ","CR",2.48]
[3526,"JOELHO PVC, SOLDAVEL, PB, 90 GRAUS, DN 50 MM, PARA ESGOTO PREDIAL","UN    ","CR",3.33]
[3509,"JOELHO PVC, SOLDAVEL, PB, 90 GRAUS, DN 75 MM, PARA ESGOTO PREDIAL","UN    ","CR",8.66]
[3530,"JOELHO PVC, SOLDAVEL, 90 GRAUS, 110 MM, PARA AGUA FRIA PREDIAL","UN    ","CR",384.3]
[3542,"JOELHO PVC, SOLDAVEL, 90 GRAUS, 20 MM, PARA AGUA FRIA PREDIAL","UN    ","CR",0.89]
[3529,"JOELHO PVC, SOLDAVEL, 90 GRAUS, 25 MM, PARA AGUA FRIA PREDIAL","UN    ","CR",1.23]
[3536,"JOELHO PVC, SOLDAVEL, 90 GRAUS, 32 MM, PARA AGUA FRIA PREDIAL","UN    ","CR",3.68]
[3535,"JOELHO PVC, SOLDAVEL, 90 GRAUS, 40 MM, PARA AGUA FRIA PREDIAL","UN    ","CR",8.73]
[3540,"JOELHO PVC, SOLDAVEL, 90 GRAUS, 50 MM, PARA AGUA FRIA PREDIAL","UN    ","CR",9.4499999999999993]
[3539,"JOELHO PVC, SOLDAVEL, 90 GRAUS, 60 MM, PARA AGUA FRIA PREDIAL","UN    ","CR",40.99]
[3513,"JOELHO PVC, SOLDAVEL, 90 GRAUS, 85 MM, PARA AGUA FRIA PREDIAL","UN    ","CR",182.17]
[3492,"JOELHO PVC, 45 GRAUS, ROSCAVEL,  1 1/2\", AGUA FRIA PREDIAL","UN    ","CR",35.07]
[3491,"JOELHO PVC, 45 GRAUS, ROSCAVEL, 1 1/4\",  AGUA FRIA PREDIAL","UN    ","CR",20]
[3493,"JOELHO PVC, 45 GRAUS, ROSCAVEL, 2\", AGUA FRIA PREDIAL","UN    ","CR",47.94]
[12628,"JOELHO PVC, 60 GRAUS, DIAMETRO ENTRE 80 E 100 MM, PARA DRENAGEM PLUVIAL PREDIAL","UN    ","AS",6.97]
[12629,"JOELHO PVC, 90 GRAUS, DIAMETRO ENTRE 80 E 100 MM, PARA DRENAGEM PLUVIAL PREDIAL","UN    ","AS",7.56]
[3481,"JOELHO PVC, 90 GRAUS, ROSCAVEL, 1 1/2\",  AGUA FRIA PREDIAL","UN    ","CR",24.29]
[3510,"JOELHO PVC, 90 GRAUS, ROSCAVEL, 1 1/4\", AGUA FRIA PREDIAL","UN    ","CR",22.7]
[3508,"JOELHO PVC, 90 GRAUS, ROSCAVEL, 2\", AGUA FRIA PREDIAL","UN    ","CR",59.34]
[38939,"JOELHO ROSCA FEMEA MOVEL, METALICO, PARA CONEXAO COM ANEL DESLIZANTE EM TUBO PEX, DN 16 MM X 1/2\"","UN    ","CR",28.5]
[38940,"JOELHO ROSCA FEMEA MOVEL, METALICO, PARA CONEXAO COM ANEL DESLIZANTE EM TUBO PEX, DN 20 MM X 1/2\"","UN    ","CR",43.51]
[38941,"JOELHO ROSCA FEMEA MOVEL, METALICO, PARA CONEXAO COM ANEL DESLIZANTE EM TUBO PEX, DN 20 MM X 3/4\"","UN    ","CR",51.4]
[38942,"JOELHO ROSCA FEMEA MOVEL, METALICO, PARA CONEXAO COM ANEL DESLIZANTE EM TUBO PEX, DN 25 MM X 3/4\"","UN    ","CR",57.58]
[38987,"JOELHO 45 GRAUS, PPR, SOLDAVEL, F/ F, DN 40 MM, PARA AQUA QUENTE E FRIA PREDIAL","UN    ","CR",8.4600000000000009]
[38988,"JOELHO 45 GRAUS, PPR, SOLDAVEL, F/ F, DN 50 MM, PARA AQUA QUENTE E FRIA PREDIAL","UN    ","CR",19.66]
[38989,"JOELHO 45 GRAUS, PPR, SOLDAVEL, F/ F, DN 63 MM, PARA AQUA QUENTE E FRIA PREDIAL","UN    ","CR",26.12]
[38990,"JOELHO 45 GRAUS, PPR, SOLDAVEL, F/ F, DN 75 MM, PARA AQUA QUENTE E FRIA PREDIAL","UN    ","CR",68.86]
[38991,"JOELHO 45 GRAUS, PPR, SOLDAVEL, F/ F, DN 90 MM, PARA AQUA QUENTE E FRIA PREDIAL","UN    ","CR",139.13999999999999]
[38913,"JOELHO 90 GRAUS, METALICO, PARA CONEXAO COM ANEL DESLIZANTE EM TUBO PEX, DN 16 MM","UN    ","CR",26.45]
[38914,"JOELHO 90 GRAUS, METALICO, PARA CONEXAO COM ANEL DESLIZANTE EM TUBO PEX, DN 20 MM","UN    ","CR",30.68]
[38915,"JOELHO 90 GRAUS, METALICO, PARA CONEXAO COM ANEL DESLIZANTE EM TUBO PEX, DN 25 MM","UN    ","CR",53.26]
[38916,"JOELHO 90 GRAUS, METALICO, PARA CONEXAO COM ANEL DESLIZANTE EM TUBO PEX, DN 32 MM","UN    ","CR",70.260000000000005]
[39300,"JOELHO 90 GRAUS, PLASTICO, PARA CONEXAO COM CRIMPAGEM EM TUBO PEX, DN 16 MM","UN    ","CR",23.9]
[39301,"JOELHO 90 GRAUS, PLASTICO, PARA CONEXAO COM CRIMPAGEM EM TUBO PEX, DN 20 MM","UN    ","CR",33.15]
[39302,"JOELHO 90 GRAUS, PLASTICO, PARA CONEXAO COM CRIMPAGEM EM TUBO PEX, DN 25 MM","UN    ","CR",41.65]
[39303,"JOELHO 90 GRAUS, PLASTICO, PARA CONEXAO COM CRIMPAGEM EM TUBO PEX, DN 32 MM","UN    ","CR",73.23]
[38923,"JOELHO 90 GRAUS, ROSCA FEMEA TERMINAL, METALICO, PARA CONEXAO COM ANEL DESLIZANTE EM TUBO PEX, DN 16 MM X 1/2\"","UN    ","CR",23.33]
[38925,"JOELHO 90 GRAUS, ROSCA FEMEA TERMINAL, METALICO, PARA CONEXAO COM ANEL DESLIZANTE EM TUBO PEX, DN 20 MM X 1/2\"","UN    ","CR",25.07]
[38926,"JOELHO 90 GRAUS, ROSCA FEMEA TERMINAL, METALICO, PARA CONEXAO COM ANEL DESLIZANTE EM TUBO PEX, DN 20 MM X 3/4\"","UN    ","CR",35.799999999999997]
[38927,"JOELHO 90 GRAUS, ROSCA FEMEA TERMINAL, METALICO, PARA CONEXAO COM ANEL DESLIZANTE EM TUBO PEX, DN 25 MM X 3/4\"","UN    ","CR",38.29]
[39304,"JOELHO 90 GRAUS, ROSCA FEMEA TERMINAL, PLASTICO, PARA CONEXAO COM CRIMPAGEM EM TUBO PEX, DN 16 MM X 1/2\"","UN    ","CR",29.51]
[38924,"JOELHO 90 GRAUS, ROSCA FEMEA TERMINAL, PLASTICO, PARA CONEXAO COM CRIMPAGEM EM TUBO PEX, DN 16 MM X 3/4\"","UN    ","CR",42.04]
[39305,"JOELHO 90 GRAUS, ROSCA FEMEA TERMINAL, PLASTICO, PARA CONEXAO COM CRIMPAGEM EM TUBO PEX, DN 20 MM X 1/2\"","UN    ","CR",38.619999999999997]
[39306,"JOELHO 90 GRAUS, ROSCA FEMEA TERMINAL, PLASTICO, PARA CONEXAO COM CRIMPAGEM EM TUBO PEX, DN 20 MM X 3/4\"","UN    ","CR",48.33]
[38928,"JOELHO 90 GRAUS, ROSCA FEMEA TERMINAL, PLASTICO, PARA CONEXAO COM CRIMPAGEM EM TUBO PEX, DN 25 MM X 1/2\"","UN    ","CR",42.45]
[38929,"JOELHO 90 GRAUS, ROSCA FEMEA TERMINAL, PLASTICO, PARA CONEXAO COM CRIMPAGEM EM TUBO PEX, DN 25 MM X 1\"","UN    ","CR",75.260000000000005]
[39307,"JOELHO 90 GRAUS, ROSCA FEMEA TERMINAL, PLASTICO, PARA CONEXAO COM CRIMPAGEM EM TUBO PEX, DN 25 MM X 3/4\"","UN    ","CR",55.61]
[38930,"JOELHO 90 GRAUS, ROSCA FEMEA TERMINAL, PLASTICO, PARA CONEXAO COM CRIMPAGEM EM TUBO PEX, DN 32 MM X 1\"","UN    ","CR",94.54]
[38931,"JOELHO 90 GRAUS, ROSCA MACHO TERMINAL, METALICO, PARA CONEXAO COM ANEL DESLIZANTE EM TUBO PEX, DN 16 MM X 1/2\"","UN    ","CR",23.81]
[38932,"JOELHO 90 GRAUS, ROSCA MACHO TERMINAL, METALICO, PARA CONEXAO COM ANEL DESLIZANTE EM TUBO PEX, DN 20 MM X 1/2\"","UN    ","CR",24.05]
[38934,"JOELHO 90 GRAUS, ROSCA MACHO TERMINAL, METALICO, PARA CONEXAO COM ANEL DESLIZANTE EM TUBO PEX, DN 20 MM X 3/4\"","UN    ","CR",35.53]
[38935,"JOELHO 90 GRAUS, ROSCA MACHO TERMINAL, METALICO, PARA CONEXAO COM ANEL DESLIZANTE EM TUBO PEX, DN 25 MM X 3/4\"","UN    ","CR",38.020000000000003]
[38936,"JOELHO 90 GRAUS, ROSCA MACHO TERMINAL, PLASTICO, PARA CONEXAO COM CRIMPAGEM EM TUBO PEX, DN 25 MM X 1/2\"","UN    ","CR",40.72]
[38937,"JOELHO 90 GRAUS, ROSCA MACHO TERMINAL, PLASTICO, PARA CONEXAO COM CRIMPAGEM EM TUBO PEX, DN 25 MM X 1\"","UN    ","CR",49.63]
[38938,"JOELHO 90 GRAUS, ROSCA MACHO TERMINAL, PLASTICO, PARA CONEXAO COM CRIMPAGEM EM TUBO PEX, DN 32 MM X 1\"","UN    ","CR",73.790000000000006]
[3489,"JOELHO, PVC COM ROSCA E BUCHA LATAO, 90 GRAUS,  3/4\", PARA AGUA FRIA PREDIAL","UN    ","CR",22.43]
[20151,"JOELHO, PVC SERIE R, 45 GRAUS, DN 100 MM, PARA ESGOTO OU AGUAS PLUVIAIS PREDIAIS","UN    ","CR",30.54]
[20152,"JOELHO, PVC SERIE R, 45 GRAUS, DN 150 MM, PARA ESGOTO OU AGUAS PLUVIAIS PREDIAIS","UN    ","CR",106.26]
[20148,"JOELHO, PVC SERIE R, 45 GRAUS, DN 40 MM, PARA ESGOTO OU AGUAS PLUVIAIS PREDIAIS","UN    ","CR",6.07]
[20149,"JOELHO, PVC SERIE R, 45 GRAUS, DN 50 MM, PARA ESGOTO OU AGUAS PLUVIAIS PREDIAIS","UN    ","CR",9.4]
[20150,"JOELHO, PVC SERIE R, 45 GRAUS, DN 75 MM, PARA ESGOTO OU AGUAS PLUVIAIS PREDIAIS","UN    ","CR",21.92]
[20157,"JOELHO, PVC SERIE R, 90 GRAUS, DN 100 MM, PARA ESGOTO OU AGUAS PLUVIAIS PREDIAIS","UN    ","CR",41.2]
[20158,"JOELHO, PVC SERIE R, 90 GRAUS, DN 150 MM, PARA ESGOTO OU AGUAS PLUVIAIS PREDIAIS","UN    ","CR",136.88999999999999]
[20154,"JOELHO, PVC SERIE R, 90 GRAUS, DN 40 MM, PARA ESGOTO OU AGUAS PLUVIAIS PREDIAIS","UN    ","CR",7.81]
[20155,"JOELHO, PVC SERIE R, 90 GRAUS, DN 50 MM, PARA ESGOTO OU AGUAS PLUVIAIS PREDIAIS","UN    ","CR",11.69]
[20156,"JOELHO, PVC SERIE R, 90 GRAUS, DN 75 MM, PARA ESGOTO OU AGUAS PLUVIAIS PREDIAIS","UN    ","CR",26.31]
[3512,"JOELHO, PVC SOLDAVEL, 45 GRAUS, 110 MM, PARA AGUA FRIA PREDIAL","UN    ","CR",351.45]
[3499,"JOELHO, PVC SOLDAVEL, 45 GRAUS, 20 MM, PARA AGUA FRIA PREDIAL","UN    ","CR",1.49]
[3500,"JOELHO, PVC SOLDAVEL, 45 GRAUS, 25 MM, PARA AGUA FRIA PREDIAL","UN    ","CR",2.52]
[3501,"JOELHO, PVC SOLDAVEL, 45 GRAUS, 32 MM, PARA AGUA FRIA PREDIAL","UN    ","CR",7.29]
[3502,"JOELHO, PVC SOLDAVEL, 45 GRAUS, 40 MM, PARA AGUA FRIA PREDIAL","UN    ","CR",10.37]
[3503,"JOELHO, PVC SOLDAVEL, 45 GRAUS, 50 MM, PARA AGUA FRIA PREDIAL","UN    ","CR",12.42]
[3477,"JOELHO, PVC SOLDAVEL, 45 GRAUS, 60 MM, PARA AGUA FRIA PREDIAL","UN    ","CR",48.11]
[3478,"JOELHO, PVC SOLDAVEL, 45 GRAUS, 75 MM, PARA AGUA FRIA PREDIAL","UN    ","CR",110.54]
[3525,"JOELHO, PVC SOLDAVEL, 45 GRAUS, 85 MM, PARA AGUA FRIA PREDIAL","UN    ","CR",131.13999999999999]
[3511,"JOELHO, PVC SOLDAVEL, 90 GRAUS, 75 MM, PARA AGUA FRIA PREDIAL","UN    ","CR",153.88]
[38917,"JOELHO, ROSCA FEMEA, COM BASE FIXA, METALICO, PARA CONEXAO COM ANEL DESLIZANTE EM TUBO PEX, DN 16 MM X 1/2\"","UN    ","CR",22.77]
[38919,"JOELHO, ROSCA FEMEA, COM BASE FIXA, METALICO, PARA CONEXAO COM ANEL DESLIZANTE EM TUBO PEX, DN 20 MM X 1/2\"","UN    ","CR",33.89]
[38922,"JOELHO, ROSCA FEMEA, COM BASE FIXA, METALICO, PARA CONEXAO COM ANEL DESLIZANTE EM TUBO PEX, DN 25 MM X 3/4\"","UN    ","CR",43.78]
[38921,"JOELHO, ROSCA FEMEA, COM BASE FIXA, PLASTICO, PARA CONEXAO COM CRIMPAGEM EM TUBO PEX, DN 25 MM X 1/2\"","UN    ","CR",54.13]
[38918,"JOELHO, ROSCA FEMEA, COM BASE FIXA, PLASTICO, PARA CONEXAO POR CRIMPAGEM EM TUBO PEX, DN 16 MM X 3/4\"","UN    ","CR",51.45]
[38920,"JOELHO, ROSCA FEMEA, COM BASE FIXA, PLASTICO, PARA CONEXAO POR CRIMPAGEM EM TUBO PEX, DN 20 MM X 3/4\"","UN    ","CR",64.31]
[12032,"JOGO DE TRANQUETA E ROSETA QUADRADA DE SOBREPOR SEM FUROS, EM LATAO CROMADO, *50 X 50* MM, PARA FECHADURA DE PORTA DE BANHEIRO","JG    ","CR",62.81]
[12030,"JOGO DE TRANQUETA E ROSETA REDONDA DE SOBREPOR SEM FUROS, EM LATAO CROMADO, DIAMETRO *50* MM, PARA FECHADURA DE PORTA DE BANHEIRO","JG    ","CR",59.01]
[10908,"JUNCAO DE REDUCAO INVERTIDA, PVC SOLDAVEL, 100 X 50 MM, SERIE NORMAL PARA ESGOTO PREDIAL","UN    ","CR",23.07]
[10909,"JUNCAO DE REDUCAO INVERTIDA, PVC SOLDAVEL, 100 X 75 MM, SERIE NORMAL PARA ESGOTO PREDIAL","UN    ","CR",36.79]
[3669,"JUNCAO DE REDUCAO INVERTIDA, PVC SOLDAVEL, 75 X 50 MM, SERIE NORMAL PARA ESGOTO PREDIAL","UN    ","CR",15.76]
[20138,"JUNCAO DE REDUCAO SIMPLES, COM BOLSA PARA ANEL, PVC LEVE,  150 X 100 MM, PARA ESGOTO PREDIAL","UN    ","CR",78.319999999999993]
[20139,"JUNCAO DUPLA, PVC SERIE R, DN 100 X 100 X 100 MM, PARA ESGOTO OU AGUAS PLUVIAIS PREDIAIS","UN    ","CR",131.58000000000001]
[3668,"JUNCAO DUPLA, PVC SOLDAVEL, DN 100 X 100 X 100 MM , SERIE NORMAL PARA ESGOTO PREDIAL","UN    ","CR",52.17]
[3656,"JUNCAO DUPLA, PVC SOLDAVEL, DN 75 X 75 X 75 MM , SERIE NORMAL PARA ESGOTO PREDIAL","UN    ","CR",25.86]
[10911,"JUNCAO INVERTIDA, PVC SOLDAVEL, 75 X 75 MM, SERIE NORMAL PARA ESGOTO PREDIAL","UN    ","CR",28.7]
[3654,"JUNCAO PVC  ROSCAVEL, 45 GRAUS, 1/2\", PARA AGUA FRIA PREDIAL","UN    ","CR",7.81]
[3664,"JUNCAO PVC  ROSCAVEL, 45 GRAUS, 3/4\", PARA AGUA FRIA PREDIAL","UN    ","CR",9.69]
[3657,"JUNCAO PVC, 45 GRAUS, ROSCAVEL, 1 1/4\", AGUA FRIA PREDIAL","UN    ","CR",10.44]
[12625,"JUNCAO PVC, 60 GRAUS, CIRCULAR,  DIAMETRO ENTRE 80 E 100 MM, PARA DRENAGEM PLUVIAL PREDIAL","UN    ","AS",9.56]
[20136,"JUNCAO SIMPLES, PVC LEVE, 150 MM, PARA ESGOTO PREDIAL","UN    ","CR",176.74]
[20144,"JUNCAO SIMPLES, PVC SERIE R, DN 100 X 100 MM, PARA ESGOTO OU AGUAS PLUVIAIS PREDIAIS","UN    ","CR",77.64]
[20143,"JUNCAO SIMPLES, PVC SERIE R, DN 100 X 75 MM, PARA ESGOTO OU AGUAS PLUVIAIS PREDIAIS","UN    ","CR",72.510000000000005]
[20145,"JUNCAO SIMPLES, PVC SERIE R, DN 150 X 100 MM, PARA ESGOTO OU AGUAS PLUVIAIS PREDIAIS","UN    ","CR",205.76]
[20146,"JUNCAO SIMPLES, PVC SERIE R, DN 150 X 150 MM, PARA ESGOTO OU AGUAS PLUVIAIS PREDIAIS","UN    ","CR",232.02]
[20140,"JUNCAO SIMPLES, PVC SERIE R, DN 40 X 40 MM, PARA ESGOTO OU AGUAS PLUVIAIS PREDIAIS","UN    ","CR",9.24]
[20141,"JUNCAO SIMPLES, PVC SERIE R, DN 50 X 50 MM, PARA ESGOTO OU AGUAS PLUVIAIS PREDIAIS","UN    ","CR",16.22]
[20142,"JUNCAO SIMPLES, PVC SERIE R, DN 75 X 75 MM, PARA ESGOTO OU AGUAS PLUVIAIS PREDIAIS","UN    ","CR",49.62]
[3659,"JUNCAO SIMPLES, PVC, DN 100 X 50 MM, SERIE NORMAL PARA ESGOTO PREDIAL","UN    ","CR",21.52]
[3660,"JUNCAO SIMPLES, PVC, DN 100 X 75 MM, SERIE NORMAL PARA ESGOTO PREDIAL","UN    ","CR",31.02]
[3662,"JUNCAO SIMPLES, PVC, DN 50 X 50 MM, SERIE NORMAL PARA ESGOTO PREDIAL","UN    ","CR",11.72]
[3661,"JUNCAO SIMPLES, PVC, DN 75 X 50 MM, SERIE NORMAL PARA ESGOTO PREDIAL","UN    ","CR",17.239999999999998]
[3658,"JUNCAO SIMPLES, PVC, DN 75 X 75 MM, SERIE NORMAL PARA ESGOTO PREDIAL","UN    ","CR",21.95]
[3670,"JUNCAO SIMPLES, PVC, 45 GRAUS, DN 100 X 100 MM, SERIE NORMAL PARA ESGOTO PREDIAL","UN    ","CR",28.64]
[3666,"JUNCAO SIMPLES, PVC, 45 GRAUS, DN 40 X 40 MM, SERIE NORMAL PARA ESGOTO PREDIAL","UN    ","CR",4.8499999999999996]
[14157,"JUNCAO 2 GARRAS PARA FITA PERFURADA","UN    ","AS",1.26]
[3653,"JUNCAO, PVC, 45 GRAUS, JE, BBB, DN 100 MM, PARA REDE COLETORA DE ESGOTO (NBR 10569)","UN    ","CR",139.13999999999999]
[3649,"JUNCAO, PVC, 45 GRAUS, JE, BBB, DN 150 MM, PARA REDE COLETORA DE ESGOTO (NBR 10569)","UN    ","CR",288.19]
[42696,"JUNCAO, PVC, 45 GRAUS, JE, BBB, DN 150 MM, PARA TUBO CORRUGADO E/OU LISO, REDE COLETORA DE ESGOTO (NBR 10569)","UN    ","CR",806.32]
[42697,"JUNCAO, PVC, 45 GRAUS, JE, BBB, DN 200 MM, PARA TUBO CORRUGADO E/OU LISO, REDE COLETORA DE ESGOTO (NBR 10569)","UN    ","CR",1214.3399999999999]
[42698,"JUNCAO, PVC, 45 GRAUS, JE, BBB, DN 250 MM, PARA TUBO CORRUGADO E/OU LISO, REDE COLETORA DE ESGOTO (NBR 10569)","UN    ","CR",1691.54]
[39875,"JUNTA DE EXPANSAO BRONZE/LATAO (REF 900), PONTA X PONTA, 35 MM","UN    ","AS",745.93]
[39876,"JUNTA DE EXPANSAO BRONZE/LATAO (REF 900), PONTA X PONTA, 42 MM","UN    ","AS",933.9]
[39877,"JUNTA DE EXPANSAO BRONZE/LATAO (REF 900), PONTA X PONTA, 54 MM","UN    ","AS",1295.28]
[39878,"JUNTA DE EXPANSAO BRONZE/LATAO (REF 900), PONTA X PONTA, 66 MM","UN    ","AS",1710.86]
[39872,"JUNTA DE EXPANSAO DE COBRE (REF 900), PONTA X PONTA, 15 MM","UN    ","AS",511.54]
[39873,"JUNTA DE EXPANSAO DE COBRE (REF 900), PONTA X PONTA, 22 MM","UN    ","AS",593.36]
[39874,"JUNTA DE EXPANSAO DE COBRE (REF 900), PONTA X PONTA, 28 MM","UN    ","AS",651.72]
[3674,"JUNTA DILATACAO ELASTICA PARA CONCRETO (FUGENBAND) O-12, ATE 5 MCA","M     ","AS",73.81]
[3681,"JUNTA DILATACAO ELASTICA PARA CONCRETO (FUGENBAND) O-22, ATE 30 MCA","M     ","AS",109.82]
[3676,"JUNTA DILATACAO ELASTICA PARA CONCRETO (FUGENBAND) O-35/10, ATE 100 MCA","M     ","AS",413.28]
[3679,"JUNTA DILATACAO ELASTICA PARA CONCRETO (FUGENBAND) O-35/6, ATE 100 MCA","M     ","AS",341.92]
[3672,"JUNTA PLASTICA DE DILATACAO PARA PISOS, COR CINZA, 10 X 4,5 MM (ALTURA X ESPESSURA)","M     ","AS",1.1599999999999999]
[3671,"JUNTA PLASTICA DE DILATACAO PARA PISOS, COR CINZA, 17 X 3 MM (ALTURA X ESPESSURA)","M     ","AS",1.1000000000000001]
[3673,"JUNTA PLASTICA DE DILATACAO PARA PISOS, COR CINZA, 27 X 3 MM (ALTURA X ESPESSURA)","M     ","AS",1.72]
[38394,"KIT ACESSORIOS PARA COMPRESSOR DE AR, 5 PECAS (PISTOLAS PINTURA, LIMPEZA E PULVERIZACAO, CALIBRADOR E MANGUEIRA)","UN    ","CR",302.36]
[3729,"KIT CAVALETE, PVC, COM REGISTRO, PARA HIDROMETRO, BITOLAS 1/2\" OU 3/4\" - COMPLETO","UN    ","CR",130.49]
[39357,"KIT CHASSI COZINHA, CUBA SIMPLES SEM MAQUINA LAVAR LOUCA PARA INSTALACAO PEX, QUADRO METALICO COM TRAVESSA COM FURO PARA ESGOTO DN 50 MM E FUROS SUPERIORES PARA AGUA, LARGURA *340* MM X ALTURA *650* MM, PARA CONEXAO COM ANEL DESLIZANTE (INCLUI TUBOS E CONEXOES PEX E TUBO E CONEXAO ESGOTO, NAO INCLUI CARENAGEM)","UN    ","CR",206.9]
[39358,"KIT CHASSI COZINHA, CUBA SIMPLES SEM MAQUINA LAVAR LOUCA PARA INSTALACAO PEX, QUADRO METALICO COM TRAVESSA COM FURO PARA ESGOTO DN 50 MM E FUROS SUPERIORES PARA AGUA, LARGURA *340* MM X ALTURA *650* MM, PARA CONEXAO COM CRIMPAGEM (INCLUI TUBOS E CONEXOESPEX E TUBO E CONEXAO ESGOTO, NAO INCLUI CARENAGEM)","UN    ","CR",226.88]
[39356,"KIT CHASSI TANQUE COM MAQUINA LAVAR ROUPA PARA INSTALACAO PEX, QUADRO METALICO COM TRAVESSA COM  FURO PARA ESGOTO DN 50 MM, FURO LATERAL PARA MAQUINA E FUROS SUPERIORES PARA AGUA, LARGURA *344* MM X ALTURA *442* MM, PARA CONEXAO COM CRIMPAGEM (INCLUI TUBOS E CONEXOES PEX E TUBO E CONEXAO ESGOTO, NAO INCLUI CARENAGEM)","UN    ","CR",387.06]
[39355,"KIT CHASSI TANQUE COM MAQUINA LAVAR ROUPA PARA INSTALACAO PEX, QUADRO METALICO COM TRAVESSA COM FURO PARA ESGOTO DN 50 MM, FURO LATERAL PARA MAQUINA E FUROS SUPERIORES PARA AGUA, LARGURA *344* MM X ALTURA *442* MM, PARA CONEXAO COM ANEL DESLIZANTE (INCLUI TUBOS E CONEXOES PEX E TUBO E CONEXAO ESGOTO, NAO INCLUI CARENAGEM)","UN    ","CR",333.08]
[39353,"KIT CHUVEIRO PARA INSTALACAO PEX, QUADRO METALICO COM 2 TRAVESSAS, SUPERIOR COM ESPERA PARA CHUVEIRO E INFERIOR COM 2 REGISTROS DE PRESSAO DE 1/2 \", LARGURA DE *390* MM X ALTURA DE *900* MM, PARA CONEXAO COM ANEL DESLIZANTE (INCLUI REGISTROS PRESSAO E TUBOS PEX COM CONEXOES, SEM REGISTRO GAVETA, NAO INCLUI CARENAGEM)","UN    ","CR",456.76]
[39354,"KIT CHUVEIRO PARA INSTALACAO PEX, QUADRO METALICO COM 2 TRAVESSAS, SUPERIOR COM ESPERA PARA CHUVEIRO E INFERIOR COM 2 REGISTROS DE PRESSAO DE 1/2 \", LARGURA DE *390* MM X ALTURA DE *900* MM, PARA CONEXAO COM CRIMPAGEM (INCLUI REGISTROS PRESSAO E TUBOS PEX COM CONEXOES, SEM REGISTRO GAVETA, NAO INCLUI CARENAGEM)","UN    ","CR",455.23]
[39398,"KIT DE ACESSORIOS PARA BANHEIRO EM METAL CROMADO, 5 PECAS","UN    ","CR",155.66999999999999]
[13343,"KIT DE MATERIAIS PARA BRACADEIRA PARA FIXACAO EM POSTE CIRCULAR, CONTEM TRES FIXADORES E UM ROLO DE FITA DE 3 M EM ACO CARBONO","UN    ","AS",46.36]
[12118,"KIT DE PROTECAO ARSTOP PARA AR CONDICIONADO, TOMADA PADRAO 2P+T 20 A, COM DISJUNTOR UNIPOLAR DIN 20A","UN    ","CR",24.25]
[39482,"KIT PORTA PRONTA DE MADEIRA, FOLHA LEVE (NBR 15930) DE 600 X 2100 MM OU 700 X 2100 MM, DE 35 MM A 40 MM DE ESPESSURA, COM MARCO EM ACO, NUCLEO COLMEIA, CAPA LISA EM HDF, ACABAMENTO MELAMINICO BRANCO (INCLUI MARCO, ALIZARES, DOBRADICAS E FECHADURA)","UN    ","CR",682.44]
[39486,"KIT PORTA PRONTA DE MADEIRA, FOLHA LEVE (NBR 15930) DE 600 X 2100 MM OU 700 X 2100 MM, DE 35 MM A 40 MM DE ESPESSURA, NUCLEO COLMEIA, ESTRUTURA USINADA PARA FECHADURA, CAPA LISA EM HDF, ACABAMENTO EM PRIMER PARA PINTURA (INCLUI MARCO, ALIZARES E DOBRADICAS)","UN    ","CR",556.97]
[39484,"KIT PORTA PRONTA DE MADEIRA, FOLHA LEVE (NBR 15930) DE 800 X 2100 MM, DE 35 MM A 40 MM DE ESPESSURA, COM MARCO EM ACO, NUCLEO COLMEIA, CAPA LISA EM HDF, ACABAMENTO MELAMINICO BRANCO (INCLUI MARCO, ALIZARES, DOBRADICAS E FECHADURA)","UN    ","CR",682.44]
[39488,"KIT PORTA PRONTA DE MADEIRA, FOLHA LEVE (NBR 15930) DE 800 X 2100 MM, DE 35 MM A 40 MM DE ESPESSURA, NUCLEO COLMEIA, ESTRUTURA USINADA PARA FECHADURA, CAPA LISA EM HDF, ACABAMENTO EM PRIMER PARA PINTURA (INCLUI MARCO, ALIZARES E DOBRADICAS)","UN    ","CR",566.09]
[39485,"KIT PORTA PRONTA DE MADEIRA, FOLHA LEVE (NBR 15930) DE 900 X 2100 MM, DE 35 MM A 40 MM DE ESPESSURA, COM MARCO EM ACO, NUCLEO COLMEIA, CAPA LISA EM HDF, ACABAMENTO MELAMINICO BRANCO (INCLUI MARCO, ALIZARES, DOBRADICAS E FECHADURA)","UN    ","CR",682.44]
[39489,"KIT PORTA PRONTA DE MADEIRA, FOLHA LEVE (NBR 15930) DE 900 X 2100 MM, DE 35 MM A 40 MM DE ESPESSURA, NUCLEO COLMEIA, ESTRUTURA USINADA PARA FECHADURA, CAPA LISA EM HDF, ACABAMENTO EM PRIMER PARA PINTURA (INCLUI MARCO, ALIZARES E DOBRADICAS)","UN    ","CR",575.69000000000005]
[39490,"KIT PORTA PRONTA DE MADEIRA, FOLHA MEDIA (NBR 15930) DE 600 X 2100 MM OU 700 X 2100 MM, DE 35 MM A 40 MM DE ESPESSURA, NUCLEO SEMI-SOLIDO (SARRAFEADO), ESTRUTURA USINADA PARA FECHADURA, CAPA LISA EM HDF, ACABAMENTO MELAMINICO BRANCO (INCLUI MARCO, ALIZARES E DOBRADICAS)","UN    ","CR",857.84]
[39494,"KIT PORTA PRONTA DE MADEIRA, FOLHA MEDIA (NBR 15930) DE 600 X 2100 MM, DE 35 MM A 40 MM DE ESPESSURA, NUCLEO SEMI-SOLIDO (SARRAFEADO), ESTRUTURA USINADA PARA FECHADURA, CAPA LISA EM HDF, ACABAMENTO EM PRIMER PARA PINTURA (INCLUI MARCO, ALIZARES E DOBRADICAS)","UN    ","CR",616]
[39495,"KIT PORTA PRONTA DE MADEIRA, FOLHA MEDIA (NBR 15930) DE 700 X 2100 MM, DE 35 MM A 40 MM DE ESPESSURA, NUCLEO SEMI-SOLIDO (SARRAFEADO), ESTRUTURA USINADA PARA FECHADURA, CAPA LISA EM HDF, ACABAMENTO EM PRIMER PARA PINTURA (INCLUI MARCO, ALIZARES E DOBRADICAS)","UN    ","CR",694.16]
[39496,"KIT PORTA PRONTA DE MADEIRA, FOLHA MEDIA (NBR 15930) DE 800 X 2100 MM, DE 35 MM A 40 MM DE ESPESSURA,  NUCLEO SEMI-SOLIDO (SARRAFEADO), ESTRUTURA USINADA PARA FECHADURA, CAPA LISA EM HDF, ACABAMENTO EM PRIMER PARA PINTURA (INCLUI MARCO, ALIZARES E DOBRADICAS)","UN    ","CR",763.57]
[39492,"KIT PORTA PRONTA DE MADEIRA, FOLHA MEDIA (NBR 15930) DE 800 X 2100 MM, DE 35 MM A 40 MM DE ESPESSURA, NUCLEO SEMI-SOLIDO (SARRAFEADO), ESTRUTURA USINADA PARA FECHADURA, CAPA LISA EM HDF, ACABAMENTO MELAMINICO BRANCO (INCLUI MARCO, ALIZARES E DOBRADICAS)","UN    ","CR",884.01]
[39497,"KIT PORTA PRONTA DE MADEIRA, FOLHA MEDIA (NBR 15930) DE 900 X 2100 MM, DE 35 MM A 40 MM DE ESPESSURA, NUCLEO SEMI-SOLIDO (SARRAFEADO), ESTRUTURA USINADA PARA FECHADURA, CAPA LISA EM HDF, ACABAMENTO EM PRIMER PARA PINTURA (INCLUI MARCO, ALIZARES E DOBRADICAS)","UN    ","CR",798.49]
[39493,"KIT PORTA PRONTA DE MADEIRA, FOLHA MEDIA (NBR 15930) DE 900 X 2100 MM, DE 35 MM A 40 MM DE ESPESSURA, NUCLEO SEMI-SOLIDO (SARRAFEADO), ESTRUTURA USINADA PARA FECHADURA, CAPA LISA EM HDF, ACABAMENTO MELAMINICO BRANCO (INCLUI MARCO, ALIZARES E DOBRADICAS)","UN    ","CR",948.18]
[39500,"KIT PORTA PRONTA DE MADEIRA, FOLHA PESADA (NBR 15930) DE 800 X 2100 MM, DE 40 MM  A 45 MM DE ESPESSURA, NUCLEO SOLIDO, CAPA LISA EM HDF, ACABAMENTO MELAMINICO BRANCO (INCLUI MARCO, ALIZARES, DOBRADICAS E FECHADURA EXTERNA)","UN    ","CR",1034.54]
[39498,"KIT PORTA PRONTA DE MADEIRA, FOLHA PESADA (NBR 15930) DE 800 X 2100 MM, DE 40 MM A 45 MM DE ESPESSURA , NUCLEO SOLIDO, ESTRUTURA USINADA PARA FECHADURA, CAPA LISA EM HDF, ACABAMENTO EM LAMINADO NATURAL COM VERNIZ (INCLUI MARCO, ALIZARES E DOBRADICAS)","UN    ","CR",1275.93]
[43628,"KIT PORTA PRONTA DE MADEIRA, FOLHA PESADA (NBR 15930) DE 800 X 2100 MM, DE 40 MM A 45 MM DE ESPESSURA, COM MARCO EM ACO, NUCLEO SOLIDO, CAPA LISA EM HDF, ACABAMENTO MELAMINICO BRANCO (INCLUI MARCO, ALIZARES, DOBRADICAS E FECHADURA)","UN    ","CR",1005.71]
[39501,"KIT PORTA PRONTA DE MADEIRA, FOLHA PESADA (NBR 15930) DE 900 X 2100 MM, DE 40 MM  A 45 MM DE ESPESSURA, NUCLEO SOLIDO, CAPA LISA EM HDF, ACABAMENTO MELAMINICO BRANCO (INCLUI MARCO, ALIZARES, DOBRADICAS E FECHADURA EXTERNA)","UN    ","CR",1062.56]
[39499,"KIT PORTA PRONTA DE MADEIRA, FOLHA PESADA (NBR 15930) DE 900 X 2100 MM, DE 40 MM A 45 MM DE ESPESSURA , NUCLEO SOLIDO, ESTRUTURA USINADA PARA FECHADURA, CAPA LISA EM HDF, ACABAMENTO EM LAMINADO NATURAL COM VERNIZ (INCLUI MARCO, ALIZARES E DOBRADICAS)","UN    ","CR",1294.05]
[43621,"KIT PORTA PRONTA DE MADEIRA, FOLHA PESADA (NBR 15930) DE 900 X 2100 MM, DE 40 MM A 45 MM DE ESPESSURA, COM MARCO EM ACO, NUCLEO SOLIDO, CAPA LISA EM HDF, ACABAMENTO MELAMINICO BRANCO (INCLUI MARCO, ALIZARES, DOBRADICAS E FECHADURA)","UN    ","CR",1068.57]
[3733,"LADRILHO HIDRAULICO, *20 x 20* CM, E= 2 CM, PADRAO COPACABANA, 2 CORES (PRETO E BRANCO)","M2    ","CR",104.43]
[3731,"LADRILHO HIDRAULICO, *20 X 20* CM, E= 2 CM, DADOS, COR NATURAL","M2    ","C ",96.94]
[38137,"LADRILHO HIDRAULICO, *20 X 20* CM, E= 2 CM, RAMPA, NATURAL","M2    ","CR",97.51]
[38135,"LADRILHO HIDRAULICO, *20 X 20* CM, E= 2 CM, TATIL ALERTA OU DIRECIONAL, AMARELO","M2    ","CR",123.61]
[38138,"LADRILHO HIDRAULICO, *30 X 30* CM, E= 2 CM, MILANO, NATURAL","M2    ","CR",95.75]
[3736,"LAJE PRE-MOLDADA CONVENCIONAL (LAJOTAS + VIGOTAS) PARA FORRO, UNIDIRECIONAL, SOBRECARGA DE 100 KG/M2, VAO ATE 4,00 M (SEM COLOCACAO)","M2    ","C ",58.4]
[3741,"LAJE PRE-MOLDADA CONVENCIONAL (LAJOTAS + VIGOTAS) PARA FORRO, UNIDIRECIONAL, SOBRECARGA DE 100 KG/M2, VAO ATE 4,50 M (SEM COLOCACAO)","M2    ","CR",60.87]
[3745,"LAJE PRE-MOLDADA CONVENCIONAL (LAJOTAS + VIGOTAS) PARA FORRO, UNIDIRECIONAL, SOBRECARGA 100 KG/M2, VAO ATE 5,00 M (SEM COLOCACAO)","M2    ","CR",65.64]
[3743,"LAJE PRE-MOLDADA CONVENCIONAL (LAJOTAS + VIGOTAS) PARA PISO, UNIDIRECIONAL, SOBRECARGA DE 200 KG/M2, VAO ATE 3,50 M (SEM COLOCACAO)","M2    ","CR",60.66]
[3744,"LAJE PRE-MOLDADA CONVENCIONAL (LAJOTAS + VIGOTAS) PARA PISO, UNIDIRECIONAL, SOBRECARGA DE 200 KG/M2, VAO ATE 4,50 M (SEM COLOCACAO)","M2    ","CR",66.77]
[3739,"LAJE PRE-MOLDADA CONVENCIONAL (LAJOTAS + VIGOTAS) PARA PISO, UNIDIRECIONAL, SOBRECARGA DE 200 KG/M2, VAO ATE 5,00 M (SEM COLOCACAO)","M2    ","CR",70.17]
[3737,"LAJE PRE-MOLDADA CONVENCIONAL (LAJOTAS + VIGOTAS) PARA PISO, UNIDIRECIONAL, SOBRECARGA DE 350 KG/M2, VAO ATE 4,50 M (SEM COLOCACAO)","M2    ","CR",73.56]
[3738,"LAJE PRE-MOLDADA CONVENCIONAL (LAJOTAS + VIGOTAS) PARA PISO, UNIDIRECIONAL, SOBRECARGA DE 350 KG/M2, VAO ATE 5,00 M (SEM COLOCACAO)","M2    ","CR",84.88]
[3747,"LAJE PRE-MOLDADA CONVENCIONAL (LAJOTAS + VIGOTAS) PARA PISO, UNIDIRECIONAL, SOBRECARGA 350 KG/M2 VAO ATE 3,50 M (SEM COLOCACAO)","M2    ","CR",66.77]
[11649,"LAJE PRE-MOLDADA DE TRANSICAO EXCENTRICA EM CONCRETO ARMADO, DN 1200 MM, FURO CIRCULAR DN 600 MM, ESPESSURA 12 CM","UN    ","CR",484.4]
[11650,"LAJE PRE-MOLDADA DE TRANSICAO EXCENTRICA EM CONCRETO ARMADO, DN 1500 MM, FURO CIRCULAR DN 530 MM, ESPESSURA 15 CM","UN    ","CR",825.63]
[3742,"LAJE PRE-MOLDADA TRELICADA (LAJOTAS + VIGOTAS) PARA FORRO, UNIDIRECIONAL, SOBRECARGA DE 100 KG/M2, VAO ATE 6,00 M (SEM COLOCACAO)","M2    ","CR",88.05]
[3746,"LAJE PRE-MOLDADA TRELICADA (LAJOTAS + VIGOTAS) PARA PISO, UNIDIRECIONAL, SOBRECARGA DE 200 KG/M2, VAO ATE 6,00 M (SEM COLOCACAO)","M2    ","CR",102.81]
[21106,"LAMBRI EM ALUMINIO, DE APROXIMADAMENTE 0,6 KG/M, COM APROXIMADAMENTE 168,0 MM DE LARGURA, 6,0 MM DE ALTURA E 6,0 M DE EXTENSAO","KG    ","AS",45.61]
[3755,"LAMPADA DE LUZ MISTA 160 W, BASE E27 (220 V)","UN    ","CR",31.45]
[3750,"LAMPADA DE LUZ MISTA 250 W, BASE E27 (220 V)","UN    ","CR",42.3]
[3756,"LAMPADA DE LUZ MISTA 500 W, BASE E40 (220 V)","UN    ","CR",79.040000000000006]
[39377,"LAMPADA FLUORESCENTE COMPACTA BRANCA 135 W, BASE E40 (127/220 V)","UN    ","CR",234.12]
[38191,"LAMPADA FLUORESCENTE COMPACTA 2U BRANCA 15 W, BASE E27 (127/220 V)","UN    ","CR",17.43]
[39381,"LAMPADA FLUORESCENTE COMPACTA 2U/3U BRANCA 9/10 W, BASE E27 (127/220 V)","UN    ","CR",16.260000000000002]
[38780,"LAMPADA FLUORESCENTE COMPACTA 3U BRANCA 20 W, BASE E27 (127/220 V)","UN    ","CR",19.89]
[38781,"LAMPADA FLUORESCENTE ESPIRAL BRANCA 45 W, BASE E27 (127/220 V)","UN    ","CR",67.150000000000006]
[38192,"LAMPADA FLUORESCENTE ESPIRAL BRANCA 65 W, BASE E27 (127/220 V)","UN    ","CR",121.51]
[3753,"LAMPADA FLUORESCENTE TUBULAR T10, DE 20 OU 40 W, BIVOLT","UN    ","CR",10.64]
[38782,"LAMPADA FLUORESCENTE TUBULAR T5 DE 14 W, BIVOLT","UN    ","CR",13.85]
[38778,"LAMPADA FLUORESCENTE TUBULAR T8 DE 16/18 W, BIVOLT","UN    ","CR",10.39]
[38779,"LAMPADA FLUORESCENTE TUBULAR T8 DE 32/36 W, BIVOLT","UN    ","CR",11.02]
[39388,"LAMPADA LED TIPO DICROICA BIVOLT, LUZ BRANCA, 5 W (BASE GU10)","UN    ","CR",10.94]
[39387,"LAMPADA LED TUBULAR BIVOLT 18/20 W, BASE G13","UN    ","CR",17.059999999999999]
[39386,"LAMPADA LED TUBULAR BIVOLT 9/10 W, BASE G13","UN    ","CR",11.9]
[38194,"LAMPADA LED 10 W BIVOLT BRANCA, FORMATO TRADICIONAL (BASE E27)","UN    ","C ",8.9]
[38193,"LAMPADA LED 6 W BIVOLT BRANCA, FORMATO TRADICIONAL (BASE E27)","UN    ","CR",7.73]
[12216,"LAMPADA VAPOR DE SODIO OVOIDE 150 W (BASE E40)","UN    ","CR",60.77]
[3757,"LAMPADA VAPOR DE SODIO OVOIDE 250 W (BASE E40)","UN    ","CR",70.260000000000005]
[3758,"LAMPADA VAPOR DE SODIO OVOIDE 400 W (BASE E40)","UN    ","CR",81.93]
[12214,"LAMPADA VAPOR MERCURIO 125 W (BASE E27)","UN    ","CR",28.05]
[3749,"LAMPADA VAPOR MERCURIO 250 W (BASE E40)","UN    ","C ",50]
[3751,"LAMPADA VAPOR MERCURIO 400 W (BASE E40)","UN    ","CR",68.23]
[39376,"LAMPADA VAPOR METALICO OVOIDE 150 W, BASE E27/E40","UN    ","CR",57.52]
[3752,"LAMPADA VAPOR METALICO TUBULAR 400 W (BASE E40)","UN    ","CR",112.56]
[746,"LAVADORA DE ALTA PRESSAO (LAVA - JATO) PARA AGUA FRIA, PRESSAO DE OPERACAO ENTRE 1400 E 1900 LIB/POL2, VAZAO MAXIMA ENTRE  400 E 700 L/H, POTENCIA DE OPERACAO ENTRE 2,50 E 3,00 CV","UN    ","C ",2999]
[20269,"LAVATORIO / CUBA DE EMBUTIR, OVAL, DE LOUCA BRANCA, SEM LADRAO, DIMENSOES *50 X 35* CM (L X C)","UN    ","CR",82.63]
[20270,"LAVATORIO / CUBA DE EMBUTIR, OVAL, DE LOUCA COLORIDA, SEM LADRAO, DIMENSOES *50 X 35* CM (L X C)","UN    ","CR",91.3]
[11696,"LAVATORIO / CUBA DE SOBREPOR, OVAL PEQUENA, DE LOUCA BRANCA, SEM LADRAO, DIMENSOES *44 X 31* CM (L X C)","UN    ","CR",146.16]
[10427,"LAVATORIO / CUBA DE SOBREPOR, RETANGULAR, DE LOUCA BRANCA, COM LADRAO, DIMENSOES *52 X 45* CM (L X C)","UN    ","CR",409.01]
[10428,"LAVATORIO / CUBA DE SOBREPOR, RETANGULAR, DE LOUCA COLORIDA, COM LADRAO, DIMENSOES *52 X 45* CM (L X C)","UN    ","CR",421.41]
[36521,"LAVATORIO DE CANTO DE LOUCA BRANCA, SUSPENSO (SEM COLUNA), DIMENSOES *40 X 30* CM (L X C)","UN    ","CR",131.47999999999999]
[36794,"LAVATORIO DE LOUCA BRANCA, COM COLUNA, DIMENSOES *44 X 35* CM (L X C)","UN    ","CR",139.97999999999999]
[10426,"LAVATORIO DE LOUCA BRANCA, COM COLUNA, DIMENSOES *54 X 44* CM (L X C)","UN    ","CR",156.74]
[10425,"LAVATORIO DE LOUCA BRANCA, SUSPENSO (SEM COLUNA), DIMENSOES *40 X 30* CM","UN    ","CR",79.52]
[10431,"LAVATORIO DE LOUCA COLORIDA, COM COLUNA, DIMENSOES *54 X 44* CM (L X C)","UN    ","CR",272.24]
[10429,"LAVATORIO DE LOUCA COLORIDA, SUSPENSO (SEM COLUNA), DIMENSOES *40 X 30* CM (L X C)","UN    ","CR",134.30000000000001]
[2354,"LEITURISTA OU CADASTRISTA DE REDES DE AGUA E ESGOTO","H     ","CR",16.489999999999998]
[40932,"LEITURISTA OU CADASTRISTA DE REDES DE AGUA E ESGOTO (MENSALISTA)","MES   ","CR",2907.49]
[10853,"LETRA ACO INOX (AISI 304), CHAPA NUM. 22, RECORTADO, H= 20 CM (SEM RELEVO)","UN    ","CR",112.96]
[5093,"LEVANTADOR DE JANELA GUILHOTINA, EM LATAO CROMADO","PAR   ","CR",19.96]
[44331,"LIMPA VIDROS COM PULVERIZADOR","L     ","CR",58.63]
[37768,"LIMPADORA A SUCCAO, TANQUE 12000 L, BASCULAMENTO HIDRAULICO, BOMBA 12 M3/MIN 95% VACUO (INCLUI MONTAGEM, NAO INCLUI CAMINHAO)","UN    ","AS",216500]
[37773,"LIMPADORA DE SUCCAO TANQUE 7000 L, BOMBA 12 M3/MIN 95% VACUO (INCLUI MONTAGEM, NAO INCLUI CAMINHAO)","UN    ","AS",183845]
[37769,"LIMPADORA DE SUCCAO, TANQUE 11000 L, BOMBA 340 M3/MIN (INCLUI MONTAGEM, NAO INCLUI CAMINHAO)","UN    ","AS",307779.69]
[37770,"LIMPADORA DE SUCCAO, TANQUE 5500 L, BOMBA 60M3/MIN, VACUO 500 MBAR (INCLUI MONTAGEM, NAO INCLUI CAMINHAO)","UN    ","AS",522351.23]
[38382,"LINHA DE PEDREIRO LISA 100 M","UN    ","CR",11]
[38383,"LIXA D'AGUA EM FOLHA, GRAO 100","UN    ","CR",2.06]
[3768,"LIXA EM FOLHA PARA FERRO, NUMERO 150","UN    ","CR",4.4400000000000004]
[3767,"LIXA EM FOLHA PARA PAREDE OU MADEIRA, NUMERO 120, COR VERMELHA","UN    ","CR",1.48]
[13192,"LIXADEIRA ELETRICA ANGULAR PARA CONCRETO, POTENCIA 1.400 W, PRATO DIAMANTADO DE 5''","UN    ","CR",5674.88]
[38413,"LIXADEIRA ELETRICA ANGULAR, PARA DISCO DE 7 \" (180 MM), POTENCIA DE 2.200 W, *5.000* RPM, 220 V","UN    ","CR",938.54]
[42440,"LIXEIRA DUPLA, COM CAPACIDADE VOLUMETRICA DE 60L*, FABRICADA EM TUBO DE ACO CARBONO, CESTOS EM CHAPA DE ACO E PINTURA NO PROCESSO ELETROSTATICO - PARA ACADEMIA AO AR LIVRE / ACADEMIA DA TERCEIRA IDADE - ATI","UN    ","AS",1085.17]
[20193,"LOCACAO DE ANDAIME METALICO TIPO FACHADEIRO, LARGURA DE 1,20 M, ALTURA POR PECA DE 2,0 M, INCLUINDO SAPATAS E ITENS NECESSARIOS A INSTALACAO","M2XMES","CR",8.33]
[10527,"LOCACAO DE ANDAIME METALICO TUBULAR DE ENCAIXE, TIPO DE TORRE, COM LARGURA DE 1 ATE 1,5 M E ALTURA DE *1,00* M (INCLUSO SAPATAS FIXAS OU RODIZIOS)","MXMES ","C ",25]
[41805,"LOCACAO DE ANDAIME SUSPENSO OU BALANCIM MANUAL, CAPACIDADE DE CARGA TOTAL DE APROXIMADAMENTE 250 KG/M2, PLATAFORMA DE 1,50 M X 0,80 M (C X L), CABO DE 45 M","MES   ","C ",575]
[40271,"LOCACAO DE APRUMADOR METALICO DE PILAR, COM ALTURA E ANGULO REGULAVEIS, EXTENSAO DE *1,50* A *2,80* M","MES   ","CR",16.25]
[40287,"LOCACAO DE BARRA DE ANCORAGEM DE 0,80 A 1,20 M DE EXTENSAO, COM ROSCA DE 5/8\", INCLUINDO PORCA E FLANGE","MES   ","CR",6.25]
[4084,"LOCACAO DE BOMBA SUBMERSIVEL PARA DRENAGEM E ESGOTAMENTO, MOTOR ELETRICO TRIFASICO, POTENCIA DE 1 CV, DIAMETRO DE RECALQUE DE 2\". FAIXA DE OPERACAO Q=25 M3/H (+ OU - 1 M3/H) E AMT=2 M, Q=12 M3/H (+ OU - 2 M3/H) E AMT = 12 M (+ OU - 2 M)","H     ","CR",1.8]
[743,"LOCACAO DE BOMBA SUBMERSIVEL PARA DRENAGEM E ESGOTAMENTO, MOTOR ELETRICO TRIFASICO, POTENCIA DE 2 CV, DIAMETRO DE RECALQUE DE 2\", FAIXA DE OPERACAO Q=35 M3/H (+ OU - 3 M3/H) E AMT=2 M, Q=13 M3/H (+ OU - 3 M3/H) E AMT = 17 M (+ OU - 3 M)","H     ","C ",1.8]
[40293,"LOCACAO DE BOMBA SUBMERSIVEL PARA DRENAGEM E ESGOTAMENTO, MOTOR ELETRICO TRIFASICO, POTENCIA DE 2 CV, DIAMETRO DE RECALQUE DE 3\". FAIXA DE OPERACAO Q=70 M3/H (+ OU - 2 M3/H) E AMT=2 M, Q=9,5 M3/H (+ OU - 3,5 M3/H) E AMT = 10 M (+ OU - 2 M)","H     ","CR",2.16]
[40294,"LOCACAO DE BOMBA SUBMERSIVEL PARA DRENAGEM E ESGOTAMENTO, MOTOR ELETRICO TRIFASICO, POTENCIA DE 3 CV, DIAMETRO DE RECALQUE DE 2\", FAIXA DE OPERACAO Q=84 M3/H (+ OU - 2,5 M3/H) E AMT=2 M, Q=9,1 M3/H (+ OU - 2 M3/H) E AMT = 12 M (+ OU - 2 M)","H     ","CR",1.8]
[4085,"LOCACAO DE BOMBA SUBMERSIVEL PARA DRENAGEM E ESGOTAMENTO, MOTOR ELETRICO TRIFASICO, POTENCIA DE 4 CV, DIAMETRO DE RECALQUE DE 3\". FAIXA DE OPERACAO Q=60 M3/H (+ OU - 1 M3/H) E AMT=2 M, Q=11 M3/H (+ OU - 1 M3/H) E AMT = 23 M (+ OU - 1 M)","H     ","CR",2.52]
[10775,"LOCACAO DE CONTAINER 2,30  X  6,00 M, ALT. 2,50 M, COM 1 SANITARIO, PARA ESCRITORIO, COMPLETO, SEM DIVISORIAS INTERNAS","MES   ","C ",740]
[10776,"LOCACAO DE CONTAINER 2,30  X  6,00 M, ALT. 2,50 M, PARA ESCRITORIO, SEM DIVISORIAS INTERNAS E SEM SANITARIO","MES   ","CR",578.12]
[10779,"LOCACAO DE CONTAINER 2,30 X 4,30 M, ALT. 2,50 M, P/ SANITARIO, C/ 5 BACIAS, 1 LAVATORIO E 4 MICTORIOS","MES   ","CR",925]
[10777,"LOCACAO DE CONTAINER 2,30 X 4,30 M, ALT. 2,50 M, PARA SANITARIO, COM 3 BACIAS, 4 CHUVEIROS, 1 LAVATORIO E 1 MICTORIO","MES   ","CR",840.2]
[10778,"LOCACAO DE CONTAINER 2,30 X 6,00 M, ALT. 2,50 M,  PARA SANITARIO,  COM 4 BACIAS, 8 CHUVEIROS,1 LAVATORIO E 1 MICTORIO","MES   ","CR",925]
[40339,"LOCACAO DE CRUZETA PARA ESCORA METALICA","MES   ","CR",6.25]
[10749,"LOCACAO DE ESCORA METALICA TELESCOPICA, COM ALTURA REGULAVEL DE *1,80* A *3,20* M, COM CAPACIDADE DE CARGA DE NO MINIMO 1000 KGF (10 KN), INCLUSO TRIPE E FORCADO","MES   ","CR",11.45]
[40290,"LOCACAO DE FORMA PLASTICA PARA LAJE NERVURADA, DIMENSOES *60* X *60* X *16* CM","MES   ","CR",16.5]
[3346,"LOCACAO DE GRUPO GERADOR *80 A 125* KVA, MOTOR DIESEL, REBOCAVEL, ACIONAMENTO MANUAL","H     ","C ",14.4]
[3348,"LOCACAO DE GRUPO GERADOR ACIMA DE * 125 ATE 180* KVA, MOTOR DIESEL, REBOCAVEL, ACIONAMENTO MANUAL","H     ","CR",17.22]
[39833,"LOCACAO DE GRUPO GERADOR DE *260* KVA, DIESEL REBOCAVEL, ACIONAMENTO MANUAL","H     ","CR",23.59]
[7252,"LOCACAO DE NIVEL OPTICO, COM PRECISAO DE 0,7 MM, AUMENTO DE 32X","H     ","CR",2.48]
[7247,"LOCACAO DE TEODOLITO ELETRONICO, PRECISAO ANGULAR DE 5 A 7 SEGUNDOS, INCLUINDO TRIPE","H     ","C ",2.48]
[40291,"LOCACAO DE TORRE METALICA COMPLETA PARA UMA CARGA DE 8 TF (80 KN)  E PE DIREITO DE 6 M, INCLUINDO MODULOS , DIAGONAIS, SAPATAS E FORCADOS","MES   ","CR",872.11]
[40275,"LOCACAO DE VIGA SANDUICHE METALICA VAZADA PARA TRAVAMENTO DE PILARES, ALTURA DE *8* CM, LARGURA DE *6* CM E EXTENSAO DE 2 M","MES   ","CR",25]
[42408,"LONA PLASTICA EXTRA FORTE PRETA, E = 200 MICRA","M2    ","CR",2.42]
[3777,"LONA PLASTICA PESADA PRETA, E = 150 MICRA","M2    ","C ",1.75]
[3798,"LUMINARIA ABERTA P/ ILUMINACAO PUBLICA, TIPO X-57 PETERCO OU EQUIV","UN    ","AS",114.66]
[38769,"LUMINARIA ARANDELA TIPO MEIA-LUA COM VIDRO FOSCO *30 X 15* CM, PARA 1 LAMPADA, BASE E27, POTENCIA MAXIMA 40/60 W (NAO INCLUI LAMPADA)","UN    ","AS",89.54]
[39510,"LUMINARIA DE EMBUTIR EM CHAPA DE ACO PARA 2 LAMPADAS FLUORESCENTES DE 14 W COM REFLETOR E ALETAS EM ALUMINIO, COMPLETA (INCLUI REATOR E LAMPADAS)","UN    ","AS",362.39]
[38776,"LUMINARIA DE EMBUTIR EM CHAPA DE ACO PARA 4 LAMPADAS FLUORESCENTES DE 14 W *60 X 60 CM* ALETADA (NAO INCLUI REATOR E LAMPADAS)","UN    ","AS",384.59]
[38774,"LUMINARIA DE EMERGENCIA 30 LEDS, POTENCIA 2 W, BATERIA DE LITIO, AUTONOMIA DE 6 HORAS","UN    ","CR",22.36]
[42247,"LUMINARIA DE LED PARA ILUMINACAO PUBLICA, DE 138 W ATE 180 W, INVOLUCRO EM ALUMINIO OU ACO INOX","UN    ","CR",763.16]
[42248,"LUMINARIA DE LED PARA ILUMINACAO PUBLICA, DE 181 W ATE 239 W, INVOLUCRO EM ALUMINIO OU ACO INOX","UN    ","CR",886.47]
[42249,"LUMINARIA DE LED PARA ILUMINACAO PUBLICA, DE 240 W ATE 350 W, INVOLUCRO EM ALUMINIO OU ACO INOX","UN    ","CR",1468.57]
[42244,"LUMINARIA DE LED PARA ILUMINACAO PUBLICA, DE 33 W ATE 50 W, INVOLUCRO EM ALUMINIO OU ACO INOX","UN    ","CR",229.35]
[42245,"LUMINARIA DE LED PARA ILUMINACAO PUBLICA, DE 51 W ATE 67 W, INVOLUCRO EM ALUMINIO OU ACO INOX","UN    ","CR",423.21]
[42246,"LUMINARIA DE LED PARA ILUMINACAO PUBLICA, DE 68 W ATE 97 W, INVOLUCRO EM ALUMINIO OU ACO INOX","UN    ","CR",468.48]
[42243,"LUMINARIA DE LED PARA ILUMINACAO PUBLICA, DE 98 W ATE 137 W, INVOLUCRO EM ALUMINIO OU ACO INOX","UN    ","CR",564.9]
[38889,"LUMINARIA DE SOBREPOR EM CHAPA DE ACO COM ALETAS PLASTICAS, PARA 1 LAMPADA, BASE E27, POTENCIA MAXIMA 40/60 W (NAO INCLUI LAMPADA)","UN    ","AS",68.63]
[38784,"LUMINARIA DE SOBREPOR EM CHAPA DE ACO COM ALETAS PLASTICAS, PARA 2 LAMPADAS, BASE E27, POTENCIA MAXIMA 40/60 W (NAO INCLUI LAMPADAS)","UN    ","AS",91.81]
[3788,"LUMINARIA DE SOBREPOR EM CHAPA DE ACO PARA 1 LAMPADA FLUORESCENTE DE *18* W, ALETADA, COMPLETA (LAMPADA E REATOR INCLUSOS)","UN    ","AS",95.68]
[12230,"LUMINARIA DE SOBREPOR EM CHAPA DE ACO PARA 1 LAMPADA FLUORESCENTE DE *18* W, PERFIL COMERCIAL (NAO INCLUI REATOR E LAMPADA)","UN    ","AS",24.61]
[3780,"LUMINARIA DE SOBREPOR EM CHAPA DE ACO PARA 1 LAMPADA FLUORESCENTE DE *36* W, ALETADA, COMPLETA (LAMPADA E REATOR INCLUSOS)","UN    ","AS",141.16999999999999]
[12231,"LUMINARIA DE SOBREPOR EM CHAPA DE ACO PARA 1 LAMPADA FLUORESCENTE DE *36* W, PERFIL COMERCIAL (NAO INCLUI REATOR E LAMPADA)","UN    ","AS",40.93]
[3811,"LUMINARIA DE SOBREPOR EM CHAPA DE ACO PARA 2 LAMPADAS FLUORESCENTES DE *18* W, ALETADA, COMPLETA (LAMPADAS E REATOR INCLUSOS)","UN    ","AS",132.6]
[12232,"LUMINARIA DE SOBREPOR EM CHAPA DE ACO PARA 2 LAMPADAS FLUORESCENTES DE *18* W, PERFIL COMERCIAL (NAO INCLUI REATOR E LAMPADAS)","UN    ","AS",42.88]
[3799,"LUMINARIA DE SOBREPOR EM CHAPA DE ACO PARA 2 LAMPADAS FLUORESCENTES DE *36* W, ALETADA, COMPLETA (LAMPADAS E REATOR INCLUSOS)","UN    ","AS",187.53]
[12239,"LUMINARIA DE SOBREPOR EM CHAPA DE ACO PARA 2 LAMPADAS FLUORESCENTES DE *36* W, PERFIL COMERCIAL (NAO INCLUI REATOR E LAMPADAS)","UN    ","AS",56.14]
[38773,"LUMINARIA DE TETO PLAFON/PLAFONIER EM PLASTICO COM BASE E27, POTENCIA MAXIMA 60 W (NAO INCLUI LAMPADA)","UN    ","AS",9]
[12271,"LUMINARIA DUPLA P/SINALIZACAO, TIPO WETZEL AS-2/110 OU EQUIV","UN    ","AS",502.12]
[38785,"LUMINARIA HERMETICA IP-65 PARA 2 DUAS LAMPADAS DE 14/16/18/20 W (NAO INCLUI REATOR E LAMPADAS)","UN    ","AS",237.72]
[38786,"LUMINARIA HERMETICA IP-65 PARA 2 DUAS LAMPADAS DE 28/32/36/40 W (NAO INCLUI REATOR E LAMPADAS)","UN    ","AS",292.82]
[39385,"LUMINARIA LED PLAFON REDONDO DE SOBREPOR BIVOLT 12/13 W,  D = *17* CM","UN    ","CR",20.45]
[39389,"LUMINARIA LED REFLETOR RETANGULAR BIVOLT, LUZ BRANCA, 10 W","UN    ","CR",22.19]
[39390,"LUMINARIA LED REFLETOR RETANGULAR BIVOLT, LUZ BRANCA, 30 W","UN    ","CR",46.51]
[39391,"LUMINARIA LED REFLETOR RETANGULAR BIVOLT, LUZ BRANCA, 50 W","UN    ","CR",52.21]
[3803,"LUMINARIA PLAFON REDONDO COM VIDRO FOSCO DIAMETRO *25* CM, PARA 1 LAMPADA, BASE E27, POTENCIA MAXIMA 40/60 W (NAO INCLUI LAMPADA)","UN    ","AS",84.9]
[38770,"LUMINARIA PLAFON REDONDO COM VIDRO FOSCO DIAMETRO *30* CM, PARA 2 LAMPADAS, BASE E27, POTENCIA MAXIMA 40/60 W (NAO INCLUI LAMPADAS)","UN    ","AS",98.31]
[12267,"LUMINARIA PROVA DE TEMPO PETERCO Y.31/1","UN    ","AS",288.10000000000002]
[43265,"LUMINARIA SOLAR LED EXTERNA, TIPO ARANDELA DE PAREDE, EM ALUMINIO, 16 LEDS, LUZ BRANCA, *180* LUMENS, CAPACIDADE DE ILUMINACAO ATE 36 H, RETANGULAR, *13 X 9 X 7* (C X L X A), COM SENSOR DE MOVIMENTO / PRESENCA, BATERIA RECARREGAVEL COM LUZ SOLAR, RESISTENTE AO CALOR, A PROVA DE AGUA E POEIRA/ IMPERMEAVEL, IP65","UN    ","CR",63.95]
[12266,"LUMINARIA SPOT DE SOBREPOR EM ALUMINIO COM ALETA PLASTICA PARA 1 LAMPADA, BASE E27, POTENCIA MAXIMA 40/60 W (NAO INCLUI LAMPADA)","UN    ","AS",147.46]
[39378,"LUMINARIA SPOT DE SOBREPOR EM ALUMINIO COM ALETA PLASTICA PARA 2 LAMPADAS, BASE E27, POTENCIA MAXIMA 40/60 W (NAO INCLUI LAMPADA)","UN    ","AS",104.54]
[43543,"LUMINARIA TIPO TARTARUGA A PROVA DE TEMPO, GASES, VAPOR E PO, EM ALUMINIO, COM GRADE, BASE E27, POTENCIA MAXIMA 100 W - REF Y 25/1 (NAO INCLUI LAMPADA)","UN    ","AS",217.8]
[38775,"LUMINARIA TIPO TARTARUGA PARA AREA EXTERNA EM ALUMINIO, COM GRADE, PARA 1 LAMPADA, BASE E27, POTENCIA MAXIMA 40/60 W (NAO INCLUI LAMPADA)","UN    ","AS",110.83]
[21119,"LUVA CPVC, SOLDAVEL, 15 MM, PARA AGUA QUENTE PREDIAL","UN    ","CR",2.0299999999999998]
[37974,"LUVA CPVC, SOLDAVEL, 22 MM, PARA AGUA QUENTE PREDIAL","UN    ","CR",3.01]
[37975,"LUVA CPVC, SOLDAVEL, 28 MM, PARA AGUA QUENTE PREDIAL","UN    ","CR",6.13]
[37976,"LUVA CPVC, SOLDAVEL, 35 MM, PARA AGUA QUENTE PREDIAL","UN    ","CR",12.57]
[37977,"LUVA CPVC, SOLDAVEL, 42 MM, PARA AGUA QUENTE PREDIAL","UN    ","CR",17.28]
[37978,"LUVA CPVC, SOLDAVEL, 54 MM, PARA AGUA QUENTE PREDIAL","UN    ","CR",35.03]
[37979,"LUVA CPVC, SOLDAVEL, 73 MM, PARA AGUA QUENTE PREDIAL","UN    ","CR",150.47999999999999]
[37980,"LUVA CPVC, SOLDAVEL, 89 MM, PARA AGUA QUENTE PREDIAL","UN    ","CR",169.12]
[36147,"LUVA DE BORRACHA ISOLANTE PARA ALTA TENSAO, RESISTENTE A OZONIO, TENSAO DE ENSAIO 2,5 KV (PAR)","PAR   ","CR",336.39]
[12731,"LUVA DE COBRE (REF 600) SEM ANEL DE SOLDA, BOLSA X BOLSA, 104 MM","UN    ","AS",425.7]
[12723,"LUVA DE COBRE (REF 600) SEM ANEL DE SOLDA, BOLSA X BOLSA, 15 MM","UN    ","AS",3.3]
[12724,"LUVA DE COBRE (REF 600) SEM ANEL DE SOLDA, BOLSA X BOLSA, 22 MM","UN    ","AS",6.34]
[12725,"LUVA DE COBRE (REF 600) SEM ANEL DE SOLDA, BOLSA X BOLSA, 28 MM","UN    ","AS",12.72]
[12726,"LUVA DE COBRE (REF 600) SEM ANEL DE SOLDA, BOLSA X BOLSA, 35 MM","UN    ","AS",28.08]
[12727,"LUVA DE COBRE (REF 600) SEM ANEL DE SOLDA, BOLSA X BOLSA, 42 MM","UN    ","AS",35.619999999999997]
[12728,"LUVA DE COBRE (REF 600) SEM ANEL DE SOLDA, BOLSA X BOLSA, 54 MM","UN    ","AS",58.18]
[12729,"LUVA DE COBRE (REF 600) SEM ANEL DE SOLDA, BOLSA X BOLSA, 66 MM","UN    ","AS",190.68]
[12730,"LUVA DE COBRE (REF 600) SEM ANEL DE SOLDA, BOLSA X BOLSA, 79 MM","UN    ","AS",291.94]
[3840,"LUVA DE CORRER DEFOFO, PVC, JE, DN 100 MM","UN    ","AS",71.150000000000006]
[3838,"LUVA DE CORRER DEFOFO, PVC, JE, DN 150 MM","UN    ","AS",157.02000000000001]
[3844,"LUVA DE CORRER DEFOFO, PVC, JE, DN 200 MM","UN    ","AS",280.08]
[3839,"LUVA DE CORRER DEFOFO, PVC, JE, DN 250 MM","UN    ","AS",510.16]
[3843,"LUVA DE CORRER DEFOFO, PVC, JE, DN 300 MM","UN    ","AS",700.2]
[3900,"LUVA DE CORRER PARA TUBO ROSCAVEL, PVC, 1 1/2\", PARA AGUA FRIA PREDIAL","UN    ","CR",70.400000000000006]
[3846,"LUVA DE CORRER PARA TUBO ROSCAVEL, PVC, 1/2\", PARA AGUA FRIA PREDIAL","UN    ","CR",22.19]
[3886,"LUVA DE CORRER PARA TUBO ROSCAVEL, PVC, 3/4\", PARA AGUA FRIA PREDIAL","UN    ","CR",23.37]
[3854,"LUVA DE CORRER PARA TUBO SOLDAVEL, PVC, 20 MM, PARA AGUA FRIA PREDIAL","UN    ","CR",12.99]
[3873,"LUVA DE CORRER PARA TUBO SOLDAVEL, PVC, 25 MM, PARA AGUA FRIA PREDIAL","UN    ","CR",17.190000000000001]
[38021,"LUVA DE CORRER PARA TUBO SOLDAVEL, PVC, 32 MM, PARA AGUA FRIA PREDIAL","UN    ","CR",41.11]
[3847,"LUVA DE CORRER PARA TUBO SOLDAVEL, PVC, 50 MM, PARA AGUA FRIA PREDIAL","UN    ","CR",46.66]
[38022,"LUVA DE CORRER PARA TUBO SOLDAVEL, PVC, 60 MM, PARA AGUA FRIA PREDIAL","UN    ","CR",72.89]
[3833,"LUVA DE CORRER PVC, JE, DN 100 MM, PARA REDE COLETORA DE ESGOTO (NBR 10569)","UN    ","CR",29.2]
[3835,"LUVA DE CORRER PVC, JE, DN 150 MM, PARA REDE COLETORA DE ESGOTO (NBR 10569)","UN    ","CR",95.06]
[3836,"LUVA DE CORRER PVC, JE, DN 200 MM, PARA REDE COLETORA DE ESGOTO (NBR 10569)","UN    ","CR",204.61]
[3830,"LUVA DE CORRER PVC, JE, DN 250 MM, PARA REDE COLETORA DE ESGOTO (NBR 10569)","UN    ","CR",334.54]
[3831,"LUVA DE CORRER PVC, JE, DN 300 MM, PARA REDE COLETORA DE ESGOTO (NBR 10569)","UN    ","CR",559.22]
[37981,"LUVA DE CORRER, CPVC, SOLDAVEL, 15 MM, PARA AGUA QUENTE PREDIAL","UN    ","CR",6.9]
[37982,"LUVA DE CORRER, CPVC, SOLDAVEL, 22 MM, PARA AGUA QUENTE PREDIAL","UN    ","CR",10.47]
[37983,"LUVA DE CORRER, CPVC, SOLDAVEL, 28 MM, PARA AGUA QUENTE PREDIAL","UN    ","CR",14.66]
[37984,"LUVA DE CORRER, CPVC, SOLDAVEL, 35 MM, PARA AGUA QUENTE PREDIAL","UN    ","CR",25.32]
[37985,"LUVA DE CORRER, CPVC, SOLDAVEL, 42 MM, PARA AGUA QUENTE PREDIAL","UN    ","CR",35.46]
[3826,"LUVA DE CORRER, PVC PBA, JE, DN 100 / DE 110 MM, PARA REDE AGUA (NBR 10351)","UN    ","AS",70.599999999999994]
[3825,"LUVA DE CORRER, PVC PBA, JE, DN 50 / DE 60 MM, PARA REDE AGUA (NBR 10351)","UN    ","AS",20.3]
[3827,"LUVA DE CORRER, PVC PBA, JE, DN 75 / DE 85 MM, PARA REDE AGUA (NBR 10351)","UN    ","AS",44.36]
[20165,"LUVA DE CORRER, PVC SERIE R, 100 MM, PARA ESGOTO OU AGUAS PLUVIAIS PREDIAIS","UN    ","CR",34.14]
[20166,"LUVA DE CORRER, PVC SERIE R, 150 MM, PARA ESGOTO OU AGUAS PLUVIAIS PREDIAIS","UN    ","CR",110.32]
[20164,"LUVA DE CORRER, PVC SERIE R, 75 MM, PARA ESGOTO OU AGUAS PLUVIAIS PREDIAIS","UN    ","CR",18.03]
[3893,"LUVA DE CORRER, PVC, DN 100 MM, PARA ESGOTO PREDIAL","UN    ","CR",22.37]
[3848,"LUVA DE CORRER, PVC, DN 50 MM, PARA ESGOTO PREDIAL","UN    ","CR",13.59]
[3895,"LUVA DE CORRER, PVC, DN 75 MM, PARA ESGOTO PREDIAL","UN    ","CR",14.79]
[12404,"LUVA DE FERRO GALVANIZADO, COM ROSCA BSP MACHO/FEMEA, DE 3/4\"","UN    ","CR",9.64]
[3939,"LUVA DE FERRO GALVANIZADO, COM ROSCA BSP, DE 1 1/2\"","UN    ","CR",19.87]
[3911,"LUVA DE FERRO GALVANIZADO, COM ROSCA BSP, DE 1 1/4\"","UN    ","CR",16.23]
[3908,"LUVA DE FERRO GALVANIZADO, COM ROSCA BSP, DE 1/2\"","UN    ","CR",5.25]
[3910,"LUVA DE FERRO GALVANIZADO, COM ROSCA BSP, DE 1\"","UN    ","CR",11.61]
[3913,"LUVA DE FERRO GALVANIZADO, COM ROSCA BSP, DE 2 1/2\"","UN    ","CR",55.52]
[3912,"LUVA DE FERRO GALVANIZADO, COM ROSCA BSP, DE 2\"","UN    ","CR",30.43]
[3909,"LUVA DE FERRO GALVANIZADO, COM ROSCA BSP, DE 3/4\"","UN    ","CR",7.14]
[3914,"LUVA DE FERRO GALVANIZADO, COM ROSCA BSP, DE 3\"","UN    ","CR",83.76]
[3915,"LUVA DE FERRO GALVANIZADO, COM ROSCA BSP, DE 4\"","UN    ","CR",132.08000000000001]
[3916,"LUVA DE FERRO GALVANIZADO, COM ROSCA BSP, DE 5\"","UN    ","CR",240.63]
[3917,"LUVA DE FERRO GALVANIZADO, COM ROSCA BSP, DE 6\"","UN    ","CR",396.89]
[1904,"LUVA DE PRESSAO, EM PVC, DE 20 MM, PARA ELETRODUTO FLEXIVEL","UN    ","CR",1.19]
[1899,"LUVA DE PRESSAO, EM PVC, DE 25 MM, PARA ELETRODUTO FLEXIVEL","UN    ","CR",1.35]
[1900,"LUVA DE PRESSAO, EM PVC, DE 32 MM, PARA ELETRODUTO FLEXIVEL","UN    ","CR",2.19]
[12407,"LUVA DE REDUCAO DE FERRO GALVANIZADO, COM ROSCA BSP MACHO/FEMEA, DE 1 1/2\" X 1\"","UN    ","CR",30.05]
[12408,"LUVA DE REDUCAO DE FERRO GALVANIZADO, COM ROSCA BSP MACHO/FEMEA, DE 1\" X 1/2\"","UN    ","CR",16.96]
[12409,"LUVA DE REDUCAO DE FERRO GALVANIZADO, COM ROSCA BSP MACHO/FEMEA, DE 1\" X 3/4\"","UN    ","CR",16.96]
[12410,"LUVA DE REDUCAO DE FERRO GALVANIZADO, COM ROSCA BSP MACHO/FEMEA, DE 3/4\" X 1/2\"","UN    ","CR",11.68]
[3936,"LUVA DE REDUCAO DE FERRO GALVANIZADO, COM ROSCA BSP, DE 1 1/2\" X 1 1/4\"","UN    ","CR",21.11]
[3922,"LUVA DE REDUCAO DE FERRO GALVANIZADO, COM ROSCA BSP, DE 1 1/2\" X 1/2\"","UN    ","CR",19.420000000000002]
[3924,"LUVA DE REDUCAO DE FERRO GALVANIZADO, COM ROSCA BSP, DE 1 1/2\" X 1\"","UN    ","CR",21.11]
[3923,"LUVA DE REDUCAO DE FERRO GALVANIZADO, COM ROSCA BSP, DE 1 1/2\" X 3/4\"","UN    ","CR",21.11]
[3937,"LUVA DE REDUCAO DE FERRO GALVANIZADO, COM ROSCA BSP, DE 1 1/4\" X 1/2\"","UN    ","CR",17.41]
[3921,"LUVA DE REDUCAO DE FERRO GALVANIZADO, COM ROSCA BSP, DE 1 1/4\" X 1\"","UN    ","CR",17.420000000000002]
[3920,"LUVA DE REDUCAO DE FERRO GALVANIZADO, COM ROSCA BSP, DE 1 1/4\" X 3/4\"","UN    ","CR",17.41]
[3938,"LUVA DE REDUCAO DE FERRO GALVANIZADO, COM ROSCA BSP, DE 1\" X 1/2\"","UN    ","CR",11.48]
[3919,"LUVA DE REDUCAO DE FERRO GALVANIZADO, COM ROSCA BSP, DE 1\" X 3/4\"","UN    ","CR",11.7]
[3927,"LUVA DE REDUCAO DE FERRO GALVANIZADO, COM ROSCA BSP, DE 2 1/2\" X 1 1/2\"","UN    ","CR",59.28]
[3928,"LUVA DE REDUCAO DE FERRO GALVANIZADO, COM ROSCA BSP, DE 2 1/2\" X 2\"","UN    ","CR",59.28]
[3926,"LUVA DE REDUCAO DE FERRO GALVANIZADO, COM ROSCA BSP, DE 2\" X 1 1/2\"","UN    ","CR",33.799999999999997]
[3935,"LUVA DE REDUCAO DE FERRO GALVANIZADO, COM ROSCA BSP, DE 2\" X 1 1/4\"","UN    ","CR",33.799999999999997]
[3925,"LUVA DE REDUCAO DE FERRO GALVANIZADO, COM ROSCA BSP, DE 2\" X 1\"","UN    ","CR",33.799999999999997]
[12406,"LUVA DE REDUCAO DE FERRO GALVANIZADO, COM ROSCA BSP, DE 3/4\" X 1/2\"","UN    ","CR",8.3000000000000007]
[3929,"LUVA DE REDUCAO DE FERRO GALVANIZADO, COM ROSCA BSP, DE 3\" X 1 1/2\"","UN    ","CR",90.32]
[3931,"LUVA DE REDUCAO DE FERRO GALVANIZADO, COM ROSCA BSP, DE 3\" X 2 1/2\"","UN    ","CR",90.32]
[3930,"LUVA DE REDUCAO DE FERRO GALVANIZADO, COM ROSCA BSP, DE 3\" X 2\"","UN    ","CR",90.32]
[3932,"LUVA DE REDUCAO DE FERRO GALVANIZADO, COM ROSCA BSP, DE 4\" X 2 1/2\"","UN    ","CR",155.97]
[3933,"LUVA DE REDUCAO DE FERRO GALVANIZADO, COM ROSCA BSP, DE 4\" X 2\"","UN    ","CR",155.97]
[3934,"LUVA DE REDUCAO DE FERRO GALVANIZADO, COM ROSCA BSP, DE 4\" X 3\"","UN    ","CR",155.97]
[40355,"LUVA DE REDUCAO EM ACO CARBONO, COM ENCAIXE PARA SOLDA DN SW, PRESSAO 3.000 LBS,  3/4 \" X 1/2\"","UN    ","CR",22.81]
[40364,"LUVA DE REDUCAO EM ACO CARBONO, COM ENCAIXE PARA SOLDA DN SW, PRESSAO 3.000 LBS, DN 1 1/2\" X 1 1/4\"","UN    ","CR",106.85]
[40361,"LUVA DE REDUCAO EM ACO CARBONO, COM ENCAIXE PARA SOLDA DN SW, PRESSAO 3.000 LBS, DN 1 1/4\"  X 1\"","UN    ","CR",83.55]
[40358,"LUVA DE REDUCAO EM ACO CARBONO, COM ENCAIXE PARA SOLDA DN SW, PRESSAO 3.000 LBS, DN 1\" X 3/4\"","UN    ","CR",31.85]
[40370,"LUVA DE REDUCAO EM ACO CARBONO, COM ENCAIXE PARA SOLDA DN SW, PRESSAO 3.000 LBS, DN 2 1/2\" X 2\"","UN    ","CR",339.03]
[40367,"LUVA DE REDUCAO EM ACO CARBONO, COM ENCAIXE PARA SOLDA DN SW, PRESSAO 3.000 LBS, DN 2\" X 1 1/2\"","UN    ","CR",168.51]
[40373,"LUVA DE REDUCAO EM ACO CARBONO, COM ENCAIXE PARA SOLDA DN SW, PRESSAO 3.000 LBS, DN 3\" X 2 1/2\"","UN    ","CR",458.45]
[38947,"LUVA DE REDUCAO PARA TUBO PEX, METALICA, PARA CONEXAO COM ANEL DESLIZANTE, DN 20 X 16 MM","UN    ","CR",13.4]
[38948,"LUVA DE REDUCAO PARA TUBO PEX, METALICA, PARA CONEXAO COM ANEL DESLIZANTE, DN 25 X 16 MM","UN    ","CR",21.38]
[38949,"LUVA DE REDUCAO PARA TUBO PEX, METALICA, PARA CONEXAO COM ANEL DESLIZANTE, DN 25 X 20 MM","UN    ","CR",23.72]
[38951,"LUVA DE REDUCAO PARA TUBO PEX, METALICA, PARA CONEXAO COM ANEL DESLIZANTE, DN 32 X 25 MM","UN    ","CR",37.51]
[39312,"LUVA DE REDUCAO PARA TUBO PEX, PLASTICA, PARA CONEXAO COM CRIMPAGEM, DN 20 X 16 MM","UN    ","CR",29.1]
[39313,"LUVA DE REDUCAO PARA TUBO PEX, PLASTICA, PARA CONEXAO COM CRIMPAGEM, DN 25 X 16 MM","UN    ","CR",37.979999999999997]
[38950,"LUVA DE REDUCAO PARA TUBO PEX, PLASTICA, PARA CONEXAO COM CRIMPAGEM, DN 32 X 20 MM","UN    ","CR",57.16]
[39314,"LUVA DE REDUCAO PARA TUBO PEX, PLASTICA, PARA CONEXAO COM CRIMPAGEM, DN 32 X 25 MM","UN    ","CR",60.31]
[3907,"LUVA DE REDUCAO ROSCAVEL, PVC, 1\" X 3/4\", PARA AGUA FRIA PREDIAL","UN    ","CR",7.29]
[3889,"LUVA DE REDUCAO ROSCAVEL, PVC, 3/4\" X 1/2\", PARA AGUA FRIA PREDIAL","UN    ","CR",5.57]
[3868,"LUVA DE REDUCAO SOLDAVEL, PVC, 25 MM X 20 MM, PARA AGUA FRIA PREDIAL","UN    ","CR",2.16]
[3869,"LUVA DE REDUCAO SOLDAVEL, PVC, 32 MM X 25 MM, PARA AGUA FRIA PREDIAL","UN    ","CR",6.19]
[3872,"LUVA DE REDUCAO SOLDAVEL, PVC, 40 MM X 32 MM, PARA AGUA FRIA PREDIAL","UN    ","CR",7.52]
[3850,"LUVA DE REDUCAO SOLDAVEL, PVC, 60 MM X 50 MM, PARA AGUA FRIA PREDIAL","UN    ","CR",19.38]
[38023,"LUVA DE REDUCAO, PVC, SOLDAVEL, 50 X 25 MM, PARA AGUA FRIA PREDIAL","UN    ","CR",8.18]
[37986,"LUVA DE TRANSICAO DE CPVC X PVC, SOLDAVEL, 22 X 25 MM, PARA AGUA QUENTE","UN    ","CR",2.37]
[37987,"LUVA DE TRANSICAO, CPVC, SOLDAVEL, 42 MM X 1 1/2\", PARA AGUA QUENTE","UN    ","CR",176.97]
[37988,"LUVA DE TRANSICAO, CPVC, SOLDAVEL, 54 MM X 2\", PARA AGUA QUENTE PREDIAL","UN    ","CR",288.66000000000003]
[21120,"LUVA DE TRANSICAO, CPVC, 15 MM X 1/2\", PARA AGUA QUENTE PREDIAL","UN    ","CR",14.38]
[39318,"LUVA DE TRANSICAO, CPVC, 22 MM X 1/2\", PARA AGUA QUENTE","UN    ","CR",11.86]
[20162,"LUVA DUPLA, PVC LEVE, DN 150 MM","UN    ","CR",23.71]
[40366,"LUVA EM ACO CARBONO, SOLDAVEL, PRESSAO 3.000 LBS, DN 1 1/2\"","UN    ","CR",83.35]
[40363,"LUVA EM ACO CARBONO, SOLDAVEL, PRESSAO 3.000 LBS, DN 1 1/4\"","UN    ","CR",65.19]
[40354,"LUVA EM ACO CARBONO, SOLDAVEL, PRESSAO 3.000 LBS, DN 1/2\"","UN    ","C ",28.38]
[40360,"LUVA EM ACO CARBONO, SOLDAVEL, PRESSAO 3.000 LBS, DN 1\"","UN    ","CR",42.74]
[40372,"LUVA EM ACO CARBONO, SOLDAVEL, PRESSAO 3.000 LBS, DN 2 1/2\"","UN    ","CR",263.91000000000003]
[40369,"LUVA EM ACO CARBONO, SOLDAVEL, PRESSAO 3.000 LBS, DN 2\"","UN    ","CR",131.35]
[40357,"LUVA EM ACO CARBONO, SOLDAVEL, PRESSAO 3.000 LBS, DN 3/4\"","UN    ","CR",31.85]
[40375,"LUVA EM ACO CARBONO, SOLDAVEL, PRESSAO 3.000 LBS, DN 3\"","UN    ","CR",357.27]
[1893,"LUVA EM PVC RIGIDO ROSCAVEL, DE 1 1/2\", PARA ELETRODUTO","UN    ","CR",4.5]
[1902,"LUVA EM PVC RIGIDO ROSCAVEL, DE 1 1/4\", PARA ELETRODUTO","UN    ","CR",3.28]
[1901,"LUVA EM PVC RIGIDO ROSCAVEL, DE 1/2\", PARA ELETRODUTO","UN    ","CR",1.02]
[1892,"LUVA EM PVC RIGIDO ROSCAVEL, DE 1\", PARA ELETRODUTO","UN    ","CR",2.11]
[1907,"LUVA EM PVC RIGIDO ROSCAVEL, DE 2 1/2\", PARA ELETRODUTO","UN    ","CR",14.49]
[1894,"LUVA EM PVC RIGIDO ROSCAVEL, DE 2\", PARA ELETRODUTO","UN    ","CR",6.52]
[1891,"LUVA EM PVC RIGIDO ROSCAVEL, DE 3/4\", PARA ELETRODUTO","UN    ","CR",1.51]
[1896,"LUVA EM PVC RIGIDO ROSCAVEL, DE 3\", PARA ELETRODUTO","UN    ","CR",19.46]
[1895,"LUVA EM PVC RIGIDO ROSCAVEL, DE 4\", PARA ELETRODUTO","UN    ","CR",34.200000000000003]
[2641,"LUVA PARA ELETRODUTO, EM ACO GALVANIZADO ELETROLITICO, DIAMETRO DE 100 MM (4\")","UN    ","CR",63.32]
[2636,"LUVA PARA ELETRODUTO, EM ACO GALVANIZADO ELETROLITICO, DIAMETRO DE 15 MM (1/2\")","UN    ","CR",4.08]
[2637,"LUVA PARA ELETRODUTO, EM ACO GALVANIZADO ELETROLITICO, DIAMETRO DE 20 MM (3/4\")","UN    ","CR",4.34]
[2638,"LUVA PARA ELETRODUTO, EM ACO GALVANIZADO ELETROLITICO, DIAMETRO DE 25 MM (1\")","UN    ","CR",5.05]
[2639,"LUVA PARA ELETRODUTO, EM ACO GALVANIZADO ELETROLITICO, DIAMETRO DE 32 MM (1 1/4\")","UN    ","CR",8.9499999999999993]
[2644,"LUVA PARA ELETRODUTO, EM ACO GALVANIZADO ELETROLITICO, DIAMETRO DE 40 MM (1 1/2\")","UN    ","CR",12.95]
[2643,"LUVA PARA ELETRODUTO, EM ACO GALVANIZADO ELETROLITICO, DIAMETRO DE 50 MM (2\")","UN    ","CR",18.059999999999999]
[2640,"LUVA PARA ELETRODUTO, EM ACO GALVANIZADO ELETROLITICO, DIAMETRO DE 65 MM (2 1/2\")","UN    ","CR",26.36]
[2642,"LUVA PARA ELETRODUTO, EM ACO GALVANIZADO ELETROLITICO, DIAMETRO DE 80 MM (3\")","UN    ","CR",40.130000000000003]
[38943,"LUVA PARA TUBO PEX, METALICO, PARA CONEXAO COM ANEL DESLIZANTE, DN 16 MM","UN    ","CR",9.89]
[38944,"LUVA PARA TUBO PEX, METALICO, PARA CONEXAO COM ANEL DESLIZANTE, DN 20 MM","UN    ","CR",15.29]
[38945,"LUVA PARA TUBO PEX, METALICO, PARA CONEXAO COM ANEL DESLIZANTE, DN 25 MM","UN    ","CR",31.01]
[38946,"LUVA PARA TUBO PEX, METALICO, PARA CONEXAO COM ANEL DESLIZANTE, DN 32 MM","UN    ","CR",46.24]
[39308,"LUVA PARA TUBO PEX, PLASTICA, PARA CONEXAO COM CRIMPAGEM, DN 16 MM","UN    ","CR",20.16]
[39309,"LUVA PARA TUBO PEX, PLASTICA, PARA CONEXAO COM CRIMPAGEM, DN 20 MM","UN    ","CR",29.16]
[39310,"LUVA PARA TUBO PEX, PLASTICA, PARA CONEXAO COM CRIMPAGEM, DN 25 MM","UN    ","CR",44.19]
[39311,"LUVA PARA TUBO PEX, PLASTICA, PARA CONEXAO COM CRIMPAGEM, DN 32 MM","UN    ","CR",66.41]
[39855,"LUVA PASSANTE DE COBRE (REF 601) SEM ANEL DE SOLDA, BOLSA 15 MM","UN    ","AS",3.33]
[39856,"LUVA PASSANTE DE COBRE (REF 601) SEM ANEL DE SOLDA, BOLSA 22 MM","UN    ","AS",7.86]
[39857,"LUVA PASSANTE DE COBRE (REF 601) SEM ANEL DE SOLDA, BOLSA 28 MM","UN    ","AS",12.72]
[39858,"LUVA PASSANTE DE COBRE (REF 601) SEM ANEL DE SOLDA, BOLSA 35 MM","UN    ","AS",28.23]
[39859,"LUVA PASSANTE DE COBRE (REF 601) SEM ANEL DE SOLDA, BOLSA 42 MM","UN    ","AS",43.52]
[39860,"LUVA PASSANTE DE COBRE (REF 601) SEM ANEL DE SOLDA, BOLSA 54 MM","UN    ","AS",66.78]
[39861,"LUVA PASSANTE DE COBRE (REF 601) SEM ANEL DE SOLDA, BOLSA 66 MM","UN    ","AS",190.68]
[38447,"LUVA PPR, SOLDAVEL, DN 110 MM, PARA AGUA QUENTE PREDIAL","UN    ","CR",117.38]
[36320,"LUVA PPR, SOLDAVEL, DN 20 MM, PARA AGUA QUENTE PREDIAL","UN    ","CR",1.7]
[36324,"LUVA PPR, SOLDAVEL, DN 25 MM, PARA AGUA QUENTE PREDIAL","UN    ","CR",2.58]
[38441,"LUVA PPR, SOLDAVEL, DN 32 MM, PARA AGUA QUENTE PREDIAL","UN    ","CR",3.38]
[38442,"LUVA PPR, SOLDAVEL, DN 40 MM, PARA AGUA QUENTE PREDIAL","UN    ","CR",8.6]
[38443,"LUVA PPR, SOLDAVEL, DN 50 MM, PARA AGUA QUENTE PREDIAL","UN    ","CR",13]
[38444,"LUVA PPR, SOLDAVEL, DN 63 MM, PARA AGUA QUENTE PREDIAL","UN    ","CR",19.350000000000001]
[38445,"LUVA PPR, SOLDAVEL, DN 75 MM, PARA AGUA QUENTE PREDIAL","UN    ","CR",45.45]
[38446,"LUVA PPR, SOLDAVEL, DN 90 MM, PARA AGUA QUENTE PREDIAL","UN    ","CR",73.349999999999994]
[3867,"LUVA PVC SOLDAVEL, 110 MM, PARA AGUA FRIA PREDIAL","UN    ","CR",130.19999999999999]
[3861,"LUVA PVC SOLDAVEL, 20 MM, PARA AGUA FRIA PREDIAL","UN    ","CR",1.08]
[3904,"LUVA PVC SOLDAVEL, 25 MM, PARA AGUA FRIA PREDIAL","UN    ","CR",1.32]
[3903,"LUVA PVC SOLDAVEL, 32 MM, PARA AGUA FRIA PREDIAL","UN    ","CR",3.24]
[3862,"LUVA PVC SOLDAVEL, 40 MM, PARA AGUA FRIA PREDIAL","UN    ","CR",6.6]
[3863,"LUVA PVC SOLDAVEL, 50 MM, PARA AGUA FRIA PREDIAL","UN    ","CR",7.74]
[3864,"LUVA PVC SOLDAVEL, 60 MM, PARA AGUA FRIA PREDIAL","UN    ","CR",20.16]
[3865,"LUVA PVC SOLDAVEL, 75 MM, PARA AGUA FRIA PREDIAL","UN    ","CR",35.07]
[3866,"LUVA PVC SOLDAVEL, 85 MM, PARA AGUA FRIA PREDIAL","UN    ","CR",80.260000000000005]
[3902,"LUVA PVC, ROSCAVEL,  2 1/2\",  AGUA FRIA PREDIAL","UN    ","CR",39.03]
[3878,"LUVA PVC, ROSCAVEL, 1 1/2\",  AGUA FRIA PREDIAL","UN    ","CR",12.33]
[3877,"LUVA PVC, ROSCAVEL, 1 1/4\", AGUA FRIA PREDIAL","UN    ","CR",11.27]
[3879,"LUVA PVC, ROSCAVEL, 2\",  AGUA FRIA PREDIAL","UN    ","CR",24.88]
[3880,"LUVA PVC, ROSCAVEL, 3\", AGUA FRIA PREDIAL","UN    ","CR",56.13]
[12892,"LUVA RASPA DE COURO, CANO CURTO (PUNHO *7* CM)","PAR   ","CR",11.7]
[3883,"LUVA ROSCAVEL, PVC, 1/2\", AGUA FRIA PREDIAL","UN    ","CR",2.6]
[3876,"LUVA ROSCAVEL, PVC, 1\", AGUA FRIA PREDIAL","UN    ","CR",6.49]
[3884,"LUVA ROSCAVEL, PVC, 3/4\", AGUA FRIA PREDIAL","UN    ","CR",3.89]
[3837,"LUVA SIMPLES, PVC PBA, JE, DN 100 / DE 110 MM, PARA REDE AGUA (NBR 10351)","UN    ","AS",61.28]
[3845,"LUVA SIMPLES, PVC PBA, JE, DN 50 / DE 60 MM, PARA REDE AGUA (NBR 10351)","UN    ","AS",22.39]
[11045,"LUVA SIMPLES, PVC PBA, JE, DN 75 / DE 85 MM, PARA REDE AGUA (NBR 10351)","UN    ","AS",43.18]
[20170,"LUVA SIMPLES, PVC SERIE R, 100 MM, PARA ESGOTO OU AGUAS PLUVIAIS PREDIAIS","UN    ","CR",19.22]
[20171,"LUVA SIMPLES, PVC SERIE R, 150 MM, PARA ESGOTO OU AGUAS PLUVIAIS PREDIAIS","UN    ","CR",57.08]
[20167,"LUVA SIMPLES, PVC SERIE R, 40 MM, PARA ESGOTO OU AGUAS PLUVIAIS PREDIAIS","UN    ","CR",7.14]
[20168,"LUVA SIMPLES, PVC SERIE R, 50 MM, PARA ESGOTO OU AGUAS PLUVIAIS PREDIAIS","UN    ","CR",11.19]
[20169,"LUVA SIMPLES, PVC SERIE R, 75 MM, PARA ESGOTO OU AGUAS PLUVIAIS PREDIAIS","UN    ","CR",15.85]
[3899,"LUVA SIMPLES, PVC, SOLDAVEL, DN 100 MM, SERIE NORMAL, PARA ESGOTO PREDIAL","UN    ","CR",8.39]
[38676,"LUVA SIMPLES, PVC, SOLDAVEL, DN 150 MM, SERIE NORMAL, PARA ESGOTO PREDIAL","UN    ","CR",40.61]
[3897,"LUVA SIMPLES, PVC, SOLDAVEL, DN 40 MM, SERIE NORMAL, PARA ESGOTO PREDIAL","UN    ","CR",1.77]
[3875,"LUVA SIMPLES, PVC, SOLDAVEL, DN 50 MM, SERIE NORMAL, PARA ESGOTO PREDIAL","UN    ","CR",3.82]
[3898,"LUVA SIMPLES, PVC, SOLDAVEL, DN 75 MM, SERIE NORMAL, PARA ESGOTO PREDIAL","UN    ","CR",7.24]
[3855,"LUVA SOLDAVEL COM BUCHA DE LATAO, PVC, 20 MM X 1/2\"","UN    ","CR",8.6199999999999992]
[3874,"LUVA SOLDAVEL COM BUCHA DE LATAO, PVC, 25 MM X 1/2\"","UN    ","CR",9.15]
[3870,"LUVA SOLDAVEL COM BUCHA DE LATAO, PVC, 25 MM X 3/4\"","UN    ","CR",11.36]
[38678,"LUVA SOLDAVEL COM BUCHA DE LATAO, PVC, 32 MM X 1\"","UN    ","CR",30.91]
[3859,"LUVA SOLDAVEL COM ROSCA, PVC, 20 MM X 1/2\", PARA AGUA FRIA PREDIAL","UN    ","CR",2.29]
[3856,"LUVA SOLDAVEL COM ROSCA, PVC, 25 MM X 1/2\", PARA AGUA FRIA PREDIAL","UN    ","CR",2.91]
[3906,"LUVA SOLDAVEL COM ROSCA, PVC, 25 MM X 3/4\", PARA AGUA FRIA PREDIAL","UN    ","CR",2.74]
[3860,"LUVA SOLDAVEL COM ROSCA, PVC, 32 MM X 1\", PARA AGUA FRIA PREDIAL","UN    ","CR",8.99]
[3905,"LUVA SOLDAVEL COM ROSCA, PVC, 40 MM X 1 1/4\", PARA AGUA FRIA PREDIAL","UN    ","CR",19.89]
[3871,"LUVA SOLDAVEL COM ROSCA, PVC, 50 MM X 1 1/2\", PARA AGUA FRIA PREDIAL","UN    ","CR",41.28]
[37429,"LUVA, PEAD PE 100,  DE 400 MM, PARA ELETROFUSAO","UN    ","CR",3158.14]
[37426,"LUVA, PEAD PE 100,  DE 63 MM, PARA ELETROFUSAO","UN    ","CR",30.38]
[37427,"LUVA, PEAD PE 100, DE 125 MM, PARA ELETROFUSAO","UN    ","CR",72.47]
[37424,"LUVA, PEAD PE 100, DE 20 MM, PARA ELETROFUSAO","UN    ","CR",13.96]
[37428,"LUVA, PEAD PE 100, DE 200 MM, PARA ELETROFUSAO","UN    ","CR",249.74]
[37425,"LUVA, PEAD PE 100, DE 32 MM, PARA ELETROFUSAO","UN    ","CR",15.05]
[11519,"MACANETA ALAVANCA RETA OCA, EM ZAMAC COM ACABAMENTO CROMADO, COMPRIMENTO APROX DE 15 CM","PAR   ","CR",47.57]
[11520,"MACANETA ALAVANCA, RETA SIMPLES / OCA, CROMADA, COMPRIMENTO DE 10 A 16 CM, ACABAMENTO PADRAO POPULAR - SOMENTE MACANETAS","PAR   ","CR",21.99]
[11518,"MACANETA BOLA, EM ZAMAC COM ACABAMENTO CROMADO, DIAMETRO DE APROX 2 1/2\"","PAR   ","CR",79.97]
[38473,"MACARICO DE SOLDA 201 PARA EXTENSAO GLP OU ACETILENO","UN    ","CR",184.77]
[4244,"MACARIQUEIRO","H     ","CR",21.31]
[40977,"MACARIQUEIRO (MENSALISTA)","MES   ","CR",3755.73]
[4115,"MADEIRA ROLICA TRATADA, D = 12 A 15 CM, H = 3,00 M, EM EUCALIPTO OU EQUIVALENTE DA REGIAO","M     ","CR",31.62]
[4119,"MADEIRA ROLICA TRATADA, D = 16 A 20 CM, H = 6,00 M, EM EUCALIPTO OU EQUIVALENTE DA REGIAO","M     ","CR",63.86]
[2794,"MADEIRA ROLICA TRATADA, D = 25 A 29 CM, H = 6,50 M, EM EUCALIPTO OU EQUIVALENTE DA REGIAO","M     ","CR",169.4]
[2788,"MADEIRA ROLICA TRATADA, D = 30 A 34 CM, H = 6,50 M, EM EUCALIPTO OU EQUIVALENTE DA REGIAO","M     ","CR",246.78]
[4006,"MADEIRA SERRADA EM PINUS, MISTA OU EQUIVALENTE DA REGIAO - BRUTA","M3    ","CR",1407.64]
[36151,"MANGOTE DE SEGURANCA EM RASPA DE COURO","UN    ","CR",26]
[37457,"MANGUEIRA CRISTAL PARA NIVEL, LISA, PVC TRANSPARENTE, 3/8\" X1,5 MM","M     ","CR",3.16]
[37456,"MANGUEIRA CRISTAL PARA NIVEL, LISA, PVC TRANSPARENTE, 5/16\" X1 MM","M     ","CR",1.66]
[37461,"MANGUEIRA CRISTAL TRANCADA, PVC COM REFORCO, COM PRESSAO DE TRABALHO (PT) 250 LBS/POL2, DE 3/4\" X *2,8* MM","M     ","CR",11.74]
[37460,"MANGUEIRA CRISTAL TRANCADA, PVC COM REFORCO, PRESSAO DE TRABALHO (PT) 250 LBS/POL2, DE 1\" X *3,4* MM","M     ","CR",16.03]
[37458,"MANGUEIRA CRISTAL, LISA, PVC TRANSPARENTE, 1/2\" X 2 MM","M     ","C ",4.7]
[37454,"MANGUEIRA CRISTAL, LISA, PVC TRANSPARENTE, 1/4\" X1 MM","M     ","CR",1.23]
[37455,"MANGUEIRA CRISTAL, LISA, PVC TRANSPARENTE, 1/4\" X1,5 MM","M     ","CR",2.0699999999999998]
[37459,"MANGUEIRA CRISTAL, LISA, PVC TRANSPARENTE, 3/4\" X 2 MM","M     ","CR",6.6]
[21029,"MANGUEIRA DE INCENDIO, TIPO 1, DE 1 1/2\", COMPRIMENTO = 15 M, TECIDO EM FIO DE POLIESTER E TUBO INTERNO EM BORRACHA SINTETICA, COM UNIOES ENGATE RAPIDO","UN    ","C ",318.88]
[21030,"MANGUEIRA DE INCENDIO, TIPO 1, DE 1 1/2\", COMPRIMENTO = 20 M, TECIDO EM FIO DE POLIESTER E TUBO INTERNO EM BORRACHA SINTETICA, COM UNIOES ENGATE RAPIDO","UN    ","CR",393.07]
[21031,"MANGUEIRA DE INCENDIO, TIPO 1, DE 1 1/2\", COMPRIMENTO = 25 M, TECIDO EM FIO DE POLIESTER E TUBO INTERNO EM BORRACHA SINTETICA, COM UNIOES ENGATE RAPIDO","UN    ","CR",489.37]
[21032,"MANGUEIRA DE INCENDIO, TIPO 1, DE 1 1/2\", COMPRIMENTO = 30 M, TECIDO EM FIO DE POLIESTER E TUBO INTERNO EM BORRACHA SINTETICA, COM UNIOES ENGATE RAPIDO","UN    ","CR",522.52]
[37527,"MANGUEIRA DE INCENDIO, TIPO 2, DE 1 1/2\", COMPRIMENTO = 15 M, TECIDO EM FIO DE POLIESTER E TUBO INTERNO EM BORRACHA SINTETICA, COM UNIOES ENGATE RAPIDO","UN    ","CR",472]
[37528,"MANGUEIRA DE INCENDIO, TIPO 2, DE 1 1/2\", COMPRIMENTO = 20 M, TECIDO EM FIO DE POLIESTER E TUBO INTERNO EM BORRACHA SINTETICA, COM UNIOES","UN    ","CR",562.77]
[37529,"MANGUEIRA DE INCENDIO, TIPO 2, DE 1 1/2\", COMPRIMENTO = 25 M, TECIDO EM FIO DE POLIESTER E TUBO INTERNO EM BORRACHA SINTETICA, COM UNIOES","UN    ","CR",568.29999999999995]
[37530,"MANGUEIRA DE INCENDIO, TIPO 2, DE 1 1/2\", COMPRIMENTO = 30 M, TECIDO EM FIO DE POLIESTER E TUBO INTERNO EM BORRACHA SINTETICA, COM UNIOES","UN    ","CR",741.94]
[21034,"MANGUEIRA DE INCENDIO, TIPO 2, DE 2 1/2\", COMPRIMENTO = 15 M, TECIDO EM FIO DE POLIESTER E TUBO INTERNO EM BORRACHA SINTETICA, COM UNIOES ENGATE RAPIDO","UN    ","CR",633.02]
[37531,"MANGUEIRA DE INCENDIO, TIPO 2, DE 2 1/2\", COMPRIMENTO = 20 M, TECIDO EM FIO DE POLIESTER E TUBO INTERNO EM BORRACHA SINTETICA, COM UNIOES","UN    ","CR",797.2]
[21036,"MANGUEIRA DE INCENDIO, TIPO 2, DE 2 1/2\", COMPRIMENTO = 25 M, TECIDO EM FIO DE POLIESTER E TUBO INTERNO EM BORRACHA SINTETICA, COM UNIOES ENGATE RAPIDO","UN    ","CR",969.26]
[21037,"MANGUEIRA DE INCENDIO, TIPO 2, DE 2 1/2\", COMPRIMENTO = 30 M, TECIDO EM FIO DE POLIESTER E TUBO INTERNO EM BORRACHA SINTETICA, COM UNIOES ENGATE RAPIDO","UN    ","CR",1105.02]
[20185,"MANGUEIRA DE PVC FLEXIVEL,TIPO FLAT/ACHATADA, COR LARANJA, D = 1 1/2\" (40 MM), PARA CONDUCAO DE AGUA, SERVICOS LEVES E MEDIOS","M     ","CR",19.09]
[20260,"MANGUEIRA PARA GAS - GLP, PVC, TRANCADA, DIAMETRO DE 3/8\", COMPRIMENTO DE 1M (NORMATIZADA)","UN    ","CR",15.35]
[37523,"MANIPULADOR TELESCOPICO, POTENCIA DE 101 HP, CAPACIDADE DE CARGA DE 3.500 KG, ALTURA MAXIMA DE ELEVACAO DE 12 M","UN    ","AS",519087.13]
[37515,"MANIPULADOR TELESCOPICO, POTENCIA DE 85 HP, CAPACIDADE DE CARGA DE 3.500 KG, ALTURA MAXIMA DE ELEVACAO DE 12,3 M","UN    ","AS",461495]
[12899,"MANOMETRO COM CAIXA EM ACO PINTADO, ESCALA *10* KGF/CM2 (*10* BAR), DIAMETRO NOMINAL DE *63* MM, CONEXAO DE 1/4\"","UN    ","CR",118.52]
[12898,"MANOMETRO COM CAIXA EM ACO PINTADO, ESCALA *10* KGF/CM2 (*10* BAR), DIAMETRO NOMINAL DE 100 MM, CONEXAO DE 1/2\"","UN    ","C ",188]
[42528,"MANTA ALUMINIZADA NAS DUAS FACES, PARA SUBCOBERTURA,  E = *2* MM","M2    ","CR",10.52]
[39696,"MANTA ALUMINIZADA 1 FACE PARA SUBCOBERTURA, E = *1* MM","M2    ","C ",7.4]
[39700,"MANTA ANTIRRUIDO DE POLIESTER (PET) PARA CONTRAPISO E = *8* MM","M2    ","CR",23.46]
[11621,"MANTA ASFALTICA ELASTOMERICA EM POLIESTER ALUMINIZADA 3 MM, TIPO III, CLASSE B (NBR 9952)","M2    ","CR",46.68]
[4014,"MANTA ASFALTICA ELASTOMERICA EM POLIESTER 3 MM, TIPO III, CLASSE B, ACABAMENTO PP (NBR 9952)","M2    ","CR",48.3]
[4015,"MANTA ASFALTICA ELASTOMERICA EM POLIESTER 4 MM, TIPO III, CLASSE B, ACABAMENTO PP (NBR 9952)","M2    ","CR",59.32]
[4017,"MANTA ASFALTICA ELASTOMERICA EM POLIESTER 5 MM, TIPO III, CLASSE B, ACABAMENTO PP (NBR 9952)","M2    ","CR",86.31]
[4016,"MANTA ASFALTICA ELASTOMERICA TIPO GLASS 3 MM, TIPO II, CLASSE C, ACABAMENTO PP (NBR 9952)","M2    ","C ",34.090000000000003]
[39699,"MANTA DE BORRACHA ANTIRRUIDO 5 MM","M2    ","CR",13.69]
[38544,"MANTA DE POLIETILENO EXPANDIDO (PEBD) ANTICHAMAS, E = 8 MM","M2    ","CR",8.74]
[38545,"MANTA DE POLIETILENO EXPANDIDO (PEBD), E = 5 MM","M2    ","CR",5.62]
[42527,"MANTA DE POLIETILENO EXPANDIDO, COM 1 FACE METALIZADA PARA SUBCOBERTURA,  E = *5* MM","M2    ","CR",27.8]
[39323,"MANTA GEOTEXTIL TECIDO DE LAMINETES DE POLIPROPILENO, RESISTENCIA A TRACAO = *25* KN/M","M2    ","CR",21.44]
[626,"MANTA LIQUIDA DE BASE ASFALTICA MODIFICADA COM A ADICAO DE ELASTOMEROS DILUIDOS EM SOLVENTE ORGANICO, APLICACAO A FRIO (MEMBRANA IMPERMEABILIZANTE ASFASTICA)","KG    ","C ",21.11]
[44504,"MANTA TERMOPLASTICA, PEAD, GEOMEMBRANA LISA, E = 0,50 MM  ( NBR 15352)","M2    ","CR",15.94]
[44505,"MANTA TERMOPLASTICA, PEAD, GEOMEMBRANA LISA, E = 0,75 MM (NBR 15352)","M2    ","CR",24.05]
[44506,"MANTA TERMOPLASTICA, PEAD, GEOMEMBRANA LISA, E = 0,80 MM (NBR 15352)","M2    ","CR",25.53]
[44507,"MANTA TERMOPLASTICA, PEAD, GEOMEMBRANA LISA, E = 1,00 MM (NBR 15352)","M2    ","CR",31.91]
[44508,"MANTA TERMOPLASTICA, PEAD, GEOMEMBRANA LISA, E = 1,50 MM (NBR 15352)","M2    ","CR",47.85]
[44509,"MANTA TERMOPLASTICA, PEAD, GEOMEMBRANA LISA, E = 2,00 MM (NBR 15352)","M2    ","CR",64.099999999999994]
[44510,"MANTA TERMOPLASTICA, PEAD, GEOMEMBRANA LISA, E = 2,50 MM (NBR 15352)","M2    ","CR",79.599999999999994]
[44512,"MANTA TERMOPLASTICA, PEAD, GEOMEMBRANA TEXTURIZADA EM AMBAS AS FACES, E = 0,50 MM ( NBR 15352)","M2    ","CR",17.760000000000002]
[44513,"MANTA TERMOPLASTICA, PEAD, GEOMEMBRANA TEXTURIZADA EM AMBAS AS FACES, E = 0,75 MM ( NBR 15352)","M2    ","CR",25.08]
[44514,"MANTA TERMOPLASTICA, PEAD, GEOMEMBRANA TEXTURIZADA EM AMBAS AS FACES, E = 0,80 MM ( NBR 15352)","M2    ","CR",28.43]
[44515,"MANTA TERMOPLASTICA, PEAD, GEOMEMBRANA TEXTURIZADA EM AMBAS AS FACES, E = 1,00 MM ( NBR 15352)","M2    ","CR",34.909999999999997]
[44511,"MANTA TERMOPLASTICA, PEAD, GEOMEMBRANA TEXTURIZADA EM AMBAS AS FACES, E = 1,50 MM ( NBR 15352)","M2    ","CR",51.67]
[44516,"MANTA TERMOPLASTICA, PEAD, GEOMEMBRANA TEXTURIZADA EM AMBAS AS FACES, E = 2,00 MM ( NBR 15352)","M2    ","CR",69.83]
[44517,"MANTA TERMOPLASTICA, PEAD, GEOMEMBRANA TEXTURIZADA EM AMBAS AS FACES, E = 2,50 MM ( NBR 15352)","M2    ","CR",87.1]
[11479,"MAQUINA DE 40 MM PARA FECHADURA DE EMBUTIR EXTERNA, EM ACO INOX","UN    ","CR",33.4]
[11481,"MAQUINA DE 40 MM PARA FECHADURA, PARA PORTA DE BANHEIRO, EM ACO INOX","UN    ","CR",30.22]
[43609,"MAQUINA DE 40 MM PARA FECHADURA, PARA PORTA INTERNA, EM ACO INOX","UN    ","CR",30.22]
[11478,"MAQUINA DE 55 MM PARA FECHADURA DE EMBUTIR EXTERNA, EM ACO INOX","UN    ","CR",57.31]
[43608,"MAQUINA DE 55 MM PARA FECHADURA, PARA PORTA DE BANHEIRO, EM ACO INOX","UN    ","CR",43.74]
[11476,"MAQUINA DE 55 MM PARA FECHADURA, PARA PORTA INTERNA, EM ACO INOX","UN    ","CR",43.74]
[40637,"MAQUINA DEMARCADORA DE FAIXA DE TRAFEGO A FRIO, AUTOPROPELIDA, MOTOR DIESEL 38 HP","UN    ","AS",743846.85]
[13836,"MAQUINA EXTRUSORA DE CONCRETO PARA GUIAS E SARJETAS, COM MOTOR A DIESEL DE 14 CV","UN    ","AS",64640.160000000003]
[14534,"MAQUINA MANUAL TIPO PRENSA PARA PRODUCAO DE BLOCOS E PAVIMENTOS DE CONCRETO, COM MOTOR ELETRICO TRIFASICO PARA VIBRACAO, POTENCIA TOTAL INSTALADA DE 1,5 KW","UN    ","AS",27060.080000000002]
[14619,"MAQUINA PARA CORTE COM DISCO ABRASIVO DE DIAMETRO DE 18'' (450 MM), COM MOTOR ELETRICO TRIFASICO DE 10 CV","UN    ","CR",16041.33]
[14535,"MAQUINA TIPO PRENSA HIDRAULICA, PARA FABRICACAO DE TUBOS DE CONCRETO PARA AGUAS PLUVIAIS, DN 200 A DN 600 MM X 1000 MM DE COMPRIMENTO, COM MOTOR PRINCIPAL DE 20 CV","UN    ","AS",268573.89]
[39813,"MAQUINA TIPO VASO/TANQUE/JATO DE PRESSAO PORTATIL PARA JATEAMENTO, CONTROLE AUTOMATICO E REMOTO, CAMARA DE 1 SAIDA, 280 L, DIAM. *670* MM, BICO JATO CURTO VENTURI DE 5/16\", MANGUEIRA DE 1\" DE 10 M, COMPLETA (VALVULAS POP UP E DOSADORA, FUNDO CONICO ETC)","UN    ","AS",28677.33]
[40403,"MAQUINA TRANSFORMADORA MONOFASICA PARA SOLDA ELETRICA, TENSAO DE 220 V, FREQUENCIA DE 60 HZ, FAIXA DE CORRENTE ENTRE 80 A (+/- 10 A) E 250 A, POTENCIA ENTRE 14,00 KVA E 15,0 KVA, CICLO DE TRABALHO ENTRE 10% E 20% A 250 A","UN    ","CR",473.04]
[12868,"MARCENEIRO","H     ","CR",17.97]
[40916,"MARCENEIRO (MENSALISTA)","MES   ","CR",3169.21]
[4755,"MARMORISTA / GRANITEIRO (HORISTA)","H     ","CR",17.55]
[41067,"MARMORISTA / GRANITEIRO (MENSALISTA)","MES   ","CR",3096.43]
[38463,"MARTELO DE SOLDADOR/PICADOR DE SOLDA","UN    ","CR",44.88]
[40703,"MARTELO DEMOLIDOR ELETRICO, COM POTENCIA DE 2.000 W, FREQUENCIA DE 1.000 IMPACTOS POR MINUTO, FORÇA DE IMPACTO ENTRE 60 E 65 J, PESO DE 30 KG","UN    ","C ",11905]
[14531,"MARTELO DEMOLIDOR PNEUMATICO MANUAL, COM REDUCAO DE VIBRACAO, PESO DE 21 KG","UN    ","CR",22195.4]
[36533,"MARTELO DEMOLIDOR PNEUMATICO MANUAL, COM REDUCAO DE VIBRACAO, PESO DE 31,5 KG","UN    ","CR",25541.24]
[11616,"MARTELO DEMOLIDOR PNEUMATICO MANUAL, PADRAO, PESO DE 32 KG","UN    ","CR",24123.32]
[41898,"MARTELO DEMOLIDOR PNEUMATICO MANUAL, PESO  DE 28 KG, COM SILENCIADOR","UN    ","CR",27142.02]
[13447,"MARTELO PERFURADOR PNEUMATICO MANUAL, DE SUPERFICIE, COM AVANCO DE COLUNA, PESO DE 22 KG","UN    ","CR",49943.17]
[14529,"MARTELO PERFURADOR PNEUMATICO MANUAL, HASTE 25 X 75 MM, 21 KG","UN    ","CR",27931.95]
[10747,"MARTELO PERFURADOR PNEUMATICO MANUAL, PESO DE 25 KG, COM SILENCIADOR","UN    ","CR",27405.51]
[36141,"MASCARA DE SEGURANCA PARA SOLDA COM ESCUDO DE CELERON E CARNEIRA DE PLASTICO COM REGULAGEM","UN    ","CR",35.1]
[43651,"MASSA ACRILICA PARA SUPERFICIES INTERNAS E EXTERNAS","KG    ","CR",7.91]
[43626,"MASSA CORRIDA PARA SUPERFICIES DE AMBIENTES INTERNOS","KG    ","C ",4.4000000000000004]
[39434,"MASSA DE REJUNTE EM PO PARA DRYWALL, A BASE DE GESSO, SECAGEM RAPIDA, PARA TRATAMENTO DE JUNTAS DE CHAPA DE GESSO (NECESSITA ADICAO DE AGUA)","KG    ","CR",3.74]
[39433,"MASSA DE REJUNTE PRONTA PARA TRATAMENTO DE JUNTAS DE CHAPA DE GESSO PARA DRYWALL, SEM ADICAO DE AGUA","KG    ","CR",2.97]
[4049,"MASSA EPOXI BICOMPONENTE (MASSA + CATALIZADOR)","L     ","CR",88.31]
[38120,"MASSA EPOXI BICOMPONENTE PARA REPAROS","KG    ","CR",150.22999999999999]
[43652,"MASSA PARA MADEIRA - INTERIOR E EXTERIOR","KG    ","CR",17.73]
[10498,"MASSA PARA VIDRO","KG    ","CR",7.74]
[4823,"MASSA PLASTICA PARA MARMORE/GRANITO","KG    ","CR",41.44]
[38877,"MASSA PREMIUM PARA TEXTURA LISA DE BASE ACRILICA, USO INTERNO E EXTERNO","KG    ","CR",6.55]
[34546,"MASSA PREMIUM PARA TEXTURA RUSTICA DE BASE ACRILICA, COR BRANCA, USO INTERNO E EXTERNO","KG    ","CR",6.73]
[41387,"MASTRO SIMPLES GALVANIZADO DIAMETRO NOMINAL 1 1/2\"","M     ","CR",53.9]
[41388,"MASTRO SIMPLES GALVANIZADO DIAMETRO NOMINAL 2\"","M     ","CR",64.66]
[41380,"MASTRO TELESCOPICO DE 4 METROS (3 M X DN= 2\" + 1 M X DN= 1 1/2\")","UN    ","CR",430.23]
[41381,"MASTRO TELESCOPICO GALVANIZADO 5 METROS (3 M X DN= 2\" + 2 M X DN= 1 1/2\")","UN    ","CR",450.72]
[41382,"MASTRO TELESCOPICO GALVANIZADO 6 METROS (3 M X DN= 2\" + 3 M X DN= 1Â½\")","UN    ","CR",436.27]
[41383,"MASTRO TELESCOPICO GALVANIZADO 7 METROS (6 M X DN= 2\" + 1 M X DN= 1 1/2\")","UN    ","CR",592.15]
[41385,"MASTRO TELESCOPICO GALVANIZADO 9 METROS (6 M X DN= 2\" + 3 M X DN= 1 1/2\")","UN    ","CR",736.86]
[11079,"MATERIAL FILTRANTE (PEDREGULHO) 0,6 A 25,46 MM (POSTO PEDREIRA/FORNECEDOR, SEM FRETE)","M3    ","CR",1272.1600000000001]
[11082,"MATERIAL FILTRANTE (PEDREGULHO) 38 A 25,4 MM (POSTO PEDREIRA/FORNECEDOR, SEM FRETE)","M3    ","CR",1272.1600000000001]
[4058,"MECANICO DE EQUIPAMENTOS PESADOS","H     ","CR",29]
[40974,"MECANICO DE EQUIPAMENTOS PESADOS (MENSALISTA)","MES   ","CR",5112.6099999999997]
[34794,"MECANICO DE REFRIGERACAO","H     ","CR",20.399999999999999]
[40925,"MECANICO DE REFRIGERACAO (MENSALISTA)","MES   ","CR",3598.58]
[13741,"MEDIDOR DE NIVEL ESTATICO E DINAMICO PARA POCO, COMPRIMENTO DE 200 M","UN    ","CR",2039.07]
[3288,"MEIA CANA DE MADEIRA CEDRINHO OU EQUIVALENTE DA REGIAO, ACABAMENTO PARA FORRO PAULISTA, *2,5 X 2,5* CM","M     ","C ",5.58]
[13587,"MEIA CANA DE MADEIRA PINUS OU EQUIVALENTE DA REGIAO, ACABAMENTO PARA FORRO PAULISTA, *2,5 X 2,5* CM","M     ","CR",3.37]
[38598,"MEIA CANALETA DE CONCRETO ESTRUTURAL 14 X 19 X 19 CM, FBK 14 MPA (NBR 6136)","UN    ","CR",3.29]
[38595,"MEIA CANALETA DE CONCRETO ESTRUTURAL 14 X 19 X 19 CM, FBK 4,5 MPA (NBR 6136)","UN    ","CR",2.79]
[38592,"MEIO BLOCO DE CONCRETO ESTRUTURAL 14 X 19 X 14 CM, FBK 14 MPA (NBR 6136)","UN    ","CR",2.82]
[38588,"MEIO BLOCO DE CONCRETO ESTRUTURAL 14 X 19 X 14 CM, FBK 4,5 MPA (NBR 6136)","UN    ","CR",2.25]
[38593,"MEIO BLOCO DE CONCRETO ESTRUTURAL 14 X 19 X 19 CM, FBK 14 MPA (NBR 6136)","UN    ","CR",3.11]
[38589,"MEIO BLOCO DE CONCRETO ESTRUTURAL 14 X 19 X 19 CM, FBK 4,5 MPA (NBR 6136)","UN    ","CR",2.36]
[38594,"MEIO BLOCO DE CONCRETO ESTRUTURAL 14 X 19 X 34 CM, FBK 14 MPA (NBR 6136)","UN    ","CR",4.91]
[34773,"MEIO BLOCO DE VEDACAO DE CONCRETO APARENTE 14 X 19 X 19 CM  (CLASSE C - NBR 6136)","UN    ","CR",2.3199999999999998]
[34769,"MEIO BLOCO DE VEDACAO DE CONCRETO APARENTE 19 X 19 X 19 CM (CLASSE C - NBR 6136)","UN    ","CR",2.88]
[34763,"MEIO BLOCO DE VEDACAO DE CONCRETO APARENTE 9  X 19 X 19 CM (CLASSE C - NBR 6136)","UN    ","CR",1.77]
[34774,"MEIO BLOCO DE VEDACAO DE CONCRETO 14 X 19 X 19 CM (CLASSE C - NBR 6136)","UN    ","CR",2.2000000000000002]
[34771,"MEIO BLOCO DE VEDACAO DE CONCRETO 19 X 19 X 19 CM (CLASSE C - NBR 6136)","UN    ","CR",2.66]
[34764,"MEIO BLOCO DE VEDACAO DE CONCRETO 9 X 19 X 19 CM (CLASSE C - NBR 6136)","UN    ","CR",1.74]
[34788,"MEIO BLOCO ESTRUTURAL CERAMICO 14 X 19 X 14 CM, 6,0 MPA (NBR 15270)","UN    ","CR",1.46]
[34781,"MEIO BLOCO ESTRUTURAL CERAMICO 14 X 19 X 19 CM, 6,0 MPA (NBR 15270)","UN    ","CR",1.65]
[41682,"MEIO-FIO OU GUIA DE CONCRETO PRE MOLDADO, COMP 1 M, *30 X 10/12* CM (H X L1/L2)","UN    ","CR",31.93]
[41683,"MEIO-FIO OU GUIA DE CONCRETO PRE MOLDADO, COMP 80 CM, *30 X 10/10* (H X L1/L2)","UN    ","CR",23.49]
[41680,"MEIO-FIO OU GUIA DE CONCRETO PRE-MOLDADO, COMP *39* CM, *19 X 6,5/6,5* CM (H X L1/L2)","UN    ","CR",12.65]
[41679,"MEIO-FIO OU GUIA DE CONCRETO PRE-MOLDADO, COMP 1 M, *20 X 12/15* CM (H X L1/L2)","UN    ","CR",28.91]
[41681,"MEIO-FIO OU GUIA DE CONCRETO PRE-MOLDADO, COMP 80 CM, *25 X 08/08* CM (H X L1/L2)","UN    ","CR",19.78]
[43386,"MEIO-FIO OU GUIA DE CONCRETO PRE-MOLDADO, TIPO CHAPEU PARA BOCA DE LOBO,  DIMENSOES *1,20* X 0,15 X 0,30 M","UN    ","CR",45.18]
[4059,"MEIO-FIO OU GUIA DE CONCRETO, PRE-MOLDADO, COMP 1 M, *30 X 12/15* CM (H X L1/L2)","M     ","CR",31.93]
[4062,"MEIO-FIO OU GUIA DE CONCRETO, PRE-MOLDADO, COMP 1 M, *30 X 15* CM (H X L)","UN    ","CR",31.93]
[4061,"MEIO-FIO OU GUIA DE CONCRETO, PRE-MOLDADO, COMP 80 CM, *45 X 12/18* CM (H X L1/L2)","UN    ","CR",39.75]
[41315,"MEMBRANA IMPERMEABILIZANTE A BASE DE POLIUREIA, BICOMPONENTE, APLICACAO A FRIO","KG    ","CR",75.36]
[43148,"MEMBRANA IMPERMEABILIZANTE A BASE DE POLIURETANO","KG    ","CR",51.15]
[43147,"MEMBRANA IMPERMEABILIZANTE ACRILICA MONOCOMPONENTE","KG    ","CR",19.809999999999999]
[10608,"MESA VIBRATORIA COM DIMENSOES DE 2,0 X 1,0 M, COM MOTOR ELETRICO DE 2 POLOS E POTENCIA DE 3 CV","UN    ","AS",9247.0499999999993]
[4069,"MESTRE DE OBRAS","H     ","CR",68.87]
[40819,"MESTRE DE OBRAS (MENSALISTA)","MES   ","CR",12140.41]
[34361,"METACAULIM DE ALTA REATIVIDADE/CAULIM CALCINADO","KG    ","CR",14.42]
[36512,"MICRO-TRATOR CORTADOR DE GRAMA COM LARGURA DO CORTE DE 107 CM, COM  2 LAMINAS E DESCARTE LATERAL","UN    ","CR",18806.98]
[44478,"MICROESFERAS DE VIDRO PARA SINALIZACAO HORIZONTAL VIARIA, TIPO I-B (PREMIX) - NBR  16184","KG    ","CR",10.15]
[44477,"MICROESFERAS DE VIDRO PARA SINALIZACAO HORIZONTAL VIARIA, TIPO II-A (DROP-ON) - NBR  16184","KG    ","CR",10.15]
[11697,"MICTORIO COLETIVO ACO INOX (AISI 304), E = 0,8 MM, DE *100 X 40 X 30* CM (C X A X P)","UN    ","CR",772.89]
[11698,"MICTORIO COLETIVO ACO INOX (AISI 304), E = 0,8 MM, DE *100 X 50 X 35* CM (C X A X P)","UN    ","CR",922.02]
[10432,"MICTORIO INDICUDUAL, SIFONADO, LOUCA BRANCA, SEM COMPLEMENTOS","UN    ","CR",305.8]
[11699,"MICTORIO INDIVIDUAL ACO INOX (AISI 304), E = 0,8 MM, DE *50  X 45  X 35* (C X A X P)","UN    ","CR",1019.04]
[44020,"MICTORIO INDIVIDUAL, SIFONADO, VALVULA EMBUTIDA, DE LOUCA BRANCA, SEM COMPLEMENTOS - PADRAO ALTO","UN    ","CR",754.45]
[41420,"MINICAPTOR, EM ACO GALVANIZADO A FOGO, FIXACAO COM ROSCA SOBERBA OU MECANICA, H=600 MM X DN=10 MM","UN    ","CR",10.97]
[41422,"MINICAPTOR, EM ACO GALVANIZADO A FOGO, FIXACAO HORIZONTAL COM BANDEIRA A 20 CM, H=600 MM E X DN=10 MM","UN    ","CR",14.98]
[41425,"MINICAPTOR, EM ACO GALVANIZADO A FOGO, FIXACAO HORIZONTAL DE 1 FUROS, SEM BANDEIRA, H=300 MM X DN=10 MM","UN    ","CR",7.66]
[41426,"MINICAPTOR, EM ACO GALVANIZADO A FOGO, FIXACAO HORIZONTAL DE 2 FUROS, SEM BANDEIRA, H=600 MM X DN=10 MM","UN    ","CR",13.82]
[41419,"MINICAPTOR, EM ACO GALVANIZADO A FOGO,Â  FIXACAO COM ROSCA SOBERBA OU MECANICA, H=300 MM X DN=10 MM","UN    ","CR",8.06]
[41421,"MINICAPTOR, EM ACO GALVANIZADO A FOGO,Â  FIXACAO HORIZONTAL COM BANDEIRA A 20 CM, H=300 MM E X DN=10 MM","UN    ","CR",10.94]
[41414,"MINICAPTORES DE INSERCAO, EM ACO GALVANIZADO A FOGO, H=300 MM X DN=10 MM","UN    ","CR",25.37]
[41415,"MINICAPTORES DE INSERCAO, EM ACO GALVANIZADO A FOGO, H=600,MM X DN=10,MM","UN    ","CR",29.54]
[37514,"MINICARREGADEIRA SOBRE RODAS, POTENCIA LIQUIDA DE *47* HP, CAPACIDADE NOMINAL DE OPERACAO DE *646* KG","UN    ","C ",273000]
[37519,"MINICARREGADEIRA SOBRE RODAS, POTENCIA LIQUIDA DE *72* HP, CAPACIDADE NOMINAL DE OPERACAO DE *1200* KG","UN    ","CR",421319.09]
[37520,"MINIESCAVADEIRA SOBRE ESTEIRAS, POTENCIA LIQUIDA DE *30* HP, PESO OPERACIONAL DE *3.500* KG","UN    ","CR",414412.22]
[37521,"MINIESCAVADEIRA SOBRE ESTEIRAS, POTENCIA LIQUIDA DE *42* HP, PESO OPERACIONAL DE *4.500* KG","UN    ","CR",505582.92]
[37522,"MINIESCAVADEIRA SOBRE ESTEIRAS, POTENCIA LIQUIDA DE *42* HP, PESO OPERACIONAL DE *5.300* KG","UN    ","CR",520793.77]
[21109,"MINUTERIA ELETRONICA COLETIVA COM POTENCIA MAXIMA RESISTIVA PARA LAMPADAS FLUORESCENTES DE *300* W ( 110 V ) / *600* W ( 110 V )","UN    ","AS",36.39]
[37546,"MISTURADOR DE ARGAMASSA, EIXO HORIZONTAL, CAPACIDADE DE MISTURA 160 KG, MOTOR ELETRICO TRIFASICO 220/380 V, POTENCIA 3 CV","UN    ","CR",12459.68]
[37544,"MISTURADOR DE ARGAMASSA, EIXO HORIZONTAL, CAPACIDADE DE MISTURA 300 KG, MOTOR ELETRICO TRIFASICO 220/380 V, POTENCIA 5 CV","UN    ","CR",13178.21]
[37545,"MISTURADOR DE ARGAMASSA, EIXO HORIZONTAL, CAPACIDADE DE MISTURA 600 KG, MOTOR ELETRICO TRIFASICO 220/380 V, POTENCIA 7,5 CV","UN    ","CR",15680.3]
[36793,"MISTURADOR DE METAL CROMADO DE PAREDE PARA LAVATORIO (REF 1878)","UN    ","CR",1293.6300000000001]
[11769,"MISTURADOR DE METAL CROMADO, DE MESA/BANCADA, COM BICA BAIXA, PARA LAVATORIO (REF 1875)","UN    ","CR",571.67999999999995]
[11771,"MISTURADOR DE PAREDE, DE METAL CROMADO, PARA COZINHA, BICA ALTA MOVEL, COM AREJADOR ARTICULADO (REF 1258)","UN    ","CR",700.24]
[39919,"MISTURADOR DUPLO HORIZONTAL DE ALTA TURBULENCIA, CAPACIDADE / VOLUME 2 X 500 LITROS, MOTORES ELETRICOS MINIMO 5 CV CADA,  PARA NATA CIMENTO, ARGAMASSA E OUTROS","UN    ","CR",62367.61]
[38385,"MISTURADOR MANUAL DE TINTAS PARA FURADEIRA, HASTE METALICA *60* CM, COM HELICE  (MEXEDOR DE TINTA)","UN    ","CR",45.09]
[36800,"MISTURADOR METALICO, BASE PARA CHUVEIRO/BANHEIRA, 1/2 \" OU 3/4 \", SOLDAVEL OU ROSCAVEL (NAO INCLUI ACABAMENTOS)","UN    ","CR",343.51]
[37587,"MISTURADOR MONOCOMANDO PARA CHUVEIRO, BASE BRUTA, METALICO COM ACABAMENTO CROMADO","UN    ","CR",754.7]
[11561,"MOLA HIDRAULICA AEREA, PARA PORTAS DE ATE 1.100 MM E PESO DE ATE 85 KG, COM CORPO EM ALUMINIO E BRACO EM ACO, SEM BRACO DE PARADA","UN    ","CR",266.33]
[43604,"MOLA HIDRAULICA AEREA, PARA PORTAS DE ATE 850 MM E PESO DE ATE 50 KG, COM CORPO EM ALUMINIO E BRACO EM ACO, SEM BRACO DE PARADA","UN    ","CR",141.97999999999999]
[11560,"MOLA HIDRAULICA AEREA, PARA PORTAS DE ATE 950 MM E PESO DE ATE 65 KG, COM CORPO EM ALUMINIO E BRACO EM ACO, SEM BRACO DE PARADA","UN    ","CR",205.57]
[11499,"MOLA HIDRAULICA DE PISO, PARA PORTAS DE ATE 1100 MM E PESO DE ATE 120 KG, COM CORPO EM ACO INOX","UN    ","CR",789.61]
[34761,"MONTADOR DE ELETROELETRONICOS","H     ","CR",17.27]
[40924,"MONTADOR DE ELETROELETRONICOS (MENSALISTA)","MES   ","CR",3047.41]
[40983,"MONTADOR DE ESTRUTURAS METALICAS (MENSALISTA)","MES   ","CR",3177.01]
[44497,"MONTADOR DE ESTRUTURAS METALICAS HORISTA","H     ","CR",18.010000000000002]
[2437,"MONTADOR DE MAQUINAS","H     ","CR",18.329999999999998]
[40921,"MONTADOR DE MAQUINAS (MENSALISTA)","MES   ","CR",3232.17]
[14252,"MOTOBOMBA AUTOESCORVANTE MOTOR A GASOLINA, POTENCIA 6,0HP, BOCAIS 3\" X 3\", HM/Q = 5 MCA / 24 M3/H A 52,5 MCA / 5,0 M3/H","UN    ","CR",2173.98]
[730,"MOTOBOMBA AUTOESCORVANTE MOTOR ELETRICO TRIFASICO 7,4HP BOCA DIAMETRO DE SUCCAO X RECLAQUE: 2\"X2\", HM/ Q = 10 M / 73,5 M3/H A 28 M / 8,2 M3 /H","UN    ","CR",5808.47]
[723,"MOTOBOMBA AUTOESCORVANTE POTENCIA 5,42 HP, BOCAIS SUCCAO X RECALQUE 2\" X 2\", A GASOLINA, DIAMETRO DO ROTOR 122 MM HM/Q = 6 MCA / 33,0 M3/H A 28 MCA / 8,0 M3/H","UN    ","CR",2887.01]
[36502,"MOTOBOMBA CENTRIFUGA, MOTOR A GASOLINA, POTENCIA 5,42 HP, BOCAIS 1 1/2\" X 1\", DIAMETRO ROTOR 143 MM HM/Q = 6 MCA / 16,8 M3/H A 38 MCA / 6,6 M3/H","UN    ","CR",2713.45]
[36503,"MOTOBOMBA TRASH (PARA AGUA SUJA) AUTO ESCORVANTE, MOTOR GASOLINA DE 6,41 HP, DIAMETROS DE SUCCAO X RECALQUE: 3\" X 3\", HM/Q: 10/60 A 23/0","UN    ","CR",3346]
[4090,"MOTONIVELADORA POTENCIA BASICA LIQUIDA (PRIMEIRA MARCHA) 125 HP , PESO BRUTO 13843 KG, LARGURA DA LAMINA DE 3,7 M","UN    ","C ",1112945]
[13227,"MOTONIVELADORA POTENCIA BASICA LIQUIDA (PRIMEIRA MARCHA) 171 HP, PESO BRUTO 14768 KG, LARGURA DA LAMINA DE 3,7 M","UN    ","CR",1382972.94]
[10597,"MOTONIVELADORA POTENCIA BASICA LIQUIDA (PRIMEIRA MARCHA) 186 HP, PESO BRUTO 15785 KG, LARGURA DA LAMINA DE 4,3 M","UN    ","CR",1455757.43]
[39628,"MOTOR A DIESEL PARA VIBRADOR DE IMERSAO, DE *4,7* CV","UN    ","CR",3304.93]
[39404,"MOTOR A GASOLINA PARA VIBRADOR DE IMERSAO, 4 TEMPOS, DE 5,5 CV","UN    ","CR",1638.81]
[39402,"MOTOR ELETRICO PARA VIBRADOR DE IMERSAO, DE 2 CV, MONOFASICO, 110/220 V","UN    ","CR",1350.06]
[39403,"MOTOR ELETRICO PARA VIBRADOR DE IMERSAO, DE 2 CV, TRIFASICO, 220/380 V","UN    ","CR",1320.7]
[4093,"MOTORISTA DE CAMINHAO","H     ","CR",21.05]
[10512,"MOTORISTA DE CAMINHAO (MENSALISTA)","MES   ","CR",3711.03]
[20020,"MOTORISTA DE CAMINHAO-BASCULANTE","H     ","CR",19.850000000000001]
[41038,"MOTORISTA DE CAMINHAO-BASCULANTE (MENSALISTA)","MES   ","CR",3500.43]
[4094,"MOTORISTA DE CAMINHAO-CARRETA","H     ","CR",28.11]
[40988,"MOTORISTA DE CAMINHAO-CARRETA (MENSALISTA)","MES   ","CR",4955.84]
[4095,"MOTORISTA DE CARRO DE PASSEIO","H     ","CR",19.34]
[40990,"MOTORISTA DE CARRO DE PASSEIO (MENSALISTA)","MES   ","CR",3411.91]
[4097,"MOTORISTA DE ONIBUS / MICRO-ONIBUS","H     ","CR",23.02]
[40994,"MOTORISTA DE ONIBUS / MICRO-ONIBUS (MENSALISTA)","MES   ","CR",4058.12]
[4096,"MOTORISTA OPERADOR DE CAMINHAO COM MUNCK","H     ","CR",21.52]
[40992,"MOTORISTA OPERADOR DE CAMINHAO COM MUNCK (MENSALISTA)","MES   ","CR",3796.31]
[4114,"MOURAO CONCRETO CURVO, SECAO \"T\", H = 2,80 M + CURVA COM 0,45 M, COM FUROS PARA FIOS","UN    ","CR",73.19]
[36797,"MOURAO DE CONCRETO CURVO, *10 X 10* CM, H= *2,60* M + CURVA DE 0,40 M","UN    ","CR",65.16]
[4107,"MOURAO DE CONCRETO RETO, SECAO QUADARA *10 X 10* CM, H= *2,30* M","UN    ","CR",61.44]
[4102,"MOURAO DE CONCRETO RETO, SECAO QUADRADA, *10 X 10* CM, H= 3,00 M","UN    ","C ",75]
[36799,"MOURAO DE CONCRETO RETO, TIPO ESTICADOR, *10 X 10* CM, H= 2,50 M","UN    ","CR",63.25]
[2747,"MOURAO ROLICO DE MADEIRA TRATADA, D = 16 A 20 CM, H = 2,20 M, EM EUCALIPTO OU EQUIVALENTE DA REGIAO (PARA CERCA)","M     ","CR",35.83]
[21138,"MOURAO ROLICO DE MADEIRA TRATADA, D = 8 A 11 CM, H = 2,20 M, EM EUCALIPTO OU EQUIVALENTE DA REGIAO (PARA CERCA)","M     ","C ",11.36]
[10826,"MUDA DE ARBUSTO FLORIFERO, CLUSIA/GARDENIA/MOREIA BRANCA/ AZALEIA OU EQUIVALENTE DA REGIAO, H= *50 A 70* CM","UN    ","CR",51.72]
[365,"MUDA DE ARBUSTO FOLHAGEM, SANSAO-DO-CAMPO OU EQUIVALENTE DA REGIAO, H= *50 A 70* CM","UN    ","CR",32.06]
[38639,"MUDA DE ARBUSTO, BUXINHO, H= *50* M","UN    ","CR",124.13]
[38640,"MUDA DE ARBUSTO, PINGO DE OURO/ VIOLETEIRA, H = *10 A 20* CM","UN    ","CR",1.86]
[358,"MUDA DE ARVORE ORNAMENTAL, OITI/AROEIRA SALSA/ANGICO/IPE/JACARANDA OU EQUIVALENTE  DA REGIAO, H= *1* M","UN    ","CR",38.270000000000003]
[359,"MUDA DE ARVORE ORNAMENTAL, OITI/AROEIRA SALSA/ANGICO/IPE/JACARANDA OU EQUIVALENTE  DA REGIAO, H= *2* M","UN    ","CR",78.62]
[38641,"MUDA DE PALMEIRA, ARECA, H= *1,50* CM","UN    ","CR",77.58]
[360,"MUDA DE RASTEIRA/FORRACAO, AMENDOIM RASTEIRO/ONZE HORAS/AZULZINHA/IMPATIENS OU EQUIVALENTE DA REGIAO","UN    ","C ",1.8]
[42430,"MULTIEXERCITADOR COM SEIS FUNCOES, EM TUBO DE ACO CARBONO, PINTURA NO PROCESSO ELETROSTATICO - EQUIPAMENTO DE GINASTICA PARA ACADEMIA AO AR LIVRE / ACADEMIA DA TERCEIRA IDADE - ATI","UN    ","AS",5649.42]
[4214,"NIPEL PVC, ROSCAVEL, 1 1/2\",  AGUA FRIA PREDIAL","UN    ","CR",15.44]
[4215,"NIPEL PVC, ROSCAVEL, 1 1/4\",  AGUA FRIA PREDIAL","UN    ","CR",10.16]
[4210,"NIPEL PVC, ROSCAVEL, 1/2\",  AGUA FRIA PREDIAL","UN    ","CR",1.71]
[4212,"NIPEL PVC, ROSCAVEL, 1\",  AGUA FRIA PREDIAL","UN    ","CR",4.9000000000000004]
[4213,"NIPEL PVC, ROSCAVEL, 2\",  AGUA FRIA PREDIAL","UN    ","CR",21.93]
[4211,"NIPEL PVC, ROSCAVEL, 3/4\",  AGUA FRIA PREDIAL","UN    ","CR",2.4500000000000002]
[4209,"NIPLE DE FERRO GALVANIZADO, COM ROSCA BSP, DE 1 1/2\"","UN    ","CR",19.579999999999998]
[4180,"NIPLE DE FERRO GALVANIZADO, COM ROSCA BSP, DE 1 1/4\"","UN    ","CR",14.74]
[4177,"NIPLE DE FERRO GALVANIZADO, COM ROSCA BSP, DE 1/2\"","UN    ","CR",4.8899999999999997]
[4179,"NIPLE DE FERRO GALVANIZADO, COM ROSCA BSP, DE 1\"","UN    ","CR",10.01]
[4208,"NIPLE DE FERRO GALVANIZADO, COM ROSCA BSP, DE 2 1/2\"","UN    ","CR",46.62]
[4181,"NIPLE DE FERRO GALVANIZADO, COM ROSCA BSP, DE 2\"","UN    ","CR",30.46]
[4178,"NIPLE DE FERRO GALVANIZADO, COM ROSCA BSP, DE 3/4\"","UN    ","CR",6.78]
[4182,"NIPLE DE FERRO GALVANIZADO, COM ROSCA BSP, DE 3\"","UN    ","CR",75.83]
[4183,"NIPLE DE FERRO GALVANIZADO, COM ROSCA BSP, DE 4\"","UN    ","CR",122.09]
[4184,"NIPLE DE FERRO GALVANIZADO, COM ROSCA BSP, DE 5\"","UN    ","CR",269.5]
[4185,"NIPLE DE FERRO GALVANIZADO, COM ROSCA BSP, DE 6\"","UN    ","CR",447.79]
[4205,"NIPLE DE REDUCAO DE FERRO GALVANIZADO, COM ROSCA BSP, DE 1 1/2\" X 1 1/4\"","UN    ","CR",25.86]
[4192,"NIPLE DE REDUCAO DE FERRO GALVANIZADO, COM ROSCA BSP, DE 1 1/2\" X 1\"","UN    ","CR",25.86]
[4191,"NIPLE DE REDUCAO DE FERRO GALVANIZADO, COM ROSCA BSP, DE 1 1/2\" X 3/4\"","UN    ","CR",25.86]
[4207,"NIPLE DE REDUCAO DE FERRO GALVANIZADO, COM ROSCA BSP, DE 1 1/4\" X 1/2\"","UN    ","CR",20.81]
[4206,"NIPLE DE REDUCAO DE FERRO GALVANIZADO, COM ROSCA BSP, DE 1 1/4\" X 1\"","UN    ","CR",20.21]
[4190,"NIPLE DE REDUCAO DE FERRO GALVANIZADO, COM ROSCA BSP, DE 1 1/4\" X 3/4\"","UN    ","CR",20.21]
[4186,"NIPLE DE REDUCAO DE FERRO GALVANIZADO, COM ROSCA BSP, DE 1/2\" X 1/4\"","UN    ","CR",5.97]
[4188,"NIPLE DE REDUCAO DE FERRO GALVANIZADO, COM ROSCA BSP, DE 1\" X 1/2\"","UN    ","CR",12.19]
[4189,"NIPLE DE REDUCAO DE FERRO GALVANIZADO, COM ROSCA BSP, DE 1\" X 3/4\"","UN    ","CR",12.19]
[4197,"NIPLE DE REDUCAO DE FERRO GALVANIZADO, COM ROSCA BSP, DE 2 1/2\" X 2\"","UN    ","CR",64.569999999999993]
[4194,"NIPLE DE REDUCAO DE FERRO GALVANIZADO, COM ROSCA BSP, DE 2\" X 1 1/2\"","UN    ","CR",39.020000000000003]
[4193,"NIPLE DE REDUCAO DE FERRO GALVANIZADO, COM ROSCA BSP, DE 2\" X 1 1/4\"","UN    ","CR",39.020000000000003]
[4204,"NIPLE DE REDUCAO DE FERRO GALVANIZADO, COM ROSCA BSP, DE 2\" X 1\"","UN    ","CR",39.020000000000003]
[4187,"NIPLE DE REDUCAO DE FERRO GALVANIZADO, COM ROSCA BSP, DE 3/4\" X 1/2\"","UN    ","CR",7.77]
[4202,"NIPLE DE REDUCAO DE FERRO GALVANIZADO, COM ROSCA BSP, DE 3\" X 2 1/2\"","UN    ","CR",117.92]
[4203,"NIPLE DE REDUCAO DE FERRO GALVANIZADO, COM ROSCA BSP, DE 3\" X 2\"","UN    ","CR",104.15]
[40368,"NIPLE SEXTAVADO EM ACO CARBONO, COM ROSCA BSP, PRESSAO 3.000 LBS, DN 1 1/2\"","UN    ","CR",102.11]
[40365,"NIPLE SEXTAVADO EM ACO CARBONO, COM ROSCA BSP, PRESSAO 3.000 LBS, DN 1 1/4\"","UN    ","CR",68.89]
[40356,"NIPLE SEXTAVADO EM ACO CARBONO, COM ROSCA BSP, PRESSAO 3.000 LBS, DN 1/2\"","UN    ","CR",23.53]
[40362,"NIPLE SEXTAVADO EM ACO CARBONO, COM ROSCA BSP, PRESSAO 3.000 LBS, DN 1\"","UN    ","CR",45.63]
[40374,"NIPLE SEXTAVADO EM ACO CARBONO, COM ROSCA BSP, PRESSAO 3.000 LBS, DN 2 1/2\"","UN    ","CR",266.86]
[40371,"NIPLE SEXTAVADO EM ACO CARBONO, COM ROSCA BSP, PRESSAO 3.000 LBS, DN 2\"","UN    ","CR",167.99]
[40359,"NIPLE SEXTAVADO EM ACO CARBONO, COM ROSCA BSP, PRESSAO 3.000 LBS, DN 3/4\"","UN    ","CR",30.4]
[7595,"NIVELADOR","H     ","CR",16.64]
[41094,"NIVELADOR (MENSALISTA)","MES   ","CR",2934.38]
[39609,"NOBREAK TRIFASICO, DE 10 KVA FATOR DE POTENCIA DE 0,8, AUTONOMIA MINIMA DE 30 MINUTOS A PLENA CARGA","UN    ","CR",42509.14]
[39610,"NOBREAK TRIFASICO, DE 15 KVA FATOR DE POTENCIA DE 0,8, AUTONOMIA MINIMA DE 30 MINUTOS A PLENA CARGA","UN    ","CR",62050.09]
[39611,"NOBREAK TRIFASICO, DE 20 KVA FATOR DE POTENCIA DE 0,8, AUTONOMIA MINIMA DE 30 MINUTOS A PLENA CARGA","UN    ","CR",75090.759999999995]
[39612,"NOBREAK TRIFASICO, DE 25 KVA FATOR DE POTENCIA DE 0,8, AUTONOMIA MINIMA DE 30 MINUTOS A PLENA CARGA","UN    ","CR",117631.38]
[39608,"NOBREAK TRIFASICO, DE 5 KVA FATOR DE POTENCIA DE 0,8, AUTONOMIA MINIMA DE 30 MINUTOS A PLENA CARGA","UN    ","CR",33989.86]
[38175,"NUMERO / ALGARISMO PARA RESIDENCIA (FACHADA), EM ZAMAC, COM ALTURA DE APROX *45* MM, INCLUSIVE PARAFUSOS","UN    ","CR",5.34]
[38176,"NUMERO / ALGARISMO PARA RESIDENCIA (FACHADA), EM ZAMAC, COM ALTURA DE APROX 125 MM, INCLUSIVE PARAFUSOS","UN    ","CR",15.71]
[36152,"OCULOS DE SEGURANCA CONTRA IMPACTOS COM LENTE INCOLOR, ARMACAO NYLON, COM PROTECAO UVA E UVB","UN    ","CR",5.07]
[11138,"OLEO COMBUSTIVEL BPF A GRANEL","L     ","CR",3.47]
[4221,"OLEO DIESEL COMBUSTIVEL COMUM","L     ","C ",5.39]
[4227,"OLEO LUBRIFICANTE PARA MOTORES DE EQUIPAMENTOS PESADOS (CAMINHOES, TRATORES, RETROS E ETC)","L     ","C ",18.149999999999999]
[38170,"OLHO MAGICO PARA PORTAS, EM LATAO, COM LENTE DE POLICARBONATO, ANGULO DE *200* GRAUS, ESPESSURA ENTRE *25 E 46* MM, INCLUINDO FECHO JANELA","UN    ","CR",23.34]
[4252,"OPERADOR DE BATE-ESTACAS","H     ","CR",22.17]
[40980,"OPERADOR DE BATE-ESTACAS (MENSALISTA)","MES   ","CR",3910.6]
[4243,"OPERADOR DE BETONEIRA (CAMINHAO)","H     ","CR",18.96]
[41031,"OPERADOR DE BETONEIRA (CAMINHAO) (MENSALISTA)","MES   ","CR",3346.01]
[37666,"OPERADOR DE BETONEIRA ESTACIONARIA / MISTURADOR","H     ","CR",18.309999999999999]
[40986,"OPERADOR DE BETONEIRA ESTACIONARIA / MISTURADOR (MENSALISTA)","MES   ","CR",3229.02]
[4250,"OPERADOR DE COMPRESSOR DE AR OU COMPRESSORISTA","H     ","CR",16.62]
[40978,"OPERADOR DE COMPRESSOR DE AR OU COMPRESSORISTA (MENSALISTA)","MES   ","CR",2930.3]
[41043,"OPERADOR DE DEMARCADORA DE FAIXAS DE TRAFEGO (MENSALISTA)","MES   ","CR",4118.16]
[44501,"OPERADOR DE DEMARCADORA DE FAIXAS DE TRAFEGO HORISTA","H     ","CR",23.36]
[4234,"OPERADOR DE ESCAVADEIRA","H     ","C ",25.59]
[40987,"OPERADOR DE ESCAVADEIRA (MENSALISTA)","MES   ","CR",4511.28]
[4253,"OPERADOR DE GUINCHO OU GUINCHEIRO","H     ","CR",19]
[40981,"OPERADOR DE GUINCHO OU GUINCHEIRO (MENSALISTA)","MES   ","CR",3352.78]
[4254,"OPERADOR DE GUINDASTE","H     ","CR",21.79]
[41036,"OPERADOR DE GUINDASTE (MENSALISTA)","MES   ","CR",3843.94]
[4251,"OPERADOR DE JATO ABRASIVO OU JATISTA","H     ","CR",22.91]
[40979,"OPERADOR DE JATO ABRASIVO OU JATISTA (MENSALISTA)","MES   ","CR",4038.61]
[4230,"OPERADOR DE MAQUINAS E TRATORES DIVERSOS (TERRAPLANAGEM)","H     ","CR",21.5]
[40998,"OPERADOR DE MAQUINAS E TRATORES DIVERSOS (TERRAPLANAGEM) (MENSALISTA)","MES   ","CR",3792.3]
[4257,"OPERADOR DE MARTELETE OU MARTELETEIRO","H     ","CR",20.34]
[40982,"OPERADOR DE MARTELETE OU MARTELETEIRO (MENSALISTA)","MES   ","CR",3584.84]
[4240,"OPERADOR DE MOTO SCRAPER","H     ","CR",23.76]
[41026,"OPERADOR DE MOTO SCRAPER (MENSALISTA)","MES   ","CR",4188.3599999999997]
[4239,"OPERADOR DE MOTONIVELADORA","H     ","CR",29.14]
[41024,"OPERADOR DE MOTONIVELADORA (MENSALISTA)","MES   ","CR",5138.3599999999997]
[4248,"OPERADOR DE PA CARREGADEIRA","H     ","CR",23.17]
[41033,"OPERADOR DE PA CARREGADEIRA (MENSALISTA)","MES   ","CR",4083.75]
[41040,"OPERADOR DE PAVIMENTADORA / MESA VIBROACABADORA (MENSALISTA)","MES   ","CR",4324.09]
[44500,"OPERADOR DE PAVIMENTADORA / MESA VIBROACABADORA HORISTA","H     ","CR",24.52]
[4238,"OPERADOR DE ROLO COMPACTADOR","H     ","CR",18.239999999999998]
[41012,"OPERADOR DE ROLO COMPACTADOR (MENSALISTA)","MES   ","CR",3217.3]
[4237,"OPERADOR DE TRATOR - EXCLUSIVE AGROPECUARIA","H     ","CR",26.67]
[41002,"OPERADOR DE TRATOR - EXCLUSIVE AGROPECUARIA (MENSALISTA)","MES   ","CR",4702.6000000000004]
[4233,"OPERADOR DE USINA DE ASFALTO, DE SOLOS OU DE CONCRETO","H     ","CR",21.05]
[41001,"OPERADOR DE USINA DE ASFALTO, DE SOLOS OU DE CONCRETO (MENSALISTA)","MES   ","CR",3713.38]
[2,"OXIGENIO, RECARGA PARA CILINDRO DE CONJUNTO OXICORTE GRANDE","M3    ","CR",12.6]
[36517,"PA CARREGADEIRA SOBRE RODAS, POTENCIA BRUTA *127* CV, CAPACIDADE DA CACAMBA DE 2,0 A 2,4 M3, PESO OPERACIONAL MAXIMO DE 10330 KG","UN    ","CR",538971.6]
[4262,"PA CARREGADEIRA SOBRE RODAS, POTENCIA LIQUIDA 128 HP, CAPACIDADE DA CACAMBA DE 1,7 A 2,8 M3, PESO OPERACIONAL MAXIMO DE 11632 KG","UN    ","C ",606950]
[4263,"PA CARREGADEIRA SOBRE RODAS, POTENCIA LIQUIDA 197 HP, CAPACIDADE DA CACAMBA DE 2,5 A 3,5 M3, PESO OPERACIONAL MAXIMO DE 18338 KG","UN    ","CR",841637.29]
[36518,"PA CARREGADEIRA SOBRE RODAS, POTENCIA LIQUIDA 213 HP, CAPACIDADE DA CACAMBA DE 1,9 A 3,5 M3, PESO OPERACIONAL MAXIMO DE 19234 KG","UN    ","CR",958171.69]
[14221,"PA CARREGADEIRA SOBRE RODAS, POTENCIA 152 HP, CAPACIDADE DA CACAMBA DE 1,53 A 2,30 M3, PESO OPERACIONAL MAXIMO DE 10216 KG","UN    ","CR",559203.24]
[38402,"PA DE LIXO PLASTICA, CABO LONGO","UN    ","CR",8.42]
[3412,"PAINEL DE LA DE VIDRO SEM REVESTIMENTO PSI 20, E = 25 MM, DE 1200 X 600 MM","M2    ","CR",30.51]
[3413,"PAINEL DE LA DE VIDRO SEM REVESTIMENTO PSI 20, E = 50 MM, DE 1200 X 600 MM","M2    ","CR",68.680000000000007]
[39744,"PAINEL DE LA DE VIDRO SEM REVESTIMENTO PSI 40, E = 25 MM, DE 1200 X 600 MM","M2    ","CR",53.32]
[39745,"PAINEL DE LA DE VIDRO SEM REVESTIMENTO PSI 40, E = 50 MM, DE 1200 X 600 MM","M2    ","CR",112.54]
[39637,"PAINEL ESTRUTURAL PARA LAJE SECA REVESTIDO EM PLACA CIMENTICIA, DE 1,20 X 2,50 M, E = 23 MM","M2    ","CR",107.61]
[39638,"PAINEL ESTRUTURAL PARA LAJE SECA REVESTIDO EM PLACA CIMENTICIA, DE 1,20 X 2,50 M, E = 40 MM","M2    ","CR",121.76]
[39639,"PAINEL ESTRUTURAL PARA LAJE SECA REVESTIDO EM PLACA CIMENTICIA, DE 1,20 X 2,50 M, E = 55 MM","M2    ","CR",183.71]
[39517,"PAINEL TERMOISOLANTE PARA FECHAMENTOS VERTICAIS (INCLUI PARAFUSOS DE FIXACAO) REVESTIDO EM ACO GALVALUME, LARGURA UTIL DE 1100 MM, REVESTIMENTO COM ESPESSURA DE 0,50 MM, COM PRE-PINTURA NAS DUAS FACES, NUCLEO EM POLIURETANO (PUR) COM ESPESSURA 40/50 MM","M2    ","CR",301.92]
[39518,"PAINEL TERMOISOLANTE PARA FECHAMENTOS VERTICAIS (INCLUI PARAFUSOS DE FIXACAO) REVESTIDO EM ACO GALVALUME, LARGURA UTIL DE 1100 MM, REVESTIMENTO COM ESPESSURA DE 0,50 MM, COM PRE-PINTURA NAS DUAS FACES, NUCLEO EM POLIURETANO (PUR) COM ESPESSURA 70/80 MM","M2    ","CR",357.93]
[38366,"PAPEL KRAFT BETUMADO","M2    ","CR",4.95]
[11703,"PAPELEIRA DE PAREDE EM METAL CROMADO SEM TAMPA","UN    ","CR",60.57]
[37400,"PAPELEIRA PLASTICA TIPO DISPENSER PARA PAPEL HIGIENICO ROLAO","UN    ","CR",43.14]
[25400,"PAR DE TABELAS DE BASQUETE EM COMPENSADO NAVAL, OFICIAL, 1800 X 1200 MM, INCLUINDO ARO DE METAL E REDE EM POLIPROPILENO 100% (SEM SUPORTE DE FIXACAO)","UN    ","CR",5245.64]
[4276,"PARA-RAIOS DE DISTRIBUICAO, TENSAO NOMINAL 15 KV, CORRENTE NOMINAL DE DESCARGA 5 KA","UN    ","CR",204.16]
[4273,"PARA-RAIOS DE DISTRIBUICAO, TENSAO NOMINAL 30 KV, CORRENTE NOMINAL DE DESCARGA 10 KA","UN    ","CR",370.68]
[4274,"PARA-RAIOS TIPO FRANKLIN 350 MM, EM LATAO CROMADO, DUAS DESCIDAS, PARA PROTECAO DE EDIFICACOES CONTRA DESCARGAS ATMOSFERICAS","UN    ","C ",135.61000000000001]
[39438,"PARAFUSO CABECA TROMBETA E PONTA AGULHA (GN55), COMPRIMENTO 55 MM, EM ACO FOSFATIZADO, PARA FIXAR CHAPA DE GESSO EM PERFIL DRYWALL METALICO MAXIMO 0,7 MM","UN    ","AS",0.27]
[11963,"PARAFUSO DE ACO TIPO CHUMBADOR PARABOLT, DIAMETRO 1/2\", COMPRIMENTO 75 MM","UN    ","AS",9.84]
[11964,"PARAFUSO DE ACO TIPO CHUMBADOR PARABOLT, DIAMETRO 3/8\", COMPRIMENTO 75 MM","UN    ","AS",2.48]
[4379,"PARAFUSO DE ACO ZINCADO COM ROSCA SOBERBA, CABECA CHATA E FENDA SIMPLES, DIAMETRO 2,5 MM, COMPRIMENTO * 9,5 * MM","UN    ","AS",0.05]
[4377,"PARAFUSO DE ACO ZINCADO COM ROSCA SOBERBA, CABECA CHATA E FENDA SIMPLES, DIAMETRO 4,2 MM, COMPRIMENTO * 32 * MM","UN    ","AS",0.19]
[4356,"PARAFUSO DE ACO ZINCADO COM ROSCA SOBERBA, CABECA CHATA E FENDA SIMPLES, DIAMETRO 4,8 MM, COMPRIMENTO 45 MM","UN    ","AS",0.27]
[13246,"PARAFUSO DE FERRO POLIDO, SEXTAVADO, COM ROSCA INTEIRA, DIAMETRO 5/16\", COMPRIMENTO 3/4\", COM PORCA E ARRUELA LISA LEVE","UN    ","AS",0.46]
[4346,"PARAFUSO DE FERRO POLIDO, SEXTAVADO, COM ROSCA PARCIAL, DIAMETRO 5/8\", COMPRIMENTO 6\", COM PORCA E ARRUELA DE PRESSAO MEDIA","UN    ","AS",10.54]
[11955,"PARAFUSO DE LATAO COM ACABAMENTO CROMADO PARA FIXAR PECA SANITARIA, INCLUI PORCA CEGA, ARRUELA E BUCHA DE NYLON TAMANHO S-10","UN    ","AS",4.6100000000000003]
[11960,"PARAFUSO DE LATAO COM ROSCA SOBERBA, CABECA CHATA E FENDA SIMPLES, DIAMETRO 2,5 MM, COMPRIMENTO 12 MM","UN    ","AS",0.15]
[4333,"PARAFUSO DE LATAO COM ROSCA SOBERBA, CABECA CHATA E FENDA SIMPLES, DIAMETRO 3,2 MM, COMPRIMENTO 16 MM","UN    ","AS",0.27]
[4358,"PARAFUSO DE LATAO COM ROSCA SOBERBA, CABECA CHATA E FENDA SIMPLES, DIAMETRO 4,8 MM, COMPRIMENTO 65 MM","UN    ","AS",2.11]
[39435,"PARAFUSO DRY WALL, EM ACO FOSFATIZADO, CABECA TROMBETA E PONTA AGULHA (TA), COMPRIMENTO 25 MM","UN    ","AS",0.1]
[39436,"PARAFUSO DRY WALL, EM ACO FOSFATIZADO, CABECA TROMBETA E PONTA AGULHA (TA), COMPRIMENTO 35 MM","UN    ","AS",0.18]
[39437,"PARAFUSO DRY WALL, EM ACO FOSFATIZADO, CABECA TROMBETA E PONTA AGULHA (TA), COMPRIMENTO 45 MM","UN    ","AS",0.24]
[39439,"PARAFUSO DRY WALL, EM ACO FOSFATIZADO, CABECA TROMBETA E PONTA BROCA (TB), COMPRIMENTO 25 MM","UN    ","AS",0.16]
[39440,"PARAFUSO DRY WALL, EM ACO FOSFATIZADO, CABECA TROMBETA E PONTA BROCA (TB), COMPRIMENTO 35 MM","UN    ","AS",0.21]
[39441,"PARAFUSO DRY WALL, EM ACO FOSFATIZADO, CABECA TROMBETA E PONTA BROCA (TB), COMPRIMENTO 45 MM","UN    ","AS",0.26]
[39442,"PARAFUSO DRY WALL, EM ACO ZINCADO, CABECA LENTILHA E PONTA AGULHA (LA), LARGURA 4,2 MM, COMPRIMENTO 13 MM","UN    ","AS",0.19]
[39443,"PARAFUSO DRY WALL, EM ACO ZINCADO, CABECA LENTILHA E PONTA BROCA (LB), LARGURA 4,2 MM, COMPRIMENTO 13 MM","UN    ","AS",0.25]
[4329,"PARAFUSO EM ACO GALVANIZADO, TIPO MAQUINA, SEXTAVADO, SEM PORCA, DIAMETRO 1/2\", COMPRIMENTO 2\"","UN    ","AS",2.25]
[4383,"PARAFUSO FRANCES METRICO ZINCADO, DIAMETRO 12 MM, COMPRIMENTO 140MM, COM PORCA SEXTAVADA E ARRUELA DE PRESSAO MEDIA","UN    ","AS",20.34]
[4344,"PARAFUSO FRANCES METRICO ZINCADO, DIAMETRO 12 MM, COMPRIMENTO 150 MM, COM PORCA SEXTAVADA E ARRUELA DE PRESSAO MEDIA","UN    ","AS",21.32]
[436,"PARAFUSO FRANCES M16 EM ACO GALVANIZADO, COMPRIMENTO = 150 MM, DIAMETRO = 16 MM, CABECA ABAULADA","UN    ","AS",6.85]
[442,"PARAFUSO FRANCES M16 EM ACO GALVANIZADO, COMPRIMENTO = 45 MM, DIAMETRO = 16 MM, CABECA ABAULADA","UN    ","AS",4.05]
[11953,"PARAFUSO FRANCES ZINCADO, DIAMETRO 1/2'', COMPRIMENTO 2'', COM PORCA E ARRUELA","UN    ","AS",3.38]
[4335,"PARAFUSO FRANCES ZINCADO, DIAMETRO 1/2\", COMPRIMENTO 12\", COM PORCA E ARRUELA LISA MEDIA","UN    ","AS",14.32]
[4334,"PARAFUSO FRANCES ZINCADO, DIAMETRO 1/2\", COMPRIMENTO 15\", COM PORCA E ARRUELA LISA MEDIA","UN    ","AS",19.64]
[4343,"PARAFUSO FRANCES ZINCADO, DIAMETRO 1/2\", COMPRIMENTO 4\", COM PORCA E ARRUELA","UN    ","AS",4.83]
[430,"PARAFUSO M16 EM ACO GALVANIZADO, COMPRIMENTO = 125 MM, DIAMETRO = 16 MM, ROSCA MAQUINA, CABECA QUADRADA","UN    ","AS",6.13]
[441,"PARAFUSO M16 EM ACO GALVANIZADO, COMPRIMENTO = 150 MM, DIAMETRO = 16 MM, ROSCA MAQUINA, CABECA QUADRADA","UN    ","AS",6.74]
[431,"PARAFUSO M16 EM ACO GALVANIZADO, COMPRIMENTO = 200 MM, DIAMETRO = 16 MM, ROSCA MAQUINA, CABECA QUADRADA","UN    ","AS",8.14]
[432,"PARAFUSO M16 EM ACO GALVANIZADO, COMPRIMENTO = 250 MM, DIAMETRO = 16 MM, ROSCA MAQUINA, CABECA QUADRADA","UN    ","AS",8.99]
[429,"PARAFUSO M16 EM ACO GALVANIZADO, COMPRIMENTO = 300 MM, DIAMETRO = 16 MM, ROSCA DUPLA","UN    ","AS",12.11]
[439,"PARAFUSO M16 EM ACO GALVANIZADO, COMPRIMENTO = 300 MM, DIAMETRO = 16 MM, ROSCA MAQUINA, CABECA QUADRADA","UN    ","AS",10.32]
[433,"PARAFUSO M16 EM ACO GALVANIZADO, COMPRIMENTO = 350 MM, DIAMETRO = 16 MM, ROSCA MAQUINA, CABECA QUADRADA","UN    ","AS",12.05]
[437,"PARAFUSO M16 EM ACO GALVANIZADO, COMPRIMENTO = 400 MM, DIAMETRO = 16 MM, ROSCA DUPLA","UN    ","AS",16.010000000000002]
[11790,"PARAFUSO M16 EM ACO GALVANIZADO, COMPRIMENTO = 450 MM, DIAMETRO = 16 MM, ROSCA MAQUINA, CABECA QUADRADA","UN    ","AS",18.16]
[428,"PARAFUSO M16 EM ACO GALVANIZADO, COMPRIMENTO = 500 MM, DIAMETRO = 16 MM, ROSCA MAQUINA, COM CABECA SEXTAVADA E PORCA","UN    ","AS",19.75]
[4384,"PARAFUSO NIQUELADO COM ACABAMENTO CROMADO PARA FIXAR PECA SANITARIA, INCLUI PORCA CEGA, ARRUELA E BUCHA DE NYLON TAMANHO S-10","UN    ","AS",23.38]
[4351,"PARAFUSO NIQUELADO 3 1/2\" COM ACABAMENTO CROMADO PARA FIXAR PECA SANITARIA, INCLUI PORCA CEGA, ARRUELA E BUCHA DE NYLON TAMANHO S-8","UN    ","AS",17.329999999999998]
[11054,"PARAFUSO ROSCA SOBERBA ZINCADO CABECA CHATA FENDA SIMPLES 3,2 X 20 MM (3/4 \")","UN    ","CR",0.03]
[11055,"PARAFUSO ROSCA SOBERBA ZINCADO CABECA CHATA FENDA SIMPLES 3,5 X 25 MM (1 \")","UN    ","CR",0.05]
[11056,"PARAFUSO ROSCA SOBERBA ZINCADO CABECA CHATA FENDA SIMPLES 3,8 X 30 MM (1.1/4 \")","UN    ","CR",0.06]
[11057,"PARAFUSO ROSCA SOBERBA ZINCADO CABECA CHATA FENDA SIMPLES 4,8 X 40 MM (1.1/2 \")","UN    ","CR",0.12]
[11059,"PARAFUSO ROSCA SOBERBA ZINCADO CABECA CHATA FENDA SIMPLES 5,5 X 50 MM (2 \")","UN    ","CR",0.24]
[11058,"PARAFUSO ROSCA SOBERBA ZINCADO CABECA CHATA FENDA SIMPLES 5,5 X 65 MM (2.1/2 \")","UN    ","CR",0.31]
[4380,"PARAFUSO ZINCADO ROSCA SOBERBA 5/16 \" X 120 MM PARA TELHA FIBROCIMENTO","UN    ","CR",1.05]
[4299,"PARAFUSO ZINCADO ROSCA SOBERBA, CABECA SEXTAVADA, 5/16 \" X 110 MM, PARA FIXACAO DE TELHA EM MADEIRA","UN    ","C ",0.99]
[4304,"PARAFUSO ZINCADO ROSCA SOBERBA, CABECA SEXTAVADA, 5/16 \" X 150 MM, PARA FIXACAO DE TELHA EM MADEIRA","UN    ","CR",1.35]
[4305,"PARAFUSO ZINCADO ROSCA SOBERBA, CABECA SEXTAVADA, 5/16 \" X 180 MM, PARA FIXACAO DE TELHA EM MADEIRA","UN    ","CR",1.57]
[4306,"PARAFUSO ZINCADO ROSCA SOBERBA, CABECA SEXTAVADA, 5/16 \" X 200 MM, PARA FIXACAO DE TELHA EM MADEIRA","UN    ","CR",1.82]
[4308,"PARAFUSO ZINCADO ROSCA SOBERBA, CABECA SEXTAVADA, 5/16 \" X 230 MM, PARA FIXACAO DE TELHA EM MADEIRA","UN    ","CR",3.77]
[4302,"PARAFUSO ZINCADO ROSCA SOBERBA, CABECA SEXTAVADA, 5/16 \" X 250 MM, PARA FIXACAO DE TELHA EM MADEIRA","UN    ","CR",2.82]
[4300,"PARAFUSO ZINCADO ROSCA SOBERBA, CABECA SEXTAVADA, 5/16 \" X 50 MM, PARA FIXACAO DE TELHA EM MADEIRA","UN    ","CR",0.67]
[4301,"PARAFUSO ZINCADO ROSCA SOBERBA, CABECA SEXTAVADA, 5/16 \" X 85 MM, PARA FIXACAO DE TELHA EM MADEIRA","UN    ","CR",0.82]
[4320,"PARAFUSO ZINCADO 5/16 \" X 250 MM PARA FIXACAO DE TELHA DE FIBROCIMENTO CANALETE 49, INCLUI BUCHA NYLON S-10","UN    ","CR",2.4900000000000002]
[4318,"PARAFUSO ZINCADO 5/16 \" X 85 MM PARA FIXACAO DE TELHA DE FIBROCIMENTO CANALETE 90, INCLUI BUCHA NYLON S-10","UN    ","CR",1.21]
[40547,"PARAFUSO ZINCADO, AUTOBROCANTE, FLANGEADO, 4,2 MM X 19 MM","CENTO ","AS",28.4]
[11962,"PARAFUSO ZINCADO, SEXTAVADO, COM ROSCA INTEIRA, DIAMETRO 1/4\", COMPRIMENTO 1/2\"","UN    ","AS",0.23]
[4332,"PARAFUSO ZINCADO, SEXTAVADO, COM ROSCA INTEIRA, DIAMETRO 3/8\", COMPRIMENTO 2\"","UN    ","AS",1.1299999999999999]
[4331,"PARAFUSO ZINCADO, SEXTAVADO, COM ROSCA INTEIRA, DIAMETRO 5/8\", COMPRIMENTO 2 1/4\"","UN    ","AS",4.26]
[4336,"PARAFUSO ZINCADO, SEXTAVADO, COM ROSCA INTEIRA, DIAMETRO 5/8\", COMPRIMENTO 3\", COM PORCA E ARRUELA DE PRESSAO MEDIA","UN    ","AS",5.45]
[13294,"PARAFUSO ZINCADO, SEXTAVADO, COM ROSCA SOBERBA, DIAMETRO 3/8\", COMPRIMENTO 80 MM","UN    ","AS",1.56]
[11948,"PARAFUSO ZINCADO, SEXTAVADO, COM ROSCA SOBERBA, DIAMETRO 5/16\", COMPRIMENTO 40 MM","UN    ","AS",0.7]
[4382,"PARAFUSO ZINCADO, SEXTAVADO, COM ROSCA SOBERBA, DIAMETRO 5/16\", COMPRIMENTO 80 MM","UN    ","AS",1.17]
[4354,"PARAFUSO ZINCADO, SEXTAVADO, GRAU 5, ROSCA INTEIRA, DIAMETRO 1 1/2\", COMPRIMENTO 4\"","UN    ","AS",48.91]
[40839,"PARAFUSO, ASTM A307 - GRAU A, SEXTAVADO, ZINCADO, DIAMETRO 3/8\" (9,52 MM), COMPRIMENTO 1 \" (25,4 MM)","CENTO ","AS",117.69]
[40552,"PARAFUSO, AUTO ATARRACHANTE, CABECA CHATA, FENDA SIMPLES, 1/4\u0094 (6,35 MM) X 25 MM","CENTO ","AS",48.7]
[40549,"PARAFUSO, COMUM, ASTM A307, SEXTAVADO, DIAMETRO 1/2\" (12,7 MM), COMPRIMENTO 1\" (25,4 MM)","CENTO ","AS",192.77]
[4385,"PARALELEPIPEDO GRANITICO OU BASALTICO, PARA PAVIMENTACAO, SEM FRETE (VARIACAO REGIONAL DE PECAS POR M2)","MIL   ","CR",1673.89]
[20078,"PASTA LUBRIFICANTE PARA TUBOS E CONEXOES COM JUNTA ELASTICA, EMBALAGEM DE *400* GR (USO EM PVC, ACO, POLIETILENO E OUTROS)","UN    ","CR",32.99]
[39897,"PASTA PARA SOLDA DE TUBOS E CONEXOES DE COBRE (EMBALAGEM COM 250 G)","UN    ","AS",61.22]
[118,"PASTA VEDA JUNTAS/ROSCA, EMBALAGEM DE *500* G, PARA INSTALACOES DE AGUA, GAS E OUTROS","UN    ","CR",69.75]
[4396,"PASTILHA CERAMICA/PORCELANA, REVEST INT/EXT E  PISCINA, CORES BRANCA OU FRIAS, SOLIDAS, SEM MESCLAGEM/MISTURA, ACABAMENTO LISO *2,5 X 2,5* CM","M2    ","CR",179.35]
[36881,"PASTILHA CERAMICA/PORCELANA, REVEST INT/EXT E  PISCINA, CORES BRANCA OU FRIAS, SOLIDAS, SEM MESCLAGEM/MISTURA, ACABAMENTO LISO *5 X 5* CM","M2    ","CR",115.51]
[4397,"PASTILHA CERAMICA/PORCELANA, REVEST INT/EXT E  PISCINA, CORES LISAS/SOLIDAS, QUENTES, SEM MESCLAGEM/MISTURA, *2,5 X 2,5* CM","M2    ","CR",195.09]
[36882,"PASTILHA CERAMICA/PORCELANA, REVEST INT/EXT E  PISCINA, CORES LISAS/SOLIDAS, QUENTES, SEM MESCLAGEM/MISTURA, *5 X 5* CM","M2    ","CR",138.12]
[4751,"PASTILHEIRO (HORISTA)","H     ","CR",17.59]
[41066,"PASTILHEIRO (MENSALISTA)","MES   ","CR",3100.57]
[39604,"PATCH CORD, CATEGORIA 5 E, EXTENSAO DE 1,50 M","UN    ","CR",12.63]
[39605,"PATCH CORD, CATEGORIA 5 E, EXTENSAO DE 2,50 M","UN    ","CR",17.52]
[39606,"PATCH CORD, CATEGORIA 6, EXTENSAO DE 1,50 M","UN    ","CR",22.26]
[39607,"PATCH CORD, CATEGORIA 6, EXTENSAO DE 2,50 M","UN    ","CR",25.53]
[39594,"PATCH PANEL, 24 PORTAS, CATEGORIA 5E, COM RACKS DE 19\" E 1 U DE ALTURA","UN    ","C ",241.75]
[39596,"PATCH PANEL, 24 PORTAS, CATEGORIA 6, COM RACKS DE 19\" E 1 U DE ALTURA","UN    ","CR",421.36]
[39595,"PATCH PANEL, 48 PORTAS, CATEGORIA 5E, COM RACKS DE 19\" E 2 U DE ALTURA","UN    ","CR",353.7]
[39597,"PATCH PANEL, 48 PORTAS, CATEGORIA 6, COM RACKS DE 19\" E 2 U DE ALTURA","UN    ","CR",568.22]
[10731,"PEDRA ARDOSIA, CINZA, *40 X 40* CM, E= *1 CM","M2    ","C ",67.5]
[4704,"PEDRA ARDOSIA, CINZA, 20  X  40 CM,  E=  *1 CM","M2    ","CR",60.91]
[10730,"PEDRA ARDOSIA, CINZA, 30  X  30,  E= *1 CM","M2    ","CR",65.260000000000005]
[4729,"PEDRA BRITADA GRADUADA, CLASSIFICADA (POSTO PEDREIRA/FORNECEDOR, SEM FRETE)","M3    ","CR",61.54]
[4720,"PEDRA BRITADA N. 0, OU PEDRISCO (4,8 A 9,5 MM) POSTO PEDREIRA/FORNECEDOR, SEM FRETE","M3    ","CR",70.510000000000005]
[4721,"PEDRA BRITADA N. 1 (9,5 a 19 MM) POSTO PEDREIRA/FORNECEDOR, SEM FRETE","M3    ","CR",61.07]
[4718,"PEDRA BRITADA N. 2 (19 A 38 MM) POSTO PEDREIRA/FORNECEDOR, SEM FRETE","M3    ","C ",61.4]
[4722,"PEDRA BRITADA N. 3 (38 A 50 MM) POSTO PEDREIRA/FORNECEDOR, SEM FRETE","M3    ","CR",57.69]
[4723,"PEDRA BRITADA N. 4 (50 A 76 MM) POSTO PEDREIRA/FORNECEDOR, SEM FRETE","M3    ","CR",57.19]
[4727,"PEDRA BRITADA N. 5 (76 A 100 MM) POSTO PEDREIRA/FORNECEDOR, SEM FRETE","M3    ","CR",52.35]
[4748,"PEDRA BRITADA OU BICA CORRIDA, NAO CLASSIFICADA (POSTO PEDREIRA/FORNECEDOR, SEM FRETE)","M3    ","CR",56.41]
[4730,"PEDRA DE MAO OU PEDRA RACHAO PARA ARRIMO/FUNDACAO (POSTO PEDREIRA/FORNECEDOR, SEM FRETE)","M3    ","CR",57.41]
[13186,"PEDRA GRANITICA OU BASALTICA IRREGULAR, FAIXA GRANULOMETRICA 100 A 150 MM PARA PAVIMENTACAO OU CALCAMENTO POLIEDRICO, POSTO PEDREIRA / FORNECEDOR (SEM FRETE)","M3    ","CR",45.23]
[10737,"PEDRA GRANITICA OU BASALTO, CACO, RETALHO, CAVACO, TIPO MIRACEMA, MADEIRA, PADUANA, RACHINHA, SANTA ISABEL OU OUTRAS SIMILARES, E=  *1,0 A *2,0 CM","M2    ","CR",212.12]
[10734,"PEDRA GRANITICA, SERRADA, TIPO MIRACEMA, MADEIRA, PADUANA, RACHINHA, SANTA ISABEL OU OUTRAS SIMILARES, *11,5 X  *23 CM, E=  *1,0 A *2,0 CM","M2    ","CR",126.18]
[4708,"PEDRA PORTUGUESA  OU PETIT PAVE, BRANCA OU PRETA","M2    ","CR",244.76]
[4712,"PEDRA QUARTZITO OU CALCARIO LAMINADO, CACO, TIPO CARIRI, ITACOLOMI, LAGOA SANTA, LUMINARIA, PIRENOPOLIS, SAO TOME OU OUTRAS SIMILARES DA REGIAO, E=  *1,5 A *2,5 CM","M2    ","CR",119.66]
[4710,"PEDRA QUARTZITO OU CALCARIO LAMINADO, SERRADA, TIPO CARIRI, ITACOLOMI, LAGOA SANTA, LUMINARIA, PIRENOPOLIS, SAO TOME OU OUTRAS SIMILARES DA REGIAO, *20 X *40 CM, E=  *1,5 A *2,5 CM","M2    ","CR",383.73]
[4746,"PEDREGULHO OU PICARRA DE JAZIDA, AO NATURAL, PARA BASE DE PAVIMENTACAO (RETIRADO NA JAZIDA, SEM TRANSPORTE)","M3    ","CR",42.88]
[4750,"PEDREIRO (HORISTA)","H     ","C ",17.59]
[41065,"PEDREIRO (MENSALISTA)","MES   ","CR",3100.57]
[34747,"PEITORIL EM MARMORE, POLIDO, BRANCO COMUM, L= *15* CM, E=  *2,0* CM, COM PINGADEIRA","M     ","CR",70.14]
[4826,"PEITORIL EM MARMORE, POLIDO, BRANCO COMUM, L= *15* CM, E=  *3* CM, CORTE RETO","M     ","CR",75.41]
[41975,"PEITORIL PRE-MOLDADO EM GRANILITE, MARMORITE OU GRANITINA, L = *15* CM","M2    ","AS",68.69]
[4825,"PEITORIL/ SOLEIRA EM MARMORE, POLIDO, BRANCO COMUM, L= *25* CM, E=  *3* CM, CORTE RETO","M     ","CR",104.39]
[34744,"PELICULA REFLETIVA, GT 7 ANOS PARA SINALIZACAO VERTICAL","M2    ","AS",20.92]
[39430,"PENDURAL OU PRESILHA REGULADORA, EM ACO GALVANIZADO, COM CORPO, MOLA E REBITE, PARA PERFIL TIPO CANALETA DE ESTRUTURA EM FORROS DRYWALL","UN    ","CR",3.25]
[39573,"PENDURAL OU REGULADOR, COM MOLA, EM ACO GALVANIZADO, PARA PERFIL TIPO T CLICADO DE FORROS REMOVIVEL","UN    ","CR",3.2]
[38410,"PENEIRA ROTATIVA COM MOTOR ELETRICO TRIFASICO DE 2 CV, CILINDRO DE 1 M X 0,60 M, COM FUROS DE 3,17 MM","UN    ","CR",14590.11]
[41596,"PERFIL \"H\" DE ACO LAMINADO, \"HP\" 250 X 62,0","KG    ","CR",17.260000000000002]
[41598,"PERFIL \"H\" DE ACO LAMINADO, \"HP\" 310 X 79,0","KG    ","CR",17.260000000000002]
[41594,"PERFIL \"H\" DE ACO LAMINADO, \"W\" 200 X 35,9","KG    ","CR",17.54]
[43663,"PERFIL \"I\" DE ACO LAMINADO, ABAS INCLINADAS, \"I\" 102 X 12,7","KG    ","CR",14.45]
[4766,"PERFIL \"I\" DE ACO LAMINADO, ABAS INCLINADAS, \"I\" 152 X 22","KG    ","CR",13.61]
[43664,"PERFIL \"I\" DE ACO LAMINADO, ABAS INCLINADAS, \"I\" 203 X 34,3","KG    ","CR",14.52]
[43082,"PERFIL \"I\" DE ACO LAMINADO, ABAS PARALELAS, \"W\", QUALQUER BITOLA","KG    ","C ",15.83]
[43665,"PERFIL \"U\" DE ACO LAMINADO, \"U\" 102 X 9,3","KG    ","CR",13.61]
[10966,"PERFIL \"U\" DE ACO LAMINADO, \"U\" 152 X 15,6","KG    ","CR",14.45]
[43692,"PERFIL \"U\" EM CHAPA ACO DOBRADA, E = 3,04 MM, H = 20 CM, ABAS = 5 CM (4,47 KG/M)","KG    ","CR",14.45]
[43083,"PERFIL \"U\" ENRIJECIDO DE ACO GALVANIZADO, DOBRADO, 150 X 60 X 20 MM, E = 3,00 MM OU 200 X 75 X 25 MM, E = 3,75 MM","KG    ","CR",13.71]
[40535,"PERFIL \"U\" SIMPLES DE ACO GALVANIZADO DOBRADO 75 X *40* MM, E = 2,65 MM","KG    ","CR",13.71]
[39427,"PERFIL CANALETA, FORMATO C, EM ACO ZINCADO, PARA ESTRUTURA FORRO DRYWALL, E = 0,5 MM, *46 X 18* (L X H), COMPRIMENTO 3 M","M     ","CR",8.64]
[39424,"PERFIL CANTONEIRA L, LISA, EM ACO, 25 X 30 MM, E = 0,5 MM, PARA ESTRUTURA DRYWALL","M     ","CR",5.14]
[39425,"PERFIL CANTONEIRA L, PERFURADA, EM ACO, 23 X 23 MM, E = 0,5 MM, PARA ESTRUTURA DRYWALL","M     ","CR",5.07]
[40664,"PERFIL CARTOLA DE ACO GALVANIZADO, *20 X 30 X 10* MM, E =  0,8 MM","KG    ","CR",28.13]
[34360,"PERFIL DE ALUMINIO ANODIZADO","KG    ","CR",49.53]
[20259,"PERFIL DE BORRACHA EPDM MACICO *12 X 15* MM PARA ESQUADRIAS","M     ","AS",11]
[14077,"PERFIL ELASTOMERICO PRE-FORMADO EM EPMD, PARA JUNTA DE DILATACAO DE PISOS COM POUCA SOLICITACAO, 15 MM DE LARGURA, MOVIMENTACAO DE *11 A 19* MM","M     ","AS",168.36]
[3678,"PERFIL ELASTOMERICO PRE-FORMADO EM EPMD, PARA JUNTA DE DILATACAO DE USO GERAL EM MEDIAS SOLICITACOES, 8 MM DE LARGURA, MOVIMENTACAO DE *5 A 11* MM","M     ","AS",76.099999999999994]
[39418,"PERFIL GUIA, FORMATO U, EM ACO ZINCADO, PARA ESTRUTURA PAREDE DRYWALL, E = 0,5 MM, 48  X 3000 MM (L X C)","M     ","CR",9.64]
[39419,"PERFIL GUIA, FORMATO U, EM ACO ZINCADO, PARA ESTRUTURA PAREDE DRYWALL, E = 0,5 MM, 70 X 3000 MM (L X C)","M     ","CR",11.74]
[39420,"PERFIL GUIA, FORMATO U, EM ACO ZINCADO, PARA ESTRUTURA PAREDE DRYWALL, E = 0,5 MM, 90 X 3000 MM (L X C)","M     ","CR",12.96]
[39571,"PERFIL LONGARINA (PRINCIPAL), T CLICADO, EM ACO, BRANCO NAS FACES APARENTES, PARA FORRO REMOVIVEL, 24 X 32 X 3750 MM (L X H X C","M     ","CR",7.83]
[39421,"PERFIL MONTANTE, FORMATO C, EM ACO ZINCADO, PARA ESTRUTURA PAREDE DRYWALL, E = 0,5 MM, 48 X 3000 MM (L X C)","M     ","CR",11.41]
[39422,"PERFIL MONTANTE, FORMATO C, EM ACO ZINCADO, PARA ESTRUTURA PAREDE DRYWALL, E = 0,5 MM, 70 X 3000 MM (L X C)","M     ","C ",13.32]
[39423,"PERFIL MONTANTE, FORMATO C, EM ACO ZINCADO, PARA ESTRUTURA PAREDE DRYWALL, E = 0,5 MM, 90 X 3000 MM (L X C)","M     ","CR",15.46]
[39426,"PERFIL RODAPE DE IMPERMEABILIZACAO, FORMATO L, EM ACO ZINCADO, PARA ESTRUTURA DRYWALL, E = 0,5 MM, 220 X 3000 MM (H X C)","M     ","CR",34.770000000000003]
[39429,"PERFIL TABICA ABERTA, PERFURADA, FORMATO Z, EM ACO GALVANIZADO NATURAL, LARGURA APROXIMADA 40 MM, PARA ESTRUTURA FORRO DRYWALL","M     ","CR",10.97]
[39428,"PERFIL TABICA FECHADA, LISA, FORMATO Z, EM ACO GALVANIZADO NATURAL, LARGURA TOTAL NA HORIZONTAL *40* MM, PARA ESTRUTURA FORRO DRYWALL","M     ","CR",8.3800000000000008]
[39572,"PERFIL TIPO CANTONEIRA EM L, EM ACO GALVANIZADO, BRANCO, PARA FORRO REMOVIVEL, *23* X 3000 MM (L X C)","M     ","CR",7.25]
[39570,"PERFIL TRAVESSA (SECUNDARIO), T CLICADO, EM ACO GALVANIZADO , BRANCO, PARA FORRO REMOVIVEL, 24 X 1250 MM (L X C)","M     ","CR",7.69]
[39569,"PERFIL TRAVESSA (SECUNDARIO), T CLICADO, EM ACO GALVANIZADO, BRANCO, PARA FORRO REMOVIVEL, 24 X 625 MM (L X C)","M     ","CR",7.6]
[11552,"PERFIL U DE ABAS IGUAIS, EM ALUMINIO, 1/2\" (1,27 X 1,27 CM), PARA PORTA OU JANELA DE CORRER","M     ","CR",8.24]
[40598,"PERFIL UDC (\"U\" DOBRADO DE CHAPA) SIMPLES DE ACO LAMINADO, GALVANIZADO, ASTM A36, 127 X 50 MM, E= 3 MM","KG    ","CR",13.38]
[39029,"PERFILADO PERFURADO DUPLO 38 X 76 MM, CHAPA 22","M     ","CR",24.55]
[39028,"PERFILADO PERFURADO SIMPLES 38 X 38 MM, CHAPA 22","M     ","CR",14.29]
[39328,"PERFILADO PERFURADO 19 X 38 MM, CHAPA 22","M     ","CR",7.86]
[38541,"PERFURATRIZ COM TORRE METALICA PARA EXECUCAO DE ESTACA HELICE CONTINUA, PROFUNDIDADE MAXIMA DE 30 M, DIAMETRO MAXIMO DE 800 MM, POTENCIA INSTALADA DE 268 HP, MESA ROTATIVA COM TORQUE MAXIMO DE 170 KNM","UN    ","CR",3934384.33]
[38542,"PERFURATRIZ COM TORRE METALICA PARA EXECUCAO DE ESTACA HELICE CONTINUA, PROFUNDIDADE MAXIMA DE 32 M, DIAMETRO MAXIMO DE 1000 MM, POTENCIA INSTALADA DE 350 HP, MESA ROTATIVA COM TORQUE MAXIMO DE 263 KNM","UN    ","CR",6117809.4299999997]
[38543,"PERFURATRIZ HIDRAULICA COM TRADO CURTO ACOPLADO, PROFUNDIDADE MAXIMA DE 20 M, DIAMETRO MAXIMO DE 1500 MM, POTENCIA INSTALADA DE 137 HP, MESA ROTATIVA COM TORQUE MAXIMO DE 30 KNM (INCLUI MONTAGEM, NAO INCLUI CAMINHAO)","UN    ","CR",1497808.56]
[40406,"PERFURATRIZ MANUAL, TORQUE MAXIMO 55 KGF.M, POTENCIA 5 CV, COM DIAMETRO MAXIMO 8 1/2\" (INCLUI SUPORTE/CHASSI TIPO MESA)","UN    ","CR",80171.05]
[40789,"PERFURATRIZ MANUAL, TORQUE MAXIMO 83 N.M, POTENCIA 5 CV, COM DIAMETRO MAXIMO 4\" (NAO INCLUI SUPORTE / CHASSI)","UN    ","CR",11553.47]
[40791,"PERFURATRIZ MANUAL, TORQUE MAXIMO 83 N.M, POTENCIA 5 CV, COM DIAMETRO MAXIMO 4\", PARA SOLO GRAMPEADO (INCLUI SUPORTE OU CHASSI TIPO MESA)","UN    ","CR",36167.39]
[11651,"PERFURATRIZ PNEUMATICA MANUAL DE PESO MEDIO, 18KG, COMPRIMENTO DE CURSO DE 6 M, DIAMETRO DO PISTAO DE 5,5 CM","UN    ","CR",19780.46]
[40435,"PERFURATRIZ SOBRE ESTEIRA, TORQUE MAXIMO DE 600 KGF, POTENCIA ENTRE 50 E 60 HP, DIAMETRO MAXIMO DE 10\"","UN    ","CR",821685.1]
[39012,"PERFURATRIZ SOBRE ESTEIRA, TORQUE MAXIMO 600 KGF, PESO MEDIO 1000 KG, POTENCIA 20 HP, DIAMETRO MAXIMO 10\"","UN    ","CR",857314.8]
[13617,"PICAPE CABINE SIMPLES COM MOTOR 1.6 FLEX, CAMBIO MANUAL, POTENCIA 101/104 CV, 2 PORTAS","UN    ","CR",74284.02]
[35274,"PILAR QUADRADO NAO APARELHADO *10 X 10* CM, EM MACARANDUBA, ANGELIM OU EQUIVALENTE DA REGIAO - BRUTA","M     ","CR",30.26]
[35275,"PILAR QUADRADO NAO APARELHADO *15 X 15* CM, EM MACARANDUBA, ANGELIM OU EQUIVALENTE DA REGIAO - BRUTA","M     ","CR",64.22]
[35276,"PILAR QUADRADO NAO APARELHADO *20 X 20* CM, EM MACARANDUBA, ANGELIM OU EQUIVALENTE DA REGIAO - BRUTA","M     ","CR",111.74]
[38386,"PINCEL CHATO (TRINCHA) CERDAS GRIS 1.1/2 \" (38 MM)","UN    ","CR",4.84]
[11091,"PINGADEIRA PLASTICA PARA TELHA DE FIBROCIMENTO CANALETE 49/KALHETA OU CANALETE 90/KALHETAO","UN    ","CR",1.2]
[37586,"PINO DE ACO COM ARRUELA CONICA, DIAMETRO ARRUELA = *23* MM E COMP HASTE = *27* MM (ACAO INDIRETA)","CENTO ","AS",46.52]
[37395,"PINO DE ACO COM FURO, HASTE = 27 MM (ACAO DIRETA)","CENTO ","AS",40]
[14147,"PINO DE ACO COM ROSCA 1/4 \", COMPRIMENTO DA HASTE = 30 MM E ROSCA = 20 MM (ACAO DIRETA)","CENTO ","AS",53.07]
[37396,"PINO DE ACO LISO 1/4 \", HASTE = *36,5* MM (ACAO DIRETA)","CENTO ","AS",32.729999999999997]
[37397,"PINO DE ACO LISO 1/4 \", HASTE = *53* MM (ACAO DIRETA)","CENTO ","AS",34.29]
[43606,"PINO GUIA RETO, EM LATAO, CHAPA COM 3 MM DE ESPESSURA E GUIA COM ROLETE DE 9 MM","UN    ","CR",9.8699999999999992]
[444,"PINO ROSCA EXTERNA, EM ACO GALVANIZADO, PARA ISOLADOR DE 15KV, DIAMETRO 25 MM, COMPRIMENTO *290* MM","UN    ","AS",31.52]
[445,"PINO ROSCA EXTERNA, EM ACO GALVANIZADO, PARA ISOLADOR DE 25KV, DIAMETRO 35MM, COMPRIMENTO *320* MM","UN    ","AS",43.14]
[4783,"PINTOR","H     ","C ",17.59]
[41079,"PINTOR (MENSALISTA)","MES   ","CR",3100.57]
[12874,"PINTOR DE LETREIROS","H     ","CR",19.68]
[41082,"PINTOR DE LETREIROS (MENSALISTA)","MES   ","CR",3472.15]
[4785,"PINTOR PARA TINTA EPOXI","H     ","CR",18.899999999999999]
[41081,"PINTOR PARA TINTA EPOXI (MENSALISTA)","MES   ","CR",3334.98]
[4801,"PISO DE BORRACHA CANELADO EM PLACAS 50 X 50 CM, E = *3,5* MM, PARA COLA","M2    ","CR",65.27]
[4794,"PISO DE BORRACHA ESPORTIVO EM PLACAS 50 X 50 CM, E = 15 MM, PARA ARGAMASSA, PRETO","M2    ","CR",297.26]
[4796,"PISO DE BORRACHA FRISADO OU PASTILHADO, PRETO, EM PLACAS 50 X 50 CM, E = 7 MM, PARA ARGAMASSA","M2    ","CR",180.55]
[4800,"PISO DE BORRACHA PASTILHADO EM PLACAS 50 X 50 CM, E = *3,5* MM, PARA COLA, PRETO","M2    ","CR",49.65]
[4795,"PISO DE BORRACHA PASTILHADO EM PLACAS 50 X 50 CM, E = 15 MM, PARA ARGAMASSA, PRETO","M2    ","CR",289.36]
[39694,"PISO ELEVADO COM 2 PLACAS DE ACO COM ENCHIMENTO DE CONCRETO CELULAR, INCLUSO BASE/HASTE/CRUZETAS, 60 X 60 CM, H = *28* CM, RESISTENCIA CARGA CONCENTRADA 496 KG (COM COLOCACAO)","M2    ","CR",534.17999999999995]
[1292,"PISO EM CERAMICA ESMALTADA EXTRA, PEI MAIOR OU IGUAL A 4, FORMATO MAIOR QUE 2025 CM2","M2    ","CR",58.91]
[1287,"PISO EM CERAMICA ESMALTADA EXTRA, PEI MAIOR OU IGUAL A 4, FORMATO MENOR OU IGUAL A 2025 CM2","M2    ","C ",28.9]
[1297,"PISO EM CERAMICA ESMALTADA, COMERCIAL (PADRAO POPULAR), PEI MAIOR OU IGUAL A 3, FORMATO MENOR OU IGUAL A  2025 CM2","M2    ","CR",23.97]
[4786,"PISO EM GRANILITE, MARMORITE OU GRANITINA, AGREGADO COR PRETO, CINZA, PALHA OU BRANCO, E=  *8* MM (INCLUSO EXECUCAO)","M2    ","AS",79]
[10840,"PISO EM GRANITO, POLIDO, TIPO AMENDOA/ AMARELO CAPRI/ AMARELO DOURADO CARIOCA OU OUTROS EQUIVALENTES DA REGIAO, FORMATO MENOR OU IGUAL A 3025 CM2, E=  *2* CM","M2    ","C ",330]
[10841,"PISO EM GRANITO, POLIDO, TIPO ANDORINHA/ QUARTZ/ CASTELO/ CORUMBA OU OUTROS EQUIVALENTES DA REGIAO, FORMATO MENOR OU IGUAL A 3025 CM2, E=  *2* CM","M2    ","CR",249.05]
[44540,"PISO EM GRANITO, POLIDO, TIPO MARFIM, DALLAS, CARAVELAS OU OUTROS EQUIVALENTES DA REGIAO, FORMATO MENOR OU IGUAL A 3025 CM2, E=  *2*CM","M2    ","CR",318.23]
[10842,"PISO EM GRANITO, POLIDO, TIPO PRETO SAO GABRIEL/ TIJUCA OU OUTROS EQUIVALENTES DA REGIAO, FORMATO MENOR OU IGUAL A 3025 CM2, E=  *2* CM","M2    ","CR",359.74]
[21108,"PISO EM PORCELANATO RETIFICADO EXTRA, FORMATO MENOR OU IGUAL A 2025 CM2","M2    ","CR",78.52]
[38180,"PISO EM REGUA VINILICA SEMIFLEXIVEL, ENCAIXE CLICADO, E = 4 MM (SEM COLOCACAO)","M2    ","CR",145.36000000000001]
[40648,"PISO EPOXI AUTONIVELANTE, ESPESSURA *4* MM (INCLUSO EXECUCAO)","M2    ","AS",151.68]
[40649,"PISO EPOXI MULTILAYER, ESPESSURA *2* MM (INCLUSO EXECUCAO)","M2    ","AS",88.35]
[40650,"PISO FULGET (GRANITO LAVADO) EM PLACAS DE *40 X 40* CM, E = 2,0 CM (SEM COLOCACAO)","M2    ","AS",113.76]
[40651,"PISO FULGET (GRANITO LAVADO) EM PLACAS DE *75 X 75* CM, E = 2,0 CM (SEM COLOCACAO)","M2    ","AS",209.82]
[40652,"PISO FULGET (GRANITO LAVADO) MOLDADO IN LOCO (INCLUSO EXECUCAO)","M2    ","AS",112.49]
[40647,"PISO INDUSTRIAL EM CONCRETO ARMADO DE ACABAMENTO POLIDO, ESPESSURA 12 CM (CIMENTO QUEIMADO) (INCLUSO EXECUCAO)","M2    ","AS",123.87]
[40653,"PISO KORODUR (INCLUSO EXECUCAO)","M2    ","AS",94.8]
[36178,"PISO PODOTATIL DE CONCRETO - DIRECIONAL E ALERTA, *40 X 40 X 2,5* CM","UN    ","CR",11.1]
[38195,"PISO PORCELANATO, BORDA RETA, EXTRA, FORMATO MAIOR QUE 2025 CM2","M2    ","CR",92.74]
[38181,"PISO TATIL ALERTA OU DIRECIONAL, DE BORRACHA, COLORIDO, 25 X 25 CM, E = 5 MM, PARA COLA","M2    ","CR",198.44]
[38182,"PISO TATIL DE ALERTA OU DIRECIONAL DE BORRACHA, PRETO, 25 X 25 CM, E = 5 MM, PARA COLA","M2    ","CR",189.03]
[38186,"PISO TATIL DE ALERTA OU DIRECIONAL, DE BORRACHA, COLORIDO, 25 X 25 CM, E = 12 MM, PARA ARGAMASSA","M2    ","CR",491.35]
[38185,"PISO TATIL DE ALERTA OU DIRECIONAL, DE BORRACHA, PRETO, 25 X 25 CM, E = 12 MM, PARA ARGAMASSA","M2    ","CR",437.47]
[40654,"PISO URETANO, VERSAO REVESTIMENTO AUTONIVELANTE, ESPESSURA VARIÁVEL DE 3 A 4 MM (INCLUSO EXECUCAO)","M2    ","AS",147.25]
[44541,"PISO/ REVESTIMENTO EM GRANITO, POLIDO, TIPO ANDORINHA/ QUARTZ/ CASTELO/ CORUMBA OU OUTROS EQUIVALENTES DA REGIAO, FORMATO MAIOR OU IGUAL A 3025 CM2, E = *2*CM","M2    ","CR",262.89]
[4822,"PISO/ REVESTIMENTO EM MARMORE, POLIDO, BRANCO COMUM, FORMATO MAIOR OU IGUAL A 3025 CM2, E = *2* CM","M2    ","CR",288.95]
[4818,"PISO/ REVESTIMENTO EM MARMORE, POLIDO, BRANCO COMUM, FORMATO MENOR OU IGUAL A 3025 CM2, E = *2* CM","M2    ","C ",297]
[39567,"PLACA / CHAPA DE GESSO ACARTONADO, ACABAMENTO VINILICO LISO EM UMA DAS FACES, COR BRANCA, BORDA QUADRADA, E = 9,5 MM, *625 X 1250* MM (L X C), PARA FORRO REMOVIVEL","M2    ","CR",45.25]
[39566,"PLACA / CHAPA DE GESSO ACARTONADO, ACABAMENTO VINILICO LISO EM UMA DAS FACES, COR BRANCA, BORDA QUADRADA, E = 9,5 MM, *625 X 625* MM (L X C), PARA FORRO REMOVIVEL","M2    ","CR",47.9]
[39416,"PLACA / CHAPA DE GESSO ACARTONADO, RESISTENTE A UMIDADE (RU), COR VERDE, E = 12,5 MM, 1200 X 1800 MM (L X C)","M2    ","CR",29.19]
[39417,"PLACA / CHAPA DE GESSO ACARTONADO, RESISTENTE A UMIDADE (RU), COR VERDE, E = 12,5 MM, 1200 X 2400 MM (L X C)","M2    ","CR",28.47]
[43742,"PLACA / CHAPA DE GESSO ACARTONADO, RESISTENTE A UMIDADE (RU), COR VERDE, E = 15 MM, 1200 X 2400 MM (L X C)","M2    ","CR",30.71]
[39414,"PLACA / CHAPA DE GESSO ACARTONADO, RESISTENTE AO FOGO (RF), COR ROSA, E = 12,5 MM, 1200 X 1800 MM (L X C)","M2    ","CR",27.65]
[39415,"PLACA / CHAPA DE GESSO ACARTONADO, RESISTENTE AO FOGO (RF), COR ROSA, E = 12,5 MM, 1200 X 2400 MM (L X C)","M2    ","CR",23.83]
[43740,"PLACA / CHAPA DE GESSO ACARTONADO, RESISTENTE AO FOGO (RF), COR ROSA, E = 15 MM, 1200 X 2400 MM (L X C)","M2    ","CR",29.1]
[39412,"PLACA / CHAPA DE GESSO ACARTONADO, STANDARD (ST), COR BRANCA, E = 12,5 MM, 1200 X 1800 MM (L X C)","M2    ","C ",19.96]
[39413,"PLACA / CHAPA DE GESSO ACARTONADO, STANDARD (ST), COR BRANCA, E = 12,5 MM, 1200 X 2400 MM (L X C)","M2    ","CR",21.58]
[43741,"PLACA / CHAPA DE GESSO ACARTONADO, STANDARD (ST), COR BRANCA, E = 15 MM, 1200 X 2400 MM (L X C)","M2    ","CR",23.01]
[11062,"PLACA CIMENTICIA LISA E = 10 MM, DE 1,20 X *2,50* M (SEM AMIANTO)","M2    ","CR",56]
[11063,"PLACA CIMENTICIA LISA E = 6 MM, DE 1,20 X *2,50* M (SEM AMIANTO)","M2    ","CR",34.28]
[13521,"PLACA DE ACO ESMALTADA PARA  IDENTIFICACAO DE RUA, *45 CM X 20* CM","UN    ","AS",74.25]
[10851,"PLACA DE ACRILICO TRANSPARENTE ADESIVADA PARA SINALIZACAO DE PORTAS, BORDA POLIDA, DE *25 X 8*, E = 6 MM (NAO INCLUI ACESSORIOS PARA FIXACAO)","UN    ","CR",47.62]
[39515,"PLACA DE FIBRA MINERAL PARA FORRO, DE 1250 X 625 MM, E = 15 MM, BORDA RETA, COM PINTURA ANTIMOFO (NAO INCLUI PERFIS)","UN    ","CR",45.89]
[39516,"PLACA DE FIBRA MINERAL PARA FORRO, DE 625 X 625 MM, E = 15 MM, BORDA REBAIXADA PARA PERFIL 24 MM, COM PINTURA ANTIMOFO (NAO INCLUI PERFIS)","UN    ","CR",38.69]
[39514,"PLACA DE FIBRA MINERAL PARA FORRO, DE 625 X 625 MM, E = 15 MM, BORDA RETA, COM PINTURA ANTIMOFO (NAO INCLUI PERFIS)","UN    ","C ",24.07]
[4812,"PLACA DE GESSO PARA FORRO, *60 X 60* CM, ESPESSURA DE 12 MM (SEM COLOCACAO)","M2    ","CR",11.97]
[10849,"PLACA DE INAUGURACAO EM BRONZE *35X 50*CM","UN    ","AS",1080.01]
[10848,"PLACA DE INAUGURACAO METALICA, *40* CM X *60* CM","UN    ","AS",678.38]
[4813,"PLACA DE OBRA (PARA CONSTRUCAO CIVIL) EM CHAPA GALVANIZADA *N. 22*, ADESIVADA, DE *2,4 X 1,2* M (SEM POSTES PARA FIXACAO)","M2    ","AS",225]
[37560,"PLACA DE SINALIZACAO DE SEGURANCA CONTRA INCENDIO - ALERTA, TRIANGULAR, BASE DE *30* CM, EM PVC *2* MM ANTI-CHAMAS (SIMBOLOS, CORES E PICTOGRAMAS CONFORME NBR 16820)","UN    ","CR",39.33]
[37557,"PLACA DE SINALIZACAO DE SEGURANCA CONTRA INCENDIO, FOTOLUMINESCENTE, QUADRADA, *14 X 14* CM, EM PVC *2* MM ANTI-CHAMAS (SIMBOLOS, CORES E PICTOGRAMAS CONFORME NBR 16820)","UN    ","CR",11.94]
[37556,"PLACA DE SINALIZACAO DE SEGURANCA CONTRA INCENDIO, FOTOLUMINESCENTE, QUADRADA, *20 X 20* CM, EM PVC *2* MM ANTI-CHAMAS (SIMBOLOS, CORES E PICTOGRAMAS CONFORME NBR 16820)","UN    ","CR",23.11]
[37559,"PLACA DE SINALIZACAO DE SEGURANCA CONTRA INCENDIO, FOTOLUMINESCENTE, RETANGULAR, *12 X 40* CM, EM PVC *2* MM ANTI-CHAMAS (SIMBOLOS, CORES E PICTOGRAMAS CONFORME NBR 16820)","UN    ","CR",28.34]
[37539,"PLACA DE SINALIZACAO DE SEGURANCA CONTRA INCENDIO, FOTOLUMINESCENTE, RETANGULAR, *13 X 26* CM, EM PVC *2* MM ANTI-CHAMAS (SIMBOLOS, CORES E PICTOGRAMAS CONFORME NBR 16820)","UN    ","C ",19.98]
[37558,"PLACA DE SINALIZACAO DE SEGURANCA CONTRA INCENDIO, FOTOLUMINESCENTE, RETANGULAR, *20 X 40* CM, EM PVC *2* MM ANTI-CHAMAS (SIMBOLOS, CORES E PICTOGRAMAS CONFORME NBR 16820)","UN    ","CR",37.25]
[34723,"PLACA DE SINALIZACAO EM CHAPA DE ACO NUM 16 COM PINTURA REFLETIVA","M2    ","AS",519.75]
[34721,"PLACA DE SINALIZACAO EM CHAPA DE ALUMINIO COM PINTURA REFLETIVA, E = 2 MM","M2    ","AS",648]
[4309,"PLACA DE VENTILACAO PARA TELHA DE FIBROCIMENTO CANALETE 49 KALHETA","UN    ","CR",5.42]
[4307,"PLACA DE VENTILACAO PARA TELHA DE FIBROCIMENTO, CANALETE 90 OU KALHETAO","UN    ","CR",9.27]
[10850,"PLACA NUMERACAO RESIDENCIAL EM CHAPA GALVANIZADA ESMALTADA 12 X 18 CM","UN    ","AS",33.75]
[42438,"PLACA ORIENTATIVA SOBRE EXERCÍCIOS, 2,00M X 1,00M, EM TUBO DE ACO CARBONO, PINTURA NO PROCESSO ELETROSTATICO - PARA ACADEMIA AO AR LIVRE / ACADEMIA DA TERCEIRA IDADE - ATI","UN    ","AS",1835.74]
[4792,"PLACA VINILICA SEMIFLEXIVEL PARA PISOS, E = 3,2 MM, 30 X 30 CM (SEM COLOCACAO)","M2    ","CR",139.54]
[4790,"PLACA VINILICA SEMIFLEXIVEL PARA REVESTIMENTO DE PISOS E PAREDES, E = 2 MM (SEM COLOCACAO)","M2    ","C ",83.9]
[40671,"PLACA/PISO DE CONCRETO POROSO/ PAVIMENTO PERMEAVEL/BLOCO DRENANTE DE CONCRETO, 40 CM X 40 CM, E = 6 CM, COR NATURAL","M2    ","CR",72.900000000000006]
[7552,"PLACA/TAMPA CEGA EM LATAO ESCOVADO PARA CONDULETE EM LIGA DE ALUMINIO 4 X 4\"","UN    ","CR",58.9]
[4893,"PLUG OU BUJAO DE FERRO GALVANIZADO, DE 1 1/2\"","UN    ","CR",12.22]
[4894,"PLUG OU BUJAO DE FERRO GALVANIZADO, DE 1 1/4\"","UN    ","CR",10.48]
[4888,"PLUG OU BUJAO DE FERRO GALVANIZADO, DE 1/2\"","UN    ","CR",3.57]
[4890,"PLUG OU BUJAO DE FERRO GALVANIZADO, DE 1\"","UN    ","CR",6.71]
[12411,"PLUG OU BUJAO DE FERRO GALVANIZADO, DE 2 1/2\"","UN    ","CR",36.119999999999997]
[4891,"PLUG OU BUJAO DE FERRO GALVANIZADO, DE 2\"","UN    ","CR",18.059999999999999]
[4889,"PLUG OU BUJAO DE FERRO GALVANIZADO, DE 3/4\"","UN    ","CR",4.83]
[4892,"PLUG OU BUJAO DE FERRO GALVANIZADO, DE 3\"","UN    ","CR",50.58]
[12412,"PLUG OU BUJAO DE FERRO GALVANIZADO, DE 4\"","UN    ","CR",94.01]
[11073,"PLUG PVC P/ ESG PREDIAL  75MM","UN    ","CR",7.22]
[11071,"PLUG PVC P/ ESG PREDIAL 100MM","UN    ","CR",11.7]
[11072,"PLUG PVC P/ ESG PREDIAL 50MM","UN    ","CR",4.08]
[4895,"PLUG PVC ROSCAVEL,  1/2\",  AGUA FRIA PREDIAL (NBR 5648)","UN    ","CR",0.92]
[4907,"PLUG PVC,  JE, DN 100 MM, PARA REDE COLETORA ESGOTO (NBR 10569)","UN    ","CR",40.700000000000003]
[4902,"PLUG PVC, JE, DN 150 MM, PARA REDE COLETORA ESGOTO (NBR 10569)","UN    ","CR",92.12]
[4908,"PLUG PVC, JE, DN 200 MM, PARA REDE COLETORA ESGOTO (NBR 10569)","UN    ","CR",187.06]
[4909,"PLUG PVC, JE, DN 250 MM, PARA REDE COLETORA ESGOTO (NBR 10569)","UN    ","CR",361.27]
[4903,"PLUG PVC, JE, DN 350 MM, PARA REDE COLETORA ESGOTO (NBR 10569)","UN    ","CR",1062.25]
[4897,"PLUG PVC, ROSCAVEL 1\", PARA AGUA FRIA PREDIAL","UN    ","CR",3.89]
[4896,"PLUG PVC, ROSCAVEL 3/4\", PARA  AGUA FRIA PREDIAL","UN    ","CR",1.39]
[4900,"PLUG PVC, ROSCAVEL, 1 1/2\",  AGUA FRIA PREDIAL","UN    ","CR",11.59]
[4898,"PLUG PVC, ROSCAVEL, 1 1/4\",  AGUA FRIA PREDIAL","UN    ","CR",4.34]
[4899,"PLUG PVC, ROSCAVEL, 2\",  AGUA FRIA PREDIAL","UN    ","CR",15.91]
[11096,"PO DE MARMORE (POSTO PEDREIRA/FORNECEDOR, SEM FRETE)","KG    ","CR",0.84]
[4741,"PO DE PEDRA (POSTO PEDREIRA/FORNECEDOR, SEM FRETE)","M3    ","CR",57.69]
[4752,"POCEIRO / ESCAVADOR DE VALAS E TUBULOES","H     ","CR",19.170000000000002]
[41091,"POCEIRO / ESCAVADOR DE VALAS E TUBULOES (MENSALISTA)","MES   ","CR",3382.98]
[13954,"POLIDORA DE PISO (POLITRIZ) ELETRICA, MOTOR MONOFASICO DE 4 HP, PESO DE 100 KG, DIAMETRO DO TRABALHO DE 450 MM","UN    ","AS",6723.23]
[3411,"POLIESTIRENO EXPANDIDO/EPS (ISOPOR), PEROLAS, PARA CONCRETO LEVE","KG    ","CR",85.63]
[39995,"POLIESTIRENO EXPANDIDO/EPS (ISOPOR), TIPO 2F, BLOCO","M3    ","CR",658.77]
[11615,"POLIESTIRENO EXPANDIDO/EPS (ISOPOR), TIPO 2F, PLACA, ISOLAMENTO TERMOACUSTICO, E = 10 MM, 1000 X 500 MM","M2    ","CR",5.59]
[3408,"POLIESTIRENO EXPANDIDO/EPS (ISOPOR), TIPO 2F, PLACA, ISOLAMENTO TERMOACUSTICO, E = 20 MM, 1000 X 500 MM","M2    ","C ",14.84]
[3409,"POLIESTIRENO EXPANDIDO/EPS (ISOPOR), TIPO 2F, PLACA, ISOLAMENTO TERMOACUSTICO, E = 50 MM, 1000 X 500 MM","M2    ","CR",37.1]
[11427,"POLVORA NEGRA","KG    ","AS",131.33000000000001]
[4491,"PONTALETE *7,5 X 7,5* CM EM PINUS, MISTA OU EQUIVALENTE DA REGIAO - BRUTA","M     ","CR",6.25]
[2745,"PONTALETE ROLIÇO SEM TRATAMENTO, D = 8 A 11 CM, H = 3 M, EM EUCALIPTO OU EQUIVALENTE DA REGIAO - BRUTA (PARA ESCORAMENTO)","M     ","CR",4.18]
[14439,"PONTALETE ROLIÇO SEM TRATAMENTO, D = 8 A 11 CM, H = 6 M, EM EUCALIPTO OU EQUIVALENTE DA REGIAO - BRUTA (PARA ESCORAMENTO)","M     ","CR",5.18]
[44496,"PONTEIRO PARA MARTELO ROMPEDOR, DIAMETRO = *28* MM, COMPRIMENTO = *520* MM, ENCAIXE  SEXTAVADO","UN    ","CR",165.67]
[12362,"PORCA OLHAL EM ACO GALVANIZADO, ESPESSURA 16MM, ABERTURA 21MM","UN    ","AS",17.12]
[421,"PORCA OLHAL M 16,  EM ACO GALVANIZADO, DIAMETRO = 16 MM","UN    ","AS",11.93]
[14148,"PORCA UNIAO/JUNCAO ZINCADA SEXTAVADA 1/4 \", CHAVE 7/16 \", COMPRIMENTO = 25 MM","UN    ","AS",0.9]
[4341,"PORCA ZINCADA, QUADRADA, DIAMETRO 3/8\"","UN    ","AS",1.05]
[4337,"PORCA ZINCADA, QUADRADA, DIAMETRO 5/8\"","UN    ","AS",2.66]
[4339,"PORCA ZINCADA, SEXTAVADA, DIAMETRO 1/2\"","UN    ","AS",0.56000000000000005]
[39997,"PORCA ZINCADA, SEXTAVADA, DIAMETRO 1/4\"","UN    ","AS",0.31]
[11971,"PORCA ZINCADA, SEXTAVADA, DIAMETRO 1\"","UN    ","AS",4.4000000000000004]
[4342,"PORCA ZINCADA, SEXTAVADA, DIAMETRO 3/8\"","UN    ","AS",0.23]
[4330,"PORCA ZINCADA, SEXTAVADA, DIAMETRO 5/16\"","UN    ","AS",0.15]
[4340,"PORCA ZINCADA, SEXTAVADA, DIAMETRO 5/8\"","UN    ","AS",1.23]
[5088,"PORTA CADEADO EM ACO GALVANIZADO, COMPRIMENTO DE 3  1/2\"","UN    ","CR",7.7]
[11154,"PORTA CORTA-FOGO PARA SAIDA DE EMERGENCIA, COM FECHADURA, VAO LUZ DE 90 X 210 CM, CLASSE P-90 (NBR 11742)","UN    ","CR",1239.23]
[4989,"PORTA DE ABRIR / GIRO, DE MADEIRA FOLHA MEDIA (NBR 15930) DE 1000 X 2100 MM, DE 35 MM A 40 MM DE ESPESSURA, NUCLEO SEMI-SOLIDO (SARRAFEADO), CAPA LISA EM HDF, ACABAMENTO EM LAMINADO NATURAL PARA VERNIZ","UN    ","CR",360.67]
[4982,"PORTA DE ABRIR / GIRO, DE MADEIRA FOLHA MEDIA (NBR 15930) DE 1000 X 2100 MM, DE 35 MM A 40 MM DE ESPESSURA, NUCLEO SEMI-SOLIDO (SARRAFEADO), CAPA LISA EM HDF, ACABAMENTO EM PRIMER PARA PINTURA","UN    ","CR",338.3]
[4962,"PORTA DE ABRIR / GIRO, DE MADEIRA FOLHA MEDIA (NBR 15930) DE 700 X 2100 MM, DE 35 MM A 40 MM DE ESPESSURA, NUCLEO SEMI-SOLIDO (SARRAFEADO), CAPA FRISADA EM HDF, ACABAMENTO MELAMINICO EM PADRAO MADEIRA","UN    ","CR",266.79000000000002]
[4981,"PORTA DE ABRIR / GIRO, DE MADEIRA FOLHA MEDIA (NBR 15930) DE 700 X 2100 MM, DE 35 MM A 40 MM DE ESPESSURA, NUCLEO SEMI-SOLIDO (SARRAFEADO), CAPA LISA EM HDF, ACABAMENTO EM LAMINADO NATURAL PARA VERNIZ","UN    ","C ",237.51]
[4964,"PORTA DE ABRIR / GIRO, DE MADEIRA FOLHA MEDIA (NBR 15930) DE 800 X 2100 MM, DE 35 MM A 40 MM DE ESPESSURA, NUCLEO SEMI-SOLIDO (SARRAFEADO), CAPA FRISADA EM HDF, ACABAMENTO MELAMINICO EM PADRAO MADEIRA","UN    ","CR",301.31]
[4992,"PORTA DE ABRIR / GIRO, DE MADEIRA FOLHA MEDIA (NBR 15930) DE 800 X 2100 MM, DE 35 MM A 40 MM DE ESPESSURA, NUCLEO SEMI-SOLIDO (SARRAFEADO), CAPA LISA EM HDF, ACABAMENTO EM LAMINADO NATURAL PARA VERNIZ","UN    ","CR",294.33]
[4987,"PORTA DE ABRIR / GIRO, DE MADEIRA FOLHA MEDIA (NBR 15930) DE 900 X 2100 MM, DE 35 MM A 40 MM DE ESPESSURA, NUCLEO SEMI-SOLIDO (SARRAFEADO), CAPA LISA EM HDF, ACABAMENTO EM LAMINADO NATURAL PARA VERNIZ","UN    ","CR",336.73]
[4930,"PORTA DE ABRIR / GIRO, EM GRADIL FERRO, COM BARRA CHATA 3 CM X 1/4\", COM REQUADRO E GUARNICAO - COMPLETO - ACABAMENTO NATURAL","M2    ","CR",524.89]
[39021,"PORTA DE ABRIR EM ACO COM DIVISAO HORIZONTAL PARA VIDROS, COM FUNDO ANTICORROSIVO/PRIMER DE PROTECAO, SEM GUARNICAO/ALIZAR/VISTA, VIDROS NAO INCLUSOS, 90 X 210 CM","UN    ","CR",558.09]
[39022,"PORTA DE ABRIR EM ACO TIPO VENEZIANA, COM FUNDO ANTICORROSIVO / PRIMER DE PROTECAO, SEM GUARNICAO/ALIZAR/VISTA, 90 X 210 CM","UN    ","C ",499.9]
[39024,"PORTA DE ABRIR EM ALUMINIO COM DIVISAO HORIZONTAL  PARA VIDROS,  ACABAMENTO ANODIZADO NATURAL, VIDROS INCLUSOS, SEM GUARNICAO/ALIZAR/VISTA , 87 X 210 CM","UN    ","CR",892.54]
[4914,"PORTA DE ABRIR EM ALUMINIO COM LAMBRI HORIZONTAL/LAMINADA, ACABAMENTO ANODIZADO NATURAL, SEM GUARNICAO/ALIZAR/VISTA","M2    ","CR",723.69]
[4917,"PORTA DE ABRIR EM ALUMINIO TIPO VENEZIANA, ACABAMENTO ANODIZADO NATURAL, SEM GUARNICAO/ALIZAR/VISTA","M2    ","C ",499.79]
[39025,"PORTA DE ABRIR EM ALUMINIO TIPO VENEZIANA, ACABAMENTO ANODIZADO NATURAL, SEM GUARNICAO/ALIZAR/VISTA, 87 X 210 CM","UN    ","CR",915.21]
[4922,"PORTA DE CORRER EM ALUMINIO, DUAS FOLHAS MOVEIS COM VIDRO, FECHADURA E PUXADOR EMBUTIDO, ACABAMENTO ANODIZADO NATURAL, SEM GUARNICAO/ALIZAR/VISTA","M2    ","CR",463.6]
[4911,"PORTA DE ENROLAR MANUAL COMPLETA, ARTICULADA RAIADA LARGA, EM ACO GALVANIZADO NATURAL, CHAPA NUMERO 24 (SEM INSTALACAO)","M2    ","CR",434.28]
[37518,"PORTA DE ENROLAR MANUAL COMPLETA, PERFIL MEIA CANA CEGA, EM ACO GALVANIZADO COM PINTURA ELETROSTATICA, CHAPA NUMERO 24 \" (SEM INSTALACAO)","M2    ","CR",705.7]
[4910,"PORTA DE ENROLAR MANUAL COMPLETA, PERFIL MEIA CANA CEGA, EM ACO GALVANIZADO NATURAL, CHAPA NUMERO 24 (SEM INSTALACAO)","M2    ","CR",594.91]
[4943,"PORTA DE ENROLAR MANUAL COMPLETA, PERFIL MEIA CANA VAZADA TIJOLINHO, EM ACO GALVANIZADO NATURAL, CHAPA NUMERO 24 (SEM INSTALACAO)","M2    ","CR",886.28]
[5002,"PORTA DE MADEIRA QUADRICULADA PARA VIDRO, DE CORRER (EUCALIPTO OU EQUIVALENTE REGIONAL), E = *3,5* CM","M2    ","CR",539.1]
[4977,"PORTA DE MADEIRA TIPO VENEZIANA (EUCALIPTO OU EQUIVALENTE REGIONAL), E = *3,5* CM","M2    ","CR",363.91]
[5028,"PORTA DE MADEIRA-DE-LEI QUADRICULADA PARA VIDRO, DE CORRER (ANGELIM OU EQUIVALENTE REGIONAL), E = *3,5* CM","M2    ","CR",890.43]
[4998,"PORTA DE MADEIRA-DE-LEI TIPO MEXICANA SEM EMENDA (ANGELIM OU EQUIVALENTE REGIONAL), E = *3,5* CM","M2    ","CR",739.52]
[4969,"PORTA DE MADEIRA-DE-LEI TIPO VENEZIANA (ANGELIM OU EQUIVALENTE REGIONAL), E = *3,5* CM","M2    ","C ",514.67999999999995]
[11364,"PORTA DE MADEIRA, FOLHA LEVE (NBR 15930) DE 600 X 2100 MM, DE 35 MM A 40 MM DE ESPESSURA, NUCLEO COLMEIA, CAPA LISA EM HDF, ACABAMENTO EM PRIMER PARA PINTURA","UN    ","CR",204.04]
[11365,"PORTA DE MADEIRA, FOLHA LEVE (NBR 15930) DE 700 X 2100 MM, DE 35 MM A 40 MM DE ESPESSURA, NUCLEO COLMEIA, CAPA LISA EM HDF, ACABAMENTO EM PRIMER PARA PINTURA","UN    ","CR",211.74]
[11366,"PORTA DE MADEIRA, FOLHA LEVE (NBR 15930) DE 800 X 2100 MM, DE 35 MM A 40 MM DE ESPESSURA, NUCLEO COLMEIA, CAPA LISA EM HDF, ACABAMENTO EM PRIMER PARA PINTURA","UN    ","CR",225.08]
[43777,"PORTA DE MADEIRA, FOLHA LEVE (NBR 15930), DE 600 X 2100 MM, E = 35 MM, NUCLEO COLMEIA, CAPA LISA EM HDF, ACABAMENTO MELAMINICO EM PADRAO MADEIRA","UN    ","CR",264.39]
[20322,"PORTA DE MADEIRA, FOLHA MEDIA (NBR 15930) DE 600 X 2100 MM, DE 35 MM A 40 MM DE ESPESSURA, NUCLEO SEMI-SOLIDO (SARRAFEADO), CAPA FRISADA EM HDF, ACABAMENTO MELAMINICO EM PADRAO MADEIRA","UN    ","CR",245.44]
[10553,"PORTA DE MADEIRA, FOLHA MEDIA (NBR 15930) DE 600 X 2100 MM, DE 35 MM A 40 MM DE ESPESSURA, NUCLEO SEMI-SOLIDO (SARRAFEADO), CAPA LISA EM HDF, ACABAMENTO EM PRIMER PARA PINTURA","UN    ","CR",222.86]
[5020,"PORTA DE MADEIRA, FOLHA MEDIA (NBR 15930) DE 600 X 2100 MM, DE 35 MM A 40 MM DE ESPESSURA, NUCLEO SEMI-SOLIDO (SARRAFEADO), CAPA LISA EM HDF, ACABAMENTO LAMINADO NATURAL PARA VERNIZ","UN    ","CR",234.96]
[10554,"PORTA DE MADEIRA, FOLHA MEDIA (NBR 15930) DE 700 X 2100 MM, DE 35 MM A 40 MM DE ESPESSURA, NUCLEO SEMI-SOLIDO (SARRAFEADO), CAPA LISA EM HDF, ACABAMENTO EM PRIMER PARA PINTURA","UN    ","CR",224.83]
[10555,"PORTA DE MADEIRA, FOLHA MEDIA (NBR 15930) DE 800 X 2100 MM, DE 35 MM A 40 MM DE ESPESSURA, NUCLEO SEMI-SOLIDO (SARRAFEADO), CAPA LISA EM HDF, ACABAMENTO EM PRIMER PARA PINTURA","UN    ","CR",245.19]
[10556,"PORTA DE MADEIRA, FOLHA MEDIA (NBR 15930) DE 900 X 2100 MM, DE 35 MM A 40 MM DE ESPESSURA, NUCLEO SEMI-SOLIDO (SARRAFEADO), CAPA LISA EM HDF, ACABAMENTO EM PRIMER PARA PINTURA","UN    ","CR",326]
[39502,"PORTA DE MADEIRA, FOLHA PESADA (NBR 15930) DE 800 X 2100 MM, DE 40 MM A 45 MM DE ESPESSURA, NUCLEO SOLIDO, CAPA LISA EM HDF, ACABAMENTO EM LAMINADO NATURAL PARA VERNIZ","UN    ","CR",457.78]
[39504,"PORTA DE MADEIRA, FOLHA PESADA (NBR 15930) DE 800 X 2100 MM, DE 40 MM A 45 MM DE ESPESSURA, NUCLEO SOLIDO, CAPA LISA EM HDF, ACABAMENTO EM PRIMER PARA PINTURA","UN    ","CR",506.22]
[39503,"PORTA DE MADEIRA, FOLHA PESADA (NBR 15930) DE 900 X 2100 MM, DE 40 MM A 45 MM DE ESPESSURA, NUCLEO SOLIDO, CAPA LISA EM HDF, ACABAMENTO EM LAMINADO NATURAL PARA VERNIZ","UN    ","CR",532.78]
[39505,"PORTA DE MADEIRA, FOLHA PESADA (NBR 15930) DE 900 X 2100 MM, DE 40 MM A 45 MM DE ESPESSURA, NUCLEO SOLIDO, CAPA LISA EM HDF, ACABAMENTO EM PRIMER PARA PINTURA","UN    ","CR",574.15]
[44471,"PORTA DENTE PARA  FRESADORA","UN    ","AS",662.67]
[4944,"PORTA GRADE DE ENROLAR MANUAL COMPLETA, PERFIL TUBULAR TIJOLINHO 3/4 \", EM ACO GALVANIZADO NATURAL (SEM INSTALACAO)","M2    ","CR",1324.99]
[21102,"PORTA TOALHA BANHO EM METAL CROMADO, TIPO BARRA","UN    ","CR",72.06]
[21101,"PORTA TOALHA ROSTO EM METAL CROMADO, TIPO ARGOLA","UN    ","CR",46.27]
[34713,"PORTA VIDRO TEMPERADO INCOLOR, 2 FOLHAS DE CORRER, E = 10 MM (SEM FERRAGENS E SEM COLOCACAO)","M2    ","CR",256.75]
[37563,"PORTAO BASCULANTE, MANUAL, EM ACO GALVANIZADO, CHAPA 26, TIPO LAMBRIL, COM REQUADRO, ACABAMENTO NATURAL","M2    ","CR",577.57000000000005]
[4948,"PORTAO DE ABRIR / GIRO, EM GRADIL DE METALON REDONDO DE 3/4\"  VERTICAL, COM REQUADRO, ACABAMENTO NATURAL - COMPLETO","M2    ","CR",502.5]
[37561,"PORTAO DE CORRER EM CHAPA TIPO PAINEL LAMBRIL QUADRADO, COM PORTA SOCIAL COMPLETA INCLUIDA, COM REQUADRO, ACABAMENTO NATURAL, COM TRILHOS E ROLDANAS","M2    ","CR",468.65]
[37562,"PORTAO DE CORRER EM GRADIL FIXO DE BARRA DE FERRO CHATA DE 3 X 1/4\" NA VERTICAL, SEM REQUADRO, ACABAMENTO NATURAL, COM TRILHOS E ROLDANAS","M2    ","CR",614.46]
[14164,"POSTE CONICO CONTINUO EM ACO GALVANIZADO, CURVO, BRACO DUPLO, ENGASTADO,  H = 9 M, DIAMETRO INFERIOR = *135* MM","UN    ","CR",2973.41]
[14163,"POSTE CONICO CONTINUO EM ACO GALVANIZADO, CURVO, BRACO DUPLO, FLANGEADO,  H = 9 M, DIAMETRO INFERIOR = *135* MM","UN    ","CR",3379.47]
[5051,"POSTE CONICO CONTINUO EM ACO GALVANIZADO, CURVO, BRACO SIMPLES, ENGASTADO,  H = 9 M, DIAMETRO INFERIOR = *135* MM","UN    ","CR",2874.2]
[14162,"POSTE CONICO CONTINUO EM ACO GALVANIZADO, CURVO, BRACO SIMPLES, FLANGEADO,  H = 9 M, DIAMETRO INFERIOR = *135* MM","UN    ","CR",2870.02]
[5052,"POSTE CONICO CONTINUO EM ACO GALVANIZADO, CURVO, BRACO SIMPLES, FLANGEADO, H = 7 M, DIAMETRO INFERIOR = *125* MM","UN    ","C ",2141.44]
[14166,"POSTE CONICO CONTINUO EM ACO GALVANIZADO, RETO, ENGASTADO,  H = 7 M, DIAMETRO INFERIOR = *125* MM","UN    ","CR",2168.63]
[14165,"POSTE CONICO CONTINUO EM ACO GALVANIZADO, RETO, ENGASTADO,  H = 9 M, DIAMETRO INFERIOR = *145* MM","UN    ","CR",3004.34]
[5050,"POSTE CONICO CONTINUO EM ACO GALVANIZADO, RETO, FLANGEADO,  H = 3 M, DIAMETRO INFERIOR = *95* MM","UN    ","CR",739.44]
[12366,"POSTE DE CONCRETO ARMADO DE SECAO CIRCULAR, EXTENSAO DE 10,00 M, RESISTENCIA DE 150 A 200 DAN, TIPO C-14","UN    ","CR",1285.9000000000001]
[5045,"POSTE DE CONCRETO ARMADO DE SECAO CIRCULAR, EXTENSAO DE 11,00 M, RESISTENCIA DE 200 A 300 DAN, TIPO C-14","UN    ","CR",2042.44]
[5035,"POSTE DE CONCRETO ARMADO DE SECAO CIRCULAR, EXTENSAO DE 11,00 M, RESISTENCIA DE 300 A 400 DAN, TIPO C-17","UN    ","CR",3133.47]
[41180,"POSTE DE CONCRETO ARMADO DE SECAO CIRCULAR, EXTENSAO DE 13,00 M, RESISTENCIA DE 1000 DAN, TIPO C-23","UN    ","CR",4591.37]
[41181,"POSTE DE CONCRETO ARMADO DE SECAO CIRCULAR, EXTENSAO DE 13,00 M, RESISTENCIA DE 1500 DAN, TIPO C-29","UN    ","CR",6078.83]
[41182,"POSTE DE CONCRETO ARMADO DE SECAO CIRCULAR, EXTENSAO DE 13,00 M, RESISTENCIA DE 2000 DAN, TIPO C-29","UN    ","CR",8720.59]
[41183,"POSTE DE CONCRETO ARMADO DE SECAO CIRCULAR, EXTENSAO DE 13,00 M, RESISTENCIA DE 2500 DAN, TIPO C-29","UN    ","CR",10887.83]
[41184,"POSTE DE CONCRETO ARMADO DE SECAO CIRCULAR, EXTENSAO DE 13,00 M, RESISTENCIA DE 3000 DAN, TIPO C-29","UN    ","CR",16577.39]
[41185,"POSTE DE CONCRETO ARMADO DE SECAO CIRCULAR, EXTENSAO DE 14,00 M, RESISTENCIA DE 1000 DAN, TIPO C-23","UN    ","CR",6147.64]
[41186,"POSTE DE CONCRETO ARMADO DE SECAO CIRCULAR, EXTENSAO DE 14,00 M, RESISTENCIA DE 1500 DAN, TIPO C-29","UN    ","CR",8615.2099999999991]
[41187,"POSTE DE CONCRETO ARMADO DE SECAO CIRCULAR, EXTENSAO DE 14,00 M, RESISTENCIA DE 2000 DAN, TIPO C-29","UN    ","CR",11553.71]
[41188,"POSTE DE CONCRETO ARMADO DE SECAO CIRCULAR, EXTENSAO DE 14,00 M, RESISTENCIA DE 2500 DAN, TIPO C-29","UN    ","CR",14774.62]
[5036,"POSTE DE CONCRETO ARMADO DE SECAO CIRCULAR, EXTENSAO DE 14,00 M, RESISTENCIA DE 300 A 400 DAN, TIPO C-17","UN    ","CR",1107.8599999999999]
[41189,"POSTE DE CONCRETO ARMADO DE SECAO CIRCULAR, EXTENSAO DE 14,00 M, RESISTENCIA DE 3000 DAN, TIPO C-29","UN    ","CR",18994.32]
[41190,"POSTE DE CONCRETO ARMADO DE SECAO CIRCULAR, EXTENSAO DE 15,00 M, RESISTENCIA DE 1000 DAN, TIPO C-23","UN    ","CR",6605.56]
[41191,"POSTE DE CONCRETO ARMADO DE SECAO CIRCULAR, EXTENSAO DE 15,00 M, RESISTENCIA DE 1500 DAN, TIPO C-29","UN    ","CR",10129.379999999999]
[41192,"POSTE DE CONCRETO ARMADO DE SECAO CIRCULAR, EXTENSAO DE 15,00 M, RESISTENCIA DE 2000 DAN, TIPO C-29","UN    ","CR",10559.8]
[41193,"POSTE DE CONCRETO ARMADO DE SECAO CIRCULAR, EXTENSAO DE 15,00 M, RESISTENCIA DE 2500 DAN, TIPO C-29","UN    ","CR",17254.36]
[41194,"POSTE DE CONCRETO ARMADO DE SECAO CIRCULAR, EXTENSAO DE 15,00 M, RESISTENCIA DE 3000 DAN, TIPO C-29","UN    ","CR",20588.37]
[5044,"POSTE DE CONCRETO ARMADO DE SECAO CIRCULAR, EXTENSAO DE 9,00 M, RESISTENCIA DE 200 A 300 DAN, TIPO C-14","UN    ","CR",1776.4]
[5059,"POSTE DE CONCRETO ARMADO DE SECAO CIRCULAR, EXTENSAO DE 9,00 M, RESISTENCIA DE 300 A 400 DAN, TIPO C-17","UN    ","CR",1324.87]
[41201,"POSTE DE CONCRETO ARMADO DE SECAO DUPLO T, EXTENSAO DE 10,00 M, RESISTENCIA DE 1000 DAN, TIPO B-1,5","UN    ","CR",2688.71]
[41199,"POSTE DE CONCRETO ARMADO DE SECAO DUPLO T, EXTENSAO DE 10,00 M, RESISTENCIA DE 150 DAN, TIPO D","UN    ","CR",863.99]
[5057,"POSTE DE CONCRETO ARMADO DE SECAO DUPLO T, EXTENSAO DE 10,00 M, RESISTENCIA DE 300 A 400 DAN, TIPO B OU D","UN    ","CR",1169.67]
[41200,"POSTE DE CONCRETO ARMADO DE SECAO DUPLO T, EXTENSAO DE 10,00 M, RESISTENCIA DE 600 DAN, TIPO B","UN    ","CR",1681.62]
[41205,"POSTE DE CONCRETO ARMADO DE SECAO DUPLO T, EXTENSAO DE 11,00 M, RESISTENCIA DE 1000 DAN, TIPO B-1,5","UN    ","CR",3116]
[41202,"POSTE DE CONCRETO ARMADO DE SECAO DUPLO T, EXTENSAO DE 11,00 M, RESISTENCIA DE 150 DAN, TIPO D","UN    ","CR",909.27]
[41206,"POSTE DE CONCRETO ARMADO DE SECAO DUPLO T, EXTENSAO DE 11,00 M, RESISTENCIA DE 1500 DAN, TIPO B-3,0","UN    ","CR",4108.32]
[12372,"POSTE DE CONCRETO ARMADO DE SECAO DUPLO T, EXTENSAO DE 11,00 M, RESISTENCIA DE 200 DAN, TIPO D","UN    ","CR",954.74]
[41207,"POSTE DE CONCRETO ARMADO DE SECAO DUPLO T, EXTENSAO DE 11,00 M, RESISTENCIA DE 2000 DAN, TIPO B-4,5","UN    ","CR",5530.61]
[41203,"POSTE DE CONCRETO ARMADO DE SECAO DUPLO T, EXTENSAO DE 11,00 M, RESISTENCIA DE 300 DAN, TIPO B","UN    ","CR",1456.55]
[41204,"POSTE DE CONCRETO ARMADO DE SECAO DUPLO T, EXTENSAO DE 11,00 M, RESISTENCIA DE 600 DAN, TIPO B","UN    ","CR",2059.19]
[41210,"POSTE DE CONCRETO ARMADO DE SECAO DUPLO T, EXTENSAO DE 12,00 M, RESISTENCIA DE 1000 DAN, TIPO B-1,5","UN    ","CR",3439.83]
[41208,"POSTE DE CONCRETO ARMADO DE SECAO DUPLO T, EXTENSAO DE 12,00 M, RESISTENCIA DE 150 DAN, TIPO D","UN    ","CR",1204.1400000000001]
[41211,"POSTE DE CONCRETO ARMADO DE SECAO DUPLO T, EXTENSAO DE 12,00 M, RESISTENCIA DE 1500 DAN, TIPO B-3,0","UN    ","CR",4846.67]
[13339,"POSTE DE CONCRETO ARMADO DE SECAO DUPLO T, EXTENSAO DE 12,00 M, RESISTENCIA DE 300 A 400 DAN, TIPO B OU D","UN    ","CR",1631.9]
[41213,"POSTE DE CONCRETO ARMADO DE SECAO DUPLO T, EXTENSAO DE 12,00 M, RESISTENCIA DE 3000 DAN, TIPO B-6,0","UN    ","CR",10045.969999999999]
[41209,"POSTE DE CONCRETO ARMADO DE SECAO DUPLO T, EXTENSAO DE 12,00 M, RESISTENCIA DE 600 DAN, TIPO B","UN    ","CR",2245.3000000000002]
[41216,"POSTE DE CONCRETO ARMADO DE SECAO DUPLO T, EXTENSAO DE 13,00 M, RESISTENCIA DE 1000 DAN, TIPO B-1,5","UN    ","CR",4205.7299999999996]
[41217,"POSTE DE CONCRETO ARMADO DE SECAO DUPLO T, EXTENSAO DE 13,00 M, RESISTENCIA DE 1500 DAN, TIPO B-3,0","UN    ","CR",6743.29]
[41218,"POSTE DE CONCRETO ARMADO DE SECAO DUPLO T, EXTENSAO DE 13,00 M, RESISTENCIA DE 2000 DAN, TIPO B-4,5","UN    ","CR",9042.9500000000007]
[41214,"POSTE DE CONCRETO ARMADO DE SECAO DUPLO T, EXTENSAO DE 13,00 M, RESISTENCIA DE 300 DAN, TIPO B","UN    ","CR",1906.69]
[41215,"POSTE DE CONCRETO ARMADO DE SECAO DUPLO T, EXTENSAO DE 13,00 M, RESISTENCIA DE 600 DAN, TIPO B","UN    ","CR",2870.78]
[41221,"POSTE DE CONCRETO ARMADO DE SECAO DUPLO T, EXTENSAO DE 15,00 M, RESISTENCIA DE 1500 DAN, TIPO B-3,0","UN    ","CR",8312.39]
[41222,"POSTE DE CONCRETO ARMADO DE SECAO DUPLO T, EXTENSAO DE 15,00 M, RESISTENCIA DE 2000 DAN, TIPO B-4,5","UN    ","CR",11895.13]
[41195,"POSTE DE CONCRETO ARMADO DE SECAO DUPLO T, EXTENSAO DE 8,00 M, RESISTENCIA DE 150 DAN, TIPO D","UN    ","CR",611.37]
[41198,"POSTE DE CONCRETO ARMADO DE SECAO DUPLO T, EXTENSAO DE 9,00 M, RESISTENCIA DE 1000 DAN, TIPO B-1,5","UN    ","CR",2389.11]
[41196,"POSTE DE CONCRETO ARMADO DE SECAO DUPLO T, EXTENSAO DE 9,00 M, RESISTENCIA DE 150 DAN, TIPO D","UN    ","CR",757.83]
[5033,"POSTE DE CONCRETO ARMADO DE SECAO DUPLO T, EXTENSAO DE 9,00 M, RESISTENCIA DE 300 A 400 DAN, TIPO B OU D","UN    ","C ",995]
[41197,"POSTE DE CONCRETO ARMADO DE SECAO DUPLO T, EXTENSAO DE 9,00 M, RESISTENCIA DE 600 DAN, TIPO B","UN    ","CR",1477.94]
[12388,"POSTE DECORATIVO PARA JARDIM EM ACO TUBULAR, SEM LUMINARIA, H = *2,5* M","UN    ","CR",437.69]
[2731,"POSTE ROLICO DE MADEIRA TRATADA, D = 20 A 25 CM, H = 12,00 M, EM EUCALIPTO OU EQUIVALENTE DA REGIAO","M     ","CR",119.37]
[41457,"POSTES METALICOS AUTOPORTANTES, CONICO OU TELESCOPICO, PARA SPDA, ALTURA 10 METROS LIVRES","UN    ","CR",1598.99]
[41458,"POSTES METALICOS AUTOPORTANTES, CONICO OU TELESCOPICO, PARA SPDA, ALTURA 12 METROS LIVRES","UN    ","CR",2232.27]
[41459,"POSTES METALICOS AUTOPORTANTES, CONICO OU TELESCOPICO, PARA SPDA, ALTURA 15 METROS LIVRES","UN    ","CR",3113.85]
[41461,"POSTES METALICOS AUTOPORTANTES, CONICO OU TELESCOPICO, PARA SPDA, ALTURA 20 METROS LIVRES","UN    ","CR",4245.57]
[44537,"POZOLANA DE CLASSE  C","T     ","CR",299.51]
[11844,"PRANCHA  APARELHADA *4 X 30* CM, EM MACARANDUBA, ANGELIM OU EQUIVALENTE DA REGIAO","M     ","CR",31.68]
[4465,"PRANCHA NAO APARELHADA  *6 X 25* CM, EM MACARANDUBA, ANGELIM OU EQUIVALENTE DA REGIAO -  BRUTA","M     ","CR",26.33]
[35273,"PRANCHA NAO APARELHADA  *6 X 30* CM, EM MACARANDUBA, ANGELIM OU EQUIVALENTE DA REGIAO - BRUTA","M     ","CR",31.58]
[4470,"PRANCHA NAO APARELHADA  *6 X 40* CM, EM MACARANDUBA, ANGELIM OU EQUIVALENTE DA REGIAO -  BRUTA","M     ","CR",72.88]
[20208,"PRANCHAO  APARELHADO *8 X 30* CM, EM MACARANDUBA, ANGELIM OU EQUIVALENTE DA REGIAO","M     ","CR",65.59]
[20204,"PRANCHAO APARELHADO *7,5 X 23* CM, EM MACARANDUBA, ANGELIM OU EQUIVALENTE DA REGIAO","M     ","CR",48.58]
[4437,"PRANCHAO NAO APARELHADO  *7,5 X 23* CM, EM MACARANDUBA, ANGELIM OU EQUIVALENTE DA REGIAO - BRUTA","M     ","CR",54.66]
[14580,"PRANCHAO NAO APARELHADO *8 X 30* CM, EM MACARANDUBA, ANGELIM OU EQUIVALENTE DA REGIAO - BRUTA","M     ","CR",54.66]
[40304,"PREGO DE ACO POLIDO COM CABECA DUPLA 17 X 27 (2 1/2 X 11)","KG    ","CR",25.59]
[5065,"PREGO DE ACO POLIDO COM CABECA 10 X 10 (7/8 X 17)","KG    ","CR",39.43]
[5072,"PREGO DE ACO POLIDO COM CABECA 10 X 11 (1 X 17)","KG    ","CR",36.479999999999997]
[5066,"PREGO DE ACO POLIDO COM CABECA 12 X 12","KG    ","CR",27.32]
[5063,"PREGO DE ACO POLIDO COM CABECA 14 X 18 (1 1/2 X 14)","KG    ","CR",24.74]
[20247,"PREGO DE ACO POLIDO COM CABECA 15 X 15 (1 1/4 X 13)","KG    ","CR",22.95]
[5074,"PREGO DE ACO POLIDO COM CABECA 15 X 18 (1 1/2 X 13)","KG    ","CR",23.23]
[5067,"PREGO DE ACO POLIDO COM CABECA 16 X 24 (2 1/4 X 12)","KG    ","CR",22.09]
[5078,"PREGO DE ACO POLIDO COM CABECA 16 X 27 (2 1/2 X 12)","KG    ","CR",21.84]
[5068,"PREGO DE ACO POLIDO COM CABECA 17 X 21 (2 X 11)","KG    ","CR",20.73]
[5073,"PREGO DE ACO POLIDO COM CABECA 17 X 24 (2 1/4 X 11)","KG    ","CR",21.13]
[5069,"PREGO DE ACO POLIDO COM CABECA 17 X 27 (2 1/2 X 11)","KG    ","CR",21.13]
[5070,"PREGO DE ACO POLIDO COM CABECA 17 X 30 (2 3/4 X 11)","KG    ","CR",21.36]
[5071,"PREGO DE ACO POLIDO COM CABECA 18 X 24 (2 1/4 X 10)","KG    ","CR",20.73]
[5061,"PREGO DE ACO POLIDO COM CABECA 18 X 27 (2 1/2 X 10)","KG    ","C ",20.38]
[5075,"PREGO DE ACO POLIDO COM CABECA 18 X 30 (2 3/4 X 10)","KG    ","CR",20.73]
[39027,"PREGO DE ACO POLIDO COM CABECA 19  X 36 (3 1/4  X  9)","KG    ","CR",20.71]
[5062,"PREGO DE ACO POLIDO COM CABECA 19 X 33 (3 X 9)","KG    ","CR",21]
[40568,"PREGO DE ACO POLIDO COM CABECA 22 X 48 (4 1/4 X 5)","KG    ","CR",20.89]
[39026,"PREGO DE ACO POLIDO SEM CABECA 15 X 15 (1 1/4 X 13)","KG    ","CR",23.31]
[42431,"PRESSAO DE PERNAS TRIPLO, EM TUBO DE ACO CARBONO, PINTURA NO PROCESSO ELETROSTATICO - EQUIPAMENTO DE GINASTICA PARA ACADEMIA AO AR LIVRE / ACADEMIA DA TERCEIRA IDADE - ATI","UN    ","AS",3475.1]
[44074,"PRIMER DE POLIURETANO","L     ","CR",478.41]
[44072,"PRIMER EPOXI / EPOXIDICO","L     ","CR",107.79]
[511,"PRIMER PARA MANTA ASFALTICA A BASE DE ASFALTO MODIFICADO DILUIDO EM SOLVENTE, APLICACAO A FRIO","L     ","C ",16.2]
[37540,"PROJETOR DE ARGAMASSA, CAPACIDADE DE PROJECAO 1,5 M3/H, ALCANCE DA PROJECAO 30 ATE 60 M, MOTOR ELETRICO TRIFASICO","UN    ","CR",81070.14]
[37548,"PROJETOR DE ARGAMASSA, CAPACIDADE DE PROJECAO 2,0 M3/H, ALCANCE DA PROJECAO ATE 50 M, MOTOR ELETRICO TRIFASICO","UN    ","CR",107458.07]
[39828,"PROJETOR PNEUMATICO DE ARGAMASSA PARA CHAPISCO E REBOCO COM RECIPIENTE ACOPLADO, TIPO CANEQUNHA, COM VOLUME DE 1,50 L, SEM COMPRESSOR","UN    ","CR",644.64]
[12273,"PROJETOR RETANGULAR FECHADO PARA LAMPADA VAPOR DE MERCURIO/SODIO 250 W A 500 W, CABECEIRAS EM ALUMINIO FUNDIDO, CORPO EM ALUMINIO ANODIZADO, PARA LAMPADA E40 FECHAMENTO EM VIDRO TEMPERADO.","UN    ","AS",148.16]
[38392,"PROLONGADOR/EXTENSOR PARA ROLO DE PINTURA 3 M","UN    ","CR",53.37]
[11735,"PROLONGAMENTO / PROLONGADOR PARA CAIXA SIFONADA, PVC, 100 MM X 200 MM (NBR 5688)","UN    ","CR",11.14]
[11737,"PROLONGAMENTO / PROLONGADOR PARA CAIXA SIFONADA, PVC, 150 MM X 150 MM (NBR 5688)","UN    ","CR",15.8]
[11738,"PROLONGAMENTO / PROLONGADOR PARA CAIXA SIFONADA, PVC, 150 MM X 200 MM (NBR 5688)","UN    ","CR",19.93]
[36143,"PROTETOR AUDITIVO TIPO CONCHA COM ABAFADOR DE RUIDOS, ATENUACAO ACIMA DE 22 DB","UN    ","CR",26.65]
[36142,"PROTETOR AUDITIVO TIPO PLUG DE INSERCAO COM CORDAO, ATENUACAO SUPERIOR A 15 DB","UN    ","CR",1.95]
[36146,"PROTETOR SOLAR FPS 30, EMBALAGEM 2 LITROS","UN    ","CR",221]
[39015,"PROTETOR/PONTEIRA PLASTICA PARA PONTA DE VERGALHAO DE ATE 1\", TIPO PROTETOR DE ESPERA","UN    ","C ",0.56000000000000005]
[38377,"PRUMO DE CENTRO EM ACO *400* G","UN    ","CR",47.22]
[38376,"PRUMO DE PAREDE EM ACO 700 A 750 G","UN    ","CR",53.84]
[38116,"PULSADOR CAMPAINHA 10A, 250V (APENAS MODULO)","UN    ","CR",6.17]
[38066,"PULSADOR CAMPAINHA 10A, 250V, CONJUNTO MONTADO PARA EMBUTIR 4\" X 2\" (PLACA + SUPORTE + MODULO)","UN    ","CR",10.19]
[38117,"PULSADOR MINUTERIA 10A, 250V (APENAS MODULO)","UN    ","CR",10.51]
[38067,"PULSADOR MINUTERIA 10A, 250V, CONJUNTO MONTADO PARA EMBUTIR 4\" X 2\" (PLACA + SUPORTE + MODULO)","UN    ","CR",14.34]
[11522,"PUXADOR DE EMBUTIR TIPO CONCHA, COM FURO PARA CHAVE, EM LATAO CROMADO,  COMPRIMENTO DE APROX *100* MM E LARGURA DE APROX *40* MM","UN    ","CR",14.93]
[43600,"PUXADOR TIPO ALCA, EM ZAMAC CROMADO, COM COMPRIMENTO DE APROX 150 MM, COM ROSETA PARA PORTAS DE MADEIRAS, INCLUINDO PARAFUSOS","UN    ","CR",59.82]
[5080,"PUXADOR TIPO ALCA, EM ZAMAC CROMADO, COM ROSETAS, COMPRIMENTO DE APROX *100* MM, PARA PORTAS E JANELAS DE MADEIRA, INCLUINDO PARAFUSOS","UN    ","CR",23.33]
[38168,"PUXADOR TUBULAR RETO DUPLO, EM ALUMINIO CROMADO, COMPRIMENTO DE APROX 400 MM E DIAMETRO DE 25 MM (1\")","UN    ","CR",162.86000000000001]
[43601,"PUXADOR TUBULAR RETO SIMPLES, EM ALUMINIO CROMADO, COM COMPRIMENTO DE APROX 400 MM E DIAMETRO DE 25 MM","UN    ","CR",81.430000000000007]
[13393,"QUADRO DE DISTRIBUICAO COM BARRAMENTO TRIFASICO, DE EMBUTIR, EM CHAPA DE ACO GALVANIZADO, PARA 12 DISJUNTORES DIN, 100 A","UN    ","CR",450.6]
[13395,"QUADRO DE DISTRIBUICAO COM BARRAMENTO TRIFASICO, DE EMBUTIR, EM CHAPA DE ACO GALVANIZADO, PARA 18 DISJUNTORES DIN, 100 A, INCLUINDO BARRAMENTO","UN    ","CR",631.47]
[12039,"QUADRO DE DISTRIBUICAO COM BARRAMENTO TRIFASICO, DE EMBUTIR, EM CHAPA DE ACO GALVANIZADO, PARA 24 DISJUNTORES DIN, 100 A","UN    ","CR",663.61]
[13396,"QUADRO DE DISTRIBUICAO COM BARRAMENTO TRIFASICO, DE EMBUTIR, EM CHAPA DE ACO GALVANIZADO, PARA 28 DISJUNTORES DIN, 100 A","UN    ","CR",932]
[12041,"QUADRO DE DISTRIBUICAO COM BARRAMENTO TRIFASICO, DE EMBUTIR, EM CHAPA DE ACO GALVANIZADO, PARA 30 DISJUNTORES DIN, 150 A","UN    ","CR",761.04]
[12043,"QUADRO DE DISTRIBUICAO COM BARRAMENTO TRIFASICO, DE EMBUTIR, EM CHAPA DE ACO GALVANIZADO, PARA 30 DISJUNTORES DIN, 225 A","UN    ","CR",1606.81]
[39762,"QUADRO DE DISTRIBUICAO COM BARRAMENTO TRIFASICO, DE EMBUTIR, EM CHAPA DE ACO GALVANIZADO, PARA 36 DISJUNTORES DIN, 100 A","UN    ","CR",764.88]
[12042,"QUADRO DE DISTRIBUICAO COM BARRAMENTO TRIFASICO, DE EMBUTIR, EM CHAPA DE ACO GALVANIZADO, PARA 40 DISJUNTORES DIN, 100 A","UN    ","CR",1116.7]
[39763,"QUADRO DE DISTRIBUICAO COM BARRAMENTO TRIFASICO, DE EMBUTIR, EM CHAPA DE ACO GALVANIZADO, PARA 48 DISJUNTORES DIN, 100 A","UN    ","CR",1306.96]
[39760,"QUADRO DE DISTRIBUICAO COM BARRAMENTO TRIFASICO, DE SOBREPOR, EM CHAPA DE ACO GALVANIZADO, PARA *42* DISJUNTORES DIN, 100 A","UN    ","CR",1302.6600000000001]
[39756,"QUADRO DE DISTRIBUICAO COM BARRAMENTO TRIFASICO, DE SOBREPOR, EM CHAPA DE ACO GALVANIZADO, PARA 12 DISJUNTORES DIN, 100 A","UN    ","CR",467.73]
[12038,"QUADRO DE DISTRIBUICAO COM BARRAMENTO TRIFASICO, DE SOBREPOR, EM CHAPA DE ACO GALVANIZADO, PARA 18 DISJUNTORES DIN, 100 A","UN    ","CR",584.45000000000005]
[39757,"QUADRO DE DISTRIBUICAO COM BARRAMENTO TRIFASICO, DE SOBREPOR, EM CHAPA DE ACO GALVANIZADO, PARA 28 DISJUNTORES DIN, 100 A","UN    ","CR",540.42999999999995]
[39758,"QUADRO DE DISTRIBUICAO COM BARRAMENTO TRIFASICO, DE SOBREPOR, EM CHAPA DE ACO GALVANIZADO, PARA 30 DISJUNTORES DIN, 100 A","UN    ","CR",787.6]
[39759,"QUADRO DE DISTRIBUICAO COM BARRAMENTO TRIFASICO, DE SOBREPOR, EM CHAPA DE ACO GALVANIZADO, PARA 36 DISJUNTORES DIN, 100 A","UN    ","CR",972.69]
[39761,"QUADRO DE DISTRIBUICAO COM BARRAMENTO TRIFASICO, DE SOBREPOR, EM CHAPA DE ACO GALVANIZADO, PARA 48 DISJUNTORES DIN, 100 A","UN    ","CR",1169.21]
[39805,"QUADRO DE DISTRIBUICAO, EM PVC, DE EMBUTIR, COM BARRAMENTO TERRA / NEUTRO, PARA 12 DISJUNTORES NEMA OU 16 DISJUNTORES DIN","UN    ","CR",135.94]
[39806,"QUADRO DE DISTRIBUICAO, EM PVC, DE EMBUTIR, COM BARRAMENTO TERRA / NEUTRO, PARA 18 DISJUNTORES NEMA OU 24 DISJUNTORES DIN","UN    ","CR",251.87]
[39807,"QUADRO DE DISTRIBUICAO, EM PVC, DE EMBUTIR, COM BARRAMENTO TERRA / NEUTRO, PARA 27 DISJUNTORES NEMA OU 36 DISJUNTORES DIN","UN    ","CR",545.85]
[43100,"QUADRO DE DISTRIBUICAO, EM PVC, DE EMBUTIR, COM BARRAMENTO TERRA / NEUTRO, PARA 48 DISJUNTORES DIN","UN    ","CR",426.74]
[39804,"QUADRO DE DISTRIBUICAO, EM PVC, DE EMBUTIR, COM BARRAMENTO TERRA / NEUTRO, PARA 6 DISJUNTORES NEMA OU 8 DISJUNTORES DIN","UN    ","CR",79.819999999999993]
[39796,"QUADRO DE DISTRIBUICAO, SEM BARRAMENTO, EM PVC, DE EMBUTIR, PARA 12 DISJUNTORES NEMA OU 16 DISJUNTORES DIN","UN    ","CR",82.68]
[39797,"QUADRO DE DISTRIBUICAO, SEM BARRAMENTO, EM PVC, DE EMBUTIR, PARA 18 DISJUNTORES NEMA OU 24 DISJUNTORES DIN","UN    ","C ",129.79]
[39798,"QUADRO DE DISTRIBUICAO, SEM BARRAMENTO, EM PVC, DE EMBUTIR, PARA 27 DISJUNTORES NEMA OU 36 DISJUNTORES DIN","UN    ","CR",222.63]
[39794,"QUADRO DE DISTRIBUICAO, SEM BARRAMENTO, EM PVC, DE EMBUTIR, PARA 3 DISJUNTORES NEMA OU 4 DISJUNTORES DIN","UN    ","CR",35.090000000000003]
[39795,"QUADRO DE DISTRIBUICAO, SEM BARRAMENTO, EM PVC, DE EMBUTIR, PARA 6 DISJUNTORES NEMA OU 8 DISJUNTORES DIN","UN    ","CR",55.44]
[39799,"QUADRO DE DISTRIBUICAO, SEM BARRAMENTO, EM PVC, DE SOBREPOR,  PARA 3 DISJUNTORES NEMA OU 4 DISJUNTORES DIN","UN    ","CR",40.909999999999997]
[39801,"QUADRO DE DISTRIBUICAO, SEM BARRAMENTO, EM PVC, DE SOBREPOR, PARA 12 DISJUNTORES NEMA OU 16 DISJUNTORES DIN","UN    ","CR",117.08]
[39802,"QUADRO DE DISTRIBUICAO, SEM BARRAMENTO, EM PVC, DE SOBREPOR, PARA 18 DISJUNTORES NEMA OU 24 DISJUNTORES DIN","UN    ","CR",171.62]
[39803,"QUADRO DE DISTRIBUICAO, SEM BARRAMENTO, EM PVC, DE SOBREPOR, PARA 27 DISJUNTORES NEMA OU 36 DISJUNTORES DIN","UN    ","CR",239.41]
[39800,"QUADRO DE DISTRIBUICAO, SEM BARRAMENTO, EM PVC, DE SOBREPOR, PARA 6 DISJUNTORES NEMA OU 8 DISJUNTORES DIN","UN    ","CR",69.680000000000007]
[21059,"RALO FOFO COM REQUADRO, QUADRADO 150 X 150 MM","UN    ","AS",64.180000000000007]
[11234,"RALO FOFO COM REQUADRO, QUADRADO 200 X 200 MM","UN    ","AS",96.74]
[21060,"RALO FOFO COM REQUADRO, QUADRADO 250 X 250 MM","UN    ","AS",119.06]
[21061,"RALO FOFO COM REQUADRO, QUADRADO 300 X 300 MM","UN    ","AS",148.83000000000001]
[21062,"RALO FOFO COM REQUADRO, QUADRADO 400 X 400 MM","UN    ","AS",234.41]
[11708,"RALO FOFO SEMIESFERICO, 100 MM, PARA LAJES/ CALHAS","UN    ","AS",25.58]
[11709,"RALO FOFO SEMIESFERICO, 150 MM, PARA LAJES/ CALHAS","UN    ","AS",60.09]
[11710,"RALO FOFO SEMIESFERICO, 200 MM, PARA LAJES/ CALHAS","UN    ","AS",138.13]
[11707,"RALO FOFO SEMIESFERICO, 75 MM, PARA LAJES/ CALHAS","UN    ","AS",19.16]
[5102,"RALO SECO / RALO DE PASSAGEM EM PVC, QUADRADO, 100 X 100 X 53 MM, SAIDA 40 MM, COM GRELHA BRANCA","UN    ","CR",15.66]
[11739,"RALO SECO CONICO, PVC, 100 X 40 MM,  COM GRELHA REDONDA BRANCA","UN    ","CR",11.16]
[11711,"RALO SECO CONICO, PVC, 100 X 40 MM, COM GRELHA QUADRADA BRANCA","UN    ","CR",13.05]
[11741,"RALO SIFONADO CILINDRICO, PVC, 100 X 40 MM,  COM GRELHA REDONDA BRANCA","UN    ","CR",14.21]
[11745,"RALO SIFONADO QUADRADO, PVC, 100 X 53 MM, SAIDA 40 MM, COM GRELHA QUADRADA BRANCA","UN    ","CR",18.72]
[11743,"RALO SIFONADO REDONDO CONICO, PVC, 100 X 40 MM, COM GRELHA REDONDA BRANCA","UN    ","CR",11.93]
[40985,"RASTELEIRO (MENSALISTA)","MES   ","CR",2924.83]
[44502,"RASTELEIRO HORISTA","H     ","CR",16.579999999999998]
[1088,"REATOR ELETRONICO BIVOLT PARA 1 LAMPADA FLUORESCENTE DE 18/20 W","UN    ","AS",39.36]
[1087,"REATOR ELETRONICO BIVOLT PARA 1 LAMPADA FLUORESCENTE DE 36/40 W","UN    ","AS",49.17]
[38777,"REATOR ELETRONICO BIVOLT PARA 2 LAMPADAS FLUORESCENTES DE 14 W","UN    ","AS",97.93]
[1086,"REATOR ELETRONICO BIVOLT PARA 2 LAMPADAS FLUORESCENTES DE 18/20 W","UN    ","AS",51.68]
[1079,"REATOR ELETRONICO BIVOLT PARA 2 LAMPADAS FLUORESCENTES DE 36/40 W","UN    ","AS",53.42]
[39374,"REATOR INTERNO/INTEGRADO PARA LAMPADA VAPOR METALICO 400 W, ALTO FATOR DE POTENCIA","UN    ","C ",171.25]
[1082,"REATOR P/ LAMPADA VAPOR DE SODIO 250W USO EXT","UN    ","AS",335.84]
[12316,"REATOR P/ 1 LAMPADA VAPOR DE MERCURIO 125W USO EXT","UN    ","AS",153.91999999999999]
[12317,"REATOR P/ 1 LAMPADA VAPOR DE MERCURIO 250W USO EXT","UN    ","AS",183.56]
[12318,"REATOR P/ 1 LAMPADA VAPOR DE MERCURIO 400W USO EXT","UN    ","AS",211.46]
[5104,"REBITE DE ALUMINIO VAZADO DE REPUXO, 3,2 X 8 MM (1KG = 1025 UNIDADES)","KG    ","CR",80.75]
[44530,"REBOLO ABRASIVO RETO DE USO GERAL GRAO 36, DE 6 X 1 \" ( DIAMETRO X ALTURA)","UN    ","CR",58.85]
[2710,"REBOLO ABRASIVO RETO DE USO GERAL GRAO 36, DE 6 X 3/4 \" (DIAMETRO X ALTURA)","UN    ","CR",47]
[14575,"RECICLADORA DE ASFALTO A FRIO SOBRE RODAS, LARG. FRESAGEM 2,00 M, POT. 315 KW/422 HP","UN    ","AS",6693491.5499999998]
[20034,"REDUCAO EXCENTRICA PVC NBR 10569 P/REDE COLET ESG PB JE 150 X 100MM","UN    ","CR",133.09]
[20036,"REDUCAO EXCENTRICA PVC NBR 10569 P/REDE COLET ESG PB JE 200 X 150MM","UN    ","CR",256]
[20037,"REDUCAO EXCENTRICA PVC NBR 10569 P/REDE COLET ESG PB JE 250 X 200MM","UN    ","CR",482.87]
[20043,"REDUCAO EXCENTRICA PVC P/ ESG PREDIAL DN 100 X 50MM","UN    ","CR",9.82]
[20044,"REDUCAO EXCENTRICA PVC P/ ESG PREDIAL DN 100 X 75MM","UN    ","CR",11.47]
[20042,"REDUCAO EXCENTRICA PVC P/ ESG PREDIAL DN 75 X 50MM","UN    ","CR",8.31]
[20046,"REDUCAO EXCENTRICA PVC, SERIE R, DN 100 X 75 MM, PARA ESGOTO OU AGUAS PLUVIAIS PREDIAIS","UN    ","CR",24.34]
[20047,"REDUCAO EXCENTRICA PVC, SERIE R, DN 150 X 100 MM, PARA ESGOTO OU AGUAS PLUVIAIS PREDIAIS","UN    ","CR",66.510000000000005]
[20045,"REDUCAO EXCENTRICA PVC, SERIE R, DN 75 X 50 MM, PARA ESGOTO OU AGUAS PLUVIAIS PREDIAIS","UN    ","CR",10.01]
[20972,"REDUCAO FIXA TIPO STORZ, ENGATE RAPIDO 2.1/2\" X 1.1/2\", EM LATAO, PARA INSTALACAO PREDIAL COMBATE A INCENDIO PREDIAL","UN    ","CR",146.37]
[20032,"REDUCAO PVC PBA, JE, BB, DN 75 X 50 / DE 85 X 60 MM, PARA REDE DE AGUA","UN    ","AS",87.36]
[11321,"REDUCAO PVC PBA, JE, PB, DN 100 X 50 / DE 110 X 60 MM, PARA REDE DE AGUA","UN    ","AS",39.83]
[11323,"REDUCAO PVC PBA, JE, PB, DN 100 X 75 / DE 110 X 85 MM, PARA REDE DE AGUA","UN    ","AS",45.81]
[20327,"REDUCAO PVC PBA, JE, PB, DN 75 X 50 / DE 85 X 60 MM, PARA REDE DE AGUA","UN    ","AS",26]
[13390,"REFLETOR REDONDO EM ALUMINIO ANODIZADO PARA LAMPADA VAPOR DE MERCURIO/SODIO, CORPO EM ALUMINIO COM PINTURA EPOXI, PARA LAMPADA E-27 DE 300 W, COM SUPORTE REDONDO E ALCA REGULAVEL PARA FIXACAO.","UN    ","AS",194.26]
[6034,"REGISTRO DE ESFERA DE PASSEIO, PVC PARA POLIETILENO, 20 MM","UN    ","CR",14.69]
[6036,"REGISTRO DE ESFERA PVC, COM BORBOLETA, COM ROSCA EXTERNA, DE 1/2\"","UN    ","CR",20.010000000000002]
[6031,"REGISTRO DE ESFERA PVC, COM BORBOLETA, COM ROSCA EXTERNA, DE 3/4\"","UN    ","C ",23.51]
[6029,"REGISTRO DE ESFERA PVC, COM CABECA QUADRADA, COM ROSCA EXTERNA, 1/2\"","UN    ","CR",23.76]
[6033,"REGISTRO DE ESFERA PVC, COM CABECA QUADRADA, COM ROSCA EXTERNA, 3/4\"","UN    ","CR",31.31]
[11672,"REGISTRO DE ESFERA, PVC, COM VOLANTE, VS, ROSCAVEL, DN 1 1/2\", COM CORPO DIVIDIDO","UN    ","CR",68.12]
[11669,"REGISTRO DE ESFERA, PVC, COM VOLANTE, VS, ROSCAVEL, DN 1 1/4\", COM CORPO DIVIDIDO","UN    ","CR",64.87]
[11670,"REGISTRO DE ESFERA, PVC, COM VOLANTE, VS, ROSCAVEL, DN 1/2\", COM CORPO DIVIDIDO","UN    ","CR",24.85]
[20055,"REGISTRO DE ESFERA, PVC, COM VOLANTE, VS, ROSCAVEL, DN 1\", COM CORPO DIVIDIDO","UN    ","CR",48.58]
[11671,"REGISTRO DE ESFERA, PVC, COM VOLANTE, VS, ROSCAVEL, DN 2\", COM CORPO DIVIDIDO","UN    ","CR",104.25]
[6032,"REGISTRO DE ESFERA, PVC, COM VOLANTE, VS, ROSCAVEL, DN 3/4\", COM CORPO DIVIDIDO","UN    ","CR",29.77]
[11673,"REGISTRO DE ESFERA, PVC, COM VOLANTE, VS, SOLDAVEL, DN 20 MM, COM CORPO DIVIDIDO","UN    ","CR",23.45]
[11674,"REGISTRO DE ESFERA, PVC, COM VOLANTE, VS, SOLDAVEL, DN 25 MM, COM CORPO DIVIDIDO","UN    ","CR",30.19]
[11675,"REGISTRO DE ESFERA, PVC, COM VOLANTE, VS, SOLDAVEL, DN 32 MM, COM CORPO DIVIDIDO","UN    ","CR",47.94]
[11676,"REGISTRO DE ESFERA, PVC, COM VOLANTE, VS, SOLDAVEL, DN 40 MM, COM CORPO DIVIDIDO","UN    ","CR",64.12]
[11677,"REGISTRO DE ESFERA, PVC, COM VOLANTE, VS, SOLDAVEL, DN 50 MM, COM CORPO DIVIDIDO","UN    ","CR",66.209999999999994]
[11678,"REGISTRO DE ESFERA, PVC, COM VOLANTE, VS, SOLDAVEL, DN 60 MM, COM CORPO DIVIDIDO","UN    ","CR",121.27]
[6038,"REGISTRO DE PRESSAO PVC, ROSCAVEL, VOLANTE SIMPLES, DE 1/2\"","UN    ","CR",7.69]
[11718,"REGISTRO DE PRESSAO PVC, ROSCAVEL, VOLANTE SIMPLES, DE 3/4\"","UN    ","CR",21.94]
[6037,"REGISTRO DE PRESSAO PVC, SOLDAVEL, VOLANTE SIMPLES, DE 20 MM","UN    ","CR",16]
[11719,"REGISTRO DE PRESSAO PVC, SOLDAVEL, VOLANTE SIMPLES, DE 25 MM","UN    ","CR",17.8]
[6019,"REGISTRO GAVETA BRUTO EM LATAO FORJADO, BITOLA 1 \" (REF 1509)","UN    ","CR",65.87]
[6010,"REGISTRO GAVETA BRUTO EM LATAO FORJADO, BITOLA 1 1/2 \" (REF 1509)","UN    ","CR",113.33]
[6017,"REGISTRO GAVETA BRUTO EM LATAO FORJADO, BITOLA 1 1/4 \" (REF 1509)","UN    ","CR",89.77]
[6020,"REGISTRO GAVETA BRUTO EM LATAO FORJADO, BITOLA 1/2 \" (REF 1509)","UN    ","CR",39.56]
[6028,"REGISTRO GAVETA BRUTO EM LATAO FORJADO, BITOLA 2 \" (REF 1509)","UN    ","CR",157.85]
[6011,"REGISTRO GAVETA BRUTO EM LATAO FORJADO, BITOLA 2 1/2 \" (REF 1509)","UN    ","CR",327.37]
[6012,"REGISTRO GAVETA BRUTO EM LATAO FORJADO, BITOLA 3 \" (REF 1509)","UN    ","CR",396.34]
[6016,"REGISTRO GAVETA BRUTO EM LATAO FORJADO, BITOLA 3/4 \" (REF 1509)","UN    ","CR",41.73]
[6027,"REGISTRO GAVETA BRUTO EM LATAO FORJADO, BITOLA 4 \" (REF 1509)","UN    ","CR",825.84]
[6013,"REGISTRO GAVETA COM ACABAMENTO E CANOPLA CROMADOS, SIMPLES, BITOLA 1 \" (REF 1509)","UN    ","CR",124.62]
[6015,"REGISTRO GAVETA COM ACABAMENTO E CANOPLA CROMADOS, SIMPLES, BITOLA 1 1/2 \" (REF 1509)","UN    ","CR",181.22]
[6014,"REGISTRO GAVETA COM ACABAMENTO E CANOPLA CROMADOS, SIMPLES, BITOLA 1 1/4 \" (REF 1509)","UN    ","CR",173.26]
[6006,"REGISTRO GAVETA COM ACABAMENTO E CANOPLA CROMADOS, SIMPLES, BITOLA 1/2 \" (REF 1509)","UN    ","CR",90.24]
[6005,"REGISTRO GAVETA COM ACABAMENTO E CANOPLA CROMADOS, SIMPLES, BITOLA 3/4 \" (REF 1509)","UN    ","C ",101.8]
[11756,"REGISTRO OU REGULADOR DE GAS COZINHA, VAZAO DE 2 KG/H, 2,8 KPA","UN    ","CR",48.62]
[10904,"REGISTRO OU VALVULA GLOBO ANGULAR EM LATAO, PARA HIDRANTES EM INSTALACAO PREDIAL DE INCENDIO, 45 GRAUS, DIAMETRO DE 2 1/2\", COM VOLANTE, CLASSE DE PRESSAO DE ATE 200 PSI","UN    ","C ",204.92]
[11752,"REGISTRO PRESSAO BRUTO EM LATAO FORJADO, BITOLA 1/2 \" (REF 1400)","UN    ","CR",28.03]
[11753,"REGISTRO PRESSAO BRUTO EM LATAO FORJADO, BITOLA 3/4 \" (REF 1400)","UN    ","CR",33.47]
[6021,"REGISTRO PRESSAO COM ACABAMENTO E CANOPLA CROMADA, SIMPLES, BITOLA 1/2 \" (REF 1416)","UN    ","CR",92.88]
[6024,"REGISTRO PRESSAO COM ACABAMENTO E CANOPLA CROMADA, SIMPLES, BITOLA 3/4 \" (REF 1416)","UN    ","CR",96.01]
[38379,"REGUA DE ALUMINIO PARA PEDREIRO 2 X 1 \"","M     ","CR",63.18]
[13897,"REGUA VIBRADORA DUPLA PARA CONCRETO A GASOLINA 5,5 HP, PESO DE 60 KG, COMPRIMENTO 4 M","UN    ","AS",6131.58]
[10640,"REGUA VIBRATORIA DE CONCRETO TRELICADA, EQUIPADA COM MOTOR A GASOLINA DE 9 HP","UN    ","AS",13279.73]
[34357,"REJUNTE CIMENTICIO, QUALQUER COR","KG    ","CR",3.52]
[37329,"REJUNTE EPOXI, QUALQUER COR","KG    ","CR",74.2]
[2510,"RELE FOTOELETRICO INTERNO E EXTERNO BIVOLT 1000 W, DE CONECTOR, SEM BASE","UN    ","AS",48.65]
[12359,"RELE TERMICO BIMETAL PARA USO EM MOTORES TRIFASICOS, TENSAO 380 V, POTENCIA ATE 15 CV, CORRENTE NOMINAL MAXIMA 22 A","UN    ","CR",268.05]
[7353,"RESINA ACRILICA PREMIUM BASE AGUA - COR BRANCA","L     ","CR",30.4]
[36144,"RESPIRADOR DESCARTAVEL SEM VALVULA DE EXALACAO, PFF 1","UN    ","CR",1.45]
[10518,"RETARDO PARA CORDEL DETONANTE","UN    ","AS",137.99]
[36530,"RETROESCAVADEIRA SOBRE RODAS COM CARREGADEIRA, TRACAO 4 X 2, POTENCIA LIQUIDA 79 HP, PESO OPERACIONAL MINIMO DE 6570 KG, CAPACIDADE DA CARREGADEIRA DE 1,00 M3 E DA  RETROESCAVADEIRA MINIMA DE 0,20 M3, PROFUNDIDADE DE ESCAVACAO MAXIMA DE 4,37 M","UN    ","CR",358639.01]
[6046,"RETROESCAVADEIRA SOBRE RODAS COM CARREGADEIRA, TRACAO 4 X 4, POTENCIA LIQUIDA 72 HP, PESO OPERACIONAL MINIMO DE 7140 KG, CAPACIDADE MINIMA DA CARREGADEIRA DE 0,79 M3 E DA RETROESCAVADEIRA MINIMA DE 0,18 M3, PROFUNDIDADE DE ESCAVACAO MAXIMA DE 4,50 M","UN    ","C ",389000]
[36531,"RETROESCAVADEIRA SOBRE RODAS COM CARREGADEIRA, TRACAO 4 X 4, POTENCIA LIQUIDA 88 HP, PESO OPERACIONAL MINIMO DE 6674 KG, CAPACIDADE DA CARREGADEIRA DE 1,00 M3 E DA  RETROESCAVADEIRA MINIMA DE 0,26 M3, PROFUNDIDADE DE ESCAVACAO MAXIMA DE 4,37 M","UN    ","CR",403231.68]
[34684,"REVESTIMENTO DE PAREDE EM GRANILITE, MARMORITE OU GRANITINA - ESP = 5 MM (INCLUSO EXECUCAO)","M2    ","AS",186.85]
[34683,"REVESTIMENTO DE PAREDE EM GRANILITE, MARMORITE OU GRANITINA COLORIDO - ESP = 5 MM (INCLUSO EXECUCAO)","M2    ","AS",116.78]
[533,"REVESTIMENTO EM CERAMICA ESMALTADA COMERCIAL, PEI MENOR OU IGUAL A 3, FORMATO MENOR OU IGUAL A 2025 CM2","M2    ","CR",21.39]
[10515,"REVESTIMENTO EM CERAMICA ESMALTADA EXTRA, PEI MAIOR OU IGUAL 4, FORMATO MAIOR A 2025 CM2","M2    ","CR",40.35]
[536,"REVESTIMENTO EM CERAMICA ESMALTADA EXTRA, PEI MENOR OU IGUAL A 3, FORMATO MENOR OU IGUAL A 2025 CM2","M2    ","C ",29.19]
[153,"REVESTIMENTO EPOXI DE ALTA RESISTENCIA QUIMICA, ISENTO DE SOLVENTES, BICOMPONENTE","L     ","CR",82.95]
[34682,"REVESTIMENTO PARA ESCADA EM GRANILITE, MARMORITE OU GRANITINA ESP = 8 MM (INCLUSO EXECUCAO)","M2    ","AS",89.3]
[20205,"RIPA  APARELHADA *1,5 X 5* CM, EM MACARANDUBA, ANGELIM OU EQUIVALENTE DA REGIAO","M     ","CR",2.02]
[4412,"RIPA NAO APARELHADA  *1 X 3* CM, EM MACARANDUBA, ANGELIM OU EQUIVALENTE DA REGIAO - BRUTA","M     ","CR",1.21]
[4408,"RIPA NAO APARELHADA,  *1,5 X 5* CM, EM MACARANDUBA, ANGELIM OU EQUIVALENTE DA REGIAO -  BRUTA","M     ","CR",1.51]
[36250,"RODAFORRO EM PVC, PARA FORRO DE PVC, COMPRIMENTO 6 M","M     ","CR",6.32]
[10857,"RODAPE ARDOSIA, CINZA, 10 CM, E= *1CM","M     ","CR",26.29]
[4803,"RODAPE DE BORRACHA LISO, H = 70 MM, E = *2* MM, PARA ARGAMASSA, PRETO","M     ","CR",26.53]
[6186,"RODAPE DE MADEIRA MACICA CUMARU/IPE CHAMPANHE OU EQUIVALENTE DA REGIAO, *1,5 X 7 CM","M     ","CR",14.38]
[4829,"RODAPE EM MARMORE, POLIDO, BRANCO COMUM, L= *7* CM, E=  *2* CM, CORTE RETO","M     ","CR",35.36]
[39829,"RODAPE EM POLIESTIRENO, BRANCO, H = *5* CM, E = *1,5* CM","M     ","C ",28.29]
[20231,"RODAPE OU RODABANCADA EM GRANITO, POLIDO, TIPO ANDORINHA/ QUARTZ/ CASTELO/ CORUMBA OU OUTROS EQUIVALENTES DA REGIAO, H= 10 CM, E=  *2,0* CM","M     ","CR",49.11]
[4804,"RODAPE PLANO PARA PISO VINILICO, H = 5 CM","M     ","CR",20.37]
[34680,"RODAPE PRE-MOLDADO DE GRANILITE, MARMORITE OU GRANITINA L = 10 CM","M     ","AS",27.47]
[11573,"RODIZIO TIPO NAPOLEAO PARA JANELAS DE CORRER, EM ZAMAC, COMPRIMENTO DE APROX 60 CM, COM ROLAMENTO EM ACO","UN    ","CR",6.68]
[38401,"RODO PARA CHAO 40 CM COM CABO","UN    ","CR",10.02]
[11575,"ROLDANA CONCAVA DUPLA, 4 RODAS, EM ZAMAC COM CHAPA DE LATAO, ROLAMENTOS EM ACO, PARA PORTAS E JANELAS DE CORRER","UN    ","CR",64.42]
[38179,"ROLDANA CONCAVA DUPLA, 4 RODAS, PARA PORTA DE CORRER, EM ZAMAC COM CHAPA DE ACO,  ROLAMENTO INTERNO BLINDADO DE ACO REVESTIDO EM NYLON","UN    ","CR",53.27]
[20256,"ROLDANA PLASTICA COM PREGO, TAMANHO 30 X 30 MM, PARA INSTALACAO ELETRICA APARENTE","UN    ","CR",0.46]
[14511,"ROLO COMPACTADOR DE PNEUS, ESTATICO, PRESSAO VARIAVEL, POTENCIA 110 HP, PESO SEM/COM LASTRO 10,8/27 T, LARGURA DE ROLAGEM 2,30 M","UN    ","CR",793478.2]
[10642,"ROLO COMPACTADOR DE PNEUS, ESTATICO, PRESSAO VARIAVEL, POTENCIA 111 HP, PESO SEM/COM LASTRO 9,5/26,0 T, LARGURA DE ROLAGEM 1,90 M","UN    ","C ",747495]
[14489,"ROLO COMPACTADOR PE DE CARNEIRO VIBRATORIO, POTENCIA 125 HP, PESO OPERACIONAL SEM/COM LASTRO 11,95/13,30 T, IMPACTO DINAMICO 38,5/22,5 T, LARGURA DE TRABALHO 2,15 M","UN    ","CR",663014.16]
[14513,"ROLO COMPACTADOR PE DE CARNEIRO VIBRATORIO, POTENCIA 80 HP, PESO OPERACIONAL SEM/COM LASTRO 7,4/8,8 T, LARGURA DE TRABALHO 1,68 M","UN    ","CR",497276.35]
[13600,"ROLO COMPACTADOR VIBRATORIO DE UM CILINDRO LISO DE ACO, POTENCIA 125 HP, PESO SEM/COM LASTRO 10,75/12,92 T, IMPACTO DINAMICO 31,5/18,5 T, LARGURA TRABALHO 2,15 M","UN    ","CR",641626.53]
[10646,"ROLO COMPACTADOR VIBRATORIO DE UM CILINDRO, ACO LISO, POTENCIA 80 HP, PESO OPERACIONAL MAXIMO 8,1 T, IMPACTO DINAMICO 16,15/9,5 T, LARGURA TRABALHO 1,68 M","UN    ","CR",478289.83]
[6070,"ROLO COMPACTADOR VIBRATORIO PE DE CARNEIRO, COM CONTROLE REMOTO POR RADIO, POTENCIA  12,5 KW, PESO OPERACIONAL DE 1,675 T, LARGURA DE TRABALHO 0,85 M","UN    ","CR",653524.18000000005]
[6069,"ROLO COMPACTADOR VIBRATORIO REBOCAVEL, CILINDRO DE ACO LISO, POTENCIA DE TRACAO DE 65 CV, PESO DE 4,7 T, IMPACTO DINAMICO TOTAL DE 18,3 T, LARGURA DO ROLO 1,67 M","UN    ","CR",144373.35]
[14626,"ROLO COMPACTADOR VIBRATORIO TANDEM, ACO LISO, POTENCIA 125 HP, PESO SEM/COM LASTRO 10,20/11,65 T, LARGURA DE TRABALHO 1,73 M","UN    ","CR",715459.53]
[6067,"ROLO COMPACTADOR VIBRATORIO TANDEM, ACO LISO, POTENCIA 58 CV, PESO SEM/COM LASTRO 6,5/9,4 T, LARGURA DE TRABALHO 1,20 M","UN    ","CR",587317.51]
[38393,"ROLO DE ESPUMA POLIESTER 23 CM (SEM CABO)","UN    ","C ",14.95]
[38390,"ROLO DE LA DE CARNEIRO 23 CM (SEM CABO)","UN    ","CR",33.159999999999997]
[36532,"ROMPEDOR ELETRICO PESO 26 KG, POTENCIA OPERACIONAL DE 2,5 KW","UN    ","CR",30933.54]
[11578,"ROSETA QUADRADA, SEM FUROS, EM ACO INOX POLIDO, LARGURA APROXIMADA DE 50 MM, PARA FECHADURA DE PORTA - PARAFUSOS INCLUIDOS","UN    ","CR",13.91]
[11577,"ROSETA REDONDA DE SOBREPOR, SEM FUROS, EM ACO INOX POLIDO, DIAMETRO APROXIMADO DE 50 MM, PARA FECHADURA DE PORTA - PARAFUSOS INCLUIDOS","UN    ","CR",13.27]
[42432,"ROTACAO DIAGONAL DUPLA, APARELHO TRIPLO, EM TUBO DE ACO CARBONO, PINTURA NO PROCESSO ELETROSTATICO - EQUIPAMENTO DE GINASTICA PARA ACADEMIA AO AR LIVRE / ACADEMIA DA TERCEIRA IDADE - ATI","UN    ","AS",2128.9]
[42437,"ROTACAO VERTICAL DUPLO, EM TUBO DE ACO CARBONO, PINTURA NO PROCESSO ELETROSTATICO - EQUIPAMENTO DE GINASTICA PARA ACADEMIA AO AR LIVRE / ACADEMIA DA TERCEIRA IDADE - ATI","UN    ","AS",1618.53]
[1116,"RUFO EXTERNO DE CHAPA DE ACO GALVANIZADA NUM 26, CORTE 25 CM","M     ","CR",25.89]
[1115,"RUFO EXTERNO DE CHAPA DE ACO GALVANIZADA NUM 26, CORTE 28 CM","M     ","CR",31.02]
[1113,"RUFO EXTERNO/INTERNO DE CHAPA DE ACO GALVANIZADA NUM 26, CORTE 33 CM","M     ","CR",36.270000000000003]
[1114,"RUFO INTERNO DE CHAPA DE ACO GALVANIZADA NUM 26, CORTE 50 CM","M     ","CR",43.2]
[40873,"RUFO INTERNO/EXTERNO DE CHAPA DE ACO GALVANIZADA NUM 24, CORTE 25 CM","M     ","CR",33.81]
[20214,"RUFO PARA TELHA ESTRUTURAL DE FIBROCIMENTO 1 ABA (SEM AMIANTO)","UN    ","CR",62.82]
[7237,"RUFO PARA TELHA ONDULADA DE FIBROCIMENTO, E = 6 MM, ABA *260* MM, COMPRIMENTO 1100 MM (SEM AMIANTO)","UN    ","CR",61.5]
[11757,"SABONETEIRA DE PAREDE EM METAL CROMADO","UN    ","C ",59.05]
[11758,"SABONETEIRA PLASTICA TIPO DISPENSER PARA SABONETE LIQUIDO COM RESERVATORIO 800 A 1500 ML","UN    ","C ",41.44]
[37526,"SACO DE RAFIA PARA ENTULHO, NOVO, LISO (SEM CLICHE), *60 x 90* CM","UN    ","CR",3.11]
[6076,"SAIBRO PARA ARGAMASSA (COLETADO NO COMERCIO)","M3    ","C ",60.42]
[13109,"SAPATA DE PVC ADITIVADO NERVURADO D = 6\"","UN    ","AS",277.13]
[13110,"SAPATA DE PVC ADITIVADO NERVURADO D = 8\"","UN    ","AS",364.72]
[7581,"SAPATILHA EM ACO GALVANIZADO PARA CABOS COM DIAMETRO NOMINAL ATE 5/8\"","UN    ","AS",4.5199999999999996]
[4509,"SARRAFO *2,5 X 10* CM EM PINUS, MISTA OU EQUIVALENTE DA REGIAO - BRUTA","M     ","CR",3.17]
[4512,"SARRAFO *2,5 X 5* CM EM PINUS, MISTA OU EQUIVALENTE DA REGIAO - BRUTA","M     ","CR",1.51]
[4517,"SARRAFO *2,5 X 7,5* CM EM PINUS, MISTA OU EQUIVALENTE DA REGIAO - BRUTA","M     ","CR",2.1800000000000002]
[20206,"SARRAFO APARELHADO *2 X 10* CM, EM MACARANDUBA, ANGELIM OU EQUIVALENTE DA REGIAO","M     ","CR",5.46]
[4460,"SARRAFO NAO APARELHADO *2,5 X 10* CM, EM MACARANDUBA, ANGELIM OU EQUIVALENTE DA REGIAO -  BRUTA","M     ","CR",5.61]
[4417,"SARRAFO NAO APARELHADO *2,5 X 7* CM, EM MACARANDUBA, ANGELIM OU EQUIVALENTE DA REGIAO -  BRUTA","M     ","CR",4.32]
[4415,"SARRAFO NAO APARELHADO 2,5 X 5 CM, EM MACARANDUBA, ANGELIM OU EQUIVALENTE DA REGIAO -  BRUTA","M     ","CR",3]
[37373,"SEGURO - HORISTA (COLETADO CAIXA)","H     ","C ",0.06]
[40864,"SEGURO - MENSALISTA (COLETADO CAIXA)","MES   ","C ",11.8]
[4734,"SEIXO ROLADO PARA APLICACAO EM CONCRETO (POSTO PEDREIRA/FORNECEDOR, SEM FRETE)","M3    ","CR",200.78]
[6085,"SELADOR ACRILICO OPACO PREMIUM INTERIOR/EXTERIOR","L     ","C ",6.99]
[38396,"SELADOR HORIZONTAL PARA FITA DE ACO 1 \"","UN    ","CR",757.88]
[11622,"SELANTE A BASE DE ALCATRAO E POLIURETANO PARA JUNTAS HORIZONTAIS","KG    ","CR",62.5]
[43143,"SELANTE ACRILICO PARA TRATAMENTO / ACABAMENTO SUPERFICIAL DE CONCRETO ESTAMPADO, APARENTE, PEDRAS E OUTROS","L     ","CR",23.61]
[7317,"SELANTE DE BASE ASFALTICA PARA VEDACAO","KG    ","CR",44.49]
[142,"SELANTE ELASTICO MONOCOMPONENTE A BASE DE POLIURETANO (PU) PARA JUNTAS DIVERSAS","310ML ","CR",29.49]
[43142,"SELANTE MONOCOMPONENTE A BASE DE SILICONE DE BAIXO MODULO, PARA JUNTAS DE PAVIMENTACAO","L     ","CR",133.97]
[38123,"SELANTE TIPO VEDA CALHA PARA METAL E FIBROCIMENTO","KG    ","CR",44.19]
[42701,"SELIM COMPACTO EM PVC, SEM TRAVA,  DN 150 X 100 MM, PARA REDE COLETORA ESGOTO (NBR 10569)","UN    ","CR",61.89]
[42702,"SELIM COMPACTO EM PVC, SEM TRAVA,  DN 200 X 100 MM, PARA REDE COLETORA ESGOTO (NBR 10569)","UN    ","CR",109.98]
[37955,"SELIM COMPACTO EM PVC, SEM TRAVAS,  DN 300 X 100 MM, PARA REDE COLETORA ESGOTO (NBR 10569)","UN    ","CR",142.53]
[42699,"SELIM PVC, COM TRAVA, JE, 90 GRAUS,  DN 125 X 100 MM OU 150 X 100 MM, PARA REDE COLETORA ESGOTO (NBR 10569)","UN    ","CR",37.81]
[42700,"SELIM PVC, SOLDAVEL, SEM TRAVA, JE, 90 GRAUS,  DN 200 X 100 MM, PARA REDE COLETORA ESGOTO (NBR 10569)","UN    ","CR",107.78]
[37743,"SEMIRREBOQUE COM DOIS EIXOS EM TANDEM TIPO BASCULANTE COM CACAMBA METALICA 14 M3  (INCLUI MONTAGEM, NAO INCLUI CAVALO MECANICO)","UN    ","CR",188591.6]
[37744,"SEMIRREBOQUE COM TRES EIXOS EM TANDEM TIPO BASCULANTE COM CACAMBA METALICA 18 M3 (INCLUI MONTAGEM, NAO INCLUI CAVALO MECANICO)","UN    ","CR",221748.25]
[37741,"SEMIRREBOQUE COM TRES EIXOS, PARA TRANSPORTE DE CARGA SECA, DIMENSOES APROXIMADAS 2,60 X 12,50 X 0,50 M (NAO INCLUI CAVALO MECANICO)","UN    ","CR",171485.31]
[39396,"SENSOR DE PRESENCA BIVOLT COM FOTOCELULA PARA QUALQUER TIPO DE LAMPADA, POTENCIA MAXIMA *1000* W, USO EXTERNO","UN    ","AS",95.27]
[39392,"SENSOR DE PRESENCA BIVOLT DE PAREDE COM FOTOCELULA PARA QUALQUER TIPO DE LAMPADA POTENCIA MAXIMA *1000* W, USO INTERNO","UN    ","AS",107.47]
[39393,"SENSOR DE PRESENCA BIVOLT DE PAREDE SEM FOTOCELULA PARA QUALQUER TIPO DE LAMPADA POTENCIA MAXIMA *1000* W, USO INTERNO","UN    ","AS",66.459999999999994]
[39394,"SENSOR DE PRESENCA BIVOLT DE TETO COM FOTOCELULA PARA QUALQUER TIPO DE LAMPADA POTENCIA MAXIMA *1000* W, USO INTERNO","UN    ","AS",74.8]
[39395,"SENSOR DE PRESENCA BIVOLT DE TETO SEM FOTOCELULA PARA QUALQUER TIPO DE LAMPADA POTENCIA MAXIMA *900* W, USO INTERNO","UN    ","AS",69.56]
[14618,"SERRA CIRCULAR DE BANCADA COM MOTOR ELETRICO, POTENCIA DE *1600* W, PARA DISCO DE DIAMETRO DE 10\" (250 MM)","UN    ","CR",1369.8]
[40269,"SERRA CIRCULAR DE BANCADA, MODELO PICA-PAU, DIAMETRO DE 350 MM. CARACTERISTICAS DO MOTOR: TRIFASICO, POTENCIA DE 5 HP, FREQUENCIA DE 60 HZ","UN    ","CR",5518.81]
[6110,"SERRALHEIRO (HORISTA)","H     ","CR",17.59]
[40910,"SERRALHEIRO (MENSALISTA)","MES   ","CR",3100.57]
[6111,"SERVENTE DE OBRAS","H     ","C ",13.83]
[41084,"SERVENTE DE OBRAS (MENSALISTA)","MES   ","CR",2438.02]
[44535,"SERVICO DE BOMBEAMENTO DE CONCRETO COM CONSUMO MINIMO DE 40  M3","M3    ","CR",42.77]
[38637,"SIFAO EM METAL CROMADO PARA PIA AMERICANA, 1.1/2 X 1.1/2 \"","UN    ","CR",320.47000000000003]
[6150,"SIFAO EM METAL CROMADO PARA PIA AMERICANA, 1.1/2 X 2 \"","UN    ","CR",324.39]
[6136,"SIFAO EM METAL CROMADO PARA PIA OU LAVATORIO, 1 X 1.1/2 \"","UN    ","C ",254.99]
[38638,"SIFAO EM METAL CROMADO PARA TANQUE, 1.1/4 X 1.1/2 \"","UN    ","CR",270.05]
[20262,"SIFAO PLASTICO EXTENSIVEL UNIVERSAL, TIPO COPO","UN    ","CR",19.68]
[6148,"SIFAO PLASTICO FLEXIVEL SAIDA VERTICAL PARA COLUNA LAVATORIO, 1 X 1.1/2 \"","UN    ","C ",11.9]
[6145,"SIFAO PLASTICO TIPO COPO PARA PIA AMERICANA 1.1/2 X 1.1/2 \"","UN    ","CR",21.34]
[6149,"SIFAO PLASTICO TIPO COPO PARA PIA OU LAVATORIO, 1 X 1.1/2 \"","UN    ","CR",20.13]
[6146,"SIFAO PLASTICO TIPO COPO PARA TANQUE, 1.1/4 X 1.1/2 \"","UN    ","CR",21.38]
[44536,"SILICA ATIVA PARA ADICAO EM CONCRETO E  ARGAMASSA","KG    ","CR",2.48]
[39961,"SILICONE ACETICO USO GERAL INCOLOR 280 G","UN    ","CR",19.489999999999998]
[42433,"SIMULADOR DE CAMINHADA TRIPLO, EM TUBO DE ACO CARBONO, PINTURA NO PROCESSO ELETROSTATICO - EQUIPAMENTO DE GINASTICA PARA ACADEMIA AO AR LIVRE / ACADEMIA DA TERCEIRA IDADE - ATI","UN    ","AS",4205.03]
[42434,"SIMULADOR DE CAVALGADA TRIPLO, EM TUBO DE ACO CARBONO, PINTURA NO PROCESSO ELETROSTATICO - EQUIPAMENTO DE GINASTICA PARA ACADEMIA AO AR LIVRE / ACADEMIA DA TERCEIRA IDADE - ATI","UN    ","AS",4544.1400000000003]
[42435,"SIMULADOR DE REMO INDIVIDUAL, EM TUBO DE ACO CARBONO, PINTURA NO PROCESSO ELETROSTATICO - EQUIPAMENTO DE GINASTICA PARA ACADEMIA AO AR LIVRE / ACADEMIA DA TERCEIRA IDADE - ATI","UN    ","AS",2265.9899999999998]
[38061,"SINALIZADOR NOTURNO SIMPLES PARA PARA-RAIOS, SEM RELE FOTOELETRICO","UN    ","CR",48.35]
[20250,"SISAL EM FIBRA","KG    ","C ",14]
[13388,"SOLDA EM BARRA DE ESTANHO-CHUMBO 50/50","KG    ","CR",323.62]
[39914,"SOLDA EM VARETA FOSCOPER, D = *2,5* MM  X COMPRIMENTO 500 MM","KG    ","AS",289.41000000000003]
[12732,"SOLDA ESTANHO/COBRE PARA CONEXOES DE COBRE, FIO 2,5 MM, CARRETEL 500 GR (SEM CHUMBO)","UN    ","AS",333.94]
[6160,"SOLDADOR","H     ","C ",21.43]
[41087,"SOLDADOR (MENSALISTA)","MES   ","CR",3778.01]
[6166,"SOLDADOR ELETRICO (PARA SOLDA A SER TESTADA COM RAIOS \"X\")","H     ","CR",18.77]
[41088,"SOLDADOR ELETRICO (PARA SOLDA A SER TESTADA COM RAIOS \"X\") (MENSALISTA)","MES   ","CR",3310.13]
[20232,"SOLEIRA EM GRANITO, POLIDO, TIPO ANDORINHA/ QUARTZ/ CASTELO/ CORUMBA OU OUTROS EQUIVALENTES DA REGIAO, L= *15* CM, E=  *2,0* CM","M     ","CR",69.52]
[10856,"SOLEIRA PRE-MOLDADA EM GRANILITE, MARMORITE OU GRANITINA, L = *15 CM","M     ","AS",75.56]
[4828,"SOLEIRA/ PEITORIL EM MARMORE, POLIDO, BRANCO COMUM, L= *15* CM, E=  *2* CM,  CORTE RETO","M     ","CR",52.77]
[20249,"SOLEIRA/ TABEIRA EM MARMORE, POLIDO, BRANCO COMUM, L= 5 CM, E=  *2,0* CM","M     ","CR",28.9]
[11609,"SOLUCAO ASFALTICA ELASTOMERICA PARA IMPRIMACAO, APLICACAO A FRIO","L     ","CR",10.38]
[20083,"SOLUCAO PREPARADORA / LIMPADORA PARA PVC, FRASCO COM 1000 CM3","UN    ","CR",90.57]
[10691,"SOLVENTE PARA COLA (PARA LAMINADO MELAMINICO) A BASE DE RESINA SINTETICA","L     ","CR",58.54]
[12295,"SOQUETE DE BAQUELITE BASE E27, PARA LAMPADAS","UN    ","CR",3.92]
[12296,"SOQUETE DE PORCELANA BASE E27, FIXO DE TETO, PARA LAMPADAS","UN    ","CR",5.07]
[12294,"SOQUETE DE PORCELANA BASE E27, PARA USO AO TEMPO, PARA LAMPADAS","UN    ","CR",12.17]
[14543,"SOQUETE DE PVC / TERMOPLASTICO BASE E27, COM CHAVE, PARA LAMPADAS","UN    ","CR",8.69]
[13329,"SOQUETE DE PVC / TERMOPLASTICO BASE E27, COM RABICHO, PARA LAMPADAS","UN    ","C ",5.0999999999999996]
[21044,"SPRINKLER TIPO PENDENTE, 68 GRAUS CELSIUS (BULBO VERMELHO), ACABAMENTO CROMADO, 1/2\" - 15 MM","UN    ","CR",50.35]
[21045,"SPRINKLER TIPO PENDENTE, 68 GRAUS CELSIUS (BULBO VERMELHO), ACABAMENTO CROMADO, 3/4\" - 20 MM","UN    ","CR",68.959999999999994]
[21040,"SPRINKLER TIPO PENDENTE, 68 GRAUS CELSIUS (BULBO VERMELHO), ACABAMENTO NATURAL, 1/2\" - 15 MM","UN    ","C ",49.27]
[21041,"SPRINKLER TIPO PENDENTE, 68 GRAUS CELSIUS (BULBO VERMELHO), ACABAMENTO NATURAL, 3/4\" - 20 MM","UN    ","CR",59.47]
[21047,"SPRINKLER TIPO PENDENTE, 79 GRAUS CELSIUS (BULBO AMARELO), ACABAMENTO CROMADO, 3/4\" - 20 MM","UN    ","CR",74.23]
[21043,"SPRINKLER TIPO PENDENTE, 79 GRAUS CELSIUS (BULBO AMARELO), ACABAMENTO NATURAL, 3/4\" - 20 MM","UN    ","CR",72.27]
[21042,"SPRINKLER TIPO PENDENTE, 79 GRAUS CELSIUS (BULBO AMARELO,) ACABAMENTO NATURAL OU CROMADO, 1/2\" - 15 MM","UN    ","CR",57.22]
[14149,"SUPORTE \"Y\" PARA FITA PERFURADA","CENTO ","AS",188.84]
[38099,"SUPORTE DE FIXACAO PARA ESPELHO / PLACA 4\" X 2\", PARA 3 MODULOS, PARA INSTALACAO DE TOMADAS E INTERRUPTORES (SOMENTE SUPORTE)","UN    ","CR",1.62]
[38100,"SUPORTE DE FIXACAO PARA ESPELHO / PLACA 4\" X 4\", PARA 6 MODULOS, PARA INSTALACAO DE TOMADAS E INTERRUPTORES (SOMENTE SUPORTE)","UN    ","CR",2.65]
[20061,"SUPORTE DE PVC PARA CALHA PLUVIAL, DIAMETRO ENTRE 119 E 170 MM, PARA DRENAGEM PREDIAL","UN    ","AS",3.17]
[7576,"SUPORTE EM ACO GALVANIZADO PARA TRANSFORMADOR PARA POSTE DUPLO T 185 X 95 MM, CHAPA DE 5/16\"","UN    ","AS",185.58]
[3384,"SUPORTE GUIA SIMPLES COM ROLDANA EM POLIPROPILENO PARA CHUMBAR, H = 20 CM","UN    ","CR",9.9700000000000006]
[7572,"SUPORTE ISOLADOR REFORCADO DIAMETRO NOMINAL 5/16\", COM ROSCA SOBERBA E BUCHA","UN    ","CR",7.9]
[3396,"SUPORTE ISOLADOR SIMPLES DIAMETRO NOMINAL 5/16\", COM ROSCA SOBERBA E BUCHA","UN    ","CR",5.34]
[37590,"SUPORTE MAO-FRANCESA EM ACO, ABAS IGUAIS 30 CM, CAPACIDADE MINIMA 60 KG, BRANCO","UN    ","CR",26.69]
[37591,"SUPORTE MAO-FRANCESA EM ACO, ABAS IGUAIS 40 CM, CAPACIDADE MINIMA 70 KG, BRANCO","UN    ","CR",32.08]
[12626,"SUPORTE METALICO PARA CALHA PLUVIAL,  ZINCADO, DOBRADO, DIAMETRO ENTRE 119 E 170 MM, PARA DRENAGEM PREDIAL","UN    ","AS",15.21]
[11033,"SUPORTE PARA CALHA DE 150 MM EM FERRO GALVANIZADO","UN    ","CR",5.18]
[390,"SUPORTE PARA TUBO DIAMETRO NOMINAL 2\", COM ROSCA MECANICA","UN    ","CR",9.67]
[42436,"SURF DUPLO, EM TUBO DE ACO CARBONO, PINTURA NO PROCESSO ELETROSTATICO - EQUIPAMENTO DE GINASTICA PARA ACADEMIA AO AR LIVRE / ACADEMIA DA TERCEIRA IDADE - ATI","UN    ","AS",2371.85]
[6193,"TABUA  NAO  APARELHADA  *2,5 X 20* CM, EM MACARANDUBA, ANGELIM OU EQUIVALENTE DA REGIAO - BRUTA","M     ","CR",11.23]
[6194,"TABUA *2,5 X 15 CM EM PINUS, MISTA OU EQUIVALENTE DA REGIAO - BRUTA","M     ","CR",4.46]
[10567,"TABUA *2,5 X 23* CM EM PINUS, MISTA OU EQUIVALENTE DA REGIAO - BRUTA","M     ","CR",7.06]
[6212,"TABUA *2,5 X 30 CM EM PINUS, MISTA OU EQUIVALENTE DA REGIAO - BRUTA","M     ","C ",10.37]
[3993,"TABUA APARELHADA *2,5 X 15* CM, EM MACARANDUBA, ANGELIM OU EQUIVALENTE DA REGIAO","M2    ","CR",72.61]
[3990,"TABUA APARELHADA *2,5 X 25* CM, EM MACARANDUBA, ANGELIM OU EQUIVALENTE DA REGIAO","M     ","CR",13.66]
[3992,"TABUA APARELHADA *2,5 X 30* CM, EM MACARANDUBA, ANGELIM OU EQUIVALENTE DA REGIAO","M     ","CR",18.440000000000001]
[6178,"TABUA DE  MADEIRA PARA PISO, CUMARU/IPE CHAMPANHE OU EQUIVALENTE DA REGIAO, ENCAIXE MACHO/FEMEA, *10 X 2* CM","M2    ","CR",239.98]
[6180,"TABUA DE  MADEIRA PARA PISO, CUMARU/IPE CHAMPANHE OU EQUIVALENTE DA REGIAO, ENCAIXE MACHO/FEMEA, *15 X 2* CM","M2    ","C ",259]
[6182,"TABUA DE  MADEIRA PARA PISO, IPE (CERNE) OU EQUIVALENTE DA REGIAO, ENCAIXE MACHO/FEMEA, *20 X 2* CM","M2    ","CR",321.48]
[43614,"TABUA NAO APARELHADA *2,5 X 15* CM, EM MACARANDUBA, ANGELIM OU EQUIVALENTE DA REGIAO - BRUTA","M     ","CR",9.23]
[6189,"TABUA NAO APARELHADA *2,5 X 30* CM, EM MACARANDUBA, ANGELIM OU EQUIVALENTE DA REGIAO - BRUTA","M     ","CR",16.39]
[6214,"TACO DE MADEIRA PARA PISO, IPE (CERNE) OU EQUIVALENTE DA REGIAO, 7 X 42 CM, E = 2 CM","M2    ","CR",150.32]
[36153,"TALABARTE DE SEGURANCA, 2 MOSQUETOES TRAVA DUPLA *53* MM DE ABERTURA, COM ABSORVEDOR DE ENERGIA","UN    ","CR",173.87]
[10740,"TALHA ELETRICA 3 T, VELOCIDADE  2,1 M / MIN, POTENCIA 1,3 KW","UN    ","CR",10120.44]
[13914,"TALHA MANUAL DE CORRENTE, CAPACIDADE DE 1 T COM ELEVACAO DE 3 M","UN    ","CR",732.25]
[10742,"TALHA MANUAL DE CORRENTE, CAPACIDADE DE 2 T COM ELEVACAO DE 3 M","UN    ","C ",1068]
[38465,"TALHADEIRA COM PUNHO DE PROTECAO *20 X 250* MM","UN    ","CR",45.77]
[7543,"TAMPA CEGA EM PVC PARA CONDULETE 4 X 2\"","UN    ","CR",6.78]
[43427,"TAMPA DE CONCRETO ARMADO PARA FOSSA SEPTICA, DIAMETRO NOMINAL DE 3,00 M E ESPESSURA MINIMA DE 100 MM","UN    ","CR",1499.43]
[41613,"TAMPA DE CONCRETO ARMADO PARA FOSSA, D = *0,90* M, E = 0,05 M","UN    ","CR",96.38]
[41614,"TAMPA DE CONCRETO ARMADO PARA FOSSA, D = *1,10* M, E = 0,05 M","UN    ","CR",122.81]
[41615,"TAMPA DE CONCRETO ARMADO PARA FOSSA, D = *1,35* M, E = 0,05 M","UN    ","CR",189.81]
[41616,"TAMPA DE CONCRETO ARMADO PARA FOSSA, D = 1,50 M, E = 0,05 M","UN    ","CR",283.61]
[41617,"TAMPA DE CONCRETO ARMADO PARA FOSSA, D = 2,00 M, E = 0,05 M","UN    ","CR",563.92999999999995]
[41618,"TAMPA DE CONCRETO ARMADO PARA FOSSA, D = 2,50 M, E = 0,05 M","UN    ","CR",1038.17]
[43428,"TAMPA DE CONCRETO ARMADO PARA POCO DE INSPECAO, COM FURO E TAMPINHA, DIAMETRO NOMINAL DE 3,00 M E ESPESSURA MINIMA DE 100 MM","UN    ","CR",1823.57]
[41619,"TAMPA DE CONCRETO ARMADO PARA POCO, COM  FURO E TAMPINHA, D = *0,90* M, E = 0,05 M","UN    ","CR",118.15]
[41620,"TAMPA DE CONCRETO ARMADO PARA POCO, COM  FURO E TAMPINHA, D = *1,10* M, E = 0,05 M","UN    ","CR",149.24]
[41622,"TAMPA DE CONCRETO ARMADO PARA POCO, COM  FURO E TAMPINHA, D = *1,35* M, E = 0,05 M","UN    ","CR",258.83999999999997]
[41623,"TAMPA DE CONCRETO ARMADO PARA POCO, COM  FURO E TAMPINHA, D = 1,50 M, E = 0,05 M","UN    ","CR",397.98]
[41624,"TAMPA DE CONCRETO ARMADO PARA POCO, COM  FURO E TAMPINHA, D = 2,00 M, E = 0,05 M","UN    ","CR",746.21]
[41625,"TAMPA DE CONCRETO ARMADO PARA POCO, COM  FURO E TAMPINHA, D = 2,50 M, E = 0,05 M","UN    ","CR",1148.08]
[39352,"TAMPA PARA CONDULETE, EM PVC, PARA TOMADA HEXAGONAL","UN    ","CR",4.18]
[39346,"TAMPA PARA CONDULETE, EM PVC, PARA 1 INTERRUPTOR","UN    ","CR",4.18]
[39350,"TAMPA PARA CONDULETE, EM PVC, PARA 1 MODULO RJ","UN    ","CR",4.5]
[39351,"TAMPA PARA CONDULETE, EM PVC, PARA 2 MODULOS RJ","UN    ","CR",5.21]
[38952,"TAMPAO / CAP, ROSCA FEMEA, METALICO, PARA TUBO PEX, DN 1/2\"","UN    ","CR",6.23]
[38953,"TAMPAO / CAP, ROSCA FEMEA, METALICO, PARA TUBO PEX, DN 3/4\"","UN    ","CR",9.82]
[38835,"TAMPAO / CAP, ROSCA MACHO, PARA TUBO PEX, DN 1/2\"","UN    ","CR",8.81]
[38837,"TAMPAO / CAP, ROSCA MACHO, PARA TUBO PEX, DN 1\"","UN    ","CR",22.94]
[38836,"TAMPAO / CAP, ROSCA MACHO, PARA TUBO PEX, DN 3/4\"","UN    ","CR",12.7]
[2666,"TAMPAO / TERMINAL / PLUG, D = 1 1/4\" , PARA DUTO CORRUGADO PEAD (CABEAMENTO SUBTERRANEO)","UN    ","CR",11.98]
[2668,"TAMPAO / TERMINAL / PLUG, D = 2\" , PARA DUTO CORRUGADO PEAD (CABEAMENTO SUBTERRANEO)","UN    ","CR",13.68]
[2664,"TAMPAO / TERMINAL / PLUG, D = 3\" , PARA DUTO CORRUGADO PEAD (CABEAMENTO SUBTERRANEO)","UN    ","CR",20.18]
[2662,"TAMPAO / TERMINAL / PLUG, D = 4\" , PARA DUTO CORRUGADO PEAD (CABEAMENTO SUBTERRANEO)","UN    ","CR",24.75]
[20964,"TAMPAO COM CORRENTE, EM LATAO, ENGATE RAPIDO 1 1/2\", PARA INSTALACAO PREDIAL DE COMBATE A INCENDIO","UN    ","CR",80.010000000000005]
[10905,"TAMPAO COM CORRENTE, EM LATAO, ENGATE RAPIDO 2 1/2\", PARA INSTALACAO PREDIAL DE COMBATE A INCENDIO","UN    ","CR",107.33]
[42703,"TAMPAO COMPLETO PARA TIL, EM PVC, OCRE, DN 100 MM, PARA REDE COLETORA DE ESGOTO","UN    ","CR",121.11]
[42704,"TAMPAO COMPLETO PARA TIL, EM PVC, OCRE, DN 150 MM, PARA REDE COLETORA DE ESGOTO","UN    ","CR",185.93]
[42705,"TAMPAO COMPLETO PARA TIL, EM PVC, OCRE, DN 200 MM, PARA REDE COLETORA DE ESGOTO","UN    ","CR",237.22]
[42706,"TAMPAO COMPLETO PARA TIL, EM PVC, OCRE, DN 250 MM, PARA REDE COLETORA DE ESGOTO","UN    ","CR",293.79000000000002]
[11289,"TAMPAO FOFO ARTICULADO P/ REGISTRO, CLASSE A15 CARGA MAX 1,5 T, *200 X 200* MM","UN    ","AS",104.18]
[11241,"TAMPAO FOFO ARTICULADO P/ REGISTRO, CLASSE A15 CARGA MAXIMA 1,5 T, *400 X 400* MM","UN    ","AS",260.45999999999998]
[11301,"TAMPAO FOFO ARTICULADO, CLASSE B125 CARGA MAX 12,5 T, REDONDO TAMPA 600 MM, REDE PLUVIAL/ESGOTO","UN    ","AS",660.46]
[21090,"TAMPAO FOFO ARTICULADO, CLASSE D400 CARGA MAX 40 T, REDONDO TAMPA *600 MM, REDE PLUVIAL/ESGOTO","UN    ","AS",809.3]
[14112,"TAMPAO FOFO SIMPLES COM BASE, CLASSE A15 CARGA MAX 1,5 T, *400 X 600* MM, REDE TELEFONE","UN    ","AS",337.67]
[11315,"TAMPAO FOFO SIMPLES COM BASE, CLASSE A15 CARGA MAX 1,5 T, 300 X 300 MM, REDE PLUVIAL/ESGOTO","UN    ","AS",158.13]
[21071,"TAMPAO FOFO SIMPLES COM BASE, CLASSE A15 CARGA MAX 1,5 T, 400 X 400 MM, REDE PLUVIAL/ESGOTO/ELETRICA","UN    ","AS",241.86]
[11316,"TAMPAO FOFO SIMPLES COM BASE, CLASSE B125 CARGA MAX 12,5 T, REDONDO TAMPA 500 MM, REDE PLUVIAL/ESGOTO","UN    ","AS",520.92999999999995]
[6243,"TAMPAO FOFO SIMPLES COM BASE, CLASSE B125 CARGA MAX 12,5 T, REDONDO TAMPA 600 MM, REDE PLUVIAL/ESGOTO","UN    ","AS",600]
[6240,"TAMPAO FOFO SIMPLES COM BASE, CLASSE D400 CARGA MAX 40 T, REDONDO TAMPA 600 MM, REDE PLUVIAL/ESGOTO","UN    ","AS",794.41]
[11296,"TAMPAO FOFO SIMPLES COM BASE, CLASSE D400 CARGA MAX 40 T, REDONDO TAMPA 900 MM, REDE PLUVIAL/ESGOTO","UN    ","AS",2531.16]
[11299,"TAMPAO FOFO SIMPLES, CLASSE A15 CARGA MAX 1,5 T, *550 X 1100* MM, REDE TELEFONE","UN    ","AS",856.74]
[11688,"TANQUE ACO INOXIDAVEL (ACO 304) COM ESFREGADOR E VALVULA, DE *50 X 40 X 22* CM","UN    ","CR",553.38]
[37736,"TANQUE DE ACO CARBONO NAO REVESTIDO, PARA TRANSPORTE DE AGUA COM CAPACIDADE DE 10 M3, COM BOMBA CENTRIFUGA POR TOMADA DE FORCA, VAZAO MAXIMA *75* M3/H (INCLUI MONTAGEM, NAO INCLUI CAMINHAO)","UN    ","AS",88800]
[37739,"TANQUE DE ACO PARA TRANSPORTE DE AGUA COM CAPACIDADE DE 14 M3 (INCLUI MONTAGEM, NAO INCLUI CAMINHAO)","UN    ","AS",109292.3]
[37740,"TANQUE DE ACO PARA TRANSPORTE DE AGUA COM CAPACIDADE DE 4 M3 (INCLUI MONTAGEM, NAO INCLUI CAMINHAO)","UN    ","AS",62367.88]
[37738,"TANQUE DE ACO PARA TRANSPORTE DE AGUA COM CAPACIDADE DE 6 M3 (INCLUI MONTAGEM, NAO INCLUI CAMINHAO)","UN    ","AS",74099]
[37737,"TANQUE DE ACO PARA TRANSPORTE DE AGUA COM CAPACIDADE DE 8 M3 (INCLUI MONTAGEM, NAO INCLUI CAMINHAO)","UN    ","AS",58952.5]
[25014,"TANQUE DE ASFALTO ESTACIONARIO COM MACARICO, CAPACIDADE 20.000 L","UN    ","AS",123473.57]
[25013,"TANQUE DE ASFALTO ESTACIONARIO COM SERPENTINA, CAPACIDADE 20.000 L","UN    ","AS",129413.38]
[14405,"TANQUE DE ASFALTO ESTACIONARIO COM SERPENTINA, CAPACIDADE 30.000 L","UN    ","AS",151910.35999999999]
[20271,"TANQUE DE LOUCA BRANCA, COM COLUNA, *30* L","UN    ","CR",458.17]
[10423,"TANQUE DE LOUCA BRANCA, SUSPENSO, *20* L","UN    ","CR",336.4]
[36790,"TANQUE DUPLO EM MARMORE SINTETICO COM CUBA LISA E ESFREGADOR, *110 X 60* CM","UN    ","CR",316.18]
[37589,"TANQUE SIMPLES EM MARMORE SINTETICO COM COLUNA, CAPACIDADE *22* L, *60 X 46* CM","UN    ","CR",387.4]
[11690,"TANQUE SIMPLES EM MARMORE SINTETICO DE FIXAR NA PAREDE, CAPACIDADE *22* L, *60 X 46* CM","UN    ","CR",205.8]
[20234,"TANQUE SIMPLES EM MARMORE SINTETICO SUSPENSO, CAPACIDADE *38* L, *60 X 60* CM","UN    ","CR",260.44]
[4763,"TAQUEADOR OU TAQUEIRO","H     ","CR",21.58]
[41070,"TAQUEADOR OU TAQUEIRO (MENSALISTA)","MES   ","CR",3804.84]
[44480,"TARIFA \"A\" ENTRE  0 E 20M3 FORNECIMENTO  D'AGUA","M3    ","CR",20.239999999999998]
[11457,"TARJETA LIVRE / OCUPADO PARA PORTA DE BANHEIRO, CORPO EM ZAMAC E ESPELHO EM LATAO","UN    ","CR",52.66]
[44073,"TARUGO DELIMITADOR DE PROFUNDIDADE EM ESPUMA DE POLIETILENO DE BAIXA DENSIDADE 10 MM, CINZA","M     ","CR",0.83]
[21121,"TE CPVC, SOLDAVEL, 90 GRAUS, 15 MM, PARA AGUA QUENTE PREDIAL","UN    ","CR",3.88]
[38010,"TE CPVC, SOLDAVEL, 90 GRAUS, 22 MM, PARA AGUA QUENTE PREDIAL","UN    ","CR",6.34]
[38011,"TE CPVC, SOLDAVEL, 90 GRAUS, 28 MM, PARA AGUA QUENTE PREDIAL","UN    ","CR",11.7]
[38012,"TE CPVC, SOLDAVEL, 90 GRAUS, 35 MM, PARA AGUA QUENTE PREDIAL","UN    ","CR",39.99]
[38013,"TE CPVC, SOLDAVEL, 90 GRAUS, 42 MM, PARA AGUA QUENTE PREDIAL","UN    ","CR",51.91]
[38014,"TE CPVC, SOLDAVEL, 90 GRAUS, 54 MM, PARA AGUA QUENTE PREDIAL","UN    ","CR",84.48]
[38015,"TE CPVC, SOLDAVEL, 90 GRAUS, 73 MM, PARA AGUA QUENTE PREDIAL","UN    ","CR",203.99]
[38016,"TE CPVC, SOLDAVEL, 90 GRAUS, 89 MM, PARA AGUA QUENTE PREDIAL","UN    ","CR",248.21]
[12741,"TE DE COBRE (REF 611) SEM ANEL DE SOLDA, BOLSA X BOLSA X BOLSA, 104 MM","UN    ","AS",1603.48]
[12733,"TE DE COBRE (REF 611) SEM ANEL DE SOLDA, BOLSA X BOLSA X BOLSA, 15 MM","UN    ","AS",8.07]
[12734,"TE DE COBRE (REF 611) SEM ANEL DE SOLDA, BOLSA X BOLSA X BOLSA, 22 MM","UN    ","AS",17.190000000000001]
[12735,"TE DE COBRE (REF 611) SEM ANEL DE SOLDA, BOLSA X BOLSA X BOLSA, 28 MM","UN    ","AS",28.29]
[12736,"TE DE COBRE (REF 611) SEM ANEL DE SOLDA, BOLSA X BOLSA X BOLSA, 35 MM","UN    ","AS",64.67]
[12737,"TE DE COBRE (REF 611) SEM ANEL DE SOLDA, BOLSA X BOLSA X BOLSA, 42 MM","UN    ","AS",83.31]
[12738,"TE DE COBRE (REF 611) SEM ANEL DE SOLDA, BOLSA X BOLSA X BOLSA, 54 MM","UN    ","AS",164.67]
[12739,"TE DE COBRE (REF 611) SEM ANEL DE SOLDA, BOLSA X BOLSA X BOLSA, 66 MM","UN    ","AS",468.74]
[12740,"TE DE COBRE (REF 611) SEM ANEL DE SOLDA, BOLSA X BOLSA X BOLSA, 79 MM","UN    ","AS",733.37]
[6297,"TE DE FERRO GALVANIZADO, DE 1 1/2\"","UN    ","CR",36.29]
[6296,"TE DE FERRO GALVANIZADO, DE 1 1/4\"","UN    ","CR",28.64]
[6294,"TE DE FERRO GALVANIZADO, DE 1/2\"","UN    ","CR",8.16]
[6323,"TE DE FERRO GALVANIZADO, DE 1\"","UN    ","CR",18.72]
[6299,"TE DE FERRO GALVANIZADO, DE 2 1/2\"","UN    ","CR",109.14]
[6298,"TE DE FERRO GALVANIZADO, DE 2\"","UN    ","CR",57.48]
[6295,"TE DE FERRO GALVANIZADO, DE 3/4\"","UN    ","CR",11.63]
[6322,"TE DE FERRO GALVANIZADO, DE 3\"","UN    ","CR",146.18]
[6300,"TE DE FERRO GALVANIZADO, DE 4\"","UN    ","CR",269.51]
[6321,"TE DE FERRO GALVANIZADO, DE 5\"","UN    ","CR",384.98]
[6301,"TE DE FERRO GALVANIZADO, DE 6\"","UN    ","CR",902.35]
[7105,"TE DE INSPECAO, PVC,  100 X 75 MM, SERIE NORMAL PARA ESGOTO PREDIAL","UN    ","CR",52.93]
[20183,"TE DE INSPECAO, PVC, SERIE R, 100 X 75 MM, PARA ESGOTO OU AGUAS PLUVIAIS PREDIAIS","UN    ","CR",69.69]
[38448,"TE DE INSPECAO, PVC, SERIE R, 150 X 100 MM, PARA ESGOTO OU AGUAS PLUVIAIS PREDIAIS","UN    ","CR",327.47000000000003]
[20182,"TE DE INSPECAO, PVC, SERIE R, 75 X 75 MM, PARA ESGOTO OU AGUAS PLUVIAIS PREDIAIS","UN    ","CR",39.78]
[7119,"TE DE REDUCAO COM ROSCA, PVC, 90 GRAUS, 1 X 3/4\", PARA AGUA FRIA PREDIAL","UN    ","CR",16.190000000000001]
[7120,"TE DE REDUCAO COM ROSCA, PVC, 90 GRAUS, 3/4 X 1/2\", PARA AGUA FRIA PREDIAL","UN    ","CR",11.1]
[6319,"TE DE REDUCAO DE FERRO GALVANIZADO, COM ROSCA BSP, DE 1 1/2\" X 1\"","UN    ","CR",42.63]
[6304,"TE DE REDUCAO DE FERRO GALVANIZADO, COM ROSCA BSP, DE 1 1/2\" X 3/4\"","UN    ","CR",42.63]
[21116,"TE DE REDUCAO DE FERRO GALVANIZADO, COM ROSCA BSP, DE 1 1/4\" X 3/4\"","UN    ","CR",32.28]
[6320,"TE DE REDUCAO DE FERRO GALVANIZADO, COM ROSCA BSP, DE 1\" X 1/2\"","UN    ","CR",21.95]
[6303,"TE DE REDUCAO DE FERRO GALVANIZADO, COM ROSCA BSP, DE 1\" X 3/4\"","UN    ","CR",21.95]
[6308,"TE DE REDUCAO DE FERRO GALVANIZADO, COM ROSCA BSP, DE 2 1/2\" X 1 1/2\"","UN    ","CR",117.97]
[6317,"TE DE REDUCAO DE FERRO GALVANIZADO, COM ROSCA BSP, DE 2 1/2\" X 1 1/4\"","UN    ","CR",117.97]
[6307,"TE DE REDUCAO DE FERRO GALVANIZADO, COM ROSCA BSP, DE 2 1/2\" X 1\"","UN    ","CR",117.97]
[6309,"TE DE REDUCAO DE FERRO GALVANIZADO, COM ROSCA BSP, DE 2 1/2\" X 2\"","UN    ","CR",121.4]
[6318,"TE DE REDUCAO DE FERRO GALVANIZADO, COM ROSCA BSP, DE 2\" X 1 1/2\"","UN    ","CR",63.63]
[6306,"TE DE REDUCAO DE FERRO GALVANIZADO, COM ROSCA BSP, DE 2\" X 1 1/4\"","UN    ","CR",63.63]
[6305,"TE DE REDUCAO DE FERRO GALVANIZADO, COM ROSCA BSP, DE 2\" X 1\"","UN    ","CR",63.63]
[6302,"TE DE REDUCAO DE FERRO GALVANIZADO, COM ROSCA BSP, DE 3/4\" X 1/2\"","UN    ","CR",13.5]
[6312,"TE DE REDUCAO DE FERRO GALVANIZADO, COM ROSCA BSP, DE 3\" X 1 1/2\"","UN    ","CR",169.69]
[6311,"TE DE REDUCAO DE FERRO GALVANIZADO, COM ROSCA BSP, DE 3\" X 1 1/4\"","UN    ","CR",169.69]
[6310,"TE DE REDUCAO DE FERRO GALVANIZADO, COM ROSCA BSP, DE 3\" X 1\"","UN    ","CR",169.69]
[6314,"TE DE REDUCAO DE FERRO GALVANIZADO, COM ROSCA BSP, DE 3\" X 2 1/2\"","UN    ","CR",169.69]
[6313,"TE DE REDUCAO DE FERRO GALVANIZADO, COM ROSCA BSP, DE 3\" X 2\"","UN    ","CR",169.69]
[6315,"TE DE REDUCAO DE FERRO GALVANIZADO, COM ROSCA BSP, DE 4\" X 2\"","UN    ","CR",321.3]
[6316,"TE DE REDUCAO DE FERRO GALVANIZADO, COM ROSCA BSP, DE 4\" X 3\"","UN    ","CR",321.3]
[38878,"TE DE REDUCAO METALICO, PARA CONEXAO COM ANEL DESLIZANTE EM TUBO PEX, DN 16 X 20 X 16 MM","UN    ","CR",32.270000000000003]
[38879,"TE DE REDUCAO METALICO, PARA CONEXAO COM ANEL DESLIZANTE EM TUBO PEX, DN 16 X 25 X 16 MM","UN    ","CR",60.49]
[38881,"TE DE REDUCAO METALICO, PARA CONEXAO COM ANEL DESLIZANTE EM TUBO PEX, DN 20 X 16 X 16 MM","UN    ","CR",31.65]
[38880,"TE DE REDUCAO METALICO, PARA CONEXAO COM ANEL DESLIZANTE EM TUBO PEX, DN 20 X 16 X 20 MM","UN    ","CR",33.17]
[38882,"TE DE REDUCAO METALICO, PARA CONEXAO COM ANEL DESLIZANTE EM TUBO PEX, DN 20 X 20 X 16 MM","UN    ","CR",34.35]
[38883,"TE DE REDUCAO METALICO, PARA CONEXAO COM ANEL DESLIZANTE EM TUBO PEX, DN 20 X 25 X 20 MM","UN    ","CR",50.8]
[38884,"TE DE REDUCAO METALICO, PARA CONEXAO COM ANEL DESLIZANTE EM TUBO PEX, DN 25 X 16 X 16 MM","UN    ","CR",55.15]
[38885,"TE DE REDUCAO METALICO, PARA CONEXAO COM ANEL DESLIZANTE EM TUBO PEX, DN 25 X 16 X 20 MM","UN    ","CR",53.35]
[38886,"TE DE REDUCAO METALICO, PARA CONEXAO COM ANEL DESLIZANTE EM TUBO PEX, DN 25 X 16 X 25 MM","UN    ","CR",57.58]
[38887,"TE DE REDUCAO METALICO, PARA CONEXAO COM ANEL DESLIZANTE EM TUBO PEX, DN 25 X 20 X 20 MM","UN    ","CR",51.71]
[38888,"TE DE REDUCAO METALICO, PARA CONEXAO COM ANEL DESLIZANTE EM TUBO PEX, DN 25 X 20 X 25 MM","UN    ","CR",61.48]
[38890,"TE DE REDUCAO METALICO, PARA CONEXAO COM ANEL DESLIZANTE EM TUBO PEX, DN 25 X 32 X 25 MM","UN    ","CR",91.38]
[38893,"TE DE REDUCAO METALICO, PARA CONEXAO COM ANEL DESLIZANTE EM TUBO PEX, DN 32 X 20 X 32 MM","UN    ","CR",73.489999999999995]
[38894,"TE DE REDUCAO METALICO, PARA CONEXAO COM ANEL DESLIZANTE EM TUBO PEX, DN 32 X 25 X 25 MM","UN    ","CR",93.33]
[38896,"TE DE REDUCAO METALICO, PARA CONEXAO COM ANEL DESLIZANTE EM TUBO PEX, DN 32 X 25 X 32 MM","UN    ","CR",95.17]
[39324,"TE DE REDUCAO, CPVC, 22 X 15 MM, PARA AGUA QUENTE PREDIAL","UN    ","CR",8.6]
[39325,"TE DE REDUCAO, CPVC, 28 X 22 MM, PARA AGUA QUENTE PREDIAL","UN    ","CR",13.01]
[39326,"TE DE REDUCAO, CPVC, 35 X 28 MM, PARA AGUA QUENTE PREDIAL","UN    ","CR",33.51]
[39327,"TE DE REDUCAO, CPVC, 42 X 35 MM, PARA AGUA QUENTE PREDIAL","UN    ","CR",50.76]
[20176,"TE DE REDUCAO, PVC LEVE, CURTO, 90 GRAUS, COM BOLSA PARA ANEL, 150 X 100 MM, PARA ESGOTO","UN    ","CR",60.06]
[11378,"TE DE REDUCAO, PVC PBA, BBB, JE, DN 100 X 50 / DE 110 X 60 MM, PARA REDE AGUA (NBR 10351)","UN    ","AS",124.59]
[11379,"TE DE REDUCAO, PVC PBA, BBB, JE, DN 100 X 75 / DE 110 X 85 MM, PARA REDE AGUA (NBR 10351)","UN    ","AS",105.28]
[11493,"TE DE REDUCAO, PVC PBA, BBB, JE, DN 75 X 50 / DE 85 X 60 MM, PARA REDE AGUA (NBR 10351)","UN    ","AS",60.72]
[42717,"TE DE REDUCAO, PVC, BBB, JE, 90 GRAUS, DN 200 X 150 MM, PARA TUBO CORRUGADO E/OU LISO, REDE COLETORA ESGOTO (NBR 10569)","UN    ","CR",720.76]
[42718,"TE DE REDUCAO, PVC, BBB, JE, 90 GRAUS, DN 250 X 150 MM, PARA TUBO CORRUGADO E/OU LISO, REDE COLETORA ESGOTO (NBR 10569)","UN    ","CR",800.19]
[7106,"TE DE REDUCAO, PVC, SOLDAVEL, 90 GRAUS, 110 MM X 60 MM, PARA AGUA FRIA PREDIAL","UN    ","CR",263.29000000000002]
[7104,"TE DE REDUCAO, PVC, SOLDAVEL, 90 GRAUS, 25 MM X 20 MM, PARA AGUA FRIA PREDIAL","UN    ","CR",5.49]
[7136,"TE DE REDUCAO, PVC, SOLDAVEL, 90 GRAUS, 32 MM X 25 MM, PARA AGUA FRIA PREDIAL","UN    ","CR",10.32]
[7128,"TE DE REDUCAO, PVC, SOLDAVEL, 90 GRAUS, 40 MM X 32 MM, PARA AGUA FRIA PREDIAL","UN    ","CR",16.91]
[7108,"TE DE REDUCAO, PVC, SOLDAVEL, 90 GRAUS, 50 MM X 20 MM, PARA AGUA FRIA PREDIAL","UN    ","CR",18.100000000000001]
[7129,"TE DE REDUCAO, PVC, SOLDAVEL, 90 GRAUS, 50 MM X 25 MM, PARA AGUA FRIA PREDIAL","UN    ","CR",15.04]
[7130,"TE DE REDUCAO, PVC, SOLDAVEL, 90 GRAUS, 50 MM X 32 MM, PARA AGUA FRIA PREDIAL","UN    ","CR",24.54]
[7131,"TE DE REDUCAO, PVC, SOLDAVEL, 90 GRAUS, 50 MM X 40 MM, PARA AGUA FRIA PREDIAL","UN    ","CR",30.09]
[7132,"TE DE REDUCAO, PVC, SOLDAVEL, 90 GRAUS, 75 MM X 50 MM, PARA AGUA FRIA PREDIAL","UN    ","CR",83.55]
[7133,"TE DE REDUCAO, PVC, SOLDAVEL, 90 GRAUS, 85 MM X 60 MM, PARA AGUA FRIA PREDIAL","UN    ","CR",129.77000000000001]
[37420,"TE DE SERVICO INTEGRADO, EM POLIPROPILENO (PP), PARA TUBOS EM PEAD/PVC, 60 X 20 MM - LIGACAO PREDIAL DE AGUA","UN    ","CR",73.27]
[37421,"TE DE SERVICO INTEGRADO, EM POLIPROPILENO (PP), PARA TUBOS EM PEAD/PVC, 60 X 32 MM - LIGACAO PREDIAL DE AGUA","UN    ","CR",100.14]
[37422,"TE DE SERVICO INTEGRADO, EM POLIPROPILENO (PP), PARA TUBOS EM PEAD, 63 X 20 MM - LIGACAO PREDIAL DE AGUA","UN    ","CR",93.73]
[37443,"TE DE SERVICO, PEAD PE 100, DE 125 X 20 MM, PARA ELETROFUSAO","UN    ","CR",226.74]
[37444,"TE DE SERVICO, PEAD PE 100, DE 125 X 32 MM, PARA ELETROFUSAO","UN    ","CR",230.59]
[37445,"TE DE SERVICO, PEAD PE 100, DE 125 X 63 MM, PARA ELETROFUSAO","UN    ","CR",349.51]
[37446,"TE DE SERVICO, PEAD PE 100, DE 200 X 20 MM, PARA ELETROFUSAO","UN    ","CR",381.02]
[37447,"TE DE SERVICO, PEAD PE 100, DE 200 X 32 MM, PARA ELETROFUSAO","UN    ","CR",386.99]
[37448,"TE DE SERVICO, PEAD PE 100, DE 200 X 63 MM, PARA ELETROFUSAO","UN    ","CR",530.80999999999995]
[37440,"TE DE SERVICO, PEAD PE 100, DE 63 X 20 MM, PARA ELETROFUSAO","UN    ","CR",179.97]
[37441,"TE DE SERVICO, PEAD PE 100, DE 63 X 32 MM, PARA ELETROFUSAO","UN    ","CR",179.97]
[37442,"TE DE SERVICO, PEAD PE 100, DE 63 X 63 MM, PARA ELETROFUSAO","UN    ","CR",216.77]
[38017,"TE DE TRANSICAO, CPVC, SOLDAVEL, 15 MM X 1/2\", PARA AGUA QUENTE","UN    ","CR",12.23]
[38018,"TE DE TRANSICAO, CPVC, SOLDAVEL, 22 MM X 1/2\", PARA AGUA QUENTE","UN    ","CR",13.49]
[39895,"TE DUPLA CURVA BRONZE/LATAO (REF 764) SEM ANEL DE SOLDA, ROSCA F X BOLSA X ROSCA F, 1/2\" X 15 X 1/2\"","UN    ","AS",58.25]
[39896,"TE DUPLA CURVA BRONZE/LATAO (REF 764) SEM ANEL DE SOLDA, ROSCA F X BOLSA X ROSCA F, 3/4\" X 22 X 3/4\"","UN    ","AS",85.37]
[38873,"TE METALICO, PARA CONEXAO COM ANEL DESLIZANTE EM TUBO PEX, DN 16 MM","UN    ","CR",28.62]
[38874,"TE METALICO, PARA CONEXAO COM ANEL DESLIZANTE EM TUBO PEX, DN 20 MM","UN    ","CR",34.799999999999997]
[38875,"TE METALICO, PARA CONEXAO COM ANEL DESLIZANTE EM TUBO PEX, DN 25 MM","UN    ","CR",61.51]
[38876,"TE METALICO, PARA CONEXAO COM ANEL DESLIZANTE EM TUBO PEX, DN 32 MM","UN    ","CR",82.76]
[39000,"TE MISTURADOR COM INSERTO METALICO, FEMEA, PPR, DN 25 MM X 3/4\", PARA AGUA QUENTE E FRIA PREDIAL","UN    ","CR",37.619999999999997]
[38674,"TE MISTURADOR DE TRANSICAO, CPVC, COM ROSCA, 22 MM X 3/4\", PARA AGUA QUENTE","UN    ","CR",42.51]
[38911,"TE MISTURADOR METALICO, PARA CONEXAO COM ANEL DESLIZANTE EM TUBO PEX, DN 16 MM X 1/2\"","UN    ","CR",102.63]
[38912,"TE MISTURADOR METALICO, PARA CONEXAO COM ANEL DESLIZANTE EM TUBO PEX, DN 20 MM X 3/4\"","UN    ","CR",130.43]
[38019,"TE MISTURADOR, CPVC, SOLDAVEL, 15 MM, PARA AGUA QUENTE","UN    ","CR",10.66]
[38020,"TE MISTURADOR, CPVC, SOLDAVEL, 22 MM, PARA AGUA QUENTE","UN    ","CR",13.49]
[38454,"TE MISTURADOR, PPR, F M M, DN 20 X 20 MM, PARA AGUA QUENTE PREDIAL","UN    ","CR",6.86]
[38455,"TE MISTURADOR, PPR, F M M, DN 25 X 25 MM, PARA AGUA QUENTE PREDIAL","UN    ","CR",6.28]
[38462,"TE NORMAL, PPR, SOLDAVEL, 90 GRAUS, DN 110 X 110 X 110 MM, PARA AGUA QUENTE PREDIAL","UN    ","CR",177.43]
[36362,"TE NORMAL, PPR, SOLDAVEL, 90 GRAUS, DN 20 X 20 X 20 MM, PARA AGUA QUENTE PREDIAL","UN    ","CR",2.7]
[36298,"TE NORMAL, PPR, SOLDAVEL, 90 GRAUS, DN 25 X 25 X 25 MM, PARA AGUA QUENTE PREDIAL","UN    ","CR",4]
[38456,"TE NORMAL, PPR, SOLDAVEL, 90 GRAUS, DN 32 X 32 X 32 MM, PARA AGUA QUENTE PREDIAL","UN    ","CR",6.53]
[38457,"TE NORMAL, PPR, SOLDAVEL, 90 GRAUS, DN 40 X 40 X 40 MM, PARA AGUA QUENTE PREDIAL","UN    ","CR",14.71]
[38458,"TE NORMAL, PPR, SOLDAVEL, 90 GRAUS, DN 50 X 50 X 50 MM, PARA AGUA QUENTE PREDIAL","UN    ","CR",19.72]
[38459,"TE NORMAL, PPR, SOLDAVEL, 90 GRAUS, DN 63 X 63 X 63 MM, PARA AGUA QUENTE PREDIAL","UN    ","CR",34.799999999999997]
[38460,"TE NORMAL, PPR, SOLDAVEL, 90 GRAUS, DN 75 X 75 X 75 MM, PARA AGUA QUENTE PREDIAL","UN    ","CR",72.680000000000007]
[38461,"TE NORMAL, PPR, SOLDAVEL, 90 GRAUS, DN 90 X 90 X 90 MM, PARA AGUA QUENTE PREDIAL","UN    ","CR",110.87]
[7094,"TE PVC ROSCAVEL 90 GRAUS, 1\", PARA  AGUA FRIA PREDIAL","UN    ","CR",18.97]
[7116,"TE PVC SOLDAVEL, BBB, 90 GRAUS, DN 40 MM, PARA ESGOTO SECUNDARIO PREDIAL","UN    ","CR",4.49]
[7118,"TE PVC, ROSCAVEL, 90 GRAUS, 1 1/2\", AGUA FRIA PREDIAL","UN    ","CR",41.87]
[7117,"TE PVC, ROSCAVEL, 90 GRAUS, 1 1/4\", AGUA FRIA PREDIAL","UN    ","CR",37.22]
[7098,"TE PVC, ROSCAVEL, 90 GRAUS, 1/2\",  AGUA FRIA PREDIAL","UN    ","CR",5.19]
[7110,"TE PVC, ROSCAVEL, 90 GRAUS, 2\",  AGUA FRIA PREDIAL","UN    ","CR",91.05]
[7123,"TE PVC, ROSCAVEL, 90 GRAUS, 3/4\", AGUA FRIA PREDIAL","UN    ","CR",6.68]
[7121,"TE PVC, SOLDAVEL, COM BUCHA DE LATAO NA BOLSA CENTRAL, 90 GRAUS, 20 MM X 1/2\", PARA AGUA FRIA PREDIAL","UN    ","CR",16.45]
[7137,"TE PVC, SOLDAVEL, COM BUCHA DE LATAO NA BOLSA CENTRAL, 90 GRAUS, 25 MM X 1/2\", PARA AGUA FRIA PREDIAL","UN    ","CR",14.81]
[7122,"TE PVC, SOLDAVEL, COM BUCHA DE LATAO NA BOLSA CENTRAL, 90 GRAUS, 25 MM X 3/4\", PARA AGUA FRIA PREDIAL","UN    ","CR",18.510000000000002]
[7114,"TE PVC, SOLDAVEL, COM BUCHA DE LATAO NA BOLSA CENTRAL, 90 GRAUS, 32 MM X 3/4\", PARA AGUA FRIA PREDIAL","UN    ","CR",28.53]
[7109,"TE PVC, SOLDAVEL, COM ROSCA NA BOLSA CENTRAL, 90 GRAUS, 20 MM X 1/2\", PARA AGUA FRIA PREDIAL","UN    ","CR",5]
[7135,"TE PVC, SOLDAVEL, COM ROSCA NA BOLSA CENTRAL, 90 GRAUS, 25 MM X 1/2\", PARA AGUA FRIA PREDIAL","UN    ","CR",7.8]
[37947,"TE PVC, SOLDAVEL, COM ROSCA NA BOLSA CENTRAL, 90 GRAUS, 25 MM X 3/4\", PARA AGUA FRIA PREDIAL","UN    ","CR",7.9]
[7103,"TE PVC, SOLDAVEL, COM ROSCA NA BOLSA CENTRAL, 90 GRAUS, 32 MM X 3/4\", PARA AGUA FRIA PREDIAL","UN    ","CR",18.100000000000001]
[40419,"TE RANHURADO EM FERRO FUNDIDO, DN 50 (2\")","UN    ","AS",48.71]
[40420,"TE RANHURADO EM FERRO FUNDIDO, DN 65 (2 1/2\")","UN    ","AS",71.069999999999993]
[40421,"TE RANHURADO EM FERRO FUNDIDO, DN 80 (3\")","UN    ","AS",75.650000000000006]
[7126,"TE REDUCAO PVC, ROSCAVEL, 90 GRAUS,  1.1/2\" X 3/4\",  AGUA FRIA PREDIAL","UN    ","CR",37.979999999999997]
[38905,"TE ROSCA FEMEA, METALICO, PARA CONEXAO COM ANEL DESLIZANTE EM TUBO PEX, DN 16 MM X 1/2\"","UN    ","CR",32.159999999999997]
[38907,"TE ROSCA FEMEA, METALICO, PARA CONEXAO COM ANEL DESLIZANTE EM TUBO PEX, DN 20 MM X 1/2\"","UN    ","CR",34.22]
[38908,"TE ROSCA FEMEA, METALICO, PARA CONEXAO COM ANEL DESLIZANTE EM TUBO PEX, DN 20 MM X 3/4\"","UN    ","CR",38.5]
[38909,"TE ROSCA FEMEA, METALICO, PARA CONEXAO COM ANEL DESLIZANTE EM TUBO PEX, DN 25 MM X 1/2\"","UN    ","CR",55.36]
[38910,"TE ROSCA FEMEA, METALICO, PARA CONEXAO COM ANEL DESLIZANTE EM TUBO PEX, DN 25 MM X 3/4\"","UN    ","CR",59.78]
[38897,"TE ROSCA MACHO, METALICO, PARA CONEXAO COM ANEL DESLIZANTE EM TUBO PEX, DN 16 MM X 1/2\"","UN    ","CR",32.299999999999997]
[38899,"TE ROSCA MACHO, METALICO, PARA CONEXAO COM ANEL DESLIZANTE EM TUBO PEX, DN 20 MM X 1/2\"","UN    ","CR",36.33]
[38900,"TE ROSCA MACHO, METALICO, PARA CONEXAO COM ANEL DESLIZANTE EM TUBO PEX, DN 20 MM X 3/4\"","UN    ","CR",37.869999999999997]
[38901,"TE ROSCA MACHO, METALICO, PARA CONEXAO COM ANEL DESLIZANTE EM TUBO PEX, DN 25 MM X 3/4\"","UN    ","CR",61.96]
[38904,"TE ROSCA MACHO, METALICO, PARA CONEXAO COM ANEL DESLIZANTE EM TUBO PEX, DN 32 MM X 1\"","UN    ","CR",100.65]
[38903,"TE ROSCA MACHO, METALICO, PARA CONEXAO COM ANEL DESLIZANTE EM TUBO PEX, DN 32 MM X 3/4\"","UN    ","CR",100.02]
[7091,"TE SANITARIO, PVC, DN 100 X 100 MM, SERIE NORMAL, PARA ESGOTO PREDIAL","UN    ","CR",21.14]
[11655,"TE SANITARIO, PVC, DN 100 X 50 MM, SERIE NORMAL, PARA ESGOTO PREDIAL","UN    ","CR",20.190000000000001]
[11656,"TE SANITARIO, PVC, DN 100 X 75 MM, SERIE NORMAL PARA ESGOTO PREDIAL","UN    ","CR",21.12]
[37948,"TE SANITARIO, PVC, DN 40 X 40 MM, SERIE NORMAL, PARA ESGOTO PREDIAL","UN    ","CR",4.28]
[7097,"TE SANITARIO, PVC, DN 50 X 50 MM, SERIE NORMAL, PARA ESGOTO PREDIAL","UN    ","CR",9.39]
[11657,"TE SANITARIO, PVC, DN 75 X 50 MM, SERIE NORMAL PARA ESGOTO PREDIAL","UN    ","CR",18.41]
[11658,"TE SANITARIO, PVC, DN 75 X 75 MM, SERIE NORMAL PARA ESGOTO PREDIAL","UN    ","CR",18.75]
[7146,"TE SOLDAVEL, PVC, 90 GRAUS, 110 MM, PARA AGUA FRIA PREDIAL (NBR 5648)","UN    ","CR",281.95]
[7138,"TE SOLDAVEL, PVC, 90 GRAUS, 20 MM, PARA AGUA FRIA PREDIAL (NBR 5648)","UN    ","CR",1.59]
[7139,"TE SOLDAVEL, PVC, 90 GRAUS, 25 MM, PARA AGUA FRIA PREDIAL (NBR 5648)","UN    ","CR",2.09]
[7140,"TE SOLDAVEL, PVC, 90 GRAUS, 32 MM, PARA AGUA FRIA PREDIAL (NBR 5648)","UN    ","CR",6.96]
[7141,"TE SOLDAVEL, PVC, 90 GRAUS, 40 MM, PARA AGUA FRIA PREDIAL (NBR 5648)","UN    ","CR",15.21]
[7143,"TE SOLDAVEL, PVC, 90 GRAUS, 60 MM, PARA AGUA FRIA PREDIAL (NBR 5648)","UN    ","CR",50.68]
[7144,"TE SOLDAVEL, PVC, 90 GRAUS, 75 MM, PARA AGUA FRIA PREDIAL (NBR 5648)","UN    ","CR",101.37]
[7145,"TE SOLDAVEL, PVC, 90 GRAUS, 85 MM, PARA AGUA FRIA PREDIAL (NBR 5648)","UN    ","CR",166.25]
[7142,"TE SOLDAVEL, PVC, 90 GRAUS,50 MM, PARA AGUA FRIA PREDIAL (NBR 5648)","UN    ","CR",17]
[3593,"TE 45 GRAUS DE FERRO GALVANIZADO, COM ROSCA BSP, DE 1 1/2\"","UN    ","CR",78.760000000000005]
[3588,"TE 45 GRAUS DE FERRO GALVANIZADO, COM ROSCA BSP, DE 1 1/4\"","UN    ","CR",60.71]
[3585,"TE 45 GRAUS DE FERRO GALVANIZADO, COM ROSCA BSP, DE 1/2\"","UN    ","CR",18.75]
[3587,"TE 45 GRAUS DE FERRO GALVANIZADO, COM ROSCA BSP, DE 1\"","UN    ","CR",37.67]
[3590,"TE 45 GRAUS DE FERRO GALVANIZADO, COM ROSCA BSP, DE 2 1/2\"","UN    ","CR",223.62]
[3589,"TE 45 GRAUS DE FERRO GALVANIZADO, COM ROSCA BSP, DE 2\"","UN    ","CR",120.03]
[3586,"TE 45 GRAUS DE FERRO GALVANIZADO, COM ROSCA BSP, DE 3/4\"","UN    ","CR",24.56]
[3592,"TE 45 GRAUS DE FERRO GALVANIZADO, COM ROSCA BSP, DE 3\"","UN    ","CR",353.48]
[3591,"TE 45 GRAUS DE FERRO GALVANIZADO, COM ROSCA BSP, DE 4\"","UN    ","CR",566.65]
[40396,"TE 90 GRAUS EM ACO CARBONO, SOLDAVEL, PRESSAO 3.000 LBS, DN 1 1/2\"","UN    ","CR",237.16]
[40395,"TE 90 GRAUS EM ACO CARBONO, SOLDAVEL, PRESSAO 3.000 LBS, DN 1 1/4\"","UN    ","CR",182]
[40392,"TE 90 GRAUS EM ACO CARBONO, SOLDAVEL, PRESSAO 3.000 LBS, DN 1/2\"","UN    ","CR",58.56]
[40394,"TE 90 GRAUS EM ACO CARBONO, SOLDAVEL, PRESSAO 3.000 LBS, DN 1\"","UN    ","CR",118.5]
[40398,"TE 90 GRAUS EM ACO CARBONO, SOLDAVEL, PRESSAO 3.000 LBS, DN 2 1/2\"","UN    ","CR",760.85]
[40397,"TE 90 GRAUS EM ACO CARBONO, SOLDAVEL, PRESSAO 3.000 LBS, DN 2\"","UN    ","CR",389.64]
[40393,"TE 90 GRAUS EM ACO CARBONO, SOLDAVEL, PRESSAO 3.000 LBS, DN 3/4\"","UN    ","CR",75.430000000000007]
[40399,"TE 90 GRAUS EM ACO CARBONO, SOLDAVEL, PRESSAO 3.000 LBS, DN 3\"","UN    ","CR",1244.74]
[39322,"TE, PLASTICO, DN 16 MM, PARA CONEXAO COM CRIMPAGEM EM TUBO PEX","UN    ","CR",39.01]
[39289,"TE, PLASTICO, DN 20 MM, PARA CONEXAO COM CRIMPAGEM EM TUBO PEX","UN    ","CR",46.74]
[39290,"TE, PLASTICO, DN 25 MM, PARA CONEXAO COM CRIMPAGEM EM TUBO PEX","UN    ","CR",79.319999999999993]
[39291,"TE, PLASTICO, DN 32 MM, PARA CONEXAO COM CRIMPAGEM EM TUBO PEX","UN    ","CR",118.76]
[20174,"TE, PVC LEVE, CURTO, 90 GRAUS, 150 MM, PARA ESGOTO","UN    ","CR",51.51]
[41892,"TE, PVC PBA, BBB, 90 GRAUS, DN 100 / DE 110 MM, PARA REDE  AGUA (NBR 10351)","UN    ","AS",156.78]
[7048,"TE, PVC PBA, BBB, 90 GRAUS, DN 50 / DE 60 MM, PARA REDE AGUA (NBR 10351)","UN    ","AS",33.840000000000003]
[7088,"TE, PVC PBA, BBB, 90 GRAUS, DN 75 / DE 85 MM, PARA REDE AGUA (NBR 10351)","UN    ","AS",74]
[20179,"TE, PVC, SERIE R, 100 X 100 MM, PARA ESGOTO OU AGUAS PLUVIAIS PREDIAIS","UN    ","CR",69.34]
[20178,"TE, PVC, SERIE R, 100 X 75 MM, PARA ESGOTO OU AGUAS PLUVIAIS PREDIAIS","UN    ","CR",61.28]
[20180,"TE, PVC, SERIE R, 150 X 100 MM, PARA ESGOTO OU AGUAS PLUVIAIS PREDIAIS","UN    ","CR",112.61]
[20181,"TE, PVC, SERIE R, 150 X 150 MM, PARA ESGOTO OU AGUAS PLUVIAIS PREDIAIS","UN    ","CR",167.05]
[20177,"TE, PVC, SERIE R, 75 X 75 MM, PARA ESGOTO OU AGUAS PLUVIAIS PREDIAIS","UN    ","CR",40.159999999999997]
[7082,"TE, PVC, 90 GRAUS, BBB, JE, DN 100 MM, PARA REDE COLETORA ESGOTO (NBR 10569)","UN    ","CR",77.64]
[42707,"TE, PVC, 90 GRAUS, BBB, JE, DN 100 MM, PARA TUBO CORRUGADO E/OU LISO, REDE COLETORA ESGOTO (NBR 10569","UN    ","CR",210.85]
[7069,"TE, PVC, 90 GRAUS, BBB, JE, DN 150 MM, PARA REDE COLETORA ESGOTO (NBR 10569)","UN    ","CR",172.31]
[42708,"TE, PVC, 90 GRAUS, BBB, JE, DN 150 MM, PARA TUBO CORRUGADO E/OU LISO, REDE COLETORA ESGOTO (NBR 10569)","UN    ","CR",553.42999999999995]
[7070,"TE, PVC, 90 GRAUS, BBB, JE, DN 200 MM, PARA REDE COLETORA ESGOTO (NBR 10569)","UN    ","CR",246.75]
[42709,"TE, PVC, 90 GRAUS, BBB, JE, DN 200 MM, PARA TUBO CORRUGADO E/OU LISO, REDE COLETORA ESGOTO (NBR 10569)","UN    ","CR",827.68]
[42710,"TE, PVC, 90 GRAUS, BBB, JE, DN 250 MM, PARA TUBO CORRUGADO E/OU LISO, REDE COLETORA ESGOTO (NBR 10569)","UN    ","CR",2379.1799999999998]
[42716,"TE, PVC, 90 GRAUS, BBB, JE, DN 300 MM, PARA TUBO CORRUGADO E/OU LISO, REDE COLETORA ESGOTO (NBR 10569)","UN    ","CR",2961.29]
[20172,"TE, PVC, 90 GRAUS, BBP, JE, DN 100 MM, PARA REDE COLETORA ESGOTO (NBR 10569)","UN    ","CR",56.94]
[40945,"TECNICO DE EDIFICACOES","H     ","CR",30.85]
[40946,"TECNICO DE EDIFICACOES (MENSALISTA)","MES   ","CR",5439.56]
[7153,"TECNICO EM LABORATORIO E CAMPO DE CONSTRUCAO CIVIL","H     ","CR",30.01]
[41089,"TECNICO EM LABORATORIO E CAMPO DE CONSTRUCAO CIVIL (MENSALISTA)","MES   ","CR",5289.5]
[40943,"TECNICO EM SEGURANCA DO TRABALHO","H     ","CR",33.75]
[40944,"TECNICO EM SEGURANCA DO TRABALHO (MENSALISTA)","MES   ","CR",5950.81]
[6175,"TECNICO EM SONDAGEM","H     ","CR",25.68]
[41092,"TECNICO EM SONDAGEM (MENSALISTA)","MES   ","CR",4527.21]
[37712,"TELA ARAME GALVANIZADO REVESTIDO COM POLIMERO, MALHA HEXAGONAL DUPLA TORCAO, 8 X 10 CM (ZN/AL REVESTIDO COM POLIMERO), FIO *2,4* MM","M2    ","AS",67.77]
[34547,"TELA DE ACO SOLDADA GALVANIZADA/ZINCADA PARA ALVENARIA, FIO  D = *1,20 A 1,70* MM, MALHA 15 X 15 MM, (C X L) *50 X 12* CM","M     ","CR",6.03]
[34548,"TELA DE ACO SOLDADA GALVANIZADA/ZINCADA PARA ALVENARIA, FIO  D = *1,20 A 1,70* MM, MALHA 15 X 15 MM, (C X L) *50 X 17,5* CM","M     ","CR",9.89]
[34558,"TELA DE ACO SOLDADA GALVANIZADA/ZINCADA PARA ALVENARIA, FIO D = *1,20 A 1,70* MM, MALHA 15 X 15 MM, (C X L) *50 X 10,5* CM","M     ","CR",4.9000000000000004]
[34550,"TELA DE ACO SOLDADA GALVANIZADA/ZINCADA PARA ALVENARIA, FIO D = *1,20 A 1,70* MM, MALHA 15 X 15 MM, (C X L) *50 X 6* CM","M     ","CR",2.6]
[34557,"TELA DE ACO SOLDADA GALVANIZADA/ZINCADA PARA ALVENARIA, FIO D = *1,20 A 1,70* MM, MALHA 15 X 15 MM, (C X L) *50 X 7,5* CM","M     ","CR",3.81]
[37411,"TELA DE ACO SOLDADA GALVANIZADA/ZINCADA PARA ALVENARIA, FIO D = *1,24 MM, MALHA 25 X 25 MM","M2    ","CR",27.9]
[39508,"TELA DE ACO SOLDADA NERVURADA, CA-60, L-159, (1,69 KG/M2), DIAMETRO DO FIO = 4,5 MM, LARGURA = 2,45 M, ESPACAMENTO DA MALHA = 30 X 10 CM","M2    ","CR",15.67]
[39507,"TELA DE ACO SOLDADA NERVURADA, CA-60, Q-113, (1,8 KG/M2), DIAMETRO DO FIO = 3,8 MM, LARGURA = 2,45 M, ESPACAMENTO DA MALHA = 10 X 10 CM","M2    ","CR",23.38]
[7155,"TELA DE ACO SOLDADA NERVURADA, CA-60, Q-138, (2,20 KG/M2), DIAMETRO DO FIO = 4,2 MM, LARGURA = 2,45 M, ESPACAMENTO DA MALHA = 10  X 10 CM","M2    ","CR",30.01]
[42406,"TELA DE ACO SOLDADA NERVURADA, CA-60, Q-159, (2,52 KG/M2), DIAMETRO DO FIO = 4,5 MM, LARGURA =  2,45 M, ESPACAMENTO DA MALHA = 10 X 10 CM","M2    ","CR",34.409999999999997]
[7156,"TELA DE ACO SOLDADA NERVURADA, CA-60, Q-196, (3,11 KG/M2), DIAMETRO DO FIO = 5,0 MM, LARGURA = 2,45 M, ESPACAMENTO DA MALHA = 10 X 10 CM","M2    ","C ",43.06]
[43127,"TELA DE ACO SOLDADA NERVURADA, CA-60, Q-283 (4,48 KG/M2), DIAMETRO DO FIO = 6,0 MM, LARGURA = 2,45 X 6,00 M DE COMPRIMENTO, ESPACAMENTO DA MALHA = 10 X 10 CM","M2    ","CR",61.62]
[10917,"TELA DE ACO SOLDADA NERVURADA, CA-60, Q-61, (0,97 KG/M2), DIAMETRO DO FIO = 3,4 MM, LARGURA = 2,45 M, ESPACAMENTO DA MALHA = 15 X 15 CM","M2    ","CR",13.01]
[21141,"TELA DE ACO SOLDADA NERVURADA, CA-60, Q-92, (1,48 KG/M2), DIAMETRO DO FIO = 4,2 MM, LARGURA = 2,45 X 60 M DE COMPRIMENTO, ESPACAMENTO DA MALHA = 15  X 15 CM","M2    ","CR",20.14]
[39509,"TELA DE ACO SOLDADA NERVURADA, CA-60, T-196, (2,11 KG/M2), DIAMETRO DO FIO = 5,0 MM, LARGURA = 2,45 M, ESPACAMENTO DA MALHA = 30 X 10 CM","M2    ","CR",19.37]
[44529,"TELA DE ANIAGEM ( JUTA)","M2    ","CR",12.57]
[7167,"TELA DE ARAME GALVANIZADA QUADRANGULAR / LOSANGULAR, FIO 2,11 MM (14 BWG), MALHA 5 X 5 CM, H = 2 M","M2    ","CR",19.329999999999998]
[10928,"TELA DE ARAME GALVANIZADA QUADRANGULAR / LOSANGULAR, FIO 2,11 MM (14 BWG), MALHA 8 X 8 CM, H = 2 M","M2    ","CR",11.1]
[10933,"TELA DE ARAME GALVANIZADA QUADRANGULAR / LOSANGULAR, FIO 2,77 MM (12 BWG), MALHA 10 X 10 CM, H = 2 M","M2    ","CR",16.75]
[7158,"TELA DE ARAME GALVANIZADA QUADRANGULAR / LOSANGULAR, FIO 2,77 MM (12 BWG), MALHA 5 X 5 CM, H = 2 M","M2    ","C ",28.41]
[10927,"TELA DE ARAME GALVANIZADA QUADRANGULAR / LOSANGULAR, FIO 2,77 MM (12 BWG), MALHA 8 X 8 CM, H = 2 M","M2    ","CR",18.170000000000002]
[7162,"TELA DE ARAME GALVANIZADA QUADRANGULAR / LOSANGULAR, FIO 3,4 MM (10 BWG), MALHA 5 X 5 CM, H = 2 M","M2    ","CR",44.46]
[10932,"TELA DE ARAME GALVANIZADA QUADRANGULAR / LOSANGULAR, FIO 4,19 MM (8 BWG), MALHA 5 X 5 CM, H = 2 M","M2    ","CR",77.33]
[10937,"TELA DE ARAME GALVANIZADA REVESTIDA EM PVC, QUADRANGULAR / LOSANGULAR, FIO 2,11 MM (14 BWG), BITOLA FINAL = *2,8* MM, MALHA *8 X 8* CM, H = 2 M","M2    ","CR",19.87]
[10935,"TELA DE ARAME GALVANIZADA REVESTIDA EM PVC, QUADRANGULAR / LOSANGULAR, FIO 2,77 MM (12 BWG), BITOLA FINAL = *3,8* MM, MALHA 7,5 X 7,5 CM, H = 2 M","M2    ","CR",34.47]
[10931,"TELA DE ARAME GALVANIZADA, HEXAGONAL, FIO 0,56 MM (24 BWG), MALHA 1/2\", H = 1 M","M2    ","CR",9.69]
[7164,"TELA DE ARAME ONDULADA, FIO *2,77* MM (12 BWG), MALHA 5 X 5 CM, H = 2 M","M2    ","CR",32.08]
[36887,"TELA DE FIBRA DE VIDRO, ACABAMENTO ANTI-ALCALINO, MALHA 10 X 10 MM","M2    ","CR",13.31]
[34630,"TELA EM MALHA HEXAGONAL DE DUPLA TORCAO 8 X 10 CM (ZN/AL REVESTIDO COM POLIMERO), FIO 2,7 MM, COM GEOMANTA OU BIOMANTA, DIMENSOES 4,0 X 2,0 X 0,6 M, COM INCLINACAO DE 70 GRAUS, PARA SOLO REFORCADO","UN    ","AS",1101.52]
[7161,"TELA EM METAL PARA ESTUQUE (DEPLOYE)","M2    ","CR",3.99]
[7170,"TELA FACHADEIRA EM POLIETILENO, ROLO DE 3 X 100 M (L X C), COR BRANCA, SEM LOGOMARCA - PARA PROTECAO DE OBRAS","M2    ","CR",3.22]
[37524,"TELA PLASTICA LARANJA, TIPO TAPUME PARA SINALIZACAO, MALHA RETANGULAR, ROLO 1.20 X 50 M (L X C)","M     ","C ",2.94]
[37525,"TELA PLASTICA TECIDA LISTRADA BRANCA E LARANJA, TIPO GUARDA CORPO, EM POLIETILENO MONOFILADO, ROLO 1,20 X 50 M (L X C)","M     ","CR",4.0199999999999996]
[36789,"TELHA CERAMICA TIPO AMERICANA, COMPRIMENTO DE *45* CM, RENDIMENTO DE *12* TELHAS/M2","UN    ","CR",2.09]
[7173,"TELHA DE BARRO / CERAMICA, NAO ESMALTADA, TIPO COLONIAL, CANAL, PLAN, PAULISTA, COMPRIMENTO DE *44 A 50* CM, RENDIMENTO DE COBERTURA DE *26* TELHAS/M2","MIL   ","C ",1355]
[7175,"TELHA DE BARRO / CERAMICA, NAO ESMALTADA, TIPO ROMANA, AMERICANA, PORTUGUESA, FRANCESA, COMPRIMENTO DE *41* CM,  RENDIMENTO DE *16* TELHAS/M2","UN    ","CR",1.53]
[40741,"TELHA DE CONCRETO TIPO CLASSICA, COR CINZA, COMPRIMENTO DE *42* CM,  RENDIMENTO DE *10* TELHAS/M2","UN    ","CR",3]
[7184,"TELHA DE FIBRA DE VIDRO ONDULADA INCOLOR, E = 0,6 MM, DE *0,50 X 2,44* M","M2    ","C ",30.31]
[34458,"TELHA DE FIBROCIMENTO E = 6 MM, DE 3,00 X 1,06 M (SEM AMIANTO)","UN    ","CR",171.56]
[34464,"TELHA DE FIBROCIMENTO E = 6 MM, DE 4,10 X 1,06 M (SEM AMIANTO)","UN    ","CR",255.38]
[34468,"TELHA DE FIBROCIMENTO E = 6 MM, DE 4,60 X 1,06 M (SEM AMIANTO)","UN    ","CR",321.97000000000003]
[34473,"TELHA DE FIBROCIMENTO E = 8 MM, DE 3,00 X 1,06 M (SEM AMIANTO)","UN    ","CR",195.31]
[34480,"TELHA DE FIBROCIMENTO E = 8 MM, DE 4,10 X 1,06 M (SEM AMIANTO)","UN    ","CR",360.94]
[34486,"TELHA DE FIBROCIMENTO E = 8 MM, DE 4,60 X 1,06 M (SEM AMIANTO)","UN    ","CR",427.35]
[7190,"TELHA DE FIBROCIMENTO ONDULADA E = 4 MM, DE 1,22 X 0,50 M (SEM AMIANTO)","UN    ","CR",14.27]
[34417,"TELHA DE FIBROCIMENTO ONDULADA E = 4 MM, DE 2,13 X 0,50 M (SEM AMIANTO)","UN    ","CR",22.83]
[7213,"TELHA DE FIBROCIMENTO ONDULADA E = 4 MM, DE 2,44 X 0,50 M (SEM AMIANTO)","M2    ","CR",20.94]
[7195,"TELHA DE FIBROCIMENTO ONDULADA E = 6 MM, DE 1,53 X 1,10 M (SEM AMIANTO)","UN    ","CR",61.48]
[7186,"TELHA DE FIBROCIMENTO ONDULADA E = 6 MM, DE 1,83 X 1,10 M (SEM AMIANTO)","UN    ","C ",66.97]
[7194,"TELHA DE FIBROCIMENTO ONDULADA E = 6 MM, DE 2,44 X 1,10 M (SEM AMIANTO)","M2    ","CR",30.88]
[7197,"TELHA DE FIBROCIMENTO ONDULADA E = 6 MM, DE 3,66 X 1,10 M (SEM AMIANTO)","UN    ","CR",130.32]
[7192,"TELHA DE FIBROCIMENTO ONDULADA E = 8 MM, DE 1,53 X 1,10 M (SEM AMIANTO)","UN    ","CR",116.76]
[7193,"TELHA DE FIBROCIMENTO ONDULADA E = 8 MM, DE 1,83 X 1,10 M (SEM AMIANTO)","UN    ","CR",131.44999999999999]
[7189,"TELHA DE FIBROCIMENTO ONDULADA E = 8 MM, DE 2,44 X 1,10 M (SEM AMIANTO)","UN    ","CR",152.76]
[34402,"TELHA DE FIBROCIMENTO ONDULADA E = 8 MM, DE 3,66 X 1,10 M (SEM AMIANTO)","UN    ","CR",215.67]
[7245,"TELHA DE VIDRO TIPO FRANCESA, *39 X 23* CM","UN    ","CR",36.450000000000003]
[34425,"TELHA ESTRUTURAL DE FIBROCIMENTO 1 ABA, DE 0,52 X 2,00 M (SEM AMIANTO)","UN    ","CR",138.54]
[7223,"TELHA ESTRUTURAL DE FIBROCIMENTO 1 ABA, DE 0,52 X 2,50 M (SEM AMIANTO)","UN    ","CR",154.38999999999999]
[7234,"TELHA ESTRUTURAL DE FIBROCIMENTO 1 ABA, DE 0,52 X 3,60 M (SEM AMIANTO)","UN    ","CR",232.98]
[7224,"TELHA ESTRUTURAL DE FIBROCIMENTO 1 ABA, DE 0,52 X 4,00 M (SEM AMIANTO)","UN    ","CR",283.83]
[7225,"TELHA ESTRUTURAL DE FIBROCIMENTO 1 ABA, DE 0,52 X 5,00 M (SEM AMIANTO)","UN    ","CR",304.33999999999997]
[7226,"TELHA ESTRUTURAL DE FIBROCIMENTO 1 ABA, DE 0,52 X 5,50 M (SEM AMIANTO)","UN    ","CR",324.77]
[7227,"TELHA ESTRUTURAL DE FIBROCIMENTO 1 ABA, DE 0,52 X 6,50 M (SEM AMIANTO)","UN    ","CR",369.68]
[7212,"TELHA ESTRUTURAL DE FIBROCIMENTO 1 ABA, DE 0,52 X 7,20 M (SEM AMIANTO)","UN    ","CR",406.19]
[7229,"TELHA ESTRUTURAL DE FIBROCIMENTO 2 ABAS, DE 1,00 X 3,00 M (SEM AMIANTO)","UN    ","CR",257.47000000000003]
[7230,"TELHA ESTRUTURAL DE FIBROCIMENTO 2 ABAS, DE 1,00 X 4,60 M (SEM AMIANTO)","UN    ","CR",428.63]
[7231,"TELHA ESTRUTURAL DE FIBROCIMENTO 2 ABAS, DE 1,00 X 6,00 M (SEM AMIANTO)","UN    ","CR",608.04999999999995]
[7220,"TELHA ESTRUTURAL DE FIBROCIMENTO 2 ABAS, DE 1,00 X 7,40 M (SEM AMIANTO)","UN    ","CR",750.58]
[34447,"TELHA ESTRUTURAL DE FIBROCIMENTO 2 ABAS, DE 1,00 X 8,20 M (SEM AMIANTO)","UN    ","CR",839.26]
[7233,"TELHA ESTRUTURAL DE FIBROCIMENTO 2 ABAS, DE 1,00 X 9,20 M (SEM AMIANTO)","UN    ","CR",962.76]
[40740,"TELHA GALVALUME COM ISOLAMENTO TERMOACUSTICO EM ESPUMA RIGIDA DE POLIURETANO (PU) INJETADO, ESPESSURA DE 30 MM, DENSIDADE DE 35 KG/M3, REVESTIMENTO EM TELHA TRAPEZOIDAL NAS DUAS FACES COM ESPESSURA DE 0,50 MM CADA, ACABAMENTO NATURAL (NAO INCLUI ACESSORIOS DE FIXACAO)","M2    ","CR",216.95]
[25007,"TELHA ONDULADA EM ACO ZINCADO, ALTURA DE 17 MM, ESPESSURA DE 0,50 MM, LARGURA UTIL DE APROXIMADAMENTE 985 MM, SEM PINTURA","M2    ","C ",62.08]
[43071,"TELHA TERMOISOLANTE REVESTIDA EM ACO GALVALUME, FACE SUPERIOR TRAPEZOIDAL E FACE INFERIOR PLANA (NAO INCLUI ACESSORIOS DE FIXACAO), REVEST COM ESPESSURA DE 0,50 MM, COM PRE-PINTURA DE COR BRANCA NAS DUAS FACES, NUCLEO EM POLIIOCIANURATO (PIR) COM ESPESSURA DE 50 MM","M2    ","CR",244.29]
[39520,"TELHA TERMOISOLANTE REVESTIDA EM ACO GALVANIZADO, FACE SUPERIOR EM TELHA TRAPEZOIDAL E FACE INFERIOR EM CHAPA PLANA (SEM ACESSORIOS DE FIXACAO), REVESTIMENTO COM ESPESSURA DE 0,50 MM COM PRE-PINTURA NAS DUAS FACES, NUCLEO EM POLIESTIRENO (EPS) DE 30 MM","M2    ","CR",199.3]
[39521,"TELHA TERMOISOLANTE REVESTIDA EM ACO GALVANIZADO, FACE SUPERIOR EM TELHA TRAPEZOIDAL E FACE INFERIOR EM CHAPA PLANA (SEM ACESSORIOS DE FIXACAO), REVESTIMENTO COM ESPESSURA DE 0,50 MM COM PRE-PINTURA NAS DUAS FACES, NUCLEO EM POLIESTIRENO (EPS) DE 50 MM","M2    ","CR",205.81]
[39522,"TELHA TERMOISOLANTE REVESTIDA EM ACO GALVANIZADO, FACES SUPERIOR E INFERIOR EM TELHA TRAPEZOIDAL (SEM ACESSORIOS DE FIXACAO), REVESTIMENTO COM ESPESSURA DE 0,50 MM COM PRE-PINTURA NAS DUAS FACES, NUCLEO EM POLIESTIRENO (EPS) DE 50 MM","M2    ","CR",212.52]
[7243,"TELHA TRAPEZOIDAL EM ACO ZINCADO, SEM PINTURA, ALTURA DE APROXIMADAMENTE 40 MM, ESPESSURA DE 0,50 MM E LARGURA UTIL DE 980 MM","M2    ","CR",64.87]
[11067,"TELHA TRAPEZOIDAL EM ALUMINIO, ALTURA DE *38* MM E ESPESSURA DE 0,5 MM (LARGURA TOTAL DE 1056 MM E COMPRIMENTO DE 5000 MM)","UN    ","AS",464.52]
[11068,"TELHA TRAPEZOIDAL EM ALUMINIO, ALTURA DE *38* MM E ESPESSURA DE 0,7 MM (LARGURA TOTAL DE 1056 MM E COMPRIMENTO DE 5000 MM)","UN    ","AS",586.85]
[7246,"TELHA VIDRO TIPO CANAL OU COLONIAL, C = 46 A 50 CM","UN    ","CR",40.25]
[12869,"TELHADOR","H     ","CR",18.03]
[41097,"TELHADOR  (MENSALISTA)","MES   ","CR",3182.12]
[1574,"TERMINAL A COMPRESSAO EM COBRE ESTANHADO PARA CABO 10 MM2, 1 FURO E 1 COMPRESSAO, PARA PARAFUSO DE FIXACAO M6","UN    ","CR",1.74]
[1581,"TERMINAL A COMPRESSAO EM COBRE ESTANHADO PARA CABO 120 MM2, 1 FURO E 1 COMPRESSAO, PARA PARAFUSO DE FIXACAO M12","UN    ","CR",12.09]
[1575,"TERMINAL A COMPRESSAO EM COBRE ESTANHADO PARA CABO 16 MM2, 1 FURO E 1 COMPRESSAO, PARA PARAFUSO DE FIXACAO M6","UN    ","CR",2.0699999999999998]
[1570,"TERMINAL A COMPRESSAO EM COBRE ESTANHADO PARA CABO 2,5 MM2, 1 FURO E 1 COMPRESSAO, PARA PARAFUSO DE FIXACAO M5","UN    ","CR",1.04]
[1576,"TERMINAL A COMPRESSAO EM COBRE ESTANHADO PARA CABO 25 MM2, 1 FURO E 1 COMPRESSAO, PARA PARAFUSO DE FIXACAO M8","UN    ","CR",2.86]
[1577,"TERMINAL A COMPRESSAO EM COBRE ESTANHADO PARA CABO 35 MM2, 1 FURO E 1 COMPRESSAO, PARA PARAFUSO DE FIXACAO M8","UN    ","CR",3.23]
[1571,"TERMINAL A COMPRESSAO EM COBRE ESTANHADO PARA CABO 4 MM2, 1 FURO E 1 COMPRESSAO, PARA PARAFUSO DE FIXACAO M5","UN    ","CR",1.35]
[1578,"TERMINAL A COMPRESSAO EM COBRE ESTANHADO PARA CABO 50 MM2, 1 FURO E 1 COMPRESSAO, PARA PARAFUSO DE FIXACAO M8","UN    ","CR",5.6]
[1573,"TERMINAL A COMPRESSAO EM COBRE ESTANHADO PARA CABO 6 MM2, 1 FURO E 1 COMPRESSAO, PARA PARAFUSO DE FIXACAO M6","UN    ","CR",1.61]
[1579,"TERMINAL A COMPRESSAO EM COBRE ESTANHADO PARA CABO 70 MM2, 1 FURO E 1 COMPRESSAO, PARA PARAFUSO DE FIXACAO M10","UN    ","CR",6.98]
[1580,"TERMINAL A COMPRESSAO EM COBRE ESTANHADO PARA CABO 95 MM2, 1 FURO E 1 COMPRESSAO, PARA PARAFUSO DE FIXACAO M12","UN    ","CR",8.6]
[39321,"TERMINAL DE VENTILACAO, 100 MM, SERIE NORMAL, ESGOTO PREDIAL","UN    ","CR",23.27]
[39319,"TERMINAL DE VENTILACAO, 50 MM, SERIE NORMAL, ESGOTO PREDIAL","UN    ","CR",9.09]
[39320,"TERMINAL DE VENTILACAO, 75 MM, SERIE NORMAL, ESGOTO PREDIAL","UN    ","CR",15.11]
[1591,"TERMINAL METALICO A PRESSAO PARA 1 CABO DE 120 MM2, COM 1 FURO DE FIXACAO","UN    ","CR",26.66]
[1547,"TERMINAL METALICO A PRESSAO PARA 1 CABO DE 150 A 185 MM2, COM 2 FUROS PARA FIXACAO","UN    ","CR",139.72]
[38196,"TERMINAL METALICO A PRESSAO PARA 1 CABO DE 150 MM2, COM 1 FURO DE FIXACAO","UN    ","CR",27.21]
[1543,"TERMINAL METALICO A PRESSAO PARA 1 CABO DE 16 A 25 MM2, COM 2 FUROS PARA FIXACAO","UN    ","CR",28.92]
[1585,"TERMINAL METALICO A PRESSAO PARA 1 CABO DE 16 MM2, COM 1 FURO DE FIXACAO","UN    ","CR",5.6]
[1593,"TERMINAL METALICO A PRESSAO PARA 1 CABO DE 185 MM2, COM 1 FURO DE FIXACAO","UN    ","CR",29.74]
[11838,"TERMINAL METALICO A PRESSAO PARA 1 CABO DE 240 MM2, COM 1 FURO DE FIXACAO","UN    ","CR",39.24]
[1594,"TERMINAL METALICO A PRESSAO PARA 1 CABO DE 25 A 35 MM2, COM 2 FUROS PARA FIXACAO","UN    ","CR",39.67]
[1586,"TERMINAL METALICO A PRESSAO PARA 1 CABO DE 25 MM2, COM 1 FURO DE FIXACAO","UN    ","CR",7.09]
[11839,"TERMINAL METALICO A PRESSAO PARA 1 CABO DE 300 MM2, COM 1 FURO DE FIXACAO","UN    ","CR",57.1]
[1587,"TERMINAL METALICO A PRESSAO PARA 1 CABO DE 35 MM2, COM 1 FURO DE FIXACAO","UN    ","CR",7.22]
[1545,"TERMINAL METALICO A PRESSAO PARA 1 CABO DE 50 A 70 MM2, COM 2 FUROS PARA FIXACAO","UN    ","CR",68.52]
[1588,"TERMINAL METALICO A PRESSAO PARA 1 CABO DE 50 MM2, COM 1 FURO DE FIXACAO","UN    ","CR",9.9]
[1535,"TERMINAL METALICO A PRESSAO PARA 1 CABO DE 6 A 10 MM2, COM 1 FURO DE FIXACAO","UN    ","CR",5.7]
[1589,"TERMINAL METALICO A PRESSAO PARA 1 CABO DE 70 MM2, COM 1 FURO DE FIXACAO","UN    ","CR",10.210000000000001]
[1546,"TERMINAL METALICO A PRESSAO PARA 1 CABO DE 95 A 120 MM2, COM 2 FUROS PARA FIXACAO","UN    ","CR",115.62]
[1590,"TERMINAL METALICO A PRESSAO PARA 1 CABO DE 95 MM2, COM 1 FURO DE FIXACAO","UN    ","CR",17.98]
[1542,"TERMINAL METALICO A PRESSAO 1 CABO, PARA CABOS DE 4 A 10 MM2, COM 2 FUROS PARA FIXACAO","UN    ","CR",23.82]
[38415,"TERMOFUSORA PARA TUBOS E CONEXOES EM PPR COM DIAMETROS DE 20 A 63 MM, POTENCIA DE 800 W, TENSAO 220 V","UN    ","CR",1015.76]
[38414,"TERMOFUSORA PARA TUBOS E CONEXOES EM PPR COM DIAMETROS DE 75 A 110 MM, POTENCIA DE *1100* W, TENSAO 220 V","UN    ","CR",1425.63]
[38128,"TERRA VEGETAL (ENSACADA)","KG    ","C ",0.72]
[7253,"TERRA VEGETAL (GRANEL)","M3    ","CR",154.28]
[4806,"TESTEIRA ANTIDERRAPANTE PARA PISO VINILICO *5 X 2,5* CM, E = 2 MM","M     ","CR",15.41]
[34401,"TIJOLO CERAMICO LAMINADO 5,5 X 11 X 23 CM (L X A X C)","UN    ","CR",1.88]
[7260,"TIJOLO CERAMICO MACICO APARENTE *6 X 12 X 24* CM (L X A X C)","UN    ","CR",1.67]
[7256,"TIJOLO CERAMICO MACICO APARENTE 2 FUROS, *6,5 X 10 X 20* CM (L X A X C)","UN    ","CR",1.65]
[7258,"TIJOLO CERAMICO MACICO COMUM *5 X 10 X 20* CM (L X A X C)","UN    ","CR",0.68]
[34400,"TIJOLO CERAMICO REFRATARIO 2,5 X 11,4 X 22,9 CM (L X A X C)","UN    ","CR",2.9]
[10617,"TIJOLO CERAMICO REFRATARIO 6,3 X 11,4 X 22,9 CM (L X A X C)","UN    ","CR",5.54]
[7274,"TIL PARA LIGACAO PREDIAL, EM PVC, JE, BBB, DN 100 X 100 MM, PARA REDE COLETORA ESGOTO (NBR 10569)","UN    ","CR",68.52]
[11663,"TIL TUBO QUEDA, EM PVC, JE, BBB, DN 100 X 100 MM, PARA REDE COLETORA DE ESGOTO (NBR 10569)","UN    ","CR",563.63]
[154,"TINTA / REVESTIMENTO A BASE DE RESINA EPOXI COM ALCATRAO, BICOMPONENTE","L     ","CR",62.35]
[38121,"TINTA A BASE DE RESINA ACRILICA EMULSIONADA EM AGUA, PARA SINALIZACAO HORIZONTAL VIARIA (NBR 13699:2012)","L     ","CR",12.9]
[43776,"TINTA A OLEO BRILHANTE, PARA MADEIRAS E METAIS","L     ","CR",24.16]
[7343,"TINTA ACRILICA A BASE DE SOLVENTE, PARA SINALIZACAO HORIZONTAL VIARIA (NBR 11862)","L     ","CR",11.42]
[7348,"TINTA ACRILICA PREMIUM PARA PISO","L     ","CR",18.399999999999999]
[7313,"TINTA ASFALTICA IMPERMEABILIZANTE DILUIDA EM SOLVENTE, PARA MATERIAIS CIMENTICIOS, METAL E MADEIRA","L     ","CR",23.49]
[7319,"TINTA ASFALTICA IMPERMEABILIZANTE DISPERSA EM AGUA, PARA MATERIAIS CIMENTICIOS","L     ","CR",13.45]
[7314,"TINTA BORRACHA CLORADA, ACABAMENTO SEMIBRILHO, QUALQUER COR","L     ","CR",51.11]
[7304,"TINTA EPOXI BASE AGUA PREMIUM, BRANCA","L     ","CR",71.59]
[43649,"TINTA ESMALTE BASE AGUA PREMIUM ACETINADO","L     ","CR",37.020000000000003]
[43650,"TINTA ESMALTE BASE AGUA PREMIUM BRILHANTE","L     ","CR",34.99]
[7311,"TINTA ESMALTE SINTETICO PREMIUM ACETINADO","L     ","CR",35.840000000000003]
[7292,"TINTA ESMALTE SINTETICO PREMIUM BRILHANTE","L     ","C ",34.700000000000003]
[7293,"TINTA ESMALTE SINTETICO PREMIUM DE DUPLA ACAO GRAFITE FOSCO PARA SUPERFICIES METALICAS FERROSAS","L     ","CR",38.39]
[7306,"TINTA ESMALTE SINTETICO PREMIUM DE EFEITO PROTETOR DE SUPERFICIE METALICA ALUMINIO","L     ","CR",42.36]
[7288,"TINTA ESMALTE SINTETICO PREMIUM FOSCO","L     ","CR",35.17]
[43625,"TINTA ESMALTE SINTETICO STANDARD ACETINADO","L     ","CR",28.4]
[43647,"TINTA ESMALTE SINTETICO STANDARD BRILHANTE","L     ","CR",25.8]
[43648,"TINTA ESMALTE SINTETICO STANDARD FOSCO","L     ","CR",24.89]
[35693,"TINTA LATEX ACRILICA ECONOMICA, COR BRANCA","L     ","CR",11.44]
[7356,"TINTA LATEX ACRILICA PREMIUM, COR BRANCO FOSCO","L     ","C ",27.44]
[35692,"TINTA LATEX ACRILICA STANDARD, COR BRANCA","L     ","CR",17.96]
[43624,"TINTA LATEX ACRILICA SUPER PREMIUM, COR BRANCO FOSCO","L     ","CR",33.44]
[7342,"TINTA MINERAL IMPERMEAVEL EM PO, BRANCA","KG    ","CR",2.58]
[7350,"TINTA/RESINA ACRILICA PREMIUM PARA CERAMICA","L     ","CR",39.61]
[39574,"TIRANTE COM ELO, EM ARAME GALVANIZADO RIGIDO, NUMERO 10, COMPRIMENTO 2000 MM, PARA PENDURAL DE FORRO REMOVIVEL","UN    ","CR",7.31]
[11060,"TIRANTE EM FERRO GALVANIZADO PARA CONTRAVENTAMENTO DE TELHA CANALETE 90, 1/4 \" X 400 MM","UN    ","CR",30.72]
[37401,"TOALHEIRO PLASTICO TIPO DISPENSER PARA PAPEL TOALHA INTERFOLHADO","UN    ","CR",43.14]
[7525,"TOMADA INDUSTRIAL DE EMBUTIR 3P+T 30 A, 440 V, COM TRAVA, COM PLACA","UN    ","CR",48.5]
[7524,"TOMADA INDUSTRIAL DE EMBUTIR 3P+T 30 A, 440 V, COM TRAVA, SEM PLACA","UN    ","CR",45.7]
[38105,"TOMADA PARA ANTENA DE TV, CABO COAXIAL DE 9 MM (APENAS MODULO)","UN    ","CR",11.74]
[38084,"TOMADA PARA ANTENA DE TV, CABO COAXIAL DE 9 MM, CONJUNTO MONTADO PARA EMBUTIR 4\" X 2\" (PLACA + SUPORTE + MODULO)","UN    ","CR",16.670000000000002]
[38103,"TOMADA RJ11, 2 FIOS (APENAS MODULO)","UN    ","CR",17.62]
[38082,"TOMADA RJ11, 2 FIOS, CONJUNTO MONTADO PARA EMBUTIR 4\" X 2\" (PLACA + SUPORTE + MODULO)","UN    ","CR",21.71]
[38104,"TOMADA RJ45, 8 FIOS, CAT 5E (APENAS MODULO)","UN    ","CR",34.51]
[38083,"TOMADA RJ45, 8 FIOS, CAT 5E, CONJUNTO MONTADO PARA EMBUTIR 4\" X 2\" (PLACA + SUPORTE + MODULO)","UN    ","CR",38.31]
[38101,"TOMADA 2P+T 10A, 250V  (APENAS MODULO)","UN    ","CR",8.3800000000000008]
[7528,"TOMADA 2P+T 10A, 250V, CONJUNTO MONTADO PARA EMBUTIR 4\" X 2\" (PLACA + SUPORTE + MODULO)","UN    ","C ",9.85]
[12147,"TOMADA 2P+T 10A, 250V, CONJUNTO MONTADO PARA SOBREPOR 4\" X 2\" (CAIXA + MODULO)","UN    ","CR",15.02]
[38075,"TOMADA 2P+T 20A 250V, CONJUNTO MONTADO PARA EMBUTIR 4\" X 2\" (PLACA + SUPORTE + MODULO)","UN    ","CR",17.059999999999999]
[38102,"TOMADA 2P+T 20A, 250V  (APENAS MODULO)","UN    ","CR",10.72]
[38076,"TOMADAS (2 MODULOS) 2P+T 10A, 250V, CONJUNTO MONTADO PARA EMBUTIR 4\" X 2\" (PLACA + SUPORTE + MODULOS)","UN    ","CR",19.13]
[7592,"TOPOGRAFO","H     ","C ",32.35]
[40820,"TOPOGRAFO (MENSALISTA)","MES   ","CR",5702.37]
[11826,"TORNEIRA DE BOIA BALAO METALICO, VAZAO TOTAL, PARA CAIXA D'AGUA, AGUA QUENTE, ROSCA 1/2 \", COM HASTE, TORNEIRA E BALAO METALICOS","UN    ","CR",127.17]
[7606,"TORNEIRA DE BOIA BALAO METALICO, VAZAO TOTAL, PARA CAIXA D'AGUA, AGUA QUENTE, ROSCA 3/4 \", COM HASTE, TORNEIRA E BALAO METALICOS","UN    ","CR",152.94]
[11763,"TORNEIRA DE BOIA CONVENCIONAL PARA CAIXA D'AGUA, AGUA FRIA, 1.1/2\", COM HASTE E TORNEIRA METALICOS E BALAO PLASTICO","UN    ","CR",333.98]
[11764,"TORNEIRA DE BOIA CONVENCIONAL PARA CAIXA D'AGUA, AGUA FRIA, 1.1/4\", COM HASTE E TORNEIRA METALICOS E BALAO PLASTICO","UN    ","CR",274.01]
[11829,"TORNEIRA DE BOIA CONVENCIONAL PARA CAIXA D'AGUA, AGUA FRIA, 1/2\", COM HASTE E TORNEIRA METALICOS E BALAO PLASTICO","UN    ","CR",66.23]
[11830,"TORNEIRA DE BOIA CONVENCIONAL PARA CAIXA D'AGUA, AGUA FRIA, 3/4\", COM HASTE E TORNEIRA METALICOS E BALAO PLASTICO","UN    ","CR",71.510000000000005]
[11825,"TORNEIRA DE BOIA CONVENCIONAL PARA CAIXA D'AGUA, 1\", AGUA FRIA, COM HASTE E TORNEIRA METALICOS E BALAO PLASTICO","UN    ","CR",160.88999999999999]
[11767,"TORNEIRA DE BOIA CONVENCIONAL PARA CAIXA D'AGUA, 2\", AGUA FRIA, COM HASTE E TORNEIRA METALICOS E BALAO PLASTICO","UN    ","CR",428.51]
[11766,"TORNEIRA DE BOIA VAZAO TOTAL PARA CAIXA D'AGUA, AGUA FRIA, BITOLA 1/2\", COM HASTE E TORNEIRA METALICOS E BALAO PLASTICO","UN    ","CR",99.89]
[11765,"TORNEIRA DE BOIA VAZAO TOTAL PARA CAIXA D'AGUA, AGUA FRIA, BITOLA 1\", COM HASTE E TORNEIRA METALICOS E BALAO PLASTICO","UN    ","CR",182.62]
[11824,"TORNEIRA DE BOIA VAZAO TOTAL PARA CAIXA D'AGUA, AGUA FRIA, BITOLA 3/4\", COM HASTE E TORNEIRA METALICOS E BALAO PLASTICO","UN    ","CR",117.49]
[44045,"TORNEIRA DE MESA PARA LAVATORIO, METALICA CROMADA, COM MISTURADOR MONOCOMANDO, BICA BAIXA (REF 2875)","UN    ","CR",482.52]
[39702,"TORNEIRA DE MESA PARA LAVATORIO, METALICA CROMADA, COM SENSOR DE APROXIMACAO ELETRICO, BIVOLT","UN    ","CR",3204.61]
[13415,"TORNEIRA DE MESA/BANCADA, PARA LAVATORIO, FIXA, METALICA CROMADA, PADRAO POPULAR, 1/2 \" OU 3/4 \" (REF 1193)","UN    ","C ",105.21]
[7602,"TORNEIRA DE METAL AMARELO, PARA TANQUE / JARDIM, DE PAREDE, COM BICO PLASTICO, CANO CURTO, AREA EXTERNA, PADRAO POPULAR / USO GERAL, 1/2 \" OU 3/4 \" (REF 1128)","UN    ","CR",67.14]
[7603,"TORNEIRA DE METAL AMARELO, PARA TANQUE / JARDIM, DE PAREDE, SEM BICO, CANO CURTO, PADRAO POPULAR / USO GERAL, 1/2 \" OU 3/4 \" (REF 1120)","UN    ","CR",56.96]
[11777,"TORNEIRA ELETRICA DE PAREDE, BICA ALTA, PARA COZINHA, 5500 W (110/220 V)","UN    ","CR",151.57]
[13417,"TORNEIRA METALICA CROMADA CANO CURTO, SEM BICO, SEM AREJADOR, DE PAREDE, PARA TANQUE E USO GERAL, 1/2 \" OU 3/4 \" (REF 1143)","UN    ","CR",137.03]
[36791,"TORNEIRA METALICA CROMADA DE MESA PARA LAVATORIO, BICA ALTA, COM AREJADOR (REF 1195)","UN    ","CR",205.66]
[36795,"TORNEIRA METALICA CROMADA DE MESA PARA LAVATORIO, COM SENSOR DE PRESENCA A PILHA, COM AREJADOR EMBUTIDO","UN    ","CR",2600.25]
[36796,"TORNEIRA METALICA CROMADA DE MESA, PARA LAVATORIO, TEMPORIZADA PRESSAO FECHAMENTO AUTOMATICO, BICA BAIXA","UN    ","CR",216.08]
[36792,"TORNEIRA METALICA CROMADA DE PAREDE LONGA PARA LAVATORIO, COM AREJADOR, ACIONAMENTO ALAVANCA, 1/4 DE VOLTA (REF 1178)","UN    ","CR",273.70999999999998]
[11773,"TORNEIRA METALICA CROMADA DE PAREDE, PARA COZINHA, BICA MOVEL, COM AREJADOR, 1/2 \" OU 3/4 \" (REF 1167 / 1168)","UN    ","CR",182.21]
[11762,"TORNEIRA METALICA CROMADA PARA JARDIM / TANQUE, COM BICO PLASTICO, CANO LONGO, DE PAREDE, PADRAO POPULAR / USO GERAL , 1/2 \" OU 3/4 \" (REF 1153 / 1130)","UN    ","CR",86.42]
[7604,"TORNEIRA METALICA CROMADA PARA TANQUE / JARDIM, SEM BICO , CANO LONGO, DE PAREDE, PADRAO POPULAR / USO GERAL, 1/2 \" OU 3/4 \" (REF 1126)","UN    ","CR",73.180000000000007]
[13984,"TORNEIRA METALICA CROMADA, CANO CURTO, COM AREJADOR, SEM BICO PLASTICO, DE PAREDE, PARA USO GERAL, 1/2 \" OU 3/4 \" (REF 1152 / 1154)","UN    ","CR",106.35]
[11772,"TORNEIRA METALICA CROMADA, DE MESA/BANCADA, PARA COZINHA, BICA MOVEL, COM AREJADOR, 1/2 \" OU 3/4 \" (REF 1167 / 1168)","UN    ","CR",182.78]
[13983,"TORNEIRA METALICA CROMADA, RETA, DE PAREDE, PARA COZINHA, COM AREJADOR, PADRAO POPULAR, 1/2 \" OU 3/4 \" (REF 1159 / 1160)","UN    ","CR",138.41999999999999]
[13416,"TORNEIRA METALICA CROMADA, RETA, DE PAREDE, PARA COZINHA, SEM BICO, SEM AREJADOR, PADRAO POPULAR, 1/2 \" OU 3/4 \" (REF 1158)","UN    ","CR",122.95]
[40329,"TORNEIRA PLASTICA DE BOIA CONVENCIONAL PARA CAIXA DE AGUA, AGUA FRIA, 3/4 \", COM HASTE METALICA E COM TORNEIRA E BALAO PLASTICOS (PADRAO POPULAR)","UN    ","C ",41.5]
[11823,"TORNEIRA PLASTICA DE BOIA PARA CAIXA DE DESCARGA,  1/2\", BALAO E TORNEIRA PLASTICOS, COM HASTE METALICA","UN    ","CR",17.48]
[11822,"TORNEIRA PLASTICA DE MESA, BICA MOVEL, PARA COZINHA 1/2 \"","UN    ","CR",53.4]
[11831,"TORNEIRA PLASTICA PARA TANQUE 1/2 \" OU 3/4 \" COM BICO PARA MANGUEIRA","UN    ","CR",40.549999999999997]
[7613,"TRANSFORMADOR TRIFASICO DE DISTRIBUICAO, POTENCIA DE 1000 KVA, TENSAO NOMINAL DE 15 KV, TENSAO SECUNDARIA DE 220/127V, EM OLEO ISOLANTE TIPO MINERAL","UN    ","AS",100300.55]
[7619,"TRANSFORMADOR TRIFASICO DE DISTRIBUICAO, POTENCIA DE 112,5 KVA, TENSAO NOMINAL DE 15 KV, TENSAO SECUNDARIA DE 220/127V, EM OLEO ISOLANTE TIPO MINERAL","UN    ","AS",15504.32]
[12076,"TRANSFORMADOR TRIFASICO DE DISTRIBUICAO, POTENCIA DE 15 KVA, TENSAO NOMINAL DE 15 KV, TENSAO SECUNDARIA DE 220/127V, EM OLEO ISOLANTE TIPO MINERAL","UN    ","AS",7112.07]
[7614,"TRANSFORMADOR TRIFASICO DE DISTRIBUICAO, POTENCIA DE 150 KVA, TENSAO NOMINAL DE 15 KV, TENSAO SECUNDARIA DE 220/127V, EM OLEO ISOLANTE TIPO MINERAL","UN    ","AS",19554.64]
[7618,"TRANSFORMADOR TRIFASICO DE DISTRIBUICAO, POTENCIA DE 1500 KVA, TENSAO NOMINAL DE 15 KV, TENSAO SECUNDARIA DE 220/127V, EM OLEO ISOLANTE TIPO MINERAL","UN    ","AS",126826.56]
[7620,"TRANSFORMADOR TRIFASICO DE DISTRIBUICAO, POTENCIA DE 225 KVA, TENSAO NOMINAL DE 15 KV, TENSAO SECUNDARIA DE 220/127V, EM OLEO ISOLANTE TIPO MINERAL","UN    ","AS",27432.28]
[7610,"TRANSFORMADOR TRIFASICO DE DISTRIBUICAO, POTENCIA DE 30 KVA, TENSAO NOMINAL DE 15 KV, TENSAO SECUNDARIA DE 220/127V, EM OLEO ISOLANTE TIPO MINERAL","UN    ","AS",8686.8799999999992]
[7615,"TRANSFORMADOR TRIFASICO DE DISTRIBUICAO, POTENCIA DE 300 KVA, TENSAO NOMINAL DE 15 KV, TENSAO SECUNDARIA DE 220/127V, EM OLEO ISOLANTE TIPO MINERAL","UN    ","AS",32004.33]
[7617,"TRANSFORMADOR TRIFASICO DE DISTRIBUICAO, POTENCIA DE 45 KVA, TENSAO NOMINAL DE 15 KV, TENSAO SECUNDARIA DE 220/127V, EM OLEO ISOLANTE TIPO MINERAL","UN    ","AS",9702.89]
[7616,"TRANSFORMADOR TRIFASICO DE DISTRIBUICAO, POTENCIA DE 500 KVA, TENSAO NOMINAL DE 15 KV, TENSAO SECUNDARIA DE 220/127V, EM OLEO ISOLANTE TIPO MINERAL","UN    ","AS",52225.98]
[7611,"TRANSFORMADOR TRIFASICO DE DISTRIBUICAO, POTENCIA DE 75 KVA, TENSAO NOMINAL DE 15 KV, TENSAO SECUNDARIA DE 220/127V, EM OLEO ISOLANTE TIPO MINERAL","UN    ","AS",12547.73]
[7612,"TRANSFORMADOR TRIFASICO DE DISTRIBUICAO, POTENCIA DE 750 KVA, TENSAO NOMINAL DE 15 KV, TENSAO SECUNDARIA DE 220/127V, EM OLEO ISOLANTE TIPO MINERAL","UN    ","AS",71636.86]
[37371,"TRANSPORTE - HORISTA (COLETADO CAIXA)","H     ","C ",1.07]
[40861,"TRANSPORTE - MENSALISTA (COLETADO CAIXA)","MES   ","C ",200.91]
[36510,"TRATOR DE ESTEIRAS, POTENCIA BRUTA DE 133 HP, PESO OPERACIONAL DE 14 T, COM LAMINA COM CAPACIDADE DE 3,00 M3","UN    ","CR",1020519.83]
[25020,"TRATOR DE ESTEIRAS, POTENCIA BRUTA DE 347 HP, PESO OPERACIONAL DE 38,5 T, COM ESCARIFICADOR E LAMINA COM CAPACIDADE DE 4,70M3","UN    ","CR",4204182.67]
[7622,"TRATOR DE ESTEIRAS, POTENCIA DE 100 HP, PESO OPERACIONAL DE 9,4 T, COM LAMINA COM CAPACIDADE DE 2,19 M3","UN    ","CR",990053.39]
[7624,"TRATOR DE ESTEIRAS, POTENCIA DE 150 HP, PESO OPERACIONAL DE 16,7 T, COM RODA MOTRIZ ELEVADA E LAMINA COM CONTATO DE 3,18M3","UN    ","C ",1283500]
[7625,"TRATOR DE ESTEIRAS, POTENCIA DE 170 HP, PESO OPERACIONAL DE 19 T, COM LAMINA COM CAPACIDADE DE 5,2 M3","UN    ","CR",1275649.72]
[7623,"TRATOR DE ESTEIRAS, POTENCIA DE 347 HP, PESO OPERACIONAL DE 38,5 T, COM LAMINA COM CAPACIDADE DE 8,70M3","UN    ","CR",4204182.67]
[36508,"TRATOR DE ESTEIRAS, POTENCIA NO VOLANTE DE 200 HP, PESO OPERACIONAL DE 20,1 T, COM RODA MOTRIZ ELEVADA E LAMINA COM CAPACIDADE DE 3,89 M3","UN    ","CR",1890787.76]
[36509,"TRATOR DE ESTEIRAS, POTENCIA 125 HP, PESO OPERACIONAL DE 12,9 T, COM LAMINA COM CAPACIDADE DE 2,7 M3","UN    ","CR",1036220.11]
[13238,"TRATOR DE PNEUS COM POTENCIA DE 105 CV, TRACAO 4 X 4, PESO COM LASTRO DE 5775 KG","UN    ","CR",283794.37]
[36511,"TRATOR DE PNEUS COM POTENCIA DE 122 CV, TRACAO 4 X 4, PESO COM LASTRO DE 4510 KG","UN    ","CR",328841.09999999998]
[36515,"TRATOR DE PNEUS COM POTENCIA DE 15 CV, PESO COM LASTRO DE 1160 KG","UN    ","CR",96850.45]
[10598,"TRATOR DE PNEUS COM POTENCIA DE 50 CV, TRACAO 4 X 2, PESO COM LASTRO DE 2714 KG","UN    ","CR",157057.65]
[7640,"TRATOR DE PNEUS COM POTENCIA DE 85 CV, TRACAO 4 X 4, PESO COM LASTRO DE 4675 KG","UN    ","C ",241000]
[36513,"TRATOR DE PNEUS COM POTENCIA DE 85 CV, TURBO,  PESO COM LASTRO DE 4900 KG","UN    ","CR",232159.56]
[36514,"TRATOR DE PNEUS COM POTENCIA DE 95 CV, TRACAO 4 X 4, PESO MAXIMO DE 5225 KG","UN    ","CR",259018.67]
[11572,"TRAVA / PRENDEDOR DE PORTA, EM LATAO CROMADO, MONTADO EM PISO","UN    ","CR",35.799999999999997]
[36149,"TRAVA-QUEDAS EM ACO PARA CORDA DE 12 MM, EXTENSOR DE 25 X 300 MM, COM MOSQUETAO TIPO GANCHO TRAVA DUPLA","UN    ","CR",152.75]
[42407,"TRELICA NERVURADA (ESPACADOR), ALTURA = 120,0 MM, DIAMETRO DOS BANZOS INFERIORES E SUPERIOR = 6,0 MM, DIAMETRO DA DIAGONAL = 4,2 MM","M     ","CR",9.83]
[11581,"TRILHO PANTOGRAFICO CONCAVO, TIPO U, EM ALUMINIO, COM DIMENSOES DE APROX *35 X 35* MM, PARA ROLDANA DE PORTA DE CORRER","M     ","CR",23.63]
[43605,"TRILHO PANTOGRAFICO RETO, EM ALUMINIO, TIPO U, COM DIMENSOES DE *38 X 38* MM PARA PORTA DE CORRER","M     ","CR",48.34]
[11580,"TRILHO QUADRADO FRIZADO PARA RODIZIO (VERGALHAO MACICO), EM ALUMINIO, COM DIMENSOES DE *6 X 6* MM","M     ","CR",9.48]
[10743,"TROLEY MANUAL CAPACIDADE 1 T","UN    ","CR",591.25]
[39848,"TUBO / MANGUEIRA PRETA EM POLIETILENO, LINHA PESADA OU REFORCADA, TIPO ESPAGUETE, PARA INJECAO DE CALDA DE CIMENTO, D = 1/2\", ESPESSURA 1,5 MM","M     ","CR",2.15]
[20999,"TUBO ACO CARBONO COM COSTURA, NBR 5580, CLASSE L, DN = 15 MM, E = 2,25 MM, 1,06 KG/M","M     ","CR",15.44]
[21001,"TUBO ACO CARBONO COM COSTURA, NBR 5580, CLASSE L, DN = 25 MM, E = 2,65 MM, 2,02 KG/M","M     ","C ",28.82]
[21003,"TUBO ACO CARBONO COM COSTURA, NBR 5580, CLASSE L, DN = 40 MM, E = 3,0 MM, 3,34 KG/M","M     ","CR",47.36]
[21006,"TUBO ACO CARBONO COM COSTURA, NBR 5580, CLASSE L, DN = 80 MM, E = 3,35 MM, 7,07 KG/M","M     ","CR",100.51]
[21019,"TUBO ACO CARBONO COM COSTURA, NBR 5580, CLASSE M, DN = 25 MM, E = 3,35 MM, *2,50* KG//M","M     ","CR",34.94]
[21021,"TUBO ACO CARBONO COM COSTURA, NBR 5580, CLASSE M, DN = 40 MM, E = 3,35 MM, *3,71* KG//M","M     ","CR",55.23]
[21024,"TUBO ACO CARBONO COM COSTURA, NBR 5580, CLASSE M, DN = 80 MM, E = 4,05 MM, *8,47* KG/M","M     ","CR",118.33]
[40624,"TUBO ACO CARBONO SEM COSTURA 1 1/2\", E= *3,68 MM, SCHEDULE 40, 4,05 KG/M","M     ","CR",67.650000000000006]
[42575,"TUBO ACO CARBONO SEM COSTURA 1 1/4\", E= *3,56 MM, SCHEDULE 40, *3,38* KG/M","M     ","CR",62.08]
[13127,"TUBO ACO CARBONO SEM COSTURA 1/2\", E= *2,77 MM, SCHEDULE 40, *1,27 KG/M","M     ","CR",30.17]
[13137,"TUBO ACO CARBONO SEM COSTURA 1/2\", E= *3,73 MM, SCHEDULE 80, *1,62 KG/M","M     ","CR",40.04]
[42574,"TUBO ACO CARBONO SEM COSTURA 1\", E= *3,38 MM, SCHEDULE 40, *2,50* KG/M","M     ","CR",46.33]
[20989,"TUBO ACO CARBONO SEM COSTURA 14\", E= *11,13 MM, SCHEDULE 40, *94,55 KG/M","M     ","CR",1434.6]
[21147,"TUBO ACO CARBONO SEM COSTURA 2 1/2\", E = 5,16 MM, SCHEDULE 40 (8,62 KG/M)","M     ","CR",134.51]
[21148,"TUBO ACO CARBONO SEM COSTURA 2\", E= *3,91* MM, SCHEDULE 40, *5,43* KG/M","M     ","C ",83.02]
[20984,"TUBO ACO CARBONO SEM COSTURA 20\", E= *12,70 MM, SCHEDULE 30, *154,97 KG/M","M     ","CR",2752.73]
[13042,"TUBO ACO CARBONO SEM COSTURA 20\", E= *6,35 MM,  SCHEDULE 10, *78,46 KG/M","M     ","CR",1525.42]
[21150,"TUBO ACO CARBONO SEM COSTURA 3/4\", E= *2,87 MM, SCHEDULE 40, *1,69 KG/M","M     ","CR",41.16]
[13141,"TUBO ACO CARBONO SEM COSTURA 3/4\", E= *3,91 MM, SCHEDULE 80, *2,19 KG/M.","M     ","CR",51.86]
[42576,"TUBO ACO CARBONO SEM COSTURA 3\", E= *5,49 MM, SCHEDULE 40, *11,28* KG/M","M     ","CR",169.35]
[21151,"TUBO ACO CARBONO SEM COSTURA 4\", E= *6,02 MM, SCHEDULE 40, *16,06 KG/M","M     ","CR",246.4]
[13142,"TUBO ACO CARBONO SEM COSTURA 4\", E= *8,56 MM, SCHEDULE 80, *22,31 KG/M","M     ","CR",352.25]
[42577,"TUBO ACO CARBONO SEM COSTURA 5\", E= *6,55 MM, SCHEDULE 40, *21,75* KG/M","M     ","CR",386.51]
[20994,"TUBO ACO CARBONO SEM COSTURA 6\", E= *10,97 MM, SCHEDULE 80, *42,56 KG/M","M     ","CR",664.15]
[7672,"TUBO ACO CARBONO SEM COSTURA 6\", E= 7,11 MM,  SCHEDULE 40, *28,26 KG/M","M     ","CR",435.09]
[20995,"TUBO ACO CARBONO SEM COSTURA 8\", E= *12,70 MM, SCHEDULE 80, *64,64 KG/M","M     ","CR",872.81]
[7690,"TUBO ACO CARBONO SEM COSTURA 8\", E= *6,35 MM,  SCHEDULE 20, *33,27 KG/M","M     ","CR",504.81]
[20980,"TUBO ACO CARBONO SEM COSTURA 8\", E= *7,04 MM, SCHEDULE 30, *36,75 KG/M","M     ","CR",550.70000000000005]
[7661,"TUBO ACO CARBONO SEM COSTURA 8\", E= *8,18 MM, SCHEDULE 40, *42,55 KG/M","M     ","CR",655.1]
[21016,"TUBO ACO GALVANIZADO COM COSTURA, CLASSE LEVE, DN 100 MM ( 4\"),  E = 3,75 MM,  *10,55* KG/M (NBR 5580)","M     ","CR",208.35]
[21008,"TUBO ACO GALVANIZADO COM COSTURA, CLASSE LEVE, DN 15 MM ( 1/2\"),  E = 2,25 MM,  *1,2* KG/M (NBR 5580)","M     ","CR",24.34]
[21009,"TUBO ACO GALVANIZADO COM COSTURA, CLASSE LEVE, DN 20 MM ( 3/4\"),  E = 2,25 MM,  *1,3* KG/M (NBR 5580)","M     ","CR",31.69]
[21010,"TUBO ACO GALVANIZADO COM COSTURA, CLASSE LEVE, DN 25 MM ( 1\"),  E = 2,65 MM,  *2,11* KG/M (NBR 5580)","M     ","C ",42.55]
[21011,"TUBO ACO GALVANIZADO COM COSTURA, CLASSE LEVE, DN 32 MM ( 1 1/4\"),  E = 2,65 MM,  *2,71* KG/M (NBR 5580)","M     ","CR",62.02]
[21012,"TUBO ACO GALVANIZADO COM COSTURA, CLASSE LEVE, DN 40 MM ( 1 1/2\"),  E = 3,00 MM,  *3,48* KG/M (NBR 5580)","M     ","CR",68.53]
[21013,"TUBO ACO GALVANIZADO COM COSTURA, CLASSE LEVE, DN 50 MM ( 2\"),  E = 3,00 MM,  *4,40* KG/M (NBR 5580)","M     ","CR",89.43]
[21014,"TUBO ACO GALVANIZADO COM COSTURA, CLASSE LEVE, DN 65 MM ( 2 1/2\"),  E = 3,35 MM, * 6,23* KG/M (NBR 5580)","M     ","CR",125.13]
[21015,"TUBO ACO GALVANIZADO COM COSTURA, CLASSE LEVE, DN 80 MM ( 3\"),  E = 3,35 MM, *7,32* KG/M (NBR 5580)","M     ","CR",143.76]
[7697,"TUBO ACO GALVANIZADO COM COSTURA, CLASSE MEDIA, DN 1.1/2\", E = *3,25* MM, PESO *3,61* KG/M (NBR 5580)","M     ","CR",68.599999999999994]
[7698,"TUBO ACO GALVANIZADO COM COSTURA, CLASSE MEDIA, DN 1.1/4\", E = *3,25* MM, PESO *3,14* KG/M (NBR 5580)","M     ","CR",59.05]
[7691,"TUBO ACO GALVANIZADO COM COSTURA, CLASSE MEDIA, DN 1/2\", E = *2,65* MM, PESO *1,22* KG/M (NBR 5580)","M     ","CR",24.95]
[40626,"TUBO ACO GALVANIZADO COM COSTURA, CLASSE MEDIA, DN 1\", E = 3,38 MM, PESO 2,50 KG/M (NBR 5580)","M     ","CR",46.83]
[7701,"TUBO ACO GALVANIZADO COM COSTURA, CLASSE MEDIA, DN 2.1/2\", E = *3,65* MM, PESO *6,51* KG/M (NBR 5580)","M     ","CR",122.76]
[7696,"TUBO ACO GALVANIZADO COM COSTURA, CLASSE MEDIA, DN 2\", E = *3,65* MM, PESO *5,10* KG/M (NBR 5580)","M     ","CR",98.92]
[7700,"TUBO ACO GALVANIZADO COM COSTURA, CLASSE MEDIA, DN 3/4\", E = *2,65* MM, PESO *1,58* KG/M (NBR 5580)","M     ","CR",31.56]
[7694,"TUBO ACO GALVANIZADO COM COSTURA, CLASSE MEDIA, DN 3\", E = *4,05* MM, PESO *8,47* KG/M (NBR 5580)","M     ","CR",165.2]
[7693,"TUBO ACO GALVANIZADO COM COSTURA, CLASSE MEDIA, DN 4\", E = 4,50* MM, PESO 12,10* KG/M (NBR 5580)","M     ","CR",227.52]
[7692,"TUBO ACO GALVANIZADO COM COSTURA, CLASSE MEDIA, DN 5\", E = *5,40* MM, PESO *17,80* KG/M (NBR 5580)","M     ","CR",340.63]
[7695,"TUBO ACO GALVANIZADO COM COSTURA, CLASSE MEDIA, DN 6\", E = 4,85* MM, PESO 19,68* KG/M (NBR 5580)","M     ","CR",369.42]
[13356,"TUBO ACO INDUSTRIAL DN 2\" (50,8 MM) E=1,50MM, PESO= 1,8237 KG/M","M     ","CR",26.79]
[36365,"TUBO COLETOR DE ESGOTO PVC, JEI, DN 100 MM (NBR  7362)","M     ","C ",41.92]
[41930,"TUBO COLETOR DE ESGOTO PVC, JEI, DN 200 MM (NBR 7362)","M     ","CR",135.69999999999999]
[41931,"TUBO COLETOR DE ESGOTO PVC, JEI, DN 250 MM (NBR 7362)","M     ","CR",231.4]
[41932,"TUBO COLETOR DE ESGOTO PVC, JEI, DN 300 MM (NBR 7362)","M     ","CR",373.75]
[41933,"TUBO COLETOR DE ESGOTO PVC, JEI, DN 350 MM (NBR 7362)","M     ","CR",462.89]
[41934,"TUBO COLETOR DE ESGOTO PVC, JEI, DN 400 MM (NBR 7362)","M     ","CR",599.55999999999995]
[41936,"TUBO COLETOR DE ESGOTO, PVC, JEI, DN 150 MM  (NBR 7362)","M     ","CR",90.4]
[41785,"TUBO CORRUGADO PEAD, PAREDE DUPLA, INTERNA LISA, JEI, DN/DI *1000* MM, PARA SANEAMENTO (DRENAGEM/ESGOTO)","M     ","CR",2390.0300000000002]
[41781,"TUBO CORRUGADO PEAD, PAREDE DUPLA, INTERNA LISA, JEI, DN/DI *400* MM, PARA SANEAMENTO (DRENAGEM/ESGOTO)","M     ","CR",681.41]
[41783,"TUBO CORRUGADO PEAD, PAREDE DUPLA, INTERNA LISA, JEI, DN/DI *800* MM, PARA SANEAMENTO (DRENAGEM/ESGOTO)","M     ","CR",1798.14]
[41786,"TUBO CORRUGADO PEAD, PAREDE DUPLA, INTERNA LISA, JEI, DN/DI 1200 MM, PARA SANEAMENTO (DRENAGEM/ESGOTO)","M     ","CR",3751.12]
[41779,"TUBO CORRUGADO PEAD, PAREDE DUPLA, INTERNA LISA, JEI, DN/DI 250 MM, PARA SANEAMENTO (DRENAGEM/ESGOTO)","M     ","CR",261.33999999999997]
[41780,"TUBO CORRUGADO PEAD, PAREDE DUPLA, INTERNA LISA, JEI, DN/DI 300 MM, PARA SANEAMENTO (DRENAGEM/ESGOTO)","M     ","CR",309.10000000000002]
[41782,"TUBO CORRUGADO PEAD, PAREDE DUPLA, INTERNA LISA, JEI, DN/DI 600 MM, PARA SANEAMENTO (DRENAGEM/ESGOTO)","M     ","CR",1274.2]
[38130,"TUBO CPVC SOLDAVEL, 35 MM, AGUA QUENTE PREDIAL (NBR 15884)","M     ","CR",49.61]
[21123,"TUBO CPVC, SOLDAVEL, 15 MM, AGUA QUENTE PREDIAL (NBR 15884)","M     ","C ",14.08]
[21124,"TUBO CPVC, SOLDAVEL, 22 MM, AGUA QUENTE PREDIAL (NBR 15884)","M     ","CR",24.97]
[21125,"TUBO CPVC, SOLDAVEL, 28 MM, AGUA QUENTE PREDIAL (NBR 15884)","M     ","CR",40.07]
[38028,"TUBO CPVC, SOLDAVEL, 42 MM, AGUA QUENTE PREDIAL (NBR 15884)","M     ","CR",67.989999999999995]
[38029,"TUBO CPVC, SOLDAVEL, 54 MM, AGUA QUENTE PREDIAL (NBR 15884)","M     ","CR",103.65]
[38030,"TUBO CPVC, SOLDAVEL, 73 MM, AGUA QUENTE PREDIAL (NBR 15884)","M     ","CR",159.21]
[38031,"TUBO CPVC, SOLDAVEL, 89 MM, AGUA QUENTE PREDIAL (NBR 15884)","M     ","CR",252.28]
[39735,"TUBO DE BORRACHA ELASTOMERICA FLEXIVEL, PRETA, PARA ISOLAMENTO TERMICO DE TUBULACAO, DN 1 1/8\" (28 MM), E= 32 MM, COEFICIENTE DE CONDUTIVIDADE TERMICA 0,036W/mK, VAPOR DE AGUA MAIOR OU IGUAL A 10.000","M     ","CR",134.41]
[39734,"TUBO DE BORRACHA ELASTOMERICA FLEXIVEL, PRETA, PARA ISOLAMENTO TERMICO DE TUBULACAO, DN 1 3/8\" (35 MM), E= 32 MM, COEFICIENTE DE CONDUTIVIDADE TERMICA 0,036W/mK, VAPOR DE AGUA MAIOR OU IGUAL A 10.000","M     ","CR",159.43]
[39736,"TUBO DE BORRACHA ELASTOMERICA FLEXIVEL, PRETA, PARA ISOLAMENTO TERMICO DE TUBULACAO, DN 1 5/8\" (42 MM), E= 32 MM, COEFICIENTE DE CONDUTIVIDADE TERMICA 0,036W/mK, VAPOR DE AGUA MAIOR OU IGUAL A 10.000","M     ","CR",181.95]
[39737,"TUBO DE BORRACHA ELASTOMERICA FLEXIVEL, PRETA, PARA ISOLAMENTO TERMICO DE TUBULACAO, DN 1/2\" (12 MM), E= 19 MM, COEFICIENTE DE CONDUTIVIDADE TERMICA 0,036W/mK, VAPOR DE AGUA MAIOR OU IGUAL A 10.000","M     ","CR",24.47]
[39738,"TUBO DE BORRACHA ELASTOMERICA FLEXIVEL, PRETA, PARA ISOLAMENTO TERMICO DE TUBULACAO, DN 1/4\" (6 MM), E= 9 MM, COEFICIENTE DE CONDUTIVIDADE TERMICA 0,036W/mK, VAPOR DE AGUA MAIOR OU IGUAL A 10.000","M     ","CR",8.85]
[39739,"TUBO DE BORRACHA ELASTOMERICA FLEXIVEL, PRETA, PARA ISOLAMENTO TERMICO DE TUBULACAO, DN 1\" (25 MM), E= 32 MM, COEFICIENTE DE CONDUTIVIDADE TERMICA 0,036W/mK, VAPOR DE AGUA MAIOR OU IGUAL A 10.000","M     ","CR",125.83]
[39733,"TUBO DE BORRACHA ELASTOMERICA FLEXIVEL, PRETA, PARA ISOLAMENTO TERMICO DE TUBULACAO, DN 2 1/8\" (54 MM), E= 32 MM, COEFICIENTE DE CONDUTIVIDADE TERMICA 0,036W/mK, VAPOR DE AGUA MAIOR OU IGUAL A 10.000","M     ","CR",217.75]
[39854,"TUBO DE BORRACHA ELASTOMERICA FLEXIVEL, PRETA, PARA ISOLAMENTO TERMICO DE TUBULACAO, DN 2 5/8\" (*64* MM), E= *32* MM, COEFICIENTE DE CONDUTIVIDADE TERMICA 0,036W/MK, VAPOR DE AGUA MAIOR OU IGUAL A 10.000","M     ","CR",220.83]
[39740,"TUBO DE BORRACHA ELASTOMERICA FLEXIVEL, PRETA, PARA ISOLAMENTO TERMICO DE TUBULACAO, DN 3/4\" (18 MM), E= 32 MM, COEFICIENTE DE CONDUTIVIDADE TERMICA 0,036W/mK, VAPOR DE AGUA MAIOR OU IGUAL A 10.000","M     ","CR",120.83]
[39741,"TUBO DE BORRACHA ELASTOMERICA FLEXIVEL, PRETA, PARA ISOLAMENTO TERMICO DE TUBULACAO, DN 3/8\" (10 MM), E= 19 MM, COEFICIENTE DE CONDUTIVIDADE TERMICA 0,036W/mK, VAPOR DE AGUA MAIOR OU IGUAL A 10.000","M     ","CR",22.27]
[39853,"TUBO DE BORRACHA ELASTOMERICA FLEXIVEL, PRETA, PARA ISOLAMENTO TERMICO DE TUBULACAO, DN 5/8\" (15 MM), E= 19 MM, COEFICIENTE DE CONDUTIVIDADE TERMICA 0,036W/MK, VAPOR DE AGUA MAIOR OU IGUAL A 10.000","M     ","CR",29.25]
[39742,"TUBO DE BORRACHA ELASTOMERICA FLEXIVEL, PRETA, PARA ISOLAMENTO TERMICO DE TUBULACAO, DN 7/8\" (22 MM), E= 32 MM, COEFICIENTE DE CONDUTIVIDADE TERMICA 0,036W/mK, VAPOR DE AGUA MAIOR OU IGUAL A 10.000","M     ","CR",97.12]
[39749,"TUBO DE COBRE CLASSE \"A\", DN = 1 \" (28 MM), PARA INSTALACOES DE MEDIA PRESSAO PARA GASES COMBUSTIVEIS E MEDICINAIS","M     ","AS",112.56]
[39751,"TUBO DE COBRE CLASSE \"A\", DN = 1 1/2 \" (42 MM), PARA INSTALACOES DE MEDIA PRESSAO PARA GASES COMBUSTIVEIS E MEDICINAIS","M     ","AS",204.54]
[39750,"TUBO DE COBRE CLASSE \"A\", DN = 1 1/4 \" (35 MM), PARA INSTALACOES DE MEDIA PRESSAO PARA GASES COMBUSTIVEIS E MEDICINAIS","M     ","AS",170.01]
[39747,"TUBO DE COBRE CLASSE \"A\", DN = 1/2 \" (15 MM), PARA INSTALACOES DE MEDIA PRESSAO PARA GASES COMBUSTIVEIS E MEDICINAIS","M     ","AS",54.68]
[39753,"TUBO DE COBRE CLASSE \"A\", DN = 2 1/2 \" (66 MM), PARA INSTALACOES DE MEDIA PRESSAO PARA GASES COMBUSTIVEIS E MEDICINAIS","M     ","AS",376.5]
[39754,"TUBO DE COBRE CLASSE \"A\", DN = 3 \" (79 MM), PARA INSTALACOES DE MEDIA PRESSAO PARA GASES COMBUSTIVEIS E MEDICINAIS","M     ","AS",554.69000000000005]
[39748,"TUBO DE COBRE CLASSE \"A\", DN = 3/4 \" (22 MM), PARA INSTALACOES DE MEDIA PRESSAO PARA GASES COMBUSTIVEIS E MEDICINAIS","M     ","AS",88.48]
[39755,"TUBO DE COBRE CLASSE \"A\", DN = 4 \" (104 MM), PARA INSTALACOES DE MEDIA PRESSAO PARA GASES COMBUSTIVEIS E MEDICINAIS","M     ","AS",841.04]
[12742,"TUBO DE COBRE CLASSE \"E\", DN = 104 MM, PARA INSTALACAO HIDRAULICA PREDIAL","M     ","AS",665.96]
[12713,"TUBO DE COBRE CLASSE \"E\", DN = 15 MM, PARA INSTALACAO HIDRAULICA PREDIAL","M     ","AS",35.32]
[12743,"TUBO DE COBRE CLASSE \"E\", DN = 22 MM, PARA INSTALACAO HIDRAULICA PREDIAL","M     ","AS",60.76]
[12744,"TUBO DE COBRE CLASSE \"E\", DN = 28 MM, PARA INSTALACAO HIDRAULICA PREDIAL","M     ","AS",77.11]
[12745,"TUBO DE COBRE CLASSE \"E\", DN = 35 MM, PARA INSTALACAO HIDRAULICA PREDIAL","M     ","AS",111.98]
[12746,"TUBO DE COBRE CLASSE \"E\", DN = 42 MM, PARA INSTALACAO HIDRAULICA PREDIAL","M     ","AS",151.22]
[12747,"TUBO DE COBRE CLASSE \"E\", DN = 54 MM, PARA INSTALACAO HIDRAULICA PREDIAL","M     ","AS",219.3]
[12748,"TUBO DE COBRE CLASSE \"E\", DN = 66 MM, PARA INSTALACAO HIDRAULICA PREDIAL","M     ","AS",308.95]
[12749,"TUBO DE COBRE CLASSE \"E\", DN = 79 MM, PARA INSTALACAO HIDRAULICA PREDIAL","M     ","AS",451.63]
[39726,"TUBO DE COBRE CLASSE \"I\", DN = 1 \" (28 MM), PARA INSTALACOES INDUSTRIAIS DE ALTA PRESSAO E VAPOR","M     ","AS",148.34]
[39728,"TUBO DE COBRE CLASSE \"I\", DN = 1 1/2 \" (42 MM), PARA INSTALACOES INDUSTRIAIS DE ALTA PRESSAO E VAPOR","M     ","AS",260.72000000000003]
[39727,"TUBO DE COBRE CLASSE \"I\", DN = 1 1/4 \" (35 MM), PARA INSTALACOES INDUSTRIAIS DE ALTA PRESSAO E VAPOR","M     ","AS",214.55]
[39724,"TUBO DE COBRE CLASSE \"I\", DN = 1/2 \" (15 MM), PARA INSTALACOES INDUSTRIAIS DE ALTA PRESSAO E VAPOR","M     ","AS",65.69]
[39729,"TUBO DE COBRE CLASSE \"I\", DN = 2 \" (54 MM), PARA INSTALACOES INDUSTRIAIS DE ALTA PRESSAO E VAPOR","M     ","AS",361.04]
[39730,"TUBO DE COBRE CLASSE \"I\", DN = 2 1/2 \" (66 MM), PARA INSTALACOES INDUSTRIAIS DE ALTA PRESSAO E VAPOR","M     ","AS",468.44]
[39731,"TUBO DE COBRE CLASSE \"I\", DN = 3 \" (79 MM), PARA INSTALACOES INDUSTRIAIS DE ALTA PRESSAO E VAPOR","M     ","AS",693.79]
[39725,"TUBO DE COBRE CLASSE \"I\", DN = 3/4 \" (22 MM), PARA INSTALACOES INDUSTRIAIS DE ALTA PRESSAO E VAPOR","M     ","AS",107.07]
[39732,"TUBO DE COBRE CLASSE \"I\", DN = 4\" (104 MM), PARA INSTALACOES INDUSTRIAIS DE ALTA PRESSAO E VAPOR","M     ","AS",1021.22]
[39660,"TUBO DE COBRE FLEXIVEL, D = 1/2 \", E = 0,79 MM, PARA AR-CONDICIONADO/ INSTALACOES GAS RESIDENCIAIS E COMERCIAIS","M     ","AS",46.53]
[39662,"TUBO DE COBRE FLEXIVEL, D = 1/4 \", E = 0,79 MM, PARA AR-CONDICIONADO/ INSTALACOES GAS RESIDENCIAIS E COMERCIAIS","M     ","AS",22.3]
[39661,"TUBO DE COBRE FLEXIVEL, D = 3/16 \", E = 0,79 MM, PARA AR-CONDICIONADO/ INSTALACOES GAS RESIDENCIAIS E COMERCIAIS","M     ","AS",15.21]
[39666,"TUBO DE COBRE FLEXIVEL, D = 3/4 \", E = 0,79 MM, PARA AR-CONDICIONADO/ INSTALACOES GAS RESIDENCIAIS E COMERCIAIS","M     ","AS",70]
[39664,"TUBO DE COBRE FLEXIVEL, D = 3/8 \", E = 0,79 MM, PARA AR-CONDICIONADO/ INSTALACOES GAS RESIDENCIAIS E COMERCIAIS","M     ","AS",34.31]
[39663,"TUBO DE COBRE FLEXIVEL, D = 5/16 \", E = 0,79 MM, PARA AR-CONDICIONADO/ INSTALACOES GAS RESIDENCIAIS E COMERCIAIS","M     ","AS",27.43]
[39665,"TUBO DE COBRE FLEXIVEL, D = 5/8 \", E = 0,79 MM, PARA AR-CONDICIONADO/ INSTALACOES GAS RESIDENCIAIS E COMERCIAIS","M     ","AS",57.88]
[39752,"TUBO DE COBRE, CLASSE \"A\", DN = 2\" (54 MM), PARA INSTALACOES DE MEDIA PRESSAO PARA GASES COMBUSTIVEIS E MEDICINAIS","M     ","AS",291.04000000000002]
[7725,"TUBO DE CONCRETO ARMADO PARA AGUAS PLUVIAIS, CLASSE PA-1, COM ENCAIXE PONTA E BOLSA, DIAMETRO NOMINAL DE = 600 MM","M     ","C ",185]
[7753,"TUBO DE CONCRETO ARMADO PARA AGUAS PLUVIAIS, CLASSE PA-1, COM ENCAIXE PONTA E BOLSA, DIAMETRO NOMINAL DE 1000 MM","M     ","CR",360.67]
[13256,"TUBO DE CONCRETO ARMADO PARA AGUAS PLUVIAIS, CLASSE PA-1, COM ENCAIXE PONTA E BOLSA, DIAMETRO NOMINAL DE 1100 MM","M     ","CR",505.25]
[7757,"TUBO DE CONCRETO ARMADO PARA AGUAS PLUVIAIS, CLASSE PA-1, COM ENCAIXE PONTA E BOLSA, DIAMETRO NOMINAL DE 1200 MM","M     ","CR",538.66999999999996]
[7758,"TUBO DE CONCRETO ARMADO PARA AGUAS PLUVIAIS, CLASSE PA-1, COM ENCAIXE PONTA E BOLSA, DIAMETRO NOMINAL DE 1500 MM","M     ","CR",780.42]
[7759,"TUBO DE CONCRETO ARMADO PARA AGUAS PLUVIAIS, CLASSE PA-1, COM ENCAIXE PONTA E BOLSA, DIAMETRO NOMINAL DE 2000 MM","M     ","CR",2162.54]
[40334,"TUBO DE CONCRETO ARMADO PARA AGUAS PLUVIAIS, CLASSE PA-1, COM ENCAIXE PONTA E BOLSA, DIAMETRO NOMINAL DE 300 MM","M     ","CR",84.72]
[7745,"TUBO DE CONCRETO ARMADO PARA AGUAS PLUVIAIS, CLASSE PA-1, COM ENCAIXE PONTA E BOLSA, DIAMETRO NOMINAL DE 400 MM","M     ","CR",95.6]
[7714,"TUBO DE CONCRETO ARMADO PARA AGUAS PLUVIAIS, CLASSE PA-1, COM ENCAIXE PONTA E BOLSA, DIAMETRO NOMINAL DE 500 MM","M     ","CR",114.26]
[7742,"TUBO DE CONCRETO ARMADO PARA AGUAS PLUVIAIS, CLASSE PA-1, COM ENCAIXE PONTA E BOLSA, DIAMETRO NOMINAL DE 700 MM","M     ","CR",252.15]
[7750,"TUBO DE CONCRETO ARMADO PARA AGUAS PLUVIAIS, CLASSE PA-1, COM ENCAIXE PONTA E BOLSA, DIAMETRO NOMINAL DE 800 MM","M     ","CR",307.81]
[7756,"TUBO DE CONCRETO ARMADO PARA AGUAS PLUVIAIS, CLASSE PA-1, COM ENCAIXE PONTA E BOLSA, DIAMETRO NOMINAL DE 900 MM","M     ","CR",353.67]
[7765,"TUBO DE CONCRETO ARMADO PARA AGUAS PLUVIAIS, CLASSE PA-2, COM ENCAIXE PONTA E BOLSA, DIAMETRO NOMINAL DE 1000 MM","M     ","CR",396.42]
[12569,"TUBO DE CONCRETO ARMADO PARA AGUAS PLUVIAIS, CLASSE PA-2, COM ENCAIXE PONTA E BOLSA, DIAMETRO NOMINAL DE 1100 MM","M     ","CR",547.22]
[7766,"TUBO DE CONCRETO ARMADO PARA AGUAS PLUVIAIS, CLASSE PA-2, COM ENCAIXE PONTA E BOLSA, DIAMETRO NOMINAL DE 1200 MM","M     ","CR",581.41999999999996]
[7767,"TUBO DE CONCRETO ARMADO PARA AGUAS PLUVIAIS, CLASSE PA-2, COM ENCAIXE PONTA E BOLSA, DIAMETRO NOMINAL DE 1500 MM","M     ","CR",834.83]
[7727,"TUBO DE CONCRETO ARMADO PARA AGUAS PLUVIAIS, CLASSE PA-2, COM ENCAIXE PONTA E BOLSA, DIAMETRO NOMINAL DE 2000 MM","M     ","CR",2425.21]
[7760,"TUBO DE CONCRETO ARMADO PARA AGUAS PLUVIAIS, CLASSE PA-2, COM ENCAIXE PONTA E BOLSA, DIAMETRO NOMINAL DE 300 MM","M     ","CR",96.38]
[7761,"TUBO DE CONCRETO ARMADO PARA AGUAS PLUVIAIS, CLASSE PA-2, COM ENCAIXE PONTA E BOLSA, DIAMETRO NOMINAL DE 400 MM","M     ","CR",101.05]
[7752,"TUBO DE CONCRETO ARMADO PARA AGUAS PLUVIAIS, CLASSE PA-2, COM ENCAIXE PONTA E BOLSA, DIAMETRO NOMINAL DE 500 MM","M     ","CR",122.81]
[7762,"TUBO DE CONCRETO ARMADO PARA AGUAS PLUVIAIS, CLASSE PA-2, COM ENCAIXE PONTA E BOLSA, DIAMETRO NOMINAL DE 600 MM","M     ","CR",160.51]
[7722,"TUBO DE CONCRETO ARMADO PARA AGUAS PLUVIAIS, CLASSE PA-2, COM ENCAIXE PONTA E BOLSA, DIAMETRO NOMINAL DE 700 MM","M     ","CR",245.63]
[7763,"TUBO DE CONCRETO ARMADO PARA AGUAS PLUVIAIS, CLASSE PA-2, COM ENCAIXE PONTA E BOLSA, DIAMETRO NOMINAL DE 800 MM","M     ","CR",299.26]
[7764,"TUBO DE CONCRETO ARMADO PARA AGUAS PLUVIAIS, CLASSE PA-2, COM ENCAIXE PONTA E BOLSA, DIAMETRO NOMINAL DE 900 MM","M     ","CR",357.56]
[12572,"TUBO DE CONCRETO ARMADO PARA AGUAS PLUVIAIS, CLASSE PA-3, COM ENCAIXE PONTA E BOLSA, DIAMETRO NOMINAL DE 1000 MM","M     ","CR",505.25]
[12573,"TUBO DE CONCRETO ARMADO PARA AGUAS PLUVIAIS, CLASSE PA-3, COM ENCAIXE PONTA E BOLSA, DIAMETRO NOMINAL DE 1100 MM","M     ","CR",664.6]
[12574,"TUBO DE CONCRETO ARMADO PARA AGUAS PLUVIAIS, CLASSE PA-3, COM ENCAIXE PONTA E BOLSA, DIAMETRO NOMINAL DE 1200 MM","M     ","CR",803.58]
[12575,"TUBO DE CONCRETO ARMADO PARA AGUAS PLUVIAIS, CLASSE PA-3, COM ENCAIXE PONTA E BOLSA, DIAMETRO NOMINAL DE 1500 MM","M     ","CR",1220.3699999999999]
[12576,"TUBO DE CONCRETO ARMADO PARA AGUAS PLUVIAIS, CLASSE PA-3, COM ENCAIXE PONTA E BOLSA, DIAMETRO NOMINAL DE 400 MM","M     ","CR",147.68]
[12577,"TUBO DE CONCRETO ARMADO PARA AGUAS PLUVIAIS, CLASSE PA-3, COM ENCAIXE PONTA E BOLSA, DIAMETRO NOMINAL DE 500 MM","M     ","CR",198.99]
[12578,"TUBO DE CONCRETO ARMADO PARA AGUAS PLUVIAIS, CLASSE PA-3, COM ENCAIXE PONTA E BOLSA, DIAMETRO NOMINAL DE 600 MM","M     ","CR",240.96]
[12579,"TUBO DE CONCRETO ARMADO PARA AGUAS PLUVIAIS, CLASSE PA-3, COM ENCAIXE PONTA E BOLSA, DIAMETRO NOMINAL DE 700 MM","M     ","CR",415.08]
[12580,"TUBO DE CONCRETO ARMADO PARA AGUAS PLUVIAIS, CLASSE PA-3, COM ENCAIXE PONTA E BOLSA, DIAMETRO NOMINAL DE 800 MM","M     ","CR",432.49]
[12581,"TUBO DE CONCRETO ARMADO PARA AGUAS PLUVIAIS, CLASSE PA-3, COM ENCAIXE PONTA E BOLSA, DIAMETRO NOMINAL DE 900 MM","M     ","CR",463.27]
[7720,"TUBO DE CONCRETO ARMADO PARA ESGOTO SANITARIO, CLASSE EA-2, COM ENCAIXE PONTA E BOLSA, COM JUNTA ELASTICA, DIAMETRO NOMINAL DE 1000 MM","M     ","CR",724.45]
[40335,"TUBO DE CONCRETO ARMADO PARA ESGOTO SANITARIO, CLASSE EA-2, COM ENCAIXE PONTA E BOLSA, COM JUNTA ELASTICA, DIAMETRO NOMINAL DE 300 MM","M     ","CR",151.57]
[7740,"TUBO DE CONCRETO ARMADO PARA ESGOTO SANITARIO, CLASSE EA-2, COM ENCAIXE PONTA E BOLSA, COM JUNTA ELASTICA, DIAMETRO NOMINAL DE 400 MM","M     ","CR",155.46]
[7741,"TUBO DE CONCRETO ARMADO PARA ESGOTO SANITARIO, CLASSE EA-2, COM ENCAIXE PONTA E BOLSA, COM JUNTA ELASTICA, DIAMETRO NOMINAL DE 500 MM","M     ","CR",287.60000000000002]
[7774,"TUBO DE CONCRETO ARMADO PARA ESGOTO SANITARIO, CLASSE EA-2, COM ENCAIXE PONTA E BOLSA, COM JUNTA ELASTICA, DIAMETRO NOMINAL DE 600 MM","M     ","CR",352.89]
[7744,"TUBO DE CONCRETO ARMADO PARA ESGOTO SANITARIO, CLASSE EA-2, COM ENCAIXE PONTA E BOLSA, COM JUNTA ELASTICA, DIAMETRO NOMINAL DE 700 MM","M     ","CR",460.94]
[7773,"TUBO DE CONCRETO ARMADO PARA ESGOTO SANITARIO, CLASSE EA-2, COM ENCAIXE PONTA E BOLSA, COM JUNTA ELASTICA, DIAMETRO NOMINAL DE 800 MM","M     ","CR",471.12]
[7754,"TUBO DE CONCRETO ARMADO PARA ESGOTO SANITARIO, CLASSE EA-2, COM ENCAIXE PONTA E BOLSA, COM JUNTA ELASTICA, DIAMETRO NOMINAL DE 900 MM","M     ","CR",714.34]
[7735,"TUBO DE CONCRETO ARMADO PARA ESGOTO SANITARIO, CLASSE EA-3, COM ENCAIXE PONTA E BOLSA, COM JUNTA ELASTICA, DIAMETRO NOMINAL DE 1000 MM","M     ","CR",925]
[7755,"TUBO DE CONCRETO ARMADO PARA ESGOTO SANITARIO, CLASSE EA-3, COM ENCAIXE PONTA E BOLSA, COM JUNTA ELASTICA, DIAMETRO NOMINAL DE 400 MM","M     ","CR",183.44]
[7776,"TUBO DE CONCRETO ARMADO PARA ESGOTO SANITARIO, CLASSE EA-3, COM ENCAIXE PONTA E BOLSA, COM JUNTA ELASTICA, DIAMETRO NOMINAL DE 500 MM","M     ","CR",382.43]
[7743,"TUBO DE CONCRETO ARMADO PARA ESGOTO SANITARIO, CLASSE EA-3, COM ENCAIXE PONTA E BOLSA, COM JUNTA ELASTICA, DIAMETRO NOMINAL DE 600 MM","M     ","CR",404.97]
[7733,"TUBO DE CONCRETO ARMADO PARA ESGOTO SANITARIO, CLASSE EA-3, COM ENCAIXE PONTA E BOLSA, COM JUNTA ELASTICA, DIAMETRO NOMINAL DE 700 MM","M     ","CR",528.57000000000005]
[7775,"TUBO DE CONCRETO ARMADO PARA ESGOTO SANITARIO, CLASSE EA-3, COM ENCAIXE PONTA E BOLSA, COM JUNTA ELASTICA, DIAMETRO NOMINAL DE 800 MM","M     ","CR",579.09]
[7734,"TUBO DE CONCRETO ARMADO PARA ESGOTO SANITARIO, CLASSE EA-3, COM ENCAIXE PONTA E BOLSA, COM JUNTA ELASTICA, DIAMETRO NOMINAL DE 900 MM","M     ","CR",820.06]
[37449,"TUBO DE CONCRETO SIMPLES PARA AGUAS PLUVIAIS, CLASSE PS1, COM ENCAIXE MACHO E FEMEA, DIAMETRO NOMINAL DE 200 MM","M     ","CR",27.04]
[37450,"TUBO DE CONCRETO SIMPLES PARA AGUAS PLUVIAIS, CLASSE PS1, COM ENCAIXE MACHO E FEMEA, DIAMETRO NOMINAL DE 300 MM","M     ","CR",37.85]
[37451,"TUBO DE CONCRETO SIMPLES PARA AGUAS PLUVIAIS, CLASSE PS1, COM ENCAIXE MACHO E FEMEA, DIAMETRO NOMINAL DE 400 MM","M     ","CR",52.85]
[37452,"TUBO DE CONCRETO SIMPLES PARA AGUAS PLUVIAIS, CLASSE PS1, COM ENCAIXE MACHO E FEMEA, DIAMETRO NOMINAL DE 500 MM","M     ","CR",76.819999999999993]
[37453,"TUBO DE CONCRETO SIMPLES PARA AGUAS PLUVIAIS, CLASSE PS1, COM ENCAIXE MACHO E FEMEA, DIAMETRO NOMINAL DE 600 MM","M     ","CR",88.47]
[7778,"TUBO DE CONCRETO SIMPLES PARA AGUAS PLUVIAIS, CLASSE PS1, COM ENCAIXE PONTA E BOLSA, DIAMETRO NOMINAL DE 200 MM","M     ","CR",33.18]
[7796,"TUBO DE CONCRETO SIMPLES PARA AGUAS PLUVIAIS, CLASSE PS1, COM ENCAIXE PONTA E BOLSA, DIAMETRO NOMINAL DE 300 MM","M     ","C ",45.48]
[7781,"TUBO DE CONCRETO SIMPLES PARA AGUAS PLUVIAIS, CLASSE PS1, COM ENCAIXE PONTA E BOLSA, DIAMETRO NOMINAL DE 400 MM","M     ","CR",53.74]
[7795,"TUBO DE CONCRETO SIMPLES PARA AGUAS PLUVIAIS, CLASSE PS1, COM ENCAIXE PONTA E BOLSA, DIAMETRO NOMINAL DE 500 MM","M     ","CR",79.98]
[7791,"TUBO DE CONCRETO SIMPLES PARA AGUAS PLUVIAIS, CLASSE PS1, COM ENCAIXE PONTA E BOLSA, DIAMETRO NOMINAL DE 600 MM","M     ","CR",95.75]
[7783,"TUBO DE CONCRETO SIMPLES PARA AGUAS PLUVIAIS, CLASSE PS2, COM ENCAIXE PONTA E BOLSA, DIAMETRO NOMINAL DE 200 MM","M     ","CR",33.93]
[7790,"TUBO DE CONCRETO SIMPLES PARA AGUAS PLUVIAIS, CLASSE PS2, COM ENCAIXE PONTA E BOLSA, DIAMETRO NOMINAL DE 300 MM","M     ","CR",53.46]
[7785,"TUBO DE CONCRETO SIMPLES PARA AGUAS PLUVIAIS, CLASSE PS2, COM ENCAIXE PONTA E BOLSA, DIAMETRO NOMINAL DE 400 MM","M     ","CR",59]
[7792,"TUBO DE CONCRETO SIMPLES PARA AGUAS PLUVIAIS, CLASSE PS2, COM ENCAIXE PONTA E BOLSA, DIAMETRO NOMINAL DE 500 MM","M     ","CR",83.67]
[7793,"TUBO DE CONCRETO SIMPLES PARA AGUAS PLUVIAIS, CLASSE PS2, COM ENCAIXE PONTA E BOLSA, DIAMETRO NOMINAL DE 600 MM","M     ","CR",98.82]
[13159,"TUBO DE CONCRETO SIMPLES PARA ESGOTO SANITARIO, CLASSE ES, COM ENCAIXE PONTA E BOLSA, COM JUNTA ELASTICA, DIAMETRO NOMINAL DE 400 MM","M     ","CR",86.04]
[13168,"TUBO DE CONCRETO SIMPLES PARA ESGOTO SANITARIO, CLASSE ES, COM ENCAIXE PONTA E BOLSA, COM JUNTA ELASTICA, DIAMETRO NOMINAL DE 500 MM","M     ","CR",104.48]
[13173,"TUBO DE CONCRETO SIMPLES PARA ESGOTO SANITARIO, CLASSE ES, COM ENCAIXE PONTA E BOLSA, COM JUNTA ELASTICA, DIAMETRO NOMINAL DE 600 MM","M     ","CR",141.35]
[12583,"TUBO DE CONCRETO SIMPLES POROSO PARA DRENAGEM (DRENO POROSO), COM ENCAIXE MACHO E FEMEA, DIAMETRO NOMINAL DE 200 MM","M     ","CR",28.27]
[12584,"TUBO DE CONCRETO SIMPLES POROSO PARA DRENAGEM (DRENO POROSO), COM ENCAIXE MACHO E FEMEA, DIAMETRO NOMINAL DE 300 MM","M     ","CR",36.869999999999997]
[12613,"TUBO DE DESCARGA, TIPO BENGALA, PARA LIGACAO CAIXA DE DESCARGA - EMBUTIR, PVC, 40 MM X 150 CM","UN    ","CR",23.82]
[1031,"TUBO DE DESCIDA EXTERNO DE PVC PARA CAIXA DE DESCARGA EXTERNA ALTA - 40 MM X 1,60 M","UN    ","CR",15.59]
[39707,"TUBO DE ESPUMA DE POLIETILENO EXPANDIDO FLEXIVEL PARA ISOLAMENTO TERMICO DE TUBULACAO DE AR CONDICIONADO, AGUA QUENTE,  DN 1 1/2\", E= 10 MM","M     ","CR",5.37]
[39708,"TUBO DE ESPUMA DE POLIETILENO EXPANDIDO FLEXIVEL PARA ISOLAMENTO TERMICO DE TUBULACAO DE AR CONDICIONADO, AGUA QUENTE,  DN 1 1/4\", E= 10 MM","M     ","CR",5.2]
[39710,"TUBO DE ESPUMA DE POLIETILENO EXPANDIDO FLEXIVEL PARA ISOLAMENTO TERMICO DE TUBULACAO DE AR CONDICIONADO, AGUA QUENTE,  DN 1 1/8\", E= 10 MM","M     ","CR",3.66]
[39709,"TUBO DE ESPUMA DE POLIETILENO EXPANDIDO FLEXIVEL PARA ISOLAMENTO TERMICO DE TUBULACAO DE AR CONDICIONADO, AGUA QUENTE,  DN 1 3/8\", E= 10 MM","M     ","CR",5.08]
[39711,"TUBO DE ESPUMA DE POLIETILENO EXPANDIDO FLEXIVEL PARA ISOLAMENTO TERMICO DE TUBULACAO DE AR CONDICIONADO, AGUA QUENTE,  DN 1 5/8\", E= 10 MM","M     ","CR",5.7]
[39712,"TUBO DE ESPUMA DE POLIETILENO EXPANDIDO FLEXIVEL PARA ISOLAMENTO TERMICO DE TUBULACAO DE AR CONDICIONADO, AGUA QUENTE,  DN 1/2\", E= 10 MM","M     ","C ",2]
[39713,"TUBO DE ESPUMA DE POLIETILENO EXPANDIDO FLEXIVEL PARA ISOLAMENTO TERMICO DE TUBULACAO DE AR CONDICIONADO, AGUA QUENTE,  DN 1/4\", E= 10 MM","M     ","CR",1.58]
[39714,"TUBO DE ESPUMA DE POLIETILENO EXPANDIDO FLEXIVEL PARA ISOLAMENTO TERMICO DE TUBULACAO DE AR CONDICIONADO, AGUA QUENTE,  DN 1\", E= 10 MM","M     ","CR",3.62]
[39715,"TUBO DE ESPUMA DE POLIETILENO EXPANDIDO FLEXIVEL PARA ISOLAMENTO TERMICO DE TUBULACAO DE AR CONDICIONADO, AGUA QUENTE,  DN 3/4\", E= 10 MM","M     ","CR",2.58]
[39716,"TUBO DE ESPUMA DE POLIETILENO EXPANDIDO FLEXIVEL PARA ISOLAMENTO TERMICO DE TUBULACAO DE AR CONDICIONADO, AGUA QUENTE,  DN 3/8\", E= 10 MM","M     ","CR",1.95]
[39718,"TUBO DE ESPUMA DE POLIETILENO EXPANDIDO FLEXIVEL PARA ISOLAMENTO TERMICO DE TUBULACAO DE AR CONDICIONADO, AGUA QUENTE,  DN 7/8\", E= 10 MM","M     ","CR",3.33]
[9813,"TUBO DE POLIETILENO DE ALTA DENSIDADE (PEAD), PE-80, DE = 20 MM X 2,3 MM DE PAREDE, PARA LIGACAO DE AGUA PREDIAL (NBR 15561)","M     ","C ",6.16]
[9815,"TUBO DE POLIETILENO DE ALTA DENSIDADE (PEAD), PE-80, DE = 32 MM X 3,0 MM DE PAREDE, PARA LIGACAO DE AGUA PREDIAL (NBR 15561)","M     ","CR",12.16]
[44543,"TUBO DE POLIETILENO DE ALTA DENSIDADE, PEAD, PE-80, DE = 1000 MM X 38,5 MM PAREDE, ( SDR 26 - PN 05 ) PARA REDE DE AGUA OU ESGOTO ( NBR 15561)","M     ","CR",6053.22]
[44526,"TUBO DE POLIETILENO DE ALTA DENSIDADE, PEAD, PE-80, DE = 110 MM X 10,0 MM PAREDE, ( SDR 11 - PN 12,5 ) PARA REDE DE AGUA OU ESGOTO ( NBR 15561)","M     ","CR",148.36000000000001]
[44518,"TUBO DE POLIETILENO DE ALTA DENSIDADE, PEAD, PE-80, DE = 1200 MM X 37,2 MM PAREDE ( SDR 32,25 - PN 04 ) PARA REDE DE AGUA OU ESGOTO ( NBR 15561)","M     ","CR",4456.4399999999996]
[44544,"TUBO DE POLIETILENO DE ALTA DENSIDADE, PEAD, PE-80, DE = 1400 MM X 42,9 MM PAREDE, (SDR 32,25 - PN 04 ) PARA REDE DE AGUA OU ESGOTO ( NBR 15561)","M     ","CR",2166.54]
[44545,"TUBO DE POLIETILENO DE ALTA DENSIDADE, PEAD, PE-80, DE = 160 MM X 14,6 MM PAREDE, (SDR 11 - PN 12,5 ) PARA REDE DE AGUA OU ESGOTO ( NBR 15561)","M     ","CR",318.45]
[44546,"TUBO DE POLIETILENO DE ALTA DENSIDADE, PEAD, PE-80, DE = 1600 MM X 49,0 MM PAREDE, ( SDR 32,25 - PN 04 ) PARA REDE DE AGUA OU ESGOTO ( NBR 15561)","M     ","CR",1422.21]
[44525,"TUBO DE POLIETILENO DE ALTA DENSIDADE, PEAD, PE-80, DE = 900 MM X 34,7 MM PAREDE, ( SDR 26 - PN 05 ) PARA REDE DE AGUA OU ESGOTO ( NBR 15561)","M     ","CR",5490.24]
[44547,"TUBO DE POLIETILENO DE ALTA DENSIDADE, PEAD, PE-80, DE= 200 MM X 18,2 MM PAREDE, ( SDR 11 - PN 12,5 ) PARA REDE DE AGUA OU ESGOTO ( NBR 15561)","M     ","CR",496.42]
[44519,"TUBO DE POLIETILENO DE ALTA DENSIDADE, PEAD, PE-80, DE= 315 MM X 28,7 MM PAREDE, ( SDR 11 - PN 12,5 ) PARA REDE DE AGUA OU ESGOTO ( NBR 15561)","M     ","CR",1216.3599999999999]
[44520,"TUBO DE POLIETILENO DE ALTA DENSIDADE, PEAD, PE-80, DE= 400 MM X 36,4 MM PAREDE, ( SDR 11 - PN 12,5 ) PARA REDE DE AGUA OU ESGOTO ( NBR 15561)","M     ","CR",1959.12]
[44521,"TUBO DE POLIETILENO DE ALTA DENSIDADE, PEAD, PE-80, DE= 50 MM X 4,6 MM PAREDE, (SDR 11 - PN 12,5) PARA REDE DE AGUA OU ESGOTO ( NBR 15561)","M     ","CR",31.6]
[44522,"TUBO DE POLIETILENO DE ALTA DENSIDADE, PEAD, PE-80, DE= 500 MM X 45,5 MM PAREDE, ( SDR 11 - PN 12,5 ) PARA REDE DE AGUA OU ESGOTO ( NBR 15561)","M     ","CR",3439.48]
[44523,"TUBO DE POLIETILENO DE ALTA DENSIDADE, PEAD, PE-80, DE= 630 MM X 57,3 MM PAREDE (SDR 11 - PN 12,5 ) PARA REDE DE AGUA OU ESGOTO ( NBR 15561)","M     ","CR",5115.4799999999996]
[44527,"TUBO DE POLIETILENO DE ALTA DENSIDADE, PEAD, PE-80, DE= 730 MM X 34,1 MM PAREDE, ( SDR 21 - PN 06 ) PARA REDE DE AGUA OU ESGOTO ( NBR 15561)","M     ","CR",2565.2800000000002]
[44524,"TUBO DE POLIETILENO DE ALTA DENSIDADE, PEAD, PE-80, DE= 75 MM X 6,9 MM PAREDE, ( SRD 11 - PN 12,5 ) PARA REDE DE AGUA OU ESGOTO ( NBR 15561)","M     ","CR",70.680000000000007]
[44542,"TUBO DE POLIETILENO DE ALTA DENSIDADE, PEAD, PE-80, DE= 800 MM X 30,8 MM PAREDE, ( SDR 26 - PN 05 ) PARA REDE DE AGUA OU ESGOTO ( NBR 15561)","M     ","CR",3346.83]
[9876,"TUBO DE PVC, PBL, TIPO LEVE, DN = 125 MM,  PARA VENTILACAO","M     ","CR",29.69]
[9877,"TUBO DE PVC, PBL, TIPO LEVE, DN = 250 MM,  PARA VENTILACAO","M     ","CR",103.99]
[9878,"TUBO DE PVC, PBL, TIPO LEVE, DN = 300 MM,  PARA VENTILACAO","M     ","CR",135.46]
[9879,"TUBO DE PVC, PBL, TIPO LEVE, DN = 400 MM,  PARA VENTILACAO","M     ","CR",323.32]
[41986,"TUBO DE REVESTIMENTO, EM ACO, CORPO SCHEDULE 40, PONTEIRA SCHEDULE 80, ROSQUEAVEL E SEGMENTADO PARA PERFURACAO, DIAMETRO 10'' (310 MM)","M     ","CR",2596.4299999999998]
[43422,"TUBO DE REVESTIMENTO, EM ACO, CORPO SCHEDULE 40, PONTEIRA SCHEDULE 80, ROSQUEAVEL E SEGMENTADO PARA PERFURACAO, DIAMETRO 12\" (320 MM)","M     ","CR",3184.26]
[41987,"TUBO DE REVESTIMENTO, EM ACO, CORPO SCHEDULE 40, PONTEIRA SCHEDULE 80, ROSQUEAVEL E SEGMENTADO PARA PERFURACAO, DIAMETRO 14'' (400 MM)","M     ","CR",3690.82]
[41988,"TUBO DE REVESTIMENTO, EM ACO, CORPO SCHEDULE 40, PONTEIRA SCHEDULE 80, ROSQUEAVEL E SEGMENTADO PARA PERFURACAO, DIAMETRO 16'' (450 MM)","M     ","CR",4875.05]
[41697,"TUBO DE REVESTIMENTO, EM ACO, CORPO SCHEDULE 40, PONTEIRA SCHEDULE 80, ROSQUEAVEL E SEGMENTADO PARA PERFURACAO, DIAMETRO 4'' (450 MM)","M     ","CR",864.09]
[41985,"TUBO DE REVESTIMENTO, EM ACO, CORPO SCHEDULE 40, PONTEIRA SCHEDULE 80, ROSQUEAVEL E SEGMENTADO PARA PERFURACAO, DIAMETRO 6'' (200 MM)","M     ","CR",1203.44]
[41699,"TUBO DE REVESTIMENTO, EM ACO, CORPO SCHEDULE 40, PONTEIRA SCHEDULE 80, ROSQUEAVEL E SEGMENTADO PARA PERFURACAO, DIAMETRO 8'' (200 MM)","M     ","CR",1713.64]
[38053,"TUBO DRENO, CORRUGADO, ESPIRALADO, FLEXIVEL, PERFURADO, EM POLIETILENO DE ALTA DENSIDADE (PEAD), DN *160* MM, (6\") PARA DRENAGEM - EM BARRA (NORMA DNIT 093/2006 - EM)","M     ","AS",19.079999999999998]
[38054,"TUBO DRENO, CORRUGADO, ESPIRALADO, FLEXIVEL, PERFURADO, EM POLIETILENO DE ALTA DENSIDADE (PEAD), DN *200* MM, (8\") PARA DRENAGEM - EM BARRA (NORMA DNIT 093/2006 - EM)","M     ","AS",32.799999999999997]
[38052,"TUBO DRENO, CORRUGADO, ESPIRALADO, FLEXIVEL, PERFURADO, EM POLIETILENO DE ALTA DENSIDADE (PEAD), DN 100 MM, (4\") PARA DRENAGEM - EM ROLO (NORMA DNIT 093/2006 - E.M)","M     ","AS",9.24]
[38051,"TUBO DRENO, CORRUGADO, ESPIRALADO, FLEXIVEL, PERFURADO, EM POLIETILENO DE ALTA DENSIDADE (PEAD), DN 65 MM, (2 1/2\") PARA DRENAGEM - EM ROLO (NORMA DNIT 093/2006 - EM)","M     ","AS",5.76]
[38787,"TUBO MONOCAMADA PEX, DN 16 MM","M     ","C ",7.49]
[38825,"TUBO MONOCAMADA PEX, DN 20 MM","M     ","CR",9.81]
[38826,"TUBO MONOCAMADA PEX, DN 25 MM","M     ","CR",14.54]
[38827,"TUBO MONOCAMADA PEX, DN 32 MM","M     ","CR",23.36]
[38830,"TUBO MULTICAMADA PEX, DN *26* MM, PARA INSTALACOES A GAS (AMARELO)","M     ","CR",32.72]
[38828,"TUBO MULTICAMADA PEX, DN 16 MM, PARA INSTALACOES A GAS (AMARELO)","M     ","CR",14.43]
[38829,"TUBO MULTICAMADA PEX, DN 20 MM, PARA INSTALACOES A GAS (AMARELO)","M     ","CR",23.63]
[38831,"TUBO MULTICAMADA PEX, DN 32 MM, PARA INSTALACOES A GAS (AMARELO)","M     ","CR",45.63]
[36274,"TUBO PPR PN 20, DN 20 MM, PARA AGUA QUENTE PREDIAL","M     ","C ",8.3800000000000008]
[36278,"TUBO PPR PN 20, DN 25 MM, PARA AGUA QUENTE PREDIAL","M     ","CR",11.37]
[38977,"TUBO PPR, CLASSE PN 12, DN 110 MM","M     ","CR",172.99]
[38971,"TUBO PPR, CLASSE PN 12, DN 32 MM","M     ","CR",14.25]
[38972,"TUBO PPR, CLASSE PN 12, DN 40 MM","M     ","CR",21.7]
[38973,"TUBO PPR, CLASSE PN 12, DN 50 MM","M     ","CR",28.71]
[38974,"TUBO PPR, CLASSE PN 12, DN 63 MM","M     ","CR",41.87]
[38975,"TUBO PPR, CLASSE PN 12, DN 75 MM","M     ","CR",69.78]
[38976,"TUBO PPR, CLASSE PN 12, DN 90 MM","M     ","CR",97.86]
[38986,"TUBO PPR, CLASSE PN 25, DN 110 MM, PARA AGUA QUENTE E FRIA PREDIAL","M     ","CR",196.94]
[38978,"TUBO PPR, CLASSE PN 25, DN 20 MM, PARA AGUA QUENTE E FRIA PREDIAL","M     ","CR",8.3800000000000008]
[38979,"TUBO PPR, CLASSE PN 25, DN 25 MM, PARA AGUA QUENTE E FRIA PREDIAL","M     ","CR",11.37]
[38980,"TUBO PPR, CLASSE PN 25, DN 32 MM, PARA AGUA QUENTE E FRIA PREDIAL","M     ","CR",19]
[38981,"TUBO PPR, CLASSE PN 25, DN 40 MM, PARA AGUA QUENTE E FRIA PREDIAL","M     ","CR",26.31]
[38982,"TUBO PPR, CLASSE PN 25, DN 50 MM, PARA AGUA QUENTE E FRIA PREDIAL","M     ","CR",38.29]
[38983,"TUBO PPR, CLASSE PN 25, DN 63 MM, PARA AGUA QUENTE E FRIA PREDIAL","M     ","CR",50.77]
[38984,"TUBO PPR, CLASSE PN 25, DN 75 MM, PARA AGUA QUENTE E FRIA PREDIAL","M     ","CR",97.92]
[38985,"TUBO PPR, CLASSE PN 25, DN 90 MM, PARA AGUA QUENTE E FRIA PREDIAL","M     ","CR",144.97]
[9836,"TUBO PVC  SERIE NORMAL, DN 100 MM, PARA ESGOTO  PREDIAL (NBR 5688)","M     ","C ",19.36]
[20065,"TUBO PVC  SERIE NORMAL, DN 150 MM, PARA ESGOTO  PREDIAL (NBR 5688)","M     ","CR",49.53]
[9835,"TUBO PVC  SERIE NORMAL, DN 40 MM, PARA ESGOTO  PREDIAL (NBR 5688)","M     ","CR",6.98]
[38032,"TUBO PVC CORRUGADO, PAREDE DUPLA, JE, DN 150 MM, REDE COLETORA ESGOTO","M     ","CR",70.09]
[38033,"TUBO PVC CORRUGADO, PAREDE DUPLA, JE, DN 200 MM, REDE COLETORA ESGOTO","M     ","CR",114.69]
[38034,"TUBO PVC CORRUGADO, PAREDE DUPLA, JE, DN 250 MM, REDE COLETORA ESGOTO","M     ","CR",189.73]
[38035,"TUBO PVC CORRUGADO, PAREDE DUPLA, JE, DN 300 MM, REDE COLETORA ESGOTO","M     ","CR",264.39]
[38036,"TUBO PVC CORRUGADO, PAREDE DUPLA, JE, DN 350 MM, REDE COLETORA ESGOTO","M     ","CR",373.07]
[38037,"TUBO PVC CORRUGADO, PAREDE DUPLA, JE, DN 400 MM, REDE COLETORA ESGOTO","M     ","CR",432.57]
[9850,"TUBO PVC DE REVESTIMENTO GEOMECANICO NERVURADO REFORCADO, DN = 150 MM, COMPRIMENTO = 2 M","M     ","AS",151.13]
[9853,"TUBO PVC DE REVESTIMENTO GEOMECANICO NERVURADO REFORCADO, DN = 200 MM, COMPRIMENTO = 2 M","M     ","AS",268.75]
[9854,"TUBO PVC DE REVESTIMENTO GEOMECANICO NERVURADO STANDARD, DN = 154 MM, COMPRIMENTO = 2 M","M     ","AS",117.75]
[9851,"TUBO PVC DE REVESTIMENTO GEOMECANICO NERVURADO STANDARD, DN = 206 MM, COMPRIMENTO = 2 M","M     ","AS",204.19]
[9855,"TUBO PVC DE REVESTIMENTO GEOMECANICO NERVURADO STANDARD, DN = 250 MM, COMPRIMENTO = 2 M","M     ","AS",341.53]
[9825,"TUBO PVC DEFOFO, JEI, 1 MPA, DN 100 MM, PARA REDE DE AGUA (NBR 7665)","M     ","AS",63.54]
[9828,"TUBO PVC DEFOFO, JEI, 1 MPA, DN 150 MM, PARA REDE DE  AGUA (NBR 7665)","M     ","AS",170.99]
[9829,"TUBO PVC DEFOFO, JEI, 1 MPA, DN 200 MM, PARA REDE DE AGUA (NBR 7665)","M     ","AS",289.77999999999997]
[9826,"TUBO PVC DEFOFO, JEI, 1 MPA, DN 250 MM, PARA REDE DE AGUA (NBR 7665)","M     ","AS",441.15]
[9827,"TUBO PVC DEFOFO, JEI, 1 MPA, DN 300 MM, PARA REDE DE AGUA (NBR 7665)","M     ","AS",626.44000000000005]
[36374,"TUBO PVC PBA JEI, CLASSE 12, DN 100 MM, PARA REDE DE AGUA (NBR 5647)","M     ","AS",76.150000000000006]
[36084,"TUBO PVC PBA JEI, CLASSE 12, DN 50 MM, PARA REDE DE AGUA (NBR 5647)","M     ","AS",22.56]
[36373,"TUBO PVC PBA JEI, CLASSE 12, DN 75 MM, PARA REDE DE AGUA (NBR 5647)","M     ","AS",46.85]
[36377,"TUBO PVC PBA JEI, CLASSE 15, DN 100 MM, PARA REDE DE AGUA (NBR 5647)","M     ","AS",91.35]
[36375,"TUBO PVC PBA JEI, CLASSE 15, DN 50 MM, PARA REDE DE AGUA (NBR 5647)","M     ","AS",27.84]
[36376,"TUBO PVC PBA JEI, CLASSE 15, DN 75 MM, PARA REDE DE AGUA (NBR 5647)","M     ","AS",54.67]
[36380,"TUBO PVC PBA JEI, CLASSE 20, DN 100 MM, PARA REDE DE AGUA (NBR 5647)","M     ","AS",114.22]
[36378,"TUBO PVC PBA JEI, CLASSE 20, DN 50 MM, PARA REDE DE AGUA (NBR 5647)","M     ","AS",34.22]
[36379,"TUBO PVC PBA JEI, CLASSE 20, DN 75 MM, PARA REDE DE AGUA (NBR 5647)","M     ","AS",68.989999999999995]
[9859,"TUBO PVC ROSCAVEL, 3/4\",  AGUA FRIA PREDIAL","M     ","CR",16.850000000000001]
[9838,"TUBO PVC SERIE NORMAL, DN 50 MM, PARA ESGOTO PREDIAL (NBR 5688)","M     ","CR",11.88]
[9837,"TUBO PVC SERIE NORMAL, DN 75 MM, PARA ESGOTO PREDIAL (NBR 5688)","M     ","CR",17.16]
[9833,"TUBO PVC, FLEXIVEL, CORRUGADO, PERFURADO, DN 110 MM, PARA DRENAGEM, SISTEMA IRRIGACAO","M     ","AS",10.72]
[9830,"TUBO PVC, FLEXIVEL, CORRUGADO, PERFURADO, DN 65 MM, PARA DRENAGEM, SISTEMA IRRIGACAO","M     ","AS",5.74]
[9834,"TUBO PVC, RIGIDO, CORRUGADO, PERFURADO, DN 150 MM, PARA DRENAGEM, SISTEMA IRRIGACAO","M     ","AS",29.85]
[9863,"TUBO PVC, ROSCAVEL,  2 1/2\", AGUA FRIA PREDIAL","M     ","CR",121.6]
[9860,"TUBO PVC, ROSCAVEL,  2\", PARA AGUA FRIA PREDIAL","M     ","CR",78.069999999999993]
[9862,"TUBO PVC, ROSCAVEL, 1 1/2\",  AGUA FRIA PREDIAL","M     ","CR",55.09]
[9861,"TUBO PVC, ROSCAVEL, 1 1/4\", AGUA FRIA PREDIAL","M     ","CR",44.27]
[9856,"TUBO PVC, ROSCAVEL, 1/2\", AGUA FRIA PREDIAL","M     ","CR",11.9]
[9866,"TUBO PVC, ROSCAVEL, 1\", AGUA FRIA PREDIAL","M     ","CR",32.700000000000003]
[9857,"TUBO PVC, ROSCAVEL, 3\", AGUA FRIA PREDIAL","M     ","CR",157.26]
[9864,"TUBO PVC, ROSCAVEL, 4\",  AGUA FRIA PREDIAL","M     ","CR",189.86]
[9865,"TUBO PVC, ROSCAVEL, 5\",  AGUA FRIA PREDIAL","M     ","CR",273.04000000000002]
[9858,"TUBO PVC, ROSCAVEL, 6\",  AGUA FRIA PREDIAL","M     ","CR",286.25]
[9841,"TUBO PVC, SERIE R, DN 100 MM, PARA ESGOTO OU AGUAS PLUVIAIS PREDIAIS (NBR 5688)","M     ","CR",47.78]
[9840,"TUBO PVC, SERIE R, DN 150 MM, PARA ESGOTO OU AGUAS PLUVIAIS PREDIAIS (NBR 5688)","M     ","CR",97.11]
[20067,"TUBO PVC, SERIE R, DN 40 MM, PARA ESGOTO OU AGUAS PLUVIAIS PREDIAIS (NBR 5688)","M     ","CR",16.690000000000001]
[20068,"TUBO PVC, SERIE R, DN 50 MM, PARA ESGOTO OU AGUAS PLUVIAIS PREDIAIS (NBR 5688)","M     ","CR",20.81]
[9839,"TUBO PVC, SERIE R, DN 75 MM, PARA ESGOTO OU AGUAS PLUVIAIS PREDIAIS (NBR 5688)","M     ","CR",27.27]
[9870,"TUBO PVC, SOLDAVEL, DN 100 MM, AGUA FRIA (NBR-5648)","M     ","CR",132.6]
[9867,"TUBO PVC, SOLDAVEL, DN 20 MM, AGUA FRIA (NBR-5648)","M     ","CR",4.87]
[9868,"TUBO PVC, SOLDAVEL, DN 25 MM, AGUA FRIA (NBR-5648)","M     ","C ",6.25]
[9869,"TUBO PVC, SOLDAVEL, DN 32 MM, AGUA FRIA (NBR-5648)","M     ","CR",14.03]
[9874,"TUBO PVC, SOLDAVEL, DN 40 MM, AGUA FRIA (NBR-5648)","M     ","CR",20.43]
[9875,"TUBO PVC, SOLDAVEL, DN 50 MM, PARA AGUA FRIA (NBR-5648)","M     ","CR",23.41]
[9873,"TUBO PVC, SOLDAVEL, DN 60 MM, AGUA FRIA (NBR-5648)","M     ","CR",39.49]
[9871,"TUBO PVC, SOLDAVEL, DN 75 MM, AGUA FRIA (NBR-5648)","M     ","CR",66.150000000000006]
[9872,"TUBO PVC, SOLDAVEL, DN 85 MM, AGUA FRIA (NBR-5648)","M     ","CR",82.65]
[7667,"TUBO 26\" EM CHAPA PRETA, E= 3/16\", 147 KG/6 M","M     ","CR",2450.5300000000002]
[7660,"TUBO 30\" EM CHAPA PRETA, E= 1/4\", 175 KG/6 M","M     ","CR",3123.84]
[7676,"TUBO 30\" EM CHAPA PRETA, E= 3/8\", 177 KG/6 M","M     ","CR",3159.54]
[12426,"UNIAO COM ASSENTO CONICO DE BRONZE, DIAMETRO 1/2\"","UN    ","CR",39.35]
[12425,"UNIAO COM ASSENTO CONICO DE BRONZE, DIAMETRO 1\"","UN    ","CR",54.06]
[12427,"UNIAO COM ASSENTO CONICO DE BRONZE, DIAMETRO 2 1/2\"","UN    ","CR",224.4]
[12428,"UNIAO COM ASSENTO CONICO DE BRONZE, DIAMETRO 2'","UN    ","CR",144.03]
[12430,"UNIAO COM ASSENTO CONICO DE BRONZE, DIAMETRO 3/4\"","UN    ","CR",48.24]
[12429,"UNIAO COM ASSENTO CONICO DE BRONZE, DIAMETRO 3\"","UN    ","CR",362.87]
[12431,"UNIAO COM ASSENTO CONICO DE BRONZE, DIAMETRO 4\"","UN    ","CR",617.53]
[12432,"UNIAO COM ASSENTO CONICO DE FERRO LONGO (MACHO-FEMEA), DIAMETRO 1 1/2\"","UN    ","CR",127.01]
[12434,"UNIAO COM ASSENTO CONICO DE FERRO LONGO (MACHO-FEMEA), DIAMETRO 1/2\"","UN    ","CR",41.39]
[12433,"UNIAO COM ASSENTO CONICO DE FERRO LONGO (MACHO-FEMEA), DIAMETRO 1\"","UN    ","CR",80.849999999999994]
[12435,"UNIAO COM ASSENTO CONICO DE FERRO LONGO (MACHO-FEMEA), DIAMETRO 2 1/2\"","UN    ","CR",250.22]
[12437,"UNIAO COM ASSENTO CONICO DE FERRO LONGO (MACHO-FEMEA), DIAMETRO 2\"","UN    ","CR",202.09]
[12439,"UNIAO COM ASSENTO CONICO DE FERRO LONGO (MACHO-FEMEA), DIAMETRO 3/4\"","UN    ","CR",64.86]
[12438,"UNIAO COM ASSENTO CONICO DE FERRO LONGO (MACHO-FEMEA), DIAMETRO 3'","UN    ","CR",365.72]
[12436,"UNIAO COM ASSENTO CONICO DE FERRO LONGO (MACHO-FEMEA), DIAMETRO 4\"","UN    ","CR",461.98]
[36357,"UNIAO COM FLANGE PPR, DN 40 MM, PARA AGUA QUENTE PREDIAL","UN    ","CR",149.08000000000001]
[12424,"UNIAO DE FERRO GALVANIZADO, COM ASSENTO CONICO DE BRONZE, DE 1 1/2\"","UN    ","CR",83.24]
[12440,"UNIAO DE FERRO GALVANIZADO, COM ASSENTO CONICO DE BRONZE, DE 1 1/4\"","UN    ","CR",80.459999999999994]
[9884,"UNIAO DE FERRO GALVANIZADO, COM ROSCA BSP, COM ASSENTO PLANO, DE 1 1/2\"","UN    ","CR",60.02]
[9888,"UNIAO DE FERRO GALVANIZADO, COM ROSCA BSP, COM ASSENTO PLANO, DE 1 1/4\"","UN    ","CR",48.22]
[9883,"UNIAO DE FERRO GALVANIZADO, COM ROSCA BSP, COM ASSENTO PLANO, DE 1/2\"","UN    ","CR",21.04]
[9886,"UNIAO DE FERRO GALVANIZADO, COM ROSCA BSP, COM ASSENTO PLANO, DE 1\"","UN    ","CR",28.82]
[9889,"UNIAO DE FERRO GALVANIZADO, COM ROSCA BSP, COM ASSENTO PLANO, DE 2 1/2\"","UN    ","CR",146.02000000000001]
[9887,"UNIAO DE FERRO GALVANIZADO, COM ROSCA BSP, COM ASSENTO PLANO, DE 2\"","UN    ","CR",88.25]
[9885,"UNIAO DE FERRO GALVANIZADO, COM ROSCA BSP, COM ASSENTO PLANO, DE 3/4\"","UN    ","CR",27.86]
[9890,"UNIAO DE FERRO GALVANIZADO, COM ROSCA BSP, COM ASSENTO PLANO, DE 3\"","UN    ","CR",226.22]
[9891,"UNIAO DE FERRO GALVANIZADO, COM ROSCA BSP, COM ASSENTO PLANO, DE 4\"","UN    ","CR",317.57]
[39292,"UNIAO DE REDUCAO METALICA, PARA CONEXAO COM ANEL DESLIZANTE EM TUBO PEX, DN 20 X 16 MM","UN    ","CR",18.079999999999998]
[39293,"UNIAO DE REDUCAO METALICA, PARA CONEXAO COM ANEL DESLIZANTE EM TUBO PEX, DN 25 X 16 MM","UN    ","CR",29.18]
[39294,"UNIAO DE REDUCAO METALICA, PARA CONEXAO COM ANEL DESLIZANTE EM TUBO PEX, DN 25 X 20 MM","UN    ","CR",29.18]
[39295,"UNIAO DE REDUCAO METALICA, PARA CONEXAO COM ANEL DESLIZANTE EM TUBO PEX, DN 32 X 25 MM","UN    ","CR",49.75]
[36313,"UNIAO DUPLA PPR DN 20 MM, PARA AGUA QUENTE PREDIAL","UN    ","CR",35.340000000000003]
[36316,"UNIAO DUPLA PPR DN 25 MM, PARA AGUA QUENTE PREDIAL","UN    ","CR",42.86]
[64,"UNIAO EM POLIPROPILENO (PP), PARA TUBO EM PEAD, 20 MM - LIGACAO PREDIAL DE AGUA","UN    ","CR",8.7100000000000009]
[37423,"UNIAO EM POLIPROPILENO (PP), PARA TUBO EM PEAD, 32 MM - LIGACAO PREDIAL DE AGUA","UN    ","CR",21.52]
[39296,"UNIAO METALICA, PARA CONEXAO COM ANEL DESLIZANTE EM TUBO PEX, DN 16 MM","UN    ","CR",13.97]
[39297,"UNIAO METALICA, PARA CONEXAO COM ANEL DESLIZANTE EM TUBO PEX, DN 20 MM","UN    ","CR",19.97]
[39298,"UNIAO METALICA, PARA CONEXAO COM ANEL DESLIZANTE EM TUBO PEX, DN 25 MM","UN    ","CR",35.17]
[39299,"UNIAO METALICA, PARA CONEXAO COM ANEL DESLIZANTE EM TUBO PEX, DN 32 MM","UN    ","CR",59.86]
[9892,"UNIAO PVC, ROSCAVEL 1/2\",  AGUA FRIA PREDIAL","UN    ","CR",10.63]
[9893,"UNIAO PVC, ROSCAVEL 2\",  AGUA FRIA PREDIAL","UN    ","CR",144.22]
[9901,"UNIAO PVC, ROSCAVEL, 1 1/2\",  AGUA FRIA PREDIAL","UN    ","CR",64.010000000000005]
[9896,"UNIAO PVC, ROSCAVEL, 1 1/4\",  AGUA FRIA PREDIAL","UN    ","CR",57.68]
[9900,"UNIAO PVC, ROSCAVEL, 1\",  AGUA FRIA PREDIAL","UN    ","CR",35]
[9898,"UNIAO PVC, ROSCAVEL, 2 1/2\",  AGUA FRIA PREDIAL","UN    ","CR",296.56]
[9899,"UNIAO PVC, ROSCAVEL, 3/4\",  AGUA FRIA PREDIAL","UN    ","CR",19.11]
[9902,"UNIAO PVC, ROSCAVEL, 3\",  AGUA FRIA PREDIAL","UN    ","CR",375.55]
[9908,"UNIAO PVC, SOLDAVEL, 110 MM,  PARA AGUA FRIA PREDIAL","UN    ","CR",748.79]
[9905,"UNIAO PVC, SOLDAVEL, 20 MM,  PARA AGUA FRIA PREDIAL","UN    ","CR",12.51]
[9906,"UNIAO PVC, SOLDAVEL, 25 MM,  PARA AGUA FRIA PREDIAL","UN    ","CR",14.99]
[9895,"UNIAO PVC, SOLDAVEL, 32 MM,  PARA AGUA FRIA PREDIAL","UN    ","CR",24.59]
[9894,"UNIAO PVC, SOLDAVEL, 40 MM,  PARA AGUA FRIA PREDIAL","UN    ","CR",47.92]
[9897,"UNIAO PVC, SOLDAVEL, 50 MM,  PARA AGUA FRIA PREDIAL","UN    ","CR",51.88]
[9910,"UNIAO PVC, SOLDAVEL, 60 MM,  PARA AGUA FRIA PREDIAL","UN    ","CR",130.59]
[9909,"UNIAO PVC, SOLDAVEL, 75 MM,  PARA AGUA FRIA PREDIAL","UN    ","CR",263.51]
[9907,"UNIAO PVC, SOLDAVEL, 85 MM,  PARA AGUA FRIA PREDIAL","UN    ","CR",405.17]
[20973,"UNIAO TIPO STORZ, COM EMPATACAO INTERNA TIPO ANEL DE EXPANSAO, ENGATE RAPIDO 1 1/2\", PARA MANGUEIRA DE COMBATE A INCENDIO PREDIAL","UN    ","CR",125.49]
[20974,"UNIAO TIPO STORZ, COM EMPATACAO INTERNA TIPO ANEL DE EXPANSAO, ENGATE RAPIDO 2 1/2\", PARA MANGUEIRA DE COMBATE A INCENDIO PREDIAL","UN    ","CR",179.54]
[37989,"UNIAO, CPVC, SOLDAVEL, 15 MM, PARA AGUA QUENTE PREDIAL","UN    ","CR",13.89]
[37990,"UNIAO, CPVC, SOLDAVEL, 22 MM, PARA AGUA QUENTE PREDIAL","UN    ","CR",16.14]
[37991,"UNIAO, CPVC, SOLDAVEL, 28 MM, PARA AGUA QUENTE PREDIAL","UN    ","CR",25.54]
[37992,"UNIAO, CPVC, SOLDAVEL, 35 MM, PARA AGUA QUENTE PREDIAL","UN    ","CR",39]
[37993,"UNIAO, CPVC, SOLDAVEL, 42 MM, PARA AGUA QUENTE PREDIAL","UN    ","CR",57.89]
[37994,"UNIAO, CPVC, SOLDAVEL, 54 MM, PARA AGUA QUENTE PREDIAL","UN    ","CR",139.11000000000001]
[37995,"UNIAO, CPVC, SOLDAVEL, 73 MM, PARA AGUA QUENTE PREDIAL","UN    ","CR",201.9]
[37996,"UNIAO, CPVC, SOLDAVEL, 89 MM, PARA AGUA QUENTE PREDIAL","UN    ","CR",297.69]
[13883,"USINA DE ASFALTO A FRIO, CAPACIDADE DE 30 A 40 T/H, ELETRICA, POTENCIA DE 30 CV","UN    ","AS",137267.59]
[38604,"USINA DE ASFALTO A FRIO, CAPACIDADE DE 40 A 60 T/H, ELETRICA, POTENCIA DE 30 CV","UN    ","AS",170964.97]
[10601,"USINA DE ASFALTO A QUENTE, FIXA, TIPO CONTRA FLUXO, CAPACIDADE DE 100 A 140 T/H, POTENCIA DE 280 KW, COM MISTURADOR EXTERNO ROTATIVO","UN    ","AS",3325609.68]
[44469,"USINA DE ASFALTO, GRAVIMETRICA, CAPACIDADE DE 150 T/H, POTENCIA DE 400  KW","UN    ","AS",8756212.9299999997]
[13894,"USINA DE CONCRETO FIXA, CAPACIDADE NOMINAL DE 40 M3/H, SEM SILO","UN    ","AS",392649.25]
[13895,"USINA DE CONCRETO FIXA, CAPACIDADE NOMINAL DE 60 M3/H, SEM SILO","UN    ","AS",527982.35]
[13892,"USINA DE CONCRETO FIXA, CAPACIDADE NOMINAL DE 80 M3/H, SEM SILO","UN    ","AS",647029.46]
[9914,"USINA DE CONCRETO FIXA, CAPACIDADE NOMINAL DE 90 A 120 M3/H, SEM SILO","UN    ","AS",700000]
[36485,"USINA DE LAMA ASFALTICA, PROD 30 A 50 T/H, SILO DE AGREGADO 7 M3, RESERVATORIOS PARA EMULSAO E AGUA DE 2,3 M3 CADA, MISTURADOR TIPO PUGG-MILL A SER MONTADO SOBRE CAMINHAO","UN    ","AS",624039.89]
[9912,"USINA DE MISTURAS ASFALTICAS A QUENTE, MOVEL, TIPO CONTRA FLUXO, CAPACIDADE DE 40 A 80 T/H","UN    ","AS",2707421]
[9921,"USINA MISTURADORA DE SOLOS,  DOSADORES TRIPLOS, CALHA VIBRATORIA CAPACIDADE DE 200 A 500 T/H, POTENCIA DE 75 KW","UN    ","AS",1396615.81]
[21112,"VALVULA DE DESCARGA EM METAL CROMADO PARA MICTORIO COM ACIONAMENTO POR PRESSAO E FECHAMENTO AUTOMATICO","UN    ","CR",228.5]
[10228,"VALVULA DE DESCARGA METALICA, BASE 1 1/2 \" E ACABAMENTO METALICO CROMADO","UN    ","C ",265.45]
[11781,"VALVULA DE DESCARGA METALICA, BASE 1 1/4 \" E ACABAMENTO METALICO CROMADO","UN    ","CR",215.04]
[37588,"VALVULA DE ESCOAMENTO PARA TANQUE, EM METAL CROMADO, 1.1/2 \", SEM LADRAO, COM TAMPAO PLASTICO","UN    ","CR",80.209999999999994]
[11746,"VALVULA DE ESFERA BRUTA EM BRONZE, BITOLA 1 \" (REF 1552-B)","UN    ","CR",92.41]
[11751,"VALVULA DE ESFERA BRUTA EM BRONZE, BITOLA 1 1/2 \" (REF 1552-B)","UN    ","CR",165.97]
[11750,"VALVULA DE ESFERA BRUTA EM BRONZE, BITOLA 1 1/4 \" (REF 1552-B)","UN    ","CR",137.72999999999999]
[11748,"VALVULA DE ESFERA BRUTA EM BRONZE, BITOLA 1/2 \" (REF 1552-B)","UN    ","CR",59.3]
[11747,"VALVULA DE ESFERA BRUTA EM BRONZE, BITOLA 2 \" (REF 1552-B)","UN    ","CR",255.93]
[11749,"VALVULA DE ESFERA BRUTA EM BRONZE, BITOLA 3/4 \" (REF 1552-B)","UN    ","CR",68.45]
[10236,"VALVULA DE RETENCAO DE BRONZE, PE COM CRIVOS, EXTREMIDADE COM ROSCA, DE 1 1/2\", PARA FUNDO DE POCO","UN    ","CR",141.19999999999999]
[10233,"VALVULA DE RETENCAO DE BRONZE, PE COM CRIVOS, EXTREMIDADE COM ROSCA, DE 1 1/4\", PARA FUNDO DE POCO","UN    ","CR",132.32]
[10234,"VALVULA DE RETENCAO DE BRONZE, PE COM CRIVOS, EXTREMIDADE COM ROSCA, DE 1\", PARA FUNDO DE POCO","UN    ","CR",83.35]
[10231,"VALVULA DE RETENCAO DE BRONZE, PE COM CRIVOS, EXTREMIDADE COM ROSCA, DE 2 1/2\", PARA FUNDO DE POCO","UN    ","CR",382.22]
[10232,"VALVULA DE RETENCAO DE BRONZE, PE COM CRIVOS, EXTREMIDADE COM ROSCA, DE 2\", PARA FUNDO DE POCO","UN    ","CR",213.88]
[10229,"VALVULA DE RETENCAO DE BRONZE, PE COM CRIVOS, EXTREMIDADE COM ROSCA, DE 3/4\", PARA FUNDO DE POCO","UN    ","C ",75.38]
[10235,"VALVULA DE RETENCAO DE BRONZE, PE COM CRIVOS, EXTREMIDADE COM ROSCA, DE 3\", PARA FUNDO DE POCO","UN    ","CR",523.98]
[10230,"VALVULA DE RETENCAO DE BRONZE, PE COM CRIVOS, EXTREMIDADE COM ROSCA, DE 4\", PARA FUNDO DE POCO","UN    ","CR",922.16]
[10409,"VALVULA DE RETENCAO HORIZONTAL, DE BRONZE (PN-25), 1 1/2\", 400 PSI, TAMPA DE PORCA DE UNIAO, EXTREMIDADES COM ROSCA","UN    ","CR",273.95999999999998]
[10411,"VALVULA DE RETENCAO HORIZONTAL, DE BRONZE (PN-25), 1 1/4\", 400 PSI, TAMPA DE PORCA DE UNIAO, EXTREMIDADES COM ROSCA","UN    ","CR",245.14]
[10404,"VALVULA DE RETENCAO HORIZONTAL, DE BRONZE (PN-25), 1/2\", 400 PSI, TAMPA DE PORCA DE UNIAO, EXTREMIDADES COM ROSCA","UN    ","CR",99.42]
[10410,"VALVULA DE RETENCAO HORIZONTAL, DE BRONZE (PN-25), 1\", 400 PSI, TAMPA DE PORCA DE UNIAO, EXTREMIDADES COM ROSCA","UN    ","CR",163.75]
[10405,"VALVULA DE RETENCAO HORIZONTAL, DE BRONZE (PN-25), 2 1/2\", 400 PSI, TAMPA DE PORCA DE UNIAO, EXTREMIDADES COM ROSCA","UN    ","CR",548.88]
[10408,"VALVULA DE RETENCAO HORIZONTAL, DE BRONZE (PN-25), 2\", 400 PSI, TAMPA DE PORCA DE UNIAO, EXTREMIDADES COM ROSCA","UN    ","CR",383.82]
[10412,"VALVULA DE RETENCAO HORIZONTAL, DE BRONZE (PN-25), 3/4\", 400 PSI, TAMPA DE PORCA DE UNIAO, EXTREMIDADES COM ROSCA","UN    ","CR",120.48]
[10406,"VALVULA DE RETENCAO HORIZONTAL, DE BRONZE (PN-25), 3\", 400 PSI, TAMPA DE PORCA DE UNIAO, EXTREMIDADES COM ROSCA","UN    ","CR",758.12]
[10407,"VALVULA DE RETENCAO HORIZONTAL, DE BRONZE (PN-25), 4\", 400 PSI, TAMPA DE PORCA DE UNIAO, EXTREMIDADES COM ROSCA","UN    ","CR",1175.8499999999999]
[10416,"VALVULA DE RETENCAO VERTICAL, DE BRONZE (PN-16), 1 1/2\", 200 PSI, EXTREMIDADES COM ROSCA","UN    ","CR",145.85]
[10419,"VALVULA DE RETENCAO VERTICAL, DE BRONZE (PN-16), 1 1/4\", 200 PSI, EXTREMIDADES COM ROSCA","UN    ","CR",126.6]
[21092,"VALVULA DE RETENCAO VERTICAL, DE BRONZE (PN-16), 1/2\", 200 PSI, EXTREMIDADES COM ROSCA","UN    ","CR",72.38]
[10418,"VALVULA DE RETENCAO VERTICAL, DE BRONZE (PN-16), 1\", 200 PSI, EXTREMIDADES COM ROSCA","UN    ","CR",84.38]
[12657,"VALVULA DE RETENCAO VERTICAL, DE BRONZE (PN-16), 2 1/2\", 200 PSI, EXTREMIDADES COM ROSCA","UN    ","CR",340.53]
[10417,"VALVULA DE RETENCAO VERTICAL, DE BRONZE (PN-16), 2\", 200 PSI, EXTREMIDADES COM ROSCA","UN    ","CR",212.51]
[10413,"VALVULA DE RETENCAO VERTICAL, DE BRONZE (PN-16), 3/4\", 200 PSI, EXTREMIDADES COM ROSCA","UN    ","CR",77.239999999999995]
[10414,"VALVULA DE RETENCAO VERTICAL, DE BRONZE (PN-16), 3\", 200 PSI, EXTREMIDADES COM ROSCA","UN    ","CR",465.02]
[10415,"VALVULA DE RETENCAO VERTICAL, DE BRONZE (PN-16), 4\", 200 PSI, EXTREMIDADES COM ROSCA","UN    ","CR",807.06]
[38643,"VALVULA EM METAL CROMADO PARA LAVATORIO, 1 \" SEM LADRAO","UN    ","CR",63.74]
[6157,"VALVULA EM METAL CROMADO PARA PIA AMERICANA 3.1/2 X 1.1/2 \"","UN    ","CR",87.08]
[6152,"VALVULA EM PLASTICO BRANCO COM SAIDA LISA PARA TANQUE 1.1/4 \" X 1.1/2 \"","UN    ","CR",4.57]
[6158,"VALVULA EM PLASTICO BRANCO PARA LAVATORIO 1 \", SEM UNHO, COM LADRAO","UN    ","CR",5.52]
[6153,"VALVULA EM PLASTICO BRANCO PARA TANQUE OU LAVATORIO 1 \", SEM UNHO E SEM LADRAO","UN    ","CR",4.29]
[6156,"VALVULA EM PLASTICO BRANCO PARA TANQUE 1.1/4 \" X 1.1/2 \", SEM UNHO E SEM LADRAO","UN    ","CR",5.42]
[6154,"VALVULA EM PLASTICO CROMADO PARA LAVATORIO 1 \", SEM UNHO, COM LADRAO","UN    ","CR",10.23]
[6155,"VALVULA EM PLASTICO CROMADO TIPO AMERICANA PARA PIA DE COZINHA 3.1/2 \" X 1.1/2 \", SEM ADAPTADOR","UN    ","CR",21.16]
[43595,"VARA FINA PARA CREMONA, EM FERRO ZINCADO BRANCO, COM DIAMETRO DE APROX 10 MM E COMPRIMENTO DE 1,20 M","UN    ","CR",21.41]
[43596,"VARA FINA PARA CREMONA, EM FERRO ZINCADO BRANCO, COM DIAMETRO DE APROX 10 MM E COMPRIMENTO DE 1,50 M","UN    ","CR",24.74]
[38108,"VARIADOR DE LUMINOSIDADE ROTATIVO (DIMMER) 127 V, 300 W (APENAS MODULO)","UN    ","CR",51.3]
[38087,"VARIADOR DE LUMINOSIDADE ROTATIVO (DIMMER) 127V, 300W, CONJUNTO MONTADO PARA EMBUTIR 4\" X 2\" (PLACA + SUPORTE + MODULO)","UN    ","CR",65.98]
[38109,"VARIADOR DE LUMINOSIDADE ROTATIVO (DIMMER) 220 V, 600 W (APENAS MODULO)","UN    ","CR",81.99]
[38088,"VARIADOR DE LUMINOSIDADE ROTATIVO (DIMMER) 220V, 600W, CONJUNTO MONTADO PARA EMBUTIR 4\" X 2\" (PLACA + SUPORTE + MODULO)","UN    ","CR",86.21]
[38110,"VARIADOR DE VELOCIDADE PARA VENTILADOR 127 V, 150 W (APENAS MODULO)","UN    ","CR",31.54]
[38089,"VARIADOR DE VELOCIDADE PARA VENTILADOR 127V, 150W + 2 INTERRUPTORES PARALELOS, PARA REVERSAO E LAMPADA, CONJUNTO MONTADO PARA EMBUTIR 4\" X 2\" (PLACA + SUPORTE + MODULOS)","UN    ","CR",54.95]
[38111,"VARIADOR DE VELOCIDADE PARA VENTILADOR 220 V, 250 W (APENAS MODULO)","UN    ","CR",35.270000000000003]
[38090,"VARIADOR DE VELOCIDADE PARA VENTILADOR 220V, 250W + 2 INTERRUPTORES PARALELOS, PARA REVERSAO E LAMPADA, CONJUNTO MONTADO PARA EMBUTIR 4\" X 2\" (PLACA + SUPORTE + MODULOS)","UN    ","CR",56.8]
[13726,"VASSOURA MECANICA REBOCAVEL COM ESCOVA CILINDRICA LARGURA UTIL DE VARRIMENTO = 2,44M","UN    ","CR",81501.69]
[38400,"VASSOURA 40 CM COM CABO","UN    ","CR",14.02]
[12627,"VEDACAO DE CALHA, EM BORRACHA COR PRETA, MEDIDA ENTRE 119 E 170 MM, PARA DRENAGEM PLUVIAL PREDIAL","UN    ","AS",0.43]
[39996,"VERGALHAO ZINCADO ROSCA TOTAL, 1/4 \" (6,3 MM)","M     ","CR",5.49]
[10478,"VERNIZ A BASE RESINA ALQUIDICA COM POLIURETANO PARA MADEIRA, COM FILTRO SOLAR, BRILHANTE, USO INTERNO E EXTERNO","L     ","C ",32.21]
[10481,"VERNIZ MARITIMO PREMIUM PARA MADEIRA, COM FILTRO SOLAR, BRILHANTE, USO INTERNO E EXTERNO","L     ","CR",28.64]
[10475,"VERNIZ TIPO COPAL PARA MADEIRA, BRILHANTE, USO INTERNO","L     ","CR",27.72]
[4031,"VEU DE VIDRO/VEU DE SUPERFICIE 30 A 35 G/M2","M2    ","CR",29.75]
[4030,"VEU POLIESTER","M2    ","CR",6.33]
[39399,"VIBRADOR DE IMERSAO, COM PONTEIRA DE *35* MM, MANGOTE DE 5 M, SEM MOTOR","UN    ","CR",1076.93]
[39400,"VIBRADOR DE IMERSAO, COM PONTEIRA DE *45* MM, MANGOTE DE 5 M, SEM MOTOR.","UN    ","CR",1170.57]
[39401,"VIBRADOR DE IMERSAO, COM PONTEIRA DE *60* MM, MANGOTE DE 5 M, SEM MOTOR.","UN    ","CR",1313.11]
[11652,"VIBRADOR DE IMERSAO, DIAMETRO DA PONTEIRA DE *35* MM, COM MOTOR 4 TEMPOS A GASOLINA DE 5,5 HP (5,5 CV)","UN    ","C ",2825]
[13896,"VIBRADOR DE IMERSAO, DIAMETRO DA PONTEIRA DE *45* MM, COM MOTOR ELETRICO TRIFASICO DE 2 HP (2 CV)","UN    ","CR",2534.27]
[13475,"VIBRADOR DE IMERSAO, DIAMETRO DA PONTEIRA DE *45* MM, COM MOTOR 4 TEMPOS A GASOLINA DE 5,5 HP (5,5 CV)","UN    ","CR",3087.05]
[44491,"VIBROACABADORA DE ASFALTO SOBRE ESTEIRAS, LARG. PAVIM. MAX. 8,00 M, POT. 100 KW/ 134 HP, CAP.  600 T/ H","UN    ","AS",5372494]
[44470,"VIBROACABADORA DE ASFALTO SOBRE ESTEIRAS, LARG. PAVIM. 2,13 M A 4,55 M, POT. 74 KW/ 100 HP, CAP. 400  T/ H","UN    ","AS",2261757.62]
[13476,"VIBROACABADORA DE ASFALTO SOBRE ESTEIRAS, LARG. PAVIM. 2,60 M A 5,75 M, POT. 110 HP, CAP. 450 T/ H","UN    ","AS",2278147.33]
[10488,"VIBROACABADORA DE ASFALTO SOBRE ESTEIRAS, LARG. PAVIMENT. 1,90 A 5,3 M, POT. 78 KW/105 HP, CAP. 450 T/H","UN    ","AS",2760000]
[13606,"VIBROACABADORA DE ASFALTO SOBRE RODAS, LARGURA DE PAVIMENTACAO DE 1,70 A 4,20 M, POTENCIA 78 KW/105 HP, CAPACIDADE 300 T/H","UN    ","AS",2445320.5299999998]
[10489,"VIDRACEIRO (HORISTA)","H     ","CR",15.44]
[41073,"VIDRACEIRO (MENSALISTA)","MES   ","CR",2722.47]
[34391,"VIDRO COMUM LAMINADO LISO INCOLOR DUPLO, ESPESSURA TOTAL 8 MM (CADA CAMADA DE 4 MM) - COLOCADO","M2    ","CR",583.05999999999995]
[10496,"VIDRO COMUM LAMINADO, LISO, INCOLOR, DUPLO, ESPESSURA TOTAL 6 MM (CADA CAMADA E= 3 MM) - COLOCADO","M2    ","CR",507.55]
[10497,"VIDRO COMUM LAMINADO, LISO, INCOLOR, TRIPLO, ESPESSURA TOTAL 12 MM (CADA CAMADA E=  4 MM) - COLOCADO","M2    ","CR",1319.64]
[10504,"VIDRO COMUM LAMINADO, LISO, INCOLOR, TRIPLO, ESPESSURA TOTAL 15 MM (CADA CAMADA E = 5 MM) - COLOCADO","M2    ","CR",1542.96]
[34390,"VIDRO CRISTAL COLORIDO, 10 MM, PINTADO NA COR BRANCA","M2    ","CR",454.76]
[34389,"VIDRO CRISTAL COLORIDO, 4 MM, PINTADO NA COR BRANCA","M2    ","CR",142.11000000000001]
[34388,"VIDRO CRISTAL COLORIDO, 6 MM, PINTADO NA COR BRANCA","M2    ","CR",201.97]
[34387,"VIDRO CRISTAL COLORIDO, 8 MM, PINTADO NA COR BRANCA","M2    ","CR",327.88]
[11188,"VIDRO LISO FUME E = 4MM - SEM COLOCACAO","M2    ","CR",162.41]
[11189,"VIDRO LISO FUME E = 6MM - SEM COLOCACAO","M2    ","CR",243.62]
[21107,"VIDRO LISO FUME, E = 5 MM - SEM COLOCACAO","M2    ","CR",175.31]
[34386,"VIDRO LISO INCOLOR 10 MM - SEM COLOCACAO","M2    ","CR",304.52999999999997]
[10490,"VIDRO LISO INCOLOR 2 A 3 MM - SEM COLOCACAO","M2    ","C ",91.36]
[10492,"VIDRO LISO INCOLOR 4MM - SEM COLOCACAO","M2    ","CR",121.81]
[10493,"VIDRO LISO INCOLOR 5MM - SEM COLOCACAO","M2    ","CR",142.11000000000001]
[10491,"VIDRO LISO INCOLOR 6 MM - SEM COLOCACAO","M2    ","CR",172.56]
[34385,"VIDRO LISO INCOLOR 8MM  -  SEM COLOCACAO","M2    ","CR",251.74]
[10499,"VIDRO MARTELADO OU CANELADO, 4 MM - SEM COLOCACAO","M2    ","CR",101.51]
[34384,"VIDRO PLANO ARAMADO E = 6 MM - SEM COLOCACAO","M2    ","CR",304.52999999999997]
[11185,"VIDRO PLANO ARMADO E = 7MM - SEM COLOCACAO","M2    ","CR",314.68]
[10507,"VIDRO TEMPERADO INCOLOR E = 10 MM, SEM COLOCACAO","M2    ","CR",250.4]
[10505,"VIDRO TEMPERADO INCOLOR E = 6 MM, SEM COLOCACAO","M2    ","CR",147.75]
[10506,"VIDRO TEMPERADO INCOLOR E = 8 MM, SEM COLOCACAO","M2    ","CR",192.88]
[5031,"VIDRO TEMPERADO INCOLOR PARA PORTA DE ABRIR, E = 10 MM (SEM FERRAGENS E SEM COLOCACAO)","M2    ","C ",270.83999999999997]
[10502,"VIDRO TEMPERADO VERDE E = 10 MM, SEM COLOCACAO","M2    ","CR",315.58999999999997]
[10501,"VIDRO TEMPERADO VERDE E = 6 MM, SEM COLOCACAO","M2    ","CR",178.3]
[10503,"VIDRO TEMPERADO VERDE E = 8 MM, SEM COLOCACAO","M2    ","CR",240.88]
[4500,"VIGA *7,5 X 10* CM EM PINUS, MISTA OU EQUIVALENTE DA REGIAO - BRUTA","M     ","CR",12.05]
[4448,"VIGA *7,5 X 15 CM EM PINUS, MISTA OU EQUIVALENTE DA REGIAO - BRUTA","M     ","CR",16.559999999999999]
[20213,"VIGA APARELHADA  *6 X 12* CM, EM MACARANDUBA, ANGELIM OU EQUIVALENTE DA REGIAO","M     ","CR",15.36]
[20211,"VIGA APARELHADA *6 X 16* CM, EM MACARANDUBA, ANGELIM OU EQUIVALENTE DA REGIAO","M     ","CR",20.34]
[40270,"VIGA DE ESCORAMAENTO H20, DE MADEIRA, PESO DE 5,00 A 5,20 KG/M, COM EXTREMIDADES PLASTICAS","M     ","AS",96.18]
[4425,"VIGA NAO APARELHADA  *6 X 12* CM, EM MACARANDUBA, ANGELIM OU EQUIVALENTE DA REGIAO - BRUTA","M     ","CR",16.809999999999999]
[4472,"VIGA NAO APARELHADA *6 X 16* CM, EM MACARANDUBA, ANGELIM OU EQUIVALENTE DA REGIAO -  BRUTA","M     ","CR",21]
[35272,"VIGA NAO APARELHADA *6 X 20* CM, EM MACARANDUBA, ANGELIM OU EQUIVALENTE DA REGIAO - BRUTA","M     ","CR",30.36]
[4481,"VIGA NAO APARELHADA *8 X 16* CM EM MACARANDUBA, ANGELIM OU EQUIVALENTE DA REGIAO -  BRUTA","M     ","CR",32.5]
[34345,"VIGIA DIURNO","H     ","CR",13.83]
[41096,"VIGIA DIURNO (MENSALISTA)","MES   ","CR",2438.02]
[41776,"VIGIA NOTURNO, HORA EFETIVAMENTE TRABALHADA DE 22 H AS 5 H (COM ADICIONAL NOTURNO)","H     ","CR",18.96]
[]
["TOTAL DE INSUMOS : 5215"]

{"sheet":"Comp.SINAPI c_des.","index":14,"n_rows":44036,"n_cols":31,"rows_kept":2250,"cut":true,"hidden":true,"merged":[],"bounds":{"rows_first":1000,"rows_last":250,"rows_between":1000,"halvings":1}}
["PCI.818.01 - CUSTOS DE COMPOSIÇÕES ANALÍTICO                                                                      DATA DE EMISSÃO:12/02/2022 01:56:11         DATA DE RT: 11/02/2022"]
["ENCARGOS SOCIAIS DESONERADOS: 82,31%(HORA)   45,98%(MÊS)"]
["ABRANGENCIA: NACIONAL                                                                           DATA REFERENCIA TECNICA: 11/02/2022 LOCALIDADE : PORTO ALEGRE                                                                       DATA DE PREÇO          :    01/2022"]
["REFERÊNCIA DE COLETA: MEDIANO"]
[]
["DESCRICAO DA CLASSE","SIGLA DA CLASSE","DESCRICAO DO TIPO 1","SIGLA DO TIPO 1","CODIGO DO AGRUPADOR","DESCRICAO DO AGRUPADOR","CODIGO DA COMPOSICAO","DESCRICAO DA COMPOSICAO","UNIDADE","ORIGEM DE PREÇO","CUSTO TOTAL","TIPO ITEM","CODIGO ITEM","DESCRIÇÃO ITEM","UNIDADE ITEM","ORIGEM DE PREÇO ITEM","COEFICIENTE","PRECO UNITARIO","CUSTO TOTAL","CUSTO MAO DE OBRA","% MAO DE OBRA","CUSTO MATERIAL","% MATERIAL","CUSTO EQUIPAMENTO","% EQUIPAMENTO","CUSTO SERVICOS TERCEIROS","% SERVICOS TERCEIROS","CUSTO OUTROS","% OUTROS","% ATRIBUÍDO SÃO PAULO","VINCULO"]
[]
["ASSENTAMENTO DE TUBOS E PECAS","ASTU","FORNEC E/OU ASSENT DE TUBO DE FERRO FUNDIDO JUNTA",45,"","",97141,"ASSENTAMENTO DE TUBO DE FERRO FUNDIDO PARA REDE DE ÁGUA, DN 80 MM, JUNTA ELÁSTICA, INSTALADO EM LOCAL COM NÍVEL ALTO DE INTERFERÊNCIAS (NÃO INCLUI FORNECIMENTO). AF_11/2017","M","COEFICIENTE DE REPRESENTATIVIDADE",7.48,"",null,"","","","",null,"","4,19","55,9183675","1,53","20,5442176","1,76","23,5374149","0,00","0,0000000","0,00","0,0000000",0,"CAIXA REFERENCIAL"]
["ASSENTAMENTO DE TUBOS E PECAS","ASTU","FORNEC E/OU ASSENT DE TUBO DE FERRO FUNDIDO JUNTA",45,"","",97141,"ASSENTAMENTO DE TUBO DE FERRO FUNDIDO PARA REDE DE ÁGUA, DN 80 MM, JUNTA ELÁSTICA, INSTALADO EM LOCAL COM NÍVEL ALTO DE INTERFERÊNCIAS (NÃO INCLUI FORNECIMENTO). AF_11/2017","M","COEFICIENTE DE REPRESENTATIVIDADE",7.48,"COMPOSICAO",5678,"RETROESCAVADEIRA SOBRE RODAS COM CARREGADEIRA, TRAÇÃO 4X4, POTÊNCIA LÍQ. 88 HP, CAÇAMBA CARREG. CAP. MÍN. 1 M3, CAÇAMBA RETRO CAP. 0,26 M3, PESO OPERACIONAL MÍN. 6.674 KG, PROFUNDIDADE ESCAVAÇÃO MÁX. 4,37 M - CHP DIURNO. AF_06/2014","CHP","COEFICIENTE DE REPRESENTATIVIDADE","0,0099000",125.96,"1,24","","","","","","","","","","",null,"CAIXA REFERENCIAL"]
["ASSENTAMENTO DE TUBOS E PECAS","ASTU","FORNEC E/OU ASSENT DE TUBO DE FERRO FUNDIDO JUNTA",45,"","",97141,"ASSENTAMENTO DE TUBO DE FERRO FUNDIDO PARA REDE DE ÁGUA, DN 80 MM, JUNTA ELÁSTICA, INSTALADO EM LOCAL COM NÍVEL ALTO DE INTERFERÊNCIAS (NÃO INCLUI FORNECIMENTO). AF_11/2017","M","COEFICIENTE DE REPRESENTATIVIDADE",7.48,"COMPOSICAO",5679,"RETROESCAVADEIRA SOBRE RODAS COM CARREGADEIRA, TRAÇÃO 4X4, POTÊNCIA LÍQ. 88 HP, CAÇAMBA CARREG. CAP. MÍN. 1 M3, CAÇAMBA RETRO CAP. 0,26 M3, PESO OPERACIONAL MÍN. 6.674 KG, PROFUNDIDADE ESCAVAÇÃO MÁX. 4,37 M - CHI DIURNO. AF_06/2014","CHI","COEFICIENTE DE REPRESENTATIVIDADE","0,0477000",51.77,"2,46","","","","","","","","","","",null,"CAIXA REFERENCIAL"]
["ASSENTAMENTO DE TUBOS E PECAS","ASTU","FORNEC E/OU ASSENT DE TUBO DE FERRO FUNDIDO JUNTA",45,"","",97141,"ASSENTAMENTO DE TUBO DE FERRO FUNDIDO PARA REDE DE ÁGUA, DN 80 MM, JUNTA ELÁSTICA, INSTALADO EM LOCAL COM NÍVEL ALTO DE INTERFERÊNCIAS (NÃO INCLUI FORNECIMENTO). AF_11/2017","M","COEFICIENTE DE REPRESENTATIVIDADE",7.48,"INSUMO",20078,"PASTA LUBRIFICANTE PARA TUBOS E CONEXOES COM JUNTA ELASTICA, EMBALAGEM DE *400* GR (USO EM PVC, ACO, POLIETILENO E OUTROS)","UN","COEFICIENTE DE REPRESENTATIVIDADE","0,0046000",32.99,"0,15","","","","","","","","","","",null,"CAIXA REFERENCIAL"]
["ASSENTAMENTO DE TUBOS E PECAS","ASTU","FORNEC E/OU ASSENT DE TUBO DE FERRO FUNDIDO JUNTA",45,"","",97141,"ASSENTAMENTO DE TUBO DE FERRO FUNDIDO PARA REDE DE ÁGUA, DN 80 MM, JUNTA ELÁSTICA, INSTALADO EM LOCAL COM NÍVEL ALTO DE INTERFERÊNCIAS (NÃO INCLUI FORNECIMENTO). AF_11/2017","M","COEFICIENTE DE REPRESENTATIVIDADE",7.48,"COMPOSICAO",88246,"ASSENTADOR DE TUBOS COM ENCARGOS COMPLEMENTARES","H","COEFICIENTE DE REPRESENTATIVIDADE","0,0905000",23.3,"2,10","","","","","","","","","","",null,"CAIXA REFERENCIAL"]
["ASSENTAMENTO DE TUBOS E PECAS","ASTU","FORNEC E/OU ASSENT DE TUBO DE FERRO FUNDIDO JUNTA",45,"","",97141,"ASSENTAMENTO DE TUBO DE FERRO FUNDIDO PARA REDE DE ÁGUA, DN 80 MM, JUNTA ELÁSTICA, INSTALADO EM LOCAL COM NÍVEL ALTO DE INTERFERÊNCIAS (NÃO INCLUI FORNECIMENTO). AF_11/2017","M","COEFICIENTE DE REPRESENTATIVIDADE",7.48,"COMPOSICAO",88316,"SERVENTE COM ENCARGOS COMPLEMENTARES","H","COLETADO","0,0905000",16.920000000000002,"1,53","","","","","","","","","","",null,"CAIXA REFERENCIAL"]
["ASSENTAMENTO DE TUBOS E PECAS","ASTU","FORNEC E/OU ASSENT DE TUBO DE FERRO FUNDIDO JUNTA",45,"","",97142,"ASSENTAMENTO DE TUBO DE FERRO FUNDIDO PARA REDE DE ÁGUA, DN 100 MM, JUNTA ELÁSTICA, INSTALADO EM LOCAL COM NÍVEL ALTO DE INTERFERÊNCIAS (NÃO INCLUI FORNECIMENTO). AF_11/2017","M","COEFICIENTE DE REPRESENTATIVIDADE",8.33,"",null,"","","","",null,"","4,74","56,7931458","1,71","20,5630354","1,88","22,6438188","0,00","0,0000000","0,00","0,0000000",0,"CAIXA REFERENCIAL"]
["ASSENTAMENTO DE TUBOS E PECAS","ASTU","FORNEC E/OU ASSENT DE TUBO DE FERRO FUNDIDO JUNTA",45,"","",97142,"ASSENTAMENTO DE TUBO DE FERRO FUNDIDO PARA REDE DE ÁGUA, DN 100 MM, JUNTA ELÁSTICA, INSTALADO EM LOCAL COM NÍVEL ALTO DE INTERFERÊNCIAS (NÃO INCLUI FORNECIMENTO). AF_11/2017","M","COEFICIENTE DE REPRESENTATIVIDADE",8.33,"COMPOSICAO",5678,"RETROESCAVADEIRA SOBRE RODAS COM CARREGADEIRA, TRAÇÃO 4X4, POTÊNCIA LÍQ. 88 HP, CAÇAMBA CARREG. CAP. MÍN. 1 M3, CAÇAMBA RETRO CAP. 0,26 M3, PESO OPERACIONAL MÍN. 6.674 KG, PROFUNDIDADE ESCAVAÇÃO MÁX. 4,37 M - CHP DIURNO. AF_06/2014","CHP","COEFICIENTE DE REPRESENTATIVIDADE","0,0106000",125.96,"1,33","","","","","","","","","","",null,"CAIXA REFERENCIAL"]
["ASSENTAMENTO DE TUBOS E PECAS","ASTU","FORNEC E/OU ASSENT DE TUBO DE FERRO FUNDIDO JUNTA",45,"","",97142,"ASSENTAMENTO DE TUBO DE FERRO FUNDIDO PARA REDE DE ÁGUA, DN 100 MM, JUNTA ELÁSTICA, INSTALADO EM LOCAL COM NÍVEL ALTO DE INTERFERÊNCIAS (NÃO INCLUI FORNECIMENTO). AF_11/2017","M","COEFICIENTE DE REPRESENTATIVIDADE",8.33,"COMPOSICAO",5679,"RETROESCAVADEIRA SOBRE RODAS COM CARREGADEIRA, TRAÇÃO 4X4, POTÊNCIA LÍQ. 88 HP, CAÇAMBA CARREG. CAP. MÍN. 1 M3, CAÇAMBA RETRO CAP. 0,26 M3, PESO OPERACIONAL MÍN. 6.674 KG, PROFUNDIDADE ESCAVAÇÃO MÁX. 4,37 M - CHI DIURNO. AF_06/2014","CHI","COEFICIENTE DE REPRESENTATIVIDADE","0,0510000",51.77,"2,64","","","","","","","","","","",null,"CAIXA REFERENCIAL"]
["ASSENTAMENTO DE TUBOS E PECAS","ASTU","FORNEC E/OU ASSENT DE TUBO DE FERRO FUNDIDO JUNTA",45,"","",97142,"ASSENTAMENTO DE TUBO DE FERRO FUNDIDO PARA REDE DE ÁGUA, DN 100 MM, JUNTA ELÁSTICA, INSTALADO EM LOCAL COM NÍVEL ALTO DE INTERFERÊNCIAS (NÃO INCLUI FORNECIMENTO). AF_11/2017","M","COEFICIENTE DE REPRESENTATIVIDADE",8.33,"INSUMO",20078,"PASTA LUBRIFICANTE PARA TUBOS E CONEXOES COM JUNTA ELASTICA, EMBALAGEM DE *400* GR (USO EM PVC, ACO, POLIETILENO E OUTROS)","UN","COEFICIENTE DE REPRESENTATIVIDADE","0,0054000",32.99,"0,17","","","","","","","","","","",null,"CAIXA REFERENCIAL"]
["ASSENTAMENTO DE TUBOS E PECAS","ASTU","FORNEC E/OU ASSENT DE TUBO DE FERRO FUNDIDO JUNTA",45,"","",97142,"ASSENTAMENTO DE TUBO DE FERRO FUNDIDO PARA REDE DE ÁGUA, DN 100 MM, JUNTA ELÁSTICA, INSTALADO EM LOCAL COM NÍVEL ALTO DE INTERFERÊNCIAS (NÃO INCLUI FORNECIMENTO). AF_11/2017","M","COEFICIENTE DE REPRESENTATIVIDADE",8.33,"COMPOSICAO",88246,"ASSENTADOR DE TUBOS COM ENCARGOS COMPLEMENTARES","H","COEFICIENTE DE REPRESENTATIVIDADE","0,1045000",23.3,"2,43","","","","","","","","","","",null,"CAIXA REFERENCIAL"]
["ASSENTAMENTO DE TUBOS E PECAS","ASTU","FORNEC E/OU ASSENT DE TUBO DE FERRO FUNDIDO JUNTA",45,"","",97142,"ASSENTAMENTO DE TUBO DE FERRO FUNDIDO PARA REDE DE ÁGUA, DN 100 MM, JUNTA ELÁSTICA, INSTALADO EM LOCAL COM NÍVEL ALTO DE INTERFERÊNCIAS (NÃO INCLUI FORNECIMENTO). AF_11/2017","M","COEFICIENTE DE REPRESENTATIVIDADE",8.33,"COMPOSICAO",88316,"SERVENTE COM ENCARGOS COMPLEMENTARES","H","COLETADO","0,1045000",16.920000000000002,"1,76","","","","","","","","","","",null,"CAIXA REFERENCIAL"]
["ASSENTAMENTO DE TUBOS E PECAS","ASTU","FORNEC E/OU ASSENT DE TUBO DE FERRO FUNDIDO JUNTA",45,"","",97143,"ASSENTAMENTO DE TUBO DE FERRO FUNDIDO PARA REDE DE ÁGUA, DN 150 MM, JUNTA ELÁSTICA, INSTALADO EM LOCAL COM NÍVEL ALTO DE INTERFERÊNCIAS (NÃO INCLUI FORNECIMENTO). AF_11/2017","M","COEFICIENTE DE REPRESENTATIVIDADE",10.47,"",null,"","","","",null,"","6,09","58,0582526","2,19","20,9708737","2,19","20,9708737","0,00","0,0000000","0,00","0,0000000",0,"CAIXA REFERENCIAL"]
["ASSENTAMENTO DE TUBOS E PECAS","ASTU","FORNEC E/OU ASSENT DE TUBO DE FERRO FUNDIDO JUNTA",45,"","",97143,"ASSENTAMENTO DE TUBO DE FERRO FUNDIDO PARA REDE DE ÁGUA, DN 150 MM, JUNTA ELÁSTICA, INSTALADO EM LOCAL COM NÍVEL ALTO DE INTERFERÊNCIAS (NÃO INCLUI FORNECIMENTO). AF_11/2017","M","COEFICIENTE DE REPRESENTATIVIDADE",10.47,"COMPOSICAO",5678,"RETROESCAVADEIRA SOBRE RODAS COM CARREGADEIRA, TRAÇÃO 4X4, POTÊNCIA LÍQ. 88 HP, CAÇAMBA CARREG. CAP. MÍN. 1 M3, CAÇAMBA RETRO CAP. 0,26 M3, PESO OPERACIONAL MÍN. 6.674 KG, PROFUNDIDADE ESCAVAÇÃO MÁX. 4,37 M - CHP DIURNO. AF_06/2014","CHP","COEFICIENTE DE REPRESENTATIVIDADE","0,0124000",125.96,"1,56","","","","","","","","","","",null,"CAIXA REFERENCIAL"]
["ASSENTAMENTO DE TUBOS E PECAS","ASTU","FORNEC E/OU ASSENT DE TUBO DE FERRO FUNDIDO JUNTA",45,"","",97143,"ASSENTAMENTO DE TUBO DE FERRO FUNDIDO PARA REDE DE ÁGUA, DN 150 MM, JUNTA ELÁSTICA, INSTALADO EM LOCAL COM NÍVEL ALTO DE INTERFERÊNCIAS (NÃO INCLUI FORNECIMENTO). AF_11/2017","M","COEFICIENTE DE REPRESENTATIVIDADE",10.47,"COMPOSICAO",5679,"RETROESCAVADEIRA SOBRE RODAS COM CARREGADEIRA, TRAÇÃO 4X4, POTÊNCIA LÍQ. 88 HP, CAÇAMBA CARREG. CAP. MÍN. 1 M3, CAÇAMBA RETRO CAP. 0,26 M3, PESO OPERACIONAL MÍN. 6.674 KG, PROFUNDIDADE ESCAVAÇÃO MÁX. 4,37 M - CHI DIURNO. AF_06/2014","CHI","COEFICIENTE DE REPRESENTATIVIDADE","0,0594000",51.77,"3,07","","","","","","","","","","",null,"CAIXA REFERENCIAL"]
["ASSENTAMENTO DE TUBOS E PECAS","ASTU","FORNEC E/OU ASSENT DE TUBO DE FERRO FUNDIDO JUNTA",45,"","",97143,"ASSENTAMENTO DE TUBO DE FERRO FUNDIDO PARA REDE DE ÁGUA, DN 150 MM, JUNTA ELÁSTICA, INSTALADO EM LOCAL COM NÍVEL ALTO DE INTERFERÊNCIAS (NÃO INCLUI FORNECIMENTO). AF_11/2017","M","COEFICIENTE DE REPRESENTATIVIDADE",10.47,"INSUMO",20078,"PASTA LUBRIFICANTE PARA TUBOS E CONEXOES COM JUNTA ELASTICA, EMBALAGEM DE *400* GR (USO EM PVC, ACO, POLIETILENO E OUTROS)","UN","COEFICIENTE DE REPRESENTATIVIDADE","0,0071000",32.99,"0,23","","","","","","","","","","",null,"CAIXA REFERENCIAL"]
["ASSENTAMENTO DE TUBOS E PECAS","ASTU","FORNEC E/OU ASSENT DE TUBO DE FERRO FUNDIDO JUNTA",45,"","",97143,"ASSENTAMENTO DE TUBO DE FERRO FUNDIDO PARA REDE DE ÁGUA, DN 150 MM, JUNTA ELÁSTICA, INSTALADO EM LOCAL COM NÍVEL ALTO DE INTERFERÊNCIAS (NÃO INCLUI FORNECIMENTO). AF_11/2017","M","COEFICIENTE DE REPRESENTATIVIDADE",10.47,"COMPOSICAO",88246,"ASSENTADOR DE TUBOS COM ENCARGOS COMPLEMENTARES","H","COEFICIENTE DE REPRESENTATIVIDADE","0,1396000",23.3,"3,25","","","","","","","","","","",null,"CAIXA REFERENCIAL"]
["ASSENTAMENTO DE TUBOS E PECAS","ASTU","FORNEC E/OU ASSENT DE TUBO DE FERRO FUNDIDO JUNTA",45,"","",97143,"ASSENTAMENTO DE TUBO DE FERRO FUNDIDO PARA REDE DE ÁGUA, DN 150 MM, JUNTA ELÁSTICA, INSTALADO EM LOCAL COM NÍVEL ALTO DE INTERFERÊNCIAS (NÃO INCLUI FORNECIMENTO). AF_11/2017","M","COEFICIENTE DE REPRESENTATIVIDADE",10.47,"COMPOSICAO",88316,"SERVENTE COM ENCARGOS COMPLEMENTARES","H","COLETADO","0,1396000",16.920000000000002,"2,36","","","","","","","","","","",null,"CAIXA REFERENCIAL"]
["ASSENTAMENTO DE TUBOS E PECAS","ASTU","FORNEC E/OU ASSENT DE TUBO DE FERRO FUNDIDO JUNTA",45,"","",97144,"ASSENTAMENTO DE TUBO DE FERRO FUNDIDO PARA REDE DE ÁGUA, DN 200 MM, JUNTA ELÁSTICA, INSTALADO EM LOCAL COM NÍVEL ALTO DE INTERFERÊNCIAS (NÃO INCLUI FORNECIMENTO). AF_11/2017","M","COEFICIENTE DE REPRESENTATIVIDADE",12.58,"",null,"","","","",null,"","7,41","58,7620580","2,68","21,3826366","2,49","19,8553054","0,00","0,0000000","0,00","0,0000000",0,"CAIXA REFERENCIAL"]
["ASSENTAMENTO DE TUBOS E PECAS","ASTU","FORNEC E/OU ASSENT DE TUBO DE FERRO FUNDIDO JUNTA",45,"","",97144,"ASSENTAMENTO DE TUBO DE FERRO FUNDIDO PARA REDE DE ÁGUA, DN 200 MM, JUNTA ELÁSTICA, INSTALADO EM LOCAL COM NÍVEL ALTO DE INTERFERÊNCIAS (NÃO INCLUI FORNECIMENTO). AF_11/2017","M","COEFICIENTE DE REPRESENTATIVIDADE",12.58,"COMPOSICAO",5678,"RETROESCAVADEIRA SOBRE RODAS COM CARREGADEIRA, TRAÇÃO 4X4, POTÊNCIA LÍQ. 88 HP, CAÇAMBA CARREG. CAP. MÍN. 1 M3, CAÇAMBA RETRO CAP. 0,26 M3, PESO OPERACIONAL MÍN. 6.674 KG, PROFUNDIDADE ESCAVAÇÃO MÁX. 4,37 M - CHP DIURNO. AF_06/2014","CHP","COEFICIENTE DE REPRESENTATIVIDADE","0,0141000",125.96,"1,77","","","","","","","","","","",null,"CAIXA REFERENCIAL"]
["ASSENTAMENTO DE TUBOS E PECAS","ASTU","FORNEC E/OU ASSENT DE TUBO DE FERRO FUNDIDO JUNTA",45,"","",97144,"ASSENTAMENTO DE TUBO DE FERRO FUNDIDO PARA REDE DE ÁGUA, DN 200 MM, JUNTA ELÁSTICA, INSTALADO EM LOCAL COM NÍVEL ALTO DE INTERFERÊNCIAS (NÃO INCLUI FORNECIMENTO). AF_11/2017","M","COEFICIENTE DE REPRESENTATIVIDADE",12.58,"COMPOSICAO",5679,"RETROESCAVADEIRA SOBRE RODAS COM CARREGADEIRA, TRAÇÃO 4X4, POTÊNCIA LÍQ. 88 HP, CAÇAMBA CARREG. CAP. MÍN. 1 M3, CAÇAMBA RETRO CAP. 0,26 M3, PESO OPERACIONAL MÍN. 6.674 KG, PROFUNDIDADE ESCAVAÇÃO MÁX. 4,37 M - CHI DIURNO. AF_06/2014","CHI","COEFICIENTE DE REPRESENTATIVIDADE","0,0678000",51.77,"3,51","","","","","","","","","","",null,"CAIXA REFERENCIAL"]
["ASSENTAMENTO DE TUBOS E PECAS","ASTU","FORNEC E/OU ASSENT DE TUBO DE FERRO FUNDIDO JUNTA",45,"","",97144,"ASSENTAMENTO DE TUBO DE FERRO FUNDIDO PARA REDE DE ÁGUA, DN 200 MM, JUNTA ELÁSTICA, INSTALADO EM LOCAL COM NÍVEL ALTO DE INTERFERÊNCIAS (NÃO INCLUI FORNECIMENTO). AF_11/2017","M","COEFICIENTE DE REPRESENTATIVIDADE",12.58,"INSUMO",20078,"PASTA LUBRIFICANTE PARA TUBOS E CONEXOES COM JUNTA ELASTICA, EMBALAGEM DE *400* GR (USO EM PVC, ACO, POLIETILENO E OUTROS)","UN","COEFICIENTE DE REPRESENTATIVIDADE","0,0087000",32.99,"0,28","","","","","","","","","","",null,"CAIXA REFERENCIAL"]
["ASSENTAMENTO DE TUBOS E PECAS","ASTU","FORNEC E/OU ASSENT DE TUBO DE FERRO FUNDIDO JUNTA",45,"","",97144,"ASSENTAMENTO DE TUBO DE FERRO FUNDIDO PARA REDE DE ÁGUA, DN 200 MM, JUNTA ELÁSTICA, INSTALADO EM LOCAL COM NÍVEL ALTO DE INTERFERÊNCIAS (NÃO INCLUI FORNECIMENTO). AF_11/2017","M","COEFICIENTE DE REPRESENTATIVIDADE",12.58,"COMPOSICAO",88246,"ASSENTADOR DE TUBOS COM ENCARGOS COMPLEMENTARES","H","COEFICIENTE DE REPRESENTATIVIDADE","0,1747000",23.3,"4,07","","","","","","","","","","",null,"CAIXA REFERENCIAL"]
["ASSENTAMENTO DE TUBOS E PECAS","ASTU","FORNEC E/OU ASSENT DE TUBO DE FERRO FUNDIDO JUNTA",45,"","",97144,"ASSENTAMENTO DE TUBO DE FERRO FUNDIDO PARA REDE DE ÁGUA, DN 200 MM, JUNTA ELÁSTICA, INSTALADO EM LOCAL COM NÍVEL ALTO DE INTERFERÊNCIAS (NÃO INCLUI FORNECIMENTO). AF_11/2017","M","COEFICIENTE DE REPRESENTATIVIDADE",12.58,"COMPOSICAO",88316,"SERVENTE COM ENCARGOS COMPLEMENTARES","H","COLETADO","0,1747000",16.920000000000002,"2,95","","","","","","","","","","",null,"CAIXA REFERENCIAL"]
["ASSENTAMENTO DE TUBOS E PECAS","ASTU","FORNEC E/OU ASSENT DE TUBO DE FERRO FUNDIDO JUNTA",45,"","",97145,"ASSENTAMENTO DE TUBO DE FERRO FUNDIDO PARA REDE DE ÁGUA, DN 250 MM, JUNTA ELÁSTICA, INSTALADO EM LOCAL COM NÍVEL ALTO DE INTERFERÊNCIAS (NÃO INCLUI FORNECIMENTO). AF_11/2017","M","COEFICIENTE DE REPRESENTATIVIDADE",14.73,"",null,"","","","",null,"","8,75","59,3278465","3,18","21,6049382","2,80","19,0672153","0,00","0,0000000","0,00","0,0000000",0,"CAIXA REFERENCIAL"]
["ASSENTAMENTO DE TUBOS E PECAS","ASTU","FORNEC E/OU ASSENT DE TUBO DE FERRO FUNDIDO JUNTA",45,"","",97145,"ASSENTAMENTO DE TUBO DE FERRO FUNDIDO PARA REDE DE ÁGUA, DN 250 MM, JUNTA ELÁSTICA, INSTALADO EM LOCAL COM NÍVEL ALTO DE INTERFERÊNCIAS (NÃO INCLUI FORNECIMENTO). AF_11/2017","M","COEFICIENTE DE REPRESENTATIVIDADE",14.73,"COMPOSICAO",5678,"RETROESCAVADEIRA SOBRE RODAS COM CARREGADEIRA, TRAÇÃO 4X4, POTÊNCIA LÍQ. 88 HP, CAÇAMBA CARREG. CAP. MÍN. 1 M3, CAÇAMBA RETRO CAP. 0,26 M3, PESO OPERACIONAL MÍN. 6.674 KG, PROFUNDIDADE ESCAVAÇÃO MÁX. 4,37 M - CHP DIURNO. AF_06/2014","CHP","COEFICIENTE DE REPRESENTATIVIDADE","0,0159000",125.96,"2,00","","","","","","","","","","",null,"CAIXA REFERENCIAL"]
["ASSENTAMENTO DE TUBOS E PECAS","ASTU","FORNEC E/OU ASSENT DE TUBO DE FERRO FUNDIDO JUNTA",45,"","",97145,"ASSENTAMENTO DE TUBO DE FERRO FUNDIDO PARA REDE DE ÁGUA, DN 250 MM, JUNTA ELÁSTICA, INSTALADO EM LOCAL COM NÍVEL ALTO DE INTERFERÊNCIAS (NÃO INCLUI FORNECIMENTO). AF_11/2017","M","COEFICIENTE DE REPRESENTATIVIDADE",14.73,"COMPOSICAO",5679,"RETROESCAVADEIRA SOBRE RODAS COM CARREGADEIRA, TRAÇÃO 4X4, POTÊNCIA LÍQ. 88 HP, CAÇAMBA CARREG. CAP. MÍN. 1 M3, CAÇAMBA RETRO CAP. 0,26 M3, PESO OPERACIONAL MÍN. 6.674 KG, PROFUNDIDADE ESCAVAÇÃO MÁX. 4,37 M - CHI DIURNO. AF_06/2014","CHI","COEFICIENTE DE REPRESENTATIVIDADE","0,0762000",51.77,"3,94","","","","","","","","","","",null,"CAIXA REFERENCIAL"]
["ASSENTAMENTO DE TUBOS E PECAS","ASTU","FORNEC E/OU ASSENT DE TUBO DE FERRO FUNDIDO JUNTA",45,"","",97145,"ASSENTAMENTO DE TUBO DE FERRO FUNDIDO PARA REDE DE ÁGUA, DN 250 MM, JUNTA ELÁSTICA, INSTALADO EM LOCAL COM NÍVEL ALTO DE INTERFERÊNCIAS (NÃO INCLUI FORNECIMENTO). AF_11/2017","M","COEFICIENTE DE REPRESENTATIVIDADE",14.73,"INSUMO",20078,"PASTA LUBRIFICANTE PARA TUBOS E CONEXOES COM JUNTA ELASTICA, EMBALAGEM DE *400* GR (USO EM PVC, ACO, POLIETILENO E OUTROS)","UN","COEFICIENTE DE REPRESENTATIVIDADE","0,0113000",32.99,"0,37","","","","","","","","","","",null,"CAIXA REFERENCIAL"]
["ASSENTAMENTO DE TUBOS E PECAS","ASTU","FORNEC E/OU ASSENT DE TUBO DE FERRO FUNDIDO JUNTA",45,"","",97145,"ASSENTAMENTO DE TUBO DE FERRO FUNDIDO PARA REDE DE ÁGUA, DN 250 MM, JUNTA ELÁSTICA, INSTALADO EM LOCAL COM NÍVEL ALTO DE INTERFERÊNCIAS (NÃO INCLUI FORNECIMENTO). AF_11/2017","M","COEFICIENTE DE REPRESENTATIVIDADE",14.73,"COMPOSICAO",88246,"ASSENTADOR DE TUBOS COM ENCARGOS COMPLEMENTARES","H","COEFICIENTE DE REPRESENTATIVIDADE","0,2097000",23.3,"4,88","","","","","","","","","","",null,"CAIXA REFERENCIAL"]
["ASSENTAMENTO DE TUBOS E PECAS","ASTU","FORNEC E/OU ASSENT DE TUBO DE FERRO FUNDIDO JUNTA",45,"","",97145,"ASSENTAMENTO DE TUBO DE FERRO FUNDIDO PARA REDE DE ÁGUA, DN 250 MM, JUNTA ELÁSTICA, INSTALADO EM LOCAL COM NÍVEL ALTO DE INTERFERÊNCIAS (NÃO INCLUI FORNECIMENTO). AF_11/2017","M","COEFICIENTE DE REPRESENTATIVIDADE",14.73,"COMPOSICAO",88316,"SERVENTE COM ENCARGOS COMPLEMENTARES","H","COLETADO","0,2097000",16.920000000000002,"3,54","","","","","","","","","","",null,"CAIXA REFERENCIAL"]
["ASSENTAMENTO DE TUBOS E PECAS","ASTU","FORNEC E/OU ASSENT DE TUBO DE FERRO FUNDIDO JUNTA",45,"","",97146,"ASSENTAMENTO DE TUBO DE FERRO FUNDIDO PARA REDE DE ÁGUA, DN 300 MM, JUNTA ELÁSTICA, INSTALADO EM LOCAL COM NÍVEL ALTO DE INTERFERÊNCIAS (NÃO INCLUI FORNECIMENTO). AF_11/2017","M","COEFICIENTE DE REPRESENTATIVIDADE",16.87,"",null,"","","","",null,"","10,08","59,6764531","3,67","21,8094667","3,12","18,5140802","0,00","0,0000000","0,00","0,0000000",0,"CAIXA REFERENCIAL"]
["ASSENTAMENTO DE TUBOS E PECAS","ASTU","FORNEC E/OU ASSENT DE TUBO DE FERRO FUNDIDO JUNTA",45,"","",97146,"ASSENTAMENTO DE TUBO DE FERRO FUNDIDO PARA REDE DE ÁGUA, DN 300 MM, JUNTA ELÁSTICA, INSTALADO EM LOCAL COM NÍVEL ALTO DE INTERFERÊNCIAS (NÃO INCLUI FORNECIMENTO). AF_11/2017","M","COEFICIENTE DE REPRESENTATIVIDADE",16.87,"COMPOSICAO",5678,"RETROESCAVADEIRA SOBRE RODAS COM CARREGADEIRA, TRAÇÃO 4X4, POTÊNCIA LÍQ. 88 HP, CAÇAMBA CARREG. CAP. MÍN. 1 M3, CAÇAMBA RETRO CAP. 0,26 M3, PESO OPERACIONAL MÍN. 6.674 KG, PROFUNDIDADE ESCAVAÇÃO MÁX. 4,37 M - CHP DIURNO. AF_06/2014","CHP","COEFICIENTE DE REPRESENTATIVIDADE","0,0176000",125.96,"2,21","","","","","","","","","","",null,"CAIXA REFERENCIAL"]
["ASSENTAMENTO DE TUBOS E PECAS","ASTU","FORNEC E/OU ASSENT DE TUBO DE FERRO FUNDIDO JUNTA",45,"","",97146,"ASSENTAMENTO DE TUBO DE FERRO FUNDIDO PARA REDE DE ÁGUA, DN 300 MM, JUNTA ELÁSTICA, INSTALADO EM LOCAL COM NÍVEL ALTO DE INTERFERÊNCIAS (NÃO INCLUI FORNECIMENTO). AF_11/2017","M","COEFICIENTE DE REPRESENTATIVIDADE",16.87,"COMPOSICAO",5679,"RETROESCAVADEIRA SOBRE RODAS COM CARREGADEIRA, TRAÇÃO 4X4, POTÊNCIA LÍQ. 88 HP, CAÇAMBA CARREG. CAP. MÍN. 1 M3, CAÇAMBA RETRO CAP. 0,26 M3, PESO OPERACIONAL MÍN. 6.674 KG, PROFUNDIDADE ESCAVAÇÃO MÁX. 4,37 M - CHI DIURNO. AF_06/2014","CHI","COEFICIENTE DE REPRESENTATIVIDADE","0,0846000",51.77,"4,37","","","","","","","","","","",null,"CAIXA REFERENCIAL"]
["ASSENTAMENTO DE TUBOS E PECAS","ASTU","FORNEC E/OU ASSENT DE TUBO DE FERRO FUNDIDO JUNTA",45,"","",97146,"ASSENTAMENTO DE TUBO DE FERRO FUNDIDO PARA REDE DE ÁGUA, DN 300 MM, JUNTA ELÁSTICA, INSTALADO EM LOCAL COM NÍVEL ALTO DE INTERFERÊNCIAS (NÃO INCLUI FORNECIMENTO). AF_11/2017","M","COEFICIENTE DE REPRESENTATIVIDADE",16.87,"INSUMO",20078,"PASTA LUBRIFICANTE PARA TUBOS E CONEXOES COM JUNTA ELASTICA, EMBALAGEM DE *400* GR (USO EM PVC, ACO, POLIETILENO E OUTROS)","UN","COEFICIENTE DE REPRESENTATIVIDADE","0,0138000",32.99,"0,45","","","","","","","","","","",null,"CAIXA REFERENCIAL"]
["ASSENTAMENTO DE TUBOS E PECAS","ASTU","FORNEC E/OU ASSENT DE TUBO DE FERRO FUNDIDO JUNTA",45,"","",97146,"ASSENTAMENTO DE TUBO DE FERRO FUNDIDO PARA REDE DE ÁGUA, DN 300 MM, JUNTA ELÁSTICA, INSTALADO EM LOCAL COM NÍVEL ALTO DE INTERFERÊNCIAS (NÃO INCLUI FORNECIMENTO). AF_11/2017","M","COEFICIENTE DE REPRESENTATIVIDADE",16.87,"COMPOSICAO",88246,"ASSENTADOR DE TUBOS COM ENCARGOS COMPLEMENTARES","H","COEFICIENTE DE REPRESENTATIVIDADE","0,2448000",23.3,"5,70","","","","","","","","","","",null,"CAIXA REFERENCIAL"]
["ASSENTAMENTO DE TUBOS E PECAS","ASTU","FORNEC E/OU ASSENT DE TUBO DE FERRO FUNDIDO JUNTA",45,"","",97146,"ASSENTAMENTO DE TUBO DE FERRO FUNDIDO PARA REDE DE ÁGUA, DN 300 MM, JUNTA ELÁSTICA, INSTALADO EM LOCAL COM NÍVEL ALTO DE INTERFERÊNCIAS (NÃO INCLUI FORNECIMENTO). AF_11/2017","M","COEFICIENTE DE REPRESENTATIVIDADE",16.87,"COMPOSICAO",88316,"SERVENTE COM ENCARGOS COMPLEMENTARES","H","COLETADO","0,2448000",16.920000000000002,"4,14","","","","","","","","","","",null,"CAIXA REFERENCIAL"]
["ASSENTAMENTO DE TUBOS E PECAS","ASTU","FORNEC E/OU ASSENT DE TUBO DE FERRO FUNDIDO JUNTA",45,"","",97147,"ASSENTAMENTO DE TUBO DE FERRO FUNDIDO PARA REDE DE ÁGUA, DN 350 MM, JUNTA ELÁSTICA, INSTALADO EM LOCAL COM NÍVEL ALTO DE INTERFERÊNCIAS (NÃO INCLUI FORNECIMENTO). AF_11/2017","M","COEFICIENTE DE REPRESENTATIVIDADE",19.03,"",null,"","","","",null,"","11,43","60,0000001","4,18","22,0159151","3,42","17,9840848","0,00","0,0000000","0,00","0,0000000",0,"CAIXA REFERENCIAL"]
["ASSENTAMENTO DE TUBOS E PECAS","ASTU","FORNEC E/OU ASSENT DE TUBO DE FERRO FUNDIDO JUNTA",45,"","",97147,"ASSENTAMENTO DE TUBO DE FERRO FUNDIDO PARA REDE DE ÁGUA, DN 350 MM, JUNTA ELÁSTICA, INSTALADO EM LOCAL COM NÍVEL ALTO DE INTERFERÊNCIAS (NÃO INCLUI FORNECIMENTO). AF_11/2017","M","COEFICIENTE DE REPRESENTATIVIDADE",19.03,"COMPOSICAO",5678,"RETROESCAVADEIRA SOBRE RODAS COM CARREGADEIRA, TRAÇÃO 4X4, POTÊNCIA LÍQ. 88 HP, CAÇAMBA CARREG. CAP. MÍN. 1 M3, CAÇAMBA RETRO CAP. 0,26 M3, PESO OPERACIONAL MÍN. 6.674 KG, PROFUNDIDADE ESCAVAÇÃO MÁX. 4,37 M - CHP DIURNO. AF_06/2014","CHP","COEFICIENTE DE REPRESENTATIVIDADE","0,0194000",125.96,"2,44","","","","","","","","","","",null,"CAIXA REFERENCIAL"]
["ASSENTAMENTO DE TUBOS E PECAS","ASTU","FORNEC E/OU ASSENT DE TUBO DE FERRO FUNDIDO JUNTA",45,"","",97147,"ASSENTAMENTO DE TUBO DE FERRO FUNDIDO PARA REDE DE ÁGUA, DN 350 MM, JUNTA ELÁSTICA, INSTALADO EM LOCAL COM NÍVEL ALTO DE INTERFERÊNCIAS (NÃO INCLUI FORNECIMENTO). AF_11/2017","M","COEFICIENTE DE REPRESENTATIVIDADE",19.03,"COMPOSICAO",5679,"RETROESCAVADEIRA SOBRE RODAS COM CARREGADEIRA, TRAÇÃO 4X4, POTÊNCIA LÍQ. 88 HP, CAÇAMBA CARREG. CAP. MÍN. 1 M3, CAÇAMBA RETRO CAP. 0,26 M3, PESO OPERACIONAL MÍN. 6.674 KG, PROFUNDIDADE ESCAVAÇÃO MÁX. 4,37 M - CHI DIURNO. AF_06/2014","CHI","COEFICIENTE DE REPRESENTATIVIDADE","0,0930000",51.77,"4,81","","","","","","","","","","",null,"CAIXA REFERENCIAL"]
["ASSENTAMENTO DE TUBOS E PECAS","ASTU","FORNEC E/OU ASSENT DE TUBO DE FERRO FUNDIDO JUNTA",45,"","",97147,"ASSENTAMENTO DE TUBO DE FERRO FUNDIDO PARA REDE DE ÁGUA, DN 350 MM, JUNTA ELÁSTICA, INSTALADO EM LOCAL COM NÍVEL ALTO DE INTERFERÊNCIAS (NÃO INCLUI FORNECIMENTO). AF_11/2017","M","COEFICIENTE DE REPRESENTATIVIDADE",19.03,"INSUMO",20078,"PASTA LUBRIFICANTE PARA TUBOS E CONEXOES COM JUNTA ELASTICA, EMBALAGEM DE *400* GR (USO EM PVC, ACO, POLIETILENO E OUTROS)","UN","COEFICIENTE DE REPRESENTATIVIDADE","0,0163000",32.99,"0,53","","","","","","","","","","",null,"CAIXA REFERENCIAL"]
["ASSENTAMENTO DE TUBOS E PECAS","ASTU","FORNEC E/OU ASSENT DE TUBO DE FERRO FUNDIDO JUNTA",45,"","",97147,"ASSENTAMENTO DE TUBO DE FERRO FUNDIDO PARA REDE DE ÁGUA, DN 350 MM, JUNTA ELÁSTICA, INSTALADO EM LOCAL COM NÍVEL ALTO DE INTERFERÊNCIAS (NÃO INCLUI FORNECIMENTO). AF_11/2017","M","COEFICIENTE DE REPRESENTATIVIDADE",19.03,"COMPOSICAO",88246,"ASSENTADOR DE TUBOS COM ENCARGOS COMPLEMENTARES","H","COEFICIENTE DE REPRESENTATIVIDADE","0,2799000",23.3,"6,52","","","","","","","","","","",null,"CAIXA REFERENCIAL"]
["ASSENTAMENTO DE TUBOS E PECAS","ASTU","FORNEC E/OU ASSENT DE TUBO DE FERRO FUNDIDO JUNTA",45,"","",97147,"ASSENTAMENTO DE TUBO DE FERRO FUNDIDO PARA REDE DE ÁGUA, DN 350 MM, JUNTA ELÁSTICA, INSTALADO EM LOCAL COM NÍVEL ALTO DE INTERFERÊNCIAS (NÃO INCLUI FORNECIMENTO). AF_11/2017","M","COEFICIENTE DE REPRESENTATIVIDADE",19.03,"COMPOSICAO",88316,"SERVENTE COM ENCARGOS COMPLEMENTARES","H","COLETADO","0,2799000",16.920000000000002,"4,73","","","","","","","","","","",null,"CAIXA REFERENCIAL"]
["ASSENTAMENTO DE TUBOS E PECAS","ASTU","FORNEC E/OU ASSENT DE TUBO DE FERRO FUNDIDO JUNTA",45,"","",97148,"ASSENTAMENTO DE TUBO DE FERRO FUNDIDO PARA REDE DE ÁGUA, DN 400 MM, JUNTA ELÁSTICA, INSTALADO EM LOCAL COM NÍVEL ALTO DE INTERFERÊNCIAS (NÃO INCLUI FORNECIMENTO). AF_11/2017","M","COEFICIENTE DE REPRESENTATIVIDADE",21.16,"",null,"","","","",null,"","12,76","60,2380954","4,67","22,0952380","3,73","17,6666666","0,00","0,0000000","0,00","0,0000000",0,"CAIXA REFERENCIAL"]
["ASSENTAMENTO DE TUBOS E PECAS","ASTU","FORNEC E/OU ASSENT DE TUBO DE FERRO FUNDIDO JUNTA",45,"","",97148,"ASSENTAMENTO DE TUBO DE FERRO FUNDIDO PARA REDE DE ÁGUA, DN 400 MM, JUNTA ELÁSTICA, INSTALADO EM LOCAL COM NÍVEL ALTO DE INTERFERÊNCIAS (NÃO INCLUI FORNECIMENTO). AF_11/2017","M","COEFICIENTE DE REPRESENTATIVIDADE",21.16,"COMPOSICAO",5678,"RETROESCAVADEIRA SOBRE RODAS COM CARREGADEIRA, TRAÇÃO 4X4, POTÊNCIA LÍQ. 88 HP, CAÇAMBA CARREG. CAP. MÍN. 1 M3, CAÇAMBA RETRO CAP. 0,26 M3, PESO OPERACIONAL MÍN. 6.674 KG, PROFUNDIDADE ESCAVAÇÃO MÁX. 4,37 M - CHP DIURNO. AF_06/2014","CHP","COEFICIENTE DE REPRESENTATIVIDADE","0,0211000",125.96,"2,65","","","","","","","","","","",null,"CAIXA REFERENCIAL"]
["ASSENTAMENTO DE TUBOS E PECAS","ASTU","FORNEC E/OU ASSENT DE TUBO DE FERRO FUNDIDO JUNTA",45,"","",97148,"ASSENTAMENTO DE TUBO DE FERRO FUNDIDO PARA REDE DE ÁGUA, DN 400 MM, JUNTA ELÁSTICA, INSTALADO EM LOCAL COM NÍVEL ALTO DE INTERFERÊNCIAS (NÃO INCLUI FORNECIMENTO). AF_11/2017","M","COEFICIENTE DE REPRESENTATIVIDADE",21.16,"COMPOSICAO",5679,"RETROESCAVADEIRA SOBRE RODAS COM CARREGADEIRA, TRAÇÃO 4X4, POTÊNCIA LÍQ. 88 HP, CAÇAMBA CARREG. CAP. MÍN. 1 M3, CAÇAMBA RETRO CAP. 0,26 M3, PESO OPERACIONAL MÍN. 6.674 KG, PROFUNDIDADE ESCAVAÇÃO MÁX. 4,37 M - CHI DIURNO. AF_06/2014","CHI","COEFICIENTE DE REPRESENTATIVIDADE","0,1014000",51.77,"5,24","","","","","","","","","","",null,"CAIXA REFERENCIAL"]
["ASSENTAMENTO DE TUBOS E PECAS","ASTU","FORNEC E/OU ASSENT DE TUBO DE FERRO FUNDIDO JUNTA",45,"","",97148,"ASSENTAMENTO DE TUBO DE FERRO FUNDIDO PARA REDE DE ÁGUA, DN 400 MM, JUNTA ELÁSTICA, INSTALADO EM LOCAL COM NÍVEL ALTO DE INTERFERÊNCIAS (NÃO INCLUI FORNECIMENTO). AF_11/2017","M","COEFICIENTE DE REPRESENTATIVIDADE",21.16,"INSUMO",20078,"PASTA LUBRIFICANTE PARA TUBOS E CONEXOES COM JUNTA ELASTICA, EMBALAGEM DE *400* GR (USO EM PVC, ACO, POLIETILENO E OUTROS)","UN","COEFICIENTE DE REPRESENTATIVIDADE","0,0188000",32.99,"0,62","","","","","","","","","","",null,"CAIXA REFERENCIAL"]
["ASSENTAMENTO DE TUBOS E PECAS","ASTU","FORNEC E/OU ASSENT DE TUBO DE FERRO FUNDIDO JUNTA",45,"","",97148,"ASSENTAMENTO DE TUBO DE FERRO FUNDIDO PARA REDE DE ÁGUA, DN 400 MM, JUNTA ELÁSTICA, INSTALADO EM LOCAL COM NÍVEL ALTO DE INTERFERÊNCIAS (NÃO INCLUI FORNECIMENTO). AF_11/2017","M","COEFICIENTE DE REPRESENTATIVIDADE",21.16,"COMPOSICAO",88246,"ASSENTADOR DE TUBOS COM ENCARGOS COMPLEMENTARES","H","COEFICIENTE DE REPRESENTATIVIDADE","0,3150000",23.3,"7,33","","","","","","","","","","",null,"CAIXA REFERENCIAL"]
["ASSENTAMENTO DE TUBOS E PECAS","ASTU","FORNEC E/OU ASSENT DE TUBO DE FERRO FUNDIDO JUNTA",45,"","",97148,"ASSENTAMENTO DE TUBO DE FERRO FUNDIDO PARA REDE DE ÁGUA, DN 400 MM, JUNTA ELÁSTICA, INSTALADO EM LOCAL COM NÍVEL ALTO DE INTERFERÊNCIAS (NÃO INCLUI FORNECIMENTO). AF_11/2017","M","COEFICIENTE DE REPRESENTATIVIDADE",21.16,"COMPOSICAO",88316,"SERVENTE COM ENCARGOS COMPLEMENTARES","H","COLETADO","0,3150000",16.920000000000002,"5,32","","","","","","","","","","",null,"CAIXA REFERENCIAL"]
["ASSENTAMENTO DE TUBOS E PECAS","ASTU","FORNEC E/OU ASSENT DE TUBO DE FERRO FUNDIDO JUNTA",45,"","",97149,"ASSENTAMENTO DE TUBO DE FERRO FUNDIDO PARA REDE DE ÁGUA, DN 450 MM, JUNTA ELÁSTICA, INSTALADO EM LOCAL COM NÍVEL ALTO DE INTERFERÊNCIAS (NÃO INCLUI FORNECIMENTO). AF_11/2017","M","COEFICIENTE DE REPRESENTATIVIDADE",23.35,"",null,"","","","",null,"","14,09","60,3188282","5,22","22,3610512","4,04","17,3201206","0,00","0,0000000","0,00","0,0000000",0,"CAIXA REFERENCIAL"]
["ASSENTAMENTO DE TUBOS E PECAS","ASTU","FORNEC E/OU ASSENT DE TUBO DE FERRO FUNDIDO JUNTA",45,"","",97149,"ASSENTAMENTO DE TUBO DE FERRO FUNDIDO PARA REDE DE ÁGUA, DN 450 MM, JUNTA ELÁSTICA, INSTALADO EM LOCAL COM NÍVEL ALTO DE INTERFERÊNCIAS (NÃO INCLUI FORNECIMENTO). AF_11/2017","M","COEFICIENTE DE REPRESENTATIVIDADE",23.35,"COMPOSICAO",5678,"RETROESCAVADEIRA SOBRE RODAS COM CARREGADEIRA, TRAÇÃO 4X4, POTÊNCIA LÍQ. 88 HP, CAÇAMBA CARREG. CAP. MÍN. 1 M3, CAÇAMBA RETRO CAP. 0,26 M3, PESO OPERACIONAL MÍN. 6.674 KG, PROFUNDIDADE ESCAVAÇÃO MÁX. 4,37 M - CHP DIURNO. AF_06/2014","CHP","COEFICIENTE DE REPRESENTATIVIDADE","0,0229000",125.96,"2,88","","","","","","","","","","",null,"CAIXA REFERENCIAL"]
["ASSENTAMENTO DE TUBOS E PECAS","ASTU","FORNEC E/OU ASSENT DE TUBO DE FERRO FUNDIDO JUNTA",45,"","",97149,"ASSENTAMENTO DE TUBO DE FERRO FUNDIDO PARA REDE DE ÁGUA, DN 450 MM, JUNTA ELÁSTICA, INSTALADO EM LOCAL COM NÍVEL ALTO DE INTERFERÊNCIAS (NÃO INCLUI FORNECIMENTO). AF_11/2017","M","COEFICIENTE DE REPRESENTATIVIDADE",23.35,"COMPOSICAO",5679,"RETROESCAVADEIRA SOBRE RODAS COM CARREGADEIRA, TRAÇÃO 4X4, POTÊNCIA LÍQ. 88 HP, CAÇAMBA CARREG. CAP. MÍN. 1 M3, CAÇAMBA RETRO CAP. 0,26 M3, PESO OPERACIONAL MÍN. 6.674 KG, PROFUNDIDADE ESCAVAÇÃO MÁX. 4,37 M - CHI DIURNO. AF_06/2014","CHI","COEFICIENTE DE REPRESENTATIVIDADE","0,1098000",51.77,"5,68","","","","","","","","","","",null,"CAIXA REFERENCIAL"]
["ASSENTAMENTO DE TUBOS E PECAS","ASTU","FORNEC E/OU ASSENT DE TUBO DE FERRO FUNDIDO JUNTA",45,"","",97149,"ASSENTAMENTO DE TUBO DE FERRO FUNDIDO PARA REDE DE ÁGUA, DN 450 MM, JUNTA ELÁSTICA, INSTALADO EM LOCAL COM NÍVEL ALTO DE INTERFERÊNCIAS (NÃO INCLUI FORNECIMENTO). AF_11/2017","M","COEFICIENTE DE REPRESENTATIVIDADE",23.35,"INSUMO",20078,"PASTA LUBRIFICANTE PARA TUBOS E CONEXOES COM JUNTA ELASTICA, EMBALAGEM DE *400* GR (USO EM PVC, ACO, POLIETILENO E OUTROS)","UN","COEFICIENTE DE REPRESENTATIVIDADE","0,0221000",32.99,"0,72","","","","","","","","","","",null,"CAIXA REFERENCIAL"]
["ASSENTAMENTO DE TUBOS E PECAS","ASTU","FORNEC E/OU ASSENT DE TUBO DE FERRO FUNDIDO JUNTA",45,"","",97149,"ASSENTAMENTO DE TUBO DE FERRO FUNDIDO PARA REDE DE ÁGUA, DN 450 MM, JUNTA ELÁSTICA, INSTALADO EM LOCAL COM NÍVEL ALTO DE INTERFERÊNCIAS (NÃO INCLUI FORNECIMENTO). AF_11/2017","M","COEFICIENTE DE REPRESENTATIVIDADE",23.35,"COMPOSICAO",88246,"ASSENTADOR DE TUBOS COM ENCARGOS COMPLEMENTARES","H","COEFICIENTE DE REPRESENTATIVIDADE","0,3501000",23.3,"8,15","","","","","","","","","","",null,"CAIXA REFERENCIAL"]
["ASSENTAMENTO DE TUBOS E PECAS","ASTU","FORNEC E/OU ASSENT DE TUBO DE FERRO FUNDIDO JUNTA",45,"","",97149,"ASSENTAMENTO DE TUBO DE FERRO FUNDIDO PARA REDE DE ÁGUA, DN 450 MM, JUNTA ELÁSTICA, INSTALADO EM LOCAL COM NÍVEL ALTO DE INTERFERÊNCIAS (NÃO INCLUI FORNECIMENTO). AF_11/2017","M","COEFICIENTE DE REPRESENTATIVIDADE",23.35,"COMPOSICAO",88316,"SERVENTE COM ENCARGOS COMPLEMENTARES","H","COLETADO","0,3501000",16.920000000000002,"5,92","","","","","","","","","","",null,"CAIXA REFERENCIAL"]
["ASSENTAMENTO DE TUBOS E PECAS","ASTU","FORNEC E/OU ASSENT DE TUBO DE FERRO FUNDIDO JUNTA",45,"","",97150,"ASSENTAMENTO DE TUBO DE FERRO FUNDIDO PARA REDE DE ÁGUA, DN 500 MM, JUNTA ELÁSTICA, INSTALADO EM LOCAL COM NÍVEL ALTO DE INTERFERÊNCIAS (NÃO INCLUI FORNECIMENTO). AF_11/2017","M","COEFICIENTE DE REPRESENTATIVIDADE",30.1,"",null,"","","","",null,"","15,41","51,1526897","6,02","20,0133645","8,67","28,8339458","0,00","0,0000000","0,00","0,0000000",0,"CAIXA REFERENCIAL"]
["ASSENTAMENTO DE TUBOS E PECAS","ASTU","FORNEC E/OU ASSENT DE TUBO DE FERRO FUNDIDO JUNTA",45,"","",97150,"ASSENTAMENTO DE TUBO DE FERRO FUNDIDO PARA REDE DE ÁGUA, DN 500 MM, JUNTA ELÁSTICA, INSTALADO EM LOCAL COM NÍVEL ALTO DE INTERFERÊNCIAS (NÃO INCLUI FORNECIMENTO). AF_11/2017","M","COEFICIENTE DE REPRESENTATIVIDADE",30.1,"COMPOSICAO",5631,"ESCAVADEIRA HIDRÁULICA SOBRE ESTEIRAS, CAÇAMBA 0,80 M3, PESO OPERACIONAL 17 T, POTENCIA BRUTA 111 HP - CHP DIURNO. AF_06/2014","CHP","COLETADO","0,0246000",191.27,"4,70","","","","","","","","","","",null,"CAIXA REFERENCIAL"]
["ASSENTAMENTO DE TUBOS E PECAS","ASTU","FORNEC E/OU ASSENT DE TUBO DE FERRO FUNDIDO JUNTA",45,"","",97150,"ASSENTAMENTO DE TUBO DE FERRO FUNDIDO PARA REDE DE ÁGUA, DN 500 MM, JUNTA ELÁSTICA, INSTALADO EM LOCAL COM NÍVEL ALTO DE INTERFERÊNCIAS (NÃO INCLUI FORNECIMENTO). AF_11/2017","M","COEFICIENTE DE REPRESENTATIVIDADE",30.1,"COMPOSICAO",5632,"ESCAVADEIRA HIDRÁULICA SOBRE ESTEIRAS, CAÇAMBA 0,80 M3, PESO OPERACIONAL 17 T, POTENCIA BRUTA 111 HP - CHI DIURNO. AF_06/2014","CHI","COLETADO","0,1182000",77.11,"9,11","","","","","","","","","","",null,"CAIXA REFERENCIAL"]
["ASSENTAMENTO DE TUBOS E PECAS","ASTU","FORNEC E/OU ASSENT DE TUBO DE FERRO FUNDIDO JUNTA",45,"","",97150,"ASSENTAMENTO DE TUBO DE FERRO FUNDIDO PARA REDE DE ÁGUA, DN 500 MM, JUNTA ELÁSTICA, INSTALADO EM LOCAL COM NÍVEL ALTO DE INTERFERÊNCIAS (NÃO INCLUI FORNECIMENTO). AF_11/2017","M","COEFICIENTE DE REPRESENTATIVIDADE",30.1,"INSUMO",20078,"PASTA LUBRIFICANTE PARA TUBOS E CONEXOES COM JUNTA ELASTICA, EMBALAGEM DE *400* GR (USO EM PVC, ACO, POLIETILENO E OUTROS)","UN","COEFICIENTE DE REPRESENTATIVIDADE","0,0248000",32.99,"0,81","","","","","","","","","","",null,"CAIXA REFERENCIAL"]
["ASSENTAMENTO DE TUBOS E PECAS","ASTU","FORNEC E/OU ASSENT DE TUBO DE FERRO FUNDIDO JUNTA",45,"","",97150,"ASSENTAMENTO DE TUBO DE FERRO FUNDIDO PARA REDE DE ÁGUA, DN 500 MM, JUNTA ELÁSTICA, INSTALADO EM LOCAL COM NÍVEL ALTO DE INTERFERÊNCIAS (NÃO INCLUI FORNECIMENTO). AF_11/2017","M","COEFICIENTE DE REPRESENTATIVIDADE",30.1,"COMPOSICAO",88246,"ASSENTADOR DE TUBOS COM ENCARGOS COMPLEMENTARES","H","COEFICIENTE DE REPRESENTATIVIDADE","0,3851000",23.3,"8,97","","","","","","","","","","",null,"CAIXA REFERENCIAL"]
["ASSENTAMENTO DE TUBOS E PECAS","ASTU","FORNEC E/OU ASSENT DE TUBO DE FERRO FUNDIDO JUNTA",45,"","",97150,"ASSENTAMENTO DE TUBO DE FERRO FUNDIDO PARA REDE DE ÁGUA, DN 500 MM, JUNTA ELÁSTICA, INSTALADO EM LOCAL COM NÍVEL ALTO DE INTERFERÊNCIAS (NÃO INCLUI FORNECIMENTO). AF_11/2017","M","COEFICIENTE DE REPRESENTATIVIDADE",30.1,"COMPOSICAO",88316,"SERVENTE COM ENCARGOS COMPLEMENTARES","H","COLETADO","0,3851000",16.920000000000002,"6,51","","","","","","","","","","",null,"CAIXA REFERENCIAL"]
["ASSENTAMENTO DE TUBOS E PECAS","ASTU","FORNEC E/OU ASSENT DE TUBO DE FERRO FUNDIDO JUNTA",45,"","",97151,"ASSENTAMENTO DE TUBO DE FERRO FUNDIDO PARA REDE DE ÁGUA, DN 600 MM, JUNTA ELÁSTICA, INSTALADO EM LOCAL COM NÍVEL ALTO DE INTERFERÊNCIAS (NÃO INCLUI FORNECIMENTO). AF_11/2017","M","COEFICIENTE DE REPRESENTATIVIDADE",35.1,"",null,"","","","",null,"","18,07","51,4440950","7,12","20,3031169","9,91","28,2527881","0,00","0,0000000","0,00","0,0000000",0,"CAIXA REFERENCIAL"]
["ASSENTAMENTO DE TUBOS E PECAS","ASTU","FORNEC E/OU ASSENT DE TUBO DE FERRO FUNDIDO JUNTA",45,"","",97151,"ASSENTAMENTO DE TUBO DE FERRO FUNDIDO PARA REDE DE ÁGUA, DN 600 MM, JUNTA ELÁSTICA, INSTALADO EM LOCAL COM NÍVEL ALTO DE INTERFERÊNCIAS (NÃO INCLUI FORNECIMENTO). AF_11/2017","M","COEFICIENTE DE REPRESENTATIVIDADE",35.1,"COMPOSICAO",5631,"ESCAVADEIRA HIDRÁULICA SOBRE ESTEIRAS, CAÇAMBA 0,80 M3, PESO OPERACIONAL 17 T, POTENCIA BRUTA 111 HP - CHP DIURNO. AF_06/2014","CHP","COLETADO","0,0281000",191.27,"5,37","","","","","","","","","","",null,"CAIXA REFERENCIAL"]
["ASSENTAMENTO DE TUBOS E PECAS","ASTU","FORNEC E/OU ASSENT DE TUBO DE FERRO FUNDIDO JUNTA",45,"","",97151,"ASSENTAMENTO DE TUBO DE FERRO FUNDIDO PARA REDE DE ÁGUA, DN 600 MM, JUNTA ELÁSTICA, INSTALADO EM LOCAL COM NÍVEL ALTO DE INTERFERÊNCIAS (NÃO INCLUI FORNECIMENTO). AF_11/2017","M","COEFICIENTE DE REPRESENTATIVIDADE",35.1,"COMPOSICAO",5632,"ESCAVADEIRA HIDRÁULICA SOBRE ESTEIRAS, CAÇAMBA 0,80 M3, PESO OPERACIONAL 17 T, POTENCIA BRUTA 111 HP - CHI DIURNO. AF_06/2014","CHI","COLETADO","0,1350000",77.11,"10,40","","","","","","","","","","",null,"CAIXA REFERENCIAL"]
["ASSENTAMENTO DE TUBOS E PECAS","ASTU","FORNEC E/OU ASSENT DE TUBO DE FERRO FUNDIDO JUNTA",45,"","",97151,"ASSENTAMENTO DE TUBO DE FERRO FUNDIDO PARA REDE DE ÁGUA, DN 600 MM, JUNTA ELÁSTICA, INSTALADO EM LOCAL COM NÍVEL ALTO DE INTERFERÊNCIAS (NÃO INCLUI FORNECIMENTO). AF_11/2017","M","COEFICIENTE DE REPRESENTATIVIDADE",35.1,"INSUMO",20078,"PASTA LUBRIFICANTE PARA TUBOS E CONEXOES COM JUNTA ELASTICA, EMBALAGEM DE *400* GR (USO EM PVC, ACO, POLIETILENO E OUTROS)","UN","COEFICIENTE DE REPRESENTATIVIDADE","0,0313000",32.99,"1,03","","","","","","","","","","",null,"CAIXA REFERENCIAL"]
["ASSENTAMENTO DE TUBOS E PECAS","ASTU","FORNEC E/OU ASSENT DE TUBO DE FERRO FUNDIDO JUNTA",45,"","",97151,"ASSENTAMENTO DE TUBO DE FERRO FUNDIDO PARA REDE DE ÁGUA, DN 600 MM, JUNTA ELÁSTICA, INSTALADO EM LOCAL COM NÍVEL ALTO DE INTERFERÊNCIAS (NÃO INCLUI FORNECIMENTO). AF_11/2017","M","COEFICIENTE DE REPRESENTATIVIDADE",35.1,"COMPOSICAO",88246,"ASSENTADOR DE TUBOS COM ENCARGOS COMPLEMENTARES","H","COEFICIENTE DE REPRESENTATIVIDADE","0,4553000",23.3,"10,60","","","","","","","","","","",null,"CAIXA REFERENCIAL"]
["ASSENTAMENTO DE TUBOS E PECAS","ASTU","FORNEC E/OU ASSENT DE TUBO DE FERRO FUNDIDO JUNTA",45,"","",97151,"ASSENTAMENTO DE TUBO DE FERRO FUNDIDO PARA REDE DE ÁGUA, DN 600 MM, JUNTA ELÁSTICA, INSTALADO EM LOCAL COM NÍVEL ALTO DE INTERFERÊNCIAS (NÃO INCLUI FORNECIMENTO). AF_11/2017","M","COEFICIENTE DE REPRESENTATIVIDADE",35.1,"COMPOSICAO",88316,"SERVENTE COM ENCARGOS COMPLEMENTARES","H","COLETADO","0,4553000",16.920000000000002,"7,70","","","","","","","","","","",null,"CAIXA REFERENCIAL"]
["ASSENTAMENTO DE TUBOS E PECAS","ASTU","FORNEC E/OU ASSENT DE TUBO DE FERRO FUNDIDO JUNTA",45,"","",97152,"ASSENTAMENTO DE TUBO DE FERRO FUNDIDO PARA REDE DE ÁGUA, DN 700 MM, JUNTA ELÁSTICA, INSTALADO EM LOCAL COM NÍVEL ALTO DE INTERFERÊNCIAS (NÃO INCLUI FORNECIMENTO). AF_11/2017","M","COEFICIENTE DE REPRESENTATIVIDADE",39.799999999999997,"",null,"","","","",null,"","20,75","52,0927888","7,92","19,9193141","11,13","27,9878971","0,00","0,0000000","0,00","0,0000000",0,"CAIXA REFERENCIAL"]
["ASSENTAMENTO DE TUBOS E PECAS","ASTU","FORNEC E/OU ASSENT DE TUBO DE FERRO FUNDIDO JUNTA",45,"","",97152,"ASSENTAMENTO DE TUBO DE FERRO FUNDIDO PARA REDE DE ÁGUA, DN 700 MM, JUNTA ELÁSTICA, INSTALADO EM LOCAL COM NÍVEL ALTO DE INTERFERÊNCIAS (NÃO INCLUI FORNECIMENTO). AF_11/2017","M","COEFICIENTE DE REPRESENTATIVIDADE",39.799999999999997,"COMPOSICAO",5631,"ESCAVADEIRA HIDRÁULICA SOBRE ESTEIRAS, CAÇAMBA 0,80 M3, PESO OPERACIONAL 17 T, POTENCIA BRUTA 111 HP - CHP DIURNO. AF_06/2014","CHP","COLETADO","0,0316000",191.27,"6,04","","","","","","","","","","",null,"CAIXA REFERENCIAL"]
["ASSENTAMENTO DE TUBOS E PECAS","ASTU","FORNEC E/OU ASSENT DE TUBO DE FERRO FUNDIDO JUNTA",45,"","",97152,"ASSENTAMENTO DE TUBO DE FERRO FUNDIDO PARA REDE DE ÁGUA, DN 700 MM, JUNTA ELÁSTICA, INSTALADO EM LOCAL COM NÍVEL ALTO DE INTERFERÊNCIAS (NÃO INCLUI FORNECIMENTO). AF_11/2017","M","COEFICIENTE DE REPRESENTATIVIDADE",39.799999999999997,"COMPOSICAO",5632,"ESCAVADEIRA HIDRÁULICA SOBRE ESTEIRAS, CAÇAMBA 0,80 M3, PESO OPERACIONAL 17 T, POTENCIA BRUTA 111 HP - CHI DIURNO. AF_06/2014","CHI","COLETADO","0,1518000",77.11,"11,70","","","","","","","","","","",null,"CAIXA REFERENCIAL"]
["ASSENTAMENTO DE TUBOS E PECAS","ASTU","FORNEC E/OU ASSENT DE TUBO DE FERRO FUNDIDO JUNTA",45,"","",97152,"ASSENTAMENTO DE TUBO DE FERRO FUNDIDO PARA REDE DE ÁGUA, DN 700 MM, JUNTA ELÁSTICA, INSTALADO EM LOCAL COM NÍVEL ALTO DE INTERFERÊNCIAS (NÃO INCLUI FORNECIMENTO). AF_11/2017","M","COEFICIENTE DE REPRESENTATIVIDADE",39.799999999999997,"INSUMO",20078,"PASTA LUBRIFICANTE PARA TUBOS E CONEXOES COM JUNTA ELASTICA, EMBALAGEM DE *400* GR (USO EM PVC, ACO, POLIETILENO E OUTROS)","UN","COEFICIENTE DE REPRESENTATIVIDADE","0,0284000",32.99,"0,93","","","","","","","","","","",null,"CAIXA REFERENCIAL"]
["ASSENTAMENTO DE TUBOS E PECAS","ASTU","FORNEC E/OU ASSENT DE TUBO DE FERRO FUNDIDO JUNTA",45,"","",97152,"ASSENTAMENTO DE TUBO DE FERRO FUNDIDO PARA REDE DE ÁGUA, DN 700 MM, JUNTA ELÁSTICA, INSTALADO EM LOCAL COM NÍVEL ALTO DE INTERFERÊNCIAS (NÃO INCLUI FORNECIMENTO). AF_11/2017","M","COEFICIENTE DE REPRESENTATIVIDADE",39.799999999999997,"COMPOSICAO",88246,"ASSENTADOR DE TUBOS COM ENCARGOS COMPLEMENTARES","H","COEFICIENTE DE REPRESENTATIVIDADE","0,5255000",23.3,"12,24","","","","","","","","","","",null,"CAIXA REFERENCIAL"]
["ASSENTAMENTO DE TUBOS E PECAS","ASTU","FORNEC E/OU ASSENT DE TUBO DE FERRO FUNDIDO JUNTA",45,"","",97152,"ASSENTAMENTO DE TUBO DE FERRO FUNDIDO PARA REDE DE ÁGUA, DN 700 MM, JUNTA ELÁSTICA, INSTALADO EM LOCAL COM NÍVEL ALTO DE INTERFERÊNCIAS (NÃO INCLUI FORNECIMENTO). AF_11/2017","M","COEFICIENTE DE REPRESENTATIVIDADE",39.799999999999997,"COMPOSICAO",88316,"SERVENTE COM ENCARGOS COMPLEMENTARES","H","COLETADO","0,5255000",16.920000000000002,"8,89","","","","","","","","","","",null,"CAIXA REFERENCIAL"]
["ASSENTAMENTO DE TUBOS E PECAS","ASTU","FORNEC E/OU ASSENT DE TUBO DE FERRO FUNDIDO JUNTA",45,"","",97153,"ASSENTAMENTO DE TUBO DE FERRO FUNDIDO PARA REDE DE ÁGUA, DN 800 MM, JUNTA ELÁSTICA, INSTALADO EM LOCAL COM NÍVEL ALTO DE INTERFERÊNCIAS (NÃO INCLUI FORNECIMENTO). AF_11/2017","M","COEFICIENTE DE REPRESENTATIVIDADE",44.68,"",null,"","","","",null,"","23,42","52,3927208","8,90","19,9281060","12,36","27,6791732","0,00","0,0000000","0,00","0,0000000",0,"CAIXA REFERENCIAL"]
["ASSENTAMENTO DE TUBOS E PECAS","ASTU","FORNEC E/OU ASSENT DE TUBO DE FERRO FUNDIDO JUNTA",45,"","",97153,"ASSENTAMENTO DE TUBO DE FERRO FUNDIDO PARA REDE DE ÁGUA, DN 800 MM, JUNTA ELÁSTICA, INSTALADO EM LOCAL COM NÍVEL ALTO DE INTERFERÊNCIAS (NÃO INCLUI FORNECIMENTO). AF_11/2017","M","COEFICIENTE DE REPRESENTATIVIDADE",44.68,"COMPOSICAO",5631,"ESCAVADEIRA HIDRÁULICA SOBRE ESTEIRAS, CAÇAMBA 0,80 M3, PESO OPERACIONAL 17 T, POTENCIA BRUTA 111 HP - CHP DIURNO. AF_06/2014","CHP","COLETADO","0,0351000",191.27,"6,71","","","","","","","","","","",null,"CAIXA REFERENCIAL"]
["ASSENTAMENTO DE TUBOS E PECAS","ASTU","FORNEC E/OU ASSENT DE TUBO DE FERRO FUNDIDO JUNTA",45,"","",97153,"ASSENTAMENTO DE TUBO DE FERRO FUNDIDO PARA REDE DE ÁGUA, DN 800 MM, JUNTA ELÁSTICA, INSTALADO EM LOCAL COM NÍVEL ALTO DE INTERFERÊNCIAS (NÃO INCLUI FORNECIMENTO). AF_11/2017","M","COEFICIENTE DE REPRESENTATIVIDADE",44.68,"COMPOSICAO",5632,"ESCAVADEIRA HIDRÁULICA SOBRE ESTEIRAS, CAÇAMBA 0,80 M3, PESO OPERACIONAL 17 T, POTENCIA BRUTA 111 HP - CHI DIURNO. AF_06/2014","CHI","COLETADO","0,1686000",77.11,"13,00","","","","","","","","","","",null,"CAIXA REFERENCIAL"]
["ASSENTAMENTO DE TUBOS E PECAS","ASTU","FORNEC E/OU ASSENT DE TUBO DE FERRO FUNDIDO JUNTA",45,"","",97153,"ASSENTAMENTO DE TUBO DE FERRO FUNDIDO PARA REDE DE ÁGUA, DN 800 MM, JUNTA ELÁSTICA, INSTALADO EM LOCAL COM NÍVEL ALTO DE INTERFERÊNCIAS (NÃO INCLUI FORNECIMENTO). AF_11/2017","M","COEFICIENTE DE REPRESENTATIVIDADE",44.68,"INSUMO",20078,"PASTA LUBRIFICANTE PARA TUBOS E CONEXOES COM JUNTA ELASTICA, EMBALAGEM DE *400* GR (USO EM PVC, ACO, POLIETILENO E OUTROS)","UN","COEFICIENTE DE REPRESENTATIVIDADE","0,0314000",32.99,"1,03","","","","","","","","","","",null,"CAIXA REFERENCIAL"]
["ASSENTAMENTO DE TUBOS E PECAS","ASTU","FORNEC E/OU ASSENT DE TUBO DE FERRO FUNDIDO JUNTA",45,"","",97153,"ASSENTAMENTO DE TUBO DE FERRO FUNDIDO PARA REDE DE ÁGUA, DN 800 MM, JUNTA ELÁSTICA, INSTALADO EM LOCAL COM NÍVEL ALTO DE INTERFERÊNCIAS (NÃO INCLUI FORNECIMENTO). AF_11/2017","M","COEFICIENTE DE REPRESENTATIVIDADE",44.68,"COMPOSICAO",88246,"ASSENTADOR DE TUBOS COM ENCARGOS COMPLEMENTARES","H","COEFICIENTE DE REPRESENTATIVIDADE","0,5956000",23.3,"13,87","","","","","","","","","","",null,"CAIXA REFERENCIAL"]
["ASSENTAMENTO DE TUBOS E PECAS","ASTU","FORNEC E/OU ASSENT DE TUBO DE FERRO FUNDIDO JUNTA",45,"","",97153,"ASSENTAMENTO DE TUBO DE FERRO FUNDIDO PARA REDE DE ÁGUA, DN 800 MM, JUNTA ELÁSTICA, INSTALADO EM LOCAL COM NÍVEL ALTO DE INTERFERÊNCIAS (NÃO INCLUI FORNECIMENTO). AF_11/2017","M","COEFICIENTE DE REPRESENTATIVIDADE",44.68,"COMPOSICAO",88316,"SERVENTE COM ENCARGOS COMPLEMENTARES","H","COLETADO","0,5956000",16.920000000000002,"10,07","","","","","","","","","","",null,"CAIXA REFERENCIAL"]
["ASSENTAMENTO DE TUBOS E PECAS","ASTU","FORNEC E/OU ASSENT DE TUBO DE FERRO FUNDIDO JUNTA",45,"","",97154,"ASSENTAMENTO DE TUBO DE FERRO FUNDIDO PARA REDE DE ÁGUA, DN 900 MM, JUNTA ELÁSTICA, INSTALADO EM LOCAL COM NÍVEL ALTO DE INTERFERÊNCIAS (NÃO INCLUI FORNECIMENTO). AF_11/2017","M","COEFICIENTE DE REPRESENTATIVIDADE",49.61,"",null,"","","","",null,"","26,08","52,5581396","9,93","20,0202224","13,60","27,4216380","0,00","0,0000000","0,00","0,0000000",0,"CAIXA REFERENCIAL"]
["ASSENTAMENTO DE TUBOS E PECAS","ASTU","FORNEC E/OU ASSENT DE TUBO DE FERRO FUNDIDO JUNTA",45,"","",97154,"ASSENTAMENTO DE TUBO DE FERRO FUNDIDO PARA REDE DE ÁGUA, DN 900 MM, JUNTA ELÁSTICA, INSTALADO EM LOCAL COM NÍVEL ALTO DE INTERFERÊNCIAS (NÃO INCLUI FORNECIMENTO). AF_11/2017","M","COEFICIENTE DE REPRESENTATIVIDADE",49.61,"COMPOSICAO",5631,"ESCAVADEIRA HIDRÁULICA SOBRE ESTEIRAS, CAÇAMBA 0,80 M3, PESO OPERACIONAL 17 T, POTENCIA BRUTA 111 HP - CHP DIURNO. AF_06/2014","CHP","COLETADO","0,0386000",191.27,"7,38","","","","","","","","","","",null,"CAIXA REFERENCIAL"]
["ASSENTAMENTO DE TUBOS E PECAS","ASTU","FORNEC E/OU ASSENT DE TUBO DE FERRO FUNDIDO JUNTA",45,"","",97154,"ASSENTAMENTO DE TUBO DE FERRO FUNDIDO PARA REDE DE ÁGUA, DN 900 MM, JUNTA ELÁSTICA, INSTALADO EM LOCAL COM NÍVEL ALTO DE INTERFERÊNCIAS (NÃO INCLUI FORNECIMENTO). AF_11/2017","M","COEFICIENTE DE REPRESENTATIVIDADE",49.61,"COMPOSICAO",5632,"ESCAVADEIRA HIDRÁULICA SOBRE ESTEIRAS, CAÇAMBA 0,80 M3, PESO OPERACIONAL 17 T, POTENCIA BRUTA 111 HP - CHI DIURNO. AF_06/2014","CHI","COLETADO","0,1854000",77.11,"14,29","","","","","","","","","","",null,"CAIXA REFERENCIAL"]
["ASSENTAMENTO DE TUBOS E PECAS","ASTU","FORNEC E/OU ASSENT DE TUBO DE FERRO FUNDIDO JUNTA",45,"","",97154,"ASSENTAMENTO DE TUBO DE FERRO FUNDIDO PARA REDE DE ÁGUA, DN 900 MM, JUNTA ELÁSTICA, INSTALADO EM LOCAL COM NÍVEL ALTO DE INTERFERÊNCIAS (NÃO INCLUI FORNECIMENTO). AF_11/2017","M","COEFICIENTE DE REPRESENTATIVIDADE",49.61,"INSUMO",20078,"PASTA LUBRIFICANTE PARA TUBOS E CONEXOES COM JUNTA ELASTICA, EMBALAGEM DE *400* GR (USO EM PVC, ACO, POLIETILENO E OUTROS)","UN","COEFICIENTE DE REPRESENTATIVIDADE","0,0355000",32.99,"1,17","","","","","","","","","","",null,"CAIXA REFERENCIAL"]
["ASSENTAMENTO DE TUBOS E PECAS","ASTU","FORNEC E/OU ASSENT DE TUBO DE FERRO FUNDIDO JUNTA",45,"","",97154,"ASSENTAMENTO DE TUBO DE FERRO FUNDIDO PARA REDE DE ÁGUA, DN 900 MM, JUNTA ELÁSTICA, INSTALADO EM LOCAL COM NÍVEL ALTO DE INTERFERÊNCIAS (NÃO INCLUI FORNECIMENTO). AF_11/2017","M","COEFICIENTE DE REPRESENTATIVIDADE",49.61,"COMPOSICAO",88246,"ASSENTADOR DE TUBOS COM ENCARGOS COMPLEMENTARES","H","COEFICIENTE DE REPRESENTATIVIDADE","0,6658000",23.3,"15,51","","","","","","","","","","",null,"CAIXA REFERENCIAL"]
["ASSENTAMENTO DE TUBOS E PECAS","ASTU","FORNEC E/OU ASSENT DE TUBO DE FERRO FUNDIDO JUNTA",45,"","",97154,"ASSENTAMENTO DE TUBO DE FERRO FUNDIDO PARA REDE DE ÁGUA, DN 900 MM, JUNTA ELÁSTICA, INSTALADO EM LOCAL COM NÍVEL ALTO DE INTERFERÊNCIAS (NÃO INCLUI FORNECIMENTO). AF_11/2017","M","COEFICIENTE DE REPRESENTATIVIDADE",49.61,"COMPOSICAO",88316,"SERVENTE COM ENCARGOS COMPLEMENTARES","H","COLETADO","0,6658000",16.920000000000002,"11,26","","","","","","","","","","",null,"CAIXA REFERENCIAL"]
["ASSENTAMENTO DE TUBOS E PECAS","ASTU","FORNEC E/OU ASSENT DE TUBO DE FERRO FUNDIDO JUNTA",45,"","",97155,"ASSENTAMENTO DE TUBO DE FERRO FUNDIDO PARA REDE DE ÁGUA, DN 1000 MM, JUNTA ELÁSTICA, INSTALADO EM LOCAL COM NÍVEL ALTO DE INTERFERÊNCIAS (NÃO INCLUI FORNECIMENTO). AF_11/2017","M","COEFICIENTE DE REPRESENTATIVIDADE",54.54,"",null,"","","","",null,"","28,75","52,6945008","10,96","20,1029979","14,83","27,2025013","0,00","0,0000000","0,00","0,0000000",0,"CAIXA REFERENCIAL"]
["ASSENTAMENTO DE TUBOS E PECAS","ASTU","FORNEC E/OU ASSENT DE TUBO DE FERRO FUNDIDO JUNTA",45,"","",97155,"ASSENTAMENTO DE TUBO DE FERRO FUNDIDO PARA REDE DE ÁGUA, DN 1000 MM, JUNTA ELÁSTICA, INSTALADO EM LOCAL COM NÍVEL ALTO DE INTERFERÊNCIAS (NÃO INCLUI FORNECIMENTO). AF_11/2017","M","COEFICIENTE DE REPRESENTATIVIDADE",54.54,"COMPOSICAO",5631,"ESCAVADEIRA HIDRÁULICA SOBRE ESTEIRAS, CAÇAMBA 0,80 M3, PESO OPERACIONAL 17 T, POTENCIA BRUTA 111 HP - CHP DIURNO. AF_06/2014","CHP","COLETADO","0,0421000",191.27,"8,05","","","","","","","","","","",null,"CAIXA REFERENCIAL"]
["ASSENTAMENTO DE TUBOS E PECAS","ASTU","FORNEC E/OU ASSENT DE TUBO DE FERRO FUNDIDO JUNTA",45,"","",97155,"ASSENTAMENTO DE TUBO DE FERRO FUNDIDO PARA REDE DE ÁGUA, DN 1000 MM, JUNTA ELÁSTICA, INSTALADO EM LOCAL COM NÍVEL ALTO DE INTERFERÊNCIAS (NÃO INCLUI FORNECIMENTO). AF_11/2017","M","COEFICIENTE DE REPRESENTATIVIDADE",54.54,"COMPOSICAO",5632,"ESCAVADEIRA HIDRÁULICA SOBRE ESTEIRAS, CAÇAMBA 0,80 M3, PESO OPERACIONAL 17 T, POTENCIA BRUTA 111 HP - CHI DIURNO. AF_06/2014","CHI","COLETADO","0,2021000",77.11,"15,58","","","","","","","","","","",null,"CAIXA REFERENCIAL"]
["ASSENTAMENTO DE TUBOS E PECAS","ASTU","FORNEC E/OU ASSENT DE TUBO DE FERRO FUNDIDO JUNTA",45,"","",97155,"ASSENTAMENTO DE TUBO DE FERRO FUNDIDO PARA REDE DE ÁGUA, DN 1000 MM, JUNTA ELÁSTICA, INSTALADO EM LOCAL COM NÍVEL ALTO DE INTERFERÊNCIAS (NÃO INCLUI FORNECIMENTO). AF_11/2017","M","COEFICIENTE DE REPRESENTATIVIDADE",54.54,"INSUMO",20078,"PASTA LUBRIFICANTE PARA TUBOS E CONEXOES COM JUNTA ELASTICA, EMBALAGEM DE *400* GR (USO EM PVC, ACO, POLIETILENO E OUTROS)","UN","COEFICIENTE DE REPRESENTATIVIDADE","0,0403000",32.99,"1,32","","","","","","","","","","",null,"CAIXA REFERENCIAL"]
["ASSENTAMENTO DE TUBOS E PECAS","ASTU","FORNEC E/OU ASSENT DE TUBO DE FERRO FUNDIDO JUNTA",45,"","",97155,"ASSENTAMENTO DE TUBO DE FERRO FUNDIDO PARA REDE DE ÁGUA, DN 1000 MM, JUNTA ELÁSTICA, INSTALADO EM LOCAL COM NÍVEL ALTO DE INTERFERÊNCIAS (NÃO INCLUI FORNECIMENTO). AF_11/2017","M","COEFICIENTE DE REPRESENTATIVIDADE",54.54,"COMPOSICAO",88246,"ASSENTADOR DE TUBOS COM ENCARGOS COMPLEMENTARES","H","COEFICIENTE DE REPRESENTATIVIDADE","0,7359000",23.3,"17,14","","","","","","","","","","",null,"CAIXA REFERENCIAL"]
["ASSENTAMENTO DE TUBOS E PECAS","ASTU","FORNEC E/OU ASSENT DE TUBO DE FERRO FUNDIDO JUNTA",45,"","",97155,"ASSENTAMENTO DE TUBO DE FERRO FUNDIDO PARA REDE DE ÁGUA, DN 1000 MM, JUNTA ELÁSTICA, INSTALADO EM LOCAL COM NÍVEL ALTO DE INTERFERÊNCIAS (NÃO INCLUI FORNECIMENTO). AF_11/2017","M","COEFICIENTE DE REPRESENTATIVIDADE",54.54,"COMPOSICAO",88316,"SERVENTE COM ENCARGOS COMPLEMENTARES","H","COLETADO","0,7359000",16.920000000000002,"12,45","","","","","","","","","","",null,"CAIXA REFERENCIAL"]
["ASSENTAMENTO DE TUBOS E PECAS","ASTU","FORNEC E/OU ASSENT DE TUBO DE FERRO FUNDIDO JUNTA",45,"","",97156,"ASSENTAMENTO DE TUBO DE FERRO FUNDIDO PARA REDE DE ÁGUA, DN 1200 MM, JUNTA ELÁSTICA, INSTALADO EM LOCAL COM NÍVEL ALTO DE INTERFERÊNCIAS (NÃO INCLUI FORNECIMENTO). AF_11/2017","M","COEFICIENTE DE REPRESENTATIVIDADE",64.92,"",null,"","","","",null,"","34,09","52,4942086","13,54","20,8648648","17,29","26,6409266","0,00","0,0000000","0,00","0,0000000",0,"CAIXA REFERENCIAL"]
["ASSENTAMENTO DE TUBOS E PECAS","ASTU","FORNEC E/OU ASSENT DE TUBO DE FERRO FUNDIDO JUNTA",45,"","",97156,"ASSENTAMENTO DE TUBO DE FERRO FUNDIDO PARA REDE DE ÁGUA, DN 1200 MM, JUNTA ELÁSTICA, INSTALADO EM LOCAL COM NÍVEL ALTO DE INTERFERÊNCIAS (NÃO INCLUI FORNECIMENTO). AF_11/2017","M","COEFICIENTE DE REPRESENTATIVIDADE",64.92,"COMPOSICAO",5631,"ESCAVADEIRA HIDRÁULICA SOBRE ESTEIRAS, CAÇAMBA 0,80 M3, PESO OPERACIONAL 17 T, POTENCIA BRUTA 111 HP - CHP DIURNO. AF_06/2014","CHP","COLETADO","0,0491000",191.27,"9,39","","","","","","","","","","",null,"CAIXA REFERENCIAL"]
["ASSENTAMENTO DE TUBOS E PECAS","ASTU","FORNEC E/OU ASSENT DE TUBO DE FERRO FUNDIDO JUNTA",45,"","",97156,"ASSENTAMENTO DE TUBO DE FERRO FUNDIDO PARA REDE DE ÁGUA, DN 1200 MM, JUNTA ELÁSTICA, INSTALADO EM LOCAL COM NÍVEL ALTO DE INTERFERÊNCIAS (NÃO INCLUI FORNECIMENTO). AF_11/2017","M","COEFICIENTE DE REPRESENTATIVIDADE",64.92,"COMPOSICAO",5632,"ESCAVADEIRA HIDRÁULICA SOBRE ESTEIRAS, CAÇAMBA 0,80 M3, PESO OPERACIONAL 17 T, POTENCIA BRUTA 111 HP - CHI DIURNO. AF_06/2014","CHI","COLETADO","0,2357000",77.11,"18,17","","","","","","","","","","",null,"CAIXA REFERENCIAL"]
["ASSENTAMENTO DE TUBOS E PECAS","ASTU","FORNEC E/OU ASSENT DE TUBO DE FERRO FUNDIDO JUNTA",45,"","",97156,"ASSENTAMENTO DE TUBO DE FERRO FUNDIDO PARA REDE DE ÁGUA, DN 1200 MM, JUNTA ELÁSTICA, INSTALADO EM LOCAL COM NÍVEL ALTO DE INTERFERÊNCIAS (NÃO INCLUI FORNECIMENTO). AF_11/2017","M","COEFICIENTE DE REPRESENTATIVIDADE",64.92,"INSUMO",20078,"PASTA LUBRIFICANTE PARA TUBOS E CONEXOES COM JUNTA ELASTICA, EMBALAGEM DE *400* GR (USO EM PVC, ACO, POLIETILENO E OUTROS)","UN","COEFICIENTE DE REPRESENTATIVIDADE","0,0646000",32.99,"2,13","","","","","","","","","","",null,"CAIXA REFERENCIAL"]
["ASSENTAMENTO DE TUBOS E PECAS","ASTU","FORNEC E/OU ASSENT DE TUBO DE FERRO FUNDIDO JUNTA",45,"","",97156,"ASSENTAMENTO DE TUBO DE FERRO FUNDIDO PARA REDE DE ÁGUA, DN 1200 MM, JUNTA ELÁSTICA, INSTALADO EM LOCAL COM NÍVEL ALTO DE INTERFERÊNCIAS (NÃO INCLUI FORNECIMENTO). AF_11/2017","M","COEFICIENTE DE REPRESENTATIVIDADE",64.92,"COMPOSICAO",88246,"ASSENTADOR DE TUBOS COM ENCARGOS COMPLEMENTARES","H","COEFICIENTE DE REPRESENTATIVIDADE","0,8762000",23.3,"20,41","","","","","","","","","","",null,"CAIXA REFERENCIAL"]
["ASSENTAMENTO DE TUBOS E PECAS","ASTU","FORNEC E/OU ASSENT DE TUBO DE FERRO FUNDIDO JUNTA",45,"","",97156,"ASSENTAMENTO DE TUBO DE FERRO FUNDIDO PARA REDE DE ÁGUA, DN 1200 MM, JUNTA ELÁSTICA, INSTALADO EM LOCAL COM NÍVEL ALTO DE INTERFERÊNCIAS (NÃO INCLUI FORNECIMENTO). AF_11/2017","M","COEFICIENTE DE REPRESENTATIVIDADE",64.92,"COMPOSICAO",88316,"SERVENTE COM ENCARGOS COMPLEMENTARES","H","COLETADO","0,8762000",16.920000000000002,"14,82","","","","","","","","","","",null,"CAIXA REFERENCIAL"]
["ASSENTAMENTO DE TUBOS E PECAS","ASTU","FORNEC E/OU ASSENT DE TUBO DE FERRO FUNDIDO JUNTA",45,"","",97157,"ASSENTAMENTO DE TUBO DE FERRO FUNDIDO PARA REDE DE ÁGUA, DN 80 MM, JUNTA ELÁSTICA, INSTALADO EM LOCAL COM NÍVEL BAIXO DE INTERFERÊNCIAS (NÃO INCLUI FORNECIMENTO). AF_11/2017","M","COEFICIENTE DE REPRESENTATIVIDADE",4.5599999999999996,"",null,"","","","",null,"","2,41","52,7027028","1,14","25,0000000","1,01","22,2972972","0,00","0,0000000","0,00","0,0000000",0,"CAIXA REFERENCIAL"]
["ASSENTAMENTO DE TUBOS E PECAS","ASTU","FORNEC E/OU ASSENT DE TUBO DE FERRO FUNDIDO JUNTA",45,"","",97157,"ASSENTAMENTO DE TUBO DE FERRO FUNDIDO PARA REDE DE ÁGUA, DN 80 MM, JUNTA ELÁSTICA, INSTALADO EM LOCAL COM NÍVEL BAIXO DE INTERFERÊNCIAS (NÃO INCLUI FORNECIMENTO). AF_11/2017","M","COEFICIENTE DE REPRESENTATIVIDADE",4.5599999999999996,"COMPOSICAO",5678,"RETROESCAVADEIRA SOBRE RODAS COM CARREGADEIRA, TRAÇÃO 4X4, POTÊNCIA LÍQ. 88 HP, CAÇAMBA CARREG. CAP. MÍN. 1 M3, CAÇAMBA RETRO CAP. 0,26 M3, PESO OPERACIONAL MÍN. 6.674 KG, PROFUNDIDADE ESCAVAÇÃO MÁX. 4,37 M - CHP DIURNO. AF_06/2014","CHP","COEFICIENTE DE REPRESENTATIVIDADE","0,0099000",125.96,"1,24","","","","","","","","","","",null,"CAIXA REFERENCIAL"]
["ASSENTAMENTO DE TUBOS E PECAS","ASTU","FORNEC E/OU ASSENT DE TUBO DE FERRO FUNDIDO JUNTA",45,"","",97157,"ASSENTAMENTO DE TUBO DE FERRO FUNDIDO PARA REDE DE ÁGUA, DN 80 MM, JUNTA ELÁSTICA, INSTALADO EM LOCAL COM NÍVEL BAIXO DE INTERFERÊNCIAS (NÃO INCLUI FORNECIMENTO). AF_11/2017","M","COEFICIENTE DE REPRESENTATIVIDADE",4.5599999999999996,"COMPOSICAO",5679,"RETROESCAVADEIRA SOBRE RODAS COM CARREGADEIRA, TRAÇÃO 4X4, POTÊNCIA LÍQ. 88 HP, CAÇAMBA CARREG. CAP. MÍN. 1 M3, CAÇAMBA RETRO CAP. 0,26 M3, PESO OPERACIONAL MÍN. 6.674 KG, PROFUNDIDADE ESCAVAÇÃO MÁX. 4,37 M - CHI DIURNO. AF_06/2014","CHI","COEFICIENTE DE REPRESENTATIVIDADE","0,0190000",51.77,"0,98","","","","","","","","","","",null,"CAIXA REFERENCIAL"]
["ASSENTAMENTO DE TUBOS E PECAS","ASTU","FORNEC E/OU ASSENT DE TUBO DE FERRO FUNDIDO JUNTA",45,"","",97157,"ASSENTAMENTO DE TUBO DE FERRO FUNDIDO PARA REDE DE ÁGUA, DN 80 MM, JUNTA ELÁSTICA, INSTALADO EM LOCAL COM NÍVEL BAIXO DE INTERFERÊNCIAS (NÃO INCLUI FORNECIMENTO). AF_11/2017","M","COEFICIENTE DE REPRESENTATIVIDADE",4.5599999999999996,"INSUMO",20078,"PASTA LUBRIFICANTE PARA TUBOS E CONEXOES COM JUNTA ELASTICA, EMBALAGEM DE *400* GR (USO EM PVC, ACO, POLIETILENO E OUTROS)","UN","COEFICIENTE DE REPRESENTATIVIDADE","0,0046000",32.99,"0,15","","","","","","","","","","",null,"CAIXA REFERENCIAL"]
["ASSENTAMENTO DE TUBOS E PECAS","ASTU","FORNEC E/OU ASSENT DE TUBO DE FERRO FUNDIDO JUNTA",45,"","",97157,"ASSENTAMENTO DE TUBO DE FERRO FUNDIDO PARA REDE DE ÁGUA, DN 80 MM, JUNTA ELÁSTICA, INSTALADO EM LOCAL COM NÍVEL BAIXO DE INTERFERÊNCIAS (NÃO INCLUI FORNECIMENTO). AF_11/2017","M","COEFICIENTE DE REPRESENTATIVIDADE",4.5599999999999996,"COMPOSICAO",88246,"ASSENTADOR DE TUBOS COM ENCARGOS COMPLEMENTARES","H","COEFICIENTE DE REPRESENTATIVIDADE","0,0548000",23.3,"1,27","","","","","","","","","","",null,"CAIXA REFERENCIAL"]
["ASSENTAMENTO DE TUBOS E PECAS","ASTU","FORNEC E/OU ASSENT DE TUBO DE FERRO FUNDIDO JUNTA",45,"","",97157,"ASSENTAMENTO DE TUBO DE FERRO FUNDIDO PARA REDE DE ÁGUA, DN 80 MM, JUNTA ELÁSTICA, INSTALADO EM LOCAL COM NÍVEL BAIXO DE INTERFERÊNCIAS (NÃO INCLUI FORNECIMENTO). AF_11/2017","M","COEFICIENTE DE REPRESENTATIVIDADE",4.5599999999999996,"COMPOSICAO",88316,"SERVENTE COM ENCARGOS COMPLEMENTARES","H","COLETADO","0,0548000",16.920000000000002,"0,92","","","","","","","","","","",null,"CAIXA REFERENCIAL"]
["ASSENTAMENTO DE TUBOS E PECAS","ASTU","FORNEC E/OU ASSENT DE TUBO DE FERRO FUNDIDO JUNTA",45,"","",97158,"ASSENTAMENTO DE TUBO DE FERRO FUNDIDO PARA REDE DE ÁGUA, DN 100 MM, JUNTA ELÁSTICA, INSTALADO EM LOCAL COM NÍVEL BAIXO DE INTERFERÊNCIAS (NÃO INCLUI FORNECIMENTO). AF_11/2017","M","COEFICIENTE DE REPRESENTATIVIDADE",5.09,"",null,"","","","",null,"","2,74","53,6290324","1,26","24,7983870","1,09","21,5725806","0,00","0,0000000","0,00","0,0000000",0,"CAIXA REFERENCIAL"]
["ASSENTAMENTO DE TUBOS E PECAS","ASTU","FORNEC E/OU ASSENT DE TUBO DE FERRO FUNDIDO JUNTA",45,"","",97158,"ASSENTAMENTO DE TUBO DE FERRO FUNDIDO PARA REDE DE ÁGUA, DN 100 MM, JUNTA ELÁSTICA, INSTALADO EM LOCAL COM NÍVEL BAIXO DE INTERFERÊNCIAS (NÃO INCLUI FORNECIMENTO). AF_11/2017","M","COEFICIENTE DE REPRESENTATIVIDADE",5.09,"COMPOSICAO",5678,"RETROESCAVADEIRA SOBRE RODAS COM CARREGADEIRA, TRAÇÃO 4X4, POTÊNCIA LÍQ. 88 HP, CAÇAMBA CARREG. CAP. MÍN. 1 M3, CAÇAMBA RETRO CAP. 0,26 M3, PESO OPERACIONAL MÍN. 6.674 KG, PROFUNDIDADE ESCAVAÇÃO MÁX. 4,37 M - CHP DIURNO. AF_06/2014","CHP","COEFICIENTE DE REPRESENTATIVIDADE","0,0106000",125.96,"1,33","","","","","","","","","","",null,"CAIXA REFERENCIAL"]
["ASSENTAMENTO DE TUBOS E PECAS","ASTU","FORNEC E/OU ASSENT DE TUBO DE FERRO FUNDIDO JUNTA",45,"","",97158,"ASSENTAMENTO DE TUBO DE FERRO FUNDIDO PARA REDE DE ÁGUA, DN 100 MM, JUNTA ELÁSTICA, INSTALADO EM LOCAL COM NÍVEL BAIXO DE INTERFERÊNCIAS (NÃO INCLUI FORNECIMENTO). AF_11/2017","M","COEFICIENTE DE REPRESENTATIVIDADE",5.09,"COMPOSICAO",5679,"RETROESCAVADEIRA SOBRE RODAS COM CARREGADEIRA, TRAÇÃO 4X4, POTÊNCIA LÍQ. 88 HP, CAÇAMBA CARREG. CAP. MÍN. 1 M3, CAÇAMBA RETRO CAP. 0,26 M3, PESO OPERACIONAL MÍN. 6.674 KG, PROFUNDIDADE ESCAVAÇÃO MÁX. 4,37 M - CHI DIURNO. AF_06/2014","CHI","COEFICIENTE DE REPRESENTATIVIDADE","0,0204000",51.77,"1,05","","","","","","","","","","",null,"CAIXA REFERENCIAL"]
["ASSENTAMENTO DE TUBOS E PECAS","ASTU","FORNEC E/OU ASSENT DE TUBO DE FERRO FUNDIDO JUNTA",45,"","",97158,"ASSENTAMENTO DE TUBO DE FERRO FUNDIDO PARA REDE DE ÁGUA, DN 100 MM, JUNTA ELÁSTICA, INSTALADO EM LOCAL COM NÍVEL BAIXO DE INTERFERÊNCIAS (NÃO INCLUI FORNECIMENTO). AF_11/2017","M","COEFICIENTE DE REPRESENTATIVIDADE",5.09,"INSUMO",20078,"PASTA LUBRIFICANTE PARA TUBOS E CONEXOES COM JUNTA ELASTICA, EMBALAGEM DE *400* GR (USO EM PVC, ACO, POLIETILENO E OUTROS)","UN","COEFICIENTE DE REPRESENTATIVIDADE","0,0054000",32.99,"0,17","","","","","","","","","","",null,"CAIXA REFERENCIAL"]
["ASSENTAMENTO DE TUBOS E PECAS","ASTU","FORNEC E/OU ASSENT DE TUBO DE FERRO FUNDIDO JUNTA",45,"","",97158,"ASSENTAMENTO DE TUBO DE FERRO FUNDIDO PARA REDE DE ÁGUA, DN 100 MM, JUNTA ELÁSTICA, INSTALADO EM LOCAL COM NÍVEL BAIXO DE INTERFERÊNCIAS (NÃO INCLUI FORNECIMENTO). AF_11/2017","M","COEFICIENTE DE REPRESENTATIVIDADE",5.09,"COMPOSICAO",88246,"ASSENTADOR DE TUBOS COM ENCARGOS COMPLEMENTARES","H","COEFICIENTE DE REPRESENTATIVIDADE","0,0633000",23.3,"1,47","","","","","","","","","","",null,"CAIXA REFERENCIAL"]
["ASSENTAMENTO DE TUBOS E PECAS","ASTU","FORNEC E/OU ASSENT DE TUBO DE FERRO FUNDIDO JUNTA",45,"","",97158,"ASSENTAMENTO DE TUBO DE FERRO FUNDIDO PARA REDE DE ÁGUA, DN 100 MM, JUNTA ELÁSTICA, INSTALADO EM LOCAL COM NÍVEL BAIXO DE INTERFERÊNCIAS (NÃO INCLUI FORNECIMENTO). AF_11/2017","M","COEFICIENTE DE REPRESENTATIVIDADE",5.09,"COMPOSICAO",88316,"SERVENTE COM ENCARGOS COMPLEMENTARES","H","COLETADO","0,0633000",16.920000000000002,"1,07","","","","","","","","","","",null,"CAIXA REFERENCIAL"]
["ASSENTAMENTO DE TUBOS E PECAS","ASTU","FORNEC E/OU ASSENT DE TUBO DE FERRO FUNDIDO JUNTA",45,"","",97159,"ASSENTAMENTO DE TUBO DE FERRO FUNDIDO PARA REDE DE ÁGUA, DN 150 MM, JUNTA ELÁSTICA, INSTALADO EM LOCAL COM NÍVEL BAIXO DE INTERFERÊNCIAS (NÃO INCLUI FORNECIMENTO). AF_11/2017","M","COEFICIENTE DE REPRESENTATIVIDADE",6.39,"",null,"","","","",null,"","3,52","55,0561798","1,60","25,0401284","1,27","19,9036918","0,00","0,0000000","0,00","0,0000000",0,"CAIXA REFERENCIAL"]
["ASSENTAMENTO DE TUBOS E PECAS","ASTU","FORNEC E/OU ASSENT DE TUBO DE FERRO FUNDIDO JUNTA",45,"","",97159,"ASSENTAMENTO DE TUBO DE FERRO FUNDIDO PARA REDE DE ÁGUA, DN 150 MM, JUNTA ELÁSTICA, INSTALADO EM LOCAL COM NÍVEL BAIXO DE INTERFERÊNCIAS (NÃO INCLUI FORNECIMENTO). AF_11/2017","M","COEFICIENTE DE REPRESENTATIVIDADE",6.39,"COMPOSICAO",5678,"RETROESCAVADEIRA SOBRE RODAS COM CARREGADEIRA, TRAÇÃO 4X4, POTÊNCIA LÍQ. 88 HP, CAÇAMBA CARREG. CAP. MÍN. 1 M3, CAÇAMBA RETRO CAP. 0,26 M3, PESO OPERACIONAL MÍN. 6.674 KG, PROFUNDIDADE ESCAVAÇÃO MÁX. 4,37 M - CHP DIURNO. AF_06/2014","CHP","COEFICIENTE DE REPRESENTATIVIDADE","0,0124000",125.96,"1,56","","","","","","","","","","",null,"CAIXA REFERENCIAL"]
["ASSENTAMENTO DE TUBOS E PECAS","ASTU","FORNEC E/OU ASSENT DE TUBO DE FERRO FUNDIDO JUNTA",45,"","",97159,"ASSENTAMENTO DE TUBO DE FERRO FUNDIDO PARA REDE DE ÁGUA, DN 150 MM, JUNTA ELÁSTICA, INSTALADO EM LOCAL COM NÍVEL BAIXO DE INTERFERÊNCIAS (NÃO INCLUI FORNECIMENTO). AF_11/2017","M","COEFICIENTE DE REPRESENTATIVIDADE",6.39,"COMPOSICAO",5679,"RETROESCAVADEIRA SOBRE RODAS COM CARREGADEIRA, TRAÇÃO 4X4, POTÊNCIA LÍQ. 88 HP, CAÇAMBA CARREG. CAP. MÍN. 1 M3, CAÇAMBA RETRO CAP. 0,26 M3, PESO OPERACIONAL MÍN. 6.674 KG, PROFUNDIDADE ESCAVAÇÃO MÁX. 4,37 M - CHI DIURNO. AF_06/2014","CHI","COEFICIENTE DE REPRESENTATIVIDADE","0,0237000",51.77,"1,22","","","","","","","","","","",null,"CAIXA REFERENCIAL"]
["ASSENTAMENTO DE TUBOS E PECAS","ASTU","FORNEC E/OU ASSENT DE TUBO DE FERRO FUNDIDO JUNTA",45,"","",97159,"ASSENTAMENTO DE TUBO DE FERRO FUNDIDO PARA REDE DE ÁGUA, DN 150 MM, JUNTA ELÁSTICA, INSTALADO EM LOCAL COM NÍVEL BAIXO DE INTERFERÊNCIAS (NÃO INCLUI FORNECIMENTO). AF_11/2017","M","COEFICIENTE DE REPRESENTATIVIDADE",6.39,"INSUMO",20078,"PASTA LUBRIFICANTE PARA TUBOS E CONEXOES COM JUNTA ELASTICA, EMBALAGEM DE *400* GR (USO EM PVC, ACO, POLIETILENO E OUTROS)","UN","COEFICIENTE DE REPRESENTATIVIDADE","0,0071000",32.99,"0,23","","","","","","","","","","",null,"CAIXA REFERENCIAL"]
["ASSENTAMENTO DE TUBOS E PECAS","ASTU","FORNEC E/OU ASSENT DE TUBO DE FERRO FUNDIDO JUNTA",45,"","",97159,"ASSENTAMENTO DE TUBO DE FERRO FUNDIDO PARA REDE DE ÁGUA, DN 150 MM, JUNTA ELÁSTICA, INSTALADO EM LOCAL COM NÍVEL BAIXO DE INTERFERÊNCIAS (NÃO INCLUI FORNECIMENTO). AF_11/2017","M","COEFICIENTE DE REPRESENTATIVIDADE",6.39,"COMPOSICAO",88246,"ASSENTADOR DE TUBOS COM ENCARGOS COMPLEMENTARES","H","COEFICIENTE DE REPRESENTATIVIDADE","0,0845000",23.3,"1,96","","","","","","","","","","",null,"CAIXA REFERENCIAL"]
["ASSENTAMENTO DE TUBOS E PECAS","ASTU","FORNEC E/OU ASSENT DE TUBO DE FERRO FUNDIDO JUNTA",45,"","",97159,"ASSENTAMENTO DE TUBO DE FERRO FUNDIDO PARA REDE DE ÁGUA, DN 150 MM, JUNTA ELÁSTICA, INSTALADO EM LOCAL COM NÍVEL BAIXO DE INTERFERÊNCIAS (NÃO INCLUI FORNECIMENTO). AF_11/2017","M","COEFICIENTE DE REPRESENTATIVIDADE",6.39,"COMPOSICAO",88316,"SERVENTE COM ENCARGOS COMPLEMENTARES","H","COLETADO","0,0845000",16.920000000000002,"1,42","","","","","","","","","","",null,"CAIXA REFERENCIAL"]
["ASSENTAMENTO DE TUBOS E PECAS","ASTU","FORNEC E/OU ASSENT DE TUBO DE FERRO FUNDIDO JUNTA",45,"","",97160,"ASSENTAMENTO DE TUBO DE FERRO FUNDIDO PARA REDE DE ÁGUA, DN 200 MM, JUNTA ELÁSTICA, INSTALADO EM LOCAL COM NÍVEL BAIXO DE INTERFERÊNCIAS (NÃO INCLUI FORNECIMENTO). AF_11/2017","M","COEFICIENTE DE REPRESENTATIVIDADE",7.68,"",null,"","","","",null,"","4,31","56,0264901","1,93","25,1655629","1,44","18,8079470","0,00","0,0000000","0,00","0,0000000",0,"CAIXA REFERENCIAL"]
["ASSENTAMENTO DE TUBOS E PECAS","ASTU","FORNEC E/OU ASSENT DE TUBO DE FERRO FUNDIDO JUNTA",45,"","",97160,"ASSENTAMENTO DE TUBO DE FERRO FUNDIDO PARA REDE DE ÁGUA, DN 200 MM, JUNTA ELÁSTICA, INSTALADO EM LOCAL COM NÍVEL BAIXO DE INTERFERÊNCIAS (NÃO INCLUI FORNECIMENTO). AF_11/2017","M","COEFICIENTE DE REPRESENTATIVIDADE",7.68,"COMPOSICAO",5678,"RETROESCAVADEIRA SOBRE RODAS COM CARREGADEIRA, TRAÇÃO 4X4, POTÊNCIA LÍQ. 88 HP, CAÇAMBA CARREG. CAP. MÍN. 1 M3, CAÇAMBA RETRO CAP. 0,26 M3, PESO OPERACIONAL MÍN. 6.674 KG, PROFUNDIDADE ESCAVAÇÃO MÁX. 4,37 M - CHP DIURNO. AF_06/2014","CHP","COEFICIENTE DE REPRESENTATIVIDADE","0,0141000",125.96,"1,77","","","","","","","","","","",null,"CAIXA REFERENCIAL"]
["ASSENTAMENTO DE TUBOS E PECAS","ASTU","FORNEC E/OU ASSENT DE TUBO DE FERRO FUNDIDO JUNTA",45,"","",97160,"ASSENTAMENTO DE TUBO DE FERRO FUNDIDO PARA REDE DE ÁGUA, DN 200 MM, JUNTA ELÁSTICA, INSTALADO EM LOCAL COM NÍVEL BAIXO DE INTERFERÊNCIAS (NÃO INCLUI FORNECIMENTO). AF_11/2017","M","COEFICIENTE DE REPRESENTATIVIDADE",7.68,"COMPOSICAO",5679,"RETROESCAVADEIRA SOBRE RODAS COM CARREGADEIRA, TRAÇÃO 4X4, POTÊNCIA LÍQ. 88 HP, CAÇAMBA CARREG. CAP. MÍN. 1 M3, CAÇAMBA RETRO CAP. 0,26 M3, PESO OPERACIONAL MÍN. 6.674 KG, PROFUNDIDADE ESCAVAÇÃO MÁX. 4,37 M - CHI DIURNO. AF_06/2014","CHI","COEFICIENTE DE REPRESENTATIVIDADE","0,0270000",51.77,"1,39","","","","","","","","","","",null,"CAIXA REFERENCIAL"]
["ASSENTAMENTO DE TUBOS E PECAS","ASTU","FORNEC E/OU ASSENT DE TUBO DE FERRO FUNDIDO JUNTA",45,"","",97160,"ASSENTAMENTO DE TUBO DE FERRO FUNDIDO PARA REDE DE ÁGUA, DN 200 MM, JUNTA ELÁSTICA, INSTALADO EM LOCAL COM NÍVEL BAIXO DE INTERFERÊNCIAS (NÃO INCLUI FORNECIMENTO). AF_11/2017","M","COEFICIENTE DE REPRESENTATIVIDADE",7.68,"INSUMO",20078,"PASTA LUBRIFICANTE PARA TUBOS E CONEXOES COM JUNTA ELASTICA, EMBALAGEM DE *400* GR (USO EM PVC, ACO, POLIETILENO E OUTROS)","UN","COEFICIENTE DE REPRESENTATIVIDADE","0,0087000",32.99,"0,28","","","","","","","","","","",null,"CAIXA REFERENCIAL"]
["ASSENTAMENTO DE TUBOS E PECAS","ASTU","FORNEC E/OU ASSENT DE TUBO DE FERRO FUNDIDO JUNTA",45,"","",97160,"ASSENTAMENTO DE TUBO DE FERRO FUNDIDO PARA REDE DE ÁGUA, DN 200 MM, JUNTA ELÁSTICA, INSTALADO EM LOCAL COM NÍVEL BAIXO DE INTERFERÊNCIAS (NÃO INCLUI FORNECIMENTO). AF_11/2017","M","COEFICIENTE DE REPRESENTATIVIDADE",7.68,"COMPOSICAO",88246,"ASSENTADOR DE TUBOS COM ENCARGOS COMPLEMENTARES","H","COEFICIENTE DE REPRESENTATIVIDADE","0,1057000",23.3,"2,46","","","","","","","","","","",null,"CAIXA REFERENCIAL"]
["ASSENTAMENTO DE TUBOS E PECAS","ASTU","FORNEC E/OU ASSENT DE TUBO DE FERRO FUNDIDO JUNTA",45,"","",97160,"ASSENTAMENTO DE TUBO DE FERRO FUNDIDO PARA REDE DE ÁGUA, DN 200 MM, JUNTA ELÁSTICA, INSTALADO EM LOCAL COM NÍVEL BAIXO DE INTERFERÊNCIAS (NÃO INCLUI FORNECIMENTO). AF_11/2017","M","COEFICIENTE DE REPRESENTATIVIDADE",7.68,"COMPOSICAO",88316,"SERVENTE COM ENCARGOS COMPLEMENTARES","H","COLETADO","0,1057000",16.920000000000002,"1,78","","","","","","","","","","",null,"CAIXA REFERENCIAL"]
["ASSENTAMENTO DE TUBOS E PECAS","ASTU","FORNEC E/OU ASSENT DE TUBO DE FERRO FUNDIDO JUNTA",45,"","",97161,"ASSENTAMENTO DE TUBO DE FERRO FUNDIDO PARA REDE DE ÁGUA, DN 250 MM, JUNTA ELÁSTICA, INSTALADO EM LOCAL COM NÍVEL BAIXO DE INTERFERÊNCIAS (NÃO INCLUI FORNECIMENTO). AF_11/2017","M","COEFICIENTE DE REPRESENTATIVIDADE",9.0299999999999994,"",null,"","","","",null,"","5,10","56,3554557","2,31","25,6467941","1,62","17,9977502","0,00","0,0000000","0,00","0,0000000",0,"CAIXA REFERENCIAL"]
["ASSENTAMENTO DE TUBOS E PECAS","ASTU","FORNEC E/OU ASSENT DE TUBO DE FERRO FUNDIDO JUNTA",45,"","",97161,"ASSENTAMENTO DE TUBO DE FERRO FUNDIDO PARA REDE DE ÁGUA, DN 250 MM, JUNTA ELÁSTICA, INSTALADO EM LOCAL COM NÍVEL BAIXO DE INTERFERÊNCIAS (NÃO INCLUI FORNECIMENTO). AF_11/2017","M","COEFICIENTE DE REPRESENTATIVIDADE",9.0299999999999994,"COMPOSICAO",5678,"RETROESCAVADEIRA SOBRE RODAS COM CARREGADEIRA, TRAÇÃO 4X4, POTÊNCIA LÍQ. 88 HP, CAÇAMBA CARREG. CAP. MÍN. 1 M3, CAÇAMBA RETRO CAP. 0,26 M3, PESO OPERACIONAL MÍN. 6.674 KG, PROFUNDIDADE ESCAVAÇÃO MÁX. 4,37 M - CHP DIURNO. AF_06/2014","CHP","COEFICIENTE DE REPRESENTATIVIDADE","0,0159000",125.96,"2,00","","","","","","","","","","",null,"CAIXA REFERENCIAL"]
["ASSENTAMENTO DE TUBOS E PECAS","ASTU","FORNEC E/OU ASSENT DE TUBO DE FERRO FUNDIDO JUNTA",45,"","",97161,"ASSENTAMENTO DE TUBO DE FERRO FUNDIDO PARA REDE DE ÁGUA, DN 250 MM, JUNTA ELÁSTICA, INSTALADO EM LOCAL COM NÍVEL BAIXO DE INTERFERÊNCIAS (NÃO INCLUI FORNECIMENTO). AF_11/2017","M","COEFICIENTE DE REPRESENTATIVIDADE",9.0299999999999994,"COMPOSICAO",5679,"RETROESCAVADEIRA SOBRE RODAS COM CARREGADEIRA, TRAÇÃO 4X4, POTÊNCIA LÍQ. 88 HP, CAÇAMBA CARREG. CAP. MÍN. 1 M3, CAÇAMBA RETRO CAP. 0,26 M3, PESO OPERACIONAL MÍN. 6.674 KG, PROFUNDIDADE ESCAVAÇÃO MÁX. 4,37 M - CHI DIURNO. AF_06/2014","CHI","COEFICIENTE DE REPRESENTATIVIDADE","0,0304000",51.77,"1,57","","","","","","","","","","",null,"CAIXA REFERENCIAL"]
["ASSENTAMENTO DE TUBOS E PECAS","ASTU","FORNEC E/OU ASSENT DE TUBO DE FERRO FUNDIDO JUNTA",45,"","",97161,"ASSENTAMENTO DE TUBO DE FERRO FUNDIDO PARA REDE DE ÁGUA, DN 250 MM, JUNTA ELÁSTICA, INSTALADO EM LOCAL COM NÍVEL BAIXO DE INTERFERÊNCIAS (NÃO INCLUI FORNECIMENTO). AF_11/2017","M","COEFICIENTE DE REPRESENTATIVIDADE",9.0299999999999994,"INSUMO",20078,"PASTA LUBRIFICANTE PARA TUBOS E CONEXOES COM JUNTA ELASTICA, EMBALAGEM DE *400* GR (USO EM PVC, ACO, POLIETILENO E OUTROS)","UN","COEFICIENTE DE REPRESENTATIVIDADE","0,0113000",32.99,"0,37","","","","","","","","","","",null,"CAIXA REFERENCIAL"]
["ASSENTAMENTO DE TUBOS E PECAS","ASTU","FORNEC E/OU ASSENT DE TUBO DE FERRO FUNDIDO JUNTA",45,"","",97161,"ASSENTAMENTO DE TUBO DE FERRO FUNDIDO PARA REDE DE ÁGUA, DN 250 MM, JUNTA ELÁSTICA, INSTALADO EM LOCAL COM NÍVEL BAIXO DE INTERFERÊNCIAS (NÃO INCLUI FORNECIMENTO). AF_11/2017","M","COEFICIENTE DE REPRESENTATIVIDADE",9.0299999999999994,"COMPOSICAO",88246,"ASSENTADOR DE TUBOS COM ENCARGOS COMPLEMENTARES","H","COEFICIENTE DE REPRESENTATIVIDADE","0,1270000",23.3,"2,95","","","","","","","","","","",null,"CAIXA REFERENCIAL"]
["ASSENTAMENTO DE TUBOS E PECAS","ASTU","FORNEC E/OU ASSENT DE TUBO DE FERRO FUNDIDO JUNTA",45,"","",97161,"ASSENTAMENTO DE TUBO DE FERRO FUNDIDO PARA REDE DE ÁGUA, DN 250 MM, JUNTA ELÁSTICA, INSTALADO EM LOCAL COM NÍVEL BAIXO DE INTERFERÊNCIAS (NÃO INCLUI FORNECIMENTO). AF_11/2017","M","COEFICIENTE DE REPRESENTATIVIDADE",9.0299999999999994,"COMPOSICAO",88316,"SERVENTE COM ENCARGOS COMPLEMENTARES","H","COLETADO","0,1270000",16.920000000000002,"2,14","","","","","","","","","","",null,"CAIXA REFERENCIAL"]
["ASSENTAMENTO DE TUBOS E PECAS","ASTU","FORNEC E/OU ASSENT DE TUBO DE FERRO FUNDIDO JUNTA",45,"","",97162,"ASSENTAMENTO DE TUBO DE FERRO FUNDIDO PARA REDE DE ÁGUA, DN 300 MM, JUNTA ELÁSTICA, INSTALADO EM LOCAL COM NÍVEL BAIXO DE INTERFERÊNCIAS (NÃO INCLUI FORNECIMENTO). AF_11/2017","M","COEFICIENTE DE REPRESENTATIVIDADE",10.35,"",null,"","","","",null,"","5,88","56,7354966","2,65","25,6637168","1,82","17,6007866","0,00","0,0000000","0,00","0,0000000",0,"CAIXA REFERENCIAL"]
["ASSENTAMENTO DE TUBOS E PECAS","ASTU","FORNEC E/OU ASSENT DE TUBO DE FERRO FUNDIDO JUNTA",45,"","",97162,"ASSENTAMENTO DE TUBO DE FERRO FUNDIDO PARA REDE DE ÁGUA, DN 300 MM, JUNTA ELÁSTICA, INSTALADO EM LOCAL COM NÍVEL BAIXO DE INTERFERÊNCIAS (NÃO INCLUI FORNECIMENTO). AF_11/2017","M","COEFICIENTE DE REPRESENTATIVIDADE",10.35,"COMPOSICAO",5678,"RETROESCAVADEIRA SOBRE RODAS COM CARREGADEIRA, TRAÇÃO 4X4, POTÊNCIA LÍQ. 88 HP, CAÇAMBA CARREG. CAP. MÍN. 1 M3, CAÇAMBA RETRO CAP. 0,26 M3, PESO OPERACIONAL MÍN. 6.674 KG, PROFUNDIDADE ESCAVAÇÃO MÁX. 4,37 M - CHP DIURNO. AF_06/2014","CHP","COEFICIENTE DE REPRESENTATIVIDADE","0,0176000",125.96,"2,21","","","","","","","","","","",null,"CAIXA REFERENCIAL"]
["ASSENTAMENTO DE TUBOS E PECAS","ASTU","FORNEC E/OU ASSENT DE TUBO DE FERRO FUNDIDO JUNTA",45,"","",97162,"ASSENTAMENTO DE TUBO DE FERRO FUNDIDO PARA REDE DE ÁGUA, DN 300 MM, JUNTA ELÁSTICA, INSTALADO EM LOCAL COM NÍVEL BAIXO DE INTERFERÊNCIAS (NÃO INCLUI FORNECIMENTO). AF_11/2017","M","COEFICIENTE DE REPRESENTATIVIDADE",10.35,"COMPOSICAO",5679,"RETROESCAVADEIRA SOBRE RODAS COM CARREGADEIRA, TRAÇÃO 4X4, POTÊNCIA LÍQ. 88 HP, CAÇAMBA CARREG. CAP. MÍN. 1 M3, CAÇAMBA RETRO CAP. 0,26 M3, PESO OPERACIONAL MÍN. 6.674 KG, PROFUNDIDADE ESCAVAÇÃO MÁX. 4,37 M - CHI DIURNO. AF_06/2014","CHI","COEFICIENTE DE REPRESENTATIVIDADE","0,0337000",51.77,"1,74","","","","","","","","","","",null,"CAIXA REFERENCIAL"]
["ASSENTAMENTO DE TUBOS E PECAS","ASTU","FORNEC E/OU ASSENT DE TUBO DE FERRO FUNDIDO JUNTA",45,"","",97162,"ASSENTAMENTO DE TUBO DE FERRO FUNDIDO PARA REDE DE ÁGUA, DN 300 MM, JUNTA ELÁSTICA, INSTALADO EM LOCAL COM NÍVEL BAIXO DE INTERFERÊNCIAS (NÃO INCLUI FORNECIMENTO). AF_11/2017","M","COEFICIENTE DE REPRESENTATIVIDADE",10.35,"INSUMO",20078,"PASTA LUBRIFICANTE PARA TUBOS E CONEXOES COM JUNTA ELASTICA, EMBALAGEM DE *400* GR (USO EM PVC, ACO, POLIETILENO E OUTROS)","UN","COEFICIENTE DE REPRESENTATIVIDADE","0,0138000",32.99,"0,45","","","","","","","","","","",null,"CAIXA REFERENCIAL"]
["ASSENTAMENTO DE TUBOS E PECAS","ASTU","FORNEC E/OU ASSENT DE TUBO DE FERRO FUNDIDO JUNTA",45,"","",97162,"ASSENTAMENTO DE TUBO DE FERRO FUNDIDO PARA REDE DE ÁGUA, DN 300 MM, JUNTA ELÁSTICA, INSTALADO EM LOCAL COM NÍVEL BAIXO DE INTERFERÊNCIAS (NÃO INCLUI FORNECIMENTO). AF_11/2017","M","COEFICIENTE DE REPRESENTATIVIDADE",10.35,"COMPOSICAO",88246,"ASSENTADOR DE TUBOS COM ENCARGOS COMPLEMENTARES","H","COEFICIENTE DE REPRESENTATIVIDADE","0,1482000",23.3,"3,45","","","","","","","","","","",null,"CAIXA REFERENCIAL"]
["ASSENTAMENTO DE TUBOS E PECAS","ASTU","FORNEC E/OU ASSENT DE TUBO DE FERRO FUNDIDO JUNTA",45,"","",97162,"ASSENTAMENTO DE TUBO DE FERRO FUNDIDO PARA REDE DE ÁGUA, DN 300 MM, JUNTA ELÁSTICA, INSTALADO EM LOCAL COM NÍVEL BAIXO DE INTERFERÊNCIAS (NÃO INCLUI FORNECIMENTO). AF_11/2017","M","COEFICIENTE DE REPRESENTATIVIDADE",10.35,"COMPOSICAO",88316,"SERVENTE COM ENCARGOS COMPLEMENTARES","H","COLETADO","0,1482000",16.920000000000002,"2,50","","","","","","","","","","",null,"CAIXA REFERENCIAL"]
["ASSENTAMENTO DE TUBOS E PECAS","ASTU","FORNEC E/OU ASSENT DE TUBO DE FERRO FUNDIDO JUNTA",45,"","",97163,"ASSENTAMENTO DE TUBO DE FERRO FUNDIDO PARA REDE DE ÁGUA, DN 350 MM, JUNTA ELÁSTICA, INSTALADO EM LOCAL COM NÍVEL BAIXO DE INTERFERÊNCIAS (NÃO INCLUI FORNECIMENTO). AF_11/2017","M","COEFICIENTE DE REPRESENTATIVIDADE",11.69,"",null,"","","","",null,"","6,66","56,8457540","3,05","26,1698440","1,98","16,9844020","0,00","0,0000000","0,00","0,0000000",0,"CAIXA REFERENCIAL"]
["ASSENTAMENTO DE TUBOS E PECAS","ASTU","FORNEC E/OU ASSENT DE TUBO DE FERRO FUNDIDO JUNTA",45,"","",97163,"ASSENTAMENTO DE TUBO DE FERRO FUNDIDO PARA REDE DE ÁGUA, DN 350 MM, JUNTA ELÁSTICA, INSTALADO EM LOCAL COM NÍVEL BAIXO DE INTERFERÊNCIAS (NÃO INCLUI FORNECIMENTO). AF_11/2017","M","COEFICIENTE DE REPRESENTATIVIDADE",11.69,"COMPOSICAO",5678,"RETROESCAVADEIRA SOBRE RODAS COM CARREGADEIRA, TRAÇÃO 4X4, POTÊNCIA LÍQ. 88 HP, CAÇAMBA CARREG. CAP. MÍN. 1 M3, CAÇAMBA RETRO CAP. 0,26 M3, PESO OPERACIONAL MÍN. 6.674 KG, PROFUNDIDADE ESCAVAÇÃO MÁX. 4,37 M - CHP DIURNO. AF_06/2014","CHP","COEFICIENTE DE REPRESENTATIVIDADE","0,0194000",125.96,"2,44","","","","","","","","","","",null,"CAIXA REFERENCIAL"]
["ASSENTAMENTO DE TUBOS E PECAS","ASTU","FORNEC E/OU ASSENT DE TUBO DE FERRO FUNDIDO JUNTA",45,"","",97163,"ASSENTAMENTO DE TUBO DE FERRO FUNDIDO PARA REDE DE ÁGUA, DN 350 MM, JUNTA ELÁSTICA, INSTALADO EM LOCAL COM NÍVEL BAIXO DE INTERFERÊNCIAS (NÃO INCLUI FORNECIMENTO). AF_11/2017","M","COEFICIENTE DE REPRESENTATIVIDADE",11.69,"COMPOSICAO",5679,"RETROESCAVADEIRA SOBRE RODAS COM CARREGADEIRA, TRAÇÃO 4X4, POTÊNCIA LÍQ. 88 HP, CAÇAMBA CARREG. CAP. MÍN. 1 M3, CAÇAMBA RETRO CAP. 0,26 M3, PESO OPERACIONAL MÍN. 6.674 KG, PROFUNDIDADE ESCAVAÇÃO MÁX. 4,37 M - CHI DIURNO. AF_06/2014","CHI","COEFICIENTE DE REPRESENTATIVIDADE","0,0371000",51.77,"1,92","","","","","","","","","","",null,"CAIXA REFERENCIAL"]
["ASSENTAMENTO DE TUBOS E PECAS","ASTU","FORNEC E/OU ASSENT DE TUBO DE FERRO FUNDIDO JUNTA",45,"","",97163,"ASSENTAMENTO DE TUBO DE FERRO FUNDIDO PARA REDE DE ÁGUA, DN 350 MM, JUNTA ELÁSTICA, INSTALADO EM LOCAL COM NÍVEL BAIXO DE INTERFERÊNCIAS (NÃO INCLUI FORNECIMENTO). AF_11/2017","M","COEFICIENTE DE REPRESENTATIVIDADE",11.69,"INSUMO",20078,"PASTA LUBRIFICANTE PARA TUBOS E CONEXOES COM JUNTA ELASTICA, EMBALAGEM DE *400* GR (USO EM PVC, ACO, POLIETILENO E OUTROS)","UN","COEFICIENTE DE REPRESENTATIVIDADE","0,0163000",32.99,"0,53","","","","","","","","","","",null,"CAIXA REFERENCIAL"]
["ASSENTAMENTO DE TUBOS E PECAS","ASTU","FORNEC E/OU ASSENT DE TUBO DE FERRO FUNDIDO JUNTA",45,"","",97163,"ASSENTAMENTO DE TUBO DE FERRO FUNDIDO PARA REDE DE ÁGUA, DN 350 MM, JUNTA ELÁSTICA, INSTALADO EM LOCAL COM NÍVEL BAIXO DE INTERFERÊNCIAS (NÃO INCLUI FORNECIMENTO). AF_11/2017","M","COEFICIENTE DE REPRESENTATIVIDADE",11.69,"COMPOSICAO",88246,"ASSENTADOR DE TUBOS COM ENCARGOS COMPLEMENTARES","H","COEFICIENTE DE REPRESENTATIVIDADE","0,1694000",23.3,"3,94","","","","","","","","","","",null,"CAIXA REFERENCIAL"]
["ASSENTAMENTO DE TUBOS E PECAS","ASTU","FORNEC E/OU ASSENT DE TUBO DE FERRO FUNDIDO JUNTA",45,"","",97163,"ASSENTAMENTO DE TUBO DE FERRO FUNDIDO PARA REDE DE ÁGUA, DN 350 MM, JUNTA ELÁSTICA, INSTALADO EM LOCAL COM NÍVEL BAIXO DE INTERFERÊNCIAS (NÃO INCLUI FORNECIMENTO). AF_11/2017","M","COEFICIENTE DE REPRESENTATIVIDADE",11.69,"COMPOSICAO",88316,"SERVENTE COM ENCARGOS COMPLEMENTARES","H","COLETADO","0,1694000",16.920000000000002,"2,86","","","","","","","","","","",null,"CAIXA REFERENCIAL"]
["ASSENTAMENTO DE TUBOS E PECAS","ASTU","FORNEC E/OU ASSENT DE TUBO DE FERRO FUNDIDO JUNTA",45,"","",97164,"ASSENTAMENTO DE TUBO DE FERRO FUNDIDO PARA REDE DE ÁGUA, DN 400 MM, JUNTA ELÁSTICA, INSTALADO EM LOCAL COM NÍVEL BAIXO DE INTERFERÊNCIAS (NÃO INCLUI FORNECIMENTO). AF_11/2017","M","COEFICIENTE DE REPRESENTATIVIDADE",13.02,"",null,"","","","",null,"","7,45","57,1095572","3,40","26,1849261","2,17","16,7055167","0,00","0,0000000","0,00","0,0000000",0,"CAIXA REFERENCIAL"]
["ASSENTAMENTO DE TUBOS E PECAS","ASTU","FORNEC E/OU ASSENT DE TUBO DE FERRO FUNDIDO JUNTA",45,"","",97164,"ASSENTAMENTO DE TUBO DE FERRO FUNDIDO PARA REDE DE ÁGUA, DN 400 MM, JUNTA ELÁSTICA, INSTALADO EM LOCAL COM NÍVEL BAIXO DE INTERFERÊNCIAS (NÃO INCLUI FORNECIMENTO). AF_11/2017","M","COEFICIENTE DE REPRESENTATIVIDADE",13.02,"COMPOSICAO",5678,"RETROESCAVADEIRA SOBRE RODAS COM CARREGADEIRA, TRAÇÃO 4X4, POTÊNCIA LÍQ. 88 HP, CAÇAMBA CARREG. CAP. MÍN. 1 M3, CAÇAMBA RETRO CAP. 0,26 M3, PESO OPERACIONAL MÍN. 6.674 KG, PROFUNDIDADE ESCAVAÇÃO MÁX. 4,37 M - CHP DIURNO. AF_06/2014","CHP","COEFICIENTE DE REPRESENTATIVIDADE","0,0211000",125.96,"2,65","","","","","","","","","","",null,"CAIXA REFERENCIAL"]
["ASSENTAMENTO DE TUBOS E PECAS","ASTU","FORNEC E/OU ASSENT DE TUBO DE FERRO FUNDIDO JUNTA",45,"","",97164,"ASSENTAMENTO DE TUBO DE FERRO FUNDIDO PARA REDE DE ÁGUA, DN 400 MM, JUNTA ELÁSTICA, INSTALADO EM LOCAL COM NÍVEL BAIXO DE INTERFERÊNCIAS (NÃO INCLUI FORNECIMENTO). AF_11/2017","M","COEFICIENTE DE REPRESENTATIVIDADE",13.02,"COMPOSICAO",5679,"RETROESCAVADEIRA SOBRE RODAS COM CARREGADEIRA, TRAÇÃO 4X4, POTÊNCIA LÍQ. 88 HP, CAÇAMBA CARREG. CAP. MÍN. 1 M3, CAÇAMBA RETRO CAP. 0,26 M3, PESO OPERACIONAL MÍN. 6.674 KG, PROFUNDIDADE ESCAVAÇÃO MÁX. 4,37 M - CHI DIURNO. AF_06/2014","CHI","COEFICIENTE DE REPRESENTATIVIDADE","0,0404000",51.77,"2,09","","","","","","","","","","",null,"CAIXA REFERENCIAL"]
["ASSENTAMENTO DE TUBOS E PECAS","ASTU","FORNEC E/OU ASSENT DE TUBO DE FERRO FUNDIDO JUNTA",45,"","",97164,"ASSENTAMENTO DE TUBO DE FERRO FUNDIDO PARA REDE DE ÁGUA, DN 400 MM, JUNTA ELÁSTICA, INSTALADO EM LOCAL COM NÍVEL BAIXO DE INTERFERÊNCIAS (NÃO INCLUI FORNECIMENTO). AF_11/2017","M","COEFICIENTE DE REPRESENTATIVIDADE",13.02,"INSUMO",20078,"PASTA LUBRIFICANTE PARA TUBOS E CONEXOES COM JUNTA ELASTICA, EMBALAGEM DE *400* GR (USO EM PVC, ACO, POLIETILENO E OUTROS)","UN","COEFICIENTE DE REPRESENTATIVIDADE","0,0188000",32.99,"0,62","","","","","","","","","","",null,"CAIXA REFERENCIAL"]
["ASSENTAMENTO DE TUBOS E PECAS","ASTU","FORNEC E/OU ASSENT DE TUBO DE FERRO FUNDIDO JUNTA",45,"","",97164,"ASSENTAMENTO DE TUBO DE FERRO FUNDIDO PARA REDE DE ÁGUA, DN 400 MM, JUNTA ELÁSTICA, INSTALADO EM LOCAL COM NÍVEL BAIXO DE INTERFERÊNCIAS (NÃO INCLUI FORNECIMENTO). AF_11/2017","M","COEFICIENTE DE REPRESENTATIVIDADE",13.02,"COMPOSICAO",88246,"ASSENTADOR DE TUBOS COM ENCARGOS COMPLEMENTARES","H","COEFICIENTE DE REPRESENTATIVIDADE","0,1907000",23.3,"4,44","","","","","","","","","","",null,"CAIXA REFERENCIAL"]
["ASSENTAMENTO DE TUBOS E PECAS","ASTU","FORNEC E/OU ASSENT DE TUBO DE FERRO FUNDIDO JUNTA",45,"","",97164,"ASSENTAMENTO DE TUBO DE FERRO FUNDIDO PARA REDE DE ÁGUA, DN 400 MM, JUNTA ELÁSTICA, INSTALADO EM LOCAL COM NÍVEL BAIXO DE INTERFERÊNCIAS (NÃO INCLUI FORNECIMENTO). AF_11/2017","M","COEFICIENTE DE REPRESENTATIVIDADE",13.02,"COMPOSICAO",88316,"SERVENTE COM ENCARGOS COMPLEMENTARES","H","COLETADO","0,1907000",16.920000000000002,"3,22","","","","","","","","","","",null,"CAIXA REFERENCIAL"]
["ASSENTAMENTO DE TUBOS E PECAS","ASTU","FORNEC E/OU ASSENT DE TUBO DE FERRO FUNDIDO JUNTA",45,"","",97165,"ASSENTAMENTO DE TUBO DE FERRO FUNDIDO PARA REDE DE ÁGUA, DN 450 MM, JUNTA ELÁSTICA, INSTALADO EM LOCAL COM NÍVEL BAIXO DE INTERFERÊNCIAS (NÃO INCLUI FORNECIMENTO). AF_11/2017","M","COEFICIENTE DE REPRESENTATIVIDADE",14.37,"",null,"","","","",null,"","8,24","57,2836032","3,78","26,3194933","2,35","16,3969035","0,00","0,0000000","0,00","0,0000000",0,"CAIXA REFERENCIAL"]
["ASSENTAMENTO DE TUBOS E PECAS","ASTU","FORNEC E/OU ASSENT DE TUBO DE FERRO FUNDIDO JUNTA",45,"","",97165,"ASSENTAMENTO DE TUBO DE FERRO FUNDIDO PARA REDE DE ÁGUA, DN 450 MM, JUNTA ELÁSTICA, INSTALADO EM LOCAL COM NÍVEL BAIXO DE INTERFERÊNCIAS (NÃO INCLUI FORNECIMENTO). AF_11/2017","M","COEFICIENTE DE REPRESENTATIVIDADE",14.37,"COMPOSICAO",5678,"RETROESCAVADEIRA SOBRE RODAS COM CARREGADEIRA, TRAÇÃO 4X4, POTÊNCIA LÍQ. 88 HP, CAÇAMBA CARREG. CAP. MÍN. 1 M3, CAÇAMBA RETRO CAP. 0,26 M3, PESO OPERACIONAL MÍN. 6.674 KG, PROFUNDIDADE ESCAVAÇÃO MÁX. 4,37 M - CHP DIURNO. AF_06/2014","CHP","COEFICIENTE DE REPRESENTATIVIDADE","0,0229000",125.96,"2,88","","","","","","","","","","",null,"CAIXA REFERENCIAL"]
["ASSENTAMENTO DE TUBOS E PECAS","ASTU","FORNEC E/OU ASSENT DE TUBO DE FERRO FUNDIDO JUNTA",45,"","",97165,"ASSENTAMENTO DE TUBO DE FERRO FUNDIDO PARA REDE DE ÁGUA, DN 450 MM, JUNTA ELÁSTICA, INSTALADO EM LOCAL COM NÍVEL BAIXO DE INTERFERÊNCIAS (NÃO INCLUI FORNECIMENTO). AF_11/2017","M","COEFICIENTE DE REPRESENTATIVIDADE",14.37,"COMPOSICAO",5679,"RETROESCAVADEIRA SOBRE RODAS COM CARREGADEIRA, TRAÇÃO 4X4, POTÊNCIA LÍQ. 88 HP, CAÇAMBA CARREG. CAP. MÍN. 1 M3, CAÇAMBA RETRO CAP. 0,26 M3, PESO OPERACIONAL MÍN. 6.674 KG, PROFUNDIDADE ESCAVAÇÃO MÁX. 4,37 M - CHI DIURNO. AF_06/2014","CHI","COEFICIENTE DE REPRESENTATIVIDADE","0,0438000",51.77,"2,26","","","","","","","","","","",null,"CAIXA REFERENCIAL"]
["ASSENTAMENTO DE TUBOS E PECAS","ASTU","FORNEC E/OU ASSENT DE TUBO DE FERRO FUNDIDO JUNTA",45,"","",97165,"ASSENTAMENTO DE TUBO DE FERRO FUNDIDO PARA REDE DE ÁGUA, DN 450 MM, JUNTA ELÁSTICA, INSTALADO EM LOCAL COM NÍVEL BAIXO DE INTERFERÊNCIAS (NÃO INCLUI FORNECIMENTO). AF_11/2017","M","COEFICIENTE DE REPRESENTATIVIDADE",14.37,"INSUMO",20078,"PASTA LUBRIFICANTE PARA TUBOS E CONEXOES COM JUNTA ELASTICA, EMBALAGEM DE *400* GR (USO EM PVC, ACO, POLIETILENO E OUTROS)","UN","COEFICIENTE DE REPRESENTATIVIDADE","0,0221000",32.99,"0,72","","","","","","","","","","",null,"CAIXA REFERENCIAL"]
["ASSENTAMENTO DE TUBOS E PECAS","ASTU","FORNEC E/OU ASSENT DE TUBO DE FERRO FUNDIDO JUNTA",45,"","",97165,"ASSENTAMENTO DE TUBO DE FERRO FUNDIDO PARA REDE DE ÁGUA, DN 450 MM, JUNTA ELÁSTICA, INSTALADO EM LOCAL COM NÍVEL BAIXO DE INTERFERÊNCIAS (NÃO INCLUI FORNECIMENTO). AF_11/2017","M","COEFICIENTE DE REPRESENTATIVIDADE",14.37,"COMPOSICAO",88246,"ASSENTADOR DE TUBOS COM ENCARGOS COMPLEMENTARES","H","COEFICIENTE DE REPRESENTATIVIDADE","0,2119000",23.3,"4,93","","","","","","","","","","",null,"CAIXA REFERENCIAL"]
["ASSENTAMENTO DE TUBOS E PECAS","ASTU","FORNEC E/OU ASSENT DE TUBO DE FERRO FUNDIDO JUNTA",45,"","",97165,"ASSENTAMENTO DE TUBO DE FERRO FUNDIDO PARA REDE DE ÁGUA, DN 450 MM, JUNTA ELÁSTICA, INSTALADO EM LOCAL COM NÍVEL BAIXO DE INTERFERÊNCIAS (NÃO INCLUI FORNECIMENTO). AF_11/2017","M","COEFICIENTE DE REPRESENTATIVIDADE",14.37,"COMPOSICAO",88316,"SERVENTE COM ENCARGOS COMPLEMENTARES","H","COLETADO","0,2119000",16.920000000000002,"3,58","","","","","","","","","","",null,"CAIXA REFERENCIAL"]
["ASSENTAMENTO DE TUBOS E PECAS","ASTU","FORNEC E/OU ASSENT DE TUBO DE FERRO FUNDIDO JUNTA",45,"","",97166,"ASSENTAMENTO DE TUBO DE FERRO FUNDIDO PARA REDE DE ÁGUA, DN 500 MM, JUNTA ELÁSTICA, INSTALADO EM LOCAL COM NÍVEL BAIXO DE INTERFERÊNCIAS (NÃO INCLUI FORNECIMENTO). AF_11/2017","M","COEFICIENTE DE REPRESENTATIVIDADE",18.510000000000002,"",null,"","","","",null,"","9,03","48,7179488","4,43","23,9498090","5,05","27,3322422","0,00","0,0000000","0,00","0,0000000",0,"CAIXA REFERENCIAL"]
["ASSENTAMENTO DE TUBOS E PECAS","ASTU","FORNEC E/OU ASSENT DE TUBO DE FERRO FUNDIDO JUNTA",45,"","",97166,"ASSENTAMENTO DE TUBO DE FERRO FUNDIDO PARA REDE DE ÁGUA, DN 500 MM, JUNTA ELÁSTICA, INSTALADO EM LOCAL COM NÍVEL BAIXO DE INTERFERÊNCIAS (NÃO INCLUI FORNECIMENTO). AF_11/2017","M","COEFICIENTE DE REPRESENTATIVIDADE",18.510000000000002,"COMPOSICAO",5631,"ESCAVADEIRA HIDRÁULICA SOBRE ESTEIRAS, CAÇAMBA 0,80 M3, PESO OPERACIONAL 17 T, POTENCIA BRUTA 111 HP - CHP DIURNO. AF_06/2014","CHP","COLETADO","0,0246000",191.27,"4,70","","","","","","","","","","",null,"CAIXA REFERENCIAL"]
["ASSENTAMENTO DE TUBOS E PECAS","ASTU","FORNEC E/OU ASSENT DE TUBO DE FERRO FUNDIDO JUNTA",45,"","",97166,"ASSENTAMENTO DE TUBO DE FERRO FUNDIDO PARA REDE DE ÁGUA, DN 500 MM, JUNTA ELÁSTICA, INSTALADO EM LOCAL COM NÍVEL BAIXO DE INTERFERÊNCIAS (NÃO INCLUI FORNECIMENTO). AF_11/2017","M","COEFICIENTE DE REPRESENTATIVIDADE",18.510000000000002,"COMPOSICAO",5632,"ESCAVADEIRA HIDRÁULICA SOBRE ESTEIRAS, CAÇAMBA 0,80 M3, PESO OPERACIONAL 17 T, POTENCIA BRUTA 111 HP - CHI DIURNO. AF_06/2014","CHI","COLETADO","0,0471000",77.11,"3,63","","","","","","","","","","",null,"CAIXA REFERENCIAL"]
["ASSENTAMENTO DE TUBOS E PECAS","ASTU","FORNEC E/OU ASSENT DE TUBO DE FERRO FUNDIDO JUNTA",45,"","",97166,"ASSENTAMENTO DE TUBO DE FERRO FUNDIDO PARA REDE DE ÁGUA, DN 500 MM, JUNTA ELÁSTICA, INSTALADO EM LOCAL COM NÍVEL BAIXO DE INTERFERÊNCIAS (NÃO INCLUI FORNECIMENTO). AF_11/2017","M","COEFICIENTE DE REPRESENTATIVIDADE",18.510000000000002,"INSUMO",20078,"PASTA LUBRIFICANTE PARA TUBOS E CONEXOES COM JUNTA ELASTICA, EMBALAGEM DE *400* GR (USO EM PVC, ACO, POLIETILENO E OUTROS)","UN","COEFICIENTE DE REPRESENTATIVIDADE","0,0248000",32.99,"0,81","","","","","","","","","","",null,"CAIXA REFERENCIAL"]
["ASSENTAMENTO DE TUBOS E PECAS","ASTU","FORNEC E/OU ASSENT DE TUBO DE FERRO FUNDIDO JUNTA",45,"","",97166,"ASSENTAMENTO DE TUBO DE FERRO FUNDIDO PARA REDE DE ÁGUA, DN 500 MM, JUNTA ELÁSTICA, INSTALADO EM LOCAL COM NÍVEL BAIXO DE INTERFERÊNCIAS (NÃO INCLUI FORNECIMENTO). AF_11/2017","M","COEFICIENTE DE REPRESENTATIVIDADE",18.510000000000002,"COMPOSICAO",88246,"ASSENTADOR DE TUBOS COM ENCARGOS COMPLEMENTARES","H","COEFICIENTE DE REPRESENTATIVIDADE","0,2331000",23.3,"5,43","","","","","","","","","","",null,"CAIXA REFERENCIAL"]
["ASSENTAMENTO DE TUBOS E PECAS","ASTU","FORNEC E/OU ASSENT DE TUBO DE FERRO FUNDIDO JUNTA",45,"","",97166,"ASSENTAMENTO DE TUBO DE FERRO FUNDIDO PARA REDE DE ÁGUA, DN 500 MM, JUNTA ELÁSTICA, INSTALADO EM LOCAL COM NÍVEL BAIXO DE INTERFERÊNCIAS (NÃO INCLUI FORNECIMENTO). AF_11/2017","M","COEFICIENTE DE REPRESENTATIVIDADE",18.510000000000002,"COMPOSICAO",88316,"SERVENTE COM ENCARGOS COMPLEMENTARES","H","COLETADO","0,2331000",16.920000000000002,"3,94","","","","","","","","","","",null,"CAIXA REFERENCIAL"]
["ASSENTAMENTO DE TUBOS E PECAS","ASTU","FORNEC E/OU ASSENT DE TUBO DE FERRO FUNDIDO JUNTA",45,"","",97167,"ASSENTAMENTO DE TUBO DE FERRO FUNDIDO PARA REDE DE ÁGUA, DN 600 MM, JUNTA ELÁSTICA, INSTALADO EM LOCAL COM NÍVEL BAIXO DE INTERFERÊNCIAS (NÃO INCLUI FORNECIMENTO). AF_11/2017","M","COEFICIENTE DE REPRESENTATIVIDADE",21.62,"",null,"","","","",null,"","10,57","48,8372094","5,29","24,5116279","5,76","26,6511627","0,00","0,0000000","0,00","0,0000000",0,"CAIXA REFERENCIAL"]
["ASSENTAMENTO DE TUBOS E PECAS","ASTU","FORNEC E/OU ASSENT DE TUBO DE FERRO FUNDIDO JUNTA",45,"","",97167,"ASSENTAMENTO DE TUBO DE FERRO FUNDIDO PARA REDE DE ÁGUA, DN 600 MM, JUNTA ELÁSTICA, INSTALADO EM LOCAL COM NÍVEL BAIXO DE INTERFERÊNCIAS (NÃO INCLUI FORNECIMENTO). AF_11/2017","M","COEFICIENTE DE REPRESENTATIVIDADE",21.62,"COMPOSICAO",5631,"ESCAVADEIRA HIDRÁULICA SOBRE ESTEIRAS, CAÇAMBA 0,80 M3, PESO OPERACIONAL 17 T, POTENCIA BRUTA 111 HP - CHP DIURNO. AF_06/2014","CHP","COLETADO","0,0281000",191.27,"5,37","","","","","","","","","","",null,"CAIXA REFERENCIAL"]
["ASSENTAMENTO DE TUBOS E PECAS","ASTU","FORNEC E/OU ASSENT DE TUBO DE FERRO FUNDIDO JUNTA",45,"","",97167,"ASSENTAMENTO DE TUBO DE FERRO FUNDIDO PARA REDE DE ÁGUA, DN 600 MM, JUNTA ELÁSTICA, INSTALADO EM LOCAL COM NÍVEL BAIXO DE INTERFERÊNCIAS (NÃO INCLUI FORNECIMENTO). AF_11/2017","M","COEFICIENTE DE REPRESENTATIVIDADE",21.62,"COMPOSICAO",5632,"ESCAVADEIRA HIDRÁULICA SOBRE ESTEIRAS, CAÇAMBA 0,80 M3, PESO OPERACIONAL 17 T, POTENCIA BRUTA 111 HP - CHI DIURNO. AF_06/2014","CHI","COLETADO","0,0538000",77.11,"4,14","","","","","","","","","","",null,"CAIXA REFERENCIAL"]
["ASSENTAMENTO DE TUBOS E PECAS","ASTU","FORNEC E/OU ASSENT DE TUBO DE FERRO FUNDIDO JUNTA",45,"","",97167,"ASSENTAMENTO DE TUBO DE FERRO FUNDIDO PARA REDE DE ÁGUA, DN 600 MM, JUNTA ELÁSTICA, INSTALADO EM LOCAL COM NÍVEL BAIXO DE INTERFERÊNCIAS (NÃO INCLUI FORNECIMENTO). AF_11/2017","M","COEFICIENTE DE REPRESENTATIVIDADE",21.62,"INSUMO",20078,"PASTA LUBRIFICANTE PARA TUBOS E CONEXOES COM JUNTA ELASTICA, EMBALAGEM DE *400* GR (USO EM PVC, ACO, POLIETILENO E OUTROS)","UN","COEFICIENTE DE REPRESENTATIVIDADE","0,0313000",32.99,"1,03","","","","","","","","","","",null,"CAIXA REFERENCIAL"]
["ASSENTAMENTO DE TUBOS E PECAS","ASTU","FORNEC E/OU ASSENT DE TUBO DE FERRO FUNDIDO JUNTA",45,"","",97167,"ASSENTAMENTO DE TUBO DE FERRO FUNDIDO PARA REDE DE ÁGUA, DN 600 MM, JUNTA ELÁSTICA, INSTALADO EM LOCAL COM NÍVEL BAIXO DE INTERFERÊNCIAS (NÃO INCLUI FORNECIMENTO). AF_11/2017","M","COEFICIENTE DE REPRESENTATIVIDADE",21.62,"COMPOSICAO",88246,"ASSENTADOR DE TUBOS COM ENCARGOS COMPLEMENTARES","H","COEFICIENTE DE REPRESENTATIVIDADE","0,2756000",23.3,"6,42","","","","","","","","","","",null,"CAIXA REFERENCIAL"]
["ASSENTAMENTO DE TUBOS E PECAS","ASTU","FORNEC E/OU ASSENT DE TUBO DE FERRO FUNDIDO JUNTA",45,"","",97167,"ASSENTAMENTO DE TUBO DE FERRO FUNDIDO PARA REDE DE ÁGUA, DN 600 MM, JUNTA ELÁSTICA, INSTALADO EM LOCAL COM NÍVEL BAIXO DE INTERFERÊNCIAS (NÃO INCLUI FORNECIMENTO). AF_11/2017","M","COEFICIENTE DE REPRESENTATIVIDADE",21.62,"COMPOSICAO",88316,"SERVENTE COM ENCARGOS COMPLEMENTARES","H","COLETADO","0,2756000",16.920000000000002,"4,66","","","","","","","","","","",null,"CAIXA REFERENCIAL"]
["ASSENTAMENTO DE TUBOS E PECAS","ASTU","FORNEC E/OU ASSENT DE TUBO DE FERRO FUNDIDO JUNTA",45,"","",97168,"ASSENTAMENTO DE TUBO DE FERRO FUNDIDO PARA REDE DE ÁGUA, DN 700 MM, JUNTA ELÁSTICA, INSTALADO EM LOCAL COM NÍVEL BAIXO DE INTERFERÊNCIAS (NÃO INCLUI FORNECIMENTO). AF_11/2017","M","COEFICIENTE DE REPRESENTATIVIDADE",24.42,"",null,"","","","",null,"","12,16","49,7730088","5,77","23,6483697","6,49","26,5786215","0,00","0,0000000","0,00","0,0000000",0,"CAIXA REFERENCIAL"]
["ASSENTAMENTO DE TUBOS E PECAS","ASTU","FORNEC E/OU ASSENT DE TUBO DE FERRO FUNDIDO JUNTA",45,"","",97168,"ASSENTAMENTO DE TUBO DE FERRO FUNDIDO PARA REDE DE ÁGUA, DN 700 MM, JUNTA ELÁSTICA, INSTALADO EM LOCAL COM NÍVEL BAIXO DE INTERFERÊNCIAS (NÃO INCLUI FORNECIMENTO). AF_11/2017","M","COEFICIENTE DE REPRESENTATIVIDADE",24.42,"COMPOSICAO",5631,"ESCAVADEIRA HIDRÁULICA SOBRE ESTEIRAS, CAÇAMBA 0,80 M3, PESO OPERACIONAL 17 T, POTENCIA BRUTA 111 HP - CHP DIURNO. AF_06/2014","CHP","COLETADO","0,0316000",191.27,"6,04","","","","","","","","","","",null,"CAIXA REFERENCIAL"]
["ASSENTAMENTO DE TUBOS E PECAS","ASTU","FORNEC E/OU ASSENT DE TUBO DE FERRO FUNDIDO JUNTA",45,"","",97168,"ASSENTAMENTO DE TUBO DE FERRO FUNDIDO PARA REDE DE ÁGUA, DN 700 MM, JUNTA ELÁSTICA, INSTALADO EM LOCAL COM NÍVEL BAIXO DE INTERFERÊNCIAS (NÃO INCLUI FORNECIMENTO). AF_11/2017","M","COEFICIENTE DE REPRESENTATIVIDADE",24.42,"COMPOSICAO",5632,"ESCAVADEIRA HIDRÁULICA SOBRE ESTEIRAS, CAÇAMBA 0,80 M3, PESO OPERACIONAL 17 T, POTENCIA BRUTA 111 HP - CHI DIURNO. AF_06/2014","CHI","COLETADO","0,0605000",77.11,"4,66","","","","","","","","","","",null,"CAIXA REFERENCIAL"]
["ASSENTAMENTO DE TUBOS E PECAS","ASTU","FORNEC E/OU ASSENT DE TUBO DE FERRO FUNDIDO JUNTA",45,"","",97168,"ASSENTAMENTO DE TUBO DE FERRO FUNDIDO PARA REDE DE ÁGUA, DN 700 MM, JUNTA ELÁSTICA, INSTALADO EM LOCAL COM NÍVEL BAIXO DE INTERFERÊNCIAS (NÃO INCLUI FORNECIMENTO). AF_11/2017","M","COEFICIENTE DE REPRESENTATIVIDADE",24.42,"INSUMO",20078,"PASTA LUBRIFICANTE PARA TUBOS E CONEXOES COM JUNTA ELASTICA, EMBALAGEM DE *400* GR (USO EM PVC, ACO, POLIETILENO E OUTROS)","UN","COEFICIENTE DE REPRESENTATIVIDADE","0,0284000",32.99,"0,93","","","","","","","","","","",null,"CAIXA REFERENCIAL"]
["ASSENTAMENTO DE TUBOS E PECAS","ASTU","FORNEC E/OU ASSENT DE TUBO DE FERRO FUNDIDO JUNTA",45,"","",97168,"ASSENTAMENTO DE TUBO DE FERRO FUNDIDO PARA REDE DE ÁGUA, DN 700 MM, JUNTA ELÁSTICA, INSTALADO EM LOCAL COM NÍVEL BAIXO DE INTERFERÊNCIAS (NÃO INCLUI FORNECIMENTO). AF_11/2017","M","COEFICIENTE DE REPRESENTATIVIDADE",24.42,"COMPOSICAO",88246,"ASSENTADOR DE TUBOS COM ENCARGOS COMPLEMENTARES","H","COEFICIENTE DE REPRESENTATIVIDADE","0,3181000",23.3,"7,41","","","","","","","","","","",null,"CAIXA REFERENCIAL"]
["ASSENTAMENTO DE TUBOS E PECAS","ASTU","FORNEC E/OU ASSENT DE TUBO DE FERRO FUNDIDO JUNTA",45,"","",97168,"ASSENTAMENTO DE TUBO DE FERRO FUNDIDO PARA REDE DE ÁGUA, DN 700 MM, JUNTA ELÁSTICA, INSTALADO EM LOCAL COM NÍVEL BAIXO DE INTERFERÊNCIAS (NÃO INCLUI FORNECIMENTO). AF_11/2017","M","COEFICIENTE DE REPRESENTATIVIDADE",24.42,"COMPOSICAO",88316,"SERVENTE COM ENCARGOS COMPLEMENTARES","H","COLETADO","0,3181000",16.920000000000002,"5,38","","","","","","","","","","",null,"CAIXA REFERENCIAL"]
["ASSENTAMENTO DE TUBOS E PECAS","ASTU","FORNEC E/OU ASSENT DE TUBO DE FERRO FUNDIDO JUNTA",45,"","",97169,"ASSENTAMENTO DE TUBO DE FERRO FUNDIDO PARA REDE DE ÁGUA, DN 800 MM, JUNTA ELÁSTICA, INSTALADO EM LOCAL COM NÍVEL BAIXO DE INTERFERÊNCIAS (NÃO INCLUI FORNECIMENTO). AF_11/2017","M","COEFICIENTE DE REPRESENTATIVIDADE",27.4,"",null,"","","","",null,"","13,73","50,0550459","6,49","23,7064220","7,18","26,2385321","0,00","0,0000000","0,00","0,0000000",0,"CAIXA REFERENCIAL"]
["ASSENTAMENTO DE TUBOS E PECAS","ASTU","FORNEC E/OU ASSENT DE TUBO DE FERRO FUNDIDO JUNTA",45,"","",97169,"ASSENTAMENTO DE TUBO DE FERRO FUNDIDO PARA REDE DE ÁGUA, DN 800 MM, JUNTA ELÁSTICA, INSTALADO EM LOCAL COM NÍVEL BAIXO DE INTERFERÊNCIAS (NÃO INCLUI FORNECIMENTO). AF_11/2017","M","COEFICIENTE DE REPRESENTATIVIDADE",27.4,"COMPOSICAO",5631,"ESCAVADEIRA HIDRÁULICA SOBRE ESTEIRAS, CAÇAMBA 0,80 M3, PESO OPERACIONAL 17 T, POTENCIA BRUTA 111 HP - CHP DIURNO. AF_06/2014","CHP","COLETADO","0,0351000",191.27,"6,71","","","","","","","","","","",null,"CAIXA REFERENCIAL"]
["ASSENTAMENTO DE TUBOS E PECAS","ASTU","FORNEC E/OU ASSENT DE TUBO DE FERRO FUNDIDO JUNTA",45,"","",97169,"ASSENTAMENTO DE TUBO DE FERRO FUNDIDO PARA REDE DE ÁGUA, DN 800 MM, JUNTA ELÁSTICA, INSTALADO EM LOCAL COM NÍVEL BAIXO DE INTERFERÊNCIAS (NÃO INCLUI FORNECIMENTO). AF_11/2017","M","COEFICIENTE DE REPRESENTATIVIDADE",27.4,"COMPOSICAO",5632,"ESCAVADEIRA HIDRÁULICA SOBRE ESTEIRAS, CAÇAMBA 0,80 M3, PESO OPERACIONAL 17 T, POTENCIA BRUTA 111 HP - CHI DIURNO. AF_06/2014","CHI","COLETADO","0,0672000",77.11,"5,18","","","","","","","","","","",null,"CAIXA REFERENCIAL"]
["ASSENTAMENTO DE TUBOS E PECAS","ASTU","FORNEC E/OU ASSENT DE TUBO DE FERRO FUNDIDO JUNTA",45,"","",97169,"ASSENTAMENTO DE TUBO DE FERRO FUNDIDO PARA REDE DE ÁGUA, DN 800 MM, JUNTA ELÁSTICA, INSTALADO EM LOCAL COM NÍVEL BAIXO DE INTERFERÊNCIAS (NÃO INCLUI FORNECIMENTO). AF_11/2017","M","COEFICIENTE DE REPRESENTATIVIDADE",27.4,"INSUMO",20078,"PASTA LUBRIFICANTE PARA TUBOS E CONEXOES COM JUNTA ELASTICA, EMBALAGEM DE *400* GR (USO EM PVC, ACO, POLIETILENO E OUTROS)","UN","COEFICIENTE DE REPRESENTATIVIDADE","0,0314000",32.99,"1,03","","","","","","","","","","",null,"CAIXA REFERENCIAL"]
["ASSENTAMENTO DE TUBOS E PECAS","ASTU","FORNEC E/OU ASSENT DE TUBO DE FERRO FUNDIDO JUNTA",45,"","",97169,"ASSENTAMENTO DE TUBO DE FERRO FUNDIDO PARA REDE DE ÁGUA, DN 800 MM, JUNTA ELÁSTICA, INSTALADO EM LOCAL COM NÍVEL BAIXO DE INTERFERÊNCIAS (NÃO INCLUI FORNECIMENTO). AF_11/2017","M","COEFICIENTE DE REPRESENTATIVIDADE",27.4,"COMPOSICAO",88246,"ASSENTADOR DE TUBOS COM ENCARGOS COMPLEMENTARES","H","COEFICIENTE DE REPRESENTATIVIDADE","0,3605000",23.3,"8,39","","","","","","","","","","",null,"CAIXA REFERENCIAL"]
["ASSENTAMENTO DE TUBOS E PECAS","ASTU","FORNEC E/OU ASSENT DE TUBO DE FERRO FUNDIDO JUNTA",45,"","",97169,"ASSENTAMENTO DE TUBO DE FERRO FUNDIDO PARA REDE DE ÁGUA, DN 800 MM, JUNTA ELÁSTICA, INSTALADO EM LOCAL COM NÍVEL BAIXO DE INTERFERÊNCIAS (NÃO INCLUI FORNECIMENTO). AF_11/2017","M","COEFICIENTE DE REPRESENTATIVIDADE",27.4,"COMPOSICAO",88316,"SERVENTE COM ENCARGOS COMPLEMENTARES","H","COLETADO","0,3605000",16.920000000000002,"6,09","","","","","","","","","","",null,"CAIXA REFERENCIAL"]
["ASSENTAMENTO DE TUBOS E PECAS","ASTU","FORNEC E/OU ASSENT DE TUBO DE FERRO FUNDIDO JUNTA",45,"","",97170,"ASSENTAMENTO DE TUBO DE FERRO FUNDIDO PARA REDE DE ÁGUA, DN 900 MM, JUNTA ELÁSTICA, INSTALADO EM LOCAL COM NÍVEL BAIXO DE INTERFERÊNCIAS (NÃO INCLUI FORNECIMENTO). AF_11/2017","M","COEFICIENTE DE REPRESENTATIVIDADE",30.43,"",null,"","","","",null,"","15,28","50,1980199","7,24","23,7953795","7,91","26,0066006","0,00","0,0000000","0,00","0,0000000",0,"CAIXA REFERENCIAL"]
["ASSENTAMENTO DE TUBOS E PECAS","ASTU","FORNEC E/OU ASSENT DE TUBO DE FERRO FUNDIDO JUNTA",45,"","",97170,"ASSENTAMENTO DE TUBO DE FERRO FUNDIDO PARA REDE DE ÁGUA, DN 900 MM, JUNTA ELÁSTICA, INSTALADO EM LOCAL COM NÍVEL BAIXO DE INTERFERÊNCIAS (NÃO INCLUI FORNECIMENTO). AF_11/2017","M","COEFICIENTE DE REPRESENTATIVIDADE",30.43,"COMPOSICAO",5631,"ESCAVADEIRA HIDRÁULICA SOBRE ESTEIRAS, CAÇAMBA 0,80 M3, PESO OPERACIONAL 17 T, POTENCIA BRUTA 111 HP - CHP DIURNO. AF_06/2014","CHP","COLETADO","0,0386000",191.27,"7,38","","","","","","","","","","",null,"CAIXA REFERENCIAL"]
["ASSENTAMENTO DE TUBOS E PECAS","ASTU","FORNEC E/OU ASSENT DE TUBO DE FERRO FUNDIDO JUNTA",45,"","",97170,"ASSENTAMENTO DE TUBO DE FERRO FUNDIDO PARA REDE DE ÁGUA, DN 900 MM, JUNTA ELÁSTICA, INSTALADO EM LOCAL COM NÍVEL BAIXO DE INTERFERÊNCIAS (NÃO INCLUI FORNECIMENTO). AF_11/2017","M","COEFICIENTE DE REPRESENTATIVIDADE",30.43,"COMPOSICAO",5632,"ESCAVADEIRA HIDRÁULICA SOBRE ESTEIRAS, CAÇAMBA 0,80 M3, PESO OPERACIONAL 17 T, POTENCIA BRUTA 111 HP - CHI DIURNO. AF_06/2014","CHI","COLETADO","0,0739000",77.11,"5,69","","","","","","","","","","",null,"CAIXA REFERENCIAL"]
["ASSENTAMENTO DE TUBOS E PECAS","ASTU","FORNEC E/OU ASSENT DE TUBO DE FERRO FUNDIDO JUNTA",45,"","",97170,"ASSENTAMENTO DE TUBO DE FERRO FUNDIDO PARA REDE DE ÁGUA, DN 900 MM, JUNTA ELÁSTICA, INSTALADO EM LOCAL COM NÍVEL BAIXO DE INTERFERÊNCIAS (NÃO INCLUI FORNECIMENTO). AF_11/2017","M","COEFICIENTE DE REPRESENTATIVIDADE",30.43,"INSUMO",20078,"PASTA LUBRIFICANTE PARA TUBOS E CONEXOES COM JUNTA ELASTICA, EMBALAGEM DE *400* GR (USO EM PVC, ACO, POLIETILENO E OUTROS)","UN","COEFICIENTE DE REPRESENTATIVIDADE","0,0355000",32.99,"1,17","","","","","","","","","","",null,"CAIXA REFERENCIAL"]
["ASSENTAMENTO DE TUBOS E PECAS","ASTU","FORNEC E/OU ASSENT DE TUBO DE FERRO FUNDIDO JUNTA",45,"","",97170,"ASSENTAMENTO DE TUBO DE FERRO FUNDIDO PARA REDE DE ÁGUA, DN 900 MM, JUNTA ELÁSTICA, INSTALADO EM LOCAL COM NÍVEL BAIXO DE INTERFERÊNCIAS (NÃO INCLUI FORNECIMENTO). AF_11/2017","M","COEFICIENTE DE REPRESENTATIVIDADE",30.43,"COMPOSICAO",88246,"ASSENTADOR DE TUBOS COM ENCARGOS COMPLEMENTARES","H","COEFICIENTE DE REPRESENTATIVIDADE","0,4030000",23.3,"9,38","","","","","","","","","","",null,"CAIXA REFERENCIAL"]
["ASSENTAMENTO DE TUBOS E PECAS","ASTU","FORNEC E/OU ASSENT DE TUBO DE FERRO FUNDIDO JUNTA",45,"","",97170,"ASSENTAMENTO DE TUBO DE FERRO FUNDIDO PARA REDE DE ÁGUA, DN 900 MM, JUNTA ELÁSTICA, INSTALADO EM LOCAL COM NÍVEL BAIXO DE INTERFERÊNCIAS (NÃO INCLUI FORNECIMENTO). AF_11/2017","M","COEFICIENTE DE REPRESENTATIVIDADE",30.43,"COMPOSICAO",88316,"SERVENTE COM ENCARGOS COMPLEMENTARES","H","COLETADO","0,4030000",16.920000000000002,"6,81","","","","","","","","","","",null,"CAIXA REFERENCIAL"]
["ASSENTAMENTO DE TUBOS E PECAS","ASTU","FORNEC E/OU ASSENT DE TUBO DE FERRO FUNDIDO JUNTA",45,"","",97171,"ASSENTAMENTO DE TUBO DE FERRO FUNDIDO PARA REDE DE ÁGUA, DN 1000 MM, JUNTA ELÁSTICA, INSTALADO EM LOCAL COM NÍVEL BAIXO DE INTERFERÊNCIAS (NÃO INCLUI FORNECIMENTO). AF_11/2017","M","COEFICIENTE DE REPRESENTATIVIDADE",33.49,"",null,"","","","",null,"","16,85","50,3001201","8,01","23,9195678","8,63","25,7803121","0,00","0,0000000","0,00","0,0000000",0,"CAIXA REFERENCIAL"]
["ASSENTAMENTO DE TUBOS E PECAS","ASTU","FORNEC E/OU ASSENT DE TUBO DE FERRO FUNDIDO JUNTA",45,"","",97171,"ASSENTAMENTO DE TUBO DE FERRO FUNDIDO PARA REDE DE ÁGUA, DN 1000 MM, JUNTA ELÁSTICA, INSTALADO EM LOCAL COM NÍVEL BAIXO DE INTERFERÊNCIAS (NÃO INCLUI FORNECIMENTO). AF_11/2017","M","COEFICIENTE DE REPRESENTATIVIDADE",33.49,"COMPOSICAO",5631,"ESCAVADEIRA HIDRÁULICA SOBRE ESTEIRAS, CAÇAMBA 0,80 M3, PESO OPERACIONAL 17 T, POTENCIA BRUTA 111 HP - CHP DIURNO. AF_06/2014","CHP","COLETADO","0,0421000",191.27,"8,05","","","","","","","","","","",null,"CAIXA REFERENCIAL"]
["ASSENTAMENTO DE TUBOS E PECAS","ASTU","FORNEC E/OU ASSENT DE TUBO DE FERRO FUNDIDO JUNTA",45,"","",97171,"ASSENTAMENTO DE TUBO DE FERRO FUNDIDO PARA REDE DE ÁGUA, DN 1000 MM, JUNTA ELÁSTICA, INSTALADO EM LOCAL COM NÍVEL BAIXO DE INTERFERÊNCIAS (NÃO INCLUI FORNECIMENTO). AF_11/2017","M","COEFICIENTE DE REPRESENTATIVIDADE",33.49,"COMPOSICAO",5632,"ESCAVADEIRA HIDRÁULICA SOBRE ESTEIRAS, CAÇAMBA 0,80 M3, PESO OPERACIONAL 17 T, POTENCIA BRUTA 111 HP - CHI DIURNO. AF_06/2014","CHI","COLETADO","0,0806000",77.11,"6,21","","","","","","","","","","",null,"CAIXA REFERENCIAL"]
["ASSENTAMENTO DE TUBOS E PECAS","ASTU","FORNEC E/OU ASSENT DE TUBO DE FERRO FUNDIDO JUNTA",45,"","",97171,"ASSENTAMENTO DE TUBO DE FERRO FUNDIDO PARA REDE DE ÁGUA, DN 1000 MM, JUNTA ELÁSTICA, INSTALADO EM LOCAL COM NÍVEL BAIXO DE INTERFERÊNCIAS (NÃO INCLUI FORNECIMENTO). AF_11/2017","M","COEFICIENTE DE REPRESENTATIVIDADE",33.49,"INSUMO",20078,"PASTA LUBRIFICANTE PARA TUBOS E CONEXOES COM JUNTA ELASTICA, EMBALAGEM DE *400* GR (USO EM PVC, ACO, POLIETILENO E OUTROS)","UN","COEFICIENTE DE REPRESENTATIVIDADE","0,0403000",32.99,"1,32","","","","","","","","","","",null,"CAIXA REFERENCIAL"]
["ASSENTAMENTO DE TUBOS E PECAS","ASTU","FORNEC E/OU ASSENT DE TUBO DE FERRO FUNDIDO JUNTA",45,"","",97171,"ASSENTAMENTO DE TUBO DE FERRO FUNDIDO PARA REDE DE ÁGUA, DN 1000 MM, JUNTA ELÁSTICA, INSTALADO EM LOCAL COM NÍVEL BAIXO DE INTERFERÊNCIAS (NÃO INCLUI FORNECIMENTO). AF_11/2017","M","COEFICIENTE DE REPRESENTATIVIDADE",33.49,"COMPOSICAO",88246,"ASSENTADOR DE TUBOS COM ENCARGOS COMPLEMENTARES","H","COEFICIENTE DE REPRESENTATIVIDADE","0,4455000",23.3,"10,38","","","","","","","","","","",null,"CAIXA REFERENCIAL"]
["ASSENTAMENTO DE TUBOS E PECAS","ASTU","FORNEC E/OU ASSENT DE TUBO DE FERRO FUNDIDO JUNTA",45,"","",97171,"ASSENTAMENTO DE TUBO DE FERRO FUNDIDO PARA REDE DE ÁGUA, DN 1000 MM, JUNTA ELÁSTICA, INSTALADO EM LOCAL COM NÍVEL BAIXO DE INTERFERÊNCIAS (NÃO INCLUI FORNECIMENTO). AF_11/2017","M","COEFICIENTE DE REPRESENTATIVIDADE",33.49,"COMPOSICAO",88316,"SERVENTE COM ENCARGOS COMPLEMENTARES","H","COLETADO","0,4455000",16.920000000000002,"7,53","","","","","","","","","","",null,"CAIXA REFERENCIAL"]
["ASSENTAMENTO DE TUBOS E PECAS","ASTU","FORNEC E/OU ASSENT DE TUBO DE FERRO FUNDIDO JUNTA",45,"","",97172,"ASSENTAMENTO DE TUBO DE FERRO FUNDIDO PARA REDE DE ÁGUA, DN 1200 MM, JUNTA ELÁSTICA, INSTALADO EM LOCAL COM NÍVEL BAIXO DE INTERFERÊNCIAS (NÃO INCLUI FORNECIMENTO). AF_11/2017","M","COEFICIENTE DE REPRESENTATIVIDADE",40.08,"",null,"","","","",null,"","20,01","49,8871899","10,01","24,9937327","10,06","25,1190774","0,00","0,0000000","0,00","0,0000000",0,"CAIXA REFERENCIAL"]
["ASSENTAMENTO DE TUBOS E PECAS","ASTU","FORNEC E/OU ASSENT DE TUBO DE FERRO FUNDIDO JUNTA",45,"","",97172,"ASSENTAMENTO DE TUBO DE FERRO FUNDIDO PARA REDE DE ÁGUA, DN 1200 MM, JUNTA ELÁSTICA, INSTALADO EM LOCAL COM NÍVEL BAIXO DE INTERFERÊNCIAS (NÃO INCLUI FORNECIMENTO). AF_11/2017","M","COEFICIENTE DE REPRESENTATIVIDADE",40.08,"COMPOSICAO",5631,"ESCAVADEIRA HIDRÁULICA SOBRE ESTEIRAS, CAÇAMBA 0,80 M3, PESO OPERACIONAL 17 T, POTENCIA BRUTA 111 HP - CHP DIURNO. AF_06/2014","CHP","COLETADO","0,0491000",191.27,"9,39","","","","","","","","","","",null,"CAIXA REFERENCIAL"]
["ASSENTAMENTO DE TUBOS E PECAS","ASTU","FORNEC E/OU ASSENT DE TUBO DE FERRO FUNDIDO JUNTA",45,"","",97172,"ASSENTAMENTO DE TUBO DE FERRO FUNDIDO PARA REDE DE ÁGUA, DN 1200 MM, JUNTA ELÁSTICA, INSTALADO EM LOCAL COM NÍVEL BAIXO DE INTERFERÊNCIAS (NÃO INCLUI FORNECIMENTO). AF_11/2017","M","COEFICIENTE DE REPRESENTATIVIDADE",40.08,"COMPOSICAO",5632,"ESCAVADEIRA HIDRÁULICA SOBRE ESTEIRAS, CAÇAMBA 0,80 M3, PESO OPERACIONAL 17 T, POTENCIA BRUTA 111 HP - CHI DIURNO. AF_06/2014","CHI","COLETADO","0,0940000",77.11,"7,24","","","","","","","","","","",null,"CAIXA REFERENCIAL"]
["ASSENTAMENTO DE TUBOS E PECAS","ASTU","FORNEC E/OU ASSENT DE TUBO DE FERRO FUNDIDO JUNTA",45,"","",97172,"ASSENTAMENTO DE TUBO DE FERRO FUNDIDO PARA REDE DE ÁGUA, DN 1200 MM, JUNTA ELÁSTICA, INSTALADO EM LOCAL COM NÍVEL BAIXO DE INTERFERÊNCIAS (NÃO INCLUI FORNECIMENTO). AF_11/2017","M","COEFICIENTE DE REPRESENTATIVIDADE",40.08,"INSUMO",20078,"PASTA LUBRIFICANTE PARA TUBOS E CONEXOES COM JUNTA ELASTICA, EMBALAGEM DE *400* GR (USO EM PVC, ACO, POLIETILENO E OUTROS)","UN","COEFICIENTE DE REPRESENTATIVIDADE","0,0646000",32.99,"2,13","","","","","","","","","","",null,"CAIXA REFERENCIAL"]
["ASSENTAMENTO DE TUBOS E PECAS","ASTU","FORNEC E/OU ASSENT DE TUBO DE FERRO FUNDIDO JUNTA",45,"","",97172,"ASSENTAMENTO DE TUBO DE FERRO FUNDIDO PARA REDE DE ÁGUA, DN 1200 MM, JUNTA ELÁSTICA, INSTALADO EM LOCAL COM NÍVEL BAIXO DE INTERFERÊNCIAS (NÃO INCLUI FORNECIMENTO). AF_11/2017","M","COEFICIENTE DE REPRESENTATIVIDADE",40.08,"COMPOSICAO",88246,"ASSENTADOR DE TUBOS COM ENCARGOS COMPLEMENTARES","H","COEFICIENTE DE REPRESENTATIVIDADE","0,5304000",23.3,"12,35","","","","","","","","","","",null,"CAIXA REFERENCIAL"]
["ASSENTAMENTO DE TUBOS E PECAS","ASTU","FORNEC E/OU ASSENT DE TUBO DE FERRO FUNDIDO JUNTA",45,"","",97172,"ASSENTAMENTO DE TUBO DE FERRO FUNDIDO PARA REDE DE ÁGUA, DN 1200 MM, JUNTA ELÁSTICA, INSTALADO EM LOCAL COM NÍVEL BAIXO DE INTERFERÊNCIAS (NÃO INCLUI FORNECIMENTO). AF_11/2017","M","COEFICIENTE DE REPRESENTATIVIDADE",40.08,"COMPOSICAO",88316,"SERVENTE COM ENCARGOS COMPLEMENTARES","H","COLETADO","0,5304000",16.920000000000002,"8,97","","","","","","","","","","",null,"CAIXA REFERENCIAL"]
["ASSENTAMENTO DE TUBOS E PECAS","ASTU","FORNEC E/OU ASSENT DE TUBO DE ACO COM JUNTA SOLDAD",46,"","",97173,"ASSENTAMENTO DE TUBO DE AÇO CARBONO PARA REDE DE ÁGUA, DN 600 MM (24\u0092\u0092), JUNTA SOLDADA, INSTALADO EM LOCAL COM NÍVEL ALTO DE INTERFERÊNCIAS (NÃO INCLUI FORNECIMENTO). AF_11/2017","M","COEFICIENTE DE REPRESENTATIVIDADE",40.31,"",null,"","","","",null,"","15,12","37,5280338","17,78","44,0817345","7,41","18,3902317","0,00","0,0000000","0,00","0,0000000",0,"CAIXA REFERENCIAL"]
["ASSENTAMENTO DE TUBOS E PECAS","ASTU","FORNEC E/OU ASSENT DE TUBO DE ACO COM JUNTA SOLDAD",46,"","",97173,"ASSENTAMENTO DE TUBO DE AÇO CARBONO PARA REDE DE ÁGUA, DN 600 MM (24\u0092\u0092), JUNTA SOLDADA, INSTALADO EM LOCAL COM NÍVEL ALTO DE INTERFERÊNCIAS (NÃO INCLUI FORNECIMENTO). AF_11/2017","M","COEFICIENTE DE REPRESENTATIVIDADE",40.31,"COMPOSICAO",5631,"ESCAVADEIRA HIDRÁULICA SOBRE ESTEIRAS, CAÇAMBA 0,80 M3, PESO OPERACIONAL 17 T, POTENCIA BRUTA 111 HP - CHP DIURNO. AF_06/2014","CHP","COLETADO","0,0211000",191.27,"4,03","","","","","","","","","","",null,"CAIXA REFERENCIAL"]
["ASSENTAMENTO DE TUBOS E PECAS","ASTU","FORNEC E/OU ASSENT DE TUBO DE ACO COM JUNTA SOLDAD",46,"","",97173,"ASSENTAMENTO DE TUBO DE AÇO CARBONO PARA REDE DE ÁGUA, DN 600 MM (24\u0092\u0092), JUNTA SOLDADA, INSTALADO EM LOCAL COM NÍVEL ALTO DE INTERFERÊNCIAS (NÃO INCLUI FORNECIMENTO). AF_11/2017","M","COEFICIENTE DE REPRESENTATIVIDADE",40.31,"COMPOSICAO",5632,"ESCAVADEIRA HIDRÁULICA SOBRE ESTEIRAS, CAÇAMBA 0,80 M3, PESO OPERACIONAL 17 T, POTENCIA BRUTA 111 HP - CHI DIURNO. AF_06/2014","CHI","COLETADO","0,1011000",77.11,"7,79","","","","","","","","","","",null,"CAIXA REFERENCIAL"]
["ASSENTAMENTO DE TUBOS E PECAS","ASTU","FORNEC E/OU ASSENT DE TUBO DE ACO COM JUNTA SOLDAD",46,"","",97173,"ASSENTAMENTO DE TUBO DE AÇO CARBONO PARA REDE DE ÁGUA, DN 600 MM (24\u0092\u0092), JUNTA SOLDADA, INSTALADO EM LOCAL COM NÍVEL ALTO DE INTERFERÊNCIAS (NÃO INCLUI FORNECIMENTO). AF_11/2017","M","COEFICIENTE DE REPRESENTATIVIDADE",40.31,"INSUMO",10997,"ELETRODO REVESTIDO AWS - E7018, DIAMETRO IGUAL A 4,00 MM","KG","COLETADO","0,1875000",66.5,"12,46","","","","","","","","","","",null,"CAIXA REFERENCIAL"]
["ASSENTAMENTO DE TUBOS E PECAS","ASTU","FORNEC E/OU ASSENT DE TUBO DE ACO COM JUNTA SOLDAD",46,"","",97173,"ASSENTAMENTO DE TUBO DE AÇO CARBONO PARA REDE DE ÁGUA, DN 600 MM (24\u0092\u0092), JUNTA SOLDADA, INSTALADO EM LOCAL COM NÍVEL ALTO DE INTERFERÊNCIAS (NÃO INCLUI FORNECIMENTO). AF_11/2017","M","COEFICIENTE DE REPRESENTATIVIDADE",40.31,"COMPOSICAO",88246,"ASSENTADOR DE TUBOS COM ENCARGOS COMPLEMENTARES","H","COEFICIENTE DE REPRESENTATIVIDADE","0,1083000",23.3,"2,52","","","","","","","","","","",null,"CAIXA REFERENCIAL"]
["ASSENTAMENTO DE TUBOS E PECAS","ASTU","FORNEC E/OU ASSENT DE TUBO DE ACO COM JUNTA SOLDAD",46,"","",97173,"ASSENTAMENTO DE TUBO DE AÇO CARBONO PARA REDE DE ÁGUA, DN 600 MM (24\u0092\u0092), JUNTA SOLDADA, INSTALADO EM LOCAL COM NÍVEL ALTO DE INTERFERÊNCIAS (NÃO INCLUI FORNECIMENTO). AF_11/2017","M","COEFICIENTE DE REPRESENTATIVIDADE",40.31,"COMPOSICAO",88316,"SERVENTE COM ENCARGOS COMPLEMENTARES","H","COLETADO","0,1083000",16.920000000000002,"1,83","","","","","","","","","","",null,"CAIXA REFERENCIAL"]
["ASSENTAMENTO DE TUBOS E PECAS","ASTU","FORNEC E/OU ASSENT DE TUBO DE ACO COM JUNTA SOLDAD",46,"","",97173,"ASSENTAMENTO DE TUBO DE AÇO CARBONO PARA REDE DE ÁGUA, DN 600 MM (24\u0092\u0092), JUNTA SOLDADA, INSTALADO EM LOCAL COM NÍVEL ALTO DE INTERFERÊNCIAS (NÃO INCLUI FORNECIMENTO). AF_11/2017","M","COEFICIENTE DE REPRESENTATIVIDADE",40.31,"COMPOSICAO",88317,"SOLDADOR COM ENCARGOS COMPLEMENTARES","H","COLETADO","0,4792000",24.39,"11,68","","","","","","","","","","",null,"CAIXA REFERENCIAL"]
["ASSENTAMENTO DE TUBOS E PECAS","ASTU","FORNEC E/OU ASSENT DE TUBO DE ACO COM JUNTA SOLDAD",46,"","",97174,"ASSENTAMENTO DE TUBO DE AÇO CARBONO PARA REDE DE ÁGUA, DN 700 MM (28\u0092\u0092), JUNTA SOLDADA, INSTALADO EM LOCAL COM NÍVEL ALTO DE INTERFERÊNCIAS (NÃO INCLUI FORNECIMENTO). AF_11/2017","M","COEFICIENTE DE REPRESENTATIVIDADE",46.74,"",null,"","","","",null,"","17,40","37,2393033","20,68","44,2270481","8,66","18,5336486","0,00","0,0000000","0,00","0,0000000",0,"CAIXA REFERENCIAL"]
["ASSENTAMENTO DE TUBOS E PECAS","ASTU","FORNEC E/OU ASSENT DE TUBO DE ACO COM JUNTA SOLDAD",46,"","",97174,"ASSENTAMENTO DE TUBO DE AÇO CARBONO PARA REDE DE ÁGUA, DN 700 MM (28\u0092\u0092), JUNTA SOLDADA, INSTALADO EM LOCAL COM NÍVEL ALTO DE INTERFERÊNCIAS (NÃO INCLUI FORNECIMENTO). AF_11/2017","M","COEFICIENTE DE REPRESENTATIVIDADE",46.74,"COMPOSICAO",5631,"ESCAVADEIRA HIDRÁULICA SOBRE ESTEIRAS, CAÇAMBA 0,80 M3, PESO OPERACIONAL 17 T, POTENCIA BRUTA 111 HP - CHP DIURNO. AF_06/2014","CHP","COLETADO","0,0246000",191.27,"4,70","","","","","","","","","","",null,"CAIXA REFERENCIAL"]
["ASSENTAMENTO DE TUBOS E PECAS","ASTU","FORNEC E/OU ASSENT DE TUBO DE ACO COM JUNTA SOLDAD",46,"","",97174,"ASSENTAMENTO DE TUBO DE AÇO CARBONO PARA REDE DE ÁGUA, DN 700 MM (28\u0092\u0092), JUNTA SOLDADA, INSTALADO EM LOCAL COM NÍVEL ALTO DE INTERFERÊNCIAS (NÃO INCLUI FORNECIMENTO). AF_11/2017","M","COEFICIENTE DE REPRESENTATIVIDADE",46.74,"COMPOSICAO",5632,"ESCAVADEIRA HIDRÁULICA SOBRE ESTEIRAS, CAÇAMBA 0,80 M3, PESO OPERACIONAL 17 T, POTENCIA BRUTA 111 HP - CHI DIURNO. AF_06/2014","CHI","COLETADO","0,1179000",77.11,"9,09","","","","","","","","","","",null,"CAIXA REFERENCIAL"]
["ASSENTAMENTO DE TUBOS E PECAS","ASTU","FORNEC E/OU ASSENT DE TUBO DE ACO COM JUNTA SOLDAD",46,"","",97174,"ASSENTAMENTO DE TUBO DE AÇO CARBONO PARA REDE DE ÁGUA, DN 700 MM (28\u0092\u0092), JUNTA SOLDADA, INSTALADO EM LOCAL COM NÍVEL ALTO DE INTERFERÊNCIAS (NÃO INCLUI FORNECIMENTO). AF_11/2017","M","COEFICIENTE DE REPRESENTATIVIDADE",46.74,"INSUMO",10997,"ELETRODO REVESTIDO AWS - E7018, DIAMETRO IGUAL A 4,00 MM","KG","COLETADO","0,2187000",66.5,"14,54","","","","","","","","","","",null,"CAIXA REFERENCIAL"]
["ASSENTAMENTO DE TUBOS E PECAS","ASTU","FORNEC E/OU ASSENT DE TUBO DE ACO COM JUNTA SOLDAD",46,"","",97174,"ASSENTAMENTO DE TUBO DE AÇO CARBONO PARA REDE DE ÁGUA, DN 700 MM (28\u0092\u0092), JUNTA SOLDADA, INSTALADO EM LOCAL COM NÍVEL ALTO DE INTERFERÊNCIAS (NÃO INCLUI FORNECIMENTO). AF_11/2017","M","COEFICIENTE DE REPRESENTATIVIDADE",46.74,"COMPOSICAO",88246,"ASSENTADOR DE TUBOS COM ENCARGOS COMPLEMENTARES","H","COEFICIENTE DE REPRESENTATIVIDADE","0,1189000",23.3,"2,77","","","","","","","","","","",null,"CAIXA REFERENCIAL"]
["ASSENTAMENTO DE TUBOS E PECAS","ASTU","FORNEC E/OU ASSENT DE TUBO DE ACO COM JUNTA SOLDAD",46,"","",97174,"ASSENTAMENTO DE TUBO DE AÇO CARBONO PARA REDE DE ÁGUA, DN 700 MM (28\u0092\u0092), JUNTA SOLDADA, INSTALADO EM LOCAL COM NÍVEL ALTO DE INTERFERÊNCIAS (NÃO INCLUI FORNECIMENTO). AF_11/2017","M","COEFICIENTE DE REPRESENTATIVIDADE",46.74,"COMPOSICAO",88316,"SERVENTE COM ENCARGOS COMPLEMENTARES","H","COLETADO","0,1189000",16.920000000000002,"2,01","","","","","","","","","","",null,"CAIXA REFERENCIAL"]
["ASSENTAMENTO DE TUBOS E PECAS","ASTU","FORNEC E/OU ASSENT DE TUBO DE ACO COM JUNTA SOLDAD",46,"","",97174,"ASSENTAMENTO DE TUBO DE AÇO CARBONO PARA REDE DE ÁGUA, DN 700 MM (28\u0092\u0092), JUNTA SOLDADA, INSTALADO EM LOCAL COM NÍVEL ALTO DE INTERFERÊNCIAS (NÃO INCLUI FORNECIMENTO). AF_11/2017","M","COEFICIENTE DE REPRESENTATIVIDADE",46.74,"COMPOSICAO",88317,"SOLDADOR COM ENCARGOS COMPLEMENTARES","H","COLETADO","0,5590000",24.39,"13,63","","","","","","","","","","",null,"CAIXA REFERENCIAL"]
["ASSENTAMENTO DE TUBOS E PECAS","ASTU","FORNEC E/OU ASSENT DE TUBO DE ACO COM JUNTA SOLDAD",46,"","",97175,"ASSENTAMENTO DE TUBO DE AÇO CARBONO PARA REDE DE ÁGUA, DN 800 MM (32\u0092\u0092), JUNTA SOLDADA, INSTALADO EM LOCAL COM NÍVEL ALTO DE INTERFERÊNCIAS (NÃO INCLUI FORNECIMENTO). AF_11/2017","M","COEFICIENTE DE REPRESENTATIVIDADE",53.14,"",null,"","","","",null,"","19,66","37,0041556","23,59","44,3709861","9,89","18,6248583","0,00","0,0000000","0,00","0,0000000",0,"CAIXA REFERENCIAL"]
["ASSENTAMENTO DE TUBOS E PECAS","ASTU","FORNEC E/OU ASSENT DE TUBO DE ACO COM JUNTA SOLDAD",46,"","",97175,"ASSENTAMENTO DE TUBO DE AÇO CARBONO PARA REDE DE ÁGUA, DN 800 MM (32\u0092\u0092), JUNTA SOLDADA, INSTALADO EM LOCAL COM NÍVEL ALTO DE INTERFERÊNCIAS (NÃO INCLUI FORNECIMENTO). AF_11/2017","M","COEFICIENTE DE REPRESENTATIVIDADE",53.14,"COMPOSICAO",5631,"ESCAVADEIRA HIDRÁULICA SOBRE ESTEIRAS, CAÇAMBA 0,80 M3, PESO OPERACIONAL 17 T, POTENCIA BRUTA 111 HP - CHP DIURNO. AF_06/2014","CHP","COLETADO","0,0281000",191.27,"5,37","","","","","","","","","","",null,"CAIXA REFERENCIAL"]
["ASSENTAMENTO DE TUBOS E PECAS","ASTU","FORNEC E/OU ASSENT DE TUBO DE ACO COM JUNTA SOLDAD",46,"","",97175,"ASSENTAMENTO DE TUBO DE AÇO CARBONO PARA REDE DE ÁGUA, DN 800 MM (32\u0092\u0092), JUNTA SOLDADA, INSTALADO EM LOCAL COM NÍVEL ALTO DE INTERFERÊNCIAS (NÃO INCLUI FORNECIMENTO). AF_11/2017","M","COEFICIENTE DE REPRESENTATIVIDADE",53.14,"COMPOSICAO",5632,"ESCAVADEIRA HIDRÁULICA SOBRE ESTEIRAS, CAÇAMBA 0,80 M3, PESO OPERACIONAL 17 T, POTENCIA BRUTA 111 HP - CHI DIURNO. AF_06/2014","CHI","COLETADO","0,1347000",77.11,"10,38","","","","","","","","","","",null,"CAIXA REFERENCIAL"]
["ASSENTAMENTO DE TUBOS E PECAS","ASTU","FORNEC E/OU ASSENT DE TUBO DE ACO COM JUNTA SOLDAD",46,"","",97175,"ASSENTAMENTO DE TUBO DE AÇO CARBONO PARA REDE DE ÁGUA, DN 800 MM (32\u0092\u0092), JUNTA SOLDADA, INSTALADO EM LOCAL COM NÍVEL ALTO DE INTERFERÊNCIAS (NÃO INCLUI FORNECIMENTO). AF_11/2017","M","COEFICIENTE DE REPRESENTATIVIDADE",53.14,"INSUMO",10997,"ELETRODO REVESTIDO AWS - E7018, DIAMETRO IGUAL A 4,00 MM","KG","COLETADO","0,2499000",66.5,"16,61","","","","","","","","","","",null,"CAIXA REFERENCIAL"]
["ASSENTAMENTO DE TUBOS E PECAS","ASTU","FORNEC E/OU ASSENT DE TUBO DE ACO COM JUNTA SOLDAD",46,"","",97175,"ASSENTAMENTO DE TUBO DE AÇO CARBONO PARA REDE DE ÁGUA, DN 800 MM (32\u0092\u0092), JUNTA SOLDADA, INSTALADO EM LOCAL COM NÍVEL ALTO DE INTERFERÊNCIAS (NÃO INCLUI FORNECIMENTO). AF_11/2017","M","COEFICIENTE DE REPRESENTATIVIDADE",53.14,"COMPOSICAO",88246,"ASSENTADOR DE TUBOS COM ENCARGOS COMPLEMENTARES","H","COEFICIENTE DE REPRESENTATIVIDADE","0,1295000",23.3,"3,01","","","","","","","","","","",null,"CAIXA REFERENCIAL"]
["ASSENTAMENTO DE TUBOS E PECAS","ASTU","FORNEC E/OU ASSENT DE TUBO DE ACO COM JUNTA SOLDAD",46,"","",97175,"ASSENTAMENTO DE TUBO DE AÇO CARBONO PARA REDE DE ÁGUA, DN 800 MM (32\u0092\u0092), JUNTA SOLDADA, INSTALADO EM LOCAL COM NÍVEL ALTO DE INTERFERÊNCIAS (NÃO INCLUI FORNECIMENTO). AF_11/2017","M","COEFICIENTE DE REPRESENTATIVIDADE",53.14,"COMPOSICAO",88316,"SERVENTE COM ENCARGOS COMPLEMENTARES","H","COLETADO","0,1295000",16.920000000000002,"2,19","","","","","","","","","","",null,"CAIXA REFERENCIAL"]
["ASSENTAMENTO DE TUBOS E PECAS","ASTU","FORNEC E/OU ASSENT DE TUBO DE ACO COM JUNTA SOLDAD",46,"","",97175,"ASSENTAMENTO DE TUBO DE AÇO CARBONO PARA REDE DE ÁGUA, DN 800 MM (32\u0092\u0092), JUNTA SOLDADA, INSTALADO EM LOCAL COM NÍVEL ALTO DE INTERFERÊNCIAS (NÃO INCLUI FORNECIMENTO). AF_11/2017","M","COEFICIENTE DE REPRESENTATIVIDADE",53.14,"COMPOSICAO",88317,"SOLDADOR COM ENCARGOS COMPLEMENTARES","H","COLETADO","0,6389000",24.39,"15,58","","","","","","","","","","",null,"CAIXA REFERENCIAL"]
["ASSENTAMENTO DE TUBOS E PECAS","ASTU","FORNEC E/OU ASSENT DE TUBO DE ACO COM JUNTA SOLDAD",46,"","",97176,"ASSENTAMENTO DE TUBO DE AÇO CARBONO PARA REDE DE ÁGUA, DN 900 MM (36\u0092\u0092), JUNTA SOLDADA, INSTALADO EM LOCAL COM NÍVEL ALTO DE INTERFERÊNCIAS (NÃO INCLUI FORNECIMENTO). AF_11/2017","M","COEFICIENTE DE REPRESENTATIVIDADE",59.56,"",null,"","","","",null,"","21,95","36,8660488","26,50","44,4650380","11,11","18,6689132","0,00","0,0000000","0,00","0,0000000",0,"CAIXA REFERENCIAL"]
["ASSENTAMENTO DE TUBOS E PECAS","ASTU","FORNEC E/OU ASSENT DE TUBO DE ACO COM JUNTA SOLDAD",46,"","",97176,"ASSENTAMENTO DE TUBO DE AÇO CARBONO PARA REDE DE ÁGUA, DN 900 MM (36\u0092\u0092), JUNTA SOLDADA, INSTALADO EM LOCAL COM NÍVEL ALTO DE INTERFERÊNCIAS (NÃO INCLUI FORNECIMENTO). AF_11/2017","M","COEFICIENTE DE REPRESENTATIVIDADE",59.56,"COMPOSICAO",5631,"ESCAVADEIRA HIDRÁULICA SOBRE ESTEIRAS, CAÇAMBA 0,80 M3, PESO OPERACIONAL 17 T, POTENCIA BRUTA 111 HP - CHP DIURNO. AF_06/2014","CHP","COLETADO","0,0316000",191.27,"6,04","","","","","","","","","","",null,"CAIXA REFERENCIAL"]
["ASSENTAMENTO DE TUBOS E PECAS","ASTU","FORNEC E/OU ASSENT DE TUBO DE ACO COM JUNTA SOLDAD",46,"","",97176,"ASSENTAMENTO DE TUBO DE AÇO CARBONO PARA REDE DE ÁGUA, DN 900 MM (36\u0092\u0092), JUNTA SOLDADA, INSTALADO EM LOCAL COM NÍVEL ALTO DE INTERFERÊNCIAS (NÃO INCLUI FORNECIMENTO). AF_11/2017","M","COEFICIENTE DE REPRESENTATIVIDADE",59.56,"COMPOSICAO",5632,"ESCAVADEIRA HIDRÁULICA SOBRE ESTEIRAS, CAÇAMBA 0,80 M3, PESO OPERACIONAL 17 T, POTENCIA BRUTA 111 HP - CHI DIURNO. AF_06/2014","CHI","COLETADO","0,1514000",77.11,"11,67","","","","","","","","","","",null,"CAIXA REFERENCIAL"]
["ASSENTAMENTO DE TUBOS E PECAS","ASTU","FORNEC E/OU ASSENT DE TUBO DE ACO COM JUNTA SOLDAD",46,"","",97176,"ASSENTAMENTO DE TUBO DE AÇO CARBONO PARA REDE DE ÁGUA, DN 900 MM (36\u0092\u0092), JUNTA SOLDADA, INSTALADO EM LOCAL COM NÍVEL ALTO DE INTERFERÊNCIAS (NÃO INCLUI FORNECIMENTO). AF_11/2017","M","COEFICIENTE DE REPRESENTATIVIDADE",59.56,"INSUMO",10997,"ELETRODO REVESTIDO AWS - E7018, DIAMETRO IGUAL A 4,00 MM","KG","COLETADO","0,2812000",66.5,"18,69","","","","","","","","","","",null,"CAIXA REFERENCIAL"]
["ASSENTAMENTO DE TUBOS E PECAS","ASTU","FORNEC E/OU ASSENT DE TUBO DE ACO COM JUNTA SOLDAD",46,"","",97176,"ASSENTAMENTO DE TUBO DE AÇO CARBONO PARA REDE DE ÁGUA, DN 900 MM (36\u0092\u0092), JUNTA SOLDADA, INSTALADO EM LOCAL COM NÍVEL ALTO DE INTERFERÊNCIAS (NÃO INCLUI FORNECIMENTO). AF_11/2017","M","COEFICIENTE DE REPRESENTATIVIDADE",59.56,"COMPOSICAO",88246,"ASSENTADOR DE TUBOS COM ENCARGOS COMPLEMENTARES","H","COEFICIENTE DE REPRESENTATIVIDADE","0,1401000",23.3,"3,26","","","","","","","","","","",null,"CAIXA REFERENCIAL"]
["ASSENTAMENTO DE TUBOS E PECAS","ASTU","FORNEC E/OU ASSENT DE TUBO DE ACO COM JUNTA SOLDAD",46,"","",97176,"ASSENTAMENTO DE TUBO DE AÇO CARBONO PARA REDE DE ÁGUA, DN 900 MM (36\u0092\u0092), JUNTA SOLDADA, INSTALADO EM LOCAL COM NÍVEL ALTO DE INTERFERÊNCIAS (NÃO INCLUI FORNECIMENTO). AF_11/2017","M","COEFICIENTE DE REPRESENTATIVIDADE",59.56,"COMPOSICAO",88316,"SERVENTE COM ENCARGOS COMPLEMENTARES","H","COLETADO","0,1401000",16.920000000000002,"2,37","","","","","","","","","","",null,"CAIXA REFERENCIAL"]
["ASSENTAMENTO DE TUBOS E PECAS","ASTU","FORNEC E/OU ASSENT DE TUBO DE ACO COM JUNTA SOLDAD",46,"","",97176,"ASSENTAMENTO DE TUBO DE AÇO CARBONO PARA REDE DE ÁGUA, DN 900 MM (36\u0092\u0092), JUNTA SOLDADA, INSTALADO EM LOCAL COM NÍVEL ALTO DE INTERFERÊNCIAS (NÃO INCLUI FORNECIMENTO). AF_11/2017","M","COEFICIENTE DE REPRESENTATIVIDADE",59.56,"COMPOSICAO",88317,"SOLDADOR COM ENCARGOS COMPLEMENTARES","H","COLETADO","0,7188000",24.39,"17,53","","","","","","","","","","",null,"CAIXA REFERENCIAL"]
["ASSENTAMENTO DE TUBOS E PECAS","ASTU","FORNEC E/OU ASSENT DE TUBO DE ACO COM JUNTA SOLDAD",46,"","",97177,"ASSENTAMENTO DE TUBO DE AÇO CARBONO PARA REDE DE ÁGUA, DN 1000 MM (40\u0092\u0092) OU DN 1100 MM (44\u0092\u0092), JUNTA SOLDADA, INSTALADO EM LOCAL COM NÍVEL ALTO DE INTERFERÊNCIAS (NÃO INCLUI FORNECIMENTO). AF_11/2017","M","COEFICIENTE DE REPRESENTATIVIDADE",72.38,"",null,"","","","",null,"","26,49","36,6015787","32,32","44,6475558","13,57","18,7508655","0,00","0,0000000","0,00","0,0000000",0,"CAIXA REFERENCIAL"]
["ASSENTAMENTO DE TUBOS E PECAS","ASTU","FORNEC E/OU ASSENT DE TUBO DE ACO COM JUNTA SOLDAD",46,"","",97177,"ASSENTAMENTO DE TUBO DE AÇO CARBONO PARA REDE DE ÁGUA, DN 1000 MM (40\u0092\u0092) OU DN 1100 MM (44\u0092\u0092), JUNTA SOLDADA, INSTALADO EM LOCAL COM NÍVEL ALTO DE INTERFERÊNCIAS (NÃO INCLUI FORNECIMENTO). AF_11/2017","M","COEFICIENTE DE REPRESENTATIVIDADE",72.38,"COMPOSICAO",5631,"ESCAVADEIRA HIDRÁULICA SOBRE ESTEIRAS, CAÇAMBA 0,80 M3, PESO OPERACIONAL 17 T, POTENCIA BRUTA 111 HP - CHP DIURNO. AF_06/2014","CHP","COLETADO","0,0386000",191.27,"7,38","","","","","","","","","","",null,"CAIXA REFERENCIAL"]
["ASSENTAMENTO DE TUBOS E PECAS","ASTU","FORNEC E/OU ASSENT DE TUBO DE ACO COM JUNTA SOLDAD",46,"","",97177,"ASSENTAMENTO DE TUBO DE AÇO CARBONO PARA REDE DE ÁGUA, DN 1000 MM (40\u0092\u0092) OU DN 1100 MM (44\u0092\u0092), JUNTA SOLDADA, INSTALADO EM LOCAL COM NÍVEL ALTO DE INTERFERÊNCIAS (NÃO INCLUI FORNECIMENTO). AF_11/2017","M","COEFICIENTE DE REPRESENTATIVIDADE",72.38,"COMPOSICAO",5632,"ESCAVADEIRA HIDRÁULICA SOBRE ESTEIRAS, CAÇAMBA 0,80 M3, PESO OPERACIONAL 17 T, POTENCIA BRUTA 111 HP - CHI DIURNO. AF_06/2014","CHI","COLETADO","0,1850000",77.11,"14,26","","","","","","","","","","",null,"CAIXA REFERENCIAL"]
["ASSENTAMENTO DE TUBOS E PECAS","ASTU","FORNEC E/OU ASSENT DE TUBO DE ACO COM JUNTA SOLDAD",46,"","",97177,"ASSENTAMENTO DE TUBO DE AÇO CARBONO PARA REDE DE ÁGUA, DN 1000 MM (40\u0092\u0092) OU DN 1100 MM (44\u0092\u0092), JUNTA SOLDADA, INSTALADO EM LOCAL COM NÍVEL ALTO DE INTERFERÊNCIAS (NÃO INCLUI FORNECIMENTO). AF_11/2017","M","COEFICIENTE DE REPRESENTATIVIDADE",72.38,"INSUMO",10997,"ELETRODO REVESTIDO AWS - E7018, DIAMETRO IGUAL A 4,00 MM","KG","COLETADO","0,3437000",66.5,"22,85","","","","","","","","","","",null,"CAIXA REFERENCIAL"]
["ASSENTAMENTO DE TUBOS E PECAS","ASTU","FORNEC E/OU ASSENT DE TUBO DE ACO COM JUNTA SOLDAD",46,"","",97177,"ASSENTAMENTO DE TUBO DE AÇO CARBONO PARA REDE DE ÁGUA, DN 1000 MM (40\u0092\u0092) OU DN 1100 MM (44\u0092\u0092), JUNTA SOLDADA, INSTALADO EM LOCAL COM NÍVEL ALTO DE INTERFERÊNCIAS (NÃO INCLUI FORNECIMENTO). AF_11/2017","M","COEFICIENTE DE REPRESENTATIVIDADE",72.38,"COMPOSICAO",88246,"ASSENTADOR DE TUBOS COM ENCARGOS COMPLEMENTARES","H","COEFICIENTE DE REPRESENTATIVIDADE","0,1613000",23.3,"3,75","","","","","","","","","","",null,"CAIXA REFERENCIAL"]
["ASSENTAMENTO DE TUBOS E PECAS","ASTU","FORNEC E/OU ASSENT DE TUBO DE ACO COM JUNTA SOLDAD",46,"","",97177,"ASSENTAMENTO DE TUBO DE AÇO CARBONO PARA REDE DE ÁGUA, DN 1000 MM (40\u0092\u0092) OU DN 1100 MM (44\u0092\u0092), JUNTA SOLDADA, INSTALADO EM LOCAL COM NÍVEL ALTO DE INTERFERÊNCIAS (NÃO INCLUI FORNECIMENTO). AF_11/2017","M","COEFICIENTE DE REPRESENTATIVIDADE",72.38,"COMPOSICAO",88316,"SERVENTE COM ENCARGOS COMPLEMENTARES","H","COLETADO","0,1613000",16.920000000000002,"2,72","","","","","","","","","","",null,"CAIXA REFERENCIAL"]
["ASSENTAMENTO DE TUBOS E PECAS","ASTU","FORNEC E/OU ASSENT DE TUBO DE ACO COM JUNTA SOLDAD",46,"","",97177,"ASSENTAMENTO DE TUBO DE AÇO CARBONO PARA REDE DE ÁGUA, DN 1000 MM (40\u0092\u0092) OU DN 1100 MM (44\u0092\u0092), JUNTA SOLDADA, INSTALADO EM LOCAL COM NÍVEL ALTO DE INTERFERÊNCIAS (NÃO INCLUI FORNECIMENTO). AF_11/2017","M","COEFICIENTE DE REPRESENTATIVIDADE",72.38,"COMPOSICAO",88317,"SOLDADOR COM ENCARGOS COMPLEMENTARES","H","COLETADO","0,8785000",24.39,"21,42","","","","","","","","","","",null,"CAIXA REFERENCIAL"]
["ASSENTAMENTO DE TUBOS E PECAS","ASTU","FORNEC E/OU ASSENT DE TUBO DE ACO COM JUNTA SOLDAD",46,"","",97178,"ASSENTAMENTO DE TUBO DE AÇO CARBONO PARA REDE DE ÁGUA, DN 1200 MM (48\u0092\u0092) OU DN 1300 MM (52\u0092\u0092), JUNTA SOLDADA, INSTALADO EM LOCAL COM NÍVEL ALTO DE INTERFERÊNCIAS (NÃO INCLUI FORNECIMENTO). AF_11/2017","M","COEFICIENTE DE REPRESENTATIVIDADE",85.23,"",null,"","","","",null,"","31,04","36,4267231","38,16","44,7541756","16,03","18,8191013","0,00","0,0000000","0,00","0,0000000",0,"CAIXA REFERENCIAL"]
["ASSENTAMENTO DE TUBOS E PECAS","ASTU","FORNEC E/OU ASSENT DE TUBO DE ACO COM JUNTA SOLDAD",46,"","",97178,"ASSENTAMENTO DE TUBO DE AÇO CARBONO PARA REDE DE ÁGUA, DN 1200 MM (48\u0092\u0092) OU DN 1300 MM (52\u0092\u0092), JUNTA SOLDADA, INSTALADO EM LOCAL COM NÍVEL ALTO DE INTERFERÊNCIAS (NÃO INCLUI FORNECIMENTO). AF_11/2017","M","COEFICIENTE DE REPRESENTATIVIDADE",85.23,"COMPOSICAO",5631,"ESCAVADEIRA HIDRÁULICA SOBRE ESTEIRAS, CAÇAMBA 0,80 M3, PESO OPERACIONAL 17 T, POTENCIA BRUTA 111 HP - CHP DIURNO. AF_06/2014","CHP","COLETADO","0,0456000",191.27,"8,72","","","","","","","","","","",null,"CAIXA REFERENCIAL"]
["ASSENTAMENTO DE TUBOS E PECAS","ASTU","FORNEC E/OU ASSENT DE TUBO DE ACO COM JUNTA SOLDAD",46,"","",97178,"ASSENTAMENTO DE TUBO DE AÇO CARBONO PARA REDE DE ÁGUA, DN 1200 MM (48\u0092\u0092) OU DN 1300 MM (52\u0092\u0092), JUNTA SOLDADA, INSTALADO EM LOCAL COM NÍVEL ALTO DE INTERFERÊNCIAS (NÃO INCLUI FORNECIMENTO). AF_11/2017","M","COEFICIENTE DE REPRESENTATIVIDADE",85.23,"COMPOSICAO",5632,"ESCAVADEIRA HIDRÁULICA SOBRE ESTEIRAS, CAÇAMBA 0,80 M3, PESO OPERACIONAL 17 T, POTENCIA BRUTA 111 HP - CHI DIURNO. AF_06/2014","CHI","COLETADO","0,2186000",77.11,"16,85","","","","","","","","","","",null,"CAIXA REFERENCIAL"]
["ASSENTAMENTO DE TUBOS E PECAS","ASTU","FORNEC E/OU ASSENT DE TUBO DE ACO COM JUNTA SOLDAD",46,"","",97178,"ASSENTAMENTO DE TUBO DE AÇO CARBONO PARA REDE DE ÁGUA, DN 1200 MM (48\u0092\u0092) OU DN 1300 MM (52\u0092\u0092), JUNTA SOLDADA, INSTALADO EM LOCAL COM NÍVEL ALTO DE INTERFERÊNCIAS (NÃO INCLUI FORNECIMENTO). AF_11/2017","M","COEFICIENTE DE REPRESENTATIVIDADE",85.23,"INSUMO",10997,"ELETRODO REVESTIDO AWS - E7018, DIAMETRO IGUAL A 4,00 MM","KG","COLETADO","0,4062000",66.5,"27,01","","","","","","","","","","",null,"CAIXA REFERENCIAL"]
["ASSENTAMENTO DE TUBOS E PECAS","ASTU","FORNEC E/OU ASSENT DE TUBO DE ACO COM JUNTA SOLDAD",46,"","",97178,"ASSENTAMENTO DE TUBO DE AÇO CARBONO PARA REDE DE ÁGUA, DN 1200 MM (48\u0092\u0092) OU DN 1300 MM (52\u0092\u0092), JUNTA SOLDADA, INSTALADO EM LOCAL COM NÍVEL ALTO DE INTERFERÊNCIAS (NÃO INCLUI FORNECIMENTO). AF_11/2017","M","COEFICIENTE DE REPRESENTATIVIDADE",85.23,"COMPOSICAO",88246,"ASSENTADOR DE TUBOS COM ENCARGOS COMPLEMENTARES","H","COEFICIENTE DE REPRESENTATIVIDADE","0,1825000",23.3,"4,25","","","","","","","","","","",null,"CAIXA REFERENCIAL"]
["ASSENTAMENTO DE TUBOS E PECAS","ASTU","FORNEC E/OU ASSENT DE TUBO DE ACO COM JUNTA SOLDAD",46,"","",97178,"ASSENTAMENTO DE TUBO DE AÇO CARBONO PARA REDE DE ÁGUA, DN 1200 MM (48\u0092\u0092) OU DN 1300 MM (52\u0092\u0092), JUNTA SOLDADA, INSTALADO EM LOCAL COM NÍVEL ALTO DE INTERFERÊNCIAS (NÃO INCLUI FORNECIMENTO). AF_11/2017","M","COEFICIENTE DE REPRESENTATIVIDADE",85.23,"COMPOSICAO",88316,"SERVENTE COM ENCARGOS COMPLEMENTARES","H","COLETADO","0,1825000",16.920000000000002,"3,08","","","","","","","","","","",null,"CAIXA REFERENCIAL"]
["ASSENTAMENTO DE TUBOS E PECAS","ASTU","FORNEC E/OU ASSENT DE TUBO DE ACO COM JUNTA SOLDAD",46,"","",97178,"ASSENTAMENTO DE TUBO DE AÇO CARBONO PARA REDE DE ÁGUA, DN 1200 MM (48\u0092\u0092) OU DN 1300 MM (52\u0092\u0092), JUNTA SOLDADA, INSTALADO EM LOCAL COM NÍVEL ALTO DE INTERFERÊNCIAS (NÃO INCLUI FORNECIMENTO). AF_11/2017","M","COEFICIENTE DE REPRESENTATIVIDADE",85.23,"COMPOSICAO",88317,"SOLDADOR COM ENCARGOS COMPLEMENTARES","H","COLETADO","1,0382000",24.39,"25,32","","","","","","","","","","",null,"CAIXA REFERENCIAL"]
["ASSENTAMENTO DE TUBOS E PECAS","ASTU","FORNEC E/OU ASSENT DE TUBO DE ACO COM JUNTA SOLDAD",46,"","",97179,"ASSENTAMENTO DE TUBO DE AÇO CARBONO PARA REDE DE ÁGUA, DN 1400 MM (56'') OU DN 1500 MM (60\u0092\u0092), JUNTA SOLDADA, INSTALADO EM LOCAL COM NÍVEL ALTO DE INTERFERÊNCIAS (NÃO INCLUI FORNECIMENTO). AF_11/2017","M","COEFICIENTE DE REPRESENTATIVIDADE",98.05,"",null,"","","","",null,"","35,61","36,3255718","43,94","44,8018792","18,50","18,8725490","0,00","0,0000000","0,00","0,0000000",0,"CAIXA REFERENCIAL"]
["ASSENTAMENTO DE TUBOS E PECAS","ASTU","FORNEC E/OU ASSENT DE TUBO DE ACO COM JUNTA SOLDAD",46,"","",97179,"ASSENTAMENTO DE TUBO DE AÇO CARBONO PARA REDE DE ÁGUA, DN 1400 MM (56'') OU DN 1500 MM (60\u0092\u0092), JUNTA SOLDADA, INSTALADO EM LOCAL COM NÍVEL ALTO DE INTERFERÊNCIAS (NÃO INCLUI FORNECIMENTO). AF_11/2017","M","COEFICIENTE DE REPRESENTATIVIDADE",98.05,"COMPOSICAO",5631,"ESCAVADEIRA HIDRÁULICA SOBRE ESTEIRAS, CAÇAMBA 0,80 M3, PESO OPERACIONAL 17 T, POTENCIA BRUTA 111 HP - CHP DIURNO. AF_06/2014","CHP","COLETADO","0,0526000",191.27,"10,06","","","","","","","","","","",null,"CAIXA REFERENCIAL"]
["ASSENTAMENTO DE TUBOS E PECAS","ASTU","FORNEC E/OU ASSENT DE TUBO DE ACO COM JUNTA SOLDAD",46,"","",97179,"ASSENTAMENTO DE TUBO DE AÇO CARBONO PARA REDE DE ÁGUA, DN 1400 MM (56'') OU DN 1500 MM (60\u0092\u0092), JUNTA SOLDADA, INSTALADO EM LOCAL COM NÍVEL ALTO DE INTERFERÊNCIAS (NÃO INCLUI FORNECIMENTO). AF_11/2017","M","COEFICIENTE DE REPRESENTATIVIDADE",98.05,"COMPOSICAO",5632,"ESCAVADEIRA HIDRÁULICA SOBRE ESTEIRAS, CAÇAMBA 0,80 M3, PESO OPERACIONAL 17 T, POTENCIA BRUTA 111 HP - CHI DIURNO. AF_06/2014","CHI","COLETADO","0,2522000",77.11,"19,44","","","","","","","","","","",null,"CAIXA REFERENCIAL"]
["ASSENTAMENTO DE TUBOS E PECAS","ASTU","FORNEC E/OU ASSENT DE TUBO DE ACO COM JUNTA SOLDAD",46,"","",97179,"ASSENTAMENTO DE TUBO DE AÇO CARBONO PARA REDE DE ÁGUA, DN 1400 MM (56'') OU DN 1500 MM (60\u0092\u0092), JUNTA SOLDADA, INSTALADO EM LOCAL COM NÍVEL ALTO DE INTERFERÊNCIAS (NÃO INCLUI FORNECIMENTO). AF_11/2017","M","COEFICIENTE DE REPRESENTATIVIDADE",98.05,"INSUMO",10997,"ELETRODO REVESTIDO AWS - E7018, DIAMETRO IGUAL A 4,00 MM","KG","COLETADO","0,4687000",66.5,"31,16","","","","","","","","","","",null,"CAIXA REFERENCIAL"]
["ASSENTAMENTO DE TUBOS E PECAS","ASTU","FORNEC E/OU ASSENT DE TUBO DE ACO COM JUNTA SOLDAD",46,"","",97179,"ASSENTAMENTO DE TUBO DE AÇO CARBONO PARA REDE DE ÁGUA, DN 1400 MM (56'') OU DN 1500 MM (60\u0092\u0092), JUNTA SOLDADA, INSTALADO EM LOCAL COM NÍVEL ALTO DE INTERFERÊNCIAS (NÃO INCLUI FORNECIMENTO). AF_11/2017","M","COEFICIENTE DE REPRESENTATIVIDADE",98.05,"COMPOSICAO",88246,"ASSENTADOR DE TUBOS COM ENCARGOS COMPLEMENTARES","H","COEFICIENTE DE REPRESENTATIVIDADE","0,2036000",23.3,"4,74","","","","","","","","","","",null,"CAIXA REFERENCIAL"]
["ASSENTAMENTO DE TUBOS E PECAS","ASTU","FORNEC E/OU ASSENT DE TUBO DE ACO COM JUNTA SOLDAD",46,"","",97179,"ASSENTAMENTO DE TUBO DE AÇO CARBONO PARA REDE DE ÁGUA, DN 1400 MM (56'') OU DN 1500 MM (60\u0092\u0092), JUNTA SOLDADA, INSTALADO EM LOCAL COM NÍVEL ALTO DE INTERFERÊNCIAS (NÃO INCLUI FORNECIMENTO). AF_11/2017","M","COEFICIENTE DE REPRESENTATIVIDADE",98.05,"COMPOSICAO",88316,"SERVENTE COM ENCARGOS COMPLEMENTARES","H","COLETADO","0,2036000",16.920000000000002,"3,44","","","","","","","","","","",null,"CAIXA REFERENCIAL"]
["ASSENTAMENTO DE TUBOS E PECAS","ASTU","FORNEC E/OU ASSENT DE TUBO DE ACO COM JUNTA SOLDAD",46,"","",97179,"ASSENTAMENTO DE TUBO DE AÇO CARBONO PARA REDE DE ÁGUA, DN 1400 MM (56'') OU DN 1500 MM (60\u0092\u0092), JUNTA SOLDADA, INSTALADO EM LOCAL COM NÍVEL ALTO DE INTERFERÊNCIAS (NÃO INCLUI FORNECIMENTO). AF_11/2017","M","COEFICIENTE DE REPRESENTATIVIDADE",98.05,"COMPOSICAO",88317,"SOLDADOR COM ENCARGOS COMPLEMENTARES","H","COLETADO","1,1980000",24.39,"29,21","","","","","","","","","","",null,"CAIXA REFERENCIAL"]
["ASSENTAMENTO DE TUBOS E PECAS","ASTU","FORNEC E/OU ASSENT DE TUBO DE ACO COM JUNTA SOLDAD",46,"","",97180,"ASSENTAMENTO DE TUBO DE AÇO CARBONO PARA REDE DE ÁGUA, DN 1600 MM (64\u0092\u0092) OU DN 1700 MM (68\u0092\u0092), JUNTA SOLDADA, INSTALADO EM LOCAL COM NÍVEL ALTO DE INTERFERÊNCIAS (NÃO INCLUI FORNECIMENTO). AF_11/2017","M","COEFICIENTE DE REPRESENTATIVIDADE",110.87,"",null,"","","","",null,"","40,16","36,2297895","49,75","44,8649626","20,96","18,9052479","0,00","0,0000000","0,00","0,0000000",0,"CAIXA REFERENCIAL"]
["ASSENTAMENTO DE TUBOS E PECAS","ASTU","FORNEC E/OU ASSENT DE TUBO DE ACO COM JUNTA SOLDAD",46,"","",97180,"ASSENTAMENTO DE TUBO DE AÇO CARBONO PARA REDE DE ÁGUA, DN 1600 MM (64\u0092\u0092) OU DN 1700 MM (68\u0092\u0092), JUNTA SOLDADA, INSTALADO EM LOCAL COM NÍVEL ALTO DE INTERFERÊNCIAS (NÃO INCLUI FORNECIMENTO). AF_11/2017","M","COEFICIENTE DE REPRESENTATIVIDADE",110.87,"COMPOSICAO",5631,"ESCAVADEIRA HIDRÁULICA SOBRE ESTEIRAS, CAÇAMBA 0,80 M3, PESO OPERACIONAL 17 T, POTENCIA BRUTA 111 HP - CHP DIURNO. AF_06/2014","CHP","COLETADO","0,0596000",191.27,"11,39","","","","","","","","","","",null,"CAIXA REFERENCIAL"]
["ASSENTAMENTO DE TUBOS E PECAS","ASTU","FORNEC E/OU ASSENT DE TUBO DE ACO COM JUNTA SOLDAD",46,"","",97180,"ASSENTAMENTO DE TUBO DE AÇO CARBONO PARA REDE DE ÁGUA, DN 1600 MM (64\u0092\u0092) OU DN 1700 MM (68\u0092\u0092), JUNTA SOLDADA, INSTALADO EM LOCAL COM NÍVEL ALTO DE INTERFERÊNCIAS (NÃO INCLUI FORNECIMENTO). AF_11/2017","M","COEFICIENTE DE REPRESENTATIVIDADE",110.87,"COMPOSICAO",5632,"ESCAVADEIRA HIDRÁULICA SOBRE ESTEIRAS, CAÇAMBA 0,80 M3, PESO OPERACIONAL 17 T, POTENCIA BRUTA 111 HP - CHI DIURNO. AF_06/2014","CHI","COLETADO","0,2858000",77.11,"22,03","","","","","","","","","","",null,"CAIXA REFERENCIAL"]
["ASSENTAMENTO DE TUBOS E PECAS","ASTU","FORNEC E/OU ASSENT DE TUBO DE ACO COM JUNTA SOLDAD",46,"","",97180,"ASSENTAMENTO DE TUBO DE AÇO CARBONO PARA REDE DE ÁGUA, DN 1600 MM (64\u0092\u0092) OU DN 1700 MM (68\u0092\u0092), JUNTA SOLDADA, INSTALADO EM LOCAL COM NÍVEL ALTO DE INTERFERÊNCIAS (NÃO INCLUI FORNECIMENTO). AF_11/2017","M","COEFICIENTE DE REPRESENTATIVIDADE",110.87,"INSUMO",10997,"ELETRODO REVESTIDO AWS - E7018, DIAMETRO IGUAL A 4,00 MM","KG","COLETADO","0,5311000",66.5,"35,31","","","","","","","","","","",null,"CAIXA REFERENCIAL"]
["ASSENTAMENTO DE TUBOS E PECAS","ASTU","FORNEC E/OU ASSENT DE TUBO DE ACO COM JUNTA SOLDAD",46,"","",97180,"ASSENTAMENTO DE TUBO DE AÇO CARBONO PARA REDE DE ÁGUA, DN 1600 MM (64\u0092\u0092) OU DN 1700 MM (68\u0092\u0092), JUNTA SOLDADA, INSTALADO EM LOCAL COM NÍVEL ALTO DE INTERFERÊNCIAS (NÃO INCLUI FORNECIMENTO). AF_11/2017","M","COEFICIENTE DE REPRESENTATIVIDADE",110.87,"COMPOSICAO",88246,"ASSENTADOR DE TUBOS COM ENCARGOS COMPLEMENTARES","H","COEFICIENTE DE REPRESENTATIVIDADE","0,2248000",23.3,"5,23","","","","","","","","","","",null,"CAIXA REFERENCIAL"]
["ASSENTAMENTO DE TUBOS E PECAS","ASTU","FORNEC E/OU ASSENT DE TUBO DE ACO COM JUNTA SOLDAD",46,"","",97180,"ASSENTAMENTO DE TUBO DE AÇO CARBONO PARA REDE DE ÁGUA, DN 1600 MM (64\u0092\u0092) OU DN 1700 MM (68\u0092\u0092), JUNTA SOLDADA, INSTALADO EM LOCAL COM NÍVEL ALTO DE INTERFERÊNCIAS (NÃO INCLUI FORNECIMENTO). AF_11/2017","M","COEFICIENTE DE REPRESENTATIVIDADE",110.87,"COMPOSICAO",88316,"SERVENTE COM ENCARGOS COMPLEMENTARES","H","COLETADO","0,2248000",16.920000000000002,"3,80","","","","","","","","","","",null,"CAIXA REFERENCIAL"]
["ASSENTAMENTO DE TUBOS E PECAS","ASTU","FORNEC E/OU ASSENT DE TUBO DE ACO COM JUNTA SOLDAD",46,"","",97180,"ASSENTAMENTO DE TUBO DE AÇO CARBONO PARA REDE DE ÁGUA, DN 1600 MM (64\u0092\u0092) OU DN 1700 MM (68\u0092\u0092), JUNTA SOLDADA, INSTALADO EM LOCAL COM NÍVEL ALTO DE INTERFERÊNCIAS (NÃO INCLUI FORNECIMENTO). AF_11/2017","M","COEFICIENTE DE REPRESENTATIVIDADE",110.87,"COMPOSICAO",88317,"SOLDADOR COM ENCARGOS COMPLEMENTARES","H","COLETADO","1,3577000",24.39,"33,11","","","","","","","","","","",null,"CAIXA REFERENCIAL"]
["ASSENTAMENTO DE TUBOS E PECAS","ASTU","FORNEC E/OU ASSENT DE TUBO DE ACO COM JUNTA SOLDAD",46,"","",97181,"ASSENTAMENTO DE TUBO DE AÇO CARBONO PARA REDE DE ÁGUA, DN 1800 MM (72\u0092\u0092) OU DN 1900 MM (76\u0092\u0092), JUNTA SOLDADA, INSTALADO EM LOCAL COM NÍVEL ALTO DE INTERFERÊNCIAS (NÃO INCLUI FORNECIMENTO). AF_11/2017","M","COEFICIENTE DE REPRESENTATIVIDADE",127.87,"",null,"","","","",null,"","44,72","34,9780701","57,10","44,6428573","26,05","20,3790726","0,00","0,0000000","0,00","0,0000000",0,"CAIXA REFERENCIAL"]
["ASSENTAMENTO DE TUBOS E PECAS","ASTU","FORNEC E/OU ASSENT DE TUBO DE ACO COM JUNTA SOLDAD",46,"","",97181,"ASSENTAMENTO DE TUBO DE AÇO CARBONO PARA REDE DE ÁGUA, DN 1800 MM (72\u0092\u0092) OU DN 1900 MM (76\u0092\u0092), JUNTA SOLDADA, INSTALADO EM LOCAL COM NÍVEL ALTO DE INTERFERÊNCIAS (NÃO INCLUI FORNECIMENTO). AF_11/2017","M","COEFICIENTE DE REPRESENTATIVIDADE",127.87,"INSUMO",10997,"ELETRODO REVESTIDO AWS - E7018, DIAMETRO IGUAL A 4,00 MM","KG","COLETADO","0,5936000",66.5,"39,47","","","","","","","","","","",null,"CAIXA REFERENCIAL"]
["ASSENTAMENTO DE TUBOS E PECAS","ASTU","FORNEC E/OU ASSENT DE TUBO DE ACO COM JUNTA SOLDAD",46,"","",97181,"ASSENTAMENTO DE TUBO DE AÇO CARBONO PARA REDE DE ÁGUA, DN 1800 MM (72\u0092\u0092) OU DN 1900 MM (76\u0092\u0092), JUNTA SOLDADA, INSTALADO EM LOCAL COM NÍVEL ALTO DE INTERFERÊNCIAS (NÃO INCLUI FORNECIMENTO). AF_11/2017","M","COEFICIENTE DE REPRESENTATIVIDADE",127.87,"COMPOSICAO",88246,"ASSENTADOR DE TUBOS COM ENCARGOS COMPLEMENTARES","H","COEFICIENTE DE REPRESENTATIVIDADE","0,2460000",23.3,"5,73","","","","","","","","","","",null,"CAIXA REFERENCIAL"]
["ASSENTAMENTO DE TUBOS E PECAS","ASTU","FORNEC E/OU ASSENT DE TUBO DE ACO COM JUNTA SOLDAD",46,"","",97181,"ASSENTAMENTO DE TUBO DE AÇO CARBONO PARA REDE DE ÁGUA, DN 1800 MM (72\u0092\u0092) OU DN 1900 MM (76\u0092\u0092), JUNTA SOLDADA, INSTALADO EM LOCAL COM NÍVEL ALTO DE INTERFERÊNCIAS (NÃO INCLUI FORNECIMENTO). AF_11/2017","M","COEFICIENTE DE REPRESENTATIVIDADE",127.87,"COMPOSICAO",88316,"SERVENTE COM ENCARGOS COMPLEMENTARES","H","COLETADO","0,2460000",16.920000000000002,"4,16","","","","","","","","","","",null,"CAIXA REFERENCIAL"]
["ASSENTAMENTO DE TUBOS E PECAS","ASTU","FORNEC E/OU ASSENT DE TUBO DE ACO COM JUNTA SOLDAD",46,"","",97181,"ASSENTAMENTO DE TUBO DE AÇO CARBONO PARA REDE DE ÁGUA, DN 1800 MM (72\u0092\u0092) OU DN 1900 MM (76\u0092\u0092), JUNTA SOLDADA, INSTALADO EM LOCAL COM NÍVEL ALTO DE INTERFERÊNCIAS (NÃO INCLUI FORNECIMENTO). AF_11/2017","M","COEFICIENTE DE REPRESENTATIVIDADE",127.87,"COMPOSICAO",88317,"SOLDADOR COM ENCARGOS COMPLEMENTARES","H","COLETADO","1,5174000",24.39,"37,00","","","","","","","","","","",null,"CAIXA REFERENCIAL"]
["ASSENTAMENTO DE TUBOS E PECAS","ASTU","FORNEC E/OU ASSENT DE TUBO DE ACO COM JUNTA SOLDAD",46,"","",97181,"ASSENTAMENTO DE TUBO DE AÇO CARBONO PARA REDE DE ÁGUA, DN 1800 MM (72\u0092\u0092) OU DN 1900 MM (76\u0092\u0092), JUNTA SOLDADA, INSTALADO EM LOCAL COM NÍVEL ALTO DE INTERFERÊNCIAS (NÃO INCLUI FORNECIMENTO). AF_11/2017","M","COEFICIENTE DE REPRESENTATIVIDADE",127.87,"COMPOSICAO",88907,"ESCAVADEIRA HIDRÁULICA SOBRE ESTEIRAS, CAÇAMBA 1,20 M3, PESO OPERACIONAL 21 T, POTÊNCIA BRUTA 155 HP - CHP DIURNO. AF_06/2014","CHP","COEFICIENTE DE REPRESENTATIVIDADE","0,0666000",226.27,"15,06","","","","","","","","","","",null,"CAIXA REFERENCIAL"]
["ASSENTAMENTO DE TUBOS E PECAS","ASTU","FORNEC E/OU ASSENT DE TUBO DE ACO COM JUNTA SOLDAD",46,"","",97181,"ASSENTAMENTO DE TUBO DE AÇO CARBONO PARA REDE DE ÁGUA, DN 1800 MM (72\u0092\u0092) OU DN 1900 MM (76\u0092\u0092), JUNTA SOLDADA, INSTALADO EM LOCAL COM NÍVEL ALTO DE INTERFERÊNCIAS (NÃO INCLUI FORNECIMENTO). AF_11/2017","M","COEFICIENTE DE REPRESENTATIVIDADE",127.87,"COMPOSICAO",88908,"ESCAVADEIRA HIDRÁULICA SOBRE ESTEIRAS, CAÇAMBA 1,20 M3, PESO OPERACIONAL 21 T, POTÊNCIA BRUTA 155 HP - CHI DIURNO. AF_06/2014","CHI","COEFICIENTE DE REPRESENTATIVIDADE","0,3193000",82.84,"26,45","","","","","","","","","","",null,"CAIXA REFERENCIAL"]
["ASSENTAMENTO DE TUBOS E PECAS","ASTU","FORNEC E/OU ASSENT DE TUBO DE ACO COM JUNTA SOLDAD",46,"","",97182,"ASSENTAMENTO DE TUBO DE AÇO CARBONO PARA REDE DE ÁGUA, DN 2000 MM (80\u0092\u0092) OU DN 2100 MM (84\u0092\u0092), JUNTA SOLDADA, INSTALADO EM LOCAL COM NÍVEL ALTO DE INTERFERÊNCIAS (NÃO INCLUI FORNECIMENTO). AF_11/2017","M","COEFICIENTE DE REPRESENTATIVIDADE",141.15,"",null,"","","","",null,"","49,29","34,9251401","63,07","44,6746613","28,79","20,4001986","0,00","0,0000000","0,00","0,0000000",0,"CAIXA REFERENCIAL"]
["ASSENTAMENTO DE TUBOS E PECAS","ASTU","FORNEC E/OU ASSENT DE TUBO DE ACO COM JUNTA SOLDAD",46,"","",97182,"ASSENTAMENTO DE TUBO DE AÇO CARBONO PARA REDE DE ÁGUA, DN 2000 MM (80\u0092\u0092) OU DN 2100 MM (84\u0092\u0092), JUNTA SOLDADA, INSTALADO EM LOCAL COM NÍVEL ALTO DE INTERFERÊNCIAS (NÃO INCLUI FORNECIMENTO). AF_11/2017","M","COEFICIENTE DE REPRESENTATIVIDADE",141.15,"INSUMO",10997,"ELETRODO REVESTIDO AWS - E7018, DIAMETRO IGUAL A 4,00 MM","KG","COLETADO","0,6561000",66.5,"43,63","","","","","","","","","","",null,"CAIXA REFERENCIAL"]
["ASSENTAMENTO DE TUBOS E PECAS","ASTU","FORNEC E/OU ASSENT DE TUBO DE ACO COM JUNTA SOLDAD",46,"","",97182,"ASSENTAMENTO DE TUBO DE AÇO CARBONO PARA REDE DE ÁGUA, DN 2000 MM (80\u0092\u0092) OU DN 2100 MM (84\u0092\u0092), JUNTA SOLDADA, INSTALADO EM LOCAL COM NÍVEL ALTO DE INTERFERÊNCIAS (NÃO INCLUI FORNECIMENTO). AF_11/2017","M","COEFICIENTE DE REPRESENTATIVIDADE",141.15,"COMPOSICAO",88246,"ASSENTADOR DE TUBOS COM ENCARGOS COMPLEMENTARES","H","COEFICIENTE DE REPRESENTATIVIDADE","0,2672000",23.3,"6,22","","","","","","","","","","",null,"CAIXA REFERENCIAL"]
["ASSENTAMENTO DE TUBOS E PECAS","ASTU","FORNEC E/OU ASSENT DE TUBO DE ACO COM JUNTA SOLDAD",46,"","",97182,"ASSENTAMENTO DE TUBO DE AÇO CARBONO PARA REDE DE ÁGUA, DN 2000 MM (80\u0092\u0092) OU DN 2100 MM (84\u0092\u0092), JUNTA SOLDADA, INSTALADO EM LOCAL COM NÍVEL ALTO DE INTERFERÊNCIAS (NÃO INCLUI FORNECIMENTO). AF_11/2017","M","COEFICIENTE DE REPRESENTATIVIDADE",141.15,"COMPOSICAO",88316,"SERVENTE COM ENCARGOS COMPLEMENTARES","H","COLETADO","0,2672000",16.920000000000002,"4,52","","","","","","","","","","",null,"CAIXA REFERENCIAL"]
["ASSENTAMENTO DE TUBOS E PECAS","ASTU","FORNEC E/OU ASSENT DE TUBO DE ACO COM JUNTA SOLDAD",46,"","",97182,"ASSENTAMENTO DE TUBO DE AÇO CARBONO PARA REDE DE ÁGUA, DN 2000 MM (80\u0092\u0092) OU DN 2100 MM (84\u0092\u0092), JUNTA SOLDADA, INSTALADO EM LOCAL COM NÍVEL ALTO DE INTERFERÊNCIAS (NÃO INCLUI FORNECIMENTO). AF_11/2017","M","COEFICIENTE DE REPRESENTATIVIDADE",141.15,"COMPOSICAO",88317,"SOLDADOR COM ENCARGOS COMPLEMENTARES","H","COLETADO","1,6771000",24.39,"40,90","","","","","","","","","","",null,"CAIXA REFERENCIAL"]
["ASSENTAMENTO DE TUBOS E PECAS","ASTU","FORNEC E/OU ASSENT DE TUBO DE ACO COM JUNTA SOLDAD",46,"","",97182,"ASSENTAMENTO DE TUBO DE AÇO CARBONO PARA REDE DE ÁGUA, DN 2000 MM (80\u0092\u0092) OU DN 2100 MM (84\u0092\u0092), JUNTA SOLDADA, INSTALADO EM LOCAL COM NÍVEL ALTO DE INTERFERÊNCIAS (NÃO INCLUI FORNECIMENTO). AF_11/2017","M","COEFICIENTE DE REPRESENTATIVIDADE",141.15,"COMPOSICAO",88907,"ESCAVADEIRA HIDRÁULICA SOBRE ESTEIRAS, CAÇAMBA 1,20 M3, PESO OPERACIONAL 21 T, POTÊNCIA BRUTA 155 HP - CHP DIURNO. AF_06/2014","CHP","COEFICIENTE DE REPRESENTATIVIDADE","0,0736000",226.27,"16,65","","","","","","","","","","",null,"CAIXA REFERENCIAL"]
["ASSENTAMENTO DE TUBOS E PECAS","ASTU","FORNEC E/OU ASSENT DE TUBO DE ACO COM JUNTA SOLDAD",46,"","",97182,"ASSENTAMENTO DE TUBO DE AÇO CARBONO PARA REDE DE ÁGUA, DN 2000 MM (80\u0092\u0092) OU DN 2100 MM (84\u0092\u0092), JUNTA SOLDADA, INSTALADO EM LOCAL COM NÍVEL ALTO DE INTERFERÊNCIAS (NÃO INCLUI FORNECIMENTO). AF_11/2017","M","COEFICIENTE DE REPRESENTATIVIDADE",141.15,"COMPOSICAO",88908,"ESCAVADEIRA HIDRÁULICA SOBRE ESTEIRAS, CAÇAMBA 1,20 M3, PESO OPERACIONAL 21 T, POTÊNCIA BRUTA 155 HP - CHI DIURNO. AF_06/2014","CHI","COEFICIENTE DE REPRESENTATIVIDADE","0,3529000",82.84,"29,23","","","","","","","","","","",null,"CAIXA REFERENCIAL"]
["ASSENTAMENTO DE TUBOS E PECAS","ASTU","FORNEC E/OU ASSENT DE TUBO DE ACO COM JUNTA SOLDAD",46,"","",97183,"ASSENTAMENTO DE TUBO DE AÇO CARBONO PARA REDE DE ÁGUA, DN 600 MM (24\u0092\u0092), JUNTA SOLDADA, INSTALADO EM LOCAL COM NÍVEL BAIXO DE INTERFERÊNCIAS (NÃO INCLUI FORNECIMENTO). AF_11/2017","M","COEFICIENTE DE REPRESENTATIVIDADE",33.89,"",null,"","","","",null,"","12,40","36,6034380","17,20","50,7113220","4,29","12,6852400","0,00","0,0000000","0,00","0,0000000",0,"CAIXA REFERENCIAL"]
["ASSENTAMENTO DE TUBOS E PECAS","ASTU","FORNEC E/OU ASSENT DE TUBO DE ACO COM JUNTA SOLDAD",46,"","",97183,"ASSENTAMENTO DE TUBO DE AÇO CARBONO PARA REDE DE ÁGUA, DN 600 MM (24\u0092\u0092), JUNTA SOLDADA, INSTALADO EM LOCAL COM NÍVEL BAIXO DE INTERFERÊNCIAS (NÃO INCLUI FORNECIMENTO). AF_11/2017","M","COEFICIENTE DE REPRESENTATIVIDADE",33.89,"COMPOSICAO",5631,"ESCAVADEIRA HIDRÁULICA SOBRE ESTEIRAS, CAÇAMBA 0,80 M3, PESO OPERACIONAL 17 T, POTENCIA BRUTA 111 HP - CHP DIURNO. AF_06/2014","CHP","COLETADO","0,0211000",191.27,"4,03","","","","","","","","","","",null,"CAIXA REFERENCIAL"]
["ASSENTAMENTO DE TUBOS E PECAS","ASTU","FORNEC E/OU ASSENT DE TUBO DE ACO COM JUNTA SOLDAD",46,"","",97183,"ASSENTAMENTO DE TUBO DE AÇO CARBONO PARA REDE DE ÁGUA, DN 600 MM (24\u0092\u0092), JUNTA SOLDADA, INSTALADO EM LOCAL COM NÍVEL BAIXO DE INTERFERÊNCIAS (NÃO INCLUI FORNECIMENTO). AF_11/2017","M","COEFICIENTE DE REPRESENTATIVIDADE",33.89,"COMPOSICAO",5632,"ESCAVADEIRA HIDRÁULICA SOBRE ESTEIRAS, CAÇAMBA 0,80 M3, PESO OPERACIONAL 17 T, POTENCIA BRUTA 111 HP - CHI DIURNO. AF_06/2014","CHI","COLETADO","0,0403000",77.11,"3,10","","","","","","","","","","",null,"CAIXA REFERENCIAL"]
["ASSENTAMENTO DE TUBOS E PECAS","ASTU","FORNEC E/OU ASSENT DE TUBO DE ACO COM JUNTA SOLDAD",46,"","",97183,"ASSENTAMENTO DE TUBO DE AÇO CARBONO PARA REDE DE ÁGUA, DN 600 MM (24\u0092\u0092), JUNTA SOLDADA, INSTALADO EM LOCAL COM NÍVEL BAIXO DE INTERFERÊNCIAS (NÃO INCLUI FORNECIMENTO). AF_11/2017","M","COEFICIENTE DE REPRESENTATIVIDADE",33.89,"INSUMO",10997,"ELETRODO REVESTIDO AWS - E7018, DIAMETRO IGUAL A 4,00 MM","KG","COLETADO","0,1875000",66.5,"12,46","","","","","","","","","","",null,"CAIXA REFERENCIAL"]
["ASSENTAMENTO DE TUBOS E PECAS","ASTU","FORNEC E/OU ASSENT DE TUBO DE ACO COM JUNTA SOLDAD",46,"","",97183,"ASSENTAMENTO DE TUBO DE AÇO CARBONO PARA REDE DE ÁGUA, DN 600 MM (24\u0092\u0092), JUNTA SOLDADA, INSTALADO EM LOCAL COM NÍVEL BAIXO DE INTERFERÊNCIAS (NÃO INCLUI FORNECIMENTO). AF_11/2017","M","COEFICIENTE DE REPRESENTATIVIDADE",33.89,"COMPOSICAO",88246,"ASSENTADOR DE TUBOS COM ENCARGOS COMPLEMENTARES","H","COEFICIENTE DE REPRESENTATIVIDADE","0,0656000",23.3,"1,52","","","","","","","","","","",null,"CAIXA REFERENCIAL"]
["ASSENTAMENTO DE TUBOS E PECAS","ASTU","FORNEC E/OU ASSENT DE TUBO DE ACO COM JUNTA SOLDAD",46,"","",97183,"ASSENTAMENTO DE TUBO DE AÇO CARBONO PARA REDE DE ÁGUA, DN 600 MM (24\u0092\u0092), JUNTA SOLDADA, INSTALADO EM LOCAL COM NÍVEL BAIXO DE INTERFERÊNCIAS (NÃO INCLUI FORNECIMENTO). AF_11/2017","M","COEFICIENTE DE REPRESENTATIVIDADE",33.89,"COMPOSICAO",88316,"SERVENTE COM ENCARGOS COMPLEMENTARES","H","COLETADO","0,0656000",16.920000000000002,"1,10","","","","","","","","","","",null,"CAIXA REFERENCIAL"]
["ASSENTAMENTO DE TUBOS E PECAS","ASTU","FORNEC E/OU ASSENT DE TUBO DE ACO COM JUNTA SOLDAD",46,"","",97183,"ASSENTAMENTO DE TUBO DE AÇO CARBONO PARA REDE DE ÁGUA, DN 600 MM (24\u0092\u0092), JUNTA SOLDADA, INSTALADO EM LOCAL COM NÍVEL BAIXO DE INTERFERÊNCIAS (NÃO INCLUI FORNECIMENTO). AF_11/2017","M","COEFICIENTE DE REPRESENTATIVIDADE",33.89,"COMPOSICAO",88317,"SOLDADOR COM ENCARGOS COMPLEMENTARES","H","COLETADO","0,4792000",24.39,"11,68","","","","","","","","","","",null,"CAIXA REFERENCIAL"]
["ASSENTAMENTO DE TUBOS E PECAS","ASTU","FORNEC E/OU ASSENT DE TUBO DE ACO COM JUNTA SOLDAD",46,"","",97184,"ASSENTAMENTO DE TUBO DE AÇO CARBONO PARA REDE DE ÁGUA, DN 700 MM (28\u0092\u0092), JUNTA SOLDADA, INSTALADO EM LOCAL COM NÍVEL BAIXO DE INTERFERÊNCIAS (NÃO INCLUI FORNECIMENTO). AF_11/2017","M","COEFICIENTE DE REPRESENTATIVIDADE",39.369999999999997,"",null,"","","","",null,"","14,32","36,3798825","20,03","50,8552465","5,02","12,7648710","0,00","0,0000000","0,00","0,0000000",0,"CAIXA REFERENCIAL"]
["ASSENTAMENTO DE TUBOS E PECAS","ASTU","FORNEC E/OU ASSENT DE TUBO DE ACO COM JUNTA SOLDAD",46,"","",97184,"ASSENTAMENTO DE TUBO DE AÇO CARBONO PARA REDE DE ÁGUA, DN 700 MM (28\u0092\u0092), JUNTA SOLDADA, INSTALADO EM LOCAL COM NÍVEL BAIXO DE INTERFERÊNCIAS (NÃO INCLUI FORNECIMENTO). AF_11/2017","M","COEFICIENTE DE REPRESENTATIVIDADE",39.369999999999997,"COMPOSICAO",5631,"ESCAVADEIRA HIDRÁULICA SOBRE ESTEIRAS, CAÇAMBA 0,80 M3, PESO OPERACIONAL 17 T, POTENCIA BRUTA 111 HP - CHP DIURNO. AF_06/2014","CHP","COLETADO","0,0246000",191.27,"4,70","","","","","","","","","","",null,"CAIXA REFERENCIAL"]
["ASSENTAMENTO DE TUBOS E PECAS","ASTU","FORNEC E/OU ASSENT DE TUBO DE ACO COM JUNTA SOLDAD",46,"","",97184,"ASSENTAMENTO DE TUBO DE AÇO CARBONO PARA REDE DE ÁGUA, DN 700 MM (28\u0092\u0092), JUNTA SOLDADA, INSTALADO EM LOCAL COM NÍVEL BAIXO DE INTERFERÊNCIAS (NÃO INCLUI FORNECIMENTO). AF_11/2017","M","COEFICIENTE DE REPRESENTATIVIDADE",39.369999999999997,"COMPOSICAO",5632,"ESCAVADEIRA HIDRÁULICA SOBRE ESTEIRAS, CAÇAMBA 0,80 M3, PESO OPERACIONAL 17 T, POTENCIA BRUTA 111 HP - CHI DIURNO. AF_06/2014","CHI","COLETADO","0,0470000",77.11,"3,62","","","","","","","","","","",null,"CAIXA REFERENCIAL"]
["ASSENTAMENTO DE TUBOS E PECAS","ASTU","FORNEC E/OU ASSENT DE TUBO DE ACO COM JUNTA SOLDAD",46,"","",97184,"ASSENTAMENTO DE TUBO DE AÇO CARBONO PARA REDE DE ÁGUA, DN 700 MM (28\u0092\u0092), JUNTA SOLDADA, INSTALADO EM LOCAL COM NÍVEL BAIXO DE INTERFERÊNCIAS (NÃO INCLUI FORNECIMENTO). AF_11/2017","M","COEFICIENTE DE REPRESENTATIVIDADE",39.369999999999997,"INSUMO",10997,"ELETRODO REVESTIDO AWS - E7018, DIAMETRO IGUAL A 4,00 MM","KG","COLETADO","0,2187000",66.5,"14,54","","","","","","","","","","",null,"CAIXA REFERENCIAL"]
["ASSENTAMENTO DE TUBOS E PECAS","ASTU","FORNEC E/OU ASSENT DE TUBO DE ACO COM JUNTA SOLDAD",46,"","",97184,"ASSENTAMENTO DE TUBO DE AÇO CARBONO PARA REDE DE ÁGUA, DN 700 MM (28\u0092\u0092), JUNTA SOLDADA, INSTALADO EM LOCAL COM NÍVEL BAIXO DE INTERFERÊNCIAS (NÃO INCLUI FORNECIMENTO). AF_11/2017","M","COEFICIENTE DE REPRESENTATIVIDADE",39.369999999999997,"COMPOSICAO",88246,"ASSENTADOR DE TUBOS COM ENCARGOS COMPLEMENTARES","H","COEFICIENTE DE REPRESENTATIVIDADE","0,0720000",23.3,"1,67","","","","","","","","","","",null,"CAIXA REFERENCIAL"]
["ASSENTAMENTO DE TUBOS E PECAS","ASTU","FORNEC E/OU ASSENT DE TUBO DE ACO COM JUNTA SOLDAD",46,"","",97184,"ASSENTAMENTO DE TUBO DE AÇO CARBONO PARA REDE DE ÁGUA, DN 700 MM (28\u0092\u0092), JUNTA SOLDADA, INSTALADO EM LOCAL COM NÍVEL BAIXO DE INTERFERÊNCIAS (NÃO INCLUI FORNECIMENTO). AF_11/2017","M","COEFICIENTE DE REPRESENTATIVIDADE",39.369999999999997,"COMPOSICAO",88316,"SERVENTE COM ENCARGOS COMPLEMENTARES","H","COLETADO","0,0720000",16.920000000000002,"1,21","","","","","","","","","","",null,"CAIXA REFERENCIAL"]
["ASSENTAMENTO DE TUBOS E PECAS","ASTU","FORNEC E/OU ASSENT DE TUBO DE ACO COM JUNTA SOLDAD",46,"","",97184,"ASSENTAMENTO DE TUBO DE AÇO CARBONO PARA REDE DE ÁGUA, DN 700 MM (28\u0092\u0092), JUNTA SOLDADA, INSTALADO EM LOCAL COM NÍVEL BAIXO DE INTERFERÊNCIAS (NÃO INCLUI FORNECIMENTO). AF_11/2017","M","COEFICIENTE DE REPRESENTATIVIDADE",39.369999999999997,"COMPOSICAO",88317,"SOLDADOR COM ENCARGOS COMPLEMENTARES","H","COLETADO","0,5590000",24.39,"13,63","","","","","","","","","","",null,"CAIXA REFERENCIAL"]
["ASSENTAMENTO DE TUBOS E PECAS","ASTU","FORNEC E/OU ASSENT DE TUBO DE ACO COM JUNTA SOLDAD",46,"","",97185,"ASSENTAMENTO DE TUBO DE AÇO CARBONO PARA REDE DE ÁGUA, DN 800 MM (32\u0092\u0092), JUNTA SOLDADA, INSTALADO EM LOCAL COM NÍVEL BAIXO DE INTERFERÊNCIAS (NÃO INCLUI FORNECIMENTO). AF_11/2017","M","COEFICIENTE DE REPRESENTATIVIDADE",44.84,"",null,"","","","",null,"","16,23","36,1987911","22,86","50,9738080","5,75","12,8274009","0,00","0,0000000","0,00","0,0000000",0,"CAIXA REFERENCIAL"]
["ASSENTAMENTO DE TUBOS E PECAS","ASTU","FORNEC E/OU ASSENT DE TUBO DE ACO COM JUNTA SOLDAD",46,"","",97185,"ASSENTAMENTO DE TUBO DE AÇO CARBONO PARA REDE DE ÁGUA, DN 800 MM (32\u0092\u0092), JUNTA SOLDADA, INSTALADO EM LOCAL COM NÍVEL BAIXO DE INTERFERÊNCIAS (NÃO INCLUI FORNECIMENTO). AF_11/2017","M","COEFICIENTE DE REPRESENTATIVIDADE",44.84,"COMPOSICAO",5631,"ESCAVADEIRA HIDRÁULICA SOBRE ESTEIRAS, CAÇAMBA 0,80 M3, PESO OPERACIONAL 17 T, POTENCIA BRUTA 111 HP - CHP DIURNO. AF_06/2014","CHP","COLETADO","0,0281000",191.27,"5,37","","","","","","","","","","",null,"CAIXA REFERENCIAL"]
["ASSENTAMENTO DE TUBOS E PECAS","ASTU","FORNEC E/OU ASSENT DE TUBO DE ACO COM JUNTA SOLDAD",46,"","",97185,"ASSENTAMENTO DE TUBO DE AÇO CARBONO PARA REDE DE ÁGUA, DN 800 MM (32\u0092\u0092), JUNTA SOLDADA, INSTALADO EM LOCAL COM NÍVEL BAIXO DE INTERFERÊNCIAS (NÃO INCLUI FORNECIMENTO). AF_11/2017","M","COEFICIENTE DE REPRESENTATIVIDADE",44.84,"COMPOSICAO",5632,"ESCAVADEIRA HIDRÁULICA SOBRE ESTEIRAS, CAÇAMBA 0,80 M3, PESO OPERACIONAL 17 T, POTENCIA BRUTA 111 HP - CHI DIURNO. AF_06/2014","CHI","COLETADO","0,0537000",77.11,"4,14","","","","","","","","","","",null,"CAIXA REFERENCIAL"]
["ASSENTAMENTO DE TUBOS E PECAS","ASTU","FORNEC E/OU ASSENT DE TUBO DE ACO COM JUNTA SOLDAD",46,"","",97185,"ASSENTAMENTO DE TUBO DE AÇO CARBONO PARA REDE DE ÁGUA, DN 800 MM (32\u0092\u0092), JUNTA SOLDADA, INSTALADO EM LOCAL COM NÍVEL BAIXO DE INTERFERÊNCIAS (NÃO INCLUI FORNECIMENTO). AF_11/2017","M","COEFICIENTE DE REPRESENTATIVIDADE",44.84,"INSUMO",10997,"ELETRODO REVESTIDO AWS - E7018, DIAMETRO IGUAL A 4,00 MM","KG","COLETADO","0,2499000",66.5,"16,61","","","","","","","","","","",null,"CAIXA REFERENCIAL"]
["ASSENTAMENTO DE TUBOS E PECAS","ASTU","FORNEC E/OU ASSENT DE TUBO DE ACO COM JUNTA SOLDAD",46,"","",97185,"ASSENTAMENTO DE TUBO DE AÇO CARBONO PARA REDE DE ÁGUA, DN 800 MM (32\u0092\u0092), JUNTA SOLDADA, INSTALADO EM LOCAL COM NÍVEL BAIXO DE INTERFERÊNCIAS (NÃO INCLUI FORNECIMENTO). AF_11/2017","M","COEFICIENTE DE REPRESENTATIVIDADE",44.84,"COMPOSICAO",88246,"ASSENTADOR DE TUBOS COM ENCARGOS COMPLEMENTARES","H","COEFICIENTE DE REPRESENTATIVIDADE","0,0784000",23.3,"1,82","","","","","","","","","","",null,"CAIXA REFERENCIAL"]
["ASSENTAMENTO DE TUBOS E PECAS","ASTU","FORNEC E/OU ASSENT DE TUBO DE ACO COM JUNTA SOLDAD",46,"","",97185,"ASSENTAMENTO DE TUBO DE AÇO CARBONO PARA REDE DE ÁGUA, DN 800 MM (32\u0092\u0092), JUNTA SOLDADA, INSTALADO EM LOCAL COM NÍVEL BAIXO DE INTERFERÊNCIAS (NÃO INCLUI FORNECIMENTO). AF_11/2017","M","COEFICIENTE DE REPRESENTATIVIDADE",44.84,"COMPOSICAO",88316,"SERVENTE COM ENCARGOS COMPLEMENTARES","H","COLETADO","0,0784000",16.920000000000002,"1,32","","","","","","","","","","",null,"CAIXA REFERENCIAL"]
["ASSENTAMENTO DE TUBOS E PECAS","ASTU","FORNEC E/OU ASSENT DE TUBO DE ACO COM JUNTA SOLDAD",46,"","",97185,"ASSENTAMENTO DE TUBO DE AÇO CARBONO PARA REDE DE ÁGUA, DN 800 MM (32\u0092\u0092), JUNTA SOLDADA, INSTALADO EM LOCAL COM NÍVEL BAIXO DE INTERFERÊNCIAS (NÃO INCLUI FORNECIMENTO). AF_11/2017","M","COEFICIENTE DE REPRESENTATIVIDADE",44.84,"COMPOSICAO",88317,"SOLDADOR COM ENCARGOS COMPLEMENTARES","H","COLETADO","0,6389000",24.39,"15,58","","","","","","","","","","",null,"CAIXA REFERENCIAL"]
["ASSENTAMENTO DE TUBOS E PECAS","ASTU","FORNEC E/OU ASSENT DE TUBO DE ACO COM JUNTA SOLDAD",46,"","",97186,"ASSENTAMENTO DE TUBO DE AÇO CARBONO PARA REDE DE ÁGUA, DN 900 MM (36\u0092\u0092), JUNTA SOLDADA, INSTALADO EM LOCAL COM NÍVEL BAIXO DE INTERFERÊNCIAS (NÃO INCLUI FORNECIMENTO). AF_11/2017","M","COEFICIENTE DE REPRESENTATIVIDADE",50.31,"",null,"","","","",null,"","18,17","36,1205348","25,68","51,0277390","6,46","12,8517262","0,00","0,0000000","0,00","0,0000000",0,"CAIXA REFERENCIAL"]
["ASSENTAMENTO DE TUBOS E PECAS","ASTU","FORNEC E/OU ASSENT DE TUBO DE ACO COM JUNTA SOLDAD",46,"","",97186,"ASSENTAMENTO DE TUBO DE AÇO CARBONO PARA REDE DE ÁGUA, DN 900 MM (36\u0092\u0092), JUNTA SOLDADA, INSTALADO EM LOCAL COM NÍVEL BAIXO DE INTERFERÊNCIAS (NÃO INCLUI FORNECIMENTO). AF_11/2017","M","COEFICIENTE DE REPRESENTATIVIDADE",50.31,"COMPOSICAO",5631,"ESCAVADEIRA HIDRÁULICA SOBRE ESTEIRAS, CAÇAMBA 0,80 M3, PESO OPERACIONAL 17 T, POTENCIA BRUTA 111 HP - CHP DIURNO. AF_06/2014","CHP","COLETADO","0,0316000",191.27,"6,04","","","","","","","","","","",null,"CAIXA REFERENCIAL"]
["ASSENTAMENTO DE TUBOS E PECAS","ASTU","FORNEC E/OU ASSENT DE TUBO DE ACO COM JUNTA SOLDAD",46,"","",97186,"ASSENTAMENTO DE TUBO DE AÇO CARBONO PARA REDE DE ÁGUA, DN 900 MM (36\u0092\u0092), JUNTA SOLDADA, INSTALADO EM LOCAL COM NÍVEL BAIXO DE INTERFERÊNCIAS (NÃO INCLUI FORNECIMENTO). AF_11/2017","M","COEFICIENTE DE REPRESENTATIVIDADE",50.31,"COMPOSICAO",5632,"ESCAVADEIRA HIDRÁULICA SOBRE ESTEIRAS, CAÇAMBA 0,80 M3, PESO OPERACIONAL 17 T, POTENCIA BRUTA 111 HP - CHI DIURNO. AF_06/2014","CHI","COLETADO","0,0604000",77.11,"4,65","","","","","","","","","","",null,"CAIXA REFERENCIAL"]
["ASSENTAMENTO DE TUBOS E PECAS","ASTU","FORNEC E/OU ASSENT DE TUBO DE ACO COM JUNTA SOLDAD",46,"","",97186,"ASSENTAMENTO DE TUBO DE AÇO CARBONO PARA REDE DE ÁGUA, DN 900 MM (36\u0092\u0092), JUNTA SOLDADA, INSTALADO EM LOCAL COM NÍVEL BAIXO DE INTERFERÊNCIAS (NÃO INCLUI FORNECIMENTO). AF_11/2017","M","COEFICIENTE DE REPRESENTATIVIDADE",50.31,"INSUMO",10997,"ELETRODO REVESTIDO AWS - E7018, DIAMETRO IGUAL A 4,00 MM","KG","COLETADO","0,2812000",66.5,"18,69","","","","","","","","","","",null,"CAIXA REFERENCIAL"]
["ASSENTAMENTO DE TUBOS E PECAS","ASTU","FORNEC E/OU ASSENT DE TUBO DE ACO COM JUNTA SOLDAD",46,"","",97186,"ASSENTAMENTO DE TUBO DE AÇO CARBONO PARA REDE DE ÁGUA, DN 900 MM (36\u0092\u0092), JUNTA SOLDADA, INSTALADO EM LOCAL COM NÍVEL BAIXO DE INTERFERÊNCIAS (NÃO INCLUI FORNECIMENTO). AF_11/2017","M","COEFICIENTE DE REPRESENTATIVIDADE",50.31,"COMPOSICAO",88246,"ASSENTADOR DE TUBOS COM ENCARGOS COMPLEMENTARES","H","COEFICIENTE DE REPRESENTATIVIDADE","0,0848000",23.3,"1,97","","","","","","","","","","",null,"CAIXA REFERENCIAL"]
["ASSENTAMENTO DE TUBOS E PECAS","ASTU","FORNEC E/OU ASSENT DE TUBO DE ACO COM JUNTA SOLDAD",46,"","",97186,"ASSENTAMENTO DE TUBO DE AÇO CARBONO PARA REDE DE ÁGUA, DN 900 MM (36\u0092\u0092), JUNTA SOLDADA, INSTALADO EM LOCAL COM NÍVEL BAIXO DE INTERFERÊNCIAS (NÃO INCLUI FORNECIMENTO). AF_11/2017","M","COEFICIENTE DE REPRESENTATIVIDADE",50.31,"COMPOSICAO",88316,"SERVENTE COM ENCARGOS COMPLEMENTARES","H","COLETADO","0,0848000",16.920000000000002,"1,43","","","","","","","","","","",null,"CAIXA REFERENCIAL"]
["ASSENTAMENTO DE TUBOS E PECAS","ASTU","FORNEC E/OU ASSENT DE TUBO DE ACO COM JUNTA SOLDAD",46,"","",97186,"ASSENTAMENTO DE TUBO DE AÇO CARBONO PARA REDE DE ÁGUA, DN 900 MM (36\u0092\u0092), JUNTA SOLDADA, INSTALADO EM LOCAL COM NÍVEL BAIXO DE INTERFERÊNCIAS (NÃO INCLUI FORNECIMENTO). AF_11/2017","M","COEFICIENTE DE REPRESENTATIVIDADE",50.31,"COMPOSICAO",88317,"SOLDADOR COM ENCARGOS COMPLEMENTARES","H","COLETADO","0,7188000",24.39,"17,53","","","","","","","","","","",null,"CAIXA REFERENCIAL"]
["ASSENTAMENTO DE TUBOS E PECAS","ASTU","FORNEC E/OU ASSENT DE TUBO DE ACO COM JUNTA SOLDAD",46,"","",97187,"ASSENTAMENTO DE TUBO DE AÇO CARBONO PARA REDE DE ÁGUA, DN 1000 MM (40  ) OU DN 1100 MM (44  ), JUNTA SOLDADA, INSTALADO EM LOCAL COM NÍVEL BAIXO DE INTERFERÊNCIAS (NÃO INCLUI FORNECIMENTO). AF_11/2017","M","COEFICIENTE DE REPRESENTATIVIDADE",61.26,"",null,"","","","",null,"","22,01","35,9318702","31,36","51,1791682","7,89","12,8889616","0,00","0,0000000","0,00","0,0000000",0,"CAIXA REFERENCIAL"]
["ASSENTAMENTO DE TUBOS E PECAS","ASTU","FORNEC E/OU ASSENT DE TUBO DE ACO COM JUNTA SOLDAD",46,"","",97187,"ASSENTAMENTO DE TUBO DE AÇO CARBONO PARA REDE DE ÁGUA, DN 1000 MM (40  ) OU DN 1100 MM (44  ), JUNTA SOLDADA, INSTALADO EM LOCAL COM NÍVEL BAIXO DE INTERFERÊNCIAS (NÃO INCLUI FORNECIMENTO). AF_11/2017","M","COEFICIENTE DE REPRESENTATIVIDADE",61.26,"COMPOSICAO",5631,"ESCAVADEIRA HIDRÁULICA SOBRE ESTEIRAS, CAÇAMBA 0,80 M3, PESO OPERACIONAL 17 T, POTENCIA BRUTA 111 HP - CHP DIURNO. AF_06/2014","CHP","COLETADO","0,0386000",191.27,"7,38","","","","","","","","","","",null,"CAIXA REFERENCIAL"]
["ASSENTAMENTO DE TUBOS E PECAS","ASTU","FORNEC E/OU ASSENT DE TUBO DE ACO COM JUNTA SOLDAD",46,"","",97187,"ASSENTAMENTO DE TUBO DE AÇO CARBONO PARA REDE DE ÁGUA, DN 1000 MM (40  ) OU DN 1100 MM (44  ), JUNTA SOLDADA, INSTALADO EM LOCAL COM NÍVEL BAIXO DE INTERFERÊNCIAS (NÃO INCLUI FORNECIMENTO). AF_11/2017","M","COEFICIENTE DE REPRESENTATIVIDADE",61.26,"COMPOSICAO",5632,"ESCAVADEIRA HIDRÁULICA SOBRE ESTEIRAS, CAÇAMBA 0,80 M3, PESO OPERACIONAL 17 T, POTENCIA BRUTA 111 HP - CHI DIURNO. AF_06/2014","CHI","COLETADO","0,0738000",77.11,"5,69","","","","","","","","","","",null,"CAIXA REFERENCIAL"]
["ASSENTAMENTO DE TUBOS E PECAS","ASTU","FORNEC E/OU ASSENT DE TUBO DE ACO COM JUNTA SOLDAD",46,"","",97187,"ASSENTAMENTO DE TUBO DE AÇO CARBONO PARA REDE DE ÁGUA, DN 1000 MM (40  ) OU DN 1100 MM (44  ), JUNTA SOLDADA, INSTALADO EM LOCAL COM NÍVEL BAIXO DE INTERFERÊNCIAS (NÃO INCLUI FORNECIMENTO). AF_11/2017","M","COEFICIENTE DE REPRESENTATIVIDADE",61.26,"INSUMO",10997,"ELETRODO REVESTIDO AWS - E7018, DIAMETRO IGUAL A 4,00 MM","KG","COLETADO","0,3437000",66.5,"22,85","","","","","","","","","","",null,"CAIXA REFERENCIAL"]
["ASSENTAMENTO DE TUBOS E PECAS","ASTU","FORNEC E/OU ASSENT DE TUBO DE ACO COM JUNTA SOLDAD",46,"","",97187,"ASSENTAMENTO DE TUBO DE AÇO CARBONO PARA REDE DE ÁGUA, DN 1000 MM (40  ) OU DN 1100 MM (44  ), JUNTA SOLDADA, INSTALADO EM LOCAL COM NÍVEL BAIXO DE INTERFERÊNCIAS (NÃO INCLUI FORNECIMENTO). AF_11/2017","M","COEFICIENTE DE REPRESENTATIVIDADE",61.26,"COMPOSICAO",88246,"ASSENTADOR DE TUBOS COM ENCARGOS COMPLEMENTARES","H","COEFICIENTE DE REPRESENTATIVIDADE","0,0976000",23.3,"2,27","","","","","","","","","","",null,"CAIXA REFERENCIAL"]
["ASSENTAMENTO DE TUBOS E PECAS","ASTU","FORNEC E/OU ASSENT DE TUBO DE ACO COM JUNTA SOLDAD",46,"","",97187,"ASSENTAMENTO DE TUBO DE AÇO CARBONO PARA REDE DE ÁGUA, DN 1000 MM (40  ) OU DN 1100 MM (44  ), JUNTA SOLDADA, INSTALADO EM LOCAL COM NÍVEL BAIXO DE INTERFERÊNCIAS (NÃO INCLUI FORNECIMENTO). AF_11/2017","M","COEFICIENTE DE REPRESENTATIVIDADE",61.26,"COMPOSICAO",88316,"SERVENTE COM ENCARGOS COMPLEMENTARES","H","COLETADO","0,0976000",16.920000000000002,"1,65","","","","","","","","","","",null,"CAIXA REFERENCIAL"]
["ASSENTAMENTO DE TUBOS E PECAS","ASTU","FORNEC E/OU ASSENT DE TUBO DE ACO COM JUNTA SOLDAD",46,"","",97187,"ASSENTAMENTO DE TUBO DE AÇO CARBONO PARA REDE DE ÁGUA, DN 1000 MM (40  ) OU DN 1100 MM (44  ), JUNTA SOLDADA, INSTALADO EM LOCAL COM NÍVEL BAIXO DE INTERFERÊNCIAS (NÃO INCLUI FORNECIMENTO). AF_11/2017","M","COEFICIENTE DE REPRESENTATIVIDADE",61.26,"COMPOSICAO",88317,"SOLDADOR COM ENCARGOS COMPLEMENTARES","H","COLETADO","0,8785000",24.39,"21,42","","","","","","","","","","",null,"CAIXA REFERENCIAL"]
["ASSENTAMENTO DE TUBOS E PECAS","ASTU","FORNEC E/OU ASSENT DE TUBO DE ACO COM JUNTA SOLDAD",46,"","",97188,"ASSENTAMENTO DE TUBO DE AÇO CARBONO PARA REDE DE ÁGUA, DN 1200 MM (48\u0092\u0092) OU DN 1300 MM (52\u0092\u0092), JUNTA SOLDADA, INSTALADO EM LOCAL COM NÍVEL BAIXO DE INTERFERÊNCIAS (NÃO INCLUI FORNECIMENTO). AF_11/2017","M","COEFICIENTE DE REPRESENTATIVIDADE",72.2,"",null,"","","","",null,"","25,84","35,7966384","37,04","51,2849008","9,32","12,9184608","0,00","0,0000000","0,00","0,0000000",0,"CAIXA REFERENCIAL"]
["ASSENTAMENTO DE TUBOS E PECAS","ASTU","FORNEC E/OU ASSENT DE TUBO DE ACO COM JUNTA SOLDAD",46,"","",97188,"ASSENTAMENTO DE TUBO DE AÇO CARBONO PARA REDE DE ÁGUA, DN 1200 MM (48\u0092\u0092) OU DN 1300 MM (52\u0092\u0092), JUNTA SOLDADA, INSTALADO EM LOCAL COM NÍVEL BAIXO DE INTERFERÊNCIAS (NÃO INCLUI FORNECIMENTO). AF_11/2017","M","COEFICIENTE DE REPRESENTATIVIDADE",72.2,"COMPOSICAO",5631,"ESCAVADEIRA HIDRÁULICA SOBRE ESTEIRAS, CAÇAMBA 0,80 M3, PESO OPERACIONAL 17 T, POTENCIA BRUTA 111 HP - CHP DIURNO. AF_06/2014","CHP","COLETADO","0,0456000",191.27,"8,72","","","","","","","","","","",null,"CAIXA REFERENCIAL"]
["ASSENTAMENTO DE TUBOS E PECAS","ASTU","FORNEC E/OU ASSENT DE TUBO DE ACO COM JUNTA SOLDAD",46,"","",97188,"ASSENTAMENTO DE TUBO DE AÇO CARBONO PARA REDE DE ÁGUA, DN 1200 MM (48\u0092\u0092) OU DN 1300 MM (52\u0092\u0092), JUNTA SOLDADA, INSTALADO EM LOCAL COM NÍVEL BAIXO DE INTERFERÊNCIAS (NÃO INCLUI FORNECIMENTO). AF_11/2017","M","COEFICIENTE DE REPRESENTATIVIDADE",72.2,"COMPOSICAO",5632,"ESCAVADEIRA HIDRÁULICA SOBRE ESTEIRAS, CAÇAMBA 0,80 M3, PESO OPERACIONAL 17 T, POTENCIA BRUTA 111 HP - CHI DIURNO. AF_06/2014","CHI","COLETADO","0,0872000",77.11,"6,72","","","","","","","","","","",null,"CAIXA REFERENCIAL"]
["ASSENTAMENTO DE TUBOS E PECAS","ASTU","FORNEC E/OU ASSENT DE TUBO DE ACO COM JUNTA SOLDAD",46,"","",97188,"ASSENTAMENTO DE TUBO DE AÇO CARBONO PARA REDE DE ÁGUA, DN 1200 MM (48\u0092\u0092) OU DN 1300 MM (52\u0092\u0092), JUNTA SOLDADA, INSTALADO EM LOCAL COM NÍVEL BAIXO DE INTERFERÊNCIAS (NÃO INCLUI FORNECIMENTO). AF_11/2017","M","COEFICIENTE DE REPRESENTATIVIDADE",72.2,"INSUMO",10997,"ELETRODO REVESTIDO AWS - E7018, DIAMETRO IGUAL A 4,00 MM","KG","COLETADO","0,4062000",66.5,"27,01","","","","","","","","","","",null,"CAIXA REFERENCIAL"]
["ASSENTAMENTO DE TUBOS E PECAS","ASTU","FORNEC E/OU ASSENT DE TUBO DE ACO COM JUNTA SOLDAD",46,"","",97188,"ASSENTAMENTO DE TUBO DE AÇO CARBONO PARA REDE DE ÁGUA, DN 1200 MM (48\u0092\u0092) OU DN 1300 MM (52\u0092\u0092), JUNTA SOLDADA, INSTALADO EM LOCAL COM NÍVEL BAIXO DE INTERFERÊNCIAS (NÃO INCLUI FORNECIMENTO). AF_11/2017","M","COEFICIENTE DE REPRESENTATIVIDADE",72.2,"COMPOSICAO",88246,"ASSENTADOR DE TUBOS COM ENCARGOS COMPLEMENTARES","H","COEFICIENTE DE REPRESENTATIVIDADE","0,1104000",23.3,"2,57","","","","","","","","","","",null,"CAIXA REFERENCIAL"]
["ASSENTAMENTO DE TUBOS E PECAS","ASTU","FORNEC E/OU ASSENT DE TUBO DE ACO COM JUNTA SOLDAD",46,"","",97188,"ASSENTAMENTO DE TUBO DE AÇO CARBONO PARA REDE DE ÁGUA, DN 1200 MM (48\u0092\u0092) OU DN 1300 MM (52\u0092\u0092), JUNTA SOLDADA, INSTALADO EM LOCAL COM NÍVEL BAIXO DE INTERFERÊNCIAS (NÃO INCLUI FORNECIMENTO). AF_11/2017","M","COEFICIENTE DE REPRESENTATIVIDADE",72.2,"COMPOSICAO",88316,"SERVENTE COM ENCARGOS COMPLEMENTARES","H","COLETADO","0,1104000",16.920000000000002,"1,86","","","","","","","","","","",null,"CAIXA REFERENCIAL"]
["ASSENTAMENTO DE TUBOS E PECAS","ASTU","FORNEC E/OU ASSENT DE TUBO DE ACO COM JUNTA SOLDAD",46,"","",97188,"ASSENTAMENTO DE TUBO DE AÇO CARBONO PARA REDE DE ÁGUA, DN 1200 MM (48\u0092\u0092) OU DN 1300 MM (52\u0092\u0092), JUNTA SOLDADA, INSTALADO EM LOCAL COM NÍVEL BAIXO DE INTERFERÊNCIAS (NÃO INCLUI FORNECIMENTO). AF_11/2017","M","COEFICIENTE DE REPRESENTATIVIDADE",72.2,"COMPOSICAO",88317,"SOLDADOR COM ENCARGOS COMPLEMENTARES","H","COLETADO","1,0382000",24.39,"25,32","","","","","","","","","","",null,"CAIXA REFERENCIAL"]
["ASSENTAMENTO DE TUBOS E PECAS","ASTU","FORNEC E/OU ASSENT DE TUBO DE ACO COM JUNTA SOLDAD",46,"","",97189,"ASSENTAMENTO DE TUBO DE AÇO CARBONO PARA REDE DE ÁGUA, DN 1400 MM (56'') OU DN 1500 MM (60\u0092\u0092), JUNTA SOLDADA, INSTALADO EM LOCAL COM NÍVEL BAIXO DE INTERFERÊNCIAS (NÃO INCLUI FORNECIMENTO). AF_11/2017","M","COEFICIENTE DE REPRESENTATIVIDADE",83.12,"",null,"","","","",null,"","29,70","35,7358081","42,66","51,3077017","10,76","12,9564902","0,00","0,0000000","0,00","0,0000000",0,"CAIXA REFERENCIAL"]
["ASSENTAMENTO DE TUBOS E PECAS","ASTU","FORNEC E/OU ASSENT DE TUBO DE ACO COM JUNTA SOLDAD",46,"","",97189,"ASSENTAMENTO DE TUBO DE AÇO CARBONO PARA REDE DE ÁGUA, DN 1400 MM (56'') OU DN 1500 MM (60\u0092\u0092), JUNTA SOLDADA, INSTALADO EM LOCAL COM NÍVEL BAIXO DE INTERFERÊNCIAS (NÃO INCLUI FORNECIMENTO). AF_11/2017","M","COEFICIENTE DE REPRESENTATIVIDADE",83.12,"COMPOSICAO",5631,"ESCAVADEIRA HIDRÁULICA SOBRE ESTEIRAS, CAÇAMBA 0,80 M3, PESO OPERACIONAL 17 T, POTENCIA BRUTA 111 HP - CHP DIURNO. AF_06/2014","CHP","COLETADO","0,0526000",191.27,"10,06","","","","","","","","","","",null,"CAIXA REFERENCIAL"]
["ASSENTAMENTO DE TUBOS E PECAS","ASTU","FORNEC E/OU ASSENT DE TUBO DE ACO COM JUNTA SOLDAD",46,"","",97189,"ASSENTAMENTO DE TUBO DE AÇO CARBONO PARA REDE DE ÁGUA, DN 1400 MM (56'') OU DN 1500 MM (60\u0092\u0092), JUNTA SOLDADA, INSTALADO EM LOCAL COM NÍVEL BAIXO DE INTERFERÊNCIAS (NÃO INCLUI FORNECIMENTO). AF_11/2017","M","COEFICIENTE DE REPRESENTATIVIDADE",83.12,"COMPOSICAO",5632,"ESCAVADEIRA HIDRÁULICA SOBRE ESTEIRAS, CAÇAMBA 0,80 M3, PESO OPERACIONAL 17 T, POTENCIA BRUTA 111 HP - CHI DIURNO. AF_06/2014","CHI","COLETADO","0,1005000",77.11,"7,74","","","","","","","","","","",null,"CAIXA REFERENCIAL"]
["ASSENTAMENTO DE TUBOS E PECAS","ASTU","FORNEC E/OU ASSENT DE TUBO DE ACO COM JUNTA SOLDAD",46,"","",97189,"ASSENTAMENTO DE TUBO DE AÇO CARBONO PARA REDE DE ÁGUA, DN 1400 MM (56'') OU DN 1500 MM (60\u0092\u0092), JUNTA SOLDADA, INSTALADO EM LOCAL COM NÍVEL BAIXO DE INTERFERÊNCIAS (NÃO INCLUI FORNECIMENTO). AF_11/2017","M","COEFICIENTE DE REPRESENTATIVIDADE",83.12,"INSUMO",10997,"ELETRODO REVESTIDO AWS - E7018, DIAMETRO IGUAL A 4,00 MM","KG","COLETADO","0,4687000",66.5,"31,16","","","","","","","","","","",null,"CAIXA REFERENCIAL"]
["ASSENTAMENTO DE TUBOS E PECAS","ASTU","FORNEC E/OU ASSENT DE TUBO DE ACO COM JUNTA SOLDAD",46,"","",97189,"ASSENTAMENTO DE TUBO DE AÇO CARBONO PARA REDE DE ÁGUA, DN 1400 MM (56'') OU DN 1500 MM (60\u0092\u0092), JUNTA SOLDADA, INSTALADO EM LOCAL COM NÍVEL BAIXO DE INTERFERÊNCIAS (NÃO INCLUI FORNECIMENTO). AF_11/2017","M","COEFICIENTE DE REPRESENTATIVIDADE",83.12,"COMPOSICAO",88246,"ASSENTADOR DE TUBOS COM ENCARGOS COMPLEMENTARES","H","COEFICIENTE DE REPRESENTATIVIDADE","0,1233000",23.3,"2,87","","","","","","","","","","",null,"CAIXA REFERENCIAL"]
["ASSENTAMENTO DE TUBOS E PECAS","ASTU","FORNEC E/OU ASSENT DE TUBO DE ACO COM JUNTA SOLDAD",46,"","",97189,"ASSENTAMENTO DE TUBO DE AÇO CARBONO PARA REDE DE ÁGUA, DN 1400 MM (56'') OU DN 1500 MM (60\u0092\u0092), JUNTA SOLDADA, INSTALADO EM LOCAL COM NÍVEL BAIXO DE INTERFERÊNCIAS (NÃO INCLUI FORNECIMENTO). AF_11/2017","M","COEFICIENTE DE REPRESENTATIVIDADE",83.12,"COMPOSICAO",88316,"SERVENTE COM ENCARGOS COMPLEMENTARES","H","COLETADO","0,1233000",16.920000000000002,"2,08","","","","","","","","","","",null,"CAIXA REFERENCIAL"]
["ASSENTAMENTO DE TUBOS E PECAS","ASTU","FORNEC E/OU ASSENT DE TUBO DE ACO COM JUNTA SOLDAD",46,"","",97189,"ASSENTAMENTO DE TUBO DE AÇO CARBONO PARA REDE DE ÁGUA, DN 1400 MM (56'') OU DN 1500 MM (60\u0092\u0092), JUNTA SOLDADA, INSTALADO EM LOCAL COM NÍVEL BAIXO DE INTERFERÊNCIAS (NÃO INCLUI FORNECIMENTO). AF_11/2017","M","COEFICIENTE DE REPRESENTATIVIDADE",83.12,"COMPOSICAO",88317,"SOLDADOR COM ENCARGOS COMPLEMENTARES","H","COLETADO","1,1980000",24.39,"29,21","","","","","","","","","","",null,"CAIXA REFERENCIAL"]
["ASSENTAMENTO DE TUBOS E PECAS","ASTU","FORNEC E/OU ASSENT DE TUBO DE ACO COM JUNTA SOLDAD",46,"","",97190,"ASSENTAMENTO DE TUBO DE AÇO CARBONO PARA REDE DE ÁGUA, DN 1600 MM (64\u0092\u0092) OU DN 1700 MM (68\u0092\u0092), JUNTA SOLDADA, INSTALADO EM LOCAL COM NÍVEL BAIXO DE INTERFERÊNCIAS (NÃO INCLUI FORNECIMENTO). AF_11/2017","M","COEFICIENTE DE REPRESENTATIVIDADE",94.06,"",null,"","","","",null,"","33,53","35,6556940","48,34","51,3795676","12,19","12,9647384","0,00","0,0000000","0,00","0,0000000",0,"CAIXA REFERENCIAL"]
["ASSENTAMENTO DE TUBOS E PECAS","ASTU","FORNEC E/OU ASSENT DE TUBO DE ACO COM JUNTA SOLDAD",46,"","",97190,"ASSENTAMENTO DE TUBO DE AÇO CARBONO PARA REDE DE ÁGUA, DN 1600 MM (64\u0092\u0092) OU DN 1700 MM (68\u0092\u0092), JUNTA SOLDADA, INSTALADO EM LOCAL COM NÍVEL BAIXO DE INTERFERÊNCIAS (NÃO INCLUI FORNECIMENTO). AF_11/2017","M","COEFICIENTE DE REPRESENTATIVIDADE",94.06,"COMPOSICAO",5631,"ESCAVADEIRA HIDRÁULICA SOBRE ESTEIRAS, CAÇAMBA 0,80 M3, PESO OPERACIONAL 17 T, POTENCIA BRUTA 111 HP - CHP DIURNO. AF_06/2014","CHP","COLETADO","0,0596000",191.27,"11,39","","","","","","","","","","",null,"CAIXA REFERENCIAL"]
["ASSENTAMENTO DE TUBOS E PECAS","ASTU","FORNEC E/OU ASSENT DE TUBO DE ACO COM JUNTA SOLDAD",46,"","",97190,"ASSENTAMENTO DE TUBO DE AÇO CARBONO PARA REDE DE ÁGUA, DN 1600 MM (64\u0092\u0092) OU DN 1700 MM (68\u0092\u0092), JUNTA SOLDADA, INSTALADO EM LOCAL COM NÍVEL BAIXO DE INTERFERÊNCIAS (NÃO INCLUI FORNECIMENTO). AF_11/2017","M","COEFICIENTE DE REPRESENTATIVIDADE",94.06,"COMPOSICAO",5632,"ESCAVADEIRA HIDRÁULICA SOBRE ESTEIRAS, CAÇAMBA 0,80 M3, PESO OPERACIONAL 17 T, POTENCIA BRUTA 111 HP - CHI DIURNO. AF_06/2014","CHI","COLETADO","0,1139000",77.11,"8,78","","","","","","","","","","",null,"CAIXA REFERENCIAL"]
["ASSENTAMENTO DE TUBOS E PECAS","ASTU","FORNEC E/OU ASSENT DE TUBO DE ACO COM JUNTA SOLDAD",46,"","",97190,"ASSENTAMENTO DE TUBO DE AÇO CARBONO PARA REDE DE ÁGUA, DN 1600 MM (64\u0092\u0092) OU DN 1700 MM (68\u0092\u0092), JUNTA SOLDADA, INSTALADO EM LOCAL COM NÍVEL BAIXO DE INTERFERÊNCIAS (NÃO INCLUI FORNECIMENTO). AF_11/2017","M","COEFICIENTE DE REPRESENTATIVIDADE",94.06,"INSUMO",10997,"ELETRODO REVESTIDO AWS - E7018, DIAMETRO IGUAL A 4,00 MM","KG","COLETADO","0,5311000",66.5,"35,31","","","","","","","","","","",null,"CAIXA REFERENCIAL"]
["ASSENTAMENTO DE TUBOS E PECAS","ASTU","FORNEC E/OU ASSENT DE TUBO DE ACO COM JUNTA SOLDAD",46,"","",97190,"ASSENTAMENTO DE TUBO DE AÇO CARBONO PARA REDE DE ÁGUA, DN 1600 MM (64\u0092\u0092) OU DN 1700 MM (68\u0092\u0092), JUNTA SOLDADA, INSTALADO EM LOCAL COM NÍVEL BAIXO DE INTERFERÊNCIAS (NÃO INCLUI FORNECIMENTO). AF_11/2017","M","COEFICIENTE DE REPRESENTATIVIDADE",94.06,"COMPOSICAO",88246,"ASSENTADOR DE TUBOS COM ENCARGOS COMPLEMENTARES","H","COEFICIENTE DE REPRESENTATIVIDADE","0,1361000",23.3,"3,17","","","","","","","","","","",null,"CAIXA REFERENCIAL"]
["ASSENTAMENTO DE TUBOS E PECAS","ASTU","FORNEC E/OU ASSENT DE TUBO DE ACO COM JUNTA SOLDAD",46,"","",97190,"ASSENTAMENTO DE TUBO DE AÇO CARBONO PARA REDE DE ÁGUA, DN 1600 MM (64\u0092\u0092) OU DN 1700 MM (68\u0092\u0092), JUNTA SOLDADA, INSTALADO EM LOCAL COM NÍVEL BAIXO DE INTERFERÊNCIAS (NÃO INCLUI FORNECIMENTO). AF_11/2017","M","COEFICIENTE DE REPRESENTATIVIDADE",94.06,"COMPOSICAO",88316,"SERVENTE COM ENCARGOS COMPLEMENTARES","H","COLETADO","0,1361000",16.920000000000002,"2,30","","","","","","","","","","",null,"CAIXA REFERENCIAL"]
["ASSENTAMENTO DE TUBOS E PECAS","ASTU","FORNEC E/OU ASSENT DE TUBO DE ACO COM JUNTA SOLDAD",46,"","",97190,"ASSENTAMENTO DE TUBO DE AÇO CARBONO PARA REDE DE ÁGUA, DN 1600 MM (64\u0092\u0092) OU DN 1700 MM (68\u0092\u0092), JUNTA SOLDADA, INSTALADO EM LOCAL COM NÍVEL BAIXO DE INTERFERÊNCIAS (NÃO INCLUI FORNECIMENTO). AF_11/2017","M","COEFICIENTE DE REPRESENTATIVIDADE",94.06,"COMPOSICAO",88317,"SOLDADOR COM ENCARGOS COMPLEMENTARES","H","COLETADO","1,3577000",24.39,"33,11","","","","","","","","","","",null,"CAIXA REFERENCIAL"]
["ASSENTAMENTO DE TUBOS E PECAS","ASTU","FORNEC E/OU ASSENT DE TUBO DE ACO COM JUNTA SOLDAD",46,"","",97191,"ASSENTAMENTO DE TUBO DE AÇO CARBONO PARA REDE DE ÁGUA, DN 1800 MM (72\u0092\u0092) OU DN 1900 MM (76\u0092\u0092), JUNTA SOLDADA, INSTALADO EM LOCAL COM NÍVEL BAIXO DE INTERFERÊNCIAS (NÃO INCLUI FORNECIMENTO). AF_11/2017","M","COEFICIENTE DE REPRESENTATIVIDADE",108.04,"",null,"","","","",null,"","37,36","34,5879299","55,53","51,3859276","15,15","14,0261425","0,00","0,0000000","0,00","0,0000000",0,"CAIXA REFERENCIAL"]
["ASSENTAMENTO DE TUBOS E PECAS","ASTU","FORNEC E/OU ASSENT DE TUBO DE ACO COM JUNTA SOLDAD",46,"","",97191,"ASSENTAMENTO DE TUBO DE AÇO CARBONO PARA REDE DE ÁGUA, DN 1800 MM (72\u0092\u0092) OU DN 1900 MM (76\u0092\u0092), JUNTA SOLDADA, INSTALADO EM LOCAL COM NÍVEL BAIXO DE INTERFERÊNCIAS (NÃO INCLUI FORNECIMENTO). AF_11/2017","M","COEFICIENTE DE REPRESENTATIVIDADE",108.04,"INSUMO",10997,"ELETRODO REVESTIDO AWS - E7018, DIAMETRO IGUAL A 4,00 MM","KG","COLETADO","0,5936000",66.5,"39,47","","","","","","","","","","",null,"CAIXA REFERENCIAL"]
["ASSENTAMENTO DE TUBOS E PECAS","ASTU","FORNEC E/OU ASSENT DE TUBO DE ACO COM JUNTA SOLDAD",46,"","",97191,"ASSENTAMENTO DE TUBO DE AÇO CARBONO PARA REDE DE ÁGUA, DN 1800 MM (72\u0092\u0092) OU DN 1900 MM (76\u0092\u0092), JUNTA SOLDADA, INSTALADO EM LOCAL COM NÍVEL BAIXO DE INTERFERÊNCIAS (NÃO INCLUI FORNECIMENTO). AF_11/2017","M","COEFICIENTE DE REPRESENTATIVIDADE",108.04,"COMPOSICAO",88246,"ASSENTADOR DE TUBOS COM ENCARGOS COMPLEMENTARES","H","COEFICIENTE DE REPRESENTATIVIDADE","0,1489000",23.3,"3,46","","","","","","","","","","",null,"CAIXA REFERENCIAL"]
["ASSENTAMENTO DE TUBOS E PECAS","ASTU","FORNEC E/OU ASSENT DE TUBO DE ACO COM JUNTA SOLDAD",46,"","",97191,"ASSENTAMENTO DE TUBO DE AÇO CARBONO PARA REDE DE ÁGUA, DN 1800 MM (72\u0092\u0092) OU DN 1900 MM (76\u0092\u0092), JUNTA SOLDADA, INSTALADO EM LOCAL COM NÍVEL BAIXO DE INTERFERÊNCIAS (NÃO INCLUI FORNECIMENTO). AF_11/2017","M","COEFICIENTE DE REPRESENTATIVIDADE",108.04,"COMPOSICAO",88316,"SERVENTE COM ENCARGOS COMPLEMENTARES","H","COLETADO","0,1489000",16.920000000000002,"2,51","","","","","","","","","","",null,"CAIXA REFERENCIAL"]
["ASSENTAMENTO DE TUBOS E PECAS","ASTU","FORNEC E/OU ASSENT DE TUBO DE ACO COM JUNTA SOLDAD",46,"","",97191,"ASSENTAMENTO DE TUBO DE AÇO CARBONO PARA REDE DE ÁGUA, DN 1800 MM (72\u0092\u0092) OU DN 1900 MM (76\u0092\u0092), JUNTA SOLDADA, INSTALADO EM LOCAL COM NÍVEL BAIXO DE INTERFERÊNCIAS (NÃO INCLUI FORNECIMENTO). AF_11/2017","M","COEFICIENTE DE REPRESENTATIVIDADE",108.04,"COMPOSICAO",88317,"SOLDADOR COM ENCARGOS COMPLEMENTARES","H","COLETADO","1,5174000",24.39,"37,00","","","","","","","","","","",null,"CAIXA REFERENCIAL"]
["ASSENTAMENTO DE TUBOS E PECAS","ASTU","FORNEC E/OU ASSENT DE TUBO DE ACO COM JUNTA SOLDAD",46,"","",97191,"ASSENTAMENTO DE TUBO DE AÇO CARBONO PARA REDE DE ÁGUA, DN 1800 MM (72\u0092\u0092) OU DN 1900 MM (76\u0092\u0092), JUNTA SOLDADA, INSTALADO EM LOCAL COM NÍVEL BAIXO DE INTERFERÊNCIAS (NÃO INCLUI FORNECIMENTO). AF_11/2017","M","COEFICIENTE DE REPRESENTATIVIDADE",108.04,"COMPOSICAO",88907,"ESCAVADEIRA HIDRÁULICA SOBRE ESTEIRAS, CAÇAMBA 1,20 M3, PESO OPERACIONAL 21 T, POTÊNCIA BRUTA 155 HP - CHP DIURNO. AF_06/2014","CHP","COEFICIENTE DE REPRESENTATIVIDADE","0,0666000",226.27,"15,06","","","","","","","","","","",null,"CAIXA REFERENCIAL"]
["ASSENTAMENTO DE TUBOS E PECAS","ASTU","FORNEC E/OU ASSENT DE TUBO DE ACO COM JUNTA SOLDAD",46,"","",97191,"ASSENTAMENTO DE TUBO DE AÇO CARBONO PARA REDE DE ÁGUA, DN 1800 MM (72\u0092\u0092) OU DN 1900 MM (76\u0092\u0092), JUNTA SOLDADA, INSTALADO EM LOCAL COM NÍVEL BAIXO DE INTERFERÊNCIAS (NÃO INCLUI FORNECIMENTO). AF_11/2017","M","COEFICIENTE DE REPRESENTATIVIDADE",108.04,"COMPOSICAO",88908,"ESCAVADEIRA HIDRÁULICA SOBRE ESTEIRAS, CAÇAMBA 1,20 M3, PESO OPERACIONAL 21 T, POTÊNCIA BRUTA 155 HP - CHI DIURNO. AF_06/2014","CHI","COEFICIENTE DE REPRESENTATIVIDADE","0,1273000",82.84,"10,54","","","","","","","","","","",null,"CAIXA REFERENCIAL"]
["ASSENTAMENTO DE TUBOS E PECAS","ASTU","FORNEC E/OU ASSENT DE TUBO DE ACO COM JUNTA SOLDAD",46,"","",97192,"ASSENTAMENTO DE TUBO DE AÇO CARBONO PARA REDE DE ÁGUA, DN 2000 MM (80\u0092\u0092) OU DN 2100 MM (84\u0092\u0092), JUNTA SOLDADA, INSTALADO EM LOCAL COM NÍVEL BAIXO DE INTERFERÊNCIAS (NÃO INCLUI FORNECIMENTO). AF_11/2017","M","COEFICIENTE DE REPRESENTATIVIDADE",119.32,"",null,"","","","",null,"","41,20","34,5366017","61,38","51,4271324","16,74","14,0362659","0,00","0,0000000","0,00","0,0000000",0,"CAIXA REFERENCIAL"]
["ASSENTAMENTO DE TUBOS E PECAS","ASTU","FORNEC E/OU ASSENT DE TUBO DE ACO COM JUNTA SOLDAD",46,"","",97192,"ASSENTAMENTO DE TUBO DE AÇO CARBONO PARA REDE DE ÁGUA, DN 2000 MM (80\u0092\u0092) OU DN 2100 MM (84\u0092\u0092), JUNTA SOLDADA, INSTALADO EM LOCAL COM NÍVEL BAIXO DE INTERFERÊNCIAS (NÃO INCLUI FORNECIMENTO). AF_11/2017","M","COEFICIENTE DE REPRESENTATIVIDADE",119.32,"INSUMO",10997,"ELETRODO REVESTIDO AWS - E7018, DIAMETRO IGUAL A 4,00 MM","KG","COLETADO","0,6561000",66.5,"43,63","","","","","","","","","","",null,"CAIXA REFERENCIAL"]
["ASSENTAMENTO DE TUBOS E PECAS","ASTU","FORNEC E/OU ASSENT DE TUBO DE ACO COM JUNTA SOLDAD",46,"","",97192,"ASSENTAMENTO DE TUBO DE AÇO CARBONO PARA REDE DE ÁGUA, DN 2000 MM (80\u0092\u0092) OU DN 2100 MM (84\u0092\u0092), JUNTA SOLDADA, INSTALADO EM LOCAL COM NÍVEL BAIXO DE INTERFERÊNCIAS (NÃO INCLUI FORNECIMENTO). AF_11/2017","M","COEFICIENTE DE REPRESENTATIVIDADE",119.32,"COMPOSICAO",88246,"ASSENTADOR DE TUBOS COM ENCARGOS COMPLEMENTARES","H","COEFICIENTE DE REPRESENTATIVIDADE","0,1617000",23.3,"3,76","","","","","","","","","","",null,"CAIXA REFERENCIAL"]
["ASSENTAMENTO DE TUBOS E PECAS","ASTU","FORNEC E/OU ASSENT DE TUBO DE ACO COM JUNTA SOLDAD",46,"","",97192,"ASSENTAMENTO DE TUBO DE AÇO CARBONO PARA REDE DE ÁGUA, DN 2000 MM (80\u0092\u0092) OU DN 2100 MM (84\u0092\u0092), JUNTA SOLDADA, INSTALADO EM LOCAL COM NÍVEL BAIXO DE INTERFERÊNCIAS (NÃO INCLUI FORNECIMENTO). AF_11/2017","M","COEFICIENTE DE REPRESENTATIVIDADE",119.32,"COMPOSICAO",88316,"SERVENTE COM ENCARGOS COMPLEMENTARES","H","COLETADO","0,1617000",16.920000000000002,"2,73","","","","","","","","","","",null,"CAIXA REFERENCIAL"]
["ASSENTAMENTO DE TUBOS E PECAS","ASTU","FORNEC E/OU ASSENT DE TUBO DE ACO COM JUNTA SOLDAD",46,"","",97192,"ASSENTAMENTO DE TUBO DE AÇO CARBONO PARA REDE DE ÁGUA, DN 2000 MM (80\u0092\u0092) OU DN 2100 MM (84\u0092\u0092), JUNTA SOLDADA, INSTALADO EM LOCAL COM NÍVEL BAIXO DE INTERFERÊNCIAS (NÃO INCLUI FORNECIMENTO). AF_11/2017","M","COEFICIENTE DE REPRESENTATIVIDADE",119.32,"COMPOSICAO",88317,"SOLDADOR COM ENCARGOS COMPLEMENTARES","H","COLETADO","1,6771000",24.39,"40,90","","","","","","","","","","",null,"CAIXA REFERENCIAL"]
["ASSENTAMENTO DE TUBOS E PECAS","ASTU","FORNEC E/OU ASSENT DE TUBO DE ACO COM JUNTA SOLDAD",46,"","",97192,"ASSENTAMENTO DE TUBO DE AÇO CARBONO PARA REDE DE ÁGUA, DN 2000 MM (80\u0092\u0092) OU DN 2100 MM (84\u0092\u0092), JUNTA SOLDADA, INSTALADO EM LOCAL COM NÍVEL BAIXO DE INTERFERÊNCIAS (NÃO INCLUI FORNECIMENTO). AF_11/2017","M","COEFICIENTE DE REPRESENTATIVIDADE",119.32,"COMPOSICAO",88907,"ESCAVADEIRA HIDRÁULICA SOBRE ESTEIRAS, CAÇAMBA 1,20 M3, PESO OPERACIONAL 21 T, POTÊNCIA BRUTA 155 HP - CHP DIURNO. AF_06/2014","CHP","COEFICIENTE DE REPRESENTATIVIDADE","0,0736000",226.27,"16,65","","","","","","","","","","",null,"CAIXA REFERENCIAL"]
["ASSENTAMENTO DE TUBOS E PECAS","ASTU","FORNEC E/OU ASSENT DE TUBO DE ACO COM JUNTA SOLDAD",46,"","",97192,"ASSENTAMENTO DE TUBO DE AÇO CARBONO PARA REDE DE ÁGUA, DN 2000 MM (80\u0092\u0092) OU DN 2100 MM (84\u0092\u0092), JUNTA SOLDADA, INSTALADO EM LOCAL COM NÍVEL BAIXO DE INTERFERÊNCIAS (NÃO INCLUI FORNECIMENTO). AF_11/2017","M","COEFICIENTE DE REPRESENTATIVIDADE",119.32,"COMPOSICAO",88908,"ESCAVADEIRA HIDRÁULICA SOBRE ESTEIRAS, CAÇAMBA 1,20 M3, PESO OPERACIONAL 21 T, POTÊNCIA BRUTA 155 HP - CHI DIURNO. AF_06/2014","CHI","COEFICIENTE DE REPRESENTATIVIDADE","0,1407000",82.84,"11,65","","","","","","","","","","",null,"CAIXA REFERENCIAL"]
["ASSENTAMENTO DE TUBOS E PECAS","ASTU","FORNEC E/OU ASSENT DE TUBO DE PVC COM JUNTA ELASTI",48,"","",90694,"TUBO DE PVC PARA REDE COLETORA DE ESGOTO DE PAREDE MACIÇA, DN 100 MM, JUNTA ELÁSTICA - FORNECIMENTO E ASSENTAMENTO. AF_01/2021","M","COEFICIENTE DE REPRESENTATIVIDADE",47.37,"",null,"","","","",null,"","2,35","4,9672373","45,02","95,0327627","0,00","0,0000000","0,00","0,0000000","0,00","0,0000000",0,"CAIXA REFERENCIAL"]
["ASSENTAMENTO DE TUBOS E PECAS","ASTU","FORNEC E/OU ASSENT DE TUBO DE PVC COM JUNTA ELASTI",48,"","",90694,"TUBO DE PVC PARA REDE COLETORA DE ESGOTO DE PAREDE MACIÇA, DN 100 MM, JUNTA ELÁSTICA - FORNECIMENTO E ASSENTAMENTO. AF_01/2021","M","COEFICIENTE DE REPRESENTATIVIDADE",47.37,"INSUMO",20078,"PASTA LUBRIFICANTE PARA TUBOS E CONEXOES COM JUNTA ELASTICA, EMBALAGEM DE *400* GR (USO EM PVC, ACO, POLIETILENO E OUTROS)","UN","COEFICIENTE DE REPRESENTATIVIDADE","0,0104000",32.99,"0,34","","","","","","","","","","",null,"CAIXA REFERENCIAL"]
["ASSENTAMENTO DE TUBOS E PECAS","ASTU","FORNEC E/OU ASSENT DE TUBO DE PVC COM JUNTA ELASTI",48,"","",90694,"TUBO DE PVC PARA REDE COLETORA DE ESGOTO DE PAREDE MACIÇA, DN 100 MM, JUNTA ELÁSTICA - FORNECIMENTO E ASSENTAMENTO. AF_01/2021","M","COEFICIENTE DE REPRESENTATIVIDADE",47.37,"INSUMO",36365,"TUBO COLETOR DE ESGOTO PVC, JEI, DN 100 MM (NBR  7362)","M","COLETADO","1,0500000",41.92,"44,01","","","","","","","","","","",null,"CAIXA REFERENCIAL"]
["ASSENTAMENTO DE TUBOS E PECAS","ASTU","FORNEC E/OU ASSENT DE TUBO DE PVC COM JUNTA ELASTI",48,"","",90694,"TUBO DE PVC PARA REDE COLETORA DE ESGOTO DE PAREDE MACIÇA, DN 100 MM, JUNTA ELÁSTICA - FORNECIMENTO E ASSENTAMENTO. AF_01/2021","M","COEFICIENTE DE REPRESENTATIVIDADE",47.37,"COMPOSICAO",88246,"ASSENTADOR DE TUBOS COM ENCARGOS COMPLEMENTARES","H","COEFICIENTE DE REPRESENTATIVIDADE","0,0753000",23.3,"1,75","","","","","","","","","","",null,"CAIXA REFERENCIAL"]
["ASSENTAMENTO DE TUBOS E PECAS","ASTU","FORNEC E/OU ASSENT DE TUBO DE PVC COM JUNTA ELASTI",48,"","",90694,"TUBO DE PVC PARA REDE COLETORA DE ESGOTO DE PAREDE MACIÇA, DN 100 MM, JUNTA ELÁSTICA - FORNECIMENTO E ASSENTAMENTO. AF_01/2021","M","COEFICIENTE DE REPRESENTATIVIDADE",47.37,"COMPOSICAO",88316,"SERVENTE COM ENCARGOS COMPLEMENTARES","H","COLETADO","0,0753000",16.920000000000002,"1,27","","","","","","","","","","",null,"CAIXA REFERENCIAL"]
["ASSENTAMENTO DE TUBOS E PECAS","ASTU","FORNEC E/OU ASSENT DE TUBO DE PVC COM JUNTA ELASTI",48,"","",90695,"TUBO DE PVC PARA REDE COLETORA DE ESGOTO DE PAREDE MACIÇA, DN 150 MM, JUNTA ELÁSTICA  - FORNECIMENTO E ASSENTAMENTO. AF_01/2021","M","COEFICIENTE DE REPRESENTATIVIDADE",98.97,"",null,"","","","",null,"","2,80","2,8305701","96,17","97,1694299","0,00","0,0000000","0,00","0,0000000","0,00","0,0000000",0,"CAIXA REFERENCIAL"]
["ASSENTAMENTO DE TUBOS E PECAS","ASTU","FORNEC E/OU ASSENT DE TUBO DE PVC COM JUNTA ELASTI",48,"","",90695,"TUBO DE PVC PARA REDE COLETORA DE ESGOTO DE PAREDE MACIÇA, DN 150 MM, JUNTA ELÁSTICA  - FORNECIMENTO E ASSENTAMENTO. AF_01/2021","M","COEFICIENTE DE REPRESENTATIVIDADE",98.97,"INSUMO",20078,"PASTA LUBRIFICANTE PARA TUBOS E CONEXOES COM JUNTA ELASTICA, EMBALAGEM DE *400* GR (USO EM PVC, ACO, POLIETILENO E OUTROS)","UN","COEFICIENTE DE REPRESENTATIVIDADE","0,0146000",32.99,"0,48","","","","","","","","","","",null,"CAIXA REFERENCIAL"]
["ASSENTAMENTO DE TUBOS E PECAS","ASTU","FORNEC E/OU ASSENT DE TUBO DE PVC COM JUNTA ELASTI",48,"","",90695,"TUBO DE PVC PARA REDE COLETORA DE ESGOTO DE PAREDE MACIÇA, DN 150 MM, JUNTA ELÁSTICA  - FORNECIMENTO E ASSENTAMENTO. AF_01/2021","M","COEFICIENTE DE REPRESENTATIVIDADE",98.97,"INSUMO",41936,"TUBO COLETOR DE ESGOTO, PVC, JEI, DN 150 MM  (NBR 7362)","M","COEFICIENTE DE REPRESENTATIVIDADE","1,0500000",90.4,"94,92","","","","","","","","","","",null,"CAIXA REFERENCIAL"]
["ASSENTAMENTO DE TUBOS E PECAS","ASTU","FORNEC E/OU ASSENT DE TUBO DE PVC COM JUNTA ELASTI",48,"","",90695,"TUBO DE PVC PARA REDE COLETORA DE ESGOTO DE PAREDE MACIÇA, DN 150 MM, JUNTA ELÁSTICA  - FORNECIMENTO E ASSENTAMENTO. AF_01/2021","M","COEFICIENTE DE REPRESENTATIVIDADE",98.97,"COMPOSICAO",88246,"ASSENTADOR DE TUBOS COM ENCARGOS COMPLEMENTARES","H","COEFICIENTE DE REPRESENTATIVIDADE","0,0892000",23.3,"2,07","","","","","","","","","","",null,"CAIXA REFERENCIAL"]
["ASSENTAMENTO DE TUBOS E PECAS","ASTU","FORNEC E/OU ASSENT DE TUBO DE PVC COM JUNTA ELASTI",48,"","",90695,"TUBO DE PVC PARA REDE COLETORA DE ESGOTO DE PAREDE MACIÇA, DN 150 MM, JUNTA ELÁSTICA  - FORNECIMENTO E ASSENTAMENTO. AF_01/2021","M","COEFICIENTE DE REPRESENTATIVIDADE",98.97,"COMPOSICAO",88316,"SERVENTE COM ENCARGOS COMPLEMENTARES","H","COLETADO","0,0892000",16.920000000000002,"1,50","","","","","","","","","","",null,"CAIXA REFERENCIAL"]
["ASSENTAMENTO DE TUBOS E PECAS","ASTU","FORNEC E/OU ASSENT DE TUBO DE PVC COM JUNTA ELASTI",48,"","",90696,"TUBO DE PVC PARA REDE COLETORA DE ESGOTO DE PAREDE MACIÇA, DN 200 MM, JUNTA ELÁSTICA - FORNECIMENTO E ASSENTAMENTO. AF_01/2021","M","COEFICIENTE DE REPRESENTATIVIDADE",147.16,"",null,"","","","",null,"","3,24","2,2025832","143,92","97,7974168","0,00","0,0000000","0,00","0,0000000","0,00","0,0000000",0,"CAIXA REFERENCIAL"]
["ASSENTAMENTO DE TUBOS E PECAS","ASTU","FORNEC E/OU ASSENT DE TUBO DE PVC COM JUNTA ELASTI",48,"","",90696,"TUBO DE PVC PARA REDE COLETORA DE ESGOTO DE PAREDE MACIÇA, DN 200 MM, JUNTA ELÁSTICA - FORNECIMENTO E ASSENTAMENTO. AF_01/2021","M","COEFICIENTE DE REPRESENTATIVIDADE",147.16,"INSUMO",20078,"PASTA LUBRIFICANTE PARA TUBOS E CONEXOES COM JUNTA ELASTICA, EMBALAGEM DE *400* GR (USO EM PVC, ACO, POLIETILENO E OUTROS)","UN","COEFICIENTE DE REPRESENTATIVIDADE","0,0167000",32.99,"0,55","","","","","","","","","","",null,"CAIXA REFERENCIAL"]
["ASSENTAMENTO DE TUBOS E PECAS","ASTU","FORNEC E/OU ASSENT DE TUBO DE PVC COM JUNTA ELASTI",48,"","",90696,"TUBO DE PVC PARA REDE COLETORA DE ESGOTO DE PAREDE MACIÇA, DN 200 MM, JUNTA ELÁSTICA - FORNECIMENTO E ASSENTAMENTO. AF_01/2021","M","COEFICIENTE DE REPRESENTATIVIDADE",147.16,"INSUMO",41930,"TUBO COLETOR DE ESGOTO PVC, JEI, DN 200 MM (NBR 7362)","M","COEFICIENTE DE REPRESENTATIVIDADE","1,0500000",135.69999999999999,"142,48","","","","","","","","","","",null,"CAIXA REFERENCIAL"]
["ASSENTAMENTO DE TUBOS E PECAS","ASTU","FORNEC E/OU ASSENT DE TUBO DE PVC COM JUNTA ELASTI",48,"","",90696,"TUBO DE PVC PARA REDE COLETORA DE ESGOTO DE PAREDE MACIÇA, DN 200 MM, JUNTA ELÁSTICA - FORNECIMENTO E ASSENTAMENTO. AF_01/2021","M","COEFICIENTE DE REPRESENTATIVIDADE",147.16,"COMPOSICAO",88246,"ASSENTADOR DE TUBOS COM ENCARGOS COMPLEMENTARES","H","COEFICIENTE DE REPRESENTATIVIDADE","0,1030000",23.3,"2,39","","","","","","","","","","",null,"CAIXA REFERENCIAL"]
["ASSENTAMENTO DE TUBOS E PECAS","ASTU","FORNEC E/OU ASSENT DE TUBO DE PVC COM JUNTA ELASTI",48,"","",90696,"TUBO DE PVC PARA REDE COLETORA DE ESGOTO DE PAREDE MACIÇA, DN 200 MM, JUNTA ELÁSTICA - FORNECIMENTO E ASSENTAMENTO. AF_01/2021","M","COEFICIENTE DE REPRESENTATIVIDADE",147.16,"COMPOSICAO",88316,"SERVENTE COM ENCARGOS COMPLEMENTARES","H","COLETADO","0,1030000",16.920000000000002,"1,74","","","","","","","","","","",null,"CAIXA REFERENCIAL"]
["ASSENTAMENTO DE TUBOS E PECAS","ASTU","FORNEC E/OU ASSENT DE TUBO DE PVC COM JUNTA ELASTI",48,"","",90697,"TUBO DE PVC PARA REDE COLETORA DE ESGOTO DE PAREDE MACIÇA, DN 250 MM, JUNTA ELÁSTICA  - FORNECIMENTO E ASSENTAMENTO. AF_01/2021","M","COEFICIENTE DE REPRESENTATIVIDADE",248.34,"",null,"","","","",null,"","3,67","1,4782293","244,67","98,5217707","0,00","0,0000000","0,00","0,0000000","0,00","0,0000000",0,"CAIXA REFERENCIAL"]
["ASSENTAMENTO DE TUBOS E PECAS","ASTU","FORNEC E/OU ASSENT DE TUBO DE PVC COM JUNTA ELASTI",48,"","",90697,"TUBO DE PVC PARA REDE COLETORA DE ESGOTO DE PAREDE MACIÇA, DN 250 MM, JUNTA ELÁSTICA  - FORNECIMENTO E ASSENTAMENTO. AF_01/2021","M","COEFICIENTE DE REPRESENTATIVIDADE",248.34,"INSUMO",20078,"PASTA LUBRIFICANTE PARA TUBOS E CONEXOES COM JUNTA ELASTICA, EMBALAGEM DE *400* GR (USO EM PVC, ACO, POLIETILENO E OUTROS)","UN","COEFICIENTE DE REPRESENTATIVIDADE","0,0208000",32.99,"0,68","","","","","","","","","","",null,"CAIXA REFERENCIAL"]
["ASSENTAMENTO DE TUBOS E PECAS","ASTU","FORNEC E/OU ASSENT DE TUBO DE PVC COM JUNTA ELASTI",48,"","",90697,"TUBO DE PVC PARA REDE COLETORA DE ESGOTO DE PAREDE MACIÇA, DN 250 MM, JUNTA ELÁSTICA  - FORNECIMENTO E ASSENTAMENTO. AF_01/2021","M","COEFICIENTE DE REPRESENTATIVIDADE",248.34,"INSUMO",41931,"TUBO COLETOR DE ESGOTO PVC, JEI, DN 250 MM (NBR 7362)","M","COEFICIENTE DE REPRESENTATIVIDADE","1,0500000",231.4,"242,97","","","","","","","","","","",null,"CAIXA REFERENCIAL"]
["ASSENTAMENTO DE TUBOS E PECAS","ASTU","FORNEC E/OU ASSENT DE TUBO DE PVC COM JUNTA ELASTI",48,"","",90697,"TUBO DE PVC PARA REDE COLETORA DE ESGOTO DE PAREDE MACIÇA, DN 250 MM, JUNTA ELÁSTICA  - FORNECIMENTO E ASSENTAMENTO. AF_01/2021","M","COEFICIENTE DE REPRESENTATIVIDADE",248.34,"COMPOSICAO",88246,"ASSENTADOR DE TUBOS COM ENCARGOS COMPLEMENTARES","H","COEFICIENTE DE REPRESENTATIVIDADE","0,1169000",23.3,"2,72","","","","","","","","","","",null,"CAIXA REFERENCIAL"]
["ASSENTAMENTO DE TUBOS E PECAS","ASTU","FORNEC E/OU ASSENT DE TUBO DE PVC COM JUNTA ELASTI",48,"","",90697,"TUBO DE PVC PARA REDE COLETORA DE ESGOTO DE PAREDE MACIÇA, DN 250 MM, JUNTA ELÁSTICA  - FORNECIMENTO E ASSENTAMENTO. AF_01/2021","M","COEFICIENTE DE REPRESENTATIVIDADE",248.34,"COMPOSICAO",88316,"SERVENTE COM ENCARGOS COMPLEMENTARES","H","COLETADO","0,1169000",16.920000000000002,"1,97","","","","","","","","","","",null,"CAIXA REFERENCIAL"]
["ASSENTAMENTO DE TUBOS E PECAS","ASTU","FORNEC E/OU ASSENT DE TUBO DE PVC COM JUNTA ELASTI",48,"","",90698,"TUBO DE PVC PARA REDE COLETORA DE ESGOTO DE PAREDE MACIÇA, DN 300 MM, JUNTA ELÁSTICA,  FORNECIMENTO E ASSENTAMENTO. AF_01/2021","M","COEFICIENTE DE REPRESENTATIVIDADE",398.5,"",null,"","","","",null,"","4,12","1,0340846","394,38","98,9659154","0,00","0,0000000","0,00","0,0000000","0,00","0,0000000",0,"CAIXA REFERENCIAL"]
["ASSENTAMENTO DE TUBOS E PECAS","ASTU","FORNEC E/OU ASSENT DE TUBO DE PVC COM JUNTA ELASTI",48,"","",90698,"TUBO DE PVC PARA REDE COLETORA DE ESGOTO DE PAREDE MACIÇA, DN 300 MM, JUNTA ELÁSTICA,  FORNECIMENTO E ASSENTAMENTO. AF_01/2021","M","COEFICIENTE DE REPRESENTATIVIDADE",398.5,"INSUMO",20078,"PASTA LUBRIFICANTE PARA TUBOS E CONEXOES COM JUNTA ELASTICA, EMBALAGEM DE *400* GR (USO EM PVC, ACO, POLIETILENO E OUTROS)","UN","COEFICIENTE DE REPRESENTATIVIDADE","0,0250000",32.99,"0,82","","","","","","","","","","",null,"CAIXA REFERENCIAL"]
["ASSENTAMENTO DE TUBOS E PECAS","ASTU","FORNEC E/OU ASSENT DE TUBO DE PVC COM JUNTA ELASTI",48,"","",90698,"TUBO DE PVC PARA REDE COLETORA DE ESGOTO DE PAREDE MACIÇA, DN 300 MM, JUNTA ELÁSTICA,  FORNECIMENTO E ASSENTAMENTO. AF_01/2021","M","COEFICIENTE DE REPRESENTATIVIDADE",398.5,"INSUMO",41932,"TUBO COLETOR DE ESGOTO PVC, JEI, DN 300 MM (NBR 7362)","M","COEFICIENTE DE REPRESENTATIVIDADE","1,0500000",373.75,"392,43","","","","","","","","","","",null,"CAIXA REFERENCIAL"]
["ASSENTAMENTO DE TUBOS E PECAS","ASTU","FORNEC E/OU ASSENT DE TUBO DE PVC COM JUNTA ELASTI",48,"","",90698,"TUBO DE PVC PARA REDE COLETORA DE ESGOTO DE PAREDE MACIÇA, DN 300 MM, JUNTA ELÁSTICA,  FORNECIMENTO E ASSENTAMENTO. AF_01/2021","M","COEFICIENTE DE REPRESENTATIVIDADE",398.5,"COMPOSICAO",88246,"ASSENTADOR DE TUBOS COM ENCARGOS COMPLEMENTARES","H","COEFICIENTE DE REPRESENTATIVIDADE","0,1308000",23.3,"3,04","","","","","","","","","","",null,"CAIXA REFERENCIAL"]
["ASSENTAMENTO DE TUBOS E PECAS","ASTU","FORNEC E/OU ASSENT DE TUBO DE PVC COM JUNTA ELASTI",48,"","",90698,"TUBO DE PVC PARA REDE COLETORA DE ESGOTO DE PAREDE MACIÇA, DN 300 MM, JUNTA ELÁSTICA,  FORNECIMENTO E ASSENTAMENTO. AF_01/2021","M","COEFICIENTE DE REPRESENTATIVIDADE",398.5,"COMPOSICAO",88316,"SERVENTE COM ENCARGOS COMPLEMENTARES","H","COLETADO","0,1308000",16.920000000000002,"2,21","","","","","","","","","","",null,"CAIXA REFERENCIAL"]
["ASSENTAMENTO DE TUBOS E PECAS","ASTU","FORNEC E/OU ASSENT DE TUBO DE PVC COM JUNTA ELASTI",48,"","",90699,"TUBO DE PVC PARA REDE COLETORA DE ESGOTO DE PAREDE MACIÇA, DN 350 MM, JUNTA ELÁSTICA  - FORNECIMENTO E ASSENTAMENTO. AF_01/2021","M","COEFICIENTE DE REPRESENTATIVIDADE",492.8,"",null,"","","","",null,"","4,55","0,9234453","488,25","99,0765547","0,00","0,0000000","0,00","0,0000000","0,00","0,0000000",0,"CAIXA REFERENCIAL"]
["ASSENTAMENTO DE TUBOS E PECAS","ASTU","FORNEC E/OU ASSENT DE TUBO DE PVC COM JUNTA ELASTI",48,"","",90699,"TUBO DE PVC PARA REDE COLETORA DE ESGOTO DE PAREDE MACIÇA, DN 350 MM, JUNTA ELÁSTICA  - FORNECIMENTO E ASSENTAMENTO. AF_01/2021","M","COEFICIENTE DE REPRESENTATIVIDADE",492.8,"INSUMO",20078,"PASTA LUBRIFICANTE PARA TUBOS E CONEXOES COM JUNTA ELASTICA, EMBALAGEM DE *400* GR (USO EM PVC, ACO, POLIETILENO E OUTROS)","UN","COEFICIENTE DE REPRESENTATIVIDADE","0,0292000",32.99,"0,96","","","","","","","","","","",null,"CAIXA REFERENCIAL"]
["ASSENTAMENTO DE TUBOS E PECAS","ASTU","FORNEC E/OU ASSENT DE TUBO DE PVC COM JUNTA ELASTI",48,"","",90699,"TUBO DE PVC PARA REDE COLETORA DE ESGOTO DE PAREDE MACIÇA, DN 350 MM, JUNTA ELÁSTICA  - FORNECIMENTO E ASSENTAMENTO. AF_01/2021","M","COEFICIENTE DE REPRESENTATIVIDADE",492.8,"INSUMO",41933,"TUBO COLETOR DE ESGOTO PVC, JEI, DN 350 MM (NBR 7362)","M","COEFICIENTE DE REPRESENTATIVIDADE","1,0500000",462.89,"486,03","","","","","","","","","","",null,"CAIXA REFERENCIAL"]
["ASSENTAMENTO DE TUBOS E PECAS","ASTU","FORNEC E/OU ASSENT DE TUBO DE PVC COM JUNTA ELASTI",48,"","",90699,"TUBO DE PVC PARA REDE COLETORA DE ESGOTO DE PAREDE MACIÇA, DN 350 MM, JUNTA ELÁSTICA  - FORNECIMENTO E ASSENTAMENTO. AF_01/2021","M","COEFICIENTE DE REPRESENTATIVIDADE",492.8,"COMPOSICAO",88246,"ASSENTADOR DE TUBOS COM ENCARGOS COMPLEMENTARES","H","COEFICIENTE DE REPRESENTATIVIDADE","0,1447000",23.3,"3,37","","","","","","","","","","",null,"CAIXA REFERENCIAL"]
["ASSENTAMENTO DE TUBOS E PECAS","ASTU","FORNEC E/OU ASSENT DE TUBO DE PVC COM JUNTA ELASTI",48,"","",90699,"TUBO DE PVC PARA REDE COLETORA DE ESGOTO DE PAREDE MACIÇA, DN 350 MM, JUNTA ELÁSTICA  - FORNECIMENTO E ASSENTAMENTO. AF_01/2021","M","COEFICIENTE DE REPRESENTATIVIDADE",492.8,"COMPOSICAO",88316,"SERVENTE COM ENCARGOS COMPLEMENTARES","H","COLETADO","0,1447000",16.920000000000002,"2,44","","","","","","","","","","",null,"CAIXA REFERENCIAL"]
["ASSENTAMENTO DE TUBOS E PECAS","ASTU","FORNEC E/OU ASSENT DE TUBO DE PVC COM JUNTA ELASTI",48,"","",90700,"TUBO DE PVC PARA REDE COLETORA DE ESGOTO DE PAREDE MACIÇA, DN 400 MM, JUNTA ELÁSTICA  FORNECIMENTO E ASSENTAMENTO. AF_01/2021","M","COEFICIENTE DE REPRESENTATIVIDADE",638.59,"",null,"","","","",null,"","3,74","0,5858028","632,91","99,1103316","1,94","0,3038656","0,00","0,0000000","0,00","0,0000000",0,"CAIXA REFERENCIAL"]
["ASSENTAMENTO DE TUBOS E PECAS","ASTU","FORNEC E/OU ASSENT DE TUBO DE PVC COM JUNTA ELASTI",48,"","",90700,"TUBO DE PVC PARA REDE COLETORA DE ESGOTO DE PAREDE MACIÇA, DN 400 MM, JUNTA ELÁSTICA  FORNECIMENTO E ASSENTAMENTO. AF_01/2021","M","COEFICIENTE DE REPRESENTATIVIDADE",638.59,"COMPOSICAO",5678,"RETROESCAVADEIRA SOBRE RODAS COM CARREGADEIRA, TRAÇÃO 4X4, POTÊNCIA LÍQ. 88 HP, CAÇAMBA CARREG. CAP. MÍN. 1 M3, CAÇAMBA RETRO CAP. 0,26 M3, PESO OPERACIONAL MÍN. 6.674 KG, PROFUNDIDADE ESCAVAÇÃO MÁX. 4,37 M - CHP DIURNO. AF_06/2014","CHP","COEFICIENTE DE REPRESENTATIVIDADE","0,0283000",125.96,"3,56","","","","","","","","","","",null,"CAIXA REFERENCIAL"]
["ASSENTAMENTO DE TUBOS E PECAS","ASTU","FORNEC E/OU ASSENT DE TUBO DE PVC COM JUNTA ELASTI",48,"","",90700,"TUBO DE PVC PARA REDE COLETORA DE ESGOTO DE PAREDE MACIÇA, DN 400 MM, JUNTA ELÁSTICA  FORNECIMENTO E ASSENTAMENTO. AF_01/2021","M","COEFICIENTE DE REPRESENTATIVIDADE",638.59,"COMPOSICAO",5679,"RETROESCAVADEIRA SOBRE RODAS COM CARREGADEIRA, TRAÇÃO 4X4, POTÊNCIA LÍQ. 88 HP, CAÇAMBA CARREG. CAP. MÍN. 1 M3, CAÇAMBA RETRO CAP. 0,26 M3, PESO OPERACIONAL MÍN. 6.674 KG, PROFUNDIDADE ESCAVAÇÃO MÁX. 4,37 M - CHI DIURNO. AF_06/2014","CHI","COEFICIENTE DE REPRESENTATIVIDADE","0,0176000",51.77,"0,91","","","","","","","","","","",null,"CAIXA REFERENCIAL"]
["ASSENTAMENTO DE TUBOS E PECAS","ASTU","FORNEC E/OU ASSENT DE TUBO DE PVC COM JUNTA ELASTI",48,"","",90700,"TUBO DE PVC PARA REDE COLETORA DE ESGOTO DE PAREDE MACIÇA, DN 400 MM, JUNTA ELÁSTICA  FORNECIMENTO E ASSENTAMENTO. AF_01/2021","M","COEFICIENTE DE REPRESENTATIVIDADE",638.59,"INSUMO",20078,"PASTA LUBRIFICANTE PARA TUBOS E CONEXOES COM JUNTA ELASTICA, EMBALAGEM DE *400* GR (USO EM PVC, ACO, POLIETILENO E OUTROS)","UN","COEFICIENTE DE REPRESENTATIVIDADE","0,0333000",32.99,"1,09","","","","","","","","","","",null,"CAIXA REFERENCIAL"]
["ASSENTAMENTO DE TUBOS E PECAS","ASTU","FORNEC E/OU ASSENT DE TUBO DE PVC COM JUNTA ELASTI",48,"","",90700,"TUBO DE PVC PARA REDE COLETORA DE ESGOTO DE PAREDE MACIÇA, DN 400 MM, JUNTA ELÁSTICA  FORNECIMENTO E ASSENTAMENTO. AF_01/2021","M","COEFICIENTE DE REPRESENTATIVIDADE",638.59,"INSUMO",41934,"TUBO COLETOR DE ESGOTO PVC, JEI, DN 400 MM (NBR 7362)","M","COEFICIENTE DE REPRESENTATIVIDADE","1,0500000",599.55999999999995,"629,53","","","","","","","","","","",null,"CAIXA REFERENCIAL"]
["ASSENTAMENTO DE TUBOS E PECAS","ASTU","FORNEC E/OU ASSENT DE TUBO DE PVC COM JUNTA ELASTI",48,"","",90700,"TUBO DE PVC PARA REDE COLETORA DE ESGOTO DE PAREDE MACIÇA, DN 400 MM, JUNTA ELÁSTICA  FORNECIMENTO E ASSENTAMENTO. AF_01/2021","M","COEFICIENTE DE REPRESENTATIVIDADE",638.59,"COMPOSICAO",88246,"ASSENTADOR DE TUBOS COM ENCARGOS COMPLEMENTARES","H","COEFICIENTE DE REPRESENTATIVIDADE","0,0873000",23.3,"2,03","","","","","","","","","","",null,"CAIXA REFERENCIAL"]
["ASSENTAMENTO DE TUBOS E PECAS","ASTU","FORNEC E/OU ASSENT DE TUBO DE PVC COM JUNTA ELASTI",48,"","",90700,"TUBO DE PVC PARA REDE COLETORA DE ESGOTO DE PAREDE MACIÇA, DN 400 MM, JUNTA ELÁSTICA  FORNECIMENTO E ASSENTAMENTO. AF_01/2021","M","COEFICIENTE DE REPRESENTATIVIDADE",638.59,"COMPOSICAO",88316,"SERVENTE COM ENCARGOS COMPLEMENTARES","H","COLETADO","0,0873000",16.920000000000002,"1,47","","","","","","","","","","",null,"CAIXA REFERENCIAL"]
["ASSENTAMENTO DE TUBOS E PECAS","ASTU","FORNEC E/OU ASSENT DE TUBO DE PVC COM JUNTA ELASTI",48,"","",90701,"TUBO DE PVC CORRUGADO DE DUPLA PAREDE PARA REDE COLETORA DE ESGOTO, DN 150 MM, JUNTA ELÁSTICA - FORNECIMENTO E ASSENTAMENTO. AF_01/2021","M","COEFICIENTE DE REPRESENTATIVIDADE",80.09,"",null,"","","","",null,"","3,11","3,8865283","76,98","96,1134717","0,00","0,0000000","0,00","0,0000000","0,00","0,0000000",0,"CAIXA REFERENCIAL"]
["ASSENTAMENTO DE TUBOS E PECAS","ASTU","FORNEC E/OU ASSENT DE TUBO DE PVC COM JUNTA ELASTI",48,"","",90701,"TUBO DE PVC CORRUGADO DE DUPLA PAREDE PARA REDE COLETORA DE ESGOTO, DN 150 MM, JUNTA ELÁSTICA - FORNECIMENTO E ASSENTAMENTO. AF_01/2021","M","COEFICIENTE DE REPRESENTATIVIDADE",80.09,"INSUMO",305,"ANEL BORRACHA, PARA TUBO PVC, REDE COLETOR ESGOTO, DN 150 MM (NBR 7362)","UN","COEFICIENTE DE REPRESENTATIVIDADE","0,1667000",12.2,"2,03","","","","","","","","","","",null,"CAIXA REFERENCIAL"]
["ASSENTAMENTO DE TUBOS E PECAS","ASTU","FORNEC E/OU ASSENT DE TUBO DE PVC COM JUNTA ELASTI",48,"","",90701,"TUBO DE PVC CORRUGADO DE DUPLA PAREDE PARA REDE COLETORA DE ESGOTO, DN 150 MM, JUNTA ELÁSTICA - FORNECIMENTO E ASSENTAMENTO. AF_01/2021","M","COEFICIENTE DE REPRESENTATIVIDADE",80.09,"INSUMO",20078,"PASTA LUBRIFICANTE PARA TUBOS E CONEXOES COM JUNTA ELASTICA, EMBALAGEM DE *400* GR (USO EM PVC, ACO, POLIETILENO E OUTROS)","UN","COEFICIENTE DE REPRESENTATIVIDADE","0,0146000",32.99,"0,48","","","","","","","","","","",null,"CAIXA REFERENCIAL"]
["ASSENTAMENTO DE TUBOS E PECAS","ASTU","FORNEC E/OU ASSENT DE TUBO DE PVC COM JUNTA ELASTI",48,"","",90701,"TUBO DE PVC CORRUGADO DE DUPLA PAREDE PARA REDE COLETORA DE ESGOTO, DN 150 MM, JUNTA ELÁSTICA - FORNECIMENTO E ASSENTAMENTO. AF_01/2021","M","COEFICIENTE DE REPRESENTATIVIDADE",80.09,"INSUMO",38032,"TUBO PVC CORRUGADO, PAREDE DUPLA, JE, DN 150 MM, REDE COLETORA ESGOTO","M","COEFICIENTE DE REPRESENTATIVIDADE","1,0500000",70.09,"73,59","","","","","","","","","","",null,"CAIXA REFERENCIAL"]
["ASSENTAMENTO DE TUBOS E PECAS","ASTU","FORNEC E/OU ASSENT DE TUBO DE PVC COM JUNTA ELASTI",48,"","",90701,"TUBO DE PVC CORRUGADO DE DUPLA PAREDE PARA REDE COLETORA DE ESGOTO, DN 150 MM, JUNTA ELÁSTICA - FORNECIMENTO E ASSENTAMENTO. AF_01/2021","M","COEFICIENTE DE REPRESENTATIVIDADE",80.09,"COMPOSICAO",88246,"ASSENTADOR DE TUBOS COM ENCARGOS COMPLEMENTARES","H","COEFICIENTE DE REPRESENTATIVIDADE","0,0993000",23.3,"2,31","","","","","","","","","","",null,"CAIXA REFERENCIAL"]
["ASSENTAMENTO DE TUBOS E PECAS","ASTU","FORNEC E/OU ASSENT DE TUBO DE PVC COM JUNTA ELASTI",48,"","",90701,"TUBO DE PVC CORRUGADO DE DUPLA PAREDE PARA REDE COLETORA DE ESGOTO, DN 150 MM, JUNTA ELÁSTICA - FORNECIMENTO E ASSENTAMENTO. AF_01/2021","M","COEFICIENTE DE REPRESENTATIVIDADE",80.09,"COMPOSICAO",88316,"SERVENTE COM ENCARGOS COMPLEMENTARES","H","COLETADO","0,0993000",16.920000000000002,"1,68","","","","","","","","","","",null,"CAIXA REFERENCIAL"]
["ASSENTAMENTO DE TUBOS E PECAS","ASTU","FORNEC E/OU ASSENT DE TUBO DE PVC COM JUNTA ELASTI",48,"","",90702,"TUBO DE PVC CORRUGADO DE DUPLA PAREDE PARA REDE COLETORA DE ESGOTO, DN 200 MM, JUNTA ELÁSTICA - FORNECIMENTO E ASSENTAMENTO. AF_01/2021","M","COEFICIENTE DE REPRESENTATIVIDADE",128.59,"",null,"","","","",null,"","3,56","2,7695658","125,03","97,2304342","0,00","0,0000000","0,00","0,0000000","0,00","0,0000000",0,"CAIXA REFERENCIAL"]
["ASSENTAMENTO DE TUBOS E PECAS","ASTU","FORNEC E/OU ASSENT DE TUBO DE PVC COM JUNTA ELASTI",48,"","",90702,"TUBO DE PVC CORRUGADO DE DUPLA PAREDE PARA REDE COLETORA DE ESGOTO, DN 200 MM, JUNTA ELÁSTICA - FORNECIMENTO E ASSENTAMENTO. AF_01/2021","M","COEFICIENTE DE REPRESENTATIVIDADE",128.59,"INSUMO",306,"ANEL BORRACHA, PARA TUBO PVC, REDE COLETOR ESGOTO, DN 200 MM (NBR 7362)","UN","COEFICIENTE DE REPRESENTATIVIDADE","0,1667000",18.5,"3,08","","","","","","","","","","",null,"CAIXA REFERENCIAL"]
["ASSENTAMENTO DE TUBOS E PECAS","ASTU","FORNEC E/OU ASSENT DE TUBO DE PVC COM JUNTA ELASTI",48,"","",90702,"TUBO DE PVC CORRUGADO DE DUPLA PAREDE PARA REDE COLETORA DE ESGOTO, DN 200 MM, JUNTA ELÁSTICA - FORNECIMENTO E ASSENTAMENTO. AF_01/2021","M","COEFICIENTE DE REPRESENTATIVIDADE",128.59,"INSUMO",20078,"PASTA LUBRIFICANTE PARA TUBOS E CONEXOES COM JUNTA ELASTICA, EMBALAGEM DE *400* GR (USO EM PVC, ACO, POLIETILENO E OUTROS)","UN","COEFICIENTE DE REPRESENTATIVIDADE","0,0167000",32.99,"0,55","","","","","","","","","","",null,"CAIXA REFERENCIAL"]
["ASSENTAMENTO DE TUBOS E PECAS","ASTU","FORNEC E/OU ASSENT DE TUBO DE PVC COM JUNTA ELASTI",48,"","",90702,"TUBO DE PVC CORRUGADO DE DUPLA PAREDE PARA REDE COLETORA DE ESGOTO, DN 200 MM, JUNTA ELÁSTICA - FORNECIMENTO E ASSENTAMENTO. AF_01/2021","M","COEFICIENTE DE REPRESENTATIVIDADE",128.59,"INSUMO",38033,"TUBO PVC CORRUGADO, PAREDE DUPLA, JE, DN 200 MM, REDE COLETORA ESGOTO","M","COEFICIENTE DE REPRESENTATIVIDADE","1,0500000",114.69,"120,42","","","","","","","","","","",null,"CAIXA REFERENCIAL"]
["ASSENTAMENTO DE TUBOS E PECAS","ASTU","FORNEC E/OU ASSENT DE TUBO DE PVC COM JUNTA ELASTI",48,"","",90702,"TUBO DE PVC CORRUGADO DE DUPLA PAREDE PARA REDE COLETORA DE ESGOTO, DN 200 MM, JUNTA ELÁSTICA - FORNECIMENTO E ASSENTAMENTO. AF_01/2021","M","COEFICIENTE DE REPRESENTATIVIDADE",128.59,"COMPOSICAO",88246,"ASSENTADOR DE TUBOS COM ENCARGOS COMPLEMENTARES","H","COEFICIENTE DE REPRESENTATIVIDADE","0,1132000",23.3,"2,63","","","","","","","","","","",null,"CAIXA REFERENCIAL"]
["ASSENTAMENTO DE TUBOS E PECAS","ASTU","FORNEC E/OU ASSENT DE TUBO DE PVC COM JUNTA ELASTI",48,"","",90702,"TUBO DE PVC CORRUGADO DE DUPLA PAREDE PARA REDE COLETORA DE ESGOTO, DN 200 MM, JUNTA ELÁSTICA - FORNECIMENTO E ASSENTAMENTO. AF_01/2021","M","COEFICIENTE DE REPRESENTATIVIDADE",128.59,"COMPOSICAO",88316,"SERVENTE COM ENCARGOS COMPLEMENTARES","H","COLETADO","0,1132000",16.920000000000002,"1,91","","","","","","","","","","",null,"CAIXA REFERENCIAL"]
["ASSENTAMENTO DE TUBOS E PECAS","ASTU","FORNEC E/OU ASSENT DE TUBO DE PVC COM JUNTA ELASTI",48,"","",90703,"TUBO DE PVC CORRUGADO DE DUPLA PAREDE PARA REDE COLETORA DE ESGOTO, DN 250 MM, JUNTA ELÁSTICA - FORNECIMENTO E ASSENTAMENTO. AF_01/2021","M","COEFICIENTE DE REPRESENTATIVIDADE",212.72,"",null,"","","","",null,"","3,99","1,8764108","208,73","98,1235892","0,00","0,0000000","0,00","0,0000000","0,00","0,0000000",0,"CAIXA REFERENCIAL"]
["ASSENTAMENTO DE TUBOS E PECAS","ASTU","FORNEC E/OU ASSENT DE TUBO DE PVC COM JUNTA ELASTI",48,"","",90703,"TUBO DE PVC CORRUGADO DE DUPLA PAREDE PARA REDE COLETORA DE ESGOTO, DN 250 MM, JUNTA ELÁSTICA - FORNECIMENTO E ASSENTAMENTO. AF_01/2021","M","COEFICIENTE DE REPRESENTATIVIDADE",212.72,"INSUMO",307,"ANEL BORRACHA, PARA TUBO PVC, REDE COLETOR ESGOTO, DN 250 MM (NBR 7362)","UN","COEFICIENTE DE REPRESENTATIVIDADE","0,1667000",46.73,"7,78","","","","","","","","","","",null,"CAIXA REFERENCIAL"]
["ASSENTAMENTO DE TUBOS E PECAS","ASTU","FORNEC E/OU ASSENT DE TUBO DE PVC COM JUNTA ELASTI",48,"","",90703,"TUBO DE PVC CORRUGADO DE DUPLA PAREDE PARA REDE COLETORA DE ESGOTO, DN 250 MM, JUNTA ELÁSTICA - FORNECIMENTO E ASSENTAMENTO. AF_01/2021","M","COEFICIENTE DE REPRESENTATIVIDADE",212.72,"INSUMO",20078,"PASTA LUBRIFICANTE PARA TUBOS E CONEXOES COM JUNTA ELASTICA, EMBALAGEM DE *400* GR (USO EM PVC, ACO, POLIETILENO E OUTROS)","UN","COEFICIENTE DE REPRESENTATIVIDADE","0,0188000",32.99,"0,62","","","","","","","","","","",null,"CAIXA REFERENCIAL"]
["ASSENTAMENTO DE TUBOS E PECAS","ASTU","FORNEC E/OU ASSENT DE TUBO DE PVC COM JUNTA ELASTI",48,"","",90703,"TUBO DE PVC CORRUGADO DE DUPLA PAREDE PARA REDE COLETORA DE ESGOTO, DN 250 MM, JUNTA ELÁSTICA - FORNECIMENTO E ASSENTAMENTO. AF_01/2021","M","COEFICIENTE DE REPRESENTATIVIDADE",212.72,"INSUMO",38034,"TUBO PVC CORRUGADO, PAREDE DUPLA, JE, DN 250 MM, REDE COLETORA ESGOTO","M","COEFICIENTE DE REPRESENTATIVIDADE","1,0500000",189.73,"199,21","","","","","","","","","","",null,"CAIXA REFERENCIAL"]
["ASSENTAMENTO DE TUBOS E PECAS","ASTU","FORNEC E/OU ASSENT DE TUBO DE PVC COM JUNTA ELASTI",48,"","",90703,"TUBO DE PVC CORRUGADO DE DUPLA PAREDE PARA REDE COLETORA DE ESGOTO, DN 250 MM, JUNTA ELÁSTICA - FORNECIMENTO E ASSENTAMENTO. AF_01/2021","M","COEFICIENTE DE REPRESENTATIVIDADE",212.72,"COMPOSICAO",88246,"ASSENTADOR DE TUBOS COM ENCARGOS COMPLEMENTARES","H","COEFICIENTE DE REPRESENTATIVIDADE","0,1271000",23.3,"2,96","","","","","","","","","","",null,"CAIXA REFERENCIAL"]
["ASSENTAMENTO DE TUBOS E PECAS","ASTU","FORNEC E/OU ASSENT DE TUBO DE PVC COM JUNTA ELASTI",48,"","",90703,"TUBO DE PVC CORRUGADO DE DUPLA PAREDE PARA REDE COLETORA DE ESGOTO, DN 250 MM, JUNTA ELÁSTICA - FORNECIMENTO E ASSENTAMENTO. AF_01/2021","M","COEFICIENTE DE REPRESENTATIVIDADE",212.72,"COMPOSICAO",88316,"SERVENTE COM ENCARGOS COMPLEMENTARES","H","COLETADO","0,1271000",16.920000000000002,"2,15","","","","","","","","","","",null,"CAIXA REFERENCIAL"]
["ASSENTAMENTO DE TUBOS E PECAS","ASTU","FORNEC E/OU ASSENT DE TUBO DE PVC COM JUNTA ELASTI",48,"","",90704,"TUBO DE PVC CORRUGADO DE DUPLA PAREDE PARA REDE COLETORA DE ESGOTO, DN 300 MM, JUNTA ELÁSTICA - FORNECIMENTO E ASSENTAMENTO. AF_01/2021","M","COEFICIENTE DE REPRESENTATIVIDADE",301.32,"",null,"","","","",null,"","4,44","1,4738589","296,88","98,5261411","0,00","0,0000000","0,00","0,0000000","0,00","0,0000000",0,"CAIXA REFERENCIAL"]
["ASSENTAMENTO DE TUBOS E PECAS","ASTU","FORNEC E/OU ASSENT DE TUBO DE PVC COM JUNTA ELASTI",48,"","",90704,"TUBO DE PVC CORRUGADO DE DUPLA PAREDE PARA REDE COLETORA DE ESGOTO, DN 300 MM, JUNTA ELÁSTICA - FORNECIMENTO E ASSENTAMENTO. AF_01/2021","M","COEFICIENTE DE REPRESENTATIVIDADE",301.32,"INSUMO",308,"ANEL BORRACHA, PARA TUBO, PVC REDE COLETOR ESGOTO, DN 300 MM (NBR 7362)","UN","COEFICIENTE DE REPRESENTATIVIDADE","0,1667000",104.3,"17,38","","","","","","","","","","",null,"CAIXA REFERENCIAL"]
["ASSENTAMENTO DE TUBOS E PECAS","ASTU","FORNEC E/OU ASSENT DE TUBO DE PVC COM JUNTA ELASTI",48,"","",90704,"TUBO DE PVC CORRUGADO DE DUPLA PAREDE PARA REDE COLETORA DE ESGOTO, DN 300 MM, JUNTA ELÁSTICA - FORNECIMENTO E ASSENTAMENTO. AF_01/2021","M","COEFICIENTE DE REPRESENTATIVIDADE",301.32,"INSUMO",20078,"PASTA LUBRIFICANTE PARA TUBOS E CONEXOES COM JUNTA ELASTICA, EMBALAGEM DE *400* GR (USO EM PVC, ACO, POLIETILENO E OUTROS)","UN","COEFICIENTE DE REPRESENTATIVIDADE","0,0208000",32.99,"0,68","","","","","","","","","","",null,"CAIXA REFERENCIAL"]
["ASSENTAMENTO DE TUBOS E PECAS","ASTU","FORNEC E/OU ASSENT DE TUBO DE PVC COM JUNTA ELASTI",48,"","",90704,"TUBO DE PVC CORRUGADO DE DUPLA PAREDE PARA REDE COLETORA DE ESGOTO, DN 300 MM, JUNTA ELÁSTICA - FORNECIMENTO E ASSENTAMENTO. AF_01/2021","M","COEFICIENTE DE REPRESENTATIVIDADE",301.32,"INSUMO",38035,"TUBO PVC CORRUGADO, PAREDE DUPLA, JE, DN 300 MM, REDE COLETORA ESGOTO","M","COEFICIENTE DE REPRESENTATIVIDADE","1,0500000",264.39,"277,60","","","","","","","","","","",null,"CAIXA REFERENCIAL"]
["ASSENTAMENTO DE TUBOS E PECAS","ASTU","FORNEC E/OU ASSENT DE TUBO DE PVC COM JUNTA ELASTI",48,"","",90704,"TUBO DE PVC CORRUGADO DE DUPLA PAREDE PARA REDE COLETORA DE ESGOTO, DN 300 MM, JUNTA ELÁSTICA - FORNECIMENTO E ASSENTAMENTO. AF_01/2021","M","COEFICIENTE DE REPRESENTATIVIDADE",301.32,"COMPOSICAO",88246,"ASSENTADOR DE TUBOS COM ENCARGOS COMPLEMENTARES","H","COEFICIENTE DE REPRESENTATIVIDADE","0,1410000",23.3,"3,28","","","","","","","","","","",null,"CAIXA REFERENCIAL"]
["ASSENTAMENTO DE TUBOS E PECAS","ASTU","FORNEC E/OU ASSENT DE TUBO DE PVC COM JUNTA ELASTI",48,"","",90704,"TUBO DE PVC CORRUGADO DE DUPLA PAREDE PARA REDE COLETORA DE ESGOTO, DN 300 MM, JUNTA ELÁSTICA - FORNECIMENTO E ASSENTAMENTO. AF_01/2021","M","COEFICIENTE DE REPRESENTATIVIDADE",301.32,"COMPOSICAO",88316,"SERVENTE COM ENCARGOS COMPLEMENTARES","H","COLETADO","0,1410000",16.920000000000002,"2,38","","","","","","","","","","",null,"CAIXA REFERENCIAL"]
["ASSENTAMENTO DE TUBOS E PECAS","ASTU","FORNEC E/OU ASSENT DE TUBO DE PVC COM JUNTA ELASTI",48,"","",90705,"TUBO DE PVC CORRUGADO DE DUPLA PAREDE PARA REDE COLETORA DE ESGOTO, DN 350 MM, JUNTA ELÁSTICA - FORNECIMENTO E ASSENTAMENTO. AF_01/2021","M","COEFICIENTE DE REPRESENTATIVIDADE",411.45,"",null,"","","","",null,"","4,87","1,1838778","406,58","98,8161222","0,00","0,0000000","0,00","0,0000000","0,00","0,0000000",0,"CAIXA REFERENCIAL"]
["ASSENTAMENTO DE TUBOS E PECAS","ASTU","FORNEC E/OU ASSENT DE TUBO DE PVC COM JUNTA ELASTI",48,"","",90705,"TUBO DE PVC CORRUGADO DE DUPLA PAREDE PARA REDE COLETORA DE ESGOTO, DN 350 MM, JUNTA ELÁSTICA - FORNECIMENTO E ASSENTAMENTO. AF_01/2021","M","COEFICIENTE DE REPRESENTATIVIDADE",411.45,"INSUMO",309,"ANEL BORRACHA, PARA TUBO PVC, REDE COLETOR ESGOTO, DN 350 MM (NBR 7362)","UN","COEFICIENTE DE REPRESENTATIVIDADE","0,1667000",76.55,"12,76","","","","","","","","","","",null,"CAIXA REFERENCIAL"]
["ASSENTAMENTO DE TUBOS E PECAS","ASTU","FORNEC E/OU ASSENT DE TUBO DE PVC COM JUNTA ELASTI",48,"","",90705,"TUBO DE PVC CORRUGADO DE DUPLA PAREDE PARA REDE COLETORA DE ESGOTO, DN 350 MM, JUNTA ELÁSTICA - FORNECIMENTO E ASSENTAMENTO. AF_01/2021","M","COEFICIENTE DE REPRESENTATIVIDADE",411.45,"INSUMO",20078,"PASTA LUBRIFICANTE PARA TUBOS E CONEXOES COM JUNTA ELASTICA, EMBALAGEM DE *400* GR (USO EM PVC, ACO, POLIETILENO E OUTROS)","UN","COEFICIENTE DE REPRESENTATIVIDADE","0,0229000",32.99,"0,75","","","","","","","","","","",null,"CAIXA REFERENCIAL"]
["ASSENTAMENTO DE TUBOS E PECAS","ASTU","FORNEC E/OU ASSENT DE TUBO DE PVC COM JUNTA ELASTI",48,"","",90705,"TUBO DE PVC CORRUGADO DE DUPLA PAREDE PARA REDE COLETORA DE ESGOTO, DN 350 MM, JUNTA ELÁSTICA - FORNECIMENTO E ASSENTAMENTO. AF_01/2021","M","COEFICIENTE DE REPRESENTATIVIDADE",411.45,"INSUMO",38036,"TUBO PVC CORRUGADO, PAREDE DUPLA, JE, DN 350 MM, REDE COLETORA ESGOTO","M","COEFICIENTE DE REPRESENTATIVIDADE","1,0500000",373.07,"391,72","","","","","","","","","","",null,"CAIXA REFERENCIAL"]
["ASSENTAMENTO DE TUBOS E PECAS","ASTU","FORNEC E/OU ASSENT DE TUBO DE PVC COM JUNTA ELASTI",48,"","",90705,"TUBO DE PVC CORRUGADO DE DUPLA PAREDE PARA REDE COLETORA DE ESGOTO, DN 350 MM, JUNTA ELÁSTICA - FORNECIMENTO E ASSENTAMENTO. AF_01/2021","M","COEFICIENTE DE REPRESENTATIVIDADE",411.45,"COMPOSICAO",88246,"ASSENTADOR DE TUBOS COM ENCARGOS COMPLEMENTARES","H","COEFICIENTE DE REPRESENTATIVIDADE","0,1549000",23.3,"3,60","","","","","","","","","","",null,"CAIXA REFERENCIAL"]
["ASSENTAMENTO DE TUBOS E PECAS","ASTU","FORNEC E/OU ASSENT DE TUBO DE PVC COM JUNTA ELASTI",48,"","",90705,"TUBO DE PVC CORRUGADO DE DUPLA PAREDE PARA REDE COLETORA DE ESGOTO, DN 350 MM, JUNTA ELÁSTICA - FORNECIMENTO E ASSENTAMENTO. AF_01/2021","M","COEFICIENTE DE REPRESENTATIVIDADE",411.45,"COMPOSICAO",88316,"SERVENTE COM ENCARGOS COMPLEMENTARES","H","COLETADO","0,1549000",16.920000000000002,"2,62","","","","","","","","","","",null,"CAIXA REFERENCIAL"]
["ASSENTAMENTO DE TUBOS E PECAS","ASTU","FORNEC E/OU ASSENT DE TUBO DE PVC COM JUNTA ELASTI",48,"","",90706,"TUBO DE PVC CORRUGADO DE DUPLA PAREDE PARA REDE COLETORA DE ESGOTO, DN 400 MM, JUNTA ELÁSTICA - FORNECIMENTO E ASSENTAMENTO. AF_01/2021","M","COEFICIENTE DE REPRESENTATIVIDADE",481.59,"",null,"","","","",null,"","4,18","0,8682106","475,23","98,6789906","2,18","0,4527988","0,00","0,0000000","0,00","0,0000000",0,"CAIXA REFERENCIAL"]
["ASSENTAMENTO DE TUBOS E PECAS","ASTU","FORNEC E/OU ASSENT DE TUBO DE PVC COM JUNTA ELASTI",48,"","",90706,"TUBO DE PVC CORRUGADO DE DUPLA PAREDE PARA REDE COLETORA DE ESGOTO, DN 400 MM, JUNTA ELÁSTICA - FORNECIMENTO E ASSENTAMENTO. AF_01/2021","M","COEFICIENTE DE REPRESENTATIVIDADE",481.59,"INSUMO",310,"ANEL BORRACHA, PARA TUBO PVC, REDE COLETOR ESGOTO, DN 400 MM (NBR 7362)","UN","COEFICIENTE DE REPRESENTATIVIDADE","0,1667000",106.11,"17,68","","","","","","","","","","",null,"CAIXA REFERENCIAL"]
["ASSENTAMENTO DE TUBOS E PECAS","ASTU","FORNEC E/OU ASSENT DE TUBO DE PVC COM JUNTA ELASTI",48,"","",90706,"TUBO DE PVC CORRUGADO DE DUPLA PAREDE PARA REDE COLETORA DE ESGOTO, DN 400 MM, JUNTA ELÁSTICA - FORNECIMENTO E ASSENTAMENTO. AF_01/2021","M","COEFICIENTE DE REPRESENTATIVIDADE",481.59,"COMPOSICAO",5678,"RETROESCAVADEIRA SOBRE RODAS COM CARREGADEIRA, TRAÇÃO 4X4, POTÊNCIA LÍQ. 88 HP, CAÇAMBA CARREG. CAP. MÍN. 1 M3, CAÇAMBA RETRO CAP. 0,26 M3, PESO OPERACIONAL MÍN. 6.674 KG, PROFUNDIDADE ESCAVAÇÃO MÁX. 4,37 M - CHP DIURNO. AF_06/2014","CHP","COEFICIENTE DE REPRESENTATIVIDADE","0,0316000",125.96,"3,98","","","","","","","","","","",null,"CAIXA REFERENCIAL"]
["ASSENTAMENTO DE TUBOS E PECAS","ASTU","FORNEC E/OU ASSENT DE TUBO DE PVC COM JUNTA ELASTI",48,"","",90706,"TUBO DE PVC CORRUGADO DE DUPLA PAREDE PARA REDE COLETORA DE ESGOTO, DN 400 MM, JUNTA ELÁSTICA - FORNECIMENTO E ASSENTAMENTO. AF_01/2021","M","COEFICIENTE DE REPRESENTATIVIDADE",481.59,"COMPOSICAO",5679,"RETROESCAVADEIRA SOBRE RODAS COM CARREGADEIRA, TRAÇÃO 4X4, POTÊNCIA LÍQ. 88 HP, CAÇAMBA CARREG. CAP. MÍN. 1 M3, CAÇAMBA RETRO CAP. 0,26 M3, PESO OPERACIONAL MÍN. 6.674 KG, PROFUNDIDADE ESCAVAÇÃO MÁX. 4,37 M - CHI DIURNO. AF_06/2014","CHI","COEFICIENTE DE REPRESENTATIVIDADE","0,0196000",51.77,"1,01","","","","","","","","","","",null,"CAIXA REFERENCIAL"]
["ASSENTAMENTO DE TUBOS E PECAS","ASTU","FORNEC E/OU ASSENT DE TUBO DE PVC COM JUNTA ELASTI",48,"","",90706,"TUBO DE PVC CORRUGADO DE DUPLA PAREDE PARA REDE COLETORA DE ESGOTO, DN 400 MM, JUNTA ELÁSTICA - FORNECIMENTO E ASSENTAMENTO. AF_01/2021","M","COEFICIENTE DE REPRESENTATIVIDADE",481.59,"INSUMO",20078,"PASTA LUBRIFICANTE PARA TUBOS E CONEXOES COM JUNTA ELASTICA, EMBALAGEM DE *400* GR (USO EM PVC, ACO, POLIETILENO E OUTROS)","UN","COEFICIENTE DE REPRESENTATIVIDADE","0,0250000",32.99,"0,82","","","","","","","","","","",null,"CAIXA REFERENCIAL"]
["ASSENTAMENTO DE TUBOS E PECAS","ASTU","FORNEC E/OU ASSENT DE TUBO DE PVC COM JUNTA ELASTI",48,"","",90706,"TUBO DE PVC CORRUGADO DE DUPLA PAREDE PARA REDE COLETORA DE ESGOTO, DN 400 MM, JUNTA ELÁSTICA - FORNECIMENTO E ASSENTAMENTO. AF_01/2021","M","COEFICIENTE DE REPRESENTATIVIDADE",481.59,"INSUMO",38037,"TUBO PVC CORRUGADO, PAREDE DUPLA, JE, DN 400 MM, REDE COLETORA ESGOTO","M","COEFICIENTE DE REPRESENTATIVIDADE","1,0500000",432.57,"454,19","","","","","","","","","","",null,"CAIXA REFERENCIAL"]
["ASSENTAMENTO DE TUBOS E PECAS","ASTU","FORNEC E/OU ASSENT DE TUBO DE PVC COM JUNTA ELASTI",48,"","",90706,"TUBO DE PVC CORRUGADO DE DUPLA PAREDE PARA REDE COLETORA DE ESGOTO, DN 400 MM, JUNTA ELÁSTICA - FORNECIMENTO E ASSENTAMENTO. AF_01/2021","M","COEFICIENTE DE REPRESENTATIVIDADE",481.59,"COMPOSICAO",88246,"ASSENTADOR DE TUBOS COM ENCARGOS COMPLEMENTARES","H","COEFICIENTE DE REPRESENTATIVIDADE","0,0975000",23.3,"2,27","","","","","","","","","","",null,"CAIXA REFERENCIAL"]
["ASSENTAMENTO DE TUBOS E PECAS","ASTU","FORNEC E/OU ASSENT DE TUBO DE PVC COM JUNTA ELASTI",48,"","",90706,"TUBO DE PVC CORRUGADO DE DUPLA PAREDE PARA REDE COLETORA DE ESGOTO, DN 400 MM, JUNTA ELÁSTICA - FORNECIMENTO E ASSENTAMENTO. AF_01/2021","M","COEFICIENTE DE REPRESENTATIVIDADE",481.59,"COMPOSICAO",88316,"SERVENTE COM ENCARGOS COMPLEMENTARES","H","COLETADO","0,0975000",16.920000000000002,"1,64","","","","","","","","","","",null,"CAIXA REFERENCIAL"]
["ASSENTAMENTO DE TUBOS E PECAS","ASTU","FORNEC E/OU ASSENT DE TUBO DE PVC COM JUNTA ELASTI",48,"","",90708,"TUBO DE PEAD CORRUGADO DE DUPLA PAREDE PARA REDE COLETORA DE ESGOTO, DN 600 MM, JUNTA ELÁSTICA INTEGRADA - FORNECIMENTO E ASSENTAMENTO. AF_01/2021","M","COEFICIENTE DE REPRESENTATIVIDADE",1355.51,"",null,"","","","",null,"","5,59","0,4124578","1.344,10","99,1581139","5,82","0,4294283","0,00","0,0000000","0,00","0,0000000",0,"CAIXA REFERENCIAL"]
["ASSENTAMENTO DE TUBOS E PECAS","ASTU","FORNEC E/OU ASSENT DE TUBO DE PVC COM JUNTA ELASTI",48,"","",90708,"TUBO DE PEAD CORRUGADO DE DUPLA PAREDE PARA REDE COLETORA DE ESGOTO, DN 600 MM, JUNTA ELÁSTICA INTEGRADA - FORNECIMENTO E ASSENTAMENTO. AF_01/2021","M","COEFICIENTE DE REPRESENTATIVIDADE",1355.51,"COMPOSICAO",5631,"ESCAVADEIRA HIDRÁULICA SOBRE ESTEIRAS, CAÇAMBA 0,80 M3, PESO OPERACIONAL 17 T, POTENCIA BRUTA 111 HP - CHP DIURNO. AF_06/2014","CHP","COLETADO","0,0422000",191.27,"8,07","","","","","","","","","","",null,"CAIXA REFERENCIAL"]
["ASSENTAMENTO DE TUBOS E PECAS","ASTU","FORNEC E/OU ASSENT DE TUBO DE PVC COM JUNTA ELASTI",48,"","",90708,"TUBO DE PEAD CORRUGADO DE DUPLA PAREDE PARA REDE COLETORA DE ESGOTO, DN 600 MM, JUNTA ELÁSTICA INTEGRADA - FORNECIMENTO E ASSENTAMENTO. AF_01/2021","M","COEFICIENTE DE REPRESENTATIVIDADE",1355.51,"COMPOSICAO",5632,"ESCAVADEIRA HIDRÁULICA SOBRE ESTEIRAS, CAÇAMBA 0,80 M3, PESO OPERACIONAL 17 T, POTENCIA BRUTA 111 HP - CHI DIURNO. AF_06/2014","CHI","COLETADO","0,0262000",77.11,"2,02","","","","","","","","","","",null,"CAIXA REFERENCIAL"]
["ASSENTAMENTO DE TUBOS E PECAS","ASTU","FORNEC E/OU ASSENT DE TUBO DE PVC COM JUNTA ELASTI",48,"","",90708,"TUBO DE PEAD CORRUGADO DE DUPLA PAREDE PARA REDE COLETORA DE ESGOTO, DN 600 MM, JUNTA ELÁSTICA INTEGRADA - FORNECIMENTO E ASSENTAMENTO. AF_01/2021","M","COEFICIENTE DE REPRESENTATIVIDADE",1355.51,"INSUMO",20078,"PASTA LUBRIFICANTE PARA TUBOS E CONEXOES COM JUNTA ELASTICA, EMBALAGEM DE *400* GR (USO EM PVC, ACO, POLIETILENO E OUTROS)","UN","COEFICIENTE DE REPRESENTATIVIDADE","0,0694000",32.99,"2,28","","","","","","","","","","",null,"CAIXA REFERENCIAL"]
["ASSENTAMENTO DE TUBOS E PECAS","ASTU","FORNEC E/OU ASSENT DE TUBO DE PVC COM JUNTA ELASTI",48,"","",90708,"TUBO DE PEAD CORRUGADO DE DUPLA PAREDE PARA REDE COLETORA DE ESGOTO, DN 600 MM, JUNTA ELÁSTICA INTEGRADA - FORNECIMENTO E ASSENTAMENTO. AF_01/2021","M","COEFICIENTE DE REPRESENTATIVIDADE",1355.51,"INSUMO",41782,"TUBO CORRUGADO PEAD, PAREDE DUPLA, INTERNA LISA, JEI, DN/DI 600 MM, PARA SANEAMENTO (DRENAGEM/ESGOTO)","M","COEFICIENTE DE REPRESENTATIVIDADE","1,0500000",1274.2,"1.337,91","","","","","","","","","","",null,"CAIXA REFERENCIAL"]
["ASSENTAMENTO DE TUBOS E PECAS","ASTU","FORNEC E/OU ASSENT DE TUBO DE PVC COM JUNTA ELASTI",48,"","",90708,"TUBO DE PEAD CORRUGADO DE DUPLA PAREDE PARA REDE COLETORA DE ESGOTO, DN 600 MM, JUNTA ELÁSTICA INTEGRADA - FORNECIMENTO E ASSENTAMENTO. AF_01/2021","M","COEFICIENTE DE REPRESENTATIVIDADE",1355.51,"COMPOSICAO",88246,"ASSENTADOR DE TUBOS COM ENCARGOS COMPLEMENTARES","H","COEFICIENTE DE REPRESENTATIVIDADE","0,1301000",23.3,"3,03","","","","","","","","","","",null,"CAIXA REFERENCIAL"]
["ASSENTAMENTO DE TUBOS E PECAS","ASTU","FORNEC E/OU ASSENT DE TUBO DE PVC COM JUNTA ELASTI",48,"","",90708,"TUBO DE PEAD CORRUGADO DE DUPLA PAREDE PARA REDE COLETORA DE ESGOTO, DN 600 MM, JUNTA ELÁSTICA INTEGRADA - FORNECIMENTO E ASSENTAMENTO. AF_01/2021","M","COEFICIENTE DE REPRESENTATIVIDADE",1355.51,"COMPOSICAO",88316,"SERVENTE COM ENCARGOS COMPLEMENTARES","H","COLETADO","0,1301000",16.920000000000002,"2,20","","","","","","","","","","",null,"CAIXA REFERENCIAL"]
["ASSENTAMENTO DE TUBOS E PECAS","ASTU","FORNEC E/OU ASSENT DE TUBO DE PVC COM JUNTA ELASTI",48,"","",90724,"JUNTA ARGAMASSADA ENTRE TUBO DN 100 MM E O POÇO DE VISITA/ CAIXA DE CONCRETO OU ALVENARIA EM REDES DE ESGOTO. AF_01/2021","UN","COEFICIENTE DE REPRESENTATIVIDADE",21.45,"",null,"","","","",null,"","16,32","76,0655738","5,13","23,9344262","0,00","0,0000000","0,00","0,0000000","0,00","0,0000000",0,"CAIXA REFERENCIAL"]
["ASSENTAMENTO DE TUBOS E PECAS","ASTU","FORNEC E/OU ASSENT DE TUBO DE PVC COM JUNTA ELASTI",48,"","",90724,"JUNTA ARGAMASSADA ENTRE TUBO DN 100 MM E O POÇO DE VISITA/ CAIXA DE CONCRETO OU ALVENARIA EM REDES DE ESGOTO. AF_01/2021","UN","COEFICIENTE DE REPRESENTATIVIDADE",21.45,"COMPOSICAO",88246,"ASSENTADOR DE TUBOS COM ENCARGOS COMPLEMENTARES","H","COEFICIENTE DE REPRESENTATIVIDADE","0,5086000",23.3,"11,85","","","","","","","","","","",null,"CAIXA REFERENCIAL"]
["ASSENTAMENTO DE TUBOS E PECAS","ASTU","FORNEC E/OU ASSENT DE TUBO DE PVC COM JUNTA ELASTI",48,"","",90724,"JUNTA ARGAMASSADA ENTRE TUBO DN 100 MM E O POÇO DE VISITA/ CAIXA DE CONCRETO OU ALVENARIA EM REDES DE ESGOTO. AF_01/2021","UN","COEFICIENTE DE REPRESENTATIVIDADE",21.45,"COMPOSICAO",88316,"SERVENTE COM ENCARGOS COMPLEMENTARES","H","COLETADO","0,5086000",16.920000000000002,"8,60","","","","","","","","","","",null,"CAIXA REFERENCIAL"]
["ASSENTAMENTO DE TUBOS E PECAS","ASTU","FORNEC E/OU ASSENT DE TUBO DE PVC COM JUNTA ELASTI",48,"","",90724,"JUNTA ARGAMASSADA ENTRE TUBO DN 100 MM E O POÇO DE VISITA/ CAIXA DE CONCRETO OU ALVENARIA EM REDES DE ESGOTO. AF_01/2021","UN","COEFICIENTE DE REPRESENTATIVIDADE",21.45,"COMPOSICAO",88629,"ARGAMASSA TRAÇO 1:3 (EM VOLUME DE CIMENTO E AREIA MÉDIA ÚMIDA), PREPARO MANUAL. AF_08/2019","M3","COEFICIENTE DE REPRESENTATIVIDADE","0,0018000",556.9,"1,00","","","","","","","","","","",null,"CAIXA REFERENCIAL"]
["ASSENTAMENTO DE TUBOS E PECAS","ASTU","FORNEC E/OU ASSENT DE TUBO DE PVC COM JUNTA ELASTI",48,"","",90725,"JUNTA ARGAMASSADA ENTRE TUBO DN 150 MM E O POÇO DE VISITA/ CAIXA DE CONCRETO OU ALVENARIA EM REDES DE ESGOTO. AF_01/2021","UN","COEFICIENTE DE REPRESENTATIVIDADE",26.38,"",null,"","","","",null,"","19,96","75,6468798","6,42","24,3531202","0,00","0,0000000","0,00","0,0000000","0,00","0,0000000",0,"CAIXA REFERENCIAL"]
["ASSENTAMENTO DE TUBOS E PECAS","ASTU","FORNEC E/OU ASSENT DE TUBO DE PVC COM JUNTA ELASTI",48,"","",90725,"JUNTA ARGAMASSADA ENTRE TUBO DN 150 MM E O POÇO DE VISITA/ CAIXA DE CONCRETO OU ALVENARIA EM REDES DE ESGOTO. AF_01/2021","UN","COEFICIENTE DE REPRESENTATIVIDADE",26.38,"COMPOSICAO",88246,"ASSENTADOR DE TUBOS COM ENCARGOS COMPLEMENTARES","H","COEFICIENTE DE REPRESENTATIVIDADE","0,6217000",23.3,"14,48","","","","","","","","","","",null,"CAIXA REFERENCIAL"]
["ASSENTAMENTO DE TUBOS E PECAS","ASTU","FORNEC E/OU ASSENT DE TUBO DE PVC COM JUNTA ELASTI",48,"","",90725,"JUNTA ARGAMASSADA ENTRE TUBO DN 150 MM E O POÇO DE VISITA/ CAIXA DE CONCRETO OU ALVENARIA EM REDES DE ESGOTO. AF_01/2021","UN","COEFICIENTE DE REPRESENTATIVIDADE",26.38,"COMPOSICAO",88316,"SERVENTE COM ENCARGOS COMPLEMENTARES","H","COLETADO","0,6217000",16.920000000000002,"10,51","","","","","","","","","","",null,"CAIXA REFERENCIAL"]
["ASSENTAMENTO DE TUBOS E PECAS","ASTU","FORNEC E/OU ASSENT DE TUBO DE PVC COM JUNTA ELASTI",48,"","",90725,"JUNTA ARGAMASSADA ENTRE TUBO DN 150 MM E O POÇO DE VISITA/ CAIXA DE CONCRETO OU ALVENARIA EM REDES DE ESGOTO. AF_01/2021","UN","COEFICIENTE DE REPRESENTATIVIDADE",26.38,"COMPOSICAO",88629,"ARGAMASSA TRAÇO 1:3 (EM VOLUME DE CIMENTO E AREIA MÉDIA ÚMIDA), PREPARO MANUAL. AF_08/2019","M3","COEFICIENTE DE REPRESENTATIVIDADE","0,0025000",556.9,"1,39","","","","","","","","","","",null,"CAIXA REFERENCIAL"]
["ASSENTAMENTO DE TUBOS E PECAS","ASTU","FORNEC E/OU ASSENT DE TUBO DE PVC COM JUNTA ELASTI",48,"","",90726,"JUNTA ARGAMASSADA ENTRE TUBO DN 200 MM E O POÇO/ CAIXA DE CONCRETO OU ALVENARIA EM REDES DE ESGOTO. AF_01/2021","UN","COEFICIENTE DE REPRESENTATIVIDADE",31.38,"",null,"","","","",null,"","23,61","75,2237852","7,77","24,7762148","0,00","0,0000000","0,00","0,0000000","0,00","0,0000000",0,"CAIXA REFERENCIAL"]
["ASSENTAMENTO DE TUBOS E PECAS","ASTU","FORNEC E/OU ASSENT DE TUBO DE PVC COM JUNTA ELASTI",48,"","",90726,"JUNTA ARGAMASSADA ENTRE TUBO DN 200 MM E O POÇO/ CAIXA DE CONCRETO OU ALVENARIA EM REDES DE ESGOTO. AF_01/2021","UN","COEFICIENTE DE REPRESENTATIVIDADE",31.38,"COMPOSICAO",88246,"ASSENTADOR DE TUBOS COM ENCARGOS COMPLEMENTARES","H","COEFICIENTE DE REPRESENTATIVIDADE","0,7348000",23.3,"17,12","","","","","","","","","","",null,"CAIXA REFERENCIAL"]
["ASSENTAMENTO DE TUBOS E PECAS","ASTU","FORNEC E/OU ASSENT DE TUBO DE PVC COM JUNTA ELASTI",48,"","",90726,"JUNTA ARGAMASSADA ENTRE TUBO DN 200 MM E O POÇO/ CAIXA DE CONCRETO OU ALVENARIA EM REDES DE ESGOTO. AF_01/2021","UN","COEFICIENTE DE REPRESENTATIVIDADE",31.38,"COMPOSICAO",88316,"SERVENTE COM ENCARGOS COMPLEMENTARES","H","COLETADO","0,7348000",16.920000000000002,"12,43","","","","","","","","","","",null,"CAIXA REFERENCIAL"]
["ASSENTAMENTO DE TUBOS E PECAS","ASTU","FORNEC E/OU ASSENT DE TUBO DE PVC COM JUNTA ELASTI",48,"","",90726,"JUNTA ARGAMASSADA ENTRE TUBO DN 200 MM E O POÇO/ CAIXA DE CONCRETO OU ALVENARIA EM REDES DE ESGOTO. AF_01/2021","UN","COEFICIENTE DE REPRESENTATIVIDADE",31.38,"COMPOSICAO",88629,"ARGAMASSA TRAÇO 1:3 (EM VOLUME DE CIMENTO E AREIA MÉDIA ÚMIDA), PREPARO MANUAL. AF_08/2019","M3","COEFICIENTE DE REPRESENTATIVIDADE","0,0033000",556.9,"1,83","","","","","","","","","","",null,"CAIXA REFERENCIAL"]
["ASSENTAMENTO DE TUBOS E PECAS","ASTU","FORNEC E/OU ASSENT DE TUBO DE PVC COM JUNTA ELASTI",48,"","",90727,"JUNTA ARGAMASSADA ENTRE TUBO DN 250 MM E O POÇO DE VISITA/ CAIXA DE CONCRETO OU ALVENARIA EM REDES DE ESGOTO. AF_01/2021","UN","COEFICIENTE DE REPRESENTATIVIDADE",36.31,"",null,"","","","",null,"","27,28","75,1175007","9,03","24,8824993","0,00","0,0000000","0,00","0,0000000","0,00","0,0000000",0,"CAIXA REFERENCIAL"]
["ASSENTAMENTO DE TUBOS E PECAS","ASTU","FORNEC E/OU ASSENT DE TUBO DE PVC COM JUNTA ELASTI",48,"","",90727,"JUNTA ARGAMASSADA ENTRE TUBO DN 250 MM E O POÇO DE VISITA/ CAIXA DE CONCRETO OU ALVENARIA EM REDES DE ESGOTO. AF_01/2021","UN","COEFICIENTE DE REPRESENTATIVIDADE",36.31,"COMPOSICAO",88246,"ASSENTADOR DE TUBOS COM ENCARGOS COMPLEMENTARES","H","COEFICIENTE DE REPRESENTATIVIDADE","0,8479000",23.3,"19,75","","","","","","","","","","",null,"CAIXA REFERENCIAL"]
["ASSENTAMENTO DE TUBOS E PECAS","ASTU","FORNEC E/OU ASSENT DE TUBO DE PVC COM JUNTA ELASTI",48,"","",90727,"JUNTA ARGAMASSADA ENTRE TUBO DN 250 MM E O POÇO DE VISITA/ CAIXA DE CONCRETO OU ALVENARIA EM REDES DE ESGOTO. AF_01/2021","UN","COEFICIENTE DE REPRESENTATIVIDADE",36.31,"COMPOSICAO",88316,"SERVENTE COM ENCARGOS COMPLEMENTARES","H","COLETADO","0,8479000",16.920000000000002,"14,34","","","","","","","","","","",null,"CAIXA REFERENCIAL"]
["ASSENTAMENTO DE TUBOS E PECAS","ASTU","FORNEC E/OU ASSENT DE TUBO DE PVC COM JUNTA ELASTI",48,"","",90727,"JUNTA ARGAMASSADA ENTRE TUBO DN 250 MM E O POÇO DE VISITA/ CAIXA DE CONCRETO OU ALVENARIA EM REDES DE ESGOTO. AF_01/2021","UN","COEFICIENTE DE REPRESENTATIVIDADE",36.31,"COMPOSICAO",88629,"ARGAMASSA TRAÇO 1:3 (EM VOLUME DE CIMENTO E AREIA MÉDIA ÚMIDA), PREPARO MANUAL. AF_08/2019","M3","COEFICIENTE DE REPRESENTATIVIDADE","0,0040000",556.9,"2,22","","","","","","","","","","",null,"CAIXA REFERENCIAL"]
["ASSENTAMENTO DE TUBOS E PECAS","ASTU","FORNEC E/OU ASSENT DE TUBO DE PVC COM JUNTA ELASTI",48,"","",90728,"JUNTA ARGAMASSADA ENTRE TUBO DN 300 MM E O POÇO DE VISITA/ CAIXA DE CONCRETO OU ALVENARIA EM REDES DE ESGOTO. AF_01/2021","UN","COEFICIENTE DE REPRESENTATIVIDADE",41.26,"",null,"","","","",null,"","30,94","74,9817652","10,32","25,0182348","0,00","0,0000000","0,00","0,0000000","0,00","0,0000000",0,"CAIXA REFERENCIAL"]
["ASSENTAMENTO DE TUBOS E PECAS","ASTU","FORNEC E/OU ASSENT DE TUBO DE PVC COM JUNTA ELASTI",48,"","",90728,"JUNTA ARGAMASSADA ENTRE TUBO DN 300 MM E O POÇO DE VISITA/ CAIXA DE CONCRETO OU ALVENARIA EM REDES DE ESGOTO. AF_01/2021","UN","COEFICIENTE DE REPRESENTATIVIDADE",41.26,"COMPOSICAO",88246,"ASSENTADOR DE TUBOS COM ENCARGOS COMPLEMENTARES","H","COEFICIENTE DE REPRESENTATIVIDADE","0,9610000",23.3,"22,39","","","","","","","","","","",null,"CAIXA REFERENCIAL"]
["ASSENTAMENTO DE TUBOS E PECAS","ASTU","FORNEC E/OU ASSENT DE TUBO DE PVC COM JUNTA ELASTI",48,"","",90728,"JUNTA ARGAMASSADA ENTRE TUBO DN 300 MM E O POÇO DE VISITA/ CAIXA DE CONCRETO OU ALVENARIA EM REDES DE ESGOTO. AF_01/2021","UN","COEFICIENTE DE REPRESENTATIVIDADE",41.26,"COMPOSICAO",88316,"SERVENTE COM ENCARGOS COMPLEMENTARES","H","COLETADO","0,9610000",16.920000000000002,"16,26","","","","","","","","","","",null,"CAIXA REFERENCIAL"]
["ASSENTAMENTO DE TUBOS E PECAS","ASTU","FORNEC E/OU ASSENT DE TUBO DE PVC COM JUNTA ELASTI",48,"","",90728,"JUNTA ARGAMASSADA ENTRE TUBO DN 300 MM E O POÇO DE VISITA/ CAIXA DE CONCRETO OU ALVENARIA EM REDES DE ESGOTO. AF_01/2021","UN","COEFICIENTE DE REPRESENTATIVIDADE",41.26,"COMPOSICAO",88629,"ARGAMASSA TRAÇO 1:3 (EM VOLUME DE CIMENTO E AREIA MÉDIA ÚMIDA), PREPARO MANUAL. AF_08/2019","M3","COEFICIENTE DE REPRESENTATIVIDADE","0,0047000",556.9,"2,61","","","","","","","","","","",null,"CAIXA REFERENCIAL"]
["ASSENTAMENTO DE TUBOS E PECAS","ASTU","FORNEC E/OU ASSENT DE TUBO DE PVC COM JUNTA ELASTI",48,"","",90729,"JUNTA ARGAMASSADA ENTRE TUBO DN 350 MM E O POÇO DE VISITA/ CAIXA DE CONCRETO OU ALVENARIA EM REDES DE ESGOTO. AF_01/2021","UN","COEFICIENTE DE REPRESENTATIVIDADE",46.19,"",null,"","","","",null,"","34,56","74,8046875","11,63","25,1953125","0,00","0,0000000","0,00","0,0000000","0,00","0,0000000",0,"CAIXA REFERENCIAL"]
["ASSENTAMENTO DE TUBOS E PECAS","ASTU","FORNEC E/OU ASSENT DE TUBO DE PVC COM JUNTA ELASTI",48,"","",90729,"JUNTA ARGAMASSADA ENTRE TUBO DN 350 MM E O POÇO DE VISITA/ CAIXA DE CONCRETO OU ALVENARIA EM REDES DE ESGOTO. AF_01/2021","UN","COEFICIENTE DE REPRESENTATIVIDADE",46.19,"COMPOSICAO",88246,"ASSENTADOR DE TUBOS COM ENCARGOS COMPLEMENTARES","H","COEFICIENTE DE REPRESENTATIVIDADE","1,0741000",23.3,"25,02","","","","","","","","","","",null,"CAIXA REFERENCIAL"]
["ASSENTAMENTO DE TUBOS E PECAS","ASTU","FORNEC E/OU ASSENT DE TUBO DE PVC COM JUNTA ELASTI",48,"","",90729,"JUNTA ARGAMASSADA ENTRE TUBO DN 350 MM E O POÇO DE VISITA/ CAIXA DE CONCRETO OU ALVENARIA EM REDES DE ESGOTO. AF_01/2021","UN","COEFICIENTE DE REPRESENTATIVIDADE",46.19,"COMPOSICAO",88316,"SERVENTE COM ENCARGOS COMPLEMENTARES","H","COLETADO","1,0741000",16.920000000000002,"18,17","","","","","","","","","","",null,"CAIXA REFERENCIAL"]
["ASSENTAMENTO DE TUBOS E PECAS","ASTU","FORNEC E/OU ASSENT DE TUBO DE PVC COM JUNTA ELASTI",48,"","",90729,"JUNTA ARGAMASSADA ENTRE TUBO DN 350 MM E O POÇO DE VISITA/ CAIXA DE CONCRETO OU ALVENARIA EM REDES DE ESGOTO. AF_01/2021","UN","COEFICIENTE DE REPRESENTATIVIDADE",46.19,"COMPOSICAO",88629,"ARGAMASSA TRAÇO 1:3 (EM VOLUME DE CIMENTO E AREIA MÉDIA ÚMIDA), PREPARO MANUAL. AF_08/2019","M3","COEFICIENTE DE REPRESENTATIVIDADE","0,0054000",556.9,"3,00","","","","","","","","","","",null,"CAIXA REFERENCIAL"]
["ASSENTAMENTO DE TUBOS E PECAS","ASTU","FORNEC E/OU ASSENT DE TUBO DE PVC COM JUNTA ELASTI",48,"","",90730,"JUNTA ARGAMASSADA ENTRE TUBO DN 400 MM E O POÇO DE VISITA/ CAIXA DE CONCRETO OU ALVENARIA EM REDES DE ESGOTO. AF_01/2021","UN","COEFICIENTE DE REPRESENTATIVIDADE",51.13,"",null,"","","","",null,"","38,18","74,6572660","12,95","25,3427340","0,00","0,0000000","0,00","0,0000000","0,00","0,0000000",0,"CAIXA REFERENCIAL"]
["ASSENTAMENTO DE TUBOS E PECAS","ASTU","FORNEC E/OU ASSENT DE TUBO DE PVC COM JUNTA ELASTI",48,"","",90730,"JUNTA ARGAMASSADA ENTRE TUBO DN 400 MM E O POÇO DE VISITA/ CAIXA DE CONCRETO OU ALVENARIA EM REDES DE ESGOTO. AF_01/2021","UN","COEFICIENTE DE REPRESENTATIVIDADE",51.13,"COMPOSICAO",88246,"ASSENTADOR DE TUBOS COM ENCARGOS COMPLEMENTARES","H","COEFICIENTE DE REPRESENTATIVIDADE","1,1872000",23.3,"27,66","","","","","","","","","","",null,"CAIXA REFERENCIAL"]
["ASSENTAMENTO DE TUBOS E PECAS","ASTU","FORNEC E/OU ASSENT DE TUBO DE PVC COM JUNTA ELASTI",48,"","",90730,"JUNTA ARGAMASSADA ENTRE TUBO DN 400 MM E O POÇO DE VISITA/ CAIXA DE CONCRETO OU ALVENARIA EM REDES DE ESGOTO. AF_01/2021","UN","COEFICIENTE DE REPRESENTATIVIDADE",51.13,"COMPOSICAO",88316,"SERVENTE COM ENCARGOS COMPLEMENTARES","H","COLETADO","1,1872000",16.920000000000002,"20,08","","","","","","","","","","",null,"CAIXA REFERENCIAL"]
["ASSENTAMENTO DE TUBOS E PECAS","ASTU","FORNEC E/OU ASSENT DE TUBO DE PVC COM JUNTA ELASTI",48,"","",90730,"JUNTA ARGAMASSADA ENTRE TUBO DN 400 MM E O POÇO DE VISITA/ CAIXA DE CONCRETO OU ALVENARIA EM REDES DE ESGOTO. AF_01/2021","UN","COEFICIENTE DE REPRESENTATIVIDADE",51.13,"COMPOSICAO",88629,"ARGAMASSA TRAÇO 1:3 (EM VOLUME DE CIMENTO E AREIA MÉDIA ÚMIDA), PREPARO MANUAL. AF_08/2019","M3","COEFICIENTE DE REPRESENTATIVIDADE","0,0061000",556.9,"3,39","","","","","","","","","","",null,"CAIXA REFERENCIAL"]
["ASSENTAMENTO DE TUBOS E PECAS","ASTU","FORNEC E/OU ASSENT DE TUBO DE PVC COM JUNTA ELASTI",48,"","",90731,"JUNTA ARGAMASSADA ENTRE TUBO DN 450 MM E O POÇO DE VISITA/ CAIXA DE CONCRETO OU ALVENARIA EM REDES DE ESGOTO. AF_01/2021","UN","COEFICIENTE DE REPRESENTATIVIDADE",56.07,"",null,"","","","",null,"","41,86","74,6559429","14,21","25,3440571","0,00","0,0000000","0,00","0,0000000","0,00","0,0000000",0,"CAIXA REFERENCIAL"]
["ASSENTAMENTO DE TUBOS E PECAS","ASTU","FORNEC E/OU ASSENT DE TUBO DE PVC COM JUNTA ELASTI",48,"","",90731,"JUNTA ARGAMASSADA ENTRE TUBO DN 450 MM E O POÇO DE VISITA/ CAIXA DE CONCRETO OU ALVENARIA EM REDES DE ESGOTO. AF_01/2021","UN","COEFICIENTE DE REPRESENTATIVIDADE",56.07,"COMPOSICAO",88246,"ASSENTADOR DE TUBOS COM ENCARGOS COMPLEMENTARES","H","COEFICIENTE DE REPRESENTATIVIDADE","1,3003000",23.3,"30,29","","","","","","","","","","",null,"CAIXA REFERENCIAL"]
["ASSENTAMENTO DE TUBOS E PECAS","ASTU","FORNEC E/OU ASSENT DE TUBO DE PVC COM JUNTA ELASTI",48,"","",90731,"JUNTA ARGAMASSADA ENTRE TUBO DN 450 MM E O POÇO DE VISITA/ CAIXA DE CONCRETO OU ALVENARIA EM REDES DE ESGOTO. AF_01/2021","UN","COEFICIENTE DE REPRESENTATIVIDADE",56.07,"COMPOSICAO",88316,"SERVENTE COM ENCARGOS COMPLEMENTARES","H","COLETADO","1,3003000",16.920000000000002,"22,00","","","","","","","","","","",null,"CAIXA REFERENCIAL"]
["ASSENTAMENTO DE TUBOS E PECAS","ASTU","FORNEC E/OU ASSENT DE TUBO DE PVC COM JUNTA ELASTI",48,"","",90731,"JUNTA ARGAMASSADA ENTRE TUBO DN 450 MM E O POÇO DE VISITA/ CAIXA DE CONCRETO OU ALVENARIA EM REDES DE ESGOTO. AF_01/2021","UN","COEFICIENTE DE REPRESENTATIVIDADE",56.07,"COMPOSICAO",88629,"ARGAMASSA TRAÇO 1:3 (EM VOLUME DE CIMENTO E AREIA MÉDIA ÚMIDA), PREPARO MANUAL. AF_08/2019","M3","COEFICIENTE DE REPRESENTATIVIDADE","0,0068000",556.9,"3,78","","","","","","","","","","",null,"CAIXA REFERENCIAL"]
["ASSENTAMENTO DE TUBOS E PECAS","ASTU","FORNEC E/OU ASSENT DE TUBO DE PVC COM JUNTA ELASTI",48,"","",90732,"JUNTA ARGAMASSADA ENTRE TUBO DN 600 MM E O POÇO DE VISITA/ CAIXA DE CONCRETO OU ALVENARIA EM REDES DE ESGOTO. AF_01/2021","UN","COEFICIENTE DE REPRESENTATIVIDADE",70.89,"",null,"","","","",null,"","52,81","74,4876326","18,08","25,5123674","0,00","0,0000000","0,00","0,0000000","0,00","0,0000000",0,"CAIXA REFERENCIAL"]
["ASSENTAMENTO DE TUBOS E PECAS","ASTU","FORNEC E/OU ASSENT DE TUBO DE PVC COM JUNTA ELASTI",48,"","",90732,"JUNTA ARGAMASSADA ENTRE TUBO DN 600 MM E O POÇO DE VISITA/ CAIXA DE CONCRETO OU ALVENARIA EM REDES DE ESGOTO. AF_01/2021","UN","COEFICIENTE DE REPRESENTATIVIDADE",70.89,"COMPOSICAO",88246,"ASSENTADOR DE TUBOS COM ENCARGOS COMPLEMENTARES","H","COEFICIENTE DE REPRESENTATIVIDADE","1,6396000",23.3,"38,20","","","","","","","","","","",null,"CAIXA REFERENCIAL"]
["ASSENTAMENTO DE TUBOS E PECAS","ASTU","FORNEC E/OU ASSENT DE TUBO DE PVC COM JUNTA ELASTI",48,"","",90732,"JUNTA ARGAMASSADA ENTRE TUBO DN 600 MM E O POÇO DE VISITA/ CAIXA DE CONCRETO OU ALVENARIA EM REDES DE ESGOTO. AF_01/2021","UN","COEFICIENTE DE REPRESENTATIVIDADE",70.89,"COMPOSICAO",88316,"SERVENTE COM ENCARGOS COMPLEMENTARES","H","COLETADO","1,6396000",16.920000000000002,"27,74","","","","","","","","","","",null,"CAIXA REFERENCIAL"]
["ASSENTAMENTO DE TUBOS E PECAS","ASTU","FORNEC E/OU ASSENT DE TUBO DE PVC COM JUNTA ELASTI",48,"","",90732,"JUNTA ARGAMASSADA ENTRE TUBO DN 600 MM E O POÇO DE VISITA/ CAIXA DE CONCRETO OU ALVENARIA EM REDES DE ESGOTO. AF_01/2021","UN","COEFICIENTE DE REPRESENTATIVIDADE",70.89,"COMPOSICAO",88629,"ARGAMASSA TRAÇO 1:3 (EM VOLUME DE CIMENTO E AREIA MÉDIA ÚMIDA), PREPARO MANUAL. AF_08/2019","M3","COEFICIENTE DE REPRESENTATIVIDADE","0,0089000",556.9,"4,95","","","","","","","","","","",null,"CAIXA REFERENCIAL"]
["ASSENTAMENTO DE TUBOS E PECAS","ASTU","FORNEC E/OU ASSENT DE TUBO DE PVC COM JUNTA ELASTI",48,"","",90733,"ASSENTAMENTO DE TUBO DE PVC PARA REDE COLETORA DE ESGOTO DE PAREDE MACIÇA, DN 100 MM, JUNTA ELÁSTICA (NÃO INCLUI FORNECIMENTO). AF_01/2021","M","COEFICIENTE DE REPRESENTATIVIDADE",3.02,"",null,"","","","",null,"","2,40","79,3918919","0,62","20,6081081","0,00","0,0000000","0,00","0,0000000","0,00","0,0000000",0,"CAIXA REFERENCIAL"]
["ASSENTAMENTO DE TUBOS E PECAS","ASTU","FORNEC E/OU ASSENT DE TUBO DE PVC COM JUNTA ELASTI",48,"","",90733,"ASSENTAMENTO DE TUBO DE PVC PARA REDE COLETORA DE ESGOTO DE PAREDE MACIÇA, DN 100 MM, JUNTA ELÁSTICA (NÃO INCLUI FORNECIMENTO). AF_01/2021","M","COEFICIENTE DE REPRESENTATIVIDADE",3.02,"COMPOSICAO",88246,"ASSENTADOR DE TUBOS COM ENCARGOS COMPLEMENTARES","H","COEFICIENTE DE REPRESENTATIVIDADE","0,0753000",23.3,"1,75","","","","","","","","","","",null,"CAIXA REFERENCIAL"]
["ASSENTAMENTO DE TUBOS E PECAS","ASTU","FORNEC E/OU ASSENT DE TUBO DE PVC COM JUNTA ELASTI",48,"","",90733,"ASSENTAMENTO DE TUBO DE PVC PARA REDE COLETORA DE ESGOTO DE PAREDE MACIÇA, DN 100 MM, JUNTA ELÁSTICA (NÃO INCLUI FORNECIMENTO). AF_01/2021","M","COEFICIENTE DE REPRESENTATIVIDADE",3.02,"COMPOSICAO",88316,"SERVENTE COM ENCARGOS COMPLEMENTARES","H","COLETADO","0,0753000",16.920000000000002,"1,27","","","","","","","","","","",null,"CAIXA REFERENCIAL"]
["ASSENTAMENTO DE TUBOS E PECAS","ASTU","FORNEC E/OU ASSENT DE TUBO DE PVC COM JUNTA ELASTI",48,"","",90734,"ASSENTAMENTO DE TUBO DE PVC PARA REDE COLETORA DE ESGOTO DE PAREDE MACIÇA, DN 150 MM, JUNTA ELÁSTICA,  (NÃO INCLUI FORNECIMENTO). AF_01/2021","M","COEFICIENTE DE REPRESENTATIVIDADE",3.57,"",null,"","","","",null,"","2,84","79,5454546","0,73","20,4545454","0,00","0,0000000","0,00","0,0000000","0,00","0,0000000",0,"CAIXA REFERENCIAL"]
["ASSENTAMENTO DE TUBOS E PECAS","ASTU","FORNEC E/OU ASSENT DE TUBO DE PVC COM JUNTA ELASTI",48,"","",90734,"ASSENTAMENTO DE TUBO DE PVC PARA REDE COLETORA DE ESGOTO DE PAREDE MACIÇA, DN 150 MM, JUNTA ELÁSTICA,  (NÃO INCLUI FORNECIMENTO). AF_01/2021","M","COEFICIENTE DE REPRESENTATIVIDADE",3.57,"COMPOSICAO",88246,"ASSENTADOR DE TUBOS COM ENCARGOS COMPLEMENTARES","H","COEFICIENTE DE REPRESENTATIVIDADE","0,0892000",23.3,"2,07","","","","","","","","","","",null,"CAIXA REFERENCIAL"]
["ASSENTAMENTO DE TUBOS E PECAS","ASTU","FORNEC E/OU ASSENT DE TUBO DE PVC COM JUNTA ELASTI",48,"","",90734,"ASSENTAMENTO DE TUBO DE PVC PARA REDE COLETORA DE ESGOTO DE PAREDE MACIÇA, DN 150 MM, JUNTA ELÁSTICA,  (NÃO INCLUI FORNECIMENTO). AF_01/2021","M","COEFICIENTE DE REPRESENTATIVIDADE",3.57,"COMPOSICAO",88316,"SERVENTE COM ENCARGOS COMPLEMENTARES","H","COLETADO","0,0892000",16.920000000000002,"1,50","","","","","","","","","","",null,"CAIXA REFERENCIAL"]
["ASSENTAMENTO DE TUBOS E PECAS","ASTU","FORNEC E/OU ASSENT DE TUBO DE PVC COM JUNTA ELASTI",48,"","",90735,"ASSENTAMENTO DE TUBO DE PVC PARA REDE COLETORA DE ESGOTO DE PAREDE MACIÇA, DN 200 MM, JUNTA ELÁSTICA (NÃO INCLUI FORNECIMENTO). AF_01/2021","M","COEFICIENTE DE REPRESENTATIVIDADE",4.13,"",null,"","","","",null,"","3,29","79,6068797","0,84","20,3931203","0,00","0,0000000","0,00","0,0000000","0,00","0,0000000",0,"CAIXA REFERENCIAL"]
["ASSENTAMENTO DE TUBOS E PECAS","ASTU","FORNEC E/OU ASSENT DE TUBO DE PVC COM JUNTA ELASTI",48,"","",90735,"ASSENTAMENTO DE TUBO DE PVC PARA REDE COLETORA DE ESGOTO DE PAREDE MACIÇA, DN 200 MM, JUNTA ELÁSTICA (NÃO INCLUI FORNECIMENTO). AF_01/2021","M","COEFICIENTE DE REPRESENTATIVIDADE",4.13,"COMPOSICAO",88246,"ASSENTADOR DE TUBOS COM ENCARGOS COMPLEMENTARES","H","COEFICIENTE DE REPRESENTATIVIDADE","0,1030000",23.3,"2,39","","","","","","","","","","",null,"CAIXA REFERENCIAL"]
["ASSENTAMENTO DE TUBOS E PECAS","ASTU","FORNEC E/OU ASSENT DE TUBO DE PVC COM JUNTA ELASTI",48,"","",90735,"ASSENTAMENTO DE TUBO DE PVC PARA REDE COLETORA DE ESGOTO DE PAREDE MACIÇA, DN 200 MM, JUNTA ELÁSTICA (NÃO INCLUI FORNECIMENTO). AF_01/2021","M","COEFICIENTE DE REPRESENTATIVIDADE",4.13,"COMPOSICAO",88316,"SERVENTE COM ENCARGOS COMPLEMENTARES","H","COLETADO","0,1030000",16.920000000000002,"1,74","","","","","","","","","","",null,"CAIXA REFERENCIAL"]
["ASSENTAMENTO DE TUBOS E PECAS","ASTU","FORNEC E/OU ASSENT DE TUBO DE PVC COM JUNTA ELASTI",48,"","",90736,"ASSENTAMENTO DE TUBO DE PVC PARA REDE COLETORA DE ESGOTO DE PAREDE MACIÇA, DN 250 MM, JUNTA ELÁSTICA (NÃO INCLUI FORNECIMENTO). AF_01/2021","M","COEFICIENTE DE REPRESENTATIVIDADE",4.6900000000000004,"",null,"","","","",null,"","3,73","79,4372295","0,96","20,5627705","0,00","0,0000000","0,00","0,0000000","0,00","0,0000000",0,"CAIXA REFERENCIAL"]
["ASSENTAMENTO DE TUBOS E PECAS","ASTU","FORNEC E/OU ASSENT DE TUBO DE PVC COM JUNTA ELASTI",48,"","",90736,"ASSENTAMENTO DE TUBO DE PVC PARA REDE COLETORA DE ESGOTO DE PAREDE MACIÇA, DN 250 MM, JUNTA ELÁSTICA (NÃO INCLUI FORNECIMENTO). AF_01/2021","M","COEFICIENTE DE REPRESENTATIVIDADE",4.6900000000000004,"COMPOSICAO",88246,"ASSENTADOR DE TUBOS COM ENCARGOS COMPLEMENTARES","H","COEFICIENTE DE REPRESENTATIVIDADE","0,1169000",23.3,"2,72","","","","","","","","","","",null,"CAIXA REFERENCIAL"]
["ASSENTAMENTO DE TUBOS E PECAS","ASTU","FORNEC E/OU ASSENT DE TUBO DE PVC COM JUNTA ELASTI",48,"","",90736,"ASSENTAMENTO DE TUBO DE PVC PARA REDE COLETORA DE ESGOTO DE PAREDE MACIÇA, DN 250 MM, JUNTA ELÁSTICA (NÃO INCLUI FORNECIMENTO). AF_01/2021","M","COEFICIENTE DE REPRESENTATIVIDADE",4.6900000000000004,"COMPOSICAO",88316,"SERVENTE COM ENCARGOS COMPLEMENTARES","H","COLETADO","0,1169000",16.920000000000002,"1,97","","","","","","","","","","",null,"CAIXA REFERENCIAL"]
["ASSENTAMENTO DE TUBOS E PECAS","ASTU","FORNEC E/OU ASSENT DE TUBO DE PVC COM JUNTA ELASTI",48,"","",90737,"ASSENTAMENTO DE TUBO DE PVC PARA REDE COLETORA DE ESGOTO DE PAREDE MACIÇA, DN 300 MM, JUNTA ELÁSTICA  (NÃO INCLUI FORNECIMENTO). AF_01/2021","M","COEFICIENTE DE REPRESENTATIVIDADE",5.25,"",null,"","","","",null,"","4,19","79,6905223","1,06","20,3094777","0,00","0,0000000","0,00","0,0000000","0,00","0,0000000",0,"CAIXA REFERENCIAL"]
["ASSENTAMENTO DE TUBOS E PECAS","ASTU","FORNEC E/OU ASSENT DE TUBO DE PVC COM JUNTA ELASTI",48,"","",90737,"ASSENTAMENTO DE TUBO DE PVC PARA REDE COLETORA DE ESGOTO DE PAREDE MACIÇA, DN 300 MM, JUNTA ELÁSTICA  (NÃO INCLUI FORNECIMENTO). AF_01/2021","M","COEFICIENTE DE REPRESENTATIVIDADE",5.25,"COMPOSICAO",88246,"ASSENTADOR DE TUBOS COM ENCARGOS COMPLEMENTARES","H","COEFICIENTE DE REPRESENTATIVIDADE","0,1308000",23.3,"3,04","","","","","","","","","","",null,"CAIXA REFERENCIAL"]
["ASSENTAMENTO DE TUBOS E PECAS","ASTU","FORNEC E/OU ASSENT DE TUBO DE PVC COM JUNTA ELASTI",48,"","",90737,"ASSENTAMENTO DE TUBO DE PVC PARA REDE COLETORA DE ESGOTO DE PAREDE MACIÇA, DN 300 MM, JUNTA ELÁSTICA  (NÃO INCLUI FORNECIMENTO). AF_01/2021","M","COEFICIENTE DE REPRESENTATIVIDADE",5.25,"COMPOSICAO",88316,"SERVENTE COM ENCARGOS COMPLEMENTARES","H","COLETADO","0,1308000",16.920000000000002,"2,21","","","","","","","","","","",null,"CAIXA REFERENCIAL"]
["ASSENTAMENTO DE TUBOS E PECAS","ASTU","FORNEC E/OU ASSENT DE TUBO DE PVC COM JUNTA ELASTI",48,"","",90738,"ASSENTAMENTO DE TUBO DE PVC PARA REDE COLETORA DE ESGOTO DE PAREDE MACIÇA, DN 350 MM, JUNTA ELÁSTICA (NÃO INCLUI FORNECIMENTO). AF_01/2021","M","COEFICIENTE DE REPRESENTATIVIDADE",5.81,"",null,"","","","",null,"","4,62","79,4066318","1,19","20,5933682","0,00","0,0000000","0,00","0,0000000","0,00","0,0000000",0,"CAIXA REFERENCIAL"]
["ASSENTAMENTO DE TUBOS E PECAS","ASTU","FORNEC E/OU ASSENT DE TUBO DE PVC COM JUNTA ELASTI",48,"","",90738,"ASSENTAMENTO DE TUBO DE PVC PARA REDE COLETORA DE ESGOTO DE PAREDE MACIÇA, DN 350 MM, JUNTA ELÁSTICA (NÃO INCLUI FORNECIMENTO). AF_01/2021","M","COEFICIENTE DE REPRESENTATIVIDADE",5.81,"COMPOSICAO",88246,"ASSENTADOR DE TUBOS COM ENCARGOS COMPLEMENTARES","H","COEFICIENTE DE REPRESENTATIVIDADE","0,1447000",23.3,"3,37","","","","","","","","","","",null,"CAIXA REFERENCIAL"]
["ASSENTAMENTO DE TUBOS E PECAS","ASTU","FORNEC E/OU ASSENT DE TUBO DE PVC COM JUNTA ELASTI",48,"","",90738,"ASSENTAMENTO DE TUBO DE PVC PARA REDE COLETORA DE ESGOTO DE PAREDE MACIÇA, DN 350 MM, JUNTA ELÁSTICA (NÃO INCLUI FORNECIMENTO). AF_01/2021","M","COEFICIENTE DE REPRESENTATIVIDADE",5.81,"COMPOSICAO",88316,"SERVENTE COM ENCARGOS COMPLEMENTARES","H","COLETADO","0,1447000",16.920000000000002,"2,44","","","","","","","","","","",null,"CAIXA REFERENCIAL"]
["ASSENTAMENTO DE TUBOS E PECAS","ASTU","FORNEC E/OU ASSENT DE TUBO DE PVC COM JUNTA ELASTI",48,"","",90739,"ASSENTAMENTO DE TUBO DE PVC PARA REDE COLETORA DE ESGOTO DE PAREDE MACIÇA, DN 400 MM, JUNTA ELÁSTICA (NÃO INCLUI FORNECIMENTO). AF_01/2021","M","COEFICIENTE DE REPRESENTATIVIDADE",7.97,"",null,"","","","",null,"","3,82","47,8260870","2,18","27,3657289","1,97","24,8081841","0,00","0,0000000","0,00","0,0000000",0,"CAIXA REFERENCIAL"]
["ASSENTAMENTO DE TUBOS E PECAS","ASTU","FORNEC E/OU ASSENT DE TUBO DE PVC COM JUNTA ELASTI",48,"","",90739,"ASSENTAMENTO DE TUBO DE PVC PARA REDE COLETORA DE ESGOTO DE PAREDE MACIÇA, DN 400 MM, JUNTA ELÁSTICA (NÃO INCLUI FORNECIMENTO). AF_01/2021","M","COEFICIENTE DE REPRESENTATIVIDADE",7.97,"COMPOSICAO",5678,"RETROESCAVADEIRA SOBRE RODAS COM CARREGADEIRA, TRAÇÃO 4X4, POTÊNCIA LÍQ. 88 HP, CAÇAMBA CARREG. CAP. MÍN. 1 M3, CAÇAMBA RETRO CAP. 0,26 M3, PESO OPERACIONAL MÍN. 6.674 KG, PROFUNDIDADE ESCAVAÇÃO MÁX. 4,37 M - CHP DIURNO. AF_06/2014","CHP","COEFICIENTE DE REPRESENTATIVIDADE","0,0283000",125.96,"3,56","","","","","","","","","","",null,"CAIXA REFERENCIAL"]
["ASSENTAMENTO DE TUBOS E PECAS","ASTU","FORNEC E/OU ASSENT DE TUBO DE PVC COM JUNTA ELASTI",48,"","",90739,"ASSENTAMENTO DE TUBO DE PVC PARA REDE COLETORA DE ESGOTO DE PAREDE MACIÇA, DN 400 MM, JUNTA ELÁSTICA (NÃO INCLUI FORNECIMENTO). AF_01/2021","M","COEFICIENTE DE REPRESENTATIVIDADE",7.97,"COMPOSICAO",5679,"RETROESCAVADEIRA SOBRE RODAS COM CARREGADEIRA, TRAÇÃO 4X4, POTÊNCIA LÍQ. 88 HP, CAÇAMBA CARREG. CAP. MÍN. 1 M3, CAÇAMBA RETRO CAP. 0,26 M3, PESO OPERACIONAL MÍN. 6.674 KG, PROFUNDIDADE ESCAVAÇÃO MÁX. 4,37 M - CHI DIURNO. AF_06/2014","CHI","COEFICIENTE DE REPRESENTATIVIDADE","0,0176000",51.77,"0,91","","","","","","","","","","",null,"CAIXA REFERENCIAL"]
["ASSENTAMENTO DE TUBOS E PECAS","ASTU","FORNEC E/OU ASSENT DE TUBO DE PVC COM JUNTA ELASTI",48,"","",90739,"ASSENTAMENTO DE TUBO DE PVC PARA REDE COLETORA DE ESGOTO DE PAREDE MACIÇA, DN 400 MM, JUNTA ELÁSTICA (NÃO INCLUI FORNECIMENTO). AF_01/2021","M","COEFICIENTE DE REPRESENTATIVIDADE",7.97,"COMPOSICAO",88246,"ASSENTADOR DE TUBOS COM ENCARGOS COMPLEMENTARES","H","COEFICIENTE DE REPRESENTATIVIDADE","0,0873000",23.3,"2,03","","","","","","","","","","",null,"CAIXA REFERENCIAL"]
["ASSENTAMENTO DE TUBOS E PECAS","ASTU","FORNEC E/OU ASSENT DE TUBO DE PVC COM JUNTA ELASTI",48,"","",90739,"ASSENTAMENTO DE TUBO DE PVC PARA REDE COLETORA DE ESGOTO DE PAREDE MACIÇA, DN 400 MM, JUNTA ELÁSTICA (NÃO INCLUI FORNECIMENTO). AF_01/2021","M","COEFICIENTE DE REPRESENTATIVIDADE",7.97,"COMPOSICAO",88316,"SERVENTE COM ENCARGOS COMPLEMENTARES","H","COLETADO","0,0873000",16.920000000000002,"1,47","","","","","","","","","","",null,"CAIXA REFERENCIAL"]
["ASSENTAMENTO DE TUBOS E PECAS","ASTU","FORNEC E/OU ASSENT DE TUBO DE PVC COM JUNTA ELASTI",48,"","",90740,"ASSENTAMENTO DE TUBO DE PVC CORRUGADO DE DUPLA PAREDE PARA REDE COLETORA DE ESGOTO, DN 150 MM, JUNTA ELÁSTICA (NÃO INCLUI FORNECIMENTO). AF_01/2021","M","COEFICIENTE DE REPRESENTATIVIDADE",3.99,"",null,"","","","",null,"","3,17","79,3367347","0,82","20,6632653","0,00","0,0000000","0,00","0,0000000","0,00","0,0000000",0,"CAIXA REFERENCIAL"]
["ASSENTAMENTO DE TUBOS E PECAS","ASTU","FORNEC E/OU ASSENT DE TUBO DE PVC COM JUNTA ELASTI",48,"","",90740,"ASSENTAMENTO DE TUBO DE PVC CORRUGADO DE DUPLA PAREDE PARA REDE COLETORA DE ESGOTO, DN 150 MM, JUNTA ELÁSTICA (NÃO INCLUI FORNECIMENTO). AF_01/2021","M","COEFICIENTE DE REPRESENTATIVIDADE",3.99,"COMPOSICAO",88246,"ASSENTADOR DE TUBOS COM ENCARGOS COMPLEMENTARES","H","COEFICIENTE DE REPRESENTATIVIDADE","0,0993000",23.3,"2,31","","","","","","","","","","",null,"CAIXA REFERENCIAL"]
["ASSENTAMENTO DE TUBOS E PECAS","ASTU","FORNEC E/OU ASSENT DE TUBO DE PVC COM JUNTA ELASTI",48,"","",90740,"ASSENTAMENTO DE TUBO DE PVC CORRUGADO DE DUPLA PAREDE PARA REDE COLETORA DE ESGOTO, DN 150 MM, JUNTA ELÁSTICA (NÃO INCLUI FORNECIMENTO). AF_01/2021","M","COEFICIENTE DE REPRESENTATIVIDADE",3.99,"COMPOSICAO",88316,"SERVENTE COM ENCARGOS COMPLEMENTARES","H","COLETADO","0,0993000",16.920000000000002,"1,68","","","","","","","","","","",null,"CAIXA REFERENCIAL"]
["ASSENTAMENTO DE TUBOS E PECAS","ASTU","FORNEC E/OU ASSENT DE TUBO DE PVC COM JUNTA ELASTI",48,"","",90741,"ASSENTAMENTO DE TUBO DE PVC CORRUGADO DE DUPLA PAREDE PARA REDE COLETORA DE ESGOTO, DN 200 MM, JUNTA ELÁSTICA (NÃO INCLUI FORNECIMENTO). AF_01/2021","M","COEFICIENTE DE REPRESENTATIVIDADE",4.54,"",null,"","","","",null,"","3,60","79,2873052","0,94","20,7126948","0,00","0,0000000","0,00","0,0000000","0,00","0,0000000",0,"CAIXA REFERENCIAL"]
["ASSENTAMENTO DE TUBOS E PECAS","ASTU","FORNEC E/OU ASSENT DE TUBO DE PVC COM JUNTA ELASTI",48,"","",90741,"ASSENTAMENTO DE TUBO DE PVC CORRUGADO DE DUPLA PAREDE PARA REDE COLETORA DE ESGOTO, DN 200 MM, JUNTA ELÁSTICA (NÃO INCLUI FORNECIMENTO). AF_01/2021","M","COEFICIENTE DE REPRESENTATIVIDADE",4.54,"COMPOSICAO",88246,"ASSENTADOR DE TUBOS COM ENCARGOS COMPLEMENTARES","H","COEFICIENTE DE REPRESENTATIVIDADE","0,1132000",23.3,"2,63","","","","","","","","","","",null,"CAIXA REFERENCIAL"]
["ASSENTAMENTO DE TUBOS E PECAS","ASTU","FORNEC E/OU ASSENT DE TUBO DE PVC COM JUNTA ELASTI",48,"","",90741,"ASSENTAMENTO DE TUBO DE PVC CORRUGADO DE DUPLA PAREDE PARA REDE COLETORA DE ESGOTO, DN 200 MM, JUNTA ELÁSTICA (NÃO INCLUI FORNECIMENTO). AF_01/2021","M","COEFICIENTE DE REPRESENTATIVIDADE",4.54,"COMPOSICAO",88316,"SERVENTE COM ENCARGOS COMPLEMENTARES","H","COLETADO","0,1132000",16.920000000000002,"1,91","","","","","","","","","","",null,"CAIXA REFERENCIAL"]
["ASSENTAMENTO DE TUBOS E PECAS","ASTU","FORNEC E/OU ASSENT DE TUBO DE PVC COM JUNTA ELASTI",48,"","",90742,"ASSENTAMENTO DE TUBO DE PVC CORRUGADO DE DUPLA PAREDE PARA REDE COLETORA DE ESGOTO, DN 250 MM, JUNTA ELÁSTICA (NÃO INCLUI FORNECIMENTO). AF_01/2021","M","COEFICIENTE DE REPRESENTATIVIDADE",5.1100000000000003,"",null,"","","","",null,"","4,06","79,3240557","1,05","20,6759443","0,00","0,0000000","0,00","0,0000000","0,00","0,0000000",0,"CAIXA REFERENCIAL"]
["ASSENTAMENTO DE TUBOS E PECAS","ASTU","FORNEC E/OU ASSENT DE TUBO DE PVC COM JUNTA ELASTI",48,"","",90742,"ASSENTAMENTO DE TUBO DE PVC CORRUGADO DE DUPLA PAREDE PARA REDE COLETORA DE ESGOTO, DN 250 MM, JUNTA ELÁSTICA (NÃO INCLUI FORNECIMENTO). AF_01/2021","M","COEFICIENTE DE REPRESENTATIVIDADE",5.1100000000000003,"COMPOSICAO",88246,"ASSENTADOR DE TUBOS COM ENCARGOS COMPLEMENTARES","H","COEFICIENTE DE REPRESENTATIVIDADE","0,1271000",23.3,"2,96","","","","","","","","","","",null,"CAIXA REFERENCIAL"]
["ASSENTAMENTO DE TUBOS E PECAS","ASTU","FORNEC E/OU ASSENT DE TUBO DE PVC COM JUNTA ELASTI",48,"","",90742,"ASSENTAMENTO DE TUBO DE PVC CORRUGADO DE DUPLA PAREDE PARA REDE COLETORA DE ESGOTO, DN 250 MM, JUNTA ELÁSTICA (NÃO INCLUI FORNECIMENTO). AF_01/2021","M","COEFICIENTE DE REPRESENTATIVIDADE",5.1100000000000003,"COMPOSICAO",88316,"SERVENTE COM ENCARGOS COMPLEMENTARES","H","COLETADO","0,1271000",16.920000000000002,"2,15","","","","","","","","","","",null,"CAIXA REFERENCIAL"]
["ASSENTAMENTO DE TUBOS E PECAS","ASTU","FORNEC E/OU ASSENT DE TUBO DE PVC COM JUNTA ELASTI",48,"","",90743,"ASSENTAMENTO DE TUBO DE PVC CORRUGADO DE DUPLA PAREDE PARA REDE COLETORA DE ESGOTO, DN 300 MM, JUNTA ELÁSTICA (NÃO INCLUI FORNECIMENTO). AF_01/2021","M","COEFICIENTE DE REPRESENTATIVIDADE",5.66,"",null,"","","","",null,"","4,50","79,4275492","1,16","20,5724508","0,00","0,0000000","0,00","0,0000000","0,00","0,0000000",0,"CAIXA REFERENCIAL"]
["ASSENTAMENTO DE TUBOS E PECAS","ASTU","FORNEC E/OU ASSENT DE TUBO DE PVC COM JUNTA ELASTI",48,"","",90743,"ASSENTAMENTO DE TUBO DE PVC CORRUGADO DE DUPLA PAREDE PARA REDE COLETORA DE ESGOTO, DN 300 MM, JUNTA ELÁSTICA (NÃO INCLUI FORNECIMENTO). AF_01/2021","M","COEFICIENTE DE REPRESENTATIVIDADE",5.66,"COMPOSICAO",88246,"ASSENTADOR DE TUBOS COM ENCARGOS COMPLEMENTARES","H","COEFICIENTE DE REPRESENTATIVIDADE","0,1410000",23.3,"3,28","","","","","","","","","","",null,"CAIXA REFERENCIAL"]
["ASSENTAMENTO DE TUBOS E PECAS","ASTU","FORNEC E/OU ASSENT DE TUBO DE PVC COM JUNTA ELASTI",48,"","",90743,"ASSENTAMENTO DE TUBO DE PVC CORRUGADO DE DUPLA PAREDE PARA REDE COLETORA DE ESGOTO, DN 300 MM, JUNTA ELÁSTICA (NÃO INCLUI FORNECIMENTO). AF_01/2021","M","COEFICIENTE DE REPRESENTATIVIDADE",5.66,"COMPOSICAO",88316,"SERVENTE COM ENCARGOS COMPLEMENTARES","H","COLETADO","0,1410000",16.920000000000002,"2,38","","","","","","","","","","",null,"CAIXA REFERENCIAL"]
["ASSENTAMENTO DE TUBOS E PECAS","ASTU","FORNEC E/OU ASSENT DE TUBO DE PVC COM JUNTA ELASTI",48,"","",90744,"ASSENTAMENTO DE TUBO DE PVC CORRUGADO DE DUPLA PAREDE PARA REDE COLETORA DE ESGOTO, DN 350 MM, JUNTA ELÁSTICA (NÃO INCLUI FORNECIMENTO). AF_01/2021","M","COEFICIENTE DE REPRESENTATIVIDADE",6.22,"",null,"","","","",null,"","4,95","79,4453508","1,27","20,5546492","0,00","0,0000000","0,00","0,0000000","0,00","0,0000000",0,"CAIXA REFERENCIAL"]
["ASSENTAMENTO DE TUBOS E PECAS","ASTU","FORNEC E/OU ASSENT DE TUBO DE PVC COM JUNTA ELASTI",48,"","",90744,"ASSENTAMENTO DE TUBO DE PVC CORRUGADO DE DUPLA PAREDE PARA REDE COLETORA DE ESGOTO, DN 350 MM, JUNTA ELÁSTICA (NÃO INCLUI FORNECIMENTO). AF_01/2021","M","COEFICIENTE DE REPRESENTATIVIDADE",6.22,"COMPOSICAO",88246,"ASSENTADOR DE TUBOS COM ENCARGOS COMPLEMENTARES","H","COEFICIENTE DE REPRESENTATIVIDADE","0,1549000",23.3,"3,60","","","","","","","","","","",null,"CAIXA REFERENCIAL"]
["ASSENTAMENTO DE TUBOS E PECAS","ASTU","FORNEC E/OU ASSENT DE TUBO DE PVC COM JUNTA ELASTI",48,"","",90744,"ASSENTAMENTO DE TUBO DE PVC CORRUGADO DE DUPLA PAREDE PARA REDE COLETORA DE ESGOTO, DN 350 MM, JUNTA ELÁSTICA (NÃO INCLUI FORNECIMENTO). AF_01/2021","M","COEFICIENTE DE REPRESENTATIVIDADE",6.22,"COMPOSICAO",88316,"SERVENTE COM ENCARGOS COMPLEMENTARES","H","COLETADO","0,1549000",16.920000000000002,"2,62","","","","","","","","","","",null,"CAIXA REFERENCIAL"]
["ASSENTAMENTO DE TUBOS E PECAS","ASTU","FORNEC E/OU ASSENT DE TUBO DE PVC COM JUNTA ELASTI",48,"","",90745,"ASSENTAMENTO DE TUBO DE PVC CORRUGADO DE DUPLA PAREDE PARA REDE COLETORA DE ESGOTO, DN 400 MM, JUNTA ELÁSTICA  (NÃO INCLUI FORNECIMENTO). AF_01/2021","M","COEFICIENTE DE REPRESENTATIVIDADE",8.9,"",null,"","","","",null,"","4,26","47,7168951","2,43","27,3972602","2,21","24,8858447","0,00","0,0000000","0,00","0,0000000",0,"CAIXA REFERENCIAL"]
["ASSENTAMENTO DE TUBOS E PECAS","ASTU","FORNEC E/OU ASSENT DE TUBO DE PVC COM JUNTA ELASTI",48,"","",90745,"ASSENTAMENTO DE TUBO DE PVC CORRUGADO DE DUPLA PAREDE PARA REDE COLETORA DE ESGOTO, DN 400 MM, JUNTA ELÁSTICA  (NÃO INCLUI FORNECIMENTO). AF_01/2021","M","COEFICIENTE DE REPRESENTATIVIDADE",8.9,"COMPOSICAO",5678,"RETROESCAVADEIRA SOBRE RODAS COM CARREGADEIRA, TRAÇÃO 4X4, POTÊNCIA LÍQ. 88 HP, CAÇAMBA CARREG. CAP. MÍN. 1 M3, CAÇAMBA RETRO CAP. 0,26 M3, PESO OPERACIONAL MÍN. 6.674 KG, PROFUNDIDADE ESCAVAÇÃO MÁX. 4,37 M - CHP DIURNO. AF_06/2014","CHP","COEFICIENTE DE REPRESENTATIVIDADE","0,0316000",125.96,"3,98","","","","","","","","","","",null,"CAIXA REFERENCIAL"]
["ASSENTAMENTO DE TUBOS E PECAS","ASTU","FORNEC E/OU ASSENT DE TUBO DE PVC COM JUNTA ELASTI",48,"","",90745,"ASSENTAMENTO DE TUBO DE PVC CORRUGADO DE DUPLA PAREDE PARA REDE COLETORA DE ESGOTO, DN 400 MM, JUNTA ELÁSTICA  (NÃO INCLUI FORNECIMENTO). AF_01/2021","M","COEFICIENTE DE REPRESENTATIVIDADE",8.9,"COMPOSICAO",5679,"RETROESCAVADEIRA SOBRE RODAS COM CARREGADEIRA, TRAÇÃO 4X4, POTÊNCIA LÍQ. 88 HP, CAÇAMBA CARREG. CAP. MÍN. 1 M3, CAÇAMBA RETRO CAP. 0,26 M3, PESO OPERACIONAL MÍN. 6.674 KG, PROFUNDIDADE ESCAVAÇÃO MÁX. 4,37 M - CHI DIURNO. AF_06/2014","CHI","COEFICIENTE DE REPRESENTATIVIDADE","0,0196000",51.77,"1,01","","","","","","","","","","",null,"CAIXA REFERENCIAL"]
["ASSENTAMENTO DE TUBOS E PECAS","ASTU","FORNEC E/OU ASSENT DE TUBO DE PVC COM JUNTA ELASTI",48,"","",90745,"ASSENTAMENTO DE TUBO DE PVC CORRUGADO DE DUPLA PAREDE PARA REDE COLETORA DE ESGOTO, DN 400 MM, JUNTA ELÁSTICA  (NÃO INCLUI FORNECIMENTO). AF_01/2021","M","COEFICIENTE DE REPRESENTATIVIDADE",8.9,"COMPOSICAO",88246,"ASSENTADOR DE TUBOS COM ENCARGOS COMPLEMENTARES","H","COEFICIENTE DE REPRESENTATIVIDADE","0,0975000",23.3,"2,27","","","","","","","","","","",null,"CAIXA REFERENCIAL"]
["ASSENTAMENTO DE TUBOS E PECAS","ASTU","FORNEC E/OU ASSENT DE TUBO DE PVC COM JUNTA ELASTI",48,"","",90745,"ASSENTAMENTO DE TUBO DE PVC CORRUGADO DE DUPLA PAREDE PARA REDE COLETORA DE ESGOTO, DN 400 MM, JUNTA ELÁSTICA  (NÃO INCLUI FORNECIMENTO). AF_01/2021","M","COEFICIENTE DE REPRESENTATIVIDADE",8.9,"COMPOSICAO",88316,"SERVENTE COM ENCARGOS COMPLEMENTARES","H","COLETADO","0,0975000",16.920000000000002,"1,64","","","","","","","","","","",null,"CAIXA REFERENCIAL"]
["ASSENTAMENTO DE TUBOS E PECAS","ASTU","FORNEC E/OU ASSENT DE TUBO DE PVC COM JUNTA ELASTI",48,"","",90746,"ASSENTAMENTO DE TUBO DE PEAD CORRUGADO DE DUPLA PAREDE PARA REDE COLETORA DE ESGOTO, DN 450 MM, JUNTA ELÁSTICA INTEGRADA (NÃO INCLUI FORNECIMENTO). AF_01/2021","M","COEFICIENTE DE REPRESENTATIVIDADE",3.26,"",null,"","","","",null,"","2,60","79,6875000","0,66","20,3125000","0,00","0,0000000","0,00","0,0000000","0,00","0,0000000",0,"CAIXA REFERENCIAL"]
["ASSENTAMENTO DE TUBOS E PECAS","ASTU","FORNEC E/OU ASSENT DE TUBO DE PVC COM JUNTA ELASTI",48,"","",90746,"ASSENTAMENTO DE TUBO DE PEAD CORRUGADO DE DUPLA PAREDE PARA REDE COLETORA DE ESGOTO, DN 450 MM, JUNTA ELÁSTICA INTEGRADA (NÃO INCLUI FORNECIMENTO). AF_01/2021","M","COEFICIENTE DE REPRESENTATIVIDADE",3.26,"COMPOSICAO",88246,"ASSENTADOR DE TUBOS COM ENCARGOS COMPLEMENTARES","H","COEFICIENTE DE REPRESENTATIVIDADE","0,0814000",23.3,"1,89","","","","","","","","","","",null,"CAIXA REFERENCIAL"]
["ASSENTAMENTO DE TUBOS E PECAS","ASTU","FORNEC E/OU ASSENT DE TUBO DE PVC COM JUNTA ELASTI",48,"","",90746,"ASSENTAMENTO DE TUBO DE PEAD CORRUGADO DE DUPLA PAREDE PARA REDE COLETORA DE ESGOTO, DN 450 MM, JUNTA ELÁSTICA INTEGRADA (NÃO INCLUI FORNECIMENTO). AF_01/2021","M","COEFICIENTE DE REPRESENTATIVIDADE",3.26,"COMPOSICAO",88316,"SERVENTE COM ENCARGOS COMPLEMENTARES","H","COLETADO","0,0814000",16.920000000000002,"1,37","","","","","","","","","","",null,"CAIXA REFERENCIAL"]
["ASSENTAMENTO DE TUBOS E PECAS","ASTU","FORNEC E/OU ASSENT DE TUBO DE PVC COM JUNTA ELASTI",48,"","",90747,"ASSENTAMENTO DE TUBO DE PEAD CORRUGADO DE DUPLA PAREDE PARA REDE COLETORA DE ESGOTO, DN 600 MM, JUNTA ELÁSTICA INTEGRADA (NÃO INCLUI FORNECIMENTO). AF_01/2021","M","COEFICIENTE DE REPRESENTATIVIDADE",15.32,"",null,"","","","",null,"","5,67","37,0198675","3,74","24,4370860","5,91","38,5430465","0,00","0,0000000","0,00","0,0000000",0,"CAIXA REFERENCIAL"]
["ASSENTAMENTO DE TUBOS E PECAS","ASTU","FORNEC E/OU ASSENT DE TUBO DE PVC COM JUNTA ELASTI",48,"","",90747,"ASSENTAMENTO DE TUBO DE PEAD CORRUGADO DE DUPLA PAREDE PARA REDE COLETORA DE ESGOTO, DN 600 MM, JUNTA ELÁSTICA INTEGRADA (NÃO INCLUI FORNECIMENTO). AF_01/2021","M","COEFICIENTE DE REPRESENTATIVIDADE",15.32,"COMPOSICAO",5631,"ESCAVADEIRA HIDRÁULICA SOBRE ESTEIRAS, CAÇAMBA 0,80 M3, PESO OPERACIONAL 17 T, POTENCIA BRUTA 111 HP - CHP DIURNO. AF_06/2014","CHP","COLETADO","0,0422000",191.27,"8,07","","","","","","","","","","",null,"CAIXA REFERENCIAL"]
["ASSENTAMENTO DE TUBOS E PECAS","ASTU","FORNEC E/OU ASSENT DE TUBO DE PVC COM JUNTA ELASTI",48,"","",90747,"ASSENTAMENTO DE TUBO DE PEAD CORRUGADO DE DUPLA PAREDE PARA REDE COLETORA DE ESGOTO, DN 600 MM, JUNTA ELÁSTICA INTEGRADA (NÃO INCLUI FORNECIMENTO). AF_01/2021","M","COEFICIENTE DE REPRESENTATIVIDADE",15.32,"COMPOSICAO",5632,"ESCAVADEIRA HIDRÁULICA SOBRE ESTEIRAS, CAÇAMBA 0,80 M3, PESO OPERACIONAL 17 T, POTENCIA BRUTA 111 HP - CHI DIURNO. AF_06/2014","CHI","COLETADO","0,0262000",77.11,"2,02","","","","","","","","","","",null,"CAIXA REFERENCIAL"]
["ASSENTAMENTO DE TUBOS E PECAS","ASTU","FORNEC E/OU ASSENT DE TUBO DE PVC COM JUNTA ELASTI",48,"","",90747,"ASSENTAMENTO DE TUBO DE PEAD CORRUGADO DE DUPLA PAREDE PARA REDE COLETORA DE ESGOTO, DN 600 MM, JUNTA ELÁSTICA INTEGRADA (NÃO INCLUI FORNECIMENTO). AF_01/2021","M","COEFICIENTE DE REPRESENTATIVIDADE",15.32,"COMPOSICAO",88246,"ASSENTADOR DE TUBOS COM ENCARGOS COMPLEMENTARES","H","COEFICIENTE DE REPRESENTATIVIDADE","0,1301000",23.3,"3,03","","","","","","","","","","",null,"CAIXA REFERENCIAL"]
["ASSENTAMENTO DE TUBOS E PECAS","ASTU","FORNEC E/OU ASSENT DE TUBO DE PVC COM JUNTA ELASTI",48,"","",90747,"ASSENTAMENTO DE TUBO DE PEAD CORRUGADO DE DUPLA PAREDE PARA REDE COLETORA DE ESGOTO, DN 600 MM, JUNTA ELÁSTICA INTEGRADA (NÃO INCLUI FORNECIMENTO). AF_01/2021","M","COEFICIENTE DE REPRESENTATIVIDADE",15.32,"COMPOSICAO",88316,"SERVENTE COM ENCARGOS COMPLEMENTARES","H","COLETADO","0,1301000",16.920000000000002,"2,20","","","","","","","","","","",null,"CAIXA REFERENCIAL"]
["ASSENTAMENTO DE TUBOS E PECAS","ASTU","FORNEC E/OU ASSENT DE TUBO DE PVC COM JUNTA ELASTI",48,"","",94869,"TUBO DE PEAD CORRUGADO DE DUPLA PAREDE PARA REDE COLETORA DE ESGOTO, DN 250 MM, JUNTA ELÁSTICA INTEGRADA - FORNECIMENTO E ASSENTAMENTO. AF_01/2021","M","COEFICIENTE DE REPRESENTATIVIDADE",276.44,"",null,"","","","",null,"","0,61","0,2206946","275,83","99,7793054","0,00","0,0000000","0,00","0,0000000","0,00","0,0000000",0,"CAIXA REFERENCIAL"]
["ASSENTAMENTO DE TUBOS E PECAS","ASTU","FORNEC E/OU ASSENT DE TUBO DE PVC COM JUNTA ELASTI",48,"","",94869,"TUBO DE PEAD CORRUGADO DE DUPLA PAREDE PARA REDE COLETORA DE ESGOTO, DN 250 MM, JUNTA ELÁSTICA INTEGRADA - FORNECIMENTO E ASSENTAMENTO. AF_01/2021","M","COEFICIENTE DE REPRESENTATIVIDADE",276.44,"INSUMO",20078,"PASTA LUBRIFICANTE PARA TUBOS E CONEXOES COM JUNTA ELASTICA, EMBALAGEM DE *400* GR (USO EM PVC, ACO, POLIETILENO E OUTROS)","UN","COEFICIENTE DE REPRESENTATIVIDADE","0,0379000",32.99,"1,25","","","","","","","","","","",null,"CAIXA REFERENCIAL"]
["ASSENTAMENTO DE TUBOS E PECAS","ASTU","FORNEC E/OU ASSENT DE TUBO DE PVC COM JUNTA ELASTI",48,"","",94869,"TUBO DE PEAD CORRUGADO DE DUPLA PAREDE PARA REDE COLETORA DE ESGOTO, DN 250 MM, JUNTA ELÁSTICA INTEGRADA - FORNECIMENTO E ASSENTAMENTO. AF_01/2021","M","COEFICIENTE DE REPRESENTATIVIDADE",276.44,"INSUMO",41779,"TUBO CORRUGADO PEAD, PAREDE DUPLA, INTERNA LISA, JEI, DN/DI 250 MM, PARA SANEAMENTO (DRENAGEM/ESGOTO)","M","COEFICIENTE DE REPRESENTATIVIDADE","1,0500000",261.33999999999997,"274,40","","","","","","","","","","",null,"CAIXA REFERENCIAL"]
["ASSENTAMENTO DE TUBOS E PECAS","ASTU","FORNEC E/OU ASSENT DE TUBO DE PVC COM JUNTA ELASTI",48,"","",94869,"TUBO DE PEAD CORRUGADO DE DUPLA PAREDE PARA REDE COLETORA DE ESGOTO, DN 250 MM, JUNTA ELÁSTICA INTEGRADA - FORNECIMENTO E ASSENTAMENTO. AF_01/2021","M","COEFICIENTE DE REPRESENTATIVIDADE",276.44,"COMPOSICAO",88246,"ASSENTADOR DE TUBOS COM ENCARGOS COMPLEMENTARES","H","COEFICIENTE DE REPRESENTATIVIDADE","0,0200000",23.3,"0,46","","","","","","","","","","",null,"CAIXA REFERENCIAL"]
["ASSENTAMENTO DE TUBOS E PECAS","ASTU","FORNEC E/OU ASSENT DE TUBO DE PVC COM JUNTA ELASTI",48,"","",94869,"TUBO DE PEAD CORRUGADO DE DUPLA PAREDE PARA REDE COLETORA DE ESGOTO, DN 250 MM, JUNTA ELÁSTICA INTEGRADA - FORNECIMENTO E ASSENTAMENTO. AF_01/2021","M","COEFICIENTE DE REPRESENTATIVIDADE",276.44,"COMPOSICAO",88316,"SERVENTE COM ENCARGOS COMPLEMENTARES","H","COLETADO","0,0200000",16.920000000000002,"0,33","","","","","","","","","","",null,"CAIXA REFERENCIAL"]
["ASSENTAMENTO DE TUBOS E PECAS","ASTU","FORNEC E/OU ASSENT DE TUBO DE PVC COM JUNTA ELASTI",48,"","",94870,"ASSENTAMENTO DE TUBO DE PEAD CORRUGADO DE DUPLA PAREDE PARA REDE COLETORA DE ESGOTO, DN 250 MM, JUNTA ELÁSTICA INTEGRADA (NÃO INCLUI FORNECIMENTO). AF_01/2021","M","COEFICIENTE DE REPRESENTATIVIDADE",2.04,"",null,"","","","",null,"","0,62","30,5000000","1,42","69,5000000","0,00","0,0000000","0,00","0,0000000","0,00","0,0000000",0,"CAIXA REFERENCIAL"]
["ASSENTAMENTO DE TUBOS E PECAS","ASTU","FORNEC E/OU ASSENT DE TUBO DE PVC COM JUNTA ELASTI",48,"","",94870,"ASSENTAMENTO DE TUBO DE PEAD CORRUGADO DE DUPLA PAREDE PARA REDE COLETORA DE ESGOTO, DN 250 MM, JUNTA ELÁSTICA INTEGRADA (NÃO INCLUI FORNECIMENTO). AF_01/2021","M","COEFICIENTE DE REPRESENTATIVIDADE",2.04,"INSUMO",20078,"PASTA LUBRIFICANTE PARA TUBOS E CONEXOES COM JUNTA ELASTICA, EMBALAGEM DE *400* GR (USO EM PVC, ACO, POLIETILENO E OUTROS)","UN","COEFICIENTE DE REPRESENTATIVIDADE","0,0379000",32.99,"1,25","","","","","","","","","","",null,"CAIXA REFERENCIAL"]
["ASSENTAMENTO DE TUBOS E PECAS","ASTU","FORNEC E/OU ASSENT DE TUBO DE PVC COM JUNTA ELASTI",48,"","",94870,"ASSENTAMENTO DE TUBO DE PEAD CORRUGADO DE DUPLA PAREDE PARA REDE COLETORA DE ESGOTO, DN 250 MM, JUNTA ELÁSTICA INTEGRADA (NÃO INCLUI FORNECIMENTO). AF_01/2021","M","COEFICIENTE DE REPRESENTATIVIDADE",2.04,"COMPOSICAO",88246,"ASSENTADOR DE TUBOS COM ENCARGOS COMPLEMENTARES","H","COEFICIENTE DE REPRESENTATIVIDADE","0,0200000",23.3,"0,46","","","","","","","","","","",null,"CAIXA REFERENCIAL"]
["ASSENTAMENTO DE TUBOS E PECAS","ASTU","FORNEC E/OU ASSENT DE TUBO DE PVC COM JUNTA ELASTI",48,"","",94870,"ASSENTAMENTO DE TUBO DE PEAD CORRUGADO DE DUPLA PAREDE PARA REDE COLETORA DE ESGOTO, DN 250 MM, JUNTA ELÁSTICA INTEGRADA (NÃO INCLUI FORNECIMENTO). AF_01/2021","M","COEFICIENTE DE REPRESENTATIVIDADE",2.04,"COMPOSICAO",88316,"SERVENTE COM ENCARGOS COMPLEMENTARES","H","COLETADO","0,0200000",16.920000000000002,"0,33","","","","","","","","","","",null,"CAIXA REFERENCIAL"]
["ASSENTAMENTO DE TUBOS E PECAS","ASTU","FORNEC E/OU ASSENT DE TUBO DE PVC COM JUNTA ELASTI",48,"","",94871,"TUBO DE PEAD CORRUGADO DE DUPLA PAREDE PARA REDE COLETORA DE ESGOTO, DN 300 MM, JUNTA ELÁSTICA INTEGRADA - FORNECIMENTO E ASSENTAMENTO. AF_01/2021","M","COEFICIENTE DE REPRESENTATIVIDADE",327.32,"",null,"","","","",null,"","1,08","0,3300430","326,24","99,6699570","0,00","0,0000000","0,00","0,0000000","0,00","0,0000000",0,"CAIXA REFERENCIAL"]
["ASSENTAMENTO DE TUBOS E PECAS","ASTU","FORNEC E/OU ASSENT DE TUBO DE PVC COM JUNTA ELASTI",48,"","",94871,"TUBO DE PEAD CORRUGADO DE DUPLA PAREDE PARA REDE COLETORA DE ESGOTO, DN 300 MM, JUNTA ELÁSTICA INTEGRADA - FORNECIMENTO E ASSENTAMENTO. AF_01/2021","M","COEFICIENTE DE REPRESENTATIVIDADE",327.32,"INSUMO",20078,"PASTA LUBRIFICANTE PARA TUBOS E CONEXOES COM JUNTA ELASTICA, EMBALAGEM DE *400* GR (USO EM PVC, ACO, POLIETILENO E OUTROS)","UN","COEFICIENTE DE REPRESENTATIVIDADE","0,0417000",32.99,"1,37","","","","","","","","","","",null,"CAIXA REFERENCIAL"]
["ASSENTAMENTO DE TUBOS E PECAS","ASTU","FORNEC E/OU ASSENT DE TUBO DE PVC COM JUNTA ELASTI",48,"","",94871,"TUBO DE PEAD CORRUGADO DE DUPLA PAREDE PARA REDE COLETORA DE ESGOTO, DN 300 MM, JUNTA ELÁSTICA INTEGRADA - FORNECIMENTO E ASSENTAMENTO. AF_01/2021","M","COEFICIENTE DE REPRESENTATIVIDADE",327.32,"INSUMO",41780,"TUBO CORRUGADO PEAD, PAREDE DUPLA, INTERNA LISA, JEI, DN/DI 300 MM, PARA SANEAMENTO (DRENAGEM/ESGOTO)","M","COEFICIENTE DE REPRESENTATIVIDADE","1,0500000",309.10000000000002,"324,55","","","","","","","","","","",null,"CAIXA REFERENCIAL"]
["ASSENTAMENTO DE TUBOS E PECAS","ASTU","FORNEC E/OU ASSENT DE TUBO DE PVC COM JUNTA ELASTI",48,"","",94871,"TUBO DE PEAD CORRUGADO DE DUPLA PAREDE PARA REDE COLETORA DE ESGOTO, DN 300 MM, JUNTA ELÁSTICA INTEGRADA - FORNECIMENTO E ASSENTAMENTO. AF_01/2021","M","COEFICIENTE DE REPRESENTATIVIDADE",327.32,"COMPOSICAO",88246,"ASSENTADOR DE TUBOS COM ENCARGOS COMPLEMENTARES","H","COEFICIENTE DE REPRESENTATIVIDADE","0,0349000",23.3,"0,81","","","","","","","","","","",null,"CAIXA REFERENCIAL"]
["ASSENTAMENTO DE TUBOS E PECAS","ASTU","FORNEC E/OU ASSENT DE TUBO DE PVC COM JUNTA ELASTI",48,"","",94871,"TUBO DE PEAD CORRUGADO DE DUPLA PAREDE PARA REDE COLETORA DE ESGOTO, DN 300 MM, JUNTA ELÁSTICA INTEGRADA - FORNECIMENTO E ASSENTAMENTO. AF_01/2021","M","COEFICIENTE DE REPRESENTATIVIDADE",327.32,"COMPOSICAO",88316,"SERVENTE COM ENCARGOS COMPLEMENTARES","H","COLETADO","0,0349000",16.920000000000002,"0,59","","","","","","","","","","",null,"CAIXA REFERENCIAL"]
["ASSENTAMENTO DE TUBOS E PECAS","ASTU","FORNEC E/OU ASSENT DE TUBO DE PVC COM JUNTA ELASTI",48,"","",94872,"ASSENTAMENTO DE TUBO DE PEAD CORRUGADO DE DUPLA PAREDE PARA REDE COLETORA DE ESGOTO, DN 300 MM, JUNTA ELÁSTICA INTEGRADA  (NÃO INCLUI FORNECIMENTO). AF_01/2021","M","COEFICIENTE DE REPRESENTATIVIDADE",2.77,"",null,"","","","",null,"","1,11","40,2985074","1,66","59,7014926","0,00","0,0000000","0,00","0,0000000","0,00","0,0000000",0,"CAIXA REFERENCIAL"]
["ASSENTAMENTO DE TUBOS E PECAS","ASTU","FORNEC E/OU ASSENT DE TUBO DE PVC COM JUNTA ELASTI",48,"","",94872,"ASSENTAMENTO DE TUBO DE PEAD CORRUGADO DE DUPLA PAREDE PARA REDE COLETORA DE ESGOTO, DN 300 MM, JUNTA ELÁSTICA INTEGRADA  (NÃO INCLUI FORNECIMENTO). AF_01/2021","M","COEFICIENTE DE REPRESENTATIVIDADE",2.77,"INSUMO",20078,"PASTA LUBRIFICANTE PARA TUBOS E CONEXOES COM JUNTA ELASTICA, EMBALAGEM DE *400* GR (USO EM PVC, ACO, POLIETILENO E OUTROS)","UN","COEFICIENTE DE REPRESENTATIVIDADE","0,0417000",32.99,"1,37","","","","","","","","","","",null,"CAIXA REFERENCIAL"]
["ASSENTAMENTO DE TUBOS E PECAS","ASTU","FORNEC E/OU ASSENT DE TUBO DE PVC COM JUNTA ELASTI",48,"","",94872,"ASSENTAMENTO DE TUBO DE PEAD CORRUGADO DE DUPLA PAREDE PARA REDE COLETORA DE ESGOTO, DN 300 MM, JUNTA ELÁSTICA INTEGRADA  (NÃO INCLUI FORNECIMENTO). AF_01/2021","M","COEFICIENTE DE REPRESENTATIVIDADE",2.77,"COMPOSICAO",88246,"ASSENTADOR DE TUBOS COM ENCARGOS COMPLEMENTARES","H","COEFICIENTE DE REPRESENTATIVIDADE","0,0349000",23.3,"0,81","","","","","","","","","","",null,"CAIXA REFERENCIAL"]
["ASSENTAMENTO DE TUBOS E PECAS","ASTU","FORNEC E/OU ASSENT DE TUBO DE PVC COM JUNTA ELASTI",48,"","",94872,"ASSENTAMENTO DE TUBO DE PEAD CORRUGADO DE DUPLA PAREDE PARA REDE COLETORA DE ESGOTO, DN 300 MM, JUNTA ELÁSTICA INTEGRADA  (NÃO INCLUI FORNECIMENTO). AF_01/2021","M","COEFICIENTE DE REPRESENTATIVIDADE",2.77,"COMPOSICAO",88316,"SERVENTE COM ENCARGOS COMPLEMENTARES","H","COLETADO","0,0349000",16.920000000000002,"0,59","","","","","","","","","","",null,"CAIXA REFERENCIAL"]
["ASSENTAMENTO DE TUBOS E PECAS","ASTU","FORNEC E/OU ASSENT DE TUBO DE PVC COM JUNTA ELASTI",48,"","",94875,"TUBO DE PEAD CORRUGADO DE DUPLA PAREDE PARA REDE COLETORA DE ESGOTO, DN 800 MM, JUNTA ELÁSTICA INTEGRADA - FORNECIMENTO E ASSENTAMENTO. AF_01/2021","M","COEFICIENTE DE REPRESENTATIVIDADE",1914.65,"",null,"","","","",null,"","8,48","0,4429378","1.897,34","99,0958428","8,83","0,4612194","0,00","0,0000000","0,00","0,0000000",0,"CAIXA REFERENCIAL"]
["ASSENTAMENTO DE TUBOS E PECAS","ASTU","FORNEC E/OU ASSENT DE TUBO DE PVC COM JUNTA ELASTI",48,"","",94875,"TUBO DE PEAD CORRUGADO DE DUPLA PAREDE PARA REDE COLETORA DE ESGOTO, DN 800 MM, JUNTA ELÁSTICA INTEGRADA - FORNECIMENTO E ASSENTAMENTO. AF_01/2021","M","COEFICIENTE DE REPRESENTATIVIDADE",1914.65,"COMPOSICAO",5631,"ESCAVADEIRA HIDRÁULICA SOBRE ESTEIRAS, CAÇAMBA 0,80 M3, PESO OPERACIONAL 17 T, POTENCIA BRUTA 111 HP - CHP DIURNO. AF_06/2014","CHP","COLETADO","0,0638000",191.27,"12,20","","","","","","","","","","",null,"CAIXA REFERENCIAL"]
["ASSENTAMENTO DE TUBOS E PECAS","ASTU","FORNEC E/OU ASSENT DE TUBO DE PVC COM JUNTA ELASTI",48,"","",94875,"TUBO DE PEAD CORRUGADO DE DUPLA PAREDE PARA REDE COLETORA DE ESGOTO, DN 800 MM, JUNTA ELÁSTICA INTEGRADA - FORNECIMENTO E ASSENTAMENTO. AF_01/2021","M","COEFICIENTE DE REPRESENTATIVIDADE",1914.65,"COMPOSICAO",5632,"ESCAVADEIRA HIDRÁULICA SOBRE ESTEIRAS, CAÇAMBA 0,80 M3, PESO OPERACIONAL 17 T, POTENCIA BRUTA 111 HP - CHI DIURNO. AF_06/2014","CHI","COLETADO","0,0397000",77.11,"3,06","","","","","","","","","","",null,"CAIXA REFERENCIAL"]
["ASSENTAMENTO DE TUBOS E PECAS","ASTU","FORNEC E/OU ASSENT DE TUBO DE PVC COM JUNTA ELASTI",48,"","",94875,"TUBO DE PEAD CORRUGADO DE DUPLA PAREDE PARA REDE COLETORA DE ESGOTO, DN 800 MM, JUNTA ELÁSTICA INTEGRADA - FORNECIMENTO E ASSENTAMENTO. AF_01/2021","M","COEFICIENTE DE REPRESENTATIVIDADE",1914.65,"INSUMO",20078,"PASTA LUBRIFICANTE PARA TUBOS E CONEXOES COM JUNTA ELASTICA, EMBALAGEM DE *400* GR (USO EM PVC, ACO, POLIETILENO E OUTROS)","UN","COEFICIENTE DE REPRESENTATIVIDADE","0,1042000",32.99,"3,43","","","","","","","","","","",null,"CAIXA REFERENCIAL"]
["ASSENTAMENTO DE TUBOS E PECAS","ASTU","FORNEC E/OU ASSENT DE TUBO DE PVC COM JUNTA ELASTI",48,"","",94875,"TUBO DE PEAD CORRUGADO DE DUPLA PAREDE PARA REDE COLETORA DE ESGOTO, DN 800 MM, JUNTA ELÁSTICA INTEGRADA - FORNECIMENTO E ASSENTAMENTO. AF_01/2021","M","COEFICIENTE DE REPRESENTATIVIDADE",1914.65,"INSUMO",41783,"TUBO CORRUGADO PEAD, PAREDE DUPLA, INTERNA LISA, JEI, DN/DI *800* MM, PARA SANEAMENTO (DRENAGEM/ESGOTO)","M","COEFICIENTE DE REPRESENTATIVIDADE","1,0500000",1798.14,"1.888,04","","","","","","","","","","",null,"CAIXA REFERENCIAL"]
["ASSENTAMENTO DE TUBOS E PECAS","ASTU","FORNEC E/OU ASSENT DE TUBO DE PVC COM JUNTA ELASTI",48,"","",94875,"TUBO DE PEAD CORRUGADO DE DUPLA PAREDE PARA REDE COLETORA DE ESGOTO, DN 800 MM, JUNTA ELÁSTICA INTEGRADA - FORNECIMENTO E ASSENTAMENTO. AF_01/2021","M","COEFICIENTE DE REPRESENTATIVIDADE",1914.65,"COMPOSICAO",88246,"ASSENTADOR DE TUBOS COM ENCARGOS COMPLEMENTARES","H","COEFICIENTE DE REPRESENTATIVIDADE","0,1970000",23.3,"4,59","","","","","","","","","","",null,"CAIXA REFERENCIAL"]
["ASSENTAMENTO DE TUBOS E PECAS","ASTU","FORNEC E/OU ASSENT DE TUBO DE PVC COM JUNTA ELASTI",48,"","",94875,"TUBO DE PEAD CORRUGADO DE DUPLA PAREDE PARA REDE COLETORA DE ESGOTO, DN 800 MM, JUNTA ELÁSTICA INTEGRADA - FORNECIMENTO E ASSENTAMENTO. AF_01/2021","M","COEFICIENTE DE REPRESENTATIVIDADE",1914.65,"COMPOSICAO",88316,"SERVENTE COM ENCARGOS COMPLEMENTARES","H","COLETADO","0,1970000",16.920000000000002,"3,33","","","","","","","","","","",null,"CAIXA REFERENCIAL"]
["ASSENTAMENTO DE TUBOS E PECAS","ASTU","FORNEC E/OU ASSENT DE TUBO DE PVC COM JUNTA ELASTI",48,"","",94876,"ASSENTAMENTO DE TUBO DE PEAD CORRUGADO DE DUPLA PAREDE PARA REDE COLETORA DE ESGOTO, DN 800 MM, JUNTA ELÁSTICA INTEGRADA  (NÃO INCLUI FORNECIMENTO). AF_01/2021","M","COEFICIENTE DE REPRESENTATIVIDADE",26.61,"",null,"","","","",null,"","8,53","32,0604914","9,20","34,5557657","8,88","33,3837429","0,00","0,0000000","0,00","0,0000000",0,"CAIXA REFERENCIAL"]
["ASSENTAMENTO DE TUBOS E PECAS","ASTU","FORNEC E/OU ASSENT DE TUBO DE PVC COM JUNTA ELASTI",48,"","",94876,"ASSENTAMENTO DE TUBO DE PEAD CORRUGADO DE DUPLA PAREDE PARA REDE COLETORA DE ESGOTO, DN 800 MM, JUNTA ELÁSTICA INTEGRADA  (NÃO INCLUI FORNECIMENTO). AF_01/2021","M","COEFICIENTE DE REPRESENTATIVIDADE",26.61,"COMPOSICAO",5631,"ESCAVADEIRA HIDRÁULICA SOBRE ESTEIRAS, CAÇAMBA 0,80 M3, PESO OPERACIONAL 17 T, POTENCIA BRUTA 111 HP - CHP DIURNO. AF_06/2014","CHP","COLETADO","0,0638000",191.27,"12,20","","","","","","","","","","",null,"CAIXA REFERENCIAL"]
["ASSENTAMENTO DE TUBOS E PECAS","ASTU","FORNEC E/OU ASSENT DE TUBO DE PVC COM JUNTA ELASTI",48,"","",94876,"ASSENTAMENTO DE TUBO DE PEAD CORRUGADO DE DUPLA PAREDE PARA REDE COLETORA DE ESGOTO, DN 800 MM, JUNTA ELÁSTICA INTEGRADA  (NÃO INCLUI FORNECIMENTO). AF_01/2021","M","COEFICIENTE DE REPRESENTATIVIDADE",26.61,"COMPOSICAO",5632,"ESCAVADEIRA HIDRÁULICA SOBRE ESTEIRAS, CAÇAMBA 0,80 M3, PESO OPERACIONAL 17 T, POTENCIA BRUTA 111 HP - CHI DIURNO. AF_06/2014","CHI","COLETADO","0,0397000",77.11,"3,06","","","","","","","","","","",null,"CAIXA REFERENCIAL"]
["ASSENTAMENTO DE TUBOS E PECAS","ASTU","FORNEC E/OU ASSENT DE TUBO DE PVC COM JUNTA ELASTI",48,"","",94876,"ASSENTAMENTO DE TUBO DE PEAD CORRUGADO DE DUPLA PAREDE PARA REDE COLETORA DE ESGOTO, DN 800 MM, JUNTA ELÁSTICA INTEGRADA  (NÃO INCLUI FORNECIMENTO). AF_01/2021","M","COEFICIENTE DE REPRESENTATIVIDADE",26.61,"INSUMO",20078,"PASTA LUBRIFICANTE PARA TUBOS E CONEXOES COM JUNTA ELASTICA, EMBALAGEM DE *400* GR (USO EM PVC, ACO, POLIETILENO E OUTROS)","UN","COEFICIENTE DE REPRESENTATIVIDADE","0,1042000",32.99,"3,43","","","","","","","","","","",null,"CAIXA REFERENCIAL"]
["ASSENTAMENTO DE TUBOS E PECAS","ASTU","FORNEC E/OU ASSENT DE TUBO DE PVC COM JUNTA ELASTI",48,"","",94876,"ASSENTAMENTO DE TUBO DE PEAD CORRUGADO DE DUPLA PAREDE PARA REDE COLETORA DE ESGOTO, DN 800 MM, JUNTA ELÁSTICA INTEGRADA  (NÃO INCLUI FORNECIMENTO). AF_01/2021","M","COEFICIENTE DE REPRESENTATIVIDADE",26.61,"COMPOSICAO",88246,"ASSENTADOR DE TUBOS COM ENCARGOS COMPLEMENTARES","H","COEFICIENTE DE REPRESENTATIVIDADE","0,1970000",23.3,"4,59","","","","","","","","","","",null,"CAIXA REFERENCIAL"]
["ASSENTAMENTO DE TUBOS E PECAS","ASTU","FORNEC E/OU ASSENT DE TUBO DE PVC COM JUNTA ELASTI",48,"","",94876,"ASSENTAMENTO DE TUBO DE PEAD CORRUGADO DE DUPLA PAREDE PARA REDE COLETORA DE ESGOTO, DN 800 MM, JUNTA ELÁSTICA INTEGRADA  (NÃO INCLUI FORNECIMENTO). AF_01/2021","M","COEFICIENTE DE REPRESENTATIVIDADE",26.61,"COMPOSICAO",88316,"SERVENTE COM ENCARGOS COMPLEMENTARES","H","COLETADO","0,1970000",16.920000000000002,"3,33","","","","","","","","","","",null,"CAIXA REFERENCIAL"]
["ASSENTAMENTO DE TUBOS E PECAS","ASTU","FORNEC E/OU ASSENT DE TUBO DE PVC COM JUNTA ELASTI",48,"","",94878,"ASSENTAMENTO DE TUBO DE PEAD CORRUGADO DE DUPLA PAREDE PARA REDE COLETORA DE ESGOTO, DN 900 MM, JUNTA ELÁSTICA INTEGRADA (NÃO INCLUI FORNECIMENTO). AF_01/2021","M","COEFICIENTE DE REPRESENTATIVIDADE",30.63,"",null,"","","","",null,"","10,01","32,6986211","10,17","33,2239001","10,45","34,0774788","0,00","0,0000000","0,00","0,0000000",0,"CAIXA REFERENCIAL"]
["ASSENTAMENTO DE TUBOS E PECAS","ASTU","FORNEC E/OU ASSENT DE TUBO DE PVC COM JUNTA ELASTI",48,"","",94878,"ASSENTAMENTO DE TUBO DE PEAD CORRUGADO DE DUPLA PAREDE PARA REDE COLETORA DE ESGOTO, DN 900 MM, JUNTA ELÁSTICA INTEGRADA (NÃO INCLUI FORNECIMENTO). AF_01/2021","M","COEFICIENTE DE REPRESENTATIVIDADE",30.63,"COMPOSICAO",5631,"ESCAVADEIRA HIDRÁULICA SOBRE ESTEIRAS, CAÇAMBA 0,80 M3, PESO OPERACIONAL 17 T, POTENCIA BRUTA 111 HP - CHP DIURNO. AF_06/2014","CHP","COLETADO","0,0749000",191.27,"14,32","","","","","","","","","","",null,"CAIXA REFERENCIAL"]
["ASSENTAMENTO DE TUBOS E PECAS","ASTU","FORNEC E/OU ASSENT DE TUBO DE PVC COM JUNTA ELASTI",48,"","",94878,"ASSENTAMENTO DE TUBO DE PEAD CORRUGADO DE DUPLA PAREDE PARA REDE COLETORA DE ESGOTO, DN 900 MM, JUNTA ELÁSTICA INTEGRADA (NÃO INCLUI FORNECIMENTO). AF_01/2021","M","COEFICIENTE DE REPRESENTATIVIDADE",30.63,"COMPOSICAO",5632,"ESCAVADEIRA HIDRÁULICA SOBRE ESTEIRAS, CAÇAMBA 0,80 M3, PESO OPERACIONAL 17 T, POTENCIA BRUTA 111 HP - CHI DIURNO. AF_06/2014","CHI","COLETADO","0,0466000",77.11,"3,59","","","","","","","","","","",null,"CAIXA REFERENCIAL"]
["ASSENTAMENTO DE TUBOS E PECAS","ASTU","FORNEC E/OU ASSENT DE TUBO DE PVC COM JUNTA ELASTI",48,"","",94878,"ASSENTAMENTO DE TUBO DE PEAD CORRUGADO DE DUPLA PAREDE PARA REDE COLETORA DE ESGOTO, DN 900 MM, JUNTA ELÁSTICA INTEGRADA (NÃO INCLUI FORNECIMENTO). AF_01/2021","M","COEFICIENTE DE REPRESENTATIVIDADE",30.63,"INSUMO",20078,"PASTA LUBRIFICANTE PARA TUBOS E CONEXOES COM JUNTA ELASTICA, EMBALAGEM DE *400* GR (USO EM PVC, ACO, POLIETILENO E OUTROS)","UN","COEFICIENTE DE REPRESENTATIVIDADE","0,1042000",32.99,"3,43","","","","","","","","","","",null,"CAIXA REFERENCIAL"]
["ASSENTAMENTO DE TUBOS E PECAS","ASTU","FORNEC E/OU ASSENT DE TUBO DE PVC COM JUNTA ELASTI",48,"","",94878,"ASSENTAMENTO DE TUBO DE PEAD CORRUGADO DE DUPLA PAREDE PARA REDE COLETORA DE ESGOTO, DN 900 MM, JUNTA ELÁSTICA INTEGRADA (NÃO INCLUI FORNECIMENTO). AF_01/2021","M","COEFICIENTE DE REPRESENTATIVIDADE",30.63,"COMPOSICAO",88246,"ASSENTADOR DE TUBOS COM ENCARGOS COMPLEMENTARES","H","COEFICIENTE DE REPRESENTATIVIDADE","0,2311000",23.3,"5,38","","","","","","","","","","",null,"CAIXA REFERENCIAL"]
["ASSENTAMENTO DE TUBOS E PECAS","ASTU","FORNEC E/OU ASSENT DE TUBO DE PVC COM JUNTA ELASTI",48,"","",94878,"ASSENTAMENTO DE TUBO DE PEAD CORRUGADO DE DUPLA PAREDE PARA REDE COLETORA DE ESGOTO, DN 900 MM, JUNTA ELÁSTICA INTEGRADA (NÃO INCLUI FORNECIMENTO). AF_01/2021","M","COEFICIENTE DE REPRESENTATIVIDADE",30.63,"COMPOSICAO",88316,"SERVENTE COM ENCARGOS COMPLEMENTARES","H","COLETADO","0,2311000",16.920000000000002,"3,91","","","","","","","","","","",null,"CAIXA REFERENCIAL"]
["ASSENTAMENTO DE TUBOS E PECAS","ASTU","FORNEC E/OU ASSENT DE TUBO DE PVC COM JUNTA ELASTI",48,"","",94879,"TUBO DE PEAD CORRUGADO DE DUPLA PAREDE PARA REDE COLETORA DE ESGOTO, DN 1000 MM, JUNTA ELÁSTICA INTEGRADA - FORNECIMENTO E ASSENTAMENTO. AF_01/2021","M","COEFICIENTE DE REPRESENTATIVIDADE",2549.69,"",null,"","","","",null,"","12,21","0,4789174","2.524,79","99,0233380","12,69","0,4977446","0,00","0,0000000","0,00","0,0000000",0,"CAIXA REFERENCIAL"]
["ASSENTAMENTO DE TUBOS E PECAS","ASTU","FORNEC E/OU ASSENT DE TUBO DE PVC COM JUNTA ELASTI",48,"","",94879,"TUBO DE PEAD CORRUGADO DE DUPLA PAREDE PARA REDE COLETORA DE ESGOTO, DN 1000 MM, JUNTA ELÁSTICA INTEGRADA - FORNECIMENTO E ASSENTAMENTO. AF_01/2021","M","COEFICIENTE DE REPRESENTATIVIDADE",2549.69,"COMPOSICAO",5631,"ESCAVADEIRA HIDRÁULICA SOBRE ESTEIRAS, CAÇAMBA 0,80 M3, PESO OPERACIONAL 17 T, POTENCIA BRUTA 111 HP - CHP DIURNO. AF_06/2014","CHP","COLETADO","0,0917000",191.27,"17,53","","","","","","","","","","",null,"CAIXA REFERENCIAL"]
["ASSENTAMENTO DE TUBOS E PECAS","ASTU","FORNEC E/OU ASSENT DE TUBO DE PVC COM JUNTA ELASTI",48,"","",94879,"TUBO DE PEAD CORRUGADO DE DUPLA PAREDE PARA REDE COLETORA DE ESGOTO, DN 1000 MM, JUNTA ELÁSTICA INTEGRADA - FORNECIMENTO E ASSENTAMENTO. AF_01/2021","M","COEFICIENTE DE REPRESENTATIVIDADE",2549.69,"COMPOSICAO",5632,"ESCAVADEIRA HIDRÁULICA SOBRE ESTEIRAS, CAÇAMBA 0,80 M3, PESO OPERACIONAL 17 T, POTENCIA BRUTA 111 HP - CHI DIURNO. AF_06/2014","CHI","COLETADO","0,0570000",77.11,"4,39","","","","","","","","","","",null,"CAIXA REFERENCIAL"]
["ASSENTAMENTO DE TUBOS E PECAS","ASTU","FORNEC E/OU ASSENT DE TUBO DE PVC COM JUNTA ELASTI",48,"","",94879,"TUBO DE PEAD CORRUGADO DE DUPLA PAREDE PARA REDE COLETORA DE ESGOTO, DN 1000 MM, JUNTA ELÁSTICA INTEGRADA - FORNECIMENTO E ASSENTAMENTO. AF_01/2021","M","COEFICIENTE DE REPRESENTATIVIDADE",2549.69,"INSUMO",20078,"PASTA LUBRIFICANTE PARA TUBOS E CONEXOES COM JUNTA ELASTICA, EMBALAGEM DE *400* GR (USO EM PVC, ACO, POLIETILENO E OUTROS)","UN","COEFICIENTE DE REPRESENTATIVIDADE","0,2083000",32.99,"6,87","","","","","","","","","","",null,"CAIXA REFERENCIAL"]
["ASSENTAMENTO DE TUBOS E PECAS","ASTU","FORNEC E/OU ASSENT DE TUBO DE PVC COM JUNTA ELASTI",48,"","",94879,"TUBO DE PEAD CORRUGADO DE DUPLA PAREDE PARA REDE COLETORA DE ESGOTO, DN 1000 MM, JUNTA ELÁSTICA INTEGRADA - FORNECIMENTO E ASSENTAMENTO. AF_01/2021","M","COEFICIENTE DE REPRESENTATIVIDADE",2549.69,"INSUMO",41785,"TUBO CORRUGADO PEAD, PAREDE DUPLA, INTERNA LISA, JEI, DN/DI *1000* MM, PARA SANEAMENTO (DRENAGEM/ESGOTO)","M","COEFICIENTE DE REPRESENTATIVIDADE","1,0500000",2390.0300000000002,"2.509,53","","","","","","","","","","",null,"CAIXA REFERENCIAL"]
["ASSENTAMENTO DE TUBOS E PECAS","ASTU","FORNEC E/OU ASSENT DE TUBO DE PVC COM JUNTA ELASTI",48,"","",94879,"TUBO DE PEAD CORRUGADO DE DUPLA PAREDE PARA REDE COLETORA DE ESGOTO, DN 1000 MM, JUNTA ELÁSTICA INTEGRADA - FORNECIMENTO E ASSENTAMENTO. AF_01/2021","M","COEFICIENTE DE REPRESENTATIVIDADE",2549.69,"COMPOSICAO",88246,"ASSENTADOR DE TUBOS COM ENCARGOS COMPLEMENTARES","H","COEFICIENTE DE REPRESENTATIVIDADE","0,2830000",23.3,"6,59","","","","","","","","","","",null,"CAIXA REFERENCIAL"]
["ASSENTAMENTO DE TUBOS E PECAS","ASTU","FORNEC E/OU ASSENT DE TUBO DE PVC COM JUNTA ELASTI",48,"","",94879,"TUBO DE PEAD CORRUGADO DE DUPLA PAREDE PARA REDE COLETORA DE ESGOTO, DN 1000 MM, JUNTA ELÁSTICA INTEGRADA - FORNECIMENTO E ASSENTAMENTO. AF_01/2021","M","COEFICIENTE DE REPRESENTATIVIDADE",2549.69,"COMPOSICAO",88316,"SERVENTE COM ENCARGOS COMPLEMENTARES","H","COLETADO","0,2830000",16.920000000000002,"4,78","","","","","","","","","","",null,"CAIXA REFERENCIAL"]
["ASSENTAMENTO DE TUBOS E PECAS","ASTU","FORNEC E/OU ASSENT DE TUBO DE PVC COM JUNTA ELASTI",48,"","",94880,"ASSENTAMENTO DE TUBO DE PEAD CORRUGADO DE DUPLA PAREDE PARA REDE COLETORA DE ESGOTO, DN 1000 MM, JUNTA ELÁSTICA INTEGRADA (NÃO INCLUI FORNECIMENTO). AF_01/2021","M","COEFICIENTE DE REPRESENTATIVIDADE",40.159999999999997,"",null,"","","","",null,"","12,26","30,5479109","15,15","37,7032775","12,75","31,7488116","0,00","0,0000000","0,00","0,0000000",0,"CAIXA REFERENCIAL"]
["ASSENTAMENTO DE TUBOS E PECAS","ASTU","FORNEC E/OU ASSENT DE TUBO DE PVC COM JUNTA ELASTI",48,"","",94880,"ASSENTAMENTO DE TUBO DE PEAD CORRUGADO DE DUPLA PAREDE PARA REDE COLETORA DE ESGOTO, DN 1000 MM, JUNTA ELÁSTICA INTEGRADA (NÃO INCLUI FORNECIMENTO). AF_01/2021","M","COEFICIENTE DE REPRESENTATIVIDADE",40.159999999999997,"COMPOSICAO",5631,"ESCAVADEIRA HIDRÁULICA SOBRE ESTEIRAS, CAÇAMBA 0,80 M3, PESO OPERACIONAL 17 T, POTENCIA BRUTA 111 HP - CHP DIURNO. AF_06/2014","CHP","COLETADO","0,0917000",191.27,"17,53","","","","","","","","","","",null,"CAIXA REFERENCIAL"]
["ASSENTAMENTO DE TUBOS E PECAS","ASTU","FORNEC E/OU ASSENT DE TUBO DE PVC COM JUNTA ELASTI",48,"","",94880,"ASSENTAMENTO DE TUBO DE PEAD CORRUGADO DE DUPLA PAREDE PARA REDE COLETORA DE ESGOTO, DN 1000 MM, JUNTA ELÁSTICA INTEGRADA (NÃO INCLUI FORNECIMENTO). AF_01/2021","M","COEFICIENTE DE REPRESENTATIVIDADE",40.159999999999997,"COMPOSICAO",5632,"ESCAVADEIRA HIDRÁULICA SOBRE ESTEIRAS, CAÇAMBA 0,80 M3, PESO OPERACIONAL 17 T, POTENCIA BRUTA 111 HP - CHI DIURNO. AF_06/2014","CHI","COLETADO","0,0570000",77.11,"4,39","","","","","","","","","","",null,"CAIXA REFERENCIAL"]
["ASSENTAMENTO DE TUBOS E PECAS","ASTU","FORNEC E/OU ASSENT DE TUBO DE PVC COM JUNTA ELASTI",48,"","",94880,"ASSENTAMENTO DE TUBO DE PEAD CORRUGADO DE DUPLA PAREDE PARA REDE COLETORA DE ESGOTO, DN 1000 MM, JUNTA ELÁSTICA INTEGRADA (NÃO INCLUI FORNECIMENTO). AF_01/2021","M","COEFICIENTE DE REPRESENTATIVIDADE",40.159999999999997,"INSUMO",20078,"PASTA LUBRIFICANTE PARA TUBOS E CONEXOES COM JUNTA ELASTICA, EMBALAGEM DE *400* GR (USO EM PVC, ACO, POLIETILENO E OUTROS)","UN","COEFICIENTE DE REPRESENTATIVIDADE","0,2083000",32.99,"6,87","","","","","","","","","","",null,"CAIXA REFERENCIAL"]
["ASSENTAMENTO DE TUBOS E PECAS","ASTU","FORNEC E/OU ASSENT DE TUBO DE PVC COM JUNTA ELASTI",48,"","",94880,"ASSENTAMENTO DE TUBO DE PEAD CORRUGADO DE DUPLA PAREDE PARA REDE COLETORA DE ESGOTO, DN 1000 MM, JUNTA ELÁSTICA INTEGRADA (NÃO INCLUI FORNECIMENTO). AF_01/2021","M","COEFICIENTE DE REPRESENTATIVIDADE",40.159999999999997,"COMPOSICAO",88246,"ASSENTADOR DE TUBOS COM ENCARGOS COMPLEMENTARES","H","COEFICIENTE DE REPRESENTATIVIDADE","0,2830000",23.3,"6,59","","","","","","","","","","",null,"CAIXA REFERENCIAL"]
["ASSENTAMENTO DE TUBOS E PECAS","ASTU","FORNEC E/OU ASSENT DE TUBO DE PVC COM JUNTA ELASTI",48,"","",94880,"ASSENTAMENTO DE TUBO DE PEAD CORRUGADO DE DUPLA PAREDE PARA REDE COLETORA DE ESGOTO, DN 1000 MM, JUNTA ELÁSTICA INTEGRADA (NÃO INCLUI FORNECIMENTO). AF_01/2021","M","COEFICIENTE DE REPRESENTATIVIDADE",40.159999999999997,"COMPOSICAO",88316,"SERVENTE COM ENCARGOS COMPLEMENTARES","H","COLETADO","0,2830000",16.920000000000002,"4,78","","","","","","","","","","",null,"CAIXA REFERENCIAL"]
["ASSENTAMENTO DE TUBOS E PECAS","ASTU","FORNEC E/OU ASSENT DE TUBO DE PVC COM JUNTA ELASTI",48,"","",94881,"TUBO DE PEAD CORRUGADO DE DUPLA PAREDE PARA REDE COLETORA DE ESGOTO, DN 1200 MM, JUNTA ELÁSTICA INTEGRADA - FORNECIMENTO E ASSENTAMENTO. AF_01/2021","M","COEFICIENTE DE REPRESENTATIVIDADE",3985.04,"",null,"","","","",null,"","14,50","0,3638745","3.955,46","99,2576960","15,08","0,3784295","0,00","0,0000000","0,00","0,0000000",0,"CAIXA REFERENCIAL"]
["ASSENTAMENTO DE TUBOS E PECAS","ASTU","FORNEC E/OU ASSENT DE TUBO DE PVC COM JUNTA ELASTI",48,"","",94881,"TUBO DE PEAD CORRUGADO DE DUPLA PAREDE PARA REDE COLETORA DE ESGOTO, DN 1200 MM, JUNTA ELÁSTICA INTEGRADA - FORNECIMENTO E ASSENTAMENTO. AF_01/2021","M","COEFICIENTE DE REPRESENTATIVIDADE",3985.04,"COMPOSICAO",5631,"ESCAVADEIRA HIDRÁULICA SOBRE ESTEIRAS, CAÇAMBA 0,80 M3, PESO OPERACIONAL 17 T, POTENCIA BRUTA 111 HP - CHP DIURNO. AF_06/2014","CHP","COLETADO","0,1088000",191.27,"20,81","","","","","","","","","","",null,"CAIXA REFERENCIAL"]
["ASSENTAMENTO DE TUBOS E PECAS","ASTU","FORNEC E/OU ASSENT DE TUBO DE PVC COM JUNTA ELASTI",48,"","",94881,"TUBO DE PEAD CORRUGADO DE DUPLA PAREDE PARA REDE COLETORA DE ESGOTO, DN 1200 MM, JUNTA ELÁSTICA INTEGRADA - FORNECIMENTO E ASSENTAMENTO. AF_01/2021","M","COEFICIENTE DE REPRESENTATIVIDADE",3985.04,"COMPOSICAO",5632,"ESCAVADEIRA HIDRÁULICA SOBRE ESTEIRAS, CAÇAMBA 0,80 M3, PESO OPERACIONAL 17 T, POTENCIA BRUTA 111 HP - CHI DIURNO. AF_06/2014","CHI","COLETADO","0,0676000",77.11,"5,21","","","","","","","","","","",null,"CAIXA REFERENCIAL"]
["ASSENTAMENTO DE TUBOS E PECAS","ASTU","FORNEC E/OU ASSENT DE TUBO DE PVC COM JUNTA ELASTI",48,"","",94881,"TUBO DE PEAD CORRUGADO DE DUPLA PAREDE PARA REDE COLETORA DE ESGOTO, DN 1200 MM, JUNTA ELÁSTICA INTEGRADA - FORNECIMENTO E ASSENTAMENTO. AF_01/2021","M","COEFICIENTE DE REPRESENTATIVIDADE",3985.04,"INSUMO",20078,"PASTA LUBRIFICANTE PARA TUBOS E CONEXOES COM JUNTA ELASTICA, EMBALAGEM DE *400* GR (USO EM PVC, ACO, POLIETILENO E OUTROS)","UN","COEFICIENTE DE REPRESENTATIVIDADE","0,2083000",32.99,"6,87","","","","","","","","","","",null,"CAIXA REFERENCIAL"]
["ASSENTAMENTO DE TUBOS E PECAS","ASTU","FORNEC E/OU ASSENT DE TUBO DE PVC COM JUNTA ELASTI",48,"","",94881,"TUBO DE PEAD CORRUGADO DE DUPLA PAREDE PARA REDE COLETORA DE ESGOTO, DN 1200 MM, JUNTA ELÁSTICA INTEGRADA - FORNECIMENTO E ASSENTAMENTO. AF_01/2021","M","COEFICIENTE DE REPRESENTATIVIDADE",3985.04,"INSUMO",41786,"TUBO CORRUGADO PEAD, PAREDE DUPLA, INTERNA LISA, JEI, DN/DI 1200 MM, PARA SANEAMENTO (DRENAGEM/ESGOTO)","M","COEFICIENTE DE REPRESENTATIVIDADE","1,0500000",3751.12,"3.938,67","","","","","","","","","","",null,"CAIXA REFERENCIAL"]
["ASSENTAMENTO DE TUBOS E PECAS","ASTU","FORNEC E/OU ASSENT DE TUBO DE PVC COM JUNTA ELASTI",48,"","",94881,"TUBO DE PEAD CORRUGADO DE DUPLA PAREDE PARA REDE COLETORA DE ESGOTO, DN 1200 MM, JUNTA ELÁSTICA INTEGRADA - FORNECIMENTO E ASSENTAMENTO. AF_01/2021","M","COEFICIENTE DE REPRESENTATIVIDADE",3985.04,"COMPOSICAO",88246,"ASSENTADOR DE TUBOS COM ENCARGOS COMPLEMENTARES","H","COEFICIENTE DE REPRESENTATIVIDADE","0,3355000",23.3,"7,81","","","","","","","","","","",null,"CAIXA REFERENCIAL"]
["ASSENTAMENTO DE TUBOS E PECAS","ASTU","FORNEC E/OU ASSENT DE TUBO DE PVC COM JUNTA ELASTI",48,"","",94881,"TUBO DE PEAD CORRUGADO DE DUPLA PAREDE PARA REDE COLETORA DE ESGOTO, DN 1200 MM, JUNTA ELÁSTICA INTEGRADA - FORNECIMENTO E ASSENTAMENTO. AF_01/2021","M","COEFICIENTE DE REPRESENTATIVIDADE",3985.04,"COMPOSICAO",88316,"SERVENTE COM ENCARGOS COMPLEMENTARES","H","COLETADO","0,3355000",16.920000000000002,"5,67","","","","","","","","","","",null,"CAIXA REFERENCIAL"]
["ASSENTAMENTO DE TUBOS E PECAS","ASTU","FORNEC E/OU ASSENT DE TUBO DE PVC COM JUNTA ELASTI",48,"","",94882,"ASSENTAMENTO DE TUBO DE PEAD CORRUGADO DE DUPLA PAREDE PARA REDE COLETORA DE ESGOTO, DN 1200 MM, JUNTA ELÁSTICA INTEGRADA (NÃO INCLUI FORNECIMENTO). AF_01/2021","M","COEFICIENTE DE REPRESENTATIVIDADE",46.37,"",null,"","","","",null,"","14,54","31,3717005","16,71","36,0017310","15,12","32,6265685","0,00","0,0000000","0,00","0,0000000",0,"CAIXA REFERENCIAL"]
["ASSENTAMENTO DE TUBOS E PECAS","ASTU","FORNEC E/OU ASSENT DE TUBO DE PVC COM JUNTA ELASTI",48,"","",94882,"ASSENTAMENTO DE TUBO DE PEAD CORRUGADO DE DUPLA PAREDE PARA REDE COLETORA DE ESGOTO, DN 1200 MM, JUNTA ELÁSTICA INTEGRADA (NÃO INCLUI FORNECIMENTO). AF_01/2021","M","COEFICIENTE DE REPRESENTATIVIDADE",46.37,"COMPOSICAO",5631,"ESCAVADEIRA HIDRÁULICA SOBRE ESTEIRAS, CAÇAMBA 0,80 M3, PESO OPERACIONAL 17 T, POTENCIA BRUTA 111 HP - CHP DIURNO. AF_06/2014","CHP","COLETADO","0,1088000",191.27,"20,81","","","","","","","","","","",null,"CAIXA REFERENCIAL"]
["ASSENTAMENTO DE TUBOS E PECAS","ASTU","FORNEC E/OU ASSENT DE TUBO DE PVC COM JUNTA ELASTI",48,"","",94882,"ASSENTAMENTO DE TUBO DE PEAD CORRUGADO DE DUPLA PAREDE PARA REDE COLETORA DE ESGOTO, DN 1200 MM, JUNTA ELÁSTICA INTEGRADA (NÃO INCLUI FORNECIMENTO). AF_01/2021","M","COEFICIENTE DE REPRESENTATIVIDADE",46.37,"COMPOSICAO",5632,"ESCAVADEIRA HIDRÁULICA SOBRE ESTEIRAS, CAÇAMBA 0,80 M3, PESO OPERACIONAL 17 T, POTENCIA BRUTA 111 HP - CHI DIURNO. AF_06/2014","CHI","COLETADO","0,0676000",77.11,"5,21","","","","","","","","","","",null,"CAIXA REFERENCIAL"]
["ASSENTAMENTO DE TUBOS E PECAS","ASTU","FORNEC E/OU ASSENT DE TUBO DE PVC COM JUNTA ELASTI",48,"","",94882,"ASSENTAMENTO DE TUBO DE PEAD CORRUGADO DE DUPLA PAREDE PARA REDE COLETORA DE ESGOTO, DN 1200 MM, JUNTA ELÁSTICA INTEGRADA (NÃO INCLUI FORNECIMENTO). AF_01/2021","M","COEFICIENTE DE REPRESENTATIVIDADE",46.37,"INSUMO",20078,"PASTA LUBRIFICANTE PARA TUBOS E CONEXOES COM JUNTA ELASTICA, EMBALAGEM DE *400* GR (USO EM PVC, ACO, POLIETILENO E OUTROS)","UN","COEFICIENTE DE REPRESENTATIVIDADE","0,2083000",32.99,"6,87","","","","","","","","","","",null,"CAIXA REFERENCIAL"]
["ASSENTAMENTO DE TUBOS E PECAS","ASTU","FORNEC E/OU ASSENT DE TUBO DE PVC COM JUNTA ELASTI",48,"","",94882,"ASSENTAMENTO DE TUBO DE PEAD CORRUGADO DE DUPLA PAREDE PARA REDE COLETORA DE ESGOTO, DN 1200 MM, JUNTA ELÁSTICA INTEGRADA (NÃO INCLUI FORNECIMENTO). AF_01/2021","M","COEFICIENTE DE REPRESENTATIVIDADE",46.37,"COMPOSICAO",88246,"ASSENTADOR DE TUBOS COM ENCARGOS COMPLEMENTARES","H","COEFICIENTE DE REPRESENTATIVIDADE","0,3355000",23.3,"7,81","","","","","","","","","","",null,"CAIXA REFERENCIAL"]
["ASSENTAMENTO DE TUBOS E PECAS","ASTU","FORNEC E/OU ASSENT DE TUBO DE PVC COM JUNTA ELASTI",48,"","",94882,"ASSENTAMENTO DE TUBO DE PEAD CORRUGADO DE DUPLA PAREDE PARA REDE COLETORA DE ESGOTO, DN 1200 MM, JUNTA ELÁSTICA INTEGRADA (NÃO INCLUI FORNECIMENTO). AF_01/2021","M","COEFICIENTE DE REPRESENTATIVIDADE",46.37,"COMPOSICAO",88316,"SERVENTE COM ENCARGOS COMPLEMENTARES","H","COLETADO","0,3355000",16.920000000000002,"5,67","","","","","","","","","","",null,"CAIXA REFERENCIAL"]
["ASSENTAMENTO DE TUBOS E PECAS","ASTU","FORNEC E/OU ASSENT DE TUBO DE PVC COM JUNTA ELASTI",48,"","",94884,"ASSENTAMENTO DE TUBO DE PEAD CORRUGADO DE DUPLA PAREDE PARA REDE COLETORA DE ESGOTO, DN 1500 MM, JUNTA ELÁSTICA INTEGRADA (NÃO INCLUI FORNECIMENTO). AF_01/2021","M","COEFICIENTE DE REPRESENTATIVIDADE",58.94,"",null,"","","","",null,"","19,17","32,5331971","19,82","33,6397684","19,95","33,8270345","0,00","0,0000000","0,00","0,0000000",0,"CAIXA REFERENCIAL"]
["ASSENTAMENTO DE TUBOS E PECAS","ASTU","FORNEC E/OU ASSENT DE TUBO DE PVC COM JUNTA ELASTI",48,"","",94884,"ASSENTAMENTO DE TUBO DE PEAD CORRUGADO DE DUPLA PAREDE PARA REDE COLETORA DE ESGOTO, DN 1500 MM, JUNTA ELÁSTICA INTEGRADA (NÃO INCLUI FORNECIMENTO). AF_01/2021","M","COEFICIENTE DE REPRESENTATIVIDADE",58.94,"COMPOSICAO",5631,"ESCAVADEIRA HIDRÁULICA SOBRE ESTEIRAS, CAÇAMBA 0,80 M3, PESO OPERACIONAL 17 T, POTENCIA BRUTA 111 HP - CHP DIURNO. AF_06/2014","CHP","COLETADO","0,1434000",191.27,"27,42","","","","","","","","","","",null,"CAIXA REFERENCIAL"]
["ASSENTAMENTO DE TUBOS E PECAS","ASTU","FORNEC E/OU ASSENT DE TUBO DE PVC COM JUNTA ELASTI",48,"","",94884,"ASSENTAMENTO DE TUBO DE PEAD CORRUGADO DE DUPLA PAREDE PARA REDE COLETORA DE ESGOTO, DN 1500 MM, JUNTA ELÁSTICA INTEGRADA (NÃO INCLUI FORNECIMENTO). AF_01/2021","M","COEFICIENTE DE REPRESENTATIVIDADE",58.94,"COMPOSICAO",5632,"ESCAVADEIRA HIDRÁULICA SOBRE ESTEIRAS, CAÇAMBA 0,80 M3, PESO OPERACIONAL 17 T, POTENCIA BRUTA 111 HP - CHI DIURNO. AF_06/2014","CHI","COLETADO","0,0891000",77.11,"6,87","","","","","","","","","","",null,"CAIXA REFERENCIAL"]
["ASSENTAMENTO DE TUBOS E PECAS","ASTU","FORNEC E/OU ASSENT DE TUBO DE PVC COM JUNTA ELASTI",48,"","",94884,"ASSENTAMENTO DE TUBO DE PEAD CORRUGADO DE DUPLA PAREDE PARA REDE COLETORA DE ESGOTO, DN 1500 MM, JUNTA ELÁSTICA INTEGRADA (NÃO INCLUI FORNECIMENTO). AF_01/2021","M","COEFICIENTE DE REPRESENTATIVIDADE",58.94,"INSUMO",20078,"PASTA LUBRIFICANTE PARA TUBOS E CONEXOES COM JUNTA ELASTICA, EMBALAGEM DE *400* GR (USO EM PVC, ACO, POLIETILENO E OUTROS)","UN","COEFICIENTE DE REPRESENTATIVIDADE","0,2083000",32.99,"6,87","","","","","","","","","","",null,"CAIXA REFERENCIAL"]
["ASSENTAMENTO DE TUBOS E PECAS","ASTU","FORNEC E/OU ASSENT DE TUBO DE PVC COM JUNTA ELASTI",48,"","",94884,"ASSENTAMENTO DE TUBO DE PEAD CORRUGADO DE DUPLA PAREDE PARA REDE COLETORA DE ESGOTO, DN 1500 MM, JUNTA ELÁSTICA INTEGRADA (NÃO INCLUI FORNECIMENTO). AF_01/2021","M","COEFICIENTE DE REPRESENTATIVIDADE",58.94,"COMPOSICAO",88246,"ASSENTADOR DE TUBOS COM ENCARGOS COMPLEMENTARES","H","COEFICIENTE DE REPRESENTATIVIDADE","0,4424000",23.3,"10,30","","","","","","","","","","",null,"CAIXA REFERENCIAL"]
["ASSENTAMENTO DE TUBOS E PECAS","ASTU","FORNEC E/OU ASSENT DE TUBO DE PVC COM JUNTA ELASTI",48,"","",94884,"ASSENTAMENTO DE TUBO DE PEAD CORRUGADO DE DUPLA PAREDE PARA REDE COLETORA DE ESGOTO, DN 1500 MM, JUNTA ELÁSTICA INTEGRADA (NÃO INCLUI FORNECIMENTO). AF_01/2021","M","COEFICIENTE DE REPRESENTATIVIDADE",58.94,"COMPOSICAO",88316,"SERVENTE COM ENCARGOS COMPLEMENTARES","H","COLETADO","0,4424000",16.920000000000002,"7,48","","","","","","","","","","",null,"CAIXA REFERENCIAL"]
["ASSENTAMENTO DE TUBOS E PECAS","ASTU","FORNEC E/OU ASSENT DE TUBO DE PVC COM JUNTA ELASTI",48,"","",97121,"ASSENTAMENTO DE TUBO DE PVC PBA PARA REDE DE ÁGUA, DN 50 MM, JUNTA ELÁSTICA INTEGRADA, INSTALADO EM LOCAL COM NÍVEL ALTO DE INTERFERÊNCIAS (NÃO INCLUI FORNECIMENTO). AF_11/2017","M","COEFICIENTE DE REPRESENTATIVIDADE",1.85,"",null,"","","","",null,"","1,38","74,4318182","0,47","25,5681818","0,00","0,0000000","0,00","0,0000000","0,00","0,0000000",0,"CAIXA REFERENCIAL"]
["ASSENTAMENTO DE TUBOS E PECAS","ASTU","FORNEC E/OU ASSENT DE TUBO DE PVC COM JUNTA ELASTI",48,"","",97121,"ASSENTAMENTO DE TUBO DE PVC PBA PARA REDE DE ÁGUA, DN 50 MM, JUNTA ELÁSTICA INTEGRADA, INSTALADO EM LOCAL COM NÍVEL ALTO DE INTERFERÊNCIAS (NÃO INCLUI FORNECIMENTO). AF_11/2017","M","COEFICIENTE DE REPRESENTATIVIDADE",1.85,"INSUMO",20078,"PASTA LUBRIFICANTE PARA TUBOS E CONEXOES COM JUNTA ELASTICA, EMBALAGEM DE *400* GR (USO EM PVC, ACO, POLIETILENO E OUTROS)","UN","COEFICIENTE DE REPRESENTATIVIDADE","0,0043000",32.99,"0,14","","","","","","","","","","",null,"CAIXA REFERENCIAL"]
["ASSENTAMENTO DE TUBOS E PECAS","ASTU","FORNEC E/OU ASSENT DE TUBO DE PVC COM JUNTA ELASTI",48,"","",97121,"ASSENTAMENTO DE TUBO DE PVC PBA PARA REDE DE ÁGUA, DN 50 MM, JUNTA ELÁSTICA INTEGRADA, INSTALADO EM LOCAL COM NÍVEL ALTO DE INTERFERÊNCIAS (NÃO INCLUI FORNECIMENTO). AF_11/2017","M","COEFICIENTE DE REPRESENTATIVIDADE",1.85,"COMPOSICAO",88246,"ASSENTADOR DE TUBOS COM ENCARGOS COMPLEMENTARES","H","COEFICIENTE DE REPRESENTATIVIDADE","0,0426000",23.3,"0,99","","","","","","","","","","",null,"CAIXA REFERENCIAL"]
["ASSENTAMENTO DE TUBOS E PECAS","ASTU","FORNEC E/OU ASSENT DE TUBO DE PVC COM JUNTA ELASTI",48,"","",97121,"ASSENTAMENTO DE TUBO DE PVC PBA PARA REDE DE ÁGUA, DN 50 MM, JUNTA ELÁSTICA INTEGRADA, INSTALADO EM LOCAL COM NÍVEL ALTO DE INTERFERÊNCIAS (NÃO INCLUI FORNECIMENTO). AF_11/2017","M","COEFICIENTE DE REPRESENTATIVIDADE",1.85,"COMPOSICAO",88316,"SERVENTE COM ENCARGOS COMPLEMENTARES","H","COLETADO","0,0426000",16.920000000000002,"0,72","","","","","","","","","","",null,"CAIXA REFERENCIAL"]
["ASSENTAMENTO DE TUBOS E PECAS","ASTU","FORNEC E/OU ASSENT DE TUBO DE PVC COM JUNTA ELASTI",48,"","",97122,"ASSENTAMENTO DE TUBO DE PVC PBA PARA REDE DE ÁGUA, DN 75 MM, JUNTA ELÁSTICA INTEGRADA, INSTALADO EM LOCAL COM NÍVEL ALTO DE INTERFERÊNCIAS (NÃO INCLUI FORNECIMENTO). AF_11/2017","M","COEFICIENTE DE REPRESENTATIVIDADE",2.57,"",null,"","","","",null,"","1,87","72,5099602","0,70","27,4900398","0,00","0,0000000","0,00","0,0000000","0,00","0,0000000",0,"CAIXA REFERENCIAL"]
["ASSENTAMENTO DE TUBOS E PECAS","ASTU","FORNEC E/OU ASSENT DE TUBO DE PVC COM JUNTA ELASTI",48,"","",97122,"ASSENTAMENTO DE TUBO DE PVC PBA PARA REDE DE ÁGUA, DN 75 MM, JUNTA ELÁSTICA INTEGRADA, INSTALADO EM LOCAL COM NÍVEL ALTO DE INTERFERÊNCIAS (NÃO INCLUI FORNECIMENTO). AF_11/2017","M","COEFICIENTE DE REPRESENTATIVIDADE",2.57,"INSUMO",20078,"PASTA LUBRIFICANTE PARA TUBOS E CONEXOES COM JUNTA ELASTICA, EMBALAGEM DE *400* GR (USO EM PVC, ACO, POLIETILENO E OUTROS)","UN","COEFICIENTE DE REPRESENTATIVIDADE","0,0075000",32.99,"0,24","","","","","","","","","","",null,"CAIXA REFERENCIAL"]
["ASSENTAMENTO DE TUBOS E PECAS","ASTU","FORNEC E/OU ASSENT DE TUBO DE PVC COM JUNTA ELASTI",48,"","",97122,"ASSENTAMENTO DE TUBO DE PVC PBA PARA REDE DE ÁGUA, DN 75 MM, JUNTA ELÁSTICA INTEGRADA, INSTALADO EM LOCAL COM NÍVEL ALTO DE INTERFERÊNCIAS (NÃO INCLUI FORNECIMENTO). AF_11/2017","M","COEFICIENTE DE REPRESENTATIVIDADE",2.57,"COMPOSICAO",88246,"ASSENTADOR DE TUBOS COM ENCARGOS COMPLEMENTARES","H","COEFICIENTE DE REPRESENTATIVIDADE","0,0582000",23.3,"1,35","","","","","","","","","","",null,"CAIXA REFERENCIAL"]
["ASSENTAMENTO DE TUBOS E PECAS","ASTU","FORNEC E/OU ASSENT DE TUBO DE PVC COM JUNTA ELASTI",48,"","",97122,"ASSENTAMENTO DE TUBO DE PVC PBA PARA REDE DE ÁGUA, DN 75 MM, JUNTA ELÁSTICA INTEGRADA, INSTALADO EM LOCAL COM NÍVEL ALTO DE INTERFERÊNCIAS (NÃO INCLUI FORNECIMENTO). AF_11/2017","M","COEFICIENTE DE REPRESENTATIVIDADE",2.57,"COMPOSICAO",88316,"SERVENTE COM ENCARGOS COMPLEMENTARES","H","COLETADO","0,0582000",16.920000000000002,"0,98","","","","","","","","","","",null,"CAIXA REFERENCIAL"]
["ASSENTAMENTO DE TUBOS E PECAS","ASTU","FORNEC E/OU ASSENT DE TUBO DE PVC COM JUNTA ELASTI",48,"","",97123,"ASSENTAMENTO DE TUBO DE PVC PBA PARA REDE DE ÁGUA, DN 100 MM, JUNTA ELÁSTICA INTEGRADA, INSTALADO EM LOCAL COM NÍVEL ALTO DE INTERFERÊNCIAS (NÃO INCLUI FORNECIMENTO). AF_11/2017","M","COEFICIENTE DE REPRESENTATIVIDADE",3.26,"",null,"","","","",null,"","2,36","72,3270441","0,90","27,6729559","0,00","0,0000000","0,00","0,0000000","0,00","0,0000000",0,"CAIXA REFERENCIAL"]
["ASSENTAMENTO DE TUBOS E PECAS","ASTU","FORNEC E/OU ASSENT DE TUBO DE PVC COM JUNTA ELASTI",48,"","",97123,"ASSENTAMENTO DE TUBO DE PVC PBA PARA REDE DE ÁGUA, DN 100 MM, JUNTA ELÁSTICA INTEGRADA, INSTALADO EM LOCAL COM NÍVEL ALTO DE INTERFERÊNCIAS (NÃO INCLUI FORNECIMENTO). AF_11/2017","M","COEFICIENTE DE REPRESENTATIVIDADE",3.26,"INSUMO",20078,"PASTA LUBRIFICANTE PARA TUBOS E CONEXOES COM JUNTA ELASTICA, EMBALAGEM DE *400* GR (USO EM PVC, ACO, POLIETILENO E OUTROS)","UN","COEFICIENTE DE REPRESENTATIVIDADE","0,0096000",32.99,"0,31","","","","","","","","","","",null,"CAIXA REFERENCIAL"]
["ASSENTAMENTO DE TUBOS E PECAS","ASTU","FORNEC E/OU ASSENT DE TUBO DE PVC COM JUNTA ELASTI",48,"","",97123,"ASSENTAMENTO DE TUBO DE PVC PBA PARA REDE DE ÁGUA, DN 100 MM, JUNTA ELÁSTICA INTEGRADA, INSTALADO EM LOCAL COM NÍVEL ALTO DE INTERFERÊNCIAS (NÃO INCLUI FORNECIMENTO). AF_11/2017","M","COEFICIENTE DE REPRESENTATIVIDADE",3.26,"COMPOSICAO",88246,"ASSENTADOR DE TUBOS COM ENCARGOS COMPLEMENTARES","H","COEFICIENTE DE REPRESENTATIVIDADE","0,0737000",23.3,"1,71","","","","","","","","","","",null,"CAIXA REFERENCIAL"]
["ASSENTAMENTO DE TUBOS E PECAS","ASTU","FORNEC E/OU ASSENT DE TUBO DE PVC COM JUNTA ELASTI",48,"","",97123,"ASSENTAMENTO DE TUBO DE PVC PBA PARA REDE DE ÁGUA, DN 100 MM, JUNTA ELÁSTICA INTEGRADA, INSTALADO EM LOCAL COM NÍVEL ALTO DE INTERFERÊNCIAS (NÃO INCLUI FORNECIMENTO). AF_11/2017","M","COEFICIENTE DE REPRESENTATIVIDADE",3.26,"COMPOSICAO",88316,"SERVENTE COM ENCARGOS COMPLEMENTARES","H","COLETADO","0,0737000",16.920000000000002,"1,24","","","","","","","","","","",null,"CAIXA REFERENCIAL"]
["ASSENTAMENTO DE TUBOS E PECAS","ASTU","FORNEC E/OU ASSENT DE TUBO DE PVC COM JUNTA ELASTI",48,"","",97124,"ASSENTAMENTO DE TUBO DE PVC PBA PARA REDE DE ÁGUA, DN 50 MM, JUNTA ELÁSTICA INTEGRADA, INSTALADO EM LOCAL COM NÍVEL BAIXO DE INTERFERÊNCIAS (NÃO INCLUI FORNECIMENTO). AF_11/2017","M","COEFICIENTE DE REPRESENTATIVIDADE",0.84,"",null,"","","","",null,"","0,59","70,1298702","0,25","29,8701298","0,00","0,0000000","0,00","0,0000000","0,00","0,0000000",0,"CAIXA REFERENCIAL"]
["ASSENTAMENTO DE TUBOS E PECAS","ASTU","FORNEC E/OU ASSENT DE TUBO DE PVC COM JUNTA ELASTI",48,"","",97124,"ASSENTAMENTO DE TUBO DE PVC PBA PARA REDE DE ÁGUA, DN 50 MM, JUNTA ELÁSTICA INTEGRADA, INSTALADO EM LOCAL COM NÍVEL BAIXO DE INTERFERÊNCIAS (NÃO INCLUI FORNECIMENTO). AF_11/2017","M","COEFICIENTE DE REPRESENTATIVIDADE",0.84,"INSUMO",20078,"PASTA LUBRIFICANTE PARA TUBOS E CONEXOES COM JUNTA ELASTICA, EMBALAGEM DE *400* GR (USO EM PVC, ACO, POLIETILENO E OUTROS)","UN","COEFICIENTE DE REPRESENTATIVIDADE","0,0043000",32.99,"0,14","","","","","","","","","","",null,"CAIXA REFERENCIAL"]
["ASSENTAMENTO DE TUBOS E PECAS","ASTU","FORNEC E/OU ASSENT DE TUBO DE PVC COM JUNTA ELASTI",48,"","",97124,"ASSENTAMENTO DE TUBO DE PVC PBA PARA REDE DE ÁGUA, DN 50 MM, JUNTA ELÁSTICA INTEGRADA, INSTALADO EM LOCAL COM NÍVEL BAIXO DE INTERFERÊNCIAS (NÃO INCLUI FORNECIMENTO). AF_11/2017","M","COEFICIENTE DE REPRESENTATIVIDADE",0.84,"COMPOSICAO",88246,"ASSENTADOR DE TUBOS COM ENCARGOS COMPLEMENTARES","H","COEFICIENTE DE REPRESENTATIVIDADE","0,0176000",23.3,"0,41","","","","","","","","","","",null,"CAIXA REFERENCIAL"]
["ASSENTAMENTO DE TUBOS E PECAS","ASTU","FORNEC E/OU ASSENT DE TUBO DE PVC COM JUNTA ELASTI",48,"","",97124,"ASSENTAMENTO DE TUBO DE PVC PBA PARA REDE DE ÁGUA, DN 50 MM, JUNTA ELÁSTICA INTEGRADA, INSTALADO EM LOCAL COM NÍVEL BAIXO DE INTERFERÊNCIAS (NÃO INCLUI FORNECIMENTO). AF_11/2017","M","COEFICIENTE DE REPRESENTATIVIDADE",0.84,"COMPOSICAO",88316,"SERVENTE COM ENCARGOS COMPLEMENTARES","H","COLETADO","0,0176000",16.920000000000002,"0,29","","","","","","","","","","",null,"CAIXA REFERENCIAL"]
["ASSENTAMENTO DE TUBOS E PECAS","ASTU","FORNEC E/OU ASSENT DE TUBO DE PVC COM JUNTA ELASTI",48,"","",97125,"ASSENTAMENTO DE TUBO DE PVC PBA PARA REDE DE ÁGUA, DN 75 MM, JUNTA ELÁSTICA INTEGRADA, INSTALADO EM LOCAL COM NÍVEL BAIXO DE INTERFERÊNCIAS (NÃO INCLUI FORNECIMENTO). AF_11/2017","M","COEFICIENTE DE REPRESENTATIVIDADE",1.2,"",null,"","","","",null,"","0,80","66,0714286","0,40","33,9285714","0,00","0,0000000","0,00","0,0000000","0,00","0,0000000",0,"CAIXA REFERENCIAL"]
["ASSENTAMENTO DE TUBOS E PECAS","ASTU","FORNEC E/OU ASSENT DE TUBO DE PVC COM JUNTA ELASTI",48,"","",97125,"ASSENTAMENTO DE TUBO DE PVC PBA PARA REDE DE ÁGUA, DN 75 MM, JUNTA ELÁSTICA INTEGRADA, INSTALADO EM LOCAL COM NÍVEL BAIXO DE INTERFERÊNCIAS (NÃO INCLUI FORNECIMENTO). AF_11/2017","M","COEFICIENTE DE REPRESENTATIVIDADE",1.2,"INSUMO",20078,"PASTA LUBRIFICANTE PARA TUBOS E CONEXOES COM JUNTA ELASTICA, EMBALAGEM DE *400* GR (USO EM PVC, ACO, POLIETILENO E OUTROS)","UN","COEFICIENTE DE REPRESENTATIVIDADE","0,0075000",32.99,"0,24","","","","","","","","","","",null,"CAIXA REFERENCIAL"]
["ASSENTAMENTO DE TUBOS E PECAS","ASTU","FORNEC E/OU ASSENT DE TUBO DE PVC COM JUNTA ELASTI",48,"","",97125,"ASSENTAMENTO DE TUBO DE PVC PBA PARA REDE DE ÁGUA, DN 75 MM, JUNTA ELÁSTICA INTEGRADA, INSTALADO EM LOCAL COM NÍVEL BAIXO DE INTERFERÊNCIAS (NÃO INCLUI FORNECIMENTO). AF_11/2017","M","COEFICIENTE DE REPRESENTATIVIDADE",1.2,"COMPOSICAO",88246,"ASSENTADOR DE TUBOS COM ENCARGOS COMPLEMENTARES","H","COEFICIENTE DE REPRESENTATIVIDADE","0,0241000",23.3,"0,56","","","","","","","","","","",null,"CAIXA REFERENCIAL"]
["ASSENTAMENTO DE TUBOS E PECAS","ASTU","FORNEC E/OU ASSENT DE TUBO DE PVC COM JUNTA ELASTI",48,"","",97125,"ASSENTAMENTO DE TUBO DE PVC PBA PARA REDE DE ÁGUA, DN 75 MM, JUNTA ELÁSTICA INTEGRADA, INSTALADO EM LOCAL COM NÍVEL BAIXO DE INTERFERÊNCIAS (NÃO INCLUI FORNECIMENTO). AF_11/2017","M","COEFICIENTE DE REPRESENTATIVIDADE",1.2,"COMPOSICAO",88316,"SERVENTE COM ENCARGOS COMPLEMENTARES","H","COLETADO","0,0241000",16.920000000000002,"0,40","","","","","","","","","","",null,"CAIXA REFERENCIAL"]
["ASSENTAMENTO DE TUBOS E PECAS","ASTU","FORNEC E/OU ASSENT DE TUBO DE PVC COM JUNTA ELASTI",48,"","",97126,"ASSENTAMENTO DE TUBO DE PVC PBA PARA REDE DE ÁGUA, DN 100 MM, JUNTA ELÁSTICA INTEGRADA, INSTALADO EM LOCAL COM NÍVEL BAIXO DE INTERFERÊNCIAS (NÃO INCLUI FORNECIMENTO). AF_11/2017","M","COEFICIENTE DE REPRESENTATIVIDADE",1.53,"",null,"","","","",null,"","0,98","63,9455783","0,55","36,0544217","0,00","0,0000000","0,00","0,0000000","0,00","0,0000000",0,"CAIXA REFERENCIAL"]
["ASSENTAMENTO DE TUBOS E PECAS","ASTU","FORNEC E/OU ASSENT DE TUBO DE PVC COM JUNTA ELASTI",48,"","",97126,"ASSENTAMENTO DE TUBO DE PVC PBA PARA REDE DE ÁGUA, DN 100 MM, JUNTA ELÁSTICA INTEGRADA, INSTALADO EM LOCAL COM NÍVEL BAIXO DE INTERFERÊNCIAS (NÃO INCLUI FORNECIMENTO). AF_11/2017","M","COEFICIENTE DE REPRESENTATIVIDADE",1.53,"INSUMO",20078,"PASTA LUBRIFICANTE PARA TUBOS E CONEXOES COM JUNTA ELASTICA, EMBALAGEM DE *400* GR (USO EM PVC, ACO, POLIETILENO E OUTROS)","UN","COEFICIENTE DE REPRESENTATIVIDADE","0,0096000",32.99,"0,31","","","","","","","","","","",null,"CAIXA REFERENCIAL"]
["ASSENTAMENTO DE TUBOS E PECAS","ASTU","FORNEC E/OU ASSENT DE TUBO DE PVC COM JUNTA ELASTI",48,"","",97126,"ASSENTAMENTO DE TUBO DE PVC PBA PARA REDE DE ÁGUA, DN 100 MM, JUNTA ELÁSTICA INTEGRADA, INSTALADO EM LOCAL COM NÍVEL BAIXO DE INTERFERÊNCIAS (NÃO INCLUI FORNECIMENTO). AF_11/2017","M","COEFICIENTE DE REPRESENTATIVIDADE",1.53,"COMPOSICAO",88246,"ASSENTADOR DE TUBOS COM ENCARGOS COMPLEMENTARES","H","COEFICIENTE DE REPRESENTATIVIDADE","0,0305000",23.3,"0,71","","","","","","","","","","",null,"CAIXA REFERENCIAL"]
["ASSENTAMENTO DE TUBOS E PECAS","ASTU","FORNEC E/OU ASSENT DE TUBO DE PVC COM JUNTA ELASTI",48,"","",97126,"ASSENTAMENTO DE TUBO DE PVC PBA PARA REDE DE ÁGUA, DN 100 MM, JUNTA ELÁSTICA INTEGRADA, INSTALADO EM LOCAL COM NÍVEL BAIXO DE INTERFERÊNCIAS (NÃO INCLUI FORNECIMENTO). AF_11/2017","M","COEFICIENTE DE REPRESENTATIVIDADE",1.53,"COMPOSICAO",88316,"SERVENTE COM ENCARGOS COMPLEMENTARES","H","COLETADO","0,0305000",16.920000000000002,"0,51","","","","","","","","","","",null,"CAIXA REFERENCIAL"]
["ASSENTAMENTO DE TUBOS E PECAS","ASTU","FORNEC E/OU ASSENT DE TUBO DE PVC COM JUNTA ELASTI",48,"","",102264,"TUBO DE PVC BRANCO PARA REDE COLETORA DE ESGOTO CONDOMINIAL DE PAREDE MACIÇA, DN 100 MM, JUNTA ELÁSTICA - FORNECIMENTO E ASSENTAMENTO. AF_01/2021","M","COEFICIENTE DE REPRESENTATIVIDADE",24.32,"",null,"","","","",null,"","2,35","9,6867271","21,97","90,3132729","0,00","0,0000000","0,00","0,0000000","0,00","0,0000000",0,"CAIXA REFERENCIAL"]
["ASSENTAMENTO DE TUBOS E PECAS","ASTU","FORNEC E/OU ASSENT DE TUBO DE PVC COM JUNTA ELASTI",48,"","",102264,"TUBO DE PVC BRANCO PARA REDE COLETORA DE ESGOTO CONDOMINIAL DE PAREDE MACIÇA, DN 100 MM, JUNTA ELÁSTICA - FORNECIMENTO E ASSENTAMENTO. AF_01/2021","M","COEFICIENTE DE REPRESENTATIVIDADE",24.32,"INSUMO",303,"ANEL BORRACHA, PARA TUBO PVC, REDE COLETOR ESGOTO, DN 100 MM (NBR 7362)","UN","COEFICIENTE DE REPRESENTATIVIDADE","0,1667000",3.87,"0,64","","","","","","","","","","",null,"CAIXA REFERENCIAL"]
["ASSENTAMENTO DE TUBOS E PECAS","ASTU","FORNEC E/OU ASSENT DE TUBO DE PVC COM JUNTA ELASTI",48,"","",102264,"TUBO DE PVC BRANCO PARA REDE COLETORA DE ESGOTO CONDOMINIAL DE PAREDE MACIÇA, DN 100 MM, JUNTA ELÁSTICA - FORNECIMENTO E ASSENTAMENTO. AF_01/2021","M","COEFICIENTE DE REPRESENTATIVIDADE",24.32,"INSUMO",9836,"TUBO PVC  SERIE NORMAL, DN 100 MM, PARA ESGOTO  PREDIAL (NBR 5688)","M","COLETADO","1,0500000",19.36,"20,32","","","","","","","","","","",null,"CAIXA REFERENCIAL"]
["ASSENTAMENTO DE TUBOS E PECAS","ASTU","FORNEC E/OU ASSENT DE TUBO DE PVC COM JUNTA ELASTI",48,"","",102264,"TUBO DE PVC BRANCO PARA REDE COLETORA DE ESGOTO CONDOMINIAL DE PAREDE MACIÇA, DN 100 MM, JUNTA ELÁSTICA - FORNECIMENTO E ASSENTAMENTO. AF_01/2021","M","COEFICIENTE DE REPRESENTATIVIDADE",24.32,"INSUMO",20078,"PASTA LUBRIFICANTE PARA TUBOS E CONEXOES COM JUNTA ELASTICA, EMBALAGEM DE *400* GR (USO EM PVC, ACO, POLIETILENO E OUTROS)","UN","COEFICIENTE DE REPRESENTATIVIDADE","0,0104200",32.99,"0,34","","","","","","","","","","",null,"CAIXA REFERENCIAL"]
["ASSENTAMENTO DE TUBOS E PECAS","ASTU","FORNEC E/OU ASSENT DE TUBO DE PVC COM JUNTA ELASTI",48,"","",102264,"TUBO DE PVC BRANCO PARA REDE COLETORA DE ESGOTO CONDOMINIAL DE PAREDE MACIÇA, DN 100 MM, JUNTA ELÁSTICA - FORNECIMENTO E ASSENTAMENTO. AF_01/2021","M","COEFICIENTE DE REPRESENTATIVIDADE",24.32,"COMPOSICAO",88246,"ASSENTADOR DE TUBOS COM ENCARGOS COMPLEMENTARES","H","COEFICIENTE DE REPRESENTATIVIDADE","0,0752800",23.3,"1,75","","","","","","","","","","",null,"CAIXA REFERENCIAL"]
["ASSENTAMENTO DE TUBOS E PECAS","ASTU","FORNEC E/OU ASSENT DE TUBO DE PVC COM JUNTA ELASTI",48,"","",102264,"TUBO DE PVC BRANCO PARA REDE COLETORA DE ESGOTO CONDOMINIAL DE PAREDE MACIÇA, DN 100 MM, JUNTA ELÁSTICA - FORNECIMENTO E ASSENTAMENTO. AF_01/2021","M","COEFICIENTE DE REPRESENTATIVIDADE",24.32,"COMPOSICAO",88316,"SERVENTE COM ENCARGOS COMPLEMENTARES","H","COLETADO","0,0752800",16.920000000000002,"1,27","","","","","","","","","","",null,"CAIXA REFERENCIAL"]
["ASSENTAMENTO DE TUBOS E PECAS","ASTU","FORNEC E/OU ASSENT DE TUBO DE PVC COM JUNTA ELASTI",48,"","",102265,"JUNTA ARGAMASSADA ENTRE TUBO DN 800 MM E O POÇO DE VISITA/ CAIXA DE CONCRETO OU ALVENARIA EM REDES DE ESGOTO. AF_01/2021","UN","COEFICIENTE DE REPRESENTATIVIDADE",90.64,"",null,"","","","",null,"","67,38","74,3371631","23,26","25,6628369","0,00","0,0000000","0,00","0,0000000","0,00","0,0000000",0,"CAIXA REFERENCIAL"]
["ASSENTAMENTO DE TUBOS E PECAS","ASTU","FORNEC E/OU ASSENT DE TUBO DE PVC COM JUNTA ELASTI",48,"","",102265,"JUNTA ARGAMASSADA ENTRE TUBO DN 800 MM E O POÇO DE VISITA/ CAIXA DE CONCRETO OU ALVENARIA EM REDES DE ESGOTO. AF_01/2021","UN","COEFICIENTE DE REPRESENTATIVIDADE",90.64,"COMPOSICAO",88246,"ASSENTADOR DE TUBOS COM ENCARGOS COMPLEMENTARES","H","COEFICIENTE DE REPRESENTATIVIDADE","2,0920000",23.3,"48,74","","","","","","","","","","",null,"CAIXA REFERENCIAL"]
["ASSENTAMENTO DE TUBOS E PECAS","ASTU","FORNEC E/OU ASSENT DE TUBO DE PVC COM JUNTA ELASTI",48,"","",102265,"JUNTA ARGAMASSADA ENTRE TUBO DN 800 MM E O POÇO DE VISITA/ CAIXA DE CONCRETO OU ALVENARIA EM REDES DE ESGOTO. AF_01/2021","UN","COEFICIENTE DE REPRESENTATIVIDADE",90.64,"COMPOSICAO",88316,"SERVENTE COM ENCARGOS COMPLEMENTARES","H","COLETADO","2,0920000",16.920000000000002,"35,39","","","","","","","","","","",null,"CAIXA REFERENCIAL"]
["ASSENTAMENTO DE TUBOS E PECAS","ASTU","FORNEC E/OU ASSENT DE TUBO DE PVC COM JUNTA ELASTI",48,"","",102265,"JUNTA ARGAMASSADA ENTRE TUBO DN 800 MM E O POÇO DE VISITA/ CAIXA DE CONCRETO OU ALVENARIA EM REDES DE ESGOTO. AF_01/2021","UN","COEFICIENTE DE REPRESENTATIVIDADE",90.64,"COMPOSICAO",88629,"ARGAMASSA TRAÇO 1:3 (EM VOLUME DE CIMENTO E AREIA MÉDIA ÚMIDA), PREPARO MANUAL. AF_08/2019","M3","COEFICIENTE DE REPRESENTATIVIDADE","0,0117000",556.9,"6,51","","","","","","","","","","",null,"CAIXA REFERENCIAL"]
["ASSENTAMENTO DE TUBOS E PECAS","ASTU","FORNEC E/OU ASSENT DE TUBO DE PVC COM JUNTA ELASTI",48,"","",102266,"JUNTA ARGAMASSADA ENTRE TUBO DN 900 MM E O POÇO DE VISITA/ CAIXA DE CONCRETO OU ALVENARIA EM REDES DE ESGOTO. AF_01/2021","UN","COEFICIENTE DE REPRESENTATIVIDADE",100.52,"",null,"","","","",null,"","74,70","74,3076311","25,82","25,6923689","0,00","0,0000000","0,00","0,0000000","0,00","0,0000000",0,"CAIXA REFERENCIAL"]
["ASSENTAMENTO DE TUBOS E PECAS","ASTU","FORNEC E/OU ASSENT DE TUBO DE PVC COM JUNTA ELASTI",48,"","",102266,"JUNTA ARGAMASSADA ENTRE TUBO DN 900 MM E O POÇO DE VISITA/ CAIXA DE CONCRETO OU ALVENARIA EM REDES DE ESGOTO. AF_01/2021","UN","COEFICIENTE DE REPRESENTATIVIDADE",100.52,"COMPOSICAO",88246,"ASSENTADOR DE TUBOS COM ENCARGOS COMPLEMENTARES","H","COEFICIENTE DE REPRESENTATIVIDADE","2,3182000",23.3,"54,01","","","","","","","","","","",null,"CAIXA REFERENCIAL"]
["ASSENTAMENTO DE TUBOS E PECAS","ASTU","FORNEC E/OU ASSENT DE TUBO DE PVC COM JUNTA ELASTI",48,"","",102266,"JUNTA ARGAMASSADA ENTRE TUBO DN 900 MM E O POÇO DE VISITA/ CAIXA DE CONCRETO OU ALVENARIA EM REDES DE ESGOTO. AF_01/2021","UN","COEFICIENTE DE REPRESENTATIVIDADE",100.52,"COMPOSICAO",88316,"SERVENTE COM ENCARGOS COMPLEMENTARES","H","COLETADO","2,3182000",16.920000000000002,"39,22","","","","","","","","","","",null,"CAIXA REFERENCIAL"]
["ASSENTAMENTO DE TUBOS E PECAS","ASTU","FORNEC E/OU ASSENT DE TUBO DE PVC COM JUNTA ELASTI",48,"","",102266,"JUNTA ARGAMASSADA ENTRE TUBO DN 900 MM E O POÇO DE VISITA/ CAIXA DE CONCRETO OU ALVENARIA EM REDES DE ESGOTO. AF_01/2021","UN","COEFICIENTE DE REPRESENTATIVIDADE",100.52,"COMPOSICAO",88629,"ARGAMASSA TRAÇO 1:3 (EM VOLUME DE CIMENTO E AREIA MÉDIA ÚMIDA), PREPARO MANUAL. AF_08/2019","M3","COEFICIENTE DE REPRESENTATIVIDADE","0,0131000",556.9,"7,29","","","","","","","","","","",null,"CAIXA REFERENCIAL"]
["ASSENTAMENTO DE TUBOS E PECAS","ASTU","FORNEC E/OU ASSENT DE TUBO DE PVC COM JUNTA ELASTI",48,"","",102267,"JUNTA ARGAMASSADA ENTRE TUBO DN 1000 MM E O POÇO DE VISITA/ CAIXA DE CONCRETO OU ALVENARIA EM REDES DE ESGOTO. AF_01/2021","UN","COEFICIENTE DE REPRESENTATIVIDADE",115.39,"",null,"","","","",null,"","85,64","74,2106177","29,75","25,7893823","0,00","0,0000000","0,00","0,0000000","0,00","0,0000000",0,"CAIXA REFERENCIAL"]
["ASSENTAMENTO DE TUBOS E PECAS","ASTU","FORNEC E/OU ASSENT DE TUBO DE PVC COM JUNTA ELASTI",48,"","",102267,"JUNTA ARGAMASSADA ENTRE TUBO DN 1000 MM E O POÇO DE VISITA/ CAIXA DE CONCRETO OU ALVENARIA EM REDES DE ESGOTO. AF_01/2021","UN","COEFICIENTE DE REPRESENTATIVIDADE",115.39,"COMPOSICAO",88246,"ASSENTADOR DE TUBOS COM ENCARGOS COMPLEMENTARES","H","COEFICIENTE DE REPRESENTATIVIDADE","2,6575000",23.3,"61,91","","","","","","","","","","",null,"CAIXA REFERENCIAL"]
["ASSENTAMENTO DE TUBOS E PECAS","ASTU","FORNEC E/OU ASSENT DE TUBO DE PVC COM JUNTA ELASTI",48,"","",102267,"JUNTA ARGAMASSADA ENTRE TUBO DN 1000 MM E O POÇO DE VISITA/ CAIXA DE CONCRETO OU ALVENARIA EM REDES DE ESGOTO. AF_01/2021","UN","COEFICIENTE DE REPRESENTATIVIDADE",115.39,"COMPOSICAO",88316,"SERVENTE COM ENCARGOS COMPLEMENTARES","H","COLETADO","2,6575000",16.920000000000002,"44,96","","","","","","","","","","",null,"CAIXA REFERENCIAL"]
["ASSENTAMENTO DE TUBOS E PECAS","ASTU","FORNEC E/OU ASSENT DE TUBO DE PVC COM JUNTA ELASTI",48,"","",102267,"JUNTA ARGAMASSADA ENTRE TUBO DN 1000 MM E O POÇO DE VISITA/ CAIXA DE CONCRETO OU ALVENARIA EM REDES DE ESGOTO. AF_01/2021","UN","COEFICIENTE DE REPRESENTATIVIDADE",115.39,"COMPOSICAO",88629,"ARGAMASSA TRAÇO 1:3 (EM VOLUME DE CIMENTO E AREIA MÉDIA ÚMIDA), PREPARO MANUAL. AF_08/2019","M3","COEFICIENTE DE REPRESENTATIVIDADE","0,0153000",556.9,"8,52","","","","","","","","","","",null,"CAIXA REFERENCIAL"]
["ASSENTAMENTO DE TUBOS E PECAS","ASTU","FORNEC E/OU ASSENT DE TUBO DE PVC COM JUNTA ELASTI",48,"","",102268,"JUNTA ARGAMASSADA ENTRE TUBO DN 1200 MM E O POÇO DE VISITA/ CAIXA DE CONCRETO OU ALVENARIA EM REDES DE ESGOTO. AF_01/2021","UN","COEFICIENTE DE REPRESENTATIVIDADE",130.21,"",null,"","","","",null,"","96,59","74,1791619","33,62","25,8208381","0,00","0,0000000","0,00","0,0000000","0,00","0,0000000",0,"CAIXA REFERENCIAL"]
["ASSENTAMENTO DE TUBOS E PECAS","ASTU","FORNEC E/OU ASSENT DE TUBO DE PVC COM JUNTA ELASTI",48,"","",102268,"JUNTA ARGAMASSADA ENTRE TUBO DN 1200 MM E O POÇO DE VISITA/ CAIXA DE CONCRETO OU ALVENARIA EM REDES DE ESGOTO. AF_01/2021","UN","COEFICIENTE DE REPRESENTATIVIDADE",130.21,"COMPOSICAO",88246,"ASSENTADOR DE TUBOS COM ENCARGOS COMPLEMENTARES","H","COEFICIENTE DE REPRESENTATIVIDADE","2,9968000",23.3,"69,82","","","","","","","","","","",null,"CAIXA REFERENCIAL"]
["ASSENTAMENTO DE TUBOS E PECAS","ASTU","FORNEC E/OU ASSENT DE TUBO DE PVC COM JUNTA ELASTI",48,"","",102268,"JUNTA ARGAMASSADA ENTRE TUBO DN 1200 MM E O POÇO DE VISITA/ CAIXA DE CONCRETO OU ALVENARIA EM REDES DE ESGOTO. AF_01/2021","UN","COEFICIENTE DE REPRESENTATIVIDADE",130.21,"COMPOSICAO",88316,"SERVENTE COM ENCARGOS COMPLEMENTARES","H","COLETADO","2,9968000",16.920000000000002,"50,70","","","","","","","","","","",null,"CAIXA REFERENCIAL"]
["ASSENTAMENTO DE TUBOS E PECAS","ASTU","FORNEC E/OU ASSENT DE TUBO DE PVC COM JUNTA ELASTI",48,"","",102268,"JUNTA ARGAMASSADA ENTRE TUBO DN 1200 MM E O POÇO DE VISITA/ CAIXA DE CONCRETO OU ALVENARIA EM REDES DE ESGOTO. AF_01/2021","UN","COEFICIENTE DE REPRESENTATIVIDADE",130.21,"COMPOSICAO",88629,"ARGAMASSA TRAÇO 1:3 (EM VOLUME DE CIMENTO E AREIA MÉDIA ÚMIDA), PREPARO MANUAL. AF_08/2019","M3","COEFICIENTE DE REPRESENTATIVIDADE","0,0174000",556.9,"9,69","","","","","","","","","","",null,"CAIXA REFERENCIAL"]
["ASSENTAMENTO DE TUBOS E PECAS","ASTU","FORNEC E/OU ASSENT DE TUBO DE PVC COM JUNTA ELASTI",48,"","",102269,"JUNTA ARGAMASSADA ENTRE TUBO DN 1500 MM E O POÇO DE VISITA/ CAIXA DE CONCRETO OU ALVENARIA EM REDES DE ESGOTO. AF_01/2021","UN","COEFICIENTE DE REPRESENTATIVIDADE",159.83000000000001,"",null,"","","","",null,"","118,44","74,1000439","41,39","25,8999561","0,00","0,0000000","0,00","0,0000000","0,00","0,0000000",0,"CAIXA REFERENCIAL"]
["ASSENTAMENTO DE TUBOS E PECAS","ASTU","FORNEC E/OU ASSENT DE TUBO DE PVC COM JUNTA ELASTI",48,"","",102269,"JUNTA ARGAMASSADA ENTRE TUBO DN 1500 MM E O POÇO DE VISITA/ CAIXA DE CONCRETO OU ALVENARIA EM REDES DE ESGOTO. AF_01/2021","UN","COEFICIENTE DE REPRESENTATIVIDADE",159.83000000000001,"COMPOSICAO",88246,"ASSENTADOR DE TUBOS COM ENCARGOS COMPLEMENTARES","H","COEFICIENTE DE REPRESENTATIVIDADE","3,6754000",23.3,"85,63","","","","","","","","","","",null,"CAIXA REFERENCIAL"]
["ASSENTAMENTO DE TUBOS E PECAS","ASTU","FORNEC E/OU ASSENT DE TUBO DE PVC COM JUNTA ELASTI",48,"","",102269,"JUNTA ARGAMASSADA ENTRE TUBO DN 1500 MM E O POÇO DE VISITA/ CAIXA DE CONCRETO OU ALVENARIA EM REDES DE ESGOTO. AF_01/2021","UN","COEFICIENTE DE REPRESENTATIVIDADE",159.83000000000001,"COMPOSICAO",88316,"SERVENTE COM ENCARGOS COMPLEMENTARES","H","COLETADO","3,6754000",16.920000000000002,"62,18","","","","","","","","","","",null,"CAIXA REFERENCIAL"]
["ASSENTAMENTO DE TUBOS E PECAS","ASTU","FORNEC E/OU ASSENT DE TUBO DE PVC COM JUNTA ELASTI",48,"","",102269,"JUNTA ARGAMASSADA ENTRE TUBO DN 1500 MM E O POÇO DE VISITA/ CAIXA DE CONCRETO OU ALVENARIA EM REDES DE ESGOTO. AF_01/2021","UN","COEFICIENTE DE REPRESENTATIVIDADE",159.83000000000001,"COMPOSICAO",88629,"ARGAMASSA TRAÇO 1:3 (EM VOLUME DE CIMENTO E AREIA MÉDIA ÚMIDA), PREPARO MANUAL. AF_08/2019","M3","COEFICIENTE DE REPRESENTATIVIDADE","0,0216000",556.9,"12,02","","","","","","","","","","",null,"CAIXA REFERENCIAL"]
["ASSENTAMENTO DE TUBOS E PECAS","ASTU","FORNEC E/OU ASSENT DE TUBO DE CONCRETO COM JUNTA E",51,"","",92833,"TUBO DE CONCRETO PARA REDES COLETORAS DE ESGOTO SANITÁRIO, DIÂMETRO DE 300 MM, JUNTA ELÁSTICA, INSTALADO EM LOCAL COM BAIXO NÍVEL DE INTERFERÊNCIAS - FORNECIMENTO E ASSENTAMENTO. AF_12/2015","M","COEFICIENTE DE REPRESENTATIVIDADE",176.94,"",null,"","","","",null,"","3,38","1,9120891","170,77","96,5095888","2,79","1,5783221","0,00","0,0000000","0,00","0,0000000",0,"CAIXA REFERENCIAL"]
["ASSENTAMENTO DE TUBOS E PECAS","ASTU","FORNEC E/OU ASSENT DE TUBO DE CONCRETO COM JUNTA E",51,"","",92833,"TUBO DE CONCRETO PARA REDES COLETORAS DE ESGOTO SANITÁRIO, DIÂMETRO DE 300 MM, JUNTA ELÁSTICA, INSTALADO EM LOCAL COM BAIXO NÍVEL DE INTERFERÊNCIAS - FORNECIMENTO E ASSENTAMENTO. AF_12/2015","M","COEFICIENTE DE REPRESENTATIVIDADE",176.94,"COMPOSICAO",5631,"ESCAVADEIRA HIDRÁULICA SOBRE ESTEIRAS, CAÇAMBA 0,80 M3, PESO OPERACIONAL 17 T, POTENCIA BRUTA 111 HP - CHP DIURNO. AF_06/2014","CHP","COLETADO","0,0130000",191.27,"2,48","","","","","","","","","","",null,"CAIXA REFERENCIAL"]
["ASSENTAMENTO DE TUBOS E PECAS","ASTU","FORNEC E/OU ASSENT DE TUBO DE CONCRETO COM JUNTA E",51,"","",92833,"TUBO DE CONCRETO PARA REDES COLETORAS DE ESGOTO SANITÁRIO, DIÂMETRO DE 300 MM, JUNTA ELÁSTICA, INSTALADO EM LOCAL COM BAIXO NÍVEL DE INTERFERÊNCIAS - FORNECIMENTO E ASSENTAMENTO. AF_12/2015","M","COEFICIENTE DE REPRESENTATIVIDADE",176.94,"COMPOSICAO",5632,"ESCAVADEIRA HIDRÁULICA SOBRE ESTEIRAS, CAÇAMBA 0,80 M3, PESO OPERACIONAL 17 T, POTENCIA BRUTA 111 HP - CHI DIURNO. AF_06/2014","CHI","COLETADO","0,0280000",77.11,"2,15","","","","","","","","","","",null,"CAIXA REFERENCIAL"]
["ASSENTAMENTO DE TUBOS E PECAS","ASTU","FORNEC E/OU ASSENT DE TUBO DE CONCRETO COM JUNTA E",51,"","",92833,"TUBO DE CONCRETO PARA REDES COLETORAS DE ESGOTO SANITÁRIO, DIÂMETRO DE 300 MM, JUNTA ELÁSTICA, INSTALADO EM LOCAL COM BAIXO NÍVEL DE INTERFERÊNCIAS - FORNECIMENTO E ASSENTAMENTO. AF_12/2015","M","COEFICIENTE DE REPRESENTATIVIDADE",176.94,"INSUMO",40335,"TUBO DE CONCRETO ARMADO PARA ESGOTO SANITARIO, CLASSE EA-2, COM ENCAIXE PONTA E BOLSA, COM JUNTA ELASTICA, DIAMETRO NOMINAL DE 300 MM","M","COEFICIENTE DE REPRESENTATIVIDADE","1,0300000",151.57,"156,11","","","","","","","","","","",null,"CAIXA REFERENCIAL"]
["ASSENTAMENTO DE TUBOS E PECAS","ASTU","FORNEC E/OU ASSENT DE TUBO DE CONCRETO COM JUNTA E",51,"","",92833,"TUBO DE CONCRETO PARA REDES COLETORAS DE ESGOTO SANITÁRIO, DIÂMETRO DE 300 MM, JUNTA ELÁSTICA, INSTALADO EM LOCAL COM BAIXO NÍVEL DE INTERFERÊNCIAS - FORNECIMENTO E ASSENTAMENTO. AF_12/2015","M","COEFICIENTE DE REPRESENTATIVIDADE",176.94,"INSUMO",40340,"ANEL DE VEDACAO/JUNTA ELASTICA, H = *16* MM, PARA TUBO DE CONCRETO, DN 300 MM","UN","COEFICIENTE DE REPRESENTATIVIDADE","0,5000000",25.75,"12,87","","","","","","","","","","",null,"CAIXA REFERENCIAL"]
["ASSENTAMENTO DE TUBOS E PECAS","ASTU","FORNEC E/OU ASSENT DE TUBO DE CONCRETO COM JUNTA E",51,"","",92833,"TUBO DE CONCRETO PARA REDES COLETORAS DE ESGOTO SANITÁRIO, DIÂMETRO DE 300 MM, JUNTA ELÁSTICA, INSTALADO EM LOCAL COM BAIXO NÍVEL DE INTERFERÊNCIAS - FORNECIMENTO E ASSENTAMENTO. AF_12/2015","M","COEFICIENTE DE REPRESENTATIVIDADE",176.94,"COMPOSICAO",88277,"MONTADOR (TUBO AÇO/EQUIPAMENTOS) COM ENCARGOS COMPLEMENTARES","H","COEFICIENTE DE REPRESENTATIVIDADE","0,0610000",20.56,"1,25","","","","","","","","","","",null,"CAIXA REFERENCIAL"]
["ASSENTAMENTO DE TUBOS E PECAS","ASTU","FORNEC E/OU ASSENT DE TUBO DE CONCRETO COM JUNTA E",51,"","",92833,"TUBO DE CONCRETO PARA REDES COLETORAS DE ESGOTO SANITÁRIO, DIÂMETRO DE 300 MM, JUNTA ELÁSTICA, INSTALADO EM LOCAL COM BAIXO NÍVEL DE INTERFERÊNCIAS - FORNECIMENTO E ASSENTAMENTO. AF_12/2015","M","COEFICIENTE DE REPRESENTATIVIDADE",176.94,"COMPOSICAO",88316,"SERVENTE COM ENCARGOS COMPLEMENTARES","H","COLETADO","0,1230000",16.920000000000002,"2,08","","","","","","","","","","",null,"CAIXA REFERENCIAL"]
["ASSENTAMENTO DE TUBOS E PECAS","ASTU","FORNEC E/OU ASSENT DE TUBO DE CONCRETO COM JUNTA E",51,"","",92834,"ASSENTAMENTO DE TUBO DE CONCRETO PARA REDES COLETORAS DE ESGOTO SANITÁRIO, DIÂMETRO DE 300 MM, JUNTA ELÁSTICA, INSTALADO EM LOCAL COM BAIXO NÍVEL DE INTERFERÊNCIAS (NÃO INCLUI FORNECIMENTO). AF_12/2015","M","COEFICIENTE DE REPRESENTATIVIDADE",8.1300000000000008,"",null,"","","","",null,"","3,64","44,5979901","1,65","20,3517587","2,84","35,0502512","0,00","0,0000000","0,00","0,0000000",0,"CAIXA REFERENCIAL"]
["ASSENTAMENTO DE TUBOS E PECAS","ASTU","FORNEC E/OU ASSENT DE TUBO DE CONCRETO COM JUNTA E",51,"","",92834,"ASSENTAMENTO DE TUBO DE CONCRETO PARA REDES COLETORAS DE ESGOTO SANITÁRIO, DIÂMETRO DE 300 MM, JUNTA ELÁSTICA, INSTALADO EM LOCAL COM BAIXO NÍVEL DE INTERFERÊNCIAS (NÃO INCLUI FORNECIMENTO). AF_12/2015","M","COEFICIENTE DE REPRESENTATIVIDADE",8.1300000000000008,"COMPOSICAO",5631,"ESCAVADEIRA HIDRÁULICA SOBRE ESTEIRAS, CAÇAMBA 0,80 M3, PESO OPERACIONAL 17 T, POTENCIA BRUTA 111 HP - CHP DIURNO. AF_06/2014","CHP","COLETADO","0,0130000",191.27,"2,48","","","","","","","","","","",null,"CAIXA REFERENCIAL"]
["ASSENTAMENTO DE TUBOS E PECAS","ASTU","FORNEC E/OU ASSENT DE TUBO DE CONCRETO COM JUNTA E",51,"","",92834,"ASSENTAMENTO DE TUBO DE CONCRETO PARA REDES COLETORAS DE ESGOTO SANITÁRIO, DIÂMETRO DE 300 MM, JUNTA ELÁSTICA, INSTALADO EM LOCAL COM BAIXO NÍVEL DE INTERFERÊNCIAS (NÃO INCLUI FORNECIMENTO). AF_12/2015","M","COEFICIENTE DE REPRESENTATIVIDADE",8.1300000000000008,"COMPOSICAO",5632,"ESCAVADEIRA HIDRÁULICA SOBRE ESTEIRAS, CAÇAMBA 0,80 M3, PESO OPERACIONAL 17 T, POTENCIA BRUTA 111 HP - CHI DIURNO. AF_06/2014","CHI","COLETADO","0,0280000",77.11,"2,15","","","","","","","","","","",null,"CAIXA REFERENCIAL"]
["ASSENTAMENTO DE TUBOS E PECAS","ASTU","FORNEC E/OU ASSENT DE TUBO DE CONCRETO COM JUNTA E",51,"","",92834,"ASSENTAMENTO DE TUBO DE CONCRETO PARA REDES COLETORAS DE ESGOTO SANITÁRIO, DIÂMETRO DE 300 MM, JUNTA ELÁSTICA, INSTALADO EM LOCAL COM BAIXO NÍVEL DE INTERFERÊNCIAS (NÃO INCLUI FORNECIMENTO). AF_12/2015","M","COEFICIENTE DE REPRESENTATIVIDADE",8.1300000000000008,"COMPOSICAO",88246,"ASSENTADOR DE TUBOS COM ENCARGOS COMPLEMENTARES","H","COEFICIENTE DE REPRESENTATIVIDADE","0,0610000",23.3,"1,42","","","","","","","","","","",null,"CAIXA REFERENCIAL"]
["ASSENTAMENTO DE TUBOS E PECAS","ASTU","FORNEC E/OU ASSENT DE TUBO DE CONCRETO COM JUNTA E",51,"","",92834,"ASSENTAMENTO DE TUBO DE CONCRETO PARA REDES COLETORAS DE ESGOTO SANITÁRIO, DIÂMETRO DE 300 MM, JUNTA ELÁSTICA, INSTALADO EM LOCAL COM BAIXO NÍVEL DE INTERFERÊNCIAS (NÃO INCLUI FORNECIMENTO). AF_12/2015","M","COEFICIENTE DE REPRESENTATIVIDADE",8.1300000000000008,"COMPOSICAO",88316,"SERVENTE COM ENCARGOS COMPLEMENTARES","H","COLETADO","0,1230000",16.920000000000002,"2,08","","","","","","","","","","",null,"CAIXA REFERENCIAL"]
["ASSENTAMENTO DE TUBOS E PECAS","ASTU","FORNEC E/OU ASSENT DE TUBO DE CONCRETO COM JUNTA E",51,"","",92835,"TUBO DE CONCRETO PARA REDES COLETORAS DE ESGOTO SANITÁRIO, DIÂMETRO DE 400 MM, JUNTA ELÁSTICA, INSTALADO EM LOCAL COM BAIXO NÍVEL DE INTERFERÊNCIAS - FORNECIMENTO E ASSENTAMENTO. AF_12/2015","M","COEFICIENTE DE REPRESENTATIVIDADE",185.65,"",null,"","","","",null,"","4,32","2,3290920","177,74","95,7353894","3,59","1,9355186","0,00","0,0000000","0,00","0,0000000",0,"CAIXA REFERENCIAL"]
["ASSENTAMENTO DE TUBOS E PECAS","ASTU","FORNEC E/OU ASSENT DE TUBO DE CONCRETO COM JUNTA E",51,"","",92835,"TUBO DE CONCRETO PARA REDES COLETORAS DE ESGOTO SANITÁRIO, DIÂMETRO DE 400 MM, JUNTA ELÁSTICA, INSTALADO EM LOCAL COM BAIXO NÍVEL DE INTERFERÊNCIAS - FORNECIMENTO E ASSENTAMENTO. AF_12/2015","M","COEFICIENTE DE REPRESENTATIVIDADE",185.65,"COMPOSICAO",5631,"ESCAVADEIRA HIDRÁULICA SOBRE ESTEIRAS, CAÇAMBA 0,80 M3, PESO OPERACIONAL 17 T, POTENCIA BRUTA 111 HP - CHP DIURNO. AF_06/2014","CHP","COLETADO","0,0170000",191.27,"3,25","","","","","","","","","","",null,"CAIXA REFERENCIAL"]
["ASSENTAMENTO DE TUBOS E PECAS","ASTU","FORNEC E/OU ASSENT DE TUBO DE CONCRETO COM JUNTA E",51,"","",92835,"TUBO DE CONCRETO PARA REDES COLETORAS DE ESGOTO SANITÁRIO, DIÂMETRO DE 400 MM, JUNTA ELÁSTICA, INSTALADO EM LOCAL COM BAIXO NÍVEL DE INTERFERÊNCIAS - FORNECIMENTO E ASSENTAMENTO. AF_12/2015","M","COEFICIENTE DE REPRESENTATIVIDADE",185.65,"COMPOSICAO",5632,"ESCAVADEIRA HIDRÁULICA SOBRE ESTEIRAS, CAÇAMBA 0,80 M3, PESO OPERACIONAL 17 T, POTENCIA BRUTA 111 HP - CHI DIURNO. AF_06/2014","CHI","COLETADO","0,0350000",77.11,"2,69","","","","","","","","","","",null,"CAIXA REFERENCIAL"]
["ASSENTAMENTO DE TUBOS E PECAS","ASTU","FORNEC E/OU ASSENT DE TUBO DE CONCRETO COM JUNTA E",51,"","",92835,"TUBO DE CONCRETO PARA REDES COLETORAS DE ESGOTO SANITÁRIO, DIÂMETRO DE 400 MM, JUNTA ELÁSTICA, INSTALADO EM LOCAL COM BAIXO NÍVEL DE INTERFERÊNCIAS - FORNECIMENTO E ASSENTAMENTO. AF_12/2015","M","COEFICIENTE DE REPRESENTATIVIDADE",185.65,"INSUMO",7740,"TUBO DE CONCRETO ARMADO PARA ESGOTO SANITARIO, CLASSE EA-2, COM ENCAIXE PONTA E BOLSA, COM JUNTA ELASTICA, DIAMETRO NOMINAL DE 400 MM","M","COEFICIENTE DE REPRESENTATIVIDADE","1,0300000",155.46,"160,12","","","","","","","","","","",null,"CAIXA REFERENCIAL"]
["ASSENTAMENTO DE TUBOS E PECAS","ASTU","FORNEC E/OU ASSENT DE TUBO DE CONCRETO COM JUNTA E",51,"","",92835,"TUBO DE CONCRETO PARA REDES COLETORAS DE ESGOTO SANITÁRIO, DIÂMETRO DE 400 MM, JUNTA ELÁSTICA, INSTALADO EM LOCAL COM BAIXO NÍVEL DE INTERFERÊNCIAS - FORNECIMENTO E ASSENTAMENTO. AF_12/2015","M","COEFICIENTE DE REPRESENTATIVIDADE",185.65,"INSUMO",40341,"ANEL DE VEDACAO/JUNTA ELASTICA, H = *16* MM, PARA TUBO DE CONCRETO, DN 400 MM","UN","COEFICIENTE DE REPRESENTATIVIDADE","0,5000000",30.73,"15,36","","","","","","","","","","",null,"CAIXA REFERENCIAL"]
["ASSENTAMENTO DE TUBOS E PECAS","ASTU","FORNEC E/OU ASSENT DE TUBO DE CONCRETO COM JUNTA E",51,"","",92835,"TUBO DE CONCRETO PARA REDES COLETORAS DE ESGOTO SANITÁRIO, DIÂMETRO DE 400 MM, JUNTA ELÁSTICA, INSTALADO EM LOCAL COM BAIXO NÍVEL DE INTERFERÊNCIAS - FORNECIMENTO E ASSENTAMENTO. AF_12/2015","M","COEFICIENTE DE REPRESENTATIVIDADE",185.65,"COMPOSICAO",88277,"MONTADOR (TUBO AÇO/EQUIPAMENTOS) COM ENCARGOS COMPLEMENTARES","H","COEFICIENTE DE REPRESENTATIVIDADE","0,0780000",20.56,"1,60","","","","","","","","","","",null,"CAIXA REFERENCIAL"]
["ASSENTAMENTO DE TUBOS E PECAS","ASTU","FORNEC E/OU ASSENT DE TUBO DE CONCRETO COM JUNTA E",51,"","",92835,"TUBO DE CONCRETO PARA REDES COLETORAS DE ESGOTO SANITÁRIO, DIÂMETRO DE 400 MM, JUNTA ELÁSTICA, INSTALADO EM LOCAL COM BAIXO NÍVEL DE INTERFERÊNCIAS - FORNECIMENTO E ASSENTAMENTO. AF_12/2015","M","COEFICIENTE DE REPRESENTATIVIDADE",185.65,"COMPOSICAO",88316,"SERVENTE COM ENCARGOS COMPLEMENTARES","H","COLETADO","0,1560000",16.9200000000000